{"text_format":"2","workbook":"xlsx","n_sheets":13,"sheets":["Planilha SERVIÇOS","Planilha MATERIAIS","Cronograma","BDI's","Leis Sociais","Composições (SINAPI)","Composições (CODEVASF)","Composições (ORSE)","Composições (SEINFRA)","Insumos","SINAPI","ORSE","SERVIÇOS SINAPI"],"not_rendered":{"charts":0,"images":0,"macros":0,"external_links":6,"defined_names":11514,"comments":0,"pivot_tables":0},"unopened":[],"bounds":{"document_bytes":16777216,"sheet_cells":100000,"run_cost":"one","rows_first":2000,"rows_last":500,"rows_between":2000,"halvings":0,"cell_chars":16384,"cell_head_chars":4096},"cells_cut":0,"cells_raw":0,"read":"whole","date_system":"1900"}

{"sheet":"Planilha SERVIÇOS","index":0,"n_rows":424,"n_cols":15,"rows_kept":424,"cut":false,"hidden":false,"merged":[[1,13,1,14],[11,13,12,13],[3,12,3,13],[3,14,4,14],[6,1,7,10],[11,4,12,4],[8,1,9,5],[11,12,12,12],[1,5,2,10],[1,1,2,4],[5,1,5,10],[3,1,4,10],[423,1,423,9],[421,1,421,9],[11,8,11,10],[11,7,12,7],[11,6,12,6],[422,2,422,9],[11,1,12,1],[11,3,12,3],[11,2,12,2],[11,5,12,5]]}
[]
[{"$nulls":5},"COMPANHIA DE DESENVOLVIMENTO DOS VALES DO SÃO FRANCISCO E DO PARNAÍBA\n3ª Superintendência Regional",{"$nulls":6},"Valor da Proposta",{"$f":"K424","v":5519350.3300000001}]
[]
[null,"EXECUÇÃO DOS SERVIÇOS RELATIVOS À 2ª ETAPA DOS SISTEMAS DE ABASTECIMENTO DE ÁGUA DE ASSENTAMENTO ALEGRE; BOA PAZ; BOM JESUS; UMBURANAS; RIACHO DA MADEIRA E ILHA DA VILA, LOCALIZADOS NO MUNICÍPIO DE OROCÓ, NO ESTADO DE PERNAMBUCO"]
[]
[null,"OROCÓ/PE"]
[null,"PLANILHA ORÇAMENTÁRIA DE SERVIÇOS"]
[{"$nulls":12},"PREÇO BÁSICO",null,7053979.1799999997]
[null,"TABELAS DE REFERÊNCIA (COM DESONERAÇÃO): ",{"$nulls":5},"CODEVASF","FEV/2018","ORSE","ABR/2018",null,"DESCONTO",null,{"$f":"O8-K424","v":1534628.85}]
[{"$nulls":7},"SEINFRA:","024.1","SINAPI:","MAI/2018",null,"PERCENTUAL TOTAL",null,{"$f":"1-((O8-O9)/O8)","v":0.21759999999999999}]
[{"$nulls":6},"BDI:","SERVIÇOS:",{"$f":"'BDI''s'!G33","v":0.29899999999999999},"MATERIAIS:",{"$f":"'BDI''s'!G70","v":0.16889999999999999}]
[null,"ITEM","TIPO","FONTE","CÓDIGO","DISCRIMINAÇÃO DOS SERVIÇOS","UNID.","QUANT.","PREÇO (R$)",null,null,null,"Preço Basico","Preço Desconto","Desconto"]
[{"$nulls":8},"SEM BDI","COM BDI","TOTAL"]
[null,1,"INSTALAÇÕES PRELIMINARES E CANTEIRO DE OBRAS",{"$nulls":7},{"$f":"SUM(K15:K26)","v":458858.21}]
[null,"D","SERVIÇO","SINAPI","73822/2","LIMPEZA MECANIZADA DE TERRENO COM REMOCAO DE CAMADA VEGETAL, UTILIZANDO MOTONIVELADORA","M2",300,{"$f":"SUMIF('Composições (SINAPI)'!D:D,E15,'Composições (SINAPI)'!K:K)","v":0.4},{"$f":"ROUND(IF(C15 = \"SERVIÇO\", I15 * (1 + $I$11), IF(C15 = \"INSUMO\", (I15 * (1 + $K$11)))),2)","v":0.52},{"$f":"ROUND(J15*H15,2)","v":156},null,0.52,0.4,{"$f":"IF(I15=0,\" \",ROUND(1-(I15/M15),4))","v":0.23080000000000001}]
[null,"1.2","SERVIÇO","ORSE",11986,"PLACA DE INAUGURAÇÃO EM ALUMÍNIO COM ACRILICO, 80X60CM,COM LOGOMARCA E MOLDUR A","UN",6,{"$f":"SUMIF('Composições (ORSE)'!D:D,E16,'Composições (ORSE)'!K:K)","v":670.13},870.5,{"$f":"ROUND(J16*H16,2)","v":5223},null,855.91,670.17,0.21709999999999999]
[null,"1.3","SERVIÇO","SINAPI","74209/1","PLACA DE OBRA EM CHAPA DE ACO GALVANIZADO","M2",36,{"$f":"SUMIF('Composições (SINAPI)'!D:D,E17,'Composições (SINAPI)'!K:K)","v":248.77},323.14999999999998,{"$f":"ROUND(J17*H17,2)","v":11633.4},null,317.72000000000003,248.77,0.217]
[null,"1.4","SERVIÇO","CODEVASF","COMP. 01","MOBILIZAÇÃO DE EQUIPAMENTOS, MATERIAIS E PESSOAL","UN ",1,{"$f":"SUMIF('Composições (CODEVASF)'!D:D,E18,'Composições (CODEVASF)'!K:K)","v":1872.19},2431.9699999999998,2431.9699999999998,null,2391.06,1872.19,0.217]
[null,"1.5","SERVIÇO","CODEVASF","COMP. 02","DESMOBILIZAÇÃO DE EQUIPAMENTOS, MATERIAIS E PESSOAL","UN ",1,{"$f":"SUMIF('Composições (CODEVASF)'!D:D,E19,'Composições (CODEVASF)'!K:K)","v":1872.19},2431.9699999999998,2431.9699999999998,null,2391.06,1872.19,0.217]
[null,"1.6","SERVIÇO","CODEVASF","COMP. 03","LOCAÇÃO, ADMINISTRAÇÃO E MANUTENÇÃO DE CANTEIRO DE OBRA","UN ",1,{"$f":"SUMIF('Composições (CODEVASF)'!D:D,E20,'Composições (CODEVASF)'!K:K)","v":292666.3},380173.52,380173.52,null,373779.1,292669.03000000003,0.217]
[null,"1.7","SERVIÇO","CODEVASF","COMP. 04","CAMINHONETE CABINE DUPLA, TRAÇÃO 4X4, ZERO QUILOMETRO, C/4 PORTAS, TRAVAS ELÉTRICAS, SOM AUTOMOTIVO,EQUIP.C/AR-COND.,QUE FICARÁ À DISP.DA FISC.,INCL.DESP.C/SEG.TOTAL, EMPLAC.,REVIS.CONS.,REP.,COMB.E LUBR.,LAV.,ETC ","UN ",1,{"$f":"SUMIF('Composições (CODEVASF)'!D:D,E21,'Composições (CODEVASF)'!K:K)","v":4550.68},5911.33,5911.33,null,5811.86,4550.68,0.217]
[null,"1.8","SERVIÇO","CODEVASF","COMP. 05","PRÉ-OPERAÇÃO DA ESTAÇÃO DE TRATAMENTO DE ÁGUA","UN ",2,{"$f":"SUMIF('Composições (CODEVASF)'!D:D,E22,'Composições (CODEVASF)'!K:K)","v":9816.6200000000008},12751.79,25503.58,null,12537.2,9816.6200000000008,0.217]
[null,"1.9","SERVIÇO","SINAPI",72871,"MOBILIZACAO E INSTALACAO DE 01 EQUIPAMENTO DE SONDAGEM, DISTANCIA ATE 10KM","UN",6,{"$f":"SUMIF('Composições (SINAPI)'!D:D,E23,'Composições (SINAPI)'!K:K)","v":265.49},344.87,2069.2199999999998,null,339.07,265.49,0.217]
[null,"1.10","SERVIÇO","SEINFRA","C2290","SONDAGEM  À PERCUSSÃO P/RECONHECIMENTO DO SUBSOLO","M",180,{"$f":"SUMIF('Composições (SEINFRA)'!D:D,E24,'Composições (SEINFRA)'!K:K)","v":42.68},55.44,9979.2000000000007,null,54.52,42.68,0.2172]
[null,"1.11","SERVIÇO","CODEVASF","COMP. 06","ELABORAÇÃO DO PROJETO ESTRUTURAL","UN ",1,{"$f":"SUMIF('Composições (CODEVASF)'!D:D,E25,'Composições (CODEVASF)'!K:K)","v":5475},7112.03,7112.03,null,6993,5475.51,0.21709999999999999]
[null,"1.12","SERVIÇO","CODEVASF","COMP. 07","ELABORAÇÃO DO PROJETO DE INSTALAÇÕES ELÉTRICAS","UN ",1,{"$f":"SUMIF('Composições (CODEVASF)'!D:D,E26,'Composições (CODEVASF)'!K:K)","v":4798.3},6232.99,6232.99,null,6128.1,4798.3,0.217]
[null,2,"CAPTAÇÃO",{"$nulls":7},{"$f":"K28+K86","v":353919.29}]
[null,"2.1"," CASA DE BOMBA, CAPTAÇÃO FLUTUANTE,  CASA DE COMANDOS",{"$nulls":7},{"$f":"SUM(K29:K85)","v":278533.55}]
[null,"2.1.1","SERVIÇO","SINAPI","73948/16","LIMPEZA MANUAL DO TERRENO (C/ RASPAGEM SUPERFICIAL)","M2",1100,{"$f":"SUMIF('Composições (SINAPI)'!D:D,E29,'Composições (SINAPI)'!K:K)","v":2.77},{"$f":"ROUND(IF(C29 = \"SERVIÇO\", I29 * (1 + $I$11), IF(C29 = \"INSUMO\", (I29 * (1 + $K$11)))),2)","v":3.6},{"$f":"ROUND(J29*H29,2)","v":3960},null,3.54,2.77,{"$f":"IF(I29=0,\" \",ROUND(1-(I29/M29),4))","v":0.2175}]
[null,"2.1.2","SERVIÇO","SINAPI","73859/2","CAPINA E LIMPEZA MANUAL DE TERRENO","M2",1100,{"$f":"SUMIF('Composições (SINAPI)'!D:D,E30,'Composições (SINAPI)'!K:K)","v":0.88},1.1399999999999999,1254,null,1.1299999999999999,0.88,0.22120000000000001]
[null,"2.1.3","SERVIÇO","SINAPI","73822/2","LIMPEZA MECANIZADA DE TERRENO COM REMOCAO DE CAMADA VEGETAL, UTILIZANDO MOTONIVELADORA","M2",1700,{"$f":"SUMIF('Composições (SINAPI)'!D:D,E31,'Composições (SINAPI)'!K:K)","v":0.4},0.52,884,null,0.52,0.4,0.23080000000000001]
[null,"2.1.4","SERVIÇO","SINAPI",73672,"DESMATAMENTO E LIMPEZA MECANIZADA DE TERRENO COM ARVORES ATE Ø 15CM, UTILIZANDO TRATOR DE ESTEIRAS","M2",2100,{"$f":"SUMIF('Composições (SINAPI)'!D:D,E32,'Composições (SINAPI)'!K:K)","v":0.28000000000000003},0.36,756,null,0.36,0.28000000000000003,0.22220000000000001]
[null,"2.1.5","SERVIÇO","SINAPI","73992/1","LOCACAO CONVENCIONAL DE OBRA, ATRAVÉS DE GABARITO DE TABUAS CORRIDAS PONTALETADAS A CADA 1,50M, SEM REAPROVEITAMENTO","M2",330,{"$f":"SUMIF('Composições (SINAPI)'!D:D,E33,'Composições (SINAPI)'!K:K)","v":6.49},8.43,2781.9,null,8.3000000000000007,6.49,0.21809999999999999]
[null,"2.1.6","SERVIÇO","ORSE",2497,"ESCAVAÇÃO MANUAL DE VALA OU CAVA EM MATERIAL DE 1ª CATEGORIA, PROFUNDIDADE AT É 1,50M","M3",110,{"$f":"SUMIF('Composições (ORSE)'!D:D,E34,'Composições (ORSE)'!K:K)","v":25},32.479999999999997,3572.8,null,31.93,25,0.217]
[null,"2.1.7","SERVIÇO","ORSE",2503,"ESCAVAÇÃO COM RETRO-ESCAVADEIRA DE PNEUS, DE VALAS, EM MATERIAL DE 1ª CATEGOR IA ATÉ 1,50M DE PROFUNDIDADE","M3",1000,{"$f":"SUMIF('Composições (ORSE)'!D:D,E35,'Composições (ORSE)'!K:K)","v":5.7},7.4,7400,null,7.28,5.7,0.217]
[null,"2.1.8","SERVIÇO","SINAPI",72915,"ESCAVACAO MECANICA DE VALA EM MATERIAL DE 2A. CATEGORIA ATE 2 M DE PROFUNDIDADE COM UTILIZACAO DE ESCAVADEIRA HIDRAULICA","M3",300,{"$f":"SUMIF('Composições (SINAPI)'!D:D,E36,'Composições (SINAPI)'!K:K)","v":8.32},10.81,3243,null,10.63,8.32,0.21729999999999999]
[null,"2.1.9","SERVIÇO","ORSE",3658,"ESCAVAÇÃO E CARGA COM ESCAVADEIRA HIDRÁULICA DE MATERIAL DE 1ª CATEGORIA EM M EIO ALAGADO","M3",2800,{"$f":"SUMIF('Composições (ORSE)'!D:D,E37,'Composições (ORSE)'!K:K)","v":3.6},4.68,13104,null,4.5999999999999996,3.6,0.21740000000000001]
[null,"2.1.10","SERVIÇO","ORSE",4577,"ESCAVAÇÃO, CARGA E TRANSPORTE DE MATERIAL DE 1ª  CATEGORIA,  COM ESCAVADEIRA  HIDRAÚLICA, DMT 201  A 400M","M3",1100,{"$f":"SUMIF('Composições (ORSE)'!D:D,E38,'Composições (ORSE)'!K:K)","v":3.72},4.83,5313,null,4.76,3.72,0.2185]
[null,"2.1.11","SERVIÇO","SINAPI",93379,"REATERRO MECANIZADO DE VALA COM RETROESCAVADEIRA (CAPACIDADE DA CAÇAMBA DA RETRO: 0,26 M³ / POTÊNCIA: 88 HP), LARGURA DE 0,8 A 1,5 M, PROFUNDIDADE ATÉ 1,5 M, COM SOLO (SEM SUBSTITUIÇÃO) DE 1ª CATEGORIA EM LOCAIS COM BAIXO NÍVEL DE INTERFERÊNCIA. AF_04/2016","M3",1410,{"$f":"SUMIF('Composições (SINAPI)'!D:D,E39,'Composições (SINAPI)'!K:K)","v":13.09},17,23970,null,16.72,13.09,0.21709999999999999]
[null,"2.1.12","SERVIÇO","ORSE",2169,"LASTRO DE CONCRETO SIMPLES REGULARIZADO, FCK=13,5 MPA,LANÇADO E ADENSADO","M3",11.5,{"$f":"SUMIF('Composições (ORSE)'!D:D,E40,'Composições (ORSE)'!K:K)","v":341.43},443.52,5100.4799999999996,null,436.37,341.67,0.21759999999999999]
[null,"2.1.13","SERVIÇO","SINAPI",95467,"EMBASAMENTO C/PEDRA ARGAMASSADA UTILIZANDO ARG.CIM/AREIA 1:4","M3",12.5,{"$f":"SUMIF('Composições (SINAPI)'!D:D,E41,'Composições (SINAPI)'!K:K)","v":275.33},357.65,4470.63,null,352.25,275.81,0.21840000000000001]
[null,"2.1.14","SERVIÇO","SINAPI",83518,"ALVENARIA EMBASAMENTO E=20 CM BLOCO CONCRETO","M3",17,{"$f":"SUMIF('Composições (SINAPI)'!D:D,E42,'Composições (SINAPI)'!K:K)","v":224.71},291.89999999999998,4962.3,null,287.37,225.01,0.218]
[null,"2.1.15","SERVIÇO","ORSE",13,"DEMOLIÇÃO DE CONCRETO MANUALMENTE","M3",9.5,{"$f":"SUMIF('Composições (ORSE)'!D:D,E43,'Composições (ORSE)'!K:K)","v":122.68},159.36000000000001,1513.92,null,156.82,122.79,0.2177]
[null,"2.1.16","SERVIÇO","ORSE",9182,"DEMOLIÇÃO DE CONCRETO COM MARTELETE E COMPRESSOR","M3",8.5,{"$f":"SUMIF('Composições (ORSE)'!D:D,E44,'Composições (ORSE)'!K:K)","v":257.37},334.32,2841.72,null,328.71,257.37,0.217]
[null,"2.1.17","SERVIÇO","ORSE",9,"REMOÇÃO DE TELHAMENTO COM TELHAS CERÂMICAS","M2",59,{"$f":"SUMIF('Composições (ORSE)'!D:D,E45,'Composições (ORSE)'!K:K)","v":5.64},7.33,432.47,null,7.21,5.64,0.21779999999999999]
[null,"2.1.18","SERVIÇO","ORSE",30,"DEMOLIÇÃO DE MADEIRAMENTO EM COBERTURAS COM TELHAS CERÂMICAS","M2",59,{"$f":"SUMIF('Composições (ORSE)'!D:D,E46,'Composições (ORSE)'!K:K)","v":12.28},15.95,941.05,null,15.69,12.28,0.21729999999999999]
[null,"2.1.19","SERVIÇO","ORSE",8038,"DEMOLIÇÃO DE ALVENARIA DE ELEMENTOS VAZADOS (COBOGÓ), SEM REAPROVEITAMENTO","M3",10,{"$f":"SUMIF('Composições (ORSE)'!D:D,E47,'Composições (ORSE)'!K:K)","v":18.32},23.8,238,null,23.42,18.329999999999998,0.21779999999999999]
[null,"2.1.20","SERVIÇO","SINAPI",97622,"DEMOLIÇÃO DE ALVENARIA DE BLOCO FURADO, DE FORMA MANUAL, SEM REAPROVEITAMENTO. AF_12/2017","M3",42,{"$f":"SUMIF('Composições (SINAPI)'!D:D,E48,'Composições (SINAPI)'!K:K)","v":28.85},37.479999999999997,1574.16,null,36.880000000000003,28.87,0.2177]
[null,"2.1.21","SERVIÇO","SINAPI",94438,"(COMPOSIÇÃO REPRESENTATIVA) DO SERVIÇO DE CONTRAPISO EM ARGAMASSA TRAÇO 1:4 (CIM E AREIA), EM BETONEIRA 400 L, ESPESSURA 3 CM ÁREAS SECAS E 3 CM ÁREAS MOLHADAS, PARA EDIFICAÇÃO HABITACIONAL UNIFAMILIAR (CASA) E EDIFICAÇÃO PÚBLICA PADRÃO. AF_11/2014","M2",57,{"$f":"SUMIF('Composições (SINAPI)'!D:D,E49,'Composições (SINAPI)'!K:K)","v":25.54},33.18,1891.26,null,32.619999999999997,25.54,0.217]
[null,"2.1.22","SERVIÇO","SINAPI",98680,"PISO CIMENTADO, TRAÇO 1:3 (CIMENTO E AREIA), ACABAMENTO LISO, ESPESSURA 3,0 CM, PREPARO MECÂNICO DA ARGAMASSA. AF_06/2018","M2",57,{"$f":"SUMIF('Composições (SINAPI)'!D:D,E50,'Composições (SINAPI)'!K:K)","v":23.88},31.02,1768.14,null,30.5,23.88,0.217]
[null,"2.1.23","SERVIÇO","SINAPI",94990,"EXECUÇÃO DE PASSEIO (CALÇADA) OU PISO DE CONCRETO COM CONCRETO MOLDADO IN LOCO, FEITO EM OBRA, ACABAMENTO CONVENCIONAL, NÃO ARMADO. AF_07/2016","M3",7,{"$f":"SUMIF('Composições (SINAPI)'!D:D,E51,'Composições (SINAPI)'!K:K)","v":400.96},520.85,3645.95,null,512.28,401.11,0.21729999999999999]
[null,"2.1.24","SERVIÇO","ORSE",11651,"FORMA PLANA PARA ESTRUTURAS, EM COMPENSADO PLASTIFICADO DE 10MM, 04 USOS, INC LUSIVE ESCORAMENTO - REVISADA 07.2015","M2",64,{"$f":"SUMIF('Composições (ORSE)'!D:D,E52,'Composições (ORSE)'!K:K)","v":34.049999999999997},44.23,2830.72,null,43.49,34.049999999999997,0.21709999999999999]
[null,"2.1.25","SERVIÇO","ORSE",7691,"CONCRETO SIMPLES FABRICADO NA OBRA, FCK=21 MPA, LANÇADO E ADENSADO","M3",20,{"$f":"SUMIF('Composições (ORSE)'!D:D,E53,'Composições (ORSE)'!K:K)","v":304.66000000000003},395.75,7915,null,389.14,304.69,0.21709999999999999]
[null,"2.1.26","SERVIÇO","SINAPI",92762,"ARMAÇÃO DE PILAR OU VIGA DE UMA ESTRUTURA CONVENCIONAL DE CONCRETO ARMADO EM UM EDIFÍCIO DE MÚLTIPLOS PAVIMENTOS UTILIZANDO AÇO CA-50 DE 10,0 MM - MONTAGEM. AF_12/2015","KG",1695,{"$f":"SUMIF('Composições (SINAPI)'!D:D,E54,'Composições (SINAPI)'!K:K)","v":4.79},6.22,10542.9,null,6.13,4.79,0.21859999999999999]
[null,"2.1.27","SERVIÇO","SINAPI",87509,"ALVENARIA DE VEDAÇÃO DE BLOCOS CERÂMICOS FURADOS NA HORIZONTAL DE 14X9X19CM (ESPESSURA 14CM, BLOCO DEITADO) DE PAREDES COM ÁREA LÍQUIDA MAIOR OU IGUAL A 6M² SEM VÃOS E ARGAMASSA DE ASSENTAMENTO COM PREPARO EM BETONEIRA. AF_06/2014","M2",125,{"$f":"SUMIF('Composições (SINAPI)'!D:D,E55,'Composições (SINAPI)'!K:K)","v":64.58},83.89,10486.25,null,82.72,64.760000000000005,0.21929999999999999]
[null,"2.1.28","SERVIÇO","SINAPI",93202,"FIXAÇÃO (ENCUNHAMENTO) DE ALVENARIA DE VEDAÇÃO COM TIJOLO MACIÇO. AF_03/2016","M",66,{"$f":"SUMIF('Composições (SINAPI)'!D:D,E56,'Composições (SINAPI)'!K:K)","v":12.36},16.059999999999999,1059.96,null,15.84,12.4,0.21970000000000001]
[null,"2.1.29","SERVIÇO","ORSE",3310,"CHAPISCO EM PAREDE COM ARGAMASSA TRAÇO T1 - 1:3 (CIMENTO / AREIA) - REVISADO  08/2015","M2",340,{"$f":"SUMIF('Composições (ORSE)'!D:D,E57,'Composições (ORSE)'!K:K)","v":3.35},4.3499999999999996,1479,null,4.29,3.35,0.21909999999999999]
[null,"2.1.30","SERVIÇO","SINAPI",87794,"EMBOÇO OU MASSA ÚNICA EM ARGAMASSA TRAÇO 1:2:8, PREPARO MANUAL, APLICADA MANUALMENTE EM PANOS CEGOS DE FACHADA (SEM PRESENÇA DE VÃOS), ESPESSURA DE 25 MM. AF_06/2014","M2",340,{"$f":"SUMIF('Composições (SINAPI)'!D:D,E58,'Composições (SINAPI)'!K:K)","v":21.47},27.89,9482.6,null,27.46,21.5,0.21809999999999999]
[null,"2.1.31","SERVIÇO","SINAPI",95465,"COBOGO CERAMICO (ELEMENTO VAZADO), 9X20X20CM, ASSENTADO COM ARGAMASSA TRACO 1:4 DE CIMENTO E AREIA","M2",22,{"$f":"SUMIF('Composições (SINAPI)'!D:D,E59,'Composições (SINAPI)'!K:K)","v":86.98},112.99,2485.7800000000002,null,111.2,87.06,0.21779999999999999]
[null,"2.1.32","SERVIÇO","ORSE",8970,"TELA DE NYLON TIPO MOSQUITEIRO COM MOLDURA EM ALUMINIO ANODIZADO NATURAL","M2",22,{"$f":"SUMIF('Composições (ORSE)'!D:D,E60,'Composições (ORSE)'!K:K)","v":39.450000000000003},51.25,1127.5,null,50.39,39.450000000000003,0.21709999999999999]
[null,"2.1.33","SERVIÇO","SINAPI","74202/1","LAJE PRE-MOLDADA P/FORRO, SOBRECARGA 100KG/M2, VAOS ATE 3,50M/E=8CM, C/LAJOTAS E CAP.C/CONC FCK=20MPA, 3CM, INTER-EIXO 38CM, C/ESCORAMENTO (REAPR.3X) E FERRAGEM NEGATIVA","M2",90,{"$f":"SUMIF('Composições (SINAPI)'!D:D,E61,'Composições (SINAPI)'!K:K)","v":48.5},{"$f":"ROUND(IF(C61 = \"SERVIÇO\", I61 * (1 + $I$11), IF(C61 = \"INSUMO\", (I61 * (1 + $K$11)))),2)","v":63},5670,null,61.98,48.53,{"$f":"IF(I61=0,\" \",ROUND(1-(I61/M61),4))","v":0.2175}]
[null,"2.1.34","SERVIÇO","SINAPI",55960,"IMUNIZACAO DE MADEIRAMENTO PARA COBERTURA UTILIZANDO CUPINICIDA INCOLOR","M2",90,{"$f":"SUMIF('Composições (SINAPI)'!D:D,E62,'Composições (SINAPI)'!K:K)","v":3.95},5.13,461.7,null,5.05,3.95,0.21779999999999999]
[null,"2.1.35","SERVIÇO","ORSE",9642,"MADEIRAMENTO EM MASSARANDUBA/MADEIRA DE LEI, ACABAMENTO APARELHADO, C/ RIPÃO  3 X 5 CM E  RIPA 5 X 1,5CM, EXCLUSIVE PEÇAS PRINCIPAIS","M2",90,{"$f":"SUMIF('Composições (ORSE)'!D:D,E63,'Composições (ORSE)'!K:K)","v":52.35},68,6120,null,66.87,52.35,0.21709999999999999]
[null,"2.1.36","SERVIÇO","SINAPI",94201,"TELHAMENTO COM TELHA CERÂMICA CAPA-CANAL, TIPO COLONIAL, COM ATÉ 2 ÁGUAS, INCLUSO TRANSPORTE VERTICAL. AF_06/2016","M2",90,{"$f":"SUMIF('Composições (SINAPI)'!D:D,E64,'Composições (SINAPI)'!K:K)","v":33.36},43.33,3899.7,null,42.62,33.369999999999997,0.21729999999999999]
[null,"2.1.37","SERVIÇO","SINAPI",85120,"MANOMETRO 0 A 200 PSI (0 A 14 KGF/CM2), D = 50MM - FORNECIMENTO E COLOCACAO","UN",7,{"$f":"SUMIF('Composições (SINAPI)'!D:D,E65,'Composições (SINAPI)'!K:K)","v":87.19},113.26,792.82,null,111.37,87.2,0.21709999999999999]
[null,"2.1.38","SERVIÇO","SINAPI",83724,"ASSENTAMENTO DE PECAS, CONEXOES, APARELHOS E ACESSORIOS DE FERRO FUNDIDO DUCTIL, JUNTA ELASTICA, MECANICA OU FLANGEADA, COM DIAMETROS DE 50 A 300 MM.","KG",2250,{"$f":"SUMIF('Composições (SINAPI)'!D:D,E66,'Composições (SINAPI)'!K:K)","v":1.71},2.2200000000000002,4995,null,2.19,1.71,0.21920000000000001]
[null,"2.1.39","SERVIÇO","SEINFRA","C3496","MONTAGEM DE TUBOS, CONEXÕES E PÇS, ELEVATÓRIA CAP ATÉ 5 l/s","UN",6,{"$f":"SUMIF('Composições (SEINFRA)'!D:D,E67,'Composições (SEINFRA)'!K:K)","v":926.51},1203.54,7221.24,null,1183.29,926.51,0.217]
[null,"2.1.40","SERVIÇO","ORSE",4652,"PINTURA DE PROTEÇÃO COM 01 DEMÃO DE PRIMER À BASE DE EPÓXI - REZINC WBS - REN NER OU SIMILAR","M2",132,{"$f":"SUMIF('Composições (ORSE)'!D:D,E68,'Composições (ORSE)'!K:K)","v":18.47},23.99,3166.68,null,23.61,18.48,0.2177]
[null,"2.1.41","SERVIÇO","SINAPI","73794/1","PINTURA COM TINTA PROTETORA ACABAMENTO GRAFITE ESMALTE SOBRE SUPERFICIE METALICA, 2 DEMAOS","M2",120,{"$f":"SUMIF('Composições (SINAPI)'!D:D,E69,'Composições (SINAPI)'!K:K)","v":23.19},30.12,3614.4,null,29.66,23.22,0.21809999999999999]
[null,"2.1.42","SERVIÇO","ORSE",10384,"PORTÃO EM FERRO PADRÃO ESCOLA DIM:4,0 X 2,0M, C/MONTANTES (COLUNA) H=2,00M EM PERFIL \"U\" DE CHAPA UDC 75X38X2,65MM (DUPLO), BARRAS CHATAS HORIZ 1 1/2\"X3/16 \" X 3,60M, E BARRAS CHATAS VERT 1 1/2\"X3/16\" X 2,00M","UN",4,{"$f":"SUMIF('Composições (ORSE)'!D:D,E70,'Composições (ORSE)'!K:K)","v":1696.62},2203.91,8815.64,null,2167.1,1696.83,0.21709999999999999]
[null,"2.1.43","SERVIÇO","ORSE",8753,"PORTÃO EM FERRO, PADRÃO ESCOLAR, COM MONTANTES EM PERFIL \"U\" DE CHAPA UDC 75  X 38 X 2,65 MM (DUPLO), BARRAS VERTICAIS DE SEÇÃO QUADRADA DE 1/2\" E BARRAS C HATA DE 1 1/2\" X 3/16\"  (DUPLA) HORIZONTAIS, INCLUSIVE FERROLHO E DOBRADIÇAS","M2",31,{"$f":"SUMIF('Composições (ORSE)'!D:D,E71,'Composições (ORSE)'!K:K)","v":209.68},272.37,8443.4699999999993,null,267.85000000000002,209.72,0.2172]
[null,"2.1.44","SERVIÇO","SINAPI",84132,"SOLDA DE TOPO DESCENDENTE, EM CHAPA ACO CHANFR 5/16\" ESP (P/ ASSENT TUBULACAO OU PECA DE ACO) UTILIZANDO CONVERSOR DIESEL.","M",73,{"$f":"SUMIF('Composições (SINAPI)'!D:D,E72,'Composições (SINAPI)'!K:K)","v":167.78},217.95,15910.35,null,214.29,167.78,0.217]
[null,"2.1.45","SERVIÇO","SINAPI","73933/1","PORTA DE FERRO, DE ABRIR, TIPO GRADE COM CHAPA, 87X210CM, COM GUARNICOES","M2",10.98,{"$f":"SUMIF('Composições (SINAPI)'!D:D,E73,'Composições (SINAPI)'!K:K)","v":453.09},588.55999999999995,6462.39,null,578.76,453.16,0.21709999999999999]
[null,"2.1.46","SERVIÇO","SINAPI",90830,"FECHADURA DE EMBUTIR COM CILINDRO, EXTERNA, COMPLETA, ACABAMENTO PADRÃO MÉDIO, INCLUSO EXECUÇÃO DE FURO - FORNECIMENTO E INSTALAÇÃO. AF_08/2015","UN",18,{"$f":"SUMIF('Composições (SINAPI)'!D:D,E74,'Composições (SINAPI)'!K:K)","v":64.61},83.93,1510.74,null,82.52,64.61,0.217]
[null,"2.1.47","SERVIÇO","SINAPI","73932/1","GRADE DE FERRO EM BARRA CHATA 3/16\"","M2",11.88,{"$f":"SUMIF('Composições (SINAPI)'!D:D,E75,'Composições (SINAPI)'!K:K)","v":217.34},282.32,3353.96,null,277.58,217.34,0.217]
[null,"2.1.48","SERVIÇO","SINAPI",88489,"APLICAÇÃO MANUAL DE PINTURA COM TINTA LÁTEX ACRÍLICA EM PAREDES, DUAS DEMÃOS. AF_06/2014","M2",518,{"$f":"SUMIF('Composições (SINAPI)'!D:D,E76,'Composições (SINAPI)'!K:K)","v":7.61},9.89,5123.0200000000004,null,9.74,7.62,0.21870000000000001]
[null,"2.1.49","SERVIÇO","ORSE",6029,"LOGOTIPO DA CODEVASF EM ESTRUTURAS TÉRREAS","UN",6,{"$f":"SUMIF('Composições (ORSE)'!D:D,E77,'Composições (ORSE)'!K:K)","v":528.35},686.33,4117.9799999999996,null,675.27,528.73,0.21759999999999999]
[null,"2.1.50","SERVIÇO","SINAPI","74142/4","CERCA COM MOUROES DE CONCRETO, SECAO \"T\" PONTA INCLINADA, 10X10CM, ESPACAMENTO DE 3M, CRAVADOS 0,5M, COM 11 FIOS DE ARAME FARPADO Nº 16","M",360,{"$f":"SUMIF('Composições (SINAPI)'!D:D,E78,'Composições (SINAPI)'!K:K)","v":36.299999999999997},47.15,16974,null,46.39,36.32,0.2175]
[null,"2.1.51","SERVIÇO","ORSE",2372,"MURO EM ALVENARIA BLOCO CIMENTO, E= 0,09M, C/ ALV DE PEDRA 0,35 X 0,60M, COLU NAS CONCRETO ARMADO FCK = 15,0 MPA CADA 3,00M, C/ CHAPISCO, REBOCO E PINTURA  HIDRACOR OU SIMILAR","M2",5,{"$f":"SUMIF('Composições (ORSE)'!D:D,E79,'Composições (ORSE)'!K:K)","v":117.56},152.71,763.55,null,150.33000000000001,117.7,0.218]
[null,"2.1.52","SERVIÇO","SINAPI",94275,"ASSENTAMENTO DE GUIA (MEIO-FIO) EM TRECHO RETO, CONFECCIONADA EM CONCRETO PRÉ-FABRICADO, DIMENSÕES 100X15X13X20 CM (COMPRIMENTO X BASE INFERIOR X BASE SUPERIOR X ALTURA), PARA URBANIZAÇÃO INTERNA DE EMPREENDIMENTOS. AF_06/2016_P","M",80,{"$f":"SUMIF('Composições (SINAPI)'!D:D,E80,'Composições (SINAPI)'!K:K)","v":24.28},31.54,2523.1999999999998,null,31.05,24.31,0.218]
[null,"2.1.53","SERVIÇO","SINAPI",94274,"ASSENTAMENTO DE GUIA (MEIO-FIO) EM TRECHO CURVO, CONFECCIONADA EM CONCRETO PRÉ-FABRICADO, DIMENSÕES 100X15X13X30 CM (COMPRIMENTO X BASE INFERIOR X BASE SUPERIOR X ALTURA), PARA VIAS URBANAS (USO VIÁRIO). AF_06/2016","M",24,{"$f":"SUMIF('Composições (SINAPI)'!D:D,E81,'Composições (SINAPI)'!K:K)","v":27.6},35.85,860.4,null,35.31,27.64,0.21840000000000001]
[null,"2.1.54","SERVIÇO","ORSE",3209,"PINTURA DE MEIO FIO (CAIAÇÃO)","M",104,{"$f":"SUMIF('Composições (ORSE)'!D:D,E82,'Composições (ORSE)'!K:K)","v":2.52},3.27,340.08,null,3.23,2.52,0.2198]
[null,"2.1.55","SERVIÇO","SINAPI","73836/1","INSTALACAO DE CONJ.MOTO BOMBA HORIZONTAL ATE 10 CV","UN",12,{"$f":"SUMIF('Composições (SINAPI)'!D:D,E83,'Composições (SINAPI)'!K:K)","v":528.73},686.82,8241.84,null,675.65,529.03,0.21740000000000001]
[null,"2.1.56","SERVIÇO","ORSE",3848,"CABO DE AÇO GALVANIZADO 15MM (TENSOR)","M",450,{"$f":"SUMIF('Composições (ORSE)'!D:D,E84,'Composições (ORSE)'!K:K)","v":17.57},22.82,10269,null,22.44,17.57,0.217]
[null,"2.1.57","SERVIÇO","SINAPI","73843/1","MURO DE ARRIMO DE CONCRETO CICLOPICO COM 30% DE PEDRA DE MAO","M3",19,{"$f":"SUMIF('Composições (SINAPI)'!D:D,E85,'Composições (SINAPI)'!K:K)","v":237.18},308.10000000000002,5853.9,null,303.12,237.34,0.2175]
[null,"2.2","INSTALAÇÕES ELÉTRICAS PARA A CAPTAÇÃO",{"$nulls":7},{"$f":"SUM(K87:K97)","v":75385.740000000005}]
[null,"2.2.1","SERVIÇO","CODEVASF","ELE01","SERVIÇO PARA INSTALAÇÃO DOS MATERIAIS ELÉTRICOS DA CAPTAÇÃO (ALEGRE, BOA PAZ, BOM JESUS E UMBURANAS)","UN ",4,{"$f":"SUMIF('Composições (CODEVASF)'!D:D,E87,'Composições (CODEVASF)'!K:K)","v":2106.9},{"$f":"ROUND(IF(C87 = \"SERVIÇO\", I87 * (1 + $I$11), IF(C87 = \"INSUMO\", (I87 * (1 + $K$11)))),2)","v":2736.86},{"$f":"ROUND(J87*H87,2)","v":10947.44},null,2699.52,2113.7199999999998,{"$f":"IF(I87=0,\" \",ROUND(1-(I87/M87),4))","v":0.2195}]
[null,"2.2.2","SERVIÇO","CODEVASF","ELE02","SERVIÇO PARA INSTALAÇÃO DOS MATERIAIS ELÉTRICOS DA CAPTAÇÃO (ILHA DA VILA E RIACHO DA MADEIRA)","UN ",2,{"$f":"SUMIF('Composições (CODEVASF)'!D:D,E88,'Composições (CODEVASF)'!K:K)","v":1585.29},2059.29,4118.58,null,2024.64,1585.29,0.217]
[null,"2.2.3","SERVIÇO","CODEVASF","ELE03","SERVIÇO PARA PROJETO EXECUTIVO DA EXTENSÃO DE REDE","KM",1.27,{"$f":"SUMIF('Composições (CODEVASF)'!D:D,E89,'Composições (CODEVASF)'!K:K)","v":2176.61},2827.42,3590.82,null,2779.84,2176.61,0.217]
[null,"2.2.4","SERVIÇO","CODEVASF","ELE04","SERVIÇO PARA CONSTRUÇÃO DA EXTENSÃO DA REDE","KM",1.27,{"$f":"SUMIF('Composições (CODEVASF)'!D:D,E90,'Composições (CODEVASF)'!K:K)","v":6054.03},7864.18,9987.51,null,7731.84,6054.03,0.217]
[null,"2.2.5","SERVIÇO","CODEVASF","ELE05","SERVIÇO PARA PROJETO EXECUTIVO DA SUBESTAÇÃO","UN ",5,{"$f":"SUMIF('Composições (CODEVASF)'!D:D,E91,'Composições (CODEVASF)'!K:K)","v":1632.46},2120.5700000000002,10602.85,null,2084.88,1632.46,0.217]
[null,"2.2.6","SERVIÇO","CODEVASF","ELE06","SERVIÇO PARA CONSTRUÇÃO DA SUBESTAÇÃO","UN ",5,{"$f":"SUMIF('Composições (CODEVASF)'!D:D,E92,'Composições (CODEVASF)'!K:K)","v":1455.71},1890.97,9454.85,null,1863.48,1459.1,0.21879999999999999]
[null,"2.2.7","SERVIÇO","CODEVASF","ELE07","COMISSIONAMENTO E STARTUP DO SISTEMA COMPLETO (CAPTAÇÃO E ETA - ALEGRE, BOA PAZ, BOM JESUS E UMBURANAS)","UN ",4,{"$f":"SUMIF('Composições (CODEVASF)'!D:D,E93,'Composições (CODEVASF)'!K:K)","v":1795.26},2332.04,9328.16,null,2299.36,1800.39,0.21920000000000001]
[null,"2.2.8","SERVIÇO","CODEVASF","ELE08","SERVIÇO PARA PROJETO ELÉTRICO EXECUTIVO DO SAA (CAPTAÇÃO E ETA - ALEGRE, BOA PAZ, BOM JESUS E UMBURANAS)","UN ",4,{"$f":"SUMIF('Composições (CODEVASF)'!D:D,E94,'Composições (CODEVASF)'!K:K)","v":1632.46},2120.5700000000002,8482.2800000000007,null,2084.88,1632.46,0.217]
[null,"2.2.9","SERVIÇO","CODEVASF","ELE09","COMISSIONAMENTO E STARTUP DO SISTEMA COMPLETO (ILHA DA VILA E RIACHO DA MADEIRA)","UN ",2,{"$f":"SUMIF('Composições (CODEVASF)'!D:D,E95,'Composições (CODEVASF)'!K:K)","v":1424.37},1850.26,3700.52,null,1824.56,1428.63,0.21929999999999999]
[null,"2.2.10","SERVIÇO","CODEVASF","ELE010","SERVIÇO PARA PROJETO ELÉTRICO EXECUTIVO DO SAA(ILHA DA VILA E RIACHO DA MADEIRA)","UN ",2,{"$f":"SUMIF('Composições (CODEVASF)'!D:D,E96,'Composições (CODEVASF)'!K:K)","v":1360.38},1767.13,3534.26,null,1737.4,1360.38,0.217]
[null,"2.2.11","SERVIÇO","ORSE",11386,"ENTRADA DE ENERGIA ELÉTRICA TRIFÁSICA DEMANDA ENTRE 0 E 15,2 KW","UN",1,{"$f":"SUMIF('Composições (ORSE)'!D:D,E97,'Composições (ORSE)'!K:K)","v":1261.33},1638.47,1638.47,null,1613.81,1263.6099999999999,0.21840000000000001]
[null,3,"ADUTORA DE ÁGUA BRUTA",{"$nulls":7},{"$f":"K99+K116+K122+K126+K133","v":443550.26}]
[null,"3.1","SERVIÇOS PRELIMINARES PARA ASSENTAMENTO DE TUBOS",{"$nulls":7},{"$f":"SUM(K100:K115)","v":231297.94}]
[null,"3.1.1","SERVIÇO","SINAPI",73679,"LOCAÇÃO DE ADUTORAS, COLETORES TRONCO E INTERCEPTORES - ATÉ DN 500 MM","M",5723,{"$f":"SUMIF('Composições (SINAPI)'!D:D,E100,'Composições (SINAPI)'!K:K)","v":1.62},{"$f":"ROUND(IF(C100 = \"SERVIÇO\", I100 * (1 + $I$11), IF(C100 = \"INSUMO\", (I100 * (1 + $K$11)))),2)","v":2.1},{"$f":"ROUND(J100*H100,2)","v":12018.3},null,2.0699999999999998,1.62,{"$f":"IF(I100=0,\" \",ROUND(1-(I100/M100),4))","v":0.21740000000000001}]
[null,"3.1.2","SERVIÇO","SINAPI","73948/16","LIMPEZA MANUAL DO TERRENO (C/ RASPAGEM SUPERFICIAL)","M2",1100,{"$f":"SUMIF('Composições (SINAPI)'!D:D,E101,'Composições (SINAPI)'!K:K)","v":2.77},3.6,3960,null,3.54,2.77,0.2175]
[null,"3.1.3","SERVIÇO","SINAPI",73672,"DESMATAMENTO E LIMPEZA MECANIZADA DE TERRENO COM ARVORES ATE Ø 15CM, UTILIZANDO TRATOR DE ESTEIRAS","M2",600,{"$f":"SUMIF('Composições (SINAPI)'!D:D,E102,'Composições (SINAPI)'!K:K)","v":0.28000000000000003},0.36,216,null,0.36,0.28000000000000003,0.22220000000000001]
[null,"3.1.4","SERVIÇO","SINAPI","73859/2","CAPINA E LIMPEZA MANUAL DE TERRENO","M2",600,{"$f":"SUMIF('Composições (SINAPI)'!D:D,E103,'Composições (SINAPI)'!K:K)","v":0.88},1.1399999999999999,684,null,1.1299999999999999,0.88,0.22120000000000001]
[null,"3.1.5","SERVIÇO","ORSE",6098,"CADASTRO DE REDES DE ÁGUA / ADUTORAS","M",11720,{"$f":"SUMIF('Composições (ORSE)'!D:D,E104,'Composições (ORSE)'!K:K)","v":0.96},1.25,14650,null,1.23,0.96,0.2195]
[null,"3.1.6","SERVIÇO","ORSE",6465,"TESTE HIDROSTÁTICO EM REDE DE ÁGUA / ADUTORA","M",17810,{"$f":"SUMIF('Composições (ORSE)'!D:D,E105,'Composições (ORSE)'!K:K)","v":0.27},0.35,6233.5,null,0.35,0.27,0.2286]
[null,"3.1.7","SERVIÇO","ORSE",2497,"ESCAVAÇÃO MANUAL DE VALA OU CAVA EM MATERIAL DE 1ª CATEGORIA, PROFUNDIDADE AT É 1,50M","M3",152,{"$f":"SUMIF('Composições (ORSE)'!D:D,E106,'Composições (ORSE)'!K:K)","v":25},32.479999999999997,4936.96,null,31.93,25,0.217]
[null,"3.1.8","SERVIÇO","ORSE",2503,"ESCAVAÇÃO COM RETRO-ESCAVADEIRA DE PNEUS, DE VALAS, EM MATERIAL DE 1ª CATEGOR IA ATÉ 1,50M DE PROFUNDIDADE","M3",1785.87,{"$f":"SUMIF('Composições (ORSE)'!D:D,E107,'Composições (ORSE)'!K:K)","v":5.7},7.4,13215.44,null,7.28,5.7,0.217]
[null,"3.1.9","SERVIÇO","SINAPI",72915,"ESCAVACAO MECANICA DE VALA EM MATERIAL DE 2A. CATEGORIA ATE 2 M DE PROFUNDIDADE COM UTILIZACAO DE ESCAVADEIRA HIDRAULICA","M3",983.34,{"$f":"SUMIF('Composições (SINAPI)'!D:D,E108,'Composições (SINAPI)'!K:K)","v":8.32},10.81,10629.91,null,10.63,8.32,0.21729999999999999]
[null,"3.1.10","SERVIÇO","ORSE",7084,"ESCAVAÇÃO DE VALA A FRIO, EM MATERIAL DE 3ª CATEGORIA, COM PERFURATRIZ MANUAL E COMPRESSOR","M3",339.72,{"$f":"SUMIF('Composições (ORSE)'!D:D,E109,'Composições (ORSE)'!K:K)","v":161.41999999999999},209.68,71232.490000000005,null,206.16,161.41999999999999,0.217]
[null,"3.1.11","SERVIÇO","ORSE",4502,"ESCAVAÇÃO MANUAL DE VALA OU CAVA EM MATERIAL DE 3ª CATEGORIA, PROFUNDIDADE AT É 2,00 M, COM USO DE EXPLOSIVOS E PERFURAÇÃO MECÂNICA","M3",172.87,{"$f":"SUMIF('Composições (ORSE)'!D:D,E110,'Composições (ORSE)'!K:K)","v":157.33000000000001},204.37,35329.440000000002,null,200.94,157.33000000000001,0.217]
[null,"3.1.12","SERVIÇO","ORSE",5103,"REGULARIZAÇÃO MANUAL","M2",3433.8,{"$f":"SUMIF('Composições (ORSE)'!D:D,E111,'Composições (ORSE)'!K:K)","v":2.48},3.22,11056.84,null,3.18,2.48,0.22009999999999999]
[null,"3.1.13","SERVIÇO","SINAPI",72895,"CARGA, MANOBRAS E DESCARGA DE MATERIAIS DIVERSOS, COM CAMINHAO BASCULANTE 6M3 (CARGA E DESCARGA MANUAIS)","M3",1812.59,{"$f":"SUMIF('Composições (SINAPI)'!D:D,E112,'Composições (SINAPI)'!K:K)","v":16.77},21.78,39478.21,null,21.42,16.77,0.21709999999999999]
[null,"3.1.14","SERVIÇO","SINAPI",83344,"ESPALHAMENTO DE MATERIAL EM BOTA FORA, COM UTILIZACAO DE TRATOR DE ESTEIRAS DE 165 HP","M3",1812.59,{"$f":"SUMIF('Composições (SINAPI)'!D:D,E113,'Composições (SINAPI)'!K:K)","v":0.69},0.9,1631.33,null,0.89,0.69,0.22470000000000001]
[null,"3.1.15","SERVIÇO","ORSE",5149,"REMOÇÃO DE ADUTORA / REDE EM PVC DIAM. =   50 MM","M",80,{"$f":"SUMIF('Composições (ORSE)'!D:D,E114,'Composições (ORSE)'!K:K)","v":0.56000000000000005},0.73,58.4,null,0.72,0.56000000000000005,0.22220000000000001]
[null,"3.1.16","SERVIÇO","ORSE",5129,"REMOÇÃO DE ADUTORA / REDE EM Fº Fº,  JUNTA ELÁSTICA , DIAM. =   150 MM","M",1128,{"$f":"SUMIF('Composições (ORSE)'!D:D,E115,'Composições (ORSE)'!K:K)","v":4.07},5.29,5967.12,null,5.21,4.07,0.21879999999999999]
[null,"3.2","ASSENTAMENTO DE TUBOS E CONEXÕES ",{"$nulls":7},{"$f":"SUM(K117:K121)","v":14044.86}]
[null,"3.2.1","SERVIÇO","SINAPI",97134,"ASSENTAMENTO DE TUBO DE PVC DEFOFO OU PRFV OU RPVC PARA REDE DE ÁGUA, DN 150 MM, JUNTA ELÁSTICA INTEGRADA, INSTALADO EM LOCAL COM NÍVEL BAIXO DE INTERFERÊNCIAS (NÃO INCLUI FORNECIMENTO). AF_11/2017","M",4415,{"$f":"SUMIF('Composições (SINAPI)'!D:D,E117,'Composições (SINAPI)'!K:K)","v":1.57},{"$f":"ROUND(IF(C117 = \"SERVIÇO\", I117 * (1 + $I$11), IF(C117 = \"INSUMO\", (I117 * (1 + $K$11)))),2)","v":2.04},{"$f":"ROUND(J117*H117,2)","v":9006.6},null,2.0099999999999998,1.57,{"$f":"IF(I117=0,\" \",ROUND(1-(I117/M117),4))","v":0.21890000000000001}]
[null,"3.2.2","SERVIÇO","SINAPI",97124,"ASSENTAMENTO DE TUBO DE PVC PBA PARA REDE DE ÁGUA, DN 50 MM, JUNTA ELÁSTICA INTEGRADA, INSTALADO EM LOCAL COM NÍVEL BAIXO DE INTERFERÊNCIAS (NÃO INCLUI FORNECIMENTO). AF_11/2017","M",124,{"$f":"SUMIF('Composições (SINAPI)'!D:D,E118,'Composições (SINAPI)'!K:K)","v":0.61},{"$f":"ROUND(IF(C118 = \"SERVIÇO\", I118 * (1 + $I$11), IF(C118 = \"INSUMO\", (I118 * (1 + $K$11)))),2)","v":0.79},{"$f":"ROUND(J118*H118,2)","v":97.96},null,0.78,0.61,{"$f":"IF(I118=0,\" \",ROUND(1-(I118/M118),4))","v":0.21790000000000001}]
[null,"3.2.3","SERVIÇO","SINAPI",97159,"ASSENTAMENTO DE TUBO DE FERRO FUNDIDO PARA REDE DE ÁGUA, DN 150 MM, JUNTA ELÁSTICA, INSTALADO EM LOCAL COM NÍVEL BAIXO DE INTERFERÊNCIAS (NÃO INCLUI FORNECIMENTO). AF_11/2017","M",8,{"$f":"SUMIF('Composições (SINAPI)'!D:D,E119,'Composições (SINAPI)'!K:K)","v":4.83},{"$f":"ROUND(IF(C119 = \"SERVIÇO\", I119 * (1 + $I$11), IF(C119 = \"INSUMO\", (I119 * (1 + $K$11)))),2)","v":6.27},{"$f":"ROUND(J119*H119,2)","v":50.16},null,6.17,4.83,{"$f":"IF(I119=0,\" \",ROUND(1-(I119/M119),4))","v":0.2172}]
[null,"3.2.4","SERVIÇO","ORSE",5276,"ASSENTAMENTO DE CONEXÕES DE PVC DEFOFO, JUNTA ELÁSTICA, DIAM.=  150 MM","UN",106,{"$f":"SUMIF('Composições (ORSE)'!D:D,E120,'Composições (ORSE)'!K:K)","v":2.2999999999999998},{"$f":"ROUND(IF(C120 = \"SERVIÇO\", I120 * (1 + $I$11), IF(C120 = \"INSUMO\", (I120 * (1 + $K$11)))),2)","v":2.99},{"$f":"ROUND(J120*H120,2)","v":316.94},null,2.94,2.2999999999999998,{"$f":"IF(I120=0,\" \",ROUND(1-(I120/M120),4))","v":0.2177}]
[null,"3.2.5","SERVIÇO","SINAPI",83724,"ASSENTAMENTO DE PECAS, CONEXOES, APARELHOS E ACESSORIOS DE FERRO FUNDIDO DUCTIL, JUNTA ELASTICA, MECANICA OU FLANGEADA, COM DIAMETROS DE 50 A 300 MM.","KG",2060,{"$f":"SUMIF('Composições (SINAPI)'!D:D,E121,'Composições (SINAPI)'!K:K)","v":1.71},{"$f":"ROUND(IF(C121 = \"SERVIÇO\", I121 * (1 + $I$11), IF(C121 = \"INSUMO\", (I121 * (1 + $K$11)))),2)","v":2.2200000000000002},{"$f":"ROUND(J121*H121,2)","v":4573.2},null,2.19,1.71,{"$f":"IF(I121=0,\" \",ROUND(1-(I121/M121),4))","v":0.21920000000000001}]
[null,"3.3","PREENCHIMENTO DE VALA",{"$nulls":7},{"$f":"SUM(K123:K125)","v":113420.64}]
[null,"3.3.1","SERVIÇO","SINAPI",93379,"REATERRO MECANIZADO DE VALA COM RETROESCAVADEIRA (CAPACIDADE DA CAÇAMBA DA RETRO: 0,26 M³ / POTÊNCIA: 88 HP), LARGURA DE 0,8 A 1,5 M, PROFUNDIDADE ATÉ 1,5 M, COM SOLO (SEM SUBSTITUIÇÃO) DE 1ª CATEGORIA EM LOCAIS COM BAIXO NÍVEL DE INTERFERÊNCIA. AF_04/2016","M3",2049.48,{"$f":"SUMIF('Composições (SINAPI)'!D:D,E123,'Composições (SINAPI)'!K:K)","v":13.09},{"$f":"ROUND(IF(C123 = \"SERVIÇO\", I123 * (1 + $I$11), IF(C123 = \"INSUMO\", (I123 * (1 + $K$11)))),2)","v":17},{"$f":"ROUND(J123*H123,2)","v":34841.160000000003},null,16.72,13.09,{"$f":"IF(I123=0,\" \",ROUND(1-(I123/M123),4))","v":0.21709999999999999}]
[null,"3.3.2","SERVIÇO","SINAPI",94102,"LASTRO DE VALA COM PREPARO DE FUNDO, LARGURA MENOR QUE 1,5 M, COM CAMADA DE AREIA, LANÇAMENTO MANUAL, EM LOCAL COM NÍVEL BAIXO DE INTERFERÊNCIA. AF_06/2016","M3",205,{"$f":"SUMIF('Composições (SINAPI)'!D:D,E124,'Composições (SINAPI)'!K:K)","v":108.68},{"$f":"ROUND(IF(C124 = \"SERVIÇO\", I124 * (1 + $I$11), IF(C124 = \"INSUMO\", (I124 * (1 + $K$11)))),2)","v":141.18},{"$f":"ROUND(J124*H124,2)","v":28941.9},null,139.02000000000001,108.85,{"$f":"IF(I124=0,\" \",ROUND(1-(I124/M124),4))","v":0.21820000000000001}]
[null,"3.3.3","SERVIÇO","SINAPI",94315,"ATERRO MECANIZADO DE VALA COM RETROESCAVADEIRA (CAPACIDADE DA CAÇAMBA DA RETRO: 0,26 M³ / POTÊNCIA: 88 HP), LARGURA ATÉ 0,8 M, PROFUNDIDADE ATÉ 1,5 M, COM SOLO ARGILO-ARENOSO. AF_05/2016","M3",1179.32,{"$f":"SUMIF('Composições (SINAPI)'!D:D,E125,'Composições (SINAPI)'!K:K)","v":32.4},{"$f":"ROUND(IF(C125 = \"SERVIÇO\", I125 * (1 + $I$11), IF(C125 = \"INSUMO\", (I125 * (1 + $K$11)))),2)","v":42.09},{"$f":"ROUND(J125*H125,2)","v":49637.58},null,41.39,32.4,{"$f":"IF(I125=0,\" \",ROUND(1-(I125/M125),4))","v":0.2172}]
[null,"3.4","SINALIZAÇÃO E ISOLAMENTOS",{"$nulls":7},{"$f":"SUM(K127:K132)","v":17483.16}]
[null,"3.4.1","SERVIÇO","SINAPI","74219/1","PASSADICOS COM TABUAS DE MADEIRA PARA PEDESTRES","M2",40,{"$f":"SUMIF('Composições (SINAPI)'!D:D,E127,'Composições (SINAPI)'!K:K)","v":43.7},{"$f":"ROUND(IF(C127 = \"SERVIÇO\", I127 * (1 + $I$11), IF(C127 = \"INSUMO\", (I127 * (1 + $K$11)))),2)","v":56.77},{"$f":"ROUND(J127*H127,2)","v":2270.8000000000002},null,55.82,43.7,{"$f":"IF(I127=0,\" \",ROUND(1-(I127/M127),4))","v":0.21709999999999999}]
[null,"3.4.2","SERVIÇO","SINAPI","74219/2","PASSADICOS COM TABUAS DE MADEIRA PARA VEICULOS","M2",24,{"$f":"SUMIF('Composições (SINAPI)'!D:D,E128,'Composições (SINAPI)'!K:K)","v":34.4},44.69,1072.56,null,43.94,34.4,0.21709999999999999]
[null,"3.4.3","SERVIÇO","ORSE",5157,"SINALIZAÇÃO DE VALAS COM PLACAS INDICATIVAS","M",90,{"$f":"SUMIF('Composições (ORSE)'!D:D,E129,'Composições (ORSE)'!K:K)","v":1.65},2.14,192.6,null,2.11,1.65,0.218]
[null,"3.4.4","SERVIÇO","ORSE",5152,"SINALIZAÇÃO COM CAVALETE PLÁSTICO DESMONTÁVEL","UN",180,{"$f":"SUMIF('Composições (ORSE)'!D:D,E130,'Composições (ORSE)'!K:K)","v":10.35},13.44,2419.1999999999998,null,13.22,10.35,0.21709999999999999]
[null,"3.4.5","SERVIÇO","SINAPI",85424,"ISOLAMENTO DE OBRA COM TELA PLASTICA COM MALHA DE 5MM E ESTRUTURA DE MADEIRA PONTALETEADA","M2",360,{"$f":"SUMIF('Composições (SINAPI)'!D:D,E131,'Composições (SINAPI)'!K:K)","v":15.72},20.420000000000002,7351.2,null,20.079999999999998,15.72,0.21709999999999999]
[null,"3.4.6","SERVIÇO","SINAPI","74220/1","TAPUME DE CHAPA DE MADEIRA COMPENSADA, E= 6MM, COM PINTURA A CAL E REAPROVEITAMENTO DE 2X","M2",80,{"$f":"SUMIF('Composições (SINAPI)'!D:D,E132,'Composições (SINAPI)'!K:K)","v":40.19},52.21,4176.8,null,51.35,40.200000000000003,0.21729999999999999]
[null,"3.5","CAIXAS DE PASSAGEM/BLOCOS DE ANCORAGEM",{"$nulls":7},{"$f":"SUM(K134:K142)","v":67303.66}]
[null,"3.5.1","SERVIÇO","ORSE",5957,"CAIXA PARA REGISTRO, TIPO I, PARA DIÂMETROS DE  50 A 100MM","UN",26,{"$f":"SUMIF('Composições (ORSE)'!D:D,E134,'Composições (ORSE)'!K:K)","v":581.69000000000005},{"$f":"ROUND(IF(C134 = \"SERVIÇO\", I134 * (1 + $I$11), IF(C134 = \"INSUMO\", (I134 * (1 + $K$11)))),2)","v":755.62},{"$f":"ROUND(J134*H134,2)","v":19646.12},null,743.39,582.07000000000005,{"$f":"IF(I134=0,\" \",ROUND(1-(I134/M134),4))","v":0.2175}]
[null,"3.5.2","SERVIÇO","ORSE",5958,"CAIXA PARA REGISTRO, TIPO II, PARA DIÂMETROS DE 150 A 200MM","UN",4,{"$f":"SUMIF('Composições (ORSE)'!D:D,E135,'Composições (ORSE)'!K:K)","v":860.88},1118.28,4473.12,null,1100.21,861.46,0.2175]
[null,"3.5.3","SERVIÇO","ORSE",5962,"CAIXA PARA VENTOSA PARA DIÂMETRO DE  50 A 150MM (MV-04-326)","UN",26,{"$f":"SUMIF('Composições (ORSE)'!D:D,E136,'Composições (ORSE)'!K:K)","v":581.69000000000005},755.62,19646.12,null,743.39,582.07000000000005,0.2175]
[null,"3.5.4","SERVIÇO","ORSE",5965,"CAIXA PRÉ MOLDADA EM CONCRETO PARA PROTEÇÃO DE MACRO MEDIDORES, DIM. INT. = 0 ,70 X 1,00 X 0,50","UN",5,{"$f":"SUMIF('Composições (ORSE)'!D:D,E137,'Composições (ORSE)'!K:K)","v":366.09},475.55,2377.75,null,467.56,366.09,0.217]
[null,"3.5.5","SERVIÇO","ORSE",2169,"LASTRO DE CONCRETO SIMPLES REGULARIZADO, FCK=13,5 MPA,LANÇADO E ADENSADO","M3",11,{"$f":"SUMIF('Composições (ORSE)'!D:D,E138,'Composições (ORSE)'!K:K)","v":341.43},443.52,4878.72,null,436.37,341.67,0.21759999999999999]
[null,"3.5.6","SERVIÇO","ORSE",11651,"FORMA PLANA PARA ESTRUTURAS, EM COMPENSADO PLASTIFICADO DE 10MM, 04 USOS, INC LUSIVE ESCORAMENTO - REVISADA 07.2015","M2",68,{"$f":"SUMIF('Composições (ORSE)'!D:D,E139,'Composições (ORSE)'!K:K)","v":34.049999999999997},44.23,3007.64,null,43.49,34.049999999999997,0.21709999999999999]
[null,"3.5.7","SERVIÇO","ORSE",7691,"CONCRETO SIMPLES FABRICADO NA OBRA, FCK=21 MPA, LANÇADO E ADENSADO","M3",11.5,{"$f":"SUMIF('Composições (ORSE)'!D:D,E140,'Composições (ORSE)'!K:K)","v":304.66000000000003},395.75,4551.13,null,389.14,304.69,0.21709999999999999]
[null,"3.5.8","SERVIÇO","SEINFRA","C4151","ARMADURA DE AÇO CA 50/60","KG",675,{"$f":"SUMIF('Composições (SEINFRA)'!D:D,E141,'Composições (SEINFRA)'!K:K)","v":5.64},7.33,4947.75,null,7.21,5.64,0.21779999999999999]
[null,"3.5.9","SERVIÇO","SINAPI",73361,"CONCRETO CICLOPICO FCK=10MPA 30% PEDRA DE MAO INCLUSIVE LANCAMENTO","M3",11,{"$f":"SUMIF('Composições (SINAPI)'!D:D,E142,'Composições (SINAPI)'!K:K)","v":264.20999999999998},343.21,3775.31,null,337.49,264.25,0.21709999999999999]
[null,4,"ESTAÇÃO DE TRATAMENTO DE ÁGUA",{"$nulls":7},{"$f":"K144+K235","v":754794.58}]
[null,"4.1"," FILTROS RUSSOS - CASA DE QUÍMICA - BANHEIRO- URBANIZAÇÃO",{"$nulls":7},{"$f":"SUM(K145:K234)","v":686727.24}]
[null,"4.1.1","SERVIÇO","SINAPI","73992/1","LOCACAO CONVENCIONAL DE OBRA, ATRAVÉS DE GABARITO DE TABUAS CORRIDAS PONTALETADAS A CADA 1,50M, SEM REAPROVEITAMENTO","M2",1420,{"$f":"SUMIF('Composições (SINAPI)'!D:D,E145,'Composições (SINAPI)'!K:K)","v":6.49},{"$f":"ROUND(IF(C145 = \"SERVIÇO\", I145 * (1 + $I$11), IF(C145 = \"INSUMO\", (I145 * (1 + $K$11)))),2)","v":8.43},{"$f":"ROUND(J145*H145,2)","v":11970.6},null,8.3000000000000007,6.49,{"$f":"IF(I145=0,\" \",ROUND(1-(I145/M145),4))","v":0.21809999999999999}]
[null,"4.1.2","SERVIÇO","SINAPI","73822/2","LIMPEZA MECANIZADA DE TERRENO COM REMOCAO DE CAMADA VEGETAL, UTILIZANDO MOTONIVELADORA","M2",3600,{"$f":"SUMIF('Composições (SINAPI)'!D:D,E146,'Composições (SINAPI)'!K:K)","v":0.4},0.52,1872,null,0.52,0.4,0.23080000000000001]
[null,"4.1.3","SERVIÇO","SINAPI","73859/2","CAPINA E LIMPEZA MANUAL DE TERRENO","M2",4100,{"$f":"SUMIF('Composições (SINAPI)'!D:D,E147,'Composições (SINAPI)'!K:K)","v":0.88},1.1399999999999999,4674,null,1.1299999999999999,0.88,0.22120000000000001]
[null,"4.1.4","SERVIÇO","ORSE",2497,"ESCAVAÇÃO MANUAL DE VALA OU CAVA EM MATERIAL DE 1ª CATEGORIA, PROFUNDIDADE AT É 1,50M","M3",70,{"$f":"SUMIF('Composições (ORSE)'!D:D,E148,'Composições (ORSE)'!K:K)","v":25},32.479999999999997,2273.6,null,31.93,25,0.217]
[null,"4.1.5","SERVIÇO","ORSE",2503,"ESCAVAÇÃO COM RETRO-ESCAVADEIRA DE PNEUS, DE VALAS, EM MATERIAL DE 1ª CATEGOR IA ATÉ 1,50M DE PROFUNDIDADE","M3",306,{"$f":"SUMIF('Composições (ORSE)'!D:D,E149,'Composições (ORSE)'!K:K)","v":5.7},7.4,2264.4,null,7.28,5.7,0.217]
[null,"4.1.6","SERVIÇO","SINAPI",72915,"ESCAVACAO MECANICA DE VALA EM MATERIAL DE 2A. CATEGORIA ATE 2 M DE PROFUNDIDADE COM UTILIZACAO DE ESCAVADEIRA HIDRAULICA","M3",753,{"$f":"SUMIF('Composições (SINAPI)'!D:D,E150,'Composições (SINAPI)'!K:K)","v":8.32},10.81,8139.93,null,10.63,8.32,0.21729999999999999]
[null,"4.1.7","SERVIÇO","ORSE",2519,"REATERRO MANUAL DE VALAS OU ÁREAS, COM ESPALHAMENTO E COMPACTAÇÃO, UTILIZANDO COMPACTADOR À PERCUSSÃO SAPINHO, SEM CONTROLE DO GRAU DE COMPACTAÇÃO","M3",74,{"$f":"SUMIF('Composições (ORSE)'!D:D,E151,'Composições (ORSE)'!K:K)","v":7.86},10.210000000000001,755.54,null,10.050000000000001,7.86,0.21790000000000001]
[null,"4.1.8","SERVIÇO","SINAPI",93374,"REATERRO MECANIZADO DE VALA COM RETROESCAVADEIRA (CAPACIDADE DA CAÇAMBA DA RETRO: 0,26 M³ / POTÊNCIA: 88 HP), LARGURA ATÉ 0,8 M, PROFUNDIDADE ATÉ 1,5 M, COM SOLO (SEM SUBSTITUIÇÃO) DE 1ª CATEGORIA EM LOCAIS COM ALTO NÍVEL DE INTERFERÊNCIA. AF_04/2016","M3",803,{"$f":"SUMIF('Composições (SINAPI)'!D:D,E152,'Composições (SINAPI)'!K:K)","v":18.09},23.5,18870.5,null,23.11,18.09,0.2172]
[null,"4.1.9","SERVIÇO","ORSE",71,"ATERRO MANUAL DE ÁREAS, SEM AQUISIÇÃO DE MATERIAL, COM ESPALHAMENTO E COMPACT AÇÃO","M3",252,{"$f":"SUMIF('Composições (ORSE)'!D:D,E153,'Composições (ORSE)'!K:K)","v":25},32.479999999999997,8184.96,null,31.93,25,0.217]
[null,"4.1.10","SERVIÇO","ORSE",2169,"LASTRO DE CONCRETO SIMPLES REGULARIZADO, FCK=13,5 MPA,LANÇADO E ADENSADO","M3",35,{"$f":"SUMIF('Composições (ORSE)'!D:D,E154,'Composições (ORSE)'!K:K)","v":341.43},443.52,15523.2,null,436.37,341.67,0.21759999999999999]
[null,"4.1.11","SERVIÇO","SINAPI",95467,"EMBASAMENTO C/PEDRA ARGAMASSADA UTILIZANDO ARG.CIM/AREIA 1:4","M3",12.5,{"$f":"SUMIF('Composições (SINAPI)'!D:D,E155,'Composições (SINAPI)'!K:K)","v":275.33},357.65,4470.63,null,352.25,275.81,0.21840000000000001]
[null,"4.1.12","SERVIÇO","SINAPI",83518,"ALVENARIA EMBASAMENTO E=20 CM BLOCO CONCRETO","M3",36.5,{"$f":"SUMIF('Composições (SINAPI)'!D:D,E156,'Composições (SINAPI)'!K:K)","v":224.71},291.89999999999998,10654.35,null,287.37,225.01,0.218]
[null,"4.1.13","SERVIÇO","ORSE",9182,"DEMOLIÇÃO DE CONCRETO COM MARTELETE E COMPRESSOR","M3",22,{"$f":"SUMIF('Composições (ORSE)'!D:D,E157,'Composições (ORSE)'!K:K)","v":257.37},334.32,7355.04,null,328.71,257.37,0.217]
[null,"4.1.14","SERVIÇO","ORSE",13,"DEMOLIÇÃO DE CONCRETO MANUALMENTE","M3",29,{"$f":"SUMIF('Composições (ORSE)'!D:D,E158,'Composições (ORSE)'!K:K)","v":122.68},159.36000000000001,4621.4399999999996,null,156.82,122.79,0.2177]
[null,"4.1.15","SERVIÇO","ORSE",30,"DEMOLIÇÃO DE MADEIRAMENTO EM COBERTURAS COM TELHAS CERÂMICAS","M2",154,{"$f":"SUMIF('Composições (ORSE)'!D:D,E159,'Composições (ORSE)'!K:K)","v":12.28},15.95,2456.3000000000002,null,15.69,12.28,0.21729999999999999]
[null,"4.1.16","SERVIÇO","ORSE",9,"REMOÇÃO DE TELHAMENTO COM TELHAS CERÂMICAS","M2",154,{"$f":"SUMIF('Composições (ORSE)'!D:D,E160,'Composições (ORSE)'!K:K)","v":5.64},7.33,1128.82,null,7.21,5.64,0.21779999999999999]
[null,"4.1.17","SERVIÇO","ORSE",17,"DEMOLIÇÃO DE REBOCO","M2",100,{"$f":"SUMIF('Composições (ORSE)'!D:D,E161,'Composições (ORSE)'!K:K)","v":4.16},5.4,540,null,5.32,4.16,0.218]
[null,"4.1.18","SERVIÇO","ORSE",16,"DEMOLIÇÃO MANUAL DE PISO EM CONCRETO SIMPLES E/OU CIMENTADO","M2",145,{"$f":"SUMIF('Composições (ORSE)'!D:D,E162,'Composições (ORSE)'!K:K)","v":12.28},15.95,2312.75,null,15.69,12.28,0.21729999999999999]
[null,"4.1.19","SERVIÇO","ORSE",4942,"REMOÇÃO DE ESQUADRIA METÁLICA, COM OU SEM REAPROVEITAMENTO","M2",24,{"$f":"SUMIF('Composições (ORSE)'!D:D,E163,'Composições (ORSE)'!K:K)","v":8.83},11.47,275.27999999999997,null,11.31,8.85,0.21929999999999999]
[null,"4.1.20","SERVIÇO","SINAPI",97644,"REMOÇÃO DE PORTAS, DE FORMA MANUAL, SEM REAPROVEITAMENTO. AF_12/2017","M2",15.12,{"$f":"SUMIF('Composições (SINAPI)'!D:D,E164,'Composições (SINAPI)'!K:K)","v":4.6399999999999997},6.03,91.17,null,5.94,4.6500000000000004,0.21890000000000001]
[null,"4.1.21","SERVIÇO","SINAPI",87504,"ALVENARIA DE VEDAÇÃO DE BLOCOS CERÂMICOS FURADOS NA HORIZONTAL DE 9X19X19CM (ESPESSURA 9CM) DE PAREDES COM ÁREA LÍQUIDA MAIOR OU IGUAL A 6M² SEM VÃOS E ARGAMASSA DE ASSENTAMENTO COM PREPARO MANUAL. AF_06/2014","M2",220,{"$f":"SUMIF('Composições (SINAPI)'!D:D,E165,'Composições (SINAPI)'!K:K)","v":40},51.96,11431.2,null,51.23,40.11,0.21920000000000001]
[null,"4.1.22","SERVIÇO","SINAPI",87509,"ALVENARIA DE VEDAÇÃO DE BLOCOS CERÂMICOS FURADOS NA HORIZONTAL DE 14X9X19CM (ESPESSURA 14CM, BLOCO DEITADO) DE PAREDES COM ÁREA LÍQUIDA MAIOR OU IGUAL A 6M² SEM VÃOS E ARGAMASSA DE ASSENTAMENTO COM PREPARO EM BETONEIRA. AF_06/2014","M2",240,{"$f":"SUMIF('Composições (SINAPI)'!D:D,E166,'Composições (SINAPI)'!K:K)","v":64.58},83.89,20133.599999999999,null,82.72,64.760000000000005,0.21929999999999999]
[null,"4.1.23","SERVIÇO","SINAPI",93202,"FIXAÇÃO (ENCUNHAMENTO) DE ALVENARIA DE VEDAÇÃO COM TIJOLO MACIÇO. AF_03/2016","M",300,{"$f":"SUMIF('Composições (SINAPI)'!D:D,E167,'Composições (SINAPI)'!K:K)","v":12.36},16.059999999999999,4818,null,15.84,12.4,0.21970000000000001]
[null,"4.1.24","SERVIÇO","ORSE",3310,"CHAPISCO EM PAREDE COM ARGAMASSA TRAÇO T1 - 1:3 (CIMENTO / AREIA) - REVISADO  08/2015","M2",1265,{"$f":"SUMIF('Composições (ORSE)'!D:D,E168,'Composições (ORSE)'!K:K)","v":3.35},4.3499999999999996,5502.75,null,4.29,3.35,0.21909999999999999]
[null,"4.1.25","SERVIÇO","SINAPI",87794,"EMBOÇO OU MASSA ÚNICA EM ARGAMASSA TRAÇO 1:2:8, PREPARO MANUAL, APLICADA MANUALMENTE EM PANOS CEGOS DE FACHADA (SEM PRESENÇA DE VÃOS), ESPESSURA DE 25 MM. AF_06/2014","M2",1265,{"$f":"SUMIF('Composições (SINAPI)'!D:D,E169,'Composições (SINAPI)'!K:K)","v":21.47},27.89,35280.85,null,27.46,21.5,0.21809999999999999]
[null,"4.1.26","SERVIÇO","ORSE",2265,"SOLEIRA CIMENTADO TRAÇO T1, L = 18 CM, E = 2 CM","M",24,{"$f":"SUMIF('Composições (ORSE)'!D:D,E170,'Composições (ORSE)'!K:K)","v":9.41},12.22,293.27999999999997,null,12.08,9.4499999999999993,0.221]
[null,"4.1.27","SERVIÇO","ORSE",1987,"PEITORIL CIMENTO TRAÇO T1, C/ LARGURA = 22 CM, ESP = 4 CM","M",54,{"$f":"SUMIF('Composições (ORSE)'!D:D,E171,'Composições (ORSE)'!K:K)","v":18.87},24.51,1323.54,null,24.13,18.89,0.218]
[null,"4.1.28","SERVIÇO","SINAPI","74202/1","LAJE PRE-MOLDADA P/FORRO, SOBRECARGA 100KG/M2, VAOS ATE 3,50M/E=8CM, C/LAJOTAS E CAP.C/CONC FCK=20MPA, 3CM, INTER-EIXO 38CM, C/ESCORAMENTO (REAPR.3X) E FERRAGEM NEGATIVA","M2",245,{"$f":"SUMIF('Composições (SINAPI)'!D:D,E172,'Composições (SINAPI)'!K:K)","v":48.5},63,15435,null,61.98,48.53,0.2175]
[null,"4.1.29","SERVIÇO","SINAPI",94438,"(COMPOSIÇÃO REPRESENTATIVA) DO SERVIÇO DE CONTRAPISO EM ARGAMASSA TRAÇO 1:4 (CIM E AREIA), EM BETONEIRA 400 L, ESPESSURA 3 CM ÁREAS SECAS E 3 CM ÁREAS MOLHADAS, PARA EDIFICAÇÃO HABITACIONAL UNIFAMILIAR (CASA) E EDIFICAÇÃO PÚBLICA PADRÃO. AF_11/2014","M2",245,{"$f":"SUMIF('Composições (SINAPI)'!D:D,E173,'Composições (SINAPI)'!K:K)","v":25.54},33.18,8129.1,null,32.619999999999997,25.54,0.217]
[null,"4.1.30","SERVIÇO","SINAPI",98680,"PISO CIMENTADO, TRAÇO 1:3 (CIMENTO E AREIA), ACABAMENTO LISO, ESPESSURA 3,0 CM, PREPARO MECÂNICO DA ARGAMASSA. AF_06/2018","M2",195,{"$f":"SUMIF('Composições (SINAPI)'!D:D,E174,'Composições (SINAPI)'!K:K)","v":23.88},31.02,6048.9,null,30.5,23.88,0.217]
[null,"4.1.31","SERVIÇO","ORSE",7691,"CONCRETO SIMPLES FABRICADO NA OBRA, FCK=21 MPA, LANÇADO E ADENSADO","M3",56,{"$f":"SUMIF('Composições (ORSE)'!D:D,E175,'Composições (ORSE)'!K:K)","v":304.66000000000003},395.75,22162,null,389.14,304.69,0.21709999999999999]
[null,"4.1.32","SERVIÇO","SINAPI",92762,"ARMAÇÃO DE PILAR OU VIGA DE UMA ESTRUTURA CONVENCIONAL DE CONCRETO ARMADO EM UM EDIFÍCIO DE MÚLTIPLOS PAVIMENTOS UTILIZANDO AÇO CA-50 DE 10,0 MM - MONTAGEM. AF_12/2015","KG",4840,{"$f":"SUMIF('Composições (SINAPI)'!D:D,E176,'Composições (SINAPI)'!K:K)","v":4.79},6.22,30104.799999999999,null,6.13,4.79,0.21859999999999999]
[null,"4.1.33","SERVIÇO","SINAPI",92919,"ARMAÇÃO DE ESTRUTURAS DE CONCRETO ARMADO, EXCETO VIGAS, PILARES, LAJES E FUNDAÇÕES, UTILIZANDO AÇO CA-50 DE 10,0 MM - MONTAGEM. AF_12/2015","KG",1100,{"$f":"SUMIF('Composições (SINAPI)'!D:D,E177,'Composições (SINAPI)'!K:K)","v":5.12},{"$f":"ROUND(IF(C177 = \"SERVIÇO\", I177 * (1 + $I$11), IF(C177 = \"INSUMO\", (I177 * (1 + $K$11)))),2)","v":6.65},7315,null,6.55,5.12,{"$f":"IF(I177=0,\" \",ROUND(1-(I177/M177),4))","v":0.21829999999999999}]
[null,"4.1.34","SERVIÇO","SINAPI",94559,"JANELA DE AÇO BASCULANTE, FIXAÇÃO COM ARGAMASSA, SEM VIDROS, PADRONIZADA. AF_07/2016","M2",20,{"$f":"SUMIF('Composições (SINAPI)'!D:D,E178,'Composições (SINAPI)'!K:K)","v":352.08},457.35,9147,null,450.13,352.45,0.21779999999999999]
[null,"4.1.35","SERVIÇO","SINAPI",72117,"VIDRO LISO COMUM TRANSPARENTE, ESPESSURA 4MM","M2",20,{"$f":"SUMIF('Composições (SINAPI)'!D:D,E179,'Composições (SINAPI)'!K:K)","v":76.709999999999994},99.65,1993,null,97.97,76.709999999999994,0.217]
[null,"4.1.36","SERVIÇO","SINAPI",94990,"EXECUÇÃO DE PASSEIO (CALÇADA) OU PISO DE CONCRETO COM CONCRETO MOLDADO IN LOCO, FEITO EM OBRA, ACABAMENTO CONVENCIONAL, NÃO ARMADO. AF_07/2016","M3",19,{"$f":"SUMIF('Composições (SINAPI)'!D:D,E180,'Composições (SINAPI)'!K:K)","v":400.96},520.85,9896.15,null,512.28,401.11,0.21729999999999999]
[null,"4.1.37","SERVIÇO","SINAPI",95465,"COBOGO CERAMICO (ELEMENTO VAZADO), 9X20X20CM, ASSENTADO COM ARGAMASSA TRACO 1:4 DE CIMENTO E AREIA","M2",36,{"$f":"SUMIF('Composições (SINAPI)'!D:D,E181,'Composições (SINAPI)'!K:K)","v":86.98},112.99,4067.64,null,111.2,87.06,0.21779999999999999]
[null,"4.1.38","SERVIÇO","ORSE",8970,"TELA DE NYLON TIPO MOSQUITEIRO COM MOLDURA EM ALUMINIO ANODIZADO NATURAL","M2",36,{"$f":"SUMIF('Composições (ORSE)'!D:D,E182,'Composições (ORSE)'!K:K)","v":39.450000000000003},51.25,1845,null,50.39,39.450000000000003,0.21709999999999999]
[null,"4.1.39","SERVIÇO","SINAPI","73933/1","PORTA DE FERRO, DE ABRIR, TIPO GRADE COM CHAPA, 87X210CM, COM GUARNICOES","M2",20.079999999999998,{"$f":"SUMIF('Composições (SINAPI)'!D:D,E183,'Composições (SINAPI)'!K:K)","v":453.09},588.55999999999995,11818.28,null,578.76,453.16,0.21709999999999999]
[null,"4.1.40","SERVIÇO","SINAPI",91341,"PORTA EM ALUMÍNIO DE ABRIR TIPO VENEZIANA COM GUARNIÇÃO, FIXAÇÃO COM PARAFUSOS - FORNECIMENTO E INSTALAÇÃO. AF_08/2015","M2",10.98,{"$f":"SUMIF('Composições (SINAPI)'!D:D,E184,'Composições (SINAPI)'!K:K)","v":509.82},662.26,7271.61,null,651.15,509.85,0.217]
[null,"4.1.41","SERVIÇO","SINAPI",90830,"FECHADURA DE EMBUTIR COM CILINDRO, EXTERNA, COMPLETA, ACABAMENTO PADRÃO MÉDIO, INCLUSO EXECUÇÃO DE FURO - FORNECIMENTO E INSTALAÇÃO. AF_08/2015","UN",18,{"$f":"SUMIF('Composições (SINAPI)'!D:D,E185,'Composições (SINAPI)'!K:K)","v":64.61},83.93,1510.74,null,82.52,64.61,0.217]
[null,"4.1.42","SERVIÇO","SINAPI","73932/1","GRADE DE FERRO EM BARRA CHATA 3/16\"","M2",48.08,{"$f":"SUMIF('Composições (SINAPI)'!D:D,E186,'Composições (SINAPI)'!K:K)","v":217.34},282.32,13573.95,null,277.58,217.34,0.217]
[null,"4.1.43","SERVIÇO","SINAPI",73656,"JATEAMENTO COM AREIA EM ESTRUTURA METALICA","M2",240,{"$f":"SUMIF('Composições (SINAPI)'!D:D,E187,'Composições (SINAPI)'!K:K)","v":14.59},18.95,4548,null,18.64,14.59,0.21729999999999999]
[null,"4.1.44","SERVIÇO","ORSE",4537,"PINTURA DE PROTEÇÃO COM 01 DEMÃO DE PRIMER À BASE DE ÓXIDO DE FERRO - NORMA 1 349","M2",460,{"$f":"SUMIF('Composições (ORSE)'!D:D,E188,'Composições (ORSE)'!K:K)","v":19.39},25.19,11587.4,null,24.78,19.399999999999999,0.2175]
[null,"4.1.45","SERVIÇO","SINAPI","73794/1","PINTURA COM TINTA PROTETORA ACABAMENTO GRAFITE ESMALTE SOBRE SUPERFICIE METALICA, 2 DEMAOS","M2",100,{"$f":"SUMIF('Composições (SINAPI)'!D:D,E189,'Composições (SINAPI)'!K:K)","v":23.19},30.12,3012,null,29.66,23.22,0.21809999999999999]
[null,"4.1.46","SERVIÇO","ORSE",11512,"PINTURA DE PROTEÇÃO COM APLICAÇÃO DE 01 DEMÃO DE TINTA EPOXI CURADA COM POLIA MIDA, DE ALTA ESPESSURA, BICOMPONENTE, MACROPOXY 646 FAST CURE EPOXY, DA SHER WIN WILLIAMS - SUMARÉ OU SIMILAR, SOBRE SUPERFÍCIES METÁLICAS","M2",540,{"$f":"SUMIF('Composições (ORSE)'!D:D,E190,'Composições (ORSE)'!K:K)","v":26.39},34.28,18511.2,null,33.72,26.4,0.21740000000000001]
[null,"4.1.47","SERVIÇO","SINAPI",88489,"APLICAÇÃO MANUAL DE PINTURA COM TINTA LÁTEX ACRÍLICA EM PAREDES, DUAS DEMÃOS. AF_06/2014","M2",1410,{"$f":"SUMIF('Composições (SINAPI)'!D:D,E191,'Composições (SINAPI)'!K:K)","v":7.61},9.89,13944.9,null,9.74,7.62,0.21870000000000001]
[null,"4.1.48","SERVIÇO","SINAPI",55960,"IMUNIZACAO DE MADEIRAMENTO PARA COBERTURA UTILIZANDO CUPINICIDA INCOLOR","M2",218,{"$f":"SUMIF('Composições (SINAPI)'!D:D,E192,'Composições (SINAPI)'!K:K)","v":3.95},5.13,1118.3399999999999,null,5.05,3.95,0.21779999999999999]
[null,"4.1.49","SERVIÇO","SINAPI",94201,"TELHAMENTO COM TELHA CERÂMICA CAPA-CANAL, TIPO COLONIAL, COM ATÉ 2 ÁGUAS, INCLUSO TRANSPORTE VERTICAL. AF_06/2016","M2",218,{"$f":"SUMIF('Composições (SINAPI)'!D:D,E193,'Composições (SINAPI)'!K:K)","v":33.36},43.33,9445.94,null,42.62,33.369999999999997,0.21729999999999999]
[null,"4.1.50","SERVIÇO","SINAPI",92565,"FABRICAÇÃO E INSTALAÇÃO DE ESTRUTURA PONTALETADA DE MADEIRA NÃO APARELHADA PARA TELHADOS COM ATÉ 2 ÁGUAS E PARA TELHA CERÂMICA OU DE CONCRETO, INCLUSO TRANSPORTE VERTICAL. AF_12/2015","M2",218,{"$f":"SUMIF('Composições (SINAPI)'!D:D,E194,'Composições (SINAPI)'!K:K)","v":21.08},27.38,5968.84,null,26.93,21.08,0.2172]
[null,"4.1.51","SERVIÇO","ORSE",2055,"TANQUE EM AÇO INOX, INCLUSO TORNEIRA CROMADA E SIFÃO PVC","UN",12,{"$f":"SUMIF('Composições (ORSE)'!D:D,E195,'Composições (ORSE)'!K:K)","v":339.47},440.97,5291.64,null,433.69,339.57,0.21729999999999999]
[null,"4.1.52","SERVIÇO","SINAPI",89957,"PONTO DE CONSUMO TERMINAL DE ÁGUA FRIA (SUBRAMAL) COM TUBULAÇÃO DE PVC, DN 25 MM, INSTALADO EM RAMAL DE ÁGUA, INCLUSOS RASGO E CHUMBAMENTO EM ALVENARIA. AF_12/2014","UN",60,{"$f":"SUMIF('Composições (SINAPI)'!D:D,E196,'Composições (SINAPI)'!K:K)","v":73.010000000000005},94.84,5690.4,null,93.25,73.010000000000005,0.21709999999999999]
[null,"4.1.53","SERVIÇO","ORSE",1683,"PONTO DE ESGOTO COM TUBO DE PVC RÍGIDO SOLDÁVEL DE Ø 100 MM (VASO SANITÁRIO)","PT",6,{"$f":"SUMIF('Composições (ORSE)'!D:D,E197,'Composições (ORSE)'!K:K)","v":54.15},70.34,422.04,null,69.16,54.15,0.217]
[null,"4.1.54","SERVIÇO","ORSE",8342,"PONTO DE ESGOTO COM TUBO DE PVC RÍGIDO SOLDÁVEL DE  Ø 75 MM","UN",12,{"$f":"SUMIF('Composições (ORSE)'!D:D,E198,'Composições (ORSE)'!K:K)","v":76.290000000000006},99.1,1189.2,null,97.45,76.3,0.21709999999999999]
[null,"4.1.55","SERVIÇO","ORSE",1678,"PONTO DE ESGOTO COM TUBO DE PVC RÍGIDO SOLDÁVEL DE  Ø 50 MM (PIAS DE COZINHA, MÁQUINAS DE LAVAR, ETC...)","UN",24,{"$f":"SUMIF('Composições (ORSE)'!D:D,E199,'Composições (ORSE)'!K:K)","v":52.73},68.5,1644,null,67.36,52.74,0.2172]
[null,"4.1.56","SERVIÇO","ORSE",1679,"PONTO DE ESGOTO COM TUBO DE PVC RÍGIDO SOLDÁVEL DE  Ø 40 MM (LAVATÓRIOS, MICT ÓRIOS, RALOS SIFONADOS, ETC...)","UN",36,{"$f":"SUMIF('Composições (ORSE)'!D:D,E200,'Composições (ORSE)'!K:K)","v":34.81},45.22,1627.92,null,44.49,34.83,0.21759999999999999]
[null,"4.1.57","SERVIÇO","ORSE",6029,"LOGOTIPO DA CODEVASF EM ESTRUTURAS TÉRREAS","UN",10,{"$f":"SUMIF('Composições (ORSE)'!D:D,E201,'Composições (ORSE)'!K:K)","v":528.35},686.33,6863.3,null,675.27,528.73,0.21759999999999999]
[null,"4.1.58","SERVIÇO","ORSE",10992,"REVESTIMENTO CERÂMICO PARA PISO OU PAREDE, 46 X 46 CM, PEI 4, INCENOR, BIANCO , REF.62230 OU SIMILAR, APLICADA C/ ARGAMASSA IND. AC-II, REJUNTE ACRÍLICO, E XCETO REGULARIZAÇÃO DE BASE/EMBOÇO","M2",122.5,{"$f":"SUMIF('Composições (ORSE)'!D:D,E202,'Composições (ORSE)'!K:K)","v":28.82},37.44,4586.3999999999996,null,36.85,28.85,0.21790000000000001]
[null,"4.1.59","SERVIÇO","ORSE",1912,"REVESTIMENTO CERAMICO PARA PAREDE, 15 X 15 CM, AZULEJO BRANCO, TIPO \"A\", APLI CADO COM ARGAMASSA INDUSTRIALIZADA AC-I, REJUNTADO, EXCLUSIVE EMBOÇO","M2",260,{"$f":"SUMIF('Composições (ORSE)'!D:D,E203,'Composições (ORSE)'!K:K)","v":23.09},29.99,7797.4,null,29.51,23.1,0.21759999999999999]
[null,"4.1.60","SERVIÇO","ORSE",12019,"PRATELEIRA EM CONCRETO ARMADO, ESP= 8CM","M2",24,{"$f":"SUMIF('Composições (ORSE)'!D:D,E204,'Composições (ORSE)'!K:K)","v":139.58000000000001},181.31,4351.4399999999996,null,178.27,139.58000000000001,0.217]
[null,"4.1.61","SERVIÇO","SINAPI","73873/3","LEITO FILTRANTE - COLOCACAO DE AREIA NOS FILTROS","M3",6,{"$f":"SUMIF('Composições (SINAPI)'!D:D,E205,'Composições (SINAPI)'!K:K)","v":51.7},67.16,402.96,null,66.239999999999995,51.86,0.2195]
[null,"4.1.62","SERVIÇO","SINAPI","73873/4","LEITO FILTRANTE - COLOCACAO DE PEDREGULHOS NOS FILTROS","M3",4,{"$f":"SUMIF('Composições (SINAPI)'!D:D,E206,'Composições (SINAPI)'!K:K)","v":56.62},73.55,294.2,null,72.55,56.8,0.21959999999999999]
[null,"4.1.63","SERVIÇO","SINAPI",95425,"TRANSPORTE COM CAMINHÃO BASCULANTE DE 18 M3, EM VIA URBANA EM LEITO NATURAL (UNIDADE: M3XKM). AF_09/2016","M3XKM",12000,{"$f":"SUMIF('Composições (SINAPI)'!D:D,E207,'Composições (SINAPI)'!K:K)","v":0.97},1.26,15120,null,1.24,0.97,0.2177]
[null,"4.1.64","SERVIÇO","SINAPI",73694,"INSTALACAO DE BOMBA DOSADORA","UN",18,{"$f":"SUMIF('Composições (SINAPI)'!D:D,E208,'Composições (SINAPI)'!K:K)","v":106.04},137.75,2479.5,null,135.44,106.04,0.21709999999999999]
[null,"4.1.65","SERVIÇO","SINAPI","73824/1","INSTALACAO DE MISTURADOR VERTICAL","UN",18,{"$f":"SUMIF('Composições (SINAPI)'!D:D,E209,'Composições (SINAPI)'!K:K)","v":322.43},{"$f":"ROUND(IF(C209 = \"SERVIÇO\", I209 * (1 + $I$11), IF(C209 = \"INSUMO\", (I209 * (1 + $K$11)))),2)","v":418.84},{"$f":"ROUND(J209*H209,2)","v":7539.12},null,411.8,322.43,{"$f":"IF(I209=0,\" \",ROUND(1-(I209/M209),4))","v":0.217}]
[null,"4.1.66","SERVIÇO","SINAPI","74142/4","CERCA COM MOUROES DE CONCRETO, SECAO \"T\" PONTA INCLINADA, 10X10CM, ESPACAMENTO DE 3M, CRAVADOS 0,5M, COM 11 FIOS DE ARAME FARPADO Nº 16","M",680,{"$f":"SUMIF('Composições (SINAPI)'!D:D,E210,'Composições (SINAPI)'!K:K)","v":36.299999999999997},47.15,32062,null,46.39,36.32,0.2175]
[null,"4.1.67","SERVIÇO","ORSE",10384,"PORTÃO EM FERRO PADRÃO ESCOLA DIM:4,0 X 2,0M, C/MONTANTES (COLUNA) H=2,00M EM PERFIL \"U\" DE CHAPA UDC 75X38X2,65MM (DUPLO), BARRAS CHATAS HORIZ 1 1/2\"X3/16 \" X 3,60M, E BARRAS CHATAS VERT 1 1/2\"X3/16\" X 2,00M","UN",5,{"$f":"SUMIF('Composições (ORSE)'!D:D,E211,'Composições (ORSE)'!K:K)","v":1696.62},2203.91,11019.55,null,2167.1,1696.83,0.21709999999999999]
[null,"4.1.68","SERVIÇO","ORSE",8753,"PORTÃO EM FERRO, PADRÃO ESCOLAR, COM MONTANTES EM PERFIL \"U\" DE CHAPA UDC 75  X 38 X 2,65 MM (DUPLO), BARRAS VERTICAIS DE SEÇÃO QUADRADA DE 1/2\" E BARRAS C HATA DE 1 1/2\" X 3/16\"  (DUPLA) HORIZONTAIS, INCLUSIVE FERROLHO E DOBRADIÇAS","M2",11.34,{"$f":"SUMIF('Composições (ORSE)'!D:D,E212,'Composições (ORSE)'!K:K)","v":209.68},272.37,3088.68,null,267.85000000000002,209.72,0.2172]
[null,"4.1.69","SERVIÇO","SINAPI",94275,"ASSENTAMENTO DE GUIA (MEIO-FIO) EM TRECHO RETO, CONFECCIONADA EM CONCRETO PRÉ-FABRICADO, DIMENSÕES 100X15X13X20 CM (COMPRIMENTO X BASE INFERIOR X BASE SUPERIOR X ALTURA), PARA URBANIZAÇÃO INTERNA DE EMPREENDIMENTOS. AF_06/2016_P","M",380,{"$f":"SUMIF('Composições (SINAPI)'!D:D,E213,'Composições (SINAPI)'!K:K)","v":24.28},31.54,11985.2,null,31.05,24.31,0.218]
[null,"4.1.70","SERVIÇO","SINAPI",94274,"ASSENTAMENTO DE GUIA (MEIO-FIO) EM TRECHO CURVO, CONFECCIONADA EM CONCRETO PRÉ-FABRICADO, DIMENSÕES 100X15X13X30 CM (COMPRIMENTO X BASE INFERIOR X BASE SUPERIOR X ALTURA), PARA VIAS URBANAS (USO VIÁRIO). AF_06/2016","M",46,{"$f":"SUMIF('Composições (SINAPI)'!D:D,E214,'Composições (SINAPI)'!K:K)","v":27.6},35.85,1649.1,null,35.31,27.64,0.21840000000000001]
[null,"4.1.71","SERVIÇO","ORSE",3209,"PINTURA DE MEIO FIO (CAIAÇÃO)","M",426,{"$f":"SUMIF('Composições (ORSE)'!D:D,E215,'Composições (ORSE)'!K:K)","v":2.52},3.27,1393.02,null,3.23,2.52,0.2198]
[null,"4.1.72","SERVIÇO","ORSE",4545,"KIT DE ACESSÓRIOS PARA BANHEIRO EM ABS/ALUMÍNIO COM 5 PEÇAS (01 CABIDE, 01 SA BONETEIRA, 01 PAPELEIRA, 01 PORTA-TOALHA ROSTO E 01 PORTA-TOALHA BANHO)","UN",12,{"$f":"SUMIF('Composições (ORSE)'!D:D,E216,'Composições (ORSE)'!K:K)","v":36.700000000000003},47.67,572.04,null,46.93,36.74,0.218]
[null,"4.1.73","SERVIÇO","SINAPI",86939,"LAVATÓRIO LOUÇA BRANCA COM COLUNA, *44 X 35,5* CM, PADRÃO POPULAR, INCLUSO SIFÃO FLEXÍVEL EM PVC, VÁLVULA E ENGATE FLEXÍVEL 30CM EM PLÁSTICO E COM TORNEIRA CROMADA PADRÃO POPULAR - FORNECIMENTO E INSTALAÇÃO. AF_12/2013","UN",12,{"$f":"SUMIF('Composições (SINAPI)'!D:D,E217,'Composições (SINAPI)'!K:K)","v":214.69},278.88,3346.56,null,274.19,214.69,0.217]
[null,"4.1.74","SERVIÇO","ORSE",4708,"VASO SANITARIO C/CAIXA DE DESCARGA ACOPLADA, ELIZABETH OU SIMILAR, PADRÃO POP ULAR, INCLUSIVE ASSENTO PLASTICO AMANCO OU SIMILAR, CONJUNTO DE FIXAÇÃO, ANEL DE VEDAÇÃO E ENGATE PLÁSTICO","UN",6,{"$f":"SUMIF('Composições (ORSE)'!D:D,E218,'Composições (ORSE)'!K:K)","v":187.27},243.26,1459.56,null,239.25,187.33,0.21729999999999999]
[null,"4.1.75","SERVIÇO","ORSE",2022,"CHUVEIRO SIMPLES DE PLÁSTICO (HERC REF 1980 OU SIMILAR), C/ REGISTRO DE PRESS ÃO DE PVC","UN",6,{"$f":"SUMIF('Composições (ORSE)'!D:D,E219,'Composições (ORSE)'!K:K)","v":27.08},35.18,211.08,null,34.630000000000003,27.11,0.218]
[null,"4.1.76","SERVIÇO","SINAPI",83624,"GRELHA DE FERRO FUNDIDO PARA CANALETA LARG = 20CM, FORNECIMENTO E ASSENTAMENTO","M",36,{"$f":"SUMIF('Composições (SINAPI)'!D:D,E220,'Composições (SINAPI)'!K:K)","v":129.5},168.22,6055.92,null,165.4,129.5,0.217]
[null,"4.1.77","SERVIÇO","ORSE",1448,"CAIXA D´ÁGUA EM FIBRA DE VIDRO  - INSTALADA, SEM ESTRUTURA DE SUPORTE CAP. 1. 000 LITROS","UN",6,{"$f":"SUMIF('Composições (ORSE)'!D:D,E221,'Composições (ORSE)'!K:K)","v":392.79},510.23,3061.38,null,501.76,392.87,0.2172]
[null,"4.1.78","SERVIÇO","ORSE",9962,"LASTRO DE BRITA GRADUADA APILOADA E=10CM","M2",360,{"$f":"SUMIF('Composições (ORSE)'!D:D,E222,'Composições (ORSE)'!K:K)","v":13.68},17.77,6397.2,null,17.48,13.68,0.21740000000000001]
[null,"4.1.79","SERVIÇO","SINAPI",84132,"SOLDA DE TOPO DESCENDENTE, EM CHAPA ACO CHANFR 5/16\" ESP (P/ ASSENT TUBULACAO OU PECA DE ACO) UTILIZANDO CONVERSOR DIESEL.","M",110,{"$f":"SUMIF('Composições (SINAPI)'!D:D,E223,'Composições (SINAPI)'!K:K)","v":167.78},217.95,23974.5,null,214.29,167.78,0.217]
[null,"4.1.80","SERVIÇO","SINAPI",85120,"MANOMETRO 0 A 200 PSI (0 A 14 KGF/CM2), D = 50MM - FORNECIMENTO E COLOCACAO","UN",20,{"$f":"SUMIF('Composições (SINAPI)'!D:D,E224,'Composições (SINAPI)'!K:K)","v":87.19},113.26,2265.1999999999998,null,111.37,87.2,0.21709999999999999]
[null,"4.1.81","SERVIÇO","ORSE",2794,"CAIXA DE PASSAGEM EM ALVENARIA DE TIJOLOS MACIÇOS ESP. = 0,12M,  DIM. INT. =  0.40 X 0.40 X 0.60M, INCLUSIVE TAMPA","UN",22,{"$f":"SUMIF('Composições (ORSE)'!D:D,E225,'Composições (ORSE)'!K:K)","v":136.16},176.87,3891.14,null,174.05,136.28,0.2177]
[null,"4.1.82","SERVIÇO","ORSE",2800,"CAIXA DE PASSAGEM EM ALVENARIA DE TIJOLOS MACIÇOS ESP. = 0,17M,  DIM. INT. =  0.80 X 0.80 X 1.00M","UN",16,{"$f":"SUMIF('Composições (ORSE)'!D:D,E226,'Composições (ORSE)'!K:K)","v":705.11},915.94,14655.04,null,901.42,705.81,0.21779999999999999]
[null,"4.1.83","SERVIÇO","ORSE",6415,"TAMPA DE CONCRETO PARA CAIXAS DE PASSAGEM 0,80X0,80MX0,07M","UN",16,{"$f":"SUMIF('Composições (ORSE)'!D:D,E227,'Composições (ORSE)'!K:K)","v":45.03},58.49,935.84,null,57.52,45.03,0.21709999999999999]
[null,"4.1.84","SERVIÇO","SINAPI",83724,"ASSENTAMENTO DE PECAS, CONEXOES, APARELHOS E ACESSORIOS DE FERRO FUNDIDO DUCTIL, JUNTA ELASTICA, MECANICA OU FLANGEADA, COM DIAMETROS DE 50 A 300 MM.","KG",1600,{"$f":"SUMIF('Composições (SINAPI)'!D:D,E228,'Composições (SINAPI)'!K:K)","v":1.71},2.2200000000000002,3552,null,2.19,1.71,0.21920000000000001]
[null,"4.1.85","SERVIÇO","ORSE",6312,"ANÁLISE FÍSICO-QUÍMICA DA ÁGUA","UN",60,{"$f":"SUMIF('Composições (ORSE)'!D:D,E229,'Composições (ORSE)'!K:K)","v":400.97},520.86,31251.599999999999,null,512.1,400.97,0.217]
[null,"4.1.86","SERVIÇO","ORSE",6313,"ANÁLISE BACTERIOLÓGICA DA ÁGUA","UN",720,{"$f":"SUMIF('Composições (ORSE)'!D:D,E230,'Composições (ORSE)'!K:K)","v":24.81},32.229999999999997,23205.599999999999,null,31.69,24.81,0.21709999999999999]
[null,"4.1.87","SERVIÇO","SEINFRA","C3502","MONTAGEM DE TUBOS, CONEXÕES E EQUIPAMENTOS DE TRATAMENTO, CASA DE OPERAÇÃO","UN",4,{"$f":"SUMIF('Composições (SEINFRA)'!D:D,E231,'Composições (SEINFRA)'!K:K)","v":1242.6400000000001},1614.19,6456.76,null,1587.04,1242.6500000000001,0.217]
[null,"4.1.88","SERVIÇO","SEINFRA","C3525","MONTAGEM DE TUBOS, CONEXÕES E PÇS ESPECIAIS EM FLOCULADOR/DECANTADOR","UN",4,{"$f":"SUMIF('Composições (SEINFRA)'!D:D,E232,'Composições (SEINFRA)'!K:K)","v":1724.34},2239.92,8959.68,null,2202.23,1724.34,0.217]
[null,"4.1.89","SERVIÇO","SINAPI",98052,"TANQUE SÉPTICO CIRCULAR, EM CONCRETO PRÉ-MOLDADO, DIÂMETRO INTERNO = 1,10 M, ALTURA INTERNA = 2,50 M, VOLUME ÚTIL: 2138,2 L (PARA 5 CONTRIBUINTES). AF_05/2018","UN",5,{"$f":"SUMIF('Composições (SINAPI)'!D:D,E233,'Composições (SINAPI)'!K:K)","v":780.57},1013.96,5069.8,null,997.2,780.8,0.2172]
[null,"4.1.90","SERVIÇO","SINAPI",98094,"SUMIDOURO RETANGULAR, EM ALVENARIA COM BLOCOS DE CONCRETO, DIMENSÕES INTERNAS: 0,8 X 1,4 X 3,0 M, ÁREA DE INFILTRAÇÃO: 13,2 M² (PARA 5 CONTRIBUINTES). AF_05/2018","UN",5,{"$f":"SUMIF('Composições (SINAPI)'!D:D,E234,'Composições (SINAPI)'!K:K)","v":1422.13},1847.35,9236.75,null,1818.22,1423.66,0.21779999999999999]
[null,"4.2","INSTALAÇÕES ELÉTRICAS PARA A ETA ",{"$nulls":7},{"$f":"SUM(K236:K243)","v":68067.34}]
[null,"4.2.1","SERVIÇO","CODEVASF","ELE11","SERVIÇO PARA INSTALAÇÃO DOS MATERIAIS ELÉTRICOS DA CASA DE QUÍMICA (ALEGRE, BOA PAZ, BOM JESUS, UMBURANAS, RIACHO DA MADEIRA)","UN ",5,{"$f":"SUMIF('Composições (CODEVASF)'!D:D,E236,'Composições (CODEVASF)'!K:K)","v":2633.62},{"$f":"ROUND(IF(C236 = \"SERVIÇO\", I236 * (1 + $I$11), IF(C236 = \"INSUMO\", (I236 * (1 + $K$11)))),2)","v":3421.07},{"$f":"ROUND(J236*H236,2)","v":17105.349999999999},null,3374.4,2642.15,{"$f":"IF(I236=0,\" \",ROUND(1-(I236/M236),4))","v":0.2195}]
[null,"4.2.2","SERVIÇO","CODEVASF","ELE12","SERVIÇO PARA INSTALAÇÃO DOS MATERIAIS ELÉTRICOS DA CASA DE QUÍMICA (ILHA DA VILA)","UN ",1,{"$f":"SUMIF('Composições (CODEVASF)'!D:D,E237,'Composições (CODEVASF)'!K:K)","v":2106.89},2736.85,2736.85,null,2699.52,2113.7199999999998,0.2195]
[null,"4.2.3","SERVIÇO","CODEVASF","ELE13","SERVIÇO PARA INSTALAÇÃO DO SPDA DO RESERVATÓRIO","UN ",6,{"$f":"SUMIF('Composições (CODEVASF)'!D:D,E238,'Composições (CODEVASF)'!K:K)","v":154.05000000000001},200.11,1200.6600000000001,null,196.76,154.06,0.21709999999999999]
[null,"4.2.4","SERVIÇO","CODEVASF","ELE03","SERVIÇO PARA PROJETO EXECUTIVO DA EXTENSÃO DE REDE","KM",3.08,{"$f":"SUMIF('Composições (CODEVASF)'!D:D,E239,'Composições (CODEVASF)'!K:K)","v":2176.61},2827.42,8708.4500000000007,null,2779.84,2176.61,0.217]
[null,"4.2.5","SERVIÇO","CODEVASF","ELE04","SERVIÇO PARA CONSTRUÇÃO DA EXTENSÃO DA REDE","KM",3.08,{"$f":"SUMIF('Composições (CODEVASF)'!D:D,E240,'Composições (CODEVASF)'!K:K)","v":6054.03},7864.18,24221.67,null,7731.84,6054.03,0.217]
[null,"4.2.6","SERVIÇO","CODEVASF","ELE05","SERVIÇO PARA PROJETO EXECUTIVO DA SUBESTAÇÃO","UN ",3,{"$f":"SUMIF('Composições (CODEVASF)'!D:D,E241,'Composições (CODEVASF)'!K:K)","v":1632.46},2120.5700000000002,{"$f":"ROUND(J241*H241,2)","v":6361.71},null,2084.88,1632.46,0.217]
[null,"4.2.7","SERVIÇO","CODEVASF","ELE06","SERVIÇO PARA CONSTRUÇÃO DA SUBESTAÇÃO","UN ",3,{"$f":"SUMIF('Composições (CODEVASF)'!D:D,E242,'Composições (CODEVASF)'!K:K)","v":1455.71},1890.97,{"$f":"ROUND(J242*H242,2)","v":5672.91},null,1863.48,1459.1,0.21879999999999999]
[null,"4.2.8","SERVIÇO","ORSE",11124,"ENTRADA DE ENERGIA ELÉTRICA MONOFÁSICA DEMANDA ENTRE 6,3 E 8,8 KW","UN",2,{"$f":"SUMIF('Composições (ORSE)'!D:D,E243,'Composições (ORSE)'!K:K)","v":792.82},1029.8699999999999,2059.7399999999998,null,1015,794.74,0.21890000000000001]
[null,5,"LEITO DE SECAGEM",{"$nulls":7},{"$f":"SUM(K245:K268)","v":255298.9}]
[null,"5.1","SERVIÇO","ORSE",2497,"ESCAVAÇÃO MANUAL DE VALA OU CAVA EM MATERIAL DE 1ª CATEGORIA, PROFUNDIDADE AT É 1,50M","M3",104,{"$f":"SUMIF('Composições (ORSE)'!D:D,E245,'Composições (ORSE)'!K:K)","v":25},{"$f":"ROUND(IF(C245 = \"SERVIÇO\", I245 * (1 + $I$11), IF(C245 = \"INSUMO\", (I245 * (1 + $K$11)))),2)","v":32.479999999999997},{"$f":"ROUND(J245*H245,2)","v":3377.92},null,31.93,25,{"$f":"IF(I245=0,\" \",ROUND(1-(I245/M245),4))","v":0.217}]
[null,"5.2","SERVIÇO","SINAPI",72915,"ESCAVACAO MECANICA DE VALA EM MATERIAL DE 2A. CATEGORIA ATE 2 M DE PROFUNDIDADE COM UTILIZACAO DE ESCAVADEIRA HIDRAULICA","M3",480,{"$f":"SUMIF('Composições (SINAPI)'!D:D,E246,'Composições (SINAPI)'!K:K)","v":8.32},10.81,5188.8,null,10.63,8.32,0.21729999999999999]
[null,"5.3","SERVIÇO","SINAPI",87509,"ALVENARIA DE VEDAÇÃO DE BLOCOS CERÂMICOS FURADOS NA HORIZONTAL DE 14X9X19CM (ESPESSURA 14CM, BLOCO DEITADO) DE PAREDES COM ÁREA LÍQUIDA MAIOR OU IGUAL A 6M² SEM VÃOS E ARGAMASSA DE ASSENTAMENTO COM PREPARO EM BETONEIRA. AF_06/2014","M2",240,{"$f":"SUMIF('Composições (SINAPI)'!D:D,E247,'Composições (SINAPI)'!K:K)","v":64.58},83.89,20133.599999999999,null,82.72,64.760000000000005,0.21929999999999999]
[null,"5.4","SERVIÇO","ORSE",11673,"CANALETA DE DRENAGEM EM CONCRETO, DIMENSÕES INTERNAS 50 X 50CM, S/ TAMPA DE C ONCRETO, INCLUSIVE ESCAVAÇÃO MANUAL","M",44,{"$f":"SUMIF('Composições (ORSE)'!D:D,E248,'Composições (ORSE)'!K:K)","v":209.2},271.75,11957,null,267.24,209.24,0.2172]
[null,"5.5","SERVIÇO","SINAPI",95467,"EMBASAMENTO C/PEDRA ARGAMASSADA UTILIZANDO ARG.CIM/AREIA 1:4","M3",37.4,{"$f":"SUMIF('Composições (SINAPI)'!D:D,E249,'Composições (SINAPI)'!K:K)","v":275.33},357.65,13376.11,null,352.25,275.81,0.21840000000000001]
[null,"5.6","SERVIÇO","ORSE",7691,"CONCRETO SIMPLES FABRICADO NA OBRA, FCK=21 MPA, LANÇADO E ADENSADO","M3",28,{"$f":"SUMIF('Composições (ORSE)'!D:D,E250,'Composições (ORSE)'!K:K)","v":304.66000000000003},395.75,11081,null,389.14,304.69,0.21709999999999999]
[null,"5.7","SERVIÇO","SINAPI",92762,"ARMAÇÃO DE PILAR OU VIGA DE UMA ESTRUTURA CONVENCIONAL DE CONCRETO ARMADO EM UM EDIFÍCIO DE MÚLTIPLOS PAVIMENTOS UTILIZANDO AÇO CA-50 DE 10,0 MM - MONTAGEM. AF_12/2015","KG",2210,{"$f":"SUMIF('Composições (SINAPI)'!D:D,E251,'Composições (SINAPI)'!K:K)","v":4.79},6.22,13746.2,null,6.13,4.79,0.21859999999999999]
[null,"5.8","SERVIÇO","ORSE",3310,"CHAPISCO EM PAREDE COM ARGAMASSA TRAÇO T1 - 1:3 (CIMENTO / AREIA) - REVISADO  08/2015","M2",480,{"$f":"SUMIF('Composições (ORSE)'!D:D,E252,'Composições (ORSE)'!K:K)","v":3.35},4.3499999999999996,2088,null,4.29,3.35,0.21909999999999999]
[null,"5.9","SERVIÇO","SINAPI",87794,"EMBOÇO OU MASSA ÚNICA EM ARGAMASSA TRAÇO 1:2:8, PREPARO MANUAL, APLICADA MANUALMENTE EM PANOS CEGOS DE FACHADA (SEM PRESENÇA DE VÃOS), ESPESSURA DE 25 MM. AF_06/2014","M2",480,{"$f":"SUMIF('Composições (SINAPI)'!D:D,E253,'Composições (SINAPI)'!K:K)","v":21.47},27.89,13387.2,null,27.46,21.5,0.21809999999999999]
[null,"5.10","SERVIÇO","ORSE",6316,"LASTRO DE AREIA","M3",36,{"$f":"SUMIF('Composições (ORSE)'!D:D,E254,'Composições (ORSE)'!K:K)","v":85.57},111.16,4001.76,null,109.29,85.57,0.217]
[null,"5.11","SERVIÇO","SINAPI",88549,"FORNECIMENTO E ASSENTAMENTO DE BRITA 2-DRENOS E FILTROS   MM","M3",56,{"$f":"SUMIF('Composições (SINAPI)'!D:D,E255,'Composições (SINAPI)'!K:K)","v":56.63},73.56,4119.3599999999997,null,72.33,56.63,0.21709999999999999]
[null,"5.12","SERVIÇO","SINAPI",6514,"FORNECIMENTO E LANCAMENTO DE BRITA N. 4","M3",112,{"$f":"SUMIF('Composições (SINAPI)'!D:D,E256,'Composições (SINAPI)'!K:K)","v":71.89},93.39,10459.68,null,91.82,71.89,0.21709999999999999]
[null,"5.13","SERVIÇO","SINAPI","73881/3","EXECUCAO DE DRENO COM MANTA GEOTEXTIL 400 G/M2","M2",460,{"$f":"SUMIF('Composições (SINAPI)'!D:D,E257,'Composições (SINAPI)'!K:K)","v":8.93},11.6,5336,null,11.41,8.93,0.21740000000000001]
[null,"5.14","SERVIÇO","SINAPI",98420,"(COMPOSIÇÃO REPRESENTATIVA) POÇO DE VISITA CIRCULAR PARA ESGOTO, EM CONCRETO PRÉ-MOLDADO, DIÂMETRO INTERNO = 1,0 M, PROFUNDIDADE ATÉ 1,50 M, INCLUINDO TAMPÃO DE FERRO FUNDIDO, DIÂMETRO DE 60 CM. AF_04/2018","UN",4,{"$f":"SUMIF('Composições (SINAPI)'!D:D,E258,'Composições (SINAPI)'!K:K)","v":982.84},1276.71,5106.84,null,1255.23,982.84,0.217]
[null,"5.15","SERVIÇO","SINAPI",94990,"EXECUÇÃO DE PASSEIO (CALÇADA) OU PISO DE CONCRETO COM CONCRETO MOLDADO IN LOCO, FEITO EM OBRA, ACABAMENTO CONVENCIONAL, NÃO ARMADO. AF_07/2016","M3",12,{"$f":"SUMIF('Composições (SINAPI)'!D:D,E259,'Composições (SINAPI)'!K:K)","v":400.96},520.85,6250.2,null,512.28,401.11,0.21729999999999999]
[null,"5.16","SERVIÇO","SINAPI",92391,"EXECUÇÃO DE PAVIMENTO EM PISO INTERTRAVADO, COM BLOCO PISOGRAMA DE 35 X 25 CM, ESPESSURA 6 CM. AF_12/2015","M2",360,{"$f":"SUMIF('Composições (SINAPI)'!D:D,E260,'Composições (SINAPI)'!K:K)","v":36.04},46.82,16855.2,null,46.04,36.04,0.2172]
[null,"5.17","SERVIÇO","SINAPI",87767,"CONTRAPISO EM ARGAMASSA TRAÇO 1:4 (CIMENTO E AREIA), PREPARO MANUAL, APLICADO EM ÁREAS MOLHADAS SOBRE IMPERMEABILIZAÇÃO, ESPESSURA 4CM. AF_06/2014","M2",360,{"$f":"SUMIF('Composições (SINAPI)'!D:D,E261,'Composições (SINAPI)'!K:K)","v":31.16},40.479999999999997,14572.8,null,39.86,31.21,0.21829999999999999]
[null,"5.18","SERVIÇO","ORSE",11652,"FORMA PLANA PARA ESTRUTURAS, EM COMPENSADO PLASTIFICADO DE 10MM, 07 USOS, INC LUSIVE ESCORAMENTO - REVISADA 07.2015","M2",80,{"$f":"SUMIF('Composições (ORSE)'!D:D,E262,'Composições (ORSE)'!K:K)","v":24.72},32.11,2568.8000000000002,null,31.58,24.72,0.2172]
[null,"5.19","SERVIÇO","SINAPI",98561,"IMPERMEABILIZAÇÃO DE PAREDES COM ARGAMASSA DE CIMENTO E AREIA, COM ADITIVO IMPERMEABILIZANTE, E = 2CM. AF_06/2018","M2",520,{"$f":"SUMIF('Composições (SINAPI)'!D:D,E263,'Composições (SINAPI)'!K:K)","v":21.77},28.28,14705.6,null,27.89,21.83,0.21940000000000001]
[null,"5.20","SERVIÇO","SINAPI",84132,"SOLDA DE TOPO DESCENDENTE, EM CHAPA ACO CHANFR 5/16\" ESP (P/ ASSENT TUBULACAO OU PECA DE ACO) UTILIZANDO CONVERSOR DIESEL.","M",24,{"$f":"SUMIF('Composições (SINAPI)'!D:D,E264,'Composições (SINAPI)'!K:K)","v":167.78},217.95,5230.8,null,214.29,167.78,0.217]
[null,"5.21","SERVIÇO","ORSE",7232,"FORNECIMENTO E ASSENTAMENTO DE TUBO PEAD FLEXÍVEL CORRUGADO PERFURADO D = 8\"  (KANANET OU SIMILAR)","M",72,{"$f":"SUMIF('Composições (ORSE)'!D:D,E265,'Composições (ORSE)'!K:K)","v":110.04},142.94,10291.68,null,140.56,110.05,0.21709999999999999]
[null,"5.22","SERVIÇO","ORSE",2169,"LASTRO DE CONCRETO SIMPLES REGULARIZADO, FCK=13,5 MPA,LANÇADO E ADENSADO","M3",10,{"$f":"SUMIF('Composições (ORSE)'!D:D,E266,'Composições (ORSE)'!K:K)","v":341.43},443.52,4435.2,null,436.37,341.67,0.21759999999999999]
[null,"5.23","SERVIÇO","ORSE",11332,"MOTOBOMBA SUBMERSA, MARCA ABS OU SIMILAR, MODELO EJ 40 BVX, MOTOR 4 CV, TRIFÁ SICO","UN",10,{"$f":"SUMIF('Composições (ORSE)'!D:D,E267,'Composições (ORSE)'!K:K)","v":4369.24},5675.64,56756.4,null,5580.52,4369.54,0.21709999999999999]
[null,"5.24","SERVIÇO","ORSE",8754,"GRELHA METÁLICA EM FERRO FUNDIDO 35X35CM","UN",5,{"$f":"SUMIF('Composições (ORSE)'!D:D,E268,'Composições (ORSE)'!K:K)","v":41.99},54.55,272.75,null,53.64,42,0.2172]
[null,6,"DRENAGEM DE REAPROVEITAMETO",{"$nulls":7},{"$f":"K270+K284+K288+K292","v":647736.94999999995}]
[null,"6.1","SERVIÇOS PRELIMINARES PARA ASSENTAMENTO DE TUBOS",{"$nulls":7},{"$f":"SUM(K271:K283)","v":389738.19}]
[null,"6.1.1","SERVIÇO","SINAPI",73679,"LOCAÇÃO DE ADUTORAS, COLETORES TRONCO E INTERCEPTORES - ATÉ DN 500 MM","M",15410,{"$f":"SUMIF('Composições (SINAPI)'!D:D,E271,'Composições (SINAPI)'!K:K)","v":1.62},{"$f":"ROUND(IF(C271 = \"SERVIÇO\", I271 * (1 + $I$11), IF(C271 = \"INSUMO\", (I271 * (1 + $K$11)))),2)","v":2.1},{"$f":"ROUND(J271*H271,2)","v":32361},null,2.0699999999999998,1.62,{"$f":"IF(I271=0,\" \",ROUND(1-(I271/M271),4))","v":0.21740000000000001}]
[null,"6.1.2","SERVIÇO","SINAPI",73672,"DESMATAMENTO E LIMPEZA MECANIZADA DE TERRENO COM ARVORES ATE Ø 15CM, UTILIZANDO TRATOR DE ESTEIRAS","M2",1000,{"$f":"SUMIF('Composições (SINAPI)'!D:D,E272,'Composições (SINAPI)'!K:K)","v":0.28000000000000003},0.36,360,null,0.36,0.28000000000000003,0.22220000000000001]
[null,"6.1.3","SERVIÇO","ORSE",6098,"CADASTRO DE REDES DE ÁGUA / ADUTORAS","M",15410,{"$f":"SUMIF('Composições (ORSE)'!D:D,E273,'Composições (ORSE)'!K:K)","v":0.96},1.25,19262.5,null,1.23,0.96,0.2195]
[null,"6.1.4","SERVIÇO","ORSE",6465,"TESTE HIDROSTÁTICO EM REDE DE ÁGUA / ADUTORA","M",15410,{"$f":"SUMIF('Composições (ORSE)'!D:D,E274,'Composições (ORSE)'!K:K)","v":0.27},0.35,5393.5,null,0.35,0.27,0.2286]
[null,"6.1.5","SERVIÇO","ORSE",5144,"REMOÇÃO DE ADUTORA / REDE EM PVC DEFºFº DIAM. =  100 MM","M",260,{"$f":"SUMIF('Composições (ORSE)'!D:D,E275,'Composições (ORSE)'!K:K)","v":0.87},1.1299999999999999,293.8,null,1.1200000000000001,0.87,0.22320000000000001]
[null,"6.1.6","SERVIÇO","ORSE",2497,"ESCAVAÇÃO MANUAL DE VALA OU CAVA EM MATERIAL DE 1ª CATEGORIA, PROFUNDIDADE AT É 1,50M","M3",50,{"$f":"SUMIF('Composições (ORSE)'!D:D,E276,'Composições (ORSE)'!K:K)","v":25},32.479999999999997,1624,null,31.93,25,0.217]
[null,"6.1.7","SERVIÇO","ORSE",2503,"ESCAVAÇÃO COM RETRO-ESCAVADEIRA DE PNEUS, DE VALAS, EM MATERIAL DE 1ª CATEGOR IA ATÉ 1,50M DE PROFUNDIDADE","M3",3883.14,{"$f":"SUMIF('Composições (ORSE)'!D:D,E277,'Composições (ORSE)'!K:K)","v":5.7},7.4,28735.24,null,7.28,5.7,0.217]
[null,"6.1.8","SERVIÇO","SINAPI",72915,"ESCAVACAO MECANICA DE VALA EM MATERIAL DE 2A. CATEGORIA ATE 2 M DE PROFUNDIDADE COM UTILIZACAO DE ESCAVADEIRA HIDRAULICA","M3",2447.84,{"$f":"SUMIF('Composições (SINAPI)'!D:D,E278,'Composições (SINAPI)'!K:K)","v":8.32},10.81,26461.15,null,10.63,8.32,0.21729999999999999]
[null,"6.1.9","SERVIÇO","ORSE",7084,"ESCAVAÇÃO DE VALA A FRIO, EM MATERIAL DE 3ª CATEGORIA, COM PERFURATRIZ MANUAL E COMPRESSOR","M3",597.14,{"$f":"SUMIF('Composições (ORSE)'!D:D,E279,'Composições (ORSE)'!K:K)","v":161.41999999999999},209.68,125208.32000000001,null,206.16,161.41999999999999,0.217]
[null,"6.1.10","SERVIÇO","ORSE",4502,"ESCAVAÇÃO MANUAL DE VALA OU CAVA EM MATERIAL DE 3ª CATEGORIA, PROFUNDIDADE AT É 2,00 M, COM USO DE EXPLOSIVOS E PERFURAÇÃO MECÂNICA","M3",418.68,{"$f":"SUMIF('Composições (ORSE)'!D:D,E280,'Composições (ORSE)'!K:K)","v":157.33000000000001},204.37,85565.63,null,200.94,157.33000000000001,0.217]
[null,"6.1.11","SERVIÇO","ORSE",5103,"REGULARIZAÇÃO MANUAL","M2",9246,{"$f":"SUMIF('Composições (ORSE)'!D:D,E281,'Composições (ORSE)'!K:K)","v":2.48},3.22,29772.12,null,3.18,2.48,0.22009999999999999]
[null,"6.1.12","SERVIÇO","SINAPI",72895,"CARGA, MANOBRAS E DESCARGA DE MATERIAIS DIVERSOS, COM CAMINHAO BASCULANTE 6M3 (CARGA E DESCARGA MANUAIS)","M3",1505.39,{"$f":"SUMIF('Composições (SINAPI)'!D:D,E282,'Composições (SINAPI)'!K:K)","v":16.77},21.78,32787.39,null,21.42,16.77,0.21709999999999999]
[null,"6.1.13","SERVIÇO","SINAPI",83344,"ESPALHAMENTO DE MATERIAL EM BOTA FORA, COM UTILIZACAO DE TRATOR DE ESTEIRAS DE 165 HP","M3",2126.15,{"$f":"SUMIF('Composições (SINAPI)'!D:D,E283,'Composições (SINAPI)'!K:K)","v":0.69},0.9,1913.54,null,0.89,0.69,0.22470000000000001]
[null,"6.2","ASSENTAMENTO DE TUBOS E CONEXÕES ",{"$nulls":7},{"$f":"SUM(K285:K287)","v":24815.599999999999}]
[null,"6.2.1","SERVIÇO","SINAPI",97126,"ASSENTAMENTO DE TUBO DE PVC PBA PARA REDE DE ÁGUA, DN 100 MM, JUNTA ELÁSTICA INTEGRADA, INSTALADO EM LOCAL COM NÍVEL BAIXO DE INTERFERÊNCIAS (NÃO INCLUI FORNECIMENTO). AF_11/2017","M",15410,{"$f":"SUMIF('Composições (SINAPI)'!D:D,E285,'Composições (SINAPI)'!K:K)","v":1.0900000000000001},{"$f":"ROUND(IF(C285 = \"SERVIÇO\", I285 * (1 + $I$11), IF(C285 = \"INSUMO\", (I285 * (1 + $K$11)))),2)","v":1.42},{"$f":"ROUND(J285*H285,2)","v":21882.2},null,1.4,1.0900000000000001,{"$f":"IF(I285=0,\" \",ROUND(1-(I285/M285),4))","v":0.22140000000000001}]
[null,"6.2.2","SERVIÇO","ORSE",5275,"ASSENTAMENTO DE CONEXÕES DE PVC DEFOFO, JUNTA ELÁSTICA, DIAM.=  100 MM","UN",60,{"$f":"SUMIF('Composições (ORSE)'!D:D,E286,'Composições (ORSE)'!K:K)","v":2.0299999999999998},{"$f":"ROUND(IF(C286 = \"SERVIÇO\", I286 * (1 + $I$11), IF(C286 = \"INSUMO\", (I286 * (1 + $K$11)))),2)","v":2.64},{"$f":"ROUND(J286*H286,2)","v":158.4},null,2.6,2.0299999999999998,{"$f":"IF(I286=0,\" \",ROUND(1-(I286/M286),4))","v":0.21920000000000001}]
[null,"6.2.3","SERVIÇO","SINAPI",83724,"ASSENTAMENTO DE PECAS, CONEXOES, APARELHOS E ACESSORIOS DE FERRO FUNDIDO DUCTIL, JUNTA ELASTICA, MECANICA OU FLANGEADA, COM DIAMETROS DE 50 A 300 MM.","KG",1250,{"$f":"SUMIF('Composições (SINAPI)'!D:D,E287,'Composições (SINAPI)'!K:K)","v":1.71},{"$f":"ROUND(IF(C287 = \"SERVIÇO\", I287 * (1 + $I$11), IF(C287 = \"INSUMO\", (I287 * (1 + $K$11)))),2)","v":2.2200000000000002},{"$f":"ROUND(J287*H287,2)","v":2775},null,2.19,1.71,{"$f":"IF(I287=0,\" \",ROUND(1-(I287/M287),4))","v":0.21920000000000001}]
[null,"6.3","PREENCHIMENTO DE VALA",{"$nulls":7},{"$f":"SUM(K289:K291)","v":207545.9}]
[null,"6.3.1","SERVIÇO","SINAPI",94102,"LASTRO DE VALA COM PREPARO DE FUNDO, LARGURA MENOR QUE 1,5 M, COM CAMADA DE AREIA, LANÇAMENTO MANUAL, EM LOCAL COM NÍVEL BAIXO DE INTERFERÊNCIA. AF_06/2016","M3",170,{"$f":"SUMIF('Composições (SINAPI)'!D:D,E289,'Composições (SINAPI)'!K:K)","v":108.68},{"$f":"ROUND(IF(C289 = \"SERVIÇO\", I289 * (1 + $I$11), IF(C289 = \"INSUMO\", (I289 * (1 + $K$11)))),2)","v":141.18},{"$f":"ROUND(J289*H289,2)","v":24000.6},null,139.02000000000001,108.85,{"$f":"IF(I289=0,\" \",ROUND(1-(I289/M289),4))","v":0.21820000000000001}]
[null,"6.3.2","SERVIÇO","SINAPI",93379,"REATERRO MECANIZADO DE VALA COM RETROESCAVADEIRA (CAPACIDADE DA CAÇAMBA DA RETRO: 0,26 M³ / POTÊNCIA: 88 HP), LARGURA DE 0,8 A 1,5 M, PROFUNDIDADE ATÉ 1,5 M, COM SOLO (SEM SUBSTITUIÇÃO) DE 1ª CATEGORIA EM LOCAIS COM BAIXO NÍVEL DE INTERFERÊNCIA. AF_04/2016","M3",4807.92,{"$f":"SUMIF('Composições (SINAPI)'!D:D,E290,'Composições (SINAPI)'!K:K)","v":13.09},{"$f":"ROUND(IF(C290 = \"SERVIÇO\", I290 * (1 + $I$11), IF(C290 = \"INSUMO\", (I290 * (1 + $K$11)))),2)","v":17},{"$f":"ROUND(J290*H290,2)","v":81734.64},null,16.72,13.09,{"$f":"IF(I290=0,\" \",ROUND(1-(I290/M290),4))","v":0.21709999999999999}]
[null,"6.3.3","SERVIÇO","SINAPI",94315,"ATERRO MECANIZADO DE VALA COM RETROESCAVADEIRA (CAPACIDADE DA CAÇAMBA DA RETRO: 0,26 M³ / POTÊNCIA: 88 HP), LARGURA ATÉ 0,8 M, PROFUNDIDADE ATÉ 1,5 M, COM SOLO ARGILO-ARENOSO. AF_05/2016","M3",2418.88,{"$f":"SUMIF('Composições (SINAPI)'!D:D,E291,'Composições (SINAPI)'!K:K)","v":32.4},{"$f":"ROUND(IF(C291 = \"SERVIÇO\", I291 * (1 + $I$11), IF(C291 = \"INSUMO\", (I291 * (1 + $K$11)))),2)","v":42.09},{"$f":"ROUND(J291*H291,2)","v":101810.66},null,41.39,32.4,{"$f":"IF(I291=0,\" \",ROUND(1-(I291/M291),4))","v":0.2172}]
[null,"6.4","CAIXAS DE PASSAGEM/BLOCOS DE ANCORAGEM/PV",{"$nulls":7},{"$f":"SUM(K293:K300)","v":25637.26}]
[null,"6.4.1","SERVIÇO","ORSE",5962,"CAIXA PARA VENTOSA PARA DIÂMETRO DE  50 A 150MM (MV-04-326)","UN",13,{"$f":"SUMIF('Composições (ORSE)'!D:D,E293,'Composições (ORSE)'!K:K)","v":581.69000000000005},{"$f":"ROUND(IF(C293 = \"SERVIÇO\", I293 * (1 + $I$11), IF(C293 = \"INSUMO\", (I293 * (1 + $K$11)))),2)","v":755.62},{"$f":"ROUND(J293*H293,2)","v":9823.06},null,743.39,582.07000000000005,{"$f":"IF(I293=0,\" \",ROUND(1-(I293/M293),4))","v":0.2175}]
[null,"6.4.2","SERVIÇO","ORSE",2800,"CAIXA DE PASSAGEM EM ALVENARIA DE TIJOLOS MACIÇOS ESP. = 0,17M,  DIM. INT. =  0.80 X 0.80 X 1.00M","UN",2,{"$f":"SUMIF('Composições (ORSE)'!D:D,E294,'Composições (ORSE)'!K:K)","v":705.11},915.94,1831.88,null,901.42,705.81,0.21779999999999999]
[null,"6.4.3","SERVIÇO","ORSE",6415,"TAMPA DE CONCRETO PARA CAIXAS DE PASSAGEM 0,80X0,80MX0,07M","UN",2,{"$f":"SUMIF('Composições (ORSE)'!D:D,E295,'Composições (ORSE)'!K:K)","v":45.03},58.49,116.98,null,57.52,45.03,0.21709999999999999]
[null,"6.4.4","SERVIÇO","ORSE",2169,"LASTRO DE CONCRETO SIMPLES REGULARIZADO, FCK=13,5 MPA,LANÇADO E ADENSADO","M3",8,{"$f":"SUMIF('Composições (ORSE)'!D:D,E296,'Composições (ORSE)'!K:K)","v":341.43},443.52,3548.16,null,436.37,341.67,0.21759999999999999]
[null,"6.4.5","SERVIÇO","ORSE",11651,"FORMA PLANA PARA ESTRUTURAS, EM COMPENSADO PLASTIFICADO DE 10MM, 04 USOS, INC LUSIVE ESCORAMENTO - REVISADA 07.2015","M2",30,{"$f":"SUMIF('Composições (ORSE)'!D:D,E297,'Composições (ORSE)'!K:K)","v":34.049999999999997},44.23,1326.9,null,43.49,34.049999999999997,0.21709999999999999]
[null,"6.4.6","SERVIÇO","ORSE",7691,"CONCRETO SIMPLES FABRICADO NA OBRA, FCK=21 MPA, LANÇADO E ADENSADO","M3",8,{"$f":"SUMIF('Composições (ORSE)'!D:D,E298,'Composições (ORSE)'!K:K)","v":304.66000000000003},395.75,3166,null,389.14,304.69,0.21709999999999999]
[null,"6.4.7","SERVIÇO","SEINFRA","C4151","ARMADURA DE AÇO CA 50/60","KG",420,{"$f":"SUMIF('Composições (SEINFRA)'!D:D,E299,'Composições (SEINFRA)'!K:K)","v":5.64},7.33,3078.6,null,7.21,5.64,0.21779999999999999]
[null,"6.4.8","SERVIÇO","SINAPI",73361,"CONCRETO CICLOPICO FCK=10MPA 30% PEDRA DE MAO INCLUSIVE LANCAMENTO","M3",8,{"$f":"SUMIF('Composições (SINAPI)'!D:D,E300,'Composições (SINAPI)'!K:K)","v":264.20999999999998},343.21,2745.68,null,337.49,264.25,0.21709999999999999]
[null,7,"RESERVATÓRIO ELEVADO EM CONCRETO ARMADO - 50 M³",{"$nulls":7},{"$f":"SUM(K302:K337)","v":201976.46}]
[null,"7.1","SERVIÇO","SINAPI","73948/16","LIMPEZA MANUAL DO TERRENO (C/ RASPAGEM SUPERFICIAL)","M2",40,{"$f":"SUMIF('Composições (SINAPI)'!D:D,E302,'Composições (SINAPI)'!K:K)","v":2.77},{"$f":"ROUND(IF(C302 = \"SERVIÇO\", I302 * (1 + $I$11), IF(C302 = \"INSUMO\", (I302 * (1 + $K$11)))),2)","v":3.6},{"$f":"ROUND(J302*H302,2)","v":144},null,3.54,2.77,{"$f":"IF(I302=0,\" \",ROUND(1-(I302/M302),4))","v":0.2175}]
[null,"7.2","SERVIÇO","SINAPI",73679,"LOCAÇÃO DE ADUTORAS, COLETORES TRONCO E INTERCEPTORES - ATÉ DN 500 MM","M",208,{"$f":"SUMIF('Composições (SINAPI)'!D:D,E303,'Composições (SINAPI)'!K:K)","v":1.62},2.1,436.8,null,2.0699999999999998,1.62,0.21740000000000001]
[null,"7.3","SERVIÇO","ORSE",13,"DEMOLIÇÃO DE CONCRETO MANUALMENTE","M3",6,{"$f":"SUMIF('Composições (ORSE)'!D:D,E304,'Composições (ORSE)'!K:K)","v":122.68},159.36000000000001,956.16,null,156.82,122.79,0.2177]
[null,"7.4","SERVIÇO","ORSE",9182,"DEMOLIÇÃO DE CONCRETO COM MARTELETE E COMPRESSOR","M3",6,{"$f":"SUMIF('Composições (ORSE)'!D:D,E305,'Composições (ORSE)'!K:K)","v":257.37},334.32,2005.92,null,328.71,257.37,0.217]
[null,"7.5","SERVIÇO","ORSE",2497,"ESCAVAÇÃO MANUAL DE VALA OU CAVA EM MATERIAL DE 1ª CATEGORIA, PROFUNDIDADE AT É 1,50M","M3",24,{"$f":"SUMIF('Composições (ORSE)'!D:D,E306,'Composições (ORSE)'!K:K)","v":25},32.479999999999997,779.52,null,31.93,25,0.217]
[null,"7.6","SERVIÇO","ORSE",2503,"ESCAVAÇÃO COM RETRO-ESCAVADEIRA DE PNEUS, DE VALAS, EM MATERIAL DE 1ª CATEGOR IA ATÉ 1,50M DE PROFUNDIDADE","M3",75.84,{"$f":"SUMIF('Composições (ORSE)'!D:D,E307,'Composições (ORSE)'!K:K)","v":5.7},7.4,561.22,null,7.28,5.7,0.217]
[null,"7.7","SERVIÇO","ORSE",5103,"REGULARIZAÇÃO MANUAL","M2",124.8,{"$f":"SUMIF('Composições (ORSE)'!D:D,E308,'Composições (ORSE)'!K:K)","v":2.48},3.22,401.86,null,3.18,2.48,0.22009999999999999]
[null,"7.8","SERVIÇO","SINAPI",93374,"REATERRO MECANIZADO DE VALA COM RETROESCAVADEIRA (CAPACIDADE DA CAÇAMBA DA RETRO: 0,26 M³ / POTÊNCIA: 88 HP), LARGURA ATÉ 0,8 M, PROFUNDIDADE ATÉ 1,5 M, COM SOLO (SEM SUBSTITUIÇÃO) DE 1ª CATEGORIA EM LOCAIS COM ALTO NÍVEL DE INTERFERÊNCIA. AF_04/2016","M3",99.84,{"$f":"SUMIF('Composições (SINAPI)'!D:D,E309,'Composições (SINAPI)'!K:K)","v":18.09},23.5,2346.2399999999998,null,23.11,18.09,0.2172]
[null,"7.9","SERVIÇO","ORSE",11652,"FORMA PLANA PARA ESTRUTURAS, EM COMPENSADO PLASTIFICADO DE 10MM, 07 USOS, INC LUSIVE ESCORAMENTO - REVISADA 07.2015","M2",20,{"$f":"SUMIF('Composições (ORSE)'!D:D,E310,'Composições (ORSE)'!K:K)","v":24.72},32.11,642.20000000000005,null,31.58,24.72,0.2172]
[null,"7.10","SERVIÇO","SINAPI",73361,"CONCRETO CICLOPICO FCK=10MPA 30% PEDRA DE MAO INCLUSIVE LANCAMENTO","M3",6,{"$f":"SUMIF('Composições (SINAPI)'!D:D,E311,'Composições (SINAPI)'!K:K)","v":264.20999999999998},343.21,2059.2600000000002,null,337.49,264.25,0.21709999999999999]
[null,"7.11","SERVIÇO","SINAPI",97065,"MONTAGEM E DESMONTAGEM DE ANDAIME MULTIDIRECIONAL (EXCLUSIVE ANDAIME E LIMPEZA). AF_11/2017","M3",2600,{"$f":"SUMIF('Composições (SINAPI)'!D:D,E312,'Composições (SINAPI)'!K:K)","v":5.4},7.01,18226,null,6.9,5.4,0.21740000000000001]
[null,"7.12","SERVIÇO","ORSE",131,"CONCRETO SIMPLES FCK= 35 MPA (B0) C/ADITIVO, FABRICADO NA OBRA, SEM LANÇAMENT O E ADENSAMENTO","M3",6,{"$f":"SUMIF('Composições (ORSE)'!D:D,E313,'Composições (ORSE)'!K:K)","v":386.58},502.17,3013.02,null,493.77,386.62,0.21709999999999999]
[null,"7.13","SERVIÇO","ORSE",7691,"CONCRETO SIMPLES FABRICADO NA OBRA, FCK=21 MPA, LANÇADO E ADENSADO","M3",6,{"$f":"SUMIF('Composições (ORSE)'!D:D,E314,'Composições (ORSE)'!K:K)","v":304.66000000000003},395.75,2374.5,null,389.14,304.69,0.21709999999999999]
[null,"7.14","SERVIÇO","ORSE",11266,"ARMACAO ACO CA-50 DIAM.16,0 (5/8) À 25,0MM (1) - FORNECIMENTO/ CORTE(PERDA DE 10%) / DOBRA / COLOCAÇÃO.","KG",960,{"$f":"SUMIF('Composições (ORSE)'!D:D,E315,'Composições (ORSE)'!K:K)","v":4.83},6.27,6019.2,null,6.17,4.83,0.2172]
[null,"7.15","SERVIÇO","SINAPI",95467,"EMBASAMENTO C/PEDRA ARGAMASSADA UTILIZANDO ARG.CIM/AREIA 1:4","M3",4,{"$f":"SUMIF('Composições (SINAPI)'!D:D,E316,'Composições (SINAPI)'!K:K)","v":275.33},357.65,1430.6,null,352.25,275.81,0.21840000000000001]
[null,"7.16","SERVIÇO","SINAPI",94990,"EXECUÇÃO DE PASSEIO (CALÇADA) OU PISO DE CONCRETO COM CONCRETO MOLDADO IN LOCO, FEITO EM OBRA, ACABAMENTO CONVENCIONAL, NÃO ARMADO. AF_07/2016","M3",4,{"$f":"SUMIF('Composições (SINAPI)'!D:D,E317,'Composições (SINAPI)'!K:K)","v":400.96},520.85,2083.4,null,512.28,401.11,0.21729999999999999]
[null,"7.17","SERVIÇO","ORSE",6028,"LOGOTIPO DA CODEVASF EM ESTRUTURAS ELEVADAS","UN",4,{"$f":"SUMIF('Composições (ORSE)'!D:D,E318,'Composições (ORSE)'!K:K)","v":768.42},998.18,3992.72,null,981.55,768.55,0.21709999999999999]
[null,"7.18","SERVIÇO","ORSE",9713,"ESCADA MARINHEIRO COM GUARDA CORPO, L=45CM, EXECUTADA EM BARRAS CHATA GALVANI ZADA 1 1/4\" X 5/16\", E GUARDA CORPO D=65CM EM BARRA CHATA GALV.D=1\"X1/8\", SEN DO DEGRAUS EM BARRA RED. D=5/8\", ESPAÇADOS DE 30CM, INCLUSIVE LIXAMENTO E PIN TURA, FORNEC E INST","M",72,{"$f":"SUMIF('Composições (ORSE)'!D:D,E319,'Composições (ORSE)'!K:K)","v":738.39},959.17,69060.240000000005,null,943.12,738.46,0.21709999999999999]
[null,"7.19","SERVIÇO","SINAPI","74194/1","ESCADA TIPO MARINHEIRO EM TUBO ACO GALVANIZADO 1 1/2\" 5 DEGRAUS","M",16,{"$f":"SUMIF('Composições (SINAPI)'!D:D,E320,'Composições (SINAPI)'!K:K)","v":177.18},230.16,{"$f":"ROUND(J320*H320,2)","v":3682.56},null,226.29,177.18,0.217]
[null,"7.20","SERVIÇO","ORSE",5004,"IMPERMEABILIZAÇÃO SEMI-FLEXÍVEL COM SIKA TOP 107 BI-COMPONENTE, COR CINZA, 03 DEMÃOS CRUZADAS APLICADO À TRINCHA PARA APLICAÇÃO EM PAREDES ENTERRADAS, SUBS OLOS, CAIXAS D'AGUA, ÁREAS FRIAS E EM CONTATO COM ESGOTO","M2",340,{"$f":"SUMIF('Composições (ORSE)'!D:D,E321,'Composições (ORSE)'!K:K)","v":58.33},75.77,25761.8,null,74.510000000000005,58.34,0.2172]
[null,"7.21","SERVIÇO","SINAPI",83724,"ASSENTAMENTO DE PECAS, CONEXOES, APARELHOS E ACESSORIOS DE FERRO FUNDIDO DUCTIL, JUNTA ELASTICA, MECANICA OU FLANGEADA, COM DIAMETROS DE 50 A 300 MM.","KG",600,{"$f":"SUMIF('Composições (SINAPI)'!D:D,E322,'Composições (SINAPI)'!K:K)","v":1.71},2.2200000000000002,1332,null,2.19,1.71,0.21920000000000001]
[null,"7.22","SERVIÇO","SINAPI",97125,"ASSENTAMENTO DE TUBO DE PVC PBA PARA REDE DE ÁGUA, DN 75 MM, JUNTA ELÁSTICA INTEGRADA, INSTALADO EM LOCAL COM NÍVEL BAIXO DE INTERFERÊNCIAS (NÃO INCLUI FORNECIMENTO). AF_11/2017","M",144,{"$f":"SUMIF('Composições (SINAPI)'!D:D,E323,'Composições (SINAPI)'!K:K)","v":0.86},1.1200000000000001,161.28,null,1.1100000000000001,0.86,0.22520000000000001]
[null,"7.23","SERVIÇO","SINAPI",97134,"ASSENTAMENTO DE TUBO DE PVC DEFOFO OU PRFV OU RPVC PARA REDE DE ÁGUA, DN 150 MM, JUNTA ELÁSTICA INTEGRADA, INSTALADO EM LOCAL COM NÍVEL BAIXO DE INTERFERÊNCIAS (NÃO INCLUI FORNECIMENTO). AF_11/2017","M",64,{"$f":"SUMIF('Composições (SINAPI)'!D:D,E324,'Composições (SINAPI)'!K:K)","v":1.57},2.04,130.56,null,2.0099999999999998,1.57,0.21890000000000001]
[null,"7.24","SERVIÇO","ORSE",2658,"LASTRO DE BRITA 3","M3",12,{"$f":"SUMIF('Composições (ORSE)'!D:D,E325,'Composições (ORSE)'!K:K)","v":81.03},105.26,1263.1199999999999,null,103.49,81.03,0.217]
[null,"7.25","SERVIÇO","ORSE",2804,"CAIXA DE PASSAGEM EM ALVENARIA DE TIJOLOS MACIÇOS ESP. = 0,17M,  DIM. INT. =  1.00 X 1.00 X 1,00M","UN",4,{"$f":"SUMIF('Composições (ORSE)'!D:D,E326,'Composições (ORSE)'!K:K)","v":899.65},1168.6500000000001,4674.6000000000004,null,1150.03,900.47,0.2177]
[null,"7.26","SERVIÇO","SINAPI","73843/1","MURO DE ARRIMO DE CONCRETO CICLOPICO COM 30% DE PEDRA DE MAO","M3",6,{"$f":"SUMIF('Composições (SINAPI)'!D:D,E327,'Composições (SINAPI)'!K:K)","v":237.18},308.10000000000002,1848.6,null,303.12,237.34,0.2175]
[null,"7.27","SERVIÇO","ORSE",10308,"LIMPEZA DE RESERVATÓRIO","M3",200,{"$f":"SUMIF('Composições (ORSE)'!D:D,E328,'Composições (ORSE)'!K:K)","v":9.7799999999999994},12.7,2540,null,12.5,9.7799999999999994,0.21759999999999999]
[null,"7.28","SERVIÇO","SINAPI",88489,"APLICAÇÃO MANUAL DE PINTURA COM TINTA LÁTEX ACRÍLICA EM PAREDES, DUAS DEMÃOS. AF_06/2014","M2",1200,{"$f":"SUMIF('Composições (SINAPI)'!D:D,E329,'Composições (SINAPI)'!K:K)","v":7.61},9.89,11868,null,9.74,7.62,0.21870000000000001]
[null,"7.29","SERVIÇO","SINAPI",88488,"APLICAÇÃO MANUAL DE PINTURA COM TINTA LÁTEX ACRÍLICA EM TETO, DUAS DEMÃOS. AF_06/2014","M2",160,{"$f":"SUMIF('Composições (SINAPI)'!D:D,E330,'Composições (SINAPI)'!K:K)","v":8.61},11.18,1788.8,null,11.01,8.6199999999999992,0.218]
[null,"7.30","SERVIÇO","ORSE",818,"BÓIA ELÉTRICA PARA RESERVATÓRIO SUPERIOR, MARCA AQUAMATIC OU SIMILAR, CAPACID ADE 30 A - FORNECIMENTO E INSTALAÇÃO","UN",4,{"$f":"SUMIF('Composições (ORSE)'!D:D,E331,'Composições (ORSE)'!K:K)","v":162.75},211.41,845.64,null,208.32,163.11000000000001,0.21879999999999999]
[null,"7.31","SERVIÇO","SINAPI",84132,"SOLDA DE TOPO DESCENDENTE, EM CHAPA ACO CHANFR 5/16\" ESP (P/ ASSENT TUBULACAO OU PECA DE ACO) UTILIZANDO CONVERSOR DIESEL.","M",60,{"$f":"SUMIF('Composições (SINAPI)'!D:D,E332,'Composições (SINAPI)'!K:K)","v":167.78},217.95,13077,null,214.29,167.78,0.217]
[null,"7.32","SERVIÇO","ORSE",4117,"TAMPA DE INSPEÇÃO EM CHAPA METÁLICA DE 3/8\", INCLUSIVE TRATAMENTO E PINTURA E M ESMALTE OU ÓLEO","M2",4,{"$f":"SUMIF('Composições (ORSE)'!D:D,E333,'Composições (ORSE)'!K:K)","v":365.19},474.38,1897.52,null,466.42,365.2,0.217]
[null,"7.33","SERVIÇO","ORSE",8970,"TELA DE NYLON TIPO MOSQUITEIRO COM MOLDURA EM ALUMINIO ANODIZADO NATURAL","M2",20,{"$f":"SUMIF('Composições (ORSE)'!D:D,E334,'Composições (ORSE)'!K:K)","v":39.450000000000003},51.25,1025,null,50.39,39.450000000000003,0.21709999999999999]
[null,"7.34","SERVIÇO","SEINFRA","C3493","MONTAGEM DE TUBOS, CONEXÕES E PÇS, RESERVATÓRIO ELEVADO CAP DE 50,01 À 100 M3","UN",4,{"$f":"SUMIF('Composições (SEINFRA)'!D:D,E335,'Composições (SEINFRA)'!K:K)","v":1762.28},2289.1999999999998,9156.7999999999993,null,2250.69,1762.29,0.217]
[null,"7.35","SERVIÇO","SEINFRA","C4207","INSTALAÇÃO DE MACROMEDIDOR TIPO WALTMANN PARA DIÂMETROS ATÉ 300mm","UN",4,{"$f":"SUMIF('Composições (SEINFRA)'!D:D,E336,'Composições (SEINFRA)'!K:K)","v":478.85},622.03,2488.12,null,611.55999999999995,478.85,0.217]
[null,"7.36","SERVIÇO","ORSE",5965,"CAIXA PRÉ MOLDADA EM CONCRETO PARA PROTEÇÃO DE MACRO MEDIDORES, DIM. INT. = 0 ,70 X 1,00 X 0,50","UN",4,{"$f":"SUMIF('Composições (ORSE)'!D:D,E337,'Composições (ORSE)'!K:K)","v":366.09},475.55,1902.2,null,467.56,366.09,0.217]
[null,8,"RESERVATÓRIO ELEVADO DE AÇO - 20  E 40 M³",{"$nulls":7},{"$f":"SUM(K339:K370)","v":33904.46}]
[null,"8.1","SERVIÇO","SINAPI","73948/16","LIMPEZA MANUAL DO TERRENO (C/ RASPAGEM SUPERFICIAL)","M2",10,{"$f":"SUMIF('Composições (SINAPI)'!D:D,E339,'Composições (SINAPI)'!K:K)","v":2.77},{"$f":"ROUND(IF(C339 = \"SERVIÇO\", I339 * (1 + $I$11), IF(C339 = \"INSUMO\", (I339 * (1 + $K$11)))),2)","v":3.6},{"$f":"ROUND(J339*H339,2)","v":36},null,3.54,2.77,{"$f":"IF(I339=0,\" \",ROUND(1-(I339/M339),4))","v":0.2175}]
[null,"8.2","SERVIÇO","SINAPI","73992/1","LOCACAO CONVENCIONAL DE OBRA, ATRAVÉS DE GABARITO DE TABUAS CORRIDAS PONTALETADAS A CADA 1,50M, SEM REAPROVEITAMENTO","M2",10,{"$f":"SUMIF('Composições (SINAPI)'!D:D,E340,'Composições (SINAPI)'!K:K)","v":6.49},8.43,84.3,null,8.3000000000000007,6.49,0.21809999999999999]
[null,"8.3","SERVIÇO","ORSE",2497,"ESCAVAÇÃO MANUAL DE VALA OU CAVA EM MATERIAL DE 1ª CATEGORIA, PROFUNDIDADE AT É 1,50M","M3",20,{"$f":"SUMIF('Composições (ORSE)'!D:D,E341,'Composições (ORSE)'!K:K)","v":25},32.479999999999997,649.6,null,31.93,25,0.217]
[null,"8.4","SERVIÇO","SINAPI",96521,"ESCAVAÇÃO MECANIZADA PARA BLOCO DE COROAMENTO OU SAPATA, COM PREVISÃO DE FÔRMA, COM RETROESCAVADEIRA. AF_06/2017","M3",20,{"$f":"SUMIF('Composições (SINAPI)'!D:D,E342,'Composições (SINAPI)'!K:K)","v":26.46},34.369999999999997,687.4,null,33.83,26.48,0.21790000000000001]
[null,"8.5","SERVIÇO","SINAPI",96995,"REATERRO MANUAL APILOADO COM SOQUETE. AF_10/2017","M3",20,{"$f":"SUMIF('Composições (SINAPI)'!D:D,E343,'Composições (SINAPI)'!K:K)","v":26.64},34.61,692.2,null,34.03,26.64,0.2172]
[null,"8.6","SERVIÇO","ORSE",2503,"ESCAVAÇÃO COM RETRO-ESCAVADEIRA DE PNEUS, DE VALAS, EM MATERIAL DE 1ª CATEGOR IA ATÉ 1,50M DE PROFUNDIDADE","M3",10,{"$f":"SUMIF('Composições (ORSE)'!D:D,E344,'Composições (ORSE)'!K:K)","v":5.7},7.4,74,null,7.28,5.7,0.217]
[null,"8.7","SERVIÇO","SINAPI",93374,"REATERRO MECANIZADO DE VALA COM RETROESCAVADEIRA (CAPACIDADE DA CAÇAMBA DA RETRO: 0,26 M³ / POTÊNCIA: 88 HP), LARGURA ATÉ 0,8 M, PROFUNDIDADE ATÉ 1,5 M, COM SOLO (SEM SUBSTITUIÇÃO) DE 1ª CATEGORIA EM LOCAIS COM ALTO NÍVEL DE INTERFERÊNCIA. AF_04/2016","M3",10,{"$f":"SUMIF('Composições (SINAPI)'!D:D,E345,'Composições (SINAPI)'!K:K)","v":18.09},23.5,235,null,23.11,18.09,0.2172]
[null,"8.8","SERVIÇO","ORSE",5103,"REGULARIZAÇÃO MANUAL","M2",100,{"$f":"SUMIF('Composições (ORSE)'!D:D,E346,'Composições (ORSE)'!K:K)","v":2.48},3.22,322,null,3.18,2.48,0.22009999999999999]
[null,"8.9","SERVIÇO","SINAPI",73361,"CONCRETO CICLOPICO FCK=10MPA 30% PEDRA DE MAO INCLUSIVE LANCAMENTO","M3",2,{"$f":"SUMIF('Composições (SINAPI)'!D:D,E347,'Composições (SINAPI)'!K:K)","v":264.20999999999998},343.21,686.42,null,337.49,264.25,0.21709999999999999]
[null,"8.10","SERVIÇO","ORSE",11651,"FORMA PLANA PARA ESTRUTURAS, EM COMPENSADO PLASTIFICADO DE 10MM, 04 USOS, INC LUSIVE ESCORAMENTO - REVISADA 07.2015","M2",2,{"$f":"SUMIF('Composições (ORSE)'!D:D,E348,'Composições (ORSE)'!K:K)","v":34.049999999999997},44.23,88.46,null,43.49,34.049999999999997,0.21709999999999999]
[null,"8.11","SERVIÇO","ORSE",7691,"CONCRETO SIMPLES FABRICADO NA OBRA, FCK=21 MPA, LANÇADO E ADENSADO","M3",2,{"$f":"SUMIF('Composições (ORSE)'!D:D,E349,'Composições (ORSE)'!K:K)","v":304.66000000000003},395.75,791.5,null,389.14,304.69,0.21709999999999999]
[null,"8.12","SERVIÇO","SEINFRA","C0215","ARMADURA CA-50A GROSSA D= 12,5 A 25,0mm","KG",50,{"$f":"SUMIF('Composições (SEINFRA)'!D:D,E350,'Composições (SEINFRA)'!K:K)","v":5.67},7.37,368.5,null,7.25,5.67,0.21790000000000001]
[null,"8.13","SERVIÇO","ORSE",2169,"LASTRO DE CONCRETO SIMPLES REGULARIZADO, FCK=13,5 MPA,LANÇADO E ADENSADO","M3",1,{"$f":"SUMIF('Composições (ORSE)'!D:D,E351,'Composições (ORSE)'!K:K)","v":341.43},443.52,443.52,null,436.37,341.67,0.21759999999999999]
[null,"8.14","SERVIÇO","SINAPI",94990,"EXECUÇÃO DE PASSEIO (CALÇADA) OU PISO DE CONCRETO COM CONCRETO MOLDADO IN LOCO, FEITO EM OBRA, ACABAMENTO CONVENCIONAL, NÃO ARMADO. AF_07/2016","M3",1,{"$f":"SUMIF('Composições (SINAPI)'!D:D,E352,'Composições (SINAPI)'!K:K)","v":400.96},520.85,520.85,null,512.28,401.11,0.21729999999999999]
[null,"8.15","SERVIÇO","ORSE",6029,"LOGOTIPO DA DESO EM ESTRUTURAS TÉRREAS","UN",1,{"$f":"SUMIF('Composições (ORSE)'!D:D,E353,'Composições (ORSE)'!K:K)","v":528.35},686.33,686.33,null,675.27,528.73,0.21759999999999999]
[null,"8.16","SERVIÇO","ORSE",9713,"ESCADA MARINHEIRO COM GUARDA CORPO, L=45CM, EXECUTADA EM BARRAS CHATA GALVANI ZADA 1 1/4\" X 5/16\", E GUARDA CORPO D=65CM EM BARRA CHATA GALV.D=1\"X1/8\", SEN DO DEGRAUS EM BARRA RED. D=5/8\", ESPAÇADOS DE 30CM, INCLUSIVE LIXAMENTO E PIN TURA, FORNEC E INST","M",6,{"$f":"SUMIF('Composições (ORSE)'!D:D,E354,'Composições (ORSE)'!K:K)","v":738.39},959.17,5755.02,null,943.12,738.46,0.21709999999999999]
[null,"8.17","SERVIÇO","SINAPI","74194/1","ESCADA TIPO MARINHEIRO EM TUBO ACO GALVANIZADO 1 1/2\" 5 DEGRAUS","M",0,{"$f":"SUMIF('Composições (SINAPI)'!D:D,E355,'Composições (SINAPI)'!K:K)","v":177.18},230.16,0,null,226.29,177.18,0.217]
[null,"8.18","SERVIÇO","ORSE",11887,"GUARDA CORPO E CORRIMÃO EM TUBO FERRO GALVANIZADO, ALT=1,10M, COM BARRAS VERT ICAIS  A CADA 11CM (3/4\") E BARRAS HORIZONTAIS (SUPERIOR, INTERMEDIÁRIAS (DUA S) E INFERIOR) DE 1.1/2\", INCLUSIVE CURVA DE AÇO","M",12,{"$f":"SUMIF('Composições (ORSE)'!D:D,E356,'Composições (ORSE)'!K:K)","v":194.05},252.07,3024.84,null,247.88,194.09,0.2172]
[null,"8.19","SERVIÇO","ORSE",6069,"GUARDA-CORPO METÁLICO PARA ESCADA MARINHEIRO EM AÇO CA-50 - REV. 01","M",12,{"$f":"SUMIF('Composições (ORSE)'!D:D,E357,'Composições (ORSE)'!K:K)","v":92.77},120.51,1446.12,null,118.52,92.8,0.21729999999999999]
[null,"8.20","SERVIÇO","ORSE",10390,"RECUPERAÇÃO DE PROTEÇÃO MECANICA EM CHAPA METALICA L=12CM (P/OBRA ESTADIO LOU RIVAL BATISTA)","M",50,{"$f":"SUMIF('Composições (ORSE)'!D:D,E358,'Composições (ORSE)'!K:K)","v":21.26},27.62,1381,null,27.17,21.27,0.2175]
[null,"8.21","SERVIÇO","SINAPI",83724,"ASSENTAMENTO DE PECAS, CONEXOES, APARELHOS E ACESSORIOS DE FERRO FUNDIDO DUCTIL, JUNTA ELASTICA, MECANICA OU FLANGEADA, COM DIAMETROS DE 50 A 300 MM.","KG",350,{"$f":"SUMIF('Composições (SINAPI)'!D:D,E359,'Composições (SINAPI)'!K:K)","v":1.71},2.2200000000000002,777,null,2.19,1.71,0.21920000000000001]
[null,"8.22","SERVIÇO","ORSE",2800,"CAIXA DE PASSAGEM EM ALVENARIA DE TIJOLOS MACIÇOS ESP. = 0,17M,  DIM. INT. =  0.80 X 0.80 X 1.00M","UN",1,{"$f":"SUMIF('Composições (ORSE)'!D:D,E360,'Composições (ORSE)'!K:K)","v":705.11},915.94,915.94,null,901.42,705.81,0.21779999999999999]
[null,"8.23","SERVIÇO","ORSE",10308,"LIMPEZA DE RESERVATÓRIO","M3",40,{"$f":"SUMIF('Composições (ORSE)'!D:D,E361,'Composições (ORSE)'!K:K)","v":9.7799999999999994},12.7,508,null,12.5,9.7799999999999994,0.21759999999999999]
[null,"8.24","SERVIÇO","ORSE",11512,"PINTURA DE PROTEÇÃO COM APLICAÇÃO DE 01 DEMÃO DE TINTA EPOXI CURADA COM POLIA MIDA, DE ALTA ESPESSURA, BICOMPONENTE, MACROPOXY 646 FAST CURE EPOXY, DA SHER WIN WILLIAMS - SUMARÉ OU SIMILAR, SOBRE SUPERFÍCIES METÁLICAS","M2",100,{"$f":"SUMIF('Composições (ORSE)'!D:D,E362,'Composições (ORSE)'!K:K)","v":26.39},34.28,3428,null,33.72,26.4,0.21740000000000001]
[null,"8.25","SERVIÇO","SINAPI",84132,"SOLDA DE TOPO DESCENDENTE, EM CHAPA ACO CHANFR 5/16\" ESP (P/ ASSENT TUBULACAO OU PECA DE ACO) UTILIZANDO CONVERSOR DIESEL.","M",20,{"$f":"SUMIF('Composições (SINAPI)'!D:D,E363,'Composições (SINAPI)'!K:K)","v":167.78},217.95,4359,null,214.29,167.78,0.217]
[null,"8.26","SERVIÇO","SINAPI",73656,"JATEAMENTO COM AREIA EM ESTRUTURA METALICA","M2",60,{"$f":"SUMIF('Composições (SINAPI)'!D:D,E364,'Composições (SINAPI)'!K:K)","v":14.59},18.95,1137,null,18.64,14.59,0.21729999999999999]
[null,"8.27","SERVIÇO","ORSE",3412,"PINTURA DE ACABAMENTO COM APLICAÇÃO DE 02 DEMÃOS DE TINTA ESMALTE SINTÉTICO R EF J022, SUVINIL OU SIMILAR, EXCLUSIVE LIXAMENTO","M2",20,{"$f":"SUMIF('Composições (ORSE)'!D:D,E365,'Composições (ORSE)'!K:K)","v":13.26},17.22,344.4,null,16.96,13.27,0.21820000000000001]
[null,"8.28","SERVIÇO","SEINFRA","C3512","MONTAGEM DE TUBOS, CONEXÕES E PÇS, RESERVATÓRIO ELEVADO CAP. ATÉ 50 M3","UN",1,{"$f":"SUMIF('Composições (SEINFRA)'!D:D,E366,'Composições (SEINFRA)'!K:K)","v":1041.8599999999999},1353.38,1353.38,null,1330.61,1041.8599999999999,0.217]
[null,"8.29","SERVIÇO","SINAPI",97065,"MONTAGEM E DESMONTAGEM DE ANDAIME MULTIDIRECIONAL (EXCLUSIVE ANDAIME E LIMPEZA). AF_11/2017","M3",70,{"$f":"SUMIF('Composições (SINAPI)'!D:D,E367,'Composições (SINAPI)'!K:K)","v":5.4},7.01,490.7,null,6.9,5.4,0.21740000000000001]
[null,"8.30","SERVIÇO","SEINFRA","C4207","INSTALAÇÃO DE MACROMEDIDOR TIPO WALTMANN PARA DIÂMETROS ATÉ 300mm","UN",2,{"$f":"SUMIF('Composições (SEINFRA)'!D:D,E368,'Composições (SEINFRA)'!K:K)","v":478.85},622.03,1244.06,null,611.55999999999995,478.85,0.217]
[null,"8.31","SERVIÇO","ORSE",5965,"CAIXA PRÉ MOLDADA EM CONCRETO PARA PROTEÇÃO DE MACRO MEDIDORES, DIM. INT. = 0 ,70 X 1,00 X 0,50","UN",2,{"$f":"SUMIF('Composições (ORSE)'!D:D,E369,'Composições (ORSE)'!K:K)","v":366.09},475.55,951.1,null,467.56,366.09,0.217]
[null,"8.32","SERVIÇO","ORSE",818,"BÓIA ELÉTRICA PARA RESERVATÓRIO SUPERIOR, MARCA AQUAMATIC OU SIMILAR, CAPACID ADE 30 A - FORNECIMENTO E INSTALAÇÃO","UN",2,{"$f":"SUMIF('Composições (ORSE)'!D:D,E370,'Composições (ORSE)'!K:K)","v":162.75},211.41,422.82,null,208.32,163.11000000000001,0.21879999999999999]
[null,9,"REDE DE DISTRIBUIÇÃO ",{"$nulls":7},{"$f":"K372+K380+K387+K400+K404","v":680097.18}]
[null,"9.1","SERVIÇOS PRELIMINARES PARA ASSENTAMENTO DE TUBOS",{"$nulls":7},{"$f":"SUM(K373:K379)","v":136394.29999999999}]
[null,"9.1.1","SERVIÇO","SINAPI",73610,"LOCAÇÃO DE REDES DE ÁGUA OU DE ESGOTO","M",11290,{"$f":"SUMIF('Composições (SINAPI)'!D:D,E373,'Composições (SINAPI)'!K:K)","v":0.7},{"$f":"ROUND(IF(C373 = \"SERVIÇO\", I373 * (1 + $I$11), IF(C373 = \"INSUMO\", (I373 * (1 + $K$11)))),2)","v":0.91},{"$f":"ROUND(J373*H373,2)","v":10273.9},null,0.9,0.7,{"$f":"IF(I373=0,\" \",ROUND(1-(I373/M373),4))","v":0.22220000000000001}]
[null,"9.1.2","SERVIÇO","SINAPI","73948/16","LIMPEZA MANUAL DO TERRENO (C/ RASPAGEM SUPERFICIAL)","M2",2660,{"$f":"SUMIF('Composições (SINAPI)'!D:D,E374,'Composições (SINAPI)'!K:K)","v":2.77},3.6,9576,null,3.54,2.77,0.2175]
[null,"9.1.3","SERVIÇO","SINAPI",73672,"DESMATAMENTO E LIMPEZA MECANIZADA DE TERRENO COM ARVORES ATE Ø 15CM, UTILIZANDO TRATOR DE ESTEIRAS","M2",600,{"$f":"SUMIF('Composições (SINAPI)'!D:D,E375,'Composições (SINAPI)'!K:K)","v":0.28000000000000003},0.36,216,null,0.36,0.28000000000000003,0.22220000000000001]
[null,"9.1.4","SERVIÇO","SINAPI","73859/2","CAPINA E LIMPEZA MANUAL DE TERRENO","M2",600,{"$f":"SUMIF('Composições (SINAPI)'!D:D,E376,'Composições (SINAPI)'!K:K)","v":0.88},1.1399999999999999,684,null,1.1299999999999999,0.88,0.22120000000000001]
[null,"9.1.5","SERVIÇO","SINAPI",79472,"REGULARIZACAO DE SUPERFICIES EM TERRA COM MOTONIVELADORA","M2",137280,{"$f":"SUMIF('Composições (SINAPI)'!D:D,E377,'Composições (SINAPI)'!K:K)","v":0.37},0.48,65894.399999999994,null,0.48,0.37,0.22919999999999999]
[null,"9.1.6","SERVIÇO","ORSE",6098,"CADASTRO DE REDES DE ÁGUA / ADUTORAS","M",28600,{"$f":"SUMIF('Composições (ORSE)'!D:D,E378,'Composições (ORSE)'!K:K)","v":0.96},1.25,35750,null,1.23,0.96,0.2195]
[null,"9.1.7","SERVIÇO","ORSE",6465,"TESTE HIDROSTÁTICO EM REDE DE ÁGUA / ADUTORA","M",40000,{"$f":"SUMIF('Composições (ORSE)'!D:D,E379,'Composições (ORSE)'!K:K)","v":0.27},0.35,14000,null,0.35,0.27,0.2286]
[null,"9.2","SINALIZAÇÃO E ISOLAMENTOS",{"$nulls":7},{"$f":"SUM(K381:K386)","v":59509.3}]
[null,"9.2.1","SERVIÇO","SINAPI","74219/1","PASSADICOS COM TABUAS DE MADEIRA PARA PEDESTRES","M2",250,{"$f":"SUMIF('Composições (SINAPI)'!D:D,E381,'Composições (SINAPI)'!K:K)","v":43.7},{"$f":"ROUND(IF(C381 = \"SERVIÇO\", I381 * (1 + $I$11), IF(C381 = \"INSUMO\", (I381 * (1 + $K$11)))),2)","v":56.77},{"$f":"ROUND(J381*H381,2)","v":14192.5},null,55.82,43.7,{"$f":"IF(I381=0,\" \",ROUND(1-(I381/M381),4))","v":0.21709999999999999}]
[null,"9.2.2","SERVIÇO","SINAPI","74219/2","PASSADICOS COM TABUAS DE MADEIRA PARA VEICULOS","M2",200,{"$f":"SUMIF('Composições (SINAPI)'!D:D,E382,'Composições (SINAPI)'!K:K)","v":34.4},44.69,8938,null,43.94,34.4,0.21709999999999999]
[null,"9.2.3","SERVIÇO","ORSE",5157,"SINALIZAÇÃO DE VALAS COM PLACAS INDICATIVAS","M",270,{"$f":"SUMIF('Composições (ORSE)'!D:D,E383,'Composições (ORSE)'!K:K)","v":1.65},2.14,577.79999999999995,null,2.11,1.65,0.218]
[null,"9.2.4","SERVIÇO","ORSE",5152,"SINALIZAÇÃO COM CAVALETE PLÁSTICO DESMONTÁVEL","UN",440,{"$f":"SUMIF('Composições (ORSE)'!D:D,E384,'Composições (ORSE)'!K:K)","v":10.35},13.44,5913.6,null,13.22,10.35,0.21709999999999999]
[null,"9.2.5","SERVIÇO","SINAPI",85424,"ISOLAMENTO DE OBRA COM TELA PLASTICA COM MALHA DE 5MM E ESTRUTURA DE MADEIRA PONTALETEADA","M2",850,{"$f":"SUMIF('Composições (SINAPI)'!D:D,E385,'Composições (SINAPI)'!K:K)","v":15.72},20.420000000000002,17357,null,20.079999999999998,15.72,0.21709999999999999]
[null,"9.2.6","SERVIÇO","SINAPI","74220/1","TAPUME DE CHAPA DE MADEIRA COMPENSADA, E= 6MM, COM PINTURA A CAL E REAPROVEITAMENTO DE 2X","M2",240,{"$f":"SUMIF('Composições (SINAPI)'!D:D,E386,'Composições (SINAPI)'!K:K)","v":40.19},52.21,12530.4,null,51.35,40.200000000000003,0.21729999999999999]
[null,"9.3","SERVIÇOS PARA ASSENTAMENTO DE TUBOS",{"$nulls":7},{"$f":"SUM(K388:K399)","v":273367.59000000003}]
[null,"9.3.1","SERVIÇO","ORSE",2497,"ESCAVAÇÃO MANUAL DE VALA OU CAVA EM MATERIAL DE 1ª CATEGORIA, PROFUNDIDADE AT É 1,50M","M3",204,{"$f":"SUMIF('Composições (ORSE)'!D:D,E388,'Composições (ORSE)'!K:K)","v":25},{"$f":"ROUND(IF(C388 = \"SERVIÇO\", I388 * (1 + $I$11), IF(C388 = \"INSUMO\", (I388 * (1 + $K$11)))),2)","v":32.479999999999997},{"$f":"ROUND(J388*H388,2)","v":6625.92},null,31.93,25,{"$f":"IF(I388=0,\" \",ROUND(1-(I388/M388),4))","v":0.217}]
[null,"9.3.2","SERVIÇO","ORSE",2503,"ESCAVAÇÃO COM RETRO-ESCAVADEIRA DE PNEUS, DE VALAS, EM MATERIAL DE 1ª CATEGOR IA ATÉ 1,50M DE PROFUNDIDADE","M3",2813.76,{"$f":"SUMIF('Composições (ORSE)'!D:D,E389,'Composições (ORSE)'!K:K)","v":5.7},7.4,20821.82,null,7.28,5.7,0.217]
[null,"9.3.3","SERVIÇO","SINAPI",72915,"ESCAVACAO MECANICA DE VALA EM MATERIAL DE 2A. CATEGORIA ATE 2 M DE PROFUNDIDADE COM UTILIZACAO DE ESCAVADEIRA HIDRAULICA","M3",1597.6,{"$f":"SUMIF('Composições (SINAPI)'!D:D,E390,'Composições (SINAPI)'!K:K)","v":8.32},10.81,17270.060000000001,null,10.63,8.32,0.21729999999999999]
[null,"9.3.4","SERVIÇO","ORSE",7084,"ESCAVAÇÃO DE VALA A FRIO, EM MATERIAL DE 3ª CATEGORIA, COM PERFURATRIZ MANUAL E COMPRESSOR, CONFORME QUANTITATIVOS DO PROJETO ESTRUTURAL","M3",489.26,{"$f":"SUMIF('Composições (ORSE)'!D:D,E391,'Composições (ORSE)'!K:K)","v":161.41999999999999},209.68,102588.04,null,206.16,161.41999999999999,0.217]
[null,"9.3.5","SERVIÇO","ORSE",4502,"ESCAVAÇÃO MANUAL DE VALA OU CAVA EM MATERIAL DE 3ª CATEGORIA, PROFUNDIDADE AT É 2,00 M, COM USO DE EXPLOSIVOS E PERFURAÇÃO MECÂNICA","M3",314.58999999999997,{"$f":"SUMIF('Composições (ORSE)'!D:D,E392,'Composições (ORSE)'!K:K)","v":157.33000000000001},204.37,64292.76,null,200.94,157.33000000000001,0.217]
[null,"9.3.6","SERVIÇO","ORSE",5103,"REGULARIZAÇÃO MANUAL","M2",6774,{"$f":"SUMIF('Composições (ORSE)'!D:D,E393,'Composições (ORSE)'!K:K)","v":2.48},3.22,21812.28,null,3.18,2.48,0.22009999999999999]
[null,"9.3.7","SERVIÇO","SINAPI",72895,"CARGA, MANOBRAS E DESCARGA DE MATERIAIS DIVERSOS, COM CAMINHAO BASCULANTE 6M3 (CARGA E DESCARGA MANUAIS)","M3",1551.97,{"$f":"SUMIF('Composições (SINAPI)'!D:D,E394,'Composições (SINAPI)'!K:K)","v":16.77},21.78,33801.910000000003,null,21.42,16.77,0.21709999999999999]
[null,"9.3.8","SERVIÇO","SINAPI",83344,"ESPALHAMENTO DE MATERIAL EM BOTA FORA, COM UTILIZACAO DE TRATOR DE ESTEIRAS DE 165 HP","M3",1551.97,{"$f":"SUMIF('Composições (SINAPI)'!D:D,E395,'Composições (SINAPI)'!K:K)","v":0.69},0.9,1396.77,null,0.89,0.69,0.22470000000000001]
[null,"9.3.9","SERVIÇO","ORSE",5149,"REMOÇÃO DE ADUTORA / REDE EM PVC DIAM. =   50 MM","M",520,{"$f":"SUMIF('Composições (ORSE)'!D:D,E396,'Composições (ORSE)'!K:K)","v":0.56000000000000005},0.73,379.6,null,0.72,0.56000000000000005,0.22220000000000001]
[null,"9.3.10","SERVIÇO","ORSE",5150,"REMOÇÃO DE ADUTORA / REDE EM PVC DIAM. =   75 MM","M",360,{"$f":"SUMIF('Composições (ORSE)'!D:D,E397,'Composições (ORSE)'!K:K)","v":0.63},0.82,295.2,null,0.81,0.63,0.22220000000000001]
[null,"9.3.11","SERVIÇO","ORSE",2510,"CARGA MANUAL DE MATERIAL DE 2ª CATEGORIA","M3",80,{"$f":"SUMIF('Composições (ORSE)'!D:D,E398,'Composições (ORSE)'!K:K)","v":6.63},8.61,688.8,null,8.4700000000000006,6.63,0.2172]
[null,"9.3.12","SERVIÇO","ORSE",2511,"CARGA MANUAL DE MATERIAL DE 3ª CATEGORIA","M3",314.58999999999997,{"$f":"SUMIF('Composições (ORSE)'!D:D,E399,'Composições (ORSE)'!K:K)","v":8.31},10.79,3394.43,null,10.62,8.31,0.2175]
[null,"9.4","ATERRO/REATERRO",{"$nulls":7},{"$f":"SUM(K401:K403)","v":167159.28}]
[null,"9.4.1","SERVIÇO","SINAPI",93379,"REATERRO MECANIZADO DE VALA COM RETROESCAVADEIRA (CAPACIDADE DA CAÇAMBA DA RETRO: 0,26 M³ / POTÊNCIA: 88 HP), LARGURA DE 0,8 A 1,5 M, PROFUNDIDADE ATÉ 1,5 M, COM SOLO (SEM SUBSTITUIÇÃO) DE 1ª CATEGORIA EM LOCAIS COM BAIXO NÍVEL DE INTERFERÊNCIA. AF_04/2016","M3",3265.92,{"$f":"SUMIF('Composições (SINAPI)'!D:D,E401,'Composições (SINAPI)'!K:K)","v":13.09},{"$f":"ROUND(IF(C401 = \"SERVIÇO\", I401 * (1 + $I$11), IF(C401 = \"INSUMO\", (I401 * (1 + $K$11)))),2)","v":17},{"$f":"ROUND(J401*H401,2)","v":55520.639999999999},null,16.72,13.09,{"$f":"IF(I401=0,\" \",ROUND(1-(I401/M401),4))","v":0.21709999999999999}]
[null,"9.4.2","SERVIÇO","SINAPI",94102,"LASTRO DE VALA COM PREPARO DE FUNDO, LARGURA MENOR QUE 1,5 M, COM CAMADA DE AREIA, LANÇAMENTO MANUAL, EM LOCAL COM NÍVEL BAIXO DE INTERFERÊNCIA. AF_06/2016","M3",212,{"$f":"SUMIF('Composições (SINAPI)'!D:D,E402,'Composições (SINAPI)'!K:K)","v":108.68},{"$f":"ROUND(IF(C402 = \"SERVIÇO\", I402 * (1 + $I$11), IF(C402 = \"INSUMO\", (I402 * (1 + $K$11)))),2)","v":141.18},{"$f":"ROUND(J402*H402,2)","v":29930.16},null,139.02000000000001,108.85,{"$f":"IF(I402=0,\" \",ROUND(1-(I402/M402),4))","v":0.21820000000000001}]
[null,"9.4.3","SERVIÇO","SINAPI",94315,"ATERRO MECANIZADO DE VALA COM RETROESCAVADEIRA (CAPACIDADE DA CAÇAMBA DA RETRO: 0,26 M³ / POTÊNCIA: 88 HP), LARGURA ATÉ 0,8 M, PROFUNDIDADE ATÉ 1,5 M, COM SOLO ARGILO-ARENOSO. AF_05/2016","M3",1941.28,{"$f":"SUMIF('Composições (SINAPI)'!D:D,E403,'Composições (SINAPI)'!K:K)","v":32.4},{"$f":"ROUND(IF(C403 = \"SERVIÇO\", I403 * (1 + $I$11), IF(C403 = \"INSUMO\", (I403 * (1 + $K$11)))),2)","v":42.09},{"$f":"ROUND(J403*H403,2)","v":81708.479999999996},null,41.39,32.4,{"$f":"IF(I403=0,\" \",ROUND(1-(I403/M403),4))","v":0.2172}]
[null,"9.5","ASSENTAMENTO DE TUBOS, CAIXAS E BLOCOS DE ANCORAGEM",{"$nulls":7},{"$f":"SUM(K405:K414)","v":43666.71}]
[null,"9.5.1","SERVIÇO","SINAPI",97124,"ASSENTAMENTO DE TUBO DE PVC PBA PARA REDE DE ÁGUA, DN 50 MM, JUNTA ELÁSTICA INTEGRADA, INSTALADO EM LOCAL COM NÍVEL BAIXO DE INTERFERÊNCIAS (NÃO INCLUI FORNECIMENTO). AF_11/2017","M",7600,{"$f":"SUMIF('Composições (SINAPI)'!D:D,E405,'Composições (SINAPI)'!K:K)","v":0.61},{"$f":"ROUND(IF(C405 = \"SERVIÇO\", I405 * (1 + $I$11), IF(C405 = \"INSUMO\", (I405 * (1 + $K$11)))),2)","v":0.79},{"$f":"ROUND(J405*H405,2)","v":6004},null,0.78,0.61,{"$f":"IF(I405=0,\" \",ROUND(1-(I405/M405),4))","v":0.21790000000000001}]
[null,"9.5.2","SERVIÇO","SINAPI",97125,"ASSENTAMENTO DE TUBO DE PVC PBA PARA REDE DE ÁGUA, DN 75 MM, JUNTA ELÁSTICA INTEGRADA, INSTALADO EM LOCAL COM NÍVEL BAIXO DE INTERFERÊNCIAS (NÃO INCLUI FORNECIMENTO). AF_11/2017","M",2810,{"$f":"SUMIF('Composições (SINAPI)'!D:D,E406,'Composições (SINAPI)'!K:K)","v":0.86},1.1200000000000001,3147.2,null,1.1100000000000001,0.86,0.22520000000000001]
[null,"9.5.3","SERVIÇO","SINAPI",97126,"ASSENTAMENTO DE TUBO DE PVC PBA PARA REDE DE ÁGUA, DN 100 MM, JUNTA ELÁSTICA INTEGRADA, INSTALADO EM LOCAL COM NÍVEL BAIXO DE INTERFERÊNCIAS (NÃO INCLUI FORNECIMENTO). AF_11/2017","M",20,{"$f":"SUMIF('Composições (SINAPI)'!D:D,E407,'Composições (SINAPI)'!K:K)","v":1.0900000000000001},1.42,28.4,null,1.4,1.0900000000000001,0.22140000000000001]
[null,"9.5.4","SERVIÇO","ORSE",2169,"LASTRO DE CONCRETO SIMPLES REGULARIZADO, FCK=13,5 MPA,LANÇADO E ADENSADO, PARA PEDESTRE","M3",9,{"$f":"SUMIF('Composições (ORSE)'!D:D,E408,'Composições (ORSE)'!K:K)","v":341.43},443.52,3991.68,null,436.37,341.67,0.21759999999999999]
[null,"9.5.5","SERVIÇO","ORSE",11651,"FORMA PLANA PARA ESTRUTURAS, EM COMPENSADO PLASTIFICADO DE 10MM, 04 USOS, INC LUSIVE ESCORAMENTO - REVISADA 07.2015, PARA PEDESTRE","M2",58,{"$f":"SUMIF('Composições (ORSE)'!D:D,E409,'Composições (ORSE)'!K:K)","v":34.049999999999997},44.23,2565.34,null,43.49,34.049999999999997,0.21709999999999999]
[null,"9.5.6","SERVIÇO","ORSE",7691,"CONCRETO SIMPLES FABRICADO NA OBRA, FCK=21 MPA, LANÇADO E ADENSADO, PARA PEDESTRE","M3",9,{"$f":"SUMIF('Composições (ORSE)'!D:D,E410,'Composições (ORSE)'!K:K)","v":304.66000000000003},395.75,3561.75,null,389.14,304.69,0.21709999999999999]
[null,"9.5.7","SERVIÇO","SEINFRA","C4151","ARMADURA DE AÇO CA 50/60, PARA PEDESTRE","KG",420,{"$f":"SUMIF('Composições (SEINFRA)'!D:D,E411,'Composições (SEINFRA)'!K:K)","v":5.64},7.33,3078.6,null,7.21,5.64,0.21779999999999999]
[null,"9.5.8","SERVIÇO","ORSE",5957,"CAIXA PARA REGISTRO, TIPO I, PARA DIÂMETROS DE  50 A 100MM, PARA PEDESTRE","UN",16,{"$f":"SUMIF('Composições (ORSE)'!D:D,E412,'Composições (ORSE)'!K:K)","v":581.69000000000005},755.62,12089.92,null,743.39,582.07000000000005,0.2175]
[null,"9.5.9","SERVIÇO","ORSE",5962,"CAIXA PARA VENTOSA PARA DIÂMETRO DE  50 A 150MM (MV-04-326), PARA PEDESTRE","UN",11,{"$f":"SUMIF('Composições (ORSE)'!D:D,E413,'Composições (ORSE)'!K:K)","v":581.69000000000005},755.62,8311.82,null,743.39,582.07000000000005,0.2175]
[null,"9.5.10","SERVIÇO","SINAPI",83724,"ASSENTAMENTO DE PECAS, CONEXOES, APARELHOS E ACESSORIOS DE FERRO FUNDIDO DUCTIL, JUNTA ELASTICA, MECANICA OU FLANGEADA, COM DIAMETROS DE 50 A 300 MM.","KG",400,{"$f":"SUMIF('Composições (SINAPI)'!D:D,E414,'Composições (SINAPI)'!K:K)","v":1.71},2.2200000000000002,888,null,2.19,1.71,0.21920000000000001]
[null,10,"LIGAÇÃO DOMICILIAR",{"$nulls":7},{"$f":"SUM(K416:K421)","v":177016.07}]
[null,"10.1","SERVIÇO","SINAPI",83878,"LIGACAO DA REDE 50MM AO RAMAL PREDIAL 1/2\"","UN",150,{"$f":"SUMIF('Composições (SINAPI)'!D:D,E416,'Composições (SINAPI)'!K:K)","v":37.130000000000003},{"$f":"ROUND(IF(C416 = \"SERVIÇO\", I416 * (1 + $I$11), IF(C416 = \"INSUMO\", (I416 * (1 + $K$11)))),2)","v":48.23},{"$f":"ROUND(J416*H416,2)","v":7234.5},null,47.46,37.159999999999997,{"$f":"IF(I416=0,\" \",ROUND(1-(I416/M416),4))","v":0.2177}]
[null,"10.2","SERVIÇO","SINAPI",83879,"LIGACAO DA REDE 75MM AO RAMAL PREDIAL 1/2\"","UN",63,{"$f":"SUMIF('Composições (SINAPI)'!D:D,E417,'Composições (SINAPI)'!K:K)","v":42.68},55.44,3492.72,null,54.56,42.72,0.2177]
[null,"10.3","SERVIÇO","ORSE",6079,"LIGAÇÃO PREDIAL DE ÁGUA EM PASSEIO, COM FORNECIMENTO DE MATERIAL, INCLUSIVE H IDRÔMETRO, C/TAMPA DE CONCRETO","UN",105,{"$f":"SUMIF('Composições (ORSE)'!D:D,E418,'Composições (ORSE)'!K:K)","v":235.58},306.02,32132.1,null,300.88,235.58,0.217]
[null,"10.4","SERVIÇO","ORSE",6080,"LIGAÇÃO PREDIAL DE ÁGUA NO PASSEIO, COM FORNECIMENTO DE MATERIAL, EXCETO HIDR ÔMETRO, C/TAMPA DE CONCRETO","UN",545,{"$f":"SUMIF('Composições (ORSE)'!D:D,E419,'Composições (ORSE)'!K:K)","v":171.22},222.41,121213.45,null,218.68,171.22,0.217]
[null,"10.5","SERVIÇO","ORSE",3688,"TORNEIRA PLASTICA PARA JARDINS, HERC 1128, 1/2\" OU SIMILAR","UN",620,{"$f":"SUMIF('Composições (ORSE)'!D:D,E420,'Composições (ORSE)'!K:K)","v":11.32},14.7,9114,null,14.47,11.33,0.2177]
[null,"10.6","SERVIÇO","ORSE",6454,"DESOBSTRUÇÃO DE FILTRO NO CAVALETE P/ VERIFICAÇÃO DE FALTA DE ÁGUA","UN",257,{"$f":"SUMIF('Composições (ORSE)'!D:D,E421,'Composições (ORSE)'!K:K)","v":11.47},14.9,3829.3,null,14.67,11.48,0.21809999999999999]
[null,"TOTAL GERAL DOS SERVIÇOS COM BDI (R$):",{"$nulls":8},{"$f":"K371+K338+K301+K269+K244+K143+K98+K27+K14+K415","v":4007152.36},null,5122383.13]
[null,null,"TOTAL GERAL DOS MATERIAIS COM BDI (R$):",{"$nulls":7},{"$f":"'Planilha MATERIAIS'!$K$410","v":1512197.97}]
[null,"TOTAL GERAL DA OBRA:",{"$nulls":8},{"$f":"K422+K423","v":5519350.3300000001}]

{"sheet":"Planilha MATERIAIS","index":1,"n_rows":412,"n_cols":15,"rows_kept":412,"cut":false,"hidden":false,"merged":[[1,13,1,14],[3,12,3,13],[3,14,4,14],[411,5,411,9],[8,1,9,5],[11,7,12,7],[11,8,11,10],[11,1,12,1],[11,2,12,2],[11,3,12,3],[11,13,12,13],[11,14,12,14],[11,4,12,4],[11,5,12,5],[11,12,12,12],[409,4,409,9],[410,4,410,9],[11,6,12,6],[6,1,7,10],[1,1,2,4],[1,5,2,10],[3,1,4,10],[5,1,5,10]]}
[]
[{"$nulls":5},{"$f":"'Planilha SERVIÇOS'!$F$2","v":"COMPANHIA DE DESENVOLVIMENTO DOS VALES DO SÃO FRANCISCO E DO PARNAÍBA\n3ª Superintendência Regional"},{"$nulls":6},"Valor da Proposta",{"$f":"K410","v":1512197.97}]
[]
[null,{"$f":"'Planilha SERVIÇOS'!$B$4","v":"EXECUÇÃO DOS SERVIÇOS RELATIVOS À 2ª ETAPA DOS SISTEMAS DE ABASTECIMENTO DE ÁGUA DE ASSENTAMENTO ALEGRE; BOA PAZ; BOM JESUS; UMBURANAS; RIACHO DA MADEIRA E ILHA DA VILA, LOCALIZADOS NO MUNICÍPIO DE OROCÓ, NO ESTADO DE PERNAMBUCO"}]
[]
[null,{"$f":"'Planilha SERVIÇOS'!$B$6","v":"OROCÓ/PE"}]
[null,"PLANILHA ORÇAMENTÁRIA DE MATERIAIS"]
[{"$nulls":12},"PREÇO BÁSICO",null,1931596.05]
[null,{"$f":"'Planilha SERVIÇOS'!$B$9","v":"TABELAS DE REFERÊNCIA (COM DESONERAÇÃO): "},{"$nulls":5},"CODEVASF",{"$f":"'Planilha SERVIÇOS'!I9","v":"FEV/2018"},"ORSE",{"$f":"'Planilha SERVIÇOS'!K9","v":"ABR/2018"},null,"DESCONTO",null,{"$f":"O8-K410","v":419398.08}]
[{"$nulls":7},"SEINFRA:",{"$f":"'Planilha SERVIÇOS'!I10","v":"024.1"},"SINAPI:",{"$f":"'Planilha SERVIÇOS'!K10","v":"MAI/2018"},null,"PERCENTUAL TOTAL",null,{"$f":"1-((O8-O9)/O8)","v":0.21709999999999999}]
[{"$nulls":6},"BDI:","SERVIÇOS:",{"$f":"'BDI''s'!G33","v":0.29899999999999999},"MATERIAIS:",{"$f":"'BDI''s'!G70","v":0.16889999999999999}]
[null,"ITEM","TIPO","FONTE","CÓDIGO","DISCRIMINAÇÃO DOS MATERIAIS","UNID.","QUANT.","PREÇO (R$)",null,null,null,"Preço Basico","Preço Desconto","Desconto"]
[{"$nulls":8},"SEM BDI","COM BDI","TOTAL"]
[null,1,"CAPTAÇÃO",{"$nulls":7},{"$f":"K15+K83+K120","v":320564.86}]
[null,"1.1","PEÇAS E CONEXÕES PARA FLUTUANTE E MANGOTES",{"$nulls":7},{"$f":"SUM(K16:K82)","v":167128.29999999999}]
[null,"1.1.1","INSUMO","SEINFRA","I7333","FLUTUADOR PARA TUBO PEAD EM FIBRA DN 250 mm","UN",9,{"$f":"SUMIF('Composições (SEINFRA)'!D:D,E16,'Composições (SEINFRA)'!K:K)","v":712.91},{"$f":"ROUND(IF(C16 = \"SERVIÇO\", I16 * (1 + $I$11), IF(C16 = \"INSUMO\", (I16 * (1 + $K$11)))),2)","v":833.32},{"$f":"ROUND(J16*H16,2)","v":7499.88},null,910.49,712.91,{"$f":"IF(I16=0,\" \",ROUND(1-(I16/M16),4))","v":0.217}]
[null,"1.1.2","INSUMO","SEINFRA","I7470","FLUTUANTE EM PRFV COM CAP. ATÉ 1.000Kg","UN",4,{"$f":"SUMIF('Composições (SEINFRA)'!D:D,E17,'Composições (SEINFRA)'!K:K)","v":5173.63},{"$f":"ROUND(IF(C17 = \"SERVIÇO\", I17 * (1 + $I$11), IF(C17 = \"INSUMO\", (I17 * (1 + $K$11)))),2)","v":6047.46},{"$f":"ROUND(J17*H17,2)","v":24189.84},null,6607.45,5173.63,0.217]
[null,"1.1.3","INSUMO","SEINFRA","I4884","CRIVO COM FLANGE DN 200 PN10","UN",8,{"$f":"SUMIF('Composições (SEINFRA)'!D:D,E18,'Composições (SEINFRA)'!K:K)","v":400.15},467.74,3741.92,null,511.06,400.15,0.217]
[null,"1.1.4","INSUMO","SEINFRA","I5639","VALVULA DE PE C/CRIVO PORT. DUPLA FLANGE DN 100 PN16","UN",1,{"$f":"SUMIF('Composições (SEINFRA)'!D:D,E19,'Composições (SEINFRA)'!K:K)","v":672.76},786.39,786.39,null,859.22,672.76,0.217]
[null,"1.1.5","INSUMO","SEINFRA","I6850","COLARINHO PEAD PN 10 DN 110 mm","UN",2,{"$f":"SUMIF('Composições (SEINFRA)'!D:D,E20,'Composições (SEINFRA)'!K:K)","v":111.52},130.36000000000001,260.72000000000003,null,142.43,111.52,0.217]
[null,"1.1.6","INSUMO","SINAPI",738,"BOMBA CENTRIFUGA MOTOR ELETRICO TRIFASICO 5HP, DIAMETRO DE SUCCAO X ELEVACAO 2\" X 1 1/2\", DIAMETRO DO ROTOR 155 MM, HM/Q: 40 M / 20,40 M3/H A 46 M / 9,20 M3/H","UN    ",4,{"$f":"SUMIF('Composições (SINAPI)'!D:D,E21,'Composições (SINAPI)'!K:K)","v":1687.26},1972.24,7888.96,null,2154.87,1687.26,0.217]
[null,"1.1.7","INSUMO","SEINFRA","I0256","BOMBA CENTRIFUGA P=5CV","UN",2,{"$f":"SUMIF('Composições (SEINFRA)'!D:D,E22,'Composições (SEINFRA)'!K:K)","v":1269.67},1484.12,2968.24,null,1621.55,1269.67,0.217]
[null,"1.1.8","INSUMO","SINAPI",740,"BOMBA CENTRIFUGA MOTOR ELETRICO TRIFASICO 9,86 DIAMETRO DE SUCCAO X ELEVACAO 1\" X 1\", 4 ESTAGIOS, DIAMETRO DOS ROTORES 4 X 146 MM, HM/Q: 85 M / 14,9 M3/H A 140 M / 4,2 M3/H","UN    ",2,{"$f":"SUMIF('Composições (SINAPI)'!D:D,E23,'Composições (SINAPI)'!K:K)","v":3423.11},4001.27,8002.54,null,4371.79,3423.11,0.217]
[null,"1.1.9","INSUMO","SINAPI",736,"BOMBA CENTRIFUGA  MOTOR ELETRICO TRIFASICO 2,96HP, DIAMETRO DE SUCCAO X ELEVACAO 1 1/2\" X 1 1/4\", DIAMETRO DO ROTOR 148 MM, HM/Q: 34 M / 14,80 M3/H A 40 M / 8,60 M3/H","UN    ",2,{"$f":"SUMIF('Composições (SINAPI)'!D:D,E24,'Composições (SINAPI)'!K:K)","v":970.58},1134.51,2269.02,null,1239.57,970.58,0.217]
[null,"1.1.10","INSUMO","ORSE",5460,"FLANGE AVULSO, EM FOFO, PN 25, D=  100MM","UN",4,{"$f":"SUMIF('Composições (ORSE)'!D:D,E25,'Composições (ORSE)'!K:K)","v":72.819999999999993},85.12,340.48,null,93.01,72.819999999999993,0.21709999999999999]
[null,"1.1.11","INSUMO","ORSE",5461,"FLANGE AVULSO, EM FOFO, PN 25, D=  150MM","UN",24,{"$f":"SUMIF('Composições (ORSE)'!D:D,E26,'Composições (ORSE)'!K:K)","v":129.46},151.33000000000001,{"$f":"ROUND(J26*H26,2)","v":3631.92},null,165.35,129.46,0.21709999999999999]
[null,"1.1.12","INSUMO","ORSE",5454,"FLANGE AVULSO, EM FOFO, PN 10, D=  200MM","UN",16,{"$f":"SUMIF('Composições (ORSE)'!D:D,E27,'Composições (ORSE)'!K:K)","v":147.12},171.97,2751.52,null,187.9,147.12,0.217]
[null,"1.1.13","INSUMO","ORSE",1098,"HASTE ZINCADA D = 125MM (AQUAPLUV OU SIMILAR)","UN",30,{"$f":"SUMIF('Composições (ORSE)'!D:D,E28,'Composições (ORSE)'!K:K)","v":7.61},8.9,267,null,9.7200000000000006,7.61,0.21709999999999999]
[null,"1.1.14","INSUMO","Comprasnet",5388,"CURVA 90º, EM FOFO, C/ FLANGES PN 10, D=  200MM","UN",8,{"$f":"SUMIF('Composições (CODEVASF)'!D:D,E29,'Composições (CODEVASF)'!K:K)","v":265.55},310.39999999999998,2483.1999999999998,null,339.15,265.55,0.217]
[null,"1.1.15","INSUMO","ORSE",5387,"CURVA 90º, EM FOFO, C/ FLANGES PN 10 / 16, D=  150MM","UN",16,{"$f":"SUMIF('Composições (ORSE)'!D:D,E30,'Composições (ORSE)'!K:K)","v":199.71},233.44,3735.04,null,255.06,199.71,0.217]
[null,"1.1.16","INSUMO","ORSE",5346,"CURVA 45º, EM FOFO, C/ FLANGES PN 10 / 16, D=  150MM","UN",16,{"$f":"SUMIF('Composições (ORSE)'!D:D,E31,'Composições (ORSE)'!K:K)","v":193.59},226.29,3620.64,null,247.25,193.59,0.217]
[null,"1.1.17","INSUMO","ORSE",5559,"REDUÇÃO EM FOFO, C/ FLANGES PN 10 / 16, D=  150 X   80MM","UN",8,{"$f":"SUMIF('Composições (ORSE)'!D:D,E32,'Composições (ORSE)'!K:K)","v":187.63},219.32,1754.56,null,239.64,187.63,0.217]
[null,"1.1.18","INSUMO","ORSE",5586,"REDUÇÃO EXCENTRICA EM FOFO, C/ FLANGES PN 10, D=  200 X  100MM","UN",8,{"$f":"SUMIF('Composições (ORSE)'!D:D,E33,'Composições (ORSE)'!K:K)","v":312.48},365.26,2922.08,null,399.09,312.48,0.217]
[null,"1.1.19","INSUMO","ORSE",5583,"REDUÇÃO EXCENTRICA EM FOFO, C/ FLANGES PN 10 / 16, D=  100 X   80MM","UN",8,{"$f":"SUMIF('Composições (ORSE)'!D:D,E34,'Composições (ORSE)'!K:K)","v":122.69},143.41,1147.28,null,156.69999999999999,122.69,0.217]
[null,"1.1.20","INSUMO","SEINFRA","I6774","REDUÇÃO AÇO ASTM A-120 ROSCÁVEL DE (4\"x 2\")","UN",2,{"$f":"SUMIF('Composições (SEINFRA)'!D:D,E35,'Composições (SEINFRA)'!K:K)","v":22.99},26.87,53.74,null,29.37,22.99,0.2172]
[null,"1.1.21","INSUMO","SEINFRA","I6773","REDUÇÃO AÇO ASTM A-120 ROSCÁVEL DE (4\"x 3\")","UN",2,{"$f":"SUMIF('Composições (SEINFRA)'!D:D,E36,'Composições (SEINFRA)'!K:K)","v":20.22},23.64,47.28,null,25.83,20.22,0.2172]
[null,"1.1.22","INSUMO","Comprasnet",5647,"REGISTRO GAVETA FOFO, C/ FLANGES, CUNHA BORRACHA, CORPO CURTO E CABEÇOTE, PN  10, TIPO EURO 23, D=  200MM","UN",8,{"$f":"SUMIF('Composições (CODEVASF)'!D:D,E37,'Composições (CODEVASF)'!K:K)","v":702.35},820.98,6567.84,null,897,702.35,0.217]
[null,"1.1.23","INSUMO","ORSE",6343,"REGISTRO GAVETA FOFO, C/ FLANGES, CUNHA BORRACHA, CORPO CURTO E CABEÇOTE, TIP O EURO 23,  PN16, DIAM  = 150MM","UN",12,{"$f":"SUMIF('Composições (ORSE)'!D:D,E38,'Composições (ORSE)'!K:K)","v":461.35},539.27,6471.24,null,589.22,461.35,0.217]
[null,"1.1.24","INSUMO","SINAPI",6027,"REGISTRO GAVETA BRUTO EM LATAO FORJADO, BITOLA 4 \" (REF 1509)","UN    ",2,{"$f":"SUMIF('Composições (SINAPI)'!D:D,E39,'Composições (SINAPI)'!K:K)","v":373.68},436.79,873.58,null,477.25,373.68,0.217]
[null,"1.1.25","INSUMO","SINAPI",6012,"REGISTRO GAVETA BRUTO EM LATAO FORJADO, BITOLA 3 \" (REF 1509)","UN    ",3,{"$f":"SUMIF('Composições (SINAPI)'!D:D,E40,'Composições (SINAPI)'!K:K)","v":179.33},209.62,628.86,null,229.04,179.33,0.217]
[null,"1.1.26","INSUMO","SINAPI",6019,"REGISTRO GAVETA BRUTO EM LATAO FORJADO, BITOLA 1 \" (REF 1509)","UN    ",1,{"$f":"SUMIF('Composições (SINAPI)'!D:D,E41,'Composições (SINAPI)'!K:K)","v":29.8},34.83,34.83,null,38.06,29.8,0.217]
[null,"1.1.27","INSUMO","SEINFRA","I7471","VOLANTE EM FERRO DÚCTIL COM CUNHA METÁLICA 18","UN",8,{"$f":"SUMIF('Composições (SEINFRA)'!D:D,E42,'Composições (SEINFRA)'!K:K)","v":161.86000000000001},189.2,1513.6,null,206.73,161.86000000000001,0.217]
[null,"1.1.28","INSUMO","Comprasnet",5524,"JUNTA GIBAULT EM FOFO, D=  150MM","UN",4,{"$f":"SUMIF('Composições (CODEVASF)'!D:D,E43,'Composições (CODEVASF)'!K:K)","v":151.31},176.87,707.48,null,193.25,151.31,0.217]
[null,"1.1.29","INSUMO","ORSE",5762,"TOCO EM FOFO C/ FLANGES PN 10 / 16, COMP. = 0,25M, D=  150MM","UN",20,{"$f":"SUMIF('Composições (ORSE)'!D:D,E44,'Composições (ORSE)'!K:K)","v":198.36},231.86,4637.2,null,253.34,198.36,0.217]
[null,"1.1.30","INSUMO","ORSE",5764,"TOCO EM FOFO C/ FLANGES PN 10 / 16, COMP. = 0,50M, D=  150MM","UN",4,{"$f":"SUMIF('Composições (ORSE)'!D:D,E45,'Composições (ORSE)'!K:K)","v":257.29000000000002},300.75,1203,null,328.6,257.29000000000002,0.217]
[null,"1.1.31","INSUMO","ORSE",5765,"TOCO EM FOFO C/ FLANGES PN 10, COMP. = 0,25M, D=  200MM","UN",8,{"$f":"SUMIF('Composições (ORSE)'!D:D,E46,'Composições (ORSE)'!K:K)","v":266.91000000000003},311.99,2495.92,null,340.89,266.91000000000003,0.217]
[null,"1.1.32","INSUMO","ORSE",5768,"TOCO EM FOFO C/ FLANGES PN 10, COMP. = 0,50M, D=  200MM","UN",8,{"$f":"SUMIF('Composições (ORSE)'!D:D,E47,'Composições (ORSE)'!K:K)","v":323.8},378.49,3027.92,null,413.55,323.8,0.217]
[null,"1.1.33","INSUMO","ORSE",5875,"TUBO EM FOFO, PONTA E FLANGE PN 10 / 16, D=  150MM, L=1,00M","UN",8,{"$f":"SUMIF('Composições (ORSE)'!D:D,E48,'Composições (ORSE)'!K:K)","v":411.96},481.54,3852.32,null,526.14,411.96,{"$f":"IF(I48=0,\" \",ROUND(1-(I48/M48),4))","v":0.217}]
[null,"1.1.34","INSUMO","ORSE",12349,"TUBO EM FERRO FUNDIDO, C/ FLANGES PN 10, DIAM. = 200MM, L=1,20M","UN",8,{"$f":"SUMIF('Composições (ORSE)'!D:D,E49,'Composições (ORSE)'!K:K)","v":676.48},790.74,6325.92,null,863.97,676.48,0.217]
[null,"1.1.35","INSUMO","ORSE",5861,"TUBO EM FOFO, JE, PONTA / BOLSA, CLASSE K 7, D=  150MM","M",12,{"$f":"SUMIF('Composições (ORSE)'!D:D,E50,'Composições (ORSE)'!K:K)","v":163.21},190.78,2289.36,null,208.45,163.21,0.217]
[null,"1.1.36","INSUMO","SEINFRA","I5750","VALVULA RETENÇÃO DN 150 PN16 FECH. RÁPIDO (CLASAR)","UN",4,{"$f":"SUMIF('Composições (SEINFRA)'!D:D,E51,'Composições (SEINFRA)'!K:K)","v":747.33},873.55,3494.2,null,954.45,747.33,0.217]
[null,"1.1.37","INSUMO","SEINFRA","I5751","VALVULA RETENÇÃO DN 200 PN16 FECH. RÁPIDO (CLASAR)","UN",8,{"$f":"SUMIF('Composições (SEINFRA)'!D:D,E52,'Composições (SEINFRA)'!K:K)","v":1079.48},1261.8,10094.4,null,1378.65,1079.48,0.217]
[null,"1.1.38","INSUMO","ORSE",5725,"TÊ EM FOFO C/ FLANGES PN 10 / 16, D=  150 X  150MM","UN",4,{"$f":"SUMIF('Composições (ORSE)'!D:D,E53,'Composições (ORSE)'!K:K)","v":269.14999999999998},314.61,1258.44,null,343.75,269.14999999999998,0.217]
[null,"1.1.39","INSUMO","ORSE",6428,"VENTOSA SIMPLES COM ROSCA DIAM 1\"","UN",9,{"$f":"SUMIF('Composições (ORSE)'!D:D,E54,'Composições (ORSE)'!K:K)","v":234.57},274.19,2467.71,null,299.58,234.57,0.217]
[null,"1.1.40","INSUMO","SEINFRA","I2929","COLAR DE TOMADA FoFo P/TUBOS PVC / DEFoFo DN 150 x 1\"","UN",8,{"$f":"SUMIF('Composições (SEINFRA)'!D:D,E55,'Composições (SEINFRA)'!K:K)","v":37.81},44.2,353.6,null,48.29,37.81,0.217]
[null,"1.1.41","INSUMO","SEINFRA","I1954","TE AÇO GALVANIZADO DE 4'","UN",1,{"$f":"SUMIF('Composições (SEINFRA)'!D:D,E56,'Composições (SEINFRA)'!K:K)","v":101.55},118.7,118.7,null,129.69999999999999,101.55,0.217]
[null,"1.1.42","INSUMO","SEINFRA","I2916","COLAR DE TOMADA FoFo P/ TUBOS DE PVC DN 75 x 1\"","UN",3,{"$f":"SUMIF('Composições (SEINFRA)'!D:D,E57,'Composições (SEINFRA)'!K:K)","v":23.89},27.93,83.79,null,30.52,23.89,0.2172]
[null,"1.1.43","INSUMO","SEINFRA","I2163","TUBO AÇO GALVANIZADO DE 100MM (4')","M",36,{"$f":"SUMIF('Composições (SEINFRA)'!D:D,E58,'Composições (SEINFRA)'!K:K)","v":60.6},70.84,2550.2399999999998,null,77.400000000000006,60.6,0.21709999999999999]
[null,"1.1.44","INSUMO","SEINFRA","I2173","TUBO AÇO GALVANIZADO DE 80MM (3')","M",6,{"$f":"SUMIF('Composições (SEINFRA)'!D:D,E59,'Composições (SEINFRA)'!K:K)","v":37.47},43.8,262.8,null,47.86,37.47,0.21709999999999999]
[null,"1.1.45","INSUMO","SEINFRA","I1951","TE AÇO GALVANIZADO DE 3'","UN",1,{"$f":"SUMIF('Composições (SEINFRA)'!D:D,E60,'Composições (SEINFRA)'!K:K)","v":51.95},60.72,60.72,null,66.349999999999994,51.95,0.217]
[null,"1.1.46","INSUMO","SINAPI",1780,"CURVA 45 GRAUS DE FERRO GALVANIZADO, COM ROSCA BSP FEMEA, DE 4\"","UN    ",2,{"$f":"SUMIF('Composições (SINAPI)'!D:D,E61,'Composições (SINAPI)'!K:K)","v":259.68},303.54000000000002,607.08000000000004,null,331.65,259.68,0.217]
[null,"1.1.47","INSUMO","SINAPI",1792,"CURVA 90 GRAUS DE FERRO GALVANIZADO, COM ROSCA BSP FEMEA, DE 3\"","UN    ",4,{"$f":"SUMIF('Composições (SINAPI)'!D:D,E62,'Composições (SINAPI)'!K:K)","v":133.97},156.6,626.4,null,171.11,133.97,0.21709999999999999]
[null,"1.1.48","INSUMO","SINAPI",1793,"CURVA 90 GRAUS DE FERRO GALVANIZADO, COM ROSCA BSP FEMEA, DE 4\"","UN    ",2,{"$f":"SUMIF('Composições (SINAPI)'!D:D,E63,'Composições (SINAPI)'!K:K)","v":270.72000000000003},316.44,632.88,null,345.75,270.72000000000003,0.217]
[null,"1.1.49","INSUMO","ORSE",5158,"ADAPTADOR DE PVC JE, BOLSA E ROSCA, PBA, D=  100MM","UN",8,{"$f":"SUMIF('Composições (ORSE)'!D:D,E64,'Composições (ORSE)'!K:K)","v":56.39},65.91,527.28,null,72.03,56.39,0.21709999999999999]
[null,"1.1.50","INSUMO","ORSE","5157*","ADAPTADOR DE PVC JE, BOLSA E ROSCA, PBA, D=   75MM","UN",10,{"$f":"SUMIF('Composições (ORSE)'!D:D,E65,'Composições (ORSE)'!K:K)","v":39.43},46.09,460.9,null,50.37,39.43,0.2172]
[null,"1.1.51","INSUMO","SINAPI",9890,"UNIAO DE FERRO GALVANIZADO, COM ROSCA BSP, COM ASSENTO PLANO, DE 3\"","UN    ",2,{"$f":"SUMIF('Composições (SINAPI)'!D:D,E66,'Composições (SINAPI)'!K:K)","v":112.97},132.05000000000001,264.10000000000002,null,144.29,112.97,0.21709999999999999]
[null,"1.1.52","INSUMO","SINAPI",10406,"VALVULA DE RETENCAO HORIZONTAL, DE BRONZE (PN-25), 3\", 400 PSI, TAMPA DE PORCA DE UNIAO, EXTREMIDADES COM ROSCA","UN    ",1,{"$f":"SUMIF('Composições (SINAPI)'!D:D,E67,'Composições (SINAPI)'!K:K)","v":260.26},304.22000000000003,304.22000000000003,null,332.39,260.26,0.217]
[null,"1.1.53","INSUMO","SINAPI",3148,"FITA VEDA ROSCA EM ROLOS DE 18 MM X 50 M (L X C)","UN    ",10,{"$f":"SUMIF('Composições (SINAPI)'!D:D,E68,'Composições (SINAPI)'!K:K)","v":6.84},8,80,null,8.74,6.84,0.21740000000000001]
[null,"1.1.54","INSUMO","SINAPI",4182,"NIPLE DE FERRO GALVANIZADO, COM ROSCA BSP, DE 3\"","UN    ",4,{"$f":"SUMIF('Composições (SINAPI)'!D:D,E69,'Composições (SINAPI)'!K:K)","v":37.869999999999997},44.27,177.08,null,48.37,37.869999999999997,0.21709999999999999]
[null,"1.1.55","INSUMO","SINAPI",4183,"NIPLE DE FERRO GALVANIZADO, COM ROSCA BSP, DE 4\"","UN    ",2,{"$f":"SUMIF('Composições (SINAPI)'!D:D,E70,'Composições (SINAPI)'!K:K)","v":60.97},71.27,142.54,null,77.87,60.97,0.217]
[null,"1.1.56","INSUMO","Comprasnet",20055,"REGISTRO DE ESFERA, PVC, COM VOLANTE, VS, ROSCAVEL, DN 1\", COM CORPO DIVIDIDO","UN",8,{"$f":"SUMIF('Composições (CODEVASF)'!D:D,E71,'Composições (CODEVASF)'!K:K)","v":8.11},9.48,75.84,null,10.36,8.11,0.2172]
[null,"1.1.57","INSUMO","Comprasnet",5524,"JUNTA GIBAULT EM FOFO, D=  150MM","UN",8,{"$f":"SUMIF('Composições (CODEVASF)'!D:D,E72,'Composições (CODEVASF)'!K:K)","v":151.31},176.87,{"$f":"ROUND(J72*H72,2)","v":1414.96},null,193.25,151.31,0.217]
[null,"1.1.58","INSUMO","ORSE",11429,"CADEADO 60MM, PADO OU SIMILAR","UN",8,{"$f":"SUMIF('Composições (ORSE)'!D:D,E73,'Composições (ORSE)'!K:K)","v":42.64},49.84,398.72,null,54.46,42.64,0.217]
[null,"1.1.59","INSUMO","SINAPI",5086,"CORRENTE DE ELO CURTO COMUM, SOLDADA, GALVANIZADA, ESPESSURA DO ELO = 1/2\" (12,5 MM)","KG    ",32,{"$f":"SUMIF('Composições (SINAPI)'!D:D,E74,'Composições (SINAPI)'!K:K)","v":16.52},19.309999999999999,617.91999999999996,null,21.1,16.52,0.21709999999999999]
[null,"1.1.60","INSUMO","Comprasnet",5196,"ARRUELA DE BORRACHA PARA JUNTA C/ FLANGE PN 10, D=   80MM","UN",10,{"$f":"SUMIF('Composições (CODEVASF)'!D:D,E75,'Composições (CODEVASF)'!K:K)","v":1.52},1.78,17.8,null,1.95,1.52,0.2205]
[null,"1.1.61","INSUMO","Comprasnet",5197,"ARRUELA DE BORRACHA PARA JUNTA C/ FLANGE PN 10, D=  100MM","UN",10,{"$f":"SUMIF('Composições (CODEVASF)'!D:D,E76,'Composições (CODEVASF)'!K:K)","v":1.55},1.81,18.100000000000001,null,1.98,1.55,0.2172]
[null,"1.1.62","INSUMO","Comprasnet",5198,"ARRUELA DE BORRACHA PARA JUNTA C/ FLANGE PN 10, D=  150MM","UN",136,{"$f":"SUMIF('Composições (CODEVASF)'!D:D,E77,'Composições (CODEVASF)'!K:K)","v":2.34},2.74,372.64,null,3,2.34,0.22]
[null,"1.1.63","INSUMO","ORSE",5199,"ARRUELA DE BORRACHA PARA JUNTA C/ FLANGE PN 10, D=  200MM","UN",104,{"$f":"SUMIF('Composições (ORSE)'!D:D,E78,'Composições (ORSE)'!K:K)","v":3.28},3.83,398.32,null,4.2,3.28,0.219]
[null,"1.1.64","INSUMO","ORSE",5174,"ANEL DE BORRACHA P/ TUBO OU CONEXÃO EM FOFO JE, D=  150MM","UN",24,{"$f":"SUMIF('Composições (ORSE)'!D:D,E79,'Composições (ORSE)'!K:K)","v":10.24},11.97,287.27999999999997,null,13.09,10.24,0.2177]
[null,"1.1.65","INSUMO","ORSE",5175,"ANEL DE BORRACHA P/ TUBO OU CONEXÃO EM FOFO JE, D=  200MM","UN",24,{"$f":"SUMIF('Composições (ORSE)'!D:D,E80,'Composições (ORSE)'!K:K)","v":12.86},15.03,360.72,null,16.43,12.86,0.21729999999999999]
[null,"1.1.66","INSUMO","Comprasnet",5245,"PARAFUSO E PORCA PARA JUNTA C/ FLANGE D X L = 20 X  90MM","UN",2040,{"$f":"SUMIF('Composições (CODEVASF)'!D:D,E81,'Composições (CODEVASF)'!K:K)","v":6.97},{"$f":"ROUND(IF(C81 = \"SERVIÇO\", I81 * (1 + $I$11), IF(C81 = \"INSUMO\", (I81 * (1 + $K$11)))),2)","v":8.15},16626,null,8.91,6.97,0.2177]
[null,"1.1.67","INSUMO","ORSE",3529,"DOBRADIÇA EM CHAPA DE AÇO CARBONO, ESP 1/8\", FABRICADA ARTESANALMENTE, 4\" X 2 \"","UN",30,{"$f":"SUMIF('Composições (ORSE)'!D:D,E82,'Composições (ORSE)'!K:K)","v":27.99},{"$f":"ROUND(IF(C82 = \"SERVIÇO\", I82 * (1 + $I$11), IF(C82 = \"INSUMO\", (I82 * (1 + $K$11)))),2)","v":32.72},981.6,null,35.75,27.99,0.21709999999999999]
[null,"1.2","FORNECIMENTO DOS MATERIAIS PARA O SISTEMA ELÉTRICO DA CAPTAÇÃO",{"$nulls":7},{"$f":"SUM(K84:K119)","v":102178.82}]
[null,"1.2.1","INSUMO","ORSE",451,"CAIXA DE PVC 4\" X  2\" , EMBUTIR, P/ELETRODUTO (PRETA)","UN",22,{"$f":"SUMIF('Composições (ORSE)'!D:D,E84,'Composições (ORSE)'!K:K)","v":0.98},{"$f":"ROUND(IF(C84 = \"SERVIÇO\", I84 * (1 + $I$11), IF(C84 = \"INSUMO\", (I84 * (1 + $K$11)))),2)","v":1.1499999999999999},25.3,null,1.26,0.98,{"$f":"IF(I84=0,\" \",ROUND(1-(I84/M84),4))","v":0.22220000000000001}]
[null,"1.2.2","INSUMO","ORSE",9723,"TAMPA REFORÇADA EM FERRO FUNDIDO D=300MM, C/ESCOTILHA QUADRADA E ARTICULADA,  P/CX.ATERRAMENTO, REF:TEL-536 OU SIMILAR (SPDA)","UN",24,{"$f":"SUMIF('Composições (ORSE)'!D:D,E85,'Composições (ORSE)'!K:K)","v":77.349999999999994},90.41,2169.84,null,98.79,77.349999999999994,0.217]
[null,"1.2.3","INSUMO","ORSE",9722,"CORPO DA CAIXA DE INSPEÇÃO EM PVC P/ATERRAMENTO D=300MM, REDONDA, H=300MM, RE F: TEL-552 OU SIMILAR (SPDA)","UN",24,{"$f":"SUMIF('Composições (ORSE)'!D:D,E86,'Composições (ORSE)'!K:K)","v":16.38},19.149999999999999,459.6,null,20.93,16.38,0.21740000000000001]
[null,"1.2.4","INSUMO","ORSE",485,"CAIXA DE PASSAGEM 30X30CM, EM CHAPA DE AÇO GALVANIZADO P/ELETRICA","UN",38,{"$f":"SUMIF('Composições (ORSE)'!D:D,E87,'Composições (ORSE)'!K:K)","v":28.18},32.94,1251.72,null,36,28.18,0.2172]
[null,"1.2.5","INSUMO","SINAPI",12001,"CAIXA OCTOGONAL DE FUNDO MOVEL, EM PVC, DE 4\" X 4\", PARA ELETRODUTO FLEXIVEL CORRUGADO","UN    ",6,{"$f":"SUMIF('Composições (SINAPI)'!D:D,E88,'Composições (SINAPI)'!K:K)","v":3.97},4.6399999999999997,27.84,null,5.08,3.97,0.2185]
[null,"1.2.6","INSUMO","SINAPI",39246,"ELETRODUTODUTO PEAD FLEXIVEL PAREDE SIMPLES, CORRUGACAO HELICOIDAL, COR PRETA, SEM ROSCA, DE 1 1/2\",  PARA CABEAMENTO SUBTERRANEO (NBR 15715)","M     ",303.33999999999997,{"$f":"SUMIF('Composições (SINAPI)'!D:D,E89,'Composições (SINAPI)'!K:K)","v":2.09},2.44,740.15,null,2.67,2.09,0.2172]
[null,"1.2.7","INSUMO","SINAPI",39247,"ELETRODUTODUTO PEAD FLEXIVEL PAREDE SIMPLES, CORRUGACAO HELICOIDAL, COR PRETA, SEM ROSCA, DE 1 1/4\",  PARA CABEAMENTO SUBTERRANEO (NBR 15715)","M     ",1.52,{"$f":"SUMIF('Composições (SINAPI)'!D:D,E90,'Composições (SINAPI)'!K:K)","v":1.82},2.13,3.24,null,2.33,1.82,0.21890000000000001]
[null,"1.2.8","INSUMO","SINAPI",39244,"ELETRODUTO PVC FLEXIVEL CORRUGADO, REFORCADO, COR LARANJA, DE 25 MM, PARA LAJES E PISOS","M     ",285.06,{"$f":"SUMIF('Composições (SINAPI)'!D:D,E91,'Composições (SINAPI)'!K:K)","v":1.81},2.12,604.33000000000004,null,2.3199999999999998,1.81,0.2198]
[null,"1.2.9","INSUMO","SINAPI",2504,"ELETRODUTO FLEXIVEL, EM ACO GALVANIZADO, REVESTIDO EXTERNAMENTE COM PVC PRETO, DIAMETRO EXTERNO DE 25 MM (3/4\"), TIPO SEALTUBO","M     ",12.84,{"$f":"SUMIF('Composições (SINAPI)'!D:D,E92,'Composições (SINAPI)'!K:K)","v":9.6},11.22,144.06,null,12.27,9.6,0.21759999999999999]
[null,"1.2.10","INSUMO","SINAPI",2502,"ELETRODUTO FLEXIVEL, EM ACO GALVANIZADO, REVESTIDO EXTERNAMENTE COM PVC PRETO, DIAMETRO EXTERNO DE 40 MM (1 1/4\"), TIPO SEALTUBO","M     ",37.22,{"$f":"SUMIF('Composições (SINAPI)'!D:D,E93,'Composições (SINAPI)'!K:K)","v":19.010000000000002},22.22,827.03,null,24.28,19.010000000000002,0.21709999999999999]
[null,"1.2.11","INSUMO","Comprasnet",9422,"LUMINÁRIA EXTERNA EM CORPO DE AÇO C/ PINTURA ELETROSTÁTICA, REFLETOR EM ALUMÍ NIO MARTELADO, DIFUSOR EM VIDRO TEMPERADO, INCLUISIVE POSTE DE 4M, REF. EX08- S1E40T4 DA LUMICENTER OU SIMILAR","UN",16,{"$f":"SUMIF('Composições (CODEVASF)'!D:D,E94,'Composições (CODEVASF)'!K:K)","v":398.46},465.76,7452.16,null,508.9,398.46,0.217]
[null,"1.2.12","INSUMO","SEINFRA","I7926","ARANDELA PARA FLUORESCENTE COMPACTA 18W EM ALUMÍNIO ANODIZADO E PINTADO POR PROCESSO ELETROSTÁTICO COM UM VISOR EM VIDRO FOSCO","UN",8,{"$f":"SUMIF('Composições (SEINFRA)'!D:D,E95,'Composições (SEINFRA)'!K:K)","v":107.8},126.01,1008.08,null,137.68,107.8,0.217]
[null,"1.2.13","INSUMO","SEINFRA","I1363","LUMINARIA FLUORESCENTE 2X20W COMPLETA COM LAMPADA","UN",6,{"$f":"SUMIF('Composições (SEINFRA)'!D:D,E96,'Composições (SEINFRA)'!K:K)","v":36.01},42.09,252.54,null,46,36.01,0.2172]
[null,"1.2.14","INSUMO","ORSE",1094,"HASTE COBREADA COPPERWELD P/ ATERRAMENTO 254 MICR D= 3/4\" X 3,00 M C/CONECTOR","UN",24,{"$f":"SUMIF('Composições (ORSE)'!D:D,E97,'Composições (ORSE)'!K:K)","v":38.75},45.29,1086.96,null,49.5,38.75,0.2172]
[null,"1.2.15","INSUMO","ORSE",1117,"INTERRUPTOR EMBUTIR 01 SEÇÃO SIMPLES COM PLACA","UN",4,{"$f":"SUMIF('Composições (ORSE)'!D:D,E98,'Composições (ORSE)'!K:K)","v":2.66},3.11,12.44,null,3.4,2.66,0.21759999999999999]
[null,"1.2.16","INSUMO","ORSE",9103,"INTERRUPTOR 02 SEÇÕES SIMPLES, DE EMBUTIR, COM PLACA, CONJUGADO COM TOMADA 2P +T, ABNT, 10A","UN",2,{"$f":"SUMIF('Composições (ORSE)'!D:D,E99,'Composições (ORSE)'!K:K)","v":12.05},14.09,28.18,null,15.4,12.05,0.2175]
[null,"1.2.17","INSUMO","SINAPI",39756,"QUADRO DE DISTRIBUICAO COM BARRAMENTO TRIFASICO, DE SOBREPOR, EM CHAPA DE ACO GALVANIZADO, PARA 12 DISJUNTORES DIN, 100 A","UN    ",6,{"$f":"SUMIF('Composições (SINAPI)'!D:D,E100,'Composições (SINAPI)'!K:K)","v":195.59},228.63,1371.78,null,249.8,195.59,0.217]
[null,"1.2.18","INSUMO","SEINFRA","I5995","PAINEL ELETRICO C/2 SOFT START 7,5CV,380V/60Hz","UN",4,{"$f":"SUMIF('Composições (SEINFRA)'!D:D,E101,'Composições (SEINFRA)'!K:K)","v":10492.2},12264.33,49057.32,null,13400,10492.2,0.217]
[null,"1.2.19","INSUMO","SEINFRA","I5996","PAINEL ELETRICO C/2 SOFT START 10CV,380V,60Hz","UN",2,{"$f":"SUMIF('Composições (SEINFRA)'!D:D,E102,'Composições (SEINFRA)'!K:K)","v":10680.12},12483.99,24967.98,null,13640,10680.12,0.217]
[null,"1.2.21","INSUMO","ORSE",9096,"TOMADA 2P + T, ABNT, DE EMBUTIR, 10 A, COM PLACA EM PVC","UN",8,{"$f":"SUMIF('Composições (ORSE)'!D:D,E103,'Composições (ORSE)'!K:K)","v":5.32},6.22,49.76,null,6.8,5.32,0.21759999999999999]
[null,"1.2.22","INSUMO","SINAPI",2510,"RELE FOTOELETRICO INTERNO E EXTERNO BIVOLT 1000 W, DE CONECTOR, SEM BASE","UN    ",16,{"$f":"SUMIF('Composições (SINAPI)'!D:D,E104,'Composições (SINAPI)'!K:K)","v":12.91},15.09,241.44,null,16.5,12.91,0.21759999999999999]
[null,"1.2.23","INSUMO","ORSE",2622,"BASE FIXA PARA RELÉ FOTO ELÉTRICO","UN",16,{"$f":"SUMIF('Composições (ORSE)'!D:D,E105,'Composições (ORSE)'!K:K)","v":4.46},5.21,83.36,null,5.7,4.46,0.2175]
[null,"1.2.25","INSUMO","ORSE",3925,"CONDULETE TIPO \"T\" DE 1 1/2\" EM ALUMÍNIO FUNDIDO A PROVA DE TEMPO, GASES, VAP ORES E PÓS.","UN",6,{"$f":"SUMIF('Composições (ORSE)'!D:D,E106,'Composições (ORSE)'!K:K)","v":18},21.04,126.24,null,23,18,0.21740000000000001]
[null,"1.2.27","INSUMO","Comprasnet","I8500","CABO BLINDADO FLEXÍVEL TETRAPOLAR 3 x 10,0 mm² + 10,0 mm² 0,6/1 KV","M",268.45999999999998,{"$f":"SUMIF('Composições (CODEVASF)'!D:D,E107,'Composições (CODEVASF)'!K:K)","v":12.33},14.41,3868.51,null,15.75,12.33,0.21709999999999999]
[null,"1.2.28","INSUMO","SINAPI",1574,"TERMINAL A COMPRESSAO EM COBRE ESTANHADO PARA CABO 10 MM2, 1 FURO E 1 COMPRESSAO, PARA PARAFUSO DE FIXACAO M6","UN    ",100,{"$f":"SUMIF('Composições (SINAPI)'!D:D,E108,'Composições (SINAPI)'!K:K)","v":0.88},1.03,103,null,1.1299999999999999,0.88,0.22120000000000001]
[null,"1.2.29","INSUMO","Comprasnet",39259,"CABO MULTIPOLAR DE COBRE, FLEXIVEL, CLASSE 4 OU 5, ISOLACAO EM HEPR, COBERTURA EM PVC-ST2, ANTICHAMA BWF-B, 0,6/1 KV, 3 CONDUTORES DE 4 MM2","M",256.88,{"$f":"SUMIF('Composições (CODEVASF)'!D:D,E109,'Composições (CODEVASF)'!K:K)","v":4.28},5,1284.4000000000001,null,5.47,4.28,0.21759999999999999]
[null,"1.2.30","INSUMO","Comprasnet","I8498","CABO BLINDADO FLEXÍVEL TETRAPOLAR 3 x 4,0 mm² + 4,0 mm² 0,6/1 KV","M",289.7,{"$f":"SUMIF('Composições (CODEVASF)'!D:D,E110,'Composições (CODEVASF)'!K:K)","v":5.23},6.11,{"$f":"ROUND(J110*H110,2)","v":1770.07},null,6.68,5.23,0.21709999999999999]
[null,"1.2.31","INSUMO","SINAPI",1571,"TERMINAL A COMPRESSAO EM COBRE ESTANHADO PARA CABO 4 MM2, 1 FURO E 1 COMPRESSAO, PARA PARAFUSO DE FIXACAO M5","UN    ",96,{"$f":"SUMIF('Composições (SINAPI)'!D:D,E111,'Composições (SINAPI)'!K:K)","v":0.68},0.79,75.84,null,0.87,0.68,0.21840000000000001]
[null,"1.2.32","INSUMO","SEINFRA","I0336","CABO COBRE NU 10MM2","M",146.84,{"$f":"SUMIF('Composições (SEINFRA)'!D:D,E112,'Composições (SEINFRA)'!K:K)","v":2.95},3.45,506.6,null,3.77,2.95,0.2175]
[null,"1.2.33","INSUMO","SINAPI",34653,"DISJUNTOR TIPO DIN/IEC, MONOPOLAR DE 6  ATE  32A","UN    ",16,{"$f":"SUMIF('Composições (SINAPI)'!D:D,E113,'Composições (SINAPI)'!K:K)","v":7.65},8.94,143.04,null,9.7799999999999994,7.65,0.21779999999999999]
[null,"1.2.34","INSUMO","SINAPI",34709,"DISJUNTOR TIPO DIN/IEC, TRIPOLAR DE 10 ATE 50A","UN    ",36,{"$f":"SUMIF('Composições (SINAPI)'!D:D,E114,'Composições (SINAPI)'!K:K)","v":53.79},62.88,2263.6799999999998,null,68.7,53.79,0.217]
[null,"1.2.35","INSUMO","Comprasnet",1014,"CABO DE COBRE, FLEXIVEL, CLASSE 4 OU 5, ISOLACAO EM PVC/A, ANTICHAMA BWF-B, 1 CONDUTOR, 450/750 V, SECAO NOMINAL 2,5 MM2 (FASE - VERMELHO)","M",42.28,{"$f":"SUMIF('Composições (CODEVASF)'!D:D,E115,'Composições (CODEVASF)'!K:K)","v":0.45},0.53,22.41,null,0.57999999999999996,0.45,0.22409999999999999]
[null,"1.2.36","INSUMO","Comprasnet",1014,"CABO DE COBRE, FLEXIVEL, CLASSE 4 OU 5, ISOLACAO EM PVC/A, ANTICHAMA BWF-B, 1 CONDUTOR, 450/750 V, SECAO NOMINAL 2,5 MM2 (FASE - PRETO)","M",54.14,{"$f":"SUMIF('Composições (CODEVASF)'!D:D,E116,'Composições (CODEVASF)'!K:K)","v":0.45},0.53,28.69,null,0.57999999999999996,0.45,0.22409999999999999]
[null,"1.2.37","INSUMO","Comprasnet",1014,"CABO DE COBRE, FLEXIVEL, CLASSE 4 OU 5, ISOLACAO EM PVC/A, ANTICHAMA BWF-B, 1 CONDUTOR, 450/750 V, SECAO NOMINAL 2,5 MM2 (NEUTRO - AZUL)","M",95.42,{"$f":"SUMIF('Composições (CODEVASF)'!D:D,E117,'Composições (CODEVASF)'!K:K)","v":0.45},0.53,50.57,null,0.57999999999999996,0.45,0.22409999999999999]
[null,"1.2.38","INSUMO","Comprasnet",1014,"CABO DE COBRE, FLEXIVEL, CLASSE 4 OU 5, ISOLACAO EM PVC/A, ANTICHAMA BWF-B, 1 CONDUTOR, 450/750 V, SECAO NOMINAL 2,5 MM2 (RETORNO - BRANCO)","M",37.9,{"$f":"SUMIF('Composições (CODEVASF)'!D:D,E118,'Composições (CODEVASF)'!K:K)","v":0.45},0.53,20.09,null,0.57999999999999996,0.45,0.22409999999999999]
[null,"1.2.39","INSUMO","Comprasnet",1014,"CABO DE COBRE, FLEXIVEL, CLASSE 4 OU 5, ISOLACAO EM PVC/A, ANTICHAMA BWF-B, 1 CONDUTOR, 450/750 V, SECAO NOMINAL 2,5 MM2 (TERRA - VERDE)","M",95.42,{"$f":"SUMIF('Composições (CODEVASF)'!D:D,E119,'Composições (CODEVASF)'!K:K)","v":0.45},0.53,50.57,null,0.57999999999999996,0.45,0.22409999999999999]
[null,"1.3","FORNECIMENTO DOS MATERIAIS PARA EXTENSÃO DE REDE PARA O SISTEMA ELÉTRICO DA CAPTAÇÃO",{"$nulls":7},{"$f":"SUM(K121:K123)","v":51257.74}]
[null,"1.3.1","INSUMO","SEINFRA","I8150","MATERIAIS E ACESSÓRIOS PARA REDE DE DISTRIBUIÇÃO RURAL PRIMÁRIA, TENSÃO DE 13,80 KV, PARA CABO DE ALUMÍNIO, COM ESTRUTURA DE ALINHAMENTO EM POSTE DE CONCRETO ARMADO DUPLO T 150/10 (CONDUTOR NÃO INCLUSO)","KM",1.27,{"$f":"SUMIF('Composições (SEINFRA)'!D:D,E121,'Composições (SEINFRA)'!K:K)","v":11534.85},{"$f":"ROUND(IF(C121 = \"SERVIÇO\", I121 * (1 + $I$11), IF(C121 = \"INSUMO\", (I121 * (1 + $K$11)))),2)","v":13483.09},17123.52,null,14731.61,11534.85,{"$f":"IF(I121=0,\" \",ROUND(1-(I121/M121),4))","v":0.217}]
[null,"1.3.2","INSUMO","SEINFRA","I8156","CABO DE ALUMÍNIO COM ALMA DE AÇO, BITOLA 4 AWG, FORMAÇÃO 6/1 FIOS - SWAN","KM",3.81,{"$f":"SUMIF('Composições (SEINFRA)'!D:D,E122,'Composições (SEINFRA)'!K:K)","v":1162.68},{"$f":"ROUND(IF(C122 = \"SERVIÇO\", I122 * (1 + $I$11), IF(C122 = \"INSUMO\", (I122 * (1 + $K$11)))),2)","v":1359.06},{"$f":"ROUND(J122*H122,2)","v":5178.0200000000004},null,1484.91,1162.68,{"$f":"IF(I122=0,\" \",ROUND(1-(I122/M122),4))","v":0.217}]
[null,"1.3.3","INSUMO","SEINFRA","I8115","MATERIAIS E ACESSÓRIOS PARA SUBESTAÇÃO AÉREA DE 15 KVA / 13.800-380/220V COM QUADRO DE MEDIÇÃO E PROTEÇÃO GERAL","UN",5,{"$f":"SUMIF('Composições (SEINFRA)'!D:D,E123,'Composições (SEINFRA)'!K:K)","v":4954.4399999999996},{"$f":"ROUND(IF(C123 = \"SERVIÇO\", I123 * (1 + $I$11), IF(C123 = \"INSUMO\", (I123 * (1 + $K$11)))),2)","v":5791.24},28956.2,null,6327.52,4954.4399999999996,{"$f":"IF(I123=0,\" \",ROUND(1-(I123/M123),4))","v":0.217}]
[null,2,"ADUTORAS E DRENOS ",{"$nulls":7},{"$f":"K125","v":574430.80000000005}]
[null,"2.1","ADUTORA DE ÁGUA BRUTA  E DRENOS PARA ÁGUA DE LAVAGEM DOS FILTROS",{"$nulls":7},{"$f":"SUM(K126:K175)","v":574430.80000000005}]
[null,"2.1.1","INSUMO","Comprasnet",9828,"TUBO PVC DEFOFO, JEI, 1 MPA, DN 150 MM, PARA REDE DE  AGUA (NBR 7665)","M",4405,{"$f":"SUMIF('Composições (CODEVASF)'!D:D,E126,'Composições (CODEVASF)'!K:K)","v":30.46},{"$f":"ROUND(IF(C126 = \"SERVIÇO\", I126 * (1 + $I$11), IF(C126 = \"INSUMO\", (I126 * (1 + $K$11)))),2)","v":35.6},{"$f":"ROUND(J126*H126,2)","v":156818},null,38.909999999999997,30.46,{"$f":"IF(I126=0,\" \",ROUND(1-(I126/M126),4))","v":0.2172}]
[null,"2.1.2","INSUMO","Comprasnet",9825,"TUBO PVC DEFOFO, JEI, 1 MPA, DN 100 MM, PARA REDE DE AGUA (NBR 7665)","M",15150,{"$f":"SUMIF('Composições (CODEVASF)'!D:D,E127,'Composições (CODEVASF)'!K:K)","v":14.03},16.399999999999999,248460,null,17.920000000000002,14.03,0.21709999999999999]
[null,"2.1.3","INSUMO","Atas 8 e 24/2017 Codevasf",36374,"TUBO PVC PBA JEI, CLASSE 12, DN 100 MM, PARA REDE DE AGUA (NBR 5647)","M",10,{"$f":"SUMIF('Composições (CODEVASF)'!D:D,E128,'Composições (CODEVASF)'!K:K)","v":10.119999999999999},11.83,118.3,null,12.93,10.119999999999999,0.21729999999999999]
[null,"2.1.4","INSUMO","SINAPI",36378,"TUBO PVC PBA JEI, CLASSE 20, DN 50 MM, PARA REDE DE AGUA (NBR 5647)","M     ",100,{"$f":"SUMIF('Composições (SINAPI)'!D:D,E129,'Composições (SINAPI)'!K:K)","v":13.07},15.28,1528,null,16.7,13.07,0.21740000000000001]
[null,"2.1.5","INSUMO","SINAPI",38033,"TUBO PVC CORRUGADO, PAREDE DUPLA, JE, DN 200 MM, REDE COLETORA ESGOTO","M     ",48,{"$f":"SUMIF('Composições (SINAPI)'!D:D,E130,'Composições (SINAPI)'!K:K)","v":37.700000000000003},44.07,2115.36,null,48.16,37.700000000000003,0.2172]
[null,"2.1.6","INSUMO","ORSE",5875,"TUBO EM FOFO, PONTA E FLANGE PN 10 / 16, D=  150MM, L=1,00M","UN",12,{"$f":"SUMIF('Composições (ORSE)'!D:D,E131,'Composições (ORSE)'!K:K)","v":411.96},481.54,5778.48,null,526.14,411.96,0.217]
[null,"2.1.7","INSUMO","ORSE",12349,"TUBO EM FERRO FUNDIDO, C/ FLANGES PN 10, DIAM. = 200MM, L=1,20M","UN",10,{"$f":"SUMIF('Composições (ORSE)'!D:D,E132,'Composições (ORSE)'!K:K)","v":676.48},790.74,7907.4,null,863.97,676.48,0.217]
[null,"2.1.8","INSUMO","ORSE",9528,"TUBO DE FERRO FUNDIDO, PONTA E FLANGE, PN 10/16, DN=100MM, L=1,20M","PÇ",10,{"$f":"SUMIF('Composições (ORSE)'!D:D,E133,'Composições (ORSE)'!K:K)","v":405.32},473.78,4737.8,null,517.66,405.32,0.217]
[null,"2.1.9","INSUMO","ORSE",5844,"TUBO EM FOFO, C/ FLANGES PN 10 / 16, D=  100MM, L=1,00M","UN",10,{"$f":"SUMIF('Composições (ORSE)'!D:D,E134,'Composições (ORSE)'!K:K)","v":456.82},533.98,5339.8,null,583.42999999999995,456.82,0.217]
[null,"2.1.10","INSUMO","ORSE",5777,"TOCO EM FOFO C/ FLANGES PN 25, COMP. = 0,25M, D=  100MM","UN",10,{"$f":"SUMIF('Composições (ORSE)'!D:D,E135,'Composições (ORSE)'!K:K)","v":164.65},192.46,1924.6,null,210.29,164.65,0.217]
[null,"2.1.11","INSUMO","ORSE",5386,"CURVA 90º, EM FOFO, C/ FLANGES PN 10 / 16, D=  100MM","UN",17,{"$f":"SUMIF('Composições (ORSE)'!D:D,E136,'Composições (ORSE)'!K:K)","v":122.64},143.35,2436.9499999999998,null,156.63999999999999,122.64,0.21709999999999999]
[null,"2.1.12","INSUMO","ORSE",6439,"VENTOSA TRÍPLICE FUNÇÃO,  PN 25, DIAM  = 50MM","UN",12,{"$f":"SUMIF('Composições (ORSE)'!D:D,E137,'Composições (ORSE)'!K:K)","v":842.24},984.49,11813.88,null,1075.67,842.24,0.217]
[null,"2.1.13","INSUMO","ORSE",6428,"VENTOSA SIMPLES COM ROSCA DIAM 1\"","UN",28,{"$f":"SUMIF('Composições (ORSE)'!D:D,E138,'Composições (ORSE)'!K:K)","v":234.57},274.19,7677.32,null,299.58,234.57,0.217]
[null,"2.1.14","INSUMO","ORSE",12533,"REGISTRO GAVETA FOFO, C/ FLANGES, CUNHA BORRACHA, CORPO CURTO E VOLANTE, TIPO EURO 23,  PN16, DIAM  = 50MM","UN",12,{"$f":"SUMIF('Composições (ORSE)'!D:D,E139,'Composições (ORSE)'!K:K)","v":260.31},304.27999999999997,3651.36,null,332.46,260.31,0.217]
[null,"2.1.15","INSUMO","Comprasnet",20055,"REGISTRO DE ESFERA, PVC, COM VOLANTE, VS, ROSCAVEL, DN 1\", COM CORPO DIVIDIDO","UN",28,{"$f":"SUMIF('Composições (CODEVASF)'!D:D,E140,'Composições (CODEVASF)'!K:K)","v":8.11},9.48,265.44,null,10.36,8.11,0.2172]
[null,"2.1.16","INSUMO","ORSE",5631,"REGISTRO GAVETA FOFO, C/ BOLSAS P/ TUBO DE PVC, CUNHA BORRACHA, CABEÇOTE, PN  10, TIPO EURO 24, D=  100MM","UN",14,{"$f":"SUMIF('Composições (ORSE)'!D:D,E141,'Composições (ORSE)'!K:K)","v":296.76},346.88,4856.32,null,379.01,296.76,0.217]
[null,"2.1.17","INSUMO","ORSE",5629,"REGISTRO GAVETA FOFO, C/ BOLSAS P/ TUBO DE PVC, CUNHA BORRACHA, CABEÇOTE, PN  10, TIPO EURO 24, D=   50MM","UN",11,{"$f":"SUMIF('Composições (ORSE)'!D:D,E142,'Composições (ORSE)'!K:K)","v":194.75},227.64,2504.04,null,248.73,194.75,0.217]
[null,"2.1.18","INSUMO","ORSE",5637,"REGISTRO GAVETA FOFO, C/ BOLSAS P/ TUBO FERRO DÚCTIL, CUNHA BORRACHA, CABEÇOT E, PN 16, TIPO EURO 25, D=  150MM","UN",9,{"$f":"SUMIF('Composições (ORSE)'!D:D,E143,'Composições (ORSE)'!K:K)","v":454.91},531.74,4785.66,null,580.99,454.91,0.217]
[null,"2.1.19","INSUMO","ORSE",6343,"REGISTRO GAVETA FOFO, C/ FLANGES, CUNHA BORRACHA, CORPO CURTO E CABEÇOTE, TIP O EURO 23,  PN16, DIAM  = 150MM","UN",4,{"$f":"SUMIF('Composições (ORSE)'!D:D,E144,'Composições (ORSE)'!K:K)","v":461.35},539.27,2157.08,null,589.22,461.35,0.217]
[null,"2.1.20","INSUMO","ORSE",6358,"REGISTRO GAVETA FOFO, C/ FLANGES, CUNHA BORRACHA, CORPO LONGO E CABEÇOTE, TIP O EURO 21,  PN16, DIAM  = 100MM","UN",11,{"$f":"SUMIF('Composições (ORSE)'!D:D,E145,'Composições (ORSE)'!K:K)","v":327.05},382.29,4205.1899999999996,null,417.69,327.05,0.217]
[null,"2.1.21","INSUMO","ORSE",5387,"CURVA 90º, EM FOFO, C/ FLANGES PN 10 / 16, D=  150MM","UN",8,{"$f":"SUMIF('Composições (ORSE)'!D:D,E146,'Composições (ORSE)'!K:K)","v":199.71},233.44,1867.52,null,255.06,199.71,0.217]
[null,"2.1.22","INSUMO","ORSE",12171,"CURVA 22º 30' C/ BOLSAS, EM FOFO, JE, D=  150MM","UN",16,{"$f":"SUMIF('Composições (ORSE)'!D:D,E147,'Composições (ORSE)'!K:K)","v":131.49},153.69999999999999,2459.1999999999998,null,167.94,131.49,0.217]
[null,"2.1.23","INSUMO","SEINFRA","I3348","CURVA 45 FoFo BB JUNTA ELÁSTICA DN 150","UN",39,{"$f":"SUMIF('Composições (SEINFRA)'!D:D,E148,'Composições (SEINFRA)'!K:K)","v":229.26},267.98,10451.219999999999,null,292.8,229.26,0.217]
[null,"2.1.24","INSUMO","Comprasnet","I3364","CURVA 90 FoFo BB JUNTA ELÁSTICA DN 150","UN",24,{"$f":"SUMIF('Composições (CODEVASF)'!D:D,E149,'Composições (CODEVASF)'!K:K)","v":164.11},191.83,4603.92,null,209.6,164.11,0.217]
[null,"2.1.25","INSUMO","Comprasnet",5359,"CURVA 90º C/ BOLSAS, EM FOFO, JE, D=  100MM","UN",31,{"$f":"SUMIF('Composições (CODEVASF)'!D:D,E150,'Composições (CODEVASF)'!K:K)","v":81.69},95.49,2960.19,null,104.34,81.69,0.21709999999999999]
[null,"2.1.26","INSUMO","ORSE",5307,"CURVA 22º 30' C/ BOLSAS, EM FOFO, JE, D=  100MM","UN",17,{"$f":"SUMIF('Composições (ORSE)'!D:D,E151,'Composições (ORSE)'!K:K)","v":97.2},113.62,1931.54,null,124.15,97.2,0.21709999999999999]
[null,"2.1.27","INSUMO","Comprasnet",5333,"CURVA 45º C/ BOLSAS, EM FOFO, JE, D=  100MM","UN",28,{"$f":"SUMIF('Composições (CODEVASF)'!D:D,E152,'Composições (CODEVASF)'!K:K)","v":75.95},88.78,2485.84,null,97,75.95,0.217]
[null,"2.1.28","INSUMO","ORSE",12174,"REDUÇÃO EXCENTRICA EM FOFO, C/ FLANGES PN 10 / 16, D=  100 X   50MM","UN",20,{"$f":"SUMIF('Composições (ORSE)'!D:D,E153,'Composições (ORSE)'!K:K)","v":264.91000000000003},309.64999999999998,6193,null,338.33,264.91000000000003,0.217]
[null,"2.1.29","INSUMO","SEINFRA","I2927","COLAR DE TOMADA FoFo P/TUBOS PVC / DEFoFo DN 100 x 1\"","UN",10,{"$f":"SUMIF('Composições (SEINFRA)'!D:D,E154,'Composições (SEINFRA)'!K:K)","v":30.35},{"$f":"ROUND(IF(C154 = \"SERVIÇO\", I154 * (1 + $I$11), IF(C154 = \"INSUMO\", (I154 * (1 + $K$11)))),2)","v":35.479999999999997},{"$f":"ROUND(J154*H154,2)","v":354.8},null,38.770000000000003,30.35,0.2172]
[null,"2.1.30","INSUMO","SEINFRA","I2904","COLAR DE TOMADA PVC C/TRAVAS SAIDA ROSC. DN 50 x 3/4\"","UN",18,{"$f":"SUMIF('Composições (SEINFRA)'!D:D,E155,'Composições (SEINFRA)'!K:K)","v":3.6},4.21,75.78,null,4.5999999999999996,3.6,0.21740000000000001]
[null,"2.1.31","INSUMO","ORSE",5722,"TÊ EM FOFO C/ FLANGES PN 10 / 16, D=  100 X  100MM","UN",10,{"$f":"SUMIF('Composições (ORSE)'!D:D,E156,'Composições (ORSE)'!K:K)","v":175.5},205.14,2051.4,null,224.15,175.5,0.217]
[null,"2.1.32","INSUMO","SINAPI",7048,"TE, PVC PBA, BBB, 90 GRAUS, DN 50 / DE 60 MM, PARA REDE AGUA (NBR 10351)","UN    ",11,{"$f":"SUMIF('Composições (SINAPI)'!D:D,E157,'Composições (SINAPI)'!K:K)","v":14.68},17.16,188.76,null,18.75,14.68,0.21709999999999999]
[null,"2.1.33","INSUMO","SEINFRA","I3083","ADAPTADOR PBA / BOLSA DEFoFo JE DN 50","UN",11,{"$f":"SUMIF('Composições (SEINFRA)'!D:D,E158,'Composições (SEINFRA)'!K:K)","v":11.43},13.36,146.96,null,14.6,11.43,{"$f":"IF(I158=0,\" \",ROUND(1-(I158/M158),4))","v":0.21709999999999999}]
[null,"2.1.34","INSUMO","SINAPI",3919,"LUVA DE REDUCAO DE FERRO GALVANIZADO, COM ROSCA BSP, DE 1\" X 3/4\"","UN    ",11,{"$f":"SUMIF('Composições (SINAPI)'!D:D,E159,'Composições (SINAPI)'!K:K)","v":5.84},6.83,75.13,null,7.46,5.84,0.2172]
[null,"2.1.35","INSUMO","ORSE",5704,"TÊ EM FOFO C/ BOLSAS, JE, D=  150 X  100MM","UN",13,{"$f":"SUMIF('Composições (ORSE)'!D:D,E160,'Composições (ORSE)'!K:K)","v":189.01},220.93,2872.09,null,241.4,189.01,0.217]
[null,"2.1.36","INSUMO","SEINFRA","I3577","TE FoFo BBF DN 150 x 50 PN10","UN",12,{"$f":"SUMIF('Composições (SEINFRA)'!D:D,E161,'Composições (SEINFRA)'!K:K)","v":268.56},313.92,3767.04,null,343,268.56,0.217]
[null,"2.1.37","INSUMO","SEINFRA","I3540","TE FoFo BBB JUNTA ELÁSTICA DN 100 x 100","UN",1,{"$f":"SUMIF('Composições (SEINFRA)'!D:D,E162,'Composições (SEINFRA)'!K:K)","v":260.14999999999998},304.08999999999997,304.08999999999997,null,332.25,260.14999999999998,0.217]
[null,"2.1.38","INSUMO","SEINFRA","I4059","REDUÇÃO PB JE FoFo/PVC DN 100 x 50","UN",1,{"$f":"SUMIF('Composições (SEINFRA)'!D:D,E163,'Composições (SEINFRA)'!K:K)","v":157.22},183.77,183.77,null,200.8,157.22,0.217]
[null,"2.1.39","INSUMO","SINAPI",3838,"LUVA DE CORRER DEFOFO, PVC, JE, DN 150 MM","UN    ",26,{"$f":"SUMIF('Composições (SINAPI)'!D:D,E164,'Composições (SINAPI)'!K:K)","v":39.61},46.3,1203.8,null,50.59,39.61,0.217]
[null,"2.1.40","INSUMO","SEINFRA","I6650","TUBO FoFo C/FLANGE E BOLSA DN 100 PN10 L=500","UN",4,{"$f":"SUMIF('Composições (SEINFRA)'!D:D,E165,'Composições (SEINFRA)'!K:K)","v":377.07},440.76,1763.04,null,481.58,377.07,0.217]
[null,"2.1.41","INSUMO","SEINFRA","I8668","HIDRÔMETRO TIPO WOLTMANN HORIZONTAL Qn=150m³/h, Dn 150mm - COMPLETO","UN",4,{"$f":"SUMIF('Composições (SEINFRA)'!D:D,E166,'Composições (SEINFRA)'!K:K)","v":4455.2700000000004},5207.7700000000004,20831.080000000002,null,5690,4455.2700000000004,0.217]
[null,"2.1.42","INSUMO","ORSE",11957,"STOP-LOG TIPO ALTO EM FIBRA DE VIDRO, LARGURA ÚTIL 200MM E ALTURA DE 400MM CO M GAVETA MOVEDIÇA EM FIBRA DE VIDRO ESP=10MM, COM ACIONAMENTO MANUAL POR MANE TE NA PRÓPRIA GAVETA","UN",8,{"$f":"SUMIF('Composições (ORSE)'!D:D,E167,'Composições (ORSE)'!K:K)","v":254.08},296.99,2375.92,null,324.5,254.08,0.217]
[null,"2.1.43","INSUMO","SEINFRA","I5749","VALVULA RETENÇÃO DN 100 PN16 FECH. RÁPIDO (CLASAR)","UN",10,{"$f":"SUMIF('Composições (SEINFRA)'!D:D,E168,'Composições (SEINFRA)'!K:K)","v":519.59},607.35,6073.5,null,663.6,519.59,0.217]
[null,"2.1.44","INSUMO","ORSE",5195,"ARRUELA DE BORRACHA PARA JUNTA C/ FLANGE PN 10, D=   75MM","UN",28,{"$f":"SUMIF('Composições (ORSE)'!D:D,E169,'Composições (ORSE)'!K:K)","v":1.55},1.81,50.68,null,1.99,1.55,0.22109999999999999]
[null,"2.1.45","INSUMO","Comprasnet",5197,"ARRUELA DE BORRACHA PARA JUNTA C/ FLANGE PN 10, D=  100MM","UN",111,{"$f":"SUMIF('Composições (CODEVASF)'!D:D,E170,'Composições (CODEVASF)'!K:K)","v":1.55},1.81,200.91,null,1.98,1.55,0.2172]
[null,"2.1.46","INSUMO","Comprasnet",5198,"ARRUELA DE BORRACHA PARA JUNTA C/ FLANGE PN 10, D=  150MM","UN",124,{"$f":"SUMIF('Composições (CODEVASF)'!D:D,E171,'Composições (CODEVASF)'!K:K)","v":2.34},2.74,339.76,null,3,2.34,0.22]
[null,"2.1.47","INSUMO","ORSE",5460,"FLANGE AVULSO, EM FOFO, PN 25, D=  100MM","UN",20,{"$f":"SUMIF('Composições (ORSE)'!D:D,E172,'Composições (ORSE)'!K:K)","v":72.819999999999993},85.12,1702.4,null,93.01,72.819999999999993,0.21709999999999999]
[null,"2.1.48","INSUMO","Comprasnet",5245,"PARAFUSO E PORCA PARA JUNTA C/ FLANGE D X L = 20 X  90MM","UN",2104,{"$f":"SUMIF('Composições (CODEVASF)'!D:D,E173,'Composições (CODEVASF)'!K:K)","v":6.97},8.15,17147.599999999999,null,8.91,6.97,0.2177]
[null,"2.1.49","INSUMO","ORSE",4846,"ABRAÇADEIRA EM AÇO INOX DN 150MM","UN",8,{"$f":"SUMIF('Composições (ORSE)'!D:D,E174,'Composições (ORSE)'!K:K)","v":50.29},58.78,470.24,null,64.23,50.29,0.217]
[null,"2.1.50","INSUMO","ORSE",4840,"ABRAÇADEIRA EM FERRO GALVANIZADO DN 150MM","UN",8,{"$f":"SUMIF('Composições (ORSE)'!D:D,E175,'Composições (ORSE)'!K:K)","v":23.38},27.33,218.64,null,29.87,23.38,0.21729999999999999]
[null,3,"ESTAÇÃO DE TRATAMENTO ",{"$nulls":7},{"$f":"K177+K241+K277+K288","v":339145.99}]
[null,"3.1"," FILTROS RUSSOS - CASA DE QUÍMICA",{"$nulls":7},{"$f":"SUM(K178:K240)","v":179300.3}]
[null,"3.1.1","INSUMO","COTAÇÃO","COTAÇÃO1","HIPOCLORITO DE SÓDIO ( 10KG)","UN ",56,{"$f":"SUMIF('Composições (CODEVASF)'!D:D,E178,'Composições (CODEVASF)'!K:K)","v":160.31},{"$f":"ROUND(IF(C178 = \"SERVIÇO\", I178 * (1 + $I$11), IF(C178 = \"INSUMO\", (I178 * (1 + $K$11)))),2)","v":187.39},{"$f":"ROUND(J178*H178,2)","v":10493.84},null,204.75,160.31,{"$f":"IF(I178=0,\" \",ROUND(1-(I178/M178),4))","v":0.217}]
[null,"3.1.2","INSUMO","Comprasnet","Comprasnet","SULFATO DE ALUMÍNIO (2KG)","UN ",792,{"$f":"SUMIF('Composições (CODEVASF)'!D:D,E179,'Composições (CODEVASF)'!K:K)","v":8.1999999999999993},9.58,7587.36,null,10.48,8.1999999999999993,0.21759999999999999]
[null,"3.1.3","INSUMO","ORSE",8979,"HIPOCLORADOR / BOMBA DOSADORA ANALÓGICA DE SOLUÇÕES, VAZÃO DE 0,5 À 15 L/H E  PRESSÃO DE 0 À 15 BAR","UN",8,{"$f":"SUMIF('Composições (ORSE)'!D:D,E180,'Composições (ORSE)'!K:K)","v":452.74},529.21,4233.68,null,578.22,452.74,0.217]
[null,"3.1.4","INSUMO","SEINFRA","I6302","KIT DE DOSAGEM DE SULFATO DE ALUMÍNIO OU CAL  COM TANQUE DE 500L, BOMBA DOSADORA E AGITADOR, COMPLETO","UN",4,{"$f":"SUMIF('Composições (SEINFRA)'!D:D,E181,'Composições (SEINFRA)'!K:K)","v":12639.49},14774.3,59097.2,null,16142.4,12639.49,0.217]
[null,"3.1.5","INSUMO","SEINFRA","I6301","KIT DE DOSAGEM DE SULFATO DE ALUMÍNIO OU CAL COM TANQUE DE 250L, BOMBA DOSADORA E AGITADOR, COMPLETO","UN",4,{"$f":"SUMIF('Composições (SEINFRA)'!D:D,E182,'Composições (SEINFRA)'!K:K)","v":7915.19},9252.07,37008.28,null,10108.799999999999,7915.19,0.217]
[null,"3.1.6","INSUMO","SEINFRA","I8959","KIT MEDIÇÃO COMPARADOR DE CLORO E PH","UN",4,{"$f":"SUMIF('Composições (SEINFRA)'!D:D,E183,'Composições (SEINFRA)'!K:K)","v":38.94},45.52,182.08,null,49.74,38.94,0.21709999999999999]
[null,"3.1.7","INSUMO","ORSE",2442,"PERFIL AÇO LAMINADO, U 152,4 X 48,80 MM (12,20 KG/M) ASTM A36","KG",912,{"$f":"SUMIF('Composições (ORSE)'!D:D,E184,'Composições (ORSE)'!K:K)","v":3.5},4.09,3730.08,null,4.4800000000000004,3.5,0.21879999999999999]
[null,"3.1.8","INSUMO","Comprasnet",9867,"TUBO PVC, SOLDAVEL, DN 20 MM, AGUA FRIA (NBR-5648)","M",72,{"$f":"SUMIF('Composições (CODEVASF)'!D:D,E185,'Composições (CODEVASF)'!K:K)","v":1.21},1.41,101.52,null,1.55,1.21,0.21940000000000001]
[null,"3.1.9","INSUMO","Atas 8 e 24/2017 Codevasf",9868,"TUBO PVC, SOLDAVEL, DN 25 MM, AGUA FRIA (NBR-5648)","M",144,{"$f":"SUMIF('Composições (CODEVASF)'!D:D,E186,'Composições (CODEVASF)'!K:K)","v":0.79},0.92,132.47999999999999,null,1.02,0.79,0.22550000000000001]
[null,"3.1.10","INSUMO","Atas 8 e 24/2017 Codevasf",9869,"TUBO PVC, SOLDAVEL, DN 32 MM, AGUA FRIA (NBR-5648)","M",96,{"$f":"SUMIF('Composições (CODEVASF)'!D:D,E187,'Composições (CODEVASF)'!K:K)","v":1.29},1.51,144.96,null,1.66,1.29,0.22289999999999999]
[null,"3.1.11","INSUMO","Comprasnet",9875,"TUBO PVC, SOLDAVEL, DN 50 MM, PARA AGUA FRIA (NBR-5648)","M",120,{"$f":"SUMIF('Composições (CODEVASF)'!D:D,E188,'Composições (CODEVASF)'!K:K)","v":5.22},6.1,732,null,6.67,5.22,0.21740000000000001]
[null,"3.1.12","INSUMO","Comprasnet",9871,"TUBO PVC, SOLDAVEL, DN 75 MM, AGUA FRIA (NBR-5648)","M",24,{"$f":"SUMIF('Composições (CODEVASF)'!D:D,E189,'Composições (CODEVASF)'!K:K)","v":7.04},8.23,197.52,null,9,7.04,0.21779999999999999]
[null,"3.1.13","INSUMO","SINAPI",7696,"TUBO ACO GALVANIZADO COM COSTURA, CLASSE MEDIA, DN 2\", E = *3,65* MM, PESO *5,10* KG/M (NBR 5580)","M     ",48,{"$f":"SUMIF('Composições (SINAPI)'!D:D,E190,'Composições (SINAPI)'!K:K)","v":32.97},38.54,1849.92,null,42.12,32.97,0.2172]
[null,"3.1.14","INSUMO","SINAPI",3540,"JOELHO PVC, SOLDAVEL, 90 GRAUS, 50 MM, PARA AGUA FRIA PREDIAL","UN    ",80,{"$f":"SUMIF('Composições (SINAPI)'!D:D,E191,'Composições (SINAPI)'!K:K)","v":3.18},3.72,297.60000000000002,null,4.07,3.18,0.21870000000000001]
[null,"3.1.15","INSUMO","SINAPI",3542,"JOELHO PVC, SOLDAVEL, 90 GRAUS, 20 MM, PARA AGUA FRIA PREDIAL","UN    ",24,{"$f":"SUMIF('Composições (SINAPI)'!D:D,E192,'Composições (SINAPI)'!K:K)","v":0.3},0.35,8.4,null,0.39,0.3,0.23080000000000001]
[null,"3.1.16","INSUMO","SINAPI",3529,"JOELHO PVC, SOLDAVEL, 90 GRAUS, 25 MM, PARA AGUA FRIA PREDIAL","UN    ",24,{"$f":"SUMIF('Composições (SINAPI)'!D:D,E193,'Composições (SINAPI)'!K:K)","v":0.45},0.53,12.72,null,0.57999999999999996,0.45,0.22409999999999999]
[null,"3.1.17","INSUMO","ORSE",1194,"JOELHO 90° FERRO GALVANIZADO D=2 \"","UN",40,{"$f":"SUMIF('Composições (ORSE)'!D:D,E194,'Composições (ORSE)'!K:K)","v":21.58},25.22,{"$f":"ROUND(J194*H194,2)","v":1008.8},null,27.57,21.58,0.21729999999999999]
[null,"3.1.18","INSUMO","SINAPI",1956,"CURVA DE PVC 90 GRAUS, SOLDAVEL, 25 MM, PARA AGUA FRIA PREDIAL (NBR 5648)","UN    ",40,{"$f":"SUMIF('Composições (SINAPI)'!D:D,E195,'Composições (SINAPI)'!K:K)","v":1.86},2.17,86.8,null,2.38,1.86,0.2185]
[null,"3.1.19","INSUMO","Comprasnet",20055,"REGISTRO DE ESFERA, PVC, COM VOLANTE, VS, ROSCAVEL, DN 1\", COM CORPO DIVIDIDO","UN    ",24,{"$f":"SUMIF('Composições (CODEVASF)'!D:D,E196,'Composições (CODEVASF)'!K:K)","v":8.11},9.48,227.52,null,10.36,8.11,0.2172]
[null,"3.1.20","INSUMO","Comprasnet",11677,"REGISTRO DE ESFERA, PVC, COM VOLANTE, VS, SOLDAVEL, DN 50 MM, COM CORPO DIVIDIDO","UN",24,{"$f":"SUMIF('Composições (CODEVASF)'!D:D,E197,'Composições (CODEVASF)'!K:K)","v":38.44},44.93,1078.32,null,49.1,38.44,0.21709999999999999]
[null,"3.1.21","INSUMO","Comprasnet",11670,"REGISTRO DE ESFERA, PVC, COM VOLANTE, VS, ROSCAVEL, DN 1/2\", COM CORPO DIVIDIDO","UN    ",60,{"$f":"SUMIF('Composições (CODEVASF)'!D:D,E198,'Composições (CODEVASF)'!K:K)","v":2.68},3.13,187.8,null,3.43,2.68,0.21870000000000001]
[null,"3.1.22","INSUMO","ORSE",1954,"REGISTRO GAVETA BRUTO, C/ VOLANTE, D =  50MM (2\")","UN",32,{"$f":"SUMIF('Composições (ORSE)'!D:D,E199,'Composições (ORSE)'!K:K)","v":71.62},83.72,2679.04,null,91.48,71.62,0.21709999999999999]
[null,"3.1.23","INSUMO","ORSE",1951,"REGISTRO GAVETA BRUTO, C/ VOLANTE, D =  25MM (1\")","UN",24,{"$f":"SUMIF('Composições (ORSE)'!D:D,E200,'Composições (ORSE)'!K:K)","v":36.64},42.83,1027.92,null,46.8,36.64,0.21709999999999999]
[null,"3.1.24","INSUMO","ORSE",1582,"MANGUEIRA TRANÇADA DE ALTA PRESSÃO SPT 250P Ø = 3/4\"","M",240,{"$f":"SUMIF('Composições (ORSE)'!D:D,E201,'Composições (ORSE)'!K:K)","v":3.59},4.2,1008,null,4.59,3.59,0.21790000000000001]
[null,"3.1.25","INSUMO","SINAPI",20973,"UNIAO TIPO STORZ, COM EMPATACAO INTERNA TIPO ANEL DE EXPANSAO, ENGATE RAPIDO 1 1/2\", PARA MANGUEIRA DE COMBATE A INCENDIO PREDIAL","UN    ",60,{"$f":"SUMIF('Composições (SINAPI)'!D:D,E202,'Composições (SINAPI)'!K:K)","v":76.209999999999994},89.08,5344.8,null,97.34,76.209999999999994,0.21709999999999999]
[null,"3.1.26","INSUMO","Comprasnet","I8899","SENSOR DIGITAL DE PH, FAIXA 0 - 14 PH","UN    ",4,{"$f":"SUMIF('Composições (CODEVASF)'!D:D,E203,'Composições (CODEVASF)'!K:K)","v":432.26},505.27,2021.08,null,552.05999999999995,432.26,0.217]
[null,"3.1.27","INSUMO","SINAPI",3452,"COTOVELO 90 GRAUS DE FERRO GALVANIZADO, COM ROSCA BSP MACHO/FEMEA, DE 2\"","UN    ",4,{"$f":"SUMIF('Composições (SINAPI)'!D:D,E204,'Composições (SINAPI)'!K:K)","v":25.29},29.56,118.24,null,32.299999999999997,25.29,0.217]
[null,"3.1.28","INSUMO","ORSE",10982,"ADAPTADOR CURTO, PVC RIGIDO SOLDAVEL,  C/ BOLSA E ROSCA P/  REGISTRO, D=  50M M X 2\"","UN",40,{"$f":"SUMIF('Composições (ORSE)'!D:D,E205,'Composições (ORSE)'!K:K)","v":2.78},3.25,130,null,3.56,2.78,0.21909999999999999]
[null,"3.1.29","INSUMO","ORSE",5156,"ADAPTADOR DE PVC JE, BOLSA E ROSCA, PBA, D=   50MM","UN",16,{"$f":"SUMIF('Composições (ORSE)'!D:D,E206,'Composições (ORSE)'!K:K)","v":14.15},16.54,264.64,null,18.079999999999998,14.15,0.21740000000000001]
[null,"3.1.30","INSUMO","SINAPI",113,"ADAPTADOR PVC SOLDAVEL CURTO COM BOLSA E ROSCA, 60 MM X 2\", PARA AGUA FRIA","UN    ",28,{"$f":"SUMIF('Composições (SINAPI)'!D:D,E207,'Composições (SINAPI)'!K:K)","v":7.87},9.1999999999999993,257.60000000000002,null,10.06,7.87,0.2177]
[null,"3.1.31","INSUMO","SINAPI",51,"ADAPTADOR, PVC PBA, A BOLSA DEFOFO, JE, DN 100 / DE 110 MM","UN    ",8,{"$f":"SUMIF('Composições (SINAPI)'!D:D,E208,'Composições (SINAPI)'!K:K)","v":32.69},38.21,305.68,null,41.76,32.69,0.2172]
[null,"3.1.32","INSUMO","SINAPI",12863,"ADAPTADOR, PVC PBA, A BOLSA DEFOFO, JE, DN 50 / DE 60 MM","UN    ",24,{"$f":"SUMIF('Composições (SINAPI)'!D:D,E209,'Composições (SINAPI)'!K:K)","v":9.41},11,264,null,12.02,9.41,0.21709999999999999]
[null,"3.1.33","INSUMO","SINAPI",50,"ADAPTADOR, PVC PBA, A BOLSA DEFOFO, JE, DN 75 / DE  85 MM","UN    ",8,{"$f":"SUMIF('Composições (SINAPI)'!D:D,E210,'Composições (SINAPI)'!K:K)","v":20.71},24.21,193.68,null,26.45,20.71,{"$f":"IF(I210=0,\" \",ROUND(1-(I210/M210),4))","v":0.217}]
[null,"3.1.34","INSUMO","SINAPI",9887,"UNIAO DE FERRO GALVANIZADO, COM ROSCA BSP, COM ASSENTO PLANO, DE 2\"","UN    ",40,{"$f":"SUMIF('Composições (SINAPI)'!D:D,E211,'Composições (SINAPI)'!K:K)","v":44.07},51.51,2060.4,null,56.29,44.07,0.21709999999999999]
[null,"3.1.35","INSUMO","ORSE",2109,"TE 90° PVC RIGIDO SOLDAVEL, MARROM,  D=  20MM","UN",20,{"$f":"SUMIF('Composições (ORSE)'!D:D,E212,'Composições (ORSE)'!K:K)","v":0.56000000000000005},0.65,13,null,0.72,0.56000000000000005,0.22220000000000001]
[null,"3.1.36","INSUMO","ORSE",2114,"TE 90° PVC RIGIDO SOLDAVEL, MARROM,  D=  60MM","UN",4,{"$f":"SUMIF('Composições (ORSE)'!D:D,E213,'Composições (ORSE)'!K:K)","v":16.34},19.100000000000001,76.400000000000006,null,20.87,16.34,0.21709999999999999]
[null,"3.1.37","INSUMO","ORSE","4537*","TE 90° REDUCAO PVC RIGIDO SOLDAVEL, MARROM,  D=  60 X 25MM","UN",16,{"$f":"SUMIF('Composições (ORSE)'!D:D,E214,'Composições (ORSE)'!K:K)","v":6.35},7.42,118.72,null,8.11,6.35,0.217]
[null,"3.1.38","INSUMO","ORSE",5665,"TÊ 90º PVC, JE, BBB, PBA, D=   50MM","UN",24,{"$f":"SUMIF('Composições (ORSE)'!D:D,E215,'Composições (ORSE)'!K:K)","v":14.48},16.93,406.32,null,18.5,14.48,0.21729999999999999]
[null,"3.1.39","INSUMO","ORSE",5555,"REDUÇÃO DE PVC  JE, PONTA / BOLSA, D=   75 X   50MM","UN",24,{"$f":"SUMIF('Composições (ORSE)'!D:D,E216,'Composições (ORSE)'!K:K)","v":9.98},11.67,280.08,null,12.75,9.98,0.21729999999999999]
[null,"3.1.40","INSUMO","SINAPI",11321,"REDUCAO PVC PBA, JE, PB, DN 100 X 50 / DE 110 X 60 MM, PARA REDE DE AGUA","UN    ",16,{"$f":"SUMIF('Composições (SINAPI)'!D:D,E217,'Composições (SINAPI)'!K:K)","v":13.77},16.100000000000001,257.60000000000002,null,17.59,13.77,0.2172]
[null,"3.1.41","INSUMO","ORSE",5617,"REDUÇÃO, EM FOFO, PONTA / BOLSA, JE, D=  150 X  100MM","UN",16,{"$f":"SUMIF('Composições (ORSE)'!D:D,E218,'Composições (ORSE)'!K:K)","v":132.6},155,2480,null,169.35,132.6,0.217]
[null,"3.1.42","INSUMO","SEINFRA","I4062","REDUÇÃO PB JE FoFo/PVC DN 150 x 100","UN",8,{"$f":"SUMIF('Composições (SEINFRA)'!D:D,E219,'Composições (SEINFRA)'!K:K)","v":206.74},241.66,1933.28,null,264.04000000000002,206.74,0.217]
[null,"3.1.43","INSUMO","SINAPI",4181,"NIPLE DE FERRO GALVANIZADO, COM ROSCA BSP, DE 2\"","UN    ",32,{"$f":"SUMIF('Composições (SINAPI)'!D:D,E220,'Composições (SINAPI)'!K:K)","v":15.2},17.77,568.64,null,19.420000000000002,15.2,0.21729999999999999]
[null,"3.1.44","INSUMO","SINAPI",4209,"NIPLE DE FERRO GALVANIZADO, COM ROSCA BSP, DE 1 1/2\"","UN    ",24,{"$f":"SUMIF('Composições (SINAPI)'!D:D,E221,'Composições (SINAPI)'!K:K)","v":9.77},11.42,274.08,null,12.49,9.77,0.21779999999999999]
[null,"3.1.45","INSUMO","SINAPI",4177,"NIPLE DE FERRO GALVANIZADO, COM ROSCA BSP, DE 1/2\"","UN    ",24,{"$f":"SUMIF('Composições (SINAPI)'!D:D,E222,'Composições (SINAPI)'!K:K)","v":2.44},2.85,68.400000000000006,null,3.12,2.44,0.21790000000000001]
[null,"3.1.46","INSUMO","SINAPI",11831,"TORNEIRA PLASTICA PARA TANQUE 1/2 \" OU 3/4 \" COM BICO PARA MANGUEIRA","UN    ",24,{"$f":"SUMIF('Composições (SINAPI)'!D:D,E223,'Composições (SINAPI)'!K:K)","v":17.46},20.41,489.84,null,22.3,17.46,0.217]
[null,"3.1.47","INSUMO","ORSE",5556,"REDUÇÃO DE PVC  JE, PONTA / BOLSA, D=  100 X   50MM","UN",24,{"$f":"SUMIF('Composições (ORSE)'!D:D,E224,'Composições (ORSE)'!K:K)","v":14.11},16.489999999999998,395.76,null,18.03,14.11,0.21740000000000001]
[null,"3.1.48","INSUMO","SINAPI",20080,"ADESIVO PLASTICO PARA PVC, FRASCO COM 175 GR","UN    ",28,{"$f":"SUMIF('Composições (SINAPI)'!D:D,E225,'Composições (SINAPI)'!K:K)","v":11.13},13.01,364.28,null,14.22,11.13,0.21729999999999999]
[null,"3.1.49","INSUMO","ORSE",9486,"ABRAÇADEIRA CUNHA (TIPO CHAVETA) D=2\"","UN",40,{"$f":"SUMIF('Composições (ORSE)'!D:D,E226,'Composições (ORSE)'!K:K)","v":0.93},1.0900000000000001,43.6,null,1.2,0.93,0.22500000000000001]
[null,"3.1.50","INSUMO","ORSE",11467,"ABRAÇADEIRA CUNHA (TIPO CHAVETA) D=1/2\"","UN",40,{"$f":"SUMIF('Composições (ORSE)'!D:D,E227,'Composições (ORSE)'!K:K)","v":0.49},0.56999999999999995,22.8,null,0.63,0.49,0.22220000000000001]
[null,"3.1.51","INSUMO","SINAPI",3854,"LUVA DE CORRER PARA TUBO SOLDAVEL, PVC, 20 MM, PARA AGUA FRIA PREDIAL","UN    ",24,{"$f":"SUMIF('Composições (SINAPI)'!D:D,E228,'Composições (SINAPI)'!K:K)","v":4.8600000000000003},5.68,136.32,null,6.21,4.8600000000000003,0.21740000000000001]
[null,"3.1.52","INSUMO","SINAPI",38022,"LUVA DE CORRER PARA TUBO SOLDAVEL, PVC, 60 MM, PARA AGUA FRIA PREDIAL","UN    ",16,{"$f":"SUMIF('Composições (SINAPI)'!D:D,E229,'Composições (SINAPI)'!K:K)","v":20.85},24.37,389.92,null,26.64,20.85,0.21729999999999999]
[null,"3.1.53","INSUMO","SINAPI",11717,"CAIXA SIFONADA PVC, 150 X 150 X 50 MM, COM GRELHA REDONDA BRANCA","UN    ",16,{"$f":"SUMIF('Composições (SINAPI)'!D:D,E230,'Composições (SINAPI)'!K:K)","v":22.97},26.85,429.6,null,29.34,22.97,0.21709999999999999]
[null,"3.1.54","INSUMO","SINAPI",11716,"CAIXA SIFONADA PVC, 100 X 100 X 40 MM, COM GRELHA REDONDA BRANCA","UN    ",8,{"$f":"SUMIF('Composições (SINAPI)'!D:D,E231,'Composições (SINAPI)'!K:K)","v":8.94},10.45,83.6,null,11.43,8.94,0.21779999999999999]
[null,"3.1.55","INSUMO","SINAPI",11714,"CAIXA SIFONADA PVC, 150 X 185 X 75 MM, COM GRELHA QUADRADA BRANCA","UN    ",12,{"$f":"SUMIF('Composições (SINAPI)'!D:D,E232,'Composições (SINAPI)'!K:K)","v":28.57},33.4,400.8,null,36.5,28.57,0.21729999999999999]
[null,"3.1.56","INSUMO","SINAPI",11079,"MATERIAL FILTRANTE (PEDREGULHO) 0,6 A 25,46 MM (POSTO PEDREIRA/FORNECEDOR, SEM FRETE)","M3    ",4,{"$f":"SUMIF('Composições (SINAPI)'!D:D,E233,'Composições (SINAPI)'!K:K)","v":540.99},632.36,2529.44,null,690.92,540.99,0.217]
[null,"3.1.57","INSUMO","SINAPI",11075,"AREIA PARA LEITO FILTRANTE (0,42 A 1,68 MM) - POSTO JAZIDA/FORNECEDOR (RETIRADO NA JAZIDA, SEM TRANSPORTE)","M3    ",6,{"$f":"SUMIF('Composições (SINAPI)'!D:D,E234,'Composições (SINAPI)'!K:K)","v":801.34},936.69,5620.14,null,1023.43,801.34,0.217]
[null,"3.1.58","INSUMO","ORSE",6631,"CHAVE DE FLUXO DE 1\", MODELO AT-2011 ITALAIR OU SIMILAR","UN",4,{"$f":"SUMIF('Composições (ORSE)'!D:D,E235,'Composições (ORSE)'!K:K)","v":162.94999999999999},190.47,761.88,null,208.11,162.94999999999999,0.217]
[null,"3.1.59","INSUMO","ORSE",11775,"VÁLVULA SOLENÓIDE DE 1/2\" ","UN",4,{"$f":"SUMIF('Composições (ORSE)'!D:D,E236,'Composições (ORSE)'!K:K)","v":120.97},141.4,565.6,null,154.5,120.97,0.217]
[null,"3.1.60","INSUMO","ORSE",10989,"VÁLVULA DE ALÍVIO DE PRESSÃO DE BRONZE 2\"","UN",4,{"$f":"SUMIF('Composições (ORSE)'!D:D,E237,'Composições (ORSE)'!K:K)","v":1152.29},1346.91,5387.64,null,1471.64,1152.29,0.217]
[null,"3.1.61","INSUMO","SINAPI",10232,"VALVULA DE RETENCAO DE BRONZE, PE COM CRIVOS, EXTREMIDADE COM ROSCA, DE 2\", PARA FUNDO DE POCO","UN    ",8,{"$f":"SUMIF('Composições (SINAPI)'!D:D,E238,'Composições (SINAPI)'!K:K)","v":73.42},85.82,686.56,null,93.77,73.42,0.217]
[null,"3.1.62","INSUMO","COTAÇÃO",{"$f":"'Composições (CODEVASF)'!$D$412","v":"COTAÇÃO2"},"DISPERSOR HIDRÁULICO, CONFORME ESPECIFICAÇÃO DO PROJETO DOS FILTROS DA ETA","UN    ",4,{"$f":"SUMIF('Composições (CODEVASF)'!D:D,E239,'Composições (CODEVASF)'!K:K)","v":2149.33},2512.35,10049.4,null,2745,2149.33,0.217]
[null,"3.1.63","INSUMO","ORSE",3529,"DOBRADIÇA EM CHAPA DE AÇO CARBONO, ESP 1/8\", FABRICADA ARTESANALMENTE, 4\" X 2 \"","UN",12,{"$f":"SUMIF('Composições (ORSE)'!D:D,E240,'Composições (ORSE)'!K:K)","v":27.99},32.72,{"$f":"ROUND(J240*H240,2)","v":392.64},null,35.75,27.99,0.21709999999999999]
[null,"3.2","INSTALAÇÕES ELÉTRICAS PARA A ETA ",{"$nulls":7},{"$f":"SUM(K242:K276)","v":93501.94}]
[null,"3.2.1","INSUMO","ORSE",451,"CAIXA DE PVC 4\" X  2\" , EMBUTIR, P/ELETRODUTO (PRETA)","UN",36,{"$f":"SUMIF('Composições (ORSE)'!D:D,E242,'Composições (ORSE)'!K:K)","v":0.98},{"$f":"ROUND(IF(C242 = \"SERVIÇO\", I242 * (1 + $I$11), IF(C242 = \"INSUMO\", (I242 * (1 + $K$11)))),2)","v":1.1499999999999999},{"$f":"ROUND(J242*H242,2)","v":41.4},null,1.26,0.98,{"$f":"IF(I242=0,\" \",ROUND(1-(I242/M242),4))","v":0.22220000000000001}]
[null,"3.2.2","INSUMO","ORSE",9723,"TAMPA REFORÇADA EM FERRO FUNDIDO D=300MM, C/ESCOTILHA QUADRADA E ARTICULADA,  P/CX.ATERRAMENTO, REF:TEL-536 OU SIMILAR (SPDA)","UN",24,{"$f":"SUMIF('Composições (ORSE)'!D:D,E243,'Composições (ORSE)'!K:K)","v":77.349999999999994},90.41,{"$f":"ROUND(J243*H243,2)","v":2169.84},null,98.79,77.349999999999994,0.217]
[null,"3.2.3","INSUMO","ORSE",9722,"CORPO DA CAIXA DE INSPEÇÃO EM PVC P/ATERRAMENTO D=300MM, REDONDA, H=300MM, RE F: TEL-552 OU SIMILAR (SPDA)","UN",24,{"$f":"SUMIF('Composições (ORSE)'!D:D,E244,'Composições (ORSE)'!K:K)","v":16.38},19.149999999999999,{"$f":"ROUND(J244*H244,2)","v":459.6},null,20.93,16.38,0.21740000000000001]
[null,"3.2.4","INSUMO","SINAPI",38091,"ESPELHO / PLACA CEGA 4\" X 2\", PARA INSTALACAO DE TOMADAS E INTERRUPTORES","UN    ",18,{"$f":"SUMIF('Composições (SINAPI)'!D:D,E245,'Composições (SINAPI)'!K:K)","v":2.14},2.5,{"$f":"ROUND(J245*H245,2)","v":45},null,2.74,2.14,0.219]
[null,"3.2.5","INSUMO","ORSE",485,"CAIXA DE PASSAGEM 30X30CM, EM CHAPA DE AÇO GALVANIZADO P/ELETRICA","UN",52,{"$f":"SUMIF('Composições (ORSE)'!D:D,E246,'Composições (ORSE)'!K:K)","v":28.18},32.94,{"$f":"ROUND(J246*H246,2)","v":1712.88},null,36,28.18,0.2172]
[null,"3.2.6","INSUMO","SINAPI",12001,"CAIXA OCTOGONAL DE FUNDO MOVEL, EM PVC, DE 4\" X 4\", PARA ELETRODUTO FLEXIVEL CORRUGADO","UN    ",24,{"$f":"SUMIF('Composições (SINAPI)'!D:D,E247,'Composições (SINAPI)'!K:K)","v":3.97},4.6399999999999997,111.36,null,5.08,3.97,0.2185]
[null,"3.2.7","INSUMO","SINAPI",39246,"ELETRODUTODUTO PEAD FLEXIVEL PAREDE SIMPLES, CORRUGACAO HELICOIDAL, COR PRETA, SEM ROSCA, DE 1 1/2\",  PARA CABEAMENTO SUBTERRANEO (NBR 15715)","M     ",218.2,{"$f":"SUMIF('Composições (SINAPI)'!D:D,E248,'Composições (SINAPI)'!K:K)","v":2.09},2.44,532.41,null,2.67,2.09,0.2172]
[null,"3.2.8","INSUMO","SINAPI",39244,"ELETRODUTO PVC FLEXIVEL CORRUGADO, REFORCADO, COR LARANJA, DE 25 MM, PARA LAJES E PISOS","M     ",602.82000000000005,{"$f":"SUMIF('Composições (SINAPI)'!D:D,E249,'Composições (SINAPI)'!K:K)","v":1.81},2.12,1277.98,null,2.3199999999999998,1.81,0.2198]
[null,"3.2.9","INSUMO","SINAPI",2501,"ELETRODUTO FLEXIVEL, EM ACO GALVANIZADO, REVESTIDO EXTERNAMENTE COM PVC PRETO, DIAMETRO EXTERNO DE 32 MM (1\"), TIPO SEALTUBO","M     ",17.95,{"$f":"SUMIF('Composições (SINAPI)'!D:D,E250,'Composições (SINAPI)'!K:K)","v":12.59},14.72,264.22000000000003,null,16.09,12.59,0.2175]
[null,"3.2.10","INSUMO","SINAPI",2504,"ELETRODUTO FLEXIVEL, EM ACO GALVANIZADO, REVESTIDO EXTERNAMENTE COM PVC PRETO, DIAMETRO EXTERNO DE 25 MM (3/4\"), TIPO SEALTUBO","M     ",8.52,{"$f":"SUMIF('Composições (SINAPI)'!D:D,E251,'Composições (SINAPI)'!K:K)","v":9.6},11.22,95.59,null,12.27,9.6,0.21759999999999999]
[null,"3.2.11","INSUMO","Comprasnet",9422,"LUMINÁRIA EXTERNA EM CORPO DE AÇO C/ PINTURA ELETROSTÁTICA, REFLETOR EM ALUMÍ NIO MARTELADO, DIFUSOR EM VIDRO TEMPERADO, INCLUISIVE POSTE DE 4M, REF. EX08- S1E40T4 DA LUMICENTER OU SIMILAR","UN    ",24,{"$f":"SUMIF('Composições (CODEVASF)'!D:D,E252,'Composições (CODEVASF)'!K:K)","v":398.46},465.76,11178.24,null,508.9,398.46,0.217]
[null,"3.2.12","INSUMO","SEINFRA","I1363","LUMINARIA FLUORESCENTE 2X20W COMPLETA COM LAMPADA","UN",24,{"$f":"SUMIF('Composições (SEINFRA)'!D:D,E253,'Composições (SEINFRA)'!K:K)","v":36.01},42.09,1010.16,null,46,36.01,0.2172]
[null,"3.2.13","INSUMO","ORSE",1094,"HASTE COBREADA COPPERWELD P/ ATERRAMENTO 254 MICR D= 3/4\" X 3,00 M C/CONECTOR","UN",24,{"$f":"SUMIF('Composições (ORSE)'!D:D,E254,'Composições (ORSE)'!K:K)","v":38.75},45.29,1086.96,null,49.5,38.75,0.2172]
[null,"3.2.14","INSUMO","ORSE",1117,"INTERRUPTOR EMBUTIR 01 SEÇÃO SIMPLES COM PLACA","UN",6,{"$f":"SUMIF('Composições (ORSE)'!D:D,E255,'Composições (ORSE)'!K:K)","v":2.66},3.11,18.66,null,3.4,2.66,0.21759999999999999]
[null,"3.2.15","INSUMO","ORSE",9102,"INTERRUPTOR 01 SEÇÃO SIMPLES, DE EMBUTIR, COM PLACA, CONJUGADO COM TOMADA 2P+ T, ABNT, 10A","UN",6,{"$f":"SUMIF('Composições (ORSE)'!D:D,E256,'Composições (ORSE)'!K:K)","v":4.7699999999999996},5.58,33.479999999999997,null,6.1,4.7699999999999996,0.218]
[null,"3.2.16","INSUMO","SEINFRA","I5995","PAINEL ELETRICO C/2 SOFT START 7,5CV,380V/60Hz","UN",5,{"$f":"SUMIF('Composições (SEINFRA)'!D:D,E257,'Composições (SEINFRA)'!K:K)","v":10492.2},12264.33,61321.65,null,13400,10492.2,0.217]
[null,"3.2.17","INSUMO","SINAPI",39756,"QUADRO DE DISTRIBUICAO COM BARRAMENTO TRIFASICO, DE SOBREPOR, EM CHAPA DE ACO GALVANIZADO, PARA 12 DISJUNTORES DIN, 100 A (RETORNO - BRANCO)","UN    ",6,{"$f":"SUMIF('Composições (SINAPI)'!D:D,E258,'Composições (SINAPI)'!K:K)","v":195.59},228.63,1371.78,null,249.8,195.59,0.217]
[null,"3.2.18","INSUMO","ORSE",9096,"TOMADA 2P + T, ABNT, DE EMBUTIR, 10 A, COM PLACA EM PVC (TERRA - VERDE)","UN",18,{"$f":"SUMIF('Composições (ORSE)'!D:D,E259,'Composições (ORSE)'!K:K)","v":5.32},6.22,111.96,null,6.8,5.32,0.21759999999999999]
[null,"3.2.19","INSUMO","SINAPI",2510,"RELE FOTOELETRICO INTERNO E EXTERNO BIVOLT 1000 W, DE CONECTOR, SEM BASE","UN    ",24,{"$f":"SUMIF('Composições (SINAPI)'!D:D,E260,'Composições (SINAPI)'!K:K)","v":12.91},15.09,362.16,null,16.5,12.91,0.21759999999999999]
[null,"3.2.20","INSUMO","ORSE",2622,"BASE FIXA PARA RELÉ FOTO ELÉTRICO","UN",24,{"$f":"SUMIF('Composições (ORSE)'!D:D,E261,'Composições (ORSE)'!K:K)","v":4.46},5.21,125.04,null,5.7,4.46,0.2175]
[null,"3.2.21","INSUMO","ORSE",12191,"TOMADA DUPLA, DE EMBUTIR, PARA USO GERAL, 2P+T, ABNT, 20A, INCLUSIVE PLACA EM PVC","UN",6,{"$f":"SUMIF('Composições (ORSE)'!D:D,E262,'Composições (ORSE)'!K:K)","v":9.02},10.54,63.24,null,11.52,9.02,0.217]
[null,"3.2.22","INSUMO","Comprasnet","I8498","CABO BLINDADO FLEXÍVEL TETRAPOLAR 3 x 4,0 mm² + 4,0 mm² 0,6/1 KV","M",267.2,{"$f":"SUMIF('Composições (CODEVASF)'!D:D,E263,'Composições (CODEVASF)'!K:K)","v":5.23},6.11,1632.59,null,6.68,5.23,0.21709999999999999]
[null,"3.2.23","INSUMO","Comprasnet",39259,"CABO MULTIPOLAR DE COBRE, FLEXIVEL, CLASSE 4 OU 5, ISOLACAO EM HEPR, COBERTURA EM PVC-ST2, ANTICHAMA BWF-B, 0,6/1 KV, 3 CONDUTORES DE 4 MM2","M",494.34,{"$f":"SUMIF('Composições (CODEVASF)'!D:D,E264,'Composições (CODEVASF)'!K:K)","v":4.28},5,2471.6999999999998,null,5.47,4.28,0.21759999999999999]
[null,"3.2.24","INSUMO","Comprasnet","I8500","CABO BLINDADO FLEXÍVEL TETRAPOLAR 3 x 10,0 mm² + 10,0 mm² 0,6/1 KV","M",117.6,{"$f":"SUMIF('Composições (CODEVASF)'!D:D,E265,'Composições (CODEVASF)'!K:K)","v":12.33},14.41,1694.62,null,15.75,12.33,0.21709999999999999]
[null,"3.2.25","INSUMO","SINAPI",1571,"TERMINAL A COMPRESSAO EM COBRE ESTANHADO PARA CABO 4 MM2, 1 FURO E 1 COMPRESSAO, PARA PARAFUSO DE FIXACAO M5","UN    ",120,{"$f":"SUMIF('Composições (SINAPI)'!D:D,E266,'Composições (SINAPI)'!K:K)","v":0.68},0.79,94.8,null,0.87,0.68,0.21840000000000001]
[null,"3.2.26","INSUMO","SINAPI",1574,"TERMINAL A COMPRESSAO EM COBRE ESTANHADO PARA CABO 10 MM2, 1 FURO E 1 COMPRESSAO, PARA PARAFUSO DE FIXACAO M6","UN    ",60,{"$f":"SUMIF('Composições (SINAPI)'!D:D,E267,'Composições (SINAPI)'!K:K)","v":0.88},1.03,61.8,null,1.1299999999999999,0.88,0.22120000000000001]
[null,"3.2.27","INSUMO","SEINFRA","I0336","CABO COBRE NU 10MM2","M",187.26,{"$f":"SUMIF('Composições (SEINFRA)'!D:D,E268,'Composições (SEINFRA)'!K:K)","v":2.95},3.45,646.04999999999995,null,3.77,2.95,0.2175]
[null,"3.2.28","INSUMO","SINAPI",34653,"DISJUNTOR TIPO DIN/IEC, MONOPOLAR DE 6  ATE  32A","UN    ",30,{"$f":"SUMIF('Composições (SINAPI)'!D:D,E269,'Composições (SINAPI)'!K:K)","v":7.65},8.94,268.2,null,9.7799999999999994,7.65,0.21779999999999999]
[null,"3.2.29","INSUMO","SINAPI",34709,"DISJUNTOR TIPO DIN/IEC, TRIPOLAR DE 10 ATE 50A","UN    ",42,{"$f":"SUMIF('Composições (SINAPI)'!D:D,E270,'Composições (SINAPI)'!K:K)","v":53.79},62.88,2640.96,null,68.7,53.79,0.217]
[null,"3.2.30","INSUMO","Comprasnet",1014,"CABO DE COBRE, FLEXIVEL, CLASSE 4 OU 5, ISOLACAO EM PVC/A, ANTICHAMA BWF-B, 1 CONDUTOR, 450/750 V, SECAO NOMINAL 2,5 MM2 (FASE - VERMELHO)","M",266.16000000000003,{"$f":"SUMIF('Composições (CODEVASF)'!D:D,E271,'Composições (CODEVASF)'!K:K)","v":0.45},0.53,141.06,null,0.57999999999999996,0.45,0.22409999999999999]
[null,"3.2.31","INSUMO","Comprasnet",1014,"CABO DE COBRE, FLEXIVEL, CLASSE 4 OU 5, ISOLACAO EM PVC/A, ANTICHAMA BWF-B, 1 CONDUTOR, 450/750 V, SECAO NOMINAL 2,5 MM2 (FASE - PRETO)","M",117.72,{"$f":"SUMIF('Composições (CODEVASF)'!D:D,E272,'Composições (CODEVASF)'!K:K)","v":0.45},0.53,62.39,null,0.57999999999999996,0.45,0.22409999999999999]
[null,"3.2.32","INSUMO","Comprasnet",1014,"CABO DE COBRE, FLEXIVEL, CLASSE 4 OU 5, ISOLACAO EM PVC/A, ANTICHAMA BWF-B, 1 CONDUTOR, 450/750 V, SECAO NOMINAL 2,5 MM2 (FASE - AMARELO)","M",178.8,{"$f":"SUMIF('Composições (CODEVASF)'!D:D,E273,'Composições (CODEVASF)'!K:K)","v":0.45},0.53,94.76,null,0.57999999999999996,0.45,0.22409999999999999]
[null,"3.2.33","INSUMO","Comprasnet",1014,"CABO DE COBRE, FLEXIVEL, CLASSE 4 OU 5, ISOLACAO EM PVC/A, ANTICHAMA BWF-B, 1 CONDUTOR, 450/750 V, SECAO NOMINAL 2,5 MM2 (NEUTRO - AZUL)","M",192.3,{"$f":"SUMIF('Composições (CODEVASF)'!D:D,E274,'Composições (CODEVASF)'!K:K)","v":0.45},0.53,101.92,null,0.57999999999999996,0.45,0.22409999999999999]
[null,"3.2.34","INSUMO","Comprasnet",1014,"CABO DE COBRE, FLEXIVEL, CLASSE 4 OU 5, ISOLACAO EM PVC/A, ANTICHAMA BWF-B, 1 CONDUTOR, 450/750 V, SECAO NOMINAL 2,5 MM2 (RETORNO - BRANCO)","M",62.52,{"$f":"SUMIF('Composições (CODEVASF)'!D:D,E275,'Composições (CODEVASF)'!K:K)","v":0.45},0.53,33.14,null,0.57999999999999996,0.45,0.22409999999999999]
[null,"3.2.35","INSUMO","Comprasnet",1014,"CABO DE COBRE, FLEXIVEL, CLASSE 4 OU 5, ISOLACAO EM PVC/A, ANTICHAMA BWF-B, 1 CONDUTOR, 450/750 V, SECAO NOMINAL 2,5 MM2 (TERRA - VERDE)","M",310.08,{"$f":"SUMIF('Composições (CODEVASF)'!D:D,E276,'Composições (CODEVASF)'!K:K)","v":0.45},0.53,164.34,null,0.57999999999999996,0.45,0.22409999999999999]
[null,"3.3","FORNECIMENTO DOS MATERIAIS PARA O SPDA DO RESERVATÓRIO",{"$nulls":7},{"$f":"SUM(K278:K287)","v":3256.21}]
[null,"3.3.1","INSUMO","ORSE",11513,"CAIXA INSPEÇÃO EM POLIAMIDA 150X110X70MM, REF:TEL-541 OU SIMILAR (P/SPDA)","UN",6,{"$f":"SUMIF('Composições (ORSE)'!D:D,E278,'Composições (ORSE)'!K:K)","v":47.68},{"$f":"ROUND(IF(C278 = \"SERVIÇO\", I278 * (1 + $I$11), IF(C278 = \"INSUMO\", (I278 * (1 + $K$11)))),2)","v":55.73},{"$f":"ROUND(J278*H278,2)","v":334.38},null,60.9,47.68,{"$f":"IF(I278=0,\" \",ROUND(1-(I278/M278),4))","v":0.21709999999999999}]
[null,"3.3.2","INSUMO","ORSE",398,"CABO DE ALUMÍNIO NU ASC, SEM ALMA DE AÇO, 7X1 FIOS - 2/0 AWG","KG",27.84,{"$f":"SUMIF('Composições (ORSE)'!D:D,E279,'Composições (ORSE)'!K:K)","v":18.32},21.41,{"$f":"ROUND(J279*H279,2)","v":596.04999999999995},null,23.4,18.32,0.21709999999999999]
[null,"3.3.3","INSUMO","ORSE",9329,"CONECTOR DE MEDIÇÃO EM BRONZE C/4 PARAFUSOS P/CABOS DE COBRE 16-70MM² REF.TEL -560 (PÁRA-RAIO)","UN",6,{"$f":"SUMIF('Composições (ORSE)'!D:D,E280,'Composições (ORSE)'!K:K)","v":13.7},16.010000000000002,{"$f":"ROUND(J280*H280,2)","v":96.06},null,17.5,13.7,0.21709999999999999]
[null,"3.3.4","INSUMO","SINAPI",2685,"ELETRODUTO DE PVC RIGIDO ROSCAVEL DE 1 \", SEM LUVA","M     ",18,{"$f":"SUMIF('Composições (SINAPI)'!D:D,E281,'Composições (SINAPI)'!K:K)","v":3.54},4.1399999999999997,74.52,null,4.53,3.54,0.2185]
[null,"3.3.5","INSUMO","ORSE",6667,"CAPTOR COM BASE DE FIXAÇÃO HORIZONTAL 3/8\" X 400MM (PÁRA-RAIO)","UN",6,{"$f":"SUMIF('Composições (ORSE)'!D:D,E282,'Composições (ORSE)'!K:K)","v":9.9499999999999993},11.63,69.78,null,12.72,9.9499999999999993,0.21779999999999999]
[null,"3.3.6","INSUMO","ORSE",6779,"SINALIZADOR DUPLO C/ CÉLULA PARA MASTRO (PÁRA-RAIO)","UN",6,{"$f":"SUMIF('Composições (ORSE)'!D:D,E283,'Composições (ORSE)'!K:K)","v":128.02000000000001},149.63999999999999,897.84,null,163.5,128.02000000000001,0.217]
[null,"3.3.7","INSUMO","ORSE",12429,"SUPORTE GUIA SIMPLES TIPO CURTO CHAPA ENCOSTO COM ROLDANA EM POLIPROPILENO, H = 50 CM (TEL-241)","UN",24,{"$f":"SUMIF('Composições (ORSE)'!D:D,E284,'Composições (ORSE)'!K:K)","v":9.2100000000000009},10.77,258.48,null,11.77,9.2100000000000009,0.2175]
[null,"3.3.8","INSUMO","ORSE",1094,"HASTE COBREADA COPPERWELD P/ ATERRAMENTO 254 MICR D= 3/4\" X 3,00 M C/CONECTOR","UN",6,{"$f":"SUMIF('Composições (ORSE)'!D:D,E285,'Composições (ORSE)'!K:K)","v":38.75},45.29,271.74,null,49.5,38.75,0.2172]
[null,"3.3.9","INSUMO","ORSE",9723,"TAMPA REFORÇADA EM FERRO FUNDIDO D=300MM, C/ESCOTILHA QUADRADA E ARTICULADA,  P/CX.ATERRAMENTO, REF:TEL-536 OU SIMILAR (SPDA)","UN",6,{"$f":"SUMIF('Composições (ORSE)'!D:D,E286,'Composições (ORSE)'!K:K)","v":77.349999999999994},90.41,542.46,null,98.79,77.349999999999994,0.217]
[null,"3.3.10","INSUMO","ORSE",9722,"CORPO DA CAIXA DE INSPEÇÃO EM PVC P/ATERRAMENTO D=300MM, REDONDA, H=300MM, RE F: TEL-552 OU SIMILAR (SPDA)","UN",6,{"$f":"SUMIF('Composições (ORSE)'!D:D,E287,'Composições (ORSE)'!K:K)","v":16.38},19.149999999999999,114.9,null,20.93,16.38,0.21740000000000001]
[null,"3.4","FORNECIMENTO DOS MATERIAIS PARA EXTENSÃO DE REDE PARA O SISTEMA ELÉTRICO DA ETA",{"$nulls":7},{"$f":"SUM(K289:K291)","v":63087.54}]
[null,"3.4.1","INSUMO","SEINFRA","I8150","MATERIAIS E ACESSÓRIOS PARA REDE DE DISTRIBUIÇÃO RURAL PRIMÁRIA, TENSÃO DE 13,80 KV, PARA CABO DE ALUMÍNIO, COM ESTRUTURA DE ALINHAMENTO EM POSTE DE CONCRETO ARMADO DUPLO T 150/10 (CONDUTOR NÃO INCLUSO)","KM",3.08,{"$f":"SUMIF('Composições (SEINFRA)'!D:D,E289,'Composições (SEINFRA)'!K:K)","v":11534.85},{"$f":"ROUND(IF(C289 = \"SERVIÇO\", I289 * (1 + $I$11), IF(C289 = \"INSUMO\", (I289 * (1 + $K$11)))),2)","v":13483.09},{"$f":"ROUND(J289*H289,2)","v":41527.919999999998},null,14731.61,11534.85,{"$f":"IF(I289=0,\" \",ROUND(1-(I289/M289),4))","v":0.217}]
[null,"3.4.2","INSUMO","SEINFRA","I8156","CABO DE ALUMÍNIO COM ALMA DE AÇO, BITOLA 4 AWG, FORMAÇÃO 6/1 FIOS - SWAN","KM",3.08,{"$f":"SUMIF('Composições (SEINFRA)'!D:D,E290,'Composições (SEINFRA)'!K:K)","v":1162.68},{"$f":"ROUND(IF(C290 = \"SERVIÇO\", I290 * (1 + $I$11), IF(C290 = \"INSUMO\", (I290 * (1 + $K$11)))),2)","v":1359.06},{"$f":"ROUND(J290*H290,2)","v":4185.8999999999996},null,1484.91,1162.68,{"$f":"IF(I290=0,\" \",ROUND(1-(I290/M290),4))","v":0.217}]
[null,"3.4.3","INSUMO","SEINFRA","I8115","MATERIAIS E ACESSÓRIOS PARA SUBESTAÇÃO AÉREA DE 15 KVA / 13.800-380/220V COM QUADRO DE MEDIÇÃO E PROTEÇÃO GERAL","UN",3,{"$f":"SUMIF('Composições (SEINFRA)'!D:D,E291,'Composições (SEINFRA)'!K:K)","v":4954.4399999999996},{"$f":"ROUND(IF(C291 = \"SERVIÇO\", I291 * (1 + $I$11), IF(C291 = \"INSUMO\", (I291 * (1 + $K$11)))),2)","v":5791.24},{"$f":"ROUND(J291*H291,2)","v":17373.72},null,6327.52,4954.4399999999996,{"$f":"IF(I291=0,\" \",ROUND(1-(I291/M291),4))","v":0.217}]
[null,4,"RESERVATÓRIO ELEVADO DE CONCRETO - 50 M³",{"$nulls":7},{"$f":"K293+K311+K326+K343","v":164750.28}]
[null,"4.1","PEÇAS E CONEXÕES DO BARRILETE DE ENTRADA",{"$nulls":7},{"$f":"SUM(K294:K310)","v":63835.44}]
[null,"4.1.1","INSUMO","Comprasnet",9828,"TUBO PVC DEFOFO, JEI, 1 MPA, DN 150 MM, PARA REDE DE  AGUA (NBR 7665)","M",24,{"$f":"SUMIF('Composições (CODEVASF)'!D:D,E294,'Composições (CODEVASF)'!K:K)","v":30.46},{"$f":"ROUND(IF(C294 = \"SERVIÇO\", I294 * (1 + $I$11), IF(C294 = \"INSUMO\", (I294 * (1 + $K$11)))),2)","v":35.6},{"$f":"ROUND(J294*H294,2)","v":854.4},null,38.909999999999997,30.46,{"$f":"IF(I294=0,\" \",ROUND(1-(I294/M294),4))","v":0.2172}]
[null,"4.1.2","INSUMO","Comprasnet","I3364","CURVA 90 FoFo BB JUNTA ELÁSTICA DN 150","UN",4,{"$f":"SUMIF('Composições (CODEVASF)'!D:D,E295,'Composições (CODEVASF)'!K:K)","v":164.11},191.83,767.32,null,209.6,164.11,0.217]
[null,"4.1.3","INSUMO","ORSE",5762,"TOCO EM FOFO C/ FLANGES PN 10 / 16, COMP. = 0,25M, D=  150MM","UN",4,{"$f":"SUMIF('Composições (ORSE)'!D:D,E296,'Composições (ORSE)'!K:K)","v":198.36},231.86,927.44,null,253.34,198.36,0.217]
[null,"4.1.4","INSUMO","ORSE",5387,"CURVA 90º, EM FOFO, C/ FLANGES PN 10 / 16, D=  150MM","UN",8,{"$f":"SUMIF('Composições (ORSE)'!D:D,E297,'Composições (ORSE)'!K:K)","v":199.71},233.44,1867.52,null,255.06,199.71,0.217]
[null,"4.1.5","INSUMO","SEINFRA","I4081","REDUÇÃO FoFo FF DN 100 x 75 PN10","UN",4,{"$f":"SUMIF('Composições (SEINFRA)'!D:D,E298,'Composições (SEINFRA)'!K:K)","v":205.32},240,960,null,262.23,205.32,0.217]
[null,"4.1.6","INSUMO","SEINFRA","I4083","REDUÇÃO FoFo FF DN 150 x 75 PN10","UN",4,{"$f":"SUMIF('Composições (SEINFRA)'!D:D,E299,'Composições (SEINFRA)'!K:K)","v":281.8},329.4,1317.6,null,359.91,281.8,0.217]
[null,"4.1.7","INSUMO","ORSE",5789,"TOCO EM FOFO COM ABA DE VEDAÇÃO E FLANGES PN 10 / 16, D=  150MM","UN",16,{"$f":"SUMIF('Composições (ORSE)'!D:D,E300,'Composições (ORSE)'!K:K)","v":376.77},440.41,7046.56,null,481.2,376.77,0.217]
[null,"4.1.8","INSUMO","ORSE",5875,"TUBO EM FOFO, PONTA E FLANGE PN 10 / 16, D=  150MM, L=1,00M","UN",4,{"$f":"SUMIF('Composições (ORSE)'!D:D,E301,'Composições (ORSE)'!K:K)","v":411.96},481.54,1926.16,null,526.14,411.96,0.217]
[null,"4.1.9","INSUMO","Comprasnet",6083,"TUBO EM FOFO, C/ FLANGES PN 10 / 16, D=  150MM, L=5,80M","UN",16,{"$f":"SUMIF('Composições (CODEVASF)'!D:D,E302,'Composições (CODEVASF)'!K:K)","v":1370.25},1601.69,25627.040000000001,null,1750,1370.25,0.217]
[null,"4.1.10","INSUMO","ORSE",6075,"TUBO EM FOFO, C/ FLANGES PN 10 / 16, D=  150MM, L=2,00M","UN",4,{"$f":"SUMIF('Composições (ORSE)'!D:D,E303,'Composições (ORSE)'!K:K)","v":754.98},882.5,3530,null,964.22,754.98,0.217]
[null,"4.1.11","INSUMO","SEINFRA","I4657","TUBO FoFo C/FLANGE E PONTA DN 150 PN10 - L=2000","UN",8,{"$f":"SUMIF('Composições (SEINFRA)'!D:D,E304,'Composições (SEINFRA)'!K:K)","v":796.13},930.6,7444.8,null,1016.78,796.13,0.217]
[null,"4.1.12","INSUMO","SEINFRA","I6667","TUBO FoFo C/FLANGE E PONTA DN 150 PN10 L=500","UN",8,{"$f":"SUMIF('Composições (SEINFRA)'!D:D,E305,'Composições (SEINFRA)'!K:K)","v":396.17},463.08,3704.64,null,505.97,396.17,0.217]
[null,"4.1.13","INSUMO","ORSE",4846,"ABRAÇADEIRA EM AÇO INOX DN 150MM","UN",4,{"$f":"SUMIF('Composições (ORSE)'!D:D,E306,'Composições (ORSE)'!K:K)","v":50.29},58.78,235.12,null,64.23,50.29,0.217]
[null,"4.1.14","INSUMO","Comprasnet",5524,"JUNTA GIBAULT EM FOFO, D=  150MM","UN",16,{"$f":"SUMIF('Composições (CODEVASF)'!D:D,E307,'Composições (CODEVASF)'!K:K)","v":151.31},176.87,2829.92,null,193.25,151.31,0.217]
[null,"4.1.15","INSUMO","Comprasnet",5198,"ARRUELA DE BORRACHA PARA JUNTA C/ FLANGE PN 10, D=  150MM","UN",68,{"$f":"SUMIF('Composições (CODEVASF)'!D:D,E308,'Composições (CODEVASF)'!K:K)","v":2.34},2.74,186.32,null,3,2.34,0.22]
[null,"4.1.16","INSUMO","SINAPI",318,"ANEL BORRACHA, PARA TUBO PVC DEFOFO, DN 150 MM (NBR 7665)","UN    ",20,{"$f":"SUMIF('Composições (SINAPI)'!D:D,E309,'Composições (SINAPI)'!K:K)","v":7.57},8.85,177,null,9.68,7.57,0.218]
[null,"4.1.17","INSUMO","Comprasnet",5245,"PARAFUSO E PORCA PARA JUNTA C/ FLANGE D X L = 20 X  90MM","UN",544,{"$f":"SUMIF('Composições (CODEVASF)'!D:D,E310,'Composições (CODEVASF)'!K:K)","v":6.97},8.15,4433.6000000000004,null,8.91,6.97,0.2177]
[null,"4.2","PEÇAS E CONEXÕES DO BARRILETE DE SAÍDA",{"$nulls":7},{"$f":"SUM(K312:K325)","v":34917.480000000003}]
[null,"4.2.1","INSUMO","ORSE",5787,"TOCO EM FOFO COM ABA DE VEDAÇÃO E FLANGES PN 10 / 16 / 25, D=   80MM","UN",8,{"$f":"SUMIF('Composições (ORSE)'!D:D,E312,'Composições (ORSE)'!K:K)","v":212.05},{"$f":"ROUND(IF(C312 = \"SERVIÇO\", I312 * (1 + $I$11), IF(C312 = \"INSUMO\", (I312 * (1 + $K$11)))),2)","v":247.87},{"$f":"ROUND(J312*H312,2)","v":1982.96},null,270.83,212.05,{"$f":"IF(I312=0,\" \",ROUND(1-(I312/M312),4))","v":0.217}]
[null,"4.2.2","INSUMO","SEINFRA","I6665","TUBO FoFo C/FLANGE E PONTA DN 75 PN10 L=500","UN",12,{"$f":"SUMIF('Composições (SEINFRA)'!D:D,E313,'Composições (SEINFRA)'!K:K)","v":281.23},328.73,{"$f":"ROUND(J313*H313,2)","v":3944.76},null,359.17,281.23,0.217]
[null,"4.2.3","INSUMO","SEINFRA","I4643","TUBO FoFo C/FLANGE E PONTA DN 75 PN10 - L=5800","UN",4,{"$f":"SUMIF('Composições (SEINFRA)'!D:D,E314,'Composições (SEINFRA)'!K:K)","v":1198.31},1400.7,{"$f":"ROUND(J314*H314,2)","v":5602.8},null,1530.42,1198.31,0.217]
[null,"4.2.4","INSUMO","SEINFRA","I4634","TUBO FoFo C/FLANGE E PONTA DN 75 PN10 - L=1500","UN",8,{"$f":"SUMIF('Composições (SEINFRA)'!D:D,E315,'Composições (SEINFRA)'!K:K)","v":471.8},551.49,{"$f":"ROUND(J315*H315,2)","v":4411.92},null,602.55999999999995,471.8,0.217]
[null,"4.2.5","INSUMO","SEINFRA","I4453","TUBO FoFo C/ FLANGES DN 75 PN10 - L=4000","UN",4,{"$f":"SUMIF('Composições (SEINFRA)'!D:D,E316,'Composições (SEINFRA)'!K:K)","v":1101.25},1287.25,{"$f":"ROUND(J316*H316,2)","v":5149},null,1406.46,1101.25,0.217]
[null,"4.2.6","INSUMO","SEINFRA","I3362","CURVA 90 FoFo BB JUNTA ELÁSTICA DN 75","UN",4,{"$f":"SUMIF('Composições (SEINFRA)'!D:D,E317,'Composições (SEINFRA)'!K:K)","v":153.05000000000001},178.9,715.6,null,195.47,153.05000000000001,0.217]
[null,"4.2.7","INSUMO","SEINFRA","I5326","REGISTRO VOLANTE E FLANGE DN 75 PN16","UN",8,{"$f":"SUMIF('Composições (SEINFRA)'!D:D,E318,'Composições (SEINFRA)'!K:K)","v":688.15},804.38,6435.04,null,878.87,688.15,0.217]
[null,"4.2.8","INSUMO","SEINFRA","I3642","TE FoFo FF DN 75 x 75 PN10","UN",4,{"$f":"SUMIF('Composições (SEINFRA)'!D:D,E319,'Composições (SEINFRA)'!K:K)","v":168.81},197.32,789.28,null,215.6,168.81,0.217]
[null,"4.2.9","INSUMO","SEINFRA","I3891","JUNTA GIBAULT DN 75","UN",8,{"$f":"SUMIF('Composições (SEINFRA)'!D:D,E320,'Composições (SEINFRA)'!K:K)","v":106.01},123.92,991.36,null,135.4,106.01,0.21709999999999999]
[null,"4.2.10","INSUMO","ORSE",5151,"ADAPTADOR DE PVC JE A BOLSA DEFOFO JUNTA ELASTICA, D=   75MM","UN",4,{"$f":"SUMIF('Composições (ORSE)'!D:D,E321,'Composições (ORSE)'!K:K)","v":20.71},24.21,96.84,null,26.45,20.71,0.217]
[null,"4.2.11","INSUMO","Ata 12/2017 Codevasf",36376,"TUBO PVC PBA JEI, CLASSE 15, DN 75 MM, PARA REDE DE AGUA (NBR 5647)","M",144,{"$f":"SUMIF('Composições (CODEVASF)'!D:D,E322,'Composições (CODEVASF)'!K:K)","v":11.74},13.72,1975.68,null,15,11.74,0.21729999999999999]
[null,"4.2.12","INSUMO","ORSE",11590,"ABRAÇADEIRA EM AÇO INOX DN 80MM","UN",8,{"$f":"SUMIF('Composições (ORSE)'!D:D,E323,'Composições (ORSE)'!K:K)","v":9.74},11.39,91.12,null,12.45,9.74,0.2177]
[null,"4.2.13","INSUMO","Comprasnet",5196,"ARRUELA DE BORRACHA PARA JUNTA C/ FLANGE PN 10, D=   80MM","UN",76,{"$f":"SUMIF('Composições (CODEVASF)'!D:D,E324,'Composições (CODEVASF)'!K:K)","v":1.52},1.78,135.28,null,1.95,1.52,0.2205]
[null,"4.2.14","INSUMO","Comprasnet",5244,"PARAFUSO E PORCA PARA JUNTA C/ FLANGE D X L = 16 X  80MM","UN",624,{"$f":"SUMIF('Composições (CODEVASF)'!D:D,E325,'Composições (CODEVASF)'!K:K)","v":3.56},4.16,2595.84,null,4.55,3.56,0.21759999999999999]
[null,"4.3","PEÇAS E CONEXÕES DO BARRILETE DO EXTRAVASOR E VENTILAÇÃO",{"$nulls":7},{"$f":"SUM(K327:K342)","v":48715.519999999997}]
[null,"4.3.1","INSUMO","Comprasnet","I3364","CURVA 90 FoFo BB JUNTA ELÁSTICA DN 150","UN",4,{"$f":"SUMIF('Composições (CODEVASF)'!D:D,E327,'Composições (CODEVASF)'!K:K)","v":164.11},{"$f":"ROUND(IF(C327 = \"SERVIÇO\", I327 * (1 + $I$11), IF(C327 = \"INSUMO\", (I327 * (1 + $K$11)))),2)","v":191.83},{"$f":"ROUND(J327*H327,2)","v":767.32},null,209.6,164.11,{"$f":"IF(I327=0,\" \",ROUND(1-(I327/M327),4))","v":0.217}]
[null,"4.3.2","INSUMO","ORSE",5387,"CURVA 90º, EM FOFO, C/ FLANGES PN 10 / 16, D=  150MM","UN",8,{"$f":"SUMIF('Composições (ORSE)'!D:D,E328,'Composições (ORSE)'!K:K)","v":199.71},{"$f":"ROUND(IF(C328 = \"SERVIÇO\", I328 * (1 + $I$11), IF(C328 = \"INSUMO\", (I328 * (1 + $K$11)))),2)","v":233.44},{"$f":"ROUND(J328*H328,2)","v":1867.52},null,255.06,199.71,0.217]
[null,"4.3.3","INSUMO","ORSE",5562,"REDUÇÃO EM FOFO, C/ FLANGES PN 10, D=  200 X  150MM","UN",4,{"$f":"SUMIF('Composições (ORSE)'!D:D,E329,'Composições (ORSE)'!K:K)","v":194.25},{"$f":"ROUND(IF(C329 = \"SERVIÇO\", I329 * (1 + $I$11), IF(C329 = \"INSUMO\", (I329 * (1 + $K$11)))),2)","v":227.06},{"$f":"ROUND(J329*H329,2)","v":908.24},null,248.09,194.25,0.217]
[null,"4.3.4","INSUMO","SEINFRA","I4474","TUBO FoFo C/ FLANGES DN 150 PN10 - L=3500","UN",8,{"$f":"SUMIF('Composições (SEINFRA)'!D:D,E330,'Composições (SEINFRA)'!K:K)","v":1469.41},{"$f":"ROUND(IF(C330 = \"SERVIÇO\", I330 * (1 + $I$11), IF(C330 = \"INSUMO\", (I330 * (1 + $K$11)))),2)","v":1717.59},{"$f":"ROUND(J330*H330,2)","v":13740.72},null,1876.65,1469.41,0.217]
[null,"4.3.5","INSUMO","ORSE",5789,"TOCO EM FOFO COM ABA DE VEDAÇÃO E FLANGES PN 10 / 16, D=  150MM","UN",4,{"$f":"SUMIF('Composições (ORSE)'!D:D,E331,'Composições (ORSE)'!K:K)","v":376.77},{"$f":"ROUND(IF(C331 = \"SERVIÇO\", I331 * (1 + $I$11), IF(C331 = \"INSUMO\", (I331 * (1 + $K$11)))),2)","v":440.41},{"$f":"ROUND(J331*H331,2)","v":1761.64},null,481.2,376.77,0.217]
[null,"4.3.6","INSUMO","ORSE",5875,"TUBO EM FOFO, PONTA E FLANGE PN 10 / 16, D=  150MM, L=1,00M","UN",12,{"$f":"SUMIF('Composições (ORSE)'!D:D,E332,'Composições (ORSE)'!K:K)","v":411.96},{"$f":"ROUND(IF(C332 = \"SERVIÇO\", I332 * (1 + $I$11), IF(C332 = \"INSUMO\", (I332 * (1 + $K$11)))),2)","v":481.54},{"$f":"ROUND(J332*H332,2)","v":5778.48},null,526.14,411.96,0.217]
[null,"4.3.7","INSUMO","Comprasnet",6083,"TUBO EM FOFO, C/ FLANGES PN 10 / 16, D=  150MM, L=5,80M","UN",4,{"$f":"SUMIF('Composições (CODEVASF)'!D:D,E333,'Composições (CODEVASF)'!K:K)","v":1370.25},1601.69,6406.76,null,1750,1370.25,0.217]
[null,"4.3.8","INSUMO","ORSE",6075,"TUBO EM FOFO, C/ FLANGES PN 10 / 16, D=  150MM, L=2,00M","UN",4,{"$f":"SUMIF('Composições (ORSE)'!D:D,E334,'Composições (ORSE)'!K:K)","v":754.98},882.5,3530,null,964.22,754.98,0.217]
[null,"4.3.9","INSUMO","SEINFRA","I4657","TUBO FoFo C/FLANGE E PONTA DN 150 PN10 - L=2000","UN",4,{"$f":"SUMIF('Composições (SEINFRA)'!D:D,E335,'Composições (SEINFRA)'!K:K)","v":796.13},930.6,3722.4,null,1016.78,796.13,0.217]
[null,"4.3.10","INSUMO","SEINFRA","I6667","TUBO FoFo C/FLANGE E PONTA DN 150 PN10 L=500","UN",4,{"$f":"SUMIF('Composições (SEINFRA)'!D:D,E336,'Composições (SEINFRA)'!K:K)","v":396.17},463.08,1852.32,null,505.97,396.17,0.217]
[null,"4.3.11","INSUMO","ORSE",4846,"ABRAÇADEIRA EM AÇO INOX DN 150MM","UN",8,{"$f":"SUMIF('Composições (ORSE)'!D:D,E337,'Composições (ORSE)'!K:K)","v":50.29},58.78,470.24,null,64.23,50.29,0.217]
[null,"4.3.12","INSUMO","Comprasnet",5524,"JUNTA GIBAULT EM FOFO, D=  150MM","UN",4,{"$f":"SUMIF('Composições (CODEVASF)'!D:D,E338,'Composições (CODEVASF)'!K:K)","v":151.31},176.87,707.48,null,193.25,151.31,0.217]
[null,"4.3.13","INSUMO","Comprasnet",9828,"TUBO PVC DEFOFO, JEI, 1 MPA, DN 150 MM, PARA REDE DE  AGUA (NBR 7665)","M",64,{"$f":"SUMIF('Composições (CODEVASF)'!D:D,E339,'Composições (CODEVASF)'!K:K)","v":30.46},35.6,2278.4,null,38.909999999999997,30.46,0.2172]
[null,"4.3.14","INSUMO","Comprasnet",5198,"ARRUELA DE BORRACHA PARA JUNTA C/ FLANGE PN 10, D=  150MM","UN",72,{"$f":"SUMIF('Composições (CODEVASF)'!D:D,E340,'Composições (CODEVASF)'!K:K)","v":2.34},2.74,197.28,null,3,2.34,0.22]
[null,"4.3.15","INSUMO","ORSE",318,"BUCHA ALUMÍNIO P/ELETRODUTO D=4\" (100MM)","UN",8,{"$f":"SUMIF('Composições (ORSE)'!D:D,E341,'Composições (ORSE)'!K:K)","v":3.46},4.04,32.32,null,4.42,3.46,0.2172]
[null,"4.3.16","INSUMO","Comprasnet",5245,"PARAFUSO E PORCA PARA JUNTA C/ FLANGE D X L = 20 X  90MM","UN",576,{"$f":"SUMIF('Composições (CODEVASF)'!D:D,E342,'Composições (CODEVASF)'!K:K)","v":6.97},8.15,4694.3999999999996,null,8.91,6.97,0.2177]
[null,"4.4","PEÇAS E CONEXÕES PARA MACROMEDIÇÃO",{"$nulls":7},{"$f":"SUM(K344:K352)","v":17281.84}]
[null,"4.4.1","INSUMO","SEINFRA","I3891","JUNTA GIBAULT DN 75","UN",4,{"$f":"SUMIF('Composições (SEINFRA)'!D:D,E344,'Composições (SEINFRA)'!K:K)","v":106.01},{"$f":"ROUND(IF(C344 = \"SERVIÇO\", I344 * (1 + $I$11), IF(C344 = \"INSUMO\", (I344 * (1 + $K$11)))),2)","v":123.92},{"$f":"ROUND(J344*H344,2)","v":495.68},null,135.4,106.01,{"$f":"IF(I344=0,\" \",ROUND(1-(I344/M344),4))","v":0.21709999999999999}]
[null,"4.4.2","INSUMO","SEINFRA","I3362","CURVA 90 FoFo BB JUNTA ELÁSTICA DN 75","UN",16,{"$f":"SUMIF('Composições (SEINFRA)'!D:D,E345,'Composições (SEINFRA)'!K:K)","v":153.05000000000001},{"$f":"ROUND(IF(C345 = \"SERVIÇO\", I345 * (1 + $I$11), IF(C345 = \"INSUMO\", (I345 * (1 + $K$11)))),2)","v":178.9},{"$f":"ROUND(J345*H345,2)","v":2862.4},null,195.47,153.05000000000001,0.217]
[null,"4.4.3","INSUMO","ORSE",5759,"TOCO EM FOFO C/ FLANGES PN 10 / 16 / 25, COMP. = 0,25M, D=   80MM","UN",12,{"$f":"SUMIF('Composições (ORSE)'!D:D,E346,'Composições (ORSE)'!K:K)","v":123.68},{"$f":"ROUND(IF(C346 = \"SERVIÇO\", I346 * (1 + $I$11), IF(C346 = \"INSUMO\", (I346 * (1 + $K$11)))),2)","v":144.57},{"$f":"ROUND(J346*H346,2)","v":1734.84},null,157.96,123.68,0.217]
[null,"4.4.4","INSUMO","ORSE",5760,"TOCO EM FOFO C/ FLANGES PN 10 / 16 / 25, COMP. = 0,50M, D=   80MM","UN",8,{"$f":"SUMIF('Composições (ORSE)'!D:D,E347,'Composições (ORSE)'!K:K)","v":149.54},{"$f":"ROUND(IF(C347 = \"SERVIÇO\", I347 * (1 + $I$11), IF(C347 = \"INSUMO\", (I347 * (1 + $K$11)))),2)","v":174.8},{"$f":"ROUND(J347*H347,2)","v":1398.4},null,190.99,149.54,0.217]
[null,"4.4.5","INSUMO","SINAPI",12777,"HIDROMETRO WOLTMANN, VAZAO MAXIMA DE 80,0 M3/H, DE 3\"","UN    ",4,{"$f":"SUMIF('Composições (SINAPI)'!D:D,E348,'Composições (SINAPI)'!K:K)","v":1542.94},1803.54,7214.16,null,1970.55,1542.94,0.217]
[null,"4.4.6","INSUMO","SEINFRA","I6665","TUBO FoFo C/FLANGE E PONTA DN 75 PN10 L=500","UN",4,{"$f":"SUMIF('Composições (SEINFRA)'!D:D,E349,'Composições (SEINFRA)'!K:K)","v":281.23},328.73,1314.92,null,359.17,281.23,0.217]
[null,"4.4.7","INSUMO","Comprasnet",5196,"ARRUELA DE BORRACHA PARA JUNTA C/ FLANGE PN 10, D=   80MM","UN",64,{"$f":"SUMIF('Composições (CODEVASF)'!D:D,E350,'Composições (CODEVASF)'!K:K)","v":1.52},1.78,113.92,null,1.95,1.52,0.2205]
[null,"4.4.8","INSUMO","ORSE",5172,"ANEL DE BORRACHA P/ TUBO OU CONEXÃO EM FOFO JE, D=   80MM","UN",8,{"$f":"SUMIF('Composições (ORSE)'!D:D,E351,'Composições (ORSE)'!K:K)","v":1.88},2.2000000000000002,17.600000000000001,null,2.41,1.88,0.21990000000000001]
[null,"4.4.9","INSUMO","Comprasnet",5244,"PARAFUSO E PORCA PARA JUNTA C/ FLANGE D X L = 16 X  80MM","UN",512,{"$f":"SUMIF('Composições (CODEVASF)'!D:D,E352,'Composições (CODEVASF)'!K:K)","v":3.56},4.16,2129.92,null,4.55,3.56,0.21759999999999999]
[null,5,"RESERVATÓRIO ELEVADO DE CONCRETO - 20 E 40 M³",{"$nulls":7},{"$f":"SUM(K354:K376)","v":11324.44}]
[null,"5.1","INSUMO","Ata 12/2017 Codevasf",36376,"TUBO PVC PBA JEI, CLASSE 15, DN 75 MM, PARA REDE DE AGUA (NBR 5647)","M",34,{"$f":"SUMIF('Composições (CODEVASF)'!D:D,E354,'Composições (CODEVASF)'!K:K)","v":11.74},{"$f":"ROUND(IF(C354 = \"SERVIÇO\", I354 * (1 + $I$11), IF(C354 = \"INSUMO\", (I354 * (1 + $K$11)))),2)","v":13.72},{"$f":"ROUND(J354*H354,2)","v":466.48},null,15,11.74,{"$f":"IF(I354=0,\" \",ROUND(1-(I354/M354),4))","v":0.21729999999999999}]
[null,"5.2","INSUMO","SEINFRA","I2163","TUBO AÇO GALVANIZADO DE 100MM (4')","M",12,{"$f":"SUMIF('Composições (SEINFRA)'!D:D,E355,'Composições (SEINFRA)'!K:K)","v":60.6},70.84,850.08,null,77.400000000000006,60.6,0.21709999999999999]
[null,"5.3","INSUMO","SINAPI",9891,"UNIAO DE FERRO GALVANIZADO, COM ROSCA BSP, COM ASSENTO PLANO, DE 4\"","UN    ",1,{"$f":"SUMIF('Composições (SINAPI)'!D:D,E356,'Composições (SINAPI)'!K:K)","v":158.59},185.38,185.38,null,202.55,158.59,0.217]
[null,"5.4","INSUMO","SINAPI",9890,"UNIAO DE FERRO GALVANIZADO, COM ROSCA BSP, COM ASSENTO PLANO, DE 3\"","UN    ",2,{"$f":"SUMIF('Composições (SINAPI)'!D:D,E357,'Composições (SINAPI)'!K:K)","v":112.97},132.05000000000001,264.10000000000002,null,144.29,112.97,0.21709999999999999]
[null,"5.5","INSUMO","SINAPI",1792,"CURVA 90 GRAUS DE FERRO GALVANIZADO, COM ROSCA BSP FEMEA, DE 3\"","UN    ",3,{"$f":"SUMIF('Composições (SINAPI)'!D:D,E358,'Composições (SINAPI)'!K:K)","v":133.97},156.6,469.8,null,171.11,133.97,0.21709999999999999]
[null,"5.6","INSUMO","SINAPI",1793,"CURVA 90 GRAUS DE FERRO GALVANIZADO, COM ROSCA BSP FEMEA, DE 4\"","UN    ",3,{"$f":"SUMIF('Composições (SINAPI)'!D:D,E359,'Composições (SINAPI)'!K:K)","v":270.72000000000003},316.44,949.32,null,345.75,270.72000000000003,0.217]
[null,"5.7","INSUMO","SINAPI",4182,"NIPLE DE FERRO GALVANIZADO, COM ROSCA BSP, DE 3\"","UN    ",14,{"$f":"SUMIF('Composições (SINAPI)'!D:D,E360,'Composições (SINAPI)'!K:K)","v":37.869999999999997},44.27,619.78,null,48.37,37.869999999999997,0.21709999999999999]
[null,"5.8","INSUMO","SINAPI",4183,"NIPLE DE FERRO GALVANIZADO, COM ROSCA BSP, DE 4\"","UN    ",4,{"$f":"SUMIF('Composições (SINAPI)'!D:D,E361,'Composições (SINAPI)'!K:K)","v":60.97},71.27,285.08,null,77.87,60.97,0.217]
[null,"5.9","INSUMO","SEINFRA","I1951","TE AÇO GALVANIZADO DE 3'","UN",2,{"$f":"SUMIF('Composições (SEINFRA)'!D:D,E362,'Composições (SEINFRA)'!K:K)","v":51.95},{"$f":"ROUND(IF(C362 = \"SERVIÇO\", I362 * (1 + $I$11), IF(C362 = \"INSUMO\", (I362 * (1 + $K$11)))),2)","v":60.72},{"$f":"ROUND(J362*H362,2)","v":121.44},null,66.349999999999994,51.95,0.217]
[null,"5.10","INSUMO","SEINFRA","I1954","TE AÇO GALVANIZADO DE 4'","UN",1,{"$f":"SUMIF('Composições (SEINFRA)'!D:D,E363,'Composições (SEINFRA)'!K:K)","v":101.55},118.7,118.7,null,129.69999999999999,101.55,0.217]
[null,"5.11","INSUMO","SINAPI",6012,"REGISTRO GAVETA BRUTO EM LATAO FORJADO, BITOLA 3 \" (REF 1509)","UN    ",2,{"$f":"SUMIF('Composições (SINAPI)'!D:D,E364,'Composições (SINAPI)'!K:K)","v":179.33},209.62,419.24,null,229.04,179.33,0.217]
[null,"5.12","INSUMO","SINAPI",6027,"REGISTRO GAVETA BRUTO EM LATAO FORJADO, BITOLA 4 \" (REF 1509)","UN    ",1,{"$f":"SUMIF('Composições (SINAPI)'!D:D,E365,'Composições (SINAPI)'!K:K)","v":373.68},436.79,436.79,null,477.25,373.68,0.217]
[null,"5.13","INSUMO","ORSE","5157*","ADAPTADOR DE PVC JE, BOLSA E ROSCA, PBA, D=   75MM","UN",2,{"$f":"SUMIF('Composições (ORSE)'!D:D,E366,'Composições (ORSE)'!K:K)","v":39.43},46.09,92.18,null,50.37,39.43,0.2172]
[null,"5.14","INSUMO","ORSE",5158,"ADAPTADOR DE PVC JE, BOLSA E ROSCA, PBA, D=  100MM","UN",1,{"$f":"SUMIF('Composições (ORSE)'!D:D,E367,'Composições (ORSE)'!K:K)","v":56.39},65.91,65.91,null,72.03,56.39,0.21709999999999999]
[null,"5.15","INSUMO","ORSE",993,"FLANGE FERRO GALVANIZADO D=4 \"","UN",1,{"$f":"SUMIF('Composições (ORSE)'!D:D,E368,'Composições (ORSE)'!K:K)","v":85.33},99.74,99.74,null,108.98,85.33,0.217]
[null,"5.16","INSUMO","ORSE",992,"FLANGE FERRO GALVANIZADO D=3 \"","UN",2,{"$f":"SUMIF('Composições (ORSE)'!D:D,E369,'Composições (ORSE)'!K:K)","v":57.72},67.47,134.94,null,73.72,57.72,0.217]
[null,"5.17","INSUMO","ORSE",4839,"ABRAÇADEIRA EM FERRO GALVANIZADO DN 100MM","UN",2,{"$f":"SUMIF('Composições (ORSE)'!D:D,E370,'Composições (ORSE)'!K:K)","v":15.26},17.84,35.68,null,19.5,15.26,0.21740000000000001]
[null,"5.18","INSUMO","ORSE",11590,"ABRAÇADEIRA EM AÇO INOX DN 80MM","UN",6,{"$f":"SUMIF('Composições (ORSE)'!D:D,E371,'Composições (ORSE)'!K:K)","v":9.74},11.39,68.34,null,12.45,9.74,0.2177]
[null,"5.19","INSUMO","ORSE",5466,"FLANGE CEGO, EM FOFO, PN 10 / 16 / 25, D=   80MM","UN",2,{"$f":"SUMIF('Composições (ORSE)'!D:D,E372,'Composições (ORSE)'!K:K)","v":38.47},44.97,89.94,null,49.14,38.47,0.21709999999999999]
[null,"5.20","INSUMO","SEINFRA","I8666","HIDRÔMETRO TIPO WOLTMANN HORIZONTAL Qn=40m³/h, Dn 80mm - COMPLETO","UN",2,{"$f":"SUMIF('Composições (SEINFRA)'!D:D,E373,'Composições (SEINFRA)'!K:K)","v":2145.42},2507.7800000000002,5015.5600000000004,null,2740,2145.42,0.217]
[null,"5.21","INSUMO","Comprasnet",5196,"ARRUELA DE BORRACHA PARA JUNTA C/ FLANGE PN 10, D=   80MM","UN    ",4,{"$f":"SUMIF('Composições (CODEVASF)'!D:D,E374,'Composições (CODEVASF)'!K:K)","v":1.52},1.78,7.12,null,1.95,1.52,0.2205]
[null,"5.22","INSUMO","Comprasnet",5197,"ARRUELA DE BORRACHA PARA JUNTA C/ FLANGE PN 10, D=  100MM","UN    ",4,{"$f":"SUMIF('Composições (CODEVASF)'!D:D,E375,'Composições (CODEVASF)'!K:K)","v":1.55},1.81,7.24,null,1.98,1.55,0.2172]
[null,"5.23","INSUMO","Comprasnet",5245,"PARAFUSO E PORCA PARA JUNTA C/ FLANGE D X L = 20 X  90MM","UN    ",64,{"$f":"SUMIF('Composições (CODEVASF)'!D:D,E376,'Composições (CODEVASF)'!K:K)","v":6.97},8.15,521.6,null,8.91,6.97,0.2177]
[null,6,"REDE DE DISTRIBUIÇÃO E LIGAÇÕES DOMICILIARES",{"$nulls":7},{"$f":"SUM(K378:K409)","v":101981.6}]
[null,"6.1","INSUMO","Ata 12/2017 Codevasf",36375,"TUBO PVC PBA JEI, CLASSE 15, DN 50 MM, PARA REDE DE AGUA (NBR 5647)","M",7500,{"$f":"SUMIF('Composições (CODEVASF)'!D:D,E378,'Composições (CODEVASF)'!K:K)","v":4.87},{"$f":"ROUND(IF(C378 = \"SERVIÇO\", I378 * (1 + $I$11), IF(C378 = \"INSUMO\", (I378 * (1 + $K$11)))),2)","v":5.69},{"$f":"ROUND(J378*H378,2)","v":42675},null,6.22,4.87,{"$f":"IF(I378=0,\" \",ROUND(1-(I378/M378),4))","v":0.217}]
[null,"6.2","INSUMO","Ata 12/2017 Codevasf",36376,"TUBO PVC PBA JEI, CLASSE 15, DN 75 MM, PARA REDE DE AGUA (NBR 5647)","M",2750,{"$f":"SUMIF('Composições (CODEVASF)'!D:D,E379,'Composições (CODEVASF)'!K:K)","v":11.74},13.72,37730,null,15,11.74,0.21729999999999999]
[null,"6.3","INSUMO","Atas 8 e 24/2017 Codevasf",36373,"TUBO PVC PBA JEI, CLASSE 12, DN 75 MM, PARA REDE DE AGUA (NBR 5647)","M",60,{"$f":"SUMIF('Composições (CODEVASF)'!D:D,E380,'Composições (CODEVASF)'!K:K)","v":6.49},7.59,455.4,null,8.3000000000000007,6.49,0.21809999999999999]
[null,"6.4","INSUMO","Atas 8 e 24/2017 Codevasf",36084,"TUBO PVC PBA JEI, CLASSE 12, DN 50 MM, PARA REDE DE AGUA (NBR 5647)","M",100,{"$f":"SUMIF('Composições (CODEVASF)'!D:D,E381,'Composições (CODEVASF)'!K:K)","v":3.13},3.66,366,null,4.01,3.13,0.2195]
[null,"6.5","INSUMO","Atas 8 e 24/2017 Codevasf",36374,"TUBO PVC PBA JEI, CLASSE 12, DN 100 MM, PARA REDE DE AGUA (NBR 5647)","M",20,{"$f":"SUMIF('Composições (CODEVASF)'!D:D,E382,'Composições (CODEVASF)'!K:K)","v":10.119999999999999},11.83,236.6,null,12.93,10.119999999999999,0.21729999999999999]
[null,"6.6","INSUMO","Comprasnet",9867,"TUBO PVC, SOLDAVEL, DN 20 MM, AGUA FRIA (NBR-5648)","M",1120,{"$f":"SUMIF('Composições (CODEVASF)'!D:D,E383,'Composições (CODEVASF)'!K:K)","v":1.21},1.41,1579.2,null,1.55,1.21,0.21940000000000001]
[null,"6.7","INSUMO","SINAPI",1206,"CAP, PVC PBA, JE, DN 50 / DE 60 MM,  PARA REDE DE AGUA (NBR 10351)","UN    ",44,{"$f":"SUMIF('Composições (SINAPI)'!D:D,E384,'Composições (SINAPI)'!K:K)","v":4.58},5.35,235.4,null,5.86,4.58,0.21840000000000001]
[null,"6.8","INSUMO","SINAPI",1725,"CRUZETA PVC PBA, JE, BBBB, DN 50 / DE 60 MM","UN    ",6,{"$f":"SUMIF('Composições (SINAPI)'!D:D,E385,'Composições (SINAPI)'!K:K)","v":14.39},16.82,100.92,null,18.39,14.39,0.2175]
[null,"6.9","INSUMO","SINAPI",12943,"CRUZETA PVC PBA, JE, BBBB, DN 75 / DE 85 MM","UN    ",7,{"$f":"SUMIF('Composições (SINAPI)'!D:D,E386,'Composições (SINAPI)'!K:K)","v":35.54},41.54,290.77999999999997,null,45.39,35.54,0.217]
[null,"6.10","INSUMO","SINAPI",1727,"CRUZETA DE REDUCAO PVC PBA, JE, BBBB, DN 75 X 50 / DE 85 X 60 MM","UN    ",8,{"$f":"SUMIF('Composições (SINAPI)'!D:D,E387,'Composições (SINAPI)'!K:K)","v":49.91},58.34,466.72,null,63.75,49.91,0.21709999999999999]
[null,"6.11","INSUMO","SINAPI",1835,"CURVA PVC PBA, JE, PB, 22 GRAUS, DN 50 / DE 60 MM, PARA REDE AGUA (NBR 10351)","UN    ",94,{"$f":"SUMIF('Composições (SINAPI)'!D:D,E388,'Composições (SINAPI)'!K:K)","v":9.52},11.13,1046.22,null,12.16,9.52,0.21709999999999999]
[null,"6.12","INSUMO","SINAPI",1831,"CURVA PVC PBA, JE, PB, 45 GRAUS, DN 50 / DE 60 MM, PARA REDE AGUA (NBR 10351)","UN    ",77,{"$f":"SUMIF('Composições (SINAPI)'!D:D,E389,'Composições (SINAPI)'!K:K)","v":9.8800000000000008},11.55,889.35,null,12.63,9.8800000000000008,0.2177]
[null,"6.13","INSUMO","Ata 12/2017 Codevasf",1845,"CURVA PVC PBA, JE, PB, 90 GRAUS, DN 50 / DE 60 MM, PARA REDE AGUA (NBR 10351)","UN    ",49,{"$f":"SUMIF('Composições (CODEVASF)'!D:D,E390,'Composições (CODEVASF)'!K:K)","v":9.02},10.54,516.46,null,11.52,9.02,0.217]
[null,"6.14","INSUMO","SINAPI",1823,"CURVA PVC PBA, JE, PB, 22 GRAUS, DN 75 / DE 85 MM, PARA REDE AGUA (NBR 10351)","UN    ",10,{"$f":"SUMIF('Composições (SINAPI)'!D:D,E391,'Composições (SINAPI)'!K:K)","v":22.22},25.97,259.7,null,28.39,22.22,0.21729999999999999]
[null,"6.15","INSUMO","Ata 12/2017 Codevasf",1825,"CURVA PVC PBA, JE, PB, 45 GRAUS, DN 75 / DE 85 MM, PARA REDE AGUA (NBR 10351)","UN    ",11,{"$f":"SUMIF('Composições (CODEVASF)'!D:D,E392,'Composições (CODEVASF)'!K:K)","v":19.8},23.14,254.54,null,25.29,19.8,0.21709999999999999]
[null,"6.16","INSUMO","SINAPI",1824,"CURVA PVC PBA, JE, PB, 90 GRAUS, DN 75 / DE 85 MM, PARA REDE AGUA (NBR 10351)","UN    ",16,{"$f":"SUMIF('Composições (SINAPI)'!D:D,E393,'Composições (SINAPI)'!K:K)","v":25.28},29.55,472.8,null,32.29,25.28,0.21709999999999999]
[null,"6.17","INSUMO","SINAPI",20327,"REDUCAO PVC PBA, JE, PB, DN 75 X 50 / DE 85 X 60 MM, PARA REDE DE AGUA","UN    ",8,{"$f":"SUMIF('Composições (SINAPI)'!D:D,E394,'Composições (SINAPI)'!K:K)","v":9.73},11.37,90.96,null,12.43,9.73,0.2172]
[null,"6.18","INSUMO","SINAPI",20032,"REDUCAO PVC PBA, JE, BB, DN 75 X 50 / DE 85 X 60 MM, PARA REDE DE AGUA","UN    ",8,{"$f":"SUMIF('Composições (SINAPI)'!D:D,E395,'Composições (SINAPI)'!K:K)","v":29.18},34.11,272.88,null,37.270000000000003,29.18,0.21709999999999999]
[null,"6.19","INSUMO","SINAPI",7048,"TE, PVC PBA, BBB, 90 GRAUS, DN 50 / DE 60 MM, PARA REDE AGUA (NBR 10351)","UN    ",30,{"$f":"SUMIF('Composições (SINAPI)'!D:D,E396,'Composições (SINAPI)'!K:K)","v":14.68},17.16,514.79999999999995,null,18.75,14.68,0.21709999999999999]
[null,"6.20","INSUMO","SINAPI",7088,"TE, PVC PBA, BBB, 90 GRAUS, DN 75 / DE 85 MM, PARA REDE AGUA (NBR 10351)","UN    ",7,{"$f":"SUMIF('Composições (SINAPI)'!D:D,E397,'Composições (SINAPI)'!K:K)","v":36.79},43,301,null,46.99,36.79,0.21709999999999999]
[null,"6.21","INSUMO","SINAPI",11493,"TE DE REDUCAO, PVC PBA, BBB, JE, DN 75 X 50 / DE 85 X 60 MM, PARA REDE AGUA (NBR 10351)","UN    ",15,{"$f":"SUMIF('Composições (SINAPI)'!D:D,E398,'Composições (SINAPI)'!K:K)","v":30.59},35.76,536.4,null,39.08,30.59,0.2172]
[null,"6.22","INSUMO","ORSE",5629,"REGISTRO GAVETA FOFO, C/ BOLSAS P/ TUBO DE PVC, CUNHA BORRACHA, CABEÇOTE, PN  10, TIPO EURO 24, D=   50MM","UN",17,{"$f":"SUMIF('Composições (ORSE)'!D:D,E399,'Composições (ORSE)'!K:K)","v":194.75},227.64,3869.88,null,248.73,194.75,0.217]
[null,"6.23","INSUMO","ORSE",5630,"REGISTRO GAVETA FOFO, C/ BOLSAS P/ TUBO DE PVC, CUNHA BORRACHA, CABEÇOTE, PN  10, TIPO EURO 24, D=   75MM","UN",4,{"$f":"SUMIF('Composições (ORSE)'!D:D,E400,'Composições (ORSE)'!K:K)","v":254.5},297.49,1189.96,null,325.04000000000002,254.5,0.217]
[null,"6.24","INSUMO","Comprasnet",11670,"REGISTRO DE ESFERA, PVC, COM VOLANTE, VS, ROSCAVEL, DN 1/2\", COM CORPO DIVIDIDO","UN    ",7,{"$f":"SUMIF('Composições (CODEVASF)'!D:D,E401,'Composições (CODEVASF)'!K:K)","v":2.68},3.13,21.91,null,3.43,2.68,0.21870000000000001]
[null,"6.25","INSUMO","ORSE",6428,"VENTOSA SIMPLES COM ROSCA DIAM 1\"","UN",7,{"$f":"SUMIF('Composições (ORSE)'!D:D,E402,'Composições (ORSE)'!K:K)","v":234.57},274.19,1919.33,null,299.58,234.57,0.217]
[null,"6.26","INSUMO","SINAPI",3825,"LUVA DE CORRER, PVC PBA, JE, DN 50 / DE 60 MM, PARA REDE AGUA (NBR 10351)","UN    ",81,{"$f":"SUMIF('Composições (SINAPI)'!D:D,E403,'Composições (SINAPI)'!K:K)","v":6.47},7.56,612.36,null,8.27,6.47,0.2177]
[null,"6.27","INSUMO","Ata 12/2017 Codevasf",3827,"LUVA DE CORRER, PVC PBA, JE, DN 75 / DE 85 MM, PARA REDE AGUA (NBR 10351)","UN    ",51,{"$f":"SUMIF('Composições (CODEVASF)'!D:D,E404,'Composições (CODEVASF)'!K:K)","v":9.39},10.98,559.98,null,12,9.39,0.2175]
[null,"6.28","INSUMO","SINAPI",3868,"LUVA DE REDUCAO SOLDAVEL, PVC, 25 MM X 20 MM, PARA AGUA FRIA PREDIAL","UN    ",7,{"$f":"SUMIF('Composições (SINAPI)'!D:D,E405,'Composições (SINAPI)'!K:K)","v":0.72},0.84,5.88,null,0.92,0.72,0.21740000000000001]
[null,"6.29","INSUMO","SINAPI",107,"ADAPTADOR PVC SOLDAVEL CURTO COM BOLSA E ROSCA, 20 MM X 1/2\", PARA AGUA FRIA","UN    ",13,{"$f":"SUMIF('Composições (SINAPI)'!D:D,E406,'Composições (SINAPI)'!K:K)","v":0.62},0.72,9.36,null,0.8,0.62,0.22500000000000001]
[null,"6.30","INSUMO","SINAPI",1414,"COLAR TOMADA PVC, COM TRAVAS, SAIDA COM ROSCA, DE 60 MM X 1/2\" OU 60 MM X 3/4\", PARA LIGACAO PREDIAL DE AGUA","UN    ",17,{"$f":"SUMIF('Composições (SINAPI)'!D:D,E407,'Composições (SINAPI)'!K:K)","v":9.69},11.33,192.61,null,12.38,9.69,0.21729999999999999]
[null,"6.31","INSUMO","SINAPI",1412,"COLAR TOMADA PVC, COM TRAVAS, SAIDA COM ROSCA, DE 85 MM X 1/2\" OU 85 MM X 3/4\", PARA LIGACAO PREDIAL DE AGUA","UN    ",12,{"$f":"SUMIF('Composições (SINAPI)'!D:D,E408,'Composições (SINAPI)'!K:K)","v":12.16},14.21,170.52,null,15.54,12.16,0.2175]
[null,"6.32","INSUMO","SINAPI",13244,"CONE DE SINALIZACAO EM PVC RIGIDO COM FAIXA REFLETIVA, H = 70 / 76 CM","UN    ",156,{"$f":"SUMIF('Composições (SINAPI)'!D:D,E409,'Composições (SINAPI)'!K:K)","v":22.7},26.53,4138.68,null,29,22.7,0.2172]
[{"$nulls":4},"TOTAL GERAL DOS MATERIAIS COM BDI (R$):",{"$nulls":5},{"$f":"K14+K124+K176+K292+K353+K377","v":1512197.97},null,1931596.05,-419398.08]
[{"$nulls":4},"TOTAL GERAL DOS SERVIÇOS COM BDI (R$):",{"$nulls":5},{"$f":"'Planilha SERVIÇOS'!$K$422","v":4007152.36}]
[{"$nulls":5},"TOTAL GERAL DA OBRA (R$):",{"$nulls":4},{"$f":"K410+K411","v":5519350.3300000001}]

{"sheet":"Cronograma","index":2,"n_rows":48,"n_cols":15,"rows_kept":48,"cut":false,"hidden":false,"merged":[[20,1,22,1],[20,2,22,2],[28,1,30,1],[28,2,30,2],[40,1,42,1],[40,2,42,2],[32,1,34,1],[32,2,34,2],[32,3,34,3],[36,1,38,1],[36,2,38,2],[47,2,47,3],[46,2,46,3],[20,3,22,3],[44,2,44,3],[45,2,45,3],[40,3,42,3],[36,3,38,3],[28,3,30,3],[16,3,18,3],[12,1,14,1],[12,2,14,2],[5,1,6,14],[24,2,26,2],[16,1,18,1],[16,2,18,2],[24,3,26,3],[24,1,26,1],[9,14,10,14],[7,1,7,14],[9,1,10,1],[9,2,10,2],[9,4,9,13],[9,3,10,3],[12,3,14,3]]}
[]
[null,null,null,"MINISTÉRIO DA INTEGRAÇÃO NACIONAL"]
[null,null,null,"COMPANHIA DE DESENVOLVIMENTO DOS VALES DO SÃO FRANCISCO E DO PARNAÍBA"]
[null,null,null,"3ª GRR GERÊNCIA REGIONAL DE REVITALIZAÇÃO DAS BACIAS HIDROGRÁFICAS "]
[]
[null,{"$f":"'Planilha SERVIÇOS'!$B$4","v":"EXECUÇÃO DOS SERVIÇOS RELATIVOS À 2ª ETAPA DOS SISTEMAS DE ABASTECIMENTO DE ÁGUA DE ASSENTAMENTO ALEGRE; BOA PAZ; BOM JESUS; UMBURANAS; RIACHO DA MADEIRA E ILHA DA VILA, LOCALIZADOS NO MUNICÍPIO DE OROCÓ, NO ESTADO DE PERNAMBUCO"}]
[]
[null,"CRONOGRAMA FÍSICO-FINANCEIRO"]
[]
[null,"ITEM","DESCRIÇÃO","Valor (R$)","M E S E S",{"$nulls":9},"TOTAL "]
[{"$nulls":4},"1º","2º","3º","4º","5º","6º","7º","8º","9º","10º"]
[]
[null,1,"INSTALAÇÕES PRELIMINARES E CANTEIRO DE OBRAS",{"$f":"'Planilha SERVIÇOS'!K14","v":458858.21},{"$f":"$D13*E15","v":20006.22},{"$f":"$D13*F15","v":37029.86},63827.18,70159.42,76078.69,70251.19,38727.629999999997,22851.14,18170.79,{"$f":"$D13-SUM($E13:M13)","v":41756.089999999997},{"$f":"SUM(E13:N13)","v":458858.21}]
[]
[{"$nulls":4},4.36E-2,8.0699999999999994E-2,0.1391,0.15290000000000001,0.1658,0.15310000000000001,8.4400000000000003E-2,4.9799999999999997E-2,3.9600000000000003E-2,{"$f":"100%-SUM($E15:M15)","v":9.0999999999999998E-2},{"$f":"SUM(E15:N15)","v":1}]
[]
[null,2,"CAPTAÇÃO",{"$f":"'Planilha SERVIÇOS'!K27+'Planilha MATERIAIS'!K14","v":674484.15},{"$f":"$D17*E19","v":33724.21},{"$f":"$D17*F19","v":33724.21},67448.42,134896.82999999999,202345.25,134896.82999999999,{"$f":"$D17-SUM($E17:J17)","v":67448.399999999994},0,0,0,{"$f":"SUM(E17:N17)","v":674484.15}]
[]
[{"$nulls":4},0.05,0.05,0.1,0.2,0.3,0.2,{"$f":"100%-SUM($E19:J19)","v":0.1},null,null,null,{"$f":"SUM(E19:N19)","v":1}]
[]
[null,3,"ADUTORA DE ÁGUA BRUTA E DRENAGEM",{"$f":"'Planilha SERVIÇOS'!K269+'Planilha SERVIÇOS'!K98+'Planilha MATERIAIS'!K124","v":1665718.01},{"$f":"$D21*E23","v":0},83285.899999999994,249857.7,333143.59999999998,333143.59999999998,333143.59999999998,166571.79999999999,83285.899999999994,49971.54,{"$f":"$D21-SUM($E21:M21)","v":33314.370000000003},{"$f":"SUM(E21:N21)","v":1665718.01}]
[]
[{"$nulls":5},0.05,0.15,0.2,0.2,0.2,0.1,0.05,0.03,{"$f":"100%-SUM($E23:M23)","v":0.02},{"$f":"SUM(E23:N23)","v":1}]
[]
[null,4,"ESTAÇÃO DE TRATAMENTO DE ÁGUA",{"$f":"'Planilha SERVIÇOS'!K143+'Planilha MATERIAIS'!K176","v":1093940.57},{"$f":"$D25*E27","v":21878.81},109394.06,109394.06,164091.09,164091.09,164091.09,109394.06,109394.06,109394.06,{"$f":"$D25-SUM($E25:M25)","v":32818.19},{"$f":"SUM(E25:N25)","v":1093940.57}]
[]
[{"$nulls":4},0.02,0.1,0.1,0.15,0.15,0.15,0.1,0.1,0.1,{"$f":"100%-SUM($E27:M27)","v":0.03},{"$f":"SUM(E27:N27)","v":1}]
[]
[null,5,"LEITO DE SECAGEM",{"$f":"'Planilha SERVIÇOS'!K244","v":255298.9},{"$f":"$D29*E31","v":0},12764.95,25529.89,51059.78,63824.73,63824.73,25529.89,{"$f":"$D29-SUM($E29:K29)","v":12764.93},0,0,{"$f":"SUM(E29:N29)","v":255298.9}]
[]
[{"$nulls":5},0.05,0.1,0.2,0.25,0.25,0.1,{"$f":"100%-SUM($E31:K31)","v":0.05},null,null,{"$f":"SUM(E31:N31)","v":1}]
[]
[null,6,"RESERVATÓRIO",{"$f":"'Planilha SERVIÇOS'!$K$301+'Planilha SERVIÇOS'!$K$338+'Planilha MATERIAIS'!$K$292+'Planilha MATERIAIS'!$K$353","v":411955.64},{"$f":"$D33*E35","v":0},20597.78,82391.13,82391.13,82391.13,61793.35,41195.56,20597.78,{"$f":"$D33-SUM($E33:L33)","v":20597.78},0,{"$f":"SUM(E33:N33)","v":411955.64}]
[]
[{"$nulls":5},0.05,0.2,0.2,0.2,0.15,0.1,0.05,{"$f":"100%-SUM($E35:L35)","v":0.05},null,{"$f":"SUM(E35:N35)","v":1}]
[]
[null,7,"REDE DE DISTRIBUIÇÃO",{"$f":"'Planilha SERVIÇOS'!$K$371+'Planilha MATERIAIS'!$K$377","v":782078.78},{"$f":"$D37*E39","v":0},39103.94,117311.82,156415.76,156415.76,156415.76,78207.88,39103.94,{"$f":"$D37-SUM($E37:L37)","v":39103.919999999998},0,{"$f":"SUM(E37:N37)","v":782078.78}]
[]
[{"$nulls":5},0.05,0.15,0.2,0.2,0.2,0.1,0.05,{"$f":"100%-SUM($E39:L39)","v":0.05},null,{"$f":"SUM(E39:N39)","v":1}]
[]
[null,8,"LIGAÇÕES DOMICILIARES",{"$f":"'Planilha SERVIÇOS'!$K$415","v":177016.07},{"$f":"$D41*E43","v":0},8850.7999999999993,17701.61,17701.61,17701.61,26552.41,26552.41,35403.21,17701.61,{"$f":"$D41-SUM($E41:M41)","v":8850.7999999999993},{"$f":"SUM(E41:N41)","v":177016.07}]
[]
[{"$nulls":5},0.05,0.1,0.1,0.1,0.15,0.15,0.2,0.1,{"$f":"100%-SUM($E43:M43)","v":0.05},{"$f":"SUM(E43:N43)","v":1}]
[null,null,null,{"$f":"D13+D17+D21+D25+D29+#REF!+D41+D33","v":{"$error":"#REF!"}},{"$f":"E17+E21+E25+E29+#REF!+E33+E41","v":{"$error":"#REF!"}},{"$f":"F17+F21+F25+F29+#REF!+F33+F41","v":{"$error":"#REF!"}},{"$f":"G17+G21+G25+G29+#REF!+G33+G41","v":{"$error":"#REF!"}},{"$f":"H17+H21+H25+H29+#REF!+H33+H41","v":{"$error":"#REF!"}},{"$f":"I17+I21+I25+I29+#REF!+I33+I41","v":{"$error":"#REF!"}},{"$f":"J17+J21+J25+J29+#REF!+J33+J41","v":{"$error":"#REF!"}},{"$f":"K17+K21+K25+K29+#REF!+K33+K41","v":{"$error":"#REF!"}},{"$f":"L17+L21+L25+L29+#REF!+L33+L41","v":{"$error":"#REF!"}},{"$f":"M17+M21+M25+M29+#REF!+M33+M41","v":{"$error":"#REF!"}},{"$f":"N17+N21+N25+N29+#REF!+N33+N41","v":{"$error":"#REF!"}},{"$f":"SUM(E44:N44)","v":{"$error":"#REF!"}}]
[null,null,"TOTAL MENSAL",null,{"$f":"E13+E17+E21+E25+E29+E33+E37+E41","v":75609.240000000005},{"$f":"F13+F17+F21+F25+F29+F33+F37+F41","v":344751.5},733461.81,1009859.22,1095991.8600000001,1010968.96,553627.63,323400.96000000002,254939.7,116739.45,{"$f":"SUM(E45:N45)","v":5519350.3300000001}]
[null,null,"TOTAL ACUMULADO",null,{"$f":"E45","v":75609.240000000005},{"$f":"E46+F45","v":420360.74},{"$f":"F46+G45","v":1153822.55},2163681.77,3259673.63,4270642.59,4824270.22,5147671.18,5402610.8799999999,5519350.3300000001,{"$f":"O45","v":5519350.3300000001}]
[null,null,"PERCENTUAL MENSAL ",null,{"$f":"E45/$O$46","v":1.37E-2},{"$f":"F45/$O$46","v":6.25E-2},0.13289999999999999,0.183,0.1986,0.1832,0.1003,5.8599999999999999E-2,4.6199999999999998E-2,{"$f":"100%-SUM(E47:M47)","v":2.1000000000000001E-2},{"$f":"SUM(E47:N47)","v":1}]
[null,null,"PERCENTUAL MENSAL ACUMULADO",null,{"$f":"E47","v":1.37E-2},{"$f":"E48+F47","v":7.6200000000000004E-2},0.20910000000000001,0.3921,0.5907,0.77390000000000003,0.87419999999999998,0.93279999999999996,0.97899999999999998,1,{"$f":"O47","v":1}]

{"sheet":"BDI's","index":3,"n_rows":71,"n_cols":9,"rows_kept":71,"cut":false,"hidden":false,"merged":[[33,1,33,6],[1,1,4,6],[10,1,11,1],[10,2,11,2],[6,1,9,6],[5,1,5,6],[72,1,72,6],[47,1,48,1],[47,2,48,2],[70,1,70,6],[35,1,35,6],[38,1,41,6],[42,1,42,6],[43,1,46,6]]}
[]
[null,{"$f":"'Planilha SERVIÇOS'!$F$2","v":"COMPANHIA DE DESENVOLVIMENTO DOS VALES DO SÃO FRANCISCO E DO PARNAÍBA\n3ª Superintendência Regional"}]
[]
[]
[]
[null,"DETALHAMENTO DO BDI - SERVIÇOS (ACÓRDÃO Nº 2622/2013 - TCU - PLENÁRIO)"]
[null,{"$f":"'Planilha SERVIÇOS'!$B$4","v":"EXECUÇÃO DOS SERVIÇOS RELATIVOS À 2ª ETAPA DOS SISTEMAS DE ABASTECIMENTO DE ÁGUA DE ASSENTAMENTO ALEGRE; BOA PAZ; BOM JESUS; UMBURANAS; RIACHO DA MADEIRA E ILHA DA VILA, LOCALIZADOS NO MUNICÍPIO DE OROCÓ, NO ESTADO DE PERNAMBUCO"}]
[]
[]
[{"$nulls":8}," "]
[null,"Item","Descrição dos Serviços","%","%","%","%"," "]
[null,null,null,"LIMITE INFERIOR","VALOR MÉDIO","LIMITE SUPERIOR","VALOR ADOTADO"]
[{"$nulls":7}," "]
[null,1,"ADMINISTRAÇÃO CENTRAL (AC)",3.4299999999999997E-2,4.9299999999999997E-2,6.7100000000000007E-2,3.4299999999999997E-2]
[]
[null,2,"TRIBUTOS (T)",{"$f":"SUM(D17:D20)","v":8.6499999999999994E-2},{"$f":"SUM(E17:E20)","v":8.6499999999999994E-2},{"$f":"SUM(F17:F20)","v":8.6499999999999994E-2},{"$f":"SUM(G17:G20)","v":0.13150000000000001}]
[null,"2.1","ISS",0.05,0.05,0.05,0.05]
[null,"2.2","PIS",6.4999999999999997E-3,6.4999999999999997E-3,6.4999999999999997E-3,6.4999999999999997E-3]
[null,"2.3","Cofins",0.03,0.03,0.03,0.03]
[null,"2.4","CPRB",0,0,0,4.4999999999999998E-2]
[]
[null,3,"SEGUROS, RISCOS E GARANTIAS",{"$f":"SUM(D23:D24)","v":1.2800000000000001E-2},{"$f":"SUM(E23:E24)","v":1.8800000000000001E-2},{"$f":"SUM(F23:F24)","v":2.4899999999999999E-2},{"$f":"SUM(G23:G24)","v":1.2800000000000001E-2}]
[null,"3.1","Seguros + Garantias",2.8E-3,4.8999999999999998E-3,7.4999999999999997E-3,2.8E-3]
[null,"3.2","Riscos",0.01,1.3899999999999999E-2,1.7399999999999999E-2,0.01," "]
[]
[null,4,"DESPESAS FINANCEIRAS (DF)",9.4000000000000004E-3,9.9000000000000008E-3,1.17E-2,9.4000000000000004E-3]
[]
[null,5,"LUCRO (L)",6.7400000000000002E-2,8.0399999999999999E-2,9.4E-2,6.7400000000000002E-2]
[]
[null,null,"BDI RECOMENDADO",0.20760000000000001,0.24179999999999999,0.26440000000000002]
[]
[null,null,"BDI CALCULADO",null,null,null,{"$f":"((1+G14+G22)*(1+G26)*(1+G28)/(1-G16))-1","v":0.29899999999999999}]
[null,null,"BDI ADOTADO",null,null,null,{"$f":"G32","v":0.29899999999999999}]
[null,"ACÓRDÃO Nº 2622/2013 - TCU - PLENÁRIO:"]
[]
[]
[]
[]
[null,{"$f":"'Planilha SERVIÇOS'!$F$2","v":"COMPANHIA DE DESENVOLVIMENTO DOS VALES DO SÃO FRANCISCO E DO PARNAÍBA\n3ª Superintendência Regional"}]
[]
[]
[]
[null,"DETALHAMENTO DO BDI - MATERIAIS (ACÓRDÃO Nº 2622/2013 - TCU - PLENÁRIO)"]
[null,{"$f":"'Planilha SERVIÇOS'!$B$4","v":"EXECUÇÃO DOS SERVIÇOS RELATIVOS À 2ª ETAPA DOS SISTEMAS DE ABASTECIMENTO DE ÁGUA DE ASSENTAMENTO ALEGRE; BOA PAZ; BOM JESUS; UMBURANAS; RIACHO DA MADEIRA E ILHA DA VILA, LOCALIZADOS NO MUNICÍPIO DE OROCÓ, NO ESTADO DE PERNAMBUCO"}]
[]
[]
[]
[null,"Item","Descrição dos Serviços","%","%","%","%"]
[null,null,null,"LIMITE INFERIOR","VALOR MÉDIO","LIMITE SUPERIOR","VALOR ADOTADO"]
[]
[null,1,"ADMINISTRAÇÃO CENTRAL (AC)",1.4999999999999999E-2,3.4500000000000003E-2,4.4900000000000002E-2,0.02]
[]
[null,2,"TRIBUTOS (T)",{"$f":"SUM(D54:D57)","v":3.6499999999999998E-2},{"$f":"SUM(E54:E57)","v":3.6499999999999998E-2},{"$f":"SUM(F54:F57)","v":3.6499999999999998E-2},{"$f":"SUM(G54:G57)","v":8.1500000000000003E-2}]
[null,"2.1","ISS",0,0,0,0]
[null,"2.2","PIS",6.4999999999999997E-3,6.4999999999999997E-3,6.4999999999999997E-3,6.4999999999999997E-3]
[null,"2.3","Cofins",0.03,0.03,0.03,0.03]
[null,"2.4","CPRB",0,0,0,4.4999999999999998E-2]
[]
[null,3,"SEGUROS, RISCOS E GARANTIAS",{"$f":"SUM(D60:D61)","v":8.6E-3},{"$f":"SUM(E60:E61)","v":1.3299999999999999E-2},{"$f":"SUM(F60:F61)","v":1.7100000000000001E-2},{"$f":"SUM(G60:G61)","v":8.6E-3}]
[null,"3.1","Seguros + Garantias",3.0000000000000001E-3,4.7999999999999996E-3,8.2000000000000007E-3,3.0000000000000001E-3]
[null,"3.2","Riscos",5.5999999999999999E-3,8.5000000000000006E-3,8.8999999999999999E-3,5.5999999999999999E-3]
[]
[null,4,"DESPESAS FINANCEIRAS (DF)",8.5000000000000006E-3,8.5000000000000006E-3,1.11E-2,8.5000000000000006E-3]
[]
[null,5,"LUCRO (L)",3.5000000000000003E-2,5.11E-2,6.2199999999999998E-2,3.5000000000000003E-2]
[]
[null,null,"BDI RECOMENDADO",0.111,0.14019999999999999,0.16800000000000001]
[]
[null,null,"BDI CALCULADO",null,null,null,{"$f":"((1+G51+G59)*(1+G63)*(1+G65)/(1-G53))-1","v":0.16889999999999999}]
[null,null,"BDI ADOTADO",null,null,null,{"$f":"G69","v":0.16889999999999999}]
[null,"ACÓRDÃO Nº 2622/2013 - TCU - PLENÁRIO:"]

{"sheet":"Leis Sociais","index":4,"n_rows":50,"n_cols":7,"rows_kept":50,"cut":false,"hidden":false,"merged":[[1,1,3,6],[7,1,8,2],[34,1,34,6],[42,1,42,6],[46,1,46,6],[47,1,47,2],[5,1,5,6],[6,1,6,6],[9,1,9,6],[7,3,7,4],[7,5,7,6],[21,1,21,6]]}
[]
[null,{"$f":"'Planilha SERVIÇOS'!$B$4","v":"EXECUÇÃO DOS SERVIÇOS RELATIVOS À 2ª ETAPA DOS SISTEMAS DE ABASTECIMENTO DE ÁGUA DE ASSENTAMENTO ALEGRE; BOA PAZ; BOM JESUS; UMBURANAS; RIACHO DA MADEIRA E ILHA DA VILA, LOCALIZADOS NO MUNICÍPIO DE OROCÓ, NO ESTADO DE PERNAMBUCO"}]
[]
[]
[]
[null,"ENCARGOS SOCIAIS (%)"]
[]
[null,"Taxas de leis sociais e riscos do trabalho (%)",null,"COM DESONERAÇÃO",null,"SEM DESONERAÇÃO"]
[null,null,null,"HORISTA","MENSALISTA","HORISTA","MENSALISTA"]
[null,"GRUPO A"]
[null,"A1","INSS",0,0,20,20]
[null,"A2","SESI",1.5,1.5,1.5,1.5]
[null,"A3","SENAI",1,1,1,1]
[null,"A4","INCRA",0.2,0.2,0.2,0.2]
[null,"A5","SEBRAE",0.6,0.6,0.6,0.6]
[null,"A6","Salário Educação",2.5,2.5,2.5,2.5]
[null,"A7","Seguro Contra Acidentes de Trabalho",3,3,3,3]
[null,"A8","FGTS",8,8,8,8]
[null,"A9","SECONCI",0,0,0,0]
[null,"A","Total",16.8,16.8,36.799999999999997,36.799999999999997]
[]
[null,"GRUPO B"]
[null,"B1","Repouso Semanal Remunerado",18.079999999999998,"-",18.079999999999998,"-"]
[null,"B2","Feriados",4.34,"-",4.34,"-"]
[null,"B3","Auxílio-enfermidade",0.92,0.7,0.92,0.7]
[null,"B4","13° salário",10.94,8.33,10.94,8.33]
[null,"B5","Licença-paternidade",7.0000000000000007E-2,0.05,7.0000000000000007E-2,0.05]
[null,"B6","Faltas Justificadas",0.73,0.56000000000000005,0.73,0.56000000000000005]
[null,"B7","Dias de chuva",2.2799999999999998,"-",2.2799999999999998,"-"]
[null,"B8","Auxílio Acidente de Trabalho",0.11,0.08,0.11,0.08]
[null,"B9","Férias Gozadas",8.9,6.78,8.9,6.78]
[null,"B10","Salário Maternidade",0.03,0.02,0.03,0.02]
[null,"B","Total ",46.4,16.52,46.4,16.52]
[]
[null,"GRUPO C"]
[null,"C1","Aviso Prévio Indenizado",5.65,4.3099999999999996,5.65,4.3099999999999996]
[null,"C2","Aviso Prévio Trabalhado",0.13,0.1,0.13,0.1]
[null,"C3","Férias Indenizadas",5.08,3.87,5.08,3.87]
[null,"C4","Depósito Rescisão Sem Justa Causa",5.0599999999999996,3.85,5.0599999999999996,3.85]
[null,"C5","Indenização Adicional",0.48,0.36,0.48,0.36]
[null,"C","Total ",16.399999999999999,12.49,16.399999999999999,12.49]
[]
[null,"GRUPO D"]
[null,"D1","Reincidência de A sobre B",7.8,2.78,17.079999999999998,6.08]
[null,"D2","Reincidência de Grupo A sobre Aviso Prévio Trabalhado e Reincidência do FGTS sobre Aviso Prévio Indenizado",0.47,0.36,0.5,0.38]
[null,"D","Total",8.27,3.14,17.579999999999998,6.46]
[]
[null,"T O T A L (%)",null,87.87,48.95,117.18,72.27]
[]
[{"$nulls":5},{"$f":"F48/D48","v":1.33}]

{"sheet":"Composições (SINAPI)","index":5,"n_rows":2485,"n_cols":12,"rows_kept":2485,"cut":false,"hidden":false,"merged":[[2464,4,2465,7],[2464,8,2465,8],[2479,3,2479,8],[2483,3,2483,6],[2467,3,2467,8],[2471,3,2471,6],[2476,4,2477,7],[2476,8,2477,8],[2443,3,2443,8],[2447,3,2447,6],[2452,4,2453,7],[2452,8,2453,8],[2455,3,2455,8],[2459,3,2459,6],[2428,4,2429,7],[2428,8,2429,8],[2431,3,2431,8],[2435,3,2435,6],[2440,4,2441,7],[2440,8,2441,8],[2407,3,2407,8],[2411,3,2411,6],[2416,4,2417,7],[2416,8,2417,8],[2419,3,2419,8],[2423,3,2423,6],[2392,4,2393,7],[2392,8,2393,8],[2395,3,2395,8],[2399,3,2399,6],[2404,4,2405,7],[2404,8,2405,8],[2371,3,2371,8],[2375,3,2375,6],[2380,4,2381,7],[2380,8,2381,8],[2383,3,2383,8],[2387,3,2387,6],[2356,4,2357,7],[2356,8,2357,8],[2359,3,2359,8],[2363,3,2363,6],[2368,4,2369,7],[2368,8,2369,8],[2335,3,2335,8],[2339,3,2339,6],[2344,4,2345,7],[2344,8,2345,8],[2347,3,2347,8],[2351,3,2351,6],[2320,4,2321,7],[2320,8,2321,8],[2323,3,2323,8],[2327,3,2327,6],[2332,4,2333,7],[2332,8,2333,8],[2299,3,2299,8],[2303,3,2303,6],[2308,4,2309,7],[2308,8,2309,8],[2311,3,2311,8],[2315,3,2315,6],[2284,4,2285,7],[2284,8,2285,8],[2287,3,2287,8],[2291,3,2291,6],[2296,4,2297,7],[2296,8,2297,8],[2263,3,2263,8],[2267,3,2267,6],[2272,4,2273,7],[2272,8,2273,8],[2275,3,2275,8],[2279,3,2279,6],[2248,4,2249,7],[2248,8,2249,8],[2251,3,2251,8],[2255,3,2255,6],[2260,4,2261,7],[2260,8,2261,8],[2227,3,2227,8],[2231,3,2231,6],[2236,4,2237,7],[2236,8,2237,8],[2239,3,2239,8],[2243,3,2243,6],[2212,4,2213,7],[2212,8,2213,8],[2215,3,2215,8],[2219,3,2219,6],[2224,4,2225,7],[2224,8,2225,8],[2191,3,2191,8],[2195,3,2195,6],[2200,4,2201,7],[2200,8,2201,8],[2203,3,2203,8],[2207,3,2207,6],[2176,4,2177,7],[2176,8,2177,8],[2179,3,2179,8],[2183,3,2183,6],[2188,4,2189,7],[2188,8,2189,8],[2155,3,2155,8],[2159,3,2159,6],[2164,4,2165,7],[2164,8,2165,8],[2167,3,2167,8],[2171,3,2171,6],[2140,4,2141,7],[2140,8,2141,8],[2143,3,2143,8],[2147,3,2147,6],[2152,4,2153,7],[2152,8,2153,8],[2119,3,2119,8],[2123,3,2123,6],[2128,4,2129,7],[2128,8,2129,8],[2131,3,2131,8],[2135,3,2135,6],[2104,4,2105,7],[2104,8,2105,8],[2107,3,2107,8],[2111,3,2111,6],[2116,4,2117,7],[2116,8,2117,8],[2083,3,2083,8],[2087,3,2087,6],[2092,4,2093,7],[2092,8,2093,8],[2095,3,2095,8],[2099,3,2099,6],[2068,4,2069,7],[2068,8,2069,8],[2071,3,2071,8],[2075,3,2075,6],[2080,4,2081,7],[2080,8,2081,8],[2047,3,2047,8],[2051,3,2051,6],[2056,4,2057,7],[2056,8,2057,8],[2059,3,2059,8],[2063,3,2063,6],[2032,4,2033,7],[2032,8,2033,8],[2035,3,2035,8],[2039,3,2039,6],[2044,4,2045,7],[2044,8,2045,8],[2011,3,2011,8],[2015,3,2015,6],[2020,4,2021,7],[2020,8,2021,8],[2023,3,2023,8],[2027,3,2027,6],[1996,4,1997,7],[1996,8,1997,8],[1999,3,1999,8],[2003,3,2003,6],[2008,4,2009,7],[2008,8,2009,8],[1975,3,1975,8],[1979,3,1979,6],[1984,4,1985,7],[1984,8,1985,8],[1987,3,1987,8],[1991,3,1991,6],[1960,4,1961,7],[1960,8,1961,8],[1963,3,1963,8],[1967,3,1967,6],[1972,4,1973,7],[1972,8,1973,8],[1939,3,1939,8],[1943,3,1943,6],[1948,4,1949,7],[1948,8,1949,8],[1951,3,1951,8],[1955,3,1955,6],[1924,4,1925,7],[1924,8,1925,8],[1927,3,1927,8],[1931,3,1931,6],[1936,4,1937,7],[1936,8,1937,8],[1903,3,1903,8],[1907,3,1907,6],[1912,4,1913,7],[1912,8,1913,8],[1915,3,1915,8],[1919,3,1919,6],[1888,4,1889,7],[1888,8,1889,8],[1891,3,1891,8],[1895,3,1895,6],[1900,4,1901,7],[1900,8,1901,8],[1867,3,1867,8],[1871,3,1871,6],[1876,4,1877,7],[1876,8,1877,8],[1879,3,1879,8],[1883,3,1883,6],[1852,4,1853,7],[1852,8,1853,8],[1855,3,1855,8],[1859,3,1859,6],[1864,4,1865,7],[1864,8,1865,8],[1831,3,1831,8],[1835,3,1835,6],[1840,4,1841,7],[1840,8,1841,8],[1843,3,1843,8],[1847,3,1847,6],[44,3,44,8],[47,3,47,7],[48,3,48,8],[51,3,51,6],[56,4,57,7],[56,8,57,8],[3,3,3,8],[26,3,26,8],[4,3,4,8],[5,4,6,7],[41,4,42,7],[41,8,42,8],[29,3,29,7],[30,3,30,8],[8,3,8,8],[11,3,11,7],[12,3,12,8],[18,3,18,6],[23,8,24,8],[110,3,110,8],[113,3,113,7],[120,3,120,6],[125,4,126,7],[125,8,126,8],[149,3,149,7],[89,8,90,8],[92,3,92,8],[102,3,102,6],[107,4,108,7],[107,8,108,8],[89,4,90,7],[95,3,95,7],[96,3,96,8],[128,3,128,8],[150,3,150,8],[156,3,156,6],[161,4,162,7],[161,8,162,8],[131,3,131,7],[132,3,132,8],[179,4,180,7],[179,8,180,8],[182,3,182,8],[146,3,146,8],[143,4,144,7],[143,8,144,8],[185,3,185,7],[164,3,164,8],[167,3,167,7],[168,3,168,8],[174,3,174,6],[200,3,200,8],[203,3,203,7],[204,3,204,8],[210,3,210,6],[186,3,186,8],[192,3,192,6],[197,4,198,7],[197,8,198,8],[223,3,223,8],[227,3,227,6],[232,4,233,7],[232,8,233,8],[215,4,217,7],[215,8,217,8],[219,3,219,8],[222,3,222,7],[248,4,249,7],[248,8,249,8],[251,3,251,8],[255,3,255,7],[235,3,235,8],[238,3,238,7],[239,3,239,8],[243,3,243,6],[268,3,268,8],[271,3,271,7],[272,3,272,8],[276,3,276,6],[256,3,256,8],[260,3,260,6],[265,4,266,7],[265,8,266,8],[288,3,288,8],[293,3,293,6],[298,4,299,7],[298,8,299,8],[281,4,282,7],[281,8,282,8],[284,3,284,8],[287,3,287,7],[316,4,317,7],[316,8,317,8],[319,3,319,8],[322,3,322,7],[301,3,301,8],[304,3,304,7],[305,3,305,8],[311,3,311,6],[334,3,334,8],[337,3,337,7],[338,3,338,8],[342,3,342,6],[323,3,323,8],[326,3,326,6],[331,4,332,7],[331,8,332,8],[356,3,356,8],[364,3,364,6],[369,4,370,7],[369,8,370,8],[347,4,348,7],[347,8,348,8],[350,3,350,8],[355,3,355,7],[384,4,385,7],[384,8,385,8],[387,3,387,8],[390,3,390,7],[372,3,372,8],[375,3,375,7],[376,3,376,8],[379,3,379,6],[403,3,403,8],[406,3,406,7],[407,3,407,8],[413,3,413,6],[391,3,391,8],[395,3,395,6],[400,4,401,7],[400,8,401,8],[425,3,425,8],[431,3,431,6],[436,4,437,7],[436,8,437,8],[418,4,419,7],[418,8,419,8],[421,3,421,8],[424,3,424,7],[454,4,455,7],[454,8,455,8],[457,3,457,8],[460,3,460,7],[439,3,439,8],[442,3,442,7],[443,3,443,8],[449,3,449,6],[475,3,475,8],[479,3,479,7],[480,3,480,8],[486,3,486,6],[461,3,461,8],[467,3,467,6],[472,4,473,7],[472,8,473,8],[498,3,498,8],[501,3,501,6],[506,4,507,7],[506,8,507,8],[491,4,492,7],[491,8,492,8],[494,3,494,8],[497,3,497,7],[524,4,525,7],[524,8,525,8],[527,3,527,8],[530,3,530,7],[509,3,509,8],[512,3,512,7],[513,3,513,8],[519,3,519,6],[545,3,545,8],[548,3,548,7],[549,3,549,8],[555,3,555,6],[531,3,531,8],[537,3,537,6],[542,4,543,7],[542,8,543,8],[567,3,567,8],[573,3,573,6],[578,4,579,7],[578,8,579,8],[560,4,561,7],[560,8,561,8],[563,3,563,8],[566,3,566,7],[596,4,597,7],[596,8,597,8],[599,3,599,8],[603,3,603,7],[581,3,581,8],[584,3,584,7],[585,3,585,8],[591,3,591,6],[618,3,618,8],[621,3,621,7],[622,3,622,8],[628,3,628,6],[604,3,604,8],[610,3,610,6],[615,4,616,7],[615,8,616,8],[640,3,640,8],[646,3,646,6],[651,4,652,7],[651,8,652,8],[633,4,634,7],[633,8,634,8],[636,3,636,8],[639,3,639,7],[669,4,670,7],[669,8,670,8],[672,3,672,8],[675,3,675,7],[654,3,654,8],[657,3,657,7],[658,3,658,8],[664,3,664,6],[690,3,690,8],[693,3,693,7],[694,3,694,8],[700,3,700,6],[676,3,676,8],[682,3,682,6],[687,4,688,7],[687,8,688,8],[705,8,706,8],[705,4,706,7],[720,4,721,7],[720,8,721,8],[715,3,715,6],[712,3,712,8],[711,3,711,7],[708,3,708,8],[738,4,739,7],[738,8,739,8],[741,3,741,8],[744,3,744,7],[723,3,723,8],[726,3,726,7],[727,3,727,8],[733,3,733,6],[757,3,757,8],[759,3,759,7],[760,3,760,8],[768,3,768,6],[745,3,745,8],[749,3,749,6],[754,4,755,7],[754,8,755,8],[780,3,780,8],[786,3,786,6],[791,4,792,7],[791,8,792,8],[773,4,774,7],[773,8,774,8],[776,3,776,8],[779,3,779,7],[809,4,810,7],[809,8,810,8],[812,3,812,8],[794,3,794,8],[797,3,797,7],[798,3,798,8],[804,3,804,6],[830,3,830,8],[834,3,834,7],[835,3,835,8],[841,3,841,6],[816,3,816,8],[822,3,822,6],[827,4,828,7],[827,8,828,8],[59,3,59,8],[62,3,62,7],[63,3,63,8],[66,3,66,6],[919,3,919,7],[899,3,899,8],[902,3,902,7],[903,3,903,8],[908,3,908,6],[889,3,889,8],[138,3,138,6],[913,4,914,7],[913,8,914,8],[916,3,916,8],[71,4,72,7],[71,8,72,8],[74,3,74,8],[77,3,77,7],[891,3,891,6],[896,4,897,7],[854,3,854,8],[859,3,859,6],[864,4,865,7],[864,8,865,8],[932,3,932,8],[935,3,935,7],[936,3,936,8],[939,3,939,6],[78,3,78,8],[920,3,920,8],[924,3,924,6],[929,4,930,7],[929,8,930,8],[114,3,114,8],[846,4,847,7],[846,8,847,8],[849,3,849,8],[853,3,853,7],[896,8,897,8],[882,4,883,7],[882,8,883,8],[885,3,885,8],[888,3,888,7],[867,3,867,8],[870,3,870,7],[871,3,871,8],[877,3,877,6],[815,3,815,7],[951,3,951,8],[957,3,957,6],[962,4,963,7],[962,8,963,8],[944,4,945,7],[944,8,945,8],[947,3,947,8],[950,3,950,7],[980,4,981,7],[980,8,981,8],[983,3,983,8],[985,3,985,7],[965,3,965,8],[968,3,968,7],[969,3,969,8],[975,3,975,6],[997,3,997,8],[1000,3,1000,7],[1001,3,1001,8],[1008,3,1008,6],[986,3,986,8],[989,3,989,6],[994,4,995,7],[994,8,995,8],[1019,3,1019,8],[1026,3,1026,6],[1031,4,1032,7],[1031,8,1032,8],[1013,4,1014,7],[1013,8,1014,8],[1016,3,1016,8],[1018,3,1018,7],[1046,4,1047,7],[1046,8,1047,8],[1049,3,1049,8],[1052,3,1052,7],[1034,3,1034,8],[1037,3,1037,7],[1038,3,1038,8],[1041,3,1041,6],[1065,3,1065,8],[1068,3,1068,7],[1069,3,1069,8],[1073,3,1073,6],[1053,3,1053,8],[1057,3,1057,6],[1062,4,1063,7],[1062,8,1063,8],[1094,8,1095,8],[1094,4,1095,7],[1078,4,1079,7],[1078,8,1079,8],[1081,3,1081,8],[1084,3,1084,7],[1110,4,1111,7],[1110,8,1111,8],[1113,3,1113,8],[1116,3,1116,7],[1085,3,1085,8],[1089,3,1089,6],[1105,3,1105,6],[1101,3,1101,8],[1100,3,1100,7],[1097,3,1097,8],[1131,3,1131,8],[1134,3,1134,7],[1135,3,1135,8],[1141,3,1141,6],[1117,3,1117,8],[1123,3,1123,6],[1128,4,1129,7],[1128,8,1129,8],[1153,3,1153,8],[1161,3,1161,6],[1166,4,1167,7],[1166,8,1167,8],[1146,4,1147,7],[1146,8,1147,8],[1149,3,1149,8],[1152,3,1152,7],[1192,4,1193,7],[1192,8,1193,8],[1195,3,1195,8],[1198,3,1198,7],[1169,3,1169,8],[1172,3,1172,7],[1173,3,1173,8],[1187,3,1187,6],[1213,3,1213,8],[1216,3,1216,7],[1217,3,1217,8],[1223,3,1223,6],[1199,3,1199,8],[1205,3,1205,6],[1210,4,1211,7],[1210,8,1211,8],[1235,3,1235,8],[1241,3,1241,6],[1246,4,1247,7],[1246,8,1247,8],[1228,4,1229,7],[1228,8,1229,8],[1231,3,1231,8],[1234,3,1234,7],[1262,4,1263,7],[1262,8,1263,8],[1265,3,1265,8],[1268,3,1268,7],[1249,3,1249,8],[1252,3,1252,7],[1253,3,1253,8],[1257,3,1257,6],[1285,3,1285,8],[1288,3,1288,7],[1289,3,1289,8],[1292,3,1292,6],[1269,3,1269,8],[1277,3,1277,6],[1282,4,1283,7],[1282,8,1283,8],[1304,3,1304,8],[1307,3,1307,6],[1312,4,1313,7],[1312,8,1313,8],[1297,4,1298,7],[1297,8,1298,8],[1300,3,1300,8],[1303,3,1303,7],[1330,4,1331,7],[1330,8,1331,8],[1333,3,1333,8],[1336,3,1336,7],[1315,3,1315,8],[1318,3,1318,7],[1319,3,1319,8],[1325,3,1325,6],[1348,3,1348,8],[1351,3,1351,7],[1352,3,1352,8],[1355,3,1355,6],[1337,3,1337,8],[1340,3,1340,6],[1345,4,1346,7],[1345,8,1346,8],[1367,3,1367,8],[1373,3,1373,6],[1378,4,1379,7],[1378,8,1379,8],[1360,4,1361,7],[1360,8,1361,8],[1363,3,1363,8],[1366,3,1366,7],[1396,4,1397,7],[1396,8,1397,8],[1399,3,1399,8],[1402,3,1402,7],[1381,3,1381,8],[1384,3,1384,7],[1385,3,1385,8],[1391,3,1391,6],[1417,3,1417,8],[1420,3,1420,7],[1421,3,1421,8],[1427,3,1427,6],[1403,3,1403,8],[1409,3,1409,6],[1414,4,1415,7],[1414,8,1415,8],[1439,3,1439,8],[1445,3,1445,6],[1450,4,1451,7],[1450,8,1451,8],[1432,4,1433,7],[1432,8,1433,8],[1435,3,1435,8],[1438,3,1438,7],[1468,4,1469,7],[1468,8,1469,8],[1471,3,1471,8],[1474,3,1474,7],[1453,3,1453,8],[1456,3,1456,7],[1457,3,1457,8],[1463,3,1463,6],[1475,3,1475,8],[1481,3,1481,6],[1499,3,1499,6],[1493,3,1493,8],[1492,3,1492,7],[1489,3,1489,8],[1486,8,1487,8],[1486,4,1487,7],[1516,4,1517,7],[1516,8,1517,8],[1519,3,1519,8],[1523,3,1523,6],[1504,4,1505,7],[1504,8,1505,8],[1507,3,1507,8],[1511,3,1511,6],[1540,4,1541,7],[1540,8,1541,8],[1543,3,1543,8],[1547,3,1547,6],[1528,4,1529,7],[1528,8,1529,8],[1531,3,1531,8],[1535,3,1535,6],[1564,4,1565,7],[1564,8,1565,8],[1567,3,1567,8],[1571,3,1571,6],[1552,4,1553,7],[1552,8,1553,8],[1555,3,1555,8],[1559,3,1559,6],[1588,4,1589,7],[1588,8,1589,8],[1591,3,1591,8],[1595,3,1595,6],[1576,4,1577,7],[1576,8,1577,8],[1579,3,1579,8],[1583,3,1583,6],[1612,4,1613,7],[1612,8,1613,8],[1615,3,1615,8],[1619,3,1619,6],[1600,4,1601,7],[1600,8,1601,8],[1603,3,1603,8],[1607,3,1607,6],[1636,4,1637,7],[1636,8,1637,8],[1639,3,1639,8],[1643,3,1643,6],[1624,4,1625,7],[1624,8,1625,8],[1627,3,1627,8],[1631,3,1631,6],[1660,4,1661,7],[1660,8,1661,8],[1663,3,1663,8],[1667,3,1667,6],[1648,4,1649,7],[1648,8,1649,8],[1651,3,1651,8],[1655,3,1655,6],[1684,4,1685,7],[1684,8,1685,8],[1687,3,1687,8],[1691,3,1691,6],[1672,4,1673,7],[1672,8,1673,8],[1675,3,1675,8],[1679,3,1679,6],[1708,4,1709,7],[1708,8,1709,8],[1759,3,1759,8],[1763,3,1763,6],[1744,4,1745,7],[1744,8,1745,8],[1747,3,1747,8],[1751,3,1751,6],[1711,3,1711,8],[1715,3,1715,6],[1696,4,1697,7],[1696,8,1697,8],[1699,3,1699,8],[1703,3,1703,6],[1732,4,1733,7],[1732,8,1733,8],[1735,3,1735,8],[1,3,1,8],[36,3,36,6],[2,3,2,8],[5,8,6,8],[23,4,24,7],[1787,3,1787,6],[1792,4,1793,7],[1792,8,1793,8],[1795,3,1795,8],[1780,4,1781,7],[1780,8,1781,8],[84,3,84,6],[1783,3,1783,8],[1768,4,1769,7],[1768,8,1769,8],[1771,3,1771,8],[1775,3,1775,6],[1739,3,1739,6],[1720,4,1721,7],[1720,8,1721,8],[1723,3,1723,8],[1727,3,1727,6],[1756,4,1757,7],[1756,8,1757,8],[1819,3,1819,8],[1823,3,1823,6],[1828,4,1829,7],[1828,8,1829,8],[1807,3,1807,8],[1811,3,1811,6],[1816,4,1817,7],[1816,8,1817,8],[1799,3,1799,6],[1804,4,1805,7],[1804,8,1805,8]]}
[]
[]
[null,null,null,"COMPOSIÇÕES DE CUSTO UNITÁRIO (SINAPI)"]
[null,null,null,{"$f":"CONCATENATE(\"Tabela de Custos: \",'Planilha SERVIÇOS'!$K$10)","v":"Tabela de Custos: MAI/2018"}]
[]
[null,"SERVIÇO","SINAPI","73822/2",{"$f":"VLOOKUP(D6,SINAPI!$D:$G,2)","v":"LIMPEZA MECANIZADA DE TERRENO COM REMOCAO DE CAMADA VEGETAL, UTILIZANDO MOTONIVELADORA"},null,null,null,{"$f":"VLOOKUP(D6,SINAPI!$D:$G,3)","v":"M2"},null,{"$f":"I20","v":0.4},{"$f":"'Planilha SERVIÇOS'!$M$15","v":0.52}]
[]
[null,null,null,"COD.","DESCRIÇÃO","UN.","COEF.","PREÇO","TOTAL"]
[null,null,null,"MÃO-DE-OBRA"]
[null,null,null,"88316","SERVENTE (COM ENCARGOS INCLUSOS)","H","0,0030000",{"$f":"SUMIF(Insumos!B:B,D10,Insumos!G:G)","v":11.11},{"$f":"TRUNC(G10*H10,2)","v":0.03}]
[{"$nulls":7},{"$f":"SUMIF(Insumos!B:B,D11,Insumos!G:G)","v":0},{"$f":"TRUNC(G11*H11,2)","v":0}]
[null,null,null,"PARCIAL:",{"$nulls":4},{"$f":"SUM(I9:I11)","v":0.03}]
[null,null,null,"MATERIAL/SERVIÇOS/ EQUIPAMENTOS"]
[null,null,null,"5932","MOTONIVELADORA POTÊNCIA BÁSICA LÍQUIDA (PRIMEIRA MARCHA) 125 HP, PESO BRUTO 13032 KG, LARGURA DA LÂMINA DE 3,7 M - CHP DIURNO. AF_06/2014","CHP","0,0030000",{"$f":"SUMIF(Insumos!B:B,D14,Insumos!G:G)","v":127.42},{"$f":"TRUNC(G14*H14,2)-0.01","v":0.37}]
[{"$nulls":7},{"$f":"SUMIF(Insumos!B:B,D15,Insumos!G:G)","v":0},{"$f":"TRUNC(G15*H15,2)","v":0}]
[{"$nulls":7},{"$f":"SUMIF(Insumos!B:B,D16,Insumos!G:G)","v":0},{"$f":"TRUNC(G16*H16,2)","v":0}]
[{"$nulls":7},{"$f":"SUMIF(Insumos!B:B,D17,Insumos!G:G)","v":0},{"$f":"TRUNC(G17*H17,2)","v":0}]
[{"$nulls":7},{"$f":"SUMIF(Insumos!B:B,D18,Insumos!G:G)","v":0},{"$f":"TRUNC(G18*H18,2)","v":0}]
[{"$nulls":7},"PARCIAL:",{"$f":"SUM(I14:I18)","v":0.37}]
[{"$nulls":7},"VALOR UNITÁRIO TOTAL - R$",{"$f":"I12+I19","v":0.4}]
[]
[]
[]
[null,"SERVIÇO","SINAPI","74209/1",{"$f":"VLOOKUP(D24,SINAPI!$D:$G,2)","v":"PLACA DE OBRA EM CHAPA DE ACO GALVANIZADO"},null,null,null,{"$f":"VLOOKUP(D24,SINAPI!$D:$G,3)","v":"M2"},null,{"$f":"I38","v":248.77},317.72000000000003]
[]
[null,null,null,"COD.","DESCRIÇÃO","UN.","COEF.","PREÇO","TOTAL"]
[null,null,null,"MÃO-DE-OBRA"]
[null,null,null,"88262","CARPINTEIRO DE FORMAS (COM ENCARGOS INCLUSOS)","H","1,0000000",{"$f":"SUMIF(Insumos!B:B,D28,Insumos!G:G)","v":13.51},{"$f":"TRUNC(G28*H28,2)","v":13.51}]
[null,null,null,"88316","SERVENTE (COM ENCARGOS INCLUSOS)","H","2,0000000",{"$f":"SUMIF(Insumos!B:B,D29,Insumos!G:G)","v":11.11},{"$f":"TRUNC(G29*H29,2)","v":22.22}]
[null,null,null,"PARCIAL:",{"$nulls":4},{"$f":"SUM(I27:I29)","v":35.729999999999997}]
[null,null,null,"MATERIAL/SERVIÇOS/ EQUIPAMENTOS"]
[null,null,null,"4417","SARRAFO DE MADEIRA NAO APARELHADA *2,5 X 7* CM, MACARANDUBA, ANGELIM OU EQUIVALENTE DA REGIAO","M","1,0000000",{"$f":"SUMIF(Insumos!B:B,D32,Insumos!G:G)","v":4.25},{"$f":"TRUNC(G32*H32,2)+0.01","v":4.26}]
[null,null,null,"4491","PECA DE MADEIRA NATIVA / REGIONAL 7,5 X 7,5CM (3X3) NAO APARELHADA (P/FORMA)","M","4,0000000",{"$f":"SUMIF(Insumos!B:B,D33,Insumos!G:G)","v":5.01},{"$f":"TRUNC(G33*H33,2)","v":20.04}]
[null,null,null,"4813","PLACA DE OBRA (PARA CONSTRUCAO CIVIL) EM CHAPA GALVANIZADA *N. 22*, DE *2,0 X 1,125* M","M2","1,0000000",{"$f":"SUMIF(Insumos!B:B,D34,Insumos!G:G)","v":185.96},{"$f":"TRUNC(G34*H34,2)","v":185.96}]
[null,null,null,"5075","PREGO DE ACO POLIDO COM CABECA 18 X 30 (2 3/4 X 10)","KG","0,1100000",{"$f":"SUMIF(Insumos!B:B,D35,Insumos!G:G)","v":8.0399999999999991},{"$f":"TRUNC(G35*H35,2)","v":0.88}]
[null,null,null,"94962","CONCRETO MAGRO PARA LASTRO, TRAÇO 1:4,5:4,5 (CIMENTO/ AREIA MÉDIA/ BRITA 1)  - PREPARO MECÂNICO COM BETONEIRA 400 L. AF_07/2016","M3","0,0100000",{"$f":"SUMIF(Insumos!B:B,D36,Insumos!G:G)","v":190.39},{"$f":"TRUNC(G36*H36,2)","v":1.9}]
[{"$nulls":7},"PARCIAL:",{"$f":"SUM(I32:I36)","v":213.04}]
[{"$nulls":7},"VALOR UNITÁRIO TOTAL - R$",{"$f":"I30+I37","v":248.77}]
[]
[]
[]
[null,"SERVIÇO","SINAPI",72871,{"$f":"VLOOKUP(D42,SINAPI!$D:$G,2)","v":"MOBILIZACAO E INSTALACAO DE 01 EQUIPAMENTO DE SONDAGEM, DISTANCIA ATE 10KM"},null,null,null,{"$f":"VLOOKUP(D42,SINAPI!$D:$G,3)","v":"UN"},null,{"$f":"I53","v":265.49},339.07]
[]
[null,null,null,"COD.","DESCRIÇÃO","UN.","COEF.","PREÇO","TOTAL"]
[null,null,null,"MÃO-DE-OBRA"]
[null,null,null,"88316","SERVENTE (COM ENCARGOS INCLUSOS)","H","6,0000000",{"$f":"SUMIF(Insumos!B:B,D46,Insumos!G:G)","v":11.11},{"$f":"TRUNC(G46*H46,2)","v":66.66}]
[null,null,null,"88322","TÉCNICO DE SONDAGEM (COM ENCARGOS INCLUSOS)","H","3,0000000",{"$f":"SUMIF(Insumos!B:B,D47,Insumos!G:G)","v":30.06},{"$f":"TRUNC(G47*H47,2)","v":90.18}]
[null,null,null,"PARCIAL:",{"$nulls":4},{"$f":"SUM(I45:I47)","v":156.84}]
[null,null,null,"MATERIAL/SERVIÇOS/ EQUIPAMENTOS"]
[null,null,null,"5824","CAMINHÃO TOCO, PBT 16.000 KG, CARGA ÚTIL MÁX. 10.685 KG, DIST. ENTRE EIXOS 4,8 M, POTÊNCIA 189 CV, INCLUSIVE CARROCERIA FIXA ABERTA DE MADEIRA P/ TRANSPORTE GERAL DE CARGA SECA, DIMEN. APROX. 2,5 X 7,00 X 0,50 M - CHP DIURNO. AF_06/2014","CHP","1,0000000",{"$f":"SUMIF(Insumos!B:B,D50,Insumos!G:G)","v":108.65},{"$f":"TRUNC(G50*H50,2)","v":108.65}]
[{"$nulls":7},{"$f":"SUMIF(Insumos!B:B,D51,Insumos!G:G)","v":0},{"$f":"TRUNC(G51*H51,2)","v":0}]
[{"$nulls":7},"PARCIAL:",{"$f":"SUM(I50:I51)","v":108.65}]
[{"$nulls":7},"VALOR UNITÁRIO TOTAL - R$",{"$f":"I48+I52","v":265.49}]
[]
[]
[]
[null,"SERVIÇO","SINAPI","73948/16",{"$f":"VLOOKUP(D57,SINAPI!$D:$G,2)","v":"LIMPEZA MANUAL DO TERRENO (C/ RASPAGEM SUPERFICIAL)"},null,null,null,{"$f":"VLOOKUP(D57,SINAPI!$D:$G,3)","v":"M2"},null,{"$f":"I68","v":2.77},3.54]
[]
[null,null,null,"COD.","DESCRIÇÃO","UN.","COEF.","PREÇO","TOTAL"]
[null,null,null,"MÃO-DE-OBRA"]
[null,null,null,"88316","SERVENTE (COM ENCARGOS INCLUSOS)","H","0,2500000",{"$f":"SUMIF(Insumos!B:B,D61,Insumos!G:G)","v":11.11},{"$f":"TRUNC(G61*H61,2)","v":2.77}]
[{"$nulls":7},{"$f":"SUMIF(Insumos!B:B,D62,Insumos!G:G)","v":0},{"$f":"TRUNC(G62*H62,2)","v":0}]
[null,null,null,"PARCIAL:",{"$nulls":4},{"$f":"SUM(I60:I62)","v":2.77}]
[null,null,null,"MATERIAL/SERVIÇOS/ EQUIPAMENTOS"]
[{"$nulls":7},{"$f":"SUMIF(Insumos!B:B,D65,Insumos!G:G)","v":0},{"$f":"TRUNC(G65*H65,2)","v":0}]
[{"$nulls":7},{"$f":"SUMIF(Insumos!B:B,D66,Insumos!G:G)","v":0},{"$f":"TRUNC(G66*H66,2)","v":0}]
[{"$nulls":7},"PARCIAL:",{"$f":"SUM(I65:I66)","v":0}]
[{"$nulls":7},"VALOR UNITÁRIO TOTAL - R$",{"$f":"I63+I67","v":2.77}]
[]
[]
[]
[null,"SERVIÇO","SINAPI","73859/2",{"$f":"VLOOKUP(D72,SINAPI!$D:$G,2)","v":"CAPINA E LIMPEZA MANUAL DE TERRENO"},null,null,null,{"$f":"VLOOKUP(D72,SINAPI!$D:$G,3)","v":"M2"},null,{"$f":"I86","v":0.88},1.1299999999999999]
[]
[null,null,null,"COD.","DESCRIÇÃO","UN.","COEF.","PREÇO","TOTAL"]
[null,null,null,"MÃO-DE-OBRA"]
[null,null,null,"88316","SERVENTE (COM ENCARGOS INCLUSOS)","H","0,0800000",{"$f":"SUMIF(Insumos!B:B,D76,Insumos!G:G)","v":11.11},{"$f":"TRUNC(G76*H76,2)","v":0.88}]
[{"$nulls":7},{"$f":"SUMIF(Insumos!B:B,D77,Insumos!G:G)","v":0},{"$f":"TRUNC(G77*H77,2)","v":0}]
[null,null,null,"PARCIAL:",{"$nulls":4},{"$f":"SUM(I75:I77)","v":0.88}]
[null,null,null,"MATERIAL/SERVIÇOS/ EQUIPAMENTOS"]
[{"$nulls":7},{"$f":"SUMIF(Insumos!B:B,D80,Insumos!G:G)","v":0},{"$f":"TRUNC(G80*H80,2)","v":0}]
[{"$nulls":7},{"$f":"SUMIF(Insumos!B:B,D81,Insumos!G:G)","v":0},{"$f":"TRUNC(G81*H81,2)","v":0}]
[{"$nulls":7},{"$f":"SUMIF(Insumos!B:B,D82,Insumos!G:G)","v":0},{"$f":"TRUNC(G82*H82,2)","v":0}]
[{"$nulls":7},{"$f":"SUMIF(Insumos!B:B,D83,Insumos!G:G)","v":0},{"$f":"TRUNC(G83*H83,2)","v":0}]
[{"$nulls":7},{"$f":"SUMIF(Insumos!B:B,D84,Insumos!G:G)","v":0},{"$f":"TRUNC(G84*H84,2)","v":0}]
[{"$nulls":7},"PARCIAL:",{"$f":"SUM(I80:I84)","v":0}]
[{"$nulls":7},"VALOR UNITÁRIO TOTAL - R$",{"$f":"I78+I85","v":0.88}]
[]
[]
[]
[null,"SERVIÇO","SINAPI",73672,{"$f":"VLOOKUP(D90,SINAPI!$D:$G,2)","v":"DESMATAMENTO E LIMPEZA MECANIZADA DE TERRENO COM ARVORES ATE Ø 15CM, UTILIZANDO TRATOR DE ESTEIRAS"},null,null,null,{"$f":"VLOOKUP(D90,SINAPI!$D:$G,3)","v":"M2"},null,{"$f":"I104","v":0.28000000000000003},0.36]
[]
[null,null,null,"COD.","DESCRIÇÃO","UN.","COEF.","PREÇO","TOTAL"]
[null,null,null,"MÃO-DE-OBRA"]
[null,null,null,"88316","SERVENTE (COM ENCARGOS INCLUSOS)","H",2.6001000000000002E-3,{"$f":"SUMIF(Insumos!B:B,D94,Insumos!G:G)","v":11.11},{"$f":"TRUNC(G94*H94,2)","v":0.02}]
[{"$nulls":7},{"$f":"SUMIF(Insumos!B:B,D95,Insumos!G:G)","v":0},{"$f":"TRUNC(G95*H95,2)","v":0}]
[null,null,null,"PARCIAL:",{"$nulls":4},{"$f":"SUM(I93:I95)","v":0.02}]
[null,null,null,"MATERIAL/SERVIÇOS/ EQUIPAMENTOS"]
[null,null,null,"5851","TRATOR DE ESTEIRAS, POTÊNCIA 150 HP, PESO OPERACIONAL 16,7 T, COM RODA MOTRIZ ELEVADA E LÂMINA 3,18 M3 - CHP DIURNO. AF_06/2014","CHP","0,0020000",{"$f":"SUMIF(Insumos!B:B,D98,Insumos!G:G)","v":133.91},{"$f":"TRUNC(G98*H98,2)","v":0.26}]
[{"$nulls":7},{"$f":"SUMIF(Insumos!B:B,D99,Insumos!G:G)","v":0},{"$f":"TRUNC(G99*H99,2)","v":0}]
[{"$nulls":7},{"$f":"SUMIF(Insumos!B:B,D100,Insumos!G:G)","v":0},{"$f":"TRUNC(G100*H100,2)","v":0}]
[{"$nulls":7},{"$f":"SUMIF(Insumos!B:B,D101,Insumos!G:G)","v":0},{"$f":"TRUNC(G101*H101,2)","v":0}]
[{"$nulls":7},{"$f":"SUMIF(Insumos!B:B,D102,Insumos!G:G)","v":0},{"$f":"TRUNC(G102*H102,2)","v":0}]
[{"$nulls":7},"PARCIAL:",{"$f":"SUM(I98:I102)","v":0.26}]
[{"$nulls":7},"VALOR UNITÁRIO TOTAL - R$",{"$f":"I96+I103","v":0.28000000000000003}]
[]
[]
[]
[null,"SERVIÇO","SINAPI","73992/1",{"$f":"VLOOKUP(D108,SINAPI!$D:$G,2)","v":"LOCACAO CONVENCIONAL DE OBRA, ATRAVÉS DE GABARITO DE TABUAS CORRIDAS PONTALETADAS A CADA 1,50M, SEM REAPROVEITAMENTO"},null,null,null,{"$f":"VLOOKUP(D108,SINAPI!$D:$G,3)","v":"M2"},null,{"$f":"I122","v":6.49},8.3000000000000007]
[]
[null,null,null,"COD.","DESCRIÇÃO","UN.","COEF.","PREÇO","TOTAL"]
[null,null,null,"MÃO-DE-OBRA"]
[null,null,null,"88262","CARPINTEIRO DE FORMAS (COM ENCARGOS INCLUSOS)","H",0.1,{"$f":"SUMIF(Insumos!B:B,D112,Insumos!G:G)","v":13.51},{"$f":"TRUNC(G112*H112,2)","v":1.35}]
[null,null,null,"88316","SERVENTE (COM ENCARGOS INCLUSOS)","H",0.1,{"$f":"SUMIF(Insumos!B:B,D113,Insumos!G:G)","v":11.11},{"$f":"TRUNC(G113*H113,2)","v":1.1100000000000001}]
[null,null,null,"PARCIAL:",{"$nulls":4},{"$f":"SUM(I111:I113)","v":2.46}]
[null,null,null,"MATERIAL/SERVIÇOS/ EQUIPAMENTOS"]
[null,null,null,"337","ARAME RECOZIDO 18 BWG, 1,25 MM (0,01 KG/M)","KG",0.02,{"$f":"SUMIF(Insumos!B:B,D116,Insumos!G:G)","v":7.37},{"$f":"TRUNC(G116*H116,2)-0.01","v":0.13}]
[null,null,null,"4491","PECA DE MADEIRA NATIVA / REGIONAL 7,5 X 7,5CM (3X3) NAO APARELHADA (P/FORMA)","M",0.17,{"$f":"SUMIF(Insumos!B:B,D117,Insumos!G:G)","v":5.01},{"$f":"TRUNC(G117*H117,2)","v":0.85}]
[null,null,null,"5061","PREGO DE ACO POLIDO COM CABECA 18 X 27 (2 1/2 X 10)","KG",0.01,{"$f":"SUMIF(Insumos!B:B,D118,Insumos!G:G)","v":7.91},{"$f":"TRUNC(G118*H118,2)","v":7.0000000000000007E-2}]
[null,null,null,"6189","TABUA MADEIRA 2A QUALIDADE 2,5 X 30,0CM (1 X 12\") NAO APARELHADA","M",0.23799999999999999,{"$f":"SUMIF(Insumos!B:B,D119,Insumos!G:G)","v":12.54},{"$f":"TRUNC(G119*H119,2)","v":2.98}]
[{"$nulls":7},{"$f":"SUMIF(Insumos!B:B,D120,Insumos!G:G)","v":0},{"$f":"TRUNC(G120*H120,2)","v":0}]
[{"$nulls":7},"PARCIAL:",{"$f":"SUM(I116:I120)","v":4.03}]
[{"$nulls":7},"VALOR UNITÁRIO TOTAL - R$",{"$f":"I114+I121","v":6.49}]
[]
[]
[]
[null,"SERVIÇO","SINAPI",72915,{"$f":"VLOOKUP(D126,SINAPI!$D:$G,2)","v":"ESCAVACAO MECANICA DE VALA EM MATERIAL DE 2A. CATEGORIA ATE 2 M DE PROFUNDIDADE COM UTILIZACAO DE ESCAVADEIRA HIDRAULICA"},null,null,null,{"$f":"VLOOKUP(D126,SINAPI!$D:$G,3)","v":"M3"},null,{"$f":"I140","v":8.32},10.63]
[]
[null,null,null,"COD.","DESCRIÇÃO","UN.","COEF.","PREÇO","TOTAL"]
[null,null,null,"MÃO-DE-OBRA"]
[null,null,null,"88316","SERVENTE (COM ENCARGOS INCLUSOS)","H",0.125,{"$f":"SUMIF(Insumos!B:B,D130,Insumos!G:G)","v":11.11},{"$f":"TRUNC(G130*H130,2)","v":1.38}]
[{"$nulls":7},{"$f":"SUMIF(Insumos!B:B,D131,Insumos!G:G)","v":0},{"$f":"TRUNC(G131*H131,2)","v":0}]
[null,null,null,"PARCIAL:",{"$nulls":4},{"$f":"SUM(I129:I131)","v":1.38}]
[null,null,null,"MATERIAL/SERVIÇOS/ EQUIPAMENTOS"]
[null,null,null,"90991","ESCAVADEIRA HIDRÁULICA SOBRE ESTEIRAS, CAÇAMBA 0,80 M3, PESO OPERACIONAL 17,8 T, POTÊNCIA LÍQUIDA 110 HP - CHP DIURNO. AF_10/2014","CHP","0,0625000",{"$f":"SUMIF(Insumos!B:B,D134,Insumos!G:G)","v":111.02},{"$f":"TRUNC(G134*H134,2)+0.01","v":6.94}]
[{"$nulls":7},{"$f":"SUMIF(Insumos!B:B,D135,Insumos!G:G)","v":0},{"$f":"TRUNC(G135*H135,2)","v":0}]
[{"$nulls":7},{"$f":"SUMIF(Insumos!B:B,D136,Insumos!G:G)","v":0},{"$f":"TRUNC(G136*H136,2)","v":0}]
[{"$nulls":7},{"$f":"SUMIF(Insumos!B:B,D137,Insumos!G:G)","v":0},{"$f":"TRUNC(G137*H137,2)","v":0}]
[{"$nulls":7},{"$f":"SUMIF(Insumos!B:B,D138,Insumos!G:G)","v":0},{"$f":"TRUNC(G138*H138,2)","v":0}]
[{"$nulls":7},"PARCIAL:",{"$f":"SUM(I134:I138)","v":6.94}]
[{"$nulls":7},"VALOR UNITÁRIO TOTAL - R$",{"$f":"I132+I139","v":8.32}]
[]
[]
[]
[null,"SERVIÇO","SINAPI",93379,{"$f":"VLOOKUP(D144,SINAPI!$D:$G,2)","v":"REATERRO MECANIZADO DE VALA COM RETROESCAVADEIRA (CAPACIDADE DA CAÇAMBA DA RETRO: 0,26 M³ / POTÊNCIA: 88 HP), LARGURA DE 0,8 A 1,5 M, PROFUNDIDADE ATÉ 1,5 M, COM SOLO (SEM SUBSTITUIÇÃO) DE 1ª CATEGORIA EM LOCAIS COM BAIXO NÍVEL DE INTERFERÊNCIA. AF_04/2016"},null,null,null,{"$f":"VLOOKUP(D144,SINAPI!$D:$G,3)","v":"M3"},null,{"$f":"I158","v":13.09},16.72]
[]
[null,null,null,"COD.","DESCRIÇÃO","UN.","COEF.","PREÇO","TOTAL"]
[null,null,null,"MÃO-DE-OBRA"]
[null,null,null,"88316","SERVENTE (COM ENCARGOS INCLUSOS)","H","0,0280000",{"$f":"SUMIF(Insumos!B:B,D148,Insumos!G:G)","v":11.11},{"$f":"TRUNC(G148*H148,2)","v":0.31}]
[{"$nulls":7},{"$f":"SUMIF(Insumos!B:B,D149,Insumos!G:G)","v":0},{"$f":"TRUNC(G149*H149,2)","v":0}]
[null,null,null,"PARCIAL:",{"$nulls":4},{"$f":"SUM(I147:I149)","v":0.31}]
[null,null,null,"MATERIAL/SERVIÇOS/ EQUIPAMENTOS"]
[null,null,null,"5678","RETROESCAVADEIRA SOBRE RODAS COM CARREGADEIRA, TRAÇÃO 4X4, POTÊNCIA LÍQ. 88 HP, CAÇAMBA CARREG. CAP. MÍN. 1 M3, CAÇAMBA RETRO CAP. 0,26 M3, PESO OPERACIONAL MÍN. 6.674 KG, PROFUNDIDADE ESCAVAÇÃO MÁX. 4,37 M - CHP DIURNO. AF_06/2014","CHP","0,0300000",{"$f":"SUMIF(Insumos!B:B,D152,Insumos!G:G)","v":87.88},{"$f":"TRUNC(G152*H152,2)","v":2.63}]
[null,null,null,"5679","RETROESCAVADEIRA SOBRE RODAS COM CARREGADEIRA, TRAÇÃO 4X4, POTÊNCIA LÍQ. 88 HP, CAÇAMBA CARREG. CAP. MÍN. 1 M3, CAÇAMBA RETRO CAP. 0,26 M3, PESO OPERACIONAL MÍN. 6.674 KG, PROFUNDIDADE ESCAVAÇÃO MÁX. 4,37 M - CHI DIURNO. AF_06/2014","CHI","0,0390000",{"$f":"SUMIF(Insumos!B:B,D153,Insumos!G:G)","v":39.72},{"$f":"TRUNC(G153*H153,2)","v":1.54}]
[null,null,null,"91533","COMPACTADOR DE SOLOS DE PERCUSSÃO (SOQUETE) COM MOTOR A GASOLINA 4 TEMPOS, POTÊNCIA 4 CV - CHP DIURNO. AF_08/2015","CHP","0,1580000",{"$f":"SUMIF(Insumos!B:B,D154,Insumos!G:G)","v":26.31},{"$f":"TRUNC(G154*H154,2)","v":4.1500000000000004}]
[null,null,null,"91534","COMPACTADOR DE SOLOS DE PERCUSSÃO (SOQUETE) COM MOTOR A GASOLINA 4 TEMPOS, POTÊNCIA 4 CV - CHI DIURNO. AF_08/2015","CHI","0,1470000",{"$f":"SUMIF(Insumos!B:B,D155,Insumos!G:G)","v":23.7},{"$f":"TRUNC(G155*H155,2)","v":3.48}]
[null,null,null,"95606","UMIDIFICAÇÃO DE MATERIAL PARA VALAS COM CAMINHÃO PIPA 10000L. AF_11/2016","M3","1,0000000",{"$f":"SUMIF(Insumos!B:B,D156,Insumos!G:G)","v":0.99},{"$f":"TRUNC(G156*H156,2)-0.01","v":0.98}]
[{"$nulls":7},"PARCIAL:",{"$f":"SUM(I152:I156)","v":12.78}]
[{"$nulls":7},"VALOR UNITÁRIO TOTAL - R$",{"$f":"I150+I157","v":13.09}]
[]
[]
[]
[null,"SERVIÇO","SINAPI",95467,"EMBASAMENTO C/PEDRA ARGAMASSADA UTILIZANDO ARG.CIM/AREIA 1:4",null,null,null,{"$f":"'Planilha SERVIÇOS'!$G$41","v":"M3"},null,{"$f":"I176","v":275.33},352.25]
[]
[null,null,null,"COD.","DESCRIÇÃO","UN.","COEF.","PREÇO","TOTAL"]
[null,null,null,"MÃO-DE-OBRA"]
[null,null,null,"88309","PEDREIRO (COM ENCARGOS INCLUSOS)","H","6,0000000",{"$f":"SUMIF(Insumos!B:B,D166,Insumos!G:G)","v":13.51},{"$f":"TRUNC(G166*H166,2)","v":81.06}]
[null,null,null,"88316","SERVENTE (COM ENCARGOS INCLUSOS)","H","6,0000000",{"$f":"SUMIF(Insumos!B:B,D167,Insumos!G:G)","v":11.11},{"$f":"TRUNC(G167*H167,2)","v":66.66}]
[null,null,null,"PARCIAL:",{"$nulls":4},{"$f":"SUM(I165:I167)","v":147.72}]
[null,null,null,"MATERIAL/SERVIÇOS/ EQUIPAMENTOS"]
[null,null,null,"4730","PEDRA DE MAO OU PEDRA RACHAO PARA ARRIMO/FUNDACAO (POSTO PEDREIRA/FORNECEDOR, SEM FRETE)","M3","1,1000000",{"$f":"SUMIF(Insumos!B:B,D170,Insumos!G:G)","v":45.34},{"$f":"TRUNC(G170*H170,2)+0.01","v":49.88}]
[null,null,null,"87316","ARGAMASSA TRAÇO 1:4 (CIMENTO E AREIA GROSSA) PARA CHAPISCO CONVENCIONAL, PREPARO MECÂNICO COM BETONEIRA 400 L. AF_06/2014","M3","0,3000000",{"$f":"SUMIF(Insumos!B:B,D171,Insumos!G:G)","v":259.07},{"$f":"TRUNC(G171*H171,2)+0.01","v":77.73}]
[{"$nulls":7},{"$f":"SUMIF(Insumos!B:B,D172,Insumos!G:G)","v":0},{"$f":"TRUNC(G172*H172,2)","v":0}]
[{"$nulls":7},{"$f":"SUMIF(Insumos!B:B,D173,Insumos!G:G)","v":0},{"$f":"TRUNC(G173*H173,2)","v":0}]
[{"$nulls":7},{"$f":"SUMIF(Insumos!B:B,D174,Insumos!G:G)","v":0},{"$f":"TRUNC(G174*H174,2)","v":0}]
[{"$nulls":7},"PARCIAL:",{"$f":"SUM(I170:I174)","v":127.61}]
[{"$nulls":7},"VALOR UNITÁRIO TOTAL - R$",{"$f":"I168+I175","v":275.33}]
[]
[]
[]
[null,"SERVIÇO","SINAPI",83518,{"$f":"'Planilha SERVIÇOS'!F42","v":"ALVENARIA EMBASAMENTO E=20 CM BLOCO CONCRETO"},null,null,null,{"$f":"'Planilha SERVIÇOS'!$G$42","v":"M3"},null,{"$f":"I194","v":224.71},287.37]
[]
[null,null,null,"COD.","DESCRIÇÃO","UN.","COEF.","PREÇO","TOTAL"]
[null,null,null,"MÃO-DE-OBRA"]
[null,null,null,"88309","PEDREIRO (COM ENCARGOS INCLUSOS)","H","3,7000000",{"$f":"SUMIF(Insumos!B:B,D184,Insumos!G:G)","v":13.51},{"$f":"TRUNC(G184*H184,2)","v":49.98}]
[null,null,null,"88316","SERVENTE (COM ENCARGOS INCLUSOS)","H","3,7000000",{"$f":"SUMIF(Insumos!B:B,D185,Insumos!G:G)","v":11.11},{"$f":"TRUNC(G185*H185,2)","v":41.1}]
[null,null,null,"PARCIAL:",{"$nulls":4},{"$f":"SUM(I183:I185)","v":91.08}]
[null,null,null,"MATERIAL/SERVIÇOS/ EQUIPAMENTOS"]
[null,null,null,"654","BLOCO VEDACAO CONCRETO 19 X 19 X 39 CM (CLASSE C - NBR 6136)","UN","62,5000000",{"$f":"SUMIF(Insumos!B:B,D188,Insumos!G:G)","v":1.84},{"$f":"TRUNC(G188*H188,2)+0.01","v":115.01}]
[null,null,null,"88631","ARGAMASSA TRAÇO 1:4 (CIMENTO E AREIA MÉDIA), PREPARO MANUAL. AF_08/2014","M3","0,0700000",{"$f":"SUMIF(Insumos!B:B,D189,Insumos!G:G)","v":265.91000000000003},{"$f":"TRUNC(G189*H189,2)+0.01","v":18.62}]
[{"$nulls":7},{"$f":"SUMIF(Insumos!B:B,D190,Insumos!G:G)","v":0},{"$f":"TRUNC(G190*H190,2)","v":0}]
[{"$nulls":7},{"$f":"SUMIF(Insumos!B:B,D191,Insumos!G:G)","v":0},{"$f":"TRUNC(G191*H191,2)","v":0}]
[{"$nulls":7},{"$f":"SUMIF(Insumos!B:B,D192,Insumos!G:G)","v":0},{"$f":"TRUNC(G192*H192,2)","v":0}]
[{"$nulls":7},"PARCIAL:",{"$f":"SUM(I188:I192)","v":133.63}]
[{"$nulls":7},"VALOR UNITÁRIO TOTAL - R$",{"$f":"I186+I193","v":224.71}]
[]
[]
[]
[null,"SERVIÇO","SINAPI",97622,{"$f":"'Planilha SERVIÇOS'!$F$48","v":"DEMOLIÇÃO DE ALVENARIA DE BLOCO FURADO, DE FORMA MANUAL, SEM REAPROVEITAMENTO. AF_12/2017"},null,null,null,{"$f":"'Planilha SERVIÇOS'!$G$48","v":"M3"},null,{"$f":"I212","v":28.85},36.880000000000003]
[]
[null,null,null,"COD.","DESCRIÇÃO","UN.","COEF.","PREÇO","TOTAL"]
[null,null,null,"MÃO-DE-OBRA"]
[null,null,null,"88309","PEDREIRO (COM ENCARGOS INCLUSOS)","H","0,2250000",{"$f":"SUMIF(Insumos!B:B,D202,Insumos!G:G)","v":13.51},{"$f":"TRUNC(G202*H202,2)","v":3.03}]
[null,null,null,"88316","SERVENTE (COM ENCARGOS INCLUSOS)","H","2,3248000",{"$f":"SUMIF(Insumos!B:B,D203,Insumos!G:G)","v":11.11},{"$f":"TRUNC(G203*H203,2)","v":25.82}]
[null,null,null,"PARCIAL:",{"$nulls":4},{"$f":"SUM(I201:I203)","v":28.85}]
[null,null,null,"MATERIAL/SERVIÇOS/ EQUIPAMENTOS"]
[{"$nulls":7},{"$f":"SUMIF(Insumos!B:B,D206,Insumos!G:G)","v":0},{"$f":"TRUNC(G206*H206,2)","v":0}]
[{"$nulls":7},{"$f":"SUMIF(Insumos!B:B,D207,Insumos!G:G)","v":0},{"$f":"TRUNC(G207*H207,2)","v":0}]
[{"$nulls":7},{"$f":"SUMIF(Insumos!B:B,D208,Insumos!G:G)","v":0},{"$f":"TRUNC(G208*H208,2)","v":0}]
[{"$nulls":7},{"$f":"SUMIF(Insumos!B:B,D209,Insumos!G:G)","v":0},{"$f":"TRUNC(G209*H209,2)","v":0}]
[{"$nulls":7},{"$f":"SUMIF(Insumos!B:B,D210,Insumos!G:G)","v":0},{"$f":"TRUNC(G210*H210,2)","v":0}]
[{"$nulls":7},"PARCIAL:",{"$f":"SUM(I206:I210)","v":0}]
[{"$nulls":7},"VALOR UNITÁRIO TOTAL - R$",{"$f":"I204+I211","v":28.85}]
[]
[]
[]
[null,"SERVIÇO","SINAPI",94438,{"$f":"'Planilha SERVIÇOS'!$F$49","v":"(COMPOSIÇÃO REPRESENTATIVA) DO SERVIÇO DE CONTRAPISO EM ARGAMASSA TRAÇO 1:4 (CIM E AREIA), EM BETONEIRA 400 L, ESPESSURA 3 CM ÁREAS SECAS E 3 CM ÁREAS MOLHADAS, PARA EDIFICAÇÃO HABITACIONAL UNIFAMILIAR (CASA) E EDIFICAÇÃO PÚBLICA PADRÃO. AF_11/2014"},null,null,null,{"$f":"'Planilha SERVIÇOS'!$G$49","v":"M2"},null,{"$f":"I229","v":25.54},32.619999999999997]
[]
[]
[null,null,null,"COD.","DESCRIÇÃO","UN.","COEF.","PREÇO","TOTAL"]
[null,null,null,"MÃO-DE-OBRA"]
[{"$nulls":7},{"$f":"SUMIF(Insumos!B:B,D221,Insumos!G:G)","v":0},{"$f":"TRUNC(G221*H221,2)","v":0}]
[{"$nulls":7},{"$f":"SUMIF(Insumos!B:B,D222,Insumos!G:G)","v":0},{"$f":"TRUNC(G222*H222,2)","v":0}]
[null,null,null,"PARCIAL:",{"$nulls":4},{"$f":"SUM(I220:I222)","v":0}]
[null,null,null,"MATERIAL/SERVIÇOS/ EQUIPAMENTOS"]
[null,null,null,"87630","CONTRAPISO EM ARGAMASSA TRAÇO 1:4 (CIMENTO E AREIA), PREPARO MECÂNICO COM BETONEIRA 400 L, APLICADO EM ÁREAS SECAS SOBRE LAJE, ADERIDO, ESPESSURA 3CM. AF_06/2014","M2","0,6381000",{"$f":"SUMIF(Insumos!B:B,D225,Insumos!G:G)","v":24.04},{"$f":"TRUNC(G225*H225,2)+0.01","v":15.34}]
[null,null,null,"87745","CONTRAPISO EM ARGAMASSA TRAÇO 1:4 (CIMENTO E AREIA), PREPARO MECÂNICO COM BETONEIRA 400 L, APLICADO EM ÁREAS MOLHADAS SOBRE LAJE, ADERIDO, ESPESSURA 3CM. AF_06/2014","M2","0,1996000",{"$f":"SUMIF(Insumos!B:B,D226,Insumos!G:G)","v":29.78},{"$f":"TRUNC(G226*H226,2)","v":5.94}]
[null,null,null,"87755","CONTRAPISO EM ARGAMASSA TRAÇO 1:4 (CIMENTO E AREIA), PREPARO MECÂNICO COM BETONEIRA 400 L, APLICADO EM ÁREAS MOLHADAS SOBRE IMPERMEABILIZAÇÃO, ESPESSURA 3CM. AF_06/2014","M2","0,1623000",{"$f":"SUMIF(Insumos!B:B,D227,Insumos!G:G)","v":26.3},{"$f":"TRUNC(G227*H227,2)","v":4.26}]
[{"$nulls":7},"PARCIAL:",{"$f":"SUM(I225:I227)","v":25.54}]
[{"$nulls":7},"VALOR UNITÁRIO TOTAL - R$",{"$f":"I223+I228","v":25.54}]
[]
[]
[]
[null,"SERVIÇO","SINAPI",98680,{"$f":"'Planilha SERVIÇOS'!$F$50","v":"PISO CIMENTADO, TRAÇO 1:3 (CIMENTO E AREIA), ACABAMENTO LISO, ESPESSURA 3,0 CM, PREPARO MECÂNICO DA ARGAMASSA. AF_06/2018"},null,null,null,{"$f":"'Planilha SERVIÇOS'!$G$50","v":"M2"},null,{"$f":"I245","v":23.88},30.5]
[]
[null,null,null,"COD.","DESCRIÇÃO","UN.","COEF.","PREÇO","TOTAL"]
[null,null,null,"MÃO-DE-OBRA"]
[null,null,null,"88309","PEDREIRO (COM ENCARGOS INCLUSOS)","H",0.38615680000000002,{"$f":"SUMIF(Insumos!B:B,D237,Insumos!G:G)","v":13.51},{"$f":"TRUNC(G237*H237,2)","v":5.21}]
[null,null,null,"88316","SERVENTE (COM ENCARGOS INCLUSOS)","H",0.2101586,{"$f":"SUMIF(Insumos!B:B,D238,Insumos!G:G)","v":11.11},{"$f":"TRUNC(G238*H238,2)","v":2.33}]
[null,null,null,"PARCIAL:",{"$nulls":4},{"$f":"SUM(I236:I238)","v":7.54}]
[null,null,null,"MATERIAL/SERVIÇOS/ EQUIPAMENTOS"]
[null,null,null,"1379","CIMENTO PORTLAND COMPOSTO CP II-32","KG","0,5000000",{"$f":"SUMIF(Insumos!B:B,D241,Insumos!G:G)","v":0.34},{"$f":"TRUNC(G241*H241,2)","v":0.17}]
[null,null,null,"3671","JUNTA PLASTICA DE DILATACAO PARA PISOS, COR CINZA, 17 X 3 MM (ALTURA X ESPESSURA)","M","1,6700000",{"$f":"SUMIF(Insumos!B:B,D242,Insumos!G:G)","v":0.68},{"$f":"TRUNC(G242*H242,2)","v":1.1299999999999999}]
[null,null,null,"87298","ARGAMASSA TRAÇO 1:3 (CIMENTO E AREIA MÉDIA) PARA CONTRAPISO, PREPARO MECÂNICO COM BETONEIRA 400 L. AF_06/2014","M3","0,0431000",{"$f":"SUMIF(Insumos!B:B,D243,Insumos!G:G)-8.81670533642691","v":349.1},{"$f":"TRUNC(G243*H243,2)","v":15.04}]
[{"$nulls":7},"PARCIAL:",{"$f":"SUM(I241:I243)","v":16.34}]
[{"$nulls":7},"VALOR UNITÁRIO TOTAL - R$",{"$f":"I239+I244","v":23.88}]
[]
[]
[]
[null,"SERVIÇO","SINAPI",94990,{"$f":"'Planilha SERVIÇOS'!$F$51","v":"EXECUÇÃO DE PASSEIO (CALÇADA) OU PISO DE CONCRETO COM CONCRETO MOLDADO IN LOCO, FEITO EM OBRA, ACABAMENTO CONVENCIONAL, NÃO ARMADO. AF_07/2016"},null,null,null,{"$f":"'Planilha SERVIÇOS'!$G$51","v":"M3"},null,{"$f":"I262","v":400.96},512.28]
[]
[null,null,null,"COD.","DESCRIÇÃO","UN.","COEF.","PREÇO","TOTAL"]
[null,null,null,"MÃO-DE-OBRA"]
[null,null,null,"88262","CARPINTEIRO DE FORMAS (COM ENCARGOS INCLUSOS)","H","2,2560000",{"$f":"SUMIF(Insumos!B:B,D253,Insumos!G:G)","v":13.51},{"$f":"TRUNC(G253*H253,2)","v":30.47}]
[null,null,null,"88309","PEDREIRO (COM ENCARGOS INCLUSOS)","H","1,9830000",{"$f":"SUMIF(Insumos!B:B,D254,Insumos!G:G)","v":13.51},{"$f":"TRUNC(G254*H254,2)","v":26.79}]
[null,null,null,"88316","SERVENTE (COM ENCARGOS INCLUSOS)","H","4,2390000",{"$f":"SUMIF(Insumos!B:B,D255,Insumos!G:G)","v":11.11},{"$f":"TRUNC(G255*H255,2)","v":47.09}]
[null,null,null,"PARCIAL:",{"$nulls":4},{"$f":"SUM(I252:I255)","v":104.35}]
[null,null,null,"MATERIAL/SERVIÇOS/ EQUIPAMENTOS"]
[null,null,null,"4460","SARRAFO DE MADEIRA NAO APARELHADA *2,5 X 10 CM, MACARANDUBA, ANGELIM OU EQUIVALENTE DA REGIAO","M","2,5000000",{"$f":"SUMIF(Insumos!B:B,D258,Insumos!G:G)","v":7.4},{"$f":"TRUNC(G258*H258,2)+0.01","v":18.510000000000002}]
[null,null,null,"4517","PECA DE MADEIRA NATIVA/REGIONAL 2,5 X 7,0 CM (SARRAFO-P/FORMA)","M","2,0000000",{"$f":"SUMIF(Insumos!B:B,D259,Insumos!G:G)","v":0.81},{"$f":"TRUNC(G259*H259,2)+0.01","v":1.63}]
[null,null,null,"94964","CONCRETO FCK = 20MPA, TRAÇO 1:2,7:3 (CIMENTO/ AREIA MÉDIA/ BRITA 1)  - PREPARO MECÂNICO COM BETONEIRA 400 L. AF_07/2016","M3","1,2130000",{"$f":"SUMIF(Insumos!B:B,D260,Insumos!G:G)","v":227.92},{"$f":"TRUNC(G260*H260,2)+0.01","v":276.47000000000003}]
[{"$nulls":7},"PARCIAL:",{"$f":"SUM(I258:I260)","v":296.61}]
[{"$nulls":7},"VALOR UNITÁRIO TOTAL - R$",{"$f":"I256+I261","v":400.96}]
[]
[]
[]
[null,"SERVIÇO","SINAPI",92762,{"$f":"'Planilha SERVIÇOS'!$F$54","v":"ARMAÇÃO DE PILAR OU VIGA DE UMA ESTRUTURA CONVENCIONAL DE CONCRETO ARMADO EM UM EDIFÍCIO DE MÚLTIPLOS PAVIMENTOS UTILIZANDO AÇO CA-50 DE 10,0 MM - MONTAGEM. AF_12/2015"},null,null,null,{"$f":"'Planilha SERVIÇOS'!$G$54","v":"KG"},null,{"$f":"I278","v":4.79},6.13]
[]
[null,null,null,"COD.","DESCRIÇÃO","UN.","COEF.","PREÇO","TOTAL"]
[null,null,null,"MÃO-DE-OBRA"]
[null,null,null,"88238","AJUDANTE DE ARMADOR (COM ENCARGOS INCLUSOS)","H","0,0086000",{"$f":"SUMIF(Insumos!B:B,D270,Insumos!G:G)","v":11.11},{"$f":"TRUNC(G270*H270,2)","v":0.09}]
[null,null,null,"88245","ARMADOR (COM ENCARGOS INCLUSOS)","H","0,0529000",{"$f":"SUMIF(Insumos!B:B,D271,Insumos!G:G)","v":13.51},{"$f":"TRUNC(G271*H271,2)","v":0.71}]
[null,null,null,"PARCIAL:",{"$nulls":4},{"$f":"SUM(I269:I271)","v":0.8}]
[null,null,null,"MATERIAL/SERVIÇOS/ EQUIPAMENTOS"]
[null,null,null,"337","ARAME RECOZIDO 18 BWG, 1,25 MM (0,01 KG/M)","KG","0,0250000",{"$f":"SUMIF(Insumos!B:B,D274,Insumos!G:G)","v":7.37},{"$f":"TRUNC(G274*H274,2)","v":0.18}]
[null,null,null,"39017","ESPACADOR / DISTANCIADOR CIRCULAR COM ENTRADA LATERAL, EM PLASTICO, PARA VERGALHAO *4,2 A 12,5* MM, COBRIMENTO 20 MM","UN","0,5430000",{"$f":"SUMIF(Insumos!B:B,D275,Insumos!G:G)","v":0.13},{"$f":"TRUNC(G275*H275,2)","v":7.0000000000000007E-2}]
[null,null,null,"92794","CORTE E DOBRA DE AÇO CA-50, DIÂMETRO DE 10,0 MM, UTILIZADO EM ESTRUTURAS DIVERSAS, EXCETO LAJES. AF_12/2015","KG","1,0000000",{"$f":"SUMIF(Insumos!B:B,D276,Insumos!G:G)","v":3.75},{"$f":"TRUNC(G276*H276,2)-0.01","v":3.74}]
[{"$nulls":7},"PARCIAL:",{"$f":"SUM(I274:I276)","v":3.99}]
[{"$nulls":7},"VALOR UNITÁRIO TOTAL - R$",{"$f":"I272+I277","v":4.79}]
[]
[]
[]
[null,"SERVIÇO","SINAPI",87509,{"$f":"IF($B282 = \"SERVIÇO\", IF(C282 = \"SINAPI\", VLOOKUP(D282, 'SERVIÇOS SINAPI'!$B:$E, 2, 0), IF(C282 = \"ORSE\", VLOOKUP(D282, '[6]#REF'!$A$1:$D$65536, 2, 0), IF(C282 = \"SEINFRA\", VLOOKUP(D282, '[6]#REF'!$A$1:$F$65536, 2, 0)))), IF(B282=\"INSUMO\", IF(C282 = \"SINAPI\", VLOOKUP(D282, Insumos!$B:$G, 2, 0), IF(C282 = \"ORSE\", VLOOKUP(D282, '[6]#REF'!$B$1:$E$65536, 2, 0), IF(C282 = \"SEINFRA\", VLOOKUP(D282, '[6]#REF'!$B$1:$F$65536, 2, 0),)))))","v":"ALVENARIA DE VEDAÇÃO DE BLOCOS CERÂMICOS FURADOS NA HORIZONTAL DE 14X9X19CM (ESPESSURA 14CM, BLOCO DEITADO) DE PAREDES COM ÁREA LÍQUIDA MAIOR OU IGUAL A 6M² SEM VÃOS E ARGAMASSA DE ASSENTAMENTO COM PREPARO EM BETONEIRA. AF_06/2014"},null,null,null,{"$f":"IF(B282 = \"SERVIÇO\", IF(C282 = \"SINAPI\", VLOOKUP(D282, 'SERVIÇOS SINAPI'!$B:$E, 3, 0), IF(C282 = \"ORSE\", VLOOKUP(D282, '[6]#REF'!$A$1:$D$65536, 3, 0), IF(C282 = \"SEINFRA\", VLOOKUP(D282, '[6]#REF'!$A$1:$F$65536, 5, 0)))), IF(B282=\"INSUMO\", IF(C282 = \"SINAPI\", VLOOKUP(D282, Insumos!$B:$G, 3, 0), IF(C282 = \"ORSE\", VLOOKUP(D282, '[6]#REF'!$B$1:$E$65536, 3, 0), IF(C282 = \"SEINFRA\", VLOOKUP(D282, '[6]#REF'!$B$1:$F$65536, 3, 0),)))))","v":"M²"},null,{"$f":"I295","v":64.58},82.72]
[]
[null,null,null,"COD.","DESCRIÇÃO","UN.","COEF.","PREÇO","TOTAL"]
[null,null,null,"MÃO-DE-OBRA"]
[null,null,null,"88309","PEDREIRO (COM ENCARGOS INCLUSOS)","H",2.3494777,{"$f":"SUMIF(Insumos!B:B,D286,Insumos!G:G)","v":13.51},{"$f":"TRUNC(G286*H286,2)","v":31.74}]
[null,null,null,"88316","SERVENTE (COM ENCARGOS INCLUSOS)","H",1.1784777,{"$f":"SUMIF(Insumos!B:B,D287,Insumos!G:G)","v":11.11},{"$f":"TRUNC(G287*H287,2)","v":13.09}]
[null,null,null,"PARCIAL:",{"$nulls":4},{"$f":"SUM(I285:I287)","v":44.83}]
[null,null,null,"MATERIAL/SERVIÇOS/ EQUIPAMENTOS"]
[null,null,null,"7267","BLOCO CERAMICO (ALVENARIA VEDACAO), 6 FUROS, DE 9 X 14 X 19 CM","UN","55,8500000",{"$f":"SUMIF(Insumos!B:B,D290,Insumos!G:G)","v":0.24},{"$f":"TRUNC(G290*H290,2)","v":13.4}]
[null,null,null,"34547","TELA DE ACO SOLDADA GALVANIZADA/ZINCADA PARA ALVENARIA, FIO  D = *1,20 A 1,70* MM, MALHA 15 X 15 MM, (C X L) *50 X 12* CM","M","0,8050000",{"$f":"SUMIF(Insumos!B:B,D291,Insumos!G:G)","v":1.54},{"$f":"TRUNC(G291*H291,2)+0.01","v":1.24}]
[null,null,null,"37395","PINO DE ACO COM FURO, HASTE = 27 MM (ACAO DIRETA)","CENTO","0,0193000",{"$f":"SUMIF(Insumos!B:B,D292,Insumos!G:G)","v":33.9},{"$f":"TRUNC(G292*H292,2)","v":0.65}]
[null,null,null,"87292","ARGAMASSA TRAÇO 1:2:8 (CIMENTO, CAL E AREIA MÉDIA) PARA EMBOÇO/MASSA ÚNICA/ASSENTAMENTO DE ALVENARIA DE VEDAÇÃO, PREPARO MECÂNICO COM BETONEIRA 400 L. AF_06/2014","M3","0,0135000",{"$f":"SUMIF(Insumos!B:B,D293,Insumos!G:G)","v":331.01},{"$f":"TRUNC(G293*H293,2)","v":4.46}]
[{"$nulls":7},"PARCIAL:",{"$f":"SUM(I290:I293)","v":19.75}]
[{"$nulls":7},"VALOR UNITÁRIO TOTAL - R$",{"$f":"I288+I294","v":64.58}]
[]
[]
[]
[null,"SERVIÇO","SINAPI",93202,{"$f":"IF($B299 = \"SERVIÇO\", IF(C299 = \"SINAPI\", VLOOKUP(D299, 'SERVIÇOS SINAPI'!$B:$E, 2, 0), IF(C299 = \"ORSE\", VLOOKUP(D299, '[6]#REF'!$A$1:$D$65536, 2, 0), IF(C299 = \"SEINFRA\", VLOOKUP(D299, '[6]#REF'!$A$1:$F$65536, 2, 0)))), IF(B299=\"INSUMO\", IF(C299 = \"SINAPI\", VLOOKUP(D299, Insumos!$B:$G, 2, 0), IF(C299 = \"ORSE\", VLOOKUP(D299, '[6]#REF'!$B$1:$E$65536, 2, 0), IF(C299 = \"SEINFRA\", VLOOKUP(D299, '[6]#REF'!$B$1:$F$65536, 2, 0),)))))","v":"FIXAÇÃO (ENCUNHAMENTO) DE ALVENARIA DE VEDAÇÃO COM TIJOLO MACIÇO. AF_03/2016"},null,null,null,{"$f":"IF(B299 = \"SERVIÇO\", IF(C299 = \"SINAPI\", VLOOKUP(D299, 'SERVIÇOS SINAPI'!$B:$E, 3, 0), IF(C299 = \"ORSE\", VLOOKUP(D299, '[6]#REF'!$A$1:$D$65536, 3, 0), IF(C299 = \"SEINFRA\", VLOOKUP(D299, '[6]#REF'!$A$1:$F$65536, 5, 0)))), IF(B299=\"INSUMO\", IF(C299 = \"SINAPI\", VLOOKUP(D299, Insumos!$B:$G, 3, 0), IF(C299 = \"ORSE\", VLOOKUP(D299, '[6]#REF'!$B$1:$E$65536, 3, 0), IF(C299 = \"SEINFRA\", VLOOKUP(D299, '[6]#REF'!$B$1:$F$65536, 3, 0),)))))","v":"M"},null,{"$f":"I313","v":12.36},15.84]
[]
[null,null,null,"COD.","DESCRIÇÃO","UN.","COEF.","PREÇO","TOTAL"]
[null,null,null,"MÃO-DE-OBRA"]
[null,null,null,"88309","PEDREIRO (COM ENCARGOS INCLUSOS)","H","0,5290000",{"$f":"SUMIF(Insumos!B:B,D303,Insumos!G:G)","v":13.51},{"$f":"TRUNC(G303*H303,2)","v":7.14}]
[null,null,null,"88316","SERVENTE (COM ENCARGOS INCLUSOS)","H","0,1060000",{"$f":"SUMIF(Insumos!B:B,D304,Insumos!G:G)","v":11.11},{"$f":"TRUNC(G304*H304,2)","v":1.17}]
[null,null,null,"PARCIAL:",{"$nulls":4},{"$f":"SUM(I302:I304)","v":8.31}]
[null,null,null,"MATERIAL/SERVIÇOS/ EQUIPAMENTOS"]
[null,null,null,"7258","TIJOLO CERAMICO MACICO *5 X 10 X 20* CM","UN","11,2000000",{"$f":"SUMIF(Insumos!B:B,D307,Insumos!G:G)","v":0.22},{"$f":"TRUNC(G307*H307,2)","v":2.46}]
[null,null,null,"87294","ARGAMASSA TRAÇO 1:2:9 (CIMENTO, CAL E AREIA MÉDIA) PARA EMBOÇO/MASSA ÚNICA/ASSENTAMENTO DE ALVENARIA DE VEDAÇÃO, PREPARO MECÂNICO COM BETONEIRA 600 L. AF_06/2014","M3","0,0052000",{"$f":"SUMIF(Insumos!B:B,D308,Insumos!G:G)","v":307.12},{"$f":"TRUNC(G308*H308,2)","v":1.59}]
[{"$nulls":7},{"$f":"SUMIF(Insumos!B:B,D309,Insumos!G:G)","v":0},{"$f":"TRUNC(G309*H309,2)","v":0}]
[{"$nulls":7},{"$f":"SUMIF(Insumos!B:B,D310,Insumos!G:G)","v":0},{"$f":"TRUNC(G310*H310,2)","v":0}]
[{"$nulls":7},{"$f":"SUMIF(Insumos!B:B,D311,Insumos!G:G)","v":0},{"$f":"TRUNC(G311*H311,2)","v":0}]
[{"$nulls":7},"PARCIAL:",{"$f":"SUM(I307:I311)","v":4.05}]
[{"$nulls":7},"VALOR UNITÁRIO TOTAL - R$",{"$f":"I305+I312","v":12.36}]
[]
[]
[]
[null,"SERVIÇO","SINAPI",87794,{"$f":"IF($B317 = \"SERVIÇO\", IF(C317 = \"SINAPI\", VLOOKUP(D317, 'SERVIÇOS SINAPI'!$B:$E, 2, 0), IF(C317 = \"ORSE\", VLOOKUP(D317, '[6]#REF'!$A$1:$D$65536, 2, 0), IF(C317 = \"SEINFRA\", VLOOKUP(D317, '[6]#REF'!$A$1:$F$65536, 2, 0)))), IF(B317=\"INSUMO\", IF(C317 = \"SINAPI\", VLOOKUP(D317, Insumos!$B:$G, 2, 0), IF(C317 = \"ORSE\", VLOOKUP(D317, '[6]#REF'!$B$1:$E$65536, 2, 0), IF(C317 = \"SEINFRA\", VLOOKUP(D317, '[6]#REF'!$B$1:$F$65536, 2, 0),)))))","v":"EMBOÇO OU MASSA ÚNICA EM ARGAMASSA TRAÇO 1:2:8, PREPARO MANUAL, APLICADA MANUALMENTE EM PANOS CEGOS DE FACHADA (SEM PRESENÇA DE VÃOS), ESPESSURA DE 25 MM. AF_06/2014"},null,null,null,{"$f":"IF(B317 = \"SERVIÇO\", IF(C317 = \"SINAPI\", VLOOKUP(D317, 'SERVIÇOS SINAPI'!$B:$E, 3, 0), IF(C317 = \"ORSE\", VLOOKUP(D317, '[6]#REF'!$A$1:$D$65536, 3, 0), IF(C317 = \"SEINFRA\", VLOOKUP(D317, '[6]#REF'!$A$1:$F$65536, 5, 0)))), IF(B317=\"INSUMO\", IF(C317 = \"SINAPI\", VLOOKUP(D317, Insumos!$B:$G, 3, 0), IF(C317 = \"ORSE\", VLOOKUP(D317, '[6]#REF'!$B$1:$E$65536, 3, 0), IF(C317 = \"SEINFRA\", VLOOKUP(D317, '[6]#REF'!$B$1:$F$65536, 3, 0),)))))","v":"M²"},null,{"$f":"I328","v":21.47},27.46]
[]
[null,null,null,"COD.","DESCRIÇÃO","UN.","COEF.","PREÇO","TOTAL"]
[null,null,null,"MÃO-DE-OBRA"]
[null,null,null,"88309","PEDREIRO (COM ENCARGOS INCLUSOS)","H","0,4000000",{"$f":"SUMIF(Insumos!B:B,D321,Insumos!G:G)","v":13.51},{"$f":"TRUNC(G321*H321,2)","v":5.4}]
[null,null,null,"88316","SERVENTE (COM ENCARGOS INCLUSOS)","H","0,4000000",{"$f":"SUMIF(Insumos!B:B,D322,Insumos!G:G)","v":11.11},{"$f":"TRUNC(G322*H322,2)","v":4.4400000000000004}]
[null,null,null,"PARCIAL:",{"$nulls":4},{"$f":"SUM(I320:I322)","v":9.84}]
[null,null,null,"MATERIAL/SERVIÇOS/ EQUIPAMENTOS"]
[null,null,null,"37411","TELA DE ACO SOLDADA GALVANIZADA/ZINCADA PARA ALVENARIA, FIO  D = *1,24 MM, MALHA 25 X 25 MM","M2","0,1581000",{"$f":"SUMIF(Insumos!B:B,D325,Insumos!G:G)","v":7.57},{"$f":"TRUNC(G325*H325,2)","v":1.19}]
[null,null,null,"87369","ARGAMASSA TRAÇO 1:2:8 (CIMENTO, CAL E AREIA MÉDIA) PARA EMBOÇO/MASSA ÚNICA/ASSENTAMENTO DE ALVENARIA DE VEDAÇÃO, PREPARO MANUAL. AF_06/2014","M3","0,0293000",{"$f":"SUMIF(Insumos!B:B,D326,Insumos!G:G)","v":356.39},{"$f":"TRUNC(G326*H326,2)","v":10.44}]
[{"$nulls":7},"PARCIAL:",{"$f":"SUM(I325:I326)","v":11.63}]
[{"$nulls":7},"VALOR UNITÁRIO TOTAL - R$",{"$f":"I323+I327","v":21.47}]
[]
[]
[]
[null,"SERVIÇO","SINAPI",95465,{"$f":"IF($B332 = \"SERVIÇO\", IF(C332 = \"SINAPI\", VLOOKUP(D332, 'SERVIÇOS SINAPI'!$B:$E, 2, 0), IF(C332 = \"ORSE\", VLOOKUP(D332, '[6]#REF'!$A$1:$D$65536, 2, 0), IF(C332 = \"SEINFRA\", VLOOKUP(D332, '[6]#REF'!$A$1:$F$65536, 2, 0)))), IF(B332=\"INSUMO\", IF(C332 = \"SINAPI\", VLOOKUP(D332, Insumos!$B:$G, 2, 0), IF(C332 = \"ORSE\", VLOOKUP(D332, '[6]#REF'!$B$1:$E$65536, 2, 0), IF(C332 = \"SEINFRA\", VLOOKUP(D332, '[6]#REF'!$B$1:$F$65536, 2, 0),)))))","v":"COBOGO CERAMICO (ELEMENTO VAZADO), 9X20X20CM, ASSENTADO COM ARGAMASSA TRACO 1:4 DE CIMENTO E AREIA"},null,null,null,{"$f":"IF(B332 = \"SERVIÇO\", IF(C332 = \"SINAPI\", VLOOKUP(D332, 'SERVIÇOS SINAPI'!$B:$E, 3, 0), IF(C332 = \"ORSE\", VLOOKUP(D332, '[6]#REF'!$A$1:$D$65536, 3, 0), IF(C332 = \"SEINFRA\", VLOOKUP(D332, '[6]#REF'!$A$1:$F$65536, 5, 0)))), IF(B332=\"INSUMO\", IF(C332 = \"SINAPI\", VLOOKUP(D332, Insumos!$B:$G, 3, 0), IF(C332 = \"ORSE\", VLOOKUP(D332, '[6]#REF'!$B$1:$E$65536, 3, 0), IF(C332 = \"SEINFRA\", VLOOKUP(D332, '[6]#REF'!$B$1:$F$65536, 3, 0),)))))","v":"M²"},null,{"$f":"I344","v":86.98},111.2]
[]
[null,null,null,"COD.","DESCRIÇÃO","UN.","COEF.","PREÇO","TOTAL"]
[null,null,null,"MÃO-DE-OBRA"]
[null,null,null,"88309","PEDREIRO (COM ENCARGOS INCLUSOS)","H","1,0000000",{"$f":"SUMIF(Insumos!B:B,D336,Insumos!G:G)","v":13.51},{"$f":"TRUNC(G336*H336,2)","v":13.51}]
[null,null,null,"88316","SERVENTE (COM ENCARGOS INCLUSOS)","H","1,1200000",{"$f":"SUMIF(Insumos!B:B,D337,Insumos!G:G)","v":11.11},{"$f":"TRUNC(G337*H337,2)","v":12.44}]
[null,null,null,"PARCIAL:",{"$nulls":4},{"$f":"SUM(I335:I337)","v":25.95}]
[null,null,null,"MATERIAL/SERVIÇOS/ EQUIPAMENTOS"]
[null,null,null,"370","AREIA MEDIA - POSTO JAZIDA/FORNECEDOR (RETIRADO NA JAZIDA, SEM TRANSPORTE)","M3","0,0190000",{"$f":"SUMIF(Insumos!B:B,D340,Insumos!G:G)","v":39.15},{"$f":"TRUNC(G340*H340,2)+0.01","v":0.75}]
[null,null,null,"1379","CIMENTO PORTLAND COMPOSTO CP II-32","KG","2,2800000",{"$f":"SUMIF(Insumos!B:B,D341,Insumos!G:G)","v":0.34},{"$f":"TRUNC(G341*H341,2)+0.01","v":0.78}]
[null,null,null,"7272","ELEMENTO VAZADO CERAMICO 9 X 20 X 20 CM","UN","25,0000000",{"$f":"SUMIF(Insumos!B:B,D342,Insumos!G:G)","v":2.38},{"$f":"TRUNC(G342*H342,2)","v":59.5}]
[{"$nulls":7},"PARCIAL:",{"$f":"SUM(I340:I342)","v":61.03}]
[{"$nulls":7},"VALOR UNITÁRIO TOTAL - R$",{"$f":"I338+I343","v":86.98}]
[]
[]
[]
[null,"SERVIÇO","SINAPI","74202/1",{"$f":"IF($B348 = \"SERVIÇO\", IF(C348 = \"SINAPI\", VLOOKUP(D348, 'SERVIÇOS SINAPI'!$B:$E, 2, 0), IF(C348 = \"ORSE\", VLOOKUP(D348, '[6]#REF'!$A$1:$D$65536, 2, 0), IF(C348 = \"SEINFRA\", VLOOKUP(D348, '[6]#REF'!$A$1:$F$65536, 2, 0)))), IF(B348=\"INSUMO\", IF(C348 = \"SINAPI\", VLOOKUP(D348, Insumos!$B:$G, 2, 0), IF(C348 = \"ORSE\", VLOOKUP(D348, '[6]#REF'!$B$1:$E$65536, 2, 0), IF(C348 = \"SEINFRA\", VLOOKUP(D348, '[6]#REF'!$B$1:$F$65536, 2, 0),)))))","v":"LAJE PRE-MOLDADA P/FORRO, SOBRECARGA 100KG/M2, VAOS ATE 3,50M/E=8CM, C/LAJOTAS E CAP.C/CONC FCK=20MPA, 3CM, INTER-EIXO 38CM, C/ESCORAMENTO (REAPR.3X) E FERRAGEM NEGATIVA"},null,null,null,{"$f":"IF(B348 = \"SERVIÇO\", IF(C348 = \"SINAPI\", VLOOKUP(D348, 'SERVIÇOS SINAPI'!$B:$E, 3, 0), IF(C348 = \"ORSE\", VLOOKUP(D348, '[6]#REF'!$A$1:$D$65536, 3, 0), IF(C348 = \"SEINFRA\", VLOOKUP(D348, '[6]#REF'!$A$1:$F$65536, 5, 0)))), IF(B348=\"INSUMO\", IF(C348 = \"SINAPI\", VLOOKUP(D348, Insumos!$B:$G, 3, 0), IF(C348 = \"ORSE\", VLOOKUP(D348, '[6]#REF'!$B$1:$E$65536, 3, 0), IF(C348 = \"SEINFRA\", VLOOKUP(D348, '[6]#REF'!$B$1:$F$65536, 3, 0),)))))","v":"M²"},null,{"$f":"I366","v":48.5},61.98]
[]
[null,null,null,"COD.","DESCRIÇÃO","UN.","COEF.","PREÇO","TOTAL"]
[null,null,null,"MÃO-DE-OBRA"]
[null,null,null,"88239","AJUDANTE DE CARPINTEIRO (COM ENCARGOS INCLUSOS)","H",0.16790749999999999,{"$f":"SUMIF(Insumos!B:B,D352,Insumos!G:G)","v":11.11},{"$f":"TRUNC(G352*H352,2)","v":1.86}]
[null,null,null,"88262","CARPINTEIRO DE FORMAS (COM ENCARGOS INCLUSOS)","H",0.16790749999999999,{"$f":"SUMIF(Insumos!B:B,D353,Insumos!G:G)","v":13.51},{"$f":"TRUNC(G353*H353,2)","v":2.2599999999999998}]
[null,null,null,"88309","PEDREIRO (COM ENCARGOS INCLUSOS)","H",0.35790749999999999,{"$f":"SUMIF(Insumos!B:B,D354,Insumos!G:G)","v":13.51},{"$f":"TRUNC(G354*H354,2)","v":4.83}]
[null,null,null,"88316","SERVENTE (COM ENCARGOS INCLUSOS)","H",0.3679075,{"$f":"SUMIF(Insumos!B:B,D355,Insumos!G:G)","v":11.11},{"$f":"TRUNC(G355*H355,2)","v":4.08}]
[null,null,null,"PARCIAL:",{"$nulls":4},{"$f":"SUM(I351:I355)","v":13.03}]
[null,null,null,"MATERIAL/SERVIÇOS/ EQUIPAMENTOS"]
[null,null,null,"39","ACO CA-60, 5,0 MM, VERGALHAO","KG","0,4710000",{"$f":"SUMIF(Insumos!B:B,D358,Insumos!G:G)","v":3.19},{"$f":"TRUNC(G358*H358,2)","v":1.5}]
[null,null,null,"3743","LAJE PRE-MOLDADA CONVENCIONAL (LAJOTAS + VIGOTAS) PARA PISO, UNIDIRECIONAL, SOBRECARGA DE 200 KG/M2, VAO ATE 3,50 M (SEM COLOCACAO)","M2","1,0000000",{"$f":"SUMIF(Insumos!B:B,D359,Insumos!G:G)","v":22.34},22.34]
[null,null,null,"4491","PECA DE MADEIRA NATIVA / REGIONAL 7,5 X 7,5CM (3X3) NAO APARELHADA (P/FORMA)","M","0,2900000",{"$f":"SUMIF(Insumos!B:B,D360,Insumos!G:G)","v":5.01},1.45]
[null,null,null,"5061","PREGO DE ACO POLIDO COM CABECA 18 X 27 (2 1/2 X 10)","KG","0,0300000",{"$f":"SUMIF(Insumos!B:B,D361,Insumos!G:G)","v":7.91},0.23]
[null,null,null,"6189","TABUA MADEIRA 2A QUALIDADE 2,5 X 30,0CM (1 X 12\") NAO APARELHADA","M","0,1700000",{"$f":"SUMIF(Insumos!B:B,D362,Insumos!G:G)","v":12.54},2.13]
[null,null,null,"92874","LANÇAMENTO COM USO DE BOMBA, ADENSAMENTO E ACABAMENTO DE CONCRETO EM ESTRUTURAS. AF_12/2015","M3","0,0330000",{"$f":"SUMIF(Insumos!B:B,D363,Insumos!G:G)","v":18.71},0.61]
[null,null,null,"94970","CONCRETO FCK = 20MPA, TRAÇO 1:2,7:3 (CIMENTO/ AREIA MÉDIA/ BRITA 1)  - PREPARO MECÂNICO COM BETONEIRA 600 L. AF_07/2016","M3","0,0330000",{"$f":"SUMIF(Insumos!B:B,D364,Insumos!G:G)","v":218.51},7.21]
[{"$nulls":7},"PARCIAL:",{"$f":"SUM(I358:I364)","v":35.47}]
[{"$nulls":7},"VALOR UNITÁRIO TOTAL - R$",{"$f":"I356+I365","v":48.5}]
[]
[]
[]
[null,"SERVIÇO","SINAPI",55960,{"$f":"IF($B370 = \"SERVIÇO\", IF(C370 = \"SINAPI\", VLOOKUP(D370, 'SERVIÇOS SINAPI'!$B:$E, 2, 0), IF(C370 = \"ORSE\", VLOOKUP(D370, '[6]#REF'!$A$1:$D$65536, 2, 0), IF(C370 = \"SEINFRA\", VLOOKUP(D370, '[6]#REF'!$A$1:$F$65536, 2, 0)))), IF(B370=\"INSUMO\", IF(C370 = \"SINAPI\", VLOOKUP(D370, Insumos!$B:$G, 2, 0), IF(C370 = \"ORSE\", VLOOKUP(D370, '[6]#REF'!$B$1:$E$65536, 2, 0), IF(C370 = \"SEINFRA\", VLOOKUP(D370, '[6]#REF'!$B$1:$F$65536, 2, 0),)))))","v":"IMUNIZACAO DE MADEIRAMENTO PARA COBERTURA UTILIZANDO CUPINICIDA INCOLOR"},null,null,null,{"$f":"IF(B370 = \"SERVIÇO\", IF(C370 = \"SINAPI\", VLOOKUP(D370, 'SERVIÇOS SINAPI'!$B:$E, 3, 0), IF(C370 = \"ORSE\", VLOOKUP(D370, '[6]#REF'!$A$1:$D$65536, 3, 0), IF(C370 = \"SEINFRA\", VLOOKUP(D370, '[6]#REF'!$A$1:$F$65536, 5, 0)))), IF(B370=\"INSUMO\", IF(C370 = \"SINAPI\", VLOOKUP(D370, Insumos!$B:$G, 3, 0), IF(C370 = \"ORSE\", VLOOKUP(D370, '[6]#REF'!$B$1:$E$65536, 3, 0), IF(C370 = \"SEINFRA\", VLOOKUP(D370, '[6]#REF'!$B$1:$F$65536, 3, 0),)))))","v":"M²"},null,{"$f":"I381","v":3.95},5.05]
[]
[null,null,null,"COD.","DESCRIÇÃO","UN.","COEF.","PREÇO","TOTAL"]
[null,null,null,"MÃO-DE-OBRA"]
[null,null,null,"88316","SERVENTE (COM ENCARGOS INCLUSOS)","H","0,2000000",{"$f":"SUMIF(Insumos!B:B,D374,Insumos!G:G)","v":11.11},{"$f":"TRUNC(G374*H374,2)","v":2.2200000000000002}]
[{"$nulls":7},{"$f":"SUMIF(Insumos!B:B,D375,Insumos!G:G)","v":0},{"$f":"TRUNC(G375*H375,2)","v":0}]
[null,null,null,"PARCIAL:",{"$nulls":4},{"$f":"SUM(I373:I375)","v":2.2200000000000002}]
[null,null,null,"MATERIAL/SERVIÇOS/ EQUIPAMENTOS"]
[null,null,null,"7340","IMUNIZANTE PARA MADEIRA, INCOLOR","L","0,1000000",{"$f":"SUMIF(Insumos!B:B,D378,Insumos!G:G)","v":17.420000000000002},{"$f":"TRUNC(G378*H378,2)-0.01","v":1.73}]
[{"$nulls":7},{"$f":"SUMIF(Insumos!B:B,D379,Insumos!G:G)","v":0},{"$f":"TRUNC(G379*H379,2)","v":0}]
[{"$nulls":7},"PARCIAL:",{"$f":"SUM(I378:I379)","v":1.73}]
[{"$nulls":7},"VALOR UNITÁRIO TOTAL - R$",{"$f":"I376+I380","v":3.95}]
[]
[]
[]
[null,"SERVIÇO","SINAPI",94201,{"$f":"IF($B385 = \"SERVIÇO\", IF(C385 = \"SINAPI\", VLOOKUP(D385, 'SERVIÇOS SINAPI'!$B:$E, 2, 0), IF(C385 = \"ORSE\", VLOOKUP(D385, '[6]#REF'!$A$1:$D$65536, 2, 0), IF(C385 = \"SEINFRA\", VLOOKUP(D385, '[6]#REF'!$A$1:$F$65536, 2, 0)))), IF(B385=\"INSUMO\", IF(C385 = \"SINAPI\", VLOOKUP(D385, Insumos!$B:$G, 2, 0), IF(C385 = \"ORSE\", VLOOKUP(D385, '[6]#REF'!$B$1:$E$65536, 2, 0), IF(C385 = \"SEINFRA\", VLOOKUP(D385, '[6]#REF'!$B$1:$F$65536, 2, 0),)))))","v":"TELHAMENTO COM TELHA CERÂMICA CAPA-CANAL, TIPO COLONIAL, COM ATÉ 2 ÁGUAS, INCLUSO TRANSPORTE VERTICAL. AF_06/2016"},null,null,null,{"$f":"IF(B385 = \"SERVIÇO\", IF(C385 = \"SINAPI\", VLOOKUP(D385, 'SERVIÇOS SINAPI'!$B:$E, 3, 0), IF(C385 = \"ORSE\", VLOOKUP(D385, '[6]#REF'!$A$1:$D$65536, 3, 0), IF(C385 = \"SEINFRA\", VLOOKUP(D385, '[6]#REF'!$A$1:$F$65536, 5, 0)))), IF(B385=\"INSUMO\", IF(C385 = \"SINAPI\", VLOOKUP(D385, Insumos!$B:$G, 3, 0), IF(C385 = \"ORSE\", VLOOKUP(D385, '[6]#REF'!$B$1:$E$65536, 3, 0), IF(C385 = \"SEINFRA\", VLOOKUP(D385, '[6]#REF'!$B$1:$F$65536, 3, 0),)))))","v":"M²"},null,{"$f":"I397","v":33.36},42.62]
[]
[null,null,null,"COD.","DESCRIÇÃO","UN.","COEF.","PREÇO","TOTAL"]
[null,null,null,"MÃO-DE-OBRA"]
[null,null,null,"88316","SERVENTE (COM ENCARGOS INCLUSOS)","H",0.39749279999999998,{"$f":"SUMIF(Insumos!B:B,D389,Insumos!G:G)","v":11.11},{"$f":"TRUNC(G389*H389,2)","v":4.41}]
[null,null,null,"88323","TELHADISTA (COM ENCARGOS INCLUSOS)","H",0.13149279999999999,{"$f":"SUMIF(Insumos!B:B,D390,Insumos!G:G)","v":15.43},{"$f":"TRUNC(G390*H390,2)","v":2.02}]
[null,null,null,"PARCIAL:",{"$nulls":4},{"$f":"SUM(I388:I390)","v":6.43}]
[null,null,null,"MATERIAL/SERVIÇOS/ EQUIPAMENTOS"]
[null,null,null,"7176","TELHA CERAMICA TIPO COLONIAL, COMPRIMENTO DE *44* CM, RENDIMENTO DE *26* TELHAS/M2","UN","27,5350000",{"$f":"SUMIF(Insumos!B:B,D393,Insumos!G:G)","v":0.91},{"$f":"TRUNC(G393*H393,2)","v":25.05}]
[null,null,null,"93281","GUINCHO ELÉTRICO DE COLUNA, CAPACIDADE 400 KG, COM MOTO FREIO, MOTOR TRIFÁSICO DE 1,25 CV - CHP DIURNO. AF_03/2016","CHP","0,0372000",{"$f":"SUMIF(Insumos!B:B,D394,Insumos!G:G)","v":21.52},{"$f":"TRUNC(G394*H394,2)","v":0.8}]
[null,null,null,"93282","GUINCHO ELÉTRICO DE COLUNA, CAPACIDADE 400 KG, COM MOTO FREIO, MOTOR TRIFÁSICO DE 1,25 CV - CHI DIURNO. AF_03/2016","CHI","0,0516000",{"$f":"SUMIF(Insumos!B:B,D395,Insumos!G:G)","v":21.04},{"$f":"TRUNC(G395*H395,2)","v":1.08}]
[{"$nulls":7},"PARCIAL:",{"$f":"SUM(I393:I395)","v":26.93}]
[{"$nulls":7},"VALOR UNITÁRIO TOTAL - R$",{"$f":"I391+I396","v":33.36}]
[]
[]
[]
[null,"SERVIÇO","SINAPI",85120,{"$f":"IF($B401 = \"SERVIÇO\", IF(C401 = \"SINAPI\", VLOOKUP(D401, 'SERVIÇOS SINAPI'!$B:$E, 2, 0), IF(C401 = \"ORSE\", VLOOKUP(D401, '[6]#REF'!$A$1:$D$65536, 2, 0), IF(C401 = \"SEINFRA\", VLOOKUP(D401, '[6]#REF'!$A$1:$F$65536, 2, 0)))), IF(B401=\"INSUMO\", IF(C401 = \"SINAPI\", VLOOKUP(D401, Insumos!$B:$G, 2, 0), IF(C401 = \"ORSE\", VLOOKUP(D401, '[6]#REF'!$B$1:$E$65536, 2, 0), IF(C401 = \"SEINFRA\", VLOOKUP(D401, '[6]#REF'!$B$1:$F$65536, 2, 0),)))))","v":"MANOMETRO 0 A 200 PSI (0 A 14 KGF/CM2), D = 50MM - FORNECIMENTO E COLOCACAO"},null,null,null,{"$f":"IF(B401 = \"SERVIÇO\", IF(C401 = \"SINAPI\", VLOOKUP(D401, 'SERVIÇOS SINAPI'!$B:$E, 3, 0), IF(C401 = \"ORSE\", VLOOKUP(D401, '[6]#REF'!$A$1:$D$65536, 3, 0), IF(C401 = \"SEINFRA\", VLOOKUP(D401, '[6]#REF'!$A$1:$F$65536, 5, 0)))), IF(B401=\"INSUMO\", IF(C401 = \"SINAPI\", VLOOKUP(D401, Insumos!$B:$G, 3, 0), IF(C401 = \"ORSE\", VLOOKUP(D401, '[6]#REF'!$B$1:$E$65536, 3, 0), IF(C401 = \"SEINFRA\", VLOOKUP(D401, '[6]#REF'!$B$1:$F$65536, 3, 0),)))))","v":"UN"},null,{"$f":"I415","v":87.19},111.37]
[]
[null,null,null,"COD.","DESCRIÇÃO","UN.","COEF.","PREÇO","TOTAL"]
[null,null,null,"MÃO-DE-OBRA"]
[null,null,null,"88248","AUXILIAR DE ENCANADOR OU BOMBEIRO HIDRÁULICO (COM ENCARGOS INCLUSOS)","H",0.63943950000000005,{"$f":"SUMIF(Insumos!B:B,D405,Insumos!G:G)","v":11.11},{"$f":"TRUNC(G405*H405,2)","v":7.1}]
[null,null,null,"88267","ENCANADOR OU BOMBEIRO HIDRÁULICO (COM ENCARGOS INCLUSOS)","H",0.63943950000000005,{"$f":"SUMIF(Insumos!B:B,D406,Insumos!G:G)","v":13.51},{"$f":"TRUNC(G406*H406,2)","v":8.6300000000000008}]
[null,null,null,"PARCIAL:",{"$nulls":4},{"$f":"SUM(I404:I406)","v":15.73}]
[null,null,null,"MATERIAL/SERVIÇOS/ EQUIPAMENTOS"]
[null,null,null,"3146","FITA VEDA ROSCA EM ROLOS DE 18 MM X 10 M (L X C)","UN","0,0200000",{"$f":"SUMIF(Insumos!B:B,D409,Insumos!G:G)","v":1.86},{"$f":"TRUNC(G409*H409,2)","v":0.03}]
[null,null,null,"12899","MANOMETRO COM CAIXA EM ACO PINTADO, ESCALA *10* KGF/CM2 (*10* BAR), DIAMETRO NOMINAL DE *63* MM, CONEXAO DE 1/4\"","UN","1,0000000",{"$f":"SUMIF(Insumos!B:B,D410,Insumos!G:G)","v":71.430000000000007},{"$f":"TRUNC(G410*H410,2)","v":71.430000000000007}]
[{"$nulls":7},{"$f":"SUMIF(Insumos!B:B,D411,Insumos!G:G)","v":0},{"$f":"TRUNC(G411*H411,2)","v":0}]
[{"$nulls":7},{"$f":"SUMIF(Insumos!B:B,D412,Insumos!G:G)","v":0},{"$f":"TRUNC(G412*H412,2)","v":0}]
[{"$nulls":7},{"$f":"SUMIF(Insumos!B:B,D413,Insumos!G:G)","v":0},{"$f":"TRUNC(G413*H413,2)","v":0}]
[{"$nulls":7},"PARCIAL:",{"$f":"SUM(I409:I413)","v":71.459999999999994}]
[{"$nulls":7},"VALOR UNITÁRIO TOTAL - R$",{"$f":"I407+I414","v":87.19}]
[]
[]
[]
[null,"SERVIÇO","SINAPI",83724,{"$f":"IF($B419 = \"SERVIÇO\", IF(C419 = \"SINAPI\", VLOOKUP(D419, 'SERVIÇOS SINAPI'!$B:$E, 2, 0), IF(C419 = \"ORSE\", VLOOKUP(D419, '[6]#REF'!$A$1:$D$65536, 2, 0), IF(C419 = \"SEINFRA\", VLOOKUP(D419, '[6]#REF'!$A$1:$F$65536, 2, 0)))), IF(B419=\"INSUMO\", IF(C419 = \"SINAPI\", VLOOKUP(D419, Insumos!$B:$G, 2, 0), IF(C419 = \"ORSE\", VLOOKUP(D419, '[6]#REF'!$B$1:$E$65536, 2, 0), IF(C419 = \"SEINFRA\", VLOOKUP(D419, '[6]#REF'!$B$1:$F$65536, 2, 0),)))))","v":"ASSENTAMENTO DE PECAS, CONEXOES, APARELHOS E ACESSORIOS DE FERRO FUNDIDO DUCTIL, JUNTA ELASTICA, MECANICA OU FLANGEADA, COM DIAMETROS DE 50 A 300 MM."},null,null,null,{"$f":"IF(B419 = \"SERVIÇO\", IF(C419 = \"SINAPI\", VLOOKUP(D419, 'SERVIÇOS SINAPI'!$B:$E, 3, 0), IF(C419 = \"ORSE\", VLOOKUP(D419, '[6]#REF'!$A$1:$D$65536, 3, 0), IF(C419 = \"SEINFRA\", VLOOKUP(D419, '[6]#REF'!$A$1:$F$65536, 5, 0)))), IF(B419=\"INSUMO\", IF(C419 = \"SINAPI\", VLOOKUP(D419, Insumos!$B:$G, 3, 0), IF(C419 = \"ORSE\", VLOOKUP(D419, '[6]#REF'!$B$1:$E$65536, 3, 0), IF(C419 = \"SEINFRA\", VLOOKUP(D419, '[6]#REF'!$B$1:$F$65536, 3, 0),)))))","v":"KG"},null,{"$f":"I433","v":1.71},2.19]
[]
[null,null,null,"COD.","DESCRIÇÃO","UN.","COEF.","PREÇO","TOTAL"]
[null,null,null,"MÃO-DE-OBRA"]
[null,null,null,"88277","MONTADOR (TUBO AÇO/EQUIPAMENTOS) (COM ENCARGOS INCLUSOS)","H","0,0300000",{"$f":"SUMIF(Insumos!B:B,D423,Insumos!G:G)","v":34.979999999999997},{"$f":"TRUNC(G423*H423,2)","v":1.04}]
[null,null,null,"88316","SERVENTE (COM ENCARGOS INCLUSOS)","H","0,0600000",{"$f":"SUMIF(Insumos!B:B,D424,Insumos!G:G)","v":11.11},{"$f":"TRUNC(G424*H424,2)+0.01","v":0.67}]
[null,null,null,"PARCIAL:",{"$nulls":4},{"$f":"SUM(I422:I424)","v":1.71}]
[null,null,null,"MATERIAL/SERVIÇOS/ EQUIPAMENTOS"]
[{"$nulls":7},{"$f":"SUMIF(Insumos!B:B,D427,Insumos!G:G)","v":0},{"$f":"TRUNC(G427*H427,2)","v":0}]
[{"$nulls":7},{"$f":"SUMIF(Insumos!B:B,D428,Insumos!G:G)","v":0},{"$f":"TRUNC(G428*H428,2)","v":0}]
[{"$nulls":7},{"$f":"SUMIF(Insumos!B:B,D429,Insumos!G:G)","v":0},{"$f":"TRUNC(G429*H429,2)","v":0}]
[{"$nulls":7},{"$f":"SUMIF(Insumos!B:B,D430,Insumos!G:G)","v":0},{"$f":"TRUNC(G430*H430,2)","v":0}]
[{"$nulls":7},{"$f":"SUMIF(Insumos!B:B,D431,Insumos!G:G)","v":0},{"$f":"TRUNC(G431*H431,2)","v":0}]
[{"$nulls":7},"PARCIAL:",{"$f":"SUM(I427:I431)","v":0}]
[{"$nulls":7},"VALOR UNITÁRIO TOTAL - R$",{"$f":"I425+I432","v":1.71}]
[]
[]
[]
[null,"SERVIÇO","SINAPI","73794/1",{"$f":"IF($B437 = \"SERVIÇO\", IF(C437 = \"SINAPI\", VLOOKUP(D437, 'SERVIÇOS SINAPI'!$B:$E, 2, 0), IF(C437 = \"ORSE\", VLOOKUP(D437, '[6]#REF'!$A$1:$D$65536, 2, 0), IF(C437 = \"SEINFRA\", VLOOKUP(D437, '[6]#REF'!$A$1:$F$65536, 2, 0)))), IF(B437=\"INSUMO\", IF(C437 = \"SINAPI\", VLOOKUP(D437, Insumos!$B:$G, 2, 0), IF(C437 = \"ORSE\", VLOOKUP(D437, '[6]#REF'!$B$1:$E$65536, 2, 0), IF(C437 = \"SEINFRA\", VLOOKUP(D437, '[6]#REF'!$B$1:$F$65536, 2, 0),)))))","v":"PINTURA COM TINTA PROTETORA ACABAMENTO GRAFITE ESMALTE SOBRE SUPERFICIE METALICA, 2 DEMAOS"},null,null,null,{"$f":"IF(B437 = \"SERVIÇO\", IF(C437 = \"SINAPI\", VLOOKUP(D437, 'SERVIÇOS SINAPI'!$B:$E, 3, 0), IF(C437 = \"ORSE\", VLOOKUP(D437, '[6]#REF'!$A$1:$D$65536, 3, 0), IF(C437 = \"SEINFRA\", VLOOKUP(D437, '[6]#REF'!$A$1:$F$65536, 5, 0)))), IF(B437=\"INSUMO\", IF(C437 = \"SINAPI\", VLOOKUP(D437, Insumos!$B:$G, 3, 0), IF(C437 = \"ORSE\", VLOOKUP(D437, '[6]#REF'!$B$1:$E$65536, 3, 0), IF(C437 = \"SEINFRA\", VLOOKUP(D437, '[6]#REF'!$B$1:$F$65536, 3, 0),)))))","v":"M²"},null,{"$f":"I451","v":23.19},29.66]
[]
[null,null,null,"COD.","DESCRIÇÃO","UN.","COEF.","PREÇO","TOTAL"]
[null,null,null,"MÃO-DE-OBRA"]
[null,null,null,"88310","PINTOR (COM ENCARGOS INCLUSOS)","H","0,8000000",{"$f":"SUMIF(Insumos!B:B,D441,Insumos!G:G)","v":13.51},{"$f":"TRUNC(G441*H441,2)","v":10.8}]
[null,null,null,"88316","SERVENTE (COM ENCARGOS INCLUSOS)","H","0,8000000",{"$f":"SUMIF(Insumos!B:B,D442,Insumos!G:G)","v":11.11},{"$f":"TRUNC(G442*H442,2)","v":8.8800000000000008}]
[null,null,null,"PARCIAL:",{"$nulls":4},{"$f":"SUM(I440:I442)","v":19.68}]
[null,null,null,"MATERIAL/SERVIÇOS/ EQUIPAMENTOS"]
[null,null,null,"3768","LIXA EM FOLHA PARA FERRO, NUMERO 150","UN","0,3000000",{"$f":"SUMIF(Insumos!B:B,D445,Insumos!G:G)","v":1.43},{"$f":"TRUNC(G445*H445,2)","v":0.42}]
[null,null,null,"5318","SOLVENTE DILUENTE A BASE DE AGUARRAS","L","0,0500000",{"$f":"SUMIF(Insumos!B:B,D446,Insumos!G:G)","v":10.72},{"$f":"TRUNC(G446*H446,2)","v":0.53}]
[null,null,null,"7293","TINTA ESMALTE SINTETICO GRAFITE COM PROTECAO PARA METAIS FERROSOS","L","0,1200000",{"$f":"SUMIF(Insumos!B:B,D447,Insumos!G:G)","v":21.3},{"$f":"TRUNC(G447*H447,2)+0.01","v":2.56}]
[{"$nulls":7},{"$f":"SUMIF(Insumos!B:B,D448,Insumos!G:G)","v":0},{"$f":"TRUNC(G448*H448,2)","v":0}]
[{"$nulls":7},{"$f":"SUMIF(Insumos!B:B,D449,Insumos!G:G)","v":0},{"$f":"TRUNC(G449*H449,2)","v":0}]
[{"$nulls":7},"PARCIAL:",{"$f":"SUM(I445:I449)","v":3.51}]
[{"$nulls":7},"VALOR UNITÁRIO TOTAL - R$",{"$f":"I443+I450","v":23.19}]
[]
[]
[]
[null,"SERVIÇO","SINAPI",84132,{"$f":"IF($B455 = \"SERVIÇO\", IF(C455 = \"SINAPI\", VLOOKUP(D455, 'SERVIÇOS SINAPI'!$B:$E, 2, 0), IF(C455 = \"ORSE\", VLOOKUP(D455, '[6]#REF'!$A$1:$D$65536, 2, 0), IF(C455 = \"SEINFRA\", VLOOKUP(D455, '[6]#REF'!$A$1:$F$65536, 2, 0)))), IF(B455=\"INSUMO\", IF(C455 = \"SINAPI\", VLOOKUP(D455, Insumos!$B:$G, 2, 0), IF(C455 = \"ORSE\", VLOOKUP(D455, '[6]#REF'!$B$1:$E$65536, 2, 0), IF(C455 = \"SEINFRA\", VLOOKUP(D455, '[6]#REF'!$B$1:$F$65536, 2, 0),)))))","v":"SOLDA DE TOPO DESCENDENTE, EM CHAPA ACO CHANFR 5/16\" ESP (P/ ASSENT TUBULACAO OU PECA DE ACO) UTILIZANDO CONVERSOR DIESEL."},null,null,null,{"$f":"IF(B455 = \"SERVIÇO\", IF(C455 = \"SINAPI\", VLOOKUP(D455, 'SERVIÇOS SINAPI'!$B:$E, 3, 0), IF(C455 = \"ORSE\", VLOOKUP(D455, '[6]#REF'!$A$1:$D$65536, 3, 0), IF(C455 = \"SEINFRA\", VLOOKUP(D455, '[6]#REF'!$A$1:$F$65536, 5, 0)))), IF(B455=\"INSUMO\", IF(C455 = \"SINAPI\", VLOOKUP(D455, Insumos!$B:$G, 3, 0), IF(C455 = \"ORSE\", VLOOKUP(D455, '[6]#REF'!$B$1:$E$65536, 3, 0), IF(C455 = \"SEINFRA\", VLOOKUP(D455, '[6]#REF'!$B$1:$F$65536, 3, 0),)))))","v":"M"},null,{"$f":"I469","v":167.78},214.29]
[]
[null,null,null,"COD.","DESCRIÇÃO","UN.","COEF.","PREÇO","TOTAL"]
[null,null,null,"MÃO-DE-OBRA"]
[null,null,null,"88316","SERVENTE (COM ENCARGOS INCLUSOS)","H","1,0000000",{"$f":"SUMIF(Insumos!B:B,D459,Insumos!G:G)","v":11.11},{"$f":"TRUNC(G459*H459,2)","v":11.11}]
[null,null,null,"88317","SOLDADOR (COM ENCARGOS INCLUSOS)","H","3,0000000",{"$f":"SUMIF(Insumos!B:B,D460,Insumos!G:G)","v":13.51},{"$f":"TRUNC(G460*H460,2)","v":40.53}]
[null,null,null,"PARCIAL:",{"$nulls":4},{"$f":"SUM(I458:I460)","v":51.64}]
[null,null,null,"MATERIAL/SERVIÇOS/ EQUIPAMENTOS"]
[null,null,null,"10999","ELETRODO REVESTIDO AWS - E6013, DIAMETRO IGUAL A 4,00 MM","KG","3,0000000",{"$f":"SUMIF(Insumos!B:B,D463,Insumos!G:G)","v":19.239999999999998},{"$f":"TRUNC(G463*H463,2)","v":57.72}]
[null,null,null,"83765","GRUPO DE SOLDAGEM COM GERADOR A DIESEL 60 CV PARA SOLDA ELÉTRICA, SOBRE 04 RODAS, COM MOTOR 4 CILINDROS 600 A - CHP DIURNO. AF_02/2016","CHP","0,6700000",{"$f":"SUMIF(Insumos!B:B,D464,Insumos!G:G)","v":48.26},{"$f":"TRUNC(G464*H464,2)","v":32.33}]
[null,null,null,"83766","GRUPO DE SOLDAGEM COM GERADOR A DIESEL 60 CV PARA SOLDA ELÉTRICA, SOBRE 04 RODAS, COM MOTOR 4 CILINDROS 600 A - CHI DIURNO. AF_02/2016","CHI","1,3300000",{"$f":"SUMIF(Insumos!B:B,D465,Insumos!G:G)","v":19.62},{"$f":"TRUNC(G465*H465,2)","v":26.09}]
[{"$nulls":7},{"$f":"SUMIF(Insumos!B:B,D466,Insumos!G:G)","v":0},{"$f":"TRUNC(G466*H466,2)","v":0}]
[{"$nulls":7},{"$f":"SUMIF(Insumos!B:B,D467,Insumos!G:G)","v":0},{"$f":"TRUNC(G467*H467,2)","v":0}]
[{"$nulls":7},"PARCIAL:",{"$f":"SUM(I463:I467)","v":116.14}]
[{"$nulls":7},"VALOR UNITÁRIO TOTAL - R$",{"$f":"I461+I468","v":167.78}]
[]
[]
[]
[null,"SERVIÇO","SINAPI","73933/1",{"$f":"IF($B473 = \"SERVIÇO\", IF(C473 = \"SINAPI\", VLOOKUP(D473, 'SERVIÇOS SINAPI'!$B:$E, 2, 0), IF(C473 = \"ORSE\", VLOOKUP(D473, '[6]#REF'!$A$1:$D$65536, 2, 0), IF(C473 = \"SEINFRA\", VLOOKUP(D473, '[6]#REF'!$A$1:$F$65536, 2, 0)))), IF(B473=\"INSUMO\", IF(C473 = \"SINAPI\", VLOOKUP(D473, Insumos!$B:$G, 2, 0), IF(C473 = \"ORSE\", VLOOKUP(D473, '[6]#REF'!$B$1:$E$65536, 2, 0), IF(C473 = \"SEINFRA\", VLOOKUP(D473, '[6]#REF'!$B$1:$F$65536, 2, 0),)))))","v":"PORTA DE FERRO, DE ABRIR, TIPO GRADE COM CHAPA, 87X210CM, COM GUARNICOES"},null,null,null,{"$f":"IF(B473 = \"SERVIÇO\", IF(C473 = \"SINAPI\", VLOOKUP(D473, 'SERVIÇOS SINAPI'!$B:$E, 3, 0), IF(C473 = \"ORSE\", VLOOKUP(D473, '[6]#REF'!$A$1:$D$65536, 3, 0), IF(C473 = \"SEINFRA\", VLOOKUP(D473, '[6]#REF'!$A$1:$F$65536, 5, 0)))), IF(B473=\"INSUMO\", IF(C473 = \"SINAPI\", VLOOKUP(D473, Insumos!$B:$G, 3, 0), IF(C473 = \"ORSE\", VLOOKUP(D473, '[6]#REF'!$B$1:$E$65536, 3, 0), IF(C473 = \"SEINFRA\", VLOOKUP(D473, '[6]#REF'!$B$1:$F$65536, 3, 0),)))))","v":"M²"},null,{"$f":"I488","v":453.09},578.76]
[]
[null,null,null,"COD.","DESCRIÇÃO","UN.","COEF.","PREÇO","TOTAL"]
[null,null,null,"MÃO-DE-OBRA"]
[null,null,null,"88309","PEDREIRO (COM ENCARGOS INCLUSOS)","H","0,8000000",{"$f":"SUMIF(Insumos!B:B,D477,Insumos!G:G)","v":13.51},{"$f":"TRUNC(G477*H477,2)","v":10.8}]
[null,null,null,"88315","SERRALHEIRO (COM ENCARGOS INCLUSOS)","H","1,6000000",{"$f":"SUMIF(Insumos!B:B,D478,Insumos!G:G)","v":13.51},{"$f":"TRUNC(G478*H478,2)","v":21.61}]
[null,null,null,"88316","SERVENTE (COM ENCARGOS INCLUSOS)","H","2,8000000",{"$f":"SUMIF(Insumos!B:B,D479,Insumos!G:G)","v":11.11},{"$f":"TRUNC(G479*H479,2)","v":31.1}]
[null,null,null,"PARCIAL:",{"$nulls":4},{"$f":"SUM(I476:I479)","v":63.51}]
[null,null,null,"MATERIAL/SERVIÇOS/ EQUIPAMENTOS"]
[null,null,null,"4930","PORTA DE ABRIR EM GRADIL COM BARRA CHATA 3 CM X 1/4\", COM REQUADRO E GUARNICAO - COMPLETO - ACABAMENTO NATURAL","M2","1,0000000",{"$f":"SUMIF(Insumos!B:B,D482,Insumos!G:G)","v":387.78},{"$f":"TRUNC(G482*H482,2)","v":387.78}]
[null,null,null,"88627","ARGAMASSA TRAÇO 1:0,5:4,5 (CIMENTO, CAL E AREIA MÉDIA) PARA ASSENTAMENTO DE ALVENARIA, PREPARO MANUAL. AF_08/2014","M3","0,0060000",{"$f":"SUMIF(Insumos!B:B,D483,Insumos!G:G)","v":299.51},{"$f":"TRUNC(G483*H483,2)+0.01","v":1.8}]
[{"$nulls":7},{"$f":"SUMIF(Insumos!B:B,D484,Insumos!G:G)","v":0},{"$f":"TRUNC(G484*H484,2)","v":0}]
[{"$nulls":7},{"$f":"SUMIF(Insumos!B:B,D485,Insumos!G:G)","v":0},{"$f":"TRUNC(G485*H485,2)","v":0}]
[{"$nulls":7},{"$f":"SUMIF(Insumos!B:B,D486,Insumos!G:G)","v":0},{"$f":"TRUNC(G486*H486,2)","v":0}]
[{"$nulls":7},"PARCIAL:",{"$f":"SUM(I482:I486)","v":389.58}]
[{"$nulls":7},"VALOR UNITÁRIO TOTAL - R$",{"$f":"I480+I487","v":453.09}]
[]
[]
[]
[null,"SERVIÇO","SINAPI",90830,{"$f":"IF($B492 = \"SERVIÇO\", IF(C492 = \"SINAPI\", VLOOKUP(D492, 'SERVIÇOS SINAPI'!$B:$E, 2, 0), IF(C492 = \"ORSE\", VLOOKUP(D492, '[6]#REF'!$A$1:$D$65536, 2, 0), IF(C492 = \"SEINFRA\", VLOOKUP(D492, '[6]#REF'!$A$1:$F$65536, 2, 0)))), IF(B492=\"INSUMO\", IF(C492 = \"SINAPI\", VLOOKUP(D492, Insumos!$B:$G, 2, 0), IF(C492 = \"ORSE\", VLOOKUP(D492, '[6]#REF'!$B$1:$E$65536, 2, 0), IF(C492 = \"SEINFRA\", VLOOKUP(D492, '[6]#REF'!$B$1:$F$65536, 2, 0),)))))","v":"FECHADURA DE EMBUTIR COM CILINDRO, EXTERNA, COMPLETA, ACABAMENTO PADRÃO MÉDIO, INCLUSO EXECUÇÃO DE FURO - FORNECIMENTO E INSTALAÇÃO. AF_08/2015"},null,null,null,{"$f":"IF(B492 = \"SERVIÇO\", IF(C492 = \"SINAPI\", VLOOKUP(D492, 'SERVIÇOS SINAPI'!$B:$E, 3, 0), IF(C492 = \"ORSE\", VLOOKUP(D492, '[6]#REF'!$A$1:$D$65536, 3, 0), IF(C492 = \"SEINFRA\", VLOOKUP(D492, '[6]#REF'!$A$1:$F$65536, 5, 0)))), IF(B492=\"INSUMO\", IF(C492 = \"SINAPI\", VLOOKUP(D492, Insumos!$B:$G, 3, 0), IF(C492 = \"ORSE\", VLOOKUP(D492, '[6]#REF'!$B$1:$E$65536, 3, 0), IF(C492 = \"SEINFRA\", VLOOKUP(D492, '[6]#REF'!$B$1:$F$65536, 3, 0),)))))","v":"UN"},null,{"$f":"I503","v":64.61},82.52]
[]
[null,null,null,"COD.","DESCRIÇÃO","UN.","COEF.","PREÇO","TOTAL"]
[null,null,null,"MÃO-DE-OBRA"]
[null,null,null,"88261","CARPINTEIRO DE ESQUADRIA (COM ENCARGOS INCLUSOS)","H",0.97844189999999998,{"$f":"SUMIF(Insumos!B:B,D496,Insumos!G:G)","v":13.51},{"$f":"TRUNC(G496*H496,2)","v":13.21}]
[null,null,null,"88316","SERVENTE (COM ENCARGOS INCLUSOS)","H",0.47744189999999997,{"$f":"SUMIF(Insumos!B:B,D497,Insumos!G:G)","v":11.11},{"$f":"TRUNC(G497*H497,2)","v":5.3}]
[null,null,null,"PARCIAL:",{"$nulls":4},{"$f":"SUM(I495:I497)","v":18.510000000000002}]
[null,null,null,"MATERIAL/SERVIÇOS/ EQUIPAMENTOS"]
[null,null,null,"3081","FECHADURA DE EMBUTIR PARA PORTA EXTERNA / ENTRADA, MAQUINA 55 MM, COM CILINDRO, MACANETA ALAVANCA E ESPELHO EM METAL CROMADO - NIVEL SEGURANCA MEDIO - COMPLETA","CJ","1,0000000",{"$f":"SUMIF(Insumos!B:B,D500,Insumos!G:G)","v":46.1},{"$f":"TRUNC(G500*H500,2)","v":46.1}]
[{"$nulls":7},{"$f":"SUMIF(Insumos!B:B,D501,Insumos!G:G)","v":0},{"$f":"TRUNC(G501*H501,2)","v":0}]
[{"$nulls":7},"PARCIAL:",{"$f":"SUM(I500:I501)","v":46.1}]
[{"$nulls":7},"VALOR UNITÁRIO TOTAL - R$",{"$f":"I498+I502","v":64.61}]
[]
[]
[]
[null,"SERVIÇO","SINAPI","73932/1",{"$f":"IF($B507 = \"SERVIÇO\", IF(C507 = \"SINAPI\", VLOOKUP(D507, 'SERVIÇOS SINAPI'!$B:$E, 2, 0), IF(C507 = \"ORSE\", VLOOKUP(D507, '[6]#REF'!$A$1:$D$65536, 2, 0), IF(C507 = \"SEINFRA\", VLOOKUP(D507, '[6]#REF'!$A$1:$F$65536, 2, 0)))), IF(B507=\"INSUMO\", IF(C507 = \"SINAPI\", VLOOKUP(D507, Insumos!$B:$G, 2, 0), IF(C507 = \"ORSE\", VLOOKUP(D507, '[6]#REF'!$B$1:$E$65536, 2, 0), IF(C507 = \"SEINFRA\", VLOOKUP(D507, '[6]#REF'!$B$1:$F$65536, 2, 0),)))))","v":"GRADE DE FERRO EM BARRA CHATA 3/16\""},null,null,null,{"$f":"IF(B507 = \"SERVIÇO\", IF(C507 = \"SINAPI\", VLOOKUP(D507, 'SERVIÇOS SINAPI'!$B:$E, 3, 0), IF(C507 = \"ORSE\", VLOOKUP(D507, '[6]#REF'!$A$1:$D$65536, 3, 0), IF(C507 = \"SEINFRA\", VLOOKUP(D507, '[6]#REF'!$A$1:$F$65536, 5, 0)))), IF(B507=\"INSUMO\", IF(C507 = \"SINAPI\", VLOOKUP(D507, Insumos!$B:$G, 3, 0), IF(C507 = \"ORSE\", VLOOKUP(D507, '[6]#REF'!$B$1:$E$65536, 3, 0), IF(C507 = \"SEINFRA\", VLOOKUP(D507, '[6]#REF'!$B$1:$F$65536, 3, 0),)))))","v":"M²"},null,{"$f":"I521","v":217.34},277.58]
[]
[null,null,null,"COD.","DESCRIÇÃO","UN.","COEF.","PREÇO","TOTAL"]
[null,null,null,"MÃO-DE-OBRA"]
[null,null,null,"88315","SERRALHEIRO (COM ENCARGOS INCLUSOS)","H",1.5060925999999999,{"$f":"SUMIF(Insumos!B:B,D511,Insumos!G:G)","v":13.51},{"$f":"TRUNC(G511*H511,2)","v":20.34}]
[null,null,null,"88316","SERVENTE (COM ENCARGOS INCLUSOS)","H",1.6060926,{"$f":"SUMIF(Insumos!B:B,D512,Insumos!G:G)","v":11.11},{"$f":"TRUNC(G512*H512,2)","v":17.84}]
[null,null,null,"PARCIAL:",{"$nulls":4},{"$f":"SUM(I510:I512)","v":38.18}]
[null,null,null,"MATERIAL/SERVIÇOS/ EQUIPAMENTOS"]
[null,null,null,"546","BARRA DE FERRO RETANGULAR, BARRA CHATA (QUALQUER DIMENSAO)","KG","42,0000000",{"$f":"SUMIF(Insumos!B:B,D515,Insumos!G:G)","v":3.99},{"$f":"TRUNC(G515*H515,2)","v":167.58}]
[null,null,null,"567","CANTONEIRA FERRO GALVANIZADO DE ABAS IGUAIS, 1\" X 1/8\" (L X E) , 1,20KG/M","M","2,0000000",{"$f":"SUMIF(Insumos!B:B,D516,Insumos!G:G)","v":5.26},{"$f":"TRUNC(G516*H516,2)","v":10.52}]
[null,null,null,"88631","ARGAMASSA TRAÇO 1:4 (CIMENTO E AREIA MÉDIA), PREPARO MANUAL. AF_08/2014","M3","0,0040000",{"$f":"SUMIF(Insumos!B:B,D517,Insumos!G:G)","v":265.91000000000003},{"$f":"TRUNC(G517*H517,2)","v":1.06}]
[{"$nulls":7},{"$f":"SUMIF(Insumos!B:B,D518,Insumos!G:G)","v":0},{"$f":"TRUNC(G518*H518,2)","v":0}]
[{"$nulls":7},{"$f":"SUMIF(Insumos!B:B,D519,Insumos!G:G)","v":0},{"$f":"TRUNC(G519*H519,2)","v":0}]
[{"$nulls":7},"PARCIAL:",{"$f":"SUM(I515:I519)","v":179.16}]
[{"$nulls":7},"VALOR UNITÁRIO TOTAL - R$",{"$f":"I513+I520","v":217.34}]
[]
[]
[]
[null,"SERVIÇO","SINAPI",88489,{"$f":"IF($B525 = \"SERVIÇO\", IF(C525 = \"SINAPI\", VLOOKUP(D525, 'SERVIÇOS SINAPI'!$B:$E, 2, 0), IF(C525 = \"ORSE\", VLOOKUP(D525, '[6]#REF'!$A$1:$D$65536, 2, 0), IF(C525 = \"SEINFRA\", VLOOKUP(D525, '[6]#REF'!$A$1:$F$65536, 2, 0)))), IF(B525=\"INSUMO\", IF(C525 = \"SINAPI\", VLOOKUP(D525, Insumos!$B:$G, 2, 0), IF(C525 = \"ORSE\", VLOOKUP(D525, '[6]#REF'!$B$1:$E$65536, 2, 0), IF(C525 = \"SEINFRA\", VLOOKUP(D525, '[6]#REF'!$B$1:$F$65536, 2, 0),)))))","v":"APLICAÇÃO MANUAL DE PINTURA COM TINTA LÁTEX ACRÍLICA EM PAREDES, DUAS DEMÃOS. AF_06/2014"},null,null,null,{"$f":"IF(B525 = \"SERVIÇO\", IF(C525 = \"SINAPI\", VLOOKUP(D525, 'SERVIÇOS SINAPI'!$B:$E, 3, 0), IF(C525 = \"ORSE\", VLOOKUP(D525, '[6]#REF'!$A$1:$D$65536, 3, 0), IF(C525 = \"SEINFRA\", VLOOKUP(D525, '[6]#REF'!$A$1:$F$65536, 5, 0)))), IF(B525=\"INSUMO\", IF(C525 = \"SINAPI\", VLOOKUP(D525, Insumos!$B:$G, 3, 0), IF(C525 = \"ORSE\", VLOOKUP(D525, '[6]#REF'!$B$1:$E$65536, 3, 0), IF(C525 = \"SEINFRA\", VLOOKUP(D525, '[6]#REF'!$B$1:$F$65536, 3, 0),)))))","v":"M²"},null,{"$f":"I539","v":7.61},9.74]
[]
[null,null,null,"COD.","DESCRIÇÃO","UN.","COEF.","PREÇO","TOTAL"]
[null,null,null,"MÃO-DE-OBRA"]
[null,null,null,"88310","PINTOR (COM ENCARGOS INCLUSOS)","H","0,1870000",{"$f":"SUMIF(Insumos!B:B,D529,Insumos!G:G)","v":13.51},{"$f":"TRUNC(G529*H529,2)","v":2.52}]
[null,null,null,"88316","SERVENTE (COM ENCARGOS INCLUSOS)","H","0,0690000",{"$f":"SUMIF(Insumos!B:B,D530,Insumos!G:G)","v":11.11},{"$f":"TRUNC(G530*H530,2)","v":0.76}]
[null,null,null,"PARCIAL:",{"$nulls":4},{"$f":"SUM(I528:I530)","v":3.28}]
[null,null,null,"MATERIAL/SERVIÇOS/ EQUIPAMENTOS"]
[null,null,null,"7356","TINTA ACRILICA PREMIUM, COR BRANCO FOSCO","L","0,3300000",{"$f":"SUMIF(Insumos!B:B,D533,Insumos!G:G)","v":13.15},{"$f":"TRUNC(G533*H533,2)","v":4.33}]
[{"$nulls":7},{"$f":"SUMIF(Insumos!B:B,D534,Insumos!G:G)","v":0},{"$f":"TRUNC(G534*H534,2)","v":0}]
[{"$nulls":7},{"$f":"SUMIF(Insumos!B:B,D535,Insumos!G:G)","v":0},{"$f":"TRUNC(G535*H535,2)","v":0}]
[{"$nulls":7},{"$f":"SUMIF(Insumos!B:B,D536,Insumos!G:G)","v":0},{"$f":"TRUNC(G536*H536,2)","v":0}]
[{"$nulls":7},{"$f":"SUMIF(Insumos!B:B,D537,Insumos!G:G)","v":0},{"$f":"TRUNC(G537*H537,2)","v":0}]
[{"$nulls":7},"PARCIAL:",{"$f":"SUM(I533:I537)","v":4.33}]
[{"$nulls":7},"VALOR UNITÁRIO TOTAL - R$",{"$f":"I531+I538","v":7.61}]
[]
[]
[]
[null,"SERVIÇO","SINAPI","74142/4",{"$f":"IF($B543 = \"SERVIÇO\", IF(C543 = \"SINAPI\", VLOOKUP(D543, 'SERVIÇOS SINAPI'!$B:$E, 2, 0), IF(C543 = \"ORSE\", VLOOKUP(D543, '[6]#REF'!$A$1:$D$65536, 2, 0), IF(C543 = \"SEINFRA\", VLOOKUP(D543, '[6]#REF'!$A$1:$F$65536, 2, 0)))), IF(B543=\"INSUMO\", IF(C543 = \"SINAPI\", VLOOKUP(D543, Insumos!$B:$G, 2, 0), IF(C543 = \"ORSE\", VLOOKUP(D543, '[6]#REF'!$B$1:$E$65536, 2, 0), IF(C543 = \"SEINFRA\", VLOOKUP(D543, '[6]#REF'!$B$1:$F$65536, 2, 0),)))))","v":"CERCA COM MOUROES DE CONCRETO, SECAO \"T\" PONTA INCLINADA, 10X10CM, ESPACAMENTO DE 3M, CRAVADOS 0,5M, COM 11 FIOS DE ARAME FARPADO Nº 16"},null,null,null,{"$f":"IF(B543 = \"SERVIÇO\", IF(C543 = \"SINAPI\", VLOOKUP(D543, 'SERVIÇOS SINAPI'!$B:$E, 3, 0), IF(C543 = \"ORSE\", VLOOKUP(D543, '[6]#REF'!$A$1:$D$65536, 3, 0), IF(C543 = \"SEINFRA\", VLOOKUP(D543, '[6]#REF'!$A$1:$F$65536, 5, 0)))), IF(B543=\"INSUMO\", IF(C543 = \"SINAPI\", VLOOKUP(D543, Insumos!$B:$G, 3, 0), IF(C543 = \"ORSE\", VLOOKUP(D543, '[6]#REF'!$B$1:$E$65536, 3, 0), IF(C543 = \"SEINFRA\", VLOOKUP(D543, '[6]#REF'!$B$1:$F$65536, 3, 0),)))))","v":"M"},null,{"$f":"I557","v":36.299999999999997},46.39]
[]
[null,null,null,"COD.","DESCRIÇÃO","UN.","COEF.","PREÇO","TOTAL"]
[null,null,null,"MÃO-DE-OBRA"]
[null,null,null,"88309","PEDREIRO (COM ENCARGOS INCLUSOS)","H","0,3000000",{"$f":"SUMIF(Insumos!B:B,D547,Insumos!G:G)","v":13.51},{"$f":"TRUNC(G547*H547,2)","v":4.05}]
[null,null,null,"88316","SERVENTE (COM ENCARGOS INCLUSOS)","H","0,6000000",{"$f":"SUMIF(Insumos!B:B,D548,Insumos!G:G)","v":11.11},{"$f":"TRUNC(G548*H548,2)-0.01","v":6.65}]
[null,null,null,"PARCIAL:",{"$nulls":4},{"$f":"SUM(I546:I548)","v":10.7}]
[null,null,null,"MATERIAL/SERVIÇOS/ EQUIPAMENTOS"]
[null,null,null,"340","ARAME FARPADO GALVANIZADO, 16 BWG (1,65 MM), CLASSE 250","M","12,1000000",{"$f":"SUMIF(Insumos!B:B,D551,Insumos!G:G)","v":0.6},{"$f":"TRUNC(G551*H551,2)-0.01","v":7.25}]
[null,null,null,"345","ARAME GALVANIZADO 18 BWG, 1,24MM (0,009 KG/M)","KG","0,1100000",{"$f":"SUMIF(Insumos!B:B,D552,Insumos!G:G)","v":11.38},{"$f":"TRUNC(G552*H552,2)-0.01","v":1.24}]
[null,null,null,"4111","ESCORA PRE-MOLDADA EM CONCRETO, *10 X 10* CM, H = 2,30M","UN","0,0800000",{"$f":"SUMIF(Insumos!B:B,D553,Insumos!G:G)","v":19.97},{"$f":"TRUNC(G553*H553,2)-0.01","v":1.58}]
[null,null,null,"4114","MOURAO CONCRETO CURVO, SECAO \"T\", H = 2,80 M + CURVA COM 0,45 M, COM FUROS PARA FIOS","UN","0,4000000",{"$f":"SUMIF(Insumos!B:B,D554,Insumos!G:G)","v":25.19},{"$f":"TRUNC(G554*H554,2)-0.01","v":10.06}]
[null,null,null,"94962","CONCRETO MAGRO PARA LASTRO, TRAÇO 1:4,5:4,5 (CIMENTO/ AREIA MÉDIA/ BRITA 1)  - PREPARO MECÂNICO COM BETONEIRA 400 L. AF_07/2016","M3","0,0288000",{"$f":"SUMIF(Insumos!B:B,D555,Insumos!G:G)","v":190.39},{"$f":"TRUNC(G555*H555,2)-0.01","v":5.47}]
[{"$nulls":7},"PARCIAL:",{"$f":"SUM(I551:I555)","v":25.6}]
[{"$nulls":7},"VALOR UNITÁRIO TOTAL - R$",{"$f":"I549+I556","v":36.299999999999997}]
[]
[]
[]
[null,"SERVIÇO","SINAPI",94275,{"$f":"IF($B561 = \"SERVIÇO\", IF(C561 = \"SINAPI\", VLOOKUP(D561, 'SERVIÇOS SINAPI'!$B:$E, 2, 0), IF(C561 = \"ORSE\", VLOOKUP(D561, '[6]#REF'!$A$1:$D$65536, 2, 0), IF(C561 = \"SEINFRA\", VLOOKUP(D561, '[6]#REF'!$A$1:$F$65536, 2, 0)))), IF(B561=\"INSUMO\", IF(C561 = \"SINAPI\", VLOOKUP(D561, Insumos!$B:$G, 2, 0), IF(C561 = \"ORSE\", VLOOKUP(D561, '[6]#REF'!$B$1:$E$65536, 2, 0), IF(C561 = \"SEINFRA\", VLOOKUP(D561, '[6]#REF'!$B$1:$F$65536, 2, 0),)))))","v":"ASSENTAMENTO DE GUIA (MEIO-FIO) EM TRECHO RETO, CONFECCIONADA EM CONCRETO PRÉ-FABRICADO, DIMENSÕES 100X15X13X20 CM (COMPRIMENTO X BASE INFERIOR X BASE SUPERIOR X ALTURA), PARA URBANIZAÇÃO INTERNA DE EMPREENDIMENTOS. AF_06/2016_P"},null,null,null,{"$f":"IF(B561 = \"SERVIÇO\", IF(C561 = \"SINAPI\", VLOOKUP(D561, 'SERVIÇOS SINAPI'!$B:$E, 3, 0), IF(C561 = \"ORSE\", VLOOKUP(D561, '[6]#REF'!$A$1:$D$65536, 3, 0), IF(C561 = \"SEINFRA\", VLOOKUP(D561, '[6]#REF'!$A$1:$F$65536, 5, 0)))), IF(B561=\"INSUMO\", IF(C561 = \"SINAPI\", VLOOKUP(D561, Insumos!$B:$G, 3, 0), IF(C561 = \"ORSE\", VLOOKUP(D561, '[6]#REF'!$B$1:$E$65536, 3, 0), IF(C561 = \"SEINFRA\", VLOOKUP(D561, '[6]#REF'!$B$1:$F$65536, 3, 0),)))))","v":"M"},null,{"$f":"I575","v":24.28},31.05]
[]
[null,null,null,"COD.","DESCRIÇÃO","UN.","COEF.","PREÇO","TOTAL"]
[null,null,null,"MÃO-DE-OBRA"]
[null,null,null,"88309","PEDREIRO (COM ENCARGOS INCLUSOS)","H","0,3600000",{"$f":"SUMIF(Insumos!B:B,D565,Insumos!G:G)","v":13.51},{"$f":"TRUNC(G565*H565,2)","v":4.8600000000000003}]
[null,null,null,"88316","SERVENTE (COM ENCARGOS INCLUSOS)","H","0,3600000",{"$f":"SUMIF(Insumos!B:B,D566,Insumos!G:G)","v":11.11},{"$f":"TRUNC(G566*H566,2)","v":3.99}]
[null,null,null,"PARCIAL:",{"$nulls":4},{"$f":"SUM(I564:I566)","v":8.85}]
[null,null,null,"MATERIAL/SERVIÇOS/ EQUIPAMENTOS"]
[null,null,null,"370","AREIA MEDIA - POSTO JAZIDA/FORNECEDOR (RETIRADO NA JAZIDA, SEM TRANSPORTE)","M3","0,0070000",{"$f":"SUMIF(Insumos!B:B,D569,Insumos!G:G)","v":39.15},{"$f":"TRUNC(G569*H569,2)","v":0.27}]
[null,null,null,"4059","MEIO-FIO OU GUIA DE CONCRETO, PRE-MOLDADO, COMP 1 M, *30 X 15/ 12* CM (H X L1/L2)","M","1,0050000",{"$f":"SUMIF(Insumos!B:B,D570,Insumos!G:G)","v":14.8},{"$f":"TRUNC(G570*H570,2)","v":14.87}]
[null,null,null,"88629","ARGAMASSA TRAÇO 1:3 (CIMENTO E AREIA MÉDIA), PREPARO MANUAL. AF_08/2014","M3","0,0010000",{"$f":"SUMIF(Insumos!B:B,D571,Insumos!G:G)","v":291.35000000000002},{"$f":"TRUNC(G571*H571,2)","v":0.28999999999999998}]
[{"$nulls":7},{"$f":"SUMIF(Insumos!B:B,D572,Insumos!G:G)","v":0},{"$f":"TRUNC(G572*H572,2)","v":0}]
[{"$nulls":7},{"$f":"SUMIF(Insumos!B:B,D573,Insumos!G:G)","v":0},{"$f":"TRUNC(G573*H573,2)","v":0}]
[{"$nulls":7},"PARCIAL:",{"$f":"SUM(I569:I573)","v":15.43}]
[{"$nulls":7},"VALOR UNITÁRIO TOTAL - R$",{"$f":"I567+I574","v":24.28}]
[]
[]
[]
[null,"SERVIÇO","SINAPI",94274,{"$f":"IF($B579 = \"SERVIÇO\", IF(C579 = \"SINAPI\", VLOOKUP(D579, 'SERVIÇOS SINAPI'!$B:$E, 2, 0), IF(C579 = \"ORSE\", VLOOKUP(D579,#REF!, 2, 0), IF(C579 = \"SEINFRA\", VLOOKUP(D579,#REF!, 2, 0)))), IF(B579=\"INSUMO\", IF(C579 = \"SINAPI\", VLOOKUP(D579, Insumos!$B:$G, 2, 0), IF(C579 = \"ORSE\", VLOOKUP(D579,#REF!, 2, 0), IF(C579 = \"SEINFRA\", VLOOKUP(D579,#REF!, 2, 0),)))))","v":"ASSENTAMENTO DE GUIA (MEIO-FIO) EM TRECHO CURVO, CONFECCIONADA EM CONCRETO PRÉ-FABRICADO, DIMENSÕES 100X15X13X30 CM (COMPRIMENTO X BASE INFERIOR X BASE SUPERIOR X ALTURA), PARA VIAS URBANAS (USO VIÁRIO). AF_06/2016"},null,null,null,{"$f":"IF(B579 = \"SERVIÇO\", IF(C579 = \"SINAPI\", VLOOKUP(D579, 'SERVIÇOS SINAPI'!$B:$E, 3, 0), IF(C579 = \"ORSE\", VLOOKUP(D579,#REF!, 3, 0), IF(C579 = \"SEINFRA\", VLOOKUP(D579,#REF!, 5, 0)))), IF(B579=\"INSUMO\", IF(C579 = \"SINAPI\", VLOOKUP(D579, Insumos!$B:$G, 3, 0), IF(C579 = \"ORSE\", VLOOKUP(D579,#REF!, 3, 0), IF(C579 = \"SEINFRA\", VLOOKUP(D579,#REF!, 3, 0),)))))","v":"M"},null,{"$f":"I593","v":27.6},35.31]
[]
[null,null,null,"COD.","DESCRIÇÃO","UN.","COEF.","PREÇO","TOTAL"]
[null,null,null,"MÃO-DE-OBRA"]
[null,null,null,"88309","PEDREIRO (COM ENCARGOS INCLUSOS)","H","0,4830000",{"$f":"SUMIF(Insumos!B:B,D583,Insumos!G:G)","v":13.51},{"$f":"TRUNC(G583*H583,2)","v":6.52}]
[null,null,null,"88316","SERVENTE (COM ENCARGOS INCLUSOS)","H","0,4830000",{"$f":"SUMIF(Insumos!B:B,D584,Insumos!G:G)","v":11.11},{"$f":"TRUNC(G584*H584,2)","v":5.36}]
[null,null,null,"PARCIAL:",{"$nulls":4},{"$f":"SUM(I582:I584)","v":11.88}]
[null,null,null,"MATERIAL/SERVIÇOS/ EQUIPAMENTOS"]
[null,null,null,"370","AREIA MEDIA - POSTO JAZIDA/FORNECEDOR (RETIRADO NA JAZIDA, SEM TRANSPORTE)","M3","0,0070000",{"$f":"SUMIF(Insumos!B:B,D587,Insumos!G:G)","v":39.15},{"$f":"TRUNC(G587*H587,2)","v":0.27}]
[null,null,null,"4059","MEIO-FIO OU GUIA DE CONCRETO, PRE-MOLDADO, COMP 1 M, *30 X 15/ 12* CM (H X L1/L2)","M","1,0050000",{"$f":"SUMIF(Insumos!B:B,D588,Insumos!G:G)","v":14.8},{"$f":"TRUNC(G588*H588,2)","v":14.87}]
[null,null,null,"88629","ARGAMASSA TRAÇO 1:3 (CIMENTO E AREIA MÉDIA), PREPARO MANUAL. AF_08/2014","M3","0,0020000",{"$f":"SUMIF(Insumos!B:B,D589,Insumos!G:G)","v":291.35000000000002},{"$f":"TRUNC(G589*H589,2)","v":0.57999999999999996}]
[{"$nulls":7},{"$f":"SUMIF(Insumos!B:B,D590,Insumos!G:G)","v":0},{"$f":"TRUNC(G590*H590,2)","v":0}]
[{"$nulls":7},{"$f":"SUMIF(Insumos!B:B,D591,Insumos!G:G)","v":0},{"$f":"TRUNC(G591*H591,2)","v":0}]
[{"$nulls":7},"PARCIAL:",{"$f":"SUM(I587:I591)","v":15.72}]
[{"$nulls":7},"VALOR UNITÁRIO TOTAL - R$",{"$f":"I585+I592","v":27.6}]
[]
[]
[]
[null,"SERVIÇO","SINAPI","73836/1",{"$f":"IF($B597 = \"SERVIÇO\", IF(C597 = \"SINAPI\", VLOOKUP(D597, 'SERVIÇOS SINAPI'!$B:$E, 2, 0), IF(C597 = \"ORSE\", VLOOKUP(D597,#REF!, 2, 0), IF(C597 = \"SEINFRA\", VLOOKUP(D597,#REF!, 2, 0)))), IF(B597=\"INSUMO\", IF(C597 = \"SINAPI\", VLOOKUP(D597, Insumos!$B:$G, 2, 0), IF(C597 = \"ORSE\", VLOOKUP(D597,#REF!, 2, 0), IF(C597 = \"SEINFRA\", VLOOKUP(D597,#REF!, 2, 0),)))))","v":"INSTALACAO DE CONJ.MOTO BOMBA HORIZONTAL ATE 10 CV"},null,null,null,{"$f":"IF(B597 = \"SERVIÇO\", IF(C597 = \"SINAPI\", VLOOKUP(D597, 'SERVIÇOS SINAPI'!$B:$E, 3, 0), IF(C597 = \"ORSE\", VLOOKUP(D597,#REF!, 3, 0), IF(C597 = \"SEINFRA\", VLOOKUP(D597,#REF!, 5, 0)))), IF(B597=\"INSUMO\", IF(C597 = \"SINAPI\", VLOOKUP(D597, Insumos!$B:$G, 3, 0), IF(C597 = \"ORSE\", VLOOKUP(D597,#REF!, 3, 0), IF(C597 = \"SEINFRA\", VLOOKUP(D597,#REF!, 3, 0),)))))","v":"UN"},null,{"$f":"I612","v":528.73},675.65]
[]
[null,null,null,"COD.","DESCRIÇÃO","UN.","COEF.","PREÇO","TOTAL"]
[null,null,null,"MÃO-DE-OBRA"]
[null,null,null,"88267","ENCANADOR OU BOMBEIRO HIDRÁULICO (COM ENCARGOS INCLUSOS)","H","5,0000000",{"$f":"SUMIF(Insumos!B:B,D601,Insumos!G:G)","v":13.51},{"$f":"TRUNC(G601*H601,2)+0.01","v":67.56}]
[null,null,null,"88277","MONTADOR (TUBO AÇO/EQUIPAMENTOS) (COM ENCARGOS INCLUSOS)","H","10,0000000",{"$f":"SUMIF(Insumos!B:B,D602,Insumos!G:G)","v":34.979999999999997},{"$f":"TRUNC(G602*H602,2)+0.01","v":349.81}]
[null,null,null,"88316","SERVENTE (COM ENCARGOS INCLUSOS)","H","10,0000000",{"$f":"SUMIF(Insumos!B:B,D603,Insumos!G:G)","v":11.11},{"$f":"TRUNC(G603*H603,2)","v":111.1}]
[null,null,null,"PARCIAL:",{"$nulls":4},{"$f":"SUM(I600:I603)","v":528.47}]
[null,null,null,"MATERIAL/SERVIÇOS/ EQUIPAMENTOS"]
[null,null,null,"95139","TALHA MANUAL DE CORRENTE, CAPACIDADE DE 2 TON. COM ELEVAÇÃO DE 3 M - CHP DIURNO. AF_07/2016","CHP","5,0000000",{"$f":"SUMIF(Insumos!B:B,D606,Insumos!G:G)","v":0.05},{"$f":"TRUNC(G606*H606,2)+0.01","v":0.26}]
[{"$nulls":7},{"$f":"SUMIF(Insumos!B:B,D607,Insumos!G:G)","v":0},{"$f":"TRUNC(G607*H607,2)","v":0}]
[{"$nulls":7},{"$f":"SUMIF(Insumos!B:B,D608,Insumos!G:G)","v":0},{"$f":"TRUNC(G608*H608,2)","v":0}]
[{"$nulls":7},{"$f":"SUMIF(Insumos!B:B,D609,Insumos!G:G)","v":0},{"$f":"TRUNC(G609*H609,2)","v":0}]
[{"$nulls":7},{"$f":"SUMIF(Insumos!B:B,D610,Insumos!G:G)","v":0},{"$f":"TRUNC(G610*H610,2)","v":0}]
[{"$nulls":7},"PARCIAL:",{"$f":"SUM(I606:I610)","v":0.26}]
[{"$nulls":7},"VALOR UNITÁRIO TOTAL - R$",{"$f":"I604+I611","v":528.73}]
[]
[]
[]
[null,"SERVIÇO","SINAPI","73843/1",{"$f":"IF($B616 = \"SERVIÇO\", IF(C616 = \"SINAPI\", VLOOKUP(D616, 'SERVIÇOS SINAPI'!$B:$E, 2, 0), IF(C616 = \"ORSE\", VLOOKUP(D616,#REF!, 2, 0), IF(C616 = \"SEINFRA\", VLOOKUP(D616,#REF!, 2, 0)))), IF(B616=\"INSUMO\", IF(C616 = \"SINAPI\", VLOOKUP(D616, Insumos!$B:$G, 2, 0), IF(C616 = \"ORSE\", VLOOKUP(D616,#REF!, 2, 0), IF(C616 = \"SEINFRA\", VLOOKUP(D616,#REF!, 2, 0),)))))","v":"MURO DE ARRIMO DE CONCRETO CICLOPICO COM 30% DE PEDRA DE MAO"},null,null,null,{"$f":"IF(B616 = \"SERVIÇO\", IF(C616 = \"SINAPI\", VLOOKUP(D616, 'SERVIÇOS SINAPI'!$B:$E, 3, 0), IF(C616 = \"ORSE\", VLOOKUP(D616,#REF!, 3, 0), IF(C616 = \"SEINFRA\", VLOOKUP(D616,#REF!, 5, 0)))), IF(B616=\"INSUMO\", IF(C616 = \"SINAPI\", VLOOKUP(D616, Insumos!$B:$G, 3, 0), IF(C616 = \"ORSE\", VLOOKUP(D616,#REF!, 3, 0), IF(C616 = \"SEINFRA\", VLOOKUP(D616,#REF!, 3, 0),)))))","v":"M³"},null,{"$f":"I630","v":237.18},303.12]
[]
[null,null,null,"COD.","DESCRIÇÃO","UN.","COEF.","PREÇO","TOTAL"]
[null,null,null,"MÃO-DE-OBRA"]
[null,null,null,"88309","PEDREIRO (COM ENCARGOS INCLUSOS)","H",2.0327934999999999,{"$f":"SUMIF(Insumos!B:B,D620,Insumos!G:G)","v":13.51},{"$f":"TRUNC(G620*H620,2)","v":27.46}]
[null,null,null,"88316","SERVENTE (COM ENCARGOS INCLUSOS)","H",8.0327935000000004,{"$f":"SUMIF(Insumos!B:B,D621,Insumos!G:G)","v":11.11},{"$f":"TRUNC(G621*H621,2)","v":89.24}]
[null,null,null,"PARCIAL:",{"$nulls":4},{"$f":"SUM(I619:I621)","v":116.7}]
[null,null,null,"MATERIAL/SERVIÇOS/ EQUIPAMENTOS"]
[null,null,null,"370","AREIA MEDIA - POSTO JAZIDA/FORNECEDOR (RETIRADO NA JAZIDA, SEM TRANSPORTE)","M3","0,5000000",{"$f":"SUMIF(Insumos!B:B,D624,Insumos!G:G)","v":39.15},{"$f":"TRUNC(G624*H624,2)+0.01","v":19.579999999999998}]
[null,null,null,"1379","CIMENTO PORTLAND COMPOSTO CP II-32","KG","175,0000000",{"$f":"SUMIF(Insumos!B:B,D625,Insumos!G:G)","v":0.34},{"$f":"TRUNC(G625*H625,2)","v":59.5}]
[null,null,null,"4718","PEDRA BRITADA N. 2 (19 A 38 MM) POSTO PEDREIRA/FORNECEDOR, SEM FRETE","M3","0,6100000",{"$f":"SUMIF(Insumos!B:B,D626,Insumos!G:G)","v":43.36},{"$f":"TRUNC(G626*H626,2)","v":26.44}]
[null,null,null,"4730","PEDRA DE MAO OU PEDRA RACHAO PARA ARRIMO/FUNDACAO (POSTO PEDREIRA/FORNECEDOR, SEM FRETE)","M3","0,3300000",{"$f":"SUMIF(Insumos!B:B,D627,Insumos!G:G)","v":45.34},{"$f":"TRUNC(G627*H627,2)","v":14.96}]
[{"$nulls":7},{"$f":"SUMIF(Insumos!B:B,D628,Insumos!G:G)","v":0},{"$f":"TRUNC(G628*H628,2)","v":0}]
[{"$nulls":7},"PARCIAL:",{"$f":"SUM(I624:I628)","v":120.48}]
[{"$nulls":7},"VALOR UNITÁRIO TOTAL - R$",{"$f":"I622+I629","v":237.18}]
[]
[]
[]
[null,"SERVIÇO","SINAPI",73679,{"$f":"IF($B634 = \"SERVIÇO\", IF(C634 = \"SINAPI\", VLOOKUP(D634, 'SERVIÇOS SINAPI'!$B:$E, 2, 0), IF(C634 = \"ORSE\", VLOOKUP(D634,#REF!, 2, 0), IF(C634 = \"SEINFRA\", VLOOKUP(D634,#REF!, 2, 0)))), IF(B634=\"INSUMO\", IF(C634 = \"SINAPI\", VLOOKUP(D634, Insumos!$B:$G, 2, 0), IF(C634 = \"ORSE\", VLOOKUP(D634,#REF!, 2, 0), IF(C634 = \"SEINFRA\", VLOOKUP(D634,#REF!, 2, 0),)))))","v":"LOCAÇÃO DE ADUTORAS, COLETORES TRONCO E INTERCEPTORES - ATÉ DN 500 MM"},null,null,null,{"$f":"IF(B634 = \"SERVIÇO\", IF(C634 = \"SINAPI\", VLOOKUP(D634, 'SERVIÇOS SINAPI'!$B:$E, 3, 0), IF(C634 = \"ORSE\", VLOOKUP(D634,#REF!, 3, 0), IF(C634 = \"SEINFRA\", VLOOKUP(D634,#REF!, 5, 0)))), IF(B634=\"INSUMO\", IF(C634 = \"SINAPI\", VLOOKUP(D634, Insumos!$B:$G, 3, 0), IF(C634 = \"ORSE\", VLOOKUP(D634,#REF!, 3, 0), IF(C634 = \"SEINFRA\", VLOOKUP(D634,#REF!, 3, 0),)))))","v":"M"},null,{"$f":"I648","v":1.62},2.0699999999999998]
[]
[null,null,null,"COD.","DESCRIÇÃO","UN.","COEF.","PREÇO","TOTAL"]
[null,null,null,"MÃO-DE-OBRA"]
[null,null,null,"88253","AUXILIAR DE TOPÓGRAFO (COM ENCARGOS INCLUSOS)","H",9.2996999999999993E-3,{"$f":"SUMIF(Insumos!B:B,D638,Insumos!G:G)","v":11.11},{"$f":"TRUNC(G638*H638,2)","v":0.1}]
[{"$nulls":7},{"$f":"SUMIF(Insumos!B:B,D639,Insumos!G:G)","v":0},{"$f":"TRUNC(G639*H639,2)","v":0}]
[null,null,null,"PARCIAL:",{"$nulls":4},{"$f":"SUM(I637:I639)","v":0.1}]
[null,null,null,"MATERIAL/SERVIÇOS/ EQUIPAMENTOS"]
[null,null,null,"92138","CAMINHONETE COM MOTOR A DIESEL, POTÊNCIA 180 CV, CABINE DUPLA, 4X4 - CHP DIURNO. AF_11/2015","CHP","0,0150000",{"$f":"SUMIF(Insumos!B:B,D642,Insumos!G:G)","v":101.72},{"$f":"TRUNC(G642*H642,2)","v":1.52}]
[{"$nulls":7},{"$f":"SUMIF(Insumos!B:B,D643,Insumos!G:G)","v":0},{"$f":"TRUNC(G643*H643,2)","v":0}]
[{"$nulls":7},{"$f":"SUMIF(Insumos!B:B,D644,Insumos!G:G)","v":0},{"$f":"TRUNC(G644*H644,2)","v":0}]
[{"$nulls":7},{"$f":"SUMIF(Insumos!B:B,D645,Insumos!G:G)","v":0},{"$f":"TRUNC(G645*H645,2)","v":0}]
[{"$nulls":7},{"$f":"SUMIF(Insumos!B:B,D646,Insumos!G:G)","v":0},{"$f":"TRUNC(G646*H646,2)","v":0}]
[{"$nulls":7},"PARCIAL:",{"$f":"SUM(I642:I646)","v":1.52}]
[{"$nulls":7},"VALOR UNITÁRIO TOTAL - R$",{"$f":"I640+I647","v":1.62}]
[]
[]
[]
[null,"SERVIÇO","SINAPI",72895,{"$f":"IF($B652 = \"SERVIÇO\", IF(C652 = \"SINAPI\", VLOOKUP(D652, 'SERVIÇOS SINAPI'!$B:$E, 2, 0), IF(C652 = \"ORSE\", VLOOKUP(D652,#REF!, 2, 0), IF(C652 = \"SEINFRA\", VLOOKUP(D652,#REF!, 2, 0)))), IF(B652=\"INSUMO\", IF(C652 = \"SINAPI\", VLOOKUP(D652, Insumos!$B:$G, 2, 0), IF(C652 = \"ORSE\", VLOOKUP(D652,#REF!, 2, 0), IF(C652 = \"SEINFRA\", VLOOKUP(D652,#REF!, 2, 0),)))))","v":"CARGA, MANOBRAS E DESCARGA DE MATERIAIS DIVERSOS, COM CAMINHAO BASCULANTE 6M3 (CARGA E DESCARGA MANUAIS)"},null,null,null,{"$f":"IF(B652 = \"SERVIÇO\", IF(C652 = \"SINAPI\", VLOOKUP(D652, 'SERVIÇOS SINAPI'!$B:$E, 3, 0), IF(C652 = \"ORSE\", VLOOKUP(D652,#REF!, 3, 0), IF(C652 = \"SEINFRA\", VLOOKUP(D652,#REF!, 5, 0)))), IF(B652=\"INSUMO\", IF(C652 = \"SINAPI\", VLOOKUP(D652, Insumos!$B:$G, 3, 0), IF(C652 = \"ORSE\", VLOOKUP(D652,#REF!, 3, 0), IF(C652 = \"SEINFRA\", VLOOKUP(D652,#REF!, 3, 0),)))))","v":"M³"},null,{"$f":"I666","v":16.77},21.42]
[]
[null,null,null,"COD.","DESCRIÇÃO","UN.","COEF.","PREÇO","TOTAL"]
[null,null,null,"MÃO-DE-OBRA"]
[{"$nulls":7},{"$f":"SUMIF(Insumos!B:B,D656,Insumos!G:G)","v":0},{"$f":"TRUNC(G656*H656,2)","v":0}]
[{"$nulls":7},{"$f":"SUMIF(Insumos!B:B,D657,Insumos!G:G)","v":0},{"$f":"TRUNC(G657*H657,2)","v":0}]
[null,null,null,"PARCIAL:",{"$nulls":4},{"$f":"SUM(I655:I657)","v":0}]
[null,null,null,"MATERIAL/SERVIÇOS/ EQUIPAMENTOS"]
[null,null,null,"5811","CAMINHÃO BASCULANTE 6 M3, PESO BRUTO TOTAL 16.000 KG, CARGA ÚTIL MÁXIMA 13.071 KG, DISTÂNCIA ENTRE EIXOS 4,80 M, POTÊNCIA 230 CV INCLUSIVE CAÇAMBA METÁLICA - CHP DIURNO. AF_06/2014","CHP","0,1265000",{"$f":"SUMIF(Insumos!B:B,D660,Insumos!G:G)","v":132.59},{"$f":"TRUNC(G660*H660,2)","v":16.77}]
[{"$nulls":7},{"$f":"SUMIF(Insumos!B:B,D661,Insumos!G:G)","v":0},{"$f":"TRUNC(G661*H661,2)","v":0}]
[{"$nulls":7},{"$f":"SUMIF(Insumos!B:B,D662,Insumos!G:G)","v":0},{"$f":"TRUNC(G662*H662,2)","v":0}]
[{"$nulls":7},{"$f":"SUMIF(Insumos!B:B,D663,Insumos!G:G)","v":0},{"$f":"TRUNC(G663*H663,2)","v":0}]
[{"$nulls":7},{"$f":"SUMIF(Insumos!B:B,D664,Insumos!G:G)","v":0},{"$f":"TRUNC(G664*H664,2)","v":0}]
[{"$nulls":7},"PARCIAL:",{"$f":"SUM(I660:I664)","v":16.77}]
[{"$nulls":7},"VALOR UNITÁRIO TOTAL - R$",{"$f":"I658+I665","v":16.77}]
[]
[]
[]
[null,"SERVIÇO","SINAPI",83344,{"$f":"IF($B670 = \"SERVIÇO\", IF(C670 = \"SINAPI\", VLOOKUP(D670, 'SERVIÇOS SINAPI'!$B:$E, 2, 0), IF(C670 = \"ORSE\", VLOOKUP(D670,#REF!, 2, 0), IF(C670 = \"SEINFRA\", VLOOKUP(D670,#REF!, 2, 0)))), IF(B670=\"INSUMO\", IF(C670 = \"SINAPI\", VLOOKUP(D670, Insumos!$B:$G, 2, 0), IF(C670 = \"ORSE\", VLOOKUP(D670,#REF!, 2, 0), IF(C670 = \"SEINFRA\", VLOOKUP(D670,#REF!, 2, 0),)))))","v":"ESPALHAMENTO DE MATERIAL EM BOTA FORA, COM UTILIZACAO DE TRATOR DE ESTEIRAS DE 165 HP"},null,null,null,{"$f":"IF(B670 = \"SERVIÇO\", IF(C670 = \"SINAPI\", VLOOKUP(D670, 'SERVIÇOS SINAPI'!$B:$E, 3, 0), IF(C670 = \"ORSE\", VLOOKUP(D670,#REF!, 3, 0), IF(C670 = \"SEINFRA\", VLOOKUP(D670,#REF!, 5, 0)))), IF(B670=\"INSUMO\", IF(C670 = \"SINAPI\", VLOOKUP(D670, Insumos!$B:$G, 3, 0), IF(C670 = \"ORSE\", VLOOKUP(D670,#REF!, 3, 0), IF(C670 = \"SEINFRA\", VLOOKUP(D670,#REF!, 3, 0),)))))","v":"M³"},null,{"$f":"I684","v":0.69},0.89]
[]
[null,null,null,"COD.","DESCRIÇÃO","UN.","COEF.","PREÇO","TOTAL"]
[null,null,null,"MÃO-DE-OBRA"]
[null,null,null,"88316","SERVENTE (COM ENCARGOS INCLUSOS)","H","0,0255000",{"$f":"SUMIF(Insumos!B:B,D674,Insumos!G:G)","v":11.11},{"$f":"TRUNC(G674*H674,2)","v":0.28000000000000003}]
[{"$nulls":7},{"$f":"SUMIF(Insumos!B:B,D675,Insumos!G:G)","v":0},{"$f":"TRUNC(G675*H675,2)","v":0}]
[null,null,null,"PARCIAL:",{"$nulls":4},{"$f":"SUM(I673:I675)","v":0.28000000000000003}]
[null,null,null,"MATERIAL/SERVIÇOS/ EQUIPAMENTOS"]
[null,null,null,"5847","TRATOR DE ESTEIRAS, POTÊNCIA 170 HP, PESO OPERACIONAL 19 T, CAÇAMBA 5,2 M3 - CHP DIURNO. AF_06/2014","CHP","0,0029867",{"$f":"SUMIF(Insumos!B:B,D678,Insumos!G:G)","v":141.16999999999999},{"$f":"TRUNC(G678*H678,2)-0.01","v":0.41}]
[{"$nulls":7},{"$f":"SUMIF(Insumos!B:B,D679,Insumos!G:G)","v":0},{"$f":"TRUNC(G679*H679,2)","v":0}]
[{"$nulls":7},{"$f":"SUMIF(Insumos!B:B,D680,Insumos!G:G)","v":0},{"$f":"TRUNC(G680*H680,2)","v":0}]
[{"$nulls":7},{"$f":"SUMIF(Insumos!B:B,D681,Insumos!G:G)","v":0},{"$f":"TRUNC(G681*H681,2)","v":0}]
[{"$nulls":7},{"$f":"SUMIF(Insumos!B:B,D682,Insumos!G:G)","v":0},{"$f":"TRUNC(G682*H682,2)","v":0}]
[{"$nulls":7},"PARCIAL:",{"$f":"SUM(I678:I682)","v":0.41}]
[{"$nulls":7},"VALOR UNITÁRIO TOTAL - R$",{"$f":"I676+I683","v":0.69}]
[]
[]
[]
[null,"SERVIÇO","SINAPI",97134,{"$f":"IF($B688 = \"SERVIÇO\", IF(C688 = \"SINAPI\", VLOOKUP(D688, 'SERVIÇOS SINAPI'!$B:$E, 2, 0), IF(C688 = \"ORSE\", VLOOKUP(D688,#REF!, 2, 0), IF(C688 = \"SEINFRA\", VLOOKUP(D688,#REF!, 2, 0)))), IF(B688=\"INSUMO\", IF(C688 = \"SINAPI\", VLOOKUP(D688, Insumos!$B:$G, 2, 0), IF(C688 = \"ORSE\", VLOOKUP(D688,#REF!, 2, 0), IF(C688 = \"SEINFRA\", VLOOKUP(D688,#REF!, 2, 0),)))))","v":"ASSENTAMENTO DE TUBO DE PVC DEFOFO OU PRFV OU RPVC PARA REDE DE ÁGUA, DN 150 MM, JUNTA ELÁSTICA INTEGRADA, INSTALADO EM LOCAL COM NÍVEL BAIXO DE INTERFERÊNCIAS (NÃO INCLUI FORNECIMENTO). AF_11/2017"},null,null,null,{"$f":"IF(B688 = \"SERVIÇO\", IF(C688 = \"SINAPI\", VLOOKUP(D688, 'SERVIÇOS SINAPI'!$B:$E, 3, 0), IF(C688 = \"ORSE\", VLOOKUP(D688,#REF!, 3, 0), IF(C688 = \"SEINFRA\", VLOOKUP(D688,#REF!, 5, 0)))), IF(B688=\"INSUMO\", IF(C688 = \"SINAPI\", VLOOKUP(D688, Insumos!$B:$G, 3, 0), IF(C688 = \"ORSE\", VLOOKUP(D688,#REF!, 3, 0), IF(C688 = \"SEINFRA\", VLOOKUP(D688,#REF!, 3, 0),)))))","v":"M"},null,{"$f":"I702","v":1.57},2.0099999999999998]
[]
[null,null,null,"COD.","DESCRIÇÃO","UN.","COEF.","PREÇO","TOTAL"]
[null,null,null,"MÃO-DE-OBRA"]
[null,null,null,"88316","SERVENTE (COM ENCARGOS INCLUSOS)","H","0,0433000",{"$f":"SUMIF(Insumos!B:B,D692,Insumos!G:G)","v":11.11},{"$f":"TRUNC(G692*H692,2)","v":0.48}]
[{"$nulls":7},{"$f":"SUMIF(Insumos!B:B,D693,Insumos!G:G)","v":0},{"$f":"TRUNC(G693*H693,2)","v":0}]
[null,null,null,"PARCIAL:",{"$nulls":4},{"$f":"SUM(I691:I693)","v":0.48}]
[null,null,null,"MATERIAL/SERVIÇOS/ EQUIPAMENTOS"]
[null,null,null,"20078","PASTA LUBRIFICANTE PARA TUBOS E CONEXOES COM JUNTA ELASTICA (USO EM PVC, ACO, POLIETILENO E OUTROS) ( DE *400* G)","UN","0,0151000",{"$f":"SUMIF(Insumos!B:B,D696,Insumos!G:G)","v":12.84},{"$f":"TRUNC(G696*H696,2)","v":0.19}]
[null,null,null,"88246","ASSENTADOR DE TUBOS (COM ENCARGOS INCLUSOS)","H","0,0433000",{"$f":"SUMIF(Insumos!B:B,D697,Insumos!G:G)","v":21.13},{"$f":"TRUNC(G697*H697,2)-0.01","v":0.9}]
[{"$nulls":7},{"$f":"SUMIF(Insumos!B:B,D698,Insumos!G:G)","v":0},{"$f":"TRUNC(G698*H698,2)","v":0}]
[{"$nulls":7},{"$f":"SUMIF(Insumos!B:B,D699,Insumos!G:G)","v":0},{"$f":"TRUNC(G699*H699,2)","v":0}]
[{"$nulls":7},{"$f":"SUMIF(Insumos!B:B,D700,Insumos!G:G)","v":0},{"$f":"TRUNC(G700*H700,2)","v":0}]
[{"$nulls":7},"PARCIAL:",{"$f":"SUM(I696:I700)","v":1.0900000000000001}]
[{"$nulls":7},"VALOR UNITÁRIO TOTAL - R$",{"$f":"I694+I701","v":1.57}]
[]
[]
[]
[null,"SERVIÇO","SINAPI",97124,{"$f":"IF($B706 = \"SERVIÇO\", IF(C706 = \"SINAPI\", VLOOKUP(D706, 'SERVIÇOS SINAPI'!$B:$E, 2, 0), IF(C706 = \"ORSE\", VLOOKUP(D706,#REF!, 2, 0), IF(C706 = \"SEINFRA\", VLOOKUP(D706,#REF!, 2, 0)))), IF(B706=\"INSUMO\", IF(C706 = \"SINAPI\", VLOOKUP(D706, Insumos!$B:$G, 2, 0), IF(C706 = \"ORSE\", VLOOKUP(D706,#REF!, 2, 0), IF(C706 = \"SEINFRA\", VLOOKUP(D706,#REF!, 2, 0),)))))","v":"ASSENTAMENTO DE TUBO DE PVC PBA PARA REDE DE ÁGUA, DN 50 MM, JUNTA ELÁSTICA INTEGRADA, INSTALADO EM LOCAL COM NÍVEL BAIXO DE INTERFERÊNCIAS (NÃO INCLUI FORNECIMENTO). AF_11/2017"},null,null,null,{"$f":"IF(B706 = \"SERVIÇO\", IF(C706 = \"SINAPI\", VLOOKUP(D706, 'SERVIÇOS SINAPI'!$B:$E, 3, 0), IF(C706 = \"ORSE\", VLOOKUP(D706,#REF!, 3, 0), IF(C706 = \"SEINFRA\", VLOOKUP(D706,#REF!, 5, 0)))), IF(B706=\"INSUMO\", IF(C706 = \"SINAPI\", VLOOKUP(D706, Insumos!$B:$G, 3, 0), IF(C706 = \"ORSE\", VLOOKUP(D706,#REF!, 3, 0), IF(C706 = \"SEINFRA\", VLOOKUP(D706,#REF!, 3, 0),)))))","v":"M"},null,{"$f":"I717","v":0.61},0.78]
[]
[null,null,null,"COD.","DESCRIÇÃO","UN.","COEF.","PREÇO","TOTAL"]
[null,null,null,"MÃO-DE-OBRA"]
[null,null,null,"88316","SERVENTE (COM ENCARGOS INCLUSOS)","H","0,0176000",{"$f":"SUMIF(Insumos!B:B,D710,Insumos!G:G)","v":11.11},{"$f":"TRUNC(G710*H710,2)","v":0.19}]
[{"$nulls":7},{"$f":"SUMIF(Insumos!B:B,D711,Insumos!G:G)","v":0},{"$f":"TRUNC(G711*H711,2)","v":0}]
[null,null,null,"PARCIAL:",{"$nulls":4},{"$f":"SUM(I709:I711)","v":0.19}]
[null,null,null,"MATERIAL/SERVIÇOS/ EQUIPAMENTOS"]
[null,null,null,"20078","PASTA LUBRIFICANTE PARA TUBOS E CONEXOES COM JUNTA ELASTICA (USO EM PVC, ACO, POLIETILENO E OUTROS) ( DE *400* G)","UN","0,0043000",{"$f":"SUMIF(Insumos!B:B,D714,Insumos!G:G)","v":12.84},{"$f":"TRUNC(G714*H714,2)","v":0.05}]
[null,null,null,"88246","ASSENTADOR DE TUBOS (COM ENCARGOS INCLUSOS)","H","0,0176000",{"$f":"SUMIF(Insumos!B:B,D715,Insumos!G:G)","v":21.13},{"$f":"TRUNC(G715*H715,2)","v":0.37}]
[{"$nulls":7},"PARCIAL:",{"$f":"SUM(I714:I715)","v":0.42}]
[{"$nulls":7},"VALOR UNITÁRIO TOTAL - R$",{"$f":"I712+I716","v":0.61}]
[]
[]
[]
[null,"SERVIÇO","SINAPI",97159,{"$f":"IF($B721 = \"SERVIÇO\", IF(C721 = \"SINAPI\", VLOOKUP(D721, 'SERVIÇOS SINAPI'!$B:$E, 2, 0), IF(C721 = \"ORSE\", VLOOKUP(D721,#REF!, 2, 0), IF(C721 = \"SEINFRA\", VLOOKUP(D721,#REF!, 2, 0)))), IF(B721=\"INSUMO\", IF(C721 = \"SINAPI\", VLOOKUP(D721, Insumos!$B:$G, 2, 0), IF(C721 = \"ORSE\", VLOOKUP(D721,#REF!, 2, 0), IF(C721 = \"SEINFRA\", VLOOKUP(D721,#REF!, 2, 0),)))))","v":"ASSENTAMENTO DE TUBO DE FERRO FUNDIDO PARA REDE DE ÁGUA, DN 150 MM, JUNTA ELÁSTICA, INSTALADO EM LOCAL COM NÍVEL BAIXO DE INTERFERÊNCIAS (NÃO INCLUI FORNECIMENTO). AF_11/2017"},null,null,null,{"$f":"IF(B721 = \"SERVIÇO\", IF(C721 = \"SINAPI\", VLOOKUP(D721, 'SERVIÇOS SINAPI'!$B:$E, 3, 0), IF(C721 = \"ORSE\", VLOOKUP(D721,#REF!, 3, 0), IF(C721 = \"SEINFRA\", VLOOKUP(D721,#REF!, 5, 0)))), IF(B721=\"INSUMO\", IF(C721 = \"SINAPI\", VLOOKUP(D721, Insumos!$B:$G, 3, 0), IF(C721 = \"ORSE\", VLOOKUP(D721,#REF!, 3, 0), IF(C721 = \"SEINFRA\", VLOOKUP(D721,#REF!, 3, 0),)))))","v":"M"},null,{"$f":"I735","v":4.83},6.17]
[]
[null,null,null,"COD.","DESCRIÇÃO","UN.","COEF.","PREÇO","TOTAL"]
[null,null,null,"MÃO-DE-OBRA"]
[null,null,null,"88316","SERVENTE (COM ENCARGOS INCLUSOS)","H","0,0845000",{"$f":"SUMIF(Insumos!B:B,D725,Insumos!G:G)","v":11.11},{"$f":"TRUNC(G725*H725,2)","v":0.93}]
[{"$nulls":7},{"$f":"SUMIF(Insumos!B:B,D726,Insumos!G:G)","v":0},{"$f":"TRUNC(G726*H726,2)","v":0}]
[null,null,null,"PARCIAL:",{"$nulls":4},{"$f":"SUM(I724:I726)","v":0.93}]
[null,null,null,"MATERIAL/SERVIÇOS/ EQUIPAMENTOS"]
[null,null,null,"5678","RETROESCAVADEIRA SOBRE RODAS COM CARREGADEIRA, TRAÇÃO 4X4, POTÊNCIA LÍQ. 88 HP, CAÇAMBA CARREG. CAP. MÍN. 1 M3, CAÇAMBA RETRO CAP. 0,26 M3, PESO OPERACIONAL MÍN. 6.674 KG, PROFUNDIDADE ESCAVAÇÃO MÁX. 4,37 M - CHP DIURNO. AF_06/2014","CHP","0,0124000",{"$f":"SUMIF(Insumos!B:B,D729,Insumos!G:G)","v":87.88},{"$f":"TRUNC(G729*H729,2)","v":1.08}]
[null,null,null,"5679","RETROESCAVADEIRA SOBRE RODAS COM CARREGADEIRA, TRAÇÃO 4X4, POTÊNCIA LÍQ. 88 HP, CAÇAMBA CARREG. CAP. MÍN. 1 M3, CAÇAMBA RETRO CAP. 0,26 M3, PESO OPERACIONAL MÍN. 6.674 KG, PROFUNDIDADE ESCAVAÇÃO MÁX. 4,37 M - CHI DIURNO. AF_06/2014","CHI","0,0237000",{"$f":"SUMIF(Insumos!B:B,D730,Insumos!G:G)","v":39.72},{"$f":"TRUNC(G730*H730,2)","v":0.94}]
[null,null,null,"20078","PASTA LUBRIFICANTE PARA TUBOS E CONEXOES COM JUNTA ELASTICA (USO EM PVC, ACO, POLIETILENO E OUTROS) ( DE *400* G)","UN","0,0071000",{"$f":"SUMIF(Insumos!B:B,D731,Insumos!G:G)","v":12.84},{"$f":"TRUNC(G731*H731,2)","v":0.09}]
[null,null,null,"88246","ASSENTADOR DE TUBOS (COM ENCARGOS INCLUSOS)","H","0,0845000",{"$f":"SUMIF(Insumos!B:B,D732,Insumos!G:G)","v":21.13},{"$f":"TRUNC(G732*H732,2)+0.01","v":1.79}]
[{"$nulls":7},{"$f":"SUMIF(Insumos!B:B,D733,Insumos!G:G)","v":0},{"$f":"TRUNC(G733*H733,2)","v":0}]
[{"$nulls":7},"PARCIAL:",{"$f":"SUM(I729:I733)","v":3.9}]
[{"$nulls":7},"VALOR UNITÁRIO TOTAL - R$",{"$f":"I727+I734","v":4.83}]
[]
[]
[]
[null,"SERVIÇO","SINAPI",94102,{"$f":"IF($B739 = \"SERVIÇO\", IF(C739 = \"SINAPI\", VLOOKUP(D739, 'SERVIÇOS SINAPI'!$B:$E, 2, 0), IF(C739 = \"ORSE\", VLOOKUP(D739,#REF!, 2, 0), IF(C739 = \"SEINFRA\", VLOOKUP(D739,#REF!, 2, 0)))), IF(B739=\"INSUMO\", IF(C739 = \"SINAPI\", VLOOKUP(D739, Insumos!$B:$G, 2, 0), IF(C739 = \"ORSE\", VLOOKUP(D739,#REF!, 2, 0), IF(C739 = \"SEINFRA\", VLOOKUP(D739,#REF!, 2, 0),)))))","v":"LASTRO DE VALA COM PREPARO DE FUNDO, LARGURA MENOR QUE 1,5 M, COM CAMADA DE AREIA, LANÇAMENTO MANUAL, EM LOCAL COM NÍVEL BAIXO DE INTERFERÊNCIA. AF_06/2016"},null,null,null,{"$f":"IF(B739 = \"SERVIÇO\", IF(C739 = \"SINAPI\", VLOOKUP(D739, 'SERVIÇOS SINAPI'!$B:$E, 3, 0), IF(C739 = \"ORSE\", VLOOKUP(D739,#REF!, 3, 0), IF(C739 = \"SEINFRA\", VLOOKUP(D739,#REF!, 5, 0)))), IF(B739=\"INSUMO\", IF(C739 = \"SINAPI\", VLOOKUP(D739, Insumos!$B:$G, 3, 0), IF(C739 = \"ORSE\", VLOOKUP(D739,#REF!, 3, 0), IF(C739 = \"SEINFRA\", VLOOKUP(D739,#REF!, 3, 0),)))))","v":"M³"},null,{"$f":"I751","v":108.68},139.02000000000001]
[]
[null,null,null,"COD.","DESCRIÇÃO","UN.","COEF.","PREÇO","TOTAL"]
[null,null,null,"MÃO-DE-OBRA"]
[null,null,null,"88309","PEDREIRO (COM ENCARGOS INCLUSOS)","H","2,0650000",{"$f":"SUMIF(Insumos!B:B,D743,Insumos!G:G)","v":13.51},{"$f":"TRUNC(G743*H743,2)","v":27.89}]
[null,null,null,"88316","SERVENTE (COM ENCARGOS INCLUSOS)","H","3,0970000",{"$f":"SUMIF(Insumos!B:B,D744,Insumos!G:G)","v":11.11},{"$f":"TRUNC(G744*H744,2)","v":34.4}]
[null,null,null,"PARCIAL:",{"$nulls":4},{"$f":"SUM(I742:I744)","v":62.29}]
[null,null,null,"MATERIAL/SERVIÇOS/ EQUIPAMENTOS"]
[null,null,null,"370","AREIA MEDIA - POSTO JAZIDA/FORNECEDOR (RETIRADO NA JAZIDA, SEM TRANSPORTE)","M3","1,1000000",{"$f":"SUMIF(Insumos!B:B,D747,Insumos!G:G)","v":39.15},{"$f":"TRUNC(G747*H747,2)","v":43.06}]
[null,null,null,"91533","COMPACTADOR DE SOLOS DE PERCUSSÃO (SOQUETE) COM MOTOR A GASOLINA 4 TEMPOS, POTÊNCIA 4 CV - CHP DIURNO. AF_08/2015","CHP","0,0690000",{"$f":"SUMIF(Insumos!B:B,D748,Insumos!G:G)","v":26.31},{"$f":"TRUNC(G748*H748,2)","v":1.81}]
[null,null,null,"91534","COMPACTADOR DE SOLOS DE PERCUSSÃO (SOQUETE) COM MOTOR A GASOLINA 4 TEMPOS, POTÊNCIA 4 CV - CHI DIURNO. AF_08/2015","CHI","0,0640000",{"$f":"SUMIF(Insumos!B:B,D749,Insumos!G:G)","v":23.7},{"$f":"TRUNC(G749*H749,2)+0.01","v":1.52}]
[{"$nulls":7},"PARCIAL:",{"$f":"SUM(I747:I749)","v":46.39}]
[{"$nulls":7},"VALOR UNITÁRIO TOTAL - R$",{"$f":"I745+I750","v":108.68}]
[]
[]
[]
[null,"SERVIÇO","SINAPI",94315,{"$f":"IF($B755 = \"SERVIÇO\", IF(C755 = \"SINAPI\", VLOOKUP(D755, 'SERVIÇOS SINAPI'!$B:$E, 2, 0), IF(C755 = \"ORSE\", VLOOKUP(D755,#REF!, 2, 0), IF(C755 = \"SEINFRA\", VLOOKUP(D755,#REF!, 2, 0)))), IF(B755=\"INSUMO\", IF(C755 = \"SINAPI\", VLOOKUP(D755, Insumos!$B:$G, 2, 0), IF(C755 = \"ORSE\", VLOOKUP(D755,#REF!, 2, 0), IF(C755 = \"SEINFRA\", VLOOKUP(D755,#REF!, 2, 0),)))))","v":"ATERRO MECANIZADO DE VALA COM RETROESCAVADEIRA (CAPACIDADE DA CAÇAMBA DA RETRO: 0,26 M³ / POTÊNCIA: 88 HP), LARGURA ATÉ 0,8 M, PROFUNDIDADE ATÉ 1,5 M, COM SOLO ARGILO-ARENOSO. AF_05/2016"},null,null,null,{"$f":"IF(B755 = \"SERVIÇO\", IF(C755 = \"SINAPI\", VLOOKUP(D755, 'SERVIÇOS SINAPI'!$B:$E, 3, 0), IF(C755 = \"ORSE\", VLOOKUP(D755,#REF!, 3, 0), IF(C755 = \"SEINFRA\", VLOOKUP(D755,#REF!, 5, 0)))), IF(B755=\"INSUMO\", IF(C755 = \"SINAPI\", VLOOKUP(D755, Insumos!$B:$G, 3, 0), IF(C755 = \"ORSE\", VLOOKUP(D755,#REF!, 3, 0), IF(C755 = \"SEINFRA\", VLOOKUP(D755,#REF!, 3, 0),)))))","v":"M³"},null,{"$f":"I770","v":32.4},41.39]
[]
[null,null,null,"COD.","DESCRIÇÃO","UN.","COEF.","PREÇO","TOTAL"]
[null,null,null,"MÃO-DE-OBRA"]
[null,null,null,"88316","SERVENTE (COM ENCARGOS INCLUSOS)","H","0,0520000",{"$f":"SUMIF(Insumos!B:B,D759,Insumos!G:G)","v":11.11},{"$f":"TRUNC(G759*H759,2)","v":0.56999999999999995}]
[null,null,null,"PARCIAL:",{"$nulls":4},{"$f":"SUM(I758:I759)","v":0.56999999999999995}]
[null,null,null,"MATERIAL/SERVIÇOS/ EQUIPAMENTOS"]
[null,null,null,"5678","RETROESCAVADEIRA SOBRE RODAS COM CARREGADEIRA, TRAÇÃO 4X4, POTÊNCIA LÍQ. 88 HP, CAÇAMBA CARREG. CAP. MÍN. 1 M3, CAÇAMBA RETRO CAP. 0,26 M3, PESO OPERACIONAL MÍN. 6.674 KG, PROFUNDIDADE ESCAVAÇÃO MÁX. 4,37 M - CHP DIURNO. AF_06/2014","CHP","0,0410000",{"$f":"SUMIF(Insumos!B:B,D762,Insumos!G:G)","v":87.88},{"$f":"TRUNC(G762*H762,2)","v":3.6}]
[null,null,null,"5679","RETROESCAVADEIRA SOBRE RODAS COM CARREGADEIRA, TRAÇÃO 4X4, POTÊNCIA LÍQ. 88 HP, CAÇAMBA CARREG. CAP. MÍN. 1 M3, CAÇAMBA RETRO CAP. 0,26 M3, PESO OPERACIONAL MÍN. 6.674 KG, PROFUNDIDADE ESCAVAÇÃO MÁX. 4,37 M - CHI DIURNO. AF_06/2014","CHI","0,0540000",{"$f":"SUMIF(Insumos!B:B,D763,Insumos!G:G)","v":39.72},2.14]
[null,null,null,"5901","CAMINHÃO PIPA 10.000 L TRUCADO, PESO BRUTO TOTAL 23.000 KG, CARGA ÚTIL MÁXIMA 15.935 KG, DISTÂNCIA ENTRE EIXOS 4,8 M, POTÊNCIA 230 CV, INCLUSIVE TANQUE DE AÇO PARA TRANSPORTE DE ÁGUA - CHP DIURNO. AF_06/2014","CHP","0,0060000",{"$f":"SUMIF(Insumos!B:B,D764,Insumos!G:G)","v":133.53},0.8]
[null,null,null,"5903","CAMINHÃO PIPA 10.000 L TRUCADO, PESO BRUTO TOTAL 23.000 KG, CARGA ÚTIL MÁXIMA 15.935 KG, DISTÂNCIA ENTRE EIXOS 4,8 M, POTÊNCIA 230 CV, INCLUSIVE TANQUE DE AÇO PARA TRANSPORTE DE ÁGUA - CHI DIURNO. AF_06/2014","CHI","0,0030000",{"$f":"SUMIF(Insumos!B:B,D765,Insumos!G:G)","v":32.93},0.09]
[null,null,null,"6079","ARGILA, ARGILA VERMELHA OU ARGILA ARENOSA (RETIRADA NA JAZIDA, SEM TRANSPORTE)","M3","1,2500000",{"$f":"SUMIF(Insumos!B:B,D766,Insumos!G:G)","v":9.59},11.98]
[null,null,null,"91533","COMPACTADOR DE SOLOS DE PERCUSSÃO (SOQUETE) COM MOTOR A GASOLINA 4 TEMPOS, POTÊNCIA 4 CV - CHP DIURNO. AF_08/2015","CHP","0,2740000",{"$f":"SUMIF(Insumos!B:B,D767,Insumos!G:G)","v":26.31},7.2]
[null,null,null,"91534","COMPACTADOR DE SOLOS DE PERCUSSÃO (SOQUETE) COM MOTOR A GASOLINA 4 TEMPOS, POTÊNCIA 4 CV - CHI DIURNO. AF_08/2015","CHI","0,2540000",{"$f":"SUMIF(Insumos!B:B,D768,Insumos!G:G)","v":23.7},{"$f":"TRUNC(G768*H768,2)+0.01","v":6.02}]
[{"$nulls":7},"PARCIAL:",{"$f":"SUM(I762:I768)","v":31.83}]
[{"$nulls":7},"VALOR UNITÁRIO TOTAL - R$",{"$f":"I760+I769","v":32.4}]
[]
[]
[]
[null,"SERVIÇO","SINAPI","74219/1",{"$f":"IF($B774 = \"SERVIÇO\", IF(C774 = \"SINAPI\", VLOOKUP(D774, 'SERVIÇOS SINAPI'!$B:$E, 2, 0), IF(C774 = \"ORSE\", VLOOKUP(D774,#REF!, 2, 0), IF(C774 = \"SEINFRA\", VLOOKUP(D774,#REF!, 2, 0)))), IF(B774=\"INSUMO\", IF(C774 = \"SINAPI\", VLOOKUP(D774, Insumos!$B:$G, 2, 0), IF(C774 = \"ORSE\", VLOOKUP(D774,#REF!, 2, 0), IF(C774 = \"SEINFRA\", VLOOKUP(D774,#REF!, 2, 0),)))))","v":"PASSADICOS COM TABUAS DE MADEIRA PARA PEDESTRES"},null,null,null,{"$f":"IF(B774 = \"SERVIÇO\", IF(C774 = \"SINAPI\", VLOOKUP(D774, 'SERVIÇOS SINAPI'!$B:$E, 3, 0), IF(C774 = \"ORSE\", VLOOKUP(D774,#REF!, 3, 0), IF(C774 = \"SEINFRA\", VLOOKUP(D774,#REF!, 5, 0)))), IF(B774=\"INSUMO\", IF(C774 = \"SINAPI\", VLOOKUP(D774, Insumos!$B:$G, 3, 0), IF(C774 = \"ORSE\", VLOOKUP(D774,#REF!, 3, 0), IF(C774 = \"SEINFRA\", VLOOKUP(D774,#REF!, 3, 0),)))))","v":"M²"},null,{"$f":"I788","v":43.7},55.82]
[]
[null,null,null,"COD.","DESCRIÇÃO","UN.","COEF.","PREÇO","TOTAL"]
[null,null,null,"MÃO-DE-OBRA"]
[null,null,null,"88262","CARPINTEIRO DE FORMAS (COM ENCARGOS INCLUSOS)","H",0.3823529,{"$f":"SUMIF(Insumos!B:B,D778,Insumos!G:G)","v":13.51},{"$f":"TRUNC(G778*H778,2)","v":5.16}]
[null,null,null,"88316","SERVENTE (COM ENCARGOS INCLUSOS)","H",1.3823529000000001,{"$f":"SUMIF(Insumos!B:B,D779,Insumos!G:G)","v":11.11},{"$f":"TRUNC(G779*H779,2)","v":15.35}]
[null,null,null,"PARCIAL:",{"$nulls":4},{"$f":"SUM(I777:I779)","v":20.51}]
[null,null,null,"MATERIAL/SERVIÇOS/ EQUIPAMENTOS"]
[null,null,null,"4472","VIGA DE MADEIRA NAO APARELHADA *6 X 16* CM, MACARANDUBA, ANGELIM OU EQUIVALENTE DA REGIAO","M","0,7619000",{"$f":"SUMIF(Insumos!B:B,D782,Insumos!G:G)","v":21.31},{"$f":"TRUNC(G782*H782,2)","v":16.23}]
[null,null,null,"5061","PREGO DE ACO POLIDO COM CABECA 18 X 27 (2 1/2 X 10)","KG","0,2000000",{"$f":"SUMIF(Insumos!B:B,D783,Insumos!G:G)","v":7.91},{"$f":"TRUNC(G783*H783,2)","v":1.58}]
[null,null,null,"6189","TABUA MADEIRA 2A QUALIDADE 2,5 X 30,0CM (1 X 12\") NAO APARELHADA","M","0,4285000",{"$f":"SUMIF(Insumos!B:B,D784,Insumos!G:G)","v":12.54},{"$f":"TRUNC(G784*H784,2)+0.01","v":5.38}]
[{"$nulls":7},{"$f":"SUMIF(Insumos!B:B,D785,Insumos!G:G)","v":0},{"$f":"TRUNC(G785*H785,2)","v":0}]
[{"$nulls":7},{"$f":"SUMIF(Insumos!B:B,D786,Insumos!G:G)","v":0},{"$f":"TRUNC(G786*H786,2)","v":0}]
[{"$nulls":7},"PARCIAL:",{"$f":"SUM(I782:I786)","v":23.19}]
[{"$nulls":7},"VALOR UNITÁRIO TOTAL - R$",{"$f":"I780+I787","v":43.7}]
[]
[]
[]
[null,"SERVIÇO","SINAPI","74219/2",{"$f":"IF($B792 = \"SERVIÇO\", IF(C792 = \"SINAPI\", VLOOKUP(D792, 'SERVIÇOS SINAPI'!$B:$E, 2, 0), IF(C792 = \"ORSE\", VLOOKUP(D792,#REF!, 2, 0), IF(C792 = \"SEINFRA\", VLOOKUP(D792,#REF!, 2, 0)))), IF(B792=\"INSUMO\", IF(C792 = \"SINAPI\", VLOOKUP(D792, Insumos!$B:$G, 2, 0), IF(C792 = \"ORSE\", VLOOKUP(D792,#REF!, 2, 0), IF(C792 = \"SEINFRA\", VLOOKUP(D792,#REF!, 2, 0),)))))","v":"PASSADICOS COM TABUAS DE MADEIRA PARA VEICULOS"},null,null,null,{"$f":"IF(B792 = \"SERVIÇO\", IF(C792 = \"SINAPI\", VLOOKUP(D792, 'SERVIÇOS SINAPI'!$B:$E, 3, 0), IF(C792 = \"ORSE\", VLOOKUP(D792,#REF!, 3, 0), IF(C792 = \"SEINFRA\", VLOOKUP(D792,#REF!, 5, 0)))), IF(B792=\"INSUMO\", IF(C792 = \"SINAPI\", VLOOKUP(D792, Insumos!$B:$G, 3, 0), IF(C792 = \"ORSE\", VLOOKUP(D792,#REF!, 3, 0), IF(C792 = \"SEINFRA\", VLOOKUP(D792,#REF!, 3, 0),)))))","v":"M²"},null,{"$f":"I806","v":34.4},43.94]
[]
[null,null,null,"COD.","DESCRIÇÃO","UN.","COEF.","PREÇO","TOTAL"]
[null,null,null,"MÃO-DE-OBRA"]
[null,null,null,"88262","CARPINTEIRO DE FORMAS (COM ENCARGOS INCLUSOS)","H",0.24403820000000001,{"$f":"SUMIF(Insumos!B:B,D796,Insumos!G:G)","v":13.51},{"$f":"TRUNC(G796*H796,2)","v":3.29}]
[null,null,null,"88316","SERVENTE (COM ENCARGOS INCLUSOS)","H",1.2440382000000001,{"$f":"SUMIF(Insumos!B:B,D797,Insumos!G:G)","v":11.11},{"$f":"TRUNC(G797*H797,2)","v":13.82}]
[null,null,null,"PARCIAL:",{"$nulls":4},{"$f":"SUM(I795:I797)","v":17.11}]
[null,null,null,"MATERIAL/SERVIÇOS/ EQUIPAMENTOS"]
[null,null,null,"4491","PECA DE MADEIRA NATIVA / REGIONAL 7,5 X 7,5CM (3X3) NAO APARELHADA (P/FORMA)","M","0,8000000",{"$f":"SUMIF(Insumos!B:B,D800,Insumos!G:G)","v":5.01},{"$f":"TRUNC(G800*H800,2)","v":4}]
[null,null,null,"5061","PREGO DE ACO POLIDO COM CABECA 18 X 27 (2 1/2 X 10)","KG","0,2000000",{"$f":"SUMIF(Insumos!B:B,D801,Insumos!G:G)","v":7.91},{"$f":"TRUNC(G801*H801,2)","v":1.58}]
[null,null,null,"6189","TABUA MADEIRA 2A QUALIDADE 2,5 X 30,0CM (1 X 12\") NAO APARELHADA","M","0,9333000",{"$f":"SUMIF(Insumos!B:B,D802,Insumos!G:G)","v":12.54},{"$f":"TRUNC(G802*H802,2)+0.01","v":11.71}]
[{"$nulls":7},{"$f":"SUMIF(Insumos!B:B,D803,Insumos!G:G)","v":0},{"$f":"TRUNC(G803*H803,2)","v":0}]
[{"$nulls":7},{"$f":"SUMIF(Insumos!B:B,D804,Insumos!G:G)","v":0},{"$f":"TRUNC(G804*H804,2)","v":0}]
[{"$nulls":7},"PARCIAL:",{"$f":"SUM(I800:I804)","v":17.29}]
[{"$nulls":7},"VALOR UNITÁRIO TOTAL - R$",{"$f":"I798+I805","v":34.4}]
[]
[]
[]
[null,"SERVIÇO","SINAPI",85424,{"$f":"IF($B810 = \"SERVIÇO\", IF(C810 = \"SINAPI\", VLOOKUP(D810, 'SERVIÇOS SINAPI'!$B:$E, 2, 0), IF(C810 = \"ORSE\", VLOOKUP(D810,#REF!, 2, 0), IF(C810 = \"SEINFRA\", VLOOKUP(D810,#REF!, 2, 0)))), IF(B810=\"INSUMO\", IF(C810 = \"SINAPI\", VLOOKUP(D810, Insumos!$B:$G, 2, 0), IF(C810 = \"ORSE\", VLOOKUP(D810,#REF!, 2, 0), IF(C810 = \"SEINFRA\", VLOOKUP(D810,#REF!, 2, 0),)))))","v":"ISOLAMENTO DE OBRA COM TELA PLASTICA COM MALHA DE 5MM E ESTRUTURA DE MADEIRA PONTALETEADA"},null,null,null,{"$f":"IF(B810 = \"SERVIÇO\", IF(C810 = \"SINAPI\", VLOOKUP(D810, 'SERVIÇOS SINAPI'!$B:$E, 3, 0), IF(C810 = \"ORSE\", VLOOKUP(D810,#REF!, 3, 0), IF(C810 = \"SEINFRA\", VLOOKUP(D810,#REF!, 5, 0)))), IF(B810=\"INSUMO\", IF(C810 = \"SINAPI\", VLOOKUP(D810, Insumos!$B:$G, 3, 0), IF(C810 = \"ORSE\", VLOOKUP(D810,#REF!, 3, 0), IF(C810 = \"SEINFRA\", VLOOKUP(D810,#REF!, 3, 0),)))))","v":"M²"},null,{"$f":"I824","v":15.72},20.079999999999998]
[]
[null,null,null,"COD.","DESCRIÇÃO","UN.","COEF.","PREÇO","TOTAL"]
[null,null,null,"MÃO-DE-OBRA"]
[null,null,null,"88239","AJUDANTE DE CARPINTEIRO (COM ENCARGOS INCLUSOS)","H",0.56080059999999998,{"$f":"SUMIF(Insumos!B:B,D814,Insumos!G:G)","v":11.11},{"$f":"TRUNC(G814*H814,2)","v":6.23}]
[null,null,null,"88262","CARPINTEIRO DE FORMAS (COM ENCARGOS INCLUSOS)","H",0.47080060000000001,{"$f":"SUMIF(Insumos!B:B,D815,Insumos!G:G)","v":13.51},{"$f":"TRUNC(G815*H815,2)","v":6.36}]
[null,null,null,"PARCIAL:",{"$nulls":4},{"$f":"SUM(I813:I815)","v":12.59}]
[null,null,null,"MATERIAL/SERVIÇOS/ EQUIPAMENTOS"]
[null,null,null,"4491","PECA DE MADEIRA NATIVA / REGIONAL 7,5 X 7,5CM (3X3) NAO APARELHADA (P/FORMA)","M",0.06,{"$f":"SUMIF(Insumos!B:B,D818,Insumos!G:G)","v":5.01},{"$f":"TRUNC(G818*H818,2)","v":0.3}]
[null,null,null,"4509","PECA DE MADEIRA 3A QUALIDADE 2,5 X 10CM NAO APARELHADA","M","0,2000000",{"$f":"SUMIF(Insumos!B:B,D819,Insumos!G:G)","v":5.25},{"$f":"TRUNC(G819*H819,2)","v":1.05}]
[null,null,null,"5061","PREGO DE ACO POLIDO COM CABECA 18 X 27 (2 1/2 X 10)","KG","0,0100000",{"$f":"SUMIF(Insumos!B:B,D820,Insumos!G:G)","v":7.91},{"$f":"TRUNC(G820*H820,2)","v":7.0000000000000007E-2}]
[null,null,null,"7170","TELA FACHADEIRA EM POLIETILENO, ROLO DE 3 X 100 M (L X C), COR BRANCA, SEM LOGOMARCA - PARA PROTECAO DE OBRAS","M2","1,1000000",{"$f":"SUMIF(Insumos!B:B,D821,Insumos!G:G)","v":1.57},{"$f":"TRUNC(G821*H821,2)-0.01","v":1.71}]
[{"$nulls":7},{"$f":"SUMIF(Insumos!B:B,D822,Insumos!G:G)","v":0},{"$f":"TRUNC(G822*H822,2)","v":0}]
[{"$nulls":7},"PARCIAL:",{"$f":"SUM(I818:I822)","v":3.13}]
[{"$nulls":7},"VALOR UNITÁRIO TOTAL - R$",{"$f":"I816+I823","v":15.72}]
[]
[]
[]
[null,"SERVIÇO","SINAPI","74220/1",{"$f":"IF($B828 = \"SERVIÇO\", IF(C828 = \"SINAPI\", VLOOKUP(D828, 'SERVIÇOS SINAPI'!$B:$E, 2, 0), IF(C828 = \"ORSE\", VLOOKUP(D828,#REF!, 2, 0), IF(C828 = \"SEINFRA\", VLOOKUP(D828,#REF!, 2, 0)))), IF(B828=\"INSUMO\", IF(C828 = \"SINAPI\", VLOOKUP(D828, Insumos!$B:$G, 2, 0), IF(C828 = \"ORSE\", VLOOKUP(D828,#REF!, 2, 0), IF(C828 = \"SEINFRA\", VLOOKUP(D828,#REF!, 2, 0),)))))","v":"TAPUME DE CHAPA DE MADEIRA COMPENSADA, E= 6MM, COM PINTURA A CAL E REAPROVEITAMENTO DE 2X"},null,null,null,{"$f":"IF(B828 = \"SERVIÇO\", IF(C828 = \"SINAPI\", VLOOKUP(D828, 'SERVIÇOS SINAPI'!$B:$E, 3, 0), IF(C828 = \"ORSE\", VLOOKUP(D828,#REF!, 3, 0), IF(C828 = \"SEINFRA\", VLOOKUP(D828,#REF!, 5, 0)))), IF(B828=\"INSUMO\", IF(C828 = \"SINAPI\", VLOOKUP(D828, Insumos!$B:$G, 3, 0), IF(C828 = \"ORSE\", VLOOKUP(D828,#REF!, 3, 0), IF(C828 = \"SEINFRA\", VLOOKUP(D828,#REF!, 3, 0),)))))","v":"M²"},null,{"$f":"I843","v":40.19},51.35]
[]
[null,null,null,"COD.","DESCRIÇÃO","UN.","COEF.","PREÇO","TOTAL"]
[null,null,null,"MÃO-DE-OBRA"]
[null,null,null,"88262","CARPINTEIRO DE FORMAS (COM ENCARGOS INCLUSOS)","H","0,8000000",{"$f":"SUMIF(Insumos!B:B,D832,Insumos!G:G)","v":13.51},{"$f":"TRUNC(G832*H832,2)","v":10.8}]
[null,null,null,"88310","PINTOR (COM ENCARGOS INCLUSOS)","H","0,3000000",{"$f":"SUMIF(Insumos!B:B,D833,Insumos!G:G)","v":13.51},{"$f":"TRUNC(G833*H833,2)","v":4.05}]
[null,null,null,"88316","SERVENTE (COM ENCARGOS INCLUSOS)","H","0,9500000",{"$f":"SUMIF(Insumos!B:B,D834,Insumos!G:G)","v":11.11},{"$f":"TRUNC(G834*H834,2)","v":10.55}]
[null,null,null,"PARCIAL:",{"$nulls":4},{"$f":"SUM(I831:I834)","v":25.4}]
[null,null,null,"MATERIAL/SERVIÇOS/ EQUIPAMENTOS"]
[null,null,null,"1106","CAL HIDRATADA CH-I PARA ARGAMASSAS","KG","0,6000000",{"$f":"SUMIF(Insumos!B:B,D837,Insumos!G:G)","v":0.63},{"$f":"TRUNC(G837*H837,2)","v":0.37}]
[null,null,null,"1351","CHAPA DE MADEIRA COMPENSADA RESINADA PARA FORMA DE CONCRETO, DE *2,2 X 1,1* M, E = 6 MM","UN","0,2272727",{"$f":"SUMIF(Insumos!B:B,D838,Insumos!G:G)","v":21.87},{"$f":"TRUNC(G838*H838,2)","v":4.97}]
[null,null,null,"4491","PECA DE MADEIRA NATIVA / REGIONAL 7,5 X 7,5CM (3X3) NAO APARELHADA (P/FORMA)","M","1,5800000",{"$f":"SUMIF(Insumos!B:B,D839,Insumos!G:G)","v":5.01},{"$f":"TRUNC(G839*H839,2)","v":7.91}]
[null,null,null,"5061","PREGO DE ACO POLIDO COM CABECA 18 X 27 (2 1/2 X 10)","KG","0,1500000",{"$f":"SUMIF(Insumos!B:B,D840,Insumos!G:G)","v":7.91},{"$f":"TRUNC(G840*H840,2)","v":1.18}]
[null,null,null,5334,"OLEO DE LINHACA","L","0,0220000",{"$f":"SUMIF(Insumos!B:B,D841,Insumos!G:G)","v":16.29},{"$f":"TRUNC(G841*H841,2)+0.01","v":0.36}]
[{"$nulls":7},"PARCIAL:",{"$f":"SUM(I837:I841)","v":14.79}]
[{"$nulls":7},"VALOR UNITÁRIO TOTAL - R$",{"$f":"I835+I842","v":40.19}]
[]
[]
[]
[null,"SERVIÇO","SINAPI",73361,{"$f":"IF($B847 = \"SERVIÇO\", IF(C847 = \"SINAPI\", VLOOKUP(D847, 'SERVIÇOS SINAPI'!$B:$E, 2, 0), IF(C847 = \"ORSE\", VLOOKUP(D847,#REF!, 2, 0), IF(C847 = \"SEINFRA\", VLOOKUP(D847,#REF!, 2, 0)))), IF(B847=\"INSUMO\", IF(C847 = \"SINAPI\", VLOOKUP(D847, Insumos!$B:$G, 2, 0), IF(C847 = \"ORSE\", VLOOKUP(D847,#REF!, 2, 0), IF(C847 = \"SEINFRA\", VLOOKUP(D847,#REF!, 2, 0),)))))","v":"CONCRETO CICLOPICO FCK=10MPA 30% PEDRA DE MAO INCLUSIVE LANCAMENTO"},null,null,null,{"$f":"IF(B847 = \"SERVIÇO\", IF(C847 = \"SINAPI\", VLOOKUP(D847, 'SERVIÇOS SINAPI'!$B:$E, 3, 0), IF(C847 = \"ORSE\", VLOOKUP(D847,#REF!, 3, 0), IF(C847 = \"SEINFRA\", VLOOKUP(D847,#REF!, 5, 0)))), IF(B847=\"INSUMO\", IF(C847 = \"SINAPI\", VLOOKUP(D847, Insumos!$B:$G, 3, 0), IF(C847 = \"ORSE\", VLOOKUP(D847,#REF!, 3, 0), IF(C847 = \"SEINFRA\", VLOOKUP(D847,#REF!, 3, 0),)))))","v":"M³"},null,{"$f":"I861","v":264.20999999999998},337.49]
[]
[null,null,null,"COD.","DESCRIÇÃO","UN.","COEF.","PREÇO","TOTAL"]
[null,null,null,"MÃO-DE-OBRA"]
[null,null,null,"88262","CARPINTEIRO DE FORMAS (COM ENCARGOS INCLUSOS)","H","0,4690000",{"$f":"SUMIF(Insumos!B:B,D851,Insumos!G:G)","v":13.51},{"$f":"TRUNC(G851*H851,2)","v":6.33}]
[null,null,null,"88309","PEDREIRO (COM ENCARGOS INCLUSOS)","H","0,4690000",{"$f":"SUMIF(Insumos!B:B,D852,Insumos!G:G)","v":13.51},{"$f":"TRUNC(G852*H852,2)","v":6.33}]
[null,null,null,"88316","SERVENTE (COM ENCARGOS INCLUSOS)","H","8,4210000",{"$f":"SUMIF(Insumos!B:B,D853,Insumos!G:G)","v":11.11},{"$f":"TRUNC(G853*H853,2)","v":93.55}]
[null,null,null,"PARCIAL:",{"$nulls":4},{"$f":"SUM(I850:I853)","v":106.21}]
[null,null,null,"MATERIAL/SERVIÇOS/ EQUIPAMENTOS"]
[null,null,null,"4730","PEDRA DE MAO OU PEDRA RACHAO PARA ARRIMO/FUNDACAO (POSTO PEDREIRA/FORNECEDOR, SEM FRETE)","M3","0,5400000",{"$f":"SUMIF(Insumos!B:B,D856,Insumos!G:G)","v":45.34},{"$f":"TRUNC(G856*H856,2)+0.01","v":24.49}]
[null,null,null,"90586","VIBRADOR DE IMERSÃO, DIÂMETRO DE PONTEIRA 45MM, MOTOR ELÉTRICO TRIFÁSICO POTÊNCIA DE 2 CV - CHP DIURNO. AF_06/2015","CHP","0,1400000",{"$f":"SUMIF(Insumos!B:B,D857,Insumos!G:G)","v":0.84},{"$f":"TRUNC(G857*H857,2)+0.01","v":0.12}]
[null,null,null,"90587","VIBRADOR DE IMERSÃO, DIÂMETRO DE PONTEIRA 45MM, MOTOR ELÉTRICO TRIFÁSICO POTÊNCIA DE 2 CV - CHI DIURNO. AF_06/2015","CHI","0,5600000",{"$f":"SUMIF(Insumos!B:B,D858,Insumos!G:G)","v":0.23},{"$f":"TRUNC(G858*H858,2)","v":0.12}]
[null,null,null,"94962","CONCRETO MAGRO PARA LASTRO, TRAÇO 1:4,5:4,5 (CIMENTO/ AREIA MÉDIA/ BRITA 1)  - PREPARO MECÂNICO COM BETONEIRA 400 L. AF_07/2016","M3","0,7000000",{"$f":"SUMIF(Insumos!B:B,D859,Insumos!G:G)","v":190.39},{"$f":"TRUNC(G859*H859,2)","v":133.27000000000001}]
[{"$nulls":7},"PARCIAL:",{"$f":"SUM(I856:I859)","v":158}]
[{"$nulls":7},"VALOR UNITÁRIO TOTAL - R$",{"$f":"I854+I860","v":264.20999999999998}]
[]
[]
[]
[null,"SERVIÇO","SINAPI",93374,{"$f":"IF($B865 = \"SERVIÇO\", IF(C865 = \"SINAPI\", VLOOKUP(D865, 'SERVIÇOS SINAPI'!$B:$E, 2, 0), IF(C865 = \"ORSE\", VLOOKUP(D865,#REF!, 2, 0), IF(C865 = \"SEINFRA\", VLOOKUP(D865,#REF!, 2, 0)))), IF(B865=\"INSUMO\", IF(C865 = \"SINAPI\", VLOOKUP(D865, Insumos!$B:$G, 2, 0), IF(C865 = \"ORSE\", VLOOKUP(D865,#REF!, 2, 0), IF(C865 = \"SEINFRA\", VLOOKUP(D865,#REF!, 2, 0),)))))","v":"REATERRO MECANIZADO DE VALA COM RETROESCAVADEIRA (CAPACIDADE DA CAÇAMBA DA RETRO: 0,26 M³ / POTÊNCIA: 88 HP), LARGURA ATÉ 0,8 M, PROFUNDIDADE ATÉ 1,5 M, COM SOLO (SEM SUBSTITUIÇÃO) DE 1ª CATEGORIA EM LOCAIS COM ALTO NÍVEL DE INTERFERÊNCIA. AF_04/2016"},null,null,null,{"$f":"IF(B865 = \"SERVIÇO\", IF(C865 = \"SINAPI\", VLOOKUP(D865, 'SERVIÇOS SINAPI'!$B:$E, 3, 0), IF(C865 = \"ORSE\", VLOOKUP(D865,#REF!, 3, 0), IF(C865 = \"SEINFRA\", VLOOKUP(D865,#REF!, 5, 0)))), IF(B865=\"INSUMO\", IF(C865 = \"SINAPI\", VLOOKUP(D865, Insumos!$B:$G, 3, 0), IF(C865 = \"ORSE\", VLOOKUP(D865,#REF!, 3, 0), IF(C865 = \"SEINFRA\", VLOOKUP(D865,#REF!, 3, 0),)))))","v":"M³"},null,{"$f":"I879","v":18.09},23.11]
[]
[null,null,null,"COD.","DESCRIÇÃO","UN.","COEF.","PREÇO","TOTAL"]
[null,null,null,"MÃO-DE-OBRA"]
[null,null,null,"88316","SERVENTE (COM ENCARGOS INCLUSOS)","H","0,0500000",{"$f":"SUMIF(Insumos!B:B,D869,Insumos!G:G)","v":11.11},{"$f":"TRUNC(G869*H869,2)","v":0.55000000000000004}]
[{"$nulls":7},{"$f":"SUMIF(Insumos!B:B,D870,Insumos!G:G)","v":0},{"$f":"TRUNC(G870*H870,2)","v":0}]
[null,null,null,"PARCIAL:",{"$nulls":4},{"$f":"SUM(I868:I870)","v":0.55000000000000004}]
[null,null,null,"MATERIAL/SERVIÇOS/ EQUIPAMENTOS"]
[null,null,null,"5678","RETROESCAVADEIRA SOBRE RODAS COM CARREGADEIRA, TRAÇÃO 4X4, POTÊNCIA LÍQ. 88 HP, CAÇAMBA CARREG. CAP. MÍN. 1 M3, CAÇAMBA RETRO CAP. 0,26 M3, PESO OPERACIONAL MÍN. 6.674 KG, PROFUNDIDADE ESCAVAÇÃO MÁX. 4,37 M - CHP DIURNO. AF_06/2014","CHP","0,0480000",{"$f":"SUMIF(Insumos!B:B,D873,Insumos!G:G)","v":87.88},{"$f":"TRUNC(G873*H873,2)","v":4.21}]
[null,null,null,"5679","RETROESCAVADEIRA SOBRE RODAS COM CARREGADEIRA, TRAÇÃO 4X4, POTÊNCIA LÍQ. 88 HP, CAÇAMBA CARREG. CAP. MÍN. 1 M3, CAÇAMBA RETRO CAP. 0,26 M3, PESO OPERACIONAL MÍN. 6.674 KG, PROFUNDIDADE ESCAVAÇÃO MÁX. 4,37 M - CHI DIURNO. AF_06/2014","CHI","0,0620000",{"$f":"SUMIF(Insumos!B:B,D874,Insumos!G:G)","v":39.72},{"$f":"TRUNC(G874*H874,2)","v":2.46}]
[null,null,null,"91533","COMPACTADOR DE SOLOS DE PERCUSSÃO (SOQUETE) COM MOTOR A GASOLINA 4 TEMPOS, POTÊNCIA 4 CV - CHP DIURNO. AF_08/2015","CHP","0,2050000",{"$f":"SUMIF(Insumos!B:B,D875,Insumos!G:G)","v":26.31},{"$f":"TRUNC(G875*H875,2)","v":5.39}]
[null,null,null,"91534","COMPACTADOR DE SOLOS DE PERCUSSÃO (SOQUETE) COM MOTOR A GASOLINA 4 TEMPOS, POTÊNCIA 4 CV - CHI DIURNO. AF_08/2015","CHI","0,1900000",{"$f":"SUMIF(Insumos!B:B,D876,Insumos!G:G)","v":23.7},{"$f":"TRUNC(G876*H876,2)","v":4.5}]
[null,null,null,"95606","UMIDIFICAÇÃO DE MATERIAL PARA VALAS COM CAMINHÃO PIPA 10000L. AF_11/2016","M3","1,0000000",{"$f":"SUMIF(Insumos!B:B,D877,Insumos!G:G)","v":0.99},{"$f":"TRUNC(G877*H877,2)-0.01","v":0.98}]
[{"$nulls":7},"PARCIAL:",{"$f":"SUM(I873:I877)","v":17.54}]
[{"$nulls":7},"VALOR UNITÁRIO TOTAL - R$",{"$f":"I871+I878","v":18.09}]
[]
[]
[]
[null,"SERVIÇO","SINAPI",97644,{"$f":"IF($B883 = \"SERVIÇO\", IF(C883 = \"SINAPI\", VLOOKUP(D883, 'SERVIÇOS SINAPI'!$B:$E, 2, 0), IF(C883 = \"ORSE\", VLOOKUP(D883,#REF!, 2, 0), IF(C883 = \"SEINFRA\", VLOOKUP(D883,#REF!, 2, 0)))), IF(B883=\"INSUMO\", IF(C883 = \"SINAPI\", VLOOKUP(D883, Insumos!$B:$G, 2, 0), IF(C883 = \"ORSE\", VLOOKUP(D883,#REF!, 2, 0), IF(C883 = \"SEINFRA\", VLOOKUP(D883,#REF!, 2, 0),)))))","v":"REMOÇÃO DE PORTAS, DE FORMA MANUAL, SEM REAPROVEITAMENTO. AF_12/2017"},null,null,null,{"$f":"IF(B883 = \"SERVIÇO\", IF(C883 = \"SINAPI\", VLOOKUP(D883, 'SERVIÇOS SINAPI'!$B:$E, 3, 0), IF(C883 = \"ORSE\", VLOOKUP(D883,#REF!, 3, 0), IF(C883 = \"SEINFRA\", VLOOKUP(D883,#REF!, 5, 0)))), IF(B883=\"INSUMO\", IF(C883 = \"SINAPI\", VLOOKUP(D883, Insumos!$B:$G, 3, 0), IF(C883 = \"ORSE\", VLOOKUP(D883,#REF!, 3, 0), IF(C883 = \"SEINFRA\", VLOOKUP(D883,#REF!, 3, 0),)))))","v":"M²"},null,{"$f":"I893","v":4.6399999999999997},5.94]
[]
[null,null,null,"COD.","DESCRIÇÃO","UN.","COEF.","PREÇO","TOTAL"]
[null,null,null,"MÃO-DE-OBRA"]
[null,null,null,"88309","PEDREIRO (COM ENCARGOS INCLUSOS)","H",0.13150000000000001,{"$f":"SUMIF(Insumos!B:B,D887,Insumos!G:G)","v":13.51},{"$f":"TRUNC(G887*H887,2)","v":1.77}]
[null,null,null,"88316","SERVENTE (COM ENCARGOS INCLUSOS)","H","0,2582000",{"$f":"SUMIF(Insumos!B:B,D888,Insumos!G:G)","v":11.11},{"$f":"TRUNC(G888*H888,2)+0.01","v":2.87}]
[null,null,null,"PARCIAL:",{"$nulls":4},{"$f":"SUM(I886:I888)","v":4.6399999999999997}]
[null,null,null,"MATERIAL/SERVIÇOS/ EQUIPAMENTOS"]
[{"$nulls":7},{"$f":"SUMIF(Insumos!B:B,D891,Insumos!G:G)","v":0},{"$f":"TRUNC(G891*H891,2)","v":0}]
[{"$nulls":7},"PARCIAL:",{"$f":"SUM(I891:I891)","v":0}]
[{"$nulls":7},"VALOR UNITÁRIO TOTAL - R$",{"$f":"I889+I892","v":4.6399999999999997}]
[]
[]
[]
[null,"SERVIÇO","SINAPI",87504,{"$f":"IF($B897 = \"SERVIÇO\", IF(C897 = \"SINAPI\", VLOOKUP(D897, 'SERVIÇOS SINAPI'!$B:$E, 2, 0), IF(C897 = \"ORSE\", VLOOKUP(D897,#REF!, 2, 0), IF(C897 = \"SEINFRA\", VLOOKUP(D897,#REF!, 2, 0)))), IF(B897=\"INSUMO\", IF(C897 = \"SINAPI\", VLOOKUP(D897, Insumos!$B:$G, 2, 0), IF(C897 = \"ORSE\", VLOOKUP(D897,#REF!, 2, 0), IF(C897 = \"SEINFRA\", VLOOKUP(D897,#REF!, 2, 0),)))))","v":"ALVENARIA DE VEDAÇÃO DE BLOCOS CERÂMICOS FURADOS NA HORIZONTAL DE 9X19X19CM (ESPESSURA 9CM) DE PAREDES COM ÁREA LÍQUIDA MAIOR OU IGUAL A 6M² SEM VÃOS E ARGAMASSA DE ASSENTAMENTO COM PREPARO MANUAL. AF_06/2014"},null,null,null,{"$f":"IF(B897 = \"SERVIÇO\", IF(C897 = \"SINAPI\", VLOOKUP(D897, 'SERVIÇOS SINAPI'!$B:$E, 3, 0), IF(C897 = \"ORSE\", VLOOKUP(D897,#REF!, 3, 0), IF(C897 = \"SEINFRA\", VLOOKUP(D897,#REF!, 5, 0)))), IF(B897=\"INSUMO\", IF(C897 = \"SINAPI\", VLOOKUP(D897, Insumos!$B:$G, 3, 0), IF(C897 = \"ORSE\", VLOOKUP(D897,#REF!, 3, 0), IF(C897 = \"SEINFRA\", VLOOKUP(D897,#REF!, 3, 0),)))))","v":"M²"},null,{"$f":"I910","v":40},51.23]
[]
[null,null,null,"COD.","DESCRIÇÃO","UN.","COEF.","PREÇO","TOTAL"]
[null,null,null,"MÃO-DE-OBRA"]
[null,null,null,"88309","PEDREIRO (COM ENCARGOS INCLUSOS)","H","1,3700000",{"$f":"SUMIF(Insumos!B:B,D901,Insumos!G:G)","v":13.51},{"$f":"TRUNC(G901*H901,2)","v":18.5}]
[null,null,null,"88316","SERVENTE (COM ENCARGOS INCLUSOS)","H","0,6850000",{"$f":"SUMIF(Insumos!B:B,D902,Insumos!G:G)","v":11.11},{"$f":"TRUNC(G902*H902,2)+0.01","v":7.62}]
[null,null,null,"PARCIAL:",{"$nulls":4},{"$f":"SUM(I900:I902)","v":26.12}]
[null,null,null,"MATERIAL/SERVIÇOS/ EQUIPAMENTOS"]
[null,null,null,"7266","BLOCO CERAMICO (ALVENARIA DE VEDACAO), DE 9 X 19 X 19 CM","MIL","0,0279300",{"$f":"SUMIF(Insumos!B:B,D905,Insumos!G:G)","v":352.35},{"$f":"TRUNC(G905*H905,2)","v":9.84}]
[null,null,null,"34557","TELA DE ACO SOLDADA GALVANIZADA/ZINCADA PARA ALVENARIA, FIO D = *1,20 A 1,70* MM, MALHA 15 X 15 MM, (C X L) *50 X 7,5* CM","M","0,4200000",{"$f":"SUMIF(Insumos!B:B,D906,Insumos!G:G)","v":0.95},{"$f":"TRUNC(G906*H906,2)","v":0.39}]
[null,null,null,"37395","PINO DE ACO COM FURO, HASTE = 27 MM (ACAO DIRETA)","CENTO","0,0050000",{"$f":"SUMIF(Insumos!B:B,D907,Insumos!G:G)","v":33.9},{"$f":"TRUNC(G907*H907,2)","v":0.16}]
[null,null,null,"87369","ARGAMASSA TRAÇO 1:2:8 (CIMENTO, CAL E AREIA MÉDIA) PARA EMBOÇO/MASSA ÚNICA/ASSENTAMENTO DE ALVENARIA DE VEDAÇÃO, PREPARO MANUAL. AF_06/2014","M3","0,0098000",{"$f":"SUMIF(Insumos!B:B,D908,Insumos!G:G)","v":356.39},{"$f":"TRUNC(G908*H908,2)","v":3.49}]
[{"$nulls":7},"PARCIAL:",{"$f":"SUM(I905:I908)","v":13.88}]
[{"$nulls":7},"VALOR UNITÁRIO TOTAL - R$",{"$f":"I903+I909","v":40}]
[]
[]
[]
[null,"SERVIÇO","SINAPI",92919,{"$f":"IF($B914 = \"SERVIÇO\", IF(C914 = \"SINAPI\", VLOOKUP(D914, 'SERVIÇOS SINAPI'!$B:$E, 2, 0), IF(C914 = \"ORSE\", VLOOKUP(D914,#REF!, 2, 0), IF(C914 = \"SEINFRA\", VLOOKUP(D914,#REF!, 2, 0)))), IF(B914=\"INSUMO\", IF(C914 = \"SINAPI\", VLOOKUP(D914, Insumos!$B:$G, 2, 0), IF(C914 = \"ORSE\", VLOOKUP(D914,#REF!, 2, 0), IF(C914 = \"SEINFRA\", VLOOKUP(D914,#REF!, 2, 0),)))))","v":"ARMAÇÃO DE ESTRUTURAS DE CONCRETO ARMADO, EXCETO VIGAS, PILARES, LAJES E FUNDAÇÕES, UTILIZANDO AÇO CA-50 DE 10,0 MM - MONTAGEM. AF_12/2015"},null,null,null,{"$f":"IF(B914 = \"SERVIÇO\", IF(C914 = \"SINAPI\", VLOOKUP(D914, 'SERVIÇOS SINAPI'!$B:$E, 3, 0), IF(C914 = \"ORSE\", VLOOKUP(D914,#REF!, 3, 0), IF(C914 = \"SEINFRA\", VLOOKUP(D914,#REF!, 5, 0)))), IF(B914=\"INSUMO\", IF(C914 = \"SINAPI\", VLOOKUP(D914, Insumos!$B:$G, 3, 0), IF(C914 = \"ORSE\", VLOOKUP(D914,#REF!, 3, 0), IF(C914 = \"SEINFRA\", VLOOKUP(D914,#REF!, 3, 0),)))))","v":"KG"},null,{"$f":"I926","v":5.12},6.55]
[]
[null,null,null,"COD.","DESCRIÇÃO","UN.","COEF.","PREÇO","TOTAL"]
[null,null,null,"MÃO-DE-OBRA"]
[null,null,null,"88238","AJUDANTE DE ARMADOR (COM ENCARGOS INCLUSOS)","H","0,0121000",{"$f":"SUMIF(Insumos!B:B,D918,Insumos!G:G)","v":11.11},{"$f":"TRUNC(G918*H918,2)","v":0.13}]
[null,null,null,"88245","ARMADOR (COM ENCARGOS INCLUSOS)","H","0,0743000",{"$f":"SUMIF(Insumos!B:B,D919,Insumos!G:G)","v":13.51},{"$f":"TRUNC(G919*H919,2)","v":1}]
[null,null,null,"PARCIAL:",{"$nulls":4},{"$f":"SUM(I917:I919)","v":1.1299999999999999}]
[null,null,null,"MATERIAL/SERVIÇOS/ EQUIPAMENTOS"]
[null,null,null,"337","ARAME RECOZIDO 18 BWG, 1,25 MM (0,01 KG/M)","KG","0,0250000",{"$f":"SUMIF(Insumos!B:B,D922,Insumos!G:G)","v":7.37},{"$f":"TRUNC(G922*H922,2)","v":0.18}]
[null,null,null,"39017","ESPACADOR / DISTANCIADOR CIRCULAR COM ENTRADA LATERAL, EM PLASTICO, PARA VERGALHAO *4,2 A 12,5* MM, COBRIMENTO 20 MM","UN","0,5430000",{"$f":"SUMIF(Insumos!B:B,D923,Insumos!G:G)","v":0.13},{"$f":"TRUNC(G923*H923,2)","v":7.0000000000000007E-2}]
[null,null,null,"92794","CORTE E DOBRA DE AÇO CA-50, DIÂMETRO DE 10,0 MM, UTILIZADO EM ESTRUTURAS DIVERSAS, EXCETO LAJES. AF_12/2015","KG","1,0000000",{"$f":"SUMIF(Insumos!B:B,D924,Insumos!G:G)","v":3.75},{"$f":"TRUNC(G924*H924,2)-0.01","v":3.74}]
[{"$nulls":7},"PARCIAL:",{"$f":"SUM(I922:I924)","v":3.99}]
[{"$nulls":7},"VALOR UNITÁRIO TOTAL - R$",{"$f":"I920+I925","v":5.12}]
[]
[]
[]
[null,"SERVIÇO","SINAPI",94559,{"$f":"IF($B930 = \"SERVIÇO\", IF(C930 = \"SINAPI\", VLOOKUP(D930, 'SERVIÇOS SINAPI'!$B:$E, 2, 0), IF(C930 = \"ORSE\", VLOOKUP(D930,#REF!, 2, 0), IF(C930 = \"SEINFRA\", VLOOKUP(D930,#REF!, 2, 0)))), IF(B930=\"INSUMO\", IF(C930 = \"SINAPI\", VLOOKUP(D930, Insumos!$B:$G, 2, 0), IF(C930 = \"ORSE\", VLOOKUP(D930,#REF!, 2, 0), IF(C930 = \"SEINFRA\", VLOOKUP(D930,#REF!, 2, 0),)))))","v":"JANELA DE AÇO BASCULANTE, FIXAÇÃO COM ARGAMASSA, SEM VIDROS, PADRONIZADA. AF_07/2016"},null,null,null,{"$f":"IF(B930 = \"SERVIÇO\", IF(C930 = \"SINAPI\", VLOOKUP(D930, 'SERVIÇOS SINAPI'!$B:$E, 3, 0), IF(C930 = \"ORSE\", VLOOKUP(D930,#REF!, 3, 0), IF(C930 = \"SEINFRA\", VLOOKUP(D930,#REF!, 5, 0)))), IF(B930=\"INSUMO\", IF(C930 = \"SINAPI\", VLOOKUP(D930, Insumos!$B:$G, 3, 0), IF(C930 = \"ORSE\", VLOOKUP(D930,#REF!, 3, 0), IF(C930 = \"SEINFRA\", VLOOKUP(D930,#REF!, 3, 0),)))))","v":"M²"},null,{"$f":"I941","v":352.08},450.13]
[]
[null,null,null,"COD.","DESCRIÇÃO","UN.","COEF.","PREÇO","TOTAL"]
[null,null,null,"MÃO-DE-OBRA"]
[null,null,null,"88309","PEDREIRO (COM ENCARGOS INCLUSOS)","H","4,5810000",{"$f":"SUMIF(Insumos!B:B,D934,Insumos!G:G)","v":13.51},{"$f":"TRUNC(G934*H934,2)","v":61.88}]
[null,null,null,"88316","SERVENTE (COM ENCARGOS INCLUSOS)","H","2,2910000",{"$f":"SUMIF(Insumos!B:B,D935,Insumos!G:G)","v":11.11},{"$f":"TRUNC(G935*H935,2)","v":25.45}]
[null,null,null,"PARCIAL:",{"$nulls":4},{"$f":"SUM(I933:I935)","v":87.33}]
[null,null,null,"MATERIAL/SERVIÇOS/ EQUIPAMENTOS"]
[null,null,null,"11190","JANELA BASCULANTE, ACO, COM BATENTE/REQUADRO, 60 X 60 CM (SEM VIDROS)","UN","2,7780000",{"$f":"SUMIF(Insumos!B:B,D938,Insumos!G:G)","v":93.1},{"$f":"TRUNC(G938*H938,2)","v":258.63}]
[null,null,null,"88629","ARGAMASSA TRAÇO 1:3 (CIMENTO E AREIA MÉDIA), PREPARO MANUAL. AF_08/2014","M3","0,0210000",{"$f":"SUMIF(Insumos!B:B,D939,Insumos!G:G)","v":291.35000000000002},{"$f":"TRUNC(G939*H939,2)+0.01","v":6.12}]
[{"$nulls":7},"PARCIAL:",{"$f":"SUM(I938:I939)","v":264.75}]
[{"$nulls":7},"VALOR UNITÁRIO TOTAL - R$",{"$f":"I936+I940","v":352.08}]
[]
[]
[]
[null,"SERVIÇO","SINAPI",72117,{"$f":"IF($B945 = \"SERVIÇO\", IF(C945 = \"SINAPI\", VLOOKUP(D945, 'SERVIÇOS SINAPI'!$B:$E, 2, 0), IF(C945 = \"ORSE\", VLOOKUP(D945,#REF!, 2, 0), IF(C945 = \"SEINFRA\", VLOOKUP(D945,#REF!, 2, 0)))), IF(B945=\"INSUMO\", IF(C945 = \"SINAPI\", VLOOKUP(D945, Insumos!$B:$G, 2, 0), IF(C945 = \"ORSE\", VLOOKUP(D945,#REF!, 2, 0), IF(C945 = \"SEINFRA\", VLOOKUP(D945,#REF!, 2, 0),)))))","v":"VIDRO LISO COMUM TRANSPARENTE, ESPESSURA 4MM"},null,null,null,{"$f":"IF(B945 = \"SERVIÇO\", IF(C945 = \"SINAPI\", VLOOKUP(D945, 'SERVIÇOS SINAPI'!$B:$E, 3, 0), IF(C945 = \"ORSE\", VLOOKUP(D945,#REF!, 3, 0), IF(C945 = \"SEINFRA\", VLOOKUP(D945,#REF!, 5, 0)))), IF(B945=\"INSUMO\", IF(C945 = \"SINAPI\", VLOOKUP(D945, Insumos!$B:$G, 3, 0), IF(C945 = \"ORSE\", VLOOKUP(D945,#REF!, 3, 0), IF(C945 = \"SEINFRA\", VLOOKUP(D945,#REF!, 3, 0),)))))","v":"M²"},null,{"$f":"I959","v":76.709999999999994},97.97]
[]
[null,null,null,"COD.","DESCRIÇÃO","UN.","COEF.","PREÇO","TOTAL"]
[null,null,null,"MÃO-DE-OBRA"]
[null,null,null,"88316","SERVENTE (COM ENCARGOS INCLUSOS)","H",0.40727089999999999,{"$f":"SUMIF(Insumos!B:B,D949,Insumos!G:G)","v":11.11},{"$f":"TRUNC(G949*H949,2)","v":4.5199999999999996}]
[null,null,null,"88325","VIDRACEIRO (COM ENCARGOS INCLUSOS)","H",0.40727089999999999,{"$f":"SUMIF(Insumos!B:B,D950,Insumos!G:G)","v":13.51},{"$f":"TRUNC(G950*H950,2)","v":5.5}]
[null,null,null,"PARCIAL:",{"$nulls":4},{"$f":"SUM(I948:I950)","v":10.02}]
[null,null,null,"MATERIAL/SERVIÇOS/ EQUIPAMENTOS"]
[null,null,null,10493,"VIDRO LISO INCOLOR 4MM - SEM COLOCACAO","M2","1,0000000",{"$f":"SUMIF(Insumos!B:B,D953,Insumos!G:G)","v":60.55},{"$f":"TRUNC(G953*H953,2)","v":60.55}]
[null,null,null,"10498","MASSA PARA VIDRO","KG","1,6000000",{"$f":"SUMIF(Insumos!B:B,D954,Insumos!G:G)","v":3.84},{"$f":"TRUNC(G954*H954,2)","v":6.14}]
[{"$nulls":7},{"$f":"SUMIF(Insumos!B:B,D955,Insumos!G:G)","v":0},{"$f":"TRUNC(G955*H955,2)","v":0}]
[{"$nulls":7},{"$f":"SUMIF(Insumos!B:B,D956,Insumos!G:G)","v":0},{"$f":"TRUNC(G956*H956,2)","v":0}]
[{"$nulls":7},{"$f":"SUMIF(Insumos!B:B,D957,Insumos!G:G)","v":0},{"$f":"TRUNC(G957*H957,2)","v":0}]
[{"$nulls":7},"PARCIAL:",{"$f":"SUM(I953:I957)","v":66.69}]
[{"$nulls":7},"VALOR UNITÁRIO TOTAL - R$",{"$f":"I951+I958","v":76.709999999999994}]
[]
[]
[]
[null,"SERVIÇO","SINAPI",91341,{"$f":"IF($B963 = \"SERVIÇO\", IF(C963 = \"SINAPI\", VLOOKUP(D963, 'SERVIÇOS SINAPI'!$B:$E, 2, 0), IF(C963 = \"ORSE\", VLOOKUP(D963,#REF!, 2, 0), IF(C963 = \"SEINFRA\", VLOOKUP(D963,#REF!, 2, 0)))), IF(B963=\"INSUMO\", IF(C963 = \"SINAPI\", VLOOKUP(D963, Insumos!$B:$G, 2, 0), IF(C963 = \"ORSE\", VLOOKUP(D963,#REF!, 2, 0), IF(C963 = \"SEINFRA\", VLOOKUP(D963,#REF!, 2, 0),)))))","v":"PORTA EM ALUMÍNIO DE ABRIR TIPO VENEZIANA COM GUARNIÇÃO, FIXAÇÃO COM PARAFUSOS - FORNECIMENTO E INSTALAÇÃO. AF_08/2015"},null,null,null,{"$f":"IF(B963 = \"SERVIÇO\", IF(C963 = \"SINAPI\", VLOOKUP(D963, 'SERVIÇOS SINAPI'!$B:$E, 3, 0), IF(C963 = \"ORSE\", VLOOKUP(D963,#REF!, 3, 0), IF(C963 = \"SEINFRA\", VLOOKUP(D963,#REF!, 5, 0)))), IF(B963=\"INSUMO\", IF(C963 = \"SINAPI\", VLOOKUP(D963, Insumos!$B:$G, 3, 0), IF(C963 = \"ORSE\", VLOOKUP(D963,#REF!, 3, 0), IF(C963 = \"SEINFRA\", VLOOKUP(D963,#REF!, 3, 0),)))))","v":"M²"},null,{"$f":"I977","v":509.82},651.15]
[]
[null,null,null,"COD.","DESCRIÇÃO","UN.","COEF.","PREÇO","TOTAL"]
[null,null,null,"MÃO-DE-OBRA"]
[null,null,null,"88309","PEDREIRO (COM ENCARGOS INCLUSOS)","H","0,3826000",{"$f":"SUMIF(Insumos!B:B,D967,Insumos!G:G)","v":13.51},{"$f":"TRUNC(G967*H967,2)","v":5.16}]
[null,null,null,"88316","SERVENTE (COM ENCARGOS INCLUSOS)","H","0,1910000",{"$f":"SUMIF(Insumos!B:B,D968,Insumos!G:G)","v":11.11},{"$f":"TRUNC(G968*H968,2)","v":2.12}]
[null,null,null,"PARCIAL:",{"$nulls":4},{"$f":"SUM(I966:I968)","v":7.28}]
[null,null,null,"MATERIAL/SERVIÇOS/ EQUIPAMENTOS"]
[null,null,null,"142","SELANTE ELASTICO MONOCOMPONENTE A BASE DE POLIURETANO PARA JUNTAS DIVERSAS","310ML","0,8829000",{"$f":"SUMIF(Insumos!B:B,D971,Insumos!G:G)","v":29.59},{"$f":"TRUNC(G971*H971,2)","v":26.12}]
[null,null,null,"7568","BUCHA DE NYLON SEM ABA S10, COM PARAFUSO DE 6,10 X 65 MM EM ACO ZINCADO COM ROSCA SOBERBA, CABECA CHATA E FENDA PHILLIPS","UN","4,8166000",{"$f":"SUMIF(Insumos!B:B,D972,Insumos!G:G)","v":0.62},{"$f":"TRUNC(G972*H972,2)","v":2.98}]
[null,null,null,"36888","GUARNICAO/MOLDURA DE ACABAMENTO PARA ESQUADRIA DE ALUMINIO ANODIZADO NATURAL, PARA 1 FACE","M","6,8504000",{"$f":"SUMIF(Insumos!B:B,D973,Insumos!G:G)","v":10.62},{"$f":"TRUNC(G973*H973,2)","v":72.75}]
[null,null,null,"39025","PORTA DE ABRIR EM ALUMINIO TIPO VENEZIANA, ACABAMENTO ANODIZADO NATURAL, SEM GUARNICAO/ALIZAR/VISTA, 87 X 210 CM","UN","0,5473000",{"$f":"SUMIF(Insumos!B:B,D974,Insumos!G:G)","v":732.15},{"$f":"TRUNC(G974*H974,2)-0.01","v":400.69}]
[{"$nulls":7},{"$f":"SUMIF(Insumos!B:B,D975,Insumos!G:G)","v":0},{"$f":"TRUNC(G975*H975,2)","v":0}]
[{"$nulls":7},"PARCIAL:",{"$f":"SUM(I971:I975)","v":502.54}]
[{"$nulls":7},"VALOR UNITÁRIO TOTAL - R$",{"$f":"I969+I976","v":509.82}]
[]
[]
[]
[null,"SERVIÇO","SINAPI",73656,{"$f":"IF($B981 = \"SERVIÇO\", IF(C981 = \"SINAPI\", VLOOKUP(D981, 'SERVIÇOS SINAPI'!$B:$E, 2, 0), IF(C981 = \"ORSE\", VLOOKUP(D981,#REF!, 2, 0), IF(C981 = \"SEINFRA\", VLOOKUP(D981,#REF!, 2, 0)))), IF(B981=\"INSUMO\", IF(C981 = \"SINAPI\", VLOOKUP(D981, Insumos!$B:$G, 2, 0), IF(C981 = \"ORSE\", VLOOKUP(D981,#REF!, 2, 0), IF(C981 = \"SEINFRA\", VLOOKUP(D981,#REF!, 2, 0),)))))","v":"JATEAMENTO COM AREIA EM ESTRUTURA METALICA"},null,null,null,{"$f":"IF(B981 = \"SERVIÇO\", IF(C981 = \"SINAPI\", VLOOKUP(D981, 'SERVIÇOS SINAPI'!$B:$E, 3, 0), IF(C981 = \"ORSE\", VLOOKUP(D981,#REF!, 3, 0), IF(C981 = \"SEINFRA\", VLOOKUP(D981,#REF!, 5, 0)))), IF(B981=\"INSUMO\", IF(C981 = \"SINAPI\", VLOOKUP(D981, Insumos!$B:$G, 3, 0), IF(C981 = \"ORSE\", VLOOKUP(D981,#REF!, 3, 0), IF(C981 = \"SEINFRA\", VLOOKUP(D981,#REF!, 3, 0),)))))","v":"M²"},null,{"$f":"I991","v":14.59},18.64]
[]
[null,null,null,"COD.","DESCRIÇÃO","UN.","COEF.","PREÇO","TOTAL"]
[null,null,null,"MÃO-DE-OBRA"]
[null,null,null,"88316","SERVENTE (COM ENCARGOS INCLUSOS)","H","0,1660000",{"$f":"SUMIF(Insumos!B:B,D985,Insumos!G:G)","v":11.11},{"$f":"TRUNC(G985*H985,2)","v":1.84}]
[null,null,null,"PARCIAL:",{"$nulls":4},{"$f":"SUM(I984:I985)","v":1.84}]
[null,null,null,"MATERIAL/SERVIÇOS/ EQUIPAMENTOS"]
[null,null,null,"367","AREIA GROSSA - POSTO JAZIDA/FORNECEDOR (RETIRADO NA JAZIDA, SEM TRANSPORTE)","M3","0,0278900",{"$f":"SUMIF(Insumos!B:B,D988,Insumos!G:G)","v":48.94},{"$f":"TRUNC(G988*H988,2)","v":1.36}]
[null,null,null,"93408","MÁQUINA JATO DE PRESSAO PORTÁTIL PARA JATEAMENTO, CONTROLE AUTOMATICO REMOTO, CAMARA DE 1 SAIDA, CAPACIDADE 280 L, DIAMETRO 670 MM, BICO DE JATO CURTO VENTURI DE 5/16\u0094, MANGUEIRA DE 1\u0094 COM COMPRESSOR DE AR REBOCÁVEL VAZÃO 189 PCM E MOTOR DIESEL DE 63 CV -","CHP","0,1700000",{"$f":"SUMIF(Insumos!B:B,D989,Insumos!G:G)","v":67.05},{"$f":"TRUNC(G989*H989,2)","v":11.39}]
[{"$nulls":7},"PARCIAL:",{"$f":"SUM(I988:I989)","v":12.75}]
[{"$nulls":7},"VALOR UNITÁRIO TOTAL - R$",{"$f":"I986+I990","v":14.59}]
[]
[]
[]
[null,"SERVIÇO","SINAPI",92565,{"$f":"IF($B995 = \"SERVIÇO\", IF(C995 = \"SINAPI\", VLOOKUP(D995, 'SERVIÇOS SINAPI'!$B:$E, 2, 0), IF(C995 = \"ORSE\", VLOOKUP(D995,#REF!, 2, 0), IF(C995 = \"SEINFRA\", VLOOKUP(D995,#REF!, 2, 0)))), IF(B995=\"INSUMO\", IF(C995 = \"SINAPI\", VLOOKUP(D995, Insumos!$B:$G, 2, 0), IF(C995 = \"ORSE\", VLOOKUP(D995,#REF!, 2, 0), IF(C995 = \"SEINFRA\", VLOOKUP(D995,#REF!, 2, 0),)))))","v":"FABRICAÇÃO E INSTALAÇÃO DE ESTRUTURA PONTALETADA DE MADEIRA NÃO APARELHADA PARA TELHADOS COM ATÉ 2 ÁGUAS E PARA TELHA CERÂMICA OU DE CONCRETO, INCLUSO TRANSPORTE VERTICAL. AF_12/2015"},null,null,null,{"$f":"IF(B995 = \"SERVIÇO\", IF(C995 = \"SINAPI\", VLOOKUP(D995, 'SERVIÇOS SINAPI'!$B:$E, 3, 0), IF(C995 = \"ORSE\", VLOOKUP(D995,#REF!, 3, 0), IF(C995 = \"SEINFRA\", VLOOKUP(D995,#REF!, 5, 0)))), IF(B995=\"INSUMO\", IF(C995 = \"SINAPI\", VLOOKUP(D995, Insumos!$B:$G, 3, 0), IF(C995 = \"ORSE\", VLOOKUP(D995,#REF!, 3, 0), IF(C995 = \"SEINFRA\", VLOOKUP(D995,#REF!, 3, 0),)))))","v":"M²"},null,{"$f":"I1010","v":21.08},26.93]
[]
[null,null,null,"COD.","DESCRIÇÃO","UN.","COEF.","PREÇO","TOTAL"]
[null,null,null,"MÃO-DE-OBRA"]
[null,null,null,"88239","AJUDANTE DE CARPINTEIRO (COM ENCARGOS INCLUSOS)","H",0.1518099,{"$f":"SUMIF(Insumos!B:B,D999,Insumos!G:G)","v":11.11},{"$f":"TRUNC(G999*H999,2)","v":1.68}]
[null,null,null,"88262","CARPINTEIRO DE FORMAS (COM ENCARGOS INCLUSOS)","H",0.38680989999999998,{"$f":"SUMIF(Insumos!B:B,D1000,Insumos!G:G)","v":13.51},{"$f":"TRUNC(G1000*H1000,2)","v":5.22}]
[null,null,null,"PARCIAL:",{"$nulls":4},{"$f":"SUM(I998:I1000)","v":6.9}]
[null,null,null,"MATERIAL/SERVIÇOS/ EQUIPAMENTOS"]
[null,null,null,"4425","VIGA DE MADEIRA NAO APARELHADA 6 X 12 CM, MACARANDUBA, ANGELIM OU EQUIVALENTE DA REGIAO","M","0,2220000",{"$f":"SUMIF(Insumos!B:B,D1003,Insumos!G:G)","v":15.66},{"$f":"TRUNC(G1003*H1003,2)","v":3.47}]
[null,null,null,"4430","CAIBRO DE MADEIRA NAO APARELHADA *5 X 6* CM, MACARANDUBA, ANGELIM OU EQUIVALENTE DA REGIAO","M","0,5560000",{"$f":"SUMIF(Insumos!B:B,D1004,Insumos!G:G)","v":8.08},4.49]
[null,null,null,"4472","VIGA DE MADEIRA NAO APARELHADA *6 X 16* CM, MACARANDUBA, ANGELIM OU EQUIVALENTE DA REGIAO","M","0,1850000",{"$f":"SUMIF(Insumos!B:B,D1005,Insumos!G:G)","v":21.31},3.94]
[null,null,null,"5075","PREGO DE ACO POLIDO COM CABECA 18 X 30 (2 3/4 X 10)","KG","0,2400000",{"$f":"SUMIF(Insumos!B:B,D1006,Insumos!G:G)","v":8.0399999999999991},1.92]
[null,null,null,"93281","GUINCHO ELÉTRICO DE COLUNA, CAPACIDADE 400 KG, COM MOTO FREIO, MOTOR TRIFÁSICO DE 1,25 CV - CHP DIURNO. AF_03/2016","CHP","0,0070000",{"$f":"SUMIF(Insumos!B:B,D1007,Insumos!G:G)","v":21.52},0.15]
[null,null,null,"93282","GUINCHO ELÉTRICO DE COLUNA, CAPACIDADE 400 KG, COM MOTO FREIO, MOTOR TRIFÁSICO DE 1,25 CV - CHI DIURNO. AF_03/2016","CHI","0,0103000",{"$f":"SUMIF(Insumos!B:B,D1008,Insumos!G:G)","v":21.04},0.21]
[{"$nulls":7},"PARCIAL:",{"$f":"SUM(I1003:I1008)","v":14.18}]
[{"$nulls":7},"VALOR UNITÁRIO TOTAL - R$",{"$f":"I1001+I1009","v":21.08}]
[]
[]
[]
[null,"SERVIÇO","SINAPI",89957,{"$f":"IF($B1014 = \"SERVIÇO\", IF(C1014 = \"SINAPI\", VLOOKUP(D1014, 'SERVIÇOS SINAPI'!$B:$E, 2, 0), IF(C1014 = \"ORSE\", VLOOKUP(D1014,#REF!, 2, 0), IF(C1014 = \"SEINFRA\", VLOOKUP(D1014,#REF!, 2, 0)))), IF(B1014=\"INSUMO\", IF(C1014 = \"SINAPI\", VLOOKUP(D1014, Insumos!$B:$G, 2, 0), IF(C1014 = \"ORSE\", VLOOKUP(D1014,#REF!, 2, 0), IF(C1014 = \"SEINFRA\", VLOOKUP(D1014,#REF!, 2, 0),)))))","v":"PONTO DE CONSUMO TERMINAL DE ÁGUA FRIA (SUBRAMAL) COM TUBULAÇÃO DE PVC, DN 25 MM, INSTALADO EM RAMAL DE ÁGUA, INCLUSOS RASGO E CHUMBAMENTO EM ALVENARIA. AF_12/2014"},null,null,null,{"$f":"IF(B1014 = \"SERVIÇO\", IF(C1014 = \"SINAPI\", VLOOKUP(D1014, 'SERVIÇOS SINAPI'!$B:$E, 3, 0), IF(C1014 = \"ORSE\", VLOOKUP(D1014,#REF!, 3, 0), IF(C1014 = \"SEINFRA\", VLOOKUP(D1014,#REF!, 5, 0)))), IF(B1014=\"INSUMO\", IF(C1014 = \"SINAPI\", VLOOKUP(D1014, Insumos!$B:$G, 3, 0), IF(C1014 = \"ORSE\", VLOOKUP(D1014,#REF!, 3, 0), IF(C1014 = \"SEINFRA\", VLOOKUP(D1014,#REF!, 3, 0),)))))","v":"UN"},null,{"$f":"I1028","v":73.010000000000005},93.25]
[]
[null,null,null,"COD.","DESCRIÇÃO","UN.","COEF.","PREÇO","TOTAL"]
[null,null,null,"MÃO-DE-OBRA"]
[{"$nulls":7},{"$f":"SUMIF(Insumos!B:B,D1018,Insumos!G:G)","v":0},{"$f":"TRUNC(G1018*H1018,2)","v":0}]
[null,null,null,"PARCIAL:",{"$nulls":4},{"$f":"SUM(I1017:I1018)","v":0}]
[null,null,null,"MATERIAL/SERVIÇOS/ EQUIPAMENTOS"]
[null,null,null,"89356","TUBO, PVC, SOLDÁVEL, DN 25MM, INSTALADO EM RAMAL OU SUB-RAMAL DE ÁGUA - FORNECIMENTO E INSTALAÇÃO. AF_12/2014","M","2,1400000",{"$f":"SUMIF(Insumos!B:B,D1021,Insumos!G:G)","v":11.42},{"$f":"TRUNC(G1021*H1021,2)","v":24.43}]
[null,null,null,"89362","JOELHO 90 GRAUS, PVC, SOLDÁVEL, DN 25MM, INSTALADO EM RAMAL OU SUB-RAMAL DE ÁGUA - FORNECIMENTO E INSTALAÇÃO. AF_12/2014","UN","1,1800000",{"$f":"SUMIF(Insumos!B:B,D1022,Insumos!G:G)","v":4.6399999999999997},{"$f":"TRUNC(G1022*H1022,2)","v":5.47}]
[null,null,null,"89366","JOELHO 90 GRAUS COM BUCHA DE LATÃO, PVC, SOLDÁVEL, DN 25MM, X 3/4\u0094 INSTALADO EM RAMAL OU SUB-RAMAL DE ÁGUA - FORNECIMENTO E INSTALAÇÃO. AF_12/2014","UN","1,0000000",{"$f":"SUMIF(Insumos!B:B,D1023,Insumos!G:G)","v":8.32},{"$f":"TRUNC(G1023*H1023,2)","v":8.32}]
[null,null,null,"89395","TE, PVC, SOLDÁVEL, DN 25MM, INSTALADO EM RAMAL OU SUB-RAMAL DE ÁGUA - FORNECIMENTO E INSTALAÇÃO. AF_12/2014","UN","0,8900000",{"$f":"SUMIF(Insumos!B:B,D1024,Insumos!G:G)","v":6.45},{"$f":"TRUNC(G1024*H1024,2)","v":5.74}]
[null,null,null,"90443","RASGO EM ALVENARIA PARA RAMAIS/ DISTRIBUIÇÃO COM DIAMETROS MENORES OU IGUAIS A 40 MM. AF_05/2015","M","2,1400000",{"$f":"SUMIF(Insumos!B:B,D1025,Insumos!G:G)","v":6.84},{"$f":"TRUNC(G1025*H1025,2)-0.01","v":14.62}]
[null,null,null,"90466","CHUMBAMENTO LINEAR EM ALVENARIA PARA RAMAIS/DISTRIBUIÇÃO COM DIÂMETROS MENORES OU IGUAIS A 40 MM. AF_05/2015","M","2,1400000",{"$f":"SUMIF(Insumos!B:B,D1026,Insumos!G:G)","v":6.75},{"$f":"TRUNC(G1026*H1026,2)-0.01","v":14.43}]
[{"$nulls":7},"PARCIAL:",{"$f":"SUM(I1021:I1026)","v":73.010000000000005}]
[{"$nulls":7},"VALOR UNITÁRIO TOTAL - R$",{"$f":"I1019+I1027","v":73.010000000000005}]
[]
[]
[]
[null,"SERVIÇO","SINAPI","73873/3",{"$f":"IF($B1032 = \"SERVIÇO\", IF(C1032 = \"SINAPI\", VLOOKUP(D1032, 'SERVIÇOS SINAPI'!$B:$E, 2, 0), IF(C1032 = \"ORSE\", VLOOKUP(D1032,#REF!, 2, 0), IF(C1032 = \"SEINFRA\", VLOOKUP(D1032,#REF!, 2, 0)))), IF(B1032=\"INSUMO\", IF(C1032 = \"SINAPI\", VLOOKUP(D1032, Insumos!$B:$G, 2, 0), IF(C1032 = \"ORSE\", VLOOKUP(D1032,#REF!, 2, 0), IF(C1032 = \"SEINFRA\", VLOOKUP(D1032,#REF!, 2, 0),)))))","v":"LEITO FILTRANTE - COLOCACAO DE AREIA NOS FILTROS"},null,null,null,{"$f":"IF(B1032 = \"SERVIÇO\", IF(C1032 = \"SINAPI\", VLOOKUP(D1032, 'SERVIÇOS SINAPI'!$B:$E, 3, 0), IF(C1032 = \"ORSE\", VLOOKUP(D1032,#REF!, 3, 0), IF(C1032 = \"SEINFRA\", VLOOKUP(D1032,#REF!, 5, 0)))), IF(B1032=\"INSUMO\", IF(C1032 = \"SINAPI\", VLOOKUP(D1032, Insumos!$B:$G, 3, 0), IF(C1032 = \"ORSE\", VLOOKUP(D1032,#REF!, 3, 0), IF(C1032 = \"SEINFRA\", VLOOKUP(D1032,#REF!, 3, 0),)))))","v":"M³"},null,{"$f":"I1043","v":51.7},66.239999999999995]
[]
[null,null,null,"COD.","DESCRIÇÃO","UN.","COEF.","PREÇO","TOTAL"]
[null,null,null,"MÃO-DE-OBRA"]
[null,null,null,"88309","PEDREIRO (COM ENCARGOS INCLUSOS)","H","2,1000000",{"$f":"SUMIF(Insumos!B:B,D1036,Insumos!G:G)","v":13.51},{"$f":"TRUNC(G1036*H1036,2)","v":28.37}]
[null,null,null,"88316","SERVENTE (COM ENCARGOS INCLUSOS)","H","2,1000000",{"$f":"SUMIF(Insumos!B:B,D1037,Insumos!G:G)","v":11.11},{"$f":"TRUNC(G1037*H1037,2)","v":23.33}]
[null,null,null,"PARCIAL:",{"$nulls":4},{"$f":"SUM(I1035:I1037)","v":51.7}]
[null,null,null,"MATERIAL/SERVIÇOS/ EQUIPAMENTOS"]
[{"$nulls":7},{"$f":"SUMIF(Insumos!B:B,D1040,Insumos!G:G)","v":0},{"$f":"TRUNC(G1040*H1040,2)","v":0}]
[{"$nulls":7},{"$f":"SUMIF(Insumos!B:B,D1041,Insumos!G:G)","v":0},{"$f":"TRUNC(G1041*H1041,2)","v":0}]
[{"$nulls":7},"PARCIAL:",{"$f":"SUM(I1040:I1041)","v":0}]
[{"$nulls":7},"VALOR UNITÁRIO TOTAL - R$",{"$f":"I1038+I1042","v":51.7}]
[]
[]
[]
[null,"SERVIÇO","SINAPI","73873/4",{"$f":"IF($B1047 = \"SERVIÇO\", IF(C1047 = \"SINAPI\", VLOOKUP(D1047, 'SERVIÇOS SINAPI'!$B:$E, 2, 0), IF(C1047 = \"ORSE\", VLOOKUP(D1047,#REF!, 2, 0), IF(C1047 = \"SEINFRA\", VLOOKUP(D1047,#REF!, 2, 0)))), IF(B1047=\"INSUMO\", IF(C1047 = \"SINAPI\", VLOOKUP(D1047, Insumos!$B:$G, 2, 0), IF(C1047 = \"ORSE\", VLOOKUP(D1047,#REF!, 2, 0), IF(C1047 = \"SEINFRA\", VLOOKUP(D1047,#REF!, 2, 0),)))))","v":"LEITO FILTRANTE - COLOCACAO DE PEDREGULHOS NOS FILTROS"},null,null,null,{"$f":"IF(B1047 = \"SERVIÇO\", IF(C1047 = \"SINAPI\", VLOOKUP(D1047, 'SERVIÇOS SINAPI'!$B:$E, 3, 0), IF(C1047 = \"ORSE\", VLOOKUP(D1047,#REF!, 3, 0), IF(C1047 = \"SEINFRA\", VLOOKUP(D1047,#REF!, 5, 0)))), IF(B1047=\"INSUMO\", IF(C1047 = \"SINAPI\", VLOOKUP(D1047, Insumos!$B:$G, 3, 0), IF(C1047 = \"ORSE\", VLOOKUP(D1047,#REF!, 3, 0), IF(C1047 = \"SEINFRA\", VLOOKUP(D1047,#REF!, 3, 0),)))))","v":"M³"},null,{"$f":"I1059","v":56.62},72.55]
[]
[null,null,null,"COD.","DESCRIÇÃO","UN.","COEF.","PREÇO","TOTAL"]
[null,null,null,"MÃO-DE-OBRA"]
[null,null,null,"88309","PEDREIRO (COM ENCARGOS INCLUSOS)","H","2,3000000",{"$f":"SUMIF(Insumos!B:B,D1051,Insumos!G:G)","v":13.51},{"$f":"TRUNC(G1051*H1051,2)","v":31.07}]
[null,null,null,"88316","SERVENTE (COM ENCARGOS INCLUSOS)","H","2,3000000",{"$f":"SUMIF(Insumos!B:B,D1052,Insumos!G:G)","v":11.11},{"$f":"TRUNC(G1052*H1052,2)","v":25.55}]
[null,null,null,"PARCIAL:",{"$nulls":4},{"$f":"SUM(I1050:I1052)","v":56.62}]
[null,null,null,"MATERIAL/SERVIÇOS/ EQUIPAMENTOS"]
[{"$nulls":7},{"$f":"SUMIF(Insumos!B:B,D1055,Insumos!G:G)","v":0},{"$f":"TRUNC(G1055*H1055,2)","v":0}]
[{"$nulls":7},{"$f":"SUMIF(Insumos!B:B,D1056,Insumos!G:G)","v":0},{"$f":"TRUNC(G1056*H1056,2)","v":0}]
[{"$nulls":7},{"$f":"SUMIF(Insumos!B:B,D1057,Insumos!G:G)","v":0},{"$f":"TRUNC(G1057*H1057,2)","v":0}]
[{"$nulls":7},"PARCIAL:",{"$f":"SUM(I1055:I1057)","v":0}]
[{"$nulls":7},"VALOR UNITÁRIO TOTAL - R$",{"$f":"I1053+I1058","v":56.62}]
[]
[]
[]
[null,"SERVIÇO","SINAPI",95425,{"$f":"IF($B1063 = \"SERVIÇO\", IF(C1063 = \"SINAPI\", VLOOKUP(D1063, 'SERVIÇOS SINAPI'!$B:$E, 2, 0), IF(C1063 = \"ORSE\", VLOOKUP(D1063,#REF!, 2, 0), IF(C1063 = \"SEINFRA\", VLOOKUP(D1063,#REF!, 2, 0)))), IF(B1063=\"INSUMO\", IF(C1063 = \"SINAPI\", VLOOKUP(D1063, Insumos!$B:$G, 2, 0), IF(C1063 = \"ORSE\", VLOOKUP(D1063,#REF!, 2, 0), IF(C1063 = \"SEINFRA\", VLOOKUP(D1063,#REF!, 2, 0),)))))","v":"TRANSPORTE COM CAMINHÃO BASCULANTE DE 18 M3, EM VIA URBANA EM LEITO NATURAL (UNIDADE: M3XKM). AF_09/2016"},null,null,null,{"$f":"IF(B1063 = \"SERVIÇO\", IF(C1063 = \"SINAPI\", VLOOKUP(D1063, 'SERVIÇOS SINAPI'!$B:$E, 3, 0), IF(C1063 = \"ORSE\", VLOOKUP(D1063,#REF!, 3, 0), IF(C1063 = \"SEINFRA\", VLOOKUP(D1063,#REF!, 5, 0)))), IF(B1063=\"INSUMO\", IF(C1063 = \"SINAPI\", VLOOKUP(D1063, Insumos!$B:$G, 3, 0), IF(C1063 = \"ORSE\", VLOOKUP(D1063,#REF!, 3, 0), IF(C1063 = \"SEINFRA\", VLOOKUP(D1063,#REF!, 3, 0),)))))","v":"M³XKM"},null,{"$f":"I1075","v":0.97},1.24]
[]
[null,null,null,"COD.","DESCRIÇÃO","UN.","COEF.","PREÇO","TOTAL"]
[null,null,null,"MÃO-DE-OBRA"]
[{"$nulls":7},{"$f":"SUMIF(Insumos!B:B,D1067,Insumos!G:G)","v":0},{"$f":"TRUNC(G1067*H1067,2)","v":0}]
[{"$nulls":7},{"$f":"SUMIF(Insumos!B:B,D1068,Insumos!G:G)","v":0},{"$f":"TRUNC(G1068*H1068,2)","v":0}]
[null,null,null,"PARCIAL:",{"$nulls":4},{"$f":"SUM(I1066:I1068)","v":0}]
[null,null,null,"MATERIAL/SERVIÇOS/ EQUIPAMENTOS"]
[null,null,null,"89883","CAMINHÃO BASCULANTE 18 M3, COM CAVALO MECÂNICO DE CAPACIDADE MÁXIMA DE TRAÇÃO COMBINADO DE 45000 KG, POTÊNCIA 330 CV, INCLUSIVE SEMIREBOQUE COM CAÇAMBA METÁLICA - CHP DIURNO. AF_12/2014","CHP","0,0048300",{"$f":"SUMIF(Insumos!B:B,D1071,Insumos!G:G)","v":192.63},{"$f":"TRUNC(G1071*H1071,2)","v":0.93}]
[null,null,null,"89884","CAMINHÃO BASCULANTE 18 M3, COM CAVALO MECÂNICO DE CAPACIDADE MÁXIMA DE TRAÇÃO COMBINADO DE 45000 KG, POTÊNCIA 330 CV, INCLUSIVE SEMIREBOQUE COM CAÇAMBA METÁLICA - CHI DIURNO. AF_12/2014","CHI","0,0012100",{"$f":"SUMIF(Insumos!B:B,D1072,Insumos!G:G)","v":41.44},{"$f":"TRUNC(G1072*H1072,2)-0.01","v":0.04}]
[{"$nulls":7},{"$f":"SUMIF(Insumos!B:B,D1073,Insumos!G:G)","v":0},{"$f":"TRUNC(G1073*H1073,2)","v":0}]
[{"$nulls":7},"PARCIAL:",{"$f":"SUM(I1071:I1073)","v":0.97}]
[{"$nulls":7},"VALOR UNITÁRIO TOTAL - R$",{"$f":"I1069+I1074","v":0.97}]
[]
[]
[]
[null,"SERVIÇO","SINAPI",73694,{"$f":"IF($B1079 = \"SERVIÇO\", IF(C1079 = \"SINAPI\", VLOOKUP(D1079, 'SERVIÇOS SINAPI'!$B:$E, 2, 0), IF(C1079 = \"ORSE\", VLOOKUP(D1079,#REF!, 2, 0), IF(C1079 = \"SEINFRA\", VLOOKUP(D1079,#REF!, 2, 0)))), IF(B1079=\"INSUMO\", IF(C1079 = \"SINAPI\", VLOOKUP(D1079, Insumos!$B:$G, 2, 0), IF(C1079 = \"ORSE\", VLOOKUP(D1079,#REF!, 2, 0), IF(C1079 = \"SEINFRA\", VLOOKUP(D1079,#REF!, 2, 0),)))))","v":"INSTALACAO DE BOMBA DOSADORA"},null,null,null,{"$f":"IF(B1079 = \"SERVIÇO\", IF(C1079 = \"SINAPI\", VLOOKUP(D1079, 'SERVIÇOS SINAPI'!$B:$E, 3, 0), IF(C1079 = \"ORSE\", VLOOKUP(D1079,#REF!, 3, 0), IF(C1079 = \"SEINFRA\", VLOOKUP(D1079,#REF!, 5, 0)))), IF(B1079=\"INSUMO\", IF(C1079 = \"SINAPI\", VLOOKUP(D1079, Insumos!$B:$G, 3, 0), IF(C1079 = \"ORSE\", VLOOKUP(D1079,#REF!, 3, 0), IF(C1079 = \"SEINFRA\", VLOOKUP(D1079,#REF!, 3, 0),)))))","v":"UN"},null,{"$f":"I1091","v":106.04},135.44]
[]
[null,null,null,"COD.","DESCRIÇÃO","UN.","COEF.","PREÇO","TOTAL"]
[null,null,null,"MÃO-DE-OBRA"]
[null,null,null,"88279","MONTADOR ELETROMECÃNICO (COM ENCARGOS INCLUSOS)","H","3,5000000",{"$f":"SUMIF(Insumos!B:B,D1083,Insumos!G:G)","v":19.190000000000001},{"$f":"TRUNC(G1083*H1083,2)","v":67.16}]
[null,null,null,"88316","SERVENTE (COM ENCARGOS INCLUSOS)","H","3,5000000",{"$f":"SUMIF(Insumos!B:B,D1084,Insumos!G:G)","v":11.11},{"$f":"TRUNC(G1084*H1084,2)","v":38.880000000000003}]
[null,null,null,"PARCIAL:",{"$nulls":4},{"$f":"SUM(I1082:I1084)","v":106.04}]
[null,null,null,"MATERIAL/SERVIÇOS/ EQUIPAMENTOS"]
[{"$nulls":7},{"$f":"SUMIF(Insumos!B:B,D1087,Insumos!G:G)","v":0},{"$f":"TRUNC(G1087*H1087,2)","v":0}]
[{"$nulls":7},{"$f":"SUMIF(Insumos!B:B,D1088,Insumos!G:G)","v":0},{"$f":"TRUNC(G1088*H1088,2)","v":0}]
[{"$nulls":7},{"$f":"SUMIF(Insumos!B:B,D1089,Insumos!G:G)","v":0},{"$f":"TRUNC(G1089*H1089,2)","v":0}]
[{"$nulls":7},"PARCIAL:",{"$f":"SUM(I1087:I1089)","v":0}]
[{"$nulls":7},"VALOR UNITÁRIO TOTAL - R$",{"$f":"I1085+I1090","v":106.04}]
[]
[]
[]
[null,"SERVIÇO","SINAPI","73824/1",{"$f":"IF($B1095 = \"SERVIÇO\", IF(C1095 = \"SINAPI\", VLOOKUP(D1095, 'SERVIÇOS SINAPI'!$B:$E, 2, 0), IF(C1095 = \"ORSE\", VLOOKUP(D1095,#REF!, 2, 0), IF(C1095 = \"SEINFRA\", VLOOKUP(D1095,#REF!, 2, 0)))), IF(B1095=\"INSUMO\", IF(C1095 = \"SINAPI\", VLOOKUP(D1095, Insumos!$B:$G, 2, 0), IF(C1095 = \"ORSE\", VLOOKUP(D1095,#REF!, 2, 0), IF(C1095 = \"SEINFRA\", VLOOKUP(D1095,#REF!, 2, 0),)))))","v":"INSTALACAO DE MISTURADOR VERTICAL"},null,null,null,{"$f":"IF(B1095 = \"SERVIÇO\", IF(C1095 = \"SINAPI\", VLOOKUP(D1095, 'SERVIÇOS SINAPI'!$B:$E, 3, 0), IF(C1095 = \"ORSE\", VLOOKUP(D1095,#REF!, 3, 0), IF(C1095 = \"SEINFRA\", VLOOKUP(D1095,#REF!, 5, 0)))), IF(B1095=\"INSUMO\", IF(C1095 = \"SINAPI\", VLOOKUP(D1095, Insumos!$B:$G, 3, 0), IF(C1095 = \"ORSE\", VLOOKUP(D1095,#REF!, 3, 0), IF(C1095 = \"SEINFRA\", VLOOKUP(D1095,#REF!, 3, 0),)))))","v":"UN"},null,{"$f":"I1107","v":322.43},411.8]
[]
[null,null,null,"COD.","DESCRIÇÃO","UN.","COEF.","PREÇO","TOTAL"]
[null,null,null,"MÃO-DE-OBRA"]
[null,null,null,"88246","ASSENTADOR DE TUBOS (COM ENCARGOS INCLUSOS)","H",10.000930500000001,{"$f":"SUMIF(Insumos!B:B,D1099,Insumos!G:G)","v":21.13},{"$f":"TRUNC(G1099*H1099,2)+0.01","v":211.32}]
[null,null,null,"88316","SERVENTE (COM ENCARGOS INCLUSOS)","H",10.000930500000001,{"$f":"SUMIF(Insumos!B:B,D1100,Insumos!G:G)","v":11.11},{"$f":"TRUNC(G1100*H1100,2)","v":111.11}]
[null,null,null,"PARCIAL:",{"$nulls":4},{"$f":"SUM(I1098:I1100)","v":322.43}]
[null,null,null,"MATERIAL/SERVIÇOS/ EQUIPAMENTOS"]
[{"$nulls":7},{"$f":"SUMIF(Insumos!B:B,D1103,Insumos!G:G)","v":0},{"$f":"TRUNC(G1103*H1103,2)","v":0}]
[{"$nulls":7},{"$f":"SUMIF(Insumos!B:B,D1104,Insumos!G:G)","v":0},{"$f":"TRUNC(G1104*H1104,2)","v":0}]
[{"$nulls":7},{"$f":"SUMIF(Insumos!B:B,D1105,Insumos!G:G)","v":0},{"$f":"TRUNC(G1105*H1105,2)","v":0}]
[{"$nulls":7},"PARCIAL:",{"$f":"SUM(I1103:I1105)","v":0}]
[{"$nulls":7},"VALOR UNITÁRIO TOTAL - R$",{"$f":"I1101+I1106","v":322.43}]
[]
[]
[]
[null,"SERVIÇO","SINAPI",86939,{"$f":"IF($B1111 = \"SERVIÇO\", IF(C1111 = \"SINAPI\", VLOOKUP(D1111, 'SERVIÇOS SINAPI'!$B:$E, 2, 0), IF(C1111 = \"ORSE\", VLOOKUP(D1111,#REF!, 2, 0), IF(C1111 = \"SEINFRA\", VLOOKUP(D1111,#REF!, 2, 0)))), IF(B1111=\"INSUMO\", IF(C1111 = \"SINAPI\", VLOOKUP(D1111, Insumos!$B:$G, 2, 0), IF(C1111 = \"ORSE\", VLOOKUP(D1111,#REF!, 2, 0), IF(C1111 = \"SEINFRA\", VLOOKUP(D1111,#REF!, 2, 0),)))))","v":"LAVATÓRIO LOUÇA BRANCA COM COLUNA, *44 X 35,5* CM, PADRÃO POPULAR, INCLUSO SIFÃO FLEXÍVEL EM PVC, VÁLVULA E ENGATE FLEXÍVEL 30CM EM PLÁSTICO E COM TORNEIRA CROMADA PADRÃO POPULAR - FORNECIMENTO E INSTALAÇÃO. AF_12/2013"},null,null,null,{"$f":"IF(B1111 = \"SERVIÇO\", IF(C1111 = \"SINAPI\", VLOOKUP(D1111, 'SERVIÇOS SINAPI'!$B:$E, 3, 0), IF(C1111 = \"ORSE\", VLOOKUP(D1111,#REF!, 3, 0), IF(C1111 = \"SEINFRA\", VLOOKUP(D1111,#REF!, 5, 0)))), IF(B1111=\"INSUMO\", IF(C1111 = \"SINAPI\", VLOOKUP(D1111, Insumos!$B:$G, 3, 0), IF(C1111 = \"ORSE\", VLOOKUP(D1111,#REF!, 3, 0), IF(C1111 = \"SEINFRA\", VLOOKUP(D1111,#REF!, 3, 0),)))))","v":"UN"},null,{"$f":"I1125","v":214.69},274.19]
[]
[null,null,null,"COD.","DESCRIÇÃO","UN.","COEF.","PREÇO","TOTAL"]
[null,null,null,"MÃO-DE-OBRA"]
[{"$nulls":7},{"$f":"SUMIF(Insumos!B:B,D1115,Insumos!G:G)","v":0},{"$f":"TRUNC(G1115*H1115,2)","v":0}]
[{"$nulls":7},{"$f":"SUMIF(Insumos!B:B,D1116,Insumos!G:G)","v":0},{"$f":"TRUNC(G1116*H1116,2)","v":0}]
[null,null,null,"PARCIAL:",{"$nulls":4},{"$f":"SUM(I1114:I1116)","v":0}]
[null,null,null,"MATERIAL/SERVIÇOS/ EQUIPAMENTOS"]
[null,null,null,"86879","VÁLVULA EM PLÁSTICO 1\" PARA PIA, TANQUE OU LAVATÓRIO, COM OU SEM LADRÃO - FORNECIMENTO E INSTALAÇÃO. AF_12/2013","UN","1,0000000",{"$f":"SUMIF(Insumos!B:B,D1119,Insumos!G:G)","v":3.93},{"$f":"TRUNC(G1119*H1119,2)","v":3.93}]
[null,null,null,"86883","SIFÃO DO TIPO FLEXÍVEL EM PVC 1\u0094 X 1.1/2\u0094 - FORNECIMENTO E INSTALAÇÃO. AF_12/2013","UN","1,0000000",{"$f":"SUMIF(Insumos!B:B,D1120,Insumos!G:G)","v":6.49},{"$f":"TRUNC(G1120*H1120,2)","v":6.49}]
[null,null,null,"86884","ENGATE FLEXÍVEL EM PLÁSTICO BRANCO, 1/2\" X 30CM - FORNECIMENTO E INSTALAÇÃO. AF_12/2013","UN","1,0000000",{"$f":"SUMIF(Insumos!B:B,D1121,Insumos!G:G)","v":4.8499999999999996},{"$f":"TRUNC(G1121*H1121,2)","v":4.8499999999999996}]
[null,null,null,"86902","LAVATÓRIO LOUÇA BRANCA COM COLUNA, *44 X 35,5* CM, PADRÃO POPULAR - FORNECIMENTO E INSTALAÇÃO. AF_12/2013","UN","1,0000000",{"$f":"SUMIF(Insumos!B:B,D1122,Insumos!G:G)","v":159.57},{"$f":"TRUNC(G1122*H1122,2)","v":159.57}]
[null,null,null,"86906","TORNEIRA CROMADA DE MESA, 1/2\" OU 3/4\", PARA LAVATÓRIO, PADRÃO POPULAR - FORNECIMENTO E INSTALAÇÃO. AF_12/2013","UN","1,0000000",{"$f":"SUMIF(Insumos!B:B,D1123,Insumos!G:G)","v":39.85},{"$f":"TRUNC(G1123*H1123,2)","v":39.85}]
[{"$nulls":7},"PARCIAL:",{"$f":"SUM(I1119:I1123)","v":214.69}]
[{"$nulls":7},"VALOR UNITÁRIO TOTAL - R$",{"$f":"I1117+I1124","v":214.69}]
[]
[]
[]
[null,"SERVIÇO","SINAPI",83624,{"$f":"IF($B1129 = \"SERVIÇO\", IF(C1129 = \"SINAPI\", VLOOKUP(D1129, 'SERVIÇOS SINAPI'!$B:$E, 2, 0), IF(C1129 = \"ORSE\", VLOOKUP(D1129,#REF!, 2, 0), IF(C1129 = \"SEINFRA\", VLOOKUP(D1129,#REF!, 2, 0)))), IF(B1129=\"INSUMO\", IF(C1129 = \"SINAPI\", VLOOKUP(D1129, Insumos!$B:$G, 2, 0), IF(C1129 = \"ORSE\", VLOOKUP(D1129,#REF!, 2, 0), IF(C1129 = \"SEINFRA\", VLOOKUP(D1129,#REF!, 2, 0),)))))","v":"GRELHA DE FERRO FUNDIDO PARA CANALETA LARG = 20CM, FORNECIMENTO E ASSENTAMENTO"},null,null,null,{"$f":"IF(B1129 = \"SERVIÇO\", IF(C1129 = \"SINAPI\", VLOOKUP(D1129, 'SERVIÇOS SINAPI'!$B:$E, 3, 0), IF(C1129 = \"ORSE\", VLOOKUP(D1129,#REF!, 3, 0), IF(C1129 = \"SEINFRA\", VLOOKUP(D1129,#REF!, 5, 0)))), IF(B1129=\"INSUMO\", IF(C1129 = \"SINAPI\", VLOOKUP(D1129, Insumos!$B:$G, 3, 0), IF(C1129 = \"ORSE\", VLOOKUP(D1129,#REF!, 3, 0), IF(C1129 = \"SEINFRA\", VLOOKUP(D1129,#REF!, 3, 0),)))))","v":"M"},null,{"$f":"I1143","v":129.5},165.4]
[]
[null,null,null,"COD.","DESCRIÇÃO","UN.","COEF.","PREÇO","TOTAL"]
[null,null,null,"MÃO-DE-OBRA"]
[null,null,null,"88316","SERVENTE (COM ENCARGOS INCLUSOS)","H","0,1600000",{"$f":"SUMIF(Insumos!B:B,D1133,Insumos!G:G)","v":11.11},{"$f":"TRUNC(G1133*H1133,2)","v":1.77}]
[{"$nulls":7},{"$f":"SUMIF(Insumos!B:B,D1134,Insumos!G:G)","v":0},{"$f":"TRUNC(G1134*H1134,2)","v":0}]
[null,null,null,"PARCIAL:",{"$nulls":4},{"$f":"SUM(I1132:I1134)","v":1.77}]
[null,null,null,"MATERIAL/SERVIÇOS/ EQUIPAMENTOS"]
[null,null,null,"11236","GRELHA FOFO SIMPLES COM REQUADRO, CARGA MAXIMA 1,5 T, 200 X 1000 MM, E= *15* MM","UN","1,0000000",{"$f":"SUMIF(Insumos!B:B,D1137,Insumos!G:G)","v":127.73},{"$f":"TRUNC(G1137*H1137,2)","v":127.73}]
[{"$nulls":7},{"$f":"SUMIF(Insumos!B:B,D1138,Insumos!G:G)","v":0},{"$f":"TRUNC(G1138*H1138,2)","v":0}]
[{"$nulls":7},{"$f":"SUMIF(Insumos!B:B,D1139,Insumos!G:G)","v":0},{"$f":"TRUNC(G1139*H1139,2)","v":0}]
[{"$nulls":7},{"$f":"SUMIF(Insumos!B:B,D1140,Insumos!G:G)","v":0},{"$f":"TRUNC(G1140*H1140,2)","v":0}]
[{"$nulls":7},{"$f":"SUMIF(Insumos!B:B,D1141,Insumos!G:G)","v":0},{"$f":"TRUNC(G1141*H1141,2)","v":0}]
[{"$nulls":7},"PARCIAL:",{"$f":"SUM(I1137:I1141)","v":127.73}]
[{"$nulls":7},"VALOR UNITÁRIO TOTAL - R$",{"$f":"I1135+I1142","v":129.5}]
[]
[]
[]
[null,"SERVIÇO","SINAPI",98052,{"$f":"IF($B1147 = \"SERVIÇO\", IF(C1147 = \"SINAPI\", VLOOKUP(D1147, 'SERVIÇOS SINAPI'!$B:$E, 2, 0), IF(C1147 = \"ORSE\", VLOOKUP(D1147,#REF!, 2, 0), IF(C1147 = \"SEINFRA\", VLOOKUP(D1147,#REF!, 2, 0)))), IF(B1147=\"INSUMO\", IF(C1147 = \"SINAPI\", VLOOKUP(D1147, Insumos!$B:$G, 2, 0), IF(C1147 = \"ORSE\", VLOOKUP(D1147,#REF!, 2, 0), IF(C1147 = \"SEINFRA\", VLOOKUP(D1147,#REF!, 2, 0),)))))","v":"TANQUE SÉPTICO CIRCULAR, EM CONCRETO PRÉ-MOLDADO, DIÂMETRO INTERNO = 1,10 M, ALTURA INTERNA = 2,50 M, VOLUME ÚTIL: 2138,2 L (PARA 5 CONTRIBUINTES). AF_05/2018"},null,null,null,{"$f":"IF(B1147 = \"SERVIÇO\", IF(C1147 = \"SINAPI\", VLOOKUP(D1147, 'SERVIÇOS SINAPI'!$B:$E, 3, 0), IF(C1147 = \"ORSE\", VLOOKUP(D1147,#REF!, 3, 0), IF(C1147 = \"SEINFRA\", VLOOKUP(D1147,#REF!, 5, 0)))), IF(B1147=\"INSUMO\", IF(C1147 = \"SINAPI\", VLOOKUP(D1147, Insumos!$B:$G, 3, 0), IF(C1147 = \"ORSE\", VLOOKUP(D1147,#REF!, 3, 0), IF(C1147 = \"SEINFRA\", VLOOKUP(D1147,#REF!, 3, 0),)))))","v":"UN"},null,{"$f":"I1163","v":780.57},997.2]
[]
[null,null,null,"COD.","DESCRIÇÃO","UN.","COEF.","PREÇO","TOTAL"]
[null,null,null,"MÃO-DE-OBRA"]
[null,null,null,"88309","PEDREIRO (COM ENCARGOS INCLUSOS)","H",2.9553291000000002,{"$f":"SUMIF(Insumos!B:B,D1151,Insumos!G:G)","v":13.51},{"$f":"TRUNC(G1151*H1151,2)","v":39.92}]
[null,null,null,"88316","SERVENTE (COM ENCARGOS INCLUSOS)","H",2.9553291000000002,{"$f":"SUMIF(Insumos!B:B,D1152,Insumos!G:G)","v":11.11},{"$f":"TRUNC(G1152*H1152,2)","v":32.83}]
[null,null,null,"PARCIAL:",{"$nulls":4},{"$f":"SUM(I1150:I1152)","v":72.75}]
[null,null,null,"MATERIAL/SERVIÇOS/ EQUIPAMENTOS"]
[null,null,null,"5678","RETROESCAVADEIRA SOBRE RODAS COM CARREGADEIRA, TRAÇÃO 4X4, POTÊNCIA LÍQ. 88 HP, CAÇAMBA CARREG. CAP. MÍN. 1 M3, CAÇAMBA RETRO CAP. 0,26 M3, PESO OPERACIONAL MÍN. 6.674 KG, PROFUNDIDADE ESCAVAÇÃO MÁX. 4,37 M - CHP DIURNO. AF_06/2014","CHP","0,3545000",{"$f":"SUMIF(Insumos!B:B,D1155,Insumos!G:G)","v":87.88},{"$f":"TRUNC(G1155*H1155,2)","v":31.15}]
[null,null,null,"5679","RETROESCAVADEIRA SOBRE RODAS COM CARREGADEIRA, TRAÇÃO 4X4, POTÊNCIA LÍQ. 88 HP, CAÇAMBA CARREG. CAP. MÍN. 1 M3, CAÇAMBA RETRO CAP. 0,26 M3, PESO OPERACIONAL MÍN. 6.674 KG, PROFUNDIDADE ESCAVAÇÃO MÁX. 4,37 M - CHI DIURNO. AF_06/2014","CHI","1,1923000",{"$f":"SUMIF(Insumos!B:B,D1156,Insumos!G:G)","v":39.72},47.35]
[null,null,null,"12551","ANEL DE CONCRETO ARMADO, D = 1,20 M, H = 0,50 M","UN","5,0000000",{"$f":"SUMIF(Insumos!B:B,D1157,Insumos!G:G)","v":78.75},393.75]
[null,null,null,"94116","LASTRO COM PREPARO DE FUNDO, LARGURA MAIOR OU IGUAL A 1,5 M, COM CAMADA DE BRITA, LANÇAMENTO MECANIZADO, EM LOCAL COM NÍVEL BAIXO DE INTERFERÊNCIA. AF_06/2016","M3","0,1539000",{"$f":"SUMIF(Insumos!B:B,D1158,Insumos!G:G)","v":103.35},15.9]
[null,null,null,"96920","ARGAMASSA TRAÇO 1:3 (CIMENTO E AREIA), PREPARO MECANICO , INCLUSO ADITIVO IMPERMEABILIZANTE","M3","0,1932000",{"$f":"SUMIF(Insumos!B:B,D1159,Insumos!G:G)","v":349.76},67.569999999999993]
[null,null,null,"97738","PEÇA CIRCULAR PRÉ-MOLDADA, VOLUME DE CONCRETO DE 10 A 30 LITROS, TAXA DE FIBRA DE POLIPROPILENO APROXIMADA DE 6 KG/M³. AF_01/2018_P","M3","0,0154000",{"$f":"SUMIF(Insumos!B:B,D1160,Insumos!G:G)","v":2505.62},38.58]
[null,null,null,"97739","PEÇA CIRCULAR PRÉ-MOLDADA, VOLUME DE CONCRETO DE 30 A 100 LITROS, TAXA DE AÇO APROXIMADA DE 30KG/M³. AF_01/2018","M3","0,0792000",{"$f":"SUMIF(Insumos!B:B,D1161,Insumos!G:G)","v":1433.45},113.52]
[{"$nulls":7},"PARCIAL:",{"$f":"SUM(I1155:I1161)","v":707.82}]
[{"$nulls":7},"VALOR UNITÁRIO TOTAL - R$",{"$f":"I1153+I1162","v":780.57}]
[]
[]
[]
[null,"SERVIÇO","SINAPI",98094,{"$f":"IF($B1167 = \"SERVIÇO\", IF(C1167 = \"SINAPI\", VLOOKUP(D1167, 'SERVIÇOS SINAPI'!$B:$E, 2, 0), IF(C1167 = \"ORSE\", VLOOKUP(D1167,#REF!, 2, 0), IF(C1167 = \"SEINFRA\", VLOOKUP(D1167,#REF!, 2, 0)))), IF(B1167=\"INSUMO\", IF(C1167 = \"SINAPI\", VLOOKUP(D1167, Insumos!$B:$G, 2, 0), IF(C1167 = \"ORSE\", VLOOKUP(D1167,#REF!, 2, 0), IF(C1167 = \"SEINFRA\", VLOOKUP(D1167,#REF!, 2, 0),)))))","v":"SUMIDOURO RETANGULAR, EM ALVENARIA COM BLOCOS DE CONCRETO, DIMENSÕES INTERNAS: 0,8 X 1,4 X 3,0 M, ÁREA DE INFILTRAÇÃO: 13,2 M² (PARA 5 CONTRIBUINTES). AF_05/2018"},null,null,null,{"$f":"IF(B1167 = \"SERVIÇO\", IF(C1167 = \"SINAPI\", VLOOKUP(D1167, 'SERVIÇOS SINAPI'!$B:$E, 3, 0), IF(C1167 = \"ORSE\", VLOOKUP(D1167,#REF!, 3, 0), IF(C1167 = \"SEINFRA\", VLOOKUP(D1167,#REF!, 5, 0)))), IF(B1167=\"INSUMO\", IF(C1167 = \"SINAPI\", VLOOKUP(D1167, Insumos!$B:$G, 3, 0), IF(C1167 = \"ORSE\", VLOOKUP(D1167,#REF!, 3, 0), IF(C1167 = \"SEINFRA\", VLOOKUP(D1167,#REF!, 3, 0),)))))","v":"UN"},null,{"$f":"I1189","v":1422.13},1818.22]
[]
[null,null,null,"COD.","DESCRIÇÃO","UN.","COEF.","PREÇO","TOTAL"]
[null,null,null,"MÃO-DE-OBRA"]
[null,null,null,"88309","PEDREIRO (COM ENCARGOS INCLUSOS)","H","19,5818000",{"$f":"SUMIF(Insumos!B:B,D1171,Insumos!G:G)","v":13.51},{"$f":"TRUNC(G1171*H1171,2)","v":264.55}]
[null,null,null,"88316","SERVENTE (COM ENCARGOS INCLUSOS)","H","19,5818000",{"$f":"SUMIF(Insumos!B:B,D1172,Insumos!G:G)","v":11.11},{"$f":"TRUNC(G1172*H1172,2)","v":217.55}]
[null,null,null,"PARCIAL:",{"$nulls":4},{"$f":"SUM(I1170:I1172)","v":482.1}]
[null,null,null,"MATERIAL/SERVIÇOS/ EQUIPAMENTOS"]
[null,null,null,"660","CANALETA CONCRETO 19 X 19 X 19 CM (CLASSE C - NBR 6136)","UN","27,3000000",{"$f":"SUMIF(Insumos!B:B,D1175,Insumos!G:G)","v":1.37},{"$f":"TRUNC(G1175*H1175,2)","v":37.4}]
[null,null,null,"4720","PEDRA BRITADA N. 0, OU PEDRISCO (4,8 A 9,5 MM) POSTO PEDREIRA/FORNECEDOR, SEM FRETE","M3","0,3696000",{"$f":"SUMIF(Insumos!B:B,D1176,Insumos!G:G)","v":55.37},20.46]
[null,null,null,"5678","RETROESCAVADEIRA SOBRE RODAS COM CARREGADEIRA, TRAÇÃO 4X4, POTÊNCIA LÍQ. 88 HP, CAÇAMBA CARREG. CAP. MÍN. 1 M3, CAÇAMBA RETRO CAP. 0,26 M3, PESO OPERACIONAL MÍN. 6.674 KG, PROFUNDIDADE ESCAVAÇÃO MÁX. 4,37 M - CHP DIURNO. AF_06/2014","CHP","0,1199000",{"$f":"SUMIF(Insumos!B:B,D1177,Insumos!G:G)","v":87.88},10.53]
[null,null,null,"5679","RETROESCAVADEIRA SOBRE RODAS COM CARREGADEIRA, TRAÇÃO 4X4, POTÊNCIA LÍQ. 88 HP, CAÇAMBA CARREG. CAP. MÍN. 1 M3, CAÇAMBA RETRO CAP. 0,26 M3, PESO OPERACIONAL MÍN. 6.674 KG, PROFUNDIDADE ESCAVAÇÃO MÁX. 4,37 M - CHI DIURNO. AF_06/2014","CHI","0,4032000",{"$f":"SUMIF(Insumos!B:B,D1178,Insumos!G:G)","v":39.72},16.010000000000002]
[null,null,null,"25067","BLOCO CONCRETO ESTRUTURAL 19 X 19 X 39 CM, FBK 4,5 MPA (NBR 6136)","UN","178,8070000",{"$f":"SUMIF(Insumos!B:B,D1179,Insumos!G:G)","v":2.2400000000000002},400.52]
[null,null,null,"88628","ARGAMASSA TRAÇO 1:3 (CIMENTO E AREIA MÉDIA), PREPARO MECÂNICO COM BETONEIRA 400 L. AF_08/2014","M3","0,2351000",{"$f":"SUMIF(Insumos!B:B,D1180,Insumos!G:G)","v":265.48},62.41]
[null,null,null,"89993","GRAUTEAMENTO VERTICAL EM ALVENARIA ESTRUTURAL. AF_01/2015","M3","0,2242000",{"$f":"SUMIF(Insumos!B:B,D1181,Insumos!G:G)","v":470.26},105.43]
[null,null,null,"89995","GRAUTEAMENTO DE CINTA SUPERIOR OU DE VERGA EM ALVENARIA ESTRUTURAL. AF_01/2015","M3","0,0800000",{"$f":"SUMIF(Insumos!B:B,D1182,Insumos!G:G)","v":451.78},36.14]
[null,null,null,"89996","ARMAÇÃO VERTICAL DE ALVENARIA ESTRUTURAL; DIÂMETRO DE 10,0 MM. AF_01/2015","KG","7,4040000",{"$f":"SUMIF(Insumos!B:B,D1183,Insumos!G:G)","v":4.55},33.68]
[null,null,null,"89998","ARMAÇÃO DE CINTA DE ALVENARIA ESTRUTURAL; DIÂMETRO DE 10,0 MM. AF_01/2015","KG","3,2084000",{"$f":"SUMIF(Insumos!B:B,D1184,Insumos!G:G)","v":4.2699999999999996},13.69]
[null,null,null,"94115","LASTRO COM PREPARO DE FUNDO, LARGURA MAIOR OU IGUAL A 1,5 M, COM CAMADA DE AREIA, LANÇAMENTO MECANIZADO, EM LOCAL COM NÍVEL BAIXO DE INTERFERÊNCIA. AF_06/2016","M3","0,1870000",{"$f":"SUMIF(Insumos!B:B,D1185,Insumos!G:G)","v":76.349999999999994},14.27]
[null,null,null,"97734","PEÇA RETANGULAR PRÉ-MOLDADA, VOLUME DE CONCRETO DE 10 A 30 LITROS, TAXA DE AÇO APROXIMADA DE 30KG/M³. AF_01/2018","M3","0,0252000",{"$f":"SUMIF(Insumos!B:B,D1186,Insumos!G:G)","v":1470.36},37.049999999999997]
[null,null,null,"97735","PEÇA RETANGULAR PRÉ-MOLDADA, VOLUME DE CONCRETO DE 30 A 100 LITROS, TAXA DE AÇO APROXIMADA DE 30KG/M³. AF_01/2018","M3","0,1260000",{"$f":"SUMIF(Insumos!B:B,D1187,Insumos!G:G)","v":1209.92},152.44]
[{"$nulls":7},"PARCIAL:",{"$f":"SUM(I1175:I1187)","v":940.03}]
[{"$nulls":7},"VALOR UNITÁRIO TOTAL - R$",{"$f":"I1173+I1188","v":1422.13}]
[]
[]
[]
[null,"SERVIÇO","SINAPI",88549,{"$f":"IF($B1193 = \"SERVIÇO\", IF(C1193 = \"SINAPI\", VLOOKUP(D1193, 'SERVIÇOS SINAPI'!$B:$E, 2, 0), IF(C1193 = \"ORSE\", VLOOKUP(D1193,#REF!, 2, 0), IF(C1193 = \"SEINFRA\", VLOOKUP(D1193,#REF!, 2, 0)))), IF(B1193=\"INSUMO\", IF(C1193 = \"SINAPI\", VLOOKUP(D1193, Insumos!$B:$G, 2, 0), IF(C1193 = \"ORSE\", VLOOKUP(D1193,#REF!, 2, 0), IF(C1193 = \"SEINFRA\", VLOOKUP(D1193,#REF!, 2, 0),)))))","v":"FORNECIMENTO E ASSENTAMENTO DE BRITA 2-DRENOS E FILTROS   MM"},null,null,null,{"$f":"IF(B1193 = \"SERVIÇO\", IF(C1193 = \"SINAPI\", VLOOKUP(D1193, 'SERVIÇOS SINAPI'!$B:$E, 3, 0), IF(C1193 = \"ORSE\", VLOOKUP(D1193,#REF!, 3, 0), IF(C1193 = \"SEINFRA\", VLOOKUP(D1193,#REF!, 5, 0)))), IF(B1193=\"INSUMO\", IF(C1193 = \"SINAPI\", VLOOKUP(D1193, Insumos!$B:$G, 3, 0), IF(C1193 = \"ORSE\", VLOOKUP(D1193,#REF!, 3, 0), IF(C1193 = \"SEINFRA\", VLOOKUP(D1193,#REF!, 3, 0),)))))","v":"M³"},null,{"$f":"I1207","v":56.63},72.33]
[]
[null,null,null,"COD.","DESCRIÇÃO","UN.","COEF.","PREÇO","TOTAL"]
[null,null,null,"MÃO-DE-OBRA"]
[null,null,null,"88316","SERVENTE (COM ENCARGOS INCLUSOS)","H","1,0000000",{"$f":"SUMIF(Insumos!B:B,D1197,Insumos!G:G)","v":11.11},{"$f":"TRUNC(G1197*H1197,2)","v":11.11}]
[{"$nulls":7},{"$f":"SUMIF(Insumos!B:B,D1198,Insumos!G:G)","v":0},{"$f":"TRUNC(G1198*H1198,2)","v":0}]
[null,null,null,"PARCIAL:",{"$nulls":4},{"$f":"SUM(I1196:I1198)","v":11.11}]
[null,null,null,"MATERIAL/SERVIÇOS/ EQUIPAMENTOS"]
[null,null,null,"4718","PEDRA BRITADA N. 2 (19 A 38 MM) POSTO PEDREIRA/FORNECEDOR, SEM FRETE","M3","1,0500000",{"$f":"SUMIF(Insumos!B:B,D1201,Insumos!G:G)","v":43.36},{"$f":"TRUNC(G1201*H1201,2)","v":45.52}]
[{"$nulls":7},{"$f":"SUMIF(Insumos!B:B,D1202,Insumos!G:G)","v":0},{"$f":"TRUNC(G1202*H1202,2)","v":0}]
[{"$nulls":7},{"$f":"SUMIF(Insumos!B:B,D1203,Insumos!G:G)","v":0},{"$f":"TRUNC(G1203*H1203,2)","v":0}]
[{"$nulls":7},{"$f":"SUMIF(Insumos!B:B,D1204,Insumos!G:G)","v":0},{"$f":"TRUNC(G1204*H1204,2)","v":0}]
[{"$nulls":7},{"$f":"SUMIF(Insumos!B:B,D1205,Insumos!G:G)","v":0},{"$f":"TRUNC(G1205*H1205,2)","v":0}]
[{"$nulls":7},"PARCIAL:",{"$f":"SUM(I1201:I1205)","v":45.52}]
[{"$nulls":7},"VALOR UNITÁRIO TOTAL - R$",{"$f":"I1199+I1206","v":56.63}]
[]
[]
[]
[null,"SERVIÇO","SINAPI",6514,{"$f":"IF($B1211 = \"SERVIÇO\", IF(C1211 = \"SINAPI\", VLOOKUP(D1211, 'SERVIÇOS SINAPI'!$B:$E, 2, 0), IF(C1211 = \"ORSE\", VLOOKUP(D1211,#REF!, 2, 0), IF(C1211 = \"SEINFRA\", VLOOKUP(D1211,#REF!, 2, 0)))), IF(B1211=\"INSUMO\", IF(C1211 = \"SINAPI\", VLOOKUP(D1211, Insumos!$B:$G, 2, 0), IF(C1211 = \"ORSE\", VLOOKUP(D1211,#REF!, 2, 0), IF(C1211 = \"SEINFRA\", VLOOKUP(D1211,#REF!, 2, 0),)))))","v":"FORNECIMENTO E LANCAMENTO DE BRITA N. 4"},null,null,null,{"$f":"IF(B1211 = \"SERVIÇO\", IF(C1211 = \"SINAPI\", VLOOKUP(D1211, 'SERVIÇOS SINAPI'!$B:$E, 3, 0), IF(C1211 = \"ORSE\", VLOOKUP(D1211,#REF!, 3, 0), IF(C1211 = \"SEINFRA\", VLOOKUP(D1211,#REF!, 5, 0)))), IF(B1211=\"INSUMO\", IF(C1211 = \"SINAPI\", VLOOKUP(D1211, Insumos!$B:$G, 3, 0), IF(C1211 = \"ORSE\", VLOOKUP(D1211,#REF!, 3, 0), IF(C1211 = \"SEINFRA\", VLOOKUP(D1211,#REF!, 3, 0),)))))","v":"M³"},null,{"$f":"I1225","v":71.89},91.82]
[]
[null,null,null,"COD.","DESCRIÇÃO","UN.","COEF.","PREÇO","TOTAL"]
[null,null,null,"MÃO-DE-OBRA"]
[null,null,null,"88316","SERVENTE (COM ENCARGOS INCLUSOS)","H","2,0000000",{"$f":"SUMIF(Insumos!B:B,D1215,Insumos!G:G)","v":11.11},{"$f":"TRUNC(G1215*H1215,2)","v":22.22}]
[{"$nulls":7},{"$f":"SUMIF(Insumos!B:B,D1216,Insumos!G:G)","v":0},{"$f":"TRUNC(G1216*H1216,2)","v":0}]
[null,null,null,"PARCIAL:",{"$nulls":4},{"$f":"SUM(I1214:I1216)","v":22.22}]
[null,null,null,"MATERIAL/SERVIÇOS/ EQUIPAMENTOS"]
[null,null,null,"4723","PEDRA BRITADA N. 4 (50 A 76 MM) POSTO PEDREIRA/FORNECEDOR, SEM FRETE","M3","1,0500000",{"$f":"SUMIF(Insumos!B:B,D1219,Insumos!G:G)","v":47.31},{"$f":"TRUNC(G1219*H1219,2)","v":49.67}]
[{"$nulls":7},{"$f":"SUMIF(Insumos!B:B,D1220,Insumos!G:G)","v":0},{"$f":"TRUNC(G1220*H1220,2)","v":0}]
[{"$nulls":7},{"$f":"SUMIF(Insumos!B:B,D1221,Insumos!G:G)","v":0},{"$f":"TRUNC(G1221*H1221,2)","v":0}]
[{"$nulls":7},{"$f":"SUMIF(Insumos!B:B,D1222,Insumos!G:G)","v":0},{"$f":"TRUNC(G1222*H1222,2)","v":0}]
[{"$nulls":7},{"$f":"SUMIF(Insumos!B:B,D1223,Insumos!G:G)","v":0},{"$f":"TRUNC(G1223*H1223,2)","v":0}]
[{"$nulls":7},"PARCIAL:",{"$f":"SUM(I1219:I1223)","v":49.67}]
[{"$nulls":7},"VALOR UNITÁRIO TOTAL - R$",{"$f":"I1217+I1224","v":71.89}]
[]
[]
[]
[null,"SERVIÇO","SINAPI","73881/3",{"$f":"IF($B1229 = \"SERVIÇO\", IF(C1229 = \"SINAPI\", VLOOKUP(D1229, 'SERVIÇOS SINAPI'!$B:$E, 2, 0), IF(C1229 = \"ORSE\", VLOOKUP(D1229,#REF!, 2, 0), IF(C1229 = \"SEINFRA\", VLOOKUP(D1229,#REF!, 2, 0)))), IF(B1229=\"INSUMO\", IF(C1229 = \"SINAPI\", VLOOKUP(D1229, Insumos!$B:$G, 2, 0), IF(C1229 = \"ORSE\", VLOOKUP(D1229,#REF!, 2, 0), IF(C1229 = \"SEINFRA\", VLOOKUP(D1229,#REF!, 2, 0),)))))","v":"EXECUCAO DE DRENO COM MANTA GEOTEXTIL 400 G/M2"},null,null,null,{"$f":"IF(B1229 = \"SERVIÇO\", IF(C1229 = \"SINAPI\", VLOOKUP(D1229, 'SERVIÇOS SINAPI'!$B:$E, 3, 0), IF(C1229 = \"ORSE\", VLOOKUP(D1229,#REF!, 3, 0), IF(C1229 = \"SEINFRA\", VLOOKUP(D1229,#REF!, 5, 0)))), IF(B1229=\"INSUMO\", IF(C1229 = \"SINAPI\", VLOOKUP(D1229, Insumos!$B:$G, 3, 0), IF(C1229 = \"ORSE\", VLOOKUP(D1229,#REF!, 3, 0), IF(C1229 = \"SEINFRA\", VLOOKUP(D1229,#REF!, 3, 0),)))))","v":"M²"},null,{"$f":"I1243","v":8.93},11.41]
[]
[null,null,null,"COD.","DESCRIÇÃO","UN.","COEF.","PREÇO","TOTAL"]
[null,null,null,"MÃO-DE-OBRA"]
[null,null,null,"88316","SERVENTE (COM ENCARGOS INCLUSOS)","H","0,0200000",{"$f":"SUMIF(Insumos!B:B,D1233,Insumos!G:G)","v":11.11},{"$f":"TRUNC(G1233*H1233,2)","v":0.22}]
[{"$nulls":7},{"$f":"SUMIF(Insumos!B:B,D1234,Insumos!G:G)","v":0},{"$f":"TRUNC(G1234*H1234,2)","v":0}]
[null,null,null,"PARCIAL:",{"$nulls":4},{"$f":"SUM(I1232:I1234)","v":0.22}]
[null,null,null,"MATERIAL/SERVIÇOS/ EQUIPAMENTOS"]
[null,null,null,"4012","GEOTEXTIL NAO TECIDO AGULHADO DE FILAMENTOS CONTINUOS 100% POLIESTER, RESITENCIA A TRACAO = 21 KN/M","M2","1,0500000",{"$f":"SUMIF(Insumos!B:B,D1237,Insumos!G:G)","v":8.3000000000000007},{"$f":"TRUNC(G1237*H1237,2)","v":8.7100000000000009}]
[{"$nulls":7},{"$f":"SUMIF(Insumos!B:B,D1238,Insumos!G:G)","v":0},{"$f":"TRUNC(G1238*H1238,2)","v":0}]
[{"$nulls":7},{"$f":"SUMIF(Insumos!B:B,D1239,Insumos!G:G)","v":0},{"$f":"TRUNC(G1239*H1239,2)","v":0}]
[{"$nulls":7},{"$f":"SUMIF(Insumos!B:B,D1240,Insumos!G:G)","v":0},{"$f":"TRUNC(G1240*H1240,2)","v":0}]
[{"$nulls":7},{"$f":"SUMIF(Insumos!B:B,D1241,Insumos!G:G)","v":0},{"$f":"TRUNC(G1241*H1241,2)","v":0}]
[{"$nulls":7},"PARCIAL:",{"$f":"SUM(I1237:I1241)","v":8.7100000000000009}]
[{"$nulls":7},"VALOR UNITÁRIO TOTAL - R$",{"$f":"I1235+I1242","v":8.93}]
[]
[]
[]
[null,"SERVIÇO","SINAPI",98420,{"$f":"IF($B1247 = \"SERVIÇO\", IF(C1247 = \"SINAPI\", VLOOKUP(D1247, 'SERVIÇOS SINAPI'!$B:$E, 2, 0), IF(C1247 = \"ORSE\", VLOOKUP(D1247,#REF!, 2, 0), IF(C1247 = \"SEINFRA\", VLOOKUP(D1247,#REF!, 2, 0)))), IF(B1247=\"INSUMO\", IF(C1247 = \"SINAPI\", VLOOKUP(D1247, Insumos!$B:$G, 2, 0), IF(C1247 = \"ORSE\", VLOOKUP(D1247,#REF!, 2, 0), IF(C1247 = \"SEINFRA\", VLOOKUP(D1247,#REF!, 2, 0),)))))","v":"(COMPOSIÇÃO REPRESENTATIVA) POÇO DE VISITA CIRCULAR PARA ESGOTO, EM CONCRETO PRÉ-MOLDADO, DIÂMETRO INTERNO = 1,0 M, PROFUNDIDADE ATÉ 1,50 M, INCLUINDO TAMPÃO DE FERRO FUNDIDO, DIÂMETRO DE 60 CM. AF_04/2018"},null,null,null,{"$f":"IF(B1247 = \"SERVIÇO\", IF(C1247 = \"SINAPI\", VLOOKUP(D1247, 'SERVIÇOS SINAPI'!$B:$E, 3, 0), IF(C1247 = \"ORSE\", VLOOKUP(D1247,#REF!, 3, 0), IF(C1247 = \"SEINFRA\", VLOOKUP(D1247,#REF!, 5, 0)))), IF(B1247=\"INSUMO\", IF(C1247 = \"SINAPI\", VLOOKUP(D1247, Insumos!$B:$G, 3, 0), IF(C1247 = \"ORSE\", VLOOKUP(D1247,#REF!, 3, 0), IF(C1247 = \"SEINFRA\", VLOOKUP(D1247,#REF!, 3, 0),)))))","v":"UN"},null,{"$f":"I1259","v":982.84},1255.23]
[]
[null,null,null,"COD.","DESCRIÇÃO","UN.","COEF.","PREÇO","TOTAL"]
[null,null,null,"MÃO-DE-OBRA"]
[{"$nulls":7},{"$f":"SUMIF(Insumos!B:B,D1251,Insumos!G:G)","v":0},{"$f":"TRUNC(G1251*H1251,2)","v":0}]
[{"$nulls":7},{"$f":"SUMIF(Insumos!B:B,D1252,Insumos!G:G)","v":0},{"$f":"TRUNC(G1252*H1252,2)","v":0}]
[null,null,null,"PARCIAL:",{"$nulls":4},{"$f":"SUM(I1250:I1252)","v":0}]
[null,null,null,"MATERIAL/SERVIÇOS/ EQUIPAMENTOS"]
[null,null,null,"98114","TAMPA CIRCULAR PARA ESGOTO E DRENAGEM, EM FERRO FUNDIDO, DIÂMETRO INTERNO = 0,6 M. AF_05/2018","UN","1,0000000",{"$f":"SUMIF(Insumos!B:B,D1255,Insumos!G:G)","v":338.18},{"$f":"TRUNC(G1255*H1255,2)","v":338.18}]
[null,null,null,"98414","BASE PARA POÇO DE VISITA CIRCULAR PARA  ESGOTO, EM CONCRETO PRÉ-MOLDADO, DIÂMETRO INTERNO = 1 M, PROFUNDIDADE = 1,45 M, EXCLUINDO TAMPÃO. AF_05/2018_P","UN","1,0000000",{"$f":"SUMIF(Insumos!B:B,D1256,Insumos!G:G)","v":644.66999999999996},{"$f":"TRUNC(G1256*H1256,2)-0.01","v":644.66}]
[{"$nulls":7},{"$f":"SUMIF(Insumos!B:B,D1257,Insumos!G:G)","v":0},{"$f":"TRUNC(G1257*H1257,2)","v":0}]
[{"$nulls":7},"PARCIAL:",{"$f":"SUM(I1255:I1257)","v":982.84}]
[{"$nulls":7},"VALOR UNITÁRIO TOTAL - R$",{"$f":"I1253+I1258","v":982.84}]
[]
[]
[]
[null,"SERVIÇO","SINAPI",92391,{"$f":"IF($B1263 = \"SERVIÇO\", IF(C1263 = \"SINAPI\", VLOOKUP(D1263, 'SERVIÇOS SINAPI'!$B:$E, 2, 0), IF(C1263 = \"ORSE\", VLOOKUP(D1263,#REF!, 2, 0), IF(C1263 = \"SEINFRA\", VLOOKUP(D1263,#REF!, 2, 0)))), IF(B1263=\"INSUMO\", IF(C1263 = \"SINAPI\", VLOOKUP(D1263, Insumos!$B:$G, 2, 0), IF(C1263 = \"ORSE\", VLOOKUP(D1263,#REF!, 2, 0), IF(C1263 = \"SEINFRA\", VLOOKUP(D1263,#REF!, 2, 0),)))))","v":"EXECUÇÃO DE PAVIMENTO EM PISO INTERTRAVADO, COM BLOCO PISOGRAMA DE 35 X 25 CM, ESPESSURA 6 CM. AF_12/2015"},null,null,null,{"$f":"IF(B1263 = \"SERVIÇO\", IF(C1263 = \"SINAPI\", VLOOKUP(D1263, 'SERVIÇOS SINAPI'!$B:$E, 3, 0), IF(C1263 = \"ORSE\", VLOOKUP(D1263,#REF!, 3, 0), IF(C1263 = \"SEINFRA\", VLOOKUP(D1263,#REF!, 5, 0)))), IF(B1263=\"INSUMO\", IF(C1263 = \"SINAPI\", VLOOKUP(D1263, Insumos!$B:$G, 3, 0), IF(C1263 = \"ORSE\", VLOOKUP(D1263,#REF!, 3, 0), IF(C1263 = \"SEINFRA\", VLOOKUP(D1263,#REF!, 3, 0),)))))","v":"M²"},null,{"$f":"I1279","v":36.04},46.04]
[]
[null,null,null,"COD.","DESCRIÇÃO","UN.","COEF.","PREÇO","TOTAL"]
[null,null,null,"MÃO-DE-OBRA"]
[null,null,null,"88260","CALCETEIRO (COM ENCARGOS INCLUSOS)","H","0,0970000",{"$f":"SUMIF(Insumos!B:B,D1267,Insumos!G:G)","v":13.51},{"$f":"TRUNC(G1267*H1267,2)","v":1.31}]
[null,null,null,"88316","SERVENTE (COM ENCARGOS INCLUSOS)","H","0,0970000",{"$f":"SUMIF(Insumos!B:B,D1268,Insumos!G:G)","v":11.11},{"$f":"TRUNC(G1268*H1268,2)","v":1.07}]
[null,null,null,"PARCIAL:",{"$nulls":4},{"$f":"SUM(I1266:I1268)","v":2.38}]
[null,null,null,"MATERIAL/SERVIÇOS/ EQUIPAMENTOS"]
[null,null,null,"370","AREIA MEDIA - POSTO JAZIDA/FORNECEDOR (RETIRADO NA JAZIDA, SEM TRANSPORTE)","M3","0,0568000",{"$f":"SUMIF(Insumos!B:B,D1271,Insumos!G:G)","v":39.15},{"$f":"TRUNC(G1271*H1271,2)+0.01","v":2.23}]
[null,null,null,"4741","PO DE PEDRA (POSTO PEDREIRA/FORNECEDOR, SEM FRETE)","M3","0,0036000",{"$f":"SUMIF(Insumos!B:B,D1272,Insumos!G:G)","v":41.39},{"$f":"TRUNC(G1272*H1272,2)","v":0.14000000000000001}]
[null,null,null,"40517","BLOQUETE/PISO DE CONCRETO - MODELO BLOCO PISOGRAMA/CONCREGRAMA 2 FUROS, *35  CM X 15* CM, E =  *6* CM, COR NATURAL","M2","1,0042000",{"$f":"SUMIF(Insumos!B:B,D1273,Insumos!G:G)","v":31.1},31.23]
[null,null,null,"91277","PLACA VIBRATÓRIA REVERSÍVEL COM MOTOR 4 TEMPOS A GASOLINA, FORÇA CENTRÍFUGA DE 25 KN (2500 KGF), POTÊNCIA 5,5 CV - CHP DIURNO. AF_08/2015","CHP","0,0041000",{"$f":"SUMIF(Insumos!B:B,D1274,Insumos!G:G)","v":3.57},0.01]
[null,null,null,"91278","PLACA VIBRATÓRIA REVERSÍVEL COM MOTOR 4 TEMPOS A GASOLINA, FORÇA CENTRÍFUGA DE 25 KN (2500 KGF), POTÊNCIA 5,5 CV - CHI DIURNO. AF_08/2015","CHI","0,0444000",{"$f":"SUMIF(Insumos!B:B,D1275,Insumos!G:G)","v":0.42},0.01]
[null,null,null,"91283","CORTADORA DE PISO COM MOTOR 4 TEMPOS A GASOLINA, POTÊNCIA DE 13 HP, COM DISCO DE CORTE DIAMANTADO SEGMENTADO PARA CONCRETO, DIÂMETRO DE 350 MM, FURO DE 1\" (14 X 1\") - CHP DIURNO. AF_08/2015","CHP","0,0037000",{"$f":"SUMIF(Insumos!B:B,D1276,Insumos!G:G)","v":7.78},0.02]
[null,null,null,"91285","CORTADORA DE PISO COM MOTOR 4 TEMPOS A GASOLINA, POTÊNCIA DE 13 HP, COM DISCO DE CORTE DIAMANTADO SEGMENTADO PARA CONCRETO, DIÂMETRO DE 350 MM, FURO DE 1\" (14 X 1\") - CHI DIURNO. AF_08/2015","CHI","0,0448000",{"$f":"SUMIF(Insumos!B:B,D1277,Insumos!G:G)","v":0.61},0.02]
[{"$nulls":7},"PARCIAL:",{"$f":"SUM(I1271:I1277)","v":33.659999999999997}]
[{"$nulls":7},"VALOR UNITÁRIO TOTAL - R$",{"$f":"I1269+I1278","v":36.04}]
[]
[]
[]
[null,"SERVIÇO","SINAPI",87767,{"$f":"IF($B1283 = \"SERVIÇO\", IF(C1283 = \"SINAPI\", VLOOKUP(D1283, 'SERVIÇOS SINAPI'!$B:$E, 2, 0), IF(C1283 = \"ORSE\", VLOOKUP(D1283,#REF!, 2, 0), IF(C1283 = \"SEINFRA\", VLOOKUP(D1283,#REF!, 2, 0)))), IF(B1283=\"INSUMO\", IF(C1283 = \"SINAPI\", VLOOKUP(D1283, Insumos!$B:$G, 2, 0), IF(C1283 = \"ORSE\", VLOOKUP(D1283,#REF!, 2, 0), IF(C1283 = \"SEINFRA\", VLOOKUP(D1283,#REF!, 2, 0),)))))","v":"CONTRAPISO EM ARGAMASSA TRAÇO 1:4 (CIMENTO E AREIA), PREPARO MANUAL, APLICADO EM ÁREAS MOLHADAS SOBRE IMPERMEABILIZAÇÃO, ESPESSURA 4CM. AF_06/2014"},null,null,null,{"$f":"IF(B1283 = \"SERVIÇO\", IF(C1283 = \"SINAPI\", VLOOKUP(D1283, 'SERVIÇOS SINAPI'!$B:$E, 3, 0), IF(C1283 = \"ORSE\", VLOOKUP(D1283,#REF!, 3, 0), IF(C1283 = \"SEINFRA\", VLOOKUP(D1283,#REF!, 5, 0)))), IF(B1283=\"INSUMO\", IF(C1283 = \"SINAPI\", VLOOKUP(D1283, Insumos!$B:$G, 3, 0), IF(C1283 = \"ORSE\", VLOOKUP(D1283,#REF!, 3, 0), IF(C1283 = \"SEINFRA\", VLOOKUP(D1283,#REF!, 3, 0),)))))","v":"M²"},null,{"$f":"I1294","v":31.16},39.86]
[]
[null,null,null,"COD.","DESCRIÇÃO","UN.","COEF.","PREÇO","TOTAL"]
[null,null,null,"MÃO-DE-OBRA"]
[null,null,null,"88309","PEDREIRO (COM ENCARGOS INCLUSOS)","H","0,6900000",{"$f":"SUMIF(Insumos!B:B,D1287,Insumos!G:G)","v":13.51},{"$f":"TRUNC(G1287*H1287,2)","v":9.32}]
[null,null,null,"88316","SERVENTE (COM ENCARGOS INCLUSOS)","H","0,3450000",{"$f":"SUMIF(Insumos!B:B,D1288,Insumos!G:G)","v":11.11},{"$f":"TRUNC(G1288*H1288,2)","v":3.83}]
[null,null,null,"PARCIAL:",{"$nulls":4},{"$f":"SUM(I1286:I1288)","v":13.15}]
[null,null,null,"MATERIAL/SERVIÇOS/ EQUIPAMENTOS"]
[null,null,null,"1379","CIMENTO PORTLAND COMPOSTO CP II-32","KG","0,5000000",{"$f":"SUMIF(Insumos!B:B,D1291,Insumos!G:G)","v":0.34},{"$f":"TRUNC(G1291*H1291,2)","v":0.17}]
[null,null,null,"87373","ARGAMASSA TRAÇO 1:4 (CIMENTO E AREIA MÉDIA) PARA CONTRAPISO, PREPARO MANUAL. AF_06/2014","M3","0,0530000",{"$f":"SUMIF(Insumos!B:B,D1292,Insumos!G:G)","v":336.65},{"$f":"TRUNC(G1292*H1292,2)","v":17.84}]
[{"$nulls":7},"PARCIAL:",{"$f":"SUM(I1290:I1292)","v":18.010000000000002}]
[{"$nulls":7},"VALOR UNITÁRIO TOTAL - R$",{"$f":"I1289+I1293","v":31.16}]
[]
[]
[]
[null,"SERVIÇO","SINAPI",98561,"IMPERMEABILIZAÇÃO DE PAREDES COM ARGAMASSA DE CIMENTO E AREIA, COM ADITIVO IMPERMEABILIZANTE, E = 2CM. AF_06/2018",null,null,null,"M2",null,{"$f":"I1309","v":21.77},27.89]
[]
[null,null,null,"COD.","DESCRIÇÃO","UN.","COEF.","PREÇO","TOTAL"]
[null,null,null,"MÃO-DE-OBRA"]
[null,null,null,"88309","PEDREIRO (COM ENCARGOS INCLUSOS)","H","0,8670000",{"$f":"SUMIF(Insumos!B:B,D1302,Insumos!G:G)","v":13.51},{"$f":"TRUNC(G1302*H1302,2)","v":11.71}]
[null,null,null,"88316","SERVENTE (COM ENCARGOS INCLUSOS)","H","0,1760000",{"$f":"SUMIF(Insumos!B:B,D1303,Insumos!G:G)","v":11.11},{"$f":"TRUNC(G1303*H1303,2)-0.01","v":1.94}]
[null,null,null,"PARCIAL:",{"$nulls":4},{"$f":"SUM(I1301:I1303)","v":13.65}]
[null,null,null,"MATERIAL/SERVIÇOS/ EQUIPAMENTOS"]
[null,null,null,"7325","ADITIVO IMPERMEABILIZANTE DE PEGA NORMAL PARA ARGAMASSAS E  CONCRETOS SEM ARMACAO","KG","0,3870000",{"$f":"SUMIF(Insumos!B:B,D1306,Insumos!G:G)","v":4.87},{"$f":"TRUNC(G1306*H1306,2)-0.01","v":1.87}]
[null,null,null,"87286","ARGAMASSA TRAÇO 1:1:6 (CIMENTO, CAL E AREIA MÉDIA) PARA EMBOÇO/MASSA ÚNICA/ASSENTAMENTO DE ALVENARIA DE VEDAÇÃO, PREPARO MECÂNICO COM BETONEIRA 400 L. AF_06/2014","M3","0,0250000",{"$f":"SUMIF(Insumos!B:B,D1307,Insumos!G:G)+6.4","v":250.45},{"$f":"TRUNC(G1307*H1307,2)-0.01","v":6.25}]
[{"$nulls":7},"PARCIAL:",{"$f":"SUM(I1306:I1307)","v":8.1199999999999992}]
[{"$nulls":7},"VALOR UNITÁRIO TOTAL - R$",{"$f":"I1304+I1308","v":21.77}]
[]
[]
[]
[null,"SERVIÇO","SINAPI",97126,{"$f":"IF($B1313 = \"SERVIÇO\", IF(C1313 = \"SINAPI\", VLOOKUP(D1313, 'SERVIÇOS SINAPI'!$B:$E, 2, 0), IF(C1313 = \"ORSE\", VLOOKUP(D1313,#REF!, 2, 0), IF(C1313 = \"SEINFRA\", VLOOKUP(D1313,#REF!, 2, 0)))), IF(B1313=\"INSUMO\", IF(C1313 = \"SINAPI\", VLOOKUP(D1313, Insumos!$B:$G, 2, 0), IF(C1313 = \"ORSE\", VLOOKUP(D1313,#REF!, 2, 0), IF(C1313 = \"SEINFRA\", VLOOKUP(D1313,#REF!, 2, 0),)))))","v":"ASSENTAMENTO DE TUBO DE PVC PBA PARA REDE DE ÁGUA, DN 100 MM, JUNTA ELÁSTICA INTEGRADA, INSTALADO EM LOCAL COM NÍVEL BAIXO DE INTERFERÊNCIAS (NÃO INCLUI FORNECIMENTO). AF_11/2017"},null,null,null,{"$f":"IF(B1313 = \"SERVIÇO\", IF(C1313 = \"SINAPI\", VLOOKUP(D1313, 'SERVIÇOS SINAPI'!$B:$E, 3, 0), IF(C1313 = \"ORSE\", VLOOKUP(D1313,#REF!, 3, 0), IF(C1313 = \"SEINFRA\", VLOOKUP(D1313,#REF!, 5, 0)))), IF(B1313=\"INSUMO\", IF(C1313 = \"SINAPI\", VLOOKUP(D1313, Insumos!$B:$G, 3, 0), IF(C1313 = \"ORSE\", VLOOKUP(D1313,#REF!, 3, 0), IF(C1313 = \"SEINFRA\", VLOOKUP(D1313,#REF!, 3, 0),)))))","v":"M"},null,{"$f":"I1327","v":1.0900000000000001},1.4]
[]
[null,null,null,"COD.","DESCRIÇÃO","UN.","COEF.","PREÇO","TOTAL"]
[null,null,null,"MÃO-DE-OBRA"]
[null,null,null,"88316","SERVENTE (COM ENCARGOS INCLUSOS)","H","0,0305000",{"$f":"SUMIF(Insumos!B:B,D1317,Insumos!G:G)","v":11.11},{"$f":"TRUNC(G1317*H1317,2)","v":0.33}]
[{"$nulls":7},{"$f":"SUMIF(Insumos!B:B,D1318,Insumos!G:G)","v":0},{"$f":"TRUNC(G1318*H1318,2)","v":0}]
[null,null,null,"PARCIAL:",{"$nulls":4},{"$f":"SUM(I1316:I1318)","v":0.33}]
[null,null,null,"MATERIAL/SERVIÇOS/ EQUIPAMENTOS"]
[null,null,null,"20078","PASTA LUBRIFICANTE PARA TUBOS E CONEXOES COM JUNTA ELASTICA (USO EM PVC, ACO, POLIETILENO E OUTROS) ( DE *400* G)","UN","0,0096000",{"$f":"SUMIF(Insumos!B:B,D1321,Insumos!G:G)","v":12.84},{"$f":"TRUNC(G1321*H1321,2)","v":0.12}]
[null,null,null,"88246","ASSENTADOR DE TUBOS (COM ENCARGOS INCLUSOS)","H","0,0305000",{"$f":"SUMIF(Insumos!B:B,D1322,Insumos!G:G)","v":21.13},{"$f":"TRUNC(G1322*H1322,2)","v":0.64}]
[{"$nulls":7},{"$f":"SUMIF(Insumos!B:B,D1323,Insumos!G:G)","v":0},{"$f":"TRUNC(G1323*H1323,2)","v":0}]
[{"$nulls":7},{"$f":"SUMIF(Insumos!B:B,D1324,Insumos!G:G)","v":0},{"$f":"TRUNC(G1324*H1324,2)","v":0}]
[{"$nulls":7},{"$f":"SUMIF(Insumos!B:B,D1325,Insumos!G:G)","v":0},{"$f":"TRUNC(G1325*H1325,2)","v":0}]
[{"$nulls":7},"PARCIAL:",{"$f":"SUM(I1321:I1325)","v":0.76}]
[{"$nulls":7},"VALOR UNITÁRIO TOTAL - R$",{"$f":"I1319+I1326","v":1.0900000000000001}]
[]
[]
[]
[null,"SERVIÇO","SINAPI",97065,{"$f":"IF($B1331 = \"SERVIÇO\", IF(C1331 = \"SINAPI\", VLOOKUP(D1331, 'SERVIÇOS SINAPI'!$B:$E, 2, 0), IF(C1331 = \"ORSE\", VLOOKUP(D1331,#REF!, 2, 0), IF(C1331 = \"SEINFRA\", VLOOKUP(D1331,#REF!, 2, 0)))), IF(B1331=\"INSUMO\", IF(C1331 = \"SINAPI\", VLOOKUP(D1331, Insumos!$B:$G, 2, 0), IF(C1331 = \"ORSE\", VLOOKUP(D1331,#REF!, 2, 0), IF(C1331 = \"SEINFRA\", VLOOKUP(D1331,#REF!, 2, 0),)))))","v":"MONTAGEM E DESMONTAGEM DE ANDAIME MULTIDIRECIONAL (EXCLUSIVE ANDAIME E LIMPEZA). AF_11/2017"},null,null,null,{"$f":"IF(B1331 = \"SERVIÇO\", IF(C1331 = \"SINAPI\", VLOOKUP(D1331, 'SERVIÇOS SINAPI'!$B:$E, 3, 0), IF(C1331 = \"ORSE\", VLOOKUP(D1331,#REF!, 3, 0), IF(C1331 = \"SEINFRA\", VLOOKUP(D1331,#REF!, 5, 0)))), IF(B1331=\"INSUMO\", IF(C1331 = \"SINAPI\", VLOOKUP(D1331, Insumos!$B:$G, 3, 0), IF(C1331 = \"ORSE\", VLOOKUP(D1331,#REF!, 3, 0), IF(C1331 = \"SEINFRA\", VLOOKUP(D1331,#REF!, 3, 0),)))))","v":"M³"},null,{"$f":"I1342","v":5.4},6.9]
[]
[null,null,null,"COD.","DESCRIÇÃO","UN.","COEF.","PREÇO","TOTAL"]
[null,null,null,"MÃO-DE-OBRA"]
[null,null,null,"88278","MONTADOR DE ESTRUTURA METÁLICA (COM ENCARGOS INCLUSOS)","H","0,1340000",{"$f":"SUMIF(Insumos!B:B,D1335,Insumos!G:G)","v":21.09},{"$f":"TRUNC(G1335*H1335,2)-0.01","v":2.81}]
[null,null,null,"88316","SERVENTE (COM ENCARGOS INCLUSOS)","H","0,0268000",{"$f":"SUMIF(Insumos!B:B,D1336,Insumos!G:G)","v":11.11},{"$f":"TRUNC(G1336*H1336,2)-0.01","v":0.28000000000000003}]
[null,null,null,"PARCIAL:",{"$nulls":4},{"$f":"SUM(I1334:I1336)","v":3.09}]
[null,null,null,"MATERIAL/SERVIÇOS/ EQUIPAMENTOS"]
[null,null,null,"91120","TRANSPORTE HORIZONTAL, TUBOS DE AÇO CARBONO LEVE OU MÉDIO, PRETO OU GALVANIZADO, COM DIÂMETRO MAIOR QUE 40 MM E MENOR OU IGUAL A 65 MM, MANUAL, 30M. AF_06/2015","M","7,5000000",{"$f":"SUMIF(Insumos!B:B,D1339,Insumos!G:G)","v":0.31},{"$f":"TRUNC(G1339*H1339,2)-0.01","v":2.31}]
[{"$nulls":7},{"$f":"SUMIF(Insumos!B:B,D1340,Insumos!G:G)","v":0},{"$f":"TRUNC(G1340*H1340,2)","v":0}]
[{"$nulls":7},"PARCIAL:",{"$f":"SUM(I1339:I1340)","v":2.31}]
[{"$nulls":7},"VALOR UNITÁRIO TOTAL - R$",{"$f":"I1337+I1341","v":5.4}]
[]
[]
[]
[null,"SERVIÇO","SINAPI","74194/1",{"$f":"IF($B1346 = \"SERVIÇO\", IF(C1346 = \"SINAPI\", VLOOKUP(D1346, 'SERVIÇOS SINAPI'!$B:$E, 2, 0), IF(C1346 = \"ORSE\", VLOOKUP(D1346,#REF!, 2, 0), IF(C1346 = \"SEINFRA\", VLOOKUP(D1346,#REF!, 2, 0)))), IF(B1346=\"INSUMO\", IF(C1346 = \"SINAPI\", VLOOKUP(D1346, Insumos!$B:$G, 2, 0), IF(C1346 = \"ORSE\", VLOOKUP(D1346,#REF!, 2, 0), IF(C1346 = \"SEINFRA\", VLOOKUP(D1346,#REF!, 2, 0),)))))","v":"ESCADA TIPO MARINHEIRO EM TUBO ACO GALVANIZADO 1 1/2\" 5 DEGRAUS"},null,null,null,{"$f":"IF(B1346 = \"SERVIÇO\", IF(C1346 = \"SINAPI\", VLOOKUP(D1346, 'SERVIÇOS SINAPI'!$B:$E, 3, 0), IF(C1346 = \"ORSE\", VLOOKUP(D1346,#REF!, 3, 0), IF(C1346 = \"SEINFRA\", VLOOKUP(D1346,#REF!, 5, 0)))), IF(B1346=\"INSUMO\", IF(C1346 = \"SINAPI\", VLOOKUP(D1346, Insumos!$B:$G, 3, 0), IF(C1346 = \"ORSE\", VLOOKUP(D1346,#REF!, 3, 0), IF(C1346 = \"SEINFRA\", VLOOKUP(D1346,#REF!, 3, 0),)))))","v":"M"},null,{"$f":"I1357","v":177.18},226.29]
[]
[null,null,null,"COD.","DESCRIÇÃO","UN.","COEF.","PREÇO","TOTAL"]
[null,null,null,"MÃO-DE-OBRA"]
[null,null,null,"88315","SERRALHEIRO (COM ENCARGOS INCLUSOS)","H","3,4000000",{"$f":"SUMIF(Insumos!B:B,D1350,Insumos!G:G)","v":13.51},{"$f":"TRUNC(G1350*H1350,2)","v":45.93}]
[null,null,null,"88316","SERVENTE (COM ENCARGOS INCLUSOS)","H","3,1000000",{"$f":"SUMIF(Insumos!B:B,D1351,Insumos!G:G)","v":11.11},{"$f":"TRUNC(G1351*H1351,2)","v":34.44}]
[null,null,null,"PARCIAL:",{"$nulls":4},{"$f":"SUM(I1349:I1351)","v":80.37}]
[null,null,null,"MATERIAL/SERVIÇOS/ EQUIPAMENTOS"]
[null,null,null,"7697","TUBO ACO GALVANIZADO COM COSTURA, CLASSE MEDIA, DN 1.1/2\", E = *3,25* MM, PESO *3,61* KG/M (NBR 5580)","M","4,0000000",{"$f":"SUMIF(Insumos!B:B,D1354,Insumos!G:G)","v":22.87},{"$f":"TRUNC(G1354*H1354,2)+0.01","v":91.49}]
[null,null,null,"88631","ARGAMASSA TRAÇO 1:4 (CIMENTO E AREIA MÉDIA), PREPARO MANUAL. AF_08/2014","M3","0,0200000",{"$f":"SUMIF(Insumos!B:B,D1355,Insumos!G:G)","v":265.91000000000003},{"$f":"TRUNC(G1355*H1355,2)+0.01","v":5.32}]
[{"$nulls":7},"PARCIAL:",{"$f":"SUM(I1354:I1355)","v":96.81}]
[{"$nulls":7},"VALOR UNITÁRIO TOTAL - R$",{"$f":"I1352+I1356","v":177.18}]
[]
[]
[]
[null,"SERVIÇO","SINAPI",97125,{"$f":"IF($B1361 = \"SERVIÇO\", IF(C1361 = \"SINAPI\", VLOOKUP(D1361, 'SERVIÇOS SINAPI'!$B:$E, 2, 0), IF(C1361 = \"ORSE\", VLOOKUP(D1361,#REF!, 2, 0), IF(C1361 = \"SEINFRA\", VLOOKUP(D1361,#REF!, 2, 0)))), IF(B1361=\"INSUMO\", IF(C1361 = \"SINAPI\", VLOOKUP(D1361, Insumos!$B:$G, 2, 0), IF(C1361 = \"ORSE\", VLOOKUP(D1361,#REF!, 2, 0), IF(C1361 = \"SEINFRA\", VLOOKUP(D1361,#REF!, 2, 0),)))))","v":"ASSENTAMENTO DE TUBO DE PVC PBA PARA REDE DE ÁGUA, DN 75 MM, JUNTA ELÁSTICA INTEGRADA, INSTALADO EM LOCAL COM NÍVEL BAIXO DE INTERFERÊNCIAS (NÃO INCLUI FORNECIMENTO). AF_11/2017"},null,null,null,{"$f":"IF(B1361 = \"SERVIÇO\", IF(C1361 = \"SINAPI\", VLOOKUP(D1361, 'SERVIÇOS SINAPI'!$B:$E, 3, 0), IF(C1361 = \"ORSE\", VLOOKUP(D1361,#REF!, 3, 0), IF(C1361 = \"SEINFRA\", VLOOKUP(D1361,#REF!, 5, 0)))), IF(B1361=\"INSUMO\", IF(C1361 = \"SINAPI\", VLOOKUP(D1361, Insumos!$B:$G, 3, 0), IF(C1361 = \"ORSE\", VLOOKUP(D1361,#REF!, 3, 0), IF(C1361 = \"SEINFRA\", VLOOKUP(D1361,#REF!, 3, 0),)))))","v":"M"},null,{"$f":"I1375","v":0.86},1.1100000000000001]
[]
[null,null,null,"COD.","DESCRIÇÃO","UN.","COEF.","PREÇO","TOTAL"]
[null,null,null,"MÃO-DE-OBRA"]
[null,null,null,"88246","ASSENTADOR DE TUBOS (COM ENCARGOS INCLUSOS)","H","0,0241000",{"$f":"SUMIF(Insumos!B:B,D1365,Insumos!G:G)","v":21.13},{"$f":"TRUNC(G1365*H1365,2)","v":0.5}]
[null,null,null,"88316","SERVENTE (COM ENCARGOS INCLUSOS)","H","0,0241000",{"$f":"SUMIF(Insumos!B:B,D1366,Insumos!G:G)","v":11.11},{"$f":"TRUNC(G1366*H1366,2)+0.01","v":0.27}]
[null,null,null,"PARCIAL:",{"$nulls":4},{"$f":"SUM(I1364:I1366)","v":0.77}]
[null,null,null,"MATERIAL/SERVIÇOS/ EQUIPAMENTOS"]
[null,null,null,"20078","PASTA LUBRIFICANTE PARA TUBOS E CONEXOES COM JUNTA ELASTICA (USO EM PVC, ACO, POLIETILENO E OUTROS) ( DE *400* G)","UN","0,0075000",{"$f":"SUMIF(Insumos!B:B,D1369,Insumos!G:G)","v":12.84},{"$f":"TRUNC(G1369*H1369,2)","v":0.09}]
[{"$nulls":7},{"$f":"SUMIF(Insumos!B:B,D1370,Insumos!G:G)","v":0},{"$f":"TRUNC(G1370*H1370,2)","v":0}]
[{"$nulls":7},{"$f":"SUMIF(Insumos!B:B,D1371,Insumos!G:G)","v":0},{"$f":"TRUNC(G1371*H1371,2)","v":0}]
[{"$nulls":7},{"$f":"SUMIF(Insumos!B:B,D1372,Insumos!G:G)","v":0},{"$f":"TRUNC(G1372*H1372,2)","v":0}]
[{"$nulls":7},{"$f":"SUMIF(Insumos!B:B,D1373,Insumos!G:G)","v":0},{"$f":"TRUNC(G1373*H1373,2)","v":0}]
[{"$nulls":7},"PARCIAL:",{"$f":"SUM(I1369:I1373)","v":0.09}]
[{"$nulls":7},"VALOR UNITÁRIO TOTAL - R$",{"$f":"I1367+I1374","v":0.86}]
[]
[]
[]
[null,"SERVIÇO","SINAPI",88488,{"$f":"IF($B1379 = \"SERVIÇO\", IF(C1379 = \"SINAPI\", VLOOKUP(D1379, 'SERVIÇOS SINAPI'!$B:$E, 2, 0), IF(C1379 = \"ORSE\", VLOOKUP(D1379,#REF!, 2, 0), IF(C1379 = \"SEINFRA\", VLOOKUP(D1379,#REF!, 2, 0)))), IF(B1379=\"INSUMO\", IF(C1379 = \"SINAPI\", VLOOKUP(D1379, Insumos!$B:$G, 2, 0), IF(C1379 = \"ORSE\", VLOOKUP(D1379,#REF!, 2, 0), IF(C1379 = \"SEINFRA\", VLOOKUP(D1379,#REF!, 2, 0),)))))","v":"APLICAÇÃO MANUAL DE PINTURA COM TINTA LÁTEX ACRÍLICA EM TETO, DUAS DEMÃOS. AF_06/2014"},null,null,null,{"$f":"IF(B1379 = \"SERVIÇO\", IF(C1379 = \"SINAPI\", VLOOKUP(D1379, 'SERVIÇOS SINAPI'!$B:$E, 3, 0), IF(C1379 = \"ORSE\", VLOOKUP(D1379,#REF!, 3, 0), IF(C1379 = \"SEINFRA\", VLOOKUP(D1379,#REF!, 5, 0)))), IF(B1379=\"INSUMO\", IF(C1379 = \"SINAPI\", VLOOKUP(D1379, Insumos!$B:$G, 3, 0), IF(C1379 = \"ORSE\", VLOOKUP(D1379,#REF!, 3, 0), IF(C1379 = \"SEINFRA\", VLOOKUP(D1379,#REF!, 3, 0),)))))","v":"M²"},null,{"$f":"I1393","v":8.61},11.01]
[]
[null,null,null,"COD.","DESCRIÇÃO","UN.","COEF.","PREÇO","TOTAL"]
[null,null,null,"MÃO-DE-OBRA"]
[null,null,null,"88316","SERVENTE (COM ENCARGOS INCLUSOS)","H","0,0890000",{"$f":"SUMIF(Insumos!B:B,D1383,Insumos!G:G)","v":11.11},{"$f":"TRUNC(G1383*H1383,2)","v":0.98}]
[{"$nulls":7},{"$f":"SUMIF(Insumos!B:B,D1384,Insumos!G:G)","v":0},{"$f":"TRUNC(G1384*H1384,2)","v":0}]
[null,null,null,"PARCIAL:",{"$nulls":4},{"$f":"SUM(I1382:I1384)","v":0.98}]
[null,null,null,"MATERIAL/SERVIÇOS/ EQUIPAMENTOS"]
[null,null,null,"7356","TINTA ACRILICA PREMIUM, COR BRANCO FOSCO","L","0,3300000",{"$f":"SUMIF(Insumos!B:B,D1387,Insumos!G:G)","v":13.15},{"$f":"TRUNC(G1387*H1387,2)","v":4.33}]
[null,null,null,"88310","PINTOR (COM ENCARGOS INCLUSOS)","H","0,2440000",{"$f":"SUMIF(Insumos!B:B,D1388,Insumos!G:G)","v":13.51},{"$f":"TRUNC(G1388*H1388,2)+0.01","v":3.3}]
[{"$nulls":7},{"$f":"SUMIF(Insumos!B:B,D1389,Insumos!G:G)","v":0},{"$f":"TRUNC(G1389*H1389,2)","v":0}]
[{"$nulls":7},{"$f":"SUMIF(Insumos!B:B,D1390,Insumos!G:G)","v":0},{"$f":"TRUNC(G1390*H1390,2)","v":0}]
[{"$nulls":7},{"$f":"SUMIF(Insumos!B:B,D1391,Insumos!G:G)","v":0},{"$f":"TRUNC(G1391*H1391,2)","v":0}]
[{"$nulls":7},"PARCIAL:",{"$f":"SUM(I1387:I1391)","v":7.63}]
[{"$nulls":7},"VALOR UNITÁRIO TOTAL - R$",{"$f":"I1385+I1392","v":8.61}]
[]
[]
[]
[null,"SERVIÇO","SINAPI",96521,{"$f":"IF($B1397 = \"SERVIÇO\", IF(C1397 = \"SINAPI\", VLOOKUP(D1397, 'SERVIÇOS SINAPI'!$B:$E, 2, 0), IF(C1397 = \"ORSE\", VLOOKUP(D1397,#REF!, 2, 0), IF(C1397 = \"SEINFRA\", VLOOKUP(D1397,#REF!, 2, 0)))), IF(B1397=\"INSUMO\", IF(C1397 = \"SINAPI\", VLOOKUP(D1397, Insumos!$B:$G, 2, 0), IF(C1397 = \"ORSE\", VLOOKUP(D1397,#REF!, 2, 0), IF(C1397 = \"SEINFRA\", VLOOKUP(D1397,#REF!, 2, 0),)))))","v":"ESCAVAÇÃO MECANIZADA PARA BLOCO DE COROAMENTO OU SAPATA, COM PREVISÃO DE FÔRMA, COM RETROESCAVADEIRA. AF_06/2017"},null,null,null,{"$f":"IF(B1397 = \"SERVIÇO\", IF(C1397 = \"SINAPI\", VLOOKUP(D1397, 'SERVIÇOS SINAPI'!$B:$E, 3, 0), IF(C1397 = \"ORSE\", VLOOKUP(D1397,#REF!, 3, 0), IF(C1397 = \"SEINFRA\", VLOOKUP(D1397,#REF!, 5, 0)))), IF(B1397=\"INSUMO\", IF(C1397 = \"SINAPI\", VLOOKUP(D1397, Insumos!$B:$G, 3, 0), IF(C1397 = \"ORSE\", VLOOKUP(D1397,#REF!, 3, 0), IF(C1397 = \"SEINFRA\", VLOOKUP(D1397,#REF!, 3, 0),)))))","v":"M³"},null,{"$f":"I1411","v":26.46},33.83]
[]
[null,null,null,"COD.","DESCRIÇÃO","UN.","COEF.","PREÇO","TOTAL"]
[null,null,null,"MÃO-DE-OBRA"]
[null,null,null,"88309","PEDREIRO (COM ENCARGOS INCLUSOS)","H","0,2250000",{"$f":"SUMIF(Insumos!B:B,D1401,Insumos!G:G)","v":13.51},{"$f":"TRUNC(G1401*H1401,2)","v":3.03}]
[null,null,null,"88316","SERVENTE (COM ENCARGOS INCLUSOS)","H","0,1610000",{"$f":"SUMIF(Insumos!B:B,D1402,Insumos!G:G)","v":11.11},{"$f":"TRUNC(G1402*H1402,2)","v":1.78}]
[null,null,null,"PARCIAL:",{"$nulls":4},{"$f":"SUM(I1400:I1402)","v":4.8099999999999996}]
[null,null,null,"MATERIAL/SERVIÇOS/ EQUIPAMENTOS"]
[null,null,null,"5678","RETROESCAVADEIRA SOBRE RODAS COM CARREGADEIRA, TRAÇÃO 4X4, POTÊNCIA LÍQ. 88 HP, CAÇAMBA CARREG. CAP. MÍN. 1 M3, CAÇAMBA RETRO CAP. 0,26 M3, PESO OPERACIONAL MÍN. 6.674 KG, PROFUNDIDADE ESCAVAÇÃO MÁX. 4,37 M - CHP DIURNO. AF_06/2014","CHP","0,2080000",{"$f":"SUMIF(Insumos!B:B,D1405,Insumos!G:G)","v":87.88},{"$f":"TRUNC(G1405*H1405,2)+0.01","v":18.28}]
[null,null,null,"5679","RETROESCAVADEIRA SOBRE RODAS COM CARREGADEIRA, TRAÇÃO 4X4, POTÊNCIA LÍQ. 88 HP, CAÇAMBA CARREG. CAP. MÍN. 1 M3, CAÇAMBA RETRO CAP. 0,26 M3, PESO OPERACIONAL MÍN. 6.674 KG, PROFUNDIDADE ESCAVAÇÃO MÁX. 4,37 M - CHI DIURNO. AF_06/2014","CHI","0,0850000",{"$f":"SUMIF(Insumos!B:B,D1406,Insumos!G:G)","v":39.72},{"$f":"TRUNC(G1406*H1406,2)","v":3.37}]
[{"$nulls":7},{"$f":"SUMIF(Insumos!B:B,D1407,Insumos!G:G)","v":0},{"$f":"TRUNC(G1407*H1407,2)","v":0}]
[{"$nulls":7},{"$f":"SUMIF(Insumos!B:B,D1408,Insumos!G:G)","v":0},{"$f":"TRUNC(G1408*H1408,2)","v":0}]
[{"$nulls":7},{"$f":"SUMIF(Insumos!B:B,D1409,Insumos!G:G)","v":0},{"$f":"TRUNC(G1409*H1409,2)","v":0}]
[{"$nulls":7},"PARCIAL:",{"$f":"SUM(I1405:I1409)","v":21.65}]
[{"$nulls":7},"VALOR UNITÁRIO TOTAL - R$",{"$f":"I1403+I1410","v":26.46}]
[]
[]
[]
[null,"SERVIÇO","SINAPI",96995,{"$f":"IF($B1415 = \"SERVIÇO\", IF(C1415 = \"SINAPI\", VLOOKUP(D1415, 'SERVIÇOS SINAPI'!$B:$E, 2, 0), IF(C1415 = \"ORSE\", VLOOKUP(D1415,#REF!, 2, 0), IF(C1415 = \"SEINFRA\", VLOOKUP(D1415,#REF!, 2, 0)))), IF(B1415=\"INSUMO\", IF(C1415 = \"SINAPI\", VLOOKUP(D1415, Insumos!$B:$G, 2, 0), IF(C1415 = \"ORSE\", VLOOKUP(D1415,#REF!, 2, 0), IF(C1415 = \"SEINFRA\", VLOOKUP(D1415,#REF!, 2, 0),)))))","v":"REATERRO MANUAL APILOADO COM SOQUETE. AF_10/2017"},null,null,null,{"$f":"IF(B1415 = \"SERVIÇO\", IF(C1415 = \"SINAPI\", VLOOKUP(D1415, 'SERVIÇOS SINAPI'!$B:$E, 3, 0), IF(C1415 = \"ORSE\", VLOOKUP(D1415,#REF!, 3, 0), IF(C1415 = \"SEINFRA\", VLOOKUP(D1415,#REF!, 5, 0)))), IF(B1415=\"INSUMO\", IF(C1415 = \"SINAPI\", VLOOKUP(D1415, Insumos!$B:$G, 3, 0), IF(C1415 = \"ORSE\", VLOOKUP(D1415,#REF!, 3, 0), IF(C1415 = \"SEINFRA\", VLOOKUP(D1415,#REF!, 3, 0),)))))","v":"M³"},null,{"$f":"I1429","v":26.64},34.03]
[]
[null,null,null,"COD.","DESCRIÇÃO","UN.","COEF.","PREÇO","TOTAL"]
[null,null,null,"MÃO-DE-OBRA"]
[null,null,null,"88316","SERVENTE (COM ENCARGOS INCLUSOS)","H","2,3986000",{"$f":"SUMIF(Insumos!B:B,D1419,Insumos!G:G)","v":11.11},{"$f":"TRUNC(G1419*H1419,2)","v":26.64}]
[{"$nulls":7},{"$f":"SUMIF(Insumos!B:B,D1420,Insumos!G:G)","v":0},{"$f":"TRUNC(G1420*H1420,2)","v":0}]
[null,null,null,"PARCIAL:",{"$nulls":4},{"$f":"SUM(I1418:I1420)","v":26.64}]
[null,null,null,"MATERIAL/SERVIÇOS/ EQUIPAMENTOS"]
[{"$nulls":7},{"$f":"SUMIF(Insumos!B:B,D1423,Insumos!G:G)","v":0},{"$f":"TRUNC(G1423*H1423,2)","v":0}]
[{"$nulls":7},{"$f":"SUMIF(Insumos!B:B,D1424,Insumos!G:G)","v":0},{"$f":"TRUNC(G1424*H1424,2)","v":0}]
[{"$nulls":7},{"$f":"SUMIF(Insumos!B:B,D1425,Insumos!G:G)","v":0},{"$f":"TRUNC(G1425*H1425,2)","v":0}]
[{"$nulls":7},{"$f":"SUMIF(Insumos!B:B,D1426,Insumos!G:G)","v":0},{"$f":"TRUNC(G1426*H1426,2)","v":0}]
[{"$nulls":7},{"$f":"SUMIF(Insumos!B:B,D1427,Insumos!G:G)","v":0},{"$f":"TRUNC(G1427*H1427,2)","v":0}]
[{"$nulls":7},"PARCIAL:",{"$f":"SUM(I1423:I1427)","v":0}]
[{"$nulls":7},"VALOR UNITÁRIO TOTAL - R$",{"$f":"I1421+I1428","v":26.64}]
[]
[]
[]
[null,"SERVIÇO","SINAPI",73610,{"$f":"IF($B1433 = \"SERVIÇO\", IF(C1433 = \"SINAPI\", VLOOKUP(D1433, 'SERVIÇOS SINAPI'!$B:$E, 2, 0), IF(C1433 = \"ORSE\", VLOOKUP(D1433,#REF!, 2, 0), IF(C1433 = \"SEINFRA\", VLOOKUP(D1433,#REF!, 2, 0)))), IF(B1433=\"INSUMO\", IF(C1433 = \"SINAPI\", VLOOKUP(D1433, Insumos!$B:$G, 2, 0), IF(C1433 = \"ORSE\", VLOOKUP(D1433,#REF!, 2, 0), IF(C1433 = \"SEINFRA\", VLOOKUP(D1433,#REF!, 2, 0),)))))","v":"LOCAÇÃO DE REDES DE ÁGUA OU DE ESGOTO"},null,null,null,{"$f":"IF(B1433 = \"SERVIÇO\", IF(C1433 = \"SINAPI\", VLOOKUP(D1433, 'SERVIÇOS SINAPI'!$B:$E, 3, 0), IF(C1433 = \"ORSE\", VLOOKUP(D1433,#REF!, 3, 0), IF(C1433 = \"SEINFRA\", VLOOKUP(D1433,#REF!, 5, 0)))), IF(B1433=\"INSUMO\", IF(C1433 = \"SINAPI\", VLOOKUP(D1433, Insumos!$B:$G, 3, 0), IF(C1433 = \"ORSE\", VLOOKUP(D1433,#REF!, 3, 0), IF(C1433 = \"SEINFRA\", VLOOKUP(D1433,#REF!, 3, 0),)))))","v":"M"},null,{"$f":"I1447","v":0.7},0.9]
[]
[null,null,null,"COD.","DESCRIÇÃO","UN.","COEF.","PREÇO","TOTAL"]
[null,null,null,"MÃO-DE-OBRA"]
[null,null,null,"88253","AUXILIAR DE TOPÓGRAFO (COM ENCARGOS INCLUSOS)","H",2.73458E-2,{"$f":"SUMIF(Insumos!B:B,D1437,Insumos!G:G)","v":11.11},{"$f":"TRUNC(G1437*H1437,2)","v":0.3}]
[{"$nulls":7},{"$f":"SUMIF(Insumos!B:B,D1438,Insumos!G:G)","v":0},{"$f":"TRUNC(G1438*H1438,2)","v":0}]
[null,null,null,"PARCIAL:",{"$nulls":4},{"$f":"SUM(I1436:I1438)","v":0.3}]
[null,null,null,"MATERIAL/SERVIÇOS/ EQUIPAMENTOS"]
[null,null,null,"92138","CAMINHONETE COM MOTOR A DIESEL, POTÊNCIA 180 CV, CABINE DUPLA, 4X4 - CHP DIURNO. AF_11/2015","CHP","0,0040000",{"$f":"SUMIF(Insumos!B:B,D1441,Insumos!G:G)","v":101.72},{"$f":"TRUNC(G1441*H1441,2)","v":0.4}]
[{"$nulls":7},{"$f":"SUMIF(Insumos!B:B,D1442,Insumos!G:G)","v":0},{"$f":"TRUNC(G1442*H1442,2)","v":0}]
[{"$nulls":7},{"$f":"SUMIF(Insumos!B:B,D1443,Insumos!G:G)","v":0},{"$f":"TRUNC(G1443*H1443,2)","v":0}]
[{"$nulls":7},{"$f":"SUMIF(Insumos!B:B,D1444,Insumos!G:G)","v":0},{"$f":"TRUNC(G1444*H1444,2)","v":0}]
[{"$nulls":7},{"$f":"SUMIF(Insumos!B:B,D1445,Insumos!G:G)","v":0},{"$f":"TRUNC(G1445*H1445,2)","v":0}]
[{"$nulls":7},"PARCIAL:",{"$f":"SUM(I1441:I1445)","v":0.4}]
[{"$nulls":7},"VALOR UNITÁRIO TOTAL - R$",{"$f":"I1439+I1446","v":0.7}]
[]
[]
[]
[null,"SERVIÇO","SINAPI",79472,{"$f":"IF($B1451 = \"SERVIÇO\", IF(C1451 = \"SINAPI\", VLOOKUP(D1451, 'SERVIÇOS SINAPI'!$B:$E, 2, 0), IF(C1451 = \"ORSE\", VLOOKUP(D1451,#REF!, 2, 0), IF(C1451 = \"SEINFRA\", VLOOKUP(D1451,#REF!, 2, 0)))), IF(B1451=\"INSUMO\", IF(C1451 = \"SINAPI\", VLOOKUP(D1451, Insumos!$B:$G, 2, 0), IF(C1451 = \"ORSE\", VLOOKUP(D1451,#REF!, 2, 0), IF(C1451 = \"SEINFRA\", VLOOKUP(D1451,#REF!, 2, 0),)))))","v":"REGULARIZACAO DE SUPERFICIES EM TERRA COM MOTONIVELADORA"},null,null,null,{"$f":"IF(B1451 = \"SERVIÇO\", IF(C1451 = \"SINAPI\", VLOOKUP(D1451, 'SERVIÇOS SINAPI'!$B:$E, 3, 0), IF(C1451 = \"ORSE\", VLOOKUP(D1451,#REF!, 3, 0), IF(C1451 = \"SEINFRA\", VLOOKUP(D1451,#REF!, 5, 0)))), IF(B1451=\"INSUMO\", IF(C1451 = \"SINAPI\", VLOOKUP(D1451, Insumos!$B:$G, 3, 0), IF(C1451 = \"ORSE\", VLOOKUP(D1451,#REF!, 3, 0), IF(C1451 = \"SEINFRA\", VLOOKUP(D1451,#REF!, 3, 0),)))))","v":"M²"},null,{"$f":"I1465","v":0.37},0.48]
[]
[null,null,null,"COD.","DESCRIÇÃO","UN.","COEF.","PREÇO","TOTAL"]
[null,null,null,"MÃO-DE-OBRA"]
[null,null,null,"5932","MOTONIVELADORA POTÊNCIA BÁSICA LÍQUIDA (PRIMEIRA MARCHA) 125 HP, PESO BRUTO 13032 KG, LARGURA DA LÂMINA DE 3,7 M - CHP DIURNO. AF_06/2014","CHP","0,0030000",{"$f":"SUMIF(Insumos!B:B,D1455,Insumos!G:G)","v":127.42},{"$f":"TRUNC(G1455*H1455,2)-0.01","v":0.37}]
[{"$nulls":7},{"$f":"SUMIF(Insumos!B:B,D1456,Insumos!G:G)","v":0},{"$f":"TRUNC(G1456*H1456,2)","v":0}]
[null,null,null,"PARCIAL:",{"$nulls":4},{"$f":"SUM(I1454:I1456)","v":0.37}]
[null,null,null,"MATERIAL/SERVIÇOS/ EQUIPAMENTOS"]
[{"$nulls":7},{"$f":"SUMIF(Insumos!B:B,D1459,Insumos!G:G)","v":0},{"$f":"TRUNC(G1459*H1459,2)","v":0}]
[{"$nulls":7},{"$f":"SUMIF(Insumos!B:B,D1460,Insumos!G:G)","v":0},{"$f":"TRUNC(G1460*H1460,2)","v":0}]
[{"$nulls":7},{"$f":"SUMIF(Insumos!B:B,D1461,Insumos!G:G)","v":0},{"$f":"TRUNC(G1461*H1461,2)","v":0}]
[{"$nulls":7},{"$f":"SUMIF(Insumos!B:B,D1462,Insumos!G:G)","v":0},{"$f":"TRUNC(G1462*H1462,2)","v":0}]
[{"$nulls":7},{"$f":"SUMIF(Insumos!B:B,D1463,Insumos!G:G)","v":0},{"$f":"TRUNC(G1463*H1463,2)","v":0}]
[{"$nulls":7},"PARCIAL:",{"$f":"SUM(I1459:I1463)","v":0}]
[{"$nulls":7},"VALOR UNITÁRIO TOTAL - R$",{"$f":"I1457+I1464","v":0.37}]
[]
[]
[]
[null,"SERVIÇO","SINAPI",83878,{"$f":"IF($B1469 = \"SERVIÇO\", IF(C1469 = \"SINAPI\", VLOOKUP(D1469, 'SERVIÇOS SINAPI'!$B:$E, 2, 0), IF(C1469 = \"ORSE\", VLOOKUP(D1469,#REF!, 2, 0), IF(C1469 = \"SEINFRA\", VLOOKUP(D1469,#REF!, 2, 0)))), IF(B1469=\"INSUMO\", IF(C1469 = \"SINAPI\", VLOOKUP(D1469, Insumos!$B:$G, 2, 0), IF(C1469 = \"ORSE\", VLOOKUP(D1469,#REF!, 2, 0), IF(C1469 = \"SEINFRA\", VLOOKUP(D1469,#REF!, 2, 0),)))))","v":"LIGACAO DA REDE 50MM AO RAMAL PREDIAL 1/2\""},null,null,null,{"$f":"IF(B1469 = \"SERVIÇO\", IF(C1469 = \"SINAPI\", VLOOKUP(D1469, 'SERVIÇOS SINAPI'!$B:$E, 3, 0), IF(C1469 = \"ORSE\", VLOOKUP(D1469,#REF!, 3, 0), IF(C1469 = \"SEINFRA\", VLOOKUP(D1469,#REF!, 5, 0)))), IF(B1469=\"INSUMO\", IF(C1469 = \"SINAPI\", VLOOKUP(D1469, Insumos!$B:$G, 3, 0), IF(C1469 = \"ORSE\", VLOOKUP(D1469,#REF!, 3, 0), IF(C1469 = \"SEINFRA\", VLOOKUP(D1469,#REF!, 3, 0),)))))","v":"UN"},null,{"$f":"I1483","v":37.130000000000003},47.46]
[]
[null,null,null,"COD.","DESCRIÇÃO","UN.","COEF.","PREÇO","TOTAL"]
[null,null,null,"MÃO-DE-OBRA"]
[null,null,null,"88267","ENCANADOR OU BOMBEIRO HIDRÁULICO (COM ENCARGOS INCLUSOS)","H","0,5000000",{"$f":"SUMIF(Insumos!B:B,D1473,Insumos!G:G)","v":13.51},{"$f":"TRUNC(G1473*H1473,2)","v":6.75}]
[null,null,null,"88316","SERVENTE (COM ENCARGOS INCLUSOS)","H","0,5000000",{"$f":"SUMIF(Insumos!B:B,D1474,Insumos!G:G)","v":11.11},{"$f":"TRUNC(G1474*H1474,2)","v":5.55}]
[null,null,null,"PARCIAL:",{"$nulls":4},{"$f":"SUM(I1472:I1474)","v":12.3}]
[null,null,null,"MATERIAL/SERVIÇOS/ EQUIPAMENTOS"]
[null,null,null,"1419","COLAR TOMADA PVC, COM TRAVAS, SAIDA COM ROSCA, DE 50 MM X 1/2\" OU 50 MM X 3/4\", PARA LIGACAO PREDIAL DE AGUA","UN","1,0000000",{"$f":"SUMIF(Insumos!B:B,D1477,Insumos!G:G)","v":8.64},{"$f":"TRUNC(G1477*H1477,2)","v":8.64}]
[null,null,null,"3148","FITA VEDA ROSCA EM ROLOS DE 18 MM X 50 M (L X C)","UN","0,0090000",{"$f":"SUMIF(Insumos!B:B,D1478,Insumos!G:G)","v":6.84},{"$f":"TRUNC(G1478*H1478,2)","v":0.06}]
[null,null,null,"3907","LUVA DE REDUCAO ROSCAVEL, PVC, 1\" X 3/4\", PARA AGUA FRIA PREDIAL","UN","1,0000000",{"$f":"SUMIF(Insumos!B:B,D1479,Insumos!G:G)","v":2.04},{"$f":"TRUNC(G1479*H1479,2)","v":2.04}]
[null,null,null,"6029","REGISTRO DE ESFERA PVC, COM CABECA QUADRADA, COM ROSCA EXTERNA, 1/2\"","UN","1,0000000",{"$f":"SUMIF(Insumos!B:B,D1480,Insumos!G:G)","v":14.09},{"$f":"TRUNC(G1480*H1480,2)","v":14.09}]
[{"$nulls":7},{"$f":"SUMIF(Insumos!B:B,D1481,Insumos!G:G)","v":0},{"$f":"TRUNC(G1481*H1481,2)","v":0}]
[{"$nulls":7},"PARCIAL:",{"$f":"SUM(I1477:I1481)","v":24.83}]
[{"$nulls":7},"VALOR UNITÁRIO TOTAL - R$",{"$f":"I1475+I1482","v":37.130000000000003}]
[]
[]
[]
[null,"SERVIÇO","SINAPI",83879,{"$f":"IF($B1487 = \"SERVIÇO\", IF(C1487 = \"SINAPI\", VLOOKUP(D1487, 'SERVIÇOS SINAPI'!$B:$E, 2, 0), IF(C1487 = \"ORSE\", VLOOKUP(D1487,#REF!, 2, 0), IF(C1487 = \"SEINFRA\", VLOOKUP(D1487,#REF!, 2, 0)))), IF(B1487=\"INSUMO\", IF(C1487 = \"SINAPI\", VLOOKUP(D1487, Insumos!$B:$G, 2, 0), IF(C1487 = \"ORSE\", VLOOKUP(D1487,#REF!, 2, 0), IF(C1487 = \"SEINFRA\", VLOOKUP(D1487,#REF!, 2, 0),)))))","v":"LIGACAO DA REDE 75MM AO RAMAL PREDIAL 1/2\""},null,null,null,{"$f":"IF(B1487 = \"SERVIÇO\", IF(C1487 = \"SINAPI\", VLOOKUP(D1487, 'SERVIÇOS SINAPI'!$B:$E, 3, 0), IF(C1487 = \"ORSE\", VLOOKUP(D1487,#REF!, 3, 0), IF(C1487 = \"SEINFRA\", VLOOKUP(D1487,#REF!, 5, 0)))), IF(B1487=\"INSUMO\", IF(C1487 = \"SINAPI\", VLOOKUP(D1487, Insumos!$B:$G, 3, 0), IF(C1487 = \"ORSE\", VLOOKUP(D1487,#REF!, 3, 0), IF(C1487 = \"SEINFRA\", VLOOKUP(D1487,#REF!, 3, 0),)))))","v":"UN"},null,{"$f":"I1501","v":42.68},54.56]
[]
[null,null,null,"COD.","DESCRIÇÃO","UN.","COEF.","PREÇO","TOTAL"]
[null,null,null,"MÃO-DE-OBRA"]
[null,null,null,"88267","ENCANADOR OU BOMBEIRO HIDRÁULICO (COM ENCARGOS INCLUSOS)","H","0,6000000",{"$f":"SUMIF(Insumos!B:B,D1491,Insumos!G:G)","v":13.51},{"$f":"TRUNC(G1491*H1491,2)","v":8.1}]
[null,null,null,"88316","SERVENTE (COM ENCARGOS INCLUSOS)","H","0,6000000",{"$f":"SUMIF(Insumos!B:B,D1492,Insumos!G:G)","v":11.11},{"$f":"TRUNC(G1492*H1492,2)","v":6.66}]
[null,null,null,"PARCIAL:",{"$nulls":4},{"$f":"SUM(I1490:I1492)","v":14.76}]
[null,null,null,"MATERIAL/SERVIÇOS/ EQUIPAMENTOS"]
[null,null,null,"1413","COLAR TOMADA PVC, COM TRAVAS, SAIDA COM ROSCA, DE 75 MM X 1/2\" OU 75 MM X 3/4\", PARA LIGACAO PREDIAL DE AGUA","UN","1,0000000",{"$f":"SUMIF(Insumos!B:B,D1495,Insumos!G:G)","v":11.73},{"$f":"TRUNC(G1495*H1495,2)","v":11.73}]
[null,null,null,"3148","FITA VEDA ROSCA EM ROLOS DE 18 MM X 50 M (L X C)","UN","0,0090000",{"$f":"SUMIF(Insumos!B:B,D1496,Insumos!G:G)","v":6.84},{"$f":"TRUNC(G1496*H1496,2)","v":0.06}]
[null,null,null,"3907","LUVA DE REDUCAO ROSCAVEL, PVC, 1\" X 3/4\", PARA AGUA FRIA PREDIAL","UN","1,0000000",{"$f":"SUMIF(Insumos!B:B,D1497,Insumos!G:G)","v":2.04},{"$f":"TRUNC(G1497*H1497,2)","v":2.04}]
[null,null,null,"6029","REGISTRO DE ESFERA PVC, COM CABECA QUADRADA, COM ROSCA EXTERNA, 1/2\"","UN","1,0000000",{"$f":"SUMIF(Insumos!B:B,D1498,Insumos!G:G)","v":14.09},{"$f":"TRUNC(G1498*H1498,2)","v":14.09}]
[{"$nulls":7},{"$f":"SUMIF(Insumos!B:B,D1499,Insumos!G:G)","v":0},{"$f":"TRUNC(G1499*H1499,2)","v":0}]
[{"$nulls":7},"PARCIAL:",{"$f":"SUM(I1495:I1499)","v":27.92}]
[{"$nulls":7},"VALOR UNITÁRIO TOTAL - R$",{"$f":"I1493+I1500","v":42.68}]
[]
[]
[]
[null,"INSUMO","SINAPI",{"$f":"D1509","v":738},{"$f":"E1509","v":"BOMBA CENTRIFUGA MOTOR ELETRICO TRIFASICO 5HP, DIAMETRO DE SUCCAO X ELEVACAO 2\" X 1 1/2\", DIAMETRO DO ROTOR 155 MM, HM/Q: 40 M / 20,40 M3/H A 46 M / 9,20 M3/H"},null,null,null,{"$f":"F1509","v":"UN    "},null,{"$f":"I1513","v":1687.26},2154.87]
[]
[null,null,null,"COD.","DESCRIÇÃO","UN.","COEF.","PREÇO","TOTAL"]
[null,null,null,"MATERIAL"]
[null,null,null,738,"BOMBA CENTRIFUGA MOTOR ELETRICO TRIFASICO 5HP, DIAMETRO DE SUCCAO X ELEVACAO 2\" X 1 1/2\", DIAMETRO DO ROTOR 155 MM, HM/Q: 40 M / 20,40 M3/H A 46 M / 9,20 M3/H","UN    ",1,{"$f":"SUMIF(Insumos!B:B,D1509,Insumos!G:G)","v":1687.26},{"$f":"TRUNC(G1509*H1509,2)","v":1687.26}]
[{"$nulls":7},{"$f":"SUMIF(Insumos!B:B,D1510,Insumos!G:G)","v":0},{"$f":"TRUNC(G1510*H1510,2)","v":0}]
[{"$nulls":7},{"$f":"SUMIF(Insumos!B:B,D1511,Insumos!G:G)","v":0},{"$f":"TRUNC(G1511*H1511,2)","v":0}]
[{"$nulls":7},"PARCIAL:",{"$f":"SUM(I1509:I1511)","v":1687.26}]
[{"$nulls":7},"VALOR UNITÁRIO TOTAL - R$",{"$f":"I1512","v":1687.26}]
[]
[]
[]
[null,"INSUMO","SINAPI",{"$f":"D1521","v":740},{"$f":"E1521","v":"BOMBA CENTRIFUGA MOTOR ELETRICO TRIFASICO 9,86 DIAMETRO DE SUCCAO X ELEVACAO 1\" X 1\", 4 ESTAGIOS, DIAMETRO DOS ROTORES 4 X 146 MM, HM/Q: 85 M / 14,9 M3/H A 140 M / 4,2 M3/H"},null,null,null,{"$f":"F1521","v":"UN    "},null,{"$f":"I1525","v":3423.11},4371.79]
[]
[null,null,null,"COD.","DESCRIÇÃO","UN.","COEF.","PREÇO","TOTAL"]
[null,null,null,"MATERIAL"]
[null,null,null,740,"BOMBA CENTRIFUGA MOTOR ELETRICO TRIFASICO 9,86 DIAMETRO DE SUCCAO X ELEVACAO 1\" X 1\", 4 ESTAGIOS, DIAMETRO DOS ROTORES 4 X 146 MM, HM/Q: 85 M / 14,9 M3/H A 140 M / 4,2 M3/H","UN    ",1,{"$f":"SUMIF(Insumos!B:B,D1521,Insumos!G:G)","v":3423.11},{"$f":"TRUNC(G1521*H1521,2)","v":3423.11}]
[{"$nulls":7},{"$f":"SUMIF(Insumos!B:B,D1522,Insumos!G:G)","v":0},{"$f":"TRUNC(G1522*H1522,2)","v":0}]
[{"$nulls":7},{"$f":"SUMIF(Insumos!B:B,D1523,Insumos!G:G)","v":0},{"$f":"TRUNC(G1523*H1523,2)","v":0}]
[{"$nulls":7},"PARCIAL:",{"$f":"SUM(I1521:I1523)","v":3423.11}]
[{"$nulls":7},"VALOR UNITÁRIO TOTAL - R$",{"$f":"I1524","v":3423.11}]
[]
[]
[]
[null,"INSUMO","SINAPI",{"$f":"D1533","v":736},{"$f":"E1533","v":"BOMBA CENTRIFUGA  MOTOR ELETRICO TRIFASICO 2,96HP, DIAMETRO DE SUCCAO X ELEVACAO 1 1/2\" X 1 1/4\", DIAMETRO DO ROTOR 148 MM, HM/Q: 34 M / 14,80 M3/H A 40 M / 8,60 M3/H"},null,null,null,{"$f":"F1533","v":"UN    "},null,{"$f":"I1537","v":970.58},1239.57]
[]
[null,null,null,"COD.","DESCRIÇÃO","UN.","COEF.","PREÇO","TOTAL"]
[null,null,null,"MATERIAL"]
[null,null,null,736,"BOMBA CENTRIFUGA  MOTOR ELETRICO TRIFASICO 2,96HP, DIAMETRO DE SUCCAO X ELEVACAO 1 1/2\" X 1 1/4\", DIAMETRO DO ROTOR 148 MM, HM/Q: 34 M / 14,80 M3/H A 40 M / 8,60 M3/H","UN    ",1,{"$f":"SUMIF(Insumos!B:B,D1533,Insumos!G:G)","v":970.58},{"$f":"TRUNC(G1533*H1533,2)","v":970.58}]
[{"$nulls":7},{"$f":"SUMIF(Insumos!B:B,D1534,Insumos!G:G)","v":0},{"$f":"TRUNC(G1534*H1534,2)","v":0}]
[{"$nulls":7},{"$f":"SUMIF(Insumos!B:B,D1535,Insumos!G:G)","v":0},{"$f":"TRUNC(G1535*H1535,2)","v":0}]
[{"$nulls":7},"PARCIAL:",{"$f":"SUM(I1533:I1535)","v":970.58}]
[{"$nulls":7},"VALOR UNITÁRIO TOTAL - R$",{"$f":"I1536","v":970.58}]
[]
[]
[]
[null,"INSUMO","SINAPI",{"$f":"D1545","v":6027},{"$f":"E1545","v":"REGISTRO GAVETA BRUTO EM LATAO FORJADO, BITOLA 4 \" (REF 1509)"},null,null,null,{"$f":"F1545","v":"UN    "},null,{"$f":"I1549","v":373.68},477.25]
[]
[null,null,null,"COD.","DESCRIÇÃO","UN.","COEF.","PREÇO","TOTAL"]
[null,null,null,"MATERIAL"]
[null,null,null,6027,"REGISTRO GAVETA BRUTO EM LATAO FORJADO, BITOLA 4 \" (REF 1509)","UN    ",1,{"$f":"SUMIF(Insumos!B:B,D1545,Insumos!G:G)","v":373.68},{"$f":"TRUNC(G1545*H1545,2)","v":373.68}]
[{"$nulls":7},{"$f":"SUMIF(Insumos!B:B,D1546,Insumos!G:G)","v":0},{"$f":"TRUNC(G1546*H1546,2)","v":0}]
[{"$nulls":7},{"$f":"SUMIF(Insumos!B:B,D1547,Insumos!G:G)","v":0},{"$f":"TRUNC(G1547*H1547,2)","v":0}]
[{"$nulls":7},"PARCIAL:",{"$f":"SUM(I1545:I1547)","v":373.68}]
[{"$nulls":7},"VALOR UNITÁRIO TOTAL - R$",{"$f":"I1548","v":373.68}]
[]
[]
[]
[null,"INSUMO","SINAPI",{"$f":"D1557","v":6012},{"$f":"E1557","v":"REGISTRO GAVETA BRUTO EM LATAO FORJADO, BITOLA 3 \" (REF 1509)"},null,null,null,{"$f":"F1557","v":"UN    "},null,{"$f":"I1561","v":179.33},229.04]
[]
[null,null,null,"COD.","DESCRIÇÃO","UN.","COEF.","PREÇO","TOTAL"]
[null,null,null,"MATERIAL"]
[null,null,null,6012,"REGISTRO GAVETA BRUTO EM LATAO FORJADO, BITOLA 3 \" (REF 1509)","UN    ",1,{"$f":"SUMIF(Insumos!B:B,D1557,Insumos!G:G)","v":179.33},{"$f":"TRUNC(G1557*H1557,2)","v":179.33}]
[{"$nulls":7},{"$f":"SUMIF(Insumos!B:B,D1558,Insumos!G:G)","v":0},{"$f":"TRUNC(G1558*H1558,2)","v":0}]
[{"$nulls":7},{"$f":"SUMIF(Insumos!B:B,D1559,Insumos!G:G)","v":0},{"$f":"TRUNC(G1559*H1559,2)","v":0}]
[{"$nulls":7},"PARCIAL:",{"$f":"SUM(I1557:I1559)","v":179.33}]
[{"$nulls":7},"VALOR UNITÁRIO TOTAL - R$",{"$f":"I1560","v":179.33}]
[]
[]
[]
[null,"INSUMO","SINAPI",{"$f":"D1569","v":6019},{"$f":"E1569","v":"REGISTRO GAVETA BRUTO EM LATAO FORJADO, BITOLA 1 \" (REF 1509)"},null,null,null,{"$f":"F1569","v":"UN    "},null,{"$f":"I1573","v":29.8},38.06]
[]
[null,null,null,"COD.","DESCRIÇÃO","UN.","COEF.","PREÇO","TOTAL"]
[null,null,null,"MATERIAL"]
[null,null,null,6019,"REGISTRO GAVETA BRUTO EM LATAO FORJADO, BITOLA 1 \" (REF 1509)","UN    ",1,{"$f":"SUMIF(Insumos!B:B,D1569,Insumos!G:G)","v":29.8},{"$f":"TRUNC(G1569*H1569,2)","v":29.8}]
[{"$nulls":7},{"$f":"SUMIF(Insumos!B:B,D1570,Insumos!G:G)","v":0},{"$f":"TRUNC(G1570*H1570,2)","v":0}]
[{"$nulls":7},{"$f":"SUMIF(Insumos!B:B,D1571,Insumos!G:G)","v":0},{"$f":"TRUNC(G1571*H1571,2)","v":0}]
[{"$nulls":7},"PARCIAL:",{"$f":"SUM(I1569:I1571)","v":29.8}]
[{"$nulls":7},"VALOR UNITÁRIO TOTAL - R$",{"$f":"I1572","v":29.8}]
[]
[]
[]
[null,"INSUMO","SINAPI",{"$f":"D1581","v":1780},{"$f":"E1581","v":"CURVA 45 GRAUS DE FERRO GALVANIZADO, COM ROSCA BSP FEMEA, DE 4\""},null,null,null,{"$f":"F1581","v":"UN    "},null,{"$f":"I1585","v":259.68},331.65]
[]
[null,null,null,"COD.","DESCRIÇÃO","UN.","COEF.","PREÇO","TOTAL"]
[null,null,null,"MATERIAL"]
[null,null,null,1780,"CURVA 45 GRAUS DE FERRO GALVANIZADO, COM ROSCA BSP FEMEA, DE 4\"","UN    ",1,{"$f":"SUMIF(Insumos!B:B,D1581,Insumos!G:G)","v":259.68},{"$f":"TRUNC(G1581*H1581,2)","v":259.68}]
[{"$nulls":7},{"$f":"SUMIF(Insumos!B:B,D1582,Insumos!G:G)","v":0},{"$f":"TRUNC(G1582*H1582,2)","v":0}]
[{"$nulls":7},{"$f":"SUMIF(Insumos!B:B,D1583,Insumos!G:G)","v":0},{"$f":"TRUNC(G1583*H1583,2)","v":0}]
[{"$nulls":7},"PARCIAL:",{"$f":"SUM(I1581:I1583)","v":259.68}]
[{"$nulls":7},"VALOR UNITÁRIO TOTAL - R$",{"$f":"I1584","v":259.68}]
[]
[]
[]
[null,"INSUMO","SINAPI",{"$f":"D1593","v":1792},{"$f":"E1593","v":"CURVA 90 GRAUS DE FERRO GALVANIZADO, COM ROSCA BSP FEMEA, DE 3\""},null,null,null,{"$f":"F1593","v":"UN    "},null,{"$f":"I1597","v":133.97},171.11]
[]
[null,null,null,"COD.","DESCRIÇÃO","UN.","COEF.","PREÇO","TOTAL"]
[null,null,null,"MATERIAL"]
[null,null,null,1792,"CURVA 90 GRAUS DE FERRO GALVANIZADO, COM ROSCA BSP FEMEA, DE 3\"","UN    ",1,{"$f":"SUMIF(Insumos!B:B,D1593,Insumos!G:G)","v":133.97},{"$f":"TRUNC(G1593*H1593,2)","v":133.97}]
[{"$nulls":7},{"$f":"SUMIF(Insumos!B:B,D1594,Insumos!G:G)","v":0},{"$f":"TRUNC(G1594*H1594,2)","v":0}]
[{"$nulls":7},{"$f":"SUMIF(Insumos!B:B,D1595,Insumos!G:G)","v":0},{"$f":"TRUNC(G1595*H1595,2)","v":0}]
[{"$nulls":7},"PARCIAL:",{"$f":"SUM(I1593:I1595)","v":133.97}]
[{"$nulls":7},"VALOR UNITÁRIO TOTAL - R$",{"$f":"I1596","v":133.97}]
[]
[]
[]
[null,"INSUMO","SINAPI",{"$f":"D1605","v":1793},{"$f":"E1605","v":"CURVA 90 GRAUS DE FERRO GALVANIZADO, COM ROSCA BSP FEMEA, DE 4\""},null,null,null,{"$f":"F1605","v":"UN    "},null,{"$f":"I1609","v":270.72000000000003},345.75]
[]
[null,null,null,"COD.","DESCRIÇÃO","UN.","COEF.","PREÇO","TOTAL"]
[null,null,null,"MATERIAL"]
[null,null,null,1793,"CURVA 90 GRAUS DE FERRO GALVANIZADO, COM ROSCA BSP FEMEA, DE 4\"","UN    ",1,{"$f":"SUMIF(Insumos!B:B,D1605,Insumos!G:G)","v":270.72000000000003},{"$f":"TRUNC(G1605*H1605,2)","v":270.72000000000003}]
[{"$nulls":7},{"$f":"SUMIF(Insumos!B:B,D1606,Insumos!G:G)","v":0},{"$f":"TRUNC(G1606*H1606,2)","v":0}]
[{"$nulls":7},{"$f":"SUMIF(Insumos!B:B,D1607,Insumos!G:G)","v":0},{"$f":"TRUNC(G1607*H1607,2)","v":0}]
[{"$nulls":7},"PARCIAL:",{"$f":"SUM(I1605:I1607)","v":270.72000000000003}]
[{"$nulls":7},"VALOR UNITÁRIO TOTAL - R$",{"$f":"I1608","v":270.72000000000003}]
[]
[]
[]
[null,"INSUMO","SINAPI",{"$f":"D1617","v":9890},{"$f":"E1617","v":"UNIAO DE FERRO GALVANIZADO, COM ROSCA BSP, COM ASSENTO PLANO, DE 3\""},null,null,null,{"$f":"F1617","v":"UN    "},null,{"$f":"I1621","v":112.97},144.29]
[]
[null,null,null,"COD.","DESCRIÇÃO","UN.","COEF.","PREÇO","TOTAL"]
[null,null,null,"MATERIAL"]
[null,null,null,9890,"UNIAO DE FERRO GALVANIZADO, COM ROSCA BSP, COM ASSENTO PLANO, DE 3\"","UN    ",1,{"$f":"SUMIF(Insumos!B:B,D1617,Insumos!G:G)","v":112.97},{"$f":"TRUNC(G1617*H1617,2)","v":112.97}]
[{"$nulls":7},{"$f":"SUMIF(Insumos!B:B,D1618,Insumos!G:G)","v":0},{"$f":"TRUNC(G1618*H1618,2)","v":0}]
[{"$nulls":7},{"$f":"SUMIF(Insumos!B:B,D1619,Insumos!G:G)","v":0},{"$f":"TRUNC(G1619*H1619,2)","v":0}]
[{"$nulls":7},"PARCIAL:",{"$f":"SUM(I1617:I1619)","v":112.97}]
[{"$nulls":7},"VALOR UNITÁRIO TOTAL - R$",{"$f":"I1620","v":112.97}]
[]
[]
[]
[null,"INSUMO","SINAPI",{"$f":"D1629","v":10406},{"$f":"E1629","v":"VALVULA DE RETENCAO HORIZONTAL, DE BRONZE (PN-25), 3\", 400 PSI, TAMPA DE PORCA DE UNIAO, EXTREMIDADES COM ROSCA"},null,null,null,{"$f":"F1629","v":"UN    "},null,{"$f":"I1633","v":260.26},332.39]
[]
[null,null,null,"COD.","DESCRIÇÃO","UN.","COEF.","PREÇO","TOTAL"]
[null,null,null,"MATERIAL"]
[null,null,null,10406,"VALVULA DE RETENCAO HORIZONTAL, DE BRONZE (PN-25), 3\", 400 PSI, TAMPA DE PORCA DE UNIAO, EXTREMIDADES COM ROSCA","UN    ",1,{"$f":"SUMIF(Insumos!B:B,D1629,Insumos!G:G)","v":260.26},{"$f":"TRUNC(G1629*H1629,2)","v":260.26}]
[{"$nulls":7},{"$f":"SUMIF(Insumos!B:B,D1630,Insumos!G:G)","v":0},{"$f":"TRUNC(G1630*H1630,2)","v":0}]
[{"$nulls":7},{"$f":"SUMIF(Insumos!B:B,D1631,Insumos!G:G)","v":0},{"$f":"TRUNC(G1631*H1631,2)","v":0}]
[{"$nulls":7},"PARCIAL:",{"$f":"SUM(I1629:I1631)","v":260.26}]
[{"$nulls":7},"VALOR UNITÁRIO TOTAL - R$",{"$f":"I1632","v":260.26}]
[]
[]
[]
[null,"INSUMO","SINAPI",3148,{"$f":"E1641","v":"FITA VEDA ROSCA EM ROLOS DE 18 MM X 50 M (L X C)"},null,null,null,{"$f":"F1641","v":"UN    "},null,{"$f":"I1645","v":6.84},8.74]
[]
[null,null,null,"COD.","DESCRIÇÃO","UN.","COEF.","PREÇO","TOTAL"]
[null,null,null,"MATERIAL"]
[null,null,null,3148,"FITA VEDA ROSCA EM ROLOS DE 18 MM X 50 M (L X C)","UN    ",1,{"$f":"SUMIF(Insumos!B:B,D1641,Insumos!G:G)","v":6.84},{"$f":"TRUNC(G1641*H1641,2)","v":6.84}]
[{"$nulls":7},{"$f":"SUMIF(Insumos!B:B,D1642,Insumos!G:G)","v":0},{"$f":"TRUNC(G1642*H1642,2)","v":0}]
[{"$nulls":7},{"$f":"SUMIF(Insumos!B:B,D1643,Insumos!G:G)","v":0},{"$f":"TRUNC(G1643*H1643,2)","v":0}]
[{"$nulls":7},"PARCIAL:",{"$f":"SUM(I1641:I1643)","v":6.84}]
[{"$nulls":7},"VALOR UNITÁRIO TOTAL - R$",{"$f":"I1644","v":6.84}]
[]
[]
[]
[null,"INSUMO","SINAPI",{"$f":"D1653","v":4182},{"$f":"E1653","v":"NIPLE DE FERRO GALVANIZADO, COM ROSCA BSP, DE 3\""},null,null,null,{"$f":"F1653","v":"UN    "},null,{"$f":"I1657","v":37.869999999999997},48.37]
[]
[null,null,null,"COD.","DESCRIÇÃO","UN.","COEF.","PREÇO","TOTAL"]
[null,null,null,"MATERIAL"]
[null,null,null,4182,"NIPLE DE FERRO GALVANIZADO, COM ROSCA BSP, DE 3\"","UN    ",1,{"$f":"SUMIF(Insumos!B:B,D1653,Insumos!G:G)","v":37.869999999999997},{"$f":"TRUNC(G1653*H1653,2)","v":37.869999999999997}]
[{"$nulls":7},{"$f":"SUMIF(Insumos!B:B,D1654,Insumos!G:G)","v":0},{"$f":"TRUNC(G1654*H1654,2)","v":0}]
[{"$nulls":7},{"$f":"SUMIF(Insumos!B:B,D1655,Insumos!G:G)","v":0},{"$f":"TRUNC(G1655*H1655,2)","v":0}]
[{"$nulls":7},"PARCIAL:",{"$f":"SUM(I1653:I1655)","v":37.869999999999997}]
[{"$nulls":7},"VALOR UNITÁRIO TOTAL - R$",{"$f":"I1656","v":37.869999999999997}]
[]
[]
[]
[null,"INSUMO","SINAPI",{"$f":"D1665","v":4183},{"$f":"E1665","v":"NIPLE DE FERRO GALVANIZADO, COM ROSCA BSP, DE 4\""},null,null,null,{"$f":"F1665","v":"UN    "},null,{"$f":"I1669","v":60.97},77.87]
[]
[null,null,null,"COD.","DESCRIÇÃO","UN.","COEF.","PREÇO","TOTAL"]
[null,null,null,"MATERIAL"]
[null,null,null,4183,"NIPLE DE FERRO GALVANIZADO, COM ROSCA BSP, DE 4\"","UN    ",1,{"$f":"SUMIF(Insumos!B:B,D1665,Insumos!G:G)","v":60.97},{"$f":"TRUNC(G1665*H1665,2)","v":60.97}]
[{"$nulls":7},{"$f":"SUMIF(Insumos!B:B,D1666,Insumos!G:G)","v":0},{"$f":"TRUNC(G1666*H1666,2)","v":0}]
[{"$nulls":7},{"$f":"SUMIF(Insumos!B:B,D1667,Insumos!G:G)","v":0},{"$f":"TRUNC(G1667*H1667,2)","v":0}]
[{"$nulls":7},"PARCIAL:",{"$f":"SUM(I1665:I1667)","v":60.97}]
[{"$nulls":7},"VALOR UNITÁRIO TOTAL - R$",{"$f":"I1668","v":60.97}]
[]
[]
[]
[null,"INSUMO","SINAPI",{"$f":"D1677","v":5086},{"$f":"E1677","v":"CORRENTE DE ELO CURTO COMUM, SOLDADA, GALVANIZADA, ESPESSURA DO ELO = 1/2\" (12,5 MM)"},null,null,null,{"$f":"F1677","v":"KG    "},null,{"$f":"I1681","v":16.52},21.1]
[]
[null,null,null,"COD.","DESCRIÇÃO","UN.","COEF.","PREÇO","TOTAL"]
[null,null,null,"MATERIAL"]
[null,null,null,5086,"CORRENTE DE ELO CURTO COMUM, SOLDADA, GALVANIZADA, ESPESSURA DO ELO = 1/2\" (12,5 MM)","KG    ",1,{"$f":"SUMIF(Insumos!B:B,D1677,Insumos!G:G)","v":16.52},{"$f":"TRUNC(G1677*H1677,2)","v":16.52}]
[{"$nulls":7},{"$f":"SUMIF(Insumos!B:B,D1678,Insumos!G:G)","v":0},{"$f":"TRUNC(G1678*H1678,2)","v":0}]
[{"$nulls":7},{"$f":"SUMIF(Insumos!B:B,D1679,Insumos!G:G)","v":0},{"$f":"TRUNC(G1679*H1679,2)","v":0}]
[{"$nulls":7},"PARCIAL:",{"$f":"SUM(I1677:I1679)","v":16.52}]
[{"$nulls":7},"VALOR UNITÁRIO TOTAL - R$",{"$f":"I1680","v":16.52}]
[]
[]
[]
[null,"INSUMO","SINAPI",{"$f":"D1689","v":12001},{"$f":"E1689","v":"CAIXA OCTOGONAL DE FUNDO MOVEL, EM PVC, DE 4\" X 4\", PARA ELETRODUTO FLEXIVEL CORRUGADO"},null,null,null,{"$f":"F1689","v":"UN    "},null,{"$f":"I1693","v":3.97},5.08]
[]
[null,null,null,"COD.","DESCRIÇÃO","UN.","COEF.","PREÇO","TOTAL"]
[null,null,null,"MATERIAL"]
[null,null,null,12001,"CAIXA OCTOGONAL DE FUNDO MOVEL, EM PVC, DE 4\" X 4\", PARA ELETRODUTO FLEXIVEL CORRUGADO","UN    ",1,{"$f":"SUMIF(Insumos!B:B,D1689,Insumos!G:G)","v":3.97},{"$f":"TRUNC(G1689*H1689,2)","v":3.97}]
[{"$nulls":7},{"$f":"SUMIF(Insumos!B:B,D1690,Insumos!G:G)","v":0},{"$f":"TRUNC(G1690*H1690,2)","v":0}]
[{"$nulls":7},{"$f":"SUMIF(Insumos!B:B,D1691,Insumos!G:G)","v":0},{"$f":"TRUNC(G1691*H1691,2)","v":0}]
[{"$nulls":7},"PARCIAL:",{"$f":"SUM(I1689:I1691)","v":3.97}]
[{"$nulls":7},"VALOR UNITÁRIO TOTAL - R$",{"$f":"I1692","v":3.97}]
[]
[]
[]
[null,"INSUMO","SINAPI",{"$f":"D1701","v":39246},{"$f":"E1701","v":"ELETRODUTODUTO PEAD FLEXIVEL PAREDE SIMPLES, CORRUGACAO HELICOIDAL, COR PRETA, SEM ROSCA, DE 1 1/2\",  PARA CABEAMENTO SUBTERRANEO (NBR 15715)"},null,null,null,{"$f":"F1701","v":"M     "},null,{"$f":"I1705","v":2.09},2.67]
[]
[null,null,null,"COD.","DESCRIÇÃO","UN.","COEF.","PREÇO","TOTAL"]
[null,null,null,"MATERIAL"]
[null,null,null,39246,"ELETRODUTODUTO PEAD FLEXIVEL PAREDE SIMPLES, CORRUGACAO HELICOIDAL, COR PRETA, SEM ROSCA, DE 1 1/2\",  PARA CABEAMENTO SUBTERRANEO (NBR 15715)","M     ",1,{"$f":"SUMIF(Insumos!B:B,D1701,Insumos!G:G)","v":2.09},{"$f":"TRUNC(G1701*H1701,2)","v":2.09}]
[{"$nulls":7},{"$f":"SUMIF(Insumos!B:B,D1702,Insumos!G:G)","v":0},{"$f":"TRUNC(G1702*H1702,2)","v":0}]
[{"$nulls":7},{"$f":"SUMIF(Insumos!B:B,D1703,Insumos!G:G)","v":0},{"$f":"TRUNC(G1703*H1703,2)","v":0}]
[{"$nulls":7},"PARCIAL:",{"$f":"SUM(I1701:I1703)","v":2.09}]
[{"$nulls":7},"VALOR UNITÁRIO TOTAL - R$",{"$f":"I1704","v":2.09}]
[]
[]
[]
[null,"INSUMO","SINAPI",{"$f":"D1713","v":39247},{"$f":"E1713","v":"ELETRODUTODUTO PEAD FLEXIVEL PAREDE SIMPLES, CORRUGACAO HELICOIDAL, COR PRETA, SEM ROSCA, DE 1 1/4\",  PARA CABEAMENTO SUBTERRANEO (NBR 15715)"},null,null,null,{"$f":"F1713","v":"M     "},null,{"$f":"I1717","v":1.82},2.33]
[]
[null,null,null,"COD.","DESCRIÇÃO","UN.","COEF.","PREÇO","TOTAL"]
[null,null,null,"MATERIAL"]
[null,null,null,39247,"ELETRODUTODUTO PEAD FLEXIVEL PAREDE SIMPLES, CORRUGACAO HELICOIDAL, COR PRETA, SEM ROSCA, DE 1 1/4\",  PARA CABEAMENTO SUBTERRANEO (NBR 15715)","M     ",1,{"$f":"SUMIF(Insumos!B:B,D1713,Insumos!G:G)","v":1.82},{"$f":"TRUNC(G1713*H1713,2)","v":1.82}]
[{"$nulls":7},{"$f":"SUMIF(Insumos!B:B,D1714,Insumos!G:G)","v":0},{"$f":"TRUNC(G1714*H1714,2)","v":0}]
[{"$nulls":7},{"$f":"SUMIF(Insumos!B:B,D1715,Insumos!G:G)","v":0},{"$f":"TRUNC(G1715*H1715,2)","v":0}]
[{"$nulls":7},"PARCIAL:",{"$f":"SUM(I1713:I1715)","v":1.82}]
[{"$nulls":7},"VALOR UNITÁRIO TOTAL - R$",{"$f":"I1716","v":1.82}]
[]
[]
[]
[null,"INSUMO","SINAPI",{"$f":"D1725","v":39244},{"$f":"E1725","v":"ELETRODUTO PVC FLEXIVEL CORRUGADO, REFORCADO, COR LARANJA, DE 25 MM, PARA LAJES E PISOS"},null,null,null,{"$f":"F1725","v":"M     "},null,{"$f":"I1729","v":1.81},2.3199999999999998]
[]
[null,null,null,"COD.","DESCRIÇÃO","UN.","COEF.","PREÇO","TOTAL"]
[null,null,null,"MATERIAL"]
[null,null,null,39244,"ELETRODUTO PVC FLEXIVEL CORRUGADO, REFORCADO, COR LARANJA, DE 25 MM, PARA LAJES E PISOS","M     ",1,{"$f":"SUMIF(Insumos!B:B,D1725,Insumos!G:G)","v":1.81},{"$f":"TRUNC(G1725*H1725,2)","v":1.81}]
[{"$nulls":7},{"$f":"SUMIF(Insumos!B:B,D1726,Insumos!G:G)","v":0},{"$f":"TRUNC(G1726*H1726,2)","v":0}]
[{"$nulls":7},{"$f":"SUMIF(Insumos!B:B,D1727,Insumos!G:G)","v":0},{"$f":"TRUNC(G1727*H1727,2)","v":0}]
[{"$nulls":7},"PARCIAL:",{"$f":"SUM(I1725:I1727)","v":1.81}]
[{"$nulls":7},"VALOR UNITÁRIO TOTAL - R$",{"$f":"I1728","v":1.81}]
[]
[]
[]
[null,"INSUMO","SINAPI",{"$f":"D1737","v":2504},{"$f":"E1737","v":"ELETRODUTO FLEXIVEL, EM ACO GALVANIZADO, REVESTIDO EXTERNAMENTE COM PVC PRETO, DIAMETRO EXTERNO DE 25 MM (3/4\"), TIPO SEALTUBO"},null,null,null,{"$f":"F1737","v":"M     "},null,{"$f":"I1741","v":9.6},12.27]
[]
[null,null,null,"COD.","DESCRIÇÃO","UN.","COEF.","PREÇO","TOTAL"]
[null,null,null,"MATERIAL"]
[null,null,null,2504,"ELETRODUTO FLEXIVEL, EM ACO GALVANIZADO, REVESTIDO EXTERNAMENTE COM PVC PRETO, DIAMETRO EXTERNO DE 25 MM (3/4\"), TIPO SEALTUBO","M     ",1,{"$f":"SUMIF(Insumos!B:B,D1737,Insumos!G:G)","v":9.6},{"$f":"TRUNC(G1737*H1737,2)","v":9.6}]
[{"$nulls":7},{"$f":"SUMIF(Insumos!B:B,D1738,Insumos!G:G)","v":0},{"$f":"TRUNC(G1738*H1738,2)","v":0}]
[{"$nulls":7},{"$f":"SUMIF(Insumos!B:B,D1739,Insumos!G:G)","v":0},{"$f":"TRUNC(G1739*H1739,2)","v":0}]
[{"$nulls":7},"PARCIAL:",{"$f":"SUM(I1737:I1739)","v":9.6}]
[{"$nulls":7},"VALOR UNITÁRIO TOTAL - R$",{"$f":"I1740","v":9.6}]
[]
[]
[]
[null,"INSUMO","SINAPI",{"$f":"D1749","v":2502},{"$f":"E1749","v":"ELETRODUTO FLEXIVEL, EM ACO GALVANIZADO, REVESTIDO EXTERNAMENTE COM PVC PRETO, DIAMETRO EXTERNO DE 40 MM (1 1/4\"), TIPO SEALTUBO"},null,null,null,{"$f":"F1749","v":"M     "},null,{"$f":"I1753","v":19.010000000000002},24.28]
[]
[null,null,null,"COD.","DESCRIÇÃO","UN.","COEF.","PREÇO","TOTAL"]
[null,null,null,"MATERIAL"]
[null,null,null,2502,"ELETRODUTO FLEXIVEL, EM ACO GALVANIZADO, REVESTIDO EXTERNAMENTE COM PVC PRETO, DIAMETRO EXTERNO DE 40 MM (1 1/4\"), TIPO SEALTUBO","M     ",1,{"$f":"SUMIF(Insumos!B:B,D1749,Insumos!G:G)","v":19.010000000000002},{"$f":"TRUNC(G1749*H1749,2)","v":19.010000000000002}]
[{"$nulls":7},{"$f":"SUMIF(Insumos!B:B,D1750,Insumos!G:G)","v":0},{"$f":"TRUNC(G1750*H1750,2)","v":0}]
[{"$nulls":7},{"$f":"SUMIF(Insumos!B:B,D1751,Insumos!G:G)","v":0},{"$f":"TRUNC(G1751*H1751,2)","v":0}]
[{"$nulls":7},"PARCIAL:",{"$f":"SUM(I1749:I1751)","v":19.010000000000002}]
[{"$nulls":7},"VALOR UNITÁRIO TOTAL - R$",{"$f":"I1752","v":19.010000000000002}]
[]
[]
[]
[null,"INSUMO","SINAPI",{"$f":"D1761","v":39756},{"$f":"E1761","v":"QUADRO DE DISTRIBUICAO COM BARRAMENTO TRIFASICO, DE SOBREPOR, EM CHAPA DE ACO GALVANIZADO, PARA 12 DISJUNTORES DIN, 100 A"},null,null,null,{"$f":"F1761","v":"UN    "},null,{"$f":"I1765","v":195.59},249.8]
[]
[null,null,null,"COD.","DESCRIÇÃO","UN.","COEF.","PREÇO","TOTAL"]
[null,null,null,"MATERIAL"]
[null,null,null,39756,"QUADRO DE DISTRIBUICAO COM BARRAMENTO TRIFASICO, DE SOBREPOR, EM CHAPA DE ACO GALVANIZADO, PARA 12 DISJUNTORES DIN, 100 A","UN    ",1,{"$f":"SUMIF(Insumos!B:B,D1761,Insumos!G:G)","v":195.59},{"$f":"TRUNC(G1761*H1761,2)","v":195.59}]
[{"$nulls":7},{"$f":"SUMIF(Insumos!B:B,D1762,Insumos!G:G)","v":0},{"$f":"TRUNC(G1762*H1762,2)","v":0}]
[{"$nulls":7},{"$f":"SUMIF(Insumos!B:B,D1763,Insumos!G:G)","v":0},{"$f":"TRUNC(G1763*H1763,2)","v":0}]
[{"$nulls":7},"PARCIAL:",{"$f":"SUM(I1761:I1763)","v":195.59}]
[{"$nulls":7},"VALOR UNITÁRIO TOTAL - R$",{"$f":"I1764","v":195.59}]
[]
[]
[]
[null,"INSUMO","SINAPI",{"$f":"D1773","v":2510},{"$f":"E1773","v":"RELE FOTOELETRICO INTERNO E EXTERNO BIVOLT 1000 W, DE CONECTOR, SEM BASE"},null,null,null,{"$f":"F1773","v":"UN    "},null,{"$f":"I1777","v":12.91},16.5]
[]
[null,null,null,"COD.","DESCRIÇÃO","UN.","COEF.","PREÇO","TOTAL"]
[null,null,null,"MATERIAL"]
[null,null,null,2510,"RELE FOTOELETRICO INTERNO E EXTERNO BIVOLT 1000 W, DE CONECTOR, SEM BASE","UN    ",1,{"$f":"SUMIF(Insumos!B:B,D1773,Insumos!G:G)","v":12.91},{"$f":"TRUNC(G1773*H1773,2)","v":12.91}]
[{"$nulls":7},{"$f":"SUMIF(Insumos!B:B,D1774,Insumos!G:G)","v":0},{"$f":"TRUNC(G1774*H1774,2)","v":0}]
[{"$nulls":7},{"$f":"SUMIF(Insumos!B:B,D1775,Insumos!G:G)","v":0},{"$f":"TRUNC(G1775*H1775,2)","v":0}]
[{"$nulls":7},"PARCIAL:",{"$f":"SUM(I1773:I1775)","v":12.91}]
[{"$nulls":7},"VALOR UNITÁRIO TOTAL - R$",{"$f":"I1776","v":12.91}]
[]
[]
[]
[null,"INSUMO","SINAPI",{"$f":"D1785","v":1574},{"$f":"E1785","v":"TERMINAL A COMPRESSAO EM COBRE ESTANHADO PARA CABO 10 MM2, 1 FURO E 1 COMPRESSAO, PARA PARAFUSO DE FIXACAO M6"},null,null,null,{"$f":"F1785","v":"UN    "},null,{"$f":"I1789","v":0.88},1.1299999999999999]
[]
[null,null,null,"COD.","DESCRIÇÃO","UN.","COEF.","PREÇO","TOTAL"]
[null,null,null,"MATERIAL"]
[null,null,null,1574,"TERMINAL A COMPRESSAO EM COBRE ESTANHADO PARA CABO 10 MM2, 1 FURO E 1 COMPRESSAO, PARA PARAFUSO DE FIXACAO M6","UN    ",1,{"$f":"SUMIF(Insumos!B:B,D1785,Insumos!G:G)","v":0.88},{"$f":"TRUNC(G1785*H1785,2)","v":0.88}]
[{"$nulls":7},{"$f":"SUMIF(Insumos!B:B,D1786,Insumos!G:G)","v":0},{"$f":"TRUNC(G1786*H1786,2)","v":0}]
[{"$nulls":7},{"$f":"SUMIF(Insumos!B:B,D1787,Insumos!G:G)","v":0},{"$f":"TRUNC(G1787*H1787,2)","v":0}]
[{"$nulls":7},"PARCIAL:",{"$f":"SUM(I1785:I1787)","v":0.88}]
[{"$nulls":7},"VALOR UNITÁRIO TOTAL - R$",{"$f":"I1788","v":0.88}]
[]
[]
[]
[null,"INSUMO","SINAPI",{"$f":"D1797","v":1571},{"$f":"E1797","v":"TERMINAL A COMPRESSAO EM COBRE ESTANHADO PARA CABO 4 MM2, 1 FURO E 1 COMPRESSAO, PARA PARAFUSO DE FIXACAO M5"},null,null,null,{"$f":"F1797","v":"UN    "},null,{"$f":"I1801","v":0.68},0.87]
[]
[null,null,null,"COD.","DESCRIÇÃO","UN.","COEF.","PREÇO","TOTAL"]
[null,null,null,"MATERIAL"]
[null,null,null,1571,"TERMINAL A COMPRESSAO EM COBRE ESTANHADO PARA CABO 4 MM2, 1 FURO E 1 COMPRESSAO, PARA PARAFUSO DE FIXACAO M5","UN    ",1,{"$f":"SUMIF(Insumos!B:B,D1797,Insumos!G:G)","v":0.68},{"$f":"TRUNC(G1797*H1797,2)","v":0.68}]
[{"$nulls":7},{"$f":"SUMIF(Insumos!B:B,D1798,Insumos!G:G)","v":0},{"$f":"TRUNC(G1798*H1798,2)","v":0}]
[{"$nulls":7},{"$f":"SUMIF(Insumos!B:B,D1799,Insumos!G:G)","v":0},{"$f":"TRUNC(G1799*H1799,2)","v":0}]
[{"$nulls":7},"PARCIAL:",{"$f":"SUM(I1797:I1799)","v":0.68}]
[{"$nulls":7},"VALOR UNITÁRIO TOTAL - R$",{"$f":"I1800","v":0.68}]
[]
[]
[]
[null,"INSUMO","SINAPI",{"$f":"D1809","v":34653},{"$f":"E1809","v":"DISJUNTOR TIPO DIN/IEC, MONOPOLAR DE 6  ATE  32A"},null,null,null,{"$f":"F1809","v":"UN    "},null,{"$f":"I1813","v":7.65},9.7799999999999994]
[]
[null,null,null,"COD.","DESCRIÇÃO","UN.","COEF.","PREÇO","TOTAL"]
[null,null,null,"MATERIAL"]
[null,null,null,34653,"DISJUNTOR TIPO DIN/IEC, MONOPOLAR DE 6  ATE  32A","UN    ",1,{"$f":"SUMIF(Insumos!B:B,D1809,Insumos!G:G)","v":7.65},{"$f":"TRUNC(G1809*H1809,2)","v":7.65}]
[{"$nulls":7},{"$f":"SUMIF(Insumos!B:B,D1810,Insumos!G:G)","v":0},{"$f":"TRUNC(G1810*H1810,2)","v":0}]
[{"$nulls":7},{"$f":"SUMIF(Insumos!B:B,D1811,Insumos!G:G)","v":0},{"$f":"TRUNC(G1811*H1811,2)","v":0}]
[{"$nulls":7},"PARCIAL:",{"$f":"SUM(I1809:I1811)","v":7.65}]
[{"$nulls":7},"VALOR UNITÁRIO TOTAL - R$",{"$f":"I1812","v":7.65}]
[]
[]
[]
[null,"INSUMO","SINAPI",{"$f":"D1821","v":34709},{"$f":"E1821","v":"DISJUNTOR TIPO DIN/IEC, TRIPOLAR DE 10 ATE 50A"},null,null,null,{"$f":"F1821","v":"UN    "},null,{"$f":"I1825","v":53.79},68.7]
[]
[null,null,null,"COD.","DESCRIÇÃO","UN.","COEF.","PREÇO","TOTAL"]
[null,null,null,"MATERIAL"]
[null,null,null,34709,"DISJUNTOR TIPO DIN/IEC, TRIPOLAR DE 10 ATE 50A","UN    ",1,{"$f":"SUMIF(Insumos!B:B,D1821,Insumos!G:G)","v":53.79},{"$f":"TRUNC(G1821*H1821,2)","v":53.79}]
[{"$nulls":7},{"$f":"SUMIF(Insumos!B:B,D1822,Insumos!G:G)","v":0},{"$f":"TRUNC(G1822*H1822,2)","v":0}]
[{"$nulls":7},{"$f":"SUMIF(Insumos!B:B,D1823,Insumos!G:G)","v":0},{"$f":"TRUNC(G1823*H1823,2)","v":0}]
[{"$nulls":7},"PARCIAL:",{"$f":"SUM(I1821:I1823)","v":53.79}]
[{"$nulls":7},"VALOR UNITÁRIO TOTAL - R$",{"$f":"I1824","v":53.79}]
[]
[]
[]
[null,"INSUMO","SINAPI",{"$f":"D1833","v":36378},{"$f":"E1833","v":"TUBO PVC PBA JEI, CLASSE 20, DN 50 MM, PARA REDE DE AGUA (NBR 5647)"},null,null,null,{"$f":"F1833","v":"M     "},null,{"$f":"I1837","v":13.07},16.7]
[]
[null,null,null,"COD.","DESCRIÇÃO","UN.","COEF.","PREÇO","TOTAL"]
[null,null,null,"MATERIAL"]
[null,null,null,36378,"TUBO PVC PBA JEI, CLASSE 20, DN 50 MM, PARA REDE DE AGUA (NBR 5647)","M     ",1,{"$f":"SUMIF(Insumos!B:B,D1833,Insumos!G:G)","v":13.07},{"$f":"TRUNC(G1833*H1833,2)","v":13.07}]
[{"$nulls":7},{"$f":"SUMIF(Insumos!B:B,D1834,Insumos!G:G)","v":0},{"$f":"TRUNC(G1834*H1834,2)","v":0}]
[{"$nulls":7},{"$f":"SUMIF(Insumos!B:B,D1835,Insumos!G:G)","v":0},{"$f":"TRUNC(G1835*H1835,2)","v":0}]
[{"$nulls":7},"PARCIAL:",{"$f":"SUM(I1833:I1835)","v":13.07}]
[{"$nulls":7},"VALOR UNITÁRIO TOTAL - R$",{"$f":"I1836","v":13.07}]
[]
[]
[]
[null,"INSUMO","SINAPI",{"$f":"D1845","v":38033},{"$f":"E1845","v":"TUBO PVC CORRUGADO, PAREDE DUPLA, JE, DN 200 MM, REDE COLETORA ESGOTO"},null,null,null,{"$f":"F1845","v":"M     "},null,{"$f":"I1849","v":37.700000000000003},48.16]
[]
[null,null,null,"COD.","DESCRIÇÃO","UN.","COEF.","PREÇO","TOTAL"]
[null,null,null,"MATERIAL"]
[null,null,null,38033,"TUBO PVC CORRUGADO, PAREDE DUPLA, JE, DN 200 MM, REDE COLETORA ESGOTO","M     ",1,{"$f":"SUMIF(Insumos!B:B,D1845,Insumos!G:G)","v":37.700000000000003},{"$f":"TRUNC(G1845*H1845,2)","v":37.700000000000003}]
[{"$nulls":7},{"$f":"SUMIF(Insumos!B:B,D1846,Insumos!G:G)","v":0},{"$f":"TRUNC(G1846*H1846,2)","v":0}]
[{"$nulls":7},{"$f":"SUMIF(Insumos!B:B,D1847,Insumos!G:G)","v":0},{"$f":"TRUNC(G1847*H1847,2)","v":0}]
[{"$nulls":7},"PARCIAL:",{"$f":"SUM(I1845:I1847)","v":37.700000000000003}]
[{"$nulls":7},"VALOR UNITÁRIO TOTAL - R$",{"$f":"I1848","v":37.700000000000003}]
[]
[]
[]
[null,"INSUMO","SINAPI",{"$f":"D1857","v":7048},{"$f":"E1857","v":"TE, PVC PBA, BBB, 90 GRAUS, DN 50 / DE 60 MM, PARA REDE AGUA (NBR 10351)"},null,null,null,{"$f":"F1857","v":"UN    "},null,{"$f":"I1861","v":14.68},18.75]
[]
[null,null,null,"COD.","DESCRIÇÃO","UN.","COEF.","PREÇO","TOTAL"]
[null,null,null,"MATERIAL"]
[null,null,null,7048,"TE, PVC PBA, BBB, 90 GRAUS, DN 50 / DE 60 MM, PARA REDE AGUA (NBR 10351)","UN    ",1,{"$f":"SUMIF(Insumos!B:B,D1857,Insumos!G:G)","v":14.68},{"$f":"TRUNC(G1857*H1857,2)","v":14.68}]
[{"$nulls":7},{"$f":"SUMIF(Insumos!B:B,D1858,Insumos!G:G)","v":0},{"$f":"TRUNC(G1858*H1858,2)","v":0}]
[{"$nulls":7},{"$f":"SUMIF(Insumos!B:B,D1859,Insumos!G:G)","v":0},{"$f":"TRUNC(G1859*H1859,2)","v":0}]
[{"$nulls":7},"PARCIAL:",{"$f":"SUM(I1857:I1859)","v":14.68}]
[{"$nulls":7},"VALOR UNITÁRIO TOTAL - R$",{"$f":"I1860","v":14.68}]
[]
[]
[]
[null,"INSUMO","SINAPI",{"$f":"D1869","v":3919},{"$f":"E1869","v":"LUVA DE REDUCAO DE FERRO GALVANIZADO, COM ROSCA BSP, DE 1\" X 3/4\""},null,null,null,{"$f":"F1869","v":"UN    "},null,{"$f":"I1873","v":5.84},7.46]
[]
[null,null,null,"COD.","DESCRIÇÃO","UN.","COEF.","PREÇO","TOTAL"]
[null,null,null,"MATERIAL"]
[null,null,null,3919,"LUVA DE REDUCAO DE FERRO GALVANIZADO, COM ROSCA BSP, DE 1\" X 3/4\"","UN    ",1,{"$f":"SUMIF(Insumos!B:B,D1869,Insumos!G:G)","v":5.84},{"$f":"TRUNC(G1869*H1869,2)","v":5.84}]
[{"$nulls":7},{"$f":"SUMIF(Insumos!B:B,D1870,Insumos!G:G)","v":0},{"$f":"TRUNC(G1870*H1870,2)","v":0}]
[{"$nulls":7},{"$f":"SUMIF(Insumos!B:B,D1871,Insumos!G:G)","v":0},{"$f":"TRUNC(G1871*H1871,2)","v":0}]
[{"$nulls":7},"PARCIAL:",{"$f":"SUM(I1869:I1871)","v":5.84}]
[{"$nulls":7},"VALOR UNITÁRIO TOTAL - R$",{"$f":"I1872","v":5.84}]
[]
[]
[]
[null,"INSUMO","SINAPI",{"$f":"D1881","v":3838},{"$f":"E1881","v":"LUVA DE CORRER DEFOFO, PVC, JE, DN 150 MM"},null,null,null,{"$f":"F1881","v":"UN    "},null,{"$f":"I1885","v":39.61},50.59]
[]
[null,null,null,"COD.","DESCRIÇÃO","UN.","COEF.","PREÇO","TOTAL"]
[null,null,null,"MATERIAL"]
[null,null,null,3838,"LUVA DE CORRER DEFOFO, PVC, JE, DN 150 MM","UN    ",1,{"$f":"SUMIF(Insumos!B:B,D1881,Insumos!G:G)","v":39.61},{"$f":"TRUNC(G1881*H1881,2)","v":39.61}]
[{"$nulls":7},{"$f":"SUMIF(Insumos!B:B,D1882,Insumos!G:G)","v":0},{"$f":"TRUNC(G1882*H1882,2)","v":0}]
[{"$nulls":7},{"$f":"SUMIF(Insumos!B:B,D1883,Insumos!G:G)","v":0},{"$f":"TRUNC(G1883*H1883,2)","v":0}]
[{"$nulls":7},"PARCIAL:",{"$f":"SUM(I1881:I1883)","v":39.61}]
[{"$nulls":7},"VALOR UNITÁRIO TOTAL - R$",{"$f":"I1884","v":39.61}]
[]
[]
[]
[null,"INSUMO","SINAPI",{"$f":"D1893","v":7696},{"$f":"E1893","v":"TUBO ACO GALVANIZADO COM COSTURA, CLASSE MEDIA, DN 2\", E = *3,65* MM, PESO *5,10* KG/M (NBR 5580)"},null,null,null,{"$f":"F1893","v":"M     "},null,{"$f":"I1897","v":32.97},42.12]
[]
[null,null,null,"COD.","DESCRIÇÃO","UN.","COEF.","PREÇO","TOTAL"]
[null,null,null,"MATERIAL"]
[null,null,null,7696,"TUBO ACO GALVANIZADO COM COSTURA, CLASSE MEDIA, DN 2\", E = *3,65* MM, PESO *5,10* KG/M (NBR 5580)","M     ",1,{"$f":"SUMIF(Insumos!B:B,D1893,Insumos!G:G)","v":32.97},{"$f":"TRUNC(G1893*H1893,2)","v":32.97}]
[{"$nulls":7},{"$f":"SUMIF(Insumos!B:B,D1894,Insumos!G:G)","v":0},{"$f":"TRUNC(G1894*H1894,2)","v":0}]
[{"$nulls":7},{"$f":"SUMIF(Insumos!B:B,D1895,Insumos!G:G)","v":0},{"$f":"TRUNC(G1895*H1895,2)","v":0}]
[{"$nulls":7},"PARCIAL:",{"$f":"SUM(I1893:I1895)","v":32.97}]
[{"$nulls":7},"VALOR UNITÁRIO TOTAL - R$",{"$f":"I1896","v":32.97}]
[]
[]
[]
[null,"INSUMO","SINAPI",{"$f":"D1905","v":3540},{"$f":"E1905","v":"JOELHO PVC, SOLDAVEL, 90 GRAUS, 50 MM, PARA AGUA FRIA PREDIAL"},null,null,null,{"$f":"F1905","v":"UN    "},null,{"$f":"I1909","v":3.18},4.07]
[]
[null,null,null,"COD.","DESCRIÇÃO","UN.","COEF.","PREÇO","TOTAL"]
[null,null,null,"MATERIAL"]
[null,null,null,3540,"JOELHO PVC, SOLDAVEL, 90 GRAUS, 50 MM, PARA AGUA FRIA PREDIAL","UN    ",1,{"$f":"SUMIF(Insumos!B:B,D1905,Insumos!G:G)","v":3.18},{"$f":"TRUNC(G1905*H1905,2)","v":3.18}]
[{"$nulls":7},{"$f":"SUMIF(Insumos!B:B,D1906,Insumos!G:G)","v":0},{"$f":"TRUNC(G1906*H1906,2)","v":0}]
[{"$nulls":7},{"$f":"SUMIF(Insumos!B:B,D1907,Insumos!G:G)","v":0},{"$f":"TRUNC(G1907*H1907,2)","v":0}]
[{"$nulls":7},"PARCIAL:",{"$f":"SUM(I1905:I1907)","v":3.18}]
[{"$nulls":7},"VALOR UNITÁRIO TOTAL - R$",{"$f":"I1908","v":3.18}]
[]
[]
[]
[null,"INSUMO","SINAPI",{"$f":"D1917","v":3542},{"$f":"E1917","v":"JOELHO PVC, SOLDAVEL, 90 GRAUS, 20 MM, PARA AGUA FRIA PREDIAL"},null,null,null,{"$f":"F1917","v":"UN    "},null,{"$f":"I1921","v":0.3},0.39]
[]
[null,null,null,"COD.","DESCRIÇÃO","UN.","COEF.","PREÇO","TOTAL"]
[null,null,null,"MATERIAL"]
[null,null,null,3542,"JOELHO PVC, SOLDAVEL, 90 GRAUS, 20 MM, PARA AGUA FRIA PREDIAL","UN    ",1,{"$f":"SUMIF(Insumos!B:B,D1917,Insumos!G:G)","v":0.3},{"$f":"TRUNC(G1917*H1917,2)","v":0.3}]
[{"$nulls":7},{"$f":"SUMIF(Insumos!B:B,D1918,Insumos!G:G)","v":0},{"$f":"TRUNC(G1918*H1918,2)","v":0}]
[{"$nulls":7},{"$f":"SUMIF(Insumos!B:B,D1919,Insumos!G:G)","v":0},{"$f":"TRUNC(G1919*H1919,2)","v":0}]
[{"$nulls":7},"PARCIAL:",{"$f":"SUM(I1917:I1919)","v":0.3}]
[{"$nulls":7},"VALOR UNITÁRIO TOTAL - R$",{"$f":"I1920","v":0.3}]
[]
[]
[]
[null,"INSUMO","SINAPI",{"$f":"D1929","v":3529},{"$f":"E1929","v":"JOELHO PVC, SOLDAVEL, 90 GRAUS, 25 MM, PARA AGUA FRIA PREDIAL"},null,null,null,{"$f":"F1929","v":"UN    "},null,{"$f":"I1933","v":0.45},0.57999999999999996]
[]
[null,null,null,"COD.","DESCRIÇÃO","UN.","COEF.","PREÇO","TOTAL"]
[null,null,null,"MATERIAL"]
[null,null,null,3529,"JOELHO PVC, SOLDAVEL, 90 GRAUS, 25 MM, PARA AGUA FRIA PREDIAL","UN    ",1,{"$f":"SUMIF(Insumos!B:B,D1929,Insumos!G:G)","v":0.45},{"$f":"TRUNC(G1929*H1929,2)","v":0.45}]
[{"$nulls":7},{"$f":"SUMIF(Insumos!B:B,D1930,Insumos!G:G)","v":0},{"$f":"TRUNC(G1930*H1930,2)","v":0}]
[{"$nulls":7},{"$f":"SUMIF(Insumos!B:B,D1931,Insumos!G:G)","v":0},{"$f":"TRUNC(G1931*H1931,2)","v":0}]
[{"$nulls":7},"PARCIAL:",{"$f":"SUM(I1929:I1931)","v":0.45}]
[{"$nulls":7},"VALOR UNITÁRIO TOTAL - R$",{"$f":"I1932","v":0.45}]
[]
[]
[]
[null,"INSUMO","SINAPI",{"$f":"D1941","v":1956},{"$f":"E1941","v":"CURVA DE PVC 90 GRAUS, SOLDAVEL, 25 MM, PARA AGUA FRIA PREDIAL (NBR 5648)"},null,null,null,{"$f":"F1941","v":"UN    "},null,{"$f":"I1945","v":1.86},2.38]
[]
[null,null,null,"COD.","DESCRIÇÃO","UN.","COEF.","PREÇO","TOTAL"]
[null,null,null,"MATERIAL"]
[null,null,null,1956,"CURVA DE PVC 90 GRAUS, SOLDAVEL, 25 MM, PARA AGUA FRIA PREDIAL (NBR 5648)","UN    ",1,{"$f":"SUMIF(Insumos!B:B,D1941,Insumos!G:G)","v":1.86},{"$f":"TRUNC(G1941*H1941,2)","v":1.86}]
[{"$nulls":7},{"$f":"SUMIF(Insumos!B:B,D1942,Insumos!G:G)","v":0},{"$f":"TRUNC(G1942*H1942,2)","v":0}]
[{"$nulls":7},{"$f":"SUMIF(Insumos!B:B,D1943,Insumos!G:G)","v":0},{"$f":"TRUNC(G1943*H1943,2)","v":0}]
[{"$nulls":7},"PARCIAL:",{"$f":"SUM(I1941:I1943)","v":1.86}]
[{"$nulls":7},"VALOR UNITÁRIO TOTAL - R$",{"$f":"I1944","v":1.86}]
[]
[]
[]
[null,"INSUMO","SINAPI",{"$f":"D1953","v":20973},{"$f":"E1953","v":"UNIAO TIPO STORZ, COM EMPATACAO INTERNA TIPO ANEL DE EXPANSAO, ENGATE RAPIDO 1 1/2\", PARA MANGUEIRA DE COMBATE A INCENDIO PREDIAL"},null,null,null,{"$f":"F1953","v":"UN    "},null,{"$f":"I1957","v":76.209999999999994},97.34]
[]
[null,null,null,"COD.","DESCRIÇÃO","UN.","COEF.","PREÇO","TOTAL"]
[null,null,null,"MATERIAL"]
[null,null,null,20973,"UNIAO TIPO STORZ, COM EMPATACAO INTERNA TIPO ANEL DE EXPANSAO, ENGATE RAPIDO 1 1/2\", PARA MANGUEIRA DE COMBATE A INCENDIO PREDIAL","UN    ",1,{"$f":"SUMIF(Insumos!B:B,D1953,Insumos!G:G)","v":76.209999999999994},{"$f":"TRUNC(G1953*H1953,2)","v":76.209999999999994}]
[{"$nulls":7},{"$f":"SUMIF(Insumos!B:B,D1954,Insumos!G:G)","v":0},{"$f":"TRUNC(G1954*H1954,2)","v":0}]
[{"$nulls":7},{"$f":"SUMIF(Insumos!B:B,D1955,Insumos!G:G)","v":0},{"$f":"TRUNC(G1955*H1955,2)","v":0}]
[{"$nulls":7},"PARCIAL:",{"$f":"SUM(I1953:I1955)","v":76.209999999999994}]
[{"$nulls":7},"VALOR UNITÁRIO TOTAL - R$",{"$f":"I1956","v":76.209999999999994}]
[]
[]
[]
[null,"INSUMO","SINAPI",{"$f":"D1965","v":3452},{"$f":"E1965","v":"COTOVELO 90 GRAUS DE FERRO GALVANIZADO, COM ROSCA BSP MACHO/FEMEA, DE 2\""},null,null,null,{"$f":"F1965","v":"UN    "},null,{"$f":"I1969","v":25.29},32.299999999999997]
[]
[null,null,null,"COD.","DESCRIÇÃO","UN.","COEF.","PREÇO","TOTAL"]
[null,null,null,"MATERIAL"]
[null,null,null,3452,"COTOVELO 90 GRAUS DE FERRO GALVANIZADO, COM ROSCA BSP MACHO/FEMEA, DE 2\"","UN    ",1,{"$f":"SUMIF(Insumos!B:B,D1965,Insumos!G:G)","v":25.29},{"$f":"TRUNC(G1965*H1965,2)","v":25.29}]
[{"$nulls":7},{"$f":"SUMIF(Insumos!B:B,D1966,Insumos!G:G)","v":0},{"$f":"TRUNC(G1966*H1966,2)","v":0}]
[{"$nulls":7},{"$f":"SUMIF(Insumos!B:B,D1967,Insumos!G:G)","v":0},{"$f":"TRUNC(G1967*H1967,2)","v":0}]
[{"$nulls":7},"PARCIAL:",{"$f":"SUM(I1965:I1967)","v":25.29}]
[{"$nulls":7},"VALOR UNITÁRIO TOTAL - R$",{"$f":"I1968","v":25.29}]
[]
[]
[]
[null,"INSUMO","SINAPI",{"$f":"D1977","v":113},{"$f":"E1977","v":"ADAPTADOR PVC SOLDAVEL CURTO COM BOLSA E ROSCA, 60 MM X 2\", PARA AGUA FRIA"},null,null,null,{"$f":"F1977","v":"UN    "},null,{"$f":"I1981","v":7.87},10.06]
[]
[null,null,null,"COD.","DESCRIÇÃO","UN.","COEF.","PREÇO","TOTAL"]
[null,null,null,"MATERIAL"]
[null,null,null,113,"ADAPTADOR PVC SOLDAVEL CURTO COM BOLSA E ROSCA, 60 MM X 2\", PARA AGUA FRIA","UN    ",1,{"$f":"SUMIF(Insumos!B:B,D1977,Insumos!G:G)","v":7.87},{"$f":"TRUNC(G1977*H1977,2)","v":7.87}]
[{"$nulls":7},{"$f":"SUMIF(Insumos!B:B,D1978,Insumos!G:G)","v":0},{"$f":"TRUNC(G1978*H1978,2)","v":0}]
[{"$nulls":7},{"$f":"SUMIF(Insumos!B:B,D1979,Insumos!G:G)","v":0},{"$f":"TRUNC(G1979*H1979,2)","v":0}]
[{"$nulls":7},"PARCIAL:",{"$f":"SUM(I1977:I1979)","v":7.87}]
[{"$nulls":7},"VALOR UNITÁRIO TOTAL - R$",{"$f":"I1980","v":7.87}]
[]
[]
[]
[null,"INSUMO","SINAPI",{"$f":"D1989","v":51},{"$f":"E1989","v":"ADAPTADOR, PVC PBA, A BOLSA DEFOFO, JE, DN 100 / DE 110 MM"},null,null,null,{"$f":"F1989","v":"UN    "},null,{"$f":"I1993","v":32.69},41.76]
[]
[null,null,null,"COD.","DESCRIÇÃO","UN.","COEF.","PREÇO","TOTAL"]
[null,null,null,"MATERIAL"]
[null,null,null,51,"ADAPTADOR, PVC PBA, A BOLSA DEFOFO, JE, DN 100 / DE 110 MM","UN    ",1,{"$f":"SUMIF(Insumos!B:B,D1989,Insumos!G:G)","v":32.69},{"$f":"TRUNC(G1989*H1989,2)","v":32.69}]
[{"$nulls":7},{"$f":"SUMIF(Insumos!B:B,D1990,Insumos!G:G)","v":0},{"$f":"TRUNC(G1990*H1990,2)","v":0}]
[{"$nulls":7},{"$f":"SUMIF(Insumos!B:B,D1991,Insumos!G:G)","v":0},{"$f":"TRUNC(G1991*H1991,2)","v":0}]
[{"$nulls":7},"PARCIAL:",{"$f":"SUM(I1989:I1991)","v":32.69}]
[{"$nulls":7},"VALOR UNITÁRIO TOTAL - R$",{"$f":"I1992","v":32.69}]
[]
[]
[]
[null,"INSUMO","SINAPI",{"$f":"D2001","v":12863},{"$f":"E2001","v":"ADAPTADOR, PVC PBA, A BOLSA DEFOFO, JE, DN 50 / DE 60 MM"},null,null,null,{"$f":"F2001","v":"UN    "},null,{"$f":"I2005","v":9.41},12.02]
[]
[null,null,null,"COD.","DESCRIÇÃO","UN.","COEF.","PREÇO","TOTAL"]
[null,null,null,"MATERIAL"]
[null,null,null,12863,"ADAPTADOR, PVC PBA, A BOLSA DEFOFO, JE, DN 50 / DE 60 MM","UN    ",1,{"$f":"SUMIF(Insumos!B:B,D2001,Insumos!G:G)","v":9.41},{"$f":"TRUNC(G2001*H2001,2)","v":9.41}]
[{"$nulls":7},{"$f":"SUMIF(Insumos!B:B,D2002,Insumos!G:G)","v":0},{"$f":"TRUNC(G2002*H2002,2)","v":0}]
[{"$nulls":7},{"$f":"SUMIF(Insumos!B:B,D2003,Insumos!G:G)","v":0},{"$f":"TRUNC(G2003*H2003,2)","v":0}]
[{"$nulls":7},"PARCIAL:",{"$f":"SUM(I2001:I2003)","v":9.41}]
[{"$nulls":7},"VALOR UNITÁRIO TOTAL - R$",{"$f":"I2004","v":9.41}]
[]
[]
[]
[null,"INSUMO","SINAPI",{"$f":"D2013","v":50},{"$f":"E2013","v":"ADAPTADOR, PVC PBA, A BOLSA DEFOFO, JE, DN 75 / DE  85 MM"},null,null,null,{"$f":"F2013","v":"UN    "},null,{"$f":"I2017","v":20.71},26.45]
[]
[null,null,null,"COD.","DESCRIÇÃO","UN.","COEF.","PREÇO","TOTAL"]
[null,null,null,"MATERIAL"]
[null,null,null,50,"ADAPTADOR, PVC PBA, A BOLSA DEFOFO, JE, DN 75 / DE  85 MM","UN    ",1,{"$f":"SUMIF(Insumos!B:B,D2013,Insumos!G:G)","v":20.71},{"$f":"TRUNC(G2013*H2013,2)","v":20.71}]
[{"$nulls":7},{"$f":"SUMIF(Insumos!B:B,D2014,Insumos!G:G)","v":0},{"$f":"TRUNC(G2014*H2014,2)","v":0}]
[{"$nulls":7},{"$f":"SUMIF(Insumos!B:B,D2015,Insumos!G:G)","v":0},{"$f":"TRUNC(G2015*H2015,2)","v":0}]
[{"$nulls":7},"PARCIAL:",{"$f":"SUM(I2013:I2015)","v":20.71}]
[{"$nulls":7},"VALOR UNITÁRIO TOTAL - R$",{"$f":"I2016","v":20.71}]
[]
[]
[]
[null,"INSUMO","SINAPI",{"$f":"D2025","v":9887},{"$f":"E2025","v":"UNIAO DE FERRO GALVANIZADO, COM ROSCA BSP, COM ASSENTO PLANO, DE 2\""},null,null,null,{"$f":"F2025","v":"UN    "},null,{"$f":"I2029","v":44.07},56.29]
[]
[null,null,null,"COD.","DESCRIÇÃO","UN.","COEF.","PREÇO","TOTAL"]
[null,null,null,"MATERIAL"]
[null,null,null,9887,"UNIAO DE FERRO GALVANIZADO, COM ROSCA BSP, COM ASSENTO PLANO, DE 2\"","UN    ",1,{"$f":"SUMIF(Insumos!B:B,D2025,Insumos!G:G)","v":44.07},{"$f":"TRUNC(G2025*H2025,2)","v":44.07}]
[{"$nulls":7},{"$f":"SUMIF(Insumos!B:B,D2026,Insumos!G:G)","v":0},{"$f":"TRUNC(G2026*H2026,2)","v":0}]
[{"$nulls":7},{"$f":"SUMIF(Insumos!B:B,D2027,Insumos!G:G)","v":0},{"$f":"TRUNC(G2027*H2027,2)","v":0}]
[{"$nulls":7},"PARCIAL:",{"$f":"SUM(I2025:I2027)","v":44.07}]
[{"$nulls":7},"VALOR UNITÁRIO TOTAL - R$",{"$f":"I2028","v":44.07}]
[]
[]
[]
[null,"INSUMO","SINAPI",{"$f":"D2037","v":11321},{"$f":"E2037","v":"REDUCAO PVC PBA, JE, PB, DN 100 X 50 / DE 110 X 60 MM, PARA REDE DE AGUA"},null,null,null,{"$f":"F2037","v":"UN    "},null,{"$f":"I2041","v":13.77},17.59]
[]
[null,null,null,"COD.","DESCRIÇÃO","UN.","COEF.","PREÇO","TOTAL"]
[null,null,null,"MATERIAL"]
[null,null,null,11321,"REDUCAO PVC PBA, JE, PB, DN 100 X 50 / DE 110 X 60 MM, PARA REDE DE AGUA","UN    ",1,{"$f":"SUMIF(Insumos!B:B,D2037,Insumos!G:G)","v":13.77},{"$f":"TRUNC(G2037*H2037,2)","v":13.77}]
[{"$nulls":7},{"$f":"SUMIF(Insumos!B:B,D2038,Insumos!G:G)","v":0},{"$f":"TRUNC(G2038*H2038,2)","v":0}]
[{"$nulls":7},{"$f":"SUMIF(Insumos!B:B,D2039,Insumos!G:G)","v":0},{"$f":"TRUNC(G2039*H2039,2)","v":0}]
[{"$nulls":7},"PARCIAL:",{"$f":"SUM(I2037:I2039)","v":13.77}]
[{"$nulls":7},"VALOR UNITÁRIO TOTAL - R$",{"$f":"I2040","v":13.77}]
[]
[]
[]
[null,"INSUMO","SINAPI",{"$f":"D2049","v":4181},{"$f":"E2049","v":"NIPLE DE FERRO GALVANIZADO, COM ROSCA BSP, DE 2\""},null,null,null,{"$f":"F2049","v":"UN    "},null,{"$f":"I2053","v":15.2},19.420000000000002]
[]
[null,null,null,"COD.","DESCRIÇÃO","UN.","COEF.","PREÇO","TOTAL"]
[null,null,null,"MATERIAL"]
[null,null,null,4181,"NIPLE DE FERRO GALVANIZADO, COM ROSCA BSP, DE 2\"","UN    ",1,{"$f":"SUMIF(Insumos!B:B,D2049,Insumos!G:G)","v":15.2},{"$f":"TRUNC(G2049*H2049,2)","v":15.2}]
[{"$nulls":7},{"$f":"SUMIF(Insumos!B:B,D2050,Insumos!G:G)","v":0},{"$f":"TRUNC(G2050*H2050,2)","v":0}]
[{"$nulls":7},{"$f":"SUMIF(Insumos!B:B,D2051,Insumos!G:G)","v":0},{"$f":"TRUNC(G2051*H2051,2)","v":0}]
[{"$nulls":7},"PARCIAL:",{"$f":"SUM(I2049:I2051)","v":15.2}]
[{"$nulls":7},"VALOR UNITÁRIO TOTAL - R$",{"$f":"I2052","v":15.2}]
[]
[]
[]
[null,"INSUMO","SINAPI",{"$f":"D2061","v":4209},{"$f":"E2061","v":"NIPLE DE FERRO GALVANIZADO, COM ROSCA BSP, DE 1 1/2\""},null,null,null,{"$f":"F2061","v":"UN    "},null,{"$f":"I2065","v":9.77},12.49]
[]
[null,null,null,"COD.","DESCRIÇÃO","UN.","COEF.","PREÇO","TOTAL"]
[null,null,null,"MATERIAL"]
[null,null,null,4209,"NIPLE DE FERRO GALVANIZADO, COM ROSCA BSP, DE 1 1/2\"","UN    ",1,{"$f":"SUMIF(Insumos!B:B,D2061,Insumos!G:G)","v":9.77},{"$f":"TRUNC(G2061*H2061,2)","v":9.77}]
[{"$nulls":7},{"$f":"SUMIF(Insumos!B:B,D2062,Insumos!G:G)","v":0},{"$f":"TRUNC(G2062*H2062,2)","v":0}]
[{"$nulls":7},{"$f":"SUMIF(Insumos!B:B,D2063,Insumos!G:G)","v":0},{"$f":"TRUNC(G2063*H2063,2)","v":0}]
[{"$nulls":7},"PARCIAL:",{"$f":"SUM(I2061:I2063)","v":9.77}]
[{"$nulls":7},"VALOR UNITÁRIO TOTAL - R$",{"$f":"I2064","v":9.77}]
[]
[]
[]
[null,"INSUMO","SINAPI",{"$f":"D2073","v":4177},{"$f":"E2073","v":"NIPLE DE FERRO GALVANIZADO, COM ROSCA BSP, DE 1/2\""},null,null,null,{"$f":"F2073","v":"UN    "},null,{"$f":"I2077","v":2.44},3.12]
[]
[null,null,null,"COD.","DESCRIÇÃO","UN.","COEF.","PREÇO","TOTAL"]
[null,null,null,"MATERIAL"]
[null,null,null,4177,"NIPLE DE FERRO GALVANIZADO, COM ROSCA BSP, DE 1/2\"","UN    ",1,{"$f":"SUMIF(Insumos!B:B,D2073,Insumos!G:G)","v":2.44},{"$f":"TRUNC(G2073*H2073,2)","v":2.44}]
[{"$nulls":7},{"$f":"SUMIF(Insumos!B:B,D2074,Insumos!G:G)","v":0},{"$f":"TRUNC(G2074*H2074,2)","v":0}]
[{"$nulls":7},{"$f":"SUMIF(Insumos!B:B,D2075,Insumos!G:G)","v":0},{"$f":"TRUNC(G2075*H2075,2)","v":0}]
[{"$nulls":7},"PARCIAL:",{"$f":"SUM(I2073:I2075)","v":2.44}]
[{"$nulls":7},"VALOR UNITÁRIO TOTAL - R$",{"$f":"I2076","v":2.44}]
[]
[]
[]
[null,"INSUMO","SINAPI",{"$f":"D2085","v":11831},{"$f":"E2085","v":"TORNEIRA PLASTICA PARA TANQUE 1/2 \" OU 3/4 \" COM BICO PARA MANGUEIRA"},null,null,null,{"$f":"F2085","v":"UN    "},null,{"$f":"I2089","v":17.46},22.3]
[]
[null,null,null,"COD.","DESCRIÇÃO","UN.","COEF.","PREÇO","TOTAL"]
[null,null,null,"MATERIAL"]
[null,null,null,11831,"TORNEIRA PLASTICA PARA TANQUE 1/2 \" OU 3/4 \" COM BICO PARA MANGUEIRA","UN    ",1,{"$f":"SUMIF(Insumos!B:B,D2085,Insumos!G:G)","v":17.46},{"$f":"TRUNC(G2085*H2085,2)","v":17.46}]
[{"$nulls":7},{"$f":"SUMIF(Insumos!B:B,D2086,Insumos!G:G)","v":0},{"$f":"TRUNC(G2086*H2086,2)","v":0}]
[{"$nulls":7},{"$f":"SUMIF(Insumos!B:B,D2087,Insumos!G:G)","v":0},{"$f":"TRUNC(G2087*H2087,2)","v":0}]
[{"$nulls":7},"PARCIAL:",{"$f":"SUM(I2085:I2087)","v":17.46}]
[{"$nulls":7},"VALOR UNITÁRIO TOTAL - R$",{"$f":"I2088","v":17.46}]
[]
[]
[]
[null,"INSUMO","SINAPI",{"$f":"D2097","v":20080},{"$f":"E2097","v":"ADESIVO PLASTICO PARA PVC, FRASCO COM 175 GR"},null,null,null,{"$f":"F2097","v":"UN    "},null,{"$f":"I2101","v":11.13},14.22]
[]
[null,null,null,"COD.","DESCRIÇÃO","UN.","COEF.","PREÇO","TOTAL"]
[null,null,null,"MATERIAL"]
[null,null,null,20080,"ADESIVO PLASTICO PARA PVC, FRASCO COM 175 GR","UN    ",1,{"$f":"SUMIF(Insumos!B:B,D2097,Insumos!G:G)","v":11.13},{"$f":"TRUNC(G2097*H2097,2)","v":11.13}]
[{"$nulls":7},{"$f":"SUMIF(Insumos!B:B,D2098,Insumos!G:G)","v":0},{"$f":"TRUNC(G2098*H2098,2)","v":0}]
[{"$nulls":7},{"$f":"SUMIF(Insumos!B:B,D2099,Insumos!G:G)","v":0},{"$f":"TRUNC(G2099*H2099,2)","v":0}]
[{"$nulls":7},"PARCIAL:",{"$f":"SUM(I2097:I2099)","v":11.13}]
[{"$nulls":7},"VALOR UNITÁRIO TOTAL - R$",{"$f":"I2100","v":11.13}]
[]
[]
[]
[null,"INSUMO","SINAPI",{"$f":"D2109","v":3854},{"$f":"E2109","v":"LUVA DE CORRER PARA TUBO SOLDAVEL, PVC, 20 MM, PARA AGUA FRIA PREDIAL"},null,null,null,{"$f":"F2109","v":"UN    "},null,{"$f":"I2113","v":4.8600000000000003},6.21]
[]
[null,null,null,"COD.","DESCRIÇÃO","UN.","COEF.","PREÇO","TOTAL"]
[null,null,null,"MATERIAL"]
[null,null,null,3854,"LUVA DE CORRER PARA TUBO SOLDAVEL, PVC, 20 MM, PARA AGUA FRIA PREDIAL","UN    ",1,{"$f":"SUMIF(Insumos!B:B,D2109,Insumos!G:G)","v":4.8600000000000003},{"$f":"TRUNC(G2109*H2109,2)","v":4.8600000000000003}]
[{"$nulls":7},{"$f":"SUMIF(Insumos!B:B,D2110,Insumos!G:G)","v":0},{"$f":"TRUNC(G2110*H2110,2)","v":0}]
[{"$nulls":7},{"$f":"SUMIF(Insumos!B:B,D2111,Insumos!G:G)","v":0},{"$f":"TRUNC(G2111*H2111,2)","v":0}]
[{"$nulls":7},"PARCIAL:",{"$f":"SUM(I2109:I2111)","v":4.8600000000000003}]
[{"$nulls":7},"VALOR UNITÁRIO TOTAL - R$",{"$f":"I2112","v":4.8600000000000003}]
[]
[]
[]
[null,"INSUMO","SINAPI",{"$f":"D2121","v":38022},{"$f":"E2121","v":"LUVA DE CORRER PARA TUBO SOLDAVEL, PVC, 60 MM, PARA AGUA FRIA PREDIAL"},null,null,null,{"$f":"F2121","v":"UN    "},null,{"$f":"I2125","v":20.85},26.64]
[]
[null,null,null,"COD.","DESCRIÇÃO","UN.","COEF.","PREÇO","TOTAL"]
[null,null,null,"MATERIAL"]
[null,null,null,38022,"LUVA DE CORRER PARA TUBO SOLDAVEL, PVC, 60 MM, PARA AGUA FRIA PREDIAL","UN    ",1,{"$f":"SUMIF(Insumos!B:B,D2121,Insumos!G:G)","v":20.85},{"$f":"TRUNC(G2121*H2121,2)","v":20.85}]
[{"$nulls":7},{"$f":"SUMIF(Insumos!B:B,D2122,Insumos!G:G)","v":0},{"$f":"TRUNC(G2122*H2122,2)","v":0}]
[{"$nulls":7},{"$f":"SUMIF(Insumos!B:B,D2123,Insumos!G:G)","v":0},{"$f":"TRUNC(G2123*H2123,2)","v":0}]
[{"$nulls":7},"PARCIAL:",{"$f":"SUM(I2121:I2123)","v":20.85}]
[{"$nulls":7},"VALOR UNITÁRIO TOTAL - R$",{"$f":"I2124","v":20.85}]
[]
[]
[]
[null,"INSUMO","SINAPI",{"$f":"D2133","v":11717},{"$f":"E2133","v":"CAIXA SIFONADA PVC, 150 X 150 X 50 MM, COM GRELHA REDONDA BRANCA"},null,null,null,{"$f":"F2133","v":"UN    "},null,{"$f":"I2137","v":22.97},29.34]
[]
[null,null,null,"COD.","DESCRIÇÃO","UN.","COEF.","PREÇO","TOTAL"]
[null,null,null,"MATERIAL"]
[null,null,null,11717,"CAIXA SIFONADA PVC, 150 X 150 X 50 MM, COM GRELHA REDONDA BRANCA","UN    ",1,{"$f":"SUMIF(Insumos!B:B,D2133,Insumos!G:G)","v":22.97},{"$f":"TRUNC(G2133*H2133,2)","v":22.97}]
[{"$nulls":7},{"$f":"SUMIF(Insumos!B:B,D2134,Insumos!G:G)","v":0},{"$f":"TRUNC(G2134*H2134,2)","v":0}]
[{"$nulls":7},{"$f":"SUMIF(Insumos!B:B,D2135,Insumos!G:G)","v":0},{"$f":"TRUNC(G2135*H2135,2)","v":0}]
[{"$nulls":7},"PARCIAL:",{"$f":"SUM(I2133:I2135)","v":22.97}]
[{"$nulls":7},"VALOR UNITÁRIO TOTAL - R$",{"$f":"I2136","v":22.97}]
[]
[]
[]
[null,"INSUMO","SINAPI",{"$f":"D2145","v":11716},{"$f":"E2145","v":"CAIXA SIFONADA PVC, 100 X 100 X 40 MM, COM GRELHA REDONDA BRANCA"},null,null,null,{"$f":"F2145","v":"UN    "},null,{"$f":"I2149","v":8.94},11.43]
[]
[null,null,null,"COD.","DESCRIÇÃO","UN.","COEF.","PREÇO","TOTAL"]
[null,null,null,"MATERIAL"]
[null,null,null,11716,"CAIXA SIFONADA PVC, 100 X 100 X 40 MM, COM GRELHA REDONDA BRANCA","UN    ",1,{"$f":"SUMIF(Insumos!B:B,D2145,Insumos!G:G)","v":8.94},{"$f":"TRUNC(G2145*H2145,2)","v":8.94}]
[{"$nulls":7},{"$f":"SUMIF(Insumos!B:B,D2146,Insumos!G:G)","v":0},{"$f":"TRUNC(G2146*H2146,2)","v":0}]
[{"$nulls":7},{"$f":"SUMIF(Insumos!B:B,D2147,Insumos!G:G)","v":0},{"$f":"TRUNC(G2147*H2147,2)","v":0}]
[{"$nulls":7},"PARCIAL:",{"$f":"SUM(I2145:I2147)","v":8.94}]
[{"$nulls":7},"VALOR UNITÁRIO TOTAL - R$",{"$f":"I2148","v":8.94}]
[]
[]
[]
[null,"INSUMO","SINAPI",{"$f":"D2157","v":11714},{"$f":"E2157","v":"CAIXA SIFONADA PVC, 150 X 185 X 75 MM, COM GRELHA QUADRADA BRANCA"},null,null,null,{"$f":"F2157","v":"UN    "},null,{"$f":"I2161","v":28.57},36.5]
[]
[null,null,null,"COD.","DESCRIÇÃO","UN.","COEF.","PREÇO","TOTAL"]
[null,null,null,"MATERIAL"]
[null,null,null,11714,"CAIXA SIFONADA PVC, 150 X 185 X 75 MM, COM GRELHA QUADRADA BRANCA","UN    ",1,{"$f":"SUMIF(Insumos!B:B,D2157,Insumos!G:G)","v":28.57},{"$f":"TRUNC(G2157*H2157,2)","v":28.57}]
[{"$nulls":7},{"$f":"SUMIF(Insumos!B:B,D2158,Insumos!G:G)","v":0},{"$f":"TRUNC(G2158*H2158,2)","v":0}]
[{"$nulls":7},{"$f":"SUMIF(Insumos!B:B,D2159,Insumos!G:G)","v":0},{"$f":"TRUNC(G2159*H2159,2)","v":0}]
[{"$nulls":7},"PARCIAL:",{"$f":"SUM(I2157:I2159)","v":28.57}]
[{"$nulls":7},"VALOR UNITÁRIO TOTAL - R$",{"$f":"I2160","v":28.57}]
[]
[]
[]
[null,"INSUMO","SINAPI",{"$f":"D2169","v":11079},{"$f":"E2169","v":"MATERIAL FILTRANTE (PEDREGULHO) 0,6 A 25,46 MM (POSTO PEDREIRA/FORNECEDOR, SEM FRETE)"},null,null,null,{"$f":"F2169","v":"M3    "},null,{"$f":"I2173","v":540.99},690.92]
[]
[null,null,null,"COD.","DESCRIÇÃO","UN.","COEF.","PREÇO","TOTAL"]
[null,null,null,"MATERIAL"]
[null,null,null,11079,"MATERIAL FILTRANTE (PEDREGULHO) 0,6 A 25,46 MM (POSTO PEDREIRA/FORNECEDOR, SEM FRETE)","M3    ",1,{"$f":"SUMIF(Insumos!B:B,D2169,Insumos!G:G)","v":540.99},{"$f":"TRUNC(G2169*H2169,2)","v":540.99}]
[{"$nulls":7},{"$f":"SUMIF(Insumos!B:B,D2170,Insumos!G:G)","v":0},{"$f":"TRUNC(G2170*H2170,2)","v":0}]
[{"$nulls":7},{"$f":"SUMIF(Insumos!B:B,D2171,Insumos!G:G)","v":0},{"$f":"TRUNC(G2171*H2171,2)","v":0}]
[{"$nulls":7},"PARCIAL:",{"$f":"SUM(I2169:I2171)","v":540.99}]
[{"$nulls":7},"VALOR UNITÁRIO TOTAL - R$",{"$f":"I2172","v":540.99}]
[]
[]
[]
[null,"INSUMO","SINAPI",{"$f":"D2181","v":11075},{"$f":"E2181","v":"AREIA PARA LEITO FILTRANTE (0,42 A 1,68 MM) - POSTO JAZIDA/FORNECEDOR (RETIRADO NA JAZIDA, SEM TRANSPORTE)"},null,null,null,{"$f":"F2181","v":"M3    "},null,{"$f":"I2185","v":801.34},1023.43]
[]
[null,null,null,"COD.","DESCRIÇÃO","UN.","COEF.","PREÇO","TOTAL"]
[null,null,null,"MATERIAL"]
[null,null,null,11075,"AREIA PARA LEITO FILTRANTE (0,42 A 1,68 MM) - POSTO JAZIDA/FORNECEDOR (RETIRADO NA JAZIDA, SEM TRANSPORTE)","M3    ",1,{"$f":"SUMIF(Insumos!B:B,D2181,Insumos!G:G)","v":801.34},{"$f":"TRUNC(G2181*H2181,2)","v":801.34}]
[{"$nulls":7},{"$f":"SUMIF(Insumos!B:B,D2182,Insumos!G:G)","v":0},{"$f":"TRUNC(G2182*H2182,2)","v":0}]
[{"$nulls":7},{"$f":"SUMIF(Insumos!B:B,D2183,Insumos!G:G)","v":0},{"$f":"TRUNC(G2183*H2183,2)","v":0}]
[{"$nulls":7},"PARCIAL:",{"$f":"SUM(I2181:I2183)","v":801.34}]
[{"$nulls":7},"VALOR UNITÁRIO TOTAL - R$",{"$f":"I2184","v":801.34}]
[]
[]
[]
[null,"INSUMO","SINAPI",{"$f":"D2193","v":10232},{"$f":"E2193","v":"VALVULA DE RETENCAO DE BRONZE, PE COM CRIVOS, EXTREMIDADE COM ROSCA, DE 2\", PARA FUNDO DE POCO"},null,null,null,{"$f":"F2193","v":"UN    "},null,{"$f":"I2197","v":73.42},93.77]
[]
[null,null,null,"COD.","DESCRIÇÃO","UN.","COEF.","PREÇO","TOTAL"]
[null,null,null,"MATERIAL"]
[null,null,null,10232,"VALVULA DE RETENCAO DE BRONZE, PE COM CRIVOS, EXTREMIDADE COM ROSCA, DE 2\", PARA FUNDO DE POCO","UN    ",1,{"$f":"SUMIF(Insumos!B:B,D2193,Insumos!G:G)","v":73.42},{"$f":"TRUNC(G2193*H2193,2)","v":73.42}]
[{"$nulls":7},{"$f":"SUMIF(Insumos!B:B,D2194,Insumos!G:G)","v":0},{"$f":"TRUNC(G2194*H2194,2)","v":0}]
[{"$nulls":7},{"$f":"SUMIF(Insumos!B:B,D2195,Insumos!G:G)","v":0},{"$f":"TRUNC(G2195*H2195,2)","v":0}]
[{"$nulls":7},"PARCIAL:",{"$f":"SUM(I2193:I2195)","v":73.42}]
[{"$nulls":7},"VALOR UNITÁRIO TOTAL - R$",{"$f":"I2196","v":73.42}]
[]
[]
[]
[null,"INSUMO","SINAPI",{"$f":"D2205","v":38091},{"$f":"E2205","v":"ESPELHO / PLACA CEGA 4\" X 2\", PARA INSTALACAO DE TOMADAS E INTERRUPTORES"},null,null,null,{"$f":"F2205","v":"UN    "},null,{"$f":"I2209","v":2.14},2.74]
[]
[null,null,null,"COD.","DESCRIÇÃO","UN.","COEF.","PREÇO","TOTAL"]
[null,null,null,"MATERIAL"]
[null,null,null,38091,"ESPELHO / PLACA CEGA 4\" X 2\", PARA INSTALACAO DE TOMADAS E INTERRUPTORES","UN    ",1,{"$f":"SUMIF(Insumos!B:B,D2205,Insumos!G:G)","v":2.14},{"$f":"TRUNC(G2205*H2205,2)","v":2.14}]
[{"$nulls":7},{"$f":"SUMIF(Insumos!B:B,D2206,Insumos!G:G)","v":0},{"$f":"TRUNC(G2206*H2206,2)","v":0}]
[{"$nulls":7},{"$f":"SUMIF(Insumos!B:B,D2207,Insumos!G:G)","v":0},{"$f":"TRUNC(G2207*H2207,2)","v":0}]
[{"$nulls":7},"PARCIAL:",{"$f":"SUM(I2205:I2207)","v":2.14}]
[{"$nulls":7},"VALOR UNITÁRIO TOTAL - R$",{"$f":"I2208","v":2.14}]
[]
[]
[]
[null,"INSUMO","SINAPI",{"$f":"D2217","v":2501},{"$f":"E2217","v":"ELETRODUTO FLEXIVEL, EM ACO GALVANIZADO, REVESTIDO EXTERNAMENTE COM PVC PRETO, DIAMETRO EXTERNO DE 32 MM (1\"), TIPO SEALTUBO"},null,null,null,{"$f":"F2217","v":"M     "},null,{"$f":"I2221","v":12.59},16.09]
[]
[null,null,null,"COD.","DESCRIÇÃO","UN.","COEF.","PREÇO","TOTAL"]
[null,null,null,"MATERIAL"]
[null,null,null,2501,"ELETRODUTO FLEXIVEL, EM ACO GALVANIZADO, REVESTIDO EXTERNAMENTE COM PVC PRETO, DIAMETRO EXTERNO DE 32 MM (1\"), TIPO SEALTUBO","M     ",1,{"$f":"SUMIF(Insumos!B:B,D2217,Insumos!G:G)","v":12.59},{"$f":"TRUNC(G2217*H2217,2)","v":12.59}]
[{"$nulls":7},{"$f":"SUMIF(Insumos!B:B,D2218,Insumos!G:G)","v":0},{"$f":"TRUNC(G2218*H2218,2)","v":0}]
[{"$nulls":7},{"$f":"SUMIF(Insumos!B:B,D2219,Insumos!G:G)","v":0},{"$f":"TRUNC(G2219*H2219,2)","v":0}]
[{"$nulls":7},"PARCIAL:",{"$f":"SUM(I2217:I2219)","v":12.59}]
[{"$nulls":7},"VALOR UNITÁRIO TOTAL - R$",{"$f":"I2220","v":12.59}]
[]
[]
[]
[null,"INSUMO","SINAPI",{"$f":"D2229","v":2685},{"$f":"E2229","v":"ELETRODUTO DE PVC RIGIDO ROSCAVEL DE 1 \", SEM LUVA"},null,null,null,{"$f":"F2229","v":"M     "},null,{"$f":"I2233","v":3.54},4.53]
[]
[null,null,null,"COD.","DESCRIÇÃO","UN.","COEF.","PREÇO","TOTAL"]
[null,null,null,"MATERIAL"]
[null,null,null,2685,"ELETRODUTO DE PVC RIGIDO ROSCAVEL DE 1 \", SEM LUVA","M     ",1,{"$f":"SUMIF(Insumos!B:B,D2229,Insumos!G:G)","v":3.54},{"$f":"TRUNC(G2229*H2229,2)","v":3.54}]
[{"$nulls":7},{"$f":"SUMIF(Insumos!B:B,D2230,Insumos!G:G)","v":0},{"$f":"TRUNC(G2230*H2230,2)","v":0}]
[{"$nulls":7},{"$f":"SUMIF(Insumos!B:B,D2231,Insumos!G:G)","v":0},{"$f":"TRUNC(G2231*H2231,2)","v":0}]
[{"$nulls":7},"PARCIAL:",{"$f":"SUM(I2229:I2231)","v":3.54}]
[{"$nulls":7},"VALOR UNITÁRIO TOTAL - R$",{"$f":"I2232","v":3.54}]
[]
[]
[]
[null,"INSUMO","SINAPI",{"$f":"D2241","v":318},{"$f":"E2241","v":"ANEL BORRACHA, PARA TUBO PVC DEFOFO, DN 150 MM (NBR 7665)"},null,null,null,{"$f":"F2241","v":"UN    "},null,{"$f":"I2245","v":7.57},9.68]
[]
[null,null,null,"COD.","DESCRIÇÃO","UN.","COEF.","PREÇO","TOTAL"]
[null,null,null,"MATERIAL"]
[null,null,null,318,"ANEL BORRACHA, PARA TUBO PVC DEFOFO, DN 150 MM (NBR 7665)","UN    ",1,{"$f":"SUMIF(Insumos!B:B,D2241,Insumos!G:G)","v":7.57},{"$f":"TRUNC(G2241*H2241,2)","v":7.57}]
[{"$nulls":7},{"$f":"SUMIF(Insumos!B:B,D2242,Insumos!G:G)","v":0},{"$f":"TRUNC(G2242*H2242,2)","v":0}]
[{"$nulls":7},{"$f":"SUMIF(Insumos!B:B,D2243,Insumos!G:G)","v":0},{"$f":"TRUNC(G2243*H2243,2)","v":0}]
[{"$nulls":7},"PARCIAL:",{"$f":"SUM(I2241:I2243)","v":7.57}]
[{"$nulls":7},"VALOR UNITÁRIO TOTAL - R$",{"$f":"I2244","v":7.57}]
[]
[]
[]
[null,"INSUMO","SINAPI",{"$f":"D2253","v":12777},{"$f":"E2253","v":"HIDROMETRO WOLTMANN, VAZAO MAXIMA DE 80,0 M3/H, DE 3\""},null,null,null,{"$f":"F2253","v":"UN    "},null,{"$f":"I2257","v":1542.94},1970.55]
[]
[null,null,null,"COD.","DESCRIÇÃO","UN.","COEF.","PREÇO","TOTAL"]
[null,null,null,"MATERIAL"]
[null,null,null,12777,"HIDROMETRO WOLTMANN, VAZAO MAXIMA DE 80,0 M3/H, DE 3\"","UN    ",1,{"$f":"SUMIF(Insumos!B:B,D2253,Insumos!G:G)","v":1542.94},{"$f":"TRUNC(G2253*H2253,2)","v":1542.94}]
[{"$nulls":7},{"$f":"SUMIF(Insumos!B:B,D2254,Insumos!G:G)","v":0},{"$f":"TRUNC(G2254*H2254,2)","v":0}]
[{"$nulls":7},{"$f":"SUMIF(Insumos!B:B,D2255,Insumos!G:G)","v":0},{"$f":"TRUNC(G2255*H2255,2)","v":0}]
[{"$nulls":7},"PARCIAL:",{"$f":"SUM(I2253:I2255)","v":1542.94}]
[{"$nulls":7},"VALOR UNITÁRIO TOTAL - R$",{"$f":"I2256","v":1542.94}]
[]
[]
[]
[null,"INSUMO","SINAPI",{"$f":"D2265","v":9891},{"$f":"E2265","v":"UNIAO DE FERRO GALVANIZADO, COM ROSCA BSP, COM ASSENTO PLANO, DE 4\""},null,null,null,{"$f":"F2265","v":"UN    "},null,{"$f":"I2269","v":158.59},202.55]
[]
[null,null,null,"COD.","DESCRIÇÃO","UN.","COEF.","PREÇO","TOTAL"]
[null,null,null,"MATERIAL"]
[null,null,null,9891,"UNIAO DE FERRO GALVANIZADO, COM ROSCA BSP, COM ASSENTO PLANO, DE 4\"","UN    ",1,{"$f":"SUMIF(Insumos!B:B,D2265,Insumos!G:G)","v":158.59},{"$f":"TRUNC(G2265*H2265,2)","v":158.59}]
[{"$nulls":7},{"$f":"SUMIF(Insumos!B:B,D2266,Insumos!G:G)","v":0},{"$f":"TRUNC(G2266*H2266,2)","v":0}]
[{"$nulls":7},{"$f":"SUMIF(Insumos!B:B,D2267,Insumos!G:G)","v":0},{"$f":"TRUNC(G2267*H2267,2)","v":0}]
[{"$nulls":7},"PARCIAL:",{"$f":"SUM(I2265:I2267)","v":158.59}]
[{"$nulls":7},"VALOR UNITÁRIO TOTAL - R$",{"$f":"I2268","v":158.59}]
[]
[]
[]
[null,"INSUMO","SINAPI",{"$f":"D2277","v":1206},{"$f":"E2277","v":"CAP, PVC PBA, JE, DN 50 / DE 60 MM,  PARA REDE DE AGUA (NBR 10351)"},null,null,null,{"$f":"F2277","v":"UN    "},null,{"$f":"I2281","v":4.58},5.86]
[]
[null,null,null,"COD.","DESCRIÇÃO","UN.","COEF.","PREÇO","TOTAL"]
[null,null,null,"MATERIAL"]
[null,null,null,1206,"CAP, PVC PBA, JE, DN 50 / DE 60 MM,  PARA REDE DE AGUA (NBR 10351)","UN    ",1,{"$f":"SUMIF(Insumos!B:B,D2277,Insumos!G:G)","v":4.58},{"$f":"TRUNC(G2277*H2277,2)","v":4.58}]
[{"$nulls":7},{"$f":"SUMIF(Insumos!B:B,D2278,Insumos!G:G)","v":0},{"$f":"TRUNC(G2278*H2278,2)","v":0}]
[{"$nulls":7},{"$f":"SUMIF(Insumos!B:B,D2279,Insumos!G:G)","v":0},{"$f":"TRUNC(G2279*H2279,2)","v":0}]
[{"$nulls":7},"PARCIAL:",{"$f":"SUM(I2277:I2279)","v":4.58}]
[{"$nulls":7},"VALOR UNITÁRIO TOTAL - R$",{"$f":"I2280","v":4.58}]
[]
[]
[]
[null,"INSUMO","SINAPI",{"$f":"D2289","v":1725},{"$f":"E2289","v":"CRUZETA PVC PBA, JE, BBBB, DN 50 / DE 60 MM"},null,null,null,{"$f":"F2289","v":"UN    "},null,{"$f":"I2293","v":14.39},18.39]
[]
[null,null,null,"COD.","DESCRIÇÃO","UN.","COEF.","PREÇO","TOTAL"]
[null,null,null,"MATERIAL"]
[null,null,null,1725,"CRUZETA PVC PBA, JE, BBBB, DN 50 / DE 60 MM","UN    ",1,{"$f":"SUMIF(Insumos!B:B,D2289,Insumos!G:G)","v":14.39},{"$f":"TRUNC(G2289*H2289,2)","v":14.39}]
[{"$nulls":7},{"$f":"SUMIF(Insumos!B:B,D2290,Insumos!G:G)","v":0},{"$f":"TRUNC(G2290*H2290,2)","v":0}]
[{"$nulls":7},{"$f":"SUMIF(Insumos!B:B,D2291,Insumos!G:G)","v":0},{"$f":"TRUNC(G2291*H2291,2)","v":0}]
[{"$nulls":7},"PARCIAL:",{"$f":"SUM(I2289:I2291)","v":14.39}]
[{"$nulls":7},"VALOR UNITÁRIO TOTAL - R$",{"$f":"I2292","v":14.39}]
[]
[]
[]
[null,"INSUMO","SINAPI",{"$f":"D2301","v":12943},{"$f":"E2301","v":"CRUZETA PVC PBA, JE, BBBB, DN 75 / DE 85 MM"},null,null,null,{"$f":"F2301","v":"UN    "},null,{"$f":"I2305","v":35.54},45.39]
[]
[null,null,null,"COD.","DESCRIÇÃO","UN.","COEF.","PREÇO","TOTAL"]
[null,null,null,"MATERIAL"]
[null,null,null,12943,"CRUZETA PVC PBA, JE, BBBB, DN 75 / DE 85 MM","UN    ",1,{"$f":"SUMIF(Insumos!B:B,D2301,Insumos!G:G)","v":35.54},{"$f":"TRUNC(G2301*H2301,2)","v":35.54}]
[{"$nulls":7},{"$f":"SUMIF(Insumos!B:B,D2302,Insumos!G:G)","v":0},{"$f":"TRUNC(G2302*H2302,2)","v":0}]
[{"$nulls":7},{"$f":"SUMIF(Insumos!B:B,D2303,Insumos!G:G)","v":0},{"$f":"TRUNC(G2303*H2303,2)","v":0}]
[{"$nulls":7},"PARCIAL:",{"$f":"SUM(I2301:I2303)","v":35.54}]
[{"$nulls":7},"VALOR UNITÁRIO TOTAL - R$",{"$f":"I2304","v":35.54}]
[]
[]
[]
[null,"INSUMO","SINAPI",{"$f":"D2313","v":1727},{"$f":"E2313","v":"CRUZETA DE REDUCAO PVC PBA, JE, BBBB, DN 75 X 50 / DE 85 X 60 MM"},null,null,null,{"$f":"F2313","v":"UN    "},null,{"$f":"I2317","v":49.91},63.75]
[]
[null,null,null,"COD.","DESCRIÇÃO","UN.","COEF.","PREÇO","TOTAL"]
[null,null,null,"MATERIAL"]
[null,null,null,1727,"CRUZETA DE REDUCAO PVC PBA, JE, BBBB, DN 75 X 50 / DE 85 X 60 MM","UN    ",1,{"$f":"SUMIF(Insumos!B:B,D2313,Insumos!G:G)","v":49.91},{"$f":"TRUNC(G2313*H2313,2)","v":49.91}]
[{"$nulls":7},{"$f":"SUMIF(Insumos!B:B,D2314,Insumos!G:G)","v":0},{"$f":"TRUNC(G2314*H2314,2)","v":0}]
[{"$nulls":7},{"$f":"SUMIF(Insumos!B:B,D2315,Insumos!G:G)","v":0},{"$f":"TRUNC(G2315*H2315,2)","v":0}]
[{"$nulls":7},"PARCIAL:",{"$f":"SUM(I2313:I2315)","v":49.91}]
[{"$nulls":7},"VALOR UNITÁRIO TOTAL - R$",{"$f":"I2316","v":49.91}]
[]
[]
[]
[null,"INSUMO","SINAPI",{"$f":"D2325","v":1835},{"$f":"E2325","v":"CURVA PVC PBA, JE, PB, 22 GRAUS, DN 50 / DE 60 MM, PARA REDE AGUA (NBR 10351)"},null,null,null,{"$f":"F2325","v":"UN    "},null,{"$f":"I2329","v":9.52},12.16]
[]
[null,null,null,"COD.","DESCRIÇÃO","UN.","COEF.","PREÇO","TOTAL"]
[null,null,null,"MATERIAL"]
[null,null,null,1835,"CURVA PVC PBA, JE, PB, 22 GRAUS, DN 50 / DE 60 MM, PARA REDE AGUA (NBR 10351)","UN    ",1,{"$f":"SUMIF(Insumos!B:B,D2325,Insumos!G:G)","v":9.52},{"$f":"TRUNC(G2325*H2325,2)","v":9.52}]
[{"$nulls":7},{"$f":"SUMIF(Insumos!B:B,D2326,Insumos!G:G)","v":0},{"$f":"TRUNC(G2326*H2326,2)","v":0}]
[{"$nulls":7},{"$f":"SUMIF(Insumos!B:B,D2327,Insumos!G:G)","v":0},{"$f":"TRUNC(G2327*H2327,2)","v":0}]
[{"$nulls":7},"PARCIAL:",{"$f":"SUM(I2325:I2327)","v":9.52}]
[{"$nulls":7},"VALOR UNITÁRIO TOTAL - R$",{"$f":"I2328","v":9.52}]
[]
[]
[]
[null,"INSUMO","SINAPI",{"$f":"D2337","v":1831},{"$f":"E2337","v":"CURVA PVC PBA, JE, PB, 45 GRAUS, DN 50 / DE 60 MM, PARA REDE AGUA (NBR 10351)"},null,null,null,{"$f":"F2337","v":"UN    "},null,{"$f":"I2341","v":9.8800000000000008},12.63]
[]
[null,null,null,"COD.","DESCRIÇÃO","UN.","COEF.","PREÇO","TOTAL"]
[null,null,null,"MATERIAL"]
[null,null,null,1831,"CURVA PVC PBA, JE, PB, 45 GRAUS, DN 50 / DE 60 MM, PARA REDE AGUA (NBR 10351)","UN    ",1,{"$f":"SUMIF(Insumos!B:B,D2337,Insumos!G:G)","v":9.8800000000000008},{"$f":"TRUNC(G2337*H2337,2)","v":9.8800000000000008}]
[{"$nulls":7},{"$f":"SUMIF(Insumos!B:B,D2338,Insumos!G:G)","v":0},{"$f":"TRUNC(G2338*H2338,2)","v":0}]
[{"$nulls":7},{"$f":"SUMIF(Insumos!B:B,D2339,Insumos!G:G)","v":0},{"$f":"TRUNC(G2339*H2339,2)","v":0}]
[{"$nulls":7},"PARCIAL:",{"$f":"SUM(I2337:I2339)","v":9.8800000000000008}]
[{"$nulls":7},"VALOR UNITÁRIO TOTAL - R$",{"$f":"I2340","v":9.8800000000000008}]
[]
[]
[]
[null,"INSUMO","SINAPI",{"$f":"D2349","v":1823},{"$f":"E2349","v":"CURVA PVC PBA, JE, PB, 22 GRAUS, DN 75 / DE 85 MM, PARA REDE AGUA (NBR 10351)"},null,null,null,{"$f":"F2349","v":"UN    "},null,{"$f":"I2353","v":22.22},28.39]
[]
[null,null,null,"COD.","DESCRIÇÃO","UN.","COEF.","PREÇO","TOTAL"]
[null,null,null,"MATERIAL"]
[null,null,null,1823,"CURVA PVC PBA, JE, PB, 22 GRAUS, DN 75 / DE 85 MM, PARA REDE AGUA (NBR 10351)","UN    ",1,{"$f":"SUMIF(Insumos!B:B,D2349,Insumos!G:G)","v":22.22},{"$f":"TRUNC(G2349*H2349,2)","v":22.22}]
[{"$nulls":7},{"$f":"SUMIF(Insumos!B:B,D2350,Insumos!G:G)","v":0},{"$f":"TRUNC(G2350*H2350,2)","v":0}]
[{"$nulls":7},{"$f":"SUMIF(Insumos!B:B,D2351,Insumos!G:G)","v":0},{"$f":"TRUNC(G2351*H2351,2)","v":0}]
[{"$nulls":7},"PARCIAL:",{"$f":"SUM(I2349:I2351)","v":22.22}]
[{"$nulls":7},"VALOR UNITÁRIO TOTAL - R$",{"$f":"I2352","v":22.22}]
[]
[]
[]
[null,"INSUMO","SINAPI",{"$f":"D2361","v":1824},{"$f":"E2361","v":"CURVA PVC PBA, JE, PB, 90 GRAUS, DN 75 / DE 85 MM, PARA REDE AGUA (NBR 10351)"},null,null,null,{"$f":"F2361","v":"UN    "},null,{"$f":"I2365","v":25.28},32.29]
[]
[null,null,null,"COD.","DESCRIÇÃO","UN.","COEF.","PREÇO","TOTAL"]
[null,null,null,"MATERIAL"]
[null,null,null,1824,"CURVA PVC PBA, JE, PB, 90 GRAUS, DN 75 / DE 85 MM, PARA REDE AGUA (NBR 10351)","UN    ",1,{"$f":"SUMIF(Insumos!B:B,D2361,Insumos!G:G)","v":25.28},{"$f":"TRUNC(G2361*H2361,2)","v":25.28}]
[{"$nulls":7},{"$f":"SUMIF(Insumos!B:B,D2362,Insumos!G:G)","v":0},{"$f":"TRUNC(G2362*H2362,2)","v":0}]
[{"$nulls":7},{"$f":"SUMIF(Insumos!B:B,D2363,Insumos!G:G)","v":0},{"$f":"TRUNC(G2363*H2363,2)","v":0}]
[{"$nulls":7},"PARCIAL:",{"$f":"SUM(I2361:I2363)","v":25.28}]
[{"$nulls":7},"VALOR UNITÁRIO TOTAL - R$",{"$f":"I2364","v":25.28}]
[]
[]
[]
[null,"INSUMO","SINAPI",{"$f":"D2373","v":20327},{"$f":"E2373","v":"REDUCAO PVC PBA, JE, PB, DN 75 X 50 / DE 85 X 60 MM, PARA REDE DE AGUA"},null,null,null,{"$f":"F2373","v":"UN    "},null,{"$f":"I2377","v":9.73},12.43]
[]
[null,null,null,"COD.","DESCRIÇÃO","UN.","COEF.","PREÇO","TOTAL"]
[null,null,null,"MATERIAL"]
[null,null,null,20327,"REDUCAO PVC PBA, JE, PB, DN 75 X 50 / DE 85 X 60 MM, PARA REDE DE AGUA","UN    ",1,{"$f":"SUMIF(Insumos!B:B,D2373,Insumos!G:G)","v":9.73},{"$f":"TRUNC(G2373*H2373,2)","v":9.73}]
[{"$nulls":7},{"$f":"SUMIF(Insumos!B:B,D2374,Insumos!G:G)","v":0},{"$f":"TRUNC(G2374*H2374,2)","v":0}]
[{"$nulls":7},{"$f":"SUMIF(Insumos!B:B,D2375,Insumos!G:G)","v":0},{"$f":"TRUNC(G2375*H2375,2)","v":0}]
[{"$nulls":7},"PARCIAL:",{"$f":"SUM(I2373:I2375)","v":9.73}]
[{"$nulls":7},"VALOR UNITÁRIO TOTAL - R$",{"$f":"I2376","v":9.73}]
[]
[]
[]
[null,"INSUMO","SINAPI",{"$f":"D2385","v":20032},{"$f":"E2385","v":"REDUCAO PVC PBA, JE, BB, DN 75 X 50 / DE 85 X 60 MM, PARA REDE DE AGUA"},null,null,null,{"$f":"F2385","v":"UN    "},null,{"$f":"I2389","v":29.18},37.270000000000003]
[]
[null,null,null,"COD.","DESCRIÇÃO","UN.","COEF.","PREÇO","TOTAL"]
[null,null,null,"MATERIAL"]
[null,null,null,20032,"REDUCAO PVC PBA, JE, BB, DN 75 X 50 / DE 85 X 60 MM, PARA REDE DE AGUA","UN    ",1,{"$f":"SUMIF(Insumos!B:B,D2385,Insumos!G:G)","v":29.18},{"$f":"TRUNC(G2385*H2385,2)","v":29.18}]
[{"$nulls":7},{"$f":"SUMIF(Insumos!B:B,D2386,Insumos!G:G)","v":0},{"$f":"TRUNC(G2386*H2386,2)","v":0}]
[{"$nulls":7},{"$f":"SUMIF(Insumos!B:B,D2387,Insumos!G:G)","v":0},{"$f":"TRUNC(G2387*H2387,2)","v":0}]
[{"$nulls":7},"PARCIAL:",{"$f":"SUM(I2385:I2387)","v":29.18}]
[{"$nulls":7},"VALOR UNITÁRIO TOTAL - R$",{"$f":"I2388","v":29.18}]
[]
[]
[]
[null,"INSUMO","SINAPI",{"$f":"D2397","v":7088},{"$f":"E2397","v":"TE, PVC PBA, BBB, 90 GRAUS, DN 75 / DE 85 MM, PARA REDE AGUA (NBR 10351)"},null,null,null,{"$f":"F2397","v":"UN    "},null,{"$f":"I2401","v":36.79},46.99]
[]
[null,null,null,"COD.","DESCRIÇÃO","UN.","COEF.","PREÇO","TOTAL"]
[null,null,null,"MATERIAL"]
[null,null,null,7088,"TE, PVC PBA, BBB, 90 GRAUS, DN 75 / DE 85 MM, PARA REDE AGUA (NBR 10351)","UN    ",1,{"$f":"SUMIF(Insumos!B:B,D2397,Insumos!G:G)","v":36.79},{"$f":"TRUNC(G2397*H2397,2)","v":36.79}]
[{"$nulls":7},{"$f":"SUMIF(Insumos!B:B,D2398,Insumos!G:G)","v":0},{"$f":"TRUNC(G2398*H2398,2)","v":0}]
[{"$nulls":7},{"$f":"SUMIF(Insumos!B:B,D2399,Insumos!G:G)","v":0},{"$f":"TRUNC(G2399*H2399,2)","v":0}]
[{"$nulls":7},"PARCIAL:",{"$f":"SUM(I2397:I2399)","v":36.79}]
[{"$nulls":7},"VALOR UNITÁRIO TOTAL - R$",{"$f":"I2400","v":36.79}]
[]
[]
[]
[null,"INSUMO","SINAPI",{"$f":"D2409","v":11493},{"$f":"E2409","v":"TE DE REDUCAO, PVC PBA, BBB, JE, DN 75 X 50 / DE 85 X 60 MM, PARA REDE AGUA (NBR 10351)"},null,null,null,{"$f":"F2409","v":"UN    "},null,{"$f":"I2413","v":30.59},39.08]
[]
[null,null,null,"COD.","DESCRIÇÃO","UN.","COEF.","PREÇO","TOTAL"]
[null,null,null,"MATERIAL"]
[null,null,null,11493,"TE DE REDUCAO, PVC PBA, BBB, JE, DN 75 X 50 / DE 85 X 60 MM, PARA REDE AGUA (NBR 10351)","UN    ",1,{"$f":"SUMIF(Insumos!B:B,D2409,Insumos!G:G)","v":30.59},{"$f":"TRUNC(G2409*H2409,2)","v":30.59}]
[{"$nulls":7},{"$f":"SUMIF(Insumos!B:B,D2410,Insumos!G:G)","v":0},{"$f":"TRUNC(G2410*H2410,2)","v":0}]
[{"$nulls":7},{"$f":"SUMIF(Insumos!B:B,D2411,Insumos!G:G)","v":0},{"$f":"TRUNC(G2411*H2411,2)","v":0}]
[{"$nulls":7},"PARCIAL:",{"$f":"SUM(I2409:I2411)","v":30.59}]
[{"$nulls":7},"VALOR UNITÁRIO TOTAL - R$",{"$f":"I2412","v":30.59}]
[]
[]
[]
[null,"INSUMO","SINAPI",{"$f":"D2421","v":3825},{"$f":"E2421","v":"LUVA DE CORRER, PVC PBA, JE, DN 50 / DE 60 MM, PARA REDE AGUA (NBR 10351)"},null,null,null,{"$f":"F2421","v":"UN    "},null,{"$f":"I2425","v":6.47},8.27]
[]
[null,null,null,"COD.","DESCRIÇÃO","UN.","COEF.","PREÇO","TOTAL"]
[null,null,null,"MATERIAL"]
[null,null,null,3825,"LUVA DE CORRER, PVC PBA, JE, DN 50 / DE 60 MM, PARA REDE AGUA (NBR 10351)","UN    ",1,{"$f":"SUMIF(Insumos!B:B,D2421,Insumos!G:G)","v":6.47},{"$f":"TRUNC(G2421*H2421,2)","v":6.47}]
[{"$nulls":7},{"$f":"SUMIF(Insumos!B:B,D2422,Insumos!G:G)","v":0},{"$f":"TRUNC(G2422*H2422,2)","v":0}]
[{"$nulls":7},{"$f":"SUMIF(Insumos!B:B,D2423,Insumos!G:G)","v":0},{"$f":"TRUNC(G2423*H2423,2)","v":0}]
[{"$nulls":7},"PARCIAL:",{"$f":"SUM(I2421:I2423)","v":6.47}]
[{"$nulls":7},"VALOR UNITÁRIO TOTAL - R$",{"$f":"I2424","v":6.47}]
[]
[]
[]
[null,"INSUMO","SINAPI",{"$f":"D2433","v":3868},{"$f":"E2433","v":"LUVA DE REDUCAO SOLDAVEL, PVC, 25 MM X 20 MM, PARA AGUA FRIA PREDIAL"},null,null,null,{"$f":"F2433","v":"UN    "},null,{"$f":"I2437","v":0.72},0.92]
[]
[null,null,null,"COD.","DESCRIÇÃO","UN.","COEF.","PREÇO","TOTAL"]
[null,null,null,"MATERIAL"]
[null,null,null,3868,"LUVA DE REDUCAO SOLDAVEL, PVC, 25 MM X 20 MM, PARA AGUA FRIA PREDIAL","UN    ",1,{"$f":"SUMIF(Insumos!B:B,D2433,Insumos!G:G)","v":0.72},{"$f":"TRUNC(G2433*H2433,2)","v":0.72}]
[{"$nulls":7},{"$f":"SUMIF(Insumos!B:B,D2434,Insumos!G:G)","v":0},{"$f":"TRUNC(G2434*H2434,2)","v":0}]
[{"$nulls":7},{"$f":"SUMIF(Insumos!B:B,D2435,Insumos!G:G)","v":0},{"$f":"TRUNC(G2435*H2435,2)","v":0}]
[{"$nulls":7},"PARCIAL:",{"$f":"SUM(I2433:I2435)","v":0.72}]
[{"$nulls":7},"VALOR UNITÁRIO TOTAL - R$",{"$f":"I2436","v":0.72}]
[]
[]
[]
[null,"INSUMO","SINAPI",{"$f":"D2445","v":107},{"$f":"E2445","v":"ADAPTADOR PVC SOLDAVEL CURTO COM BOLSA E ROSCA, 20 MM X 1/2\", PARA AGUA FRIA"},null,null,null,{"$f":"F2445","v":"UN    "},null,{"$f":"I2449","v":0.62},0.8]
[]
[null,null,null,"COD.","DESCRIÇÃO","UN.","COEF.","PREÇO","TOTAL"]
[null,null,null,"MATERIAL"]
[null,null,null,107,"ADAPTADOR PVC SOLDAVEL CURTO COM BOLSA E ROSCA, 20 MM X 1/2\", PARA AGUA FRIA","UN    ",1,{"$f":"SUMIF(Insumos!B:B,D2445,Insumos!G:G)","v":0.62},{"$f":"TRUNC(G2445*H2445,2)","v":0.62}]
[{"$nulls":7},{"$f":"SUMIF(Insumos!B:B,D2446,Insumos!G:G)","v":0},{"$f":"TRUNC(G2446*H2446,2)","v":0}]
[{"$nulls":7},{"$f":"SUMIF(Insumos!B:B,D2447,Insumos!G:G)","v":0},{"$f":"TRUNC(G2447*H2447,2)","v":0}]
[{"$nulls":7},"PARCIAL:",{"$f":"SUM(I2445:I2447)","v":0.62}]
[{"$nulls":7},"VALOR UNITÁRIO TOTAL - R$",{"$f":"I2448","v":0.62}]
[]
[]
[]
[null,"INSUMO","SINAPI",{"$f":"D2457","v":1414},{"$f":"E2457","v":"COLAR TOMADA PVC, COM TRAVAS, SAIDA COM ROSCA, DE 60 MM X 1/2\" OU 60 MM X 3/4\", PARA LIGACAO PREDIAL DE AGUA"},null,null,null,{"$f":"F2457","v":"UN    "},null,{"$f":"I2461","v":9.69},12.38]
[]
[null,null,null,"COD.","DESCRIÇÃO","UN.","COEF.","PREÇO","TOTAL"]
[null,null,null,"MATERIAL"]
[null,null,null,1414,"COLAR TOMADA PVC, COM TRAVAS, SAIDA COM ROSCA, DE 60 MM X 1/2\" OU 60 MM X 3/4\", PARA LIGACAO PREDIAL DE AGUA","UN    ",1,{"$f":"SUMIF(Insumos!B:B,D2457,Insumos!G:G)","v":9.69},{"$f":"TRUNC(G2457*H2457,2)","v":9.69}]
[{"$nulls":7},{"$f":"SUMIF(Insumos!B:B,D2458,Insumos!G:G)","v":0},{"$f":"TRUNC(G2458*H2458,2)","v":0}]
[{"$nulls":7},{"$f":"SUMIF(Insumos!B:B,D2459,Insumos!G:G)","v":0},{"$f":"TRUNC(G2459*H2459,2)","v":0}]
[{"$nulls":7},"PARCIAL:",{"$f":"SUM(I2457:I2459)","v":9.69}]
[{"$nulls":7},"VALOR UNITÁRIO TOTAL - R$",{"$f":"I2460","v":9.69}]
[]
[]
[]
[null,"INSUMO","SINAPI",{"$f":"D2469","v":1412},{"$f":"E2469","v":"COLAR TOMADA PVC, COM TRAVAS, SAIDA COM ROSCA, DE 85 MM X 1/2\" OU 85 MM X 3/4\", PARA LIGACAO PREDIAL DE AGUA"},null,null,null,{"$f":"F2469","v":"UN    "},null,{"$f":"I2473","v":12.16},15.54]
[]
[null,null,null,"COD.","DESCRIÇÃO","UN.","COEF.","PREÇO","TOTAL"]
[null,null,null,"MATERIAL"]
[null,null,null,1412,"COLAR TOMADA PVC, COM TRAVAS, SAIDA COM ROSCA, DE 85 MM X 1/2\" OU 85 MM X 3/4\", PARA LIGACAO PREDIAL DE AGUA","UN    ",1,{"$f":"SUMIF(Insumos!B:B,D2469,Insumos!G:G)","v":12.16},{"$f":"TRUNC(G2469*H2469,2)","v":12.16}]
[{"$nulls":7},{"$f":"SUMIF(Insumos!B:B,D2470,Insumos!G:G)","v":0},{"$f":"TRUNC(G2470*H2470,2)","v":0}]
[{"$nulls":7},{"$f":"SUMIF(Insumos!B:B,D2471,Insumos!G:G)","v":0},{"$f":"TRUNC(G2471*H2471,2)","v":0}]
[{"$nulls":7},"PARCIAL:",{"$f":"SUM(I2469:I2471)","v":12.16}]
[{"$nulls":7},"VALOR UNITÁRIO TOTAL - R$",{"$f":"I2472","v":12.16}]
[]
[]
[]
[null,"INSUMO","SINAPI",{"$f":"D2481","v":13244},{"$f":"E2481","v":"CONE DE SINALIZACAO EM PVC RIGIDO COM FAIXA REFLETIVA, H = 70 / 76 CM"},null,null,null,{"$f":"F2481","v":"UN    "},null,{"$f":"I2485","v":22.7},29]
[]
[null,null,null,"COD.","DESCRIÇÃO","UN.","COEF.","PREÇO","TOTAL"]
[null,null,null,"MATERIAL"]
[null,null,null,13244,"CONE DE SINALIZACAO EM PVC RIGIDO COM FAIXA REFLETIVA, H = 70 / 76 CM","UN    ",1,{"$f":"SUMIF(Insumos!B:B,D2481,Insumos!G:G)","v":22.7},{"$f":"TRUNC(G2481*H2481,2)","v":22.7}]
[{"$nulls":7},{"$f":"SUMIF(Insumos!B:B,D2482,Insumos!G:G)","v":0},{"$f":"TRUNC(G2482*H2482,2)","v":0}]
[{"$nulls":7},{"$f":"SUMIF(Insumos!B:B,D2483,Insumos!G:G)","v":0},{"$f":"TRUNC(G2483*H2483,2)","v":0}]
[{"$nulls":7},"PARCIAL:",{"$f":"SUM(I2481:I2483)","v":22.7}]
[{"$nulls":7},"VALOR UNITÁRIO TOTAL - R$",{"$f":"I2484","v":22.7}]

{"sheet":"Composições (CODEVASF)","index":6,"n_rows":864,"n_cols":12,"rows_kept":864,"cut":false,"hidden":false,"merged":[[858,3,858,8],[862,3,862,7],[822,3,822,8],[826,3,826,7],[834,3,834,8],[838,3,838,7],[786,3,786,8],[790,3,790,7],[726,3,726,8],[730,3,730,7],[738,3,738,8],[742,3,742,7],[846,3,846,8],[850,3,850,7],[798,3,798,8],[802,3,802,7],[810,3,810,8],[814,3,814,7],[750,3,750,8],[754,3,754,7],[762,3,762,8],[766,3,766,7],[774,3,774,8],[778,3,778,7],[690,3,690,8],[694,3,694,7],[702,3,702,8],[706,3,706,7],[714,3,714,8],[718,3,718,7],[654,3,654,8],[658,3,658,7],[666,3,666,8],[670,3,670,7],[678,3,678,8],[682,3,682,7],[618,3,618,8],[622,3,622,7],[630,3,630,8],[634,3,634,7],[642,3,642,8],[646,3,646,7],[582,3,582,8],[586,3,586,7],[594,3,594,8],[598,3,598,7],[606,3,606,8],[610,3,610,7],[546,3,546,8],[550,3,550,7],[558,3,558,8],[562,3,562,7],[570,3,570,8],[574,3,574,7],[510,3,510,8],[514,3,514,7],[522,3,522,8],[526,3,526,7],[534,3,534,8],[538,3,538,7],[474,3,474,8],[478,3,478,7],[486,3,486,8],[490,3,490,7],[498,3,498,8],[502,3,502,7],[438,3,438,8],[442,3,442,7],[450,3,450,8],[454,3,454,7],[462,3,462,8],[466,3,466,7],[402,3,402,8],[406,3,406,7],[414,3,414,8],[418,3,418,7],[426,3,426,8],[430,3,430,7],[368,3,368,8],[374,3,374,6],[382,3,382,8],[387,3,387,7],[388,3,388,8],[394,3,394,6],[342,3,342,8],[347,3,347,7],[348,3,348,8],[354,3,354,6],[362,3,362,8],[367,3,367,7],[308,3,308,8],[314,3,314,6],[322,3,322,8],[327,3,327,7],[328,3,328,8],[334,3,334,6],[282,3,282,8],[287,3,287,7],[288,3,288,8],[294,3,294,6],[302,3,302,8],[307,3,307,7],[249,3,249,8],[254,3,254,6],[262,3,262,8],[267,3,267,7],[268,3,268,8],[274,3,274,6],[222,3,222,8],[227,3,227,7],[228,3,228,8],[234,3,234,6],[242,3,242,8],[248,3,248,7],[210,3,210,8],[214,3,214,6],[167,3,167,7],[182,3,182,8],[187,3,187,7],[188,3,188,8],[194,3,194,6],[148,3,148,8],[154,3,154,6],[162,3,162,8],[168,3,168,8],[174,3,174,6],[202,3,202,8],[209,3,209,7],[1,3,1,8],[38,3,38,8],[56,3,56,7],[57,3,57,8],[30,3,30,6],[8,3,8,8],[10,3,10,7],[11,3,11,8],[15,3,15,6],[2,3,2,8],[115,3,115,6],[142,3,142,8],[147,3,147,7],[128,3,128,8],[134,3,134,6],[123,3,123,8],[127,3,127,7],[87,3,87,8],[90,3,90,7],[79,3,79,6],[91,3,91,8],[97,3,97,6],[109,3,109,8],[4,3,4,8],[3,3,3,8],[59,3,59,6],[66,4,67,7],[69,3,69,8],[25,3,25,7],[26,3,26,8],[5,4,6,7],[23,3,23,8],[72,3,72,7],[73,3,73,8],[105,3,105,8],[108,3,108,7]]}
[]
[]
[null,null,null,"COMPOSIÇÕES DE CUSTO UNITÁRIO (CODEVASF)"]
[null,null,null,{"$f":"CONCATENATE(\"Tabela de Custos: \",'Planilha SERVIÇOS'!$I$9)","v":"Tabela de Custos: FEV/2018"}]
[]
[null,"SERVIÇO","CODEVASF","COMP. 01","MOBILIZAÇÃO DE EQUIPAMENTOS, MATERIAIS E PESSOAL",null,null,null,"UN ",null,{"$f":"I17","v":1872.19},2391.06]
[]
[null,null,null,"COD.","DESCRIÇÃO","UN.","COEF.","PREÇO","TOTAL"]
[null,null,null,"MATERIAIS / MÃO DE OBRA"]
[null,null,null,"M0001","PASSAGEM","UNID.",4,{"$f":"SUMIF(Insumos!B:B,D10,Insumos!G:G)","v":15.58},{"$f":"G10*H10","v":62.32}]
[null,null,null,"PARCIAL:",{"$nulls":4},{"$f":"SUM(I9:I10)","v":62.32}]
[null,null,null,"SERVIÇOS/ EQUIPAMENTOS"]
[null,null,null,3465,"TRANSPORTE DE MÁQUINAS E EQUIPAMENTOS POR PRANCHA REBAIXADA (MIN.=100KM)","KM",350,{"$f":"SUMIF(Insumos!B:B,D13,Insumos!G:G)","v":2.35},{"$f":"G13*H13","v":822.5}]
[null,null,null,4994,"CAMINHÃO BASCULANTE : MERCEDES BENZ : ATEGO 1518/36 - 5 M³ - 8,8 T","H",7,{"$f":"SUMIF(Insumos!B:B,D14,Insumos!G:G)","v":36.08},{"$f":"G14*H14","v":252.56}]
[null,null,null,10434,"CAMINHÃO CARROCERIA DE MADEIRA 9 T - FONTE:DNIT","H",10,{"$f":"SUMIF(Insumos!B:B,D15,Insumos!G:G)","v":73.48},{"$f":"G15*H15+0.01","v":734.81}]
[{"$nulls":7},"PARCIAL:",{"$f":"SUM(I13:I15)","v":1809.87}]
[{"$nulls":7},"VALOR UNITÁRIO TOTAL - R$",{"$f":"TRUNC(I11+I16,2)","v":1872.19}]
[]
[]
[]
[null,"SERVIÇO","CODEVASF","COMP. 02","DESMOBILIZAÇÃO DE EQUIPAMENTOS, MATERIAIS E PESSOAL",null,null,null,"UN ",null,{"$f":"I32","v":1872.19},2391.06]
[]
[null,null,null,"COD.","DESCRIÇÃO","UN.","COEF.","PREÇO","TOTAL"]
[null,null,null,"MATERIAIS / MÃO DE OBRA"]
[null,null,null,"M0001","PASSAGEM","UNID.",4,{"$f":"SUMIF(Insumos!B:B,D25,Insumos!G:G)","v":15.58},{"$f":"G25*H25","v":62.32}]
[null,null,null,"PARCIAL:",{"$nulls":4},{"$f":"SUM(I24:I25)","v":62.32}]
[null,null,null,"SERVIÇOS/ EQUIPAMENTOS"]
[null,null,null,3465,"TRANSPORTE DE MÁQUINAS E EQUIPAMENTOS POR PRANCHA REBAIXADA (MIN.=100KM)","KM",350,{"$f":"SUMIF(Insumos!B:B,D28,Insumos!G:G)","v":2.35},{"$f":"G28*H28","v":822.5}]
[null,null,null,4994,"CAMINHÃO BASCULANTE : MERCEDES BENZ : ATEGO 1518/36 - 5 M³ - 8,8 T","H",7,{"$f":"SUMIF(Insumos!B:B,D29,Insumos!G:G)","v":36.08},{"$f":"G29*H29","v":252.56}]
[null,null,null,10434,"CAMINHÃO CARROCERIA DE MADEIRA 9 T - FONTE:DNIT","H",10,{"$f":"SUMIF(Insumos!B:B,D30,Insumos!G:G)","v":73.48},{"$f":"G30*H30+0.01","v":734.81}]
[{"$nulls":7},"PARCIAL:",{"$f":"SUM(I28:I30)","v":1809.87}]
[{"$nulls":7},"VALOR UNITÁRIO TOTAL - R$",{"$f":"TRUNC(I26+I31,2)","v":1872.19}]
[]
[]
[]
[null,"SERVIÇO","CODEVASF","COMP. 03","LOCAÇÃO, ADMINISTRAÇÃO E MANUTENÇÃO DE CANTEIRO DE OBRA",null,null,null,"UN ",null,{"$f":"I63","v":292666.3},373779.1]
[]
[null,null,null,"COD.","DESCRIÇÃO","UN.","COEF.","PREÇO","TOTAL"]
[null,null,null,"MATERIAIS / MÃO DE OBRA"]
[null,null,null,"M0002","LOCAÇÃO DE IMÓVEL","MÊS",1,{"$f":"SUMIF(Insumos!B:B,D40,Insumos!G:G)","v":391.5},{"$f":"G40*H40","v":391.5}]
[null,null,null,"I8613","TELEFONE FIXO","UNxMÊS",1,{"$f":"SUMIF(Insumos!B:B,D41,Insumos!G:G)","v":199.67},199.67]
[null,null,null,"I2321","ENERGIA ELETRICA","KWH",500,{"$f":"SUMIF(Insumos!B:B,D42,Insumos!G:G)","v":0.45},225]
[null,null,null,"I2294","ÁGUA E ESGOTO","M3",8,{"$f":"SUMIF(Insumos!B:B,D43,Insumos!G:G)","v":4.93},39.44]
[null,null,null,10562,"MATERIAL DE ESCRITÓRIO","MÊS",1,{"$f":"SUMIF(Insumos!B:B,D44,Insumos!G:G)","v":23.49},23.49]
[null,null,null,10563,"MATERIAL DE LIMPEZA","MÊS",1,{"$f":"SUMIF(Insumos!B:B,D45,Insumos!G:G)","v":58.23},58.23]
[null,null,null,10558,"INTERNET - DISPÊNDIO MENSAL","MÊS",1,{"$f":"SUMIF(Insumos!B:B,D46,Insumos!G:G)","v":69.69},69.69]
[null,null,null,93557,"EPI PESSOAL DA ADMINISTRAÇÃO (ENCARGOS COMPLEMENTARES) ","MES",1,{"$f":"SUMIF(Insumos!B:B,D47,Insumos!G:G)","v":149.30000000000001},149.30000000000001]
[null,null,null,40813,"ENGENHEIRO CIVIL DE OBRA PLENO (MENSALISTA)","MES   ",1,{"$f":"SUMIF(Insumos!B:B,D48,Insumos!G:G)","v":10690.96},10690.96]
[null,null,null,40936,"ENGENHEIRO CIVIL JUNIOR (MENSALISTA)","MES   ",0.7,{"$f":"SUMIF(Insumos!B:B,D49,Insumos!G:G)","v":9595.56},6716.89]
[null,null,null,"I8598","AUXILIAR ADMINISTRATIVO","HxMÊS",0.8,{"$f":"SUMIF(Insumos!B:B,D50,Insumos!G:G)","v":1495.58},1196.46]
[null,null,null,40818,"ENCARREGADO GERAL DE OBRAS (MENSALISTA)","MES   ",1,{"$f":"SUMIF(Insumos!B:B,D51,Insumos!G:G)","v":3987.27},3987.27]
[null,null,null,"I8588","TÉCNICO DE SEGURANÇA DO TRABALHO (COM ENCARGOS INCLUSOS)","HxMÊS",0.8,{"$f":"SUMIF(Insumos!B:B,D52,Insumos!G:G)","v":2370.12},1896.1]
[null,null,null,40809,"ALMOXARIFE (MENSALISTA)","MES   ",0.6,{"$f":"SUMIF(Insumos!B:B,D53,Insumos!G:G)","v":1716.52},1029.9100000000001]
[null,null,null,40862,"ALIMENTAÇÃO PESSOAL ADMINISTRAÇÃO ","MES   ",1,{"$f":"SUMIF(Insumos!B:B,D54,Insumos!G:G)","v":324.04000000000002},324.04000000000002]
[null,null,null,40861,"TRANSPORTE PESSOAL ADMINISTRAÇÃO","MES   ",1,{"$f":"SUMIF(Insumos!B:B,D55,Insumos!G:G)","v":71.42},71.42]
[null,null,null,"I8617","VIGIA (COM ENCARGOS INCLUSOS)","HxMÊS",1,{"$f":"SUMIF(Insumos!B:B,D56,Insumos!G:G)","v":1495.58},1495.58]
[null,null,null,"PARCIAL:",{"$nulls":4},{"$f":"SUM(I39:I56)","v":28564.95}]
[null,null,null,"SERVIÇOS/ EQUIPAMENTOS"]
[null,null,null,"M0003","TIPO SEDAN 1.6 FLEX (115CV)","MÊS",0.5,{"$f":"SUMIF(Insumos!B:B,D59,Insumos!G:G)","v":1403.35},{"$f":"G59*H59","v":701.68}]
[{"$nulls":7},"PARCIAL:",{"$f":"SUM(I59:I59)","v":701.68}]
[{"$nulls":7},"VALOR UNITÁRIO - R$",{"$f":"I57+I60","v":29266.63}]
[{"$nulls":7},"TOTAL DO SERVIÇO",10]
[{"$nulls":7},"VALOR UNITÁRIO TOTAL - R$",{"$f":"TRUNC(I61*I62,2)","v":292666.3}]
[]
[]
[]
[null,"SERVIÇO","CODEVASF","COMP. 04","CAMINHONETE CABINE DUPLA, TRAÇÃO 4X4, ZERO QUILOMETRO, C/4 PORTAS, TRAVAS ELÉTRICAS, SOM AUTOMOTIVO,EQUIP.C/AR-COND.,QUE FICARÁ À DISP.DA FISC.,INCL.DESP.C/SEG.TOTAL, EMPLAC.,REVIS.CONS.,REP.,COMB.E LUBR.,LAV.,ETC ",null,null,null,"UN ",null,{"$f":"I81","v":4550.68},5811.86]
[]
[null,null,null,"COD.","DESCRIÇÃO","UN.","COEF.","PREÇO","TOTAL"]
[null,null,null,"MATERIAIS / MÃO DE OBRA"]
[null,null,null,"M0004","CAMINHONETE CABINE DUPLA, TRAÇÃO 4X4, ZERO QUILOMETRO, C/4 PORTAS, TRAVAS ELÉTRICAS, SOM AUTOMOTIVO,EQUIP.C/AR-COND.,QUE FICARÁ À DISP.DA FISC.,INCL.DESP.C/SEG.TOTAL, EMPLAC.,REVIS.CONS.,REP.,COMB.E LUBR.,LAV.,ETC ","UNID.",1,{"$f":"SUMIF(Insumos!B:B,D71,Insumos!G:G)","v":4550.68},{"$f":"G71*H71","v":4550.68}]
[{"$nulls":7},{"$f":"SUMIF(Insumos!B:B,D72,Insumos!G:G)","v":0},{"$f":"G72*H72","v":0}]
[null,null,null,"PARCIAL:",{"$nulls":4},{"$f":"SUM(I70:I72)","v":4550.68}]
[null,null,null,"SERVIÇOS/ EQUIPAMENTOS"]
[{"$nulls":7},{"$f":"SUMIF(Insumos!B:B,D75,Insumos!G:G)","v":0},{"$f":"G75*H75","v":0}]
[{"$nulls":7},{"$f":"SUMIF(Insumos!B:B,D76,Insumos!G:G)","v":0},{"$f":"G76*H76","v":0}]
[{"$nulls":7},{"$f":"SUMIF(Insumos!B:B,D77,Insumos!G:G)","v":0},{"$f":"G77*H77","v":0}]
[{"$nulls":7},{"$f":"SUMIF(Insumos!B:B,D78,Insumos!G:G)","v":0},{"$f":"G78*H78","v":0}]
[{"$nulls":7},{"$f":"SUMIF(Insumos!B:B,D79,Insumos!G:G)","v":0},{"$f":"G79*H79","v":0}]
[{"$nulls":7},"PARCIAL:",{"$f":"SUM(I75:I79)","v":0}]
[{"$nulls":7},"VALOR UNITÁRIO TOTAL - R$",{"$f":"TRUNC(I73+I80,2)","v":4550.68}]
[]
[]
[]
[null,"SERVIÇO","CODEVASF","COMP. 05","PRÉ-OPERAÇÃO DA ESTAÇÃO DE TRATAMENTO DE ÁGUA",null,null,null,"UN ",null,{"$f":"I99","v":9816.6200000000008},12537.2]
[]
[null,null,null,"COD.","DESCRIÇÃO","UN.","COEF.","PREÇO","TOTAL"]
[null,null,null,"MATERIAIS / MÃO DE OBRA"]
[null,null,null,90778,"ENGENHEIRO","H",126.8573,{"$f":"SUMIF(Insumos!B:B,D89,Insumos!G:G)","v":62.77},{"$f":"G89*H89","v":7962.83}]
[null,null,null,88252,"AUXILIAR DE SERVICOS GERAIS (COM ENCARGOS INCLUSOS)","H",166.85730000000001,{"$f":"SUMIF(Insumos!B:B,D90,Insumos!G:G)","v":11.11},{"$f":"G90*H90+0.01","v":1853.79}]
[null,null,null,"PARCIAL:",{"$nulls":4},{"$f":"SUM(I88:I90)","v":9816.6200000000008}]
[null,null,null,"SERVIÇOS/ EQUIPAMENTOS"]
[{"$nulls":7},{"$f":"SUMIF(Insumos!B:B,D93,Insumos!G:G)","v":0},{"$f":"G93*H93","v":0}]
[{"$nulls":7},{"$f":"SUMIF(Insumos!B:B,D94,Insumos!G:G)","v":0},{"$f":"G94*H94","v":0}]
[{"$nulls":7},{"$f":"SUMIF(Insumos!B:B,D95,Insumos!G:G)","v":0},{"$f":"G95*H95","v":0}]
[{"$nulls":7},{"$f":"SUMIF(Insumos!B:B,D96,Insumos!G:G)","v":0},{"$f":"G96*H96","v":0}]
[{"$nulls":7},{"$f":"SUMIF(Insumos!B:B,D97,Insumos!G:G)","v":0},{"$f":"G97*H97","v":0}]
[{"$nulls":7},"PARCIAL:",{"$f":"SUM(I93:I97)","v":0}]
[{"$nulls":7},"VALOR UNITÁRIO TOTAL - R$",{"$f":"TRUNC(I91+I98,2)","v":9816.6200000000008}]
[]
[]
[]
[null,"SERVIÇO","CODEVASF","COMP. 06","ELABORAÇÃO DO PROJETO ESTRUTURAL",null,null,null,"UN ",null,{"$f":"I117","v":5475},6993]
[]
[null,null,null,"COD.","DESCRIÇÃO","UN.","COEF.","PREÇO","TOTAL"]
[null,null,null,"MATERIAIS / MÃO DE OBRA"]
[null,null,null,90778,"ENGENHEIRO CIVIL PLENO","H     ",60,{"$f":"SUMIF(Insumos!B:B,D107,Insumos!G:G)","v":62.77},{"$f":"G107*H107","v":3766.2}]
[null,null,null,90775,"DESENHISTA PROJETISTA","H     ",120,{"$f":"SUMIF(Insumos!B:B,D108,Insumos!G:G)","v":14.24},{"$f":"G108*H108","v":1708.8}]
[null,null,null,"PARCIAL:",{"$nulls":4},{"$f":"SUM(I106:I108)","v":5475}]
[null,null,null,"SERVIÇOS/ EQUIPAMENTOS"]
[{"$nulls":7},{"$f":"SUMIF(Insumos!B:B,D111,Insumos!G:G)","v":0},{"$f":"G111*H111","v":0}]
[{"$nulls":7},{"$f":"SUMIF(Insumos!B:B,D112,Insumos!G:G)","v":0},{"$f":"G112*H112","v":0}]
[{"$nulls":7},{"$f":"SUMIF(Insumos!B:B,D113,Insumos!G:G)","v":0},{"$f":"G113*H113","v":0}]
[{"$nulls":7},{"$f":"SUMIF(Insumos!B:B,D114,Insumos!G:G)","v":0},{"$f":"G114*H114","v":0}]
[{"$nulls":7},{"$f":"SUMIF(Insumos!B:B,D115,Insumos!G:G)","v":0},{"$f":"G115*H115","v":0}]
[{"$nulls":7},"PARCIAL:",{"$f":"SUM(I111:I115)","v":0}]
[{"$nulls":7},"VALOR UNITÁRIO TOTAL - R$",{"$f":"TRUNC(I109+I116,2)","v":5475}]
[]
[]
[]
[null,"SERVIÇO","CODEVASF","COMP. 07","ELABORAÇÃO DO PROJETO DE INSTALAÇÕES ELÉTRICAS",null,null,null,"UN ",null,{"$f":"I136","v":4798.3},6128.1]
[]
[null,null,null,"COD.","DESCRIÇÃO","UN.","COEF.","PREÇO","TOTAL"]
[null,null,null,"MATERIAIS / MÃO DE OBRA"]
[null,null,null,91677,"ENGENHEIRO ELETRICISTA","H     ",60.243899999999996,{"$f":"SUMIF(Insumos!B:B,D125,Insumos!G:G)","v":53.78},{"$f":"G125*H125","v":3239.92}]
[null,null,null,88266,"ELETROTECNICO","H     ",10.2439,{"$f":"SUMIF(Insumos!B:B,D126,Insumos!G:G)","v":12.78},{"$f":"G126*H126","v":130.91999999999999}]
[null,null,null,90775,"DESENHISTA PROJETISTA","H     ",100.2439,{"$f":"SUMIF(Insumos!B:B,D127,Insumos!G:G)","v":14.24},{"$f":"G127*H127-0.01","v":1427.46}]
[null,null,null,"PARCIAL:",{"$nulls":4},{"$f":"SUM(I124:I127)","v":4798.3}]
[null,null,null,"SERVIÇOS/ EQUIPAMENTOS"]
[{"$nulls":7},{"$f":"SUMIF(Insumos!B:B,D130,Insumos!G:G)","v":0},{"$f":"G130*H130","v":0}]
[{"$nulls":7},{"$f":"SUMIF(Insumos!B:B,D131,Insumos!G:G)","v":0},{"$f":"G131*H131","v":0}]
[{"$nulls":7},{"$f":"SUMIF(Insumos!B:B,D132,Insumos!G:G)","v":0},{"$f":"G132*H132","v":0}]
[{"$nulls":7},{"$f":"SUMIF(Insumos!B:B,D133,Insumos!G:G)","v":0},{"$f":"G133*H133","v":0}]
[{"$nulls":7},{"$f":"SUMIF(Insumos!B:B,D134,Insumos!G:G)","v":0},{"$f":"G134*H134","v":0}]
[{"$nulls":7},"PARCIAL:",{"$f":"SUM(I130:I134)","v":0}]
[{"$nulls":7},"VALOR UNITÁRIO TOTAL - R$",{"$f":"TRUNC(I128+I135,2)","v":4798.3}]
[]
[]
[]
[null,"SERVIÇO","CODEVASF","ELE01","SERVIÇO PARA INSTALAÇÃO DOS MATERIAIS ELÉTRICOS DA CAPTAÇÃO (ALEGRE, BOA PAZ, BOM JESUS E UMBURANAS)",null,null,null,"UN ",null,{"$f":"I156","v":2106.9},2699.52]
[]
[null,null,null,"COD.","DESCRIÇÃO","UN.","COEF.","PREÇO","TOTAL"]
[null,null,null,"MATERIAIS / MÃO DE OBRA"]
[null,null,null,91677,"ENGENHEIRO ELETRICISTA                                                                                                                                                                                                                                                                                                                                                                                                                                                                                    ","H",16.5443,{"$f":"SUMIF(Insumos!B:B,D144,Insumos!G:G)","v":53.78},{"$f":"G144*H144","v":889.75}]
[null,null,null,88266,"ELETROTECNICO                                                                                                                                                                                                                                                                                                                                                                                                                                                                                             ","H",32.5443,{"$f":"SUMIF(Insumos!B:B,D145,Insumos!G:G)","v":12.78},{"$f":"G145*H145","v":415.92}]
[null,null,null,88265,"ELETRICISTA INDUSTRIAL                                                                                                                                                                                                                                                                                                                                                                                                                                                                                    ","H",32.5443,{"$f":"SUMIF(Insumos!B:B,D146,Insumos!G:G)","v":13.51},{"$f":"G146*H146","v":439.67}]
[null,null,null,88247,"AJUDANTE DE ELETRICISTA (COM ENCARGOS INCLUSOS)","H",32.5443,{"$f":"SUMIF(Insumos!B:B,D147,Insumos!G:G)","v":11.11},{"$f":"G147*H147-0.01","v":361.56}]
[null,null,null,"PARCIAL:",{"$nulls":4},{"$f":"SUM(I143:I147)","v":2106.9}]
[null,null,null,"SERVIÇOS/ EQUIPAMENTOS"]
[{"$nulls":7},{"$f":"SUMIF(Insumos!B:B,D150,Insumos!G:G)","v":0},{"$f":"G150*H150","v":0}]
[{"$nulls":7},{"$f":"SUMIF(Insumos!B:B,D151,Insumos!G:G)","v":0},{"$f":"G151*H151","v":0}]
[{"$nulls":7},{"$f":"SUMIF(Insumos!B:B,D152,Insumos!G:G)","v":0},{"$f":"G152*H152","v":0}]
[{"$nulls":7},{"$f":"SUMIF(Insumos!B:B,D153,Insumos!G:G)","v":0},{"$f":"G153*H153","v":0}]
[{"$nulls":7},{"$f":"SUMIF(Insumos!B:B,D154,Insumos!G:G)","v":0},{"$f":"G154*H154","v":0}]
[{"$nulls":7},"PARCIAL:",{"$f":"SUM(I150:I154)","v":0}]
[{"$nulls":7},"VALOR UNITÁRIO TOTAL - R$",{"$f":"TRUNC(I148+I155,2)","v":2106.9}]
[]
[]
[]
[null,"SERVIÇO","CODEVASF","ELE02","SERVIÇO PARA INSTALAÇÃO DOS MATERIAIS ELÉTRICOS DA CAPTAÇÃO (ILHA DA VILA E RIACHO DA MADEIRA)",null,null,null,"UN ",null,{"$f":"I176","v":1585.29},2024.64]
[]
[null,null,null,"COD.","DESCRIÇÃO","UN.","COEF.","PREÇO","TOTAL"]
[null,null,null,"MATERIAIS / MÃO DE OBRA"]
[null,null,null,91677,"ENGENHEIRO ELETRICISTA                                                                                                                                                                                                                                                                                                                                                                                                                                                                                    ","H",12.4643,{"$f":"SUMIF(Insumos!B:B,D164,Insumos!G:G)","v":53.78},{"$f":"G164*H164","v":670.33}]
[null,null,null,88266,"ELETROTECNICO                                                                                                                                                                                                                                                                                                                                                                                                                                                                                             ","H",24.464300000000001,{"$f":"SUMIF(Insumos!B:B,D165,Insumos!G:G)","v":12.78},{"$f":"G165*H165","v":312.64999999999998}]
[null,null,null,88265,"ELETRICISTA INDUSTRIAL                                                                                                                                                                                                                                                                                                                                                                                                                                                                                    ","H",24.464300000000001,{"$f":"SUMIF(Insumos!B:B,D166,Insumos!G:G)","v":13.51},{"$f":"G166*H166","v":330.51}]
[null,null,null,88247,"AJUDANTE DE ELETRICISTA (COM ENCARGOS INCLUSOS)","H",24.464300000000001,{"$f":"SUMIF(Insumos!B:B,D167,Insumos!G:G)","v":11.11},{"$f":"G167*H167","v":271.8}]
[null,null,null,"PARCIAL:",{"$nulls":4},{"$f":"SUM(I163:I167)","v":1585.29}]
[null,null,null,"SERVIÇOS/ EQUIPAMENTOS"]
[{"$nulls":7},{"$f":"SUMIF(Insumos!B:B,D170,Insumos!G:G)","v":0},{"$f":"G170*H170","v":0}]
[{"$nulls":7},{"$f":"SUMIF(Insumos!B:B,D171,Insumos!G:G)","v":0},{"$f":"G171*H171","v":0}]
[{"$nulls":7},{"$f":"SUMIF(Insumos!B:B,D172,Insumos!G:G)","v":0},{"$f":"G172*H172","v":0}]
[{"$nulls":7},{"$f":"SUMIF(Insumos!B:B,D173,Insumos!G:G)","v":0},{"$f":"G173*H173","v":0}]
[{"$nulls":7},{"$f":"SUMIF(Insumos!B:B,D174,Insumos!G:G)","v":0},{"$f":"G174*H174","v":0}]
[{"$nulls":7},"PARCIAL:",{"$f":"SUM(I170:I174)","v":0}]
[{"$nulls":7},"VALOR UNITÁRIO TOTAL - R$",{"$f":"TRUNC(I168+I175,2)","v":1585.29}]
[]
[]
[]
[null,"SERVIÇO","CODEVASF","ELE03","SERVIÇO PARA PROJETO EXECUTIVO DA EXTENSÃO DE REDE",null,null,null,"KM",null,{"$f":"I196","v":2176.61},2779.84]
[]
[null,null,null,"COD.","DESCRIÇÃO","UN.","COEF.","PREÇO","TOTAL"]
[null,null,null,"MATERIAIS / MÃO DE OBRA"]
[null,null,null,91677,"ENGENHEIRO ELETRICISTA                                                                                                                                                                                                                                                                                                                                                                                                                                                                                    ","H",31.999600000000001,{"$f":"SUMIF(Insumos!B:B,D184,Insumos!G:G)","v":53.78},{"$f":"G184*H184","v":1720.94}]
[null,null,null,90775,"DESENHISTA PROJETISTA","H",31.999600000000001,{"$f":"SUMIF(Insumos!B:B,D185,Insumos!G:G)","v":14.24},{"$f":"G185*H185","v":455.67}]
[{"$nulls":7},{"$f":"SUMIF(Insumos!B:B,D186,Insumos!G:G)","v":0},{"$f":"G186*H186","v":0}]
[{"$nulls":7},{"$f":"SUMIF(Insumos!B:B,D187,Insumos!G:G)","v":0},{"$f":"G187*H187","v":0}]
[null,null,null,"PARCIAL:",{"$nulls":4},{"$f":"SUM(I183:I187)","v":2176.61}]
[null,null,null,"SERVIÇOS/ EQUIPAMENTOS"]
[{"$nulls":7},{"$f":"SUMIF(Insumos!B:B,D190,Insumos!G:G)","v":0},{"$f":"G190*H190","v":0}]
[{"$nulls":7},{"$f":"SUMIF(Insumos!B:B,D191,Insumos!G:G)","v":0},{"$f":"G191*H191","v":0}]
[{"$nulls":7},{"$f":"SUMIF(Insumos!B:B,D192,Insumos!G:G)","v":0},{"$f":"G192*H192","v":0}]
[{"$nulls":7},{"$f":"SUMIF(Insumos!B:B,D193,Insumos!G:G)","v":0},{"$f":"G193*H193","v":0}]
[{"$nulls":7},{"$f":"SUMIF(Insumos!B:B,D194,Insumos!G:G)","v":0},{"$f":"G194*H194","v":0}]
[{"$nulls":7},"PARCIAL:",{"$f":"SUM(I190:I194)","v":0}]
[{"$nulls":7},"VALOR UNITÁRIO TOTAL - R$",{"$f":"TRUNC(I188+I195,2)","v":2176.61}]
[]
[]
[]
[null,"SERVIÇO","CODEVASF","ELE04","SERVIÇO PARA CONSTRUÇÃO DA EXTENSÃO DA REDE",null,null,null,"KM",null,{"$f":"I216","v":6054.03},7731.84]
[]
[null,null,null,"COD.","DESCRIÇÃO","UN.","COEF.","PREÇO","TOTAL"]
[null,null,null,"MATERIAIS / MÃO DE OBRA"]
[null,null,null,91677,"ENGENHEIRO ELETRICISTA                                                                                                                                                                                                                                                                                                                                                                                                                                                                                    ","H",24.9269,{"$f":"SUMIF(Insumos!B:B,D204,Insumos!G:G)","v":53.78},{"$f":"G204*H204","v":1340.57}]
[null,null,null,88266,"ELETROTECNICO                                                                                                                                                                                                                                                                                                                                                                                                                                                                                             ","H",60.926900000000003,{"$f":"SUMIF(Insumos!B:B,D205,Insumos!G:G)","v":12.78},778.65]
[null,null,null,88265,"ELETRICISTA INDUSTRIAL                                                                                                                                                                                                                                                                                                                                                                                                                                                                                    ","H",60.926900000000003,{"$f":"SUMIF(Insumos!B:B,D206,Insumos!G:G)","v":13.51},823.12]
[null,null,null,88247,"AJUDANTE DE ELETRICISTA (COM ENCARGOS INCLUSOS)","H",60.926900000000003,{"$f":"SUMIF(Insumos!B:B,D207,Insumos!G:G)","v":11.11},676.9]
[null,null,null,88286,"MOTORISTA OPERADOR DE MUNCK","H",24.9269,{"$f":"SUMIF(Insumos!B:B,D208,Insumos!G:G)","v":23.04},{"$f":"G208*H208-0.01","v":574.30999999999995}]
[{"$nulls":7},{"$f":"SUMIF(Insumos!B:B,D209,Insumos!G:G)","v":0},0]
[null,null,null,"PARCIAL:",{"$nulls":4},{"$f":"SUM(I203:I209)","v":4193.55}]
[null,null,null,"SERVIÇOS/ EQUIPAMENTOS"]
[null,null,null,"I0705","CAMINHÃO COMERC. EQUIP. C/GUINDASTE (CHP)","H",24,{"$f":"SUMIF(Insumos!B:B,D212,Insumos!G:G)","v":77.52},{"$f":"G212*H212","v":1860.48}]
[{"$nulls":7},{"$f":"SUMIF(Insumos!B:B,D213,Insumos!G:G)","v":0},{"$f":"G213*H213","v":0}]
[{"$nulls":7},{"$f":"SUMIF(Insumos!B:B,D214,Insumos!G:G)","v":0},{"$f":"G214*H214","v":0}]
[{"$nulls":7},"PARCIAL:",{"$f":"SUM(I212:I214)","v":1860.48}]
[{"$nulls":7},"VALOR UNITÁRIO TOTAL - R$",{"$f":"TRUNC(I210+I215,2)","v":6054.03}]
[]
[]
[]
[null,"SERVIÇO","CODEVASF","ELE05","SERVIÇO PARA PROJETO EXECUTIVO DA SUBESTAÇÃO",null,null,null,"UN ",null,{"$f":"I236","v":1632.46},2084.88]
[]
[null,null,null,"COD.","DESCRIÇÃO","UN.","COEF.","PREÇO","TOTAL"]
[null,null,null,"MATERIAIS / MÃO DE OBRA"]
[null,null,null,91677,"ENGENHEIRO ELETRICISTA                                                                                                                                                                                                                                                                                                                                                                                                                                                                                    ","H",24,{"$f":"SUMIF(Insumos!B:B,D224,Insumos!G:G)","v":53.78},{"$f":"G224*H224-0.01","v":1290.71}]
[null,null,null,90775,"DESENHISTA PROJETISTA","H",24,{"$f":"SUMIF(Insumos!B:B,D225,Insumos!G:G)","v":14.24},{"$f":"G225*H225-0.01","v":341.75}]
[{"$nulls":7},{"$f":"SUMIF(Insumos!B:B,D226,Insumos!G:G)","v":0},{"$f":"G226*H226","v":0}]
[{"$nulls":7},{"$f":"SUMIF(Insumos!B:B,D227,Insumos!G:G)","v":0},{"$f":"G227*H227","v":0}]
[null,null,null,"PARCIAL:",{"$nulls":4},{"$f":"SUM(I223:I227)","v":1632.46}]
[null,null,null,"SERVIÇOS/ EQUIPAMENTOS"]
[{"$nulls":7},{"$f":"SUMIF(Insumos!B:B,D230,Insumos!G:G)","v":0},{"$f":"G230*H230","v":0}]
[{"$nulls":7},{"$f":"SUMIF(Insumos!B:B,D231,Insumos!G:G)","v":0},{"$f":"G231*H231","v":0}]
[{"$nulls":7},{"$f":"SUMIF(Insumos!B:B,D232,Insumos!G:G)","v":0},{"$f":"G232*H232","v":0}]
[{"$nulls":7},{"$f":"SUMIF(Insumos!B:B,D233,Insumos!G:G)","v":0},{"$f":"G233*H233","v":0}]
[{"$nulls":7},{"$f":"SUMIF(Insumos!B:B,D234,Insumos!G:G)","v":0},{"$f":"G234*H234","v":0}]
[{"$nulls":7},"PARCIAL:",{"$f":"SUM(I230:I234)","v":0}]
[{"$nulls":7},"VALOR UNITÁRIO TOTAL - R$",{"$f":"TRUNC(I228+I235,2)","v":1632.46}]
[]
[]
[]
[null,"SERVIÇO","CODEVASF","ELE06","SERVIÇO PARA CONSTRUÇÃO DA SUBESTAÇÃO",null,null,null,"UN ",null,{"$f":"I256","v":1455.71},1863.48]
[]
[null,null,null,"COD.","DESCRIÇÃO","UN.","COEF.","PREÇO","TOTAL"]
[null,null,null,"MATERIAIS / MÃO DE OBRA"]
[null,null,null,91677,"ENGENHEIRO ELETRICISTA                                                                                                                                                                                                                                                                                                                                                                                                                                                                                    ","H",8.2172999999999998,{"$f":"SUMIF(Insumos!B:B,D244,Insumos!G:G)","v":53.78},{"$f":"G244*H244","v":441.93}]
[null,null,null,88266,"ELETROTECNICO                                                                                                                                                                                                                                                                                                                                                                                                                                                                                             ","H",16.217300000000002,{"$f":"SUMIF(Insumos!B:B,D245,Insumos!G:G)","v":12.78},{"$f":"G245*H245","v":207.26}]
[null,null,null,88265,"ELETRICISTA INDUSTRIAL                                                                                                                                                                                                                                                                                                                                                                                                                                                                                    ","H",16.217300000000002,{"$f":"SUMIF(Insumos!B:B,D246,Insumos!G:G)","v":13.51},{"$f":"G246*H246","v":219.1}]
[null,null,null,88247,"AJUDANTE DE ELETRICISTA (COM ENCARGOS INCLUSOS)","H",16.217300000000002,{"$f":"SUMIF(Insumos!B:B,D247,Insumos!G:G)","v":11.11},{"$f":"G247*H247","v":180.17}]
[null,null,null,88286,"MOTORISTA OPERADOR DE MUNCK","H",4.2172999999999998,{"$f":"SUMIF(Insumos!B:B,D248,Insumos!G:G)","v":23.04},{"$f":"G248*H248","v":97.17}]
[null,null,null,"PARCIAL:",{"$nulls":4},{"$f":"SUM(I243:I248)","v":1145.6300000000001}]
[null,null,null,"SERVIÇOS/ EQUIPAMENTOS"]
[null,null,null,"I0705","CAMINHÃO COMERC. EQUIP. C/GUINDASTE (CHP)","H",4,{"$f":"SUMIF(Insumos!B:B,D251,Insumos!G:G)","v":77.52},{"$f":"G251*H251","v":310.08}]
[{"$nulls":7},{"$f":"SUMIF(Insumos!B:B,D252,Insumos!G:G)","v":0},{"$f":"G252*H252","v":0}]
[{"$nulls":7},{"$f":"SUMIF(Insumos!B:B,D253,Insumos!G:G)","v":0},{"$f":"G253*H253","v":0}]
[{"$nulls":7},{"$f":"SUMIF(Insumos!B:B,D254,Insumos!G:G)","v":0},{"$f":"G254*H254","v":0}]
[{"$nulls":7},"PARCIAL:",{"$f":"SUM(I251:I254)","v":310.08}]
[{"$nulls":7},"VALOR UNITÁRIO TOTAL - R$",{"$f":"TRUNC(I249+I255,2)","v":1455.71}]
[]
[]
[]
[null,"SERVIÇO","CODEVASF","ELE07","COMISSIONAMENTO E STARTUP DO SISTEMA COMPLETO (CAPTAÇÃO E ETA - ALEGRE, BOA PAZ, BOM JESUS E UMBURANAS)",null,null,null,"UN ",null,{"$f":"I276","v":1795.26},2299.36]
[]
[null,null,null,"COD.","DESCRIÇÃO","UN.","COEF.","PREÇO","TOTAL"]
[null,null,null,"MATERIAIS / MÃO DE OBRA"]
[null,null,null,91677,"ENGENHEIRO ELETRICISTA                                                                                                                                                                                                                                                                                                                                                                                                                                                                                    ","H",16.407900000000001,{"$f":"SUMIF(Insumos!B:B,D264,Insumos!G:G)","v":53.78},{"$f":"G264*H264","v":882.42}]
[null,null,null,88266,"ELETROTECNICO                                                                                                                                                                                                                                                                                                                                                                                                                                                                                             ","H",24.407900000000001,{"$f":"SUMIF(Insumos!B:B,D265,Insumos!G:G)","v":12.78},{"$f":"G265*H265","v":311.93}]
[null,null,null,88265,"ELETRICISTA INDUSTRIAL                                                                                                                                                                                                                                                                                                                                                                                                                                                                                    ","H",24.407900000000001,{"$f":"SUMIF(Insumos!B:B,D266,Insumos!G:G)","v":13.51},{"$f":"G266*H266","v":329.75}]
[null,null,null,88247,"AJUDANTE DE ELETRICISTA (COM ENCARGOS INCLUSOS)","H",24.407900000000001,{"$f":"SUMIF(Insumos!B:B,D267,Insumos!G:G)","v":11.11},{"$f":"G267*H267-0.01","v":271.16000000000003}]
[null,null,null,"PARCIAL:",{"$nulls":4},{"$f":"SUM(I263:I267)","v":1795.26}]
[null,null,null,"SERVIÇOS/ EQUIPAMENTOS"]
[{"$nulls":7},{"$f":"SUMIF(Insumos!B:B,D270,Insumos!G:G)","v":0},{"$f":"G270*H270","v":0}]
[{"$nulls":7},{"$f":"SUMIF(Insumos!B:B,D271,Insumos!G:G)","v":0},{"$f":"G271*H271","v":0}]
[{"$nulls":7},{"$f":"SUMIF(Insumos!B:B,D272,Insumos!G:G)","v":0},{"$f":"G272*H272","v":0}]
[{"$nulls":7},{"$f":"SUMIF(Insumos!B:B,D273,Insumos!G:G)","v":0},{"$f":"G273*H273","v":0}]
[{"$nulls":7},{"$f":"SUMIF(Insumos!B:B,D274,Insumos!G:G)","v":0},{"$f":"G274*H274","v":0}]
[{"$nulls":7},"PARCIAL:",{"$f":"SUM(I270:I274)","v":0}]
[{"$nulls":7},"VALOR UNITÁRIO TOTAL - R$",{"$f":"TRUNC(I268+I275,2)","v":1795.26}]
[]
[]
[]
[null,"SERVIÇO","CODEVASF","ELE08","SERVIÇO PARA PROJETO ELÉTRICO EXECUTIVO DO SAA (CAPTAÇÃO E ETA - ALEGRE, BOA PAZ, BOM JESUS E UMBURANAS)",null,null,null,"UN ",null,{"$f":"I296","v":1632.46},2084.88]
[]
[null,null,null,"COD.","DESCRIÇÃO","UN.","COEF.","PREÇO","TOTAL"]
[null,null,null,"MATERIAIS / MÃO DE OBRA"]
[null,null,null,91677,"ENGENHEIRO ELETRICISTA                                                                                                                                                                                                                                                                                                                                                                                                                                                                                    ","H",24,{"$f":"SUMIF(Insumos!B:B,D284,Insumos!G:G)","v":53.78},{"$f":"G284*H284-0.01","v":1290.71}]
[null,null,null,90775,"DESENHISTA PROJETISTA","H",24,{"$f":"SUMIF(Insumos!B:B,D285,Insumos!G:G)","v":14.24},{"$f":"G285*H285-0.01","v":341.75}]
[{"$nulls":7},{"$f":"SUMIF(Insumos!B:B,D286,Insumos!G:G)","v":0},{"$f":"G286*H286","v":0}]
[{"$nulls":7},{"$f":"SUMIF(Insumos!B:B,D287,Insumos!G:G)","v":0},{"$f":"G287*H287","v":0}]
[null,null,null,"PARCIAL:",{"$nulls":4},{"$f":"SUM(I283:I287)","v":1632.46}]
[null,null,null,"SERVIÇOS/ EQUIPAMENTOS"]
[{"$nulls":7},{"$f":"SUMIF(Insumos!B:B,D290,Insumos!G:G)","v":0},{"$f":"G290*H290","v":0}]
[{"$nulls":7},{"$f":"SUMIF(Insumos!B:B,D291,Insumos!G:G)","v":0},{"$f":"G291*H291","v":0}]
[{"$nulls":7},{"$f":"SUMIF(Insumos!B:B,D292,Insumos!G:G)","v":0},{"$f":"G292*H292","v":0}]
[{"$nulls":7},{"$f":"SUMIF(Insumos!B:B,D293,Insumos!G:G)","v":0},{"$f":"G293*H293","v":0}]
[{"$nulls":7},{"$f":"SUMIF(Insumos!B:B,D294,Insumos!G:G)","v":0},{"$f":"G294*H294","v":0}]
[{"$nulls":7},"PARCIAL:",{"$f":"SUM(I290:I294)","v":0}]
[{"$nulls":7},"VALOR UNITÁRIO TOTAL - R$",{"$f":"TRUNC(I288+I295,2)","v":1632.46}]
[]
[]
[]
[null,"SERVIÇO","CODEVASF","ELE09","COMISSIONAMENTO E STARTUP DO SISTEMA COMPLETO (ILHA DA VILA E RIACHO DA MADEIRA)",null,null,null,"UN ",null,{"$f":"I316","v":1424.37},1824.56]
[]
[null,null,null,"COD.","DESCRIÇÃO","UN.","COEF.","PREÇO","TOTAL"]
[null,null,null,"MATERIAIS / MÃO DE OBRA"]
[null,null,null,91677,"ENGENHEIRO ELETRICISTA                                                                                                                                                                                                                                                                                                                                                                                                                                                                                    ","H",12.34,{"$f":"SUMIF(Insumos!B:B,D304,Insumos!G:G)","v":53.78},{"$f":"G304*H304","v":663.65}]
[null,null,null,88266,"ELETROTECNICO                                                                                                                                                                                                                                                                                                                                                                                                                                                                                             ","H",20.34,{"$f":"SUMIF(Insumos!B:B,D305,Insumos!G:G)","v":12.78},{"$f":"G305*H305","v":259.95}]
[null,null,null,88265,"ELETRICISTA INDUSTRIAL                                                                                                                                                                                                                                                                                                                                                                                                                                                                                    ","H",20.34,{"$f":"SUMIF(Insumos!B:B,D306,Insumos!G:G)","v":13.51},{"$f":"G306*H306","v":274.79000000000002}]
[null,null,null,88247,"AJUDANTE DE ELETRICISTA (COM ENCARGOS INCLUSOS)","H",20.34,{"$f":"SUMIF(Insumos!B:B,D307,Insumos!G:G)","v":11.11},{"$f":"G307*H307","v":225.98}]
[null,null,null,"PARCIAL:",{"$nulls":4},{"$f":"SUM(I303:I307)","v":1424.37}]
[null,null,null,"SERVIÇOS/ EQUIPAMENTOS"]
[{"$nulls":7},{"$f":"SUMIF(Insumos!B:B,D310,Insumos!G:G)","v":0},{"$f":"G310*H310","v":0}]
[{"$nulls":7},{"$f":"SUMIF(Insumos!B:B,D311,Insumos!G:G)","v":0},{"$f":"G311*H311","v":0}]
[{"$nulls":7},{"$f":"SUMIF(Insumos!B:B,D312,Insumos!G:G)","v":0},{"$f":"G312*H312","v":0}]
[{"$nulls":7},{"$f":"SUMIF(Insumos!B:B,D313,Insumos!G:G)","v":0},{"$f":"G313*H313","v":0}]
[{"$nulls":7},{"$f":"SUMIF(Insumos!B:B,D314,Insumos!G:G)","v":0},{"$f":"G314*H314","v":0}]
[{"$nulls":7},"PARCIAL:",{"$f":"SUM(I310:I314)","v":0}]
[{"$nulls":7},"VALOR UNITÁRIO TOTAL - R$",{"$f":"TRUNC(I308+I315,2)","v":1424.37}]
[]
[]
[]
[null,"SERVIÇO","CODEVASF","ELE010","SERVIÇO PARA PROJETO ELÉTRICO EXECUTIVO DO SAA(ILHA DA VILA E RIACHO DA MADEIRA)",null,null,null,"UN ",null,{"$f":"I336","v":1360.38},1737.4]
[]
[null,null,null,"COD.","DESCRIÇÃO","UN.","COEF.","PREÇO","TOTAL"]
[null,null,null,"MATERIAIS / MÃO DE OBRA"]
[null,null,null,91677,"ENGENHEIRO ELETRICISTA                                                                                                                                                                                                                                                                                                                                                                                                                                                                                    ","H",20,{"$f":"SUMIF(Insumos!B:B,D324,Insumos!G:G)","v":53.78},{"$f":"G324*H324-0.01","v":1075.5899999999999}]
[null,null,null,90775,"DESENHISTA PROJETISTA","H",20,{"$f":"SUMIF(Insumos!B:B,D325,Insumos!G:G)","v":14.24},{"$f":"G325*H325-0.01","v":284.79000000000002}]
[{"$nulls":7},{"$f":"SUMIF(Insumos!B:B,D326,Insumos!G:G)","v":0},{"$f":"G326*H326","v":0}]
[{"$nulls":7},{"$f":"SUMIF(Insumos!B:B,D327,Insumos!G:G)","v":0},{"$f":"G327*H327","v":0}]
[null,null,null,"PARCIAL:",{"$nulls":4},{"$f":"SUM(I323:I327)","v":1360.38}]
[null,null,null,"SERVIÇOS/ EQUIPAMENTOS"]
[{"$nulls":7},{"$f":"SUMIF(Insumos!B:B,D330,Insumos!G:G)","v":0},{"$f":"G330*H330","v":0}]
[{"$nulls":7},{"$f":"SUMIF(Insumos!B:B,D331,Insumos!G:G)","v":0},{"$f":"G331*H331","v":0}]
[{"$nulls":7},{"$f":"SUMIF(Insumos!B:B,D332,Insumos!G:G)","v":0},{"$f":"G332*H332","v":0}]
[{"$nulls":7},{"$f":"SUMIF(Insumos!B:B,D333,Insumos!G:G)","v":0},{"$f":"G333*H333","v":0}]
[{"$nulls":7},{"$f":"SUMIF(Insumos!B:B,D334,Insumos!G:G)","v":0},{"$f":"G334*H334","v":0}]
[{"$nulls":7},"PARCIAL:",{"$f":"SUM(I330:I334)","v":0}]
[{"$nulls":7},"VALOR UNITÁRIO TOTAL - R$",{"$f":"TRUNC(I328+I335,2)","v":1360.38}]
[]
[]
[]
[null,"SERVIÇO","CODEVASF","ELE11","SERVIÇO PARA INSTALAÇÃO DOS MATERIAIS ELÉTRICOS DA CASA DE QUÍMICA (ALEGRE, BOA PAZ, BOM JESUS, UMBURANAS, RIACHO DA MADEIRA)",null,null,null,"UN ",null,{"$f":"I356","v":2633.62},3374.4]
[]
[null,null,null,"COD.","DESCRIÇÃO","UN.","COEF.","PREÇO","TOTAL"]
[null,null,null,"MATERIAIS / MÃO DE OBRA"]
[null,null,null,91677,"ENGENHEIRO ELETRICISTA                                                                                                                                                                                                                                                                                                                                                                                                                                                                                    ","H",20.680099999999999,{"$f":"SUMIF(Insumos!B:B,D344,Insumos!G:G)","v":53.78},{"$f":"G344*H344","v":1112.18}]
[null,null,null,88266,"ELETROTECNICO                                                                                                                                                                                                                                                                                                                                                                                                                                                                                             ","H",40.680100000000003,{"$f":"SUMIF(Insumos!B:B,D345,Insumos!G:G)","v":12.78},{"$f":"G345*H345","v":519.89}]
[null,null,null,88265,"ELETRICISTA INDUSTRIAL                                                                                                                                                                                                                                                                                                                                                                                                                                                                                    ","H",40.680100000000003,{"$f":"SUMIF(Insumos!B:B,D346,Insumos!G:G)","v":13.51},{"$f":"G346*H346","v":549.59}]
[null,null,null,88247,"AJUDANTE DE ELETRICISTA (COM ENCARGOS INCLUSOS)","H",40.680100000000003,{"$f":"SUMIF(Insumos!B:B,D347,Insumos!G:G)","v":11.11},{"$f":"G347*H347","v":451.96}]
[null,null,null,"PARCIAL:",{"$nulls":4},{"$f":"SUM(I343:I347)","v":2633.62}]
[null,null,null,"SERVIÇOS/ EQUIPAMENTOS"]
[{"$nulls":7},{"$f":"SUMIF(Insumos!B:B,D350,Insumos!G:G)","v":0},{"$f":"G350*H350","v":0}]
[{"$nulls":7},{"$f":"SUMIF(Insumos!B:B,D351,Insumos!G:G)","v":0},{"$f":"G351*H351","v":0}]
[{"$nulls":7},{"$f":"SUMIF(Insumos!B:B,D352,Insumos!G:G)","v":0},{"$f":"G352*H352","v":0}]
[{"$nulls":7},{"$f":"SUMIF(Insumos!B:B,D353,Insumos!G:G)","v":0},{"$f":"G353*H353","v":0}]
[{"$nulls":7},{"$f":"SUMIF(Insumos!B:B,D354,Insumos!G:G)","v":0},{"$f":"G354*H354","v":0}]
[{"$nulls":7},"PARCIAL:",{"$f":"SUM(I350:I354)","v":0}]
[{"$nulls":7},"VALOR UNITÁRIO TOTAL - R$",{"$f":"TRUNC(I348+I355,2)","v":2633.62}]
[]
[]
[]
[null,"SERVIÇO","CODEVASF","ELE12","SERVIÇO PARA INSTALAÇÃO DOS MATERIAIS ELÉTRICOS DA CASA DE QUÍMICA (ILHA DA VILA)",null,null,null,"UN ",null,{"$f":"I376","v":2106.89},2699.52]
[]
[null,null,null,"COD.","DESCRIÇÃO","UN.","COEF.","PREÇO","TOTAL"]
[null,null,null,"MATERIAIS / MÃO DE OBRA"]
[null,null,null,91677,"ENGENHEIRO ELETRICISTA                                                                                                                                                                                                                                                                                                                                                                                                                                                                                    ","H",16.5442,{"$f":"SUMIF(Insumos!B:B,D364,Insumos!G:G)","v":53.78},{"$f":"G364*H364","v":889.75}]
[null,null,null,88266,"ELETROTECNICO                                                                                                                                                                                                                                                                                                                                                                                                                                                                                             ","H",32.544199999999996,{"$f":"SUMIF(Insumos!B:B,D365,Insumos!G:G)","v":12.78},{"$f":"G365*H365","v":415.91}]
[null,null,null,88265,"ELETRICISTA INDUSTRIAL                                                                                                                                                                                                                                                                                                                                                                                                                                                                                    ","H",32.544199999999996,{"$f":"SUMIF(Insumos!B:B,D366,Insumos!G:G)","v":13.51},{"$f":"G366*H366","v":439.67}]
[null,null,null,88247,"AJUDANTE DE ELETRICISTA (COM ENCARGOS INCLUSOS)","H",32.544199999999996,{"$f":"SUMIF(Insumos!B:B,D367,Insumos!G:G)","v":11.11},{"$f":"G367*H367-0.01","v":361.56}]
[null,null,null,"PARCIAL:",{"$nulls":4},{"$f":"SUM(I363:I367)","v":2106.89}]
[null,null,null,"SERVIÇOS/ EQUIPAMENTOS"]
[{"$nulls":7},{"$f":"SUMIF(Insumos!B:B,D370,Insumos!G:G)","v":0},{"$f":"G370*H370","v":0}]
[{"$nulls":7},{"$f":"SUMIF(Insumos!B:B,D371,Insumos!G:G)","v":0},{"$f":"G371*H371","v":0}]
[{"$nulls":7},{"$f":"SUMIF(Insumos!B:B,D372,Insumos!G:G)","v":0},{"$f":"G372*H372","v":0}]
[{"$nulls":7},{"$f":"SUMIF(Insumos!B:B,D373,Insumos!G:G)","v":0},{"$f":"G373*H373","v":0}]
[{"$nulls":7},{"$f":"SUMIF(Insumos!B:B,D374,Insumos!G:G)","v":0},{"$f":"G374*H374","v":0}]
[{"$nulls":7},"PARCIAL:",{"$f":"SUM(I370:I374)","v":0}]
[{"$nulls":7},"VALOR UNITÁRIO TOTAL - R$",{"$f":"TRUNC(I368+I375,2)","v":2106.89}]
[]
[]
[]
[null,"SERVIÇO","CODEVASF","ELE13","SERVIÇO PARA INSTALAÇÃO DO SPDA DO RESERVATÓRIO",null,null,null,"UN ",null,{"$f":"I396","v":154.05000000000001},196.76]
[]
[null,null,null,"COD.","DESCRIÇÃO","UN.","COEF.","PREÇO","TOTAL"]
[null,null,null,"MATERIAIS / MÃO DE OBRA"]
[null,null,null,91677,"ENGENHEIRO ELETRICISTA                                                                                                                                                                                                                                                                                                                                                                                                                                                                                    ","H",0.5343,{"$f":"SUMIF(Insumos!B:B,D384,Insumos!G:G)","v":53.78},{"$f":"G384*H384","v":28.73}]
[null,null,null,88266,"ELETROTECNICO                                                                                                                                                                                                                                                                                                                                                                                                                                                                                             ","H",2.0343,{"$f":"SUMIF(Insumos!B:B,D385,Insumos!G:G)","v":12.78},{"$f":"G385*H385","v":26}]
[null,null,null,88265,"ELETRICISTA INDUSTRIAL                                                                                                                                                                                                                                                                                                                                                                                                                                                                                    ","H",4.0343,{"$f":"SUMIF(Insumos!B:B,D386,Insumos!G:G)","v":13.51},{"$f":"G386*H386","v":54.5}]
[null,null,null,88247,"AJUDANTE DE ELETRICISTA (COM ENCARGOS INCLUSOS)","H",4.0343,{"$f":"SUMIF(Insumos!B:B,D387,Insumos!G:G)","v":11.11},{"$f":"G387*H387","v":44.82}]
[null,null,null,"PARCIAL:",{"$nulls":4},{"$f":"SUM(I383:I387)","v":154.05000000000001}]
[null,null,null,"SERVIÇOS/ EQUIPAMENTOS"]
[{"$nulls":7},{"$f":"SUMIF(Insumos!B:B,D390,Insumos!G:G)","v":0},{"$f":"G390*H390","v":0}]
[{"$nulls":7},{"$f":"SUMIF(Insumos!B:B,D391,Insumos!G:G)","v":0},{"$f":"G391*H391","v":0}]
[{"$nulls":7},{"$f":"SUMIF(Insumos!B:B,D392,Insumos!G:G)","v":0},{"$f":"G392*H392","v":0}]
[{"$nulls":7},{"$f":"SUMIF(Insumos!B:B,D393,Insumos!G:G)","v":0},{"$f":"G393*H393","v":0}]
[{"$nulls":7},{"$f":"SUMIF(Insumos!B:B,D394,Insumos!G:G)","v":0},{"$f":"G394*H394","v":0}]
[{"$nulls":7},"PARCIAL:",{"$f":"SUM(I390:I394)","v":0}]
[{"$nulls":7},"VALOR UNITÁRIO TOTAL - R$",{"$f":"TRUNC(I388+I395,2)","v":154.05000000000001}]
[]
[]
[]
[null,"INSUMO","COTAÇÃO","COTAÇÃO1",{"$f":"E404","v":"HIPOCLORITO DE SÓDIO ( 10KG)"},null,null,null,{"$f":"F404","v":"UN "},null,{"$f":"I408","v":160.31},204.75]
[]
[null,null,null,"COD.","DESCRIÇÃO","UN.","COEF.","PREÇO","TOTAL"]
[null,null,null,"MATERIAIS / MÃO DE OBRA"]
[null,null,null,"M0005","HIPOCLORITO DE SÓDIO ( 10KG)","UN ",1,{"$f":"SUMIF(Insumos!B:B,D404,Insumos!G:G)","v":160.31},{"$f":"G404*H404","v":160.31}]
[{"$nulls":7},{"$f":"SUMIF(Insumos!B:B,D405,Insumos!G:G)","v":0},{"$f":"G405*H405","v":0}]
[{"$nulls":7},{"$f":"SUMIF(Insumos!B:B,D406,Insumos!G:G)","v":0},{"$f":"G406*H406","v":0}]
[null,null,null,"PARCIAL:",{"$nulls":4},{"$f":"SUM(I403:I406)","v":160.31}]
[{"$nulls":7},"VALOR UNITÁRIO TOTAL - R$",{"$f":"TRUNC(I407,2)","v":160.31}]
[]
[]
[]
[null,"INSUMO","COTAÇÃO","COTAÇÃO2",{"$f":"E416","v":"DISPERSOR HIDRÁULICO, CONFORME ESPECIFICAÇÃO DO PROJETO DOS FILTROS DA ETA"},null,null,null,{"$f":"F416","v":"UN    "},null,{"$f":"I420","v":2149.33},2745]
[]
[null,null,null,"COD.","DESCRIÇÃO","UN.","COEF.","PREÇO","TOTAL"]
[null,null,null,"MATERIAIS / MÃO DE OBRA"]
[null,null,null,"M0007","DISPERSOR HIDRÁULICO, CONFORME ESPECIFICAÇÃO DO PROJETO DOS FILTROS DA ETA","UN    ",1,{"$f":"SUMIF(Insumos!B:B,D416,Insumos!G:G)","v":2149.33},{"$f":"G416*H416","v":2149.33}]
[{"$nulls":7},{"$f":"SUMIF(Insumos!B:B,D417,Insumos!G:G)","v":0},{"$f":"G417*H417","v":0}]
[{"$nulls":7},{"$f":"SUMIF(Insumos!B:B,D418,Insumos!G:G)","v":0},{"$f":"G418*H418","v":0}]
[null,null,null,"PARCIAL:",{"$nulls":4},{"$f":"SUM(I415:I418)","v":2149.33}]
[{"$nulls":7},"VALOR UNITÁRIO TOTAL - R$",{"$f":"TRUNC(I419,2)","v":2149.33}]
[]
[]
[]
[null,"INSUMO","COMPRASNET",{"$f":"D428","v":5388},{"$f":"E428","v":"CURVA 90º, EM FOFO, C/ FLANGES PN 10, D=  200MM"},null,null,null,{"$f":"F428","v":"UN"},null,{"$f":"I432","v":265.55},339.15]
[]
[null,null,null,"COD.","DESCRIÇÃO","UN.","COEF.","PREÇO","TOTAL"]
[null,null,null,"MATERIAIS / MÃO DE OBRA"]
[null,null,null,5388,"CURVA 90º, EM FOFO, C/ FLANGES PN 10, D=  200MM","UN",1,{"$f":"SUMIF(Insumos!B:B,D428,Insumos!G:G)","v":265.55},{"$f":"G428*H428","v":265.55}]
[{"$nulls":7},{"$f":"SUMIF(Insumos!B:B,D429,Insumos!G:G)","v":0},{"$f":"G429*H429","v":0}]
[{"$nulls":7},{"$f":"SUMIF(Insumos!B:B,D430,Insumos!G:G)","v":0},{"$f":"G430*H430","v":0}]
[null,null,null,"PARCIAL:",{"$nulls":4},{"$f":"SUM(I427:I430)","v":265.55}]
[{"$nulls":7},"VALOR UNITÁRIO TOTAL - R$",{"$f":"TRUNC(I431,2)","v":265.55}]
[]
[]
[]
[null,"INSUMO","COMPRASNET",{"$f":"D440","v":5647},{"$f":"E440","v":"REGISTRO GAVETA FOFO, C/ FLANGES, CUNHA BORRACHA, CORPO CURTO E CABEÇOTE, PN  10, TIPO EURO 23, D=  200MM"},null,null,null,{"$f":"F440","v":"UN"},null,{"$f":"I444","v":702.35},897]
[]
[null,null,null,"COD.","DESCRIÇÃO","UN.","COEF.","PREÇO","TOTAL"]
[null,null,null,"MATERIAIS / MÃO DE OBRA"]
[null,null,null,5647,"REGISTRO GAVETA FOFO, C/ FLANGES, CUNHA BORRACHA, CORPO CURTO E CABEÇOTE, PN  10, TIPO EURO 23, D=  200MM","UN",1,{"$f":"SUMIF(Insumos!B:B,D440,Insumos!G:G)","v":702.35},{"$f":"G440*H440","v":702.35}]
[{"$nulls":7},{"$f":"SUMIF(Insumos!B:B,D441,Insumos!G:G)","v":0},{"$f":"G441*H441","v":0}]
[{"$nulls":7},{"$f":"SUMIF(Insumos!B:B,D442,Insumos!G:G)","v":0},{"$f":"G442*H442","v":0}]
[null,null,null,"PARCIAL:",{"$nulls":4},{"$f":"SUM(I439:I442)","v":702.35}]
[{"$nulls":7},"VALOR UNITÁRIO TOTAL - R$",{"$f":"TRUNC(I443,2)","v":702.35}]
[]
[]
[]
[null,"INSUMO","COMPRASNET",{"$f":"D452","v":5524},{"$f":"E452","v":"JUNTA GIBAULT EM FOFO, D=  150MM"},null,null,null,{"$f":"F452","v":"UN"},null,{"$f":"I456","v":151.31},193.25]
[]
[null,null,null,"COD.","DESCRIÇÃO","UN.","COEF.","PREÇO","TOTAL"]
[null,null,null,"MATERIAIS / MÃO DE OBRA"]
[null,null,null,5524,"JUNTA GIBAULT EM FOFO, D=  150MM","UN",1,{"$f":"SUMIF(Insumos!B:B,D452,Insumos!G:G)","v":151.31},{"$f":"G452*H452","v":151.31}]
[{"$nulls":7},{"$f":"SUMIF(Insumos!B:B,D453,Insumos!G:G)","v":0},{"$f":"G453*H453","v":0}]
[{"$nulls":7},{"$f":"SUMIF(Insumos!B:B,D454,Insumos!G:G)","v":0},{"$f":"G454*H454","v":0}]
[null,null,null,"PARCIAL:",{"$nulls":4},{"$f":"SUM(I451:I454)","v":151.31}]
[{"$nulls":7},"VALOR UNITÁRIO TOTAL - R$",{"$f":"TRUNC(I455,2)","v":151.31}]
[]
[]
[]
[null,"INSUMO","COMPRASNET",{"$f":"D464","v":20055},{"$f":"E464","v":"REGISTRO DE ESFERA, PVC, COM VOLANTE, VS, ROSCAVEL, DN 1\", COM CORPO DIVIDIDO"},null,null,null,{"$f":"F464","v":"UN"},null,{"$f":"I468","v":8.11},10.36]
[]
[null,null,null,"COD.","DESCRIÇÃO","UN.","COEF.","PREÇO","TOTAL"]
[null,null,null,"MATERIAIS / MÃO DE OBRA"]
[null,null,null,20055,"REGISTRO DE ESFERA, PVC, COM VOLANTE, VS, ROSCAVEL, DN 1\", COM CORPO DIVIDIDO","UN",1,{"$f":"SUMIF(Insumos!B:B,D464,Insumos!G:G)","v":8.11},{"$f":"G464*H464","v":8.11}]
[{"$nulls":7},{"$f":"SUMIF(Insumos!B:B,D465,Insumos!G:G)","v":0},{"$f":"G465*H465","v":0}]
[{"$nulls":7},{"$f":"SUMIF(Insumos!B:B,D466,Insumos!G:G)","v":0},{"$f":"G466*H466","v":0}]
[null,null,null,"PARCIAL:",{"$nulls":4},{"$f":"SUM(I463:I466)","v":8.11}]
[{"$nulls":7},"VALOR UNITÁRIO TOTAL - R$",{"$f":"TRUNC(I467,2)","v":8.11}]
[]
[]
[]
[null,"INSUMO","COMPRASNET",{"$f":"D476","v":5196},{"$f":"E476","v":"ARRUELA DE BORRACHA PARA JUNTA C/ FLANGE PN 10, D=   80MM"},null,null,null,{"$f":"F476","v":"UN"},null,{"$f":"I480","v":1.52},1.95]
[]
[null,null,null,"COD.","DESCRIÇÃO","UN.","COEF.","PREÇO","TOTAL"]
[null,null,null,"MATERIAIS / MÃO DE OBRA"]
[null,null,null,5196,"ARRUELA DE BORRACHA PARA JUNTA C/ FLANGE PN 10, D=   80MM","UN",1,{"$f":"SUMIF(Insumos!B:B,D476,Insumos!G:G)","v":1.52},{"$f":"G476*H476","v":1.52}]
[{"$nulls":7},{"$f":"SUMIF(Insumos!B:B,D477,Insumos!G:G)","v":0},{"$f":"G477*H477","v":0}]
[{"$nulls":7},{"$f":"SUMIF(Insumos!B:B,D478,Insumos!G:G)","v":0},{"$f":"G478*H478","v":0}]
[null,null,null,"PARCIAL:",{"$nulls":4},{"$f":"SUM(I475:I478)","v":1.52}]
[{"$nulls":7},"VALOR UNITÁRIO TOTAL - R$",{"$f":"TRUNC(I479,2)","v":1.52}]
[]
[]
[]
[null,"INSUMO","COMPRASNET",{"$f":"D488","v":5197},{"$f":"E488","v":"ARRUELA DE BORRACHA PARA JUNTA C/ FLANGE PN 10, D=  100MM"},null,null,null,{"$f":"F488","v":"UN"},null,{"$f":"I492","v":1.55},1.98]
[]
[null,null,null,"COD.","DESCRIÇÃO","UN.","COEF.","PREÇO","TOTAL"]
[null,null,null,"MATERIAIS / MÃO DE OBRA"]
[null,null,null,5197,"ARRUELA DE BORRACHA PARA JUNTA C/ FLANGE PN 10, D=  100MM","UN",1,{"$f":"SUMIF(Insumos!B:B,D488,Insumos!G:G)","v":1.55},{"$f":"G488*H488","v":1.55}]
[{"$nulls":7},{"$f":"SUMIF(Insumos!B:B,D489,Insumos!G:G)","v":0},{"$f":"G489*H489","v":0}]
[{"$nulls":7},{"$f":"SUMIF(Insumos!B:B,D490,Insumos!G:G)","v":0},{"$f":"G490*H490","v":0}]
[null,null,null,"PARCIAL:",{"$nulls":4},{"$f":"SUM(I487:I490)","v":1.55}]
[{"$nulls":7},"VALOR UNITÁRIO TOTAL - R$",{"$f":"TRUNC(I491,2)","v":1.55}]
[]
[]
[]
[null,"INSUMO","COMPRASNET",{"$f":"D500","v":5198},{"$f":"E500","v":"ARRUELA DE BORRACHA PARA JUNTA C/ FLANGE PN 10, D=  150MM"},null,null,null,{"$f":"F500","v":"UN"},null,{"$f":"I504","v":2.34},3]
[]
[null,null,null,"COD.","DESCRIÇÃO","UN.","COEF.","PREÇO","TOTAL"]
[null,null,null,"MATERIAIS / MÃO DE OBRA"]
[null,null,null,5198,"ARRUELA DE BORRACHA PARA JUNTA C/ FLANGE PN 10, D=  150MM","UN",1,{"$f":"SUMIF(Insumos!B:B,D500,Insumos!G:G)","v":2.34},{"$f":"G500*H500","v":2.34}]
[{"$nulls":7},{"$f":"SUMIF(Insumos!B:B,D501,Insumos!G:G)","v":0},{"$f":"G501*H501","v":0}]
[{"$nulls":7},{"$f":"SUMIF(Insumos!B:B,D502,Insumos!G:G)","v":0},{"$f":"G502*H502","v":0}]
[null,null,null,"PARCIAL:",{"$nulls":4},{"$f":"SUM(I499:I502)","v":2.34}]
[{"$nulls":7},"VALOR UNITÁRIO TOTAL - R$",{"$f":"TRUNC(I503,2)","v":2.34}]
[]
[]
[]
[null,"INSUMO","COMPRASNET",{"$f":"D512","v":5245},{"$f":"E512","v":"PARAFUSO E PORCA PARA JUNTA C/ FLANGE D X L = 20 X  90MM"},null,null,null,{"$f":"F512","v":"UN"},null,{"$f":"I516","v":6.97},8.91]
[]
[null,null,null,"COD.","DESCRIÇÃO","UN.","COEF.","PREÇO","TOTAL"]
[null,null,null,"MATERIAIS / MÃO DE OBRA"]
[null,null,null,5245,"PARAFUSO E PORCA PARA JUNTA C/ FLANGE D X L = 20 X  90MM","UN",1,{"$f":"SUMIF(Insumos!B:B,D512,Insumos!G:G)","v":6.97},{"$f":"G512*H512","v":6.97}]
[{"$nulls":7},{"$f":"SUMIF(Insumos!B:B,D513,Insumos!G:G)","v":0},{"$f":"G513*H513","v":0}]
[{"$nulls":7},{"$f":"SUMIF(Insumos!B:B,D514,Insumos!G:G)","v":0},{"$f":"G514*H514","v":0}]
[null,null,null,"PARCIAL:",{"$nulls":4},{"$f":"SUM(I511:I514)","v":6.97}]
[{"$nulls":7},"VALOR UNITÁRIO TOTAL - R$",{"$f":"TRUNC(I515,2)","v":6.97}]
[]
[]
[]
[null,"INSUMO","COMPRASNET",{"$f":"D524","v":9422},{"$f":"E524","v":"LUMINÁRIA EXTERNA EM CORPO DE AÇO C/ PINTURA ELETROSTÁTICA, REFLETOR EM ALUMÍ NIO MARTELADO, DIFUSOR EM VIDRO TEMPERADO, INCLUISIVE POSTE DE 4M, REF. EX08- S1E40T4 DA LUMICENTER OU SIMILAR"},null,null,null,{"$f":"F524","v":"UN"},null,{"$f":"I528","v":398.46},508.9]
[]
[null,null,null,"COD.","DESCRIÇÃO","UN.","COEF.","PREÇO","TOTAL"]
[null,null,null,"MATERIAIS / MÃO DE OBRA"]
[null,null,null,9422,"LUMINÁRIA EXTERNA EM CORPO DE AÇO C/ PINTURA ELETROSTÁTICA, REFLETOR EM ALUMÍ NIO MARTELADO, DIFUSOR EM VIDRO TEMPERADO, INCLUISIVE POSTE DE 4M, REF. EX08- S1E40T4 DA LUMICENTER OU SIMILAR","UN",1,{"$f":"SUMIF(Insumos!B:B,D524,Insumos!G:G)","v":398.46},{"$f":"G524*H524","v":398.46}]
[{"$nulls":7},{"$f":"SUMIF(Insumos!B:B,D525,Insumos!G:G)","v":0},{"$f":"G525*H525","v":0}]
[{"$nulls":7},{"$f":"SUMIF(Insumos!B:B,D526,Insumos!G:G)","v":0},{"$f":"G526*H526","v":0}]
[null,null,null,"PARCIAL:",{"$nulls":4},{"$f":"SUM(I523:I526)","v":398.46}]
[{"$nulls":7},"VALOR UNITÁRIO TOTAL - R$",{"$f":"TRUNC(I527,2)","v":398.46}]
[]
[]
[]
[null,"INSUMO","COMPRASNET",{"$f":"D536","v":"I8500"},{"$f":"E536","v":"CABO BLINDADO FLEXÍVEL TETRAPOLAR 3 x 10,0 mm² + 10,0 mm² 0,6/1 KV"},null,null,null,{"$f":"F536","v":"M"},null,{"$f":"I540","v":12.33},15.75]
[]
[null,null,null,"COD.","DESCRIÇÃO","UN.","COEF.","PREÇO","TOTAL"]
[null,null,null,"MATERIAIS / MÃO DE OBRA"]
[null,null,null,"I8500","CABO BLINDADO FLEXÍVEL TETRAPOLAR 3 x 10,0 mm² + 10,0 mm² 0,6/1 KV","M",1,{"$f":"SUMIF(Insumos!B:B,D536,Insumos!G:G)","v":12.33},{"$f":"G536*H536","v":12.33}]
[{"$nulls":7},{"$f":"SUMIF(Insumos!B:B,D537,Insumos!G:G)","v":0},{"$f":"G537*H537","v":0}]
[{"$nulls":7},{"$f":"SUMIF(Insumos!B:B,D538,Insumos!G:G)","v":0},{"$f":"G538*H538","v":0}]
[null,null,null,"PARCIAL:",{"$nulls":4},{"$f":"SUM(I535:I538)","v":12.33}]
[{"$nulls":7},"VALOR UNITÁRIO TOTAL - R$",{"$f":"TRUNC(I539,2)","v":12.33}]
[]
[]
[]
[null,"INSUMO","COMPRASNET",{"$f":"D548","v":39259},{"$f":"E548","v":"CABO MULTIPOLAR DE COBRE, FLEXIVEL, CLASSE 4 OU 5, ISOLACAO EM HEPR, COBERTURA EM PVC-ST2, ANTICHAMA BWF-B, 0,6/1 KV, 3 CONDUTORES DE 4 MM2"},null,null,null,{"$f":"F548","v":"M"},null,{"$f":"I552","v":4.28},5.47]
[]
[null,null,null,"COD.","DESCRIÇÃO","UN.","COEF.","PREÇO","TOTAL"]
[null,null,null,"MATERIAIS / MÃO DE OBRA"]
[null,null,null,39259,"CABO MULTIPOLAR DE COBRE, FLEXIVEL, CLASSE 4 OU 5, ISOLACAO EM HEPR, COBERTURA EM PVC-ST2, ANTICHAMA BWF-B, 0,6/1 KV, 3 CONDUTORES DE 4 MM2","M",1,{"$f":"SUMIF(Insumos!B:B,D548,Insumos!G:G)","v":4.28},{"$f":"G548*H548","v":4.28}]
[{"$nulls":7},{"$f":"SUMIF(Insumos!B:B,D549,Insumos!G:G)","v":0},{"$f":"G549*H549","v":0}]
[{"$nulls":7},{"$f":"SUMIF(Insumos!B:B,D550,Insumos!G:G)","v":0},{"$f":"G550*H550","v":0}]
[null,null,null,"PARCIAL:",{"$nulls":4},{"$f":"SUM(I547:I550)","v":4.28}]
[{"$nulls":7},"VALOR UNITÁRIO TOTAL - R$",{"$f":"TRUNC(I551,2)","v":4.28}]
[]
[]
[]
[null,"INSUMO","COMPRASNET",{"$f":"D560","v":"I8498"},{"$f":"E560","v":"CABO BLINDADO FLEXÍVEL TETRAPOLAR 3 x 4,0 mm² + 4,0 mm² 0,6/1 KV"},null,null,null,{"$f":"F560","v":"M"},null,{"$f":"I564","v":5.23},6.68]
[]
[null,null,null,"COD.","DESCRIÇÃO","UN.","COEF.","PREÇO","TOTAL"]
[null,null,null,"MATERIAIS / MÃO DE OBRA"]
[null,null,null,"I8498","CABO BLINDADO FLEXÍVEL TETRAPOLAR 3 x 4,0 mm² + 4,0 mm² 0,6/1 KV","M",1,{"$f":"SUMIF(Insumos!B:B,D560,Insumos!G:G)","v":5.23},{"$f":"G560*H560","v":5.23}]
[{"$nulls":7},{"$f":"SUMIF(Insumos!B:B,D561,Insumos!G:G)","v":0},{"$f":"G561*H561","v":0}]
[{"$nulls":7},{"$f":"SUMIF(Insumos!B:B,D562,Insumos!G:G)","v":0},{"$f":"G562*H562","v":0}]
[null,null,null,"PARCIAL:",{"$nulls":4},{"$f":"SUM(I559:I562)","v":5.23}]
[{"$nulls":7},"VALOR UNITÁRIO TOTAL - R$",{"$f":"TRUNC(I563,2)","v":5.23}]
[]
[]
[]
[null,"INSUMO","COMPRASNET",{"$f":"D572","v":1014},{"$f":"E572","v":"CABO DE COBRE, FLEXIVEL, CLASSE 4 OU 5, ISOLACAO EM PVC/A, ANTICHAMA BWF-B, 1 CONDUTOR, 450/750 V, SECAO NOMINAL 2,5 MM2 (FASE - VERMELHO)"},null,null,null,{"$f":"F572","v":"M"},null,{"$f":"I576","v":0.45},0.57999999999999996]
[]
[null,null,null,"COD.","DESCRIÇÃO","UN.","COEF.","PREÇO","TOTAL"]
[null,null,null,"MATERIAIS / MÃO DE OBRA"]
[null,null,null,1014,"CABO DE COBRE, FLEXIVEL, CLASSE 4 OU 5, ISOLACAO EM PVC/A, ANTICHAMA BWF-B, 1 CONDUTOR, 450/750 V, SECAO NOMINAL 2,5 MM2 (FASE - VERMELHO)","M",1,{"$f":"SUMIF(Insumos!B:B,D572,Insumos!G:G)","v":0.45},{"$f":"G572*H572","v":0.45}]
[{"$nulls":7},{"$f":"SUMIF(Insumos!B:B,D573,Insumos!G:G)","v":0},{"$f":"G573*H573","v":0}]
[{"$nulls":7},{"$f":"SUMIF(Insumos!B:B,D574,Insumos!G:G)","v":0},{"$f":"G574*H574","v":0}]
[null,null,null,"PARCIAL:",{"$nulls":4},{"$f":"SUM(I571:I574)","v":0.45}]
[{"$nulls":7},"VALOR UNITÁRIO TOTAL - R$",{"$f":"TRUNC(I575,2)","v":0.45}]
[]
[]
[]
[null,"INSUMO","COMPRASNET",{"$f":"D584","v":9828},{"$f":"E584","v":"TUBO PVC DEFOFO, JEI, 1 MPA, DN 150 MM, PARA REDE DE  AGUA (NBR 7665)"},null,null,null,{"$f":"F584","v":"M"},null,{"$f":"I588","v":30.46},38.909999999999997]
[]
[null,null,null,"COD.","DESCRIÇÃO","UN.","COEF.","PREÇO","TOTAL"]
[null,null,null,"MATERIAIS / MÃO DE OBRA"]
[null,null,null,9828,"TUBO PVC DEFOFO, JEI, 1 MPA, DN 150 MM, PARA REDE DE  AGUA (NBR 7665)","M",1,{"$f":"SUMIF(Insumos!B:B,D584,Insumos!G:G)","v":30.46},{"$f":"G584*H584","v":30.46}]
[{"$nulls":7},{"$f":"SUMIF(Insumos!B:B,D585,Insumos!G:G)","v":0},{"$f":"G585*H585","v":0}]
[{"$nulls":7},{"$f":"SUMIF(Insumos!B:B,D586,Insumos!G:G)","v":0},{"$f":"G586*H586","v":0}]
[null,null,null,"PARCIAL:",{"$nulls":4},{"$f":"SUM(I583:I586)","v":30.46}]
[{"$nulls":7},"VALOR UNITÁRIO TOTAL - R$",{"$f":"TRUNC(I587,2)","v":30.46}]
[]
[]
[]
[null,"INSUMO","COMPRASNET",{"$f":"D596","v":9825},{"$f":"E596","v":"TUBO PVC DEFOFO, JEI, 1 MPA, DN 100 MM, PARA REDE DE AGUA (NBR 7665)"},null,null,null,{"$f":"F596","v":"M"},null,{"$f":"I600","v":14.03},17.920000000000002]
[]
[null,null,null,"COD.","DESCRIÇÃO","UN.","COEF.","PREÇO","TOTAL"]
[null,null,null,"MATERIAIS / MÃO DE OBRA"]
[null,null,null,9825,"TUBO PVC DEFOFO, JEI, 1 MPA, DN 100 MM, PARA REDE DE AGUA (NBR 7665)","M",1,{"$f":"SUMIF(Insumos!B:B,D596,Insumos!G:G)","v":14.03},{"$f":"G596*H596","v":14.03}]
[{"$nulls":7},{"$f":"SUMIF(Insumos!B:B,D597,Insumos!G:G)","v":0},{"$f":"G597*H597","v":0}]
[{"$nulls":7},{"$f":"SUMIF(Insumos!B:B,D598,Insumos!G:G)","v":0},{"$f":"G598*H598","v":0}]
[null,null,null,"PARCIAL:",{"$nulls":4},{"$f":"SUM(I595:I598)","v":14.03}]
[{"$nulls":7},"VALOR UNITÁRIO TOTAL - R$",{"$f":"TRUNC(I599,2)","v":14.03}]
[]
[]
[]
[null,"INSUMO","COMPRASNET",{"$f":"D608","v":"I3364"},{"$f":"E608","v":"CURVA 90 FoFo BB JUNTA ELÁSTICA DN 150"},null,null,null,{"$f":"F608","v":"UN"},null,{"$f":"I612","v":164.11},209.6]
[]
[null,null,null,"COD.","DESCRIÇÃO","UN.","COEF.","PREÇO","TOTAL"]
[null,null,null,"MATERIAIS / MÃO DE OBRA"]
[null,null,null,"I3364","CURVA 90 FoFo BB JUNTA ELÁSTICA DN 150","UN",1,{"$f":"SUMIF(Insumos!B:B,D608,Insumos!G:G)","v":164.11},{"$f":"G608*H608","v":164.11}]
[{"$nulls":7},{"$f":"SUMIF(Insumos!B:B,D609,Insumos!G:G)","v":0},{"$f":"G609*H609","v":0}]
[{"$nulls":7},{"$f":"SUMIF(Insumos!B:B,D610,Insumos!G:G)","v":0},{"$f":"G610*H610","v":0}]
[null,null,null,"PARCIAL:",{"$nulls":4},{"$f":"SUM(I607:I610)","v":164.11}]
[{"$nulls":7},"VALOR UNITÁRIO TOTAL - R$",{"$f":"TRUNC(I611,2)","v":164.11}]
[]
[]
[]
[null,"INSUMO","COMPRASNET",{"$f":"D620","v":5359},{"$f":"E620","v":"CURVA 90º C/ BOLSAS, EM FOFO, JE, D=  100MM"},null,null,null,{"$f":"F620","v":"UN"},null,{"$f":"I624","v":81.69},104.34]
[]
[null,null,null,"COD.","DESCRIÇÃO","UN.","COEF.","PREÇO","TOTAL"]
[null,null,null,"MATERIAIS / MÃO DE OBRA"]
[null,null,null,5359,"CURVA 90º C/ BOLSAS, EM FOFO, JE, D=  100MM","UN",1,{"$f":"SUMIF(Insumos!B:B,D620,Insumos!G:G)","v":81.69},{"$f":"G620*H620","v":81.69}]
[{"$nulls":7},{"$f":"SUMIF(Insumos!B:B,D621,Insumos!G:G)","v":0},{"$f":"G621*H621","v":0}]
[{"$nulls":7},{"$f":"SUMIF(Insumos!B:B,D622,Insumos!G:G)","v":0},{"$f":"G622*H622","v":0}]
[null,null,null,"PARCIAL:",{"$nulls":4},{"$f":"SUM(I619:I622)","v":81.69}]
[{"$nulls":7},"VALOR UNITÁRIO TOTAL - R$",{"$f":"TRUNC(I623,2)","v":81.69}]
[]
[]
[]
[null,"INSUMO","COMPRASNET",{"$f":"D632","v":5333},{"$f":"E632","v":"CURVA 45º C/ BOLSAS, EM FOFO, JE, D=  100MM"},null,null,null,{"$f":"F632","v":"UN"},null,{"$f":"I636","v":75.95},97]
[]
[null,null,null,"COD.","DESCRIÇÃO","UN.","COEF.","PREÇO","TOTAL"]
[null,null,null,"MATERIAIS / MÃO DE OBRA"]
[null,null,null,5333,"CURVA 45º C/ BOLSAS, EM FOFO, JE, D=  100MM","UN",1,{"$f":"SUMIF(Insumos!B:B,D632,Insumos!G:G)","v":75.95},{"$f":"G632*H632","v":75.95}]
[{"$nulls":7},{"$f":"SUMIF(Insumos!B:B,D633,Insumos!G:G)","v":0},{"$f":"G633*H633","v":0}]
[{"$nulls":7},{"$f":"SUMIF(Insumos!B:B,D634,Insumos!G:G)","v":0},{"$f":"G634*H634","v":0}]
[null,null,null,"PARCIAL:",{"$nulls":4},{"$f":"SUM(I631:I634)","v":75.95}]
[{"$nulls":7},"VALOR UNITÁRIO TOTAL - R$",{"$f":"TRUNC(I635,2)","v":75.95}]
[]
[]
[]
[null,"INSUMO","COMPRASNET",{"$f":"D644","v":"Comprasnet"},{"$f":"E644","v":"SULFATO DE ALUMÍNIO (2KG)"},null,null,null,{"$f":"F644","v":"UN "},null,{"$f":"I648","v":8.1999999999999993},10.48]
[]
[null,null,null,"COD.","DESCRIÇÃO","UN.","COEF.","PREÇO","TOTAL"]
[null,null,null,"MATERIAIS / MÃO DE OBRA"]
[null,null,null,"Comprasnet","SULFATO DE ALUMÍNIO (2KG)","UN ",1,{"$f":"SUMIF(Insumos!B:B,D644,Insumos!G:G)","v":8.1999999999999993},{"$f":"G644*H644","v":8.1999999999999993}]
[{"$nulls":7},{"$f":"SUMIF(Insumos!B:B,D645,Insumos!G:G)","v":0},{"$f":"G645*H645","v":0}]
[{"$nulls":7},{"$f":"SUMIF(Insumos!B:B,D646,Insumos!G:G)","v":0},{"$f":"G646*H646","v":0}]
[null,null,null,"PARCIAL:",{"$nulls":4},{"$f":"SUM(I643:I646)","v":8.1999999999999993}]
[{"$nulls":7},"VALOR UNITÁRIO TOTAL - R$",{"$f":"TRUNC(I647,2)","v":8.1999999999999993}]
[]
[]
[]
[null,"INSUMO","COMPRASNET",{"$f":"D656","v":9867},{"$f":"E656","v":"TUBO PVC, SOLDAVEL, DN 20 MM, AGUA FRIA (NBR-5648)"},null,null,null,{"$f":"F656","v":"M"},null,{"$f":"I660","v":1.21},1.55]
[]
[null,null,null,"COD.","DESCRIÇÃO","UN.","COEF.","PREÇO","TOTAL"]
[null,null,null,"MATERIAIS / MÃO DE OBRA"]
[null,null,null,9867,"TUBO PVC, SOLDAVEL, DN 20 MM, AGUA FRIA (NBR-5648)","M",1,{"$f":"SUMIF(Insumos!B:B,D656,Insumos!G:G)","v":1.21},{"$f":"G656*H656","v":1.21}]
[{"$nulls":7},{"$f":"SUMIF(Insumos!B:B,D657,Insumos!G:G)","v":0},{"$f":"G657*H657","v":0}]
[{"$nulls":7},{"$f":"SUMIF(Insumos!B:B,D658,Insumos!G:G)","v":0},{"$f":"G658*H658","v":0}]
[null,null,null,"PARCIAL:",{"$nulls":4},{"$f":"SUM(I655:I658)","v":1.21}]
[{"$nulls":7},"VALOR UNITÁRIO TOTAL - R$",{"$f":"TRUNC(I659,2)","v":1.21}]
[]
[]
[]
[null,"INSUMO","COMPRASNET",{"$f":"D668","v":9875},{"$f":"E668","v":"TUBO PVC, SOLDAVEL, DN 50 MM, PARA AGUA FRIA (NBR-5648)"},null,null,null,{"$f":"F668","v":"M"},null,{"$f":"I672","v":5.22},6.67]
[]
[null,null,null,"COD.","DESCRIÇÃO","UN.","COEF.","PREÇO","TOTAL"]
[null,null,null,"MATERIAIS / MÃO DE OBRA"]
[null,null,null,9875,"TUBO PVC, SOLDAVEL, DN 50 MM, PARA AGUA FRIA (NBR-5648)","M",1,{"$f":"SUMIF(Insumos!B:B,D668,Insumos!G:G)","v":5.22},{"$f":"G668*H668","v":5.22}]
[{"$nulls":7},{"$f":"SUMIF(Insumos!B:B,D669,Insumos!G:G)","v":0},{"$f":"G669*H669","v":0}]
[{"$nulls":7},{"$f":"SUMIF(Insumos!B:B,D670,Insumos!G:G)","v":0},{"$f":"G670*H670","v":0}]
[null,null,null,"PARCIAL:",{"$nulls":4},{"$f":"SUM(I667:I670)","v":5.22}]
[{"$nulls":7},"VALOR UNITÁRIO TOTAL - R$",{"$f":"TRUNC(I671,2)","v":5.22}]
[]
[]
[]
[null,"INSUMO","COMPRASNET",{"$f":"D680","v":9871},{"$f":"E680","v":"TUBO PVC, SOLDAVEL, DN 75 MM, AGUA FRIA (NBR-5648)"},null,null,null,{"$f":"F680","v":"M"},null,{"$f":"I684","v":7.04},9]
[]
[null,null,null,"COD.","DESCRIÇÃO","UN.","COEF.","PREÇO","TOTAL"]
[null,null,null,"MATERIAIS / MÃO DE OBRA"]
[null,null,null,9871,"TUBO PVC, SOLDAVEL, DN 75 MM, AGUA FRIA (NBR-5648)","M",1,{"$f":"SUMIF(Insumos!B:B,D680,Insumos!G:G)","v":7.04},{"$f":"G680*H680","v":7.04}]
[{"$nulls":7},{"$f":"SUMIF(Insumos!B:B,D681,Insumos!G:G)","v":0},{"$f":"G681*H681","v":0}]
[{"$nulls":7},{"$f":"SUMIF(Insumos!B:B,D682,Insumos!G:G)","v":0},{"$f":"G682*H682","v":0}]
[null,null,null,"PARCIAL:",{"$nulls":4},{"$f":"SUM(I679:I682)","v":7.04}]
[{"$nulls":7},"VALOR UNITÁRIO TOTAL - R$",{"$f":"TRUNC(I683,2)","v":7.04}]
[]
[]
[]
[null,"INSUMO","COMPRASNET",{"$f":"D692","v":11677},{"$f":"E692","v":"REGISTRO DE ESFERA, PVC, COM VOLANTE, VS, SOLDAVEL, DN 50 MM, COM CORPO DIVIDIDO"},null,null,null,{"$f":"F692","v":"UN"},null,{"$f":"I696","v":38.44},49.1]
[]
[null,null,null,"COD.","DESCRIÇÃO","UN.","COEF.","PREÇO","TOTAL"]
[null,null,null,"MATERIAIS / MÃO DE OBRA"]
[null,null,null,11677,"REGISTRO DE ESFERA, PVC, COM VOLANTE, VS, SOLDAVEL, DN 50 MM, COM CORPO DIVIDIDO","UN",1,{"$f":"SUMIF(Insumos!B:B,D692,Insumos!G:G)","v":38.44},{"$f":"G692*H692","v":38.44}]
[{"$nulls":7},{"$f":"SUMIF(Insumos!B:B,D693,Insumos!G:G)","v":0},{"$f":"G693*H693","v":0}]
[{"$nulls":7},{"$f":"SUMIF(Insumos!B:B,D694,Insumos!G:G)","v":0},{"$f":"G694*H694","v":0}]
[null,null,null,"PARCIAL:",{"$nulls":4},{"$f":"SUM(I691:I694)","v":38.44}]
[{"$nulls":7},"VALOR UNITÁRIO TOTAL - R$",{"$f":"TRUNC(I695,2)","v":38.44}]
[]
[]
[]
[null,"INSUMO","COMPRASNET",{"$f":"D704","v":11670},{"$f":"E704","v":"REGISTRO DE ESFERA, PVC, COM VOLANTE, VS, ROSCAVEL, DN 1/2\", COM CORPO DIVIDIDO"},null,null,null,{"$f":"F704","v":"UN    "},null,{"$f":"I708","v":2.68},3.43]
[]
[null,null,null,"COD.","DESCRIÇÃO","UN.","COEF.","PREÇO","TOTAL"]
[null,null,null,"MATERIAIS / MÃO DE OBRA"]
[null,null,null,11670,"REGISTRO DE ESFERA, PVC, COM VOLANTE, VS, ROSCAVEL, DN 1/2\", COM CORPO DIVIDIDO","UN    ",1,{"$f":"SUMIF(Insumos!B:B,D704,Insumos!G:G)","v":2.68},{"$f":"G704*H704","v":2.68}]
[{"$nulls":7},{"$f":"SUMIF(Insumos!B:B,D705,Insumos!G:G)","v":0},{"$f":"G705*H705","v":0}]
[{"$nulls":7},{"$f":"SUMIF(Insumos!B:B,D706,Insumos!G:G)","v":0},{"$f":"G706*H706","v":0}]
[null,null,null,"PARCIAL:",{"$nulls":4},{"$f":"SUM(I703:I706)","v":2.68}]
[{"$nulls":7},"VALOR UNITÁRIO TOTAL - R$",{"$f":"TRUNC(I707,2)","v":2.68}]
[]
[]
[]
[null,"INSUMO","COMPRASNET",{"$f":"D716","v":"I8899"},{"$f":"E716","v":"SENSOR DIGITAL DE PH, FAIXA 0 - 14 PH"},null,null,null,{"$f":"F716","v":"UN    "},null,{"$f":"I720","v":432.26},552.05999999999995]
[]
[null,null,null,"COD.","DESCRIÇÃO","UN.","COEF.","PREÇO","TOTAL"]
[null,null,null,"MATERIAIS / MÃO DE OBRA"]
[null,null,null,"I8899","SENSOR DIGITAL DE PH, FAIXA 0 - 14 PH","UN    ",1,{"$f":"SUMIF(Insumos!B:B,D716,Insumos!G:G)","v":432.26},{"$f":"G716*H716","v":432.26}]
[{"$nulls":7},{"$f":"SUMIF(Insumos!B:B,D717,Insumos!G:G)","v":0},{"$f":"G717*H717","v":0}]
[{"$nulls":7},{"$f":"SUMIF(Insumos!B:B,D718,Insumos!G:G)","v":0},{"$f":"G718*H718","v":0}]
[null,null,null,"PARCIAL:",{"$nulls":4},{"$f":"SUM(I715:I718)","v":432.26}]
[{"$nulls":7},"VALOR UNITÁRIO TOTAL - R$",{"$f":"TRUNC(I719,2)","v":432.26}]
[]
[]
[]
[null,"INSUMO","COMPRASNET",{"$f":"D728","v":6083},{"$f":"E728","v":"TUBO EM FOFO, C/ FLANGES PN 10 / 16, D=  150MM, L=5,80M"},null,null,null,{"$f":"F728","v":"UN"},null,{"$f":"I732","v":1370.25},1750]
[]
[null,null,null,"COD.","DESCRIÇÃO","UN.","COEF.","PREÇO","TOTAL"]
[null,null,null,"MATERIAIS / MÃO DE OBRA"]
[null,null,null,6083,"TUBO EM FOFO, C/ FLANGES PN 10 / 16, D=  150MM, L=5,80M","UN",1,{"$f":"SUMIF(Insumos!B:B,D728,Insumos!G:G)","v":1370.25},{"$f":"G728*H728","v":1370.25}]
[{"$nulls":7},{"$f":"SUMIF(Insumos!B:B,D729,Insumos!G:G)","v":0},{"$f":"G729*H729","v":0}]
[{"$nulls":7},{"$f":"SUMIF(Insumos!B:B,D730,Insumos!G:G)","v":0},{"$f":"G730*H730","v":0}]
[null,null,null,"PARCIAL:",{"$nulls":4},{"$f":"SUM(I727:I730)","v":1370.25}]
[{"$nulls":7},"VALOR UNITÁRIO TOTAL - R$",{"$f":"TRUNC(I731,2)","v":1370.25}]
[]
[]
[]
[null,"INSUMO","COMPRASNET",{"$f":"D740","v":5244},{"$f":"E740","v":"PARAFUSO E PORCA PARA JUNTA C/ FLANGE D X L = 16 X  80MM"},null,null,null,{"$f":"F740","v":"UN"},null,{"$f":"I744","v":3.56},4.55]
[]
[null,null,null,"COD.","DESCRIÇÃO","UN.","COEF.","PREÇO","TOTAL"]
[null,null,null,"MATERIAIS / MÃO DE OBRA"]
[null,null,null,5244,"PARAFUSO E PORCA PARA JUNTA C/ FLANGE D X L = 16 X  80MM","UN",1,{"$f":"SUMIF(Insumos!B:B,D740,Insumos!G:G)","v":3.56},{"$f":"G740*H740","v":3.56}]
[{"$nulls":7},{"$f":"SUMIF(Insumos!B:B,D741,Insumos!G:G)","v":0},{"$f":"G741*H741","v":0}]
[{"$nulls":7},{"$f":"SUMIF(Insumos!B:B,D742,Insumos!G:G)","v":0},{"$f":"G742*H742","v":0}]
[null,null,null,"PARCIAL:",{"$nulls":4},{"$f":"SUM(I739:I742)","v":3.56}]
[{"$nulls":7},"VALOR UNITÁRIO TOTAL - R$",{"$f":"TRUNC(I743,2)","v":3.56}]
[]
[]
[]
[null,"INSUMO","COMPRASNET",{"$f":"D752","v":36374},{"$f":"E752","v":"TUBO PVC PBA JEI, CLASSE 12, DN 100 MM, PARA REDE DE AGUA (NBR 5647)"},null,null,null,{"$f":"F752","v":"M"},null,{"$f":"I756","v":10.119999999999999},12.93]
[]
[null,null,null,"COD.","DESCRIÇÃO","UN.","COEF.","PREÇO","TOTAL"]
[null,null,null,"MATERIAIS / MÃO DE OBRA"]
[null,null,null,36374,"TUBO PVC PBA JEI, CLASSE 12, DN 100 MM, PARA REDE DE AGUA (NBR 5647)","M",1,{"$f":"SUMIF(Insumos!B:B,D752,Insumos!G:G)","v":10.119999999999999},{"$f":"G752*H752","v":10.119999999999999}]
[{"$nulls":7},{"$f":"SUMIF(Insumos!B:B,D753,Insumos!G:G)","v":0},{"$f":"G753*H753","v":0}]
[{"$nulls":7},{"$f":"SUMIF(Insumos!B:B,D754,Insumos!G:G)","v":0},{"$f":"G754*H754","v":0}]
[null,null,null,"PARCIAL:",{"$nulls":4},{"$f":"SUM(I751:I754)","v":10.119999999999999}]
[{"$nulls":7},"VALOR UNITÁRIO TOTAL - R$",{"$f":"TRUNC(I755,2)","v":10.119999999999999}]
[]
[]
[]
[null,"INSUMO","COMPRASNET",{"$f":"D764","v":9868},{"$f":"E764","v":"TUBO PVC, SOLDAVEL, DN 25 MM, AGUA FRIA (NBR-5648)"},null,null,null,{"$f":"F764","v":"M"},null,{"$f":"I768","v":0.79},1.02]
[]
[null,null,null,"COD.","DESCRIÇÃO","UN.","COEF.","PREÇO","TOTAL"]
[null,null,null,"MATERIAIS / MÃO DE OBRA"]
[null,null,null,9868,"TUBO PVC, SOLDAVEL, DN 25 MM, AGUA FRIA (NBR-5648)","M",1,{"$f":"SUMIF(Insumos!B:B,D764,Insumos!G:G)","v":0.79},{"$f":"G764*H764","v":0.79}]
[{"$nulls":7},{"$f":"SUMIF(Insumos!B:B,D765,Insumos!G:G)","v":0},{"$f":"G765*H765","v":0}]
[{"$nulls":7},{"$f":"SUMIF(Insumos!B:B,D766,Insumos!G:G)","v":0},{"$f":"G766*H766","v":0}]
[null,null,null,"PARCIAL:",{"$nulls":4},{"$f":"SUM(I763:I766)","v":0.79}]
[{"$nulls":7},"VALOR UNITÁRIO TOTAL - R$",{"$f":"TRUNC(I767,2)","v":0.79}]
[]
[]
[]
[null,"INSUMO","COMPRASNET",{"$f":"D776","v":9869},{"$f":"E776","v":"TUBO PVC, SOLDAVEL, DN 32 MM, AGUA FRIA (NBR-5648)"},null,null,null,{"$f":"F776","v":"M"},null,{"$f":"I780","v":1.29},1.66]
[]
[null,null,null,"COD.","DESCRIÇÃO","UN.","COEF.","PREÇO","TOTAL"]
[null,null,null,"MATERIAIS / MÃO DE OBRA"]
[null,null,null,9869,"TUBO PVC, SOLDAVEL, DN 32 MM, AGUA FRIA (NBR-5648)","M",1,{"$f":"SUMIF(Insumos!B:B,D776,Insumos!G:G)","v":1.29},{"$f":"G776*H776","v":1.29}]
[{"$nulls":7},{"$f":"SUMIF(Insumos!B:B,D777,Insumos!G:G)","v":0},{"$f":"G777*H777","v":0}]
[{"$nulls":7},{"$f":"SUMIF(Insumos!B:B,D778,Insumos!G:G)","v":0},{"$f":"G778*H778","v":0}]
[null,null,null,"PARCIAL:",{"$nulls":4},{"$f":"SUM(I775:I778)","v":1.29}]
[{"$nulls":7},"VALOR UNITÁRIO TOTAL - R$",{"$f":"TRUNC(I779,2)","v":1.29}]
[]
[]
[]
[null,"INSUMO","COMPRASNET",{"$f":"D788","v":36373},{"$f":"E788","v":"TUBO PVC PBA JEI, CLASSE 12, DN 75 MM, PARA REDE DE AGUA (NBR 5647)"},null,null,null,{"$f":"F788","v":"M"},null,{"$f":"I792","v":6.49},8.3000000000000007]
[]
[null,null,null,"COD.","DESCRIÇÃO","UN.","COEF.","PREÇO","TOTAL"]
[null,null,null,"MATERIAIS / MÃO DE OBRA"]
[null,null,null,36373,"TUBO PVC PBA JEI, CLASSE 12, DN 75 MM, PARA REDE DE AGUA (NBR 5647)","M",1,{"$f":"SUMIF(Insumos!B:B,D788,Insumos!G:G)","v":6.49},{"$f":"G788*H788","v":6.49}]
[{"$nulls":7},{"$f":"SUMIF(Insumos!B:B,D789,Insumos!G:G)","v":0},{"$f":"G789*H789","v":0}]
[{"$nulls":7},{"$f":"SUMIF(Insumos!B:B,D790,Insumos!G:G)","v":0},{"$f":"G790*H790","v":0}]
[null,null,null,"PARCIAL:",{"$nulls":4},{"$f":"SUM(I787:I790)","v":6.49}]
[{"$nulls":7},"VALOR UNITÁRIO TOTAL - R$",{"$f":"TRUNC(I791,2)","v":6.49}]
[]
[]
[]
[null,"INSUMO","COMPRASNET",{"$f":"D800","v":36084},{"$f":"E800","v":"TUBO PVC PBA JEI, CLASSE 12, DN 50 MM, PARA REDE DE AGUA (NBR 5647)"},null,null,null,{"$f":"F800","v":"M"},null,{"$f":"I804","v":3.13},4.01]
[]
[null,null,null,"COD.","DESCRIÇÃO","UN.","COEF.","PREÇO","TOTAL"]
[null,null,null,"MATERIAIS / MÃO DE OBRA"]
[null,null,null,36084,"TUBO PVC PBA JEI, CLASSE 12, DN 50 MM, PARA REDE DE AGUA (NBR 5647)","M",1,{"$f":"SUMIF(Insumos!B:B,D800,Insumos!G:G)","v":3.13},{"$f":"G800*H800","v":3.13}]
[{"$nulls":7},{"$f":"SUMIF(Insumos!B:B,D801,Insumos!G:G)","v":0},{"$f":"G801*H801","v":0}]
[{"$nulls":7},{"$f":"SUMIF(Insumos!B:B,D802,Insumos!G:G)","v":0},{"$f":"G802*H802","v":0}]
[null,null,null,"PARCIAL:",{"$nulls":4},{"$f":"SUM(I799:I802)","v":3.13}]
[{"$nulls":7},"VALOR UNITÁRIO TOTAL - R$",{"$f":"TRUNC(I803,2)","v":3.13}]
[]
[]
[]
[null,"INSUMO","COMPRASNET",{"$f":"D812","v":36376},{"$f":"E812","v":"TUBO PVC PBA JEI, CLASSE 15, DN 75 MM, PARA REDE DE AGUA (NBR 5647)"},null,null,null,{"$f":"F812","v":"M"},null,{"$f":"I816","v":11.74},15]
[]
[null,null,null,"COD.","DESCRIÇÃO","UN.","COEF.","PREÇO","TOTAL"]
[null,null,null,"MATERIAIS / MÃO DE OBRA"]
[null,null,null,36376,"TUBO PVC PBA JEI, CLASSE 15, DN 75 MM, PARA REDE DE AGUA (NBR 5647)","M",1,{"$f":"SUMIF(Insumos!B:B,D812,Insumos!G:G)","v":11.74},{"$f":"G812*H812","v":11.74}]
[{"$nulls":7},{"$f":"SUMIF(Insumos!B:B,D813,Insumos!G:G)","v":0},{"$f":"G813*H813","v":0}]
[{"$nulls":7},{"$f":"SUMIF(Insumos!B:B,D814,Insumos!G:G)","v":0},{"$f":"G814*H814","v":0}]
[null,null,null,"PARCIAL:",{"$nulls":4},{"$f":"SUM(I811:I814)","v":11.74}]
[{"$nulls":7},"VALOR UNITÁRIO TOTAL - R$",{"$f":"TRUNC(I815,2)","v":11.74}]
[]
[]
[]
[null,"INSUMO","COMPRASNET",{"$f":"D824","v":36375},{"$f":"E824","v":"TUBO PVC PBA JEI, CLASSE 15, DN 50 MM, PARA REDE DE AGUA (NBR 5647)"},null,null,null,{"$f":"F824","v":"M"},null,{"$f":"I828","v":4.87},6.22]
[]
[null,null,null,"COD.","DESCRIÇÃO","UN.","COEF.","PREÇO","TOTAL"]
[null,null,null,"MATERIAIS / MÃO DE OBRA"]
[null,null,null,36375,"TUBO PVC PBA JEI, CLASSE 15, DN 50 MM, PARA REDE DE AGUA (NBR 5647)","M",1,{"$f":"SUMIF(Insumos!B:B,D824,Insumos!G:G)","v":4.87},{"$f":"G824*H824","v":4.87}]
[{"$nulls":7},{"$f":"SUMIF(Insumos!B:B,D825,Insumos!G:G)","v":0},{"$f":"G825*H825","v":0}]
[{"$nulls":7},{"$f":"SUMIF(Insumos!B:B,D826,Insumos!G:G)","v":0},{"$f":"G826*H826","v":0}]
[null,null,null,"PARCIAL:",{"$nulls":4},{"$f":"SUM(I823:I826)","v":4.87}]
[{"$nulls":7},"VALOR UNITÁRIO TOTAL - R$",{"$f":"TRUNC(I827,2)","v":4.87}]
[]
[]
[]
[null,"INSUMO","COMPRASNET",{"$f":"D836","v":1845},{"$f":"E836","v":"CURVA PVC PBA, JE, PB, 90 GRAUS, DN 50 / DE 60 MM, PARA REDE AGUA (NBR 10351)"},null,null,null,{"$f":"F836","v":"UN    "},null,{"$f":"I840","v":9.02},11.52]
[]
[null,null,null,"COD.","DESCRIÇÃO","UN.","COEF.","PREÇO","TOTAL"]
[null,null,null,"MATERIAIS / MÃO DE OBRA"]
[null,null,null,1845,"CURVA PVC PBA, JE, PB, 90 GRAUS, DN 50 / DE 60 MM, PARA REDE AGUA (NBR 10351)","UN    ",1,{"$f":"SUMIF(Insumos!B:B,D836,Insumos!G:G)","v":9.02},{"$f":"G836*H836","v":9.02}]
[{"$nulls":7},{"$f":"SUMIF(Insumos!B:B,D837,Insumos!G:G)","v":0},{"$f":"G837*H837","v":0}]
[{"$nulls":7},{"$f":"SUMIF(Insumos!B:B,D838,Insumos!G:G)","v":0},{"$f":"G838*H838","v":0}]
[null,null,null,"PARCIAL:",{"$nulls":4},{"$f":"SUM(I835:I838)","v":9.02}]
[{"$nulls":7},"VALOR UNITÁRIO TOTAL - R$",{"$f":"TRUNC(I839,2)","v":9.02}]
[]
[]
[]
[null,"INSUMO","COMPRASNET",{"$f":"D848","v":1825},{"$f":"E848","v":"CURVA PVC PBA, JE, PB, 45 GRAUS, DN 75 / DE 85 MM, PARA REDE AGUA (NBR 10351)"},null,null,null,{"$f":"F848","v":"UN    "},null,{"$f":"I852","v":19.8},25.29]
[]
[null,null,null,"COD.","DESCRIÇÃO","UN.","COEF.","PREÇO","TOTAL"]
[null,null,null,"MATERIAIS / MÃO DE OBRA"]
[null,null,null,1825,"CURVA PVC PBA, JE, PB, 45 GRAUS, DN 75 / DE 85 MM, PARA REDE AGUA (NBR 10351)","UN    ",1,{"$f":"SUMIF(Insumos!B:B,D848,Insumos!G:G)","v":19.8},{"$f":"G848*H848","v":19.8}]
[{"$nulls":7},{"$f":"SUMIF(Insumos!B:B,D849,Insumos!G:G)","v":0},{"$f":"G849*H849","v":0}]
[{"$nulls":7},{"$f":"SUMIF(Insumos!B:B,D850,Insumos!G:G)","v":0},{"$f":"G850*H850","v":0}]
[null,null,null,"PARCIAL:",{"$nulls":4},{"$f":"SUM(I847:I850)","v":19.8}]
[{"$nulls":7},"VALOR UNITÁRIO TOTAL - R$",{"$f":"TRUNC(I851,2)","v":19.8}]
[]
[]
[]
[null,"INSUMO","COMPRASNET",{"$f":"D860","v":3827},{"$f":"E860","v":"LUVA DE CORRER, PVC PBA, JE, DN 75 / DE 85 MM, PARA REDE AGUA (NBR 10351)"},null,null,null,{"$f":"F860","v":"UN    "},null,{"$f":"I864","v":9.39},12]
[]
[null,null,null,"COD.","DESCRIÇÃO","UN.","COEF.","PREÇO","TOTAL"]
[null,null,null,"MATERIAIS / MÃO DE OBRA"]
[null,null,null,3827,"LUVA DE CORRER, PVC PBA, JE, DN 75 / DE 85 MM, PARA REDE AGUA (NBR 10351)","UN    ",1,{"$f":"SUMIF(Insumos!B:B,D860,Insumos!G:G)","v":9.39},{"$f":"G860*H860","v":9.39}]
[{"$nulls":7},{"$f":"SUMIF(Insumos!B:B,D861,Insumos!G:G)","v":0},{"$f":"G861*H861","v":0}]
[{"$nulls":7},{"$f":"SUMIF(Insumos!B:B,D862,Insumos!G:G)","v":0},{"$f":"G862*H862","v":0}]
[null,null,null,"PARCIAL:",{"$nulls":4},{"$f":"SUM(I859:I862)","v":9.39}]
[{"$nulls":7},"VALOR UNITÁRIO TOTAL - R$",{"$f":"TRUNC(I863,2)","v":9.39}]

{"sheet":"Composições (ORSE)","index":7,"n_rows":5778,"n_cols":12,"rows_kept":5778,"cut":false,"hidden":false,"merged":[[5750,3,5750,8],[5751,4,5752,7],[5751,8,5752,8],[5769,3,5769,8],[5775,3,5775,6],[5754,3,5754,8],[5760,3,5760,6],[5765,3,5765,8],[5766,4,5767,7],[5766,8,5767,8],[5730,3,5730,6],[5735,3,5735,8],[5736,4,5737,7],[5736,8,5737,8],[5739,3,5739,8],[5745,3,5745,6],[5710,3,5710,8],[5715,3,5715,6],[5720,3,5720,8],[5721,4,5722,7],[5721,8,5722,8],[5724,3,5724,8],[5692,4,5693,7],[5692,8,5693,8],[5695,3,5695,8],[5701,3,5701,6],[5706,3,5706,8],[5707,4,5708,7],[5707,8,5708,8],[5676,3,5676,8],[5677,4,5678,7],[5677,8,5678,8],[5680,3,5680,8],[5686,3,5686,6],[5691,3,5691,8],[5656,3,5656,6],[5661,3,5661,8],[5662,4,5663,7],[5662,8,5663,8],[5665,3,5665,8],[5671,3,5671,6],[5635,3,5635,8],[5641,3,5641,6],[5646,3,5646,8],[5647,4,5648,7],[5647,8,5648,8],[5650,3,5650,8],[5617,4,5618,7],[5617,8,5618,8],[5620,3,5620,8],[5626,3,5626,6],[5631,3,5631,8],[5632,4,5633,7],[5632,8,5633,8],[5601,3,5601,8],[5602,4,5603,7],[5602,8,5603,8],[5605,3,5605,8],[5611,3,5611,6],[5616,3,5616,8],[5582,3,5582,6],[5587,3,5587,8],[5588,4,5589,7],[5588,8,5589,8],[5591,3,5591,8],[5596,3,5596,6],[5561,3,5561,8],[5567,3,5567,6],[5572,3,5572,8],[5573,4,5574,7],[5573,8,5574,8],[5576,3,5576,8],[5543,4,5544,7],[5543,8,5544,8],[5546,3,5546,8],[5552,3,5552,6],[5557,3,5557,8],[5558,4,5559,7],[5558,8,5559,8],[5528,3,5528,8],[5529,4,5530,7],[5529,8,5530,8],[5532,3,5532,8],[5537,3,5537,6],[5542,3,5542,8],[5508,3,5508,6],[5513,3,5513,8],[5514,4,5515,7],[5514,8,5515,8],[5517,3,5517,8],[5523,3,5523,6],[5487,3,5487,8],[5493,3,5493,6],[5498,3,5498,8],[5499,4,5500,7],[5499,8,5500,8],[5502,3,5502,8],[5470,4,5471,7],[5470,8,5471,8],[5473,3,5473,8],[5478,3,5478,6],[5483,3,5483,8],[5484,4,5485,7],[5484,8,5485,8],[5454,3,5454,8],[5455,4,5456,7],[5455,8,5456,8],[5458,3,5458,8],[5464,3,5464,6],[5469,3,5469,8],[5434,3,5434,6],[5439,3,5439,8],[5440,4,5441,7],[5440,8,5441,8],[5443,3,5443,8],[5449,3,5449,6],[5413,3,5413,8],[5419,3,5419,6],[5424,3,5424,8],[5425,4,5426,7],[5425,8,5426,8],[5428,3,5428,8],[5395,4,5396,7],[5395,8,5396,8],[5398,3,5398,8],[5404,3,5404,6],[5409,3,5409,8],[5410,4,5411,7],[5410,8,5411,8],[5379,3,5379,8],[5380,4,5381,7],[5380,8,5381,8],[5383,3,5383,8],[5389,3,5389,6],[5394,3,5394,8],[5359,3,5359,6],[5364,3,5364,8],[5365,4,5366,7],[5365,8,5366,8],[5368,3,5368,8],[5374,3,5374,6],[5338,3,5338,8],[5344,3,5344,6],[5349,3,5349,8],[5350,4,5351,7],[5350,8,5351,8],[5353,3,5353,8],[5320,4,5321,7],[5320,8,5321,8],[5323,3,5323,8],[5329,3,5329,6],[5334,3,5334,8],[5335,4,5336,7],[5335,8,5336,8],[5304,3,5304,8],[5305,4,5306,7],[5305,8,5306,8],[5308,3,5308,8],[5314,3,5314,6],[5319,3,5319,8],[5284,3,5284,6],[5289,3,5289,8],[5290,4,5291,7],[5290,8,5291,8],[5293,3,5293,8],[5299,3,5299,6],[5263,3,5263,8],[5269,3,5269,6],[5274,3,5274,8],[5275,4,5276,7],[5275,8,5276,8],[5278,3,5278,8],[5245,4,5246,7],[5245,8,5246,8],[5248,3,5248,8],[5254,3,5254,6],[5259,3,5259,8],[5260,4,5261,7],[5260,8,5261,8],[5229,3,5229,8],[5230,4,5231,7],[5230,8,5231,8],[5233,3,5233,8],[5239,3,5239,6],[5244,3,5244,8],[4337,3,4337,8],[4338,4,4339,7],[4338,8,4339,8],[4341,3,4341,8],[5218,3,5218,8],[5224,3,5224,6],[4356,3,4356,8],[4362,3,4362,6],[4367,3,4367,8],[4368,4,4369,7],[4368,8,4369,8],[4347,3,4347,6],[4352,3,4352,8],[4353,4,4354,7],[4353,8,4354,8],[4386,3,4386,8],[4392,3,4392,6],[4397,3,4397,8],[4398,4,4399,7],[4398,8,4399,8],[4371,3,4371,8],[4377,3,4377,6],[4382,3,4382,8],[4383,4,4384,7],[4383,8,4384,8],[4416,3,4416,8],[4422,3,4422,6],[4427,3,4427,8],[4428,4,4429,7],[4428,8,4429,8],[4401,3,4401,8],[4407,3,4407,6],[4412,3,4412,8],[4413,4,4414,7],[4413,8,4414,8],[4446,3,4446,8],[4452,3,4452,6],[4457,3,4457,8],[4458,4,4459,7],[4458,8,4459,8],[4431,3,4431,8],[4437,3,4437,6],[4442,3,4442,8],[4443,4,4444,7],[4443,8,4444,8],[4476,3,4476,8],[4482,3,4482,6],[4487,3,4487,8],[4488,4,4489,7],[4488,8,4489,8],[4461,3,4461,8],[4467,3,4467,6],[4472,3,4472,8],[4473,4,4474,7],[4473,8,4474,8],[4504,3,4504,8],[4510,3,4510,6],[4515,3,4515,8],[4516,4,4517,7],[4516,8,4517,8],[4491,3,4491,8],[4495,3,4495,6],[4500,3,4500,8],[4501,4,4502,7],[4501,8,4502,8],[4534,3,4534,8],[4540,3,4540,6],[4545,3,4545,8],[4546,4,4547,7],[4546,8,4547,8],[4519,3,4519,8],[4525,3,4525,6],[4530,3,4530,8],[4531,4,4532,7],[4531,8,4532,8],[4564,3,4564,8],[4570,3,4570,6],[4575,3,4575,8],[4576,4,4577,7],[4576,8,4577,8],[4549,3,4549,8],[4555,3,4555,6],[4560,3,4560,8],[4561,4,4562,7],[4561,8,4562,8],[4594,3,4594,8],[4600,3,4600,6],[4605,3,4605,8],[4606,4,4607,7],[4606,8,4607,8],[4579,3,4579,8],[4585,3,4585,6],[4590,3,4590,8],[4591,4,4592,7],[4591,8,4592,8],[4624,3,4624,8],[4630,3,4630,6],[4635,3,4635,8],[4636,4,4637,7],[4636,8,4637,8],[4609,3,4609,8],[4615,3,4615,6],[4620,3,4620,8],[4621,4,4622,7],[4621,8,4622,8],[4654,3,4654,8],[4660,3,4660,6],[4665,3,4665,8],[4666,4,4667,7],[4666,8,4667,8],[4639,3,4639,8],[4645,3,4645,6],[4650,3,4650,8],[4651,4,4652,7],[4651,8,4652,8],[4684,3,4684,8],[4690,3,4690,6],[4695,3,4695,8],[4696,4,4697,7],[4696,8,4697,8],[4669,3,4669,8],[4675,3,4675,6],[4680,3,4680,8],[4681,4,4682,7],[4681,8,4682,8],[4714,3,4714,8],[4720,3,4720,6],[4725,3,4725,8],[4726,4,4727,7],[4726,8,4727,8],[4699,3,4699,8],[4705,3,4705,6],[4710,3,4710,8],[4711,4,4712,7],[4711,8,4712,8],[4742,3,4742,8],[4748,3,4748,6],[4753,3,4753,8],[4754,4,4755,7],[4754,8,4755,8],[4729,3,4729,8],[4733,3,4733,6],[4738,3,4738,8],[4739,4,4740,7],[4739,8,4740,8],[4772,3,4772,8],[4778,3,4778,6],[4783,3,4783,8],[4784,4,4785,7],[4784,8,4785,8],[4757,3,4757,8],[4763,3,4763,6],[4768,3,4768,8],[4769,4,4770,7],[4769,8,4770,8],[4889,4,4890,7],[4889,8,4890,8],[4892,3,4892,8],[4898,3,4898,6],[4903,3,4903,8],[4904,4,4905,7],[4904,8,4905,8],[4907,3,4907,8],[4802,3,4802,8],[4808,3,4808,6],[4813,3,4813,8],[4814,4,4815,7],[4814,8,4815,8],[4787,3,4787,8],[4793,3,4793,6],[4798,3,4798,8],[4799,4,4800,7],[4799,8,4800,8],[4832,3,4832,8],[4838,3,4838,6],[4843,3,4843,8],[4844,4,4845,7],[4844,8,4845,8],[4817,3,4817,8],[4823,3,4823,6],[4828,3,4828,8],[4829,4,4830,7],[4829,8,4830,8],[3,3,3,8],[13,3,13,6],[43,3,43,8],[44,4,45,7],[44,8,45,8],[4949,4,4950,7],[4949,8,4950,8],[4922,3,4922,8],[4928,3,4928,6],[4933,3,4933,8],[74,3,74,8],[75,4,76,7],[75,8,76,8],[78,3,78,8],[47,3,47,8],[52,3,52,6],[53,3,53,8],[69,3,69,6],[107,4,108,7],[107,8,108,8],[110,3,110,8],[116,3,116,6],[83,3,83,6],[84,3,84,8],[101,3,101,6],[4862,3,4862,8],[4868,3,4868,6],[4873,3,4873,8],[4874,4,4875,7],[4874,8,4875,8],[4847,3,4847,8],[4853,3,4853,6],[106,3,106,8],[143,3,143,8],[149,3,149,6],[150,3,150,8],[169,3,169,6],[117,3,117,8],[134,3,134,6],[139,3,139,8],[140,4,141,7],[140,8,141,8],[186,3,186,6],[187,3,187,8],[226,3,226,6],[231,3,231,8],[174,3,174,8],[175,4,176,7],[175,8,176,8],[178,3,178,8],[242,3,242,8],[269,3,269,6],[274,3,274,8],[275,4,276,7],[275,8,276,8],[232,4,233,7],[232,8,233,8],[235,3,235,8],[241,3,241,6],[290,3,290,8],[291,4,292,7],[291,8,292,8],[294,3,294,8],[278,3,278,8],[281,3,281,6],[282,3,282,8],[285,3,285,6],[329,4,330,7],[329,8,330,8],[332,3,332,8],[338,3,338,6],[300,3,300,6],[301,3,301,8],[323,3,323,6],[328,3,328,8],[370,3,370,8],[376,3,376,6],[377,3,377,8],[404,3,404,6],[339,3,339,8],[361,3,361,6],[366,3,366,8],[367,4,368,7],[367,8,368,8],[419,3,419,6],[420,3,420,8],[450,3,450,6],[455,3,455,8],[409,3,409,8],[410,4,411,7],[410,8,411,8],[413,3,413,8],[468,3,468,8],[507,3,507,6],[512,3,512,8],[513,4,514,7],[513,8,514,8],[456,4,457,7],[456,8,457,8],[459,3,459,8],[467,3,467,6],[557,3,557,8],[558,4,559,7],[558,8,559,8],[561,3,561,8],[516,3,516,8],[522,3,522,6],[523,3,523,8],[552,3,552,6],[598,4,599,7],[598,8,599,8],[601,3,601,8],[609,3,609,6],[567,3,567,6],[568,3,568,8],[592,3,592,6],[597,3,597,8],[644,3,644,8],[650,3,650,6],[651,3,651,8],[675,3,675,6],[610,3,610,8],[635,3,635,6],[640,3,640,8],[641,4,642,7],[641,8,642,8],[692,3,692,6],[693,3,693,8],[744,3,744,6],[749,3,749,8],[680,3,680,8],[681,4,682,7],[681,8,682,8],[684,3,684,8],[762,3,762,8],[814,3,814,6],[819,3,819,8],[820,4,821,7],[820,8,821,8],[750,4,751,7],[750,8,751,8],[753,3,753,8],[761,3,761,6],[861,3,861,8],[862,4,863,7],[862,8,863,8],[865,3,865,8],[823,3,823,8],[830,3,830,6],[831,3,831,8],[856,3,856,6],[941,4,942,7],[941,8,942,8],[944,3,944,8],[949,3,949,6],[874,3,874,6],[875,3,875,8],[935,3,935,6],[940,3,940,8],[978,3,978,8],[984,3,984,6],[985,3,985,8],[1004,3,1004,6],[950,3,950,8],[969,3,969,6],[974,3,974,8],[975,4,976,7],[975,8,976,8],[1024,3,1024,6],[1025,3,1025,8],[1121,3,1121,6],[1126,3,1126,8],[1009,3,1009,8],[1010,4,1011,7],[1010,8,1011,8],[1013,3,1013,8],[1134,3,1134,8],[1138,3,1138,6],[1143,3,1143,8],[1144,4,1145,7],[1144,8,1145,8],[1127,4,1128,7],[1127,8,1128,8],[1130,3,1130,8],[1133,3,1133,6],[1184,3,1184,8],[1185,4,1186,7],[1185,8,1186,8],[1188,3,1188,8],[1147,3,1147,8],[1154,3,1154,6],[1155,3,1155,8],[1179,3,1179,6],[1219,4,1220,7],[1219,8,1220,8],[1222,3,1222,8],[1227,3,1227,6],[1194,3,1194,6],[1195,3,1195,8],[1213,3,1213,6],[1218,3,1218,8],[1265,3,1265,8],[1270,3,1270,6],[1271,3,1271,8],[1287,3,1287,6],[1228,3,1228,8],[1256,3,1256,6],[1261,3,1261,8],[1262,4,1263,7],[1262,8,1263,8],[1302,3,1302,6],[1303,3,1303,8],[1326,3,1326,6],[1331,3,1331,8],[1292,3,1292,8],[1293,4,1294,7],[1293,8,1294,8],[1296,3,1296,8],[1343,3,1343,8],[1368,3,1368,6],[1373,3,1373,8],[1374,4,1375,7],[1374,8,1375,8],[1332,4,1333,7],[1332,8,1333,8],[1335,3,1335,8],[1342,3,1342,6],[1414,3,1414,8],[1415,4,1416,7],[1415,8,1416,8],[1418,3,1418,8],[1377,3,1377,8],[1384,3,1384,6],[1385,3,1385,8],[1409,3,1409,6],[1431,4,1432,7],[1431,8,1432,8],[1434,3,1434,8],[1439,3,1439,6],[1421,3,1421,6],[1422,3,1422,8],[1425,3,1425,6],[1430,3,1430,8],[1466,3,1466,8],[1474,3,1474,6],[1475,3,1475,8],[1530,3,1530,6],[1440,3,1440,8],[1457,3,1457,6],[1462,3,1462,8],[1463,4,1464,7],[1463,8,1464,8],[1547,3,1547,6],[1548,3,1548,8],[1603,3,1603,6],[1608,3,1608,8],[1535,3,1535,8],[1536,4,1537,7],[1536,8,1537,8],[1539,3,1539,8],[1621,3,1621,8],[1676,3,1676,6],[1681,3,1681,8],[1682,4,1683,7],[1682,8,1683,8],[1609,4,1610,7],[1609,8,1610,8],[1612,3,1612,8],[1620,3,1620,6],[1748,3,1748,8],[1749,4,1750,7],[1749,8,1750,8],[1752,3,1752,8],[1685,3,1685,8],[1693,3,1693,6],[1694,3,1694,8],[1743,3,1743,6],[1782,4,1783,7],[1782,8,1783,8],[1785,3,1785,8],[1790,3,1790,6],[1757,3,1757,6],[1758,3,1758,8],[1776,3,1776,6],[1781,3,1781,8],[1816,3,1816,8],[1821,3,1821,6],[1822,3,1822,8],[1838,3,1838,6],[1791,3,1791,8],[1807,3,1807,6],[1812,3,1812,8],[1813,4,1814,7],[1813,8,1814,8],[1853,3,1853,6],[1854,3,1854,8],[1881,3,1881,6],[1886,3,1886,8],[1843,3,1843,8],[1844,4,1845,7],[1844,8,1845,8],[1847,3,1847,8],[1897,3,1897,8],[1924,3,1924,6],[1929,3,1929,8],[1930,4,1931,7],[1930,8,1931,8],[1887,4,1888,7],[1887,8,1888,8],[1890,3,1890,8],[1896,3,1896,6],[1974,3,1974,8],[1975,4,1976,7],[1975,8,1976,8],[1978,3,1978,8],[1933,3,1933,8],[1939,3,1939,6],[1940,3,1940,8],[1969,3,1969,6],[2035,4,2036,7],[2035,8,2036,8],[2038,3,2038,8],[2044,3,2044,6],[1985,3,1985,6],[1986,3,1986,8],[2029,3,2029,6],[2034,3,2034,8],[2078,3,2078,8],[2084,3,2084,6],[2085,3,2085,8],[2110,3,2110,6],[2045,3,2045,8],[2069,3,2069,6],[2074,3,2074,8],[2075,4,2076,7],[2075,8,2076,8],[2124,3,2124,6],[2125,3,2125,8],[2149,3,2149,6],[2154,3,2154,8],[2115,3,2115,8],[2116,4,2117,7],[2116,8,2117,8],[2119,3,2119,8],[2165,3,2165,8],[2193,3,2193,6],[2198,3,2198,8],[2199,4,2200,7],[2199,8,2200,8],[2155,4,2156,7],[2155,8,2156,8],[2158,3,2158,8],[2164,3,2164,6],[2245,3,2245,8],[2246,4,2247,7],[2246,8,2247,8],[2249,3,2249,8],[2202,3,2202,8],[2208,3,2208,6],[2209,3,2209,8],[2240,3,2240,6],[2293,4,2294,7],[2293,8,2294,8],[2296,3,2296,8],[2302,3,2302,6],[2255,3,2255,6],[2256,3,2256,8],[2287,3,2287,6],[2292,3,2292,8],[2342,3,2342,8],[2531,8,2532,8],[2534,3,2534,8],[2499,3,2499,8],[2504,3,2504,6],[2505,3,2505,8],[2525,3,2525,6],[2576,4,2577,7],[2576,8,2577,8],[2348,3,2348,6],[2349,3,2349,8],[2379,3,2379,6],[2303,3,2303,8],[2333,3,2333,6],[2338,3,2338,8],[2339,4,2340,7],[2339,8,2340,8],[2394,3,2394,6],[2395,3,2395,8],[2425,3,2425,6],[2430,3,2430,8],[2384,3,2384,8],[2385,4,2386,7],[2385,8,2386,8],[2388,3,2388,8],[2443,3,2443,8],[2579,3,2579,8],[2585,3,2585,6],[2540,3,2540,6],[2541,3,2541,8],[2570,3,2570,6],[2575,3,2575,8],[2628,3,2628,6],[2586,3,2586,8],[2613,3,2613,6],[2618,3,2618,8],[2619,4,2620,7],[2619,8,2620,8],[2629,3,2629,8],[1,3,1,8],[2,3,2,8],[4,3,4,8],[8,3,8,8],[5,4,6,7],[5,8,6,8],[2622,3,2622,8],[14,3,14,8],[38,3,38,6],[2490,3,2490,6],[2495,3,2495,8],[2496,4,2497,7],[2496,8,2497,8],[2431,4,2432,7],[2431,8,2432,8],[2434,3,2434,8],[2442,3,2442,6],[2530,3,2530,8],[2531,4,2532,7],[2671,3,2671,8],[2676,3,2676,6],[2677,3,2677,8],[2695,3,2695,6],[2662,3,2662,6],[2667,3,2667,8],[2668,4,2669,7],[2668,8,2669,8],[2712,3,2712,6],[2713,3,2713,8],[2763,3,2763,6],[2768,3,2768,8],[2700,3,2700,8],[2701,4,2702,7],[2701,8,2702,8],[2704,3,2704,8],[2781,3,2781,8],[2830,3,2830,6],[2835,3,2835,8],[2836,4,2837,7],[2836,8,2837,8],[2769,4,2770,7],[2769,8,2770,8],[2772,3,2772,8],[2780,3,2780,6],[2900,3,2900,8],[2901,4,2902,7],[2901,8,2902,8],[2904,3,2904,8],[2839,3,2839,8],[2847,3,2847,6],[2848,3,2848,8],[2895,3,2895,6],[2917,4,2918,7],[2917,8,2918,8],[2920,3,2920,8],[2923,3,2923,6],[2907,3,2907,6],[2908,3,2908,8],[2911,3,2911,6],[2916,3,2916,8],[2936,3,2936,8],[2947,3,2947,6],[2948,3,2948,8],[3043,3,3043,6],[2924,3,2924,8],[2927,3,2927,6],[2932,3,2932,8],[2933,4,2934,7],[2933,8,2934,8],[3060,3,3060,6],[3061,3,3061,8],[3107,3,3107,6],[3112,3,3112,8],[3048,3,3048,8],[3049,4,3050,7],[3049,8,3050,8],[3052,3,3052,8],[3122,3,3122,8],[3139,3,3139,6],[3144,3,3144,8],[3145,4,3146,7],[3145,8,3146,8],[3113,4,3114,7],[3113,8,3114,8],[3116,3,3116,8],[3121,3,3121,6],[3190,3,3190,8],[3191,4,3192,7],[3191,8,3192,8],[3194,3,3194,8],[3148,3,3148,8],[3154,3,3154,6],[3155,3,3155,8],[3185,3,3185,6],[3231,4,3232,7],[3231,8,3232,8],[3234,3,3234,8],[3240,3,3240,6],[3200,3,3200,6],[3201,3,3201,8],[3225,3,3225,6],[3230,3,3230,8],[3271,3,3271,8],[3277,3,3277,6],[3278,3,3278,8],[3306,3,3306,6],[3241,3,3241,8],[3262,3,3262,6],[3267,3,3267,8],[3268,4,3269,7],[3268,8,3269,8],[3321,3,3321,6],[3322,3,3322,8],[3346,3,3346,6],[3351,3,3351,8],[3311,3,3311,8],[3312,4,3313,7],[3312,8,3313,8],[3315,3,3315,8],[3363,3,3363,8],[3387,3,3387,6],[3392,3,3392,8],[3393,4,3394,7],[3393,8,3394,8],[3352,4,3353,7],[3352,8,3353,8],[3355,3,3355,8],[3362,3,3362,6],[3427,3,3427,8],[3428,4,3429,7],[3428,8,3429,8],[3431,3,3431,8],[3396,3,3396,8],[3401,3,3401,6],[3402,3,3402,8],[3422,3,3422,6],[3464,4,3465,7],[3464,8,3465,8],[3467,3,3467,8],[3475,3,3475,6],[3437,3,3437,6],[3438,3,3438,8],[3458,3,3458,6],[3463,3,3463,8],[3510,3,3510,8],[3516,3,3516,6],[3517,3,3517,8],[3548,3,3548,6],[3476,3,3476,8],[3501,3,3501,6],[3506,3,3506,8],[3507,4,3508,7],[3507,8,3508,8],[3563,3,3563,6],[3564,3,3564,8],[3587,3,3587,6],[3592,3,3592,8],[3553,3,3553,8],[3554,4,3555,7],[3554,8,3555,8],[3557,3,3557,8],[3602,3,3602,8],[3619,3,3619,6],[3624,3,3624,8],[3625,4,3626,7],[3625,8,3626,8],[3593,4,3594,7],[3593,8,3594,8],[3596,3,3596,8],[3601,3,3601,6],[3691,3,3691,8],[3692,4,3693,7],[3692,8,3693,8],[3695,3,3695,8],[3628,3,3628,8],[3636,3,3636,6],[3637,3,3637,8],[3686,3,3686,6],[3708,4,3709,7],[3708,8,3709,8],[3711,3,3711,8],[3717,3,3717,6],[3698,3,3698,6],[3699,3,3699,8],[3702,3,3702,6],[3707,3,3707,8],[3753,3,3753,8],[3761,3,3761,6],[3762,3,3762,8],[3806,3,3806,6],[3718,3,3718,8],[3744,3,3744,6],[3749,3,3749,8],[3750,4,3751,7],[3750,8,3751,8],[3821,3,3821,6],[3822,3,3822,8],[3854,3,3854,6],[3859,3,3859,8],[3811,3,3811,8],[3812,4,3813,7],[3812,8,3813,8],[3815,3,3815,8],[3871,3,3871,8],[3918,3,3918,6],[3923,3,3923,8],[3924,4,3925,7],[3924,8,3925,8],[3860,4,3861,7],[3860,8,3861,8],[3863,3,3863,8],[3870,3,3870,6],[3927,3,3927,8],[3934,3,3934,6],[3935,3,3935,8],[3964,3,3964,6],[3969,3,3969,8],[3970,4,3971,7],[3970,8,3971,8],[3973,3,3973,8],[3979,3,3979,6],[3980,3,3980,8],[4003,3,4003,6],[4048,8,4049,8]],"merged_total":1158,"flags":["merged_cut"]}
[]
[]
[null,null,null,"COMPOSIÇÕES DE CUSTO UNITÁRIO (ORSE)"]
[null,null,null,{"$f":"CONCATENATE(\"Tabela de Custos: \",'Planilha SERVIÇOS'!$K$9)","v":"Tabela de Custos: ABR/2018"}]
[]
[null,"SERVIÇO","ORSE",11986,{"$f":"VLOOKUP(D6,ORSE!$C:$F,2)","v":"PLACA DE INAUGURAÇÃO EM ALUMÍNIO COM ACRILICO, 80X60CM,COM LOGOMARCA E MOLDUR A"},null,null,null,{"$f":"VLOOKUP(D6,ORSE!$C:$F,3)","v":"UN"},null,{"$f":"I41","v":670.13},{"$f":"VLOOKUP(D6,ORSE!$C:$F,4)","v":855.91}]
[]
[null,null,null,"COD.","DESCRIÇÃO","UN.","COEF.","PREÇO","TOTAL"]
[null,null,null,"MÃO DE OBRA"]
[null,null,null,"88309","PEDREIRO COM ENCARGOS COMPLEMENTARES","h",0.61209999999999998,{"$f":"SUMIF(Insumos!B:B,D10,Insumos!G:G)","v":13.51},{"$f":"(G10*H10)","v":8.27}]
[null,null,null,10517,"Exames admissionais/demissionais (checkup)","cj",2.0000000000000001E-4,{"$f":"SUMIF(Insumos!B:B,D11,Insumos!G:G)","v":255.26},{"$f":"(G11*H11)","v":0.05}]
[null,null,null,10761,"Refeição - café da manhã ( café com leite e dois pães com manteiga)","un",6.1100000000000002E-2,{"$f":"SUMIF(Insumos!B:B,D12,Insumos!G:G)","v":1.96},{"$f":"(G12*H12)","v":0.12}]
[null,null,null,10362,"Seguro de vida e acidente em grupo","un",2.7000000000000001E-3,{"$f":"SUMIF(Insumos!B:B,D13,Insumos!G:G)","v":4.42},{"$f":"(G13*H13)","v":0.01}]
[{"$nulls":7},"PARCIAL:",{"$f":"SUM(I9:I13)","v":8.4499999999999993}]
[null,null,null,"MATERIAIS/ SERVIÇOS/ EQUIPAMENTOS"]
[null,null,null,158,"Almoço (Participação do empregador)","un",6.1100000000000002E-2,{"$f":"SUMIF(Insumos!B:B,D16,Insumos!G:G)","v":7.83},{"$f":"(G16*H16)","v":0.48}]
[null,null,null,12893,"Bota de seguranca com biqueira de aco e colarinho acolchoado","par",5.0000000000000001E-4,{"$f":"SUMIF(Insumos!B:B,D17,Insumos!G:G)","v":30.36},0.02]
[null,null,null,12894,"Capa para chuva em pvc com forro de poliester, com capuz (amarela ou azul)","un",1E-4,{"$f":"SUMIF(Insumos!B:B,D18,Insumos!G:G)","v":8.2200000000000006},0]
[null,null,null,12895,"Capacete de seguranca aba frontal com suspensao de polietileno, sem jugular (classe b)","un",4.0000000000000002E-4,{"$f":"SUMIF(Insumos!B:B,D19,Insumos!G:G)","v":6.33},0]
[null,null,null,10492,"Cesta Básica","un",2.7000000000000001E-3,{"$f":"SUMIF(Insumos!B:B,D20,Insumos!G:G)","v":86.13},0.23]
[null,null,null,4719,"Colher de pedreiro","un",2.0000000000000001E-4,{"$f":"SUMIF(Insumos!B:B,D21,Insumos!G:G)","v":8.9700000000000006},0]
[null,null,null,4174,"Desempenadeira de aço lisa, cabo madeira, ref:143, Atlas ou similar","un",2.9999999999999997E-4,{"$f":"SUMIF(Insumos!B:B,D22,Insumos!G:G)","v":6.4},0]
[null,null,null,11245,"Desempoladeira de madeira 12x22","un",4.0000000000000002E-4,{"$f":"SUMIF(Insumos!B:B,D23,Insumos!G:G)","v":9.1999999999999993},0]
[null,null,null,11246,"Escala métrica de bambú","Un",4.0000000000000002E-4,{"$f":"SUMIF(Insumos!B:B,D24,Insumos!G:G)","v":13.31},0.01]
[null,null,null,941,"Fardamento","un",8.9999999999999998E-4,{"$f":"SUMIF(Insumos!B:B,D25,Insumos!G:G)","v":53.6},0.05]
[null,null,null,12892,"Luva raspa de couro, cano curto (punho *7* cm)","par",1.4E-3,{"$f":"SUMIF(Insumos!B:B,D26,Insumos!G:G)","v":5.69},0.01]
[null,null,null,11264,"Marreta de 1/2 kg com cabo","un",1E-4,{"$f":"SUMIF(Insumos!B:B,D27,Insumos!G:G)","v":8.57},0]
[null,null,null,11265,"Martelo de borracha com cabo","un",2.0000000000000001E-4,{"$f":"SUMIF(Insumos!B:B,D28,Insumos!G:G)","v":11.67},0]
[null,null,null,11243,"Martelo sem unha","un",1E-4,{"$f":"SUMIF(Insumos!B:B,D29,Insumos!G:G)","v":12.76},0]
[null,null,null,10789,"Nível de bolha de madeira","un",1E-4,{"$f":"SUMIF(Insumos!B:B,D30,Insumos!G:G)","v":7.05},0]
[null,null,null,1651,"Óculos branco proteção","pr",5.0000000000000001E-4,{"$f":"SUMIF(Insumos!B:B,D31,Insumos!G:G)","v":4.3099999999999996},0]
[null,null,null,12736,"Placa de inauguração em alumínio com Acrilico, 80x60cm,com logomarca e moldura","un",1,{"$f":"SUMIF(Insumos!B:B,D32,Insumos!G:G)","v":660.72},660.72]
[null,null,null,10596,"Protetor auricular","un",2.7000000000000001E-3,{"$f":"SUMIF(Insumos!B:B,D33,Insumos!G:G)","v":2.5099999999999998},0.01]
[null,null,null,10599,"Protetor solar fps 30 com 120ml","un",1.1000000000000001E-3,{"$f":"SUMIF(Insumos!B:B,D34,Insumos!G:G)","v":13.86},0.02]
[null,null,null,10790,"Prumo de face","un",1E-4,{"$f":"SUMIF(Insumos!B:B,D35,Insumos!G:G)","v":13.35},0]
[null,null,null,10282,"Regua de alumínio c/ 2,00m (para pedreiro)","un",1E-4,{"$f":"SUMIF(Insumos!B:B,D36,Insumos!G:G)","v":13.08},0]
[null,null,null,11247,"Serra mármore","un",1E-4,{"$f":"SUMIF(Insumos!B:B,D37,Insumos!G:G)","v":213.74},0.02]
[null,null,null,2378,"Vale transporte","un",3.9199999999999999E-2,{"$f":"SUMIF(Insumos!B:B,D38,Insumos!G:G)","v":2.74},0.11]
[{"$nulls":7},"PARCIAL:",{"$f":"SUM(I15:I38)","v":661.68}]
[]
[{"$nulls":7},"VALOR UNITÁRIO TOTAL - R$",{"$f":"TRUNC(I14+I39+I40,2)","v":670.13}]
[]
[]
[]
[null,"SERVIÇO","ORSE",2497,{"$f":"VLOOKUP(D45,ORSE!$C:$F,2)","v":"ESCAVAÇÃO MANUAL DE VALA OU CAVA EM MATERIAL DE 1ª CATEGORIA, PROFUNDIDADE AT É 1,50M"},null,null,null,{"$f":"VLOOKUP(D45,ORSE!$C:$F,3)","v":"M3"},null,{"$f":"I72","v":25},{"$f":"VLOOKUP(D45,ORSE!$C:$F,4)","v":31.93}]
[]
[null,null,null,"COD.","DESCRIÇÃO","UN.","COEF.","PREÇO","TOTAL"]
[null,null,null,"MÃO DE OBRA"]
[null,null,null,6111,"SERVENTE DE OBRAS","h",1.9359,{"$f":"SUMIF(Insumos!B:B,D49,Insumos!G:G)","v":11.11},{"$f":"(G49*H49)","v":21.51}]
[null,null,null,10517,"Exames admissionais/demissionais (checkup)","cj",1.1999999999999999E-3,{"$f":"SUMIF(Insumos!B:B,D50,Insumos!G:G)","v":255.26},{"$f":"(G50*H50)","v":0.31}]
[null,null,null,10761,"Refeição - café da manhã ( café com leite e dois pães com manteiga)","un",0.3054,{"$f":"SUMIF(Insumos!B:B,D51,Insumos!G:G)","v":1.96},{"$f":"(G51*H51)","v":0.6}]
[null,null,null,10362,"Seguro de vida e acidente em grupo","un",1.35E-2,{"$f":"SUMIF(Insumos!B:B,D52,Insumos!G:G)","v":4.42},{"$f":"(G52*H52)","v":0.06}]
[{"$nulls":7},"PARCIAL:",{"$f":"SUM(I48:I52)","v":22.48}]
[null,null,null,"MATERIAIS/ SERVIÇOS/ EQUIPAMENTOS"]
[null,null,null,158,"Almoço (Participação do empregador)","un",0.1527,{"$f":"SUMIF(Insumos!B:B,D55,Insumos!G:G)","v":7.83},{"$f":"(G55*H55)","v":1.2}]
[null,null,null,12893,"Bota de seguranca com biqueira de aco e colarinho acolchoado","par",2.3999999999999998E-3,{"$f":"SUMIF(Insumos!B:B,D56,Insumos!G:G)","v":30.36},7.0000000000000007E-2]
[null,null,null,12894,"Capa para chuva em pvc com forro de poliester, com capuz (amarela ou azul)","un",5.9999999999999995E-4,{"$f":"SUMIF(Insumos!B:B,D57,Insumos!G:G)","v":8.2200000000000006},0]
[null,null,null,12895,"Capacete de seguranca aba frontal com suspensao de polietileno, sem jugular (classe b)","un",1.8E-3,{"$f":"SUMIF(Insumos!B:B,D58,Insumos!G:G)","v":6.33},0.01]
[null,null,null,2711,"Carrinho de mao de aco capacidade 50 a 60 l, pneu com camara","un",5.9999999999999995E-4,{"$f":"SUMIF(Insumos!B:B,D59,Insumos!G:G)","v":86.13},0.05]
[null,null,null,10492,"Cesta Básica","un",0,{"$f":"SUMIF(Insumos!B:B,D60,Insumos!G:G)","v":86.13},0]
[null,null,null,941,"Fardamento","un",4.4999999999999997E-3,{"$f":"SUMIF(Insumos!B:B,D61,Insumos!G:G)","v":53.6},0.24]
[null,null,null,12892,"Luva raspa de couro, cano curto (punho *7* cm)","par",6.8999999999999999E-3,{"$f":"SUMIF(Insumos!B:B,D62,Insumos!G:G)","v":5.69},0.04]
[null,null,null,4729,"Marreta 1 kg com cabo","un",2.9999999999999997E-4,{"$f":"SUMIF(Insumos!B:B,D63,Insumos!G:G)","v":12.37},0]
[null,null,null,1651,"Óculos branco proteção","pr",2.3999999999999998E-3,{"$f":"SUMIF(Insumos!B:B,D64,Insumos!G:G)","v":4.3099999999999996},0.01]
[null,null,null,10788,"Pá quadrada","un",5.9999999999999995E-4,{"$f":"SUMIF(Insumos!B:B,D65,Insumos!G:G)","v":13.54},0.01]
[null,null,null,10596,"Protetor auricular","un",1.35E-2,{"$f":"SUMIF(Insumos!B:B,D66,Insumos!G:G)","v":2.5099999999999998},0.03]
[null,null,null,10599,"Protetor solar fps 30 com 120ml","un",5.4000000000000003E-3,{"$f":"SUMIF(Insumos!B:B,D67,Insumos!G:G)","v":13.86},7.0000000000000007E-2]
[null,null,null,4728,"Talhadeira chata 10\"","un",8.9999999999999998E-4,{"$f":"SUMIF(Insumos!B:B,D68,Insumos!G:G)","v":7.4},0.01]
[null,null,null,2378,"Vale transporte","un",0.2823,{"$f":"SUMIF(Insumos!B:B,D69,Insumos!G:G)","v":2.74},{"$f":"(G69*H69)+0.01","v":0.78}]
[{"$nulls":7},"PARCIAL:",{"$f":"SUM(I54:I69)","v":2.52}]
[]
[{"$nulls":7},"VALOR UNITÁRIO TOTAL - R$",{"$f":"TRUNC(I53+I70+I71,2)","v":25}]
[]
[]
[]
[null,"SERVIÇO","ORSE",2503,{"$f":"VLOOKUP(D76,ORSE!$C:$F,2)","v":"ESCAVAÇÃO COM RETRO-ESCAVADEIRA DE PNEUS, DE VALAS, EM MATERIAL DE 1ª CATEGOR IA ATÉ 1,50M DE PROFUNDIDADE"},null,null,null,{"$f":"VLOOKUP(D76,ORSE!$C:$F,3)","v":"M3"},null,{"$f":"I104","v":5.7},{"$f":"VLOOKUP(D76,ORSE!$C:$F,4)","v":7.28}]
[]
[null,null,null,"COD.","DESCRIÇÃO","UN.","COEF.","PREÇO","TOTAL"]
[null,null,null,"MÃO DE OBRA"]
[null,null,null,6111,"SERVENTE DE OBRAS","h",7.4099999999999999E-2,{"$f":"SUMIF(Insumos!B:B,D80,Insumos!G:G)","v":11.11},{"$f":"(G80*H80)","v":0.82}]
[null,null,null,10517,"Exames admissionais/demissionais (checkup)","cj",0,{"$f":"SUMIF(Insumos!B:B,D81,Insumos!G:G)","v":255.26},{"$f":"(G81*H81)","v":0}]
[null,null,null,10761,"Refeição - café da manhã ( café com leite e dois pães com manteiga)","un",7.4999999999999997E-3,{"$f":"SUMIF(Insumos!B:B,D82,Insumos!G:G)","v":1.96},{"$f":"(G82*H82)","v":0.01}]
[null,null,null,10362,"Seguro de vida e acidente em grupo","un",2.9999999999999997E-4,{"$f":"SUMIF(Insumos!B:B,D83,Insumos!G:G)","v":4.42},{"$f":"(G83*H83)","v":0}]
[{"$nulls":7},"PARCIAL:",{"$f":"SUM(I79:I83)","v":0.83}]
[null,null,null,"MATERIAIS/ SERVIÇOS/ EQUIPAMENTOS"]
[null,null,null,2482,"Retroescavadeira pneus (Massey Ferguson MF - 86 HF ou equivalente)","h",8.1100000000000005E-2,{"$f":"SUMIF(Insumos!B:B,D86,Insumos!G:G)","v":58.59},{"$f":"(G86*H86)","v":4.75}]
[null,null,null,158,"Almoço (Participação do empregador)","un",7.4999999999999997E-3,{"$f":"SUMIF(Insumos!B:B,D87,Insumos!G:G)","v":7.83},0.06]
[null,null,null,12893,"Bota de seguranca com biqueira de aco e colarinho acolchoado","par",1E-4,{"$f":"SUMIF(Insumos!B:B,D88,Insumos!G:G)","v":30.36},0]
[null,null,null,12894,"Capa para chuva em pvc com forro de poliester, com capuz (amarela ou azul)","un",0,{"$f":"SUMIF(Insumos!B:B,D89,Insumos!G:G)","v":8.2200000000000006},0]
[null,null,null,12895,"Capacete de seguranca aba frontal com suspensao de polietileno, sem jugular (classe b)","un",0,{"$f":"SUMIF(Insumos!B:B,D90,Insumos!G:G)","v":6.33},0]
[null,null,null,2711,"Carrinho de mao de aco capacidade 50 a 60 l, pneu com camara","un",0,{"$f":"SUMIF(Insumos!B:B,D91,Insumos!G:G)","v":86.13},0]
[null,null,null,10492,"Cesta Básica","un",2.9999999999999997E-4,{"$f":"SUMIF(Insumos!B:B,D92,Insumos!G:G)","v":86.13},0.03]
[null,null,null,941,"Fardamento","un",1E-4,{"$f":"SUMIF(Insumos!B:B,D93,Insumos!G:G)","v":53.6},0.01]
[null,null,null,12892,"Luva raspa de couro, cano curto (punho *7* cm)","par",2.0000000000000001E-4,{"$f":"SUMIF(Insumos!B:B,D94,Insumos!G:G)","v":5.69},0]
[null,null,null,4729,"Marreta 1 kg com cabo","un",0,{"$f":"SUMIF(Insumos!B:B,D95,Insumos!G:G)","v":12.37},0]
[null,null,null,1651,"Óculos branco proteção","pr",1E-4,{"$f":"SUMIF(Insumos!B:B,D96,Insumos!G:G)","v":4.3099999999999996},0]
[null,null,null,10788,"Pá quadrada","un",0,{"$f":"SUMIF(Insumos!B:B,D97,Insumos!G:G)","v":13.54},0]
[null,null,null,10596,"Protetor auricular","un",2.9999999999999997E-4,{"$f":"SUMIF(Insumos!B:B,D98,Insumos!G:G)","v":2.5099999999999998},0]
[null,null,null,10599,"Protetor solar fps 30 com 120ml","un",1E-4,{"$f":"SUMIF(Insumos!B:B,D99,Insumos!G:G)","v":13.86},0]
[null,null,null,4728,"Talhadeira chata 10\"","un",0,{"$f":"SUMIF(Insumos!B:B,D100,Insumos!G:G)","v":7.4},0]
[null,null,null,2378,"Vale transporte","un",7.0000000000000001E-3,{"$f":"SUMIF(Insumos!B:B,D101,Insumos!G:G)","v":2.74},0.02]
[{"$nulls":7},"PARCIAL:",{"$f":"SUM(I85:I101)","v":4.87}]
[]
[{"$nulls":7},"VALOR UNITÁRIO TOTAL - R$",{"$f":"TRUNC(I84+I102+I103,2)","v":5.7}]
[]
[]
[]
[null,"SERVIÇO","ORSE",3658,{"$f":"VLOOKUP(D108,ORSE!$C:$F,2)","v":"ESCAVAÇÃO E CARGA COM ESCAVADEIRA HIDRÁULICA DE MATERIAL DE 1ª CATEGORIA EM M EIO ALAGADO"},null,null,null,{"$f":"VLOOKUP(D108,ORSE!$C:$F,3)","v":"M3"},null,{"$f":"I137","v":3.6},{"$f":"VLOOKUP(D108,ORSE!$C:$F,4)","v":4.5999999999999996}]
[]
[null,null,null,"COD.","DESCRIÇÃO","UN.","COEF.","PREÇO","TOTAL"]
[null,null,null,"MÃO DE OBRA"]
[null,null,null,54,"ENCARREGADO DE TURMA - Fonte DNIT - Mês de ref.: 05/18","h",2.3300000000000001E-2,{"$f":"SUMIF(Insumos!B:B,D112,Insumos!G:G)","v":20.81},{"$f":"(G112*H112)","v":0.48}]
[null,null,null,6111,"SERVENTE DE OBRAS","h",2.3300000000000001E-2,{"$f":"SUMIF(Insumos!B:B,D113,Insumos!G:G)","v":11.11},{"$f":"(G113*H113)","v":0.26}]
[null,null,null,10517,"Exames admissionais/demissionais (checkup)","cj",0,{"$f":"SUMIF(Insumos!B:B,D114,Insumos!G:G)","v":255.26},{"$f":"(G114*H114)","v":0}]
[null,null,null,10761,"Refeição - café da manhã ( café com leite e dois pães com manteiga)","un",2.3999999999999998E-3,{"$f":"SUMIF(Insumos!B:B,D115,Insumos!G:G)","v":1.96},{"$f":"(G115*H115)","v":0}]
[null,null,null,10362,"Seguro de vida e acidente em grupo","un",1E-4,{"$f":"SUMIF(Insumos!B:B,D116,Insumos!G:G)","v":4.42},{"$f":"(G116*H116)","v":0}]
[{"$nulls":7},"PARCIAL:",{"$f":"SUM(I111:I116)","v":0.74}]
[null,null,null,"MATERIAIS/ SERVIÇOS/ EQUIPAMENTOS"]
[null,null,null,4680,"Escavadeira hidraúlica sobre esteira, Caterpillar: 320DL - cap 600l p/ longo alcance","h",3.3300000000000003E-2,{"$f":"SUMIF(Insumos!B:B,D119,Insumos!G:G)","v":84.67},{"$f":"(G119*H119)","v":2.82}]
[null,null,null,158,"Almoço (Participação do empregador)","un",2.3999999999999998E-3,{"$f":"SUMIF(Insumos!B:B,D120,Insumos!G:G)","v":7.83},0.02]
[null,null,null,12893,"Bota de seguranca com biqueira de aco e colarinho acolchoado","par",0,{"$f":"SUMIF(Insumos!B:B,D121,Insumos!G:G)","v":30.36},0]
[null,null,null,12894,"Capa para chuva em pvc com forro de poliester, com capuz (amarela ou azul)","un",0,{"$f":"SUMIF(Insumos!B:B,D122,Insumos!G:G)","v":8.2200000000000006},0]
[null,null,null,12895,"Capacete de seguranca aba frontal com suspensao de polietileno, sem jugular (classe b)","un",0,{"$f":"SUMIF(Insumos!B:B,D123,Insumos!G:G)","v":6.33},0]
[null,null,null,2711,"Carrinho de mao de aco capacidade 50 a 60 l, pneu com camara","un",0,{"$f":"SUMIF(Insumos!B:B,D124,Insumos!G:G)","v":86.13},0]
[null,null,null,10492,"Cesta Básica","un",1E-4,{"$f":"SUMIF(Insumos!B:B,D125,Insumos!G:G)","v":86.13},0.01]
[null,null,null,941,"Fardamento","un",0,{"$f":"SUMIF(Insumos!B:B,D126,Insumos!G:G)","v":53.6},0]
[null,null,null,12892,"Luva raspa de couro, cano curto (punho *7* cm)","par",1E-4,{"$f":"SUMIF(Insumos!B:B,D127,Insumos!G:G)","v":5.69},0]
[null,null,null,4729,"Marreta 1 kg com cabo","un",0,{"$f":"SUMIF(Insumos!B:B,D128,Insumos!G:G)","v":12.37},0]
[null,null,null,1651,"Óculos branco proteção","pr",0,{"$f":"SUMIF(Insumos!B:B,D129,Insumos!G:G)","v":4.3099999999999996},0]
[null,null,null,10788,"Pá quadrada","un",0,{"$f":"SUMIF(Insumos!B:B,D130,Insumos!G:G)","v":13.54},0]
[null,null,null,10596,"Protetor auricular","un",1E-4,{"$f":"SUMIF(Insumos!B:B,D131,Insumos!G:G)","v":2.5099999999999998},0]
[null,null,null,10599,"Protetor solar fps 30 com 120ml","un",0,{"$f":"SUMIF(Insumos!B:B,D132,Insumos!G:G)","v":13.86},0]
[null,null,null,4728,"Talhadeira chata 10\"","un",0,{"$f":"SUMIF(Insumos!B:B,D133,Insumos!G:G)","v":7.4},0]
[null,null,null,2378,"Vale transporte","un",2.2000000000000001E-3,{"$f":"SUMIF(Insumos!B:B,D134,Insumos!G:G)","v":2.74},0.01]
[{"$nulls":7},"PARCIAL:",{"$f":"SUM(I118:I134)","v":2.86}]
[]
[{"$nulls":7},"VALOR UNITÁRIO TOTAL - R$",{"$f":"TRUNC(I117+I135+I136,2)","v":3.6}]
[]
[]
[]
[null,"SERVIÇO","ORSE",4577,{"$f":"VLOOKUP(D141,ORSE!$C:$F,2)","v":"ESCAVAÇÃO, CARGA E TRANSPORTE DE MATERIAL DE 1ª  CATEGORIA,  COM ESCAVADEIRA  HIDRAÚLICA, DMT 201  A 400M"},null,null,null,{"$f":"VLOOKUP(D141,ORSE!$C:$F,3)","v":"M3"},null,{"$f":"I172","v":3.72},{"$f":"VLOOKUP(D141,ORSE!$C:$F,4)","v":4.76}]
[]
[null,null,null,"COD.","DESCRIÇÃO","UN.","COEF.","PREÇO","TOTAL"]
[null,null,null,"MÃO DE OBRA"]
[null,null,null,54,"ENCARREGADO DE TURMA - Fonte DNIT - Mês de ref.: 05/18","h",5.1999999999999998E-3,{"$f":"SUMIF(Insumos!B:B,D145,Insumos!G:G)","v":20.81},{"$f":"(G145*H145)","v":0.11}]
[null,null,null,6111,"SERVENTE DE OBRAS","h",1.5599999999999999E-2,{"$f":"SUMIF(Insumos!B:B,D146,Insumos!G:G)","v":11.11},{"$f":"(G146*H146)","v":0.17}]
[null,null,null,10517,"Exames admissionais/demissionais (checkup)","cj",0,{"$f":"SUMIF(Insumos!B:B,D147,Insumos!G:G)","v":255.26},{"$f":"(G147*H147)","v":0}]
[null,null,null,10761,"Refeição - café da manhã ( café com leite e dois pães com manteiga)","un",1.6000000000000001E-3,{"$f":"SUMIF(Insumos!B:B,D148,Insumos!G:G)","v":1.96},{"$f":"(G148*H148)","v":0}]
[null,null,null,10362,"Seguro de vida e acidente em grupo","un",1E-4,{"$f":"SUMIF(Insumos!B:B,D149,Insumos!G:G)","v":4.42},{"$f":"(G149*H149)","v":0}]
[{"$nulls":7},"PARCIAL:",{"$f":"SUM(I144:I149)","v":0.28000000000000003}]
[null,null,null,"MATERIAIS/ SERVIÇOS/ EQUIPAMENTOS"]
[null,null,null,2450,"Caminhão basc. 15,0t/10,0m3 ( m. benz lk 1418 -170,0kw ou equivalente)","h",2.1899999999999999E-2,{"$f":"SUMIF(Insumos!B:B,D152,Insumos!G:G)-0.888888888888889","v":108.97110000000001},{"$f":"(G152*H152)","v":2.39}]
[null,null,null,4680,"Escavadeira hidraúlica sobre esteira, Caterpillar: 320DL - cap 600l p/ longo alcance","h",1.01E-2,{"$f":"SUMIF(Insumos!B:B,D153,Insumos!G:G)","v":84.67},0.86]
[null,null,null,2475,"Motoniveladora 15000 kg com escarificador (cat - 140M - 185,0 hp ou equivalente)","h",1.5E-3,{"$f":"SUMIF(Insumos!B:B,D154,Insumos!G:G)","v":115.45},0.17]
[null,null,null,158,"Almoço (Participação do empregador)","un",1.6000000000000001E-3,{"$f":"SUMIF(Insumos!B:B,D155,Insumos!G:G)","v":7.83},0.01]
[null,null,null,12893,"Bota de seguranca com biqueira de aco e colarinho acolchoado","par",0,{"$f":"SUMIF(Insumos!B:B,D156,Insumos!G:G)","v":30.36},0]
[null,null,null,12894,"Capa para chuva em pvc com forro de poliester, com capuz (amarela ou azul)","un",0,{"$f":"SUMIF(Insumos!B:B,D157,Insumos!G:G)","v":8.2200000000000006},0]
[null,null,null,12895,"Capacete de seguranca aba frontal com suspensao de polietileno, sem jugular (classe b)","un",0,{"$f":"SUMIF(Insumos!B:B,D158,Insumos!G:G)","v":6.33},0]
[null,null,null,2711,"Carrinho de mao de aco capacidade 50 a 60 l, pneu com camara","un",0,{"$f":"SUMIF(Insumos!B:B,D159,Insumos!G:G)","v":86.13},0]
[null,null,null,10492,"Cesta Básica","un",1E-4,{"$f":"SUMIF(Insumos!B:B,D160,Insumos!G:G)","v":86.13},0.01]
[null,null,null,941,"Fardamento","un",0,{"$f":"SUMIF(Insumos!B:B,D161,Insumos!G:G)","v":53.6},0]
[null,null,null,12892,"Luva raspa de couro, cano curto (punho *7* cm)","par",0,{"$f":"SUMIF(Insumos!B:B,D162,Insumos!G:G)","v":5.69},0]
[null,null,null,4729,"Marreta 1 kg com cabo","un",0,{"$f":"SUMIF(Insumos!B:B,D163,Insumos!G:G)","v":12.37},0]
[null,null,null,1651,"Óculos branco proteção","pr",0,{"$f":"SUMIF(Insumos!B:B,D164,Insumos!G:G)","v":4.3099999999999996},0]
[null,null,null,10788,"Pá quadrada","un",0,{"$f":"SUMIF(Insumos!B:B,D165,Insumos!G:G)","v":13.54},0]
[null,null,null,10596,"Protetor auricular","un",1E-4,{"$f":"SUMIF(Insumos!B:B,D166,Insumos!G:G)","v":2.5099999999999998},0]
[null,null,null,10599,"Protetor solar fps 30 com 120ml","un",0,{"$f":"SUMIF(Insumos!B:B,D167,Insumos!G:G)","v":13.86},0]
[null,null,null,4728,"Talhadeira chata 10\"","un",0,{"$f":"SUMIF(Insumos!B:B,D168,Insumos!G:G)","v":7.4},0]
[null,null,null,2378,"Vale transporte","un",1.5E-3,{"$f":"SUMIF(Insumos!B:B,D169,Insumos!G:G)","v":2.74},0]
[{"$nulls":7},"PARCIAL:",{"$f":"SUM(I151:I169)","v":3.44}]
[]
[{"$nulls":7},"VALOR UNITÁRIO TOTAL - R$",{"$f":"TRUNC(I150+I170+I171,2)","v":3.72}]
[]
[]
[]
[null,"SERVIÇO","ORSE",2169,{"$f":"VLOOKUP(D176,ORSE!$C:$F,2)","v":"LASTRO DE CONCRETO SIMPLES REGULARIZADO, FCK=13,5 MPA,LANÇADO E ADENSADO"},null,null,null,{"$f":"VLOOKUP(D176,ORSE!$C:$F,3)","v":"M3"},null,{"$f":"I229","v":341.43},{"$f":"VLOOKUP(D176,ORSE!$C:$F,4)","v":436.37}]
[]
[null,null,null,"COD.","DESCRIÇÃO","UN.","COEF.","PREÇO","TOTAL"]
[null,null,null,"MÃO DE OBRA"]
[null,null,null,"88245","ARMADOR COM ENCARGOS COMPLEMENTARES","h",0.18,{"$f":"SUMIF(Insumos!B:B,D180,Insumos!G:G)","v":13.51},{"$f":"(G180*H180)","v":2.4300000000000002}]
[null,null,null,"88262","CARPINTEIRO DE FORMAS COM ENCARGOS COMPLEMENTARES","h",0.36,{"$f":"SUMIF(Insumos!B:B,D181,Insumos!G:G)","v":13.51},{"$f":"(G181*H181)","v":4.8600000000000003}]
[null,null,null,"88309","PEDREIRO COM ENCARGOS COMPLEMENTARES","h",2.9578000000000002,{"$f":"SUMIF(Insumos!B:B,D182,Insumos!G:G)","v":13.51},39.96]
[null,null,null,6111,"SERVENTE DE OBRAS","h",10.325799999999999,{"$f":"SUMIF(Insumos!B:B,D183,Insumos!G:G)","v":11.11},114.72]
[null,null,null,10517,"Exames admissionais/demissionais (checkup)","cj",5.7000000000000002E-3,{"$f":"SUMIF(Insumos!B:B,D184,Insumos!G:G)","v":255.26},1.45]
[null,null,null,10761,"Refeição - café da manhã ( café com leite e dois pães com manteiga)","un",1.48,{"$f":"SUMIF(Insumos!B:B,D185,Insumos!G:G)","v":1.96},2.9]
[null,null,null,10362,"Seguro de vida e acidente em grupo","un",6.5299999999999997E-2,{"$f":"SUMIF(Insumos!B:B,D186,Insumos!G:G)","v":4.42},0.28999999999999998]
[{"$nulls":7},"PARCIAL:",{"$f":"SUM(I179:I186)","v":166.61}]
[null,null,null,"MATERIAIS/ SERVIÇOS/ EQUIPAMENTOS"]
[null,null,null,11248,"Furadeira e Parafusadeira eletrica Bosch ou Similar profissional","un",0,{"$f":"SUMIF(Insumos!B:B,D189,Insumos!G:G)","v":235.13},{"$f":"(G189*H189)","v":0}]
[null,null,null,11249,"Serra circular eletrica portatil","un",0,{"$f":"SUMIF(Insumos!B:B,D190,Insumos!G:G)","v":532.35},0]
[null,null,null,158,"Almoço (Participação do empregador)","un",1.478,{"$f":"SUMIF(Insumos!B:B,D191,Insumos!G:G)","v":7.83},{"$f":"(G191*H191)","v":11.57}]
[null,null,null,10585,"Arco de serra","un",0,{"$f":"SUMIF(Insumos!B:B,D192,Insumos!G:G)","v":15.27},0]
[null,null,null,367,"Areia grossa - posto jazida/fornecedor (retirado na jazida,sem transporte)","m3",0.54079999999999995,{"$f":"SUMIF(Insumos!B:B,D193,Insumos!G:G)","v":48.94},{"$f":"(G193*H193)","v":26.47}]
[null,null,null,12893,"Bota de seguranca com biqueira de aco e colarinho acolchoado","par",1.1599999999999999E-2,{"$f":"SUMIF(Insumos!B:B,D194,Insumos!G:G)","v":30.36},0.35]
[null,null,null,12894,"Capa para chuva em pvc com forro de poliester, com capuz (amarela ou azul)","un",2.8999999999999998E-3,{"$f":"SUMIF(Insumos!B:B,D195,Insumos!G:G)","v":8.2200000000000006},0.02]
[null,null,null,12895,"Capacete de seguranca aba frontal com suspensao de polietileno, sem jugular (classe b)","un",8.6999999999999994E-3,{"$f":"SUMIF(Insumos!B:B,D196,Insumos!G:G)","v":6.33},0.06]
[null,null,null,2711,"Carrinho de mao de aco capacidade 50 a 60 l, pneu com camara","un",2.0999999999999999E-3,{"$f":"SUMIF(Insumos!B:B,D197,Insumos!G:G)","v":86.13},0.18]
[null,null,null,10492,"Cesta Básica","un",6.5299999999999997E-2,{"$f":"SUMIF(Insumos!B:B,D198,Insumos!G:G)","v":86.13},5.62]
[null,null,null,10579,"Chave de fenda chata 30 cm","un",1E-4,{"$f":"SUMIF(Insumos!B:B,D199,Insumos!G:G)","v":12.1},0]
[null,null,null,1379,"Cimento portland composto cp ii-32","kg",254.59780000000001,{"$f":"SUMIF(Insumos!B:B,D200,Insumos!G:G)","v":0.34},86.56]
[null,null,null,4719,"Colher de pedreiro","un",1.2999999999999999E-3,{"$f":"SUMIF(Insumos!B:B,D201,Insumos!G:G)","v":8.9700000000000006},{"$f":"(G201*H201)","v":0.01}]
[null,null,null,4174,"Desempenadeira de aço lisa, cabo madeira, ref:143, Atlas ou similar","un",1.6999999999999999E-3,{"$f":"SUMIF(Insumos!B:B,D202,Insumos!G:G)","v":6.4},0.01]
[null,null,null,11245,"Desempoladeira de madeira 12x22","un",2.3999999999999998E-3,{"$f":"SUMIF(Insumos!B:B,D203,Insumos!G:G)","v":9.1999999999999993},0.02]
[null,null,null,11246,"Escala métrica de bambú","Un",2.3999999999999998E-3,{"$f":"SUMIF(Insumos!B:B,D204,Insumos!G:G)","v":13.31},0.03]
[null,null,null,941,"Fardamento","un",2.1700000000000001E-2,{"$f":"SUMIF(Insumos!B:B,D205,Insumos!G:G)","v":53.6},1.1599999999999999]
[null,null,null,10578,"Formão grande","un",1E-4,{"$f":"SUMIF(Insumos!B:B,D206,Insumos!G:G)","v":11.86},0]
[null,null,null,12892,"Luva raspa de couro, cano curto (punho *7* cm)","par",3.3300000000000003E-2,{"$f":"SUMIF(Insumos!B:B,D207,Insumos!G:G)","v":5.69},0.19]
[null,null,null,4729,"Marreta 1 kg com cabo","un",1.1000000000000001E-3,{"$f":"SUMIF(Insumos!B:B,D208,Insumos!G:G)","v":12.37},0.01]
[null,null,null,11264,"Marreta de 1/2 kg com cabo","un",6.9999999999999999E-4,{"$f":"SUMIF(Insumos!B:B,D209,Insumos!G:G)","v":8.57},0.01]
[null,null,null,11244,"Martelo com unha","un",1E-4,{"$f":"SUMIF(Insumos!B:B,D210,Insumos!G:G)","v":22.05},0]
[null,null,null,11265,"Martelo de borracha com cabo","un",1.2999999999999999E-3,{"$f":"SUMIF(Insumos!B:B,D211,Insumos!G:G)","v":11.67},0.02]
[null,null,null,11243,"Martelo sem unha","un",2.9999999999999997E-4,{"$f":"SUMIF(Insumos!B:B,D212,Insumos!G:G)","v":12.76},0]
[null,null,null,10789,"Nível de bolha de madeira","un",6.9999999999999999E-4,{"$f":"SUMIF(Insumos!B:B,D213,Insumos!G:G)","v":7.05},0]
[null,null,null,1651,"Óculos branco proteção","pr",1.1599999999999999E-2,{"$f":"SUMIF(Insumos!B:B,D214,Insumos!G:G)","v":4.3099999999999996},0.05]
[null,null,null,10788,"Pá quadrada","un",2.0999999999999999E-3,{"$f":"SUMIF(Insumos!B:B,D215,Insumos!G:G)","v":13.54},0.03]
[null,null,null,4721,"Pedra britada n. 1 (9,5 a 19 mm) posto pedreira/fornecedor,sem frete","m3",0.20899999999999999,{"$f":"SUMIF(Insumos!B:B,D216,Insumos!G:G)","v":53.64},11.21]
[null,null,null,4718,"Pedra britada n. 2 (19 a 38 mm) posto pedreira/fornecedor, sem frete","m3",0.627,{"$f":"SUMIF(Insumos!B:B,D217,Insumos!G:G)","v":43.36},27.19]
[null,null,null,10596,"Protetor auricular","un",6.5299999999999997E-2,{"$f":"SUMIF(Insumos!B:B,D218,Insumos!G:G)","v":2.5099999999999998},0.16]
[null,null,null,10599,"Protetor solar fps 30 com 120ml","un",2.5999999999999999E-2,{"$f":"SUMIF(Insumos!B:B,D219,Insumos!G:G)","v":13.86},0.36]
[null,null,null,10790,"Prumo de face","un",2.9999999999999997E-4,{"$f":"SUMIF(Insumos!B:B,D220,Insumos!G:G)","v":13.35},0]
[null,null,null,10282,"Regua de alumínio c/ 2,00m (para pedreiro)","un",6.9999999999999999E-4,{"$f":"SUMIF(Insumos!B:B,D221,Insumos!G:G)","v":13.08},0.01]
[null,null,null,11247,"Serra mármore","un",2.9999999999999997E-4,{"$f":"SUMIF(Insumos!B:B,D222,Insumos!G:G)","v":213.74},0.06]
[null,null,null,10577,"Serrote 40cm","un",0,{"$f":"SUMIF(Insumos!B:B,D223,Insumos!G:G)","v":23.33},0]
[null,null,null,4728,"Talhadeira chata 10\"","un",3.2000000000000002E-3,{"$f":"SUMIF(Insumos!B:B,D224,Insumos!G:G)","v":7.4},0.02]
[null,null,null,10586,"Torquesa","un",0,{"$f":"SUMIF(Insumos!B:B,D225,Insumos!G:G)","v":20.58},0]
[null,null,null,2378,"Vale transporte","un",1.2543,{"$f":"SUMIF(Insumos!B:B,D226,Insumos!G:G)","v":2.74},3.44]
[{"$nulls":7},"PARCIAL:",{"$f":"SUM(I188:I226)","v":174.82}]
[]
[{"$nulls":7},"VALOR UNITÁRIO TOTAL - R$",{"$f":"TRUNC(I187+I227+I228,2)","v":341.43}]
[]
[]
[]
[null,"SERVIÇO","ORSE",13,{"$f":"VLOOKUP(D233,ORSE!$C:$F,2)","v":"DEMOLIÇÃO DE CONCRETO MANUALMENTE"},null,null,null,{"$f":"VLOOKUP(D233,ORSE!$C:$F,3)","v":"M3"},null,{"$f":"I272","v":122.68},{"$f":"VLOOKUP(D233,ORSE!$C:$F,4)","v":156.82}]
[]
[null,null,null,"COD.","DESCRIÇÃO","UN.","COEF.","PREÇO","TOTAL"]
[null,null,null,"MÃO DE OBRA"]
[null,null,null,"88309","PEDREIRO COM ENCARGOS COMPLEMENTARES","h",1.3,{"$f":"SUMIF(Insumos!B:B,D237,Insumos!G:G)","v":13.51},{"$f":"(G237*H237)","v":17.559999999999999}]
[null,null,null,6111,"SERVENTE DE OBRAS","h",6.9562999999999997,{"$f":"SUMIF(Insumos!B:B,D238,Insumos!G:G)","v":11.11},{"$f":"(G238*H238)","v":77.28}]
[null,null,null,10517,"Exames admissionais/demissionais (checkup)","cj",5.7000000000000002E-3,{"$f":"SUMIF(Insumos!B:B,D239,Insumos!G:G)","v":255.26},{"$f":"(G239*H239)","v":1.45}]
[null,null,null,10761,"Refeição - café da manhã ( café com leite e dois pães com manteiga)","un",1.456,{"$f":"SUMIF(Insumos!B:B,D240,Insumos!G:G)","v":1.96},{"$f":"(G240*H240)","v":2.85}]
[null,null,null,10362,"Seguro de vida e acidente em grupo","un",6.4399999999999999E-2,{"$f":"SUMIF(Insumos!B:B,D241,Insumos!G:G)","v":4.42},{"$f":"(G241*H241)","v":0.28000000000000003}]
[{"$nulls":7},"PARCIAL:",{"$f":"SUM(I236:I241)","v":99.42}]
[null,null,null,"MATERIAIS/ SERVIÇOS/ EQUIPAMENTOS"]
[null,null,null,158,"Almoço (Participação do empregador)","un",1.456,{"$f":"SUMIF(Insumos!B:B,D244,Insumos!G:G)","v":7.83},{"$f":"(G244*H244)+0.01","v":11.41}]
[null,null,null,12893,"Bota de seguranca com biqueira de aco e colarinho acolchoado","par",1.14E-2,{"$f":"SUMIF(Insumos!B:B,D245,Insumos!G:G)","v":30.36},{"$f":"(G245*H245)+0.01","v":0.36}]
[null,null,null,12894,"Capa para chuva em pvc com forro de poliester, com capuz (amarela ou azul)","un",2.8999999999999998E-3,{"$f":"SUMIF(Insumos!B:B,D246,Insumos!G:G)","v":8.2200000000000006},{"$f":"(G246*H246)","v":0.02}]
[null,null,null,12895,"Capacete de seguranca aba frontal com suspensao de polietileno, sem jugular (classe b)","un",8.6E-3,{"$f":"SUMIF(Insumos!B:B,D247,Insumos!G:G)","v":6.33},0.05]
[null,null,null,2711,"Carrinho de mao de aco capacidade 50 a 60 l, pneu com camara","un",2.5999999999999999E-3,{"$f":"SUMIF(Insumos!B:B,D248,Insumos!G:G)","v":86.13},0.22]
[null,null,null,10492,"Cesta Básica","un",6.4399999999999999E-2,{"$f":"SUMIF(Insumos!B:B,D249,Insumos!G:G)","v":86.13},{"$f":"(G249*H249)+0.01","v":5.56}]
[null,null,null,4719,"Colher de pedreiro","un",5.0000000000000001E-4,{"$f":"SUMIF(Insumos!B:B,D250,Insumos!G:G)","v":8.9700000000000006},0]
[null,null,null,4174,"Desempenadeira de aço lisa, cabo madeira, ref:143, Atlas ou similar","un",6.9999999999999999E-4,{"$f":"SUMIF(Insumos!B:B,D251,Insumos!G:G)","v":6.4},0]
[null,null,null,11245,"Desempoladeira de madeira 12x22","un",8.9999999999999998E-4,{"$f":"SUMIF(Insumos!B:B,D252,Insumos!G:G)","v":9.1999999999999993},0.01]
[null,null,null,11246,"Escala métrica de bambú","Un",8.9999999999999998E-4,{"$f":"SUMIF(Insumos!B:B,D253,Insumos!G:G)","v":13.31},0.01]
[null,null,null,941,"Fardamento","un",2.1499999999999998E-2,{"$f":"SUMIF(Insumos!B:B,D254,Insumos!G:G)","v":53.6},1.1499999999999999]
[null,null,null,12892,"Luva raspa de couro, cano curto (punho *7* cm)","par",3.2899999999999999E-2,{"$f":"SUMIF(Insumos!B:B,D255,Insumos!G:G)","v":5.69},0.19]
[null,null,null,4729,"Marreta 1 kg com cabo","un",1.2999999999999999E-3,{"$f":"SUMIF(Insumos!B:B,D256,Insumos!G:G)","v":12.37},0.02]
[null,null,null,11264,"Marreta de 1/2 kg com cabo","un",2.9999999999999997E-4,{"$f":"SUMIF(Insumos!B:B,D257,Insumos!G:G)","v":8.57},0]
[null,null,null,11265,"Martelo de borracha com cabo","un",5.0000000000000001E-4,{"$f":"SUMIF(Insumos!B:B,D258,Insumos!G:G)","v":11.67},0.01]
[null,null,null,11243,"Martelo sem unha","un",1E-4,{"$f":"SUMIF(Insumos!B:B,D259,Insumos!G:G)","v":12.76},0]
[null,null,null,10789,"Nível de bolha de madeira","un",2.9999999999999997E-4,{"$f":"SUMIF(Insumos!B:B,D260,Insumos!G:G)","v":7.05},0]
[null,null,null,1651,"Óculos branco proteção","pr",1.14E-2,{"$f":"SUMIF(Insumos!B:B,D261,Insumos!G:G)","v":4.3099999999999996},0.05]
[null,null,null,10788,"Pá quadrada","un",2.5999999999999999E-3,{"$f":"SUMIF(Insumos!B:B,D262,Insumos!G:G)","v":13.54},0.04]
[null,null,null,10596,"Protetor auricular","un",6.4399999999999999E-2,{"$f":"SUMIF(Insumos!B:B,D263,Insumos!G:G)","v":2.5099999999999998},0.16]
[null,null,null,10599,"Protetor solar fps 30 com 120ml","un",2.5700000000000001E-2,{"$f":"SUMIF(Insumos!B:B,D264,Insumos!G:G)","v":13.86},0.36]
[null,null,null,10790,"Prumo de face","un",1E-4,{"$f":"SUMIF(Insumos!B:B,D265,Insumos!G:G)","v":13.35},0]
[null,null,null,10282,"Regua de alumínio c/ 2,00m (para pedreiro)","un",2.9999999999999997E-4,{"$f":"SUMIF(Insumos!B:B,D266,Insumos!G:G)","v":13.08},0]
[null,null,null,11247,"Serra mármore","un",1E-4,{"$f":"SUMIF(Insumos!B:B,D267,Insumos!G:G)","v":213.74},0.02]
[null,null,null,4728,"Talhadeira chata 10\"","un",3.8999999999999998E-3,{"$f":"SUMIF(Insumos!B:B,D268,Insumos!G:G)","v":7.4},0.03]
[null,null,null,2378,"Vale transporte","un",1.3086,{"$f":"SUMIF(Insumos!B:B,D269,Insumos!G:G)","v":2.74},3.59]
[{"$nulls":7},"PARCIAL:",{"$f":"SUM(I243:I269)","v":23.26}]
[]
[{"$nulls":7},"VALOR UNITÁRIO TOTAL - R$",{"$f":"TRUNC(I242+I270+I271,2)","v":122.68}]
[]
[]
[]
[null,"SERVIÇO","ORSE",9182,{"$f":"VLOOKUP(D276,ORSE!$C:$F,2)","v":"DEMOLIÇÃO DE CONCRETO COM MARTELETE E COMPRESSOR"},null,null,null,{"$f":"VLOOKUP(D276,ORSE!$C:$F,3)","v":"M3"},null,{"$f":"I288","v":257.37},{"$f":"VLOOKUP(D276,ORSE!$C:$F,4)","v":328.71}]
[]
[null,null,null,"COD.","DESCRIÇÃO","UN.","COEF.","PREÇO","TOTAL"]
[null,null,null,"MÃO DE OBRA"]
[{"$nulls":7},{"$f":"SUMIF(Insumos!B:B,D280,Insumos!G:G)","v":0},{"$f":"(G280*H280)","v":0}]
[{"$nulls":7},{"$f":"SUMIF(Insumos!B:B,D281,Insumos!G:G)","v":0},{"$f":"(G281*H281)","v":0}]
[{"$nulls":7},"PARCIAL:",{"$f":"SUM(I279:I281)","v":0}]
[null,null,null,"MATERIAIS/ SERVIÇOS/ EQUIPAMENTOS"]
[null,null,null,2490,"Rompedor 56,0 pcm / 1150 ipm (atlas copco -tex 11 ou equivalente)","h",22,{"$f":"SUMIF(Insumos!B:B,D284,Insumos!G:G)","v":3.09},{"$f":"(G284*H284)","v":67.98}]
[null,null,null,2463,"Compressor 250 pcm (atlas copco - xa-120dd - 94,0 hp ou equivalente)","h",19.9146,{"$f":"SUMIF(Insumos!B:B,D285,Insumos!G:G)","v":9.51},{"$f":"(G285*H285)","v":189.39}]
[{"$nulls":7},"PARCIAL:",{"$f":"SUM(I283:I285)","v":257.37}]
[]
[{"$nulls":7},"VALOR UNITÁRIO TOTAL - R$",{"$f":"TRUNC(I282+I286+I287,2)","v":257.37}]
[]
[]
[]
[null,"SERVIÇO","ORSE",9,{"$f":"VLOOKUP(D292,ORSE!$C:$F,2)","v":"REMOÇÃO DE TELHAMENTO COM TELHAS CERÂMICAS"},null,null,null,{"$f":"VLOOKUP(D292,ORSE!$C:$F,3)","v":"M2"},null,{"$f":"I326","v":5.64},{"$f":"VLOOKUP(D292,ORSE!$C:$F,4)","v":7.21}]
[]
[null,null,null,"COD.","DESCRIÇÃO","UN.","COEF.","PREÇO","TOTAL"]
[null,null,null,"MÃO DE OBRA"]
[null,null,null,"88262","CARPINTEIRO DE FORMAS COM ENCARGOS COMPLEMENTARES","h",0.06,{"$f":"SUMIF(Insumos!B:B,D296,Insumos!G:G)","v":13.51},{"$f":"(G296*H296)","v":0.81}]
[null,null,null,6111,"SERVENTE DE OBRAS","h",0.3216,{"$f":"SUMIF(Insumos!B:B,D297,Insumos!G:G)","v":11.11},{"$f":"(G297*H297)","v":3.57}]
[null,null,null,10517,"Exames admissionais/demissionais (checkup)","cj",2.0000000000000001E-4,{"$f":"SUMIF(Insumos!B:B,D298,Insumos!G:G)","v":255.26},{"$f":"(G298*H298)","v":0.05}]
[null,null,null,10761,"Refeição - café da manhã ( café com leite e dois pães com manteiga)","un",6.7199999999999996E-2,{"$f":"SUMIF(Insumos!B:B,D299,Insumos!G:G)","v":1.96},{"$f":"(G299*H299)","v":0.13}]
[null,null,null,10362,"Seguro de vida e acidente em grupo","un",3.0000000000000001E-3,{"$f":"SUMIF(Insumos!B:B,D300,Insumos!G:G)","v":4.42},{"$f":"(G300*H300)","v":0.01}]
[{"$nulls":7},"PARCIAL:",{"$f":"SUM(I295:I300)","v":4.57}]
[null,null,null,"MATERIAIS/ SERVIÇOS/ EQUIPAMENTOS"]
[null,null,null,11248,"Furadeira e Parafusadeira eletrica Bosch ou Similar profissional","un",0,{"$f":"SUMIF(Insumos!B:B,D303,Insumos!G:G)","v":235.13},{"$f":"(G303*H303)","v":0}]
[null,null,null,11249,"Serra circular eletrica portatil","un",0,{"$f":"SUMIF(Insumos!B:B,D304,Insumos!G:G)","v":532.35},0]
[null,null,null,158,"Almoço (Participação do empregador)","un",6.7199999999999996E-2,{"$f":"SUMIF(Insumos!B:B,D305,Insumos!G:G)","v":7.83},{"$f":"(G305*H305)-0.01","v":0.52}]
[null,null,null,12893,"Bota de seguranca com biqueira de aco e colarinho acolchoado","par",5.0000000000000001E-4,{"$f":"SUMIF(Insumos!B:B,D306,Insumos!G:G)","v":30.36},{"$f":"(G306*H306)","v":0.02}]
[null,null,null,12894,"Capa para chuva em pvc com forro de poliester, com capuz (amarela ou azul)","un",1E-4,{"$f":"SUMIF(Insumos!B:B,D307,Insumos!G:G)","v":8.2200000000000006},0]
[null,null,null,12895,"Capacete de seguranca aba frontal com suspensao de polietileno, sem jugular (classe b)","un",4.0000000000000002E-4,{"$f":"SUMIF(Insumos!B:B,D308,Insumos!G:G)","v":6.33},0]
[null,null,null,2711,"Carrinho de mao de aco capacidade 50 a 60 l, pneu com camara","un",1E-4,{"$f":"SUMIF(Insumos!B:B,D309,Insumos!G:G)","v":86.13},0.01]
[null,null,null,10492,"Cesta Básica","un",3.0000000000000001E-3,{"$f":"SUMIF(Insumos!B:B,D310,Insumos!G:G)","v":86.13},0.26]
[null,null,null,10579,"Chave de fenda chata 30 cm","un",0,{"$f":"SUMIF(Insumos!B:B,D311,Insumos!G:G)","v":12.1},0]
[null,null,null,941,"Fardamento","un",1E-3,{"$f":"SUMIF(Insumos!B:B,D312,Insumos!G:G)","v":53.6},0.05]
[null,null,null,10578,"Formão grande","un",0,{"$f":"SUMIF(Insumos!B:B,D313,Insumos!G:G)","v":11.86},0]
[null,null,null,12892,"Luva raspa de couro, cano curto (punho *7* cm)","par",1.5E-3,{"$f":"SUMIF(Insumos!B:B,D314,Insumos!G:G)","v":5.69},0.01]
[null,null,null,4729,"Marreta 1 kg com cabo","un",1E-4,{"$f":"SUMIF(Insumos!B:B,D315,Insumos!G:G)","v":12.37},0]
[null,null,null,11244,"Martelo com unha","un",0,{"$f":"SUMIF(Insumos!B:B,D316,Insumos!G:G)","v":22.05},0]
[null,null,null,1651,"Óculos branco proteção","pr",5.0000000000000001E-4,{"$f":"SUMIF(Insumos!B:B,D317,Insumos!G:G)","v":4.3099999999999996},0]
[null,null,null,10788,"Pá quadrada","un",1E-4,{"$f":"SUMIF(Insumos!B:B,D318,Insumos!G:G)","v":13.54},0]
[null,null,null,10596,"Protetor auricular","un",3.0000000000000001E-3,{"$f":"SUMIF(Insumos!B:B,D319,Insumos!G:G)","v":2.5099999999999998},0.01]
[null,null,null,10599,"Protetor solar fps 30 com 120ml","un",1.1999999999999999E-3,{"$f":"SUMIF(Insumos!B:B,D320,Insumos!G:G)","v":13.86},0.02]
[null,null,null,10577,"Serrote 40cm","un",0,{"$f":"SUMIF(Insumos!B:B,D321,Insumos!G:G)","v":23.33},0]
[null,null,null,4728,"Talhadeira chata 10\"","un",2.0000000000000001E-4,{"$f":"SUMIF(Insumos!B:B,D322,Insumos!G:G)","v":7.4},0]
[null,null,null,2378,"Vale transporte","un",6.0400000000000002E-2,{"$f":"SUMIF(Insumos!B:B,D323,Insumos!G:G)","v":2.74},0.17]
[{"$nulls":7},"PARCIAL:",{"$f":"SUM(I302:I323)","v":1.07}]
[]
[{"$nulls":7},"VALOR UNITÁRIO TOTAL - R$",{"$f":"TRUNC(I301+I324+I325,2)","v":5.64}]
[]
[]
[]
[null,"SERVIÇO","ORSE",30,{"$f":"VLOOKUP(D330,ORSE!$C:$F,2)","v":"DEMOLIÇÃO DE MADEIRAMENTO EM COBERTURAS COM TELHAS CERÂMICAS"},null,null,null,{"$f":"VLOOKUP(D330,ORSE!$C:$F,3)","v":"M2"},null,{"$f":"I364","v":12.28},{"$f":"VLOOKUP(D330,ORSE!$C:$F,4)","v":15.69}]
[]
[null,null,null,"COD.","DESCRIÇÃO","UN.","COEF.","PREÇO","TOTAL"]
[null,null,null,"MÃO DE OBRA"]
[null,null,null,"88262","CARPINTEIRO DE FORMAS COM ENCARGOS COMPLEMENTARES","h",0.13,{"$f":"SUMIF(Insumos!B:B,D334,Insumos!G:G)","v":13.51},{"$f":"(G334*H334)","v":1.76}]
[null,null,null,6111,"SERVENTE DE OBRAS","h",0.69610000000000005,{"$f":"SUMIF(Insumos!B:B,D335,Insumos!G:G)","v":11.11},{"$f":"(G335*H335)","v":7.73}]
[null,null,null,10517,"Exames admissionais/demissionais (checkup)","cj",5.9999999999999995E-4,{"$f":"SUMIF(Insumos!B:B,D336,Insumos!G:G)","v":255.26},{"$f":"(G336*H336)","v":0.15}]
[null,null,null,10761,"Refeição - café da manhã ( café com leite e dois pães com manteiga)","un",0.14549999999999999,{"$f":"SUMIF(Insumos!B:B,D337,Insumos!G:G)","v":1.96},{"$f":"(G337*H337)","v":0.28999999999999998}]
[null,null,null,10362,"Seguro de vida e acidente em grupo","un",6.4999999999999997E-3,{"$f":"SUMIF(Insumos!B:B,D338,Insumos!G:G)","v":4.42},{"$f":"(G338*H338)","v":0.03}]
[{"$nulls":7},"PARCIAL:",{"$f":"SUM(I333:I338)","v":9.9600000000000009}]
[null,null,null,"MATERIAIS/ SERVIÇOS/ EQUIPAMENTOS"]
[null,null,null,11248,"Furadeira e Parafusadeira eletrica Bosch ou Similar profissional","un",0,{"$f":"SUMIF(Insumos!B:B,D341,Insumos!G:G)","v":235.13},{"$f":"(G341*H341)","v":0}]
[null,null,null,11249,"Serra circular eletrica portatil","un",0,{"$f":"SUMIF(Insumos!B:B,D342,Insumos!G:G)","v":532.35},0]
[null,null,null,158,"Almoço (Participação do empregador)","un",0.14549999999999999,{"$f":"SUMIF(Insumos!B:B,D343,Insumos!G:G)","v":7.83},{"$f":"(G343*H343)","v":1.1399999999999999}]
[null,null,null,12893,"Bota de seguranca com biqueira de aco e colarinho acolchoado","par",1.1000000000000001E-3,{"$f":"SUMIF(Insumos!B:B,D344,Insumos!G:G)","v":30.36},0.03]
[null,null,null,12894,"Capa para chuva em pvc com forro de poliester, com capuz (amarela ou azul)","un",2.9999999999999997E-4,{"$f":"SUMIF(Insumos!B:B,D345,Insumos!G:G)","v":8.2200000000000006},0]
[null,null,null,12895,"Capacete de seguranca aba frontal com suspensao de polietileno, sem jugular (classe b)","un",8.9999999999999998E-4,{"$f":"SUMIF(Insumos!B:B,D346,Insumos!G:G)","v":6.33},0.01]
[null,null,null,2711,"Carrinho de mao de aco capacidade 50 a 60 l, pneu com camara","un",2.9999999999999997E-4,{"$f":"SUMIF(Insumos!B:B,D347,Insumos!G:G)","v":86.13},0.03]
[null,null,null,10492,"Cesta Básica","un",6.4999999999999997E-3,{"$f":"SUMIF(Insumos!B:B,D348,Insumos!G:G)","v":86.13},0.56000000000000005]
[null,null,null,10579,"Chave de fenda chata 30 cm","un",0,{"$f":"SUMIF(Insumos!B:B,D349,Insumos!G:G)","v":12.1},0]
[null,null,null,941,"Fardamento","un",2.2000000000000001E-3,{"$f":"SUMIF(Insumos!B:B,D350,Insumos!G:G)","v":53.6},0.12]
[null,null,null,10578,"Formão grande","un",0,{"$f":"SUMIF(Insumos!B:B,D351,Insumos!G:G)","v":11.86},0]
[null,null,null,12892,"Luva raspa de couro, cano curto (punho *7* cm)","par",3.3E-3,{"$f":"SUMIF(Insumos!B:B,D352,Insumos!G:G)","v":5.69},0.02]
[null,null,null,4729,"Marreta 1 kg com cabo","un",1E-4,{"$f":"SUMIF(Insumos!B:B,D353,Insumos!G:G)","v":12.37},0]
[null,null,null,11244,"Martelo com unha","un",0,{"$f":"SUMIF(Insumos!B:B,D354,Insumos!G:G)","v":22.05},0]
[null,null,null,1651,"Óculos branco proteção","pr",1.1000000000000001E-3,{"$f":"SUMIF(Insumos!B:B,D355,Insumos!G:G)","v":4.3099999999999996},0]
[null,null,null,10788,"Pá quadrada","un",2.9999999999999997E-4,{"$f":"SUMIF(Insumos!B:B,D356,Insumos!G:G)","v":13.54},0]
[null,null,null,10596,"Protetor auricular","un",6.4999999999999997E-3,{"$f":"SUMIF(Insumos!B:B,D357,Insumos!G:G)","v":2.5099999999999998},0.02]
[null,null,null,10599,"Protetor solar fps 30 com 120ml","un",2.5000000000000001E-3,{"$f":"SUMIF(Insumos!B:B,D358,Insumos!G:G)","v":13.86},0.03]
[null,null,null,10577,"Serrote 40cm","un",0,{"$f":"SUMIF(Insumos!B:B,D359,Insumos!G:G)","v":23.33},0]
[null,null,null,4728,"Talhadeira chata 10\"","un",4.0000000000000002E-4,{"$f":"SUMIF(Insumos!B:B,D360,Insumos!G:G)","v":7.4},0]
[null,null,null,2378,"Vale transporte","un",0.1308,{"$f":"SUMIF(Insumos!B:B,D361,Insumos!G:G)","v":2.74},0.36]
[{"$nulls":7},"PARCIAL:",{"$f":"SUM(I340:I361)","v":2.3199999999999998}]
[]
[{"$nulls":7},"VALOR UNITÁRIO TOTAL - R$",{"$f":"TRUNC(I339+I362+I363,2)","v":12.28}]
[]
[]
[]
[null,"SERVIÇO","ORSE",8038,{"$f":"VLOOKUP(D368,ORSE!$C:$F,2)","v":"DEMOLIÇÃO DE ALVENARIA DE ELEMENTOS VAZADOS (COBOGÓ), SEM REAPROVEITAMENTO"},null,null,null,{"$f":"VLOOKUP(D368,ORSE!$C:$F,3)","v":"M3"},null,{"$f":"I407","v":18.32},{"$f":"VLOOKUP(D368,ORSE!$C:$F,4)","v":23.42}]
[]
[null,null,null,"COD.","DESCRIÇÃO","UN.","COEF.","PREÇO","TOTAL"]
[null,null,null,"MÃO DE OBRA"]
[null,null,null,"88309","PEDREIRO COM ENCARGOS COMPLEMENTARES","h",0.15,{"$f":"SUMIF(Insumos!B:B,D372,Insumos!G:G)","v":13.51},{"$f":"(G372*H372)","v":2.0299999999999998}]
[null,null,null,6111,"SERVENTE DE OBRAS","h",1.0902000000000001,{"$f":"SUMIF(Insumos!B:B,D373,Insumos!G:G)","v":11.11},{"$f":"(G373*H373)","v":12.11}]
[null,null,null,10517,"Exames admissionais/demissionais (checkup)","cj",8.9999999999999998E-4,{"$f":"SUMIF(Insumos!B:B,D374,Insumos!G:G)","v":255.26},{"$f":"(G374*H374)","v":0.23}]
[null,null,null,10761,"Refeição - café da manhã ( café com leite e dois pães com manteiga)","un",0.21890000000000001,{"$f":"SUMIF(Insumos!B:B,D375,Insumos!G:G)","v":1.96},{"$f":"(G375*H375)","v":0.43}]
[null,null,null,10362,"Seguro de vida e acidente em grupo","un",9.7000000000000003E-3,{"$f":"SUMIF(Insumos!B:B,D376,Insumos!G:G)","v":4.42},{"$f":"(G376*H376)","v":0.04}]
[{"$nulls":7},"PARCIAL:",{"$f":"SUM(I371:I376)","v":14.84}]
[null,null,null,"MATERIAIS/ SERVIÇOS/ EQUIPAMENTOS"]
[null,null,null,158,"Almoço (Participação do empregador)","un",0.21890000000000001,{"$f":"SUMIF(Insumos!B:B,D379,Insumos!G:G)","v":7.83},{"$f":"(G379*H379)","v":1.71}]
[null,null,null,12893,"Bota de seguranca com biqueira de aco e colarinho acolchoado","par",1.6999999999999999E-3,{"$f":"SUMIF(Insumos!B:B,D380,Insumos!G:G)","v":30.36},0.05]
[null,null,null,12894,"Capa para chuva em pvc com forro de poliester, com capuz (amarela ou azul)","un",4.0000000000000002E-4,{"$f":"SUMIF(Insumos!B:B,D381,Insumos!G:G)","v":8.2200000000000006},0]
[null,null,null,12895,"Capacete de seguranca aba frontal com suspensao de polietileno, sem jugular (classe b)","un",1.2999999999999999E-3,{"$f":"SUMIF(Insumos!B:B,D382,Insumos!G:G)","v":6.33},0.01]
[null,null,null,2711,"Carrinho de mao de aco capacidade 50 a 60 l, pneu com camara","un",4.0000000000000002E-4,{"$f":"SUMIF(Insumos!B:B,D383,Insumos!G:G)","v":86.13},0.03]
[null,null,null,10492,"Cesta Básica","un",9.7000000000000003E-3,{"$f":"SUMIF(Insumos!B:B,D384,Insumos!G:G)","v":86.13},0.84]
[null,null,null,4719,"Colher de pedreiro","un",1E-4,{"$f":"SUMIF(Insumos!B:B,D385,Insumos!G:G)","v":8.9700000000000006},0]
[null,null,null,4174,"Desempenadeira de aço lisa, cabo madeira, ref:143, Atlas ou similar","un",1E-4,{"$f":"SUMIF(Insumos!B:B,D386,Insumos!G:G)","v":6.4},0]
[null,null,null,11245,"Desempoladeira de madeira 12x22","un",1E-4,{"$f":"SUMIF(Insumos!B:B,D387,Insumos!G:G)","v":9.1999999999999993},0]
[null,null,null,11246,"Escala métrica de bambú","Un",1E-4,{"$f":"SUMIF(Insumos!B:B,D388,Insumos!G:G)","v":13.31},0]
[null,null,null,941,"Fardamento","un",3.2000000000000002E-3,{"$f":"SUMIF(Insumos!B:B,D389,Insumos!G:G)","v":53.6},0.17]
[null,null,null,12892,"Luva raspa de couro, cano curto (punho *7* cm)","par",4.8999999999999998E-3,{"$f":"SUMIF(Insumos!B:B,D390,Insumos!G:G)","v":5.69},0.03]
[null,null,null,4729,"Marreta 1 kg com cabo","un",2.0000000000000001E-4,{"$f":"SUMIF(Insumos!B:B,D391,Insumos!G:G)","v":12.37},0]
[null,null,null,11264,"Marreta de 1/2 kg com cabo","un",0,{"$f":"SUMIF(Insumos!B:B,D392,Insumos!G:G)","v":8.57},0]
[null,null,null,11265,"Martelo de borracha com cabo","un",1E-4,{"$f":"SUMIF(Insumos!B:B,D393,Insumos!G:G)","v":11.67},0]
[null,null,null,11243,"Martelo sem unha","un",0,{"$f":"SUMIF(Insumos!B:B,D394,Insumos!G:G)","v":12.76},0]
[null,null,null,10789,"Nível de bolha de madeira","un",0,{"$f":"SUMIF(Insumos!B:B,D395,Insumos!G:G)","v":7.05},0]
[null,null,null,1651,"Óculos branco proteção","pr",1.6999999999999999E-3,{"$f":"SUMIF(Insumos!B:B,D396,Insumos!G:G)","v":4.3099999999999996},0.01]
[null,null,null,10788,"Pá quadrada","un",4.0000000000000002E-4,{"$f":"SUMIF(Insumos!B:B,D397,Insumos!G:G)","v":13.54},0.01]
[null,null,null,10596,"Protetor auricular","un",9.7000000000000003E-3,{"$f":"SUMIF(Insumos!B:B,D398,Insumos!G:G)","v":2.5099999999999998},0.02]
[null,null,null,10599,"Protetor solar fps 30 com 120ml","un",3.8999999999999998E-3,{"$f":"SUMIF(Insumos!B:B,D399,Insumos!G:G)","v":13.86},0.05]
[null,null,null,10790,"Prumo de face","un",0,{"$f":"SUMIF(Insumos!B:B,D400,Insumos!G:G)","v":13.35},0]
[null,null,null,10282,"Regua de alumínio c/ 2,00m (para pedreiro)","un",0,{"$f":"SUMIF(Insumos!B:B,D401,Insumos!G:G)","v":13.08},0]
[null,null,null,11247,"Serra mármore","un",0,{"$f":"SUMIF(Insumos!B:B,D402,Insumos!G:G)","v":213.74},0]
[null,null,null,4728,"Talhadeira chata 10\"","un",5.9999999999999995E-4,{"$f":"SUMIF(Insumos!B:B,D403,Insumos!G:G)","v":7.4},0]
[null,null,null,2378,"Vale transporte","un",0.19800000000000001,{"$f":"SUMIF(Insumos!B:B,D404,Insumos!G:G)","v":2.74},{"$f":"(G404*H404)+0.01","v":0.55000000000000004}]
[{"$nulls":7},"PARCIAL:",{"$f":"SUM(I378:I404)","v":3.48}]
[]
[{"$nulls":7},"VALOR UNITÁRIO TOTAL - R$",{"$f":"TRUNC(I377+I405+I406,2)","v":18.32}]
[]
[]
[]
[null,"SERVIÇO","ORSE",11651,{"$f":"VLOOKUP(D411,ORSE!$C:$F,2)","v":"FORMA PLANA PARA ESTRUTURAS, EM COMPENSADO PLASTIFICADO DE 10MM, 04 USOS, INC LUSIVE ESCORAMENTO - REVISADA 07.2015"},null,null,null,{"$f":"VLOOKUP(D411,ORSE!$C:$F,3)","v":"M2"},null,{"$f":"I453","v":34.049999999999997},{"$f":"VLOOKUP(D411,ORSE!$C:$F,4)","v":43.49}]
[]
[null,null,null,"COD.","DESCRIÇÃO","UN.","COEF.","PREÇO","TOTAL"]
[null,null,null,"MÃO DE OBRA"]
[null,null,null,"88262","CARPINTEIRO DE FORMAS COM ENCARGOS COMPLEMENTARES","h",0.85670000000000002,{"$f":"SUMIF(Insumos!B:B,D415,Insumos!G:G)","v":13.51},{"$f":"(G415*H415)","v":11.57}]
[null,null,null,6111,"SERVENTE DE OBRAS","h",8.1799999999999998E-2,{"$f":"SUMIF(Insumos!B:B,D416,Insumos!G:G)","v":11.11},{"$f":"(G416*H416)","v":0.91}]
[null,null,null,10517,"Exames admissionais/demissionais (checkup)","cj",5.0000000000000001E-4,{"$f":"SUMIF(Insumos!B:B,D417,Insumos!G:G)","v":255.26},{"$f":"(G417*H417)","v":0.13}]
[null,null,null,10761,"Refeição - café da manhã ( café com leite e dois pães com manteiga)","un",0.13150000000000001,{"$f":"SUMIF(Insumos!B:B,D418,Insumos!G:G)","v":1.96},{"$f":"(G418*H418)","v":0.26}]
[null,null,null,10362,"Seguro de vida e acidente em grupo","un",5.7999999999999996E-3,{"$f":"SUMIF(Insumos!B:B,D419,Insumos!G:G)","v":4.42},{"$f":"(G419*H419)","v":0.03}]
[{"$nulls":7},"PARCIAL:",{"$f":"SUM(I414:I419)","v":12.9}]
[null,null,null,"MATERIAIS/ SERVIÇOS/ EQUIPAMENTOS"]
[null,null,null,11248,"Furadeira e Parafusadeira eletrica Bosch ou Similar profissional","un",1E-4,{"$f":"SUMIF(Insumos!B:B,D422,Insumos!G:G)","v":235.13},{"$f":"(G422*H422)","v":0.02}]
[null,null,null,11249,"Serra circular eletrica portatil","un",1E-4,{"$f":"SUMIF(Insumos!B:B,D423,Insumos!G:G)","v":532.35},{"$f":"(G423*H423)","v":0.05}]
[null,null,null,158,"Almoço (Participação do empregador)","un",0.13150000000000001,{"$f":"SUMIF(Insumos!B:B,D424,Insumos!G:G)","v":7.83},{"$f":"(G424*H424)","v":1.03}]
[null,null,null,333,"Arame galvanizado 14 bwg, d = 2,11 mm (0,026 kg/m)","kg",0.15,{"$f":"SUMIF(Insumos!B:B,D425,Insumos!G:G)","v":9.7899999999999991},{"$f":"(G425*H425)","v":1.47}]
[null,null,null,12893,"Bota de seguranca com biqueira de aco e colarinho acolchoado","par",8.9999999999999998E-4,{"$f":"SUMIF(Insumos!B:B,D426,Insumos!G:G)","v":30.36},{"$f":"(G426*H426)","v":0.03}]
[null,null,null,12894,"Capa para chuva em pvc com forro de poliester, com capuz (amarela ou azul)","un",2.9999999999999997E-4,{"$f":"SUMIF(Insumos!B:B,D427,Insumos!G:G)","v":8.2200000000000006},{"$f":"(G427*H427)","v":0}]
[null,null,null,12895,"Capacete de seguranca aba frontal com suspensao de polietileno, sem jugular (classe b)","un",8.0000000000000004E-4,{"$f":"SUMIF(Insumos!B:B,D428,Insumos!G:G)","v":6.33},0.01]
[null,null,null,2711,"Carrinho de mao de aco capacidade 50 a 60 l, pneu com camara","un",1E-4,{"$f":"SUMIF(Insumos!B:B,D429,Insumos!G:G)","v":86.13},0.01]
[null,null,null,10492,"Cesta Básica","un",5.7999999999999996E-3,{"$f":"SUMIF(Insumos!B:B,D430,Insumos!G:G)","v":86.13},0.5]
[null,null,null,1346,"Chapa de madeira compensada plastificada para forma de concreto, de 2,20 x 1,10 m, e = 10 mm","m2",0.1158,{"$f":"SUMIF(Insumos!B:B,D431,Insumos!G:G)","v":22.13},2.56]
[null,null,null,10579,"Chave de fenda chata 30 cm","un",2.0000000000000001E-4,{"$f":"SUMIF(Insumos!B:B,D432,Insumos!G:G)","v":12.1},0]
[null,null,null,2692,"Desmoldante protetor para formas de madeira, de base oleosaemulsionada em agua","l",0.02,{"$f":"SUMIF(Insumos!B:B,D433,Insumos!G:G)","v":4.76},0.1]
[null,null,null,941,"Fardamento","un",1.9E-3,{"$f":"SUMIF(Insumos!B:B,D434,Insumos!G:G)","v":53.6},0.1]
[null,null,null,10578,"Formão grande","un",2.0000000000000001E-4,{"$f":"SUMIF(Insumos!B:B,D435,Insumos!G:G)","v":11.86},0]
[null,null,null,12892,"Luva raspa de couro, cano curto (punho *7* cm)","par",3.0000000000000001E-3,{"$f":"SUMIF(Insumos!B:B,D436,Insumos!G:G)","v":5.69},0.02]
[null,null,null,1569,"Madeira mista serrada (barrote) 6 x 6cm - 0,0036 m3/m (angelim, louro)","m",1.5331999999999999,{"$f":"SUMIF(Insumos!B:B,D437,Insumos!G:G)","v":4.5999999999999996},7.05]
[null,null,null,4729,"Marreta 1 kg com cabo","un",0,{"$f":"SUMIF(Insumos!B:B,D438,Insumos!G:G)","v":12.37},0]
[null,null,null,11244,"Martelo com unha","un",2.0000000000000001E-4,{"$f":"SUMIF(Insumos!B:B,D439,Insumos!G:G)","v":22.05},0]
[null,null,null,1651,"Óculos branco proteção","pr",8.9999999999999998E-4,{"$f":"SUMIF(Insumos!B:B,D440,Insumos!G:G)","v":4.3099999999999996},0]
[null,null,null,10788,"Pá quadrada","un",1E-4,{"$f":"SUMIF(Insumos!B:B,D441,Insumos!G:G)","v":13.54},0]
[null,null,null,5068,"Prego de aco polido com cabeca 17 x 21 (2 x 11)","kg",2.5000000000000001E-2,{"$f":"SUMIF(Insumos!B:B,D442,Insumos!G:G)","v":7.96},{"$f":"(G442*H442)","v":0.2}]
[null,null,null,5069,"Prego de aco polido com cabeca 17 x 27 (2 1/2 x 11)","kg",0.1,{"$f":"SUMIF(Insumos!B:B,D443,Insumos!G:G)","v":8.1199999999999992},0.81]
[null,null,null,10596,"Protetor auricular","un",5.7999999999999996E-3,{"$f":"SUMIF(Insumos!B:B,D444,Insumos!G:G)","v":2.5099999999999998},0.01]
[null,null,null,10599,"Protetor solar fps 30 com 120ml","un",2.3999999999999998E-3,{"$f":"SUMIF(Insumos!B:B,D445,Insumos!G:G)","v":13.86},0.03]
[null,null,null,10577,"Serrote 40cm","un",1E-4,{"$f":"SUMIF(Insumos!B:B,D446,Insumos!G:G)","v":23.33},0]
[null,null,null,4509,"Tabua de madeira nao aparelhada *2,5 x 10 cm (1 x 4 \") pinus, mista ou equivalente da regiao","m",1.1834,{"$f":"SUMIF(Insumos!B:B,D447,Insumos!G:G)","v":5.25},6.21]
[null,null,null,6193,"Tabua de madeira nao aparelhada *2,5 x 20* cm, cedrinho ou equivalente da regiao","m",0.153,{"$f":"SUMIF(Insumos!B:B,D448,Insumos!G:G)","v":4.49},0.69]
[null,null,null,4728,"Talhadeira chata 10\"","un",1E-4,{"$f":"SUMIF(Insumos!B:B,D449,Insumos!G:G)","v":7.4},0]
[null,null,null,2378,"Vale transporte","un",9.1899999999999996E-2,{"$f":"SUMIF(Insumos!B:B,D450,Insumos!G:G)","v":2.74},0.25]
[{"$nulls":7},"PARCIAL:",{"$f":"SUM(I421:I450)","v":21.15}]
[]
[{"$nulls":7},"VALOR UNITÁRIO TOTAL - R$",{"$f":"TRUNC(I420+I451+I452,2)","v":34.049999999999997}]
[]
[]
[]
[null,"SERVIÇO","ORSE",7691,{"$f":"VLOOKUP(D457,ORSE!$C:$F,2)","v":"CONCRETO SIMPLES FABRICADO NA OBRA, FCK=21 MPA, LANÇADO E ADENSADO"},null,null,null,{"$f":"VLOOKUP(D457,ORSE!$C:$F,3)","v":"M3"},null,{"$f":"I510","v":304.66000000000003},{"$f":"VLOOKUP(D457,ORSE!$C:$F,4)","v":389.14}]
[]
[null,null,null,"COD.","DESCRIÇÃO","UN.","COEF.","PREÇO","TOTAL"]
[null,null,null,"MÃO DE OBRA"]
[null,null,null,"88245","ARMADOR COM ENCARGOS COMPLEMENTARES","h",0.18,{"$f":"SUMIF(Insumos!B:B,D461,Insumos!G:G)","v":13.51},{"$f":"(G461*H461)","v":2.4300000000000002}]
[null,null,null,"88262","CARPINTEIRO DE FORMAS COM ENCARGOS COMPLEMENTARES","h",0.36,{"$f":"SUMIF(Insumos!B:B,D462,Insumos!G:G)","v":13.51},4.8600000000000003]
[null,null,null,"88309","PEDREIRO COM ENCARGOS COMPLEMENTARES","h",0.36,{"$f":"SUMIF(Insumos!B:B,D463,Insumos!G:G)","v":13.51},4.8600000000000003]
[null,null,null,6111,"SERVENTE DE OBRAS","h",7.8061999999999996,{"$f":"SUMIF(Insumos!B:B,D464,Insumos!G:G)","v":11.11},86.73]
[null,null,null,10517,"Exames admissionais/demissionais (checkup)","cj",3.3E-3,{"$f":"SUMIF(Insumos!B:B,D465,Insumos!G:G)","v":255.26},0.84]
[null,null,null,10761,"Refeição - café da manhã ( café com leite e dois pães com manteiga)","un",0.86719999999999997,{"$f":"SUMIF(Insumos!B:B,D466,Insumos!G:G)","v":1.96},1.7]
[null,null,null,10362,"Seguro de vida e acidente em grupo","un",3.8300000000000001E-2,{"$f":"SUMIF(Insumos!B:B,D467,Insumos!G:G)","v":4.42},0.17]
[{"$nulls":7},"PARCIAL:",{"$f":"SUM(I460:I467)","v":101.59}]
[null,null,null,"MATERIAIS/ SERVIÇOS/ EQUIPAMENTOS"]
[null,null,null,11248,"Furadeira e Parafusadeira eletrica Bosch ou Similar profissional","un",0,{"$f":"SUMIF(Insumos!B:B,D470,Insumos!G:G)","v":235.13},{"$f":"(G470*H470)","v":0}]
[null,null,null,11249,"Serra circular eletrica portatil","un",0,{"$f":"SUMIF(Insumos!B:B,D471,Insumos!G:G)","v":532.35},0]
[null,null,null,158,"Almoço (Participação do empregador)","un",0.86719999999999997,{"$f":"SUMIF(Insumos!B:B,D472,Insumos!G:G)","v":7.83},{"$f":"(G472*H472)","v":6.79}]
[null,null,null,10585,"Arco de serra","un",0,{"$f":"SUMIF(Insumos!B:B,D473,Insumos!G:G)","v":15.27},0]
[null,null,null,367,"Areia grossa - posto jazida/fornecedor (retirado na jazida,sem transporte)","m3",0.9,{"$f":"SUMIF(Insumos!B:B,D474,Insumos!G:G)","v":48.94},44.05]
[null,null,null,12893,"Bota de seguranca com biqueira de aco e colarinho acolchoado","par",6.7999999999999996E-3,{"$f":"SUMIF(Insumos!B:B,D475,Insumos!G:G)","v":30.36},0.21]
[null,null,null,12894,"Capa para chuva em pvc com forro de poliester, com capuz (amarela ou azul)","un",1.6999999999999999E-3,{"$f":"SUMIF(Insumos!B:B,D476,Insumos!G:G)","v":8.2200000000000006},0.01]
[null,null,null,12895,"Capacete de seguranca aba frontal com suspensao de polietileno, sem jugular (classe b)","un",5.1000000000000004E-3,{"$f":"SUMIF(Insumos!B:B,D477,Insumos!G:G)","v":6.33},0.03]
[null,null,null,2711,"Carrinho de mao de aco capacidade 50 a 60 l, pneu com camara","un",1.5E-3,{"$f":"SUMIF(Insumos!B:B,D478,Insumos!G:G)","v":86.13},0.13]
[null,null,null,10492,"Cesta Básica","un",3.8300000000000001E-2,{"$f":"SUMIF(Insumos!B:B,D479,Insumos!G:G)","v":86.13},3.3]
[null,null,null,10579,"Chave de fenda chata 30 cm","un",1E-4,{"$f":"SUMIF(Insumos!B:B,D480,Insumos!G:G)","v":12.1},0]
[null,null,null,1379,"Cimento portland composto cp ii-32","kg",315,{"$f":"SUMIF(Insumos!B:B,D481,Insumos!G:G)","v":0.34},107.1]
[null,null,null,4719,"Colher de pedreiro","un",1E-4,{"$f":"SUMIF(Insumos!B:B,D482,Insumos!G:G)","v":8.9700000000000006},0]
[null,null,null,4174,"Desempenadeira de aço lisa, cabo madeira, ref:143, Atlas ou similar","un",2.0000000000000001E-4,{"$f":"SUMIF(Insumos!B:B,D483,Insumos!G:G)","v":6.4},0]
[null,null,null,11245,"Desempoladeira de madeira 12x22","un",2.9999999999999997E-4,{"$f":"SUMIF(Insumos!B:B,D484,Insumos!G:G)","v":9.1999999999999993},0]
[null,null,null,11246,"Escala métrica de bambú","Un",2.9999999999999997E-4,{"$f":"SUMIF(Insumos!B:B,D485,Insumos!G:G)","v":13.31},0]
[null,null,null,941,"Fardamento","un",1.2699999999999999E-2,{"$f":"SUMIF(Insumos!B:B,D486,Insumos!G:G)","v":53.6},{"$f":"(G486*H486)","v":0.68}]
[null,null,null,10578,"Formão grande","un",1E-4,{"$f":"SUMIF(Insumos!B:B,D487,Insumos!G:G)","v":11.86},0]
[null,null,null,12892,"Luva raspa de couro, cano curto (punho *7* cm)","par",1.95E-2,{"$f":"SUMIF(Insumos!B:B,D488,Insumos!G:G)","v":5.69},0.11]
[null,null,null,4729,"Marreta 1 kg com cabo","un",8.0000000000000004E-4,{"$f":"SUMIF(Insumos!B:B,D489,Insumos!G:G)","v":12.37},0.01]
[null,null,null,11264,"Marreta de 1/2 kg com cabo","un",1E-4,{"$f":"SUMIF(Insumos!B:B,D490,Insumos!G:G)","v":8.57},0]
[null,null,null,11244,"Martelo com unha","un",1E-4,{"$f":"SUMIF(Insumos!B:B,D491,Insumos!G:G)","v":22.05},0]
[null,null,null,11265,"Martelo de borracha com cabo","un",1E-4,{"$f":"SUMIF(Insumos!B:B,D492,Insumos!G:G)","v":11.67},0]
[null,null,null,11243,"Martelo sem unha","un",0,{"$f":"SUMIF(Insumos!B:B,D493,Insumos!G:G)","v":12.76},0]
[null,null,null,10789,"Nível de bolha de madeira","un",1E-4,{"$f":"SUMIF(Insumos!B:B,D494,Insumos!G:G)","v":7.05},0]
[null,null,null,1651,"Óculos branco proteção","pr",6.7999999999999996E-3,{"$f":"SUMIF(Insumos!B:B,D495,Insumos!G:G)","v":4.3099999999999996},0.03]
[null,null,null,10788,"Pá quadrada","un",1.5E-3,{"$f":"SUMIF(Insumos!B:B,D496,Insumos!G:G)","v":13.54},0.02]
[null,null,null,4721,"Pedra britada n. 1 (9,5 a 19 mm) posto pedreira/fornecedor,sem frete","m3",0.21,{"$f":"SUMIF(Insumos!B:B,D497,Insumos!G:G)","v":53.64},11.26]
[null,null,null,4718,"Pedra britada n. 2 (19 a 38 mm) posto pedreira/fornecedor, sem frete","m3",0.62,{"$f":"SUMIF(Insumos!B:B,D498,Insumos!G:G)","v":43.36},26.88]
[null,null,null,10596,"Protetor auricular","un",3.8300000000000001E-2,{"$f":"SUMIF(Insumos!B:B,D499,Insumos!G:G)","v":2.5099999999999998},0.1]
[null,null,null,10599,"Protetor solar fps 30 com 120ml","un",1.52E-2,{"$f":"SUMIF(Insumos!B:B,D500,Insumos!G:G)","v":13.86},0.21]
[null,null,null,10790,"Prumo de face","un",0,{"$f":"SUMIF(Insumos!B:B,D501,Insumos!G:G)","v":13.35},0]
[null,null,null,10282,"Regua de alumínio c/ 2,00m (para pedreiro)","un",1E-4,{"$f":"SUMIF(Insumos!B:B,D502,Insumos!G:G)","v":13.08},0]
[null,null,null,11247,"Serra mármore","un",0,{"$f":"SUMIF(Insumos!B:B,D503,Insumos!G:G)","v":213.74},0]
[null,null,null,10577,"Serrote 40cm","un",0,{"$f":"SUMIF(Insumos!B:B,D504,Insumos!G:G)","v":23.33},0]
[null,null,null,4728,"Talhadeira chata 10\"","un",2.3E-3,{"$f":"SUMIF(Insumos!B:B,D505,Insumos!G:G)","v":7.4},0.02]
[null,null,null,10586,"Torquesa","un",0,{"$f":"SUMIF(Insumos!B:B,D506,Insumos!G:G)","v":20.58},0]
[null,null,null,2378,"Vale transporte","un",0.77580000000000005,{"$f":"SUMIF(Insumos!B:B,D507,Insumos!G:G)","v":2.74},2.13]
[{"$nulls":7},"PARCIAL:",{"$f":"SUM(I469:I507)","v":203.07}]
[]
[{"$nulls":7},"VALOR UNITÁRIO TOTAL - R$",{"$f":"TRUNC(I468+I508+I509,2)","v":304.66000000000003}]
[]
[]
[]
[null,"SERVIÇO","ORSE",3310,{"$f":"VLOOKUP(D514,ORSE!$C:$F,2)","v":"CHAPISCO EM PAREDE COM ARGAMASSA TRAÇO T1 - 1:3 (CIMENTO / AREIA) - REVISADO  08/2015"},null,null,null,{"$f":"VLOOKUP(D514,ORSE!$C:$F,3)","v":"M2"},null,{"$f":"I555","v":3.35},{"$f":"VLOOKUP(D514,ORSE!$C:$F,4)","v":4.29}]
[]
[null,null,null,"COD.","DESCRIÇÃO","UN.","COEF.","PREÇO","TOTAL"]
[null,null,null,"MÃO DE OBRA"]
[null,null,null,"88309","PEDREIRO COM ENCARGOS COMPLEMENTARES","h",7.0199999999999999E-2,{"$f":"SUMIF(Insumos!B:B,D518,Insumos!G:G)","v":13.51},{"$f":"(G518*H518)","v":0.95}]
[null,null,null,6111,"SERVENTE DE OBRAS","h",9.0200000000000002E-2,{"$f":"SUMIF(Insumos!B:B,D519,Insumos!G:G)","v":11.11},{"$f":"(G519*H519)","v":1}]
[null,null,null,10517,"Exames admissionais/demissionais (checkup)","cj",0,{"$f":"SUMIF(Insumos!B:B,D520,Insumos!G:G)","v":255.26},{"$f":"(G520*H520)","v":0}]
[null,null,null,10761,"Refeição - café da manhã ( café com leite e dois pães com manteiga)","un",2.24E-2,{"$f":"SUMIF(Insumos!B:B,D521,Insumos!G:G)","v":1.96},{"$f":"(G521*H521)","v":0.04}]
[null,null,null,10362,"Seguro de vida e acidente em grupo","un",1.1000000000000001E-3,{"$f":"SUMIF(Insumos!B:B,D522,Insumos!G:G)","v":4.42},{"$f":"(G522*H522)","v":0}]
[{"$nulls":7},"PARCIAL:",{"$f":"SUM(I517:I522)","v":1.99}]
[null,null,null,"MATERIAIS/ SERVIÇOS/ EQUIPAMENTOS"]
[null,null,null,158,"Almoço (Participação do empregador)","un",2.24E-2,{"$f":"SUMIF(Insumos!B:B,D525,Insumos!G:G)","v":7.83},{"$f":"(G525*H525)+0.01","v":0.19}]
[null,null,null,370,"Areia media - posto jazida/fornecedor (retirado na jazida, sem transporte)","m3",5.4000000000000003E-3,{"$f":"SUMIF(Insumos!B:B,D526,Insumos!G:G)","v":39.15},{"$f":"(G526*H526)+0.01","v":0.22}]
[null,null,null,12893,"Bota de seguranca com biqueira de aco e colarinho acolchoado","par",2.0000000000000001E-4,{"$f":"SUMIF(Insumos!B:B,D527,Insumos!G:G)","v":30.36},{"$f":"(G527*H527)","v":0.01}]
[null,null,null,12894,"Capa para chuva em pvc com forro de poliester, com capuz (amarela ou azul)","un",0,{"$f":"SUMIF(Insumos!B:B,D528,Insumos!G:G)","v":8.2200000000000006},0]
[null,null,null,12895,"Capacete de seguranca aba frontal com suspensao de polietileno, sem jugular (classe b)","un",2.0000000000000001E-4,{"$f":"SUMIF(Insumos!B:B,D529,Insumos!G:G)","v":6.33},0]
[null,null,null,2711,"Carrinho de mao de aco capacidade 50 a 60 l, pneu com camara","un",0,{"$f":"SUMIF(Insumos!B:B,D530,Insumos!G:G)","v":86.13},0]
[null,null,null,10492,"Cesta Básica","un",1.1000000000000001E-3,{"$f":"SUMIF(Insumos!B:B,D531,Insumos!G:G)","v":86.13},0.09]
[null,null,null,1379,"Cimento portland composto cp ii-32","kg",2.2692000000000001,{"$f":"SUMIF(Insumos!B:B,D532,Insumos!G:G)","v":0.34},0.77]
[null,null,null,4719,"Colher de pedreiro","un",0,{"$f":"SUMIF(Insumos!B:B,D533,Insumos!G:G)","v":8.9700000000000006},0]
[null,null,null,4174,"Desempenadeira de aço lisa, cabo madeira, ref:143, Atlas ou similar","un",1E-4,{"$f":"SUMIF(Insumos!B:B,D534,Insumos!G:G)","v":6.4},0]
[null,null,null,11245,"Desempoladeira de madeira 12x22","un",1E-4,{"$f":"SUMIF(Insumos!B:B,D535,Insumos!G:G)","v":9.1999999999999993},0]
[null,null,null,11246,"Escala métrica de bambú","Un",1E-4,{"$f":"SUMIF(Insumos!B:B,D536,Insumos!G:G)","v":13.31},0]
[null,null,null,941,"Fardamento","un",4.0000000000000002E-4,{"$f":"SUMIF(Insumos!B:B,D537,Insumos!G:G)","v":53.6},0.02]
[null,null,null,12892,"Luva raspa de couro, cano curto (punho *7* cm)","par",4.0000000000000002E-4,{"$f":"SUMIF(Insumos!B:B,D538,Insumos!G:G)","v":5.69},{"$f":"(G538*H538)","v":0}]
[null,null,null,4729,"Marreta 1 kg com cabo","un",0,{"$f":"SUMIF(Insumos!B:B,D539,Insumos!G:G)","v":12.37},0]
[null,null,null,11264,"Marreta de 1/2 kg com cabo","un",0,{"$f":"SUMIF(Insumos!B:B,D540,Insumos!G:G)","v":8.57},0]
[null,null,null,11265,"Martelo de borracha com cabo","un",0,{"$f":"SUMIF(Insumos!B:B,D541,Insumos!G:G)","v":11.67},0]
[null,null,null,11243,"Martelo sem unha","un",0,{"$f":"SUMIF(Insumos!B:B,D542,Insumos!G:G)","v":12.76},0]
[null,null,null,10789,"Nível de bolha de madeira","un",0,{"$f":"SUMIF(Insumos!B:B,D543,Insumos!G:G)","v":7.05},0]
[null,null,null,1651,"Óculos branco proteção","pr",2.0000000000000001E-4,{"$f":"SUMIF(Insumos!B:B,D544,Insumos!G:G)","v":4.3099999999999996},0]
[null,null,null,10788,"Pá quadrada","un",0,{"$f":"SUMIF(Insumos!B:B,D545,Insumos!G:G)","v":13.54},0]
[null,null,null,10596,"Protetor auricular","un",1.1000000000000001E-3,{"$f":"SUMIF(Insumos!B:B,D546,Insumos!G:G)","v":2.5099999999999998},0]
[null,null,null,10599,"Protetor solar fps 30 com 120ml","un",4.0000000000000002E-4,{"$f":"SUMIF(Insumos!B:B,D547,Insumos!G:G)","v":13.86},0.01]
[null,null,null,10790,"Prumo de face","un",0,{"$f":"SUMIF(Insumos!B:B,D548,Insumos!G:G)","v":13.35},0]
[null,null,null,10282,"Regua de alumínio c/ 2,00m (para pedreiro)","un",0,{"$f":"SUMIF(Insumos!B:B,D549,Insumos!G:G)","v":13.08},0]
[null,null,null,11247,"Serra mármore","un",0,{"$f":"SUMIF(Insumos!B:B,D550,Insumos!G:G)","v":213.74},0]
[null,null,null,4728,"Talhadeira chata 10\"","un",0,{"$f":"SUMIF(Insumos!B:B,D551,Insumos!G:G)","v":7.4},0]
[null,null,null,2378,"Vale transporte","un",1.78E-2,{"$f":"SUMIF(Insumos!B:B,D552,Insumos!G:G)","v":2.74},0.05]
[{"$nulls":7},"PARCIAL:",{"$f":"SUM(I524:I552)","v":1.36}]
[]
[{"$nulls":7},"VALOR UNITÁRIO TOTAL - R$",{"$f":"TRUNC(I523+I553+I554,2)","v":3.35}]
[]
[]
[]
[null,"SERVIÇO","ORSE",8970,{"$f":"VLOOKUP(D559,ORSE!$C:$F,2)","v":"TELA DE NYLON TIPO MOSQUITEIRO COM MOLDURA EM ALUMINIO ANODIZADO NATURAL"},null,null,null,{"$f":"VLOOKUP(D559,ORSE!$C:$F,3)","v":"M2"},null,{"$f":"I595","v":39.450000000000003},{"$f":"VLOOKUP(D559,ORSE!$C:$F,4)","v":50.39}]
[]
[null,null,null,"COD.","DESCRIÇÃO","UN.","COEF.","PREÇO","TOTAL"]
[null,null,null,"MÃO DE OBRA"]
[null,null,null,"88262","CARPINTEIRO DE FORMAS COM ENCARGOS COMPLEMENTARES","h",0.50590000000000002,{"$f":"SUMIF(Insumos!B:B,D563,Insumos!G:G)","v":13.51},{"$f":"(G563*H563)","v":6.83}]
[null,null,null,6111,"SERVENTE DE OBRAS","h",0.50590000000000002,{"$f":"SUMIF(Insumos!B:B,D564,Insumos!G:G)","v":11.11},{"$f":"(G564*H564)","v":5.62}]
[null,null,null,10517,"Exames admissionais/demissionais (checkup)","cj",5.9999999999999995E-4,{"$f":"SUMIF(Insumos!B:B,D565,Insumos!G:G)","v":255.26},{"$f":"(G565*H565)","v":0.15}]
[null,null,null,10761,"Refeição - café da manhã ( café com leite e dois pães com manteiga)","un",0.1628,{"$f":"SUMIF(Insumos!B:B,D566,Insumos!G:G)","v":1.96},{"$f":"(G566*H566)","v":0.32}]
[null,null,null,10362,"Seguro de vida e acidente em grupo","un",7.1999999999999998E-3,{"$f":"SUMIF(Insumos!B:B,D567,Insumos!G:G)","v":4.42},{"$f":"(G567*H567)","v":0.03}]
[{"$nulls":7},"PARCIAL:",{"$f":"SUM(I562:I567)","v":12.95}]
[null,null,null,"MATERIAIS/ SERVIÇOS/ EQUIPAMENTOS"]
[null,null,null,11248,"Furadeira e Parafusadeira eletrica Bosch ou Similar profissional","un",1E-4,{"$f":"SUMIF(Insumos!B:B,D570,Insumos!G:G)","v":235.13},{"$f":"(G570*H570)","v":0.02}]
[null,null,null,11249,"Serra circular eletrica portatil","un",1E-4,{"$f":"SUMIF(Insumos!B:B,D571,Insumos!G:G)","v":532.35},0.05]
[null,null,null,158,"Almoço (Participação do empregador)","un",0.1628,{"$f":"SUMIF(Insumos!B:B,D572,Insumos!G:G)","v":7.83},1.27]
[null,null,null,12893,"Bota de seguranca com biqueira de aco e colarinho acolchoado","par",1.1999999999999999E-3,{"$f":"SUMIF(Insumos!B:B,D573,Insumos!G:G)","v":30.36},0.04]
[null,null,null,3116,"Cantoneira alumínio anodizado natural, 1\" x 1/8\" - vara com 6m - 0,408 kg/m","m",4,{"$f":"SUMIF(Insumos!B:B,D574,Insumos!G:G)","v":5.56},22.24]
[null,null,null,12894,"Capa para chuva em pvc com forro de poliester, com capuz (amarela ou azul)","un",4.0000000000000002E-4,{"$f":"SUMIF(Insumos!B:B,D575,Insumos!G:G)","v":8.2200000000000006},0]
[null,null,null,12895,"Capacete de seguranca aba frontal com suspensao de polietileno, sem jugular (classe b)","un",1E-3,{"$f":"SUMIF(Insumos!B:B,D576,Insumos!G:G)","v":6.33},0.01]
[null,null,null,2711,"Carrinho de mao de aco capacidade 50 a 60 l, pneu com camara","un",2.0000000000000001E-4,{"$f":"SUMIF(Insumos!B:B,D577,Insumos!G:G)","v":86.13},0.02]
[null,null,null,10492,"Cesta Básica","un",7.1999999999999998E-3,{"$f":"SUMIF(Insumos!B:B,D578,Insumos!G:G)","v":86.13},0.62]
[null,null,null,10579,"Chave de fenda chata 30 cm","un",2.0000000000000001E-4,{"$f":"SUMIF(Insumos!B:B,D579,Insumos!G:G)","v":12.1},0]
[null,null,null,941,"Fardamento","un",2.3999999999999998E-3,{"$f":"SUMIF(Insumos!B:B,D580,Insumos!G:G)","v":53.6},0.13]
[null,null,null,10578,"Formão grande","un",2.0000000000000001E-4,{"$f":"SUMIF(Insumos!B:B,D581,Insumos!G:G)","v":11.86},0]
[null,null,null,12892,"Luva raspa de couro, cano curto (punho *7* cm)","par",3.5999999999999999E-3,{"$f":"SUMIF(Insumos!B:B,D582,Insumos!G:G)","v":5.69},0.02]
[null,null,null,4729,"Marreta 1 kg com cabo","un",1E-4,{"$f":"SUMIF(Insumos!B:B,D583,Insumos!G:G)","v":12.37},0]
[null,null,null,11244,"Martelo com unha","un",2.0000000000000001E-4,{"$f":"SUMIF(Insumos!B:B,D584,Insumos!G:G)","v":22.05},0]
[null,null,null,1651,"Óculos branco proteção","pr",1.1999999999999999E-3,{"$f":"SUMIF(Insumos!B:B,D585,Insumos!G:G)","v":4.3099999999999996},0.01]
[null,null,null,10788,"Pá quadrada","un",2.0000000000000001E-4,{"$f":"SUMIF(Insumos!B:B,D586,Insumos!G:G)","v":13.54},0]
[null,null,null,10596,"Protetor auricular","un",7.1999999999999998E-3,{"$f":"SUMIF(Insumos!B:B,D587,Insumos!G:G)","v":2.5099999999999998},0.02]
[null,null,null,10599,"Protetor solar fps 30 com 120ml","un",2.8E-3,{"$f":"SUMIF(Insumos!B:B,D588,Insumos!G:G)","v":13.86},0.04]
[null,null,null,10577,"Serrote 40cm","un",1E-4,{"$f":"SUMIF(Insumos!B:B,D589,Insumos!G:G)","v":23.33},0]
[null,null,null,4728,"Talhadeira chata 10\"","un",2.0000000000000001E-4,{"$f":"SUMIF(Insumos!B:B,D590,Insumos!G:G)","v":7.4},0]
[null,null,null,7170,"Tela fachadeira em polietileno, rolo de 3 x 100 m (l x c), cor branca, sem logomarca - para protecao de obras","m2",1.05,{"$f":"SUMIF(Insumos!B:B,D591,Insumos!G:G)","v":1.57},1.65]
[null,null,null,2378,"Vale transporte","un",0.12759999999999999,{"$f":"SUMIF(Insumos!B:B,D592,Insumos!G:G)","v":2.74},{"$f":"(G592*H592)+0.01","v":0.36}]
[{"$nulls":7},"PARCIAL:",{"$f":"SUM(I569:I592)","v":26.5}]
[]
[{"$nulls":7},"VALOR UNITÁRIO TOTAL - R$",{"$f":"TRUNC(I568+I593+I594,2)","v":39.450000000000003}]
[]
[]
[]
[null,"SERVIÇO","ORSE",9642,{"$f":"VLOOKUP(D599,ORSE!$C:$F,2)","v":"MADEIRAMENTO EM MASSARANDUBA/MADEIRA DE LEI, ACABAMENTO APARELHADO, C/ RIPÃO  3 X 5 CM E  RIPA 5 X 1,5CM, EXCLUSIVE PEÇAS PRINCIPAIS"},null,null,null,{"$f":"VLOOKUP(D599,ORSE!$C:$F,3)","v":"M2"},null,{"$f":"I638","v":52.35},{"$f":"VLOOKUP(D599,ORSE!$C:$F,4)","v":66.87}]
[]
[null,null,null,"COD.","DESCRIÇÃO","UN.","COEF.","PREÇO","TOTAL"]
[null,null,null,"MÃO DE OBRA"]
[null,null,null,"88262","CARPINTEIRO DE FORMAS COM ENCARGOS COMPLEMENTARES","h",0.75929999999999997,{"$f":"SUMIF(Insumos!B:B,D603,Insumos!G:G)","v":13.51},{"$f":"(G603*H603)","v":10.26}]
[null,null,null,6111,"SERVENTE DE OBRAS","h",0.75929999999999997,{"$f":"SUMIF(Insumos!B:B,D604,Insumos!G:G)","v":11.11},8.44]
[null,null,null,3052,"Aparelhamento de ripa de madeira de lei","m",5,{"$f":"SUMIF(Insumos!B:B,D605,Insumos!G:G)","v":0.16},0.8]
[null,null,null,3053,"Aparelhamento de ripão de madeira de lei","m",3.3380000000000001,{"$f":"SUMIF(Insumos!B:B,D606,Insumos!G:G)","v":0.56000000000000005},1.87]
[null,null,null,10517,"Exames admissionais/demissionais (checkup)","cj",1E-3,{"$f":"SUMIF(Insumos!B:B,D607,Insumos!G:G)","v":255.26},0.26]
[null,null,null,10761,"Refeição - café da manhã ( café com leite e dois pães com manteiga)","un",0.24440000000000001,{"$f":"SUMIF(Insumos!B:B,D608,Insumos!G:G)","v":1.96},0.48]
[null,null,null,10362,"Seguro de vida e acidente em grupo","un",1.0800000000000001E-2,{"$f":"SUMIF(Insumos!B:B,D609,Insumos!G:G)","v":4.42},0.05]
[{"$nulls":7},"PARCIAL:",{"$f":"SUM(I602:I609)","v":22.16}]
[null,null,null,"MATERIAIS/ SERVIÇOS/ EQUIPAMENTOS"]
[null,null,null,11248,"Furadeira e Parafusadeira eletrica Bosch ou Similar profissional","un",1E-4,{"$f":"SUMIF(Insumos!B:B,D612,Insumos!G:G)","v":235.13},{"$f":"(G612*H612)-0.01","v":0.01}]
[null,null,null,11249,"Serra circular eletrica portatil","un",1E-4,{"$f":"SUMIF(Insumos!B:B,D613,Insumos!G:G)","v":532.35},{"$f":"(G613*H613)-0.01","v":0.04}]
[null,null,null,158,"Almoço (Participação do empregador)","un",0.24440000000000001,{"$f":"SUMIF(Insumos!B:B,D614,Insumos!G:G)","v":7.83},{"$f":"(G614*H614)-0.01","v":1.9}]
[null,null,null,12893,"Bota de seguranca com biqueira de aco e colarinho acolchoado","par",1.8E-3,{"$f":"SUMIF(Insumos!B:B,D615,Insumos!G:G)","v":30.36},{"$f":"(G615*H615)-0.01","v":0.04}]
[null,null,null,12894,"Capa para chuva em pvc com forro de poliester, com capuz (amarela ou azul)","un",4.0000000000000002E-4,{"$f":"SUMIF(Insumos!B:B,D616,Insumos!G:G)","v":8.2200000000000006},{"$f":"(G616*H616)","v":0}]
[null,null,null,12895,"Capacete de seguranca aba frontal com suspensao de polietileno, sem jugular (classe b)","un",1.4E-3,{"$f":"SUMIF(Insumos!B:B,D617,Insumos!G:G)","v":6.33},0.01]
[null,null,null,2711,"Carrinho de mao de aco capacidade 50 a 60 l, pneu com camara","un",2.0000000000000001E-4,{"$f":"SUMIF(Insumos!B:B,D618,Insumos!G:G)","v":86.13},0.02]
[null,null,null,10492,"Cesta Básica","un",1.0800000000000001E-2,{"$f":"SUMIF(Insumos!B:B,D619,Insumos!G:G)","v":86.13},0.93]
[null,null,null,10579,"Chave de fenda chata 30 cm","un",2.0000000000000001E-4,{"$f":"SUMIF(Insumos!B:B,D620,Insumos!G:G)","v":12.1},0]
[null,null,null,941,"Fardamento","un",3.5999999999999999E-3,{"$f":"SUMIF(Insumos!B:B,D621,Insumos!G:G)","v":53.6},0.19]
[null,null,null,10578,"Formão grande","un",2.0000000000000001E-4,{"$f":"SUMIF(Insumos!B:B,D622,Insumos!G:G)","v":11.86},0]
[null,null,null,12892,"Luva raspa de couro, cano curto (punho *7* cm)","par",5.5999999999999999E-3,{"$f":"SUMIF(Insumos!B:B,D623,Insumos!G:G)","v":5.69},0.03]
[null,null,null,4729,"Marreta 1 kg com cabo","un",1E-4,{"$f":"SUMIF(Insumos!B:B,D624,Insumos!G:G)","v":12.37},0]
[null,null,null,11244,"Martelo com unha","un",2.0000000000000001E-4,{"$f":"SUMIF(Insumos!B:B,D625,Insumos!G:G)","v":22.05},0]
[null,null,null,1651,"Óculos branco proteção","pr",1.8E-3,{"$f":"SUMIF(Insumos!B:B,D626,Insumos!G:G)","v":4.3099999999999996},0.01]
[null,null,null,10788,"Pá quadrada","un",2.0000000000000001E-4,{"$f":"SUMIF(Insumos!B:B,D627,Insumos!G:G)","v":13.54},0]
[null,null,null,5067,"Prego de aco polido com cabeca 16 x 24 (2 1/4 x 12)","kg",0.2,{"$f":"SUMIF(Insumos!B:B,D628,Insumos!G:G)","v":8.49},1.7]
[null,null,null,10596,"Protetor auricular","un",1.0800000000000001E-2,{"$f":"SUMIF(Insumos!B:B,D629,Insumos!G:G)","v":2.5099999999999998},0.03]
[null,null,null,10599,"Protetor solar fps 30 com 120ml","un",4.4000000000000003E-3,{"$f":"SUMIF(Insumos!B:B,D630,Insumos!G:G)","v":13.86},0.06]
[null,null,null,1975,"Ripa massaranduba serrada 5cm x 1,5cm","m",5,{"$f":"SUMIF(Insumos!B:B,D631,Insumos!G:G)","v":2.1800000000000002},10.9]
[null,null,null,9410,"Ripão massaranduba serrada 5cm x 3cm","m",3.3327,{"$f":"SUMIF(Insumos!B:B,D632,Insumos!G:G)","v":4.1399999999999997},13.8]
[null,null,null,10577,"Serrote 40cm","un",1E-4,{"$f":"SUMIF(Insumos!B:B,D633,Insumos!G:G)","v":23.33},0]
[null,null,null,4728,"Talhadeira chata 10\"","un",4.0000000000000002E-4,{"$f":"SUMIF(Insumos!B:B,D634,Insumos!G:G)","v":7.4},0]
[null,null,null,2378,"Vale transporte","un",0.19139999999999999,{"$f":"SUMIF(Insumos!B:B,D635,Insumos!G:G)","v":2.74},0.52]
[{"$nulls":7},"PARCIAL:",{"$f":"SUM(I611:I635)","v":30.19}]
[]
[{"$nulls":7},"VALOR UNITÁRIO TOTAL - R$",{"$f":"TRUNC(I610+I636+I637,2)","v":52.35}]
[]
[]
[]
[null,"SERVIÇO","ORSE",4652,{"$f":"VLOOKUP(D642,ORSE!$C:$F,2)","v":"PINTURA DE PROTEÇÃO COM 01 DEMÃO DE PRIMER À BASE DE EPÓXI - REZINC WBS - REN NER OU SIMILAR"},null,null,null,{"$f":"VLOOKUP(D642,ORSE!$C:$F,3)","v":"M2"},null,{"$f":"I678","v":18.47},{"$f":"VLOOKUP(D642,ORSE!$C:$F,4)","v":23.61}]
[]
[null,null,null,"COD.","DESCRIÇÃO","UN.","COEF.","PREÇO","TOTAL"]
[null,null,null,"MÃO DE OBRA"]
[null,null,null,"88310","PINTOR COM ENCARGOS COMPLEMENTARES","h",0.3644,{"$f":"SUMIF(Insumos!B:B,D646,Insumos!G:G)","v":13.51},{"$f":"(G646*H646)","v":4.92}]
[null,null,null,6111,"SERVENTE DE OBRAS","h",0.1144,{"$f":"SUMIF(Insumos!B:B,D647,Insumos!G:G)","v":11.11},{"$f":"(G647*H647)","v":1.27}]
[null,null,null,10517,"Exames admissionais/demissionais (checkup)","cj",2.9999999999999997E-4,{"$f":"SUMIF(Insumos!B:B,D648,Insumos!G:G)","v":255.26},{"$f":"(G648*H648)","v":0.08}]
[null,null,null,10761,"Refeição - café da manhã ( café com leite e dois pães com manteiga)","un",7.6300000000000007E-2,{"$f":"SUMIF(Insumos!B:B,D649,Insumos!G:G)","v":1.96},{"$f":"(G649*H649)","v":0.15}]
[null,null,null,10362,"Seguro de vida e acidente em grupo","un",3.3E-3,{"$f":"SUMIF(Insumos!B:B,D650,Insumos!G:G)","v":4.42},{"$f":"(G650*H650)","v":0.01}]
[{"$nulls":7},"PARCIAL:",{"$f":"SUM(I645:I650)","v":6.43}]
[null,null,null,"MATERIAIS/ SERVIÇOS/ EQUIPAMENTOS"]
[null,null,null,158,"Almoço (Participação do empregador)","un",7.6300000000000007E-2,{"$f":"SUMIF(Insumos!B:B,D653,Insumos!G:G)","v":7.83},{"$f":"(G653*H653)","v":0.6}]
[null,null,null,12893,"Bota de seguranca com biqueira de aco e colarinho acolchoado","par",5.9999999999999995E-4,{"$f":"SUMIF(Insumos!B:B,D654,Insumos!G:G)","v":30.36},{"$f":"(G654*H654)","v":0.02}]
[null,null,null,12894,"Capa para chuva em pvc com forro de poliester, com capuz (amarela ou azul)","un",1E-4,{"$f":"SUMIF(Insumos!B:B,D655,Insumos!G:G)","v":8.2200000000000006},{"$f":"(G655*H655)","v":0}]
[null,null,null,12895,"Capacete de seguranca aba frontal com suspensao de polietileno, sem jugular (classe b)","un",5.0000000000000001E-4,{"$f":"SUMIF(Insumos!B:B,D656,Insumos!G:G)","v":6.33},0]
[null,null,null,2711,"Carrinho de mao de aco capacidade 50 a 60 l, pneu com camara","un",0,{"$f":"SUMIF(Insumos!B:B,D657,Insumos!G:G)","v":86.13},0]
[null,null,null,10492,"Cesta Básica","un",3.3E-3,{"$f":"SUMIF(Insumos!B:B,D658,Insumos!G:G)","v":86.13},0.28000000000000003]
[null,null,null,4174,"Desempenadeira de aço lisa, cabo madeira, ref:143, Atlas ou similar","un",2.0000000000000001E-4,{"$f":"SUMIF(Insumos!B:B,D659,Insumos!G:G)","v":6.4},0]
[null,null,null,11252,"Escada de aluminio de abrir com 7 degraus","un",0,{"$f":"SUMIF(Insumos!B:B,D660,Insumos!G:G)","v":109.07},0]
[null,null,null,4725,"Espátula","un",2.0000000000000001E-4,{"$f":"SUMIF(Insumos!B:B,D661,Insumos!G:G)","v":11.9},0]
[null,null,null,941,"Fardamento","un",1.1999999999999999E-3,{"$f":"SUMIF(Insumos!B:B,D662,Insumos!G:G)","v":53.6},0.06]
[null,null,null,12892,"Luva raspa de couro, cano curto (punho *7* cm)","par",1.8E-3,{"$f":"SUMIF(Insumos!B:B,D663,Insumos!G:G)","v":5.69},0.01]
[null,null,null,4729,"Marreta 1 kg com cabo","un",0,{"$f":"SUMIF(Insumos!B:B,D664,Insumos!G:G)","v":12.37},0]
[null,null,null,1651,"Óculos branco proteção","pr",5.9999999999999995E-4,{"$f":"SUMIF(Insumos!B:B,D665,Insumos!G:G)","v":4.3099999999999996},0]
[null,null,null,10788,"Pá quadrada","un",0,{"$f":"SUMIF(Insumos!B:B,D666,Insumos!G:G)","v":13.54},0]
[null,null,null,11251,"Pincel de seda 2\"","un",2.2000000000000001E-3,{"$f":"SUMIF(Insumos!B:B,D667,Insumos!G:G)","v":17.690000000000001},0.04]
[null,null,null,4287,"Primer a base de epóxi bicomponente - REZINC WBS 522 - RENNER ou similar","l",0.18,{"$f":"SUMIF(Insumos!B:B,D668,Insumos!G:G)","v":57.89},10.42]
[null,null,null,10596,"Protetor auricular","un",3.3E-3,{"$f":"SUMIF(Insumos!B:B,D669,Insumos!G:G)","v":2.5099999999999998},0.01]
[null,null,null,10599,"Protetor solar fps 30 com 120ml","un",1.2999999999999999E-3,{"$f":"SUMIF(Insumos!B:B,D670,Insumos!G:G)","v":13.86},0.02]
[null,null,null,11250,"Rolo lã de carneiro 20cm","un",1.1999999999999999E-3,{"$f":"SUMIF(Insumos!B:B,D671,Insumos!G:G)","v":18.260000000000002},0.02]
[null,null,null,4288,"Solvente WBS 494 - RENNER ou Diluente NR.951 ou similar","l",0.02,{"$f":"SUMIF(Insumos!B:B,D672,Insumos!G:G)","v":20.03},0.4]
[null,null,null,4728,"Talhadeira chata 10\"","un",1E-4,{"$f":"SUMIF(Insumos!B:B,D673,Insumos!G:G)","v":7.4},0]
[null,null,null,10583,"Trincha 3\"","un",2.2000000000000001E-3,{"$f":"SUMIF(Insumos!B:B,D674,Insumos!G:G)","v":4.38},0.01]
[null,null,null,2378,"Vale transporte","un",5.62E-2,{"$f":"SUMIF(Insumos!B:B,D675,Insumos!G:G)","v":2.74},0.15]
[{"$nulls":7},"PARCIAL:",{"$f":"SUM(I652:I675)","v":12.04}]
[]
[{"$nulls":7},"VALOR UNITÁRIO TOTAL - R$",{"$f":"TRUNC(I651+I676+I677,2)","v":18.47}]
[]
[]
[]
[null,"SERVIÇO","ORSE",10384,{"$f":"VLOOKUP(D682,ORSE!$C:$F,2)","v":"PORTÃO EM FERRO PADRÃO ESCOLA DIM:4,0 X 2,0M, C/MONTANTES (COLUNA) H=2,00M EM PERFIL \"U\" DE CHAPA UDC 75X38X2,65MM (DUPLO), BARRAS CHATAS HORIZ 1 1/2\"X3/16 \" X 3,60M, E BARRAS CHATAS VERT 1 1/2\"X3/16\" X 2,00M"},null,null,null,{"$f":"VLOOKUP(D682,ORSE!$C:$F,3)","v":"UN"},null,{"$f":"I747","v":1696.62},{"$f":"VLOOKUP(D682,ORSE!$C:$F,4)","v":2167.1}]
[]
[null,null,null,"COD.","DESCRIÇÃO","UN.","COEF.","PREÇO","TOTAL"]
[null,null,null,"MÃO DE OBRA"]
[null,null,null,"88309","PEDREIRO COM ENCARGOS COMPLEMENTARES","h",2.6566999999999998,{"$f":"SUMIF(Insumos!B:B,D686,Insumos!G:G)","v":13.51},{"$f":"(G686*H686)","v":35.89}]
[null,null,null,"88315","SERRALHEIRO COM ENCARGOS COMPLEMENTARES","h",18.656700000000001,{"$f":"SUMIF(Insumos!B:B,D687,Insumos!G:G)","v":13.51},252.05]
[null,null,null,6111,"SERVENTE DE OBRAS","h",5.3661000000000003,{"$f":"SUMIF(Insumos!B:B,D688,Insumos!G:G)","v":11.11},59.62]
[null,null,null,"88317","SOLDADOR (COM ENCARGOS INCLUSOS)","h",18.656700000000001,{"$f":"SUMIF(Insumos!B:B,D689,Insumos!G:G)","v":13.51},252.05]
[null,null,null,10517,"Exames admissionais/demissionais (checkup)","cj",2.6599999999999999E-2,{"$f":"SUMIF(Insumos!B:B,D690,Insumos!G:G)","v":255.26},6.79]
[null,null,null,10761,"Refeição - café da manhã ( café com leite e dois pães com manteiga)","un",6.7759999999999998,{"$f":"SUMIF(Insumos!B:B,D691,Insumos!G:G)-0.534238488783943","v":1.4258},9.66]
[null,null,null,10362,"Seguro de vida e acidente em grupo","un",0.29949999999999999,{"$f":"SUMIF(Insumos!B:B,D692,Insumos!G:G)","v":4.42},1.32]
[{"$nulls":7},"PARCIAL:",{"$f":"SUM(I685:I692)","v":617.38}]
[null,null,null,"MATERIAIS/ SERVIÇOS/ EQUIPAMENTOS"]
[null,null,null,11272,"Alicate Climpador ( cripador )","un",2.3999999999999998E-3,{"$f":"SUMIF(Insumos!B:B,D695,Insumos!G:G)","v":52.34},{"$f":"(G695*H695)","v":0.13}]
[null,null,null,11275,"Alicate de pressão 11\"","un",4.7999999999999996E-3,{"$f":"SUMIF(Insumos!B:B,D696,Insumos!G:G)","v":12.36},{"$f":"(G696*H696)","v":0.06}]
[null,null,null,11277,"Alicate de pressão para solda de chapa 18\" (460mm), Ref.138 Z Gedore","un",4.7999999999999996E-3,{"$f":"SUMIF(Insumos!B:B,D697,Insumos!G:G)","v":56.29},{"$f":"(G697*H697)","v":0.27}]
[null,null,null,11276,"Alicate de pressão para solda tipo U, para apertar chapas, tiras e qualquer tipo de perfil. Niquelado, mordentes reforçados em aço laminadao. Corpo em chapa dobrada extra-reforçada e rebites de aço, 11\" (280mm). Ref. 138 Gedore.","un",4.7999999999999996E-3,{"$f":"SUMIF(Insumos!B:B,D698,Insumos!G:G)","v":34.85},{"$f":"(G698*H698)","v":0.17}]
[null,null,null,11278,"Alicate diagonal para corte rente 5\" a 8\"","un",4.7999999999999996E-3,{"$f":"SUMIF(Insumos!B:B,D699,Insumos!G:G)","v":19.18},{"$f":"(G699*H699)","v":0.09}]
[null,null,null,11279,"Alicate para anéis de pistão capacidade 50-100mm. ref.44044101 Tramontina ou similar","un",4.7999999999999996E-3,{"$f":"SUMIF(Insumos!B:B,D700,Insumos!G:G)","v":45.26},0.22]
[null,null,null,158,"Almoço (Participação do empregador)","un",6.7759999999999998,{"$f":"SUMIF(Insumos!B:B,D701,Insumos!G:G)","v":7.83},53.06]
[null,null,null,10585,"Arco de serra","un",4.7999999999999996E-3,{"$f":"SUMIF(Insumos!B:B,D702,Insumos!G:G)","v":15.27},7.0000000000000007E-2]
[null,null,null,370,"Areia media - posto jazida/fornecedor (retirado na jazida, sem transporte)","m3",0.25919999999999999,{"$f":"SUMIF(Insumos!B:B,D703,Insumos!G:G)","v":39.15},10.15]
[null,null,null,257,"Barra chata de ferro 1 1/2\" x 1/4\" (1,90 kg/m)","m",58.8,{"$f":"SUMIF(Insumos!B:B,D704,Insumos!G:G)","v":7.53},442.76]
[null,null,null,11281,"Bolsa de lona para ferramentas 40 x 30 x 20cm","un",1.9199999999999998E-2,{"$f":"SUMIF(Insumos!B:B,D705,Insumos!G:G)","v":93.89},1.8]
[null,null,null,12893,"Bota de seguranca com biqueira de aco e colarinho acolchoado","par",5.33E-2,{"$f":"SUMIF(Insumos!B:B,D706,Insumos!G:G)","v":30.36},1.62]
[null,null,null,12894,"Capa para chuva em pvc com forro de poliester, com capuz (amarela ou azul)","un",1.3299999999999999E-2,{"$f":"SUMIF(Insumos!B:B,D707,Insumos!G:G)","v":8.2200000000000006},0.11]
[null,null,null,12895,"Capacete de seguranca aba frontal com suspensao de polietileno, sem jugular (classe b)","un",0.04,{"$f":"SUMIF(Insumos!B:B,D708,Insumos!G:G)","v":6.33},0.25]
[null,null,null,2711,"Carrinho de mao de aco capacidade 50 a 60 l, pneu com camara","un",2.0999999999999999E-3,{"$f":"SUMIF(Insumos!B:B,D709,Insumos!G:G)","v":86.13},0.18]
[null,null,null,11284,"Cavalete de ferro nº 1","un",4.7999999999999996E-3,{"$f":"SUMIF(Insumos!B:B,D710,Insumos!G:G)","v":53.2},0.26]
[null,null,null,10492,"Cesta Básica","un",0.29949999999999999,{"$f":"SUMIF(Insumos!B:B,D711,Insumos!G:G)","v":86.13},25.8]
[null,null,null,11280,"Chave Inglesa 15\" ref. 012418012 carbografite","un",4.7999999999999996E-3,{"$f":"SUMIF(Insumos!B:B,D712,Insumos!G:G)","v":101.43},0.49]
[null,null,null,1379,"Cimento portland composto cp ii-32","kg",108.5192,{"$f":"SUMIF(Insumos!B:B,D713,Insumos!G:G)","v":0.34},{"$f":"(G713*H713)","v":36.9}]
[null,null,null,4719,"Colher de pedreiro","un",3.2000000000000002E-3,{"$f":"SUMIF(Insumos!B:B,D714,Insumos!G:G)","v":8.9700000000000006},0.03]
[null,null,null,4174,"Desempenadeira de aço lisa, cabo madeira, ref:143, Atlas ou similar","un",4.0000000000000001E-3,{"$f":"SUMIF(Insumos!B:B,D715,Insumos!G:G)","v":6.4},0.03]
[null,null,null,11245,"Desempoladeira de madeira 12x22","un",5.5999999999999999E-3,{"$f":"SUMIF(Insumos!B:B,D716,Insumos!G:G)","v":9.1999999999999993},0.05]
[null,null,null,10997,"Eletrodo revestido aws - e7018, diametro igual a 4,00 mm","kg",22.4,{"$f":"SUMIF(Insumos!B:B,D717,Insumos!G:G)","v":15.65},350.56]
[null,null,null,11246,"Escala métrica de bambú","Un",5.5999999999999999E-3,{"$f":"SUMIF(Insumos!B:B,D718,Insumos!G:G)","v":13.31},7.0000000000000007E-2]
[null,null,null,11282,"Esmerilhadeira angular elétrico portátil 4 1/2\" - 1000 watts - ref. G1000kB2 Black e Decker","un",4.7999999999999996E-3,{"$f":"SUMIF(Insumos!B:B,D719,Insumos!G:G)","v":291.60000000000002},1.4]
[null,null,null,11273,"Esquadro de alumínio para soldagem de peças, com duas morsas, 35 x 35 x 4,5cm, marca Black Jack","un",4.7999999999999996E-3,{"$f":"SUMIF(Insumos!B:B,D720,Insumos!G:G)","v":117},0.56000000000000005]
[null,null,null,941,"Fardamento","un",9.98E-2,{"$f":"SUMIF(Insumos!B:B,D721,Insumos!G:G)","v":53.6},5.35]
[null,null,null,11285,"Fonte inversora de solda WMI 140ED 220V - BAMBOZZI - WMI- 140ED","un",2.3999999999999998E-3,{"$f":"SUMIF(Insumos!B:B,D722,Insumos!G:G)","v":2172.64},5.21]
[null,null,null,11274,"Grampo de de aperto rápido 16\" Ref. 60987 Beltools","un",7.1999999999999998E-3,{"$f":"SUMIF(Insumos!B:B,D723,Insumos!G:G)","v":10.26},7.0000000000000007E-2]
[null,null,null,12892,"Luva raspa de couro, cano curto (punho *7* cm)","par",0.15310000000000001,{"$f":"SUMIF(Insumos!B:B,D724,Insumos!G:G)","v":5.69},0.87]
[null,null,null,11286,"Macariço de solda Ref. CG201 código 010414410 carbografite","un",7.1999999999999998E-3,{"$f":"SUMIF(Insumos!B:B,D725,Insumos!G:G)","v":216.94},1.56]
[null,null,null,4729,"Marreta 1 kg com cabo","un",1.1000000000000001E-3,{"$f":"SUMIF(Insumos!B:B,D726,Insumos!G:G)","v":12.37},0.01]
[null,null,null,11264,"Marreta de 1/2 kg com cabo","un",1.6000000000000001E-3,{"$f":"SUMIF(Insumos!B:B,D727,Insumos!G:G)","v":8.57},0.01]
[null,null,null,11265,"Martelo de borracha com cabo","un",3.2000000000000002E-3,{"$f":"SUMIF(Insumos!B:B,D728,Insumos!G:G)","v":11.67},0.04]
[null,null,null,11270,"Martelo de solda do tipo picareta, cabo de madeira, 300x0,4x0,5mm","un",7.1999999999999998E-3,{"$f":"SUMIF(Insumos!B:B,D729,Insumos!G:G)","v":19.02},0.14000000000000001]
[null,null,null,11243,"Martelo sem unha","un",8.0000000000000004E-4,{"$f":"SUMIF(Insumos!B:B,D730,Insumos!G:G)","v":12.76},0.01]
[null,null,null,10789,"Nível de bolha de madeira","un",1.6000000000000001E-3,{"$f":"SUMIF(Insumos!B:B,D731,Insumos!G:G)","v":7.05},0.01]
[null,null,null,1651,"Óculos branco proteção","pr",5.33E-2,{"$f":"SUMIF(Insumos!B:B,D732,Insumos!G:G)","v":4.3099999999999996},0.23]
[null,null,null,10788,"Pá quadrada","un",2.0999999999999999E-3,{"$f":"SUMIF(Insumos!B:B,D733,Insumos!G:G)","v":13.54},0.03]
[null,null,null,1735,"Perfil Aço, U Dobrado de chapa - UDC simples - 75 x 38 x 2,65 mm (3,01 kg/m)","m",8,{"$f":"SUMIF(Insumos!B:B,D734,Insumos!G:G)","v":15.26},122.08]
[null,null,null,10596,"Protetor auricular","un",0.29949999999999999,{"$f":"SUMIF(Insumos!B:B,D735,Insumos!G:G)","v":2.5099999999999998},0.75]
[null,null,null,10599,"Protetor solar fps 30 com 120ml","un",0.1198,{"$f":"SUMIF(Insumos!B:B,D736,Insumos!G:G)","v":13.86},1.66]
[null,null,null,10790,"Prumo de face","un",8.0000000000000004E-4,{"$f":"SUMIF(Insumos!B:B,D737,Insumos!G:G)","v":13.35},0.01]
[null,null,null,10282,"Regua de alumínio c/ 2,00m (para pedreiro)","un",1.6000000000000001E-3,{"$f":"SUMIF(Insumos!B:B,D738,Insumos!G:G)","v":13.08},0.02]
[null,null,null,11283,"Selador horizontal para fita de aço 1\"","un",2.3999999999999998E-3,{"$f":"SUMIF(Insumos!B:B,D739,Insumos!G:G)","v":386.16},0.93]
[null,null,null,11247,"Serra mármore","un",8.0000000000000004E-4,{"$f":"SUMIF(Insumos!B:B,D740,Insumos!G:G)","v":213.74},0.17]
[null,null,null,4728,"Talhadeira chata 10\"","un",3.2000000000000002E-3,{"$f":"SUMIF(Insumos!B:B,D741,Insumos!G:G)","v":7.4},0.02]
[null,null,null,11271,"Talhadeira com punho de proteção 22 x225mm ref.207206BR Belzer","un",2.3999999999999998E-3,{"$f":"SUMIF(Insumos!B:B,D742,Insumos!G:G)","v":45.06},0.11]
[null,null,null,10586,"Torquesa","un",4.7999999999999996E-3,{"$f":"SUMIF(Insumos!B:B,D743,Insumos!G:G)","v":20.58},0.1]
[null,null,null,2378,"Vale transporte","un",4.6570999999999998,{"$f":"SUMIF(Insumos!B:B,D744,Insumos!G:G)","v":2.74},12.76]
[{"$nulls":7},"PARCIAL:",{"$f":"SUM(I694:I744)","v":1079.24}]
[]
[{"$nulls":7},"VALOR UNITÁRIO TOTAL - R$",{"$f":"TRUNC(I693+I745+I746,2)","v":1696.62}]
[]
[]
[]
[null,"SERVIÇO","ORSE",8753,{"$f":"VLOOKUP(D751,ORSE!$C:$F,2)","v":"PORTÃO EM FERRO, PADRÃO ESCOLAR, COM MONTANTES EM PERFIL \"U\" DE CHAPA UDC 75  X 38 X 2,65 MM (DUPLO), BARRAS VERTICAIS DE SEÇÃO QUADRADA DE 1/2\" E BARRAS C HATA DE 1 1/2\" X 3/16\"  (DUPLA) HORIZONTAIS, INCLUSIVE FERROLHO E DOBRADIÇAS"},null,null,null,{"$f":"VLOOKUP(D751,ORSE!$C:$F,3)","v":"M2"},null,{"$f":"I817","v":209.68},{"$f":"VLOOKUP(D751,ORSE!$C:$F,4)","v":267.85000000000002}]
[]
[null,null,null,"COD.","DESCRIÇÃO","UN.","COEF.","PREÇO","TOTAL"]
[null,null,null,"MÃO DE OBRA"]
[null,null,null,"88309","PEDREIRO COM ENCARGOS COMPLEMENTARES","h",0.41620000000000001,{"$f":"SUMIF(Insumos!B:B,D755,Insumos!G:G)","v":13.51},{"$f":"(G755*H755)","v":5.62}]
[null,null,null,"88315","SERRALHEIRO COM ENCARGOS COMPLEMENTARES","h",2.4161999999999999,{"$f":"SUMIF(Insumos!B:B,D756,Insumos!G:G)","v":13.51},32.64]
[null,null,null,6111,"SERVENTE DE OBRAS","h",0.75690000000000002,{"$f":"SUMIF(Insumos!B:B,D757,Insumos!G:G)","v":11.11},8.41]
[null,null,null,"88317","SOLDADOR (COM ENCARGOS INCLUSOS)","h",3,{"$f":"SUMIF(Insumos!B:B,D758,Insumos!G:G)","v":13.51},40.53]
[null,null,null,10517,"Exames admissionais/demissionais (checkup)","cj",3.3E-3,{"$f":"SUMIF(Insumos!B:B,D759,Insumos!G:G)","v":255.26},0.84]
[null,null,null,10761,"Refeição - café da manhã ( café com leite e dois pães com manteiga)","un",0.84699999999999998,{"$f":"SUMIF(Insumos!B:B,D760,Insumos!G:G)","v":1.96},1.66]
[null,null,null,10362,"Seguro de vida e acidente em grupo","un",3.7400000000000003E-2,{"$f":"SUMIF(Insumos!B:B,D761,Insumos!G:G)","v":4.42},0.17]
[{"$nulls":7},"PARCIAL:",{"$f":"SUM(I754:I761)","v":89.87}]
[null,null,null,"MATERIAIS/ SERVIÇOS/ EQUIPAMENTOS"]
[null,null,null,11272,"Alicate Climpador ( cripador )","un",2.9999999999999997E-4,{"$f":"SUMIF(Insumos!B:B,D764,Insumos!G:G)","v":52.34},{"$f":"(G764*H764)","v":0.02}]
[null,null,null,11275,"Alicate de pressão 11\"","un",5.9999999999999995E-4,{"$f":"SUMIF(Insumos!B:B,D765,Insumos!G:G)","v":12.36},{"$f":"(G765*H765)","v":0.01}]
[null,null,null,11277,"Alicate de pressão para solda de chapa 18\" (460mm), Ref.138 Z Gedore","un",5.9999999999999995E-4,{"$f":"SUMIF(Insumos!B:B,D766,Insumos!G:G)","v":56.29},{"$f":"(G766*H766)","v":0.03}]
[null,null,null,11276,"Alicate de pressão para solda tipo U, para apertar chapas, tiras e qualquer tipo de perfil. Niquelado, mordentes reforçados em aço laminadao. Corpo em chapa dobrada extra-reforçada e rebites de aço, 11\" (280mm). Ref. 138 Gedore.","un",5.9999999999999995E-4,{"$f":"SUMIF(Insumos!B:B,D767,Insumos!G:G)","v":34.85},{"$f":"(G767*H767)","v":0.02}]
[null,null,null,11278,"Alicate diagonal para corte rente 5\" a 8\"","un",5.9999999999999995E-4,{"$f":"SUMIF(Insumos!B:B,D768,Insumos!G:G)","v":19.18},{"$f":"(G768*H768)","v":0.01}]
[null,null,null,11279,"Alicate para anéis de pistão capacidade 50-100mm. ref.44044101 Tramontina ou similar","un",5.9999999999999995E-4,{"$f":"SUMIF(Insumos!B:B,D769,Insumos!G:G)","v":45.26},0.03]
[null,null,null,158,"Almoço (Participação do empregador)","un",0.84699999999999998,{"$f":"SUMIF(Insumos!B:B,D770,Insumos!G:G)","v":7.83},6.63]
[null,null,null,10585,"Arco de serra","un",5.9999999999999995E-4,{"$f":"SUMIF(Insumos!B:B,D771,Insumos!G:G)","v":15.27},0.01]
[null,null,null,370,"Areia media - posto jazida/fornecedor (retirado na jazida, sem transporte)","m3",3.2399999999999998E-2,{"$f":"SUMIF(Insumos!B:B,D772,Insumos!G:G)","v":39.15},1.27]
[null,null,null,257,"Barra chata de ferro 1 1/2\" x 1/4\" (1,90 kg/m)","m",1.31,{"$f":"SUMIF(Insumos!B:B,D773,Insumos!G:G)-0.343511450381679","v":7.1864999999999997},9.41]
[null,null,null,261,"Barra quadrada de ferro 1/2\" (1,27 kg/m)","m",4.6462000000000003,{"$f":"SUMIF(Insumos!B:B,D774,Insumos!G:G)","v":5.33},24.76]
[null,null,null,11281,"Bolsa de lona para ferramentas 40 x 30 x 20cm","un",2.3999999999999998E-3,{"$f":"SUMIF(Insumos!B:B,D775,Insumos!G:G)","v":93.89},0.23]
[null,null,null,12893,"Bota de seguranca com biqueira de aco e colarinho acolchoado","par",6.7000000000000002E-3,{"$f":"SUMIF(Insumos!B:B,D776,Insumos!G:G)","v":30.36},0.2]
[null,null,null,12894,"Capa para chuva em pvc com forro de poliester, com capuz (amarela ou azul)","un",1.6000000000000001E-3,{"$f":"SUMIF(Insumos!B:B,D777,Insumos!G:G)","v":8.2200000000000006},0.01]
[null,null,null,12895,"Capacete de seguranca aba frontal com suspensao de polietileno, sem jugular (classe b)","un",5.0000000000000001E-3,{"$f":"SUMIF(Insumos!B:B,D778,Insumos!G:G)","v":6.33},0.03]
[null,null,null,2711,"Carrinho de mao de aco capacidade 50 a 60 l, pneu com camara","un",2.0000000000000001E-4,{"$f":"SUMIF(Insumos!B:B,D779,Insumos!G:G)","v":86.13},0.02]
[null,null,null,11284,"Cavalete de ferro nº 1","un",5.9999999999999995E-4,{"$f":"SUMIF(Insumos!B:B,D780,Insumos!G:G)","v":53.2},0.03]
[null,null,null,10492,"Cesta Básica","un",3.7400000000000003E-2,{"$f":"SUMIF(Insumos!B:B,D781,Insumos!G:G)","v":86.13},3.22]
[null,null,null,11280,"Chave Inglesa 15\" ref. 012418012 carbografite","un",5.9999999999999995E-4,{"$f":"SUMIF(Insumos!B:B,D782,Insumos!G:G)","v":101.43},0.06]
[null,null,null,1379,"Cimento portland composto cp ii-32","kg",13.557700000000001,{"$f":"SUMIF(Insumos!B:B,D783,Insumos!G:G)","v":0.34},4.6100000000000003]
[null,null,null,4719,"Colher de pedreiro","un",4.0000000000000002E-4,{"$f":"SUMIF(Insumos!B:B,D784,Insumos!G:G)","v":8.9700000000000006},0]
[null,null,null,4174,"Desempenadeira de aço lisa, cabo madeira, ref:143, Atlas ou similar","un",5.0000000000000001E-4,{"$f":"SUMIF(Insumos!B:B,D785,Insumos!G:G)","v":6.4},0]
[null,null,null,11245,"Desempoladeira de madeira 12x22","un",6.9999999999999999E-4,{"$f":"SUMIF(Insumos!B:B,D786,Insumos!G:G)","v":9.1999999999999993},0.01]
[null,null,null,10997,"Eletrodo revestido aws - e7018, diametro igual a 4,00 mm","kg",2.2162000000000002,{"$f":"SUMIF(Insumos!B:B,D787,Insumos!G:G)","v":15.65},34.68]
[null,null,null,11246,"Escala métrica de bambú","Un",6.9999999999999999E-4,{"$f":"SUMIF(Insumos!B:B,D788,Insumos!G:G)","v":13.31},0.01]
[null,null,null,11282,"Esmerilhadeira angular elétrico portátil 4 1/2\" - 1000 watts - ref. G1000kB2 Black e Decker","un",5.9999999999999995E-4,{"$f":"SUMIF(Insumos!B:B,D789,Insumos!G:G)","v":291.60000000000002},0.17]
[null,null,null,11273,"Esquadro de alumínio para soldagem de peças, com duas morsas, 35 x 35 x 4,5cm, marca Black Jack","un",5.9999999999999995E-4,{"$f":"SUMIF(Insumos!B:B,D790,Insumos!G:G)","v":117},7.0000000000000007E-2]
[null,null,null,941,"Fardamento","un",1.2500000000000001E-2,{"$f":"SUMIF(Insumos!B:B,D791,Insumos!G:G)","v":53.6},0.67]
[null,null,null,11285,"Fonte inversora de solda WMI 140ED 220V - BAMBOZZI - WMI- 140ED","un",2.9999999999999997E-4,{"$f":"SUMIF(Insumos!B:B,D792,Insumos!G:G)","v":2172.64},0.65]
[null,null,null,11274,"Grampo de de aperto rápido 16\" Ref. 60987 Beltools","un",8.9999999999999998E-4,{"$f":"SUMIF(Insumos!B:B,D793,Insumos!G:G)","v":10.26},0.01]
[null,null,null,12892,"Luva raspa de couro, cano curto (punho *7* cm)","par",1.9199999999999998E-2,{"$f":"SUMIF(Insumos!B:B,D794,Insumos!G:G)","v":5.69},0.11]
[null,null,null,11286,"Macariço de solda Ref. CG201 código 010414410 carbografite","un",8.9999999999999998E-4,{"$f":"SUMIF(Insumos!B:B,D795,Insumos!G:G)","v":216.94},0.2]
[null,null,null,4729,"Marreta 1 kg com cabo","un",1E-4,{"$f":"SUMIF(Insumos!B:B,D796,Insumos!G:G)","v":12.37},0]
[null,null,null,11264,"Marreta de 1/2 kg com cabo","un",2.0000000000000001E-4,{"$f":"SUMIF(Insumos!B:B,D797,Insumos!G:G)","v":8.57},0]
[null,null,null,11265,"Martelo de borracha com cabo","un",4.0000000000000002E-4,{"$f":"SUMIF(Insumos!B:B,D798,Insumos!G:G)","v":11.67},0]
[null,null,null,11270,"Martelo de solda do tipo picareta, cabo de madeira, 300x0,4x0,5mm","un",8.9999999999999998E-4,{"$f":"SUMIF(Insumos!B:B,D799,Insumos!G:G)","v":19.02},0.02]
[null,null,null,11243,"Martelo sem unha","un",1E-4,{"$f":"SUMIF(Insumos!B:B,D800,Insumos!G:G)","v":12.76},0]
[null,null,null,10789,"Nível de bolha de madeira","un",2.0000000000000001E-4,{"$f":"SUMIF(Insumos!B:B,D801,Insumos!G:G)","v":7.05},0]
[null,null,null,1651,"Óculos branco proteção","pr",6.7000000000000002E-3,{"$f":"SUMIF(Insumos!B:B,D802,Insumos!G:G)","v":4.3099999999999996},0.03]
[null,null,null,10788,"Pá quadrada","un",2.0000000000000001E-4,{"$f":"SUMIF(Insumos!B:B,D803,Insumos!G:G)","v":13.54},0]
[null,null,null,1735,"Perfil Aço, U Dobrado de chapa - UDC simples - 75 x 38 x 2,65 mm (3,01 kg/m)","m",2,{"$f":"SUMIF(Insumos!B:B,D804,Insumos!G:G)","v":15.26},30.52]
[null,null,null,10596,"Protetor auricular","un",3.7400000000000003E-2,{"$f":"SUMIF(Insumos!B:B,D805,Insumos!G:G)","v":2.5099999999999998},0.09]
[null,null,null,10599,"Protetor solar fps 30 com 120ml","un",1.4999999999999999E-2,{"$f":"SUMIF(Insumos!B:B,D806,Insumos!G:G)","v":13.86},0.21]
[null,null,null,10790,"Prumo de face","un",1E-4,{"$f":"SUMIF(Insumos!B:B,D807,Insumos!G:G)","v":13.35},0]
[null,null,null,10282,"Regua de alumínio c/ 2,00m (para pedreiro)","un",2.0000000000000001E-4,{"$f":"SUMIF(Insumos!B:B,D808,Insumos!G:G)","v":13.08},0]
[null,null,null,11283,"Selador horizontal para fita de aço 1\"","un",2.9999999999999997E-4,{"$f":"SUMIF(Insumos!B:B,D809,Insumos!G:G)","v":386.16},0.12]
[null,null,null,11247,"Serra mármore","un",1E-4,{"$f":"SUMIF(Insumos!B:B,D810,Insumos!G:G)","v":213.74},0.02]
[null,null,null,4728,"Talhadeira chata 10\"","un",4.0000000000000002E-4,{"$f":"SUMIF(Insumos!B:B,D811,Insumos!G:G)","v":7.4},0]
[null,null,null,11271,"Talhadeira com punho de proteção 22 x225mm ref.207206BR Belzer","un",2.9999999999999997E-4,{"$f":"SUMIF(Insumos!B:B,D812,Insumos!G:G)","v":45.06},0.01]
[null,null,null,10586,"Torquesa","un",5.9999999999999995E-4,{"$f":"SUMIF(Insumos!B:B,D813,Insumos!G:G)","v":20.58},0.01]
[null,null,null,2378,"Vale transporte","un",0.58199999999999996,{"$f":"SUMIF(Insumos!B:B,D814,Insumos!G:G)","v":2.74},1.59]
[{"$nulls":7},"PARCIAL:",{"$f":"SUM(I763:I814)","v":119.81}]
[]
[{"$nulls":7},"VALOR UNITÁRIO TOTAL - R$",{"$f":"TRUNC(I762+I815+I816,2)","v":209.68}]
[]
[]
[]
[null,"SERVIÇO","ORSE",6029,{"$f":"VLOOKUP(D821,ORSE!$C:$F,2)","v":"LOGOTIPO DA CODEVASF EM ESTRUTURAS TÉRREAS"},null,null,null,{"$f":"VLOOKUP(D821,ORSE!$C:$F,3)","v":"UN"},null,{"$f":"I859","v":528.35},{"$f":"VLOOKUP(D821,ORSE!$C:$F,4)","v":675.27}]
[]
[null,null,null,"COD.","DESCRIÇÃO","UN.","COEF.","PREÇO","TOTAL"]
[null,null,null,"MÃO DE OBRA"]
[null,null,null,54,"ENCARREGADO DE TURMA - Fonte DNIT - Mês de ref.: 05/18","h",4.5928000000000004,{"$f":"SUMIF(Insumos!B:B,D825,Insumos!G:G)","v":20.81},{"$f":"(G825*H825)","v":95.58}]
[null,null,null,"88310","PINTOR COM ENCARGOS COMPLEMENTARES","h",13.7128,{"$f":"SUMIF(Insumos!B:B,D826,Insumos!G:G)","v":13.51},185.26]
[null,null,null,6111,"SERVENTE DE OBRAS","h",13.152799999999999,{"$f":"SUMIF(Insumos!B:B,D827,Insumos!G:G)","v":11.11},146.13]
[null,null,null,10517,"Exames admissionais/demissionais (checkup)","cj",1.34E-2,{"$f":"SUMIF(Insumos!B:B,D828,Insumos!G:G)","v":255.26},3.42]
[null,null,null,10761,"Refeição - café da manhã ( café com leite e dois pães com manteiga)","un",3.4279999999999999,{"$f":"SUMIF(Insumos!B:B,D829,Insumos!G:G)","v":1.96},6.72]
[null,null,null,10362,"Seguro de vida e acidente em grupo","un",0.1515,{"$f":"SUMIF(Insumos!B:B,D830,Insumos!G:G)","v":4.42},0.67]
[{"$nulls":7},"PARCIAL:",{"$f":"SUM(I824:I830)","v":437.78}]
[null,null,null,"MATERIAIS/ SERVIÇOS/ EQUIPAMENTOS"]
[null,null,null,158,"Almoço (Participação do empregador)","un",3.4289999999999998,{"$f":"SUMIF(Insumos!B:B,D833,Insumos!G:G)","v":7.83},{"$f":"(G833*H833)","v":26.85}]
[null,null,null,12893,"Bota de seguranca com biqueira de aco e colarinho acolchoado","par",2.69E-2,{"$f":"SUMIF(Insumos!B:B,D834,Insumos!G:G)","v":30.36},{"$f":"(G834*H834)","v":0.82}]
[null,null,null,12894,"Capa para chuva em pvc com forro de poliester, com capuz (amarela ou azul)","un",6.7000000000000002E-3,{"$f":"SUMIF(Insumos!B:B,D835,Insumos!G:G)","v":8.2200000000000006},0.06]
[null,null,null,12895,"Capacete de seguranca aba frontal com suspensao de polietileno, sem jugular (classe b)","un",2.0199999999999999E-2,{"$f":"SUMIF(Insumos!B:B,D836,Insumos!G:G)","v":6.33},0.13]
[null,null,null,2711,"Carrinho de mao de aco capacidade 50 a 60 l, pneu com camara","un",3.3E-3,{"$f":"SUMIF(Insumos!B:B,D837,Insumos!G:G)","v":86.13},0.28000000000000003]
[null,null,null,10492,"Cesta Básica","un",0.1515,{"$f":"SUMIF(Insumos!B:B,D838,Insumos!G:G)","v":86.13},13.05]
[null,null,null,4174,"Desempenadeira de aço lisa, cabo madeira, ref:143, Atlas ou similar","un",8.6E-3,{"$f":"SUMIF(Insumos!B:B,D839,Insumos!G:G)","v":6.4},0.06]
[null,null,null,11252,"Escada de aluminio de abrir com 7 degraus","un",1.6999999999999999E-3,{"$f":"SUMIF(Insumos!B:B,D840,Insumos!G:G)","v":109.07},0.19]
[null,null,null,4725,"Espátula","un",6.7999999999999996E-3,{"$f":"SUMIF(Insumos!B:B,D841,Insumos!G:G)","v":11.9},0.08]
[null,null,null,941,"Fardamento","un",5.0500000000000003E-2,{"$f":"SUMIF(Insumos!B:B,D842,Insumos!G:G)","v":53.6},2.71]
[null,null,null,1332,"Líquido selador acrílico","l",1.1200000000000001,{"$f":"SUMIF(Insumos!B:B,D843,Insumos!G:G)","v":4.8499999999999996},5.43]
[null,null,null,3767,"Lixa em folha para parede ou madeira, numero 120 (cor vermelha)","un",2.8,{"$f":"SUMIF(Insumos!B:B,D844,Insumos!G:G)","v":0.31},0.87]
[null,null,null,12892,"Luva raspa de couro, cano curto (punho *7* cm)","par",7.7499999999999999E-2,{"$f":"SUMIF(Insumos!B:B,D845,Insumos!G:G)","v":5.69},0.44]
[null,null,null,4729,"Marreta 1 kg com cabo","un",1.6999999999999999E-3,{"$f":"SUMIF(Insumos!B:B,D846,Insumos!G:G)","v":12.37},0.02]
[null,null,null,1651,"Óculos branco proteção","pr",2.69E-2,{"$f":"SUMIF(Insumos!B:B,D847,Insumos!G:G)","v":4.3099999999999996},0.12]
[null,null,null,10788,"Pá quadrada","un",3.3E-3,{"$f":"SUMIF(Insumos!B:B,D848,Insumos!G:G)","v":13.54},0.04]
[null,null,null,11251,"Pincel de seda 2\"","un",7.6999999999999999E-2,{"$f":"SUMIF(Insumos!B:B,D849,Insumos!G:G)","v":17.690000000000001},1.36]
[null,null,null,10596,"Protetor auricular","un",0.1515,{"$f":"SUMIF(Insumos!B:B,D850,Insumos!G:G)","v":2.5099999999999998},0.38]
[null,null,null,10599,"Protetor solar fps 30 com 120ml","un",6.0600000000000001E-2,{"$f":"SUMIF(Insumos!B:B,D851,Insumos!G:G)","v":13.86},0.84]
[null,null,null,11250,"Rolo lã de carneiro 20cm","un",3.9399999999999998E-2,{"$f":"SUMIF(Insumos!B:B,D852,Insumos!G:G)","v":18.260000000000002},0.72]
[null,null,null,4728,"Talhadeira chata 10\"","un",5.0000000000000001E-3,{"$f":"SUMIF(Insumos!B:B,D853,Insumos!G:G)","v":7.4},0.04]
[null,null,null,7356,"Tinta acrilica premium, cor branco fosco","l",2.16,{"$f":"SUMIF(Insumos!B:B,D854,Insumos!G:G)","v":13.15},28.4]
[null,null,null,10583,"Trincha 3\"","un",7.6999999999999999E-2,{"$f":"SUMIF(Insumos!B:B,D855,Insumos!G:G)","v":4.38},0.34]
[null,null,null,2378,"Vale transporte","un",2.6770999999999998,{"$f":"SUMIF(Insumos!B:B,D856,Insumos!G:G)","v":2.74},7.34]
[{"$nulls":7},"PARCIAL:",{"$f":"SUM(I832:I856)","v":90.57}]
[]
[{"$nulls":7},"VALOR UNITÁRIO TOTAL - R$",{"$f":"TRUNC(I831+I857+I858,2)","v":528.35}]
[]
[]
[]
[null,"SERVIÇO","ORSE",2372,{"$f":"VLOOKUP(D863,ORSE!$C:$F,2)","v":"MURO EM ALVENARIA BLOCO CIMENTO, E= 0,09M, C/ ALV DE PEDRA 0,35 X 0,60M, COLU NAS CONCRETO ARMADO FCK = 15,0 MPA CADA 3,00M, C/ CHAPISCO, REBOCO E PINTURA  HIDRACOR OU SIMILAR"},null,null,null,{"$f":"VLOOKUP(D863,ORSE!$C:$F,3)","v":"M2"},null,{"$f":"I938","v":117.56},{"$f":"VLOOKUP(D863,ORSE!$C:$F,4)","v":150.33000000000001}]
[]
[null,null,null,"COD.","DESCRIÇÃO","UN.","COEF.","PREÇO","TOTAL"]
[null,null,null,"MÃO DE OBRA"]
[null,null,null,"88245","ARMADOR COM ENCARGOS COMPLEMENTARES","h",8.5500000000000007E-2,{"$f":"SUMIF(Insumos!B:B,D867,Insumos!G:G)","v":13.51},{"$f":"(G867*H867)","v":1.1599999999999999}]
[null,null,null,"88262","CARPINTEIRO DE FORMAS COM ENCARGOS COMPLEMENTARES","h",0.17799999999999999,{"$f":"SUMIF(Insumos!B:B,D868,Insumos!G:G)","v":13.51},{"$f":"(G868*H868)","v":2.4}]
[null,null,null,"88309","PEDREIRO COM ENCARGOS COMPLEMENTARES","h",1.7211000000000001,{"$f":"SUMIF(Insumos!B:B,D869,Insumos!G:G)","v":13.51},23.25]
[null,null,null,"88310","PINTOR COM ENCARGOS COMPLEMENTARES","h",4.58E-2,{"$f":"SUMIF(Insumos!B:B,D870,Insumos!G:G)","v":13.51},0.62]
[null,null,null,6111,"SERVENTE DE OBRAS","h",2.4653,{"$f":"SUMIF(Insumos!B:B,D871,Insumos!G:G)","v":11.11},27.39]
[null,null,null,10517,"Exames admissionais/demissionais (checkup)","cj",2.7000000000000001E-3,{"$f":"SUMIF(Insumos!B:B,D872,Insumos!G:G)","v":255.26},0.69]
[null,null,null,10761,"Refeição - café da manhã ( café com leite e dois pães com manteiga)","un",0.65390000000000004,{"$f":"SUMIF(Insumos!B:B,D873,Insumos!G:G)","v":1.96},1.28]
[null,null,null,10362,"Seguro de vida e acidente em grupo","un",2.9000000000000001E-2,{"$f":"SUMIF(Insumos!B:B,D874,Insumos!G:G)","v":4.42},0.13]
[{"$nulls":7},"PARCIAL:",{"$f":"SUM(I866:I874)","v":56.92}]
[null,null,null,"MATERIAIS/ SERVIÇOS/ EQUIPAMENTOS"]
[null,null,null,11248,"Furadeira e Parafusadeira eletrica Bosch ou Similar profissional","un",0,{"$f":"SUMIF(Insumos!B:B,D877,Insumos!G:G)","v":235.13},{"$f":"(G877*H877)","v":0}]
[null,null,null,11249,"Serra circular eletrica portatil","un",0,{"$f":"SUMIF(Insumos!B:B,D878,Insumos!G:G)","v":532.35},{"$f":"(G878*H878)","v":0}]
[null,null,null,81,"Aço ca-50 6,3 a 12,5 mm","kg",1.04,{"$f":"SUMIF(Insumos!B:B,D879,Insumos!G:G)","v":3.34},{"$f":"(G879*H879)","v":3.47}]
[null,null,null,158,"Almoço (Participação do empregador)","un",0.65390000000000004,{"$f":"SUMIF(Insumos!B:B,D880,Insumos!G:G)","v":7.83},{"$f":"(G880*H880)","v":5.12}]
[null,null,null,333,"Arame galvanizado 14 bwg, d = 2,11 mm (0,026 kg/m)","kg",1.95E-2,{"$f":"SUMIF(Insumos!B:B,D881,Insumos!G:G)","v":9.7899999999999991},0.19]
[null,null,null,337,"Arame recozido 18 bwg, 1,25 mm (0,01 kg/m)","kg",2.0799999999999999E-2,{"$f":"SUMIF(Insumos!B:B,D882,Insumos!G:G)","v":7.37},0.15]
[null,null,null,10585,"Arco de serra","un",0,{"$f":"SUMIF(Insumos!B:B,D883,Insumos!G:G)","v":15.27},0]
[null,null,null,367,"Areia grossa - posto jazida/fornecedor (retirado na jazida,sem transporte)","m3",1.47E-2,{"$f":"SUMIF(Insumos!B:B,D884,Insumos!G:G)","v":48.94},0.72]
[null,null,null,370,"Areia media - posto jazida/fornecedor (retirado na jazida, sem transporte)","m3",8.09E-2,{"$f":"SUMIF(Insumos!B:B,D885,Insumos!G:G)","v":39.15},3.17]
[null,null,null,650,"Bloco vedacao concreto 9 x 19 x 39 cm (classe c - nbr 6136)","un",10.4061,{"$f":"SUMIF(Insumos!B:B,D886,Insumos!G:G)","v":1.29},13.42]
[null,null,null,12893,"Bota de seguranca com biqueira de aco e colarinho acolchoado","par",5.0000000000000001E-3,{"$f":"SUMIF(Insumos!B:B,D887,Insumos!G:G)","v":30.36},0.15]
[null,null,null,1106,"Cal hidratada ch-i para argamassas","kg",2.2027000000000001,{"$f":"SUMIF(Insumos!B:B,D888,Insumos!G:G)","v":0.63},1.39]
[null,null,null,12894,"Capa para chuva em pvc com forro de poliester, com capuz (amarela ou azul)","un",1E-3,{"$f":"SUMIF(Insumos!B:B,D889,Insumos!G:G)","v":8.2200000000000006},0.01]
[null,null,null,12895,"Capacete de seguranca aba frontal com suspensao de polietileno, sem jugular (classe b)","un",3.7000000000000002E-3,{"$f":"SUMIF(Insumos!B:B,D890,Insumos!G:G)","v":6.33},0.02]
[null,null,null,2711,"Carrinho de mao de aco capacidade 50 a 60 l, pneu com camara","un",5.0000000000000001E-4,{"$f":"SUMIF(Insumos!B:B,D891,Insumos!G:G)","v":86.13},0.04]
[null,null,null,10492,"Cesta Básica","un",2.9000000000000001E-2,{"$f":"SUMIF(Insumos!B:B,D892,Insumos!G:G)","v":86.13},2.5]
[null,null,null,10579,"Chave de fenda chata 30 cm","un",0,{"$f":"SUMIF(Insumos!B:B,D893,Insumos!G:G)","v":12.1},0]
[null,null,null,1379,"Cimento portland composto cp ii-32","kg",31.269200000000001,{"$f":"SUMIF(Insumos!B:B,D894,Insumos!G:G)","v":0.34},10.63]
[null,null,null,4719,"Colher de pedreiro","un",1E-3,{"$f":"SUMIF(Insumos!B:B,D895,Insumos!G:G)","v":8.9700000000000006},0.01]
[null,null,null,630,"Compensado resinado 12mm - Madeirit ou similar","m2",7.5899999999999995E-2,{"$f":"SUMIF(Insumos!B:B,D896,Insumos!G:G)","v":19.61},1.49]
[null,null,null,634,"Concreto usinado bombeavel b0-b1 fck=15mpa","m3",1.2999999999999999E-2,{"$f":"SUMIF(Insumos!B:B,D897,Insumos!G:G)","v":176.28},2.29]
[null,null,null,4174,"Desempenadeira de aço lisa, cabo madeira, ref:143, Atlas ou similar","un",1.5E-3,{"$f":"SUMIF(Insumos!B:B,D898,Insumos!G:G)","v":6.4},0.01]
[null,null,null,11245,"Desempoladeira de madeira 12x22","un",1.6000000000000001E-3,{"$f":"SUMIF(Insumos!B:B,D899,Insumos!G:G)","v":9.1999999999999993},0.01]
[null,null,null,2692,"Desmoldante protetor para formas de madeira, de base oleosaemulsionada em agua","l",2.5999999999999999E-3,{"$f":"SUMIF(Insumos!B:B,D900,Insumos!G:G)","v":4.76},0.01]
[null,null,null,11252,"Escada de aluminio de abrir com 7 degraus","un",1E-4,{"$f":"SUMIF(Insumos!B:B,D901,Insumos!G:G)","v":109.07},0.01]
[null,null,null,11246,"Escala métrica de bambú","Un",1.6000000000000001E-3,{"$f":"SUMIF(Insumos!B:B,D902,Insumos!G:G)","v":13.31},0.02]
[null,null,null,4725,"Espátula","un",2.9999999999999997E-4,{"$f":"SUMIF(Insumos!B:B,D903,Insumos!G:G)","v":11.9},0]
[null,null,null,941,"Fardamento","un",9.7000000000000003E-3,{"$f":"SUMIF(Insumos!B:B,D904,Insumos!G:G)","v":53.6},0.52]
[null,null,null,10578,"Formão grande","un",0,{"$f":"SUMIF(Insumos!B:B,D905,Insumos!G:G)","v":11.86},0]
[null,null,null,1113,"Impermeabilizante para concretos e argamassas Vedacit ou similar","kg",0.69399999999999995,{"$f":"SUMIF(Insumos!B:B,D906,Insumos!G:G)","v":3.99},2.77]
[null,null,null,12892,"Luva raspa de couro, cano curto (punho *7* cm)","par",1.46E-2,{"$f":"SUMIF(Insumos!B:B,D907,Insumos!G:G)","v":5.69},0.08]
[null,null,null,1569,"Madeira mista serrada (barrote) 6 x 6cm - 0,0036 m3/m (angelim, louro)","m",0.3987,{"$f":"SUMIF(Insumos!B:B,D908,Insumos!G:G)","v":4.5999999999999996},1.83]
[null,null,null,4729,"Marreta 1 kg com cabo","un",2.0000000000000001E-4,{"$f":"SUMIF(Insumos!B:B,D909,Insumos!G:G)","v":12.37},0]
[null,null,null,11264,"Marreta de 1/2 kg com cabo","un",4.0000000000000002E-4,{"$f":"SUMIF(Insumos!B:B,D910,Insumos!G:G)","v":8.57},0]
[null,null,null,11244,"Martelo com unha","un",0,{"$f":"SUMIF(Insumos!B:B,D911,Insumos!G:G)","v":22.05},0]
[null,null,null,11265,"Martelo de borracha com cabo","un",1E-3,{"$f":"SUMIF(Insumos!B:B,D912,Insumos!G:G)","v":11.67},0.01]
[null,null,null,11243,"Martelo sem unha","un",2.9999999999999997E-4,{"$f":"SUMIF(Insumos!B:B,D913,Insumos!G:G)","v":12.76},0]
[null,null,null,10789,"Nível de bolha de madeira","un",4.0000000000000002E-4,{"$f":"SUMIF(Insumos!B:B,D914,Insumos!G:G)","v":7.05},0]
[null,null,null,1651,"Óculos branco proteção","pr",5.0000000000000001E-3,{"$f":"SUMIF(Insumos!B:B,D915,Insumos!G:G)","v":4.3099999999999996},0.02]
[null,null,null,10788,"Pá quadrada","un",5.0000000000000001E-4,{"$f":"SUMIF(Insumos!B:B,D916,Insumos!G:G)","v":13.54},0.01]
[null,null,null,4730,"Pedra de mao ou pedra rachao para arrimo/fundacao (posto pedreira/fornecedor, sem frete)","m3",0.126,{"$f":"SUMIF(Insumos!B:B,D917,Insumos!G:G)","v":45.34},5.71]
[null,null,null,11251,"Pincel de seda 2\"","un",3.0999999999999999E-3,{"$f":"SUMIF(Insumos!B:B,D918,Insumos!G:G)","v":17.690000000000001},0.05]
[null,null,null,5068,"Prego de aco polido com cabeca 17 x 21 (2 x 11)","kg",3.3E-3,{"$f":"SUMIF(Insumos!B:B,D919,Insumos!G:G)","v":7.96},0.03]
[null,null,null,5069,"Prego de aco polido com cabeca 17 x 27 (2 1/2 x 11)","kg",1.2999999999999999E-2,{"$f":"SUMIF(Insumos!B:B,D920,Insumos!G:G)","v":8.1199999999999992},0.11]
[null,null,null,10596,"Protetor auricular","un",2.9000000000000001E-2,{"$f":"SUMIF(Insumos!B:B,D921,Insumos!G:G)","v":2.5099999999999998},7.0000000000000007E-2]
[null,null,null,10599,"Protetor solar fps 30 com 120ml","un",1.1299999999999999E-2,{"$f":"SUMIF(Insumos!B:B,D922,Insumos!G:G)","v":13.86},0.16]
[null,null,null,10790,"Prumo de face","un",2.9999999999999997E-4,{"$f":"SUMIF(Insumos!B:B,D923,Insumos!G:G)","v":13.35},0]
[null,null,null,10282,"Regua de alumínio c/ 2,00m (para pedreiro)","un",4.0000000000000002E-4,{"$f":"SUMIF(Insumos!B:B,D924,Insumos!G:G)","v":13.08},0.01]
[null,null,null,11250,"Rolo lã de carneiro 20cm","un",1.6000000000000001E-3,{"$f":"SUMIF(Insumos!B:B,D925,Insumos!G:G)","v":18.260000000000002},0.03]
[null,null,null,11247,"Serra mármore","un",2.9999999999999997E-4,{"$f":"SUMIF(Insumos!B:B,D926,Insumos!G:G)","v":213.74},0.06]
[null,null,null,10577,"Serrote 40cm","un",0,{"$f":"SUMIF(Insumos!B:B,D927,Insumos!G:G)","v":23.33},0]
[null,null,null,25950,"Servico de bombeamento de concreto com consumo minimo de 40m3","m3",1.2999999999999999E-2,{"$f":"SUMIF(Insumos!B:B,D928,Insumos!G:G)","v":21.42},0.28000000000000003]
[null,null,null,4509,"Tabua de madeira nao aparelhada *2,5 x 10 cm (1 x 4 \") pinus, mista ou equivalente da regiao","m",0.35389999999999999,{"$f":"SUMIF(Insumos!B:B,D929,Insumos!G:G)","v":5.25},1.86]
[null,null,null,6193,"Tabua de madeira nao aparelhada *2,5 x 20* cm, cedrinho ou equivalente da regiao","m",3.9800000000000002E-2,{"$f":"SUMIF(Insumos!B:B,D930,Insumos!G:G)","v":4.49},0.18]
[null,null,null,4728,"Talhadeira chata 10\"","un",8.9999999999999998E-4,{"$f":"SUMIF(Insumos!B:B,D931,Insumos!G:G)","v":7.4},0.01]
[null,null,null,7342,"Tinta mineral impermeavel em po, branca","kg",0.57220000000000004,{"$f":"SUMIF(Insumos!B:B,D932,Insumos!G:G)","v":1.06},0.61]
[null,null,null,10586,"Torquesa","un",0,{"$f":"SUMIF(Insumos!B:B,D933,Insumos!G:G)","v":20.58},0]
[null,null,null,10583,"Trincha 3\"","un",3.0999999999999999E-3,{"$f":"SUMIF(Insumos!B:B,D934,Insumos!G:G)","v":4.38},0.01]
[null,null,null,2378,"Vale transporte","un",0.50900000000000001,{"$f":"SUMIF(Insumos!B:B,D935,Insumos!G:G)","v":2.74},1.39]
[{"$nulls":7},"PARCIAL:",{"$f":"SUM(I876:I935)","v":60.64}]
[]
[{"$nulls":7},"VALOR UNITÁRIO TOTAL - R$",{"$f":"TRUNC(I875+I936+I937,2)","v":117.56}]
[]
[]
[]
[null,"SERVIÇO","ORSE",3209,{"$f":"VLOOKUP(D942,ORSE!$C:$F,2)","v":"PINTURA DE MEIO FIO (CAIAÇÃO)"},null,null,null,{"$f":"VLOOKUP(D942,ORSE!$C:$F,3)","v":"M"},null,{"$f":"I972","v":2.52},{"$f":"VLOOKUP(D942,ORSE!$C:$F,4)","v":3.23}]
[]
[null,null,null,"COD.","DESCRIÇÃO","UN.","COEF.","PREÇO","TOTAL"]
[null,null,null,"MÃO DE OBRA"]
[null,null,null,"88310","PINTOR COM ENCARGOS COMPLEMENTARES","h",0.14940000000000001,{"$f":"SUMIF(Insumos!B:B,D946,Insumos!G:G)","v":13.51},{"$f":"(G946*H946)","v":2.02}]
[null,null,null,10517,"Exames admissionais/demissionais (checkup)","cj",1E-4,{"$f":"SUMIF(Insumos!B:B,D947,Insumos!G:G)","v":255.26},{"$f":"(G947*H947)","v":0.03}]
[null,null,null,10761,"Refeição - café da manhã ( café com leite e dois pães com manteiga)","un",2.24E-2,{"$f":"SUMIF(Insumos!B:B,D948,Insumos!G:G)","v":1.96},{"$f":"(G948*H948)","v":0.04}]
[null,null,null,10362,"Seguro de vida e acidente em grupo","un",1E-3,{"$f":"SUMIF(Insumos!B:B,D949,Insumos!G:G)","v":4.42},{"$f":"(G949*H949)","v":0}]
[{"$nulls":7},"PARCIAL:",{"$f":"SUM(I945:I949)","v":2.09}]
[null,null,null,"MATERIAIS/ SERVIÇOS/ EQUIPAMENTOS"]
[null,null,null,158,"Almoço (Participação do empregador)","un",2.24E-2,{"$f":"SUMIF(Insumos!B:B,D952,Insumos!G:G)","v":7.83},{"$f":"(G952*H952)-0.01","v":0.17}]
[null,null,null,12893,"Bota de seguranca com biqueira de aco e colarinho acolchoado","par",2.0000000000000001E-4,{"$f":"SUMIF(Insumos!B:B,D953,Insumos!G:G)","v":30.36},{"$f":"(G953*H953)","v":0.01}]
[null,null,null,1106,"Cal hidratada ch-i para argamassas","kg",0.11,{"$f":"SUMIF(Insumos!B:B,D954,Insumos!G:G)","v":0.63},{"$f":"(G954*H954)-0.01","v":0.06}]
[null,null,null,12894,"Capa para chuva em pvc com forro de poliester, com capuz (amarela ou azul)","un",0,{"$f":"SUMIF(Insumos!B:B,D955,Insumos!G:G)","v":8.2200000000000006},0]
[null,null,null,12895,"Capacete de seguranca aba frontal com suspensao de polietileno, sem jugular (classe b)","un",1E-4,{"$f":"SUMIF(Insumos!B:B,D956,Insumos!G:G)","v":6.33},0]
[null,null,null,10492,"Cesta Básica","un",1E-3,{"$f":"SUMIF(Insumos!B:B,D957,Insumos!G:G)","v":86.13},0.09]
[null,null,null,4174,"Desempenadeira de aço lisa, cabo madeira, ref:143, Atlas ou similar","un",1E-4,{"$f":"SUMIF(Insumos!B:B,D958,Insumos!G:G)","v":6.4},0]
[null,null,null,11252,"Escada de aluminio de abrir com 7 degraus","un",0,{"$f":"SUMIF(Insumos!B:B,D959,Insumos!G:G)","v":109.07},0]
[null,null,null,4725,"Espátula","un",1E-4,{"$f":"SUMIF(Insumos!B:B,D960,Insumos!G:G)","v":11.9},0]
[null,null,null,941,"Fardamento","un",2.9999999999999997E-4,{"$f":"SUMIF(Insumos!B:B,D961,Insumos!G:G)","v":53.6},0.02]
[null,null,null,12892,"Luva raspa de couro, cano curto (punho *7* cm)","par",5.0000000000000001E-4,{"$f":"SUMIF(Insumos!B:B,D962,Insumos!G:G)","v":5.69},0]
[null,null,null,1651,"Óculos branco proteção","pr",2.0000000000000001E-4,{"$f":"SUMIF(Insumos!B:B,D963,Insumos!G:G)","v":4.3099999999999996},0]
[null,null,null,11251,"Pincel de seda 2\"","un",1E-3,{"$f":"SUMIF(Insumos!B:B,D964,Insumos!G:G)","v":17.690000000000001},0.02]
[null,null,null,10596,"Protetor auricular","un",1E-3,{"$f":"SUMIF(Insumos!B:B,D965,Insumos!G:G)","v":2.5099999999999998},0]
[null,null,null,10599,"Protetor solar fps 30 com 120ml","un",4.0000000000000002E-4,{"$f":"SUMIF(Insumos!B:B,D966,Insumos!G:G)","v":13.86},0.01]
[null,null,null,11250,"Rolo lã de carneiro 20cm","un",5.0000000000000001E-4,{"$f":"SUMIF(Insumos!B:B,D967,Insumos!G:G)","v":18.260000000000002},0.01]
[null,null,null,10583,"Trincha 3\"","un",1E-3,{"$f":"SUMIF(Insumos!B:B,D968,Insumos!G:G)","v":4.38},0]
[null,null,null,2378,"Vale transporte","un",1.44E-2,{"$f":"SUMIF(Insumos!B:B,D969,Insumos!G:G)","v":2.74},0.04]
[{"$nulls":7},"PARCIAL:",{"$f":"SUM(I951:I969)","v":0.43}]
[]
[{"$nulls":7},"VALOR UNITÁRIO TOTAL - R$",{"$f":"TRUNC(I950+I970+I971,2)","v":2.52}]
[]
[]
[]
[null,"SERVIÇO","ORSE",3848,{"$f":"VLOOKUP(D976,ORSE!$C:$F,2)","v":"CABO DE AÇO GALVANIZADO 15MM (TENSOR)"},null,null,null,{"$f":"VLOOKUP(D976,ORSE!$C:$F,3)","v":"M"},null,{"$f":"I1007","v":17.57},{"$f":"VLOOKUP(D976,ORSE!$C:$F,4)","v":22.44}]
[]
[null,null,null,"COD.","DESCRIÇÃO","UN.","COEF.","PREÇO","TOTAL"]
[null,null,null,"MÃO DE OBRA"]
[null,null,null,"88245","ARMADOR COM ENCARGOS COMPLEMENTARES","h",0.15809999999999999,{"$f":"SUMIF(Insumos!B:B,D980,Insumos!G:G)","v":13.51},{"$f":"(G980*H980)","v":2.14}]
[null,null,null,6111,"SERVENTE DE OBRAS","h",0.15809999999999999,{"$f":"SUMIF(Insumos!B:B,D981,Insumos!G:G)","v":11.11},{"$f":"(G981*H981)","v":1.76}]
[null,null,null,10517,"Exames admissionais/demissionais (checkup)","cj",2.0000000000000001E-4,{"$f":"SUMIF(Insumos!B:B,D982,Insumos!G:G)","v":255.26},{"$f":"(G982*H982)","v":0.05}]
[null,null,null,10761,"Refeição - café da manhã ( café com leite e dois pães com manteiga)","un",5.0799999999999998E-2,{"$f":"SUMIF(Insumos!B:B,D983,Insumos!G:G)","v":1.96},{"$f":"(G983*H983)","v":0.1}]
[null,null,null,10362,"Seguro de vida e acidente em grupo","un",2.2000000000000001E-3,{"$f":"SUMIF(Insumos!B:B,D984,Insumos!G:G)","v":4.42},{"$f":"(G984*H984)","v":0.01}]
[{"$nulls":7},"PARCIAL:",{"$f":"SUM(I979:I984)","v":4.0599999999999996}]
[null,null,null,"MATERIAIS/ SERVIÇOS/ EQUIPAMENTOS"]
[null,null,null,158,"Almoço (Participação do empregador)","un",5.0799999999999998E-2,{"$f":"SUMIF(Insumos!B:B,D987,Insumos!G:G)","v":7.83},{"$f":"(G987*H987)","v":0.4}]
[null,null,null,10585,"Arco de serra","un",0,{"$f":"SUMIF(Insumos!B:B,D988,Insumos!G:G)","v":15.27},0]
[null,null,null,12893,"Bota de seguranca com biqueira de aco e colarinho acolchoado","par",4.0000000000000002E-4,{"$f":"SUMIF(Insumos!B:B,D989,Insumos!G:G)","v":30.36},0.01]
[null,null,null,2972,"Cabo de aço galvanizado com alma de fibra DN 15 mm (5/8\")","m",1.05,{"$f":"SUMIF(Insumos!B:B,D990,Insumos!G:G)","v":12.13},{"$f":"(G990*H990)-0.01","v":12.73}]
[null,null,null,12894,"Capa para chuva em pvc com forro de poliester, com capuz (amarela ou azul)","un",0,{"$f":"SUMIF(Insumos!B:B,D991,Insumos!G:G)","v":8.2200000000000006},0]
[null,null,null,12895,"Capacete de seguranca aba frontal com suspensao de polietileno, sem jugular (classe b)","un",4.0000000000000002E-4,{"$f":"SUMIF(Insumos!B:B,D992,Insumos!G:G)","v":6.33},0]
[null,null,null,2711,"Carrinho de mao de aco capacidade 50 a 60 l, pneu com camara","un",0,{"$f":"SUMIF(Insumos!B:B,D993,Insumos!G:G)","v":86.13},0]
[null,null,null,10492,"Cesta Básica","un",2.2000000000000001E-3,{"$f":"SUMIF(Insumos!B:B,D994,Insumos!G:G)","v":86.13},0.19]
[null,null,null,941,"Fardamento","un",8.0000000000000004E-4,{"$f":"SUMIF(Insumos!B:B,D995,Insumos!G:G)","v":53.6},0.04]
[null,null,null,12892,"Luva raspa de couro, cano curto (punho *7* cm)","par",1.1999999999999999E-3,{"$f":"SUMIF(Insumos!B:B,D996,Insumos!G:G)","v":5.69},0.01]
[null,null,null,4729,"Marreta 1 kg com cabo","un",0,{"$f":"SUMIF(Insumos!B:B,D997,Insumos!G:G)","v":12.37},0]
[null,null,null,1651,"Óculos branco proteção","pr",4.0000000000000002E-4,{"$f":"SUMIF(Insumos!B:B,D998,Insumos!G:G)","v":4.3099999999999996},0]
[null,null,null,10788,"Pá quadrada","un",0,{"$f":"SUMIF(Insumos!B:B,D999,Insumos!G:G)","v":13.54},0]
[null,null,null,10596,"Protetor auricular","un",2.2000000000000001E-3,{"$f":"SUMIF(Insumos!B:B,D1000,Insumos!G:G)","v":2.5099999999999998},0.01]
[null,null,null,10599,"Protetor solar fps 30 com 120ml","un",8.0000000000000004E-4,{"$f":"SUMIF(Insumos!B:B,D1001,Insumos!G:G)","v":13.86},0.01]
[null,null,null,4728,"Talhadeira chata 10\"","un",1E-4,{"$f":"SUMIF(Insumos!B:B,D1002,Insumos!G:G)","v":7.4},0]
[null,null,null,10586,"Torquesa","un",0,{"$f":"SUMIF(Insumos!B:B,D1003,Insumos!G:G)","v":20.58},0]
[null,null,null,2378,"Vale transporte","un",3.9899999999999998E-2,{"$f":"SUMIF(Insumos!B:B,D1004,Insumos!G:G)","v":2.74},0.11]
[{"$nulls":7},"PARCIAL:",{"$f":"SUM(I986:I1004)","v":13.51}]
[]
[{"$nulls":7},"VALOR UNITÁRIO TOTAL - R$",{"$f":"TRUNC(I985+I1005+I1006,2)","v":17.57}]
[]
[]
[]
[null,"SERVIÇO","ORSE",11386,{"$f":"VLOOKUP(D1011,ORSE!$C:$F,2)","v":"ENTRADA DE ENERGIA ELÉTRICA TRIFÁSICA DEMANDA ENTRE 0 E 15,2 KW"},null,null,null,{"$f":"VLOOKUP(D1011,ORSE!$C:$F,3)","v":"UN"},null,{"$f":"I1124","v":1261.33},{"$f":"VLOOKUP(D1011,ORSE!$C:$F,4)","v":1613.81}]
[]
[null,null,null,"COD.","DESCRIÇÃO","UN.","COEF.","PREÇO","TOTAL"]
[null,null,null,"MÃO DE OBRA"]
[null,null,null,88247,"AJUDANTE DE ELETRICISTA","h",0.20599999999999999,{"$f":"SUMIF(Insumos!B:B,D1015,Insumos!G:G)","v":11.11},{"$f":"(G1015*H1015)","v":2.29}]
[null,null,null,"88245","ARMADOR COM ENCARGOS COMPLEMENTARES","h",6.9699999999999998E-2,{"$f":"SUMIF(Insumos!B:B,D1016,Insumos!G:G)","v":13.51},{"$f":"(G1016*H1016)","v":0.94}]
[null,null,null,"88262","CARPINTEIRO DE FORMAS COM ENCARGOS COMPLEMENTARES","h",0.46010000000000001,{"$f":"SUMIF(Insumos!B:B,D1017,Insumos!G:G)","v":13.51},{"$f":"(G1017*H1017)","v":6.22}]
[null,null,null,2436,"ELETRICISTA","h",9.4811999999999994,{"$f":"SUMIF(Insumos!B:B,D1018,Insumos!G:G)","v":13.51},128.09]
[null,null,null,"88309","PEDREIRO COM ENCARGOS COMPLEMENTARES","h",3.6229,{"$f":"SUMIF(Insumos!B:B,D1019,Insumos!G:G)","v":13.51},48.95]
[null,null,null,6111,"SERVENTE DE OBRAS","h",6.2529000000000003,{"$f":"SUMIF(Insumos!B:B,D1020,Insumos!G:G)","v":11.11},69.47]
[null,null,null,7880,"Alicate de compressão para terminais de compressão de cabos com seção até 120mm2","h",0.16500000000000001,{"$f":"SUMIF(Insumos!B:B,D1021,Insumos!G:G)","v":0},0]
[null,null,null,10517,"Exames admissionais/demissionais (checkup)","cj",1.26E-2,{"$f":"SUMIF(Insumos!B:B,D1022,Insumos!G:G)","v":255.26},3.22]
[null,null,null,10761,"Refeição - café da manhã ( café com leite e dois pães com manteiga)","un",3.2679999999999998,{"$f":"SUMIF(Insumos!B:B,D1023,Insumos!G:G)-0.596695226438189","v":1.3633},4.46]
[null,null,null,10362,"Seguro de vida e acidente em grupo","un",0.14399999999999999,{"$f":"SUMIF(Insumos!B:B,D1024,Insumos!G:G)","v":4.42},0.64]
[{"$nulls":7},"PARCIAL:",{"$f":"SUM(I1014:I1024)","v":264.27999999999997}]
[null,null,null,"MATERIAIS/ SERVIÇOS/ EQUIPAMENTOS"]
[null,null,null,11359,"Esmerilhadeira angular eletrica, diametro do disco 7 '' (180 mm), rotacao 8500 rpm, potencia 2400 w","un",0,{"$f":"SUMIF(Insumos!B:B,D1027,Insumos!G:G)","v":528.53},{"$f":"(G1027*H1027)","v":0}]
[null,null,null,11248,"Furadeira e Parafusadeira eletrica Bosch ou Similar profissional","un",0,{"$f":"SUMIF(Insumos!B:B,D1028,Insumos!G:G)","v":235.13},0]
[null,null,null,38413,"Lixadeira eletrica angular, para disco de 7 \" (180 mm), potencia de 2.200 w, *5.000* rpm, 220 v","un",0,{"$f":"SUMIF(Insumos!B:B,D1029,Insumos!G:G)","v":544.91},0]
[null,null,null,11249,"Serra circular eletrica portatil","un",0,{"$f":"SUMIF(Insumos!B:B,D1030,Insumos!G:G)","v":532.35},0]
[null,null,null,82,"Aço ca-60 4,2 a 9,5 mm","kg",0.77,{"$f":"SUMIF(Insumos!B:B,D1031,Insumos!G:G)","v":3.3},2.54]
[null,null,null,11240,"Alicate com isolamento","un",2.3999999999999998E-3,{"$f":"SUMIF(Insumos!B:B,D1032,Insumos!G:G)","v":17.93},0.04]
[null,null,null,11241,"Alicate volt-amperimetro","un",2.3999999999999998E-3,{"$f":"SUMIF(Insumos!B:B,D1033,Insumos!G:G)","v":84.65},0.2]
[null,null,null,37370,"Alimentacao - horista (coletado caixa)","h",0.4,{"$f":"SUMIF(Insumos!B:B,D1034,Insumos!G:G)","v":1.22},0.49]
[null,null,null,158,"Almoço (Participação do empregador)","un",3.2679999999999998,{"$f":"SUMIF(Insumos!B:B,D1035,Insumos!G:G)","v":7.83},{"$f":"(G1035*H1035)","v":25.59}]
[null,null,null,333,"Arame galvanizado 14 bwg, d = 2,11 mm (0,026 kg/m)","kg",4.5900000000000003E-2,{"$f":"SUMIF(Insumos!B:B,D1036,Insumos!G:G)","v":9.7899999999999991},0.45]
[null,null,null,337,"Arame recozido 18 bwg, 1,25 mm (0,01 kg/m)","kg",1.54E-2,{"$f":"SUMIF(Insumos!B:B,D1037,Insumos!G:G)","v":7.37},0.11]
[null,null,null,10585,"Arco de serra","un",0,{"$f":"SUMIF(Insumos!B:B,D1038,Insumos!G:G)","v":15.27},0]
[null,null,null,367,"Areia grossa - posto jazida/fornecedor (retirado na jazida,sem transporte)","m3",0.12540000000000001,{"$f":"SUMIF(Insumos!B:B,D1039,Insumos!G:G)","v":48.94},6.14]
[null,null,null,370,"Areia media - posto jazida/fornecedor (retirado na jazida, sem transporte)","m3",1.2999999999999999E-2,{"$f":"SUMIF(Insumos!B:B,D1040,Insumos!G:G)","v":39.15},0.51]
[null,null,null,209,"Arruela de alumínio p/eletroduto d=1 1/ 4\"","un",3,{"$f":"SUMIF(Insumos!B:B,D1041,Insumos!G:G)","v":0.47},1.41]
[null,null,null,36150,"Avental de seguranca de raspa de couro 1,00 x 0,60 m","un",1E-3,{"$f":"SUMIF(Insumos!B:B,D1042,Insumos!G:G)","v":18.78},0.02]
[null,null,null,10,"Balde plastico capacidade *10* l","un",3.2000000000000002E-3,{"$f":"SUMIF(Insumos!B:B,D1043,Insumos!G:G)","v":6.68},0.02]
[null,null,null,38399,"Bolsa de lona para ferramentas *50 x 35 x 25* cm","un",2.0000000000000001E-4,{"$f":"SUMIF(Insumos!B:B,D1044,Insumos!G:G)","v":106.43},0.02]
[null,null,null,12893,"Bota de seguranca com biqueira de aco e colarinho acolchoado","par",2.46E-2,{"$f":"SUMIF(Insumos!B:B,D1045,Insumos!G:G)","v":30.36},0.75]
[null,null,null,314,"Bucha aluminio p/eletroduto d=1 1/ 4\"","un",3,{"$f":"SUMIF(Insumos!B:B,D1046,Insumos!G:G)","v":0.47},1.41]
[null,null,null,10394,"Bucha em liga zamak para eletroduto 16mm, d=1/2\"","un",1,{"$f":"SUMIF(Insumos!B:B,D1047,Insumos!G:G)","v":0.18},0.18]
[null,null,null,414,"Cabo cobre rígido, isolado, 16mm2 - 450/750v / 70º","m",1,{"$f":"SUMIF(Insumos!B:B,D1048,Insumos!G:G)","v":6.28},6.28]
[null,null,null,3818,"Cabo de cobre isolado EPR ou XLPE), 6,0mm², 0,6/1kv / 90º C","m",25.5,{"$f":"SUMIF(Insumos!B:B,D1049,Insumos!G:G)","v":3.05},77.78]
[null,null,null,862,"Cabo de cobre nu 10 mm2 meio-duro","m",2.04,{"$f":"SUMIF(Insumos!B:B,D1050,Insumos!G:G)","v":3.01},6.14]
[null,null,null,868,"Cabo de cobre nu 25 mm2 meio-duro","m",2,{"$f":"SUMIF(Insumos!B:B,D1051,Insumos!G:G)","v":7.42},14.84]
[null,null,null,436,"Caixa de medicao bi ou trifásica, em noril (policarbonato)","un",1,{"$f":"SUMIF(Insumos!B:B,D1052,Insumos!G:G)","v":51.68},51.68]
[null,null,null,1106,"Cal hidratada ch-i para argamassas","kg",6.5134999999999996,{"$f":"SUMIF(Insumos!B:B,D1053,Insumos!G:G)","v":0.63},4.0999999999999996]
[null,null,null,12894,"Capa para chuva em pvc com forro de poliester, com capuz (amarela ou azul)","un",6.7000000000000002E-3,{"$f":"SUMIF(Insumos!B:B,D1054,Insumos!G:G)","v":8.2200000000000006},0.06]
[null,null,null,12895,"Capacete de seguranca aba frontal com suspensao de polietileno, sem jugular (classe b)","un",1.9400000000000001E-2,{"$f":"SUMIF(Insumos!B:B,D1055,Insumos!G:G)","v":6.33},0.12]
[null,null,null,2711,"Carrinho de mao de aco capacidade 50 a 60 l, pneu com camara","un",3.5999999999999999E-3,{"$f":"SUMIF(Insumos!B:B,D1056,Insumos!G:G)","v":86.13},0.31]
[null,null,null,10492,"Cesta Básica","un",0.14399999999999999,{"$f":"SUMIF(Insumos!B:B,D1057,Insumos!G:G)","v":86.13},12.4]
[null,null,null,10579,"Chave de fenda chata 30 cm","un",2.5000000000000001E-3,{"$f":"SUMIF(Insumos!B:B,D1058,Insumos!G:G)","v":12.1},0.03]
[null,null,null,11242,"Chave inglesa 12\"","un",1E-3,{"$f":"SUMIF(Insumos!B:B,D1059,Insumos!G:G)","v":36.799999999999997},0.04]
[null,null,null,1379,"Cimento portland composto cp ii-32","kg",35.826900000000002,{"$f":"SUMIF(Insumos!B:B,D1060,Insumos!G:G)","v":0.34},12.18]
[null,null,null,4719,"Colher de pedreiro","un",1.4E-3,{"$f":"SUMIF(Insumos!B:B,D1061,Insumos!G:G)","v":8.9700000000000006},0.01]
[null,null,null,630,"Compensado resinado 12mm - Madeirit ou similar","m2",0.1132,{"$f":"SUMIF(Insumos!B:B,D1062,Insumos!G:G)","v":19.61},2.2200000000000002]
[null,null,null,663,"Conector p/ haste de aterramento 3/4\"","un",1,{"$f":"SUMIF(Insumos!B:B,D1063,Insumos!G:G)","v":2.35},2.35]
[null,null,null,664,"Conector p/ haste de aterramento 5/8\"","un",1,{"$f":"SUMIF(Insumos!B:B,D1064,Insumos!G:G)","v":1.17},1.17]
[null,null,null,1884,"Curva 90 graus, longa, de pvc rigido roscavel, de 1\", para eletroduto","un",2,{"$f":"SUMIF(Insumos!B:B,D1065,Insumos!G:G)","v":1.74},3.48]
[null,null,null,4174,"Desempenadeira de aço lisa, cabo madeira, ref:143, Atlas ou similar","un",1.6999999999999999E-3,{"$f":"SUMIF(Insumos!B:B,D1066,Insumos!G:G)","v":6.4},0.01]
[null,null,null,11245,"Desempoladeira de madeira 12x22","un",2.5000000000000001E-3,{"$f":"SUMIF(Insumos!B:B,D1067,Insumos!G:G)","v":9.1999999999999993},0.02]
[null,null,null,2692,"Desmoldante protetor para formas de madeira, de base oleosaemulsionada em agua","l",4.5999999999999999E-3,{"$f":"SUMIF(Insumos!B:B,D1068,Insumos!G:G)","v":4.76},0.02]
[null,null,null,3698,"Disjuntor tripolar 40 A, padrão DIN ( linha branca ), curva de disparo C, corrente de interrupção 5KA, ref.: Siemens 5SX1 ou similar.","un",1,{"$f":"SUMIF(Insumos!B:B,D1069,Insumos!G:G)","v":42.75},42.75]
[null,null,null,865,"Eletroduto condulete pvc rígido, d= 1/2\"","m",1.5,{"$f":"SUMIF(Insumos!B:B,D1070,Insumos!G:G)","v":3.63},5.45]
[null,null,null,2685,"Eletroduto de pvc rigido roscavel de 1 \", sem luva","m",6.3,{"$f":"SUMIF(Insumos!B:B,D1071,Insumos!G:G)","v":3.54},22.3]
[null,null,null,2674,"Eletroduto de pvc rigido roscavel de 3/4 \", sem luva","m",1.5739000000000001,{"$f":"SUMIF(Insumos!B:B,D1072,Insumos!G:G)","v":2.2200000000000002},3.49]
[null,null,null,38476,"Escada dupla de abrir em aluminio, modelo pintor, 8 degraus","un",0,{"$f":"SUMIF(Insumos!B:B,D1073,Insumos!G:G)","v":160.36000000000001},0]
[null,null,null,38477,"Escada extensivel em aluminio com 6,00 m estendida","un",0,{"$f":"SUMIF(Insumos!B:B,D1074,Insumos!G:G)","v":454.14},0]
[null,null,null,11246,"Escala métrica de bambú","Un",2.5000000000000001E-3,{"$f":"SUMIF(Insumos!B:B,D1075,Insumos!G:G)","v":13.31},0.03]
[null,null,null,37372,"Exames - horista (coletado caixa)","h",0.4,{"$f":"SUMIF(Insumos!B:B,D1076,Insumos!G:G)","v":0.28999999999999998},0.12]
[null,null,null,941,"Fardamento","un",4.7899999999999998E-2,{"$f":"SUMIF(Insumos!B:B,D1077,Insumos!G:G)","v":53.6},2.57]
[null,null,null,12815,"Fita crepe rolo de 25 mm x 50 m","un",3.5999999999999999E-3,{"$f":"SUMIF(Insumos!B:B,D1078,Insumos!G:G)","v":4.13},0.01]
[null,null,null,10578,"Formão grande","un",1E-4,{"$f":"SUMIF(Insumos!B:B,D1079,Insumos!G:G)","v":11.86},0]
[null,null,null,1094,"Haste cobreada copperweld p/ aterramento 254 micr d= 3/4\" x 3,00 m c/conector","un",1,{"$f":"SUMIF(Insumos!B:B,D1080,Insumos!G:G)","v":38.75},38.75]
[null,null,null,1096,"Haste cobreada copperweld p/aterramento d= 5/8\" x 2,40m, excluso conector","un",1,{"$f":"SUMIF(Insumos!B:B,D1081,Insumos!G:G)","v":17.77},17.77]
[null,null,null,1113,"Impermeabilizante para concretos e argamassas Vedacit ou similar","kg",0.192,{"$f":"SUMIF(Insumos!B:B,D1082,Insumos!G:G)","v":3.99},0.77]
[null,null,null,3398,"Isolador de porcelana, tipo roldana, dimensoes de *72* x *72* mm, para uso em baixa tensao","un",1,{"$f":"SUMIF(Insumos!B:B,D1083,Insumos!G:G)","v":3.16},3.16]
[null,null,null,38382,"Linha de pedreiro lisa 100 m","un",1E-3,{"$f":"SUMIF(Insumos!B:B,D1084,Insumos!G:G)","v":5.39},0.01]
[null,null,null,1892,"Luva em pvc rigido roscavel, de 1\", para eletroduto","un",4,{"$f":"SUMIF(Insumos!B:B,D1085,Insumos!G:G)","v":0.7},2.8]
[null,null,null,12892,"Luva raspa de couro, cano curto (punho *7* cm)","par",7.9100000000000004E-2,{"$f":"SUMIF(Insumos!B:B,D1086,Insumos!G:G)","v":5.69},0.45]
[null,null,null,1569,"Madeira mista serrada (barrote) 6 x 6cm - 0,0036 m3/m (angelim, louro)","m",0.10100000000000001,{"$f":"SUMIF(Insumos!B:B,D1087,Insumos!G:G)","v":4.5999999999999996},0.46]
[null,null,null,4729,"Marreta 1 kg com cabo","un",1.2999999999999999E-3,{"$f":"SUMIF(Insumos!B:B,D1088,Insumos!G:G)","v":12.37},0.02]
[null,null,null,11264,"Marreta de 1/2 kg com cabo","un",8.0000000000000004E-4,{"$f":"SUMIF(Insumos!B:B,D1089,Insumos!G:G)","v":8.57},0.01]
[null,null,null,11244,"Martelo com unha","un",1E-4,{"$f":"SUMIF(Insumos!B:B,D1090,Insumos!G:G)","v":22.05},0]
[null,null,null,11265,"Martelo de borracha com cabo","un",1.4E-3,{"$f":"SUMIF(Insumos!B:B,D1091,Insumos!G:G)","v":11.67},0.02]
[null,null,null,11243,"Martelo sem unha","un",2.9999999999999997E-4,{"$f":"SUMIF(Insumos!B:B,D1092,Insumos!G:G)","v":12.76},0]
[null,null,null,10789,"Nível de bolha de madeira","un",8.0000000000000004E-4,{"$f":"SUMIF(Insumos!B:B,D1093,Insumos!G:G)","v":7.05},0.01]
[null,null,null,1651,"Óculos branco proteção","pr",2.52E-2,{"$f":"SUMIF(Insumos!B:B,D1094,Insumos!G:G)","v":4.3099999999999996},0.11]
[null,null,null,10788,"Pá quadrada","un",3.3999999999999998E-3,{"$f":"SUMIF(Insumos!B:B,D1095,Insumos!G:G)","v":13.54},0.05]
[null,null,null,4721,"Pedra britada n. 1 (9,5 a 19 mm) posto pedreira/fornecedor,sem frete","m3",1.84E-2,{"$f":"SUMIF(Insumos!B:B,D1096,Insumos!G:G)","v":53.64},0.99]
[null,null,null,4718,"Pedra britada n. 2 (19 a 38 mm) posto pedreira/fornecedor, sem frete","m3",5.5199999999999999E-2,{"$f":"SUMIF(Insumos!B:B,D1097,Insumos!G:G)","v":43.36},2.39]
[null,null,null,2645,"Poste de ferro galvanizado, 3\" x 6m, completo, para entrada de energia","un",1,{"$f":"SUMIF(Insumos!B:B,D1098,Insumos!G:G)","v":591.59},591.59]
[null,null,null,5067,"Prego de aco polido com cabeca 16 x 24 (2 1/4 x 12)","kg",9.1800000000000007E-2,{"$f":"SUMIF(Insumos!B:B,D1099,Insumos!G:G)","v":8.49},{"$f":"(G1099*H1099)","v":0.78}]
[null,null,null,10596,"Protetor auricular","un",0.14399999999999999,{"$f":"SUMIF(Insumos!B:B,D1100,Insumos!G:G)","v":2.5099999999999998},0.36]
[null,null,null,10599,"Protetor solar fps 30 com 120ml","un",5.7599999999999998E-2,{"$f":"SUMIF(Insumos!B:B,D1101,Insumos!G:G)","v":13.86},0.8]
[null,null,null,36146,"Protetor solar fps 30, embalagem 2 litros","un",4.0000000000000002E-4,{"$f":"SUMIF(Insumos!B:B,D1102,Insumos!G:G)","v":107.55},0.04]
[null,null,null,10790,"Prumo de face","un",2.9999999999999997E-4,{"$f":"SUMIF(Insumos!B:B,D1103,Insumos!G:G)","v":13.35},0]
[null,null,null,25966,"Redutor tipo thinner para acabamento","l",5.9999999999999995E-4,{"$f":"SUMIF(Insumos!B:B,D1104,Insumos!G:G)","v":12.08},0.01]
[null,null,null,10282,"Regua de alumínio c/ 2,00m (para pedreiro)","un",8.0000000000000004E-4,{"$f":"SUMIF(Insumos!B:B,D1105,Insumos!G:G)","v":13.08},0.01]
[null,null,null,36144,"Respirador descartavel sem valvula de exalacao, pff 1","un",4.4600000000000001E-2,{"$f":"SUMIF(Insumos!B:B,D1106,Insumos!G:G)","v":0.7},0.03]
[null,null,null,38393,"Rolo de espuma poliester 23 cm (sem cabo)","un",5.9999999999999995E-4,{"$f":"SUMIF(Insumos!B:B,D1107,Insumos!G:G)","v":7.34},0]
[null,null,null,38390,"Rolo de la de carneiro 23 cm (sem cabo)","un",5.9999999999999995E-4,{"$f":"SUMIF(Insumos!B:B,D1108,Insumos!G:G)","v":16.27},0.01]
[null,null,null,37373,"Seguro - horista (coletado caixa)","h",0.4,{"$f":"SUMIF(Insumos!B:B,D1109,Insumos!G:G)","v":0.02},0.01]
[null,null,null,38396,"Selador horizontal para fita de aco 1 \"","un",0,{"$f":"SUMIF(Insumos!B:B,D1110,Insumos!G:G)","v":246.84},0]
[null,null,null,11247,"Serra mármore","un",2.9999999999999997E-4,{"$f":"SUMIF(Insumos!B:B,D1111,Insumos!G:G)","v":213.74},0.06]
[null,null,null,10577,"Serrote 40cm","un",0,{"$f":"SUMIF(Insumos!B:B,D1112,Insumos!G:G)","v":23.33},0]
[null,null,null,4509,"Tabua de madeira nao aparelhada *2,5 x 10 cm (1 x 4 \") pinus, mista ou equivalente da regiao","m",0.40699999999999997,{"$f":"SUMIF(Insumos!B:B,D1113,Insumos!G:G)","v":5.25},2.14]
[null,null,null,36153,"Talabarte de seguranca, 2 mosquetoes trava dupla *53* mm deabertura, com absorvedor de energia","un",4.0000000000000002E-4,{"$f":"SUMIF(Insumos!B:B,D1114,Insumos!G:G)","v":84.62},0.03]
[null,null,null,4728,"Talhadeira chata 10\"","un",4.8999999999999998E-3,{"$f":"SUMIF(Insumos!B:B,D1115,Insumos!G:G)","v":7.4},0.04]
[null,null,null,1573,"Terminal a compressao em cobre estanhado para cabo 6 mm2, 1furo e 1 compressao, para parafuso de fixacao m6","un",5,{"$f":"SUMIF(Insumos!B:B,D1116,Insumos!G:G)","v":0.53},2.65]
[null,null,null,2212,"Tijolo maciço 4 x 9 x 17cm","un",61.44,{"$f":"SUMIF(Insumos!B:B,D1117,Insumos!G:G)","v":0.19},11.67]
[null,null,null,10586,"Torquesa","un",0,{"$f":"SUMIF(Insumos!B:B,D1118,Insumos!G:G)","v":20.58},0]
[null,null,null,37371,"Transporte - horista (coletado caixa)","h",0.4,{"$f":"SUMIF(Insumos!B:B,D1119,Insumos!G:G)","v":0.39},0.16]
[null,null,null,36149,"Trava-quedas em aco para corda de 12 mm, extensor de 25 x 300 mm, com mosquetao tipo gancho trava dupla","un",2.0000000000000001E-4,{"$f":"SUMIF(Insumos!B:B,D1120,Insumos!G:G)","v":74.34},0.01]
[null,null,null,2378,"Vale transporte","un",2.5686,{"$f":"SUMIF(Insumos!B:B,D1121,Insumos!G:G)","v":2.74},7.04]
[{"$nulls":7},"PARCIAL:",{"$f":"SUM(I1026:I1121)","v":997.05}]
[]
[{"$nulls":7},"VALOR UNITÁRIO TOTAL - R$",{"$f":"TRUNC(I1025+I1122+I1123,2)","v":1261.33}]
[]
[]
[]
[null,"SERVIÇO","ORSE",6098,{"$f":"VLOOKUP(D1128,ORSE!$C:$F,2)","v":"CADASTRO DE REDES DE ÁGUA / ADUTORAS"},null,null,null,{"$f":"VLOOKUP(D1128,ORSE!$C:$F,3)","v":"M"},null,{"$f":"I1141","v":0.96},{"$f":"VLOOKUP(D1128,ORSE!$C:$F,4)","v":1.23}]
[]
[null,null,null,"COD.","DESCRIÇÃO","UN.","COEF.","PREÇO","TOTAL"]
[null,null,null,"MÃO DE OBRA"]
[null,null,null,"88253","AUXILIAR DE TOPÓGRAFO COM ENCARGOS COMPLEMENTARES","h",3.6499999999999998E-2,{"$f":"SUMIF(Insumos!B:B,D1132,Insumos!G:G)","v":11.11},{"$f":"(G1132*H1132)-0.01","v":0.4}]
[null,null,null,"90781","TOPOGRAFO (COM ENCARGOS INCLUSOS)","H",1.8800000000000001E-2,{"$f":"SUMIF(Insumos!B:B,D1133,Insumos!G:G)","v":14.53},{"$f":"(G1133*H1133)-0.01","v":0.26}]
[{"$nulls":7},"PARCIAL:",{"$f":"SUM(I1131:I1133)","v":0.66}]
[null,null,null,"MATERIAIS/ SERVIÇOS/ EQUIPAMENTOS"]
[null,null,null,2480,"Pick-up, capacidade 1,2 t","h",1.8800000000000001E-2,{"$f":"SUMIF(Insumos!B:B,D1136,Insumos!G:G)","v":8.25},{"$f":"(G1136*H1136)-0.01","v":0.15}]
[null,null,null,6442,"Nível ótico de precisão","H",1.8800000000000001E-2,{"$f":"SUMIF(Insumos!B:B,D1137,Insumos!G:G)","v":4.37},{"$f":"(G1137*H1137)-0.01","v":7.0000000000000007E-2}]
[null,null,null,6443,"TEODOLITO","H",1.8800000000000001E-2,{"$f":"SUMIF(Insumos!B:B,D1138,Insumos!G:G)","v":4.37},{"$f":"(G1138*H1138)","v":0.08}]
[{"$nulls":7},"PARCIAL:",{"$f":"SUM(I1135:I1138)","v":0.3}]
[]
[{"$nulls":7},"VALOR UNITÁRIO TOTAL - R$",{"$f":"TRUNC(I1134+I1139+I1140,2)","v":0.96}]
[]
[]
[]
[null,"SERVIÇO","ORSE",6465,{"$f":"VLOOKUP(D1145,ORSE!$C:$F,2)","v":"TESTE HIDROSTÁTICO EM REDE DE ÁGUA / ADUTORA"},null,null,null,{"$f":"VLOOKUP(D1145,ORSE!$C:$F,3)","v":"M"},null,{"$f":"I1182","v":0.27},{"$f":"VLOOKUP(D1145,ORSE!$C:$F,4)","v":0.35}]
[]
[null,null,null,"COD.","DESCRIÇÃO","UN.","COEF.","PREÇO","TOTAL"]
[null,null,null,"MÃO DE OBRA"]
[null,null,null,"88267","ENCANADOR OU BOMBEIRO HIDRÁULICO COM ENCARGOS COMPLEMENTARES","h",3.5999999999999999E-3,{"$f":"SUMIF(Insumos!B:B,D1149,Insumos!G:G)","v":13.51},{"$f":"(G1149*H1149)","v":0.05}]
[null,null,null,54,"ENCARREGADO DE TURMA - Fonte DNIT - Mês de ref.: 05/18","h",5.9999999999999995E-4,{"$f":"SUMIF(Insumos!B:B,D1150,Insumos!G:G)","v":20.81},0.01]
[null,null,null,6111,"SERVENTE DE OBRAS","h",1.5599999999999999E-2,{"$f":"SUMIF(Insumos!B:B,D1151,Insumos!G:G)","v":11.11},0.17]
[null,null,null,10517,"Exames admissionais/demissionais (checkup)","cj",0,{"$f":"SUMIF(Insumos!B:B,D1152,Insumos!G:G)","v":255.26},0]
[null,null,null,10761,"Refeição - café da manhã ( café com leite e dois pães com manteiga)","un",2.3999999999999998E-3,{"$f":"SUMIF(Insumos!B:B,D1153,Insumos!G:G)","v":1.96},0]
[null,null,null,10362,"Seguro de vida e acidente em grupo","un",1E-4,{"$f":"SUMIF(Insumos!B:B,D1154,Insumos!G:G)","v":4.42},0]
[{"$nulls":7},"PARCIAL:",{"$f":"SUM(I1148:I1154)","v":0.23}]
[null,null,null,"MATERIAIS/ SERVIÇOS/ EQUIPAMENTOS"]
[null,null,null,2449,"Aluguel de bomba de drenagem - \"darka\" - diametro 4\" - ,potência = 5 cv","h",1E-3,{"$f":"SUMIF(Insumos!B:B,D1157,Insumos!G:G)","v":2.0699999999999998},{"$f":"(G1157*H1157)","v":0}]
[null,null,null,158,"Almoço (Participação do empregador)","un",2.3999999999999998E-3,{"$f":"SUMIF(Insumos!B:B,D1158,Insumos!G:G)","v":7.83},0.02]
[null,null,null,12893,"Bota de seguranca com biqueira de aco e colarinho acolchoado","par",0,{"$f":"SUMIF(Insumos!B:B,D1159,Insumos!G:G)","v":30.36},0]
[null,null,null,12894,"Capa para chuva em pvc com forro de poliester, com capuz (amarela ou azul)","un",0,{"$f":"SUMIF(Insumos!B:B,D1160,Insumos!G:G)","v":8.2200000000000006},0]
[null,null,null,12895,"Capacete de seguranca aba frontal com suspensao de polietileno, sem jugular (classe b)","un",0,{"$f":"SUMIF(Insumos!B:B,D1161,Insumos!G:G)","v":6.33},0]
[null,null,null,2711,"Carrinho de mao de aco capacidade 50 a 60 l, pneu com camara","un",0,{"$f":"SUMIF(Insumos!B:B,D1162,Insumos!G:G)","v":86.13},0]
[null,null,null,10492,"Cesta Básica","un",1E-4,{"$f":"SUMIF(Insumos!B:B,D1163,Insumos!G:G)","v":86.13},0.01]
[null,null,null,941,"Fardamento","un",0,{"$f":"SUMIF(Insumos!B:B,D1164,Insumos!G:G)","v":53.6},0]
[null,null,null,10592,"Lima chata 1 1/2\"","un",0,{"$f":"SUMIF(Insumos!B:B,D1165,Insumos!G:G)","v":6.73},0]
[null,null,null,12892,"Luva raspa de couro, cano curto (punho *7* cm)","par",0,{"$f":"SUMIF(Insumos!B:B,D1166,Insumos!G:G)","v":5.69},0]
[null,null,null,4729,"Marreta 1 kg com cabo","un",0,{"$f":"SUMIF(Insumos!B:B,D1167,Insumos!G:G)","v":12.37},0]
[null,null,null,1651,"Óculos branco proteção","pr",0,{"$f":"SUMIF(Insumos!B:B,D1168,Insumos!G:G)","v":4.3099999999999996},0]
[null,null,null,10788,"Pá quadrada","un",0,{"$f":"SUMIF(Insumos!B:B,D1169,Insumos!G:G)","v":13.54},0]
[null,null,null,10593,"Praio simples 30cm","un",0,{"$f":"SUMIF(Insumos!B:B,D1170,Insumos!G:G)","v":35.76},0]
[null,null,null,10596,"Protetor auricular","un",1E-4,{"$f":"SUMIF(Insumos!B:B,D1171,Insumos!G:G)","v":2.5099999999999998},0]
[null,null,null,10599,"Protetor solar fps 30 com 120ml","un",0,{"$f":"SUMIF(Insumos!B:B,D1172,Insumos!G:G)","v":13.86},0]
[null,null,null,4728,"Talhadeira chata 10\"","un",0,{"$f":"SUMIF(Insumos!B:B,D1173,Insumos!G:G)","v":7.4},0]
[null,null,null,11256,"Tarracha para tubos PVC de 1 1/2\"","un",0,{"$f":"SUMIF(Insumos!B:B,D1174,Insumos!G:G)","v":32.340000000000003},0]
[null,null,null,11257,"Tarracha para tubos PVC de 1 1/4\"","un",0,{"$f":"SUMIF(Insumos!B:B,D1175,Insumos!G:G)","v":24.55},0]
[null,null,null,11255,"Tarracha para tubos PVC de 1\"","un",0,{"$f":"SUMIF(Insumos!B:B,D1176,Insumos!G:G)","v":17.190000000000001},0]
[null,null,null,11253,"Tarracha para tubos PVC de 1/2\"","un",0,{"$f":"SUMIF(Insumos!B:B,D1177,Insumos!G:G)","v":12.72},0]
[null,null,null,11254,"Tarracha para tubos PVC de 3/4\"","un",0,{"$f":"SUMIF(Insumos!B:B,D1178,Insumos!G:G)","v":14.72},0]
[null,null,null,2378,"Vale transporte","un",2.0999999999999999E-3,{"$f":"SUMIF(Insumos!B:B,D1179,Insumos!G:G)","v":2.74},0.01]
[{"$nulls":7},"PARCIAL:",{"$f":"SUM(I1156:I1179)","v":0.04}]
[]
[{"$nulls":7},"VALOR UNITÁRIO TOTAL - R$",{"$f":"TRUNC(I1155+I1180+I1181,2)","v":0.27}]
[]
[]
[]
[null,"SERVIÇO","ORSE",7084,{"$f":"VLOOKUP(D1186,ORSE!$C:$F,2)","v":"ESCAVAÇÃO DE VALA A FRIO, EM MATERIAL DE 3ª CATEGORIA, COM PERFURATRIZ MANUAL E COMPRESSOR"},null,null,null,{"$f":"VLOOKUP(D1186,ORSE!$C:$F,3)","v":"M3"},null,{"$f":"I1216","v":161.41999999999999},{"$f":"VLOOKUP(D1186,ORSE!$C:$F,4)","v":206.16}]
[]
[null,null,null,"COD.","DESCRIÇÃO","UN.","COEF.","PREÇO","TOTAL"]
[null,null,null,"MÃO DE OBRA"]
[null,null,null,54,"ENCARREGADO DE TURMA - Fonte DNIT - Mês de ref.: 05/18","h",1,{"$f":"SUMIF(Insumos!B:B,D1190,Insumos!G:G)","v":20.81},{"$f":"(G1190*H1190)","v":20.81}]
[null,null,null,6111,"SERVENTE DE OBRAS","h",8.6195000000000004,{"$f":"SUMIF(Insumos!B:B,D1191,Insumos!G:G)","v":11.11},{"$f":"(G1191*H1191)","v":95.76}]
[null,null,null,10517,"Exames admissionais/demissionais (checkup)","cj",6.0000000000000001E-3,{"$f":"SUMIF(Insumos!B:B,D1192,Insumos!G:G)","v":255.26},{"$f":"(G1192*H1192)","v":1.53}]
[null,null,null,10761,"Refeição - café da manhã ( café com leite e dois pães com manteiga)","un",1.528,{"$f":"SUMIF(Insumos!B:B,D1193,Insumos!G:G)","v":1.96},{"$f":"(G1193*H1193)","v":2.99}]
[null,null,null,10362,"Seguro de vida e acidente em grupo","un",6.7500000000000004E-2,{"$f":"SUMIF(Insumos!B:B,D1194,Insumos!G:G)","v":4.42},{"$f":"(G1194*H1194)","v":0.3}]
[{"$nulls":7},"PARCIAL:",{"$f":"SUM(I1189:I1194)","v":121.39}]
[null,null,null,"MATERIAIS/ SERVIÇOS/ EQUIPAMENTOS"]
[null,null,null,4233,"Compressor de ar 60 pcm","h",1.1111,{"$f":"SUMIF(Insumos!B:B,D1197,Insumos!G:G)","v":7.68},{"$f":"(G1197*H1197)","v":8.5299999999999994}]
[null,null,null,2479,"Perfuratriz (atlas copco -rh 571 5l)","h",3.3332999999999999,{"$f":"SUMIF(Insumos!B:B,D1198,Insumos!G:G)","v":2.11},{"$f":"(G1198*H1198)","v":7.03}]
[null,null,null,158,"Almoço (Participação do empregador)","un",1.5269999999999999,{"$f":"SUMIF(Insumos!B:B,D1199,Insumos!G:G)","v":7.83},11.96]
[null,null,null,12893,"Bota de seguranca com biqueira de aco e colarinho acolchoado","par",1.2E-2,{"$f":"SUMIF(Insumos!B:B,D1200,Insumos!G:G)","v":30.36},0.36]
[null,null,null,12894,"Capa para chuva em pvc com forro de poliester, com capuz (amarela ou azul)","un",3.0000000000000001E-3,{"$f":"SUMIF(Insumos!B:B,D1201,Insumos!G:G)","v":8.2200000000000006},0.02]
[null,null,null,12895,"Capacete de seguranca aba frontal com suspensao de polietileno, sem jugular (classe b)","un",8.9999999999999993E-3,{"$f":"SUMIF(Insumos!B:B,D1202,Insumos!G:G)","v":6.33},0.06]
[null,null,null,2711,"Carrinho de mao de aco capacidade 50 a 60 l, pneu com camara","un",3.0000000000000001E-3,{"$f":"SUMIF(Insumos!B:B,D1203,Insumos!G:G)","v":86.13},0.26]
[null,null,null,10492,"Cesta Básica","un",6.7500000000000004E-2,{"$f":"SUMIF(Insumos!B:B,D1204,Insumos!G:G)","v":86.13},5.81]
[null,null,null,941,"Fardamento","un",2.2499999999999999E-2,{"$f":"SUMIF(Insumos!B:B,D1205,Insumos!G:G)","v":53.6},1.21]
[null,null,null,12892,"Luva raspa de couro, cano curto (punho *7* cm)","par",3.4500000000000003E-2,{"$f":"SUMIF(Insumos!B:B,D1206,Insumos!G:G)","v":5.69},0.2]
[null,null,null,4729,"Marreta 1 kg com cabo","un",1.5E-3,{"$f":"SUMIF(Insumos!B:B,D1207,Insumos!G:G)","v":12.37},0.02]
[null,null,null,1651,"Óculos branco proteção","pr",1.2E-2,{"$f":"SUMIF(Insumos!B:B,D1208,Insumos!G:G)","v":4.3099999999999996},0.05]
[null,null,null,10788,"Pá quadrada","un",3.0000000000000001E-3,{"$f":"SUMIF(Insumos!B:B,D1209,Insumos!G:G)","v":13.54},0.04]
[null,null,null,10596,"Protetor auricular","un",6.7500000000000004E-2,{"$f":"SUMIF(Insumos!B:B,D1210,Insumos!G:G)","v":2.5099999999999998},{"$f":"(G1210*H1210)+0.01","v":0.18}]
[null,null,null,10599,"Protetor solar fps 30 com 120ml","un",2.7E-2,{"$f":"SUMIF(Insumos!B:B,D1211,Insumos!G:G)","v":13.86},{"$f":"(G1211*H1211)+0.01","v":0.38}]
[null,null,null,4728,"Talhadeira chata 10\"","un",4.4999999999999997E-3,{"$f":"SUMIF(Insumos!B:B,D1212,Insumos!G:G)","v":7.4},{"$f":"(G1212*H1212)+0.01","v":0.04}]
[null,null,null,2378,"Vale transporte","un",1.4114,{"$f":"SUMIF(Insumos!B:B,D1213,Insumos!G:G)","v":2.74},{"$f":"(G1213*H1213)+0.01","v":3.88}]
[{"$nulls":7},"PARCIAL:",{"$f":"SUM(I1196:I1213)","v":40.03}]
[]
[{"$nulls":7},"VALOR UNITÁRIO TOTAL - R$",{"$f":"TRUNC(I1195+I1214+I1215,2)","v":161.41999999999999}]
[]
[]
[]
[null,"SERVIÇO","ORSE",4502,{"$f":"VLOOKUP(D1220,ORSE!$C:$F,2)","v":"ESCAVAÇÃO MANUAL DE VALA OU CAVA EM MATERIAL DE 3ª CATEGORIA, PROFUNDIDADE AT É 2,00 M, COM USO DE EXPLOSIVOS E PERFURAÇÃO MECÂNICA"},null,null,null,{"$f":"VLOOKUP(D1220,ORSE!$C:$F,3)","v":"M3"},null,{"$f":"I1259","v":157.33000000000001},{"$f":"VLOOKUP(D1220,ORSE!$C:$F,4)","v":200.94}]
[]
[null,null,null,"COD.","DESCRIÇÃO","UN.","COEF.","PREÇO","TOTAL"]
[null,null,null,"MÃO DE OBRA"]
[null,null,null,6111,"SERVENTE DE OBRAS","h",8.6187000000000005,{"$f":"SUMIF(Insumos!B:B,D1224,Insumos!G:G)","v":11.11},{"$f":"(G1224*H1224)","v":95.75}]
[null,null,null,10517,"Exames admissionais/demissionais (checkup)","cj",6.0000000000000001E-3,{"$f":"SUMIF(Insumos!B:B,D1225,Insumos!G:G)","v":255.26},{"$f":"(G1225*H1225)","v":1.53}]
[null,null,null,10761,"Refeição - café da manhã ( café com leite e dois pães com manteiga)","un",1.528,{"$f":"SUMIF(Insumos!B:B,D1226,Insumos!G:G)","v":1.96},{"$f":"(G1226*H1226)","v":2.99}]
[null,null,null,10362,"Seguro de vida e acidente em grupo","un",6.7500000000000004E-2,{"$f":"SUMIF(Insumos!B:B,D1227,Insumos!G:G)","v":4.42},{"$f":"(G1227*H1227)","v":0.3}]
[{"$nulls":7},"PARCIAL:",{"$f":"SUM(I1223:I1227)","v":100.57}]
[null,null,null,"MATERIAIS/ SERVIÇOS/ EQUIPAMENTOS"]
[null,null,null,2463,"Compressor 250 pcm (atlas copco - xa-120dd - 94,0 hp ou equivalente)","h",0.06,{"$f":"SUMIF(Insumos!B:B,D1230,Insumos!G:G)","v":9.51},{"$f":"(G1230*H1230)","v":0.56999999999999995}]
[null,null,null,2479,"Perfuratriz (atlas copco -rh 571 5l)","h",0.18,{"$f":"SUMIF(Insumos!B:B,D1231,Insumos!G:G)","v":2.11},0.38]
[null,null,null,158,"Almoço (Participação do empregador)","un",1.5269999999999999,{"$f":"SUMIF(Insumos!B:B,D1232,Insumos!G:G)","v":7.83},11.96]
[null,null,null,12893,"Bota de seguranca com biqueira de aco e colarinho acolchoado","par",1.2E-2,{"$f":"SUMIF(Insumos!B:B,D1233,Insumos!G:G)","v":30.36},0.36]
[null,null,null,4163,"Broca em aço 400 x 35 mm, série 11","un",1.8E-3,{"$f":"SUMIF(Insumos!B:B,D1234,Insumos!G:G)","v":312.17},0.56000000000000005]
[null,null,null,4165,"Broca em aço 800 x 34 mm, série 11","un",1.8E-3,{"$f":"SUMIF(Insumos!B:B,D1235,Insumos!G:G)","v":326.61},0.59]
[null,null,null,4166,"Broca em aço 1600 x 33 mm, série 11","un",1.8E-3,{"$f":"SUMIF(Insumos!B:B,D1236,Insumos!G:G)","v":313.39999999999998},0.56000000000000005]
[null,null,null,4167,"Broca em aço 2400 x 32 mm, série 11","un",1.8E-3,{"$f":"SUMIF(Insumos!B:B,D1237,Insumos!G:G)","v":487.5},0.88]
[null,null,null,4168,"Broca em aço 3200 x 31 mm, série 11","un",1.8E-3,{"$f":"SUMIF(Insumos!B:B,D1238,Insumos!G:G)","v":650.77},1.17]
[null,null,null,4169,"Broca em aço 4000 x 30 mm, série 11","un",1.8E-3,{"$f":"SUMIF(Insumos!B:B,D1239,Insumos!G:G)","v":758.81},1.37]
[null,null,null,4170,"Broca em aço 4800 x 29 mm, série 11","un",1.8E-3,{"$f":"SUMIF(Insumos!B:B,D1240,Insumos!G:G)","v":782.86},1.41]
[null,null,null,12894,"Capa para chuva em pvc com forro de poliester, com capuz (amarela ou azul)","un",3.0000000000000001E-3,{"$f":"SUMIF(Insumos!B:B,D1241,Insumos!G:G)","v":8.2200000000000006},0.02]
[null,null,null,12895,"Capacete de seguranca aba frontal com suspensao de polietileno, sem jugular (classe b)","un",8.9999999999999993E-3,{"$f":"SUMIF(Insumos!B:B,D1242,Insumos!G:G)","v":6.33},0.06]
[null,null,null,2711,"Carrinho de mao de aco capacidade 50 a 60 l, pneu com camara","un",3.0000000000000001E-3,{"$f":"SUMIF(Insumos!B:B,D1243,Insumos!G:G)","v":86.13},0.26]
[null,null,null,10492,"Cesta Básica","un",6.7500000000000004E-2,{"$f":"SUMIF(Insumos!B:B,D1244,Insumos!G:G)","v":86.13},5.81]
[null,null,null,2759,"Espoleta simples n 8.","un",3,{"$f":"SUMIF(Insumos!B:B,D1245,Insumos!G:G)","v":3.47},10.41]
[null,null,null,2762,"Estopim simples","m",3,{"$f":"SUMIF(Insumos!B:B,D1246,Insumos!G:G)","v":4.33},12.99]
[null,null,null,1045,"Explosivo gelatinoso dinamite 40% (comprimento = 8\" / diâmetro da seção = 1\")","kg",0.2,{"$f":"SUMIF(Insumos!B:B,D1247,Insumos!G:G)","v":7.13},1.43]
[null,null,null,941,"Fardamento","un",2.2499999999999999E-2,{"$f":"SUMIF(Insumos!B:B,D1248,Insumos!G:G)","v":53.6},1.21]
[null,null,null,12892,"Luva raspa de couro, cano curto (punho *7* cm)","par",3.4500000000000003E-2,{"$f":"SUMIF(Insumos!B:B,D1249,Insumos!G:G)","v":5.69},0.2]
[null,null,null,4729,"Marreta 1 kg com cabo","un",1.5E-3,{"$f":"SUMIF(Insumos!B:B,D1250,Insumos!G:G)","v":12.37},0.02]
[null,null,null,1651,"Óculos branco proteção","pr",1.2E-2,{"$f":"SUMIF(Insumos!B:B,D1251,Insumos!G:G)","v":4.3099999999999996},0.05]
[null,null,null,10788,"Pá quadrada","un",3.0000000000000001E-3,{"$f":"SUMIF(Insumos!B:B,D1252,Insumos!G:G)","v":13.54},0.04]
[null,null,null,10596,"Protetor auricular","un",6.7500000000000004E-2,{"$f":"SUMIF(Insumos!B:B,D1253,Insumos!G:G)","v":2.5099999999999998},0.17]
[null,null,null,10599,"Protetor solar fps 30 com 120ml","un",2.7E-2,{"$f":"SUMIF(Insumos!B:B,D1254,Insumos!G:G)","v":13.86},0.37]
[null,null,null,4728,"Talhadeira chata 10\"","un",4.4999999999999997E-3,{"$f":"SUMIF(Insumos!B:B,D1255,Insumos!G:G)","v":7.4},0.03]
[null,null,null,2378,"Vale transporte","un",1.4114,{"$f":"SUMIF(Insumos!B:B,D1256,Insumos!G:G)","v":2.74},{"$f":"(G1256*H1256)+0.01","v":3.88}]
[{"$nulls":7},"PARCIAL:",{"$f":"SUM(I1229:I1256)","v":56.76}]
[]
[{"$nulls":7},"VALOR UNITÁRIO TOTAL - R$",{"$f":"TRUNC(I1228+I1257+I1258,2)","v":157.33000000000001}]
[]
[]
[]
[null,"SERVIÇO","ORSE",5103,{"$f":"VLOOKUP(D1263,ORSE!$C:$F,2)","v":"REGULARIZAÇÃO MANUAL"},null,null,null,{"$f":"VLOOKUP(D1263,ORSE!$C:$F,3)","v":"M2"},null,{"$f":"I1290","v":2.48},{"$f":"VLOOKUP(D1263,ORSE!$C:$F,4)","v":3.18}]
[]
[null,null,null,"COD.","DESCRIÇÃO","UN.","COEF.","PREÇO","TOTAL"]
[null,null,null,"MÃO DE OBRA"]
[null,null,null,6111,"SERVENTE DE OBRAS","h",0.17169999999999999,{"$f":"SUMIF(Insumos!B:B,D1267,Insumos!G:G)","v":11.11},{"$f":"(G1267*H1267)","v":1.91}]
[null,null,null,10517,"Exames admissionais/demissionais (checkup)","cj",1E-4,{"$f":"SUMIF(Insumos!B:B,D1268,Insumos!G:G)","v":255.26},{"$f":"(G1268*H1268)","v":0.03}]
[null,null,null,10761,"Refeição - café da manhã ( café com leite e dois pães com manteiga)","un",3.0499999999999999E-2,{"$f":"SUMIF(Insumos!B:B,D1269,Insumos!G:G)","v":1.96},{"$f":"(G1269*H1269)","v":0.06}]
[null,null,null,10362,"Seguro de vida e acidente em grupo","un",1.2999999999999999E-3,{"$f":"SUMIF(Insumos!B:B,D1270,Insumos!G:G)","v":4.42},{"$f":"(G1270*H1270)","v":0.01}]
[{"$nulls":7},"PARCIAL:",{"$f":"SUM(I1266:I1270)","v":2.0099999999999998}]
[null,null,null,"MATERIAIS/ SERVIÇOS/ EQUIPAMENTOS"]
[null,null,null,158,"Almoço (Participação do empregador)","un",3.0499999999999999E-2,{"$f":"SUMIF(Insumos!B:B,D1273,Insumos!G:G)","v":7.83},{"$f":"(G1273*H1273)-0.01","v":0.23}]
[null,null,null,12893,"Bota de seguranca com biqueira de aco e colarinho acolchoado","par",2.0000000000000001E-4,{"$f":"SUMIF(Insumos!B:B,D1274,Insumos!G:G)","v":30.36},{"$f":"(G1274*H1274)","v":0.01}]
[null,null,null,12894,"Capa para chuva em pvc com forro de poliester, com capuz (amarela ou azul)","un",1E-4,{"$f":"SUMIF(Insumos!B:B,D1275,Insumos!G:G)","v":8.2200000000000006},0]
[null,null,null,12895,"Capacete de seguranca aba frontal com suspensao de polietileno, sem jugular (classe b)","un",2.0000000000000001E-4,{"$f":"SUMIF(Insumos!B:B,D1276,Insumos!G:G)","v":6.33},0]
[null,null,null,2711,"Carrinho de mao de aco capacidade 50 a 60 l, pneu com camara","un",1E-4,{"$f":"SUMIF(Insumos!B:B,D1277,Insumos!G:G)","v":86.13},0.01]
[null,null,null,10492,"Cesta Básica","un",1.2999999999999999E-3,{"$f":"SUMIF(Insumos!B:B,D1278,Insumos!G:G)","v":86.13},0.11]
[null,null,null,941,"Fardamento","un",4.0000000000000002E-4,{"$f":"SUMIF(Insumos!B:B,D1279,Insumos!G:G)","v":53.6},0.02]
[null,null,null,12892,"Luva raspa de couro, cano curto (punho *7* cm)","par",6.9999999999999999E-4,{"$f":"SUMIF(Insumos!B:B,D1280,Insumos!G:G)","v":5.69},0]
[null,null,null,4729,"Marreta 1 kg com cabo","un",0,{"$f":"SUMIF(Insumos!B:B,D1281,Insumos!G:G)","v":12.37},0]
[null,null,null,1651,"Óculos branco proteção","pr",2.0000000000000001E-4,{"$f":"SUMIF(Insumos!B:B,D1282,Insumos!G:G)","v":4.3099999999999996},0]
[null,null,null,10788,"Pá quadrada","un",1E-4,{"$f":"SUMIF(Insumos!B:B,D1283,Insumos!G:G)","v":13.54},0]
[null,null,null,10596,"Protetor auricular","un",1.2999999999999999E-3,{"$f":"SUMIF(Insumos!B:B,D1284,Insumos!G:G)","v":2.5099999999999998},0]
[null,null,null,10599,"Protetor solar fps 30 com 120ml","un",5.0000000000000001E-4,{"$f":"SUMIF(Insumos!B:B,D1285,Insumos!G:G)","v":13.86},0.01]
[null,null,null,4728,"Talhadeira chata 10\"","un",1E-4,{"$f":"SUMIF(Insumos!B:B,D1286,Insumos!G:G)","v":7.4},0]
[null,null,null,2378,"Vale transporte","un",2.8199999999999999E-2,{"$f":"SUMIF(Insumos!B:B,D1287,Insumos!G:G)","v":2.74},0.08]
[{"$nulls":7},"PARCIAL:",{"$f":"SUM(I1272:I1287)","v":0.47}]
[]
[{"$nulls":7},"VALOR UNITÁRIO TOTAL - R$",{"$f":"TRUNC(I1271+I1288+I1289,2)","v":2.48}]
[]
[]
[]
[null,"SERVIÇO","ORSE",5149,{"$f":"VLOOKUP(D1294,ORSE!$C:$F,2)","v":"REMOÇÃO DE ADUTORA / REDE EM PVC DIAM. =   50 MM"},null,null,null,{"$f":"VLOOKUP(D1294,ORSE!$C:$F,3)","v":"M"},null,{"$f":"I1329","v":0.56000000000000005},{"$f":"VLOOKUP(D1294,ORSE!$C:$F,4)","v":0.72}]
[]
[null,null,null,"COD.","DESCRIÇÃO","UN.","COEF.","PREÇO","TOTAL"]
[null,null,null,"MÃO DE OBRA"]
[null,null,null,"88267","ENCANADOR OU BOMBEIRO HIDRÁULICO COM ENCARGOS COMPLEMENTARES","h",9.1000000000000004E-3,{"$f":"SUMIF(Insumos!B:B,D1298,Insumos!G:G)","v":13.51},{"$f":"(G1298*H1298)","v":0.12}]
[null,null,null,6111,"SERVENTE DE OBRAS","h",2.9899999999999999E-2,{"$f":"SUMIF(Insumos!B:B,D1299,Insumos!G:G)","v":11.11},{"$f":"(G1299*H1299)","v":0.33}]
[null,null,null,10517,"Exames admissionais/demissionais (checkup)","cj",0,{"$f":"SUMIF(Insumos!B:B,D1300,Insumos!G:G)","v":255.26},{"$f":"(G1300*H1300)","v":0}]
[null,null,null,10761,"Refeição - café da manhã ( café com leite e dois pães com manteiga)","un",6.3E-3,{"$f":"SUMIF(Insumos!B:B,D1301,Insumos!G:G)","v":1.96},{"$f":"(G1301*H1301)","v":0.01}]
[null,null,null,10362,"Seguro de vida e acidente em grupo","un",2.9999999999999997E-4,{"$f":"SUMIF(Insumos!B:B,D1302,Insumos!G:G)","v":4.42},{"$f":"(G1302*H1302)","v":0}]
[{"$nulls":7},"PARCIAL:",{"$f":"SUM(I1297:I1302)","v":0.46}]
[null,null,null,"MATERIAIS/ SERVIÇOS/ EQUIPAMENTOS"]
[null,null,null,158,"Almoço (Participação do empregador)","un",6.3E-3,{"$f":"SUMIF(Insumos!B:B,D1305,Insumos!G:G)","v":7.83},{"$f":"(G1305*H1305)","v":0.05}]
[null,null,null,12893,"Bota de seguranca com biqueira de aco e colarinho acolchoado","par",0,{"$f":"SUMIF(Insumos!B:B,D1306,Insumos!G:G)","v":30.36},0]
[null,null,null,12894,"Capa para chuva em pvc com forro de poliester, com capuz (amarela ou azul)","un",0,{"$f":"SUMIF(Insumos!B:B,D1307,Insumos!G:G)","v":8.2200000000000006},0]
[null,null,null,12895,"Capacete de seguranca aba frontal com suspensao de polietileno, sem jugular (classe b)","un",0,{"$f":"SUMIF(Insumos!B:B,D1308,Insumos!G:G)","v":6.33},0]
[null,null,null,2711,"Carrinho de mao de aco capacidade 50 a 60 l, pneu com camara","un",0,{"$f":"SUMIF(Insumos!B:B,D1309,Insumos!G:G)","v":86.13},0]
[null,null,null,10492,"Cesta Básica","un",2.9999999999999997E-4,{"$f":"SUMIF(Insumos!B:B,D1310,Insumos!G:G)","v":86.13},0.03]
[null,null,null,941,"Fardamento","un",1E-4,{"$f":"SUMIF(Insumos!B:B,D1311,Insumos!G:G)","v":53.6},0.01]
[null,null,null,10592,"Lima chata 1 1/2\"","un",0,{"$f":"SUMIF(Insumos!B:B,D1312,Insumos!G:G)","v":6.73},0]
[null,null,null,12892,"Luva raspa de couro, cano curto (punho *7* cm)","par",1E-4,{"$f":"SUMIF(Insumos!B:B,D1313,Insumos!G:G)","v":5.69},0]
[null,null,null,4729,"Marreta 1 kg com cabo","un",0,{"$f":"SUMIF(Insumos!B:B,D1314,Insumos!G:G)","v":12.37},0]
[null,null,null,1651,"Óculos branco proteção","pr",0,{"$f":"SUMIF(Insumos!B:B,D1315,Insumos!G:G)","v":4.3099999999999996},0]
[null,null,null,10788,"Pá quadrada","un",0,{"$f":"SUMIF(Insumos!B:B,D1316,Insumos!G:G)","v":13.54},0]
[null,null,null,10593,"Praio simples 30cm","un",0,{"$f":"SUMIF(Insumos!B:B,D1317,Insumos!G:G)","v":35.76},0]
[null,null,null,10596,"Protetor auricular","un",2.9999999999999997E-4,{"$f":"SUMIF(Insumos!B:B,D1318,Insumos!G:G)","v":2.5099999999999998},0]
[null,null,null,10599,"Protetor solar fps 30 com 120ml","un",1E-4,{"$f":"SUMIF(Insumos!B:B,D1319,Insumos!G:G)","v":13.86},0]
[null,null,null,4728,"Talhadeira chata 10\"","un",0,{"$f":"SUMIF(Insumos!B:B,D1320,Insumos!G:G)","v":7.4},0]
[null,null,null,11256,"Tarracha para tubos PVC de 1 1/2\"","un",0,{"$f":"SUMIF(Insumos!B:B,D1321,Insumos!G:G)","v":32.340000000000003},0]
[null,null,null,11257,"Tarracha para tubos PVC de 1 1/4\"","un",0,{"$f":"SUMIF(Insumos!B:B,D1322,Insumos!G:G)","v":24.55},0]
[null,null,null,11255,"Tarracha para tubos PVC de 1\"","un",0,{"$f":"SUMIF(Insumos!B:B,D1323,Insumos!G:G)","v":17.190000000000001},0]
[null,null,null,11253,"Tarracha para tubos PVC de 1/2\"","un",0,{"$f":"SUMIF(Insumos!B:B,D1324,Insumos!G:G)","v":12.72},0]
[null,null,null,11254,"Tarracha para tubos PVC de 3/4\"","un",0,{"$f":"SUMIF(Insumos!B:B,D1325,Insumos!G:G)","v":14.72},0]
[null,null,null,2378,"Vale transporte","un",5.3E-3,{"$f":"SUMIF(Insumos!B:B,D1326,Insumos!G:G)","v":2.74},0.01]
[{"$nulls":7},"PARCIAL:",{"$f":"SUM(I1304:I1326)","v":0.1}]
[]
[{"$nulls":7},"VALOR UNITÁRIO TOTAL - R$",{"$f":"TRUNC(I1303+I1327+I1328,2)","v":0.56000000000000005}]
[]
[]
[]
[null,"SERVIÇO","ORSE",5129,{"$f":"VLOOKUP(D1333,ORSE!$C:$F,2)","v":"REMOÇÃO DE ADUTORA / REDE EM Fº Fº,  JUNTA ELÁSTICA , DIAM. =   150 MM"},null,null,null,{"$f":"VLOOKUP(D1333,ORSE!$C:$F,3)","v":"M"},null,{"$f":"I1371","v":4.07},{"$f":"VLOOKUP(D1333,ORSE!$C:$F,4)","v":5.21}]
[]
[null,null,null,"COD.","DESCRIÇÃO","UN.","COEF.","PREÇO","TOTAL"]
[null,null,null,"MÃO DE OBRA"]
[null,null,null,"88267","ENCANADOR OU BOMBEIRO HIDRÁULICO COM ENCARGOS COMPLEMENTARES","h",4.65E-2,{"$f":"SUMIF(Insumos!B:B,D1337,Insumos!G:G)","v":13.51},{"$f":"(G1337*H1337)","v":0.63}]
[null,null,null,54,"ENCARREGADO DE TURMA - Fonte DNIT - Mês de ref.: 05/18","h",2.0999999999999999E-3,{"$f":"SUMIF(Insumos!B:B,D1338,Insumos!G:G)","v":20.81},0.04]
[null,null,null,6111,"SERVENTE DE OBRAS","h",0.11310000000000001,{"$f":"SUMIF(Insumos!B:B,D1339,Insumos!G:G)","v":11.11},1.26]
[null,null,null,10517,"Exames admissionais/demissionais (checkup)","cj",1E-4,{"$f":"SUMIF(Insumos!B:B,D1340,Insumos!G:G)","v":255.26},0.03]
[null,null,null,10761,"Refeição - café da manhã ( café com leite e dois pães com manteiga)","un",2.0400000000000001E-2,{"$f":"SUMIF(Insumos!B:B,D1341,Insumos!G:G)","v":1.96},0.04]
[null,null,null,10362,"Seguro de vida e acidente em grupo","un",8.9999999999999998E-4,{"$f":"SUMIF(Insumos!B:B,D1342,Insumos!G:G)","v":4.42},0]
[{"$nulls":7},"PARCIAL:",{"$f":"SUM(I1336:I1342)","v":2}]
[null,null,null,"MATERIAIS/ SERVIÇOS/ EQUIPAMENTOS"]
[null,null,null,2455,"Aluguel de caminhão guindauto 3,0 t ( m. benz - 1215 c/48- 143,0 hp","h",2.2200000000000001E-2,{"$f":"SUMIF(Insumos!B:B,D1345,Insumos!G:G)","v":76.41},{"$f":"(G1345*H1345)-0.01","v":1.69}]
[null,null,null,2497,"Tirfor 1,6 t - 20m de cabo","h",6.6600000000000006E-2,{"$f":"SUMIF(Insumos!B:B,D1346,Insumos!G:G)","v":1.03},{"$f":"(G1346*H1346)-0.01","v":0.06}]
[null,null,null,158,"Almoço (Participação do empregador)","un",2.0400000000000001E-2,{"$f":"SUMIF(Insumos!B:B,D1347,Insumos!G:G)","v":7.83},{"$f":"(G1347*H1347)","v":0.16}]
[null,null,null,12893,"Bota de seguranca com biqueira de aco e colarinho acolchoado","par",2.0000000000000001E-4,{"$f":"SUMIF(Insumos!B:B,D1348,Insumos!G:G)","v":30.36},0.01]
[null,null,null,12894,"Capa para chuva em pvc com forro de poliester, com capuz (amarela ou azul)","un",0,{"$f":"SUMIF(Insumos!B:B,D1349,Insumos!G:G)","v":8.2200000000000006},0]
[null,null,null,12895,"Capacete de seguranca aba frontal com suspensao de polietileno, sem jugular (classe b)","un",1E-4,{"$f":"SUMIF(Insumos!B:B,D1350,Insumos!G:G)","v":6.33},0]
[null,null,null,2711,"Carrinho de mao de aco capacidade 50 a 60 l, pneu com camara","un",0,{"$f":"SUMIF(Insumos!B:B,D1351,Insumos!G:G)","v":86.13},0]
[null,null,null,10492,"Cesta Básica","un",8.9999999999999998E-4,{"$f":"SUMIF(Insumos!B:B,D1352,Insumos!G:G)","v":86.13},0.08]
[null,null,null,941,"Fardamento","un",2.9999999999999997E-4,{"$f":"SUMIF(Insumos!B:B,D1353,Insumos!G:G)","v":53.6},0.02]
[null,null,null,10592,"Lima chata 1 1/2\"","un",0,{"$f":"SUMIF(Insumos!B:B,D1354,Insumos!G:G)","v":6.73},0]
[null,null,null,12892,"Luva raspa de couro, cano curto (punho *7* cm)","par",5.0000000000000001E-4,{"$f":"SUMIF(Insumos!B:B,D1355,Insumos!G:G)","v":5.69},0]
[null,null,null,4729,"Marreta 1 kg com cabo","un",0,{"$f":"SUMIF(Insumos!B:B,D1356,Insumos!G:G)","v":12.37},0]
[null,null,null,1651,"Óculos branco proteção","pr",2.0000000000000001E-4,{"$f":"SUMIF(Insumos!B:B,D1357,Insumos!G:G)","v":4.3099999999999996},0]
[null,null,null,10788,"Pá quadrada","un",0,{"$f":"SUMIF(Insumos!B:B,D1358,Insumos!G:G)","v":13.54},0]
[null,null,null,10593,"Praio simples 30cm","un",0,{"$f":"SUMIF(Insumos!B:B,D1359,Insumos!G:G)","v":35.76},0]
[null,null,null,10596,"Protetor auricular","un",8.9999999999999998E-4,{"$f":"SUMIF(Insumos!B:B,D1360,Insumos!G:G)","v":2.5099999999999998},0]
[null,null,null,10599,"Protetor solar fps 30 com 120ml","un",2.9999999999999997E-4,{"$f":"SUMIF(Insumos!B:B,D1361,Insumos!G:G)","v":13.86},0]
[null,null,null,4728,"Talhadeira chata 10\"","un",0,{"$f":"SUMIF(Insumos!B:B,D1362,Insumos!G:G)","v":7.4},0]
[null,null,null,11256,"Tarracha para tubos PVC de 1 1/2\"","un",0,{"$f":"SUMIF(Insumos!B:B,D1363,Insumos!G:G)","v":32.340000000000003},0]
[null,null,null,11257,"Tarracha para tubos PVC de 1 1/4\"","un",0,{"$f":"SUMIF(Insumos!B:B,D1364,Insumos!G:G)","v":24.55},0]
[null,null,null,11255,"Tarracha para tubos PVC de 1\"","un",0,{"$f":"SUMIF(Insumos!B:B,D1365,Insumos!G:G)","v":17.190000000000001},0]
[null,null,null,11253,"Tarracha para tubos PVC de 1/2\"","un",1E-4,{"$f":"SUMIF(Insumos!B:B,D1366,Insumos!G:G)","v":12.72},0]
[null,null,null,11254,"Tarracha para tubos PVC de 3/4\"","un",0,{"$f":"SUMIF(Insumos!B:B,D1367,Insumos!G:G)","v":14.72},0]
[null,null,null,2378,"Vale transporte","un",1.6899999999999998E-2,{"$f":"SUMIF(Insumos!B:B,D1368,Insumos!G:G)","v":2.74},0.05]
[{"$nulls":7},"PARCIAL:",{"$f":"SUM(I1344:I1368)","v":2.0699999999999998}]
[]
[{"$nulls":7},"VALOR UNITÁRIO TOTAL - R$",{"$f":"TRUNC(I1343+I1369+I1370,2)","v":4.07}]
[]
[]
[]
[null,"SERVIÇO","ORSE",5276,{"$f":"VLOOKUP(D1375,ORSE!$C:$F,2)","v":"ASSENTAMENTO DE CONEXÕES DE PVC DEFOFO, JUNTA ELÁSTICA, DIAM.=  150 MM"},null,null,null,{"$f":"VLOOKUP(D1375,ORSE!$C:$F,3)","v":"UN"},null,{"$f":"I1412","v":2.2999999999999998},{"$f":"VLOOKUP(D1375,ORSE!$C:$F,4)","v":2.94}]
[]
[null,null,null,"COD.","DESCRIÇÃO","UN.","COEF.","PREÇO","TOTAL"]
[null,null,null,"MÃO DE OBRA"]
[null,null,null,"88267","ENCANADOR OU BOMBEIRO HIDRÁULICO COM ENCARGOS COMPLEMENTARES","h",3.4700000000000002E-2,{"$f":"SUMIF(Insumos!B:B,D1379,Insumos!G:G)","v":13.51},{"$f":"(G1379*H1379)","v":0.47}]
[null,null,null,54,"ENCARREGADO DE TURMA - Fonte DNIT - Mês de ref.: 05/18","h",1.4E-3,{"$f":"SUMIF(Insumos!B:B,D1380,Insumos!G:G)","v":20.81},0.03]
[null,null,null,6111,"SERVENTE DE OBRAS","h",8.4699999999999998E-2,{"$f":"SUMIF(Insumos!B:B,D1381,Insumos!G:G)","v":11.11},0.94]
[null,null,null,10517,"Exames admissionais/demissionais (checkup)","cj",0,{"$f":"SUMIF(Insumos!B:B,D1382,Insumos!G:G)","v":255.26},0]
[null,null,null,10761,"Refeição - café da manhã ( café com leite e dois pães com manteiga)","un",1.5299999999999999E-2,{"$f":"SUMIF(Insumos!B:B,D1383,Insumos!G:G)","v":1.96},0.03]
[null,null,null,10362,"Seguro de vida e acidente em grupo","un",6.9999999999999999E-4,{"$f":"SUMIF(Insumos!B:B,D1384,Insumos!G:G)","v":4.42},0]
[{"$nulls":7},"PARCIAL:",{"$f":"SUM(I1378:I1384)","v":1.47}]
[null,null,null,"MATERIAIS/ SERVIÇOS/ EQUIPAMENTOS"]
[null,null,null,158,"Almoço (Participação do empregador)","un",1.5299999999999999E-2,{"$f":"SUMIF(Insumos!B:B,D1387,Insumos!G:G)","v":7.83},{"$f":"(G1387*H1387)-0","v":0.12}]
[null,null,null,12893,"Bota de seguranca com biqueira de aco e colarinho acolchoado","par",1E-4,{"$f":"SUMIF(Insumos!B:B,D1388,Insumos!G:G)","v":30.36},{"$f":"(G1388*H1388)","v":0}]
[null,null,null,12894,"Capa para chuva em pvc com forro de poliester, com capuz (amarela ou azul)","un",0,{"$f":"SUMIF(Insumos!B:B,D1389,Insumos!G:G)","v":8.2200000000000006},0]
[null,null,null,12895,"Capacete de seguranca aba frontal com suspensao de polietileno, sem jugular (classe b)","un",1E-4,{"$f":"SUMIF(Insumos!B:B,D1390,Insumos!G:G)","v":6.33},0]
[null,null,null,2711,"Carrinho de mao de aco capacidade 50 a 60 l, pneu com camara","un",0,{"$f":"SUMIF(Insumos!B:B,D1391,Insumos!G:G)","v":86.13},0]
[null,null,null,10492,"Cesta Básica","un",6.9999999999999999E-4,{"$f":"SUMIF(Insumos!B:B,D1392,Insumos!G:G)","v":86.13},0.06]
[null,null,null,941,"Fardamento","un",2.9999999999999997E-4,{"$f":"SUMIF(Insumos!B:B,D1393,Insumos!G:G)","v":53.6},0.02]
[null,null,null,4229,"Graxa lubrificante","kg",3.5000000000000003E-2,{"$f":"SUMIF(Insumos!B:B,D1394,Insumos!G:G)","v":16.899999999999999},0.59]
[null,null,null,10592,"Lima chata 1 1/2\"","un",0,{"$f":"SUMIF(Insumos!B:B,D1395,Insumos!G:G)","v":6.73},0]
[null,null,null,12892,"Luva raspa de couro, cano curto (punho *7* cm)","par",2.9999999999999997E-4,{"$f":"SUMIF(Insumos!B:B,D1396,Insumos!G:G)","v":5.69},0]
[null,null,null,4729,"Marreta 1 kg com cabo","un",0,{"$f":"SUMIF(Insumos!B:B,D1397,Insumos!G:G)","v":12.37},0]
[null,null,null,1651,"Óculos branco proteção","pr",1E-4,{"$f":"SUMIF(Insumos!B:B,D1398,Insumos!G:G)","v":4.3099999999999996},0]
[null,null,null,10788,"Pá quadrada","un",0,{"$f":"SUMIF(Insumos!B:B,D1399,Insumos!G:G)","v":13.54},0]
[null,null,null,10593,"Praio simples 30cm","un",0,{"$f":"SUMIF(Insumos!B:B,D1400,Insumos!G:G)","v":35.76},0]
[null,null,null,10596,"Protetor auricular","un",6.9999999999999999E-4,{"$f":"SUMIF(Insumos!B:B,D1401,Insumos!G:G)","v":2.5099999999999998},0]
[null,null,null,10599,"Protetor solar fps 30 com 120ml","un",2.9999999999999997E-4,{"$f":"SUMIF(Insumos!B:B,D1402,Insumos!G:G)","v":13.86},0]
[null,null,null,4728,"Talhadeira chata 10\"","un",0,{"$f":"SUMIF(Insumos!B:B,D1403,Insumos!G:G)","v":7.4},0]
[null,null,null,11256,"Tarracha para tubos PVC de 1 1/2\"","un",0,{"$f":"SUMIF(Insumos!B:B,D1404,Insumos!G:G)","v":32.340000000000003},0]
[null,null,null,11257,"Tarracha para tubos PVC de 1 1/4\"","un",0,{"$f":"SUMIF(Insumos!B:B,D1405,Insumos!G:G)","v":24.55},0]
[null,null,null,11255,"Tarracha para tubos PVC de 1\"","un",0,{"$f":"SUMIF(Insumos!B:B,D1406,Insumos!G:G)","v":17.190000000000001},0]
[null,null,null,11253,"Tarracha para tubos PVC de 1/2\"","un",1E-4,{"$f":"SUMIF(Insumos!B:B,D1407,Insumos!G:G)","v":12.72},0]
[null,null,null,11254,"Tarracha para tubos PVC de 3/4\"","un",0,{"$f":"SUMIF(Insumos!B:B,D1408,Insumos!G:G)","v":14.72},0]
[null,null,null,2378,"Vale transporte","un",1.2699999999999999E-2,{"$f":"SUMIF(Insumos!B:B,D1409,Insumos!G:G)","v":2.74},{"$f":"(G1409*H1409)+0.01","v":0.04}]
[{"$nulls":7},"PARCIAL:",{"$f":"SUM(I1386:I1409)","v":0.83}]
[]
[{"$nulls":7},"VALOR UNITÁRIO TOTAL - R$",{"$f":"TRUNC(I1385+I1410+I1411,2)","v":2.2999999999999998}]
[]
[]
[]
[null,"SERVIÇO","ORSE",5157,{"$f":"VLOOKUP(D1416,ORSE!$C:$F,2)","v":"SINALIZAÇÃO DE VALAS COM PLACAS INDICATIVAS"},null,null,null,{"$f":"VLOOKUP(D1416,ORSE!$C:$F,3)","v":"M"},null,{"$f":"I1428","v":1.65},{"$f":"VLOOKUP(D1416,ORSE!$C:$F,4)","v":2.11}]
[]
[null,null,null,"COD.","DESCRIÇÃO","UN.","COEF.","PREÇO","TOTAL"]
[null,null,null,"MÃO DE OBRA"]
[{"$nulls":7},{"$f":"SUMIF(Insumos!B:B,D1420,Insumos!G:G)","v":0},{"$f":"(G1420*H1420)","v":0}]
[{"$nulls":7},{"$f":"SUMIF(Insumos!B:B,D1421,Insumos!G:G)","v":0},{"$f":"(G1421*H1421)","v":0}]
[{"$nulls":7},"PARCIAL:",{"$f":"SUM(I1419:I1421)","v":0}]
[null,null,null,"MATERIAIS/ SERVIÇOS/ EQUIPAMENTOS"]
[null,null,null,1736,"Placa retangular padrão dner 2,00 x 1,00 m","un",2E-3,{"$f":"SUMIF(Insumos!B:B,D1424,Insumos!G:G)","v":824.18},{"$f":"(G1424*H1424)","v":1.65}]
[{"$nulls":7},{"$f":"SUMIF(Insumos!B:B,D1425,Insumos!G:G)","v":0},{"$f":"(G1425*H1425)","v":0}]
[{"$nulls":7},"PARCIAL:",{"$f":"SUM(I1423:I1425)","v":1.65}]
[]
[{"$nulls":7},"VALOR UNITÁRIO TOTAL - R$",{"$f":"TRUNC(I1422+I1426+I1427,2)","v":1.65}]
[]
[]
[]
[null,"SERVIÇO","ORSE",5152,{"$f":"VLOOKUP(D1432,ORSE!$C:$F,2)","v":"SINALIZAÇÃO COM CAVALETE PLÁSTICO DESMONTÁVEL"},null,null,null,{"$f":"VLOOKUP(D1432,ORSE!$C:$F,3)","v":"UN"},null,{"$f":"I1460","v":10.35},{"$f":"VLOOKUP(D1432,ORSE!$C:$F,4)","v":13.22}]
[]
[null,null,null,"COD.","DESCRIÇÃO","UN.","COEF.","PREÇO","TOTAL"]
[null,null,null,"MÃO DE OBRA"]
[null,null,null,6111,"SERVENTE DE OBRAS","h",0.02,{"$f":"SUMIF(Insumos!B:B,D1436,Insumos!G:G)","v":11.11},{"$f":"(G1436*H1436)","v":0.22}]
[null,null,null,10517,"Exames admissionais/demissionais (checkup)","cj",0,{"$f":"SUMIF(Insumos!B:B,D1437,Insumos!G:G)","v":255.26},{"$f":"(G1437*H1437)","v":0}]
[null,null,null,10761,"Refeição - café da manhã ( café com leite e dois pães com manteiga)","un",2E-3,{"$f":"SUMIF(Insumos!B:B,D1438,Insumos!G:G)","v":1.96},{"$f":"(G1438*H1438)","v":0}]
[null,null,null,10362,"Seguro de vida e acidente em grupo","un",1E-4,{"$f":"SUMIF(Insumos!B:B,D1439,Insumos!G:G)","v":4.42},{"$f":"(G1439*H1439)","v":0}]
[{"$nulls":7},"PARCIAL:",{"$f":"SUM(I1435:I1439)","v":0.22}]
[null,null,null,"MATERIAIS/ SERVIÇOS/ EQUIPAMENTOS"]
[null,null,null,158,"Almoço (Participação do empregador)","un",2E-3,{"$f":"SUMIF(Insumos!B:B,D1442,Insumos!G:G)","v":7.83},{"$f":"(G1442*H1442)","v":0.02}]
[null,null,null,12893,"Bota de seguranca com biqueira de aco e colarinho acolchoado","par",0,{"$f":"SUMIF(Insumos!B:B,D1443,Insumos!G:G)","v":30.36},0]
[null,null,null,12894,"Capa para chuva em pvc com forro de poliester, com capuz (amarela ou azul)","un",0,{"$f":"SUMIF(Insumos!B:B,D1444,Insumos!G:G)","v":8.2200000000000006},0]
[null,null,null,12895,"Capacete de seguranca aba frontal com suspensao de polietileno, sem jugular (classe b)","un",0,{"$f":"SUMIF(Insumos!B:B,D1445,Insumos!G:G)","v":6.33},0]
[null,null,null,2711,"Carrinho de mao de aco capacidade 50 a 60 l, pneu com camara","un",0,{"$f":"SUMIF(Insumos!B:B,D1446,Insumos!G:G)","v":86.13},0]
[null,null,null,5234,"Cavalete plástico desmontável","un",9.9199999999999997E-2,{"$f":"SUMIF(Insumos!B:B,D1447,Insumos!G:G)","v":101.79},{"$f":"(G1447*H1447)-0.01","v":10.09}]
[null,null,null,10492,"Cesta Básica","un",1E-4,{"$f":"SUMIF(Insumos!B:B,D1448,Insumos!G:G)","v":86.13},0.01]
[null,null,null,941,"Fardamento","un",0,{"$f":"SUMIF(Insumos!B:B,D1449,Insumos!G:G)","v":53.6},0]
[null,null,null,12892,"Luva raspa de couro, cano curto (punho *7* cm)","par",0,{"$f":"SUMIF(Insumos!B:B,D1450,Insumos!G:G)","v":5.69},0]
[null,null,null,4729,"Marreta 1 kg com cabo","un",0,{"$f":"SUMIF(Insumos!B:B,D1451,Insumos!G:G)","v":12.37},0]
[null,null,null,1651,"Óculos branco proteção","pr",0,{"$f":"SUMIF(Insumos!B:B,D1452,Insumos!G:G)","v":4.3099999999999996},0]
[null,null,null,10788,"Pá quadrada","un",0,{"$f":"SUMIF(Insumos!B:B,D1453,Insumos!G:G)","v":13.54},0]
[null,null,null,10596,"Protetor auricular","un",1E-4,{"$f":"SUMIF(Insumos!B:B,D1454,Insumos!G:G)","v":2.5099999999999998},0]
[null,null,null,10599,"Protetor solar fps 30 com 120ml","un",0,{"$f":"SUMIF(Insumos!B:B,D1455,Insumos!G:G)","v":13.86},0]
[null,null,null,4728,"Talhadeira chata 10\"","un",0,{"$f":"SUMIF(Insumos!B:B,D1456,Insumos!G:G)","v":7.4},0]
[null,null,null,2378,"Vale transporte","un",1.9E-3,{"$f":"SUMIF(Insumos!B:B,D1457,Insumos!G:G)","v":2.74},0.01]
[{"$nulls":7},"PARCIAL:",{"$f":"SUM(I1441:I1457)","v":10.130000000000001}]
[]
[{"$nulls":7},"VALOR UNITÁRIO TOTAL - R$",{"$f":"TRUNC(I1440+I1458+I1459,2)","v":10.35}]
[]
[]
[]
[null,"SERVIÇO","ORSE",5957,{"$f":"VLOOKUP(D1464,ORSE!$C:$F,2)","v":"CAIXA PARA REGISTRO, TIPO I, PARA DIÂMETROS DE  50 A 100MM"},null,null,null,{"$f":"VLOOKUP(D1464,ORSE!$C:$F,3)","v":"UN"},null,{"$f":"I1533","v":581.69000000000005},{"$f":"VLOOKUP(D1464,ORSE!$C:$F,4)","v":743.39}]
[]
[null,null,null,"COD.","DESCRIÇÃO","UN.","COEF.","PREÇO","TOTAL"]
[null,null,null,"MÃO DE OBRA"]
[null,null,null,"88245","ARMADOR COM ENCARGOS COMPLEMENTARES","h",0.80759999999999998,{"$f":"SUMIF(Insumos!B:B,D1468,Insumos!G:G)","v":13.51},{"$f":"(G1468*H1468)","v":10.91}]
[null,null,null,"88262","CARPINTEIRO DE FORMAS COM ENCARGOS COMPLEMENTARES","h",1.2472000000000001,{"$f":"SUMIF(Insumos!B:B,D1469,Insumos!G:G)","v":13.51},16.850000000000001]
[null,null,null,"88309","PEDREIRO COM ENCARGOS COMPLEMENTARES","h",6.5560999999999998,{"$f":"SUMIF(Insumos!B:B,D1470,Insumos!G:G)","v":13.51},88.57]
[null,null,null,6111,"SERVENTE DE OBRAS","h",8.6770999999999994,{"$f":"SUMIF(Insumos!B:B,D1471,Insumos!G:G)","v":11.11},{"$f":"(G1471*H1471)","v":96.4}]
[null,null,null,10517,"Exames admissionais/demissionais (checkup)","cj",1.0200000000000001E-2,{"$f":"SUMIF(Insumos!B:B,D1472,Insumos!G:G)","v":255.26},2.6]
[null,null,null,10761,"Refeição - café da manhã ( café com leite e dois pães com manteiga)","un",2.64,{"$f":"SUMIF(Insumos!B:B,D1473,Insumos!G:G)","v":1.96},5.17]
[null,null,null,10362,"Seguro de vida e acidente em grupo","un",0.1168,{"$f":"SUMIF(Insumos!B:B,D1474,Insumos!G:G)","v":4.42},0.52]
[{"$nulls":7},"PARCIAL:",{"$f":"SUM(I1467:I1474)","v":221.02}]
[null,null,null,"MATERIAIS/ SERVIÇOS/ EQUIPAMENTOS"]
[null,null,null,11248,"Furadeira e Parafusadeira eletrica Bosch ou Similar profissional","un",1E-4,{"$f":"SUMIF(Insumos!B:B,D1477,Insumos!G:G)","v":235.13},{"$f":"(G1477*H1477)","v":0.02}]
[null,null,null,11249,"Serra circular eletrica portatil","un",1E-4,{"$f":"SUMIF(Insumos!B:B,D1478,Insumos!G:G)","v":532.35},{"$f":"(G1478*H1478)","v":0.05}]
[null,null,null,81,"Aço ca-50 6,3 a 12,5 mm","kg",9.6,{"$f":"SUMIF(Insumos!B:B,D1479,Insumos!G:G)","v":3.34},32.06]
[null,null,null,158,"Almoço (Participação do empregador)","un",2.6379999999999999,{"$f":"SUMIF(Insumos!B:B,D1480,Insumos!G:G)","v":7.83},20.66]
[null,null,null,333,"Arame galvanizado 14 bwg, d = 2,11 mm (0,026 kg/m)","kg",0.18,{"$f":"SUMIF(Insumos!B:B,D1481,Insumos!G:G)","v":9.7899999999999991},1.76]
[null,null,null,337,"Arame recozido 18 bwg, 1,25 mm (0,01 kg/m)","kg",0.192,{"$f":"SUMIF(Insumos!B:B,D1482,Insumos!G:G)","v":7.37},1.42]
[null,null,null,10585,"Arco de serra","un",2.0000000000000001E-4,{"$f":"SUMIF(Insumos!B:B,D1483,Insumos!G:G)","v":15.27},0]
[null,null,null,367,"Areia grossa - posto jazida/fornecedor (retirado na jazida,sem transporte)","m3",0.49159999999999998,{"$f":"SUMIF(Insumos!B:B,D1484,Insumos!G:G)","v":48.94},24.06]
[null,null,null,370,"Areia media - posto jazida/fornecedor (retirado na jazida, sem transporte)","m3",8.3099999999999993E-2,{"$f":"SUMIF(Insumos!B:B,D1485,Insumos!G:G)","v":39.15},3.25]
[null,null,null,12893,"Bota de seguranca com biqueira de aco e colarinho acolchoado","par",2.0299999999999999E-2,{"$f":"SUMIF(Insumos!B:B,D1486,Insumos!G:G)","v":30.36},0.62]
[null,null,null,1106,"Cal hidratada ch-i para argamassas","kg",59.459499999999998,{"$f":"SUMIF(Insumos!B:B,D1487,Insumos!G:G)","v":0.63},37.46]
[null,null,null,12894,"Capa para chuva em pvc com forro de poliester, com capuz (amarela ou azul)","un",5.1999999999999998E-3,{"$f":"SUMIF(Insumos!B:B,D1488,Insumos!G:G)","v":8.2200000000000006},0.04]
[null,null,null,12895,"Capacete de seguranca aba frontal com suspensao de polietileno, sem jugular (classe b)","un",1.55E-2,{"$f":"SUMIF(Insumos!B:B,D1489,Insumos!G:G)","v":6.33},{"$f":"(G1489*H1489)","v":0.1}]
[null,null,null,2711,"Carrinho de mao de aco capacidade 50 a 60 l, pneu com camara","un",2.5999999999999999E-3,{"$f":"SUMIF(Insumos!B:B,D1490,Insumos!G:G)","v":86.13},0.22]
[null,null,null,10492,"Cesta Básica","un",0.1168,{"$f":"SUMIF(Insumos!B:B,D1491,Insumos!G:G)","v":86.13},10.06]
[null,null,null,10579,"Chave de fenda chata 30 cm","un",2.0000000000000001E-4,{"$f":"SUMIF(Insumos!B:B,D1492,Insumos!G:G)","v":12.1},0]
[null,null,null,1379,"Cimento portland composto cp ii-32","kg",119.7885,{"$f":"SUMIF(Insumos!B:B,D1493,Insumos!G:G)","v":0.34},40.729999999999997]
[null,null,null,4719,"Colher de pedreiro","un",4.3E-3,{"$f":"SUMIF(Insumos!B:B,D1494,Insumos!G:G)","v":8.9700000000000006},0.04]
[null,null,null,630,"Compensado resinado 12mm - Madeirit ou similar","m2",0.28079999999999999,{"$f":"SUMIF(Insumos!B:B,D1495,Insumos!G:G)","v":19.61},5.51]
[null,null,null,34492,"Concreto usinado bombeavel, classe de resistencia c20, com brita 0 e 1, slump = 100 +/- 20 mm, exclui servico de bombeamento (nbr 8953)","m3",0.12,{"$f":"SUMIF(Insumos!B:B,D1496,Insumos!G:G)","v":175},21]
[null,null,null,4174,"Desempenadeira de aço lisa, cabo madeira, ref:143, Atlas ou similar","un",5.4000000000000003E-3,{"$f":"SUMIF(Insumos!B:B,D1497,Insumos!G:G)","v":6.4},0.03]
[null,null,null,11245,"Desempoladeira de madeira 12x22","un",7.4999999999999997E-3,{"$f":"SUMIF(Insumos!B:B,D1498,Insumos!G:G)","v":9.1999999999999993},7.0000000000000007E-2]
[null,null,null,2692,"Desmoldante protetor para formas de madeira, de base oleosaemulsionada em agua","l",2.4E-2,{"$f":"SUMIF(Insumos!B:B,D1499,Insumos!G:G)","v":4.76},0.11]
[null,null,null,11246,"Escala métrica de bambú","Un",7.4999999999999997E-3,{"$f":"SUMIF(Insumos!B:B,D1500,Insumos!G:G)","v":13.31},0.1]
[null,null,null,941,"Fardamento","un",3.9199999999999999E-2,{"$f":"SUMIF(Insumos!B:B,D1501,Insumos!G:G)","v":53.6},2.1]
[null,null,null,10578,"Formão grande","un",2.0000000000000001E-4,{"$f":"SUMIF(Insumos!B:B,D1502,Insumos!G:G)","v":11.86},0]
[null,null,null,12892,"Luva raspa de couro, cano curto (punho *7* cm)","par",5.96E-2,{"$f":"SUMIF(Insumos!B:B,D1503,Insumos!G:G)","v":5.69},0.34]
[null,null,null,1569,"Madeira mista serrada (barrote) 6 x 6cm - 0,0036 m3/m (angelim, louro)","m",1.4719,{"$f":"SUMIF(Insumos!B:B,D1504,Insumos!G:G)","v":4.5999999999999996},6.77]
[null,null,null,4729,"Marreta 1 kg com cabo","un",1.1999999999999999E-3,{"$f":"SUMIF(Insumos!B:B,D1505,Insumos!G:G)","v":12.37},0.01]
[null,null,null,11264,"Marreta de 1/2 kg com cabo","un",2.2000000000000001E-3,{"$f":"SUMIF(Insumos!B:B,D1506,Insumos!G:G)","v":8.57},0.02]
[null,null,null,11244,"Martelo com unha","un",2.0000000000000001E-4,{"$f":"SUMIF(Insumos!B:B,D1507,Insumos!G:G)","v":22.05},0]
[null,null,null,11265,"Martelo de borracha com cabo","un",4.3E-3,{"$f":"SUMIF(Insumos!B:B,D1508,Insumos!G:G)","v":11.67},0.05]
[null,null,null,11243,"Martelo sem unha","un",1.1000000000000001E-3,{"$f":"SUMIF(Insumos!B:B,D1509,Insumos!G:G)","v":12.76},0.01]
[null,null,null,10789,"Nível de bolha de madeira","un",2.2000000000000001E-3,{"$f":"SUMIF(Insumos!B:B,D1510,Insumos!G:G)","v":7.05},0.02]
[null,null,null,1651,"Óculos branco proteção","pr",2.0299999999999999E-2,{"$f":"SUMIF(Insumos!B:B,D1511,Insumos!G:G)","v":4.3099999999999996},0.09]
[null,null,null,10788,"Pá quadrada","un",2.5999999999999999E-3,{"$f":"SUMIF(Insumos!B:B,D1512,Insumos!G:G)","v":13.54},0.04]
[null,null,null,4721,"Pedra britada n. 1 (9,5 a 19 mm) posto pedreira/fornecedor,sem frete","m3",2.0899999999999998E-2,{"$f":"SUMIF(Insumos!B:B,D1513,Insumos!G:G)","v":53.64},1.1200000000000001]
[null,null,null,4718,"Pedra britada n. 2 (19 a 38 mm) posto pedreira/fornecedor, sem frete","m3",6.2700000000000006E-2,{"$f":"SUMIF(Insumos!B:B,D1514,Insumos!G:G)","v":43.36},2.72]
[null,null,null,5068,"Prego de aco polido com cabeca 17 x 21 (2 x 11)","kg",0.03,{"$f":"SUMIF(Insumos!B:B,D1515,Insumos!G:G)","v":7.96},0.24]
[null,null,null,5069,"Prego de aco polido com cabeca 17 x 27 (2 1/2 x 11)","kg",0.12,{"$f":"SUMIF(Insumos!B:B,D1516,Insumos!G:G)","v":8.1199999999999992},0.97]
[null,null,null,10596,"Protetor auricular","un",0.1168,{"$f":"SUMIF(Insumos!B:B,D1517,Insumos!G:G)","v":2.5099999999999998},0.28999999999999998]
[null,null,null,10599,"Protetor solar fps 30 com 120ml","un",4.6600000000000003E-2,{"$f":"SUMIF(Insumos!B:B,D1518,Insumos!G:G)","v":13.86},0.65]
[null,null,null,10790,"Prumo de face","un",1.1000000000000001E-3,{"$f":"SUMIF(Insumos!B:B,D1519,Insumos!G:G)","v":13.35},0.01]
[null,null,null,10282,"Regua de alumínio c/ 2,00m (para pedreiro)","un",2.2000000000000001E-3,{"$f":"SUMIF(Insumos!B:B,D1520,Insumos!G:G)","v":13.08},0.03]
[null,null,null,11247,"Serra mármore","un",1.1000000000000001E-3,{"$f":"SUMIF(Insumos!B:B,D1521,Insumos!G:G)","v":213.74},0.24]
[null,null,null,10577,"Serrote 40cm","un",1E-4,{"$f":"SUMIF(Insumos!B:B,D1522,Insumos!G:G)","v":23.33},0]
[null,null,null,25950,"Servico de bombeamento de concreto com consumo minimo de 40m3","m3",0.12,{"$f":"SUMIF(Insumos!B:B,D1523,Insumos!G:G)","v":21.42},2.57]
[null,null,null,4509,"Tabua de madeira nao aparelhada *2,5 x 10 cm (1 x 4 \") pinus, mista ou equivalente da regiao","m",1.3069999999999999,{"$f":"SUMIF(Insumos!B:B,D1524,Insumos!G:G)","v":5.25},6.86]
[null,null,null,6193,"Tabua de madeira nao aparelhada *2,5 x 20* cm, cedrinho ou equivalente da regiao","m",0.1464,{"$f":"SUMIF(Insumos!B:B,D1525,Insumos!G:G)","v":4.49},0.66]
[null,null,null,4728,"Talhadeira chata 10\"","un",3.8999999999999998E-3,{"$f":"SUMIF(Insumos!B:B,D1526,Insumos!G:G)","v":7.4},0.03]
[null,null,null,5662,"Tampão de ferro fundido para caixa de registro td-5","un",1,{"$f":"SUMIF(Insumos!B:B,D1527,Insumos!G:G)","v":46.02},46.02]
[null,null,null,2212,"Tijolo maciço 4 x 9 x 17cm","un",440.91669999999999,{"$f":"SUMIF(Insumos!B:B,D1528,Insumos!G:G)","v":0.19},83.77]
[null,null,null,10586,"Torquesa","un",2.0000000000000001E-4,{"$f":"SUMIF(Insumos!B:B,D1529,Insumos!G:G)","v":20.58},0]
[null,null,null,2378,"Vale transporte","un",2.0686,{"$f":"SUMIF(Insumos!B:B,D1530,Insumos!G:G)","v":2.74},5.67]
[{"$nulls":7},"PARCIAL:",{"$f":"SUM(I1476:I1530)","v":360.67}]
[]
[{"$nulls":7},"VALOR UNITÁRIO TOTAL - R$",{"$f":"TRUNC(I1475+I1531+I1532,2)","v":581.69000000000005}]
[]
[]
[]
[null,"SERVIÇO","ORSE",5958,{"$f":"VLOOKUP(D1537,ORSE!$C:$F,2)","v":"CAIXA PARA REGISTRO, TIPO II, PARA DIÂMETROS DE 150 A 200MM"},null,null,null,{"$f":"VLOOKUP(D1537,ORSE!$C:$F,3)","v":"UN"},null,{"$f":"I1606","v":860.88},{"$f":"VLOOKUP(D1537,ORSE!$C:$F,4)","v":1100.21}]
[]
[null,null,null,"COD.","DESCRIÇÃO","UN.","COEF.","PREÇO","TOTAL"]
[null,null,null,"MÃO DE OBRA"]
[null,null,null,"88245","ARMADOR COM ENCARGOS COMPLEMENTARES","h",1.1628000000000001,{"$f":"SUMIF(Insumos!B:B,D1541,Insumos!G:G)","v":13.51},{"$f":"(G1541*H1541)","v":15.71}]
[null,null,null,"88262","CARPINTEIRO DE FORMAS COM ENCARGOS COMPLEMENTARES","h",1.7954000000000001,{"$f":"SUMIF(Insumos!B:B,D1542,Insumos!G:G)","v":13.51},24.26]
[null,null,null,"88309","PEDREIRO COM ENCARGOS COMPLEMENTARES","h",10.1084,{"$f":"SUMIF(Insumos!B:B,D1543,Insumos!G:G)","v":13.51},136.56]
[null,null,null,6111,"SERVENTE DE OBRAS","h",13.470700000000001,{"$f":"SUMIF(Insumos!B:B,D1544,Insumos!G:G)","v":11.11},149.66]
[null,null,null,10517,"Exames admissionais/demissionais (checkup)","cj",1.5699999999999999E-2,{"$f":"SUMIF(Insumos!B:B,D1545,Insumos!G:G)","v":255.26},4.01]
[null,null,null,10761,"Refeição - café da manhã ( café com leite e dois pães com manteiga)","un",4.0519999999999996,{"$f":"SUMIF(Insumos!B:B,D1546,Insumos!G:G)","v":1.96},7.94]
[null,null,null,10362,"Seguro de vida e acidente em grupo","un",0.17929999999999999,{"$f":"SUMIF(Insumos!B:B,D1547,Insumos!G:G)","v":4.42},0.79]
[{"$nulls":7},"PARCIAL:",{"$f":"SUM(I1540:I1547)","v":338.93}]
[null,null,null,"MATERIAIS/ SERVIÇOS/ EQUIPAMENTOS"]
[null,null,null,11248,"Furadeira e Parafusadeira eletrica Bosch ou Similar profissional","un",2.0000000000000001E-4,{"$f":"SUMIF(Insumos!B:B,D1550,Insumos!G:G)","v":235.13},{"$f":"(G1550*H1550)","v":0.05}]
[null,null,null,11249,"Serra circular eletrica portatil","un",2.0000000000000001E-4,{"$f":"SUMIF(Insumos!B:B,D1551,Insumos!G:G)","v":532.35},{"$f":"(G1551*H1551)","v":0.11}]
[null,null,null,81,"Aço ca-50 6,3 a 12,5 mm","kg",13.8239,{"$f":"SUMIF(Insumos!B:B,D1552,Insumos!G:G)","v":3.34},{"$f":"(G1552*H1552)","v":46.17}]
[null,null,null,158,"Almoço (Participação do empregador)","un",4.0519999999999996,{"$f":"SUMIF(Insumos!B:B,D1553,Insumos!G:G)","v":7.83},{"$f":"(G1553*H1553)","v":31.73}]
[null,null,null,333,"Arame galvanizado 14 bwg, d = 2,11 mm (0,026 kg/m)","kg",0.25919999999999999,{"$f":"SUMIF(Insumos!B:B,D1554,Insumos!G:G)","v":9.7899999999999991},2.54]
[null,null,null,337,"Arame recozido 18 bwg, 1,25 mm (0,01 kg/m)","kg",0.27650000000000002,{"$f":"SUMIF(Insumos!B:B,D1555,Insumos!G:G)","v":7.37},2.04]
[null,null,null,10585,"Arco de serra","un",2.0000000000000001E-4,{"$f":"SUMIF(Insumos!B:B,D1556,Insumos!G:G)","v":15.27},0]
[null,null,null,367,"Areia grossa - posto jazida/fornecedor (retirado na jazida,sem transporte)","m3",0.75209999999999999,{"$f":"SUMIF(Insumos!B:B,D1557,Insumos!G:G)","v":48.94},36.81]
[null,null,null,370,"Areia media - posto jazida/fornecedor (retirado na jazida, sem transporte)","m3",0.12470000000000001,{"$f":"SUMIF(Insumos!B:B,D1558,Insumos!G:G)","v":39.15},4.88]
[null,null,null,12893,"Bota de seguranca com biqueira de aco e colarinho acolchoado","par",3.15E-2,{"$f":"SUMIF(Insumos!B:B,D1559,Insumos!G:G)","v":30.36},0.96]
[null,null,null,1106,"Cal hidratada ch-i para argamassas","kg",92.243200000000002,{"$f":"SUMIF(Insumos!B:B,D1560,Insumos!G:G)","v":0.63},58.11]
[null,null,null,12894,"Capa para chuva em pvc com forro de poliester, com capuz (amarela ou azul)","un",8.0000000000000002E-3,{"$f":"SUMIF(Insumos!B:B,D1561,Insumos!G:G)","v":8.2200000000000006},{"$f":"(G1561*H1561)","v":7.0000000000000007E-2}]
[null,null,null,12895,"Capacete de seguranca aba frontal com suspensao de polietileno, sem jugular (classe b)","un",2.3900000000000001E-2,{"$f":"SUMIF(Insumos!B:B,D1562,Insumos!G:G)","v":6.33},0.15]
[null,null,null,2711,"Carrinho de mao de aco capacidade 50 a 60 l, pneu com camara","un",4.1000000000000003E-3,{"$f":"SUMIF(Insumos!B:B,D1563,Insumos!G:G)","v":86.13},0.35]
[null,null,null,10492,"Cesta Básica","un",0.17929999999999999,{"$f":"SUMIF(Insumos!B:B,D1564,Insumos!G:G)","v":86.13},15.44]
[null,null,null,10579,"Chave de fenda chata 30 cm","un",2.9999999999999997E-4,{"$f":"SUMIF(Insumos!B:B,D1565,Insumos!G:G)","v":12.1},0]
[null,null,null,1379,"Cimento portland composto cp ii-32","kg",181.19229999999999,{"$f":"SUMIF(Insumos!B:B,D1566,Insumos!G:G)","v":0.34},61.61]
[null,null,null,4719,"Colher de pedreiro","un",6.7000000000000002E-3,{"$f":"SUMIF(Insumos!B:B,D1567,Insumos!G:G)","v":8.9700000000000006},0.06]
[null,null,null,630,"Compensado resinado 12mm - Madeirit ou similar","m2",0.40439999999999998,{"$f":"SUMIF(Insumos!B:B,D1568,Insumos!G:G)","v":19.61},7.93]
[null,null,null,34492,"Concreto usinado bombeavel, classe de resistencia c20, com brita 0 e 1, slump = 100 +/- 20 mm, exclui servico de bombeamento (nbr 8953)","m3",0.17280000000000001,{"$f":"SUMIF(Insumos!B:B,D1569,Insumos!G:G)","v":175},30.24]
[null,null,null,4174,"Desempenadeira de aço lisa, cabo madeira, ref:143, Atlas ou similar","un",8.3000000000000001E-3,{"$f":"SUMIF(Insumos!B:B,D1570,Insumos!G:G)","v":6.4},0.05]
[null,null,null,11245,"Desempoladeira de madeira 12x22","un",1.1599999999999999E-2,{"$f":"SUMIF(Insumos!B:B,D1571,Insumos!G:G)","v":9.1999999999999993},0.11]
[null,null,null,2692,"Desmoldante protetor para formas de madeira, de base oleosaemulsionada em agua","l",3.4599999999999999E-2,{"$f":"SUMIF(Insumos!B:B,D1572,Insumos!G:G)","v":4.76},0.16]
[null,null,null,11246,"Escala métrica de bambú","Un",1.1599999999999999E-2,{"$f":"SUMIF(Insumos!B:B,D1573,Insumos!G:G)","v":13.31},0.15]
[null,null,null,941,"Fardamento","un",5.9799999999999999E-2,{"$f":"SUMIF(Insumos!B:B,D1574,Insumos!G:G)","v":53.6},3.21]
[null,null,null,10578,"Formão grande","un",2.9999999999999997E-4,{"$f":"SUMIF(Insumos!B:B,D1575,Insumos!G:G)","v":11.86},0]
[null,null,null,12892,"Luva raspa de couro, cano curto (punho *7* cm)","par",9.1600000000000001E-2,{"$f":"SUMIF(Insumos!B:B,D1576,Insumos!G:G)","v":5.69},0.52]
[null,null,null,1569,"Madeira mista serrada (barrote) 6 x 6cm - 0,0036 m3/m (angelim, louro)","m",2.121,{"$f":"SUMIF(Insumos!B:B,D1577,Insumos!G:G)","v":4.5999999999999996},9.76]
[null,null,null,4729,"Marreta 1 kg com cabo","un",1.9E-3,{"$f":"SUMIF(Insumos!B:B,D1578,Insumos!G:G)","v":12.37},0.02]
[null,null,null,11264,"Marreta de 1/2 kg com cabo","un",3.3999999999999998E-3,{"$f":"SUMIF(Insumos!B:B,D1579,Insumos!G:G)","v":8.57},0.03]
[null,null,null,11244,"Martelo com unha","un",2.9999999999999997E-4,{"$f":"SUMIF(Insumos!B:B,D1580,Insumos!G:G)","v":22.05},0.01]
[null,null,null,11265,"Martelo de borracha com cabo","un",6.7000000000000002E-3,{"$f":"SUMIF(Insumos!B:B,D1581,Insumos!G:G)","v":11.67},0.08]
[null,null,null,11243,"Martelo sem unha","un",1.6000000000000001E-3,{"$f":"SUMIF(Insumos!B:B,D1582,Insumos!G:G)","v":12.76},0.02]
[null,null,null,10789,"Nível de bolha de madeira","un",3.3999999999999998E-3,{"$f":"SUMIF(Insumos!B:B,D1583,Insumos!G:G)","v":7.05},0.02]
[null,null,null,1651,"Óculos branco proteção","pr",3.15E-2,{"$f":"SUMIF(Insumos!B:B,D1584,Insumos!G:G)","v":4.3099999999999996},0.14000000000000001]
[null,null,null,10788,"Pá quadrada","un",4.1000000000000003E-3,{"$f":"SUMIF(Insumos!B:B,D1585,Insumos!G:G)","v":13.54},0.06]
[null,null,null,4721,"Pedra britada n. 1 (9,5 a 19 mm) posto pedreira/fornecedor,sem frete","m3",3.0099999999999998E-2,{"$f":"SUMIF(Insumos!B:B,D1586,Insumos!G:G)","v":53.64},1.61]
[null,null,null,4718,"Pedra britada n. 2 (19 a 38 mm) posto pedreira/fornecedor, sem frete","m3",9.0300000000000005E-2,{"$f":"SUMIF(Insumos!B:B,D1587,Insumos!G:G)","v":43.36},3.92]
[null,null,null,5068,"Prego de aco polido com cabeca 17 x 21 (2 x 11)","kg",4.3200000000000002E-2,{"$f":"SUMIF(Insumos!B:B,D1588,Insumos!G:G)","v":7.96},0.34]
[null,null,null,5069,"Prego de aco polido com cabeca 17 x 27 (2 1/2 x 11)","kg",0.17280000000000001,{"$f":"SUMIF(Insumos!B:B,D1589,Insumos!G:G)","v":8.1199999999999992},1.4]
[null,null,null,10596,"Protetor auricular","un",0.17929999999999999,{"$f":"SUMIF(Insumos!B:B,D1590,Insumos!G:G)","v":2.5099999999999998},0.45]
[null,null,null,10599,"Protetor solar fps 30 com 120ml","un",7.1599999999999997E-2,{"$f":"SUMIF(Insumos!B:B,D1591,Insumos!G:G)","v":13.86},0.99]
[null,null,null,10790,"Prumo de face","un",1.6000000000000001E-3,{"$f":"SUMIF(Insumos!B:B,D1592,Insumos!G:G)","v":13.35},0.02]
[null,null,null,10282,"Regua de alumínio c/ 2,00m (para pedreiro)","un",3.3999999999999998E-3,{"$f":"SUMIF(Insumos!B:B,D1593,Insumos!G:G)","v":13.08},0.04]
[null,null,null,11247,"Serra mármore","un",1.6000000000000001E-3,{"$f":"SUMIF(Insumos!B:B,D1594,Insumos!G:G)","v":213.74},0.34]
[null,null,null,10577,"Serrote 40cm","un",2.0000000000000001E-4,{"$f":"SUMIF(Insumos!B:B,D1595,Insumos!G:G)","v":23.33},0]
[null,null,null,25950,"Servico de bombeamento de concreto com consumo minimo de 40m3","m3",0.17280000000000001,{"$f":"SUMIF(Insumos!B:B,D1596,Insumos!G:G)","v":21.42},3.7]
[null,null,null,4509,"Tabua de madeira nao aparelhada *2,5 x 10 cm (1 x 4 \") pinus, mista ou equivalente da regiao","m",1.883,{"$f":"SUMIF(Insumos!B:B,D1597,Insumos!G:G)","v":5.25},9.89]
[null,null,null,6193,"Tabua de madeira nao aparelhada *2,5 x 20* cm, cedrinho ou equivalente da regiao","m",0.21079999999999999,{"$f":"SUMIF(Insumos!B:B,D1598,Insumos!G:G)","v":4.49},0.95]
[null,null,null,4728,"Talhadeira chata 10\"","un",6.0000000000000001E-3,{"$f":"SUMIF(Insumos!B:B,D1599,Insumos!G:G)","v":7.4},0.04]
[null,null,null,5662,"Tampão de ferro fundido para caixa de registro td-5","un",1,{"$f":"SUMIF(Insumos!B:B,D1600,Insumos!G:G)","v":46.02},46.02]
[null,null,null,2212,"Tijolo maciço 4 x 9 x 17cm","un",683.91669999999999,{"$f":"SUMIF(Insumos!B:B,D1601,Insumos!G:G)","v":0.19},129.94]
[null,null,null,10586,"Torquesa","un",2.0000000000000001E-4,{"$f":"SUMIF(Insumos!B:B,D1602,Insumos!G:G)","v":20.58},0]
[null,null,null,2378,"Vale transporte","un",3.18,{"$f":"SUMIF(Insumos!B:B,D1603,Insumos!G:G)","v":2.74},8.7100000000000009]
[{"$nulls":7},"PARCIAL:",{"$f":"SUM(I1549:I1603)","v":521.95000000000005}]
[]
[{"$nulls":7},"VALOR UNITÁRIO TOTAL - R$",{"$f":"TRUNC(I1548+I1604+I1605,2)","v":860.88}]
[]
[]
[]
[null,"SERVIÇO","ORSE",5962,{"$f":"VLOOKUP(D1610,ORSE!$C:$F,2)","v":"CAIXA PARA VENTOSA PARA DIÂMETRO DE  50 A 150MM (MV-04-326)"},null,null,null,{"$f":"VLOOKUP(D1610,ORSE!$C:$F,3)","v":"UN"},null,{"$f":"I1679","v":581.69000000000005},{"$f":"VLOOKUP(D1610,ORSE!$C:$F,4)","v":743.39}]
[]
[null,null,null,"COD.","DESCRIÇÃO","UN.","COEF.","PREÇO","TOTAL"]
[null,null,null,"MÃO DE OBRA"]
[null,null,null,"88245","ARMADOR COM ENCARGOS COMPLEMENTARES","h",0.80759999999999998,{"$f":"SUMIF(Insumos!B:B,D1614,Insumos!G:G)","v":13.51},{"$f":"(G1614*H1614)","v":10.91}]
[null,null,null,"88262","CARPINTEIRO DE FORMAS COM ENCARGOS COMPLEMENTARES","h",1.2472000000000001,{"$f":"SUMIF(Insumos!B:B,D1615,Insumos!G:G)","v":13.51},16.850000000000001]
[null,null,null,"88309","PEDREIRO COM ENCARGOS COMPLEMENTARES","h",6.5560999999999998,{"$f":"SUMIF(Insumos!B:B,D1616,Insumos!G:G)","v":13.51},88.57]
[null,null,null,6111,"SERVENTE DE OBRAS","h",8.6770999999999994,{"$f":"SUMIF(Insumos!B:B,D1617,Insumos!G:G)","v":11.11},96.4]
[null,null,null,10517,"Exames admissionais/demissionais (checkup)","cj",1.0200000000000001E-2,{"$f":"SUMIF(Insumos!B:B,D1618,Insumos!G:G)","v":255.26},2.6]
[null,null,null,10761,"Refeição - café da manhã ( café com leite e dois pães com manteiga)","un",2.64,{"$f":"SUMIF(Insumos!B:B,D1619,Insumos!G:G)","v":1.96},5.17]
[null,null,null,10362,"Seguro de vida e acidente em grupo","un",0.1168,{"$f":"SUMIF(Insumos!B:B,D1620,Insumos!G:G)","v":4.42},0.52]
[{"$nulls":7},"PARCIAL:",{"$f":"SUM(I1613:I1620)","v":221.02}]
[null,null,null,"MATERIAIS/ SERVIÇOS/ EQUIPAMENTOS"]
[null,null,null,11248,"Furadeira e Parafusadeira eletrica Bosch ou Similar profissional","un",1E-4,{"$f":"SUMIF(Insumos!B:B,D1623,Insumos!G:G)","v":235.13},{"$f":"(G1623*H1623)","v":0.02}]
[null,null,null,11249,"Serra circular eletrica portatil","un",1E-4,{"$f":"SUMIF(Insumos!B:B,D1624,Insumos!G:G)","v":532.35},{"$f":"(G1624*H1624)","v":0.05}]
[null,null,null,81,"Aço ca-50 6,3 a 12,5 mm","kg",9.6,{"$f":"SUMIF(Insumos!B:B,D1625,Insumos!G:G)","v":3.34},{"$f":"(G1625*H1625)","v":32.06}]
[null,null,null,158,"Almoço (Participação do empregador)","un",2.6379999999999999,{"$f":"SUMIF(Insumos!B:B,D1626,Insumos!G:G)","v":7.83},20.66]
[null,null,null,333,"Arame galvanizado 14 bwg, d = 2,11 mm (0,026 kg/m)","kg",0.18,{"$f":"SUMIF(Insumos!B:B,D1627,Insumos!G:G)","v":9.7899999999999991},1.76]
[null,null,null,337,"Arame recozido 18 bwg, 1,25 mm (0,01 kg/m)","kg",0.192,{"$f":"SUMIF(Insumos!B:B,D1628,Insumos!G:G)","v":7.37},1.42]
[null,null,null,10585,"Arco de serra","un",2.0000000000000001E-4,{"$f":"SUMIF(Insumos!B:B,D1629,Insumos!G:G)","v":15.27},0]
[null,null,null,367,"Areia grossa - posto jazida/fornecedor (retirado na jazida,sem transporte)","m3",0.49159999999999998,{"$f":"SUMIF(Insumos!B:B,D1630,Insumos!G:G)","v":48.94},24.06]
[null,null,null,370,"Areia media - posto jazida/fornecedor (retirado na jazida, sem transporte)","m3",8.3099999999999993E-2,{"$f":"SUMIF(Insumos!B:B,D1631,Insumos!G:G)","v":39.15},3.25]
[null,null,null,12893,"Bota de seguranca com biqueira de aco e colarinho acolchoado","par",2.0299999999999999E-2,{"$f":"SUMIF(Insumos!B:B,D1632,Insumos!G:G)","v":30.36},0.62]
[null,null,null,1106,"Cal hidratada ch-i para argamassas","kg",59.459499999999998,{"$f":"SUMIF(Insumos!B:B,D1633,Insumos!G:G)","v":0.63},37.46]
[null,null,null,12894,"Capa para chuva em pvc com forro de poliester, com capuz (amarela ou azul)","un",5.1999999999999998E-3,{"$f":"SUMIF(Insumos!B:B,D1634,Insumos!G:G)","v":8.2200000000000006},0.04]
[null,null,null,12895,"Capacete de seguranca aba frontal com suspensao de polietileno, sem jugular (classe b)","un",1.55E-2,{"$f":"SUMIF(Insumos!B:B,D1635,Insumos!G:G)","v":6.33},{"$f":"(G1635*H1635)","v":0.1}]
[null,null,null,2711,"Carrinho de mao de aco capacidade 50 a 60 l, pneu com camara","un",2.5999999999999999E-3,{"$f":"SUMIF(Insumos!B:B,D1636,Insumos!G:G)","v":86.13},0.22]
[null,null,null,10492,"Cesta Básica","un",0.1168,{"$f":"SUMIF(Insumos!B:B,D1637,Insumos!G:G)","v":86.13},10.06]
[null,null,null,10579,"Chave de fenda chata 30 cm","un",2.0000000000000001E-4,{"$f":"SUMIF(Insumos!B:B,D1638,Insumos!G:G)","v":12.1},0]
[null,null,null,1379,"Cimento portland composto cp ii-32","kg",119.7885,{"$f":"SUMIF(Insumos!B:B,D1639,Insumos!G:G)","v":0.34},40.729999999999997]
[null,null,null,4719,"Colher de pedreiro","un",4.3E-3,{"$f":"SUMIF(Insumos!B:B,D1640,Insumos!G:G)","v":8.9700000000000006},0.04]
[null,null,null,630,"Compensado resinado 12mm - Madeirit ou similar","m2",0.28079999999999999,{"$f":"SUMIF(Insumos!B:B,D1641,Insumos!G:G)","v":19.61},5.51]
[null,null,null,34492,"Concreto usinado bombeavel, classe de resistencia c20, com brita 0 e 1, slump = 100 +/- 20 mm, exclui servico de bombeamento (nbr 8953)","m3",0.12,{"$f":"SUMIF(Insumos!B:B,D1642,Insumos!G:G)","v":175},21]
[null,null,null,4174,"Desempenadeira de aço lisa, cabo madeira, ref:143, Atlas ou similar","un",5.4000000000000003E-3,{"$f":"SUMIF(Insumos!B:B,D1643,Insumos!G:G)","v":6.4},0.03]
[null,null,null,11245,"Desempoladeira de madeira 12x22","un",7.4999999999999997E-3,{"$f":"SUMIF(Insumos!B:B,D1644,Insumos!G:G)","v":9.1999999999999993},7.0000000000000007E-2]
[null,null,null,2692,"Desmoldante protetor para formas de madeira, de base oleosaemulsionada em agua","l",2.4E-2,{"$f":"SUMIF(Insumos!B:B,D1645,Insumos!G:G)","v":4.76},0.11]
[null,null,null,11246,"Escala métrica de bambú","Un",7.4999999999999997E-3,{"$f":"SUMIF(Insumos!B:B,D1646,Insumos!G:G)","v":13.31},0.1]
[null,null,null,941,"Fardamento","un",3.9199999999999999E-2,{"$f":"SUMIF(Insumos!B:B,D1647,Insumos!G:G)","v":53.6},2.1]
[null,null,null,10578,"Formão grande","un",2.0000000000000001E-4,{"$f":"SUMIF(Insumos!B:B,D1648,Insumos!G:G)","v":11.86},0]
[null,null,null,12892,"Luva raspa de couro, cano curto (punho *7* cm)","par",5.96E-2,{"$f":"SUMIF(Insumos!B:B,D1649,Insumos!G:G)","v":5.69},0.34]
[null,null,null,1569,"Madeira mista serrada (barrote) 6 x 6cm - 0,0036 m3/m (angelim, louro)","m",1.4719,{"$f":"SUMIF(Insumos!B:B,D1650,Insumos!G:G)","v":4.5999999999999996},6.77]
[null,null,null,4729,"Marreta 1 kg com cabo","un",1.1999999999999999E-3,{"$f":"SUMIF(Insumos!B:B,D1651,Insumos!G:G)","v":12.37},0.01]
[null,null,null,11264,"Marreta de 1/2 kg com cabo","un",2.2000000000000001E-3,{"$f":"SUMIF(Insumos!B:B,D1652,Insumos!G:G)","v":8.57},0.02]
[null,null,null,11244,"Martelo com unha","un",2.0000000000000001E-4,{"$f":"SUMIF(Insumos!B:B,D1653,Insumos!G:G)","v":22.05},0]
[null,null,null,11265,"Martelo de borracha com cabo","un",4.3E-3,{"$f":"SUMIF(Insumos!B:B,D1654,Insumos!G:G)","v":11.67},0.05]
[null,null,null,11243,"Martelo sem unha","un",1.1000000000000001E-3,{"$f":"SUMIF(Insumos!B:B,D1655,Insumos!G:G)","v":12.76},0.01]
[null,null,null,10789,"Nível de bolha de madeira","un",2.2000000000000001E-3,{"$f":"SUMIF(Insumos!B:B,D1656,Insumos!G:G)","v":7.05},0.02]
[null,null,null,1651,"Óculos branco proteção","pr",2.0299999999999999E-2,{"$f":"SUMIF(Insumos!B:B,D1657,Insumos!G:G)","v":4.3099999999999996},0.09]
[null,null,null,10788,"Pá quadrada","un",2.5999999999999999E-3,{"$f":"SUMIF(Insumos!B:B,D1658,Insumos!G:G)","v":13.54},0.04]
[null,null,null,4721,"Pedra britada n. 1 (9,5 a 19 mm) posto pedreira/fornecedor,sem frete","m3",2.0899999999999998E-2,{"$f":"SUMIF(Insumos!B:B,D1659,Insumos!G:G)","v":53.64},1.1200000000000001]
[null,null,null,4718,"Pedra britada n. 2 (19 a 38 mm) posto pedreira/fornecedor, sem frete","m3",6.2700000000000006E-2,{"$f":"SUMIF(Insumos!B:B,D1660,Insumos!G:G)","v":43.36},2.72]
[null,null,null,5068,"Prego de aco polido com cabeca 17 x 21 (2 x 11)","kg",0.03,{"$f":"SUMIF(Insumos!B:B,D1661,Insumos!G:G)","v":7.96},0.24]
[null,null,null,5069,"Prego de aco polido com cabeca 17 x 27 (2 1/2 x 11)","kg",0.12,{"$f":"SUMIF(Insumos!B:B,D1662,Insumos!G:G)","v":8.1199999999999992},0.97]
[null,null,null,10596,"Protetor auricular","un",0.1168,{"$f":"SUMIF(Insumos!B:B,D1663,Insumos!G:G)","v":2.5099999999999998},0.28999999999999998]
[null,null,null,10599,"Protetor solar fps 30 com 120ml","un",4.6600000000000003E-2,{"$f":"SUMIF(Insumos!B:B,D1664,Insumos!G:G)","v":13.86},0.65]
[null,null,null,10790,"Prumo de face","un",1.1000000000000001E-3,{"$f":"SUMIF(Insumos!B:B,D1665,Insumos!G:G)","v":13.35},0.01]
[null,null,null,10282,"Regua de alumínio c/ 2,00m (para pedreiro)","un",2.2000000000000001E-3,{"$f":"SUMIF(Insumos!B:B,D1666,Insumos!G:G)","v":13.08},0.03]
[null,null,null,11247,"Serra mármore","un",1.1000000000000001E-3,{"$f":"SUMIF(Insumos!B:B,D1667,Insumos!G:G)","v":213.74},0.24]
[null,null,null,10577,"Serrote 40cm","un",1E-4,{"$f":"SUMIF(Insumos!B:B,D1668,Insumos!G:G)","v":23.33},0]
[null,null,null,25950,"Servico de bombeamento de concreto com consumo minimo de 40m3","m3",0.12,{"$f":"SUMIF(Insumos!B:B,D1669,Insumos!G:G)","v":21.42},2.57]
[null,null,null,4509,"Tabua de madeira nao aparelhada *2,5 x 10 cm (1 x 4 \") pinus, mista ou equivalente da regiao","m",1.3069999999999999,{"$f":"SUMIF(Insumos!B:B,D1670,Insumos!G:G)","v":5.25},6.86]
[null,null,null,6193,"Tabua de madeira nao aparelhada *2,5 x 20* cm, cedrinho ou equivalente da regiao","m",0.1464,{"$f":"SUMIF(Insumos!B:B,D1671,Insumos!G:G)","v":4.49},0.66]
[null,null,null,4728,"Talhadeira chata 10\"","un",3.8999999999999998E-3,{"$f":"SUMIF(Insumos!B:B,D1672,Insumos!G:G)","v":7.4},0.03]
[null,null,null,5662,"Tampão de ferro fundido para caixa de registro td-5","un",1,{"$f":"SUMIF(Insumos!B:B,D1673,Insumos!G:G)","v":46.02},46.02]
[null,null,null,2212,"Tijolo maciço 4 x 9 x 17cm","un",440.91669999999999,{"$f":"SUMIF(Insumos!B:B,D1674,Insumos!G:G)","v":0.19},83.77]
[null,null,null,10586,"Torquesa","un",2.0000000000000001E-4,{"$f":"SUMIF(Insumos!B:B,D1675,Insumos!G:G)","v":20.58},0]
[null,null,null,2378,"Vale transporte","un",2.0686,{"$f":"SUMIF(Insumos!B:B,D1676,Insumos!G:G)","v":2.74},5.67]
[{"$nulls":7},"PARCIAL:",{"$f":"SUM(I1622:I1676)","v":360.67}]
[]
[{"$nulls":7},"VALOR UNITÁRIO TOTAL - R$",{"$f":"TRUNC(I1621+I1677+I1678,2)","v":581.69000000000005}]
[]
[]
[]
[null,"SERVIÇO","ORSE",5965,{"$f":"VLOOKUP(D1683,ORSE!$C:$F,2)","v":"CAIXA PRÉ MOLDADA EM CONCRETO PARA PROTEÇÃO DE MACRO MEDIDORES, DIM. INT. = 0 ,70 X 1,00 X 0,50"},null,null,null,{"$f":"VLOOKUP(D1683,ORSE!$C:$F,3)","v":"UN"},null,{"$f":"I1746","v":366.09},{"$f":"VLOOKUP(D1683,ORSE!$C:$F,4)","v":467.56}]
[]
[null,null,null,"COD.","DESCRIÇÃO","UN.","COEF.","PREÇO","TOTAL"]
[null,null,null,"MÃO DE OBRA"]
[null,null,null,"88245","ARMADOR COM ENCARGOS COMPLEMENTARES","h",2.0299,{"$f":"SUMIF(Insumos!B:B,D1687,Insumos!G:G)","v":13.51},{"$f":"(G1687*H1687)","v":27.42}]
[null,null,null,"88262","CARPINTEIRO DE FORMAS COM ENCARGOS COMPLEMENTARES","h",3.1120000000000001,{"$f":"SUMIF(Insumos!B:B,D1688,Insumos!G:G)","v":13.51},42.04]
[null,null,null,"88309","PEDREIRO COM ENCARGOS COMPLEMENTARES","h",0.111,{"$f":"SUMIF(Insumos!B:B,D1689,Insumos!G:G)","v":13.51},1.5]
[null,null,null,6111,"SERVENTE DE OBRAS","h",6.9923000000000002,{"$f":"SUMIF(Insumos!B:B,D1690,Insumos!G:G)","v":11.11},77.680000000000007]
[null,null,null,10517,"Exames admissionais/demissionais (checkup)","cj",6.8999999999999999E-3,{"$f":"SUMIF(Insumos!B:B,D1691,Insumos!G:G)","v":255.26},1.76]
[null,null,null,10761,"Refeição - café da manhã ( café com leite e dois pães com manteiga)","un",1.788,{"$f":"SUMIF(Insumos!B:B,D1692,Insumos!G:G)","v":1.96},3.5]
[null,null,null,10362,"Seguro de vida e acidente em grupo","un",7.8799999999999995E-2,{"$f":"SUMIF(Insumos!B:B,D1693,Insumos!G:G)","v":4.42},0.35]
[{"$nulls":7},"PARCIAL:",{"$f":"SUM(I1686:I1693)","v":154.25}]
[null,null,null,"MATERIAIS/ SERVIÇOS/ EQUIPAMENTOS"]
[null,null,null,11248,"Furadeira e Parafusadeira eletrica Bosch ou Similar profissional","un",2.9999999999999997E-4,{"$f":"SUMIF(Insumos!B:B,D1696,Insumos!G:G)","v":235.13},{"$f":"(G1696*H1696)","v":7.0000000000000007E-2}]
[null,null,null,11249,"Serra circular eletrica portatil","un",2.9999999999999997E-4,{"$f":"SUMIF(Insumos!B:B,D1697,Insumos!G:G)","v":532.35},0.16]
[null,null,null,81,"Aço ca-50 6,3 a 12,5 mm","kg",19.375699999999998,{"$f":"SUMIF(Insumos!B:B,D1698,Insumos!G:G)","v":3.34},64.709999999999994]
[null,null,null,158,"Almoço (Participação do empregador)","un",1.786,{"$f":"SUMIF(Insumos!B:B,D1699,Insumos!G:G)","v":7.83},13.98]
[null,null,null,333,"Arame galvanizado 14 bwg, d = 2,11 mm (0,026 kg/m)","kg",0.46260000000000001,{"$f":"SUMIF(Insumos!B:B,D1700,Insumos!G:G)","v":9.7899999999999991},4.53]
[null,null,null,337,"Arame recozido 18 bwg, 1,25 mm (0,01 kg/m)","kg",0.49340000000000001,{"$f":"SUMIF(Insumos!B:B,D1701,Insumos!G:G)","v":7.37},3.64]
[null,null,null,10585,"Arco de serra","un",4.0000000000000002E-4,{"$f":"SUMIF(Insumos!B:B,D1702,Insumos!G:G)","v":15.27},0.01]
[null,null,null,367,"Areia grossa - posto jazida/fornecedor (retirado na jazida,sem transporte)","m3",0.28160000000000002,{"$f":"SUMIF(Insumos!B:B,D1703,Insumos!G:G)","v":48.94},13.78]
[null,null,null,12893,"Bota de seguranca com biqueira de aco e colarinho acolchoado","par",1.37E-2,{"$f":"SUMIF(Insumos!B:B,D1704,Insumos!G:G)","v":30.36},0.42]
[null,null,null,12894,"Capa para chuva em pvc com forro de poliester, com capuz (amarela ou azul)","un",3.5000000000000001E-3,{"$f":"SUMIF(Insumos!B:B,D1705,Insumos!G:G)","v":8.2200000000000006},0.03]
[null,null,null,12895,"Capacete de seguranca aba frontal com suspensao de polietileno, sem jugular (classe b)","un",1.06E-2,{"$f":"SUMIF(Insumos!B:B,D1706,Insumos!G:G)","v":6.33},7.0000000000000007E-2]
[null,null,null,2711,"Carrinho de mao de aco capacidade 50 a 60 l, pneu com camara","un",2.5000000000000001E-3,{"$f":"SUMIF(Insumos!B:B,D1707,Insumos!G:G)","v":86.13},0.22]
[null,null,null,10492,"Cesta Básica","un",7.8799999999999995E-2,{"$f":"SUMIF(Insumos!B:B,D1708,Insumos!G:G)","v":86.13},6.79]
[null,null,null,10579,"Chave de fenda chata 30 cm","un",5.9999999999999995E-4,{"$f":"SUMIF(Insumos!B:B,D1709,Insumos!G:G)","v":12.1},0.01]
[null,null,null,1379,"Cimento portland composto cp ii-32","kg",90.365399999999994,{"$f":"SUMIF(Insumos!B:B,D1710,Insumos!G:G)","v":0.34},30.72]
[null,null,null,4719,"Colher de pedreiro","un",0,{"$f":"SUMIF(Insumos!B:B,D1711,Insumos!G:G)","v":8.9700000000000006},0]
[null,null,null,630,"Compensado resinado 12mm - Madeirit ou similar","m2",0.72170000000000001,{"$f":"SUMIF(Insumos!B:B,D1712,Insumos!G:G)","v":19.61},14.15]
[null,null,null,4174,"Desempenadeira de aço lisa, cabo madeira, ref:143, Atlas ou similar","un",1E-4,{"$f":"SUMIF(Insumos!B:B,D1713,Insumos!G:G)","v":6.4},0]
[null,null,null,11245,"Desempoladeira de madeira 12x22","un",1E-4,{"$f":"SUMIF(Insumos!B:B,D1714,Insumos!G:G)","v":9.1999999999999993},0]
[null,null,null,2692,"Desmoldante protetor para formas de madeira, de base oleosaemulsionada em agua","l",6.1699999999999998E-2,{"$f":"SUMIF(Insumos!B:B,D1715,Insumos!G:G)","v":4.76},0.28999999999999998]
[null,null,null,11246,"Escala métrica de bambú","Un",1E-4,{"$f":"SUMIF(Insumos!B:B,D1716,Insumos!G:G)","v":13.31},0]
[null,null,null,941,"Fardamento","un",2.64E-2,{"$f":"SUMIF(Insumos!B:B,D1717,Insumos!G:G)","v":53.6},1.42]
[null,null,null,10578,"Formão grande","un",5.9999999999999995E-4,{"$f":"SUMIF(Insumos!B:B,D1718,Insumos!G:G)","v":11.86},0.01]
[null,null,null,12892,"Luva raspa de couro, cano curto (punho *7* cm)","par",4.0399999999999998E-2,{"$f":"SUMIF(Insumos!B:B,D1719,Insumos!G:G)","v":5.69},0.23]
[null,null,null,1569,"Madeira mista serrada (barrote) 6 x 6cm - 0,0036 m3/m (angelim, louro)","m",3.7835999999999999,{"$f":"SUMIF(Insumos!B:B,D1720,Insumos!G:G)","v":4.5999999999999996},17.399999999999999]
[null,null,null,4729,"Marreta 1 kg com cabo","un",1.1999999999999999E-3,{"$f":"SUMIF(Insumos!B:B,D1721,Insumos!G:G)","v":12.37},0.01]
[null,null,null,11264,"Marreta de 1/2 kg com cabo","un",0,{"$f":"SUMIF(Insumos!B:B,D1722,Insumos!G:G)","v":8.57},0]
[null,null,null,11244,"Martelo com unha","un",5.9999999999999995E-4,{"$f":"SUMIF(Insumos!B:B,D1723,Insumos!G:G)","v":22.05},0.01]
[null,null,null,11265,"Martelo de borracha com cabo","un",0,{"$f":"SUMIF(Insumos!B:B,D1724,Insumos!G:G)","v":11.67},0]
[null,null,null,11243,"Martelo sem unha","un",0,{"$f":"SUMIF(Insumos!B:B,D1725,Insumos!G:G)","v":12.76},0]
[null,null,null,10789,"Nível de bolha de madeira","un",0,{"$f":"SUMIF(Insumos!B:B,D1726,Insumos!G:G)","v":7.05},0]
[null,null,null,1651,"Óculos branco proteção","pr",1.37E-2,{"$f":"SUMIF(Insumos!B:B,D1727,Insumos!G:G)","v":4.3099999999999996},0.06]
[null,null,null,10788,"Pá quadrada","un",2.5000000000000001E-3,{"$f":"SUMIF(Insumos!B:B,D1728,Insumos!G:G)","v":13.54},0.03]
[null,null,null,4721,"Pedra britada n. 1 (9,5 a 19 mm) posto pedreira/fornecedor,sem frete","m3",6.4500000000000002E-2,{"$f":"SUMIF(Insumos!B:B,D1729,Insumos!G:G)","v":53.64},3.46]
[null,null,null,4718,"Pedra britada n. 2 (19 a 38 mm) posto pedreira/fornecedor, sem frete","m3",0.19339999999999999,{"$f":"SUMIF(Insumos!B:B,D1730,Insumos!G:G)","v":43.36},8.39]
[null,null,null,5068,"Prego de aco polido com cabeca 17 x 21 (2 x 11)","kg",7.7100000000000002E-2,{"$f":"SUMIF(Insumos!B:B,D1731,Insumos!G:G)","v":7.96},0.61]
[null,null,null,5069,"Prego de aco polido com cabeca 17 x 27 (2 1/2 x 11)","kg",0.30840000000000001,{"$f":"SUMIF(Insumos!B:B,D1732,Insumos!G:G)","v":8.1199999999999992},2.5]
[null,null,null,10596,"Protetor auricular","un",7.8799999999999995E-2,{"$f":"SUMIF(Insumos!B:B,D1733,Insumos!G:G)","v":2.5099999999999998},0.2]
[null,null,null,10599,"Protetor solar fps 30 com 120ml","un",3.1600000000000003E-2,{"$f":"SUMIF(Insumos!B:B,D1734,Insumos!G:G)","v":13.86},0.44]
[null,null,null,10790,"Prumo de face","un",0,{"$f":"SUMIF(Insumos!B:B,D1735,Insumos!G:G)","v":13.35},0]
[null,null,null,10282,"Regua de alumínio c/ 2,00m (para pedreiro)","un",0,{"$f":"SUMIF(Insumos!B:B,D1736,Insumos!G:G)","v":13.08},0]
[null,null,null,11247,"Serra mármore","un",0,{"$f":"SUMIF(Insumos!B:B,D1737,Insumos!G:G)","v":213.74},0]
[null,null,null,10577,"Serrote 40cm","un",2.9999999999999997E-4,{"$f":"SUMIF(Insumos!B:B,D1738,Insumos!G:G)","v":23.33},0.01]
[null,null,null,4509,"Tabua de madeira nao aparelhada *2,5 x 10 cm (1 x 4 \") pinus, mista ou equivalente da regiao","m",3.3595999999999999,{"$f":"SUMIF(Insumos!B:B,D1739,Insumos!G:G)","v":5.25},17.64]
[null,null,null,6193,"Tabua de madeira nao aparelhada *2,5 x 20* cm, cedrinho ou equivalente da regiao","m",0.37619999999999998,{"$f":"SUMIF(Insumos!B:B,D1740,Insumos!G:G)","v":4.49},1.69]
[null,null,null,4728,"Talhadeira chata 10\"","un",3.7000000000000002E-3,{"$f":"SUMIF(Insumos!B:B,D1741,Insumos!G:G)","v":7.4},0.03]
[null,null,null,10586,"Torquesa","un",4.0000000000000002E-4,{"$f":"SUMIF(Insumos!B:B,D1742,Insumos!G:G)","v":20.58},0.01]
[null,null,null,2378,"Vale transporte","un",1.5,{"$f":"SUMIF(Insumos!B:B,D1743,Insumos!G:G)","v":2.74},4.1100000000000003]
[{"$nulls":7},"PARCIAL:",{"$f":"SUM(I1695:I1743)","v":211.84}]
[]
[{"$nulls":7},"VALOR UNITÁRIO TOTAL - R$",{"$f":"TRUNC(I1694+I1744+I1745,2)","v":366.09}]
[]
[]
[]
[null,"SERVIÇO","ORSE",2519,{"$f":"VLOOKUP(D1750,ORSE!$C:$F,2)","v":"REATERRO MANUAL DE VALAS OU ÁREAS, COM ESPALHAMENTO E COMPACTAÇÃO, UTILIZANDO COMPACTADOR À PERCUSSÃO SAPINHO, SEM CONTROLE DO GRAU DE COMPACTAÇÃO"},null,null,null,{"$f":"VLOOKUP(D1750,ORSE!$C:$F,3)","v":"M3"},null,{"$f":"I1779","v":7.86},{"$f":"VLOOKUP(D1750,ORSE!$C:$F,4)","v":10.050000000000001}]
[]
[null,null,null,"COD.","DESCRIÇÃO","UN.","COEF.","PREÇO","TOTAL"]
[null,null,null,"MÃO DE OBRA"]
[null,null,null,6111,"SERVENTE DE OBRAS","h",0.50290000000000001,{"$f":"SUMIF(Insumos!B:B,D1754,Insumos!G:G)","v":11.11},{"$f":"(G1754*H1754)","v":5.59}]
[null,null,null,10517,"Exames admissionais/demissionais (checkup)","cj",4.0000000000000002E-4,{"$f":"SUMIF(Insumos!B:B,D1755,Insumos!G:G)","v":255.26},{"$f":"(G1755*H1755)","v":0.1}]
[null,null,null,10761,"Refeição - café da manhã ( café com leite e dois pães com manteiga)","un",8.9099999999999999E-2,{"$f":"SUMIF(Insumos!B:B,D1756,Insumos!G:G)","v":1.96},{"$f":"(G1756*H1756)","v":0.17}]
[null,null,null,10362,"Seguro de vida e acidente em grupo","un",3.8999999999999998E-3,{"$f":"SUMIF(Insumos!B:B,D1757,Insumos!G:G)","v":4.42},{"$f":"(G1757*H1757)","v":0.02}]
[{"$nulls":7},"PARCIAL:",{"$f":"SUM(I1753:I1757)","v":5.88}]
[null,null,null,"MATERIAIS/ SERVIÇOS/ EQUIPAMENTOS"]
[null,null,null,2462,"Aluguel de compactador pneumático (dynapac - lc 71 gasolina - 2,5 hp)","h",7.22E-2,{"$f":"SUMIF(Insumos!B:B,D1760,Insumos!G:G)","v":2.06},{"$f":"(G1760*H1760)-0.01","v":0.14000000000000001}]
[null,null,null,2459,"Caminhao tanque 6000 l (m. benz - ATEGO 1418/42 - 136,0 hp ou equivalente)","h",8.6999999999999994E-3,{"$f":"SUMIF(Insumos!B:B,D1761,Insumos!G:G)","v":49.33},{"$f":"(G1761*H1761)-0.01","v":0.42}]
[null,null,null,158,"Almoço (Participação do empregador)","un",8.9099999999999999E-2,{"$f":"SUMIF(Insumos!B:B,D1762,Insumos!G:G)","v":7.83},{"$f":"(G1762*H1762)","v":0.7}]
[null,null,null,12893,"Bota de seguranca com biqueira de aco e colarinho acolchoado","par",6.9999999999999999E-4,{"$f":"SUMIF(Insumos!B:B,D1763,Insumos!G:G)","v":30.36},0.02]
[null,null,null,12894,"Capa para chuva em pvc com forro de poliester, com capuz (amarela ou azul)","un",2.0000000000000001E-4,{"$f":"SUMIF(Insumos!B:B,D1764,Insumos!G:G)","v":8.2200000000000006},0]
[null,null,null,12895,"Capacete de seguranca aba frontal com suspensao de polietileno, sem jugular (classe b)","un",5.0000000000000001E-4,{"$f":"SUMIF(Insumos!B:B,D1765,Insumos!G:G)","v":6.33},0]
[null,null,null,2711,"Carrinho de mao de aco capacidade 50 a 60 l, pneu com camara","un",2.0000000000000001E-4,{"$f":"SUMIF(Insumos!B:B,D1766,Insumos!G:G)","v":86.13},0.02]
[null,null,null,10492,"Cesta Básica","un",3.8999999999999998E-3,{"$f":"SUMIF(Insumos!B:B,D1767,Insumos!G:G)","v":86.13},0.34]
[null,null,null,941,"Fardamento","un",1.2999999999999999E-3,{"$f":"SUMIF(Insumos!B:B,D1768,Insumos!G:G)","v":53.6},7.0000000000000007E-2]
[null,null,null,12892,"Luva raspa de couro, cano curto (punho *7* cm)","par",2E-3,{"$f":"SUMIF(Insumos!B:B,D1769,Insumos!G:G)","v":5.69},0.01]
[null,null,null,4729,"Marreta 1 kg com cabo","un",1E-4,{"$f":"SUMIF(Insumos!B:B,D1770,Insumos!G:G)","v":12.37},0]
[null,null,null,1651,"Óculos branco proteção","pr",6.9999999999999999E-4,{"$f":"SUMIF(Insumos!B:B,D1771,Insumos!G:G)","v":4.3099999999999996},0]
[null,null,null,10788,"Pá quadrada","un",2.0000000000000001E-4,{"$f":"SUMIF(Insumos!B:B,D1772,Insumos!G:G)","v":13.54},0]
[null,null,null,10596,"Protetor auricular","un",3.8999999999999998E-3,{"$f":"SUMIF(Insumos!B:B,D1773,Insumos!G:G)","v":2.5099999999999998},0.01]
[null,null,null,10599,"Protetor solar fps 30 com 120ml","un",1.6000000000000001E-3,{"$f":"SUMIF(Insumos!B:B,D1774,Insumos!G:G)","v":13.86},0.02]
[null,null,null,4728,"Talhadeira chata 10\"","un",2.9999999999999997E-4,{"$f":"SUMIF(Insumos!B:B,D1775,Insumos!G:G)","v":7.4},0]
[null,null,null,2378,"Vale transporte","un",8.2299999999999998E-2,{"$f":"SUMIF(Insumos!B:B,D1776,Insumos!G:G)","v":2.74},0.23]
[{"$nulls":7},"PARCIAL:",{"$f":"SUM(I1759:I1776)","v":1.98}]
[]
[{"$nulls":7},"VALOR UNITÁRIO TOTAL - R$",{"$f":"TRUNC(I1758+I1777+I1778,2)","v":7.86}]
[]
[]
[]
[null,"SERVIÇO","ORSE",71,{"$f":"VLOOKUP(D1783,ORSE!$C:$F,2)","v":"ATERRO MANUAL DE ÁREAS, SEM AQUISIÇÃO DE MATERIAL, COM ESPALHAMENTO E COMPACT AÇÃO"},null,null,null,{"$f":"VLOOKUP(D1783,ORSE!$C:$F,3)","v":"M3"},null,{"$f":"I1810","v":25},{"$f":"VLOOKUP(D1783,ORSE!$C:$F,4)","v":31.93}]
[]
[null,null,null,"COD.","DESCRIÇÃO","UN.","COEF.","PREÇO","TOTAL"]
[null,null,null,"MÃO DE OBRA"]
[null,null,null,6111,"SERVENTE DE OBRAS","h",1.7270000000000001,{"$f":"SUMIF(Insumos!B:B,D1787,Insumos!G:G)","v":11.11},{"$f":"(G1787*H1787)","v":19.190000000000001}]
[null,null,null,10517,"Exames admissionais/demissionais (checkup)","cj",1.1999999999999999E-3,{"$f":"SUMIF(Insumos!B:B,D1788,Insumos!G:G)","v":255.26},{"$f":"(G1788*H1788)","v":0.31}]
[null,null,null,10761,"Refeição - café da manhã ( café com leite e dois pães com manteiga)","un",0.3054,{"$f":"SUMIF(Insumos!B:B,D1789,Insumos!G:G)","v":1.96},{"$f":"(G1789*H1789)","v":0.6}]
[null,null,null,10362,"Seguro de vida e acidente em grupo","un",1.35E-2,{"$f":"SUMIF(Insumos!B:B,D1790,Insumos!G:G)","v":4.42},{"$f":"(G1790*H1790)","v":0.06}]
[{"$nulls":7},"PARCIAL:",{"$f":"SUM(I1786:I1790)","v":20.16}]
[null,null,null,"MATERIAIS/ SERVIÇOS/ EQUIPAMENTOS"]
[null,null,null,158,"Almoço (Participação do empregador)","un",0.3054,{"$f":"SUMIF(Insumos!B:B,D1793,Insumos!G:G)","v":7.83},{"$f":"(G1793*H1793)-0.01","v":2.38}]
[null,null,null,12893,"Bota de seguranca com biqueira de aco e colarinho acolchoado","par",2.3999999999999998E-3,{"$f":"SUMIF(Insumos!B:B,D1794,Insumos!G:G)","v":30.36},{"$f":"(G1794*H1794)","v":7.0000000000000007E-2}]
[null,null,null,12894,"Capa para chuva em pvc com forro de poliester, com capuz (amarela ou azul)","un",5.9999999999999995E-4,{"$f":"SUMIF(Insumos!B:B,D1795,Insumos!G:G)","v":8.2200000000000006},0]
[null,null,null,12895,"Capacete de seguranca aba frontal com suspensao de polietileno, sem jugular (classe b)","un",1.8E-3,{"$f":"SUMIF(Insumos!B:B,D1796,Insumos!G:G)","v":6.33},0.01]
[null,null,null,2711,"Carrinho de mao de aco capacidade 50 a 60 l, pneu com camara","un",5.9999999999999995E-4,{"$f":"SUMIF(Insumos!B:B,D1797,Insumos!G:G)","v":86.13},0.05]
[null,null,null,10492,"Cesta Básica","un",1.35E-2,{"$f":"SUMIF(Insumos!B:B,D1798,Insumos!G:G)","v":86.13},1.1599999999999999]
[null,null,null,941,"Fardamento","un",4.4999999999999997E-3,{"$f":"SUMIF(Insumos!B:B,D1799,Insumos!G:G)","v":53.6},{"$f":"(G1799*H1799)-0.01","v":0.23}]
[null,null,null,12892,"Luva raspa de couro, cano curto (punho *7* cm)","par",6.8999999999999999E-3,{"$f":"SUMIF(Insumos!B:B,D1800,Insumos!G:G)","v":5.69},0.04]
[null,null,null,4729,"Marreta 1 kg com cabo","un",2.9999999999999997E-4,{"$f":"SUMIF(Insumos!B:B,D1801,Insumos!G:G)","v":12.37},0]
[null,null,null,1651,"Óculos branco proteção","pr",2.3999999999999998E-3,{"$f":"SUMIF(Insumos!B:B,D1802,Insumos!G:G)","v":4.3099999999999996},0.01]
[null,null,null,10788,"Pá quadrada","un",5.9999999999999995E-4,{"$f":"SUMIF(Insumos!B:B,D1803,Insumos!G:G)","v":13.54},0.01]
[null,null,null,10596,"Protetor auricular","un",1.35E-2,{"$f":"SUMIF(Insumos!B:B,D1804,Insumos!G:G)","v":2.5099999999999998},0.03]
[null,null,null,10599,"Protetor solar fps 30 com 120ml","un",5.4000000000000003E-3,{"$f":"SUMIF(Insumos!B:B,D1805,Insumos!G:G)","v":13.86},7.0000000000000007E-2]
[null,null,null,4728,"Talhadeira chata 10\"","un",8.9999999999999998E-4,{"$f":"SUMIF(Insumos!B:B,D1806,Insumos!G:G)","v":7.4},0.01]
[null,null,null,2378,"Vale transporte","un",0.2823,{"$f":"SUMIF(Insumos!B:B,D1807,Insumos!G:G)","v":2.74},0.77]
[{"$nulls":7},"PARCIAL:",{"$f":"SUM(I1792:I1807)","v":4.84}]
[]
[{"$nulls":7},"VALOR UNITÁRIO TOTAL - R$",{"$f":"TRUNC(I1791+I1808+I1809,2)","v":25}]
[]
[]
[]
[null,"SERVIÇO","ORSE",17,{"$f":"VLOOKUP(D1814,ORSE!$C:$F,2)","v":"DEMOLIÇÃO DE REBOCO"},null,null,null,{"$f":"VLOOKUP(D1814,ORSE!$C:$F,3)","v":"M2"},null,{"$f":"I1841","v":4.16},{"$f":"VLOOKUP(D1814,ORSE!$C:$F,4)","v":5.32}]
[]
[null,null,null,"COD.","DESCRIÇÃO","UN.","COEF.","PREÇO","TOTAL"]
[null,null,null,"MÃO DE OBRA"]
[null,null,null,6111,"SERVENTE DE OBRAS","h",0.28720000000000001,{"$f":"SUMIF(Insumos!B:B,D1818,Insumos!G:G)","v":11.11},{"$f":"(G1818*H1818)","v":3.19}]
[null,null,null,10517,"Exames admissionais/demissionais (checkup)","cj",2.0000000000000001E-4,{"$f":"SUMIF(Insumos!B:B,D1819,Insumos!G:G)","v":255.26},{"$f":"(G1819*H1819)","v":0.05}]
[null,null,null,10761,"Refeição - café da manhã ( café com leite e dois pães com manteiga)","un",5.0900000000000001E-2,{"$f":"SUMIF(Insumos!B:B,D1820,Insumos!G:G)","v":1.96},{"$f":"(G1820*H1820)","v":0.1}]
[null,null,null,10362,"Seguro de vida e acidente em grupo","un",2.2000000000000001E-3,{"$f":"SUMIF(Insumos!B:B,D1821,Insumos!G:G)","v":4.42},{"$f":"(G1821*H1821)","v":0.01}]
[{"$nulls":7},"PARCIAL:",{"$f":"SUM(I1817:I1821)","v":3.35}]
[null,null,null,"MATERIAIS/ SERVIÇOS/ EQUIPAMENTOS"]
[null,null,null,158,"Almoço (Participação do empregador)","un",5.0900000000000001E-2,{"$f":"SUMIF(Insumos!B:B,D1824,Insumos!G:G)","v":7.83},{"$f":"(G1824*H1824)","v":0.4}]
[null,null,null,12893,"Bota de seguranca com biqueira de aco e colarinho acolchoado","par",4.0000000000000002E-4,{"$f":"SUMIF(Insumos!B:B,D1825,Insumos!G:G)","v":30.36},0.01]
[null,null,null,12894,"Capa para chuva em pvc com forro de poliester, com capuz (amarela ou azul)","un",1E-4,{"$f":"SUMIF(Insumos!B:B,D1826,Insumos!G:G)","v":8.2200000000000006},0]
[null,null,null,12895,"Capacete de seguranca aba frontal com suspensao de polietileno, sem jugular (classe b)","un",2.9999999999999997E-4,{"$f":"SUMIF(Insumos!B:B,D1827,Insumos!G:G)","v":6.33},0]
[null,null,null,2711,"Carrinho de mao de aco capacidade 50 a 60 l, pneu com camara","un",1E-4,{"$f":"SUMIF(Insumos!B:B,D1828,Insumos!G:G)","v":86.13},0.01]
[null,null,null,10492,"Cesta Básica","un",2.2000000000000001E-3,{"$f":"SUMIF(Insumos!B:B,D1829,Insumos!G:G)","v":86.13},0.19]
[null,null,null,941,"Fardamento","un",8.0000000000000004E-4,{"$f":"SUMIF(Insumos!B:B,D1830,Insumos!G:G)","v":53.6},0.04]
[null,null,null,12892,"Luva raspa de couro, cano curto (punho *7* cm)","par",1.1999999999999999E-3,{"$f":"SUMIF(Insumos!B:B,D1831,Insumos!G:G)","v":5.69},0.01]
[null,null,null,4729,"Marreta 1 kg com cabo","un",0,{"$f":"SUMIF(Insumos!B:B,D1832,Insumos!G:G)","v":12.37},0]
[null,null,null,1651,"Óculos branco proteção","pr",4.0000000000000002E-4,{"$f":"SUMIF(Insumos!B:B,D1833,Insumos!G:G)","v":4.3099999999999996},0]
[null,null,null,10788,"Pá quadrada","un",1E-4,{"$f":"SUMIF(Insumos!B:B,D1834,Insumos!G:G)","v":13.54},0]
[null,null,null,10596,"Protetor auricular","un",2.2000000000000001E-3,{"$f":"SUMIF(Insumos!B:B,D1835,Insumos!G:G)","v":2.5099999999999998},0.01]
[null,null,null,10599,"Protetor solar fps 30 com 120ml","un",8.9999999999999998E-4,{"$f":"SUMIF(Insumos!B:B,D1836,Insumos!G:G)","v":13.86},0.01]
[null,null,null,4728,"Talhadeira chata 10\"","un",2.0000000000000001E-4,{"$f":"SUMIF(Insumos!B:B,D1837,Insumos!G:G)","v":7.4},0]
[null,null,null,2378,"Vale transporte","un",4.7E-2,{"$f":"SUMIF(Insumos!B:B,D1838,Insumos!G:G)","v":2.74},0.13]
[{"$nulls":7},"PARCIAL:",{"$f":"SUM(I1823:I1838)","v":0.81}]
[]
[{"$nulls":7},"VALOR UNITÁRIO TOTAL - R$",{"$f":"TRUNC(I1822+I1839+I1840,2)","v":4.16}]
[]
[]
[]
[null,"SERVIÇO","ORSE",16,{"$f":"VLOOKUP(D1845,ORSE!$C:$F,2)","v":"DEMOLIÇÃO MANUAL DE PISO EM CONCRETO SIMPLES E/OU CIMENTADO"},null,null,null,{"$f":"VLOOKUP(D1845,ORSE!$C:$F,3)","v":"M2"},null,{"$f":"I1884","v":12.28},{"$f":"VLOOKUP(D1845,ORSE!$C:$F,4)","v":15.69}]
[]
[null,null,null,"COD.","DESCRIÇÃO","UN.","COEF.","PREÇO","TOTAL"]
[null,null,null,"MÃO DE OBRA"]
[null,null,null,"88309","PEDREIRO COM ENCARGOS COMPLEMENTARES","h",0.13,{"$f":"SUMIF(Insumos!B:B,D1849,Insumos!G:G)","v":13.51},{"$f":"(G1849*H1849)","v":1.76}]
[null,null,null,6111,"SERVENTE DE OBRAS","h",0.69550000000000001,{"$f":"SUMIF(Insumos!B:B,D1850,Insumos!G:G)","v":11.11},{"$f":"(G1850*H1850)","v":7.73}]
[null,null,null,10517,"Exames admissionais/demissionais (checkup)","cj",5.9999999999999995E-4,{"$f":"SUMIF(Insumos!B:B,D1851,Insumos!G:G)","v":255.26},{"$f":"(G1851*H1851)","v":0.15}]
[null,null,null,10761,"Refeição - café da manhã ( café com leite e dois pães com manteiga)","un",0.14549999999999999,{"$f":"SUMIF(Insumos!B:B,D1852,Insumos!G:G)","v":1.96},{"$f":"(G1852*H1852)","v":0.28999999999999998}]
[null,null,null,10362,"Seguro de vida e acidente em grupo","un",6.4999999999999997E-3,{"$f":"SUMIF(Insumos!B:B,D1853,Insumos!G:G)","v":4.42},{"$f":"(G1853*H1853)","v":0.03}]
[{"$nulls":7},"PARCIAL:",{"$f":"SUM(I1848:I1853)","v":9.9600000000000009}]
[null,null,null,"MATERIAIS/ SERVIÇOS/ EQUIPAMENTOS"]
[null,null,null,158,"Almoço (Participação do empregador)","un",0.14549999999999999,{"$f":"SUMIF(Insumos!B:B,D1856,Insumos!G:G)","v":7.83},{"$f":"(G1856*H1856)","v":1.1399999999999999}]
[null,null,null,12893,"Bota de seguranca com biqueira de aco e colarinho acolchoado","par",1.1000000000000001E-3,{"$f":"SUMIF(Insumos!B:B,D1857,Insumos!G:G)","v":30.36},{"$f":"(G1857*H1857)","v":0.03}]
[null,null,null,12894,"Capa para chuva em pvc com forro de poliester, com capuz (amarela ou azul)","un",2.9999999999999997E-4,{"$f":"SUMIF(Insumos!B:B,D1858,Insumos!G:G)","v":8.2200000000000006},0]
[null,null,null,12895,"Capacete de seguranca aba frontal com suspensao de polietileno, sem jugular (classe b)","un",8.9999999999999998E-4,{"$f":"SUMIF(Insumos!B:B,D1859,Insumos!G:G)","v":6.33},0.01]
[null,null,null,2711,"Carrinho de mao de aco capacidade 50 a 60 l, pneu com camara","un",2.9999999999999997E-4,{"$f":"SUMIF(Insumos!B:B,D1860,Insumos!G:G)","v":86.13},0.03]
[null,null,null,10492,"Cesta Básica","un",6.4999999999999997E-3,{"$f":"SUMIF(Insumos!B:B,D1861,Insumos!G:G)","v":86.13},0.56000000000000005]
[null,null,null,4719,"Colher de pedreiro","un",1E-4,{"$f":"SUMIF(Insumos!B:B,D1862,Insumos!G:G)","v":8.9700000000000006},0]
[null,null,null,4174,"Desempenadeira de aço lisa, cabo madeira, ref:143, Atlas ou similar","un",1E-4,{"$f":"SUMIF(Insumos!B:B,D1863,Insumos!G:G)","v":6.4},0]
[null,null,null,11245,"Desempoladeira de madeira 12x22","un",1E-4,{"$f":"SUMIF(Insumos!B:B,D1864,Insumos!G:G)","v":9.1999999999999993},0]
[null,null,null,11246,"Escala métrica de bambú","Un",1E-4,{"$f":"SUMIF(Insumos!B:B,D1865,Insumos!G:G)","v":13.31},0]
[null,null,null,941,"Fardamento","un",2.2000000000000001E-3,{"$f":"SUMIF(Insumos!B:B,D1866,Insumos!G:G)","v":53.6},0.12]
[null,null,null,12892,"Luva raspa de couro, cano curto (punho *7* cm)","par",3.3E-3,{"$f":"SUMIF(Insumos!B:B,D1867,Insumos!G:G)","v":5.69},0.02]
[null,null,null,4729,"Marreta 1 kg com cabo","un",1E-4,{"$f":"SUMIF(Insumos!B:B,D1868,Insumos!G:G)","v":12.37},0]
[null,null,null,11264,"Marreta de 1/2 kg com cabo","un",0,{"$f":"SUMIF(Insumos!B:B,D1869,Insumos!G:G)","v":8.57},0]
[null,null,null,11265,"Martelo de borracha com cabo","un",1E-4,{"$f":"SUMIF(Insumos!B:B,D1870,Insumos!G:G)","v":11.67},0]
[null,null,null,11243,"Martelo sem unha","un",0,{"$f":"SUMIF(Insumos!B:B,D1871,Insumos!G:G)","v":12.76},0]
[null,null,null,10789,"Nível de bolha de madeira","un",0,{"$f":"SUMIF(Insumos!B:B,D1872,Insumos!G:G)","v":7.05},0]
[null,null,null,1651,"Óculos branco proteção","pr",1.1000000000000001E-3,{"$f":"SUMIF(Insumos!B:B,D1873,Insumos!G:G)","v":4.3099999999999996},0]
[null,null,null,10788,"Pá quadrada","un",2.9999999999999997E-4,{"$f":"SUMIF(Insumos!B:B,D1874,Insumos!G:G)","v":13.54},0]
[null,null,null,10596,"Protetor auricular","un",6.4999999999999997E-3,{"$f":"SUMIF(Insumos!B:B,D1875,Insumos!G:G)","v":2.5099999999999998},0.02]
[null,null,null,10599,"Protetor solar fps 30 com 120ml","un",2.5000000000000001E-3,{"$f":"SUMIF(Insumos!B:B,D1876,Insumos!G:G)","v":13.86},0.03]
[null,null,null,10790,"Prumo de face","un",0,{"$f":"SUMIF(Insumos!B:B,D1877,Insumos!G:G)","v":13.35},0]
[null,null,null,10282,"Regua de alumínio c/ 2,00m (para pedreiro)","un",0,{"$f":"SUMIF(Insumos!B:B,D1878,Insumos!G:G)","v":13.08},0]
[null,null,null,11247,"Serra mármore","un",0,{"$f":"SUMIF(Insumos!B:B,D1879,Insumos!G:G)","v":213.74},0]
[null,null,null,4728,"Talhadeira chata 10\"","un",4.0000000000000002E-4,{"$f":"SUMIF(Insumos!B:B,D1880,Insumos!G:G)","v":7.4},0]
[null,null,null,2378,"Vale transporte","un",0.1308,{"$f":"SUMIF(Insumos!B:B,D1881,Insumos!G:G)","v":2.74},0.36]
[{"$nulls":7},"PARCIAL:",{"$f":"SUM(I1855:I1881)","v":2.3199999999999998}]
[]
[{"$nulls":7},"VALOR UNITÁRIO TOTAL - R$",{"$f":"TRUNC(I1854+I1882+I1883,2)","v":12.28}]
[]
[]
[]
[null,"SERVIÇO","ORSE",4942,{"$f":"VLOOKUP(D1888,ORSE!$C:$F,2)","v":"REMOÇÃO DE ESQUADRIA METÁLICA, COM OU SEM REAPROVEITAMENTO"},null,null,null,{"$f":"VLOOKUP(D1888,ORSE!$C:$F,3)","v":"M2"},null,{"$f":"I1927","v":8.83},{"$f":"VLOOKUP(D1888,ORSE!$C:$F,4)","v":11.31}]
[]
[null,null,null,"COD.","DESCRIÇÃO","UN.","COEF.","PREÇO","TOTAL"]
[null,null,null,"MÃO DE OBRA"]
[null,null,null,"88309","PEDREIRO COM ENCARGOS COMPLEMENTARES","h",0.31559999999999999,{"$f":"SUMIF(Insumos!B:B,D1892,Insumos!G:G)","v":13.51},{"$f":"(G1892*H1892)","v":4.26}]
[null,null,null,6111,"SERVENTE DE OBRAS","h",0.31559999999999999,{"$f":"SUMIF(Insumos!B:B,D1893,Insumos!G:G)","v":11.11},{"$f":"(G1893*H1893)","v":3.51}]
[null,null,null,10517,"Exames admissionais/demissionais (checkup)","cj",2.0000000000000001E-4,{"$f":"SUMIF(Insumos!B:B,D1894,Insumos!G:G)","v":255.26},{"$f":"(G1894*H1894)","v":0.05}]
[null,null,null,10761,"Refeição - café da manhã ( café com leite e dois pães com manteiga)","un",5.6000000000000001E-2,{"$f":"SUMIF(Insumos!B:B,D1895,Insumos!G:G)","v":1.96},{"$f":"(G1895*H1895)","v":0.11}]
[null,null,null,10362,"Seguro de vida e acidente em grupo","un",2.3999999999999998E-3,{"$f":"SUMIF(Insumos!B:B,D1896,Insumos!G:G)","v":4.42},{"$f":"(G1896*H1896)","v":0.01}]
[{"$nulls":7},"PARCIAL:",{"$f":"SUM(I1891:I1896)","v":7.94}]
[null,null,null,"MATERIAIS/ SERVIÇOS/ EQUIPAMENTOS"]
[null,null,null,158,"Almoço (Participação do empregador)","un",5.6000000000000001E-2,{"$f":"SUMIF(Insumos!B:B,D1899,Insumos!G:G)","v":7.83},{"$f":"(G1899*H1899)","v":0.44}]
[null,null,null,12893,"Bota de seguranca com biqueira de aco e colarinho acolchoado","par",4.0000000000000002E-4,{"$f":"SUMIF(Insumos!B:B,D1900,Insumos!G:G)","v":30.36},{"$f":"(G1900*H1900)","v":0.01}]
[null,null,null,12894,"Capa para chuva em pvc com forro de poliester, com capuz (amarela ou azul)","un",1E-4,{"$f":"SUMIF(Insumos!B:B,D1901,Insumos!G:G)","v":8.2200000000000006},0]
[null,null,null,12895,"Capacete de seguranca aba frontal com suspensao de polietileno, sem jugular (classe b)","un",2.9999999999999997E-4,{"$f":"SUMIF(Insumos!B:B,D1902,Insumos!G:G)","v":6.33},0]
[null,null,null,2711,"Carrinho de mao de aco capacidade 50 a 60 l, pneu com camara","un",1E-4,{"$f":"SUMIF(Insumos!B:B,D1903,Insumos!G:G)","v":86.13},0.01]
[null,null,null,10492,"Cesta Básica","un",2.3999999999999998E-3,{"$f":"SUMIF(Insumos!B:B,D1904,Insumos!G:G)","v":86.13},0.21]
[null,null,null,4719,"Colher de pedreiro","un",0,{"$f":"SUMIF(Insumos!B:B,D1905,Insumos!G:G)","v":8.9700000000000006},0]
[null,null,null,4174,"Desempenadeira de aço lisa, cabo madeira, ref:143, Atlas ou similar","un",0,{"$f":"SUMIF(Insumos!B:B,D1906,Insumos!G:G)","v":6.4},0]
[null,null,null,11245,"Desempoladeira de madeira 12x22","un",0,{"$f":"SUMIF(Insumos!B:B,D1907,Insumos!G:G)","v":9.1999999999999993},0]
[null,null,null,11246,"Escala métrica de bambú","Un",0,{"$f":"SUMIF(Insumos!B:B,D1908,Insumos!G:G)","v":13.31},0]
[null,null,null,941,"Fardamento","un",8.9999999999999998E-4,{"$f":"SUMIF(Insumos!B:B,D1909,Insumos!G:G)","v":53.6},0.05]
[null,null,null,12892,"Luva raspa de couro, cano curto (punho *7* cm)","par",1.2999999999999999E-3,{"$f":"SUMIF(Insumos!B:B,D1910,Insumos!G:G)","v":5.69},0.01]
[null,null,null,4729,"Marreta 1 kg com cabo","un",0,{"$f":"SUMIF(Insumos!B:B,D1911,Insumos!G:G)","v":12.37},0]
[null,null,null,11264,"Marreta de 1/2 kg com cabo","un",0,{"$f":"SUMIF(Insumos!B:B,D1912,Insumos!G:G)","v":8.57},0]
[null,null,null,11265,"Martelo de borracha com cabo","un",0,{"$f":"SUMIF(Insumos!B:B,D1913,Insumos!G:G)","v":11.67},0]
[null,null,null,11243,"Martelo sem unha","un",0,{"$f":"SUMIF(Insumos!B:B,D1914,Insumos!G:G)","v":12.76},0]
[null,null,null,10789,"Nível de bolha de madeira","un",0,{"$f":"SUMIF(Insumos!B:B,D1915,Insumos!G:G)","v":7.05},0]
[null,null,null,1651,"Óculos branco proteção","pr",4.0000000000000002E-4,{"$f":"SUMIF(Insumos!B:B,D1916,Insumos!G:G)","v":4.3099999999999996},0]
[null,null,null,10788,"Pá quadrada","un",1E-4,{"$f":"SUMIF(Insumos!B:B,D1917,Insumos!G:G)","v":13.54},0]
[null,null,null,10596,"Protetor auricular","un",2.3999999999999998E-3,{"$f":"SUMIF(Insumos!B:B,D1918,Insumos!G:G)","v":2.5099999999999998},0.01]
[null,null,null,10599,"Protetor solar fps 30 com 120ml","un",1E-3,{"$f":"SUMIF(Insumos!B:B,D1919,Insumos!G:G)","v":13.86},0.01]
[null,null,null,10790,"Prumo de face","un",0,{"$f":"SUMIF(Insumos!B:B,D1920,Insumos!G:G)","v":13.35},0]
[null,null,null,10282,"Regua de alumínio c/ 2,00m (para pedreiro)","un",0,{"$f":"SUMIF(Insumos!B:B,D1921,Insumos!G:G)","v":13.08},0]
[null,null,null,11247,"Serra mármore","un",0,{"$f":"SUMIF(Insumos!B:B,D1922,Insumos!G:G)","v":213.74},0]
[null,null,null,4728,"Talhadeira chata 10\"","un",2.0000000000000001E-4,{"$f":"SUMIF(Insumos!B:B,D1923,Insumos!G:G)","v":7.4},0]
[null,null,null,2378,"Vale transporte","un",5.0299999999999997E-2,{"$f":"SUMIF(Insumos!B:B,D1924,Insumos!G:G)","v":2.74},0.14000000000000001]
[{"$nulls":7},"PARCIAL:",{"$f":"SUM(I1898:I1924)","v":0.89}]
[]
[{"$nulls":7},"VALOR UNITÁRIO TOTAL - R$",{"$f":"TRUNC(I1897+I1925+I1926,2)","v":8.83}]
[]
[]
[]
[null,"SERVIÇO","ORSE",2265,{"$f":"VLOOKUP(D1931,ORSE!$C:$F,2)","v":"SOLEIRA CIMENTADO TRAÇO T1, L = 18 CM, E = 2 CM"},null,null,null,{"$f":"VLOOKUP(D1931,ORSE!$C:$F,3)","v":"M"},null,{"$f":"I1972","v":9.41},{"$f":"VLOOKUP(D1931,ORSE!$C:$F,4)","v":12.08}]
[]
[null,null,null,"COD.","DESCRIÇÃO","UN.","COEF.","PREÇO","TOTAL"]
[null,null,null,"MÃO DE OBRA"]
[null,null,null,"88309","PEDREIRO COM ENCARGOS COMPLEMENTARES","h",0.51800000000000002,{"$f":"SUMIF(Insumos!B:B,D1935,Insumos!G:G)","v":13.51},{"$f":"(G1935*H1935)","v":7}]
[null,null,null,6111,"SERVENTE DE OBRAS","h",1.6E-2,{"$f":"SUMIF(Insumos!B:B,D1936,Insumos!G:G)","v":11.11},{"$f":"(G1936*H1936)","v":0.18}]
[null,null,null,10517,"Exames admissionais/demissionais (checkup)","cj",2.9999999999999997E-4,{"$f":"SUMIF(Insumos!B:B,D1937,Insumos!G:G)","v":255.26},{"$f":"(G1937*H1937)","v":0.08}]
[null,null,null,10761,"Refeição - café da manhã ( café com leite e dois pães com manteiga)","un",7.8E-2,{"$f":"SUMIF(Insumos!B:B,D1938,Insumos!G:G)","v":1.96},{"$f":"(G1938*H1938)","v":0.15}]
[null,null,null,10362,"Seguro de vida e acidente em grupo","un",3.5000000000000001E-3,{"$f":"SUMIF(Insumos!B:B,D1939,Insumos!G:G)","v":4.42},{"$f":"(G1939*H1939)","v":0.02}]
[{"$nulls":7},"PARCIAL:",{"$f":"SUM(I1934:I1939)","v":7.43}]
[null,null,null,"MATERIAIS/ SERVIÇOS/ EQUIPAMENTOS"]
[null,null,null,158,"Almoço (Participação do empregador)","un",7.8E-2,{"$f":"SUMIF(Insumos!B:B,D1942,Insumos!G:G)","v":7.83},{"$f":"(G1942*H1942)","v":0.61}]
[null,null,null,370,"Areia media - posto jazida/fornecedor (retirado na jazida, sem transporte)","m3",4.3E-3,{"$f":"SUMIF(Insumos!B:B,D1943,Insumos!G:G)","v":39.15},0.17]
[null,null,null,12893,"Bota de seguranca com biqueira de aco e colarinho acolchoado","par",5.9999999999999995E-4,{"$f":"SUMIF(Insumos!B:B,D1944,Insumos!G:G)","v":30.36},{"$f":"(G1944*H1944)","v":0.02}]
[null,null,null,12894,"Capa para chuva em pvc com forro de poliester, com capuz (amarela ou azul)","un",2.0000000000000001E-4,{"$f":"SUMIF(Insumos!B:B,D1945,Insumos!G:G)","v":8.2200000000000006},0]
[null,null,null,12895,"Capacete de seguranca aba frontal com suspensao de polietileno, sem jugular (classe b)","un",4.0000000000000002E-4,{"$f":"SUMIF(Insumos!B:B,D1946,Insumos!G:G)","v":6.33},0]
[null,null,null,2711,"Carrinho de mao de aco capacidade 50 a 60 l, pneu com camara","un",0,{"$f":"SUMIF(Insumos!B:B,D1947,Insumos!G:G)","v":86.13},0]
[null,null,null,10492,"Cesta Básica","un",3.5000000000000001E-3,{"$f":"SUMIF(Insumos!B:B,D1948,Insumos!G:G)","v":86.13},0.3]
[null,null,null,1379,"Cimento portland composto cp ii-32","kg",1.8077000000000001,{"$f":"SUMIF(Insumos!B:B,D1949,Insumos!G:G)","v":0.34},0.61]
[null,null,null,4719,"Colher de pedreiro","un",2.9999999999999997E-4,{"$f":"SUMIF(Insumos!B:B,D1950,Insumos!G:G)","v":8.9700000000000006},0]
[null,null,null,4174,"Desempenadeira de aço lisa, cabo madeira, ref:143, Atlas ou similar","un",4.0000000000000002E-4,{"$f":"SUMIF(Insumos!B:B,D1951,Insumos!G:G)","v":6.4},0]
[null,null,null,11245,"Desempoladeira de madeira 12x22","un",5.0000000000000001E-4,{"$f":"SUMIF(Insumos!B:B,D1952,Insumos!G:G)","v":9.1999999999999993},0]
[null,null,null,11246,"Escala métrica de bambú","Un",5.0000000000000001E-4,{"$f":"SUMIF(Insumos!B:B,D1953,Insumos!G:G)","v":13.31},0.01]
[null,null,null,941,"Fardamento","un",1.1000000000000001E-3,{"$f":"SUMIF(Insumos!B:B,D1954,Insumos!G:G)","v":53.6},0.06]
[null,null,null,12892,"Luva raspa de couro, cano curto (punho *7* cm)","par",1.6999999999999999E-3,{"$f":"SUMIF(Insumos!B:B,D1955,Insumos!G:G)","v":5.69},0.01]
[null,null,null,4729,"Marreta 1 kg com cabo","un",0,{"$f":"SUMIF(Insumos!B:B,D1956,Insumos!G:G)","v":12.37},0]
[null,null,null,11264,"Marreta de 1/2 kg com cabo","un",2.0000000000000001E-4,{"$f":"SUMIF(Insumos!B:B,D1957,Insumos!G:G)","v":8.57},0]
[null,null,null,11265,"Martelo de borracha com cabo","un",2.9999999999999997E-4,{"$f":"SUMIF(Insumos!B:B,D1958,Insumos!G:G)","v":11.67},0]
[null,null,null,11243,"Martelo sem unha","un",1E-4,{"$f":"SUMIF(Insumos!B:B,D1959,Insumos!G:G)","v":12.76},0]
[null,null,null,10789,"Nível de bolha de madeira","un",2.0000000000000001E-4,{"$f":"SUMIF(Insumos!B:B,D1960,Insumos!G:G)","v":7.05},0]
[null,null,null,1651,"Óculos branco proteção","pr",5.9999999999999995E-4,{"$f":"SUMIF(Insumos!B:B,D1961,Insumos!G:G)","v":4.3099999999999996},0]
[null,null,null,10788,"Pá quadrada","un",0,{"$f":"SUMIF(Insumos!B:B,D1962,Insumos!G:G)","v":13.54},0]
[null,null,null,10596,"Protetor auricular","un",3.5000000000000001E-3,{"$f":"SUMIF(Insumos!B:B,D1963,Insumos!G:G)","v":2.5099999999999998},0.01]
[null,null,null,10599,"Protetor solar fps 30 com 120ml","un",1.4E-3,{"$f":"SUMIF(Insumos!B:B,D1964,Insumos!G:G)","v":13.86},0.02]
[null,null,null,10790,"Prumo de face","un",1E-4,{"$f":"SUMIF(Insumos!B:B,D1965,Insumos!G:G)","v":13.35},0]
[null,null,null,10282,"Regua de alumínio c/ 2,00m (para pedreiro)","un",2.0000000000000001E-4,{"$f":"SUMIF(Insumos!B:B,D1966,Insumos!G:G)","v":13.08},0]
[null,null,null,11247,"Serra mármore","un",1E-4,{"$f":"SUMIF(Insumos!B:B,D1967,Insumos!G:G)","v":213.74},0.02]
[null,null,null,4728,"Talhadeira chata 10\"","un",0,{"$f":"SUMIF(Insumos!B:B,D1968,Insumos!G:G)","v":7.4},0]
[null,null,null,2378,"Vale transporte","un",5.0500000000000003E-2,{"$f":"SUMIF(Insumos!B:B,D1969,Insumos!G:G)","v":2.74},0.14000000000000001]
[{"$nulls":7},"PARCIAL:",{"$f":"SUM(I1941:I1969)","v":1.98}]
[]
[{"$nulls":7},"VALOR UNITÁRIO TOTAL - R$",{"$f":"TRUNC(I1940+I1970+I1971,2)","v":9.41}]
[]
[]
[]
[null,"SERVIÇO","ORSE",1987,{"$f":"VLOOKUP(D1976,ORSE!$C:$F,2)","v":"PEITORIL CIMENTO TRAÇO T1, C/ LARGURA = 22 CM, ESP = 4 CM"},null,null,null,{"$f":"VLOOKUP(D1976,ORSE!$C:$F,3)","v":"M"},null,{"$f":"I2032","v":18.87},{"$f":"VLOOKUP(D1976,ORSE!$C:$F,4)","v":24.13}]
[]
[null,null,null,"COD.","DESCRIÇÃO","UN.","COEF.","PREÇO","TOTAL"]
[null,null,null,"MÃO DE OBRA"]
[null,null,null,"88262","CARPINTEIRO DE FORMAS COM ENCARGOS COMPLEMENTARES","h",0.1699,{"$f":"SUMIF(Insumos!B:B,D1980,Insumos!G:G)","v":13.51},{"$f":"(G1980*H1980)","v":2.2999999999999998}]
[null,null,null,"88309","PEDREIRO COM ENCARGOS COMPLEMENTARES","h",0.38979999999999998,{"$f":"SUMIF(Insumos!B:B,D1981,Insumos!G:G)","v":13.51},5.27]
[null,null,null,6111,"SERVENTE DE OBRAS","h",0.246,{"$f":"SUMIF(Insumos!B:B,D1982,Insumos!G:G)","v":11.11},2.73]
[null,null,null,10517,"Exames admissionais/demissionais (checkup)","cj",5.0000000000000001E-4,{"$f":"SUMIF(Insumos!B:B,D1983,Insumos!G:G)","v":255.26},0.13]
[null,null,null,10761,"Refeição - café da manhã ( café com leite e dois pães com manteiga)","un",0.12379999999999999,{"$f":"SUMIF(Insumos!B:B,D1984,Insumos!G:G)","v":1.96},0.24]
[null,null,null,10362,"Seguro de vida e acidente em grupo","un",5.4999999999999997E-3,{"$f":"SUMIF(Insumos!B:B,D1985,Insumos!G:G)","v":4.42},0.02]
[{"$nulls":7},"PARCIAL:",{"$f":"SUM(I1979:I1985)","v":10.69}]
[null,null,null,"MATERIAIS/ SERVIÇOS/ EQUIPAMENTOS"]
[null,null,null,11248,"Furadeira e Parafusadeira eletrica Bosch ou Similar profissional","un",0,{"$f":"SUMIF(Insumos!B:B,D1988,Insumos!G:G)","v":235.13},{"$f":"(G1988*H1988)","v":0}]
[null,null,null,11249,"Serra circular eletrica portatil","un",0,{"$f":"SUMIF(Insumos!B:B,D1989,Insumos!G:G)","v":532.35},0]
[null,null,null,158,"Almoço (Participação do empregador)","un",0.12379999999999999,{"$f":"SUMIF(Insumos!B:B,D1990,Insumos!G:G)","v":7.83},{"$f":"(G1990*H1990)","v":0.97}]
[null,null,null,333,"Arame galvanizado 14 bwg, d = 2,11 mm (0,026 kg/m)","kg",2.2499999999999999E-2,{"$f":"SUMIF(Insumos!B:B,D1991,Insumos!G:G)","v":9.7899999999999991},{"$f":"(G1991*H1991)","v":0.22}]
[null,null,null,370,"Areia media - posto jazida/fornecedor (retirado na jazida, sem transporte)","m3",9.7000000000000003E-3,{"$f":"SUMIF(Insumos!B:B,D1992,Insumos!G:G)","v":39.15},0.38]
[null,null,null,12893,"Bota de seguranca com biqueira de aco e colarinho acolchoado","par",8.9999999999999998E-4,{"$f":"SUMIF(Insumos!B:B,D1993,Insumos!G:G)","v":30.36},0.03]
[null,null,null,12894,"Capa para chuva em pvc com forro de poliester, com capuz (amarela ou azul)","un",2.0000000000000001E-4,{"$f":"SUMIF(Insumos!B:B,D1994,Insumos!G:G)","v":8.2200000000000006},0]
[null,null,null,12895,"Capacete de seguranca aba frontal com suspensao de polietileno, sem jugular (classe b)","un",6.9999999999999999E-4,{"$f":"SUMIF(Insumos!B:B,D1995,Insumos!G:G)","v":6.33},0]
[null,null,null,2711,"Carrinho de mao de aco capacidade 50 a 60 l, pneu com camara","un",0,{"$f":"SUMIF(Insumos!B:B,D1996,Insumos!G:G)","v":86.13},0]
[null,null,null,10492,"Cesta Básica","un",5.4999999999999997E-3,{"$f":"SUMIF(Insumos!B:B,D1997,Insumos!G:G)","v":86.13},0.47]
[null,null,null,10579,"Chave de fenda chata 30 cm","un",0,{"$f":"SUMIF(Insumos!B:B,D1998,Insumos!G:G)","v":12.1},{"$f":"(G1998*H1998)","v":0}]
[null,null,null,1379,"Cimento portland composto cp ii-32","kg",4.0769000000000002,{"$f":"SUMIF(Insumos!B:B,D1999,Insumos!G:G)","v":0.34},1.39]
[null,null,null,4719,"Colher de pedreiro","un",2.9999999999999997E-4,{"$f":"SUMIF(Insumos!B:B,D2000,Insumos!G:G)","v":8.9700000000000006},0]
[null,null,null,630,"Compensado resinado 12mm - Madeirit ou similar","m2",5.8299999999999998E-2,{"$f":"SUMIF(Insumos!B:B,D2001,Insumos!G:G)","v":19.61},1.1399999999999999]
[null,null,null,4174,"Desempenadeira de aço lisa, cabo madeira, ref:143, Atlas ou similar","un",4.0000000000000002E-4,{"$f":"SUMIF(Insumos!B:B,D2002,Insumos!G:G)","v":6.4},0]
[null,null,null,11245,"Desempoladeira de madeira 12x22","un",5.9999999999999995E-4,{"$f":"SUMIF(Insumos!B:B,D2003,Insumos!G:G)","v":9.1999999999999993},0.01]
[null,null,null,2692,"Desmoldante protetor para formas de madeira, de base oleosaemulsionada em agua","l",3.0000000000000001E-3,{"$f":"SUMIF(Insumos!B:B,D2004,Insumos!G:G)","v":4.76},0.01]
[null,null,null,11246,"Escala métrica de bambú","Un",5.9999999999999995E-4,{"$f":"SUMIF(Insumos!B:B,D2005,Insumos!G:G)","v":13.31},0.01]
[null,null,null,941,"Fardamento","un",1.9E-3,{"$f":"SUMIF(Insumos!B:B,D2006,Insumos!G:G)","v":53.6},0.1]
[null,null,null,10578,"Formão grande","un",0,{"$f":"SUMIF(Insumos!B:B,D2007,Insumos!G:G)","v":11.86},0]
[null,null,null,12892,"Luva raspa de couro, cano curto (punho *7* cm)","par",2.8E-3,{"$f":"SUMIF(Insumos!B:B,D2008,Insumos!G:G)","v":5.69},0.02]
[null,null,null,1569,"Madeira mista serrada (barrote) 6 x 6cm - 0,0036 m3/m (angelim, louro)","m",0.30659999999999998,{"$f":"SUMIF(Insumos!B:B,D2009,Insumos!G:G)","v":4.5999999999999996},1.41]
[null,null,null,4729,"Marreta 1 kg com cabo","un",0,{"$f":"SUMIF(Insumos!B:B,D2010,Insumos!G:G)","v":12.37},0]
[null,null,null,11264,"Marreta de 1/2 kg com cabo","un",2.0000000000000001E-4,{"$f":"SUMIF(Insumos!B:B,D2011,Insumos!G:G)","v":8.57},0]
[null,null,null,11244,"Martelo com unha","un",0,{"$f":"SUMIF(Insumos!B:B,D2012,Insumos!G:G)","v":22.05},0]
[null,null,null,11265,"Martelo de borracha com cabo","un",2.9999999999999997E-4,{"$f":"SUMIF(Insumos!B:B,D2013,Insumos!G:G)","v":11.67},0]
[null,null,null,11243,"Martelo sem unha","un",1E-4,{"$f":"SUMIF(Insumos!B:B,D2014,Insumos!G:G)","v":12.76},0]
[null,null,null,10789,"Nível de bolha de madeira","un",2.0000000000000001E-4,{"$f":"SUMIF(Insumos!B:B,D2015,Insumos!G:G)","v":7.05},0]
[null,null,null,1651,"Óculos branco proteção","pr",8.9999999999999998E-4,{"$f":"SUMIF(Insumos!B:B,D2016,Insumos!G:G)","v":4.3099999999999996},0]
[null,null,null,10788,"Pá quadrada","un",0,{"$f":"SUMIF(Insumos!B:B,D2017,Insumos!G:G)","v":13.54},0]
[null,null,null,5068,"Prego de aco polido com cabeca 17 x 21 (2 x 11)","kg",3.7000000000000002E-3,{"$f":"SUMIF(Insumos!B:B,D2018,Insumos!G:G)","v":7.96},0.03]
[null,null,null,5069,"Prego de aco polido com cabeca 17 x 27 (2 1/2 x 11)","kg",1.4999999999999999E-2,{"$f":"SUMIF(Insumos!B:B,D2019,Insumos!G:G)","v":8.1199999999999992},0.12]
[null,null,null,10596,"Protetor auricular","un",5.4999999999999997E-3,{"$f":"SUMIF(Insumos!B:B,D2020,Insumos!G:G)","v":2.5099999999999998},0.01]
[null,null,null,10599,"Protetor solar fps 30 com 120ml","un",2.2000000000000001E-3,{"$f":"SUMIF(Insumos!B:B,D2021,Insumos!G:G)","v":13.86},0.03]
[null,null,null,10790,"Prumo de face","un",1E-4,{"$f":"SUMIF(Insumos!B:B,D2022,Insumos!G:G)","v":13.35},0]
[null,null,null,10282,"Regua de alumínio c/ 2,00m (para pedreiro)","un",2.0000000000000001E-4,{"$f":"SUMIF(Insumos!B:B,D2023,Insumos!G:G)","v":13.08},0]
[null,null,null,11247,"Serra mármore","un",1E-4,{"$f":"SUMIF(Insumos!B:B,D2024,Insumos!G:G)","v":213.74},0.02]
[null,null,null,10577,"Serrote 40cm","un",0,{"$f":"SUMIF(Insumos!B:B,D2025,Insumos!G:G)","v":23.33},0]
[null,null,null,4509,"Tabua de madeira nao aparelhada *2,5 x 10 cm (1 x 4 \") pinus, mista ou equivalente da regiao","m",0.2722,{"$f":"SUMIF(Insumos!B:B,D2026,Insumos!G:G)","v":5.25},1.43]
[null,null,null,6193,"Tabua de madeira nao aparelhada *2,5 x 20* cm, cedrinho ou equivalente da regiao","m",3.0599999999999999E-2,{"$f":"SUMIF(Insumos!B:B,D2027,Insumos!G:G)","v":4.49},0.14000000000000001]
[null,null,null,4728,"Talhadeira chata 10\"","un",1E-4,{"$f":"SUMIF(Insumos!B:B,D2028,Insumos!G:G)","v":7.4},0]
[null,null,null,2378,"Vale transporte","un",8.6599999999999996E-2,{"$f":"SUMIF(Insumos!B:B,D2029,Insumos!G:G)","v":2.74},0.24]
[{"$nulls":7},"PARCIAL:",{"$f":"SUM(I1987:I2029)","v":8.18}]
[]
[{"$nulls":7},"VALOR UNITÁRIO TOTAL - R$",{"$f":"TRUNC(I1986+I2030+I2031,2)","v":18.87}]
[]
[]
[]
[null,"SERVIÇO","ORSE",4537,{"$f":"VLOOKUP(D2036,ORSE!$C:$F,2)","v":"PINTURA DE PROTEÇÃO COM 01 DEMÃO DE PRIMER À BASE DE ÓXIDO DE FERRO - NORMA 1 349"},null,null,null,{"$f":"VLOOKUP(D2036,ORSE!$C:$F,3)","v":"M2"},null,{"$f":"I2072","v":19.39},{"$f":"VLOOKUP(D2036,ORSE!$C:$F,4)","v":24.78}]
[]
[null,null,null,"COD.","DESCRIÇÃO","UN.","COEF.","PREÇO","TOTAL"]
[null,null,null,"MÃO DE OBRA"]
[null,null,null,"88310","PINTOR COM ENCARGOS COMPLEMENTARES","h",0.3644,{"$f":"SUMIF(Insumos!B:B,D2040,Insumos!G:G)","v":13.51},{"$f":"(G2040*H2040)","v":4.92}]
[null,null,null,6111,"SERVENTE DE OBRAS","h",0.1144,{"$f":"SUMIF(Insumos!B:B,D2041,Insumos!G:G)","v":11.11},{"$f":"(G2041*H2041)","v":1.27}]
[null,null,null,10517,"Exames admissionais/demissionais (checkup)","cj",2.9999999999999997E-4,{"$f":"SUMIF(Insumos!B:B,D2042,Insumos!G:G)","v":255.26},{"$f":"(G2042*H2042)","v":0.08}]
[null,null,null,10761,"Refeição - café da manhã ( café com leite e dois pães com manteiga)","un",7.6300000000000007E-2,{"$f":"SUMIF(Insumos!B:B,D2043,Insumos!G:G)","v":1.96},{"$f":"(G2043*H2043)","v":0.15}]
[null,null,null,10362,"Seguro de vida e acidente em grupo","un",3.3E-3,{"$f":"SUMIF(Insumos!B:B,D2044,Insumos!G:G)","v":4.42},{"$f":"(G2044*H2044)","v":0.01}]
[{"$nulls":7},"PARCIAL:",{"$f":"SUM(I2039:I2044)","v":6.43}]
[null,null,null,"MATERIAIS/ SERVIÇOS/ EQUIPAMENTOS"]
[null,null,null,158,"Almoço (Participação do empregador)","un",7.6300000000000007E-2,{"$f":"SUMIF(Insumos!B:B,D2047,Insumos!G:G)","v":7.83},{"$f":"(G2047*H2047)","v":0.6}]
[null,null,null,12893,"Bota de seguranca com biqueira de aco e colarinho acolchoado","par",5.9999999999999995E-4,{"$f":"SUMIF(Insumos!B:B,D2048,Insumos!G:G)","v":30.36},{"$f":"(G2048*H2048)","v":0.02}]
[null,null,null,12894,"Capa para chuva em pvc com forro de poliester, com capuz (amarela ou azul)","un",1E-4,{"$f":"SUMIF(Insumos!B:B,D2049,Insumos!G:G)","v":8.2200000000000006},{"$f":"(G2049*H2049)","v":0}]
[null,null,null,12895,"Capacete de seguranca aba frontal com suspensao de polietileno, sem jugular (classe b)","un",5.0000000000000001E-4,{"$f":"SUMIF(Insumos!B:B,D2050,Insumos!G:G)","v":6.33},0]
[null,null,null,2711,"Carrinho de mao de aco capacidade 50 a 60 l, pneu com camara","un",0,{"$f":"SUMIF(Insumos!B:B,D2051,Insumos!G:G)","v":86.13},0]
[null,null,null,10492,"Cesta Básica","un",3.3E-3,{"$f":"SUMIF(Insumos!B:B,D2052,Insumos!G:G)","v":86.13},0.28000000000000003]
[null,null,null,4174,"Desempenadeira de aço lisa, cabo madeira, ref:143, Atlas ou similar","un",2.0000000000000001E-4,{"$f":"SUMIF(Insumos!B:B,D2053,Insumos!G:G)","v":6.4},0]
[null,null,null,5330,"Diluente epoxi","l",0.02,{"$f":"SUMIF(Insumos!B:B,D2054,Insumos!G:G)","v":26.58},0.53]
[null,null,null,11252,"Escada de aluminio de abrir com 7 degraus","un",0,{"$f":"SUMIF(Insumos!B:B,D2055,Insumos!G:G)","v":109.07},0]
[null,null,null,4725,"Espátula","un",2.0000000000000001E-4,{"$f":"SUMIF(Insumos!B:B,D2056,Insumos!G:G)","v":11.9},0]
[null,null,null,941,"Fardamento","un",1.1999999999999999E-3,{"$f":"SUMIF(Insumos!B:B,D2057,Insumos!G:G)","v":53.6},0.06]
[null,null,null,12892,"Luva raspa de couro, cano curto (punho *7* cm)","par",1.8E-3,{"$f":"SUMIF(Insumos!B:B,D2058,Insumos!G:G)","v":5.69},0.01]
[null,null,null,4729,"Marreta 1 kg com cabo","un",0,{"$f":"SUMIF(Insumos!B:B,D2059,Insumos!G:G)","v":12.37},0]
[null,null,null,1651,"Óculos branco proteção","pr",5.9999999999999995E-4,{"$f":"SUMIF(Insumos!B:B,D2060,Insumos!G:G)","v":4.3099999999999996},0]
[null,null,null,10788,"Pá quadrada","un",0,{"$f":"SUMIF(Insumos!B:B,D2061,Insumos!G:G)","v":13.54},0]
[null,null,null,11251,"Pincel de seda 2\"","un",2.2000000000000001E-3,{"$f":"SUMIF(Insumos!B:B,D2062,Insumos!G:G)","v":17.690000000000001},0.04]
[null,null,null,3027,"Primer a base de óxido de ferro - PHZ 528 - RENNER ou similar","l",0.18,{"$f":"SUMIF(Insumos!B:B,D2063,Insumos!G:G)","v":62.24},11.2]
[null,null,null,10596,"Protetor auricular","un",3.3E-3,{"$f":"SUMIF(Insumos!B:B,D2064,Insumos!G:G)","v":2.5099999999999998},0.01]
[null,null,null,10599,"Protetor solar fps 30 com 120ml","un",1.2999999999999999E-3,{"$f":"SUMIF(Insumos!B:B,D2065,Insumos!G:G)","v":13.86},0.02]
[null,null,null,11250,"Rolo lã de carneiro 20cm","un",1.1999999999999999E-3,{"$f":"SUMIF(Insumos!B:B,D2066,Insumos!G:G)","v":18.260000000000002},0.02]
[null,null,null,4728,"Talhadeira chata 10\"","un",1E-4,{"$f":"SUMIF(Insumos!B:B,D2067,Insumos!G:G)","v":7.4},0]
[null,null,null,10583,"Trincha 3\"","un",2.2000000000000001E-3,{"$f":"SUMIF(Insumos!B:B,D2068,Insumos!G:G)","v":4.38},0.01]
[null,null,null,2378,"Vale transporte","un",5.62E-2,{"$f":"SUMIF(Insumos!B:B,D2069,Insumos!G:G)","v":2.74},{"$f":"(G2069*H2069)+0.01","v":0.16}]
[{"$nulls":7},"PARCIAL:",{"$f":"SUM(I2046:I2069)","v":12.96}]
[]
[{"$nulls":7},"VALOR UNITÁRIO TOTAL - R$",{"$f":"TRUNC(I2045+I2070+I2071,2)","v":19.39}]
[]
[]
[]
[null,"SERVIÇO","ORSE",11512,{"$f":"VLOOKUP(D2076,ORSE!$C:$F,2)","v":"PINTURA DE PROTEÇÃO COM APLICAÇÃO DE 01 DEMÃO DE TINTA EPOXI CURADA COM POLIA MIDA, DE ALTA ESPESSURA, BICOMPONENTE, MACROPOXY 646 FAST CURE EPOXY, DA SHER WIN WILLIAMS - SUMARÉ OU SIMILAR, SOBRE SUPERFÍCIES METÁLICAS"},null,null,null,{"$f":"VLOOKUP(D2076,ORSE!$C:$F,3)","v":"M2"},null,{"$f":"I2113","v":26.39},{"$f":"VLOOKUP(D2076,ORSE!$C:$F,4)","v":33.72}]
[]
[null,null,null,"COD.","DESCRIÇÃO","UN.","COEF.","PREÇO","TOTAL"]
[null,null,null,"MÃO DE OBRA"]
[null,null,null,"88310","PINTOR COM ENCARGOS COMPLEMENTARES","h",0.52390000000000003,{"$f":"SUMIF(Insumos!B:B,D2080,Insumos!G:G)","v":13.51},{"$f":"(G2080*H2080)","v":7.08}]
[null,null,null,6111,"SERVENTE DE OBRAS","h",0.27389999999999998,{"$f":"SUMIF(Insumos!B:B,D2081,Insumos!G:G)","v":11.11},{"$f":"(G2081*H2081)","v":3.04}]
[null,null,null,10517,"Exames admissionais/demissionais (checkup)","cj",5.0000000000000001E-4,{"$f":"SUMIF(Insumos!B:B,D2082,Insumos!G:G)","v":255.26},{"$f":"(G2082*H2082)","v":0.13}]
[null,null,null,10761,"Refeição - café da manhã ( café com leite e dois pães com manteiga)","un",0.1273,{"$f":"SUMIF(Insumos!B:B,D2083,Insumos!G:G)","v":1.96},{"$f":"(G2083*H2083)","v":0.25}]
[null,null,null,10362,"Seguro de vida e acidente em grupo","un",5.5999999999999999E-3,{"$f":"SUMIF(Insumos!B:B,D2084,Insumos!G:G)","v":4.42},{"$f":"(G2084*H2084)","v":0.02}]
[{"$nulls":7},"PARCIAL:",{"$f":"SUM(I2079:I2084)","v":10.52}]
[null,null,null,"MATERIAIS/ SERVIÇOS/ EQUIPAMENTOS"]
[null,null,null,158,"Almoço (Participação do empregador)","un",0.1273,{"$f":"SUMIF(Insumos!B:B,D2087,Insumos!G:G)","v":7.83},{"$f":"(G2087*H2087)","v":1}]
[null,null,null,12893,"Bota de seguranca com biqueira de aco e colarinho acolchoado","par",1E-3,{"$f":"SUMIF(Insumos!B:B,D2088,Insumos!G:G)","v":30.36},0.03]
[null,null,null,12894,"Capa para chuva em pvc com forro de poliester, com capuz (amarela ou azul)","un",2.9999999999999997E-4,{"$f":"SUMIF(Insumos!B:B,D2089,Insumos!G:G)","v":8.2200000000000006},0]
[null,null,null,12895,"Capacete de seguranca aba frontal com suspensao de polietileno, sem jugular (classe b)","un",6.9999999999999999E-4,{"$f":"SUMIF(Insumos!B:B,D2090,Insumos!G:G)","v":6.33},0]
[null,null,null,2711,"Carrinho de mao de aco capacidade 50 a 60 l, pneu com camara","un",1E-4,{"$f":"SUMIF(Insumos!B:B,D2091,Insumos!G:G)","v":86.13},0.01]
[null,null,null,10492,"Cesta Básica","un",5.5999999999999999E-3,{"$f":"SUMIF(Insumos!B:B,D2092,Insumos!G:G)","v":86.13},0.48]
[null,null,null,4174,"Desempenadeira de aço lisa, cabo madeira, ref:143, Atlas ou similar","un",4.0000000000000002E-4,{"$f":"SUMIF(Insumos!B:B,D2093,Insumos!G:G)","v":6.4},0]
[null,null,null,4916,"Diluente 908 da Sherwin Williams - Sumaré ou similar","l",0.04,{"$f":"SUMIF(Insumos!B:B,D2094,Insumos!G:G)","v":17.37},0.69]
[null,null,null,11252,"Escada de aluminio de abrir com 7 degraus","un",1E-4,{"$f":"SUMIF(Insumos!B:B,D2095,Insumos!G:G)","v":109.07},0.01]
[null,null,null,4725,"Espátula","un",2.9999999999999997E-4,{"$f":"SUMIF(Insumos!B:B,D2096,Insumos!G:G)","v":11.9},0]
[null,null,null,941,"Fardamento","un",1.9E-3,{"$f":"SUMIF(Insumos!B:B,D2097,Insumos!G:G)","v":53.6},0.1]
[null,null,null,12892,"Luva raspa de couro, cano curto (punho *7* cm)","par",2.8999999999999998E-3,{"$f":"SUMIF(Insumos!B:B,D2098,Insumos!G:G)","v":5.69},0.02]
[null,null,null,4729,"Marreta 1 kg com cabo","un",0,{"$f":"SUMIF(Insumos!B:B,D2099,Insumos!G:G)","v":12.37},0]
[null,null,null,1651,"Óculos branco proteção","pr",1E-3,{"$f":"SUMIF(Insumos!B:B,D2100,Insumos!G:G)","v":4.3099999999999996},0]
[null,null,null,10788,"Pá quadrada","un",1E-4,{"$f":"SUMIF(Insumos!B:B,D2101,Insumos!G:G)","v":13.54},0]
[null,null,null,11251,"Pincel de seda 2\"","un",3.3999999999999998E-3,{"$f":"SUMIF(Insumos!B:B,D2102,Insumos!G:G)","v":17.690000000000001},0.06]
[null,null,null,10596,"Protetor auricular","un",5.5999999999999999E-3,{"$f":"SUMIF(Insumos!B:B,D2103,Insumos!G:G)","v":2.5099999999999998},0.01]
[null,null,null,10599,"Protetor solar fps 30 com 120ml","un",2.3E-3,{"$f":"SUMIF(Insumos!B:B,D2104,Insumos!G:G)","v":13.86},0.03]
[null,null,null,11250,"Rolo lã de carneiro 20cm","un",1.6999999999999999E-3,{"$f":"SUMIF(Insumos!B:B,D2105,Insumos!G:G)","v":18.260000000000002},0.03]
[null,null,null,4728,"Talhadeira chata 10\"","un",2.0000000000000001E-4,{"$f":"SUMIF(Insumos!B:B,D2106,Insumos!G:G)","v":7.4},0]
[null,null,null,12445,"Tinta epoxi, curada com poliamida, de alta espessura, secagem rápida, MACROPOXY 646 FAST CURE EPOXY, componente A, cor amarelo, da Sherwin Williams - Sumaré ou similar","l",0.17599999999999999,{"$f":"SUMIF(Insumos!B:B,D2107,Insumos!G:G)","v":32.92},5.79]
[null,null,null,12446,"Tinta epoxi, curada com poliamida, de alta espessura, secagem rápida, MACROPOXY 646 FAST CURE EPOXY, componente B, da Sherwin Williams - Sumaré ou similar","l",0.17599999999999999,{"$f":"SUMIF(Insumos!B:B,D2108,Insumos!G:G)","v":41.68},7.34]
[null,null,null,10583,"Trincha 3\"","un",3.3999999999999998E-3,{"$f":"SUMIF(Insumos!B:B,D2109,Insumos!G:G)","v":4.38},0.01]
[null,null,null,2378,"Vale transporte","un",9.6000000000000002E-2,{"$f":"SUMIF(Insumos!B:B,D2110,Insumos!G:G)","v":2.74},0.26]
[{"$nulls":7},"PARCIAL:",{"$f":"SUM(I2086:I2110)","v":15.87}]
[]
[{"$nulls":7},"VALOR UNITÁRIO TOTAL - R$",{"$f":"TRUNC(I2085+I2111+I2112,2)","v":26.39}]
[]
[]
[]
[null,"SERVIÇO","ORSE",2055,{"$f":"VLOOKUP(D2117,ORSE!$C:$F,2)","v":"TANQUE EM AÇO INOX, INCLUSO TORNEIRA CROMADA E SIFÃO PVC"},null,null,null,{"$f":"VLOOKUP(D2117,ORSE!$C:$F,3)","v":"UN"},null,{"$f":"I2152","v":339.47},{"$f":"VLOOKUP(D2117,ORSE!$C:$F,4)","v":433.69}]
[]
[null,null,null,"COD.","DESCRIÇÃO","UN.","COEF.","PREÇO","TOTAL"]
[null,null,null,"MÃO DE OBRA"]
[null,null,null,"88267","ENCANADOR OU BOMBEIRO HIDRÁULICO COM ENCARGOS COMPLEMENTARES","h",2.0347,{"$f":"SUMIF(Insumos!B:B,D2121,Insumos!G:G)","v":13.51},{"$f":"(G2121*H2121)","v":27.49}]
[null,null,null,10517,"Exames admissionais/demissionais (checkup)","cj",1.1999999999999999E-3,{"$f":"SUMIF(Insumos!B:B,D2122,Insumos!G:G)","v":255.26},{"$f":"(G2122*H2122)","v":0.31}]
[null,null,null,10761,"Refeição - café da manhã ( café com leite e dois pães com manteiga)","un",0.3054,{"$f":"SUMIF(Insumos!B:B,D2123,Insumos!G:G)","v":1.96},{"$f":"(G2123*H2123)","v":0.6}]
[null,null,null,10362,"Seguro de vida e acidente em grupo","un",1.35E-2,{"$f":"SUMIF(Insumos!B:B,D2124,Insumos!G:G)","v":4.42},{"$f":"(G2124*H2124)","v":0.06}]
[{"$nulls":7},"PARCIAL:",{"$f":"SUM(I2120:I2124)","v":28.46}]
[null,null,null,"MATERIAIS/ SERVIÇOS/ EQUIPAMENTOS"]
[null,null,null,158,"Almoço (Participação do empregador)","un",0.3054,{"$f":"SUMIF(Insumos!B:B,D2127,Insumos!G:G)","v":7.83},{"$f":"(G2127*H2127)","v":2.39}]
[null,null,null,12893,"Bota de seguranca com biqueira de aco e colarinho acolchoado","par",2.3999999999999998E-3,{"$f":"SUMIF(Insumos!B:B,D2128,Insumos!G:G)","v":30.36},7.0000000000000007E-2]
[null,null,null,12894,"Capa para chuva em pvc com forro de poliester, com capuz (amarela ou azul)","un",5.9999999999999995E-4,{"$f":"SUMIF(Insumos!B:B,D2129,Insumos!G:G)","v":8.2200000000000006},0]
[null,null,null,12895,"Capacete de seguranca aba frontal com suspensao de polietileno, sem jugular (classe b)","un",1.8E-3,{"$f":"SUMIF(Insumos!B:B,D2130,Insumos!G:G)","v":6.33},0.01]
[null,null,null,10492,"Cesta Básica","un",1.35E-2,{"$f":"SUMIF(Insumos!B:B,D2131,Insumos!G:G)","v":86.13},1.1599999999999999]
[null,null,null,941,"Fardamento","un",4.4999999999999997E-3,{"$f":"SUMIF(Insumos!B:B,D2132,Insumos!G:G)","v":53.6},0.24]
[null,null,null,981,"Fita veda rosca 18mm","m",0.75,{"$f":"SUMIF(Insumos!B:B,D2133,Insumos!G:G)","v":0.15},0.11]
[null,null,null,668,"Fixação para tanque, DECA FT11 ou similar","cj",1,{"$f":"SUMIF(Insumos!B:B,D2134,Insumos!G:G)","v":33.590000000000003},33.590000000000003]
[null,null,null,10592,"Lima chata 1 1/2\"","un",2.9999999999999997E-4,{"$f":"SUMIF(Insumos!B:B,D2135,Insumos!G:G)","v":6.73},0]
[null,null,null,12892,"Luva raspa de couro, cano curto (punho *7* cm)","par",6.8999999999999999E-3,{"$f":"SUMIF(Insumos!B:B,D2136,Insumos!G:G)","v":5.69},0.04]
[null,null,null,1651,"Óculos branco proteção","pr",2.3999999999999998E-3,{"$f":"SUMIF(Insumos!B:B,D2137,Insumos!G:G)","v":4.3099999999999996},0.01]
[null,null,null,10593,"Praio simples 30cm","un",2.9999999999999997E-4,{"$f":"SUMIF(Insumos!B:B,D2138,Insumos!G:G)","v":35.76},0.01]
[null,null,null,10596,"Protetor auricular","un",1.35E-2,{"$f":"SUMIF(Insumos!B:B,D2139,Insumos!G:G)","v":2.5099999999999998},0.03]
[null,null,null,10599,"Protetor solar fps 30 com 120ml","un",5.4000000000000003E-3,{"$f":"SUMIF(Insumos!B:B,D2140,Insumos!G:G)","v":13.86},7.0000000000000007E-2]
[null,null,null,2012,"Sifao com valvula para tanque lavar, 1 1/4\" x 40, Akros nº. 8 ou similar","un",1,{"$f":"SUMIF(Insumos!B:B,D2141,Insumos!G:G)","v":6.87},6.87]
[null,null,null,11688,"Tanque aco inoxidavel (aco 304) com esfregador e valvula, de *50 x 40 x 22* cm","un",1,{"$f":"SUMIF(Insumos!B:B,D2142,Insumos!G:G)","v":242.17},242.17]
[null,null,null,11256,"Tarracha para tubos PVC de 1 1/2\"","un",1.1999999999999999E-3,{"$f":"SUMIF(Insumos!B:B,D2143,Insumos!G:G)","v":32.340000000000003},0.04]
[null,null,null,11257,"Tarracha para tubos PVC de 1 1/4\"","un",1.1999999999999999E-3,{"$f":"SUMIF(Insumos!B:B,D2144,Insumos!G:G)","v":24.55},0.03]
[null,null,null,11255,"Tarracha para tubos PVC de 1\"","un",1.8E-3,{"$f":"SUMIF(Insumos!B:B,D2145,Insumos!G:G)","v":17.190000000000001},0.03]
[null,null,null,11253,"Tarracha para tubos PVC de 1/2\"","un",3.3E-3,{"$f":"SUMIF(Insumos!B:B,D2146,Insumos!G:G)","v":12.72},0.04]
[null,null,null,11254,"Tarracha para tubos PVC de 3/4\"","un",2.0999999999999999E-3,{"$f":"SUMIF(Insumos!B:B,D2147,Insumos!G:G)","v":14.72},0.03]
[null,null,null,13984,"Torneira cromada curta sem bico para uso geral 1/2 \" ou 3/4 \" (ref 1152)","un",1,{"$f":"SUMIF(Insumos!B:B,D2148,Insumos!G:G)","v":23.53},23.53]
[null,null,null,2378,"Vale transporte","un",0.19620000000000001,{"$f":"SUMIF(Insumos!B:B,D2149,Insumos!G:G)","v":2.74},0.54]
[{"$nulls":7},"PARCIAL:",{"$f":"SUM(I2126:I2149)","v":311.01}]
[]
[{"$nulls":7},"VALOR UNITÁRIO TOTAL - R$",{"$f":"TRUNC(I2125+I2150+I2151,2)","v":339.47}]
[]
[]
[]
[null,"SERVIÇO","ORSE",1683,{"$f":"VLOOKUP(D2156,ORSE!$C:$F,2)","v":"PONTO DE ESGOTO COM TUBO DE PVC RÍGIDO SOLDÁVEL DE Ø 100 MM (VASO SANITÁRIO)"},null,null,null,{"$f":"VLOOKUP(D2156,ORSE!$C:$F,3)","v":"PT"},null,{"$f":"I2196","v":54.15},{"$f":"VLOOKUP(D2156,ORSE!$C:$F,4)","v":69.16}]
[]
[null,null,null,"COD.","DESCRIÇÃO","UN.","COEF.","PREÇO","TOTAL"]
[null,null,null,"MÃO DE OBRA"]
[null,null,null,"88267","ENCANADOR OU BOMBEIRO HIDRÁULICO COM ENCARGOS COMPLEMENTARES","h",0.1323,{"$f":"SUMIF(Insumos!B:B,D2160,Insumos!G:G)","v":13.51},{"$f":"(G2160*H2160)","v":1.79}]
[null,null,null,6111,"SERVENTE DE OBRAS","h",0.4,{"$f":"SUMIF(Insumos!B:B,D2161,Insumos!G:G)","v":11.11},{"$f":"(G2161*H2161)","v":4.4400000000000004}]
[null,null,null,10517,"Exames admissionais/demissionais (checkup)","cj",4.0000000000000002E-4,{"$f":"SUMIF(Insumos!B:B,D2162,Insumos!G:G)","v":255.26},{"$f":"(G2162*H2162)","v":0.1}]
[null,null,null,10761,"Refeição - café da manhã ( café com leite e dois pães com manteiga)","un",8.14E-2,{"$f":"SUMIF(Insumos!B:B,D2163,Insumos!G:G)","v":1.96},{"$f":"(G2163*H2163)","v":0.16}]
[null,null,null,10362,"Seguro de vida e acidente em grupo","un",3.5999999999999999E-3,{"$f":"SUMIF(Insumos!B:B,D2164,Insumos!G:G)","v":4.42},{"$f":"(G2164*H2164)","v":0.02}]
[{"$nulls":7},"PARCIAL:",{"$f":"SUM(I2159:I2164)","v":6.51}]
[null,null,null,"MATERIAIS/ SERVIÇOS/ EQUIPAMENTOS"]
[null,null,null,138,"Adesivo pvc em frasco de 850 gramas","kg",1.4999999999999999E-2,{"$f":"SUMIF(Insumos!B:B,D2167,Insumos!G:G)","v":41.6},{"$f":"(G2167*H2167)","v":0.62}]
[null,null,null,158,"Almoço (Participação do empregador)","un",8.14E-2,{"$f":"SUMIF(Insumos!B:B,D2168,Insumos!G:G)","v":7.83},{"$f":"(G2168*H2168)","v":0.64}]
[null,null,null,12893,"Bota de seguranca com biqueira de aco e colarinho acolchoado","par",5.9999999999999995E-4,{"$f":"SUMIF(Insumos!B:B,D2169,Insumos!G:G)","v":30.36},0.02]
[null,null,null,12894,"Capa para chuva em pvc com forro de poliester, com capuz (amarela ou azul)","un",2.0000000000000001E-4,{"$f":"SUMIF(Insumos!B:B,D2170,Insumos!G:G)","v":8.2200000000000006},0]
[null,null,null,12895,"Capacete de seguranca aba frontal com suspensao de polietileno, sem jugular (classe b)","un",4.0000000000000002E-4,{"$f":"SUMIF(Insumos!B:B,D2171,Insumos!G:G)","v":6.33},0]
[null,null,null,2711,"Carrinho de mao de aco capacidade 50 a 60 l, pneu com camara","un",1E-4,{"$f":"SUMIF(Insumos!B:B,D2172,Insumos!G:G)","v":86.13},0.01]
[null,null,null,10492,"Cesta Básica","un",3.5999999999999999E-3,{"$f":"SUMIF(Insumos!B:B,D2173,Insumos!G:G)","v":86.13},0.31]
[null,null,null,13,"Estopa","kg",0.05,{"$f":"SUMIF(Insumos!B:B,D2174,Insumos!G:G)","v":10.06},0.5]
[null,null,null,941,"Fardamento","un",1.1999999999999999E-3,{"$f":"SUMIF(Insumos!B:B,D2175,Insumos!G:G)","v":53.6},0.06]
[null,null,null,3520,"Joelho pvc, soldavel, pb, 90 graus, dn 100 mm, para esgoto predial","un",2,{"$f":"SUMIF(Insumos!B:B,D2176,Insumos!G:G)","v":4.83},9.66]
[null,null,null,10908,"Juncao de reducao invertida, pvc soldavel, 100 x 50 mm, serie normal para esgoto predial","un",1,{"$f":"SUMIF(Insumos!B:B,D2177,Insumos!G:G)","v":8.99},8.99]
[null,null,null,10592,"Lima chata 1 1/2\"","un",0,{"$f":"SUMIF(Insumos!B:B,D2178,Insumos!G:G)","v":6.73},0]
[null,null,null,12892,"Luva raspa de couro, cano curto (punho *7* cm)","par",1.8E-3,{"$f":"SUMIF(Insumos!B:B,D2179,Insumos!G:G)","v":5.69},0.01]
[null,null,null,4729,"Marreta 1 kg com cabo","un",0,{"$f":"SUMIF(Insumos!B:B,D2180,Insumos!G:G)","v":12.37},0]
[null,null,null,1651,"Óculos branco proteção","pr",5.9999999999999995E-4,{"$f":"SUMIF(Insumos!B:B,D2181,Insumos!G:G)","v":4.3099999999999996},0]
[null,null,null,10788,"Pá quadrada","un",1E-4,{"$f":"SUMIF(Insumos!B:B,D2182,Insumos!G:G)","v":13.54},0]
[null,null,null,10593,"Praio simples 30cm","un",0,{"$f":"SUMIF(Insumos!B:B,D2183,Insumos!G:G)","v":35.76},0]
[null,null,null,10596,"Protetor auricular","un",3.5999999999999999E-3,{"$f":"SUMIF(Insumos!B:B,D2184,Insumos!G:G)","v":2.5099999999999998},0.01]
[null,null,null,10599,"Protetor solar fps 30 com 120ml","un",1.4E-3,{"$f":"SUMIF(Insumos!B:B,D2185,Insumos!G:G)","v":13.86},0.02]
[null,null,null,4728,"Talhadeira chata 10\"","un",1E-4,{"$f":"SUMIF(Insumos!B:B,D2186,Insumos!G:G)","v":7.4},0]
[null,null,null,11256,"Tarracha para tubos PVC de 1 1/2\"","un",2.0000000000000001E-4,{"$f":"SUMIF(Insumos!B:B,D2187,Insumos!G:G)","v":32.340000000000003},0.01]
[null,null,null,11257,"Tarracha para tubos PVC de 1 1/4\"","un",2.0000000000000001E-4,{"$f":"SUMIF(Insumos!B:B,D2188,Insumos!G:G)","v":24.55},0]
[null,null,null,11255,"Tarracha para tubos PVC de 1\"","un",2.0000000000000001E-4,{"$f":"SUMIF(Insumos!B:B,D2189,Insumos!G:G)","v":17.190000000000001},0]
[null,null,null,11253,"Tarracha para tubos PVC de 1/2\"","un",4.0000000000000002E-4,{"$f":"SUMIF(Insumos!B:B,D2190,Insumos!G:G)","v":12.72},0.01]
[null,null,null,11254,"Tarracha para tubos PVC de 3/4\"","un",2.9999999999999997E-4,{"$f":"SUMIF(Insumos!B:B,D2191,Insumos!G:G)","v":14.72},0]
[null,null,null,9836,"Tubo pvc serie normal, dn 100 mm, para esgoto predial (nbr 5688)","m",4,{"$f":"SUMIF(Insumos!B:B,D2192,Insumos!G:G)","v":6.65},26.6]
[null,null,null,2378,"Vale transporte","un",6.3799999999999996E-2,{"$f":"SUMIF(Insumos!B:B,D2193,Insumos!G:G)","v":2.74},0.17]
[{"$nulls":7},"PARCIAL:",{"$f":"SUM(I2166:I2193)","v":47.64}]
[]
[{"$nulls":7},"VALOR UNITÁRIO TOTAL - R$",{"$f":"TRUNC(I2165+I2194+I2195,2)","v":54.15}]
[]
[]
[]
[null,"SERVIÇO","ORSE",8342,{"$f":"VLOOKUP(D2200,ORSE!$C:$F,2)","v":"PONTO DE ESGOTO COM TUBO DE PVC RÍGIDO SOLDÁVEL DE  Ø 75 MM"},null,null,null,{"$f":"VLOOKUP(D2200,ORSE!$C:$F,3)","v":"UN"},null,{"$f":"I2243","v":76.290000000000006},{"$f":"VLOOKUP(D2200,ORSE!$C:$F,4)","v":97.45}]
[]
[null,null,null,"COD.","DESCRIÇÃO","UN.","COEF.","PREÇO","TOTAL"]
[null,null,null,"MÃO DE OBRA"]
[null,null,null,"88267","ENCANADOR OU BOMBEIRO HIDRÁULICO COM ENCARGOS COMPLEMENTARES","h",0.1893,{"$f":"SUMIF(Insumos!B:B,D2204,Insumos!G:G)","v":13.51},{"$f":"(G2204*H2204)","v":2.56}]
[null,null,null,6111,"SERVENTE DE OBRAS","h",0.1893,{"$f":"SUMIF(Insumos!B:B,D2205,Insumos!G:G)","v":11.11},{"$f":"(G2205*H2205)","v":2.1}]
[null,null,null,10517,"Exames admissionais/demissionais (checkup)","cj",2.0000000000000001E-4,{"$f":"SUMIF(Insumos!B:B,D2206,Insumos!G:G)","v":255.26},{"$f":"(G2206*H2206)","v":0.05}]
[null,null,null,10761,"Refeição - café da manhã ( café com leite e dois pães com manteiga)","un",6.0999999999999999E-2,{"$f":"SUMIF(Insumos!B:B,D2207,Insumos!G:G)","v":1.96},{"$f":"(G2207*H2207)","v":0.12}]
[null,null,null,10362,"Seguro de vida e acidente em grupo","un",2.5999999999999999E-3,{"$f":"SUMIF(Insumos!B:B,D2208,Insumos!G:G)","v":4.42},{"$f":"(G2208*H2208)","v":0.01}]
[{"$nulls":7},"PARCIAL:",{"$f":"SUM(I2203:I2208)","v":4.84}]
[null,null,null,"MATERIAIS/ SERVIÇOS/ EQUIPAMENTOS"]
[null,null,null,138,"Adesivo pvc em frasco de 850 gramas","kg",1.4999999999999999E-2,{"$f":"SUMIF(Insumos!B:B,D2211,Insumos!G:G)","v":41.6},{"$f":"(G2211*H2211)","v":0.62}]
[null,null,null,158,"Almoço (Participação do empregador)","un",6.0999999999999999E-2,{"$f":"SUMIF(Insumos!B:B,D2212,Insumos!G:G)","v":7.83},0.48]
[null,null,null,12893,"Bota de seguranca com biqueira de aco e colarinho acolchoado","par",4.0000000000000002E-4,{"$f":"SUMIF(Insumos!B:B,D2213,Insumos!G:G)","v":30.36},0.01]
[null,null,null,12894,"Capa para chuva em pvc com forro de poliester, com capuz (amarela ou azul)","un",2.0000000000000001E-4,{"$f":"SUMIF(Insumos!B:B,D2214,Insumos!G:G)","v":8.2200000000000006},0]
[null,null,null,12895,"Capacete de seguranca aba frontal com suspensao de polietileno, sem jugular (classe b)","un",4.0000000000000002E-4,{"$f":"SUMIF(Insumos!B:B,D2215,Insumos!G:G)","v":6.33},0]
[null,null,null,2711,"Carrinho de mao de aco capacidade 50 a 60 l, pneu com camara","un",1E-4,{"$f":"SUMIF(Insumos!B:B,D2216,Insumos!G:G)","v":86.13},0.01]
[null,null,null,10492,"Cesta Básica","un",2.5999999999999999E-3,{"$f":"SUMIF(Insumos!B:B,D2217,Insumos!G:G)","v":86.13},{"$f":"(G2217*H2217)","v":0.22}]
[null,null,null,13,"Estopa","kg",0.05,{"$f":"SUMIF(Insumos!B:B,D2218,Insumos!G:G)","v":10.06},0.5]
[null,null,null,941,"Fardamento","un",8.0000000000000004E-4,{"$f":"SUMIF(Insumos!B:B,D2219,Insumos!G:G)","v":53.6},0.04]
[null,null,null,3519,"Joelho pvc, soldavel, pb, 45 graus, dn 75 mm, para esgoto predial","un",3,{"$f":"SUMIF(Insumos!B:B,D2220,Insumos!G:G)","v":4.3099999999999996},12.93]
[null,null,null,10592,"Lima chata 1 1/2\"","un",0,{"$f":"SUMIF(Insumos!B:B,D2221,Insumos!G:G)","v":6.73},0]
[null,null,null,3767,"Lixa em folha para parede ou madeira, numero 120 (cor vermelha)","un",0.2,{"$f":"SUMIF(Insumos!B:B,D2222,Insumos!G:G)","v":0.31},0.06]
[null,null,null,12892,"Luva raspa de couro, cano curto (punho *7* cm)","par",1.4E-3,{"$f":"SUMIF(Insumos!B:B,D2223,Insumos!G:G)","v":5.69},0.01]
[null,null,null,4729,"Marreta 1 kg com cabo","un",0,{"$f":"SUMIF(Insumos!B:B,D2224,Insumos!G:G)","v":12.37},0]
[null,null,null,1651,"Óculos branco proteção","pr",4.0000000000000002E-4,{"$f":"SUMIF(Insumos!B:B,D2225,Insumos!G:G)","v":4.3099999999999996},0]
[null,null,null,10788,"Pá quadrada","un",1E-4,{"$f":"SUMIF(Insumos!B:B,D2226,Insumos!G:G)","v":13.54},0]
[null,null,null,1703,"Pasta lubrificante p/ pvc je","kg",0.06,{"$f":"SUMIF(Insumos!B:B,D2227,Insumos!G:G)","v":12.94},0.78]
[null,null,null,10593,"Praio simples 30cm","un",0,{"$f":"SUMIF(Insumos!B:B,D2228,Insumos!G:G)","v":35.76},0]
[null,null,null,10596,"Protetor auricular","un",2.5999999999999999E-3,{"$f":"SUMIF(Insumos!B:B,D2229,Insumos!G:G)","v":2.5099999999999998},0.01]
[null,null,null,10599,"Protetor solar fps 30 com 120ml","un",1E-3,{"$f":"SUMIF(Insumos!B:B,D2230,Insumos!G:G)","v":13.86},0.01]
[null,null,null,2036,"Solucao limpadora pvc","l",2.3E-2,{"$f":"SUMIF(Insumos!B:B,D2231,Insumos!G:G)","v":30.71},0.71]
[null,null,null,4728,"Talhadeira chata 10\"","un",1E-4,{"$f":"SUMIF(Insumos!B:B,D2232,Insumos!G:G)","v":7.4},0]
[null,null,null,11256,"Tarracha para tubos PVC de 1 1/2\"","un",1E-4,{"$f":"SUMIF(Insumos!B:B,D2233,Insumos!G:G)","v":32.340000000000003},0]
[null,null,null,11257,"Tarracha para tubos PVC de 1 1/4\"","un",1E-4,{"$f":"SUMIF(Insumos!B:B,D2234,Insumos!G:G)","v":24.55},0]
[null,null,null,11255,"Tarracha para tubos PVC de 1\"","un",2.0000000000000001E-4,{"$f":"SUMIF(Insumos!B:B,D2235,Insumos!G:G)","v":17.190000000000001},0]
[null,null,null,11253,"Tarracha para tubos PVC de 1/2\"","un",2.9999999999999997E-4,{"$f":"SUMIF(Insumos!B:B,D2236,Insumos!G:G)","v":12.72},0]
[null,null,null,11254,"Tarracha para tubos PVC de 3/4\"","un",2.0000000000000001E-4,{"$f":"SUMIF(Insumos!B:B,D2237,Insumos!G:G)","v":14.72},0]
[null,null,null,11658,"Te sanitario, pvc, dn 75 x 75 mm, serie normal para esgoto predial","un",1,{"$f":"SUMIF(Insumos!B:B,D2238,Insumos!G:G)","v":8.0500000000000007},8.0500000000000007]
[null,null,null,9837,"Tubo pvc serie normal, dn 75 mm, para esgoto predial (nbr 5688)","m",8,{"$f":"SUMIF(Insumos!B:B,D2239,Insumos!G:G)","v":5.86},46.88]
[null,null,null,2378,"Vale transporte","un",4.7800000000000002E-2,{"$f":"SUMIF(Insumos!B:B,D2240,Insumos!G:G)","v":2.74},0.13]
[{"$nulls":7},"PARCIAL:",{"$f":"SUM(I2210:I2240)","v":71.45}]
[]
[{"$nulls":7},"VALOR UNITÁRIO TOTAL - R$",{"$f":"TRUNC(I2209+I2241+I2242,2)","v":76.290000000000006}]
[]
[]
[]
[null,"SERVIÇO","ORSE",1678,{"$f":"VLOOKUP(D2247,ORSE!$C:$F,2)","v":"PONTO DE ESGOTO COM TUBO DE PVC RÍGIDO SOLDÁVEL DE  Ø 50 MM (PIAS DE COZINHA, MÁQUINAS DE LAVAR, ETC...)"},null,null,null,{"$f":"VLOOKUP(D2247,ORSE!$C:$F,3)","v":"UN"},null,{"$f":"I2290","v":52.73},{"$f":"VLOOKUP(D2247,ORSE!$C:$F,4)","v":67.36}]
[]
[null,null,null,"COD.","DESCRIÇÃO","UN.","COEF.","PREÇO","TOTAL"]
[null,null,null,"MÃO DE OBRA"]
[null,null,null,"88267","ENCANADOR OU BOMBEIRO HIDRÁULICO COM ENCARGOS COMPLEMENTARES","h",0.1905,{"$f":"SUMIF(Insumos!B:B,D2251,Insumos!G:G)","v":13.51},{"$f":"(G2251*H2251)","v":2.57}]
[null,null,null,6111,"SERVENTE DE OBRAS","h",0.1905,{"$f":"SUMIF(Insumos!B:B,D2252,Insumos!G:G)","v":11.11},{"$f":"(G2252*H2252)","v":2.12}]
[null,null,null,10517,"Exames admissionais/demissionais (checkup)","cj",2.0000000000000001E-4,{"$f":"SUMIF(Insumos!B:B,D2253,Insumos!G:G)","v":255.26},{"$f":"(G2253*H2253)","v":0.05}]
[null,null,null,10761,"Refeição - café da manhã ( café com leite e dois pães com manteiga)","un",6.0999999999999999E-2,{"$f":"SUMIF(Insumos!B:B,D2254,Insumos!G:G)","v":1.96},{"$f":"(G2254*H2254)","v":0.12}]
[null,null,null,10362,"Seguro de vida e acidente em grupo","un",2.5999999999999999E-3,{"$f":"SUMIF(Insumos!B:B,D2255,Insumos!G:G)","v":4.42},{"$f":"(G2255*H2255)","v":0.01}]
[{"$nulls":7},"PARCIAL:",{"$f":"SUM(I2250:I2255)","v":4.87}]
[null,null,null,"MATERIAIS/ SERVIÇOS/ EQUIPAMENTOS"]
[null,null,null,138,"Adesivo pvc em frasco de 850 gramas","kg",1.4999999999999999E-2,{"$f":"SUMIF(Insumos!B:B,D2258,Insumos!G:G)","v":41.6},{"$f":"(G2258*H2258)","v":0.62}]
[null,null,null,158,"Almoço (Participação do empregador)","un",6.0999999999999999E-2,{"$f":"SUMIF(Insumos!B:B,D2259,Insumos!G:G)","v":7.83},0.48]
[null,null,null,12893,"Bota de seguranca com biqueira de aco e colarinho acolchoado","par",4.0000000000000002E-4,{"$f":"SUMIF(Insumos!B:B,D2260,Insumos!G:G)","v":30.36},0.01]
[null,null,null,12894,"Capa para chuva em pvc com forro de poliester, com capuz (amarela ou azul)","un",2.0000000000000001E-4,{"$f":"SUMIF(Insumos!B:B,D2261,Insumos!G:G)","v":8.2200000000000006},0]
[null,null,null,12895,"Capacete de seguranca aba frontal com suspensao de polietileno, sem jugular (classe b)","un",4.0000000000000002E-4,{"$f":"SUMIF(Insumos!B:B,D2262,Insumos!G:G)","v":6.33},{"$f":"(G2262*H2262)","v":0}]
[null,null,null,2711,"Carrinho de mao de aco capacidade 50 a 60 l, pneu com camara","un",1E-4,{"$f":"SUMIF(Insumos!B:B,D2263,Insumos!G:G)","v":86.13},0.01]
[null,null,null,10492,"Cesta Básica","un",2.5999999999999999E-3,{"$f":"SUMIF(Insumos!B:B,D2264,Insumos!G:G)","v":86.13},0.22]
[null,null,null,13,"Estopa","kg",0.05,{"$f":"SUMIF(Insumos!B:B,D2265,Insumos!G:G)","v":10.06},0.5]
[null,null,null,941,"Fardamento","un",8.0000000000000004E-4,{"$f":"SUMIF(Insumos!B:B,D2266,Insumos!G:G)","v":53.6},0.04]
[null,null,null,3518,"Joelho pvc, soldavel, pb, 45 graus, dn 50 mm, para esgoto predial","un",3,{"$f":"SUMIF(Insumos!B:B,D2267,Insumos!G:G)","v":1.88},5.64]
[null,null,null,10592,"Lima chata 1 1/2\"","un",0,{"$f":"SUMIF(Insumos!B:B,D2268,Insumos!G:G)","v":6.73},0]
[null,null,null,3767,"Lixa em folha para parede ou madeira, numero 120 (cor vermelha)","un",0.2,{"$f":"SUMIF(Insumos!B:B,D2269,Insumos!G:G)","v":0.31},0.06]
[null,null,null,12892,"Luva raspa de couro, cano curto (punho *7* cm)","par",1.4E-3,{"$f":"SUMIF(Insumos!B:B,D2270,Insumos!G:G)","v":5.69},0.01]
[null,null,null,4729,"Marreta 1 kg com cabo","un",0,{"$f":"SUMIF(Insumos!B:B,D2271,Insumos!G:G)","v":12.37},0]
[null,null,null,1651,"Óculos branco proteção","pr",4.0000000000000002E-4,{"$f":"SUMIF(Insumos!B:B,D2272,Insumos!G:G)","v":4.3099999999999996},0]
[null,null,null,10788,"Pá quadrada","un",1E-4,{"$f":"SUMIF(Insumos!B:B,D2273,Insumos!G:G)","v":13.54},0]
[null,null,null,1703,"Pasta lubrificante p/ pvc je","kg",0.06,{"$f":"SUMIF(Insumos!B:B,D2274,Insumos!G:G)","v":12.94},0.78]
[null,null,null,10593,"Praio simples 30cm","un",0,{"$f":"SUMIF(Insumos!B:B,D2275,Insumos!G:G)","v":35.76},0]
[null,null,null,10596,"Protetor auricular","un",2.5999999999999999E-3,{"$f":"SUMIF(Insumos!B:B,D2276,Insumos!G:G)","v":2.5099999999999998},0.01]
[null,null,null,10599,"Protetor solar fps 30 com 120ml","un",1E-3,{"$f":"SUMIF(Insumos!B:B,D2277,Insumos!G:G)","v":13.86},0.01]
[null,null,null,2036,"Solucao limpadora pvc","l",2.3E-2,{"$f":"SUMIF(Insumos!B:B,D2278,Insumos!G:G)","v":30.71},0.71]
[null,null,null,4728,"Talhadeira chata 10\"","un",1E-4,{"$f":"SUMIF(Insumos!B:B,D2279,Insumos!G:G)","v":7.4},0]
[null,null,null,11256,"Tarracha para tubos PVC de 1 1/2\"","un",1E-4,{"$f":"SUMIF(Insumos!B:B,D2280,Insumos!G:G)","v":32.340000000000003},0]
[null,null,null,11257,"Tarracha para tubos PVC de 1 1/4\"","un",1E-4,{"$f":"SUMIF(Insumos!B:B,D2281,Insumos!G:G)","v":24.55},0]
[null,null,null,11255,"Tarracha para tubos PVC de 1\"","un",2.0000000000000001E-4,{"$f":"SUMIF(Insumos!B:B,D2282,Insumos!G:G)","v":17.190000000000001},0]
[null,null,null,11253,"Tarracha para tubos PVC de 1/2\"","un",2.9999999999999997E-4,{"$f":"SUMIF(Insumos!B:B,D2283,Insumos!G:G)","v":12.72},0]
[null,null,null,11254,"Tarracha para tubos PVC de 3/4\"","un",2.0000000000000001E-4,{"$f":"SUMIF(Insumos!B:B,D2284,Insumos!G:G)","v":14.72},0]
[null,null,null,7097,"Te sanitario, pvc, dn 50 x 50 mm, serie normal, para esgotopredial","un",1,{"$f":"SUMIF(Insumos!B:B,D2285,Insumos!G:G)","v":4.07},4.07]
[null,null,null,9838,"Tubo pvc serie normal, dn 50 mm, para esgoto predial (nbr 5688)","m",8,{"$f":"SUMIF(Insumos!B:B,D2286,Insumos!G:G)","v":4.32},34.56]
[null,null,null,2378,"Vale transporte","un",4.7800000000000002E-2,{"$f":"SUMIF(Insumos!B:B,D2287,Insumos!G:G)","v":2.74},0.13]
[{"$nulls":7},"PARCIAL:",{"$f":"SUM(I2257:I2287)","v":47.86}]
[]
[{"$nulls":7},"VALOR UNITÁRIO TOTAL - R$",{"$f":"TRUNC(I2256+I2288+I2289,2)","v":52.73}]
[]
[]
[]
[null,"SERVIÇO","ORSE",1679,{"$f":"VLOOKUP(D2294,ORSE!$C:$F,2)","v":"PONTO DE ESGOTO COM TUBO DE PVC RÍGIDO SOLDÁVEL DE  Ø 40 MM (LAVATÓRIOS, MICT ÓRIOS, RALOS SIFONADOS, ETC...)"},null,null,null,{"$f":"VLOOKUP(D2294,ORSE!$C:$F,3)","v":"UN"},null,{"$f":"I2336","v":34.81},{"$f":"VLOOKUP(D2294,ORSE!$C:$F,4)","v":44.49}]
[]
[null,null,null,"COD.","DESCRIÇÃO","UN.","COEF.","PREÇO","TOTAL"]
[null,null,null,"MÃO DE OBRA"]
[null,null,null,"88267","ENCANADOR OU BOMBEIRO HIDRÁULICO COM ENCARGOS COMPLEMENTARES","h",0.41049999999999998,{"$f":"SUMIF(Insumos!B:B,D2298,Insumos!G:G)","v":13.51},{"$f":"(G2298*H2298)","v":5.55}]
[null,null,null,6111,"SERVENTE DE OBRAS","h",0.41049999999999998,{"$f":"SUMIF(Insumos!B:B,D2299,Insumos!G:G)","v":11.11},{"$f":"(G2299*H2299)","v":4.5599999999999996}]
[null,null,null,10517,"Exames admissionais/demissionais (checkup)","cj",5.9999999999999995E-4,{"$f":"SUMIF(Insumos!B:B,D2300,Insumos!G:G)","v":255.26},{"$f":"(G2300*H2300)","v":0.15}]
[null,null,null,10761,"Refeição - café da manhã ( café com leite e dois pães com manteiga)","un",0.13239999999999999,{"$f":"SUMIF(Insumos!B:B,D2301,Insumos!G:G)","v":1.96},{"$f":"(G2301*H2301)","v":0.26}]
[null,null,null,10362,"Seguro de vida e acidente em grupo","un",5.7999999999999996E-3,{"$f":"SUMIF(Insumos!B:B,D2302,Insumos!G:G)","v":4.42},{"$f":"(G2302*H2302)","v":0.03}]
[{"$nulls":7},"PARCIAL:",{"$f":"SUM(I2297:I2302)","v":10.55}]
[null,null,null,"MATERIAIS/ SERVIÇOS/ EQUIPAMENTOS"]
[null,null,null,138,"Adesivo pvc em frasco de 850 gramas","kg",3.9E-2,{"$f":"SUMIF(Insumos!B:B,D2305,Insumos!G:G)","v":41.6},{"$f":"(G2305*H2305)","v":1.62}]
[null,null,null,158,"Almoço (Participação do empregador)","un",0.13239999999999999,{"$f":"SUMIF(Insumos!B:B,D2306,Insumos!G:G)","v":7.83},{"$f":"(G2306*H2306)","v":1.04}]
[null,null,null,12893,"Bota de seguranca com biqueira de aco e colarinho acolchoado","par",1E-3,{"$f":"SUMIF(Insumos!B:B,D2307,Insumos!G:G)","v":30.36},{"$f":"(G2307*H2307)","v":0.03}]
[null,null,null,12894,"Capa para chuva em pvc com forro de poliester, com capuz (amarela ou azul)","un",2.0000000000000001E-4,{"$f":"SUMIF(Insumos!B:B,D2308,Insumos!G:G)","v":8.2200000000000006},0]
[null,null,null,12895,"Capacete de seguranca aba frontal com suspensao de polietileno, sem jugular (classe b)","un",8.0000000000000004E-4,{"$f":"SUMIF(Insumos!B:B,D2309,Insumos!G:G)","v":6.33},0.01]
[null,null,null,2711,"Carrinho de mao de aco capacidade 50 a 60 l, pneu com camara","un",1E-4,{"$f":"SUMIF(Insumos!B:B,D2310,Insumos!G:G)","v":86.13},0.01]
[null,null,null,10492,"Cesta Básica","un",5.7999999999999996E-3,{"$f":"SUMIF(Insumos!B:B,D2311,Insumos!G:G)","v":86.13},0.5]
[null,null,null,941,"Fardamento","un",2E-3,{"$f":"SUMIF(Insumos!B:B,D2312,Insumos!G:G)","v":53.6},0.11]
[null,null,null,3516,"Joelho pvc, soldavel, bb, 45 graus, dn 40 mm, para esgoto predial","un",3,{"$f":"SUMIF(Insumos!B:B,D2313,Insumos!G:G)","v":1.54},4.62]
[null,null,null,3517,"Joelho pvc, soldavel, bb, 90 graus, dn 40 mm, para esgoto predial","un",3,{"$f":"SUMIF(Insumos!B:B,D2314,Insumos!G:G)","v":0.94},2.82]
[null,null,null,10592,"Lima chata 1 1/2\"","un",1E-4,{"$f":"SUMIF(Insumos!B:B,D2315,Insumos!G:G)","v":6.73},0]
[null,null,null,3767,"Lixa em folha para parede ou madeira, numero 120 (cor vermelha)","un",0.2,{"$f":"SUMIF(Insumos!B:B,D2316,Insumos!G:G)","v":0.31},0.06]
[null,null,null,12892,"Luva raspa de couro, cano curto (punho *7* cm)","par",3.0000000000000001E-3,{"$f":"SUMIF(Insumos!B:B,D2317,Insumos!G:G)","v":5.69},0.02]
[null,null,null,4729,"Marreta 1 kg com cabo","un",1E-4,{"$f":"SUMIF(Insumos!B:B,D2318,Insumos!G:G)","v":12.37},0]
[null,null,null,1651,"Óculos branco proteção","pr",1E-3,{"$f":"SUMIF(Insumos!B:B,D2319,Insumos!G:G)","v":4.3099999999999996},0]
[null,null,null,10788,"Pá quadrada","un",1E-4,{"$f":"SUMIF(Insumos!B:B,D2320,Insumos!G:G)","v":13.54},0]
[null,null,null,1703,"Pasta lubrificante p/ pvc je","kg",0.09,{"$f":"SUMIF(Insumos!B:B,D2321,Insumos!G:G)","v":12.94},1.1599999999999999]
[null,null,null,10593,"Praio simples 30cm","un",1E-4,{"$f":"SUMIF(Insumos!B:B,D2322,Insumos!G:G)","v":35.76},0]
[null,null,null,10596,"Protetor auricular","un",5.7999999999999996E-3,{"$f":"SUMIF(Insumos!B:B,D2323,Insumos!G:G)","v":2.5099999999999998},0.01]
[null,null,null,10599,"Protetor solar fps 30 com 120ml","un",2.3999999999999998E-3,{"$f":"SUMIF(Insumos!B:B,D2324,Insumos!G:G)","v":13.86},0.03]
[null,null,null,2036,"Solucao limpadora pvc","l",0.06,{"$f":"SUMIF(Insumos!B:B,D2325,Insumos!G:G)","v":30.71},1.84]
[null,null,null,4728,"Talhadeira chata 10\"","un",2.0000000000000001E-4,{"$f":"SUMIF(Insumos!B:B,D2326,Insumos!G:G)","v":7.4},0]
[null,null,null,11256,"Tarracha para tubos PVC de 1 1/2\"","un",2.9999999999999997E-4,{"$f":"SUMIF(Insumos!B:B,D2327,Insumos!G:G)","v":32.340000000000003},0.01]
[null,null,null,11257,"Tarracha para tubos PVC de 1 1/4\"","un",2.9999999999999997E-4,{"$f":"SUMIF(Insumos!B:B,D2328,Insumos!G:G)","v":24.55},0.01]
[null,null,null,11255,"Tarracha para tubos PVC de 1\"","un",4.0000000000000002E-4,{"$f":"SUMIF(Insumos!B:B,D2329,Insumos!G:G)","v":17.190000000000001},0.01]
[null,null,null,11253,"Tarracha para tubos PVC de 1/2\"","un",6.9999999999999999E-4,{"$f":"SUMIF(Insumos!B:B,D2330,Insumos!G:G)","v":12.72},0.01]
[null,null,null,11254,"Tarracha para tubos PVC de 3/4\"","un",5.0000000000000001E-4,{"$f":"SUMIF(Insumos!B:B,D2331,Insumos!G:G)","v":14.72},0.01]
[null,null,null,9835,"Tubo pvc serie normal, dn 40 mm, para esgoto predial (nbr5688)","m",4,{"$f":"SUMIF(Insumos!B:B,D2332,Insumos!G:G)","v":2.5099999999999998},{"$f":"(G2332*H2332)+0.01","v":10.050000000000001}]
[null,null,null,2378,"Vale transporte","un",0.1037,{"$f":"SUMIF(Insumos!B:B,D2333,Insumos!G:G)","v":2.74},0.28000000000000003]
[{"$nulls":7},"PARCIAL:",{"$f":"SUM(I2304:I2333)","v":24.26}]
[]
[{"$nulls":7},"VALOR UNITÁRIO TOTAL - R$",{"$f":"TRUNC(I2303+I2334+I2335,2)","v":34.81}]
[]
[]
[]
[null,"SERVIÇO","ORSE",10992,{"$f":"VLOOKUP(D2340,ORSE!$C:$F,2)","v":"REVESTIMENTO CERÂMICO PARA PISO OU PAREDE, 46 X 46 CM, PEI 4, INCENOR, BIANCO , REF.62230 OU SIMILAR, APLICADA C/ ARGAMASSA IND. AC-II, REJUNTE ACRÍLICO, E XCETO REGULARIZAÇÃO DE BASE/EMBOÇO"},null,null,null,{"$f":"VLOOKUP(D2340,ORSE!$C:$F,3)","v":"M2"},null,{"$f":"I2382","v":28.82},{"$f":"VLOOKUP(D2340,ORSE!$C:$F,4)","v":36.85}]
[]
[null,null,null,"COD.","DESCRIÇÃO","UN.","COEF.","PREÇO","TOTAL"]
[null,null,null,"MÃO DE OBRA"]
[null,null,null,"88309","PEDREIRO COM ENCARGOS COMPLEMENTARES","h",0.36120000000000002,{"$f":"SUMIF(Insumos!B:B,D2344,Insumos!G:G)","v":13.51},{"$f":"(G2344*H2344)","v":4.88}]
[null,null,null,6111,"SERVENTE DE OBRAS","h",0.28920000000000001,{"$f":"SUMIF(Insumos!B:B,D2345,Insumos!G:G)","v":11.11},{"$f":"(G2345*H2345)","v":3.21}]
[null,null,null,10517,"Exames admissionais/demissionais (checkup)","cj",4.0000000000000002E-4,{"$f":"SUMIF(Insumos!B:B,D2346,Insumos!G:G)","v":255.26},{"$f":"(G2346*H2346)","v":0.1}]
[null,null,null,10761,"Refeição - café da manhã ( café com leite e dois pães com manteiga)","un",0.1047,{"$f":"SUMIF(Insumos!B:B,D2347,Insumos!G:G)","v":1.96},{"$f":"(G2347*H2347)","v":0.21}]
[null,null,null,10362,"Seguro de vida e acidente em grupo","un",4.5999999999999999E-3,{"$f":"SUMIF(Insumos!B:B,D2348,Insumos!G:G)","v":4.42},{"$f":"(G2348*H2348)","v":0.02}]
[{"$nulls":7},"PARCIAL:",{"$f":"SUM(I2343:I2348)","v":8.42}]
[null,null,null,"MATERIAIS/ SERVIÇOS/ EQUIPAMENTOS"]
[null,null,null,158,"Almoço (Participação do empregador)","un",0.1047,{"$f":"SUMIF(Insumos!B:B,D2351,Insumos!G:G)","v":7.83},{"$f":"(G2351*H2351)","v":0.82}]
[null,null,null,2684,"Argamassa industrializada Votomassa AC-II, ou similar","kg",3.36,{"$f":"SUMIF(Insumos!B:B,D2352,Insumos!G:G)","v":0.67},{"$f":"(G2352*H2352)","v":2.25}]
[null,null,null,12893,"Bota de seguranca com biqueira de aco e colarinho acolchoado","par",8.0000000000000004E-4,{"$f":"SUMIF(Insumos!B:B,D2353,Insumos!G:G)","v":30.36},{"$f":"(G2353*H2353)","v":0.02}]
[null,null,null,12894,"Capa para chuva em pvc com forro de poliester, com capuz (amarela ou azul)","un",2.0000000000000001E-4,{"$f":"SUMIF(Insumos!B:B,D2354,Insumos!G:G)","v":8.2200000000000006},0]
[null,null,null,12895,"Capacete de seguranca aba frontal com suspensao de polietileno, sem jugular (classe b)","un",5.9999999999999995E-4,{"$f":"SUMIF(Insumos!B:B,D2355,Insumos!G:G)","v":6.33},0]
[null,null,null,2711,"Carrinho de mao de aco capacidade 50 a 60 l, pneu com camara","un",1E-4,{"$f":"SUMIF(Insumos!B:B,D2356,Insumos!G:G)","v":86.13},0.01]
[null,null,null,11820,"Cerâmica 46 x 46 cm, Revestimento Bianco, PEI-4, ref.62230 - INCENOR ou similar","m2",1.05,{"$f":"SUMIF(Insumos!B:B,D2357,Insumos!G:G)","v":14.08},14.78]
[null,null,null,10492,"Cesta Básica","un",4.5999999999999999E-3,{"$f":"SUMIF(Insumos!B:B,D2358,Insumos!G:G)","v":86.13},0.4]
[null,null,null,4719,"Colher de pedreiro","un",2.0000000000000001E-4,{"$f":"SUMIF(Insumos!B:B,D2359,Insumos!G:G)","v":8.9700000000000006},0]
[null,null,null,4174,"Desempenadeira de aço lisa, cabo madeira, ref:143, Atlas ou similar","un",2.9999999999999997E-4,{"$f":"SUMIF(Insumos!B:B,D2360,Insumos!G:G)","v":6.4},0]
[null,null,null,11245,"Desempoladeira de madeira 12x22","un",4.0000000000000002E-4,{"$f":"SUMIF(Insumos!B:B,D2361,Insumos!G:G)","v":9.1999999999999993},0]
[null,null,null,11246,"Escala métrica de bambú","Un",4.0000000000000002E-4,{"$f":"SUMIF(Insumos!B:B,D2362,Insumos!G:G)","v":13.31},0.01]
[null,null,null,941,"Fardamento","un",1.5E-3,{"$f":"SUMIF(Insumos!B:B,D2363,Insumos!G:G)","v":53.6},0.08]
[null,null,null,12892,"Luva raspa de couro, cano curto (punho *7* cm)","par",2.3999999999999998E-3,{"$f":"SUMIF(Insumos!B:B,D2364,Insumos!G:G)","v":5.69},0.01]
[null,null,null,4729,"Marreta 1 kg com cabo","un",0,{"$f":"SUMIF(Insumos!B:B,D2365,Insumos!G:G)","v":12.37},0]
[null,null,null,11264,"Marreta de 1/2 kg com cabo","un",1E-4,{"$f":"SUMIF(Insumos!B:B,D2366,Insumos!G:G)","v":8.57},0]
[null,null,null,11265,"Martelo de borracha com cabo","un",2.0000000000000001E-4,{"$f":"SUMIF(Insumos!B:B,D2367,Insumos!G:G)","v":11.67},0]
[null,null,null,11243,"Martelo sem unha","un",1E-4,{"$f":"SUMIF(Insumos!B:B,D2368,Insumos!G:G)","v":12.76},0]
[null,null,null,10789,"Nível de bolha de madeira","un",1E-4,{"$f":"SUMIF(Insumos!B:B,D2369,Insumos!G:G)","v":7.05},0]
[null,null,null,1651,"Óculos branco proteção","pr",8.0000000000000004E-4,{"$f":"SUMIF(Insumos!B:B,D2370,Insumos!G:G)","v":4.3099999999999996},0]
[null,null,null,10788,"Pá quadrada","un",1E-4,{"$f":"SUMIF(Insumos!B:B,D2371,Insumos!G:G)","v":13.54},0]
[null,null,null,10596,"Protetor auricular","un",4.5999999999999999E-3,{"$f":"SUMIF(Insumos!B:B,D2372,Insumos!G:G)","v":2.5099999999999998},0.01]
[null,null,null,10599,"Protetor solar fps 30 com 120ml","un",1.9E-3,{"$f":"SUMIF(Insumos!B:B,D2373,Insumos!G:G)","v":13.86},0.03]
[null,null,null,10790,"Prumo de face","un",1E-4,{"$f":"SUMIF(Insumos!B:B,D2374,Insumos!G:G)","v":13.35},0]
[null,null,null,10282,"Regua de alumínio c/ 2,00m (para pedreiro)","un",1E-4,{"$f":"SUMIF(Insumos!B:B,D2375,Insumos!G:G)","v":13.08},0]
[null,null,null,9401,"Rejunte acrílico para revestimentos cerâmicos","kg",0.11,{"$f":"SUMIF(Insumos!B:B,D2376,Insumos!G:G)","v":15.84},1.74]
[null,null,null,11247,"Serra mármore","un",1E-4,{"$f":"SUMIF(Insumos!B:B,D2377,Insumos!G:G)","v":213.74},0.02]
[null,null,null,4728,"Talhadeira chata 10\"","un",1E-4,{"$f":"SUMIF(Insumos!B:B,D2378,Insumos!G:G)","v":7.4},0]
[null,null,null,2378,"Vale transporte","un",8.09E-2,{"$f":"SUMIF(Insumos!B:B,D2379,Insumos!G:G)","v":2.74},0.22]
[{"$nulls":7},"PARCIAL:",{"$f":"SUM(I2350:I2379)","v":20.399999999999999}]
[]
[{"$nulls":7},"VALOR UNITÁRIO TOTAL - R$",{"$f":"TRUNC(I2349+I2380+I2381,2)","v":28.82}]
[]
[]
[]
[null,"SERVIÇO","ORSE",1912,{"$f":"VLOOKUP(D2386,ORSE!$C:$F,2)","v":"REVESTIMENTO CERAMICO PARA PAREDE, 15 X 15 CM, AZULEJO BRANCO, TIPO \"A\", APLI CADO COM ARGAMASSA INDUSTRIALIZADA AC-I, REJUNTADO, EXCLUSIVE EMBOÇO"},null,null,null,{"$f":"VLOOKUP(D2386,ORSE!$C:$F,3)","v":"M2"},null,{"$f":"I2428","v":23.09},{"$f":"VLOOKUP(D2386,ORSE!$C:$F,4)","v":29.51}]
[]
[null,null,null,"COD.","DESCRIÇÃO","UN.","COEF.","PREÇO","TOTAL"]
[null,null,null,"MÃO DE OBRA"]
[null,null,null,"88309","PEDREIRO COM ENCARGOS COMPLEMENTARES","h",0.25769999999999998,{"$f":"SUMIF(Insumos!B:B,D2390,Insumos!G:G)","v":13.51},{"$f":"(G2390*H2390)","v":3.48}]
[null,null,null,6111,"SERVENTE DE OBRAS","h",0.22919999999999999,{"$f":"SUMIF(Insumos!B:B,D2391,Insumos!G:G)","v":11.11},{"$f":"(G2391*H2391)","v":2.5499999999999998}]
[null,null,null,10517,"Exames admissionais/demissionais (checkup)","cj",2.9999999999999997E-4,{"$f":"SUMIF(Insumos!B:B,D2392,Insumos!G:G)","v":255.26},{"$f":"(G2392*H2392)","v":0.08}]
[null,null,null,10761,"Refeição - café da manhã ( café com leite e dois pães com manteiga)","un",7.85E-2,{"$f":"SUMIF(Insumos!B:B,D2393,Insumos!G:G)","v":1.96},{"$f":"(G2393*H2393)","v":0.15}]
[null,null,null,10362,"Seguro de vida e acidente em grupo","un",3.3999999999999998E-3,{"$f":"SUMIF(Insumos!B:B,D2394,Insumos!G:G)","v":4.42},{"$f":"(G2394*H2394)","v":0.02}]
[{"$nulls":7},"PARCIAL:",{"$f":"SUM(I2389:I2394)","v":6.28}]
[null,null,null,"MATERIAIS/ SERVIÇOS/ EQUIPAMENTOS"]
[null,null,null,158,"Almoço (Participação do empregador)","un",7.85E-2,{"$f":"SUMIF(Insumos!B:B,D2397,Insumos!G:G)","v":7.83},{"$f":"(G2397*H2397)","v":0.61}]
[null,null,null,371,"Argamassa industrializada multiuso, para revestimento interno e externo e assentamento de blocos diversos","kg",3.78,{"$f":"SUMIF(Insumos!B:B,D2398,Insumos!G:G)","v":0.3},{"$f":"(G2398*H2398)","v":1.1299999999999999}]
[null,null,null,12893,"Bota de seguranca com biqueira de aco e colarinho acolchoado","par",5.9999999999999995E-4,{"$f":"SUMIF(Insumos!B:B,D2399,Insumos!G:G)","v":30.36},0.02]
[null,null,null,12894,"Capa para chuva em pvc com forro de poliester, com capuz (amarela ou azul)","un",2.0000000000000001E-4,{"$f":"SUMIF(Insumos!B:B,D2400,Insumos!G:G)","v":8.2200000000000006},0]
[null,null,null,12895,"Capacete de seguranca aba frontal com suspensao de polietileno, sem jugular (classe b)","un",4.0000000000000002E-4,{"$f":"SUMIF(Insumos!B:B,D2401,Insumos!G:G)","v":6.33},0]
[null,null,null,2711,"Carrinho de mao de aco capacidade 50 a 60 l, pneu com camara","un",1E-4,{"$f":"SUMIF(Insumos!B:B,D2402,Insumos!G:G)","v":86.13},0.01]
[null,null,null,235,"Ceramica tipo azulejo branco 15x15 cm, tipo \"A\"","m2",1.05,{"$f":"SUMIF(Insumos!B:B,D2403,Insumos!G:G)","v":13.23},13.89]
[null,null,null,10492,"Cesta Básica","un",3.3999999999999998E-3,{"$f":"SUMIF(Insumos!B:B,D2404,Insumos!G:G)","v":86.13},{"$f":"(G2404*H2404)","v":0.28999999999999998}]
[null,null,null,4719,"Colher de pedreiro","un",2.0000000000000001E-4,{"$f":"SUMIF(Insumos!B:B,D2405,Insumos!G:G)","v":8.9700000000000006},0]
[null,null,null,4174,"Desempenadeira de aço lisa, cabo madeira, ref:143, Atlas ou similar","un",2.0000000000000001E-4,{"$f":"SUMIF(Insumos!B:B,D2406,Insumos!G:G)","v":6.4},0]
[null,null,null,11245,"Desempoladeira de madeira 12x22","un",2.9999999999999997E-4,{"$f":"SUMIF(Insumos!B:B,D2407,Insumos!G:G)","v":9.1999999999999993},0]
[null,null,null,11246,"Escala métrica de bambú","Un",2.9999999999999997E-4,{"$f":"SUMIF(Insumos!B:B,D2408,Insumos!G:G)","v":13.31},0]
[null,null,null,941,"Fardamento","un",1.1000000000000001E-3,{"$f":"SUMIF(Insumos!B:B,D2409,Insumos!G:G)","v":53.6},0.06]
[null,null,null,12892,"Luva raspa de couro, cano curto (punho *7* cm)","par",1.8E-3,{"$f":"SUMIF(Insumos!B:B,D2410,Insumos!G:G)","v":5.69},0.01]
[null,null,null,4729,"Marreta 1 kg com cabo","un",0,{"$f":"SUMIF(Insumos!B:B,D2411,Insumos!G:G)","v":12.37},0]
[null,null,null,11264,"Marreta de 1/2 kg com cabo","un",1E-4,{"$f":"SUMIF(Insumos!B:B,D2412,Insumos!G:G)","v":8.57},0]
[null,null,null,11265,"Martelo de borracha com cabo","un",2.0000000000000001E-4,{"$f":"SUMIF(Insumos!B:B,D2413,Insumos!G:G)","v":11.67},0]
[null,null,null,11243,"Martelo sem unha","un",0,{"$f":"SUMIF(Insumos!B:B,D2414,Insumos!G:G)","v":12.76},0]
[null,null,null,10789,"Nível de bolha de madeira","un",1E-4,{"$f":"SUMIF(Insumos!B:B,D2415,Insumos!G:G)","v":7.05},0]
[null,null,null,1651,"Óculos branco proteção","pr",5.9999999999999995E-4,{"$f":"SUMIF(Insumos!B:B,D2416,Insumos!G:G)","v":4.3099999999999996},0]
[null,null,null,10788,"Pá quadrada","un",1E-4,{"$f":"SUMIF(Insumos!B:B,D2417,Insumos!G:G)","v":13.54},0]
[null,null,null,10596,"Protetor auricular","un",3.3999999999999998E-3,{"$f":"SUMIF(Insumos!B:B,D2418,Insumos!G:G)","v":2.5099999999999998},0.01]
[null,null,null,10599,"Protetor solar fps 30 com 120ml","un",1.4E-3,{"$f":"SUMIF(Insumos!B:B,D2419,Insumos!G:G)","v":13.86},0.02]
[null,null,null,10790,"Prumo de face","un",0,{"$f":"SUMIF(Insumos!B:B,D2420,Insumos!G:G)","v":13.35},0]
[null,null,null,10282,"Regua de alumínio c/ 2,00m (para pedreiro)","un",1E-4,{"$f":"SUMIF(Insumos!B:B,D2421,Insumos!G:G)","v":13.08},0]
[null,null,null,2540,"Rejunte colorido flexivel para revestimentos cerâmicos","kg",0.26,{"$f":"SUMIF(Insumos!B:B,D2422,Insumos!G:G)","v":2.27},0.59]
[null,null,null,11247,"Serra mármore","un",0,{"$f":"SUMIF(Insumos!B:B,D2423,Insumos!G:G)","v":213.74},0]
[null,null,null,4728,"Talhadeira chata 10\"","un",1E-4,{"$f":"SUMIF(Insumos!B:B,D2424,Insumos!G:G)","v":7.4},0]
[null,null,null,2378,"Vale transporte","un",6.1199999999999997E-2,{"$f":"SUMIF(Insumos!B:B,D2425,Insumos!G:G)","v":2.74},0.17]
[{"$nulls":7},"PARCIAL:",{"$f":"SUM(I2396:I2425)","v":16.809999999999999}]
[]
[{"$nulls":7},"VALOR UNITÁRIO TOTAL - R$",{"$f":"TRUNC(I2395+I2426+I2427,2)","v":23.09}]
[]
[]
[]
[null,"SERVIÇO","ORSE",12019,{"$f":"VLOOKUP(D2432,ORSE!$C:$F,2)","v":"PRATELEIRA EM CONCRETO ARMADO, ESP= 8CM"},null,null,null,{"$f":"VLOOKUP(D2432,ORSE!$C:$F,3)","v":"M2"},null,{"$f":"I2493","v":139.58000000000001},{"$f":"VLOOKUP(D2432,ORSE!$C:$F,4)","v":178.27}]
[]
[null,null,null,"COD.","DESCRIÇÃO","UN.","COEF.","PREÇO","TOTAL"]
[null,null,null,"MÃO DE OBRA"]
[null,null,null,"88245","ARMADOR COM ENCARGOS COMPLEMENTARES","h",7.3400000000000007E-2,{"$f":"SUMIF(Insumos!B:B,D2436,Insumos!G:G)","v":13.51},{"$f":"(G2436*H2436)","v":0.99}]
[null,null,null,"88262","CARPINTEIRO DE FORMAS COM ENCARGOS COMPLEMENTARES","h",0.90920000000000001,{"$f":"SUMIF(Insumos!B:B,D2437,Insumos!G:G)","v":13.51},12.28]
[null,null,null,"88309","PEDREIRO COM ENCARGOS COMPLEMENTARES","h",0.37580000000000002,{"$f":"SUMIF(Insumos!B:B,D2438,Insumos!G:G)","v":13.51},5.08]
[null,null,null,6111,"SERVENTE DE OBRAS","h",3.6888999999999998,{"$f":"SUMIF(Insumos!B:B,D2439,Insumos!G:G)","v":11.11},40.98]
[null,null,null,10517,"Exames admissionais/demissionais (checkup)","cj",2.7000000000000001E-3,{"$f":"SUMIF(Insumos!B:B,D2440,Insumos!G:G)","v":255.26},0.69]
[null,null,null,10761,"Refeição - café da manhã ( café com leite e dois pães com manteiga)","un",0.69779999999999998,{"$f":"SUMIF(Insumos!B:B,D2441,Insumos!G:G)","v":1.96},1.37]
[null,null,null,10362,"Seguro de vida e acidente em grupo","un",3.09E-2,{"$f":"SUMIF(Insumos!B:B,D2442,Insumos!G:G)","v":4.42},0.14000000000000001]
[{"$nulls":7},"PARCIAL:",{"$f":"SUM(I2435:I2442)","v":61.53}]
[null,null,null,"MATERIAIS/ SERVIÇOS/ EQUIPAMENTOS"]
[null,null,null,11248,"Furadeira e Parafusadeira eletrica Bosch ou Similar profissional","un",1E-4,{"$f":"SUMIF(Insumos!B:B,D2445,Insumos!G:G)","v":235.13},{"$f":"(G2445*H2445)","v":0.02}]
[null,null,null,11249,"Serra circular eletrica portatil","un",1E-4,{"$f":"SUMIF(Insumos!B:B,D2446,Insumos!G:G)","v":532.35},{"$f":"(G2446*H2446)","v":0.05}]
[null,null,null,81,"Aço ca-50 6,3 a 12,5 mm","kg",5.9470000000000001,{"$f":"SUMIF(Insumos!B:B,D2447,Insumos!G:G)","v":3.34},{"$f":"(G2447*H2447)-0.01","v":19.850000000000001}]
[null,null,null,158,"Almoço (Participação do empregador)","un",0.69779999999999998,{"$f":"SUMIF(Insumos!B:B,D2448,Insumos!G:G)","v":7.83},{"$f":"(G2448*H2448)","v":5.46}]
[null,null,null,333,"Arame galvanizado 14 bwg, d = 2,11 mm (0,026 kg/m)","kg",0.15,{"$f":"SUMIF(Insumos!B:B,D2449,Insumos!G:G)","v":9.7899999999999991},1.47]
[null,null,null,337,"Arame recozido 18 bwg, 1,25 mm (0,01 kg/m)","kg",0.128,{"$f":"SUMIF(Insumos!B:B,D2450,Insumos!G:G)","v":7.37},0.94]
[null,null,null,10585,"Arco de serra","un",1E-4,{"$f":"SUMIF(Insumos!B:B,D2451,Insumos!G:G)","v":15.27},0]
[null,null,null,12893,"Bota de seguranca com biqueira de aco e colarinho acolchoado","par",5.1999999999999998E-3,{"$f":"SUMIF(Insumos!B:B,D2452,Insumos!G:G)","v":30.36},0.16]
[null,null,null,12894,"Capa para chuva em pvc com forro de poliester, com capuz (amarela ou azul)","un",1.4E-3,{"$f":"SUMIF(Insumos!B:B,D2453,Insumos!G:G)","v":8.2200000000000006},0.01]
[null,null,null,12895,"Capacete de seguranca aba frontal com suspensao de polietileno, sem jugular (classe b)","un",4.1000000000000003E-3,{"$f":"SUMIF(Insumos!B:B,D2454,Insumos!G:G)","v":6.33},0.03]
[null,null,null,2711,"Carrinho de mao de aco capacidade 50 a 60 l, pneu com camara","un",8.0000000000000004E-4,{"$f":"SUMIF(Insumos!B:B,D2455,Insumos!G:G)","v":86.13},7.0000000000000007E-2]
[null,null,null,10492,"Cesta Básica","un",3.09E-2,{"$f":"SUMIF(Insumos!B:B,D2456,Insumos!G:G)","v":86.13},2.66]
[null,null,null,10579,"Chave de fenda chata 30 cm","un",2.9999999999999997E-4,{"$f":"SUMIF(Insumos!B:B,D2457,Insumos!G:G)","v":12.1},0]
[null,null,null,4719,"Colher de pedreiro","un",2.9999999999999997E-4,{"$f":"SUMIF(Insumos!B:B,D2458,Insumos!G:G)","v":8.9700000000000006},0]
[null,null,null,630,"Compensado resinado 12mm - Madeirit ou similar","m2",0.13100000000000001,{"$f":"SUMIF(Insumos!B:B,D2459,Insumos!G:G)","v":19.61},2.57]
[null,null,null,634,"Concreto usinado bombeavel b0-b1 fck=15mpa","m3",0.08,{"$f":"SUMIF(Insumos!B:B,D2460,Insumos!G:G)","v":176.28},14.1]
[null,null,null,4174,"Desempenadeira de aço lisa, cabo madeira, ref:143, Atlas ou similar","un",4.0000000000000002E-4,{"$f":"SUMIF(Insumos!B:B,D2461,Insumos!G:G)","v":6.4},0]
[null,null,null,11245,"Desempoladeira de madeira 12x22","un",5.9999999999999995E-4,{"$f":"SUMIF(Insumos!B:B,D2462,Insumos!G:G)","v":9.1999999999999993},0.01]
[null,null,null,2692,"Desmoldante protetor para formas de madeira, de base oleosaemulsionada em agua","l",0.02,{"$f":"SUMIF(Insumos!B:B,D2463,Insumos!G:G)","v":4.76},0.1]
[null,null,null,11246,"Escala métrica de bambú","Un",5.9999999999999995E-4,{"$f":"SUMIF(Insumos!B:B,D2464,Insumos!G:G)","v":13.31},0.01]
[null,null,null,941,"Fardamento","un",1.0200000000000001E-2,{"$f":"SUMIF(Insumos!B:B,D2465,Insumos!G:G)","v":53.6},0.55000000000000004]
[null,null,null,10578,"Formão grande","un",2.9999999999999997E-4,{"$f":"SUMIF(Insumos!B:B,D2466,Insumos!G:G)","v":11.86},0]
[null,null,null,12892,"Luva raspa de couro, cano curto (punho *7* cm)","par",1.5800000000000002E-2,{"$f":"SUMIF(Insumos!B:B,D2467,Insumos!G:G)","v":5.69},0.09]
[null,null,null,1569,"Madeira mista serrada (barrote) 6 x 6cm - 0,0036 m3/m (angelim, louro)","m",2.6133999999999999,{"$f":"SUMIF(Insumos!B:B,D2468,Insumos!G:G)","v":4.5999999999999996},12.02]
[null,null,null,4729,"Marreta 1 kg com cabo","un",5.0000000000000001E-4,{"$f":"SUMIF(Insumos!B:B,D2469,Insumos!G:G)","v":12.37},0.01]
[null,null,null,11264,"Marreta de 1/2 kg com cabo","un",2.0000000000000001E-4,{"$f":"SUMIF(Insumos!B:B,D2470,Insumos!G:G)","v":8.57},0]
[null,null,null,11244,"Martelo com unha","un",2.9999999999999997E-4,{"$f":"SUMIF(Insumos!B:B,D2471,Insumos!G:G)","v":22.05},0.01]
[null,null,null,11265,"Martelo de borracha com cabo","un",2.9999999999999997E-4,{"$f":"SUMIF(Insumos!B:B,D2472,Insumos!G:G)","v":11.67},0]
[null,null,null,11243,"Martelo sem unha","un",1E-4,{"$f":"SUMIF(Insumos!B:B,D2473,Insumos!G:G)","v":12.76},0]
[null,null,null,10789,"Nível de bolha de madeira","un",2.0000000000000001E-4,{"$f":"SUMIF(Insumos!B:B,D2474,Insumos!G:G)","v":7.05},0]
[null,null,null,1651,"Óculos branco proteção","pr",5.1999999999999998E-3,{"$f":"SUMIF(Insumos!B:B,D2475,Insumos!G:G)","v":4.3099999999999996},0.02]
[null,null,null,10788,"Pá quadrada","un",8.0000000000000004E-4,{"$f":"SUMIF(Insumos!B:B,D2476,Insumos!G:G)","v":13.54},0.01]
[null,null,null,5068,"Prego de aco polido com cabeca 17 x 21 (2 x 11)","kg",2.5000000000000001E-2,{"$f":"SUMIF(Insumos!B:B,D2477,Insumos!G:G)","v":7.96},0.2]
[null,null,null,5069,"Prego de aco polido com cabeca 17 x 27 (2 1/2 x 11)","kg",0.1,{"$f":"SUMIF(Insumos!B:B,D2478,Insumos!G:G)","v":8.1199999999999992},0.81]
[null,null,null,10596,"Protetor auricular","un",3.09E-2,{"$f":"SUMIF(Insumos!B:B,D2479,Insumos!G:G)","v":2.5099999999999998},0.08]
[null,null,null,10599,"Protetor solar fps 30 com 120ml","un",1.23E-2,{"$f":"SUMIF(Insumos!B:B,D2480,Insumos!G:G)","v":13.86},0.17]
[null,null,null,10790,"Prumo de face","un",1E-4,{"$f":"SUMIF(Insumos!B:B,D2481,Insumos!G:G)","v":13.35},0]
[null,null,null,10282,"Regua de alumínio c/ 2,00m (para pedreiro)","un",2.0000000000000001E-4,{"$f":"SUMIF(Insumos!B:B,D2482,Insumos!G:G)","v":13.08},0]
[null,null,null,11247,"Serra mármore","un",1E-4,{"$f":"SUMIF(Insumos!B:B,D2483,Insumos!G:G)","v":213.74},0.02]
[null,null,null,10577,"Serrote 40cm","un",1E-4,{"$f":"SUMIF(Insumos!B:B,D2484,Insumos!G:G)","v":23.33},{"$f":"(G2484*H2484)","v":0}]
[null,null,null,25950,"Servico de bombeamento de concreto com consumo minimo de 40m3","m3",0.08,{"$f":"SUMIF(Insumos!B:B,D2485,Insumos!G:G)","v":21.42},1.71]
[null,null,null,4509,"Tabua de madeira nao aparelhada *2,5 x 10 cm (1 x 4 \") pinus, mista ou equivalente da regiao","m",2.2692000000000001,{"$f":"SUMIF(Insumos!B:B,D2486,Insumos!G:G)","v":5.25},11.91]
[null,null,null,6193,"Tabua de madeira nao aparelhada *2,5 x 20* cm, cedrinho ou equivalente da regiao","m",0.30599999999999999,{"$f":"SUMIF(Insumos!B:B,D2487,Insumos!G:G)","v":4.49},1.37]
[null,null,null,4728,"Talhadeira chata 10\"","un",1.1999999999999999E-3,{"$f":"SUMIF(Insumos!B:B,D2488,Insumos!G:G)","v":7.4},0.01]
[null,null,null,10586,"Torquesa","un",1E-4,{"$f":"SUMIF(Insumos!B:B,D2489,Insumos!G:G)","v":20.58},0]
[null,null,null,2378,"Vale transporte","un",0.56730000000000003,{"$f":"SUMIF(Insumos!B:B,D2490,Insumos!G:G)","v":2.74},1.55]
[{"$nulls":7},"PARCIAL:",{"$f":"SUM(I2444:I2490)","v":78.05}]
[]
[{"$nulls":7},"VALOR UNITÁRIO TOTAL - R$",{"$f":"TRUNC(I2443+I2491+I2492,2)","v":139.58000000000001}]
[]
[]
[]
[null,"SERVIÇO","ORSE",4545,{"$f":"VLOOKUP(D2497,ORSE!$C:$F,2)","v":"KIT DE ACESSÓRIOS PARA BANHEIRO EM ABS/ALUMÍNIO COM 5 PEÇAS (01 CABIDE, 01 SA BONETEIRA, 01 PAPELEIRA, 01 PORTA-TOALHA ROSTO E 01 PORTA-TOALHA BANHO)"},null,null,null,{"$f":"VLOOKUP(D2497,ORSE!$C:$F,3)","v":"UN"},null,{"$f":"I2528","v":36.700000000000003},{"$f":"VLOOKUP(D2497,ORSE!$C:$F,4)","v":46.93}]
[]
[null,null,null,"COD.","DESCRIÇÃO","UN.","COEF.","PREÇO","TOTAL"]
[null,null,null,"MÃO DE OBRA"]
[null,null,null,"88267","ENCANADOR OU BOMBEIRO HIDRÁULICO COM ENCARGOS COMPLEMENTARES","h",0.6774,{"$f":"SUMIF(Insumos!B:B,D2501,Insumos!G:G)","v":13.51},{"$f":"(G2501*H2501)","v":9.15}]
[null,null,null,10517,"Exames admissionais/demissionais (checkup)","cj",4.0000000000000002E-4,{"$f":"SUMIF(Insumos!B:B,D2502,Insumos!G:G)","v":255.26},{"$f":"(G2502*H2502)","v":0.1}]
[null,null,null,10761,"Refeição - café da manhã ( café com leite e dois pães com manteiga)","un",0.1018,{"$f":"SUMIF(Insumos!B:B,D2503,Insumos!G:G)","v":1.96},{"$f":"(G2503*H2503)","v":0.2}]
[null,null,null,10362,"Seguro de vida e acidente em grupo","un",4.4999999999999997E-3,{"$f":"SUMIF(Insumos!B:B,D2504,Insumos!G:G)","v":4.42},{"$f":"(G2504*H2504)","v":0.02}]
[{"$nulls":7},"PARCIAL:",{"$f":"SUM(I2500:I2504)","v":9.4700000000000006}]
[null,null,null,"MATERIAIS/ SERVIÇOS/ EQUIPAMENTOS"]
[null,null,null,158,"Almoço (Participação do empregador)","un",0.1018,{"$f":"SUMIF(Insumos!B:B,D2507,Insumos!G:G)","v":7.83},{"$f":"(G2507*H2507)","v":0.8}]
[null,null,null,12893,"Bota de seguranca com biqueira de aco e colarinho acolchoado","par",8.0000000000000004E-4,{"$f":"SUMIF(Insumos!B:B,D2508,Insumos!G:G)","v":30.36},0.02]
[null,null,null,12894,"Capa para chuva em pvc com forro de poliester, com capuz (amarela ou azul)","un",2.0000000000000001E-4,{"$f":"SUMIF(Insumos!B:B,D2509,Insumos!G:G)","v":8.2200000000000006},0]
[null,null,null,12895,"Capacete de seguranca aba frontal com suspensao de polietileno, sem jugular (classe b)","un",5.9999999999999995E-4,{"$f":"SUMIF(Insumos!B:B,D2510,Insumos!G:G)","v":6.33},0]
[null,null,null,10492,"Cesta Básica","un",4.4999999999999997E-3,{"$f":"SUMIF(Insumos!B:B,D2511,Insumos!G:G)","v":86.13},0.39]
[null,null,null,941,"Fardamento","un",1.5E-3,{"$f":"SUMIF(Insumos!B:B,D2512,Insumos!G:G)","v":53.6},0.08]
[null,null,null,4232,"Kit de acessórios para banheiro em ABS/Alumínio com 5 peças (01 cabide, 01 saboneteira, 01 papeleira, 01 porta-toalha rosto e 01 porta-toalha banho)","un",1,{"$f":"SUMIF(Insumos!B:B,D2513,Insumos!G:G)","v":25.66},25.66]
[null,null,null,10592,"Lima chata 1 1/2\"","un",1E-4,{"$f":"SUMIF(Insumos!B:B,D2514,Insumos!G:G)","v":6.73},0]
[null,null,null,12892,"Luva raspa de couro, cano curto (punho *7* cm)","par",2.3E-3,{"$f":"SUMIF(Insumos!B:B,D2515,Insumos!G:G)","v":5.69},0.01]
[null,null,null,1651,"Óculos branco proteção","pr",8.0000000000000004E-4,{"$f":"SUMIF(Insumos!B:B,D2516,Insumos!G:G)","v":4.3099999999999996},0]
[null,null,null,10593,"Praio simples 30cm","un",1E-4,{"$f":"SUMIF(Insumos!B:B,D2517,Insumos!G:G)","v":35.76},0]
[null,null,null,10596,"Protetor auricular","un",4.4999999999999997E-3,{"$f":"SUMIF(Insumos!B:B,D2518,Insumos!G:G)","v":2.5099999999999998},0.01]
[null,null,null,10599,"Protetor solar fps 30 com 120ml","un",1.8E-3,{"$f":"SUMIF(Insumos!B:B,D2519,Insumos!G:G)","v":13.86},0.02]
[null,null,null,11256,"Tarracha para tubos PVC de 1 1/2\"","un",4.0000000000000002E-4,{"$f":"SUMIF(Insumos!B:B,D2520,Insumos!G:G)","v":32.340000000000003},0.01]
[null,null,null,11257,"Tarracha para tubos PVC de 1 1/4\"","un",4.0000000000000002E-4,{"$f":"SUMIF(Insumos!B:B,D2521,Insumos!G:G)","v":24.55},0.01]
[null,null,null,11255,"Tarracha para tubos PVC de 1\"","un",5.9999999999999995E-4,{"$f":"SUMIF(Insumos!B:B,D2522,Insumos!G:G)","v":17.190000000000001},0.01]
[null,null,null,11253,"Tarracha para tubos PVC de 1/2\"","un",1.1000000000000001E-3,{"$f":"SUMIF(Insumos!B:B,D2523,Insumos!G:G)","v":12.72},0.01]
[null,null,null,11254,"Tarracha para tubos PVC de 3/4\"","un",6.9999999999999999E-4,{"$f":"SUMIF(Insumos!B:B,D2524,Insumos!G:G)","v":14.72},0.01]
[null,null,null,2378,"Vale transporte","un",6.54E-2,{"$f":"SUMIF(Insumos!B:B,D2525,Insumos!G:G)","v":2.74},{"$f":"(G2525*H2525)+0.01","v":0.19}]
[{"$nulls":7},"PARCIAL:",{"$f":"SUM(I2506:I2525)","v":27.23}]
[]
[{"$nulls":7},"VALOR UNITÁRIO TOTAL - R$",{"$f":"TRUNC(I2505+I2526+I2527,2)","v":36.700000000000003}]
[]
[]
[]
[null,"SERVIÇO","ORSE",4708,{"$f":"VLOOKUP(D2532,ORSE!$C:$F,2)","v":"VASO SANITARIO C/CAIXA DE DESCARGA ACOPLADA, ELIZABETH OU SIMILAR, PADRÃO POP ULAR, INCLUSIVE ASSENTO PLASTICO AMANCO OU SIMILAR, CONJUNTO DE FIXAÇÃO, ANEL DE VEDAÇÃO E ENGATE PLÁSTICO"},null,null,null,{"$f":"VLOOKUP(D2532,ORSE!$C:$F,3)","v":"UN"},null,{"$f":"I2573","v":187.27},{"$f":"VLOOKUP(D2532,ORSE!$C:$F,4)","v":239.25}]
[]
[null,null,null,"COD.","DESCRIÇÃO","UN.","COEF.","PREÇO","TOTAL"]
[null,null,null,"MÃO DE OBRA"]
[null,null,null,"88267","ENCANADOR OU BOMBEIRO HIDRÁULICO COM ENCARGOS COMPLEMENTARES","h",1.5779000000000001,{"$f":"SUMIF(Insumos!B:B,D2536,Insumos!G:G)","v":13.51},{"$f":"(G2536*H2536)","v":21.32}]
[null,null,null,6111,"SERVENTE DE OBRAS","h",1.5779000000000001,{"$f":"SUMIF(Insumos!B:B,D2537,Insumos!G:G)","v":11.11},{"$f":"(G2537*H2537)","v":17.53}]
[null,null,null,10517,"Exames admissionais/demissionais (checkup)","cj",2E-3,{"$f":"SUMIF(Insumos!B:B,D2538,Insumos!G:G)","v":255.26},{"$f":"(G2538*H2538)","v":0.51}]
[null,null,null,10761,"Refeição - café da manhã ( café com leite e dois pães com manteiga)","un",0.50900000000000001,{"$f":"SUMIF(Insumos!B:B,D2539,Insumos!G:G)","v":1.96},{"$f":"(G2539*H2539)","v":1}]
[null,null,null,10362,"Seguro de vida e acidente em grupo","un",2.24E-2,{"$f":"SUMIF(Insumos!B:B,D2540,Insumos!G:G)","v":4.42},{"$f":"(G2540*H2540)","v":0.1}]
[{"$nulls":7},"PARCIAL:",{"$f":"SUM(I2535:I2540)","v":40.46}]
[null,null,null,"MATERIAIS/ SERVIÇOS/ EQUIPAMENTOS"]
[null,null,null,158,"Almoço (Participação do empregador)","un",0.50900000000000001,{"$f":"SUMIF(Insumos!B:B,D2543,Insumos!G:G)","v":7.83},{"$f":"(G2543*H2543)","v":3.99}]
[null,null,null,377,"Assento sanitario de plastico, tipo convencional","un",1,{"$f":"SUMIF(Insumos!B:B,D2544,Insumos!G:G)","v":17.149999999999999},{"$f":"(G2544*H2544)","v":17.149999999999999}]
[null,null,null,12893,"Bota de seguranca com biqueira de aco e colarinho acolchoado","par",4.0000000000000001E-3,{"$f":"SUMIF(Insumos!B:B,D2545,Insumos!G:G)","v":30.36},{"$f":"(G2545*H2545)","v":0.12}]
[null,null,null,12894,"Capa para chuva em pvc com forro de poliester, com capuz (amarela ou azul)","un",1E-3,{"$f":"SUMIF(Insumos!B:B,D2546,Insumos!G:G)","v":8.2200000000000006},{"$f":"(G2546*H2546)","v":0.01}]
[null,null,null,12895,"Capacete de seguranca aba frontal com suspensao de polietileno, sem jugular (classe b)","un",3.0000000000000001E-3,{"$f":"SUMIF(Insumos!B:B,D2547,Insumos!G:G)","v":6.33},{"$f":"(G2547*H2547)","v":0.02}]
[null,null,null,2711,"Carrinho de mao de aco capacidade 50 a 60 l, pneu com camara","un",5.0000000000000001E-4,{"$f":"SUMIF(Insumos!B:B,D2548,Insumos!G:G)","v":86.13},0.04]
[null,null,null,10492,"Cesta Básica","un",2.24E-2,{"$f":"SUMIF(Insumos!B:B,D2549,Insumos!G:G)","v":86.13},1.93]
[null,null,null,6141,"Engate/rabicho flexivel plastico (pvc ou abs) branco 1/2 \" x 30 cm","un",1,{"$f":"SUMIF(Insumos!B:B,D2550,Insumos!G:G)","v":2.29},2.29]
[null,null,null,941,"Fardamento","un",7.6E-3,{"$f":"SUMIF(Insumos!B:B,D2551,Insumos!G:G)","v":53.6},0.41]
[null,null,null,981,"Fita veda rosca 18mm","m",0.6,{"$f":"SUMIF(Insumos!B:B,D2552,Insumos!G:G)","v":0.15},0.09]
[null,null,null,10592,"Lima chata 1 1/2\"","un",2.0000000000000001E-4,{"$f":"SUMIF(Insumos!B:B,D2553,Insumos!G:G)","v":6.73},0]
[null,null,null,12892,"Luva raspa de couro, cano curto (punho *7* cm)","par",1.1599999999999999E-2,{"$f":"SUMIF(Insumos!B:B,D2554,Insumos!G:G)","v":5.69},7.0000000000000007E-2]
[null,null,null,4729,"Marreta 1 kg com cabo","un",2.0000000000000001E-4,{"$f":"SUMIF(Insumos!B:B,D2555,Insumos!G:G)","v":12.37},0]
[null,null,null,1651,"Óculos branco proteção","pr",4.0000000000000001E-3,{"$f":"SUMIF(Insumos!B:B,D2556,Insumos!G:G)","v":4.3099999999999996},0.02]
[null,null,null,10788,"Pá quadrada","un",5.0000000000000001E-4,{"$f":"SUMIF(Insumos!B:B,D2557,Insumos!G:G)","v":13.54},0.01]
[null,null,null,4384,"Parafuso niquelado com acabamento cromado para fixar peca sanitaria, inclui porca cega, arruela e bucha de nylon tamanho s-10","un",1,{"$f":"SUMIF(Insumos!B:B,D2558,Insumos!G:G)","v":8.6199999999999992},8.6199999999999992]
[null,null,null,10593,"Praio simples 30cm","un",2.0000000000000001E-4,{"$f":"SUMIF(Insumos!B:B,D2559,Insumos!G:G)","v":35.76},0.01]
[null,null,null,10596,"Protetor auricular","un",2.24E-2,{"$f":"SUMIF(Insumos!B:B,D2560,Insumos!G:G)","v":2.5099999999999998},0.06]
[null,null,null,10599,"Protetor solar fps 30 com 120ml","un",8.9999999999999993E-3,{"$f":"SUMIF(Insumos!B:B,D2561,Insumos!G:G)","v":13.86},0.12]
[null,null,null,4728,"Talhadeira chata 10\"","un",8.0000000000000004E-4,{"$f":"SUMIF(Insumos!B:B,D2562,Insumos!G:G)","v":7.4},0.01]
[null,null,null,11256,"Tarracha para tubos PVC de 1 1/2\"","un",1E-3,{"$f":"SUMIF(Insumos!B:B,D2563,Insumos!G:G)","v":32.340000000000003},0.03]
[null,null,null,11257,"Tarracha para tubos PVC de 1 1/4\"","un",1E-3,{"$f":"SUMIF(Insumos!B:B,D2564,Insumos!G:G)","v":24.55},0.02]
[null,null,null,11255,"Tarracha para tubos PVC de 1\"","un",1.5E-3,{"$f":"SUMIF(Insumos!B:B,D2565,Insumos!G:G)","v":17.190000000000001},{"$f":"(G2565*H2565)","v":0.03}]
[null,null,null,11253,"Tarracha para tubos PVC de 1/2\"","un",2.8E-3,{"$f":"SUMIF(Insumos!B:B,D2566,Insumos!G:G)","v":12.72},0.04]
[null,null,null,11254,"Tarracha para tubos PVC de 3/4\"","un",1.8E-3,{"$f":"SUMIF(Insumos!B:B,D2567,Insumos!G:G)","v":14.72},0.03]
[null,null,null,2378,"Vale transporte","un",0.3987,{"$f":"SUMIF(Insumos!B:B,D2568,Insumos!G:G)","v":2.74},1.0900000000000001]
[null,null,null,4371,"Vaso sanitário com caixa de descarga acoplada, padrão popular, ELIZABETH ou similar","un",1,{"$f":"SUMIF(Insumos!B:B,D2569,Insumos!G:G)","v":109.54},109.54]
[null,null,null,6138,"Vedacao pvc, 100 mm, para saida vaso sanitario","un",1,{"$f":"SUMIF(Insumos!B:B,D2570,Insumos!G:G)","v":1.06},1.06]
[{"$nulls":7},"PARCIAL:",{"$f":"SUM(I2542:I2570)","v":146.81}]
[]
[{"$nulls":7},"VALOR UNITÁRIO TOTAL - R$",{"$f":"TRUNC(I2541+I2571+I2572,2)","v":187.27}]
[]
[]
[]
[null,"SERVIÇO","ORSE",2022,{"$f":"VLOOKUP(D2577,ORSE!$C:$F,2)","v":"CHUVEIRO SIMPLES DE PLÁSTICO (HERC REF 1980 OU SIMILAR), C/ REGISTRO DE PRESS ÃO DE PVC"},null,null,null,{"$f":"VLOOKUP(D2577,ORSE!$C:$F,3)","v":"UN"},null,{"$f":"I2616","v":27.08},{"$f":"VLOOKUP(D2577,ORSE!$C:$F,4)","v":34.630000000000003}]
[]
[null,null,null,"COD.","DESCRIÇÃO","UN.","COEF.","PREÇO","TOTAL"]
[null,null,null,"MÃO DE OBRA"]
[null,null,null,"88267","ENCANADOR OU BOMBEIRO HIDRÁULICO COM ENCARGOS COMPLEMENTARES","h",0.63100000000000001,{"$f":"SUMIF(Insumos!B:B,D2581,Insumos!G:G)","v":13.51},{"$f":"(G2581*H2581)","v":8.52}]
[null,null,null,6111,"SERVENTE DE OBRAS","h",0.63100000000000001,{"$f":"SUMIF(Insumos!B:B,D2582,Insumos!G:G)","v":11.11},{"$f":"(G2582*H2582)","v":7.01}]
[null,null,null,10517,"Exames admissionais/demissionais (checkup)","cj",8.0000000000000004E-4,{"$f":"SUMIF(Insumos!B:B,D2583,Insumos!G:G)","v":255.26},{"$f":"(G2583*H2583)","v":0.2}]
[null,null,null,10761,"Refeição - café da manhã ( café com leite e dois pães com manteiga)","un",0.2036,{"$f":"SUMIF(Insumos!B:B,D2584,Insumos!G:G)","v":1.96},{"$f":"(G2584*H2584)","v":0.4}]
[null,null,null,10362,"Seguro de vida e acidente em grupo","un",8.9999999999999993E-3,{"$f":"SUMIF(Insumos!B:B,D2585,Insumos!G:G)","v":4.42},{"$f":"(G2585*H2585)","v":0.04}]
[{"$nulls":7},"PARCIAL:",{"$f":"SUM(I2580:I2585)","v":16.170000000000002}]
[null,null,null,"MATERIAIS/ SERVIÇOS/ EQUIPAMENTOS"]
[null,null,null,158,"Almoço (Participação do empregador)","un",0.2036,{"$f":"SUMIF(Insumos!B:B,D2588,Insumos!G:G)","v":7.83},{"$f":"(G2588*H2588)","v":1.59}]
[null,null,null,12893,"Bota de seguranca com biqueira de aco e colarinho acolchoado","par",1.6000000000000001E-3,{"$f":"SUMIF(Insumos!B:B,D2589,Insumos!G:G)","v":30.36},{"$f":"(G2589*H2589)","v":0.05}]
[null,null,null,11680,"Braco ou haste com canopla plastica, 1/2 \", para chuveiro simples","un",1,{"$f":"SUMIF(Insumos!B:B,D2590,Insumos!G:G)","v":3.12},3.12]
[null,null,null,12894,"Capa para chuva em pvc com forro de poliester, com capuz (amarela ou azul)","un",4.0000000000000002E-4,{"$f":"SUMIF(Insumos!B:B,D2591,Insumos!G:G)","v":8.2200000000000006},0]
[null,null,null,12895,"Capacete de seguranca aba frontal com suspensao de polietileno, sem jugular (classe b)","un",1.1999999999999999E-3,{"$f":"SUMIF(Insumos!B:B,D2592,Insumos!G:G)","v":6.33},0.01]
[null,null,null,2711,"Carrinho de mao de aco capacidade 50 a 60 l, pneu com camara","un",2.0000000000000001E-4,{"$f":"SUMIF(Insumos!B:B,D2593,Insumos!G:G)","v":86.13},0.02]
[null,null,null,10492,"Cesta Básica","un",8.9999999999999993E-3,{"$f":"SUMIF(Insumos!B:B,D2594,Insumos!G:G)","v":86.13},0.78]
[null,null,null,7608,"Chuveiro plastico branco simples 5 '' para acoplar em haste1/2 \", agua fria","un",1,{"$f":"SUMIF(Insumos!B:B,D2595,Insumos!G:G)","v":2.68},2.68]
[null,null,null,941,"Fardamento","un",3.0000000000000001E-3,{"$f":"SUMIF(Insumos!B:B,D2596,Insumos!G:G)","v":53.6},0.16]
[null,null,null,981,"Fita veda rosca 18mm","m",0.84,{"$f":"SUMIF(Insumos!B:B,D2597,Insumos!G:G)","v":0.15},0.13]
[null,null,null,10592,"Lima chata 1 1/2\"","un",1E-4,{"$f":"SUMIF(Insumos!B:B,D2598,Insumos!G:G)","v":6.73},0]
[null,null,null,12892,"Luva raspa de couro, cano curto (punho *7* cm)","par",4.5999999999999999E-3,{"$f":"SUMIF(Insumos!B:B,D2599,Insumos!G:G)","v":5.69},0.03]
[null,null,null,4729,"Marreta 1 kg com cabo","un",1E-4,{"$f":"SUMIF(Insumos!B:B,D2600,Insumos!G:G)","v":12.37},0]
[null,null,null,1651,"Óculos branco proteção","pr",1.6000000000000001E-3,{"$f":"SUMIF(Insumos!B:B,D2601,Insumos!G:G)","v":4.3099999999999996},0.01]
[null,null,null,10788,"Pá quadrada","un",2.0000000000000001E-4,{"$f":"SUMIF(Insumos!B:B,D2602,Insumos!G:G)","v":13.54},0]
[null,null,null,10593,"Praio simples 30cm","un",1E-4,{"$f":"SUMIF(Insumos!B:B,D2603,Insumos!G:G)","v":35.76},0]
[null,null,null,10596,"Protetor auricular","un",8.9999999999999993E-3,{"$f":"SUMIF(Insumos!B:B,D2604,Insumos!G:G)","v":2.5099999999999998},0.02]
[null,null,null,10599,"Protetor solar fps 30 com 120ml","un",3.5999999999999999E-3,{"$f":"SUMIF(Insumos!B:B,D2605,Insumos!G:G)","v":13.86},0.05]
[null,null,null,6038,"Registro de pressao pvc, roscavel, volante simples, de 1/2\"","un",1,{"$f":"SUMIF(Insumos!B:B,D2606,Insumos!G:G)","v":1.77},1.77]
[null,null,null,4728,"Talhadeira chata 10\"","un",2.9999999999999997E-4,{"$f":"SUMIF(Insumos!B:B,D2607,Insumos!G:G)","v":7.4},0]
[null,null,null,11256,"Tarracha para tubos PVC de 1 1/2\"","un",4.0000000000000002E-4,{"$f":"SUMIF(Insumos!B:B,D2608,Insumos!G:G)","v":32.340000000000003},0.01]
[null,null,null,11257,"Tarracha para tubos PVC de 1 1/4\"","un",4.0000000000000002E-4,{"$f":"SUMIF(Insumos!B:B,D2609,Insumos!G:G)","v":24.55},0.01]
[null,null,null,11255,"Tarracha para tubos PVC de 1\"","un",5.9999999999999995E-4,{"$f":"SUMIF(Insumos!B:B,D2610,Insumos!G:G)","v":17.190000000000001},0.01]
[null,null,null,11253,"Tarracha para tubos PVC de 1/2\"","un",1.1000000000000001E-3,{"$f":"SUMIF(Insumos!B:B,D2611,Insumos!G:G)","v":12.72},0.01]
[null,null,null,11254,"Tarracha para tubos PVC de 3/4\"","un",6.9999999999999999E-4,{"$f":"SUMIF(Insumos!B:B,D2612,Insumos!G:G)","v":14.72},0.01]
[null,null,null,2378,"Vale transporte","un",0.1595,{"$f":"SUMIF(Insumos!B:B,D2613,Insumos!G:G)","v":2.74},0.44]
[{"$nulls":7},"PARCIAL:",{"$f":"SUM(I2587:I2613)","v":10.91}]
[]
[{"$nulls":7},"VALOR UNITÁRIO TOTAL - R$",{"$f":"TRUNC(I2586+I2614+I2615,2)","v":27.08}]
[]
[]
[]
[null,"SERVIÇO","ORSE",1448,{"$f":"VLOOKUP(D2620,ORSE!$C:$F,2)","v":"CAIXA D´ÁGUA EM FIBRA DE VIDRO  - INSTALADA, SEM ESTRUTURA DE SUPORTE CAP. 1. 000 LITROS"},null,null,null,{"$f":"VLOOKUP(D2620,ORSE!$C:$F,3)","v":"UN"},null,{"$f":"I2665","v":392.79},{"$f":"VLOOKUP(D2620,ORSE!$C:$F,4)","v":501.76}]
[]
[null,null,null,"COD.","DESCRIÇÃO","UN.","COEF.","PREÇO","TOTAL"]
[null,null,null,"MÃO DE OBRA"]
[null,null,null,"88267","ENCANADOR OU BOMBEIRO HIDRÁULICO COM ENCARGOS COMPLEMENTARES","h",1.9854000000000001,{"$f":"SUMIF(Insumos!B:B,D2624,Insumos!G:G)","v":13.51},{"$f":"(G2624*H2624)","v":26.82}]
[null,null,null,6111,"SERVENTE DE OBRAS","h",1.9854000000000001,{"$f":"SUMIF(Insumos!B:B,D2625,Insumos!G:G)","v":11.11},{"$f":"(G2625*H2625)","v":22.06}]
[null,null,null,10517,"Exames admissionais/demissionais (checkup)","cj",2.3999999999999998E-3,{"$f":"SUMIF(Insumos!B:B,D2626,Insumos!G:G)","v":255.26},{"$f":"(G2626*H2626)","v":0.61}]
[null,null,null,10761,"Refeição - café da manhã ( café com leite e dois pães com manteiga)","un",0.61080000000000001,{"$f":"SUMIF(Insumos!B:B,D2627,Insumos!G:G)","v":1.96},{"$f":"(G2627*H2627)","v":1.2}]
[null,null,null,10362,"Seguro de vida e acidente em grupo","un",2.7E-2,{"$f":"SUMIF(Insumos!B:B,D2628,Insumos!G:G)","v":4.42},{"$f":"(G2628*H2628)","v":0.12}]
[{"$nulls":7},"PARCIAL:",{"$f":"SUM(I2623:I2628)","v":50.81}]
[null,null,null,"MATERIAIS/ SERVIÇOS/ EQUIPAMENTOS"]
[null,null,null,95,"Adaptador pvc soldavel, com flange e anel de vedacao, 20 mmx 1/2\", para caixa d'agua","un",1,{"$f":"SUMIF(Insumos!B:B,D2631,Insumos!G:G)","v":5.94},{"$f":"(G2631*H2631)","v":5.94}]
[null,null,null,96,"Adaptador pvc soldavel, com flange e anel de vedacao, 25 mmx 3/4\", para caixa d'agua","un",2,{"$f":"SUMIF(Insumos!B:B,D2632,Insumos!G:G)","v":7.7},15.4]
[null,null,null,98,"Adaptador pvc soldavel, com flange e anel de vedacao, 40 mmx 1 1/4\", para caixa d'agua","un",1,{"$f":"SUMIF(Insumos!B:B,D2633,Insumos!G:G)","v":15.71},{"$f":"(G2633*H2633)","v":15.71}]
[null,null,null,158,"Almoço (Participação do empregador)","un",0.61080000000000001,{"$f":"SUMIF(Insumos!B:B,D2634,Insumos!G:G)","v":7.83},4.78]
[null,null,null,12893,"Bota de seguranca com biqueira de aco e colarinho acolchoado","par",4.7999999999999996E-3,{"$f":"SUMIF(Insumos!B:B,D2635,Insumos!G:G)","v":30.36},0.15]
[null,null,null,11868,"Caixa d'agua fibra de vidro para 1000 litros, com tampa","un",1,{"$f":"SUMIF(Insumos!B:B,D2636,Insumos!G:G)","v":192.63},192.63]
[null,null,null,12894,"Capa para chuva em pvc com forro de poliester, com capuz (amarela ou azul)","un",1.1999999999999999E-3,{"$f":"SUMIF(Insumos!B:B,D2637,Insumos!G:G)","v":8.2200000000000006},0.01]
[null,null,null,12895,"Capacete de seguranca aba frontal com suspensao de polietileno, sem jugular (classe b)","un",3.5999999999999999E-3,{"$f":"SUMIF(Insumos!B:B,D2638,Insumos!G:G)","v":6.33},0.02]
[null,null,null,2711,"Carrinho de mao de aco capacidade 50 a 60 l, pneu com camara","un",5.9999999999999995E-4,{"$f":"SUMIF(Insumos!B:B,D2639,Insumos!G:G)","v":86.13},0.05]
[null,null,null,10492,"Cesta Básica","un",2.7E-2,{"$f":"SUMIF(Insumos!B:B,D2640,Insumos!G:G)","v":86.13},2.33]
[null,null,null,941,"Fardamento","un",8.9999999999999993E-3,{"$f":"SUMIF(Insumos!B:B,D2641,Insumos!G:G)","v":53.6},0.48]
[null,null,null,3529,"Joelho pvc, soldavel, 90 graus, 25 mm, para agua fria predial","un",2,{"$f":"SUMIF(Insumos!B:B,D2642,Insumos!G:G)","v":0.45},0.9]
[null,null,null,10592,"Lima chata 1 1/2\"","un",2.9999999999999997E-4,{"$f":"SUMIF(Insumos!B:B,D2643,Insumos!G:G)","v":6.73},0]
[null,null,null,12892,"Luva raspa de couro, cano curto (punho *7* cm)","par",1.38E-2,{"$f":"SUMIF(Insumos!B:B,D2644,Insumos!G:G)","v":5.69},0.08]
[null,null,null,8877,"Madeira massaranduba serrada (peça) 5cm x 14cm (0,007 m³/m)","m",3,{"$f":"SUMIF(Insumos!B:B,D2645,Insumos!G:G)","v":18.850000000000001},56.55]
[null,null,null,4729,"Marreta 1 kg com cabo","un",2.9999999999999997E-4,{"$f":"SUMIF(Insumos!B:B,D2646,Insumos!G:G)","v":12.37},0]
[null,null,null,1651,"Óculos branco proteção","pr",4.7999999999999996E-3,{"$f":"SUMIF(Insumos!B:B,D2647,Insumos!G:G)","v":4.3099999999999996},0.02]
[null,null,null,10788,"Pá quadrada","un",5.9999999999999995E-4,{"$f":"SUMIF(Insumos!B:B,D2648,Insumos!G:G)","v":13.54},0.01]
[null,null,null,10593,"Praio simples 30cm","un",2.9999999999999997E-4,{"$f":"SUMIF(Insumos!B:B,D2649,Insumos!G:G)","v":35.76},0.01]
[null,null,null,10596,"Protetor auricular","un",2.7E-2,{"$f":"SUMIF(Insumos!B:B,D2650,Insumos!G:G)","v":2.5099999999999998},7.0000000000000007E-2]
[null,null,null,10599,"Protetor solar fps 30 com 120ml","un",1.0800000000000001E-2,{"$f":"SUMIF(Insumos!B:B,D2651,Insumos!G:G)","v":13.86},0.15]
[null,null,null,6016,"Registro gaveta bruto em latao forjado, bitola 3/4 \" (ref 1509)","un",1,{"$f":"SUMIF(Insumos!B:B,D2652,Insumos!G:G)","v":18.93},18.93]
[null,null,null,4728,"Talhadeira chata 10\"","un",8.9999999999999998E-4,{"$f":"SUMIF(Insumos!B:B,D2653,Insumos!G:G)","v":7.4},0.01]
[null,null,null,11256,"Tarracha para tubos PVC de 1 1/2\"","un",1.1999999999999999E-3,{"$f":"SUMIF(Insumos!B:B,D2654,Insumos!G:G)","v":32.340000000000003},0.04]
[null,null,null,11257,"Tarracha para tubos PVC de 1 1/4\"","un",1.1999999999999999E-3,{"$f":"SUMIF(Insumos!B:B,D2655,Insumos!G:G)","v":24.55},0.03]
[null,null,null,11255,"Tarracha para tubos PVC de 1\"","un",1.8E-3,{"$f":"SUMIF(Insumos!B:B,D2656,Insumos!G:G)","v":17.190000000000001},0.03]
[null,null,null,11253,"Tarracha para tubos PVC de 1/2\"","un",3.3E-3,{"$f":"SUMIF(Insumos!B:B,D2657,Insumos!G:G)","v":12.72},0.04]
[null,null,null,11254,"Tarracha para tubos PVC de 3/4\"","un",2.0999999999999999E-3,{"$f":"SUMIF(Insumos!B:B,D2658,Insumos!G:G)","v":14.72},0.03]
[null,null,null,11829,"Torneira metalica de boia convencional para caixa d'agua, 1/2\", com haste metalica e balao plastico","un",1,{"$f":"SUMIF(Insumos!B:B,D2659,Insumos!G:G)","v":8.86},8.86]
[null,null,null,9868,"Tubo pvc, soldavel, dn 25 mm, agua fria (nbr-5648)","m",1.6,{"$f":"SUMIF(Insumos!B:B,D2660,Insumos!G:G)","v":0.79},1.26]
[null,null,null,9874,"Tubo pvc, soldavel, dn 40 mm, agua fria (nbr-5648)","m",2.4,{"$f":"SUMIF(Insumos!B:B,D2661,Insumos!G:G)","v":6.73},16.149999999999999]
[null,null,null,2378,"Vale transporte","un",0.47849999999999998,{"$f":"SUMIF(Insumos!B:B,D2662,Insumos!G:G)","v":2.74},1.31]
[{"$nulls":7},"PARCIAL:",{"$f":"SUM(I2630:I2662)","v":341.98}]
[]
[{"$nulls":7},"VALOR UNITÁRIO TOTAL - R$",{"$f":"TRUNC(I2629+I2663+I2664,2)","v":392.79}]
[]
[]
[]
[null,"SERVIÇO","ORSE",9962,{"$f":"VLOOKUP(D2669,ORSE!$C:$F,2)","v":"LASTRO DE BRITA GRADUADA APILOADA E=10CM"},null,null,null,{"$f":"VLOOKUP(D2669,ORSE!$C:$F,3)","v":"M2"},null,{"$f":"I2698","v":13.68},{"$f":"VLOOKUP(D2669,ORSE!$C:$F,4)","v":17.48}]
[]
[null,null,null,"COD.","DESCRIÇÃO","UN.","COEF.","PREÇO","TOTAL"]
[null,null,null,"MÃO DE OBRA"]
[null,null,null,6111,"SERVENTE DE OBRAS","h",0.62160000000000004,{"$f":"SUMIF(Insumos!B:B,D2673,Insumos!G:G)","v":11.11},{"$f":"(G2673*H2673)","v":6.91}]
[null,null,null,10517,"Exames admissionais/demissionais (checkup)","cj",4.0000000000000002E-4,{"$f":"SUMIF(Insumos!B:B,D2674,Insumos!G:G)","v":255.26},{"$f":"(G2674*H2674)","v":0.1}]
[null,null,null,10761,"Refeição - café da manhã ( café com leite e dois pães com manteiga)","un",0.1018,{"$f":"SUMIF(Insumos!B:B,D2675,Insumos!G:G)","v":1.96},{"$f":"(G2675*H2675)","v":0.2}]
[null,null,null,10362,"Seguro de vida e acidente em grupo","un",4.4999999999999997E-3,{"$f":"SUMIF(Insumos!B:B,D2676,Insumos!G:G)","v":4.42},{"$f":"(G2676*H2676)","v":0.02}]
[{"$nulls":7},"PARCIAL:",{"$f":"SUM(I2672:I2676)","v":7.23}]
[null,null,null,"MATERIAIS/ SERVIÇOS/ EQUIPAMENTOS"]
[null,null,null,158,"Almoço (Participação do empregador)","un",0.1018,{"$f":"SUMIF(Insumos!B:B,D2679,Insumos!G:G)","v":7.83},{"$f":"(G2679*H2679)","v":0.8}]
[null,null,null,12893,"Bota de seguranca com biqueira de aco e colarinho acolchoado","par",8.0000000000000004E-4,{"$f":"SUMIF(Insumos!B:B,D2680,Insumos!G:G)","v":30.36},0.02]
[null,null,null,12894,"Capa para chuva em pvc com forro de poliester, com capuz (amarela ou azul)","un",2.0000000000000001E-4,{"$f":"SUMIF(Insumos!B:B,D2681,Insumos!G:G)","v":8.2200000000000006},0]
[null,null,null,12895,"Capacete de seguranca aba frontal com suspensao de polietileno, sem jugular (classe b)","un",5.9999999999999995E-4,{"$f":"SUMIF(Insumos!B:B,D2682,Insumos!G:G)","v":6.33},0]
[null,null,null,2711,"Carrinho de mao de aco capacidade 50 a 60 l, pneu com camara","un",2.0000000000000001E-4,{"$f":"SUMIF(Insumos!B:B,D2683,Insumos!G:G)","v":86.13},0.02]
[null,null,null,10492,"Cesta Básica","un",4.4999999999999997E-3,{"$f":"SUMIF(Insumos!B:B,D2684,Insumos!G:G)","v":86.13},0.39]
[null,null,null,941,"Fardamento","un",1.5E-3,{"$f":"SUMIF(Insumos!B:B,D2685,Insumos!G:G)","v":53.6},0.08]
[null,null,null,12892,"Luva raspa de couro, cano curto (punho *7* cm)","par",2.3E-3,{"$f":"SUMIF(Insumos!B:B,D2686,Insumos!G:G)","v":5.69},0.01]
[null,null,null,4729,"Marreta 1 kg com cabo","un",1E-4,{"$f":"SUMIF(Insumos!B:B,D2687,Insumos!G:G)","v":12.37},0]
[null,null,null,1651,"Óculos branco proteção","pr",8.0000000000000004E-4,{"$f":"SUMIF(Insumos!B:B,D2688,Insumos!G:G)","v":4.3099999999999996},0]
[null,null,null,10788,"Pá quadrada","un",2.0000000000000001E-4,{"$f":"SUMIF(Insumos!B:B,D2689,Insumos!G:G)","v":13.54},0]
[null,null,null,4721,"Pedra britada n. 1 (9,5 a 19 mm) posto pedreira/fornecedor,sem frete","m3",0.05,{"$f":"SUMIF(Insumos!B:B,D2690,Insumos!G:G)","v":53.64},{"$f":"(G2690*H2690)-0.01","v":2.67}]
[null,null,null,4718,"Pedra britada n. 2 (19 a 38 mm) posto pedreira/fornecedor, sem frete","m3",0.05,{"$f":"SUMIF(Insumos!B:B,D2691,Insumos!G:G)","v":43.36},2.17]
[null,null,null,10596,"Protetor auricular","un",4.4999999999999997E-3,{"$f":"SUMIF(Insumos!B:B,D2692,Insumos!G:G)","v":2.5099999999999998},0.01]
[null,null,null,10599,"Protetor solar fps 30 com 120ml","un",1.8E-3,{"$f":"SUMIF(Insumos!B:B,D2693,Insumos!G:G)","v":13.86},0.02]
[null,null,null,4728,"Talhadeira chata 10\"","un",2.9999999999999997E-4,{"$f":"SUMIF(Insumos!B:B,D2694,Insumos!G:G)","v":7.4},0]
[null,null,null,2378,"Vale transporte","un",9.4100000000000003E-2,{"$f":"SUMIF(Insumos!B:B,D2695,Insumos!G:G)","v":2.74},0.26]
[{"$nulls":7},"PARCIAL:",{"$f":"SUM(I2678:I2695)","v":6.45}]
[]
[{"$nulls":7},"VALOR UNITÁRIO TOTAL - R$",{"$f":"TRUNC(I2677+I2696+I2697,2)","v":13.68}]
[]
[]
[]
[null,"SERVIÇO","ORSE",2794,{"$f":"VLOOKUP(D2702,ORSE!$C:$F,2)","v":"CAIXA DE PASSAGEM EM ALVENARIA DE TIJOLOS MACIÇOS ESP. = 0,12M,  DIM. INT. =  0.40 X 0.40 X 0.60M, INCLUSIVE TAMPA"},null,null,null,{"$f":"VLOOKUP(D2702,ORSE!$C:$F,3)","v":"UN"},null,{"$f":"I2766","v":136.16},{"$f":"VLOOKUP(D2702,ORSE!$C:$F,4)","v":174.05}]
[]
[null,null,null,"COD.","DESCRIÇÃO","UN.","COEF.","PREÇO","TOTAL"]
[null,null,null,"MÃO DE OBRA"]
[null,null,null,"88245","ARMADOR COM ENCARGOS COMPLEMENTARES","h",0.10100000000000001,{"$f":"SUMIF(Insumos!B:B,D2706,Insumos!G:G)","v":13.51},{"$f":"(G2706*H2706)","v":1.36}]
[null,null,null,"88262","CARPINTEIRO DE FORMAS COM ENCARGOS COMPLEMENTARES","h",0.64229999999999998,{"$f":"SUMIF(Insumos!B:B,D2707,Insumos!G:G)","v":13.51},8.68]
[null,null,null,"88309","PEDREIRO COM ENCARGOS COMPLEMENTARES","h",1.9260999999999999,{"$f":"SUMIF(Insumos!B:B,D2708,Insumos!G:G)","v":13.51},26.02]
[null,null,null,6111,"SERVENTE DE OBRAS","h",1.8246,{"$f":"SUMIF(Insumos!B:B,D2709,Insumos!G:G)","v":11.11},20.27]
[null,null,null,10517,"Exames admissionais/demissionais (checkup)","cj",2.2000000000000001E-3,{"$f":"SUMIF(Insumos!B:B,D2710,Insumos!G:G)","v":255.26},0.56000000000000005]
[null,null,null,10761,"Refeição - café da manhã ( café com leite e dois pães com manteiga)","un",0.68540000000000001,{"$f":"SUMIF(Insumos!B:B,D2711,Insumos!G:G)","v":1.96},1.34]
[null,null,null,10362,"Seguro de vida e acidente em grupo","un",3.0200000000000001E-2,{"$f":"SUMIF(Insumos!B:B,D2712,Insumos!G:G)","v":4.42},0.13]
[{"$nulls":7},"PARCIAL:",{"$f":"SUM(I2705:I2712)","v":58.36}]
[null,null,null,"MATERIAIS/ SERVIÇOS/ EQUIPAMENTOS"]
[null,null,null,11248,"Furadeira e Parafusadeira eletrica Bosch ou Similar profissional","un",1E-4,{"$f":"SUMIF(Insumos!B:B,D2715,Insumos!G:G)","v":235.13},{"$f":"(G2715*H2715)","v":0.02}]
[null,null,null,11249,"Serra circular eletrica portatil","un",1E-4,{"$f":"SUMIF(Insumos!B:B,D2716,Insumos!G:G)","v":532.35},0.05]
[null,null,null,82,"Aço ca-60 4,2 a 9,5 mm","kg",1.2938000000000001,{"$f":"SUMIF(Insumos!B:B,D2717,Insumos!G:G)","v":3.3},4.2699999999999996]
[null,null,null,158,"Almoço (Participação do empregador)","un",0.68540000000000001,{"$f":"SUMIF(Insumos!B:B,D2718,Insumos!G:G)","v":7.83},5.37]
[null,null,null,333,"Arame galvanizado 14 bwg, d = 2,11 mm (0,026 kg/m)","kg",6.6600000000000006E-2,{"$f":"SUMIF(Insumos!B:B,D2719,Insumos!G:G)","v":9.7899999999999991},0.65]
[null,null,null,337,"Arame recozido 18 bwg, 1,25 mm (0,01 kg/m)","kg",2.5899999999999999E-2,{"$f":"SUMIF(Insumos!B:B,D2720,Insumos!G:G)","v":7.37},0.19]
[null,null,null,10585,"Arco de serra","un",0,{"$f":"SUMIF(Insumos!B:B,D2721,Insumos!G:G)","v":15.27},{"$f":"(G2721*H2721)","v":0}]
[null,null,null,367,"Areia grossa - posto jazida/fornecedor (retirado na jazida,sem transporte)","m3",0.15759999999999999,{"$f":"SUMIF(Insumos!B:B,D2722,Insumos!G:G)","v":48.94},7.71]
[null,null,null,370,"Areia media - posto jazida/fornecedor (retirado na jazida, sem transporte)","m3",5.1999999999999998E-3,{"$f":"SUMIF(Insumos!B:B,D2723,Insumos!G:G)","v":39.15},0.2]
[null,null,null,12893,"Bota de seguranca com biqueira de aco e colarinho acolchoado","par",5.4999999999999997E-3,{"$f":"SUMIF(Insumos!B:B,D2724,Insumos!G:G)","v":30.36},0.17]
[null,null,null,1106,"Cal hidratada ch-i para argamassas","kg",15.729699999999999,{"$f":"SUMIF(Insumos!B:B,D2725,Insumos!G:G)","v":0.63},9.91]
[null,null,null,12894,"Capa para chuva em pvc com forro de poliester, com capuz (amarela ou azul)","un",1.2999999999999999E-3,{"$f":"SUMIF(Insumos!B:B,D2726,Insumos!G:G)","v":8.2200000000000006},0.01]
[null,null,null,12895,"Capacete de seguranca aba frontal com suspensao de polietileno, sem jugular (classe b)","un",4.1999999999999997E-3,{"$f":"SUMIF(Insumos!B:B,D2727,Insumos!G:G)","v":6.33},0.03]
[null,null,null,2711,"Carrinho de mao de aco capacidade 50 a 60 l, pneu com camara","un",5.9999999999999995E-4,{"$f":"SUMIF(Insumos!B:B,D2728,Insumos!G:G)","v":86.13},0.05]
[null,null,null,10492,"Cesta Básica","un",3.0200000000000001E-2,{"$f":"SUMIF(Insumos!B:B,D2729,Insumos!G:G)","v":86.13},2.6]
[null,null,null,10579,"Chave de fenda chata 30 cm","un",1E-4,{"$f":"SUMIF(Insumos!B:B,D2730,Insumos!G:G)","v":12.1},0]
[null,null,null,1379,"Cimento portland composto cp ii-32","kg",34.769199999999998,{"$f":"SUMIF(Insumos!B:B,D2731,Insumos!G:G)","v":0.34},11.82]
[null,null,null,4719,"Colher de pedreiro","un",1.1000000000000001E-3,{"$f":"SUMIF(Insumos!B:B,D2732,Insumos!G:G)","v":8.9700000000000006},0.01]
[null,null,null,630,"Compensado resinado 12mm - Madeirit ou similar","m2",0.1643,{"$f":"SUMIF(Insumos!B:B,D2733,Insumos!G:G)","v":19.61},3.22]
[null,null,null,4174,"Desempenadeira de aço lisa, cabo madeira, ref:143, Atlas ou similar","un",1.5E-3,{"$f":"SUMIF(Insumos!B:B,D2734,Insumos!G:G)","v":6.4},0.01]
[null,null,null,11245,"Desempoladeira de madeira 12x22","un",2.0999999999999999E-3,{"$f":"SUMIF(Insumos!B:B,D2735,Insumos!G:G)","v":9.1999999999999993},0.02]
[null,null,null,2692,"Desmoldante protetor para formas de madeira, de base oleosaemulsionada em agua","l",6.7000000000000002E-3,{"$f":"SUMIF(Insumos!B:B,D2736,Insumos!G:G)","v":4.76},0.03]
[null,null,null,11246,"Escala métrica de bambú","Un",2.0999999999999999E-3,{"$f":"SUMIF(Insumos!B:B,D2737,Insumos!G:G)","v":13.31},0.03]
[null,null,null,941,"Fardamento","un",9.7000000000000003E-3,{"$f":"SUMIF(Insumos!B:B,D2738,Insumos!G:G)","v":53.6},0.52]
[null,null,null,10578,"Formão grande","un",1E-4,{"$f":"SUMIF(Insumos!B:B,D2739,Insumos!G:G)","v":11.86},0]
[null,null,null,12892,"Luva raspa de couro, cano curto (punho *7* cm)","par",1.5100000000000001E-2,{"$f":"SUMIF(Insumos!B:B,D2740,Insumos!G:G)","v":5.69},0.09]
[null,null,null,1569,"Madeira mista serrada (barrote) 6 x 6cm - 0,0036 m3/m (angelim, louro)","m",0.14649999999999999,{"$f":"SUMIF(Insumos!B:B,D2741,Insumos!G:G)","v":4.5999999999999996},0.67]
[null,null,null,4729,"Marreta 1 kg com cabo","un",2.9999999999999997E-4,{"$f":"SUMIF(Insumos!B:B,D2742,Insumos!G:G)","v":12.37},0]
[null,null,null,11264,"Marreta de 1/2 kg com cabo","un",5.9999999999999995E-4,{"$f":"SUMIF(Insumos!B:B,D2743,Insumos!G:G)","v":8.57},0.01]
[null,null,null,11244,"Martelo com unha","un",1E-4,{"$f":"SUMIF(Insumos!B:B,D2744,Insumos!G:G)","v":22.05},0]
[null,null,null,11265,"Martelo de borracha com cabo","un",1.1000000000000001E-3,{"$f":"SUMIF(Insumos!B:B,D2745,Insumos!G:G)","v":11.67},0.01]
[null,null,null,11243,"Martelo sem unha","un",2.9999999999999997E-4,{"$f":"SUMIF(Insumos!B:B,D2746,Insumos!G:G)","v":12.76},0]
[null,null,null,10789,"Nível de bolha de madeira","un",5.9999999999999995E-4,{"$f":"SUMIF(Insumos!B:B,D2747,Insumos!G:G)","v":7.05},0]
[null,null,null,1651,"Óculos branco proteção","pr",5.4999999999999997E-3,{"$f":"SUMIF(Insumos!B:B,D2748,Insumos!G:G)","v":4.3099999999999996},0.02]
[null,null,null,10788,"Pá quadrada","un",5.9999999999999995E-4,{"$f":"SUMIF(Insumos!B:B,D2749,Insumos!G:G)","v":13.54},0.01]
[null,null,null,4721,"Pedra britada n. 1 (9,5 a 19 mm) posto pedreira/fornecedor,sem frete","m3",1.2E-2,{"$f":"SUMIF(Insumos!B:B,D2750,Insumos!G:G)","v":53.64},0.64]
[null,null,null,4718,"Pedra britada n. 2 (19 a 38 mm) posto pedreira/fornecedor, sem frete","m3",3.61E-2,{"$f":"SUMIF(Insumos!B:B,D2751,Insumos!G:G)","v":43.36},1.57]
[null,null,null,5067,"Prego de aco polido com cabeca 16 x 24 (2 1/4 x 12)","kg",0.13320000000000001,{"$f":"SUMIF(Insumos!B:B,D2752,Insumos!G:G)","v":8.49},1.1299999999999999]
[null,null,null,10596,"Protetor auricular","un",3.0200000000000001E-2,{"$f":"SUMIF(Insumos!B:B,D2753,Insumos!G:G)","v":2.5099999999999998},0.08]
[null,null,null,10599,"Protetor solar fps 30 com 120ml","un",1.2E-2,{"$f":"SUMIF(Insumos!B:B,D2754,Insumos!G:G)","v":13.86},0.17]
[null,null,null,10790,"Prumo de face","un",2.9999999999999997E-4,{"$f":"SUMIF(Insumos!B:B,D2755,Insumos!G:G)","v":13.35},0]
[null,null,null,10282,"Regua de alumínio c/ 2,00m (para pedreiro)","un",5.9999999999999995E-4,{"$f":"SUMIF(Insumos!B:B,D2756,Insumos!G:G)","v":13.08},0.01]
[null,null,null,11247,"Serra mármore","un",2.9999999999999997E-4,{"$f":"SUMIF(Insumos!B:B,D2757,Insumos!G:G)","v":213.74},0.06]
[null,null,null,10577,"Serrote 40cm","un",1E-4,{"$f":"SUMIF(Insumos!B:B,D2758,Insumos!G:G)","v":23.33},0]
[null,null,null,4509,"Tabua de madeira nao aparelhada *2,5 x 10 cm (1 x 4 \") pinus, mista ou equivalente da regiao","m",0.59050000000000002,{"$f":"SUMIF(Insumos!B:B,D2759,Insumos!G:G)","v":5.25},3.1]
[null,null,null,4728,"Talhadeira chata 10\"","un",8.0000000000000004E-4,{"$f":"SUMIF(Insumos!B:B,D2760,Insumos!G:G)","v":7.4},0.01]
[null,null,null,2212,"Tijolo maciço 4 x 9 x 17cm","un",115.20829999999999,{"$f":"SUMIF(Insumos!B:B,D2761,Insumos!G:G)","v":0.19},21.89]
[null,null,null,10586,"Torquesa","un",0,{"$f":"SUMIF(Insumos!B:B,D2762,Insumos!G:G)","v":20.58},0]
[null,null,null,2378,"Vale transporte","un",0.52480000000000004,{"$f":"SUMIF(Insumos!B:B,D2763,Insumos!G:G)","v":2.74},1.44]
[{"$nulls":7},"PARCIAL:",{"$f":"SUM(I2714:I2763)","v":77.8}]
[]
[{"$nulls":7},"VALOR UNITÁRIO TOTAL - R$",{"$f":"TRUNC(I2713+I2764+I2765,2)","v":136.16}]
[]
[]
[]
[null,"SERVIÇO","ORSE",2800,{"$f":"VLOOKUP(D2770,ORSE!$C:$F,2)","v":"CAIXA DE PASSAGEM EM ALVENARIA DE TIJOLOS MACIÇOS ESP. = 0,17M,  DIM. INT. =  0.80 X 0.80 X 1.00M"},null,null,null,{"$f":"VLOOKUP(D2770,ORSE!$C:$F,3)","v":"UN"},null,{"$f":"I2833","v":705.11},{"$f":"VLOOKUP(D2770,ORSE!$C:$F,4)","v":901.42}]
[]
[null,null,null,"COD.","DESCRIÇÃO","UN.","COEF.","PREÇO","TOTAL"]
[null,null,null,"MÃO DE OBRA"]
[null,null,null,"88245","ARMADOR COM ENCARGOS COMPLEMENTARES","h",1.3398000000000001,{"$f":"SUMIF(Insumos!B:B,D2774,Insumos!G:G)","v":13.51},{"$f":"(G2774*H2774)","v":18.100000000000001}]
[null,null,null,"88262","CARPINTEIRO DE FORMAS COM ENCARGOS COMPLEMENTARES","h",1.5728,{"$f":"SUMIF(Insumos!B:B,D2775,Insumos!G:G)","v":13.51},21.25]
[null,null,null,"88309","PEDREIRO COM ENCARGOS COMPLEMENTARES","h",10.829800000000001,{"$f":"SUMIF(Insumos!B:B,D2776,Insumos!G:G)","v":13.51},146.31]
[null,null,null,6111,"SERVENTE DE OBRAS","h",6.2907000000000002,{"$f":"SUMIF(Insumos!B:B,D2777,Insumos!G:G)","v":11.11},69.89]
[null,null,null,10517,"Exames admissionais/demissionais (checkup)","cj",1.14E-2,{"$f":"SUMIF(Insumos!B:B,D2778,Insumos!G:G)","v":255.26},2.91]
[null,null,null,10761,"Refeição - café da manhã ( café com leite e dois pães com manteiga)","un",2.9159999999999999,{"$f":"SUMIF(Insumos!B:B,D2779,Insumos!G:G)","v":1.96},5.72]
[null,null,null,10362,"Seguro de vida e acidente em grupo","un",0.12889999999999999,{"$f":"SUMIF(Insumos!B:B,D2780,Insumos!G:G)","v":4.42},0.56999999999999995]
[{"$nulls":7},"PARCIAL:",{"$f":"SUM(I2773:I2780)","v":264.75}]
[null,null,null,"MATERIAIS/ SERVIÇOS/ EQUIPAMENTOS"]
[null,null,null,11248,"Furadeira e Parafusadeira eletrica Bosch ou Similar profissional","un",1E-4,{"$f":"SUMIF(Insumos!B:B,D2783,Insumos!G:G)","v":235.13},{"$f":"(G2783*H2783)","v":0.02}]
[null,null,null,11249,"Serra circular eletrica portatil","un",1E-4,{"$f":"SUMIF(Insumos!B:B,D2784,Insumos!G:G)","v":532.35},{"$f":"(G2784*H2784)","v":0.05}]
[null,null,null,81,"Aço ca-50 6,3 a 12,5 mm","kg",15.85,{"$f":"SUMIF(Insumos!B:B,D2785,Insumos!G:G)","v":3.34},{"$f":"(G2785*H2785)","v":52.94}]
[null,null,null,158,"Almoço (Participação do empregador)","un",2.915,{"$f":"SUMIF(Insumos!B:B,D2786,Insumos!G:G)","v":7.83},{"$f":"(G2786*H2786)","v":22.82}]
[null,null,null,337,"Arame recozido 18 bwg, 1,25 mm (0,01 kg/m)","kg",0.317,{"$f":"SUMIF(Insumos!B:B,D2787,Insumos!G:G)","v":7.37},{"$f":"(G2787*H2787)","v":2.34}]
[null,null,null,10585,"Arco de serra","un",2.9999999999999997E-4,{"$f":"SUMIF(Insumos!B:B,D2788,Insumos!G:G)","v":15.27},0]
[null,null,null,367,"Areia grossa - posto jazida/fornecedor (retirado na jazida,sem transporte)","m3",1.0230999999999999,{"$f":"SUMIF(Insumos!B:B,D2789,Insumos!G:G)","v":48.94},50.07]
[null,null,null,370,"Areia media - posto jazida/fornecedor (retirado na jazida, sem transporte)","m3",2.0400000000000001E-2,{"$f":"SUMIF(Insumos!B:B,D2790,Insumos!G:G)","v":39.15},0.8]
[null,null,null,12893,"Bota de seguranca com biqueira de aco e colarinho acolchoado","par",2.2599999999999999E-2,{"$f":"SUMIF(Insumos!B:B,D2791,Insumos!G:G)","v":30.36},0.69]
[null,null,null,1106,"Cal hidratada ch-i para argamassas","kg",98.783799999999999,{"$f":"SUMIF(Insumos!B:B,D2792,Insumos!G:G)","v":0.63},62.23]
[null,null,null,12894,"Capa para chuva em pvc com forro de poliester, com capuz (amarela ou azul)","un",6.0000000000000001E-3,{"$f":"SUMIF(Insumos!B:B,D2793,Insumos!G:G)","v":8.2200000000000006},0.05]
[null,null,null,12895,"Capacete de seguranca aba frontal com suspensao de polietileno, sem jugular (classe b)","un",1.7299999999999999E-2,{"$f":"SUMIF(Insumos!B:B,D2794,Insumos!G:G)","v":6.33},0.11]
[null,null,null,2711,"Carrinho de mao de aco capacidade 50 a 60 l, pneu com camara","un",2.3E-3,{"$f":"SUMIF(Insumos!B:B,D2795,Insumos!G:G)","v":86.13},0.2]
[null,null,null,10492,"Cesta Básica","un",0.12889999999999999,{"$f":"SUMIF(Insumos!B:B,D2796,Insumos!G:G)","v":86.13},11.1]
[null,null,null,10579,"Chave de fenda chata 30 cm","un",2.9999999999999997E-4,{"$f":"SUMIF(Insumos!B:B,D2797,Insumos!G:G)","v":12.1},0]
[null,null,null,1379,"Cimento portland composto cp ii-32","kg",220.13460000000001,{"$f":"SUMIF(Insumos!B:B,D2798,Insumos!G:G)","v":0.34},74.849999999999994]
[null,null,null,4719,"Colher de pedreiro","un",6.0000000000000001E-3,{"$f":"SUMIF(Insumos!B:B,D2799,Insumos!G:G)","v":8.9700000000000006},{"$f":"(G2799*H2799)","v":0.05}]
[null,null,null,4174,"Desempenadeira de aço lisa, cabo madeira, ref:143, Atlas ou similar","un",7.6E-3,{"$f":"SUMIF(Insumos!B:B,D2800,Insumos!G:G)","v":6.4},0.05]
[null,null,null,11245,"Desempoladeira de madeira 12x22","un",1.06E-2,{"$f":"SUMIF(Insumos!B:B,D2801,Insumos!G:G)","v":9.1999999999999993},0.1]
[null,null,null,2692,"Desmoldante protetor para formas de madeira, de base oleosaemulsionada em agua","l",1.6500000000000001E-2,{"$f":"SUMIF(Insumos!B:B,D2802,Insumos!G:G)","v":4.76},0.08]
[null,null,null,11246,"Escala métrica de bambú","Un",1.06E-2,{"$f":"SUMIF(Insumos!B:B,D2803,Insumos!G:G)","v":13.31},0.14000000000000001]
[null,null,null,941,"Fardamento","un",4.2999999999999997E-2,{"$f":"SUMIF(Insumos!B:B,D2804,Insumos!G:G)","v":53.6},2.2999999999999998]
[null,null,null,10578,"Formão grande","un",2.9999999999999997E-4,{"$f":"SUMIF(Insumos!B:B,D2805,Insumos!G:G)","v":11.86},0]
[null,null,null,12892,"Luva raspa de couro, cano curto (punho *7* cm)","par",6.6100000000000006E-2,{"$f":"SUMIF(Insumos!B:B,D2806,Insumos!G:G)","v":5.69},0.38]
[null,null,null,1569,"Madeira mista serrada (barrote) 6 x 6cm - 0,0036 m3/m (angelim, louro)","m",0.44,{"$f":"SUMIF(Insumos!B:B,D2807,Insumos!G:G)","v":4.5999999999999996},2.02]
[null,null,null,4729,"Marreta 1 kg com cabo","un",8.9999999999999998E-4,{"$f":"SUMIF(Insumos!B:B,D2808,Insumos!G:G)","v":12.37},0.01]
[null,null,null,11264,"Marreta de 1/2 kg com cabo","un",3.0999999999999999E-3,{"$f":"SUMIF(Insumos!B:B,D2809,Insumos!G:G)","v":8.57},0.03]
[null,null,null,11244,"Martelo com unha","un",2.9999999999999997E-4,{"$f":"SUMIF(Insumos!B:B,D2810,Insumos!G:G)","v":22.05},0.01]
[null,null,null,11265,"Martelo de borracha com cabo","un",6.0000000000000001E-3,{"$f":"SUMIF(Insumos!B:B,D2811,Insumos!G:G)","v":11.67},7.0000000000000007E-2]
[null,null,null,11243,"Martelo sem unha","un",1.4E-3,{"$f":"SUMIF(Insumos!B:B,D2812,Insumos!G:G)","v":12.76},0.02]
[null,null,null,10789,"Nível de bolha de madeira","un",3.0999999999999999E-3,{"$f":"SUMIF(Insumos!B:B,D2813,Insumos!G:G)","v":7.05},0.02]
[null,null,null,1651,"Óculos branco proteção","pr",2.2599999999999999E-2,{"$f":"SUMIF(Insumos!B:B,D2814,Insumos!G:G)","v":4.3099999999999996},0.1]
[null,null,null,10788,"Pá quadrada","un",2.3E-3,{"$f":"SUMIF(Insumos!B:B,D2815,Insumos!G:G)","v":13.54},0.03]
[null,null,null,4721,"Pedra britada n. 1 (9,5 a 19 mm) posto pedreira/fornecedor,sem frete","m3",8.2600000000000007E-2,{"$f":"SUMIF(Insumos!B:B,D2816,Insumos!G:G)","v":53.64},4.43]
[null,null,null,4718,"Pedra britada n. 2 (19 a 38 mm) posto pedreira/fornecedor, sem frete","m3",0.24779999999999999,{"$f":"SUMIF(Insumos!B:B,D2817,Insumos!G:G)","v":43.36},10.74]
[null,null,null,5067,"Prego de aco polido com cabeca 16 x 24 (2 1/4 x 12)","kg",0.33,{"$f":"SUMIF(Insumos!B:B,D2818,Insumos!G:G)","v":8.49},2.8]
[null,null,null,10596,"Protetor auricular","un",0.12889999999999999,{"$f":"SUMIF(Insumos!B:B,D2819,Insumos!G:G)","v":2.5099999999999998},0.32]
[null,null,null,10599,"Protetor solar fps 30 com 120ml","un",5.16E-2,{"$f":"SUMIF(Insumos!B:B,D2820,Insumos!G:G)","v":13.86},0.72]
[null,null,null,10790,"Prumo de face","un",1.4E-3,{"$f":"SUMIF(Insumos!B:B,D2821,Insumos!G:G)","v":13.35},0.02]
[null,null,null,10282,"Regua de alumínio c/ 2,00m (para pedreiro)","un",3.0999999999999999E-3,{"$f":"SUMIF(Insumos!B:B,D2822,Insumos!G:G)","v":13.08},0.04]
[null,null,null,11247,"Serra mármore","un",1.4E-3,{"$f":"SUMIF(Insumos!B:B,D2823,Insumos!G:G)","v":213.74},0.3]
[null,null,null,10577,"Serrote 40cm","un",1E-4,{"$f":"SUMIF(Insumos!B:B,D2824,Insumos!G:G)","v":23.33},0]
[null,null,null,4509,"Tabua de madeira nao aparelhada *2,5 x 10 cm (1 x 4 \") pinus, mista ou equivalente da regiao","m",0.26400000000000001,{"$f":"SUMIF(Insumos!B:B,D2825,Insumos!G:G)","v":5.25},1.39]
[null,null,null,6189,"Tabua de madeira nao aparelhada *2,5 x 30* cm, cedrinho ou equivalente da regiao","m",0.80300000000000005,{"$f":"SUMIF(Insumos!B:B,D2826,Insumos!G:G)","v":12.54},10.07]
[null,null,null,4728,"Talhadeira chata 10\"","un",3.2000000000000002E-3,{"$f":"SUMIF(Insumos!B:B,D2827,Insumos!G:G)","v":7.4},0.02]
[null,null,null,2212,"Tijolo maciço 4 x 9 x 17cm","un",630.79999999999995,{"$f":"SUMIF(Insumos!B:B,D2828,Insumos!G:G)","v":0.19},119.85]
[null,null,null,10586,"Torquesa","un",2.9999999999999997E-4,{"$f":"SUMIF(Insumos!B:B,D2829,Insumos!G:G)","v":20.58},0.01]
[null,null,null,2378,"Vale transporte","un",2.1770999999999998,{"$f":"SUMIF(Insumos!B:B,D2830,Insumos!G:G)","v":2.74},5.97]
[{"$nulls":7},"PARCIAL:",{"$f":"SUM(I2782:I2830)","v":440.36}]
[]
[{"$nulls":7},"VALOR UNITÁRIO TOTAL - R$",{"$f":"TRUNC(I2781+I2831+I2832,2)","v":705.11}]
[]
[]
[]
[null,"SERVIÇO","ORSE",6415,{"$f":"VLOOKUP(D2837,ORSE!$C:$F,2)","v":"TAMPA DE CONCRETO PARA CAIXAS DE PASSAGEM 0,80X0,80MX0,07M"},null,null,null,{"$f":"VLOOKUP(D2837,ORSE!$C:$F,3)","v":"UN"},null,{"$f":"I2898","v":45.03},{"$f":"VLOOKUP(D2837,ORSE!$C:$F,4)","v":57.52}]
[]
[null,null,null,"COD.","DESCRIÇÃO","UN.","COEF.","PREÇO","TOTAL"]
[null,null,null,"MÃO DE OBRA"]
[null,null,null,"88245","ARMADOR COM ENCARGOS COMPLEMENTARES","h",7.5800000000000006E-2,{"$f":"SUMIF(Insumos!B:B,D2841,Insumos!G:G)","v":13.51},{"$f":"(G2841*H2841)","v":1.02}]
[null,null,null,"88262","CARPINTEIRO DE FORMAS COM ENCARGOS COMPLEMENTARES","h",0.23300000000000001,{"$f":"SUMIF(Insumos!B:B,D2842,Insumos!G:G)","v":13.51},{"$f":"(G2842*H2842)","v":3.15}]
[null,null,null,"88309","PEDREIRO COM ENCARGOS COMPLEMENTARES","h",1.61E-2,{"$f":"SUMIF(Insumos!B:B,D2843,Insumos!G:G)","v":13.51},0.22]
[null,null,null,6111,"SERVENTE DE OBRAS","h",0.74509999999999998,{"$f":"SUMIF(Insumos!B:B,D2844,Insumos!G:G)","v":11.11},8.2799999999999994]
[null,null,null,10517,"Exames admissionais/demissionais (checkup)","cj",5.9999999999999995E-4,{"$f":"SUMIF(Insumos!B:B,D2845,Insumos!G:G)","v":255.26},0.15]
[null,null,null,10761,"Refeição - café da manhã ( café com leite e dois pães com manteiga)","un",0.17580000000000001,{"$f":"SUMIF(Insumos!B:B,D2846,Insumos!G:G)","v":1.96},0.34]
[null,null,null,10362,"Seguro de vida e acidente em grupo","un",7.7999999999999996E-3,{"$f":"SUMIF(Insumos!B:B,D2847,Insumos!G:G)","v":4.42},0.03]
[{"$nulls":7},"PARCIAL:",{"$f":"SUM(I2840:I2847)","v":13.19}]
[null,null,null,"MATERIAIS/ SERVIÇOS/ EQUIPAMENTOS"]
[null,null,null,11248,"Furadeira e Parafusadeira eletrica Bosch ou Similar profissional","un",0,{"$f":"SUMIF(Insumos!B:B,D2850,Insumos!G:G)","v":235.13},{"$f":"(G2850*H2850)","v":0}]
[null,null,null,11249,"Serra circular eletrica portatil","un",0,{"$f":"SUMIF(Insumos!B:B,D2851,Insumos!G:G)","v":532.35},0]
[null,null,null,81,"Aço ca-50 6,3 a 12,5 mm","kg",3.3654999999999999,{"$f":"SUMIF(Insumos!B:B,D2852,Insumos!G:G)","v":3.34},{"$f":"(G2852*H2852)-0.01","v":11.23}]
[null,null,null,158,"Almoço (Participação do empregador)","un",0.17580000000000001,{"$f":"SUMIF(Insumos!B:B,D2853,Insumos!G:G)","v":7.83},1.38]
[null,null,null,333,"Arame galvanizado 14 bwg, d = 2,11 mm (0,026 kg/m)","kg",6.7199999999999996E-2,{"$f":"SUMIF(Insumos!B:B,D2854,Insumos!G:G)","v":9.7899999999999991},0.66]
[null,null,null,337,"Arame recozido 18 bwg, 1,25 mm (0,01 kg/m)","kg",7.17E-2,{"$f":"SUMIF(Insumos!B:B,D2855,Insumos!G:G)","v":7.37},0.53]
[null,null,null,10585,"Arco de serra","un",1E-4,{"$f":"SUMIF(Insumos!B:B,D2856,Insumos!G:G)","v":15.27},0]
[null,null,null,12893,"Bota de seguranca com biqueira de aco e colarinho acolchoado","par",1.2999999999999999E-3,{"$f":"SUMIF(Insumos!B:B,D2857,Insumos!G:G)","v":30.36},0.04]
[null,null,null,12894,"Capa para chuva em pvc com forro de poliester, com capuz (amarela ou azul)","un",4.0000000000000002E-4,{"$f":"SUMIF(Insumos!B:B,D2858,Insumos!G:G)","v":8.2200000000000006},0]
[null,null,null,12895,"Capacete de seguranca aba frontal com suspensao de polietileno, sem jugular (classe b)","un",1.1000000000000001E-3,{"$f":"SUMIF(Insumos!B:B,D2859,Insumos!G:G)","v":6.33},{"$f":"(G2859*H2859)","v":0.01}]
[null,null,null,2711,"Carrinho de mao de aco capacidade 50 a 60 l, pneu com camara","un",2.0000000000000001E-4,{"$f":"SUMIF(Insumos!B:B,D2860,Insumos!G:G)","v":86.13},0.02]
[null,null,null,10492,"Cesta Básica","un",7.7999999999999996E-3,{"$f":"SUMIF(Insumos!B:B,D2861,Insumos!G:G)","v":86.13},0.67]
[null,null,null,10579,"Chave de fenda chata 30 cm","un",1E-4,{"$f":"SUMIF(Insumos!B:B,D2862,Insumos!G:G)","v":12.1},0]
[null,null,null,4719,"Colher de pedreiro","un",0,{"$f":"SUMIF(Insumos!B:B,D2863,Insumos!G:G)","v":8.9700000000000006},0]
[null,null,null,630,"Compensado resinado 12mm - Madeirit ou similar","m2",0.1048,{"$f":"SUMIF(Insumos!B:B,D2864,Insumos!G:G)","v":19.61},2.06]
[null,null,null,34492,"Concreto usinado bombeavel, classe de resistencia c20, com brita 0 e 1, slump = 100 +/- 20 mm, exclui servico de bombeamento (nbr 8953)","m3",4.48E-2,{"$f":"SUMIF(Insumos!B:B,D2865,Insumos!G:G)","v":175},7.84]
[null,null,null,4174,"Desempenadeira de aço lisa, cabo madeira, ref:143, Atlas ou similar","un",0,{"$f":"SUMIF(Insumos!B:B,D2866,Insumos!G:G)","v":6.4},0]
[null,null,null,11245,"Desempoladeira de madeira 12x22","un",0,{"$f":"SUMIF(Insumos!B:B,D2867,Insumos!G:G)","v":9.1999999999999993},0]
[null,null,null,2692,"Desmoldante protetor para formas de madeira, de base oleosaemulsionada em agua","l",8.9999999999999993E-3,{"$f":"SUMIF(Insumos!B:B,D2868,Insumos!G:G)","v":4.76},0.04]
[null,null,null,11246,"Escala métrica de bambú","Un",0,{"$f":"SUMIF(Insumos!B:B,D2869,Insumos!G:G)","v":13.31},0]
[null,null,null,941,"Fardamento","un",2.5000000000000001E-3,{"$f":"SUMIF(Insumos!B:B,D2870,Insumos!G:G)","v":53.6},0.13]
[null,null,null,10578,"Formão grande","un",1E-4,{"$f":"SUMIF(Insumos!B:B,D2871,Insumos!G:G)","v":11.86},0]
[null,null,null,12892,"Luva raspa de couro, cano curto (punho *7* cm)","par",4.0000000000000001E-3,{"$f":"SUMIF(Insumos!B:B,D2872,Insumos!G:G)","v":5.69},0.02]
[null,null,null,1569,"Madeira mista serrada (barrote) 6 x 6cm - 0,0036 m3/m (angelim, louro)","m",0.54969999999999997,{"$f":"SUMIF(Insumos!B:B,D2873,Insumos!G:G)","v":4.5999999999999996},2.5299999999999998]
[null,null,null,4729,"Marreta 1 kg com cabo","un",1E-4,{"$f":"SUMIF(Insumos!B:B,D2874,Insumos!G:G)","v":12.37},0]
[null,null,null,11264,"Marreta de 1/2 kg com cabo","un",0,{"$f":"SUMIF(Insumos!B:B,D2875,Insumos!G:G)","v":8.57},0]
[null,null,null,11244,"Martelo com unha","un",1E-4,{"$f":"SUMIF(Insumos!B:B,D2876,Insumos!G:G)","v":22.05},0]
[null,null,null,11265,"Martelo de borracha com cabo","un",0,{"$f":"SUMIF(Insumos!B:B,D2877,Insumos!G:G)","v":11.67},0]
[null,null,null,11243,"Martelo sem unha","un",0,{"$f":"SUMIF(Insumos!B:B,D2878,Insumos!G:G)","v":12.76},0]
[null,null,null,10789,"Nível de bolha de madeira","un",0,{"$f":"SUMIF(Insumos!B:B,D2879,Insumos!G:G)","v":7.05},0]
[null,null,null,1651,"Óculos branco proteção","pr",1.2999999999999999E-3,{"$f":"SUMIF(Insumos!B:B,D2880,Insumos!G:G)","v":4.3099999999999996},0.01]
[null,null,null,10788,"Pá quadrada","un",2.0000000000000001E-4,{"$f":"SUMIF(Insumos!B:B,D2881,Insumos!G:G)","v":13.54},0]
[null,null,null,5068,"Prego de aco polido com cabeca 17 x 21 (2 x 11)","kg",1.12E-2,{"$f":"SUMIF(Insumos!B:B,D2882,Insumos!G:G)","v":7.96},0.09]
[null,null,null,5069,"Prego de aco polido com cabeca 17 x 27 (2 1/2 x 11)","kg",4.48E-2,{"$f":"SUMIF(Insumos!B:B,D2883,Insumos!G:G)","v":8.1199999999999992},0.36]
[null,null,null,10596,"Protetor auricular","un",7.7999999999999996E-3,{"$f":"SUMIF(Insumos!B:B,D2884,Insumos!G:G)","v":2.5099999999999998},0.02]
[null,null,null,10599,"Protetor solar fps 30 com 120ml","un",3.0000000000000001E-3,{"$f":"SUMIF(Insumos!B:B,D2885,Insumos!G:G)","v":13.86},0.04]
[null,null,null,10790,"Prumo de face","un",0,{"$f":"SUMIF(Insumos!B:B,D2886,Insumos!G:G)","v":13.35},0]
[null,null,null,10282,"Regua de alumínio c/ 2,00m (para pedreiro)","un",0,{"$f":"SUMIF(Insumos!B:B,D2887,Insumos!G:G)","v":13.08},0]
[null,null,null,11247,"Serra mármore","un",0,{"$f":"SUMIF(Insumos!B:B,D2888,Insumos!G:G)","v":213.74},0]
[null,null,null,10577,"Serrote 40cm","un",0,{"$f":"SUMIF(Insumos!B:B,D2889,Insumos!G:G)","v":23.33},0]
[null,null,null,25950,"Servico de bombeamento de concreto com consumo minimo de 40m3","m3",4.48E-2,{"$f":"SUMIF(Insumos!B:B,D2890,Insumos!G:G)","v":21.42},0.96]
[null,null,null,4509,"Tabua de madeira nao aparelhada *2,5 x 10 cm (1 x 4 \") pinus, mista ou equivalente da regiao","m",0.4879,{"$f":"SUMIF(Insumos!B:B,D2891,Insumos!G:G)","v":5.25},2.56]
[null,null,null,6193,"Tabua de madeira nao aparelhada *2,5 x 20* cm, cedrinho ou equivalente da regiao","m",5.4699999999999999E-2,{"$f":"SUMIF(Insumos!B:B,D2892,Insumos!G:G)","v":4.49},0.25]
[null,null,null,4728,"Talhadeira chata 10\"","un",2.9999999999999997E-4,{"$f":"SUMIF(Insumos!B:B,D2893,Insumos!G:G)","v":7.4},0]
[null,null,null,10586,"Torquesa","un",1E-4,{"$f":"SUMIF(Insumos!B:B,D2894,Insumos!G:G)","v":20.58},0]
[null,null,null,2378,"Vale transporte","un",0.14069999999999999,{"$f":"SUMIF(Insumos!B:B,D2895,Insumos!G:G)","v":2.74},0.39]
[{"$nulls":7},"PARCIAL:",{"$f":"SUM(I2849:I2895)","v":31.84}]
[]
[{"$nulls":7},"VALOR UNITÁRIO TOTAL - R$",{"$f":"TRUNC(I2848+I2896+I2897,2)","v":45.03}]
[]
[]
[]
[null,"SERVIÇO","ORSE",6312,{"$f":"VLOOKUP(D2902,ORSE!$C:$F,2)","v":"ANÁLISE FÍSICO-QUÍMICA DA ÁGUA"},null,null,null,{"$f":"VLOOKUP(D2902,ORSE!$C:$F,3)","v":"UN"},null,{"$f":"I2914","v":400.97},{"$f":"VLOOKUP(D2902,ORSE!$C:$F,4)","v":512.1}]
[]
[null,null,null,"COD.","DESCRIÇÃO","UN.","COEF.","PREÇO","TOTAL"]
[null,null,null,"MÃO DE OBRA"]
[{"$nulls":7},{"$f":"SUMIF(Insumos!B:B,D2906,Insumos!G:G)","v":0},{"$f":"(G2906*H2906)","v":0}]
[{"$nulls":7},{"$f":"SUMIF(Insumos!B:B,D2907,Insumos!G:G)","v":0},{"$f":"(G2907*H2907)","v":0}]
[{"$nulls":7},"PARCIAL:",{"$f":"SUM(I2905:I2907)","v":0}]
[null,null,null,"MATERIAIS/ SERVIÇOS/ EQUIPAMENTOS"]
[null,null,null,5022,"Análise físico-química de água","un",1,{"$f":"SUMIF(Insumos!B:B,D2910,Insumos!G:G)","v":400.97},{"$f":"(G2910*H2910)","v":400.97}]
[{"$nulls":7},{"$f":"SUMIF(Insumos!B:B,D2911,Insumos!G:G)","v":0},{"$f":"(G2911*H2911)","v":0}]
[{"$nulls":7},"PARCIAL:",{"$f":"SUM(I2909:I2911)","v":400.97}]
[]
[{"$nulls":7},"VALOR UNITÁRIO TOTAL - R$",{"$f":"TRUNC(I2908+I2912+I2913,2)","v":400.97}]
[]
[]
[]
[null,"SERVIÇO","ORSE",6313,{"$f":"VLOOKUP(D2918,ORSE!$C:$F,2)","v":"ANÁLISE BACTERIOLÓGICA DA ÁGUA"},null,null,null,{"$f":"VLOOKUP(D2918,ORSE!$C:$F,3)","v":"UN"},null,{"$f":"I2930","v":24.81},{"$f":"VLOOKUP(D2918,ORSE!$C:$F,4)","v":31.69}]
[]
[null,null,null,"COD.","DESCRIÇÃO","UN.","COEF.","PREÇO","TOTAL"]
[null,null,null,"MÃO DE OBRA"]
[{"$nulls":7},{"$f":"SUMIF(Insumos!B:B,D2922,Insumos!G:G)","v":0},{"$f":"(G2922*H2922)","v":0}]
[{"$nulls":7},{"$f":"SUMIF(Insumos!B:B,D2923,Insumos!G:G)","v":0},{"$f":"(G2923*H2923)","v":0}]
[{"$nulls":7},"PARCIAL:",{"$f":"SUM(I2921:I2923)","v":0}]
[null,null,null,"MATERIAIS/ SERVIÇOS/ EQUIPAMENTOS"]
[null,null,null,5021,"Análise bacteriológica de água","un",1,{"$f":"SUMIF(Insumos!B:B,D2926,Insumos!G:G)","v":24.81},{"$f":"(G2926*H2926)","v":24.81}]
[{"$nulls":7},{"$f":"SUMIF(Insumos!B:B,D2927,Insumos!G:G)","v":0},{"$f":"(G2927*H2927)","v":0}]
[{"$nulls":7},"PARCIAL:",{"$f":"SUM(I2925:I2927)","v":24.81}]
[]
[{"$nulls":7},"VALOR UNITÁRIO TOTAL - R$",{"$f":"TRUNC(I2924+I2928+I2929,2)","v":24.81}]
[]
[]
[]
[null,"SERVIÇO","ORSE",11124,{"$f":"VLOOKUP(D2934,ORSE!$C:$F,2)","v":"ENTRADA DE ENERGIA ELÉTRICA MONOFÁSICA DEMANDA ENTRE 6,3 E 8,8 KW"},null,null,null,{"$f":"VLOOKUP(D2934,ORSE!$C:$F,3)","v":"UN"},null,{"$f":"I3046","v":792.82},{"$f":"VLOOKUP(D2934,ORSE!$C:$F,4)","v":1015}]
[]
[null,null,null,"COD.","DESCRIÇÃO","UN.","COEF.","PREÇO","TOTAL"]
[null,null,null,"MÃO DE OBRA"]
[null,null,null,88247,"AJUDANTE DE ELETRICISTA","h",0.26779999999999998,{"$f":"SUMIF(Insumos!B:B,D2938,Insumos!G:G)","v":11.11},{"$f":"(G2938*H2938)","v":2.98}]
[null,null,null,"88245","ARMADOR COM ENCARGOS COMPLEMENTARES","h",7.6899999999999996E-2,{"$f":"SUMIF(Insumos!B:B,D2939,Insumos!G:G)","v":13.51},{"$f":"(G2939*H2939)","v":1.04}]
[null,null,null,"88262","CARPINTEIRO DE FORMAS COM ENCARGOS COMPLEMENTARES","h",0.47449999999999998,{"$f":"SUMIF(Insumos!B:B,D2940,Insumos!G:G)","v":13.51},{"$f":"(G2940*H2940)","v":6.41}]
[null,null,null,2436,"ELETRICISTA","h",7.9827000000000004,{"$f":"SUMIF(Insumos!B:B,D2941,Insumos!G:G)","v":13.51},{"$f":"(G2941*H2941)-0.01","v":107.84}]
[null,null,null,"88309","PEDREIRO COM ENCARGOS COMPLEMENTARES","h",3.1374,{"$f":"SUMIF(Insumos!B:B,D2942,Insumos!G:G)","v":13.51},{"$f":"(G2942*H2942)","v":42.39}]
[null,null,null,6111,"SERVENTE DE OBRAS","h",11.7676,{"$f":"SUMIF(Insumos!B:B,D2943,Insumos!G:G)","v":11.11},130.74]
[null,null,null,7880,"Alicate de compressão para terminais de compressão de cabos com seção até 120mm2","h",0.129,{"$f":"SUMIF(Insumos!B:B,D2944,Insumos!G:G)","v":0},0]
[null,null,null,10517,"Exames admissionais/demissionais (checkup)","cj",1.01E-2,{"$f":"SUMIF(Insumos!B:B,D2945,Insumos!G:G)","v":255.26},2.58]
[null,null,null,10761,"Refeição - café da manhã ( café com leite e dois pães com manteiga)","un",2.6360000000000001,{"$f":"SUMIF(Insumos!B:B,D2946,Insumos!G:G)-0.959787556904401","v":1.0002},2.64]
[null,null,null,10362,"Seguro de vida e acidente em grupo","un",0.11609999999999999,{"$f":"SUMIF(Insumos!B:B,D2947,Insumos!G:G)","v":4.42},0.51]
[{"$nulls":7},"PARCIAL:",{"$f":"SUM(I2937:I2947)","v":297.13}]
[null,null,null,"MATERIAIS/ SERVIÇOS/ EQUIPAMENTOS"]
[null,null,null,11359,"Esmerilhadeira angular eletrica, diametro do disco 7 '' (180 mm), rotacao 8500 rpm, potencia 2400 w","un",0,{"$f":"SUMIF(Insumos!B:B,D2950,Insumos!G:G)","v":528.53},{"$f":"(G2950*H2950)","v":0}]
[null,null,null,11248,"Furadeira e Parafusadeira eletrica Bosch ou Similar profissional","un",0,{"$f":"SUMIF(Insumos!B:B,D2951,Insumos!G:G)","v":235.13},0]
[null,null,null,38413,"Lixadeira eletrica angular, para disco de 7 \" (180 mm), potencia de 2.200 w, *5.000* rpm, 220 v","un",0,{"$f":"SUMIF(Insumos!B:B,D2952,Insumos!G:G)","v":544.91},0]
[null,null,null,11249,"Serra circular eletrica portatil","un",0,{"$f":"SUMIF(Insumos!B:B,D2953,Insumos!G:G)","v":532.35},0]
[null,null,null,82,"Aço ca-60 4,2 a 9,5 mm","kg",0.77,{"$f":"SUMIF(Insumos!B:B,D2954,Insumos!G:G)","v":3.3},2.54]
[null,null,null,11240,"Alicate com isolamento","un",1.6999999999999999E-3,{"$f":"SUMIF(Insumos!B:B,D2955,Insumos!G:G)","v":17.93},0.03]
[null,null,null,11241,"Alicate volt-amperimetro","un",1.6999999999999999E-3,{"$f":"SUMIF(Insumos!B:B,D2956,Insumos!G:G)","v":84.65},0.14000000000000001]
[null,null,null,37370,"Alimentacao - horista (coletado caixa)","h",0.52,{"$f":"SUMIF(Insumos!B:B,D2957,Insumos!G:G)","v":1.22},0.63]
[null,null,null,158,"Almoço (Participação do empregador)","un",1.2575000000000001,{"$f":"SUMIF(Insumos!B:B,D2958,Insumos!G:G)","v":7.83},{"$f":"(G2958*H2958)","v":9.85}]
[null,null,null,333,"Arame galvanizado 14 bwg, d = 2,11 mm (0,026 kg/m)","kg",4.5900000000000003E-2,{"$f":"SUMIF(Insumos!B:B,D2959,Insumos!G:G)","v":9.7899999999999991},0.45]
[null,null,null,337,"Arame recozido 18 bwg, 1,25 mm (0,01 kg/m)","kg",1.54E-2,{"$f":"SUMIF(Insumos!B:B,D2960,Insumos!G:G)","v":7.37},0.11]
[null,null,null,10585,"Arco de serra","un",0,{"$f":"SUMIF(Insumos!B:B,D2961,Insumos!G:G)","v":15.27},0]
[null,null,null,367,"Areia grossa - posto jazida/fornecedor (retirado na jazida,sem transporte)","m3",0.16309999999999999,{"$f":"SUMIF(Insumos!B:B,D2962,Insumos!G:G)","v":48.94},7.98]
[null,null,null,370,"Areia media - posto jazida/fornecedor (retirado na jazida, sem transporte)","m3",1.2999999999999999E-2,{"$f":"SUMIF(Insumos!B:B,D2963,Insumos!G:G)","v":39.15},0.51]
[null,null,null,207,"Arruela de alumínio p/eletroduto d= 3/4\"","un",3,{"$f":"SUMIF(Insumos!B:B,D2964,Insumos!G:G)","v":0.23},0.69]
[null,null,null,36150,"Avental de seguranca de raspa de couro 1,00 x 0,60 m","un",1.4E-3,{"$f":"SUMIF(Insumos!B:B,D2965,Insumos!G:G)","v":18.78},0.03]
[null,null,null,10,"Balde plastico capacidade *10* l","un",4.1999999999999997E-3,{"$f":"SUMIF(Insumos!B:B,D2966,Insumos!G:G)","v":6.68},0.03]
[null,null,null,38399,"Bolsa de lona para ferramentas *50 x 35 x 25* cm","un",2.0000000000000001E-4,{"$f":"SUMIF(Insumos!B:B,D2967,Insumos!G:G)","v":106.43},0.02]
[null,null,null,12893,"Bota de seguranca com biqueira de aco e colarinho acolchoado","par",0.02,{"$f":"SUMIF(Insumos!B:B,D2968,Insumos!G:G)","v":30.36},0.61]
[null,null,null,6616,"Braquete monofásico","un",1,{"$f":"SUMIF(Insumos!B:B,D2969,Insumos!G:G)","v":5.85},5.85]
[null,null,null,39175,"Bucha em aluminio, com rosca, de 3/4\", para eletroduto","un",3,{"$f":"SUMIF(Insumos!B:B,D2970,Insumos!G:G)","v":0.37},1.1100000000000001]
[null,null,null,3813,"Cabo de cobre isolado HEPR (XLPE), 16mm², 1kv / 90º C","m",13.923500000000001,{"$f":"SUMIF(Insumos!B:B,D2971,Insumos!G:G)","v":5.87},81.73]
[null,null,null,857,"Cabo de cobre nu 16 mm2 meio-duro","m",2.04,{"$f":"SUMIF(Insumos!B:B,D2972,Insumos!G:G)","v":4.8099999999999996},9.81]
[null,null,null,435,"Caixa de medicao monofásica, em noril (policarbonato)","un",1,{"$f":"SUMIF(Insumos!B:B,D2973,Insumos!G:G)","v":10.41},10.41]
[null,null,null,1106,"Cal hidratada ch-i para argamassas","kg",6.5134999999999996,{"$f":"SUMIF(Insumos!B:B,D2974,Insumos!G:G)","v":0.63},4.0999999999999996]
[null,null,null,12894,"Capa para chuva em pvc com forro de poliester, com capuz (amarela ou azul)","un",5.0000000000000001E-3,{"$f":"SUMIF(Insumos!B:B,D2975,Insumos!G:G)","v":8.2200000000000006},0.04]
[null,null,null,12895,"Capacete de seguranca aba frontal com suspensao de polietileno, sem jugular (classe b)","un",1.5699999999999999E-2,{"$f":"SUMIF(Insumos!B:B,D2976,Insumos!G:G)","v":6.33},0.1]
[null,null,null,2711,"Carrinho de mao de aco capacidade 50 a 60 l, pneu com camara","un",2.8999999999999998E-3,{"$f":"SUMIF(Insumos!B:B,D2977,Insumos!G:G)","v":86.13},0.25]
[null,null,null,10492,"Cesta Básica","un",0.11609999999999999,{"$f":"SUMIF(Insumos!B:B,D2978,Insumos!G:G)","v":86.13},10]
[null,null,null,10579,"Chave de fenda chata 30 cm","un",1.8E-3,{"$f":"SUMIF(Insumos!B:B,D2979,Insumos!G:G)","v":12.1},0.02]
[null,null,null,11242,"Chave inglesa 12\"","un",8.9999999999999998E-4,{"$f":"SUMIF(Insumos!B:B,D2980,Insumos!G:G)","v":36.799999999999997},0.03]
[null,null,null,1379,"Cimento portland composto cp ii-32","kg",44.642699999999998,{"$f":"SUMIF(Insumos!B:B,D2981,Insumos!G:G)","v":0.34},15.18]
[null,null,null,4719,"Colher de pedreiro","un",1.1999999999999999E-3,{"$f":"SUMIF(Insumos!B:B,D2982,Insumos!G:G)","v":8.9700000000000006},0.01]
[null,null,null,630,"Compensado resinado 12mm - Madeirit ou similar","m2",0.1132,{"$f":"SUMIF(Insumos!B:B,D2983,Insumos!G:G)","v":19.61},2.2200000000000002]
[null,null,null,663,"Conector p/ haste de aterramento 3/4\"","un",1,{"$f":"SUMIF(Insumos!B:B,D2984,Insumos!G:G)","v":2.35},2.35]
[null,null,null,664,"Conector p/ haste de aterramento 5/8\"","un",1,{"$f":"SUMIF(Insumos!B:B,D2985,Insumos!G:G)","v":1.17},1.17]
[null,null,null,1879,"Curva 90 graus, longa, de pvc rigido roscavel, de 3/4\", para eletroduto","un",2,{"$f":"SUMIF(Insumos!B:B,D2986,Insumos!G:G)","v":1.1499999999999999},2.2999999999999998]
[null,null,null,4174,"Desempenadeira de aço lisa, cabo madeira, ref:143, Atlas ou similar","un",1.5E-3,{"$f":"SUMIF(Insumos!B:B,D2987,Insumos!G:G)","v":6.4},0.01]
[null,null,null,11245,"Desempoladeira de madeira 12x22","un",2.0999999999999999E-3,{"$f":"SUMIF(Insumos!B:B,D2988,Insumos!G:G)","v":9.1999999999999993},0.02]
[null,null,null,2692,"Desmoldante protetor para formas de madeira, de base oleosaemulsionada em agua","l",4.5999999999999999E-3,{"$f":"SUMIF(Insumos!B:B,D2989,Insumos!G:G)","v":4.76},0.02]
[null,null,null,3603,"Disjuntor monopolar 70 A, padrão DIN (linha branca), curva de disparo C, corrente de interrupção 5KA, ref.: Siemens 5SX1 ou similar.","un",1,{"$f":"SUMIF(Insumos!B:B,D2990,Insumos!G:G)","v":11.35},11.35]
[null,null,null,866,"Eletroduto condulete pvc rígido, d= 3/4\"","m",1.5,{"$f":"SUMIF(Insumos!B:B,D2991,Insumos!G:G)","v":4.41},6.62]
[null,null,null,2674,"Eletroduto de pvc rigido roscavel de 3/4 \", sem luva","m",7.8768000000000002,{"$f":"SUMIF(Insumos!B:B,D2992,Insumos!G:G)","v":2.2200000000000002},17.489999999999998]
[null,null,null,38476,"Escada dupla de abrir em aluminio, modelo pintor, 8 degraus","un",2.0000000000000001E-4,{"$f":"SUMIF(Insumos!B:B,D2993,Insumos!G:G)","v":160.36000000000001},0.03]
[null,null,null,38477,"Escada extensivel em aluminio com 6,00 m estendida","un",0,{"$f":"SUMIF(Insumos!B:B,D2994,Insumos!G:G)","v":454.14},0]
[null,null,null,11246,"Escala métrica de bambú","Un",2.0999999999999999E-3,{"$f":"SUMIF(Insumos!B:B,D2995,Insumos!G:G)","v":13.31},0.03]
[null,null,null,37372,"Exames - horista (coletado caixa)","h",0.52,{"$f":"SUMIF(Insumos!B:B,D2996,Insumos!G:G)","v":0.28999999999999998},0.15]
[null,null,null,941,"Fardamento","un",3.8399999999999997E-2,{"$f":"SUMIF(Insumos!B:B,D2997,Insumos!G:G)","v":53.6},2.06]
[null,null,null,965,"Fio de cobre nu tipo cordoalha para aterramento - 10mm2","m",2,{"$f":"SUMIF(Insumos!B:B,D2998,Insumos!G:G)","v":2.98},5.96]
[null,null,null,940,"Fio de cobre, solido, classe 1, isolacao em pvc/a, antichama bwf-b, 450/750v, secao nominal 6 mm2","m",1,{"$f":"SUMIF(Insumos!B:B,D2999,Insumos!G:G)","v":1.96},1.96]
[null,null,null,12815,"Fita crepe rolo de 25 mm x 50 m","un",4.7999999999999996E-3,{"$f":"SUMIF(Insumos!B:B,D3000,Insumos!G:G)","v":4.13},0.02]
[null,null,null,10578,"Formão grande","un",1E-4,{"$f":"SUMIF(Insumos!B:B,D3001,Insumos!G:G)","v":11.86},0]
[null,null,null,3490,"Haste cobreada copperweld p/ aterramento 254 micr d= 5/8\" x 2,40 m","un",1,{"$f":"SUMIF(Insumos!B:B,D3002,Insumos!G:G)","v":23.18},23.18]
[null,null,null,1096,"Haste cobreada copperweld p/aterramento d= 5/8\" x 2,40m, excluso conector","un",1,{"$f":"SUMIF(Insumos!B:B,D3003,Insumos!G:G)","v":17.77},17.77]
[null,null,null,1113,"Impermeabilizante para concretos e argamassas Vedacit ou similar","kg",0.192,{"$f":"SUMIF(Insumos!B:B,D3004,Insumos!G:G)","v":3.99},0.77]
[null,null,null,3398,"Isolador de porcelana, tipo roldana, dimensoes de *72* x *72* mm, para uso em baixa tensao","un",1,{"$f":"SUMIF(Insumos!B:B,D3005,Insumos!G:G)","v":3.16},3.16]
[null,null,null,38382,"Linha de pedreiro lisa 100 m","un",1.4E-3,{"$f":"SUMIF(Insumos!B:B,D3006,Insumos!G:G)","v":5.39},0.01]
[null,null,null,1891,"Luva em pvc rigido roscavel, de 3/4\", para eletroduto","un",4,{"$f":"SUMIF(Insumos!B:B,D3007,Insumos!G:G)","v":0.49},1.96]
[null,null,null,12892,"Luva raspa de couro, cano curto (punho *7* cm)","par",6.6600000000000006E-2,{"$f":"SUMIF(Insumos!B:B,D3008,Insumos!G:G)","v":5.69},0.38]
[null,null,null,1569,"Madeira mista serrada (barrote) 6 x 6cm - 0,0036 m3/m (angelim, louro)","m",0.10100000000000001,{"$f":"SUMIF(Insumos!B:B,D3009,Insumos!G:G)","v":4.5999999999999996},0.46]
[null,null,null,4729,"Marreta 1 kg com cabo","un",1.1999999999999999E-3,{"$f":"SUMIF(Insumos!B:B,D3010,Insumos!G:G)","v":12.37},0.01]
[null,null,null,11264,"Marreta de 1/2 kg com cabo","un",6.9999999999999999E-4,{"$f":"SUMIF(Insumos!B:B,D3011,Insumos!G:G)","v":8.57},0.01]
[null,null,null,11244,"Martelo com unha","un",1E-4,{"$f":"SUMIF(Insumos!B:B,D3012,Insumos!G:G)","v":22.05},0]
[null,null,null,11265,"Martelo de borracha com cabo","un",1.1999999999999999E-3,{"$f":"SUMIF(Insumos!B:B,D3013,Insumos!G:G)","v":11.67},0.01]
[null,null,null,11243,"Martelo sem unha","un",2.9999999999999997E-4,{"$f":"SUMIF(Insumos!B:B,D3014,Insumos!G:G)","v":12.76},0]
[null,null,null,10789,"Nível de bolha de madeira","un",6.9999999999999999E-4,{"$f":"SUMIF(Insumos!B:B,D3015,Insumos!G:G)","v":7.05},0]
[null,null,null,1651,"Óculos branco proteção","pr",2.0199999999999999E-2,{"$f":"SUMIF(Insumos!B:B,D3016,Insumos!G:G)","v":4.3099999999999996},0.09]
[null,null,null,10788,"Pá quadrada","un",2.5000000000000001E-3,{"$f":"SUMIF(Insumos!B:B,D3017,Insumos!G:G)","v":13.54},0.03]
[null,null,null,4721,"Pedra britada n. 1 (9,5 a 19 mm) posto pedreira/fornecedor,sem frete","m3",2.6700000000000002E-2,{"$f":"SUMIF(Insumos!B:B,D3018,Insumos!G:G)","v":53.64},1.43]
[null,null,null,4718,"Pedra britada n. 2 (19 a 38 mm) posto pedreira/fornecedor, sem frete","m3",8.0199999999999994E-2,{"$f":"SUMIF(Insumos!B:B,D3019,Insumos!G:G)","v":43.36},3.48]
[null,null,null,5067,"Prego de aco polido com cabeca 16 x 24 (2 1/4 x 12)","kg",9.1800000000000007E-2,{"$f":"SUMIF(Insumos!B:B,D3020,Insumos!G:G)","v":8.49},0.78]
[null,null,null,10596,"Protetor auricular","un",0.11609999999999999,{"$f":"SUMIF(Insumos!B:B,D3021,Insumos!G:G)","v":2.5099999999999998},0.28999999999999998]
[null,null,null,10599,"Protetor solar fps 30 com 120ml","un",4.6699999999999998E-2,{"$f":"SUMIF(Insumos!B:B,D3022,Insumos!G:G)","v":13.86},{"$f":"(G3022*H3022)","v":0.65}]
[null,null,null,36146,"Protetor solar fps 30, embalagem 2 litros","un",5.9999999999999995E-4,{"$f":"SUMIF(Insumos!B:B,D3023,Insumos!G:G)","v":107.55},0.06]
[null,null,null,10790,"Prumo de face","un",2.9999999999999997E-4,{"$f":"SUMIF(Insumos!B:B,D3024,Insumos!G:G)","v":13.35},0]
[null,null,null,25966,"Redutor tipo thinner para acabamento","l",8.0000000000000004E-4,{"$f":"SUMIF(Insumos!B:B,D3025,Insumos!G:G)","v":12.08},0.01]
[null,null,null,10282,"Regua de alumínio c/ 2,00m (para pedreiro)","un",6.9999999999999999E-4,{"$f":"SUMIF(Insumos!B:B,D3026,Insumos!G:G)","v":13.08},0.01]
[null,null,null,36144,"Respirador descartavel sem valvula de exalacao, pff 1","un",5.8000000000000003E-2,{"$f":"SUMIF(Insumos!B:B,D3027,Insumos!G:G)","v":0.7},0.04]
[null,null,null,38393,"Rolo de espuma poliester 23 cm (sem cabo)","un",8.0000000000000004E-4,{"$f":"SUMIF(Insumos!B:B,D3028,Insumos!G:G)","v":7.34},0.01]
[null,null,null,38390,"Rolo de la de carneiro 23 cm (sem cabo)","un",8.0000000000000004E-4,{"$f":"SUMIF(Insumos!B:B,D3029,Insumos!G:G)","v":16.27},0.01]
[null,null,null,37373,"Seguro - horista (coletado caixa)","h",0.52,{"$f":"SUMIF(Insumos!B:B,D3030,Insumos!G:G)","v":0.02},0.01]
[null,null,null,38396,"Selador horizontal para fita de aco 1 \"","un",0,{"$f":"SUMIF(Insumos!B:B,D3031,Insumos!G:G)","v":246.84},0]
[null,null,null,11247,"Serra mármore","un",2.9999999999999997E-4,{"$f":"SUMIF(Insumos!B:B,D3032,Insumos!G:G)","v":213.74},0.06]
[null,null,null,10577,"Serrote 40cm","un",0,{"$f":"SUMIF(Insumos!B:B,D3033,Insumos!G:G)","v":23.33},0]
[null,null,null,4509,"Tabua de madeira nao aparelhada *2,5 x 10 cm (1 x 4 \") pinus, mista ou equivalente da regiao","m",0.40699999999999997,{"$f":"SUMIF(Insumos!B:B,D3034,Insumos!G:G)","v":5.25},2.14]
[null,null,null,36153,"Talabarte de seguranca, 2 mosquetoes trava dupla *53* mm deabertura, com absorvedor de energia","un",5.9999999999999995E-4,{"$f":"SUMIF(Insumos!B:B,D3035,Insumos!G:G)","v":84.62},0.05]
[null,null,null,4728,"Talhadeira chata 10\"","un",3.8E-3,{"$f":"SUMIF(Insumos!B:B,D3036,Insumos!G:G)","v":7.4},0.03]
[null,null,null,1575,"Terminal a compressao em cobre estanhado para cabo 16 mm2, 1 furo e 1 compressao, para parafuso de fixacao m6","un",3,{"$f":"SUMIF(Insumos!B:B,D3037,Insumos!G:G)","v":0.68},2.04]
[null,null,null,2212,"Tijolo maciço 4 x 9 x 17cm","un",61.44,{"$f":"SUMIF(Insumos!B:B,D3038,Insumos!G:G)","v":0.19},11.67]
[null,null,null,10586,"Torquesa","un",0,{"$f":"SUMIF(Insumos!B:B,D3039,Insumos!G:G)","v":20.58},0]
[null,null,null,37371,"Transporte - horista (coletado caixa)","h",0.52,{"$f":"SUMIF(Insumos!B:B,D3040,Insumos!G:G)","v":0.39},0.2]
[null,null,null,36149,"Trava-quedas em aco para corda de 12 mm, extensor de 25 x 300 mm, com mosquetao tipo gancho trava dupla","un",4.0000000000000002E-4,{"$f":"SUMIF(Insumos!B:B,D3041,Insumos!G:G)","v":74.34},0.03]
[null,null,null,21015,"Tubo aco galvanizado com costura, classe leve, dn 80 mm ( 3\"), e = 3,35 mm, *7,32* kg/m (nbr 5580)","m",4.6234999999999999,{"$f":"SUMIF(Insumos!B:B,D3042,Insumos!G:G)","v":43.94},203.16]
[null,null,null,2378,"Vale transporte","un",2.0686,{"$f":"SUMIF(Insumos!B:B,D3043,Insumos!G:G)","v":2.74},5.67]
[{"$nulls":7},"PARCIAL:",{"$f":"SUM(I2949:I3043)","v":495.69}]
[]
[{"$nulls":7},"VALOR UNITÁRIO TOTAL - R$",{"$f":"TRUNC(I2948+I3044+I3045,2)","v":792.82}]
[]
[]
[]
[null,"SERVIÇO","ORSE",11673,{"$f":"VLOOKUP(D3050,ORSE!$C:$F,2)","v":"CANALETA DE DRENAGEM EM CONCRETO, DIMENSÕES INTERNAS 50 X 50CM, S/ TAMPA DE C ONCRETO, INCLUSIVE ESCAVAÇÃO MANUAL"},null,null,null,{"$f":"VLOOKUP(D3050,ORSE!$C:$F,3)","v":"M"},null,{"$f":"I3110","v":209.2},{"$f":"VLOOKUP(D3050,ORSE!$C:$F,4)","v":267.24}]
[]
[null,null,null,"COD.","DESCRIÇÃO","UN.","COEF.","PREÇO","TOTAL"]
[null,null,null,"MÃO DE OBRA"]
[null,null,null,"88245","ARMADOR COM ENCARGOS COMPLEMENTARES","h",0.76659999999999995,{"$f":"SUMIF(Insumos!B:B,D3054,Insumos!G:G)","v":13.51},{"$f":"(G3054*H3054)","v":10.36}]
[null,null,null,"88262","CARPINTEIRO DE FORMAS COM ENCARGOS COMPLEMENTARES","h",1.6746000000000001,{"$f":"SUMIF(Insumos!B:B,D3055,Insumos!G:G)","v":13.51},{"$f":"(G3055*H3055)","v":22.62}]
[null,null,null,"88309","PEDREIRO COM ENCARGOS COMPLEMENTARES","h",6.1199999999999997E-2,{"$f":"SUMIF(Insumos!B:B,D3056,Insumos!G:G)","v":13.51},0.83]
[null,null,null,6111,"SERVENTE DE OBRAS","h",6.4267000000000003,{"$f":"SUMIF(Insumos!B:B,D3057,Insumos!G:G)","v":11.11},71.400000000000006]
[null,null,null,10517,"Exames admissionais/demissionais (checkup)","cj",4.7999999999999996E-3,{"$f":"SUMIF(Insumos!B:B,D3058,Insumos!G:G)","v":255.26},1.23]
[null,null,null,10761,"Refeição - café da manhã ( café com leite e dois pães com manteiga)","un",1.224,{"$f":"SUMIF(Insumos!B:B,D3059,Insumos!G:G)","v":1.96},2.4]
[null,null,null,10362,"Seguro de vida e acidente em grupo","un",5.3999999999999999E-2,{"$f":"SUMIF(Insumos!B:B,D3060,Insumos!G:G)","v":4.42},0.24]
[{"$nulls":7},"PARCIAL:",{"$f":"SUM(I3053:I3060)","v":109.08}]
[null,null,null,"MATERIAIS/ SERVIÇOS/ EQUIPAMENTOS"]
[null,null,null,11248,"Furadeira e Parafusadeira eletrica Bosch ou Similar profissional","un",2.9999999999999997E-4,{"$f":"SUMIF(Insumos!B:B,D3063,Insumos!G:G)","v":235.13},{"$f":"(G3063*H3063)","v":7.0000000000000007E-2}]
[null,null,null,11249,"Serra circular eletrica portatil","un",2.9999999999999997E-4,{"$f":"SUMIF(Insumos!B:B,D3064,Insumos!G:G)","v":532.35},0.16]
[null,null,null,81,"Aço ca-50 6,3 a 12,5 mm","kg",7.6618000000000004,{"$f":"SUMIF(Insumos!B:B,D3065,Insumos!G:G)","v":3.34},25.59]
[null,null,null,158,"Almoço (Participação do empregador)","un",1.2230000000000001,{"$f":"SUMIF(Insumos!B:B,D3066,Insumos!G:G)","v":7.83},9.58]
[null,null,null,337,"Arame recozido 18 bwg, 1,25 mm (0,01 kg/m)","kg",0.184,{"$f":"SUMIF(Insumos!B:B,D3067,Insumos!G:G)","v":7.37},1.36]
[null,null,null,10585,"Arco de serra","un",1E-4,{"$f":"SUMIF(Insumos!B:B,D3068,Insumos!G:G)","v":15.27},0]
[null,null,null,367,"Areia grossa - posto jazida/fornecedor (retirado na jazida,sem transporte)","m3",0.1552,{"$f":"SUMIF(Insumos!B:B,D3069,Insumos!G:G)","v":48.94},7.6]
[null,null,null,12893,"Bota de seguranca com biqueira de aco e colarinho acolchoado","par",9.1000000000000004E-3,{"$f":"SUMIF(Insumos!B:B,D3070,Insumos!G:G)","v":30.36},0.28000000000000003]
[null,null,null,12894,"Capa para chuva em pvc com forro de poliester, com capuz (amarela ou azul)","un",2.2000000000000001E-3,{"$f":"SUMIF(Insumos!B:B,D3071,Insumos!G:G)","v":8.2200000000000006},{"$f":"(G3071*H3071)","v":0.02}]
[null,null,null,12895,"Capacete de seguranca aba frontal com suspensao de polietileno, sem jugular (classe b)","un",7.1000000000000004E-3,{"$f":"SUMIF(Insumos!B:B,D3072,Insumos!G:G)","v":6.33},0.04]
[null,null,null,2711,"Carrinho de mao de aco capacidade 50 a 60 l, pneu com camara","un",1.5E-3,{"$f":"SUMIF(Insumos!B:B,D3073,Insumos!G:G)","v":86.13},0.13]
[null,null,null,10492,"Cesta Básica","un",5.3999999999999999E-2,{"$f":"SUMIF(Insumos!B:B,D3074,Insumos!G:G)","v":86.13},4.6500000000000004]
[null,null,null,10579,"Chave de fenda chata 30 cm","un",5.9999999999999995E-4,{"$f":"SUMIF(Insumos!B:B,D3075,Insumos!G:G)","v":12.1},0.01]
[null,null,null,1379,"Cimento portland composto cp ii-32","kg",49.81,{"$f":"SUMIF(Insumos!B:B,D3076,Insumos!G:G)","v":0.34},16.940000000000001]
[null,null,null,4719,"Colher de pedreiro","un",0,{"$f":"SUMIF(Insumos!B:B,D3077,Insumos!G:G)","v":8.9700000000000006},0]
[null,null,null,4174,"Desempenadeira de aço lisa, cabo madeira, ref:143, Atlas ou similar","un",0,{"$f":"SUMIF(Insumos!B:B,D3078,Insumos!G:G)","v":6.4},0]
[null,null,null,11245,"Desempoladeira de madeira 12x22","un",0,{"$f":"SUMIF(Insumos!B:B,D3079,Insumos!G:G)","v":9.1999999999999993},0]
[null,null,null,2692,"Desmoldante protetor para formas de madeira, de base oleosaemulsionada em agua","l",3.5000000000000003E-2,{"$f":"SUMIF(Insumos!B:B,D3080,Insumos!G:G)","v":4.76},0.17]
[null,null,null,11246,"Escala métrica de bambú","Un",0,{"$f":"SUMIF(Insumos!B:B,D3081,Insumos!G:G)","v":13.31},0]
[null,null,null,941,"Fardamento","un",1.7899999999999999E-2,{"$f":"SUMIF(Insumos!B:B,D3082,Insumos!G:G)","v":53.6},0.96]
[null,null,null,10578,"Formão grande","un",5.9999999999999995E-4,{"$f":"SUMIF(Insumos!B:B,D3083,Insumos!G:G)","v":11.86},0.01]
[null,null,null,12892,"Luva raspa de couro, cano curto (punho *7* cm)","par",2.7400000000000001E-2,{"$f":"SUMIF(Insumos!B:B,D3084,Insumos!G:G)","v":5.69},0.16]
[null,null,null,1569,"Madeira mista serrada (barrote) 6 x 6cm - 0,0036 m3/m (angelim, louro)","m",1.167,{"$f":"SUMIF(Insumos!B:B,D3085,Insumos!G:G)","v":4.5999999999999996},5.37]
[null,null,null,4729,"Marreta 1 kg com cabo","un",8.0000000000000004E-4,{"$f":"SUMIF(Insumos!B:B,D3086,Insumos!G:G)","v":12.37},0.01]
[null,null,null,11264,"Marreta de 1/2 kg com cabo","un",0,{"$f":"SUMIF(Insumos!B:B,D3087,Insumos!G:G)","v":8.57},0]
[null,null,null,11244,"Martelo com unha","un",5.9999999999999995E-4,{"$f":"SUMIF(Insumos!B:B,D3088,Insumos!G:G)","v":22.05},0.01]
[null,null,null,11265,"Martelo de borracha com cabo","un",0,{"$f":"SUMIF(Insumos!B:B,D3089,Insumos!G:G)","v":11.67},0]
[null,null,null,11243,"Martelo sem unha","un",0,{"$f":"SUMIF(Insumos!B:B,D3090,Insumos!G:G)","v":12.76},0]
[null,null,null,10789,"Nível de bolha de madeira","un",0,{"$f":"SUMIF(Insumos!B:B,D3091,Insumos!G:G)","v":7.05},0]
[null,null,null,1651,"Óculos branco proteção","pr",9.1000000000000004E-3,{"$f":"SUMIF(Insumos!B:B,D3092,Insumos!G:G)","v":4.3099999999999996},0.04]
[null,null,null,10788,"Pá quadrada","un",1.5E-3,{"$f":"SUMIF(Insumos!B:B,D3093,Insumos!G:G)","v":13.54},0.02]
[null,null,null,4721,"Pedra britada n. 1 (9,5 a 19 mm) posto pedreira/fornecedor,sem frete","m3",3.5499999999999997E-2,{"$f":"SUMIF(Insumos!B:B,D3094,Insumos!G:G)","v":53.64},1.9]
[null,null,null,4718,"Pedra britada n. 2 (19 a 38 mm) posto pedreira/fornecedor, sem frete","m3",0.1066,{"$f":"SUMIF(Insumos!B:B,D3095,Insumos!G:G)","v":43.36},4.62]
[null,null,null,5067,"Prego de aco polido com cabeca 16 x 24 (2 1/4 x 12)","kg",0.70020000000000004,{"$f":"SUMIF(Insumos!B:B,D3096,Insumos!G:G)","v":8.49},5.94]
[null,null,null,10596,"Protetor auricular","un",5.3999999999999999E-2,{"$f":"SUMIF(Insumos!B:B,D3097,Insumos!G:G)","v":2.5099999999999998},0.14000000000000001]
[null,null,null,10599,"Protetor solar fps 30 com 120ml","un",2.1600000000000001E-2,{"$f":"SUMIF(Insumos!B:B,D3098,Insumos!G:G)","v":13.86},0.3]
[null,null,null,10790,"Prumo de face","un",0,{"$f":"SUMIF(Insumos!B:B,D3099,Insumos!G:G)","v":13.35},0]
[null,null,null,10282,"Regua de alumínio c/ 2,00m (para pedreiro)","un",0,{"$f":"SUMIF(Insumos!B:B,D3100,Insumos!G:G)","v":13.08},0]
[null,null,null,11247,"Serra mármore","un",0,{"$f":"SUMIF(Insumos!B:B,D3101,Insumos!G:G)","v":213.74},0]
[null,null,null,10577,"Serrote 40cm","un",2.9999999999999997E-4,{"$f":"SUMIF(Insumos!B:B,D3102,Insumos!G:G)","v":23.33},0.01]
[null,null,null,4509,"Tabua de madeira nao aparelhada *2,5 x 10 cm (1 x 4 \") pinus, mista ou equivalente da regiao","m",0.70020000000000004,{"$f":"SUMIF(Insumos!B:B,D3103,Insumos!G:G)","v":5.25},3.68]
[null,null,null,6189,"Tabua de madeira nao aparelhada *2,5 x 30* cm, cedrinho ou equivalente da regiao","m",0.60219999999999996,{"$f":"SUMIF(Insumos!B:B,D3104,Insumos!G:G)","v":12.54},7.55]
[null,null,null,4728,"Talhadeira chata 10\"","un",2.3E-3,{"$f":"SUMIF(Insumos!B:B,D3105,Insumos!G:G)","v":7.4},0.02]
[null,null,null,10586,"Torquesa","un",1E-4,{"$f":"SUMIF(Insumos!B:B,D3106,Insumos!G:G)","v":20.58},0]
[null,null,null,2378,"Vale transporte","un",1.0143,{"$f":"SUMIF(Insumos!B:B,D3107,Insumos!G:G)","v":2.74},2.78]
[{"$nulls":7},"PARCIAL:",{"$f":"SUM(I3062:I3107)","v":100.12}]
[]
[{"$nulls":7},"VALOR UNITÁRIO TOTAL - R$",{"$f":"TRUNC(I3061+I3108+I3109,2)","v":209.2}]
[]
[]
[]
[null,"SERVIÇO","ORSE",6316,{"$f":"VLOOKUP(D3114,ORSE!$C:$F,2)","v":"LASTRO DE AREIA"},null,null,null,{"$f":"VLOOKUP(D3114,ORSE!$C:$F,3)","v":"M3"},null,{"$f":"I3142","v":85.57},{"$f":"VLOOKUP(D3114,ORSE!$C:$F,4)","v":109.29}]
[]
[null,null,null,"COD.","DESCRIÇÃO","UN.","COEF.","PREÇO","TOTAL"]
[null,null,null,"MÃO DE OBRA"]
[null,null,null,6111,"SERVENTE DE OBRAS","h",1.5049999999999999,{"$f":"SUMIF(Insumos!B:B,D3118,Insumos!G:G)","v":11.11},{"$f":"(G3118*H3118)","v":16.72}]
[null,null,null,10517,"Exames admissionais/demissionais (checkup)","cj",5.0000000000000001E-4,{"$f":"SUMIF(Insumos!B:B,D3119,Insumos!G:G)","v":255.26},{"$f":"(G3119*H3119)","v":0.13}]
[null,null,null,10761,"Refeição - café da manhã ( café com leite e dois pães com manteiga)","un",0.1323,{"$f":"SUMIF(Insumos!B:B,D3120,Insumos!G:G)","v":1.96},{"$f":"(G3120*H3120)","v":0.26}]
[null,null,null,10362,"Seguro de vida e acidente em grupo","un",5.8999999999999999E-3,{"$f":"SUMIF(Insumos!B:B,D3121,Insumos!G:G)","v":4.42},{"$f":"(G3121*H3121)","v":0.03}]
[{"$nulls":7},"PARCIAL:",{"$f":"SUM(I3117:I3121)","v":17.14}]
[null,null,null,"MATERIAIS/ SERVIÇOS/ EQUIPAMENTOS"]
[null,null,null,158,"Almoço (Participação do empregador)","un",0.1323,{"$f":"SUMIF(Insumos!B:B,D3124,Insumos!G:G)","v":7.83},{"$f":"(G3124*H3124)","v":1.04}]
[null,null,null,367,"Areia grossa - posto jazida/fornecedor (retirado na jazida,sem transporte)","m3",1.355,{"$f":"SUMIF(Insumos!B:B,D3125,Insumos!G:G)","v":48.94},{"$f":"(G3125*H3125)-0.01","v":66.3}]
[null,null,null,12893,"Bota de seguranca com biqueira de aco e colarinho acolchoado","par",1E-3,{"$f":"SUMIF(Insumos!B:B,D3126,Insumos!G:G)","v":30.36},0.03]
[null,null,null,12894,"Capa para chuva em pvc com forro de poliester, com capuz (amarela ou azul)","un",2.9999999999999997E-4,{"$f":"SUMIF(Insumos!B:B,D3127,Insumos!G:G)","v":8.2200000000000006},0]
[null,null,null,12895,"Capacete de seguranca aba frontal com suspensao de polietileno, sem jugular (classe b)","un",8.0000000000000004E-4,{"$f":"SUMIF(Insumos!B:B,D3128,Insumos!G:G)","v":6.33},0.01]
[null,null,null,2711,"Carrinho de mao de aco capacidade 50 a 60 l, pneu com camara","un",2.9999999999999997E-4,{"$f":"SUMIF(Insumos!B:B,D3129,Insumos!G:G)","v":86.13},0.03]
[null,null,null,10492,"Cesta Básica","un",5.8999999999999999E-3,{"$f":"SUMIF(Insumos!B:B,D3130,Insumos!G:G)","v":86.13},0.51]
[null,null,null,941,"Fardamento","un",2E-3,{"$f":"SUMIF(Insumos!B:B,D3131,Insumos!G:G)","v":53.6},0.11]
[null,null,null,12892,"Luva raspa de couro, cano curto (punho *7* cm)","par",3.0000000000000001E-3,{"$f":"SUMIF(Insumos!B:B,D3132,Insumos!G:G)","v":5.69},0.02]
[null,null,null,4729,"Marreta 1 kg com cabo","un",1E-4,{"$f":"SUMIF(Insumos!B:B,D3133,Insumos!G:G)","v":12.37},0]
[null,null,null,1651,"Óculos branco proteção","pr",1E-3,{"$f":"SUMIF(Insumos!B:B,D3134,Insumos!G:G)","v":4.3099999999999996},0]
[null,null,null,10788,"Pá quadrada","un",2.9999999999999997E-4,{"$f":"SUMIF(Insumos!B:B,D3135,Insumos!G:G)","v":13.54},0]
[null,null,null,10596,"Protetor auricular","un",5.8999999999999999E-3,{"$f":"SUMIF(Insumos!B:B,D3136,Insumos!G:G)","v":2.5099999999999998},0.01]
[null,null,null,10599,"Protetor solar fps 30 com 120ml","un",2.3E-3,{"$f":"SUMIF(Insumos!B:B,D3137,Insumos!G:G)","v":13.86},0.03]
[null,null,null,4728,"Talhadeira chata 10\"","un",4.0000000000000002E-4,{"$f":"SUMIF(Insumos!B:B,D3138,Insumos!G:G)","v":7.4},0]
[null,null,null,2378,"Vale transporte","un",0.12230000000000001,{"$f":"SUMIF(Insumos!B:B,D3139,Insumos!G:G)","v":2.74},0.34]
[{"$nulls":7},"PARCIAL:",{"$f":"SUM(I3123:I3139)","v":68.430000000000007}]
[]
[{"$nulls":7},"VALOR UNITÁRIO TOTAL - R$",{"$f":"TRUNC(I3122+I3140+I3141,2)","v":85.57}]
[]
[]
[]
[null,"SERVIÇO","ORSE",11652,{"$f":"VLOOKUP(D3146,ORSE!$C:$F,2)","v":"FORMA PLANA PARA ESTRUTURAS, EM COMPENSADO PLASTIFICADO DE 10MM, 07 USOS, INC LUSIVE ESCORAMENTO - REVISADA 07.2015"},null,null,null,{"$f":"VLOOKUP(D3146,ORSE!$C:$F,3)","v":"M2"},null,{"$f":"I3188","v":24.72},{"$f":"VLOOKUP(D3146,ORSE!$C:$F,4)","v":31.58}]
[]
[null,null,null,"COD.","DESCRIÇÃO","UN.","COEF.","PREÇO","TOTAL"]
[null,null,null,"MÃO DE OBRA"]
[null,null,null,"88262","CARPINTEIRO DE FORMAS COM ENCARGOS COMPLEMENTARES","h",0.3896,{"$f":"SUMIF(Insumos!B:B,D3150,Insumos!G:G)","v":13.51},{"$f":"(G3150*H3150)","v":5.26}]
[null,null,null,6111,"SERVENTE DE OBRAS","h",0.22600000000000001,{"$f":"SUMIF(Insumos!B:B,D3151,Insumos!G:G)","v":11.11},{"$f":"(G3151*H3151)","v":2.5099999999999998}]
[null,null,null,10517,"Exames admissionais/demissionais (checkup)","cj",5.0000000000000001E-4,{"$f":"SUMIF(Insumos!B:B,D3152,Insumos!G:G)","v":255.26},{"$f":"(G3152*H3152)","v":0.13}]
[null,null,null,10761,"Refeição - café da manhã ( café com leite e dois pães com manteiga)","un",0.115,{"$f":"SUMIF(Insumos!B:B,D3153,Insumos!G:G)","v":1.96},{"$f":"(G3153*H3153)","v":0.23}]
[null,null,null,10362,"Seguro de vida e acidente em grupo","un",5.1000000000000004E-3,{"$f":"SUMIF(Insumos!B:B,D3154,Insumos!G:G)","v":4.42},{"$f":"(G3154*H3154)","v":0.02}]
[{"$nulls":7},"PARCIAL:",{"$f":"SUM(I3149:I3154)","v":8.15}]
[null,null,null,"MATERIAIS/ SERVIÇOS/ EQUIPAMENTOS"]
[null,null,null,11248,"Furadeira e Parafusadeira eletrica Bosch ou Similar profissional","un",1E-4,{"$f":"SUMIF(Insumos!B:B,D3157,Insumos!G:G)","v":235.13},{"$f":"(G3157*H3157)","v":0.02}]
[null,null,null,11249,"Serra circular eletrica portatil","un",1E-4,{"$f":"SUMIF(Insumos!B:B,D3158,Insumos!G:G)","v":532.35},{"$f":"(G3158*H3158)","v":0.05}]
[null,null,null,158,"Almoço (Participação do empregador)","un",0.115,{"$f":"SUMIF(Insumos!B:B,D3159,Insumos!G:G)","v":7.83},0.9]
[null,null,null,333,"Arame galvanizado 14 bwg, d = 2,11 mm (0,026 kg/m)","kg",0.15,{"$f":"SUMIF(Insumos!B:B,D3160,Insumos!G:G)","v":9.7899999999999991},1.47]
[null,null,null,12893,"Bota de seguranca com biqueira de aco e colarinho acolchoado","par",8.0000000000000004E-4,{"$f":"SUMIF(Insumos!B:B,D3161,Insumos!G:G)","v":30.36},0.02]
[null,null,null,12894,"Capa para chuva em pvc com forro de poliester, com capuz (amarela ou azul)","un",2.0000000000000001E-4,{"$f":"SUMIF(Insumos!B:B,D3162,Insumos!G:G)","v":8.2200000000000006},0]
[null,null,null,12895,"Capacete de seguranca aba frontal com suspensao de polietileno, sem jugular (classe b)","un",5.9999999999999995E-4,{"$f":"SUMIF(Insumos!B:B,D3163,Insumos!G:G)","v":6.33},0]
[null,null,null,2711,"Carrinho de mao de aco capacidade 50 a 60 l, pneu com camara","un",0,{"$f":"SUMIF(Insumos!B:B,D3164,Insumos!G:G)","v":86.13},{"$f":"(G3164*H3164)","v":0}]
[null,null,null,10492,"Cesta Básica","un",5.1000000000000004E-3,{"$f":"SUMIF(Insumos!B:B,D3165,Insumos!G:G)","v":86.13},0.44]
[null,null,null,1346,"Chapa de madeira compensada plastificada para forma de concreto, de 2,20 x 1,10 m, e = 10 mm","m2",0.16700000000000001,{"$f":"SUMIF(Insumos!B:B,D3166,Insumos!G:G)","v":22.13},3.7]
[null,null,null,10579,"Chave de fenda chata 30 cm","un",2.0000000000000001E-4,{"$f":"SUMIF(Insumos!B:B,D3167,Insumos!G:G)","v":12.1},0]
[null,null,null,2692,"Desmoldante protetor para formas de madeira, de base oleosaemulsionada em agua","l",0.02,{"$f":"SUMIF(Insumos!B:B,D3168,Insumos!G:G)","v":4.76},0.1]
[null,null,null,941,"Fardamento","un",1.6999999999999999E-3,{"$f":"SUMIF(Insumos!B:B,D3169,Insumos!G:G)","v":53.6},0.09]
[null,null,null,10578,"Formão grande","un",2.0000000000000001E-4,{"$f":"SUMIF(Insumos!B:B,D3170,Insumos!G:G)","v":11.86},0]
[null,null,null,12892,"Luva raspa de couro, cano curto (punho *7* cm)","par",2.5999999999999999E-3,{"$f":"SUMIF(Insumos!B:B,D3171,Insumos!G:G)","v":5.69},0.01]
[null,null,null,1569,"Madeira mista serrada (barrote) 6 x 6cm - 0,0036 m3/m (angelim, louro)","m",0.876,{"$f":"SUMIF(Insumos!B:B,D3172,Insumos!G:G)","v":4.5999999999999996},4.03]
[null,null,null,4729,"Marreta 1 kg com cabo","un",0,{"$f":"SUMIF(Insumos!B:B,D3173,Insumos!G:G)","v":12.37},0]
[null,null,null,11244,"Martelo com unha","un",2.0000000000000001E-4,{"$f":"SUMIF(Insumos!B:B,D3174,Insumos!G:G)","v":22.05},0]
[null,null,null,1651,"Óculos branco proteção","pr",8.0000000000000004E-4,{"$f":"SUMIF(Insumos!B:B,D3175,Insumos!G:G)","v":4.3099999999999996},0]
[null,null,null,10788,"Pá quadrada","un",0,{"$f":"SUMIF(Insumos!B:B,D3176,Insumos!G:G)","v":13.54},0]
[null,null,null,5068,"Prego de aco polido com cabeca 17 x 21 (2 x 11)","kg",2.5000000000000001E-2,{"$f":"SUMIF(Insumos!B:B,D3177,Insumos!G:G)","v":7.96},0.2]
[null,null,null,5069,"Prego de aco polido com cabeca 17 x 27 (2 1/2 x 11)","kg",0.1,{"$f":"SUMIF(Insumos!B:B,D3178,Insumos!G:G)","v":8.1199999999999992},0.81]
[null,null,null,10596,"Protetor auricular","un",5.1000000000000004E-3,{"$f":"SUMIF(Insumos!B:B,D3179,Insumos!G:G)","v":2.5099999999999998},0.01]
[null,null,null,10599,"Protetor solar fps 30 com 120ml","un",2E-3,{"$f":"SUMIF(Insumos!B:B,D3180,Insumos!G:G)","v":13.86},0.03]
[null,null,null,10577,"Serrote 40cm","un",1E-4,{"$f":"SUMIF(Insumos!B:B,D3181,Insumos!G:G)","v":23.33},0]
[null,null,null,4509,"Tabua de madeira nao aparelhada *2,5 x 10 cm (1 x 4 \") pinus, mista ou equivalente da regiao","m",0.77800000000000002,{"$f":"SUMIF(Insumos!B:B,D3182,Insumos!G:G)","v":5.25},4.08]
[null,null,null,6193,"Tabua de madeira nao aparelhada *2,5 x 20* cm, cedrinho ou equivalente da regiao","m",8.6999999999999994E-2,{"$f":"SUMIF(Insumos!B:B,D3183,Insumos!G:G)","v":4.49},0.39]
[null,null,null,4728,"Talhadeira chata 10\"","un",1E-4,{"$f":"SUMIF(Insumos!B:B,D3184,Insumos!G:G)","v":7.4},0]
[null,null,null,2378,"Vale transporte","un",8.0399999999999999E-2,{"$f":"SUMIF(Insumos!B:B,D3185,Insumos!G:G)","v":2.74},0.22]
[{"$nulls":7},"PARCIAL:",{"$f":"SUM(I3156:I3185)","v":16.57}]
[]
[{"$nulls":7},"VALOR UNITÁRIO TOTAL - R$",{"$f":"TRUNC(I3155+I3186+I3187,2)","v":24.72}]
[]
[]
[]
[null,"SERVIÇO","ORSE",7232,{"$f":"VLOOKUP(D3192,ORSE!$C:$F,2)","v":"FORNECIMENTO E ASSENTAMENTO DE TUBO PEAD FLEXÍVEL CORRUGADO PERFURADO D = 8\"  (KANANET OU SIMILAR)"},null,null,null,{"$f":"VLOOKUP(D3192,ORSE!$C:$F,3)","v":"M"},null,{"$f":"I3228","v":110.04},{"$f":"VLOOKUP(D3192,ORSE!$C:$F,4)","v":140.56}]
[]
[null,null,null,"COD.","DESCRIÇÃO","UN.","COEF.","PREÇO","TOTAL"]
[null,null,null,"MÃO DE OBRA"]
[null,null,null,"88267","ENCANADOR OU BOMBEIRO HIDRÁULICO COM ENCARGOS COMPLEMENTARES","h",0.33439999999999998,{"$f":"SUMIF(Insumos!B:B,D3196,Insumos!G:G)","v":13.51},{"$f":"(G3196*H3196)","v":4.5199999999999996}]
[null,null,null,6111,"SERVENTE DE OBRAS","h",0.37440000000000001,{"$f":"SUMIF(Insumos!B:B,D3197,Insumos!G:G)","v":11.11},{"$f":"(G3197*H3197)","v":4.16}]
[null,null,null,10517,"Exames admissionais/demissionais (checkup)","cj",4.0000000000000002E-4,{"$f":"SUMIF(Insumos!B:B,D3198,Insumos!G:G)","v":255.26},{"$f":"(G3198*H3198)","v":0.1}]
[null,null,null,10761,"Refeição - café da manhã ( café com leite e dois pães com manteiga)","un",0.114,{"$f":"SUMIF(Insumos!B:B,D3199,Insumos!G:G)","v":1.96},{"$f":"(G3199*H3199)","v":0.22}]
[null,null,null,10362,"Seguro de vida e acidente em grupo","un",5.0000000000000001E-3,{"$f":"SUMIF(Insumos!B:B,D3200,Insumos!G:G)","v":4.42},{"$f":"(G3200*H3200)","v":0.02}]
[{"$nulls":7},"PARCIAL:",{"$f":"SUM(I3195:I3200)","v":9.02}]
[null,null,null,"MATERIAIS/ SERVIÇOS/ EQUIPAMENTOS"]
[null,null,null,158,"Almoço (Participação do empregador)","un",0.114,{"$f":"SUMIF(Insumos!B:B,D3203,Insumos!G:G)","v":7.83},{"$f":"(G3203*H3203)","v":0.89}]
[null,null,null,12893,"Bota de seguranca com biqueira de aco e colarinho acolchoado","par",8.9999999999999998E-4,{"$f":"SUMIF(Insumos!B:B,D3204,Insumos!G:G)","v":30.36},{"$f":"(G3204*H3204)","v":0.03}]
[null,null,null,12894,"Capa para chuva em pvc com forro de poliester, com capuz (amarela ou azul)","un",2.0000000000000001E-4,{"$f":"SUMIF(Insumos!B:B,D3205,Insumos!G:G)","v":8.2200000000000006},{"$f":"(G3205*H3205)","v":0}]
[null,null,null,12895,"Capacete de seguranca aba frontal com suspensao de polietileno, sem jugular (classe b)","un",5.9999999999999995E-4,{"$f":"SUMIF(Insumos!B:B,D3206,Insumos!G:G)","v":6.33},0]
[null,null,null,2711,"Carrinho de mao de aco capacidade 50 a 60 l, pneu com camara","un",1E-4,{"$f":"SUMIF(Insumos!B:B,D3207,Insumos!G:G)","v":86.13},0.01]
[null,null,null,10492,"Cesta Básica","un",5.0000000000000001E-3,{"$f":"SUMIF(Insumos!B:B,D3208,Insumos!G:G)","v":86.13},0.43]
[null,null,null,941,"Fardamento","un",1.6999999999999999E-3,{"$f":"SUMIF(Insumos!B:B,D3209,Insumos!G:G)","v":53.6},0.09]
[null,null,null,10592,"Lima chata 1 1/2\"","un",1E-4,{"$f":"SUMIF(Insumos!B:B,D3210,Insumos!G:G)","v":6.73},0]
[null,null,null,12892,"Luva raspa de couro, cano curto (punho *7* cm)","par",2.5000000000000001E-3,{"$f":"SUMIF(Insumos!B:B,D3211,Insumos!G:G)","v":5.69},0.01]
[null,null,null,4729,"Marreta 1 kg com cabo","un",1E-4,{"$f":"SUMIF(Insumos!B:B,D3212,Insumos!G:G)","v":12.37},0]
[null,null,null,1651,"Óculos branco proteção","pr",8.9999999999999998E-4,{"$f":"SUMIF(Insumos!B:B,D3213,Insumos!G:G)","v":4.3099999999999996},0]
[null,null,null,10788,"Pá quadrada","un",1E-4,{"$f":"SUMIF(Insumos!B:B,D3214,Insumos!G:G)","v":13.54},0]
[null,null,null,10593,"Praio simples 30cm","un",1E-4,{"$f":"SUMIF(Insumos!B:B,D3215,Insumos!G:G)","v":35.76},0]
[null,null,null,10596,"Protetor auricular","un",5.0000000000000001E-3,{"$f":"SUMIF(Insumos!B:B,D3216,Insumos!G:G)","v":2.5099999999999998},0.01]
[null,null,null,10599,"Protetor solar fps 30 com 120ml","un",2E-3,{"$f":"SUMIF(Insumos!B:B,D3217,Insumos!G:G)","v":13.86},0.03]
[null,null,null,4728,"Talhadeira chata 10\"","un",2.0000000000000001E-4,{"$f":"SUMIF(Insumos!B:B,D3218,Insumos!G:G)","v":7.4},0]
[null,null,null,11256,"Tarracha para tubos PVC de 1 1/2\"","un",2.0000000000000001E-4,{"$f":"SUMIF(Insumos!B:B,D3219,Insumos!G:G)","v":32.340000000000003},0.01]
[null,null,null,11257,"Tarracha para tubos PVC de 1 1/4\"","un",2.0000000000000001E-4,{"$f":"SUMIF(Insumos!B:B,D3220,Insumos!G:G)","v":24.55},0]
[null,null,null,11255,"Tarracha para tubos PVC de 1\"","un",2.9999999999999997E-4,{"$f":"SUMIF(Insumos!B:B,D3221,Insumos!G:G)","v":17.190000000000001},0.01]
[null,null,null,11253,"Tarracha para tubos PVC de 1/2\"","un",5.9999999999999995E-4,{"$f":"SUMIF(Insumos!B:B,D3222,Insumos!G:G)","v":12.72},0.01]
[null,null,null,11254,"Tarracha para tubos PVC de 3/4\"","un",4.0000000000000002E-4,{"$f":"SUMIF(Insumos!B:B,D3223,Insumos!G:G)","v":14.72},0.01]
[null,null,null,2324,"Tubo pead flexivel corrugado perfurado d=8\" (Kananet ou similar)","m",1,{"$f":"SUMIF(Insumos!B:B,D3224,Insumos!G:G)","v":99.23},99.23]
[null,null,null,2378,"Vale transporte","un",8.9899999999999994E-2,{"$f":"SUMIF(Insumos!B:B,D3225,Insumos!G:G)","v":2.74},0.25]
[{"$nulls":7},"PARCIAL:",{"$f":"SUM(I3202:I3225)","v":101.02}]
[]
[{"$nulls":7},"VALOR UNITÁRIO TOTAL - R$",{"$f":"TRUNC(I3201+I3226+I3227,2)","v":110.04}]
[]
[]
[]
[null,"SERVIÇO","ORSE",11332,{"$f":"VLOOKUP(D3232,ORSE!$C:$F,2)","v":"MOTOBOMBA SUBMERSA, MARCA ABS OU SIMILAR, MODELO EJ 40 BVX, MOTOR 4 CV, TRIFÁ SICO"},null,null,null,{"$f":"VLOOKUP(D3232,ORSE!$C:$F,3)","v":"UN"},null,{"$f":"I3265","v":4369.24},{"$f":"VLOOKUP(D3232,ORSE!$C:$F,4)","v":5580.52}]
[]
[null,null,null,"COD.","DESCRIÇÃO","UN.","COEF.","PREÇO","TOTAL"]
[null,null,null,"MÃO DE OBRA"]
[null,null,null,2436,"ELETRICISTA","h",1.5681,{"$f":"SUMIF(Insumos!B:B,D3236,Insumos!G:G)","v":13.51},{"$f":"(G3236*H3236)","v":21.19}]
[null,null,null,6111,"SERVENTE DE OBRAS","h",1.5681,{"$f":"SUMIF(Insumos!B:B,D3237,Insumos!G:G)","v":11.11},{"$f":"(G3237*H3237)","v":17.420000000000002}]
[null,null,null,10517,"Exames admissionais/demissionais (checkup)","cj",2E-3,{"$f":"SUMIF(Insumos!B:B,D3238,Insumos!G:G)","v":255.26},{"$f":"(G3238*H3238)","v":0.51}]
[null,null,null,10761,"Refeição - café da manhã ( café com leite e dois pães com manteiga)","un",0.50900000000000001,{"$f":"SUMIF(Insumos!B:B,D3239,Insumos!G:G)","v":1.96},{"$f":"(G3239*H3239)","v":1}]
[null,null,null,10362,"Seguro de vida e acidente em grupo","un",2.24E-2,{"$f":"SUMIF(Insumos!B:B,D3240,Insumos!G:G)","v":4.42},{"$f":"(G3240*H3240)","v":0.1}]
[{"$nulls":7},"PARCIAL:",{"$f":"SUM(I3235:I3240)","v":40.22}]
[null,null,null,"MATERIAIS/ SERVIÇOS/ EQUIPAMENTOS"]
[null,null,null,11240,"Alicate com isolamento","un",5.0000000000000001E-4,{"$f":"SUMIF(Insumos!B:B,D3243,Insumos!G:G)","v":17.93},{"$f":"(G3243*H3243)","v":0.01}]
[null,null,null,11241,"Alicate volt-amperimetro","un",5.0000000000000001E-4,{"$f":"SUMIF(Insumos!B:B,D3244,Insumos!G:G)","v":84.65},{"$f":"(G3244*H3244)","v":0.04}]
[null,null,null,158,"Almoço (Participação do empregador)","un",0.50900000000000001,{"$f":"SUMIF(Insumos!B:B,D3245,Insumos!G:G)","v":7.83},{"$f":"(G3245*H3245)","v":3.99}]
[null,null,null,12893,"Bota de seguranca com biqueira de aco e colarinho acolchoado","par",3.8E-3,{"$f":"SUMIF(Insumos!B:B,D3246,Insumos!G:G)","v":30.36},{"$f":"(G3246*H3246)","v":0.12}]
[null,null,null,12894,"Capa para chuva em pvc com forro de poliester, com capuz (amarela ou azul)","un",1E-3,{"$f":"SUMIF(Insumos!B:B,D3247,Insumos!G:G)","v":8.2200000000000006},0.01]
[null,null,null,12895,"Capacete de seguranca aba frontal com suspensao de polietileno, sem jugular (classe b)","un",3.0000000000000001E-3,{"$f":"SUMIF(Insumos!B:B,D3248,Insumos!G:G)","v":6.33},0.02]
[null,null,null,2711,"Carrinho de mao de aco capacidade 50 a 60 l, pneu com camara","un",5.0000000000000001E-4,{"$f":"SUMIF(Insumos!B:B,D3249,Insumos!G:G)","v":86.13},0.04]
[null,null,null,10492,"Cesta Básica","un",2.24E-2,{"$f":"SUMIF(Insumos!B:B,D3250,Insumos!G:G)","v":86.13},1.93]
[null,null,null,10579,"Chave de fenda chata 30 cm","un",5.0000000000000001E-4,{"$f":"SUMIF(Insumos!B:B,D3251,Insumos!G:G)","v":12.1},0.01]
[null,null,null,11242,"Chave inglesa 12\"","un",2.0000000000000001E-4,{"$f":"SUMIF(Insumos!B:B,D3252,Insumos!G:G)","v":36.799999999999997},0.01]
[null,null,null,941,"Fardamento","un",7.6E-3,{"$f":"SUMIF(Insumos!B:B,D3253,Insumos!G:G)","v":53.6},0.41]
[null,null,null,12892,"Luva raspa de couro, cano curto (punho *7* cm)","par",1.1599999999999999E-2,{"$f":"SUMIF(Insumos!B:B,D3254,Insumos!G:G)","v":5.69},7.0000000000000007E-2]
[null,null,null,4729,"Marreta 1 kg com cabo","un",2.0000000000000001E-4,{"$f":"SUMIF(Insumos!B:B,D3255,Insumos!G:G)","v":12.37},0]
[null,null,null,12196,"Motobomba submersa, marca abs ou similar, modelo EJ 40 BVX, motor 4 cv, trifásico","un",1,{"$f":"SUMIF(Insumos!B:B,D3256,Insumos!G:G)","v":4321.05},4321.05]
[null,null,null,1651,"Óculos branco proteção","pr",4.0000000000000001E-3,{"$f":"SUMIF(Insumos!B:B,D3257,Insumos!G:G)","v":4.3099999999999996},0.02]
[null,null,null,10788,"Pá quadrada","un",5.0000000000000001E-4,{"$f":"SUMIF(Insumos!B:B,D3258,Insumos!G:G)","v":13.54},0.01]
[null,null,null,10596,"Protetor auricular","un",2.24E-2,{"$f":"SUMIF(Insumos!B:B,D3259,Insumos!G:G)","v":2.5099999999999998},0.06]
[null,null,null,10599,"Protetor solar fps 30 com 120ml","un",8.9999999999999993E-3,{"$f":"SUMIF(Insumos!B:B,D3260,Insumos!G:G)","v":13.86},0.12]
[null,null,null,4728,"Talhadeira chata 10\"","un",8.0000000000000004E-4,{"$f":"SUMIF(Insumos!B:B,D3261,Insumos!G:G)","v":7.4},0.01]
[null,null,null,2378,"Vale transporte","un",0.3987,{"$f":"SUMIF(Insumos!B:B,D3262,Insumos!G:G)","v":2.74},1.0900000000000001]
[{"$nulls":7},"PARCIAL:",{"$f":"SUM(I3242:I3262)","v":4329.0200000000004}]
[]
[{"$nulls":7},"VALOR UNITÁRIO TOTAL - R$",{"$f":"TRUNC(I3241+I3263+I3264,2)","v":4369.24}]
[]
[]
[]
[null,"SERVIÇO","ORSE",8754,{"$f":"VLOOKUP(D3269,ORSE!$C:$F,2)","v":"GRELHA METÁLICA EM FERRO FUNDIDO 35X35CM"},null,null,null,{"$f":"VLOOKUP(D3269,ORSE!$C:$F,3)","v":"UN"},null,{"$f":"I3309","v":41.99},{"$f":"VLOOKUP(D3269,ORSE!$C:$F,4)","v":53.64}]
[]
[null,null,null,"COD.","DESCRIÇÃO","UN.","COEF.","PREÇO","TOTAL"]
[null,null,null,"MÃO DE OBRA"]
[null,null,null,"88309","PEDREIRO COM ENCARGOS COMPLEMENTARES","h",9.4799999999999995E-2,{"$f":"SUMIF(Insumos!B:B,D3273,Insumos!G:G)","v":13.51},{"$f":"(G3273*H3273)","v":1.28}]
[null,null,null,6111,"SERVENTE DE OBRAS","h",9.4799999999999995E-2,{"$f":"SUMIF(Insumos!B:B,D3274,Insumos!G:G)","v":11.11},{"$f":"(G3274*H3274)","v":1.05}]
[null,null,null,10517,"Exames admissionais/demissionais (checkup)","cj",2.0000000000000001E-4,{"$f":"SUMIF(Insumos!B:B,D3275,Insumos!G:G)","v":255.26},{"$f":"(G3275*H3275)","v":0.05}]
[null,null,null,10761,"Refeição - café da manhã ( café com leite e dois pães com manteiga)","un",3.0599999999999999E-2,{"$f":"SUMIF(Insumos!B:B,D3276,Insumos!G:G)","v":1.96},{"$f":"(G3276*H3276)","v":0.06}]
[null,null,null,10362,"Seguro de vida e acidente em grupo","un",1.4E-3,{"$f":"SUMIF(Insumos!B:B,D3277,Insumos!G:G)","v":4.42},{"$f":"(G3277*H3277)","v":0.01}]
[{"$nulls":7},"PARCIAL:",{"$f":"SUM(I3272:I3277)","v":2.4500000000000002}]
[null,null,null,"MATERIAIS/ SERVIÇOS/ EQUIPAMENTOS"]
[null,null,null,158,"Almoço (Participação do empregador)","un",3.0599999999999999E-2,{"$f":"SUMIF(Insumos!B:B,D3280,Insumos!G:G)","v":7.83},{"$f":"(G3280*H3280)","v":0.24}]
[null,null,null,12893,"Bota de seguranca com biqueira de aco e colarinho acolchoado","par",2.0000000000000001E-4,{"$f":"SUMIF(Insumos!B:B,D3281,Insumos!G:G)","v":30.36},{"$f":"(G3281*H3281)","v":0.01}]
[null,null,null,12894,"Capa para chuva em pvc com forro de poliester, com capuz (amarela ou azul)","un",0,{"$f":"SUMIF(Insumos!B:B,D3282,Insumos!G:G)","v":8.2200000000000006},0]
[null,null,null,12895,"Capacete de seguranca aba frontal com suspensao de polietileno, sem jugular (classe b)","un",2.0000000000000001E-4,{"$f":"SUMIF(Insumos!B:B,D3283,Insumos!G:G)","v":6.33},0]
[null,null,null,2711,"Carrinho de mao de aco capacidade 50 a 60 l, pneu com camara","un",0,{"$f":"SUMIF(Insumos!B:B,D3284,Insumos!G:G)","v":86.13},0]
[null,null,null,10492,"Cesta Básica","un",1.4E-3,{"$f":"SUMIF(Insumos!B:B,D3285,Insumos!G:G)","v":86.13},0.12]
[null,null,null,4719,"Colher de pedreiro","un",1E-4,{"$f":"SUMIF(Insumos!B:B,D3286,Insumos!G:G)","v":8.9700000000000006},0]
[null,null,null,4174,"Desempenadeira de aço lisa, cabo madeira, ref:143, Atlas ou similar","un",1E-4,{"$f":"SUMIF(Insumos!B:B,D3287,Insumos!G:G)","v":6.4},0]
[null,null,null,11245,"Desempoladeira de madeira 12x22","un",1E-4,{"$f":"SUMIF(Insumos!B:B,D3288,Insumos!G:G)","v":9.1999999999999993},0]
[null,null,null,11246,"Escala métrica de bambú","Un",1E-4,{"$f":"SUMIF(Insumos!B:B,D3289,Insumos!G:G)","v":13.31},0]
[null,null,null,941,"Fardamento","un",4.0000000000000002E-4,{"$f":"SUMIF(Insumos!B:B,D3290,Insumos!G:G)","v":53.6},0.02]
[null,null,null,9008,"Grelha p/ralo quadrado em ferro fundido 35x35cm c/requadro p/pátio","un",1,{"$f":"SUMIF(Insumos!B:B,D3291,Insumos!G:G)","v":39.07},39.07]
[null,null,null,12892,"Luva raspa de couro, cano curto (punho *7* cm)","par",5.9999999999999995E-4,{"$f":"SUMIF(Insumos!B:B,D3292,Insumos!G:G)","v":5.69},0]
[null,null,null,4729,"Marreta 1 kg com cabo","un",0,{"$f":"SUMIF(Insumos!B:B,D3293,Insumos!G:G)","v":12.37},0]
[null,null,null,11264,"Marreta de 1/2 kg com cabo","un",0,{"$f":"SUMIF(Insumos!B:B,D3294,Insumos!G:G)","v":8.57},0]
[null,null,null,11265,"Martelo de borracha com cabo","un",1E-4,{"$f":"SUMIF(Insumos!B:B,D3295,Insumos!G:G)","v":11.67},0]
[null,null,null,11243,"Martelo sem unha","un",0,{"$f":"SUMIF(Insumos!B:B,D3296,Insumos!G:G)","v":12.76},0]
[null,null,null,10789,"Nível de bolha de madeira","un",0,{"$f":"SUMIF(Insumos!B:B,D3297,Insumos!G:G)","v":7.05},0]
[null,null,null,1651,"Óculos branco proteção","pr",2.0000000000000001E-4,{"$f":"SUMIF(Insumos!B:B,D3298,Insumos!G:G)","v":4.3099999999999996},0]
[null,null,null,10788,"Pá quadrada","un",0,{"$f":"SUMIF(Insumos!B:B,D3299,Insumos!G:G)","v":13.54},0]
[null,null,null,10596,"Protetor auricular","un",1.4E-3,{"$f":"SUMIF(Insumos!B:B,D3300,Insumos!G:G)","v":2.5099999999999998},0]
[null,null,null,10599,"Protetor solar fps 30 com 120ml","un",5.9999999999999995E-4,{"$f":"SUMIF(Insumos!B:B,D3301,Insumos!G:G)","v":13.86},0.01]
[null,null,null,10790,"Prumo de face","un",0,{"$f":"SUMIF(Insumos!B:B,D3302,Insumos!G:G)","v":13.35},0]
[null,null,null,10282,"Regua de alumínio c/ 2,00m (para pedreiro)","un",0,{"$f":"SUMIF(Insumos!B:B,D3303,Insumos!G:G)","v":13.08},0]
[null,null,null,11247,"Serra mármore","un",0,{"$f":"SUMIF(Insumos!B:B,D3304,Insumos!G:G)","v":213.74},0]
[null,null,null,4728,"Talhadeira chata 10\"","un",0,{"$f":"SUMIF(Insumos!B:B,D3305,Insumos!G:G)","v":7.4},0]
[null,null,null,2378,"Vale transporte","un",2.3900000000000001E-2,{"$f":"SUMIF(Insumos!B:B,D3306,Insumos!G:G)","v":2.74},7.0000000000000007E-2]
[{"$nulls":7},"PARCIAL:",{"$f":"SUM(I3279:I3306)","v":39.54}]
[]
[{"$nulls":7},"VALOR UNITÁRIO TOTAL - R$",{"$f":"TRUNC(I3278+I3307+I3308,2)","v":41.99}]
[]
[]
[]
[null,"SERVIÇO","ORSE",5144,{"$f":"VLOOKUP(D3313,ORSE!$C:$F,2)","v":"REMOÇÃO DE ADUTORA / REDE EM PVC DEFºFº DIAM. =  100 MM"},null,null,null,{"$f":"VLOOKUP(D3313,ORSE!$C:$F,3)","v":"M"},null,{"$f":"I3349","v":0.87},{"$f":"VLOOKUP(D3313,ORSE!$C:$F,4)","v":1.1200000000000001}]
[]
[null,null,null,"COD.","DESCRIÇÃO","UN.","COEF.","PREÇO","TOTAL"]
[null,null,null,"MÃO DE OBRA"]
[null,null,null,"88267","ENCANADOR OU BOMBEIRO HIDRÁULICO COM ENCARGOS COMPLEMENTARES","h",1.38E-2,{"$f":"SUMIF(Insumos!B:B,D3317,Insumos!G:G)","v":13.51},{"$f":"(G3317*H3317)","v":0.19}]
[null,null,null,6111,"SERVENTE DE OBRAS","h",4.4999999999999998E-2,{"$f":"SUMIF(Insumos!B:B,D3318,Insumos!G:G)","v":11.11},{"$f":"(G3318*H3318)","v":0.5}]
[null,null,null,10517,"Exames admissionais/demissionais (checkup)","cj",0,{"$f":"SUMIF(Insumos!B:B,D3319,Insumos!G:G)","v":255.26},{"$f":"(G3319*H3319)","v":0}]
[null,null,null,10761,"Refeição - café da manhã ( café com leite e dois pães com manteiga)","un",9.5999999999999992E-3,{"$f":"SUMIF(Insumos!B:B,D3320,Insumos!G:G)","v":1.96},{"$f":"(G3320*H3320)","v":0.02}]
[null,null,null,10362,"Seguro de vida e acidente em grupo","un",4.0000000000000002E-4,{"$f":"SUMIF(Insumos!B:B,D3321,Insumos!G:G)","v":4.42},{"$f":"(G3321*H3321)","v":0}]
[{"$nulls":7},"PARCIAL:",{"$f":"SUM(I3316:I3321)","v":0.71}]
[null,null,null,"MATERIAIS/ SERVIÇOS/ EQUIPAMENTOS"]
[null,null,null,2497,"Tirfor 1,6 t - 20m de cabo","h",3.1199999999999999E-2,{"$f":"SUMIF(Insumos!B:B,D3324,Insumos!G:G)","v":1.03},{"$f":"(G3324*H3324)","v":0.03}]
[null,null,null,158,"Almoço (Participação do empregador)","un",9.5999999999999992E-3,{"$f":"SUMIF(Insumos!B:B,D3325,Insumos!G:G)","v":7.83},{"$f":"(G3325*H3325)-0.01","v":7.0000000000000007E-2}]
[null,null,null,12893,"Bota de seguranca com biqueira de aco e colarinho acolchoado","par",0,{"$f":"SUMIF(Insumos!B:B,D3326,Insumos!G:G)","v":30.36},0]
[null,null,null,12894,"Capa para chuva em pvc com forro de poliester, com capuz (amarela ou azul)","un",0,{"$f":"SUMIF(Insumos!B:B,D3327,Insumos!G:G)","v":8.2200000000000006},0]
[null,null,null,12895,"Capacete de seguranca aba frontal com suspensao de polietileno, sem jugular (classe b)","un",0,{"$f":"SUMIF(Insumos!B:B,D3328,Insumos!G:G)","v":6.33},0]
[null,null,null,2711,"Carrinho de mao de aco capacidade 50 a 60 l, pneu com camara","un",0,{"$f":"SUMIF(Insumos!B:B,D3329,Insumos!G:G)","v":86.13},0]
[null,null,null,10492,"Cesta Básica","un",4.0000000000000002E-4,{"$f":"SUMIF(Insumos!B:B,D3330,Insumos!G:G)","v":86.13},{"$f":"(G3330*H3330)","v":0.03}]
[null,null,null,941,"Fardamento","un",1E-4,{"$f":"SUMIF(Insumos!B:B,D3331,Insumos!G:G)","v":53.6},0.01]
[null,null,null,10592,"Lima chata 1 1/2\"","un",0,{"$f":"SUMIF(Insumos!B:B,D3332,Insumos!G:G)","v":6.73},0]
[null,null,null,12892,"Luva raspa de couro, cano curto (punho *7* cm)","par",2.0000000000000001E-4,{"$f":"SUMIF(Insumos!B:B,D3333,Insumos!G:G)","v":5.69},0]
[null,null,null,4729,"Marreta 1 kg com cabo","un",0,{"$f":"SUMIF(Insumos!B:B,D3334,Insumos!G:G)","v":12.37},0]
[null,null,null,1651,"Óculos branco proteção","pr",0,{"$f":"SUMIF(Insumos!B:B,D3335,Insumos!G:G)","v":4.3099999999999996},0]
[null,null,null,10788,"Pá quadrada","un",0,{"$f":"SUMIF(Insumos!B:B,D3336,Insumos!G:G)","v":13.54},0]
[null,null,null,10593,"Praio simples 30cm","un",0,{"$f":"SUMIF(Insumos!B:B,D3337,Insumos!G:G)","v":35.76},0]
[null,null,null,10596,"Protetor auricular","un",4.0000000000000002E-4,{"$f":"SUMIF(Insumos!B:B,D3338,Insumos!G:G)","v":2.5099999999999998},0]
[null,null,null,10599,"Protetor solar fps 30 com 120ml","un",2.0000000000000001E-4,{"$f":"SUMIF(Insumos!B:B,D3339,Insumos!G:G)","v":13.86},0]
[null,null,null,4728,"Talhadeira chata 10\"","un",0,{"$f":"SUMIF(Insumos!B:B,D3340,Insumos!G:G)","v":7.4},0]
[null,null,null,11256,"Tarracha para tubos PVC de 1 1/2\"","un",0,{"$f":"SUMIF(Insumos!B:B,D3341,Insumos!G:G)","v":32.340000000000003},0]
[null,null,null,11257,"Tarracha para tubos PVC de 1 1/4\"","un",0,{"$f":"SUMIF(Insumos!B:B,D3342,Insumos!G:G)","v":24.55},0]
[null,null,null,11255,"Tarracha para tubos PVC de 1\"","un",0,{"$f":"SUMIF(Insumos!B:B,D3343,Insumos!G:G)","v":17.190000000000001},0]
[null,null,null,11253,"Tarracha para tubos PVC de 1/2\"","un",0,{"$f":"SUMIF(Insumos!B:B,D3344,Insumos!G:G)","v":12.72},0]
[null,null,null,11254,"Tarracha para tubos PVC de 3/4\"","un",0,{"$f":"SUMIF(Insumos!B:B,D3345,Insumos!G:G)","v":14.72},0]
[null,null,null,2378,"Vale transporte","un",7.9000000000000008E-3,{"$f":"SUMIF(Insumos!B:B,D3346,Insumos!G:G)","v":2.74},0.02]
[{"$nulls":7},"PARCIAL:",{"$f":"SUM(I3323:I3346)","v":0.16}]
[]
[{"$nulls":7},"VALOR UNITÁRIO TOTAL - R$",{"$f":"TRUNC(I3322+I3347+I3348,2)","v":0.87}]
[]
[]
[]
[null,"SERVIÇO","ORSE",5275,{"$f":"VLOOKUP(D3353,ORSE!$C:$F,2)","v":"ASSENTAMENTO DE CONEXÕES DE PVC DEFOFO, JUNTA ELÁSTICA, DIAM.=  100 MM"},null,null,null,{"$f":"VLOOKUP(D3353,ORSE!$C:$F,3)","v":"UN"},null,{"$f":"I3390","v":2.0299999999999998},{"$f":"VLOOKUP(D3353,ORSE!$C:$F,4)","v":2.6}]
[]
[null,null,null,"COD.","DESCRIÇÃO","UN.","COEF.","PREÇO","TOTAL"]
[null,null,null,"MÃO DE OBRA"]
[null,null,null,"88267","ENCANADOR OU BOMBEIRO HIDRÁULICO COM ENCARGOS COMPLEMENTARES","h",2.12E-2,{"$f":"SUMIF(Insumos!B:B,D3357,Insumos!G:G)","v":13.51},{"$f":"(G3357*H3357)","v":0.28999999999999998}]
[null,null,null,54,"ENCARREGADO DE TURMA - Fonte DNIT - Mês de ref.: 05/18","h",1.5699999999999999E-2,{"$f":"SUMIF(Insumos!B:B,D3358,Insumos!G:G)","v":20.81},0.33]
[null,null,null,6111,"SERVENTE DE OBRAS","h",6.8400000000000002E-2,{"$f":"SUMIF(Insumos!B:B,D3359,Insumos!G:G)","v":11.11},{"$f":"(G3359*H3359)","v":0.76}]
[null,null,null,10517,"Exames admissionais/demissionais (checkup)","cj",0,{"$f":"SUMIF(Insumos!B:B,D3360,Insumos!G:G)","v":255.26},0]
[null,null,null,10761,"Refeição - café da manhã ( café com leite e dois pães com manteiga)","un",1.44E-2,{"$f":"SUMIF(Insumos!B:B,D3361,Insumos!G:G)","v":1.96},0.03]
[null,null,null,10362,"Seguro de vida e acidente em grupo","un",5.9999999999999995E-4,{"$f":"SUMIF(Insumos!B:B,D3362,Insumos!G:G)","v":4.42},0]
[{"$nulls":7},"PARCIAL:",{"$f":"SUM(I3356:I3362)","v":1.41}]
[null,null,null,"MATERIAIS/ SERVIÇOS/ EQUIPAMENTOS"]
[null,null,null,158,"Almoço (Participação do empregador)","un",1.44E-2,{"$f":"SUMIF(Insumos!B:B,D3365,Insumos!G:G)","v":7.83},{"$f":"(G3365*H3365)","v":0.11}]
[null,null,null,12893,"Bota de seguranca com biqueira de aco e colarinho acolchoado","par",1E-4,{"$f":"SUMIF(Insumos!B:B,D3366,Insumos!G:G)","v":30.36},{"$f":"(G3366*H3366)","v":0}]
[null,null,null,12894,"Capa para chuva em pvc com forro de poliester, com capuz (amarela ou azul)","un",0,{"$f":"SUMIF(Insumos!B:B,D3367,Insumos!G:G)","v":8.2200000000000006},0]
[null,null,null,12895,"Capacete de seguranca aba frontal com suspensao de polietileno, sem jugular (classe b)","un",1E-4,{"$f":"SUMIF(Insumos!B:B,D3368,Insumos!G:G)","v":6.33},0]
[null,null,null,2711,"Carrinho de mao de aco capacidade 50 a 60 l, pneu com camara","un",0,{"$f":"SUMIF(Insumos!B:B,D3369,Insumos!G:G)","v":86.13},0]
[null,null,null,10492,"Cesta Básica","un",5.9999999999999995E-4,{"$f":"SUMIF(Insumos!B:B,D3370,Insumos!G:G)","v":86.13},0.05]
[null,null,null,941,"Fardamento","un",2.0000000000000001E-4,{"$f":"SUMIF(Insumos!B:B,D3371,Insumos!G:G)","v":53.6},0.01]
[null,null,null,4229,"Graxa lubrificante","kg",2.5000000000000001E-2,{"$f":"SUMIF(Insumos!B:B,D3372,Insumos!G:G)","v":16.899999999999999},0.42]
[null,null,null,10592,"Lima chata 1 1/2\"","un",0,{"$f":"SUMIF(Insumos!B:B,D3373,Insumos!G:G)","v":6.73},0]
[null,null,null,12892,"Luva raspa de couro, cano curto (punho *7* cm)","par",2.9999999999999997E-4,{"$f":"SUMIF(Insumos!B:B,D3374,Insumos!G:G)","v":5.69},0]
[null,null,null,4729,"Marreta 1 kg com cabo","un",0,{"$f":"SUMIF(Insumos!B:B,D3375,Insumos!G:G)","v":12.37},0]
[null,null,null,1651,"Óculos branco proteção","pr",1E-4,{"$f":"SUMIF(Insumos!B:B,D3376,Insumos!G:G)","v":4.3099999999999996},0]
[null,null,null,10788,"Pá quadrada","un",0,{"$f":"SUMIF(Insumos!B:B,D3377,Insumos!G:G)","v":13.54},0]
[null,null,null,10593,"Praio simples 30cm","un",0,{"$f":"SUMIF(Insumos!B:B,D3378,Insumos!G:G)","v":35.76},0]
[null,null,null,10596,"Protetor auricular","un",5.9999999999999995E-4,{"$f":"SUMIF(Insumos!B:B,D3379,Insumos!G:G)","v":2.5099999999999998},0]
[null,null,null,10599,"Protetor solar fps 30 com 120ml","un",2.9999999999999997E-4,{"$f":"SUMIF(Insumos!B:B,D3380,Insumos!G:G)","v":13.86},0]
[null,null,null,4728,"Talhadeira chata 10\"","un",0,{"$f":"SUMIF(Insumos!B:B,D3381,Insumos!G:G)","v":7.4},0]
[null,null,null,11256,"Tarracha para tubos PVC de 1 1/2\"","un",0,{"$f":"SUMIF(Insumos!B:B,D3382,Insumos!G:G)","v":32.340000000000003},0]
[null,null,null,11257,"Tarracha para tubos PVC de 1 1/4\"","un",0,{"$f":"SUMIF(Insumos!B:B,D3383,Insumos!G:G)","v":24.55},0]
[null,null,null,11255,"Tarracha para tubos PVC de 1\"","un",0,{"$f":"SUMIF(Insumos!B:B,D3384,Insumos!G:G)","v":17.190000000000001},0]
[null,null,null,11253,"Tarracha para tubos PVC de 1/2\"","un",1E-4,{"$f":"SUMIF(Insumos!B:B,D3385,Insumos!G:G)","v":12.72},0]
[null,null,null,11254,"Tarracha para tubos PVC de 3/4\"","un",0,{"$f":"SUMIF(Insumos!B:B,D3386,Insumos!G:G)","v":14.72},0]
[null,null,null,2378,"Vale transporte","un",1.2E-2,{"$f":"SUMIF(Insumos!B:B,D3387,Insumos!G:G)","v":2.74},0.03]
[{"$nulls":7},"PARCIAL:",{"$f":"SUM(I3364:I3387)","v":0.62}]
[]
[{"$nulls":7},"VALOR UNITÁRIO TOTAL - R$",{"$f":"TRUNC(I3363+I3388+I3389,2)","v":2.0299999999999998}]
[]
[]
[]
[null,"SERVIÇO","ORSE",131,{"$f":"VLOOKUP(D3394,ORSE!$C:$F,2)","v":"CONCRETO SIMPLES FCK= 35 MPA (B0) C/ADITIVO, FABRICADO NA OBRA, SEM LANÇAMENT O E ADENSAMENTO"},null,null,null,{"$f":"VLOOKUP(D3394,ORSE!$C:$F,3)","v":"M3"},null,{"$f":"I3425","v":386.58},{"$f":"VLOOKUP(D3394,ORSE!$C:$F,4)","v":493.77}]
[]
[null,null,null,"COD.","DESCRIÇÃO","UN.","COEF.","PREÇO","TOTAL"]
[null,null,null,"MÃO DE OBRA"]
[null,null,null,6111,"SERVENTE DE OBRAS","h",6.2552000000000003,{"$f":"SUMIF(Insumos!B:B,D3398,Insumos!G:G)","v":11.11},{"$f":"(G3398*H3398)","v":69.5}]
[null,null,null,10517,"Exames admissionais/demissionais (checkup)","cj",2E-3,{"$f":"SUMIF(Insumos!B:B,D3399,Insumos!G:G)","v":255.26},{"$f":"(G3399*H3399)","v":0.51}]
[null,null,null,10761,"Refeição - café da manhã ( café com leite e dois pães com manteiga)","un",0.50900000000000001,{"$f":"SUMIF(Insumos!B:B,D3400,Insumos!G:G)","v":1.96},{"$f":"(G3400*H3400)","v":1}]
[null,null,null,10362,"Seguro de vida e acidente em grupo","un",2.2499999999999999E-2,{"$f":"SUMIF(Insumos!B:B,D3401,Insumos!G:G)","v":4.42},{"$f":"(G3401*H3401)","v":0.1}]
[{"$nulls":7},"PARCIAL:",{"$f":"SUM(I3397:I3401)","v":71.11}]
[null,null,null,"MATERIAIS/ SERVIÇOS/ EQUIPAMENTOS"]
[null,null,null,127,"Aditivo impermeabilizante de pega ultrarrapida","l",9.8648000000000007,{"$f":"SUMIF(Insumos!B:B,D3404,Insumos!G:G)","v":8.99},{"$f":"(G3404*H3404)","v":88.68}]
[null,null,null,158,"Almoço (Participação do empregador)","un",0.50900000000000001,{"$f":"SUMIF(Insumos!B:B,D3405,Insumos!G:G)","v":7.83},3.99]
[null,null,null,367,"Areia grossa - posto jazida/fornecedor (retirado na jazida,sem transporte)","m3",0.73,{"$f":"SUMIF(Insumos!B:B,D3406,Insumos!G:G)","v":48.94},35.729999999999997]
[null,null,null,12893,"Bota de seguranca com biqueira de aco e colarinho acolchoado","par",4.0000000000000001E-3,{"$f":"SUMIF(Insumos!B:B,D3407,Insumos!G:G)","v":30.36},0.12]
[null,null,null,12894,"Capa para chuva em pvc com forro de poliester, com capuz (amarela ou azul)","un",1E-3,{"$f":"SUMIF(Insumos!B:B,D3408,Insumos!G:G)","v":8.2200000000000006},0.01]
[null,null,null,12895,"Capacete de seguranca aba frontal com suspensao de polietileno, sem jugular (classe b)","un",3.0000000000000001E-3,{"$f":"SUMIF(Insumos!B:B,D3409,Insumos!G:G)","v":6.33},0.02]
[null,null,null,2711,"Carrinho de mao de aco capacidade 50 a 60 l, pneu com camara","un",1E-3,{"$f":"SUMIF(Insumos!B:B,D3410,Insumos!G:G)","v":86.13},0.09]
[null,null,null,10492,"Cesta Básica","un",2.2499999999999999E-2,{"$f":"SUMIF(Insumos!B:B,D3411,Insumos!G:G)","v":86.13},1.94]
[null,null,null,1379,"Cimento portland composto cp ii-32","kg",450,{"$f":"SUMIF(Insumos!B:B,D3412,Insumos!G:G)","v":0.34},153]
[null,null,null,941,"Fardamento","un",7.4999999999999997E-3,{"$f":"SUMIF(Insumos!B:B,D3413,Insumos!G:G)","v":53.6},0.4]
[null,null,null,12892,"Luva raspa de couro, cano curto (punho *7* cm)","par",1.15E-2,{"$f":"SUMIF(Insumos!B:B,D3414,Insumos!G:G)","v":5.69},7.0000000000000007E-2]
[null,null,null,4729,"Marreta 1 kg com cabo","un",5.0000000000000001E-4,{"$f":"SUMIF(Insumos!B:B,D3415,Insumos!G:G)","v":12.37},0.01]
[null,null,null,1651,"Óculos branco proteção","pr",4.0000000000000001E-3,{"$f":"SUMIF(Insumos!B:B,D3416,Insumos!G:G)","v":4.3099999999999996},0.02]
[null,null,null,10788,"Pá quadrada","un",1E-3,{"$f":"SUMIF(Insumos!B:B,D3417,Insumos!G:G)","v":13.54},0.01]
[null,null,null,4720,"Pedra britada n. 0, ou pedrisco (4,8 a 9,5 mm) posto pedreira/fornecedor, sem frete","m3",0.54,{"$f":"SUMIF(Insumos!B:B,D3418,Insumos!G:G)","v":55.37},29.9]
[null,null,null,10596,"Protetor auricular","un",2.2499999999999999E-2,{"$f":"SUMIF(Insumos!B:B,D3419,Insumos!G:G)","v":2.5099999999999998},0.06]
[null,null,null,10599,"Protetor solar fps 30 com 120ml","un",8.9999999999999993E-3,{"$f":"SUMIF(Insumos!B:B,D3420,Insumos!G:G)","v":13.86},0.12]
[null,null,null,4728,"Talhadeira chata 10\"","un",1.5E-3,{"$f":"SUMIF(Insumos!B:B,D3421,Insumos!G:G)","v":7.4},0.01]
[null,null,null,2378,"Vale transporte","un",0.47049999999999997,{"$f":"SUMIF(Insumos!B:B,D3422,Insumos!G:G)","v":2.74},1.29]
[{"$nulls":7},"PARCIAL:",{"$f":"SUM(I3403:I3422)","v":315.47000000000003}]
[]
[{"$nulls":7},"VALOR UNITÁRIO TOTAL - R$",{"$f":"TRUNC(I3402+I3423+I3424,2)","v":386.58}]
[]
[]
[]
[null,"SERVIÇO","ORSE",11266,{"$f":"VLOOKUP(D3429,ORSE!$C:$F,2)","v":"ARMACAO ACO CA-50 DIAM.16,0 (5/8) À 25,0MM (1) - FORNECIMENTO/ CORTE(PERDA DE 10%) / DOBRA / COLOCAÇÃO."},null,null,null,{"$f":"VLOOKUP(D3429,ORSE!$C:$F,3)","v":"KG"},null,{"$f":"I3461","v":4.83},{"$f":"VLOOKUP(D3429,ORSE!$C:$F,4)","v":6.17}]
[]
[null,null,null,"COD.","DESCRIÇÃO","UN.","COEF.","PREÇO","TOTAL"]
[null,null,null,"MÃO DE OBRA"]
[null,null,null,"88245","ARMADOR COM ENCARGOS COMPLEMENTARES","h",4.5199999999999997E-2,{"$f":"SUMIF(Insumos!B:B,D3433,Insumos!G:G)","v":13.51},{"$f":"(G3433*H3433)","v":0.61}]
[null,null,null,6111,"SERVENTE DE OBRAS","h",4.5199999999999997E-2,{"$f":"SUMIF(Insumos!B:B,D3434,Insumos!G:G)","v":11.11},{"$f":"(G3434*H3434)","v":0.5}]
[null,null,null,10517,"Exames admissionais/demissionais (checkup)","cj",0,{"$f":"SUMIF(Insumos!B:B,D3435,Insumos!G:G)","v":255.26},{"$f":"(G3435*H3435)","v":0}]
[null,null,null,10761,"Refeição - café da manhã ( café com leite e dois pães com manteiga)","un",1.4200000000000001E-2,{"$f":"SUMIF(Insumos!B:B,D3436,Insumos!G:G)","v":1.96},{"$f":"(G3436*H3436)","v":0.03}]
[null,null,null,10362,"Seguro de vida e acidente em grupo","un",5.9999999999999995E-4,{"$f":"SUMIF(Insumos!B:B,D3437,Insumos!G:G)","v":4.42},{"$f":"(G3437*H3437)","v":0}]
[{"$nulls":7},"PARCIAL:",{"$f":"SUM(I3432:I3437)","v":1.1399999999999999}]
[null,null,null,"MATERIAIS/ SERVIÇOS/ EQUIPAMENTOS"]
[null,null,null,29,"Aco ca-50, 20,0 mm, vergalhao","kg",1.1000000000000001,{"$f":"SUMIF(Insumos!B:B,D3440,Insumos!G:G)","v":2.96},{"$f":"(G3440*H3440)","v":3.26}]
[null,null,null,158,"Almoço (Participação do empregador)","un",1.4200000000000001E-2,{"$f":"SUMIF(Insumos!B:B,D3441,Insumos!G:G)","v":7.83},0.11]
[null,null,null,337,"Arame recozido 18 bwg, 1,25 mm (0,01 kg/m)","kg",0.03,{"$f":"SUMIF(Insumos!B:B,D3442,Insumos!G:G)","v":7.37},0.22]
[null,null,null,10585,"Arco de serra","un",0,{"$f":"SUMIF(Insumos!B:B,D3443,Insumos!G:G)","v":15.27},0]
[null,null,null,12893,"Bota de seguranca com biqueira de aco e colarinho acolchoado","par",2.0000000000000001E-4,{"$f":"SUMIF(Insumos!B:B,D3444,Insumos!G:G)","v":30.36},0.01]
[null,null,null,12894,"Capa para chuva em pvc com forro de poliester, com capuz (amarela ou azul)","un",0,{"$f":"SUMIF(Insumos!B:B,D3445,Insumos!G:G)","v":8.2200000000000006},0]
[null,null,null,12895,"Capacete de seguranca aba frontal com suspensao de polietileno, sem jugular (classe b)","un",0,{"$f":"SUMIF(Insumos!B:B,D3446,Insumos!G:G)","v":6.33},0]
[null,null,null,2711,"Carrinho de mao de aco capacidade 50 a 60 l, pneu com camara","un",0,{"$f":"SUMIF(Insumos!B:B,D3447,Insumos!G:G)","v":86.13},0]
[null,null,null,10492,"Cesta Básica","un",5.9999999999999995E-4,{"$f":"SUMIF(Insumos!B:B,D3448,Insumos!G:G)","v":86.13},0.05]
[null,null,null,941,"Fardamento","un",2.0000000000000001E-4,{"$f":"SUMIF(Insumos!B:B,D3449,Insumos!G:G)","v":53.6},0.01]
[null,null,null,12892,"Luva raspa de couro, cano curto (punho *7* cm)","par",4.0000000000000002E-4,{"$f":"SUMIF(Insumos!B:B,D3450,Insumos!G:G)","v":5.69},0]
[null,null,null,4729,"Marreta 1 kg com cabo","un",0,{"$f":"SUMIF(Insumos!B:B,D3451,Insumos!G:G)","v":12.37},0]
[null,null,null,1651,"Óculos branco proteção","pr",2.0000000000000001E-4,{"$f":"SUMIF(Insumos!B:B,D3452,Insumos!G:G)","v":4.3099999999999996},0]
[null,null,null,10788,"Pá quadrada","un",0,{"$f":"SUMIF(Insumos!B:B,D3453,Insumos!G:G)","v":13.54},0]
[null,null,null,10596,"Protetor auricular","un",5.9999999999999995E-4,{"$f":"SUMIF(Insumos!B:B,D3454,Insumos!G:G)","v":2.5099999999999998},0]
[null,null,null,10599,"Protetor solar fps 30 com 120ml","un",2.0000000000000001E-4,{"$f":"SUMIF(Insumos!B:B,D3455,Insumos!G:G)","v":13.86},0]
[null,null,null,4728,"Talhadeira chata 10\"","un",0,{"$f":"SUMIF(Insumos!B:B,D3456,Insumos!G:G)","v":7.4},0]
[null,null,null,10586,"Torquesa","un",0,{"$f":"SUMIF(Insumos!B:B,D3457,Insumos!G:G)","v":20.58},0]
[null,null,null,2378,"Vale transporte","un",1.12E-2,{"$f":"SUMIF(Insumos!B:B,D3458,Insumos!G:G)","v":2.74},0.03]
[{"$nulls":7},"PARCIAL:",{"$f":"SUM(I3439:I3458)","v":3.69}]
[]
[{"$nulls":7},"VALOR UNITÁRIO TOTAL - R$",{"$f":"TRUNC(I3438+I3459+I3460,2)","v":4.83}]
[]
[]
[]
[null,"SERVIÇO","ORSE",6028,{"$f":"VLOOKUP(D3465,ORSE!$C:$F,2)","v":"LOGOTIPO DA CODEVASF EM ESTRUTURAS ELEVADAS"},null,null,null,{"$f":"VLOOKUP(D3465,ORSE!$C:$F,3)","v":"UN"},null,{"$f":"I3504","v":768.42},{"$f":"VLOOKUP(D3465,ORSE!$C:$F,4)","v":981.55}]
[]
[null,null,null,"COD.","DESCRIÇÃO","UN.","COEF.","PREÇO","TOTAL"]
[null,null,null,"MÃO DE OBRA"]
[null,null,null,54,"ENCARREGADO DE TURMA - Fonte DNIT - Mês de ref.: 05/18","h",7.0069999999999997,{"$f":"SUMIF(Insumos!B:B,D3469,Insumos!G:G)","v":20.81},{"$f":"(G3469*H3469)","v":145.82}]
[null,null,null,"88310","PINTOR COM ENCARGOS COMPLEMENTARES","h",20.126999999999999,{"$f":"SUMIF(Insumos!B:B,D3470,Insumos!G:G)","v":13.51},271.92]
[null,null,null,6111,"SERVENTE DE OBRAS","h",19.567,{"$f":"SUMIF(Insumos!B:B,D3471,Insumos!G:G)","v":11.11},{"$f":"(G3471*H3471)","v":217.39}]
[null,null,null,160,"Aluguel de andaime metálico tubular simples - aluguel diário por peça","pxd",2.1175999999999999,{"$f":"SUMIF(Insumos!B:B,D3472,Insumos!G:G)","v":0.13},0.28000000000000003]
[null,null,null,10517,"Exames admissionais/demissionais (checkup)","cj",1.9800000000000002E-2,{"$f":"SUMIF(Insumos!B:B,D3473,Insumos!G:G)","v":255.26},5.05]
[null,null,null,10761,"Refeição - café da manhã ( café com leite e dois pães com manteiga)","un",5.056,{"$f":"SUMIF(Insumos!B:B,D3474,Insumos!G:G)","v":1.96},9.91]
[null,null,null,10362,"Seguro de vida e acidente em grupo","un",0.2235,{"$f":"SUMIF(Insumos!B:B,D3475,Insumos!G:G)","v":4.42},0.99]
[{"$nulls":7},"PARCIAL:",{"$f":"SUM(I3468:I3475)","v":651.36}]
[null,null,null,"MATERIAIS/ SERVIÇOS/ EQUIPAMENTOS"]
[null,null,null,158,"Almoço (Participação do empregador)","un",5.0570000000000004,{"$f":"SUMIF(Insumos!B:B,D3478,Insumos!G:G)","v":7.83},{"$f":"(G3478*H3478)","v":39.6}]
[null,null,null,12893,"Bota de seguranca com biqueira de aco e colarinho acolchoado","par",3.9699999999999999E-2,{"$f":"SUMIF(Insumos!B:B,D3479,Insumos!G:G)","v":30.36},1.21]
[null,null,null,12894,"Capa para chuva em pvc com forro de poliester, com capuz (amarela ou azul)","un",9.9000000000000008E-3,{"$f":"SUMIF(Insumos!B:B,D3480,Insumos!G:G)","v":8.2200000000000006},0.08]
[null,null,null,12895,"Capacete de seguranca aba frontal com suspensao de polietileno, sem jugular (classe b)","un",2.98E-2,{"$f":"SUMIF(Insumos!B:B,D3481,Insumos!G:G)","v":6.33},0.19]
[null,null,null,2711,"Carrinho de mao de aco capacidade 50 a 60 l, pneu com camara","un",4.8999999999999998E-3,{"$f":"SUMIF(Insumos!B:B,D3482,Insumos!G:G)","v":86.13},0.42]
[null,null,null,10492,"Cesta Básica","un",0.2235,{"$f":"SUMIF(Insumos!B:B,D3483,Insumos!G:G)","v":86.13},19.25]
[null,null,null,4174,"Desempenadeira de aço lisa, cabo madeira, ref:143, Atlas ou similar","un",1.26E-2,{"$f":"SUMIF(Insumos!B:B,D3484,Insumos!G:G)","v":6.4},0.08]
[null,null,null,11252,"Escada de aluminio de abrir com 7 degraus","un",2.5000000000000001E-3,{"$f":"SUMIF(Insumos!B:B,D3485,Insumos!G:G)","v":109.07},0.27]
[null,null,null,4725,"Espátula","un",0.01,{"$f":"SUMIF(Insumos!B:B,D3486,Insumos!G:G)","v":11.9},0.12]
[null,null,null,941,"Fardamento","un",7.4499999999999997E-2,{"$f":"SUMIF(Insumos!B:B,D3487,Insumos!G:G)","v":53.6},3.99]
[null,null,null,1332,"Líquido selador acrílico","l",1.1200000000000001,{"$f":"SUMIF(Insumos!B:B,D3488,Insumos!G:G)","v":4.8499999999999996},5.43]
[null,null,null,3767,"Lixa em folha para parede ou madeira, numero 120 (cor vermelha)","un",2.8,{"$f":"SUMIF(Insumos!B:B,D3489,Insumos!G:G)","v":0.31},0.87]
[null,null,null,12892,"Luva raspa de couro, cano curto (punho *7* cm)","par",0.1143,{"$f":"SUMIF(Insumos!B:B,D3490,Insumos!G:G)","v":5.69},0.65]
[null,null,null,4729,"Marreta 1 kg com cabo","un",2.5000000000000001E-3,{"$f":"SUMIF(Insumos!B:B,D3491,Insumos!G:G)","v":12.37},0.03]
[null,null,null,1651,"Óculos branco proteção","pr",3.9699999999999999E-2,{"$f":"SUMIF(Insumos!B:B,D3492,Insumos!G:G)","v":4.3099999999999996},0.17]
[null,null,null,10788,"Pá quadrada","un",4.8999999999999998E-3,{"$f":"SUMIF(Insumos!B:B,D3493,Insumos!G:G)","v":13.54},7.0000000000000007E-2]
[null,null,null,11251,"Pincel de seda 2\"","un",0.113,{"$f":"SUMIF(Insumos!B:B,D3494,Insumos!G:G)","v":17.690000000000001},2]
[null,null,null,10596,"Protetor auricular","un",0.2235,{"$f":"SUMIF(Insumos!B:B,D3495,Insumos!G:G)","v":2.5099999999999998},0.56000000000000005]
[null,null,null,10599,"Protetor solar fps 30 com 120ml","un",8.9399999999999993E-2,{"$f":"SUMIF(Insumos!B:B,D3496,Insumos!G:G)","v":13.86},1.24]
[null,null,null,11250,"Rolo lã de carneiro 20cm","un",5.7799999999999997E-2,{"$f":"SUMIF(Insumos!B:B,D3497,Insumos!G:G)","v":18.260000000000002},1.06]
[null,null,null,4728,"Talhadeira chata 10\"","un",7.4000000000000003E-3,{"$f":"SUMIF(Insumos!B:B,D3498,Insumos!G:G)","v":7.4},0.05]
[null,null,null,7356,"Tinta acrilica premium, cor branco fosco","l",2.16,{"$f":"SUMIF(Insumos!B:B,D3499,Insumos!G:G)","v":13.15},28.4]
[null,null,null,10583,"Trincha 3\"","un",0.113,{"$f":"SUMIF(Insumos!B:B,D3500,Insumos!G:G)","v":4.38},0.49]
[null,null,null,2378,"Vale transporte","un",3.9542999999999999,{"$f":"SUMIF(Insumos!B:B,D3501,Insumos!G:G)","v":2.74},10.83]
[{"$nulls":7},"PARCIAL:",{"$f":"SUM(I3477:I3501)","v":117.06}]
[]
[{"$nulls":7},"VALOR UNITÁRIO TOTAL - R$",{"$f":"TRUNC(I3476+I3502+I3503,2)","v":768.42}]
[]
[]
[]
[null,"SERVIÇO","ORSE",9713,{"$f":"VLOOKUP(D3508,ORSE!$C:$F,2)","v":"ESCADA MARINHEIRO COM GUARDA CORPO, L=45CM, EXECUTADA EM BARRAS CHATA GALVANI ZADA 1 1/4\" X 5/16\", E GUARDA CORPO D=65CM EM BARRA CHATA GALV.D=1\"X1/8\", SEN DO DEGRAUS EM BARRA RED. D=5/8\", ESPAÇADOS DE 30CM, INCLUSIVE LIXAMENTO E PIN TURA, FORNEC E INST"},null,null,null,{"$f":"VLOOKUP(D3508,ORSE!$C:$F,3)","v":"M"},null,{"$f":"I3551","v":738.39},{"$f":"VLOOKUP(D3508,ORSE!$C:$F,4)","v":943.12}]
[]
[null,null,null,"COD.","DESCRIÇÃO","UN.","COEF.","PREÇO","TOTAL"]
[null,null,null,"MÃO DE OBRA"]
[null,null,null,"88309","PEDREIRO COM ENCARGOS COMPLEMENTARES","h",1.2723,{"$f":"SUMIF(Insumos!B:B,D3512,Insumos!G:G)","v":13.51},{"$f":"(G3512*H3512)","v":17.190000000000001}]
[null,null,null,6111,"SERVENTE DE OBRAS","h",1.3003,{"$f":"SUMIF(Insumos!B:B,D3513,Insumos!G:G)","v":11.11},{"$f":"(G3513*H3513)","v":14.45}]
[null,null,null,10517,"Exames admissionais/demissionais (checkup)","cj",1.6000000000000001E-3,{"$f":"SUMIF(Insumos!B:B,D3514,Insumos!G:G)","v":255.26},{"$f":"(G3514*H3514)","v":0.41}]
[null,null,null,10761,"Refeição - café da manhã ( café com leite e dois pães com manteiga)","un",0.41010000000000002,{"$f":"SUMIF(Insumos!B:B,D3515,Insumos!G:G)","v":1.96},{"$f":"(G3515*H3515)","v":0.8}]
[null,null,null,10362,"Seguro de vida e acidente em grupo","un",1.8100000000000002E-2,{"$f":"SUMIF(Insumos!B:B,D3516,Insumos!G:G)","v":4.42},{"$f":"(G3516*H3516)","v":0.08}]
[{"$nulls":7},"PARCIAL:",{"$f":"SUM(I3511:I3516)","v":32.93}]
[null,null,null,"MATERIAIS/ SERVIÇOS/ EQUIPAMENTOS"]
[null,null,null,158,"Almoço (Participação do empregador)","un",0.41010000000000002,{"$f":"SUMIF(Insumos!B:B,D3519,Insumos!G:G)","v":7.83},{"$f":"(G3519*H3519)","v":3.21}]
[null,null,null,370,"Areia media - posto jazida/fornecedor (retirado na jazida, sem transporte)","m3",7.6E-3,{"$f":"SUMIF(Insumos!B:B,D3520,Insumos!G:G)","v":39.15},0.3]
[null,null,null,12893,"Bota de seguranca com biqueira de aco e colarinho acolchoado","par",3.2000000000000002E-3,{"$f":"SUMIF(Insumos!B:B,D3521,Insumos!G:G)","v":30.36},0.1]
[null,null,null,12894,"Capa para chuva em pvc com forro de poliester, com capuz (amarela ou azul)","un",8.0000000000000004E-4,{"$f":"SUMIF(Insumos!B:B,D3522,Insumos!G:G)","v":8.2200000000000006},0.01]
[null,null,null,12895,"Capacete de seguranca aba frontal com suspensao de polietileno, sem jugular (classe b)","un",2.3999999999999998E-3,{"$f":"SUMIF(Insumos!B:B,D3523,Insumos!G:G)","v":6.33},0.02]
[null,null,null,2711,"Carrinho de mao de aco capacidade 50 a 60 l, pneu com camara","un",4.0000000000000002E-4,{"$f":"SUMIF(Insumos!B:B,D3524,Insumos!G:G)","v":86.13},0.03]
[null,null,null,10492,"Cesta Básica","un",1.8100000000000002E-2,{"$f":"SUMIF(Insumos!B:B,D3525,Insumos!G:G)","v":86.13},{"$f":"(G3525*H3525)","v":1.56}]
[null,null,null,3291,"Chumbador parabolt 1/4\" x 5\"","un",4,{"$f":"SUMIF(Insumos!B:B,D3526,Insumos!G:G)","v":7.48},29.92]
[null,null,null,1379,"Cimento portland composto cp ii-32","kg",3.1730999999999998,{"$f":"SUMIF(Insumos!B:B,D3527,Insumos!G:G)","v":0.34},1.08]
[null,null,null,4719,"Colher de pedreiro","un",8.0000000000000004E-4,{"$f":"SUMIF(Insumos!B:B,D3528,Insumos!G:G)","v":8.9700000000000006},0.01]
[null,null,null,4174,"Desempenadeira de aço lisa, cabo madeira, ref:143, Atlas ou similar","un",1E-3,{"$f":"SUMIF(Insumos!B:B,D3529,Insumos!G:G)","v":6.4},0.01]
[null,null,null,11245,"Desempoladeira de madeira 12x22","un",1.4E-3,{"$f":"SUMIF(Insumos!B:B,D3530,Insumos!G:G)","v":9.1999999999999993},0.01]
[null,null,null,10084,"Escada marinheiro com guarda gorpo, L=45cm, executada em barras chata galvanizada 1 1/4\" x 5/16\", e guarda corpo d=65cm em barra chata galv.d=1\"x1/8\", sendo degraus em barra red. d=5/8\", espaçados de 30cm, inclusive lixamento e pintura, conf.projeto","m",1,{"$f":"SUMIF(Insumos!B:B,D3531,Insumos!G:G)","v":667.7},667.7]
[null,null,null,11246,"Escala métrica de bambú","Un",1.4E-3,{"$f":"SUMIF(Insumos!B:B,D3532,Insumos!G:G)","v":13.31},0.02]
[null,null,null,941,"Fardamento","un",6.0000000000000001E-3,{"$f":"SUMIF(Insumos!B:B,D3533,Insumos!G:G)","v":53.6},0.32]
[null,null,null,12892,"Luva raspa de couro, cano curto (punho *7* cm)","par",9.2999999999999992E-3,{"$f":"SUMIF(Insumos!B:B,D3534,Insumos!G:G)","v":5.69},0.05]
[null,null,null,4729,"Marreta 1 kg com cabo","un",2.0000000000000001E-4,{"$f":"SUMIF(Insumos!B:B,D3535,Insumos!G:G)","v":12.37},0]
[null,null,null,11264,"Marreta de 1/2 kg com cabo","un",4.0000000000000002E-4,{"$f":"SUMIF(Insumos!B:B,D3536,Insumos!G:G)","v":8.57},0]
[null,null,null,11265,"Martelo de borracha com cabo","un",8.0000000000000004E-4,{"$f":"SUMIF(Insumos!B:B,D3537,Insumos!G:G)","v":11.67},0.01]
[null,null,null,11243,"Martelo sem unha","un",2.0000000000000001E-4,{"$f":"SUMIF(Insumos!B:B,D3538,Insumos!G:G)","v":12.76},0]
[null,null,null,10789,"Nível de bolha de madeira","un",4.0000000000000002E-4,{"$f":"SUMIF(Insumos!B:B,D3539,Insumos!G:G)","v":7.05},0]
[null,null,null,1651,"Óculos branco proteção","pr",3.2000000000000002E-3,{"$f":"SUMIF(Insumos!B:B,D3540,Insumos!G:G)","v":4.3099999999999996},0.01]
[null,null,null,10788,"Pá quadrada","un",4.0000000000000002E-4,{"$f":"SUMIF(Insumos!B:B,D3541,Insumos!G:G)","v":13.54},{"$f":"(G3541*H3541)","v":0.01}]
[null,null,null,10596,"Protetor auricular","un",1.8100000000000002E-2,{"$f":"SUMIF(Insumos!B:B,D3542,Insumos!G:G)","v":2.5099999999999998},0.05]
[null,null,null,10599,"Protetor solar fps 30 com 120ml","un",7.3000000000000001E-3,{"$f":"SUMIF(Insumos!B:B,D3543,Insumos!G:G)","v":13.86},0.1]
[null,null,null,10790,"Prumo de face","un",2.0000000000000001E-4,{"$f":"SUMIF(Insumos!B:B,D3544,Insumos!G:G)","v":13.35},0]
[null,null,null,10282,"Regua de alumínio c/ 2,00m (para pedreiro)","un",4.0000000000000002E-4,{"$f":"SUMIF(Insumos!B:B,D3545,Insumos!G:G)","v":13.08},0.01]
[null,null,null,11247,"Serra mármore","un",2.0000000000000001E-4,{"$f":"SUMIF(Insumos!B:B,D3546,Insumos!G:G)","v":213.74},0.04]
[null,null,null,4728,"Talhadeira chata 10\"","un",5.9999999999999995E-4,{"$f":"SUMIF(Insumos!B:B,D3547,Insumos!G:G)","v":7.4},0]
[null,null,null,2378,"Vale transporte","un",0.3216,{"$f":"SUMIF(Insumos!B:B,D3548,Insumos!G:G)","v":2.74},0.88]
[{"$nulls":7},"PARCIAL:",{"$f":"SUM(I3518:I3548)","v":705.46}]
[]
[{"$nulls":7},"VALOR UNITÁRIO TOTAL - R$",{"$f":"TRUNC(I3517+I3549+I3550,2)","v":738.39}]
[]
[]
[]
[null,"SERVIÇO","ORSE",5004,{"$f":"VLOOKUP(D3555,ORSE!$C:$F,2)","v":"IMPERMEABILIZAÇÃO SEMI-FLEXÍVEL COM SIKA TOP 107 BI-COMPONENTE, COR CINZA, 03 DEMÃOS CRUZADAS APLICADO À TRINCHA PARA APLICAÇÃO EM PAREDES ENTERRADAS, SUBS OLOS, CAIXAS D'AGUA, ÁREAS FRIAS E EM CONTATO COM ESGOTO"},null,null,null,{"$f":"VLOOKUP(D3555,ORSE!$C:$F,3)","v":"M2"},null,{"$f":"I3590","v":58.33},{"$f":"VLOOKUP(D3555,ORSE!$C:$F,4)","v":74.510000000000005}]
[]
[null,null,null,"COD.","DESCRIÇÃO","UN.","COEF.","PREÇO","TOTAL"]
[null,null,null,"MÃO DE OBRA"]
[null,null,null,"88310","PINTOR COM ENCARGOS COMPLEMENTARES","h",0.87239999999999995,{"$f":"SUMIF(Insumos!B:B,D3559,Insumos!G:G)","v":13.51},{"$f":"(G3559*H3559)","v":11.79}]
[null,null,null,6111,"SERVENTE DE OBRAS","h",0.27239999999999998,{"$f":"SUMIF(Insumos!B:B,D3560,Insumos!G:G)","v":11.11},{"$f":"(G3560*H3560)","v":3.03}]
[null,null,null,10517,"Exames admissionais/demissionais (checkup)","cj",6.9999999999999999E-4,{"$f":"SUMIF(Insumos!B:B,D3561,Insumos!G:G)","v":255.26},{"$f":"(G3561*H3561)","v":0.18}]
[null,null,null,10761,"Refeição - café da manhã ( café com leite e dois pães com manteiga)","un",0.18329999999999999,{"$f":"SUMIF(Insumos!B:B,D3562,Insumos!G:G)","v":1.96},{"$f":"(G3562*H3562)","v":0.36}]
[null,null,null,10362,"Seguro de vida e acidente em grupo","un",8.0999999999999996E-3,{"$f":"SUMIF(Insumos!B:B,D3563,Insumos!G:G)","v":4.42},{"$f":"(G3563*H3563)","v":0.04}]
[{"$nulls":7},"PARCIAL:",{"$f":"SUM(I3558:I3563)","v":15.4}]
[null,null,null,"MATERIAIS/ SERVIÇOS/ EQUIPAMENTOS"]
[null,null,null,158,"Almoço (Participação do empregador)","un",0.18329999999999999,{"$f":"SUMIF(Insumos!B:B,D3566,Insumos!G:G)","v":7.83},{"$f":"(G3566*H3566)","v":1.44}]
[null,null,null,12893,"Bota de seguranca com biqueira de aco e colarinho acolchoado","par",1.5E-3,{"$f":"SUMIF(Insumos!B:B,D3567,Insumos!G:G)","v":30.36},{"$f":"(G3567*H3567)","v":0.05}]
[null,null,null,12894,"Capa para chuva em pvc com forro de poliester, com capuz (amarela ou azul)","un",2.9999999999999997E-4,{"$f":"SUMIF(Insumos!B:B,D3568,Insumos!G:G)","v":8.2200000000000006},0]
[null,null,null,12895,"Capacete de seguranca aba frontal com suspensao de polietileno, sem jugular (classe b)","un",1.1000000000000001E-3,{"$f":"SUMIF(Insumos!B:B,D3569,Insumos!G:G)","v":6.33},0.01]
[null,null,null,2711,"Carrinho de mao de aco capacidade 50 a 60 l, pneu com camara","un",1E-4,{"$f":"SUMIF(Insumos!B:B,D3570,Insumos!G:G)","v":86.13},0.01]
[null,null,null,10492,"Cesta Básica","un",8.0999999999999996E-3,{"$f":"SUMIF(Insumos!B:B,D3571,Insumos!G:G)","v":86.13},0.7]
[null,null,null,4174,"Desempenadeira de aço lisa, cabo madeira, ref:143, Atlas ou similar","un",5.9999999999999995E-4,{"$f":"SUMIF(Insumos!B:B,D3572,Insumos!G:G)","v":6.4},0]
[null,null,null,11252,"Escada de aluminio de abrir com 7 degraus","un",1E-4,{"$f":"SUMIF(Insumos!B:B,D3573,Insumos!G:G)","v":109.07},0.01]
[null,null,null,4725,"Espátula","un",5.0000000000000001E-4,{"$f":"SUMIF(Insumos!B:B,D3574,Insumos!G:G)","v":11.9},0.01]
[null,null,null,941,"Fardamento","un",2.7000000000000001E-3,{"$f":"SUMIF(Insumos!B:B,D3575,Insumos!G:G)","v":53.6},0.14000000000000001]
[null,null,null,12892,"Luva raspa de couro, cano curto (punho *7* cm)","par",4.1999999999999997E-3,{"$f":"SUMIF(Insumos!B:B,D3576,Insumos!G:G)","v":5.69},0.02]
[null,null,null,4729,"Marreta 1 kg com cabo","un",1E-4,{"$f":"SUMIF(Insumos!B:B,D3577,Insumos!G:G)","v":12.37},0]
[null,null,null,1651,"Óculos branco proteção","pr",1.5E-3,{"$f":"SUMIF(Insumos!B:B,D3578,Insumos!G:G)","v":4.3099999999999996},0.01]
[null,null,null,10788,"Pá quadrada","un",1E-4,{"$f":"SUMIF(Insumos!B:B,D3579,Insumos!G:G)","v":13.54},0]
[null,null,null,11251,"Pincel de seda 2\"","un",5.4000000000000003E-3,{"$f":"SUMIF(Insumos!B:B,D3580,Insumos!G:G)","v":17.690000000000001},0.1]
[null,null,null,10596,"Protetor auricular","un",8.0999999999999996E-3,{"$f":"SUMIF(Insumos!B:B,D3581,Insumos!G:G)","v":2.5099999999999998},0.02]
[null,null,null,10599,"Protetor solar fps 30 com 120ml","un",3.3E-3,{"$f":"SUMIF(Insumos!B:B,D3582,Insumos!G:G)","v":13.86},0.05]
[null,null,null,11250,"Rolo lã de carneiro 20cm","un",2.8E-3,{"$f":"SUMIF(Insumos!B:B,D3583,Insumos!G:G)","v":18.260000000000002},0.05]
[null,null,null,4850,"SIKA TOP 107 - Revestimento Impermeabilizante Cor Cinza aplicado à Trincha - bi-componente, embalagem com (18+4)kg","lt",0.2,{"$f":"SUMIF(Insumos!B:B,D3584,Insumos!G:G)","v":199.58},39.92]
[null,null,null,4728,"Talhadeira chata 10\"","un",2.0000000000000001E-4,{"$f":"SUMIF(Insumos!B:B,D3585,Insumos!G:G)","v":7.4},0]
[null,null,null,10583,"Trincha 3\"","un",5.4000000000000003E-3,{"$f":"SUMIF(Insumos!B:B,D3586,Insumos!G:G)","v":4.38},0.02]
[null,null,null,2378,"Vale transporte","un",0.13500000000000001,{"$f":"SUMIF(Insumos!B:B,D3587,Insumos!G:G)","v":2.74},0.37]
[{"$nulls":7},"PARCIAL:",{"$f":"SUM(I3565:I3587)","v":42.93}]
[]
[{"$nulls":7},"VALOR UNITÁRIO TOTAL - R$",{"$f":"TRUNC(I3564+I3588+I3589,2)","v":58.33}]
[]
[]
[]
[null,"SERVIÇO","ORSE",2658,{"$f":"VLOOKUP(D3594,ORSE!$C:$F,2)","v":"LASTRO DE BRITA 3"},null,null,null,{"$f":"VLOOKUP(D3594,ORSE!$C:$F,3)","v":"M3"},null,{"$f":"I3622","v":81.03},{"$f":"VLOOKUP(D3594,ORSE!$C:$F,4)","v":103.49}]
[]
[null,null,null,"COD.","DESCRIÇÃO","UN.","COEF.","PREÇO","TOTAL"]
[null,null,null,"MÃO DE OBRA"]
[null,null,null,6111,"SERVENTE DE OBRAS","h",1.1494,{"$f":"SUMIF(Insumos!B:B,D3598,Insumos!G:G)","v":11.11},{"$f":"(G3598*H3598)","v":12.77}]
[null,null,null,10517,"Exames admissionais/demissionais (checkup)","cj",8.0000000000000004E-4,{"$f":"SUMIF(Insumos!B:B,D3599,Insumos!G:G)","v":255.26},{"$f":"(G3599*H3599)","v":0.2}]
[null,null,null,10761,"Refeição - café da manhã ( café com leite e dois pães com manteiga)","un",0.2036,{"$f":"SUMIF(Insumos!B:B,D3600,Insumos!G:G)","v":1.96},{"$f":"(G3600*H3600)","v":0.4}]
[null,null,null,10362,"Seguro de vida e acidente em grupo","un",8.9999999999999993E-3,{"$f":"SUMIF(Insumos!B:B,D3601,Insumos!G:G)","v":4.42},{"$f":"(G3601*H3601)","v":0.04}]
[{"$nulls":7},"PARCIAL:",{"$f":"SUM(I3597:I3601)","v":13.41}]
[null,null,null,"MATERIAIS/ SERVIÇOS/ EQUIPAMENTOS"]
[null,null,null,158,"Almoço (Participação do empregador)","un",0.2036,{"$f":"SUMIF(Insumos!B:B,D3604,Insumos!G:G)","v":7.83},{"$f":"(G3604*H3604)-0.01","v":1.58}]
[null,null,null,12893,"Bota de seguranca com biqueira de aco e colarinho acolchoado","par",1.6000000000000001E-3,{"$f":"SUMIF(Insumos!B:B,D3605,Insumos!G:G)","v":30.36},{"$f":"(G3605*H3605)","v":0.05}]
[null,null,null,12894,"Capa para chuva em pvc com forro de poliester, com capuz (amarela ou azul)","un",4.0000000000000002E-4,{"$f":"SUMIF(Insumos!B:B,D3606,Insumos!G:G)","v":8.2200000000000006},0]
[null,null,null,12895,"Capacete de seguranca aba frontal com suspensao de polietileno, sem jugular (classe b)","un",1.1999999999999999E-3,{"$f":"SUMIF(Insumos!B:B,D3607,Insumos!G:G)","v":6.33},0.01]
[null,null,null,2711,"Carrinho de mao de aco capacidade 50 a 60 l, pneu com camara","un",4.0000000000000002E-4,{"$f":"SUMIF(Insumos!B:B,D3608,Insumos!G:G)","v":86.13},0.03]
[null,null,null,10492,"Cesta Básica","un",8.9999999999999993E-3,{"$f":"SUMIF(Insumos!B:B,D3609,Insumos!G:G)","v":86.13},0.78]
[null,null,null,941,"Fardamento","un",3.0000000000000001E-3,{"$f":"SUMIF(Insumos!B:B,D3610,Insumos!G:G)","v":53.6},0.16]
[null,null,null,12892,"Luva raspa de couro, cano curto (punho *7* cm)","par",4.5999999999999999E-3,{"$f":"SUMIF(Insumos!B:B,D3611,Insumos!G:G)","v":5.69},0.03]
[null,null,null,4729,"Marreta 1 kg com cabo","un",2.0000000000000001E-4,{"$f":"SUMIF(Insumos!B:B,D3612,Insumos!G:G)","v":12.37},0]
[null,null,null,1651,"Óculos branco proteção","pr",1.6000000000000001E-3,{"$f":"SUMIF(Insumos!B:B,D3613,Insumos!G:G)","v":4.3099999999999996},0.01]
[null,null,null,10788,"Pá quadrada","un",4.0000000000000002E-4,{"$f":"SUMIF(Insumos!B:B,D3614,Insumos!G:G)","v":13.54},0.01]
[null,null,null,4722,"Pedra britada n. 3 (38 a 50 mm) posto pedreira/fornecedor, sem frete","m3",1.2,{"$f":"SUMIF(Insumos!B:B,D3615,Insumos!G:G)","v":53.64},64.37]
[null,null,null,10596,"Protetor auricular","un",8.9999999999999993E-3,{"$f":"SUMIF(Insumos!B:B,D3616,Insumos!G:G)","v":2.5099999999999998},0.02]
[null,null,null,10599,"Protetor solar fps 30 com 120ml","un",3.5999999999999999E-3,{"$f":"SUMIF(Insumos!B:B,D3617,Insumos!G:G)","v":13.86},0.05]
[null,null,null,4728,"Talhadeira chata 10\"","un",5.9999999999999995E-4,{"$f":"SUMIF(Insumos!B:B,D3618,Insumos!G:G)","v":7.4},0]
[null,null,null,2378,"Vale transporte","un",0.18820000000000001,{"$f":"SUMIF(Insumos!B:B,D3619,Insumos!G:G)","v":2.74},0.52]
[{"$nulls":7},"PARCIAL:",{"$f":"SUM(I3603:I3619)","v":67.62}]
[]
[{"$nulls":7},"VALOR UNITÁRIO TOTAL - R$",{"$f":"TRUNC(I3602+I3620+I3621,2)","v":81.03}]
[]
[]
[]
[null,"SERVIÇO","ORSE",2804,{"$f":"VLOOKUP(D3626,ORSE!$C:$F,2)","v":"CAIXA DE PASSAGEM EM ALVENARIA DE TIJOLOS MACIÇOS ESP. = 0,17M,  DIM. INT. =  1.00 X 1.00 X 1,00M"},null,null,null,{"$f":"VLOOKUP(D3626,ORSE!$C:$F,3)","v":"UN"},null,{"$f":"I3689","v":899.65},{"$f":"VLOOKUP(D3626,ORSE!$C:$F,4)","v":1150.03}]
[]
[null,null,null,"COD.","DESCRIÇÃO","UN.","COEF.","PREÇO","TOTAL"]
[null,null,null,"MÃO DE OBRA"]
[null,null,null,"88245","ARMADOR COM ENCARGOS COMPLEMENTARES","h",1.9253,{"$f":"SUMIF(Insumos!B:B,D3630,Insumos!G:G)","v":13.51},{"$f":"(G3630*H3630)","v":26.01}]
[null,null,null,"88262","CARPINTEIRO DE FORMAS COM ENCARGOS COMPLEMENTARES","h",1.9574,{"$f":"SUMIF(Insumos!B:B,D3631,Insumos!G:G)","v":13.51},26.44]
[null,null,null,"88309","PEDREIRO COM ENCARGOS COMPLEMENTARES","h",13.087899999999999,{"$f":"SUMIF(Insumos!B:B,D3632,Insumos!G:G)","v":13.51},176.82]
[null,null,null,6111,"SERVENTE DE OBRAS","h",8.5183,{"$f":"SUMIF(Insumos!B:B,D3633,Insumos!G:G)","v":11.11},94.64]
[null,null,null,10517,"Exames admissionais/demissionais (checkup)","cj",1.4500000000000001E-2,{"$f":"SUMIF(Insumos!B:B,D3634,Insumos!G:G)","v":255.26},3.7]
[null,null,null,10761,"Refeição - café da manhã ( café com leite e dois pães com manteiga)","un",3.6840000000000002,{"$f":"SUMIF(Insumos!B:B,D3635,Insumos!G:G)-0.0135722041259501","v":1.9463999999999999},7.17]
[null,null,null,10362,"Seguro de vida e acidente em grupo","un",0.16289999999999999,{"$f":"SUMIF(Insumos!B:B,D3636,Insumos!G:G)","v":4.42},0.72]
[{"$nulls":7},"PARCIAL:",{"$f":"SUM(I3629:I3636)","v":335.5}]
[null,null,null,"MATERIAIS/ SERVIÇOS/ EQUIPAMENTOS"]
[null,null,null,11248,"Furadeira e Parafusadeira eletrica Bosch ou Similar profissional","un",2.0000000000000001E-4,{"$f":"SUMIF(Insumos!B:B,D3639,Insumos!G:G)","v":235.13},{"$f":"(G3639*H3639)","v":0.05}]
[null,null,null,11249,"Serra circular eletrica portatil","un",2.0000000000000001E-4,{"$f":"SUMIF(Insumos!B:B,D3640,Insumos!G:G)","v":532.35},{"$f":"(G3640*H3640)","v":0.11}]
[null,null,null,81,"Aço ca-50 6,3 a 12,5 mm","kg",22.8,{"$f":"SUMIF(Insumos!B:B,D3641,Insumos!G:G)","v":3.34},{"$f":"(G3641*H3641)","v":76.150000000000006}]
[null,null,null,158,"Almoço (Participação do empregador)","un",3.6840000000000002,{"$f":"SUMIF(Insumos!B:B,D3642,Insumos!G:G)","v":7.83},{"$f":"(G3642*H3642)","v":28.85}]
[null,null,null,337,"Arame recozido 18 bwg, 1,25 mm (0,01 kg/m)","kg",0.45600000000000002,{"$f":"SUMIF(Insumos!B:B,D3643,Insumos!G:G)","v":7.37},{"$f":"(G3643*H3643)","v":3.36}]
[null,null,null,10585,"Arco de serra","un",4.0000000000000002E-4,{"$f":"SUMIF(Insumos!B:B,D3644,Insumos!G:G)","v":15.27},0.01]
[null,null,null,367,"Areia grossa - posto jazida/fornecedor (retirado na jazida,sem transporte)","m3",1.3172999999999999,{"$f":"SUMIF(Insumos!B:B,D3645,Insumos!G:G)","v":48.94},64.47]
[null,null,null,370,"Areia media - posto jazida/fornecedor (retirado na jazida, sem transporte)","m3",2.5399999999999999E-2,{"$f":"SUMIF(Insumos!B:B,D3646,Insumos!G:G)","v":39.15},0.99]
[null,null,null,12893,"Bota de seguranca com biqueira de aco e colarinho acolchoado","par",2.8899999999999999E-2,{"$f":"SUMIF(Insumos!B:B,D3647,Insumos!G:G)","v":30.36},0.88]
[null,null,null,1106,"Cal hidratada ch-i para argamassas","kg",120.04049999999999,{"$f":"SUMIF(Insumos!B:B,D3648,Insumos!G:G)","v":0.63},75.63]
[null,null,null,12894,"Capa para chuva em pvc com forro de poliester, com capuz (amarela ou azul)","un",7.3000000000000001E-3,{"$f":"SUMIF(Insumos!B:B,D3649,Insumos!G:G)","v":8.2200000000000006},0.06]
[null,null,null,12895,"Capacete de seguranca aba frontal com suspensao de polietileno, sem jugular (classe b)","un",2.18E-2,{"$f":"SUMIF(Insumos!B:B,D3650,Insumos!G:G)","v":6.33},0.14000000000000001]
[null,null,null,2711,"Carrinho de mao de aco capacidade 50 a 60 l, pneu com camara","un",2.8E-3,{"$f":"SUMIF(Insumos!B:B,D3651,Insumos!G:G)","v":86.13},0.24]
[null,null,null,10492,"Cesta Básica","un",0.16289999999999999,{"$f":"SUMIF(Insumos!B:B,D3652,Insumos!G:G)","v":86.13},14.03]
[null,null,null,10579,"Chave de fenda chata 30 cm","un",4.0000000000000002E-4,{"$f":"SUMIF(Insumos!B:B,D3653,Insumos!G:G)","v":12.1},0]
[null,null,null,1379,"Cimento portland composto cp ii-32","kg",291.05770000000001,{"$f":"SUMIF(Insumos!B:B,D3654,Insumos!G:G)","v":0.34},98.96]
[null,null,null,4719,"Colher de pedreiro","un",7.4000000000000003E-3,{"$f":"SUMIF(Insumos!B:B,D3655,Insumos!G:G)","v":8.9700000000000006},7.0000000000000007E-2]
[null,null,null,4174,"Desempenadeira de aço lisa, cabo madeira, ref:143, Atlas ou similar","un",9.1999999999999998E-3,{"$f":"SUMIF(Insumos!B:B,D3656,Insumos!G:G)","v":6.4},0.06]
[null,null,null,11245,"Desempoladeira de madeira 12x22","un",1.29E-2,{"$f":"SUMIF(Insumos!B:B,D3657,Insumos!G:G)","v":9.1999999999999993},0.12]
[null,null,null,2692,"Desmoldante protetor para formas de madeira, de base oleosaemulsionada em agua","l",2.0299999999999999E-2,{"$f":"SUMIF(Insumos!B:B,D3658,Insumos!G:G)","v":4.76},0.1]
[null,null,null,11246,"Escala métrica de bambú","Un",1.29E-2,{"$f":"SUMIF(Insumos!B:B,D3659,Insumos!G:G)","v":13.31},0.17]
[null,null,null,941,"Fardamento","un",5.3999999999999999E-2,{"$f":"SUMIF(Insumos!B:B,D3660,Insumos!G:G)","v":53.6},2.89]
[null,null,null,10578,"Formão grande","un",4.0000000000000002E-4,{"$f":"SUMIF(Insumos!B:B,D3661,Insumos!G:G)","v":11.86},0]
[null,null,null,12892,"Luva raspa de couro, cano curto (punho *7* cm)","par",8.3299999999999999E-2,{"$f":"SUMIF(Insumos!B:B,D3662,Insumos!G:G)","v":5.69},0.47]
[null,null,null,1569,"Madeira mista serrada (barrote) 6 x 6cm - 0,0036 m3/m (angelim, louro)","m",0.54,{"$f":"SUMIF(Insumos!B:B,D3663,Insumos!G:G)","v":4.5999999999999996},2.48]
[null,null,null,4729,"Marreta 1 kg com cabo","un",1.4E-3,{"$f":"SUMIF(Insumos!B:B,D3664,Insumos!G:G)","v":12.37},0.02]
[null,null,null,11264,"Marreta de 1/2 kg com cabo","un",3.7000000000000002E-3,{"$f":"SUMIF(Insumos!B:B,D3665,Insumos!G:G)","v":8.57},0.03]
[null,null,null,11244,"Martelo com unha","un",4.0000000000000002E-4,{"$f":"SUMIF(Insumos!B:B,D3666,Insumos!G:G)","v":22.05},0.01]
[null,null,null,11265,"Martelo de borracha com cabo","un",7.4000000000000003E-3,{"$f":"SUMIF(Insumos!B:B,D3667,Insumos!G:G)","v":11.67},0.09]
[null,null,null,11243,"Martelo sem unha","un",1.8E-3,{"$f":"SUMIF(Insumos!B:B,D3668,Insumos!G:G)","v":12.76},0.02]
[null,null,null,10789,"Nível de bolha de madeira","un",3.7000000000000002E-3,{"$f":"SUMIF(Insumos!B:B,D3669,Insumos!G:G)","v":7.05},0.03]
[null,null,null,1651,"Óculos branco proteção","pr",2.8899999999999999E-2,{"$f":"SUMIF(Insumos!B:B,D3670,Insumos!G:G)","v":4.3099999999999996},0.12]
[null,null,null,10788,"Pá quadrada","un",2.8E-3,{"$f":"SUMIF(Insumos!B:B,D3671,Insumos!G:G)","v":13.54},0.04]
[null,null,null,4721,"Pedra britada n. 1 (9,5 a 19 mm) posto pedreira/fornecedor,sem frete","m3",0.1172,{"$f":"SUMIF(Insumos!B:B,D3672,Insumos!G:G)","v":53.64},6.29]
[null,null,null,4718,"Pedra britada n. 2 (19 a 38 mm) posto pedreira/fornecedor, sem frete","m3",0.35170000000000001,{"$f":"SUMIF(Insumos!B:B,D3673,Insumos!G:G)","v":43.36},15.25]
[null,null,null,5067,"Prego de aco polido com cabeca 16 x 24 (2 1/4 x 12)","kg",0.40500000000000003,{"$f":"SUMIF(Insumos!B:B,D3674,Insumos!G:G)","v":8.49},3.44]
[null,null,null,10596,"Protetor auricular","un",0.16289999999999999,{"$f":"SUMIF(Insumos!B:B,D3675,Insumos!G:G)","v":2.5099999999999998},0.41]
[null,null,null,10599,"Protetor solar fps 30 com 120ml","un",6.5199999999999994E-2,{"$f":"SUMIF(Insumos!B:B,D3676,Insumos!G:G)","v":13.86},0.9]
[null,null,null,10790,"Prumo de face","un",1.8E-3,{"$f":"SUMIF(Insumos!B:B,D3677,Insumos!G:G)","v":13.35},0.02]
[null,null,null,10282,"Regua de alumínio c/ 2,00m (para pedreiro)","un",3.7000000000000002E-3,{"$f":"SUMIF(Insumos!B:B,D3678,Insumos!G:G)","v":13.08},0.05]
[null,null,null,11247,"Serra mármore","un",1.8E-3,{"$f":"SUMIF(Insumos!B:B,D3679,Insumos!G:G)","v":213.74},0.38]
[null,null,null,10577,"Serrote 40cm","un",2.0000000000000001E-4,{"$f":"SUMIF(Insumos!B:B,D3680,Insumos!G:G)","v":23.33},0]
[null,null,null,4509,"Tabua de madeira nao aparelhada *2,5 x 10 cm (1 x 4 \") pinus, mista ou equivalente da regiao","m",0.32400000000000001,{"$f":"SUMIF(Insumos!B:B,D3681,Insumos!G:G)","v":5.25},1.7]
[null,null,null,6189,"Tabua de madeira nao aparelhada *2,5 x 30* cm, cedrinho ou equivalente da regiao","m",0.98550000000000004,{"$f":"SUMIF(Insumos!B:B,D3682,Insumos!G:G)","v":12.54},12.36]
[null,null,null,4728,"Talhadeira chata 10\"","un",4.0000000000000001E-3,{"$f":"SUMIF(Insumos!B:B,D3683,Insumos!G:G)","v":7.4},0.03]
[null,null,null,2212,"Tijolo maciço 4 x 9 x 17cm","un",763.58330000000001,{"$f":"SUMIF(Insumos!B:B,D3684,Insumos!G:G)","v":0.19},145.08000000000001]
[null,null,null,10586,"Torquesa","un",4.0000000000000002E-4,{"$f":"SUMIF(Insumos!B:B,D3685,Insumos!G:G)","v":20.58},0.01]
[null,null,null,2378,"Vale transporte","un",2.7656999999999998,{"$f":"SUMIF(Insumos!B:B,D3686,Insumos!G:G)","v":2.74},7.58]
[{"$nulls":7},"PARCIAL:",{"$f":"SUM(I3638:I3686)","v":564.15}]
[]
[{"$nulls":7},"VALOR UNITÁRIO TOTAL - R$",{"$f":"TRUNC(I3637+I3687+I3688,2)","v":899.65}]
[]
[]
[]
[null,"SERVIÇO","ORSE",10308,{"$f":"VLOOKUP(D3693,ORSE!$C:$F,2)","v":"LIMPEZA DE RESERVATÓRIO"},null,null,null,{"$f":"VLOOKUP(D3693,ORSE!$C:$F,3)","v":"M3"},null,{"$f":"I3705","v":9.7799999999999994},{"$f":"VLOOKUP(D3693,ORSE!$C:$F,4)","v":12.5}]
[]
[null,null,null,"COD.","DESCRIÇÃO","UN.","COEF.","PREÇO","TOTAL"]
[null,null,null,"MÃO DE OBRA"]
[{"$nulls":7},{"$f":"SUMIF(Insumos!B:B,D3697,Insumos!G:G)","v":0},{"$f":"(G3697*H3697)","v":0}]
[{"$nulls":7},{"$f":"SUMIF(Insumos!B:B,D3698,Insumos!G:G)","v":0},{"$f":"(G3698*H3698)","v":0}]
[{"$nulls":7},"PARCIAL:",{"$f":"SUM(I3696:I3698)","v":0}]
[null,null,null,"MATERIAIS/ SERVIÇOS/ EQUIPAMENTOS"]
[null,null,null,11088,"Limpeza de reservatório","m3",1,{"$f":"SUMIF(Insumos!B:B,D3701,Insumos!G:G)","v":9.7799999999999994},{"$f":"(G3701*H3701)","v":9.7799999999999994}]
[{"$nulls":7},{"$f":"SUMIF(Insumos!B:B,D3702,Insumos!G:G)","v":0},{"$f":"(G3702*H3702)","v":0}]
[{"$nulls":7},"PARCIAL:",{"$f":"SUM(I3700:I3702)","v":9.7799999999999994}]
[]
[{"$nulls":7},"VALOR UNITÁRIO TOTAL - R$",{"$f":"TRUNC(I3699+I3703+I3704,2)","v":9.7799999999999994}]
[]
[]
[]
[null,"SERVIÇO","ORSE",818,{"$f":"VLOOKUP(D3709,ORSE!$C:$F,2)","v":"BÓIA ELÉTRICA PARA RESERVATÓRIO SUPERIOR, MARCA AQUAMATIC OU SIMILAR, CAPACID ADE 30 A - FORNECIMENTO E INSTALAÇÃO"},null,null,null,{"$f":"VLOOKUP(D3709,ORSE!$C:$F,3)","v":"UN"},null,{"$f":"I3747","v":162.75},{"$f":"VLOOKUP(D3709,ORSE!$C:$F,4)","v":208.32}]
[]
[null,null,null,"COD.","DESCRIÇÃO","UN.","COEF.","PREÇO","TOTAL"]
[null,null,null,"MÃO DE OBRA"]
[null,null,null,2436,"ELETRICISTA","h",1.8787,{"$f":"SUMIF(Insumos!B:B,D3713,Insumos!G:G)","v":13.51},{"$f":"(G3713*H3713)","v":25.38}]
[null,null,null,6111,"SERVENTE DE OBRAS","h",1.8787,{"$f":"SUMIF(Insumos!B:B,D3714,Insumos!G:G)","v":11.11},{"$f":"(G3714*H3714)","v":20.87}]
[null,null,null,10517,"Exames admissionais/demissionais (checkup)","cj",2.3999999999999998E-3,{"$f":"SUMIF(Insumos!B:B,D3715,Insumos!G:G)","v":255.26},{"$f":"(G3715*H3715)","v":0.61}]
[null,null,null,10761,"Refeição - café da manhã ( café com leite e dois pães com manteiga)","un",0.61080000000000001,{"$f":"SUMIF(Insumos!B:B,D3716,Insumos!G:G)","v":1.96},{"$f":"(G3716*H3716)","v":1.2}]
[null,null,null,10362,"Seguro de vida e acidente em grupo","un",2.7E-2,{"$f":"SUMIF(Insumos!B:B,D3717,Insumos!G:G)","v":4.42},{"$f":"(G3717*H3717)","v":0.12}]
[{"$nulls":7},"PARCIAL:",{"$f":"SUM(I3712:I3717)","v":48.18}]
[null,null,null,"MATERIAIS/ SERVIÇOS/ EQUIPAMENTOS"]
[null,null,null,392,"Abracadeira em aco para amarracao de eletrodutos, tipo d, com 1/2\" e parafuso de fixacao","un",6,{"$f":"SUMIF(Insumos!B:B,D3720,Insumos!G:G)","v":0.49},{"$f":"(G3720*H3720)","v":2.94}]
[null,null,null,11240,"Alicate com isolamento","un",5.9999999999999995E-4,{"$f":"SUMIF(Insumos!B:B,D3721,Insumos!G:G)","v":17.93},0.01]
[null,null,null,11241,"Alicate volt-amperimetro","un",5.9999999999999995E-4,{"$f":"SUMIF(Insumos!B:B,D3722,Insumos!G:G)","v":84.65},0.05]
[null,null,null,158,"Almoço (Participação do empregador)","un",0.61080000000000001,{"$f":"SUMIF(Insumos!B:B,D3723,Insumos!G:G)","v":7.83},4.78]
[null,null,null,7588,"Automatico de boia superior / inferior, *15* a / 250 v","un",1,{"$f":"SUMIF(Insumos!B:B,D3724,Insumos!G:G)","v":30.5},30.5]
[null,null,null,12893,"Bota de seguranca com biqueira de aco e colarinho acolchoado","par",4.4999999999999997E-3,{"$f":"SUMIF(Insumos!B:B,D3725,Insumos!G:G)","v":30.36},0.14000000000000001]
[null,null,null,12894,"Capa para chuva em pvc com forro de poliester, com capuz (amarela ou azul)","un",1.1999999999999999E-3,{"$f":"SUMIF(Insumos!B:B,D3726,Insumos!G:G)","v":8.2200000000000006},0.01]
[null,null,null,12895,"Capacete de seguranca aba frontal com suspensao de polietileno, sem jugular (classe b)","un",3.5999999999999999E-3,{"$f":"SUMIF(Insumos!B:B,D3727,Insumos!G:G)","v":6.33},0.02]
[null,null,null,2711,"Carrinho de mao de aco capacidade 50 a 60 l, pneu com camara","un",5.9999999999999995E-4,{"$f":"SUMIF(Insumos!B:B,D3728,Insumos!G:G)","v":86.13},0.05]
[null,null,null,10492,"Cesta Básica","un",2.7E-2,{"$f":"SUMIF(Insumos!B:B,D3729,Insumos!G:G)","v":86.13},2.33]
[null,null,null,10579,"Chave de fenda chata 30 cm","un",5.9999999999999995E-4,{"$f":"SUMIF(Insumos!B:B,D3730,Insumos!G:G)","v":12.1},0.01]
[null,null,null,11242,"Chave inglesa 12\"","un",2.9999999999999997E-4,{"$f":"SUMIF(Insumos!B:B,D3731,Insumos!G:G)","v":36.799999999999997},0.01]
[null,null,null,11891,"Cordao de cobre, flexivel, torcido, classe 4 ou 5, isolacaoem pvc/d, 300 v, 2 condutores de 2,5 mm2","m",20,{"$f":"SUMIF(Insumos!B:B,D3732,Insumos!G:G)","v":1.73},34.6]
[null,null,null,1870,"Curva 90 graus, longa, de pvc rigido roscavel, de 1/2\", para eletroduto","un",3,{"$f":"SUMIF(Insumos!B:B,D3733,Insumos!G:G)","v":1.1399999999999999},3.42]
[null,null,null,2673,"Eletroduto de pvc rigido roscavel de 1/2 \", sem luva","m",15,{"$f":"SUMIF(Insumos!B:B,D3734,Insumos!G:G)","v":1.79},26.85]
[null,null,null,941,"Fardamento","un",8.9999999999999993E-3,{"$f":"SUMIF(Insumos!B:B,D3735,Insumos!G:G)","v":53.6},0.48]
[null,null,null,12892,"Luva raspa de couro, cano curto (punho *7* cm)","par",1.38E-2,{"$f":"SUMIF(Insumos!B:B,D3736,Insumos!G:G)","v":5.69},0.08]
[null,null,null,4729,"Marreta 1 kg com cabo","un",2.9999999999999997E-4,{"$f":"SUMIF(Insumos!B:B,D3737,Insumos!G:G)","v":12.37},0]
[null,null,null,1651,"Óculos branco proteção","pr",4.7999999999999996E-3,{"$f":"SUMIF(Insumos!B:B,D3738,Insumos!G:G)","v":4.3099999999999996},0.02]
[null,null,null,10788,"Pá quadrada","un",5.9999999999999995E-4,{"$f":"SUMIF(Insumos!B:B,D3739,Insumos!G:G)","v":13.54},0.01]
[null,null,null,1689,"Parafuso de fixação com bucha plástica 8 mm","cj",12,{"$f":"SUMIF(Insumos!B:B,D3740,Insumos!G:G)","v":0.56000000000000005},6.72]
[null,null,null,10596,"Protetor auricular","un",2.7E-2,{"$f":"SUMIF(Insumos!B:B,D3741,Insumos!G:G)","v":2.5099999999999998},7.0000000000000007E-2]
[null,null,null,10599,"Protetor solar fps 30 com 120ml","un",1.0800000000000001E-2,{"$f":"SUMIF(Insumos!B:B,D3742,Insumos!G:G)","v":13.86},0.15]
[null,null,null,4728,"Talhadeira chata 10\"","un",8.9999999999999998E-4,{"$f":"SUMIF(Insumos!B:B,D3743,Insumos!G:G)","v":7.4},0.01]
[null,null,null,2378,"Vale transporte","un",0.47849999999999998,{"$f":"SUMIF(Insumos!B:B,D3744,Insumos!G:G)","v":2.74},1.31]
[{"$nulls":7},"PARCIAL:",{"$f":"SUM(I3719:I3744)","v":114.57}]
[]
[{"$nulls":7},"VALOR UNITÁRIO TOTAL - R$",{"$f":"TRUNC(I3718+I3745+I3746,2)","v":162.75}]
[]
[]
[]
[null,"SERVIÇO","ORSE",4117,{"$f":"VLOOKUP(D3751,ORSE!$C:$F,2)","v":"TAMPA DE INSPEÇÃO EM CHAPA METÁLICA DE 3/8\", INCLUSIVE TRATAMENTO E PINTURA E M ESMALTE OU ÓLEO"},null,null,null,{"$f":"VLOOKUP(D3751,ORSE!$C:$F,3)","v":"M2"},null,{"$f":"I3809","v":365.19},{"$f":"VLOOKUP(D3751,ORSE!$C:$F,4)","v":466.42}]
[]
[null,null,null,"COD.","DESCRIÇÃO","UN.","COEF.","PREÇO","TOTAL"]
[null,null,null,"MÃO DE OBRA"]
[null,null,null,"88310","PINTOR COM ENCARGOS COMPLEMENTARES","h",1.054,{"$f":"SUMIF(Insumos!B:B,D3755,Insumos!G:G)","v":13.51},{"$f":"(G3755*H3755)","v":14.24}]
[null,null,null,6111,"SERVENTE DE OBRAS","h",1.254,{"$f":"SUMIF(Insumos!B:B,D3756,Insumos!G:G)","v":11.11},13.93]
[null,null,null,"88317","SOLDADOR (COM ENCARGOS INCLUSOS)","h",1,{"$f":"SUMIF(Insumos!B:B,D3757,Insumos!G:G)","v":13.51},13.51]
[null,null,null,10517,"Exames admissionais/demissionais (checkup)","cj",2.0999999999999999E-3,{"$f":"SUMIF(Insumos!B:B,D3758,Insumos!G:G)","v":255.26},0.54]
[null,null,null,10761,"Refeição - café da manhã ( café com leite e dois pães com manteiga)","un",0.52929999999999999,{"$f":"SUMIF(Insumos!B:B,D3759,Insumos!G:G)-0.264500283393161","v":1.6955},0.9]
[null,null,null,10362,"Seguro de vida e acidente em grupo","un",2.3400000000000001E-2,{"$f":"SUMIF(Insumos!B:B,D3760,Insumos!G:G)","v":4.42},0.1]
[{"$nulls":7},{"$f":"SUMIF(Insumos!B:B,D3761,Insumos!G:G)","v":0},0]
[{"$nulls":7},"PARCIAL:",{"$f":"SUM(I3754:I3761)","v":43.22}]
[null,null,null,"MATERIAIS/ SERVIÇOS/ EQUIPAMENTOS"]
[null,null,null,11272,"Alicate Climpador ( cripador )","un",1E-4,{"$f":"SUMIF(Insumos!B:B,D3764,Insumos!G:G)","v":52.34},{"$f":"(G3764*H3764)","v":0.01}]
[null,null,null,11275,"Alicate de pressão 11\"","un",2.0000000000000001E-4,{"$f":"SUMIF(Insumos!B:B,D3765,Insumos!G:G)","v":12.36},{"$f":"(G3765*H3765)","v":0}]
[null,null,null,11277,"Alicate de pressão para solda de chapa 18\" (460mm), Ref.138 Z Gedore","un",2.0000000000000001E-4,{"$f":"SUMIF(Insumos!B:B,D3766,Insumos!G:G)","v":56.29},{"$f":"(G3766*H3766)","v":0.01}]
[null,null,null,11276,"Alicate de pressão para solda tipo U, para apertar chapas, tiras e qualquer tipo de perfil. Niquelado, mordentes reforçados em aço laminadao. Corpo em chapa dobrada extra-reforçada e rebites de aço, 11\" (280mm). Ref. 138 Gedore.","un",2.0000000000000001E-4,{"$f":"SUMIF(Insumos!B:B,D3767,Insumos!G:G)","v":34.85},{"$f":"(G3767*H3767)","v":0.01}]
[null,null,null,11278,"Alicate diagonal para corte rente 5\" a 8\"","un",2.0000000000000001E-4,{"$f":"SUMIF(Insumos!B:B,D3768,Insumos!G:G)","v":19.18},{"$f":"(G3768*H3768)","v":0}]
[null,null,null,11279,"Alicate para anéis de pistão capacidade 50-100mm. ref.44044101 Tramontina ou similar","un",2.0000000000000001E-4,{"$f":"SUMIF(Insumos!B:B,D3769,Insumos!G:G)","v":45.26},0.01]
[null,null,null,158,"Almoço (Participação do empregador)","un",0.52929999999999999,{"$f":"SUMIF(Insumos!B:B,D3770,Insumos!G:G)","v":7.83},4.1399999999999997]
[null,null,null,11281,"Bolsa de lona para ferramentas 40 x 30 x 20cm","un",8.0000000000000004E-4,{"$f":"SUMIF(Insumos!B:B,D3771,Insumos!G:G)","v":93.89},0.08]
[null,null,null,12893,"Bota de seguranca com biqueira de aco e colarinho acolchoado","par",4.1000000000000003E-3,{"$f":"SUMIF(Insumos!B:B,D3772,Insumos!G:G)","v":30.36},0.12]
[null,null,null,12894,"Capa para chuva em pvc com forro de poliester, com capuz (amarela ou azul)","un",1.1000000000000001E-3,{"$f":"SUMIF(Insumos!B:B,D3773,Insumos!G:G)","v":8.2200000000000006},0.01]
[null,null,null,12895,"Capacete de seguranca aba frontal com suspensao de polietileno, sem jugular (classe b)","un",3.0999999999999999E-3,{"$f":"SUMIF(Insumos!B:B,D3774,Insumos!G:G)","v":6.33},0.02]
[null,null,null,2711,"Carrinho de mao de aco capacidade 50 a 60 l, pneu com camara","un",5.0000000000000001E-4,{"$f":"SUMIF(Insumos!B:B,D3775,Insumos!G:G)","v":86.13},0.04]
[null,null,null,11284,"Cavalete de ferro nº 1","un",2.0000000000000001E-4,{"$f":"SUMIF(Insumos!B:B,D3776,Insumos!G:G)","v":53.2},0.01]
[null,null,null,10492,"Cesta Básica","un",2.3400000000000001E-2,{"$f":"SUMIF(Insumos!B:B,D3777,Insumos!G:G)","v":86.13},2.02]
[null,null,null,3226,"Chapa aço grossa preta 3/8\"(9,53mm) 74,48 kg/m2","m2",1,{"$f":"SUMIF(Insumos!B:B,D3778,Insumos!G:G)","v":300.33999999999997},300.33999999999997]
[null,null,null,11280,"Chave Inglesa 15\" ref. 012418012 carbografite","un",2.0000000000000001E-4,{"$f":"SUMIF(Insumos!B:B,D3779,Insumos!G:G)","v":101.43},0.02]
[null,null,null,4174,"Desempenadeira de aço lisa, cabo madeira, ref:143, Atlas ou similar","un",1E-3,{"$f":"SUMIF(Insumos!B:B,D3780,Insumos!G:G)","v":6.4},0.01]
[null,null,null,11252,"Escada de aluminio de abrir com 7 degraus","un",2.0000000000000001E-4,{"$f":"SUMIF(Insumos!B:B,D3781,Insumos!G:G)","v":109.07},0.02]
[null,null,null,11282,"Esmerilhadeira angular elétrico portátil 4 1/2\" - 1000 watts - ref. G1000kB2 Black e Decker","un",2.0000000000000001E-4,{"$f":"SUMIF(Insumos!B:B,D3782,Insumos!G:G)","v":291.60000000000002},0.06]
[null,null,null,4725,"Espátula","un",8.0000000000000004E-4,{"$f":"SUMIF(Insumos!B:B,D3783,Insumos!G:G)","v":11.9},0.01]
[null,null,null,11273,"Esquadro de alumínio para soldagem de peças, com duas morsas, 35 x 35 x 4,5cm, marca Black Jack","un",2.0000000000000001E-4,{"$f":"SUMIF(Insumos!B:B,D3784,Insumos!G:G)","v":117},0.02]
[null,null,null,941,"Fardamento","un",7.7999999999999996E-3,{"$f":"SUMIF(Insumos!B:B,D3785,Insumos!G:G)","v":53.6},0.42]
[null,null,null,11285,"Fonte inversora de solda WMI 140ED 220V - BAMBOZZI - WMI- 140ED","un",1E-4,{"$f":"SUMIF(Insumos!B:B,D3786,Insumos!G:G)","v":2172.64},0.22]
[null,null,null,11274,"Grampo de de aperto rápido 16\" Ref. 60987 Beltools","un",2.9999999999999997E-4,{"$f":"SUMIF(Insumos!B:B,D3787,Insumos!G:G)","v":10.26},0]
[null,null,null,3768,"Lixa em folha para ferro, numero 150","un",0.6,{"$f":"SUMIF(Insumos!B:B,D3788,Insumos!G:G)","v":1.43},0.86]
[null,null,null,3767,"Lixa em folha para parede ou madeira, numero 120 (cor vermelha)","un",0.5,{"$f":"SUMIF(Insumos!B:B,D3789,Insumos!G:G)","v":0.31},0.16]
[null,null,null,12892,"Luva raspa de couro, cano curto (punho *7* cm)","par",1.1900000000000001E-2,{"$f":"SUMIF(Insumos!B:B,D3790,Insumos!G:G)","v":5.69},7.0000000000000007E-2]
[null,null,null,11286,"Macariço de solda Ref. CG201 código 010414410 carbografite","un",2.9999999999999997E-4,{"$f":"SUMIF(Insumos!B:B,D3791,Insumos!G:G)","v":216.94},7.0000000000000007E-2]
[null,null,null,4729,"Marreta 1 kg com cabo","un",2.0000000000000001E-4,{"$f":"SUMIF(Insumos!B:B,D3792,Insumos!G:G)","v":12.37},0]
[null,null,null,11270,"Martelo de solda do tipo picareta, cabo de madeira, 300x0,4x0,5mm","un",2.9999999999999997E-4,{"$f":"SUMIF(Insumos!B:B,D3793,Insumos!G:G)","v":19.02},0.01]
[null,null,null,1651,"Óculos branco proteção","pr",4.1000000000000003E-3,{"$f":"SUMIF(Insumos!B:B,D3794,Insumos!G:G)","v":4.3099999999999996},0.02]
[null,null,null,10788,"Pá quadrada","un",5.0000000000000001E-4,{"$f":"SUMIF(Insumos!B:B,D3795,Insumos!G:G)","v":13.54},0.01]
[null,null,null,11251,"Pincel de seda 2\"","un",8.9999999999999993E-3,{"$f":"SUMIF(Insumos!B:B,D3796,Insumos!G:G)","v":17.690000000000001},0.16]
[null,null,null,10596,"Protetor auricular","un",2.3400000000000001E-2,{"$f":"SUMIF(Insumos!B:B,D3797,Insumos!G:G)","v":2.5099999999999998},0.06]
[null,null,null,10599,"Protetor solar fps 30 com 120ml","un",9.2999999999999992E-3,{"$f":"SUMIF(Insumos!B:B,D3798,Insumos!G:G)","v":13.86},0.13]
[null,null,null,11250,"Rolo lã de carneiro 20cm","un",4.5999999999999999E-3,{"$f":"SUMIF(Insumos!B:B,D3799,Insumos!G:G)","v":18.260000000000002},0.08]
[null,null,null,11283,"Selador horizontal para fita de aço 1\"","un",1E-4,{"$f":"SUMIF(Insumos!B:B,D3800,Insumos!G:G)","v":386.16},{"$f":"(G3800*H3800)","v":0.04}]
[null,null,null,4728,"Talhadeira chata 10\"","un",5.9999999999999995E-4,{"$f":"SUMIF(Insumos!B:B,D3801,Insumos!G:G)","v":7.4},0]
[null,null,null,11271,"Talhadeira com punho de proteção 22 x225mm ref.207206BR Belzer","un",1E-4,{"$f":"SUMIF(Insumos!B:B,D3802,Insumos!G:G)","v":45.06},0]
[null,null,null,2226,"Tinta esmalte sintético (coralit ou similar)","l",0.36,{"$f":"SUMIF(Insumos!B:B,D3803,Insumos!G:G)","v":18.98},6.83]
[null,null,null,10583,"Trincha 3\"","un",8.9999999999999993E-3,{"$f":"SUMIF(Insumos!B:B,D3804,Insumos!G:G)","v":4.38},0.04]
[null,null,null,2378,"Vale transporte","un",0.4032,{"$f":"SUMIF(Insumos!B:B,D3805,Insumos!G:G)","v":2.74},1.1000000000000001]
[null,null,null,2443,"Zarcão anticorrosivo","l",0.2,{"$f":"SUMIF(Insumos!B:B,D3806,Insumos!G:G)","v":23.63},4.7300000000000004]
[{"$nulls":7},"PARCIAL:",{"$f":"SUM(I3763:I3806)","v":321.97000000000003}]
[]
[{"$nulls":7},"VALOR UNITÁRIO TOTAL - R$",{"$f":"TRUNC(I3762+I3807+I3808,2)","v":365.19}]
[]
[]
[]
[null,"SERVIÇO","ORSE",11887,{"$f":"VLOOKUP(D3813,ORSE!$C:$F,2)","v":"GUARDA CORPO E CORRIMÃO EM TUBO FERRO GALVANIZADO, ALT=1,10M, COM BARRAS VERT ICAIS  A CADA 11CM (3/4\") E BARRAS HORIZONTAIS (SUPERIOR, INTERMEDIÁRIAS (DUA S) E INFERIOR) DE 1.1/2\", INCLUSIVE CURVA DE AÇO"},null,null,null,{"$f":"VLOOKUP(D3813,ORSE!$C:$F,3)","v":"M"},null,{"$f":"I3857","v":194.05},{"$f":"VLOOKUP(D3813,ORSE!$C:$F,4)","v":247.88}]
[]
[null,null,null,"COD.","DESCRIÇÃO","UN.","COEF.","PREÇO","TOTAL"]
[null,null,null,"MÃO DE OBRA"]
[null,null,null,"88309","PEDREIRO COM ENCARGOS COMPLEMENTARES","h",0.67589999999999995,{"$f":"SUMIF(Insumos!B:B,D3817,Insumos!G:G)","v":13.51},{"$f":"(G3817*H3817)","v":9.1300000000000008}]
[null,null,null,6111,"SERVENTE DE OBRAS","h",0.56589999999999996,{"$f":"SUMIF(Insumos!B:B,D3818,Insumos!G:G)","v":11.11},{"$f":"(G3818*H3818)","v":6.29}]
[null,null,null,10517,"Exames admissionais/demissionais (checkup)","cj",6.9999999999999999E-4,{"$f":"SUMIF(Insumos!B:B,D3819,Insumos!G:G)","v":255.26},{"$f":"(G3819*H3819)","v":0.18}]
[null,null,null,10761,"Refeição - café da manhã ( café com leite e dois pães com manteiga)","un",0.19239999999999999,{"$f":"SUMIF(Insumos!B:B,D3820,Insumos!G:G)","v":1.96},{"$f":"(G3820*H3820)","v":0.38}]
[null,null,null,10362,"Seguro de vida e acidente em grupo","un",8.5000000000000006E-3,{"$f":"SUMIF(Insumos!B:B,D3821,Insumos!G:G)","v":4.42},{"$f":"(G3821*H3821)","v":0.04}]
[{"$nulls":7},"PARCIAL:",{"$f":"SUM(I3816:I3821)","v":16.02}]
[null,null,null,"MATERIAIS/ SERVIÇOS/ EQUIPAMENTOS"]
[null,null,null,158,"Almoço (Participação do empregador)","un",0.19239999999999999,{"$f":"SUMIF(Insumos!B:B,D3824,Insumos!G:G)","v":7.83},{"$f":"(G3824*H3824)","v":1.51}]
[null,null,null,367,"Areia grossa - posto jazida/fornecedor (retirado na jazida,sem transporte)","m3",1.37E-2,{"$f":"SUMIF(Insumos!B:B,D3825,Insumos!G:G)","v":48.94},{"$f":"(G3825*H3825)","v":0.67}]
[null,null,null,12893,"Bota de seguranca com biqueira de aco e colarinho acolchoado","par",1.5E-3,{"$f":"SUMIF(Insumos!B:B,D3826,Insumos!G:G)","v":30.36},{"$f":"(G3826*H3826)","v":0.05}]
[null,null,null,12894,"Capa para chuva em pvc com forro de poliester, com capuz (amarela ou azul)","un",4.0000000000000002E-4,{"$f":"SUMIF(Insumos!B:B,D3827,Insumos!G:G)","v":8.2200000000000006},{"$f":"(G3827*H3827)","v":0}]
[null,null,null,12895,"Capacete de seguranca aba frontal com suspensao de polietileno, sem jugular (classe b)","un",1.1999999999999999E-3,{"$f":"SUMIF(Insumos!B:B,D3828,Insumos!G:G)","v":6.33},{"$f":"(G3828*H3828)","v":0.01}]
[null,null,null,2711,"Carrinho de mao de aco capacidade 50 a 60 l, pneu com camara","un",2.0000000000000001E-4,{"$f":"SUMIF(Insumos!B:B,D3829,Insumos!G:G)","v":86.13},{"$f":"(G3829*H3829)","v":0.02}]
[null,null,null,10492,"Cesta Básica","un",8.5000000000000006E-3,{"$f":"SUMIF(Insumos!B:B,D3830,Insumos!G:G)","v":86.13},0.73]
[null,null,null,1379,"Cimento portland composto cp ii-32","kg",4.4038000000000004,{"$f":"SUMIF(Insumos!B:B,D3831,Insumos!G:G)","v":0.34},1.5]
[null,null,null,4719,"Colher de pedreiro","un",4.0000000000000002E-4,{"$f":"SUMIF(Insumos!B:B,D3832,Insumos!G:G)","v":8.9700000000000006},0]
[null,null,null,4174,"Desempenadeira de aço lisa, cabo madeira, ref:143, Atlas ou similar","un",5.0000000000000001E-4,{"$f":"SUMIF(Insumos!B:B,D3833,Insumos!G:G)","v":6.4},0]
[null,null,null,11245,"Desempoladeira de madeira 12x22","un",6.9999999999999999E-4,{"$f":"SUMIF(Insumos!B:B,D3834,Insumos!G:G)","v":9.1999999999999993},0.01]
[null,null,null,11246,"Escala métrica de bambú","Un",6.9999999999999999E-4,{"$f":"SUMIF(Insumos!B:B,D3835,Insumos!G:G)","v":13.31},0.01]
[null,null,null,941,"Fardamento","un",2.8E-3,{"$f":"SUMIF(Insumos!B:B,D3836,Insumos!G:G)","v":53.6},0.15]
[null,null,null,12732,"Guarda Corpo e Corrimão em tubo ferro galvanizado, alt=1,10m, com barras verticais a cada 11cm (3/4\") e barras horizontais (superior, intermediárias (duas) e inferior) de 1.1/2\", inclusive curva de aço","m",1,{"$f":"SUMIF(Insumos!B:B,D3837,Insumos!G:G)","v":172.26},172.26]
[null,null,null,12892,"Luva raspa de couro, cano curto (punho *7* cm)","par",4.3E-3,{"$f":"SUMIF(Insumos!B:B,D3838,Insumos!G:G)","v":5.69},0.02]
[null,null,null,4729,"Marreta 1 kg com cabo","un",1E-4,{"$f":"SUMIF(Insumos!B:B,D3839,Insumos!G:G)","v":12.37},0]
[null,null,null,11264,"Marreta de 1/2 kg com cabo","un",2.0000000000000001E-4,{"$f":"SUMIF(Insumos!B:B,D3840,Insumos!G:G)","v":8.57},0]
[null,null,null,11265,"Martelo de borracha com cabo","un",4.0000000000000002E-4,{"$f":"SUMIF(Insumos!B:B,D3841,Insumos!G:G)","v":11.67},0]
[null,null,null,11243,"Martelo sem unha","un",1E-4,{"$f":"SUMIF(Insumos!B:B,D3842,Insumos!G:G)","v":12.76},0]
[null,null,null,10789,"Nível de bolha de madeira","un",2.0000000000000001E-4,{"$f":"SUMIF(Insumos!B:B,D3843,Insumos!G:G)","v":7.05},0]
[null,null,null,1651,"Óculos branco proteção","pr",1.5E-3,{"$f":"SUMIF(Insumos!B:B,D3844,Insumos!G:G)","v":4.3099999999999996},0.01]
[null,null,null,10788,"Pá quadrada","un",2.0000000000000001E-4,{"$f":"SUMIF(Insumos!B:B,D3845,Insumos!G:G)","v":13.54},0]
[null,null,null,4721,"Pedra britada n. 1 (9,5 a 19 mm) posto pedreira/fornecedor,sem frete","m3",3.0999999999999999E-3,{"$f":"SUMIF(Insumos!B:B,D3846,Insumos!G:G)","v":53.64},0.17]
[null,null,null,4718,"Pedra britada n. 2 (19 a 38 mm) posto pedreira/fornecedor, sem frete","m3",9.4000000000000004E-3,{"$f":"SUMIF(Insumos!B:B,D3847,Insumos!G:G)","v":43.36},0.41]
[null,null,null,10596,"Protetor auricular","un",8.5000000000000006E-3,{"$f":"SUMIF(Insumos!B:B,D3848,Insumos!G:G)","v":2.5099999999999998},0.02]
[null,null,null,10599,"Protetor solar fps 30 com 120ml","un",3.3999999999999998E-3,{"$f":"SUMIF(Insumos!B:B,D3849,Insumos!G:G)","v":13.86},0.05]
[null,null,null,10790,"Prumo de face","un",1E-4,{"$f":"SUMIF(Insumos!B:B,D3850,Insumos!G:G)","v":13.35},0]
[null,null,null,10282,"Regua de alumínio c/ 2,00m (para pedreiro)","un",2.0000000000000001E-4,{"$f":"SUMIF(Insumos!B:B,D3851,Insumos!G:G)","v":13.08},0]
[null,null,null,11247,"Serra mármore","un",1E-4,{"$f":"SUMIF(Insumos!B:B,D3852,Insumos!G:G)","v":213.74},{"$f":"(G3852*H3852)","v":0.02}]
[null,null,null,4728,"Talhadeira chata 10\"","un",2.0000000000000001E-4,{"$f":"SUMIF(Insumos!B:B,D3853,Insumos!G:G)","v":7.4},{"$f":"(G3853*H3853)","v":0}]
[null,null,null,2378,"Vale transporte","un",0.1492,{"$f":"SUMIF(Insumos!B:B,D3854,Insumos!G:G)","v":2.74},{"$f":"(G3854*H3854)","v":0.41}]
[{"$nulls":7},"PARCIAL:",{"$f":"SUM(I3823:I3854)","v":178.03}]
[]
[{"$nulls":7},"VALOR UNITÁRIO TOTAL - R$",{"$f":"TRUNC(I3822+I3855+I3856,2)","v":194.05}]
[]
[]
[]
[null,"SERVIÇO","ORSE",6069,{"$f":"VLOOKUP(D3861,ORSE!$C:$F,2)","v":"GUARDA-CORPO METÁLICO PARA ESCADA MARINHEIRO EM AÇO CA-50 - REV. 01"},null,null,null,{"$f":"VLOOKUP(D3861,ORSE!$C:$F,3)","v":"M"},null,{"$f":"I3921","v":92.77},{"$f":"VLOOKUP(D3861,ORSE!$C:$F,4)","v":118.52}]
[]
[null,null,null,"COD.","DESCRIÇÃO","UN.","COEF.","PREÇO","TOTAL"]
[null,null,null,"MÃO DE OBRA"]
[null,null,null,"88309","PEDREIRO COM ENCARGOS COMPLEMENTARES","h",0.4,{"$f":"SUMIF(Insumos!B:B,D3865,Insumos!G:G)","v":13.51},{"$f":"(G3865*H3865)","v":5.4}]
[null,null,null,6111,"SERVENTE DE OBRAS","h",0.2384,{"$f":"SUMIF(Insumos!B:B,D3866,Insumos!G:G)","v":11.11},2.65]
[null,null,null,"88317","SOLDADOR (COM ENCARGOS INCLUSOS)","h",1.4383999999999999,{"$f":"SUMIF(Insumos!B:B,D3867,Insumos!G:G)","v":13.51},19.43]
[null,null,null,10517,"Exames admissionais/demissionais (checkup)","cj",1.2999999999999999E-3,{"$f":"SUMIF(Insumos!B:B,D3868,Insumos!G:G)","v":255.26},0.33]
[null,null,null,10761,"Refeição - café da manhã ( café com leite e dois pães com manteiga)","un",0.32569999999999999,{"$f":"SUMIF(Insumos!B:B,D3869,Insumos!G:G)-0.890389929382868","v":1.0696000000000001},0.35]
[null,null,null,10362,"Seguro de vida e acidente em grupo","un",1.44E-2,{"$f":"SUMIF(Insumos!B:B,D3870,Insumos!G:G)","v":4.42},0.06]
[{"$nulls":7},"PARCIAL:",{"$f":"SUM(I3864:I3870)","v":28.22}]
[null,null,null,"MATERIAIS/ SERVIÇOS/ EQUIPAMENTOS"]
[null,null,null,81,"Aço ca-50 6,3 a 12,5 mm","kg",3,{"$f":"SUMIF(Insumos!B:B,D3873,Insumos!G:G)","v":3.34},{"$f":"(G3873*H3873)","v":10.02}]
[null,null,null,11272,"Alicate Climpador ( cripador )","un",2.0000000000000001E-4,{"$f":"SUMIF(Insumos!B:B,D3874,Insumos!G:G)","v":52.34},0.01]
[null,null,null,11275,"Alicate de pressão 11\"","un",4.0000000000000002E-4,{"$f":"SUMIF(Insumos!B:B,D3875,Insumos!G:G)","v":12.36},0]
[null,null,null,11277,"Alicate de pressão para solda de chapa 18\" (460mm), Ref.138 Z Gedore","un",4.0000000000000002E-4,{"$f":"SUMIF(Insumos!B:B,D3876,Insumos!G:G)","v":56.29},0.02]
[null,null,null,11276,"Alicate de pressão para solda tipo U, para apertar chapas, tiras e qualquer tipo de perfil. Niquelado, mordentes reforçados em aço laminadao. Corpo em chapa dobrada extra-reforçada e rebites de aço, 11\" (280mm). Ref. 138 Gedore.","un",4.0000000000000002E-4,{"$f":"SUMIF(Insumos!B:B,D3877,Insumos!G:G)","v":34.85},0.01]
[null,null,null,11278,"Alicate diagonal para corte rente 5\" a 8\"","un",4.0000000000000002E-4,{"$f":"SUMIF(Insumos!B:B,D3878,Insumos!G:G)","v":19.18},0.01]
[null,null,null,11279,"Alicate para anéis de pistão capacidade 50-100mm. ref.44044101 Tramontina ou similar","un",4.0000000000000002E-4,{"$f":"SUMIF(Insumos!B:B,D3879,Insumos!G:G)","v":45.26},{"$f":"(G3879*H3879)","v":0.02}]
[null,null,null,158,"Almoço (Participação do empregador)","un",0.32569999999999999,{"$f":"SUMIF(Insumos!B:B,D3880,Insumos!G:G)","v":7.83},2.5499999999999998]
[null,null,null,11281,"Bolsa de lona para ferramentas 40 x 30 x 20cm","un",1.6000000000000001E-3,{"$f":"SUMIF(Insumos!B:B,D3881,Insumos!G:G)","v":93.89},0.15]
[null,null,null,12893,"Bota de seguranca com biqueira de aco e colarinho acolchoado","par",2.5000000000000001E-3,{"$f":"SUMIF(Insumos!B:B,D3882,Insumos!G:G)","v":30.36},0.08]
[null,null,null,12894,"Capa para chuva em pvc com forro de poliester, com capuz (amarela ou azul)","un",6.9999999999999999E-4,{"$f":"SUMIF(Insumos!B:B,D3883,Insumos!G:G)","v":8.2200000000000006},0.01]
[null,null,null,12895,"Capacete de seguranca aba frontal com suspensao de polietileno, sem jugular (classe b)","un",1.9E-3,{"$f":"SUMIF(Insumos!B:B,D3884,Insumos!G:G)","v":6.33},0.01]
[null,null,null,2711,"Carrinho de mao de aco capacidade 50 a 60 l, pneu com camara","un",2.0000000000000001E-4,{"$f":"SUMIF(Insumos!B:B,D3885,Insumos!G:G)","v":86.13},0.02]
[null,null,null,11284,"Cavalete de ferro nº 1","un",4.0000000000000002E-4,{"$f":"SUMIF(Insumos!B:B,D3886,Insumos!G:G)","v":53.2},0.02]
[null,null,null,10492,"Cesta Básica","un",1.44E-2,{"$f":"SUMIF(Insumos!B:B,D3887,Insumos!G:G)","v":86.13},1.24]
[null,null,null,11280,"Chave Inglesa 15\" ref. 012418012 carbografite","un",4.0000000000000002E-4,{"$f":"SUMIF(Insumos!B:B,D3888,Insumos!G:G)","v":101.43},0.04]
[null,null,null,4719,"Colher de pedreiro","un",2.0000000000000001E-4,{"$f":"SUMIF(Insumos!B:B,D3889,Insumos!G:G)","v":8.9700000000000006},0]
[null,null,null,4174,"Desempenadeira de aço lisa, cabo madeira, ref:143, Atlas ou similar","un",2.0000000000000001E-4,{"$f":"SUMIF(Insumos!B:B,D3890,Insumos!G:G)","v":6.4},0]
[null,null,null,11245,"Desempoladeira de madeira 12x22","un",2.9999999999999997E-4,{"$f":"SUMIF(Insumos!B:B,D3891,Insumos!G:G)","v":9.1999999999999993},0]
[null,null,null,10997,"Eletrodo revestido aws - e7018, diametro igual a 4,00 mm","kg",0.2,{"$f":"SUMIF(Insumos!B:B,D3892,Insumos!G:G)","v":15.65},3.13]
[null,null,null,11246,"Escala métrica de bambú","Un",2.9999999999999997E-4,{"$f":"SUMIF(Insumos!B:B,D3893,Insumos!G:G)","v":13.31},0]
[null,null,null,11282,"Esmerilhadeira angular elétrico portátil 4 1/2\" - 1000 watts - ref. G1000kB2 Black e Decker","un",4.0000000000000002E-4,{"$f":"SUMIF(Insumos!B:B,D3894,Insumos!G:G)","v":291.60000000000002},0.12]
[null,null,null,11273,"Esquadro de alumínio para soldagem de peças, com duas morsas, 35 x 35 x 4,5cm, marca Black Jack","un",4.0000000000000002E-4,{"$f":"SUMIF(Insumos!B:B,D3895,Insumos!G:G)","v":117},0.05]
[null,null,null,941,"Fardamento","un",4.7999999999999996E-3,{"$f":"SUMIF(Insumos!B:B,D3896,Insumos!G:G)","v":53.6},0.26]
[null,null,null,11285,"Fonte inversora de solda WMI 140ED 220V - BAMBOZZI - WMI- 140ED","un",2.0000000000000001E-4,{"$f":"SUMIF(Insumos!B:B,D3897,Insumos!G:G)","v":2172.64},0.43]
[null,null,null,11274,"Grampo de de aperto rápido 16\" Ref. 60987 Beltools","un",5.9999999999999995E-4,{"$f":"SUMIF(Insumos!B:B,D3898,Insumos!G:G)","v":10.26},0.01]
[null,null,null,12892,"Luva raspa de couro, cano curto (punho *7* cm)","par",7.3000000000000001E-3,{"$f":"SUMIF(Insumos!B:B,D3899,Insumos!G:G)","v":5.69},0.04]
[null,null,null,11286,"Macariço de solda Ref. CG201 código 010414410 carbografite","un",5.9999999999999995E-4,{"$f":"SUMIF(Insumos!B:B,D3900,Insumos!G:G)","v":216.94},0.13]
[null,null,null,4729,"Marreta 1 kg com cabo","un",1E-4,{"$f":"SUMIF(Insumos!B:B,D3901,Insumos!G:G)","v":12.37},0]
[null,null,null,11264,"Marreta de 1/2 kg com cabo","un",1E-4,{"$f":"SUMIF(Insumos!B:B,D3902,Insumos!G:G)","v":8.57},0]
[null,null,null,11265,"Martelo de borracha com cabo","un",2.0000000000000001E-4,{"$f":"SUMIF(Insumos!B:B,D3903,Insumos!G:G)","v":11.67},0]
[null,null,null,11270,"Martelo de solda do tipo picareta, cabo de madeira, 300x0,4x0,5mm","un",5.9999999999999995E-4,{"$f":"SUMIF(Insumos!B:B,D3904,Insumos!G:G)","v":19.02},0.01]
[null,null,null,11243,"Martelo sem unha","un",0,{"$f":"SUMIF(Insumos!B:B,D3905,Insumos!G:G)","v":12.76},0]
[null,null,null,10789,"Nível de bolha de madeira","un",1E-4,{"$f":"SUMIF(Insumos!B:B,D3906,Insumos!G:G)","v":7.05},0]
[null,null,null,1651,"Óculos branco proteção","pr",2.5000000000000001E-3,{"$f":"SUMIF(Insumos!B:B,D3907,Insumos!G:G)","v":4.3099999999999996},0.01]
[null,null,null,10788,"Pá quadrada","un",2.0000000000000001E-4,{"$f":"SUMIF(Insumos!B:B,D3908,Insumos!G:G)","v":13.54},0]
[null,null,null,4370,"Perfil Aço, Cantoneira abas iguais - 2 1/2\" x 3/16\" (4,57 kg/m)","kg",15,{"$f":"SUMIF(Insumos!B:B,D3909,Insumos!G:G)","v":3.02},45.3]
[null,null,null,10596,"Protetor auricular","un",1.44E-2,{"$f":"SUMIF(Insumos!B:B,D3910,Insumos!G:G)","v":2.5099999999999998},0.04]
[null,null,null,10599,"Protetor solar fps 30 com 120ml","un",5.7000000000000002E-3,{"$f":"SUMIF(Insumos!B:B,D3911,Insumos!G:G)","v":13.86},0.08]
[null,null,null,10790,"Prumo de face","un",0,{"$f":"SUMIF(Insumos!B:B,D3912,Insumos!G:G)","v":13.35},0]
[null,null,null,10282,"Regua de alumínio c/ 2,00m (para pedreiro)","un",1E-4,{"$f":"SUMIF(Insumos!B:B,D3913,Insumos!G:G)","v":13.08},0]
[null,null,null,11283,"Selador horizontal para fita de aço 1\"","un",2.0000000000000001E-4,{"$f":"SUMIF(Insumos!B:B,D3914,Insumos!G:G)","v":386.16},0.08]
[null,null,null,11247,"Serra mármore","un",0,{"$f":"SUMIF(Insumos!B:B,D3915,Insumos!G:G)","v":213.74},0]
[null,null,null,4728,"Talhadeira chata 10\"","un",2.0000000000000001E-4,{"$f":"SUMIF(Insumos!B:B,D3916,Insumos!G:G)","v":7.4},0]
[null,null,null,11271,"Talhadeira com punho de proteção 22 x225mm ref.207206BR Belzer","un",2.0000000000000001E-4,{"$f":"SUMIF(Insumos!B:B,D3917,Insumos!G:G)","v":45.06},0.01]
[null,null,null,2378,"Vale transporte","un",0.23230000000000001,{"$f":"SUMIF(Insumos!B:B,D3918,Insumos!G:G)","v":2.74},0.64]
[{"$nulls":7},"PARCIAL:",{"$f":"SUM(I3872:I3918)","v":64.55}]
[]
[{"$nulls":7},"VALOR UNITÁRIO TOTAL - R$",{"$f":"TRUNC(I3871+I3919+I3920,2)","v":92.77}]
[]
[]
[]
[null,"SERVIÇO","ORSE",10390,{"$f":"VLOOKUP(D3925,ORSE!$C:$F,2)","v":"RECUPERAÇÃO DE PROTEÇÃO MECANICA EM CHAPA METALICA L=12CM (P/OBRA ESTADIO LOU RIVAL BATISTA)"},null,null,null,{"$f":"VLOOKUP(D3925,ORSE!$C:$F,3)","v":"M"},null,{"$f":"I3967","v":21.26},{"$f":"VLOOKUP(D3925,ORSE!$C:$F,4)","v":27.17}]
[]
[null,null,null,"COD.","DESCRIÇÃO","UN.","COEF.","PREÇO","TOTAL"]
[null,null,null,"MÃO DE OBRA"]
[null,null,null,"88310","PINTOR COM ENCARGOS COMPLEMENTARES","h",0.24,{"$f":"SUMIF(Insumos!B:B,D3929,Insumos!G:G)","v":13.51},{"$f":"(G3929*H3929)","v":3.24}]
[null,null,null,"88315","SERRALHEIRO COM ENCARGOS COMPLEMENTARES","h",0.18509999999999999,{"$f":"SUMIF(Insumos!B:B,D3930,Insumos!G:G)","v":13.51},2.5]
[null,null,null,6111,"SERVENTE DE OBRAS","h",0.64710000000000001,{"$f":"SUMIF(Insumos!B:B,D3931,Insumos!G:G)","v":11.11},7.19]
[null,null,null,10517,"Exames admissionais/demissionais (checkup)","cj",6.9999999999999999E-4,{"$f":"SUMIF(Insumos!B:B,D3932,Insumos!G:G)","v":255.26},0.18]
[null,null,null,10761,"Refeição - café da manhã ( café com leite e dois pães com manteiga)","un",0.17319999999999999,{"$f":"SUMIF(Insumos!B:B,D3933,Insumos!G:G)","v":1.96},0.34]
[null,null,null,10362,"Seguro de vida e acidente em grupo","un",7.6E-3,{"$f":"SUMIF(Insumos!B:B,D3934,Insumos!G:G)","v":4.42},0.03]
[{"$nulls":7},"PARCIAL:",{"$f":"SUM(I3928:I3934)","v":13.48}]
[null,null,null,"MATERIAIS/ SERVIÇOS/ EQUIPAMENTOS"]
[null,null,null,158,"Almoço (Participação do empregador)","un",0.17319999999999999,{"$f":"SUMIF(Insumos!B:B,D3937,Insumos!G:G)","v":7.83},{"$f":"(G3937*H3937)","v":1.36}]
[null,null,null,10585,"Arco de serra","un",1E-4,{"$f":"SUMIF(Insumos!B:B,D3938,Insumos!G:G)","v":15.27},{"$f":"(G3938*H3938)","v":0}]
[null,null,null,12893,"Bota de seguranca com biqueira de aco e colarinho acolchoado","par",1.2999999999999999E-3,{"$f":"SUMIF(Insumos!B:B,D3939,Insumos!G:G)","v":30.36},{"$f":"(G3939*H3939)","v":0.04}]
[null,null,null,12894,"Capa para chuva em pvc com forro de poliester, com capuz (amarela ou azul)","un",2.9999999999999997E-4,{"$f":"SUMIF(Insumos!B:B,D3940,Insumos!G:G)","v":8.2200000000000006},0]
[null,null,null,12895,"Capacete de seguranca aba frontal com suspensao de polietileno, sem jugular (classe b)","un",8.9999999999999998E-4,{"$f":"SUMIF(Insumos!B:B,D3941,Insumos!G:G)","v":6.33},0.01]
[null,null,null,2711,"Carrinho de mao de aco capacidade 50 a 60 l, pneu com camara","un",2.0000000000000001E-4,{"$f":"SUMIF(Insumos!B:B,D3942,Insumos!G:G)","v":86.13},0.02]
[null,null,null,10492,"Cesta Básica","un",7.6E-3,{"$f":"SUMIF(Insumos!B:B,D3943,Insumos!G:G)","v":86.13},0.65]
[null,null,null,3664,"Chapa aço fina preta lisa nº14, e=2,00mm (16,0 kg/m2)","m2",4.8000000000000001E-2,{"$f":"SUMIF(Insumos!B:B,D3944,Insumos!G:G)","v":62.89},3.02]
[null,null,null,4174,"Desempenadeira de aço lisa, cabo madeira, ref:143, Atlas ou similar","un",1E-4,{"$f":"SUMIF(Insumos!B:B,D3945,Insumos!G:G)","v":6.4},0]
[null,null,null,10997,"Eletrodo revestido aws - e7018, diametro igual a 4,00 mm","kg",0.04,{"$f":"SUMIF(Insumos!B:B,D3946,Insumos!G:G)","v":15.65},0.63]
[null,null,null,11252,"Escada de aluminio de abrir com 7 degraus","un",0,{"$f":"SUMIF(Insumos!B:B,D3947,Insumos!G:G)","v":109.07},0]
[null,null,null,4725,"Espátula","un",1E-4,{"$f":"SUMIF(Insumos!B:B,D3948,Insumos!G:G)","v":11.9},0]
[null,null,null,941,"Fardamento","un",2.5999999999999999E-3,{"$f":"SUMIF(Insumos!B:B,D3949,Insumos!G:G)","v":53.6},0.14000000000000001]
[null,null,null,3767,"Lixa em folha para parede ou madeira, numero 120 (cor vermelha)","un",0.06,{"$f":"SUMIF(Insumos!B:B,D3950,Insumos!G:G)","v":0.31},0.02]
[null,null,null,12892,"Luva raspa de couro, cano curto (punho *7* cm)","par",3.8999999999999998E-3,{"$f":"SUMIF(Insumos!B:B,D3951,Insumos!G:G)","v":5.69},{"$f":"(G3951*H3951)","v":0.02}]
[null,null,null,4729,"Marreta 1 kg com cabo","un",1E-4,{"$f":"SUMIF(Insumos!B:B,D3952,Insumos!G:G)","v":12.37},0]
[null,null,null,1651,"Óculos branco proteção","pr",1.2999999999999999E-3,{"$f":"SUMIF(Insumos!B:B,D3953,Insumos!G:G)","v":4.3099999999999996},0.01]
[null,null,null,10788,"Pá quadrada","un",2.0000000000000001E-4,{"$f":"SUMIF(Insumos!B:B,D3954,Insumos!G:G)","v":13.54},0]
[null,null,null,11251,"Pincel de seda 2\"","un",1.1000000000000001E-3,{"$f":"SUMIF(Insumos!B:B,D3955,Insumos!G:G)","v":17.690000000000001},0.02]
[null,null,null,10596,"Protetor auricular","un",7.6E-3,{"$f":"SUMIF(Insumos!B:B,D3956,Insumos!G:G)","v":2.5099999999999998},0.02]
[null,null,null,10599,"Protetor solar fps 30 com 120ml","un",3.0000000000000001E-3,{"$f":"SUMIF(Insumos!B:B,D3957,Insumos!G:G)","v":13.86},0.04]
[null,null,null,11250,"Rolo lã de carneiro 20cm","un",5.0000000000000001E-4,{"$f":"SUMIF(Insumos!B:B,D3958,Insumos!G:G)","v":18.260000000000002},0.01]
[null,null,null,4728,"Talhadeira chata 10\"","un",2.9999999999999997E-4,{"$f":"SUMIF(Insumos!B:B,D3959,Insumos!G:G)","v":7.4},0]
[null,null,null,2226,"Tinta esmalte sintético (coralit ou similar)","l",4.3200000000000002E-2,{"$f":"SUMIF(Insumos!B:B,D3960,Insumos!G:G)","v":18.98},0.82]
[null,null,null,10586,"Torquesa","un",1E-4,{"$f":"SUMIF(Insumos!B:B,D3961,Insumos!G:G)","v":20.58},0]
[null,null,null,10583,"Trincha 3\"","un",1.1000000000000001E-3,{"$f":"SUMIF(Insumos!B:B,D3962,Insumos!G:G)","v":4.38},0]
[null,null,null,2378,"Vale transporte","un",0.1389,{"$f":"SUMIF(Insumos!B:B,D3963,Insumos!G:G)","v":2.74},0.38]
[null,null,null,2443,"Zarcão anticorrosivo","l",2.4E-2,{"$f":"SUMIF(Insumos!B:B,D3964,Insumos!G:G)","v":23.63},0.56999999999999995]
[{"$nulls":7},"PARCIAL:",{"$f":"SUM(I3936:I3964)","v":7.78}]
[]
[{"$nulls":7},"VALOR UNITÁRIO TOTAL - R$",{"$f":"TRUNC(I3935+I3965+I3966,2)","v":21.26}]
[]
[]
[]
[null,"SERVIÇO","ORSE",3412,{"$f":"VLOOKUP(D3971,ORSE!$C:$F,2)","v":"PINTURA DE ACABAMENTO COM APLICAÇÃO DE 02 DEMÃOS DE TINTA ESMALTE SINTÉTICO R EF J022, SUVINIL OU SIMILAR, EXCLUSIVE LIXAMENTO"},null,null,null,{"$f":"VLOOKUP(D3971,ORSE!$C:$F,3)","v":"M2"},null,{"$f":"I4006","v":13.26},{"$f":"VLOOKUP(D3971,ORSE!$C:$F,4)","v":16.96}]
[]
[null,null,null,"COD.","DESCRIÇÃO","UN.","COEF.","PREÇO","TOTAL"]
[null,null,null,"MÃO DE OBRA"]
[null,null,null,"88310","PINTOR COM ENCARGOS COMPLEMENTARES","h",0.50729999999999997,{"$f":"SUMIF(Insumos!B:B,D3975,Insumos!G:G)","v":13.51},{"$f":"(G3975*H3975)","v":6.85}]
[null,null,null,6111,"SERVENTE DE OBRAS","h",0.1,{"$f":"SUMIF(Insumos!B:B,D3976,Insumos!G:G)","v":11.11},{"$f":"(G3976*H3976)","v":1.1100000000000001}]
[null,null,null,10517,"Exames admissionais/demissionais (checkup)","cj",2.9999999999999997E-4,{"$f":"SUMIF(Insumos!B:B,D3977,Insumos!G:G)","v":255.26},{"$f":"(G3977*H3977)","v":0.08}]
[null,null,null,10761,"Refeição - café da manhã ( café com leite e dois pães com manteiga)","un",9.1600000000000001E-2,{"$f":"SUMIF(Insumos!B:B,D3978,Insumos!G:G)","v":1.96},{"$f":"(G3978*H3978)","v":0.18}]
[null,null,null,10362,"Seguro de vida e acidente em grupo","un",4.1000000000000003E-3,{"$f":"SUMIF(Insumos!B:B,D3979,Insumos!G:G)","v":4.42},{"$f":"(G3979*H3979)","v":0.02}]
[{"$nulls":7},"PARCIAL:",{"$f":"SUM(I3974:I3979)","v":8.24}]
[null,null,null,"MATERIAIS/ SERVIÇOS/ EQUIPAMENTOS"]
[null,null,null,158,"Almoço (Participação do empregador)","un",9.1600000000000001E-2,{"$f":"SUMIF(Insumos!B:B,D3982,Insumos!G:G)","v":7.83},{"$f":"(G3982*H3982)","v":0.72}]
[null,null,null,12893,"Bota de seguranca com biqueira de aco e colarinho acolchoado","par",6.9999999999999999E-4,{"$f":"SUMIF(Insumos!B:B,D3983,Insumos!G:G)","v":30.36},{"$f":"(G3983*H3983)","v":0.02}]
[null,null,null,12894,"Capa para chuva em pvc com forro de poliester, com capuz (amarela ou azul)","un",2.0000000000000001E-4,{"$f":"SUMIF(Insumos!B:B,D3984,Insumos!G:G)","v":8.2200000000000006},0]
[null,null,null,12895,"Capacete de seguranca aba frontal com suspensao de polietileno, sem jugular (classe b)","un",5.9999999999999995E-4,{"$f":"SUMIF(Insumos!B:B,D3985,Insumos!G:G)","v":6.33},0]
[null,null,null,2711,"Carrinho de mao de aco capacidade 50 a 60 l, pneu com camara","un",0,{"$f":"SUMIF(Insumos!B:B,D3986,Insumos!G:G)","v":86.13},0]
[null,null,null,10492,"Cesta Básica","un",4.1000000000000003E-3,{"$f":"SUMIF(Insumos!B:B,D3987,Insumos!G:G)","v":86.13},0.35]
[null,null,null,4174,"Desempenadeira de aço lisa, cabo madeira, ref:143, Atlas ou similar","un",4.0000000000000002E-4,{"$f":"SUMIF(Insumos!B:B,D3988,Insumos!G:G)","v":6.4},0]
[null,null,null,11252,"Escada de aluminio de abrir com 7 degraus","un",1E-4,{"$f":"SUMIF(Insumos!B:B,D3989,Insumos!G:G)","v":109.07},0.01]
[null,null,null,4725,"Espátula","un",2.9999999999999997E-4,{"$f":"SUMIF(Insumos!B:B,D3990,Insumos!G:G)","v":11.9},0]
[null,null,null,941,"Fardamento","un",1.4E-3,{"$f":"SUMIF(Insumos!B:B,D3991,Insumos!G:G)","v":53.6},0.08]
[null,null,null,12892,"Luva raspa de couro, cano curto (punho *7* cm)","par",2E-3,{"$f":"SUMIF(Insumos!B:B,D3992,Insumos!G:G)","v":5.69},0.01]
[null,null,null,4729,"Marreta 1 kg com cabo","un",0,{"$f":"SUMIF(Insumos!B:B,D3993,Insumos!G:G)","v":12.37},0]
[null,null,null,1651,"Óculos branco proteção","pr",6.9999999999999999E-4,{"$f":"SUMIF(Insumos!B:B,D3994,Insumos!G:G)","v":4.3099999999999996},0]
[null,null,null,10788,"Pá quadrada","un",0,{"$f":"SUMIF(Insumos!B:B,D3995,Insumos!G:G)","v":13.54},0]
[null,null,null,11251,"Pincel de seda 2\"","un",3.5999999999999999E-3,{"$f":"SUMIF(Insumos!B:B,D3996,Insumos!G:G)","v":17.690000000000001},0.06]
[null,null,null,10596,"Protetor auricular","un",4.1000000000000003E-3,{"$f":"SUMIF(Insumos!B:B,D3997,Insumos!G:G)","v":2.5099999999999998},0.01]
[null,null,null,10599,"Protetor solar fps 30 com 120ml","un",1.6000000000000001E-3,{"$f":"SUMIF(Insumos!B:B,D3998,Insumos!G:G)","v":13.86},0.02]
[null,null,null,11250,"Rolo lã de carneiro 20cm","un",1.8E-3,{"$f":"SUMIF(Insumos!B:B,D3999,Insumos!G:G)","v":18.260000000000002},0.03]
[null,null,null,4728,"Talhadeira chata 10\"","un",0,{"$f":"SUMIF(Insumos!B:B,D4000,Insumos!G:G)","v":7.4},0]
[null,null,null,2698,"Tinta esmalte sintético brilhante (Suvinil ou similar)","l",0.18,{"$f":"SUMIF(Insumos!B:B,D4001,Insumos!G:G)","v":19.55},3.52]
[null,null,null,10583,"Trincha 3\"","un",3.5999999999999999E-3,{"$f":"SUMIF(Insumos!B:B,D4002,Insumos!G:G)","v":4.38},0.02]
[null,null,null,2378,"Vale transporte","un",6.1699999999999998E-2,{"$f":"SUMIF(Insumos!B:B,D4003,Insumos!G:G)","v":2.74},0.17]
[{"$nulls":7},"PARCIAL:",{"$f":"SUM(I3981:I4003)","v":5.0199999999999996}]
[]
[{"$nulls":7},"VALOR UNITÁRIO TOTAL - R$",{"$f":"TRUNC(I3980+I4004+I4005,2)","v":13.26}]
[]
[]
[]
[null,"SERVIÇO","ORSE",5150,{"$f":"VLOOKUP(D4010,ORSE!$C:$F,2)","v":"REMOÇÃO DE ADUTORA / REDE EM PVC DIAM. =   75 MM"},null,null,null,{"$f":"VLOOKUP(D4010,ORSE!$C:$F,3)","v":"M"},null,{"$f":"I4045","v":0.63},{"$f":"VLOOKUP(D4010,ORSE!$C:$F,4)","v":0.81}]
[]
[null,null,null,"COD.","DESCRIÇÃO","UN.","COEF.","PREÇO","TOTAL"]
[null,null,null,"MÃO DE OBRA"]
[null,null,null,"88267","ENCANADOR OU BOMBEIRO HIDRÁULICO COM ENCARGOS COMPLEMENTARES","h",9.7999999999999997E-3,{"$f":"SUMIF(Insumos!B:B,D4014,Insumos!G:G)","v":13.51},{"$f":"(G4014*H4014)","v":0.13}]
[null,null,null,6111,"SERVENTE DE OBRAS","h",3.3000000000000002E-2,{"$f":"SUMIF(Insumos!B:B,D4015,Insumos!G:G)","v":11.11},{"$f":"(G4015*H4015)","v":0.37}]
[null,null,null,10517,"Exames admissionais/demissionais (checkup)","cj",0,{"$f":"SUMIF(Insumos!B:B,D4016,Insumos!G:G)","v":255.26},{"$f":"(G4016*H4016)","v":0}]
[null,null,null,10761,"Refeição - café da manhã ( café com leite e dois pães com manteiga)","un",7.1000000000000004E-3,{"$f":"SUMIF(Insumos!B:B,D4017,Insumos!G:G)","v":1.96},{"$f":"(G4017*H4017)","v":0.01}]
[null,null,null,10362,"Seguro de vida e acidente em grupo","un",2.9999999999999997E-4,{"$f":"SUMIF(Insumos!B:B,D4018,Insumos!G:G)","v":4.42},{"$f":"(G4018*H4018)","v":0}]
[{"$nulls":7},"PARCIAL:",{"$f":"SUM(I4013:I4018)","v":0.51}]
[null,null,null,"MATERIAIS/ SERVIÇOS/ EQUIPAMENTOS"]
[null,null,null,158,"Almoço (Participação do empregador)","un",7.1000000000000004E-3,{"$f":"SUMIF(Insumos!B:B,D4021,Insumos!G:G)","v":7.83},{"$f":"(G4021*H4021)","v":0.06}]
[null,null,null,12893,"Bota de seguranca com biqueira de aco e colarinho acolchoado","par",0,{"$f":"SUMIF(Insumos!B:B,D4022,Insumos!G:G)","v":30.36},{"$f":"(G4022*H4022)","v":0}]
[null,null,null,12894,"Capa para chuva em pvc com forro de poliester, com capuz (amarela ou azul)","un",0,{"$f":"SUMIF(Insumos!B:B,D4023,Insumos!G:G)","v":8.2200000000000006},0]
[null,null,null,12895,"Capacete de seguranca aba frontal com suspensao de polietileno, sem jugular (classe b)","un",0,{"$f":"SUMIF(Insumos!B:B,D4024,Insumos!G:G)","v":6.33},0]
[null,null,null,2711,"Carrinho de mao de aco capacidade 50 a 60 l, pneu com camara","un",0,{"$f":"SUMIF(Insumos!B:B,D4025,Insumos!G:G)","v":86.13},0]
[null,null,null,10492,"Cesta Básica","un",2.9999999999999997E-4,{"$f":"SUMIF(Insumos!B:B,D4026,Insumos!G:G)","v":86.13},0.03]
[null,null,null,941,"Fardamento","un",1E-4,{"$f":"SUMIF(Insumos!B:B,D4027,Insumos!G:G)","v":53.6},0.01]
[null,null,null,10592,"Lima chata 1 1/2\"","un",0,{"$f":"SUMIF(Insumos!B:B,D4028,Insumos!G:G)","v":6.73},0]
[null,null,null,12892,"Luva raspa de couro, cano curto (punho *7* cm)","par",2.0000000000000001E-4,{"$f":"SUMIF(Insumos!B:B,D4029,Insumos!G:G)","v":5.69},0]
[null,null,null,4729,"Marreta 1 kg com cabo","un",0,{"$f":"SUMIF(Insumos!B:B,D4030,Insumos!G:G)","v":12.37},0]
[null,null,null,1651,"Óculos branco proteção","pr",0,{"$f":"SUMIF(Insumos!B:B,D4031,Insumos!G:G)","v":4.3099999999999996},0]
[null,null,null,10788,"Pá quadrada","un",0,{"$f":"SUMIF(Insumos!B:B,D4032,Insumos!G:G)","v":13.54},0]
[null,null,null,10593,"Praio simples 30cm","un",0,{"$f":"SUMIF(Insumos!B:B,D4033,Insumos!G:G)","v":35.76},0]
[null,null,null,10596,"Protetor auricular","un",2.9999999999999997E-4,{"$f":"SUMIF(Insumos!B:B,D4034,Insumos!G:G)","v":2.5099999999999998},0]
[null,null,null,10599,"Protetor solar fps 30 com 120ml","un",1E-4,{"$f":"SUMIF(Insumos!B:B,D4035,Insumos!G:G)","v":13.86},0]
[null,null,null,4728,"Talhadeira chata 10\"","un",0,{"$f":"SUMIF(Insumos!B:B,D4036,Insumos!G:G)","v":7.4},0]
[null,null,null,11256,"Tarracha para tubos PVC de 1 1/2\"","un",0,{"$f":"SUMIF(Insumos!B:B,D4037,Insumos!G:G)","v":32.340000000000003},0]
[null,null,null,11257,"Tarracha para tubos PVC de 1 1/4\"","un",0,{"$f":"SUMIF(Insumos!B:B,D4038,Insumos!G:G)","v":24.55},0]
[null,null,null,11255,"Tarracha para tubos PVC de 1\"","un",0,{"$f":"SUMIF(Insumos!B:B,D4039,Insumos!G:G)","v":17.190000000000001},0]
[null,null,null,11253,"Tarracha para tubos PVC de 1/2\"","un",0,{"$f":"SUMIF(Insumos!B:B,D4040,Insumos!G:G)","v":12.72},0]
[null,null,null,11254,"Tarracha para tubos PVC de 3/4\"","un",0,{"$f":"SUMIF(Insumos!B:B,D4041,Insumos!G:G)","v":14.72},0]
[null,null,null,2378,"Vale transporte","un",5.8999999999999999E-3,{"$f":"SUMIF(Insumos!B:B,D4042,Insumos!G:G)","v":2.74},0.02]
[{"$nulls":7},"PARCIAL:",{"$f":"SUM(I4020:I4042)","v":0.12}]
[]
[{"$nulls":7},"VALOR UNITÁRIO TOTAL - R$",{"$f":"TRUNC(I4019+I4043+I4044,2)","v":0.63}]
[]
[]
[]
[null,"SERVIÇO","ORSE",2510,{"$f":"VLOOKUP(D4049,ORSE!$C:$F,2)","v":"CARGA MANUAL DE MATERIAL DE 2ª CATEGORIA"},null,null,null,{"$f":"VLOOKUP(D4049,ORSE!$C:$F,3)","v":"M3"},null,{"$f":"I4076","v":6.63},{"$f":"VLOOKUP(D4049,ORSE!$C:$F,4)","v":8.4700000000000006}]
[]
[null,null,null,"COD.","DESCRIÇÃO","UN.","COEF.","PREÇO","TOTAL"]
[null,null,null,"MÃO DE OBRA"]
[null,null,null,6111,"SERVENTE DE OBRAS","h",0.45679999999999998,{"$f":"SUMIF(Insumos!B:B,D4053,Insumos!G:G)","v":11.11},{"$f":"(G4053*H4053)","v":5.08}]
[null,null,null,10517,"Exames admissionais/demissionais (checkup)","cj",2.9999999999999997E-4,{"$f":"SUMIF(Insumos!B:B,D4054,Insumos!G:G)","v":255.26},{"$f":"(G4054*H4054)","v":0.08}]
[null,null,null,10761,"Refeição - café da manhã ( café com leite e dois pães com manteiga)","un",8.14E-2,{"$f":"SUMIF(Insumos!B:B,D4055,Insumos!G:G)","v":1.96},{"$f":"(G4055*H4055)","v":0.16}]
[null,null,null,10362,"Seguro de vida e acidente em grupo","un",3.5999999999999999E-3,{"$f":"SUMIF(Insumos!B:B,D4056,Insumos!G:G)","v":4.42},{"$f":"(G4056*H4056)","v":0.02}]
[{"$nulls":7},"PARCIAL:",{"$f":"SUM(I4052:I4056)","v":5.34}]
[null,null,null,"MATERIAIS/ SERVIÇOS/ EQUIPAMENTOS"]
[null,null,null,158,"Almoço (Participação do empregador)","un",8.14E-2,{"$f":"SUMIF(Insumos!B:B,D4059,Insumos!G:G)","v":7.83},{"$f":"(G4059*H4059)","v":0.64}]
[null,null,null,12893,"Bota de seguranca com biqueira de aco e colarinho acolchoado","par",5.9999999999999995E-4,{"$f":"SUMIF(Insumos!B:B,D4060,Insumos!G:G)","v":30.36},0.02]
[null,null,null,12894,"Capa para chuva em pvc com forro de poliester, com capuz (amarela ou azul)","un",2.0000000000000001E-4,{"$f":"SUMIF(Insumos!B:B,D4061,Insumos!G:G)","v":8.2200000000000006},0]
[null,null,null,12895,"Capacete de seguranca aba frontal com suspensao de polietileno, sem jugular (classe b)","un",5.0000000000000001E-4,{"$f":"SUMIF(Insumos!B:B,D4062,Insumos!G:G)","v":6.33},0]
[null,null,null,2711,"Carrinho de mao de aco capacidade 50 a 60 l, pneu com camara","un",2.0000000000000001E-4,{"$f":"SUMIF(Insumos!B:B,D4063,Insumos!G:G)","v":86.13},0.02]
[null,null,null,10492,"Cesta Básica","un",3.5999999999999999E-3,{"$f":"SUMIF(Insumos!B:B,D4064,Insumos!G:G)","v":86.13},0.31]
[null,null,null,941,"Fardamento","un",1.1999999999999999E-3,{"$f":"SUMIF(Insumos!B:B,D4065,Insumos!G:G)","v":53.6},0.06]
[null,null,null,12892,"Luva raspa de couro, cano curto (punho *7* cm)","par",1.8E-3,{"$f":"SUMIF(Insumos!B:B,D4066,Insumos!G:G)","v":5.69},0.01]
[null,null,null,4729,"Marreta 1 kg com cabo","un",1E-4,{"$f":"SUMIF(Insumos!B:B,D4067,Insumos!G:G)","v":12.37},0]
[null,null,null,1651,"Óculos branco proteção","pr",5.9999999999999995E-4,{"$f":"SUMIF(Insumos!B:B,D4068,Insumos!G:G)","v":4.3099999999999996},0]
[null,null,null,10788,"Pá quadrada","un",2.0000000000000001E-4,{"$f":"SUMIF(Insumos!B:B,D4069,Insumos!G:G)","v":13.54},0]
[null,null,null,10596,"Protetor auricular","un",3.5999999999999999E-3,{"$f":"SUMIF(Insumos!B:B,D4070,Insumos!G:G)","v":2.5099999999999998},0.01]
[null,null,null,10599,"Protetor solar fps 30 com 120ml","un",1.4E-3,{"$f":"SUMIF(Insumos!B:B,D4071,Insumos!G:G)","v":13.86},0.02]
[null,null,null,4728,"Talhadeira chata 10\"","un",2.0000000000000001E-4,{"$f":"SUMIF(Insumos!B:B,D4072,Insumos!G:G)","v":7.4},0]
[null,null,null,2378,"Vale transporte","un",7.5300000000000006E-2,{"$f":"SUMIF(Insumos!B:B,D4073,Insumos!G:G)","v":2.74},{"$f":"(G4073*H4073)-0.01","v":0.2}]
[{"$nulls":7},"PARCIAL:",{"$f":"SUM(I4058:I4073)","v":1.29}]
[]
[{"$nulls":7},"VALOR UNITÁRIO TOTAL - R$",{"$f":"TRUNC(I4057+I4074+I4075,2)","v":6.63}]
[]
[]
[]
[null,"SERVIÇO","ORSE",2511,{"$f":"VLOOKUP(D4080,ORSE!$C:$F,2)","v":"CARGA MANUAL DE MATERIAL DE 3ª CATEGORIA"},null,null,null,{"$f":"VLOOKUP(D4080,ORSE!$C:$F,3)","v":"M3"},null,{"$f":"I4107","v":8.31},{"$f":"VLOOKUP(D4080,ORSE!$C:$F,4)","v":10.62}]
[]
[null,null,null,"COD.","DESCRIÇÃO","UN.","COEF.","PREÇO","TOTAL"]
[null,null,null,"MÃO DE OBRA"]
[null,null,null,6111,"SERVENTE DE OBRAS","h",0.57479999999999998,{"$f":"SUMIF(Insumos!B:B,D4084,Insumos!G:G)","v":11.11},{"$f":"(G4084*H4084)","v":6.39}]
[null,null,null,10517,"Exames admissionais/demissionais (checkup)","cj",4.0000000000000002E-4,{"$f":"SUMIF(Insumos!B:B,D4085,Insumos!G:G)","v":255.26},{"$f":"(G4085*H4085)","v":0.1}]
[null,null,null,10761,"Refeição - café da manhã ( café com leite e dois pães com manteiga)","un",0.1018,{"$f":"SUMIF(Insumos!B:B,D4086,Insumos!G:G)","v":1.96},{"$f":"(G4086*H4086)","v":0.2}]
[null,null,null,10362,"Seguro de vida e acidente em grupo","un",4.4999999999999997E-3,{"$f":"SUMIF(Insumos!B:B,D4087,Insumos!G:G)","v":4.42},{"$f":"(G4087*H4087)","v":0.02}]
[{"$nulls":7},"PARCIAL:",{"$f":"SUM(I4083:I4087)","v":6.71}]
[null,null,null,"MATERIAIS/ SERVIÇOS/ EQUIPAMENTOS"]
[null,null,null,158,"Almoço (Participação do empregador)","un",0.1018,{"$f":"SUMIF(Insumos!B:B,D4090,Insumos!G:G)","v":7.83},{"$f":"(G4090*H4090)","v":0.8}]
[null,null,null,12893,"Bota de seguranca com biqueira de aco e colarinho acolchoado","par",8.0000000000000004E-4,{"$f":"SUMIF(Insumos!B:B,D4091,Insumos!G:G)","v":30.36},0.02]
[null,null,null,12894,"Capa para chuva em pvc com forro de poliester, com capuz (amarela ou azul)","un",2.0000000000000001E-4,{"$f":"SUMIF(Insumos!B:B,D4092,Insumos!G:G)","v":8.2200000000000006},0]
[null,null,null,12895,"Capacete de seguranca aba frontal com suspensao de polietileno, sem jugular (classe b)","un",5.9999999999999995E-4,{"$f":"SUMIF(Insumos!B:B,D4093,Insumos!G:G)","v":6.33},0]
[null,null,null,2711,"Carrinho de mao de aco capacidade 50 a 60 l, pneu com camara","un",2.0000000000000001E-4,{"$f":"SUMIF(Insumos!B:B,D4094,Insumos!G:G)","v":86.13},0.02]
[null,null,null,10492,"Cesta Básica","un",4.4999999999999997E-3,{"$f":"SUMIF(Insumos!B:B,D4095,Insumos!G:G)","v":86.13},0.39]
[null,null,null,941,"Fardamento","un",1.5E-3,{"$f":"SUMIF(Insumos!B:B,D4096,Insumos!G:G)","v":53.6},0.08]
[null,null,null,12892,"Luva raspa de couro, cano curto (punho *7* cm)","par",2.3E-3,{"$f":"SUMIF(Insumos!B:B,D4097,Insumos!G:G)","v":5.69},0.01]
[null,null,null,4729,"Marreta 1 kg com cabo","un",1E-4,{"$f":"SUMIF(Insumos!B:B,D4098,Insumos!G:G)","v":12.37},0]
[null,null,null,1651,"Óculos branco proteção","pr",8.0000000000000004E-4,{"$f":"SUMIF(Insumos!B:B,D4099,Insumos!G:G)","v":4.3099999999999996},0]
[null,null,null,10788,"Pá quadrada","un",2.0000000000000001E-4,{"$f":"SUMIF(Insumos!B:B,D4100,Insumos!G:G)","v":13.54},0]
[null,null,null,10596,"Protetor auricular","un",4.4999999999999997E-3,{"$f":"SUMIF(Insumos!B:B,D4101,Insumos!G:G)","v":2.5099999999999998},0.01]
[null,null,null,10599,"Protetor solar fps 30 com 120ml","un",1.8E-3,{"$f":"SUMIF(Insumos!B:B,D4102,Insumos!G:G)","v":13.86},0.02]
[null,null,null,4728,"Talhadeira chata 10\"","un",2.9999999999999997E-4,{"$f":"SUMIF(Insumos!B:B,D4103,Insumos!G:G)","v":7.4},0]
[null,null,null,2378,"Vale transporte","un",9.4100000000000003E-2,{"$f":"SUMIF(Insumos!B:B,D4104,Insumos!G:G)","v":2.74},{"$f":"(G4104*H4104)-0.01","v":0.25}]
[{"$nulls":7},"PARCIAL:",{"$f":"SUM(I4089:I4104)","v":1.6}]
[]
[{"$nulls":7},"VALOR UNITÁRIO TOTAL - R$",{"$f":"TRUNC(I4088+I4105+I4106,2)","v":8.31}]
[]
[]
[]
[null,"SERVIÇO","ORSE",6079,{"$f":"VLOOKUP(D4111,ORSE!$C:$F,2)","v":"LIGAÇÃO PREDIAL DE ÁGUA EM PASSEIO, COM FORNECIMENTO DE MATERIAL, INCLUSIVE H IDRÔMETRO, C/TAMPA DE CONCRETO"},null,null,null,{"$f":"VLOOKUP(D4111,ORSE!$C:$F,3)","v":"UN"},null,{"$f":"I4173","v":235.58},{"$f":"VLOOKUP(D4111,ORSE!$C:$F,4)","v":300.88}]
[]
[null,null,null,"COD.","DESCRIÇÃO","UN.","COEF.","PREÇO","TOTAL"]
[null,null,null,"MÃO DE OBRA"]
[null,null,null,"88267","ENCANADOR OU BOMBEIRO HIDRÁULICO COM ENCARGOS COMPLEMENTARES","h",0.33,{"$f":"SUMIF(Insumos!B:B,D4115,Insumos!G:G)","v":13.51},{"$f":"(G4115*H4115)","v":4.46}]
[null,null,null,"88309","PEDREIRO COM ENCARGOS COMPLEMENTARES","h",0.33,{"$f":"SUMIF(Insumos!B:B,D4116,Insumos!G:G)","v":13.51},4.46]
[null,null,null,6111,"SERVENTE DE OBRAS","h",3.1698,{"$f":"SUMIF(Insumos!B:B,D4117,Insumos!G:G)","v":11.11},35.22]
[null,null,null,10517,"Exames admissionais/demissionais (checkup)","cj",2.5999999999999999E-3,{"$f":"SUMIF(Insumos!B:B,D4118,Insumos!G:G)","v":255.26},0.66]
[null,null,null,10761,"Refeição - café da manhã ( café com leite e dois pães com manteiga)","un",0.67290000000000005,{"$f":"SUMIF(Insumos!B:B,D4119,Insumos!G:G)","v":1.96},1.32]
[null,null,null,10362,"Seguro de vida e acidente em grupo","un",2.9700000000000001E-2,{"$f":"SUMIF(Insumos!B:B,D4120,Insumos!G:G)","v":4.42},0.13]
[{"$nulls":7},{"$f":"SUMIF(Insumos!B:B,D4121,Insumos!G:G)","v":0},0]
[{"$nulls":7},"PARCIAL:",{"$f":"SUM(I4114:I4121)","v":46.25}]
[null,null,null,"MATERIAIS/ SERVIÇOS/ EQUIPAMENTOS"]
[null,null,null,2480,"Pick-up, capacidade 1,2 t","h",0.33,{"$f":"SUMIF(Insumos!B:B,D4124,Insumos!G:G)","v":8.25},{"$f":"(G4124*H4124)","v":2.72}]
[null,null,null,5161,"Adaptador pead 20mm x 1/2\"","un",2,{"$f":"SUMIF(Insumos!B:B,D4125,Insumos!G:G)","v":1.71},3.42]
[null,null,null,158,"Almoço (Participação do empregador)","un",0.67290000000000005,{"$f":"SUMIF(Insumos!B:B,D4126,Insumos!G:G)","v":7.83},5.27]
[null,null,null,12893,"Bota de seguranca com biqueira de aco e colarinho acolchoado","par",5.3E-3,{"$f":"SUMIF(Insumos!B:B,D4127,Insumos!G:G)","v":30.36},0.16]
[null,null,null,11882,"Caixa para hidrometro concreto pre moldado","un",1,{"$f":"SUMIF(Insumos!B:B,D4128,Insumos!G:G)","v":67.88},67.88]
[null,null,null,12894,"Capa para chuva em pvc com forro de poliester, com capuz (amarela ou azul)","un",1.4E-3,{"$f":"SUMIF(Insumos!B:B,D4129,Insumos!G:G)","v":8.2200000000000006},0.01]
[null,null,null,12895,"Capacete de seguranca aba frontal com suspensao de polietileno, sem jugular (classe b)","un",4.0000000000000001E-3,{"$f":"SUMIF(Insumos!B:B,D4130,Insumos!G:G)","v":6.33},0.03]
[null,null,null,2711,"Carrinho de mao de aco capacidade 50 a 60 l, pneu com camara","un",1.1999999999999999E-3,{"$f":"SUMIF(Insumos!B:B,D4131,Insumos!G:G)","v":86.13},{"$f":"(G4131*H4131)","v":0.1}]
[null,null,null,10492,"Cesta Básica","un",2.9700000000000001E-2,{"$f":"SUMIF(Insumos!B:B,D4132,Insumos!G:G)","v":86.13},2.56]
[null,null,null,5240,"Colar de tomada em pvc com travas e saída roscável de = 60mm x 1/2\"","un",1,{"$f":"SUMIF(Insumos!B:B,D4133,Insumos!G:G)","v":4.24},4.24]
[null,null,null,4719,"Colher de pedreiro","un",1E-4,{"$f":"SUMIF(Insumos!B:B,D4134,Insumos!G:G)","v":8.9700000000000006},0]
[null,null,null,4174,"Desempenadeira de aço lisa, cabo madeira, ref:143, Atlas ou similar","un",2.0000000000000001E-4,{"$f":"SUMIF(Insumos!B:B,D4135,Insumos!G:G)","v":6.4},0]
[null,null,null,11245,"Desempoladeira de madeira 12x22","un",2.0000000000000001E-4,{"$f":"SUMIF(Insumos!B:B,D4136,Insumos!G:G)","v":9.1999999999999993},0]
[null,null,null,11246,"Escala métrica de bambú","Un",2.0000000000000001E-4,{"$f":"SUMIF(Insumos!B:B,D4137,Insumos!G:G)","v":13.31},0]
[null,null,null,941,"Fardamento","un",9.9000000000000008E-3,{"$f":"SUMIF(Insumos!B:B,D4138,Insumos!G:G)","v":53.6},0.53]
[null,null,null,980,"Fita vedacao teflon larg= 1/2\"","m",20,{"$f":"SUMIF(Insumos!B:B,D4139,Insumos!G:G)","v":0.09},1.8]
[null,null,null,12773,"Hidrometro unijato, vazao maxima de 3,0 m3/h, de 1/2\"","un",1,{"$f":"SUMIF(Insumos!B:B,D4140,Insumos!G:G)","v":64.36},64.36]
[null,null,null,3543,"Joelho pvc, roscavel, 90 graus, 1/2\", para agua fria predial","un",5,{"$f":"SUMIF(Insumos!B:B,D4141,Insumos!G:G)","v":1.17},5.85]
[null,null,null,6313,"Lacre anti-fraude para hidrômetro em polipropileno","UN",1,{"$f":"SUMIF(Insumos!B:B,D4142,Insumos!G:G)","v":0.4},0.4]
[null,null,null,10592,"Lima chata 1 1/2\"","un",0,{"$f":"SUMIF(Insumos!B:B,D4143,Insumos!G:G)","v":6.73},0]
[null,null,null,12892,"Luva raspa de couro, cano curto (punho *7* cm)","par",1.52E-2,{"$f":"SUMIF(Insumos!B:B,D4144,Insumos!G:G)","v":5.69},0.09]
[null,null,null,4729,"Marreta 1 kg com cabo","un",5.9999999999999995E-4,{"$f":"SUMIF(Insumos!B:B,D4145,Insumos!G:G)","v":12.37},0.01]
[null,null,null,11264,"Marreta de 1/2 kg com cabo","un",1E-4,{"$f":"SUMIF(Insumos!B:B,D4146,Insumos!G:G)","v":8.57},0]
[null,null,null,11265,"Martelo de borracha com cabo","un",1E-4,{"$f":"SUMIF(Insumos!B:B,D4147,Insumos!G:G)","v":11.67},0]
[null,null,null,11243,"Martelo sem unha","un",0,{"$f":"SUMIF(Insumos!B:B,D4148,Insumos!G:G)","v":12.76},0]
[null,null,null,10789,"Nível de bolha de madeira","un",1E-4,{"$f":"SUMIF(Insumos!B:B,D4149,Insumos!G:G)","v":7.05},0]
[null,null,null,1651,"Óculos branco proteção","pr",5.3E-3,{"$f":"SUMIF(Insumos!B:B,D4150,Insumos!G:G)","v":4.3099999999999996},0.02]
[null,null,null,10788,"Pá quadrada","un",1.1999999999999999E-3,{"$f":"SUMIF(Insumos!B:B,D4151,Insumos!G:G)","v":13.54},0.02]
[null,null,null,4895,"Plug pvc roscavel, 1/2\", agua fria predial (nbr 5648)","un",1,{"$f":"SUMIF(Insumos!B:B,D4152,Insumos!G:G)","v":0.43},0.43]
[null,null,null,10593,"Praio simples 30cm","un",0,{"$f":"SUMIF(Insumos!B:B,D4153,Insumos!G:G)","v":35.76},0]
[null,null,null,10596,"Protetor auricular","un",2.9700000000000001E-2,{"$f":"SUMIF(Insumos!B:B,D4154,Insumos!G:G)","v":2.5099999999999998},7.0000000000000007E-2]
[null,null,null,10599,"Protetor solar fps 30 com 120ml","un",1.1900000000000001E-2,{"$f":"SUMIF(Insumos!B:B,D4155,Insumos!G:G)","v":13.86},0.16]
[null,null,null,10790,"Prumo de face","un",0,{"$f":"SUMIF(Insumos!B:B,D4156,Insumos!G:G)","v":13.35},0]
[null,null,null,6036,"Registro de esfera pvc, com borboleta, com rosca externa, de 1/2\"","un",1,{"$f":"SUMIF(Insumos!B:B,D4157,Insumos!G:G)","v":4.6100000000000003},4.6100000000000003]
[null,null,null,10282,"Regua de alumínio c/ 2,00m (para pedreiro)","un",1E-4,{"$f":"SUMIF(Insumos!B:B,D4158,Insumos!G:G)","v":13.08},0]
[null,null,null,11247,"Serra mármore","un",0,{"$f":"SUMIF(Insumos!B:B,D4159,Insumos!G:G)","v":213.74},0]
[null,null,null,4728,"Talhadeira chata 10\"","un",1.8E-3,{"$f":"SUMIF(Insumos!B:B,D4160,Insumos!G:G)","v":7.4},0.01]
[null,null,null,11256,"Tarracha para tubos PVC de 1 1/2\"","un",1E-4,{"$f":"SUMIF(Insumos!B:B,D4161,Insumos!G:G)","v":32.340000000000003},0]
[null,null,null,11257,"Tarracha para tubos PVC de 1 1/4\"","un",1E-4,{"$f":"SUMIF(Insumos!B:B,D4162,Insumos!G:G)","v":24.55},0]
[null,null,null,11255,"Tarracha para tubos PVC de 1\"","un",2.0000000000000001E-4,{"$f":"SUMIF(Insumos!B:B,D4163,Insumos!G:G)","v":17.190000000000001},0]
[null,null,null,11253,"Tarracha para tubos PVC de 1/2\"","un",4.0000000000000002E-4,{"$f":"SUMIF(Insumos!B:B,D4164,Insumos!G:G)","v":12.72},0.01]
[null,null,null,11254,"Tarracha para tubos PVC de 3/4\"","un",2.0000000000000001E-4,{"$f":"SUMIF(Insumos!B:B,D4165,Insumos!G:G)","v":14.72},0]
[null,null,null,7098,"Te pvc, roscavel, 90 graus, 1/2\", agua fria predial","un",1,{"$f":"SUMIF(Insumos!B:B,D4166,Insumos!G:G)","v":1.1200000000000001},1.1200000000000001]
[null,null,null,2260,"Torneira plastica para jardins 1/2\", HERC 1128 ou similar","un",1,{"$f":"SUMIF(Insumos!B:B,D4167,Insumos!G:G)","v":1.54},1.54]
[null,null,null,9813,"Tubo de polietileno de alta densidade (pead), pe-80, de = 20 mm x 2,3 mm de parede, para ligacao de agua predial (nbr 15561)","m",6,{"$f":"SUMIF(Insumos!B:B,D4168,Insumos!G:G)","v":2.4700000000000002},14.82]
[null,null,null,9856,"Tubo pvc, roscavel, 1/2\", agua fria predial","m",2,{"$f":"SUMIF(Insumos!B:B,D4169,Insumos!G:G)","v":2.72},5.44]
[null,null,null,2378,"Vale transporte","un",0.60299999999999998,{"$f":"SUMIF(Insumos!B:B,D4170,Insumos!G:G)","v":2.74},1.65]
[{"$nulls":7},"PARCIAL:",{"$f":"SUM(I4123:I4170)","v":189.33}]
[]
[{"$nulls":7},"VALOR UNITÁRIO TOTAL - R$",{"$f":"TRUNC(I4122+I4171+I4172,2)","v":235.58}]
[]
[]
[]
[null,"SERVIÇO","ORSE",6080,{"$f":"VLOOKUP(D4177,ORSE!$C:$F,2)","v":"LIGAÇÃO PREDIAL DE ÁGUA NO PASSEIO, COM FORNECIMENTO DE MATERIAL, EXCETO HIDR ÔMETRO, C/TAMPA DE CONCRETO"},null,null,null,{"$f":"VLOOKUP(D4177,ORSE!$C:$F,3)","v":"UN"},null,{"$f":"I4238","v":171.22},{"$f":"VLOOKUP(D4177,ORSE!$C:$F,4)","v":218.68}]
[]
[null,null,null,"COD.","DESCRIÇÃO","UN.","COEF.","PREÇO","TOTAL"]
[null,null,null,"MÃO DE OBRA"]
[null,null,null,"88267","ENCANADOR OU BOMBEIRO HIDRÁULICO COM ENCARGOS COMPLEMENTARES","h",0.33,{"$f":"SUMIF(Insumos!B:B,D4181,Insumos!G:G)","v":13.51},{"$f":"(G4181*H4181)","v":4.46}]
[null,null,null,"88309","PEDREIRO COM ENCARGOS COMPLEMENTARES","h",0.33,{"$f":"SUMIF(Insumos!B:B,D4182,Insumos!G:G)","v":13.51},4.46]
[null,null,null,6111,"SERVENTE DE OBRAS","h",3.1698,{"$f":"SUMIF(Insumos!B:B,D4183,Insumos!G:G)","v":11.11},35.22]
[null,null,null,10517,"Exames admissionais/demissionais (checkup)","cj",2.5999999999999999E-3,{"$f":"SUMIF(Insumos!B:B,D4184,Insumos!G:G)","v":255.26},0.66]
[null,null,null,10761,"Refeição - café da manhã ( café com leite e dois pães com manteiga)","un",0.67290000000000005,{"$f":"SUMIF(Insumos!B:B,D4185,Insumos!G:G)","v":1.96},1.32]
[null,null,null,10362,"Seguro de vida e acidente em grupo","un",2.9700000000000001E-2,{"$f":"SUMIF(Insumos!B:B,D4186,Insumos!G:G)","v":4.42},0.13]
[{"$nulls":7},{"$f":"SUMIF(Insumos!B:B,D4187,Insumos!G:G)","v":0},0]
[{"$nulls":7},"PARCIAL:",{"$f":"SUM(I4180:I4187)","v":46.25}]
[null,null,null,"MATERIAIS/ SERVIÇOS/ EQUIPAMENTOS"]
[null,null,null,2480,"Pick-up, capacidade 1,2 t","h",0.33,{"$f":"SUMIF(Insumos!B:B,D4190,Insumos!G:G)","v":8.25},{"$f":"(G4190*H4190)","v":2.72}]
[null,null,null,5161,"Adaptador pead 20mm x 1/2\"","un",2,{"$f":"SUMIF(Insumos!B:B,D4191,Insumos!G:G)","v":1.71},3.42]
[null,null,null,158,"Almoço (Participação do empregador)","un",0.67290000000000005,{"$f":"SUMIF(Insumos!B:B,D4192,Insumos!G:G)","v":7.83},5.27]
[null,null,null,12893,"Bota de seguranca com biqueira de aco e colarinho acolchoado","par",5.3E-3,{"$f":"SUMIF(Insumos!B:B,D4193,Insumos!G:G)","v":30.36},0.16]
[null,null,null,11882,"Caixa para hidrometro concreto pre moldado","un",1,{"$f":"SUMIF(Insumos!B:B,D4194,Insumos!G:G)","v":67.88},67.88]
[null,null,null,12894,"Capa para chuva em pvc com forro de poliester, com capuz (amarela ou azul)","un",1.4E-3,{"$f":"SUMIF(Insumos!B:B,D4195,Insumos!G:G)","v":8.2200000000000006},0.01]
[null,null,null,12895,"Capacete de seguranca aba frontal com suspensao de polietileno, sem jugular (classe b)","un",4.0000000000000001E-3,{"$f":"SUMIF(Insumos!B:B,D4196,Insumos!G:G)","v":6.33},0.03]
[null,null,null,2711,"Carrinho de mao de aco capacidade 50 a 60 l, pneu com camara","un",1.1999999999999999E-3,{"$f":"SUMIF(Insumos!B:B,D4197,Insumos!G:G)","v":86.13},0.1]
[null,null,null,10492,"Cesta Básica","un",2.9700000000000001E-2,{"$f":"SUMIF(Insumos!B:B,D4198,Insumos!G:G)","v":86.13},2.56]
[null,null,null,5240,"Colar de tomada em pvc com travas e saída roscável de = 60mm x 1/2\"","un",1,{"$f":"SUMIF(Insumos!B:B,D4199,Insumos!G:G)","v":4.24},{"$f":"(G4199*H4199)","v":4.24}]
[null,null,null,4719,"Colher de pedreiro","un",1E-4,{"$f":"SUMIF(Insumos!B:B,D4200,Insumos!G:G)","v":8.9700000000000006},0]
[null,null,null,4174,"Desempenadeira de aço lisa, cabo madeira, ref:143, Atlas ou similar","un",2.0000000000000001E-4,{"$f":"SUMIF(Insumos!B:B,D4201,Insumos!G:G)","v":6.4},0]
[null,null,null,11245,"Desempoladeira de madeira 12x22","un",2.0000000000000001E-4,{"$f":"SUMIF(Insumos!B:B,D4202,Insumos!G:G)","v":9.1999999999999993},0]
[null,null,null,11246,"Escala métrica de bambú","Un",2.0000000000000001E-4,{"$f":"SUMIF(Insumos!B:B,D4203,Insumos!G:G)","v":13.31},0]
[null,null,null,941,"Fardamento","un",9.9000000000000008E-3,{"$f":"SUMIF(Insumos!B:B,D4204,Insumos!G:G)","v":53.6},0.53]
[null,null,null,980,"Fita vedacao teflon larg= 1/2\"","m",20,{"$f":"SUMIF(Insumos!B:B,D4205,Insumos!G:G)","v":0.09},1.8]
[null,null,null,3543,"Joelho pvc, roscavel, 90 graus, 1/2\", para agua fria predial","un",5,{"$f":"SUMIF(Insumos!B:B,D4206,Insumos!G:G)","v":1.17},5.85]
[null,null,null,6313,"Lacre anti-fraude para hidrômetro em polipropileno","UN",1,{"$f":"SUMIF(Insumos!B:B,D4207,Insumos!G:G)","v":0.4},0.4]
[null,null,null,10592,"Lima chata 1 1/2\"","un",0,{"$f":"SUMIF(Insumos!B:B,D4208,Insumos!G:G)","v":6.73},0]
[null,null,null,12892,"Luva raspa de couro, cano curto (punho *7* cm)","par",1.52E-2,{"$f":"SUMIF(Insumos!B:B,D4209,Insumos!G:G)","v":5.69},0.09]
[null,null,null,4729,"Marreta 1 kg com cabo","un",5.9999999999999995E-4,{"$f":"SUMIF(Insumos!B:B,D4210,Insumos!G:G)","v":12.37},0.01]
[null,null,null,11264,"Marreta de 1/2 kg com cabo","un",1E-4,{"$f":"SUMIF(Insumos!B:B,D4211,Insumos!G:G)","v":8.57},0]
[null,null,null,11265,"Martelo de borracha com cabo","un",1E-4,{"$f":"SUMIF(Insumos!B:B,D4212,Insumos!G:G)","v":11.67},0]
[null,null,null,11243,"Martelo sem unha","un",0,{"$f":"SUMIF(Insumos!B:B,D4213,Insumos!G:G)","v":12.76},0]
[null,null,null,10789,"Nível de bolha de madeira","un",1E-4,{"$f":"SUMIF(Insumos!B:B,D4214,Insumos!G:G)","v":7.05},0]
[null,null,null,1651,"Óculos branco proteção","pr",5.3E-3,{"$f":"SUMIF(Insumos!B:B,D4215,Insumos!G:G)","v":4.3099999999999996},0.02]
[null,null,null,10788,"Pá quadrada","un",1.1999999999999999E-3,{"$f":"SUMIF(Insumos!B:B,D4216,Insumos!G:G)","v":13.54},0.02]
[null,null,null,4895,"Plug pvc roscavel, 1/2\", agua fria predial (nbr 5648)","un",1,{"$f":"SUMIF(Insumos!B:B,D4217,Insumos!G:G)","v":0.43},0.43]
[null,null,null,10593,"Praio simples 30cm","un",0,{"$f":"SUMIF(Insumos!B:B,D4218,Insumos!G:G)","v":35.76},0]
[null,null,null,10596,"Protetor auricular","un",2.9700000000000001E-2,{"$f":"SUMIF(Insumos!B:B,D4219,Insumos!G:G)","v":2.5099999999999998},7.0000000000000007E-2]
[null,null,null,10599,"Protetor solar fps 30 com 120ml","un",1.1900000000000001E-2,{"$f":"SUMIF(Insumos!B:B,D4220,Insumos!G:G)","v":13.86},0.16]
[null,null,null,10790,"Prumo de face","un",0,{"$f":"SUMIF(Insumos!B:B,D4221,Insumos!G:G)","v":13.35},0]
[null,null,null,6036,"Registro de esfera pvc, com borboleta, com rosca externa, de 1/2\"","un",1,{"$f":"SUMIF(Insumos!B:B,D4222,Insumos!G:G)","v":4.6100000000000003},4.6100000000000003]
[null,null,null,10282,"Regua de alumínio c/ 2,00m (para pedreiro)","un",1E-4,{"$f":"SUMIF(Insumos!B:B,D4223,Insumos!G:G)","v":13.08},0]
[null,null,null,11247,"Serra mármore","un",0,{"$f":"SUMIF(Insumos!B:B,D4224,Insumos!G:G)","v":213.74},0]
[null,null,null,4728,"Talhadeira chata 10\"","un",1.8E-3,{"$f":"SUMIF(Insumos!B:B,D4225,Insumos!G:G)","v":7.4},0.01]
[null,null,null,11256,"Tarracha para tubos PVC de 1 1/2\"","un",1E-4,{"$f":"SUMIF(Insumos!B:B,D4226,Insumos!G:G)","v":32.340000000000003},0]
[null,null,null,11257,"Tarracha para tubos PVC de 1 1/4\"","un",1E-4,{"$f":"SUMIF(Insumos!B:B,D4227,Insumos!G:G)","v":24.55},0]
[null,null,null,11255,"Tarracha para tubos PVC de 1\"","un",2.0000000000000001E-4,{"$f":"SUMIF(Insumos!B:B,D4228,Insumos!G:G)","v":17.190000000000001},0]
[null,null,null,11253,"Tarracha para tubos PVC de 1/2\"","un",4.0000000000000002E-4,{"$f":"SUMIF(Insumos!B:B,D4229,Insumos!G:G)","v":12.72},0.01]
[null,null,null,11254,"Tarracha para tubos PVC de 3/4\"","un",2.0000000000000001E-4,{"$f":"SUMIF(Insumos!B:B,D4230,Insumos!G:G)","v":14.72},0]
[null,null,null,7098,"Te pvc, roscavel, 90 graus, 1/2\", agua fria predial","un",1,{"$f":"SUMIF(Insumos!B:B,D4231,Insumos!G:G)","v":1.1200000000000001},1.1200000000000001]
[null,null,null,2260,"Torneira plastica para jardins 1/2\", HERC 1128 ou similar","un",1,{"$f":"SUMIF(Insumos!B:B,D4232,Insumos!G:G)","v":1.54},1.54]
[null,null,null,9813,"Tubo de polietileno de alta densidade (pead), pe-80, de = 20 mm x 2,3 mm de parede, para ligacao de agua predial (nbr 15561)","m",6,{"$f":"SUMIF(Insumos!B:B,D4233,Insumos!G:G)","v":2.4700000000000002},14.82]
[null,null,null,9856,"Tubo pvc, roscavel, 1/2\", agua fria predial","m",2,{"$f":"SUMIF(Insumos!B:B,D4234,Insumos!G:G)","v":2.72},5.44]
[null,null,null,2378,"Vale transporte","un",0.60299999999999998,{"$f":"SUMIF(Insumos!B:B,D4235,Insumos!G:G)","v":2.74},1.65]
[{"$nulls":7},"PARCIAL:",{"$f":"SUM(I4189:I4235)","v":124.97}]
[]
[{"$nulls":7},"VALOR UNITÁRIO TOTAL - R$",{"$f":"TRUNC(I4188+I4236+I4237,2)","v":171.22}]
[]
[]
[]
[null,"SERVIÇO","ORSE",3688,{"$f":"VLOOKUP(D4242,ORSE!$C:$F,2)","v":"TORNEIRA PLASTICA PARA JARDINS, HERC 1128, 1/2\" OU SIMILAR"},null,null,null,{"$f":"VLOOKUP(D4242,ORSE!$C:$F,3)","v":"UN"},null,{"$f":"I4279","v":11.32},{"$f":"VLOOKUP(D4242,ORSE!$C:$F,4)","v":14.47}]
[]
[null,null,null,"COD.","DESCRIÇÃO","UN.","COEF.","PREÇO","TOTAL"]
[null,null,null,"MÃO DE OBRA"]
[null,null,null,"88267","ENCANADOR OU BOMBEIRO HIDRÁULICO COM ENCARGOS COMPLEMENTARES","h",0.31590000000000001,{"$f":"SUMIF(Insumos!B:B,D4246,Insumos!G:G)","v":13.51},{"$f":"(G4246*H4246)","v":4.2699999999999996}]
[null,null,null,6111,"SERVENTE DE OBRAS","h",0.31590000000000001,{"$f":"SUMIF(Insumos!B:B,D4247,Insumos!G:G)","v":11.11},{"$f":"(G4247*H4247)","v":3.51}]
[null,null,null,10517,"Exames admissionais/demissionais (checkup)","cj",4.0000000000000002E-4,{"$f":"SUMIF(Insumos!B:B,D4248,Insumos!G:G)","v":255.26},{"$f":"(G4248*H4248)","v":0.1}]
[null,null,null,10761,"Refeição - café da manhã ( café com leite e dois pães com manteiga)","un",0.1018,{"$f":"SUMIF(Insumos!B:B,D4249,Insumos!G:G)","v":1.96},{"$f":"(G4249*H4249)","v":0.2}]
[null,null,null,10362,"Seguro de vida e acidente em grupo","un",4.4000000000000003E-3,{"$f":"SUMIF(Insumos!B:B,D4250,Insumos!G:G)","v":4.42},{"$f":"(G4250*H4250)","v":0.02}]
[{"$nulls":7},"PARCIAL:",{"$f":"SUM(I4245:I4250)","v":8.1}]
[null,null,null,"MATERIAIS/ SERVIÇOS/ EQUIPAMENTOS"]
[null,null,null,158,"Almoço (Participação do empregador)","un",0.1018,{"$f":"SUMIF(Insumos!B:B,D4253,Insumos!G:G)","v":7.83},{"$f":"(G4253*H4253)","v":0.8}]
[null,null,null,12893,"Bota de seguranca com biqueira de aco e colarinho acolchoado","par",8.0000000000000004E-4,{"$f":"SUMIF(Insumos!B:B,D4254,Insumos!G:G)","v":30.36},{"$f":"(G4254*H4254)","v":0.02}]
[null,null,null,12894,"Capa para chuva em pvc com forro de poliester, com capuz (amarela ou azul)","un",2.0000000000000001E-4,{"$f":"SUMIF(Insumos!B:B,D4255,Insumos!G:G)","v":8.2200000000000006},0]
[null,null,null,12895,"Capacete de seguranca aba frontal com suspensao de polietileno, sem jugular (classe b)","un",5.9999999999999995E-4,{"$f":"SUMIF(Insumos!B:B,D4256,Insumos!G:G)","v":6.33},0]
[null,null,null,2711,"Carrinho de mao de aco capacidade 50 a 60 l, pneu com camara","un",1E-4,{"$f":"SUMIF(Insumos!B:B,D4257,Insumos!G:G)","v":86.13},0.01]
[null,null,null,10492,"Cesta Básica","un",4.4000000000000003E-3,{"$f":"SUMIF(Insumos!B:B,D4258,Insumos!G:G)","v":86.13},0.38]
[null,null,null,941,"Fardamento","un",1.6000000000000001E-3,{"$f":"SUMIF(Insumos!B:B,D4259,Insumos!G:G)","v":53.6},0.09]
[null,null,null,981,"Fita veda rosca 18mm","m",0.5,{"$f":"SUMIF(Insumos!B:B,D4260,Insumos!G:G)","v":0.15},0.08]
[null,null,null,10592,"Lima chata 1 1/2\"","un",0,{"$f":"SUMIF(Insumos!B:B,D4261,Insumos!G:G)","v":6.73},0]
[null,null,null,12892,"Luva raspa de couro, cano curto (punho *7* cm)","par",2.3999999999999998E-3,{"$f":"SUMIF(Insumos!B:B,D4262,Insumos!G:G)","v":5.69},0.01]
[null,null,null,4729,"Marreta 1 kg com cabo","un",0,{"$f":"SUMIF(Insumos!B:B,D4263,Insumos!G:G)","v":12.37},0]
[null,null,null,1651,"Óculos branco proteção","pr",8.0000000000000004E-4,{"$f":"SUMIF(Insumos!B:B,D4264,Insumos!G:G)","v":4.3099999999999996},0]
[null,null,null,10788,"Pá quadrada","un",1E-4,{"$f":"SUMIF(Insumos!B:B,D4265,Insumos!G:G)","v":13.54},0]
[null,null,null,10593,"Praio simples 30cm","un",0,{"$f":"SUMIF(Insumos!B:B,D4266,Insumos!G:G)","v":35.76},0]
[null,null,null,10596,"Protetor auricular","un",4.4000000000000003E-3,{"$f":"SUMIF(Insumos!B:B,D4267,Insumos!G:G)","v":2.5099999999999998},0.01]
[null,null,null,10599,"Protetor solar fps 30 com 120ml","un",1.8E-3,{"$f":"SUMIF(Insumos!B:B,D4268,Insumos!G:G)","v":13.86},0.02]
[null,null,null,4728,"Talhadeira chata 10\"","un",2.0000000000000001E-4,{"$f":"SUMIF(Insumos!B:B,D4269,Insumos!G:G)","v":7.4},0]
[null,null,null,11256,"Tarracha para tubos PVC de 1 1/2\"","un",2.0000000000000001E-4,{"$f":"SUMIF(Insumos!B:B,D4270,Insumos!G:G)","v":32.340000000000003},0.01]
[null,null,null,11257,"Tarracha para tubos PVC de 1 1/4\"","un",2.0000000000000001E-4,{"$f":"SUMIF(Insumos!B:B,D4271,Insumos!G:G)","v":24.55},0]
[null,null,null,11255,"Tarracha para tubos PVC de 1\"","un",2.9999999999999997E-4,{"$f":"SUMIF(Insumos!B:B,D4272,Insumos!G:G)","v":17.190000000000001},0.01]
[null,null,null,11253,"Tarracha para tubos PVC de 1/2\"","un",5.9999999999999995E-4,{"$f":"SUMIF(Insumos!B:B,D4273,Insumos!G:G)","v":12.72},0.01]
[null,null,null,11254,"Tarracha para tubos PVC de 3/4\"","un",4.0000000000000002E-4,{"$f":"SUMIF(Insumos!B:B,D4274,Insumos!G:G)","v":14.72},0.01]
[null,null,null,2260,"Torneira plastica para jardins 1/2\", HERC 1128 ou similar","un",1,{"$f":"SUMIF(Insumos!B:B,D4275,Insumos!G:G)","v":1.54},1.54]
[null,null,null,2378,"Vale transporte","un",7.9699999999999993E-2,{"$f":"SUMIF(Insumos!B:B,D4276,Insumos!G:G)","v":2.74},0.22]
[{"$nulls":7},"PARCIAL:",{"$f":"SUM(I4252:I4276)","v":3.22}]
[]
[{"$nulls":7},"VALOR UNITÁRIO TOTAL - R$",{"$f":"TRUNC(I4251+I4277+I4278,2)","v":11.32}]
[]
[]
[]
[null,"SERVIÇO","ORSE",6454,{"$f":"VLOOKUP(D4283,ORSE!$C:$F,2)","v":"DESOBSTRUÇÃO DE FILTRO NO CAVALETE P/ VERIFICAÇÃO DE FALTA DE ÁGUA"},null,null,null,{"$f":"VLOOKUP(D4283,ORSE!$C:$F,3)","v":"UN"},null,{"$f":"I4320","v":11.47},{"$f":"VLOOKUP(D4283,ORSE!$C:$F,4)","v":14.67}]
[]
[null,null,null,"COD.","DESCRIÇÃO","UN.","COEF.","PREÇO","TOTAL"]
[null,null,null,"MÃO DE OBRA"]
[null,null,null,"88267","ENCANADOR OU BOMBEIRO HIDRÁULICO COM ENCARGOS COMPLEMENTARES","h",0.25280000000000002,{"$f":"SUMIF(Insumos!B:B,D4287,Insumos!G:G)","v":13.51},{"$f":"(G4287*H4287)","v":3.42}]
[null,null,null,6111,"SERVENTE DE OBRAS","h",0.25280000000000002,{"$f":"SUMIF(Insumos!B:B,D4288,Insumos!G:G)","v":11.11},{"$f":"(G4288*H4288)","v":2.81}]
[null,null,null,10517,"Exames admissionais/demissionais (checkup)","cj",4.0000000000000002E-4,{"$f":"SUMIF(Insumos!B:B,D4289,Insumos!G:G)","v":255.26},{"$f":"(G4289*H4289)","v":0.1}]
[null,null,null,10761,"Refeição - café da manhã ( café com leite e dois pães com manteiga)","un",8.14E-2,{"$f":"SUMIF(Insumos!B:B,D4290,Insumos!G:G)","v":1.96},{"$f":"(G4290*H4290)","v":0.16}]
[null,null,null,10362,"Seguro de vida e acidente em grupo","un",3.5999999999999999E-3,{"$f":"SUMIF(Insumos!B:B,D4291,Insumos!G:G)","v":4.42},{"$f":"(G4291*H4291)","v":0.02}]
[{"$nulls":7},"PARCIAL:",{"$f":"SUM(I4286:I4291)","v":6.51}]
[null,null,null,"MATERIAIS/ SERVIÇOS/ EQUIPAMENTOS"]
[null,null,null,2480,"Pick-up, capacidade 1,2 t","h",0.4,{"$f":"SUMIF(Insumos!B:B,D4294,Insumos!G:G)","v":8.25},{"$f":"(G4294*H4294)-0.01","v":3.29}]
[null,null,null,158,"Almoço (Participação do empregador)","un",8.14E-2,{"$f":"SUMIF(Insumos!B:B,D4295,Insumos!G:G)","v":7.83},{"$f":"(G4295*H4295)","v":0.64}]
[null,null,null,12893,"Bota de seguranca com biqueira de aco e colarinho acolchoado","par",5.9999999999999995E-4,{"$f":"SUMIF(Insumos!B:B,D4296,Insumos!G:G)","v":30.36},0.02]
[null,null,null,12894,"Capa para chuva em pvc com forro de poliester, com capuz (amarela ou azul)","un",2.0000000000000001E-4,{"$f":"SUMIF(Insumos!B:B,D4297,Insumos!G:G)","v":8.2200000000000006},0]
[null,null,null,12895,"Capacete de seguranca aba frontal com suspensao de polietileno, sem jugular (classe b)","un",4.0000000000000002E-4,{"$f":"SUMIF(Insumos!B:B,D4298,Insumos!G:G)","v":6.33},0]
[null,null,null,2711,"Carrinho de mao de aco capacidade 50 a 60 l, pneu com camara","un",1E-4,{"$f":"SUMIF(Insumos!B:B,D4299,Insumos!G:G)","v":86.13},0.01]
[null,null,null,10492,"Cesta Básica","un",3.5999999999999999E-3,{"$f":"SUMIF(Insumos!B:B,D4300,Insumos!G:G)","v":86.13},0.31]
[null,null,null,941,"Fardamento","un",1.1999999999999999E-3,{"$f":"SUMIF(Insumos!B:B,D4301,Insumos!G:G)","v":53.6},0.06]
[null,null,null,6313,"Lacre anti-fraude para hidrômetro em polipropileno","UN",1,{"$f":"SUMIF(Insumos!B:B,D4302,Insumos!G:G)","v":0.4},0.4]
[null,null,null,10592,"Lima chata 1 1/2\"","un",0,{"$f":"SUMIF(Insumos!B:B,D4303,Insumos!G:G)","v":6.73},0]
[null,null,null,12892,"Luva raspa de couro, cano curto (punho *7* cm)","par",1.8E-3,{"$f":"SUMIF(Insumos!B:B,D4304,Insumos!G:G)","v":5.69},0.01]
[null,null,null,4729,"Marreta 1 kg com cabo","un",0,{"$f":"SUMIF(Insumos!B:B,D4305,Insumos!G:G)","v":12.37},0]
[null,null,null,1651,"Óculos branco proteção","pr",5.9999999999999995E-4,{"$f":"SUMIF(Insumos!B:B,D4306,Insumos!G:G)","v":4.3099999999999996},0]
[null,null,null,10788,"Pá quadrada","un",1E-4,{"$f":"SUMIF(Insumos!B:B,D4307,Insumos!G:G)","v":13.54},0]
[null,null,null,10593,"Praio simples 30cm","un",0,{"$f":"SUMIF(Insumos!B:B,D4308,Insumos!G:G)","v":35.76},0]
[null,null,null,10596,"Protetor auricular","un",3.5999999999999999E-3,{"$f":"SUMIF(Insumos!B:B,D4309,Insumos!G:G)","v":2.5099999999999998},0.01]
[null,null,null,10599,"Protetor solar fps 30 com 120ml","un",1.4E-3,{"$f":"SUMIF(Insumos!B:B,D4310,Insumos!G:G)","v":13.86},0.02]
[null,null,null,4728,"Talhadeira chata 10\"","un",1E-4,{"$f":"SUMIF(Insumos!B:B,D4311,Insumos!G:G)","v":7.4},0]
[null,null,null,11256,"Tarracha para tubos PVC de 1 1/2\"","un",2.0000000000000001E-4,{"$f":"SUMIF(Insumos!B:B,D4312,Insumos!G:G)","v":32.340000000000003},0.01]
[null,null,null,11257,"Tarracha para tubos PVC de 1 1/4\"","un",2.0000000000000001E-4,{"$f":"SUMIF(Insumos!B:B,D4313,Insumos!G:G)","v":24.55},0]
[null,null,null,11255,"Tarracha para tubos PVC de 1\"","un",2.0000000000000001E-4,{"$f":"SUMIF(Insumos!B:B,D4314,Insumos!G:G)","v":17.190000000000001},0]
[null,null,null,11253,"Tarracha para tubos PVC de 1/2\"","un",4.0000000000000002E-4,{"$f":"SUMIF(Insumos!B:B,D4315,Insumos!G:G)","v":12.72},0.01]
[null,null,null,11254,"Tarracha para tubos PVC de 3/4\"","un",2.9999999999999997E-4,{"$f":"SUMIF(Insumos!B:B,D4316,Insumos!G:G)","v":14.72},0]
[null,null,null,2378,"Vale transporte","un",6.3799999999999996E-2,{"$f":"SUMIF(Insumos!B:B,D4317,Insumos!G:G)","v":2.74},0.17]
[{"$nulls":7},"PARCIAL:",{"$f":"SUM(I4293:I4317)","v":4.96}]
[]
[{"$nulls":7},"VALOR UNITÁRIO TOTAL - R$",{"$f":"TRUNC(I4292+I4318+I4319,2)","v":11.47}]
[]
[]
[]
[null,"INSUMO","ORSE",{"$f":"D4328","v":5460},{"$f":"E4328","v":"FLANGE AVULSO, EM FOFO, PN 25, D=  100MM"},null,null,null,{"$f":"F4328","v":"UN"},null,{"$f":"I4335","v":72.819999999999993},93.01]
[]
[null,null,null,"COD.","DESCRIÇÃO","UN.","COEF.","PREÇO","TOTAL"]
[null,null,null,"MATERIAIS"]
[null,null,null,5460,"FLANGE AVULSO, EM FOFO, PN 25, D=  100MM","UN",1,{"$f":"SUMIF(Insumos!B:B,D4328,Insumos!G:G)","v":72.819999999999993},{"$f":"(G4328*H4328)","v":72.819999999999993}]
[{"$nulls":7},{"$f":"SUMIF(Insumos!B:B,D4329,Insumos!G:G)","v":0},{"$f":"(G4329*H4329)","v":0}]
[{"$nulls":7},{"$f":"SUMIF(Insumos!B:B,D4330,Insumos!G:G)","v":0},{"$f":"(G4330*H4330)","v":0}]
[{"$nulls":7},{"$f":"SUMIF(Insumos!B:B,D4331,Insumos!G:G)","v":0},{"$f":"(G4331*H4331)","v":0}]
[{"$nulls":7},{"$f":"SUMIF(Insumos!B:B,D4332,Insumos!G:G)","v":0},{"$f":"(G4332*H4332)","v":0}]
[{"$nulls":7},"PARCIAL:",{"$f":"SUM(I4327:I4332)","v":72.819999999999993}]
[]
[{"$nulls":7},"VALOR UNITÁRIO TOTAL - R$",{"$f":"TRUNC(I4333+I4334,2)","v":72.819999999999993}]
[]
[]
[]
[null,"INSUMO","ORSE",{"$f":"D4343","v":5461},{"$f":"E4343","v":"FLANGE AVULSO, EM FOFO, PN 25, D=  150MM"},null,null,null,{"$f":"F4343","v":"UN"},null,{"$f":"I4350","v":129.46},165.35]
[]
[null,null,null,"COD.","DESCRIÇÃO","UN.","COEF.","PREÇO","TOTAL"]
[null,null,null,"MATERIAIS"]
[null,null,null,5461,"FLANGE AVULSO, EM FOFO, PN 25, D=  150MM","UN",1,{"$f":"SUMIF(Insumos!B:B,D4343,Insumos!G:G)","v":129.46},{"$f":"(G4343*H4343)","v":129.46}]
[{"$nulls":7},{"$f":"SUMIF(Insumos!B:B,D4344,Insumos!G:G)","v":0},{"$f":"(G4344*H4344)","v":0}]
[{"$nulls":7},{"$f":"SUMIF(Insumos!B:B,D4345,Insumos!G:G)","v":0},{"$f":"(G4345*H4345)","v":0}]
[{"$nulls":7},{"$f":"SUMIF(Insumos!B:B,D4346,Insumos!G:G)","v":0},{"$f":"(G4346*H4346)","v":0}]
[{"$nulls":7},{"$f":"SUMIF(Insumos!B:B,D4347,Insumos!G:G)","v":0},{"$f":"(G4347*H4347)","v":0}]
[{"$nulls":7},"PARCIAL:",{"$f":"SUM(I4342:I4347)","v":129.46}]
[]
[{"$nulls":7},"VALOR UNITÁRIO TOTAL - R$",{"$f":"TRUNC(I4348+I4349,2)","v":129.46}]
[]
[]
[]
[null,"INSUMO","ORSE",{"$f":"D4358","v":5454},{"$f":"E4358","v":"FLANGE AVULSO, EM FOFO, PN 10, D=  200MM"},null,null,null,{"$f":"F4358","v":"UN"},null,{"$f":"I4365","v":147.12},187.9]
[]
[null,null,null,"COD.","DESCRIÇÃO","UN.","COEF.","PREÇO","TOTAL"]
[null,null,null,"MATERIAIS"]
[null,null,null,5454,"FLANGE AVULSO, EM FOFO, PN 10, D=  200MM","UN",1,{"$f":"SUMIF(Insumos!B:B,D4358,Insumos!G:G)","v":147.12},{"$f":"(G4358*H4358)","v":147.12}]
[{"$nulls":7},{"$f":"SUMIF(Insumos!B:B,D4359,Insumos!G:G)","v":0},{"$f":"(G4359*H4359)","v":0}]
[{"$nulls":7},{"$f":"SUMIF(Insumos!B:B,D4360,Insumos!G:G)","v":0},{"$f":"(G4360*H4360)","v":0}]
[{"$nulls":7},{"$f":"SUMIF(Insumos!B:B,D4361,Insumos!G:G)","v":0},{"$f":"(G4361*H4361)","v":0}]
[{"$nulls":7},{"$f":"SUMIF(Insumos!B:B,D4362,Insumos!G:G)","v":0},{"$f":"(G4362*H4362)","v":0}]
[{"$nulls":7},"PARCIAL:",{"$f":"SUM(I4357:I4362)","v":147.12}]
[]
[{"$nulls":7},"VALOR UNITÁRIO TOTAL - R$",{"$f":"TRUNC(I4363+I4364,2)","v":147.12}]
[]
[]
[]
[null,"INSUMO","ORSE",{"$f":"D4373","v":1098},{"$f":"E4373","v":"HASTE ZINCADA D = 125MM (AQUAPLUV OU SIMILAR)"},null,null,null,{"$f":"F4373","v":"UN"},null,{"$f":"I4380","v":7.61},9.7200000000000006]
[]
[null,null,null,"COD.","DESCRIÇÃO","UN.","COEF.","PREÇO","TOTAL"]
[null,null,null,"MATERIAIS"]
[null,null,null,1098,"HASTE ZINCADA D = 125MM (AQUAPLUV OU SIMILAR)","UN",1,{"$f":"SUMIF(Insumos!B:B,D4373,Insumos!G:G)","v":7.61},{"$f":"(G4373*H4373)","v":7.61}]
[{"$nulls":7},{"$f":"SUMIF(Insumos!B:B,D4374,Insumos!G:G)","v":0},{"$f":"(G4374*H4374)","v":0}]
[{"$nulls":7},{"$f":"SUMIF(Insumos!B:B,D4375,Insumos!G:G)","v":0},{"$f":"(G4375*H4375)","v":0}]
[{"$nulls":7},{"$f":"SUMIF(Insumos!B:B,D4376,Insumos!G:G)","v":0},{"$f":"(G4376*H4376)","v":0}]
[{"$nulls":7},{"$f":"SUMIF(Insumos!B:B,D4377,Insumos!G:G)","v":0},{"$f":"(G4377*H4377)","v":0}]
[{"$nulls":7},"PARCIAL:",{"$f":"SUM(I4372:I4377)","v":7.61}]
[]
[{"$nulls":7},"VALOR UNITÁRIO TOTAL - R$",{"$f":"TRUNC(I4378+I4379,2)","v":7.61}]
[]
[]
[]
[null,"INSUMO","ORSE",{"$f":"D4388","v":5387},{"$f":"E4388","v":"CURVA 90º, EM FOFO, C/ FLANGES PN 10 / 16, D=  150MM"},null,null,null,{"$f":"F4388","v":"UN"},null,{"$f":"I4395","v":199.71},255.06]
[]
[null,null,null,"COD.","DESCRIÇÃO","UN.","COEF.","PREÇO","TOTAL"]
[null,null,null,"MATERIAIS"]
[null,null,null,5387,"CURVA 90º, EM FOFO, C/ FLANGES PN 10 / 16, D=  150MM","UN",1,{"$f":"SUMIF(Insumos!B:B,D4388,Insumos!G:G)","v":199.71},{"$f":"(G4388*H4388)","v":199.71}]
[{"$nulls":7},{"$f":"SUMIF(Insumos!B:B,D4389,Insumos!G:G)","v":0},{"$f":"(G4389*H4389)","v":0}]
[{"$nulls":7},{"$f":"SUMIF(Insumos!B:B,D4390,Insumos!G:G)","v":0},{"$f":"(G4390*H4390)","v":0}]
[{"$nulls":7},{"$f":"SUMIF(Insumos!B:B,D4391,Insumos!G:G)","v":0},{"$f":"(G4391*H4391)","v":0}]
[{"$nulls":7},{"$f":"SUMIF(Insumos!B:B,D4392,Insumos!G:G)","v":0},{"$f":"(G4392*H4392)","v":0}]
[{"$nulls":7},"PARCIAL:",{"$f":"SUM(I4387:I4392)","v":199.71}]
[]
[{"$nulls":7},"VALOR UNITÁRIO TOTAL - R$",{"$f":"TRUNC(I4393+I4394,2)","v":199.71}]
[]
[]
[]
[null,"INSUMO","ORSE",{"$f":"D4403","v":5346},{"$f":"E4403","v":"CURVA 45º, EM FOFO, C/ FLANGES PN 10 / 16, D=  150MM"},null,null,null,{"$f":"F4403","v":"UN"},null,{"$f":"I4410","v":193.59},247.25]
[]
[null,null,null,"COD.","DESCRIÇÃO","UN.","COEF.","PREÇO","TOTAL"]
[null,null,null,"MATERIAIS"]
[null,null,null,5346,"CURVA 45º, EM FOFO, C/ FLANGES PN 10 / 16, D=  150MM","UN",1,{"$f":"SUMIF(Insumos!B:B,D4403,Insumos!G:G)","v":193.59},{"$f":"(G4403*H4403)","v":193.59}]
[{"$nulls":7},{"$f":"SUMIF(Insumos!B:B,D4404,Insumos!G:G)","v":0},{"$f":"(G4404*H4404)","v":0}]
[{"$nulls":7},{"$f":"SUMIF(Insumos!B:B,D4405,Insumos!G:G)","v":0},{"$f":"(G4405*H4405)","v":0}]
[{"$nulls":7},{"$f":"SUMIF(Insumos!B:B,D4406,Insumos!G:G)","v":0},{"$f":"(G4406*H4406)","v":0}]
[{"$nulls":7},{"$f":"SUMIF(Insumos!B:B,D4407,Insumos!G:G)","v":0},{"$f":"(G4407*H4407)","v":0}]
[{"$nulls":7},"PARCIAL:",{"$f":"SUM(I4402:I4407)","v":193.59}]
[]
[{"$nulls":7},"VALOR UNITÁRIO TOTAL - R$",{"$f":"TRUNC(I4408+I4409,2)","v":193.59}]
[]
[]
[]
[null,"INSUMO","ORSE",{"$f":"D4418","v":5559},{"$f":"E4418","v":"REDUÇÃO EM FOFO, C/ FLANGES PN 10 / 16, D=  150 X   80MM"},null,null,null,{"$f":"F4418","v":"UN"},null,{"$f":"I4425","v":187.63},239.64]
[]
[null,null,null,"COD.","DESCRIÇÃO","UN.","COEF.","PREÇO","TOTAL"]
[null,null,null,"MATERIAIS"]
[null,null,null,5559,"REDUÇÃO EM FOFO, C/ FLANGES PN 10 / 16, D=  150 X   80MM","UN",1,{"$f":"SUMIF(Insumos!B:B,D4418,Insumos!G:G)","v":187.63},{"$f":"(G4418*H4418)","v":187.63}]
[{"$nulls":7},{"$f":"SUMIF(Insumos!B:B,D4419,Insumos!G:G)","v":0},{"$f":"(G4419*H4419)","v":0}]
[{"$nulls":7},{"$f":"SUMIF(Insumos!B:B,D4420,Insumos!G:G)","v":0},{"$f":"(G4420*H4420)","v":0}]
[{"$nulls":7},{"$f":"SUMIF(Insumos!B:B,D4421,Insumos!G:G)","v":0},{"$f":"(G4421*H4421)","v":0}]
[{"$nulls":7},{"$f":"SUMIF(Insumos!B:B,D4422,Insumos!G:G)","v":0},{"$f":"(G4422*H4422)","v":0}]
[{"$nulls":7},"PARCIAL:",{"$f":"SUM(I4417:I4422)","v":187.63}]
[]
[{"$nulls":7},"VALOR UNITÁRIO TOTAL - R$",{"$f":"TRUNC(I4423+I4424,2)","v":187.63}]
[]
[]
[]
[null,"INSUMO","ORSE",{"$f":"D4433","v":5586},{"$f":"E4433","v":"REDUÇÃO EXCENTRICA EM FOFO, C/ FLANGES PN 10, D=  200 X  100MM"},null,null,null,{"$f":"F4433","v":"UN"},null,{"$f":"I4440","v":312.48},399.09]
[]
[null,null,null,"COD.","DESCRIÇÃO","UN.","COEF.","PREÇO","TOTAL"]
[null,null,null,"MATERIAIS"]
[null,null,null,5586,"REDUÇÃO EXCENTRICA EM FOFO, C/ FLANGES PN 10, D=  200 X  100MM","UN",1,{"$f":"SUMIF(Insumos!B:B,D4433,Insumos!G:G)","v":312.48},{"$f":"(G4433*H4433)","v":312.48}]
[{"$nulls":7},{"$f":"SUMIF(Insumos!B:B,D4434,Insumos!G:G)","v":0},{"$f":"(G4434*H4434)","v":0}]
[{"$nulls":7},{"$f":"SUMIF(Insumos!B:B,D4435,Insumos!G:G)","v":0},{"$f":"(G4435*H4435)","v":0}]
[{"$nulls":7},{"$f":"SUMIF(Insumos!B:B,D4436,Insumos!G:G)","v":0},{"$f":"(G4436*H4436)","v":0}]
[{"$nulls":7},{"$f":"SUMIF(Insumos!B:B,D4437,Insumos!G:G)","v":0},{"$f":"(G4437*H4437)","v":0}]
[{"$nulls":7},"PARCIAL:",{"$f":"SUM(I4432:I4437)","v":312.48}]
[]
[{"$nulls":7},"VALOR UNITÁRIO TOTAL - R$",{"$f":"TRUNC(I4438+I4439,2)","v":312.48}]
[]
[]
[]
[null,"INSUMO","ORSE",{"$f":"D4448","v":5583},{"$f":"E4448","v":"REDUÇÃO EXCENTRICA EM FOFO, C/ FLANGES PN 10 / 16, D=  100 X   80MM"},null,null,null,{"$f":"F4448","v":"UN"},null,{"$f":"I4455","v":122.69},156.69999999999999]
[]
[null,null,null,"COD.","DESCRIÇÃO","UN.","COEF.","PREÇO","TOTAL"]
[null,null,null,"MATERIAIS"]
[null,null,null,5583,"REDUÇÃO EXCENTRICA EM FOFO, C/ FLANGES PN 10 / 16, D=  100 X   80MM","UN",1,{"$f":"SUMIF(Insumos!B:B,D4448,Insumos!G:G)","v":122.69},{"$f":"(G4448*H4448)","v":122.69}]
[{"$nulls":7},{"$f":"SUMIF(Insumos!B:B,D4449,Insumos!G:G)","v":0},{"$f":"(G4449*H4449)","v":0}]
[{"$nulls":7},{"$f":"SUMIF(Insumos!B:B,D4450,Insumos!G:G)","v":0},{"$f":"(G4450*H4450)","v":0}]
[{"$nulls":7},{"$f":"SUMIF(Insumos!B:B,D4451,Insumos!G:G)","v":0},{"$f":"(G4451*H4451)","v":0}]
[{"$nulls":7},{"$f":"SUMIF(Insumos!B:B,D4452,Insumos!G:G)","v":0},{"$f":"(G4452*H4452)","v":0}]
[{"$nulls":7},"PARCIAL:",{"$f":"SUM(I4447:I4452)","v":122.69}]
[]
[{"$nulls":7},"VALOR UNITÁRIO TOTAL - R$",{"$f":"TRUNC(I4453+I4454,2)","v":122.69}]
[]
[]
[]
[null,"INSUMO","ORSE",{"$f":"D4463","v":6343},{"$f":"E4463","v":"REGISTRO GAVETA FOFO, C/ FLANGES, CUNHA BORRACHA, CORPO CURTO E CABEÇOTE, TIP O EURO 23,  PN16, DIAM  = 150MM"},null,null,null,{"$f":"F4463","v":"UN"},null,{"$f":"I4470","v":461.35},589.22]
[]
[null,null,null,"COD.","DESCRIÇÃO","UN.","COEF.","PREÇO","TOTAL"]
[null,null,null,"MATERIAIS"]
[null,null,null,6343,"REGISTRO GAVETA FOFO, C/ FLANGES, CUNHA BORRACHA, CORPO CURTO E CABEÇOTE, TIP O EURO 23,  PN16, DIAM  = 150MM","UN",1,{"$f":"SUMIF(Insumos!B:B,D4463,Insumos!G:G)","v":461.35},{"$f":"(G4463*H4463)","v":461.35}]
[{"$nulls":7},{"$f":"SUMIF(Insumos!B:B,D4464,Insumos!G:G)","v":0},{"$f":"(G4464*H4464)","v":0}]
[{"$nulls":7},{"$f":"SUMIF(Insumos!B:B,D4465,Insumos!G:G)","v":0},{"$f":"(G4465*H4465)","v":0}]
[{"$nulls":7},{"$f":"SUMIF(Insumos!B:B,D4466,Insumos!G:G)","v":0},{"$f":"(G4466*H4466)","v":0}]
[{"$nulls":7},{"$f":"SUMIF(Insumos!B:B,D4467,Insumos!G:G)","v":0},{"$f":"(G4467*H4467)","v":0}]
[{"$nulls":7},"PARCIAL:",{"$f":"SUM(I4462:I4467)","v":461.35}]
[]
[{"$nulls":7},"VALOR UNITÁRIO TOTAL - R$",{"$f":"TRUNC(I4468+I4469,2)","v":461.35}]
[]
[]
[]
[null,"INSUMO","ORSE",{"$f":"D4478","v":5762},{"$f":"E4478","v":"TOCO EM FOFO C/ FLANGES PN 10 / 16, COMP. = 0,25M, D=  150MM"},null,null,null,{"$f":"F4478","v":"UN"},null,{"$f":"I4485","v":198.36},253.34]
[]
[null,null,null,"COD.","DESCRIÇÃO","UN.","COEF.","PREÇO","TOTAL"]
[null,null,null,"MATERIAIS"]
[null,null,null,5762,"TOCO EM FOFO C/ FLANGES PN 10 / 16, COMP. = 0,25M, D=  150MM","UN",1,{"$f":"SUMIF(Insumos!B:B,D4478,Insumos!G:G)","v":198.36},{"$f":"(G4478*H4478)","v":198.36}]
[{"$nulls":7},{"$f":"SUMIF(Insumos!B:B,D4479,Insumos!G:G)","v":0},{"$f":"(G4479*H4479)","v":0}]
[{"$nulls":7},{"$f":"SUMIF(Insumos!B:B,D4480,Insumos!G:G)","v":0},{"$f":"(G4480*H4480)","v":0}]
[{"$nulls":7},{"$f":"SUMIF(Insumos!B:B,D4481,Insumos!G:G)","v":0},{"$f":"(G4481*H4481)","v":0}]
[{"$nulls":7},{"$f":"SUMIF(Insumos!B:B,D4482,Insumos!G:G)","v":0},{"$f":"(G4482*H4482)","v":0}]
[{"$nulls":7},"PARCIAL:",{"$f":"SUM(I4477:I4482)","v":198.36}]
[]
[{"$nulls":7},"VALOR UNITÁRIO TOTAL - R$",{"$f":"TRUNC(I4483+I4484,2)","v":198.36}]
[]
[]
[]
[null,"INSUMO","ORSE",{"$f":"D4493","v":5764},{"$f":"E4493","v":"TOCO EM FOFO C/ FLANGES PN 10 / 16, COMP. = 0,50M, D=  150MM"},null,null,null,{"$f":"F4493","v":"UN"},null,{"$f":"I4498","v":257.29000000000002},328.6]
[]
[null,null,null,"COD.","DESCRIÇÃO","UN.","COEF.","PREÇO","TOTAL"]
[null,null,null,"MATERIAIS"]
[null,null,null,5764,"TOCO EM FOFO C/ FLANGES PN 10 / 16, COMP. = 0,50M, D=  150MM","UN",1,{"$f":"SUMIF(Insumos!B:B,D4493,Insumos!G:G)","v":257.29000000000002},{"$f":"(G4493*H4493)","v":257.29000000000002}]
[{"$nulls":7},{"$f":"SUMIF(Insumos!B:B,D4494,Insumos!G:G)","v":0},{"$f":"(G4494*H4494)","v":0}]
[{"$nulls":7},{"$f":"SUMIF(Insumos!B:B,D4495,Insumos!G:G)","v":0},{"$f":"(G4495*H4495)","v":0}]
[{"$nulls":7},"PARCIAL:",{"$f":"SUM(I4492:I4495)","v":257.29000000000002}]
[]
[{"$nulls":7},"VALOR UNITÁRIO TOTAL - R$",{"$f":"TRUNC(I4496+I4497,2)","v":257.29000000000002}]
[]
[]
[]
[null,"INSUMO","ORSE",{"$f":"D4506","v":5765},{"$f":"E4506","v":"TOCO EM FOFO C/ FLANGES PN 10, COMP. = 0,25M, D=  200MM"},null,null,null,{"$f":"F4506","v":"UN"},null,{"$f":"I4513","v":266.91000000000003},340.89]
[]
[null,null,null,"COD.","DESCRIÇÃO","UN.","COEF.","PREÇO","TOTAL"]
[null,null,null,"MATERIAIS"]
[null,null,null,5765,"TOCO EM FOFO C/ FLANGES PN 10, COMP. = 0,25M, D=  200MM","UN",1,{"$f":"SUMIF(Insumos!B:B,D4506,Insumos!G:G)","v":266.91000000000003},{"$f":"(G4506*H4506)","v":266.91000000000003}]
[{"$nulls":7},{"$f":"SUMIF(Insumos!B:B,D4507,Insumos!G:G)","v":0},{"$f":"(G4507*H4507)","v":0}]
[{"$nulls":7},{"$f":"SUMIF(Insumos!B:B,D4508,Insumos!G:G)","v":0},{"$f":"(G4508*H4508)","v":0}]
[{"$nulls":7},{"$f":"SUMIF(Insumos!B:B,D4509,Insumos!G:G)","v":0},{"$f":"(G4509*H4509)","v":0}]
[{"$nulls":7},{"$f":"SUMIF(Insumos!B:B,D4510,Insumos!G:G)","v":0},{"$f":"(G4510*H4510)","v":0}]
[{"$nulls":7},"PARCIAL:",{"$f":"SUM(I4505:I4510)","v":266.91000000000003}]
[]
[{"$nulls":7},"VALOR UNITÁRIO TOTAL - R$",{"$f":"TRUNC(I4511+I4512,2)","v":266.91000000000003}]
[]
[]
[]
[null,"INSUMO","ORSE",{"$f":"D4521","v":5768},{"$f":"E4521","v":"TOCO EM FOFO C/ FLANGES PN 10, COMP. = 0,50M, D=  200MM"},null,null,null,{"$f":"F4521","v":"UN"},null,{"$f":"I4528","v":323.8},413.55]
[]
[null,null,null,"COD.","DESCRIÇÃO","UN.","COEF.","PREÇO","TOTAL"]
[null,null,null,"MATERIAIS"]
[null,null,null,5768,"TOCO EM FOFO C/ FLANGES PN 10, COMP. = 0,50M, D=  200MM","UN",1,{"$f":"SUMIF(Insumos!B:B,D4521,Insumos!G:G)","v":323.8},{"$f":"(G4521*H4521)","v":323.8}]
[{"$nulls":7},{"$f":"SUMIF(Insumos!B:B,D4522,Insumos!G:G)","v":0},{"$f":"(G4522*H4522)","v":0}]
[{"$nulls":7},{"$f":"SUMIF(Insumos!B:B,D4523,Insumos!G:G)","v":0},{"$f":"(G4523*H4523)","v":0}]
[{"$nulls":7},{"$f":"SUMIF(Insumos!B:B,D4524,Insumos!G:G)","v":0},{"$f":"(G4524*H4524)","v":0}]
[{"$nulls":7},{"$f":"SUMIF(Insumos!B:B,D4525,Insumos!G:G)","v":0},{"$f":"(G4525*H4525)","v":0}]
[{"$nulls":7},"PARCIAL:",{"$f":"SUM(I4520:I4525)","v":323.8}]
[]
[{"$nulls":7},"VALOR UNITÁRIO TOTAL - R$",{"$f":"TRUNC(I4526+I4527,2)","v":323.8}]
[]
[]
[]
[null,"INSUMO","ORSE",{"$f":"D4536","v":5875},{"$f":"E4536","v":"TUBO EM FOFO, PONTA E FLANGE PN 10 / 16, D=  150MM, L=1,00M"},null,null,null,{"$f":"F4536","v":"UN"},null,{"$f":"I4543","v":411.96},526.14]
[]
[null,null,null,"COD.","DESCRIÇÃO","UN.","COEF.","PREÇO","TOTAL"]
[null,null,null,"MATERIAIS"]
[null,null,null,5875,"TUBO EM FOFO, PONTA E FLANGE PN 10 / 16, D=  150MM, L=1,00M","UN",1,{"$f":"SUMIF(Insumos!B:B,D4536,Insumos!G:G)","v":411.96},{"$f":"(G4536*H4536)","v":411.96}]
[{"$nulls":7},{"$f":"SUMIF(Insumos!B:B,D4537,Insumos!G:G)","v":0},{"$f":"(G4537*H4537)","v":0}]
[{"$nulls":7},{"$f":"SUMIF(Insumos!B:B,D4538,Insumos!G:G)","v":0},{"$f":"(G4538*H4538)","v":0}]
[{"$nulls":7},{"$f":"SUMIF(Insumos!B:B,D4539,Insumos!G:G)","v":0},{"$f":"(G4539*H4539)","v":0}]
[{"$nulls":7},{"$f":"SUMIF(Insumos!B:B,D4540,Insumos!G:G)","v":0},{"$f":"(G4540*H4540)","v":0}]
[{"$nulls":7},"PARCIAL:",{"$f":"SUM(I4535:I4540)","v":411.96}]
[]
[{"$nulls":7},"VALOR UNITÁRIO TOTAL - R$",{"$f":"TRUNC(I4541+I4542,2)","v":411.96}]
[]
[]
[]
[null,"INSUMO","ORSE",{"$f":"D4551","v":12349},{"$f":"E4551","v":"TUBO EM FERRO FUNDIDO, C/ FLANGES PN 10, DIAM. = 200MM, L=1,20M"},null,null,null,{"$f":"F4551","v":"UN"},null,{"$f":"I4558","v":676.48},863.97]
[]
[null,null,null,"COD.","DESCRIÇÃO","UN.","COEF.","PREÇO","TOTAL"]
[null,null,null,"MATERIAIS"]
[null,null,null,12349,"TUBO EM FERRO FUNDIDO, C/ FLANGES PN 10, DIAM. = 200MM, L=1,20M","UN",1,{"$f":"SUMIF(Insumos!B:B,D4551,Insumos!G:G)","v":676.48},{"$f":"(G4551*H4551)","v":676.48}]
[{"$nulls":7},{"$f":"SUMIF(Insumos!B:B,D4552,Insumos!G:G)","v":0},{"$f":"(G4552*H4552)","v":0}]
[{"$nulls":7},{"$f":"SUMIF(Insumos!B:B,D4553,Insumos!G:G)","v":0},{"$f":"(G4553*H4553)","v":0}]
[{"$nulls":7},{"$f":"SUMIF(Insumos!B:B,D4554,Insumos!G:G)","v":0},{"$f":"(G4554*H4554)","v":0}]
[{"$nulls":7},{"$f":"SUMIF(Insumos!B:B,D4555,Insumos!G:G)","v":0},{"$f":"(G4555*H4555)","v":0}]
[{"$nulls":7},"PARCIAL:",{"$f":"SUM(I4550:I4555)","v":676.48}]
[]
[{"$nulls":7},"VALOR UNITÁRIO TOTAL - R$",{"$f":"TRUNC(I4556+I4557,2)","v":676.48}]
[]
[]
[]
[null,"INSUMO","ORSE",{"$f":"D4566","v":5861},{"$f":"E4566","v":"TUBO EM FOFO, JE, PONTA / BOLSA, CLASSE K 7, D=  150MM"},null,null,null,{"$f":"F4566","v":"M"},null,{"$f":"I4573","v":163.21},208.45]
[]
[null,null,null,"COD.","DESCRIÇÃO","UN.","COEF.","PREÇO","TOTAL"]
[null,null,null,"MATERIAIS"]
[null,null,null,5861,"TUBO EM FOFO, JE, PONTA / BOLSA, CLASSE K 7, D=  150MM","M",1,{"$f":"SUMIF(Insumos!B:B,D4566,Insumos!G:G)","v":163.21},{"$f":"(G4566*H4566)","v":163.21}]
[{"$nulls":7},{"$f":"SUMIF(Insumos!B:B,D4567,Insumos!G:G)","v":0},{"$f":"(G4567*H4567)","v":0}]
[{"$nulls":7},{"$f":"SUMIF(Insumos!B:B,D4568,Insumos!G:G)","v":0},{"$f":"(G4568*H4568)","v":0}]
[{"$nulls":7},{"$f":"SUMIF(Insumos!B:B,D4569,Insumos!G:G)","v":0},{"$f":"(G4569*H4569)","v":0}]
[{"$nulls":7},{"$f":"SUMIF(Insumos!B:B,D4570,Insumos!G:G)","v":0},{"$f":"(G4570*H4570)","v":0}]
[{"$nulls":7},"PARCIAL:",{"$f":"SUM(I4565:I4570)","v":163.21}]
[]
[{"$nulls":7},"VALOR UNITÁRIO TOTAL - R$",{"$f":"TRUNC(I4571+I4572,2)","v":163.21}]
[]
[]
[]
[null,"INSUMO","ORSE",{"$f":"D4581","v":5725},{"$f":"E4581","v":"TÊ EM FOFO C/ FLANGES PN 10 / 16, D=  150 X  150MM"},null,null,null,{"$f":"F4581","v":"UN"},null,{"$f":"I4588","v":269.14999999999998},343.75]
[]
[null,null,null,"COD.","DESCRIÇÃO","UN.","COEF.","PREÇO","TOTAL"]
[null,null,null,"MATERIAIS"]
[null,null,null,5725,"TÊ EM FOFO C/ FLANGES PN 10 / 16, D=  150 X  150MM","UN",1,{"$f":"SUMIF(Insumos!B:B,D4581,Insumos!G:G)","v":269.14999999999998},{"$f":"(G4581*H4581)","v":269.14999999999998}]
[{"$nulls":7},{"$f":"SUMIF(Insumos!B:B,D4582,Insumos!G:G)","v":0},{"$f":"(G4582*H4582)","v":0}]
[{"$nulls":7},{"$f":"SUMIF(Insumos!B:B,D4583,Insumos!G:G)","v":0},{"$f":"(G4583*H4583)","v":0}]
[{"$nulls":7},{"$f":"SUMIF(Insumos!B:B,D4584,Insumos!G:G)","v":0},{"$f":"(G4584*H4584)","v":0}]
[{"$nulls":7},{"$f":"SUMIF(Insumos!B:B,D4585,Insumos!G:G)","v":0},{"$f":"(G4585*H4585)","v":0}]
[{"$nulls":7},"PARCIAL:",{"$f":"SUM(I4580:I4585)","v":269.14999999999998}]
[]
[{"$nulls":7},"VALOR UNITÁRIO TOTAL - R$",{"$f":"TRUNC(I4586+I4587,2)","v":269.14999999999998}]
[]
[]
[]
[null,"INSUMO","ORSE",{"$f":"D4596","v":6428},{"$f":"E4596","v":"VENTOSA SIMPLES COM ROSCA DIAM 1\""},null,null,null,{"$f":"F4596","v":"UN"},null,{"$f":"I4603","v":234.57},299.58]
[]
[null,null,null,"COD.","DESCRIÇÃO","UN.","COEF.","PREÇO","TOTAL"]
[null,null,null,"MATERIAIS"]
[null,null,null,6428,"VENTOSA SIMPLES COM ROSCA DIAM 1\"","UN",1,{"$f":"SUMIF(Insumos!B:B,D4596,Insumos!G:G)","v":234.57},{"$f":"(G4596*H4596)","v":234.57}]
[{"$nulls":7},{"$f":"SUMIF(Insumos!B:B,D4597,Insumos!G:G)","v":0},{"$f":"(G4597*H4597)","v":0}]
[{"$nulls":7},{"$f":"SUMIF(Insumos!B:B,D4598,Insumos!G:G)","v":0},{"$f":"(G4598*H4598)","v":0}]
[{"$nulls":7},{"$f":"SUMIF(Insumos!B:B,D4599,Insumos!G:G)","v":0},{"$f":"(G4599*H4599)","v":0}]
[{"$nulls":7},{"$f":"SUMIF(Insumos!B:B,D4600,Insumos!G:G)","v":0},{"$f":"(G4600*H4600)","v":0}]
[{"$nulls":7},"PARCIAL:",{"$f":"SUM(I4595:I4600)","v":234.57}]
[]
[{"$nulls":7},"VALOR UNITÁRIO TOTAL - R$",{"$f":"TRUNC(I4601+I4602,2)","v":234.57}]
[]
[]
[]
[null,"INSUMO","ORSE",{"$f":"D4611","v":5158},{"$f":"E4611","v":"ADAPTADOR DE PVC JE, BOLSA E ROSCA, PBA, D=  100MM"},null,null,null,{"$f":"F4611","v":"UN"},null,{"$f":"I4618","v":56.39},72.03]
[]
[null,null,null,"COD.","DESCRIÇÃO","UN.","COEF.","PREÇO","TOTAL"]
[null,null,null,"MATERIAIS"]
[null,null,null,5158,"ADAPTADOR DE PVC JE, BOLSA E ROSCA, PBA, D=  100MM","UN",1,{"$f":"SUMIF(Insumos!B:B,D4611,Insumos!G:G)","v":56.39},{"$f":"(G4611*H4611)","v":56.39}]
[{"$nulls":7},{"$f":"SUMIF(Insumos!B:B,D4612,Insumos!G:G)","v":0},{"$f":"(G4612*H4612)","v":0}]
[{"$nulls":7},{"$f":"SUMIF(Insumos!B:B,D4613,Insumos!G:G)","v":0},{"$f":"(G4613*H4613)","v":0}]
[{"$nulls":7},{"$f":"SUMIF(Insumos!B:B,D4614,Insumos!G:G)","v":0},{"$f":"(G4614*H4614)","v":0}]
[{"$nulls":7},{"$f":"SUMIF(Insumos!B:B,D4615,Insumos!G:G)","v":0},{"$f":"(G4615*H4615)","v":0}]
[{"$nulls":7},"PARCIAL:",{"$f":"SUM(I4610:I4615)","v":56.39}]
[]
[{"$nulls":7},"VALOR UNITÁRIO TOTAL - R$",{"$f":"TRUNC(I4616+I4617,2)","v":56.39}]
[]
[]
[]
[null,"INSUMO","ORSE","5157*",{"$f":"E4626","v":"ADAPTADOR DE PVC JE, BOLSA E ROSCA, PBA, D=   75MM"},null,null,null,{"$f":"F4626","v":"UN"},null,{"$f":"I4633","v":39.43},50.37]
[]
[null,null,null,"COD.","DESCRIÇÃO","UN.","COEF.","PREÇO","TOTAL"]
[null,null,null,"MATERIAIS"]
[null,null,null,5157,"ADAPTADOR DE PVC JE, BOLSA E ROSCA, PBA, D=   75MM","UN",1,{"$f":"SUMIF(Insumos!B:B,D4626,Insumos!G:G)","v":39.43},{"$f":"(G4626*H4626)","v":39.43}]
[{"$nulls":7},{"$f":"SUMIF(Insumos!B:B,D4627,Insumos!G:G)","v":0},{"$f":"(G4627*H4627)","v":0}]
[{"$nulls":7},{"$f":"SUMIF(Insumos!B:B,D4628,Insumos!G:G)","v":0},{"$f":"(G4628*H4628)","v":0}]
[{"$nulls":7},{"$f":"SUMIF(Insumos!B:B,D4629,Insumos!G:G)","v":0},{"$f":"(G4629*H4629)","v":0}]
[{"$nulls":7},{"$f":"SUMIF(Insumos!B:B,D4630,Insumos!G:G)","v":0},{"$f":"(G4630*H4630)","v":0}]
[{"$nulls":7},"PARCIAL:",{"$f":"SUM(I4625:I4630)","v":39.43}]
[]
[{"$nulls":7},"VALOR UNITÁRIO TOTAL - R$",{"$f":"TRUNC(I4631+I4632,2)","v":39.43}]
[]
[]
[]
[null,"INSUMO","ORSE",{"$f":"D4641","v":11429},{"$f":"E4641","v":"CADEADO 60MM, PADO OU SIMILAR"},null,null,null,{"$f":"F4641","v":"UN"},null,{"$f":"I4648","v":42.64},54.46]
[]
[null,null,null,"COD.","DESCRIÇÃO","UN.","COEF.","PREÇO","TOTAL"]
[null,null,null,"MATERIAIS"]
[null,null,null,11429,"CADEADO 60MM, PADO OU SIMILAR","UN",1,{"$f":"SUMIF(Insumos!B:B,D4641,Insumos!G:G)","v":42.64},{"$f":"(G4641*H4641)","v":42.64}]
[{"$nulls":7},{"$f":"SUMIF(Insumos!B:B,D4642,Insumos!G:G)","v":0},{"$f":"(G4642*H4642)","v":0}]
[{"$nulls":7},{"$f":"SUMIF(Insumos!B:B,D4643,Insumos!G:G)","v":0},{"$f":"(G4643*H4643)","v":0}]
[{"$nulls":7},{"$f":"SUMIF(Insumos!B:B,D4644,Insumos!G:G)","v":0},{"$f":"(G4644*H4644)","v":0}]
[{"$nulls":7},{"$f":"SUMIF(Insumos!B:B,D4645,Insumos!G:G)","v":0},{"$f":"(G4645*H4645)","v":0}]
[{"$nulls":7},"PARCIAL:",{"$f":"SUM(I4640:I4645)","v":42.64}]
[]
[{"$nulls":7},"VALOR UNITÁRIO TOTAL - R$",{"$f":"TRUNC(I4646+I4647,2)","v":42.64}]
[]
[]
[]
[null,"INSUMO","ORSE",{"$f":"D4656","v":5199},{"$f":"E4656","v":"ARRUELA DE BORRACHA PARA JUNTA C/ FLANGE PN 10, D=  200MM"},null,null,null,{"$f":"F4656","v":"UN"},null,{"$f":"I4663","v":3.28},4.2]
[]
[null,null,null,"COD.","DESCRIÇÃO","UN.","COEF.","PREÇO","TOTAL"]
[null,null,null,"MATERIAIS"]
[null,null,null,5199,"ARRUELA DE BORRACHA PARA JUNTA C/ FLANGE PN 10, D=  200MM","UN",1,{"$f":"SUMIF(Insumos!B:B,D4656,Insumos!G:G)","v":3.28},{"$f":"(G4656*H4656)","v":3.28}]
[{"$nulls":7},{"$f":"SUMIF(Insumos!B:B,D4657,Insumos!G:G)","v":0},{"$f":"(G4657*H4657)","v":0}]
[{"$nulls":7},{"$f":"SUMIF(Insumos!B:B,D4658,Insumos!G:G)","v":0},{"$f":"(G4658*H4658)","v":0}]
[{"$nulls":7},{"$f":"SUMIF(Insumos!B:B,D4659,Insumos!G:G)","v":0},{"$f":"(G4659*H4659)","v":0}]
[{"$nulls":7},{"$f":"SUMIF(Insumos!B:B,D4660,Insumos!G:G)","v":0},{"$f":"(G4660*H4660)","v":0}]
[{"$nulls":7},"PARCIAL:",{"$f":"SUM(I4655:I4660)","v":3.28}]
[]
[{"$nulls":7},"VALOR UNITÁRIO TOTAL - R$",{"$f":"TRUNC(I4661+I4662,2)","v":3.28}]
[]
[]
[]
[null,"INSUMO","ORSE",{"$f":"D4671","v":5174},{"$f":"E4671","v":"ANEL DE BORRACHA P/ TUBO OU CONEXÃO EM FOFO JE, D=  150MM"},null,null,null,{"$f":"F4671","v":"UN"},null,{"$f":"I4678","v":10.24},13.09]
[]
[null,null,null,"COD.","DESCRIÇÃO","UN.","COEF.","PREÇO","TOTAL"]
[null,null,null,"MATERIAIS"]
[null,null,null,5174,"ANEL DE BORRACHA P/ TUBO OU CONEXÃO EM FOFO JE, D=  150MM","UN",1,{"$f":"SUMIF(Insumos!B:B,D4671,Insumos!G:G)","v":10.24},{"$f":"(G4671*H4671)","v":10.24}]
[{"$nulls":7},{"$f":"SUMIF(Insumos!B:B,D4672,Insumos!G:G)","v":0},{"$f":"(G4672*H4672)","v":0}]
[{"$nulls":7},{"$f":"SUMIF(Insumos!B:B,D4673,Insumos!G:G)","v":0},{"$f":"(G4673*H4673)","v":0}]
[{"$nulls":7},{"$f":"SUMIF(Insumos!B:B,D4674,Insumos!G:G)","v":0},{"$f":"(G4674*H4674)","v":0}]
[{"$nulls":7},{"$f":"SUMIF(Insumos!B:B,D4675,Insumos!G:G)","v":0},{"$f":"(G4675*H4675)","v":0}]
[{"$nulls":7},"PARCIAL:",{"$f":"SUM(I4670:I4675)","v":10.24}]
[]
[{"$nulls":7},"VALOR UNITÁRIO TOTAL - R$",{"$f":"TRUNC(I4676+I4677,2)","v":10.24}]
[]
[]
[]
[null,"INSUMO","ORSE",{"$f":"D4686","v":5175},{"$f":"E4686","v":"ANEL DE BORRACHA P/ TUBO OU CONEXÃO EM FOFO JE, D=  200MM"},null,null,null,{"$f":"F4686","v":"UN"},null,{"$f":"I4693","v":12.86},16.43]
[]
[null,null,null,"COD.","DESCRIÇÃO","UN.","COEF.","PREÇO","TOTAL"]
[null,null,null,"MATERIAIS"]
[null,null,null,5175,"ANEL DE BORRACHA P/ TUBO OU CONEXÃO EM FOFO JE, D=  200MM","UN",1,{"$f":"SUMIF(Insumos!B:B,D4686,Insumos!G:G)","v":12.86},{"$f":"(G4686*H4686)","v":12.86}]
[{"$nulls":7},{"$f":"SUMIF(Insumos!B:B,D4687,Insumos!G:G)","v":0},{"$f":"(G4687*H4687)","v":0}]
[{"$nulls":7},{"$f":"SUMIF(Insumos!B:B,D4688,Insumos!G:G)","v":0},{"$f":"(G4688*H4688)","v":0}]
[{"$nulls":7},{"$f":"SUMIF(Insumos!B:B,D4689,Insumos!G:G)","v":0},{"$f":"(G4689*H4689)","v":0}]
[{"$nulls":7},{"$f":"SUMIF(Insumos!B:B,D4690,Insumos!G:G)","v":0},{"$f":"(G4690*H4690)","v":0}]
[{"$nulls":7},"PARCIAL:",{"$f":"SUM(I4685:I4690)","v":12.86}]
[]
[{"$nulls":7},"VALOR UNITÁRIO TOTAL - R$",{"$f":"TRUNC(I4691+I4692,2)","v":12.86}]
[]
[]
[]
[null,"INSUMO","ORSE",3529,{"$f":"E4701","v":"DOBRADIÇA EM CHAPA DE AÇO CARBONO, ESP 1/8\", FABRICADA ARTESANALMENTE, 4\" X 2 \""},null,null,null,{"$f":"F4701","v":"UN"},null,{"$f":"I4708","v":27.99},35.75]
[]
[null,null,null,"COD.","DESCRIÇÃO","UN.","COEF.","PREÇO","TOTAL"]
[null,null,null,"MATERIAIS"]
[null,null,null,3521,"DOBRADIÇA EM CHAPA DE AÇO CARBONO, ESP 1/8\", FABRICADA ARTESANALMENTE, 4\" X 2 \"","UN",1,{"$f":"SUMIF(Insumos!B:B,D4701,Insumos!G:G)","v":27.99},{"$f":"(G4701*H4701)","v":27.99}]
[{"$nulls":7},{"$f":"SUMIF(Insumos!B:B,D4702,Insumos!G:G)","v":0},{"$f":"(G4702*H4702)","v":0}]
[{"$nulls":7},{"$f":"SUMIF(Insumos!B:B,D4703,Insumos!G:G)","v":0},{"$f":"(G4703*H4703)","v":0}]
[{"$nulls":7},{"$f":"SUMIF(Insumos!B:B,D4704,Insumos!G:G)","v":0},{"$f":"(G4704*H4704)","v":0}]
[{"$nulls":7},{"$f":"SUMIF(Insumos!B:B,D4705,Insumos!G:G)","v":0},{"$f":"(G4705*H4705)","v":0}]
[{"$nulls":7},"PARCIAL:",{"$f":"SUM(I4700:I4705)","v":27.99}]
[]
[{"$nulls":7},"VALOR UNITÁRIO TOTAL - R$",{"$f":"TRUNC(I4706+I4707,2)","v":27.99}]
[]
[]
[]
[null,"INSUMO","ORSE",{"$f":"D4716","v":451},{"$f":"E4716","v":"CAIXA DE PVC 4\" X  2\" , EMBUTIR, P/ELETRODUTO (PRETA)"},null,null,null,{"$f":"F4716","v":"UN"},null,{"$f":"I4723","v":0.98},1.26]
[]
[null,null,null,"COD.","DESCRIÇÃO","UN.","COEF.","PREÇO","TOTAL"]
[null,null,null,"MATERIAIS"]
[null,null,null,451,"CAIXA DE PVC 4\" X  2\" , EMBUTIR, P/ELETRODUTO (PRETA)","UN",1,{"$f":"SUMIF(Insumos!B:B,D4716,Insumos!G:G)","v":0.98},{"$f":"(G4716*H4716)","v":0.98}]
[{"$nulls":7},{"$f":"SUMIF(Insumos!B:B,D4717,Insumos!G:G)","v":0},{"$f":"(G4717*H4717)","v":0}]
[{"$nulls":7},{"$f":"SUMIF(Insumos!B:B,D4718,Insumos!G:G)","v":0},{"$f":"(G4718*H4718)","v":0}]
[{"$nulls":7},{"$f":"SUMIF(Insumos!B:B,D4719,Insumos!G:G)","v":0},{"$f":"(G4719*H4719)","v":0}]
[{"$nulls":7},{"$f":"SUMIF(Insumos!B:B,D4720,Insumos!G:G)","v":0},{"$f":"(G4720*H4720)","v":0}]
[{"$nulls":7},"PARCIAL:",{"$f":"SUM(I4715:I4720)","v":0.98}]
[]
[{"$nulls":7},"VALOR UNITÁRIO TOTAL - R$",{"$f":"TRUNC(I4721+I4722,2)","v":0.98}]
[]
[]
[]
[null,"INSUMO","ORSE",{"$f":"D4731","v":9723},{"$f":"E4731","v":"TAMPA REFORÇADA EM FERRO FUNDIDO D=300MM, C/ESCOTILHA QUADRADA E ARTICULADA,  P/CX.ATERRAMENTO, REF:TEL-536 OU SIMILAR (SPDA)"},null,null,null,{"$f":"F4731","v":"UN"},null,{"$f":"I4736","v":77.349999999999994},98.79]
[]
[null,null,null,"COD.","DESCRIÇÃO","UN.","COEF.","PREÇO","TOTAL"]
[null,null,null,"MATERIAIS"]
[null,null,null,9723,"TAMPA REFORÇADA EM FERRO FUNDIDO D=300MM, C/ESCOTILHA QUADRADA E ARTICULADA,  P/CX.ATERRAMENTO, REF:TEL-536 OU SIMILAR (SPDA)","UN",1,{"$f":"SUMIF(Insumos!B:B,D4731,Insumos!G:G)","v":77.349999999999994},{"$f":"(G4731*H4731)","v":77.349999999999994}]
[{"$nulls":7},{"$f":"SUMIF(Insumos!B:B,D4732,Insumos!G:G)","v":0},{"$f":"(G4732*H4732)","v":0}]
[{"$nulls":7},{"$f":"SUMIF(Insumos!B:B,D4733,Insumos!G:G)","v":0},{"$f":"(G4733*H4733)","v":0}]
[{"$nulls":7},"PARCIAL:",{"$f":"SUM(I4730:I4733)","v":77.349999999999994}]
[]
[{"$nulls":7},"VALOR UNITÁRIO TOTAL - R$",{"$f":"TRUNC(I4734+I4735,2)","v":77.349999999999994}]
[]
[]
[]
[null,"INSUMO","ORSE",{"$f":"D4744","v":9722},{"$f":"E4744","v":"CORPO DA CAIXA DE INSPEÇÃO EM PVC P/ATERRAMENTO D=300MM, REDONDA, H=300MM, RE F: TEL-552 OU SIMILAR (SPDA)"},null,null,null,{"$f":"F4744","v":"UN"},null,{"$f":"I4751","v":16.38},20.93]
[]
[null,null,null,"COD.","DESCRIÇÃO","UN.","COEF.","PREÇO","TOTAL"]
[null,null,null,"MATERIAIS"]
[null,null,null,9722,"CORPO DA CAIXA DE INSPEÇÃO EM PVC P/ATERRAMENTO D=300MM, REDONDA, H=300MM, RE F: TEL-552 OU SIMILAR (SPDA)","UN",1,{"$f":"SUMIF(Insumos!B:B,D4744,Insumos!G:G)","v":16.38},{"$f":"(G4744*H4744)","v":16.38}]
[{"$nulls":7},{"$f":"SUMIF(Insumos!B:B,D4745,Insumos!G:G)","v":0},{"$f":"(G4745*H4745)","v":0}]
[{"$nulls":7},{"$f":"SUMIF(Insumos!B:B,D4746,Insumos!G:G)","v":0},{"$f":"(G4746*H4746)","v":0}]
[{"$nulls":7},{"$f":"SUMIF(Insumos!B:B,D4747,Insumos!G:G)","v":0},{"$f":"(G4747*H4747)","v":0}]
[{"$nulls":7},{"$f":"SUMIF(Insumos!B:B,D4748,Insumos!G:G)","v":0},{"$f":"(G4748*H4748)","v":0}]
[{"$nulls":7},"PARCIAL:",{"$f":"SUM(I4743:I4748)","v":16.38}]
[]
[{"$nulls":7},"VALOR UNITÁRIO TOTAL - R$",{"$f":"TRUNC(I4749+I4750,2)","v":16.38}]
[]
[]
[]
[null,"INSUMO","ORSE",{"$f":"D4759","v":485},{"$f":"E4759","v":"CAIXA DE PASSAGEM 30X30CM, EM CHAPA DE AÇO GALVANIZADO P/ELETRICA"},null,null,null,{"$f":"F4759","v":"UN"},null,{"$f":"I4766","v":28.18},36]
[]
[null,null,null,"COD.","DESCRIÇÃO","UN.","COEF.","PREÇO","TOTAL"]
[null,null,null,"MATERIAIS"]
[null,null,null,485,"CAIXA DE PASSAGEM 30X30CM, EM CHAPA DE AÇO GALVANIZADO P/ELETRICA","UN",1,{"$f":"SUMIF(Insumos!B:B,D4759,Insumos!G:G)","v":28.18},{"$f":"(G4759*H4759)","v":28.18}]
[{"$nulls":7},{"$f":"SUMIF(Insumos!B:B,D4760,Insumos!G:G)","v":0},{"$f":"(G4760*H4760)","v":0}]
[{"$nulls":7},{"$f":"SUMIF(Insumos!B:B,D4761,Insumos!G:G)","v":0},{"$f":"(G4761*H4761)","v":0}]
[{"$nulls":7},{"$f":"SUMIF(Insumos!B:B,D4762,Insumos!G:G)","v":0},{"$f":"(G4762*H4762)","v":0}]
[{"$nulls":7},{"$f":"SUMIF(Insumos!B:B,D4763,Insumos!G:G)","v":0},{"$f":"(G4763*H4763)","v":0}]
[{"$nulls":7},"PARCIAL:",{"$f":"SUM(I4758:I4763)","v":28.18}]
[]
[{"$nulls":7},"VALOR UNITÁRIO TOTAL - R$",{"$f":"TRUNC(I4764+I4765,2)","v":28.18}]
[]
[]
[]
[null,"INSUMO","ORSE",{"$f":"D4774","v":1094},{"$f":"E4774","v":"HASTE COBREADA COPPERWELD P/ ATERRAMENTO 254 MICR D= 3/4\" X 3,00 M C/CONECTOR"},null,null,null,{"$f":"F4774","v":"UN"},null,{"$f":"I4781","v":38.75},49.5]
[]
[null,null,null,"COD.","DESCRIÇÃO","UN.","COEF.","PREÇO","TOTAL"]
[null,null,null,"MATERIAIS"]
[null,null,null,1094,"HASTE COBREADA COPPERWELD P/ ATERRAMENTO 254 MICR D= 3/4\" X 3,00 M C/CONECTOR","UN",1,{"$f":"SUMIF(Insumos!B:B,D4774,Insumos!G:G)","v":38.75},{"$f":"(G4774*H4774)","v":38.75}]
[{"$nulls":7},{"$f":"SUMIF(Insumos!B:B,D4775,Insumos!G:G)","v":0},{"$f":"(G4775*H4775)","v":0}]
[{"$nulls":7},{"$f":"SUMIF(Insumos!B:B,D4776,Insumos!G:G)","v":0},{"$f":"(G4776*H4776)","v":0}]
[{"$nulls":7},{"$f":"SUMIF(Insumos!B:B,D4777,Insumos!G:G)","v":0},{"$f":"(G4777*H4777)","v":0}]
[{"$nulls":7},{"$f":"SUMIF(Insumos!B:B,D4778,Insumos!G:G)","v":0},{"$f":"(G4778*H4778)","v":0}]
[{"$nulls":7},"PARCIAL:",{"$f":"SUM(I4773:I4778)","v":38.75}]
[]
[{"$nulls":7},"VALOR UNITÁRIO TOTAL - R$",{"$f":"TRUNC(I4779+I4780,2)","v":38.75}]
[]
[]
[]
[null,"INSUMO","ORSE",{"$f":"D4789","v":1117},{"$f":"E4789","v":"INTERRUPTOR EMBUTIR 01 SEÇÃO SIMPLES COM PLACA"},null,null,null,{"$f":"F4789","v":"UN"},null,{"$f":"I4796","v":2.66},3.4]
[]
[null,null,null,"COD.","DESCRIÇÃO","UN.","COEF.","PREÇO","TOTAL"]
[null,null,null,"MATERIAIS"]
[null,null,null,1117,"INTERRUPTOR EMBUTIR 01 SEÇÃO SIMPLES COM PLACA","UN",1,{"$f":"SUMIF(Insumos!B:B,D4789,Insumos!G:G)","v":2.66},{"$f":"(G4789*H4789)","v":2.66}]
[{"$nulls":7},{"$f":"SUMIF(Insumos!B:B,D4790,Insumos!G:G)","v":0},{"$f":"(G4790*H4790)","v":0}]
[{"$nulls":7},{"$f":"SUMIF(Insumos!B:B,D4791,Insumos!G:G)","v":0},{"$f":"(G4791*H4791)","v":0}]
[{"$nulls":7},{"$f":"SUMIF(Insumos!B:B,D4792,Insumos!G:G)","v":0},{"$f":"(G4792*H4792)","v":0}]
[{"$nulls":7},{"$f":"SUMIF(Insumos!B:B,D4793,Insumos!G:G)","v":0},{"$f":"(G4793*H4793)","v":0}]
[{"$nulls":7},"PARCIAL:",{"$f":"SUM(I4788:I4793)","v":2.66}]
[]
[{"$nulls":7},"VALOR UNITÁRIO TOTAL - R$",{"$f":"TRUNC(I4794+I4795,2)","v":2.66}]
[]
[]
[]
[null,"INSUMO","ORSE",{"$f":"D4804","v":9103},{"$f":"E4804","v":"INTERRUPTOR 02 SEÇÕES SIMPLES, DE EMBUTIR, COM PLACA, CONJUGADO COM TOMADA 2P +T, ABNT, 10A"},null,null,null,{"$f":"F4804","v":"UN"},null,{"$f":"I4811","v":12.05},15.4]
[]
[null,null,null,"COD.","DESCRIÇÃO","UN.","COEF.","PREÇO","TOTAL"]
[null,null,null,"MATERIAIS"]
[null,null,null,9103,"INTERRUPTOR 02 SEÇÕES SIMPLES, DE EMBUTIR, COM PLACA, CONJUGADO COM TOMADA 2P +T, ABNT, 10A","UN",1,{"$f":"SUMIF(Insumos!B:B,D4804,Insumos!G:G)","v":12.05},{"$f":"(G4804*H4804)","v":12.05}]
[{"$nulls":7},{"$f":"SUMIF(Insumos!B:B,D4805,Insumos!G:G)","v":0},{"$f":"(G4805*H4805)","v":0}]
[{"$nulls":7},{"$f":"SUMIF(Insumos!B:B,D4806,Insumos!G:G)","v":0},{"$f":"(G4806*H4806)","v":0}]
[{"$nulls":7},{"$f":"SUMIF(Insumos!B:B,D4807,Insumos!G:G)","v":0},{"$f":"(G4807*H4807)","v":0}]
[{"$nulls":7},{"$f":"SUMIF(Insumos!B:B,D4808,Insumos!G:G)","v":0},{"$f":"(G4808*H4808)","v":0}]
[{"$nulls":7},"PARCIAL:",{"$f":"SUM(I4803:I4808)","v":12.05}]
[]
[{"$nulls":7},"VALOR UNITÁRIO TOTAL - R$",{"$f":"TRUNC(I4809+I4810,2)","v":12.05}]
[]
[]
[]
[null,"INSUMO","ORSE",{"$f":"D4819","v":9096},{"$f":"E4819","v":"TOMADA 2P + T, ABNT, DE EMBUTIR, 10 A, COM PLACA EM PVC"},null,null,null,{"$f":"F4819","v":"UN"},null,{"$f":"I4826","v":5.32},6.8]
[]
[null,null,null,"COD.","DESCRIÇÃO","UN.","COEF.","PREÇO","TOTAL"]
[null,null,null,"MATERIAIS"]
[null,null,null,9096,"TOMADA 2P + T, ABNT, DE EMBUTIR, 10 A, COM PLACA EM PVC","UN",1,{"$f":"SUMIF(Insumos!B:B,D4819,Insumos!G:G)","v":5.32},{"$f":"(G4819*H4819)","v":5.32}]
[{"$nulls":7},{"$f":"SUMIF(Insumos!B:B,D4820,Insumos!G:G)","v":0},{"$f":"(G4820*H4820)","v":0}]
[{"$nulls":7},{"$f":"SUMIF(Insumos!B:B,D4821,Insumos!G:G)","v":0},{"$f":"(G4821*H4821)","v":0}]
[{"$nulls":7},{"$f":"SUMIF(Insumos!B:B,D4822,Insumos!G:G)","v":0},{"$f":"(G4822*H4822)","v":0}]
[{"$nulls":7},{"$f":"SUMIF(Insumos!B:B,D4823,Insumos!G:G)","v":0},{"$f":"(G4823*H4823)","v":0}]
[{"$nulls":7},"PARCIAL:",{"$f":"SUM(I4818:I4823)","v":5.32}]
[]
[{"$nulls":7},"VALOR UNITÁRIO TOTAL - R$",{"$f":"TRUNC(I4824+I4825,2)","v":5.32}]
[]
[]
[]
[null,"INSUMO","ORSE",{"$f":"D4834","v":2622},{"$f":"E4834","v":"BASE FIXA PARA RELÉ FOTO ELÉTRICO"},null,null,null,{"$f":"F4834","v":"UN"},null,{"$f":"I4841","v":4.46},5.7]
[]
[null,null,null,"COD.","DESCRIÇÃO","UN.","COEF.","PREÇO","TOTAL"]
[null,null,null,"MATERIAIS"]
[null,null,null,2622,"BASE FIXA PARA RELÉ FOTO ELÉTRICO","UN",1,{"$f":"SUMIF(Insumos!B:B,D4834,Insumos!G:G)","v":4.46},{"$f":"(G4834*H4834)","v":4.46}]
[{"$nulls":7},{"$f":"SUMIF(Insumos!B:B,D4835,Insumos!G:G)","v":0},{"$f":"(G4835*H4835)","v":0}]
[{"$nulls":7},{"$f":"SUMIF(Insumos!B:B,D4836,Insumos!G:G)","v":0},{"$f":"(G4836*H4836)","v":0}]
[{"$nulls":7},{"$f":"SUMIF(Insumos!B:B,D4837,Insumos!G:G)","v":0},{"$f":"(G4837*H4837)","v":0}]
[{"$nulls":7},{"$f":"SUMIF(Insumos!B:B,D4838,Insumos!G:G)","v":0},{"$f":"(G4838*H4838)","v":0}]
[{"$nulls":7},"PARCIAL:",{"$f":"SUM(I4833:I4838)","v":4.46}]
[]
[{"$nulls":7},"VALOR UNITÁRIO TOTAL - R$",{"$f":"TRUNC(I4839+I4840,2)","v":4.46}]
[]
[]
[]
[null,"INSUMO","ORSE",{"$f":"D4849","v":3925},{"$f":"E4849","v":"CONDULETE TIPO \"T\" DE 1 1/2\" EM ALUMÍNIO FUNDIDO A PROVA DE TEMPO, GASES, VAP ORES E PÓS."},null,null,null,{"$f":"F4849","v":"UN"},null,{"$f":"I4856","v":18},23]
[]
[null,null,null,"COD.","DESCRIÇÃO","UN.","COEF.","PREÇO","TOTAL"]
[null,null,null,"MATERIAIS"]
[null,null,null,3925,"CONDULETE TIPO \"T\" DE 1 1/2\" EM ALUMÍNIO FUNDIDO A PROVA DE TEMPO, GASES, VAP ORES E PÓS.","UN",1,{"$f":"SUMIF(Insumos!B:B,D4849,Insumos!G:G)","v":18},{"$f":"(G4849*H4849)","v":18}]
[{"$nulls":7},{"$f":"SUMIF(Insumos!B:B,D4850,Insumos!G:G)","v":0},{"$f":"(G4850*H4850)","v":0}]
[{"$nulls":7},{"$f":"SUMIF(Insumos!B:B,D4851,Insumos!G:G)","v":0},{"$f":"(G4851*H4851)","v":0}]
[{"$nulls":7},{"$f":"SUMIF(Insumos!B:B,D4852,Insumos!G:G)","v":0},{"$f":"(G4852*H4852)","v":0}]
[{"$nulls":7},{"$f":"SUMIF(Insumos!B:B,D4853,Insumos!G:G)","v":0},{"$f":"(G4853*H4853)","v":0}]
[{"$nulls":7},"PARCIAL:",{"$f":"SUM(I4848:I4853)","v":18}]
[]
[{"$nulls":7},"VALOR UNITÁRIO TOTAL - R$",{"$f":"TRUNC(I4854+I4855,2)","v":18}]
[]
[]
[]
[null,"INSUMO","ORSE",{"$f":"D4864","v":9528},{"$f":"E4864","v":"TUBO DE FERRO FUNDIDO, PONTA E FLANGE, PN 10/16, DN=100MM, L=1,20M"},null,null,null,{"$f":"F4864","v":"PÇ"},null,{"$f":"I4871","v":405.32},517.66]
[]
[null,null,null,"COD.","DESCRIÇÃO","UN.","COEF.","PREÇO","TOTAL"]
[null,null,null,"MATERIAIS"]
[null,null,null,9528,"TUBO DE FERRO FUNDIDO, PONTA E FLANGE, PN 10/16, DN=100MM, L=1,20M","PÇ",1,{"$f":"SUMIF(Insumos!B:B,D4864,Insumos!G:G)","v":405.32},{"$f":"(G4864*H4864)","v":405.32}]
[{"$nulls":7},{"$f":"SUMIF(Insumos!B:B,D4865,Insumos!G:G)","v":0},{"$f":"(G4865*H4865)","v":0}]
[{"$nulls":7},{"$f":"SUMIF(Insumos!B:B,D4866,Insumos!G:G)","v":0},{"$f":"(G4866*H4866)","v":0}]
[{"$nulls":7},{"$f":"SUMIF(Insumos!B:B,D4867,Insumos!G:G)","v":0},{"$f":"(G4867*H4867)","v":0}]
[{"$nulls":7},{"$f":"SUMIF(Insumos!B:B,D4868,Insumos!G:G)","v":0},{"$f":"(G4868*H4868)","v":0}]
[{"$nulls":7},"PARCIAL:",{"$f":"SUM(I4863:I4868)","v":405.32}]
[]
[{"$nulls":7},"VALOR UNITÁRIO TOTAL - R$",{"$f":"TRUNC(I4869+I4870,2)","v":405.32}]
[]
[]
[]
[null,"INSUMO","ORSE",{"$f":"D4879","v":5844},{"$f":"E4879","v":"TUBO EM FOFO, C/ FLANGES PN 10 / 16, D=  100MM, L=1,00M"},null,null,null,{"$f":"F4879","v":"UN"},null,{"$f":"I4886","v":456.82},583.42999999999995]
[]
[null,null,null,"COD.","DESCRIÇÃO","UN.","COEF.","PREÇO","TOTAL"]
[null,null,null,"MATERIAIS"]
[null,null,null,5844,"TUBO EM FOFO, C/ FLANGES PN 10 / 16, D=  100MM, L=1,00M","UN",1,{"$f":"SUMIF(Insumos!B:B,D4879,Insumos!G:G)","v":456.82},{"$f":"(G4879*H4879)","v":456.82}]
[{"$nulls":7},{"$f":"SUMIF(Insumos!B:B,D4880,Insumos!G:G)","v":0},{"$f":"(G4880*H4880)","v":0}]
[{"$nulls":7},{"$f":"SUMIF(Insumos!B:B,D4881,Insumos!G:G)","v":0},{"$f":"(G4881*H4881)","v":0}]
[{"$nulls":7},{"$f":"SUMIF(Insumos!B:B,D4882,Insumos!G:G)","v":0},{"$f":"(G4882*H4882)","v":0}]
[{"$nulls":7},{"$f":"SUMIF(Insumos!B:B,D4883,Insumos!G:G)","v":0},{"$f":"(G4883*H4883)","v":0}]
[{"$nulls":7},"PARCIAL:",{"$f":"SUM(I4878:I4883)","v":456.82}]
[]
[{"$nulls":7},"VALOR UNITÁRIO TOTAL - R$",{"$f":"TRUNC(I4884+I4885,2)","v":456.82}]
[]
[]
[]
[null,"INSUMO","ORSE",{"$f":"D4894","v":5777},{"$f":"E4894","v":"TOCO EM FOFO C/ FLANGES PN 25, COMP. = 0,25M, D=  100MM"},null,null,null,{"$f":"F4894","v":"UN"},null,{"$f":"I4901","v":164.65},210.29]
[]
[null,null,null,"COD.","DESCRIÇÃO","UN.","COEF.","PREÇO","TOTAL"]
[null,null,null,"MATERIAIS"]
[null,null,null,5777,"TOCO EM FOFO C/ FLANGES PN 25, COMP. = 0,25M, D=  100MM","UN",1,{"$f":"SUMIF(Insumos!B:B,D4894,Insumos!G:G)","v":164.65},{"$f":"(G4894*H4894)","v":164.65}]
[{"$nulls":7},{"$f":"SUMIF(Insumos!B:B,D4895,Insumos!G:G)","v":0},{"$f":"(G4895*H4895)","v":0}]
[{"$nulls":7},{"$f":"SUMIF(Insumos!B:B,D4896,Insumos!G:G)","v":0},{"$f":"(G4896*H4896)","v":0}]
[{"$nulls":7},{"$f":"SUMIF(Insumos!B:B,D4897,Insumos!G:G)","v":0},{"$f":"(G4897*H4897)","v":0}]
[{"$nulls":7},{"$f":"SUMIF(Insumos!B:B,D4898,Insumos!G:G)","v":0},{"$f":"(G4898*H4898)","v":0}]
[{"$nulls":7},"PARCIAL:",{"$f":"SUM(I4893:I4898)","v":164.65}]
[]
[{"$nulls":7},"VALOR UNITÁRIO TOTAL - R$",{"$f":"TRUNC(I4899+I4900,2)","v":164.65}]
[]
[]
[]
[null,"INSUMO","ORSE",{"$f":"D4909","v":5386},{"$f":"E4909","v":"CURVA 90º, EM FOFO, C/ FLANGES PN 10 / 16, D=  100MM"},null,null,null,{"$f":"F4909","v":"UN"},null,{"$f":"I4916","v":122.64},156.63999999999999]
[]
[null,null,null,"COD.","DESCRIÇÃO","UN.","COEF.","PREÇO","TOTAL"]
[null,null,null,"MATERIAIS"]
[null,null,null,5386,"CURVA 90º, EM FOFO, C/ FLANGES PN 10 / 16, D=  100MM","UN",1,{"$f":"SUMIF(Insumos!B:B,D4909,Insumos!G:G)","v":122.64},{"$f":"(G4909*H4909)","v":122.64}]
[{"$nulls":7},{"$f":"SUMIF(Insumos!B:B,D4910,Insumos!G:G)","v":0},{"$f":"(G4910*H4910)","v":0}]
[{"$nulls":7},{"$f":"SUMIF(Insumos!B:B,D4911,Insumos!G:G)","v":0},{"$f":"(G4911*H4911)","v":0}]
[{"$nulls":7},{"$f":"SUMIF(Insumos!B:B,D4912,Insumos!G:G)","v":0},{"$f":"(G4912*H4912)","v":0}]
[{"$nulls":7},{"$f":"SUMIF(Insumos!B:B,D4913,Insumos!G:G)","v":0},{"$f":"(G4913*H4913)","v":0}]
[{"$nulls":7},"PARCIAL:",{"$f":"SUM(I4908:I4913)","v":122.64}]
[]
[{"$nulls":7},"VALOR UNITÁRIO TOTAL - R$",{"$f":"TRUNC(I4914+I4915,2)","v":122.64}]
[]
[]
[]
[null,"INSUMO","ORSE",{"$f":"D4924","v":6439},{"$f":"E4924","v":"VENTOSA TRÍPLICE FUNÇÃO,  PN 25, DIAM  = 50MM"},null,null,null,{"$f":"F4924","v":"UN"},null,{"$f":"I4931","v":842.24},1075.67]
[]
[null,null,null,"COD.","DESCRIÇÃO","UN.","COEF.","PREÇO","TOTAL"]
[null,null,null,"MATERIAIS"]
[null,null,null,6439,"VENTOSA TRÍPLICE FUNÇÃO,  PN 25, DIAM  = 50MM","UN",1,{"$f":"SUMIF(Insumos!B:B,D4924,Insumos!G:G)","v":842.24},{"$f":"(G4924*H4924)","v":842.24}]
[{"$nulls":7},{"$f":"SUMIF(Insumos!B:B,D4925,Insumos!G:G)","v":0},{"$f":"(G4925*H4925)","v":0}]
[{"$nulls":7},{"$f":"SUMIF(Insumos!B:B,D4926,Insumos!G:G)","v":0},{"$f":"(G4926*H4926)","v":0}]
[{"$nulls":7},{"$f":"SUMIF(Insumos!B:B,D4927,Insumos!G:G)","v":0},{"$f":"(G4927*H4927)","v":0}]
[{"$nulls":7},{"$f":"SUMIF(Insumos!B:B,D4928,Insumos!G:G)","v":0},{"$f":"(G4928*H4928)","v":0}]
[{"$nulls":7},"PARCIAL:",{"$f":"SUM(I4923:I4928)","v":842.24}]
[]
[{"$nulls":7},"VALOR UNITÁRIO TOTAL - R$",{"$f":"TRUNC(I4929+I4930,2)","v":842.24}]
[]
[]
[]
[null,"INSUMO","ORSE",{"$f":"D4939","v":12533},{"$f":"E4939","v":"REGISTRO GAVETA FOFO, C/ FLANGES, CUNHA BORRACHA, CORPO CURTO E VOLANTE, TIPO EURO 23,  PN16, DIAM  = 50MM"},null,null,null,{"$f":"F4939","v":"UN"},null,{"$f":"I4946","v":260.31},332.46]
[]
[null,null,null,"COD.","DESCRIÇÃO","UN.","COEF.","PREÇO","TOTAL"]
[null,null,null,"MATERIAIS"]
[null,null,null,12533,"REGISTRO GAVETA FOFO, C/ FLANGES, CUNHA BORRACHA, CORPO CURTO E VOLANTE, TIPO EURO 23,  PN16, DIAM  = 50MM","UN",1,{"$f":"SUMIF(Insumos!B:B,D4939,Insumos!G:G)","v":260.31},{"$f":"(G4939*H4939)","v":260.31}]
[{"$nulls":7},{"$f":"SUMIF(Insumos!B:B,D4940,Insumos!G:G)","v":0},{"$f":"(G4940*H4940)","v":0}]
[{"$nulls":7},{"$f":"SUMIF(Insumos!B:B,D4941,Insumos!G:G)","v":0},{"$f":"(G4941*H4941)","v":0}]
[{"$nulls":7},{"$f":"SUMIF(Insumos!B:B,D4942,Insumos!G:G)","v":0},{"$f":"(G4942*H4942)","v":0}]
[{"$nulls":7},{"$f":"SUMIF(Insumos!B:B,D4943,Insumos!G:G)","v":0},{"$f":"(G4943*H4943)","v":0}]
[{"$nulls":7},"PARCIAL:",{"$f":"SUM(I4938:I4943)","v":260.31}]
[]
[{"$nulls":7},"VALOR UNITÁRIO TOTAL - R$",{"$f":"TRUNC(I4944+I4945,2)","v":260.31}]
[]
[]
[]
[null,"INSUMO","ORSE",{"$f":"D4954","v":5631},{"$f":"E4954","v":"REGISTRO GAVETA FOFO, C/ BOLSAS P/ TUBO DE PVC, CUNHA BORRACHA, CABEÇOTE, PN  10, TIPO EURO 24, D=  100MM"},null,null,null,{"$f":"F4954","v":"UN"},null,{"$f":"I4961","v":296.76},379.01]
[]
[null,null,null,"COD.","DESCRIÇÃO","UN.","COEF.","PREÇO","TOTAL"]
[null,null,null,"MATERIAIS"]
[null,null,null,5631,"REGISTRO GAVETA FOFO, C/ BOLSAS P/ TUBO DE PVC, CUNHA BORRACHA, CABEÇOTE, PN  10, TIPO EURO 24, D=  100MM","UN",1,{"$f":"SUMIF(Insumos!B:B,D4954,Insumos!G:G)","v":296.76},{"$f":"(G4954*H4954)","v":296.76}]
[{"$nulls":7},{"$f":"SUMIF(Insumos!B:B,D4955,Insumos!G:G)","v":0},{"$f":"(G4955*H4955)","v":0}]
[{"$nulls":7},{"$f":"SUMIF(Insumos!B:B,D4956,Insumos!G:G)","v":0},{"$f":"(G4956*H4956)","v":0}]
[{"$nulls":7},{"$f":"SUMIF(Insumos!B:B,D4957,Insumos!G:G)","v":0},{"$f":"(G4957*H4957)","v":0}]
[{"$nulls":7},{"$f":"SUMIF(Insumos!B:B,D4958,Insumos!G:G)","v":0},{"$f":"(G4958*H4958)","v":0}]
[{"$nulls":7},"PARCIAL:",{"$f":"SUM(I4953:I4958)","v":296.76}]
[]
[{"$nulls":7},"VALOR UNITÁRIO TOTAL - R$",{"$f":"TRUNC(I4959+I4960,2)","v":296.76}]
[]
[]
[]
[null,"INSUMO","ORSE",{"$f":"D4969","v":5629},{"$f":"E4969","v":"REGISTRO GAVETA FOFO, C/ BOLSAS P/ TUBO DE PVC, CUNHA BORRACHA, CABEÇOTE, PN  10, TIPO EURO 24, D=   50MM"},null,null,null,{"$f":"F4969","v":"UN"},null,{"$f":"I4976","v":194.75},248.73]
[]
[null,null,null,"COD.","DESCRIÇÃO","UN.","COEF.","PREÇO","TOTAL"]
[null,null,null,"MATERIAIS"]
[null,null,null,5629,"REGISTRO GAVETA FOFO, C/ BOLSAS P/ TUBO DE PVC, CUNHA BORRACHA, CABEÇOTE, PN  10, TIPO EURO 24, D=   50MM","UN",1,{"$f":"SUMIF(Insumos!B:B,D4969,Insumos!G:G)","v":194.75},{"$f":"(G4969*H4969)","v":194.75}]
[{"$nulls":7},{"$f":"SUMIF(Insumos!B:B,D4970,Insumos!G:G)","v":0},{"$f":"(G4970*H4970)","v":0}]
[{"$nulls":7},{"$f":"SUMIF(Insumos!B:B,D4971,Insumos!G:G)","v":0},{"$f":"(G4971*H4971)","v":0}]
[{"$nulls":7},{"$f":"SUMIF(Insumos!B:B,D4972,Insumos!G:G)","v":0},{"$f":"(G4972*H4972)","v":0}]
[{"$nulls":7},{"$f":"SUMIF(Insumos!B:B,D4973,Insumos!G:G)","v":0},{"$f":"(G4973*H4973)","v":0}]
[{"$nulls":7},"PARCIAL:",{"$f":"SUM(I4968:I4973)","v":194.75}]
[]
[{"$nulls":7},"VALOR UNITÁRIO TOTAL - R$",{"$f":"TRUNC(I4974+I4975,2)","v":194.75}]
[]
[]
[]
[null,"INSUMO","ORSE",{"$f":"D4984","v":5637},{"$f":"E4984","v":"REGISTRO GAVETA FOFO, C/ BOLSAS P/ TUBO FERRO DÚCTIL, CUNHA BORRACHA, CABEÇOT E, PN 16, TIPO EURO 25, D=  150MM"},null,null,null,{"$f":"F4984","v":"UN"},null,{"$f":"I4991","v":454.91},580.99]
[]
[null,null,null,"COD.","DESCRIÇÃO","UN.","COEF.","PREÇO","TOTAL"]
[null,null,null,"MATERIAIS"]
[null,null,null,5637,"REGISTRO GAVETA FOFO, C/ BOLSAS P/ TUBO FERRO DÚCTIL, CUNHA BORRACHA, CABEÇOT E, PN 16, TIPO EURO 25, D=  150MM","UN",1,{"$f":"SUMIF(Insumos!B:B,D4984,Insumos!G:G)","v":454.91},{"$f":"(G4984*H4984)","v":454.91}]
[{"$nulls":7},{"$f":"SUMIF(Insumos!B:B,D4985,Insumos!G:G)","v":0},{"$f":"(G4985*H4985)","v":0}]
[{"$nulls":7},{"$f":"SUMIF(Insumos!B:B,D4986,Insumos!G:G)","v":0},{"$f":"(G4986*H4986)","v":0}]
[{"$nulls":7},{"$f":"SUMIF(Insumos!B:B,D4987,Insumos!G:G)","v":0},{"$f":"(G4987*H4987)","v":0}]
[{"$nulls":7},{"$f":"SUMIF(Insumos!B:B,D4988,Insumos!G:G)","v":0},{"$f":"(G4988*H4988)","v":0}]
[{"$nulls":7},"PARCIAL:",{"$f":"SUM(I4983:I4988)","v":454.91}]
[]
[{"$nulls":7},"VALOR UNITÁRIO TOTAL - R$",{"$f":"TRUNC(I4989+I4990,2)","v":454.91}]
[]
[]
[]
[null,"INSUMO","ORSE",{"$f":"D4999","v":6358},{"$f":"E4999","v":"REGISTRO GAVETA FOFO, C/ FLANGES, CUNHA BORRACHA, CORPO LONGO E CABEÇOTE, TIP O EURO 21,  PN16, DIAM  = 100MM"},null,null,null,{"$f":"F4999","v":"UN"},null,{"$f":"I5006","v":327.05},417.69]
[]
[null,null,null,"COD.","DESCRIÇÃO","UN.","COEF.","PREÇO","TOTAL"]
[null,null,null,"MATERIAIS"]
[null,null,null,6358,"REGISTRO GAVETA FOFO, C/ FLANGES, CUNHA BORRACHA, CORPO LONGO E CABEÇOTE, TIP O EURO 21,  PN16, DIAM  = 100MM","UN",1,{"$f":"SUMIF(Insumos!B:B,D4999,Insumos!G:G)","v":327.05},{"$f":"(G4999*H4999)","v":327.05}]
[{"$nulls":7},{"$f":"SUMIF(Insumos!B:B,D5000,Insumos!G:G)","v":0},{"$f":"(G5000*H5000)","v":0}]
[{"$nulls":7},{"$f":"SUMIF(Insumos!B:B,D5001,Insumos!G:G)","v":0},{"$f":"(G5001*H5001)","v":0}]
[{"$nulls":7},{"$f":"SUMIF(Insumos!B:B,D5002,Insumos!G:G)","v":0},{"$f":"(G5002*H5002)","v":0}]
[{"$nulls":7},{"$f":"SUMIF(Insumos!B:B,D5003,Insumos!G:G)","v":0},{"$f":"(G5003*H5003)","v":0}]
[{"$nulls":7},"PARCIAL:",{"$f":"SUM(I4998:I5003)","v":327.05}]
[]
[{"$nulls":7},"VALOR UNITÁRIO TOTAL - R$",{"$f":"TRUNC(I5004+I5005,2)","v":327.05}]
[]
[]
[]
[null,"INSUMO","ORSE",{"$f":"D5014","v":12171},{"$f":"E5014","v":"CURVA 22º 30' C/ BOLSAS, EM FOFO, JE, D=  150MM"},null,null,null,{"$f":"F5014","v":"UN"},null,{"$f":"I5019","v":131.49},167.94]
[]
[null,null,null,"COD.","DESCRIÇÃO","UN.","COEF.","PREÇO","TOTAL"]
[null,null,null,"MATERIAIS"]
[null,null,null,12171,"CURVA 22º 30' C/ BOLSAS, EM FOFO, JE, D=  150MM","UN",1,{"$f":"SUMIF(Insumos!B:B,D5014,Insumos!G:G)","v":131.49},{"$f":"(G5014*H5014)","v":131.49}]
[{"$nulls":7},{"$f":"SUMIF(Insumos!B:B,D5015,Insumos!G:G)","v":0},{"$f":"(G5015*H5015)","v":0}]
[{"$nulls":7},{"$f":"SUMIF(Insumos!B:B,D5016,Insumos!G:G)","v":0},{"$f":"(G5016*H5016)","v":0}]
[{"$nulls":7},"PARCIAL:",{"$f":"SUM(I5013:I5016)","v":131.49}]
[]
[{"$nulls":7},"VALOR UNITÁRIO TOTAL - R$",{"$f":"TRUNC(I5017+I5018,2)","v":131.49}]
[]
[]
[]
[null,"INSUMO","ORSE",{"$f":"D5027","v":5307},{"$f":"E5027","v":"CURVA 22º 30' C/ BOLSAS, EM FOFO, JE, D=  100MM"},null,null,null,{"$f":"F5027","v":"UN"},null,{"$f":"I5034","v":97.2},124.15]
[]
[null,null,null,"COD.","DESCRIÇÃO","UN.","COEF.","PREÇO","TOTAL"]
[null,null,null,"MATERIAIS"]
[null,null,null,5307,"CURVA 22º 30' C/ BOLSAS, EM FOFO, JE, D=  100MM","UN",1,{"$f":"SUMIF(Insumos!B:B,D5027,Insumos!G:G)","v":97.2},{"$f":"(G5027*H5027)","v":97.2}]
[{"$nulls":7},{"$f":"SUMIF(Insumos!B:B,D5028,Insumos!G:G)","v":0},{"$f":"(G5028*H5028)","v":0}]
[{"$nulls":7},{"$f":"SUMIF(Insumos!B:B,D5029,Insumos!G:G)","v":0},{"$f":"(G5029*H5029)","v":0}]
[{"$nulls":7},{"$f":"SUMIF(Insumos!B:B,D5030,Insumos!G:G)","v":0},{"$f":"(G5030*H5030)","v":0}]
[{"$nulls":7},{"$f":"SUMIF(Insumos!B:B,D5031,Insumos!G:G)","v":0},{"$f":"(G5031*H5031)","v":0}]
[{"$nulls":7},"PARCIAL:",{"$f":"SUM(I5026:I5031)","v":97.2}]
[]
[{"$nulls":7},"VALOR UNITÁRIO TOTAL - R$",{"$f":"TRUNC(I5032+I5033,2)","v":97.2}]
[]
[]
[]
[null,"INSUMO","ORSE",{"$f":"D5042","v":12174},{"$f":"E5042","v":"REDUÇÃO EXCENTRICA EM FOFO, C/ FLANGES PN 10 / 16, D=  100 X   50MM"},null,null,null,{"$f":"F5042","v":"UN"},null,{"$f":"I5049","v":264.91000000000003},338.33]
[]
[null,null,null,"COD.","DESCRIÇÃO","UN.","COEF.","PREÇO","TOTAL"]
[null,null,null,"MATERIAIS"]
[null,null,null,12174,"REDUÇÃO EXCENTRICA EM FOFO, C/ FLANGES PN 10 / 16, D=  100 X   50MM","UN",1,{"$f":"SUMIF(Insumos!B:B,D5042,Insumos!G:G)","v":264.91000000000003},{"$f":"(G5042*H5042)","v":264.91000000000003}]
[{"$nulls":7},{"$f":"SUMIF(Insumos!B:B,D5043,Insumos!G:G)","v":0},{"$f":"(G5043*H5043)","v":0}]
[{"$nulls":7},{"$f":"SUMIF(Insumos!B:B,D5044,Insumos!G:G)","v":0},{"$f":"(G5044*H5044)","v":0}]
[{"$nulls":7},{"$f":"SUMIF(Insumos!B:B,D5045,Insumos!G:G)","v":0},{"$f":"(G5045*H5045)","v":0}]
[{"$nulls":7},{"$f":"SUMIF(Insumos!B:B,D5046,Insumos!G:G)","v":0},{"$f":"(G5046*H5046)","v":0}]
[{"$nulls":7},"PARCIAL:",{"$f":"SUM(I5041:I5046)","v":264.91000000000003}]
[]
[{"$nulls":7},"VALOR UNITÁRIO TOTAL - R$",{"$f":"TRUNC(I5047+I5048,2)","v":264.91000000000003}]
[]
[]
[]
[null,"INSUMO","ORSE",{"$f":"D5057","v":5722},{"$f":"E5057","v":"TÊ EM FOFO C/ FLANGES PN 10 / 16, D=  100 X  100MM"},null,null,null,{"$f":"F5057","v":"UN"},null,{"$f":"I5064","v":175.5},224.15]
[]
[null,null,null,"COD.","DESCRIÇÃO","UN.","COEF.","PREÇO","TOTAL"]
[null,null,null,"MATERIAIS"]
[null,null,null,5722,"TÊ EM FOFO C/ FLANGES PN 10 / 16, D=  100 X  100MM","UN",1,{"$f":"SUMIF(Insumos!B:B,D5057,Insumos!G:G)","v":175.5},{"$f":"(G5057*H5057)","v":175.5}]
[{"$nulls":7},{"$f":"SUMIF(Insumos!B:B,D5058,Insumos!G:G)","v":0},{"$f":"(G5058*H5058)","v":0}]
[{"$nulls":7},{"$f":"SUMIF(Insumos!B:B,D5059,Insumos!G:G)","v":0},{"$f":"(G5059*H5059)","v":0}]
[{"$nulls":7},{"$f":"SUMIF(Insumos!B:B,D5060,Insumos!G:G)","v":0},{"$f":"(G5060*H5060)","v":0}]
[{"$nulls":7},{"$f":"SUMIF(Insumos!B:B,D5061,Insumos!G:G)","v":0},{"$f":"(G5061*H5061)","v":0}]
[{"$nulls":7},"PARCIAL:",{"$f":"SUM(I5056:I5061)","v":175.5}]
[]
[{"$nulls":7},"VALOR UNITÁRIO TOTAL - R$",{"$f":"TRUNC(I5062+I5063,2)","v":175.5}]
[]
[]
[]
[null,"INSUMO","ORSE",{"$f":"D5072","v":5704},{"$f":"E5072","v":"TÊ EM FOFO C/ BOLSAS, JE, D=  150 X  100MM"},null,null,null,{"$f":"F5072","v":"UN"},null,{"$f":"I5079","v":189.01},241.4]
[]
[null,null,null,"COD.","DESCRIÇÃO","UN.","COEF.","PREÇO","TOTAL"]
[null,null,null,"MATERIAIS"]
[null,null,null,5704,"TÊ EM FOFO C/ BOLSAS, JE, D=  150 X  100MM","UN",1,{"$f":"SUMIF(Insumos!B:B,D5072,Insumos!G:G)","v":189.01},{"$f":"(G5072*H5072)","v":189.01}]
[{"$nulls":7},{"$f":"SUMIF(Insumos!B:B,D5073,Insumos!G:G)","v":0},{"$f":"(G5073*H5073)","v":0}]
[{"$nulls":7},{"$f":"SUMIF(Insumos!B:B,D5074,Insumos!G:G)","v":0},{"$f":"(G5074*H5074)","v":0}]
[{"$nulls":7},{"$f":"SUMIF(Insumos!B:B,D5075,Insumos!G:G)","v":0},{"$f":"(G5075*H5075)","v":0}]
[{"$nulls":7},{"$f":"SUMIF(Insumos!B:B,D5076,Insumos!G:G)","v":0},{"$f":"(G5076*H5076)","v":0}]
[{"$nulls":7},"PARCIAL:",{"$f":"SUM(I5071:I5076)","v":189.01}]
[]
[{"$nulls":7},"VALOR UNITÁRIO TOTAL - R$",{"$f":"TRUNC(I5077+I5078,2)","v":189.01}]
[]
[]
[]
[null,"INSUMO","ORSE",{"$f":"D5087","v":11957},{"$f":"E5087","v":"STOP-LOG TIPO ALTO EM FIBRA DE VIDRO, LARGURA ÚTIL 200MM E ALTURA DE 400MM CO M GAVETA MOVEDIÇA EM FIBRA DE VIDRO ESP=10MM, COM ACIONAMENTO MANUAL POR MANE TE NA PRÓPRIA GAVETA"},null,null,null,{"$f":"F5087","v":"UN"},null,{"$f":"I5094","v":254.08},324.5]
[]
[null,null,null,"COD.","DESCRIÇÃO","UN.","COEF.","PREÇO","TOTAL"]
[null,null,null,"MATERIAIS"]
[null,null,null,11957,"STOP-LOG TIPO ALTO EM FIBRA DE VIDRO, LARGURA ÚTIL 200MM E ALTURA DE 400MM CO M GAVETA MOVEDIÇA EM FIBRA DE VIDRO ESP=10MM, COM ACIONAMENTO MANUAL POR MANE TE NA PRÓPRIA GAVETA","UN",1,{"$f":"SUMIF(Insumos!B:B,D5087,Insumos!G:G)","v":254.08},{"$f":"(G5087*H5087)","v":254.08}]
[{"$nulls":7},{"$f":"SUMIF(Insumos!B:B,D5088,Insumos!G:G)","v":0},{"$f":"(G5088*H5088)","v":0}]
[{"$nulls":7},{"$f":"SUMIF(Insumos!B:B,D5089,Insumos!G:G)","v":0},{"$f":"(G5089*H5089)","v":0}]
[{"$nulls":7},{"$f":"SUMIF(Insumos!B:B,D5090,Insumos!G:G)","v":0},{"$f":"(G5090*H5090)","v":0}]
[{"$nulls":7},{"$f":"SUMIF(Insumos!B:B,D5091,Insumos!G:G)","v":0},{"$f":"(G5091*H5091)","v":0}]
[{"$nulls":7},"PARCIAL:",{"$f":"SUM(I5086:I5091)","v":254.08}]
[]
[{"$nulls":7},"VALOR UNITÁRIO TOTAL - R$",{"$f":"TRUNC(I5092+I5093,2)","v":254.08}]
[]
[]
[]
[null,"INSUMO","ORSE",{"$f":"D5102","v":5195},{"$f":"E5102","v":"ARRUELA DE BORRACHA PARA JUNTA C/ FLANGE PN 10, D=   75MM"},null,null,null,{"$f":"F5102","v":"UN"},null,{"$f":"I5109","v":1.55},1.99]
[]
[null,null,null,"COD.","DESCRIÇÃO","UN.","COEF.","PREÇO","TOTAL"]
[null,null,null,"MATERIAIS"]
[null,null,null,5195,"ARRUELA DE BORRACHA PARA JUNTA C/ FLANGE PN 10, D=   75MM","UN",1,{"$f":"SUMIF(Insumos!B:B,D5102,Insumos!G:G)","v":1.55},{"$f":"(G5102*H5102)","v":1.55}]
[{"$nulls":7},{"$f":"SUMIF(Insumos!B:B,D5103,Insumos!G:G)","v":0},{"$f":"(G5103*H5103)","v":0}]
[{"$nulls":7},{"$f":"SUMIF(Insumos!B:B,D5104,Insumos!G:G)","v":0},{"$f":"(G5104*H5104)","v":0}]
[{"$nulls":7},{"$f":"SUMIF(Insumos!B:B,D5105,Insumos!G:G)","v":0},{"$f":"(G5105*H5105)","v":0}]
[{"$nulls":7},{"$f":"SUMIF(Insumos!B:B,D5106,Insumos!G:G)","v":0},{"$f":"(G5106*H5106)","v":0}]
[{"$nulls":7},"PARCIAL:",{"$f":"SUM(I5101:I5106)","v":1.55}]
[]
[{"$nulls":7},"VALOR UNITÁRIO TOTAL - R$",{"$f":"TRUNC(I5107+I5108,2)","v":1.55}]
[]
[]
[]
[null,"INSUMO","ORSE",{"$f":"D5117","v":4846},{"$f":"E5117","v":"ABRAÇADEIRA EM AÇO INOX DN 150MM"},null,null,null,{"$f":"F5117","v":"UN"},null,{"$f":"I5124","v":50.29},64.23]
[]
[null,null,null,"COD.","DESCRIÇÃO","UN.","COEF.","PREÇO","TOTAL"]
[null,null,null,"MATERIAIS"]
[null,null,null,4846,"ABRAÇADEIRA EM AÇO INOX DN 150MM","UN",1,{"$f":"SUMIF(Insumos!B:B,D5117,Insumos!G:G)","v":50.29},{"$f":"(G5117*H5117)","v":50.29}]
[{"$nulls":7},{"$f":"SUMIF(Insumos!B:B,D5118,Insumos!G:G)","v":0},{"$f":"(G5118*H5118)","v":0}]
[{"$nulls":7},{"$f":"SUMIF(Insumos!B:B,D5119,Insumos!G:G)","v":0},{"$f":"(G5119*H5119)","v":0}]
[{"$nulls":7},{"$f":"SUMIF(Insumos!B:B,D5120,Insumos!G:G)","v":0},{"$f":"(G5120*H5120)","v":0}]
[{"$nulls":7},{"$f":"SUMIF(Insumos!B:B,D5121,Insumos!G:G)","v":0},{"$f":"(G5121*H5121)","v":0}]
[{"$nulls":7},"PARCIAL:",{"$f":"SUM(I5116:I5121)","v":50.29}]
[]
[{"$nulls":7},"VALOR UNITÁRIO TOTAL - R$",{"$f":"TRUNC(I5122+I5123,2)","v":50.29}]
[]
[]
[]
[null,"INSUMO","ORSE",{"$f":"D5132","v":4840},{"$f":"E5132","v":"ABRAÇADEIRA EM FERRO GALVANIZADO DN 150MM"},null,null,null,{"$f":"F5132","v":"UN"},null,{"$f":"I5137","v":23.38},29.87]
[]
[null,null,null,"COD.","DESCRIÇÃO","UN.","COEF.","PREÇO","TOTAL"]
[null,null,null,"MATERIAIS"]
[null,null,null,4840,"ABRAÇADEIRA EM FERRO GALVANIZADO DN 150MM","UN",1,{"$f":"SUMIF(Insumos!B:B,D5132,Insumos!G:G)","v":23.38},{"$f":"(G5132*H5132)","v":23.38}]
[{"$nulls":7},{"$f":"SUMIF(Insumos!B:B,D5133,Insumos!G:G)","v":0},{"$f":"(G5133*H5133)","v":0}]
[{"$nulls":7},{"$f":"SUMIF(Insumos!B:B,D5134,Insumos!G:G)","v":0},{"$f":"(G5134*H5134)","v":0}]
[{"$nulls":7},"PARCIAL:",{"$f":"SUM(I5131:I5134)","v":23.38}]
[]
[{"$nulls":7},"VALOR UNITÁRIO TOTAL - R$",{"$f":"TRUNC(I5135+I5136,2)","v":23.38}]
[]
[]
[]
[null,"INSUMO","ORSE",{"$f":"D5145","v":8979},{"$f":"E5145","v":"HIPOCLORADOR / BOMBA DOSADORA ANALÓGICA DE SOLUÇÕES, VAZÃO DE 0,5 À 15 L/H E  PRESSÃO DE 0 À 15 BAR"},null,null,null,{"$f":"F5145","v":"UN"},null,{"$f":"I5152","v":452.74},578.22]
[]
[null,null,null,"COD.","DESCRIÇÃO","UN.","COEF.","PREÇO","TOTAL"]
[null,null,null,"MATERIAIS"]
[null,null,null,8979,"HIPOCLORADOR / BOMBA DOSADORA ANALÓGICA DE SOLUÇÕES, VAZÃO DE 0,5 À 15 L/H E  PRESSÃO DE 0 À 15 BAR","UN",1,{"$f":"SUMIF(Insumos!B:B,D5145,Insumos!G:G)","v":452.74},{"$f":"(G5145*H5145)","v":452.74}]
[{"$nulls":7},{"$f":"SUMIF(Insumos!B:B,D5146,Insumos!G:G)","v":0},{"$f":"(G5146*H5146)","v":0}]
[{"$nulls":7},{"$f":"SUMIF(Insumos!B:B,D5147,Insumos!G:G)","v":0},{"$f":"(G5147*H5147)","v":0}]
[{"$nulls":7},{"$f":"SUMIF(Insumos!B:B,D5148,Insumos!G:G)","v":0},{"$f":"(G5148*H5148)","v":0}]
[{"$nulls":7},{"$f":"SUMIF(Insumos!B:B,D5149,Insumos!G:G)","v":0},{"$f":"(G5149*H5149)","v":0}]
[{"$nulls":7},"PARCIAL:",{"$f":"SUM(I5144:I5149)","v":452.74}]
[]
[{"$nulls":7},"VALOR UNITÁRIO TOTAL - R$",{"$f":"TRUNC(I5150+I5151,2)","v":452.74}]
[]
[]
[]
[null,"INSUMO","ORSE",{"$f":"D5160","v":2442},{"$f":"E5160","v":"PERFIL AÇO LAMINADO, U 152,4 X 48,80 MM (12,20 KG/M) ASTM A36"},null,null,null,{"$f":"F5160","v":"KG"},null,{"$f":"I5167","v":3.5},4.4800000000000004]
[]
[null,null,null,"COD.","DESCRIÇÃO","UN.","COEF.","PREÇO","TOTAL"]
[null,null,null,"MATERIAIS"]
[null,null,null,2442,"PERFIL AÇO LAMINADO, U 152,4 X 48,80 MM (12,20 KG/M) ASTM A36","KG",1,{"$f":"SUMIF(Insumos!B:B,D5160,Insumos!G:G)","v":3.5},{"$f":"(G5160*H5160)","v":3.5}]
[{"$nulls":7},{"$f":"SUMIF(Insumos!B:B,D5161,Insumos!G:G)","v":0},{"$f":"(G5161*H5161)","v":0}]
[{"$nulls":7},{"$f":"SUMIF(Insumos!B:B,D5162,Insumos!G:G)","v":0},{"$f":"(G5162*H5162)","v":0}]
[{"$nulls":7},{"$f":"SUMIF(Insumos!B:B,D5163,Insumos!G:G)","v":0},{"$f":"(G5163*H5163)","v":0}]
[{"$nulls":7},{"$f":"SUMIF(Insumos!B:B,D5164,Insumos!G:G)","v":0},{"$f":"(G5164*H5164)","v":0}]
[{"$nulls":7},"PARCIAL:",{"$f":"SUM(I5159:I5164)","v":3.5}]
[]
[{"$nulls":7},"VALOR UNITÁRIO TOTAL - R$",{"$f":"TRUNC(I5165+I5166,2)","v":3.5}]
[]
[]
[]
[null,"INSUMO","ORSE",{"$f":"D5175","v":1194},{"$f":"E5175","v":"JOELHO 90° FERRO GALVANIZADO D=2 \""},null,null,null,{"$f":"F5175","v":"UN"},null,{"$f":"I5182","v":21.58},27.57]
[]
[null,null,null,"COD.","DESCRIÇÃO","UN.","COEF.","PREÇO","TOTAL"]
[null,null,null,"MATERIAIS"]
[null,null,null,1194,"JOELHO 90° FERRO GALVANIZADO D=2 \"","UN",1,{"$f":"SUMIF(Insumos!B:B,D5175,Insumos!G:G)","v":21.58},{"$f":"(G5175*H5175)","v":21.58}]
[{"$nulls":7},{"$f":"SUMIF(Insumos!B:B,D5176,Insumos!G:G)","v":0},{"$f":"(G5176*H5176)","v":0}]
[{"$nulls":7},{"$f":"SUMIF(Insumos!B:B,D5177,Insumos!G:G)","v":0},{"$f":"(G5177*H5177)","v":0}]
[{"$nulls":7},{"$f":"SUMIF(Insumos!B:B,D5178,Insumos!G:G)","v":0},{"$f":"(G5178*H5178)","v":0}]
[{"$nulls":7},{"$f":"SUMIF(Insumos!B:B,D5179,Insumos!G:G)","v":0},{"$f":"(G5179*H5179)","v":0}]
[{"$nulls":7},"PARCIAL:",{"$f":"SUM(I5174:I5179)","v":21.58}]
[]
[{"$nulls":7},"VALOR UNITÁRIO TOTAL - R$",{"$f":"TRUNC(I5180+I5181,2)","v":21.58}]
[]
[]
[]
[null,"INSUMO","ORSE",{"$f":"D5190","v":1954},{"$f":"E5190","v":"REGISTRO GAVETA BRUTO, C/ VOLANTE, D =  50MM (2\")"},null,null,null,{"$f":"F5190","v":"UN"},null,{"$f":"I5197","v":71.62},91.48]
[]
[null,null,null,"COD.","DESCRIÇÃO","UN.","COEF.","PREÇO","TOTAL"]
[null,null,null,"MATERIAIS"]
[null,null,null,1954,"REGISTRO GAVETA BRUTO, C/ VOLANTE, D =  50MM (2\")","UN",1,{"$f":"SUMIF(Insumos!B:B,D5190,Insumos!G:G)","v":71.62},{"$f":"(G5190*H5190)","v":71.62}]
[{"$nulls":7},{"$f":"SUMIF(Insumos!B:B,D5191,Insumos!G:G)","v":0},{"$f":"(G5191*H5191)","v":0}]
[{"$nulls":7},{"$f":"SUMIF(Insumos!B:B,D5192,Insumos!G:G)","v":0},{"$f":"(G5192*H5192)","v":0}]
[{"$nulls":7},{"$f":"SUMIF(Insumos!B:B,D5193,Insumos!G:G)","v":0},{"$f":"(G5193*H5193)","v":0}]
[{"$nulls":7},{"$f":"SUMIF(Insumos!B:B,D5194,Insumos!G:G)","v":0},{"$f":"(G5194*H5194)","v":0}]
[{"$nulls":7},"PARCIAL:",{"$f":"SUM(I5189:I5194)","v":71.62}]
[]
[{"$nulls":7},"VALOR UNITÁRIO TOTAL - R$",{"$f":"TRUNC(I5195+I5196,2)","v":71.62}]
[]
[]
[]
[null,"INSUMO","ORSE",{"$f":"D5205","v":1951},{"$f":"E5205","v":"REGISTRO GAVETA BRUTO, C/ VOLANTE, D =  25MM (1\")"},null,null,null,{"$f":"F5205","v":"UN"},null,{"$f":"I5212","v":36.64},46.8]
[]
[null,null,null,"COD.","DESCRIÇÃO","UN.","COEF.","PREÇO","TOTAL"]
[null,null,null,"MATERIAIS"]
[null,null,null,1951,"REGISTRO GAVETA BRUTO, C/ VOLANTE, D =  25MM (1\")","UN",1,{"$f":"SUMIF(Insumos!B:B,D5205,Insumos!G:G)","v":36.64},{"$f":"(G5205*H5205)","v":36.64}]
[{"$nulls":7},{"$f":"SUMIF(Insumos!B:B,D5206,Insumos!G:G)","v":0},{"$f":"(G5206*H5206)","v":0}]
[{"$nulls":7},{"$f":"SUMIF(Insumos!B:B,D5207,Insumos!G:G)","v":0},{"$f":"(G5207*H5207)","v":0}]
[{"$nulls":7},{"$f":"SUMIF(Insumos!B:B,D5208,Insumos!G:G)","v":0},{"$f":"(G5208*H5208)","v":0}]
[{"$nulls":7},{"$f":"SUMIF(Insumos!B:B,D5209,Insumos!G:G)","v":0},{"$f":"(G5209*H5209)","v":0}]
[{"$nulls":7},"PARCIAL:",{"$f":"SUM(I5204:I5209)","v":36.64}]
[]
[{"$nulls":7},"VALOR UNITÁRIO TOTAL - R$",{"$f":"TRUNC(I5210+I5211,2)","v":36.64}]
[]
[]
[]
[null,"INSUMO","ORSE",{"$f":"D5220","v":1582},{"$f":"E5220","v":"MANGUEIRA TRANÇADA DE ALTA PRESSÃO SPT 250P Ø = 3/4\""},null,null,null,{"$f":"F5220","v":"M"},null,{"$f":"I5227","v":3.59},4.59]
[]
[null,null,null,"COD.","DESCRIÇÃO","UN.","COEF.","PREÇO","TOTAL"]
[null,null,null,"MATERIAIS"]
[null,null,null,1582,"MANGUEIRA TRANÇADA DE ALTA PRESSÃO SPT 250P Ø = 3/4\"","M",1,{"$f":"SUMIF(Insumos!B:B,D5220,Insumos!G:G)","v":3.59},{"$f":"(G5220*H5220)","v":3.59}]
[{"$nulls":7},{"$f":"SUMIF(Insumos!B:B,D5221,Insumos!G:G)","v":0},{"$f":"(G5221*H5221)","v":0}]
[{"$nulls":7},{"$f":"SUMIF(Insumos!B:B,D5222,Insumos!G:G)","v":0},{"$f":"(G5222*H5222)","v":0}]
[{"$nulls":7},{"$f":"SUMIF(Insumos!B:B,D5223,Insumos!G:G)","v":0},{"$f":"(G5223*H5223)","v":0}]
[{"$nulls":7},{"$f":"SUMIF(Insumos!B:B,D5224,Insumos!G:G)","v":0},{"$f":"(G5224*H5224)","v":0}]
[{"$nulls":7},"PARCIAL:",{"$f":"SUM(I5219:I5224)","v":3.59}]
[]
[{"$nulls":7},"VALOR UNITÁRIO TOTAL - R$",{"$f":"TRUNC(I5225+I5226,2)","v":3.59}]
[]
[]
[]
[null,"INSUMO","ORSE",{"$f":"D5235","v":10982},{"$f":"E5235","v":"ADAPTADOR CURTO, PVC RIGIDO SOLDAVEL,  C/ BOLSA E ROSCA P/  REGISTRO, D=  50M M X 2\""},null,null,null,{"$f":"F5235","v":"UN"},null,{"$f":"I5242","v":2.78},3.56]
[]
[null,null,null,"COD.","DESCRIÇÃO","UN.","COEF.","PREÇO","TOTAL"]
[null,null,null,"MATERIAIS"]
[null,null,null,10982,"ADAPTADOR CURTO, PVC RIGIDO SOLDAVEL,  C/ BOLSA E ROSCA P/  REGISTRO, D=  50M M X 2\"","UN",1,{"$f":"SUMIF(Insumos!B:B,D5235,Insumos!G:G)","v":2.78},{"$f":"(G5235*H5235)","v":2.78}]
[{"$nulls":7},{"$f":"SUMIF(Insumos!B:B,D5236,Insumos!G:G)","v":0},{"$f":"(G5236*H5236)","v":0}]
[{"$nulls":7},{"$f":"SUMIF(Insumos!B:B,D5237,Insumos!G:G)","v":0},{"$f":"(G5237*H5237)","v":0}]
[{"$nulls":7},{"$f":"SUMIF(Insumos!B:B,D5238,Insumos!G:G)","v":0},{"$f":"(G5238*H5238)","v":0}]
[{"$nulls":7},{"$f":"SUMIF(Insumos!B:B,D5239,Insumos!G:G)","v":0},{"$f":"(G5239*H5239)","v":0}]
[{"$nulls":7},"PARCIAL:",{"$f":"SUM(I5234:I5239)","v":2.78}]
[]
[{"$nulls":7},"VALOR UNITÁRIO TOTAL - R$",{"$f":"TRUNC(I5240+I5241,2)","v":2.78}]
[]
[]
[]
[null,"INSUMO","ORSE",{"$f":"D5250","v":5156},{"$f":"E5250","v":"ADAPTADOR DE PVC JE, BOLSA E ROSCA, PBA, D=   50MM"},null,null,null,{"$f":"F5250","v":"UN"},null,{"$f":"I5257","v":14.15},18.079999999999998]
[]
[null,null,null,"COD.","DESCRIÇÃO","UN.","COEF.","PREÇO","TOTAL"]
[null,null,null,"MATERIAIS"]
[null,null,null,5156,"ADAPTADOR DE PVC JE, BOLSA E ROSCA, PBA, D=   50MM","UN",1,{"$f":"SUMIF(Insumos!B:B,D5250,Insumos!G:G)","v":14.15},{"$f":"(G5250*H5250)","v":14.15}]
[{"$nulls":7},{"$f":"SUMIF(Insumos!B:B,D5251,Insumos!G:G)","v":0},{"$f":"(G5251*H5251)","v":0}]
[{"$nulls":7},{"$f":"SUMIF(Insumos!B:B,D5252,Insumos!G:G)","v":0},{"$f":"(G5252*H5252)","v":0}]
[{"$nulls":7},{"$f":"SUMIF(Insumos!B:B,D5253,Insumos!G:G)","v":0},{"$f":"(G5253*H5253)","v":0}]
[{"$nulls":7},{"$f":"SUMIF(Insumos!B:B,D5254,Insumos!G:G)","v":0},{"$f":"(G5254*H5254)","v":0}]
[{"$nulls":7},"PARCIAL:",{"$f":"SUM(I5249:I5254)","v":14.15}]
[]
[{"$nulls":7},"VALOR UNITÁRIO TOTAL - R$",{"$f":"TRUNC(I5255+I5256,2)","v":14.15}]
[]
[]
[]
[null,"INSUMO","ORSE",{"$f":"D5265","v":2109},{"$f":"E5265","v":"TE 90° PVC RIGIDO SOLDAVEL, MARROM,  D=  20MM"},null,null,null,{"$f":"F5265","v":"UN"},null,{"$f":"I5272","v":0.56000000000000005},0.72]
[]
[null,null,null,"COD.","DESCRIÇÃO","UN.","COEF.","PREÇO","TOTAL"]
[null,null,null,"MATERIAIS"]
[null,null,null,2109,"TE 90° PVC RIGIDO SOLDAVEL, MARROM,  D=  20MM","UN",1,{"$f":"SUMIF(Insumos!B:B,D5265,Insumos!G:G)","v":0.56000000000000005},{"$f":"(G5265*H5265)","v":0.56000000000000005}]
[{"$nulls":7},{"$f":"SUMIF(Insumos!B:B,D5266,Insumos!G:G)","v":0},{"$f":"(G5266*H5266)","v":0}]
[{"$nulls":7},{"$f":"SUMIF(Insumos!B:B,D5267,Insumos!G:G)","v":0},{"$f":"(G5267*H5267)","v":0}]
[{"$nulls":7},{"$f":"SUMIF(Insumos!B:B,D5268,Insumos!G:G)","v":0},{"$f":"(G5268*H5268)","v":0}]
[{"$nulls":7},{"$f":"SUMIF(Insumos!B:B,D5269,Insumos!G:G)","v":0},{"$f":"(G5269*H5269)","v":0}]
[{"$nulls":7},"PARCIAL:",{"$f":"SUM(I5264:I5269)","v":0.56000000000000005}]
[]
[{"$nulls":7},"VALOR UNITÁRIO TOTAL - R$",{"$f":"TRUNC(I5270+I5271,2)","v":0.56000000000000005}]
[]
[]
[]
[null,"INSUMO","ORSE",{"$f":"D5280","v":2114},{"$f":"E5280","v":"TE 90° PVC RIGIDO SOLDAVEL, MARROM,  D=  60MM"},null,null,null,{"$f":"F5280","v":"UN"},null,{"$f":"I5287","v":16.34},20.87]
[]
[null,null,null,"COD.","DESCRIÇÃO","UN.","COEF.","PREÇO","TOTAL"]
[null,null,null,"MATERIAIS"]
[null,null,null,2114,"TE 90° PVC RIGIDO SOLDAVEL, MARROM,  D=  60MM","UN",1,{"$f":"SUMIF(Insumos!B:B,D5280,Insumos!G:G)","v":16.34},{"$f":"(G5280*H5280)","v":16.34}]
[{"$nulls":7},{"$f":"SUMIF(Insumos!B:B,D5281,Insumos!G:G)","v":0},{"$f":"(G5281*H5281)","v":0}]
[{"$nulls":7},{"$f":"SUMIF(Insumos!B:B,D5282,Insumos!G:G)","v":0},{"$f":"(G5282*H5282)","v":0}]
[{"$nulls":7},{"$f":"SUMIF(Insumos!B:B,D5283,Insumos!G:G)","v":0},{"$f":"(G5283*H5283)","v":0}]
[{"$nulls":7},{"$f":"SUMIF(Insumos!B:B,D5284,Insumos!G:G)","v":0},{"$f":"(G5284*H5284)","v":0}]
[{"$nulls":7},"PARCIAL:",{"$f":"SUM(I5279:I5284)","v":16.34}]
[]
[{"$nulls":7},"VALOR UNITÁRIO TOTAL - R$",{"$f":"TRUNC(I5285+I5286,2)","v":16.34}]
[]
[]
[]
[null,"INSUMO","ORSE","4537*",{"$f":"E5295","v":"TE 90° REDUCAO PVC RIGIDO SOLDAVEL, MARROM,  D=  60 X 25MM"},null,null,null,{"$f":"F5295","v":"UN"},null,{"$f":"I5302","v":6.35},8.11]
[]
[null,null,null,"COD.","DESCRIÇÃO","UN.","COEF.","PREÇO","TOTAL"]
[null,null,null,"MATERIAIS"]
[null,null,null,4537,"TE 90° REDUCAO PVC RIGIDO SOLDAVEL, MARROM,  D=  60 X 25MM","UN",1,{"$f":"SUMIF(Insumos!B:B,D5295,Insumos!G:G)","v":6.35},{"$f":"(G5295*H5295)","v":6.35}]
[{"$nulls":7},{"$f":"SUMIF(Insumos!B:B,D5296,Insumos!G:G)","v":0},{"$f":"(G5296*H5296)","v":0}]
[{"$nulls":7},{"$f":"SUMIF(Insumos!B:B,D5297,Insumos!G:G)","v":0},{"$f":"(G5297*H5297)","v":0}]
[{"$nulls":7},{"$f":"SUMIF(Insumos!B:B,D5298,Insumos!G:G)","v":0},{"$f":"(G5298*H5298)","v":0}]
[{"$nulls":7},{"$f":"SUMIF(Insumos!B:B,D5299,Insumos!G:G)","v":0},{"$f":"(G5299*H5299)","v":0}]
[{"$nulls":7},"PARCIAL:",{"$f":"SUM(I5294:I5299)","v":6.35}]
[]
[{"$nulls":7},"VALOR UNITÁRIO TOTAL - R$",{"$f":"TRUNC(I5300+I5301,2)","v":6.35}]
[]
[]
[]
[null,"INSUMO","ORSE",{"$f":"D5310","v":5665},{"$f":"E5310","v":"TÊ 90º PVC, JE, BBB, PBA, D=   50MM"},null,null,null,{"$f":"F5310","v":"UN"},null,{"$f":"I5317","v":14.48},18.5]
[]
[null,null,null,"COD.","DESCRIÇÃO","UN.","COEF.","PREÇO","TOTAL"]
[null,null,null,"MATERIAIS"]
[null,null,null,5665,"TÊ 90º PVC, JE, BBB, PBA, D=   50MM","UN",1,{"$f":"SUMIF(Insumos!B:B,D5310,Insumos!G:G)","v":14.48},{"$f":"(G5310*H5310)","v":14.48}]
[{"$nulls":7},{"$f":"SUMIF(Insumos!B:B,D5311,Insumos!G:G)","v":0},{"$f":"(G5311*H5311)","v":0}]
[{"$nulls":7},{"$f":"SUMIF(Insumos!B:B,D5312,Insumos!G:G)","v":0},{"$f":"(G5312*H5312)","v":0}]
[{"$nulls":7},{"$f":"SUMIF(Insumos!B:B,D5313,Insumos!G:G)","v":0},{"$f":"(G5313*H5313)","v":0}]
[{"$nulls":7},{"$f":"SUMIF(Insumos!B:B,D5314,Insumos!G:G)","v":0},{"$f":"(G5314*H5314)","v":0}]
[{"$nulls":7},"PARCIAL:",{"$f":"SUM(I5309:I5314)","v":14.48}]
[]
[{"$nulls":7},"VALOR UNITÁRIO TOTAL - R$",{"$f":"TRUNC(I5315+I5316,2)","v":14.48}]
[]
[]
[]
[null,"INSUMO","ORSE",{"$f":"D5325","v":5555},{"$f":"E5325","v":"REDUÇÃO DE PVC  JE, PONTA / BOLSA, D=   75 X   50MM"},null,null,null,{"$f":"F5325","v":"UN"},null,{"$f":"I5332","v":9.98},12.75]
[]
[null,null,null,"COD.","DESCRIÇÃO","UN.","COEF.","PREÇO","TOTAL"]
[null,null,null,"MATERIAIS"]
[null,null,null,5555,"REDUÇÃO DE PVC  JE, PONTA / BOLSA, D=   75 X   50MM","UN",1,{"$f":"SUMIF(Insumos!B:B,D5325,Insumos!G:G)","v":9.98},{"$f":"(G5325*H5325)","v":9.98}]
[{"$nulls":7},{"$f":"SUMIF(Insumos!B:B,D5326,Insumos!G:G)","v":0},{"$f":"(G5326*H5326)","v":0}]
[{"$nulls":7},{"$f":"SUMIF(Insumos!B:B,D5327,Insumos!G:G)","v":0},{"$f":"(G5327*H5327)","v":0}]
[{"$nulls":7},{"$f":"SUMIF(Insumos!B:B,D5328,Insumos!G:G)","v":0},{"$f":"(G5328*H5328)","v":0}]
[{"$nulls":7},{"$f":"SUMIF(Insumos!B:B,D5329,Insumos!G:G)","v":0},{"$f":"(G5329*H5329)","v":0}]
[{"$nulls":7},"PARCIAL:",{"$f":"SUM(I5324:I5329)","v":9.98}]
[]
[{"$nulls":7},"VALOR UNITÁRIO TOTAL - R$",{"$f":"TRUNC(I5330+I5331,2)","v":9.98}]
[]
[]
[]
[null,"INSUMO","ORSE",{"$f":"D5340","v":5617},{"$f":"E5340","v":"REDUÇÃO, EM FOFO, PONTA / BOLSA, JE, D=  150 X  100MM"},null,null,null,{"$f":"F5340","v":"UN"},null,{"$f":"I5347","v":132.6},169.35]
[]
[null,null,null,"COD.","DESCRIÇÃO","UN.","COEF.","PREÇO","TOTAL"]
[null,null,null,"MATERIAIS"]
[null,null,null,5617,"REDUÇÃO, EM FOFO, PONTA / BOLSA, JE, D=  150 X  100MM","UN",1,{"$f":"SUMIF(Insumos!B:B,D5340,Insumos!G:G)","v":132.6},{"$f":"(G5340*H5340)","v":132.6}]
[{"$nulls":7},{"$f":"SUMIF(Insumos!B:B,D5341,Insumos!G:G)","v":0},{"$f":"(G5341*H5341)","v":0}]
[{"$nulls":7},{"$f":"SUMIF(Insumos!B:B,D5342,Insumos!G:G)","v":0},{"$f":"(G5342*H5342)","v":0}]
[{"$nulls":7},{"$f":"SUMIF(Insumos!B:B,D5343,Insumos!G:G)","v":0},{"$f":"(G5343*H5343)","v":0}]
[{"$nulls":7},{"$f":"SUMIF(Insumos!B:B,D5344,Insumos!G:G)","v":0},{"$f":"(G5344*H5344)","v":0}]
[{"$nulls":7},"PARCIAL:",{"$f":"SUM(I5339:I5344)","v":132.6}]
[]
[{"$nulls":7},"VALOR UNITÁRIO TOTAL - R$",{"$f":"TRUNC(I5345+I5346,2)","v":132.6}]
[]
[]
[]
[null,"INSUMO","ORSE",{"$f":"D5355","v":5556},{"$f":"E5355","v":"REDUÇÃO DE PVC  JE, PONTA / BOLSA, D=  100 X   50MM"},null,null,null,{"$f":"F5355","v":"UN"},null,{"$f":"I5362","v":14.11},18.03]
[]
[null,null,null,"COD.","DESCRIÇÃO","UN.","COEF.","PREÇO","TOTAL"]
[null,null,null,"MATERIAIS"]
[null,null,null,5556,"REDUÇÃO DE PVC  JE, PONTA / BOLSA, D=  100 X   50MM","UN",1,{"$f":"SUMIF(Insumos!B:B,D5355,Insumos!G:G)","v":14.11},{"$f":"(G5355*H5355)","v":14.11}]
[{"$nulls":7},{"$f":"SUMIF(Insumos!B:B,D5356,Insumos!G:G)","v":0},{"$f":"(G5356*H5356)","v":0}]
[{"$nulls":7},{"$f":"SUMIF(Insumos!B:B,D5357,Insumos!G:G)","v":0},{"$f":"(G5357*H5357)","v":0}]
[{"$nulls":7},{"$f":"SUMIF(Insumos!B:B,D5358,Insumos!G:G)","v":0},{"$f":"(G5358*H5358)","v":0}]
[{"$nulls":7},{"$f":"SUMIF(Insumos!B:B,D5359,Insumos!G:G)","v":0},{"$f":"(G5359*H5359)","v":0}]
[{"$nulls":7},"PARCIAL:",{"$f":"SUM(I5354:I5359)","v":14.11}]
[]
[{"$nulls":7},"VALOR UNITÁRIO TOTAL - R$",{"$f":"TRUNC(I5360+I5361,2)","v":14.11}]
[]
[]
[]
[null,"INSUMO","ORSE",{"$f":"D5370","v":9486},{"$f":"E5370","v":"ABRAÇADEIRA CUNHA (TIPO CHAVETA) D=2\""},null,null,null,{"$f":"F5370","v":"UN"},null,{"$f":"I5377","v":0.93},1.2]
[]
[null,null,null,"COD.","DESCRIÇÃO","UN.","COEF.","PREÇO","TOTAL"]
[null,null,null,"MATERIAIS"]
[null,null,null,9486,"ABRAÇADEIRA CUNHA (TIPO CHAVETA) D=2\"","UN",1,{"$f":"SUMIF(Insumos!B:B,D5370,Insumos!G:G)","v":0.93},{"$f":"(G5370*H5370)","v":0.93}]
[{"$nulls":7},{"$f":"SUMIF(Insumos!B:B,D5371,Insumos!G:G)","v":0},{"$f":"(G5371*H5371)","v":0}]
[{"$nulls":7},{"$f":"SUMIF(Insumos!B:B,D5372,Insumos!G:G)","v":0},{"$f":"(G5372*H5372)","v":0}]
[{"$nulls":7},{"$f":"SUMIF(Insumos!B:B,D5373,Insumos!G:G)","v":0},{"$f":"(G5373*H5373)","v":0}]
[{"$nulls":7},{"$f":"SUMIF(Insumos!B:B,D5374,Insumos!G:G)","v":0},{"$f":"(G5374*H5374)","v":0}]
[{"$nulls":7},"PARCIAL:",{"$f":"SUM(I5369:I5374)","v":0.93}]
[]
[{"$nulls":7},"VALOR UNITÁRIO TOTAL - R$",{"$f":"TRUNC(I5375+I5376,2)","v":0.93}]
[]
[]
[]
[null,"INSUMO","ORSE",{"$f":"D5385","v":11467},{"$f":"E5385","v":"ABRAÇADEIRA CUNHA (TIPO CHAVETA) D=1/2\""},null,null,null,{"$f":"F5385","v":"UN"},null,{"$f":"I5392","v":0.49},0.63]
[]
[null,null,null,"COD.","DESCRIÇÃO","UN.","COEF.","PREÇO","TOTAL"]
[null,null,null,"MATERIAIS"]
[null,null,null,11467,"ABRAÇADEIRA CUNHA (TIPO CHAVETA) D=1/2\"","UN",1,{"$f":"SUMIF(Insumos!B:B,D5385,Insumos!G:G)","v":0.49},{"$f":"(G5385*H5385)","v":0.49}]
[{"$nulls":7},{"$f":"SUMIF(Insumos!B:B,D5386,Insumos!G:G)","v":0},{"$f":"(G5386*H5386)","v":0}]
[{"$nulls":7},{"$f":"SUMIF(Insumos!B:B,D5387,Insumos!G:G)","v":0},{"$f":"(G5387*H5387)","v":0}]
[{"$nulls":7},{"$f":"SUMIF(Insumos!B:B,D5388,Insumos!G:G)","v":0},{"$f":"(G5388*H5388)","v":0}]
[{"$nulls":7},{"$f":"SUMIF(Insumos!B:B,D5389,Insumos!G:G)","v":0},{"$f":"(G5389*H5389)","v":0}]
[{"$nulls":7},"PARCIAL:",{"$f":"SUM(I5384:I5389)","v":0.49}]
[]
[{"$nulls":7},"VALOR UNITÁRIO TOTAL - R$",{"$f":"TRUNC(I5390+I5391,2)","v":0.49}]
[]
[]
[]
[null,"INSUMO","ORSE",{"$f":"D5400","v":6631},{"$f":"E5400","v":"CHAVE DE FLUXO DE 1\", MODELO AT-2011 ITALAIR OU SIMILAR"},null,null,null,{"$f":"F5400","v":"UN"},null,{"$f":"I5407","v":162.94999999999999},208.11]
[]
[null,null,null,"COD.","DESCRIÇÃO","UN.","COEF.","PREÇO","TOTAL"]
[null,null,null,"MATERIAIS"]
[null,null,null,6631,"CHAVE DE FLUXO DE 1\", MODELO AT-2011 ITALAIR OU SIMILAR","UN",1,{"$f":"SUMIF(Insumos!B:B,D5400,Insumos!G:G)","v":162.94999999999999},{"$f":"(G5400*H5400)","v":162.94999999999999}]
[{"$nulls":7},{"$f":"SUMIF(Insumos!B:B,D5401,Insumos!G:G)","v":0},{"$f":"(G5401*H5401)","v":0}]
[{"$nulls":7},{"$f":"SUMIF(Insumos!B:B,D5402,Insumos!G:G)","v":0},{"$f":"(G5402*H5402)","v":0}]
[{"$nulls":7},{"$f":"SUMIF(Insumos!B:B,D5403,Insumos!G:G)","v":0},{"$f":"(G5403*H5403)","v":0}]
[{"$nulls":7},{"$f":"SUMIF(Insumos!B:B,D5404,Insumos!G:G)","v":0},{"$f":"(G5404*H5404)","v":0}]
[{"$nulls":7},"PARCIAL:",{"$f":"SUM(I5399:I5404)","v":162.94999999999999}]
[]
[{"$nulls":7},"VALOR UNITÁRIO TOTAL - R$",{"$f":"TRUNC(I5405+I5406,2)","v":162.94999999999999}]
[]
[]
[]
[null,"INSUMO","ORSE",{"$f":"D5415","v":11775},{"$f":"E5415","v":"VÁLVULA SOLENÓIDE DE 1/2\" "},null,null,null,{"$f":"F5415","v":"UN"},null,{"$f":"I5422","v":120.97},154.5]
[]
[null,null,null,"COD.","DESCRIÇÃO","UN.","COEF.","PREÇO","TOTAL"]
[null,null,null,"MATERIAIS"]
[null,null,null,11775,"VÁLVULA SOLENÓIDE DE 1/2\" ","UN",1,{"$f":"SUMIF(Insumos!B:B,D5415,Insumos!G:G)","v":120.97},{"$f":"(G5415*H5415)","v":120.97}]
[{"$nulls":7},{"$f":"SUMIF(Insumos!B:B,D5416,Insumos!G:G)","v":0},{"$f":"(G5416*H5416)","v":0}]
[{"$nulls":7},{"$f":"SUMIF(Insumos!B:B,D5417,Insumos!G:G)","v":0},{"$f":"(G5417*H5417)","v":0}]
[{"$nulls":7},{"$f":"SUMIF(Insumos!B:B,D5418,Insumos!G:G)","v":0},{"$f":"(G5418*H5418)","v":0}]
[{"$nulls":7},{"$f":"SUMIF(Insumos!B:B,D5419,Insumos!G:G)","v":0},{"$f":"(G5419*H5419)","v":0}]
[{"$nulls":7},"PARCIAL:",{"$f":"SUM(I5414:I5419)","v":120.97}]
[]
[{"$nulls":7},"VALOR UNITÁRIO TOTAL - R$",{"$f":"TRUNC(I5420+I5421,2)","v":120.97}]
[]
[]
[]
[null,"INSUMO","ORSE",{"$f":"D5430","v":10989},{"$f":"E5430","v":"VÁLVULA DE ALÍVIO DE PRESSÃO DE BRONZE 2\""},null,null,null,{"$f":"F5430","v":"UN"},null,{"$f":"I5437","v":1152.29},1471.64]
[]
[null,null,null,"COD.","DESCRIÇÃO","UN.","COEF.","PREÇO","TOTAL"]
[null,null,null,"MATERIAIS"]
[null,null,null,10989,"VÁLVULA DE ALÍVIO DE PRESSÃO DE BRONZE 2\"","UN",1,{"$f":"SUMIF(Insumos!B:B,D5430,Insumos!G:G)","v":1152.29},{"$f":"(G5430*H5430)","v":1152.29}]
[{"$nulls":7},{"$f":"SUMIF(Insumos!B:B,D5431,Insumos!G:G)","v":0},{"$f":"(G5431*H5431)","v":0}]
[{"$nulls":7},{"$f":"SUMIF(Insumos!B:B,D5432,Insumos!G:G)","v":0},{"$f":"(G5432*H5432)","v":0}]
[{"$nulls":7},{"$f":"SUMIF(Insumos!B:B,D5433,Insumos!G:G)","v":0},{"$f":"(G5433*H5433)","v":0}]
[{"$nulls":7},{"$f":"SUMIF(Insumos!B:B,D5434,Insumos!G:G)","v":0},{"$f":"(G5434*H5434)","v":0}]
[{"$nulls":7},"PARCIAL:",{"$f":"SUM(I5429:I5434)","v":1152.29}]
[]
[{"$nulls":7},"VALOR UNITÁRIO TOTAL - R$",{"$f":"TRUNC(I5435+I5436,2)","v":1152.29}]
[]
[]
[]
[null,"INSUMO","ORSE",{"$f":"D5445","v":9102},{"$f":"E5445","v":"INTERRUPTOR 01 SEÇÃO SIMPLES, DE EMBUTIR, COM PLACA, CONJUGADO COM TOMADA 2P+ T, ABNT, 10A"},null,null,null,{"$f":"F5445","v":"UN"},null,{"$f":"I5452","v":4.7699999999999996},6.1]
[]
[null,null,null,"COD.","DESCRIÇÃO","UN.","COEF.","PREÇO","TOTAL"]
[null,null,null,"MATERIAIS"]
[null,null,null,9102,"INTERRUPTOR 01 SEÇÃO SIMPLES, DE EMBUTIR, COM PLACA, CONJUGADO COM TOMADA 2P+ T, ABNT, 10A","UN",1,{"$f":"SUMIF(Insumos!B:B,D5445,Insumos!G:G)","v":4.7699999999999996},{"$f":"(G5445*H5445)","v":4.7699999999999996}]
[{"$nulls":7},{"$f":"SUMIF(Insumos!B:B,D5446,Insumos!G:G)","v":0},{"$f":"(G5446*H5446)","v":0}]
[{"$nulls":7},{"$f":"SUMIF(Insumos!B:B,D5447,Insumos!G:G)","v":0},{"$f":"(G5447*H5447)","v":0}]
[{"$nulls":7},{"$f":"SUMIF(Insumos!B:B,D5448,Insumos!G:G)","v":0},{"$f":"(G5448*H5448)","v":0}]
[{"$nulls":7},{"$f":"SUMIF(Insumos!B:B,D5449,Insumos!G:G)","v":0},{"$f":"(G5449*H5449)","v":0}]
[{"$nulls":7},"PARCIAL:",{"$f":"SUM(I5444:I5449)","v":4.7699999999999996}]
[]
[{"$nulls":7},"VALOR UNITÁRIO TOTAL - R$",{"$f":"TRUNC(I5450+I5451,2)","v":4.7699999999999996}]
[]
[]
[]
[null,"INSUMO","ORSE",{"$f":"D5460","v":12191},{"$f":"E5460","v":"TOMADA DUPLA, DE EMBUTIR, PARA USO GERAL, 2P+T, ABNT, 20A, INCLUSIVE PLACA EM PVC"},null,null,null,{"$f":"F5460","v":"UN"},null,{"$f":"I5467","v":9.02},11.52]
[]
[null,null,null,"COD.","DESCRIÇÃO","UN.","COEF.","PREÇO","TOTAL"]
[null,null,null,"MATERIAIS"]
[null,null,null,12191,"TOMADA DUPLA, DE EMBUTIR, PARA USO GERAL, 2P+T, ABNT, 20A, INCLUSIVE PLACA EM PVC","UN",1,{"$f":"SUMIF(Insumos!B:B,D5460,Insumos!G:G)","v":9.02},{"$f":"(G5460*H5460)","v":9.02}]
[{"$nulls":7},{"$f":"SUMIF(Insumos!B:B,D5461,Insumos!G:G)","v":0},{"$f":"(G5461*H5461)","v":0}]
[{"$nulls":7},{"$f":"SUMIF(Insumos!B:B,D5462,Insumos!G:G)","v":0},{"$f":"(G5462*H5462)","v":0}]
[{"$nulls":7},{"$f":"SUMIF(Insumos!B:B,D5463,Insumos!G:G)","v":0},{"$f":"(G5463*H5463)","v":0}]
[{"$nulls":7},{"$f":"SUMIF(Insumos!B:B,D5464,Insumos!G:G)","v":0},{"$f":"(G5464*H5464)","v":0}]
[{"$nulls":7},"PARCIAL:",{"$f":"SUM(I5459:I5464)","v":9.02}]
[]
[{"$nulls":7},"VALOR UNITÁRIO TOTAL - R$",{"$f":"TRUNC(I5465+I5466,2)","v":9.02}]
[]
[]
[]
[null,"INSUMO","ORSE",{"$f":"D5475","v":11513},{"$f":"E5475","v":"CAIXA INSPEÇÃO EM POLIAMIDA 150X110X70MM, REF:TEL-541 OU SIMILAR (P/SPDA)"},null,null,null,{"$f":"F5475","v":"UN"},null,{"$f":"I5481","v":47.68},60.9]
[]
[null,null,null,"COD.","DESCRIÇÃO","UN.","COEF.","PREÇO","TOTAL"]
[null,null,null,"MATERIAIS"]
[null,null,null,11513,"CAIXA INSPEÇÃO EM POLIAMIDA 150X110X70MM, REF:TEL-541 OU SIMILAR (P/SPDA)","UN",1,{"$f":"SUMIF(Insumos!B:B,D5475,Insumos!G:G)","v":47.68},{"$f":"(G5475*H5475)","v":47.68}]
[{"$nulls":7},{"$f":"SUMIF(Insumos!B:B,D5476,Insumos!G:G)","v":0},{"$f":"(G5476*H5476)","v":0}]
[{"$nulls":7},{"$f":"SUMIF(Insumos!B:B,D5477,Insumos!G:G)","v":0},{"$f":"(G5477*H5477)","v":0}]
[{"$nulls":7},{"$f":"SUMIF(Insumos!B:B,D5478,Insumos!G:G)","v":0},{"$f":"(G5478*H5478)","v":0}]
[{"$nulls":7},"PARCIAL:",{"$f":"SUM(I5474:I5478)","v":47.68}]
[]
[{"$nulls":7},"VALOR UNITÁRIO TOTAL - R$",{"$f":"TRUNC(I5479+I5480,2)","v":47.68}]
[]
[]
[]
[null,"INSUMO","ORSE",{"$f":"D5489","v":398},{"$f":"E5489","v":"CABO DE ALUMÍNIO NU ASC, SEM ALMA DE AÇO, 7X1 FIOS - 2/0 AWG"},null,null,null,{"$f":"F5489","v":"KG"},null,{"$f":"I5496","v":18.32},23.4]
[]
[null,null,null,"COD.","DESCRIÇÃO","UN.","COEF.","PREÇO","TOTAL"]
[null,null,null,"MATERIAIS"]
[null,null,null,398,"CABO DE ALUMÍNIO NU ASC, SEM ALMA DE AÇO, 7X1 FIOS - 2/0 AWG","KG",1,{"$f":"SUMIF(Insumos!B:B,D5489,Insumos!G:G)","v":18.32},{"$f":"(G5489*H5489)","v":18.32}]
[{"$nulls":7},{"$f":"SUMIF(Insumos!B:B,D5490,Insumos!G:G)","v":0},{"$f":"(G5490*H5490)","v":0}]
[{"$nulls":7},{"$f":"SUMIF(Insumos!B:B,D5491,Insumos!G:G)","v":0},{"$f":"(G5491*H5491)","v":0}]
[{"$nulls":7},{"$f":"SUMIF(Insumos!B:B,D5492,Insumos!G:G)","v":0},{"$f":"(G5492*H5492)","v":0}]
[{"$nulls":7},{"$f":"SUMIF(Insumos!B:B,D5493,Insumos!G:G)","v":0},{"$f":"(G5493*H5493)","v":0}]
[{"$nulls":7},"PARCIAL:",{"$f":"SUM(I5488:I5493)","v":18.32}]
[]
[{"$nulls":7},"VALOR UNITÁRIO TOTAL - R$",{"$f":"TRUNC(I5494+I5495,2)","v":18.32}]
[]
[]
[]
[null,"INSUMO","ORSE",{"$f":"D5504","v":9329},{"$f":"E5504","v":"CONECTOR DE MEDIÇÃO EM BRONZE C/4 PARAFUSOS P/CABOS DE COBRE 16-70MM² REF.TEL -560 (PÁRA-RAIO)"},null,null,null,{"$f":"F5504","v":"UN"},null,{"$f":"I5511","v":13.7},17.5]
[]
[null,null,null,"COD.","DESCRIÇÃO","UN.","COEF.","PREÇO","TOTAL"]
[null,null,null,"MATERIAIS"]
[null,null,null,9329,"CONECTOR DE MEDIÇÃO EM BRONZE C/4 PARAFUSOS P/CABOS DE COBRE 16-70MM² REF.TEL -560 (PÁRA-RAIO)","UN",1,{"$f":"SUMIF(Insumos!B:B,D5504,Insumos!G:G)","v":13.7},{"$f":"(G5504*H5504)","v":13.7}]
[{"$nulls":7},{"$f":"SUMIF(Insumos!B:B,D5505,Insumos!G:G)","v":0},{"$f":"(G5505*H5505)","v":0}]
[{"$nulls":7},{"$f":"SUMIF(Insumos!B:B,D5506,Insumos!G:G)","v":0},{"$f":"(G5506*H5506)","v":0}]
[{"$nulls":7},{"$f":"SUMIF(Insumos!B:B,D5507,Insumos!G:G)","v":0},{"$f":"(G5507*H5507)","v":0}]
[{"$nulls":7},{"$f":"SUMIF(Insumos!B:B,D5508,Insumos!G:G)","v":0},{"$f":"(G5508*H5508)","v":0}]
[{"$nulls":7},"PARCIAL:",{"$f":"SUM(I5503:I5508)","v":13.7}]
[]
[{"$nulls":7},"VALOR UNITÁRIO TOTAL - R$",{"$f":"TRUNC(I5509+I5510,2)","v":13.7}]
[]
[]
[]
[null,"INSUMO","ORSE",{"$f":"D5519","v":6667},{"$f":"E5519","v":"CAPTOR COM BASE DE FIXAÇÃO HORIZONTAL 3/8\" X 400MM (PÁRA-RAIO)"},null,null,null,{"$f":"F5519","v":"UN"},null,{"$f":"I5526","v":9.9499999999999993},12.72]
[]
[null,null,null,"COD.","DESCRIÇÃO","UN.","COEF.","PREÇO","TOTAL"]
[null,null,null,"MATERIAIS"]
[null,null,null,6667,"CAPTOR COM BASE DE FIXAÇÃO HORIZONTAL 3/8\" X 400MM (PÁRA-RAIO)","UN",1,{"$f":"SUMIF(Insumos!B:B,D5519,Insumos!G:G)","v":9.9499999999999993},{"$f":"(G5519*H5519)","v":9.9499999999999993}]
[{"$nulls":7},{"$f":"SUMIF(Insumos!B:B,D5520,Insumos!G:G)","v":0},{"$f":"(G5520*H5520)","v":0}]
[{"$nulls":7},{"$f":"SUMIF(Insumos!B:B,D5521,Insumos!G:G)","v":0},{"$f":"(G5521*H5521)","v":0}]
[{"$nulls":7},{"$f":"SUMIF(Insumos!B:B,D5522,Insumos!G:G)","v":0},{"$f":"(G5522*H5522)","v":0}]
[{"$nulls":7},{"$f":"SUMIF(Insumos!B:B,D5523,Insumos!G:G)","v":0},{"$f":"(G5523*H5523)","v":0}]
[{"$nulls":7},"PARCIAL:",{"$f":"SUM(I5518:I5523)","v":9.9499999999999993}]
[]
[{"$nulls":7},"VALOR UNITÁRIO TOTAL - R$",{"$f":"TRUNC(I5524+I5525,2)","v":9.9499999999999993}]
[]
[]
[]
[null,"INSUMO","ORSE",{"$f":"D5534","v":6779},{"$f":"E5534","v":"SINALIZADOR DUPLO C/ CÉLULA PARA MASTRO (PÁRA-RAIO)"},null,null,null,{"$f":"F5534","v":"UN"},null,{"$f":"I5540","v":128.02000000000001},163.5]
[]
[null,null,null,"COD.","DESCRIÇÃO","UN.","COEF.","PREÇO","TOTAL"]
[null,null,null,"MATERIAIS"]
[null,null,null,6779,"SINALIZADOR DUPLO C/ CÉLULA PARA MASTRO (PÁRA-RAIO)","UN",1,{"$f":"SUMIF(Insumos!B:B,D5534,Insumos!G:G)","v":128.02000000000001},{"$f":"(G5534*H5534)","v":128.02000000000001}]
[{"$nulls":7},{"$f":"SUMIF(Insumos!B:B,D5535,Insumos!G:G)","v":0},{"$f":"(G5535*H5535)","v":0}]
[{"$nulls":7},{"$f":"SUMIF(Insumos!B:B,D5536,Insumos!G:G)","v":0},{"$f":"(G5536*H5536)","v":0}]
[{"$nulls":7},{"$f":"SUMIF(Insumos!B:B,D5537,Insumos!G:G)","v":0},{"$f":"(G5537*H5537)","v":0}]
[{"$nulls":7},"PARCIAL:",{"$f":"SUM(I5533:I5537)","v":128.02000000000001}]
[]
[{"$nulls":7},"VALOR UNITÁRIO TOTAL - R$",{"$f":"TRUNC(I5538+I5539,2)","v":128.02000000000001}]
[]
[]
[]
[null,"INSUMO","ORSE",{"$f":"D5548","v":12429},{"$f":"E5548","v":"SUPORTE GUIA SIMPLES TIPO CURTO CHAPA ENCOSTO COM ROLDANA EM POLIPROPILENO, H = 50 CM (TEL-241)"},null,null,null,{"$f":"F5548","v":"UN"},null,{"$f":"I5555","v":9.2100000000000009},11.77]
[]
[null,null,null,"COD.","DESCRIÇÃO","UN.","COEF.","PREÇO","TOTAL"]
[null,null,null,"MATERIAIS"]
[null,null,null,12429,"SUPORTE GUIA SIMPLES TIPO CURTO CHAPA ENCOSTO COM ROLDANA EM POLIPROPILENO, H = 50 CM (TEL-241)","UN",1,{"$f":"SUMIF(Insumos!B:B,D5548,Insumos!G:G)","v":9.2100000000000009},{"$f":"(G5548*H5548)","v":9.2100000000000009}]
[{"$nulls":7},{"$f":"SUMIF(Insumos!B:B,D5549,Insumos!G:G)","v":0},{"$f":"(G5549*H5549)","v":0}]
[{"$nulls":7},{"$f":"SUMIF(Insumos!B:B,D5550,Insumos!G:G)","v":0},{"$f":"(G5550*H5550)","v":0}]
[{"$nulls":7},{"$f":"SUMIF(Insumos!B:B,D5551,Insumos!G:G)","v":0},{"$f":"(G5551*H5551)","v":0}]
[{"$nulls":7},{"$f":"SUMIF(Insumos!B:B,D5552,Insumos!G:G)","v":0},{"$f":"(G5552*H5552)","v":0}]
[{"$nulls":7},"PARCIAL:",{"$f":"SUM(I5547:I5552)","v":9.2100000000000009}]
[]
[{"$nulls":7},"VALOR UNITÁRIO TOTAL - R$",{"$f":"TRUNC(I5553+I5554,2)","v":9.2100000000000009}]
[]
[]
[]
[null,"INSUMO","ORSE",{"$f":"D5563","v":5789},{"$f":"E5563","v":"TOCO EM FOFO COM ABA DE VEDAÇÃO E FLANGES PN 10 / 16, D=  150MM"},null,null,null,{"$f":"F5563","v":"UN"},null,{"$f":"I5570","v":376.77},481.2]
[]
[null,null,null,"COD.","DESCRIÇÃO","UN.","COEF.","PREÇO","TOTAL"]
[null,null,null,"MATERIAIS"]
[null,null,null,5789,"TOCO EM FOFO COM ABA DE VEDAÇÃO E FLANGES PN 10 / 16, D=  150MM","UN",1,{"$f":"SUMIF(Insumos!B:B,D5563,Insumos!G:G)","v":376.77},{"$f":"(G5563*H5563)","v":376.77}]
[{"$nulls":7},{"$f":"SUMIF(Insumos!B:B,D5564,Insumos!G:G)","v":0},{"$f":"(G5564*H5564)","v":0}]
[{"$nulls":7},{"$f":"SUMIF(Insumos!B:B,D5565,Insumos!G:G)","v":0},{"$f":"(G5565*H5565)","v":0}]
[{"$nulls":7},{"$f":"SUMIF(Insumos!B:B,D5566,Insumos!G:G)","v":0},{"$f":"(G5566*H5566)","v":0}]
[{"$nulls":7},{"$f":"SUMIF(Insumos!B:B,D5567,Insumos!G:G)","v":0},{"$f":"(G5567*H5567)","v":0}]
[{"$nulls":7},"PARCIAL:",{"$f":"SUM(I5562:I5567)","v":376.77}]
[]
[{"$nulls":7},"VALOR UNITÁRIO TOTAL - R$",{"$f":"TRUNC(I5568+I5569,2)","v":376.77}]
[]
[]
[]
[null,"INSUMO","ORSE",{"$f":"D5578","v":6075},{"$f":"E5578","v":"TUBO EM FOFO, C/ FLANGES PN 10 / 16, D=  150MM, L=2,00M"},null,null,null,{"$f":"F5578","v":"UN"},null,{"$f":"I5585","v":754.98},964.22]
[]
[null,null,null,"COD.","DESCRIÇÃO","UN.","COEF.","PREÇO","TOTAL"]
[null,null,null,"MATERIAIS"]
[null,null,null,6075,"TUBO EM FOFO, C/ FLANGES PN 10 / 16, D=  150MM, L=2,00M","UN",1,{"$f":"SUMIF(Insumos!B:B,D5578,Insumos!G:G)","v":754.98},{"$f":"(G5578*H5578)","v":754.98}]
[{"$nulls":7},{"$f":"SUMIF(Insumos!B:B,D5579,Insumos!G:G)","v":0},{"$f":"(G5579*H5579)","v":0}]
[{"$nulls":7},{"$f":"SUMIF(Insumos!B:B,D5580,Insumos!G:G)","v":0},{"$f":"(G5580*H5580)","v":0}]
[{"$nulls":7},{"$f":"SUMIF(Insumos!B:B,D5581,Insumos!G:G)","v":0},{"$f":"(G5581*H5581)","v":0}]
[{"$nulls":7},{"$f":"SUMIF(Insumos!B:B,D5582,Insumos!G:G)","v":0},{"$f":"(G5582*H5582)","v":0}]
[{"$nulls":7},"PARCIAL:",{"$f":"SUM(I5577:I5582)","v":754.98}]
[]
[{"$nulls":7},"VALOR UNITÁRIO TOTAL - R$",{"$f":"TRUNC(I5583+I5584,2)","v":754.98}]
[]
[]
[]
[null,"INSUMO","ORSE",{"$f":"D5593","v":5787},{"$f":"E5593","v":"TOCO EM FOFO COM ABA DE VEDAÇÃO E FLANGES PN 10 / 16 / 25, D=   80MM"},null,null,null,{"$f":"F5593","v":"UN"},null,{"$f":"I5599","v":212.05},270.83]
[]
[null,null,null,"COD.","DESCRIÇÃO","UN.","COEF.","PREÇO","TOTAL"]
[null,null,null,"MATERIAIS"]
[null,null,null,5787,"TOCO EM FOFO COM ABA DE VEDAÇÃO E FLANGES PN 10 / 16 / 25, D=   80MM","UN",1,{"$f":"SUMIF(Insumos!B:B,D5593,Insumos!G:G)","v":212.05},{"$f":"(G5593*H5593)","v":212.05}]
[{"$nulls":7},{"$f":"SUMIF(Insumos!B:B,D5594,Insumos!G:G)","v":0},{"$f":"(G5594*H5594)","v":0}]
[{"$nulls":7},{"$f":"SUMIF(Insumos!B:B,D5595,Insumos!G:G)","v":0},{"$f":"(G5595*H5595)","v":0}]
[{"$nulls":7},{"$f":"SUMIF(Insumos!B:B,D5596,Insumos!G:G)","v":0},{"$f":"(G5596*H5596)","v":0}]
[{"$nulls":7},"PARCIAL:",{"$f":"SUM(I5592:I5596)","v":212.05}]
[]
[{"$nulls":7},"VALOR UNITÁRIO TOTAL - R$",{"$f":"TRUNC(I5597+I5598,2)","v":212.05}]
[]
[]
[]
[null,"INSUMO","ORSE",{"$f":"D5607","v":5151},{"$f":"E5607","v":"ADAPTADOR DE PVC JE A BOLSA DEFOFO JUNTA ELASTICA, D=   75MM"},null,null,null,{"$f":"F5607","v":"UN"},null,{"$f":"I5614","v":20.71},26.45]
[]
[null,null,null,"COD.","DESCRIÇÃO","UN.","COEF.","PREÇO","TOTAL"]
[null,null,null,"MATERIAIS"]
[null,null,null,5151,"ADAPTADOR DE PVC JE A BOLSA DEFOFO JUNTA ELASTICA, D=   75MM","UN",1,{"$f":"SUMIF(Insumos!B:B,D5607,Insumos!G:G)","v":20.71},{"$f":"(G5607*H5607)","v":20.71}]
[{"$nulls":7},{"$f":"SUMIF(Insumos!B:B,D5608,Insumos!G:G)","v":0},{"$f":"(G5608*H5608)","v":0}]
[{"$nulls":7},{"$f":"SUMIF(Insumos!B:B,D5609,Insumos!G:G)","v":0},{"$f":"(G5609*H5609)","v":0}]
[{"$nulls":7},{"$f":"SUMIF(Insumos!B:B,D5610,Insumos!G:G)","v":0},{"$f":"(G5610*H5610)","v":0}]
[{"$nulls":7},{"$f":"SUMIF(Insumos!B:B,D5611,Insumos!G:G)","v":0},{"$f":"(G5611*H5611)","v":0}]
[{"$nulls":7},"PARCIAL:",{"$f":"SUM(I5606:I5611)","v":20.71}]
[]
[{"$nulls":7},"VALOR UNITÁRIO TOTAL - R$",{"$f":"TRUNC(I5612+I5613,2)","v":20.71}]
[]
[]
[]
[null,"INSUMO","ORSE",{"$f":"D5622","v":11590},{"$f":"E5622","v":"ABRAÇADEIRA EM AÇO INOX DN 80MM"},null,null,null,{"$f":"F5622","v":"UN"},null,{"$f":"I5629","v":9.74},12.45]
[]
[null,null,null,"COD.","DESCRIÇÃO","UN.","COEF.","PREÇO","TOTAL"]
[null,null,null,"MATERIAIS"]
[null,null,null,11590,"ABRAÇADEIRA EM AÇO INOX DN 80MM","UN",1,{"$f":"SUMIF(Insumos!B:B,D5622,Insumos!G:G)","v":9.74},{"$f":"(G5622*H5622)","v":9.74}]
[{"$nulls":7},{"$f":"SUMIF(Insumos!B:B,D5623,Insumos!G:G)","v":0},{"$f":"(G5623*H5623)","v":0}]
[{"$nulls":7},{"$f":"SUMIF(Insumos!B:B,D5624,Insumos!G:G)","v":0},{"$f":"(G5624*H5624)","v":0}]
[{"$nulls":7},{"$f":"SUMIF(Insumos!B:B,D5625,Insumos!G:G)","v":0},{"$f":"(G5625*H5625)","v":0}]
[{"$nulls":7},{"$f":"SUMIF(Insumos!B:B,D5626,Insumos!G:G)","v":0},{"$f":"(G5626*H5626)","v":0}]
[{"$nulls":7},"PARCIAL:",{"$f":"SUM(I5621:I5626)","v":9.74}]
[]
[{"$nulls":7},"VALOR UNITÁRIO TOTAL - R$",{"$f":"TRUNC(I5627+I5628,2)","v":9.74}]
[]
[]
[]
[null,"INSUMO","ORSE",{"$f":"D5637","v":5562},{"$f":"E5637","v":"REDUÇÃO EM FOFO, C/ FLANGES PN 10, D=  200 X  150MM"},null,null,null,{"$f":"F5637","v":"UN"},null,{"$f":"I5644","v":194.25},248.09]
[]
[null,null,null,"COD.","DESCRIÇÃO","UN.","COEF.","PREÇO","TOTAL"]
[null,null,null,"MATERIAIS"]
[null,null,null,5562,"REDUÇÃO EM FOFO, C/ FLANGES PN 10, D=  200 X  150MM","UN",1,{"$f":"SUMIF(Insumos!B:B,D5637,Insumos!G:G)","v":194.25},{"$f":"(G5637*H5637)","v":194.25}]
[{"$nulls":7},{"$f":"SUMIF(Insumos!B:B,D5638,Insumos!G:G)","v":0},{"$f":"(G5638*H5638)","v":0}]
[{"$nulls":7},{"$f":"SUMIF(Insumos!B:B,D5639,Insumos!G:G)","v":0},{"$f":"(G5639*H5639)","v":0}]
[{"$nulls":7},{"$f":"SUMIF(Insumos!B:B,D5640,Insumos!G:G)","v":0},{"$f":"(G5640*H5640)","v":0}]
[{"$nulls":7},{"$f":"SUMIF(Insumos!B:B,D5641,Insumos!G:G)","v":0},{"$f":"(G5641*H5641)","v":0}]
[{"$nulls":7},"PARCIAL:",{"$f":"SUM(I5636:I5641)","v":194.25}]
[]
[{"$nulls":7},"VALOR UNITÁRIO TOTAL - R$",{"$f":"TRUNC(I5642+I5643,2)","v":194.25}]
[]
[]
[]
[null,"INSUMO","ORSE",318,{"$f":"E5652","v":"BUCHA ALUMÍNIO P/ELETRODUTO D=4\" (100MM)"},null,null,null,{"$f":"F5652","v":"UN"},null,{"$f":"I5659","v":3.46},4.42]
[]
[null,null,null,"COD.","DESCRIÇÃO","UN.","COEF.","PREÇO","TOTAL"]
[null,null,null,"MATERIAIS"]
[null,null,null,315,"BUCHA ALUMÍNIO P/ELETRODUTO D=4\" (100MM)","UN",1,{"$f":"SUMIF(Insumos!B:B,D5652,Insumos!G:G)","v":3.46},{"$f":"(G5652*H5652)","v":3.46}]
[{"$nulls":7},{"$f":"SUMIF(Insumos!B:B,D5653,Insumos!G:G)","v":0},{"$f":"(G5653*H5653)","v":0}]
[{"$nulls":7},{"$f":"SUMIF(Insumos!B:B,D5654,Insumos!G:G)","v":0},{"$f":"(G5654*H5654)","v":0}]
[{"$nulls":7},{"$f":"SUMIF(Insumos!B:B,D5655,Insumos!G:G)","v":0},{"$f":"(G5655*H5655)","v":0}]
[{"$nulls":7},{"$f":"SUMIF(Insumos!B:B,D5656,Insumos!G:G)","v":0},{"$f":"(G5656*H5656)","v":0}]
[{"$nulls":7},"PARCIAL:",{"$f":"SUM(I5651:I5656)","v":3.46}]
[]
[{"$nulls":7},"VALOR UNITÁRIO TOTAL - R$",{"$f":"TRUNC(I5657+I5658,2)","v":3.46}]
[]
[]
[]
[null,"INSUMO","ORSE",{"$f":"D5667","v":5759},{"$f":"E5667","v":"TOCO EM FOFO C/ FLANGES PN 10 / 16 / 25, COMP. = 0,25M, D=   80MM"},null,null,null,{"$f":"F5667","v":"UN"},null,{"$f":"I5674","v":123.68},157.96]
[]
[null,null,null,"COD.","DESCRIÇÃO","UN.","COEF.","PREÇO","TOTAL"]
[null,null,null,"MATERIAIS"]
[null,null,null,5759,"TOCO EM FOFO C/ FLANGES PN 10 / 16 / 25, COMP. = 0,25M, D=   80MM","UN",1,{"$f":"SUMIF(Insumos!B:B,D5667,Insumos!G:G)","v":123.68},{"$f":"(G5667*H5667)","v":123.68}]
[{"$nulls":7},{"$f":"SUMIF(Insumos!B:B,D5668,Insumos!G:G)","v":0},{"$f":"(G5668*H5668)","v":0}]
[{"$nulls":7},{"$f":"SUMIF(Insumos!B:B,D5669,Insumos!G:G)","v":0},{"$f":"(G5669*H5669)","v":0}]
[{"$nulls":7},{"$f":"SUMIF(Insumos!B:B,D5670,Insumos!G:G)","v":0},{"$f":"(G5670*H5670)","v":0}]
[{"$nulls":7},{"$f":"SUMIF(Insumos!B:B,D5671,Insumos!G:G)","v":0},{"$f":"(G5671*H5671)","v":0}]
[{"$nulls":7},"PARCIAL:",{"$f":"SUM(I5666:I5671)","v":123.68}]
[]
[{"$nulls":7},"VALOR UNITÁRIO TOTAL - R$",{"$f":"TRUNC(I5672+I5673,2)","v":123.68}]
[]
[]
[]
[null,"INSUMO","ORSE",{"$f":"D5682","v":5760},{"$f":"E5682","v":"TOCO EM FOFO C/ FLANGES PN 10 / 16 / 25, COMP. = 0,50M, D=   80MM"},null,null,null,{"$f":"F5682","v":"UN"},null,{"$f":"I5689","v":149.54},190.99]
[]
[null,null,null,"COD.","DESCRIÇÃO","UN.","COEF.","PREÇO","TOTAL"]
[null,null,null,"MATERIAIS"]
[null,null,null,5760,"TOCO EM FOFO C/ FLANGES PN 10 / 16 / 25, COMP. = 0,50M, D=   80MM","UN",1,{"$f":"SUMIF(Insumos!B:B,D5682,Insumos!G:G)","v":149.54},{"$f":"(G5682*H5682)","v":149.54}]
[{"$nulls":7},{"$f":"SUMIF(Insumos!B:B,D5683,Insumos!G:G)","v":0},{"$f":"(G5683*H5683)","v":0}]
[{"$nulls":7},{"$f":"SUMIF(Insumos!B:B,D5684,Insumos!G:G)","v":0},{"$f":"(G5684*H5684)","v":0}]
[{"$nulls":7},{"$f":"SUMIF(Insumos!B:B,D5685,Insumos!G:G)","v":0},{"$f":"(G5685*H5685)","v":0}]
[{"$nulls":7},{"$f":"SUMIF(Insumos!B:B,D5686,Insumos!G:G)","v":0},{"$f":"(G5686*H5686)","v":0}]
[{"$nulls":7},"PARCIAL:",{"$f":"SUM(I5681:I5686)","v":149.54}]
[]
[{"$nulls":7},"VALOR UNITÁRIO TOTAL - R$",{"$f":"TRUNC(I5687+I5688,2)","v":149.54}]
[]
[]
[]
[null,"INSUMO","ORSE",{"$f":"D5697","v":5172},{"$f":"E5697","v":"ANEL DE BORRACHA P/ TUBO OU CONEXÃO EM FOFO JE, D=   80MM"},null,null,null,{"$f":"F5697","v":"UN"},null,{"$f":"I5704","v":1.88},2.41]
[]
[null,null,null,"COD.","DESCRIÇÃO","UN.","COEF.","PREÇO","TOTAL"]
[null,null,null,"MATERIAIS"]
[null,null,null,5172,"ANEL DE BORRACHA P/ TUBO OU CONEXÃO EM FOFO JE, D=   80MM","UN",1,{"$f":"SUMIF(Insumos!B:B,D5697,Insumos!G:G)","v":1.88},{"$f":"(G5697*H5697)","v":1.88}]
[{"$nulls":7},{"$f":"SUMIF(Insumos!B:B,D5698,Insumos!G:G)","v":0},{"$f":"(G5698*H5698)","v":0}]
[{"$nulls":7},{"$f":"SUMIF(Insumos!B:B,D5699,Insumos!G:G)","v":0},{"$f":"(G5699*H5699)","v":0}]
[{"$nulls":7},{"$f":"SUMIF(Insumos!B:B,D5700,Insumos!G:G)","v":0},{"$f":"(G5700*H5700)","v":0}]
[{"$nulls":7},{"$f":"SUMIF(Insumos!B:B,D5701,Insumos!G:G)","v":0},{"$f":"(G5701*H5701)","v":0}]
[{"$nulls":7},"PARCIAL:",{"$f":"SUM(I5696:I5701)","v":1.88}]
[]
[{"$nulls":7},"VALOR UNITÁRIO TOTAL - R$",{"$f":"TRUNC(I5702+I5703,2)","v":1.88}]
[]
[]
[]
[null,"INSUMO","ORSE",{"$f":"D5712","v":993},{"$f":"E5712","v":"FLANGE FERRO GALVANIZADO D=4 \""},null,null,null,{"$f":"F5712","v":"UN"},null,{"$f":"I5718","v":85.33},108.98]
[]
[null,null,null,"COD.","DESCRIÇÃO","UN.","COEF.","PREÇO","TOTAL"]
[null,null,null,"MATERIAIS"]
[null,null,null,993,"FLANGE FERRO GALVANIZADO D=4 \"","UN",1,{"$f":"SUMIF(Insumos!B:B,D5712,Insumos!G:G)","v":85.33},{"$f":"(G5712*H5712)","v":85.33}]
[{"$nulls":7},{"$f":"SUMIF(Insumos!B:B,D5713,Insumos!G:G)","v":0},{"$f":"(G5713*H5713)","v":0}]
[{"$nulls":7},{"$f":"SUMIF(Insumos!B:B,D5714,Insumos!G:G)","v":0},{"$f":"(G5714*H5714)","v":0}]
[{"$nulls":7},{"$f":"SUMIF(Insumos!B:B,D5715,Insumos!G:G)","v":0},{"$f":"(G5715*H5715)","v":0}]
[{"$nulls":7},"PARCIAL:",{"$f":"SUM(I5711:I5715)","v":85.33}]
[]
[{"$nulls":7},"VALOR UNITÁRIO TOTAL - R$",{"$f":"TRUNC(I5716+I5717,2)","v":85.33}]
[]
[]
[]
[null,"INSUMO","ORSE",{"$f":"D5726","v":992},{"$f":"E5726","v":"FLANGE FERRO GALVANIZADO D=3 \""},null,null,null,{"$f":"F5726","v":"UN"},null,{"$f":"I5733","v":57.72},73.72]
[]
[null,null,null,"COD.","DESCRIÇÃO","UN.","COEF.","PREÇO","TOTAL"]
[null,null,null,"MATERIAIS"]
[null,null,null,992,"FLANGE FERRO GALVANIZADO D=3 \"","UN",1,{"$f":"SUMIF(Insumos!B:B,D5726,Insumos!G:G)","v":57.72},{"$f":"(G5726*H5726)","v":57.72}]
[{"$nulls":7},{"$f":"SUMIF(Insumos!B:B,D5727,Insumos!G:G)","v":0},{"$f":"(G5727*H5727)","v":0}]
[{"$nulls":7},{"$f":"SUMIF(Insumos!B:B,D5728,Insumos!G:G)","v":0},{"$f":"(G5728*H5728)","v":0}]
[{"$nulls":7},{"$f":"SUMIF(Insumos!B:B,D5729,Insumos!G:G)","v":0},{"$f":"(G5729*H5729)","v":0}]
[{"$nulls":7},{"$f":"SUMIF(Insumos!B:B,D5730,Insumos!G:G)","v":0},{"$f":"(G5730*H5730)","v":0}]
[{"$nulls":7},"PARCIAL:",{"$f":"SUM(I5725:I5730)","v":57.72}]
[]
[{"$nulls":7},"VALOR UNITÁRIO TOTAL - R$",{"$f":"TRUNC(I5731+I5732,2)","v":57.72}]
[]
[]
[]
[null,"INSUMO","ORSE",{"$f":"D5741","v":4839},{"$f":"E5741","v":"ABRAÇADEIRA EM FERRO GALVANIZADO DN 100MM"},null,null,null,{"$f":"F5741","v":"UN"},null,{"$f":"I5748","v":15.26},19.5]
[]
[null,null,null,"COD.","DESCRIÇÃO","UN.","COEF.","PREÇO","TOTAL"]
[null,null,null,"MATERIAIS"]
[null,null,null,4839,"ABRAÇADEIRA EM FERRO GALVANIZADO DN 100MM","UN",1,{"$f":"SUMIF(Insumos!B:B,D5741,Insumos!G:G)","v":15.26},{"$f":"(G5741*H5741)","v":15.26}]
[{"$nulls":7},{"$f":"SUMIF(Insumos!B:B,D5742,Insumos!G:G)","v":0},{"$f":"(G5742*H5742)","v":0}]
[{"$nulls":7},{"$f":"SUMIF(Insumos!B:B,D5743,Insumos!G:G)","v":0},{"$f":"(G5743*H5743)","v":0}]
[{"$nulls":7},{"$f":"SUMIF(Insumos!B:B,D5744,Insumos!G:G)","v":0},{"$f":"(G5744*H5744)","v":0}]
[{"$nulls":7},{"$f":"SUMIF(Insumos!B:B,D5745,Insumos!G:G)","v":0},{"$f":"(G5745*H5745)","v":0}]
[{"$nulls":7},"PARCIAL:",{"$f":"SUM(I5740:I5745)","v":15.26}]
[]
[{"$nulls":7},"VALOR UNITÁRIO TOTAL - R$",{"$f":"TRUNC(I5746+I5747,2)","v":15.26}]
[]
[]
[]
[null,"INSUMO","ORSE",{"$f":"D5756","v":5466},{"$f":"E5756","v":"FLANGE CEGO, EM FOFO, PN 10 / 16 / 25, D=   80MM"},null,null,null,{"$f":"F5756","v":"UN"},null,{"$f":"I5763","v":38.47},49.14]
[]
[null,null,null,"COD.","DESCRIÇÃO","UN.","COEF.","PREÇO","TOTAL"]
[null,null,null,"MATERIAIS"]
[null,null,null,5466,"FLANGE CEGO, EM FOFO, PN 10 / 16 / 25, D=   80MM","UN",1,{"$f":"SUMIF(Insumos!B:B,D5756,Insumos!G:G)","v":38.47},{"$f":"(G5756*H5756)","v":38.47}]
[{"$nulls":7},{"$f":"SUMIF(Insumos!B:B,D5757,Insumos!G:G)","v":0},{"$f":"(G5757*H5757)","v":0}]
[{"$nulls":7},{"$f":"SUMIF(Insumos!B:B,D5758,Insumos!G:G)","v":0},{"$f":"(G5758*H5758)","v":0}]
[{"$nulls":7},{"$f":"SUMIF(Insumos!B:B,D5759,Insumos!G:G)","v":0},{"$f":"(G5759*H5759)","v":0}]
[{"$nulls":7},{"$f":"SUMIF(Insumos!B:B,D5760,Insumos!G:G)","v":0},{"$f":"(G5760*H5760)","v":0}]
[{"$nulls":7},"PARCIAL:",{"$f":"SUM(I5755:I5760)","v":38.47}]
[]
[{"$nulls":7},"VALOR UNITÁRIO TOTAL - R$",{"$f":"TRUNC(I5761+I5762,2)","v":38.47}]
[]
[]
[]
[null,"INSUMO","ORSE",{"$f":"D5771","v":5630},{"$f":"E5771","v":"REGISTRO GAVETA FOFO, C/ BOLSAS P/ TUBO DE PVC, CUNHA BORRACHA, CABEÇOTE, PN  10, TIPO EURO 24, D=   75MM"},null,null,null,{"$f":"F5771","v":"UN"},null,{"$f":"I5778","v":254.5},325.04000000000002]
[]
[null,null,null,"COD.","DESCRIÇÃO","UN.","COEF.","PREÇO","TOTAL"]
[null,null,null,"MATERIAIS"]
[null,null,null,5630,"REGISTRO GAVETA FOFO, C/ BOLSAS P/ TUBO DE PVC, CUNHA BORRACHA, CABEÇOTE, PN  10, TIPO EURO 24, D=   75MM","UN",1,{"$f":"SUMIF(Insumos!B:B,D5771,Insumos!G:G)","v":254.5},{"$f":"(G5771*H5771)","v":254.5}]
[{"$nulls":7},{"$f":"SUMIF(Insumos!B:B,D5772,Insumos!G:G)","v":0},{"$f":"(G5772*H5772)","v":0}]
[{"$nulls":7},{"$f":"SUMIF(Insumos!B:B,D5773,Insumos!G:G)","v":0},{"$f":"(G5773*H5773)","v":0}]
[{"$nulls":7},{"$f":"SUMIF(Insumos!B:B,D5774,Insumos!G:G)","v":0},{"$f":"(G5774*H5774)","v":0}]
[{"$nulls":7},{"$f":"SUMIF(Insumos!B:B,D5775,Insumos!G:G)","v":0},{"$f":"(G5775*H5775)","v":0}]
[{"$nulls":7},"PARCIAL:",{"$f":"SUM(I5770:I5775)","v":254.5}]
[]
[{"$nulls":7},"VALOR UNITÁRIO TOTAL - R$",{"$f":"TRUNC(I5776+I5777,2)","v":254.5}]

{"sheet":"Composições (SEINFRA)","index":8,"n_rows":868,"n_cols":12,"rows_kept":868,"cut":false,"hidden":false,"merged":[[354,3,354,8],[358,3,358,7],[337,3,337,8],[341,3,341,8],[345,3,345,7],[350,3,350,8],[306,3,306,7],[311,3,311,8],[315,3,315,8],[319,3,319,7],[324,3,324,8],[328,3,328,8],[332,3,332,7],[198,3,198,8],[202,3,202,7],[207,3,207,8],[211,3,211,8],[280,3,280,7],[285,3,285,8],[289,3,289,8],[293,3,293,7],[298,3,298,8],[302,3,302,8],[254,3,254,7],[259,3,259,8],[263,3,263,8],[267,3,267,7],[272,3,272,8],[276,3,276,8],[406,3,406,8],[376,3,376,8],[380,3,380,8],[384,3,384,7],[389,3,389,8],[397,3,397,7],[393,3,393,8],[363,3,363,8],[367,3,367,8],[371,3,371,7],[484,3,484,8],[488,3,488,7],[493,3,493,8],[415,3,415,8],[419,3,419,8],[423,3,423,7],[428,3,428,8],[432,3,432,8],[436,3,436,7],[480,3,480,8],[536,3,536,8],[540,3,540,7],[545,3,545,8],[549,3,549,8],[519,3,519,8],[523,3,523,8],[527,3,527,7],[532,3,532,8],[571,3,571,8],[575,3,575,8],[579,3,579,7],[584,3,584,8],[553,3,553,7],[558,3,558,8],[562,3,562,8],[566,3,566,7],[605,3,605,7],[610,3,610,8],[614,3,614,8],[618,3,618,7],[588,3,588,8],[592,3,592,7],[597,3,597,8],[601,3,601,8],[640,3,640,8],[644,3,644,7],[649,3,649,8],[653,3,653,8],[623,3,623,8],[627,3,627,8],[631,3,631,7],[636,3,636,8],[675,3,675,8],[679,3,679,8],[683,3,683,7],[688,3,688,8],[657,3,657,7],[662,3,662,8],[666,3,666,8],[670,3,670,7],[709,3,709,7],[714,3,714,8],[718,3,718,8],[722,3,722,7],[692,3,692,8],[696,3,696,7],[701,3,701,8],[705,3,705,8],[744,3,744,8],[748,3,748,7],[753,3,753,8],[757,3,757,8],[727,3,727,8],[731,3,731,8],[735,3,735,7],[740,3,740,8],[779,3,779,8],[783,3,783,8],[761,3,761,7],[766,3,766,8],[770,3,770,8],[774,3,774,7],[822,3,822,8],[826,3,826,7],[796,3,796,8],[800,3,800,7],[805,3,805,8],[809,3,809,8],[857,3,857,8],[831,3,831,8],[835,3,835,8],[839,3,839,7],[844,3,844,8],[813,3,813,7],[818,3,818,8],[787,3,787,7],[792,3,792,8],[33,3,33,8],[861,3,861,8],[865,3,865,7],[497,3,497,8],[501,3,501,7],[506,3,506,8],[510,3,510,8],[67,3,67,8],[58,3,58,6],[39,3,39,6],[44,3,44,8],[48,3,48,8],[51,3,51,7],[130,3,130,7],[131,3,131,8],[137,3,137,6],[142,3,142,8],[102,3,102,8],[106,3,106,8],[110,3,110,7],[111,3,111,8],[848,3,848,8],[852,3,852,7],[514,3,514,7],[1,3,1,8],[117,3,117,6],[122,3,122,8],[126,3,126,8],[97,3,97,6],[13,3,13,8],[19,3,19,6],[87,3,87,8],[91,3,91,8],[2,3,2,8],[3,3,3,8],[4,3,4,8],[8,3,8,8],[12,3,12,7],[90,3,90,7],[71,3,71,7],[72,3,72,8],[78,3,78,6],[83,3,83,8],[52,3,52,8],[63,3,63,8],[24,3,24,8],[28,3,28,8],[32,3,32,7],[161,3,161,8],[165,3,165,8],[169,3,169,7],[170,3,170,8],[146,3,146,8],[150,3,150,7],[151,3,151,8],[156,3,156,6],[176,3,176,6],[181,3,181,8],[462,3,462,7],[467,3,467,8],[471,3,471,8],[441,3,441,8],[445,3,445,8],[449,3,449,7],[454,3,454,8],[475,3,475,7],[220,3,220,8],[224,3,224,8],[228,3,228,7],[233,3,233,8],[237,3,237,8],[241,3,241,7],[458,3,458,8],[410,3,410,7],[185,3,185,8],[189,3,189,7],[194,3,194,8],[246,3,246,8],[215,3,215,7],[250,3,250,8],[402,3,402,8]]}
[]
[]
[null,null,null,"COMPOSIÇÕES DE CUSTO UNITÁRIO (SEINFRA)"]
[null,null,null,{"$f":"CONCATENATE(\"Tabela de Custos: \",'Planilha SERVIÇOS'!$I$10)","v":"Tabela de Custos: 024.1"}]
[]
[null,"SERVIÇO","SEINFRA","C2290","SONDAGEM  À PERCUSSÃO P/RECONHECIMENTO DO SUBSOLO",null,null,null,"M",null,{"$f":"I22","v":42.68},54.52]
[]
[null,null,null,"COD.","DESCRIÇÃO","UN.","COEF.","PREÇO","TOTAL"]
[null,null,null,"MÃO DE OBRA"]
[{"$nulls":7},{"$f":"SUMIF(Insumos!B:B,D10,Insumos!G:G)","v":0},{"$f":"G10*H10","v":0}]
[{"$nulls":7},{"$f":"SUMIF(Insumos!B:B,D11,Insumos!G:G)","v":0},{"$f":"G11*H11","v":0}]
[{"$nulls":7},{"$f":"SUMIF(Insumos!B:B,D12,Insumos!G:G)","v":0},{"$f":"G12*H12","v":0}]
[null,null,null,"PARCIAL:",{"$nulls":4},{"$f":"SUM(I9:I12)","v":0}]
[null,null,null,"MATERIAIS/ SERVIÇOS/ EQUIPAMENTOS"]
[null,null,null,"I1860","SERVIÇOS DE SONDAGEM À PERCUSSÃO","M",1,{"$f":"SUMIF(Insumos!B:B,D15,Insumos!G:G)","v":42.68},{"$f":"G15*H15","v":42.68}]
[{"$nulls":7},{"$f":"SUMIF(Insumos!B:B,D16,Insumos!G:G)","v":0},{"$f":"G16*H16","v":0}]
[{"$nulls":7},{"$f":"SUMIF(Insumos!B:B,D17,Insumos!G:G)","v":0},{"$f":"G17*H17","v":0}]
[{"$nulls":7},{"$f":"SUMIF(Insumos!B:B,D18,Insumos!G:G)","v":0},{"$f":"G18*H18","v":0}]
[{"$nulls":7},{"$f":"SUMIF(Insumos!B:B,D19,Insumos!G:G)","v":0},{"$f":"G19*H19","v":0}]
[{"$nulls":7},"PARCIAL:",{"$f":"SUM(I15:I19)","v":42.68}]
[{"$nulls":7},"Encargos Sociais:",{"$f":"(I13*0.962796297940341)","v":0}]
[{"$nulls":7},"VALOR UNITÁRIO TOTAL - R$",{"$f":"TRUNC(I13+I20+I21,2)","v":42.68}]
[]
[]
[]
[null,"SERVIÇO","SEINFRA","C3496","MONTAGEM DE TUBOS, CONEXÕES E PÇS, ELEVATÓRIA CAP ATÉ 5 l/s",null,null,null,"UN",null,{"$f":"I42","v":926.51},1183.29]
[]
[null,null,null,"COD.","DESCRIÇÃO","UN.","COEF.","PREÇO","TOTAL"]
[null,null,null,"MÃO DE OBRA"]
[null,null,null,"I0037","AJUDANTE","H",9.3416999999999994,{"$f":"SUMIF(Insumos!B:B,D30,Insumos!G:G)","v":11.11},{"$f":"G30*H30","v":103.79}]
[null,null,null,"I1530","MONTADOR","H",9.3416999999999994,{"$f":"SUMIF(Insumos!B:B,D31,Insumos!G:G)","v":13.51},{"$f":"G31*H31","v":126.21}]
[null,null,null,"I2543","SERVENTE","H",30.815999999999999,{"$f":"Insumos!G773","v":11.11},{"$f":"G32*H32","v":342.37}]
[null,null,null,"PARCIAL:",{"$nulls":4},{"$f":"SUM(I29:I32)","v":572.37}]
[null,null,null,"MATERIAIS/ SERVIÇOS/ EQUIPAMENTOS"]
[null,null,null,"I0700","CAMINHONETE SAVEIRO (CHP)","H",8,{"$f":"SUMIF(Insumos!B:B,D35,Insumos!G:G)","v":42.31},{"$f":"G35*H35-0.01","v":338.47}]
[null,null,null,"I0737","ESMERILHADEIRA INDUSTRIAL","H",16,{"$f":"SUMIF(Insumos!B:B,D36,Insumos!G:G)","v":0.85},{"$f":"G36*H36","v":13.6}]
[null,null,null,"I0771","TALHA MANUAL (CHP) H 16,0","H",16,{"$f":"SUMIF(Insumos!B:B,D37,Insumos!G:G)","v":0.13},{"$f":"G37*H37-0.01","v":2.0699999999999998}]
[{"$nulls":7},{"$f":"SUMIF(Insumos!B:B,D38,Insumos!G:G)","v":0},{"$f":"G38*H38","v":0}]
[{"$nulls":7},{"$f":"SUMIF(Insumos!B:B,D39,Insumos!G:G)","v":0},{"$f":"G39*H39","v":0}]
[{"$nulls":7},"PARCIAL:",{"$f":"SUM(I35:I39)","v":354.14}]
[{"$nulls":7},"Encargos Sociais:"]
[{"$nulls":7},"VALOR UNITÁRIO TOTAL - R$",{"$f":"TRUNC(I33+I40+I41,2)","v":926.51},null,926.51]
[]
[]
[]
[null,"SERVIÇO","SEINFRA","C4151","ARMADURA DE AÇO CA 50/60",null,null,null,"KG",null,{"$f":"I61","v":5.64},7.21]
[]
[null,null,null,"COD.","DESCRIÇÃO","UN.","COEF.","PREÇO","TOTAL"]
[null,null,null,"MÃO DE OBRA"]
[null,null,null,"I0040","AJUDANTE DE ARMADOR/FERREIRO","H",5.67E-2,{"$f":"SUMIF(Insumos!B:B,D50,Insumos!G:G)","v":11.11},{"$f":"(G50*H50)","v":0.63}]
[null,null,null,"I0121","ARMADOR/FERREIRO","H",5.67E-2,{"$f":"SUMIF(Insumos!B:B,D51,Insumos!G:G)","v":13.51},{"$f":"(G51*H51)","v":0.77}]
[null,null,null,"MDO:",{"$nulls":4},{"$f":"SUM(I49:I51)","v":1.4}]
[null,null,null,"MATERIAIS/ SERVIÇOS/ EQUIPAMENTOS"]
[null,null,null,"I0705","CAMINHÃO COMERC. EQUIP. C/GUINDASTE (CHP)","H",8.0000000000000002E-3,{"$f":"SUMIF(Insumos!B:B,D54,Insumos!G:G)","v":77.52},{"$f":"(G54*H54)","v":0.62}]
[null,null,null,"I0103","ARAME RECOZIDO N.18 BWG","KG",0.02,{"$f":"SUMIF(Insumos!B:B,D55,Insumos!G:G)","v":7.81},{"$f":"(G55*H55)","v":0.16}]
[null,null,null,"I7952","AÇO CA-50/60","KG",1.05,{"$f":"SUMIF(Insumos!B:B,D56,Insumos!G:G)","v":3.3},{"$f":"(G56*H56)-0.01","v":3.46}]
[{"$nulls":7},{"$f":"SUMIF(Insumos!B:B,D57,Insumos!G:G)","v":0},{"$f":"(G57*H57)","v":0}]
[{"$nulls":7},{"$f":"SUMIF(Insumos!B:B,D58,Insumos!G:G)","v":0},{"$f":"(G58*H58)","v":0}]
[{"$nulls":7},"SERVIÇOS:",{"$f":"SUM(I54:I58)","v":4.24}]
[{"$nulls":7},"Encargos Sociais:"]
[{"$nulls":7},"VALOR UNITÁRIO TOTAL - R$",{"$f":"TRUNC(I52+I59+I60,2)","v":5.64}]
[]
[]
[]
[null,"SERVIÇO","SEINFRA","C3502","MONTAGEM DE TUBOS, CONEXÕES E EQUIPAMENTOS DE TRATAMENTO, CASA DE OPERAÇÃO",null,null,null,"UN",null,{"$f":"I81","v":1242.6400000000001},1587.04]
[]
[null,null,null,"COD.","DESCRIÇÃO","UN.","COEF.","PREÇO","TOTAL"]
[null,null,null,"MÃO DE OBRA"]
[null,null,null,"I0037","AJUDANTE","H",32.5899,{"$f":"SUMIF(Insumos!B:B,D69,Insumos!G:G)","v":11.11},{"$f":"(G69*H69)","v":362.07}]
[null,null,null,"I1530","MONTADOR","H",32.5899,{"$f":"SUMIF(Insumos!B:B,D70,Insumos!G:G)","v":13.51},{"$f":"(G70*H70)","v":440.29}]
[null,null,null,"I2543","ARMADOR","H",32.5899,{"$f":"SUMIF(Insumos!B:B,D71,Insumos!G:G)","v":13.51},{"$f":"(G71*H71)-0.01","v":440.28}]
[null,null,null,"MDO:",{"$nulls":4},{"$f":"SUM(I68:I71)","v":1242.6400000000001}]
[null,null,null,"MATERIAIS/ SERVIÇOS/ EQUIPAMENTOS"]
[{"$nulls":7},{"$f":"SUMIF(Insumos!B:B,D74,Insumos!G:G)","v":0},{"$f":"(G74*H74)","v":0}]
[{"$nulls":7},{"$f":"SUMIF(Insumos!B:B,D75,Insumos!G:G)","v":0},{"$f":"(G75*H75)","v":0}]
[{"$nulls":7},{"$f":"SUMIF(Insumos!B:B,D76,Insumos!G:G)","v":0},{"$f":"(G76*H76)","v":0}]
[{"$nulls":7},{"$f":"SUMIF(Insumos!B:B,D77,Insumos!G:G)","v":0},{"$f":"(G77*H77)","v":0}]
[{"$nulls":7},{"$f":"SUMIF(Insumos!B:B,D78,Insumos!G:G)","v":0},{"$f":"(G78*H78)","v":0}]
[{"$nulls":7},"SERVIÇOS:",{"$f":"SUM(I74:I78)","v":0}]
[{"$nulls":7},"Encargos Sociais:"]
[{"$nulls":7},"VALOR UNITÁRIO TOTAL - R$",{"$f":"TRUNC(I72+I79+I80,2)","v":1242.6400000000001}]
[]
[]
[]
[null,"SERVIÇO","SEINFRA","C3525","MONTAGEM DE TUBOS, CONEXÕES E PÇS ESPECIAIS EM FLOCULADOR/DECANTADOR",null,null,null,"UN",null,{"$f":"I100","v":1724.34},2202.23]
[]
[null,null,null,"COD.","DESCRIÇÃO","UN.","COEF.","PREÇO","TOTAL"]
[null,null,null,"MÃO DE OBRA"]
[null,null,null,"I0037","AJUDANTE","H",105.15779999999999,{"$f":"SUMIF(Insumos!B:B,D89,Insumos!G:G)","v":11.11},{"$f":"(G89*H89)","v":1168.3}]
[null,null,null,"I1530","MONTADOR","H",41.157800000000002,{"$f":"SUMIF(Insumos!B:B,D90,Insumos!G:G)","v":13.51},{"$f":"(G90*H90)","v":556.04}]
[null,null,null,"MDO:",{"$nulls":4},{"$f":"SUM(I88:I90)","v":1724.34}]
[null,null,null,"MATERIAIS/ SERVIÇOS/ EQUIPAMENTOS"]
[{"$nulls":7},{"$f":"SUMIF(Insumos!B:B,D93,Insumos!G:G)","v":0},{"$f":"(G93*H93)","v":0}]
[{"$nulls":7},{"$f":"SUMIF(Insumos!B:B,D94,Insumos!G:G)","v":0},{"$f":"(G94*H94)","v":0}]
[{"$nulls":7},{"$f":"SUMIF(Insumos!B:B,D95,Insumos!G:G)","v":0},{"$f":"(G95*H95)","v":0}]
[{"$nulls":7},{"$f":"SUMIF(Insumos!B:B,D96,Insumos!G:G)","v":0},{"$f":"(G96*H96)","v":0}]
[{"$nulls":7},{"$f":"SUMIF(Insumos!B:B,D97,Insumos!G:G)","v":0},{"$f":"(G97*H97)","v":0}]
[{"$nulls":7},"SERVIÇOS:",{"$f":"SUM(I93:I97)","v":0}]
[{"$nulls":7},"Encargos Sociais:"]
[{"$nulls":7},"VALOR UNITÁRIO TOTAL - R$",{"$f":"TRUNC(I91+I98+I99,2)","v":1724.34}]
[]
[]
[]
[null,"SERVIÇO","SEINFRA","C3493","MONTAGEM DE TUBOS, CONEXÕES E PÇS, RESERVATÓRIO ELEVADO CAP DE 50,01 À 100 M3",null,null,null,"UN",null,{"$f":"I120","v":1762.28},2250.69]
[]
[null,null,null,"COD.","DESCRIÇÃO","UN.","COEF.","PREÇO","TOTAL"]
[null,null,null,"MÃO DE OBRA"]
[null,null,null,"I0037","AJUDANTE","H",18.913599999999999,{"$f":"SUMIF(Insumos!B:B,D108,Insumos!G:G)","v":11.11},{"$f":"(G108*H108)","v":210.13}]
[null,null,null,"I1530","MONTADOR","H",13.913600000000001,{"$f":"SUMIF(Insumos!B:B,D109,Insumos!G:G)","v":13.51},{"$f":"(G109*H109)","v":187.97}]
[null,null,null,"I2543","SERVENTE","H",109.20050000000001,{"$f":"Insumos!G773","v":11.11},{"$f":"(G110*H110)","v":1213.22}]
[null,null,null,"PARCIAL:",{"$nulls":4},{"$f":"SUM(I107:I110)","v":1611.32}]
[null,null,null,"MATERIAIS/ SERVIÇOS/ EQUIPAMENTOS"]
[null,null,null,"I0737","ESMERILHADEIRA INDUSTRIAL (CHP)","H",16,{"$f":"SUMIF(Insumos!B:B,D113,Insumos!G:G)","v":0.85},{"$f":"(G113*H113)","v":13.6}]
[null,null,null,"I0771","TALHA MANUAL (CHP)","H",16,{"$f":"SUMIF(Insumos!B:B,D114,Insumos!G:G)","v":0.13},{"$f":"(G114*H114)","v":2.08}]
[null,null,null,"C0833","CONCRETO GROUT C/ATÉ 50% DE PEDRISCO EM PESO, LANÇAMENTO E CURA","H",0.04,{"$f":"SUMIF(Insumos!B:B,D115,Insumos!G:G)","v":3382.13},{"$f":"(G115*H115)-0.01","v":135.28}]
[{"$nulls":7},{"$f":"SUMIF(Insumos!B:B,D116,Insumos!G:G)","v":0},{"$f":"(G116*H116)","v":0}]
[{"$nulls":7},{"$f":"SUMIF(Insumos!B:B,D117,Insumos!G:G)","v":0},{"$f":"(G117*H117)","v":0}]
[{"$nulls":7},"PARCIAL:",{"$f":"SUM(I113:I117)","v":150.96}]
[{"$nulls":7},"Encargos Sociais:"]
[{"$nulls":7},"VALOR UNITÁRIO TOTAL - R$",{"$f":"TRUNC(I111+I118+I119,2)","v":1762.28},null,1762.28]
[]
[]
[]
[null,"SERVIÇO","SEINFRA","C4207","INSTALAÇÃO DE MACROMEDIDOR TIPO WALTMANN PARA DIÂMETROS ATÉ 300mm",null,null,null,"UN",null,{"$f":"I140","v":478.85},611.55999999999995]
[]
[null,null,null,"COD.","DESCRIÇÃO","UN.","COEF.","PREÇO","TOTAL"]
[null,null,null,"MÃO DE OBRA"]
[null,null,null,"I0037","AJUDANTE","H",26.511099999999999,{"$f":"SUMIF(Insumos!B:B,D128,Insumos!G:G)","v":11.11},{"$f":"(G128*H128)","v":294.54000000000002}]
[null,null,null,"I1530","MONTADOR","H",10.511100000000001,{"$f":"SUMIF(Insumos!B:B,D129,Insumos!G:G)","v":13.51},{"$f":"(G129*H129)","v":142}]
[{"$nulls":7},{"$f":"SUMIF(Insumos!B:B,D130,Insumos!G:G)","v":0},{"$f":"(G130*H130)","v":0}]
[null,null,null,"PARCIAL:",{"$nulls":4},{"$f":"SUM(I127:I130)","v":436.54}]
[null,null,null,"MATERIAIS/ SERVIÇOS/ EQUIPAMENTOS"]
[null,null,null,"I0700","CAMINHONETE SAVEIRO (CHP)","H",1,{"$f":"SUMIF(Insumos!B:B,D133,Insumos!G:G)","v":42.31},{"$f":"(G133*H133)","v":42.31}]
[{"$nulls":7},{"$f":"SUMIF(Insumos!B:B,D134,Insumos!G:G)","v":0},{"$f":"(G134*H134)","v":0}]
[{"$nulls":7},{"$f":"SUMIF(Insumos!B:B,D135,Insumos!G:G)","v":0},{"$f":"(G135*H135)","v":0}]
[{"$nulls":7},{"$f":"SUMIF(Insumos!B:B,D136,Insumos!G:G)","v":0},{"$f":"(G136*H136)","v":0}]
[{"$nulls":7},{"$f":"SUMIF(Insumos!B:B,D137,Insumos!G:G)","v":0},{"$f":"(G137*H137)","v":0}]
[{"$nulls":7},"PARCIAL:",{"$f":"SUM(I133:I137)","v":42.31}]
[{"$nulls":7},"Encargos Sociais:"]
[{"$nulls":7},"VALOR UNITÁRIO TOTAL - R$",{"$f":"TRUNC(I131+I138+I139,2)","v":478.85}]
[]
[]
[]
[null,"SERVIÇO","SEINFRA","C0215","ARMADURA CA-50A GROSSA D= 12,5 A 25,0mm",null,null,null,"KG",null,{"$f":"I159","v":5.67},7.25]
[]
[null,null,null,"COD.","DESCRIÇÃO","UN.","COEF.","PREÇO","TOTAL"]
[null,null,null,"MÃO DE OBRA"]
[null,null,null,"I0040","AJUDANTE DE ARMADOR/FERREIRO","H",6.5199999999999994E-2,{"$f":"SUMIF(Insumos!B:B,D148,Insumos!G:G)","v":11.11},{"$f":"(G148*H148)","v":0.72}]
[null,null,null,"I0121","ARMADOR/FERREIRO","H",6.5199999999999994E-2,{"$f":"SUMIF(Insumos!B:B,D149,Insumos!G:G)","v":13.51},{"$f":"(G149*H149)","v":0.88}]
[{"$nulls":7},{"$f":"SUMIF(Insumos!B:B,D150,Insumos!G:G)","v":0},{"$f":"(G150*H150)","v":0}]
[null,null,null,"PARCIAL:",{"$nulls":4},{"$f":"SUM(I147:I150)","v":1.6}]
[null,null,null,"MATERIAIS/ SERVIÇOS/ EQUIPAMENTOS"]
[null,null,null,"I0103","ARAME RECOZIDO N.18 BWG","KG",0.03,{"$f":"SUMIF(Insumos!B:B,D153,Insumos!G:G)","v":7.81},{"$f":"(G153*H153)","v":0.23}]
[null,null,null,"I0163","AÇO CA-50","KG",1.1499999999999999,{"$f":"SUMIF(Insumos!B:B,D154,Insumos!G:G)","v":3.34},{"$f":"(G154*H154)","v":3.84}]
[{"$nulls":7},{"$f":"SUMIF(Insumos!B:B,D155,Insumos!G:G)","v":0},{"$f":"(G155*H155)","v":0}]
[{"$nulls":7},{"$f":"SUMIF(Insumos!B:B,D156,Insumos!G:G)","v":0},{"$f":"(G156*H156)","v":0}]
[{"$nulls":7},"PARCIAL:",{"$f":"SUM(I153:I156)","v":4.07}]
[{"$nulls":7},"Encargos Sociais:"]
[{"$nulls":7},"VALOR UNITÁRIO TOTAL - R$",{"$f":"TRUNC(I151+I157+I158,2)","v":5.67}]
[]
[]
[]
[null,"SERVIÇO","SEINFRA","C3512","MONTAGEM DE TUBOS, CONEXÕES E PÇS, RESERVATÓRIO ELEVADO CAP. ATÉ 50 M3",null,null,null,"UN",null,{"$f":"I179","v":1041.8599999999999},1330.61]
[]
[null,null,null,"COD.","DESCRIÇÃO","UN.","COEF.","PREÇO","TOTAL"]
[null,null,null,"MÃO DE OBRA"]
[null,null,null,"I0037","AJUDANTE","H",8.3371999999999993,{"$f":"SUMIF(Insumos!B:B,D167,Insumos!G:G)","v":11.11},{"$f":"(G167*H167)","v":92.63}]
[null,null,null,"I1530","MONTADOR","H",8.3371999999999993,{"$f":"SUMIF(Insumos!B:B,D168,Insumos!G:G)","v":13.51},{"$f":"(G168*H168)","v":112.64}]
[null,null,null,"I2543","SERVENTE","H",68.507300000000001,{"$f":"Insumos!G773","v":11.11},{"$f":"(G169*H169)","v":761.12}]
[null,null,null,"MDO:",{"$nulls":4},{"$f":"SUM(I166:I169)","v":966.39}]
[null,null,null,"MATERIAIS/ SERVIÇOS/ EQUIPAMENTOS"]
[null,null,null,"I0737","ESMERILHADEIRA INDUSTRIAL (CHP)","H",8,{"$f":"SUMIF(Insumos!B:B,D172,Insumos!G:G)","v":0.85},{"$f":"(G172*H172)","v":6.8}]
[null,null,null,"I0771","TALHA MANUAL (CHP)","H",8,{"$f":"SUMIF(Insumos!B:B,D173,Insumos!G:G)","v":0.13},{"$f":"(G173*H173)","v":1.04}]
[null,null,null,"C0833","CONCRETO GROUT C/ATÉ 50% DE PEDRISCO EM PESO, LANÇAMENTO E CURA","M3",0.02,{"$f":"SUMIF(Insumos!B:B,D174,Insumos!G:G)","v":3382.13},{"$f":"(G174*H174)-0.01","v":67.63}]
[{"$nulls":7},{"$f":"SUMIF(Insumos!B:B,D175,Insumos!G:G)","v":0},{"$f":"(G175*H175)","v":0}]
[{"$nulls":7},{"$f":"SUMIF(Insumos!B:B,D176,Insumos!G:G)","v":0},{"$f":"(G176*H176)","v":0}]
[{"$nulls":7},"SERVIÇOS:",{"$f":"SUM(I172:I176)","v":75.47}]
[{"$nulls":7},"Encargos Sociais:"]
[{"$nulls":7},"VALOR UNITÁRIO TOTAL - R$",{"$f":"TRUNC(I170+I177+I178,2)","v":1041.8599999999999},null,1041.8599999999999]
[]
[]
[]
[null,"INSUMO","SEINFRA",{"$f":"D187","v":"I7333"},{"$f":"E187","v":"FLUTUADOR PARA TUBO PEAD EM FIBRA DN 250 mm"},null,null,null,{"$f":"F187","v":"UN"},null,{"$f":"I192","v":712.91},910.49]
[]
[null,null,null,"COD.","DESCRIÇÃO","UN.","COEF.","PREÇO","TOTAL"]
[null,null,null,"MATERIAIS"]
[null,null,null,"I7333","FLUTUADOR PARA TUBO PEAD EM FIBRA DN 250 mm","UN",1,{"$f":"SUMIF(Insumos!B:B,D187,Insumos!G:G)","v":712.91},{"$f":"(G187*H187)","v":712.91}]
[{"$nulls":7},{"$f":"SUMIF(Insumos!B:B,D188,Insumos!G:G)","v":0},{"$f":"(G188*H188)","v":0}]
[{"$nulls":7},{"$f":"SUMIF(Insumos!B:B,D189,Insumos!G:G)","v":0},{"$f":"(G189*H189)","v":0}]
[null,null,null,"PARCIAL:",{"$nulls":4},{"$f":"SUM(I186:I189)","v":712.91}]
[{"$nulls":7},"Encargos Sociais:"]
[{"$nulls":7},"VALOR UNITÁRIO TOTAL - R$",{"$f":"TRUNC(I190+I191,2)","v":712.91}]
[]
[]
[]
[null,"INSUMO","SEINFRA",{"$f":"D200","v":"I7470"},{"$f":"E200","v":"FLUTUANTE EM PRFV COM CAP. ATÉ 1.000Kg"},null,null,null,{"$f":"F200","v":"UN"},null,{"$f":"I205","v":5173.63},6607.45]
[]
[null,null,null,"COD.","DESCRIÇÃO","UN.","COEF.","PREÇO","TOTAL"]
[null,null,null,"MATERIAIS"]
[null,null,null,"I7470","FLUTUANTE EM PRFV COM CAP. ATÉ 1.000Kg","UN",1,{"$f":"SUMIF(Insumos!B:B,D200,Insumos!G:G)","v":5173.63},{"$f":"(G200*H200)","v":5173.63}]
[{"$nulls":7},{"$f":"SUMIF(Insumos!B:B,D201,Insumos!G:G)","v":0},{"$f":"(G201*H201)","v":0}]
[{"$nulls":7},{"$f":"SUMIF(Insumos!B:B,D202,Insumos!G:G)","v":0},{"$f":"(G202*H202)","v":0}]
[null,null,null,"PARCIAL:",{"$nulls":4},{"$f":"SUM(I199:I202)","v":5173.63}]
[{"$nulls":7},"Encargos Sociais:"]
[{"$nulls":7},"VALOR UNITÁRIO TOTAL - R$",{"$f":"TRUNC(I203+I204,2)","v":5173.63}]
[]
[]
[]
[null,"INSUMO","SEINFRA",{"$f":"D213","v":"I4884"},{"$f":"E213","v":"CRIVO COM FLANGE DN 200 PN10"},null,null,null,{"$f":"F213","v":"UN"},null,{"$f":"I218","v":400.15},511.06]
[]
[null,null,null,"COD.","DESCRIÇÃO","UN.","COEF.","PREÇO","TOTAL"]
[null,null,null,"MATERIAIS"]
[null,null,null,"I4884","CRIVO COM FLANGE DN 200 PN10","UN",1,{"$f":"SUMIF(Insumos!B:B,D213,Insumos!G:G)","v":400.15},{"$f":"(G213*H213)","v":400.15}]
[{"$nulls":7},{"$f":"SUMIF(Insumos!B:B,D214,Insumos!G:G)","v":0},{"$f":"(G214*H214)","v":0}]
[{"$nulls":7},{"$f":"SUMIF(Insumos!B:B,D215,Insumos!G:G)","v":0},{"$f":"(G215*H215)","v":0}]
[null,null,null,"PARCIAL:",{"$nulls":4},{"$f":"SUM(I212:I215)","v":400.15}]
[{"$nulls":7},"Encargos Sociais:"]
[{"$nulls":7},"VALOR UNITÁRIO TOTAL - R$",{"$f":"TRUNC(I216+I217,2)","v":400.15}]
[]
[]
[]
[null,"INSUMO","SEINFRA",{"$f":"D226","v":"I5639"},{"$f":"E226","v":"VALVULA DE PE C/CRIVO PORT. DUPLA FLANGE DN 100 PN16"},null,null,null,{"$f":"F226","v":"UN"},null,{"$f":"I231","v":672.76},859.22]
[]
[null,null,null,"COD.","DESCRIÇÃO","UN.","COEF.","PREÇO","TOTAL"]
[null,null,null,"MATERIAIS"]
[null,null,null,"I5639","VALVULA DE PE C/CRIVO PORT. DUPLA FLANGE DN 100 PN16","UN",1,{"$f":"SUMIF(Insumos!B:B,D226,Insumos!G:G)","v":672.76},{"$f":"(G226*H226)","v":672.76}]
[{"$nulls":7},{"$f":"SUMIF(Insumos!B:B,D227,Insumos!G:G)","v":0},{"$f":"(G227*H227)","v":0}]
[{"$nulls":7},{"$f":"SUMIF(Insumos!B:B,D228,Insumos!G:G)","v":0},{"$f":"(G228*H228)","v":0}]
[null,null,null,"PARCIAL:",{"$nulls":4},{"$f":"SUM(I225:I228)","v":672.76}]
[{"$nulls":7},"Encargos Sociais:"]
[{"$nulls":7},"VALOR UNITÁRIO TOTAL - R$",{"$f":"TRUNC(I229+I230,2)","v":672.76}]
[]
[]
[]
[null,"INSUMO","SEINFRA",{"$f":"D239","v":"I6850"},{"$f":"E239","v":"COLARINHO PEAD PN 10 DN 110 mm"},null,null,null,{"$f":"F239","v":"UN"},null,{"$f":"I244","v":111.52},142.43]
[]
[null,null,null,"COD.","DESCRIÇÃO","UN.","COEF.","PREÇO","TOTAL"]
[null,null,null,"MATERIAIS"]
[null,null,null,"I6850","COLARINHO PEAD PN 10 DN 110 mm","UN",1,{"$f":"SUMIF(Insumos!B:B,D239,Insumos!G:G)","v":111.52},{"$f":"(G239*H239)","v":111.52}]
[{"$nulls":7},{"$f":"SUMIF(Insumos!B:B,D240,Insumos!G:G)","v":0},{"$f":"(G240*H240)","v":0}]
[{"$nulls":7},{"$f":"SUMIF(Insumos!B:B,D241,Insumos!G:G)","v":0},{"$f":"(G241*H241)","v":0}]
[null,null,null,"PARCIAL:",{"$nulls":4},{"$f":"SUM(I238:I241)","v":111.52}]
[{"$nulls":7},"Encargos Sociais:"]
[{"$nulls":7},"VALOR UNITÁRIO TOTAL - R$",{"$f":"TRUNC(I242+I243,2)","v":111.52}]
[]
[]
[]
[null,"INSUMO","SEINFRA",{"$f":"D252","v":"I0256"},{"$f":"E252","v":"BOMBA CENTRIFUGA P=5CV"},null,null,null,{"$f":"F252","v":"UN"},null,{"$f":"I257","v":1269.67},1621.55]
[]
[null,null,null,"COD.","DESCRIÇÃO","UN.","COEF.","PREÇO","TOTAL"]
[null,null,null,"MATERIAIS"]
[null,null,null,"I0256","BOMBA CENTRIFUGA P=5CV","UN",1,{"$f":"SUMIF(Insumos!B:B,D252,Insumos!G:G)","v":1269.67},{"$f":"(G252*H252)","v":1269.67}]
[{"$nulls":7},{"$f":"SUMIF(Insumos!B:B,D253,Insumos!G:G)","v":0},{"$f":"(G253*H253)","v":0}]
[{"$nulls":7},{"$f":"SUMIF(Insumos!B:B,D254,Insumos!G:G)","v":0},{"$f":"(G254*H254)","v":0}]
[null,null,null,"PARCIAL:",{"$nulls":4},{"$f":"SUM(I251:I254)","v":1269.67}]
[{"$nulls":7},"Encargos Sociais:"]
[{"$nulls":7},"VALOR UNITÁRIO TOTAL - R$",{"$f":"TRUNC(I255+I256,2)","v":1269.67}]
[]
[]
[]
[null,"INSUMO","SEINFRA",{"$f":"D265","v":"I6774"},{"$f":"E265","v":"REDUÇÃO AÇO ASTM A-120 ROSCÁVEL DE (4\"x 2\")"},null,null,null,{"$f":"F265","v":"UN"},null,{"$f":"I270","v":22.99},29.37]
[]
[null,null,null,"COD.","DESCRIÇÃO","UN.","COEF.","PREÇO","TOTAL"]
[null,null,null,"MATERIAIS"]
[null,null,null,"I6774","REDUÇÃO AÇO ASTM A-120 ROSCÁVEL DE (4\"x 2\")","UN",1,{"$f":"SUMIF(Insumos!B:B,D265,Insumos!G:G)","v":22.99},{"$f":"(G265*H265)","v":22.99}]
[{"$nulls":7},{"$f":"SUMIF(Insumos!B:B,D266,Insumos!G:G)","v":0},{"$f":"(G266*H266)","v":0}]
[{"$nulls":7},{"$f":"SUMIF(Insumos!B:B,D267,Insumos!G:G)","v":0},{"$f":"(G267*H267)","v":0}]
[null,null,null,"PARCIAL:",{"$nulls":4},{"$f":"SUM(I264:I267)","v":22.99}]
[{"$nulls":7},"Encargos Sociais:"]
[{"$nulls":7},"VALOR UNITÁRIO TOTAL - R$",{"$f":"TRUNC(I268+I269,2)","v":22.99}]
[]
[]
[]
[null,"INSUMO","SEINFRA",{"$f":"D278","v":"I6773"},{"$f":"E278","v":"REDUÇÃO AÇO ASTM A-120 ROSCÁVEL DE (4\"x 3\")"},null,null,null,{"$f":"F278","v":"UN"},null,{"$f":"I283","v":20.22},25.83]
[]
[null,null,null,"COD.","DESCRIÇÃO","UN.","COEF.","PREÇO","TOTAL"]
[null,null,null,"MATERIAIS"]
[null,null,null,"I6773","REDUÇÃO AÇO ASTM A-120 ROSCÁVEL DE (4\"x 3\")","UN",1,{"$f":"SUMIF(Insumos!B:B,D278,Insumos!G:G)","v":20.22},{"$f":"(G278*H278)","v":20.22}]
[{"$nulls":7},{"$f":"SUMIF(Insumos!B:B,D279,Insumos!G:G)","v":0},{"$f":"(G279*H279)","v":0}]
[{"$nulls":7},{"$f":"SUMIF(Insumos!B:B,D280,Insumos!G:G)","v":0},{"$f":"(G280*H280)","v":0}]
[null,null,null,"PARCIAL:",{"$nulls":4},{"$f":"SUM(I277:I280)","v":20.22}]
[{"$nulls":7},"Encargos Sociais:"]
[{"$nulls":7},"VALOR UNITÁRIO TOTAL - R$",{"$f":"TRUNC(I281+I282,2)","v":20.22}]
[]
[]
[]
[null,"INSUMO","SEINFRA",{"$f":"D291","v":"I7471"},{"$f":"E291","v":"VOLANTE EM FERRO DÚCTIL COM CUNHA METÁLICA 18"},null,null,null,{"$f":"F291","v":"UN"},null,{"$f":"I296","v":161.86000000000001},206.73]
[]
[null,null,null,"COD.","DESCRIÇÃO","UN.","COEF.","PREÇO","TOTAL"]
[null,null,null,"MATERIAIS"]
[null,null,null,"I7471","VOLANTE EM FERRO DÚCTIL COM CUNHA METÁLICA 18","UN",1,{"$f":"SUMIF(Insumos!B:B,D291,Insumos!G:G)","v":161.86000000000001},{"$f":"(G291*H291)","v":161.86000000000001}]
[{"$nulls":7},{"$f":"SUMIF(Insumos!B:B,D292,Insumos!G:G)","v":0},{"$f":"(G292*H292)","v":0}]
[{"$nulls":7},{"$f":"SUMIF(Insumos!B:B,D293,Insumos!G:G)","v":0},{"$f":"(G293*H293)","v":0}]
[null,null,null,"PARCIAL:",{"$nulls":4},{"$f":"SUM(I290:I293)","v":161.86000000000001}]
[{"$nulls":7},"Encargos Sociais:"]
[{"$nulls":7},"VALOR UNITÁRIO TOTAL - R$",{"$f":"TRUNC(I294+I295,2)","v":161.86000000000001}]
[]
[]
[]
[null,"INSUMO","SEINFRA",{"$f":"D304","v":"I5750"},{"$f":"E304","v":"VALVULA RETENÇÃO DN 150 PN16 FECH. RÁPIDO (CLASAR)"},null,null,null,{"$f":"F304","v":"UN"},null,{"$f":"I309","v":747.33},954.45]
[]
[null,null,null,"COD.","DESCRIÇÃO","UN.","COEF.","PREÇO","TOTAL"]
[null,null,null,"MATERIAIS"]
[null,null,null,"I5750","VALVULA RETENÇÃO DN 150 PN16 FECH. RÁPIDO (CLASAR)","UN",1,{"$f":"SUMIF(Insumos!B:B,D304,Insumos!G:G)","v":747.33},{"$f":"(G304*H304)","v":747.33}]
[{"$nulls":7},{"$f":"SUMIF(Insumos!B:B,D305,Insumos!G:G)","v":0},{"$f":"(G305*H305)","v":0}]
[{"$nulls":7},{"$f":"SUMIF(Insumos!B:B,D306,Insumos!G:G)","v":0},{"$f":"(G306*H306)","v":0}]
[null,null,null,"PARCIAL:",{"$nulls":4},{"$f":"SUM(I303:I306)","v":747.33}]
[{"$nulls":7},"Encargos Sociais:"]
[{"$nulls":7},"VALOR UNITÁRIO TOTAL - R$",{"$f":"TRUNC(I307+I308,2)","v":747.33}]
[]
[]
[]
[null,"INSUMO","SEINFRA",{"$f":"D317","v":"I5751"},{"$f":"E317","v":"VALVULA RETENÇÃO DN 200 PN16 FECH. RÁPIDO (CLASAR)"},null,null,null,{"$f":"F317","v":"UN"},null,{"$f":"I322","v":1079.48},1378.65]
[]
[null,null,null,"COD.","DESCRIÇÃO","UN.","COEF.","PREÇO","TOTAL"]
[null,null,null,"MATERIAIS"]
[null,null,null,"I5751","VALVULA RETENÇÃO DN 200 PN16 FECH. RÁPIDO (CLASAR)","UN",1,{"$f":"SUMIF(Insumos!B:B,D317,Insumos!G:G)","v":1079.48},{"$f":"(G317*H317)","v":1079.48}]
[{"$nulls":7},{"$f":"SUMIF(Insumos!B:B,D318,Insumos!G:G)","v":0},{"$f":"(G318*H318)","v":0}]
[{"$nulls":7},{"$f":"SUMIF(Insumos!B:B,D319,Insumos!G:G)","v":0},{"$f":"(G319*H319)","v":0}]
[null,null,null,"PARCIAL:",{"$nulls":4},{"$f":"SUM(I316:I319)","v":1079.48}]
[{"$nulls":7},"Encargos Sociais:"]
[{"$nulls":7},"VALOR UNITÁRIO TOTAL - R$",{"$f":"TRUNC(I320+I321,2)","v":1079.48}]
[]
[]
[]
[null,"INSUMO","SEINFRA",{"$f":"D330","v":"I2929"},{"$f":"E330","v":"COLAR DE TOMADA FoFo P/TUBOS PVC / DEFoFo DN 150 x 1\""},null,null,null,{"$f":"F330","v":"UN"},null,{"$f":"I335","v":37.81},48.29]
[]
[null,null,null,"COD.","DESCRIÇÃO","UN.","COEF.","PREÇO","TOTAL"]
[null,null,null,"MATERIAIS"]
[null,null,null,"I2929","COLAR DE TOMADA FoFo P/TUBOS PVC / DEFoFo DN 150 x 1\"","UN",1,{"$f":"SUMIF(Insumos!B:B,D330,Insumos!G:G)","v":37.81},{"$f":"(G330*H330)","v":37.81}]
[{"$nulls":7},{"$f":"SUMIF(Insumos!B:B,D331,Insumos!G:G)","v":0},{"$f":"(G331*H331)","v":0}]
[{"$nulls":7},{"$f":"SUMIF(Insumos!B:B,D332,Insumos!G:G)","v":0},{"$f":"(G332*H332)","v":0}]
[null,null,null,"PARCIAL:",{"$nulls":4},{"$f":"SUM(I329:I332)","v":37.81}]
[{"$nulls":7},"Encargos Sociais:"]
[{"$nulls":7},"VALOR UNITÁRIO TOTAL - R$",{"$f":"TRUNC(I333+I334,2)","v":37.81}]
[]
[]
[]
[null,"INSUMO","SEINFRA",{"$f":"D343","v":"I2916"},{"$f":"E343","v":"COLAR DE TOMADA FoFo P/ TUBOS DE PVC DN 75 x 1\""},null,null,null,{"$f":"F343","v":"UN"},null,{"$f":"I348","v":23.89},30.52]
[]
[null,null,null,"COD.","DESCRIÇÃO","UN.","COEF.","PREÇO","TOTAL"]
[null,null,null,"MATERIAIS"]
[null,null,null,"I2916","COLAR DE TOMADA FoFo P/ TUBOS DE PVC DN 75 x 1\"","UN",1,{"$f":"SUMIF(Insumos!B:B,D343,Insumos!G:G)","v":23.89},{"$f":"(G343*H343)","v":23.89}]
[{"$nulls":7},{"$f":"SUMIF(Insumos!B:B,D344,Insumos!G:G)","v":0},{"$f":"(G344*H344)","v":0}]
[{"$nulls":7},{"$f":"SUMIF(Insumos!B:B,D345,Insumos!G:G)","v":0},{"$f":"(G345*H345)","v":0}]
[null,null,null,"PARCIAL:",{"$nulls":4},{"$f":"SUM(I342:I345)","v":23.89}]
[{"$nulls":7},"Encargos Sociais:"]
[{"$nulls":7},"VALOR UNITÁRIO TOTAL - R$",{"$f":"TRUNC(I346+I347,2)","v":23.89}]
[]
[]
[]
[null,"INSUMO","SEINFRA",{"$f":"D356","v":"I2173"},{"$f":"E356","v":"TUBO AÇO GALVANIZADO DE 80MM (3')"},null,null,null,{"$f":"F356","v":"M"},null,{"$f":"I361","v":37.47},47.86]
[]
[null,null,null,"COD.","DESCRIÇÃO","UN.","COEF.","PREÇO","TOTAL"]
[null,null,null,"MATERIAIS"]
[null,null,null,"I2173","TUBO AÇO GALVANIZADO DE 80MM (3')","M",1,{"$f":"SUMIF(Insumos!B:B,D356,Insumos!G:G)","v":37.47},{"$f":"(G356*H356)","v":37.47}]
[{"$nulls":7},{"$f":"SUMIF(Insumos!B:B,D357,Insumos!G:G)","v":0},{"$f":"(G357*H357)","v":0}]
[{"$nulls":7},{"$f":"SUMIF(Insumos!B:B,D358,Insumos!G:G)","v":0},{"$f":"(G358*H358)","v":0}]
[null,null,null,"PARCIAL:",{"$nulls":4},{"$f":"SUM(I355:I358)","v":37.47}]
[{"$nulls":7},"Encargos Sociais:"]
[{"$nulls":7},"VALOR UNITÁRIO TOTAL - R$",{"$f":"TRUNC(I359+I360,2)","v":37.47}]
[]
[]
[]
[null,"INSUMO","SEINFRA",{"$f":"D369","v":"I7926"},{"$f":"E369","v":"ARANDELA PARA FLUORESCENTE COMPACTA 18W EM ALUMÍNIO ANODIZADO E PINTADO POR PROCESSO ELETROSTÁTICO COM UM VISOR EM VIDRO FOSCO"},null,null,null,{"$f":"F369","v":"UN"},null,{"$f":"I374","v":107.8},137.68]
[]
[null,null,null,"COD.","DESCRIÇÃO","UN.","COEF.","PREÇO","TOTAL"]
[null,null,null,"MATERIAIS"]
[null,null,null,"I7926","ARANDELA PARA FLUORESCENTE COMPACTA 18W EM ALUMÍNIO ANODIZADO E PINTADO POR PROCESSO ELETROSTÁTICO COM UM VISOR EM VIDRO FOSCO","UN",1,{"$f":"SUMIF(Insumos!B:B,D369,Insumos!G:G)","v":107.8},{"$f":"(G369*H369)","v":107.8}]
[{"$nulls":7},{"$f":"SUMIF(Insumos!B:B,D370,Insumos!G:G)","v":0},{"$f":"(G370*H370)","v":0}]
[{"$nulls":7},{"$f":"SUMIF(Insumos!B:B,D371,Insumos!G:G)","v":0},{"$f":"(G371*H371)","v":0}]
[null,null,null,"PARCIAL:",{"$nulls":4},{"$f":"SUM(I368:I371)","v":107.8}]
[{"$nulls":7},"Encargos Sociais:"]
[{"$nulls":7},"VALOR UNITÁRIO TOTAL - R$",{"$f":"TRUNC(I372+I373,2)","v":107.8}]
[]
[]
[]
[null,"INSUMO","SEINFRA",{"$f":"D382","v":"I1363"},{"$f":"E382","v":"LUMINARIA FLUORESCENTE 2X20W COMPLETA COM LAMPADA"},null,null,null,{"$f":"F382","v":"UN"},null,{"$f":"I387","v":36.01},46]
[]
[null,null,null,"COD.","DESCRIÇÃO","UN.","COEF.","PREÇO","TOTAL"]
[null,null,null,"MATERIAIS"]
[null,null,null,"I1363","LUMINARIA FLUORESCENTE 2X20W COMPLETA COM LAMPADA","UN",1,{"$f":"SUMIF(Insumos!B:B,D382,Insumos!G:G)","v":36.01},{"$f":"(G382*H382)","v":36.01}]
[{"$nulls":7},{"$f":"SUMIF(Insumos!B:B,D383,Insumos!G:G)","v":0},{"$f":"(G383*H383)","v":0}]
[{"$nulls":7},{"$f":"SUMIF(Insumos!B:B,D384,Insumos!G:G)","v":0},{"$f":"(G384*H384)","v":0}]
[null,null,null,"PARCIAL:",{"$nulls":4},{"$f":"SUM(I381:I384)","v":36.01}]
[{"$nulls":7},"Encargos Sociais:"]
[{"$nulls":7},"VALOR UNITÁRIO TOTAL - R$",{"$f":"TRUNC(I385+I386,2)","v":36.01}]
[]
[]
[]
[null,"INSUMO","SEINFRA",{"$f":"D395","v":"I5995"},{"$f":"E395","v":"PAINEL ELETRICO C/2 SOFT START 7,5CV,380V/60Hz"},null,null,null,{"$f":"F395","v":"UN"},null,{"$f":"I400","v":10492.2},13400]
[]
[null,null,null,"COD.","DESCRIÇÃO","UN.","COEF.","PREÇO","TOTAL"]
[null,null,null,"MATERIAIS"]
[null,null,null,"I5995","PAINEL ELETRICO C/2 SOFT START 7,5CV,380V/60Hz","UN",1,{"$f":"SUMIF(Insumos!B:B,D395,Insumos!G:G)","v":10492.2},{"$f":"(G395*H395)","v":10492.2}]
[{"$nulls":7},{"$f":"SUMIF(Insumos!B:B,D396,Insumos!G:G)","v":0},{"$f":"(G396*H396)","v":0}]
[{"$nulls":7},{"$f":"SUMIF(Insumos!B:B,D397,Insumos!G:G)","v":0},{"$f":"(G397*H397)","v":0}]
[null,null,null,"PARCIAL:",{"$nulls":4},{"$f":"SUM(I394:I397)","v":10492.2}]
[{"$nulls":7},"Encargos Sociais:"]
[{"$nulls":7},"VALOR UNITÁRIO TOTAL - R$",{"$f":"TRUNC(I398+I399,2)","v":10492.2}]
[]
[]
[]
[null,"INSUMO","SEINFRA",{"$f":"D408","v":"I5996"},{"$f":"E408","v":"PAINEL ELETRICO C/2 SOFT START 10CV,380V,60Hz"},null,null,null,{"$f":"F408","v":"UN"},null,{"$f":"I413","v":10680.12},13640]
[]
[null,null,null,"COD.","DESCRIÇÃO","UN.","COEF.","PREÇO","TOTAL"]
[null,null,null,"MATERIAIS"]
[null,null,null,"I5996","PAINEL ELETRICO C/2 SOFT START 10CV,380V,60Hz","UN",1,{"$f":"SUMIF(Insumos!B:B,D408,Insumos!G:G)","v":10680.12},{"$f":"(G408*H408)","v":10680.12}]
[{"$nulls":7},{"$f":"SUMIF(Insumos!B:B,D409,Insumos!G:G)","v":0},{"$f":"(G409*H409)","v":0}]
[{"$nulls":7},{"$f":"SUMIF(Insumos!B:B,D410,Insumos!G:G)","v":0},{"$f":"(G410*H410)","v":0}]
[null,null,null,"PARCIAL:",{"$nulls":4},{"$f":"SUM(I407:I410)","v":10680.12}]
[{"$nulls":7},"Encargos Sociais:"]
[{"$nulls":7},"VALOR UNITÁRIO TOTAL - R$",{"$f":"TRUNC(I411+I412,2)","v":10680.12}]
[]
[]
[]
[null,"INSUMO","SEINFRA",{"$f":"D421","v":"I0336"},{"$f":"E421","v":"CABO COBRE NU 10MM2"},null,null,null,{"$f":"F421","v":"M"},null,{"$f":"I426","v":2.95},3.77]
[]
[null,null,null,"COD.","DESCRIÇÃO","UN.","COEF.","PREÇO","TOTAL"]
[null,null,null,"MATERIAIS"]
[null,null,null,"I0336","CABO COBRE NU 10MM2","M",1,{"$f":"SUMIF(Insumos!B:B,D421,Insumos!G:G)","v":2.95},{"$f":"(G421*H421)","v":2.95}]
[{"$nulls":7},{"$f":"SUMIF(Insumos!B:B,D422,Insumos!G:G)","v":0},{"$f":"(G422*H422)","v":0}]
[{"$nulls":7},{"$f":"SUMIF(Insumos!B:B,D423,Insumos!G:G)","v":0},{"$f":"(G423*H423)","v":0}]
[null,null,null,"PARCIAL:",{"$nulls":4},{"$f":"SUM(I420:I423)","v":2.95}]
[{"$nulls":7},"Encargos Sociais:"]
[{"$nulls":7},"VALOR UNITÁRIO TOTAL - R$",{"$f":"TRUNC(I424+I425,2)","v":2.95}]
[]
[]
[]
[null,"INSUMO","SEINFRA",{"$f":"D434","v":"I8150"},{"$f":"E434","v":"MATERIAIS E ACESSÓRIOS PARA REDE DE DISTRIBUIÇÃO RURAL PRIMÁRIA, TENSÃO DE 13,80 KV, PARA CABO DE ALUMÍNIO, COM ESTRUTURA DE ALINHAMENTO EM POSTE DE CONCRETO ARMADO DUPLO T 150/10 (CONDUTOR NÃO INCLUSO)"},null,null,null,{"$f":"F434","v":"KM"},null,{"$f":"I439","v":11534.85},14731.61]
[]
[null,null,null,"COD.","DESCRIÇÃO","UN.","COEF.","PREÇO","TOTAL"]
[null,null,null,"MATERIAIS"]
[null,null,null,"I8150","MATERIAIS E ACESSÓRIOS PARA REDE DE DISTRIBUIÇÃO RURAL PRIMÁRIA, TENSÃO DE 13,80 KV, PARA CABO DE ALUMÍNIO, COM ESTRUTURA DE ALINHAMENTO EM POSTE DE CONCRETO ARMADO DUPLO T 150/10 (CONDUTOR NÃO INCLUSO)","KM",1,{"$f":"SUMIF(Insumos!B:B,D434,Insumos!G:G)","v":11534.85},{"$f":"(G434*H434)","v":11534.85}]
[{"$nulls":7},{"$f":"SUMIF(Insumos!B:B,D435,Insumos!G:G)","v":0},{"$f":"(G435*H435)","v":0}]
[{"$nulls":7},{"$f":"SUMIF(Insumos!B:B,D436,Insumos!G:G)","v":0},{"$f":"(G436*H436)","v":0}]
[null,null,null,"PARCIAL:",{"$nulls":4},{"$f":"SUM(I433:I436)","v":11534.85}]
[{"$nulls":7},"Encargos Sociais:"]
[{"$nulls":7},"VALOR UNITÁRIO TOTAL - R$",{"$f":"TRUNC(I437+I438,2)","v":11534.85}]
[]
[]
[]
[null,"INSUMO","SEINFRA",{"$f":"D447","v":"I8156"},{"$f":"E447","v":"CABO DE ALUMÍNIO COM ALMA DE AÇO, BITOLA 4 AWG, FORMAÇÃO 6/1 FIOS - SWAN"},null,null,null,{"$f":"F447","v":"KM"},null,{"$f":"I452","v":1162.68},1484.91]
[]
[null,null,null,"COD.","DESCRIÇÃO","UN.","COEF.","PREÇO","TOTAL"]
[null,null,null,"MATERIAIS"]
[null,null,null,"I8156","CABO DE ALUMÍNIO COM ALMA DE AÇO, BITOLA 4 AWG, FORMAÇÃO 6/1 FIOS - SWAN","KM",1,{"$f":"SUMIF(Insumos!B:B,D447,Insumos!G:G)","v":1162.68},{"$f":"(G447*H447)","v":1162.68}]
[{"$nulls":7},{"$f":"SUMIF(Insumos!B:B,D448,Insumos!G:G)","v":0},{"$f":"(G448*H448)","v":0}]
[{"$nulls":7},{"$f":"SUMIF(Insumos!B:B,D449,Insumos!G:G)","v":0},{"$f":"(G449*H449)","v":0}]
[null,null,null,"PARCIAL:",{"$nulls":4},{"$f":"SUM(I446:I449)","v":1162.68}]
[{"$nulls":7},"Encargos Sociais:"]
[{"$nulls":7},"VALOR UNITÁRIO TOTAL - R$",{"$f":"TRUNC(I450+I451,2)","v":1162.68}]
[]
[]
[]
[null,"INSUMO","SEINFRA",{"$f":"D460","v":"I8115"},{"$f":"E460","v":"MATERIAIS E ACESSÓRIOS PARA SUBESTAÇÃO AÉREA DE 15 KVA / 13.800-380/220V COM QUADRO DE MEDIÇÃO E PROTEÇÃO GERAL"},null,null,null,{"$f":"F460","v":"UN"},null,{"$f":"I465","v":4954.4399999999996},6327.52]
[]
[null,null,null,"COD.","DESCRIÇÃO","UN.","COEF.","PREÇO","TOTAL"]
[null,null,null,"MATERIAIS"]
[null,null,null,"I8115","MATERIAIS E ACESSÓRIOS PARA SUBESTAÇÃO AÉREA DE 15 KVA / 13.800-380/220V COM QUADRO DE MEDIÇÃO E PROTEÇÃO GERAL","UN",1,{"$f":"SUMIF(Insumos!B:B,D460,Insumos!G:G)","v":4954.4399999999996},{"$f":"(G460*H460)","v":4954.4399999999996}]
[{"$nulls":7},{"$f":"SUMIF(Insumos!B:B,D461,Insumos!G:G)","v":0},{"$f":"(G461*H461)","v":0}]
[{"$nulls":7},{"$f":"SUMIF(Insumos!B:B,D462,Insumos!G:G)","v":0},{"$f":"(G462*H462)","v":0}]
[null,null,null,"PARCIAL:",{"$nulls":4},{"$f":"SUM(I459:I462)","v":4954.4399999999996}]
[{"$nulls":7},"Encargos Sociais:"]
[{"$nulls":7},"VALOR UNITÁRIO TOTAL - R$",{"$f":"TRUNC(I463+I464,2)","v":4954.4399999999996}]
[]
[]
[]
[null,"INSUMO","SEINFRA",{"$f":"D473","v":"I3348"},{"$f":"E473","v":"CURVA 45 FoFo BB JUNTA ELÁSTICA DN 150"},null,null,null,{"$f":"F473","v":"UN"},null,{"$f":"I478","v":229.26},292.8]
[]
[null,null,null,"COD.","DESCRIÇÃO","UN.","COEF.","PREÇO","TOTAL"]
[null,null,null,"MATERIAIS"]
[null,null,null,"I3348","CURVA 45 FoFo BB JUNTA ELÁSTICA DN 150","UN",1,{"$f":"SUMIF(Insumos!B:B,D473,Insumos!G:G)","v":229.26},{"$f":"(G473*H473)","v":229.26}]
[{"$nulls":7},{"$f":"SUMIF(Insumos!B:B,D474,Insumos!G:G)","v":0},{"$f":"(G474*H474)","v":0}]
[{"$nulls":7},{"$f":"SUMIF(Insumos!B:B,D475,Insumos!G:G)","v":0},{"$f":"(G475*H475)","v":0}]
[null,null,null,"PARCIAL:",{"$nulls":4},{"$f":"SUM(I472:I475)","v":229.26}]
[{"$nulls":7},"Encargos Sociais:"]
[{"$nulls":7},"VALOR UNITÁRIO TOTAL - R$",{"$f":"TRUNC(I476+I477,2)","v":229.26}]
[]
[]
[]
[null,"INSUMO","SEINFRA",{"$f":"D486","v":"I2927"},{"$f":"E486","v":"COLAR DE TOMADA FoFo P/TUBOS PVC / DEFoFo DN 100 x 1\""},null,null,null,{"$f":"F486","v":"UN"},null,{"$f":"I491","v":30.35},38.770000000000003]
[]
[null,null,null,"COD.","DESCRIÇÃO","UN.","COEF.","PREÇO","TOTAL"]
[null,null,null,"MATERIAIS"]
[null,null,null,"I2927","COLAR DE TOMADA FoFo P/TUBOS PVC / DEFoFo DN 100 x 1\"","UN",1,{"$f":"SUMIF(Insumos!B:B,D486,Insumos!G:G)","v":30.35},{"$f":"(G486*H486)","v":30.35}]
[{"$nulls":7},{"$f":"SUMIF(Insumos!B:B,D487,Insumos!G:G)","v":0},{"$f":"(G487*H487)","v":0}]
[{"$nulls":7},{"$f":"SUMIF(Insumos!B:B,D488,Insumos!G:G)","v":0},{"$f":"(G488*H488)","v":0}]
[null,null,null,"PARCIAL:",{"$nulls":4},{"$f":"SUM(I485:I488)","v":30.35}]
[{"$nulls":7},"Encargos Sociais:"]
[{"$nulls":7},"VALOR UNITÁRIO TOTAL - R$",{"$f":"TRUNC(I489+I490,2)","v":30.35}]
[]
[]
[]
[null,"INSUMO","SEINFRA",{"$f":"D499","v":"I2904"},{"$f":"E499","v":"COLAR DE TOMADA PVC C/TRAVAS SAIDA ROSC. DN 50 x 3/4\""},null,null,null,{"$f":"F499","v":"UN"},null,{"$f":"I504","v":3.6},4.5999999999999996]
[]
[null,null,null,"COD.","DESCRIÇÃO","UN.","COEF.","PREÇO","TOTAL"]
[null,null,null,"MATERIAIS"]
[null,null,null,"I2904","COLAR DE TOMADA PVC C/TRAVAS SAIDA ROSC. DN 50 x 3/4\"","UN",1,{"$f":"SUMIF(Insumos!B:B,D499,Insumos!G:G)","v":3.6},{"$f":"(G499*H499)","v":3.6}]
[{"$nulls":7},{"$f":"SUMIF(Insumos!B:B,D500,Insumos!G:G)","v":0},{"$f":"(G500*H500)","v":0}]
[{"$nulls":7},{"$f":"SUMIF(Insumos!B:B,D501,Insumos!G:G)","v":0},{"$f":"(G501*H501)","v":0}]
[null,null,null,"PARCIAL:",{"$nulls":4},{"$f":"SUM(I498:I501)","v":3.6}]
[{"$nulls":7},"Encargos Sociais:"]
[{"$nulls":7},"VALOR UNITÁRIO TOTAL - R$",{"$f":"TRUNC(I502+I503,2)","v":3.6}]
[]
[]
[]
[null,"INSUMO","SEINFRA",{"$f":"D512","v":"I3083"},{"$f":"E512","v":"ADAPTADOR PBA / BOLSA DEFoFo JE DN 50"},null,null,null,{"$f":"F512","v":"UN"},null,{"$f":"I517","v":11.43},14.6]
[]
[null,null,null,"COD.","DESCRIÇÃO","UN.","COEF.","PREÇO","TOTAL"]
[null,null,null,"MATERIAIS"]
[null,null,null,"I3083","ADAPTADOR PBA / BOLSA DEFoFo JE DN 50","UN",1,{"$f":"SUMIF(Insumos!B:B,D512,Insumos!G:G)","v":11.43},{"$f":"(G512*H512)","v":11.43}]
[{"$nulls":7},{"$f":"SUMIF(Insumos!B:B,D513,Insumos!G:G)","v":0},{"$f":"(G513*H513)","v":0}]
[{"$nulls":7},{"$f":"SUMIF(Insumos!B:B,D514,Insumos!G:G)","v":0},{"$f":"(G514*H514)","v":0}]
[null,null,null,"PARCIAL:",{"$nulls":4},{"$f":"SUM(I511:I514)","v":11.43}]
[{"$nulls":7},"Encargos Sociais:"]
[{"$nulls":7},"VALOR UNITÁRIO TOTAL - R$",{"$f":"TRUNC(I515+I516,2)","v":11.43}]
[]
[]
[]
[null,"INSUMO","SEINFRA",{"$f":"D525","v":"I3577"},{"$f":"E525","v":"TE FoFo BBF DN 150 x 50 PN10"},null,null,null,{"$f":"F525","v":"UN"},null,{"$f":"I530","v":268.56},343]
[]
[null,null,null,"COD.","DESCRIÇÃO","UN.","COEF.","PREÇO","TOTAL"]
[null,null,null,"MATERIAIS"]
[null,null,null,"I3577","TE FoFo BBF DN 150 x 50 PN10","UN",1,{"$f":"SUMIF(Insumos!B:B,D525,Insumos!G:G)","v":268.56},{"$f":"(G525*H525)","v":268.56}]
[{"$nulls":7},{"$f":"SUMIF(Insumos!B:B,D526,Insumos!G:G)","v":0},{"$f":"(G526*H526)","v":0}]
[{"$nulls":7},{"$f":"SUMIF(Insumos!B:B,D527,Insumos!G:G)","v":0},{"$f":"(G527*H527)","v":0}]
[null,null,null,"PARCIAL:",{"$nulls":4},{"$f":"SUM(I524:I527)","v":268.56}]
[{"$nulls":7},"Encargos Sociais:"]
[{"$nulls":7},"VALOR UNITÁRIO TOTAL - R$",{"$f":"TRUNC(I528+I529,2)","v":268.56}]
[]
[]
[]
[null,"INSUMO","SEINFRA",{"$f":"D538","v":"I3540"},{"$f":"E538","v":"TE FoFo BBB JUNTA ELÁSTICA DN 100 x 100"},null,null,null,{"$f":"F538","v":"UN"},null,{"$f":"I543","v":260.14999999999998},332.25]
[]
[null,null,null,"COD.","DESCRIÇÃO","UN.","COEF.","PREÇO","TOTAL"]
[null,null,null,"MATERIAIS"]
[null,null,null,"I3540","TE FoFo BBB JUNTA ELÁSTICA DN 100 x 100","UN",1,{"$f":"SUMIF(Insumos!B:B,D538,Insumos!G:G)","v":260.14999999999998},{"$f":"(G538*H538)","v":260.14999999999998}]
[{"$nulls":7},{"$f":"SUMIF(Insumos!B:B,D539,Insumos!G:G)","v":0},{"$f":"(G539*H539)","v":0}]
[{"$nulls":7},{"$f":"SUMIF(Insumos!B:B,D540,Insumos!G:G)","v":0},{"$f":"(G540*H540)","v":0}]
[null,null,null,"PARCIAL:",{"$nulls":4},{"$f":"SUM(I537:I540)","v":260.14999999999998}]
[{"$nulls":7},"Encargos Sociais:"]
[{"$nulls":7},"VALOR UNITÁRIO TOTAL - R$",{"$f":"TRUNC(I541+I542,2)","v":260.14999999999998}]
[]
[]
[]
[null,"INSUMO","SEINFRA",{"$f":"D551","v":"I4059"},{"$f":"E551","v":"REDUÇÃO PB JE FoFo/PVC DN 100 x 50"},null,null,null,{"$f":"F551","v":"UN"},null,{"$f":"I556","v":157.22},200.8]
[]
[null,null,null,"COD.","DESCRIÇÃO","UN.","COEF.","PREÇO","TOTAL"]
[null,null,null,"MATERIAIS"]
[null,null,null,"I4059","REDUÇÃO PB JE FoFo/PVC DN 100 x 50","UN",1,{"$f":"SUMIF(Insumos!B:B,D551,Insumos!G:G)","v":157.22},{"$f":"(G551*H551)","v":157.22}]
[{"$nulls":7},{"$f":"SUMIF(Insumos!B:B,D552,Insumos!G:G)","v":0},{"$f":"(G552*H552)","v":0}]
[{"$nulls":7},{"$f":"SUMIF(Insumos!B:B,D553,Insumos!G:G)","v":0},{"$f":"(G553*H553)","v":0}]
[null,null,null,"PARCIAL:",{"$nulls":4},{"$f":"SUM(I550:I553)","v":157.22}]
[{"$nulls":7},"Encargos Sociais:"]
[{"$nulls":7},"VALOR UNITÁRIO TOTAL - R$",{"$f":"TRUNC(I554+I555,2)","v":157.22}]
[]
[]
[]
[null,"INSUMO","SEINFRA",{"$f":"D564","v":"I6650"},{"$f":"E564","v":"TUBO FoFo C/FLANGE E BOLSA DN 100 PN10 L=500"},null,null,null,{"$f":"F564","v":"UN"},null,{"$f":"I569","v":377.07},481.58]
[]
[null,null,null,"COD.","DESCRIÇÃO","UN.","COEF.","PREÇO","TOTAL"]
[null,null,null,"MATERIAIS"]
[null,null,null,"I6650","TUBO FoFo C/FLANGE E BOLSA DN 100 PN10 L=500","UN",1,{"$f":"SUMIF(Insumos!B:B,D564,Insumos!G:G)","v":377.07},{"$f":"(G564*H564)","v":377.07}]
[{"$nulls":7},{"$f":"SUMIF(Insumos!B:B,D565,Insumos!G:G)","v":0},{"$f":"(G565*H565)","v":0}]
[{"$nulls":7},{"$f":"SUMIF(Insumos!B:B,D566,Insumos!G:G)","v":0},{"$f":"(G566*H566)","v":0}]
[null,null,null,"PARCIAL:",{"$nulls":4},{"$f":"SUM(I563:I566)","v":377.07}]
[{"$nulls":7},"Encargos Sociais:"]
[{"$nulls":7},"VALOR UNITÁRIO TOTAL - R$",{"$f":"TRUNC(I567+I568,2)","v":377.07}]
[]
[]
[]
[null,"INSUMO","SEINFRA",{"$f":"D577","v":"I8668"},{"$f":"E577","v":"HIDRÔMETRO TIPO WOLTMANN HORIZONTAL Qn=150m³/h, Dn 150mm - COMPLETO"},null,null,null,{"$f":"F577","v":"UN"},null,{"$f":"I582","v":4455.2700000000004},5690]
[]
[null,null,null,"COD.","DESCRIÇÃO","UN.","COEF.","PREÇO","TOTAL"]
[null,null,null,"MATERIAIS"]
[null,null,null,"I8668","HIDRÔMETRO TIPO WOLTMANN HORIZONTAL Qn=150m³/h, Dn 150mm - COMPLETO","UN",1,{"$f":"SUMIF(Insumos!B:B,D577,Insumos!G:G)","v":4455.2700000000004},{"$f":"(G577*H577)","v":4455.2700000000004}]
[{"$nulls":7},{"$f":"SUMIF(Insumos!B:B,D578,Insumos!G:G)","v":0},{"$f":"(G578*H578)","v":0}]
[{"$nulls":7},{"$f":"SUMIF(Insumos!B:B,D579,Insumos!G:G)","v":0},{"$f":"(G579*H579)","v":0}]
[null,null,null,"PARCIAL:",{"$nulls":4},{"$f":"SUM(I576:I579)","v":4455.2700000000004}]
[{"$nulls":7},"Encargos Sociais:"]
[{"$nulls":7},"VALOR UNITÁRIO TOTAL - R$",{"$f":"TRUNC(I580+I581,2)","v":4455.2700000000004}]
[]
[]
[]
[null,"INSUMO","SEINFRA",{"$f":"D590","v":"I5749"},{"$f":"E590","v":"VALVULA RETENÇÃO DN 100 PN16 FECH. RÁPIDO (CLASAR)"},null,null,null,{"$f":"F590","v":"UN"},null,{"$f":"I595","v":519.59},663.6]
[]
[null,null,null,"COD.","DESCRIÇÃO","UN.","COEF.","PREÇO","TOTAL"]
[null,null,null,"MATERIAIS"]
[null,null,null,"I5749","VALVULA RETENÇÃO DN 100 PN16 FECH. RÁPIDO (CLASAR)","UN",1,{"$f":"SUMIF(Insumos!B:B,D590,Insumos!G:G)","v":519.59},{"$f":"(G590*H590)","v":519.59}]
[{"$nulls":7},{"$f":"SUMIF(Insumos!B:B,D591,Insumos!G:G)","v":0},{"$f":"(G591*H591)","v":0}]
[{"$nulls":7},{"$f":"SUMIF(Insumos!B:B,D592,Insumos!G:G)","v":0},{"$f":"(G592*H592)","v":0}]
[null,null,null,"PARCIAL:",{"$nulls":4},{"$f":"SUM(I589:I592)","v":519.59}]
[{"$nulls":7},"Encargos Sociais:"]
[{"$nulls":7},"VALOR UNITÁRIO TOTAL - R$",{"$f":"TRUNC(I593+I594,2)","v":519.59}]
[]
[]
[]
[null,"INSUMO","SEINFRA",{"$f":"D603","v":"I6302"},{"$f":"E603","v":"KIT DE DOSAGEM DE SULFATO DE ALUMÍNIO OU CAL  COM TANQUE DE 500L, BOMBA DOSADORA E AGITADOR, COMPLETO"},null,null,null,{"$f":"F603","v":"UN"},null,{"$f":"I608","v":12639.49},16142.4]
[]
[null,null,null,"COD.","DESCRIÇÃO","UN.","COEF.","PREÇO","TOTAL"]
[null,null,null,"MATERIAIS"]
[null,null,null,"I6302","KIT DE DOSAGEM DE SULFATO DE ALUMÍNIO OU CAL  COM TANQUE DE 500L, BOMBA DOSADORA E AGITADOR, COMPLETO","UN",1,{"$f":"SUMIF(Insumos!B:B,D603,Insumos!G:G)","v":12639.49},{"$f":"(G603*H603)","v":12639.49}]
[{"$nulls":7},{"$f":"SUMIF(Insumos!B:B,D604,Insumos!G:G)","v":0},{"$f":"(G604*H604)","v":0}]
[{"$nulls":7},{"$f":"SUMIF(Insumos!B:B,D605,Insumos!G:G)","v":0},{"$f":"(G605*H605)","v":0}]
[null,null,null,"PARCIAL:",{"$nulls":4},{"$f":"SUM(I602:I605)","v":12639.49}]
[{"$nulls":7},"Encargos Sociais:"]
[{"$nulls":7},"VALOR UNITÁRIO TOTAL - R$",{"$f":"TRUNC(I606+I607,2)","v":12639.49}]
[]
[]
[]
[null,"INSUMO","SEINFRA",{"$f":"D616","v":"I6301"},{"$f":"E616","v":"KIT DE DOSAGEM DE SULFATO DE ALUMÍNIO OU CAL COM TANQUE DE 250L, BOMBA DOSADORA E AGITADOR, COMPLETO"},null,null,null,{"$f":"F616","v":"UN"},null,{"$f":"I621","v":7915.19},10108.799999999999]
[]
[null,null,null,"COD.","DESCRIÇÃO","UN.","COEF.","PREÇO","TOTAL"]
[null,null,null,"MATERIAIS"]
[null,null,null,"I6301","KIT DE DOSAGEM DE SULFATO DE ALUMÍNIO OU CAL COM TANQUE DE 250L, BOMBA DOSADORA E AGITADOR, COMPLETO","UN",1,{"$f":"SUMIF(Insumos!B:B,D616,Insumos!G:G)","v":7915.19},{"$f":"(G616*H616)","v":7915.19}]
[{"$nulls":7},{"$f":"SUMIF(Insumos!B:B,D617,Insumos!G:G)","v":0},{"$f":"(G617*H617)","v":0}]
[{"$nulls":7},{"$f":"SUMIF(Insumos!B:B,D618,Insumos!G:G)","v":0},{"$f":"(G618*H618)","v":0}]
[null,null,null,"PARCIAL:",{"$nulls":4},{"$f":"SUM(I615:I618)","v":7915.19}]
[{"$nulls":7},"Encargos Sociais:"]
[{"$nulls":7},"VALOR UNITÁRIO TOTAL - R$",{"$f":"TRUNC(I619+I620,2)","v":7915.19}]
[]
[]
[]
[null,"INSUMO","SEINFRA",{"$f":"D629","v":"I8959"},{"$f":"E629","v":"KIT MEDIÇÃO COMPARADOR DE CLORO E PH"},null,null,null,{"$f":"F629","v":"UN"},null,{"$f":"I634","v":38.94},49.74]
[]
[null,null,null,"COD.","DESCRIÇÃO","UN.","COEF.","PREÇO","TOTAL"]
[null,null,null,"MATERIAIS"]
[null,null,null,"I8959","KIT MEDIÇÃO COMPARADOR DE CLORO E PH","UN",1,{"$f":"SUMIF(Insumos!B:B,D629,Insumos!G:G)","v":38.94},{"$f":"(G629*H629)","v":38.94}]
[{"$nulls":7},{"$f":"SUMIF(Insumos!B:B,D630,Insumos!G:G)","v":0},{"$f":"(G630*H630)","v":0}]
[{"$nulls":7},{"$f":"SUMIF(Insumos!B:B,D631,Insumos!G:G)","v":0},{"$f":"(G631*H631)","v":0}]
[null,null,null,"PARCIAL:",{"$nulls":4},{"$f":"SUM(I628:I631)","v":38.94}]
[{"$nulls":7},"Encargos Sociais:"]
[{"$nulls":7},"VALOR UNITÁRIO TOTAL - R$",{"$f":"TRUNC(I632+I633,2)","v":38.94}]
[]
[]
[]
[null,"INSUMO","SEINFRA",{"$f":"D642","v":"I4062"},{"$f":"E642","v":"REDUÇÃO PB JE FoFo/PVC DN 150 x 100"},null,null,null,{"$f":"F642","v":"UN"},null,{"$f":"I647","v":206.74},264.04000000000002]
[]
[null,null,null,"COD.","DESCRIÇÃO","UN.","COEF.","PREÇO","TOTAL"]
[null,null,null,"MATERIAIS"]
[null,null,null,"I4062","REDUÇÃO PB JE FoFo/PVC DN 150 x 100","UN",1,{"$f":"SUMIF(Insumos!B:B,D642,Insumos!G:G)","v":206.74},{"$f":"(G642*H642)","v":206.74}]
[{"$nulls":7},{"$f":"SUMIF(Insumos!B:B,D643,Insumos!G:G)","v":0},{"$f":"(G643*H643)","v":0}]
[{"$nulls":7},{"$f":"SUMIF(Insumos!B:B,D644,Insumos!G:G)","v":0},{"$f":"(G644*H644)","v":0}]
[null,null,null,"PARCIAL:",{"$nulls":4},{"$f":"SUM(I641:I644)","v":206.74}]
[{"$nulls":7},"Encargos Sociais:"]
[{"$nulls":7},"VALOR UNITÁRIO TOTAL - R$",{"$f":"TRUNC(I645+I646,2)","v":206.74}]
[]
[]
[]
[null,"INSUMO","SEINFRA",{"$f":"D655","v":"I4081"},{"$f":"E655","v":"REDUÇÃO FoFo FF DN 100 x 75 PN10"},null,null,null,{"$f":"F655","v":"UN"},null,{"$f":"I660","v":205.32},262.23]
[]
[null,null,null,"COD.","DESCRIÇÃO","UN.","COEF.","PREÇO","TOTAL"]
[null,null,null,"MATERIAIS"]
[null,null,null,"I4081","REDUÇÃO FoFo FF DN 100 x 75 PN10","UN",1,{"$f":"SUMIF(Insumos!B:B,D655,Insumos!G:G)","v":205.32},{"$f":"(G655*H655)","v":205.32}]
[{"$nulls":7},{"$f":"SUMIF(Insumos!B:B,D656,Insumos!G:G)","v":0},{"$f":"(G656*H656)","v":0}]
[{"$nulls":7},{"$f":"SUMIF(Insumos!B:B,D657,Insumos!G:G)","v":0},{"$f":"(G657*H657)","v":0}]
[null,null,null,"PARCIAL:",{"$nulls":4},{"$f":"SUM(I654:I657)","v":205.32}]
[{"$nulls":7},"Encargos Sociais:"]
[{"$nulls":7},"VALOR UNITÁRIO TOTAL - R$",{"$f":"TRUNC(I658+I659,2)","v":205.32}]
[]
[]
[]
[null,"INSUMO","SEINFRA",{"$f":"D668","v":"I4083"},{"$f":"E668","v":"REDUÇÃO FoFo FF DN 150 x 75 PN10"},null,null,null,{"$f":"F668","v":"UN"},null,{"$f":"I673","v":281.8},359.91]
[]
[null,null,null,"COD.","DESCRIÇÃO","UN.","COEF.","PREÇO","TOTAL"]
[null,null,null,"MATERIAIS"]
[null,null,null,"I4083","REDUÇÃO FoFo FF DN 150 x 75 PN10","UN",1,{"$f":"SUMIF(Insumos!B:B,D668,Insumos!G:G)","v":281.8},{"$f":"(G668*H668)","v":281.8}]
[{"$nulls":7},{"$f":"SUMIF(Insumos!B:B,D669,Insumos!G:G)","v":0},{"$f":"(G669*H669)","v":0}]
[{"$nulls":7},{"$f":"SUMIF(Insumos!B:B,D670,Insumos!G:G)","v":0},{"$f":"(G670*H670)","v":0}]
[null,null,null,"PARCIAL:",{"$nulls":4},{"$f":"SUM(I667:I670)","v":281.8}]
[{"$nulls":7},"Encargos Sociais:"]
[{"$nulls":7},"VALOR UNITÁRIO TOTAL - R$",{"$f":"TRUNC(I671+I672,2)","v":281.8}]
[]
[]
[]
[null,"INSUMO","SEINFRA",{"$f":"D681","v":"I4657"},{"$f":"E681","v":"TUBO FoFo C/FLANGE E PONTA DN 150 PN10 - L=2000"},null,null,null,{"$f":"F681","v":"UN"},null,{"$f":"I686","v":796.13},1016.78]
[]
[null,null,null,"COD.","DESCRIÇÃO","UN.","COEF.","PREÇO","TOTAL"]
[null,null,null,"MATERIAIS"]
[null,null,null,"I4657","TUBO FoFo C/FLANGE E PONTA DN 150 PN10 - L=2000","UN",1,{"$f":"SUMIF(Insumos!B:B,D681,Insumos!G:G)","v":796.13},{"$f":"(G681*H681)","v":796.13}]
[{"$nulls":7},{"$f":"SUMIF(Insumos!B:B,D682,Insumos!G:G)","v":0},{"$f":"(G682*H682)","v":0}]
[{"$nulls":7},{"$f":"SUMIF(Insumos!B:B,D683,Insumos!G:G)","v":0},{"$f":"(G683*H683)","v":0}]
[null,null,null,"PARCIAL:",{"$nulls":4},{"$f":"SUM(I680:I683)","v":796.13}]
[{"$nulls":7},"Encargos Sociais:"]
[{"$nulls":7},"VALOR UNITÁRIO TOTAL - R$",{"$f":"TRUNC(I684+I685,2)","v":796.13}]
[]
[]
[]
[null,"INSUMO","SEINFRA",{"$f":"D694","v":"I6667"},{"$f":"E694","v":"TUBO FoFo C/FLANGE E PONTA DN 150 PN10 L=500"},null,null,null,{"$f":"F694","v":"UN"},null,{"$f":"I699","v":396.17},505.97]
[]
[null,null,null,"COD.","DESCRIÇÃO","UN.","COEF.","PREÇO","TOTAL"]
[null,null,null,"MATERIAIS"]
[null,null,null,"I6667","TUBO FoFo C/FLANGE E PONTA DN 150 PN10 L=500","UN",1,{"$f":"SUMIF(Insumos!B:B,D694,Insumos!G:G)","v":396.17},{"$f":"(G694*H694)","v":396.17}]
[{"$nulls":7},{"$f":"SUMIF(Insumos!B:B,D695,Insumos!G:G)","v":0},{"$f":"(G695*H695)","v":0}]
[{"$nulls":7},{"$f":"SUMIF(Insumos!B:B,D696,Insumos!G:G)","v":0},{"$f":"(G696*H696)","v":0}]
[null,null,null,"PARCIAL:",{"$nulls":4},{"$f":"SUM(I693:I696)","v":396.17}]
[{"$nulls":7},"Encargos Sociais:"]
[{"$nulls":7},"VALOR UNITÁRIO TOTAL - R$",{"$f":"TRUNC(I697+I698,2)","v":396.17}]
[]
[]
[]
[null,"INSUMO","SEINFRA",{"$f":"D707","v":"I6665"},{"$f":"E707","v":"TUBO FoFo C/FLANGE E PONTA DN 75 PN10 L=500"},null,null,null,{"$f":"F707","v":"UN"},null,{"$f":"I712","v":281.23},359.17]
[]
[null,null,null,"COD.","DESCRIÇÃO","UN.","COEF.","PREÇO","TOTAL"]
[null,null,null,"MATERIAIS"]
[null,null,null,"I6665","TUBO FoFo C/FLANGE E PONTA DN 75 PN10 L=500","UN",1,{"$f":"SUMIF(Insumos!B:B,D707,Insumos!G:G)","v":281.23},{"$f":"(G707*H707)","v":281.23}]
[{"$nulls":7},{"$f":"SUMIF(Insumos!B:B,D708,Insumos!G:G)","v":0},{"$f":"(G708*H708)","v":0}]
[{"$nulls":7},{"$f":"SUMIF(Insumos!B:B,D709,Insumos!G:G)","v":0},{"$f":"(G709*H709)","v":0}]
[null,null,null,"PARCIAL:",{"$nulls":4},{"$f":"SUM(I706:I709)","v":281.23}]
[{"$nulls":7},"Encargos Sociais:"]
[{"$nulls":7},"VALOR UNITÁRIO TOTAL - R$",{"$f":"TRUNC(I710+I711,2)","v":281.23}]
[]
[]
[]
[null,"INSUMO","SEINFRA",{"$f":"D720","v":"I4643"},{"$f":"E720","v":"TUBO FoFo C/FLANGE E PONTA DN 75 PN10 - L=5800"},null,null,null,{"$f":"F720","v":"UN"},null,{"$f":"I725","v":1198.31},1530.42]
[]
[null,null,null,"COD.","DESCRIÇÃO","UN.","COEF.","PREÇO","TOTAL"]
[null,null,null,"MATERIAIS"]
[null,null,null,"I4643","TUBO FoFo C/FLANGE E PONTA DN 75 PN10 - L=5800","UN",1,{"$f":"SUMIF(Insumos!B:B,D720,Insumos!G:G)","v":1198.31},{"$f":"(G720*H720)","v":1198.31}]
[{"$nulls":7},{"$f":"SUMIF(Insumos!B:B,D721,Insumos!G:G)","v":0},{"$f":"(G721*H721)","v":0}]
[{"$nulls":7},{"$f":"SUMIF(Insumos!B:B,D722,Insumos!G:G)","v":0},{"$f":"(G722*H722)","v":0}]
[null,null,null,"PARCIAL:",{"$nulls":4},{"$f":"SUM(I719:I722)","v":1198.31}]
[{"$nulls":7},"Encargos Sociais:"]
[{"$nulls":7},"VALOR UNITÁRIO TOTAL - R$",{"$f":"TRUNC(I723+I724,2)","v":1198.31}]
[]
[]
[]
[null,"INSUMO","SEINFRA",{"$f":"D733","v":"I4634"},{"$f":"E733","v":"TUBO FoFo C/FLANGE E PONTA DN 75 PN10 - L=1500"},null,null,null,{"$f":"F733","v":"UN"},null,{"$f":"I738","v":471.8},602.55999999999995]
[]
[null,null,null,"COD.","DESCRIÇÃO","UN.","COEF.","PREÇO","TOTAL"]
[null,null,null,"MATERIAIS"]
[null,null,null,"I4634","TUBO FoFo C/FLANGE E PONTA DN 75 PN10 - L=1500","UN",1,{"$f":"SUMIF(Insumos!B:B,D733,Insumos!G:G)","v":471.8},{"$f":"(G733*H733)","v":471.8}]
[{"$nulls":7},{"$f":"SUMIF(Insumos!B:B,D734,Insumos!G:G)","v":0},{"$f":"(G734*H734)","v":0}]
[{"$nulls":7},{"$f":"SUMIF(Insumos!B:B,D735,Insumos!G:G)","v":0},{"$f":"(G735*H735)","v":0}]
[null,null,null,"PARCIAL:",{"$nulls":4},{"$f":"SUM(I732:I735)","v":471.8}]
[{"$nulls":7},"Encargos Sociais:"]
[{"$nulls":7},"VALOR UNITÁRIO TOTAL - R$",{"$f":"TRUNC(I736+I737,2)","v":471.8}]
[]
[]
[]
[null,"INSUMO","SEINFRA",{"$f":"D746","v":"I4453"},{"$f":"E746","v":"TUBO FoFo C/ FLANGES DN 75 PN10 - L=4000"},null,null,null,{"$f":"F746","v":"UN"},null,{"$f":"I751","v":1101.25},1406.46]
[]
[null,null,null,"COD.","DESCRIÇÃO","UN.","COEF.","PREÇO","TOTAL"]
[null,null,null,"MATERIAIS"]
[null,null,null,"I4453","TUBO FoFo C/ FLANGES DN 75 PN10 - L=4000","UN",1,{"$f":"SUMIF(Insumos!B:B,D746,Insumos!G:G)","v":1101.25},{"$f":"(G746*H746)","v":1101.25}]
[{"$nulls":7},{"$f":"SUMIF(Insumos!B:B,D747,Insumos!G:G)","v":0},{"$f":"(G747*H747)","v":0}]
[{"$nulls":7},{"$f":"SUMIF(Insumos!B:B,D748,Insumos!G:G)","v":0},{"$f":"(G748*H748)","v":0}]
[null,null,null,"PARCIAL:",{"$nulls":4},{"$f":"SUM(I745:I748)","v":1101.25}]
[{"$nulls":7},"Encargos Sociais:"]
[{"$nulls":7},"VALOR UNITÁRIO TOTAL - R$",{"$f":"TRUNC(I749+I750,2)","v":1101.25}]
[]
[]
[]
[null,"INSUMO","SEINFRA",{"$f":"D759","v":"I3362"},{"$f":"E759","v":"CURVA 90 FoFo BB JUNTA ELÁSTICA DN 75"},null,null,null,{"$f":"F759","v":"UN"},null,{"$f":"I764","v":153.05000000000001},195.47]
[]
[null,null,null,"COD.","DESCRIÇÃO","UN.","COEF.","PREÇO","TOTAL"]
[null,null,null,"MATERIAIS"]
[null,null,null,"I3362","CURVA 90 FoFo BB JUNTA ELÁSTICA DN 75","UN",1,{"$f":"SUMIF(Insumos!B:B,D759,Insumos!G:G)","v":153.05000000000001},{"$f":"(G759*H759)","v":153.05000000000001}]
[{"$nulls":7},{"$f":"SUMIF(Insumos!B:B,D760,Insumos!G:G)","v":0},{"$f":"(G760*H760)","v":0}]
[{"$nulls":7},{"$f":"SUMIF(Insumos!B:B,D761,Insumos!G:G)","v":0},{"$f":"(G761*H761)","v":0}]
[null,null,null,"PARCIAL:",{"$nulls":4},{"$f":"SUM(I758:I761)","v":153.05000000000001}]
[{"$nulls":7},"Encargos Sociais:"]
[{"$nulls":7},"VALOR UNITÁRIO TOTAL - R$",{"$f":"TRUNC(I762+I763,2)","v":153.05000000000001}]
[]
[]
[]
[null,"INSUMO","SEINFRA",{"$f":"D772","v":"I5326"},{"$f":"E772","v":"REGISTRO VOLANTE E FLANGE DN 75 PN16"},null,null,null,{"$f":"F772","v":"UN"},null,{"$f":"I777","v":688.15},878.87]
[]
[null,null,null,"COD.","DESCRIÇÃO","UN.","COEF.","PREÇO","TOTAL"]
[null,null,null,"MATERIAIS"]
[null,null,null,"I5326","REGISTRO VOLANTE E FLANGE DN 75 PN16","UN",1,{"$f":"SUMIF(Insumos!B:B,D772,Insumos!G:G)","v":688.15},{"$f":"(G772*H772)","v":688.15}]
[{"$nulls":7},{"$f":"SUMIF(Insumos!B:B,D773,Insumos!G:G)","v":0},{"$f":"(G773*H773)","v":0}]
[{"$nulls":7},{"$f":"SUMIF(Insumos!B:B,D774,Insumos!G:G)","v":0},{"$f":"(G774*H774)","v":0}]
[null,null,null,"PARCIAL:",{"$nulls":4},{"$f":"SUM(I771:I774)","v":688.15}]
[{"$nulls":7},"Encargos Sociais:"]
[{"$nulls":7},"VALOR UNITÁRIO TOTAL - R$",{"$f":"TRUNC(I775+I776,2)","v":688.15}]
[]
[]
[]
[null,"INSUMO","SEINFRA",{"$f":"D785","v":"I3642"},{"$f":"E785","v":"TE FoFo FF DN 75 x 75 PN10"},null,null,null,{"$f":"F785","v":"UN"},null,{"$f":"I790","v":168.81},215.6]
[]
[null,null,null,"COD.","DESCRIÇÃO","UN.","COEF.","PREÇO","TOTAL"]
[null,null,null,"MATERIAIS"]
[null,null,null,"I3642","TE FoFo FF DN 75 x 75 PN10","UN",1,{"$f":"SUMIF(Insumos!B:B,D785,Insumos!G:G)","v":168.81},{"$f":"(G785*H785)","v":168.81}]
[{"$nulls":7},{"$f":"SUMIF(Insumos!B:B,D786,Insumos!G:G)","v":0},{"$f":"(G786*H786)","v":0}]
[{"$nulls":7},{"$f":"SUMIF(Insumos!B:B,D787,Insumos!G:G)","v":0},{"$f":"(G787*H787)","v":0}]
[null,null,null,"PARCIAL:",{"$nulls":4},{"$f":"SUM(I784:I787)","v":168.81}]
[{"$nulls":7},"Encargos Sociais:"]
[{"$nulls":7},"VALOR UNITÁRIO TOTAL - R$",{"$f":"TRUNC(I788+I789,2)","v":168.81}]
[]
[]
[]
[null,"INSUMO","SEINFRA",{"$f":"D798","v":"I3891"},{"$f":"E798","v":"JUNTA GIBAULT DN 75"},null,null,null,{"$f":"F798","v":"UN"},null,{"$f":"I803","v":106.01},135.4]
[]
[null,null,null,"COD.","DESCRIÇÃO","UN.","COEF.","PREÇO","TOTAL"]
[null,null,null,"MATERIAIS"]
[null,null,null,"I3891","JUNTA GIBAULT DN 75","UN",1,{"$f":"SUMIF(Insumos!B:B,D798,Insumos!G:G)","v":106.01},{"$f":"(G798*H798)","v":106.01}]
[{"$nulls":7},{"$f":"SUMIF(Insumos!B:B,D799,Insumos!G:G)","v":0},{"$f":"(G799*H799)","v":0}]
[{"$nulls":7},{"$f":"SUMIF(Insumos!B:B,D800,Insumos!G:G)","v":0},{"$f":"(G800*H800)","v":0}]
[null,null,null,"PARCIAL:",{"$nulls":4},{"$f":"SUM(I797:I800)","v":106.01}]
[{"$nulls":7},"Encargos Sociais:"]
[{"$nulls":7},"VALOR UNITÁRIO TOTAL - R$",{"$f":"TRUNC(I801+I802,2)","v":106.01}]
[]
[]
[]
[null,"INSUMO","SEINFRA",{"$f":"D811","v":"I4474"},{"$f":"E811","v":"TUBO FoFo C/ FLANGES DN 150 PN10 - L=3500"},null,null,null,{"$f":"F811","v":"UN"},null,{"$f":"I816","v":1469.41},1876.65]
[]
[null,null,null,"COD.","DESCRIÇÃO","UN.","COEF.","PREÇO","TOTAL"]
[null,null,null,"MATERIAIS"]
[null,null,null,"I4474","TUBO FoFo C/ FLANGES DN 150 PN10 - L=3500","UN",1,{"$f":"SUMIF(Insumos!B:B,D811,Insumos!G:G)","v":1469.41},{"$f":"(G811*H811)","v":1469.41}]
[{"$nulls":7},{"$f":"SUMIF(Insumos!B:B,D812,Insumos!G:G)","v":0},{"$f":"(G812*H812)","v":0}]
[{"$nulls":7},{"$f":"SUMIF(Insumos!B:B,D813,Insumos!G:G)","v":0},{"$f":"(G813*H813)","v":0}]
[null,null,null,"PARCIAL:",{"$nulls":4},{"$f":"SUM(I810:I813)","v":1469.41}]
[{"$nulls":7},"Encargos Sociais:"]
[{"$nulls":7},"VALOR UNITÁRIO TOTAL - R$",{"$f":"TRUNC(I814+I815,2)","v":1469.41}]
[]
[]
[]
[null,"INSUMO","SEINFRA",{"$f":"D824","v":"I2163"},{"$f":"E824","v":"TUBO AÇO GALVANIZADO DE 100MM (4')"},null,null,null,{"$f":"F824","v":"M"},null,{"$f":"I829","v":60.6},77.400000000000006]
[]
[null,null,null,"COD.","DESCRIÇÃO","UN.","COEF.","PREÇO","TOTAL"]
[null,null,null,"MATERIAIS"]
[null,null,null,"I2163","TUBO AÇO GALVANIZADO DE 100MM (4')","M",1,{"$f":"SUMIF(Insumos!B:B,D824,Insumos!G:G)","v":60.6},{"$f":"(G824*H824)","v":60.6}]
[{"$nulls":7},{"$f":"SUMIF(Insumos!B:B,D825,Insumos!G:G)","v":0},{"$f":"(G825*H825)","v":0}]
[{"$nulls":7},{"$f":"SUMIF(Insumos!B:B,D826,Insumos!G:G)","v":0},{"$f":"(G826*H826)","v":0}]
[null,null,null,"PARCIAL:",{"$nulls":4},{"$f":"SUM(I823:I826)","v":60.6}]
[{"$nulls":7},"Encargos Sociais:"]
[{"$nulls":7},"VALOR UNITÁRIO TOTAL - R$",{"$f":"TRUNC(I827+I828,2)","v":60.6}]
[]
[]
[]
[null,"INSUMO","SEINFRA",{"$f":"D837","v":"I1951"},{"$f":"E837","v":"TE AÇO GALVANIZADO DE 3'"},null,null,null,{"$f":"F837","v":"UN"},null,{"$f":"I842","v":51.95},66.349999999999994]
[]
[null,null,null,"COD.","DESCRIÇÃO","UN.","COEF.","PREÇO","TOTAL"]
[null,null,null,"MATERIAIS"]
[null,null,null,"I1951","TE AÇO GALVANIZADO DE 3'","UN",1,{"$f":"SUMIF(Insumos!B:B,D837,Insumos!G:G)","v":51.95},{"$f":"(G837*H837)","v":51.95}]
[{"$nulls":7},{"$f":"SUMIF(Insumos!B:B,D838,Insumos!G:G)","v":0},{"$f":"(G838*H838)","v":0}]
[{"$nulls":7},{"$f":"SUMIF(Insumos!B:B,D839,Insumos!G:G)","v":0},{"$f":"(G839*H839)","v":0}]
[null,null,null,"PARCIAL:",{"$nulls":4},{"$f":"SUM(I836:I839)","v":51.95}]
[{"$nulls":7},"Encargos Sociais:"]
[{"$nulls":7},"VALOR UNITÁRIO TOTAL - R$",{"$f":"TRUNC(I840+I841,2)","v":51.95}]
[]
[]
[]
[null,"INSUMO","SEINFRA",{"$f":"D850","v":"I1954"},{"$f":"E850","v":"TE AÇO GALVANIZADO DE 4'"},null,null,null,{"$f":"F850","v":"UN"},null,{"$f":"I855","v":101.55},129.69999999999999]
[]
[null,null,null,"COD.","DESCRIÇÃO","UN.","COEF.","PREÇO","TOTAL"]
[null,null,null,"MATERIAIS"]
[null,null,null,"I1954","TE AÇO GALVANIZADO DE 4'","UN",1,{"$f":"SUMIF(Insumos!B:B,D850,Insumos!G:G)","v":101.55},{"$f":"(G850*H850)","v":101.55}]
[{"$nulls":7},{"$f":"SUMIF(Insumos!B:B,D851,Insumos!G:G)","v":0},{"$f":"(G851*H851)","v":0}]
[{"$nulls":7},{"$f":"SUMIF(Insumos!B:B,D852,Insumos!G:G)","v":0},{"$f":"(G852*H852)","v":0}]
[null,null,null,"PARCIAL:",{"$nulls":4},{"$f":"SUM(I849:I852)","v":101.55}]
[{"$nulls":7},"Encargos Sociais:"]
[{"$nulls":7},"VALOR UNITÁRIO TOTAL - R$",{"$f":"TRUNC(I853+I854,2)","v":101.55}]
[]
[]
[]
[null,"INSUMO","SEINFRA",{"$f":"D863","v":"I8666"},{"$f":"E863","v":"HIDRÔMETRO TIPO WOLTMANN HORIZONTAL Qn=40m³/h, Dn 80mm - COMPLETO"},null,null,null,{"$f":"F863","v":"UN"},null,{"$f":"I868","v":2145.42},2740]
[]
[null,null,null,"COD.","DESCRIÇÃO","UN.","COEF.","PREÇO","TOTAL"]
[null,null,null,"MATERIAIS"]
[null,null,null,"I8666","HIDRÔMETRO TIPO WOLTMANN HORIZONTAL Qn=40m³/h, Dn 80mm - COMPLETO","UN",1,{"$f":"SUMIF(Insumos!B:B,D863,Insumos!G:G)","v":2145.42},{"$f":"(G863*H863)","v":2145.42}]
[{"$nulls":7},{"$f":"SUMIF(Insumos!B:B,D864,Insumos!G:G)","v":0},{"$f":"(G864*H864)","v":0}]
[{"$nulls":7},{"$f":"SUMIF(Insumos!B:B,D865,Insumos!G:G)","v":0},{"$f":"(G865*H865)","v":0}]
[null,null,null,"PARCIAL:",{"$nulls":4},{"$f":"SUM(I862:I865)","v":2145.42}]
[{"$nulls":7},"Encargos Sociais:"]
[{"$nulls":7},"VALOR UNITÁRIO TOTAL - R$",{"$f":"TRUNC(I866+I867,2)","v":2145.42}]

{"sheet":"Insumos","index":9,"n_rows":818,"n_cols":7,"rows_kept":818,"cut":false,"hidden":false,"merged":[]}
[]
[]
[null,"PRECOS DE INSUMOS (SINAPI, CODEVASF, SEINFRA E ORSE)"]
[null,""]
[]
[]
[null,"MATERIAL/ SERVIÇOS/ EQUIPAMENTOS",null,null,null,"DESCONTO (INSUMOS)",0.217]
[null,""]
[null,"CODIGO  ","DESCRICAO DO INSUMO",null,"UNIDADE","PRECO TABELA","  PRECO COM DESCONTO"]
[]
[null,10,"BALDE PLASTICO CAPACIDADE *10* L",null,"UN",8.5299999999999994,{"$f":"F11*(1-$G$7)","v":6.68}]
[null,13,"ESTOPA",null,"KG",12.85,{"$f":"F12*(1-$G$7)","v":10.06}]
[null,29,"ACO CA-50, 20,0 MM, VERGALHAO",null,"KG",3.78,2.96]
[null,"39","ACO CA-60, 5,0 MM, VERGALHAO",null,"KG","4,07",3.19]
[null,50,"ADAPTADOR, PVC PBA, A BOLSA DEFOFO, JE, DN 75 / DE  85 MM",null,"UN",26.45,20.71]
[null,51,"ADAPTADOR, PVC PBA, A BOLSA DEFOFO, JE, DN 100 / DE 110 MM",null,"UN",41.76,{"$f":"F16*(1-$G$7)-0.01","v":32.69}]
[null,81,"AÇO CA-50 6,3 A 12,5 MM",null,"KG",4.26,3.34]
[null,82,"AÇO CA-60 4,2 A 9,5 MM",null,"KG",4.22,3.3]
[null,95,"ADAPTADOR PVC SOLDAVEL, COM FLANGE E ANEL DE VEDACAO, 20 MMX 1/2\", PARA CAIXA D'AGUA",null,"UN",7.59,5.94]
[null,96,"ADAPTADOR PVC SOLDAVEL, COM FLANGE E ANEL DE VEDACAO, 25 MMX 3/4\", PARA CAIXA D'AGUA",null,"UN",9.83,7.7]
[null,98,"ADAPTADOR PVC SOLDAVEL, COM FLANGE E ANEL DE VEDACAO, 40 MMX 1 1/4\", PARA CAIXA D'AGUA",null,"UN",20.07,15.71]
[null,107,"ADAPTADOR PVC SOLDAVEL CURTO COM BOLSA E ROSCA, 20 MM X 1/2\", PARA AGUA FRIA",null,"UN",0.8,{"$f":"F22*(1-$G$7)-0.01","v":0.62}]
[null,113,"ADAPTADOR PVC SOLDAVEL CURTO COM BOLSA E ROSCA, 60 MM X 2\", PARA AGUA FRIA",null,"UN",10.06,{"$f":"F23*(1-$G$7)-0.01","v":7.87}]
[null,127,"ADITIVO IMPERMEABILIZANTE DE PEGA ULTRARRAPIDA",null,"L",11.48,8.99]
[null,138,"ADESIVO PVC EM FRASCO DE 850 GRAMAS",null,"KG",53.13,41.6]
[null,"142","SELANTE ELASTICO MONOCOMPONENTE A BASE DE POLIURETANO PARA JUNTAS DIVERSAS",null,"310ML","37,79",29.59]
[null,158,"ALMOÇO (PARTICIPAÇÃO DO EMPREGADOR)",null,"UN",10,7.83]
[null,160,"ALUGUEL DE ANDAIME METÁLICO TUBULAR SIMPLES - ALUGUEL DIÁRIO POR PEÇA",null,"PXD",0.17,0.13]
[null,207,"ARRUELA DE ALUMÍNIO P/ELETRODUTO D= 3/4\"",null,"UN",0.3,0.23]
[null,209,"ARRUELA DE ALUMÍNIO P/ELETRODUTO D=1 1/ 4\"",null,"UN",0.6,0.47]
[null,235,"CERAMICA TIPO AZULEJO BRANCO 15X15 CM, TIPO \"A\"",null,"M2",16.899999999999999,13.23]
[null,257,"BARRA CHATA DE FERRO 1 1/2\" X 1/4\" (1,90 KG/M)",null,"M",9.6199999999999992,7.53]
[null,261,"BARRA QUADRADA DE FERRO 1/2\" (1,27 KG/M)",null,"M",6.81,5.33]
[null,311,"ANEL BORRACHA, PARA TUBO PVC DEFOFO, DN 100 MM (NBR 7665)",null,"UN",5.52,4.32]
[null,314,"BUCHA ALUMINIO P/ELETRODUTO D=1 1/ 4\"",null,"UN",0.6,0.47]
[null,315,"BUCHA ALUMÍNIO P/ELETRODUTO D=4\" (100MM)",null,"UN",4.42,3.46]
[null,318,"ANEL BORRACHA, PARA TUBO PVC DEFOFO, DN 150 MM (NBR 7665)",null,"UN",9.68,{"$f":"F37*(1-$G$7)-0.01","v":7.57}]
[null,319,"ANEL BORRACHA, PARA TUBO PVC DEFOFO, DN 200 MM (NBR 7665)",null,"UN",18.28,14.31]
[null,333,"ARAME GALVANIZADO 14 BWG, D = 2,11 MM (0,026 KG/M)",null,"KG",12.5,9.7899999999999991]
[null,"337","ARAME RECOZIDO 18 BWG, 1,25 MM (0,01 KG/M)",null,"KG","9,41",7.37]
[null,"340","ARAME FARPADO GALVANIZADO, 16 BWG (1,65 MM), CLASSE 250",null,"M","0,76",0.6]
[null,"345","ARAME GALVANIZADO 18 BWG, 1,24MM (0,009 KG/M)",null,"KG","14,54",11.38]
[null,"367","AREIA GROSSA - POSTO JAZIDA/FORNECEDOR (RETIRADO NA JAZIDA, SEM TRANSPORTE)",null,"M3","62,50",48.94]
[null,"370","AREIA MEDIA - POSTO JAZIDA/FORNECEDOR (RETIRADO NA JAZIDA, SEM TRANSPORTE)",null,"M3","50,00",39.15]
[null,371,"ARGAMASSA INDUSTRIALIZADA MULTIUSO, PARA REVESTIMENTO INTERNO E EXTERNO E ASSENTAMENTO DE BLOCOS DIVERSOS",null,"KG",0.38,0.3]
[null,377,"ASSENTO SANITARIO DE PLASTICO, TIPO CONVENCIONAL",null,"UN",21.9,17.149999999999999]
[null,392,"ABRACADEIRA EM ACO PARA AMARRACAO DE ELETRODUTOS, TIPO D, COM 1/2\" E PARAFUSO DE FIXACAO",null,"UN",0.63,0.49]
[null,398,"CABO DE ALUMÍNIO NU ASC, SEM ALMA DE AÇO, 7X1 FIOS - 2/0 AWG",null,"KG",23.4,18.32]
[null,414,"CABO COBRE RÍGIDO, ISOLADO, 16MM2 - 450/750V / 70º",null,"M",8.02,6.28]
[null,435,"CAIXA DE MEDICAO MONOFÁSICA, EM NORIL (POLICARBONATO)",null,"UN",13.3,10.41]
[null,436,"CAIXA DE MEDICAO BI OU TRIFÁSICA, EM NORIL (POLICARBONATO)",null,"UN",66,51.68]
[null,451,"CAIXA DE PVC 4\" X  2\" , EMBUTIR, P/ELETRODUTO (PRETA)",null,"UN",1.26,{"$f":"F52*(1-$G$7)-0.01","v":0.98}]
[null,485,"CAIXA DE PASSAGEM 30X30CM, EM CHAPA DE AÇO GALVANIZADO P/ELETRICA",null,"UN",36,{"$f":"F53*(1-$G$7)-0.01","v":28.18}]
[null,"546","BARRA DE FERRO RETANGULAR, BARRA CHATA (QUALQUER DIMENSAO)",null,"KG","5,10",3.99]
[null,"567","CANTONEIRA FERRO GALVANIZADO DE ABAS IGUAIS, 1\" X 1/8\" (L X E) , 1,20KG/M",null,"M","6,72",5.26]
[null,630,"COMPENSADO RESINADO 12MM - MADEIRIT OU SIMILAR",null,"M2",25.04,19.61]
[null,634,"CONCRETO USINADO BOMBEAVEL B0-B1 FCK=15MPA",null,"M3",225.14,176.28]
[null,650,"BLOCO VEDACAO CONCRETO 9 X 19 X 39 CM (CLASSE C - NBR 6136)",null,"UN",1.65,1.29]
[null,"654","BLOCO VEDACAO CONCRETO 19 X 19 X 39 CM (CLASSE C - NBR 6136)",null,"UN","2,35",1.84]
[null,"660","CANALETA CONCRETO 19 X 19 X 19 CM (CLASSE C - NBR 6136)",null,"UN","1,75",1.37]
[null,663,"CONECTOR P/ HASTE DE ATERRAMENTO 3/4\"",null,"UN",3,2.35]
[null,664,"CONECTOR P/ HASTE DE ATERRAMENTO 5/8\"",null,"UN",1.5,1.17]
[null,668,"FIXAÇÃO PARA TANQUE, DECA FT11 OU SIMILAR",null,"CJ",42.9,33.590000000000003]
[null,736,"BOMBA CENTRIFUGA  MOTOR ELETRICO TRIFASICO 2,96HP, DIAMETRO DE SUCCAO X ELEVACAO 1 1/2\" X 1 1/4\", DIAMETRO DO ROTOR 148 MM, HM/Q: 34 M / 14,80 M3/H A 40 M / 8,60 M3/H",null,"UN",1239.57,970.58]
[null,738,"BOMBA CENTRIFUGA MOTOR ELETRICO TRIFASICO 5HP, DIAMETRO DE SUCCAO X ELEVACAO 2\" X 1 1/2\", DIAMETRO DO ROTOR 155 MM, HM/Q: 40 M / 20,40 M3/H A 46 M / 9,20 M3/H",null,"UN",2154.87,1687.26]
[null,740,"BOMBA CENTRIFUGA MOTOR ELETRICO TRIFASICO 9,86 DIAMETRO DE SUCCAO X ELEVACAO 1\" X 1\", 4 ESTAGIOS, DIAMETRO DOS ROTORES 4 X 146 MM, HM/Q: 85 M / 14,9 M3/H A 140 M / 4,2 M3/H",null,"UN",4371.79,3423.11]
[null,857,"CABO DE COBRE NU 16 MM2 MEIO-DURO",null,"M",6.14,4.8099999999999996]
[null,862,"CABO DE COBRE NU 10 MM2 MEIO-DURO",null,"M",3.85,3.01]
[null,865,"ELETRODUTO CONDULETE PVC RÍGIDO, D= 1/2\"",null,"M",4.63,3.63]
[null,866,"ELETRODUTO CONDULETE PVC RÍGIDO, D= 3/4\"",null,"M",5.63,4.41]
[null,868,"CABO DE COBRE NU 25 MM2 MEIO-DURO",null,"M",9.48,7.42]
[null,940,"FIO DE COBRE, SOLIDO, CLASSE 1, ISOLACAO EM PVC/A, ANTICHAMA BWF-B, 450/750V, SECAO NOMINAL 6 MM2",null,"M",2.5,1.96]
[null,941,"FARDAMENTO",null,"UN",68.45,53.6]
[null,965,"FIO DE COBRE NU TIPO CORDOALHA PARA ATERRAMENTO - 10MM2",null,"M",3.8,2.98]
[null,980,"FITA VEDACAO TEFLON LARG= 1/2\"",null,"M",0.12,0.09]
[null,981,"FITA VEDA ROSCA 18MM",null,"M",0.19,{"$f":"F76*(1-$G$7)","v":0.15}]
[null,992,"FLANGE FERRO GALVANIZADO D=3 \"",null,"UN",73.72,57.72]
[null,993,"FLANGE FERRO GALVANIZADO D=4 \"",null,"UN",108.98,85.33]
[null,1014,"CABO DE COBRE, FLEXIVEL, CLASSE 4 OU 5, ISOLACAO EM PVC/A, ANTICHAMA BWF-B, 1 CONDUTOR, 450/750 V, SECAO NOMINAL 2,5 MM2 (FASE - VERMELHO)",null,"M",0.57999999999999996,0.45]
[null,1021,"CABO DE COBRE, FLEXIVEL, CLASSE 4 OU 5, ISOLACAO EM PVC/A, ANTICHAMA BWF-B, COBERTURA PVC-ST1, ANTICHAMA BWF-B, 1 CONDUTOR, 0,6/1 KV, SECAO NOMINAL 4 MM2 (FASE - VERMELHO)",null,"M",3.25,2.54]
[null,1045,"EXPLOSIVO GELATINOSO DINAMITE 40% (COMPRIMENTO = 8\" / DIÂMETRO DA SEÇÃO = 1\")",null,"KG",9.11,7.13]
[null,1094,"HASTE COBREADA COPPERWELD P/ ATERRAMENTO 254 MICR D= 3/4\" X 3,00 M C/CONECTOR",null,"UN",49.5,{"$f":"F82*(1-$G$7)-0.01","v":38.75}]
[null,1096,"HASTE COBREADA COPPERWELD P/ATERRAMENTO D= 5/8\" X 2,40M, EXCLUSO CONECTOR",null,"UN",22.7,17.77]
[null,1098,"HASTE ZINCADA D = 125MM (AQUAPLUV OU SIMILAR)",null,"UN",9.7200000000000006,7.61]
[null,"1106","CAL HIDRATADA CH-I PARA ARGAMASSAS",null,"KG","0,80",0.63]
[null,1113,"IMPERMEABILIZANTE PARA CONCRETOS E ARGAMASSAS VEDACIT OU SIMILAR",null,"KG",5.09,3.99]
[null,1117,"INTERRUPTOR EMBUTIR 01 SEÇÃO SIMPLES COM PLACA",null,"UN",3.4,2.66]
[null,1194,"JOELHO 90° FERRO GALVANIZADO D=2 \"",null,"UN",27.57,{"$f":"F88*(1-$G$7)-0.01","v":21.58}]
[null,1206,"CAP, PVC PBA, JE, DN 50 / DE 60 MM,  PARA REDE DE AGUA (NBR 10351)",null,"UN",5.86,{"$f":"F89*(1-$G$7)-0.01","v":4.58}]
[null,1332,"LÍQUIDO SELADOR ACRÍLICO",null,"L",6.19,4.8499999999999996]
[null,1346,"CHAPA DE MADEIRA COMPENSADA PLASTIFICADA PARA FORMA DE CONCRETO, DE 2,20 X 1,10 M, E = 10 MM",null,"M2",28.26,22.13]
[null,"1351","CHAPA DE MADEIRA COMPENSADA RESINADA PARA FORMA DE CONCRETO, DE *2,2 X 1,1* M, E = 6 MM",null,"UN","27,93",21.87]
[null,"1379","CIMENTO PORTLAND COMPOSTO CP II-32",null,"KG","0,44",0.34]
[null,1412,"COLAR TOMADA PVC, COM TRAVAS, SAIDA COM ROSCA, DE 85 MM X 1/2\" OU 85 MM X 3/4\", PARA LIGACAO PREDIAL DE AGUA",null,"UN",15.54,{"$f":"F94*(1-$G$7)-0.01","v":12.16}]
[null,"1413","COLAR TOMADA PVC, COM TRAVAS, SAIDA COM ROSCA, DE 75 MM X 1/2\" OU 75 MM X 3/4\", PARA LIGACAO PREDIAL DE AGUA",null,"UN","14,98",11.73]
[null,1414,"COLAR TOMADA PVC, COM TRAVAS, SAIDA COM ROSCA, DE 60 MM X 1/2\" OU 60 MM X 3/4\", PARA LIGACAO PREDIAL DE AGUA",null,"UN",12.38,9.69]
[null,"1419","COLAR TOMADA PVC, COM TRAVAS, SAIDA COM ROSCA, DE 50 MM X 1/2\" OU 50 MM X 3/4\", PARA LIGACAO PREDIAL DE AGUA",null,"UN","11,03",8.64]
[null,1427,"COLAR TOMADA PVC, COM TRAVAS, SAIDA COM ROSCA, DE 110 MM X 1/2\" OU 110 MM X 3/4\", PARA LIGACAO PREDIAL DE AGUA",null,"UN",18.59,14.56]
[null,1569,"MADEIRA MISTA SERRADA (BARROTE) 6 X 6CM - 0,0036 M3/M (ANGELIM, LOURO)",null,"M",5.87,4.5999999999999996]
[null,1571,"TERMINAL A COMPRESSAO EM COBRE ESTANHADO PARA CABO 4 MM2, 1 FURO E 1 COMPRESSAO, PARA PARAFUSO DE FIXACAO M5",null,"UN",0.87,0.68]
[null,1573,"TERMINAL A COMPRESSAO EM COBRE ESTANHADO PARA CABO 6 MM2, 1FURO E 1 COMPRESSAO, PARA PARAFUSO DE FIXACAO M6",null,"UN",0.68,0.53]
[null,1574,"TERMINAL A COMPRESSAO EM COBRE ESTANHADO PARA CABO 10 MM2, 1 FURO E 1 COMPRESSAO, PARA PARAFUSO DE FIXACAO M6",null,"UN",1.1299999999999999,0.88]
[null,1575,"TERMINAL A COMPRESSAO EM COBRE ESTANHADO PARA CABO 16 MM2, 1 FURO E 1 COMPRESSAO, PARA PARAFUSO DE FIXACAO M6",null,"UN",0.87,0.68]
[null,1582,"MANGUEIRA TRANÇADA DE ALTA PRESSÃO SPT 250P Ø = 3/4\"",null,"M",4.59,3.59]
[null,1651,"ÓCULOS BRANCO PROTEÇÃO",null,"PR",5.5,4.3099999999999996]
[null,1689,"PARAFUSO DE FIXAÇÃO COM BUCHA PLÁSTICA 8 MM",null,"CJ",0.71,0.56000000000000005]
[null,1703,"PASTA LUBRIFICANTE P/ PVC JE",null,"KG",16.53,12.94]
[null,1725,"CRUZETA PVC PBA, JE, BBBB, DN 50 / DE 60 MM",null,"UN",18.39,{"$f":"F108*(1-$G$7)-0.01","v":14.39}]
[null,1727,"CRUZETA DE REDUCAO PVC PBA, JE, BBBB, DN 75 X 50 / DE 85 X 60 MM",null,"UN",63.75,{"$f":"F109*(1-$G$7)-0.01","v":49.91}]
[null,1735,"PERFIL AÇO, U DOBRADO DE CHAPA - UDC SIMPLES - 75 X 38 X 2,65 MM (3,01 KG/M)",null,"M",19.489999999999998,15.26]
[null,1736,"PLACA RETANGULAR PADRÃO DNER 2,00 X 1,00 M",null,"UN",1052.5899999999999,824.18]
[null,1780,"CURVA 45 GRAUS DE FERRO GALVANIZADO, COM ROSCA BSP FEMEA, DE 4\"",null,"UN",331.65,259.68]
[null,1792,"CURVA 90 GRAUS DE FERRO GALVANIZADO, COM ROSCA BSP FEMEA, DE 3\"",null,"UN",171.11,{"$f":"F113*(1-$G$7)-0.01","v":133.97}]
[null,1793,"CURVA 90 GRAUS DE FERRO GALVANIZADO, COM ROSCA BSP FEMEA, DE 4\"",null,"UN",345.75,270.72000000000003]
[null,1823,"CURVA PVC PBA, JE, PB, 22 GRAUS, DN 75 / DE 85 MM, PARA REDE AGUA (NBR 10351)",null,"UN",28.39,{"$f":"F115*(1-$G$7)-0.01","v":22.22}]
[null,1824,"CURVA PVC PBA, JE, PB, 90 GRAUS, DN 75 / DE 85 MM, PARA REDE AGUA (NBR 10351)",null,"UN",32.29,25.28]
[null,1825,"CURVA PVC PBA, JE, PB, 45 GRAUS, DN 75 / DE 85 MM, PARA REDE AGUA (NBR 10351)",null,"UN",25.29,19.8]
[null,1831,"CURVA PVC PBA, JE, PB, 45 GRAUS, DN 50 / DE 60 MM, PARA REDE AGUA (NBR 10351)",null,"UN",12.63,{"$f":"F118*(1-$G$7)-0.01","v":9.8800000000000008}]
[null,1835,"CURVA PVC PBA, JE, PB, 22 GRAUS, DN 50 / DE 60 MM, PARA REDE AGUA (NBR 10351)",null,"UN",12.16,9.52]
[null,1845,"CURVA PVC PBA, JE, PB, 90 GRAUS, DN 50 / DE 60 MM, PARA REDE AGUA (NBR 10351)",null,"UN",11.52,9.02]
[null,1870,"CURVA 90 GRAUS, LONGA, DE PVC RIGIDO ROSCAVEL, DE 1/2\", PARA ELETRODUTO",null,"UN",1.45,1.1399999999999999]
[null,1879,"CURVA 90 GRAUS, LONGA, DE PVC RIGIDO ROSCAVEL, DE 3/4\", PARA ELETRODUTO",null,"UN",1.47,1.1499999999999999]
[null,1884,"CURVA 90 GRAUS, LONGA, DE PVC RIGIDO ROSCAVEL, DE 1\", PARA ELETRODUTO",null,"UN",2.2200000000000002,1.74]
[null,1891,"LUVA EM PVC RIGIDO ROSCAVEL, DE 3/4\", PARA ELETRODUTO",null,"UN",0.63,0.49]
[null,1892,"LUVA EM PVC RIGIDO ROSCAVEL, DE 1\", PARA ELETRODUTO",null,"UN",0.89,0.7]
[null,1951,"REGISTRO GAVETA BRUTO, C/ VOLANTE, D =  25MM (1\")",null,"UN",46.8,36.64]
[null,1954,"REGISTRO GAVETA BRUTO, C/ VOLANTE, D =  50MM (2\")",null,"UN",91.48,{"$f":"F127*(1-$G$7)-0.01","v":71.62}]
[null,1956,"CURVA DE PVC 90 GRAUS, SOLDAVEL, 25 MM, PARA AGUA FRIA PREDIAL (NBR 5648)",null,"UN",2.38,1.86]
[null,1975,"RIPA MASSARANDUBA SERRADA 5CM X 1,5CM",null,"M",2.78,2.1800000000000002]
[null,2012,"SIFAO COM VALVULA PARA TANQUE LAVAR, 1 1/4\" X 40, AKROS Nº. 8 OU SIMILAR",null,"UN",8.7799999999999994,6.87]
[null,2036,"SOLUCAO LIMPADORA PVC",null,"L",39.22,30.71]
[null,2109,"TE 90° PVC RIGIDO SOLDAVEL, MARROM,  D=  20MM",null,"UN",0.72,0.56000000000000005]
[null,2114,"TE 90° PVC RIGIDO SOLDAVEL, MARROM,  D=  60MM",null,"UN",20.87,16.34]
[null,2212,"TIJOLO MACIÇO 4 X 9 X 17CM",null,"UN",0.24,0.19]
[null,2226,"TINTA ESMALTE SINTÉTICO (CORALIT OU SIMILAR)",null,"L",24.24,18.98]
[null,2260,"TORNEIRA PLASTICA PARA JARDINS 1/2\", HERC 1128 OU SIMILAR",null,"UN",1.97,1.54]
[null,2324,"TUBO PEAD FLEXIVEL CORRUGADO PERFURADO D=8\" (KANANET OU SIMILAR)",null,"M",126.73,99.23]
[null,2378,"VALE TRANSPORTE",null,"UN",3.5,2.74]
[null,2442,"PERFIL AÇO LAMINADO, U 152,4 X 48,80 MM (12,20 KG/M) ASTM A36",null,"KG",4.4800000000000004,{"$f":"F139*(1-$G$7)-0.01","v":3.5}]
[null,2443,"ZARCÃO ANTICORROSIVO",null,"L",30.18,{"$f":"F140*(1-$G$7)","v":23.63}]
[null,2446,"ELETRODUTO/DUTO PEAD FLEXIVEL PAREDE SIMPLES, CORRUGACAO HELICOIDAL, COR PRETA, SEM ROSCA, DE 2\",  PARA CABEAMENTO SUBTERRANEO (NBR 15715)",null,"M",3.84,3.01]
[null,2449,"ALUGUEL DE BOMBA DE DRENAGEM - \"DARKA\" - DIAMETRO 4\" - ,POTÊNCIA = 5 CV",null,"H",2.64,2.0699999999999998]
[null,2450,"CAMINHÃO BASC. 15,0T/10,0M3 ( M. BENZ LK 1418 -170,0KW OU EQUIVALENTE)",null,"H",140.31,109.86]
[null,2455,"ALUGUEL DE CAMINHÃO GUINDAUTO 3,0 T ( M. BENZ - 1215 C/48- 143,0 HP",null,"H",97.59,76.41]
[null,2459,"CAMINHAO TANQUE 6000 L (M. BENZ - ATEGO 1418/42 - 136,0 HP OU EQUIVALENTE)",null,"H",63,49.33]
[null,2462,"ALUGUEL DE COMPACTADOR PNEUMÁTICO (DYNAPAC - LC 71 GASOLINA - 2,5 HP)",null,"H",2.63,2.06]
[null,2463,"COMPRESSOR 250 PCM (ATLAS COPCO - XA-120DD - 94,0 HP OU EQUIVALENTE)",null,"H",12.15,9.51]
[null,2475,"MOTONIVELADORA 15000 KG COM ESCARIFICADOR (CAT - 140M - 185,0 HP OU EQUIVALENTE)",null,"H",147.44,115.45]
[null,2479,"PERFURATRIZ (ATLAS COPCO -RH 571 5L)",null,"H",2.7,2.11]
[null,2480,"PICK-UP, CAPACIDADE 1,2 T",null,"H",10.54,8.25]
[null,2482,"RETROESCAVADEIRA PNEUS (MASSEY FERGUSON MF - 86 HF OU EQUIVALENTE)",null,"H",74.83,58.59]
[null,2490,"ROMPEDOR 56,0 PCM / 1150 IPM (ATLAS COPCO -TEX 11 OU EQUIVALENTE)",null,"H",3.95,3.09]
[null,2497,"TIRFOR 1,6 T - 20M DE CABO",null,"H",1.32,1.03]
[null,2501,"ELETRODUTO FLEXIVEL, EM ACO GALVANIZADO, REVESTIDO EXTERNAMENTE COM PVC PRETO, DIAMETRO EXTERNO DE 32 MM (1\"), TIPO SEALTUBO",null,"M",16.09,{"$f":"F154*(1-$G$7)-0.01","v":12.59}]
[null,2502,"ELETRODUTO FLEXIVEL, EM ACO GALVANIZADO, REVESTIDO EXTERNAMENTE COM PVC PRETO, DIAMETRO EXTERNO DE 40 MM (1 1/4\"), TIPO SEALTUBO",null,"M",24.28,19.010000000000002]
[null,2504,"ELETRODUTO FLEXIVEL, EM ACO GALVANIZADO, REVESTIDO EXTERNAMENTE COM PVC PRETO, DIAMETRO EXTERNO DE 25 MM (3/4\"), TIPO SEALTUBO",null,"M",12.27,{"$f":"F156*(1-$G$7)-0.01","v":9.6}]
[null,2510,"RELE FOTOELETRICO INTERNO E EXTERNO BIVOLT 1000 W, DE CONECTOR, SEM BASE",null,"UN",16.5,{"$f":"F157*(1-$G$7)-0.01","v":12.91}]
[null,2540,"REJUNTE COLORIDO FLEXIVEL PARA REVESTIMENTOS CERÂMICOS",null,"KG",2.9,2.27]
[null,2622,"BASE FIXA PARA RELÉ FOTO ELÉTRICO",null,"UN",5.7,4.46]
[null,2645,"POSTE DE FERRO GALVANIZADO, 3\" X 6M, COMPLETO, PARA ENTRADA DE ENERGIA",null,"UN",755.54,591.59]
[null,2673,"ELETRODUTO DE PVC RIGIDO ROSCAVEL DE 1/2 \", SEM LUVA",null,"M",2.2799999999999998,1.79]
[null,2674,"ELETRODUTO DE PVC RIGIDO ROSCAVEL DE 3/4 \", SEM LUVA",null,"M",2.84,2.2200000000000002]
[null,2684,"ARGAMASSA INDUSTRIALIZADA VOTOMASSA AC-II, OU SIMILAR",null,"KG",0.86,0.67]
[null,2685,"ELETRODUTO DE PVC RIGIDO ROSCAVEL DE 1 \", SEM LUVA",null,"M",4.53,{"$f":"F164*(1-$G$7)-0.01","v":3.54}]
[null,2692,"DESMOLDANTE PROTETOR PARA FORMAS DE MADEIRA, DE BASE OLEOSAEMULSIONADA EM AGUA",null,"L",6.08,4.76]
[null,2698,"TINTA ESMALTE SINTÉTICO BRILHANTE (SUVINIL OU SIMILAR)",null,"L",24.97,19.55]
[null,2711,"CARRINHO DE MAO DE ACO CAPACIDADE 50 A 60 L, PNEU COM CAMARA",null,"UN",110,86.13]
[null,"2736","MADEIRA ROLICA SEM TRATAMENTO, EUCALIPTO OU EQUIVALENTE DA REGIAO, H = 3 M, D = 20 A 24 CM (PARA ESCORAMENTO)",null,"M","8,47",6.63]
[null,2759,"ESPOLETA SIMPLES N 8.",null,"UN",4.43,3.47]
[null,2762,"ESTOPIM SIMPLES",null,"M",5.53,4.33]
[null,2972,"CABO DE AÇO GALVANIZADO COM ALMA DE FIBRA DN 15 MM (5/8\")",null,"M",15.49,12.13]
[null,3027,"PRIMER A BASE DE ÓXIDO DE FERRO - PHZ 528 - RENNER OU SIMILAR",null,"L",79.489999999999995,62.24]
[null,3052,"APARELHAMENTO DE RIPA DE MADEIRA DE LEI",null,"M",0.2,0.16]
[null,3053,"APARELHAMENTO DE RIPÃO DE MADEIRA DE LEI",null,"M",0.71,0.56000000000000005]
[null,"3081","FECHADURA DE EMBUTIR PARA PORTA EXTERNA / ENTRADA, MAQUINA 55 MM, COM CILINDRO, MACANETA ALAVANCA E ESPELHO EM METAL CROMADO - NIVEL SEGURANCA MEDIO - COMPLETA",null,"CJ","58,87",46.1]
[null,3116,"CANTONEIRA ALUMÍNIO ANODIZADO NATURAL, 1\" X 1/8\" - VARA COM 6M - 0,408 KG/M",null,"M",7.1,5.56]
[null,"3146","FITA VEDA ROSCA EM ROLOS DE 18 MM X 10 M (L X C)",null,"UN","2,37",1.86]
[null,3148,"FITA VEDA ROSCA EM ROLOS DE 18 MM X 50 M (L X C)",null,"UN",8.74,6.84]
[null,3226,"CHAPA AÇO GROSSA PRETA 3/8\"(9,53MM) 74,48 KG/M2",null,"M2",383.58,300.33999999999997]
[null,3291,"CHUMBADOR PARABOLT 1/4\" X 5\"",null,"UN",9.5500000000000007,7.48]
[null,3398,"ISOLADOR DE PORCELANA, TIPO ROLDANA, DIMENSOES DE *72* X *72* MM, PARA USO EM BAIXA TENSAO",null,"UN",4.03,3.16]
[null,3452,"COTOVELO 90 GRAUS DE FERRO GALVANIZADO, COM ROSCA BSP MACHO/FEMEA, DE 2\"",null,"UN",32.299999999999997,25.29]
[null,3465,"TRANSPORTE DE MÁQUINAS E EQUIPAMENTOS POR PRANCHA REBAIXADA (MIN.=100KM)",null,"KM",3,2.35]
[null,3490,"HASTE COBREADA COPPERWELD P/ ATERRAMENTO 254 MICR D= 5/8\" X 2,40 M",null,"UN",29.6,23.18]
[null,3516,"JOELHO PVC, SOLDAVEL, BB, 45 GRAUS, DN 40 MM, PARA ESGOTO PREDIAL",null,"UN",1.97,1.54]
[null,3517,"JOELHO PVC, SOLDAVEL, BB, 90 GRAUS, DN 40 MM, PARA ESGOTO PREDIAL",null,"UN",1.2,0.94]
[null,3518,"JOELHO PVC, SOLDAVEL, PB, 45 GRAUS, DN 50 MM, PARA ESGOTO PREDIAL",null,"UN",2.4,1.88]
[null,3519,"JOELHO PVC, SOLDAVEL, PB, 45 GRAUS, DN 75 MM, PARA ESGOTO PREDIAL",null,"UN",5.51,4.3099999999999996]
[null,3520,"JOELHO PVC, SOLDAVEL, PB, 90 GRAUS, DN 100 MM, PARA ESGOTO PREDIAL",null,"UN",6.17,4.83]
[null,3521,"DOBRADIÇA EM CHAPA DE AÇO CARBONO, ESP 1/8\", FABRICADA ARTESANALMENTE, 4\" X 2 \"",null,"UN",35.75,27.99]
[null,3529,"JOELHO PVC, SOLDAVEL, 90 GRAUS, 25 MM, PARA AGUA FRIA PREDIAL",null,"UN",0.57999999999999996,0.45]
[null,3540,"JOELHO PVC, SOLDAVEL, 90 GRAUS, 50 MM, PARA AGUA FRIA PREDIAL",null,"UN",4.07,{"$f":"F192*(1-$G$7)-0.01","v":3.18}]
[null,3542,"JOELHO PVC, SOLDAVEL, 90 GRAUS, 20 MM, PARA AGUA FRIA PREDIAL",null,"UN",0.39,{"$f":"F193*(1-$G$7)-0.01","v":0.3}]
[null,3543,"JOELHO PVC, ROSCAVEL, 90 GRAUS, 1/2\", PARA AGUA FRIA PREDIAL",null,"UN",1.49,1.17]
[null,3603,"DISJUNTOR MONOPOLAR 70 A, PADRÃO DIN (LINHA BRANCA), CURVA DE DISPARO C, CORRENTE DE INTERRUPÇÃO 5KA, REF.: SIEMENS 5SX1 OU SIMILAR.",null,"UN",14.5,11.35]
[null,3664,"CHAPA AÇO FINA PRETA LISA Nº14, E=2,00MM (16,0 KG/M2)",null,"M2",80.319999999999993,62.89]
[null,"3671","JUNTA PLASTICA DE DILATACAO PARA PISOS, COR CINZA, 17 X 3 MM (ALTURA X ESPESSURA)",null,"M","0,87",0.68]
[null,3698,"DISJUNTOR TRIPOLAR 40 A, PADRÃO DIN ( LINHA BRANCA ), CURVA DE DISPARO C, CORRENTE DE INTERRUPÇÃO 5KA, REF.: SIEMENS 5SX1 OU SIMILAR.",null,"UN",54.6,42.75]
[null,"3743","LAJE PRE-MOLDADA CONVENCIONAL (LAJOTAS + VIGOTAS) PARA PISO, UNIDIRECIONAL, SOBRECARGA DE 200 KG/M2, VAO ATE 3,50 M (SEM COLOCACAO)",null,"M2",{"$f":"30-1.47","v":28.53},22.34]
[null,3767,"LIXA EM FOLHA PARA PAREDE OU MADEIRA, NUMERO 120 (COR VERMELHA)",null,"UN",0.4,0.31]
[null,"3768","LIXA EM FOLHA PARA FERRO, NUMERO 150",null,"UN","1,83",1.43]
[null,3813,"CABO DE COBRE ISOLADO HEPR (XLPE), 16MM², 1KV / 90º C",null,"M",7.5,5.87]
[null,3818,"CABO DE COBRE ISOLADO EPR OU XLPE), 6,0MM², 0,6/1KV / 90º C",null,"M",3.9,3.05]
[null,3825,"LUVA DE CORRER, PVC PBA, JE, DN 50 / DE 60 MM, PARA REDE AGUA (NBR 10351)",null,"UN",8.27,{"$f":"F204*(1-$G$7)-0.01","v":6.47}]
[null,3827,"LUVA DE CORRER, PVC PBA, JE, DN 75 / DE 85 MM, PARA REDE AGUA (NBR 10351)",null,"UN",12,{"$f":"F205*(1-$G$7)-0.01","v":9.39}]
[null,3835,"LUVA DE CORRER PVC, JE, DN 150 MM, PARA REDE COLETORA DE ESGOTO (NBR 10569)",null,"UN",21.54,{"$f":"F206*(1-$G$7)","v":16.87}]
[null,3838,"LUVA DE CORRER DEFOFO, PVC, JE, DN 150 MM",null,"UN",50.59,39.61]
[null,3854,"LUVA DE CORRER PARA TUBO SOLDAVEL, PVC, 20 MM, PARA AGUA FRIA PREDIAL",null,"UN",6.21,4.8600000000000003]
[null,3859,"LUVA SOLDAVEL COM ROSCA, PVC, 20 MM X 1/2\", PARA AGUA FRIA PREDIAL",null,"UN",0.92,0.72]
[null,3860,"LUVA SOLDAVEL COM ROSCA, PVC, 32 MM X 1\", PARA AGUA FRIA PREDIAL",null,"UN",3.39,2.65]
[null,3868,"LUVA DE REDUCAO SOLDAVEL, PVC, 25 MM X 20 MM, PARA AGUA FRIA PREDIAL",null,"UN",0.92,0.72]
[null,3869,"LUVA DE REDUCAO SOLDAVEL, PVC, 32 MM X 25 MM, PARA AGUA FRIA PREDIAL",null,"UN",2.23,1.75]
[null,"3907","LUVA DE REDUCAO ROSCAVEL, PVC, 1\" X 3/4\", PARA AGUA FRIA PREDIAL",null,"UN","2,61",2.04]
[null,3919,"LUVA DE REDUCAO DE FERRO GALVANIZADO, COM ROSCA BSP, DE 1\" X 3/4\"",null,"UN",7.46,5.84]
[null,3925,"CONDULETE TIPO \"T\" DE 1 1/2\" EM ALUMÍNIO FUNDIDO A PROVA DE TEMPO, GASES, VAP ORES E PÓS.",null,"UN",23,{"$f":"F215*(1-$G$7)-0.01","v":18}]
[null,"4012","GEOTEXTIL NAO TECIDO AGULHADO DE FILAMENTOS CONTINUOS 100% POLIESTER, RESITENCIA A TRACAO = 21 KN/M",null,"M2","10,60",8.3000000000000007]
[null,"4059","MEIO-FIO OU GUIA DE CONCRETO, PRE-MOLDADO, COMP 1 M, *30 X 15/ 12* CM (H X L1/L2)",null,"M","18,90",14.8]
[null,"4111","ESCORA PRE-MOLDADA EM CONCRETO, *10 X 10* CM, H = 2,30M",null,"UN","25,50",19.97]
[null,"4114","MOURAO CONCRETO CURVO, SECAO \"T\", H = 2,80 M + CURVA COM 0,45 M, COM FUROS PARA FIOS",null,"UN","32,17",25.19]
[null,4163,"BROCA EM AÇO 400 X 35 MM, SÉRIE 11",null,"UN",398.69,312.17]
[null,4165,"BROCA EM AÇO 800 X 34 MM, SÉRIE 11",null,"UN",417.13,326.61]
[null,4166,"BROCA EM AÇO 1600 X 33 MM, SÉRIE 11",null,"UN",400.26,313.39999999999998]
[null,4167,"BROCA EM AÇO 2400 X 32 MM, SÉRIE 11",null,"UN",622.6,487.5]
[null,4168,"BROCA EM AÇO 3200 X 31 MM, SÉRIE 11",null,"UN",831.12,650.77]
[null,4169,"BROCA EM AÇO 4000 X 30 MM, SÉRIE 11",null,"UN",969.1,758.81]
[null,4170,"BROCA EM AÇO 4800 X 29 MM, SÉRIE 11",null,"UN",999.82,782.86]
[null,4174,"DESEMPENADEIRA DE AÇO LISA, CABO MADEIRA, REF:143, ATLAS OU SIMILAR",null,"UN",8.17,6.4]
[null,4177,"NIPLE DE FERRO GALVANIZADO, COM ROSCA BSP, DE 1/2\"",null,"UN",3.12,2.44]
[null,4181,"NIPLE DE FERRO GALVANIZADO, COM ROSCA BSP, DE 2\"",null,"UN",19.420000000000002,{"$f":"F229*(1-$G$7)-0.01","v":15.2}]
[null,4182,"NIPLE DE FERRO GALVANIZADO, COM ROSCA BSP, DE 3\"",null,"UN",48.37,37.869999999999997]
[null,4183,"NIPLE DE FERRO GALVANIZADO, COM ROSCA BSP, DE 4\"",null,"UN",77.87,60.97]
[null,4209,"NIPLE DE FERRO GALVANIZADO, COM ROSCA BSP, DE 1 1/2\"",null,"UN",12.49,{"$f":"F232*(1-$G$7)-0.01","v":9.77}]
[null,4229,"GRAXA LUBRIFICANTE",null,"KG",21.58,16.899999999999999]
[null,4232,"KIT DE ACESSÓRIOS PARA BANHEIRO EM ABS/ALUMÍNIO COM 5 PEÇAS (01 CABIDE, 01 SABONETEIRA, 01 PAPELEIRA, 01 PORTA-TOALHA ROSTO E 01 PORTA-TOALHA BANHO)",null,"UN",32.770000000000003,25.66]
[null,4233,"COMPRESSOR DE AR 60 PCM",null,"H",9.81,7.68]
[null,4287,"PRIMER A BASE DE EPÓXI BICOMPONENTE - REZINC WBS 522 - RENNER OU SIMILAR",null,"L",73.930000000000007,57.89]
[null,4288,"SOLVENTE WBS 494 - RENNER OU DILUENTE NR.951 OU SIMILAR",null,"L",25.58,20.03]
[null,4370,"PERFIL AÇO, CANTONEIRA ABAS IGUAIS - 2 1/2\" X 3/16\" (4,57 KG/M)",null,"KG",3.86,3.02]
[null,4371,"VASO SANITÁRIO COM CAIXA DE DESCARGA ACOPLADA, PADRÃO POPULAR, ELIZABETH OU SIMILAR",null,"UN",139.9,109.54]
[null,4384,"PARAFUSO NIQUELADO COM ACABAMENTO CROMADO PARA FIXAR PECA SANITARIA, INCLUI PORCA CEGA, ARRUELA E BUCHA DE NYLON TAMANHO S-10",null,"UN",11.01,8.6199999999999992]
[null,"4417","SARRAFO DE MADEIRA NAO APARELHADA *2,5 X 7* CM, MACARANDUBA, ANGELIM OU EQUIVALENTE DA REGIAO",null,"M","5,43",4.25]
[null,"4425","VIGA DE MADEIRA NAO APARELHADA 6 X 12 CM, MACARANDUBA, ANGELIM OU EQUIVALENTE DA REGIAO",null,"M","20,00",15.66]
[null,"4430","CAIBRO DE MADEIRA NAO APARELHADA *5 X 6* CM, MACARANDUBA, ANGELIM OU EQUIVALENTE DA REGIAO",null,"M","10,32",8.08]
[null,"4460","SARRAFO DE MADEIRA NAO APARELHADA *2,5 X 10 CM, MACARANDUBA, ANGELIM OU EQUIVALENTE DA REGIAO",null,"M","9,45",7.4]
[null,"4472","VIGA DE MADEIRA NAO APARELHADA *6 X 16* CM, MACARANDUBA, ANGELIM OU EQUIVALENTE DA REGIAO",null,"M","27,22",21.31]
[null,"4491","PECA DE MADEIRA NATIVA / REGIONAL 7,5 X 7,5CM (3X3) NAO APARELHADA (P/FORMA)",null,"M","6,40",5.01]
[null,"4509","PECA DE MADEIRA 3A QUALIDADE 2,5 X 10CM NAO APARELHADA",null,"M","3,28",2.57]
[null,4509,"TABUA DE MADEIRA NAO APARELHADA *2,5 X 10 CM (1 X 4 \") PINUS, MISTA OU EQUIVALENTE DA REGIAO",null,"M",3.42,2.68]
[null,"4517","PECA DE MADEIRA NATIVA/REGIONAL 2,5 X 7,0 CM (SARRAFO-P/FORMA)",null,"M","1,04",0.81]
[null,4537,"TE 90° REDUCAO PVC RIGIDO SOLDAVEL, MARROM,  D=  60 X 25MM",null,"UN",8.11,6.35]
[null,4680,"ESCAVADEIRA HIDRAÚLICA SOBRE ESTEIRA, CATERPILLAR: 320DL - CAP 600L P/ LONGO ALCANCE",null,"H",108.13,84.67]
[null,"4718","PEDRA BRITADA N. 2 (19 A 38 MM) POSTO PEDREIRA/FORNECEDOR, SEM FRETE",null,"M3","55,38",43.36]
[null,4719,"COLHER DE PEDREIRO",null,"UN",11.45,8.9700000000000006]
[null,"4720","PEDRA BRITADA N. 0, OU PEDRISCO (4,8 A 9,5 MM) POSTO PEDREIRA/FORNECEDOR, SEM FRETE",null,"M3","70,71",55.37]
[null,4721,"PEDRA BRITADA N. 1 (9,5 A 19 MM) POSTO PEDREIRA/FORNECEDOR,SEM FRETE",null,"M3",68.5,53.64]
[null,4722,"PEDRA BRITADA N. 3 (38 A 50 MM) POSTO PEDREIRA/FORNECEDOR, SEM FRETE",null,"M3",68.5,53.64]
[null,"4723","PEDRA BRITADA N. 4 (50 A 76 MM) POSTO PEDREIRA/FORNECEDOR, SEM FRETE",null,"M3","60,42",47.31]
[null,4725,"ESPÁTULA",null,"UN",15.2,11.9]
[null,4728,"TALHADEIRA CHATA 10\"",null,"UN",9.4499999999999993,7.4]
[null,4729,"MARRETA 1 KG COM CABO",null,"UN",15.8,12.37]
[null,"4730","PEDRA DE MAO OU PEDRA RACHAO PARA ARRIMO/FUNDACAO (POSTO PEDREIRA/FORNECEDOR, SEM FRETE)",null,"M3","57,90",45.34]
[null,"4741","PO DE PEDRA (POSTO PEDREIRA/FORNECEDOR, SEM FRETE)",null,"M3","52,86",41.39]
[null,"4813","PLACA DE OBRA (PARA CONSTRUCAO CIVIL) EM CHAPA GALVANIZADA *N. 22*, DE *2,0 X 1,125* M",null,"M2","237,50",185.96]
[null,4839,"ABRAÇADEIRA EM FERRO GALVANIZADO DN 100MM",null,"UN",19.5,{"$f":"F264*(1-$G$7)-0.01","v":15.26}]
[null,4840,"ABRAÇADEIRA EM FERRO GALVANIZADO DN 150MM",null,"UN",29.87,{"$f":"F265*(1-$G$7)-0.01","v":23.38}]
[null,4846,"ABRAÇADEIRA EM AÇO INOX DN 150MM",null,"UN",64.23,50.29]
[null,4850,"SIKA TOP 107 - REVESTIMENTO IMPERMEABILIZANTE COR CINZA APLICADO À TRINCHA - BI-COMPONENTE, EMBALAGEM COM (18+4)KG",null,"LT",254.9,{"$f":"F267*(1-$G$7)-0.01","v":199.58}]
[null,4895,"PLUG PVC ROSCAVEL, 1/2\", AGUA FRIA PREDIAL (NBR 5648)",null,"UN",0.55000000000000004,{"$f":"F268*(1-$G$7)","v":0.43}]
[null,4916,"DILUENTE 908 DA SHERWIN WILLIAMS - SUMARÉ OU SIMILAR",null,"L",22.18,17.37]
[null,"4930","PORTA DE ABRIR EM GRADIL COM BARRA CHATA 3 CM X 1/4\", COM REQUADRO E GUARNICAO - COMPLETO - ACABAMENTO NATURAL",null,"M2","495,25",387.78]
[null,4994,"CAMINHÃO BASCULANTE : MERCEDES BENZ : ATEGO 1518/36 - 5 M³ - 8,8 T",null,"H",46.08,36.08]
[null,5021,"ANÁLISE BACTERIOLÓGICA DE ÁGUA",null,"UN",31.69,24.81]
[null,5022,"ANÁLISE FÍSICO-QUÍMICA DE ÁGUA",null,"UN",512.1,400.97]
[null,"5061","PREGO DE ACO POLIDO COM CABECA 18 X 27 (2 1/2 X 10)",null,"KG","10,10",7.91]
[null,5067,"PREGO DE ACO POLIDO COM CABECA 16 X 24 (2 1/4 X 12)",null,"KG",10.84,8.49]
[null,5068,"PREGO DE ACO POLIDO COM CABECA 17 X 21 (2 X 11)",null,"KG",10.17,7.96]
[null,5069,"PREGO DE ACO POLIDO COM CABECA 17 X 27 (2 1/2 X 11)",null,"KG",10.37,8.1199999999999992]
[null,"5075","PREGO DE ACO POLIDO COM CABECA 18 X 30 (2 3/4 X 10)",null,"KG","10,27",8.0399999999999991]
[null,5086,"CORRENTE DE ELO CURTO COMUM, SOLDADA, GALVANIZADA, ESPESSURA DO ELO = 1/2\" (12,5 MM)",null,"KG    ",21.1,16.52]
[null,5151,"ADAPTADOR DE PVC JE A BOLSA DEFOFO JUNTA ELASTICA, D=   75MM",null,"UN",26.45,20.71]
[null,5156,"ADAPTADOR DE PVC JE, BOLSA E ROSCA, PBA, D=   50MM",null,"UN",18.079999999999998,{"$f":"F281*(1-$G$7)-0.01","v":14.15}]
[null,5157,"ADAPTADOR DE PVC JE, BOLSA E ROSCA, PBA, D=   75MM",null,"UN",50.37,{"$f":"F282*(1-$G$7)-0.01","v":39.43}]
[null,5158,"ADAPTADOR DE PVC JE, BOLSA E ROSCA, PBA, D=  100MM",null,"UN",72.03,{"$f":"F283*(1-$G$7)-0.01","v":56.39}]
[null,5161,"ADAPTADOR PEAD 20MM X 1/2\"",null,"UN",2.1800000000000002,1.71]
[null,5172,"ANEL DE BORRACHA P/ TUBO OU CONEXÃO EM FOFO JE, D=   80MM",null,"UN",2.41,{"$f":"F285*(1-$G$7)-0.01","v":1.88}]
[null,5174,"ANEL DE BORRACHA P/ TUBO OU CONEXÃO EM FOFO JE, D=  150MM",null,"UN",13.09,{"$f":"F286*(1-$G$7)-0.01","v":10.24}]
[null,5175,"ANEL DE BORRACHA P/ TUBO OU CONEXÃO EM FOFO JE, D=  200MM",null,"UN",16.43,12.86]
[null,5195,"ARRUELA DE BORRACHA PARA JUNTA C/ FLANGE PN 10, D=   75MM",null,"UN",1.99,{"$f":"F288*(1-$G$7)-0.01","v":1.55}]
[null,5196,"ARRUELA DE BORRACHA PARA JUNTA C/ FLANGE PN 10, D=   80MM",null,"UN",1.95,{"$f":"F289*(1-$G$7)-0.01","v":1.52}]
[null,5197,"ARRUELA DE BORRACHA PARA JUNTA C/ FLANGE PN 10, D=  100MM",null,"UN",1.98,1.55]
[null,5198,"ARRUELA DE BORRACHA PARA JUNTA C/ FLANGE PN 10, D=  150MM",null,"UN",3,{"$f":"F291*(1-$G$7)-0.01","v":2.34}]
[null,5199,"ARRUELA DE BORRACHA PARA JUNTA C/ FLANGE PN 10, D=  200MM",null,"UN",4.2,{"$f":"F292*(1-$G$7)-0.01","v":3.28}]
[null,5234,"CAVALETE PLÁSTICO DESMONTÁVEL",null,"UN",130,101.79]
[null,5240,"COLAR DE TOMADA EM PVC COM TRAVAS E SAÍDA ROSCÁVEL DE = 60MM X 1/2\"",null,"UN",5.42,4.24]
[null,5244,"PARAFUSO E PORCA PARA JUNTA C/ FLANGE D X L = 16 X  80MM",null,"UN",4.55,3.56]
[null,5245,"PARAFUSO E PORCA PARA JUNTA C/ FLANGE D X L = 20 X  90MM",null,"UN",8.91,{"$f":"F296*(1-$G$7)-0.01","v":6.97}]
[null,5307,"CURVA 22º 30' C/ BOLSAS, EM FOFO, JE, D=  100MM",null,"UN",124.15,{"$f":"F297*(1-$G$7)-0.01","v":97.2}]
[null,"5318","SOLVENTE DILUENTE A BASE DE AGUARRAS",null,"L","13,69",10.72]
[null,5330,"DILUENTE EPOXI",null,"L",33.950000000000003,26.58]
[null,5333,"CURVA 45º C/ BOLSAS, EM FOFO, JE, D=  100MM",null,"UN",97,75.95]
[null,5334,"OLEO DE LINHACA",null,"L","20,80",16.29]
[null,5346,"CURVA 45º, EM FOFO, C/ FLANGES PN 10 / 16, D=  150MM",null,"UN",247.25,{"$f":"F302*(1-$G$7)-0.01","v":193.59}]
[null,5359,"CURVA 90º C/ BOLSAS, EM FOFO, JE, D=  100MM",null,"UN",104.34,{"$f":"F303*(1-$G$7)-0.01","v":81.69}]
[null,5386,"CURVA 90º, EM FOFO, C/ FLANGES PN 10 / 16, D=  100MM",null,"UN",156.63999999999999,{"$f":"F304*(1-$G$7)-0.01","v":122.64}]
[null,5387,"CURVA 90º, EM FOFO, C/ FLANGES PN 10 / 16, D=  150MM",null,"UN",255.06,199.71]
[null,5388,"CURVA 90º, EM FOFO, C/ FLANGES PN 10, D=  200MM",null,"UN",339.15,265.55]
[null,5454,"FLANGE AVULSO, EM FOFO, PN 10, D=  200MM",null,"UN",187.9,{"$f":"F307*(1-$G$7)-0.01","v":147.12}]
[null,5460,"FLANGE AVULSO, EM FOFO, PN 25, D=  100MM",null,"UN",93.01,{"$f":"F308*(1-$G$7)-0.01","v":72.819999999999993}]
[null,5461,"FLANGE AVULSO, EM FOFO, PN 25, D=  150MM",null,"UN",165.35,{"$f":"F309*(1-$G$7)-0.01","v":129.46}]
[null,5466,"FLANGE CEGO, EM FOFO, PN 10 / 16 / 25, D=   80MM",null,"UN",49.14,{"$f":"F310*(1-$G$7)-0.01","v":38.47}]
[null,5524,"JUNTA GIBAULT EM FOFO, D=  150MM",null,"UN",193.25,151.31]
[null,5555,"REDUÇÃO DE PVC  JE, PONTA / BOLSA, D=   75 X   50MM",null,"UN",12.75,9.98]
[null,5556,"REDUÇÃO DE PVC  JE, PONTA / BOLSA, D=  100 X   50MM",null,"UN",18.03,{"$f":"F313*(1-$G$7)-0.01","v":14.11}]
[null,5559,"REDUÇÃO EM FOFO, C/ FLANGES PN 10 / 16, D=  150 X   80MM",null,"UN",239.64,{"$f":"F314*(1-$G$7)-0.01","v":187.63}]
[null,5562,"REDUÇÃO EM FOFO, C/ FLANGES PN 10, D=  200 X  150MM",null,"UN",248.09,194.25]
[null,5583,"REDUÇÃO EXCENTRICA EM FOFO, C/ FLANGES PN 10 / 16, D=  100 X   80MM",null,"UN",156.69999999999999,{"$f":"F316*(1-$G$7)-0.01","v":122.69}]
[null,5586,"REDUÇÃO EXCENTRICA EM FOFO, C/ FLANGES PN 10, D=  200 X  100MM",null,"UN",399.09,{"$f":"F317*(1-$G$7)-0.01","v":312.48}]
[null,5617,"REDUÇÃO, EM FOFO, PONTA / BOLSA, JE, D=  150 X  100MM",null,"UN",169.35,132.6]
[null,5629,"REGISTRO GAVETA FOFO, C/ BOLSAS P/ TUBO DE PVC, CUNHA BORRACHA, CABEÇOTE, PN  10, TIPO EURO 24, D=   50MM",null,"UN",248.73,{"$f":"F319*(1-$G$7)-0.01","v":194.75}]
[null,5630,"REGISTRO GAVETA FOFO, C/ BOLSAS P/ TUBO DE PVC, CUNHA BORRACHA, CABEÇOTE, PN  10, TIPO EURO 24, D=   75MM",null,"UN",325.04000000000002,{"$f":"F320*(1-$G$7)-0.01","v":254.5}]
[null,5631,"REGISTRO GAVETA FOFO, C/ BOLSAS P/ TUBO DE PVC, CUNHA BORRACHA, CABEÇOTE, PN  10, TIPO EURO 24, D=  100MM",null,"UN",379.01,296.76]
[null,5637,"REGISTRO GAVETA FOFO, C/ BOLSAS P/ TUBO FERRO DÚCTIL, CUNHA BORRACHA, CABEÇOT E, PN 16, TIPO EURO 25, D=  150MM",null,"UN",580.99,{"$f":"F322*(1-$G$7)-0.01","v":454.91}]
[null,5647,"REGISTRO GAVETA FOFO, C/ FLANGES, CUNHA BORRACHA, CORPO CURTO E CABEÇOTE, PN  10, TIPO EURO 23, D=  200MM",null,"UN",897,702.35]
[null,5662,"TAMPÃO DE FERRO FUNDIDO PARA CAIXA DE REGISTRO TD-5",null,"UN",58.78,46.02]
[null,5665,"TÊ 90º PVC, JE, BBB, PBA, D=   50MM",null,"UN",18.5,{"$f":"F325*(1-$G$7)-0.01","v":14.48}]
[null,"5678","RETROESCAVADEIRA SOBRE RODAS COM CARREGADEIRA, TRAÇÃO 4X4, POTÊNCIA LÍQ. 88 HP, CAÇAMBA CARREG. CAP. MÍN. 1 M3, CAÇAMBA RETRO CAP. 0,26 M3, PESO OPERACIONAL MÍN. 6.674 KG, PROFUNDIDADE ESCAVAÇÃO MÁX. 4,37 M - CHP DIURNO. AF_06/2014",null,"CHP","112,24",87.88]
[null,"5679","RETROESCAVADEIRA SOBRE RODAS COM CARREGADEIRA, TRAÇÃO 4X4, POTÊNCIA LÍQ. 88 HP, CAÇAMBA CARREG. CAP. MÍN. 1 M3, CAÇAMBA RETRO CAP. 0,26 M3, PESO OPERACIONAL MÍN. 6.674 KG, PROFUNDIDADE ESCAVAÇÃO MÁX. 4,37 M - CHI DIURNO. AF_06/2014",null,"CHI","50,73",39.72]
[null,5704,"TÊ EM FOFO C/ BOLSAS, JE, D=  150 X  100MM",null,"UN",241.4,{"$f":"F328*(1-$G$7)-0.01","v":189.01}]
[null,5722,"TÊ EM FOFO C/ FLANGES PN 10 / 16, D=  100 X  100MM",null,"UN",224.15,{"$f":"F329*(1-$G$7)-0.01","v":175.5}]
[null,5725,"TÊ EM FOFO C/ FLANGES PN 10 / 16, D=  150 X  150MM",null,"UN",343.75,{"$f":"F330*(1-$G$7)-0.01","v":269.14999999999998}]
[null,5759,"TOCO EM FOFO C/ FLANGES PN 10 / 16 / 25, COMP. = 0,25M, D=   80MM",null,"UN",157.96,123.68]
[null,5760,"TOCO EM FOFO C/ FLANGES PN 10 / 16 / 25, COMP. = 0,50M, D=   80MM",null,"UN",190.99,{"$f":"F332*(1-$G$7)-0.01","v":149.54}]
[null,5762,"TOCO EM FOFO C/ FLANGES PN 10 / 16, COMP. = 0,25M, D=  150MM",null,"UN",253.34,{"$f":"F333*(1-$G$7)-0.01","v":198.36}]
[null,5764,"TOCO EM FOFO C/ FLANGES PN 10 / 16, COMP. = 0,50M, D=  150MM",null,"UN",328.6,{"$f":"F334*(1-$G$7)","v":257.29000000000002}]
[null,5765,"TOCO EM FOFO C/ FLANGES PN 10, COMP. = 0,25M, D=  200MM",null,"UN",340.89,{"$f":"F335*(1-$G$7)-0.01","v":266.91000000000003}]
[null,5768,"TOCO EM FOFO C/ FLANGES PN 10, COMP. = 0,50M, D=  200MM",null,"UN",413.55,{"$f":"F336*(1-$G$7)-0.01","v":323.8}]
[null,5777,"TOCO EM FOFO C/ FLANGES PN 25, COMP. = 0,25M, D=  100MM",null,"UN",210.29,{"$f":"F337*(1-$G$7)-0.01","v":164.65}]
[null,5787,"TOCO EM FOFO COM ABA DE VEDAÇÃO E FLANGES PN 10 / 16 / 25, D=   80MM",null,"UN",270.83,{"$f":"F338*(1-$G$7)-0.01","v":212.05}]
[null,5789,"TOCO EM FOFO COM ABA DE VEDAÇÃO E FLANGES PN 10 / 16, D=  150MM",null,"UN",481.2,{"$f":"F339*(1-$G$7)-0.01","v":376.77}]
[null,"5811","CAMINHÃO BASCULANTE 6 M3, PESO BRUTO TOTAL 16.000 KG, CARGA ÚTIL MÁXIMA 13.071 KG, DISTÂNCIA ENTRE EIXOS 4,80 M, POTÊNCIA 230 CV INCLUSIVE CAÇAMBA METÁLICA - CHP DIURNO. AF_06/2014",null,"CHP","169,33",132.59]
[null,"5824","CAMINHÃO TOCO, PBT 16.000 KG, CARGA ÚTIL MÁX. 10.685 KG, DIST. ENTRE EIXOS 4,8 M, POTÊNCIA 189 CV, INCLUSIVE CARROCERIA FIXA ABERTA DE MADEIRA P/ TRANSPORTE GERAL DE CARGA SECA, DIMEN. APROX. 2,5 X 7,00 X 0,50 M - CHP DIURNO. AF_06/2014",null,"CHP","138,76",108.65]
[null,5844,"TUBO EM FOFO, C/ FLANGES PN 10 / 16, D=  100MM, L=1,00M",null,"UN",583.42999999999995,{"$f":"F342*(1-$G$7)-0.01","v":456.82}]
[null,"5847","TRATOR DE ESTEIRAS, POTÊNCIA 170 HP, PESO OPERACIONAL 19 T, CAÇAMBA 5,2 M3 - CHP DIURNO. AF_06/2014",null,"CHP","180,29",141.16999999999999]
[null,"5851","TRATOR DE ESTEIRAS, POTÊNCIA 150 HP, PESO OPERACIONAL 16,7 T, COM RODA MOTRIZ ELEVADA E LÂMINA 3,18 M3 - CHP DIURNO. AF_06/2014",null,"CHP","171,02",133.91]
[null,5861,"TUBO EM FOFO, JE, PONTA / BOLSA, CLASSE K 7, D=  150MM",null,"M",208.45,{"$f":"F345*(1-$G$7)-0.01","v":163.21}]
[null,5875,"TUBO EM FOFO, PONTA E FLANGE PN 10 / 16, D=  150MM, L=1,00M",null,"UN",526.14,{"$f":"F346*(1-$G$7)-0.01","v":411.96}]
[null,"5901","CAMINHÃO PIPA 10.000 L TRUCADO, PESO BRUTO TOTAL 23.000 KG, CARGA ÚTIL MÁXIMA 15.935 KG, DISTÂNCIA ENTRE EIXOS 4,8 M, POTÊNCIA 230 CV, INCLUSIVE TANQUE DE AÇO PARA TRANSPORTE DE ÁGUA - CHP DIURNO. AF_06/2014",null,"CHP","170,54",133.53]
[null,"5903","CAMINHÃO PIPA 10.000 L TRUCADO, PESO BRUTO TOTAL 23.000 KG, CARGA ÚTIL MÁXIMA 15.935 KG, DISTÂNCIA ENTRE EIXOS 4,8 M, POTÊNCIA 230 CV, INCLUSIVE TANQUE DE AÇO PARA TRANSPORTE DE ÁGUA - CHI DIURNO. AF_06/2014",null,"CHI","42,05",32.93]
[null,"5932","MOTONIVELADORA POTÊNCIA BÁSICA LÍQUIDA (PRIMEIRA MARCHA) 125 HP, PESO BRUTO 13032 KG, LARGURA DA LÂMINA DE 3,7 M - CHP DIURNO. AF_06/2014",null,"CHP","162,73",127.42]
[null,6010,"REGISTRO GAVETA BRUTO EM LATAO FORJADO, BITOLA 1 1/2 \" (REF 1509)",null,"UN",65.489999999999995,51.28]
[null,6012,"REGISTRO GAVETA BRUTO EM LATAO FORJADO, BITOLA 3 \" (REF 1509)",null,"UN",229.04,{"$f":"F351*(1-$G$7)-0.01","v":179.33}]
[null,6016,"REGISTRO GAVETA BRUTO EM LATAO FORJADO, BITOLA 3/4 \" (REF 1509)",null,"UN",24.18,18.93]
[null,6019,"REGISTRO GAVETA BRUTO EM LATAO FORJADO, BITOLA 1 \" (REF 1509)",null,"UN",38.06,29.8]
[null,6027,"REGISTRO GAVETA BRUTO EM LATAO FORJADO, BITOLA 4 \" (REF 1509)",null,"UN",477.25,{"$f":"F354*(1-$G$7)-0.01","v":373.68}]
[null,"6029","REGISTRO DE ESFERA PVC, COM CABECA QUADRADA, COM ROSCA EXTERNA, 1/2\"",null,"UN","18,00",14.09]
[null,6031,"REGISTRO DE ESFERA PVC, COM BORBOLETA, COM ROSCA EXTERNA, DE 3/4\"",null,"UN",17.8,13.94]
[null,6036,"REGISTRO DE ESFERA PVC, COM BORBOLETA, COM ROSCA EXTERNA, DE 1/2\"",null,"UN",5.89,4.6100000000000003]
[null,6038,"REGISTRO DE PRESSAO PVC, ROSCAVEL, VOLANTE SIMPLES, DE 1/2\"",null,"UN",2.2599999999999998,1.77]
[null,6075,"TUBO EM FOFO, C/ FLANGES PN 10 / 16, D=  150MM, L=2,00M",null,"UN",964.22,754.98]
[null,"6079","ARGILA, ARGILA VERMELHA OU ARGILA ARENOSA (RETIRADA NA JAZIDA, SEM TRANSPORTE)",null,"M3","12,25",9.59]
[null,6083,"TUBO EM FOFO, C/ FLANGES PN 10 / 16, D=  150MM, L=5,80M",null,"UN",1750,1370.25]
[null,6138,"VEDACAO PVC, 100 MM, PARA SAIDA VASO SANITARIO",null,"UN",1.35,1.06]
[null,6141,"ENGATE/RABICHO FLEXIVEL PLASTICO (PVC OU ABS) BRANCO 1/2 \" X 30 CM",null,"UN",2.92,2.29]
[null,6189,"TABUA DE MADEIRA NAO APARELHADA *2,5 X 30* CM, CEDRINHO OU EQUIVALENTE DA REGIAO",null,"M",8.6199999999999992,6.75]
[null,"6189","TABUA MADEIRA 2A QUALIDADE 2,5 X 30,0CM (1 X 12\") NAO APARELHADA",null,"M","7,39",5.79]
[null,6193,"TABUA DE MADEIRA NAO APARELHADA *2,5 X 20* CM, CEDRINHO OU EQUIVALENTE DA REGIAO",null,"M",5.74,4.49]
[null,6313,"LACRE ANTI-FRAUDE PARA HIDRÔMETRO EM POLIPROPILENO",null,"UN",0.51,0.4]
[null,6343,"REGISTRO GAVETA FOFO, C/ FLANGES, CUNHA BORRACHA, CORPO CURTO E CABEÇOTE, TIP O EURO 23,  PN16, DIAM  = 150MM",null,"UN",589.22,{"$f":"F368*(1-$G$7)-0.01","v":461.35}]
[null,6358,"REGISTRO GAVETA FOFO, C/ FLANGES, CUNHA BORRACHA, CORPO LONGO E CABEÇOTE, TIP O EURO 21,  PN16, DIAM  = 100MM",null,"UN",417.69,327.05]
[null,6428,"VENTOSA SIMPLES COM ROSCA DIAM 1\"",null,"UN",299.58,234.57]
[null,6439,"VENTOSA TRÍPLICE FUNÇÃO,  PN 25, DIAM  = 50MM",null,"UN",1075.67,{"$f":"F371*(1-$G$7)-0.01","v":842.24}]
[null,6442,"NÍVEL ÓTICO DE PRECISÃO",null,"H",5.58,4.37]
[null,6443,"TEODOLITO",null,"H",5.58,4.37]
[null,6616,"BRAQUETE MONOFÁSICO",null,"UN",7.47,5.85]
[null,6631,"CHAVE DE FLUXO DE 1\", MODELO AT-2011 ITALAIR OU SIMILAR",null,"UN",208.11,162.94999999999999]
[null,6667,"CAPTOR COM BASE DE FIXAÇÃO HORIZONTAL 3/8\" X 400MM (PÁRA-RAIO)",null,"UN",12.72,{"$f":"F376*(1-$G$7)-0.01","v":9.9499999999999993}]
[null,6779,"SINALIZADOR DUPLO C/ CÉLULA PARA MASTRO (PÁRA-RAIO)",null,"UN",163.5,128.02000000000001]
[null,7048,"TE, PVC PBA, BBB, 90 GRAUS, DN 50 / DE 60 MM, PARA REDE AGUA (NBR 10351)",null,"UN",18.75,14.68]
[null,7088,"TE, PVC PBA, BBB, 90 GRAUS, DN 75 / DE 85 MM, PARA REDE AGUA (NBR 10351)",null,"UN",46.99,36.79]
[null,7097,"TE SANITARIO, PVC, DN 50 X 50 MM, SERIE NORMAL, PARA ESGOTOPREDIAL",null,"UN",5.2,4.07]
[null,7098,"TE PVC, ROSCAVEL, 90 GRAUS, 1/2\", AGUA FRIA PREDIAL",null,"UN",1.43,1.1200000000000001]
[null,"7170","TELA FACHADEIRA EM POLIETILENO, ROLO DE 3 X 100 M (L X C), COR BRANCA, SEM LOGOMARCA - PARA PROTECAO DE OBRAS",null,"M2","2,00",1.57]
[null,"7176","TELHA CERAMICA TIPO COLONIAL, COMPRIMENTO DE *44* CM, RENDIMENTO DE *26* TELHAS/M2",null,"UN","1,16",0.91]
[null,"7247","LOCACAO DE TEODOLITO ELETRONICO, PRECISAO ANGULAR DE 5 A 7 SEGUNDOS, INCLUINDO TRIPE",null,"H","2,27",1.78]
[null,"7252","LOCACAO DE NIVEL OPTICO, COM PRECISAO DE 0,7 MM, AUMENTO DE 32X",null,"H","2,27",1.78]
[null,"7258","TIJOLO CERAMICO MACICO *5 X 10 X 20* CM",null,"UN","0,28",0.22]
[null,"7266","BLOCO CERAMICO (ALVENARIA DE VEDACAO), DE 9 X 19 X 19 CM",null,"MIL","450,00",352.35]
[null,"7267","BLOCO CERAMICO (ALVENARIA VEDACAO), 6 FUROS, DE 9 X 14 X 19 CM",null,"UN","0,31",0.24]
[null,"7272","ELEMENTO VAZADO CERAMICO 9 X 20 X 20 CM",null,"UN","3,04",2.38]
[null,"7293","TINTA ESMALTE SINTETICO GRAFITE COM PROTECAO PARA METAIS FERROSOS",null,"L","27,20",21.3]
[null,"7325","ADITIVO IMPERMEABILIZANTE DE PEGA NORMAL PARA ARGAMASSAS E  CONCRETOS SEM ARMACAO",null,"KG","6,22",4.87]
[null,"7340","IMUNIZANTE PARA MADEIRA, INCOLOR",null,"L","22,25",17.420000000000002]
[null,7342,"TINTA MINERAL IMPERMEAVEL EM PO, BRANCA",null,"KG",1.36,1.06]
[null,"7356","TINTA ACRILICA PREMIUM, COR BRANCO FOSCO",null,"L","16,80",13.15]
[null,"7568","BUCHA DE NYLON SEM ABA S10, COM PARAFUSO DE 6,10 X 65 MM EM ACO ZINCADO COM ROSCA SOBERBA, CABECA CHATA E FENDA PHILLIPS",null,"UN","0,79",0.62]
[null,7588,"AUTOMATICO DE BOIA SUPERIOR / INFERIOR, *15* A / 250 V",null,"UN",38.950000000000003,{"$f":"F396*(1-$G$7)","v":30.5}]
[null,7608,"CHUVEIRO PLASTICO BRANCO SIMPLES 5 '' PARA ACOPLAR EM HASTE1/2 \", AGUA FRIA",null,"UN",3.42,2.68]
[null,7696,"TUBO ACO GALVANIZADO COM COSTURA, CLASSE MEDIA, DN 2\", E = *3,65* MM, PESO *5,10* KG/M (NBR 5580)",null,"M",42.12,{"$f":"F398*(1-$G$7)-0.01","v":32.97}]
[null,"7697","TUBO ACO GALVANIZADO COM COSTURA, CLASSE MEDIA, DN 1.1/2\", E = *3,25* MM, PESO *3,61* KG/M (NBR 5580)",null,"M","29,21",22.87]
[null,8877,"MADEIRA MASSARANDUBA SERRADA (PEÇA) 5CM X 14CM (0,007 M³/M)",null,"M",24.07,18.850000000000001]
[null,8979,"HIPOCLORADOR / BOMBA DOSADORA ANALÓGICA DE SOLUÇÕES, VAZÃO DE 0,5 À 15 L/H E  PRESSÃO DE 0 À 15 BAR",null,"UN",578.22,{"$f":"F401*(1-$G$7)-0.01","v":452.74}]
[null,9008,"GRELHA P/RALO QUADRADO EM FERRO FUNDIDO 35X35CM C/REQUADRO P/PÁTIO",null,"UN",49.9,39.07]
[null,9096,"TOMADA 2P + T, ABNT, DE EMBUTIR, 10 A, COM PLACA EM PVC",null,"UN",6.8,5.32]
[null,9102,"INTERRUPTOR 01 SEÇÃO SIMPLES, DE EMBUTIR, COM PLACA, CONJUGADO COM TOMADA 2P+ T, ABNT, 10A",null,"UN",6.1,{"$f":"F404*(1-$G$7)-0.01","v":4.7699999999999996}]
[null,9103,"INTERRUPTOR 02 SEÇÕES SIMPLES, DE EMBUTIR, COM PLACA, CONJUGADO COM TOMADA 2P +T, ABNT, 10A",null,"UN",15.4,{"$f":"F405*(1-$G$7)-0.01","v":12.05}]
[null,9329,"CONECTOR DE MEDIÇÃO EM BRONZE C/4 PARAFUSOS P/CABOS DE COBRE 16-70MM² REF.TEL -560 (PÁRA-RAIO)",null,"UN",17.5,13.7]
[null,9401,"REJUNTE ACRÍLICO PARA REVESTIMENTOS CERÂMICOS",null,"KG",20.23,15.84]
[null,9410,"RIPÃO MASSARANDUBA SERRADA 5CM X 3CM",null,"M",5.29,4.1399999999999997]
[null,9422,"LUMINÁRIA EXTERNA EM CORPO DE AÇO C/ PINTURA ELETROSTÁTICA, REFLETOR EM ALUMÍ NIO MARTELADO, DIFUSOR EM VIDRO TEMPERADO, INCLUISIVE POSTE DE 4M, REF. EX08- S1E40T4 DA LUMICENTER OU SIMILAR",null,"UN",508.9,{"$f":"F409*(1-$G$7)-0.01","v":398.46}]
[null,9486,"ABRAÇADEIRA CUNHA (TIPO CHAVETA) D=2\"",null,"UN",1.2,{"$f":"F410*(1-$G$7)-0.01","v":0.93}]
[null,9528,"TUBO DE FERRO FUNDIDO, PONTA E FLANGE, PN 10/16, DN=100MM, L=1,20M",null,"PÇ",517.66,{"$f":"F411*(1-$G$7)-0.01","v":405.32}]
[null,9722,"CORPO DA CAIXA DE INSPEÇÃO EM PVC P/ATERRAMENTO D=300MM, REDONDA, H=300MM, RE F: TEL-552 OU SIMILAR (SPDA)",null,"UN",20.93,{"$f":"F412*(1-$G$7)-0.01","v":16.38}]
[null,9723,"TAMPA REFORÇADA EM FERRO FUNDIDO D=300MM, C/ESCOTILHA QUADRADA E ARTICULADA,  P/CX.ATERRAMENTO, REF:TEL-536 OU SIMILAR (SPDA)",null,"UN",98.79,77.349999999999994]
[null,9813,"TUBO DE POLIETILENO DE ALTA DENSIDADE (PEAD), PE-80, DE = 20 MM X 2,3 MM DE PAREDE, PARA LIGACAO DE AGUA PREDIAL (NBR 15561)",null,"M",3.16,2.4700000000000002]
[null,9825,"TUBO PVC DEFOFO, JEI, 1 MPA, DN 100 MM, PARA REDE DE AGUA (NBR 7665)",null,"M",17.920000000000002,14.03]
[null,9828,"TUBO PVC DEFOFO, JEI, 1 MPA, DN 150 MM, PARA REDE DE  AGUA (NBR 7665)",null,"M",38.909999999999997,{"$f":"F416*(1-$G$7)-0.01","v":30.46}]
[null,9835,"TUBO PVC SERIE NORMAL, DN 40 MM, PARA ESGOTO PREDIAL (NBR5688)",null,"M",3.21,2.5099999999999998]
[null,9836,"TUBO PVC SERIE NORMAL, DN 100 MM, PARA ESGOTO PREDIAL (NBR 5688)",null,"M",8.49,6.65]
[null,9837,"TUBO PVC SERIE NORMAL, DN 75 MM, PARA ESGOTO PREDIAL (NBR 5688)",null,"M",7.48,5.86]
[null,9838,"TUBO PVC SERIE NORMAL, DN 50 MM, PARA ESGOTO PREDIAL (NBR 5688)",null,"M",5.52,4.32]
[null,9856,"TUBO PVC, ROSCAVEL, 1/2\", AGUA FRIA PREDIAL",null,"M",3.47,2.72]
[null,9859,"TUBO PVC ROSCAVEL, 3/4\",  AGUA FRIA PREDIAL",null,"M",9.7200000000000006,7.61]
[null,9867,"TUBO PVC, SOLDAVEL, DN 20 MM, AGUA FRIA (NBR-5648)",null,"M",1.55,1.21]
[null,9868,"TUBO PVC, SOLDAVEL, DN 25 MM, AGUA FRIA (NBR-5648)",null,"M",1.02,{"$f":"F424*(1-$G$7)-0.01","v":0.79}]
[null,9869,"TUBO PVC, SOLDAVEL, DN 32 MM, AGUA FRIA (NBR-5648)",null,"M",1.66,{"$f":"F425*(1-$G$7)-0.01","v":1.29}]
[null,9871,"TUBO PVC, SOLDAVEL, DN 75 MM, AGUA FRIA (NBR-5648)",null,"M",9,{"$f":"F426*(1-$G$7)-0.01","v":7.04}]
[null,9874,"TUBO PVC, SOLDAVEL, DN 40 MM, AGUA FRIA (NBR-5648)",null,"M",8.6,6.73]
[null,9875,"TUBO PVC, SOLDAVEL, DN 50 MM, PARA AGUA FRIA (NBR-5648)",null,"M",6.67,5.22]
[null,9887,"UNIAO DE FERRO GALVANIZADO, COM ROSCA BSP, COM ASSENTO PLANO, DE 2\"",null,"UN",56.29,{"$f":"F429*(1-$G$7)-0.01","v":44.07}]
[null,9890,"UNIAO DE FERRO GALVANIZADO, COM ROSCA BSP, COM ASSENTO PLANO, DE 3\"",null,"UN",144.29,{"$f":"F430*(1-$G$7)-0.01","v":112.97}]
[null,9891,"UNIAO DE FERRO GALVANIZADO, COM ROSCA BSP, COM ASSENTO PLANO, DE 4\"",null,"UN",202.55,{"$f":"F431*(1-$G$7)-0.01","v":158.59}]
[null,10084,"ESCADA MARINHEIRO COM GUARDA GORPO, L=45CM, EXECUTADA EM BARRAS CHATA GALVANIZADA 1 1/4\" X 5/16\", E GUARDA CORPO D=65CM EM BARRA CHATA GALV.D=1\"X1/8\", SENDO DEGRAUS EM BARRA RED. D=5/8\", ESPAÇADOS DE 30CM, INCLUSIVE LIXAMENTO E PINTURA, CONF.PROJETO",null,"M",852.74,667.7]
[null,10232,"VALVULA DE RETENCAO DE BRONZE, PE COM CRIVOS, EXTREMIDADE COM ROSCA, DE 2\", PARA FUNDO DE POCO",null,"UN",93.77,73.42]
[null,10282,"REGUA DE ALUMÍNIO C/ 2,00M (PARA PEDREIRO)",null,"UN",16.7,13.08]
[null,10362,"SEGURO DE VIDA E ACIDENTE EM GRUPO",null,"UN",5.65,4.42]
[null,10394,"BUCHA EM LIGA ZAMAK PARA ELETRODUTO 16MM, D=1/2\"",null,"UN",0.23,0.18]
[null,10406,"VALVULA DE RETENCAO HORIZONTAL, DE BRONZE (PN-25), 3\", 400 PSI, TAMPA DE PORCA DE UNIAO, EXTREMIDADES COM ROSCA",null,"UN",332.39,260.26]
[null,10434,"CAMINHÃO CARROCERIA DE MADEIRA 9 T - FONTE:DNIT",null,"H",93.85,73.48]
[null,10492,"CESTA BÁSICA",null,"UN",110,86.13]
[null,10493,"VIDRO LISO INCOLOR 4MM - SEM COLOCACAO",null,"M2","77,33",60.55]
[null,"10498","MASSA PARA VIDRO",null,"KG","4,91",3.84]
[null,10517,"EXAMES ADMISSIONAIS/DEMISSIONAIS (CHECKUP)",null,"CJ",326,255.26]
[null,10558,"INTERNET - DISPÊNDIO MENSAL",null,"MÊS",89,69.69]
[null,10562,"MATERIAL DE ESCRITÓRIO",null,"MÊS",30,23.49]
[null,10563,"MATERIAL DE LIMPEZA",null,"MÊS",74.37,58.23]
[null,10577,"SERROTE 40CM",null,"UN",29.79,23.33]
[null,10578,"FORMÃO GRANDE",null,"UN",15.15,11.86]
[null,10579,"CHAVE DE FENDA CHATA 30 CM",null,"UN",15.45,12.1]
[null,10583,"TRINCHA 3\"",null,"UN",5.6,4.38]
[null,10585,"ARCO DE SERRA",null,"UN",19.5,15.27]
[null,10586,"TORQUESA",null,"UN",26.28,20.58]
[null,10592,"LIMA CHATA 1 1/2\"",null,"UN",8.6,6.73]
[null,10593,"PRAIO SIMPLES 30CM",null,"UN",45.67,35.76]
[null,10596,"PROTETOR AURICULAR",null,"UN",3.2,2.5099999999999998]
[null,10599,"PROTETOR SOLAR FPS 30 COM 120ML",null,"UN",17.7,13.86]
[null,10761,"REFEIÇÃO - CAFÉ DA MANHÃ ( CAFÉ COM LEITE E DOIS PÃES COM MANTEIGA)",null,"UN",2.5,1.96]
[null,10788,"PÁ QUADRADA",null,"UN",17.29,13.54]
[null,10789,"NÍVEL DE BOLHA DE MADEIRA",null,"UN",9,7.05]
[null,10790,"PRUMO DE FACE",null,"UN",17.05,13.35]
[null,10908,"JUNCAO DE REDUCAO INVERTIDA, PVC SOLDAVEL, 100 X 50 MM, SERIE NORMAL PARA ESGOTO PREDIAL",null,"UN",11.48,{"$f":"F460*(1-$G$7)","v":8.99}]
[null,10982,"ADAPTADOR CURTO, PVC RIGIDO SOLDAVEL,  C/ BOLSA E ROSCA P/  REGISTRO, D=  50M M X 2\"",null,"UN",3.56,{"$f":"F461*(1-$G$7)-0.01","v":2.78}]
[null,10989,"VÁLVULA DE ALÍVIO DE PRESSÃO DE BRONZE 2\"",null,"UN",1471.64,1152.29]
[null,10997,"ELETRODO REVESTIDO AWS - E7018, DIAMETRO IGUAL A 4,00 MM",null,"KG",19.989999999999998,15.65]
[null,"10999","ELETRODO REVESTIDO AWS - E6013, DIAMETRO IGUAL A 4,00 MM",null,"KG","24,57",19.239999999999998]
[null,11075,"AREIA PARA LEITO FILTRANTE (0,42 A 1,68 MM) - POSTO JAZIDA/FORNECEDOR (RETIRADO NA JAZIDA, SEM TRANSPORTE)",null,"M3",1023.43,{"$f":"F465*(1-$G$7)-0.01","v":801.34}]
[null,11079,"MATERIAL FILTRANTE (PEDREGULHO) 0,6 A 25,46 MM (POSTO PEDREIRA/FORNECEDOR, SEM FRETE)",null,"M3",690.92,540.99]
[null,11088,"LIMPEZA DE RESERVATÓRIO",null,"M3",12.5,{"$f":"F467*(1-$G$7)-0.01","v":9.7799999999999994}]
[null,"11190","JANELA BASCULANTE, ACO, COM BATENTE/REQUADRO, 60 X 60 CM (SEM VIDROS)",null,"UN","118,90",93.1]
[null,"11236","GRELHA FOFO SIMPLES COM REQUADRO, CARGA MAXIMA 1,5 T, 200 X 1000 MM, E= *15* MM",null,"UN","163,13",127.73]
[null,11240,"ALICATE COM ISOLAMENTO",null,"UN",22.9,17.93]
[null,11241,"ALICATE VOLT-AMPERIMETRO",null,"UN",108.11,84.65]
[null,11242,"CHAVE INGLESA 12\"",null,"UN",47,36.799999999999997]
[null,11243,"MARTELO SEM UNHA",null,"UN",16.3,12.76]
[null,11244,"MARTELO COM UNHA",null,"UN",28.16,22.05]
[null,11245,"DESEMPOLADEIRA DE MADEIRA 12X22",null,"UN",11.75,9.1999999999999993]
[null,11246,"ESCALA MÉTRICA DE BAMBÚ",null,"UN",17,13.31]
[null,11247,"SERRA MÁRMORE",null,"UN",272.97000000000003,213.74]
[null,11248,"FURADEIRA E PARAFUSADEIRA ELETRICA BOSCH OU SIMILAR PROFISSIONAL",null,"UN",300.3,235.13]
[null,11249,"SERRA CIRCULAR ELETRICA PORTATIL",null,"UN",679.89,532.35]
[null,11250,"ROLO LÃ DE CARNEIRO 20CM",null,"UN",23.32,18.260000000000002]
[null,11251,"PINCEL DE SEDA 2\"",null,"UN",22.59,17.690000000000001]
[null,11252,"ESCADA DE ALUMINIO DE ABRIR COM 7 DEGRAUS",null,"UN",139.30000000000001,109.07]
[null,11253,"TARRACHA PARA TUBOS PVC DE 1/2\"",null,"UN",16.25,12.72]
[null,11254,"TARRACHA PARA TUBOS PVC DE 3/4\"",null,"UN",18.8,14.72]
[null,11255,"TARRACHA PARA TUBOS PVC DE 1\"",null,"UN",21.96,17.190000000000001]
[null,11256,"TARRACHA PARA TUBOS PVC DE 1 1/2\"",null,"UN",41.3,32.340000000000003]
[null,11257,"TARRACHA PARA TUBOS PVC DE 1 1/4\"",null,"UN",31.36,24.55]
[null,11264,"MARRETA DE 1/2 KG COM CABO",null,"UN",10.95,8.57]
[null,11265,"MARTELO DE BORRACHA COM CABO",null,"UN",14.9,11.67]
[null,11270,"MARTELO DE SOLDA DO TIPO PICARETA, CABO DE MADEIRA, 300X0,4X0,5MM",null,"UN",24.29,19.02]
[null,11271,"TALHADEIRA COM PUNHO DE PROTEÇÃO 22 X225MM REF.207206BR BELZER",null,"UN",57.55,45.06]
[null,11272,"ALICATE CLIMPADOR ( CRIPADOR )",null,"UN",66.849999999999994,52.34]
[null,11273,"ESQUADRO DE ALUMÍNIO PARA SOLDAGEM DE PEÇAS, COM DUAS MORSAS, 35 X 35 X 4,5CM, MARCA BLACK JACK",null,"UN",149.41999999999999,117]
[null,11274,"GRAMPO DE DE APERTO RÁPIDO 16\" REF. 60987 BELTOOLS",null,"UN",13.1,10.26]
[null,11275,"ALICATE DE PRESSÃO 11\"",null,"UN",15.79,12.36]
[null,11276,"ALICATE DE PRESSÃO PARA SOLDA TIPO U, PARA APERTAR CHAPAS, TIRAS E QUALQUER TIPO DE PERFIL. NIQUELADO, MORDENTES REFORÇADOS EM AÇO LAMINADAO. CORPO EM CHAPA DOBRADA EXTRA-REFORÇADA E REBITES DE AÇO, 11\" (280MM). REF. 138 GEDORE.",null,"UN",44.51,34.85]
[null,11277,"ALICATE DE PRESSÃO PARA SOLDA DE CHAPA 18\" (460MM), REF.138 Z GEDORE",null,"UN",71.89,56.29]
[null,11278,"ALICATE DIAGONAL PARA CORTE RENTE 5\" A 8\"",null,"UN",24.5,19.18]
[null,11279,"ALICATE PARA ANÉIS DE PISTÃO CAPACIDADE 50-100MM. REF.44044101 TRAMONTINA OU SIMILAR",null,"UN",57.8,45.26]
[null,11280,"CHAVE INGLESA 15\" REF. 012418012 CARBOGRAFITE",null,"UN",129.54,101.43]
[null,11281,"BOLSA DE LONA PARA FERRAMENTAS 40 X 30 X 20CM",null,"UN",119.91,93.89]
[null,11282,"ESMERILHADEIRA ANGULAR ELÉTRICO PORTÁTIL 4 1/2\" - 1000 WATTS - REF. G1000KB2 BLACK E DECKER",null,"UN",372.42,291.60000000000002]
[null,11283,"SELADOR HORIZONTAL PARA FITA DE AÇO 1\"",null,"UN",493.18,386.16]
[null,11284,"CAVALETE DE FERRO Nº 1",null,"UN",67.95,53.2]
[null,11285,"FONTE INVERSORA DE SOLDA WMI 140ED 220V - BAMBOZZI - WMI- 140ED",null,"UN",2774.77,2172.64]
[null,11286,"MACARIÇO DE SOLDA REF. CG201 CÓDIGO 010414410 CARBOGRAFITE",null,"UN",277.06,216.94]
[null,11321,"REDUCAO PVC PBA, JE, PB, DN 100 X 50 / DE 110 X 60 MM, PARA REDE DE AGUA",null,"UN",17.59,{"$f":"F507*(1-$G$7)-0","v":13.77}]
[null,11359,"ESMERILHADEIRA ANGULAR ELETRICA, DIAMETRO DO DISCO 7 '' (180 MM), ROTACAO 8500 RPM, POTENCIA 2400 W",null,"UN",675,528.53]
[null,11429,"CADEADO 60MM, PADO OU SIMILAR",null,"UN",54.46,42.64]
[null,11467,"ABRAÇADEIRA CUNHA (TIPO CHAVETA) D=1/2\"",null,"UN",0.63,{"$f":"F510*(1-$G$7)-0","v":0.49}]
[null,11493,"TE DE REDUCAO, PVC PBA, BBB, JE, DN 75 X 50 / DE 85 X 60 MM, PARA REDE AGUA (NBR 10351)",null,"UN",39.08,{"$f":"F511*(1-$G$7)-0.01","v":30.59}]
[null,11513,"CAIXA INSPEÇÃO EM POLIAMIDA 150X110X70MM, REF:TEL-541 OU SIMILAR (P/SPDA)",null,"UN",60.9,47.68]
[null,11590,"ABRAÇADEIRA EM AÇO INOX DN 80MM",null,"UN",12.45,{"$f":"F513*(1-$G$7)-0.01","v":9.74}]
[null,11658,"TE SANITARIO, PVC, DN 75 X 75 MM, SERIE NORMAL PARA ESGOTO PREDIAL",null,"UN",10.28,8.0500000000000007]
[null,11670,"REGISTRO DE ESFERA, PVC, COM VOLANTE, VS, ROSCAVEL, DN 1/2\", COM CORPO DIVIDIDO",null,"UN",3.43,{"$f":"F515*(1-$G$7)-0.01","v":2.68}]
[null,11677,"REGISTRO DE ESFERA, PVC, COM VOLANTE, VS, SOLDAVEL, DN 50 MM, COM CORPO DIVIDIDO",null,"UN",49.1,{"$f":"F516*(1-$G$7)-0.01","v":38.44}]
[null,11680,"BRACO OU HASTE COM CANOPLA PLASTICA, 1/2 \", PARA CHUVEIRO SIMPLES",null,"UN",3.98,3.12]
[null,11688,"TANQUE ACO INOXIDAVEL (ACO 304) COM ESFREGADOR E VALVULA, DE *50 X 40 X 22* CM",null,"UN",309.27999999999997,242.17]
[null,11714,"CAIXA SIFONADA PVC, 150 X 185 X 75 MM, COM GRELHA QUADRADA BRANCA",null,"UN",36.5,{"$f":"F519*(1-$G$7)-0.01","v":28.57}]
[null,11716,"CAIXA SIFONADA PVC, 100 X 100 X 40 MM, COM GRELHA REDONDA BRANCA",null,"UN",11.43,{"$f":"F520*(1-$G$7)-0.01","v":8.94}]
[null,11717,"CAIXA SIFONADA PVC, 150 X 150 X 50 MM, COM GRELHA REDONDA BRANCA",null,"UN",29.34,22.97]
[null,11775,"VÁLVULA SOLENÓIDE DE 1/2\" ",null,"UN",154.5,120.97]
[null,11820,"CERÂMICA 46 X 46 CM, REVESTIMENTO BIANCO, PEI-4, REF.62230 - INCENOR OU SIMILAR",null,"M2",17.98,14.08]
[null,11829,"TORNEIRA METALICA DE BOIA CONVENCIONAL PARA CAIXA D'AGUA, 1/2\", COM HASTE METALICA E BALAO PLASTICO",null,"UN",11.32,{"$f":"F524*(1-$G$7)","v":8.86}]
[null,11831,"TORNEIRA PLASTICA PARA TANQUE 1/2 \" OU 3/4 \" COM BICO PARA MANGUEIRA",null,"UN",22.3,17.46]
[null,11868,"CAIXA D'AGUA FIBRA DE VIDRO PARA 1000 LITROS, COM TAMPA",null,"UN",246.01,192.63]
[null,11882,"CAIXA PARA HIDROMETRO CONCRETO PRE MOLDADO",null,"UN",86.69,67.88]
[null,11891,"CORDAO DE COBRE, FLEXIVEL, TORCIDO, CLASSE 4 OU 5, ISOLACAOEM PVC/D, 300 V, 2 CONDUTORES DE 2,5 MM2",null,"M",2.21,1.73]
[null,11957,"STOP-LOG TIPO ALTO EM FIBRA DE VIDRO, LARGURA ÚTIL 200MM E ALTURA DE 400MM CO M GAVETA MOVEDIÇA EM FIBRA DE VIDRO ESP=10MM, COM ACIONAMENTO MANUAL POR MANE TE NA PRÓPRIA GAVETA",null,"UN",324.5,254.08]
[null,12001,"CAIXA OCTOGONAL DE FUNDO MOVEL, EM PVC, DE 4\" X 4\", PARA ELETRODUTO FLEXIVEL CORRUGADO",null,"UN",5.08,{"$f":"F530*(1-$G$7)-0.01","v":3.97}]
[null,12171,"CURVA 22º 30' C/ BOLSAS, EM FOFO, JE, D=  150MM",null,"UN",167.94,{"$f":"F531*(1-$G$7)-0.01","v":131.49}]
[null,12174,"REDUÇÃO EXCENTRICA EM FOFO, C/ FLANGES PN 10 / 16, D=  100 X   50MM",null,"UN",338.33,264.91000000000003]
[null,12191,"TOMADA DUPLA, DE EMBUTIR, PARA USO GERAL, 2P+T, ABNT, 20A, INCLUSIVE PLACA EM PVC",null,"UN",11.52,9.02]
[null,12196,"MOTOBOMBA SUBMERSA, MARCA ABS OU SIMILAR, MODELO EJ 40 BVX, MOTOR 4 CV, TRIFÁSICO",null,"UN",5518.58,4321.05]
[null,12349,"TUBO EM FERRO FUNDIDO, C/ FLANGES PN 10, DIAM. = 200MM, L=1,20M",null,"UN",863.97,{"$f":"F535*(1-$G$7)-0.01","v":676.48}]
[null,12429,"SUPORTE GUIA SIMPLES TIPO CURTO CHAPA ENCOSTO COM ROLDANA EM POLIPROPILENO, H = 50 CM (TEL-241)",null,"UN",11.77,{"$f":"F536*(1-$G$7)-0.01","v":9.2100000000000009}]
[null,12445,"TINTA EPOXI, CURADA COM POLIAMIDA, DE ALTA ESPESSURA, SECAGEM RÁPIDA, MACROPOXY 646 FAST CURE EPOXY, COMPONENTE A, COR AMARELO, DA SHERWIN WILLIAMS - SUMARÉ OU SIMILAR",null,"L",42.04,32.92]
[null,12446,"TINTA EPOXI, CURADA COM POLIAMIDA, DE ALTA ESPESSURA, SECAGEM RÁPIDA, MACROPOXY 646 FAST CURE EPOXY, COMPONENTE B, DA SHERWIN WILLIAMS - SUMARÉ OU SIMILAR",null,"L",53.23,41.68]
[null,12533,"REGISTRO GAVETA FOFO, C/ FLANGES, CUNHA BORRACHA, CORPO CURTO E VOLANTE, TIPO EURO 23,  PN16, DIAM  = 50MM",null,"UN",332.46,{"$f":"F539*(1-$G$7)-0.01","v":260.31}]
[null,"12551","ANEL DE CONCRETO ARMADO, D = 1,20 M, H = 0,50 M",null,"UN","100,58",78.75]
[null,12732,"GUARDA CORPO E CORRIMÃO EM TUBO FERRO GALVANIZADO, ALT=1,10M, COM BARRAS VERTICAIS A CADA 11CM (3/4\") E BARRAS HORIZONTAIS (SUPERIOR, INTERMEDIÁRIAS (DUAS) E INFERIOR) DE 1.1/2\", INCLUSIVE CURVA DE AÇO",null,"M",220,172.26]
[null,12736,"PLACA DE INAUGURAÇÃO EM ALUMÍNIO COM ACRILICO, 80X60CM,COM LOGOMARCA E MOLDURA",null,"UN",{"$f":"847.41-3.58","v":843.83},660.72]
[null,12773,"HIDROMETRO UNIJATO, VAZAO MAXIMA DE 3,0 M3/H, DE 1/2\"",null,"UN",82.2,64.36]
[null,"12774","HIDROMETRO UNIJATO, VAZAO MAXIMA DE 5,0 M3/H, DE 3/4\"",null,"UN","101,34",79.349999999999994]
[null,12777,"HIDROMETRO WOLTMANN, VAZAO MAXIMA DE 80,0 M3/H, DE 3\"",null,"UN",1970.55,1542.94]
[null,12815,"FITA CREPE ROLO DE 25 MM X 50 M",null,"UN",5.28,4.13]
[null,12863,"ADAPTADOR, PVC PBA, A BOLSA DEFOFO, JE, DN 50 / DE 60 MM",null,"UN",12.02,9.41]
[null,12892,"LUVA RASPA DE COURO, CANO CURTO (PUNHO *7* CM)",null,"PAR",7.27,5.69]
[null,12893,"BOTA DE SEGURANCA COM BIQUEIRA DE ACO E COLARINHO ACOLCHOADO",null,"PAR",38.78,30.36]
[null,12894,"CAPA PARA CHUVA EM PVC COM FORRO DE POLIESTER, COM CAPUZ (AMARELA OU AZUL)",null,"UN",10.5,8.2200000000000006]
[null,12895,"CAPACETE DE SEGURANCA ABA FRONTAL COM SUSPENSAO DE POLIETILENO, SEM JUGULAR (CLASSE B)",null,"UN",8.08,6.33]
[null,"12899","MANOMETRO COM CAIXA EM ACO PINTADO, ESCALA *10* KGF/CM2 (*10* BAR), DIAMETRO NOMINAL DE *63* MM, CONEXAO DE 1/4\"",null,"UN","91,23",71.430000000000007]
[null,12943,"CRUZETA PVC PBA, JE, BBBB, DN 75 / DE 85 MM",null,"UN",45.39,35.54]
[null,13244,"CONE DE SINALIZACAO EM PVC RIGIDO COM FAIXA REFLETIVA, H = 70 / 76 CM",null,"UN",29,{"$f":"F554*(1-$G$7)-0.01","v":22.7}]
[null,13984,"TORNEIRA CROMADA CURTA SEM BICO PARA USO GERAL 1/2 \" OU 3/4 \" (REF 1152)",null,"UN",30.05,23.53]
[null,20032,"REDUCAO PVC PBA, JE, BB, DN 75 X 50 / DE 85 X 60 MM, PARA REDE DE AGUA",null,"UN",37.270000000000003,29.18]
[null,20055,"REGISTRO DE ESFERA, PVC, COM VOLANTE, VS, ROSCAVEL, DN 1\", COM CORPO DIVIDIDO",null,"UN",10.36,8.11]
[null,"20078","PASTA LUBRIFICANTE PARA TUBOS E CONEXOES COM JUNTA ELASTICA (USO EM PVC, ACO, POLIETILENO E OUTROS) ( DE *400* G)",null,"UN","16,40",12.84]
[null,20080,"ADESIVO PLASTICO PARA PVC, FRASCO COM 175 GR",null,"UN",14.22,11.13]
[null,20327,"REDUCAO PVC PBA, JE, PB, DN 75 X 50 / DE 85 X 60 MM, PARA REDE DE AGUA",null,"UN",12.43,9.73]
[null,20973,"UNIAO TIPO STORZ, COM EMPATACAO INTERNA TIPO ANEL DE EXPANSAO, ENGATE RAPIDO 1 1/2\", PARA MANGUEIRA DE COMBATE A INCENDIO PREDIAL",null,"UN",97.34,{"$f":"F561*(1-$G$7)-0.01","v":76.209999999999994}]
[null,21015,"TUBO ACO GALVANIZADO COM COSTURA, CLASSE LEVE, DN 80 MM ( 3\"), E = 3,35 MM, *7,32* KG/M (NBR 5580)",null,"M",56.12,43.94]
[null,"25067","BLOCO CONCRETO ESTRUTURAL 19 X 19 X 39 CM, FBK 4,5 MPA (NBR 6136)",null,"UN","2,86",2.2400000000000002]
[null,25950,"SERVICO DE BOMBEAMENTO DE CONCRETO COM CONSUMO MINIMO DE 40M3",null,"M3",27.36,21.42]
[null,25966,"REDUTOR TIPO THINNER PARA ACABAMENTO",null,"L",15.43,12.08]
[null,34492,"CONCRETO USINADO BOMBEAVEL, CLASSE DE RESISTENCIA C20, COM BRITA 0 E 1, SLUMP = 100 +/- 20 MM, EXCLUI SERVICO DE BOMBEAMENTO (NBR 8953)",null,"M3",223.5,175]
[null,"34547","TELA DE ACO SOLDADA GALVANIZADA/ZINCADA PARA ALVENARIA, FIO  D = *1,20 A 1,70* MM, MALHA 15 X 15 MM, (C X L) *50 X 12* CM",null,"M","1,97",1.54]
[null,"34557","TELA DE ACO SOLDADA GALVANIZADA/ZINCADA PARA ALVENARIA, FIO D = *1,20 A 1,70* MM, MALHA 15 X 15 MM, (C X L) *50 X 7,5* CM",null,"M","1,21",0.95]
[null,34653,"DISJUNTOR TIPO DIN/IEC, MONOPOLAR DE 6  ATE  32A",null,"UN",9.7799999999999994,{"$f":"F569*(1-$G$7)-0.01","v":7.65}]
[null,34709,"DISJUNTOR TIPO DIN/IEC, TRIPOLAR DE 10 ATE 50A",null,"UN",68.7,53.79]
[null,36084,"TUBO PVC PBA JEI, CLASSE 12, DN 50 MM, PARA REDE DE AGUA (NBR 5647)",null,"M",4.01,{"$f":"F571*(1-$G$7)-0.01","v":3.13}]
[null,36144,"RESPIRADOR DESCARTAVEL SEM VALVULA DE EXALACAO, PFF 1",null,"UN",0.9,0.7]
[null,36146,"PROTETOR SOLAR FPS 30, EMBALAGEM 2 LITROS",null,"UN",137.36000000000001,107.55]
[null,36149,"TRAVA-QUEDAS EM ACO PARA CORDA DE 12 MM, EXTENSOR DE 25 X 300 MM, COM MOSQUETAO TIPO GANCHO TRAVA DUPLA",null,"UN",94.94,74.34]
[null,36150,"AVENTAL DE SEGURANCA DE RASPA DE COURO 1,00 X 0,60 M",null,"UN",23.99,18.78]
[null,36153,"TALABARTE DE SEGURANCA, 2 MOSQUETOES TRAVA DUPLA *53* MM DEABERTURA, COM ABSORVEDOR DE ENERGIA",null,"UN",108.07,84.62]
[null,36373,"TUBO PVC PBA JEI, CLASSE 12, DN 75 MM, PARA REDE DE AGUA (NBR 5647)",null,"M",8.3000000000000007,{"$f":"F577*(1-$G$7)-0.01","v":6.49}]
[null,36374,"TUBO PVC PBA JEI, CLASSE 12, DN 100 MM, PARA REDE DE AGUA (NBR 5647)",null,"M",12.93,10.119999999999999]
[null,36375,"TUBO PVC PBA JEI, CLASSE 15, DN 50 MM, PARA REDE DE AGUA (NBR 5647)",null,"M",6.22,4.87]
[null,36376,"TUBO PVC PBA JEI, CLASSE 15, DN 75 MM, PARA REDE DE AGUA (NBR 5647)",null,"M",15,{"$f":"F580*(1-$G$7)-0.01","v":11.74}]
[null,36378,"TUBO PVC PBA JEI, CLASSE 20, DN 50 MM, PARA REDE DE AGUA (NBR 5647)",null,"M",16.7,{"$f":"F581*(1-$G$7)-0.01","v":13.07}]
[null,"36888","GUARNICAO/MOLDURA DE ACABAMENTO PARA ESQUADRIA DE ALUMINIO ANODIZADO NATURAL, PARA 1 FACE",null,"M","13,56",10.62]
[null,37370,"ALIMENTACAO - HORISTA (COLETADO CAIXA)",null,"H",1.56,1.22]
[null,37371,"TRANSPORTE - HORISTA (COLETADO CAIXA)",null,"H",0.5,0.39]
[null,37372,"EXAMES - HORISTA (COLETADO CAIXA)",null,"H",0.37,0.28999999999999998]
[null,37373,"SEGURO - HORISTA (COLETADO CAIXA)",null,"H",0.02,0.02]
[null,"37395","PINO DE ACO COM FURO, HASTE = 27 MM (ACAO DIRETA)",null,"CENTO","43,29",33.9]
[null,"37411","TELA DE ACO SOLDADA GALVANIZADA/ZINCADA PARA ALVENARIA, FIO  D = *1,24 MM, MALHA 25 X 25 MM",null,"M2","9,67",{"$f":"F588*(1-$G$7)","v":7.57}]
[null,38022,"LUVA DE CORRER PARA TUBO SOLDAVEL, PVC, 60 MM, PARA AGUA FRIA PREDIAL",null,"UN",26.64,{"$f":"F589*(1-$G$7)-0.01","v":20.85}]
[null,38033,"TUBO PVC CORRUGADO, PAREDE DUPLA, JE, DN 200 MM, REDE COLETORA ESGOTO",null,"M",48.16,{"$f":"F590*(1-$G$7)-0.01","v":37.700000000000003}]
[null,38057,"HASTE DE ATERRAMENTO EM ACO COM 3,00 M DE COMPRIMENTO E DN = 1/2\", REVESTIDA COM BAIXA CAMADA DE COBRE, COM CONECTOR TIPO GRAMPO",null,"UN",44.82,35.090000000000003]
[null,38091,"ESPELHO / PLACA CEGA 4\" X 2\", PARA INSTALACAO DE TOMADAS E INTERRUPTORES",null,"UN",2.74,{"$f":"F592*(1-$G$7)-0.01","v":2.14}]
[null,38382,"LINHA DE PEDREIRO LISA 100 M",null,"UN",6.89,5.39]
[null,38390,"ROLO DE LA DE CARNEIRO 23 CM (SEM CABO)",null,"UN",20.78,16.27]
[null,38393,"ROLO DE ESPUMA POLIESTER 23 CM (SEM CABO)",null,"UN",9.3699999999999992,7.34]
[null,38396,"SELADOR HORIZONTAL PARA FITA DE ACO 1 \"",null,"UN",315.25,246.84]
[null,38399,"BOLSA DE LONA PARA FERRAMENTAS *50 X 35 X 25* CM",null,"UN",135.93,106.43]
[null,38413,"LIXADEIRA ELETRICA ANGULAR, PARA DISCO DE 7 \" (180 MM), POTENCIA DE 2.200 W, *5.000* RPM, 220 V",null,"UN",695.92,544.91]
[null,38476,"ESCADA DUPLA DE ABRIR EM ALUMINIO, MODELO PINTOR, 8 DEGRAUS",null,"UN",204.8,160.36000000000001]
[null,38477,"ESCADA EXTENSIVEL EM ALUMINIO COM 6,00 M ESTENDIDA",null,"UN",580,454.14]
[null,"39017","ESPACADOR / DISTANCIADOR CIRCULAR COM ENTRADA LATERAL, EM PLASTICO, PARA VERGALHAO *4,2 A 12,5* MM, COBRIMENTO 20 MM",null,"UN","0,17",0.13]
[null,"39025","PORTA DE ABRIR EM ALUMINIO TIPO VENEZIANA, ACABAMENTO ANODIZADO NATURAL, SEM GUARNICAO/ALIZAR/VISTA, 87 X 210 CM",null,"UN","935,06",732.15]
[null,39175,"BUCHA EM ALUMINIO, COM ROSCA, DE 3/4\", PARA ELETRODUTO",null,"UN",0.47,0.37]
[null,39243,"ELETRODUTO PVC FLEXIVEL CORRUGADO, REFORCADO, COR LARANJA, DE 20 MM, PARA LAJES E PISOS",null,"M",1.72,1.35]
[null,39244,"ELETRODUTO PVC FLEXIVEL CORRUGADO, REFORCADO, COR LARANJA, DE 25 MM, PARA LAJES E PISOS",null,"M",2.3199999999999998,{"$f":"F605*(1-$G$7)-0.01","v":1.81}]
[null,39246,"ELETRODUTODUTO PEAD FLEXIVEL PAREDE SIMPLES, CORRUGACAO HELICOIDAL, COR PRETA, SEM ROSCA, DE 1 1/2\",  PARA CABEAMENTO SUBTERRANEO (NBR 15715)",null,"M",2.67,2.09]
[null,39247,"ELETRODUTODUTO PEAD FLEXIVEL PAREDE SIMPLES, CORRUGACAO HELICOIDAL, COR PRETA, SEM ROSCA, DE 1 1/4\",  PARA CABEAMENTO SUBTERRANEO (NBR 15715)",null,"M",2.33,1.82]
[null,39259,"CABO MULTIPOLAR DE COBRE, FLEXIVEL, CLASSE 4 OU 5, ISOLACAO EM HEPR, COBERTURA EM PVC-ST2, ANTICHAMA BWF-B, 0,6/1 KV, 3 CONDUTORES DE 4 MM2",null,"M",5.47,4.28]
[null,39756,"QUADRO DE DISTRIBUICAO COM BARRAMENTO TRIFASICO, DE SOBREPOR, EM CHAPA DE ACO GALVANIZADO, PARA 12 DISJUNTORES DIN, 100 A",null,"UN",249.8,195.59]
[null,"40517","BLOQUETE/PISO DE CONCRETO - MODELO BLOCO PISOGRAMA/CONCREGRAMA 2 FUROS, *35  CM X 15* CM, E =  *6* CM, COR NATURAL",null,"M2","39,72",31.1]
[null,40861,"TRANSPORTE - MENSALISTA (ENCARGOS COMPLEMENTARES) (COLETADO CAIXA)",null,"MÊS",91.21,71.42]
[null,40862,"ALIMENTACAO - MENSALISTA (ENCARGOS COMPLEMENTARES) (COLETADO CAIXA)",null,"MÊS",413.84,324.04000000000002]
[null,41936,"TUBO COLETOR DE ESGOTO, PVC, JEI, DN 150 MM  (NBR 7362)",null,"M",35.450000000000003,27.76]
[null,"73549","ARGAMASSA TRACO 1:4 (CIMENTO E AREIA), PREPARO MANUAL, INCLUSO ADITIVO IMPERMEABILIZANTE",null,"M3","464,00",363.31]
[null,"83765","GRUPO DE SOLDAGEM COM GERADOR A DIESEL 60 CV PARA SOLDA ELÉTRICA, SOBRE 04 RODAS, COM MOTOR 4 CILINDROS 600 A - CHP DIURNO. AF_02/2016",null,"CHP","61,64",48.26]
[null,"83766","GRUPO DE SOLDAGEM COM GERADOR A DIESEL 60 CV PARA SOLDA ELÉTRICA, SOBRE 04 RODAS, COM MOTOR 4 CILINDROS 600 A - CHI DIURNO. AF_02/2016",null,"CHI","25,06",19.62]
[null,"86879","VÁLVULA EM PLÁSTICO 1\" PARA PIA, TANQUE OU LAVATÓRIO, COM OU SEM LADRÃO - FORNECIMENTO E INSTALAÇÃO. AF_12/2013",null,"UN","5,02",3.93]
[null,"86883","SIFÃO DO TIPO FLEXÍVEL EM PVC 1\u0094 X 1.1/2\u0094 - FORNECIMENTO E INSTALAÇÃO. AF_12/2013",null,"UN","8,29",6.49]
[null,"86884","ENGATE FLEXÍVEL EM PLÁSTICO BRANCO, 1/2\" X 30CM - FORNECIMENTO E INSTALAÇÃO. AF_12/2013",null,"UN","6,20",4.8499999999999996]
[null,"86902","LAVATÓRIO LOUÇA BRANCA COM COLUNA, *44 X 35,5* CM, PADRÃO POPULAR - FORNECIMENTO E INSTALAÇÃO. AF_12/2013",null,"UN","203,79",159.57]
[null,"86906","TORNEIRA CROMADA DE MESA, 1/2\" OU 3/4\", PARA LAVATÓRIO, PADRÃO POPULAR - FORNECIMENTO E INSTALAÇÃO. AF_12/2013",null,"UN","50,89",39.85]
[null,"87286","ARGAMASSA TRAÇO 1:1:6 (CIMENTO, CAL E AREIA MÉDIA) PARA EMBOÇO/MASSA ÚNICA/ASSENTAMENTO DE ALVENARIA DE VEDAÇÃO, PREPARO MECÂNICO COM BETONEIRA 400 L. AF_06/2014",null,"M3","311,69",244.05]
[null,"87292","ARGAMASSA TRAÇO 1:2:8 (CIMENTO, CAL E AREIA MÉDIA) PARA EMBOÇO/MASSA ÚNICA/ASSENTAMENTO DE ALVENARIA DE VEDAÇÃO, PREPARO MECÂNICO COM BETONEIRA 400 L. AF_06/2014",null,"M3","422,74",331.01]
[null,"87294","ARGAMASSA TRAÇO 1:2:9 (CIMENTO, CAL E AREIA MÉDIA) PARA EMBOÇO/MASSA ÚNICA/ASSENTAMENTO DE ALVENARIA DE VEDAÇÃO, PREPARO MECÂNICO COM BETONEIRA 600 L. AF_06/2014",null,"M3","392,23",307.12]
[null,"87298","ARGAMASSA TRAÇO 1:3 (CIMENTO E AREIA MÉDIA) PARA CONTRAPISO, PREPARO MECÂNICO COM BETONEIRA 400 L. AF_06/2014",null,"M3","457,12",357.92]
[null,"87316","ARGAMASSA TRAÇO 1:4 (CIMENTO E AREIA GROSSA) PARA CHAPISCO CONVENCIONAL, PREPARO MECÂNICO COM BETONEIRA 400 L. AF_06/2014",null,"M3","330,87",259.07]
[null,"87369","ARGAMASSA TRAÇO 1:2:8 (CIMENTO, CAL E AREIA MÉDIA) PARA EMBOÇO/MASSA ÚNICA/ASSENTAMENTO DE ALVENARIA DE VEDAÇÃO, PREPARO MANUAL. AF_06/2014",null,"M3","455,16",356.39]
[null,"87373","ARGAMASSA TRAÇO 1:4 (CIMENTO E AREIA MÉDIA) PARA CONTRAPISO, PREPARO MANUAL. AF_06/2014",null,"M3","429,95",336.65]
[null,"87630","CONTRAPISO EM ARGAMASSA TRAÇO 1:4 (CIMENTO E AREIA), PREPARO MECÂNICO COM BETONEIRA 400 L, APLICADO EM ÁREAS SECAS SOBRE LAJE, ADERIDO, ESPESSURA 3CM. AF_06/2014",null,"M2","30,70",24.04]
[null,"87745","CONTRAPISO EM ARGAMASSA TRAÇO 1:4 (CIMENTO E AREIA), PREPARO MECÂNICO COM BETONEIRA 400 L, APLICADO EM ÁREAS MOLHADAS SOBRE LAJE, ADERIDO, ESPESSURA 3CM. AF_06/2014",null,"M2","38,03",29.78]
[null,"87755","CONTRAPISO EM ARGAMASSA TRAÇO 1:4 (CIMENTO E AREIA), PREPARO MECÂNICO COM BETONEIRA 400 L, APLICADO EM ÁREAS MOLHADAS SOBRE IMPERMEABILIZAÇÃO, ESPESSURA 3CM. AF_06/2014",null,"M2","33,59",26.3]
[null,"88627","ARGAMASSA TRAÇO 1:0,5:4,5 (CIMENTO, CAL E AREIA MÉDIA) PARA ASSENTAMENTO DE ALVENARIA, PREPARO MANUAL. AF_08/2014",null,"M3","382,51",299.51]
[null,"88628","ARGAMASSA TRAÇO 1:3 (CIMENTO E AREIA MÉDIA), PREPARO MECÂNICO COM BETONEIRA 400 L. AF_08/2014",null,"M3","339,05",265.48]
[null,"88629","ARGAMASSA TRAÇO 1:3 (CIMENTO E AREIA MÉDIA), PREPARO MANUAL. AF_08/2014",null,"M3","372,09",291.35000000000002]
[null,"88631","ARGAMASSA TRAÇO 1:4 (CIMENTO E AREIA MÉDIA), PREPARO MANUAL. AF_08/2014",null,"M3","339,60",265.91000000000003]
[null,"89356","TUBO, PVC, SOLDÁVEL, DN 25MM, INSTALADO EM RAMAL OU SUB-RAMAL DE ÁGUA - FORNECIMENTO E INSTALAÇÃO. AF_12/2014",null,"M","14,58",11.42]
[null,"89362","JOELHO 90 GRAUS, PVC, SOLDÁVEL, DN 25MM, INSTALADO EM RAMAL OU SUB-RAMAL DE ÁGUA - FORNECIMENTO E INSTALAÇÃO. AF_12/2014",null,"UN","5,92",4.6399999999999997]
[null,"89366","JOELHO 90 GRAUS COM BUCHA DE LATÃO, PVC, SOLDÁVEL, DN 25MM, X 3/4\u0094 INSTALADO EM RAMAL OU SUB-RAMAL DE ÁGUA - FORNECIMENTO E INSTALAÇÃO. AF_12/2014",null,"UN","10,62",8.32]
[null,"89395","TE, PVC, SOLDÁVEL, DN 25MM, INSTALADO EM RAMAL OU SUB-RAMAL DE ÁGUA - FORNECIMENTO E INSTALAÇÃO. AF_12/2014",null,"UN","8,24",6.45]
[null,"89883","CAMINHÃO BASCULANTE 18 M3, COM CAVALO MECÂNICO DE CAPACIDADE MÁXIMA DE TRAÇÃO COMBINADO DE 45000 KG, POTÊNCIA 330 CV, INCLUSIVE SEMIREBOQUE COM CAÇAMBA METÁLICA - CHP DIURNO. AF_12/2014",null,"CHP","246,02",192.63]
[null,"89884","CAMINHÃO BASCULANTE 18 M3, COM CAVALO MECÂNICO DE CAPACIDADE MÁXIMA DE TRAÇÃO COMBINADO DE 45000 KG, POTÊNCIA 330 CV, INCLUSIVE SEMIREBOQUE COM CAÇAMBA METÁLICA - CHI DIURNO. AF_12/2014",null,"CHI","52,93",41.44]
[null,"89993","GRAUTEAMENTO VERTICAL EM ALVENARIA ESTRUTURAL. AF_01/2015",null,"M3","600,59",470.26]
[null,"89995","GRAUTEAMENTO DE CINTA SUPERIOR OU DE VERGA EM ALVENARIA ESTRUTURAL. AF_01/2015",null,"M3","576,98",451.78]
[null,"89996","ARMAÇÃO VERTICAL DE ALVENARIA ESTRUTURAL; DIÂMETRO DE 10,0 MM. AF_01/2015",null,"KG","5,81",4.55]
[null,"89998","ARMAÇÃO DE CINTA DE ALVENARIA ESTRUTURAL; DIÂMETRO DE 10,0 MM. AF_01/2015",null,"KG","5,45",4.2699999999999996]
[null,"90443","RASGO EM ALVENARIA PARA RAMAIS/ DISTRIBUIÇÃO COM DIAMETROS MENORES OU IGUAIS A 40 MM. AF_05/2015",null,"M","8,73",6.84]
[null,"90466","CHUMBAMENTO LINEAR EM ALVENARIA PARA RAMAIS/DISTRIBUIÇÃO COM DIÂMETROS MENORES OU IGUAIS A 40 MM. AF_05/2015",null,"M","8,62",6.75]
[null,"90586","VIBRADOR DE IMERSÃO, DIÂMETRO DE PONTEIRA 45MM, MOTOR ELÉTRICO TRIFÁSICO POTÊNCIA DE 2 CV - CHP DIURNO. AF_06/2015",null,"CHP","1,07",0.84]
[null,"90587","VIBRADOR DE IMERSÃO, DIÂMETRO DE PONTEIRA 45MM, MOTOR ELÉTRICO TRIFÁSICO POTÊNCIA DE 2 CV - CHI DIURNO. AF_06/2015",null,"CHI","0,30",0.23]
[null,"90991","ESCAVADEIRA HIDRÁULICA SOBRE ESTEIRAS, CAÇAMBA 0,80 M3, PESO OPERACIONAL 17,8 T, POTÊNCIA LÍQUIDA 110 HP - CHP DIURNO. AF_10/2014",null,"CHP","141,79",111.02]
[null,"91120","TRANSPORTE HORIZONTAL, TUBOS DE AÇO CARBONO LEVE OU MÉDIO, PRETO OU GALVANIZADO, COM DIÂMETRO MAIOR QUE 40 MM E MENOR OU IGUAL A 65 MM, MANUAL, 30M. AF_06/2015",null,"M","0,39",0.31]
[null,"91277","PLACA VIBRATÓRIA REVERSÍVEL COM MOTOR 4 TEMPOS A GASOLINA, FORÇA CENTRÍFUGA DE 25 KN (2500 KGF), POTÊNCIA 5,5 CV - CHP DIURNO. AF_08/2015",null,"CHP","4,56",{"$f":"F652*(1-$G$7)","v":3.57}]
[null,"91278","PLACA VIBRATÓRIA REVERSÍVEL COM MOTOR 4 TEMPOS A GASOLINA, FORÇA CENTRÍFUGA DE 25 KN (2500 KGF), POTÊNCIA 5,5 CV - CHI DIURNO. AF_08/2015",null,"CHI","0,54",0.42]
[null,"91283","CORTADORA DE PISO COM MOTOR 4 TEMPOS A GASOLINA, POTÊNCIA DE 13 HP, COM DISCO DE CORTE DIAMANTADO SEGMENTADO PARA CONCRETO, DIÂMETRO DE 350 MM, FURO DE 1\" (14 X 1\") - CHP DIURNO. AF_08/2015",null,"CHP","9,93",7.78]
[null,"91285","CORTADORA DE PISO COM MOTOR 4 TEMPOS A GASOLINA, POTÊNCIA DE 13 HP, COM DISCO DE CORTE DIAMANTADO SEGMENTADO PARA CONCRETO, DIÂMETRO DE 350 MM, FURO DE 1\" (14 X 1\") - CHI DIURNO. AF_08/2015",null,"CHI","0,78",0.61]
[null,"91533","COMPACTADOR DE SOLOS DE PERCUSSÃO (SOQUETE) COM MOTOR A GASOLINA 4 TEMPOS, POTÊNCIA 4 CV - CHP DIURNO. AF_08/2015",null,"CHP","33,60",26.31]
[null,"91534","COMPACTADOR DE SOLOS DE PERCUSSÃO (SOQUETE) COM MOTOR A GASOLINA 4 TEMPOS, POTÊNCIA 4 CV - CHI DIURNO. AF_08/2015",null,"CHI","30,27",23.7]
[null,"92138","CAMINHONETE COM MOTOR A DIESEL, POTÊNCIA 180 CV, CABINE DUPLA, 4X4 - CHP DIURNO. AF_11/2015",null,"CHP","129,91",101.72]
[null,"92794","CORTE E DOBRA DE AÇO CA-50, DIÂMETRO DE 10,0 MM, UTILIZADO EM ESTRUTURAS DIVERSAS, EXCETO LAJES. AF_12/2015",null,"KG","4,79",3.75]
[null,"92874","LANÇAMENTO COM USO DE BOMBA, ADENSAMENTO E ACABAMENTO DE CONCRETO EM ESTRUTURAS. AF_12/2015",null,"M3","23,89",18.71]
[null,"93281","GUINCHO ELÉTRICO DE COLUNA, CAPACIDADE 400 KG, COM MOTO FREIO, MOTOR TRIFÁSICO DE 1,25 CV - CHP DIURNO. AF_03/2016",null,"CHP","27,48",21.52]
[null,"93282","GUINCHO ELÉTRICO DE COLUNA, CAPACIDADE 400 KG, COM MOTO FREIO, MOTOR TRIFÁSICO DE 1,25 CV - CHI DIURNO. AF_03/2016",null,"CHI","26,87",21.04]
[null,"93408","MÁQUINA JATO DE PRESSAO PORTÁTIL PARA JATEAMENTO, CONTROLE AUTOMATICO REMOTO, CAMARA DE 1 SAIDA, CAPACIDADE 280 L, DIAMETRO 670 MM, BICO DE JATO CURTO VENTURI DE 5/16\u0094, MANGUEIRA DE 1\u0094 COM COMPRESSOR DE AR REBOCÁVEL VAZÃO 189 PCM E MOTOR DIESEL DE 63 CV -",null,"CHP","85,63",67.05]
[null,93557,"EPI (ENCARGOS COMPLEMENTARES) - MENSALISTA",null,"MES",190.68,149.30000000000001]
[null,"94115","LASTRO COM PREPARO DE FUNDO, LARGURA MAIOR OU IGUAL A 1,5 M, COM CAMADA DE AREIA, LANÇAMENTO MECANIZADO, EM LOCAL COM NÍVEL BAIXO DE INTERFERÊNCIA. AF_06/2016",null,"M3","97,51",76.349999999999994]
[null,"94116","LASTRO COM PREPARO DE FUNDO, LARGURA MAIOR OU IGUAL A 1,5 M, COM CAMADA DE BRITA, LANÇAMENTO MECANIZADO, EM LOCAL COM NÍVEL BAIXO DE INTERFERÊNCIA. AF_06/2016",null,"M3","131,99",103.35]
[null,"94962","CONCRETO MAGRO PARA LASTRO, TRAÇO 1:4,5:4,5 (CIMENTO/ AREIA MÉDIA/ BRITA 1)  - PREPARO MECÂNICO COM BETONEIRA 400 L. AF_07/2016",null,"M3","243,16",190.39]
[null,"94964","CONCRETO FCK = 20MPA, TRAÇO 1:2,7:3 (CIMENTO/ AREIA MÉDIA/ BRITA 1)  - PREPARO MECÂNICO COM BETONEIRA 400 L. AF_07/2016",null,"M3","291,08",227.92]
[null,"94970","CONCRETO FCK = 20MPA, TRAÇO 1:2,7:3 (CIMENTO/ AREIA MÉDIA/ BRITA 1)  - PREPARO MECÂNICO COM BETONEIRA 600 L. AF_07/2016",null,"M3","279,07",218.51]
[null,"95139","TALHA MANUAL DE CORRENTE, CAPACIDADE DE 2 TON. COM ELEVAÇÃO DE 3 M - CHP DIURNO. AF_07/2016",null,"CHP","0,06",0.05]
[null,"95606","UMIDIFICAÇÃO DE MATERIAL PARA VALAS COM CAMINHÃO PIPA 10000L. AF_11/2016",null,"M3","1,26",0.99]
[null,"96920","ARGAMASSA TRAÇO 1:3 (CIMENTO E AREIA), PREPARO MECANICO , INCLUSO ADITIVO IMPERMEABILIZANTE",null,"M3","446,69",349.76]
[null,"97734","PEÇA RETANGULAR PRÉ-MOLDADA, VOLUME DE CONCRETO DE 10 A 30 LITROS, TAXA DE AÇO APROXIMADA DE 30KG/M³. AF_01/2018",null,"M3","1.877,85",1470.36]
[null,"97735","PEÇA RETANGULAR PRÉ-MOLDADA, VOLUME DE CONCRETO DE 30 A 100 LITROS, TAXA DE AÇO APROXIMADA DE 30KG/M³. AF_01/2018",null,"M3","1.545,23",1209.92]
[null,"97738","PEÇA CIRCULAR PRÉ-MOLDADA, VOLUME DE CONCRETO DE 10 A 30 LITROS, TAXA DE FIBRA DE POLIPROPILENO APROXIMADA DE 6 KG/M³. AF_01/2018_P",null,"M3","3.200,03",2505.62]
[null,"97739","PEÇA CIRCULAR PRÉ-MOLDADA, VOLUME DE CONCRETO DE 30 A 100 LITROS, TAXA DE AÇO APROXIMADA DE 30KG/M³. AF_01/2018",null,"M3","1.830,71",1433.45]
[null,"97983","ACRÉSCIMO PARA POÇO DE VISITA CIRCULAR PARA ESGOTO, EM CONCRETO PRÉ-MOLDADO, DIÂMETRO INTERNO = 1 M. AF_05/2018",null,"M","291,43",228.19]
[null,"98114","TAMPA CIRCULAR PARA ESGOTO E DRENAGEM, EM FERRO FUNDIDO, DIÂMETRO INTERNO = 0,6 M. AF_05/2018",null,"UN","431,90",338.18]
[null,"98414","BASE PARA POÇO DE VISITA CIRCULAR PARA  ESGOTO, EM CONCRETO PRÉ-MOLDADO, DIÂMETRO INTERNO = 1 M, PROFUNDIDADE = 1,45 M, EXCLUINDO TAMPÃO. AF_05/2018_P",null,"UN","823,33",644.66999999999996]
[null,"C0833","CONCRETO GROUT C/ATÉ 50% DE PEDRISCO EM PESO, LANÇAMENTO E CURA",null,"M3",4319.45,3382.13]
[null,"Comprasnet","SULFATO DE ALUMÍNIO (2KG)",null,"UN ",10.48,{"$f":"F681*(1-$G$7)-0.01","v":8.1999999999999993}]
[null,"I0103","ARAME RECOZIDO N.18 BWG",null,"KG",9.9700000000000006,7.81]
[null,"I0163","AÇO CA-50",null,"KG",4.26,3.34]
[null,"I0256","BOMBA CENTRIFUGA P=5CV",null,"UN",1621.55,1269.67]
[null,"I0336","CABO COBRE NU 10MM2",null,"M",3.77,2.95]
[null,"I0700","CAMINHONETE SAVEIRO (CHP)",null,"H",54.04,42.31]
[null,"I0705","CAMINHÃO COMERC. EQUIP. C/GUINDASTE (CHP)",null,"H",99,77.52]
[null,"I0737","ESMERILHADEIRA INDUSTRIAL (CHP)",null,"H",1.0900000000000001,0.85]
[null,"I0771","TALHA MANUAL (CHP)",null,"H",0.17,0.13]
[null,"I1363","LUMINARIA FLUORESCENTE 2X20W COMPLETA COM LAMPADA",null,"UN",46,{"$f":"F690*(1-$G$7)-0.01","v":36.01}]
[null,"I1860","SERVIÇOS DE SONDAGEM À PERCUSSÃO",null,"M",54.52,{"$f":"F691*(1-$G$7)-0.01","v":42.68}]
[null,"I1951","TE AÇO GALVANIZADO DE 3'",null,"UN",66.349999999999994,51.95]
[null,"I1954","TE AÇO GALVANIZADO DE 4'",null,"UN",129.69999999999999,{"$f":"F693*(1-$G$7)-0.01","v":101.55}]
[null,"I2163","TUBO AÇO GALVANIZADO DE 100MM (4')",null,"M",77.400000000000006,60.6]
[null,"I2173","TUBO AÇO GALVANIZADO DE 80MM (3')",null,"M",47.86,37.47]
[null,"I2294","ÁGUA E ESGOTO",null,"M³",6.3,4.93]
[null,"I2321","ENERGIA ELETRICA",null,"KWH",0.57999999999999996,0.45]
[null,"I2904","COLAR DE TOMADA PVC C/TRAVAS SAIDA ROSC. DN 50 X 3/4\"",null,"UN",4.5999999999999996,3.6]
[null,"I2916","COLAR DE TOMADA FOFO P/ TUBOS DE PVC DN 75 X 1\"",null,"UN",30.52,{"$f":"F699*(1-$G$7)-0.01","v":23.89}]
[null,"I2927","COLAR DE TOMADA FOFO P/TUBOS PVC / DEFOFO DN 100 X 1\"",null,"UN",38.770000000000003,{"$f":"F700*(1-$G$7)-0.01","v":30.35}]
[null,"I2929","COLAR DE TOMADA FOFO P/TUBOS PVC / DEFOFO DN 150 X 1\"",null,"UN",48.29,37.81]
[null,"I3083","ADAPTADOR PBA / BOLSA DEFOFO JE DN 50",null,"UN",14.6,11.43]
[null,"I3348","CURVA 45 FOFO BB JUNTA ELÁSTICA DN 150",null,"UN",292.8,229.26]
[null,"I3362","CURVA 90 FOFO BB JUNTA ELÁSTICA DN 75",null,"UN",195.47,153.05000000000001]
[null,"I3364","CURVA 90 FOFO BB JUNTA ELÁSTICA DN 150",null,"UN",209.6,{"$f":"F705*(1-$G$7)-0.01","v":164.11}]
[null,"I3540","TE FOFO BBB JUNTA ELÁSTICA DN 100 X 100",null,"UN",332.25,{"$f":"F706*(1-$G$7)","v":260.14999999999998}]
[null,"I3577","TE FOFO BBF DN 150 X 50 PN10",null,"UN",343,{"$f":"F707*(1-$G$7)-0.01","v":268.56}]
[null,"I3642","TE FOFO FF DN 75 X 75 PN10",null,"UN",215.6,168.81]
[null,"I3891","JUNTA GIBAULT DN 75",null,"UN",135.4,{"$f":"F709*(1-$G$7)-0.01","v":106.01}]
[null,"I4059","REDUÇÃO PB JE FOFO/PVC DN 100 X 50",null,"UN",200.8,{"$f":"F710*(1-$G$7)-0.01","v":157.22}]
[null,"I4062","REDUÇÃO PB JE FOFO/PVC DN 150 X 100",null,"UN",264.04000000000002,206.74]
[null,"I4081","REDUÇÃO FOFO FF DN 100 X 75 PN10",null,"UN",262.23,{"$f":"F712*(1-$G$7)-0.01","v":205.32}]
[null,"I4083","REDUÇÃO FOFO FF DN 150 X 75 PN10",null,"UN",359.91,{"$f":"F713*(1-$G$7)-0.01","v":281.8}]
[null,"I4453","TUBO FOFO C/ FLANGES DN 75 PN10 - L=4000",null,"UN",1406.46,{"$f":"F714*(1-$G$7)-0.01","v":1101.25}]
[null,"I4474","TUBO FOFO C/ FLANGES DN 150 PN10 - L=3500",null,"UN",1876.65,{"$f":"F715*(1-$G$7)-0.01","v":1469.41}]
[null,"I4634","TUBO FOFO C/FLANGE E PONTA DN 75 PN10 - L=1500",null,"UN",602.55999999999995,{"$f":"F716*(1-$G$7)","v":471.8}]
[null,"I4643","TUBO FOFO C/FLANGE E PONTA DN 75 PN10 - L=5800",null,"UN",1530.42,{"$f":"F717*(1-$G$7)-0.01","v":1198.31}]
[null,"I4657","TUBO FOFO C/FLANGE E PONTA DN 150 PN10 - L=2000",null,"UN",1016.78,796.13]
[null,"I4884","CRIVO COM FLANGE DN 200 PN10",null,"UN",511.06,400.15]
[null,"I5326","REGISTRO VOLANTE E FLANGE DN 75 PN16",null,"UN",878.87,688.15]
[null,"I5639","VALVULA DE PE C/CRIVO PORT. DUPLA FLANGE DN 100 PN16",null,"UN",859.22,672.76]
[null,"I5749","VALVULA RETENÇÃO DN 100 PN16 FECH. RÁPIDO (CLASAR)",null,"UN",663.6,519.59]
[null,"I5750","VALVULA RETENÇÃO DN 150 PN16 FECH. RÁPIDO (CLASAR)",null,"UN",954.45,747.33]
[null,"I5751","VALVULA RETENÇÃO DN 200 PN16 FECH. RÁPIDO (CLASAR)",null,"UN",1378.65,1079.48]
[null,"I5995","PAINEL ELETRICO C/2 SOFT START 7,5CV,380V/60HZ",null,"UN",13400,10492.2]
[null,"I5996","PAINEL ELETRICO C/2 SOFT START 10CV,380V,60HZ",null,"UN",13640,10680.12]
[null,"I6301","KIT DE DOSAGEM DE SULFATO DE ALUMÍNIO OU CAL COM TANQUE DE 250L, BOMBA DOSADORA E AGITADOR, COMPLETO",null,"UN",10108.799999999999,7915.19]
[null,"I6302","KIT DE DOSAGEM DE SULFATO DE ALUMÍNIO OU CAL  COM TANQUE DE 500L, BOMBA DOSADORA E AGITADOR, COMPLETO",null,"UN",16142.4,{"$f":"F728*(1-$G$7)-0.01","v":12639.49}]
[null,"I6650","TUBO FOFO C/FLANGE E BOLSA DN 100 PN10 L=500",null,"UN",481.58,{"$f":"F729*(1-$G$7)-0.01","v":377.07}]
[null,"I6665","TUBO FOFO C/FLANGE E PONTA DN 75 PN10 L=500",null,"UN",359.17,281.23]
[null,"I6667","TUBO FOFO C/FLANGE E PONTA DN 150 PN10 L=500",null,"UN",505.97,396.17]
[null,"I6773","REDUÇÃO AÇO ASTM A-120 ROSCÁVEL DE (4\"X 3\")",null,"UN",25.83,20.22]
[null,"I6774","REDUÇÃO AÇO ASTM A-120 ROSCÁVEL DE (4\"X 2\")",null,"UN",29.37,{"$f":"F733*(1-$G$7)-0.01","v":22.99}]
[null,"I6850","COLARINHO PEAD PN 10 DN 110 MM",null,"UN",142.43,111.52]
[null,"I7333","FLUTUADOR PARA TUBO PEAD EM FIBRA DN 250 MM",null,"UN",910.49,712.91]
[null,"I7470","FLUTUANTE EM PRFV COM CAP. ATÉ 1.000KG",null,"UN",6607.45,5173.63]
[null,"I7471","VOLANTE EM FERRO DÚCTIL COM CUNHA METÁLICA 18",null,"UN",206.73,{"$f":"F737*(1-$G$7)-0.01","v":161.86000000000001}]
[null,"I7926","ARANDELA PARA FLUORESCENTE COMPACTA 18W EM ALUMÍNIO ANODIZADO E PINTADO POR PROCESSO ELETROSTÁTICO COM UM VISOR EM VIDRO FOSCO",null,"UN",137.68,107.8]
[null,"I7952","AÇO CA-50/60",null,"KG",4.22,3.3]
[null,"I8115","MATERIAIS E ACESSÓRIOS PARA SUBESTAÇÃO AÉREA DE 15 KVA / 13.800-380/220V COM QUADRO DE MEDIÇÃO E PROTEÇÃO GERAL",null,"UN",6327.52,{"$f":"F740*(1-$G$7)-0.01","v":4954.4399999999996}]
[null,"I8150","MATERIAIS E ACESSÓRIOS PARA REDE DE DISTRIBUIÇÃO RURAL PRIMÁRIA, TENSÃO DE 13,80 KV, PARA CABO DE ALUMÍNIO, COM ESTRUTURA DE ALINHAMENTO EM POSTE DE CONCRETO ARMADO DUPLO T 150/10 (CONDUTOR NÃO INCLUSO)",null,"KM",14731.61,11534.85]
[null,"I8156","CABO DE ALUMÍNIO COM ALMA DE AÇO, BITOLA 4 AWG, FORMAÇÃO 6/1 FIOS - SWAN",null,"KM",1484.91,1162.68]
[null,"I8498","CABO BLINDADO FLEXÍVEL TETRAPOLAR 3 X 4,0 MM² + 4,0 MM² 0,6/1 KV",null,"M",6.68,5.23]
[null,"I8500","CABO BLINDADO FLEXÍVEL TETRAPOLAR 3 X 10,0 MM² + 10,0 MM² 0,6/1 KV",null,"M",15.75,12.33]
[null,"I8613","TELEFONE FIXO",null,"UNXMÊS",255,199.67]
[null,"I8666","HIDRÔMETRO TIPO WOLTMANN HORIZONTAL QN=40M³/H, DN 80MM - COMPLETO",null,"UN",2740,2145.42]
[null,"I8668","HIDRÔMETRO TIPO WOLTMANN HORIZONTAL QN=150M³/H, DN 150MM - COMPLETO",null,"UN",5690,4455.2700000000004]
[null,"I8899","SENSOR DIGITAL DE PH, FAIXA 0 - 14 PH",null,"UN",552.05999999999995,432.26]
[null,"I8959","KIT MEDIÇÃO COMPARADOR DE CLORO E PH",null,"UN",49.74,{"$f":"F749*(1-$G$7)-0.01","v":38.94}]
[null,"M0001","PASSAGEM",null,"UN",{"$f":"20-0.0975","v":19.899999999999999},{"$f":"F750*(1-$G$7)","v":15.58}]
[null,"M0002","LOCAÇÃO DE IMÓVEL",null,"MÊS",500,391.5]
[null,"M0003","TIPO SEDAN 1.6 FLEX (115CV)",null,"MÊS",1836.97,{"$f":"F752*(1-$G$7)-35","v":1403.35}]
[null,"M0004","CAMINHONETE CABINE DUPLA, TRAÇÃO 4X4, ZERO QUILOMETRO, C/4 PORTAS, TRAVAS ELÉTRICAS, SOM AUTOMOTIVO,EQUIP.C/AR-COND.,QUE FICARÁ À DISP.DA FISC.,INCL.DESP.C/SEG.TOTAL, EMPLAC.,REVIS.CONS.,REP.,COMB.E LUBR.,LAV.,ETC ",null,"UN",5811.86,{"$f":"F753*(1-$G$7)-0.01","v":4550.68}]
[null,"M0005","HIPOCLORITO DE SÓDIO ( 10KG)",null,"UN",204.75,{"$f":"F754*(1-$G$7)-0.01","v":160.31}]
[null,"M0007","DISPERSOR HIDRÁULICO, CONFORME ESPECIFICAÇÃO DO PROJETO DOS FILTROS DA ETA",null,"UN",2745,{"$f":"F755*(1-$G$7)-0.01","v":2149.33}]
[]
[]
[null,"MÃO-DE-OBRA",null,null,null,"DESCONTO (INSUMOS)",0.217]
[null,""]
[null,"CODIGO  ","DESCRICAO DO INSUMO","UNIDADE","SALÁRIO BASE (Sindicato)","SALÁRIO C/ ENCARGOS (Tabelas)","  PRECO REAJUSTADO"]
[]
[null,"I0037","AJUDANTE","H",{"$f":"5.11*1.8787","v":9.6},"14,19",{"$f":"F762*(1-$G$758)","v":11.11}]
[null,"I0040","AJUDANTE DE ARMADOR/FERREIRO","H",{"$f":"5.11*1.8787","v":9.6},{"$f":"$F$762","v":"14,19"},{"$f":"F763*(1-$G$758)","v":11.11}]
[null,"88238","AJUDANTE DE ARMADOR (COM ENCARGOS INCLUSOS)","H",{"$f":"5.11*1.8787","v":9.6},{"$f":"$F$762","v":"14,19"},11.11]
[null,"88239","AJUDANTE DE CARPINTEIRO (COM ENCARGOS INCLUSOS)","H",{"$f":"5.11*1.8787","v":9.6},{"$f":"$F$762","v":"14,19"},11.11]
[null,88247,"AJUDANTE DE ELETRICISTA (COM ENCARGOS INCLUSOS)","H",{"$f":"5.11*1.8787","v":9.6},{"$f":"$F$762","v":"14,19"},11.11]
[]
[null,"88248","AUXILIAR DE ENCANADOR OU BOMBEIRO HIDRÁULICO (COM ENCARGOS INCLUSOS)","H",{"$f":"5.11*1.8787","v":9.6},{"$f":"$F$762","v":"14,19"},11.11]
[null,88252,"AUXILIAR DE SERVICOS GERAIS (COM ENCARGOS INCLUSOS)","H",{"$f":"5.11*1.8787","v":9.6},{"$f":"$F$762","v":"14,19"},11.11]
[null,"88253","AUXILIAR DE TOPÓGRAFO (COM ENCARGOS INCLUSOS)","H",{"$f":"5.11*1.8787","v":9.6},{"$f":"$F$762","v":"14,19"},11.11]
[]
[null,"88316","SERVENTE (COM ENCARGOS INCLUSOS)","H",{"$f":"5.11*1.8787","v":9.6},{"$f":"$F$762","v":"14,19"},11.11]
[null,6111,"SERVENTE DE OBRAS","H",{"$f":"5.11*1.8787","v":9.6},{"$f":"$F$762","v":"14,19"},11.11]
[]
[]
[null,"I2543","ARMADOR","H",{"$f":"6.79*1.8787","v":12.76},"17,26",{"$f":"F776*(1-$G$758)","v":13.51}]
[null,"88245","ARMADOR (COM ENCARGOS INCLUSOS)","H",12.76,"17,26",13.51]
[null,"I0121","ARMADOR/FERREIRO","H",12.76,"17,26",13.51]
[null,"88260","CALCETEIRO (COM ENCARGOS INCLUSOS)","H",12.76,"17,26",13.51]
[null,"88261","CARPINTEIRO DE ESQUADRIA (COM ENCARGOS INCLUSOS)","H",12.76,"17,26",13.51]
[null,"88262","CARPINTEIRO DE FORMAS (COM ENCARGOS INCLUSOS)","H",12.76,"17,26",13.51]
[null,2436,"ELETRICISTA","H",12.76,"17,26",13.51]
[null,2439,"ELETRICISTA DE MANUTENCAO INDUSTRIAL","H",12.76,"17,26",13.51]
[null,88265,"ELETRICISTA INDUSTRIAL                                                                                                                                                                                                                                         ","H",12.76,"17,26",13.51]
[null,"88267","ENCANADOR OU BOMBEIRO HIDRÁULICO (COM ENCARGOS INCLUSOS)","H",12.76,"17,26",13.51]
[null,"I1530","MONTADOR","H",12.76,"17,26",13.51]
[null,"88309","PEDREIRO (COM ENCARGOS INCLUSOS)","H",12.76,"17,26",13.51]
[null,"88310","PINTOR (COM ENCARGOS INCLUSOS)","H",12.76,"17,26",13.51]
[null,"88315","SERRALHEIRO (COM ENCARGOS INCLUSOS)","H",12.76,"17,26",13.51]
[null,"88317","SOLDADOR (COM ENCARGOS INCLUSOS)","H",12.76,"17,26",13.51]
[null,"88325","VIDRACEIRO (COM ENCARGOS INCLUSOS)","H",12.76,"17,26",13.51]
[]
[null,"88323","TELHADISTA (COM ENCARGOS INCLUSOS)","H",{"$f":"6.79*1.8787","v":12.76},"19,71",15.43]
[null,"88279","MONTADOR ELETROMECÃNICO (COM ENCARGOS INCLUSOS)","H",12.76,"24,51",19.190000000000001]
[null,4096,"MOTORISTA OPERADOR DE CAMINHAO COM MUNCK","H",12.76,25.96,20.329999999999998]
[null,"88278","MONTADOR DE ESTRUTURA METÁLICA (COM ENCARGOS INCLUSOS)","H",12.76,"26,93",21.09]
[null,"88246","ASSENTADOR DE TUBOS (COM ENCARGOS INCLUSOS)","H",12.76,"26,99",21.13]
[null,88286,"MOTORISTA OPERADOR DE MUNCK","H",12.76,29.43,23.04]
[null,"88277","MONTADOR (TUBO AÇO/EQUIPAMENTOS) (COM ENCARGOS INCLUSOS)","H",12.76,"44,68",34.979999999999997]
[null,"I8617","VIGIA (COM ENCARGOS INCLUSOS)","HXMÊS",1493.88,{"$f":"1844.06+66","v":1910.06},1495.58]
[]
[]
[null,88266,"ELETROTECNICO","H",null,{"$f":"13.9+2.42","v":16.32},{"$f":"F803*(1-$G$758)","v":12.78}]
[null,"I8598","AUXILIAR ADMINISTRATIVO (COM ENCARGOS INCLUSOS)","HXMÊS",null,{"$f":"1844.06+66","v":1910.06},{"$f":"F804*(1-$G$758)","v":1495.58}]
[null,"I8588","TÉCNICO DE SEGURANÇA DO TRABALHO (COM ENCARGOS INCLUSOS)","HXMÊS",null,3026.97,{"$f":"F805*(1-$G$758)","v":2370.12}]
[null,40809,"ALMOXARIFE (MENSALISTA)","MÊS",null,2192.2399999999998,{"$f":"F806*(1-$G$758)","v":1716.52}]
[null,40818,"ENCARREGADO GERAL DE OBRAS (MENSALISTA)","MÊS",null,5092.3,{"$f":"F807*(1-$G$758)","v":3987.27}]
[]
[null,90775,"DESENHISTA PROJETISTA","H",null,18.190000000000001,{"$f":"F809*(1-$G$758)","v":14.24}]
[null,54,"ENCARREGADO DE TURMA - FONTE DNIT - MÊS DE REF.: 05/18","H",null,26.58,20.81]
[null,"88322","TÉCNICO DE SONDAGEM (COM ENCARGOS INCLUSOS)","H",null,38.39,30.06]
[null,"90781","TOPOGRAFO (COM ENCARGOS INCLUSOS)","H",null,18.559999999999999,14.53]
[]
[null,90778,"ENGENHEIRO","H",null,80.17,62.77]
[null,2708,"ENGENHEIRO CIVIL DE OBRA SENIOR","H",null,107.74,84.36]
[null,91677,"ENGENHEIRO ELETRICISTA","H",null,68.680000000000007,53.78]
[null,40813,"ENGENHEIRO CIVIL DE OBRA PLENO (MENSALISTA)","MÊS",null,{"$f":"13747.99-73.637-16-4.5","v":13653.85},10690.96]
[null,40936,"ENGENHEIRO CIVIL JUNIOR (MENSALISTA)","MÊS",null,12254.86,9595.56]

{"sheet":"SINAPI","index":10,"n_rows":169,"n_cols":7,"rows_kept":169,"cut":false,"hidden":true,"merged":[]}
[]
[null,"INSUMO","SINAPI",50,"ADAPTADOR, PVC PBA, A BOLSA DEFOFO, JE, DN 75 / DE  85 MM","UN    ",26.45]
[null,"INSUMO","SINAPI",51,"ADAPTADOR, PVC PBA, A BOLSA DEFOFO, JE, DN 100 / DE 110 MM","UN    ",41.76]
[null,"INSUMO","SINAPI",107,"ADAPTADOR PVC SOLDAVEL CURTO COM BOLSA E ROSCA, 20 MM X 1/2\", PARA AGUA FRIA","UN    ",0.8]
[null,"INSUMO","SINAPI",113,"ADAPTADOR PVC SOLDAVEL CURTO COM BOLSA E ROSCA, 60 MM X 2\", PARA AGUA FRIA","UN    ",10.06]
[null,"INSUMO","SINAPI",318,"ANEL BORRACHA, PARA TUBO PVC DEFOFO, DN 150 MM (NBR 7665)","UN    ",9.68]
[null,"INSUMO","SINAPI",736,"BOMBA CENTRIFUGA  MOTOR ELETRICO TRIFASICO 2,96HP, DIAMETRO DE SUCCAO X ELEVACAO 1 1/2\" X 1 1/4\", DIAMETRO DO ROTOR 148 MM, HM/Q: 34 M / 14,80 M3/H A 40 M / 8,60 M3/H","UN    ",1239.57]
[null,"INSUMO","SINAPI",738,"BOMBA CENTRIFUGA MOTOR ELETRICO TRIFASICO 5HP, DIAMETRO DE SUCCAO X ELEVACAO 2\" X 1 1/2\", DIAMETRO DO ROTOR 155 MM, HM/Q: 40 M / 20,40 M3/H A 46 M / 9,20 M3/H","UN    ",2154.87]
[null,"INSUMO","SINAPI",740,"BOMBA CENTRIFUGA MOTOR ELETRICO TRIFASICO 9,86 DIAMETRO DE SUCCAO X ELEVACAO 1\" X 1\", 4 ESTAGIOS, DIAMETRO DOS ROTORES 4 X 146 MM, HM/Q: 85 M / 14,9 M3/H A 140 M / 4,2 M3/H","UN    ",4371.79]
[null,"INSUMO","SINAPI",1206,"CAP, PVC PBA, JE, DN 50 / DE 60 MM,  PARA REDE DE AGUA (NBR 10351)","UN    ",5.86]
[null,"INSUMO","SINAPI",1412,"COLAR TOMADA PVC, COM TRAVAS, SAIDA COM ROSCA, DE 85 MM X 1/2\" OU 85 MM X 3/4\", PARA LIGACAO PREDIAL DE AGUA","UN    ",15.54]
[null,"INSUMO","SINAPI",1414,"COLAR TOMADA PVC, COM TRAVAS, SAIDA COM ROSCA, DE 60 MM X 1/2\" OU 60 MM X 3/4\", PARA LIGACAO PREDIAL DE AGUA","UN    ",12.38]
[null,"INSUMO","SINAPI",1571,"TERMINAL A COMPRESSAO EM COBRE ESTANHADO PARA CABO 4 MM2, 1 FURO E 1 COMPRESSAO, PARA PARAFUSO DE FIXACAO M5","UN    ",0.87]
[null,"INSUMO","SINAPI",1574,"TERMINAL A COMPRESSAO EM COBRE ESTANHADO PARA CABO 10 MM2, 1 FURO E 1 COMPRESSAO, PARA PARAFUSO DE FIXACAO M6","UN    ",1.1299999999999999]
[null,"INSUMO","SINAPI",1725,"CRUZETA PVC PBA, JE, BBBB, DN 50 / DE 60 MM","UN    ",18.39]
[null,"INSUMO","SINAPI",1727,"CRUZETA DE REDUCAO PVC PBA, JE, BBBB, DN 75 X 50 / DE 85 X 60 MM","UN    ",63.75]
[null,"INSUMO","SINAPI",1780,"CURVA 45 GRAUS DE FERRO GALVANIZADO, COM ROSCA BSP FEMEA, DE 4\"","UN    ",331.65]
[null,"INSUMO","SINAPI",1792,"CURVA 90 GRAUS DE FERRO GALVANIZADO, COM ROSCA BSP FEMEA, DE 3\"","UN    ",171.11]
[null,"INSUMO","SINAPI",1793,"CURVA 90 GRAUS DE FERRO GALVANIZADO, COM ROSCA BSP FEMEA, DE 4\"","UN    ",345.75]
[null,"INSUMO","SINAPI",1823,"CURVA PVC PBA, JE, PB, 22 GRAUS, DN 75 / DE 85 MM, PARA REDE AGUA (NBR 10351)","UN    ",28.39]
[null,"INSUMO","SINAPI",1824,"CURVA PVC PBA, JE, PB, 90 GRAUS, DN 75 / DE 85 MM, PARA REDE AGUA (NBR 10351)","UN    ",32.29]
[null,"INSUMO","SINAPI",1831,"CURVA PVC PBA, JE, PB, 45 GRAUS, DN 50 / DE 60 MM, PARA REDE AGUA (NBR 10351)","UN    ",12.63]
[null,"INSUMO","SINAPI",1835,"CURVA PVC PBA, JE, PB, 22 GRAUS, DN 50 / DE 60 MM, PARA REDE AGUA (NBR 10351)","UN    ",12.16]
[null,"INSUMO","SINAPI",1956,"CURVA DE PVC 90 GRAUS, SOLDAVEL, 25 MM, PARA AGUA FRIA PREDIAL (NBR 5648)","UN    ",2.38]
[null,"INSUMO","SINAPI",2501,"ELETRODUTO FLEXIVEL, EM ACO GALVANIZADO, REVESTIDO EXTERNAMENTE COM PVC PRETO, DIAMETRO EXTERNO DE 32 MM (1\"), TIPO SEALTUBO","M     ",16.09]
[null,"INSUMO","SINAPI",2502,"ELETRODUTO FLEXIVEL, EM ACO GALVANIZADO, REVESTIDO EXTERNAMENTE COM PVC PRETO, DIAMETRO EXTERNO DE 40 MM (1 1/4\"), TIPO SEALTUBO","M     ",24.28]
[null,"INSUMO","SINAPI",2504,"ELETRODUTO FLEXIVEL, EM ACO GALVANIZADO, REVESTIDO EXTERNAMENTE COM PVC PRETO, DIAMETRO EXTERNO DE 25 MM (3/4\"), TIPO SEALTUBO","M     ",12.27]
[null,"INSUMO","SINAPI",2510,"RELE FOTOELETRICO INTERNO E EXTERNO BIVOLT 1000 W, DE CONECTOR, SEM BASE","UN    ",16.5]
[null,"INSUMO","SINAPI",2685,"ELETRODUTO DE PVC RIGIDO ROSCAVEL DE 1 \", SEM LUVA","M     ",4.53]
[null,"INSUMO","SINAPI",3148,"FITA VEDA ROSCA EM ROLOS DE 18 MM X 50 M (L X C)","UN    ",8.74]
[null,"INSUMO","SINAPI",3452,"COTOVELO 90 GRAUS DE FERRO GALVANIZADO, COM ROSCA BSP MACHO/FEMEA, DE 2\"","UN    ",32.299999999999997]
[null,"INSUMO","SINAPI",3529,"JOELHO PVC, SOLDAVEL, 90 GRAUS, 25 MM, PARA AGUA FRIA PREDIAL","UN    ",0.57999999999999996]
[null,"INSUMO","SINAPI",3540,"JOELHO PVC, SOLDAVEL, 90 GRAUS, 50 MM, PARA AGUA FRIA PREDIAL","UN    ",4.07]
[null,"INSUMO","SINAPI",3542,"JOELHO PVC, SOLDAVEL, 90 GRAUS, 20 MM, PARA AGUA FRIA PREDIAL","UN    ",0.39]
[null,"INSUMO","SINAPI",3825,"LUVA DE CORRER, PVC PBA, JE, DN 50 / DE 60 MM, PARA REDE AGUA (NBR 10351)","UN    ",8.27]
[null,"INSUMO","SINAPI",3838,"LUVA DE CORRER DEFOFO, PVC, JE, DN 150 MM","UN    ",50.59]
[null,"INSUMO","SINAPI",3854,"LUVA DE CORRER PARA TUBO SOLDAVEL, PVC, 20 MM, PARA AGUA FRIA PREDIAL","UN    ",6.21]
[null,"INSUMO","SINAPI",3868,"LUVA DE REDUCAO SOLDAVEL, PVC, 25 MM X 20 MM, PARA AGUA FRIA PREDIAL","UN    ",0.92]
[null,"INSUMO","SINAPI",3919,"LUVA DE REDUCAO DE FERRO GALVANIZADO, COM ROSCA BSP, DE 1\" X 3/4\"","UN    ",7.46]
[null,"INSUMO","SINAPI",4177,"NIPLE DE FERRO GALVANIZADO, COM ROSCA BSP, DE 1/2\"","UN    ",3.12]
[null,"INSUMO","SINAPI",4181,"NIPLE DE FERRO GALVANIZADO, COM ROSCA BSP, DE 2\"","UN    ",19.420000000000002]
[null,"INSUMO","SINAPI",4182,"NIPLE DE FERRO GALVANIZADO, COM ROSCA BSP, DE 3\"","UN    ",48.37]
[null,"INSUMO","SINAPI",4183,"NIPLE DE FERRO GALVANIZADO, COM ROSCA BSP, DE 4\"","UN    ",77.87]
[null,"INSUMO","SINAPI",4209,"NIPLE DE FERRO GALVANIZADO, COM ROSCA BSP, DE 1 1/2\"","UN    ",12.49]
[null,"INSUMO","SINAPI",5086,"CORRENTE DE ELO CURTO COMUM, SOLDADA, GALVANIZADA, ESPESSURA DO ELO = 1/2\" (12,5 MM)","KG    ",21.1]
[null,"INSUMO","SINAPI",6012,"REGISTRO GAVETA BRUTO EM LATAO FORJADO, BITOLA 3 \" (REF 1509)","UN    ",229.04]
[null,"INSUMO","SINAPI",6019,"REGISTRO GAVETA BRUTO EM LATAO FORJADO, BITOLA 1 \" (REF 1509)","UN    ",38.06]
[null,"INSUMO","SINAPI",6027,"REGISTRO GAVETA BRUTO EM LATAO FORJADO, BITOLA 4 \" (REF 1509)","UN    ",477.25]
[null,"SERVIÇO","SINAPI",6514,"FORNECIMENTO E LANCAMENTO DE BRITA N. 4","M3",91.82]
[null,"INSUMO","SINAPI",7048,"TE, PVC PBA, BBB, 90 GRAUS, DN 50 / DE 60 MM, PARA REDE AGUA (NBR 10351)","UN    ",18.75]
[null,"INSUMO","SINAPI",7088,"TE, PVC PBA, BBB, 90 GRAUS, DN 75 / DE 85 MM, PARA REDE AGUA (NBR 10351)","UN    ",46.99]
[null,"INSUMO","SINAPI",7696,"TUBO ACO GALVANIZADO COM COSTURA, CLASSE MEDIA, DN 2\", E = *3,65* MM, PESO *5,10* KG/M (NBR 5580)","M     ",42.12]
[null,"INSUMO","SINAPI",9887,"UNIAO DE FERRO GALVANIZADO, COM ROSCA BSP, COM ASSENTO PLANO, DE 2\"","UN    ",56.29]
[null,"INSUMO","SINAPI",9890,"UNIAO DE FERRO GALVANIZADO, COM ROSCA BSP, COM ASSENTO PLANO, DE 3\"","UN    ",144.29]
[null,"INSUMO","SINAPI",9891,"UNIAO DE FERRO GALVANIZADO, COM ROSCA BSP, COM ASSENTO PLANO, DE 4\"","UN    ",202.55]
[null,"INSUMO","SINAPI",10232,"VALVULA DE RETENCAO DE BRONZE, PE COM CRIVOS, EXTREMIDADE COM ROSCA, DE 2\", PARA FUNDO DE POCO","UN    ",93.77]
[null,"INSUMO","SINAPI",10406,"VALVULA DE RETENCAO HORIZONTAL, DE BRONZE (PN-25), 3\", 400 PSI, TAMPA DE PORCA DE UNIAO, EXTREMIDADES COM ROSCA","UN    ",332.39]
[null,"INSUMO","SINAPI",11075,"AREIA PARA LEITO FILTRANTE (0,42 A 1,68 MM) - POSTO JAZIDA/FORNECEDOR (RETIRADO NA JAZIDA, SEM TRANSPORTE)","M3    ",1023.43]
[null,"INSUMO","SINAPI",11079,"MATERIAL FILTRANTE (PEDREGULHO) 0,6 A 25,46 MM (POSTO PEDREIRA/FORNECEDOR, SEM FRETE)","M3    ",690.92]
[null,"INSUMO","SINAPI",11321,"REDUCAO PVC PBA, JE, PB, DN 100 X 50 / DE 110 X 60 MM, PARA REDE DE AGUA","UN    ",17.59]
[null,"INSUMO","SINAPI",11493,"TE DE REDUCAO, PVC PBA, BBB, JE, DN 75 X 50 / DE 85 X 60 MM, PARA REDE AGUA (NBR 10351)","UN    ",39.08]
[null,"INSUMO","SINAPI",11714,"CAIXA SIFONADA PVC, 150 X 185 X 75 MM, COM GRELHA QUADRADA BRANCA","UN    ",36.5]
[null,"INSUMO","SINAPI",11716,"CAIXA SIFONADA PVC, 100 X 100 X 40 MM, COM GRELHA REDONDA BRANCA","UN    ",11.43]
[null,"INSUMO","SINAPI",11717,"CAIXA SIFONADA PVC, 150 X 150 X 50 MM, COM GRELHA REDONDA BRANCA","UN    ",29.34]
[null,"INSUMO","SINAPI",11831,"TORNEIRA PLASTICA PARA TANQUE 1/2 \" OU 3/4 \" COM BICO PARA MANGUEIRA","UN    ",22.3]
[null,"INSUMO","SINAPI",12001,"CAIXA OCTOGONAL DE FUNDO MOVEL, EM PVC, DE 4\" X 4\", PARA ELETRODUTO FLEXIVEL CORRUGADO","UN    ",5.08]
[null,"INSUMO","SINAPI",12777,"HIDROMETRO WOLTMANN, VAZAO MAXIMA DE 80,0 M3/H, DE 3\"","UN    ",1970.55]
[null,"INSUMO","SINAPI",12863,"ADAPTADOR, PVC PBA, A BOLSA DEFOFO, JE, DN 50 / DE 60 MM","UN    ",12.02]
[null,"INSUMO","SINAPI",12943,"CRUZETA PVC PBA, JE, BBBB, DN 75 / DE 85 MM","UN    ",45.39]
[null,"INSUMO","SINAPI",13244,"CONE DE SINALIZACAO EM PVC RIGIDO COM FAIXA REFLETIVA, H = 70 / 76 CM","UN    ",29]
[null,"INSUMO","SINAPI",20032,"REDUCAO PVC PBA, JE, BB, DN 75 X 50 / DE 85 X 60 MM, PARA REDE DE AGUA","UN    ",37.270000000000003]
[null,"INSUMO","SINAPI",20080,"ADESIVO PLASTICO PARA PVC, FRASCO COM 175 GR","UN    ",14.22]
[null,"INSUMO","SINAPI",20327,"REDUCAO PVC PBA, JE, PB, DN 75 X 50 / DE 85 X 60 MM, PARA REDE DE AGUA","UN    ",12.43]
[null,"INSUMO","SINAPI",20973,"UNIAO TIPO STORZ, COM EMPATACAO INTERNA TIPO ANEL DE EXPANSAO, ENGATE RAPIDO 1 1/2\", PARA MANGUEIRA DE COMBATE A INCENDIO PREDIAL","UN    ",97.34]
[null,"INSUMO","SINAPI",34653,"DISJUNTOR TIPO DIN/IEC, MONOPOLAR DE 6  ATE  32A","UN    ",9.7799999999999994]
[null,"INSUMO","SINAPI",34709,"DISJUNTOR TIPO DIN/IEC, TRIPOLAR DE 10 ATE 50A","UN    ",68.7]
[null,"INSUMO","SINAPI",36378,"TUBO PVC PBA JEI, CLASSE 20, DN 50 MM, PARA REDE DE AGUA (NBR 5647)","M     ",16.7]
[null,"INSUMO","SINAPI",38022,"LUVA DE CORRER PARA TUBO SOLDAVEL, PVC, 60 MM, PARA AGUA FRIA PREDIAL","UN    ",26.64]
[null,"INSUMO","SINAPI",38033,"TUBO PVC CORRUGADO, PAREDE DUPLA, JE, DN 200 MM, REDE COLETORA ESGOTO","M     ",48.16]
[null,"INSUMO","SINAPI",38091,"ESPELHO / PLACA CEGA 4\" X 2\", PARA INSTALACAO DE TOMADAS E INTERRUPTORES","UN    ",2.74]
[null,"INSUMO","SINAPI",39244,"ELETRODUTO PVC FLEXIVEL CORRUGADO, REFORCADO, COR LARANJA, DE 25 MM, PARA LAJES E PISOS","M     ",2.3199999999999998]
[null,"INSUMO","SINAPI",39246,"ELETRODUTODUTO PEAD FLEXIVEL PAREDE SIMPLES, CORRUGACAO HELICOIDAL, COR PRETA, SEM ROSCA, DE 1 1/2\",  PARA CABEAMENTO SUBTERRANEO (NBR 15715)","M     ",2.67]
[null,"INSUMO","SINAPI",39247,"ELETRODUTODUTO PEAD FLEXIVEL PAREDE SIMPLES, CORRUGACAO HELICOIDAL, COR PRETA, SEM ROSCA, DE 1 1/4\",  PARA CABEAMENTO SUBTERRANEO (NBR 15715)","M     ",2.33]
[null,"INSUMO","SINAPI",39756,"QUADRO DE DISTRIBUICAO COM BARRAMENTO TRIFASICO, DE SOBREPOR, EM CHAPA DE ACO GALVANIZADO, PARA 12 DISJUNTORES DIN, 100 A","UN    ",249.8]
[null,"SERVIÇO","SINAPI",55960,"IMUNIZACAO DE MADEIRAMENTO PARA COBERTURA UTILIZANDO CUPINICIDA INCOLOR","M2",5.05]
[null,"SERVIÇO","SINAPI",72117,"VIDRO LISO COMUM TRANSPARENTE, ESPESSURA 4MM","M2",97.97]
[null,"SERVIÇO","SINAPI",72871,"MOBILIZACAO E INSTALACAO DE 01 EQUIPAMENTO DE SONDAGEM, DISTANCIA ATE 10KM","UN",339.07]
[null,"SERVIÇO","SINAPI",72895,"CARGA, MANOBRAS E DESCARGA DE MATERIAIS DIVERSOS, COM CAMINHAO BASCULANTE 6M3 (CARGA E DESCARGA MANUAIS)","M3",21.42]
[null,"SERVIÇO","SINAPI",72915,"ESCAVACAO MECANICA DE VALA EM MATERIAL DE 2A. CATEGORIA ATE 2 M DE PROFUNDIDADE COM UTILIZACAO DE ESCAVADEIRA HIDRAULICA","M3",10.63]
[null,"SERVIÇO","SINAPI",73361,"CONCRETO CICLOPICO FCK=10MPA 30% PEDRA DE MAO INCLUSIVE LANCAMENTO","M3",337.49]
[null,"SERVIÇO","SINAPI",73610,"LOCAÇÃO DE REDES DE ÁGUA OU DE ESGOTO","M",0.9]
[null,"SERVIÇO","SINAPI",73656,"JATEAMENTO COM AREIA EM ESTRUTURA METALICA","M2",18.64]
[null,"SERVIÇO","SINAPI",73672,"DESMATAMENTO E LIMPEZA MECANIZADA DE TERRENO COM ARVORES ATE Ø 15CM, UTILIZANDO TRATOR DE ESTEIRAS","M2",0.36]
[null,"SERVIÇO","SINAPI",73679,"LOCAÇÃO DE ADUTORAS, COLETORES TRONCO E INTERCEPTORES - ATÉ DN 500 MM","M",2.0699999999999998]
[null,"SERVIÇO","SINAPI",73694,"INSTALACAO DE BOMBA DOSADORA","UN",135.44]
[null,"SERVIÇO","SINAPI",79472,"REGULARIZACAO DE SUPERFICIES EM TERRA COM MOTONIVELADORA","M2",0.48]
[null,"SERVIÇO","SINAPI",83344,"ESPALHAMENTO DE MATERIAL EM BOTA FORA, COM UTILIZACAO DE TRATOR DE ESTEIRAS DE 165 HP","M3",0.89]
[null,"SERVIÇO","SINAPI",83518,"ALVENARIA EMBASAMENTO E=20 CM BLOCO CONCRETO","M3",287.37]
[null,"SERVIÇO","SINAPI",83624,"GRELHA DE FERRO FUNDIDO PARA CANALETA LARG = 20CM, FORNECIMENTO E ASSENTAMENTO","M",165.4]
[null,"SERVIÇO","SINAPI",83724,"ASSENTAMENTO DE PECAS, CONEXOES, APARELHOS E ACESSORIOS DE FERRO FUNDIDO DUCTIL, JUNTA ELASTICA, MECANICA OU FLANGEADA, COM DIAMETROS DE 50 A 300 MM.","KG",2.19]
[null,"SERVIÇO","SINAPI",83878,"LIGACAO DA REDE 50MM AO RAMAL PREDIAL 1/2\"","UN",47.46]
[null,"SERVIÇO","SINAPI",83879,"LIGACAO DA REDE 75MM AO RAMAL PREDIAL 1/2\"","UN",54.56]
[null,"SERVIÇO","SINAPI",84132,"SOLDA DE TOPO DESCENDENTE, EM CHAPA ACO CHANFR 5/16\" ESP (P/ ASSENT TUBULACAO OU PECA DE ACO) UTILIZANDO CONVERSOR DIESEL.","M",214.29]
[null,"SERVIÇO","SINAPI",85120,"MANOMETRO 0 A 200 PSI (0 A 14 KGF/CM2), D = 50MM - FORNECIMENTO E COLOCACAO","UN",111.37]
[null,"SERVIÇO","SINAPI",85424,"ISOLAMENTO DE OBRA COM TELA PLASTICA COM MALHA DE 5MM E ESTRUTURA DE MADEIRA PONTALETEADA","M2",20.079999999999998]
[null,"SERVIÇO","SINAPI",86939,"LAVATÓRIO LOUÇA BRANCA COM COLUNA, *44 X 35,5* CM, PADRÃO POPULAR, INCLUSO SIFÃO FLEXÍVEL EM PVC, VÁLVULA E ENGATE FLEXÍVEL 30CM EM PLÁSTICO E COM TORNEIRA CROMADA PADRÃO POPULAR - FORNECIMENTO E INSTALAÇÃO. AF_12/2013","UN",274.19]
[null,"SERVIÇO","SINAPI",87504,"ALVENARIA DE VEDAÇÃO DE BLOCOS CERÂMICOS FURADOS NA HORIZONTAL DE 9X19X19CM (ESPESSURA 9CM) DE PAREDES COM ÁREA LÍQUIDA MAIOR OU IGUAL A 6M² SEM VÃOS E ARGAMASSA DE ASSENTAMENTO COM PREPARO MANUAL. AF_06/2014","M2",51.23]
[null,"SERVIÇO","SINAPI",87509,"ALVENARIA DE VEDAÇÃO DE BLOCOS CERÂMICOS FURADOS NA HORIZONTAL DE 14X9X19CM (ESPESSURA 14CM, BLOCO DEITADO) DE PAREDES COM ÁREA LÍQUIDA MAIOR OU IGUAL A 6M² SEM VÃOS E ARGAMASSA DE ASSENTAMENTO COM PREPARO EM BETONEIRA. AF_06/2014","M2",82.72]
[null,"SERVIÇO","SINAPI",87767,"CONTRAPISO EM ARGAMASSA TRAÇO 1:4 (CIMENTO E AREIA), PREPARO MANUAL, APLICADO EM ÁREAS MOLHADAS SOBRE IMPERMEABILIZAÇÃO, ESPESSURA 4CM. AF_06/2014","M2",39.86]
[null,"SERVIÇO","SINAPI",87794,"EMBOÇO OU MASSA ÚNICA EM ARGAMASSA TRAÇO 1:2:8, PREPARO MANUAL, APLICADA MANUALMENTE EM PANOS CEGOS DE FACHADA (SEM PRESENÇA DE VÃOS), ESPESSURA DE 25 MM. AF_06/2014","M2",27.46]
[null,"SERVIÇO","SINAPI",88488,"APLICAÇÃO MANUAL DE PINTURA COM TINTA LÁTEX ACRÍLICA EM TETO, DUAS DEMÃOS. AF_06/2014","M2",11.01]
[null,"SERVIÇO","SINAPI",88489,"APLICAÇÃO MANUAL DE PINTURA COM TINTA LÁTEX ACRÍLICA EM PAREDES, DUAS DEMÃOS. AF_06/2014","M2",9.74]
[null,"SERVIÇO","SINAPI",88549,"FORNECIMENTO E ASSENTAMENTO DE BRITA 2-DRENOS E FILTROS   MM","M3",72.33]
[null,"SERVIÇO","SINAPI",89957,"PONTO DE CONSUMO TERMINAL DE ÁGUA FRIA (SUBRAMAL) COM TUBULAÇÃO DE PVC, DN 25 MM, INSTALADO EM RAMAL DE ÁGUA, INCLUSOS RASGO E CHUMBAMENTO EM ALVENARIA. AF_12/2014","UN",93.25]
[null,"SERVIÇO","SINAPI",90830,"FECHADURA DE EMBUTIR COM CILINDRO, EXTERNA, COMPLETA, ACABAMENTO PADRÃO MÉDIO, INCLUSO EXECUÇÃO DE FURO - FORNECIMENTO E INSTALAÇÃO. AF_08/2015","UN",82.52]
[null,"SERVIÇO","SINAPI",91341,"PORTA EM ALUMÍNIO DE ABRIR TIPO VENEZIANA COM GUARNIÇÃO, FIXAÇÃO COM PARAFUSOS - FORNECIMENTO E INSTALAÇÃO. AF_08/2015","M2",651.15]
[null,"SERVIÇO","SINAPI",92391,"EXECUÇÃO DE PAVIMENTO EM PISO INTERTRAVADO, COM BLOCO PISOGRAMA DE 35 X 25 CM, ESPESSURA 6 CM. AF_12/2015","M2",46.04]
[null,"SERVIÇO","SINAPI",92565,"FABRICAÇÃO E INSTALAÇÃO DE ESTRUTURA PONTALETADA DE MADEIRA NÃO APARELHADA PARA TELHADOS COM ATÉ 2 ÁGUAS E PARA TELHA CERÂMICA OU DE CONCRETO, INCLUSO TRANSPORTE VERTICAL. AF_12/2015","M2",26.93]
[null,"SERVIÇO","SINAPI",92762,"ARMAÇÃO DE PILAR OU VIGA DE UMA ESTRUTURA CONVENCIONAL DE CONCRETO ARMADO EM UM EDIFÍCIO DE MÚLTIPLOS PAVIMENTOS UTILIZANDO AÇO CA-50 DE 10,0 MM - MONTAGEM. AF_12/2015","KG",6.13]
[null,"SERVIÇO","SINAPI",92919,"ARMAÇÃO DE ESTRUTURAS DE CONCRETO ARMADO, EXCETO VIGAS, PILARES, LAJES E FUNDAÇÕES, UTILIZANDO AÇO CA-50 DE 10,0 MM - MONTAGEM. AF_12/2015","KG",6.55]
[null,"SERVIÇO","SINAPI",93202,"FIXAÇÃO (ENCUNHAMENTO) DE ALVENARIA DE VEDAÇÃO COM TIJOLO MACIÇO. AF_03/2016","M",15.84]
[null,"SERVIÇO","SINAPI",93374,"REATERRO MECANIZADO DE VALA COM RETROESCAVADEIRA (CAPACIDADE DA CAÇAMBA DA RETRO: 0,26 M³ / POTÊNCIA: 88 HP), LARGURA ATÉ 0,8 M, PROFUNDIDADE ATÉ 1,5 M, COM SOLO (SEM SUBSTITUIÇÃO) DE 1ª CATEGORIA EM LOCAIS COM ALTO NÍVEL DE INTERFERÊNCIA. AF_04/2016","M3",23.11]
[null,"SERVIÇO","SINAPI",93379,"REATERRO MECANIZADO DE VALA COM RETROESCAVADEIRA (CAPACIDADE DA CAÇAMBA DA RETRO: 0,26 M³ / POTÊNCIA: 88 HP), LARGURA DE 0,8 A 1,5 M, PROFUNDIDADE ATÉ 1,5 M, COM SOLO (SEM SUBSTITUIÇÃO) DE 1ª CATEGORIA EM LOCAIS COM BAIXO NÍVEL DE INTERFERÊNCIA. AF_04/2016","M3",16.72]
[null,"SERVIÇO","SINAPI",94102,"LASTRO DE VALA COM PREPARO DE FUNDO, LARGURA MENOR QUE 1,5 M, COM CAMADA DE AREIA, LANÇAMENTO MANUAL, EM LOCAL COM NÍVEL BAIXO DE INTERFERÊNCIA. AF_06/2016","M3",139.02000000000001]
[null,"SERVIÇO","SINAPI",94201,"TELHAMENTO COM TELHA CERÂMICA CAPA-CANAL, TIPO COLONIAL, COM ATÉ 2 ÁGUAS, INCLUSO TRANSPORTE VERTICAL. AF_06/2016","M2",42.62]
[null,"SERVIÇO","SINAPI",94274,"ASSENTAMENTO DE GUIA (MEIO-FIO) EM TRECHO CURVO, CONFECCIONADA EM CONCRETO PRÉ-FABRICADO, DIMENSÕES 100X15X13X30 CM (COMPRIMENTO X BASE INFERIOR X BASE SUPERIOR X ALTURA), PARA VIAS URBANAS (USO VIÁRIO). AF_06/2016","M",35.31]
[null,"SERVIÇO","SINAPI",94275,"ASSENTAMENTO DE GUIA (MEIO-FIO) EM TRECHO RETO, CONFECCIONADA EM CONCRETO PRÉ-FABRICADO, DIMENSÕES 100X15X13X20 CM (COMPRIMENTO X BASE INFERIOR X BASE SUPERIOR X ALTURA), PARA URBANIZAÇÃO INTERNA DE EMPREENDIMENTOS. AF_06/2016_P","M",31.05]
[null,"SERVIÇO","SINAPI",94315,"ATERRO MECANIZADO DE VALA COM RETROESCAVADEIRA (CAPACIDADE DA CAÇAMBA DA RETRO: 0,26 M³ / POTÊNCIA: 88 HP), LARGURA ATÉ 0,8 M, PROFUNDIDADE ATÉ 1,5 M, COM SOLO ARGILO-ARENOSO. AF_05/2016","M3",41.39]
[null,"SERVIÇO","SINAPI",94438,"(COMPOSIÇÃO REPRESENTATIVA) DO SERVIÇO DE CONTRAPISO EM ARGAMASSA TRAÇO 1:4 (CIM E AREIA), EM BETONEIRA 400 L, ESPESSURA 3 CM ÁREAS SECAS E 3 CM ÁREAS MOLHADAS, PARA EDIFICAÇÃO HABITACIONAL UNIFAMILIAR (CASA) E EDIFICAÇÃO PÚBLICA PADRÃO. AF_11/2014","M2",32.619999999999997]
[null,"SERVIÇO","SINAPI",94559,"JANELA DE AÇO BASCULANTE, FIXAÇÃO COM ARGAMASSA, SEM VIDROS, PADRONIZADA. AF_07/2016","M2",450.13]
[null,"SERVIÇO","SINAPI",94990,"EXECUÇÃO DE PASSEIO (CALÇADA) OU PISO DE CONCRETO COM CONCRETO MOLDADO IN LOCO, FEITO EM OBRA, ACABAMENTO CONVENCIONAL, NÃO ARMADO. AF_07/2016","M3",512.28]
[null,"SERVIÇO","SINAPI",95425,"TRANSPORTE COM CAMINHÃO BASCULANTE DE 18 M3, EM VIA URBANA EM LEITO NATURAL (UNIDADE: M3XKM). AF_09/2016","M3XKM",1.24]
[null,"SERVIÇO","SINAPI",95465,"COBOGO CERAMICO (ELEMENTO VAZADO), 9X20X20CM, ASSENTADO COM ARGAMASSA TRACO 1:4 DE CIMENTO E AREIA","M2",111.2]
[null,"SERVIÇO","SINAPI",95467,"EMBASAMENTO C/PEDRA ARGAMASSADA UTILIZANDO ARG.CIM/AREIA 1:4","M3",352.25]
[null,"SERVIÇO","SINAPI",96521,"ESCAVAÇÃO MECANIZADA PARA BLOCO DE COROAMENTO OU SAPATA, COM PREVISÃO DE FÔRMA, COM RETROESCAVADEIRA. AF_06/2017","M3",33.83]
[null,"SERVIÇO","SINAPI",96995,"REATERRO MANUAL APILOADO COM SOQUETE. AF_10/2017","M3",34.03]
[null,"SERVIÇO","SINAPI",97065,"MONTAGEM E DESMONTAGEM DE ANDAIME MULTIDIRECIONAL (EXCLUSIVE ANDAIME E LIMPEZA). AF_11/2017","M3",6.9]
[null,"SERVIÇO","SINAPI",97124,"ASSENTAMENTO DE TUBO DE PVC PBA PARA REDE DE ÁGUA, DN 50 MM, JUNTA ELÁSTICA INTEGRADA, INSTALADO EM LOCAL COM NÍVEL BAIXO DE INTERFERÊNCIAS (NÃO INCLUI FORNECIMENTO). AF_11/2017","M",0.78]
[null,"SERVIÇO","SINAPI",97125,"ASSENTAMENTO DE TUBO DE PVC PBA PARA REDE DE ÁGUA, DN 75 MM, JUNTA ELÁSTICA INTEGRADA, INSTALADO EM LOCAL COM NÍVEL BAIXO DE INTERFERÊNCIAS (NÃO INCLUI FORNECIMENTO). AF_11/2017","M",1.1100000000000001]
[null,"SERVIÇO","SINAPI",97126,"ASSENTAMENTO DE TUBO DE PVC PBA PARA REDE DE ÁGUA, DN 100 MM, JUNTA ELÁSTICA INTEGRADA, INSTALADO EM LOCAL COM NÍVEL BAIXO DE INTERFERÊNCIAS (NÃO INCLUI FORNECIMENTO). AF_11/2017","M",1.4]
[null,"SERVIÇO","SINAPI",97134,"ASSENTAMENTO DE TUBO DE PVC DEFOFO OU PRFV OU RPVC PARA REDE DE ÁGUA, DN 150 MM, JUNTA ELÁSTICA INTEGRADA, INSTALADO EM LOCAL COM NÍVEL BAIXO DE INTERFERÊNCIAS (NÃO INCLUI FORNECIMENTO). AF_11/2017","M",2.0099999999999998]
[null,"SERVIÇO","SINAPI",97159,"ASSENTAMENTO DE TUBO DE FERRO FUNDIDO PARA REDE DE ÁGUA, DN 150 MM, JUNTA ELÁSTICA, INSTALADO EM LOCAL COM NÍVEL BAIXO DE INTERFERÊNCIAS (NÃO INCLUI FORNECIMENTO). AF_11/2017","M",6.17]
[null,"SERVIÇO","SINAPI",97622,"DEMOLIÇÃO DE ALVENARIA DE BLOCO FURADO, DE FORMA MANUAL, SEM REAPROVEITAMENTO. AF_12/2017","M3",36.880000000000003]
[null,"SERVIÇO","SINAPI",97644,"REMOÇÃO DE PORTAS, DE FORMA MANUAL, SEM REAPROVEITAMENTO. AF_12/2017","M2",5.94]
[null,"SERVIÇO","SINAPI",98052,"TANQUE SÉPTICO CIRCULAR, EM CONCRETO PRÉ-MOLDADO, DIÂMETRO INTERNO = 1,10 M, ALTURA INTERNA = 2,50 M, VOLUME ÚTIL: 2138,2 L (PARA 5 CONTRIBUINTES). AF_05/2018","UN",997.2]
[null,"SERVIÇO","SINAPI",98094,"SUMIDOURO RETANGULAR, EM ALVENARIA COM BLOCOS DE CONCRETO, DIMENSÕES INTERNAS: 0,8 X 1,4 X 3,0 M, ÁREA DE INFILTRAÇÃO: 13,2 M² (PARA 5 CONTRIBUINTES). AF_05/2018","UN",1818.22]
[null,"SERVIÇO","SINAPI",98420,"(COMPOSIÇÃO REPRESENTATIVA) POÇO DE VISITA CIRCULAR PARA ESGOTO, EM CONCRETO PRÉ-MOLDADO, DIÂMETRO INTERNO = 1,0 M, PROFUNDIDADE ATÉ 1,50 M, INCLUINDO TAMPÃO DE FERRO FUNDIDO, DIÂMETRO DE 60 CM. AF_04/2018","UN",1255.23]
[null,"SERVIÇO","SINAPI",98561,"IMPERMEABILIZAÇÃO DE PAREDES COM ARGAMASSA DE CIMENTO E AREIA, COM ADITIVO IMPERMEABILIZANTE, E = 2CM. AF_06/2018","M2",27.89]
[null,"SERVIÇO","SINAPI",98680,"PISO CIMENTADO, TRAÇO 1:3 (CIMENTO E AREIA), ACABAMENTO LISO, ESPESSURA 3,0 CM, PREPARO MECÂNICO DA ARGAMASSA. AF_06/2018","M2",30.5]
[null,"SERVIÇO","SINAPI","73794/1","PINTURA COM TINTA PROTETORA ACABAMENTO GRAFITE ESMALTE SOBRE SUPERFICIE METALICA, 2 DEMAOS","M2",29.66]
[null,"SERVIÇO","SINAPI","73822/2","LIMPEZA MECANIZADA DE TERRENO COM REMOCAO DE CAMADA VEGETAL, UTILIZANDO MOTONIVELADORA","M2",0.52]
[null,"SERVIÇO","SINAPI","73824/1","INSTALACAO DE MISTURADOR VERTICAL","UN",411.8]
[null,"SERVIÇO","SINAPI","73836/1","INSTALACAO DE CONJ.MOTO BOMBA HORIZONTAL ATE 10 CV","UN",675.65]
[null,"SERVIÇO","SINAPI","73843/1","MURO DE ARRIMO DE CONCRETO CICLOPICO COM 30% DE PEDRA DE MAO","M3",303.12]
[null,"SERVIÇO","SINAPI","73859/2","CAPINA E LIMPEZA MANUAL DE TERRENO","M2",1.1299999999999999]
[null,"SERVIÇO","SINAPI","73873/3","LEITO FILTRANTE - COLOCACAO DE AREIA NOS FILTROS","M3",66.239999999999995]
[null,"SERVIÇO","SINAPI","73873/4","LEITO FILTRANTE - COLOCACAO DE PEDREGULHOS NOS FILTROS","M3",72.55]
[null,"SERVIÇO","SINAPI","73881/3","EXECUCAO DE DRENO COM MANTA GEOTEXTIL 400 G/M2","M2",11.41]
[null,"SERVIÇO","SINAPI","73932/1","GRADE DE FERRO EM BARRA CHATA 3/16\"","M2",277.58]
[null,"SERVIÇO","SINAPI","73933/1","PORTA DE FERRO, DE ABRIR, TIPO GRADE COM CHAPA, 87X210CM, COM GUARNICOES","M2",578.76]
[null,"SERVIÇO","SINAPI","73948/16","LIMPEZA MANUAL DO TERRENO (C/ RASPAGEM SUPERFICIAL)","M2",3.54]
[null,"SERVIÇO","SINAPI","73992/1","LOCACAO CONVENCIONAL DE OBRA, ATRAVÉS DE GABARITO DE TABUAS CORRIDAS PONTALETADAS A CADA 1,50M, SEM REAPROVEITAMENTO","M2",8.3000000000000007]
[null,"SERVIÇO","SINAPI","74142/4","CERCA COM MOUROES DE CONCRETO, SECAO \"T\" PONTA INCLINADA, 10X10CM, ESPACAMENTO DE 3M, CRAVADOS 0,5M, COM 11 FIOS DE ARAME FARPADO Nº 16","M",46.39]
[null,"SERVIÇO","SINAPI","74194/1","ESCADA TIPO MARINHEIRO EM TUBO ACO GALVANIZADO 1 1/2\" 5 DEGRAUS","M",226.29]
[null,"SERVIÇO","SINAPI","74202/1","LAJE PRE-MOLDADA P/FORRO, SOBRECARGA 100KG/M2, VAOS ATE 3,50M/E=8CM, C/LAJOTAS E CAP.C/CONC FCK=20MPA, 3CM, INTER-EIXO 38CM, C/ESCORAMENTO (REAPR.3X) E FERRAGEM NEGATIVA","M2",61.98]
[null,"SERVIÇO","SINAPI","74209/1","PLACA DE OBRA EM CHAPA DE ACO GALVANIZADO","M2",317.72000000000003]
[null,"SERVIÇO","SINAPI","74219/1","PASSADICOS COM TABUAS DE MADEIRA PARA PEDESTRES","M2",55.82]
[null,"SERVIÇO","SINAPI","74219/2","PASSADICOS COM TABUAS DE MADEIRA PARA VEICULOS","M2",43.94]
[null,"SERVIÇO","SINAPI","74220/1","TAPUME DE CHAPA DE MADEIRA COMPENSADA, E= 6MM, COM PINTURA A CAL E REAPROVEITAMENTO DE 2X","M2",51.35]

{"sheet":"ORSE","index":11,"n_rows":99,"n_cols":6,"rows_kept":99,"cut":false,"hidden":true,"merged":[]}
[]
[]
[null,null,"ORSE - ABR.2018"]
[]
[null,null,9,"REMOÇÃO DE TELHAMENTO COM TELHAS CERÂMICAS","M2",7.21]
[null,null,13,"DEMOLIÇÃO DE CONCRETO MANUALMENTE","M3",156.82]
[null,null,16,"DEMOLIÇÃO MANUAL DE PISO EM CONCRETO SIMPLES E/OU CIMENTADO","M2",15.69]
[null,null,17,"DEMOLIÇÃO DE REBOCO","M2",5.32]
[null,null,30,"DEMOLIÇÃO DE MADEIRAMENTO EM COBERTURAS COM TELHAS CERÂMICAS","M2",15.69]
[null,null,71,"ATERRO MANUAL DE ÁREAS, SEM AQUISIÇÃO DE MATERIAL, COM ESPALHAMENTO E COMPACT AÇÃO","M3",31.93]
[null,null,131,"CONCRETO SIMPLES FCK= 35 MPA (B0) C/ADITIVO, FABRICADO NA OBRA, SEM LANÇAMENT O E ADENSAMENTO","M3",493.77]
[null,null,818,"BÓIA ELÉTRICA PARA RESERVATÓRIO SUPERIOR, MARCA AQUAMATIC OU SIMILAR, CAPACID ADE 30 A - FORNECIMENTO E INSTALAÇÃO","UN",208.32]
[null,null,1448,"CAIXA D´ÁGUA EM FIBRA DE VIDRO  - INSTALADA, SEM ESTRUTURA DE SUPORTE CAP. 1. 000 LITROS","UN",501.76]
[null,null,1678,"PONTO DE ESGOTO COM TUBO DE PVC RÍGIDO SOLDÁVEL DE  Ø 50 MM (PIAS DE COZINHA, MÁQUINAS DE LAVAR, ETC...)","UN",67.36]
[null,null,1679,"PONTO DE ESGOTO COM TUBO DE PVC RÍGIDO SOLDÁVEL DE  Ø 40 MM (LAVATÓRIOS, MICT ÓRIOS, RALOS SIFONADOS, ETC...)","UN",44.49]
[null,null,1683,"PONTO DE ESGOTO COM TUBO DE PVC RÍGIDO SOLDÁVEL DE Ø 100 MM (VASO SANITÁRIO)","PT",69.16]
[null,null,1912,"REVESTIMENTO CERAMICO PARA PAREDE, 15 X 15 CM, AZULEJO BRANCO, TIPO \"A\", APLI CADO COM ARGAMASSA INDUSTRIALIZADA AC-I, REJUNTADO, EXCLUSIVE EMBOÇO","M2",29.51]
[null,null,1987,"PEITORIL CIMENTO TRAÇO T1, C/ LARGURA = 22 CM, ESP = 4 CM","M",24.13]
[null,null,2022,"CHUVEIRO SIMPLES DE PLÁSTICO (HERC REF 1980 OU SIMILAR), C/ REGISTRO DE PRESS ÃO DE PVC","UN",34.630000000000003]
[null,null,2055,"TANQUE EM AÇO INOX, INCLUSO TORNEIRA CROMADA E SIFÃO PVC","UN",433.69]
[null,null,2169,"LASTRO DE CONCRETO SIMPLES REGULARIZADO, FCK=13,5 MPA,LANÇADO E ADENSADO","M3",436.37]
[null,null,2265,"SOLEIRA CIMENTADO TRAÇO T1, L = 18 CM, E = 2 CM","M",12.08]
[null,null,2372,"MURO EM ALVENARIA BLOCO CIMENTO, E= 0,09M, C/ ALV DE PEDRA 0,35 X 0,60M, COLU NAS CONCRETO ARMADO FCK = 15,0 MPA CADA 3,00M, C/ CHAPISCO, REBOCO E PINTURA  HIDRACOR OU SIMILAR","M2",150.33000000000001]
[null,null,2497,"ESCAVAÇÃO MANUAL DE VALA OU CAVA EM MATERIAL DE 1ª CATEGORIA, PROFUNDIDADE AT É 1,50M","M3",31.93]
[null,null,2503,"ESCAVAÇÃO COM RETRO-ESCAVADEIRA DE PNEUS, DE VALAS, EM MATERIAL DE 1ª CATEGOR IA ATÉ 1,50M DE PROFUNDIDADE","M3",7.28]
[null,null,2510,"CARGA MANUAL DE MATERIAL DE 2ª CATEGORIA","M3",8.4700000000000006]
[null,null,2511,"CARGA MANUAL DE MATERIAL DE 3ª CATEGORIA","M3",10.62]
[null,null,2519,"REATERRO MANUAL DE VALAS OU ÁREAS, COM ESPALHAMENTO E COMPACTAÇÃO, UTILIZANDO COMPACTADOR À PERCUSSÃO SAPINHO, SEM CONTROLE DO GRAU DE COMPACTAÇÃO","M3",10.050000000000001]
[null,null,2658,"LASTRO DE BRITA 3","M3",103.49]
[null,null,2794,"CAIXA DE PASSAGEM EM ALVENARIA DE TIJOLOS MACIÇOS ESP. = 0,12M,  DIM. INT. =  0.40 X 0.40 X 0.60M, INCLUSIVE TAMPA","UN",174.05]
[null,null,2800,"CAIXA DE PASSAGEM EM ALVENARIA DE TIJOLOS MACIÇOS ESP. = 0,17M,  DIM. INT. =  0.80 X 0.80 X 1.00M","UN",901.42]
[null,null,2804,"CAIXA DE PASSAGEM EM ALVENARIA DE TIJOLOS MACIÇOS ESP. = 0,17M,  DIM. INT. =  1.00 X 1.00 X 1,00M","UN",1150.03]
[null,null,3209,"PINTURA DE MEIO FIO (CAIAÇÃO)","M",3.23]
[null,null,3310,"CHAPISCO EM PAREDE COM ARGAMASSA TRAÇO T1 - 1:3 (CIMENTO / AREIA) - REVISADO  08/2015","M2",4.29]
[null,null,3412,"PINTURA DE ACABAMENTO COM APLICAÇÃO DE 02 DEMÃOS DE TINTA ESMALTE SINTÉTICO R EF J022, SUVINIL OU SIMILAR, EXCLUSIVE LIXAMENTO","M2",16.96]
[null,null,3658,"ESCAVAÇÃO E CARGA COM ESCAVADEIRA HIDRÁULICA DE MATERIAL DE 1ª CATEGORIA EM M EIO ALAGADO","M3",4.5999999999999996]
[null,null,3688,"TORNEIRA PLASTICA PARA JARDINS, HERC 1128, 1/2\" OU SIMILAR","UN",14.47]
[null,null,3848,"CABO DE AÇO GALVANIZADO 15MM (TENSOR)","M",22.44]
[null,null,4117,"TAMPA DE INSPEÇÃO EM CHAPA METÁLICA DE 3/8\", INCLUSIVE TRATAMENTO E PINTURA E M ESMALTE OU ÓLEO","M2",466.42]
[null,null,4502,"ESCAVAÇÃO MANUAL DE VALA OU CAVA EM MATERIAL DE 3ª CATEGORIA, PROFUNDIDADE AT É 2,00 M, COM USO DE EXPLOSIVOS E PERFURAÇÃO MECÂNICA","M3",200.94]
[null,null,4537,"PINTURA DE PROTEÇÃO COM 01 DEMÃO DE PRIMER À BASE DE ÓXIDO DE FERRO - NORMA 1 349","M2",24.78]
[null,null,4545,"KIT DE ACESSÓRIOS PARA BANHEIRO EM ABS/ALUMÍNIO COM 5 PEÇAS (01 CABIDE, 01 SA BONETEIRA, 01 PAPELEIRA, 01 PORTA-TOALHA ROSTO E 01 PORTA-TOALHA BANHO)","UN",46.93]
[null,null,4577,"ESCAVAÇÃO, CARGA E TRANSPORTE DE MATERIAL DE 1ª  CATEGORIA,  COM ESCAVADEIRA  HIDRAÚLICA, DMT 201  A 400M","M3",4.76]
[null,null,4652,"PINTURA DE PROTEÇÃO COM 01 DEMÃO DE PRIMER À BASE DE EPÓXI - REZINC WBS - REN NER OU SIMILAR","M2",23.61]
[null,null,4708,"VASO SANITARIO C/CAIXA DE DESCARGA ACOPLADA, ELIZABETH OU SIMILAR, PADRÃO POP ULAR, INCLUSIVE ASSENTO PLASTICO AMANCO OU SIMILAR, CONJUNTO DE FIXAÇÃO, ANEL DE VEDAÇÃO E ENGATE PLÁSTICO","UN",239.25]
[null,null,4942,"REMOÇÃO DE ESQUADRIA METÁLICA, COM OU SEM REAPROVEITAMENTO","M2",11.31]
[null,null,5004,"IMPERMEABILIZAÇÃO SEMI-FLEXÍVEL COM SIKA TOP 107 BI-COMPONENTE, COR CINZA, 03 DEMÃOS CRUZADAS APLICADO À TRINCHA PARA APLICAÇÃO EM PAREDES ENTERRADAS, SUBS OLOS, CAIXAS D'AGUA, ÁREAS FRIAS E EM CONTATO COM ESGOTO","M2",74.510000000000005]
[null,null,5103,"REGULARIZAÇÃO MANUAL","M2",3.18]
[null,null,5129,"REMOÇÃO DE ADUTORA / REDE EM Fº Fº,  JUNTA ELÁSTICA , DIAM. =   150 MM","M",5.21]
[null,null,5144,"REMOÇÃO DE ADUTORA / REDE EM PVC DEFºFº DIAM. =  100 MM","M",1.1200000000000001]
[null,null,5149,"REMOÇÃO DE ADUTORA / REDE EM PVC DIAM. =   50 MM","M",0.72]
[null,null,5150,"REMOÇÃO DE ADUTORA / REDE EM PVC DIAM. =   75 MM","M",0.81]
[null,null,5152,"SINALIZAÇÃO COM CAVALETE PLÁSTICO DESMONTÁVEL","UN",13.22]
[null,null,5157,"SINALIZAÇÃO DE VALAS COM PLACAS INDICATIVAS","M",2.11]
[null,null,5275,"ASSENTAMENTO DE CONEXÕES DE PVC DEFOFO, JUNTA ELÁSTICA, DIAM.=  100 MM","UN",2.6]
[null,null,5276,"ASSENTAMENTO DE CONEXÕES DE PVC DEFOFO, JUNTA ELÁSTICA, DIAM.=  150 MM","UN",2.94]
[null,null,5957,"CAIXA PARA REGISTRO, TIPO I, PARA DIÂMETROS DE  50 A 100MM","UN",743.39]
[null,null,5958,"CAIXA PARA REGISTRO, TIPO II, PARA DIÂMETROS DE 150 A 200MM","UN",1100.21]
[null,null,5962,"CAIXA PARA VENTOSA PARA DIÂMETRO DE  50 A 150MM (MV-04-326)","UN",743.39]
[null,null,5965,"CAIXA PRÉ MOLDADA EM CONCRETO PARA PROTEÇÃO DE MACRO MEDIDORES, DIM. INT. = 0 ,70 X 1,00 X 0,50","UN",467.56]
[null,null,6028,"LOGOTIPO DA CODEVASF EM ESTRUTURAS ELEVADAS","UN",981.55]
[null,null,6029,"LOGOTIPO DA CODEVASF EM ESTRUTURAS TÉRREAS","UN",675.27]
[null,null,6069,"GUARDA-CORPO METÁLICO PARA ESCADA MARINHEIRO EM AÇO CA-50 - REV. 01","M",118.52]
[null,null,6079,"LIGAÇÃO PREDIAL DE ÁGUA EM PASSEIO, COM FORNECIMENTO DE MATERIAL, INCLUSIVE H IDRÔMETRO, C/TAMPA DE CONCRETO","UN",300.88]
[null,null,6080,"LIGAÇÃO PREDIAL DE ÁGUA NO PASSEIO, COM FORNECIMENTO DE MATERIAL, EXCETO HIDR ÔMETRO, C/TAMPA DE CONCRETO","UN",218.68]
[null,null,6098,"CADASTRO DE REDES DE ÁGUA / ADUTORAS","M",1.23]
[null,null,6312,"ANÁLISE FÍSICO-QUÍMICA DA ÁGUA","UN",512.1]
[null,null,6313,"ANÁLISE BACTERIOLÓGICA DA ÁGUA","UN",31.69]
[null,null,6316,"LASTRO DE AREIA","M3",109.29]
[null,null,6415,"TAMPA DE CONCRETO PARA CAIXAS DE PASSAGEM 0,80X0,80MX0,07M","UN",57.52]
[null,null,6454,"DESOBSTRUÇÃO DE FILTRO NO CAVALETE P/ VERIFICAÇÃO DE FALTA DE ÁGUA","UN",14.67]
[null,null,6465,"TESTE HIDROSTÁTICO EM REDE DE ÁGUA / ADUTORA","M",0.35]
[null,null,7084,"ESCAVAÇÃO DE VALA A FRIO, EM MATERIAL DE 3ª CATEGORIA, COM PERFURATRIZ MANUAL E COMPRESSOR","M3",206.16]
[null,null,7232,"FORNECIMENTO E ASSENTAMENTO DE TUBO PEAD FLEXÍVEL CORRUGADO PERFURADO D = 8\"  (KANANET OU SIMILAR)","M",140.56]
[null,null,7691,"CONCRETO SIMPLES FABRICADO NA OBRA, FCK=21 MPA, LANÇADO E ADENSADO","M3",389.14]
[null,null,8038,"DEMOLIÇÃO DE ALVENARIA DE ELEMENTOS VAZADOS (COBOGÓ), SEM REAPROVEITAMENTO","M3",23.42]
[null,null,8342,"PONTO DE ESGOTO COM TUBO DE PVC RÍGIDO SOLDÁVEL DE  Ø 75 MM","UN",97.45]
[null,null,8753,"PORTÃO EM FERRO, PADRÃO ESCOLAR, COM MONTANTES EM PERFIL \"U\" DE CHAPA UDC 75  X 38 X 2,65 MM (DUPLO), BARRAS VERTICAIS DE SEÇÃO QUADRADA DE 1/2\" E BARRAS C HATA DE 1 1/2\" X 3/16\"  (DUPLA) HORIZONTAIS, INCLUSIVE FERROLHO E DOBRADIÇAS","M2",267.85000000000002]
[null,null,8754,"GRELHA METÁLICA EM FERRO FUNDIDO 35X35CM","UN",53.64]
[null,null,8970,"TELA DE NYLON TIPO MOSQUITEIRO COM MOLDURA EM ALUMINIO ANODIZADO NATURAL","M2",50.39]
[null,null,9182,"DEMOLIÇÃO DE CONCRETO COM MARTELETE E COMPRESSOR","M3",328.71]
[null,null,9642,"MADEIRAMENTO EM MASSARANDUBA/MADEIRA DE LEI, ACABAMENTO APARELHADO, C/ RIPÃO  3 X 5 CM E  RIPA 5 X 1,5CM, EXCLUSIVE PEÇAS PRINCIPAIS","M2",66.87]
[null,null,9713,"ESCADA MARINHEIRO COM GUARDA CORPO, L=45CM, EXECUTADA EM BARRAS CHATA GALVANI ZADA 1 1/4\" X 5/16\", E GUARDA CORPO D=65CM EM BARRA CHATA GALV.D=1\"X1/8\", SEN DO DEGRAUS EM BARRA RED. D=5/8\", ESPAÇADOS DE 30CM, INCLUSIVE LIXAMENTO E PIN TURA, FORNEC E INST","M",943.12]
[null,null,9962,"LASTRO DE BRITA GRADUADA APILOADA E=10CM","M2",17.48]
[null,null,10308,"LIMPEZA DE RESERVATÓRIO","M3",12.5]
[null,null,10384,"PORTÃO EM FERRO PADRÃO ESCOLA DIM:4,0 X 2,0M, C/MONTANTES (COLUNA) H=2,00M EM PERFIL \"U\" DE CHAPA UDC 75X38X2,65MM (DUPLO), BARRAS CHATAS HORIZ 1 1/2\"X3/16 \" X 3,60M, E BARRAS CHATAS VERT 1 1/2\"X3/16\" X 2,00M","UN",2167.1]
[null,null,10390,"RECUPERAÇÃO DE PROTEÇÃO MECANICA EM CHAPA METALICA L=12CM (P/OBRA ESTADIO LOU RIVAL BATISTA)","M",27.17]
[null,null,10992,"REVESTIMENTO CERÂMICO PARA PISO OU PAREDE, 46 X 46 CM, PEI 4, INCENOR, BIANCO , REF.62230 OU SIMILAR, APLICADA C/ ARGAMASSA IND. AC-II, REJUNTE ACRÍLICO, E XCETO REGULARIZAÇÃO DE BASE/EMBOÇO","M2",36.85]
[null,null,11124,"ENTRADA DE ENERGIA ELÉTRICA MONOFÁSICA DEMANDA ENTRE 6,3 E 8,8 KW","UN",1015]
[null,null,11266,"ARMACAO ACO CA-50 DIAM.16,0 (5/8) À 25,0MM (1) - FORNECIMENTO/ CORTE(PERDA DE 10%) / DOBRA / COLOCAÇÃO.","KG",6.17]
[null,null,11332,"MOTOBOMBA SUBMERSA, MARCA ABS OU SIMILAR, MODELO EJ 40 BVX, MOTOR 4 CV, TRIFÁ SICO","UN",5580.52]
[null,null,11386,"ENTRADA DE ENERGIA ELÉTRICA TRIFÁSICA DEMANDA ENTRE 0 E 15,2 KW","UN",1613.81]
[null,null,11512,"PINTURA DE PROTEÇÃO COM APLICAÇÃO DE 01 DEMÃO DE TINTA EPOXI CURADA COM POLIA MIDA, DE ALTA ESPESSURA, BICOMPONENTE, MACROPOXY 646 FAST CURE EPOXY, DA SHER WIN WILLIAMS - SUMARÉ OU SIMILAR, SOBRE SUPERFÍCIES METÁLICAS","M2",33.72]
[null,null,11651,"FORMA PLANA PARA ESTRUTURAS, EM COMPENSADO PLASTIFICADO DE 10MM, 04 USOS, INC LUSIVE ESCORAMENTO - REVISADA 07.2015","M2",43.49]
[null,null,11652,"FORMA PLANA PARA ESTRUTURAS, EM COMPENSADO PLASTIFICADO DE 10MM, 07 USOS, INC LUSIVE ESCORAMENTO - REVISADA 07.2015","M2",31.58]
[null,null,11673,"CANALETA DE DRENAGEM EM CONCRETO, DIMENSÕES INTERNAS 50 X 50CM, S/ TAMPA DE C ONCRETO, INCLUSIVE ESCAVAÇÃO MANUAL","M",267.24]
[null,null,11887,"GUARDA CORPO E CORRIMÃO EM TUBO FERRO GALVANIZADO, ALT=1,10M, COM BARRAS VERT ICAIS  A CADA 11CM (3/4\") E BARRAS HORIZONTAIS (SUPERIOR, INTERMEDIÁRIAS (DUA S) E INFERIOR) DE 1.1/2\", INCLUSIVE CURVA DE AÇO","M",247.88]
[null,null,11986,"PLACA DE INAUGURAÇÃO EM ALUMÍNIO COM ACRILICO, 80X60CM,COM LOGOMARCA E MOLDUR A","UN",855.91]
[null,null,12019,"PRATELEIRA EM CONCRETO ARMADO, ESP= 8CM","M2",178.27]

{"sheet":"SERVIÇOS SINAPI","index":12,"n_rows":6437,"n_cols":5,"rows_kept":6437,"cut":false,"hidden":true,"merged":[]}
[]
[null,"PCI.817.01 - CUSTO DE COMPOSIÇÕES - SINTÉTICO  DATA DE EMISSÃO: 18/06/2018 23:33:37      DATA DE RT: 16/06/2018"]
[null,"ENCARGOS SOCIAIS DESONERADOS: 87,87%(HORA)   48,95%(MÊS)"]
[null,"ABRANGÊNCIA : NACIONAL                                              LOCALIDADE  : RECIFE                                                                                                              DATA DE PREÇO   : 05/2018 REFERÊNCIA COLETA : MEDIANO"]
[]
[null,"CODIGO  DA COMPOSICAO","DESCRICAO DA COMPOSICAO","UNIDADE","CUSTO TOTAL"]
[]
[null,97141,"ASSENTAMENTO DE TUBO DE FERRO FUNDIDO PARA REDE DE ÁGUA, DN 80 MM, JUNTA ELÁSTICA, INSTALADO EM LOCAL COM NÍVEL ALTO DE INTERFERÊNCIAS (NÃO INCLUI FORNECIMENTO). AF_11/2017","M",7.31]
[null,97142,"ASSENTAMENTO DE TUBO DE FERRO FUNDIDO PARA REDE DE ÁGUA, DN 100 MM, JUNTA ELÁSTICA, INSTALADO EM LOCAL COM NÍVEL ALTO DE INTERFERÊNCIAS (NÃO INCLUI FORNECIMENTO). AF_11/2017","M",8.14]
[null,97143,"ASSENTAMENTO DE TUBO DE FERRO FUNDIDO PARA REDE DE ÁGUA, DN 150 MM, JUNTA ELÁSTICA, INSTALADO EM LOCAL COM NÍVEL ALTO DE INTERFERÊNCIAS (NÃO INCLUI FORNECIMENTO). AF_11/2017","M",10.25]
[null,97144,"ASSENTAMENTO DE TUBO DE FERRO FUNDIDO PARA REDE DE ÁGUA, DN 200 MM, JUNTA ELÁSTICA, INSTALADO EM LOCAL COM NÍVEL ALTO DE INTERFERÊNCIAS (NÃO INCLUI FORNECIMENTO). AF_11/2017","M",12.33]
[null,97145,"ASSENTAMENTO DE TUBO DE FERRO FUNDIDO PARA REDE DE ÁGUA, DN 250 MM, JUNTA ELÁSTICA, INSTALADO EM LOCAL COM NÍVEL ALTO DE INTERFERÊNCIAS (NÃO INCLUI FORNECIMENTO). AF_11/2017","M",14.44]
[null,97146,"ASSENTAMENTO DE TUBO DE FERRO FUNDIDO PARA REDE DE ÁGUA, DN 300 MM, JUNTA ELÁSTICA, INSTALADO EM LOCAL COM NÍVEL ALTO DE INTERFERÊNCIAS (NÃO INCLUI FORNECIMENTO). AF_11/2017","M",16.55]
[null,97147,"ASSENTAMENTO DE TUBO DE FERRO FUNDIDO PARA REDE DE ÁGUA, DN 350 MM, JUNTA ELÁSTICA, INSTALADO EM LOCAL COM NÍVEL ALTO DE INTERFERÊNCIAS (NÃO INCLUI FORNECIMENTO). AF_11/2017","M",18.66]
[null,97148,"ASSENTAMENTO DE TUBO DE FERRO FUNDIDO PARA REDE DE ÁGUA, DN 400 MM, JUNTA ELÁSTICA, INSTALADO EM LOCAL COM NÍVEL ALTO DE INTERFERÊNCIAS (NÃO INCLUI FORNECIMENTO). AF_11/2017","M",20.76]
[null,97149,"ASSENTAMENTO DE TUBO DE FERRO FUNDIDO PARA REDE DE ÁGUA, DN 450 MM, JUNTA ELÁSTICA, INSTALADO EM LOCAL COM NÍVEL ALTO DE INTERFERÊNCIAS (NÃO INCLUI FORNECIMENTO). AF_11/2017","M",22.9]
[null,97150,"ASSENTAMENTO DE TUBO DE FERRO FUNDIDO PARA REDE DE ÁGUA, DN 500 MM, JUNTA ELÁSTICA, INSTALADO EM LOCAL COM NÍVEL ALTO DE INTERFERÊNCIAS (NÃO INCLUI FORNECIMENTO). AF_11/2017","M",27.19]
[null,97151,"ASSENTAMENTO DE TUBO DE FERRO FUNDIDO PARA REDE DE ÁGUA, DN 600 MM, JUNTA ELÁSTICA, INSTALADO EM LOCAL COM NÍVEL ALTO DE INTERFERÊNCIAS (NÃO INCLUI FORNECIMENTO). AF_11/2017","M",31.75]
[null,97152,"ASSENTAMENTO DE TUBO DE FERRO FUNDIDO PARA REDE DE ÁGUA, DN 700 MM, JUNTA ELÁSTICA, INSTALADO EM LOCAL COM NÍVEL ALTO DE INTERFERÊNCIAS (NÃO INCLUI FORNECIMENTO). AF_11/2017","M",36.15]
[null,97153,"ASSENTAMENTO DE TUBO DE FERRO FUNDIDO PARA REDE DE ÁGUA, DN 800 MM, JUNTA ELÁSTICA, INSTALADO EM LOCAL COM NÍVEL ALTO DE INTERFERÊNCIAS (NÃO INCLUI FORNECIMENTO). AF_11/2017","M",40.64]
[null,97154,"ASSENTAMENTO DE TUBO DE FERRO FUNDIDO PARA REDE DE ÁGUA, DN 900 MM, JUNTA ELÁSTICA, INSTALADO EM LOCAL COM NÍVEL ALTO DE INTERFERÊNCIAS (NÃO INCLUI FORNECIMENTO). AF_11/2017","M",45.15]
[null,97155,"ASSENTAMENTO DE TUBO DE FERRO FUNDIDO PARA REDE DE ÁGUA, DN 1000 MM, JUNTA ELÁSTICA, INSTALADO EM LOCAL COM NÍVEL ALTO DE INTERFERÊNCIAS (NÃO INCLUI FORNECIMENTO). AF_11/2017","M",49.69]
[null,97156,"ASSENTAMENTO DE TUBO DE FERRO FUNDIDO PARA REDE DE ÁGUA, DN 1200 MM, JUNTA ELÁSTICA, INSTALADO EM LOCAL COM NÍVEL ALTO DE INTERFERÊNCIAS (NÃO INCLUI FORNECIMENTO). AF_11/2017","M",58.96]
[null,97157,"ASSENTAMENTO DE TUBO DE FERRO FUNDIDO PARA REDE DE ÁGUA, DN 80 MM, JUNTA ELÁSTICA, INSTALADO EM LOCAL COM NÍVEL BAIXO DE INTERFERÊNCIAS (NÃO INCLUI FORNECIMENTO). AF_11/2017","M",4.38]
[null,97158,"ASSENTAMENTO DE TUBO DE FERRO FUNDIDO PARA REDE DE ÁGUA, DN 100 MM, JUNTA ELÁSTICA, INSTALADO EM LOCAL COM NÍVEL BAIXO DE INTERFERÊNCIAS (NÃO INCLUI FORNECIMENTO). AF_11/2017","M",4.88]
[null,97159,"ASSENTAMENTO DE TUBO DE FERRO FUNDIDO PARA REDE DE ÁGUA, DN 150 MM, JUNTA ELÁSTICA, INSTALADO EM LOCAL COM NÍVEL BAIXO DE INTERFERÊNCIAS (NÃO INCLUI FORNECIMENTO). AF_11/2017","M",6.17]
[null,97160,"ASSENTAMENTO DE TUBO DE FERRO FUNDIDO PARA REDE DE ÁGUA, DN 200 MM, JUNTA ELÁSTICA, INSTALADO EM LOCAL COM NÍVEL BAIXO DE INTERFERÊNCIAS (NÃO INCLUI FORNECIMENTO). AF_11/2017","M",7.42]
[null,97161,"ASSENTAMENTO DE TUBO DE FERRO FUNDIDO PARA REDE DE ÁGUA, DN 250 MM, JUNTA ELÁSTICA, INSTALADO EM LOCAL COM NÍVEL BAIXO DE INTERFERÊNCIAS (NÃO INCLUI FORNECIMENTO). AF_11/2017","M",8.7200000000000006]
[null,97162,"ASSENTAMENTO DE TUBO DE FERRO FUNDIDO PARA REDE DE ÁGUA, DN 300 MM, JUNTA ELÁSTICA, INSTALADO EM LOCAL COM NÍVEL BAIXO DE INTERFERÊNCIAS (NÃO INCLUI FORNECIMENTO). AF_11/2017","M",9.98]
[null,97163,"ASSENTAMENTO DE TUBO DE FERRO FUNDIDO PARA REDE DE ÁGUA, DN 350 MM, JUNTA ELÁSTICA, INSTALADO EM LOCAL COM NÍVEL BAIXO DE INTERFERÊNCIAS (NÃO INCLUI FORNECIMENTO). AF_11/2017","M",11.28]
[null,97164,"ASSENTAMENTO DE TUBO DE FERRO FUNDIDO PARA REDE DE ÁGUA, DN 400 MM, JUNTA ELÁSTICA, INSTALADO EM LOCAL COM NÍVEL BAIXO DE INTERFERÊNCIAS (NÃO INCLUI FORNECIMENTO). AF_11/2017","M",12.54]
[null,97165,"ASSENTAMENTO DE TUBO DE FERRO FUNDIDO PARA REDE DE ÁGUA, DN 450 MM, JUNTA ELÁSTICA, INSTALADO EM LOCAL COM NÍVEL BAIXO DE INTERFERÊNCIAS (NÃO INCLUI FORNECIMENTO). AF_11/2017","M",13.86]
[null,97166,"ASSENTAMENTO DE TUBO DE FERRO FUNDIDO PARA REDE DE ÁGUA, DN 500 MM, JUNTA ELÁSTICA, INSTALADO EM LOCAL COM NÍVEL BAIXO DE INTERFERÊNCIAS (NÃO INCLUI FORNECIMENTO). AF_11/2017","M",16.489999999999998]
[null,97167,"ASSENTAMENTO DE TUBO DE FERRO FUNDIDO PARA REDE DE ÁGUA, DN 600 MM, JUNTA ELÁSTICA, INSTALADO EM LOCAL COM NÍVEL BAIXO DE INTERFERÊNCIAS (NÃO INCLUI FORNECIMENTO). AF_11/2017","M",19.28]
[null,97168,"ASSENTAMENTO DE TUBO DE FERRO FUNDIDO PARA REDE DE ÁGUA, DN 700 MM, JUNTA ELÁSTICA, INSTALADO EM LOCAL COM NÍVEL BAIXO DE INTERFERÊNCIAS (NÃO INCLUI FORNECIMENTO). AF_11/2017","M",21.91]
[null,97169,"ASSENTAMENTO DE TUBO DE FERRO FUNDIDO PARA REDE DE ÁGUA, DN 800 MM, JUNTA ELÁSTICA, INSTALADO EM LOCAL COM NÍVEL BAIXO DE INTERFERÊNCIAS (NÃO INCLUI FORNECIMENTO). AF_11/2017","M",24.62]
[null,97170,"ASSENTAMENTO DE TUBO DE FERRO FUNDIDO PARA REDE DE ÁGUA, DN 900 MM, JUNTA ELÁSTICA, INSTALADO EM LOCAL COM NÍVEL BAIXO DE INTERFERÊNCIAS (NÃO INCLUI FORNECIMENTO). AF_11/2017","M",27.36]
[null,97171,"ASSENTAMENTO DE TUBO DE FERRO FUNDIDO PARA REDE DE ÁGUA, DN 1000 MM, JUNTA ELÁSTICA, INSTALADO EM LOCAL COM NÍVEL BAIXO DE INTERFERÊNCIAS (NÃO INCLUI FORNECIMENTO). AF_11/2017","M",30.13]
[null,97172,"ASSENTAMENTO DE TUBO DE FERRO FUNDIDO PARA REDE DE ÁGUA, DN 1200 MM, JUNTA ELÁSTICA, INSTALADO EM LOCAL COM NÍVEL BAIXO DE INTERFERÊNCIAS (NÃO INCLUI FORNECIMENTO). AF_11/2017","M",35.86]
[null,97173,"ASSENTAMENTO DE TUBO DE AÇO CARBONO PARA REDE DE ÁGUA, DN 600 MM (24\u0092\u0092), JUNTA SOLDADA, INSTALADO EM LOCAL COM NÍVEL ALTO DE INTERFERÊNCIAS (NÃO INCLUI FORNECIMENTO). AF_11/2017","M",27.07]
[null,97174,"ASSENTAMENTO DE TUBO DE AÇO CARBONO PARA REDE DE ÁGUA, DN 700 MM (28\u0092\u0092), JUNTA SOLDADA, INSTALADO EM LOCAL COM NÍVEL ALTO DE INTERFERÊNCIAS (NÃO INCLUI FORNECIMENTO). AF_11/2017","M",31.26]
[null,97175,"ASSENTAMENTO DE TUBO DE AÇO CARBONO PARA REDE DE ÁGUA, DN 800 MM (32\u0092\u0092), JUNTA SOLDADA, INSTALADO EM LOCAL COM NÍVEL ALTO DE INTERFERÊNCIAS (NÃO INCLUI FORNECIMENTO). AF_11/2017","M",35.479999999999997]
[null,97176,"ASSENTAMENTO DE TUBO DE AÇO CARBONO PARA REDE DE ÁGUA, DN 900 MM (36\u0092\u0092), JUNTA SOLDADA, INSTALADO EM LOCAL COM NÍVEL ALTO DE INTERFERÊNCIAS (NÃO INCLUI FORNECIMENTO). AF_11/2017","M",39.68]
[null,97177,"ASSENTAMENTO DE TUBO DE AÇO CARBONO PARA REDE DE ÁGUA, DN 1000 MM (40\u0092\u0092) OU DN 1100 MM (44\u0092\u0092), JUNTA SOLDADA, INSTALADO EM LOCAL COM NÍVEL ALTO DE INTERFERÊNCIAS (NÃO INCLUI FORNECIMENTO). AF_11/2017","M",48.09]
[null,97178,"ASSENTAMENTO DE TUBO DE AÇO CARBONO PARA REDE DE ÁGUA, DN 1200 MM (48\u0092\u0092) OU DN 1300 MM (52\u0092\u0092), JUNTA SOLDADA, INSTALADO EM LOCAL COM NÍVEL ALTO DE INTERFERÊNCIAS (NÃO INCLUI FORNECIMENTO). AF_11/2017","M",56.48]
[null,97179,"ASSENTAMENTO DE TUBO DE AÇO CARBONO PARA REDE DE ÁGUA, DN 1400 MM (56'') OU DN 1500 MM (60\u0092\u0092), JUNTA SOLDADA, INSTALADO EM LOCAL COM NÍVEL ALTO DE INTERFERÊNCIAS (NÃO INCLUI FORNECIMENTO). AF_11/2017","M",64.900000000000006]
[null,97180,"ASSENTAMENTO DE TUBO DE AÇO CARBONO PARA REDE DE ÁGUA, DN 1600 MM (64\u0092\u0092) OU DN 1700 MM (68\u0092\u0092), JUNTA SOLDADA, INSTALADO EM LOCAL COM NÍVEL ALTO DE INTERFERÊNCIAS (NÃO INCLUI FORNECIMENTO). AF_11/2017","M",73.3]
[null,97181,"ASSENTAMENTO DE TUBO DE AÇO CARBONO PARA REDE DE ÁGUA, DN 1800 MM (72\u0092\u0092) OU DN 1900 MM (76\u0092\u0092), JUNTA SOLDADA, INSTALADO EM LOCAL COM NÍVEL ALTO DE INTERFERÊNCIAS (NÃO INCLUI FORNECIMENTO). AF_11/2017","M",84.61]
[null,97182,"ASSENTAMENTO DE TUBO DE AÇO CARBONO PARA REDE DE ÁGUA, DN 2000 MM (80\u0092\u0092) OU DN 2100 MM (84\u0092\u0092), JUNTA SOLDADA, INSTALADO EM LOCAL COM NÍVEL ALTO DE INTERFERÊNCIAS (NÃO INCLUI FORNECIMENTO). AF_11/2017","M",93.32]
[null,97183,"ASSENTAMENTO DE TUBO DE AÇO CARBONO PARA REDE DE ÁGUA, DN 600 MM (24\u0092\u0092), JUNTA SOLDADA, INSTALADO EM LOCAL COM NÍVEL BAIXO DE INTERFERÊNCIAS (NÃO INCLUI FORNECIMENTO). AF_11/2017","M",21.52]
[null,97184,"ASSENTAMENTO DE TUBO DE AÇO CARBONO PARA REDE DE ÁGUA, DN 700 MM (28\u0092\u0092), JUNTA SOLDADA, INSTALADO EM LOCAL COM NÍVEL BAIXO DE INTERFERÊNCIAS (NÃO INCLUI FORNECIMENTO). AF_11/2017","M",24.91]
[null,97185,"ASSENTAMENTO DE TUBO DE AÇO CARBONO PARA REDE DE ÁGUA, DN 800 MM (32\u0092\u0092), JUNTA SOLDADA, INSTALADO EM LOCAL COM NÍVEL BAIXO DE INTERFERÊNCIAS (NÃO INCLUI FORNECIMENTO). AF_11/2017","M",28.31]
[null,97186,"ASSENTAMENTO DE TUBO DE AÇO CARBONO PARA REDE DE ÁGUA, DN 900 MM (36\u0092\u0092), JUNTA SOLDADA, INSTALADO EM LOCAL COM NÍVEL BAIXO DE INTERFERÊNCIAS (NÃO INCLUI FORNECIMENTO). AF_11/2017","M",31.71]
[null,97187,"ASSENTAMENTO DE TUBO DE AÇO CARBONO PARA REDE DE ÁGUA, DN 1000 MM (40\u0092\u0092) OU DN 1100 MM (44\u0092\u0092), JUNTA SOLDADA, INSTALADO EM LOCAL COM NÍVEL ALTO DE INTERFERÊNCIAS (NÃO INCLUI FORNECIMENTO). AF_11/2017","M",38.520000000000003]
[null,97188,"ASSENTAMENTO DE TUBO DE AÇO CARBONO PARA REDE DE ÁGUA, DN 1200 MM (48\u0092\u0092) OU DN 1300 MM (52\u0092\u0092), JUNTA SOLDADA, INSTALADO EM LOCAL COM NÍVEL BAIXO DE INTERFERÊNCIAS (NÃO INCLUI FORNECIMENTO). AF_11/2017","M",45.3]
[null,97189,"ASSENTAMENTO DE TUBO DE AÇO CARBONO PARA REDE DE ÁGUA, DN 1400 MM (56'') OU DN 1500 MM (60\u0092\u0092), JUNTA SOLDADA, INSTALADO EM LOCAL COM NÍVEL BAIXO DE INTERFERÊNCIAS (NÃO INCLUI FORNECIMENTO). AF_11/2017","M",52.11]
[null,97190,"ASSENTAMENTO DE TUBO DE AÇO CARBONO PARA REDE DE ÁGUA, DN 1600 MM (64\u0092\u0092) OU DN 1700 MM (68\u0092\u0092), JUNTA SOLDADA, INSTALADO EM LOCAL COM NÍVEL BAIXO DE INTERFERÊNCIAS (NÃO INCLUI FORNECIMENTO). AF_11/2017","M",58.91]
[null,97191,"ASSENTAMENTO DE TUBO DE AÇO CARBONO PARA REDE DE ÁGUA, DN 1800 MM (72\u0092\u0092) OU DN 1900 MM (76\u0092\u0092), JUNTA SOLDADA, INSTALADO EM LOCAL COM NÍVEL BAIXO DE INTERFERÊNCIAS (NÃO INCLUI FORNECIMENTO). AF_11/2017","M",67.98]
[null,97192,"ASSENTAMENTO DE TUBO DE AÇO CARBONO PARA REDE DE ÁGUA, DN 2000 MM (80\u0092\u0092) OU DN 2100 MM (84\u0092\u0092), JUNTA SOLDADA, INSTALADO EM LOCAL COM NÍVEL BAIXO DE INTERFERÊNCIAS (NÃO INCLUI FORNECIMENTO). AF_11/2017","M",75.010000000000005]
[null,90694,"TUBO DE PVC PARA REDE COLETORA DE ESGOTO DE PAREDE MACIÇA, DN 100 MM, JUNTA ELÁSTICA, INSTALADO EM LOCAL COM NÍVEL BAIXO DE INTERFERÊNCIAS - FORNECIMENTO E ASSENTAMENTO. AF_06/2015","M",19.93]
[null,90695,"TUBO DE PVC PARA REDE COLETORA DE ESGOTO DE PAREDE MACIÇA, DN 150 MM, JUNTA ELÁSTICA, INSTALADO EM LOCAL COM NÍVEL BAIXO DE INTERFERÊNCIAS - FORNECIMENTO E ASSENTAMENTO. AF_06/2015","M",40.450000000000003]
[null,90696,"TUBO DE PVC PARA REDE COLETORA DE ESGOTO DE PAREDE MACIÇA, DN 200 MM, JUNTA ELÁSTICA, INSTALADO EM LOCAL COM NÍVEL BAIXO DE INTERFERÊNCIAS - FORNECIMENTO E ASSENTAMENTO. AF_06/2015","M",61.95]
[null,90697,"TUBO DE PVC PARA REDE COLETORA DE ESGOTO DE PAREDE MACIÇA, DN 250 MM, JUNTA ELÁSTICA, INSTALADO EM LOCAL COM NÍVEL BAIXO DE INTERFERÊNCIAS - FORNECIMENTO E ASSENTAMENTO. AF_06/2015","M",102.95]
[null,90698,"TUBO DE PVC PARA REDE COLETORA DE ESGOTO DE PAREDE MACIÇA, DN 300 MM, JUNTA ELÁSTICA, INSTALADO EM LOCAL COM NÍVEL BAIXO DE INTERFERÊNCIAS - FORNECIMENTO E ASSENTAMENTO. AF_06/2015","M",164.71]
[null,90699,"TUBO DE PVC PARA REDE COLETORA DE ESGOTO DE PAREDE MACIÇA, DN 350 MM, JUNTA ELÁSTICA, INSTALADO EM LOCAL COM NÍVEL BAIXO DE INTERFERÊNCIAS - FORNECIMENTO E ASSENTAMENTO. AF_06/2015","M",203.62]
[null,90700,"TUBO DE PVC PARA REDE COLETORA DE ESGOTO DE PAREDE MACIÇA, DN 400 MM, JUNTA ELÁSTICA, INSTALADO EM LOCAL COM NÍVEL BAIXO DE INTERFERÊNCIAS - FORNECIMENTO E ASSENTAMENTO. AF_06/2015","M",270.45]
[null,90701,"TUBO DE PVC CORRUGADO DE DUPLA PAREDE PARA REDE COLETORA DE ESGOTO, DN 150 MM, JUNTA ELÁSTICA, INSTALADO EM LOCAL COM NÍVEL BAIXO DE INTERFERÊNCIAS - FORNECIMENTO E ASSENTAMENTO. AF_06/2015","M",38.83]
[null,90702,"TUBO DE PVC CORRUGADO DE DUPLA PAREDE PARA REDE COLETORA DE ESGOTO, DN 200 MM, JUNTA ELÁSTICA, INSTALADO EM LOCAL COM NÍVEL BAIXO DE INTERFERÊNCIAS - FORNECIMENTO E ASSENTAMENTO. AF_06/2015","M",58.08]
[null,90703,"TUBO DE PVC CORRUGADO DE DUPLA PAREDE PARA REDE COLETORA DE ESGOTO, DN 250 MM, JUNTA ELÁSTICA, INSTALADO EM LOCAL COM NÍVEL BAIXO DE INTERFERÊNCIAS - FORNECIMENTO E ASSENTAMENTO. AF_06/2015","M",94.7]
[null,90704,"TUBO DE PVC CORRUGADO DE DUPLA PAREDE PARA REDE COLETORA DE ESGOTO, DN 300 MM, JUNTA ELÁSTICA, INSTALADO EM LOCAL COM NÍVEL BAIXO DE INTERFERÊNCIAS - FORNECIMENTO E ASSENTAMENTO. AF_06/2015","M",147.38]
[null,90705,"TUBO DE PVC CORRUGADO DE DUPLA PAREDE PARA REDE COLETORA DE ESGOTO, DN 350 MM, JUNTA ELÁSTICA, INSTALADO EM LOCAL COM NÍVEL BAIXO DE INTERFERÊNCIAS - FORNECIMENTO E ASSENTAMENTO. AF_06/2015","M",215.19]
[null,90706,"TUBO DE PVC CORRUGADO DE DUPLA PAREDE PARA REDE COLETORA DE ESGOTO, DN 400 MM, JUNTA ELÁSTICA, INSTALADO EM LOCAL COM NÍVEL BAIXO DE INTERFERÊNCIAS - FORNECIMENTO E ASSENTAMENTO. AF_06/2015","M",263.27]
[null,90708,"TUBO DE PEAD CORRUGADO DE DUPLA PAREDE PARA REDE COLETORA DE ESGOTO, DN 600 MM, JUNTA ELÁSTICA INTEGRADA, INSTALADO EM LOCAL COM NÍVEL BAIXO DE INTERFERÊNCIAS - FORNECIMENTO E ASSENTAMENTO. AF_06/2015","M",419.83]
[null,90709,"TUBO DE PVC PARA REDE COLETORA DE ESGOTO DE PAREDE MACIÇA, DN 100 MM, JUNTA ELÁSTICA, INSTALADO EM LOCAL COM NÍVEL ALTO DE INTERFERÊNCIAS - FORNECIMENTO E ASSENTAMENTO. AF_06/2015","M",21.88]
[null,90710,"TUBO DE PVC PARA REDE COLETORA DE ESGOTO DE PAREDE MACIÇA, DN 150 MM, JUNTA ELÁSTICA, INSTALADO EM LOCAL COM NÍVEL ALTO DE INTERFERÊNCIAS - FORNECIMENTO E ASSENTAMENTO. AF_06/2015","M",42.41]
[null,90711,"TUBO DE PVC PARA REDE COLETORA DE ESGOTO DE PAREDE MACIÇA, DN 200 MM, JUNTA ELÁSTICA, INSTALADO EM LOCAL COM NÍVEL ALTO DE INTERFERÊNCIAS - FORNECIMENTO E ASSENTAMENTO. AF_06/2015","M",63.89]
[null,90712,"TUBO DE PVC PARA REDE COLETORA DE ESGOTO DE PAREDE MACIÇA, DN 250 MM, JUNTA ELÁSTICA, INSTALADO EM LOCAL COM NÍVEL ALTO DE INTERFERÊNCIAS - FORNECIMENTO E ASSENTAMENTO. AF_06/2015","M",104.91]
[null,90713,"TUBO DE PVC PARA REDE COLETORA DE ESGOTO DE PAREDE MACIÇA, DN 300 MM, JUNTA ELÁSTICA, INSTALADO EM LOCAL COM NÍVEL ALTO DE INTERFERÊNCIAS - FORNECIMENTO E ASSENTAMENTO. AF_06/2015","M",166.66]
[null,90714,"TUBO DE PVC PARA REDE COLETORA DE ESGOTO DE PAREDE MACIÇA, DN 350 MM, JUNTA ELÁSTICA, INSTALADO EM LOCAL COM NÍVEL ALTO DE INTERFERÊNCIAS - FORNECIMENTO E ASSENTAMENTO. AF_06/2015","M",205.58]
[null,90715,"TUBO DE PVC PARA REDE COLETORA DE ESGOTO DE PAREDE MACIÇA, DN 400 MM, JUNTA ELÁSTICA, INSTALADO EM LOCAL COM NÍVEL ALTO DE INTERFERÊNCIAS - FORNECIMENTO E ASSENTAMENTO. AF_06/2015","M",274.60000000000002]
[null,90716,"TUBO DE PVC CORRUGADO DE DUPLA PAREDE PARA REDE COLETORA DE ESGOTO, DN 150 MM, JUNTA ELÁSTICA, INSTALADO EM LOCAL COM NÍVEL ALTO DE INTERFERÊNCIAS - FORNECIMENTO E ASSENTAMENTO. AF_06/2015","M",40.78]
[null,90717,"TUBO DE PVC CORRUGADO DE DUPLA PAREDE PARA REDE COLETORA DE ESGOTO, DN 200 MM, JUNTA ELÁSTICA, INSTALADO EM LOCAL COM NÍVEL ALTO DE INTERFERÊNCIAS - FORNECIMENTO E ASSENTAMENTO. AF_06/2015","M",60.03]
[null,90718,"TUBO DE PVC CORRUGADO DE DUPLA PAREDE PARA REDE COLETORA DE ESGOTO, DN 250 MM, JUNTA ELÁSTICA, INSTALADO EM LOCAL COM NÍVEL ALTO DE INTERFERÊNCIAS - FORNECIMENTO E ASSENTAMENTO. AF_06/2015","M",96.65]
[null,90719,"TUBO DE PVC CORRUGADO DE DUPLA PAREDE PARA REDE COLETORA DE ESGOTO, DN 300 MM, JUNTA ELÁSTICA, INSTALADO EM LOCAL COM NÍVEL ALTO DE INTERFERÊNCIAS - FORNECIMENTO E ASSENTAMENTO. AF_06/2015","M",149.33000000000001]
[null,90720,"TUBO DE PVC CORRUGADO DE DUPLA PAREDE PARA REDE COLETORA DE ESGOTO, DN 350 MM, JUNTA ELÁSTICA, INSTALADO EM LOCAL COM NÍVEL ALTO DE INTERFERÊNCIAS - FORNECIMENTO E ASSENTAMENTO. AF_06/2015","M",217.14]
[null,90721,"TUBO DE PVC CORRUGADO DE DUPLA PAREDE PARA REDE COLETORA DE ESGOTO, DN 400 MM, EM JUNTA ELÁSTICA, INSTALADO EM LOCAL COM NÍVEL ALTO DE INTERFERÊNCIAS - FORNECIMENTO E ASSENTAMENTO. AF_06/2015","M",267.44]
[null,90723,"TUBO DE PEAD CORRUGADO DE DUPLA PAREDE PARA REDE COLETORA DE ESGOTO, DN 600 MM, JUNTA ELÁSTICA INTEGRADA, INSTALADO EM LOCAL COM NÍVEL ALTO DE INTERFERÊNCIAS - FORNECIMENTO E ASSENTAMENTO. AF_06/2015","M",422.33]
[null,90724,"JUNTA ARGAMASSADA ENTRE TUBO DN 100 MM E O POÇO DE VISITA/ CAIXA DE CONCRETO OU ALVENARIA EM REDES DE ESGOTO. AF_06/2015","UN",22.3]
[null,90725,"JUNTA ARGAMASSADA ENTRE TUBO DN 150 MM E O POÇO DE VISITA/ CAIXA DE CONCRETO OU ALVENARIA EM REDES DE ESGOTO. AF_06/2015","UN",27.48]
[null,90726,"JUNTA ARGAMASSADA ENTRE TUBO DN 200 MM E O POÇO/ CAIXA DE CONCRETO OU ALVENARIA EM REDES DE ESGOTO. AF_06/2015","UN",32.659999999999997]
[null,90727,"JUNTA ARGAMASSADA ENTRE TUBO DN 250 MM E O POÇO DE VISITA/ CAIXA DE CONCRETO OU ALVENARIA EM REDES DE ESGOTO. AF_06/2015","UN",37.840000000000003]
[null,90728,"JUNTA ARGAMASSADA ENTRE TUBO DN 300 MM E O POÇO DE VISITA/ CAIXA DE CONCRETO OU ALVENARIA EM REDES DE ESGOTO. AF_06/2015","UN",43.02]
[null,90729,"JUNTA ARGAMASSADA ENTRE TUBO DN 350 MM E O POÇO DE VISITA/ CAIXA DE CONCRETO OU ALVENARIA EM REDES DE ESGOTO. AF_06/2015","UN",48.2]
[null,90730,"JUNTA ARGAMASSADA ENTRE TUBO DN 400 MM E O POÇO DE VISITA/ CAIXA DE CONCRETO OU ALVENARIA EM REDES DE ESGOTO. AF_06/2015","UN",53.41]
[null,90731,"JUNTA ARGAMASSADA ENTRE TUBO DN 450 MM E O POÇO DE VISITA/ CAIXA DE CONCRETO OU ALVENARIA EM REDES DE ESGOTO. AF_06/2015","UN",58.6]
[null,90732,"JUNTA ARGAMASSADA ENTRE TUBO DN 600 MM E O POÇO DE VISITA/ CAIXA DE CONCRETO OU ALVENARIA EM REDES DE ESGOTO. AF_06/2015","UN",74.13]
[null,90733,"ASSENTAMENTO DE TUBO DE PVC PARA REDE COLETORA DE ESGOTO DE PAREDE MACIÇA, DN 100 MM, JUNTA ELÁSTICA, INSTALADO EM LOCAL COM NÍVEL BAIXO DE INTERFERÊNCIAS (NÃO INCLUI FORNECIMENTO). AF_06/2015","M",2.46]
[null,90734,"ASSENTAMENTO DE TUBO DE PVC PARA REDE COLETORA DE ESGOTO DE PAREDE MACIÇA, DN 150 MM, JUNTA ELÁSTICA, INSTALADO EM LOCAL COM NÍVEL BAIXO DE INTERFERÊNCIAS (NÃO INCLUI FORNECIMENTO). AF_06/2015","M",3]
[null,90735,"ASSENTAMENTO DE TUBO DE PVC PARA REDE COLETORA DE ESGOTO DE PAREDE MACIÇA, DN 200 MM, JUNTA ELÁSTICA, INSTALADO EM LOCAL COM NÍVEL BAIXO DE INTERFERÊNCIAS (NÃO INCLUI FORNECIMENTO). AF_06/2015","M",3.57]
[null,90736,"ASSENTAMENTO DE TUBO DE PVC PARA REDE COLETORA DE ESGOTO DE PAREDE MACIÇA, DN 250 MM, JUNTA ELÁSTICA, INSTALADO EM LOCAL COM NÍVEL BAIXO DE INTERFERÊNCIAS (NÃO INCLUI FORNECIMENTO). AF_06/2015","M",4.0999999999999996]
[null,90737,"ASSENTAMENTO DE TUBO DE PVC PARA REDE COLETORA DE ESGOTO DE PAREDE MACIÇA, DN 300 MM, JUNTA ELÁSTICA, INSTALADO EM LOCAL COM NÍVEL BAIXO DE INTERFERÊNCIAS (NÃO INCLUI FORNECIMENTO). AF_06/2015","M",4.66]
[null,90738,"ASSENTAMENTO DE TUBO DE PVC PARA REDE COLETORA DE ESGOTO DE PAREDE MACIÇA, DN 350 MM, JUNTA ELÁSTICA, INSTALADO EM LOCAL COM NÍVEL BAIXO DE INTERFERÊNCIAS (NÃO INCLUI FORNECIMENTO). AF_06/2015","M",5.2]
[null,90739,"ASSENTAMENTO DE TUBO DE PVC PARA REDE COLETORA DE ESGOTO DE PAREDE MACIÇA, DN 400 MM, JUNTA ELÁSTICA, INSTALADO EM LOCAL COM NÍVEL BAIXO DE INTERFERÊNCIAS (NÃO INCLUI FORNECIMENTO). AF_06/2015","M",12.28]
[null,90740,"ASSENTAMENTO DE TUBO DE PVC CORRUGADO DE DUPLA PAREDE PARA REDE COLETORA DE ESGOTO, DN 150 MM, JUNTA ELÁSTICA, INSTALADO EM LOCAL COM NÍVEL BAIXO DE INTERFERÊNCIAS (NÃO INCLUI FORNECIMENTO). AF_06/2015","M",5.49]
[null,90741,"ASSENTAMENTO DE TUBO DE PVC CORRUGADO DE DUPLA PAREDE PARA REDE COLETORA DE ESGOTO, DN 200 MM, JUNTA ELÁSTICA, INSTALADO EM LOCAL COM NÍVEL BAIXO DE INTERFERÊNCIAS (NÃO INCLUI FORNECIMENTO). AF_06/2015","M",6.04]
[null,90742,"ASSENTAMENTO DE TUBO DE PVC CORRUGADO DE DUPLA PAREDE PARA REDE COLETORA DE ESGOTO, DN 250 MM, JUNTA ELÁSTICA, INSTALADO EM LOCAL COM NÍVEL BAIXO DE INTERFERÊNCIAS (NÃO INCLUI FORNECIMENTO). AF_06/2015","M",6.59]
[null,90743,"ASSENTAMENTO DE TUBO DE PVC CORRUGADO DE DUPLA PAREDE PARA REDE COLETORA DE ESGOTO, DN 300 MM, JUNTA ELÁSTICA, INSTALADO EM LOCAL COM NÍVEL BAIXO DE INTERFERÊNCIAS (NÃO INCLUI FORNECIMENTO). AF_06/2015","M",7.14]
[null,90744,"ASSENTAMENTO DE TUBO DE PVC CORRUGADO DE DUPLA PAREDE PARA REDE COLETORA DE ESGOTO, DN 350 MM, JUNTA ELÁSTICA, INSTALADO EM LOCAL COM NÍVEL BAIXO DE INTERFERÊNCIAS (NÃO INCLUI FORNECIMENTO). AF_06/2015","M",7.69]
[null,90745,"ASSENTAMENTO DE TUBO DE PVC CORRUGADO DE DUPLA PAREDE PARA REDE COLETORA DE ESGOTO, DN 400 MM, JUNTA ELÁSTICA, INSTALADO EM LOCAL COM NÍVEL BAIXO DE INTERFERÊNCIAS (NÃO INCLUI FORNECIMENTO). AF_06/2015","M",17.559999999999999]
[null,90746,"ASSENTAMENTO DE TUBO DE PEAD CORRUGADO DE DUPLA PAREDE PARA REDE COLETORA DE ESGOTO, DN 450 MM, JUNTA ELÁSTICA INTEGRADA, INSTALADO EM LOCAL COM NÍVEL BAIXO DE INTERFERÊNCIAS (NÃO INCLUI FORNECIMENTO). AF_06/2015","M",3.34]
[null,90747,"ASSENTAMENTO DE TUBO DE PEAD CORRUGADO DE DUPLA PAREDE PARA REDE COLETORA DE ESGOTO, DN 600 MM, JUNTA ELÁSTICA INTEGRADA, INSTALADO EM LOCAL COM NÍVEL BAIXO DE INTERFERÊNCIAS (NÃO INCLUI FORNECIMENTO). AF_06/2015","M",13.09]
[null,90748,"ASSENTAMENTO DE TUBO DE PVC PARA REDE COLETORA DE ESGOTO DE PAREDE MACIÇA, DN 100 MM, JUNTA ELÁSTICA, INSTALADO EM LOCAL COM NÍVEL ALTO DE INTERFERÊNCIAS (NÃO INCLUI FORNECIMENTO). AF_06/2015","M",4.41]
[null,90749,"ASSENTAMENTO DE TUBO DE PVC PARA REDE COLETORA DE ESGOTO DE PAREDE MACIÇA, DN 150 MM, JUNTA ELÁSTICA, INSTALADO EM LOCAL COM NÍVEL ALTO DE INTERFERÊNCIAS (NÃO INCLUI FORNECIMENTO). AF_06/2015","M",4.96]
[null,90750,"ASSENTAMENTO DE TUBO DE PVC PARA REDE COLETORA DE ESGOTO DE PAREDE MACIÇA, DN 200 MM, JUNTA ELÁSTICA, INSTALADO EM LOCAL COM NÍVEL ALTO DE INTERFERÊNCIAS (NÃO INCLUI FORNECIMENTO). AF_06/2015","M",5.51]
[null,90751,"ASSENTAMENTO DE TUBO DE PVC PARA REDE COLETORA DE ESGOTO DE PAREDE MACIÇA, DN 250 MM, JUNTA ELÁSTICA, INSTALADO EM LOCAL COM NÍVEL ALTO DE INTERFERÊNCIAS (NÃO INCLUI FORNECIMENTO). AF_06/2015","M",6.06]
[null,90752,"ASSENTAMENTO DE TUBO DE PVC PARA REDE COLETORA DE ESGOTO DE PAREDE MACIÇA, DN 300 MM, JUNTA ELÁSTICA, INSTALADO EM LOCAL COM NÍVEL ALTO DE INTERFERÊNCIAS (NÃO INCLUI FORNECIMENTO). AF_06/2015","M",6.61]
[null,90753,"ASSENTAMENTO DE TUBO DE PVC PARA REDE COLETORA DE ESGOTO DE PAREDE MACIÇA, DN 350 MM, JUNTA ELÁSTICA, INSTALADO EM LOCAL COM NÍVEL ALTO DE INTERFERÊNCIAS (NÃO INCLUI FORNECIMENTO). AF_06/2015","M",7.16]
[null,90754,"ASSENTAMENTO DE TUBO DE PVC PARA REDE COLETORA DE ESGOTO DE PAREDE MACIÇA, DN 400 MM, JUNTA ELÁSTICA, INSTALADO EM LOCAL COM NÍVEL ALTO DE INTERFERÊNCIAS (NÃO INCLUI FORNECIMENTO). AF_06/2015","M",16.43]
[null,90755,"ASSENTAMENTO DE TUBO DE PVC CORRUGADO DE DUPLA PAREDE PARA REDE COLETORA DE ESGOTO, DN 150 MM, JUNTA ELÁSTICA, INSTALADO EM LOCAL COM NÍVEL ALTO DE INTERFERÊNCIAS (NÃO INCLUI FORNECIMENTO). AF_06/2015","M",7.44]
[null,90756,"ASSENTAMENTO DE TUBO DE PVC CORRUGADO DE DUPLA PAREDE PARA REDE COLETORA DE ESGOTO, DN 200 MM, JUNTA ELÁSTICA, INSTALADO EM LOCAL COM NÍVEL ALTO DE INTERFERÊNCIAS (NÃO INCLUI FORNECIMENTO). AF_06/2015","M",7.99]
[null,90757,"ASSENTAMENTO DE TUBO DE PVC CORRUGADO DE DUPLA PAREDE PARA REDE COLETORA DE ESGOTO, DN 250 MM, JUNTA ELÁSTICA, INSTALADO EM LOCAL COM NÍVEL ALTO DE INTERFERÊNCIAS (NÃO INCLUI FORNECIMENTO). AF_06/2015","M",8.5399999999999991]
[null,90758,"ASSENTAMENTO DE TUBO DE PVC CORRUGADO DE DUPLA PAREDE PARA REDE COLETORA DE ESGOTO, DN 300 MM, JUNTA ELÁSTICA, INSTALADO EM LOCAL COM NÍVEL ALTO DE INTERFERÊNCIAS (NÃO INCLUI FORNECIMENTO). AF_06/2015","M",9.09]
[null,90759,"ASSENTAMENTO DE TUBO DE PVC CORRUGADO DE DUPLA PAREDE PARA REDE COLETORA DE ESGOTO, DN 350 MM, JUNTA ELÁSTICA, INSTALADO EM LOCAL COM NÍVEL ALTO DE INTERFERÊNCIAS (NÃO INCLUI FORNECIMENTO). AF_06/2015","M",9.64]
[null,90760,"ASSENTAMENTO DE TUBO DE PVC CORRUGADO DE DUPLA PAREDE PARA REDE COLETORA DE ESGOTO, DN 400 MM, EM JUNTA ELÁSTICA, INSTALADO EM LOCAL COM NÍVEL ALTO DE INTERFERÊNCIAS (NÃO INCLUI FORNECIMENTO). AF_06/2015","M",21.73]
[null,90761,"ASSENTAMENTO DE TUBO DE PEAD CORRUGADO DE DUPLA PAREDE PARA REDE COLETORA DE ESGOTO, DN 450 MM, JUNTA ELÁSTICA INTEGRADA, INSTALADO EM LOCAL COM NÍVEL ALTO DE INTERFERÊNCIAS (NÃO INCLUI FORNECIMENTO). AF_06/2015","M",4.09]
[null,90762,"ASSENTAMENTO DE TUBO DE PEAD CORRUGADO DE DUPLA PAREDE PARA REDE COLETORA DE ESGOTO, DN 600 MM, JUNTA ELÁSTICA INTEGRADA, INSTALADO EM LOCAL COM NÍVEL ALTO DE INTERFERÊNCIAS (NÃO INCLUI FORNECIMENTO). AF_06/2015","M",15.59]
[null,94869,"TUBO DE PEAD CORRUGADO DE DUPLA PAREDE PARA REDE COLETORA DE ESGOTO, DN 250 MM, JUNTA ELÁSTICA INTEGRADA, INSTALADO EM LOCAL COM NÍVEL BAIXO DE INTERFERÊNCIAS - FORNECIMENTO E ASSENTAMENTO. AF_06/2016","M",71.849999999999994]
[null,94870,"ASSENTAMENTO DE TUBO DE PEAD CORRUGADO DE DUPLA PAREDE PARA REDE COLETORA DE ESGOTO, DN 250 MM, JUNTA ELÁSTICA INTEGRADA, INSTALADO EM LOCAL COM NÍVEL BAIXO DE INTERFERÊNCIAS (NÃO INCLUI FORNECIMENTO). AF_06/2016","M",0.81]
[null,94871,"TUBO DE PEAD CORRUGADO DE DUPLA PAREDE PARA REDE COLETORA DE ESGOTO, DN 300 MM, JUNTA ELÁSTICA INTEGRADA, INSTALADO EM LOCAL COM NÍVEL BAIXO DE INTERFERÊNCIAS - FORNECIMENTO E ASSENTAMENTO. AF_06/2016","M",106.32]
[null,94872,"ASSENTAMENTO DE TUBO DE PEAD CORRUGADO DE DUPLA PAREDE PARA REDE COLETORA DE ESGOTO, DN 300 MM, JUNTA ELÁSTICA INTEGRADA, INSTALADO EM LOCAL COM NÍVEL BAIXO DE INTERFERÊNCIAS (NÃO INCLUI FORNECIMENTO). AF_06/2016","M",1.43]
[null,94875,"TUBO DE PEAD CORRUGADO DE DUPLA PAREDE PARA REDE COLETORA DE ESGOTO, DN 750 MM, JUNTA ELÁSTICA INTEGRADA, INSTALADO EM LOCAL COM NÍVEL BAIXO DE INTERFERÊNCIAS - FORNECIMENTO E ASSENTAMENTO. AF_06/2016","M",623.09]
[null,94876,"ASSENTAMENTO DE TUBO DE PEAD CORRUGADO DE DUPLA PAREDE PARA REDE COLETORA DE ESGOTO, DN 750 MM, JUNTA ELÁSTICA INTEGRADA, INSTALADO EM LOCAL COM NÍVEL BAIXO DE INTERFERÊNCIAS (NÃO INCLUI FORNECIMENTO). AF_06/2016","M",19.82]
[null,94878,"ASSENTAMENTO DE TUBO DE PEAD CORRUGADO DE DUPLA PAREDE PARA REDE COLETORA DE ESGOTO, DN 900 MM, JUNTA ELÁSTICA INTEGRADA, INSTALADO EM LOCAL COM NÍVEL BAIXO DE INTERFERÊNCIAS (NÃO INCLUI FORNECIMENTO). AF_06/2016","M",23.26]
[null,94879,"TUBO DE PEAD CORRUGADO DE DUPLA PAREDE PARA REDE COLETORA DE ESGOTO, DN 1000 MM, JUNTA ELÁSTICA INTEGRADA, INSTALADO EM LOCAL COM NÍVEL BAIXO DE INTERFERÊNCIAS - FORNECIMENTO E ASSENTAMENTO. AF_06/2016","M",943.47]
[null,94880,"ASSENTAMENTO DE TUBO DE PEAD CORRUGADO DE DUPLA PAREDE PARA REDE COLETORA DE ESGOTO, DN 1000 MM, JUNTA ELÁSTICA INTEGRADA, INSTALADO EM LOCAL COM NÍVEL BAIXO DE INTERFERÊNCIAS (NÃO INCLUI FORNECIMENTO). AF_06/2016","M",28.49]
[null,94881,"TUBO DE PEAD CORRUGADO DE DUPLA PAREDE PARA REDE COLETORA DE ESGOTO, DN 1200 MM, JUNTA ELÁSTICA INTEGRADA, INSTALADO EM LOCAL COM NÍVEL BAIXO DE INTERFERÊNCIAS - FORNECIMENTO E ASSENTAMENTO. AF_06/2016","M",1342.64]
[null,94882,"ASSENTAMENTO DE TUBO DE PEAD CORRUGADO DE DUPLA PAREDE PARA REDE COLETORA DE ESGOTO, DN 1200 MM, JUNTA ELÁSTICA INTEGRADA, INSTALADO EM LOCAL COM NÍVEL BAIXO DE INTERFERÊNCIAS (NÃO INCLUI FORNECIMENTO). AF_06/2016","M",33.79]
[null,94884,"ASSENTAMENTO DE TUBO DE PEAD CORRUGADO DE DUPLA PAREDE PARA REDE COLETORA DE ESGOTO, DN 1500 MM, JUNTA ELÁSTICA INTEGRADA, INSTALADO EM LOCAL COM NÍVEL BAIXO DE INTERFERÊNCIAS (NÃO INCLUI FORNECIMENTO). AF_06/2016","M",44.55]
[null,94885,"TUBO DE PEAD CORRUGADO DE DUPLA PAREDE PARA REDE COLETORA DE ESGOTO, DN 250 MM, JUNTA ELÁSTICA INTEGRADA, INSTALADO EM LOCAL COM NÍVEL ALTO DE INTERFERÊNCIAS - FORNECIMENTO E ASSENTAMENTO. AF_06/2016","M",72.09]
[null,94886,"ASSENTAMENTO DE TUBO DE PEAD CORRUGADO DE DUPLA PAREDE PARA REDE COLETORA DE ESGOTO, DN 250 MM, JUNTA ELÁSTICA INTEGRADA, INSTALADO EM LOCAL COM NÍVEL ALTO DE INTERFERÊNCIAS (NÃO INCLUI FORNECIMENTO). AF_06/2016","M",1.05]
[null,94887,"TUBO DE PEAD CORRUGADO DE DUPLA PAREDE PARA REDE COLETORA DE ESGOTO, DN 300 MM, JUNTA ELÁSTICA INTEGRADA, INSTALADO EM LOCAL COM NÍVEL ALTO DE INTERFERÊNCIAS - FORNECIMENTO E ASSENTAMENTO. AF_06/2016","M",106.7]
[null,94888,"ASSENTAMENTO DE TUBO DE PEAD CORRUGADO DE DUPLA PAREDE PARA REDE COLETORA DE ESGOTO, DN 300 MM, JUNTA ELÁSTICA INTEGRADA, INSTALADO EM LOCAL COM NÍVEL ALTO DE INTERFERÊNCIAS (NÃO INCLUI FORNECIMENTO). AF_06/2016","M",1.81]
[null,94891,"TUBO DE PEAD CORRUGADO DE DUPLA PAREDE PARA REDE COLETORA DE ESGOTO, DN 750 MM, JUNTA ELÁSTICA INTEGRADA, INSTALADO EM LOCAL COM NÍVEL ALTO DE INTERFERÊNCIAS - FORNECIMENTO E ASSENTAMENTO. AF_06/2016","M",626.29]
[null,94892,"ASSENTAMENTO DE TUBO DE PEAD CORRUGADO DE DUPLA PAREDE PARA REDE COLETORA DE ESGOTO, DN 750 MM, JUNTA ELÁSTICA INTEGRADA, INSTALADO EM LOCAL COM NÍVEL ALTO DE INTERFERÊNCIAS (NÃO INCLUI FORNECIMENTO). AF_06/2016","M",23.02]
[null,94894,"ASSENTAMENTO DE TUBO DE PEAD CORRUGADO DE DUPLA PAREDE PARA REDE COLETORA DE ESGOTO, DN 900 MM, JUNTA ELÁSTICA INTEGRADA, INSTALADO EM LOCAL COM NÍVEL ALTO DE INTERFERÊNCIAS (NÃO INCLUI FORNECIMENTO). AF_06/2016","M",26.73]
[null,94895,"TUBO DE PEAD CORRUGADO DE DUPLA PAREDE PARA REDE COLETORA DE ESGOTO, DN 1000 MM, JUNTA ELÁSTICA INTEGRADA, INSTALADO EM LOCAL COM NÍVEL ALTO DE INTERFERÊNCIAS - FORNECIMENTO E ASSENTAMENTO. AF_06/2016","M",947.28]
[null,94896,"ASSENTAMENTO DE TUBO DE PEAD CORRUGADO DE DUPLA PAREDE PARA REDE COLETORA DE ESGOTO, DN 1000 MM, JUNTA ELÁSTICA INTEGRADA, INSTALADO EM LOCAL COM NÍVEL ALTO DE INTERFERÊNCIAS (NÃO INCLUI FORNECIMENTO). AF_06/2016","M",32.299999999999997]
[null,94897,"TUBO DE PEAD CORRUGADO DE DUPLA PAREDE PARA REDE COLETORA DE ESGOTO, DN 1200 MM, JUNTA ELÁSTICA INTEGRADA, INSTALADO EM LOCAL COM NÍVEL ALTO DE INTERFERÊNCIAS - FORNECIMENTO E ASSENTAMENTO. AF_06/2016","M",1346.72]
[null,94898,"ASSENTAMENTO DE TUBO DE PEAD CORRUGADO DE DUPLA PAREDE PARA REDE COLETORA DE ESGOTO, DN 1200 MM, JUNTA ELÁSTICA INTEGRADA, INSTALADO EM LOCAL COM NÍVEL ALTO DE INTERFERÊNCIAS (NÃO INCLUI FORNECIMENTO). AF_06/2016","M",37.869999999999997]
[null,94900,"ASSENTAMENTO DE TUBO DE PEAD CORRUGADO DE DUPLA PAREDE PARA REDE COLETORA DE ESGOTO, DN 1500 MM, JUNTA ELÁSTICA INTEGRADA, INSTALADO EM LOCAL COM NÍVEL ALTO DE INTERFERÊNCIAS (NÃO INCLUI FORNECIMENTO). AF_06/2016","M",49.03]
[null,97121,"ASSENTAMENTO DE TUBO DE PVC PBA PARA REDE DE ÁGUA, DN 50 MM, JUNTA ELÁSTICA INTEGRADA, INSTALADO EM LOCAL COM NÍVEL ALTO DE INTERFERÊNCIAS (NÃO INCLUI FORNECIMENTO). AF_11/2017","M",1.81]
[null,97122,"ASSENTAMENTO DE TUBO DE PVC PBA PARA REDE DE ÁGUA, DN 75 MM, JUNTA ELÁSTICA INTEGRADA, INSTALADO EM LOCAL COM NÍVEL ALTO DE INTERFERÊNCIAS (NÃO INCLUI FORNECIMENTO). AF_11/2017","M",2.5099999999999998]
[null,97123,"ASSENTAMENTO DE TUBO DE PVC PBA PARA REDE DE ÁGUA, DN 100 MM, JUNTA ELÁSTICA INTEGRADA, INSTALADO EM LOCAL COM NÍVEL ALTO DE INTERFERÊNCIAS (NÃO INCLUI FORNECIMENTO). AF_11/2017","M",3.17]
[null,97124,"ASSENTAMENTO DE TUBO DE PVC PBA PARA REDE DE ÁGUA, DN 50 MM, JUNTA ELÁSTICA INTEGRADA, INSTALADO EM LOCAL COM NÍVEL BAIXO DE INTERFERÊNCIAS (NÃO INCLUI FORNECIMENTO). AF_11/2017","M",0.78]
[null,97125,"ASSENTAMENTO DE TUBO DE PVC PBA PARA REDE DE ÁGUA, DN 75 MM, JUNTA ELÁSTICA INTEGRADA, INSTALADO EM LOCAL COM NÍVEL BAIXO DE INTERFERÊNCIAS (NÃO INCLUI FORNECIMENTO). AF_11/2017","M",1.1100000000000001]
[null,97126,"ASSENTAMENTO DE TUBO DE PVC PBA PARA REDE DE ÁGUA, DN 100 MM, JUNTA ELÁSTICA INTEGRADA, INSTALADO EM LOCAL COM NÍVEL BAIXO DE INTERFERÊNCIAS (NÃO INCLUI FORNECIMENTO). AF_11/2017","M",1.4]
[null,92833,"TUBO DE CONCRETO PARA REDES COLETORAS DE ESGOTO SANITÁRIO, DIÂMETRO DE 300 MM, JUNTA ELÁSTICA, INSTALADO EM LOCAL COM BAIXO NÍVEL DE INTERFERÊNCIAS - FORNECIMENTO E ASSENTAMENTO. AF_12/2015","M",94.83]
[null,92834,"ASSENTAMENTO DE TUBO DE CONCRETO PARA REDES COLETORAS DE ESGOTO SANITÁRIO, DIÂMETRO DE 300 MM, JUNTA ELÁSTICA, INSTALADO EM LOCAL COM BAIXO NÍVEL DE INTERFERÊNCIAS (NÃO INCLUI FORNECIMENTO). AF_12/2015","M",7.01]
[null,92835,"TUBO DE CONCRETO PARA REDES COLETORAS DE ESGOTO SANITÁRIO, DIÂMETRO DE 400 MM, JUNTA ELÁSTICA, INSTALADO EM LOCAL COM BAIXO NÍVEL DE INTERFERÊNCIAS - FORNECIMENTO E ASSENTAMENTO. AF_12/2015","M",124.61]
[null,92836,"ASSENTAMENTO DE TUBO DE CONCRETO PARA REDES COLETORAS DE ESGOTO SANITÁRIO, DIÂMETRO DE 400 MM, JUNTA ELÁSTICA, INSTALADO EM LOCAL COM BAIXO NÍVEL DE INTERFERÊNCIAS (NÃO INCLUI FORNECIMENTO). AF_12/2015","M",8.9499999999999993]
[null,92837,"TUBO DE CONCRETO PARA REDES COLETORAS DE ESGOTO SANITÁRIO, DIÂMETRO DE 500 MM, JUNTA ELÁSTICA, INSTALADO EM LOCAL COM BAIXO NÍVEL DE INTERFERÊNCIAS - FORNECIMENTO E ASSENTAMENTO. AF_12/2015","M",156.82]
[null,92838,"ASSENTAMENTO DE TUBO DE CONCRETO PARA REDES COLETORAS DE ESGOTO SANITÁRIO, DIÂMETRO DE 500 MM, JUNTA ELÁSTICA, INSTALADO EM LOCAL COM BAIXO NÍVEL DE INTERFERÊNCIAS (NÃO INCLUI FORNECIMENTO). AF_12/2015","M",10.75]
[null,92839,"TUBO DE CONCRETO PARA REDES COLETORAS DE ESGOTO SANITÁRIO, DIÂMETRO DE 600 MM, JUNTA ELÁSTICA, INSTALADO EM LOCAL COM BAIXO NÍVEL DE INTERFERÊNCIAS - FORNECIMENTO E ASSENTAMENTO. AF_12/2015","M",205.02]
[null,92840,"ASSENTAMENTO DE TUBO DE CONCRETO PARA REDES COLETORAS DE ESGOTO SANITÁRIO, DIÂMETRO DE 600 MM, JUNTA ELÁSTICA, INSTALADO EM LOCAL COM BAIXO NÍVEL DE INTERFERÊNCIAS (NÃO INCLUI FORNECIMENTO). AF_12/2015","M",12.73]
[null,92841,"TUBO DE CONCRETO PARA REDES COLETORAS DE ESGOTO SANITÁRIO, DIÂMETRO DE 700 MM, JUNTA ELÁSTICA, INSTALADO EM LOCAL COM BAIXO NÍVEL DE INTERFERÊNCIAS - FORNECIMENTO E ASSENTAMENTO. AF_12/2015","M",232.26]
[null,92842,"ASSENTAMENTO DE TUBO DE CONCRETO PARA REDES COLETORAS DE ESGOTO SANITÁRIO, DIÂMETRO DE 700 MM, JUNTA ELÁSTICA, INSTALADO EM LOCAL COM BAIXO NÍVEL DE INTERFERÊNCIAS (NÃO INCLUI FORNECIMENTO). AF_12/2015","M",14.55]
[null,92844,"ASSENTAMENTO DE TUBO DE CONCRETO PARA REDES COLETORAS DE ESGOTO SANITÁRIO, DIÂMETRO DE 800 MM, JUNTA ELÁSTICA, INSTALADO EM LOCAL COM BAIXO NÍVEL DE INTERFERÊNCIAS (NÃO INCLUI FORNECIMENTO). AF_12/2015","M",16.53]
[null,92846,"ASSENTAMENTO DE TUBO DE CONCRETO PARA REDES COLETORAS DE ESGOTO SANITÁRIO, DIÂMETRO DE 900 MM, JUNTA ELÁSTICA, INSTALADO EM LOCAL COM BAIXO NÍVEL DE INTERFERÊNCIAS (NÃO INCLUI FORNECIMENTO). AF_12/2015","M",18.32]
[null,92847,"TUBO DE CONCRETO PARA REDES COLETORAS DE ESGOTO SANITÁRIO, DIÂMETRO DE 1000 MM, JUNTA ELÁSTICA, INSTALADO EM LOCAL COM BAIXO NÍVEL DE INTERFERÊNCIAS - FORNECIMENTO E ASSENTAMENTO. AF_12/2015","M",402.49]
[null,92848,"ASSENTAMENTO DE TUBO DE CONCRETO PARA REDES COLETORAS DE ESGOTO SANITÁRIO, DIÂMETRO DE 1000 MM, JUNTA ELÁSTICA, INSTALADO EM LOCAL COM BAIXO NÍVEL DE INTERFERÊNCIAS (NÃO INCLUI FORNECIMENTO). AF_12/2015","M",20.329999999999998]
[null,92849,"TUBO DE CONCRETO PARA REDES COLETORAS DE ESGOTO SANITÁRIO, DIÂMETRO DE 300 MM, JUNTA ELÁSTICA, INSTALADO EM LOCAL COM ALTO NÍVEL DE INTERFERÊNCIAS - FORNECIMENTO E ASSENTAMENTO. AF_12/2015","M",102.06]
[null,92850,"ASSENTAMENTO DE TUBO DE CONCRETO PARA REDES COLETORAS DE ESGOTO SANITÁRIO, DIÂMETRO DE 300 MM, JUNTA ELÁSTICA, INSTALADO EM LOCAL COM ALTO NÍVEL DE INTERFERÊNCIAS (NÃO INCLUI FORNECIMENTO). AF_12/2015","M",13.27]
[null,92851,"TUBO DE CONCRETO PARA REDES COLETORAS DE ESGOTO SANITÁRIO, DIÂMETRO DE 400 MM, JUNTA ELÁSTICA, INSTALADO EM LOCAL COM ALTO NÍVEL DE INTERFERÊNCIAS - FORNECIMENTO E ASSENTAMENTO. AF_12/2015","M",133.63]
[null,92852,"ASSENTAMENTO DE TUBO DE CONCRETO PARA REDES COLETORAS DE ESGOTO SANITÁRIO, DIÂMETRO DE 400 MM, JUNTA ELÁSTICA, INSTALADO EM LOCAL COM ALTO NÍVEL DE INTERFERÊNCIAS (NÃO INCLUI FORNECIMENTO). AF_12/2015","M",16.75]
[null,92853,"TUBO DE CONCRETO PARA REDES COLETORAS DE ESGOTO SANITÁRIO, DIÂMETRO DE 500 MM, JUNTA ELÁSTICA, INSTALADO EM LOCAL COM ALTO NÍVEL DE INTERFERÊNCIAS - FORNECIMENTO E ASSENTAMENTO. AF_12/2015","M",167.96]
[null,92854,"ASSENTAMENTO DE TUBO DE CONCRETO PARA REDES COLETORAS DE ESGOTO SANITÁRIO, DIÂMETRO DE 500 MM, JUNTA ELÁSTICA, INSTALADO EM LOCAL COM ALTO NÍVEL DE INTERFERÊNCIAS (NÃO INCLUI FORNECIMENTO). AF_12/2015","M",20.41]
[null,92855,"TUBO DE CONCRETO PARA REDES COLETORAS DE ESGOTO SANITÁRIO, DIÂMETRO DE 600 MM, JUNTA ELÁSTICA, INSTALADO EM LOCAL COM ALTO NÍVEL DE INTERFERÊNCIAS - FORNECIMENTO E ASSENTAMENTO. AF_12/2015","M",218.11]
[null,92856,"ASSENTAMENTO DE TUBO DE CONCRETO PARA REDES COLETORAS DE ESGOTO SANITÁRIO, DIÂMETRO DE 600 MM, JUNTA ELÁSTICA, INSTALADO EM LOCAL COM ALTO NÍVEL DE INTERFERÊNCIAS (NÃO INCLUI FORNECIMENTO). AF_12/2015","M",24.05]
[null,92857,"TUBO DE CONCRETO PARA REDES COLETORAS DE ESGOTO SANITÁRIO, DIÂMETRO DE 700 MM, JUNTA ELÁSTICA, INSTALADO EM LOCAL COM ALTO NÍVEL DE INTERFERÊNCIAS - FORNECIMENTO E ASSENTAMENTO. AF_12/2015","M",247.26]
[null,92858,"ASSENTAMENTO DE TUBO DE CONCRETO PARA REDES COLETORAS DE ESGOTO SANITÁRIO, DIÂMETRO DE 700 MM, JUNTA ELÁSTICA, INSTALADO EM LOCAL COM ALTO NÍVEL DE INTERFERÊNCIAS (NÃO INCLUI FORNECIMENTO). AF_12/2015","M",27.53]
[null,92860,"ASSENTAMENTO DE TUBO DE CONCRETO PARA REDES COLETORAS DE ESGOTO SANITÁRIO, DIÂMETRO DE 800 MM, JUNTA ELÁSTICA, INSTALADO EM LOCAL COM ALTO NÍVEL DE INTERFERÊNCIAS (NÃO INCLUI FORNECIMENTO). AF_12/2015","M",31.24]
[null,92862,"ASSENTAMENTO DE TUBO DE CONCRETO PARA REDES COLETORAS DE ESGOTO SANITÁRIO, DIÂMETRO DE 900 MM, JUNTA ELÁSTICA, INSTALADO EM LOCAL COM ALTO NÍVEL DE INTERFERÊNCIAS (NÃO INCLUI FORNECIMENTO). AF_12/2015","M",34.880000000000003]
[null,92863,"TUBO DE CONCRETO PARA REDES COLETORAS DE ESGOTO SANITÁRIO, DIÂMETRO DE 1000 MM, JUNTA ELÁSTICA, INSTALADO EM LOCAL COM ALTO NÍVEL DE INTERFERÊNCIAS - FORNECIMENTO E ASSENTAMENTO. AF_12/2015","M",423.48]
[null,92864,"ASSENTAMENTO DE TUBO DE CONCRETO PARA REDES COLETORAS DE ESGOTO SANITÁRIO, DIÂMETRO DE 1000 MM, JUNTA ELÁSTICA, INSTALADO EM LOCAL COM ALTO NÍVEL DE INTERFERÊNCIAS (NÃO INCLUI FORNECIMENTO). AF_12/2015","M",38.51]
[null,92210,"TUBO DE CONCRETO PARA REDES COLETORAS DE ÁGUAS PLUVIAIS, DIÂMETRO DE 400 MM, JUNTA RÍGIDA, INSTALADO EM LOCAL COM BAIXO NÍVEL DE INTERFERÊNCIAS - FORNECIMENTO E ASSENTAMENTO. AF_12/2015","M",88.62]
[null,92211,"TUBO DE CONCRETO PARA REDES COLETORAS DE ÁGUAS PLUVIAIS, DIÂMETRO DE 500 MM, JUNTA RÍGIDA, INSTALADO EM LOCAL COM BAIXO NÍVEL DE INTERFERÊNCIAS - FORNECIMENTO E ASSENTAMENTO. AF_12/2015","M",112.81]
[null,92212,"TUBO DE CONCRETO PARA REDES COLETORAS DE ÁGUAS PLUVIAIS, DIÂMETRO DE 600 MM, JUNTA RÍGIDA, INSTALADO EM LOCAL COM BAIXO NÍVEL DE INTERFERÊNCIAS - FORNECIMENTO E ASSENTAMENTO. AF_12/2015","M",142.63]
[null,92213,"TUBO DE CONCRETO PARA REDES COLETORAS DE ÁGUAS PLUVIAIS, DIÂMETRO DE 700 MM, JUNTA RÍGIDA, INSTALADO EM LOCAL COM BAIXO NÍVEL DE INTERFERÊNCIAS - FORNECIMENTO E ASSENTAMENTO. AF_12/2015","M",185.78]
[null,92214,"TUBO DE CONCRETO PARA REDES COLETORAS DE ÁGUAS PLUVIAIS, DIÂMETRO DE 800 MM, JUNTA RÍGIDA, INSTALADO EM LOCAL COM BAIXO NÍVEL DE INTERFERÊNCIAS - FORNECIMENTO E ASSENTAMENTO. AF_12/2015","M",211.97]
[null,92215,"TUBO DE CONCRETO PARA REDES COLETORAS DE ÁGUAS PLUVIAIS, DIÂMETRO DE 900 MM, JUNTA RÍGIDA, INSTALADO EM LOCAL COM BAIXO NÍVEL DE INTERFERÊNCIAS - FORNECIMENTO E ASSENTAMENTO. AF_12/2015","M",254.2]
[null,92216,"TUBO DE CONCRETO PARA REDES COLETORAS DE ÁGUAS PLUVIAIS, DIÂMETRO DE 1000 MM, JUNTA RÍGIDA, INSTALADO EM LOCAL COM BAIXO NÍVEL DE INTERFERÊNCIAS - FORNECIMENTO E ASSENTAMENTO. AF_12/2015","M",284.7]
[null,92219,"TUBO DE CONCRETO PARA REDES COLETORAS DE ÁGUAS PLUVIAIS, DIÂMETRO DE 400 MM, JUNTA RÍGIDA, INSTALADO EM LOCAL COM ALTO NÍVEL DE INTERFERÊNCIAS - FORNECIMENTO E ASSENTAMENTO. AF_12/2015","M",96.44]
[null,92220,"TUBO DE CONCRETO PARA REDES COLETORAS DE ÁGUAS PLUVIAIS, DIÂMETRO DE 500 MM, JUNTA RÍGIDA, INSTALADO EM LOCAL COM ALTO NÍVEL DE INTERFERÊNCIAS - FORNECIMENTO E ASSENTAMENTO. AF_12/2015","M",122.46]
[null,92221,"TUBO DE CONCRETO PARA REDES COLETORAS DE ÁGUAS PLUVIAIS, DIÂMETRO DE 600 MM, JUNTA RÍGIDA, INSTALADO EM LOCAL COM ALTO NÍVEL DE INTERFERÊNCIAS - FORNECIMENTO E ASSENTAMENTO. AF_12/2015","M",153.94999999999999]
[null,92222,"TUBO DE CONCRETO PARA REDES COLETORAS DE ÁGUAS PLUVIAIS, DIÂMETRO DE 700 MM, JUNTA RÍGIDA, INSTALADO EM LOCAL COM ALTO NÍVEL DE INTERFERÊNCIAS - FORNECIMENTO E ASSENTAMENTO. AF_12/2015","M",198.92]
[null,92223,"TUBO DE CONCRETO PARA REDES COLETORAS DE ÁGUAS PLUVIAIS, DIÂMETRO DE 800 MM, JUNTA RÍGIDA, INSTALADO EM LOCAL COM ALTO NÍVEL DE INTERFERÊNCIAS - FORNECIMENTO E ASSENTAMENTO. AF_12/2015","M",226.68]
[null,92224,"TUBO DE CONCRETO PARA REDES COLETORAS DE ÁGUAS PLUVIAIS, DIÂMETRO DE 900 MM, JUNTA RÍGIDA, INSTALADO EM LOCAL COM ALTO NÍVEL DE INTERFERÊNCIAS - FORNECIMENTO E ASSENTAMENTO. AF_12/2015","M",270.52999999999997]
[null,92226,"TUBO DE CONCRETO PARA REDES COLETORAS DE ÁGUAS PLUVIAIS, DIÂMETRO DE 1000 MM, JUNTA RÍGIDA, INSTALADO EM LOCAL COM ALTO NÍVEL DE INTERFERÊNCIAS - FORNECIMENTO E ASSENTAMENTO. AF_12/2015","M",302.97000000000003]
[null,92808,"ASSENTAMENTO DE TUBO DE CONCRETO PARA REDES COLETORAS DE ÁGUAS PLUVIAIS, DIÂMETRO DE 300 MM, JUNTA RÍGIDA, INSTALADO EM LOCAL COM BAIXO NÍVEL DE INTERFERÊNCIAS (NÃO INCLUI FORNECIMENTO). AF_12/2015","M",31.48]
[null,92809,"ASSENTAMENTO DE TUBO DE CONCRETO PARA REDES COLETORAS DE ÁGUAS PLUVIAIS, DIÂMETRO DE 400 MM, JUNTA RÍGIDA, INSTALADO EM LOCAL COM BAIXO NÍVEL DE INTERFERÊNCIAS (NÃO INCLUI FORNECIMENTO). AF_12/2015","M",40.28]
[null,92810,"ASSENTAMENTO DE TUBO DE CONCRETO PARA REDES COLETORAS DE ÁGUAS PLUVIAIS, DIÂMETRO DE 500 MM, JUNTA RÍGIDA, INSTALADO EM LOCAL COM BAIXO NÍVEL DE INTERFERÊNCIAS (NÃO INCLUI FORNECIMENTO). AF_12/2015","M",48.98]
[null,92811,"ASSENTAMENTO DE TUBO DE CONCRETO PARA REDES COLETORAS DE ÁGUAS PLUVIAIS, DIÂMETRO DE 600 MM, JUNTA RÍGIDA, INSTALADO EM LOCAL COM BAIXO NÍVEL DE INTERFERÊNCIAS (NÃO INCLUI FORNECIMENTO). AF_12/2015","M",58.17]
[null,92812,"ASSENTAMENTO DE TUBO DE CONCRETO PARA REDES COLETORAS DE ÁGUAS PLUVIAIS, DIÂMETRO DE 700 MM, JUNTA RÍGIDA, INSTALADO EM LOCAL COM BAIXO NÍVEL DE INTERFERÊNCIAS (NÃO INCLUI FORNECIMENTO). AF_12/2015","M",67.23]
[null,92813,"ASSENTAMENTO DE TUBO DE CONCRETO PARA REDES COLETORAS DE ÁGUAS PLUVIAIS, DIÂMETRO DE 800 MM, JUNTA RÍGIDA, INSTALADO EM LOCAL COM BAIXO NÍVEL DE INTERFERÊNCIAS (NÃO INCLUI FORNECIMENTO). AF_12/2015","M",77.540000000000006]
[null,92814,"ASSENTAMENTO DE TUBO DE CONCRETO PARA REDES COLETORAS DE ÁGUAS PLUVIAIS, DIÂMETRO DE 900 MM, JUNTA RÍGIDA, INSTALADO EM LOCAL COM BAIXO NÍVEL DE INTERFERÊNCIAS (NÃO INCLUI FORNECIMENTO). AF_12/2015","M",88.23]
[null,92815,"ASSENTAMENTO DE TUBO DE CONCRETO PARA REDES COLETORAS DE ÁGUAS PLUVIAIS, DIÂMETRO DE 1000 MM, JUNTA RÍGIDA, INSTALADO EM LOCAL COM BAIXO NÍVEL DE INTERFERÊNCIAS (NÃO INCLUI FORNECIMENTO). AF_12/2015","M",100.18]
[null,92816,"TUBO DE CONCRETO PARA REDES COLETORAS DE ÁGUAS PLUVIAIS, DIÂMETRO DE 1200 MM, JUNTA RÍGIDA, INSTALADO EM LOCAL COM BAIXO NÍVEL DE INTERFERÊNCIAS - FORNECIMENTO E ASSENTAMENTO. AF_12/2015","M",386.87]
[null,92817,"ASSENTAMENTO DE TUBO DE CONCRETO PARA REDES COLETORAS DE ÁGUAS PLUVIAIS, DIÂMETRO DE 1200 MM, JUNTA RÍGIDA, INSTALADO EM LOCAL COM BAIXO NÍVEL DE INTERFERÊNCIAS (NÃO INCLUI FORNECIMENTO). AF_12/2015","M",125.37]
[null,92818,"TUBO DE CONCRETO PARA REDES COLETORAS DE ÁGUAS PLUVIAIS, DIÂMETRO DE 1500 MM, JUNTA RÍGIDA, INSTALADO EM LOCAL COM BAIXO NÍVEL DE INTERFERÊNCIAS - FORNECIMENTO E ASSENTAMENTO. AF_12/2015","M",557.71]
[null,92819,"ASSENTAMENTO DE TUBO DE CONCRETO PARA REDES COLETORAS DE ÁGUAS PLUVIAIS, DIÂMETRO DE 1500 MM, JUNTA RÍGIDA, INSTALADO EM LOCAL COM BAIXO NÍVEL DE INTERFERÊNCIAS (NÃO INCLUI FORNECIMENTO). AF_12/2015","M",168.74]
[null,92820,"ASSENTAMENTO DE TUBO DE CONCRETO PARA REDES COLETORAS DE ÁGUAS PLUVIAIS, DIÂMETRO DE 300 MM, JUNTA RÍGIDA, INSTALADO EM LOCAL COM ALTO NÍVEL DE INTERFERÊNCIAS (NÃO INCLUI FORNECIMENTO). AF_12/2015","M",37.590000000000003]
[null,92821,"ASSENTAMENTO DE TUBO DE CONCRETO PARA REDES COLETORAS DE ÁGUAS PLUVIAIS, DIÂMETRO DE 400 MM, JUNTA RÍGIDA, INSTALADO EM LOCAL COM ALTO NÍVEL DE INTERFERÊNCIAS (NÃO INCLUI FORNECIMENTO). AF_12/2015","M",48.1]
[null,92822,"ASSENTAMENTO DE TUBO DE CONCRETO PARA REDES COLETORAS DE ÁGUAS PLUVIAIS, DIÂMETRO DE 500 MM, JUNTA RÍGIDA, INSTALADO EM LOCAL COM ALTO NÍVEL DE INTERFERÊNCIAS (NÃO INCLUI FORNECIMENTO). AF_12/2015","M",58.63]
[null,92824,"ASSENTAMENTO DE TUBO DE CONCRETO PARA REDES COLETORAS DE ÁGUAS PLUVIAIS, DIÂMETRO DE 600 MM, JUNTA RÍGIDA, INSTALADO EM LOCAL COM ALTO NÍVEL DE INTERFERÊNCIAS (NÃO INCLUI FORNECIMENTO). AF_12/2015","M",69.489999999999995]
[null,92825,"ASSENTAMENTO DE TUBO DE CONCRETO PARA REDES COLETORAS DE ÁGUAS PLUVIAIS, DIÂMETRO DE 700 MM, JUNTA RÍGIDA, INSTALADO EM LOCAL COM ALTO NÍVEL DE INTERFERÊNCIAS (NÃO INCLUI FORNECIMENTO). AF_12/2015","M",80.37]
[null,92826,"ASSENTAMENTO DE TUBO DE CONCRETO PARA REDES COLETORAS DE ÁGUAS PLUVIAIS, DIÂMETRO DE 800 MM, JUNTA RÍGIDA, INSTALADO EM LOCAL COM ALTO NÍVEL DE INTERFERÊNCIAS (NÃO INCLUI FORNECIMENTO). AF_12/2015","M",92.25]
[null,92827,"ASSENTAMENTO DE TUBO DE CONCRETO PARA REDES COLETORAS DE ÁGUAS PLUVIAIS, DIÂMETRO DE 900 MM, JUNTA RÍGIDA, INSTALADO EM LOCAL COM ALTO NÍVEL DE INTERFERÊNCIAS (NÃO INCLUI FORNECIMENTO). AF_12/2015","M",104.56]
[null,92828,"ASSENTAMENTO DE TUBO DE CONCRETO PARA REDES COLETORAS DE ÁGUAS PLUVIAIS, DIÂMETRO DE 1000 MM, JUNTA RÍGIDA, INSTALADO EM LOCAL COM ALTO NÍVEL DE INTERFERÊNCIAS (NÃO INCLUI FORNECIMENTO). AF_12/2015","M",118.45]
[null,92829,"TUBO DE CONCRETO PARA REDES COLETORAS DE ÁGUAS PLUVIAIS, DIÂMETRO DE 1200 MM, JUNTA RÍGIDA, INSTALADO EM LOCAL COM ALTO NÍVEL DE INTERFERÊNCIAS - FORNECIMENTO E ASSENTAMENTO. AF_12/2015","M",408.45]
[null,92830,"ASSENTAMENTO DE TUBO DE CONCRETO PARA REDES COLETORAS DE ÁGUAS PLUVIAIS, DIÂMETRO DE 1200 MM, JUNTA RÍGIDA, INSTALADO EM LOCAL COM ALTO NÍVEL DE INTERFERÊNCIAS (NÃO INCLUI FORNECIMENTO). AF_12/2015","M",146.94999999999999]
[null,92831,"TUBO DE CONCRETO PARA REDES COLETORAS DE ÁGUAS PLUVIAIS, DIÂMETRO DE 1500 MM, JUNTA RÍGIDA, INSTALADO EM LOCAL COM ALTO NÍVEL DE INTERFERÊNCIAS - FORNECIMENTO E ASSENTAMENTO. AF_12/2015","M",584.32000000000005]
[null,92832,"ASSENTAMENTO DE TUBO DE CONCRETO PARA REDES COLETORAS DE ÁGUAS PLUVIAIS, DIÂMETRO DE 1500 MM, JUNTA RÍGIDA, INSTALADO EM LOCAL COM ALTO NÍVEL DE INTERFERÊNCIAS (NÃO INCLUI FORNECIMENTO). AF_12/2015","M",195.35]
[null,95565,"TUBO DE CONCRETO PARA REDES COLETORAS DE ÁGUAS PLUVIAIS, DIÂMETRO DE 300MM, JUNTA RÍGIDA, INSTALADO EM LOCAL COM BAIXO NÍVEL DE INTERFERÊNCIAS - FORNECIMENTO E ASSENTAMENTO. AF_12/2015","M",82.06]
[null,95566,"TUBO DE CONCRETO PARA REDES COLETORAS DE ÁGUAS PLUVIAIS, DIÂMETRO DE 300MM, JUNTA RÍGIDA, INSTALADO EM LOCAL COM ALTO NÍVEL DE INTERFERÊNCIAS - FORNECIMENTO E ASSENTAMENTO. AF_12/2015","M",89.13]
[null,95567,"TUBO DE CONCRETO (SIMPLES) PARA REDES COLETORAS DE ÁGUAS PLUVIAIS, DIÂMETRO DE 300 MM, JUNTA RÍGIDA, INSTALADO EM LOCAL COM BAIXO NÍVEL DE INTERFERÊNCIAS - FORNECIMENTO E ASSENTAMENTO. AF_12/2015","M",66.62]
[null,95568,"TUBO DE CONCRETO (SIMPLES) PARA REDES COLETORAS DE ÁGUAS PLUVIAIS, DIÂMETRO DE 400 MM, JUNTA RÍGIDA, INSTALADO EM LOCAL COM BAIXO NÍVEL DE INTERFERÊNCIAS - FORNECIMENTO E ASSENTAMENTO. AF_12/2015","M",86.46]
[null,95569,"TUBO DE CONCRETO (SIMPLES) PARA REDES COLETORAS DE ÁGUAS PLUVIAIS, DIÂMETRO DE 500 MM, JUNTA RÍGIDA, INSTALADO EM LOCAL COM BAIXO NÍVEL DE INTERFERÊNCIAS - FORNECIMENTO E ASSENTAMENTO. AF_12/2015","M",114.46]
[null,95570,"TUBO DE CONCRETO (SIMPLES) PARA REDES COLETORAS DE ÁGUAS PLUVIAIS, DIÂMETRO DE 300 MM, JUNTA RÍGIDA, INSTALADO EM LOCAL COM ALTO NÍVEL DE INTERFERÊNCIAS - FORNECIMENTO E ASSENTAMENTO. AF_12/2015","M",73.69]
[null,95571,"TUBO DE CONCRETO (SIMPLES) PARA REDES COLETORAS DE ÁGUAS PLUVIAIS, DIÂMETRO DE 400 MM, JUNTA RÍGIDA, INSTALADO EM LOCAL COM ALTO NÍVEL DE INTERFERÊNCIAS - FORNECIMENTO E ASSENTAMENTO. AF_12/2015","M",95.5]
[null,95572,"TUBO DE CONCRETO (SIMPLES) PARA REDES COLETORAS DE ÁGUAS PLUVIAIS, DIÂMETRO DE 500 MM, JUNTA RÍGIDA, INSTALADO EM LOCAL COM ALTO NÍVEL DE INTERFERÊNCIAS - FORNECIMENTO E ASSENTAMENTO. AF_12/2015","M",125.59]
[null,73606,"ASSENTAMENTO DE TAMPAO DE FERRO FUNDIDO 900 MM","UN",106.89]
[null,73607,"ASSENTAMENTO DE TAMPAO DE FERRO FUNDIDO 600 MM","UN",71.260000000000005]
[null,83623,"GRELHA DE FERRO FUNDIDO PARA CANALETA LARG = 30CM, FORNECIMENTO E ASSENTAMENTO","M",234.94]
[null,83624,"GRELHA DE FERRO FUNDIDO PARA CANALETA LARG = 20CM, FORNECIMENTO E ASSENTAMENTO","M",165.4]
[null,83626,"GRELHA DE FERRO FUNDIDO PARA CANALETA LARG = 15CM, FORNECIMENTO E ASSENTAMENTO","M",130.63999999999999]
[null,83627,"TAMPAO FOFO ARTICULADO, CLASSE B125 CARGA MAX 12,5 T, REDONDO TAMPA 600 MM, REDE PLUVIAL/ESGOTO, P = CHAMINE CX AREIA / POCO VISITA ASSENTADO COM ARG CIM/AREIA 1:4, FORNECIMENTO E ASSENTAMENTO","UN",444.51]
[null,83724,"ASSENTAMENTO DE PECAS, CONEXOES, APARELHOS E ACESSORIOS DE FERRO FUNDIDO DUCTIL, JUNTA ELASTICA, MECANICA OU FLANGEADA, COM DIAMETROS DE 50 A 300 MM.","KG",2.19]
[null,83725,"ASSENTAMENTO DE PECAS, CONEXOES, APARELHOS E ACESSORIOS DE FERRO FUNDIDO DUCTIL, JUNTA ELASTICA, MECANICA OU FLANGEADA, COM DIAMETROS DE 350 A 600 MM.","KG",1.24]
[null,83726,"ASSENTAMENTO DE PECAS, CONEXOES, APARELHOS E ACESSORIOS DE FERRO FUNDIDO DUCTIL, JUNTA ELASTICA, MECANICA OU FLANGEADA, COM DIAMETROS DE 700 A 1200 MM.","KG",0.96]
[null,97127,"ASSENTAMENTO DE TUBO DE PVC DEFOFO OU PRFV OU RPVC PARA REDE DE ÁGUA, DN 150 MM, JUNTA ELÁSTICA INTEGRADA, INSTALADO EM LOCAL COM NÍVEL ALTO DE INTERFERÊNCIAS (NÃO INCLUI FORNECIMENTO). AF_11/2017","M",4.54]
[null,97128,"ASSENTAMENTO DE TUBO DE PVC DEFOFO OU PRFV OU RPVC PARA REDE DE ÁGUA, DN 200 MM, JUNTA ELÁSTICA INTEGRADA, INSTALADO EM LOCAL COM NÍVEL ALTO DE INTERFERÊNCIAS (NÃO INCLUI FORNECIMENTO). AF_11/2017","M",8.9499999999999993]
[null,97129,"ASSENTAMENTO DE TUBO DE PVC DEFOFO OU PRFV OU RPVC PARA REDE DE ÁGUA, DN 250 MM, JUNTA ELÁSTICA INTEGRADA, INSTALADO EM LOCAL COM NÍVEL ALTO DE INTERFERÊNCIAS (NÃO INCLUI FORNECIMENTO). AF_11/2017","M",11.01]
[null,97130,"ASSENTAMENTO DE TUBO DE PVC DEFOFO OU PRFV OU RPVC PARA REDE DE ÁGUA, DN 300 MM, JUNTA ELÁSTICA INTEGRADA, INSTALADO EM LOCAL COM NÍVEL ALTO DE INTERFERÊNCIAS (NÃO INCLUI FORNECIMENTO). AF_11/2017","M",13.08]
[null,97131,"ASSENTAMENTO DE TUBO DE PVC DEFOFO OU PRFV OU RPVC PARA REDE DE ÁGUA, DN 350 MM, JUNTA ELÁSTICA INTEGRADA, INSTALADO EM LOCAL COM NÍVEL ALTO DE INTERFERÊNCIAS (NÃO INCLUI FORNECIMENTO). AF_11/2017","M",15.13]
[null,97132,"ASSENTAMENTO DE TUBO DE PVC DEFOFO OU PRFV OU RPVC PARA REDE DE ÁGUA, DN 400 MM, JUNTA ELÁSTICA INTEGRADA, INSTALADO EM LOCAL COM NÍVEL ALTO DE INTERFERÊNCIAS (NÃO INCLUI FORNECIMENTO). AF_11/2017","M",17.190000000000001]
[null,97133,"ASSENTAMENTO DE TUBO DE PVC DEFOFO OU PRFV OU RPVC PARA REDE DE ÁGUA, DN 500 MM, JUNTA ELÁSTICA INTEGRADA, INSTALADO EM LOCAL COM NÍVEL ALTO DE INTERFERÊNCIAS (NÃO INCLUI FORNECIMENTO). AF_11/2017","M",21.3]
[null,97134,"ASSENTAMENTO DE TUBO DE PVC DEFOFO OU PRFV OU RPVC PARA REDE DE ÁGUA, DN 150 MM, JUNTA ELÁSTICA INTEGRADA, INSTALADO EM LOCAL COM NÍVEL BAIXO DE INTERFERÊNCIAS (NÃO INCLUI FORNECIMENTO). AF_11/2017","M",2.0099999999999998]
[null,97135,"ASSENTAMENTO DE TUBO DE PVC DEFOFO OU PRFV OU RPVC PARA REDE DE ÁGUA, DN 200 MM, JUNTA ELÁSTICA INTEGRADA, INSTALADO EM LOCAL COM NÍVEL BAIXO DE INTERFERÊNCIAS (NÃO INCLUI FORNECIMENTO). AF_11/2017","M",4.4000000000000004]
[null,97136,"ASSENTAMENTO DE TUBO DE PVC DEFOFO OU PRFV OU RPVC PARA REDE DE ÁGUA, DN 250 MM, JUNTA ELÁSTICA INTEGRADA, INSTALADO EM LOCAL COM NÍVEL BAIXO DE INTERFERÊNCIAS (NÃO INCLUI FORNECIMENTO). AF_11/2017","M",5.42]
[null,97137,"ASSENTAMENTO DE TUBO DE PVC DEFOFO OU PRFV OU RPVC PARA REDE DE ÁGUA, DN 300 MM, JUNTA ELÁSTICA INTEGRADA, INSTALADO EM LOCAL COM NÍVEL BAIXO DE INTERFERÊNCIAS (NÃO INCLUI FORNECIMENTO). AF_11/2017","M",6.46]
[null,97138,"ASSENTAMENTO DE TUBO DE PVC DEFOFO OU PRFV OU RPVC PARA REDE DE ÁGUA, DN 350 MM, JUNTA ELÁSTICA INTEGRADA, INSTALADO EM LOCAL COM NÍVEL BAIXO DE INTERFERÊNCIAS (NÃO INCLUI FORNECIMENTO). AF_11/2017","M",7.46]
[null,97139,"ASSENTAMENTO DE TUBO DE PVC DEFOFO OU PRFV OU RPVC PARA REDE DE ÁGUA, DN 400 MM, JUNTA ELÁSTICA INTEGRADA, INSTALADO EM LOCAL COM NÍVEL BAIXO DE INTERFERÊNCIAS (NÃO INCLUI FORNECIMENTO). AF_11/2017","M",8.48]
[null,97140,"ASSENTAMENTO DE TUBO DE PVC DEFOFO OU PRFV OU RPVC PARA REDE DE ÁGUA, DN 500 MM, JUNTA ELÁSTICA INTEGRADA, INSTALADO EM LOCAL COM NÍVEL BAIXO DE INTERFERÊNCIAS (NÃO INCLUI FORNECIMENTO). AF_11/2017","M",10.51]
[null,83520,"TE PVC PARA COLETOR ESGOTO, EB644, D=100MM, COM JUNTA ELASTICA.","UN",103.48]
[null,83531,"CURVA PARA REDE COLETOR ESGOTO, EB 644, 90GR, DN=200MM, COM JUNTA ELASTICA","UN",275.89999999999998]
[null,83535,"CURVA PVC PARA REDE COLETOR ESGOTO, EB-644, 45 GR, 200 MM, COM JUNTA ELASTICA.","UN",228.06]
[null,"73884/1","INSTALAÇÃO DE VÁLVULAS OU REGISTROS COM JUNTA FLANGEADA - DN 50","UN",88.5]
[null,"73884/2","INSTALAÇÃO DE VÁLVULAS OU REGISTROS COM JUNTA FLANGEADA - DN 75","UN",116.97]
[null,"73884/3","INSTALAÇÃO DE VÁLVULAS OU REGISTROS COM JUNTA FLANGEADA - DN 100","UN",146.24]
[null,"73884/4","INSTALAÇÃO DE VÁLVULAS OU REGISTROS COM JUNTA FLANGEADA - DN 150","UN",527.87]
[null,"73884/5","INSTALAÇÃO DE VÁLVULAS OU REGISTROS COM JUNTA FLANGEADA - DN 200","UN",615.85]
[null,"73884/6","INSTALAÇÃO DE VÁLVULAS OU REGISTROS COM JUNTA FLANGEADA - DN 250","UN",747.82]
[null,"73884/7","INSTALAÇÃO DE VÁLVULAS OU REGISTROS COM JUNTA FLANGEADA - DN 300","UN",835.8]
[null,"73884/8","INSTALAÇÃO DE VÁLVULAS OU REGISTROS COM JUNTA FLANGEADA - DN 350","UN",879.8]
[null,"73884/9","INSTALAÇÃO DE VÁLVULAS OU REGISTROS COM JUNTA FLANGEADA - DN 400","UN",967.77]
[null,"73884/10","INSTALAÇÃO DE VÁLVULAS OU REGISTROS COM JUNTA FLANGEADA - DN 450","UN",1011.75]
[null,"73884/11","INSTALAÇÃO DE VÁLVULAS OU REGISTROS COM JUNTA FLANGEADA - DN 500","UN",1099.75]
[null,"73884/12","INSTALAÇÃO DE VÁLVULAS OU REGISTROS COM JUNTA FLANGEADA - DN 600","UN",1187.72]
[null,"73884/13","INSTALAÇÃO DE VÁLVULAS OU REGISTROS COM JUNTA FLANGEADA - DN 700","UN",1311.17]
[null,"73884/14","INSTALAÇÃO DE VÁLVULAS OU REGISTROS COM JUNTA FLANGEADA - DN 800","UN",1311.17]
[null,"73884/15","INSTALAÇÃO DE VÁLVULAS OU REGISTROS COM JUNTA FLANGEADA - DN 900","UN",1328.62]
[null,"73884/16","INSTALAÇÃO DE VÁLVULAS OU REGISTROS COM JUNTA FLANGEADA - DN 1000","UN",1498.48]
[null,"73885/1","INSTALAÇÃO DE VÁLVULAS OU REGISTROS COM JUNTA ELÁSTICA - DN 50","UN",36.53]
[null,"73885/2","INSTALAÇÃO DE VÁLVULAS OU REGISTROS COM JUNTA ELÁSTICA - DN 75","UN",43.85]
[null,"73885/3","INSTALAÇÃO DE VÁLVULAS OU REGISTROS COM JUNTA ELÁSTICA - DN 100","UN",49.71]
[null,"73885/4","INSTALAÇÃO DE VÁLVULAS OU REGISTROS COM JUNTA ELÁSTICA - DN 150","UN",193.54]
[null,"73885/5","INSTALAÇÃO DE VÁLVULAS OU REGISTROS COM JUNTA ELÁSTICA - DN 200","UN",250.73]
[null,"73885/6","INSTALAÇÃO DE VÁLVULAS OU REGISTROS COM JUNTA ELÁSTICA - DN 250","UN",294.72000000000003]
[null,"73885/7","INSTALAÇÃO DE VÁLVULAS OU REGISTROS COM JUNTA ELÁSTICA - DN 300","UN",321.11]
[null,"73885/8","INSTALAÇÃO DE VÁLVULAS OU REGISTROS COM JUNTA ELÁSTICA - DN 350","UN",351.9]
[null,"73885/9","INSTALAÇÃO DE VÁLVULAS OU REGISTROS COM JUNTA ELÁSTICA - DN 400","UN",387.09]
[null,"73885/10","INSTALAÇÃO DE VÁLVULAS OU REGISTROS COM JUNTA ELÁSTICA - DN 450","UN",417.9]
[null,"73885/11","INSTALAÇÃO DE VÁLVULAS OU REGISTROS COM JUNTA ELÁSTICA - DN 500","UN",439.9]
[null,"73885/12","INSTALAÇÃO DE VÁLVULAS OU REGISTROS COM JUNTA ELÁSTICA - DN 600","UN",501.47]
[null,92235,"FECHAMENTO DE CONSTRUÇÃO TEMPORÁRIA EM CHAPA DE MADEIRA COMPENSADA E=10MM, COM REAPROVEITAMENTO DE 2X.","M²",55.02]
[null,93206,"EXECUÇÃO DE ESCRITÓRIO EM CANTEIRO DE OBRA EM ALVENARIA, NÃO INCLUSO MOBILIÁRIO E EQUIPAMENTOS. AF_02/2016","M²",751.1]
[null,93207,"EXECUÇÃO DE ESCRITÓRIO EM CANTEIRO DE OBRA EM CHAPA DE MADEIRA COMPENSADA, NÃO INCLUSO MOBILIÁRIO E EQUIPAMENTOS. AF_02/2016","M²",678.95]
[null,93208,"EXECUÇÃO DE ALMOXARIFADO EM CANTEIRO DE OBRA EM CHAPA DE MADEIRA COMPENSADA, INCLUSO PRATELEIRAS. AF_02/2016","M²",526.89]
[null,93209,"EXECUÇÃO DE ALMOXARIFADO EM CANTEIRO DE OBRA EM ALVENARIA, INCLUSO PRATELEIRAS. AF_02/2016","M²",606.34]
[null,93210,"EXECUÇÃO DE REFEITÓRIO EM CANTEIRO DE OBRA EM CHAPA DE MADEIRA COMPENSADA, NÃO INCLUSO MOBILIÁRIO E EQUIPAMENTOS. AF_02/2016","M²",384.79]
[null,93211,"EXECUÇÃO DE REFEITÓRIO EM CANTEIRO DE OBRA EM ALVENARIA, NÃO INCLUSO MOBILIÁRIO E EQUIPAMENTOS. AF_02/2016","M²",392.95]
[null,93212,"EXECUÇÃO DE SANITÁRIO E VESTIÁRIO EM CANTEIRO DE OBRA EM CHAPA DE MADEIRA COMPENSADA, NÃO INCLUSO MOBILIÁRIO. AF_02/2016","M²",640.57000000000005]
[null,93213,"EXECUÇÃO DE SANITÁRIO E VESTIÁRIO EM CANTEIRO DE OBRA EM ALVENARIA, NÃO INCLUSO MOBILIÁRIO. AF_02/2016","M²",705.74]
[null,93214,"EXECUÇÃO DE RESERVATÓRIO ELEVADO DE ÁGUA (1000 LITROS) EM CANTEIRO DE OBRA, APOIADO EM ESTRUTURA DE MADEIRA. AF_02/2016","UN",3284.98]
[null,93243,"EXECUÇÃO DE RESERVATÓRIO ELEVADO DE ÁGUA (2000 LITROS) EM CANTEIRO DE OBRA, APOIADO EM ESTRUTURA DE MADEIRA. AF_02/2016","UN",5030.76]
[null,93582,"EXECUÇÃO DE CENTRAL DE ARMADURA EM CANTEIRO DE OBRA, NÃO INCLUSO MOBILIÁRIO E EQUIPAMENTOS. AF_04/2016","M²",198.74]
[null,93583,"EXECUÇÃO DE CENTRAL DE FÔRMAS, PRODUÇÃO DE ARGAMASSA OU CONCRETO EM CANTEIRO DE OBRA, NÃO INCLUSO MOBILIÁRIO E EQUIPAMENTOS. AF_04/2016","M²",332.75]
[null,93584,"EXECUÇÃO DE DEPÓSITO EM CANTEIRO DE OBRA EM CHAPA DE MADEIRA COMPENSADA, NÃO INCLUSO MOBILIÁRIO. AF_04/2016","M²",552.98]
[null,93585,"EXECUÇÃO DE GUARITA EM CANTEIRO DE OBRA EM CHAPA DE MADEIRA COMPENSADA, NÃO INCLUSO MOBILIÁRIO. AF_04/2016","M²",706.38]
[null,98441,"PAREDE DE MADEIRA COMPENSADA PARA CONSTRUÇÃO TEMPORÁRIA EM CHAPA SIMPLES, EXTERNA, COM ÁREA LÍQUIDA MAIOR OU IGUAL A 6 M², SEM VÃO. AF_05/2018","M²",77.599999999999994]
[null,98442,"PAREDE DE MADEIRA COMPENSADA PARA CONSTRUÇÃO TEMPORÁRIA EM CHAPA SIMPLES, EXTERNA, COM ÁREA LÍQUIDA MENOR QUE 6 M², SEM VÃO. AF_05/2018","M²",79.790000000000006]
[null,98443,"PAREDE DE MADEIRA COMPENSADA PARA CONSTRUÇÃO TEMPORÁRIA EM CHAPA SIMPLES, INTERNA, COM ÁREA LÍQUIDA MAIOR OU IGUAL A 6 M², SEM VÃO. AF_05/2018","M²",65.94]
[null,98444,"PAREDE DE MADEIRA COMPENSADA PARA CONSTRUÇÃO TEMPORÁRIA EM CHAPA SIMPLES, INTERNA, COM ÁREA LÍQUIDA MENOR QUE 6 M², SEM VÃO. AF_05/2018","M²",67.489999999999995]
[null,98445,"PAREDE DE MADEIRA COMPENSADA PARA CONSTRUÇÃO TEMPORÁRIA EM CHAPA SIMPLES, EXTERNA, COM ÁREA LÍQUIDA MAIOR OU IGUAL A 6 M², COM VÃO. AF_05/2018","M²",95.02]
[null,98446,"PAREDE DE MADEIRA COMPENSADA PARA CONSTRUÇÃO TEMPORÁRIA EM CHAPA SIMPLES, EXTERNA, COM ÁREA LÍQUIDA MENOR QUE 6 M², COM VÃO. AF_05/2018","M²",125]
[null,98447,"PAREDE DE MADEIRA COMPENSADA PARA CONSTRUÇÃO TEMPORÁRIA EM CHAPA SIMPLES, INTERNA, COM ÁREA LÍQUIDA MAIOR OU IGUAL A 6 M², COM VÃO. AF_05/2018","M²",78.86]
[null,98448,"PAREDE DE MADEIRA COMPENSADA PARA CONSTRUÇÃO TEMPORÁRIA EM CHAPA SIMPLES, INTERNA, COM ÁREA LÍQUIDA MENOR QUE 6 M², COM VÃO. AF_05/2018","M²",101.77]
[null,98449,"PAREDE DE MADEIRA COMPENSADA PARA CONSTRUÇÃO TEMPORÁRIA EM CHAPA DUPLA, EXTERNA, COM ÁREA LÍQUIDA MAIOR OU IGUAL A 6 M², SEM VÃO. AF_05/2018","M²",100.63]
[null,98450,"PAREDE DE MADEIRA COMPENSADA PARA CONSTRUÇÃO TEMPORÁRIA EM CHAPA DUPLA, EXTERNA, COM ÁREA LÍQUIDA MENOR QUE 6 M², SEM VÃO. AF_05/2018","M²",103.85]
[null,98451,"PAREDE DE MADEIRA COMPENSADA PARA CONSTRUÇÃO TEMPORÁRIA EM CHAPA DUPLA, INTERNA, COM ÁREA LÍQUIDA MAIOR OU IGUAL A 6 M², SEM VÃO. AF_05/2018","M²",87.05]
[null,98452,"PAREDE DE MADEIRA COMPENSADA PARA CONSTRUÇÃO TEMPORÁRIA EM CHAPA DUPLA, INTERNA, COM ÁREA LÍQUIDA MENOR QUE 6 M², SEM VÃO. AF_05/2018","M²",88.98]
[null,98453,"PAREDE DE MADEIRA COMPENSADA PARA CONSTRUÇÃO TEMPORÁRIA EM CHAPA DUPLA, EXTERNA, COM ÁREA LÍQUIDA MAIOR OU IGUAL A QUE 6 M², COM VÃO. AF_05/2018","M²",121.95]
[null,98454,"PAREDE DE MADEIRA COMPENSADA PARA CONSTRUÇÃO TEMPORÁRIA EM CHAPA DUPLA, EXTERNA, COM ÁREA LÍQUIDA MENOR QUE 6 M², COM VÃO. AF_05/2018","M²",161.38]
[null,98455,"PAREDE DE MADEIRA COMPENSADA PARA CONSTRUÇÃO TEMPORÁRIA EM CHAPA DUPLA, INTERNA, COM ÁREA LÍQUIDA MAIOR OU IGUAL A 6 M², COM VÃO. AF_05/2018","M²",103.85]
[null,98456,"PAREDE DE MADEIRA COMPENSADA PARA CONSTRUÇÃO TEMPORÁRIA EM CHAPA DUPLA, INTERNA, COM ÁREA LÍQUIDA MENOR QUE 6 M², COM VÃO. AF_05/2018","M²",135.59]
[null,98458,"TAPUME COM COMPENSADO DE MADEIRA. AF_05/2018","M²",73.61]
[null,98459,"TAPUME COM TELHA METÁLICA. AF_05/2018","M²",73.650000000000006]
[null,98460,"PISO PARA CONSTRUÇÃO TEMPORÁRIA EM MADEIRA, SEM REAPROVEITAMENTO. AF_05/2018","M²",79.290000000000006]
[null,98461,"ESTRUTURA DE MADEIRA PROVISÓRIA PARA SUPORTE DE CAIXA D\u0092ÁGUA ELEVADA DE 1000 LITROS. AF_05/2018","UN",2764.05]
[null,98462,"ESTRUTURA DE MADEIRA PROVISÓRIA PARA SUPORTE DE CAIXA D\u0092ÁGUA ELEVADA DE 3000 LITROS. AF_05/2018","UN",4153.75]
[null,"74209/1","PLACA DE OBRA EM CHAPA DE ACO GALVANIZADO","M²",317.72000000000003]
[null,"73847/1","ALUGUEL CONTAINER/ESCRIT INCL INST ELET LARG=2,20 COMP=6,20M          ALT=2,50M CHAPA ACO C/NERV TRAPEZ FORRO C/ISOL TERMO/ACUSTICO         CHASSIS REFORC PISO COMPENS NAVAL EXC TRANSP/CARGA/DESCARGA","MES",429.68]
[null,5631,"ESCAVADEIRA HIDRÁULICA SOBRE ESTEIRAS, CAÇAMBA 0,80 M3, PESO OPERACIONAL 17 T, POTENCIA BRUTA 111 HP - CHP DIURNO. AF_06/2014","CHP",144.94]
[null,5678,"RETROESCAVADEIRA SOBRE RODAS COM CARREGADEIRA, TRAÇÃO 4X4, POTÊNCIA LÍQ. 88 HP, CAÇAMBA CARREG. CAP. MÍN. 1 M3, CAÇAMBA RETRO CAP. 0,26 M3, PESO OPERACIONAL MÍN. 6.674 KG, PROFUNDIDADE ESCAVAÇÃO MÁX. 4,37 M - CHP DIURNO. AF_06/2014","CHP",112.24]
[null,5680,"RETROESCAVADEIRA SOBRE RODAS COM CARREGADEIRA, TRAÇÃO 4X2, POTÊNCIA LÍQ. 79 HP, CAÇAMBA CARREG. CAP. MÍN. 1 M3, CAÇAMBA RETRO CAP. 0,20 M3, PESO OPERACIONAL MÍN. 6.570 KG, PROFUNDIDADE ESCAVAÇÃO MÁX. 4,37 M - CHP DIURNO. AF_06/2014","CHP",105.06]
[null,5684,"ROLO COMPACTADOR VIBRATÓRIO DE UM CILINDRO AÇO LISO, POTÊNCIA 80 HP, PESO OPERACIONAL MÁXIMO 8,1 T, IMPACTO DINÂMICO 16,15 / 9,5 T, LARGURA DE TRABALHO 1,68 M - CHP DIURNO. AF_06/2014","CHP",105.47]
[null,5689,"GRADE DE DISCO CONTROLE REMOTO REBOCÁVEL, COM 24 DISCOS 24 X 6 MM COM PNEUS PARA TRANSPORTE - CHP DIURNO. AF_06/2014","CHP",2.86]
[null,5795,"MARTELETE OU ROMPEDOR PNEUMÁTICO MANUAL, 28 KG, COM SILENCIADOR - CHP DIURNO. AF_07/2016","CHP",29.26]
[null,5811,"CAMINHÃO BASCULANTE 6 M3, PESO BRUTO TOTAL 16.000 KG, CARGA ÚTIL MÁXIMA 13.071 KG, DISTÂNCIA ENTRE EIXOS 4,80 M, POTÊNCIA 230 CV INCLUSIVE CAÇAMBA METÁLICA - CHP DIURNO. AF_06/2014","CHP",169.33]
[null,5823,"USINA DE CONCRETO FIXA, CAPACIDADE NOMINAL DE 90 A 120 M3/H, SEM SILO - CHP DIURNO. AF_07/2016","CHP",172.81]
[null,5824,"CAMINHÃO TOCO, PBT 16.000 KG, CARGA ÚTIL MÁX. 10.685 KG, DIST. ENTRE EIXOS 4,8 M, POTÊNCIA 189 CV, INCLUSIVE CARROCERIA FIXA ABERTA DE MADEIRA P/ TRANSPORTE GERAL DE CARGA SECA, DIMEN. APROX. 2,5 X 7,00 X 0,50 M - CHP DIURNO. AF_06/2014","CHP",138.76]
[null,5835,"VIBROACABADORA DE ASFALTO SOBRE ESTEIRAS, LARGURA DE PAVIMENTAÇÃO 1,90 M A 5,30 M, POTÊNCIA 105 HP CAPACIDADE 450 T/H - CHP DIURNO. AF_11/2014","CHP",201.42]
[null,5839,"VASSOURA MECÂNICA REBOCÁVEL COM ESCOVA CILÍNDRICA, LARGURA ÚTIL DE VARRIMENTO DE 2,44 M - CHP DIURNO. AF_06/2014","CHP",4.2300000000000004]
[null,5843,"TRATOR DE PNEUS, POTÊNCIA 122 CV, TRAÇÃO 4X4, PESO COM LASTRO DE 4.510 KG - CHP DIURNO. AF_06/2014","CHP",109.75]
[null,5847,"TRATOR DE ESTEIRAS, POTÊNCIA 170 HP, PESO OPERACIONAL 19 T, CAÇAMBA 5,2 M3 - CHP DIURNO. AF_06/2014","CHP",180.29]
[null,5851,"TRATOR DE ESTEIRAS, POTÊNCIA 150 HP, PESO OPERACIONAL 16,7 T, COM RODA MOTRIZ ELEVADA E LÂMINA 3,18 M3 - CHP DIURNO. AF_06/2014","CHP",171.02]
[null,5855,"TRATOR DE ESTEIRAS, POTÊNCIA 347 HP, PESO OPERACIONAL 38,5 T, COM LÂMINA 8,70 M3 - CHP DIURNO. AF_06/2014","CHP",419.88]
[null,5863,"ROLO COMPACTADOR VIBRATÓRIO REBOCÁVEL, CILINDRO DE AÇO LISO, POTÊNCIA DE TRAÇÃO DE 65 CV, PESO 4,7 T, IMPACTO DINÂMICO 18,3 T, LARGURA DE TRABALHO 1,67 M - CHP DIURNO. AF_02/2016","CHP",10.08]
[null,5867,"ROLO COMPACTADOR VIBRATÓRIO TANDEM AÇO LISO, POTÊNCIA 58 HP, PESO SEM/COM LASTRO 6,5 / 9,4 T, LARGURA DE TRABALHO 1,2 M - CHP DIURNO. AF_06/2014","CHP",102.46]
[null,5875,"RETROESCAVADEIRA SOBRE RODAS COM CARREGADEIRA, TRAÇÃO 4X4, POTÊNCIA LÍQ. 72 HP, CAÇAMBA CARREG. CAP. MÍN. 0,79 M3, CAÇAMBA RETRO CAP. 0,18 M3, PESO OPERACIONAL MÍN. 7.140 KG, PROFUNDIDADE ESCAVAÇÃO MÁX. 4,50 M - CHP DIURNO. AF_06/2014","CHP",104.27]
[null,5879,"ROLO COMPACTADOR VIBRATÓRIO PÉ DE CARNEIRO, OPERADO POR CONTROLE REMOTO, POTÊNCIA 12,5 KW, PESO OPERACIONAL 1,675 T, LARGURA DE TRABALHO 0,85 M - CHP DIURNO. AF_02/2016","CHP",87.16]
[null,5882,"USINA DE LAMA ASFÁLTICA, PROD 30 A 50 T/H, SILO DE AGREGADO 7 M3, RESERVATÓRIOS PARA EMULSÃO E ÁGUA DE 2,3 M3 CADA, MISTURADOR TIPO PUG MILL A SER MONTADO SOBRE CAMINHÃO - CHP DIURNO. AF_10/2014","CHP",71.77]
[null,5890,"CAMINHÃO TOCO, PESO BRUTO TOTAL 14.300 KG, CARGA ÚTIL MÁXIMA 9590 KG, DISTÂNCIA ENTRE EIXOS 4,76 M, POTÊNCIA 185 CV (NÃO INCLUI CARROCERIA) - CHP DIURNO. AF_06/2014","CHP",138.88999999999999]
[null,5894,"CAMINHÃO TOCO, PESO BRUTO TOTAL 16.000 KG, CARGA ÚTIL MÁXIMA DE 10.685 KG, DISTÂNCIA ENTRE EIXOS 4,80 M, POTÊNCIA 189 CV EXCLUSIVE CARROCERIA - CHP DIURNO. AF_06/2014","CHP",137.12]
[null,5901,"CAMINHÃO PIPA 10.000 L TRUCADO, PESO BRUTO TOTAL 23.000 KG, CARGA ÚTIL MÁXIMA 15.935 KG, DISTÂNCIA ENTRE EIXOS 4,8 M, POTÊNCIA 230 CV, INCLUSIVE TANQUE DE AÇO PARA TRANSPORTE DE ÁGUA - CHP DIURNO. AF_06/2014","CHP",170.54]
[null,5909,"ESPARGIDOR DE ASFALTO PRESSURIZADO COM TANQUE DE 2500 L, REBOCÁVEL COM MOTOR A GASOLINA POTÊNCIA 3,4 HP - CHP DIURNO. AF_07/2014","CHP",20.96]
[null,5921,"GRADE DE DISCO REBOCÁVEL COM 20 DISCOS 24\" X 6 MM COM PNEUS PARA TRANSPORTE - CHP DIURNO. AF_06/2014","CHP",2.2400000000000002]
[null,5928,"GUINDAUTO HIDRÁULICO, CAPACIDADE MÁXIMA DE CARGA 6200 KG, MOMENTO MÁXIMO DE CARGA 11,7 TM, ALCANCE MÁXIMO HORIZONTAL 9,70 M, INCLUSIVE CAMINHÃO TOCO PBT 16.000 KG, POTÊNCIA DE 189 CV - CHP DIURNO. AF_06/2014","CHP",146.88999999999999]
[null,5932,"MOTONIVELADORA POTÊNCIA BÁSICA LÍQUIDA (PRIMEIRA MARCHA) 125 HP, PESO BRUTO 13032 KG, LARGURA DA LÂMINA DE 3,7 M - CHP DIURNO. AF_06/2014","CHP",162.72999999999999]
[null,5940,"PÁ CARREGADEIRA SOBRE RODAS, POTÊNCIA LÍQUIDA 128 HP, CAPACIDADE DA CAÇAMBA 1,7 A 2,8 M3, PESO OPERACIONAL 11632 KG - CHP DIURNO. AF_06/2014","CHP",138.97]
[null,5944,"PÁ CARREGADEIRA SOBRE RODAS, POTÊNCIA 197 HP, CAPACIDADE DA CAÇAMBA 2,5 A 3,5 M3, PESO OPERACIONAL 18338 KG - CHP DIURNO. AF_06/2014","CHP",190.38]
[null,5953,"COMPRESSOR DE AR REBOCÁVEL, VAZÃO 189 PCM, PRESSÃO EFETIVA DE TRABALHO 102 PSI, MOTOR DIESEL, POTÊNCIA 63 CV - CHP DIURNO. AF_06/2015","CHP",34.880000000000003]
[null,6259,"CAMINHÃO PIPA 6.000 L, PESO BRUTO TOTAL 13.000 KG, DISTÂNCIA ENTRE EIXOS 4,80 M, POTÊNCIA 189 CV INCLUSIVE TANQUE DE AÇO PARA TRANSPORTE DE ÁGUA, CAPACIDADE 6 M3 - CHP DIURNO. AF_06/2014","CHP",143.55000000000001]
[null,6879,"ROLO COMPACTADOR DE PNEUS ESTÁTICO, PRESSÃO VARIÁVEL, POTÊNCIA 111 HP, PESO SEM/COM LASTRO 9,5 / 26 T, LARGURA DE TRABALHO 1,90 M - CHP DIURNO. AF_07/2014","CHP",139.30000000000001]
[null,7030,"TANQUE DE ASFALTO ESTACIONÁRIO COM SERPENTINA, CAPACIDADE 30.000 L - CHP DIURNO. AF_06/2014","CHP",161.81]
[null,7042,"MOTOBOMBA TRASH (PARA ÁGUA SUJA) AUTO ESCORVANTE, MOTOR GASOLINA DE 6,41 HP, DIÂMETROS DE SUCÇÃO X RECALQUE: 3\" X 3\", HM/Q = 10 MCA / 60 M3/H A 23 MCA / 0 M3/H - CHP DIURNO. AF_10/2014","CHP",4.49]
[null,7049,"ROLO COMPACTADOR PE DE CARNEIRO VIBRATORIO, POTENCIA 125 HP, PESO OPERACIONAL SEM/COM LASTRO 11,95 / 13,30 T, IMPACTO DINAMICO 38,5 / 22,5 T, LARGURA DE TRABALHO 2,15 M - CHP DIURNO. AF_06/2014","CHP",140.16]
[null,67826,"CAMINHÃO BASCULANTE 6 M3 TOCO, PESO BRUTO TOTAL 16.000 KG, CARGA ÚTIL MÁXIMA 11.130 KG, DISTÂNCIA ENTRE EIXOS 5,36 M, POTÊNCIA 185 CV, INCLUSIVE CAÇAMBA METÁLICA - CHP DIURNO. AF_06/2014","CHP",146.35]
[null,73417,"GRUPO GERADOR ESTACIONÁRIO, MOTOR DIESEL POTÊNCIA 170 KVA - CHP DIURNO. AF_02/2016","CHP",107.16]
[null,73436,"ROLO COMPACTADOR VIBRATÓRIO PÉ DE CARNEIRO PARA SOLOS, POTÊNCIA 80 HP, PESO OPERACIONAL SEM/COM LASTRO 7,4 / 8,8 T, LARGURA DE TRABALHO 1,68 M - CHP DIURNO. AF_02/2016","CHP",173.55]
[null,73467,"CAMINHÃO TOCO, PBT 14.300 KG, CARGA ÚTIL MÁX. 9.710 KG, DIST. ENTRE EIXOS 3,56 M, POTÊNCIA 185 CV, INCLUSIVE CARROCERIA FIXA ABERTA DE MADEIRA P/ TRANSPORTE GERAL DE CARGA SECA, DIMEN. APROX. 2,50 X 6,50 X 0,50 M - CHP DIURNO. AF_06/2014","CHP",140.86000000000001]
[null,73536,"MOTOBOMBA CENTRÍFUGA, MOTOR A GASOLINA, POTÊNCIA 5,42 HP, BOCAIS 1 1/2\" X 1\", DIÂMETRO ROTOR 143 MM HM/Q = 6 MCA / 16,8 M3/H A 38 MCA / 6,6 M3/H - CHP DIURNO. AF_06/2014","CHP",3.78]
[null,83362,"ESPARGIDOR DE ASFALTO PRESSURIZADO, TANQUE 6 M3 COM ISOLAÇÃO TÉRMICA, AQUECIDO COM 2 MAÇARICOS, COM BARRA ESPARGIDORA 3,60 M, MONTADO SOBRE CAMINHÃO  TOCO, PBT 14.300 KG, POTÊNCIA 185 CV - CHP DIURNO. AF_08/2015","CHP",176.33]
[null,83765,"GRUPO DE SOLDAGEM COM GERADOR A DIESEL 60 CV PARA SOLDA ELÉTRICA, SOBRE 04 RODAS, COM MOTOR 4 CILINDROS 600 A - CHP DIURNO. AF_02/2016","CHP",61.64]
[null,87445,"BETONEIRA CAPACIDADE NOMINAL 400 L, CAPACIDADE DE MISTURA 310 L, MOTOR A DIESEL POTÊNCIA 5,0 HP, SEM CARREGADOR - CHP DIURNO. AF_06/2014","CHP",3.08]
[null,88386,"MISTURADOR DE ARGAMASSA, EIXO HORIZONTAL, CAPACIDADE DE MISTURA 300 KG, MOTOR ELÉTRICO POTÊNCIA 5 CV - CHP DIURNO. AF_06/2014","CHP",2.96]
[null,88393,"MISTURADOR DE ARGAMASSA, EIXO HORIZONTAL, CAPACIDADE DE MISTURA 600 KG, MOTOR ELÉTRICO POTÊNCIA 7,5 CV - CHP DIURNO. AF_06/2014","CHP",3.98]
[null,88399,"MISTURADOR DE ARGAMASSA, EIXO HORIZONTAL, CAPACIDADE DE MISTURA 160 KG, MOTOR ELÉTRICO POTÊNCIA 3 CV - CHP DIURNO. AF_06/2014","CHP",2.2799999999999998]
[null,88418,"PROJETOR DE ARGAMASSA, CAPACIDADE DE PROJEÇÃO 1,5 M3/H, ALCANCE DE 30 ATÉ 60 M, MOTOR ELÉTRICO POTÊNCIA 7,5 HP - CHP DIURNO. AF_06/2014","CHP",10.9]
[null,88433,"PROJETOR DE ARGAMASSA, CAPACIDADE DE PROJEÇÃO 2 M3/H, ALCANCE ATÉ 50 M, MOTOR ELÉTRICO POTÊNCIA 7,5 HP - CHP DIURNO. AF_06/2014","CHP",13.73]
[null,88830,"BETONEIRA CAPACIDADE NOMINAL DE 400 L, CAPACIDADE DE MISTURA 280 L, MOTOR ELÉTRICO TRIFÁSICO POTÊNCIA DE 2 CV, SEM CARREGADOR - CHP DIURNO. AF_10/2014","CHP",1.06]
[null,88843,"TRATOR DE ESTEIRAS, POTÊNCIA 125 HP, PESO OPERACIONAL 12,9 T, COM LÂMINA 2,7 M3 - CHP DIURNO. AF_10/2014","CHP",145.94]
[null,88907,"ESCAVADEIRA HIDRÁULICA SOBRE ESTEIRAS, CAÇAMBA 1,20 M3, PESO OPERACIONAL 21 T, POTÊNCIA BRUTA 155 HP - CHP DIURNO. AF_06/2014","CHP",172.68]
[null,89021,"BOMBA SUBMERSÍVEL ELÉTRICA TRIFÁSICA, POTÊNCIA 2,96 HP, Ø ROTOR 144 MM SEMI-ABERTO, BOCAL DE SAÍDA Ø 2\u0094, HM/Q = 2 MCA / 38,8 M3/H A 28 MCA / 5 M3/H - CHP DIURNO. AF_06/2014","CHP",1.43]
[null,89028,"TANQUE DE ASFALTO ESTACIONÁRIO COM MAÇARICO, CAPACIDADE 20.000 L - CHP DIURNO. AF_06/2014","CHP",149.88999999999999]
[null,89032,"TRATOR DE ESTEIRAS, POTÊNCIA 100 HP, PESO OPERACIONAL 9,4 T, COM LÂMINA 2,19 M3 - CHP DIURNO. AF_06/2014","CHP",131.41999999999999]
[null,89035,"TRATOR DE PNEUS, POTÊNCIA 85 CV, TRAÇÃO 4X4, PESO COM LASTRO DE 4.675 KG - CHP DIURNO. AF_06/2014","CHP",86.62]
[null,89225,"BETONEIRA CAPACIDADE NOMINAL DE 600 L, CAPACIDADE DE MISTURA 360 L, MOTOR ELÉTRICO TRIFÁSICO POTÊNCIA DE 4 CV, SEM CARREGADOR - CHP DIURNO. AF_11/2014","CHP",3.18]
[null,89234,"FRESADORA DE ASFALTO A FRIO SOBRE RODAS, LARGURA FRESAGEM DE 1,0 M, POTÊNCIA 208 HP - CHP DIURNO. AF_11/2014","CHP",305.44]
[null,89242,"FRESADORA DE ASFALTO A FRIO SOBRE RODAS, LARGURA FRESAGEM DE 2,0 M, POTÊNCIA 550 HP - CHP DIURNO. AF_11/2014","CHP",701.42]
[null,89250,"RECICLADORA DE ASFALTO A FRIO SOBRE RODAS, LARGURA FRESAGEM DE 2,0 M, POTÊNCIA 422 HP - CHP DIURNO. AF_11/2014","CHP",586.69000000000005]
[null,89257,"VIBROACABADORA DE ASFALTO SOBRE ESTEIRAS, LARGURA DE PAVIMENTAÇÃO 2,13 M A 4,55 M, POTÊNCIA 100 HP CAPACIDADE 400 T/H - CHP DIURNO. AF_11/2014","CHP",177.64]
[null,89272,"GUINDASTE HIDRÁULICO AUTOPROPELIDO, COM LANÇA TELESCÓPICA 28,80 M, CAPACIDADE MÁXIMA 30 T, POTÊNCIA 97 KW, TRAÇÃO 4 X 4 - CHP DIURNO. AF_11/2014","CHP",161.21]
[null,89278,"BETONEIRA CAPACIDADE NOMINAL DE 600 L, CAPACIDADE DE MISTURA 440 L, MOTOR A DIESEL POTÊNCIA 10 HP, COM CARREGADOR - CHP DIURNO. AF_11/2014","CHP",7.26]
[null,89843,"BATE-ESTACAS POR GRAVIDADE, POTÊNCIA DE 160 HP, PESO DO MARTELO ATÉ 3 TONELADAS - CHP DIURNO. AF_11/2014","CHP",171.01]
[null,89876,"CAMINHÃO BASCULANTE 14 M3, COM CAVALO MECÂNICO DE CAPACIDADE MÁXIMA DE TRAÇÃO COMBINADO DE 36000 KG, POTÊNCIA 286 CV, INCLUSIVE SEMIREBOQUE COM CAÇAMBA METÁLICA - CHP DIURNO. AF_12/2014","CHP",222]
[null,89883,"CAMINHÃO BASCULANTE 18 M3, COM CAVALO MECÂNICO DE CAPACIDADE MÁXIMA DE TRAÇÃO COMBINADO DE 45000 KG, POTÊNCIA 330 CV, INCLUSIVE SEMIREBOQUE COM CAÇAMBA METÁLICA - CHP DIURNO. AF_12/2014","CHP",246.02]
[null,90586,"VIBRADOR DE IMERSÃO, DIÂMETRO DE PONTEIRA 45MM, MOTOR ELÉTRICO TRIFÁSICO POTÊNCIA DE 2 CV - CHP DIURNO. AF_06/2015","CHP",1.07]
[null,90625,"PERFURATRIZ MANUAL, TORQUE MÁXIMO 83 N.M, POTÊNCIA 5 CV, COM DIÂMETRO MÁXIMO 4\" - CHP DIURNO. AF_06/2015","CHP",5.3]
[null,90631,"PERFURATRIZ SOBRE ESTEIRA, TORQUE MÁXIMO 600 KGF, PESO MÉDIO 1000 KG, POTÊNCIA 20 HP, DIÂMETRO MÁXIMO 10\" - CHP DIURNO. AF_06/2015","CHP",94.3]
[null,90637,"MISTURADOR DUPLO HORIZONTAL DE ALTA TURBULÊNCIA, CAPACIDADE / VOLUME 2 X 500 LITROS, MOTORES ELÉTRICOS MÍNIMO 5 CV CADA, PARA NATA CIMENTO, ARGAMASSA E OUTROS - CHP DIURNO. AF_06/2015","CHP",9.61]
[null,90643,"BOMBA TRIPLEX, PARA INJEÇÃO DE NATA DE CIMENTO, VAZÃO MÁXIMA DE 100 LITROS/MINUTO, PRESSÃO MÁXIMA DE 70 BAR - CHP DIURNO. AF_06/2015","CHP",15.21]
[null,90650,"BOMBA CENTRÍFUGA MONOESTÁGIO COM MOTOR ELÉTRICO MONOFÁSICO, POTÊNCIA 15 HP, DIÂMETRO DO ROTOR 173 MM, HM/Q = 30 MCA / 90 M3/H A 45 MCA / 55 M3/H - CHP DIURNO. AF_06/2015","CHP",5.63]
[null,90656,"BOMBA DE PROJEÇÃO DE CONCRETO SECO, POTÊNCIA 10 CV, VAZÃO 3 M3/H - CHP DIURNO. AF_06/2015","CHP",9.49]
[null,90662,"BOMBA DE PROJEÇÃO DE CONCRETO SECO, POTÊNCIA 10 CV, VAZÃO 6 M3/H - CHP DIURNO. AF_06/2015","CHP",9.9499999999999993]
[null,90668,"PROJETOR PNEUMÁTICO DE ARGAMASSA PARA CHAPISCO E REBOCO COM RECIPIENTE ACOPLADO, TIPO CANEQUINHA, COM COMPRESSOR DE AR REBOCÁVEL VAZÃO 89 PCM E MOTOR DIESEL DE 20 CV - CHP DIURNO. AF_06/2015","CHP",16.73]
[null,90674,"PERFURATRIZ COM TORRE METÁLICA PARA EXECUÇÃO DE ESTACA HÉLICE CONTÍNUA, PROFUNDIDADE MÁXIMA DE 30 M, DIÂMETRO MÁXIMO DE 800 MM, POTÊNCIA INSTALADA DE 268 HP, MESA ROTATIVA COM TORQUE MÁXIMO DE 170 KNM - CHP DIURNO. AF_06/2015","CHP",429.29]
[null,90680,"PERFURATRIZ HIDRÁULICA SOBRE CAMINHÃO COM TRADO CURTO ACOPLADO, PROFUNDIDADE MÁXIMA DE 20 M, DIÂMETRO MÁXIMO DE 1500 MM, POTÊNCIA INSTALADA DE 137 HP, MESA ROTATIVA COM TORQUE MÁXIMO DE 30 KNM - CHP DIURNO. AF_06/2015","CHP",234.92]
[null,90686,"MANIPULADOR TELESCÓPICO, POTÊNCIA DE 85 HP, CAPACIDADE DE CARGA DE 3.500 KG, ALTURA MÁXIMA DE ELEVAÇÃO DE 12,3 M - CHP DIURNO. AF_06/2015","CHP",127.58]
[null,90692,"MINICARREGADEIRA SOBRE RODAS, POTÊNCIA LÍQUIDA DE 47 HP, CAPACIDADE NOMINAL DE OPERAÇÃO DE 646 KG - CHP DIURNO. AF_06/2015","CHP",78.459999999999994]
[null,90964,"COMPRESSOR DE AR REBOCÁVEL, VAZÃO 89 PCM, PRESSÃO EFETIVA DE TRABALHO 102 PSI, MOTOR DIESEL, POTÊNCIA 20 CV - CHP DIURNO. AF_06/2015","CHP",15.98]
[null,90972,"COMPRESSOR DE AR REBOCAVEL, VAZÃO 250 PCM, PRESSAO DE TRABALHO 102 PSI, MOTOR A DIESEL POTÊNCIA 81 CV - CHP DIURNO. AF_06/2015","CHP",45.08]
[null,90979,"COMPRESSOR DE AR REBOCÁVEL, VAZÃO 748 PCM, PRESSÃO EFETIVA DE TRABALHO 102 PSI, MOTOR DIESEL, POTÊNCIA 210 CV - CHP DIURNO. AF_06/2015","CHP",116.58]
[null,90991,"ESCAVADEIRA HIDRÁULICA SOBRE ESTEIRAS, CAÇAMBA 0,80 M3, PESO OPERACIONAL 17,8 T, POTÊNCIA LÍQUIDA 110 HP - CHP DIURNO. AF_10/2014","CHP",141.79]
[null,90999,"COMPRESSOR DE AR REBOCAVEL, VAZÃO 400 PCM, PRESSAO DE TRABALHO 102 PSI, MOTOR A DIESEL POTÊNCIA 110 CV - CHP DIURNO. AF_06/2015","CHP",60.12]
[null,91031,"CAMINHÃO TRUCADO (C/ TERCEIRO EIXO) ELETRÔNICO - POTÊNCIA 231CV - PBT = 22000KG - DIST. ENTRE EIXOS 5170 MM - INCLUI CARROCERIA FIXA ABERTA DE MADEIRA - CHP DIURNO. AF_06/2015","CHP",167.61]
[null,91277,"PLACA VIBRATÓRIA REVERSÍVEL COM MOTOR 4 TEMPOS A GASOLINA, FORÇA CENTRÍFUGA DE 25 KN (2500 KGF), POTÊNCIA 5,5 CV - CHP DIURNO. AF_08/2015","CHP",4.5599999999999996]
[null,91283,"CORTADORA DE PISO COM MOTOR 4 TEMPOS A GASOLINA, POTÊNCIA DE 13 HP, COM DISCO DE CORTE DIAMANTADO SEGMENTADO PARA CONCRETO, DIÂMETRO DE 350 MM, FURO DE 1\" (14 X 1\") - CHP DIURNO. AF_08/2015","CHP",9.93]
[null,91386,"CAMINHÃO BASCULANTE 10 M3, TRUCADO CABINE SIMPLES, PESO BRUTO TOTAL 23.000 KG, CARGA ÚTIL MÁXIMA 15.935 KG, DISTÂNCIA ENTRE EIXOS 4,80 M, POTÊNCIA 230 CV INCLUSIVE CAÇAMBA METÁLICA - CHP DIURNO. AF_06/2014","CHP",173.72]
[null,91533,"COMPACTADOR DE SOLOS DE PERCUSSÃO (SOQUETE) COM MOTOR A GASOLINA 4 TEMPOS, POTÊNCIA 4 CV - CHP DIURNO. AF_08/2015","CHP",33.6]
[null,91634,"GUINDAUTO HIDRÁULICO, CAPACIDADE MÁXIMA DE CARGA 6500 KG, MOMENTO MÁXIMO DE CARGA 5,8 TM, ALCANCE MÁXIMO HORIZONTAL 7,60 M, INCLUSIVE CAMINHÃO TOCO PBT 9.700 KG, POTÊNCIA DE 160 CV - CHP DIURNO. AF_08/2015","CHP",130.87]
[null,91645,"CAMINHÃO DE TRANSPORTE DE MATERIAL ASFÁLTICO 30.000 L, COM CAVALO MECÂNICO DE CAPACIDADE MÁXIMA DE TRAÇÃO COMBINADO DE 66.000 KG, POTÊNCIA 360 CV, INCLUSIVE TANQUE DE ASFALTO COM SERPENTINA - CHP DIURNO. AF_08/2015","CHP",271.06]
[null,91692,"SERRA CIRCULAR DE BANCADA COM MOTOR ELÉTRICO POTÊNCIA DE 5HP, COM COIFA PARA DISCO 10\" - CHP DIURNO. AF_08/2015","CHP",31.08]
[null,92043,"DISTRIBUIDOR DE AGREGADOS REBOCAVEL, CAPACIDADE 1,9 M³, LARGURA DE TRABALHO 3,66 M - CHP DIURNO. AF_11/2015","CHP",7.37]
[null,92106,"CAMINHÃO PARA EQUIPAMENTO DE LIMPEZA A SUCÇÃO, COM CAMINHÃO TRUCADO DE PESO BRUTO TOTAL 23000 KG, CARGA ÚTIL MÁXIMA 15935 KG, DISTÂNCIA ENTRE EIXOS 4,80 M, POTÊNCIA 230 CV, INCLUSIVE LIMPADORA A SUCÇÃO, TANQUE 12000 L - CHP DIURNO. AF_11/2015","CHP",174.09]
[null,92112,"PENEIRA ROTATIVA COM MOTOR ELÉTRICO TRIFÁSICO DE 2 CV, CILINDRO DE 1 M X 0,60 M, COM FUROS DE 3,17 MM - CHP DIURNO. AF_11/2015","CHP",1.92]
[null,92118,"DOSADOR DE AREIA, CAPACIDADE DE 26 LITROS - CHP DIURNO. AF_11/2015","CHP",0.17]
[null,92138,"CAMINHONETE COM MOTOR A DIESEL, POTÊNCIA 180 CV, CABINE DUPLA, 4X4 - CHP DIURNO. AF_11/2015","CHP",129.91]
[null,92145,"CAMINHONETE CABINE SIMPLES COM MOTOR 1.6 FLEX, CÂMBIO MANUAL, POTÊNCIA 101/104 CV, 2 PORTAS - CHP DIURNO. AF_11/2015","CHP",95.7]
[null,92242,"CAMINHÃO DE TRANSPORTE DE MATERIAL ASFÁLTICO 20.000 L, COM CAVALO MECÂNICO DE CAPACIDADE MÁXIMA DE TRAÇÃO COMBINADO DE 45.000 KG, POTÊNCIA 330 CV, INCLUSIVE TANQUE DE ASFALTO COM MAÇARICO - CHP DIURNO. AF_12/2015","CHP",239.4]
[null,92716,"APARELHO PARA CORTE E SOLDA OXI-ACETILENO SOBRE RODAS, INCLUSIVE CILINDROS E MAÇARICOS - CHP DIURNO. AF_12/2015","CHP",15.56]
[null,92960,"MÁQUINA EXTRUSORA DE CONCRETO PARA GUIAS E SARJETAS, MOTOR A DIESEL, POTÊNCIA 14 CV - CHP DIURNO. AF_12/2015","CHP",15.28]
[null,92966,"MARTELO PERFURADOR PNEUMÁTICO MANUAL, HASTE 25 X 75 MM, 21 KG - CHP DIURNO. AF_12/2015","CHP",29.33]
[null,93224,"PERFURATRIZ COM TORRE METÁLICA PARA EXECUÇÃO DE ESTACA HÉLICE CONTÍNUA, PROFUNDIDADE MÁXIMA DE 32 M, DIÂMETRO MÁXIMO DE 1000 MM, POTÊNCIA INSTALADA DE 350 HP, MESA ROTATIVA COM TORQUE MÁXIMO DE 263 KNM - CHP DIURNO. AF_01/2016","CHP",618.91999999999996]
[null,93233,"BETONEIRA CAPACIDADE NOMINAL 400 L, CAPACIDADE DE MISTURA 310 L, MOTOR A GASOLINA POTÊNCIA 5,5 HP, SEM CARREGADOR - CHP DIURNO. AF_02/2016","CHP",4.12]
[null,93272,"GRUA ASCENSIONAL, LANCA DE 30 M, CAPACIDADE DE 1,0 T A 30 M, ALTURA ATE 39 M - CHP DIURNO. AF_03/2016","CHP",81.38]
[null,93281,"GUINCHO ELÉTRICO DE COLUNA, CAPACIDADE 400 KG, COM MOTO FREIO, MOTOR TRIFÁSICO DE 1,25 CV - CHP DIURNO. AF_03/2016","CHP",27.48]
[null,93287,"GUINDASTE HIDRÁULICO AUTOPROPELIDO, COM LANÇA TELESCÓPICA 40 M, CAPACIDADE MÁXIMA 60 T, POTÊNCIA 260 KW - CHP DIURNO. AF_03/2016","CHP",268.55]
[null,93402,"GUINDAUTO HIDRÁULICO, CAPACIDADE MÁXIMA DE CARGA 3300 KG, MOMENTO MÁXIMO DE CARGA 5,8 TM, ALCANCE MÁXIMO HORIZONTAL 7,60 M, INCLUSIVE CAMINHÃO TOCO PBT 16.000 KG, POTÊNCIA DE 189 CV - CHP DIURNO. AF_03/2016","CHP",144.69]
[null,93408,"MÁQUINA JATO DE PRESSAO PORTÁTIL PARA JATEAMENTO, CONTROLE AUTOMATICO REMOTO, CAMARA DE 1 SAIDA, CAPACIDADE 280 L, DIAMETRO 670 MM, BICO DE JATO CURTO VENTURI DE 5/16\u0094, MANGUEIRA DE 1\u0094 COM COMPRESSOR DE AR REBOCÁVEL VAZÃO 189 PCM E MOTOR DIESEL DE 63 CV- CHP DIURNO. AF_03/2016","CHP",85.63]
[null,93415,"GERADOR PORTÁTIL MONOFÁSICO, POTÊNCIA 5500 VA, MOTOR A GASOLINA, POTÊNCIA DO MOTOR 13 CV - CHP DIURNO. AF_03/2016","CHP",8.51]
[null,93421,"GRUPO GERADOR REBOCÁVEL, POTÊNCIA 66 KVA, MOTOR A DIESEL - CHP DIURNO. AF_03/2016","CHP",42.42]
[null,93427,"GRUPO GERADOR ESTACIONÁRIO, POTÊNCIA 150 KVA, MOTOR A DIESEL- CHP DIURNO. AF_03/2016","CHP",97.3]
[null,93433,"USINA DE MISTURA ASFÁLTICA À QUENTE, TIPO CONTRA FLUXO, PROD 40 A 80 TON/HORA - CHP DIURNO. AF_03/2016","CHP",2003.02]
[null,93439,"USINA DE ASFALTO À FRIO, CAPACIDADE DE 40 A 60 TON/HORA, ELÉTRICA POTÊNCIA 30 CV - CHP DIURNO. AF_03/2016","CHP",113.4]
[null,95121,"USINA MISTURADORA DE SOLOS, CAPACIDADE DE 200 A 500 TON/H, POTENCIA 75KW - CHP DIURNO. AF_07/2016","CHP",201.12]
[null,95127,"DISTRIBUIDOR DE AGREGADOS AUTOPROPELIDO, CAP 3 M3, A DIESEL, POTÊNCIA 176CV - CHP DIURNO. AF_07/2016","CHP",137.38999999999999]
[null,95133,"MÁQUINA DEMARCADORA DE FAIXA DE TRÁFEGO À FRIO, AUTOPROPELIDA, POTÊNCIA 38 HP - CHP DIURNO. AF_07/2016","CHP",106.6]
[null,95139,"TALHA MANUAL DE CORRENTE, CAPACIDADE DE 2 TON. COM ELEVAÇÃO DE 3 M - CHP DIURNO. AF_07/2016","CHP",0.06]
[null,95212,"GRUA ASCENCIONAL, LANCA DE 42 M, CAPACIDADE DE 1,5 T A 30 M, ALTURA ATE 39 M - CHP DIURNO. AF_08/2016","CHP",88.1]
[null,95218,"PULVERIZADOR DE TINTA ELÉTRICO/MÁQUINA DE PINTURA AIRLESS, VAZÃO 2 L/MIN - CHP DIURNO. AF_08/2016","CHP",18.54]
[null,95258,"MARTELO DEMOLIDOR PNEUMÁTICO MANUAL, 32 KG - CHP DIURNO. AF_09/2016","CHP",28.94]
[null,95264,"COMPACTADOR DE SOLOS DE PERCUSÃO (SOQUETE) COM MOTOR A GASOLINA, POTÊNCIA 3 CV - CHP DIURNO. AF_09/2016","CHP",3.69]
[null,95270,"RÉGUA VIBRATÓRIA DUPLA PARA CONCRETO, PESO DE 60KG, COMPRIMENTO 4 M, COM MOTOR A GASOLINA, POTÊNCIA 5,5 HP - CHP DIURNO. AF_09/2016","CHP",4.41]
[null,95276,"POLIDORA DE PISO (POLITRIZ), PESO DE 100KG, DIÂMETRO 450 MM, MOTOR ELÉTRICO, POTÊNCIA 4 HP - CHP DIURNO. AF_09/2016","CHP",1.99]
[null,95282,"DESEMPENADEIRA DE CONCRETO, PESO DE 75KG, 4 PÁS, MOTOR A GASOLINA, POTÊNCIA 5,5 HP - CHP DIURNO. AF_09/2016","CHP",4.3899999999999997]
[null,95620,"PERFURATRIZ PNEUMATICA MANUAL DE PESO MEDIO, MARTELETE, 18KG, COMPRIMENTO MÁXIMO DE CURSO DE 6 M, DIAMETRO DO PISTAO DE 5,5 CM - CHP DIURNO. AF_11/2016","CHP",28.48]
[null,95631,"ROLO COMPACTADOR VIBRATORIO TANDEM, ACO LISO, POTENCIA 125 HP, PESO SEM/COM LASTRO 10,20/11,65 T, LARGURA DE TRABALHO 1,73 M - CHP DIURNO. AF_11/2016","CHP",143.82]
[null,95702,"PERFURATRIZ MANUAL, TORQUE MAXIMO 55 KGF.M, POTENCIA 5 CV, COM DIAMETRO MAXIMO 8 1/2\" - CHP DIURNO. AF_11/2016","CHP",39.450000000000003]
[null,95708,"PERFURATRIZ SOBRE ESTEIRA, TORQUE MÁXIMO 600 KGF, POTÊNCIA ENTRE 50 E 60 HP, DIÂMETRO MÁXIMO 10\u0094 - CHP DIURNO. AF_11/2016","CHP",102.29]
[null,95714,"ESCAVADEIRA HIDRAULICA SOBRE ESTEIRA, COM GARRA GIRATORIA DE MANDIBULAS, PESO OPERACIONAL ENTRE 22,00 E 25,50 TON, POTENCIA LIQUIDA ENTRE 150 E 160 HP - CHP DIURNO. AF_11/2016","CHP",176.14]
[null,95720,"ESCAVADEIRA HIDRAULICA SOBRE ESTEIRA, EQUIPADA COM CLAMSHELL, COM CAPACIDADE DA CAÇAMBA ENTRE 1,20 E 1,50 M3, PESO OPERACIONAL ENTRE 20,00 E 22,00 TON, POTENCIA LIQUIDA ENTRE 150 E 160 HP - CHP DIURNO. AF_11/2016","CHP",173.62]
[null,95872,"GRUPO GERADOR COM CARENAGEM, MOTOR DIESEL POTÊNCIA STANDART ENTRE 250 E 260 KVA - CHP DIURNO. AF_12/2016","CHP",165.15]
[null,96013,"TRATOR DE PNEUS COM POTÊNCIA DE 122 CV, TRAÇÃO 4X4, COM VASSOURA MECÂNICA ACOPLADA - CHP DIURNO. AF_02/2017","CHP",113.54]
[null,96020,"TRATOR DE PNEUS COM POTÊNCIA DE 122 CV, TRAÇÃO 4X4, COM GRADE DE DISCOS ACOPLADA - CHP DIURNO. AF_02/2017","CHP",113.32]
[null,96028,"TRATOR DE PNEUS COM POTÊNCIA DE 85 CV, TRAÇÃO 4X4, COM GRADE DE DISCOS ACOPLADA - CHP DIURNO. AF_02/2017","CHP",90.19]
[null,96035,"CAMINHÃO BASCULANTE 10 M3, TRUCADO, POTÊNCIA 230 CV, INCLUSIVE CAÇAMBA METÁLICA, COM DISTRIBUIDOR DE AGREGADOS ACOPLADO - CHP DIURNO. AF_02/2017","CHP",180.35]
[null,96157,"TRATOR DE PNEUS COM POTÊNCIA DE 85 CV, TRAÇÃO 4X4, COM VASSOURA MECÂNICA ACOPLADA - CHP DIURNO. AF_03/2017","CHP",90.41]
[null,96158,"MINICARREGADEIRA SOBRE RODAS POTENCIA 47HP CAPACIDADE OPERACAO 646 KG, COM VASSOURA MECÂNICA ACOPLADA - CHP DIURNO. AF_03/2017","CHP",84.36]
[null,96245,"MINIESCAVADEIRA SOBRE ESTEIRAS, POTENCIA LIQUIDA DE *30* HP, PESO OPERACIONAL DE *3.500* KG - CHP DIURNO. AF_04/2017","CHP",75.790000000000006]
[null,96303,"PERFURATRIZ ROTATIVA SOBRE ESTEIRA, TORQUE MAXIMO 2500 KGM, POTENCIA 110 HP, MOTOR DIESEL- CHP DIURNO. AF_05/2017","CHP",170.75]
[null,96309,"COMPRESSOR DE AR, VAZAO DE 10 PCM, RESERVATORIO 100 L, PRESSAO DE TRABALHO ENTRE 6,9 E 9,7 BAR, POTENCIA 2 HP, TENSAO 110/220 V - CHP DIURNO. AF_05/2017","CHP",0.81]
[null,96463,"ROLO COMPACTADOR DE PNEUS, ESTATICO, PRESSAO VARIAVEL, POTENCIA 110 HP, PESO SEM/COM LASTRO 10,8/27 T, LARGURA DE ROLAGEM 2,30 M - CHP DIURNO. AF_06/2017","CHP",142.01]
[null,5632,"ESCAVADEIRA HIDRÁULICA SOBRE ESTEIRAS, CAÇAMBA 0,80 M3, PESO OPERACIONAL 17 T, POTENCIA BRUTA 111 HP - CHI DIURNO. AF_06/2014","CHI",62.51]
[null,5679,"RETROESCAVADEIRA SOBRE RODAS COM CARREGADEIRA, TRAÇÃO 4X4, POTÊNCIA LÍQ. 88 HP, CAÇAMBA CARREG. CAP. MÍN. 1 M3, CAÇAMBA RETRO CAP. 0,26 M3, PESO OPERACIONAL MÍN. 6.674 KG, PROFUNDIDADE ESCAVAÇÃO MÁX. 4,37 M - CHI DIURNO. AF_06/2014","CHI",50.73]
[null,5681,"RETROESCAVADEIRA SOBRE RODAS COM CARREGADEIRA, TRAÇÃO 4X2, POTÊNCIA LÍQ. 79 HP, CAÇAMBA CARREG. CAP. MÍN. 1 M3, CAÇAMBA RETRO CAP. 0,20 M3, PESO OPERACIONAL MÍN. 6.570 KG, PROFUNDIDADE ESCAVAÇÃO MÁX. 4,37 M - CHI DIURNO. AF_06/2014","CHI",48.83]
[null,5685,"ROLO COMPACTADOR VIBRATÓRIO DE UM CILINDRO AÇO LISO, POTÊNCIA 80 HP, PESO OPERACIONAL MÁXIMO 8,1 T, IMPACTO DINÂMICO 16,15 / 9,5 T, LARGURA DE TRABALHO 1,68 M - CHI DIURNO. AF_06/2014","CHI",50.17]
[null,5690,"GRADE DE DISCO CONTROLE REMOTO REBOCÁVEL, COM 24 DISCOS 24\u0094 X 6 MM COM PNEUS PARA TRANSPORTE - CHI DIURNO. AF_06/2014","CHI",1.85]
[null,5806,"MOTOBOMBA CENTRÍFUGA, MOTOR A GASOLINA, POTÊNCIA 5,42 HP, BOCAIS 1 1/2\" X 1\", DIÂMETRO ROTOR 143 MM HM/Q = 6 MCA / 16,8 M3/H A 38 MCA / 6,6 M3/H - CHI DIURNO. AF_06/2014","CHI",0.16]
[null,5826,"CAMINHÃO TOCO, PBT 16.000 KG, CARGA ÚTIL MÁX. 10.685 KG, DIST. ENTRE EIXOS 4,8 M, POTÊNCIA 189 CV, INCLUSIVE CARROCERIA FIXA ABERTA DE MADEIRA P/ TRANSPORTE GERAL DE CARGA SECA, DIMEN. APROX. 2,5 X 7,00 X 0,50 M - CHI DIURNO. AF_06/2014","CHI",36.67]
[null,5829,"USINA DE CONCRETO FIXA, CAPACIDADE NOMINAL DE 90 A 120 M3/H, SEM SILO - CHI DIURNO. AF_07/2016","CHI",126.63]
[null,5837,"VIBROACABADORA DE ASFALTO SOBRE ESTEIRAS, LARGURA DE PAVIMENTAÇÃO 1,90 M A 5,30 M, POTÊNCIA 105 HP CAPACIDADE 450 T/H - CHI DIURNO. AF_11/2014","CHI",86.15]
[null,5841,"VASSOURA MECÂNICA REBOCÁVEL COM ESCOVA CILÍNDRICA, LARGURA ÚTIL DE VARRIMENTO DE 2,44 M - CHI DIURNO. AF_06/2014","CHI",2.12]
[null,5845,"TRATOR DE PNEUS, POTÊNCIA 122 CV, TRAÇÃO 4X4, PESO COM LASTRO DE 4.510 KG - CHI DIURNO. AF_06/2014","CHI",42.04]
[null,5849,"TRATOR DE ESTEIRAS, POTÊNCIA 170 HP, PESO OPERACIONAL 19 T, CAÇAMBA 5,2 M3 - CHI DIURNO. AF_06/2014","CHI",60.81]
[null,5853,"TRATOR DE ESTEIRAS, POTÊNCIA 150 HP, PESO OPERACIONAL 16,7 T, COM RODA MOTRIZ ELEVADA E LÂMINA 3,18 M3 - CHI DIURNO. AF_06/2014","CHI",60.99]
[null,5857,"TRATOR DE ESTEIRAS, POTÊNCIA 347 HP, PESO OPERACIONAL 38,5 T, COM LÂMINA 8,70 M3 - CHI DIURNO. AF_06/2014","CHI",129.19]
[null,5865,"ROLO COMPACTADOR VIBRATÓRIO REBOCÁVEL, CILINDRO DE AÇO LISO, POTÊNCIA DE TRAÇÃO DE 65 CV, PESO 4,7 T, IMPACTO DINÂMICO 18,3 T, LARGURA DE TRABALHO 1,67 M - CHI DIURNO. AF_02/2016","CHI",5.0599999999999996]
[null,5869,"ROLO COMPACTADOR VIBRATÓRIO TANDEM AÇO LISO, POTÊNCIA 58 HP, PESO SEM/COM LASTRO 6,5 / 9,4 T, LARGURA DE TRABALHO 1,2 M - CHI DIURNO. AF_06/2014","CHI",53.99]
[null,5877,"RETROESCAVADEIRA SOBRE RODAS COM CARREGADEIRA, TRAÇÃO 4X4, POTÊNCIA LÍQ. 72 HP, CAÇAMBA CARREG. CAP. MÍN. 0,79 M3, CAÇAMBA RETRO CAP. 0,18 M3, PESO OPERACIONAL MÍN. 7.140 KG, PROFUNDIDADE ESCAVAÇÃO MÁX. 4,50 M - CHI DIURNO. AF_06/2014","CHI",50.13]
[null,5881,"ROLO COMPACTADOR VIBRATÓRIO PÉ DE CARNEIRO, OPERADO POR CONTROLE REMOTO, POTÊNCIA 12,5 KW, PESO OPERACIONAL 1,675 T, LARGURA DE TRABALHO 0,85 M - CHI DIURNO. AF_02/2016","CHI",56.32]
[null,5884,"USINA DE LAMA ASFÁLTICA, PROD 30 A 50 T/H, SILO DE AGREGADO 7 M3, RESERVATÓRIOS PARA EMULSÃO E ÁGUA DE 2,3 M3 CADA, MISTURADOR TIPO PUG MILL A SER MONTADO SOBRE CAMINHÃO - CHI DIURNO. AF_10/2014","CHI",32.07]
[null,5892,"CAMINHÃO TOCO, PESO BRUTO TOTAL 14.300 KG, CARGA ÚTIL MÁXIMA 9590 KG, DISTÂNCIA ENTRE EIXOS 4,76 M, POTÊNCIA 185 CV (NÃO INCLUI CARROCERIA) - CHI DIURNO. AF_06/2014","CHI",37.57]
[null,5896,"CAMINHÃO TOCO, PESO BRUTO TOTAL 16.000 KG, CARGA ÚTIL MÁXIMA DE 10.685 KG, DISTÂNCIA ENTRE EIXOS 4,80 M, POTÊNCIA 189 CV EXCLUSIVE CARROCERIA - CHI DIURNO. AF_06/2014","CHI",35.950000000000003]
[null,5903,"CAMINHÃO PIPA 10.000 L TRUCADO, PESO BRUTO TOTAL 23.000 KG, CARGA ÚTIL MÁXIMA 15.935 KG, DISTÂNCIA ENTRE EIXOS 4,8 M, POTÊNCIA 230 CV, INCLUSIVE TANQUE DE AÇO PARA TRANSPORTE DE ÁGUA - CHI DIURNO. AF_06/2014","CHI",42.05]
[null,5911,"ESPARGIDOR DE ASFALTO PRESSURIZADO COM TANQUE DE 2500 L, REBOCÁVEL COM MOTOR A GASOLINA POTÊNCIA 3,4 HP - CHI DIURNO. AF_07/2014","CHI",17.079999999999998]
[null,5923,"GRADE DE DISCO REBOCÁVEL COM 20 DISCOS 24\" X 6 MM COM PNEUS PARA TRANSPORTE - CHI DIURNO. AF_06/2014","CHI",1.45]
[null,5930,"GUINDAUTO HIDRÁULICO, CAPACIDADE MÁXIMA DE CARGA 6200 KG, MOMENTO MÁXIMO DE CARGA 11,7 TM, ALCANCE MÁXIMO HORIZONTAL 9,70 M, INCLUSIVE CAMINHÃO TOCO PBT 16.000 KG, POTÊNCIA DE 189 CV - CHI DIURNO. AF_06/2014","CHI",41.48]
[null,5934,"MOTONIVELADORA POTÊNCIA BÁSICA LÍQUIDA (PRIMEIRA MARCHA) 125 HP, PESO BRUTO 13032 KG, LARGURA DA LÂMINA DE 3,7 M - CHI DIURNO. AF_06/2014","CHI",67.040000000000006]
[null,5942,"PÁ CARREGADEIRA SOBRE RODAS, POTÊNCIA LÍQUIDA 128 HP, CAPACIDADE DA CAÇAMBA 1,7 A 2,8 M3, PESO OPERACIONAL 11632 KG - CHI DIURNO. AF_06/2014","CHI",53.78]
[null,5946,"PÁ CARREGADEIRA SOBRE RODAS, POTÊNCIA 197 HP, CAPACIDADE DA CAÇAMBA 2,5 A 3,5 M3, PESO OPERACIONAL 18338 KG - CHI DIURNO. AF_06/2014","CHI",62.84]
[null,5952,"MARTELETE OU ROMPEDOR PNEUMÁTICO MANUAL, 28 KG, COM SILENCIADOR - CHI DIURNO. AF_07/2016","CHI",27.81]
[null,5954,"COMPRESSOR DE AR REBOCÁVEL, VAZÃO 189 PCM, PRESSÃO EFETIVA DE TRABALHO 102 PSI, MOTOR DIESEL, POTÊNCIA 63 CV - CHI DIURNO. AF_06/2015","CHI",2.42]
[null,5961,"CAMINHÃO BASCULANTE 6 M3, PESO BRUTO TOTAL 16.000 KG, CARGA ÚTIL MÁXIMA 13.071 KG, DISTÂNCIA ENTRE EIXOS 4,80 M, POTÊNCIA 230 CV INCLUSIVE CAÇAMBA METÁLICA - CHI DIURNO. AF_06/2014","CHI",40.42]
[null,6260,"CAMINHÃO PIPA 6.000 L, PESO BRUTO TOTAL 13.000 KG, DISTÂNCIA ENTRE EIXOS 4,80 M, POTÊNCIA 189 CV INCLUSIVE TANQUE DE AÇO PARA TRANSPORTE DE ÁGUA, CAPACIDADE 6 M3 - CHI DIURNO. AF_06/2014","CHI",38.78]
[null,6880,"ROLO COMPACTADOR DE PNEUS ESTÁTICO, PRESSÃO VARIÁVEL, POTÊNCIA 111 HP, PESO SEM/COM LASTRO 9,5 / 26 T, LARGURA DE TRABALHO 1,90 M - CHI DIURNO. AF_07/2014","CHI",59.62]
[null,7031,"TANQUE DE ASFALTO ESTACIONÁRIO COM SERPENTINA, CAPACIDADE 30.000 L - CHI DIURNO. AF_06/2014","CHI",3.21]
[null,7043,"MOTOBOMBA TRASH (PARA ÁGUA SUJA) AUTO ESCORVANTE, MOTOR GASOLINA DE 6,41 HP, DIÂMETROS DE SUCÇÃO X RECALQUE: 3\" X 3\", HM/Q = 10 MCA / 60 M3/H A 23 MCA / 0 M3/H - CHI DIURNO. AF_10/2014","CHI",0.19]
[null,7050,"ROLO COMPACTADOR PE DE CARNEIRO VIBRATORIO, POTENCIA 125 HP, PESO OPERACIONAL SEM/COM LASTRO 11,95 / 13,30 T, IMPACTO DINAMICO 38,5 / 22,5 T, LARGURA DE TRABALHO 2,15 M - CHI DIURNO. AF_06/2014","CHI",56.65]
[null,67827,"CAMINHÃO BASCULANTE 6 M3 TOCO, PESO BRUTO TOTAL 16.000 KG, CARGA ÚTIL MÁXIMA 11.130 KG, DISTÂNCIA ENTRE EIXOS 5,36 M, POTÊNCIA 185 CV, INCLUSIVE CAÇAMBA METÁLICA - CHI DIURNO. AF_06/2014","CHI",39.770000000000003]
[null,73395,"GRUPO GERADOR ESTACIONÁRIO, MOTOR DIESEL POTÊNCIA 170 KVA - CHI DIURNO. AF_02/2016","CHI",4]
[null,83766,"GRUPO DE SOLDAGEM COM GERADOR A DIESEL 60 CV PARA SOLDA ELÉTRICA, SOBRE 04 RODAS, COM MOTOR 4 CILINDROS 600 A - CHI DIURNO. AF_02/2016","CHI",25.06]
[null,84013,"ESCAVADEIRA HIDRÁULICA SOBRE ESTEIRAS, CAÇAMBA 0,80 M3, PESO OPERACIONAL 17,8 T, POTÊNCIA LÍQUIDA 110 HP - CHI DIURNO. AF_10/2014","CHI",61.18]
[null,87446,"BETONEIRA CAPACIDADE NOMINAL 400 L, CAPACIDADE DE MISTURA 310 L, MOTOR A DIESEL POTÊNCIA 5,0 HP, SEM CARREGADOR - CHI DIURNO. AF_06/2014","CHI",0.38]
[null,88392,"MISTURADOR DE ARGAMASSA, EIXO HORIZONTAL, CAPACIDADE DE MISTURA 300 KG, MOTOR ELÉTRICO POTÊNCIA 5 CV - CHI DIURNO. AF_06/2014","CHI",0.73]
[null,88398,"MISTURADOR DE ARGAMASSA, EIXO HORIZONTAL, CAPACIDADE DE MISTURA 600 KG, MOTOR ELÉTRICO POTÊNCIA 7,5 CV - CHI DIURNO. AF_06/2014","CHI",0.88]
[null,88404,"MISTURADOR DE ARGAMASSA, EIXO HORIZONTAL, CAPACIDADE DE MISTURA 160 KG, MOTOR ELÉTRICO POTÊNCIA 3 CV - CHI DIURNO. AF_06/2014","CHI",0.69]
[null,88430,"PROJETOR DE ARGAMASSA, CAPACIDADE DE PROJEÇÃO 1,5 M3/H, ALCANCE DE 30 ATÉ 60 M, MOTOR ELÉTRICO POTÊNCIA 7,5 HP - CHI DIURNO. AF_06/2014","CHI",4.58]
[null,88438,"PROJETOR DE ARGAMASSA, CAPACIDADE DE PROJEÇÃO 2 M3/H, ALCANCE ATÉ 50 M, MOTOR ELÉTRICO POTÊNCIA 7,5 HP - CHI DIURNO. AF_06/2014","CHI",6.07]
[null,88831,"BETONEIRA CAPACIDADE NOMINAL DE 400 L, CAPACIDADE DE MISTURA 280 L, MOTOR ELÉTRICO TRIFÁSICO POTÊNCIA DE 2 CV, SEM CARREGADOR - CHI DIURNO. AF_10/2014","CHI",0.27]
[null,88844,"TRATOR DE ESTEIRAS, POTÊNCIA 125 HP, PESO OPERACIONAL 12,9 T, COM LÂMINA 2,7 M3 - CHI DIURNO. AF_10/2014","CHI",55.21]
[null,88908,"ESCAVADEIRA HIDRÁULICA SOBRE ESTEIRAS, CAÇAMBA 1,20 M3, PESO OPERACIONAL 21 T, POTÊNCIA BRUTA 155 HP - CHI DIURNO. AF_06/2014","CHI",65.77]
[null,89022,"BOMBA SUBMERSÍVEL ELÉTRICA TRIFÁSICA, POTÊNCIA 2,96 HP, Ø ROTOR 144 MM SEMI-ABERTO, BOCAL DE SAÍDA Ø 2\u0094, HM/Q = 2 MCA / 38,8 M3/H A 28 MCA / 5 M3/H - CHI DIURNO. AF_06/2014","CHI",0.28000000000000003]
[null,89027,"TANQUE DE ASFALTO ESTACIONÁRIO COM MAÇARICO, CAPACIDADE 20.000 L - CHI DIURNO. AF_06/2014","CHI",2.61]
[null,89031,"TRATOR DE ESTEIRAS, POTÊNCIA 100 HP, PESO OPERACIONAL 9,4 T, COM LÂMINA 2,19 M3 - CHI DIURNO. AF_06/2014","CHI",54.14]
[null,89036,"TRATOR DE PNEUS, POTÊNCIA 85 CV, TRAÇÃO 4X4, PESO COM LASTRO DE 4.675 KG - CHI DIURNO. AF_06/2014","CHI",39.1]
[null,89218,"BATE-ESTACAS POR GRAVIDADE, POTÊNCIA DE 160 HP, PESO DO MARTELO ATÉ 3 TONELADAS - CHI DIURNO. AF_11/2014","CHI",80.83]
[null,89226,"BETONEIRA CAPACIDADE NOMINAL DE 600 L, CAPACIDADE DE MISTURA 360 L, MOTOR ELÉTRICO TRIFÁSICO POTÊNCIA DE 4 CV, SEM CARREGADOR - CHI DIURNO. AF_11/2014","CHI",1.1399999999999999]
[null,89235,"FRESADORA DE ASFALTO A FRIO SOBRE RODAS, LARGURA FRESAGEM DE 1,0 M, POTÊNCIA 208 HP - CHI DIURNO. AF_11/2014","CHI",105.04]
[null,89243,"FRESADORA DE ASFALTO A FRIO SOBRE RODAS, LARGURA FRESAGEM DE 2,0 M, POTÊNCIA 550 HP - CHI DIURNO. AF_11/2014","CHI",202.26]
[null,89251,"RECICLADORA DE ASFALTO A FRIO SOBRE RODAS, LARGURA FRESAGEM DE 2,0 M, POTÊNCIA 422 HP - CHI DIURNO. AF_11/2014","CHI",179.98]
[null,89258,"VIBROACABADORA DE ASFALTO SOBRE ESTEIRAS, LARGURA DE PAVIMENTAÇÃO 2,13 M A 4,55 M, POTÊNCIA 100 HP, CAPACIDADE 400 T/H - CHI DIURNO. AF_11/2014","CHI",76.430000000000007]
[null,89273,"GUINDASTE HIDRÁULICO AUTOPROPELIDO, COM LANÇA TELESCÓPICA 28,80 M, CAPACIDADE MÁXIMA 30 T, POTÊNCIA 97 KW, TRAÇÃO 4 X 4 - CHI DIURNO. AF_11/2014","CHI",60.12]
[null,89279,"BETONEIRA CAPACIDADE NOMINAL DE 600 L, CAPACIDADE DE MISTURA 440 L, MOTOR A DIESEL POTÊNCIA 10 HP, COM CARREGADOR - CHI DIURNO. AF_11/2014","CHI",1.38]
[null,89877,"CAMINHÃO BASCULANTE 14 M3, COM CAVALO MECÂNICO DE CAPACIDADE MÁXIMA DE TRAÇÃO COMBINADO DE 36000 KG, POTÊNCIA 286 CV, INCLUSIVE SEMIREBOQUE COM CAÇAMBA METÁLICA - CHI DIURNO. AF_12/2014","CHI",51.62]
[null,89884,"CAMINHÃO BASCULANTE 18 M3, COM CAVALO MECÂNICO DE CAPACIDADE MÁXIMA DE TRAÇÃO COMBINADO DE 45000 KG, POTÊNCIA 330 CV, INCLUSIVE SEMIREBOQUE COM CAÇAMBA METÁLICA - CHI DIURNO. AF_12/2014","CHI",52.93]
[null,90587,"VIBRADOR DE IMERSÃO, DIÂMETRO DE PONTEIRA 45MM, MOTOR ELÉTRICO TRIFÁSICO POTÊNCIA DE 2 CV - CHI DIURNO. AF_06/2015","CHI",0.3]
[null,90626,"PERFURATRIZ MANUAL, TORQUE MÁXIMO 83 N.M, POTÊNCIA 5 CV, COM DIÂMETRO MÁXIMO 4\" - CHI DIURNO. AF_06/2015","CHI",1.89]
[null,90632,"PERFURATRIZ SOBRE ESTEIRA, TORQUE MÁXIMO 600 KGF, PESO MÉDIO 1000 KG, POTÊNCIA 20 HP, DIÂMETRO MÁXIMO 10\" - CHI DIURNO. AF_06/2015","CHI",59.04]
[null,90638,"MISTURADOR DUPLO HORIZONTAL DE ALTA TURBULÊNCIA, CAPACIDADE / VOLUME 2 X 500 LITROS, MOTORES ELÉTRICOS MÍNIMO 5 CV CADA, PARA NATA CIMENTO, ARGAMASSA E OUTROS - CHI DIURNO. AF_06/2015","CHI",3.52]
[null,90644,"BOMBA TRIPLEX, PARA INJEÇÃO DE NATA DE CIMENTO, VAZÃO MÁXIMA DE 100 LITROS/MINUTO, PRESSÃO MÁXIMA DE 70 BAR - CHI DIURNO. AF_06/2015","CHI",5.26]
[null,90651,"BOMBA CENTRÍFUGA MONOESTÁGIO COM MOTOR ELÉTRICO MONOFÁSICO, POTÊNCIA 15 HP, DIÂMETRO DO ROTOR 173 MM, HM/Q = 30 MCA / 90 M3/H A 45 MCA / 55 M3/H - CHI DIURNO. AF_06/2015","CHI",0.56000000000000005]
[null,90657,"BOMBA DE PROJEÇÃO DE CONCRETO SECO, POTÊNCIA 10 CV, VAZÃO 3 M3/H - CHI DIURNO. AF_06/2015","CHI",3.43]
[null,90663,"BOMBA DE PROJEÇÃO DE CONCRETO SECO, POTÊNCIA 10 CV, VAZÃO 6 M3/H - CHI DIURNO. AF_06/2015","CHI",3.67]
[null,90669,"PROJETOR PNEUMÁTICO DE ARGAMASSA PARA CHAPISCO E REBOCO COM RECIPIENTE ACOPLADO, TIPO CANEQUINHA, COM COMPRESSOR DE AR REBOCÁVEL VAZÃO 89 PCM E MOTOR DIESEL DE 20 CV - CHI DIURNO. AF_06/2015","CHI",3.79]
[null,90675,"PERFURATRIZ COM TORRE METÁLICA PARA EXECUÇÃO DE ESTACA HÉLICE CONTÍNUA, PROFUNDIDADE MÁXIMA DE 30 M, DIÂMETRO MÁXIMO DE 800 MM, POTÊNCIA INSTALADA DE 268 HP, MESA ROTATIVA COM TORQUE MÁXIMO DE 170 KNM - CHI DIURNO. AF_06/2015","CHI",165.2]
[null,90681,"PERFURATRIZ HIDRÁULICA SOBRE CAMINHÃO COM TRADO CURTO ACOPLADO, PROFUNDIDADE MÁXIMA DE 20 M, DIÂMETRO MÁXIMO DE 1500 MM, POTÊNCIA INSTALADA DE 137 HP, MESA ROTATIVA COM TORQUE MÁXIMO DE 30 KNM - CHI DIURNO. AF_06/2015","CHI",100.85]
[null,90687,"MANIPULADOR TELESCÓPICO, POTÊNCIA DE 85 HP, CAPACIDADE DE CARGA DE 3.500 KG, ALTURA MÁXIMA DE ELEVAÇÃO DE 12,3 M - CHI DIURNO. AF_06/2015","CHI",60.02]
[null,90693,"MINICARREGADEIRA SOBRE RODAS, POTÊNCIA LÍQUIDA DE 47 HP, CAPACIDADE NOMINAL DE OPERAÇÃO DE 646 KG - CHI DIURNO. AF_06/2015","CHI",42.75]
[null,90965,"COMPRESSOR DE AR REBOCÁVEL, VAZÃO 89 PCM, PRESSÃO EFETIVA DE TRABALHO 102 PSI, MOTOR DIESEL, POTÊNCIA 20 CV - CHI DIURNO. AF_06/2015","CHI",3.23]
[null,90973,"COMPRESSOR DE AR REBOCAVEL, VAZÃO 250 PCM, PRESSAO DE TRABALHO 102 PSI, MOTOR A DIESEL POTÊNCIA 81 CV - CHI DIURNO. AF_06/2015","CHI",3.24]
[null,90982,"COMPRESSOR DE AR REBOCÁVEL, VAZÃO 748 PCM, PRESSÃO EFETIVA DE TRABALHO 102 PSI, MOTOR DIESEL, POTÊNCIA 210 CV - CHI DIURNO. AF_06/2015","CHI",8.25]
[null,91001,"COMPRESSOR DE AR REBOCAVEL, VAZÃO 400 PCM, PRESSAO DE TRABALHO 102 PSI, MOTOR A DIESEL POTÊNCIA 110 CV - CHI DIURNO. AF_06/2015","CHI",3.85]
[null,91032,"CAMINHÃO TRUCADO (C/ TERCEIRO EIXO) ELETRÔNICO - POTÊNCIA 231CV - PBT = 22000KG - DIST. ENTRE EIXOS 5170 MM - INCLUI CARROCERIA FIXA ABERTA DE MADEIRA - CHI DIURNO. AF_06/2015","CHI",40.56]
[null,91278,"PLACA VIBRATÓRIA REVERSÍVEL COM MOTOR 4 TEMPOS A GASOLINA, FORÇA CENTRÍFUGA DE 25 KN (2500 KGF), POTÊNCIA 5,5 CV - CHI DIURNO. AF_08/2015","CHI",0.54]
[null,91285,"CORTADORA DE PISO COM MOTOR 4 TEMPOS A GASOLINA, POTÊNCIA DE 13 HP, COM DISCO DE CORTE DIAMANTADO SEGMENTADO PARA CONCRETO, DIÂMETRO DE 350 MM, FURO DE 1\" (14 X 1\") - CHI DIURNO. AF_08/2015","CHI",0.78]
[null,91387,"CAMINHÃO BASCULANTE 10 M3, TRUCADO CABINE SIMPLES, PESO BRUTO TOTAL 23.000 KG, CARGA ÚTIL MÁXIMA 15.935 KG, DISTÂNCIA ENTRE EIXOS 4,80 M, POTÊNCIA 230 CV INCLUSIVE CAÇAMBA METÁLICA - CHI DIURNO. AF_06/2014","CHI",42.32]
[null,91395,"CAMINHÃO TOCO, PBT 14.300 KG, CARGA ÚTIL MÁX. 9.710 KG, DIST. ENTRE EIXOS 3,56 M, POTÊNCIA 185 CV, INCLUSIVE CARROCERIA FIXA ABERTA DE MADEIRA P/ TRANSPORTE GERAL DE CARGA SECA, DIMEN. APROX. 2,50 X 6,50 X 0,50 M - CHI DIURNO. AF_06/2014","CHI",38.44]
[null,91486,"ESPARGIDOR DE ASFALTO PRESSURIZADO, TANQUE 6 M3 COM ISOLAÇÃO TÉRMICA, AQUECIDO COM 2 MAÇARICOS, COM BARRA ESPARGIDORA 3,60 M, MONTADO SOBRE CAMINHÃO  TOCO, PBT 14.300 KG, POTÊNCIA 185 CV - CHI DIURNO. AF_08/2015","CHI",43.23]
[null,91534,"COMPACTADOR DE SOLOS DE PERCUSSÃO (SOQUETE) COM MOTOR A GASOLINA 4 TEMPOS, POTÊNCIA 4 CV - CHI DIURNO. AF_08/2015","CHI",30.27]
[null,91635,"GUINDAUTO HIDRÁULICO, CAPACIDADE MÁXIMA DE CARGA 6500 KG, MOMENTO MÁXIMO DE CARGA 5,8 TM, ALCANCE MÁXIMO HORIZONTAL 7,60 M, INCLUSIVE CAMINHÃO TOCO PBT 9.700 KG, POTÊNCIA DE 160 CV - CHI DIURNO. AF_08/2015","CHI",40.51]
[null,91646,"CAMINHÃO DE TRANSPORTE DE MATERIAL ASFÁLTICO 30.000 L, COM CAVALO MECÂNICO DE CAPACIDADE MÁXIMA DE TRAÇÃO COMBINADO DE 66.000 KG, POTÊNCIA 360 CV, INCLUSIVE TANQUE DE ASFALTO COM SERPENTINA - CHI DIURNO. AF_08/2015","CHI",63.59]
[null,91693,"SERRA CIRCULAR DE BANCADA COM MOTOR ELÉTRICO POTÊNCIA DE 5HP, COM COIFA PARA DISCO 10\" - CHI DIURNO. AF_08/2015","CHI",29.55]
[null,92044,"DISTRIBUIDOR DE AGREGADOS REBOCAVEL, CAPACIDADE 1,9 M³, LARGURA DE TRABALHO 3,66 M - CHI DIURNO. AF_11/2015","CHI",4.3499999999999996]
[null,92107,"CAMINHÃO PARA EQUIPAMENTO DE LIMPEZA A SUCÇÃO COM CAMINHÃO TRUCADO DE PESO BRUTO TOTAL 23000 KG, CARGA ÚTIL MÁXIMA 15935 KG, DISTÂNCIA ENTRE EIXOS 4,80 M, POTÊNCIA 230 CV, INCLUSIVE LIMPADORA A SUCÇÃO, TANQUE 12000 L - CHI DIURNO. AF_11/2015","CHI",43.62]
[null,92113,"PENEIRA ROTATIVA COM MOTOR ELÉTRICO TRIFÁSICO DE 2 CV, CILINDRO DE 1 M X 0,60 M, COM FUROS DE 3,17 MM - CHI DIURNO. AF_11/2015","CHI",0.82]
[null,92119,"DOSADOR DE AREIA, CAPACIDADE DE 26 LITROS - CHI DIURNO. AF_11/2015","CHI",0.08]
[null,92139,"CAMINHONETE COM MOTOR A DIESEL, POTÊNCIA 180 CV, CABINE DUPLA, 4X4 - CHI DIURNO. AF_11/2015","CHI",35.6]
[null,92146,"CAMINHONETE CABINE SIMPLES COM MOTOR 1.6 FLEX, CÂMBIO MANUAL, POTÊNCIA 101/104 CV, 2 PORTAS - CHI DIURNO. AF_11/2015","CHI",29.19]
[null,92243,"CAMINHÃO DE TRANSPORTE DE MATERIAL ASFÁLTICO 20.000 L, COM CAVALO MECÂNICO DE CAPACIDADE MÁXIMA DE TRAÇÃO COMBINADO DE 45.000 KG, POTÊNCIA 330 CV, INCLUSIVE TANQUE DE ASFALTO COM MAÇARICO - CHI DIURNO. AF_12/2015","CHI",55.93]
[null,92717,"APARELHO PARA CORTE E SOLDA OXI-ACETILENO SOBRE RODAS, INCLUSIVE CILINDROS E MAÇARICOS - CHI DIURNO. AF_12/2015","CHI",0.21]
[null,92961,"MÁQUINA EXTRUSORA DE CONCRETO PARA GUIAS E SARJETAS, MOTOR A DIESEL, POTÊNCIA 14 CV - CHI DIURNO. AF_12/2015","CHI",4.55]
[null,92967,"MARTELO PERFURADOR PNEUMÁTICO MANUAL, HASTE 25 X 75 MM, 21 KG - CHI DIURNO. AF_12/2015","CHI",27.84]
[null,93225,"PERFURATRIZ COM TORRE METÁLICA PARA EXECUÇÃO DE ESTACA HÉLICE CONTÍNUA, PROFUNDIDADE MÁXIMA DE 32 M, DIÂMETRO MÁXIMO DE 1000 MM, POTÊNCIA INSTALADA DE 350 HP, MESA ROTATIVA COM TORQUE MÁXIMO DE 263 KNM - CHI DIURNO. AF_01/2016","CHI",240.53]
[null,93234,"BETONEIRA CAPACIDADE NOMINAL 400 L, CAPACIDADE DE MISTURA 310 L, MOTOR A GASOLINA POTÊNCIA 5,5 HP, SEM CARREGADOR - CHI DIURNO. AF_02/2016","CHI",0.34]
[null,93244,"ROLO COMPACTADOR VIBRATÓRIO PÉ DE CARNEIRO PARA SOLOS, POTÊNCIA 80 HP, PESO OPERACIONAL SEM/COM LASTRO 7,4 / 8,8 T, LARGURA DE TRABALHO 1,68 M - CHI DIURNO. AF_02/2016","CHI",50.83]
[null,93274,"GRUA ASCENSIONAL, LANÇA DE 30 M, CAPACIDADE DE 1,0 T A 30 M, ALTURA ATÉ 39 M - CHI DIURNO. AF_03/2016","CHI",53.19]
[null,93282,"GUINCHO ELÉTRICO DE COLUNA, CAPACIDADE 400 KG, COM MOTO FREIO, MOTOR TRIFÁSICO DE 1,25 CV - CHI DIURNO. AF_03/2016","CHI",26.87]
[null,93288,"GUINDASTE HIDRÁULICO AUTOPROPELIDO, COM LANÇA TELESCÓPICA 40 M, CAPACIDADE MÁXIMA 60 T, POTÊNCIA 260 KW - CHI DIURNO. AF_03/2016","CHI",91.14]
[null,93403,"GUINDAUTO HIDRÁULICO, CAPACIDADE MÁXIMA DE CARGA 3300 KG, MOMENTO MÁXIMO DE CARGA 5,8 TM, ALCANCE MÁXIMO HORIZONTAL 7,60 M, INCLUSIVE CAMINHÃO TOCO PBT 16.000 KG, POTÊNCIA DE 189 CV - CHI DIURNO. AF_03/2016","CHI",40.51]
[null,93409,"MÁQUINA JATO DE PRESSAO PORTÁTIL PARA JATEAMENTO, CONTROLE AUTOMATICO REMOTO, CAMARA DE 1 SAIDA, CAPACIDADE 280 L, DIAMETRO 670 MM, BICO DE JATO CURTO VENTURI DE 5/16\u0094, MANGUEIRA DE 1\u0094 COM COMPRESSOR DE AR REBOCÁVEL VAZÃO 189 PCM E MOTOR DIESEL DE 63 CV- CHI DIURNO. AF_03/2016","CHI",51.05]
[null,93416,"GERADOR PORTÁTIL MONOFÁSICO, POTÊNCIA 5500 VA, MOTOR A GASOLINA, POTÊNCIA DO MOTOR 13 CV - CHI DIURNO. AF_03/2016","CHI",0.18]
[null,93422,"GRUPO GERADOR REBOCÁVEL, POTÊNCIA 66 KVA, MOTOR A DIESEL - CHI DIURNO. AF_03/2016","CHI",2.52]
[null,93428,"GRUPO GERADOR ESTACIONÁRIO, POTÊNCIA 150 KVA, MOTOR A DIESEL- CHI DIURNO. AF_03/2016","CHI",3.57]
[null,93434,"USINA DE MISTURA ASFÁLTICA À QUENTE, TIPO CONTRA FLUXO, PROD 40 A 80 TON/HORA - CHI DIURNO. AF_03/2016","CHI",171.5]
[null,93440,"USINA DE ASFALTO À FRIO, CAPACIDADE DE 40 A 60 TON/HORA, ELÉTRICA POTÊNCIA 30 CV - CHI DIURNO. AF_03/2016","CHI",89.92]
[null,95122,"USINA MISTURADORA DE SOLOS, CAPACIDADE DE 200 A 500 TON/H, POTENCIA 75KW - CHI DIURNO. AF_07/2016","CHI",129.63999999999999]
[null,95128,"DISTRIBUIDOR DE AGREGADOS AUTOPROPELIDO, CAP 3 M3, A DIESEL, POTÊNCIA 176CV - CHI DIURNO. AF_07/2016","CHI",42.48]
[null,95140,"TALHA MANUAL DE CORRENTE, CAPACIDADE DE 2 TON. COM ELEVAÇÃO DE 3 M - CHI DIURNO. AF_07/2016","CHI",0.04]
[null,95213,"GRUA ASCENCIONAL, LANÇA DE 42 M, CAPACIDADE DE 1,5 T A 30 M, ALTURA ATÉ 39 M - CHI DIURNO. AF_08/2016","CHI",56.74]
[null,95219,"PULVERIZADOR DE TINTA ELÉTRICO/MÁQUINA DE PINTURA AIRLESS, VAZÃO 2 L/MIN - CHI DIURNO. AF_08/2016","CHI",17.899999999999999]
[null,95259,"MARTELO DEMOLIDOR PNEUMÁTICO MANUAL, 32 KG - CHI DIURNO. AF_09/2016","CHI",27.65]
[null,95265,"COMPACTADOR DE SOLOS DE PERCUSÃO (SOQUETE) COM MOTOR A GASOLINA, POTÊNCIA 3 CV - CHI DIURNO. AF_09/2016","CHI",0.73]
[null,95271,"RÉGUA VIBRATÓRIA DUPLA PARA CONCRETO, PESO DE 60KG, COMPRIMENTO 4 M, COM MOTOR A GASOLINA, POTÊNCIA 5,5 HP - CHI DIURNO. AF_09/2016","CHI",0.49]
[null,95277,"POLIDORA DE PISO (POLITRIZ), PESO DE 100KG, DIÂMETRO 450 MM, MOTOR ELÉTRICO, POTÊNCIA 4 HP - CHI DIURNO. AF_09/2016","CHI",0.49]
[null,95283,"DESEMPENADEIRA DE CONCRETO, PESO DE 75KG, 4 PÁS, MOTOR A GASOLINA, POTÊNCIA 5,5 HP - CHI DIURNO. AF_09/2016","CHI",0.53]
[null,95621,"PERFURATRIZ PNEUMATICA MANUAL DE PESO MEDIO, MARTELETE, 18KG, COMPRIMENTO MÁXIMO DE CURSO DE 6 M, DIAMETRO DO PISTAO DE 5,5 CM - CHI DIURNO. AF_11/2016","CHI",27.42]
[null,95632,"ROLO COMPACTADOR VIBRATORIO TANDEM, ACO LISO, POTENCIA 125 HP, PESO SEM/COM LASTRO 10,20/11,65 T, LARGURA DE TRABALHO 1,73 M - CHI DIURNO. AF_11/2016","CHI",58.49]
[null,95703,"PERFURATRIZ MANUAL, TORQUE MAXIMO 55 KGF.M, POTENCIA 5 CV, COM DIAMETRO MAXIMO 8 1/2\" - CHI DIURNO. AF_11/2016","CHI",33.68]
[null,95709,"PERFURATRIZ SOBRE ESTEIRA, TORQUE MÁXIMO 600 KGF, POTÊNCIA ENTRE 50 E 60 HP, DIÂMETRO MÁXIMO 10\u0094 - CHI DIURNO. AF_11/2016","CHI",57.81]
[null,95715,"ESCAVADEIRA HIDRAULICA SOBRE ESTEIRA, COM GARRA GIRATORIA DE MANDIBULAS, PESO OPERACIONAL ENTRE 22,00 E 25,50 TON, POTENCIA LIQUIDA ENTRE 150 E 160 HP - CHI DIURNO. AF_11/2016","CHI",67.5]
[null,95721,"ESCAVADEIRA HIDRAULICA SOBRE ESTEIRA, EQUIPADA COM CLAMSHELL, COM CAPACIDADE DA CAÇAMBA ENTRE 1,20 E 1,50 M3, PESO OPERACIONAL ENTRE 20,00 E 22,00 TON, POTENCIA LIQUIDA ENTRE 150 E 160 HP - CHI DIURNO. AF_11/2016","CHI",66.239999999999995]
[null,95873,"GRUPO GERADOR COM CARENAGEM, MOTOR DIESEL POTÊNCIA STANDART ENTRE 250 E 260 KVA - CHI DIURNO. AF_12/2016","CHI",5.7]
[null,96014,"TRATOR DE PNEUS COM POTÊNCIA DE 122 CV, TRAÇÃO 4X4, COM VASSOURA MECÂNICA ACOPLADA - CHI DIURNO. AF_02/2017","CHI",44.07]
[null,96021,"TRATOR DE PNEUS COM POTÊNCIA DE 122 CV, TRAÇÃO 4X4, COM GRADE DE DISCOS ACOPLADA - CHI DIURNO. AF_02/2017","CHI",43.95]
[null,96029,"TRATOR DE PNEUS COM POTÊNCIA DE 85 CV, TRAÇÃO 4X4, COM GRADE DE DISCOS ACOPLADA - CHI DIURNO. AF_02/2017","CHI",41.01]
[null,96036,"CAMINHÃO BASCULANTE 10 M3, TRUCADO, POTÊNCIA 230 CV, INCLUSIVE CAÇAMBA METÁLICA, COM DISTRIBUIDOR DE AGREGADOS ACOPLADO - CHI DIURNO. AF_02/2017","CHI",45.17]
[null,96155,"TRATOR DE PNEUS COM POTÊNCIA DE 85 CV, TRAÇÃO 4X4, COM VASSOURA MECÂNICA ACOPLADA - CHI DIURNO. AF_02/2017","CHI",41.13]
[null,96156,"MINICARREGADEIRA SOBRE RODAS POTENCIA 47HP CAPACIDADE OPERACAO 646 KG, COM VASSOURA MECÂNICA ACOPLADA - CHI DIURNO. AF_03/2017","CHI",45.63]
[null,96159,"MÁQUINA DEMARCADORA DE FAIXA DE TRÁFEGO À FRIO, AUTOPROPELIDA, POTÊNCIA 38 HP - CHI DIURNO. AF_07/2016","CHI",54.92]
[null,96246,"MINIESCAVADEIRA SOBRE ESTEIRAS, POTENCIA LIQUIDA DE *30* HP, PESO OPERACIONAL DE *3.500* KG - CHI DIURNO. AF_04/2017","CHI",47.48]
[null,96302,"PERFURATRIZ ROTATIVA SOBRE ESTEIRA, TORQUE MAXIMO 2500 KGM, POTENCIA 110 HP, MOTOR DIESEL - CHI DIURNO. AF_05/2017","CHI",73.72]
[null,96308,"COMPRESSOR DE AR, VAZAO DE 10 PCM, RESERVATORIO 100 L, PRESSAO DE TRABALHO ENTRE 6,9 E 9,7 BAR  POTENCIA 2 HP, TENSAO 110/220 V \u0096 CHI DIURNO. AF_05/2017","CHI",0.11]
[null,96464,"ROLO COMPACTADOR DE PNEUS, ESTATICO, PRESSAO VARIAVEL, POTENCIA 110 HP, PESO SEM/COM LASTRO 10,8/27 T, LARGURA DE ROLAGEM 2,30 M - CHI DIURNO. AF_06/2017","CHI",61.23]
[null,5089,"ROLO COMPACTADOR VIBRATÓRIO PÉ DE CARNEIRO PARA SOLOS, POTÊNCIA 80 HP, PESO OPERACIONAL SEM/COM LASTRO 7,4 / 8,8 T, LARGURA DE TRABALHO 1,68 M - MANUTENÇÃO. AF_02/2016","H",17.3]
[null,5627,"ESCAVADEIRA HIDRÁULICA SOBRE ESTEIRAS, CAÇAMBA 0,80 M3, PESO OPERACIONAL 17 T, POTENCIA BRUTA 111 HP - DEPRECIAÇÃO. AF_06/2014","H",23.01]
[null,5628,"ESCAVADEIRA HIDRÁULICA SOBRE ESTEIRAS, CAÇAMBA 0,80 M3, PESO OPERACIONAL 17 T, POTENCIA BRUTA 111 HP - JUROS. AF_06/2014","H",5.91]
[null,5629,"ESCAVADEIRA HIDRÁULICA SOBRE ESTEIRAS, CAÇAMBA 0,80 M3, PESO OPERACIONAL 17 T, POTENCIA BRUTA 111 HP - MANUTENÇÃO. AF_06/2014","H",28.76]
[null,5630,"ESCAVADEIRA HIDRÁULICA SOBRE ESTEIRAS, CAÇAMBA 0,80 M3, PESO OPERACIONAL 17 T, POTENCIA BRUTA 111 HP - MATERIAIS NA OPERAÇÃO. AF_06/2014","H",53.67]
[null,5658,"GRADE DE DISCO CONTROLE REMOTO REBOCÁVEL, COM 24 DISCOS 24\u0094 X 6 MM COM PNEUS PARA TRANSPORTE - MANUTENÇÃO. AF_06/2014","H",1.01]
[null,5664,"RETROESCAVADEIRA SOBRE RODAS COM CARREGADEIRA, TRAÇÃO 4X4, POTÊNCIA LÍQ. 88 HP, CAÇAMBA CARREG. CAP. MÍN. 1 M3, CAÇAMBA RETRO CAP. 0,26 M3, PESO OPERACIONAL MÍN. 6.674 KG, PROFUNDIDADE ESCAVAÇÃO MÁX. 4,37 M - MANUTENÇÃO. AF_06/2014","H",17.05]
[null,5667,"RETROESCAVADEIRA SOBRE RODAS COM CARREGADEIRA, TRAÇÃO 4X2, POTÊNCIA LÍQ. 79 HP, CAÇAMBA CARREG. CAP. MÍN. 1 M3, CAÇAMBA RETRO CAP. 0,20 M3, PESO OPERACIONAL MÍN. 6.570 KG, PROFUNDIDADE ESCAVAÇÃO MÁX. 4,37 M - MANUTENÇÃO. AF_06/2014","H",15.16]
[null,5668,"RETROESCAVADEIRA SOBRE RODAS COM CARREGADEIRA, TRAÇÃO 4X2, POTÊNCIA LÍQ. 79 HP, CAÇAMBA CARREG. CAP. MÍN. 1 M3, CAÇAMBA RETRO CAP. 0,20 M3, PESO OPERACIONAL MÍN. 6.570 KG, PROFUNDIDADE ESCAVAÇÃO MÁX. 4,37 M - MATERIAIS NA OPERAÇÃO. AF_06/2014","H",41.07]
[null,5674,"ROLO COMPACTADOR VIBRATÓRIO DE UM CILINDRO AÇO LISO, POTÊNCIA 80 HP, PESO OPERACIONAL MÁXIMO 8,1 T, IMPACTO DINÂMICO 16,15 / 9,5 T, LARGURA DE TRABALHO 1,68 M - MANUTENÇÃO. AF_06/2014","H",16.64]
[null,5692,"MOTOBOMBA CENTRÍFUGA, MOTOR A GASOLINA, POTÊNCIA 5,42 HP, BOCAIS 1 1/2\" X 1\", DIÂMETRO ROTOR 143 MM HM/Q = 6 MCA / 16,8 M3/H A 38 MCA / 6,6 M3/H - MANUTENÇÃO. AF_06/2014","H",0.14000000000000001]
[null,5693,"MOTOBOMBA CENTRÍFUGA, MOTOR A GASOLINA, POTÊNCIA 5,42 HP, BOCAIS 1 1/2\" X 1\", DIÂMETRO ROTOR 143 MM HM/Q = 6 MCA / 16,8 M3/H A 38 MCA / 6,6 M3/H - MATERIAIS NA OPERAÇÃO. AF_06/2014","H",3.48]
[null,5695,"CAMINHÃO BASCULANTE 6 M3, PESO BRUTO TOTAL 16.000 KG, CARGA ÚTIL MÁXIMA 13.071 KG, DISTÂNCIA ENTRE EIXOS 4,80 M, POTÊNCIA 230 CV INCLUSIVE CAÇAMBA METÁLICA - MANUTENÇÃO. AF_06/2014","H",19.22]
[null,5703,"USINA DE CONCRETO FIXA, CAPACIDADE NOMINAL DE 90 A 120 M3/H, SEM SILO - MATERIAIS NA OPERAÇÃO. AF_07/2016","H",11.18]
[null,5705,"CAMINHÃO TOCO, PBT 16.000 KG, CARGA ÚTIL MÁX. 10.685 KG, DIST. ENTRE EIXOS 4,8 M, POTÊNCIA 189 CV, INCLUSIVE CARROCERIA FIXA ABERTA DE MADEIRA P/ TRANSPORTE GERAL DE CARGA SECA, DIMEN. APROX. 2,5 X 7,00 X 0,50 M - MANUTENÇÃO. AF_06/2014","H",11.95]
[null,5707,"USINA MISTURADORA DE SOLOS, CAPACIDADE DE 200 A 500 TON/H, POTENCIA 75KW - MANUTENÇÃO. AF_07/2016","H",41.52]
[null,5710,"VIBROACABADORA DE ASFALTO SOBRE ESTEIRAS, LARGURA DE PAVIMENTAÇÃO 1,90 M A 5,30 M, POTÊNCIA 105 HP CAPACIDADE 450 T/H - MANUTENÇÃO. AF_11/2014","H",64.510000000000005]
[null,5711,"VIBROACABADORA DE ASFALTO SOBRE ESTEIRAS, LARGURA DE PAVIMENTAÇÃO 1,90 M A 5,30 M, POTÊNCIA 105 HP CAPACIDADE 450 T/H - MATERIAIS NA OPERAÇÃO. AF_11/2014","H",50.76]
[null,5714,"TRATOR DE PNEUS, POTÊNCIA 85 CV, TRAÇÃO 4X4, PESO COM LASTRO DE 4.675 KG - MANUTENÇÃO. AF_06/2014","H",6.99]
[null,5715,"TRATOR DE PNEUS, POTÊNCIA 85 CV, TRAÇÃO 4X4, PESO COM LASTRO DE 4.675 KG - MATERIAIS NA OPERAÇÃO. AF_06/2014","H",40.53]
[null,5718,"TRATOR DE ESTEIRAS, POTÊNCIA 170 HP, PESO OPERACIONAL 19 T, CAÇAMBA 5,2 M3 - MATERIAIS NA OPERAÇÃO. AF_06/2014","H",82.18]
[null,5721,"TRATOR DE ESTEIRAS, POTÊNCIA 150 HP, PESO OPERACIONAL 16,7 T, COM RODA MOTRIZ ELEVADA E LÂMINA 3,18 M3 - MATERIAIS NA OPERAÇÃO. AF_06/2014","H",72.5]
[null,5722,"TRATOR DE ESTEIRAS, POTÊNCIA 347 HP, PESO OPERACIONAL 38,5 T, COM LÂMINA 8,70 M3 - MATERIAIS NA OPERAÇÃO. AF_06/2014","H",167.76]
[null,5724,"TRATOR DE ESTEIRAS, POTÊNCIA 100 HP, PESO OPERACIONAL 9,4 T, COM LÂMINA 2,19 M3 - MANUTENÇÃO. AF_06/2014","H",28.94]
[null,5727,"ROLO COMPACTADOR VIBRATÓRIO REBOCÁVEL, CILINDRO DE AÇO LISO, POTÊNCIA DE TRAÇÃO DE 65 CV, PESO 4,7 T, IMPACTO DINÂMICO 18,3 T, LARGURA DE TRABALHO 1,67 M - MANUTENÇÃO. AF_02/2016","H",5.0199999999999996]
[null,5729,"ROLO COMPACTADOR VIBRATÓRIO TANDEM AÇO LISO, POTÊNCIA 58 HP, PESO SEM/COM LASTRO 6,5 / 9,4 T, LARGURA DE TRABALHO 1,2 M - MANUTENÇÃO. AF_06/2014","H",20.43]
[null,5730,"ROLO COMPACTADOR VIBRATÓRIO TANDEM AÇO LISO, POTÊNCIA 58 HP, PESO SEM/COM LASTRO 6,5 / 9,4 T, LARGURA DE TRABALHO 1,2 M - MATERIAIS NA OPERAÇÃO. AF_06/2014","H",28.04]
[null,5735,"RETROESCAVADEIRA SOBRE RODAS COM CARREGADEIRA, TRAÇÃO 4X4, POTÊNCIA LÍQ. 72 HP, CAÇAMBA CARREG. CAP. MÍN. 0,79 M3, CAÇAMBA RETRO CAP. 0,18 M3, PESO OPERACIONAL MÍN. 7.140 KG, PROFUNDIDADE ESCAVAÇÃO MÁX. 4,50 M - MANUTENÇÃO. AF_06/2014","H",16.45]
[null,5736,"RETROESCAVADEIRA SOBRE RODAS COM CARREGADEIRA, TRAÇÃO 4X4, POTÊNCIA LÍQ. 72 HP, CAÇAMBA CARREG. CAP. MÍN. 0,79 M3, CAÇAMBA RETRO CAP. 0,18 M3, PESO OPERACIONAL MÍN. 7.140 KG, PROFUNDIDADE ESCAVAÇÃO MÁX. 4,50 M - MATERIAIS NA OPERAÇÃO. AF_06/2014","H",37.69]
[null,5738,"ROLO COMPACTADOR VIBRATÓRIO PÉ DE CARNEIRO, OPERADO POR CONTROLE REMOTO, POTÊNCIA 12,5 KW, PESO OPERACIONAL 1,675 T, LARGURA DE TRABALHO 0,85 M - DEPRECIAÇÃO. AF_02/2016","H",18.170000000000002]
[null,5739,"ROLO COMPACTADOR VIBRATÓRIO PÉ DE CARNEIRO, OPERADO POR CONTROLE REMOTO, POTÊNCIA 12,5 KW, PESO OPERACIONAL 1,675 T, LARGURA DE TRABALHO 0,85 M - MANUTENÇÃO. AF_02/2016","H",22.74]
[null,5741,"USINA DE LAMA ASFÁLTICA, PROD 30 A 50 T/H, SILO DE AGREGADO 7 M3, RESERVATÓRIOS PARA EMULSÃO E ÁGUA DE 2,3 M3 CADA, MISTURADOR TIPO PUG MILL A SER MONTADO SOBRE CAMINHÃO - MANUTENÇÃO. AF_10/2014","H",23.97]
[null,5742,"USINA DE LAMA ASFÁLTICA, PROD 30 A 50 T/H, SILO DE AGREGADO 7 M3, RESERVATÓRIOS PARA EMULSÃO E ÁGUA DE 2,3 M3 CADA, MISTURADOR TIPO PUG MILL A SER MONTADO SOBRE CAMINHÃO - MATERIAIS NA OPERAÇÃO. AF_10/2014","H",15.73]
[null,5747,"CAMINHÃO PIPA 6.000 L, PESO BRUTO TOTAL 13.000 KG, DISTÂNCIA ENTRE EIXOS 4,80 M, POTÊNCIA 189 CV INCLUSIVE TANQUE DE AÇO PARA TRANSPORTE DE ÁGUA, CAPACIDADE 6 M3 - MATERIAIS NA OPERAÇÃO. AF_06/2014","H",90.14]
[null,5751,"CAMINHÃO TOCO, PESO BRUTO TOTAL 14.300 KG, CARGA ÚTIL MÁXIMA 9590 KG, DISTÂNCIA ENTRE EIXOS 4,76 M, POTÊNCIA 185 CV (NÃO INCLUI CARROCERIA) - MANUTENÇÃO. AF_06/2014","H",13.09]
[null,5754,"CAMINHÃO TOCO, PESO BRUTO TOTAL 16.000 KG, CARGA ÚTIL MÁXIMA DE 10.685 KG, DISTÂNCIA ENTRE EIXOS 4,80 M, POTÊNCIA 189 CV EXCLUSIVE CARROCERIA - MANUTENÇÃO. AF_06/2014","H",11.03]
[null,5763,"CAMINHÃO PIPA 10.000 L TRUCADO, PESO BRUTO TOTAL 23.000 KG, CARGA ÚTIL MÁXIMA 15.935 KG, DISTÂNCIA ENTRE EIXOS 4,8 M, POTÊNCIA 230 CV, INCLUSIVE TANQUE DE AÇO PARA TRANSPORTE DE ÁGUA - MANUTENÇÃO. AF_06/2014","H",18.8]
[null,5765,"ESPARGIDOR DE ASFALTO PRESSURIZADO COM TANQUE DE 2500 L, REBOCÁVEL COM MOTOR A GASOLINA POTÊNCIA 3,4 HP - MANUTENÇÃO. AF_07/2014","H",1.69]
[null,5766,"ESPARGIDOR DE ASFALTO PRESSURIZADO COM TANQUE DE 2500 L, REBOCÁVEL COM MOTOR A GASOLINA POTÊNCIA 3,4 HP - MATERIAIS NA OPERAÇÃO. AF_07/2014","H",2.19]
[null,5779,"MOTONIVELADORA POTÊNCIA BÁSICA LÍQUIDA (PRIMEIRA MARCHA) 125 HP, PESO BRUTO 13032 KG, LARGURA DA LÂMINA DE 3,7 M - MANUTENÇÃO. AF_06/2014","H",35.25]
[null,5787,"PÁ CARREGADEIRA SOBRE RODAS, POTÊNCIA 197 HP, CAPACIDADE DA CAÇAMBA 2,5 A 3,5 M3, PESO OPERACIONAL 18338 KG - MATERIAIS NA OPERAÇÃO. AF_06/2014","H",95.22]
[null,5797,"COMPRESSOR DE AR REBOCÁVEL, VAZÃO 189 PCM, PRESSÃO EFETIVA DE TRABALHO 102 PSI, MOTOR DIESEL, POTÊNCIA 63 CV - MANUTENÇÃO. AF_06/2015","H",2.4]
[null,5800,"BOMBA SUBMERSÍVEL ELÉTRICA TRIFÁSICA, POTÊNCIA 2,96 HP, Ø ROTOR 144 MM SEMI-ABERTO, BOCAL DE SAÍDA Ø 2\u0094, HM/Q = 2 MCA / 38,8 M3/H A 28 MCA / 5 M3/H - MANUTENÇÃO. AF_06/2014","H",0.25]
[null,7032,"TANQUE DE ASFALTO ESTACIONÁRIO COM SERPENTINA, CAPACIDADE 30.000 L - DEPRECIAÇÃO. AF_06/2014","H",2.2999999999999998]
[null,7033,"TANQUE DE ASFALTO ESTACIONÁRIO COM SERPENTINA, CAPACIDADE 30.000 L - JUROS. AF_06/2014","H",0.91]
[null,7034,"TANQUE DE ASFALTO ESTACIONÁRIO COM SERPENTINA, CAPACIDADE 30.000 L - MANUTENÇÃO. AF_06/2014","H",4.3099999999999996]
[null,7035,"TANQUE DE ASFALTO ESTACIONÁRIO COM SERPENTINA, CAPACIDADE 30.000 L - MATERIAIS NA OPERAÇÃO. AF_06/2014","H",154.29]
[null,7038,"ROLO COMPACTADOR DE PNEUS ESTÁTICO, PRESSÃO VARIÁVEL, POTÊNCIA 111 HP, PESO SEM/COM LASTRO 9,5 / 26 T, LARGURA DE TRABALHO 1,90 M - DEPRECIAÇÃO. AF_07/2014","H",20.78]
[null,7039,"ROLO COMPACTADOR DE PNEUS ESTÁTICO, PRESSÃO VARIÁVEL, POTÊNCIA 111 HP, PESO SEM/COM LASTRO 9,5 / 26 T, LARGURA DE TRABALHO 1,90 M - JUROS. AF_07/2014","H",5.46]
[null,7040,"ROLO COMPACTADOR DE PNEUS ESTÁTICO, PRESSÃO VARIÁVEL, POTÊNCIA 111 HP, PESO SEM/COM LASTRO 9,5 / 26 T, LARGURA DE TRABALHO 1,90 M - MANUTENÇÃO. AF_07/2014","H",26.01]
[null,7044,"MOTOBOMBA TRASH (PARA ÁGUA SUJA) AUTO ESCORVANTE, MOTOR GASOLINA DE 6,41 HP, DIÂMETROS DE SUCÇÃO X RECALQUE: 3\" X 3\", HM/Q = 10 MCA / 60 M3/H A 23 MCA / 0 M3/H - DEPRECIAÇÃO. AF_10/2014","H",0.16]
[null,7045,"MOTOBOMBA TRASH (PARA ÁGUA SUJA) AUTO ESCORVANTE, MOTOR GASOLINA DE 6,41 HP, DIÂMETROS DE SUCÇÃO X RECALQUE: 3\" X 3\", HM/Q = 10 MCA / 60 M3/H A 23 MCA / 0 M3/H - JUROS. AF_10/2014","H",0.03]
[null,7046,"MOTOBOMBA TRASH (PARA ÁGUA SUJA) AUTO ESCORVANTE, MOTOR GASOLINA DE 6,41 HP, DIÂMETROS DE SUCÇÃO X RECALQUE: 3\" X 3\", HM/Q = 10 MCA / 60 M3/H A 23 MCA / 0 M3/H - MANUTENÇÃO. AF_10/2014","H",0.18]
[null,7047,"MOTOBOMBA TRASH (PARA ÁGUA SUJA) AUTO ESCORVANTE, MOTOR GASOLINA DE 6,41 HP, DIÂMETROS DE SUCÇÃO X RECALQUE: 3\" X 3\", HM/Q = 10 MCA / 60 M3/H A 23 MCA / 0 M3/H - MATERIAIS NA OPERAÇÃO. AF_10/2014","H",4.12]
[null,7051,"ROLO COMPACTADOR PE DE CARNEIRO VIBRATORIO, POTENCIA 125 HP, PESO OPERACIONAL SEM/COM LASTRO 11,95 / 13,30 T, IMPACTO DINAMICO 38,5 / 22,5 T, LARGURA DE TRABALHO 2,15 M - DEPRECIAÇÃO. AF_06/2014","H",18.43]
[null,7052,"ROLO COMPACTADOR PE DE CARNEIRO VIBRATORIO, POTENCIA 125 HP, PESO OPERACIONAL SEM/COM LASTRO 11,95 / 13,30 T, IMPACTO DINAMICO 38,5 / 22,5 T, LARGURA DE TRABALHO 2,15 M - JUROS. AF_06/2014","H",4.84]
[null,7053,"ROLO COMPACTADOR PE DE CARNEIRO VIBRATORIO, POTENCIA 125 HP, PESO OPERACIONAL SEM/COM LASTRO 11,95 / 13,30 T, IMPACTO DINAMICO 38,5 / 22,5 T, LARGURA DE TRABALHO 2,15 M - MANUTENÇÃO. AF_06/2014","H",23.07]
[null,7054,"ROLO COMPACTADOR PE DE CARNEIRO VIBRATORIO, POTENCIA 125 HP, PESO OPERACIONAL SEM/COM LASTRO 11,95 / 13,30 T, IMPACTO DINAMICO 38,5 / 22,5 T, LARGURA DE TRABALHO 2,15 M - MATERIAIS NA OPERAÇÃO. AF_06/2014","H",60.44]
[null,7058,"CAMINHÃO BASCULANTE 6 M3 TOCO, PESO BRUTO TOTAL 16.000 KG, CARGA ÚTIL MÁXIMA 11.130 KG, DISTÂNCIA ENTRE EIXOS 5,36 M, POTÊNCIA 185 CV, INCLUSIVE CAÇAMBA METÁLICA - DEPRECIAÇÃO. AF_06/2014","H",9.7799999999999994]
[null,7059,"CAMINHÃO BASCULANTE 6 M3 TOCO, PESO BRUTO TOTAL 16.000 KG, CARGA ÚTIL MÁXIMA 11.130 KG, DISTÂNCIA ENTRE EIXOS 5,36 M, POTÊNCIA 185 CV, INCLUSIVE CAÇAMBA METÁLICA - JUROS. AF_06/2014","H",3.42]
[null,7060,"CAMINHÃO BASCULANTE 6 M3 TOCO, PESO BRUTO TOTAL 16.000 KG, CARGA ÚTIL MÁXIMA 11.130 KG, DISTÂNCIA ENTRE EIXOS 5,36 M, POTÊNCIA 185 CV, INCLUSIVE CAÇAMBA METÁLICA - MANUTENÇÃO. AF_06/2014","H",18.350000000000001]
[null,7061,"CAMINHÃO BASCULANTE 6 M3 TOCO, PESO BRUTO TOTAL 16.000 KG, CARGA ÚTIL MÁXIMA 11.130 KG, DISTÂNCIA ENTRE EIXOS 5,36 M, POTÊNCIA 185 CV, INCLUSIVE CAÇAMBA METÁLICA - MATERIAIS NA OPERAÇÃO. AF_06/2014","H",88.23]
[null,7063,"TRATOR DE PNEUS, POTÊNCIA 122 CV, TRAÇÃO 4X4, PESO COM LASTRO DE 4.510 KG - DEPRECIAÇÃO. AF_06/2014","H",8.7200000000000006]
[null,7064,"TRATOR DE PNEUS, POTÊNCIA 122 CV, TRAÇÃO 4X4, PESO COM LASTRO DE 4.510 KG - JUROS. AF_06/2014","H",2.29]
[null,7065,"TRATOR DE PNEUS, POTÊNCIA 122 CV, TRAÇÃO 4X4, PESO COM LASTRO DE 4.510 KG - MANUTENÇÃO. AF_06/2014","H",9.5399999999999991]
[null,7066,"TRATOR DE PNEUS, POTÊNCIA 122 CV, TRAÇÃO 4X4, PESO COM LASTRO DE 4.510 KG - MATERIAIS NA OPERAÇÃO. AF_06/2014","H",58.17]
[null,53786,"RETROESCAVADEIRA SOBRE RODAS COM CARREGADEIRA, TRAÇÃO 4X4, POTÊNCIA LÍQ. 88 HP, CAÇAMBA CARREG. CAP. MÍN. 1 M3, CAÇAMBA RETRO CAP. 0,26 M3, PESO OPERACIONAL MÍN. 6.674 KG, PROFUNDIDADE ESCAVAÇÃO MÁX. 4,37 M - MATERIAIS NA OPERAÇÃO. AF_06/2014","H",44.46]
[null,53788,"ROLO COMPACTADOR VIBRATÓRIO DE UM CILINDRO AÇO LISO, POTÊNCIA 80 HP, PESO OPERACIONAL MÁXIMO 8,1 T, IMPACTO DINÂMICO 16,15 / 9,5 T, LARGURA DE TRABALHO 1,68 M - MATERIAIS NA OPERAÇÃO. AF_06/2014","H",38.659999999999997]
[null,53792,"CAMINHÃO BASCULANTE 6 M3, PESO BRUTO TOTAL 16.000 KG, CARGA ÚTIL MÁXIMA 13.071 KG, DISTÂNCIA ENTRE EIXOS 4,80 M, POTÊNCIA 230 CV INCLUSIVE CAÇAMBA METÁLICA - MATERIAIS NA OPERAÇÃO. AF_06/2014","H",109.69]
[null,53794,"USINA DE CONCRETO FIXA, CAPACIDADE NOMINAL DE 90 A 120 M3/H, SEM SILO - MANUTENÇÃO. AF_07/2016","H",35]
[null,53797,"CAMINHÃO TOCO, PBT 16.000 KG, CARGA ÚTIL MÁX. 10.685 KG, DIST. ENTRE EIXOS 4,8 M, POTÊNCIA 189 CV, INCLUSIVE CARROCERIA FIXA ABERTA DE MADEIRA P/ TRANSPORTE GERAL DE CARGA SECA, DIMEN. APROX. 2,5 X 7,00 X 0,50 M - MATERIAIS NA OPERAÇÃO. AF_06/2014","H",90.14]
[null,53804,"VASSOURA MECÂNICA REBOCÁVEL COM ESCOVA CILÍNDRICA, LARGURA ÚTIL DE VARRIMENTO DE 2,44 M - MANUTENÇÃO. AF_06/2014","H",2.11]
[null,53806,"TRATOR DE ESTEIRAS, POTÊNCIA 170 HP, PESO OPERACIONAL 19 T, CAÇAMBA 5,2 M3 - MANUTENÇÃO. AF_06/2014","H",37.299999999999997]
[null,53810,"TRATOR DE ESTEIRAS, POTÊNCIA 150 HP, PESO OPERACIONAL 16,7 T, COM RODA MOTRIZ ELEVADA E LÂMINA 3,18 M3 - MANUTENÇÃO. AF_06/2014","H",37.53]
[null,53814,"TRATOR DE ESTEIRAS, POTÊNCIA 347 HP, PESO OPERACIONAL 38,5 T, COM LÂMINA 8,70 M3 - MANUTENÇÃO. AF_06/2014","H",122.93]
[null,53817,"TRATOR DE ESTEIRAS, POTÊNCIA 100 HP, PESO OPERACIONAL 9,4 T, COM LÂMINA 2,19 M3 - MATERIAIS NA OPERAÇÃO. AF_06/2014","H",48.34]
[null,53818,"ROLO COMPACTADOR VIBRATÓRIO REBOCÁVEL, CILINDRO DE AÇO LISO, POTÊNCIA DE TRAÇÃO DE 65 CV, PESO 4,7 T, IMPACTO DINÂMICO 18,3 T, LARGURA DE TRABALHO 1,67 M - DEPRECIAÇÃO. AF_02/2016","H",4.01]
[null,53827,"CAMINHÃO TOCO, PESO BRUTO TOTAL 14.300 KG, CARGA ÚTIL MÁXIMA 9590 KG, DISTÂNCIA ENTRE EIXOS 4,76 M, POTÊNCIA 185 CV (NÃO INCLUI CARROCERIA) - MATERIAIS NA OPERAÇÃO. AF_06/2014","H",88.23]
[null,53829,"CAMINHÃO TOCO, PESO BRUTO TOTAL 16.000 KG, CARGA ÚTIL MÁXIMA DE 10.685 KG, DISTÂNCIA ENTRE EIXOS 4,80 M, POTÊNCIA 189 CV EXCLUSIVE CARROCERIA - MATERIAIS NA OPERAÇÃO. AF_06/2014","H",90.14]
[null,53831,"CAMINHÃO PIPA 10.000 L TRUCADO, PESO BRUTO TOTAL 23.000 KG, CARGA ÚTIL MÁXIMA 15.935 KG, DISTÂNCIA ENTRE EIXOS 4,8 M, POTÊNCIA 230 CV, INCLUSIVE TANQUE DE AÇO PARA TRANSPORTE DE ÁGUA - MATERIAIS NA OPERAÇÃO. AF_06/2014","H",109.69]
[null,53840,"GRADE DE DISCO REBOCÁVEL COM 20 DISCOS 24\" X 6 MM COM PNEUS PARA TRANSPORTE - DEPRECIAÇÃO. AF_06/2014","H",1.1499999999999999]
[null,53841,"GRADE DE DISCO REBOCÁVEL COM 20 DISCOS 24\" X 6 MM COM PNEUS PARA TRANSPORTE - MANUTENÇÃO. AF_06/2014","H",0.79]
[null,53849,"MOTONIVELADORA POTÊNCIA BÁSICA LÍQUIDA (PRIMEIRA MARCHA) 125 HP, PESO BRUTO 13032 KG, LARGURA DA LÂMINA DE 3,7 M - MATERIAIS NA OPERAÇÃO. AF_06/2014","H",60.44]
[null,53857,"PÁ CARREGADEIRA SOBRE RODAS, POTÊNCIA LÍQUIDA 128 HP, CAPACIDADE DA CAÇAMBA 1,7 A 2,8 M3, PESO OPERACIONAL 11632 KG - MANUTENÇÃO. AF_06/2014","H",23.31]
[null,53858,"PÁ CARREGADEIRA SOBRE RODAS, POTÊNCIA LÍQUIDA 128 HP, CAPACIDADE DA CAÇAMBA 1,7 A 2,8 M3, PESO OPERACIONAL 11632 KG - MATERIAIS NA OPERAÇÃO. AF_06/2014","H",61.88]
[null,53861,"PÁ CARREGADEIRA SOBRE RODAS, POTÊNCIA 197 HP, CAPACIDADE DA CAÇAMBA 2,5 A 3,5 M3, PESO OPERACIONAL 18338 KG - MANUTENÇÃO. AF_06/2014","H",32.32]
[null,53863,"MARTELETE OU ROMPEDOR PNEUMÁTICO MANUAL, 28 KG, COM SILENCIADOR - MANUTENÇÃO. AF_07/2016","H",1.45]
[null,53865,"COMPRESSOR DE AR REBOCÁVEL, VAZÃO 189 PCM, PRESSÃO EFETIVA DE TRABALHO 102 PSI, MOTOR DIESEL, POTÊNCIA 63 CV - MATERIAIS NA OPERAÇÃO. AF_06/2015","H",30.06]
[null,53866,"BOMBA SUBMERSÍVEL ELÉTRICA TRIFÁSICA, POTÊNCIA 2,96 HP, Ø ROTOR 144 MM SEMI-ABERTO, BOCAL DE SAÍDA Ø 2\u0094, HM/Q = 2 MCA / 38,8 M3/H A 28 MCA / 5 M3/H - MATERIAIS NA OPERAÇÃO. AF_06/2014","H",0.9]
[null,53882,"CAMINHÃO PIPA 6.000 L, PESO BRUTO TOTAL 13.000 KG, DISTÂNCIA ENTRE EIXOS 4,80 M, POTÊNCIA 189 CV INCLUSIVE TANQUE DE AÇO PARA TRANSPORTE DE ÁGUA, CAPACIDADE 6 M3 - MANUTENÇÃO. AF_06/2014","H",14.63]
[null,55263,"ROLO COMPACTADOR DE PNEUS ESTÁTICO, PRESSÃO VARIÁVEL, POTÊNCIA 111 HP, PESO SEM/COM LASTRO 9,5 / 26 T, LARGURA DE TRABALHO 1,90 M - MATERIAIS NA OPERAÇÃO. AF_07/2014","H",53.67]
[null,73303,"GRUPO GERADOR ESTACIONÁRIO, MOTOR DIESEL POTÊNCIA 170 KVA - DEPRECIAÇÃO. AF_02/2016","H",2.98]
[null,73307,"GRUPO GERADOR ESTACIONÁRIO, MOTOR DIESEL POTÊNCIA 170 KVA - MANUTENÇÃO. AF_02/2016","H",2.66]
[null,73309,"ROLO COMPACTADOR VIBRATÓRIO PÉ DE CARNEIRO PARA SOLOS, POTÊNCIA 80 HP, PESO OPERACIONAL SEM/COM LASTRO 7,4 / 8,8 T, LARGURA DE TRABALHO 1,68 M - DEPRECIAÇÃO. AF_02/2016","H",13.82]
[null,73311,"GRUPO GERADOR ESTACIONÁRIO, MOTOR DIESEL POTÊNCIA 170 KVA - MATERIAIS NA OPERAÇÃO. AF_02/2016","H",101.52]
[null,73313,"ROLO COMPACTADOR VIBRATÓRIO PÉ DE CARNEIRO PARA SOLOS, POTÊNCIA 80 HP, PESO OPERACIONAL SEM/COM LASTRO 7,4 / 8,8 T, LARGURA DE TRABALHO 1,68 M - JUROS. AF_02/2016","H",3.63]
[null,73315,"ROLO COMPACTADOR VIBRATÓRIO PÉ DE CARNEIRO PARA SOLOS, POTÊNCIA 80 HP, PESO OPERACIONAL SEM/COM LASTRO 7,4 / 8,8 T, LARGURA DE TRABALHO 1,68 M - MATERIAIS NA OPERAÇÃO. AF_02/2016","H",38.659999999999997]
[null,73335,"CAMINHÃO TOCO, PBT 14.300 KG, CARGA ÚTIL MÁX. 9.710 KG, DIST. ENTRE EIXOS 3,56 M, POTÊNCIA 185 CV, INCLUSIVE CARROCERIA FIXA ABERTA DE MADEIRA P/ TRANSPORTE GERAL DE CARGA SECA, DIMEN. APROX. 2,50 X 6,50 X 0,50 M - MANUTENÇÃO. AF_06/2014","H",14.19]
[null,73340,"CAMINHÃO TOCO, PBT 14.300 KG, CARGA ÚTIL MÁX. 9.710 KG, DIST. ENTRE EIXOS 3,56 M, POTÊNCIA 185 CV, INCLUSIVE CARROCERIA FIXA ABERTA DE MADEIRA P/ TRANSPORTE GERAL DE CARGA SECA, DIMEN. APROX. 2,50 X 6,50 X 0,50 M - MATERIAIS NA OPERAÇÃO. AF_06/2014","H",88.23]
[null,83361,"ESPARGIDOR DE ASFALTO PRESSURIZADO, TANQUE 6 M3 COM ISOLAÇÃO TÉRMICA, AQUECIDO COM 2 MAÇARICOS, COM BARRA ESPARGIDORA 3,60 M, MONTADO SOBRE CAMINHÃO  TOCO, PBT 14.300 KG, POTÊNCIA 185 CV - MANUTENÇÃO. AF_08/2015","H",8.8699999999999992]
[null,83761,"GRUPO DE SOLDAGEM COM GERADOR A DIESEL 60 CV PARA SOLDA ELÉTRICA, SOBRE 04 RODAS, COM MOTOR 4 CILINDROS 600 A - DEPRECIAÇÃO. AF_02/2016","H",6.37]
[null,83762,"GRUPO DE SOLDAGEM COM GERADOR A DIESEL 60 CV PARA SOLDA ELÉTRICA, SOBRE 04 RODAS, COM MOTOR 4 CILINDROS 600 A - MANUTENÇÃO. AF_02/2016","H",7.96]
[null,83763,"GRUPO DE SOLDAGEM COM GERADOR A DIESEL 60 CV PARA SOLDA ELÉTRICA, SOBRE 04 RODAS, COM MOTOR 4 CILINDROS 600 A - MATERIAIS NA OPERAÇÃO. AF_02/2016","H",28.62]
[null,83764,"GRUPO DE SOLDAGEM COM GERADOR A DIESEL 60 CV PARA SOLDA ELÉTRICA, SOBRE 04 RODAS, COM MOTOR 4 CILINDROS 600 A - JUROS. AF_02/2016","H",1.43]
[null,87026,"GRADE DE DISCO REBOCÁVEL COM 20 DISCOS 24\" X 6 MM COM PNEUS PARA TRANSPORTE - JUROS. AF_06/2014","H",0.3]
[null,87441,"BETONEIRA CAPACIDADE NOMINAL 400 L, CAPACIDADE DE MISTURA 310 L, MOTOR A DIESEL POTÊNCIA 5,0 HP, SEM CARREGADOR - DEPRECIAÇÃO. AF_06/2014","H",0.31]
[null,87442,"BETONEIRA CAPACIDADE NOMINAL 400 L, CAPACIDADE DE MISTURA 310 L, MOTOR A DIESEL POTÊNCIA 5,0 HP, SEM CARREGADOR - JUROS. AF_06/2014","H",7.0000000000000007E-2]
[null,87443,"BETONEIRA CAPACIDADE NOMINAL 400 L, CAPACIDADE DE MISTURA 310 L, MOTOR A DIESEL POTÊNCIA 5,0 HP, SEM CARREGADOR - MANUTENÇÃO. AF_06/2014","H",0.28999999999999998]
[null,87444,"BETONEIRA CAPACIDADE NOMINAL 400 L, CAPACIDADE DE MISTURA 310 L, MOTOR A DIESEL POTÊNCIA 5,0 HP, SEM CARREGADOR - MATERIAIS NA OPERAÇÃO. AF_06/2014","H",2.41]
[null,88387,"MISTURADOR DE ARGAMASSA, EIXO HORIZONTAL, CAPACIDADE DE MISTURA 300 KG, MOTOR ELÉTRICO POTÊNCIA 5 CV - DEPRECIAÇÃO. AF_06/2014","H",0.6]
[null,88389,"MISTURADOR DE ARGAMASSA, EIXO HORIZONTAL, CAPACIDADE DE MISTURA 300 KG, MOTOR ELÉTRICO POTÊNCIA 5 CV - JUROS. AF_06/2014","H",0.13]
[null,88390,"MISTURADOR DE ARGAMASSA, EIXO HORIZONTAL, CAPACIDADE DE MISTURA 300 KG, MOTOR ELÉTRICO POTÊNCIA 5 CV - MANUTENÇÃO. AF_06/2014","H",0.76]
[null,88391,"MISTURADOR DE ARGAMASSA, EIXO HORIZONTAL, CAPACIDADE DE MISTURA 300 KG, MOTOR ELÉTRICO POTÊNCIA 5 CV - MATERIAIS NA OPERAÇÃO. AF_06/2014","H",1.47]
[null,88394,"MISTURADOR DE ARGAMASSA, EIXO HORIZONTAL, CAPACIDADE DE MISTURA 600 KG, MOTOR ELÉTRICO POTÊNCIA 7,5 CV - DEPRECIAÇÃO. AF_06/2014","H",0.72]
[null,88395,"MISTURADOR DE ARGAMASSA, EIXO HORIZONTAL, CAPACIDADE DE MISTURA 600 KG, MOTOR ELÉTRICO POTÊNCIA 7,5 CV - JUROS. AF_06/2014","H",0.16]
[null,88396,"MISTURADOR DE ARGAMASSA, EIXO HORIZONTAL, CAPACIDADE DE MISTURA 600 KG, MOTOR ELÉTRICO POTÊNCIA 7,5 CV - MANUTENÇÃO. AF_06/2014","H",0.9]
[null,88397,"MISTURADOR DE ARGAMASSA, EIXO HORIZONTAL, CAPACIDADE DE MISTURA 600 KG, MOTOR ELÉTRICO POTÊNCIA 7,5 CV - MATERIAIS NA OPERAÇÃO. AF_06/2014","H",2.2000000000000002]
[null,88400,"MISTURADOR DE ARGAMASSA, EIXO HORIZONTAL, CAPACIDADE DE MISTURA 160 KG, MOTOR ELÉTRICO POTÊNCIA 3 CV - DEPRECIAÇÃO. AF_06/2014","H",0.56999999999999995]
[null,88401,"MISTURADOR DE ARGAMASSA, EIXO HORIZONTAL, CAPACIDADE DE MISTURA 160 KG, MOTOR ELÉTRICO POTÊNCIA 3 CV - JUROS. AF_06/2014","H",0.12]
[null,88402,"MISTURADOR DE ARGAMASSA, EIXO HORIZONTAL, CAPACIDADE DE MISTURA 160 KG, MOTOR ELÉTRICO POTÊNCIA 3 CV - MANUTENÇÃO. AF_06/2014","H",0.71]
[null,88403,"MISTURADOR DE ARGAMASSA, EIXO HORIZONTAL, CAPACIDADE DE MISTURA 160 KG, MOTOR ELÉTRICO POTÊNCIA 3 CV - MATERIAIS NA OPERAÇÃO. AF_06/2014","H",0.88]
[null,88419,"PROJETOR DE ARGAMASSA, CAPACIDADE DE PROJEÇÃO 1,5 M3/H, ALCANCE DE 30 ATÉ 60 M, MOTOR ELÉTRICO POTÊNCIA 7,5 HP - DEPRECIAÇÃO. AF_06/2014","H",3.74]
[null,88422,"PROJETOR DE ARGAMASSA, CAPACIDADE DE PROJEÇÃO 1,5 M3/H, ALCANCE DE 30 ATÉ 60 M, MOTOR ELÉTRICO POTÊNCIA 7,5 HP - JUROS. AF_06/2014","H",0.84]
[null,88425,"PROJETOR DE ARGAMASSA, CAPACIDADE DE PROJEÇÃO 1,5 M3/H, ALCANCE DE 30 ATÉ 60 M, MOTOR ELÉTRICO POTÊNCIA 7,5 HP - MANUTENÇÃO. AF_06/2014","H",4.09]
[null,88427,"PROJETOR DE ARGAMASSA, CAPACIDADE DE PROJEÇÃO 1,5 M3/H, ALCANCE DE 30 ATÉ 60 M, MOTOR ELÉTRICO POTÊNCIA 7,5 HP - MATERIAIS NA OPERAÇÃO. AF_06/2014","H",2.23]
[null,88434,"PROJETOR DE ARGAMASSA, CAPACIDADE DE PROJEÇÃO 2 M3/H, ALCANCE ATÉ 50 M, MOTOR ELÉTRICO POTÊNCIA 7,5 HP - DEPRECIAÇÃO. AF_06/2014","H",4.96]
[null,88435,"PROJETOR DE ARGAMASSA, CAPACIDADE DE PROJEÇÃO 2 M3/H, ALCANCE ATÉ 50 M, MOTOR ELÉTRICO POTÊNCIA 7,5 HP - JUROS. AF_06/2014","H",1.1100000000000001]
[null,88436,"PROJETOR DE ARGAMASSA, CAPACIDADE DE PROJEÇÃO 2 M3/H, ALCANCE ATÉ 50 M, MOTOR ELÉTRICO POTÊNCIA 7,5 HP - MANUTENÇÃO. AF_06/2014","H",5.43]
[null,88437,"PROJETOR DE ARGAMASSA, CAPACIDADE DE PROJEÇÃO 2 M3/H, ALCANCE ATÉ 50 M, MOTOR ELÉTRICO POTÊNCIA 7,5 HP - MATERIAIS NA OPERAÇÃO. AF_06/2014","H",2.23]
[null,88569,"ESPARGIDOR DE ASFALTO PRESSURIZADO COM TANQUE DE 2500 L, REBOCÁVEL COM MOTOR A GASOLINA POTÊNCIA 3,4 HP - DEPRECIAÇÃO. AF_07/2014","H",2.16]
[null,88570,"ESPARGIDOR DE ASFALTO PRESSURIZADO COM TANQUE DE 2500 L, REBOCÁVEL COM MOTOR A GASOLINA POTÊNCIA 3,4 HP - JUROS. AF_07/2014","H",0.73]
[null,88826,"BETONEIRA CAPACIDADE NOMINAL DE 400 L, CAPACIDADE DE MISTURA 280 L, MOTOR ELÉTRICO TRIFÁSICO POTÊNCIA DE 2 CV, SEM CARREGADOR - DEPRECIAÇÃO. AF_10/2014","H",0.22]
[null,88827,"BETONEIRA CAPACIDADE NOMINAL DE 400 L, CAPACIDADE DE MISTURA 280 L, MOTOR ELÉTRICO TRIFÁSICO POTÊNCIA DE 2 CV, SEM CARREGADOR - JUROS. AF_10/2014","H",0.05]
[null,88828,"BETONEIRA CAPACIDADE NOMINAL DE 400 L, CAPACIDADE DE MISTURA 280 L, MOTOR ELÉTRICO TRIFÁSICO POTÊNCIA DE 2 CV, SEM CARREGADOR - MANUTENÇÃO. AF_10/2014","H",0.21]
[null,88829,"BETONEIRA CAPACIDADE NOMINAL DE 400 L, CAPACIDADE DE MISTURA 280 L, MOTOR ELÉTRICO TRIFÁSICO POTÊNCIA DE 2 CV, SEM CARREGADOR - MATERIAIS NA OPERAÇÃO. AF_10/2014","H",0.57999999999999996]
[null,88832,"ESCAVADEIRA HIDRÁULICA SOBRE ESTEIRAS, CAÇAMBA 0,80 M3, PESO OPERACIONAL 17,8 T, POTÊNCIA LÍQUIDA 110 HP - DEPRECIAÇÃO. AF_10/2014","H",21.95]
[null,88834,"ESCAVADEIRA HIDRÁULICA SOBRE ESTEIRAS, CAÇAMBA 0,80 M3, PESO OPERACIONAL 17,8 T, POTÊNCIA LÍQUIDA 110 HP - JUROS. AF_10/2014","H",5.64]
[null,88835,"ESCAVADEIRA HIDRÁULICA SOBRE ESTEIRAS, CAÇAMBA 0,80 M3, PESO OPERACIONAL 17,8 T, POTÊNCIA LÍQUIDA 110 HP - MANUTENÇÃO. AF_10/2014","H",27.44]
[null,88836,"ESCAVADEIRA HIDRÁULICA SOBRE ESTEIRAS, CAÇAMBA 0,80 M3, PESO OPERACIONAL 17,8 T, POTÊNCIA LÍQUIDA 110 HP - MATERIAIS NA OPERAÇÃO. AF_10/2014","H",53.17]
[null,88839,"TRATOR DE ESTEIRAS, POTÊNCIA 125 HP, PESO OPERACIONAL 12,9 T, COM LÂMINA 2,7 M3 - DEPRECIAÇÃO. AF_10/2014","H",16.940000000000001]
[null,88840,"TRATOR DE ESTEIRAS, POTÊNCIA 125 HP, PESO OPERACIONAL 12,9 T, COM LÂMINA 2,7 M3 - JUROS. AF_10/2014","H",7.24]
[null,88841,"TRATOR DE ESTEIRAS, POTÊNCIA 125 HP, PESO OPERACIONAL 12,9 T, COM LÂMINA 2,7 M3 - MANUTENÇÃO. AF_10/2014","H",30.29]
[null,88842,"TRATOR DE ESTEIRAS, POTÊNCIA 125 HP, PESO OPERACIONAL 12,9 T, COM LÂMINA 2,7 M3 - MATERIAIS NA OPERAÇÃO. AF_10/2014","H",60.44]
[null,88847,"USINA DE LAMA ASFÁLTICA, PROD 30 A 50 T/H, SILO DE AGREGADO 7 M3, RESERVATÓRIOS PARA EMULSÃO E ÁGUA DE 2,3 M3 CADA, MISTURADOR TIPO PUG MILL A SER MONTADO SOBRE CAMINHÃO - DEPRECIAÇÃO. AF_10/2014","H",12.78]
[null,88848,"USINA DE LAMA ASFÁLTICA, PROD 30 A 50 T/H, SILO DE AGREGADO 7 M3, RESERVATÓRIOS PARA EMULSÃO E ÁGUA DE 2,3 M3 CADA, MISTURADOR TIPO PUG MILL A SER MONTADO SOBRE CAMINHÃO - JUROS. AF_10/2014","H",5.0999999999999996]
[null,88853,"MOTOBOMBA CENTRÍFUGA, MOTOR A GASOLINA, POTÊNCIA 5,42 HP, BOCAIS 1 1/2\" X 1\", DIÂMETRO ROTOR 143 MM HM/Q = 6 MCA / 16,8 M3/H A 38 MCA / 6,6 M3/H - DEPRECIAÇÃO. AF_06/2014","H",0.13]
[null,88854,"MOTOBOMBA CENTRÍFUGA, MOTOR A GASOLINA, POTÊNCIA 5,42 HP, BOCAIS 1 1/2\" X 1\", DIÂMETRO ROTOR 143 MM HM/Q = 6 MCA / 16,8 M3/H A 38 MCA / 6,6 M3/H - JUROS. AF_06/2014","H",0.03]
[null,88855,"GRADE DE DISCO CONTROLE REMOTO REBOCÁVEL, COM 24 DISCOS 24\u0094 X 6 MM COM PNEUS PARA TRANSPORTE - DEPRECIAÇÃO. AF_06/2014","H",1.46]
[null,88856,"GRADE DE DISCO CONTROLE REMOTO REBOCÁVEL, COM 24 DISCOS 24\u0094 X 6 MM COM PNEUS PARA TRANSPORTE - JUROS. AF_06/2014","H",0.39]
[null,88857,"RETROESCAVADEIRA SOBRE RODAS COM CARREGADEIRA, TRAÇÃO 4X4, POTÊNCIA LÍQ. 88 HP, CAÇAMBA CARREG. CAP. MÍN. 1 M3, CAÇAMBA RETRO CAP. 0,26 M3, PESO OPERACIONAL MÍN. 6.674 KG, PROFUNDIDADE ESCAVAÇÃO MÁX. 4,37 M - DEPRECIAÇÃO. AF_06/2014","H",13.64]
[null,88858,"RETROESCAVADEIRA SOBRE RODAS COM CARREGADEIRA, TRAÇÃO 4X4, POTÊNCIA LÍQ. 88 HP, CAÇAMBA CARREG. CAP. MÍN. 1 M3, CAÇAMBA RETRO CAP. 0,26 M3, PESO OPERACIONAL MÍN. 6.674 KG, PROFUNDIDADE ESCAVAÇÃO MÁX. 4,37 M - JUROS. AF_06/2014","H",3.5]
[null,88859,"RETROESCAVADEIRA SOBRE RODAS COM CARREGADEIRA, TRAÇÃO 4X2, POTÊNCIA LÍQ. 79 HP, CAÇAMBA CARREG. CAP. MÍN. 1 M3, CAÇAMBA RETRO CAP. 0,20 M3, PESO OPERACIONAL MÍN. 6.570 KG, PROFUNDIDADE ESCAVAÇÃO MÁX. 4,37 M - DEPRECIAÇÃO. AF_06/2014","H",12.13]
[null,88860,"RETROESCAVADEIRA SOBRE RODAS COM CARREGADEIRA, TRAÇÃO 4X2, POTÊNCIA LÍQ. 79 HP, CAÇAMBA CARREG. CAP. MÍN. 1 M3, CAÇAMBA RETRO CAP. 0,20 M3, PESO OPERACIONAL MÍN. 6.570 KG, PROFUNDIDADE ESCAVAÇÃO MÁX. 4,37 M - JUROS. AF_06/2014","H",3.11]
[null,88900,"ESCAVADEIRA HIDRÁULICA SOBRE ESTEIRAS, CAÇAMBA 1,20 M3, PESO OPERACIONAL 21 T, POTÊNCIA BRUTA 155 HP - DEPRECIAÇÃO. AF_06/2014","H",25.6]
[null,88902,"ESCAVADEIRA HIDRÁULICA SOBRE ESTEIRAS, CAÇAMBA 1,20 M3, PESO OPERACIONAL 21 T, POTÊNCIA BRUTA 155 HP - JUROS. AF_06/2014","H",6.58]
[null,88903,"ESCAVADEIRA HIDRÁULICA SOBRE ESTEIRAS, CAÇAMBA 1,20 M3, PESO OPERACIONAL 21 T, POTÊNCIA BRUTA 155 HP - MANUTENÇÃO. AF_06/2014","H",32]
[null,88904,"ESCAVADEIRA HIDRÁULICA SOBRE ESTEIRAS, CAÇAMBA 1,20 M3, PESO OPERACIONAL 21 T, POTÊNCIA BRUTA 155 HP - MATERIAIS NA OPERAÇÃO. AF_06/2014","H",74.91]
[null,89009,"TRATOR DE ESTEIRAS, POTÊNCIA 150 HP, PESO OPERACIONAL 16,7 T, COM RODA MOTRIZ ELEVADA E LÂMINA 3,18 M3 - DEPRECIAÇÃO. AF_06/2014","H",20.99]
[null,89010,"TRATOR DE ESTEIRAS, POTÊNCIA 150 HP, PESO OPERACIONAL 16,7 T, COM RODA MOTRIZ ELEVADA E LÂMINA 3,18 M3 - JUROS. AF_06/2014","H",8.9700000000000006]
[null,89011,"RETROESCAVADEIRA SOBRE RODAS COM CARREGADEIRA, TRAÇÃO 4X4, POTÊNCIA LÍQ. 72 HP, CAÇAMBA CARREG. CAP. MÍN. 0,79 M3, CAÇAMBA RETRO CAP. 0,18 M3, PESO OPERACIONAL MÍN. 7.140 KG, PROFUNDIDADE ESCAVAÇÃO MÁX. 4,50 M - DEPRECIAÇÃO. AF_06/2014","H",13.16]
[null,89012,"RETROESCAVADEIRA SOBRE RODAS COM CARREGADEIRA, TRAÇÃO 4X4, POTÊNCIA LÍQ. 72 HP, CAÇAMBA CARREG. CAP. MÍN. 0,79 M3, CAÇAMBA RETRO CAP. 0,18 M3, PESO OPERACIONAL MÍN. 7.140 KG, PROFUNDIDADE ESCAVAÇÃO MÁX. 4,50 M - JUROS. AF_06/2014","H",3.38]
[null,89013,"TRATOR DE ESTEIRAS, POTÊNCIA 347 HP, PESO OPERACIONAL 38,5 T, COM LÂMINA 8,70 M3 - DEPRECIAÇÃO. AF_06/2014","H",68.760000000000005]
[null,89014,"TRATOR DE ESTEIRAS, POTÊNCIA 347 HP, PESO OPERACIONAL 38,5 T, COM LÂMINA 8,70 M3 - JUROS. AF_06/2014","H",29.4]
[null,89015,"VASSOURA MECÂNICA REBOCÁVEL COM ESCOVA CILÍNDRICA, LARGURA ÚTIL DE VARRIMENTO DE 2,44 M - DEPRECIAÇÃO. AF_06/2014","H",1.69]
[null,89016,"VASSOURA MECÂNICA REBOCÁVEL COM ESCOVA CILÍNDRICA, LARGURA ÚTIL DE VARRIMENTO DE 2,44 M - JUROS. AF_06/2014","H",0.43]
[null,89017,"TRATOR DE ESTEIRAS, POTÊNCIA 170 HP, PESO OPERACIONAL 19 T, CAÇAMBA 5,2 M3 - DEPRECIAÇÃO. AF_06/2014","H",20.86]
[null,89018,"TRATOR DE ESTEIRAS, POTÊNCIA 170 HP, PESO OPERACIONAL 19 T, CAÇAMBA 5,2 M3 - JUROS. AF_06/2014","H",8.92]
[null,89019,"BOMBA SUBMERSÍVEL ELÉTRICA TRIFÁSICA, POTÊNCIA 2,96 HP, Ø ROTOR 144 MM SEMI-ABERTO, BOCAL DE SAÍDA Ø 2\u0094, HM/Q = 2 MCA / 38,8 M3/H A 28 MCA / 5 M3/H - DEPRECIAÇÃO. AF_06/2014","H",0.23]
[null,89020,"BOMBA SUBMERSÍVEL ELÉTRICA TRIFÁSICA, POTÊNCIA 2,96 HP, Ø ROTOR 144 MM SEMI-ABERTO, BOCAL DE SAÍDA Ø 2\u0094, HM/Q = 2 MCA / 38,8 M3/H A 28 MCA / 5 M3/H - JUROS. AF_06/2014","H",0.05]
[null,89023,"TANQUE DE ASFALTO ESTACIONÁRIO COM MAÇARICO, CAPACIDADE 20.000 L - DEPRECIAÇÃO. AF_06/2014","H",1.87]
[null,89024,"TANQUE DE ASFALTO ESTACIONÁRIO COM MAÇARICO, CAPACIDADE 20.000 L - JUROS. AF_06/2014","H",0.74]
[null,89025,"TANQUE DE ASFALTO ESTACIONÁRIO COM MAÇARICO, CAPACIDADE 20.000 L - MANUTENÇÃO. AF_06/2014","H",3.5]
[null,89026,"TANQUE DE ASFALTO ESTACIONÁRIO COM MAÇARICO, CAPACIDADE 20.000 L - MATERIAIS NA OPERAÇÃO. AF_06/2014","H",143.78]
[null,89029,"TRATOR DE ESTEIRAS, POTÊNCIA 100 HP, PESO OPERACIONAL 9,4 T, COM LÂMINA 2,19 M3 - DEPRECIAÇÃO. AF_06/2014","H",16.190000000000001]
[null,89030,"TRATOR DE ESTEIRAS, POTÊNCIA 100 HP, PESO OPERACIONAL 9,4 T, COM LÂMINA 2,19 M3 - JUROS. AF_06/2014","H",6.92]
[null,89033,"TRATOR DE PNEUS, POTÊNCIA 85 CV, TRAÇÃO 4X4, PESO COM LASTRO DE 4.675 KG - DEPRECIAÇÃO. AF_06/2014","H",6.39]
[null,89034,"TRATOR DE PNEUS, POTÊNCIA 85 CV, TRAÇÃO 4X4, PESO COM LASTRO DE 4.675 KG - JUROS. AF_06/2014","H",1.68]
[null,89128,"PÁ CARREGADEIRA SOBRE RODAS, POTÊNCIA LÍQUIDA 128 HP, CAPACIDADE DA CAÇAMBA 1,7 A 2,8 M3, PESO OPERACIONAL 11632 KG - DEPRECIAÇÃO. AF_06/2014","H",18.64]
[null,89129,"PÁ CARREGADEIRA SOBRE RODAS, POTÊNCIA LÍQUIDA 128 HP, CAPACIDADE DA CAÇAMBA 1,7 A 2,8 M3, PESO OPERACIONAL 11632 KG - JUROS. AF_06/2014","H",4.79]
[null,89130,"PÁ CARREGADEIRA SOBRE RODAS, POTÊNCIA 197 HP, CAPACIDADE DA CAÇAMBA 2,5 A 3,5 M3, PESO OPERACIONAL 18338 KG - DEPRECIAÇÃO. AF_06/2014","H",25.85]
[null,89131,"PÁ CARREGADEIRA SOBRE RODAS, POTÊNCIA 197 HP, CAPACIDADE DA CAÇAMBA 2,5 A 3,5 M3, PESO OPERACIONAL 18338 KG - JUROS. AF_06/2014","H",6.64]
[null,89210,"ROLO COMPACTADOR VIBRATÓRIO DE UM CILINDRO AÇO LISO, POTÊNCIA 80 HP, PESO OPERACIONAL MÁXIMO 8,1 T, IMPACTO DINÂMICO 16,15 / 9,5 T, LARGURA DE TRABALHO 1,68 M - DEPRECIAÇÃO. AF_06/2014","H",13.3]
[null,89211,"ROLO COMPACTADOR VIBRATÓRIO DE UM CILINDRO AÇO LISO, POTÊNCIA 80 HP, PESO OPERACIONAL MÁXIMO 8,1 T, IMPACTO DINÂMICO 16,15 / 9,5 T, LARGURA DE TRABALHO 1,68 M - JUROS. AF_06/2014","H",3.49]
[null,89212,"BATE-ESTACAS POR GRAVIDADE, POTÊNCIA DE 160 HP, PESO DO MARTELO ATÉ 3 TONELADAS - DEPRECIAÇÃO. AF_11/2014","H",13.66]
[null,89213,"BATE-ESTACAS POR GRAVIDADE, POTÊNCIA DE 160 HP, PESO DO MARTELO ATÉ 3 TONELADAS - JUROS. AF_11/2014","H",4.09]
[null,89214,"BATE-ESTACAS POR GRAVIDADE, POTÊNCIA DE 160 HP, PESO DO MARTELO ATÉ 3 TONELADAS - MANUTENÇÃO. AF_11/2014","H",12.82]
[null,89215,"BATE-ESTACAS POR GRAVIDADE, POTÊNCIA DE 160 HP, PESO DO MARTELO ATÉ 3 TONELADAS - MATERIAIS NA OPERAÇÃO. AF_11/2014","H",77.36]
[null,89221,"BETONEIRA CAPACIDADE NOMINAL DE 600 L, CAPACIDADE DE MISTURA 360 L, MOTOR ELÉTRICO TRIFÁSICO POTÊNCIA DE 4 CV, SEM CARREGADOR - DEPRECIAÇÃO. AF_11/2014","H",0.93]
[null,89222,"BETONEIRA CAPACIDADE NOMINAL DE 600 L, CAPACIDADE DE MISTURA 360 L, MOTOR ELÉTRICO TRIFÁSICO POTÊNCIA DE 4 CV, SEM CARREGADOR - JUROS. AF_11/2014","H",0.21]
[null,89223,"BETONEIRA CAPACIDADE NOMINAL DE 600 L, CAPACIDADE DE MISTURA 360 L, MOTOR ELÉTRICO TRIFÁSICO POTÊNCIA DE 4 CV, SEM CARREGADOR - MANUTENÇÃO. AF_11/2014","H",0.87]
[null,89224,"BETONEIRA CAPACIDADE NOMINAL DE 600 L, CAPACIDADE DE MISTURA 360 L, MOTOR ELÉTRICO TRIFÁSICO POTÊNCIA DE 4 CV, SEM CARREGADOR - MATERIAIS NA OPERAÇÃO. AF_11/2014","H",1.17]
[null,89228,"MOTONIVELADORA POTÊNCIA BÁSICA LÍQUIDA (PRIMEIRA MARCHA) 125 HP, PESO BRUTO 13032 KG, LARGURA DA LÂMINA DE 3,7 M - DEPRECIAÇÃO. AF_06/2014","H",21.93]
[null,89229,"MOTONIVELADORA POTÊNCIA BÁSICA LÍQUIDA (PRIMEIRA MARCHA) 125 HP, PESO BRUTO 13032 KG, LARGURA DA LÂMINA DE 3,7 M - JUROS. AF_06/2014","H",7.51]
[null,89230,"FRESADORA DE ASFALTO A FRIO SOBRE RODAS, LARGURA FRESAGEM DE 1,0 M, POTÊNCIA 208 HP - DEPRECIAÇÃO. AF_11/2014","H",55.98]
[null,89231,"FRESADORA DE ASFALTO A FRIO SOBRE RODAS, LARGURA FRESAGEM DE 1,0 M, POTÊNCIA 208 HP - JUROS. AF_11/2014","H",16.78]
[null,89232,"FRESADORA DE ASFALTO A FRIO SOBRE RODAS, LARGURA FRESAGEM DE 1,0 M, POTÊNCIA 208 HP - MANUTENÇÃO. AF_11/2014","H",99.86]
[null,89233,"FRESADORA DE ASFALTO A FRIO SOBRE RODAS, LARGURA FRESAGEM DE 1,0 M, POTÊNCIA 208 HP - MATERIAIS NA OPERAÇÃO. AF_11/2014","H",100.54]
[null,89236,"FRESADORA DE ASFALTO A FRIO SOBRE RODAS, LARGURA FRESAGEM DE 2,0 M, POTÊNCIA 550 HP - DEPRECIAÇÃO. AF_11/2014","H",130.78]
[null,89237,"FRESADORA DE ASFALTO A FRIO SOBRE RODAS, LARGURA FRESAGEM DE 2,0 M, POTÊNCIA 550 HP - JUROS. AF_11/2014","H",39.200000000000003]
[null,89238,"FRESADORA DE ASFALTO A FRIO SOBRE RODAS, LARGURA FRESAGEM DE 2,0 M, POTÊNCIA 550 HP - MANUTENÇÃO. AF_11/2014","H",233.27]
[null,89239,"FRESADORA DE ASFALTO A FRIO SOBRE RODAS, LARGURA FRESAGEM DE 2,0 M, POTÊNCIA 550 HP - MATERIAIS NA OPERAÇÃO. AF_11/2014","H",265.89]
[null,89240,"VIBROACABADORA DE ASFALTO SOBRE ESTEIRAS, LARGURA DE PAVIMENTAÇÃO 1,90 M A 5,30 M, POTÊNCIA 105 HP CAPACIDADE 450 T/H - DEPRECIAÇÃO. AF_11/2014","H",40.130000000000003]
[null,89241,"VIBROACABADORA DE ASFALTO SOBRE ESTEIRAS, LARGURA DE PAVIMENTAÇÃO 1,90 M A 5,30 M, POTÊNCIA 105 HP CAPACIDADE 450 T/H - JUROS. AF_11/2014","H",13.74]
[null,89246,"RECICLADORA DE ASFALTO A FRIO SOBRE RODAS, LARGURA FRESAGEM DE 2,0 M, POTÊNCIA 422 HP - DEPRECIAÇÃO. AF_11/2014","H",113.64]
[null,89247,"RECICLADORA DE ASFALTO A FRIO SOBRE RODAS, LARGURA FRESAGEM DE 2,0 M, POTÊNCIA 422 HP - JUROS. AF_11/2014","H",34.06]
[null,89248,"RECICLADORA DE ASFALTO A FRIO SOBRE RODAS, LARGURA FRESAGEM DE 2,0 M, POTÊNCIA 422 HP - MANUTENÇÃO. AF_11/2014","H",202.7]
[null,89249,"RECICLADORA DE ASFALTO A FRIO SOBRE RODAS, LARGURA FRESAGEM DE 2,0 M, POTÊNCIA 422 HP - MATERIAIS NA OPERAÇÃO. AF_11/2014","H",204.01]
[null,89253,"VIBROACABADORA DE ASFALTO SOBRE ESTEIRAS, LARGURA DE PAVIMENTAÇÃO 2,13 M A 4,55 M, POTÊNCIA 100 HP, CAPACIDADE 400 T/H - DEPRECIAÇÃO. AF_11/2014","H",32.89]
[null,89254,"VIBROACABADORA DE ASFALTO SOBRE ESTEIRAS, LARGURA DE PAVIMENTAÇÃO 2,13 M A 4,55 M, POTÊNCIA 100 HP, CAPACIDADE 400 T/H - JUROS. AF_11/2014","H",11.26]
[null,89255,"VIBROACABADORA DE ASFALTO SOBRE ESTEIRAS, LARGURA DE PAVIMENTAÇÃO 2,13 M A 4,55 M, POTÊNCIA 100 HP, CAPACIDADE 400 T/H - MANUTENÇÃO. AF_11/2014","H",52.87]
[null,89256,"VIBROACABADORA DE ASFALTO SOBRE ESTEIRAS, LARGURA DE PAVIMENTAÇÃO 2,13 M A 4,55 M, POTÊNCIA 100 HP, CAPACIDADE 400 T/H - MATERIAIS NA OPERAÇÃO. AF_11/2014","H",48.34]
[null,89259,"GUINDAUTO HIDRÁULICO, CAPACIDADE MÁXIMA DE CARGA 6200 KG, MOMENTO MÁXIMO DE CARGA 11,7 TM, ALCANCE MÁXIMO HORIZONTAL 9,70 M, INCLUSIVE CAMINHÃO TOCO PBT 16.000 KG, POTÊNCIA DE 189 CV - DEPRECIAÇÃO. AF_06/2014","H",8.14]
[null,89260,"GUINDAUTO HIDRÁULICO, CAPACIDADE MÁXIMA DE CARGA 6200 KG, MOMENTO MÁXIMO DE CARGA 11,7 TM, ALCANCE MÁXIMO HORIZONTAL 9,70 M, INCLUSIVE CAMINHÃO TOCO PBT 16.000 KG, POTÊNCIA DE 189 CV - JUROS. AF_06/2014","H",3.25]
[null,89262,"GUINDAUTO HIDRÁULICO, CAPACIDADE MÁXIMA DE CARGA 6200 KG, MOMENTO MÁXIMO DE CARGA 11,7 TM, ALCANCE MÁXIMO HORIZONTAL 9,70 M, INCLUSIVE CAMINHÃO TOCO PBT 16.000 KG, POTÊNCIA DE 189 CV - MANUTENÇÃO. AF_06/2014","H",15.27]
[null,89264,"CAMINHÃO TOCO, PBT 16.000 KG, CARGA ÚTIL MÁX. 10.685 KG, DIST. ENTRE EIXOS 4,8 M, POTÊNCIA 189 CV, INCLUSIVE CARROCERIA FIXA ABERTA DE MADEIRA P/ TRANSPORTE GERAL DE CARGA SECA, DIMEN. APROX. 2,5 X 7,00 X 0,50 M - DEPRECIAÇÃO. AF_06/2014","H",6.37]
[null,89265,"CAMINHÃO TOCO, PBT 16.000 KG, CARGA ÚTIL MÁX. 10.685 KG, DIST. ENTRE EIXOS 4,8 M, POTÊNCIA 189 CV, INCLUSIVE CARROCERIA FIXA ABERTA DE MADEIRA P/ TRANSPORTE GERAL DE CARGA SECA, DIMEN. APROX. 2,5 X 7,00 X 0,50 M - JUROS. AF_06/2014","H",2.54]
[null,89266,"CAMINHÃO TOCO, PBT 16.000 KG, CARGA ÚTIL MÁX. 10.685 KG, DIST. ENTRE EIXOS 4,8 M, POTÊNCIA 189 CV, INCLUSIVE CARROCERIA FIXA ABERTA DE MADEIRA P/ TRANSPORTE GERAL DE CARGA SECA, DIMEN. APROX. 2,5 X 7,00 X 0,50 M - IMPOSTOS E SEGUROS. AF_06/2014","H",0.52]
[null,89267,"GUINDASTE HIDRÁULICO AUTOPROPELIDO, COM LANÇA TELESCÓPICA 28,80 M, CAPACIDADE MÁXIMA 30 T, POTÊNCIA 97 KW, TRAÇÃO 4 X 4 - DEPRECIAÇÃO. AF_11/2014","H",23.78]
[null,89268,"GUINDASTE HIDRÁULICO AUTOPROPELIDO, COM LANÇA TELESCÓPICA 28,80 M, CAPACIDADE MÁXIMA 30 T, POTÊNCIA 97 KW, TRAÇÃO 4 X 4 - JUROS. AF_11/2014","H",8.14]
[null,89269,"GUINDASTE HIDRÁULICO AUTOPROPELIDO, COM LANÇA TELESCÓPICA 28,80 M, CAPACIDADE MÁXIMA 30 T, POTÊNCIA 97 KW, TRAÇÃO 4 X 4 - IMPOSTOS E SEGUROS. AF_11/2014","H",1.66]
[null,89270,"GUINDASTE HIDRÁULICO AUTOPROPELIDO, COM LANÇA TELESCÓPICA 28,80 M, CAPACIDADE MÁXIMA 30 T, POTÊNCIA 97 KW, TRAÇÃO 4 X 4 - MANUTENÇÃO. AF_11/2014","H",38.24]
[null,89271,"GUINDASTE HIDRÁULICO AUTOPROPELIDO, COM LANÇA TELESCÓPICA 28,80 M, CAPACIDADE MÁXIMA 30 T, POTÊNCIA 97 KW, TRAÇÃO 4 X 4 - MATERIAIS NA OPERAÇÃO. AF_11/2014","H",62.85]
[null,89274,"BETONEIRA CAPACIDADE NOMINAL DE 600 L, CAPACIDADE DE MISTURA 440 L, MOTOR A DIESEL POTÊNCIA 10 HP, COM CARREGADOR - DEPRECIAÇÃO. AF_11/2014","H",1.1299999999999999]
[null,89275,"BETONEIRA CAPACIDADE NOMINAL DE 600 L, CAPACIDADE DE MISTURA 440 L, MOTOR A DIESEL POTÊNCIA 10 HP, COM CARREGADOR - JUROS. AF_11/2014","H",0.25]
[null,89276,"BETONEIRA CAPACIDADE NOMINAL DE 600 L, CAPACIDADE DE MISTURA 440 L, MOTOR A DIESEL POTÊNCIA 10 HP, COM CARREGADOR - MANUTENÇÃO. AF_11/2014","H",1.06]
[null,89277,"BETONEIRA CAPACIDADE NOMINAL DE 600 L, CAPACIDADE DE MISTURA 440 L, MOTOR A DIESEL POTÊNCIA 10 HP, COM CARREGADOR - MATERIAIS NA OPERAÇÃO. AF_11/2014","H",4.82]
[null,89280,"ROLO COMPACTADOR VIBRATÓRIO TANDEM AÇO LISO, POTÊNCIA 58 HP, PESO SEM/COM LASTRO 6,5 / 9,4 T, LARGURA DE TRABALHO 1,2 M - DEPRECIAÇÃO. AF_06/2014","H",16.329999999999998]
[null,89281,"ROLO COMPACTADOR VIBRATÓRIO TANDEM AÇO LISO, POTÊNCIA 58 HP, PESO SEM/COM LASTRO 6,5 / 9,4 T, LARGURA DE TRABALHO 1,2 M - JUROS. AF_06/2014","H",4.28]
[null,89870,"CAMINHÃO BASCULANTE 14 M3, COM CAVALO MECÂNICO DE CAPACIDADE MÁXIMA DE TRAÇÃO COMBINADO DE 36000 KG, POTÊNCIA 286 CV, INCLUSIVE SEMIREBOQUE COM CAÇAMBA METÁLICA - DEPRECIAÇÃO. AF_12/2014","H",18.12]
[null,89871,"CAMINHÃO BASCULANTE 14 M3, COM CAVALO MECÂNICO DE CAPACIDADE MÁXIMA DE TRAÇÃO COMBINADO DE 36000 KG, POTÊNCIA 286 CV, INCLUSIVE SEMIREBOQUE COM CAÇAMBA METÁLICA - JUROS. AF_12/2014","H",6.33]
[null,89872,"CAMINHÃO BASCULANTE 14 M3, COM CAVALO MECÂNICO DE CAPACIDADE MÁXIMA DE TRAÇÃO COMBINADO DE 36000 KG, POTÊNCIA 286 CV, INCLUSIVE SEMIREBOQUE COM CAÇAMBA METÁLICA - IMPOSTOS E SEGUROS. AF_12/2014","H",1.3]
[null,89873,"CAMINHÃO BASCULANTE 14 M3, COM CAVALO MECÂNICO DE CAPACIDADE MÁXIMA DE TRAÇÃO COMBINADO DE 36000 KG, POTÊNCIA 286 CV, INCLUSIVE SEMIREBOQUE COM CAÇAMBA METÁLICA - MANUTENÇÃO. AF_12/2014","H",33.979999999999997]
[null,89874,"CAMINHÃO BASCULANTE 14 M3, COM CAVALO MECÂNICO DE CAPACIDADE MÁXIMA DE TRAÇÃO COMBINADO DE 36000 KG, POTÊNCIA 286 CV, INCLUSIVE SEMIREBOQUE COM CAÇAMBA METÁLICA - MATERIAIS NA OPERAÇÃO. AF_12/2014","H",136.4]
[null,89878,"CAMINHÃO BASCULANTE 18 M3, COM CAVALO MECÂNICO DE CAPACIDADE MÁXIMA DE TRAÇÃO COMBINADO DE 45000 KG, POTÊNCIA 330 CV, INCLUSIVE SEMIREBOQUE COM CAÇAMBA METÁLICA - DEPRECIAÇÃO. AF_12/2014","H",19.04]
[null,89879,"CAMINHÃO BASCULANTE 18 M3, COM CAVALO MECÂNICO DE CAPACIDADE MÁXIMA DE TRAÇÃO COMBINADO DE 45000 KG, POTÊNCIA 330 CV, INCLUSIVE SEMIREBOQUE COM CAÇAMBA METÁLICA - JUROS. AF_12/2014","H",6.65]
[null,89880,"CAMINHÃO BASCULANTE 18 M3, COM CAVALO MECÂNICO DE CAPACIDADE MÁXIMA DE TRAÇÃO COMBINADO DE 45000 KG, POTÊNCIA 330 CV, INCLUSIVE SEMIREBOQUE COM CAÇAMBA METÁLICA - IMPOSTOS E SEGUROS. AF_12/2014","H",1.37]
[null,89881,"CAMINHÃO BASCULANTE 18 M3, COM CAVALO MECÂNICO DE CAPACIDADE MÁXIMA DE TRAÇÃO COMBINADO DE 45000 KG, POTÊNCIA 330 CV, INCLUSIVE SEMIREBOQUE COM CAÇAMBA METÁLICA - MANUTENÇÃO. AF_12/2014","H",35.700000000000003]
[null,89882,"CAMINHÃO BASCULANTE 18 M3, COM CAVALO MECÂNICO DE CAPACIDADE MÁXIMA DE TRAÇÃO COMBINADO DE 45000 KG, POTÊNCIA 330 CV, INCLUSIVE SEMIREBOQUE COM CAÇAMBA METÁLICA - MATERIAIS NA OPERAÇÃO. AF_12/2014","H",157.38999999999999]
[null,90582,"VIBRADOR DE IMERSÃO, DIÂMETRO DE PONTEIRA 45MM, MOTOR ELÉTRICO TRIFÁSICO POTÊNCIA DE 2 CV - DEPRECIAÇÃO. AF_06/2015","H",0.25]
[null,90583,"VIBRADOR DE IMERSÃO, DIÂMETRO DE PONTEIRA 45MM, MOTOR ELÉTRICO TRIFÁSICO POTÊNCIA DE 2 CV - JUROS. AF_06/2015","H",0.05]
[null,90584,"VIBRADOR DE IMERSÃO, DIÂMETRO DE PONTEIRA 45MM, MOTOR ELÉTRICO TRIFÁSICO POTÊNCIA DE 2 CV - MANUTENÇÃO. AF_06/2015","H",0.19]
[null,90585,"VIBRADOR DE IMERSÃO, DIÂMETRO DE PONTEIRA 45MM, MOTOR ELÉTRICO TRIFÁSICO POTÊNCIA DE 2 CV - MATERIAIS NA OPERAÇÃO. AF_06/2015","H",0.57999999999999996]
[null,90621,"PERFURATRIZ MANUAL, TORQUE MÁXIMO 83 N.M, POTÊNCIA 5 CV, COM DIÂMETRO MÁXIMO 4\" - DEPRECIAÇÃO. AF_06/2015","H",1.55]
[null,90622,"PERFURATRIZ MANUAL, TORQUE MÁXIMO 83 N.M, POTÊNCIA 5 CV, COM DIÂMETRO MÁXIMO 4\" - JUROS. AF_06/2015","H",0.34]
[null,90623,"PERFURATRIZ MANUAL, TORQUE MÁXIMO 83 N.M, POTÊNCIA 5 CV, COM DIÂMETRO MÁXIMO 4\" - MANUTENÇÃO. AF_06/2015","H",1.94]
[null,90624,"PERFURATRIZ MANUAL, TORQUE MÁXIMO 83 N.M, POTÊNCIA 5 CV, COM DIÂMETRO MÁXIMO 4\" - MATERIAIS NA OPERAÇÃO. AF_06/2015","H",1.47]
[null,90627,"PERFURATRIZ SOBRE ESTEIRA, TORQUE MÁXIMO 600 KGF, PESO MÉDIO 1000 KG, POTÊNCIA 20 HP, DIÂMETRO MÁXIMO 10\" - DEPRECIAÇÃO. AF_06/2015","H",23.42]
[null,90628,"PERFURATRIZ SOBRE ESTEIRA, TORQUE MÁXIMO 600 KGF, PESO MÉDIO 1000 KG, POTÊNCIA 20 HP, DIÂMETRO MÁXIMO 10\" - JUROS. AF_06/2015","H",6.15]
[null,90629,"PERFURATRIZ SOBRE ESTEIRA, TORQUE MÁXIMO 600 KGF, PESO MÉDIO 1000 KG, POTÊNCIA 20 HP, DIÂMETRO MÁXIMO 10\" - MANUTENÇÃO. AF_06/2015","H",29.31]
[null,90630,"PERFURATRIZ SOBRE ESTEIRA, TORQUE MÁXIMO 600 KGF, PESO MÉDIO 1000 KG, POTÊNCIA 20 HP, DIÂMETRO MÁXIMO 10\" - MATERIAIS NA OPERAÇÃO. AF_06/2015","H",5.95]
[null,90633,"MISTURADOR DUPLO HORIZONTAL DE ALTA TURBULÊNCIA, CAPACIDADE / VOLUME 2 X 500 LITROS, MOTORES ELÉTRICOS MÍNIMO 5 CV CADA, PARA NATA CIMENTO, ARGAMASSA E OUTROS - DEPRECIAÇÃO. AF_06/2015","H",2.88]
[null,90634,"MISTURADOR DUPLO HORIZONTAL DE ALTA TURBULÊNCIA, CAPACIDADE / VOLUME 2 X 500 LITROS, MOTORES ELÉTRICOS MÍNIMO 5 CV CADA, PARA NATA CIMENTO, ARGAMASSA E OUTROS - JUROS. AF_06/2015","H",0.64]
[null,90635,"MISTURADOR DUPLO HORIZONTAL DE ALTA TURBULÊNCIA, CAPACIDADE / VOLUME 2 X 500 LITROS, MOTORES ELÉTRICOS MÍNIMO 5 CV CADA, PARA NATA CIMENTO, ARGAMASSA E OUTROS - MANUTENÇÃO. AF_06/2015","H",3.15]
[null,90636,"MISTURADOR DUPLO HORIZONTAL DE ALTA TURBULÊNCIA, CAPACIDADE / VOLUME 2 X 500 LITROS, MOTORES ELÉTRICOS MÍNIMO 5 CV CADA, PARA NATA CIMENTO, ARGAMASSA E OUTROS - MATERIAIS NA OPERAÇÃO. AF_06/2015","H",2.94]
[null,90639,"BOMBA TRIPLEX, PARA INJEÇÃO DE NATA DE CIMENTO, VAZÃO MÁXIMA DE 100 LITROS/MINUTO, PRESSÃO MÁXIMA DE 70 BAR - DEPRECIAÇÃO. AF_06/2015","H",4.3]
[null,90640,"BOMBA TRIPLEX, PARA INJEÇÃO DE NATA DE CIMENTO, VAZÃO MÁXIMA DE 100 LITROS/MINUTO, PRESSÃO MÁXIMA DE 70 BAR - JUROS. AF_06/2015","H",0.96]
[null,90641,"BOMBA TRIPLEX, PARA INJEÇÃO DE NATA DE CIMENTO, VAZÃO MÁXIMA DE 100 LITROS/MINUTO, PRESSÃO MÁXIMA DE 70 BAR - MANUTENÇÃO. AF_06/2015","H",4.7]
[null,90642,"BOMBA TRIPLEX, PARA INJEÇÃO DE NATA DE CIMENTO, VAZÃO MÁXIMA DE 100 LITROS/MINUTO, PRESSÃO MÁXIMA DE 70 BAR - MATERIAIS NA OPERAÇÃO. AF_06/2015","H",5.25]
[null,90646,"BOMBA CENTRÍFUGA MONOESTÁGIO COM MOTOR ELÉTRICO MONOFÁSICO, POTÊNCIA 15 HP, DIÂMETRO DO ROTOR 173 MM, HM/Q = 30 MCA / 90 M3/H A 45 MCA / 55 M3/H - DEPRECIAÇÃO. AF_06/2015","H",0.46]
[null,90647,"BOMBA CENTRÍFUGA MONOESTÁGIO COM MOTOR ELÉTRICO MONOFÁSICO, POTÊNCIA 15 HP, DIÂMETRO DO ROTOR 173 MM, HM/Q = 30 MCA / 90 M3/H A 45 MCA / 55 M3/H - JUROS. AF_06/2015","H",0.1]
[null,90648,"BOMBA CENTRÍFUGA MONOESTÁGIO COM MOTOR ELÉTRICO MONOFÁSICO, POTÊNCIA 15 HP, DIÂMETRO DO ROTOR 173 MM, HM/Q = 30 MCA / 90 M3/H A 45 MCA / 55 M3/H - MANUTENÇÃO. AF_06/2015","H",0.51]
[null,90649,"BOMBA CENTRÍFUGA MONOESTÁGIO COM MOTOR ELÉTRICO MONOFÁSICO, POTÊNCIA 15 HP, DIÂMETRO DO ROTOR 173 MM, HM/Q = 30 MCA / 90 M3/H A 45 MCA / 55 M3/H - MATERIAIS NA OPERAÇÃO. AF_06/2015","H",4.5599999999999996]
[null,90652,"BOMBA DE PROJEÇÃO DE CONCRETO SECO, POTÊNCIA 10 CV, VAZÃO 3 M3/H - DEPRECIAÇÃO. AF_06/2015","H",2.8]
[null,90653,"BOMBA DE PROJEÇÃO DE CONCRETO SECO, POTÊNCIA 10 CV, VAZÃO 3 M3/H - JUROS. AF_06/2015","H",0.63]
[null,90654,"BOMBA DE PROJEÇÃO DE CONCRETO SECO, POTÊNCIA 10 CV, VAZÃO 3 M3/H - MANUTENÇÃO. AF_06/2015","H",3.06]
[null,90655,"BOMBA DE PROJEÇÃO DE CONCRETO SECO, POTÊNCIA 10 CV, VAZÃO 3 M3/H - MATERIAIS NA OPERAÇÃO. AF_06/2015","H",3]
[null,90658,"BOMBA DE PROJEÇÃO DE CONCRETO SECO, POTÊNCIA 10 CV, VAZÃO 6 M3/H - DEPRECIAÇÃO. AF_06/2015","H",3]
[null,90659,"BOMBA DE PROJEÇÃO DE CONCRETO SECO, POTÊNCIA 10 CV, VAZÃO 6 M3/H - JUROS. AF_06/2015","H",0.67]
[null,90660,"BOMBA DE PROJEÇÃO DE CONCRETO SECO, POTÊNCIA 10 CV, VAZÃO 6 M3/H - MANUTENÇÃO. AF_06/2015","H",3.28]
[null,90661,"BOMBA DE PROJEÇÃO DE CONCRETO SECO, POTÊNCIA 10 CV, VAZÃO 6 M3/H - MATERIAIS NA OPERAÇÃO. AF_06/2015","H",3]
[null,90664,"PROJETOR PNEUMÁTICO DE ARGAMASSA PARA CHAPISCO E REBOCO COM RECIPIENTE ACOPLADO, TIPO CANEQUINHA, COM COMPRESSOR DE AR REBOCÁVEL VAZÃO 89 PCM E MOTOR DIESEL DE 20 CV - DEPRECIAÇÃO. AF_06/2015","H",3.1]
[null,90665,"PROJETOR PNEUMÁTICO DE ARGAMASSA PARA CHAPISCO E REBOCO COM RECIPIENTE ACOPLADO, TIPO CANEQUINHA, COM COMPRESSOR DE AR REBOCÁVEL VAZÃO 89 PCM E MOTOR DIESEL DE 20 CV - JUROS. AF_06/2015","H",0.69]
[null,90666,"PROJETOR PNEUMÁTICO DE ARGAMASSA PARA CHAPISCO E REBOCO COM RECIPIENTE ACOPLADO, TIPO CANEQUINHA, COM COMPRESSOR DE AR REBOCÁVEL VAZÃO 89 PCM E MOTOR DIESEL DE 20 CV - MANUTENÇÃO. AF_06/2015","H",3.4]
[null,90667,"PROJETOR PNEUMÁTICO DE ARGAMASSA PARA CHAPISCO E REBOCO COM RECIPIENTE ACOPLADO, TIPO CANEQUINHA, COM COMPRESSOR DE AR REBOCÁVEL VAZÃO 89 PCM E MOTOR DIESEL DE 20 CV - MATERIAIS NA OPERAÇÃO. AF_06/2015","H",9.5399999999999991]
[null,90670,"PERFURATRIZ COM TORRE METÁLICA PARA EXECUÇÃO DE ESTACA HÉLICE CONTÍNUA, PROFUNDIDADE MÁXIMA DE 30 M, DIÂMETRO MÁXIMO DE 800 MM, POTÊNCIA INSTALADA DE 268 HP, MESA ROTATIVA COM TORQUE MÁXIMO DE 170 KNM - DEPRECIAÇÃO. AF_06/2015","H",107.5]
[null,90671,"PERFURATRIZ COM TORRE METÁLICA PARA EXECUÇÃO DE ESTACA HÉLICE CONTÍNUA, PROFUNDIDADE MÁXIMA DE 30 M, DIÂMETRO MÁXIMO DE 800 MM, POTÊNCIA INSTALADA DE 268 HP, MESA ROTATIVA COM TORQUE MÁXIMO DE 170 KNM - JUROS. AF_06/2015","H",28.23]
[null,90672,"PERFURATRIZ COM TORRE METÁLICA PARA EXECUÇÃO DE ESTACA HÉLICE CONTÍNUA, PROFUNDIDADE MÁXIMA DE 30 M, DIÂMETRO MÁXIMO DE 800 MM, POTÊNCIA INSTALADA DE 268 HP, MESA ROTATIVA COM TORQUE MÁXIMO DE 170 KNM - MANUTENÇÃO. AF_06/2015","H",134.53]
[null,90673,"PERFURATRIZ COM TORRE METÁLICA PARA EXECUÇÃO DE ESTACA HÉLICE CONTÍNUA, PROFUNDIDADE MÁXIMA DE 30 M, DIÂMETRO MÁXIMO DE 800 MM, POTÊNCIA INSTALADA DE 268 HP, MESA ROTATIVA COM TORQUE MÁXIMO DE 170 KNM - MATERIAIS NA OPERAÇÃO. AF_06/2015","H",129.56]
[null,90676,"PERFURATRIZ HIDRÁULICA SOBRE CAMINHÃO COM TRADO CURTO ACOPLADO, PROFUNDIDADE MÁXIMA DE 20 M, DIÂMETRO MÁXIMO DE 1500 MM, POTÊNCIA INSTALADA DE 137 HP, MESA ROTATIVA COM TORQUE MÁXIMO DE 30 KNM - DEPRECIAÇÃO. AF_06/2015","H",54.2]
[null,90677,"PERFURATRIZ HIDRÁULICA SOBRE CAMINHÃO COM TRADO CURTO ACOPLADO, PROFUNDIDADE MÁXIMA DE 20 M, DIÂMETRO MÁXIMO DE 1500 MM, POTÊNCIA INSTALADA DE 137 HP, MESA ROTATIVA COM TORQUE MÁXIMO DE 30 KNM - JUROS. AF_06/2015","H",14.24]
[null,90678,"PERFURATRIZ HIDRÁULICA SOBRE CAMINHÃO COM TRADO CURTO ACOPLADO, PROFUNDIDADE MÁXIMA DE 20 M, DIÂMETRO MÁXIMO DE 1500 MM, POTÊNCIA INSTALADA DE 137 HP, MESA ROTATIVA COM TORQUE MÁXIMO DE 30 KNM - MANUTENÇÃO. AF_06/2015","H",67.83]
[null,90679,"PERFURATRIZ HIDRÁULICA SOBRE CAMINHÃO COM TRADO CURTO ACOPLADO, PROFUNDIDADE MÁXIMA DE 20 M, DIÂMETRO MÁXIMO DE 1500 MM, POTÊNCIA INSTALADA DE 137 HP, MESA ROTATIVA COM TORQUE MÁXIMO DE 30 KNM - MATERIAIS NA OPERAÇÃO. AF_06/2015","H",66.239999999999995]
[null,90682,"MANIPULADOR TELESCÓPICO, POTÊNCIA DE 85 HP, CAPACIDADE DE CARGA DE 3.500 KG, ALTURA MÁXIMA DE ELEVAÇÃO DE 12,3 M - DEPRECIAÇÃO. AF_06/2015","H",24.22]
[null,90683,"MANIPULADOR TELESCÓPICO, POTÊNCIA DE 85 HP, CAPACIDADE DE CARGA DE 3.500 KG, ALTURA MÁXIMA DE ELEVAÇÃO DE 12,3 M - JUROS. AF_06/2015","H",5.45]
[null,90684,"MANIPULADOR TELESCÓPICO, POTÊNCIA DE 85 HP, CAPACIDADE DE CARGA DE 3.500 KG, ALTURA MÁXIMA DE ELEVAÇÃO DE 12,3 M - MANUTENÇÃO. AF_06/2015","H",26.49]
[null,90685,"MANIPULADOR TELESCÓPICO, POTÊNCIA DE 85 HP, CAPACIDADE DE CARGA DE 3.500 KG, ALTURA MÁXIMA DE ELEVAÇÃO DE 12,3 M - MATERIAIS NA OPERAÇÃO. AF_06/2015","H",41.07]
[null,90688,"MINICARREGADEIRA SOBRE RODAS, POTÊNCIA LÍQUIDA DE 47 HP, CAPACIDADE NOMINAL DE OPERAÇÃO DE 646 KG - DEPRECIAÇÃO. AF_06/2015","H",10.4]
[null,90689,"MINICARREGADEIRA SOBRE RODAS, POTÊNCIA LÍQUIDA DE 47 HP, CAPACIDADE NOMINAL DE OPERAÇÃO DE 646 KG - JUROS. AF_06/2015","H",2]
[null,90690,"MINICARREGADEIRA SOBRE RODAS, POTÊNCIA LÍQUIDA DE 47 HP, CAPACIDADE NOMINAL DE OPERAÇÃO DE 646 KG - MANUTENÇÃO. AF_06/2015","H",13]
[null,90691,"MINICARREGADEIRA SOBRE RODAS, POTÊNCIA LÍQUIDA DE 47 HP, CAPACIDADE NOMINAL DE OPERAÇÃO DE 646 KG - MATERIAIS NA OPERAÇÃO. AF_06/2015","H",22.71]
[null,90957,"COMPRESSOR DE AR REBOCÁVEL, VAZÃO 189 PCM, PRESSÃO EFETIVA DE TRABALHO 102 PSI, MOTOR DIESEL, POTÊNCIA 63 CV - DEPRECIAÇÃO. AF_06/2015","H",1.92]
[null,90958,"COMPRESSOR DE AR REBOCÁVEL, VAZÃO 189 PCM, PRESSÃO EFETIVA DE TRABALHO 102 PSI, MOTOR DIESEL, POTÊNCIA 63 CV - JUROS. AF_06/2015","H",0.5]
[null,90960,"COMPRESSOR DE AR REBOCÁVEL, VAZÃO 89 PCM, PRESSÃO EFETIVA DE TRABALHO 102 PSI, MOTOR DIESEL, POTÊNCIA 20 CV - DEPRECIAÇÃO. AF_06/2015","H",2.56]
[null,90961,"COMPRESSOR DE AR REBOCÁVEL, VAZÃO 89 PCM, PRESSÃO EFETIVA DE TRABALHO 102 PSI, MOTOR DIESEL, POTÊNCIA 20 CV - JUROS. AF_06/2015","H",0.67]
[null,90962,"COMPRESSOR DE AR REBOCÁVEL, VAZÃO 89 PCM, PRESSÃO EFETIVA DE TRABALHO 102 PSI, MOTOR DIESEL, POTÊNCIA 20 CV - MANUTENÇÃO. AF_06/2015","H",3.21]
[null,90963,"COMPRESSOR DE AR REBOCÁVEL, VAZÃO 89 PCM, PRESSÃO EFETIVA DE TRABALHO 102 PSI, MOTOR DIESEL, POTÊNCIA 20 CV - MATERIAIS NA OPERAÇÃO. AF_06/2015","H",9.5399999999999991]
[null,90968,"COMPRESSOR DE AR REBOCAVEL, VAZÃO 250 PCM, PRESSAO DE TRABALHO 102 PSI, MOTOR A DIESEL POTÊNCIA 81 CV - DEPRECIAÇÃO. AF_06/2015","H",2.57]
[null,90969,"COMPRESSOR DE AR REBOCAVEL, VAZÃO 250 PCM, PRESSAO DE TRABALHO 102 PSI, MOTOR A DIESEL POTÊNCIA 81 CV - JUROS. AF_06/2015","H",0.67]
[null,90970,"COMPRESSOR DE AR REBOCAVEL, VAZÃO 250 PCM, PRESSAO DE TRABALHO 102 PSI, MOTOR A DIESEL POTÊNCIA 81 CV - MANUTENÇÃO. AF_06/2015","H",3.22]
[null,90971,"COMPRESSOR DE AR REBOCAVEL, VAZÃO 250 PCM, PRESSAO DE TRABALHO 102 PSI, MOTOR A DIESEL POTÊNCIA 81 CV - MATERIAIS NA OPERAÇÃO. AF_06/2015","H",38.619999999999997]
[null,90975,"COMPRESSOR DE AR REBOCÁVEL, VAZÃO 748 PCM, PRESSÃO EFETIVA DE TRABALHO 102 PSI, MOTOR DIESEL, POTÊNCIA 210 CV - DEPRECIAÇÃO. AF_06/2015","H",6.54]
[null,90976,"COMPRESSOR DE AR REBOCÁVEL, VAZÃO 748 PCM, PRESSÃO EFETIVA DE TRABALHO 102 PSI, MOTOR DIESEL, POTÊNCIA 210 CV - JUROS. AF_06/2015","H",1.71]
[null,90977,"COMPRESSOR DE AR REBOCÁVEL, VAZÃO 748 PCM, PRESSÃO EFETIVA DE TRABALHO 102 PSI, MOTOR DIESEL, POTÊNCIA 210 CV - MANUTENÇÃO. AF_06/2015","H",8.18]
[null,90978,"COMPRESSOR DE AR REBOCÁVEL, VAZÃO 748 PCM, PRESSÃO EFETIVA DE TRABALHO 102 PSI, MOTOR DIESEL, POTÊNCIA 210 CV - MATERIAIS NA OPERAÇÃO. AF_06/2015","H",100.15]
[null,90992,"COMPRESSOR DE AR REBOCAVEL, VAZÃO 400 PCM, PRESSAO DE TRABALHO 102 PSI, MOTOR A DIESEL POTÊNCIA 110 CV - DEPRECIAÇÃO. AF_06/2015","H",3.05]
[null,90993,"COMPRESSOR DE AR REBOCAVEL, VAZÃO 400 PCM, PRESSAO DE TRABALHO 102 PSI, MOTOR A DIESEL POTÊNCIA 110 CV - JUROS. AF_06/2015","H",0.8]
[null,90994,"COMPRESSOR DE AR REBOCAVEL, VAZÃO 400 PCM, PRESSAO DE TRABALHO 102 PSI, MOTOR A DIESEL POTÊNCIA 110 CV - MANUTENÇÃO. AF_06/2015","H",3.82]
[null,90995,"COMPRESSOR DE AR REBOCAVEL, VAZÃO 400 PCM, PRESSAO DE TRABALHO 102 PSI, MOTOR A DIESEL POTÊNCIA 110 CV - MATERIAIS NA OPERAÇÃO. AF_06/2015","H",52.45]
[null,91021,"PERFURATRIZ HIDRÁULICA SOBRE CAMINHÃO COM TRADO CURTO ACOPLADO, PROFUNDIDADE MÁXIMA DE 20 M, DIÂMETRO MÁXIMO DE 1500 MM, POTÊNCIA INSTALADA DE 137 HP, MESA ROTATIVA COM TORQUE MÁXIMO DE 30 KNM - IMPOSTOS E SEGUROS. AF_06/2015","H",2.94]
[null,91026,"CAMINHÃO TRUCADO (C/ TERCEIRO EIXO) ELETRÔNICO - POTÊNCIA 231CV - PBT = 22000KG - DIST. ENTRE EIXOS 5170 MM - INCLUI CARROCERIA FIXA ABERTA DE MADEIRA - DEPRECIAÇÃO. AF_06/2015","H",9.01]
[null,91027,"CAMINHÃO TRUCADO (C/ TERCEIRO EIXO) ELETRÔNICO - POTÊNCIA 231CV - PBT = 22000KG - DIST. ENTRE EIXOS 5170 MM - INCLUI CARROCERIA FIXA ABERTA DE MADEIRA - JUROS. AF_06/2015","H",3.59]
[null,91028,"CAMINHÃO TRUCADO (C/ TERCEIRO EIXO) ELETRÔNICO - POTÊNCIA 231CV - PBT = 22000KG - DIST. ENTRE EIXOS 5170 MM - INCLUI CARROCERIA FIXA ABERTA DE MADEIRA - IMPOSTOS E SEGUROS. AF_06/2015","H",0.72]
[null,91029,"CAMINHÃO TRUCADO (C/ TERCEIRO EIXO) ELETRÔNICO - POTÊNCIA 231CV - PBT = 22000KG - DIST. ENTRE EIXOS 5170 MM - INCLUI CARROCERIA FIXA ABERTA DE MADEIRA - MANUTENÇÃO. AF_06/2015","H",16.89]
[null,91030,"CAMINHÃO TRUCADO (C/ TERCEIRO EIXO) ELETRÔNICO - POTÊNCIA 231CV - PBT = 22000KG - DIST. ENTRE EIXOS 5170 MM - INCLUI CARROCERIA FIXA ABERTA DE MADEIRA - MATERIAIS NA OPERAÇÃO. AF_06/2015","H",110.16]
[null,91273,"PLACA VIBRATÓRIA REVERSÍVEL COM MOTOR 4 TEMPOS A GASOLINA, FORÇA CENTRÍFUGA DE 25 KN (2500 KGF), POTÊNCIA 5,5 CV - DEPRECIAÇÃO. AF_08/2015","H",0.43]
[null,91274,"PLACA VIBRATÓRIA REVERSÍVEL COM MOTOR 4 TEMPOS A GASOLINA, FORÇA CENTRÍFUGA DE 25 KN (2500 KGF), POTÊNCIA 5,5 CV - JUROS. AF_08/2015","H",0.11]
[null,91275,"PLACA VIBRATÓRIA REVERSÍVEL COM MOTOR 4 TEMPOS A GASOLINA, FORÇA CENTRÍFUGA DE 25 KN (2500 KGF), POTÊNCIA 5,5 CV - MANUTENÇÃO. AF_08/2015","H",0.54]
[null,91276,"PLACA VIBRATÓRIA REVERSÍVEL COM MOTOR 4 TEMPOS A GASOLINA, FORÇA CENTRÍFUGA DE 25 KN (2500 KGF), POTÊNCIA 5,5 CV - MATERIAIS NA OPERAÇÃO. AF_08/2015","H",3.48]
[null,91279,"CORTADORA DE PISO COM MOTOR 4 TEMPOS A GASOLINA, POTÊNCIA DE 13 HP, COM DISCO DE CORTE DIAMANTADO SEGMENTADO PARA CONCRETO, DIÂMETRO DE 350 MM, FURO DE 1\" (14 X 1\") - DEPRECIAÇÃO. AF_08/2015","H",0.65]
[null,91280,"CORTADORA DE PISO COM MOTOR 4 TEMPOS A GASOLINA, POTÊNCIA DE 13 HP, COM DISCO DE CORTE DIAMANTADO SEGMENTADO PARA CONCRETO, DIÂMETRO DE 350 MM, FURO DE 1\" (14 X 1\") - JUROS. AF_08/2015","H",0.13]
[null,91281,"CORTADORA DE PISO COM MOTOR 4 TEMPOS A GASOLINA, POTÊNCIA DE 13 HP, COM DISCO DE CORTE DIAMANTADO SEGMENTADO PARA CONCRETO, DIÂMETRO DE 350 MM, FURO DE 1\" (14 X 1\") - MANUTENÇÃO. AF_08/2015","H",0.81]
[null,91282,"CORTADORA DE PISO COM MOTOR 4 TEMPOS A GASOLINA, POTÊNCIA DE 13 HP, COM DISCO DE CORTE DIAMANTADO SEGMENTADO PARA CONCRETO, DIÂMETRO DE 350 MM, FURO DE 1\" (14 X 1\") - MATERIAIS NA OPERAÇÃO. AF_08/2015","H",8.34]
[null,91354,"CAMINHÃO TOCO, PESO BRUTO TOTAL 14.300 KG, CARGA ÚTIL MÁXIMA 9590 KG, DISTÂNCIA ENTRE EIXOS 4,76 M, POTÊNCIA 185 CV (NÃO INCLUI CARROCERIA) - DEPRECIAÇÃO. AF_06/2014","H",6.98]
[null,91355,"CAMINHÃO TOCO, PESO BRUTO TOTAL 14.300 KG, CARGA ÚTIL MÁXIMA 9590 KG, DISTÂNCIA ENTRE EIXOS 4,76 M, POTÊNCIA 185 CV (NÃO INCLUI CARROCERIA) - JUROS. AF_06/2014","H",2.78]
[null,91356,"CAMINHÃO TOCO, PESO BRUTO TOTAL 14.300 KG, CARGA ÚTIL MÁXIMA 9590 KG, DISTÂNCIA ENTRE EIXOS 4,76 M, POTÊNCIA 185 CV (NÃO INCLUI CARROCERIA) - IMPOSTOS E SEGUROS. AF_06/2014","H",0.56999999999999995]
[null,91359,"CAMINHÃO PIPA 6.000 L, PESO BRUTO TOTAL 13.000 KG, DISTÂNCIA ENTRE EIXOS 4,80 M, POTÊNCIA 189 CV INCLUSIVE TANQUE DE AÇO PARA TRANSPORTE DE ÁGUA, CAPACIDADE 6 M3 - DEPRECIAÇÃO. AF_06/2014","H",7.8]
[null,91360,"CAMINHÃO PIPA 6.000 L, PESO BRUTO TOTAL 13.000 KG, DISTÂNCIA ENTRE EIXOS 4,80 M, POTÊNCIA 189 CV INCLUSIVE TANQUE DE AÇO PARA TRANSPORTE DE ÁGUA, CAPACIDADE 6 M3 - JUROS. AF_06/2014","H",3.11]
[null,91361,"CAMINHÃO PIPA 6.000 L, PESO BRUTO TOTAL 13.000 KG, DISTÂNCIA ENTRE EIXOS 4,80 M, POTÊNCIA 189 CV INCLUSIVE TANQUE DE AÇO PARA TRANSPORTE DE ÁGUA, CAPACIDADE 6 M3 - IMPOSTOS E SEGUROS. AF_06/2014","H",0.63]
[null,91367,"CAMINHÃO BASCULANTE 6 M3, PESO BRUTO TOTAL 16.000 KG, CARGA ÚTIL MÁXIMA 13.071 KG, DISTÂNCIA ENTRE EIXOS 4,80 M, POTÊNCIA 230 CV INCLUSIVE CAÇAMBA METÁLICA - DEPRECIAÇÃO. AF_06/2014","H",10.24]
[null,91368,"CAMINHÃO BASCULANTE 6 M3, PESO BRUTO TOTAL 16.000 KG, CARGA ÚTIL MÁXIMA 13.071 KG, DISTÂNCIA ENTRE EIXOS 4,80 M, POTÊNCIA 230 CV INCLUSIVE CAÇAMBA METÁLICA - JUROS. AF_06/2014","H",3.58]
[null,91369,"CAMINHÃO BASCULANTE 6 M3, PESO BRUTO TOTAL 16.000 KG, CARGA ÚTIL MÁXIMA 13.071 KG, DISTÂNCIA ENTRE EIXOS 4,80 M, POTÊNCIA 230 CV INCLUSIVE CAÇAMBA METÁLICA - IMPOSTOS E SEGUROS. AF_06/2014","H",0.73]
[null,91375,"CAMINHÃO TOCO, PESO BRUTO TOTAL 16.000 KG, CARGA ÚTIL MÁXIMA DE 10.685 KG, DISTÂNCIA ENTRE EIXOS 4,80 M, POTÊNCIA 189 CV EXCLUSIVE CARROCERIA - DEPRECIAÇÃO. AF_06/2014","H",5.88]
[null,91376,"CAMINHÃO TOCO, PESO BRUTO TOTAL 16.000 KG, CARGA ÚTIL MÁXIMA DE 10.685 KG, DISTÂNCIA ENTRE EIXOS 4,80 M, POTÊNCIA 189 CV EXCLUSIVE CARROCERIA - JUROS. AF_06/2014","H",2.35]
[null,91377,"CAMINHÃO TOCO, PESO BRUTO TOTAL 16.000 KG, CARGA ÚTIL MÁXIMA DE 10.685 KG, DISTÂNCIA ENTRE EIXOS 4,80 M, POTÊNCIA 189 CV EXCLUSIVE CARROCERIA - IMPOSTOS E SEGUROS. AF_06/2014","H",0.48]
[null,91380,"CAMINHÃO BASCULANTE 10 M3, TRUCADO CABINE SIMPLES, PESO BRUTO TOTAL 23.000 KG, CARGA ÚTIL MÁXIMA 15.935 KG, DISTÂNCIA ENTRE EIXOS 4,80 M, POTÊNCIA 230 CV INCLUSIVE CAÇAMBA METÁLICA - DEPRECIAÇÃO. AF_06/2014","H",11.57]
[null,91381,"CAMINHÃO BASCULANTE 10 M3, TRUCADO CABINE SIMPLES, PESO BRUTO TOTAL 23.000 KG, CARGA ÚTIL MÁXIMA 15.935 KG, DISTÂNCIA ENTRE EIXOS 4,80 M, POTÊNCIA 230 CV INCLUSIVE CAÇAMBA METÁLICA - JUROS. AF_06/2014","H",4.05]
[null,91382,"CAMINHÃO BASCULANTE 10 M3, TRUCADO CABINE SIMPLES, PESO BRUTO TOTAL 23.000 KG, CARGA ÚTIL MÁXIMA 15.935 KG, DISTÂNCIA ENTRE EIXOS 4,80 M, POTÊNCIA 230 CV INCLUSIVE CAÇAMBA METÁLICA - IMPOSTOS E SEGUROS. AF_06/2014","H",0.83]
[null,91383,"CAMINHÃO BASCULANTE 10 M3, TRUCADO CABINE SIMPLES, PESO BRUTO TOTAL 23.000 KG, CARGA ÚTIL MÁXIMA 15.935 KG, DISTÂNCIA ENTRE EIXOS 4,80 M, POTÊNCIA 230 CV INCLUSIVE CAÇAMBA METÁLICA - MANUTENÇÃO. AF_06/2014","H",21.71]
[null,91384,"CAMINHÃO BASCULANTE 10 M3, TRUCADO CABINE SIMPLES, PESO BRUTO TOTAL 23.000 KG, CARGA ÚTIL MÁXIMA 15.935 KG, DISTÂNCIA ENTRE EIXOS 4,80 M, POTÊNCIA 230 CV INCLUSIVE CAÇAMBA METÁLICA - MATERIAIS NA OPERAÇÃO. AF_06/2014","H",109.69]
[null,91390,"CAMINHÃO TOCO, PBT 14.300 KG, CARGA ÚTIL MÁX. 9.710 KG, DIST. ENTRE EIXOS 3,56 M, POTÊNCIA 185 CV, INCLUSIVE CARROCERIA FIXA ABERTA DE MADEIRA P/ TRANSPORTE GERAL DE CARGA SECA, DIMEN. APROX. 2,50 X 6,50 X 0,50 M - DEPRECIAÇÃO. AF_06/2014","H",7.57]
[null,91391,"CAMINHÃO TOCO, PBT 14.300 KG, CARGA ÚTIL MÁX. 9.710 KG, DIST. ENTRE EIXOS 3,56 M, POTÊNCIA 185 CV, INCLUSIVE CARROCERIA FIXA ABERTA DE MADEIRA P/ TRANSPORTE GERAL DE CARGA SECA, DIMEN. APROX. 2,50 X 6,50 X 0,50 M - JUROS. AF_06/2014","H",3.02]
[null,91392,"CAMINHÃO TOCO, PBT 14.300 KG, CARGA ÚTIL MÁX. 9.710 KG, DIST. ENTRE EIXOS 3,56 M, POTÊNCIA 185 CV, INCLUSIVE CARROCERIA FIXA ABERTA DE MADEIRA P/ TRANSPORTE GERAL DE CARGA SECA, DIMEN. APROX. 2,50 X 6,50 X 0,50 M - IMPOSTOS E SEGUROS. AF_06/2014","H",0.61]
[null,91396,"CAMINHÃO PIPA 10.000 L TRUCADO, PESO BRUTO TOTAL 23.000 KG, CARGA ÚTIL MÁXIMA 15.935 KG, DISTÂNCIA ENTRE EIXOS 4,8 M, POTÊNCIA 230 CV, INCLUSIVE TANQUE DE AÇO PARA TRANSPORTE DE ÁGUA - DEPRECIAÇÃO. AF_06/2014","H",10.02]
[null,91397,"CAMINHÃO PIPA 10.000 L TRUCADO, PESO BRUTO TOTAL 23.000 KG, CARGA ÚTIL MÁXIMA 15.935 KG, DISTÂNCIA ENTRE EIXOS 4,8 M, POTÊNCIA 230 CV, INCLUSIVE TANQUE DE AÇO PARA TRANSPORTE DE ÁGUA - JUROS. AF_06/2014","H",3.99]
[null,91398,"CAMINHÃO PIPA 10.000 L TRUCADO, PESO BRUTO TOTAL 23.000 KG, CARGA ÚTIL MÁXIMA 15.935 KG, DISTÂNCIA ENTRE EIXOS 4,8 M, POTÊNCIA 230 CV, INCLUSIVE TANQUE DE AÇO PARA TRANSPORTE DE ÁGUA - IMPOSTOS E SEGUROS. AF_06/2014","H",0.8]
[null,91402,"CAMINHÃO BASCULANTE 6 M3 TOCO, PESO BRUTO TOTAL 16.000 KG, CARGA ÚTIL MÁXIMA 11.130 KG, DISTÂNCIA ENTRE EIXOS 5,36 M, POTÊNCIA 185 CV, INCLUSIVE CAÇAMBA METÁLICA - IMPOSTOS E SEGUROS. AF_06/2014","H",0.7]
[null,91466,"GUINDAUTO HIDRÁULICO, CAPACIDADE MÁXIMA DE CARGA 6200 KG, MOMENTO MÁXIMO DE CARGA 11,7 TM, ALCANCE MÁXIMO HORIZONTAL 9,70 M, INCLUSIVE CAMINHÃO TOCO PBT 16.000 KG, POTÊNCIA DE 189 CV - IMPOSTOS E SEGUROS. AF_08/2015","H",0.66]
[null,91467,"GUINDAUTO HIDRÁULICO, CAPACIDADE MÁXIMA DE CARGA 6200 KG, MOMENTO MÁXIMO DE CARGA 11,7 TM, ALCANCE MÁXIMO HORIZONTAL 9,70 M, INCLUSIVE CAMINHÃO TOCO PBT 16.000 KG, POTÊNCIA DE 189 CV - MATERIAIS NA OPERAÇÃO. AF_08/2015","H",90.14]
[null,91468,"ESPARGIDOR DE ASFALTO PRESSURIZADO, TANQUE 6 M3 COM ISOLAÇÃO TÉRMICA, AQUECIDO COM 2 MAÇARICOS, COM BARRA ESPARGIDORA 3,60 M, MONTADO SOBRE CAMINHÃO  TOCO, PBT 14.300 KG, POTÊNCIA 185 CV - DEPRECIAÇÃO. AF_08/2015","H",11.37]
[null,91469,"ESPARGIDOR DE ASFALTO PRESSURIZADO, TANQUE 6 M3 COM ISOLAÇÃO TÉRMICA, AQUECIDO COM 2 MAÇARICOS, COM BARRA ESPARGIDORA 3,60 M, MONTADO SOBRE CAMINHÃO  TOCO, PBT 14.300 KG, POTÊNCIA 185 CV - JUROS. AF_08/2015","H",3.85]
[null,91484,"ESPARGIDOR DE ASFALTO PRESSURIZADO, TANQUE 6 M3 COM ISOLAÇÃO TÉRMICA, AQUECIDO COM 2 MAÇARICOS, COM BARRA ESPARGIDORA 3,60 M, MONTADO SOBRE CAMINHÃO  TOCO, PBT 14.300 KG, POTÊNCIA 185 CV - IMPOSTOS E SEGUROS. AF_08/2015","H",0.77]
[null,91485,"ESPARGIDOR DE ASFALTO PRESSURIZADO, TANQUE 6 M3 COM ISOLAÇÃO TÉRMICA, AQUECIDO COM 2 MAÇARICOS, COM BARRA ESPARGIDORA 3,60 M, MONTADO SOBRE CAMINHÃO  TOCO, PBT 14.300 KG, POTÊNCIA 185 CV - MATERIAIS NA OPERAÇÃO. AF_08/2015","H",124.23]
[null,91529,"COMPACTADOR DE SOLOS DE PERCUSSÃO (SOQUETE) COM MOTOR A GASOLINA 4 TEMPOS, POTÊNCIA 4 CV - DEPRECIAÇÃO. AF_08/2015","H",0.64]
[null,91530,"COMPACTADOR DE SOLOS DE PERCUSSÃO (SOQUETE) COM MOTOR A GASOLINA 4 TEMPOS, POTÊNCIA 4 CV - JUROS. AF_08/2015","H",0.16]
[null,91531,"COMPACTADOR DE SOLOS DE PERCUSSÃO (SOQUETE) COM MOTOR A GASOLINA 4 TEMPOS, POTÊNCIA 4 CV - MANUTENÇÃO. AF_08/2015","H",0.8]
[null,91532,"COMPACTADOR DE SOLOS DE PERCUSSÃO (SOQUETE) COM MOTOR A GASOLINA 4 TEMPOS, POTÊNCIA 4 CV - MATERIAIS NA OPERAÇÃO. AF_08/2015","H",2.5299999999999998]
[null,91629,"GUINDAUTO HIDRÁULICO, CAPACIDADE MÁXIMA DE CARGA 6500 KG, MOMENTO MÁXIMO DE CARGA 5,8 TM, ALCANCE MÁXIMO HORIZONTAL 7,60 M, INCLUSIVE CAMINHÃO TOCO PBT 9.700 KG, POTÊNCIA DE 160 CV - DEPRECIAÇÃO. AF_08/2015","H",7.48]
[null,91630,"GUINDAUTO HIDRÁULICO, CAPACIDADE MÁXIMA DE CARGA 6500 KG, MOMENTO MÁXIMO DE CARGA 5,8 TM, ALCANCE MÁXIMO HORIZONTAL 7,60 M, INCLUSIVE CAMINHÃO TOCO PBT 9.700 KG, POTÊNCIA DE 160 CV - JUROS. AF_08/2015","H",2.99]
[null,91631,"GUINDAUTO HIDRÁULICO, CAPACIDADE MÁXIMA DE CARGA 6500 KG, MOMENTO MÁXIMO DE CARGA 5,8 TM, ALCANCE MÁXIMO HORIZONTAL 7,60 M, INCLUSIVE CAMINHÃO TOCO PBT 9.700 KG, POTÊNCIA DE 160 CV - IMPOSTOS E SEGUROS. AF_08/2015","H",0.61]
[null,91632,"GUINDAUTO HIDRÁULICO, CAPACIDADE MÁXIMA DE CARGA 6500 KG, MOMENTO MÁXIMO DE CARGA 5,8 TM, ALCANCE MÁXIMO HORIZONTAL 7,60 M, INCLUSIVE CAMINHÃO TOCO PBT 9.700 KG, POTÊNCIA DE 160 CV - MANUTENÇÃO. AF_08/2015","H",14.04]
[null,91633,"GUINDAUTO HIDRÁULICO, CAPACIDADE MÁXIMA DE CARGA 6500 KG, MOMENTO MÁXIMO DE CARGA 5,8 TM, ALCANCE MÁXIMO HORIZONTAL 7,60 M, INCLUSIVE CAMINHÃO TOCO PBT 9.700 KG, POTÊNCIA DE 160 CV - MATERIAIS NA OPERAÇÃO. AF_08/2015","H",76.319999999999993]
[null,91640,"CAMINHÃO DE TRANSPORTE DE MATERIAL ASFÁLTICO 30.000 L, COM CAVALO MECÂNICO DE CAPACIDADE MÁXIMA DE TRAÇÃO COMBINADO DE 66.000 KG, POTÊNCIA 360 CV, INCLUSIVE TANQUE DE ASFALTO COM SERPENTINA - DEPRECIAÇÃO. AF_08/2015","H",19.09]
[null,91641,"CAMINHÃO DE TRANSPORTE DE MATERIAL ASFÁLTICO 30.000 L, COM CAVALO MECÂNICO DE CAPACIDADE MÁXIMA DE TRAÇÃO COMBINADO DE 66.000 KG, POTÊNCIA 360 CV, INCLUSIVE TANQUE DE ASFALTO COM SERPENTINA - JUROS. AF_08/2015","H",7.61]
[null,91642,"CAMINHÃO DE TRANSPORTE DE MATERIAL ASFÁLTICO 30.000 L, COM CAVALO MECÂNICO DE CAPACIDADE MÁXIMA DE TRAÇÃO COMBINADO DE 66.000 KG, POTÊNCIA 360 CV, INCLUSIVE TANQUE DE ASFALTO COM SERPENTINA - IMPOSTOS E SEGUROS. AF_08/2015","H",1.55]
[null,91643,"CAMINHÃO DE TRANSPORTE DE MATERIAL ASFÁLTICO 30.000 L, COM CAVALO MECÂNICO DE CAPACIDADE MÁXIMA DE TRAÇÃO COMBINADO DE 66.000 KG, POTÊNCIA 360 CV, INCLUSIVE TANQUE DE ASFALTO COM SERPENTINA - MANUTENÇÃO. AF_08/2015","H",35.79]
[null,91644,"CAMINHÃO DE TRANSPORTE DE MATERIAL ASFÁLTICO 30.000 L, COM CAVALO MECÂNICO DE CAPACIDADE MÁXIMA DE TRAÇÃO COMBINADO DE 66.000 KG, POTÊNCIA 360 CV, INCLUSIVE TANQUE DE ASFALTO COM SERPENTINA - MATERIAIS NA OPERAÇÃO. AF_08/2015","H",171.68]
[null,91688,"SERRA CIRCULAR DE BANCADA COM MOTOR ELÉTRICO POTÊNCIA DE 5HP, COM COIFA PARA DISCO 10\" - DEPRECIAÇÃO. AF_08/2015","H",7.0000000000000007E-2]
[null,91689,"SERRA CIRCULAR DE BANCADA COM MOTOR ELÉTRICO POTÊNCIA DE 5HP, COM COIFA PARA DISCO 10\" - JUROS. AF_08/2015","H",0.01]
[null,91690,"SERRA CIRCULAR DE BANCADA COM MOTOR ELÉTRICO POTÊNCIA DE 5HP, COM COIFA PARA DISCO 10\" - MANUTENÇÃO. AF_08/2015","H",0.05]
[null,91691,"SERRA CIRCULAR DE BANCADA COM MOTOR ELÉTRICO POTÊNCIA DE 5HP, COM COIFA PARA DISCO 10\" - MATERIAIS NA OPERAÇÃO. AF_08/2015","H",1.48]
[null,92040,"DISTRIBUIDOR DE AGREGADOS REBOCAVEL, CAPACIDADE 1,9 M³, LARGURA DE TRABALHO 3,66 M - DEPRECIAÇÃO. AF_11/2015","H",3.63]
[null,92041,"DISTRIBUIDOR DE AGREGADOS REBOCAVEL, CAPACIDADE 1,9 M³, LARGURA DE TRABALHO 3,66 M - JUROS. AF_11/2015","H",0.72]
[null,92042,"DISTRIBUIDOR DE AGREGADOS REBOCAVEL, CAPACIDADE 1,9 M³, LARGURA DE TRABALHO 3,66 M - MANUTENÇÃO. AF_11/2015","H",3.02]
[null,92101,"CAMINHÃO PARA EQUIPAMENTO DE LIMPEZA A SUCÇÃO COM CAMINHÃO TRUCADO DE PESO BRUTO TOTAL 23000 KG, CARGA ÚTIL MÁXIMA 15935 KG, DISTÂNCIA ENTRE EIXOS 4,80 M, POTÊNCIA 230 CV, INCLUSIVE LIMPADORA A SUCÇÃO, TANQUE 12000 L - DEPRECIAÇÃO. AF_11/2015","H",11.08]
[null,92102,"CAMINHÃO PARA EQUIPAMENTO DE LIMPEZA A SUCÇÃO COM CAMINHÃO TRUCADO DE PESO BRUTO TOTAL 23000 KG, CARGA ÚTIL MÁXIMA 15935 KG, DISTÂNCIA ENTRE EIXOS 4,80 M, POTÊNCIA 230 CV, INCLUSIVE LIMPADORA A SUCÇÃO, TANQUE 12000 L - JUROS. AF_11/2015","H",4.41]
[null,92103,"CAMINHÃO PARA EQUIPAMENTO DE LIMPEZA A SUCÇÃO COM CAMINHÃO TRUCADO DE PESO BRUTO TOTAL 23000 KG, CARGA ÚTIL MÁXIMA 15935 KG, DISTÂNCIA ENTRE EIXOS 4,80 M, POTÊNCIA 230 CV, INCLUSIVE LIMPADORA A SUCÇÃO, TANQUE 12000 L - IMPOSTOS E SEGUROS. AF_11/2015","H",0.89]
[null,92104,"CAMINHÃO PARA EQUIPAMENTO DE LIMPEZA A SUCÇÃO COM CAMINHÃO TRUCADO DE PESO BRUTO TOTAL 23000 KG, CARGA ÚTIL MÁXIMA 15935 KG, DISTÂNCIA ENTRE EIXOS 4,80 M, POTÊNCIA 230 CV, INCLUSIVE LIMPADORA A SUCÇÃO, TANQUE 12000 L - MANUTENÇÃO. AF_11/2015","H",20.78]
[null,92105,"CAMINHÃO PARA EQUIPAMENTO DE LIMPEZA A SUCÇÃO COM CAMINHÃO TRUCADO DE PESO BRUTO TOTAL 23000 KG, CARGA ÚTIL MÁXIMA 15935 KG, DISTÂNCIA ENTRE EIXOS 4,80 M, POTÊNCIA 230 CV, INCLUSIVE LIMPADORA A SUCÇÃO, TANQUE 12000 L - MATERIAIS NA OPERAÇÃO. AF_11/2015","H",109.69]
[null,92108,"PENEIRA ROTATIVA COM MOTOR ELÉTRICO TRIFÁSICO DE 2 CV, CILINDRO DE 1 M X 0,60 M, COM FUROS DE 3,17 MM - DEPRECIAÇÃO. AF_11/2015","H",0.67]
[null,92109,"PENEIRA ROTATIVA COM MOTOR ELÉTRICO TRIFÁSICO DE 2 CV, CILINDRO DE 1 M X 0,60 M, COM FUROS DE 3,17 MM - JUROS. AF_11/2015","H",0.15]
[null,92110,"PENEIRA ROTATIVA COM MOTOR ELÉTRICO TRIFÁSICO DE 2 CV, CILINDRO DE 1 M X 0,60 M, COM FUROS DE 3,17 MM - MANUTENÇÃO. AF_11/2015","H",0.52]
[null,92111,"PENEIRA ROTATIVA COM MOTOR ELÉTRICO TRIFÁSICO DE 2 CV, CILINDRO DE 1 M X 0,60 M, COM FUROS DE 3,17 MM - MATERIAIS NA OPERAÇÃO. AF_11/2015","H",0.57999999999999996]
[null,92114,"DOSADOR DE AREIA, CAPACIDADE DE 26 LITROS - DEPRECIAÇÃO. AF_11/2015","H",7.0000000000000007E-2]
[null,92115,"DOSADOR DE AREIA, CAPACIDADE DE 26 LITROS - JUROS. AF_11/2015","H",0.01]
[null,92116,"DOSADOR DE AREIA, CAPACIDADE DE 26 LITROS - MANUTENÇÃO. AF_11/2015","H",0.09]
[null,92133,"CAMINHONETE COM MOTOR A DIESEL, POTÊNCIA 180 CV, CABINE DUPLA, 4X4 - DEPRECIAÇÃO. AF_11/2015","H",6.76]
[null,92134,"CAMINHONETE COM MOTOR A DIESEL, POTÊNCIA 180 CV, CABINE DUPLA, 4X4 - JUROS. AF_11/2015","H",2.02]
[null,92135,"CAMINHONETE COM MOTOR A DIESEL, POTÊNCIA 180 CV, CABINE DUPLA, 4X4 - IMPOSTOS E SEGUROS. AF_11/2015","H",0.42]
[null,92136,"CAMINHONETE COM MOTOR A DIESEL, POTÊNCIA 180 CV, CABINE DUPLA, 4X4 - MANUTENÇÃO. AF_11/2015","H",8.4499999999999993]
[null,92137,"CAMINHONETE COM MOTOR A DIESEL, POTÊNCIA 180 CV, CABINE DUPLA, 4X4 - MATERIAIS NA OPERAÇÃO. AF_11/2015","H",85.86]
[null,92140,"CAMINHONETE CABINE SIMPLES COM MOTOR 1.6 FLEX, CÂMBIO MANUAL, POTÊNCIA 101/104 CV, 2 PORTAS - DEPRECIAÇÃO. AF_11/2015","H",2.06]
[null,92141,"CAMINHONETE CABINE SIMPLES COM MOTOR 1.6 FLEX, CÂMBIO MANUAL, POTÊNCIA 101/104 CV, 2 PORTAS - JUROS. AF_11/2015","H",0.61]
[null,92142,"CAMINHONETE CABINE SIMPLES COM MOTOR 1.6 FLEX, CÂMBIO MANUAL, POTÊNCIA 101/104 CV, 2 PORTAS - IMPOSTOS E SEGUROS. AF_11/2015","H",0.12]
[null,92143,"CAMINHONETE CABINE SIMPLES COM MOTOR 1.6 FLEX, CÂMBIO MANUAL, POTÊNCIA 101/104 CV, 2 PORTAS - MANUTENÇÃO. AF_11/2015","H",2.57]
[null,92144,"CAMINHONETE CABINE SIMPLES COM MOTOR 1.6 FLEX, CÂMBIO MANUAL, POTÊNCIA 101/104 CV, 2 PORTAS - MATERIAIS NA OPERAÇÃO. AF_11/2015","H",63.94]
[null,92237,"CAMINHÃO DE TRANSPORTE DE MATERIAL ASFÁLTICO 20.000 L, COM CAVALO MECÂNICO DE CAPACIDADE MÁXIMA DE TRAÇÃO COMBINADO DE 45.000 KG, POTÊNCIA 330 CV, INCLUSIVE TANQUE DE ASFALTO COM MAÇARICO - DEPRECIAÇÃO. AF_12/2015","H",13.91]
[null,92238,"CAMINHÃO DE TRANSPORTE DE MATERIAL ASFÁLTICO 20.000 L, COM CAVALO MECÂNICO DE CAPACIDADE MÁXIMA DE TRAÇÃO COMBINADO DE 45.000 KG, POTÊNCIA 330 CV, INCLUSIVE TANQUE DE ASFALTO COM MAÇARICO - JUROS. AF_12/2015","H",5.55]
[null,92239,"CAMINHÃO DE TRANSPORTE DE MATERIAL ASFÁLTICO 20.000 L, COM CAVALO MECÂNICO DE CAPACIDADE MÁXIMA DE TRAÇÃO COMBINADO DE 45.000 KG, POTÊNCIA 330 CV, INCLUSIVE TANQUE DE ASFALTO COM MAÇARICO - IMPOSTOS E SEGUROS. AF_12/2015","H",1.1299999999999999]
[null,92240,"CAMINHÃO DE TRANSPORTE DE MATERIAL ASFÁLTICO 20.000 L, COM CAVALO MECÂNICO DE CAPACIDADE MÁXIMA DE TRAÇÃO COMBINADO DE 45.000 KG, POTÊNCIA 330 CV, INCLUSIVE TANQUE DE ASFALTO COM MAÇARICO - MANUTENÇÃO. AF_12/2015","H",26.08]
[null,92241,"CAMINHÃO DE TRANSPORTE DE MATERIAL ASFÁLTICO 20.000 L, COM CAVALO MECÂNICO DE CAPACIDADE MÁXIMA DE TRAÇÃO COMBINADO DE 45.000 KG, POTÊNCIA 330 CV, INCLUSIVE TANQUE DE ASFALTO COM MAÇARICO - MATERIAIS NA OPERAÇÃO. AF_12/2015","H",157.38999999999999]
[null,92712,"APARELHO PARA CORTE E SOLDA OXI-ACETILENO SOBRE RODAS, INCLUSIVE CILINDROS E MAÇARICOS - DEPRECIAÇÃO. AF_12/2015","H",0.17]
[null,92713,"APARELHO PARA CORTE E SOLDA OXI-ACETILENO SOBRE RODAS, INCLUSIVE CILINDROS E MAÇARICOS - JUROS. AF_12/2015","H",0.04]
[null,92714,"APARELHO PARA CORTE E SOLDA OXI-ACETILENO SOBRE RODAS, INCLUSIVE CILINDROS E MAÇARICOS - MANUTENÇÃO. AF_12/2015","H",0.22]
[null,92715,"APARELHO PARA CORTE E SOLDA OXI-ACETILENO SOBRE RODAS, INCLUSIVE CILINDROS E MAÇARICOS - MATERIAIS NA OPERAÇÃO. AF_12/2015","H",15.13]
[null,92956,"MÁQUINA EXTRUSORA DE CONCRETO PARA GUIAS E SARJETAS, MOTOR A DIESEL, POTÊNCIA 14 CV - DEPRECIAÇÃO. AF_12/2015","H",3.72]
[null,92957,"MÁQUINA EXTRUSORA DE CONCRETO PARA GUIAS E SARJETAS, MOTOR A DIESEL, POTÊNCIA 14 CV - JUROS. AF_12/2015","H",0.83]
[null,92958,"MÁQUINA EXTRUSORA DE CONCRETO PARA GUIAS E SARJETAS, MOTOR A DIESEL, POTÊNCIA 14 CV - MANUTENÇÃO. AF_12/2015","H",4.07]
[null,92959,"MÁQUINA EXTRUSORA DE CONCRETO PARA GUIAS E SARJETAS, MOTOR A DIESEL, POTÊNCIA 14 CV - MATERIAIS NA OPERAÇÃO. AF_12/2015","H",6.66]
[null,92963,"MARTELO PERFURADOR PNEUMÁTICO MANUAL, HASTE 25 X 75 MM, 21 KG - DEPRECIAÇÃO. AF_12/2015","H",1.19]
[null,92964,"MARTELO PERFURADOR PNEUMÁTICO MANUAL, HASTE 25 X 75 MM, 21 KG - JUROS. AF_12/2015","H",0.26]
[null,92965,"MARTELO PERFURADOR PNEUMÁTICO MANUAL, HASTE 25 X 75 MM, 21 KG - MANUTENÇÃO. AF_12/2015","H",1.49]
[null,93220,"PERFURATRIZ COM TORRE METÁLICA PARA EXECUÇÃO DE ESTACA HÉLICE CONTÍNUA, PROFUNDIDADE MÁXIMA DE 32 M, DIÂMETRO MÁXIMO DE 1000 MM, POTÊNCIA INSTALADA DE 350 HP, MESA ROTATIVA COM TORQUE MÁXIMO DE 263 KNM - DEPRECIAÇÃO. AF_01/2016","H",167.16]
[null,93221,"PERFURATRIZ COM TORRE METÁLICA PARA EXECUÇÃO DE ESTACA HÉLICE CONTÍNUA, PROFUNDIDADE MÁXIMA DE 32 M, DIÂMETRO MÁXIMO DE 1000 MM, POTÊNCIA INSTALADA DE 350 HP, MESA ROTATIVA COM TORQUE MÁXIMO DE 263 KNM - JUROS. AF_01/2016","H",43.9]
[null,93222,"PERFURATRIZ COM TORRE METÁLICA PARA EXECUÇÃO DE ESTACA HÉLICE CONTÍNUA, PROFUNDIDADE MÁXIMA DE 32 M, DIÂMETRO MÁXIMO DE 1000 MM, POTÊNCIA INSTALADA DE 350 HP, MESA ROTATIVA COM TORQUE MÁXIMO DE 263 KNM - MANUTENÇÃO. AF_01/2016","H",209.19]
[null,93223,"PERFURATRIZ COM TORRE METÁLICA PARA EXECUÇÃO DE ESTACA HÉLICE CONTÍNUA, PROFUNDIDADE MÁXIMA DE 32 M, DIÂMETRO MÁXIMO DE 1000 MM, POTÊNCIA INSTALADA DE 350 HP, MESA ROTATIVA COM TORQUE MÁXIMO DE 263 KNM \u0096 MATERIAIS NA OPERAÇÃO. AF_01/2016","H",169.2]
[null,93229,"BETONEIRA CAPACIDADE NOMINAL 400 L, CAPACIDADE DE MISTURA 310 L, MOTOR A GASOLINA POTÊNCIA 5,5 HP, SEM CARREGADOR - DEPRECIAÇÃO. AF_02/2016","H",0.28000000000000003]
[null,93230,"BETONEIRA CAPACIDADE NOMINAL 400 L, CAPACIDADE DE MISTURA 310 L, MOTOR A GASOLINA POTÊNCIA 5,5 HP, SEM CARREGADOR - JUROS. AF_02/2016","H",0.06]
[null,93231,"BETONEIRA CAPACIDADE NOMINAL 400 L, CAPACIDADE DE MISTURA 310 L, MOTOR A GASOLINA POTÊNCIA 5,5 HP, SEM CARREGADOR - MANUTENÇÃO. AF_02/2016","H",0.26]
[null,93232,"BETONEIRA CAPACIDADE NOMINAL 400 L, CAPACIDADE DE MISTURA 310 L, MOTOR A GASOLINA POTÊNCIA 5,5 HP, SEM CARREGADOR - MATERIAIS NA OPERAÇÃO. AF_02/2016","H",3.52]
[null,93235,"GRUPO GERADOR ESTACIONÁRIO, MOTOR DIESEL POTÊNCIA 170 KVA - JUROS. AF_02/2016","H",1.02]
[null,93238,"ROLO COMPACTADOR VIBRATÓRIO REBOCÁVEL, CILINDRO DE AÇO LISO, POTÊNCIA DE TRAÇÃO DE 65 CV, PESO 4,7 T, IMPACTO DINÂMICO 18,3 T, LARGURA DE TRABALHO 1,67 M - JUROS. AF_02/2016","H",1.05]
[null,93239,"ROLO COMPACTADOR VIBRATÓRIO PÉ DE CARNEIRO, OPERADO POR CONTROLE REMOTO, POTÊNCIA 12,5 KW, PESO OPERACIONAL 1,675 T, LARGURA DE TRABALHO 0,85 M - JUROS. AF_02/2016","H",4.7699999999999996]
[null,93240,"ROLO COMPACTADOR VIBRATÓRIO PÉ DE CARNEIRO, OPERADO POR CONTROLE REMOTO, POTÊNCIA 12,5 KW, PESO OPERACIONAL 1,675 T, LARGURA DE TRABALHO 0,85 M - MATERIAIS NA OPERAÇÃO. AF_02/2016","H",8.1]
[null,93267,"GRUA ASCENCIONAL, LANÇA DE 30 M, CAPACIDADE DE 1,0 T A 30 M, ALTURA ATÉ 39 M \u0096 DEPRECIAÇÃO. AF_03/2016","H",21.76]
[null,93269,"GRUA ASCENCIONAL, LANÇA DE 30 M, CAPACIDADE DE 1,0 T A 30 M, ALTURA ATÉ 39 M   JUROS. AF_03/2016","H",4.8899999999999997]
[null,93270,"GRUA ASCENCIONAL, LANÇA DE 30 M, CAPACIDADE DE 1,0 T A 30 M, ALTURA ATÉ 39 M   MANUTENÇÃO. AF_03/2016","H",23.8]
[null,93271,"GRUA ASCENCIONAL, LANÇA DE 30 M, CAPACIDADE DE 1,0 T A 30 M, ALTURA ATÉ 39 M   MATERIAIS NA OPERAÇÃO. AF_03/2016","H",4.3899999999999997]
[null,93277,"GUINCHO ELÉTRICO DE COLUNA, CAPACIDADE 400 KG, COM MOTO FREIO, MOTOR TRIFÁSICO DE 1,25 CV - DEPRECIAÇÃO. AF_03/2016","H",0.27]
[null,93278,"GUINCHO ELÉTRICO DE COLUNA, CAPACIDADE 400 KG, COM MOTO FREIO, MOTOR TRIFÁSICO DE 1,25 CV - JUROS. AF_03/2016","H",0.06]
[null,93279,"GUINCHO ELÉTRICO DE COLUNA, CAPACIDADE 400 KG, COM MOTO FREIO, MOTOR TRIFÁSICO DE 1,25 CV - MANUTENÇÃO. AF_03/2016","H",0.25]
[null,93280,"GUINCHO ELÉTRICO DE COLUNA, CAPACIDADE 400 KG, COM MOTO FREIO, MOTOR TRIFÁSICO DE 1,25 CV - MATERIAIS NA OPERAÇÃO. AF_03/2016","H",0.36]
[null,93283,"GUINDASTE HIDRÁULICO AUTOPROPELIDO, COM LANÇA TELESCÓPICA 40 M, CAPACIDADE MÁXIMA 60 T, POTÊNCIA 260 KW - DEPRECIAÇÃO. AF_03/2016","H",45.74]
[null,93284,"GUINDASTE HIDRÁULICO AUTOPROPELIDO, COM LANÇA TELESCÓPICA 40 M, CAPACIDADE MÁXIMA 60 T, POTÊNCIA 260 KW - JUROS. AF_03/2016","H",15.66]
[null,93285,"GUINDASTE HIDRÁULICO AUTOPROPELIDO, COM LANÇA TELESCÓPICA 40 M, CAPACIDADE MÁXIMA 60 T, POTÊNCIA 260 KW - MANUTENÇÃO. AF_03/2016","H",73.540000000000006]
[null,93286,"GUINDASTE HIDRÁULICO AUTOPROPELIDO, COM LANÇA TELESCÓPICA 40 M, CAPACIDADE MÁXIMA 60 T, POTÊNCIA 260 KW - MATERIAIS NA OPERAÇÃO. AF_03/2016","H",103.87]
[null,93296,"GUINDASTE HIDRÁULICO AUTOPROPELIDO, COM LANÇA TELESCÓPICA 40 M, CAPACIDADE MÁXIMA 60 T, POTÊNCIA 260 KW - IMPOSTOS E SEGUROS. AF_03/2016","H",3.2]
[null,93397,"GUINDAUTO HIDRÁULICO, CAPACIDADE MÁXIMA DE CARGA 3300 KG, MOMENTO MÁXIMO DE CARGA 5,8 TM, ALCANCE MÁXIMO HORIZONTAL 7,60 M, INCLUSIVE CAMINHÃO TOCO PBT 16.000 KG, POTÊNCIA DE 189 CV - DEPRECIAÇÃO. AF_03/2016","H",7.48]
[null,93398,"GUINDAUTO HIDRÁULICO, CAPACIDADE MÁXIMA DE CARGA 3300 KG, MOMENTO MÁXIMO DE CARGA 5,8 TM, ALCANCE MÁXIMO HORIZONTAL 7,60 M, INCLUSIVE CAMINHÃO TOCO PBT 16.000 KG, POTÊNCIA DE 189 CV - JUROS. AF_03/2016","H",2.99]
[null,93399,"GUINDAUTO HIDRÁULICO, CAPACIDADE MÁXIMA DE CARGA 3300 KG, MOMENTO MÁXIMO DE CARGA 5,8 TM, ALCANCE MÁXIMO HORIZONTAL 7,60 M, INCLUSIVE CAMINHÃO TOCO PBT 16.000 KG, POTÊNCIA DE 189 CV \u0096 IMPOSTOS E SEGUROS. AF_03/2016","H",0.61]
[null,93400,"GUINDAUTO HIDRÁULICO, CAPACIDADE MÁXIMA DE CARGA 3300 KG, MOMENTO MÁXIMO DE CARGA 5,8 TM, ALCANCE MÁXIMO HORIZONTAL 7,60 M, INCLUSIVE CAMINHÃO TOCO PBT 16.000 KG, POTÊNCIA DE 189 CV - MANUTENÇÃO. AF_03/2016","H",14.04]
[null,93401,"GUINDAUTO HIDRÁULICO, CAPACIDADE MÁXIMA DE CARGA 3300 KG, MOMENTO MÁXIMO DE CARGA 5,8 TM, ALCANCE MÁXIMO HORIZONTAL 7,60 M, INCLUSIVE CAMINHÃO TOCO PBT 16.000 KG, POTÊNCIA DE 189 CV - MATERIAIS NA OPERAÇÃO. AF_03/2016","H",90.14]
[null,93404,"MÁQUINA JATO DE PRESSAO PORTÁTIL PARA JATEAMENTO, CONTROLE AUTOMATICO REMOTO, CAMARA DE 1 SAIDA, CAPACIDADE 280 L, DIAMETRO 670 MM, BICO DE JATO CURTO VENTURI DE 5/16\u0094, MANGUEIRA DE 1\u0094 COM COMPRESSOR DE AR REBOCÁVEL VAZÃO 189 PCM E MOTOR DIESEL DE 63 CV- DEPRECIAÇÃO. AF_03/2016","H",3.61]
[null,93405,"MÁQUINA JATO DE PRESSAO PORTÁTIL PARA JATEAMENTO, CONTROLE AUTOMATICO REMOTO, CAMARA DE 1 SAIDA, CAPACIDADE 280 L, DIAMETRO 670 MM, BICO DE JATO CURTO VENTURI DE 5/16\u0094, MANGUEIRA DE 1\u0094 COM COMPRESSOR DE AR REBOCÁVEL VAZÃO 189 PCM E MOTOR DIESEL DE 63 CV- JUROS. AF_03/2016","H",0.71]
[null,93406,"MÁQUINA JATO DE PRESSAO PORTÁTIL PARA JATEAMENTO, CONTROLE AUTOMATICO REMOTO, CAMARA DE 1 SAIDA, CAPACIDADE 280 L, DIAMETRO 670 MM, BICO DE JATO CURTO VENTURI DE 5/16\u0094, MANGUEIRA DE 1\u0094 COM COMPRESSOR DE AR REBOCÁVEL VAZÃO 189 PCM E MOTOR DIESEL DE 63 CV- MANUTENÇÃO. AF_03/2016","H",4.5199999999999996]
[null,93407,"MÁQUINA JATO DE PRESSAO PORTÁTIL PARA JATEAMENTO, CONTROLE AUTOMATICO REMOTO, CAMARA DE 1 SAIDA, CAPACIDADE 280 L, DIAMETRO 670 MM, BICO DE JATO CURTO VENTURI DE 5/16\u0094, MANGUEIRA DE 1\u0094 COM COMPRESSOR DE AR REBOCÁVEL VAZÃO 189 PCM E MOTOR DIESEL DE 63 CV- MATERIAIS NA OPERAÇÃO. AF_03/2016","H",30.06]
[null,93411,"GERADOR PORTÁTIL MONOFÁSICO, POTÊNCIA 5500 VA, MOTOR A GASOLINA, POTÊNCIA DO MOTOR 13 CV - DEPRECIAÇÃO. AF_03/2016","H",0.14000000000000001]
[null,93412,"GERADOR PORTÁTIL MONOFÁSICO, POTÊNCIA 5500 VA, MOTOR A GASOLINA, POTÊNCIA DO MOTOR 13 CV - JUROS. AF_03/2016","H",0.04]
[null,93413,"GERADOR PORTÁTIL MONOFÁSICO, POTÊNCIA 5500 VA, MOTOR A GASOLINA, POTÊNCIA DO MOTOR 13 CV - MANUTENÇÃO. AF_03/2016","H",0.12]
[null,93414,"GERADOR PORTÁTIL MONOFÁSICO, POTÊNCIA 5500 VA, MOTOR A GASOLINA, POTÊNCIA DO MOTOR 13 CV - MATERIAIS NA OPERAÇÃO. AF_03/2016","H",8.2100000000000009]
[null,93417,"GRUPO GERADOR REBOCÁVEL, POTÊNCIA 66 KVA, MOTOR A DIESEL - DEPRECIAÇÃO. AF_03/2016","H",1.88]
[null,93418,"GRUPO GERADOR REBOCÁVEL, POTÊNCIA 66 KVA, MOTOR A DIESEL - JUROS. AF_03/2016","H",0.64]
[null,93419,"GRUPO GERADOR REBOCÁVEL, POTÊNCIA 66 KVA, MOTOR A DIESEL - MANUTENÇÃO. AF_03/2016","H",1.67]
[null,93420,"GRUPO GERADOR REBOCÁVEL, POTÊNCIA 66 KVA, MOTOR A DIESEL - MATERIAIS NA OPERAÇÃO. AF_03/2016","H",38.229999999999997]
[null,93423,"GRUPO GERADOR ESTACIONÁRIO, POTÊNCIA 150 KVA, MOTOR A DIESEL- DEPRECIAÇÃO. AF_03/2016","H",2.66]
[null,93424,"GRUPO GERADOR ESTACIONÁRIO, POTÊNCIA 150 KVA, MOTOR A DIESEL- JUROS. AF_03/2016","H",0.91]
[null,93425,"GRUPO GERADOR ESTACIONÁRIO, POTÊNCIA 150 KVA, MOTOR A DIESEL- MANUTENÇÃO. AF_03/2016","H",2.37]
[null,93426,"GRUPO GERADOR ESTACIONÁRIO, POTÊNCIA 150 KVA, MOTOR A DIESEL- MATERIAIS NA OPERAÇÃO. AF_03/2016","H",91.36]
[null,93429,"USINA DE MISTURA ASFÁLTICA À QUENTE, TIPO CONTRA FLUXO, PROD 40 A 80 TON/HORA - DEPRECIAÇÃO. AF_03/2016","H",64.400000000000006]
[null,93430,"USINA DE MISTURA ASFÁLTICA À QUENTE, TIPO CONTRA FLUXO, PROD 40 A 80 TON/HORA - JUROS. AF_03/2016","H",22.05]
[null,93431,"USINA DE MISTURA ASFÁLTICA À QUENTE, TIPO CONTRA FLUXO, PROD 40 A 80 TON/HORA - MANUTENÇÃO. AF_03/2016","H",103.52]
[null,93432,"USINA DE MISTURA ASFÁLTICA À QUENTE, TIPO CONTRA FLUXO, PROD 40 A 80 TON/HORA - MATERIAIS NA OPERAÇÃO. AF_03/2016","H",1728]
[null,93435,"USINA DE ASFALTO À FRIO, CAPACIDADE DE 40 A 60 TON/HORA, ELÉTRICA POTÊNCIA 30 CV - DEPRECIAÇÃO. AF_03/2016","H",3.48]
[null,93436,"USINA DE ASFALTO À FRIO, CAPACIDADE DE 40 A 60 TON/HORA, ELÉTRICA POTÊNCIA 30 CV - JUROS. AF_03/2016","H",1.39]
[null,93437,"USINA DE ASFALTO À FRIO, CAPACIDADE DE 40 A 60 TON/HORA, ELÉTRICA POTÊNCIA 30 CV - MANUTENÇÃO. AF_03/2016","H",6.53]
[null,93438,"USINA DE ASFALTO À FRIO, CAPACIDADE DE 40 A 60 TON/HORA, ELÉTRICA POTÊNCIA 30 CV - MATERIAIS NA OPERAÇÃO. AF_03/2016","H",16.95]
[null,95114,"MARTELETE OU ROMPEDOR PNEUMÁTICO MANUAL, 28 KG, COM SILENCIADOR - DEPRECIAÇÃO. AF_07/2016","H",1.1599999999999999]
[null,95115,"MARTELETE OU ROMPEDOR PNEUMÁTICO MANUAL, 28 KG, COM SILENCIADOR - JUROS. AF_07/2016","H",0.26]
[null,95116,"USINA DE CONCRETO FIXA, CAPACIDADE NOMINAL DE 90 A 120 M3/H, SEM SILO - DEPRECIAÇÃO. AF_07/2016","H",31.99]
[null,95117,"USINA DE CONCRETO FIXA, CAPACIDADE NOMINAL DE 90 A 120 M3/H, SEM SILO - JUROS. AF_07/2016","H",9.59]
[null,95118,"USINA MISTURADORA DE SOLOS, CAPACIDADE DE 200 A 500 TON/H, POTENCIA 75KW - DEPRECIAÇÃO. AF_07/2016","H",33.22]
[null,95119,"USINA MISTURADORA DE SOLOS, CAPACIDADE DE 200 A 500 TON/H, POTENCIA 75KW - JUROS. AF_07/2016","H",11.37]
[null,95120,"USINA MISTURADORA DE SOLOS, CAPACIDADE DE 200 A 500 TON/H, POTENCIA 75KW - MATERIAIS NA OPERAÇÃO. AF_07/2016","H",29.96]
[null,95123,"DISTRIBUIDOR DE AGREGADOS AUTOPROPELIDO, CAP 3 M3, A DIESEL, POTÊNCIA 176CV - DEPRECIAÇÃO. AF_07/2016","H",10.01]
[null,95124,"DISTRIBUIDOR DE AGREGADOS AUTOPROPELIDO, C/AP 3 M3, A DIESEL, POTÊNCIA 176CV - JUROS. AF_07/2016","H",3]
[null,95125,"DISTRIBUIDOR DE AGREGADOS AUTOPROPELIDO, CAP 3 M3, A DIESEL, POTÊNCIA 176CV - MANUTENÇÃO. AF_07/2016","H",10.96]
[null,95126,"DISTRIBUIDOR DE AGREGADOS AUTOPROPELIDO, CAP 3 M3, A DIESEL, POTÊNCIA 176CV \u0096 MATERIAIS NA OPERAÇÃO. AF_07/2016","H",83.95]
[null,95129,"MÁQUINA DEMARCADORA DE FAIXA DE TRÁFEGO À FRIO, AUTOPROPELIDA, POTÊNCIA 38 HP - DEPRECIAÇÃO. AF_07/2016","H",17.77]
[null,95130,"MÁQUINA DEMARCADORA DE FAIXA DE TRÁFEGO À FRIO, AUTOPROPELIDA, POTÊNCIA 38 HP - JUROS. AF_07/2016","H",6.22]
[null,95131,"MÁQUINA DEMARCADORA DE FAIXA DE TRÁFEGO À FRIO, AUTOPROPELIDA, POTÊNCIA 38 HP - MANUTENÇÃO. AF_07/2016","H",33.32]
[null,95132,"MÁQUINA DEMARCADORA DE FAIXA DE TRÁFEGO À FRIO, AUTOPROPELIDA, POTÊNCIA 38 HP - MATERIAIS NA OPERAÇÃO. AF_07/2016","H",18.36]
[null,95136,"TALHA MANUAL DE CORRENTE, CAPACIDADE DE 2 TON. COM ELEVAÇÃO DE 3 M - DEPRECIAÇÃO. AF_07/2016","H",0.03]
[null,95137,"TALHA MANUAL DE CORRENTE, CAPACIDADE DE 2 TON. COM ELEVAÇÃO DE 3 M - JUROS. AF_07/2016","H",0.01]
[null,95138,"TALHA MANUAL DE CORRENTE, CAPACIDADE DE 2 TON. COM ELEVAÇÃO DE 3 M - MANUTENÇÃO. AF_07/2016","H",0.02]
[null,95208,"GRUA ASCENCIONAL, LANÇA DE 42 M, CAPACIDADE DE 1,5 T A 30 M, ALTURA ATÉ 39 M \u0096 DEPRECIAÇÃO. AF_08/2016","H",24.66]
[null,95209,"GRUA ASCENCIONAL, LANCA DE 42 M, CAPACIDADE DE 1,5 T A 30 M, ALTURA ATE 39 M \u0096 JUROS. AF_08/2016","H",5.54]
[null,95210,"GRUA ASCENCIONAL, LANCA DE 42 M, CAPACIDADE DE 1,5 T A 30 M, ALTURA ATE 39 M \u0096 MANUTENÇÃO. AF_08/2016","H",26.97]
[null,95211,"GRUA ASCENCIONAL, LANCA DE 42 M, CAPACIDADE DE 1,5 T A 30 M, ALTURA ATE 39 M \u0096 MATERIAIS NA OPERAÇÃO. AF_08/2016","H",4.3899999999999997]
[null,95214,"PULVERIZADOR DE TINTA ELÉTRICO/MÁQUINA DE PINTURA AIRLESS, VAZÃO 2 L/MIN - DEPRECIAÇÃO. AF_08/2016","H",0.51]
[null,95215,"PULVERIZADOR DE TINTA ELÉTRICO/MÁQUINA DE PINTURA AIRLESS, VAZÃO 2 L/MIN - JUROS. AF_08/2016","H",0.1]
[null,95216,"PULVERIZADOR DE TINTA ELÉTRICO/MÁQUINA DE PINTURA AIRLESS, VAZÃO 2 L/MIN - MANUTENÇÃO. AF_08/2016","H",0.35]
[null,95217,"PULVERIZADOR DE TINTA ELÉTRICO/MÁQUINA DE PINTURA AIRLESS, VAZÃO 2 L/MIN - MATERIAIS NA OPERAÇÃO. AF_08/2016","H",0.28999999999999998]
[null,95255,"MARTELO DEMOLIDOR PNEUMÁTICO MANUAL, 32 KG - DEPRECIAÇÃO. AF_09/2016","H",1.03]
[null,95256,"MARTELO DEMOLIDOR PNEUMÁTICO MANUAL, 32 KG - JUROS. AF_09/2016","H",0.23]
[null,95257,"MARTELO DEMOLIDOR PNEUMÁTICO MANUAL, 32 KG - MANUTENÇÃO. AF_09/2016","H",1.29]
[null,95260,"COMPACTADOR DE SOLOS DE PERCUSÃO (SOQUETE) COM MOTOR A GASOLINA, POTÊNCIA 3 CV - DEPRECIAÇÃO. AF_09/2016","H",0.51]
[null,95261,"COMPACTADOR DE SOLOS DE PERCUSÃO (SOQUETE) COM MOTOR A GASOLINA, POTÊNCIA 3 CV - JUROS. AF_09/2016","H",0.22]
[null,95262,"COMPACTADOR DE SOLOS DE PERCUSÃO (SOQUETE) COM MOTOR A GASOLINA, POTÊNCIA 3 CV - MANUTENÇÃO. AF_09/2016","H",1.07]
[null,95263,"COMPACTADOR DE SOLOS DE PERCUSÃO (SOQUETE) COM MOTOR A GASOLINA, POTÊNCIA 3 CV - MATERIAIS NA OPERAÇÃO. AF_09/2016","H",1.89]
[null,95266,"RÉGUA VIBRATÓRIA DUPLA PARA CONCRETO, PESO DE 60KG, COMPRIMENTO 4 M, COM MOTOR A GASOLINA, POTÊNCIA 5,5 HP - DEPRECIAÇÃO. AF_09/2016","H",0.41]
[null,95267,"RÉGUA VIBRATÓRIA DUPLA PARA CONCRETO, PESO DE 60KG, COMPRIMENTO 4 M, COM MOTOR A GASOLINA, POTÊNCIA 5,5 HP - JUROS. AF_09/2016","H",0.08]
[null,95268,"RÉGUA VIBRATÓRIA DUPLA PARA CONCRETO, PESO DE 60KG, COMPRIMENTO 4 M, COM MOTOR A GASOLINA, POTÊNCIA 5,5 HP - MANUTENÇÃO. AF_09/2016","H",0.4]
[null,95269,"RÉGUA VIBRATÓRIA DUPLA PARA CONCRETO, PESO DE 60KG, COMPRIMENTO 4 M, COM MOTOR A GASOLINA, POTÊNCIA 5,5 HP \u0096 MATERIAIS NA OPERAÇÃO. AF_09/2016","H",3.52]
[null,95272,"POLIDORA DE PISO (POLITRIZ), PESO DE 100KG, DIÂMETRO 450 MM, MOTOR ELÉTRICO, POTÊNCIA 4 HP - DEPRECIAÇÃO. AF_09/2016","H",0.4]
[null,95273,"POLIDORA DE PISO (POLITRIZ), PESO DE 100KG, DIÂMETRO 450 MM, MOTOR ELÉTRICO, POTÊNCIA 4 HP - JUROS. AF_09/2016","H",0.09]
[null,95274,"POLIDORA DE PISO (POLITRIZ), PESO DE 100KG, DIÂMETRO 450 MM, MOTOR ELÉTRICO, POTÊNCIA 4 HP - MANUTENÇÃO. AF_09/2016","H",0.31]
[null,95275,"POLIDORA DE PISO (POLITRIZ), PESO DE 100KG, DIÂMETRO 450 MM, MOTOR ELÉTRICO, POTÊNCIA 4 HP \u0096 MATERIAIS NA OPERAÇÃO. AF_09/2016","H",1.19]
[null,95278,"DESEMPENADEIRA DE CONCRETO, PESO DE 75KG, 4 PÁS, MOTOR A GASOLINA, POTÊNCIA 5,5 HP - DEPRECIAÇÃO. AF_09/2016","H",0.44]
[null,95279,"DESEMPENADEIRA DE CONCRETO, PESO DE 75KG, 4 PÁS, MOTOR A GASOLINA, POTÊNCIA 5,5 HP - JUROS. AF_09/2016","H",0.09]
[null,95280,"DESEMPENADEIRA DE CONCRETO, PESO DE 75KG, 4 PÁS, MOTOR A GASOLINA, POTÊNCIA 5,5 HP - MANUTENÇÃO. AF_09/2016","H",0.34]
[null,95281,"DESEMPENADEIRA DE CONCRETO, PESO DE 75KG, 4 PÁS, MOTOR A GASOLINA, POTÊNCIA 5,5 HP \u0096 MATERIAIS NA OPERAÇÃO. AF_09/2016","H",3.52]
[null,95617,"PERFURATRIZ PNEUMATICA MANUAL DE PESO MEDIO, MARTELETE, 18KG, COMPRIMENTO MÁXIMO DE CURSO DE 6 M, DIAMETRO DO PISTAO DE 5,5 CM - DEPRECIAÇÃO. AF_11/2016","H",0.84]
[null,95618,"PERFURATRIZ PNEUMATICA MANUAL DE PESO MEDIO, MARTELETE, 18KG, COMPRIMENTO MÁXIMO DE CURSO DE 6 M, DIAMETRO DO PISTAO DE 5,5 CM - JUROS. AF_11/2016","H",0.19]
[null,95619,"PERFURATRIZ PNEUMATICA MANUAL DE PESO MEDIO, MARTELETE, 18KG, COMPRIMENTO MÁXIMO DE CURSO DE 6 M, DIAMETRO DO PISTAO DE 5,5 CM - MANUTENÇÃO. AF_11/2016","H",1.06]
[null,95627,"ROLO COMPACTADOR VIBRATORIO TANDEM, ACO LISO, POTENCIA 125 HP, PESO SEM/COM LASTRO 10,20/11,65 T, LARGURA DE TRABALHO 1,73 M - DEPRECIAÇÃO. AF_11/2016","H",19.89]
[null,95628,"ROLO COMPACTADOR VIBRATORIO TANDEM, ACO LISO, POTENCIA 125 HP, PESO SEM/COM LASTRO 10,20/11,65 T, LARGURA DE TRABALHO 1,73 M - JUROS. AF_11/2016","H",5.22]
[null,95629,"ROLO COMPACTADOR VIBRATORIO TANDEM, ACO LISO, POTENCIA 125 HP, PESO SEM/COM LASTRO 10,20/11,65 T, LARGURA DE TRABALHO 1,73 M - MANUTENÇÃO. AF_11/2016","H",24.89]
[null,95630,"ROLO COMPACTADOR VIBRATORIO TANDEM, ACO LISO, POTENCIA 125 HP, PESO SEM/COM LASTRO 10,20/11,65 T, LARGURA DE TRABALHO 1,73 M - MATERIAIS NA OPERAÇÃO. AF_11/2016","H",60.44]
[null,95698,"PERFURATRIZ MANUAL, TORQUE MAXIMO 55 KGF.M, POTENCIA 5 CV, COM DIAMETRO MAXIMO 8 1/2\" - DEPRECIAÇÃO. AF_11/2016","H",3.44]
[null,95699,"PERFURATRIZ MANUAL, TORQUE MAXIMO 55 KGF.M, POTENCIA 5 CV, COM DIAMETRO MAXIMO 8 1/2\" - JUROS. AF_11/2016","H",0.77]
[null,95700,"PERFURATRIZ MANUAL, TORQUE MAXIMO 55 KGF.M, POTENCIA 5 CV, COM DIAMETRO MAXIMO 8 1/2\" - MANUTENÇÃO. AF_11/2016","H",4.3]
[null,95701,"PERFURATRIZ MANUAL, TORQUE MAXIMO 55 KGF.M, POTENCIA 5 CV, COM DIAMETRO MAXIMO 8 1/2\" - MATERIAIS NA OPERAÇÃO. AF_11/2016","H",1.47]
[null,95704,"PERFURATRIZ SOBRE ESTEIRA, TORQUE MÁXIMO 600 KGF, POTÊNCIA ENTRE 50 E 60 HP, DIÂMETRO MÁXIMO 10\u0094 - DEPRECIAÇÃO. AF_11/2016","H",22.45]
[null,95705,"PERFURATRIZ SOBRE ESTEIRA, TORQUE MÁXIMO 600 KGF, POTÊNCIA ENTRE 50 E 60 HP, DIÂMETRO MÁXIMO 10\u0094 - JUROS. AF_11/2016","H",5.89]
[null,95706,"PERFURATRIZ SOBRE ESTEIRA, TORQUE MÁXIMO 600 KGF, POTÊNCIA ENTRE 50 E 60 HP, DIÂMETRO MÁXIMO 10\u0094 - MANUTENÇÃO. AF_11/2016","H",28.09]
[null,95707,"PERFURATRIZ SOBRE ESTEIRA, TORQUE MÁXIMO 600 KGF, POTÊNCIA ENTRE 50 E 60 HP, DIÂMETRO MÁXIMO 10\u0094 - MATERIAIS NA OPERAÇÃO. AF_11/2016","H",16.39]
[null,95710,"ESCAVADEIRA HIDRAULICA SOBRE ESTEIRA, COM GARRA GIRATORIA DE MANDIBULAS, PESO OPERACIONAL ENTRE 22,00 E 25,50 TON, POTENCIA LIQUIDA ENTRE 150 E 160 HP - DEPRECIAÇÃO. AF_11/2016","H",26.98]
[null,95711,"ESCAVADEIRA HIDRAULICA SOBRE ESTEIRA, COM GARRA GIRATORIA DE MANDIBULAS, PESO OPERACIONAL ENTRE 22,00 E 25,50 TON, POTENCIA LIQUIDA ENTRE 150 E 160 HP - JUROS. AF_11/2016","H",6.93]
[null,95712,"ESCAVADEIRA HIDRAULICA SOBRE ESTEIRA, COM GARRA GIRATORIA DE MANDIBULAS, PESO OPERACIONAL ENTRE 22,00 E 25,50 TON, POTENCIA LIQUIDA ENTRE 150 E 160 HP - MANUTENÇÃO. AF_11/2016","H",33.729999999999997]
[null,95713,"ESCAVADEIRA HIDRAULICA SOBRE ESTEIRA, COM GARRA GIRATORIA DE MANDIBULAS, PESO OPERACIONAL ENTRE 22,00 E 25,50 TON, POTENCIA LIQUIDA ENTRE 150 E 160 HP - MATERIAIS NA OPERAÇÃO. AF_11/2016","H",74.91]
[null,95716,"ESCAVADEIRA HIDRAULICA SOBRE ESTEIRA, EQUIPADA COM CLAMSHELL, COM CAPACIDADE DA CAÇAMBA ENTRE 1,20 E 1,50 M3, PESO OPERACIONAL ENTRE 20,00 E 22,00 TON, POTENCIA LIQUIDA ENTRE 150 E 160 HP - DEPRECIAÇÃO. AF_11/2016","H",25.97]
[null,95717,"ESCAVADEIRA HIDRAULICA SOBRE ESTEIRA, EQUIPADA COM CLAMSHELL, COM CAPACIDADE DA CAÇAMBA ENTRE 1,20 E 1,50 M3, PESO OPERACIONAL ENTRE 20,00 E 22,00 TON, POTENCIA LIQUIDA ENTRE 150 E 160 HP - JUROS. AF_11/2016","H",6.68]
[null,95718,"ESCAVADEIRA HIDRAULICA SOBRE ESTEIRA, EQUIPADA COM CLAMSHELL, COM CAPACIDADE DA CAÇAMBA ENTRE 1,20 E 1,50 M3, PESO OPERACIONAL ENTRE 20,00 E 22,00 TON, POTENCIA LIQUIDA ENTRE 150 E 160 HP - MANUTENÇÃO. AF_11/2016","H",32.47]
[null,95719,"ESCAVADEIRA HIDRAULICA SOBRE ESTEIRA, EQUIPADA COM CLAMSHELL, COM CAPACIDADE DA CAÇAMBA ENTRE 1,20 E 1,50 M3, PESO OPERACIONAL ENTRE 20,00 E 22,00 TON, POTENCIA LIQUIDA ENTRE 150 E 160 HP - MATERIAIS NA OPERAÇÃO. AF_11/2016","H",74.91]
[null,95869,"GRUPO GERADOR COM CARENAGEM, MOTOR DIESEL POTÊNCIA STANDART ENTRE 250 E 260 KVA - JUROS. AF_12/2016","H",1.45]
[null,95870,"GRUPO GERADOR COM CARENAGEM, MOTOR DIESEL POTÊNCIA STANDART ENTRE 250 E 260 KVA - MANUTENÇÃO. AF_12/2016","H",3.79]
[null,95871,"GRUPO GERADOR COM CARENAGEM, MOTOR DIESEL POTÊNCIA STANDART ENTRE 250 E 260 KVA - MATERIAIS NA OPERAÇÃO. AF_12/2016","H",155.66]
[null,95874,"GRUPO GERADOR COM CARENAGEM, MOTOR DIESEL POTÊNCIA STANDART ENTRE 250 E 260 KVA - DEPRECIAÇÃO. AF_12/2016","H",4.25]
[null,96008,"TRATOR DE PNEUS COM POTÊNCIA DE 122 CV, TRAÇÃO 4X4, COM VASSOURA MECÂNICA ACOPLADA - DEPRECIAÇÃO. AF_02/2017","H",10.33]
[null,96009,"TRATOR DE PNEUS COM POTÊNCIA DE 122 CV, TRAÇÃO 4X4, COM VASSOURA MECÂNICA ACOPLADA - JUROS. AF_02/2017","H",2.71]
[null,96011,"TRATOR DE PNEUS COM POTÊNCIA DE 122 CV, TRAÇÃO 4X4, COM VASSOURA MECÂNICA ACOPLADA - MANUTENÇÃO. AF_02/2017","H",11.3]
[null,96012,"TRATOR DE PNEUS COM POTÊNCIA DE 122 CV, TRAÇÃO 4X4, COM VASSOURA MECÂNICA ACOPLADA - MATERIAIS NA OPERAÇÃO. AF_02/2017","H",58.17]
[null,96015,"TRATOR DE PNEUS COM POTÊNCIA DE 122 CV, TRAÇÃO 4X4, COM GRADE DE DISCOS ACOPLADA - DEPRECIAÇÃO. AF_02/2017","H",10.24]
[null,96016,"TRATOR DE PNEUS COM POTÊNCIA DE 122 CV, TRAÇÃO 4X4, COM GRADE DE DISCOS ACOPLADA - JUROS. AF_02/2017","H",2.68]
[null,96018,"TRATOR DE PNEUS COM POTÊNCIA DE 122 CV, TRAÇÃO 4X4, COM GRADE DE DISCOS ACOPLADA - MANUTENÇÃO. AF_02/2017","H",11.2]
[null,96019,"TRATOR DE PNEUS COM POTÊNCIA DE 122 CV, TRAÇÃO 4X4, COM GRADE DE DISCOS ACOPLADA - MATERIAIS NA OPERAÇÃO. AF_02/2017","H",58.17]
[null,96023,"TRATOR DE PNEUS COM POTÊNCIA DE 85 CV, TRAÇÃO 4X4, COM GRADE DE DISCOS ACOPLADA - DEPRECIAÇÃO. AF_02/2017","H",7.91]
[null,96024,"TRATOR DE PNEUS COM POTÊNCIA DE 85 CV, TRAÇÃO 4X4, COM GRADE DE DISCOS ACOPLADA - JUROS. AF_02/2017","H",2.0699999999999998]
[null,96026,"TRATOR DE PNEUS COM POTÊNCIA DE 85 CV, TRAÇÃO 4X4, COM GRADE DE DISCOS ACOPLADA - MANUTENÇÃO. AF_02/2017","H",8.65]
[null,96027,"TRATOR DE PNEUS COM POTÊNCIA DE 85 CV, TRAÇÃO 4X4, COM GRADE DE DISCOS ACOPLADA - MATERIAIS NA OPERAÇÃO. AF_02/2017","H",40.53]
[null,96030,"CAMINHÃO BASCULANTE 10 M3, TRUCADO, POTÊNCIA 230 CV, INCLUSIVE CAÇAMBA METÁLICA, COM DISTRIBUIDOR DE AGREGADOS ACOPLADO - DEPRECIAÇÃO. AF_02/2017","H",13.58]
[null,96031,"CAMINHÃO BASCULANTE 10 M3, TRUCADO, POTÊNCIA 230 CV, INCLUSIVE CAÇAMBA METÁLICA, COM DISTRIBUIDOR DE AGREGADOS ACOPLADO - JUROS. AF_02/2017","H",4.75]
[null,96032,"CAMINHÃO BASCULANTE 10 M3, TRUCADO, POTÊNCIA 230 CV, INCLUSIVE CAÇAMBA METÁLICA, COM DISTRIBUIDOR DE AGREGADOS ACOPLADO - IMPOSTOS E SEGUROS. AF_02/2017","H",0.97]
[null,96033,"CAMINHÃO BASCULANTE 10 M3, TRUCADO, POTÊNCIA 230 CV, INCLUSIVE CAÇAMBA METÁLICA, COM DISTRIBUIDOR DE AGREGADOS ACOPLADO - MANUTENÇÃO. AF_02/2017","H",25.49]
[null,96034,"CAMINHÃO BASCULANTE 10 M3, TRUCADO, POTÊNCIA 230 CV, INCLUSIVE CAÇAMBA METÁLICA, COM DISTRIBUIDOR DE AGREGADOS ACOPLADO - MATERIAIS NA OPERAÇÃO. AF_02/2017","H",109.69]
[null,96053,"TRATOR DE PNEUS COM POTÊNCIA DE 85 CV, TRAÇÃO 4X4, COM VASSOURA MECÂNICA ACOPLADA - DEPRECIAÇÃO. AF_03/2017","H",8]
[null,96054,"MINICARREGADEIRA SOBRE RODAS POTENCIA 47HP CAPACIDADE OPERACAO 646 KG, COM VASSOURA MECÂNICA ACOPLADA - DEPRECIAÇÃO. AF_03/2017","H",12.82]
[null,96055,"TRATOR DE PNEUS COM POTÊNCIA DE 85 CV, TRAÇÃO 4X4, COM VASSOURA MECÂNICA ACOPLADA - JUROS. AF_03/2017","H",2.1]
[null,96056,"TRATOR DE PNEUS COM POTÊNCIA DE 85 CV, TRAÇÃO 4X4, COM VASSOURA MECÂNICA ACOPLADA - MANUTENÇÃO. AF_03/2017","H",8.75]
[null,96057,"TRATOR DE PNEUS COM POTÊNCIA DE 85 CV, TRAÇÃO 4X4, COM VASSOURA MECÂNICA ACOPLADA - MATERIAIS NA OPERAÇÃO. AF_03/2017","H",40.53]
[null,96060,"MINICARREGADEIRA SOBRE RODAS POTENCIA 47HP CAPACIDADE OPERACAO 646 KG, COM VASSOURA MECÂNICA ACOPLADA - JUROS. AF_03/2017","H",2.46]
[null,96061,"MINICARREGADEIRA SOBRE RODAS POTENCIA 47HP CAPACIDADE OPERACAO 646 KG, COM VASSOURA MECÂNICA ACOPLADA - MANUTENÇÃO. AF_03/2017","H",16.02]
[null,96062,"MINICARREGADEIRA SOBRE RODAS POTENCIA 47HP CAPACIDADE OPERACAO 646 KG, COM VASSOURA MECÂNICA ACOPLADA - MATERIAIS NA OPERAÇÃO. AF_03/2017","H",22.71]
[null,96241,"MINIESCAVADEIRA SOBRE ESTEIRAS, POTENCIA LIQUIDA DE *30* HP, PESO OPERACIONAL DE *3.500* KG - DEPRECIACAO. AF_04/2017","H",11.05]
[null,96242,"MINIESCAVADEIRA SOBRE ESTEIRAS, POTENCIA LIQUIDA DE *30* HP, PESO OPERACIONAL DE *3.500* KG - JUROS. AF_04/2017","H",2.84]
[null,96243,"MINIESCAVADEIRA SOBRE ESTEIRAS, POTENCIA LIQUIDA DE *30* HP, PESO OPERACIONAL DE *3.500* KG - MANUTENCAO. AF_04/2017","H",13.81]
[null,96244,"MINIESCAVADEIRA SOBRE ESTEIRAS, POTENCIA LIQUIDA DE *30* HP, PESO OPERACIONAL DE *3.500* KG - MATERIAIS NA OPERACAO. AF_04/2017","H",14.5]
[null,96298,"PERFURATRIZ ROTATIVA SOBRE ESTEIRA, TORQUE MAXIMO 2500 KGM, POTENCIA 110 HP, MOTOR DIESEL - DEPRECIAÇÃO. AF_05/2017","H",35.049999999999997]
[null,96299,"PERFURATRIZ ROTATIVA SOBRE ESTEIRA, TORQUE MAXIMO 2500 KGM, POTENCIA 110 HP, MOTOR DIESEL - JUROS. AF_05/2017","H",9.1999999999999993]
[null,96300,"PERFURATRIZ ROTATIVA SOBRE ESTEIRA, TORQUE MAXIMO 2500 KGM, POTENCIA 110 HP, MOTOR DIESEL - MANUTENÇÃO. AF_05/2017","H",43.86]
[null,96301,"PERFURATRIZ ROTATIVA SOBRE ESTEIRA, TORQUE MAXIMO 2500 KGM, POTENCIA 110 HP, MOTOR DIESEL - MATERIAIS NA OPERAÇÃO. AF_05/2017","H",53.17]
[null,96304,"COMPRESSOR DE AR, VAZAO DE 10 PCM, RESERVATORIO 100 L, PRESSAO DE TRABALHO ENTRE 6,9 E 9,7 BAR,  POTENCIA 2 HP, TENSAO 110/220 V - DEPRECIAÇÃO. AF_05/2017","H",0.09]
[null,96305,"COMPRESSOR DE AR, VAZAO DE 10 PCM, RESERVATORIO 100 L, PRESSAO DE TRABALHO ENTRE 6,9 E 9,7 BAR,  POTENCIA 2 HP, TENSAO 110/220 V - JUROS. AF_05/2017","H",0.02]
[null,96306,"COMPRESSOR DE AR, VAZAO DE 10 PCM, RESERVATORIO 100 L, PRESSAO DE TRABALHO ENTRE 6,9 E 9,7 BAR,  POTENCIA 2 HP, TENSAO 110/220 V - MANUTENÇÃO. AF_05/2017","H",0.11]
[null,96307,"COMPRESSOR DE AR, VAZAO DE 10 PCM, RESERVATORIO 100 L, PRESSAO DE TRABALHO ENTRE 6,9 E 9,7 BAR, POTENCIA 2 HP, TENSAO 110/220 V - MATERIAIS NA OPERAÇÃO. AF_05/2017","H",0.59]
[null,96457,"ROLO COMPACTADOR DE PNEUS, ESTATICO, PRESSAO VARIAVEL, POTENCIA 110 HP, PESO SEM/COM LASTRO 10,8/27 T, LARGURA DE ROLAGEM 2,30 M - MATERIAIS NA OPERACAO. AF_06/2017","H",53.17]
[null,96458,"ROLO COMPACTADOR DE PNEUS, ESTATICO, PRESSAO VARIAVEL, POTENCIA 110 HP, PESO SEM/COM LASTRO 10,8/27 T, LARGURA DE ROLAGEM 2,30 M - MANUTENCAO. AF_06/2017","H",27.61]
[null,96459,"ROLO COMPACTADOR DE PNEUS, ESTATICO, PRESSAO VARIAVEL, POTENCIA 110 HP, PESO SEM/COM LASTRO 10,8/27 T, LARGURA DE ROLAGEM 2,30 M - JUROS. AF_06/2017","H",5.79]
[null,96460,"ROLO COMPACTADOR DE PNEUS, ESTATICO, PRESSAO VARIAVEL, POTENCIA 110 HP, PESO SEM/COM LASTRO 10,8/27 T, LARGURA DE ROLAGEM 2,30 M - DEPRECIAÇÃO. AF_06/2017","H",22.06]
[null,55960,"IMUNIZACAO DE MADEIRAMENTO PARA COBERTURA UTILIZANDO CUPINICIDA INCOLOR","M²",5.05]
[null,72085,"RECOLOCACAO DE RIPAS EM MADEIRAMENTO DE TELHADO, CONSIDERANDO REAPROVEITAMENTO DE MATERIAL","M",1.72]
[null,72086,"RECOLOCACAO DE MADEIRAMENTO DO TELHADO - CAIBROS, CONSIDERANDO REAPROVEITAMENTO DE MATERIAL","M",5.27]
[null,92259,"INSTALAÇÃO DE TESOURA (INTEIRA OU MEIA), BIAPOIADA, EM MADEIRA NÃO APARELHADA, PARA VÃOS MAIORES OU IGUAIS A 3,0 M E MENORES QUE 6,0 M, INCLUSO IÇAMENTO. AF_12/2015","UN",322.52]
[null,92260,"INSTALAÇÃO DE TESOURA (INTEIRA OU MEIA), BIAPOIADA, EM MADEIRA NÃO APARELHADA, PARA VÃOS MAIORES OU IGUAIS A 6,0 M E MENORES QUE 8,0 M, INCLUSO IÇAMENTO. AF_12/2015","UN",365]
[null,92261,"INSTALAÇÃO DE TESOURA (INTEIRA OU MEIA), BIAPOIADA, EM MADEIRA NÃO APARELHADA, PARA VÃOS MAIORES OU IGUAIS A 8,0 M E MENORES QUE 10,0 M, INCLUSO IÇAMENTO. AF_12/2015","UN",406.17]
[null,92262,"INSTALAÇÃO DE TESOURA (INTEIRA OU MEIA), BIAPOIADA, EM MADEIRA NÃO APARELHADA, PARA VÃOS MAIORES OU IGUAIS A 10,0 M E MENORES QUE 12,0 M, INCLUSO IÇAMENTO. AF_12/2015","UN",472.47]
[null,92539,"TRAMA DE MADEIRA COMPOSTA POR RIPAS, CAIBROS E TERÇAS PARA TELHADOS DE ATÉ 2 ÁGUAS PARA TELHA DE ENCAIXE DE CERÂMICA OU DE CONCRETO, INCLUSO TRANSPORTE VERTICAL. AF_12/2015","M²",56.54]
[null,92540,"TRAMA DE MADEIRA COMPOSTA POR RIPAS, CAIBROS E TERÇAS PARA TELHADOS DE MAIS QUE 2 ÁGUAS PARA TELHA DE ENCAIXE DE CERÂMICA OU DE CONCRETO, INCLUSO TRANSPORTE VERTICAL. AF_12/2015","M²",62.96]
[null,92541,"TRAMA DE MADEIRA COMPOSTA POR RIPAS, CAIBROS E TERÇAS PARA TELHADOS DE ATÉ 2 ÁGUAS PARA TELHA CERÂMICA CAPA-CANAL, INCLUSO TRANSPORTE VERTICAL. AF_12/2015","M²",61.78]
[null,92542,"TRAMA DE MADEIRA COMPOSTA POR RIPAS, CAIBROS E TERÇAS PARA TELHADOS DE MAIS QUE 2 ÁGUAS PARA TELHA CERÂMICA CAPA-CANAL, INCLUSO TRANSPORTE VERTICAL. AF_12/2015","M²",74.48]
[null,92543,"TRAMA DE MADEIRA COMPOSTA POR TERÇAS PARA TELHADOS DE ATÉ 2 ÁGUAS PARA TELHA ONDULADA DE FIBROCIMENTO, METÁLICA, PLÁSTICA OU TERMOACÚSTICA, INCLUSO TRANSPORTE VERTICAL. AF_12/2015","M²",16.37]
[null,92544,"TRAMA DE MADEIRA COMPOSTA POR TERÇAS PARA TELHADOS DE ATÉ 2 ÁGUAS PARA TELHA ESTRUTURAL DE FIBROCIMENTO, INCLUSO TRANSPORTE VERTICAL. AF_12/2015","M²",13.89]
[null,92545,"FABRICAÇÃO E INSTALAÇÃO DE TESOURA INTEIRA EM MADEIRA NÃO APARELHADA, VÃO DE 3 M, PARA TELHA CERÂMICA OU DE CONCRETO, INCLUSO IÇAMENTO. AF_12/2015","UN",678.57]
[null,92546,"FABRICAÇÃO E INSTALAÇÃO DE TESOURA INTEIRA EM MADEIRA NÃO APARELHADA, VÃO DE 4 M, PARA TELHA CERÂMICA OU DE CONCRETO, INCLUSO IÇAMENTO. AF_12/2015","UN",833.62]
[null,92547,"FABRICAÇÃO E INSTALAÇÃO DE TESOURA INTEIRA EM MADEIRA NÃO APARELHADA, VÃO DE 5 M, PARA TELHA CERÂMICA OU DE CONCRETO, INCLUSO IÇAMENTO. AF_12/2015","UN",882.96]
[null,92548,"FABRICAÇÃO E INSTALAÇÃO DE TESOURA INTEIRA EM MADEIRA NÃO APARELHADA, VÃO DE 6 M, PARA TELHA CERÂMICA OU DE CONCRETO, INCLUSO IÇAMENTO. AF_12/2015","UN",981.96]
[null,92549,"FABRICAÇÃO E INSTALAÇÃO DE TESOURA INTEIRA EM MADEIRA NÃO APARELHADA, VÃO DE 7 M, PARA TELHA CERÂMICA OU DE CONCRETO, INCLUSO IÇAMENTO. AF_12/2015","UN",1235.4100000000001]
[null,92550,"FABRICAÇÃO E INSTALAÇÃO DE TESOURA INTEIRA EM MADEIRA NÃO APARELHADA, VÃO DE 8 M, PARA TELHA CERÂMICA OU DE CONCRETO, INCLUSO IÇAMENTO. AF_12/2015","UN",1492.79]
[null,92551,"FABRICAÇÃO E INSTALAÇÃO DE TESOURA INTEIRA EM MADEIRA NÃO APARELHADA, VÃO DE 9 M, PARA TELHA CERÂMICA OU DE CONCRETO, INCLUSO IÇAMENTO. AF_12/2015","UN",1558.41]
[null,92552,"FABRICAÇÃO E INSTALAÇÃO DE TESOURA INTEIRA EM MADEIRA NÃO APARELHADA, VÃO DE 10 M, PARA TELHA CERÂMICA OU DE CONCRETO, INCLUSO IÇAMENTO. AF_12/2015","UN",1700.33]
[null,92553,"FABRICAÇÃO E INSTALAÇÃO DE TESOURA INTEIRA EM MADEIRA NÃO APARELHADA, VÃO DE 11 M, PARA TELHA CERÂMICA OU DE CONCRETO, INCLUSO IÇAMENTO. AF_12/2015","UN",1961.58]
[null,92554,"FABRICAÇÃO E INSTALAÇÃO DE TESOURA INTEIRA EM MADEIRA NÃO APARELHADA, VÃO DE 12 M, PARA TELHA CERÂMICA OU DE CONCRETO, INCLUSO IÇAMENTO. AF_12/2015","UN",2036.26]
[null,92555,"FABRICAÇÃO E INSTALAÇÃO DE TESOURA INTEIRA EM MADEIRA NÃO APARELHADA, VÃO DE 3 M, PARA TELHA ONDULADA DE FIBROCIMENTO, METÁLICA, PLÁSTICA OU TERMOACÚSTICA, INCLUSO IÇAMENTO. AF_12/2015","UN",668.57]
[null,92556,"FABRICAÇÃO E INSTALAÇÃO DE TESOURA INTEIRA EM MADEIRA NÃO APARELHADA, VÃO DE 4 M, PARA TELHA ONDULADA DE FIBROCIMENTO, METÁLICA, PLÁSTICA OU TERMOACÚSTICA, INCLUSO IÇAMENTO. AF_12/2015","UN",817.1]
[null,92557,"FABRICAÇÃO E INSTALAÇÃO DE TESOURA INTEIRA EM MADEIRA NÃO APARELHADA, VÃO DE 5 M, PARA TELHA ONDULADA DE FIBROCIMENTO, METÁLICA, PLÁSTICA OU TERMOACÚSTICA, INCLUSO IÇAMENTO. AF_12/2015","UN",866.44]
[null,92558,"FABRICAÇÃO E INSTALAÇÃO DE TESOURA INTEIRA EM MADEIRA NÃO APARELHADA, VÃO DE 6 M, PARA TELHA ONDULADA DE FIBROCIMENTO, METÁLICA, PLÁSTICA OU TERMOACÚSTICA, INCLUSO IÇAMENTO. AF_12/2015","UN",974.78]
[null,92559,"FABRICAÇÃO E INSTALAÇÃO DE TESOURA INTEIRA EM MADEIRA NÃO APARELHADA, VÃO DE 7 M, PARA TELHA ONDULADA DE FIBROCIMENTO, METÁLICA, PLÁSTICA OU TERMOACÚSTICA, INCLUSO IÇAMENTO. AF_12/2015","UN",1217.81]
[null,92560,"FABRICAÇÃO E INSTALAÇÃO DE TESOURA INTEIRA EM MADEIRA NÃO APARELHADA, VÃO DE 8 M, PARA TELHA ONDULADA DE FIBROCIMENTO, METÁLICA, PLÁSTICA OU TERMOACÚSTICA, INCLUSO IÇAMENTO. AF_12/2015","UN",1465.95]
[null,92561,"FABRICAÇÃO E INSTALAÇÃO DE TESOURA INTEIRA EM MADEIRA NÃO APARELHADA, VÃO DE 9 M, PARA TELHA ONDULADA DE FIBROCIMENTO, METÁLICA, PLÁSTICA OU TERMOACÚSTICA, INCLUSO IÇAMENTO. AF_12/2015","UN",1532.77]
[null,92562,"FABRICAÇÃO E INSTALAÇÃO DE TESOURA INTEIRA EM MADEIRA NÃO APARELHADA, VÃO DE 10 M, PARA TELHA ONDULADA DE FIBROCIMENTO, METÁLICA, PLÁSTICA OU TERMOACÚSTICA, INCLUSO IÇAMENTO. AF_12/2015","UN",1658.17]
[null,92563,"FABRICAÇÃO E INSTALAÇÃO DE TESOURA INTEIRA EM MADEIRA NÃO APARELHADA, VÃO DE 11 M, PARA TELHA ONDULADA DE FIBROCIMENTO, METÁLICA, PLÁSTICA OU TERMOACÚSTICA, INCLUSO IÇAMENTO. AF_12/2015","UN",1910.3]
[null,92564,"FABRICAÇÃO E INSTALAÇÃO DE TESOURA INTEIRA EM MADEIRA NÃO APARELHADA, VÃO DE 12 M, PARA TELHA ONDULADA DE FIBROCIMENTO, METÁLICA, PLÁSTICA OU TERMOACÚSTICA, INCLUSO IÇAMENTO. AF_12/2015","UN",1973.9]
[null,92565,"FABRICAÇÃO E INSTALAÇÃO DE ESTRUTURA PONTALETADA DE MADEIRA NÃO APARELHADA PARA TELHADOS COM ATÉ 2 ÁGUAS E PARA TELHA CERÂMICA OU DE CONCRETO, INCLUSO TRANSPORTE VERTICAL. AF_12/2015","M²",26.93]
[null,92566,"FABRICAÇÃO E INSTALAÇÃO DE ESTRUTURA PONTALETADA DE MADEIRA NÃO APARELHADA PARA TELHADOS COM ATÉ 2 ÁGUAS E PARA TELHA ONDULADA DE FIBROCIMENTO, METÁLICA, PLÁSTICA OU TERMOACÚSTICA, INCLUSO TRANSPORTE VERTICAL. AF_12/2015","M²",17.079999999999998]
[null,92567,"FABRICAÇÃO E INSTALAÇÃO DE ESTRUTURA PONTALETADA DE MADEIRA NÃO APARELHADA PARA TELHADOS COM MAIS QUE 2 ÁGUAS E PARA TELHA CERÂMICA OU DE CONCRETO, INCLUSO TRANSPORTE VERTICAL. AF_12/2015","M²",24.37]
[null,72089,"RECOLOCACAO DE TELHAS CERAMICAS TIPO FRANCESA, CONSIDERANDO REAPROVEITAMENTO DE MATERIAL","M²",11.26]
[null,72091,"RECOLOCACAO DE TELHAS CERAMICAS TIPO PLAN, CONSIDERANDO REAPROVEITAMENTO DE MATERIAL","M²",36.06]
[null,94189,"TELHAMENTO COM TELHA DE CONCRETO DE ENCAIXE, COM ATÉ 2 ÁGUAS, INCLUSO TRANSPORTE VERTICAL. AF_06/2016","M²",34.29]
[null,94192,"TELHAMENTO COM TELHA DE CONCRETO DE ENCAIXE, COM MAIS DE 2 ÁGUAS, INCLUSO TRANSPORTE VERTICAL. AF_06/2016","M²",36.119999999999997]
[null,94195,"TELHAMENTO COM TELHA CERÂMICA DE ENCAIXE, TIPO PORTUGUESA, COM ATÉ 2 ÁGUAS, INCLUSO TRANSPORTE VERTICAL. AF_06/2016","M²",28.03]
[null,94198,"TELHAMENTO COM TELHA CERÂMICA DE ENCAIXE, TIPO PORTUGUESA, COM MAIS DE 2 ÁGUAS, INCLUSO TRANSPORTE VERTICAL. AF_06/2016","M²",30.45]
[null,94201,"TELHAMENTO COM TELHA CERÂMICA CAPA-CANAL, TIPO COLONIAL, COM ATÉ 2 ÁGUAS, INCLUSO TRANSPORTE VERTICAL. AF_06/2016","M²",42.62]
[null,94204,"TELHAMENTO COM TELHA CERÂMICA CAPA-CANAL, TIPO COLONIAL, COM MAIS DE 2 ÁGUAS, INCLUSO TRANSPORTE VERTICAL. AF_06/2016","M²",46.73]
[null,94224,"EMBOÇAMENTO COM ARGAMASSA TRAÇO 1:2:9 (CIMENTO, CAL E AREIA). AF_06/2016","M",18.46]
[null,94225,"ISOLAMENTO TERMOACÚSTICO COM LÃ MINERAL NA SUBCOBERTURA, INCLUSO TRANSPORTE VERTICAL. AF_06/2016","M²",27.35]
[null,94226,"SUBCOBERTURA COM MANTA PLÁSTICA REVESTIDA POR PELÍCULA DE ALUMÍNO, INCLUSO TRANSPORTE VERTICAL. AF_06/2016","M²",13.39]
[null,94232,"AMARRAÇÃO DE TELHAS CERÂMICAS OU DE CONCRETO. AF_06/2016","UN",2.08]
[null,94440,"TELHAMENTO COM TELHA CERÂMICA DE ENCAIXE, TIPO FRANCESA, COM ATÉ 2 ÁGUAS, INCLUSO TRANSPORTE VERTICAL. AF_06/2016","M²",40.1]
[null,94441,"TELHAMENTO COM TELHA CERÂMICA DE ENCAIXE, TIPO FRANCESA, COM MAIS DE 2 ÁGUAS, INCLUSO TRANSPORTE VERTICAL. AF_06/2016","M²",42.52]
[null,94442,"TELHAMENTO COM TELHA CERÂMICA DE ENCAIXE, TIPO ROMANA, COM ATÉ 2 ÁGUAS, INCLUSO TRANSPORTE VERTICAL. AF_06/2016","M²",30.16]
[null,94443,"TELHAMENTO COM TELHA CERÂMICA DE ENCAIXE, TIPO ROMANA, COM MAIS DE 2 ÁGUAS, INCLUSO TRANSPORTE VERTICAL. AF_06/2016","M²",32.58]
[null,94445,"TELHAMENTO COM TELHA CERÂMICA CAPA-CANAL, TIPO PLAN, COM ATÉ 2 ÁGUAS, INCLUSO TRANSPORTE VERTICAL. AF_06/2016","M²",39.590000000000003]
[null,94446,"TELHAMENTO COM TELHA CERÂMICA CAPA-CANAL, TIPO PLAN, COM MAIS DE 2 ÁGUAS, INCLUSO TRANSPORTE VERTICAL. AF_06/2016","M²",43.7]
[null,94447,"TELHAMENTO COM TELHA CERÂMICA CAPA-CANAL, TIPO PAULISTA, COM ATÉ 2 ÁGUAS, INCLUSO TRANSPORTE VERTICAL. AF_06/2016","M²",41.24]
[null,94448,"TELHAMENTO COM TELHA CERÂMICA CAPA-CANAL, TIPO PAULISTA, COM MAIS DE 2 ÁGUAS, INCLUSO TRANSPORTE VERTICAL. AF_06/2016","M²",45.35]
[null,94207,"TELHAMENTO COM TELHA ONDULADA DE FIBROCIMENTO E = 6 MM, COM RECOBRIMENTO LATERAL DE 1/4 DE ONDA PARA TELHADO COM INCLINAÇÃO MAIOR QUE 10°, COM ATÉ 2 ÁGUAS, INCLUSO IÇAMENTO. AF_06/2016","M²",52.17]
[null,94210,"TELHAMENTO COM TELHA ONDULADA DE FIBROCIMENTO E = 6 MM, COM RECOBRIMENTO LATERAL DE 1 1/4 DE ONDA PARA TELHADO COM INCLINAÇÃO MÁXIMA DE 10°, COM ATÉ 2 ÁGUAS, INCLUSO IÇAMENTO. AF_06/2016","M²",55.45]
[null,94218,"TELHAMENTO COM TELHA ESTRUTURAL DE FIBROCIMENTO E= 6 MM, COM ATÉ 2 ÁGUAS, INCLUSO IÇAMENTO. AF_06/2016","M²",120.5]
[null,"73866/4","ESTRUTURA PARA COBERTURA EM ARCO, EM ALUMINIO ANODIZADO, VAO DE 20M, ESPACAMENTO DE 5M ATE 6,5M","M²",369.59]
[null,"73866/5","ESTRUTURA PARA COBERTURA EM ARCO, EM ALUMINIO ANODIZADO, VAO DE 30M, ESPACAMENTO DE 5M ATE 6,5M","M²",393.02]
[null,"73866/6","ESTRUTURA PARA COBERTURA EM ARCO, EM ALUMINIO ANODIZADO, VAO DE 40M, ESPACAMENTO DE 5M ATE 6,5M","M²",411.91]
[null,"73866/7","ESTRUTURA PARA COBERTURA TIPO SHED, EM ALUMINIO ANODIZADO, VAO DE 20M, ESPACAMENTO DAS TESOURAS DE 5M ATE 6,5M","M²",448.8]
[null,"73866/8","ESTRUTURA PARA COBERTURA TIPO SHED, EM ALUMINIO ANODIZADO, VAO DE 30M, ESPACAMENTO DAS TESOURAS DE 5M ATE 6,5M","M²",533.59]
[null,"73866/9","ESTRUTURA PARA COBERTURA TIPO SHED, EM ALUMINIO ANODIZADO, VAO DE 40M, ESPACAMENTO DAS TESOURAS DE 5M ATE 6,5M","M²",553.22]
[null,"73867/1","ESTRUTURA TIPO ESPACIAL EM ALUMINIO ANODIZADO, VAO DE 20M","M²",203.85]
[null,"73867/2","ESTRUTURA TIPO ESPACIAL EM ALUMINIO ANODIZADO, VAO DE 30M","M²",223.28]
[null,"73867/3","ESTRUTURA TIPO ESPACIAL EM ALUMINIO ANODIZADO, VAO DE 40M","M²",266.45999999999998]
[null,"73867/4","ESTRUTURA TIPO ESPACIAL EM ALUMINIO ANODIZADO, VAO DE 50M","M²",275.10000000000002]
[null,75220,"CUMEEIRA EM PERFIL ONDULADO DE ALUMÍNIO","M",33.049999999999997]
[null,94213,"TELHAMENTO COM TELHA DE AÇO/ALUMÍNIO E = 0,5 MM, COM ATÉ 2 ÁGUAS, INCLUSO IÇAMENTO. AF_06/2016","M²",40.770000000000003]
[null,94216,"TELHAMENTO COM TELHA METÁLICA TERMOACÚSTICA E = 30 MM, COM ATÉ 2 ÁGUAS, INCLUSO IÇAMENTO. AF_06/2016","M²",104.46]
[null,94219,"CUMEEIRA E ESPIGÃO PARA TELHA CERÂMICA EMBOÇADA COM ARGAMASSA TRAÇO 1:2:9 (CIMENTO, CAL E AREIA), PARA TELHADOS COM MAIS DE 2 ÁGUAS, INCLUSO TRANSPORTE VERTICAL. AF_06/2016","M",25.1]
[null,94220,"CUMEEIRA E ESPIGÃO PARA TELHA DE CONCRETO EMBOÇADA COM ARGAMASSA TRAÇO 1:2:9 (CIMENTO, CAL E AREIA), PARA TELHADOS COM MAIS DE 2 ÁGUAS, INCLUSO TRANSPORTE VERTICAL. AF_06/2016","M",39.29]
[null,94221,"CUMEEIRA PARA TELHA CERÂMICA EMBOÇADA COM ARGAMASSA TRAÇO 1:2:9 (CIMENTO, CAL E AREIA) PARA TELHADOS COM ATÉ 2 ÁGUAS, INCLUSO TRANSPORTE VERTICAL. AF_06/2016","M",20.32]
[null,94222,"CUMEEIRA PARA TELHA DE CONCRETO EMBOÇADA COM ARGAMASSA TRAÇO 1:2:9 (CIMENTO, CAL E AREIA) PARA TELHADOS COM ATÉ 2 ÁGUAS, INCLUSO TRANSPORTE VERTICAL. AF_06/2016","M",34.51]
[null,"74045/2","CUMEEIRA TIPO SHED PARA TELHA DE FIBROCIMENTO ONDULADA, INCLUSO JUNTAS DE VEDACAO E ACESSORIOS DE FIXACAO","M",62.07]
[null,94223,"CUMEEIRA PARA TELHA DE FIBROCIMENTO ONDULADA E = 6 MM, INCLUSO ACESSÓRIOS DE FIXAÇÃO E IÇAMENTO. AF_06/2016","M",66.27]
[null,94451,"CUMEEIRA PARA TELHA DE FIBROCIMENTO ESTRUTURAL E = 6 MM, INCLUSO ACESSÓRIOS DE FIXAÇÃO E IÇAMENTO. AF_06/2016","M",157.30000000000001]
[null,94230,"CALHA DE BEIRAL, SEMICIRCULAR DE PVC, DIAMETRO 125 MM, INCLUINDO CABECEIRAS, EMENDAS, BOCAIS, SUPORTES E VEDAÇÕES, EXCLUINDO CONDUTORES, INCLUSO TRANSPORTE VERTICAL. AF_06/2016","M",62.95]
[null,94227,"CALHA EM CHAPA DE AÇO GALVANIZADO NÚMERO 24, DESENVOLVIMENTO DE 33 CM, INCLUSO TRANSPORTE VERTICAL. AF_06/2016","M",40.299999999999997]
[null,94228,"CALHA EM CHAPA DE AÇO GALVANIZADO NÚMERO 24, DESENVOLVIMENTO DE 50 CM, INCLUSO TRANSPORTE VERTICAL. AF_06/2016","M",56.29]
[null,94229,"CALHA EM CHAPA DE AÇO GALVANIZADO NÚMERO 24, DESENVOLVIMENTO DE 100 CM, INCLUSO TRANSPORTE VERTICAL. AF_06/2016","M",109.46]
[null,94231,"RUFO EM CHAPA DE AÇO GALVANIZADO NÚMERO 24, CORTE DE 25 CM, INCLUSO TRANSPORTE VERTICAL. AF_06/2016","M",29.19]
[null,94450,"RUFO EM FIBROCIMENTO PARA TELHA ONDULADA E = 6 MM, ABA DE 26 CM, INCLUSO TRANSPORTE VERTICAL. AF_06/2016","M",57.64]
[null,94449,"TELHAMENTO COM TELHA ONDULADA DE FIBRA DE VIDRO E = 0,6 MM, PARA TELHADO COM INCLINAÇÃO MAIOR QUE 10°, COM ATÉ 2 ÁGUAS, INCLUSO IÇAMENTO. AF_06/2016","M²",42.32]
[null,72110,"ESTRUTURA METALICA EM TESOURAS OU TRELICAS, VAO LIVRE DE 12M, FORNECIMENTO E MONTAGEM, NAO SENDO CONSIDERADOS OS FECHAMENTOS METALICOS, AS COLUNAS, OS SERVICOS GERAIS EM ALVENARIA E CONCRETO, AS TELHAS DE COBERTURA E A PINTURA DE ACABAMENTO","M²",88.38]
[null,72111,"ESTRUTURA METALICA EM TESOURAS OU TRELICAS, VAO LIVRE DE 15M, FORNECIMENTO E MONTAGEM, NAO SENDO CONSIDERADOS OS FECHAMENTOS METALICOS, AS COLUNAS, OS SERVICOS GERAIS EM ALVENARIA E CONCRETO, AS TELHAS DE COBERTURA E A PINTURA DE ACABAMENTO","M²",96.39]
[null,72112,"ESTRUTURA METALICA EM TESOURAS OU TRELICAS, VAO LIVRE DE 20M, FORNECIMENTO E MONTAGEM, NAO SENDO CONSIDERADOS OS FECHAMENTOS METALICOS, AS COLUNAS, OS SERVICOS GERAIS EM ALVENARIA E CONCRETO, AS TELHAS DE COBERTURA E A PINTURA DE ACABAMENTO","M²",104.41]
[null,72113,"ESTRUTURA METALICA EM TESOURAS OU TRELICAS, VAO LIVRE DE 25M, FORNECIMENTO E MONTAGEM, NAO SENDO CONSIDERADOS OS FECHAMENTOS METALICOS, AS COLUNAS, OS SERVICOS GERAIS EM ALVENARIA E CONCRETO, AS TELHAS DE COBERTURA E A PINTURA DE ACABAMENTO","M²",117.46]
[null,72114,"ESTRUTURA METALICA EM TESOURAS OU TRELICAS, VAO LIVRE DE 30M, FORNECIMENTO E MONTAGEM, NAO SENDO CONSIDERADOS OS FECHAMENTOS METALICOS, AS COLUNAS, OS SERVICOS GERAIS EM ALVENARIA E CONCRETO, AS TELHAS DE COBERTURA E A PINTURA DE ACABAMENTO","M²",130.52000000000001]
[null,"73970/1","ESTRUTURA METALICA EM ACO ESTRUTURAL PERFIL \u0094I\u0094 12\u0092\u0092 X 5 1/4\u0092\u0092","KG",10.74]
[null,"73970/2","ESTRUTURA METALICA EM ACO ESTRUTURAL PERFIL \u0094I\u0094 6\u0092\u0092 X 3 3/8\u0092\u0092","KG",8.2200000000000006]
[null,92255,"INSTALAÇÃO DE TESOURA (INTEIRA OU MEIA), EM AÇO, PARA VÃOS MAIORES OU IGUAIS A 3,0 M E MENORES QUE 6,0 M, INCLUSO IÇAMENTO. AF_12/2015","UN",151.9]
[null,92256,"INSTALAÇÃO DE TESOURA (INTEIRA OU MEIA), EM AÇO, PARA VÃOS MAIORES OU IGUAIS A 6,0 M E MENORES QUE 8,0 M, INCLUSO IÇAMENTO. AF_12/2015","UN",197.42]
[null,92257,"INSTALAÇÃO DE TESOURA (INTEIRA OU MEIA), EM AÇO, PARA VÃOS MAIORES OU IGUAIS A 8,0 M E MENORES QUE 10,0 M, INCLUSO IÇAMENTO. AF_12/2015","UN",242.13]
[null,92258,"INSTALAÇÃO DE TESOURA (INTEIRA OU MEIA), EM AÇO, PARA VÃOS MAIORES OU IGUAIS A 10,0 M E MENORES QUE 12,0 M, INCLUSO IÇAMENTO. AF_12/2015","UN",314.04000000000002]
[null,92568,"TRAMA DE AÇO COMPOSTA POR RIPAS, CAIBROS E TERÇAS PARA TELHADOS DE ATÉ 2 ÁGUAS PARA TELHA DE ENCAIXE DE CERÂMICA OU DE CONCRETO, INCLUSO TRANSPORTE VERTICAL. AF_12/2015","M²",74.78]
[null,92569,"TRAMA DE AÇO COMPOSTA POR RIPAS E CAIBROS PARA TELHADOS DE ATÉ 2 ÁGUAS PARA TELHA DE ENCAIXE DE CERÂMICA OU DE CONCRETO, INCLUSO TRANSPORTE VERTICAL. AF_12/2015","M²",33.89]
[null,92570,"TRAMA DE AÇO COMPOSTA POR RIPAS PARA TELHADOS DE ATÉ 2 ÁGUAS PARA TELHA DE ENCAIXE DE CERÂMICA OU DE CONCRETO, INCLUSO TRANSPORTE VERTICAL. AF_12/2015","M²",15.41]
[null,92571,"TRAMA DE AÇO COMPOSTA POR RIPAS, CAIBROS E TERÇAS PARA TELHADOS DE MAIS DE 2 ÁGUAS PARA TELHA DE ENCAIXE DE CERÂMICA OU DE CONCRETO, INCLUSO TRANSPORTE VERTICAL. AF_12/2015","M²",83.04]
[null,92572,"TRAMA DE AÇO COMPOSTA POR RIPAS E CAIBROS PARA TELHADOS DE MAIS DE 2 ÁGUAS PARA TELHA DE ENCAIXE DE CERÂMICA OU DE CONCRETO, INCLUSO TRANSPORTE VERTICAL. AF_12/2015","M²",38.94]
[null,92573,"TRAMA DE AÇO COMPOSTA POR RIPAS PARA TELHADOS DE MAIS DE 2 ÁGUAS PARA TELHA DE ENCAIXE DE CERÂMICA OU DE CONCRETO, INCLUSO TRANSPORTE VERTICAL, INCLUSO TRANSPORTE VERTICAL. AF_12/2015","M²",18.940000000000001]
[null,92574,"TRAMA DE AÇO COMPOSTA POR RIPAS, CAIBROS E TERÇAS PARA TELHADOS DE ATÉ 2 ÁGUAS PARA TELHA CERÂMICA CAPA-CANAL, INCLUSO TRANSPORTE VERTICAL. AF_12/2015","M²",81.67]
[null,92575,"TRAMA DE AÇO COMPOSTA POR RIPAS E CAIBROS PARA TELHADOS DE ATÉ 2 ÁGUAS PARA TELHA CERÂMICA CAPA-CANAL, INCLUSO TRANSPORTE VERTICAL. AF_12/2015","M²",33.96]
[null,92576,"TRAMA DE AÇO COMPOSTA POR RIPAS PARA TELHADOS DE ATÉ 2 ÁGUAS PARA TELHA CERÂMICA CAPA-CANAL, INCLUSO TRANSPORTE VERTICAL. AF_12/2015","M²",12.5]
[null,92577,"TRAMA DE AÇO COMPOSTA POR RIPAS, CAIBROS E TERÇAS PARA TELHADOS DE MAIS DE 2 ÁGUAS PARA TELHA CERÂMICA CAPA-CANAL, INCLUSO TRANSPORTE VERTICAL. AF_12/2015","M²",90.23]
[null,92578,"TRAMA DE AÇO COMPOSTA POR RIPAS E CAIBROS PARA TELHADOS DE MAIS DE 2 ÁGUAS PARA TELHA CERÂMICA CAPA-CANAL, INCLUSO TRANSPORTE VERTICAL. AF_12/2015","M²",38.71]
[null,92579,"TRAMA DE AÇO COMPOSTA POR RIPAS PARA TELHADOS DE MAIS DE 2 ÁGUAS PARA TELHA CERÂMICA CAPA-CANAL, INCLUSO TRANSPORTE VERTICAL. AF_12/2015","M²",15.32]
[null,92580,"TRAMA DE AÇO COMPOSTA POR TERÇAS PARA TELHADOS DE ATÉ 2 ÁGUAS PARA TELHA ONDULADA DE FIBROCIMENTO, METÁLICA, PLÁSTICA OU TERMOACÚSTICA, INCLUSO TRANSPORTE VERTICAL. AF_12/2015","M²",36.54]
[null,92581,"TRAMA DE AÇO COMPOSTA POR TERÇAS PARA TELHADOS DE ATÉ 2 ÁGUAS PARA TELHA ESTRUTURAL DE FIBROCIMENTO, INCLUSO TRANSPORTE VERTICAL. AF_12/2015","M²",37.81]
[null,92582,"FABRICAÇÃO E INSTALAÇÃO DE TESOURA INTEIRA EM AÇO, VÃO DE 3 M, PARA TELHA CERÂMICA OU DE CONCRETO, INCLUSO IÇAMENTO. AF_12/2015","UN",526.02]
[null,92584,"FABRICAÇÃO E INSTALAÇÃO DE TESOURA INTEIRA EM AÇO, VÃO DE 4 M, PARA TELHA CERÂMICA OU DE CONCRETO, INCLUSO IÇAMENTO. AF_12/2015","UN",609.08000000000004]
[null,92586,"FABRICAÇÃO E INSTALAÇÃO DE TESOURA INTEIRA EM AÇO, VÃO DE 5 M, PARA TELHA CERÂMICA OU DE CONCRETO, INCLUSO IÇAMENTO. AF_12/2015","UN",692.16]
[null,92588,"FABRICAÇÃO E INSTALAÇÃO DE TESOURA INTEIRA EM AÇO, VÃO DE 6 M, PARA TELHA CERÂMICA OU DE CONCRETO, INCLUSO IÇAMENTO. AF_12/2015","UN",878.41]
[null,92590,"FABRICAÇÃO E INSTALAÇÃO DE TESOURA INTEIRA EM AÇO, VÃO DE 7 M, PARA TELHA CERÂMICA OU DE CONCRETO, INCLUSO IÇAMENTO. AF_12/2015","UN",961.49]
[null,92592,"FABRICAÇÃO E INSTALAÇÃO DE TESOURA INTEIRA EM AÇO, VÃO DE 8 M, PARA TELHA CERÂMICA OU DE CONCRETO, INCLUSO IÇAMENTO. AF_12/2015","UN",1089.27]
[null,92593,"(COMPOSIÇÃO REPRESENTATIVA) FABRICAÇÃO E INSTALAÇÃO DE TESOURA INTEIRA EM AÇO, PARA VÃOS DE 3 A 12 M E PARA QUALQUER TIPO DE TELHA, INCLUSO IÇAMENTO. AF_12/2015","KG",8.25]
[null,92594,"FABRICAÇÃO E INSTALAÇÃO DE TESOURA INTEIRA EM AÇO, VÃO DE 9 M, PARA TELHA CERÂMICA OU DE CONCRETO, INCLUSO IÇAMENTO. AF_12/2015","UN",1246.18]
[null,92596,"FABRICAÇÃO E INSTALAÇÃO DE TESOURA INTEIRA EM AÇO, VÃO DE 10 M, PARA TELHA CERÂMICA OU DE CONCRETO, INCLUSO IÇAMENTO. AF_12/2015","UN",1403.89]
[null,92598,"FABRICAÇÃO E INSTALAÇÃO DE TESOURA INTEIRA EM AÇO, VÃO DE 11 M, PARA TELHA CERÂMICA OU DE CONCRETO, INCLUSO IÇAMENTO. AF_12/2015","UN",1486.97]
[null,92600,"FABRICAÇÃO E INSTALAÇÃO DE TESOURA INTEIRA EM AÇO, VÃO DE 12 M, PARA TELHA CERÂMICA OU DE CONCRETO, INCLUSO IÇAMENTO. AF_12/2015","UN",1586.22]
[null,92602,"FABRICAÇÃO E INSTALAÇÃO DE TESOURA INTEIRA EM AÇO, VÃO DE 3 M, PARA TELHA ONDULADA DE FIBROCIMENTO, METÁLICA, PLÁSTICA OU TERMOACÚSTICA, INCLUSO IÇAMENTO.. AF_12/2015","UN",526.02]
[null,92604,"FABRICAÇÃO E INSTALAÇÃO DE TESOURA INTEIRA EM AÇO, VÃO DE 4 M, PARA TELHA ONDULADA DE FIBROCIMENTO, METÁLICA, PLÁSTICA OU TERMOACÚSTICA, INCLUSO IÇAMENTO. AF_12/2015","UN",592.91]
[null,92606,"FABRICAÇÃO E INSTALAÇÃO DE TESOURA INTEIRA EM AÇO, VÃO DE 5 M, PARA TELHA ONDULADA DE FIBROCIMENTO, METÁLICA, PLÁSTICA OU TERMOACÚSTICA, INCLUSO IÇAMENTO. AF_12/2015","UN",675.98]
[null,92608,"FABRICAÇÃO E INSTALAÇÃO DE TESOURA INTEIRA EM AÇO, VÃO DE 6 M, PARA TELHA ONDULADA DE FIBROCIMENTO, METÁLICA, PLÁSTICA OU TERMOACÚSTICA, INCLUSO IÇAMENTO. AF_12/2015","UN",846.06]
[null,92610,"FABRICAÇÃO E INSTALAÇÃO DE TESOURA INTEIRA EM AÇO, VÃO DE 7 M, PARA TELHA ONDULADA DE FIBROCIMENTO, METÁLICA, PLÁSTICA OU TERMOACÚSTICA, INCLUSO IÇAMENTO. AF_12/2015","UN",929.14]
[null,92612,"FABRICAÇÃO E INSTALAÇÃO DE TESOURA INTEIRA EM AÇO, VÃO DE 8 M, PARA TELHA ONDULADA DE FIBROCIMENTO, METÁLICA, PLÁSTICA OU TERMOACÚSTICA, INCLUSO IÇAMENTO, INCLUSO IÇAMENTO. AF_12/2015","UN",1056.9100000000001]
[null,92614,"FABRICAÇÃO E INSTALAÇÃO DE TESOURA INTEIRA EM AÇO, VÃO DE 9 M, PARA TELHA ONDULADA DE FIBROCIMENTO, METÁLICA, PLÁSTICA OU TERMOACÚSTICA, INCLUSO IÇAMENTO. AF_12/2015","UN",1181.47]
[null,92616,"FABRICAÇÃO E INSTALAÇÃO DE TESOURA INTEIRA EM AÇO, VÃO DE 10 M, PARA TELHA ONDULADA DE FIBROCIMENTO, METÁLICA, PLÁSTICA OU TERMOACÚSTICA, INCLUSO IÇAMENTO. AF_12/2015","UN",1355.36]
[null,92618,"FABRICAÇÃO E INSTALAÇÃO DE TESOURA INTEIRA EM AÇO, VÃO DE 11 M, PARA TELHA ONDULADA DE FIBROCIMENTO, METÁLICA, PLÁSTICA OU TERMOACÚSTICA, INCLUSO IÇAMENTO. AF_12/2015","UN",1438.44]
[null,92620,"FABRICAÇÃO E INSTALAÇÃO DE TESOURA INTEIRA EM AÇO, VÃO DE 12 M, PARA TELHA ONDULADA DE FIBROCIMENTO, METÁLICA, PLÁSTICA OU TERMOACÚSTICA, INCLUSO IÇAMENTO. AF_12/2015","UN",1521.51]
[null,94444,"TELHAMENTO COM TELHA DE ENCAIXE, TIPO FRANCESA DE VIDRO, COM ATÉ 2 ÁGUAS, INCLUSO TRANSPORTE VERTICAL. AF_06/2016","M²",523.76]
[null,"73891/1","ESGOTAMENTO COM MOTO-BOMBA AUTOESCOVANTE","H",5.19]
[null,"73882/1","CALHA EM CONCRETO SIMPLES, EM MEIA CANA, DIAMETRO 200 MM","M",25.57]
[null,"73882/5","CALHA EM CONCRETO SIMPLES, EM MEIA CANA DE CONCRETO, DIAMETRO 600 MM","M",72.099999999999994]
[null,"73816/1","EXECUCAO DE DRENO COM TUBOS DE PVC CORRUGADO FLEXIVEL PERFURADO - DN 100","M",25.79]
[null,"73816/2","EXECUCAO DE DRENO VERTICAL COM PEDRISCO, DIAMETRO 200MM","M",23.66]
[null,"73881/1","EXECUCAO DE DRENO COM MANTA GEOTEXTIL 200 G/M2","M²",5.82]
[null,"73881/3","EXECUCAO DE DRENO COM MANTA GEOTEXTIL 400 G/M2","M²",11.41]
[null,"73883/1","EXECUCAO DE DRENO FRANCES COM AREIA MEDIA","M³",78.44]
[null,"73883/2","EXECUCAO DE DRENO FRANCES COM BRITA NUM 2","M³",92.06]
[null,"73883/3","EXECUCAO DE DRENO FRANCES COM CASCALHO","M³",57.03]
[null,"73902/1","CAMADA DRENANTE COM BRITA NUM 3","M³",96.38]
[null,"73968/1","MANTA IMPERMEABILIZANTE A BASE DE ASFALTO - FORNECIMENTO E INSTALACAO","M²",44.7]
[null,"73969/1","EXECUCAO DE DRENOS DE CHORUME EM TUBOS DRENANTES DE CONCRETO, DIAM=200MM, ENVOLTOS EM BRITA E GEOTEXTIL","M",63.13]
[null,"74017/1","EXECUCAO DE DRENOS DE CHORUME EM TUBOS DRENANTES, PVC, DIAM=100 MM, ENVOLTOS EM BRITA E GEOTEXTIL","M",43.52]
[null,"74017/2","EXECUCAO DE DRENOS DE CHORUME EM TUBOS DRENANTES, PVC, DIAM=150 MM, ENVOLTOS EM BRITA E GEOTEXTIL","M",59.65]
[null,"75029/1","TUBO PVC CORRUGADO RIGIDO PERFURADO DN 150 PARA DRENAGEM - FORNECIMENTO E INSTALACAO","M",39.979999999999997]
[null,83651,"TUBO PVC CORRUGADO PERFURADO 100 MM C/ JUNTA ELASTICA PARA DRENAGEM.","M",27.88]
[null,83656,"COLCHAO DRENANTE C/ 30CM PEDRA BRITADA N.3/FILTRO TRANSICAO MANTA GEOTEXTIL 100% POLIPROPILENO OU POLIESTER INCL FORNEC/COLOCMAT","M²",35.979999999999997]
[null,83658,"EXECUCAO DRENO PROFUNDO, COM CORTE TRAPEZOIDAL EM SOLO, DE 70X80X150CM EXCL TUBO INCL MATERIAL EXECUCAO, COM SELO ENCHIMENTO MATERIAL DRENANTE E ESCAVACAO","M",147.21]
[null,83661,"EXECUCAO DE DRENO PROFUNDO, CORTE EM SOLO, COM TUBO POROSO D=0,20M","M",95.67]
[null,83662,"EXECUCAO DE DRENO CEGO","M³",88.99]
[null,83664,"EXECUCAO DE DRENO DE TUBO DE CONRETO SIMPLES POROSO D=0,20 M (0,5MX0,5M) PARA GALERIAS DE AGUAS PLUVIAIS","M",57.94]
[null,83665,"FORNECIMENTO E INSTALACAO DE MANTA BIDIM RT - 14","M²",7.53]
[null,83667,"CAMADA DRENANTE COM AREIA MEDIA","M³",89.76]
[null,83668,"CAMADA DRENANTE COM BRITA NUM 2","M³",95.67]
[null,83669,"FORNECIMENTO/INSTALACAO MANTA BIDIM RT-16","M²",8.9600000000000009]
[null,83670,"TUBO PVC DN 75 MM PARA DRENAGEM - FORNECIMENTO E INSTALACAO","M",43.21]
[null,83671,"TUBO PVC DN 100 MM PARA DRENAGEM - FORNECIMENTO E INSTALACAO","M",46.23]
[null,83675,"TUBO CONCRETO SIMPLES DN 200 MM PARA DRENAGEM - FORNECIMENTO E INSTALACAO, INCLUSIVE ESCAVACAO MANUAL 1M3/M.","M",81.08]
[null,83676,"TUBO CONCRETO SIMPLES DN 300 MM PARA DRENAGEM - FORNECIMENTO E INSTALACAO INCLUSIVE ESCAVACAO MANUAL 1M3/M","M",99.8]
[null,83677,"TUBO CONCRETO SIMPLES DN 400 MM PARA DRENAGEM - FORNECIMENTO E INSTALACAO INCLUSIVE ESCAVACAO MANUAL 1,5M3/M","M",125.01]
[null,83678,"TUBO CONCRETO SIMPLES DN 500 MM PARA DRENAGEM - FORNECIMENTO E INSTALACAO INCLUSIVE ESCAVACAO MANUAL 2M3/M","M",160.84]
[null,83679,"TUBO PVC D=2\u0094 COM MATERIAL DRENANTE PARA DRENO/BARBACA - FORNECIMENTO E INSTALACAO","M",12.02]
[null,83680,"TUBO PVC D=3\" COM MATERIAL DRENANTE PARA DRENO/BARBACA - FORNECIMENTO E INSTALACAO","M",13.81]
[null,83681,"TUBO PVC D=4\" COM MATERIAL DRENANTE PARA DRENO/BARBACA - FORNECIMENTO E INSTALACAO","M",14.81]
[null,83682,"CAMADA VERTICAL DRENANTE C/ PEDRA BRITADA NUMS 1 E 2","M³",96.37]
[null,83683,"CAMADA HORIZONTAL DRENANTE C/ PEDRA BRITADA 1 E 2","M³",105.69]
[null,83729,"FORNECIMENTO/INSTALACAO DE MANTA BIDIM RT-31","M²",17.59]
[null,83739,"FORNECIMENTO/INSTALACAO DE MANTA BIDIM RT-10","M²",6.12]
[null,6454,"FORNECIMENTO E LANCAMENTO DE PEDRA DE MAO","M³",148.83000000000001]
[null,73611,"ENROCAMENTO COM PEDRA ARGAMASSADA TRAÇO 1:4 COM PEDRA DE MÃO","M³",327.05]
[null,73697,"ENROCAMENTO MANUAL, SEM ARRUMACAO DO MATERIAL","M³",146.37]
[null,73698,"ENROCAMENTO MANUAL, COM ARRUMACAO DO MATERIAL","M³",193.65]
[null,"73890/1","ENSECADEIRA DE MADEIRA COM PAREDE SIMPLES","M²",132.09]
[null,"73890/2","ENSECADEIRA DE MADEIRA COM PAREDE DUPLA","M²",334.8]
[null,92743,"MURO DE GABIÃO, ENCHIMENTO COM PEDRA DE MÃO TIPO RACHÃO, DE GRAVIDADE, COM GAIOLAS DE COMPRIMENTO IGUAL A 2 METROS, ALTURA DO MURO DE ATÉ 4 METROS - FORNECIMENTO E EXECUÇÃO. AF_12/2015","M³",434.65]
[null,92744,"MURO DE GABIÃO, ENCHIMENTO COM PEDRA DE MÃO TIPO RACHÃO, DE GRAVIDADE, COM GAIOLAS DE COMPRIMENTO IGUAL A 5 METROS, ALTURA DO MURO DE ATÉ 4 METROS - FORNECIMENTO E EXECUÇÃO. AF_12/2015","M³",409.12]
[null,92745,"MURO DE GABIÃO, ENCHIMENTO COM PEDRA DE MÃO TIPO RACHÃO, DE GRAVIDADE, COM GAIOLAS DE COMPRIMENTO IGUAL A 2 METROS, ALTURA DO MURO ACIMA DE 4 E ATÉ 6 METROS - FORNECIMENTO E EXECUÇÃO. AF_12/2015","M³",537.59]
[null,92746,"MURO DE GABIÃO, ENCHIMENTO COM PEDRA DE MÃO TIPO RACHÃO, DE GRAVIDADE, COM GAIOLAS DE COMPRIMENTO IGUAL A 5 METROS, ALTURA DO MURO ACIMA DE 4 E ATÉ 6 METROS - FORNECIMENTO E EXECUÇÃO. AF_12/2015","M³",486.05]
[null,92747,"MURO DE GABIÃO, ENCHIMENTO COM PEDRA DE MÃO TIPO RACHÃO, DE GRAVIDADE, COM GAIOLAS DE COMPRIMENTO IGUAL A 2 METROS, ALTURA DO MURO ACIMA DE 6 E ATÉ 10 METROS - FORNECIMENTO E EXECUÇÃO. AF_12/2015","M³",595.87]
[null,92748,"MURO DE GABIÃO, ENCHIMENTO COM PEDRA DE MÃO TIPO RACHÃO, DE GRAVIDADE, COM GAIOLAS DE COMPRIMENTO IGUAL A 5 METROS, ALTURA DO MURO MAIOR QUE 6 ATÉ 10 METROS - FORNECIMENTO E EXECUÇÃO. AF_12/2015","M³",529.80999999999995]
[null,92749,"MURO DE GABIÃO, ENCHIMENTO COM PEDRA DE MÃO TIPO RACHÃO, COM SOLO REFORÇADO, ALTURA DO MURO DE ATÉ 4 METROS - FORNECIMENTO E EXECUÇÃO. AF_12/2015","M³",617.13]
[null,92750,"MURO DE GABIÃO, ENCHIMENTO COM PEDRA DE MÃO TIPO RACHÃO, COM SOLO REFORÇADO, ALTURA DO MURO ACIMA DE 4 E ATÉ 12 METROS - FORNECIMENTO E EXECUÇÃO. AF_12/2015","M³",1053.43]
[null,92751,"MURO DE GABIÃO, ENCHIMENTO COM PEDRA DE MÃO TIPO RACHÃO, COM SOLO REFORÇADO, ALTURA DO MURO ACIMA DE 12 E ATÉ 20 METROS - FORNECIMENTO E EXECUÇÃO. AF_12/2015","M³",1306.33]
[null,92752,"MURO DE GABIÃO, ENCHIMENTO COM PEDRA DE MÃO TIPO RACHÃO, COM SOLO REFORÇADO, ALTURA DO MURO ACIMA DE 20 E ATÉ 28 METROS - FORNECIMENTO E EXECUÇÃO. AF_12/2015","M³",1558.13]
[null,92753,"MURO DE GABIÃO, ENCHIMENTO COM RESÍDUO DE CONSTRUÇÃO E DEMOLIÇÃO, DE GRAVIDADE, COM GAIOLA TRAPEZOIDAL DE COMPRIMENTO IGUAL A 2 METROS, ALTURA DO MURO DE ATÉ 2 METROS - FORNECIMENTO E EXECUÇÃO. AF_12/2015","M³",419.38]
[null,92754,"MURO DE GABIÃO, ENCHIMENTO COM RESÍDUO DE CONSTRUÇÃO E DEMOLIÇÃO, DE GRAVIDADE, COM GAIOLA TRAPEZOIDAL DE COMPRIMENTO IGUAL A 2 METROS, ALTURA DO MURO ACIMA DE 2 E ATÉ 4 METROS - FORNECIMENTO E EXECUÇÃO. AF_12/2015","M³",382.37]
[null,92755,"PROTEÇÃO SUPERFICIAL DE CANAL EM GABIÃO TIPO COLCHÃO, ALTURA DE 17 CENTÍMETROS, ENCHIMENTO COM PEDRA DE MÃO TIPO RACHÃO - FORNECIMENTO E EXECUÇÃO. AF_12/2015","M²",158.22]
[null,92756,"PROTEÇÃO SUPERFICIAL DE CANAL EM GABIÃO TIPO COLCHÃO, ALTURA DE 23 CENTÍMETROS, ENCHIMENTO COM PEDRA DE MÃO TIPO RACHÃO - FORNECIMENTO E EXECUÇÃO. AF_12/2015","M²",179.83]
[null,92757,"PROTEÇÃO SUPERFICIAL DE CANAL EM GABIÃO TIPO COLCHÃO, ALTURA DE 30 CENTÍMETROS, ENCHIMENTO COM PEDRA DE MÃO TIPO RACHÃO - FORNECIMENTO E EXECUÇÃO. AF_12/2015","M²",206.03]
[null,92758,"PROTEÇÃO SUPERFICIAL DE CANAL EM GABIÃO TIPO SACO, DIÂMETRO DE 65 CENTÍMETROS, ENCHIMENTO MANUAL COM PEDRA DE MÃO TIPO RACHÃO - FORNECIMENTO E EXECUÇÃO. AF_12/2015","M³",474.46]
[null,"73843/1","MURO DE ARRIMO DE CONCRETO CICLOPICO COM 30% DE PEDRA DE MAO","M³",303.12]
[null,"73844/1","MURO DE ARRIMO DE ALVENARIA DE PEDRA ARGAMASSADA","M³",445.56]
[null,"73844/2","MURO DE ARRIMO DE ALVENARIA DE TIJOLOS","M³",418.15]
[null,"73846/1","MURO DE ARRIMO CELULAR PECAS PRE-MOLDADAS CONCRETO EXCL FORMAS INCL   CONFECCAO DAS PECAS MONTAGEM E COMPACTACAO DO SOLO DE ENCHIMENTO.","M³",248.08]
[null,"73846/2","MURO DE ARRIMO CELULAR PECAS PRE-MOLDADAS CONCRETO EXCL MATERIAIS E   FORMAS INCL CONFECCAO PECAS MONTAGEM E COMPACTACAO DO SOLO(ENCHIMENTO)","M³",110.55]
[null,91069,"EXECUÇÃO DE REVESTIMENTO DE CONCRETO PROJETADO COM ESPESSURA DE 7 CM, ARMADO COM TELA, INCLINAÇÃO MENOR QUE 90°, APLICAÇÃO CONTÍNUA, UTILIZANDO EQUIPAMENTO DE PROJEÇÃO COM 6 M³/H DE CAPACIDADE. AF_01/2016","M²",76.680000000000007]
[null,91070,"EXECUÇÃO DE REVESTIMENTO DE CONCRETO PROJETADO COM ESPESSURA DE 10 CM, ARMADO COM TELA, INCLINAÇÃO MENOR QUE 90°, APLICAÇÃO CONTÍNUA, UTILIZANDO EQUIPAMENTO DE PROJEÇÃO COM 6 M³/H DE CAPACIDADE. AF_01/2016","M²",84.9]
[null,91071,"EXECUÇÃO DE REVESTIMENTO DE CONCRETO PROJETADO COM ESPESSURA DE 7 CM, ARMADO COM TELA, INCLINAÇÃO DE 90°, APLICAÇÃO CONTÍNUA, UTILIZANDO EQUIPAMENTO DE PROJEÇÃO COM 6 M³/H DE CAPACIDADE. AF_01/2016","M²",112.86]
[null,91072,"EXECUÇÃO DE REVESTIMENTO DE CONCRETO PROJETADO COM ESPESSURA DE 10 CM, ARMADO COM TELA, INCLINAÇÃO DE 90°, APLICAÇÃO CONTÍNUA, UTILIZANDO EQUIPAMENTO DE PROJEÇÃO COM 6 M³/H DE CAPACIDADE. AF_01/2016","M²",120.97]
[null,91073,"EXECUÇÃO DE REVESTIMENTO DE CONCRETO PROJETADO COM ESPESSURA DE 7 CM, ARMADO COM TELA, INCLINAÇÃO MENOR QUE 90°, APLICAÇÃO CONTÍNUA, UTILIZANDO EQUIPAMENTO DE PROJEÇÃO COM 3 M³/H DE CAPACIDADE. AF_01/2016","M²",90.94]
[null,91074,"EXECUÇÃO DE REVESTIMENTO DE CONCRETO PROJETADO COM ESPESSURA DE 10 CM, ARMADO COM TELA, INCLINAÇÃO MENOR QUE 90°, APLICAÇÃO CONTÍNUA, UTILIZANDO EQUIPAMENTO DE PROJEÇÃO COM 3 M³/H DE CAPACIDADE. AF_01/2016","M²",100.6]
[null,91075,"EXECUÇÃO DE REVESTIMENTO DE CONCRETO PROJETADO COM ESPESSURA DE 7 CM, ARMADO COM TELA, INCLINAÇÃO DE 90°, APLICAÇÃO CONTÍNUA, UTILIZANDO EQUIPAMENTO DE PROJEÇÃO COM 3 M³/H DE CAPACIDADE. AF_01/2016","M²",129.32]
[null,91076,"EXECUÇÃO DE REVESTIMENTO DE CONCRETO PROJETADO COM ESPESSURA DE 10 CM, ARMADO COM TELA, INCLINAÇÃO DE 90°, APLICAÇÃO CONTÍNUA, UTILIZANDO EQUIPAMENTO DE PROJEÇÃO COM 3 M³/H DE CAPACIDADE. AF_01/2016","M²",138.87]
[null,91077,"EXECUÇÃO DE REVESTIMENTO DE CONCRETO PROJETADO COM ESPESSURA DE 7 CM, ARMADO COM FIBRAS DE AÇO, INCLINAÇÃO MENOR QUE 90°, APLICAÇÃO CONTÍNUA, UTILIZANDO EQUIPAMENTO DE PROJEÇÃO COM 6 M³/H DE CAPACIDADE. AF_01/2016","M²",131.88999999999999]
[null,91078,"EXECUÇÃO DE REVESTIMENTO DE CONCRETO PROJETADO COM ESPESSURA DE 10 CM, ARMADO COM FIBRAS DE AÇO, INCLINAÇÃO MENOR QUE 90°, APLICAÇÃO CONTÍNUA, UTILIZANDO EQUIPAMENTO DE PROJEÇÃO COM 6 M³/H DE CAPACIDADE. AF_01/2016","M²",155.83000000000001]
[null,91079,"EXECUÇÃO DE REVESTIMENTO DE CONCRETO PROJETADO COM ESPESSURA DE 7 CM, ARMADO COM FIBRAS DE AÇO, INCLINAÇÃO DE 90°, APLICAÇÃO CONTÍNUA, UTILIZANDO EQUIPAMENTO DE PROJEÇÃO COM 6 M³/H DE CAPACIDADE. AF_01/2016","M²",136.34]
[null,91080,"EXECUÇÃO DE REVESTIMENTO DE CONCRETO PROJETADO COM ESPESSURA DE 10 CM, ARMADO COM FIBRAS DE AÇO, INCLINAÇÃO DE 90°, APLICAÇÃO CONTÍNUA, UTILIZANDO EQUIPAMENTO DE PROJEÇÃO COM 6 M³/H DE CAPACIDADE. AF_01/2016","M²",160.08000000000001]
[null,91081,"EXECUÇÃO DE REVESTIMENTO DE CONCRETO PROJETADO COM ESPESSURA DE 7 CM, ARMADO COM FIBRAS DE AÇO, INCLINAÇÃO MENOR QUE 90°, APLICAÇÃO CONTÍNUA, UTILIZANDO EQUIPAMENTO DE PROJEÇÃO COM 3 M³/H DE CAPACIDADE. AF_01/2016","M²",147.57]
[null,91082,"EXECUÇÃO DE REVESTIMENTO DE CONCRETO PROJETADO COM ESPESSURA DE 10 CM, ARMADO COM FIBRAS DE AÇO, INCLINAÇÃO MENOR QUE 90°, APLICAÇÃO CONTÍNUA, UTILIZANDO EQUIPAMENTO DE PROJEÇÃO COM 3 M³/H DE CAPACIDADE. AF_01/2016","M²",172.76]
[null,91083,"EXECUÇÃO DE REVESTIMENTO DE CONCRETO PROJETADO COM ESPESSURA DE 7 CM, ARMADO COM FIBRAS DE AÇO, INCLINAÇÃO DE 90°, APLICAÇÃO CONTÍNUA, UTILIZANDO EQUIPAMENTO DE PROJEÇÃO COM 3 M³/H DE CAPACIDADE. AF_01/2016","M²",155.43]
[null,91084,"EXECUÇÃO DE REVESTIMENTO DE CONCRETO PROJETADO COM ESPESSURA DE 10 CM, ARMADO COM FIBRAS DE AÇO, INCLINAÇÃO DE 90°, APLICAÇÃO CONTÍNUA, UTILIZANDO EQUIPAMENTO DE PROJEÇÃO COM 3 M³/H DE CAPACIDADE. AF_01/2016","M²",180.35]
[null,91086,"EXECUÇÃO DE REVESTIMENTO DE CONCRETO PROJETADO COM ESPESSURA DE 7 CM, ARMADO COM TELA, INCLINAÇÃO MENOR QUE 90°, APLICAÇÃO DESCONTÍNUA, UTILIZANDO EQUIPAMENTO DE PROJEÇÃO COM 6 M³/H DE CAPACIDADE. AF_01/2016","M²",86.72]
[null,91087,"EXECUÇÃO DE REVESTIMENTO DE CONCRETO PROJETADO COM ESPESSURA DE 10 CM, ARMADO COM TELA, INCLINAÇÃO MENOR QUE 90°, APLICAÇÃO DESCONTÍNUA, UTILIZANDO EQUIPAMENTO DE PROJEÇÃO COM 6 M³/H DE CAPACIDADE. AF_01/2016","M²",95.2]
[null,91088,"EXECUÇÃO DE REVESTIMENTO DE CONCRETO PROJETADO COM ESPESSURA DE 7 CM, ARMADO COM TELA, INCLINAÇÃO DE 90°, APLICAÇÃO DESCONTÍNUA, UTILIZANDO EQUIPAMENTO DE PROJEÇÃO COM 6 M³/H DE CAPACIDADE. AF_01/2016","M²",123.84]
[null,91089,"EXECUÇÃO DE REVESTIMENTO DE CONCRETO PROJETADO COM ESPESSURA DE 10 CM, ARMADO COM TELA, INCLINAÇÃO DE 90°, APLICAÇÃO DESCONTÍNUA, UTILIZANDO EQUIPAMENTO DE PROJEÇÃO COM 6 M³/H DE CAPACIDADE. AF_01/2016","M²",132.38]
[null,91090,"EXECUÇÃO DE REVESTIMENTO DE CONCRETO PROJETADO COM ESPESSURA DE 7 CM, ARMADO COM TELA, INCLINAÇÃO MENOR QUE 90°, APLICAÇÃO DESCONTÍNUA, UTILIZANDO EQUIPAMENTO DE PROJEÇÃO COM 3 M³/H DE CAPACIDADE. AF_01/2016","M²",99.24]
[null,91091,"EXECUÇÃO DE REVESTIMENTO DE CONCRETO PROJETADO COM ESPESSURA DE 10 CM, ARMADO COM TELA, INCLINAÇÃO MENOR QUE 90°, APLICAÇÃO DESCONTÍNUA, UTILIZANDO EQUIPAMENTO DE PROJEÇÃO COM 3 M³/H DE CAPACIDADE. AF_01/2016","M²",109.36]
[null,91092,"EXECUÇÃO DE REVESTIMENTO DE CONCRETO PROJETADO COM ESPESSURA DE 7 CM, ARMADO COM TELA, INCLINAÇÃO DE 90°, APLICAÇÃO DESCONTÍNUA, UTILIZANDO EQUIPAMENTO DE PROJEÇÃO COM 3 M³/H DE CAPACIDADE. AF_01/2016","M²",138.16]
[null,91093,"EXECUÇÃO DE REVESTIMENTO DE CONCRETO PROJETADO COM ESPESSURA DE 10 CM, ARMADO COM TELA, INCLINAÇÃO DE 90°, APLICAÇÃO DESCONTÍNUA, UTILIZANDO EQUIPAMENTO DE PROJEÇÃO COM 3 M³/H DE CAPACIDADE. AF_01/2016","M²",148.44]
[null,91094,"EXECUÇÃO DE REVESTIMENTO DE CONCRETO PROJETADO COM ESPESSURA DE 7 CM, ARMADO COM FIBRAS DE AÇO, INCLINAÇÃO MENOR QUE 90°, APLICAÇÃO DESCONTÍNUA, UTILIZANDO EQUIPAMENTO DE PROJEÇÃO COM 6 M³/H DE CAPACIDADE. AF_01/2016","M²",138.16999999999999]
[null,91095,"EXECUÇÃO DE REVESTIMENTO DE CONCRETO PROJETADO COM ESPESSURA DE 10 CM, ARMADO COM FIBRAS DE AÇO, INCLINAÇÃO MENOR QUE 90°, APLICAÇÃO DESCONTÍNUA, UTILIZANDO EQUIPAMENTO DE PROJEÇÃO COM 6 M³/H DE CAPACIDADE. AF_01/2016","M²",162.47999999999999]
[null,91096,"EXECUÇÃO DE REVESTIMENTO DE CONCRETO PROJETADO COM ESPESSURA DE 7 CM, ARMADO COM FIBRAS DE AÇO, INCLINAÇÃO DE 90°, APLICAÇÃO DESCONTÍNUA, UTILIZANDO EQUIPAMENTO DE PROJEÇÃO COM 6 M³/H DE CAPACIDADE. AF_01/2016","M²",139.71]
[null,91097,"EXECUÇÃO DE REVESTIMENTO DE CONCRETO PROJETADO COM ESPESSURA DE 10 CM, ARMADO COM FIBRAS DE AÇO, INCLINAÇÃO DE 90°, APLICAÇÃO DESCONTÍNUA, UTILIZANDO EQUIPAMENTO DE PROJEÇÃO COM 6 M³/H DE CAPACIDADE. AF_01/2016","M²",163.81]
[null,91098,"EXECUÇÃO DE REVESTIMENTO DE CONCRETO PROJETADO COM ESPESSURA DE 7 CM, ARMADO COM FIBRAS DE AÇO, INCLINAÇÃO MENOR QUE 90°, APLICAÇÃO DESCONTÍNUA, UTILIZANDO EQUIPAMENTO DE PROJEÇÃO COM 3 M³/H DE CAPACIDADE. AF_01/2016","M²",153.84]
[null,91099,"EXECUÇÃO DE REVESTIMENTO DE CONCRETO PROJETADO COM ESPESSURA DE 10 CM, ARMADO COM FIBRAS DE AÇO, INCLINAÇÃO MENOR QUE 90°, APLICAÇÃO DESCONTÍNUA, UTILIZANDO EQUIPAMENTO DE PROJEÇÃO COM 3 M³/H DE CAPACIDADE. AF_01/2016","M²",179.52]
[null,91100,"EXECUÇÃO DE REVESTIMENTO DE CONCRETO PROJETADO COM ESPESSURA DE 7 CM, ARMADO COM FIBRAS DE AÇO, INCLINAÇÃO DE 90°, APLICAÇÃO DESCONTÍNUA, UTILIZANDO EQUIPAMENTO DE PROJEÇÃO COM 3 M³/H DE CAPACIDADE. AF_01/2016","M²",159.49]
[null,91101,"EXECUÇÃO DE REVESTIMENTO DE CONCRETO PROJETADO COM ESPESSURA DE 10 CM, ARMADO COM FIBRAS DE AÇO, INCLINAÇÃO DE 90°, APLICAÇÃO DESCONTÍNUA, UTILIZANDO EQUIPAMENTO DE PROJEÇÃO COM 3 M³/H DE CAPACIDADE. AF_01/2016","M²",184.93]
[null,93952,"EXECUÇÃO DE GRAMPO PARA SOLO GRAMPEADO COM COMPRIMENTO MENOR OU IGUAL A 4 M, DIÂMETRO DE 10 CM, PERFURAÇÃO COM EQUIPAMENTO MANUAL E ARMADURA COM DIÂMETRO DE 16 MM. AF_05/2016","M",159.18]
[null,93953,"EXECUÇÃO DE GRAMPO PARA SOLO GRAMPEADO COM COMPRIMENTO MAIOR QUE 4 M E MENOR OU IGUAL A 6 M, DIÂMETRO DE 10 CM, PERFURAÇÃO COM EQUIPAMENTO MANUAL E ARMADURA COM DIÂMETRO DE 16 MM. AF_05/2016","M",146.75]
[null,93954,"EXECUÇÃO DE GRAMPO PARA SOLO GRAMPEADO COM COMPRIMENTO MAIOR QUE 6 M E MENOR OU IGUAL A 8 M, DIÂMETRO DE 10 CM, PERFURAÇÃO COM EQUIPAMENTO MANUAL E ARMADURA COM DIÂMETRO DE 16 MM. AF_05/2016","M",139.37]
[null,93955,"EXECUÇÃO DE GRAMPO PARA SOLO GRAMPEADO COM COMPRIMENTO MAIOR QUE 8 M E MENOR OU IGUAL A 10 M, DIÂMETRO DE 10 CM, PERFURAÇÃO COM EQUIPAMENTO MANUAL E ARMADURA COM DIÂMETRO DE 16 MM. AF_05/2016","M",134.13999999999999]
[null,93956,"EXECUÇÃO DE GRAMPO PARA SOLO GRAMPEADO COM COMPRIMENTO MAIOR QUE 10 M, DIÂMETRO DE 10 CM, PERFURAÇÃO COM EQUIPAMENTO MANUAL E ARMADURA COM DIÂMETRO DE 16 MM. AF_05/2016","M",130.04]
[null,93957,"EXECUÇÃO DE GRAMPO PARA SOLO GRAMPEADO COM COMPRIMENTO MENOR OU IGUAL A 4 M, DIÂMETRO DE 10 CM, PERFURAÇÃO COM EQUIPAMENTO MANUAL E ARMADURA COM DIÂMETRO DE 20 MM. AF_05/2016","M",164.66]
[null,93958,"EXECUÇÃO DE GRAMPO PARA SOLO GRAMPEADO COM COMPRIMENTO MAIOR QUE 4 M E MENOR OU IGUAL A 6 M, DIÂMETRO DE 10 CM, PERFURAÇÃO COM EQUIPAMENTO MANUAL E ARMADURA COM DIÂMETRO DE 20 MM. AF_05/2016","M",151.58000000000001]
[null,93959,"EXECUÇÃO DE GRAMPO PARA SOLO GRAMPEADO COM COMPRIMENTO MAIOR QUE 6 M E MENOR OU IGUAL A 8 M, DIÂMETRO DE 10 CM, PERFURAÇÃO COM EQUIPAMENTO MANUAL E ARMADURA COM DIÂMETRO DE 20 MM. AF_05/2016","M",143.87]
[null,93960,"EXECUÇÃO DE GRAMPO PARA SOLO GRAMPEADO COM COMPRIMENTO MAIOR QUE 8 M E MENOR OU IGUAL A 10 M, DIÂMETRO DE 10 CM, PERFURAÇÃO COM EQUIPAMENTO MANUAL E ARMADURA COM DIÂMETRO DE 20 MM. AF_05/2016","M",138.44]
[null,93961,"EXECUÇÃO DE GRAMPO PARA SOLO GRAMPEADO COM COMPRIMENTO MAIOR QUE 10 M, DIÂMETRO DE 10 CM, PERFURAÇÃO COM EQUIPAMENTO MANUAL E ARMADURA COM DIÂMETRO DE 20 MM. AF_05/2016","M",134.19999999999999]
[null,93962,"EXECUÇÃO DE GRAMPO PARA SOLO GRAMPEADO COM COMPRIMENTO MENOR OU IGUAL A 4 M, DIÂMETRO DE 7 CM, PERFURAÇÃO COM EQUIPAMENTO MANUAL E ARMADURA COM DIÂMETRO DE 16 MM. AF_05/2016","M",150.09]
[null,93963,"EXECUÇÃO DE GRAMPO PARA SOLO GRAMPEADO COM COMPRIMENTO MAIOR QUE 4 E MENOR OU IGUAL A 6 M, DIÂMETRO DE 7 CM, PERFURAÇÃO COM EQUIPAMENTO MANUAL E ARMADURA COM DIÂMETRO DE 16 MM. AF_05/2016","M",137.69999999999999]
[null,93964,"EXECUÇÃO DE GRAMPO PARA SOLO GRAMPEADO COM COMPRIMENTO MAIOR QUE 6 M E MENOR OU IGUAL A 8 M, DIÂMETRO DE 7 CM, PERFURAÇÃO COM EQUIPAMENTO MANUAL E ARMADURA COM DIÂMETRO DE 16 MM. AF_05/2016","M",130.35]
[null,93965,"EXECUÇÃO DE GRAMPO PARA SOLO GRAMPEADO COM COMPRIMENTO MAIOR QUE 8 M E MENOR OU IGUAL A 10 M, DIÂMETRO DE 7 CM, PERFURAÇÃO COM EQUIPAMENTO MANUAL E ARMADURA COM DIÂMETRO DE 16 MM. AF_05/2016","M",122.2]
[null,93966,"EXECUÇÃO DE GRAMPO PARA SOLO GRAMPEADO COM COMPRIMENTO MAIOR QUE 10 M, DIÂMETRO DE 7 CM, PERFURAÇÃO COM EQUIPAMENTO MANUAL E ARMADURA COM DIÂMETRO DE 16 MM. AF_05/2016","M",121.08]
[null,93967,"EXECUÇÃO DE GRAMPO PARA SOLO GRAMPEADO COM COMPRIMENTO MENOR OU IGUAL A 4 M, DIÂMETRO DE 7 CM, PERFURAÇÃO COM EQUIPAMENTO MANUAL E ARMADURA COM DIÂMETRO DE 20 MM. AF_05/2016","M",155.58000000000001]
[null,93968,"EXECUÇÃO DE GRAMPO PARA SOLO GRAMPEADO COM COMPRIMENTO MAIOR QUE 4 E MENOR OU IGUAL A 6 M, DIÂMETRO DE 7 CM, PERFURAÇÃO COM EQUIPAMENTO MANUAL E ARMADURA COM DIÂMETRO DE 20 MM. AF_05/2016","M",142.54]
[null,93969,"EXECUÇÃO DE GRAMPO PARA SOLO GRAMPEADO COM COMPRIMENTO MAIOR QUE 6 M E MENOR OU IGUAL A 8 M, DIÂMETRO DE 7 CM, PERFURAÇÃO COM EQUIPAMENTO MANUAL E ARMADURA COM DIÂMETRO DE 20 MM. AF_05/2016","M",134.85]
[null,93970,"EXECUÇÃO DE GRAMPO PARA SOLO GRAMPEADO COM COMPRIMENTO MAIOR QUE 8 MENOR OU IGUAL A 10 M, DIÂMETRO DE 7 CM, PERFURAÇÃO COM EQUIPAMENTO MANUAL E ARMADURA COM DIÂMETRO DE 20 MM. AF_05/2016","M",129.47]
[null,93971,"EXECUÇÃO DE GRAMPO PARA SOLO GRAMPEADO COM COMPRIMENTO MAIOR QUE 10 M, DIÂMETRO DE 7 CM, PERFURAÇÃO COM EQUIPAMENTO MANUAL E ARMADURA COM DIÂMETRO DE 20 MM. AF_05/2016","M",120.77]
[null,95108,"EXECUÇÃO DE PROTEÇÃO DA CABEÇA DO TIRANTE COM USO DE FÔRMAS EM CHAPA COMPENSADA PLASTIFICADA DE MADEIRA E CONCRETO FCK =15 MPA. AF_07/2016","UN",19.98]
[null,83690,"DISSIPADOR DE ENERGIA EM PEDRA ARGAMASSADA ESPESSURA 6CM INCL MATERIAIS E COLOCACAO MEDIDO P/ VOLUME DE PEDRA ARGAMASSADA","M³",447.82]
[null,"73799/1","GRELHA EM FERRO FUNDIDO SIMPLES COM REQUADRO, CARGA MÁXIMA 12,5 T,  300 X 1000 MM, E = 15 MM, FORNECIDA E ASSENTADA COM ARGAMASSA 1:4 CIMENTO:AREIA.","UN",318.05]
[null,"73856/1","BOCA P/BUEIRO SIMPLES TUBULAR D=0,40M EM CONCRETO CICLOPICO, INCLINDO FORMAS, ESCAVACAO, REATERRO E MATERIAIS, EXCLUINDO MATERIAL REATERRO JAZIDA E TRANSPORTE","UN",489.75]
[null,"73856/2","BOCA PARA BUEIRO SIMPLES TUBULAR, DIAMETRO =0,60M, EM CONCRETO CICLOPICO, INCLUINDO FORMAS, ESCAVACAO, REATERRO E MATERIAIS, EXCLUINDO MATERIAL REATERRO JAZIDA E TRANSPORTE.","UN",803.7]
[null,"73856/3","BOCA PARA BUEIRO SIMPLES TUBULAR, DIAMETRO =0,80M, EM CONCRETO CICLOPICO, INCLUINDO FORMAS, ESCAVACAO, REATERRO E MATERIAIS, EXCLUINDO MATERIAL REATERRO JAZIDA E TRANSPORTE.","UN",1205.76]
[null,"73856/4","BOCA PARA BUEIRO SIMPLES TUBULAR, DIAMETRO =1,00M, EM CONCRETO CICLOPICO, INCLUINDO FORMAS, ESCAVACAO, REATERRO E MATERIAIS, EXCLUINDO MATERIAL REATERRO JAZIDA E TRANSPORTE.","UN",1701.85]
[null,"73856/5","BOCA PARA BUEIRO SIMPLES TUBULAR, DIAMETRO =1,20M, EM CONCRETO CICLOPICO, INCLUINDO FORMAS, ESCAVACAO, REATERRO E MATERIAIS, EXCLUINDO MATERIAL REATERRO JAZIDA E TRANSPORTE.","UN",2296.73]
[null,"73856/6","BOCA PARA BUEIRO DUPLO TUBULAR, DIAMETRO =0,40M, EM CONCRETO CICLOPICO, INCLUINDO FORMAS, ESCAVACAO, REATERRO E MATERIAIS, EXCLUINDO MATERIAL REATERRO JAZIDA E TRANSPORTE.","UN",692.2]
[null,"73856/7","BOCA PARA BUEIRO DUPLO TUBULAR, DIAMETRO =0,60M, EM CONCRETO CICLOPICO, INCLUINDO FORMAS, ESCAVACAO, REATERRO E MATERIAIS, EXCLUINDO MATERIAL REATERRO JAZIDA E TRANSPORTE.","UN",1142.52]
[null,"73856/8","BOCA PARA BUEIRO DUPLO TUBULAR, DIAMETRO =0,80M, EM CONCRETO CICLOPICO, INCLUINDO FORMAS, ESCAVACAO, REATERRO E MATERIAIS, EXCLUINDO MATERIAL REATERRO JAZIDA E TRANSPORTE.","UN",1716.93]
[null,"73856/9","BOCA PARA BUEIRO DUPLO TUBULAR, DIAMETRO =1,00M, EM CONCRETO CICLOPICO, INCLUINDO FORMAS, ESCAVACAO, REATERRO E MATERIAIS, EXCLUINDO MATERIAL REATERRO JAZIDA E TRANSPORTE.","UN",2126.8000000000002]
[null,"73856/10","BOCA PARA BUEIRO DUPLOTUBULAR, DIAMETRO =1,20M, EM CONCRETO CICLOPICO, INCLUINDO FORMAS, ESCAVACAO, REATERRO E MATERIAIS, EXCLUINDO MATERIAL REATERRO JAZIDA E TRANSPORTE.","UN",3264.06]
[null,"73856/11","BOCA PARA BUEIRO TRIPLO TUBULAR, DIAMETRO =0,40M, EM CONCRETO CICLOPICO, INCLUINDO FORMAS, ESCAVACAO, REATERRO E MATERIAIS, EXCLUINDO MATERIAL REATERRO JAZIDA E TRANSPORTE.","UN",894.27]
[null,"73856/12","BOCA PARA BUEIRO TRIPLO TUBULAR, DIAMETRO =0,60M, EM CONCRETO CICLOPICO, INCLUINDO FORMAS, ESCAVACAO, REATERRO E MATERIAIS, EXCLUINDO MATERIAL REATERRO JAZIDA E TRANSPORTE.","UN",1480.92]
[null,"73856/13","BOCA PARA BUEIRO TRIPLO TUBULAR, DIAMETRO =0,80M, EM CONCRETO CICLOPICO, INCLUINDO FORMAS, ESCAVACAO, REATERRO E MATERIAIS, EXCLUINDO MATERIAL REATERRO JAZIDA E TRANSPORTE.","UN",2227.77]
[null,"73856/14","BOCA PARA BUEIRO TRIPLO TUBULAR, DIAMETRO =1,00M, EM CONCRETO CICLOPICO, INCLUINDO FORMAS, ESCAVACAO, REATERRO E MATERIAIS, EXCLUINDO MATERIAL REATERRO JAZIDA E TRANSPORTE.","UN",3142.22]
[null,"73856/15","BOCA PARA BUEIRO TRIPLO TUBULAR, DIAMETRO =1,20M, EM CONCRETO CICLOPICO, INCLUINDO FORMAS, ESCAVACAO, REATERRO E MATERIAIS, EXCLUINDO MATERIAL REATERRO JAZIDA E TRANSPORTE.","UN",4231.5]
[null,"74224/1","POCO DE VISITA PARA DRENAGEM PLUVIAL, EM CONCRETO ESTRUTURAL, DIMENSOES INTERNAS DE 90X150X80CM (LARGXCOMPXALT), PARA REDE DE 600 MM, EXCLUSOS TAMPAO E CHAMINE.","UN",1274.45]
[null,83659,"BOCA DE LOBO EM ALVENARIA TIJOLO MACICO, REVESTIDA C/ ARGAMASSA DE CIMENTO E AREIA 1:3, SOBRE LASTRO DE CONCRETO 10CM E TAMPA DE CONCRETO ARMADO","UN",665.13]
[null,83716,"GRELHA FF 30X90CM, 135KG, P/ CX RALO COM ASSENTAMENTO DE ARGAMASSA CIMENTO/AREIA 1:4 - FORNECIMENTO E INSTALAÇÃO","UN",317.33]
[null,97976,"POÇO DE INSPEÇÃO CIRCULAR PARA ESGOTO, EM ALVENARIA COM TIJOLOS CERÂMICOS MACIÇOS, DIÂMETRO INTERNO = 0,6 M, PROFUNDIDADE = 1 M, EXCLUINDO TAMPÃO. AF_05/2018","UN",766.37]
[null,97977,"POÇO DE INSPEÇÃO CIRCULAR PARA ESGOTO, EM ALVENARIA COM TIJOLOS CERÂMICOS MACIÇOS, DIÂMETRO INTERNO = 0,6 M, PROFUNDIDADE = 1,5 M, EXCLUINDO TAMPÃO. AF_05/2018","UN",1112.1300000000001]
[null,97980,"BASE PARA POÇO DE VISITA CIRCULAR PARA  ESGOTO, EM ALVENARIA COM TIJOLOS CERÂMICOS MACIÇOS, DIÂMETRO INTERNO = 0,8 M, PROFUNDIDADE = 1,45 M, EXCLUINDO TAMPÃO. AF_05/2018","UN",1432.45]
[null,97981,"ACRÉSCIMO PARA POÇO DE VISITA CIRCULAR PARA ESGOTO, EM ALVENARIA COM TIJOLOS CERÂMICOS MACIÇOS, DIÂMETRO INTERNO = 0,8 M. AF_05/2018","M",843.94]
[null,97983,"ACRÉSCIMO PARA POÇO DE VISITA CIRCULAR PARA ESGOTO, EM CONCRETO PRÉ-MOLDADO, DIÂMETRO INTERNO = 1 M. AF_05/2018","M",291.43]
[null,97985,"ACRÉSCIMO PARA POÇO DE VISITA CIRCULAR PARA  ESGOTO, EM ALVENARIA COM TIJOLOS CERÂMICOS MACIÇOS, DIÂMETRO INTERNO = 1 M. AF_05/2018","M",1019.34]
[null,97987,"ACRÉSCIMO PARA POÇO DE VISITA CIRCULAR PARA ESGOTO, EM CONCRETO PRÉ-MOLDADO, DIÂMETRO INTERNO = 1,2 M. AF_05/2018","M",328.96]
[null,97988,"BASE PARA POÇO DE VISITA CIRCULAR PARA  ESGOTO, EM ALVENARIA COM TIJOLOS CERÂMICOS MACIÇOS, DIÂMETRO INTERNO = 1,2 M, PROFUNDIDADE = 1,45 M, EXCLUINDO TAMPÃO. AF_05/2018","UN",2071.75]
[null,97989,"ACRÉSCIMO PARA POÇO DE VISITA CIRCULAR PARA ESGOTO, EM ALVENARIA COM TIJOLOS CERÂMICOS MACIÇOS, DIÂMETRO INTERNO = 1,2 M. AF_05/2018","M",1194.76]
[null,97991,"ACRÉSCIMO PARA POÇO DE VISITA CIRCULAR PARA  ESGOTO, EM CONCRETO PRÉ-MOLDADO, DIÂMETRO INTERNO = 1,5 M. AF_05/2018","M",507.43]
[null,97992,"BASE PARA POÇO DE VISITA CIRCULAR PARA  ESGOTO, EM ALVENARIA COM TIJOLOS CERÂMICOS MACIÇOS, DIÂMETRO INTERNO = 1,5 M, PROFUNDIDADE = 1,45 M, EXCLUINDO TAMPÃO. AF_05/2018","UN",2630.83]
[null,97993,"ACRÉSCIMO PARA POÇO DE VISITA CIRCULAR PARA  ESGOTO, EM ALVENARIA COM TIJOLOS CERÂMICOS MACIÇOS, DIÂMETRO INTERNO = 1,5 M. AF_05/2018","M",1457.9]
[null,97994,"BASE PARA POÇO DE VISITA RETANGULAR PARA  ESGOTO, EM ALVENARIA COM BLOCOS DE CONCRETO, DIMENSÕES INTERNAS = 1X1 M, PROFUNDIDADE = 1,45 M, EXCLUINDO TAMPÃO. AF_05/2018","UN",1797.63]
[null,97995,"ACRÉSCIMO PARA POÇO DE VISITA RETANGULAR PARA ESGOTO, EM ALVENARIA COM BLOCOS DE CONCRETO, DIMENSÕES INTERNAS = 1X1 M. AF_05/2018","M",909.18]
[null,97996,"BASE PARA POÇO DE VISITA RETANGULAR PARA ESGOTO, EM ALVENARIA COM BLOCOS DE CONCRETO, DIMENSÕES INTERNAS = 1X1,5 M, PROFUNDIDADE = 1,45 M, EXCLUINDO TAMPÃO. AF_05/2018","UN",2269.2399999999998]
[null,97997,"ACRÉSCIMO PARA POÇO DE VISITA RETANGULAR PARA ESGOTO, EM ALVENARIA COM BLOCOS DE CONCRETO, DIMENSÕES INTERNAS = 1X1,5 M. AF_05/2018","M",1088.71]
[null,97999,"ACRÉSCIMO PARA POÇO DE VISITA RETANGULAR PARA ESGOTO, EM ALVENARIA COM BLOCOS DE CONCRETO, DIMENSÕES INTERNAS = 1X2 M. AF_05/2018","M",1268.26]
[null,98001,"ACRÉSCIMO PARA POÇO DE VISITA RETANGULAR PARA ESGOTO, EM ALVENARIA COM BLOCOS DE CONCRETO, DIMENSÕES INTERNAS = 1X2,5 M. AF_05/2018","M",1447.8]
[null,98002,"BASE PARA POÇO DE VISITA RETANGULAR PARA ESGOTO, EM ALVENARIA COM BLOCOS DE CONCRETO, DIMENSÕES INTERNAS = 1X3 M, PROFUNDIDADE = 1,45 M, EXCLUINDO TAMPÃO. AF_05/2018","UN",3706.46]
[null,98003,"ACRÉSCIMO PARA POÇO DE VISITA RETANGULAR PARA ESGOTO, EM ALVENARIA COM BLOCOS DE CONCRETO, DIMENSÕES INTERNAS = 1X3 M. AF_05/2018","M",1627.39]
[null,98005,"ACRÉSCIMO PARA POÇO DE VISITA RETANGULAR PARA ESGOTO, EM ALVENARIA COM BLOCOS DE CONCRETO, DIMENSÕES INTERNAS = 1X3,5 M. AF_05/2018","M",1806.93]
[null,98006,"BASE PARA POÇO DE VISITA RETANGULAR PARA ESGOTO, EM ALVENARIA COM BLOCOS DE CONCRETO, DIMENSÕES INTERNAS = 1X4 M, PROFUNDIDADE = 1,45 M, EXCLUINDO TAMPÃO. AF_05/2018","UN",4655.28]
[null,98007,"ACRÉSCIMO PARA POÇO DE VISITA RETANGULAR PARA ESGOTO, EM ALVENARIA COM BLOCOS DE CONCRETO, DIMENSÕES INTERNAS = 1X4 M. AF_05/2018","M",1986.47]
[null,98008,"BASE PARA POÇO DE VISITA RETANGULAR PARA ESGOTO, EM ALVENARIA COM BLOCOS DE CONCRETO, DIMENSÕES INTERNAS = 1,5X1,5 M, PROFUNDIDADE = 1,45 M, EXCLUINDO TAMPÃO . AF_05/2018","UN",2808.22]
[null,98009,"ACRÉSCIMO PARA POÇO DE VISITA RETANGULAR PARA ESGOTO, EM ALVENARIA COM BLOCOS DE CONCRETO, DIMENSÕES INTERNAS = 1,5X1,5 M. AF_05/2018","M",1268.26]
[null,98010,"BASE PARA POÇO DE VISITA RETANGULAR PARA ESGOTO, EM ALVENARIA COM BLOCOS DE CONCRETO, DIMENSÕES INTERNAS = 1,5X2 M, PROFUNDIDADE = 1,45 M, EXCLUINDO TAMPÃO. AF_05/2018","UN",3418.99]
[null,98011,"ACRÉSCIMO PARA POÇO DE VISITA RETANGULAR PARA ESGOTO, EM ALVENARIA COM BLOCOS DE CONCRETO, DIMENSÕES INTERNAS = 1,5X2 M. AF_05/2018","M",1447.8]
[null,98012,"BASE PARA POÇO DE VISITA RETANGULAR PARA ESGOTO, EM ALVENARIA COM BLOCOS DE CONCRETO, DIMENSÕES INTERNAS = 1,5X2,5 M, PROFUNDIDADE = 1,45 M, EXCLUINDO TAMPÃO. AF_05/2018","UN",4012.05]
[null,98013,"ACRÉSCIMO PARA POÇO DE VISITA RETANGULAR PARA ESGOTO, EM ALVENARIA COM BLOCOS DE CONCRETO, DIMENSÕES INTERNAS = 1,5X2,5 M. AF_05/2018","M",1627.39]
[null,98014,"BASE PARA POÇO DE VISITA RETANGULAR PARA ESGOTO, EM ALVENARIA COM BLOCOS DE CONCRETO, DIMENSÕES INTERNAS = 1,5X3 M, PROFUNDIDADE = 1,45 M, EXCLUINDO TAMPÃO. AF_05/2018","UN",4605.05]
[null,98015,"ACRÉSCIMO PARA POÇO DE VISITA RETANGULAR PARA ESGOTO, EM ALVENARIA COM BLOCOS DE CONCRETO, DIMENSÕES INTERNAS = 1,5X3 M. AF_05/2018","M",1806.93]
[null,98016,"BASE PARA POÇO DE VISITA RETANGULAR PARA ESGOTO, EM ALVENARIA COM BLOCOS DE CONCRETO, DIMENSÕES INTERNAS = 1,5X3,5 M, PROFUNDIDADE = 1,45 M, EXCLUINDO TAMPÃO. AF_05/2018","UN",5198.1099999999997]
[null,98017,"ACRÉSCIMO PARA POÇO DE VISITA RETANGULAR PARA ESGOTO, EM ALVENARIA COM BLOCOS DE CONCRETO, DIMENSÕES INTERNAS = 1,5X3,5 M. AF_05/2018","M",1986.47]
[null,98018,"BASE PARA POÇO DE VISITA RETANGULAR PARA ESGOTO, EM ALVENARIA COM BLOCOS DE CONCRETO, DIMENSÕES INTERNAS = 1,5X4 M, PROFUNDIDADE = 1,45 M, EXCLUINDO TAMPÃO. AF_05/2018","UN",5791.16]
[null,98019,"ACRÉSCIMO PARA POÇO DE VISITA RETANGULAR PARA ESGOTO, EM ALVENARIA COM BLOCOS DE CONCRETO, DIMENSÕES INTERNAS = 1,5X4 M. AF_05/2018","M",2192.38]
[null,98020,"BASE PARA POÇO DE VISITA RETANGULAR PARA ESGOTO, EM ALVENARIA COM BLOCOS DE CONCRETO, DIMENSÕES INTERNAS = 2X2 M, PROFUNDIDADE = 1,45 M, EXCLUINDO TAMPÃO. AF_05/2018","UN",4134.32]
[null,98021,"ACRÉSCIMO PARA POÇO DE VISITA RETANGULAR PARA ESGOTO, EM ALVENARIA COM BLOCOS DE CONCRETO, DIMENSÕES INTERNAS = 2X2 M. AF_05/2018","M",1653.74]
[null,98022,"BASE PARA POÇO DE VISITA RETANGULAR PARA ESGOTO, EM ALVENARIA COM BLOCOS DE CONCRETO, DIMENSÕES INTERNAS = 2X2,5 M, PROFUNDIDADE = 1,45 M, EXCLUINDO TAMPÃO. AF_05/2018","UN",4839.17]
[null,98023,"ACRÉSCIMO PARA POÇO DE VISITA RETANGULAR PARA ESGOTO, EM ALVENARIA COM BLOCOS DE CONCRETO, DIMENSÕES INTERNAS = 2X2,5 M. AF_05/2018","M",1833.29]
[null,98024,"BASE PARA POÇO DE VISITA RETANGULAR PARA ESGOTO, EM ALVENARIA COM BLOCOS DE CONCRETO, DIMENSÕES INTERNAS = 2X3 M, PROFUNDIDADE = 1,45 M, EXCLUINDO TAMPÃO. AF_05/2018","UN",5584.42]
[null,98025,"ACRÉSCIMO PARA POÇO DE VISITA RETANGULAR PARA ESGOTO, EM ALVENARIA COM BLOCOS DE CONCRETO, DIMENSÕES INTERNAS = 2X3 M. AF_05/2018","M",2012.83]
[null,98026,"BASE PARA POÇO DE VISITA RETANGULAR PARA ESGOTO, EM ALVENARIA COM BLOCOS DE CONCRETO, DIMENSÕES INTERNAS = 2X3,5 M, PROFUNDIDADE = 1,45 M, EXCLUINDO TAMPÃO. AF_05/2018","UN",6294.25]
[null,98027,"ACRÉSCIMO PARA POÇO DE VISITA RETANGULAR PARA ESGOTO, EM ALVENARIA COM BLOCOS DE CONCRETO, DIMENSÕES INTERNAS = 2X3,5 M. AF_05/2018","M",2192.38]
[null,98028,"BASE PARA POÇO DE VISITA RETANGULAR PARA ESGOTO, EM ALVENARIA COM BLOCOS DE CONCRETO, DIMENSÕES INTERNAS = 2X4 M, PROFUNDIDADE = 1,45 M, EXCLUINDO TAMPÃO. AF_05/2018","UN",7004.09]
[null,98029,"ACRÉSCIMO PARA POÇO DE VISITA RETANGULAR PARA ESGOTO, EM ALVENARIA COM BLOCOS DE CONCRETO, DIMENSÕES INTERNAS = 2X4 M. AF_05/2018","M",2377.39]
[null,98030,"BASE PARA POÇO DE VISITA RETANGULAR PARA ESGOTO, EM ALVENARIA COM BLOCOS DE CONCRETO, DIMENSÕES INTERNAS = 2,5X2,5 M, PROFUNDIDADE = 1,45 M, EXCLUINDO TAMPÃO. AF_05/2018","UN",5717.56]
[null,98031,"ACRÉSCIMO PARA POÇO DE VISITA RETANGULAR PARA ESGOTO, EM ALVENARIA COM BLOCOS DE CONCRETO, DIMENSÕES INTERNAS = 2,5X2,5 M. AF_05/2018","M",2018.34]
[null,98032,"BASE PARA POÇO DE VISITA RETANGULAR PARA ESGOTO, EM ALVENARIA COM BLOCOS DE CONCRETO, DIMENSÕES INTERNAS = 2,5X3 M, PROFUNDIDADE = 1,45 M, EXCLUINDO TAMPÃO. AF_05/2018","UN",6570.87]
[null,98033,"ACRÉSCIMO PARA POÇO DE VISITA RETANGULAR PARA ESGOTO, EM ALVENARIA COM BLOCOS DE CONCRETO, DIMENSÕES INTERNAS = 2,5X3 M. AF_05/2018","M",2197.89]
[null,98034,"BASE PARA POÇO DE VISITA RETANGULAR PARA ESGOTO, EM ALVENARIA COM BLOCOS DE CONCRETO, DIMENSÕES INTERNAS = 2,5X3,5 M, PROFUNDIDADE = 1,45 M, EXCLUINDO TAMPÃO. AF_05/2018","UN",7424.2]
[null,98035,"ACRÉSCIMO PARA POÇO DE VISITA RETANGULAR PARA ESGOTO, EM ALVENARIA COM BLOCOS DE CONCRETO, DIMENSÕES INTERNAS = 2,5X3,5 M. AF_05/2018","M",2377.39]
[null,98036,"BASE PARA POÇO DE VISITA RETANGULAR PARA ESGOTO, EM ALVENARIA COM BLOCOS DE CONCRETO, DIMENSÕES INTERNAS = 2,5X4 M, PROFUNDIDADE = 1,45 M, EXCLUINDO TAMPÃO. AF_05/2018","UN",8277.5400000000009]
[null,98037,"ACRÉSCIMO PARA POÇO DE VISITA RETANGULAR PARA ESGOTO, EM ALVENARIA COM BLOCOS DE CONCRETO, DIMENSÕES INTERNAS = 2,5X4 M. AF_05/2018","M",2562.42]
[null,98038,"BASE PARA POÇO DE VISITA RETANGULAR PARA ESGOTO, EM ALVENARIA COM BLOCOS DE CONCRETO, DIMENSÕES INTERNAS = 3X3 M, PROFUNDIDADE = 1,45 M, EXCLUINDO TAMPÃO. AF_05/2018","UN",7592.44]
[null,98039,"ACRÉSCIMO PARA POÇO DE VISITA RETANGULAR PARA ESGOTO, EM ALVENARIA COM BLOCOS DE CONCRETO, DIMENSÕES INTERNAS = 3X3 M. AF_05/2018","M",2382.88]
[null,98040,"BASE PARA POÇO DE VISITA RETANGULAR PARA ESGOTO, EM ALVENARIA COM BLOCOS DE CONCRETO, DIMENSÕES INTERNAS = 3X3,5 M, PROFUNDIDADE = 1,45 M, EXCLUINDO TAMPÃO. AF_05/2018","UN",8574.69]
[null,98041,"ACRÉSCIMO PARA POÇO DE VISITA RETANGULAR PARA ESGOTO, EM ALVENARIA COM BLOCOS DE CONCRETO, DIMENSÕES INTERNAS = 3X3,5 M. AF_05/2018","M",2562.42]
[null,98042,"BASE PARA POÇO DE VISITA RETANGULAR PARA ESGOTO, EM ALVENARIA COM BLOCOS DE CONCRETO, DIMENSÕES INTERNAS = 3X4 M, PROFUNDIDADE = 1,45 M, EXCLUINDO TAMPÃO. AF_05/2018","UN",9556.9500000000007]
[null,98043,"ACRÉSCIMO PARA POÇO DE VISITA RETANGULAR PARA ESGOTO, EM ALVENARIA COM BLOCOS DE CONCRETO, DIMENSÕES INTERNAS = 3X4 M. AF_05/2018","M",2747.49]
[null,98044,"BASE PARA POÇO DE VISITA RETANGULAR PARA ESGOTO, EM ALVENARIA COM BLOCOS DE CONCRETO, DIMENSÕES INTERNAS = 3,5X3,5 M, PROFUNDIDADE = 1,45 M, EXCLUINDO TAMPÃO. AF_05/2018","UN",9732.2999999999993]
[null,98045,"ACRÉSCIMO PARA POÇO DE VISITA RETANGULAR PARA ESGOTO, EM ALVENARIA COM BLOCOS DE CONCRETO, DIMENSÕES INTERNAS = 3,5X3,5 M. AF_05/2018","M",2747.49]
[null,98046,"BASE PARA POÇO DE VISITA RETANGULAR PARA ESGOTO, EM ALVENARIA COM BLOCOS DE CONCRETO, DIMENSÕES INTERNAS = 3,5X4 M, PROFUNDIDADE = 1,45 M, EXCLUINDO TAMPÃO. AF_05/2018","UN",10844.5]
[null,98047,"ACRÉSCIMO PARA POÇO DE VISITA RETANGULAR PARA ESGOTO, EM ALVENARIA COM BLOCOS DE CONCRETO, DIMENSÕES INTERNAS = 3,5X4 M. AF_05/2018","M",2932.52]
[null,98048,"BASE PARA POÇO DE VISITA RETANGULAR PARA ESGOTO, EM ALVENARIA COM BLOCOS DE CONCRETO, DIMENSÕES INTERNAS = 4X4 M, PROFUNDIDADE = 1,45 M, EXCLUINDO TAMPÃO. AF_05/2018","UN",12140.37]
[null,98049,"ACRÉSCIMO PARA POÇO DE VISITA RETANGULAR PARA ESGOTO, EM ALVENARIA COM BLOCOS DE CONCRETO, DIMENSÕES INTERNAS = 4X4 M. AF_05/2018","M",3063.75]
[null,98050,"CHAMINÉ CIRCULAR PARA POÇO DE VISITA PARA ESGOTO, EM CONCRETO PRÉ-MOLDADO, DIÂMETRO INTERNO = 0,6 M. AF_05/2018","M",154.86000000000001]
[null,98051,"CHAMINÉ CIRCULAR PARA POÇO DE VISITA PARA ESGOTO, EM ALVENARIA COM TIJOLOS CERÂMICOS MACIÇOS, DIÂMETRO INTERNO = 0,6 M. AF_05/2018","M",667.42]
[null,98405,"BASE PARA POÇO DE VISITA CIRCULAR PARA  ESGOTO, EM ALVENARIA COM TIJOLOS CERÂMICOS MACIÇOS, DIÂMETRO INTERNO = 1 M, PROFUNDIDADE = 1,45 M, EXCLUINDO TAMPÃO. AF_05/2018.","UN",1754.27]
[null,98406,"BASE PARA POÇO DE VISITA RETANGULAR PARA ESGOTO, EM ALVENARIA COM BLOCOS DE CONCRETO, DIMENSÕES INTERNAS = 1X3,5 M, PROFUNDIDADE = 1,45 M, EXCLUINDO TAMPÃO. AF_05/2018","UN",4180.8100000000004]
[null,98407,"BASE PARA POÇO DE VISITA RETANGULAR PARA ESGOTO, EM ALVENARIA COM BLOCOS DE CONCRETO, DIMENSÕES INTERNAS = 1X2 M, PROFUNDIDADE = 1,45 M, EXCLUINDO TAMPÃO. AF_05/2018","UN",2740.79]
[null,98408,"BASE PARA POÇO DE VISITA RETANGULAR PARA ESGOTO, EM ALVENARIA COM BLOCOS DE CONCRETO, DIMENSÕES INTERNAS = 1X2,5 M, PROFUNDIDADE = 1,45 M, EXCLUINDO TAMPÃO. AF_05/2018","UN",3212.38]
[null,98409,"ACRÉSCIMO PARA POÇO DE VISITA CIRCULAR PARA ESGOTO, EM CONCRETO PRÉ-MOLDADO, DIÂMETRO INTERNO = 0,8 M. AF_05/2018","M",240.85]
[null,98414,"BASE PARA POÇO DE VISITA CIRCULAR PARA  ESGOTO, EM CONCRETO PRÉ-MOLDADO, DIÂMETRO INTERNO = 1 M, PROFUNDIDADE = 1,45 M, EXCLUINDO TAMPÃO. AF_05/2018_P","UN",823.33]
[null,98415,"(COMPOSIÇÃO REPRESENTATIVA) POÇO DE VISITA CIRCULAR PARA ESGOTO, EM CONCRETO PRÉ-MOLDADO, DIÂMETRO INTERNO = 1,0 M, PROFUNDIDADE ATÉ 1,50 M, EXCLUINDO TAMPÃO. AF_04/2018","UN",823.33]
[null,98416,"(COMPOSIÇÃO REPRESENTATIVA) POÇO DE VISITA CIRCULAR PARA ESGOTO, EM CONCRETO PRÉ-MOLDADO, DIÂMETRO INTERNO = 1,0 M, PROFUNDIDADE DE 1,50 A 2,00 M, EXCLUINDO TAMPÃO. AF_04/2018","UN",969.04]
[null,98417,"(COMPOSIÇÃO REPRESENTATIVA) POÇO DE VISITA CIRCULAR PARA ESGOTO, EM CONCRETO PRÉ-MOLDADO, DIÂMETRO INTERNO = 1,0 M, PROFUNDIDADE DE 2,00 A 2,50 M, EXCLUINDO TAMPÃO. AF_04/2018","UN",1114.76]
[null,98418,"(COMPOSIÇÃO REPRESENTATIVA) POÇO DE VISITA CIRCULAR PARA ESGOTO, EM CONCRETO PRÉ-MOLDADO, DIÂMETRO INTERNO = 1,0 M, PROFUNDIDADE DE 2,50 A 3,00 M, EXCLUINDO TAMPÃO. AF_04/2018","UN",1192.19]
[null,98419,"(COMPOSIÇÃO REPRESENTATIVA) POÇO DE VISITA CIRCULAR PARA ESGOTO, EM CONCRETO PRÉ-MOLDADO, DIÂMETRO INTERNO = 1,0 M, PROFUNDIDADE DE 3,00 A 3,50 M, EXCLUINDO TAMPÃO. AF_04/2018","UN",1269.6199999999999]
[null,98420,"(COMPOSIÇÃO REPRESENTATIVA) POÇO DE VISITA CIRCULAR PARA ESGOTO, EM CONCRETO PRÉ-MOLDADO, DIÂMETRO INTERNO = 1,0 M, PROFUNDIDADE ATÉ 1,50 M, INCLUINDO TAMPÃO DE FERRO FUNDIDO, DIÂMETRO DE 60 CM. AF_04/2018","UN",1255.23]
[null,98421,"(COMPOSIÇÃO REPRESENTATIVA) POÇO DE VISITA CIRCULAR PARA ESGOTO, EM CONCRETO PRÉ-MOLDADO, DIÂMETRO INTERNO = 1,0 M, PROFUNDIDADE DE 1,50 A 2,00 M, INCLUINDO TAMPÃO DE FERRO FUNDIDO, DIÂMETRO DE 60 CM. AF_04/2018","UN",1400.94]
[null,98422,"(COMPOSIÇÃO REPRESENTATIVA) POÇO DE VISITA CIRCULAR PARA ESGOTO, EM CONCRETO PRÉ-MOLDADO, DIÂMETRO INTERNO = 1,0 M, PROFUNDIDADE DE 2,00 A 2,50 M, INCLUINDO TAMPÃO DE FERRO FUNDIDO, DIÂMETRO DE 60 CM. AF_04/2018","UN",1546.66]
[null,98423,"(COMPOSIÇÃO REPRESENTATIVA) POÇO DE VISITA CIRCULAR PARA ESGOTO, EM CONCRETO PRÉ-MOLDADO, DIÂMETRO INTERNO = 1,0 M, PROFUNDIDADE DE 2,50 A 3,00 M, INCLUINDO TAMPÃO DE FERRO FUNDIDO, DIÂMETRO DE 60 CM. AF_04/2018","UN",1624.09]
[null,98424,"(COMPOSIÇÃO REPRESENTATIVA) POÇO DE VISITA CIRCULAR PARA ESGOTO, EM CONCRETO PRÉ-MOLDADO, DIÂMETRO INTERNO = 1,0 M, PROFUNDIDADE DE 3,00 A 3,50 M, INCLUINDO TAMPÃO DE FERRO FUNDIDO, DIÂMETRO DE 60 CM. AF_04/2018","UN",1701.52]
[null,98425,"(COMPOSIÇÃO REPRESENTATIVA) POÇO DE VISITA CIRCULAR PARA ESGOTO, EM ALVENARIA COM TIJOLOS CERÂMICOS MACIÇOS, DIÂMETRO INTERNO = 1,2 M, PROFUNDIDADE ATÉ 1,50 M, EXCLUINDO TAMPÃO. AF_04/2018","UN",2071.75]
[null,98426,"(COMPOSIÇÃO REPRESENTATIVA) POÇO DE VISITA CIRCULAR PARA ESGOTO, EM ALVENARIA COM TIJOLOS CERÂMICOS MACIÇOS, DIÂMETRO INTERNO = 1,2 M, PROFUNDIDADE DE 1,50 A 2,00 M, EXCLUINDO TAMPÃO. AF_04/2018","UN",2669.13]
[null,98427,"(COMPOSIÇÃO REPRESENTATIVA) POÇO DE VISITA CIRCULAR PARA ESGOTO, EM ALVENARIA COM TIJOLOS CERÂMICOS MACIÇOS, DIÂMETRO INTERNO = 1,2 M, PROFUNDIDADE DE 2,00 A 2,50 M, EXCLUINDO TAMPÃO. AF_04/2018","UN",3266.51]
[null,98428,"(COMPOSIÇÃO REPRESENTATIVA) POÇO DE VISITA CIRCULAR PARA ESGOTO, EM ALVENARIA COM TIJOLOS CERÂMICOS MACIÇOS, DIÂMETRO INTERNO = 1,2 M, PROFUNDIDADE DE 2,50 A 3,00 M, EXCLUINDO TAMPÃO. AF_04/2018","UN",3600.22]
[null,98429,"(COMPOSIÇÃO REPRESENTATIVA) POÇO DE VISITA CIRCULAR PARA ESGOTO, EM ALVENARIA COM TIJOLOS CERÂMICOS MACIÇOS, DIÂMETRO INTERNO = 1,2 M, PROFUNDIDADE DE 3,00 A 3,50 M, EXCLUINDO TAMPÃO. AF_04/2018","UN",3933.93]
[null,98430,"(COMPOSIÇÃO REPRESENTATIVA) POÇO DE VISITA CIRCULAR PARA ESGOTO, EM ALVENARIA COM TIJOLOS CERÂMICOS MACIÇOS, DIÂMETRO INTERNO = 1,2 M, PROFUNDIDADE ATÉ 1,50 M, INCLUINDO TAMPÃO DE FERRO FUNDIDO, DIÂMETRO DE 60 CM. AF_04/2018","UN",2503.65]
[null,98431,"(COMPOSIÇÃO REPRESENTATIVA) POÇO DE VISITA CIRCULAR PARA ESGOTO, EM ALVENARIA COM TIJOLOS CERÂMICOS MACIÇOS, DIÂMETRO INTERNO = 1,2 M, PROFUNDIDADE DE 1,50 A 2,00 M, INCLUINDO TAMPÃO DE FERRO FUNDIDO, DIÂMETRO DE 60 CM. AF_04/2018","UN",3101.03]
[null,98432,"(COMPOSIÇÃO REPRESENTATIVA) POÇO DE VISITA CIRCULAR PARA ESGOTO, EM ALVENARIA COM TIJOLOS CERÂMICOS MACIÇOS, DIÂMETRO INTERNO = 1,2 M, PROFUNDIDADE DE 2,00 A 2,50 M, INCLUINDO TAMPÃO DE FERRO FUNDIDO, DIÂMETRO DE 60 CM. AF_04/2018","UN",3698.41]
[null,98433,"(COMPOSIÇÃO REPRESENTATIVA) POÇO DE VISITA CIRCULAR PARA ESGOTO, EM ALVENARIA COM TIJOLOS CERÂMICOS MACIÇOS, DIÂMETRO INTERNO = 1,2 M, PROFUNDIDADE DE 2,50 A 3,00 M, INCLUINDO TAMPÃO DE FERRO FUNDIDO, DIÂMETRO DE 60 CM. AF_04/2018","UN",4032.12]
[null,98434,"(COMPOSIÇÃO REPRESENTATIVA) POÇO DE VISITA CIRCULAR PARA ESGOTO, EM ALVENARIA COM TIJOLOS CERÂMICOS MACIÇOS, DIÂMETRO INTERNO = 1,2 M, PROFUNDIDADE DE 3,00 A 3,50 M, INCLUINDO TAMPÃO DE FERRO FUNDIDO, DIÂMETRO DE 60 CM. AF_04/2018","UN",4365.83]
[null,94263,"GUIA (MEIO-FIO) CONCRETO, MOLDADA  IN LOCO  EM TRECHO RETO COM EXTRUSORA, 11,5 CM BASE X 22 CM ALTURA. AF_06/2016","M",20.03]
[null,94264,"GUIA (MEIO-FIO) CONCRETO, MOLDADA  IN LOCO  EM TRECHO CURVO COM EXTRUSORA, 11,5 CM BASE X 22 CM ALTURA. AF_06/2016","M",22.74]
[null,94265,"GUIA (MEIO-FIO) CONCRETO, MOLDADA  IN LOCO  EM TRECHO RETO COM EXTRUSORA, 14 CM BASE X 30 CM ALTURA. AF_06/2016","M",25.31]
[null,94266,"GUIA (MEIO-FIO) CONCRETO, MOLDADA  IN LOCO  EM TRECHO CURVO COM EXTRUSORA, 14 CM BASE X 30 CM ALTURA. AF_06/2016","M",28.42]
[null,94267,"GUIA (MEIO-FIO) E SARJETA CONJUGADOS DE CONCRETO, MOLDADA \u0093IN LOCO\u0094 EM TRECHO RETO COM EXTRUSORA, GUIA 13 CM BASE X 22 CM ALTURA, SARJETA 30 CM BASE X 8,5 CM ALTURA. AF_06/2016","M",29.62]
[null,94268,"GUIA (MEIO-FIO) E SARJETA CONJUGADOS DE CONCRETO, MOLDADA \u0093IN LOCO\u0094 EM TRECHO CURVO COM EXTRUSORA, GUIA 12,5 CM BASE X 22 CM ALTURA, SARJETA 30 CM BASE X 8,5 CM ALTURA. AF_06/2016","M",33.04]
[null,94269,"GUIA (MEIO-FIO) E SARJETA CONJUGADOS DE CONCRETO, MOLDADA \u0093IN LOCO\u0094 EM TRECHO RETO COM EXTRUSORA, GUIA 13,5 CM BASE X 26 CM ALTURA, SARJETA 45 CM BASE X 11 CM ALTURA. AF_06/2016","M",41.41]
[null,94270,"GUIA (MEIO-FIO) E SARJETA CONJUGADOS DE CONCRETO, MOLDADA IN LOCO\u0094 EM TRECHO CURVO COM EXTRUSORA, GUIA 13,5 CM BASE X 26 CM ALTURA, SARJETA 45 CM BASE X 11 CM ALTURA. AF_06/2016","M",46.19]
[null,94271,"GUIA (MEIO-FIO) E SARJETA CONJUGADOS DE CONCRETO, MOLDADA \u0093IN LOCO\u0094 EM TRECHO RETO COM EXTRUSORA, GUIA 13,5 CM BASE X 30 CM ALTURA, SARJETA 50 CM BASE X 12,5 CM ALTURA. AF_06/2016","M",50.55]
[null,94272,"GUIA (MEIO-FIO) E SARJETA CONJUGADOS DE CONCRETO, MOLDADA \u0093IN LOCO\u0094 EM TRECHO CURVO COM EXTRUSORA, GUIA 13,5 CM BASE X 30 CM ALTURA, SARJETA 50 CM BASE X 12,5 CM ALTURA. AF_06/2016","M",56.92]
[null,94273,"ASSENTAMENTO DE GUIA (MEIO-FIO) EM TRECHO RETO, CONFECCIONADA EM CONCRETO PRÉ-FABRICADO, DIMENSÕES 100X15X13X30 CM (COMPRIMENTO X BASE INFERIOR X BASE SUPERIOR X ALTURA), PARA VIAS URBANAS (USO VIÁRIO). AF_06/2016","M",32.5]
[null,94274,"ASSENTAMENTO DE GUIA (MEIO-FIO) EM TRECHO CURVO, CONFECCIONADA EM CONCRETO PRÉ-FABRICADO, DIMENSÕES 100X15X13X30 CM (COMPRIMENTO X BASE INFERIOR X BASE SUPERIOR X ALTURA), PARA VIAS URBANAS (USO VIÁRIO). AF_06/2016","M",35.31]
[null,94275,"ASSENTAMENTO DE GUIA (MEIO-FIO) EM TRECHO RETO, CONFECCIONADA EM CONCRETO PRÉ-FABRICADO, DIMENSÕES 100X15X13X20 CM (COMPRIMENTO X BASE INFERIOR X BASE SUPERIOR X ALTURA), PARA URBANIZAÇÃO INTERNA DE EMPREENDIMENTOS. AF_06/2016_P","M",31.05]
[null,94276,"ASSENTAMENTO DE GUIA (MEIO-FIO) EM TRECHO CURVO, CONFECCIONADA EM CONCRETO PRÉ-FABRICADO, DIMENSÕES 100X15X13X20 CM (COMPRIMENTO X BASE INFERIOR X BASE SUPERIOR X ALTURA), PARA URBANIZAÇÃO INTERNA DE EMPREENDIMENTOS. AF_06/2016_P","M",33.869999999999997]
[null,94281,"EXECUÇÃO DE SARJETA DE CONCRETO USINADO, MOLDADA  IN LOCO  EM TRECHO RETO, 30 CM BASE X 15 CM ALTURA. AF_06/2016","M",29.54]
[null,94282,"EXECUÇÃO DE SARJETA DE CONCRETO USINADO, MOLDADA  IN LOCO  EM TRECHO CURVO, 30 CM BASE X 15 CM ALTURA. AF_06/2016","M",38.090000000000003]
[null,94283,"EXECUÇÃO DE SARJETA DE CONCRETO USINADO, MOLDADA  IN LOCO  EM TRECHO RETO, 45 CM BASE X 15 CM ALTURA. AF_06/2016","M",37.33]
[null,94284,"EXECUÇÃO DE SARJETA DE CONCRETO USINADO, MOLDADA  IN LOCO  EM TRECHO CURVO, 45 CM BASE X 15 CM ALTURA. AF_06/2016","M",45.89]
[null,94285,"EXECUÇÃO DE SARJETA DE CONCRETO USINADO, MOLDADA  IN LOCO  EM TRECHO RETO, 60 CM BASE X 15 CM ALTURA. AF_06/2016","M",44.7]
[null,94286,"EXECUÇÃO DE SARJETA DE CONCRETO USINADO, MOLDADA  IN LOCO  EM TRECHO CURVO, 60 CM BASE X 15 CM ALTURA. AF_06/2016","M",53.25]
[null,94287,"EXECUÇÃO DE SARJETA DE CONCRETO USINADO, MOLDADA  IN LOCO  EM TRECHO RETO, 30 CM BASE X 10 CM ALTURA. AF_06/2016","M",23.7]
[null,94288,"EXECUÇÃO DE SARJETA DE CONCRETO USINADO, MOLDADA  IN LOCO  EM TRECHO CURVO, 30 CM BASE X 10 CM ALTURA. AF_06/2016","M",31.17]
[null,94289,"EXECUÇÃO DE SARJETA DE CONCRETO USINADO, MOLDADA  IN LOCO  EM TRECHO RETO, 45 CM BASE X 10 CM ALTURA. AF_06/2016","M",29.35]
[null,94290,"EXECUÇÃO DE SARJETA DE CONCRETO USINADO, MOLDADA  IN LOCO  EM TRECHO CURVO, 45 CM BASE X 10 CM ALTURA. AF_06/2016","M",36.840000000000003]
[null,94291,"EXECUÇÃO DE SARJETA DE CONCRETO USINADO, MOLDADA  IN LOCO  EM TRECHO RETO, 60 CM BASE X 10 CM ALTURA. AF_06/2016","M",34.64]
[null,94292,"EXECUÇÃO DE SARJETA DE CONCRETO USINADO, MOLDADA  IN LOCO  EM TRECHO CURVO, 60 CM BASE X 10 CM ALTURA. AF_06/2016","M",42.12]
[null,94293,"EXECUÇÃO DE SARJETÃO DE CONCRETO USINADO, MOLDADA  IN LOCO  EM TRECHO RETO, 100 CM BASE X 20 CM ALTURA. AF_06/2016","M",85.22]
[null,94294,"EXECUÇÃO DE ESCORAS DE CONCRETO PARA CONTENÇÃO DE GUIAS PRÉ-FABRICADAS. AF_06/2016","M",5.64]
[null,94037,"ESCORAMENTO DE VALA, TIPO PONTALETEAMENTO, COM PROFUNDIDADE DE 0 A 1,5 M, LARGURA MENOR QUE 1,5 M, EM LOCAL COM NÍVEL ALTO DE INTERFERÊNCIA. AF_06/2016","M²",13.63]
[null,94038,"ESCORAMENTO DE VALA, TIPO PONTALETEAMENTO, COM PROFUNDIDADE DE 0 A 1,5 M, LARGURA MAIOR OU IGUAL A 1,5 M E MENOR QUE 2,5 M, EM LOCAL COM NÍVEL ALTO DE INTERFERÊNCIA. AF_06/2016","M²",19.18]
[null,94039,"ESCORAMENTO DE VALA, TIPO PONTALETEAMENTO, COM PROFUNDIDADE DE 1,5 A 3,0 M, LARGURA MENOR QUE 1,5 M, EM LOCAL COM NÍVEL ALTO DE INTERFERÊNCIA. AF_06/2016","M²",10.67]
[null,94040,"ESCORAMENTO DE VALA, TIPO PONTALETEAMENTO, COM PROFUNDIDADE DE 1,5 A 3,0 M, LARGURA MAIOR OU IGUAL A 1,5 M E MENOR QUE 2,5 M, EM LOCAL COM NÍVEL ALTO DE INTERFERÊNCIA. AF_06/2016","M²",16.25]
[null,94041,"ESCORAMENTO DE VALA, TIPO PONTALETEAMENTO, COM PROFUNDIDADE DE 3,0 A 4,5 M, LARGURA MENOR QUE 1,5 M EM LOCAL COM NÍVEL ALTO DE INTERFERÊNCIA. AF_06/2016","M²",8.0500000000000007]
[null,94042,"ESCORAMENTO DE VALA, TIPO PONTALETEAMENTO, COM PROFUNDIDADE DE 3,0 A 4,5 M, LARGURA MAIOR OU IGUAL A 1,5 M E MENOR QUE 2,5 M, EM LOCAL COM NÍVEL ALTO DE INTERFERÊNCIA. AF_06/2016","M²",13.78]
[null,94043,"ESCORAMENTO DE VALA, TIPO PONTALETEAMENTO, COM PROFUNDIDADE DE 0 A 1,5 M, LARGURA MENOR QUE 1,5 M, EM LOCAL COM NÍVEL BAIXO DE INTERFERÊNCIA. AF_06/2016","M²",12.76]
[null,94044,"ESCORAMENTO DE VALA, TIPO PONTALETEAMENTO, COM PROFUNDIDADE DE 0 A 1,5 M, LARGURA MAIOR OU IGUAL A 1,5 M E MENOR QUE 2,5 M, EM LOCAL COM NÍVEL BAIXO DE INTERFERÊNCIA. AF_06/2016","M²",18.350000000000001]
[null,94045,"ESCORAMENTO DE VALA, TIPO PONTALETEAMENTO, COM PROFUNDIDADE DE 1,5 A 3,0 M, LARGURA MENOR QUE 1,5 M, EM LOCAL COM NÍVEL BAIXO DE INTERFERÊNCIA. AF_06/2016","M²",9.83]
[null,94046,"ESCORAMENTO DE VALA, TIPO PONTALETEAMENTO, COM PROFUNDIDADE DE 1,5 A 3,0 M, LARGURA MAIOR OU IGUAL A 1,5 M E MENOR QUE 2,5 M, EM LOCAL COM NÍVEL BAIXO DE INTERFERÊNCIA. AF_06/2016","M²",15.38]
[null,94047,"ESCORAMENTO DE VALA, TIPO PONTALETEAMENTO, COM PROFUNDIDADE DE 3,0 A 4,5 M, LARGURA MENOR QUE 1,5 M EM LOCAL COM NÍVEL BAIXO DE INTERFERÊNCIA. AF_06/2016","M²",7.21]
[null,94048,"ESCORAMENTO DE VALA, TIPO PONTALETEAMENTO, COM PROFUNDIDADE DE 3,0 A 4,5 M, LARGURA MAIOR OU IGUAL A 1,5 M E MENOR QUE 2,5 M, EM LOCAL COM NÍVEL BAIXO DE INTERFERÊNCIA. AF_06/2016","M²",12.91]
[null,94049,"ESCORAMENTO DE VALA, TIPO DESCONTÍNUO, COM PROFUNDIDADE DE 0 A 1,5 M, LARGURA MENOR QUE 1,5 M, EM LOCAL COM NÍVEL ALTO DE INTERFERÊNCIA. AF_06/2016","M²",23.21]
[null,94050,"ESCORAMENTO DE VALA, TIPO DESCONTÍNUO, COM PROFUNDIDADE DE 0 A 1,5 M, LARGURA MAIOR OU IGUAL A 1,5 M E MENOR QUE 2,5 M, EM LOCAL COM NÍVEL ALTO DE INTERFERÊNCIA. AF_06/2016","M²",30.41]
[null,94051,"ESCORAMENTO DE VALA, TIPO DESCONTÍNUO, COM PROFUNDIDADE DE 1,5 M A 3,0 M, LARGURA MENOR QUE 1,5 M, EM LOCAL COM NÍVEL ALTO DE INTERFERÊNCIA. AF_06/2016","M²",19.190000000000001]
[null,94052,"ESCORAMENTO DE VALA, TIPO DESCONTÍNUO, COM PROFUNDIDADE DE 1,5 A 3,0 M, LARGURA MAIOR OU IGUAL A 1,5 M E MENOR QUE 2,5 M, EM LOCAL COM NÍVEL ALTO DE INTERFERÊNCIA. AF_06/2016","M²",26.28]
[null,94053,"ESCORAMENTO DE VALA, TIPO DESCONTÍNUO, COM PROFUNDIDADE DE 3,0 A 4,5 M, LARGURA MENOR QUE 1,5 M, EM LOCAL COM NÍVEL ALTO DE INTERFERÊNCIA. AF_06/2016","M²",16.940000000000001]
[null,94054,"ESCORAMENTO DE VALA, TIPO DESCONTÍNUO, COM PROFUNDIDADE DE 3,0 A 4,5 M, LARGURA MAIOR OU IGUAL A 1,5 E MENOR QUE 2,5 M, EM LOCAL COM NÍVEL ALTO DE INTERFERÊNCIA. AF_06/2016","M²",24.18]
[null,94055,"ESCORAMENTO DE VALA, TIPO DESCONTÍNUO, COM PROFUNDIDADE DE 0 A 1,5 M, LARGURA MENOR QUE 1,5 M, EM LOCAL COM NÍVEL BAIXO DE INTERFERÊNCIA. AF_06/2016","M²",22.1]
[null,94056,"ESCORAMENTO DE VALA, TIPO DESCONTÍNUO, COM PROFUNDIDADE DE 0 A 1,5 M, LARGURA MAIOR OU IGUAL A 1,5 M E MENOR QUE 2,5 M, EM LOCAL COM NÍVEL BAIXO DE INTERFERÊNCIA. AF_06/2016","M²",29.32]
[null,94057,"ESCORAMENTO DE VALA, TIPO DESCONTÍNUO, COM PROFUNDIDADE DE 1,5 M A 3,0 M, LARGURA MENOR QUE 1,5 M, EM LOCAL COM NÍVEL BAIXO DE INTERFERÊNCIA. AF_06/2016","M²",18.09]
[null,94058,"ESCORAMENTO DE VALA, TIPO DESCONTÍNUO, COM PROFUNDIDADE DE 1,5 A 3,0 M, LARGURA MAIOR OU IGUAL A 1,5 M E MENOR QUE 2,5 M, EM LOCAL COM NÍVEL BAIXO DE INTERFERÊNCIA. AF_06/2016","M²",25.17]
[null,94059,"ESCORAMENTO DE VALA, TIPO DESCONTÍNUO, COM PROFUNDIDADE DE 3,0 A 4,5 M, LARGURA MENOR QUE 1,5 M, EM LOCAL COM NÍVEL BAIXO DE INTERFERÊNCIA. AF_06/2016","M²",15.85]
[null,94060,"ESCORAMENTO DE VALA, TIPO DESCONTÍNUO, COM PROFUNDIDADE DE 3,0 A 4,5 M, LARGURA MAIOR OU IGUAL A 1,5 E MENOR QUE 2,5 M, EM LOCAL COM NÍVEL BAIXO DE INTERFERÊNCIA. AF_06/2016","M²",23.07]
[null,"73877/1","ESCORAMENTO DE VALAS COM PRANCHOES METALICOS - AREA CRAVADA","M²",59.89]
[null,"73877/2","ESCORAMENTO DE VALAS COM PRANCHOES METALICOS - AREA NAO CRAVADA","M²",39.380000000000003]
[null,83770,"ESCORAMENTO CONTINUO DE VALAS, MISTO, COM PERFIL I DE 8\"","M²",130.06]
[null,73301,"ESCORAMENTO FORMAS ATE H = 3,30M, COM MADEIRA DE 3A QUALIDADE, NAO APARELHADA, APROVEITAMENTO TABUAS 3X E PRUMOS 4X.","M³",9.4499999999999993]
[null,83515,"ESCORAMENTO FORMAS DE H=3,30 A 3,50 M, COM MADEIRA 3A QUALIDADE, NAO APARELHADA, APROVEITAMENTO TABUAS 3X E PRUMOS 4X","M³",11.47]
[null,83516,"ESCORAMENTO FORMAS H=3,50 A 4,00 M, COM MADEIRA DE 3A QUALIDADE, NAO APARELHADA, APROVEITAMENTO TABUAS 3X E PRUMOS 4X.","M³",13.25]
[null,72144,"RECOLOCACAO DE FOLHAS DE PORTA DE PASSAGEM OU JANELA, CONSIDERANDO REAPROVEITAMENTO DO MATERIAL","UN",67.55]
[null,"73910/8","PORTA DE MADEIRA COMPENSADA LISA PARA PINTURA, 120X210X3,5CM, 2 FOLHAS, INCLUSO ADUELA 2A, ALIZAR 2A E DOBRADICAS","UN",562.47]
[null,"73910/9","PORTA DE MADEIRA COMPENSADA LISA PARA CERA OU VERNIZ, 120X210X3,5CM, 2 FOLHAS, INCLUSO ADUELA 1A, ALIZAR 1A E DOBRADICAS COM ANEL","UN",790.05]
[null,84874,"ALCAPAO EM COMPENSADO DE MADEIRA CEDRO/VIROLA, 60X60X2CM, COM MARCO 7X3CM, ALIZAR DE 2A, DOBRADICAS EM LATAO CROMADO E TARJETA CROMADA","UN",209.68]
[null,84876,"PORTA MADEIRA 1A CORRER P/VIDRO 30MM/ GUARNICAO 15CM/ALIZAR","M²",880.01]
[null,90800,"ADUELA / MARCO / BATENTE PARA PORTA DE 60X210CM, PADRÃO MÉDIO - FORNECIMENTO E MONTAGEM. AF_08/2015","UN",147.47999999999999]
[null,90801,"ADUELA / MARCO / BATENTE PARA PORTA DE 70X210CM, PADRÃO MÉDIO - FORNECIMENTO E MONTAGEM. AF_08/2015","UN",153.46]
[null,90802,"ADUELA / MARCO / BATENTE PARA PORTA DE 80X210CM, PADRÃO MÉDIO - FORNECIMENTO E MONTAGEM. AF_08/2015","UN",159.46]
[null,90803,"ADUELA / MARCO / BATENTE PARA PORTA DE 90X210CM, PADRÃO MÉDIO - FORNECIMENTO E MONTAGEM. AF_08/2015","UN",165.45]
[null,90804,"ADUELA / MARCO / BATENTE PARA PORTA DE 60X210CM, FIXAÇÃO COM ARGAMASSA, PADRÃO MÉDIO - FORNECIMENTO E INSTALAÇÃO. AF_08/2015_P","UN",201.21]
[null,90805,"ADUELA / MARCO / BATENTE PARA PORTA DE 60X210CM, FIXAÇÃO COM ARGAMASSA - SOMENTE INSTALAÇÃO. AF_08/2015_P","UN",53.73]
[null,90806,"ADUELA / MARCO / BATENTE PARA PORTA DE 70X210CM, FIXAÇÃO COM ARGAMASSA, PADRÃO MÉDIO - FORNECIMENTO E INSTALAÇÃO. AF_08/2015_P","UN",211.65]
[null,90807,"ADUELA / MARCO / BATENTE PARA PORTA DE 70X210CM, FIXAÇÃO COM ARGAMASSA - SOMENTE INSTALAÇÃO. AF_08/2015_P","UN",58.19]
[null,90816,"ADUELA / MARCO / BATENTE PARA PORTA DE 80X210CM, FIXAÇÃO COM ARGAMASSA, PADRÃO MÉDIO - FORNECIMENTO E INSTALAÇÃO. AF_08/2015_P","UN",222.11]
[null,90817,"ADUELA / MARCO / BATENTE PARA PORTA DE 80X210CM, FIXAÇÃO COM ARGAMASSA - SOMENTE INSTALAÇÃO. AF_08/2015_P","UN",62.65]
[null,90818,"ADUELA / MARCO / BATENTE PARA PORTA DE 90X210CM, FIXAÇÃO COM ARGAMASSA, PADRÃO MÉDIO - FORNECIMENTO E INSTALAÇÃO. AF_08/2015_P","UN",232.61]
[null,90819,"ADUELA / MARCO / BATENTE PARA PORTA DE 90X210CM, FIXAÇÃO COM ARGAMASSA - SOMENTE INSTALAÇÃO. AF_08/2015_P","UN",67.16]
[null,90820,"PORTA DE MADEIRA PARA PINTURA, SEMI-OCA (LEVE OU MÉDIA), 60X210CM, ESPESSURA DE 3,5CM, INCLUSO DOBRADIÇAS - FORNECIMENTO E INSTALAÇÃO. AF_08/2015","UN",277.51]
[null,90821,"PORTA DE MADEIRA PARA PINTURA, SEMI-OCA (LEVE OU MÉDIA), 70X210CM, ESPESSURA DE 3,5CM, INCLUSO DOBRADIÇAS - FORNECIMENTO E INSTALAÇÃO. AF_08/2015","UN",295.98]
[null,90822,"PORTA DE MADEIRA PARA PINTURA, SEMI-OCA (LEVE OU MÉDIA), 80X210CM, ESPESSURA DE 3,5CM, INCLUSO DOBRADIÇAS - FORNECIMENTO E INSTALAÇÃO. AF_08/2015","UN",294]
[null,90823,"PORTA DE MADEIRA PARA PINTURA, SEMI-OCA (LEVE OU MÉDIA), 90X210CM, ESPESSURA DE 3,5CM, INCLUSO DOBRADIÇAS - FORNECIMENTO E INSTALAÇÃO. AF_08/2015","UN",305.91000000000003]
[null,90826,"ALIZAR / GUARNIÇÃO DE 5X1,5CM PARA PORTA DE 60X210CM FIXADO COM PREGOS, PADRÃO MÉDIO - FORNECIMENTO E INSTALAÇÃO. AF_08/2015","UN",22.33]
[null,90827,"ALIZAR / GUARNIÇÃO DE 5X1,5CM PARA PORTA DE 70X210CM FIXADO COM PREGOS, PADRÃO MÉDIO - FORNECIMENTO E INSTALAÇÃO. AF_08/2015","UN",23.49]
[null,90828,"ALIZAR / GUARNIÇÃO DE 5X1,5CM PARA PORTA DE 80X210CM FIXADO COM PREGOS, PADRÃO MÉDIO - FORNECIMENTO E INSTALAÇÃO. AF_08/2015","UN",24.66]
[null,90829,"ALIZAR / GUARNIÇÃO DE 5X1,5CM PARA PORTA DE 90X210CM FIXADO COM PREGOS, PADRÃO MÉDIO - FORNECIMENTO E INSTALAÇÃO. AF_08/2015","UN",25.85]
[null,90830,"FECHADURA DE EMBUTIR COM CILINDRO, EXTERNA, COMPLETA, ACABAMENTO PADRÃO MÉDIO, INCLUSO EXECUÇÃO DE FURO - FORNECIMENTO E INSTALAÇÃO. AF_08/2015","UN",82.52]
[null,90831,"FECHADURA DE EMBUTIR PARA PORTA DE BANHEIRO, COMPLETA, ACABAMENTO PADRÃO MÉDIO, INCLUSO EXECUÇÃO DE FURO - FORNECIMENTO E INSTALAÇÃO. AF_08/2015","UN",64.67]
[null,90841,"KIT DE PORTA DE MADEIRA PARA PINTURA, SEMI-OCA (LEVE OU MÉDIA), PADRÃO MÉDIO, 60X210CM, ESPESSURA DE 3,5CM, ITENS INCLUSOS: DOBRADIÇAS, MONTAGEM E INSTALAÇÃO DO BATENTE, FECHADURA COM EXECUÇÃO DO FURO - FORNECIMENTO E INSTALAÇÃO. AF_08/2015","UN",588.04999999999995]
[null,90842,"KIT DE PORTA DE MADEIRA PARA PINTURA, SEMI-OCA (LEVE OU MÉDIA), PADRÃO MÉDIO, 70X210CM, ESPESSURA DE 3,5CM, ITENS INCLUSOS: DOBRADIÇAS, MONTAGEM E INSTALAÇÃO DO BATENTE, FECHADURA COM EXECUÇÃO DO FURO - FORNECIMENTO E INSTALAÇÃO. AF_08/2015","UN",624.99]
[null,90843,"KIT DE PORTA DE MADEIRA PARA PINTURA, SEMI-OCA (LEVE OU MÉDIA), PADRÃO MÉDIO, 80X210CM, ESPESSURA DE 3,5CM, ITENS INCLUSOS: DOBRADIÇAS, MONTAGEM E INSTALAÇÃO DO BATENTE, FECHADURA COM EXECUÇÃO DO FURO - FORNECIMENTO E INSTALAÇÃO. AF_08/2015","UN",647.95000000000005]
[null,90844,"KIT DE PORTA DE MADEIRA PARA PINTURA, SEMI-OCA (LEVE OU MÉDIA), PADRÃO MÉDIO, 90X210CM, ESPESSURA DE 3,5CM, ITENS INCLUSOS: DOBRADIÇAS, MONTAGEM E INSTALAÇÃO DO BATENTE, FECHADURA COM EXECUÇÃO DO FURO - FORNECIMENTO E INSTALAÇÃO. AF_08/2015","UN",672.74]
[null,90847,"KIT DE PORTA DE MADEIRA PARA PINTURA, SEMI-OCA (LEVE OU MÉDIA), PADRÃO MÉDIO, 60X210CM, ESPESSURA DE 3,5CM, ITENS INCLUSOS: DOBRADIÇAS, MONTAGEM E INSTALAÇÃO DO BATENTE, SEM FECHADURA - FORNECIMENTO E INSTALAÇÃO. AF_08/2015","UN",523.38]
[null,90848,"KIT DE PORTA DE MADEIRA PARA PINTURA, SEMI-OCA (LEVE OU MÉDIA), PADRÃO MÉDIO, 70X210CM, ESPESSURA DE 3,5CM, ITENS INCLUSOS: DOBRADIÇAS, MONTAGEM E INSTALAÇÃO DO BATENTE, SEM FECHADURA - FORNECIMENTO E INSTALAÇÃO. AF_08/2015","UN",554.61]
[null,90849,"KIT DE PORTA DE MADEIRA PARA PINTURA, SEMI-OCA (LEVE OU MÉDIA), PADRÃO MÉDIO, 80X210CM, ESPESSURA DE 3,5CM, ITENS INCLUSOS: DOBRADIÇAS, MONTAGEM E INSTALAÇÃO DO BATENTE, SEM FECHADURA - FORNECIMENTO E INSTALAÇÃO. AF_08/2015","UN",565.42999999999995]
[null,90850,"KIT DE PORTA DE MADEIRA PARA PINTURA, SEMI-OCA (LEVE OU MÉDIA), PADRÃO MÉDIO, 90X210CM, ESPESSURA DE 3,5CM, ITENS INCLUSOS: DOBRADIÇAS, MONTAGEM E INSTALAÇÃO DO BATENTE, SEM FECHADURA - FORNECIMENTO E INSTALAÇÃO. AF_08/2015","UN",590.22]
[null,91009,"PORTA DE MADEIRA PARA VERNIZ, SEMI-OCA (LEVE OU MÉDIA), 60X210CM, ESPESSURA DE 3,5CM, INCLUSO DOBRADIÇAS - FORNECIMENTO E INSTALAÇÃO. AF_08/2015","UN",282.31]
[null,91010,"PORTA DE MADEIRA PARA VERNIZ, SEMI-OCA (LEVE OU MÉDIA), 70X210CM, ESPESSURA DE 3,5CM, INCLUSO DOBRADIÇAS - FORNECIMENTO E INSTALAÇÃO. AF_08/2015","UN",243.35]
[null,91011,"PORTA DE MADEIRA PARA VERNIZ, SEMI-OCA (LEVE OU MÉDIA), 80X210CM, ESPESSURA DE 3,5CM, INCLUSO DOBRADIÇAS - FORNECIMENTO E INSTALAÇÃO. AF_08/2015","UN",311.98]
[null,91012,"PORTA DE MADEIRA PARA VERNIZ, SEMI-OCA (LEVE OU MÉDIA), 90X210CM, ESPESSURA DE 3,5CM, INCLUSO DOBRADIÇAS - FORNECIMENTO E INSTALAÇÃO. AF_08/2015","UN",302.22000000000003]
[null,91013,"KIT DE PORTA DE MADEIRA PARA VERNIZ, SEMI-OCA (LEVE OU MÉDIA), PADRÃO MÉDIO, 60X210CM, ESPESSURA DE 3,5CM, ITENS INCLUSOS: DOBRADIÇAS, MONTAGEM E INSTALAÇÃO DO BATENTE, SEM FECHADURA - FORNECIMENTO E INSTALAÇÃO. AF_08/2015","UN",528.17999999999995]
[null,91014,"KIT DE PORTA DE MADEIRA PARA VERNIZ, SEMI-OCA (LEVE OU MÉDIA), PADRÃO MÉDIO, 70X210CM, ESPESSURA DE 3,5CM, ITENS INCLUSOS: DOBRADIÇAS, MONTAGEM E INSTALAÇÃO DO BATENTE, SEM FECHADURA - FORNECIMENTO E INSTALAÇÃO. AF_08/2015","UN",501.98]
[null,91015,"KIT DE PORTA DE MADEIRA PARA VERNIZ, SEMI-OCA (LEVE OU MÉDIA), PADRÃO MÉDIO, 80X210CM, ESPESSURA DE 3,5CM, ITENS INCLUSOS: DOBRADIÇAS, MONTAGEM E INSTALAÇÃO DO BATENTE, SEM FECHADURA - FORNECIMENTO E INSTALAÇÃO. AF_08/2015","UN",583.41]
[null,91016,"KIT DE PORTA DE MADEIRA PARA VERNIZ, SEMI-OCA (LEVE OU MÉDIA), PADRÃO MÉDIO, 90X210CM, ESPESSURA DE 3,5CM, ITENS INCLUSOS: DOBRADIÇAS, MONTAGEM E INSTALAÇÃO DO BATENTE, SEM FECHADURA - FORNECIMENTO E INSTALAÇÃO. AF_08/2015","UN",586.53]
[null,91286,"ADUELA / MARCO / BATENTE PARA PORTA DE 60X210CM, PADRÃO POPULAR - FORNECIMENTO E MONTAGEM. AF_08/2015","UN",117.3]
[null,91287,"ADUELA / MARCO / BATENTE PARA PORTA DE 70X210CM, PADRÃO POPULAR - FORNECIMENTO E MONTAGEM. AF_08/2015","UN",123.28]
[null,91288,"ADUELA / MARCO / BATENTE PARA PORTA DE 80X210CM, PADRÃO POPULAR - FORNECIMENTO E MONTAGEM. AF_08/2015","UN",129.28]
[null,91290,"ADUELA / MARCO / BATENTE PARA PORTA DE 90X210CM, PADRÃO POPULAR - FORNECIMENTO E MONTAGEM. AF_08/2015","UN",135.27000000000001]
[null,91291,"ADUELA / MARCO / BATENTE PARA PORTA DE 60X210CM, FIXAÇÃO COM ARGAMASSA, PADRÃO POPULAR - FORNECIMENTO E INSTALAÇÃO. AF_08/2015_P","UN",171.03]
[null,91292,"ADUELA / MARCO / BATENTE PARA PORTA DE 70X210CM, FIXAÇÃO COM ARGAMASSA, PADRÃO POPULAR - FORNECIMENTO E INSTALAÇÃO. AF_08/2015_P","UN",181.47]
[null,91293,"ADUELA / MARCO / BATENTE PARA PORTA DE 80X210CM, FIXAÇÃO COM ARGAMASSA, PADRÃO POPULAR - FORNECIMENTO E INSTALAÇÃO. AF_08/2015_P","UN",191.93]
[null,91294,"ADUELA / MARCO / BATENTE PARA PORTA DE 90X210CM, FIXAÇÃO COM ARGAMASSA, PADRÃO POPULAR - FORNECIMENTO E INSTALAÇÃO. AF_08/2015_P","UN",202.43]
[null,91295,"PORTA DE MADEIRA FRISADA, SEMI-OCA (LEVE OU MÉDIA), 60X210CM, ESPESSURA DE 3CM, INCLUSO DOBRADIÇAS - FORNECIMENTO E INSTALAÇÃO. AF_08/2015","UN",269.41000000000003]
[null,91296,"PORTA DE MADEIRA FRISADA, SEMI-OCA (LEVE OU MÉDIA), 70X210CM, ESPESSURA DE 3CM, INCLUSO DOBRADIÇAS - FORNECIMENTO E INSTALAÇÃO. AF_08/2015","UN",281.95]
[null,91297,"PORTA DE MADEIRA FRISADA, SEMI-OCA (LEVE OU MÉDIA), 80X210CM, ESPESSURA DE 3,5CM, INCLUSO DOBRADIÇAS - FORNECIMENTO E INSTALAÇÃO. AF_08/2015","UN",313.3]
[null,91298,"PORTA DE MADEIRA TIPO VENEZIANA, 80X210CM, ESPESSURA DE 3CM, INCLUSO DOBRADIÇAS - FORNECIMENTO E INSTALAÇÃO. AF_08/2015","UN",858.22]
[null,91299,"PORTA DE MADEIRA, TIPO MEXICANA, MACIÇA (PESADA OU SUPERPESADA), 80X210CM, ESPESSURA DE 3,5CM, INCLUSO DOBRADIÇAS - FORNECIMENTO E INSTALAÇÃO. AF_08/2015","UN",1180.3599999999999]
[null,91300,"ALIZAR / GUARNIÇÃO DE 5X1,5CM PARA PORTA DE 60X210CM FIXADO COM PREGOS, PADRÃO POPULAR - FORNECIMENTO E INSTALAÇÃO. AF_08/2015","UN",18.8]
[null,91301,"ALIZAR / GUARNIÇÃO DE 5X1,5CM PARA PORTA DE 70X210CM FIXADO COM PREGOS, PADRÃO POPULAR - FORNECIMENTO E INSTALAÇÃO. AF_08/2015","UN",19.899999999999999]
[null,91302,"ALIZAR / GUARNIÇÃO DE 5X1,5CM PARA PORTA DE 80X210CM FIXADO COM PREGOS, PADRÃO POPULAR - FORNECIMENTO E INSTALAÇÃO. AF_08/2015","UN",21]
[null,91303,"ALIZAR / GUARNIÇÃO DE 5X1,5CM PARA PORTA DE 90X210CM FIXADO COM PREGOS, PADRÃO POPULAR - FORNECIMENTO E INSTALAÇÃO. AF_08/2015","UN",22.13]
[null,91304,"FECHADURA DE EMBUTIR COM CILINDRO, EXTERNA, COMPLETA, ACABAMENTO PADRÃO POPULAR, INCLUSO EXECUÇÃO DE FURO - FORNECIMENTO E INSTALAÇÃO. AF_08/2015","UN",62.55]
[null,91305,"FECHADURA DE EMBUTIR PARA PORTA DE BANHEIRO, COMPLETA, ACABAMENTO PADRÃO POPULAR, INCLUSO EXECUÇÃO DE FURO - FORNECIMENTO E INSTALAÇÃO. AF_08/2015","UN",47.21]
[null,91306,"FECHADURA DE EMBUTIR PARA PORTAS INTERNAS, COMPLETA, ACABAMENTO PADRÃO MÉDIO, COM EXECUÇÃO DE FURO - FORNECIMENTO E INSTALAÇÃO. AF_08/2015","UN",70.38]
[null,91307,"FECHADURA DE EMBUTIR PARA PORTAS INTERNAS, COMPLETA, ACABAMENTO PADRÃO POPULAR, COM EXECUÇÃO DE FURO - FORNECIMENTO E INSTALAÇÃO. AF_08/2015","UN",49.56]
[null,91312,"KIT DE PORTA DE MADEIRA PARA PINTURA, SEMI-OCA (LEVE OU MÉDIA), PADRÃO POPULAR, 60X210CM, ESPESSURA DE 3,5CM, ITENS INCLUSOS: DOBRADIÇAS, MONTAGEM E INSTALAÇÃO DO BATENTE, FECHADURA COM EXECUÇÃO DO FURO - FORNECIMENTO E INSTALAÇÃO. AF_08/2015","UN",533.35]
[null,91313,"KIT DE PORTA DE MADEIRA PARA PINTURA, SEMI-OCA (LEVE OU MÉDIA), PADRÃO POPULAR, 70X210CM, ESPESSURA DE 3,5CM, ITENS INCLUSOS: DOBRADIÇAS, MONTAGEM E INSTALAÇÃO DO BATENTE, FECHADURA COM EXECUÇÃO DO FURO - FORNECIMENTO E INSTALAÇÃO. AF_08/2015","UN",566.80999999999995]
[null,91314,"KIT DE PORTA DE MADEIRA PARA PINTURA, SEMI-OCA (LEVE OU MÉDIA), PADRÃO POPULAR, 80X210CM, ESPESSURA DE 3,5CM, ITENS INCLUSOS: DOBRADIÇAS, MONTAGEM E INSTALAÇÃO DO BATENTE, FECHADURA COM EXECUÇÃO DO FURO - FORNECIMENTO E INSTALAÇÃO. AF_08/2015","UN",590.48]
[null,91315,"KIT DE PORTA DE MADEIRA PARA PINTURA, SEMI-OCA (LEVE OU MÉDIA), PADRÃO POPULAR, 90X210CM, ESPESSURA DE 3,5CM, ITENS INCLUSOS: DOBRADIÇAS, MONTAGEM E INSTALAÇÃO DO BATENTE, FECHADURA COM EXECUÇÃO DO FURO - FORNECIMENTO E INSTALAÇÃO. AF_08/2015","UN",615.15]
[null,91318,"KIT DE PORTA DE MADEIRA PARA PINTURA, SEMI-OCA (LEVE OU MÉDIA), PADRÃO POPULAR, 60X210CM, ESPESSURA DE 3,5CM, ITENS INCLUSOS: DOBRADIÇAS, MONTAGEM E INSTALAÇÃO DO BATENTE, SEM FECHADURA - FORNECIMENTO E INSTALAÇÃO. AF_08/2015","UN",486.14]
[null,91319,"KIT DE PORTA DE MADEIRA PARA PINTURA, SEMI-OCA (LEVE OU MÉDIA), PADRÃO POPULAR, 70X210CM, ESPESSURA DE 3,5CM, ITENS INCLUSOS: DOBRADIÇAS, MONTAGEM E INSTALAÇÃO DO BATENTE, SEM FECHADURA - FORNECIMENTO E INSTALAÇÃO. AF_08/2015","UN",517.25]
[null,91320,"KIT DE PORTA DE MADEIRA PARA PINTURA, SEMI-OCA (LEVE OU MÉDIA), PADRÃO POPULAR, 80X210CM, ESPESSURA DE 3,5CM, ITENS INCLUSOS: DOBRADIÇAS, MONTAGEM E INSTALAÇÃO DO BATENTE, SEM FECHADURA - FORNECIMENTO E INSTALAÇÃO. AF_08/2015","UN",527.92999999999995]
[null,91321,"KIT DE PORTA DE MADEIRA PARA PINTURA, SEMI-OCA (LEVE OU MÉDIA), PADRÃO POPULAR, 90X210CM, ESPESSURA DE 3,5CM, ITENS INCLUSOS: DOBRADIÇAS, MONTAGEM E INSTALAÇÃO DO BATENTE, SEM FECHADURA - FORNECIMENTO E INSTALAÇÃO. AF_08/2015","UN",552.6]
[null,91324,"KIT DE PORTA DE MADEIRA PARA VERNIZ, SEMI-OCA (LEVE OU MÉDIA), PADRÃO POPULAR, 60X210CM, ESPESSURA DE 3,5CM, ITENS INCLUSOS: DOBRADIÇAS, MONTAGEM E INSTALAÇÃO DO BATENTE, SEM FECHADURA - FORNECIMENTO E INSTALAÇÃO. AF_08/2015","UN",490.94]
[null,91325,"KIT DE PORTA DE MADEIRA PARA VERNIZ, SEMI-OCA (LEVE OU MÉDIA), PADRÃO POPULAR, 70X210CM, ESPESSURA DE 3,5CM, ITENS INCLUSOS: DOBRADIÇAS, MONTAGEM E INSTALAÇÃO DO BATENTE, SEM FECHADURA - FORNECIMENTO E INSTALAÇÃO. AF_08/2015","UN",464.62]
[null,91326,"KIT DE PORTA DE MADEIRA PARA VERNIZ, SEMI-OCA (LEVE OU MÉDIA), PADRÃO POPULAR, 80X210CM, ESPESSURA DE 3,5CM, ITENS INCLUSOS: DOBRADIÇAS, MONTAGEM E INSTALAÇÃO DO BATENTE, SEM FECHADURA - FORNECIMENTO E INSTALAÇÃO. AF_08/2015","UN",545.91]
[null,91327,"KIT DE PORTA DE MADEIRA PARA VERNIZ, SEMI-OCA (LEVE OU MÉDIA), PADRÃO POPULAR, 90X210CM, ESPESSURA DE 3,5CM, ITENS INCLUSOS: DOBRADIÇAS, MONTAGEM E INSTALAÇÃO DO BATENTE, SEM FECHADURA - FORNECIMENTO E INSTALAÇÃO. AF_08/2015","UN",548.91]
[null,91328,"KIT DE PORTA DE MADEIRA FRISADA, SEMI-OCA (LEVE OU MÉDIA), PADRÃO MÉDIO 60X210CM, ESPESSURA DE 3CM, ITENS INCLUSOS: DOBRADIÇAS, MONTAGEM E INSTALAÇÃO DO BATENTE, SEM FECHADURA - FORNECIMENTO E INSTALAÇÃO. AF_08/2015","UN",515.28]
[null,91329,"KIT DE PORTA DE MADEIRA FRISADA, SEMI-OCA (LEVE OU MÉDIA), PADRÃO POPULAR, 60X210CM, ESPESSURA DE 3CM, ITENS INCLUSOS: DOBRADIÇAS, MONTAGEM E INSTALAÇÃO DO BATENTE, SEM FECHADURA - FORNECIMENTO E INSTALAÇÃO. AF_08/2015","UN",478.04]
[null,91330,"KIT DE PORTA DE MADEIRA FRISADA, SEMI-OCA (LEVE OU MÉDIA), PADRÃO MÉDIO, 70X210CM, ESPESSURA DE 3CM, ITENS INCLUSOS: DOBRADIÇAS, MONTAGEM E INSTALAÇÃO DO BATENTE, SEM FECHADURA - FORNECIMENTO E INSTALAÇÃO. AF_08/2015","UN",540.58000000000004]
[null,91331,"KIT DE PORTA DE MADEIRA FRISADA, SEMI-OCA (LEVE OU MÉDIA), PADRÃO POPULAR, 70X210CM, ESPESSURA DE 3CM, ITENS INCLUSOS: DOBRADIÇAS, MONTAGEM E INSTALAÇÃO DO BATENTE, SEM FECHADURA - FORNECIMENTO E INSTALAÇÃO. AF_08/2015","UN",503.22]
[null,91332,"KIT DE PORTA DE MADEIRA FRISADA, SEMI-OCA (LEVE OU MÉDIA), PADRÃO MÉDIO, 80X210CM, ESPESSURA DE 3,5CM, ITENS INCLUSOS: DOBRADIÇAS, MONTAGEM E INSTALAÇÃO DO BATENTE, SEM FECHADURA - FORNECIMENTO E INSTALAÇÃO. AF_08/2015","UN",584.73]
[null,91333,"KIT DE PORTA DE MADEIRA FRISADA, SEMI-OCA (LEVE OU MÉDIA), PADRÃO POPULAR, 80X210CM, ESPESSURA DE 3,5CM, ITENS INCLUSOS: DOBRADIÇAS, MONTAGEM E INSTALAÇÃO DO BATENTE, SEM FECHADURA - FORNECIMENTO E INSTALAÇÃO. AF_08/2015","UN",547.23]
[null,91334,"KIT DE PORTA DE MADEIRA TIPO VENEZIANA, PADRÃO MÉDIO, 80X210CM, ESPESSURA DE 3CM, ITENS INCLUSOS: DOBRADIÇAS, MONTAGEM E INSTALAÇÃO DO BATENTE, SEM FECHADURA - FORNECIMENTO E INSTALAÇÃO. AF_08/2015","UN",1129.6500000000001]
[null,91335,"KIT DE PORTA DE MADEIRA TIPO VENEZIANA, PADRÃO POPULAR, 80X210CM, ESPESSURA DE 3CM, ITENS INCLUSOS: DOBRADIÇAS, MONTAGEM E INSTALAÇÃO DO BATENTE, SEM FECHADURA - FORNECIMENTO E INSTALAÇÃO. AF_08/2015","UN",1092.1500000000001]
[null,91336,"KIT DE PORTA DE MADEIRA TIPO MEXICANA, MACIÇA (PESADA OU SUPERPESADA), PADRÃO MÉDIO, 80X210CM, ESPESSURA DE 3CM, ITENS INCLUSOS: DOBRADIÇAS, MONTAGEM E INSTALAÇÃO DO BATENTE, SEM FECHADURA - FORNECIMENTO E INSTALAÇÃO. AF_08/2015","UN",1451.79]
[null,91337,"KIT DE PORTA DE MADEIRA TIPO MEXICANA, MACIÇA (PESADA OU SUPERPESADA), PADRÃO POPULAR, 80X210CM, ESPESSURA DE 3CM, ITENS INCLUSOS: DOBRADIÇAS, MONTAGEM E INSTALAÇÃO DO BATENTE, SEM FECHADURA - FORNECIMENTO E INSTALAÇÃO. AF_08/2015","UN",1414.29]
[null,"73813/1","JANELA DE MADEIRA ALMOFADADA 1A, 1,5X1,5M, DE ABRIR, INCLUSO GUARNICOES E DOBRADICAS","UN",1004.22]
[null,84844,"JANELA DE MADEIRA TIPO GUILHOTINA, DE ABRIR , INCLUSAS GUARNICOES SEM FERRAGENS","M²",283.92]
[null,84845,"JANELA DE MADEIRA TIPO VENEZIANA. DE ABRIR, INCLUSAS GUARNICOES E FERRAGENS","M²",406.57]
[null,84846,"JANELA DE MADEIRA TIPO VENEZIANA/VIDRO, DE ABRIR, INCLUSAS GUARNICOES SEM FERRAGENS","M²",415.52]
[null,84847,"JANELA DE MADEIRA ALMOFADADA, DE ABRIR, INCLUSAS GUARNICOES SEM FERRAGENS","M²",415.52]
[null,84848,"JANELA DE MADEIRA TIPO VENEZIANA/GUILHOTINA, DE ABRIR, INCLUSAS GUARNICOES SEM FERRAGENS","M²",338.44]
[null,84849,"CAIXA MADEIRA 57X43CM COM GUARNICAO 13CM P/ FECHAMENTO DE AR CONDICIONAL","UN",82.37]
[null,"73933/1","PORTA DE FERRO, DE ABRIR, TIPO GRADE COM CHAPA, 87X210CM, COM GUARNICOES","M²",578.76]
[null,"73933/3","PORTA DE FERRO TIPO VENEZIANA, DE ABRIR, SEM BANDEIRA SEM FERRAGENS","M²",401.1]
[null,"73933/4","PORTA DE FERRO DE ABRIR TIPO BARRA CHATA, COM REQUADRO E GUARNICAO COMPLETA","M²",550.69000000000005]
[null,"74073/1","ALCAPAO EM FERRO 60X60CM, INCLUSO FERRAGENS","UN",128]
[null,"74073/2","ALCAPAO EM FERRO 70X70CM, INCLUSO FERRAGENS","UN",139.30000000000001]
[null,"74136/1","PORTA DE ACO DE ENROLAR TIPO GRADE, CHAPA 16","M²",518.03]
[null,"74136/2","PORTA DE ACO CHAPA 24, DE ENROLAR, VAZADA TIJOLINHO OU EQUIVALENTE COM RETANGULO OU CIRCULO, ACABAMENTO GALVANIZADO NATURAL","M²",438.99]
[null,"74136/3","PORTA DE ACO CHAPA 24, DE ENROLAR, RAIADA, LARGA COM ACABAMENTO GALVANIZADO NATURAL","M²",309.8]
[null,84854,"BATENTE FERRO 1X1/8\"","M",28.99]
[null,94559,"JANELA DE AÇO BASCULANTE, FIXAÇÃO COM ARGAMASSA, SEM VIDROS, PADRONIZADA. AF_07/2016","M²",450.13]
[null,94560,"JANELA DE AÇO DE CORRER, 2 FOLHAS, FIXAÇÃO COM ARGAMASSA, COM VIDROS, PADRONIZADA. AF_07/2016","M²",398.05]
[null,94562,"JANELA DE AÇO DE CORRER, 4 FOLHAS, FIXAÇÃO COM ARGAMASSA, SEM VIDROS, PADRONIZADA. AF_07/2016","M²",419.25]
[null,94563,"JANELA DE AÇO DE CORRER, 6 FOLHAS, FIXAÇÃO COM ARGAMASSA, COM VIDROS, PADRONIZADA. AF_07/2016","M²",525.84]
[null,94564,"JANELA DE AÇO BASCULANTE, FIXAÇÃO COM PARAFUSO SOBRE CONTRAMARCO (EXCLUSIVE CONTRAMARCO), SEM VIDROS, PADRONIZADA. AF_07/2016","M²",408.88]
[null,94565,"JANELA DE AÇO DE CORRER, 2 FOLHAS, FIXAÇÃO COM PARAFUSO SOBRE CONTRAMARCO (EXCLUSIVE CONTRAMARCO), COM VIDROS, PADRONIZADA. AF_07/2016","M²",385.2]
[null,94567,"JANELA DE AÇO DE CORRER, 4 FOLHAS, FIXAÇÃO COM PARAFUSO SOBRE CONTRAMARCO (EXCLUSIVE CONTRAMARCO), SEM VIDROS, PADRONIZADA. AF_07/2016","M²",401.4]
[null,94568,"JANELA DE AÇO DE CORRER, 6 FOLHAS, FIXAÇÃO COM PARAFUSO SOBRE CONTRAMARCO (EXCLUSIVE CONTRAMARCO), COM VIDROS, PADRONIZADA. AF_07/2016","M²",504.51]
[null,"73932/1","GRADE DE FERRO EM BARRA CHATA 3/16\"","M²",277.58]
[null,73631,"GUARDA-CORPO EM TUBO DE ACO GALVANIZADO 1 1/2\"","M²",297.64]
[null,"74195/1","GUARDA-CORPO  COM CORRIMAO EM FERRO BARRA CHATA 3/16\"","M",331.82]
[null,73665,"ESCADA TIPO MARINHEIRO EM ACO CA-50 9,52MM INCLUSO PINTURA COM FUNDO ANTICORROSIVO TIPO ZARCAO","M",54.6]
[null,73669,"CORRIMAO EM MADEIRA 1A 2,5X30CM","M",64.97]
[null,"74072/1","CORRIMAO EM TUBO ACO GALVANIZADO 3/4\" COM BRACADEIRA","M",65.05]
[null,"74072/2","CORRIMAO EM TUBO ACO GALVANIZADO 2 1/2\" COM BRACADEIRA","M",107.01]
[null,"74072/3","CORRIMAO EM TUBO ACO GALVANIZADO 1 1/4\" COM BRACADEIRA","M",77.61]
[null,"74194/1","ESCADA TIPO MARINHEIRO EM TUBO ACO GALVANIZADO 1 1/2\" 5 DEGRAUS","M",226.29]
[null,84862,"GUARDA-CORPO COM CORRIMAO EM TUBO DE ACO GALVANIZADO 1 1/2\"","M",205.23]
[null,84863,"GUARDA-CORPO COM CORRIMAO EM TUBO DE ACO GALVANIZADO 3/4\"","M",102.24]
[null,68050,"PORTA DE CORRER EM ALUMINIO, COM DUAS FOLHAS PARA VIDRO, INCLUSO VIDRO LISO INCOLOR, FECHADURA E PUXADOR, SEM GUARNICAO/ALIZAR/VISTA","M²",515.30999999999995]
[null,90838,"PORTA CORTA-FOGO 90X210X4CM - FORNECIMENTO E INSTALAÇÃO. AF_08/2015","UN",1124.9100000000001]
[null,91338,"PORTA DE ALUMÍNIO DE ABRIR COM LAMBRI, COM GUARNIÇÃO, FIXAÇÃO COM PARAFUSOS - FORNECIMENTO E INSTALAÇÃO. AF_08/2015","M²",878.14]
[null,91341,"PORTA EM ALUMÍNIO DE ABRIR TIPO VENEZIANA COM GUARNIÇÃO, FIXAÇÃO COM PARAFUSOS - FORNECIMENTO E INSTALAÇÃO. AF_08/2015","M²",651.15]
[null,94805,"PORTA DE ALUMÍNIO DE ABRIR PARA VIDRO SEM GUARNIÇÃO, 87X210CM, FIXAÇÃO COM PARAFUSOS, INCLUSIVE VIDROS - FORNECIMENTO E INSTALAÇÃO. AF_08/2015","UN",995.71]
[null,94806,"PORTA EM AÇO DE ABRIR PARA VIDRO SEM GUARNIÇÃO, 87X210CM, FIXAÇÃO COM PARAFUSOS, EXCLUSIVE VIDROS - FORNECIMENTO E INSTALAÇÃO. AF_08/2015","UN",551.19000000000005]
[null,94807,"PORTA EM AÇO DE ABRIR TIPO VENEZIANA SEM GUARNIÇÃO, 87X210CM, FIXAÇÃO COM PARAFUSOS - FORNECIMENTO E INSTALAÇÃO. AF_08/2015","UN",661.46]
[null,"73737/1","GRADIL DE ALUMINIO ANODIZADO TIPO BARRA CHATA PARA VARANDAS, ALTURA 0,4M","M",122.79]
[null,"73737/2","GRADIL DE ALUMINIO ANODIZADO TIPO BARRA CHATA PARA VARANDAS, ALTURA 1,0M","M",249.93]
[null,"73737/3","GRADIL DE ALUMINIO ANODIZADO TIPO BARRA CHATA PARA VARANDAS, ALTURA 1,2M","M",290.95]
[null,85096,"GRADIL DE ALUMINIO ANODIZADO TIPO BARRA CHATA","M²",252.45]
[null,"73736/1","DOBRADICA TIPO VAI E VEM EM LATAO POLIDO 3\"","UN",129.07]
[null,84885,"JOGO DE FERRAGENS CROMADAS PARA PORTA DE VIDRO TEMPERADO, UMA FOLHA COMPOSTO DE DOBRADICAS SUPERIOR E INFERIOR, TRINCO, FECHADURA, CONTRA FECHADURA COM CAPUCHINHO SEM MOLA E PUXADOR","UN",551.83000000000004]
[null,84886,"MOLA HIDRAULICA DE PISO PARA PORTA DE VIDRO TEMPERADO","UN",996.15]
[null,84889,"PUXADOR CENTRAL PARA ESQUADRIA DE ALUMINIO","UN",15.2]
[null,84891,"CREMONA EM LATAO CROMADO OU POLIDO, COMPLETA, COM VARA H=1,50M","UN",167.46]
[null,"74046/2","TARJETA TIPO LIVRE/OCUPADO PARA PORTA DE BANHEIRO","UN",29.2]
[null,"74047/2","DOBRADICA EM ACO/FERRO, 3\" X 21/2\", E=1,9 A 2 MM, SEM ANEL, CROMADO OU ZINCADO, TAMPA BOLA, COM PARAFUSOS","UN",32.58]
[null,"74084/1","PORTA CADEADO ZINCADO OXIDADO PRETO COM CADEADO DE ACO INOX, LARGURA DE *50* MM","UN",123.1]
[null,84950,"FECHO EMBUTIR TIPO UNHA 40CM C/COLOCACAO","UN",41]
[null,84952,"FECHO EMBUTIR TIPO UNHA 22CM C/COLOCACAO","UN",31.18]
[null,72116,"VIDRO LISO COMUM TRANSPARENTE, ESPESSURA 3MM","M²",76.73]
[null,72117,"VIDRO LISO COMUM TRANSPARENTE, ESPESSURA 4MM","M²",97.97]
[null,72118,"VIDRO TEMPERADO INCOLOR, ESPESSURA 6MM, FORNECIMENTO E INSTALACAO, INCLUSIVE MASSA PARA VEDACAO","M²",157.96]
[null,72119,"VIDRO TEMPERADO INCOLOR, ESPESSURA 8MM, FORNECIMENTO E INSTALACAO, INCLUSIVE MASSA PARA VEDACAO","M²",199.62]
[null,72120,"VIDRO TEMPERADO INCOLOR, ESPESSURA 10MM, FORNECIMENTO E INSTALACAO, INCLUSIVE MASSA PARA VEDACAO","M²",252.71]
[null,72122,"VIDRO FANTASIA TIPO CANELADO, ESPESSURA 4MM","M²",84.59]
[null,72123,"VIDRO ARAMADO, ESPESSURA 7MM","M²",219.92]
[null,"73838/1","PORTA DE VIDRO TEMPERADO, 0,9X2,10M, ESPESSURA 10MM, INCLUSIVE ACESSORIOS","UN",1761.74]
[null,"74125/1","ESPELHO CRISTAL ESPESSURA 4MM, COM MOLDURA DE MADEIRA","M²",303.55]
[null,"74125/2","ESPELHO CRISTAL ESPESSURA 4MM, COM MOLDURA EM ALUMINIO E COMPENSADO 6MM PLASTIFICADO COLADO","M²",326.82]
[null,84957,"VIDRO LISO COMUM TRANSPARENTE, ESPESSURA 5MM","M²",117.13]
[null,84959,"VIDRO LISO COMUM TRANSPARENTE, ESPESSURA 6MM","M²",136.46]
[null,85001,"VIDRO LISO FUME, ESPESSURA 4MM","M²",130.02000000000001]
[null,85002,"VIDRO LISO FUME, ESPESSURA 6MM","M²",181.57]
[null,85004,"VIDRO FANTASIA MARTELADO 4MM","M²",91.35]
[null,85005,"ESPELHO CRISTAL, ESPESSURA 4MM, COM PARAFUSOS DE FIXACAO, SEM MOLDURA","M²",267.35000000000002]
[null,68054,"PORTAO DE FERRO EM CHAPA GALVANIZADA PLANA 14 GSG","M²",226.7]
[null,"74100/1","PORTAO DE FERRO COM VARA 1/2\", COM REQUADRO","M²",496.75]
[null,"74238/2","PORTAO EM TELA ARAME GALVANIZADO N.12 MALHA 2\" E MOLDURA EM TUBOS DE ACO COM DUAS FOLHAS DE ABRIR, INCLUSO FERRAGENS","M²",888.42]
[null,85188,"PORTAO EM TUBO DE ACO GALVANIZADO DIN 2440/NBR 5580, PAINEL UNICO, DIMENSOES 1,0X1,6M, INCLUSIVE CADEADO","UN",567.99]
[null,85189,"PORTAO EM TUBO DE ACO GALVANIZADO DIN 2440/NBR 5580, PAINEL UNICO, DIMENSOES 4,0X1,2M, INCLUSIVE CADEADO","UN",1173.3399999999999]
[null,85010,"CAIXILHO FIXO, DE ALUMINIO, PARA VIDRO","M²",502.23]
[null,85014,"CAIXILHO FIXO, DE ALUMINIO, COM TELA DE METAL FIO 12 MALHA 3X3CM","M²",619.61]
[null,94569,"JANELA DE ALUMÍNIO MAXIM-AR, FIXAÇÃO COM PARAFUSO SOBRE CONTRAMARCO (EXCLUSIVE CONTRAMARCO), COM VIDROS, PADRONIZADA. AF_07/2016","M²",687.15]
[null,94570,"JANELA DE ALUMÍNIO DE CORRER, 2 FOLHAS, FIXAÇÃO COM PARAFUSO SOBRE CONTRAMARCO (EXCLUSIVE CONTRAMARCO), COM VIDROS PADRONIZADA. AF_07/2016","M²",444.87]
[null,94572,"JANELA DE ALUMÍNIO DE CORRER, 3 FOLHAS, FIXAÇÃO COM PARAFUSO SOBRE CONTRAMARCO (EXCLUSIVE CONTRAMARCO), COM VIDROS, PADRONIZADA. AF_07/2016","M²",673.49]
[null,94573,"JANELA DE ALUMÍNIO DE CORRER, 4 FOLHAS, FIXAÇÃO COM PARAFUSO SOBRE CONTRAMARCO (EXCLUSIVE CONTRAMARCO), COM VIDROS, PADRONIZADA. AF_07/2016","M²",509.29]
[null,94574,"JANELA DE ALUMÍNIO DE CORRER, 6 FOLHAS, FIXAÇÃO COM PARAFUSO SOBRE CONTRAMARCO (EXCLUSIVE CONTRAMARCO), COM VIDROS, PADRONIZADA. AF_07/2016","M²",756.87]
[null,94575,"JANELA DE ALUMÍNIO MAXIM-AR, FIXAÇÃO COM PARAFUSO, VEDAÇÃO COM ESPUMA EXPANSIVA PU, COM VIDROS, PADRONIZADA. AF_07/2016","M²",726.62]
[null,94576,"JANELA DE ALUMÍNIO DE CORRER, 2 FOLHAS, FIXAÇÃO COM PARAFUSO, VEDAÇÃO COM ESPUMA EXPANSIVA PU, COM VIDROS, PADRONIZADA. AF_07/2016","M²",456.48]
[null,94578,"JANELA DE ALUMÍNIO DE CORRER, 3 FOLHAS, FIXAÇÃO COM PARAFUSO, VEDAÇÃO COM ESPUMA EXPANSIVA PU, COM VIDROS, PADRONIZADA. AF_07/2016","M²",685.27]
[null,94579,"JANELA DE ALUMÍNIO DE CORRER, 4 FOLHAS, FIXAÇÃO COM PARAFUSO, VEDAÇÃO COM ESPUMA EXPANSIVA PU, COM VIDROS, PADRONIZADA. AF_07/2016","M²",521.5]
[null,94580,"JANELA DE ALUMÍNIO DE CORRER, 6 FOLHAS, FIXAÇÃO COM PARAFUSO, VEDAÇÃO COM ESPUMA EXPANSIVA PU, COM VIDROS, PADRONIZADA. AF_07/2016","M²",768.74]
[null,94581,"JANELA DE ALUMÍNIO MAXIM-AR, FIXAÇÃO COM ARGAMASSA, COM VIDROS, PADRONIZADA. AF_07/2016","M²",716.76]
[null,94582,"JANELA DE ALUMÍNIO DE CORRER, 2 FOLHAS, FIXAÇÃO COM ARGAMASSA, COM VIDROS, PADRONIZADA. AF_07/2016","M²",452.6]
[null,94584,"JANELA DE ALUMÍNIO DE CORRER, 3 FOLHAS, FIXAÇÃO COM ARGAMASSA, COM VIDROS, PADRONIZADA. AF_07/2016","M²",686.83]
[null,94585,"JANELA DE ALUMÍNIO DE CORRER, 4 FOLHAS, FIXAÇÃO COM ARGAMASSA, COM VIDROS, PADRONIZADA. AF_07/2016","M²",517.46]
[null,94586,"JANELA DE ALUMÍNIO 6 FOLHAS, FIXAÇÃO COM ARGAMASSA, COM VIDROS, PADRONIZADA. AF_07/2016","M²",771.68]
[null,"73908/1","CANTONEIRA DE ALUMINIO 2\"X2\", PARA PROTECAO DE QUINA DE PAREDE","M",36.17]
[null,"73908/2","CANTONEIRA DE ALUMINIO 1\"X1\u0094, PARA PROTECAO DE QUINA DE PAREDE","M",28.56]
[null,85015,"CANTONEIRA DE MADEIRA 3,0X3,0X1,0CM","M",21.24]
[null,85016,"CANTONEIRA DE MADEIRA COM LAMINADO MELAMINICO FOSCO 3,0X3,0X1,0CM","M",25.76]
[null,79475,"ESCAVACAO MANUAL CAMPO ABERTO P/TUBULAO - FUSTE E/OU BASE (PARA TODAS AS PROFUNDIDADES)","M³",343.3]
[null,97751,"TUBULÃO A CÉU ABERTO, DIÂMETRO DO FUSTE DE 70 CM, PROFUNDIDADE MENOR OU IGUAL A 5 M, ESCAVAÇÃO MANUAL, SEM ALARGAMENTO DE BASE, CONCRETO FEITO EM OBRA E LANÇADO COM JERICA. AF_01/2018","M³",625.39]
[null,97752,"TUBULÃO A CÉU ABERTO, DIÂMETRO DO FUSTE DE 80 CM, PROFUNDIDADE MENOR OU IGUAL A 5 M, ESCAVAÇÃO MANUAL, SEM ALARGAMENTO DE BASE, CONCRETO FEITO EM OBRA E LANÇADO COM JERICA. AF_01/2018","M³",590.53]
[null,97753,"TUBULÃO A CÉU ABERTO, DIÂMETRO DO FUSTE DE 100 CM, PROFUNDIDADE MENOR OU IGUAL A 5 M, ESCAVAÇÃO MANUAL, SEM ALARGAMENTO DE BASE, CONCRETO FEITO EM OBRA E LANÇADO COM JERICA. AF_01/2018","M³",541.94000000000005]
[null,97754,"TUBULÃO A CÉU ABERTO, DIÂMETRO DO FUSTE DE 120 CM, PROFUNDIDADE MENOR OU IGUAL A 5 M, ESCAVAÇÃO MANUAL, SEM ALARGAMENTO DE BASE, CONCRETO FEITO EM OBRA E LANÇADO COM JERICA. AF_01/2018","M³",510.03]
[null,97755,"TUBULÃO A CÉU ABERTO, DIÂMETRO DO FUSTE DE 70 CM, PROFUNDIDADE MAIOR QUE 5 M E MENOR OU IGUAL A 10 M, ESCAVAÇÃO MANUAL, SEM ALARGAMENTO DE BASE, CONCRETO FEITO EM OBRA E LANÇADO COM JERICA. AF_01/2018","M³",611.61]
[null,97756,"TUBULÃO A CÉU ABERTO, DIÂMETRO DO FUSTE DE 80 CM, PROFUNDIDADE MAIOR QUE 5 M E MENOR OU IGUAL A 10 M, ESCAVAÇÃO MANUAL, SEM ALARGAMENTO DE BASE, CONCRETO FEITO EM OBRA E LANÇADO COM JERICA. AF_01/2018","M³",578.71]
[null,97757,"TUBULÃO A CÉU ABERTO, DIÂMETRO DO FUSTE DE 100 CM, PROFUNDIDADE MAIOR QUE 5 M E MENOR OU IGUAL A 10 M, ESCAVAÇÃO MANUAL, SEM ALARGAMENTO DE BASE, CONCRETO FEITO EM OBRA E LANÇADO COM JERICA. AF_01/2018","M³",526.52]
[null,97758,"TUBULÃO A CÉU ABERTO, DIÂMETRO DO FUSTE DE 120 CM, PROFUNDIDADE MAIOR QUE 5 M E MENOR OU IGUAL A 10 M, ESCAVAÇÃO MANUAL, SEM ALARGAMENTO DE BASE, CONCRETO FEITO EM OBRA E LANÇADO COM JERICA. AF_01/2018","M³",488.67]
[null,97759,"TUBULÃO A CÉU ABERTO, DIÂMETRO DO FUSTE DE 70 CM, PROFUNDIDADE MAIOR QUE 10 M, ESCAVAÇÃO MANUAL, SEM ALARGAMENTO DE BASE, CONCRETO FEITO EM OBRA E LANÇADO COM JERICA. AF_01/2018","M³",613.51]
[null,97760,"TUBULÃO A CÉU ABERTO, DIÂMETRO DO FUSTE DE 80 CM, PROFUNDIDADE MAIOR QUE 10 M, ESCAVAÇÃO MANUAL, SEM ALARGAMENTO DE BASE, CONCRETO FEITO EM OBRA E LANÇADO COM JERICA. AF_01/2018","M³",572.67999999999995]
[null,97761,"TUBULÃO A CÉU ABERTO, DIÂMETRO DO FUSTE DE 100 CM, PROFUNDIDADE MAIOR QUE 10 M, ESCAVAÇÃO MANUAL, SEM ALARGAMENTO DE BASE, CONCRETO FEITO EM OBRA E LANÇADO COM JERICA. AF_01/2018","M³",515.15]
[null,97762,"TUBULÃO A CÉU ABERTO, DIÂMETRO DO FUSTE DE 120 CM, PROFUNDIDADE MAIOR QUE 10 M, ESCAVAÇÃO MANUAL, SEM ALARGAMENTO DE BASE, CONCRETO FEITO EM OBRA E LANÇADO COM JERICA. AF_01/2018","M³",473.27]
[null,97763,"TUBULÃO A CÉU ABERTO, DIÂMETRO DO FUSTE DE 70 CM, PROFUNDIDADE MENOR OU IGUAL A 5 M, ESCAVAÇÃO MECÂNICA, SEM ALARGAMENTO DE BASE, CONCRETO FEITO EM OBRA E LANÇADO COM JERICA. AF_01/2018","M³",594.63]
[null,97764,"TUBULÃO A CÉU ABERTO, DIÂMETRO DO FUSTE DE 80 CM, PROFUNDIDADE MENOR OU IGUAL A 5 M, ESCAVAÇÃO MECÂNICA, SEM ALARGAMENTO DE BASE, CONCRETO FEITO EM OBRA E LANÇADO COM JERICA. AF_01/2018","M³",480.12]
[null,97765,"TUBULÃO A CÉU ABERTO, DIÂMETRO DO FUSTE DE 100 CM, PROFUNDIDADE MENOR OU IGUAL A 5 M, ESCAVAÇÃO MECÂNICA, SEM ALARGAMENTO DE BASE, CONCRETO FEITO EM OBRA E LANÇADO COM JERICA. AF_01/2018","M³",453.76]
[null,97766,"TUBULÃO A CÉU ABERTO, DIÂMETRO DO FUSTE DE 120 CM, PROFUNDIDADE MENOR OU IGUAL A 5 M, ESCAVAÇÃO MECÂNICA, SEM ALARGAMENTO DE BASE, CONCRETO FEITO EM OBRA E LANÇADO COM JERICA. AF_01/2018","M³",437.22]
[null,97767,"TUBULÃO A CÉU ABERTO, DIÂMETRO DO FUSTE DE 70 CM, PROFUNDIDADE MAIOR QUE 5 M E MENOR OU IGUAL A 10 M, ESCAVAÇÃO MECÂNICA, SEM ALARGAMENTO DE BASE, CONCRETO FEITO EM OBRA E LANÇADO COM JERICA. AF_01/2018","M³",454.44]
[null,97768,"TUBULÃO A CÉU ABERTO, DIÂMETRO DO FUSTE DE 80 CM, PROFUNDIDADE MAIOR QUE 5 M E MENOR OU IGUAL A 10 M, ESCAVAÇÃO MECÂNICA, SEM ALARGAMENTO DE BASE, CONCRETO FEITO EM OBRA E LANÇADO COM JERICA. AF_01/2018","M³",443.27]
[null,97769,"TUBULÃO A CÉU ABERTO, DIÂMETRO DO FUSTE DE 100 CM, PROFUNDIDADE MAIOR QUE 5 M E MENOR OU IGUAL A 10 M, ESCAVAÇÃO MECÂNICA, SEM ALARGAMENTO DE BASE, CONCRETO FEITO EM OBRA E LANÇADO COM JERICA. AF_01/2018","M³",420.73]
[null,97770,"TUBULÃO A CÉU ABERTO, DIÂMETRO DO FUSTE DE 120 CM, PROFUNDIDADE MAIOR QUE 5 M E MENOR OU IGUAL A 10 M, ESCAVAÇÃO MECÂNICA, SEM ALARGAMENTO DE BASE, CONCRETO FEITO EM OBRA E LANÇADO COM JERICA. AF_01/2018","M³",402.05]
[null,97771,"TUBULÃO A CÉU ABERTO, DIÂMETRO DO FUSTE DE 70 CM, PROFUNDIDADE MAIOR QUE 10 M, ESCAVAÇÃO MECÂNICA, SEM ALARGAMENTO DE BASE, CONCRETO FEITO EM OBRA E LANÇADO COM JERICA. AF_01/2018","M³",436.38]
[null,97772,"TUBULÃO A CÉU ABERTO, DIÂMETRO DO FUSTE DE 80 CM, PROFUNDIDADE MAIOR QUE 10 M, ESCAVAÇÃO MECÂNICA, SEM ALARGAMENTO DE BASE, CONCRETO FEITO EM OBRA E LANÇADO COM JERICA. AF_01/2018","M³",421.57]
[null,97773,"TUBULÃO A CÉU ABERTO, DIÂMETRO DO FUSTE DE 100 CM, PROFUNDIDADE MAIOR QUE 10 M, ESCAVAÇÃO MECÂNICA, SEM ALARGAMENTO DE BASE, CONCRETO FEITO EM OBRA E LANÇADO COM JERICA. AF_01/2018","M³",398.47]
[null,97774,"TUBULÃO A CÉU ABERTO, DIÂMETRO DO FUSTE DE 120 CM, PROFUNDIDADE MAIOR QUE 10 M, ESCAVAÇÃO MECÂNICA, SEM ALARGAMENTO DE BASE, CONCRETO FEITO EM OBRA E LANÇADO COM JERICA. AF_01/2018","M³",378.59]
[null,97775,"TUBULÃO A CÉU ABERTO, DIÂMETRO DO FUSTE DE 70 CM, PROFUNDIDADE MENOR OU IGUAL A 5 M, ESCAVAÇÃO MANUAL, SEM ALARGAMENTO DE BASE, CONCRETO USINADO E LANÇADO COM BOMBA OU DIRETAMENTE DO CAMINHÃO. AF_01/2018","M³",573.04999999999995]
[null,97776,"TUBULÃO A CÉU ABERTO, DIÂMETRO DO FUSTE DE 80 CM, PROFUNDIDADE MENOR OU IGUAL A 5 M, ESCAVAÇÃO MANUAL, SEM ALARGAMENTO DE BASE, CONCRETO USINADO E LANÇADO COM BOMBA OU DIRETAMENTE DO CAMINHÃO. AF_01/2018","M³",538.59]
[null,97777,"TUBULÃO A CÉU ABERTO, DIÂMETRO DO FUSTE DE 100 CM, PROFUNDIDADE MENOR OU IGUAL A 5 M, ESCAVAÇÃO MANUAL, SEM ALARGAMENTO DE BASE, CONCRETO USINADO E LANÇADO COM BOMBA OU DIRETAMENTE DO CAMINHÃO. AF_01/2018","M³",491.13]
[null,97778,"TUBULÃO A CÉU ABERTO, DIÂMETRO DO FUSTE DE 120 CM, PROFUNDIDADE MENOR OU IGUAL A 5 M, ESCAVAÇÃO MANUAL, SEM ALARGAMENTO DE BASE, CONCRETO USINADO E LANÇADO COM BOMBA OU DIRETAMENTE DO CAMINHÃO. AF_01/2018","M³",460.38]
[null,97779,"TUBULÃO A CÉU ABERTO, DIÂMETRO DO FUSTE DE 70 CM, PROFUNDIDADE MAIOR QUE 5 M E MENOR OU IGUAL A 10 M, ESCAVAÇÃO MANUAL, SEM ALARGAMENTO DE BASE, CONCRETO USINADO E LANÇADO COM BOMBA OU DIRETAMENTE DO CAMINHÃO. AF_01/2018","M³",555.33000000000004]
[null,97780,"TUBULÃO A CÉU ABERTO, DIÂMETRO DO FUSTE DE 80 CM, PROFUNDIDADE MAIOR QUE 5 M E MENOR OU IGUAL A 10 M, ESCAVAÇÃO MANUAL, SEM ALARGAMENTO DE BASE, CONCRETO USINADO E LANÇADO COM BOMBA OU DIRETAMENTE DO CAMINHÃO. AF_01/2018","M³",523.16999999999996]
[null,97781,"TUBULÃO A CÉU ABERTO, DIÂMETRO DO FUSTE DE 100 CM, PROFUNDIDADE MAIOR QUE 5 M E MENOR OU IGUAL A 10 M, ESCAVAÇÃO MANUAL, SEM ALARGAMENTO DE BASE, CONCRETO USINADO E LANÇADO COM BOMBA OU DIRETAMENTE DO CAMINHÃO. AF_01/2018","M³",473.17]
[null,97782,"TUBULÃO A CÉU ABERTO, DIÂMETRO DO FUSTE DE 120 CM, PROFUNDIDADE MAIOR QUE 5 M E MENOR OU IGUAL A 10 M, ESCAVAÇÃO MANUAL, SEM ALARGAMENTO DE BASE, CONCRETO USINADO E LANÇADO COM BOMBA OU DIRETAMENTE DO CAMINHÃO. AF_01/2018","M³",437.46]
[null,97783,"TUBULÃO A CÉU ABERTO, DIÂMETRO DO FUSTE DE 70 CM, PROFUNDIDADE MAIOR QUE 10 M, ESCAVAÇÃO MANUAL, SEM ALARGAMENTO DE BASE, CONCRETO USINADO E LANÇADO COM BOMBA OU DIRETAMENTE DO CAMINHÃO. AF_01/2018","M³",558.53]
[null,97784,"TUBULÃO A CÉU ABERTO, DIÂMETRO DO FUSTE DE 80 CM, PROFUNDIDADE MAIOR QUE 10 M, ESCAVAÇÃO MANUAL, SEM ALARGAMENTO DE BASE, CONCRETO USINADO E LANÇADO COM BOMBA OU DIRETAMENTE DO CAMINHÃO. AF_01/2018","M³",519.21]
[null,97785,"TUBULÃO A CÉU ABERTO, DIÂMETRO DO FUSTE DE 100 CM, PROFUNDIDADE MAIOR QUE 10 M, ESCAVAÇÃO MANUAL, SEM ALARGAMENTO DE BASE, CONCRETO USINADO E LANÇADO COM BOMBA OU DIRETAMENTE DO CAMINHÃO. AF_01/2018","M³",464.31]
[null,97786,"TUBULÃO A CÉU ABERTO, DIÂMETRO DO FUSTE DE 120 CM, PROFUNDIDADE MAIOR QUE 10 M, ESCAVAÇÃO MANUAL, SEM ALARGAMENTO DE BASE, CONCRETO USINADO E LANÇADO COM BOMBA OU DIRETAMENTE DO CAMINHÃO. AF_01/2018","M³",424.89]
[null,97787,"TUBULÃO A CÉU ABERTO, DIÂMETRO DO FUSTE DE 70 CM, PROFUNDIDADE MENOR OU IGUAL A 5 M, ESCAVAÇÃO MECÂNICA, SEM ALARGAMENTO DE BASE, CONCRETO USINADO E LANÇADO COM BOMBA OU DIRETAMENTE DO CAMINHÃO. AF_01/2018","M³",447.37]
[null,97788,"TUBULÃO A CÉU ABERTO, DIÂMETRO DO FUSTE DE 80 CM, PROFUNDIDADE MENOR OU IGUAL A 5 M, ESCAVAÇÃO MECÂNICA, SEM ALARGAMENTO DE BASE, CONCRETO USINADO E LANÇADO COM BOMBA OU DIRETAMENTE DO CAMINHÃO. AF_01/2018","M³",428.18]
[null,97789,"TUBULÃO A CÉU ABERTO, DIÂMETRO DO FUSTE DE 100 CM, PROFUNDIDADE MENOR OU IGUAL A 5 M, ESCAVAÇÃO MECÂNICA, SEM ALARGAMENTO DE BASE, CONCRETO USINADO E LANÇADO COM BOMBA OU DIRETAMENTE DO CAMINHÃO. AF_01/2018","M³",402.95]
[null,97790,"TUBULÃO A CÉU ABERTO, DIÂMETRO DO FUSTE DE 120 CM, PROFUNDIDADE MENOR OU IGUAL A 5 M, ESCAVAÇÃO MECÂNICA, SEM ALARGAMENTO DE BASE, CONCRETO USINADO E LANÇADO COM BOMBA OU DIRETAMENTE DO CAMINHÃO. AF_01/2018","M³",387.57]
[null,97791,"TUBULÃO A CÉU ABERTO, DIÂMETRO DO FUSTE DE 70 CM, PROFUNDIDADE MAIOR QUE 5 M E MENOR OU IGUAL A 10M, ESCAVAÇÃO MECÂNICA, SEM ALARGAMENTO DE BASE, CONCRETO USINADO E LANÇADO COM BOMBA OU DIRETAMENTE DO CAMINHÃO. AF_01/2018","M³",398.16]
[null,97792,"TUBULÃO A CÉU ABERTO, DIÂMETRO DO FUSTE DE 80 CM, PROFUNDIDADE MAIOR QUE 5 M E MENOR OU IGUAL A 10M, ESCAVAÇÃO MECÂNICA, SEM ALARGAMENTO DE BASE, CONCRETO USINADO E LANÇADO COM BOMBA OU DIRETAMENTE DO CAMINHÃO. AF_01/2018","M³",387.73]
[null,97793,"TUBULÃO A CÉU ABERTO, DIÂMETRO DO FUSTE DE 100 CM, PROFUNDIDADE MAIOR QUE 5 M E MENOR OU IGUAL A 10M, ESCAVAÇÃO MECÂNICA, SEM ALARGAMENTO DE BASE, CONCRETO USINADO E LANÇADO COM BOMBA OU DIRETAMENTE DO CAMINHÃO. AF_01/2018","M³",367.38]
[null,97794,"TUBULÃO A CÉU ABERTO, DIÂMETRO DO FUSTE DE 120 CM, PROFUNDIDADE MAIOR QUE 5 M E MENOR OU IGUAL A 10M, ESCAVAÇÃO MECÂNICA, SEM ALARGAMENTO DE BASE, CONCRETO USINADO E LANÇADO COM BOMBA OU DIRETAMENTE DO CAMINHÃO. AF_01/2018","M³",350.84]
[null,97795,"TUBULÃO A CÉU ABERTO, DIÂMETRO DO FUSTE DE 70 CM, PROFUNDIDADE MAIOR QUE 10M, ESCAVAÇÃO MECÂNICA, SEM ALARGAMENTO DE BASE, CONCRETO USINADO E LANÇADO COM BOMBA OU DIRETAMENTE DO CAMINHÃO. AF_01/2018","M³",381.4]
[null,97796,"TUBULÃO A CÉU ABERTO, DIÂMETRO DO FUSTE DE 80 CM, PROFUNDIDADE MAIOR QUE 10M, ESCAVAÇÃO MECÂNICA, SEM ALARGAMENTO DE BASE, CONCRETO USINADO E LANÇADO COM BOMBA OU DIRETAMENTE DO CAMINHÃO. AF_01/2018","M³",368.1]
[null,97797,"TUBULÃO A CÉU ABERTO, DIÂMETRO DO FUSTE DE 100 CM, PROFUNDIDADE MAIOR QUE 10M, ESCAVAÇÃO MECÂNICA, SEM ALARGAMENTO DE BASE, CONCRETO USINADO E LANÇADO COM BOMBA OU DIRETAMENTE DO CAMINHÃO. AF_01/2018","M³",347.63]
[null,97798,"TUBULÃO A CÉU ABERTO, DIÂMETRO DO FUSTE DE 120 CM, PROFUNDIDADE MAIOR QUE 10M, ESCAVAÇÃO MECÂNICA, SEM ALARGAMENTO DE BASE, CONCRETO USINADO E LANÇADO COM BOMBA OU DIRETAMENTE DO CAMINHÃO. AF_01/2018","M³",330.21]
[null,97799,"ALARGAMENTO DE BASE DE TUBULÃO A CÉU ABERTO, ESCAVAÇÃO MANUAL, CONCRETO FEITO EM OBRA E LANÇADO COM JERICA. AF_01/2018","M³",528.09]
[null,97800,"ALARGAMENTO DE BASE DE TUBULÃO A CÉU ABERTO, ESCAVAÇÃO MANUAL, CONCRETO USINADO E LANÇADO COM BOMBA OU DIRETAMENTE DO CAMINHÃO. AF_01/2018","M³",478.97]
[null,89198,"ESTACA PRÉ-MOLDADA DE CONCRETO, SEÇÃO QUADRADA, CAPACIDADE DE 25 TONELADAS, COMPRIMENTO TOTAL CRAVADO ATÉ 5M, BATE-ESTACAS POR GRAVIDADE SOBRE ROLOS (EXCLUSIVE MOBILIZAÇÃO E DESMOBILIZAÇÃO). AF_03/2016","M",69.34]
[null,89199,"ESTACA PRÉ-MOLDADA DE CONCRETO, SEÇÃO QUADRADA, CAPACIDADE DE 50 TONELADAS, COMPRIMENTO TOTAL CRAVADO ATÉ 5M, BATE-ESTACAS POR GRAVIDADE SOBRE ROLOS (EXCLUSIVE MOBILIZAÇÃO E DESMOBILIZAÇÃO). AF_03/2016","M",90.39]
[null,89200,"ESTACA PRÉ-MOLDADA DE CONCRETO CENTRIFUGADO, SEÇÃO CIRCULAR, CAPACIDADE DE 100 TONELADAS, COMPRIMENTO TOTAL CRAVADO ATÉ 5M, BATE-ESTACAS POR GRAVIDADE SOBRE ROLOS (EXCLUSIVE MOBILIZAÇÃO E DESMOBILIZAÇÃO). AF_03/2016","M",205.86]
[null,89201,"ESTACA PRÉ-MOLDADA DE CONCRETO, SEÇÃO QUADRADA, CAPACIDADE DE 25 TONELADAS, COMPRIMENTO TOTAL CRAVADO ACIMA DE 5M ATÉ 12M, BATE-ESTACAS POR GRAVIDADE SOBRE ROLOS (EXCLUSIVE MOBILIZAÇÃO E DESMOBILIZAÇÃO). AF_03/2016","M",52.39]
[null,89202,"ESTACA PRÉ-MOLDADA DE CONCRETO, SEÇÃO QUADRADA, CAPACIDADE DE 50 TONELADAS, COMPRIMENTO TOTAL CRAVADO ACIMA DE 5M ATÉ 12M, BATE-ESTACAS POR GRAVIDADE SOBRE ROLOS (EXCLUSIVE MOBILIZAÇÃO E DESMOBILIZAÇÃO). AF_03/2016","M",66.86]
[null,89203,"ESTACA PRÉ-MOLDADA DE CONCRETO CENTRIFUGADO, SEÇÃO CIRCULAR, CAPACIDADE DE 100 TONELADAS, COMPRIMENTO TOTAL CRAVADO ACIMA DE 5M ATÉ 12M, BATE-ESTACAS POR GRAVIDADE SOBRE ROLOS (EXCLUSIVE MOBILIZAÇÃO E DESMOBILIZAÇÃO). AF_03/2016","M",150.38]
[null,89204,"ESTACA PRÉ-MOLDADA DE CONCRETO, SEÇÃO QUADRADA, CAPACIDADE DE 25 TONELADAS COMPRIMENTO TOTAL CRAVADO ACIMA DE 12M, BATE-ESTACAS POR GRAVIDADE SOBRE ROLOS (EXCLUSIVE MOBILIZAÇÃO E DESMOBILIZAÇÃO). AF_03/2016","M",46.48]
[null,89205,"ESTACA PRÉ-MOLDADA DE CONCRETO, SEÇÃO QUADRADA, CAPACIDADE DE 50 TONELADAS, COMPRIMENTO TOTAL CRAVADO ACIMA DE 12M, BATE-ESTACAS POR GRAVIDADE SOBRE ROLOS (EXCLUSIVE MOBILIZAÇÃO E DESMOBILIZAÇÃO). AF_03/2016","M",59.99]
[null,89206,"ESTACA PRÉ-MOLDADA DE CONCRETO CENTRIFUGADO, SEÇÃO CIRCULAR, CAPACIDADE DE 100 TONELADAS, COMPRIMENTO TOTAL CRAVADO ACIMA DE 12M, BATE-ESTACAS POR GRAVIDADE SOBRE ROLOS (EXCLUSIVE MOBILIZAÇÃO E DESMOBILIZAÇÃO). AF_03/2016","M",137.66999999999999]
[null,90808,"ESTACA HÉLICE CONTÍNUA, DIÂMETRO DE 30 CM, COMPRIMENTO TOTAL ATÉ 15 M, PERFURATRIZ COM TORQUE DE 170 KN.M (EXCLUSIVE MOBILIZAÇÃO E DESMOBILIZAÇÃO). AF_02/2015","M",55.65]
[null,90809,"ESTACA HÉLICE CONTÍNUA, DIÂMETRO DE 30 CM, COMPRIMENTO TOTAL ACIMA DE 15 M ATÉ 20 M, PERFURATRIZ COM TORQUE DE 170 KN.M (EXCLUSIVE MOBILIZAÇÃO E DESMOBILIZAÇÃO). AF_02/2015","M",53.48]
[null,90810,"ESTACA HÉLICE CONTÍNUA, DIÂMETRO DE 50 CM, COMPRIMENTO TOTAL ATÉ 15 M, PERFURATRIZ COM TORQUE DE 170 KN.M (EXCLUSIVE MOBILIZAÇÃO E DESMOBILIZAÇÃO). AF_02/2015","M",115.63]
[null,90811,"ESTACA HÉLICE CONTÍNUA, DIÂMETRO DE 50 CM, COMPRIMENTO TOTAL ACIMA DE 15 M ATÉ 30 M, PERFURATRIZ COM TORQUE DE 170 KN.M (EXCLUSIVE MOBILIZAÇÃO E DESMOBILIZAÇÃO). AF_02/2015","M",109.06]
[null,90812,"ESTACA HÉLICE CONTÍNUA, DIÂMETRO DE 70 CM, COMPRIMENTO TOTAL ATÉ 15 M, PERFURATRIZ COM TORQUE DE 170 KN.M (EXCLUSIVE MOBILIZAÇÃO E DESMOBILIZAÇÃO). AF_02/2015","M",195.95]
[null,90813,"ESTACA HÉLICE CONTÍNUA, DIÂMETRO DE 70 CM, COMPRIMENTO TOTAL ACIMA DE 15 M ATÉ 30 M, PERFURATRIZ COM TORQUE DE 170 KN.M (EXCLUSIVE MOBILIZAÇÃO E DESMOBILIZAÇÃO). AF_02/2015","M",186.93]
[null,90814,"ESTACA HÉLICE CONTÍNUA, DIÂMETRO DE 80 CM, COMPRIMENTO TOTAL ATÉ 30 M, PERFURATRIZ COM TORQUE DE 170 KN.M (EXCLUSIVE MOBILIZAÇÃO E DESMOBILIZAÇÃO). AF_02/2015","M",235.11]
[null,90815,"ESTACA HÉLICE CONTÍNUA, DIÂMETRO DE 90 CM, COMPRIMENTO TOTAL ATÉ 30 M, PERFURATRIZ COM TORQUE DE 263 KN.M (EXCLUSIVE MOBILIZAÇÃO E DESMOBILIZAÇÃO). AF_02/2015","M",284.43]
[null,90877,"ESTACA ESCAVADA MECANICAMENTE, SEM FLUIDO ESTABILIZANTE, COM 25 CM DE DIÂMETRO, ATÉ 9 M DE COMPRIMENTO, CONCRETO LANÇADO POR CAMINHÃO BETONEIRA (EXCLUSIVE MOBILIZAÇÃO E DESMOBILIZAÇÃO). AF_02/2015","M",36.409999999999997]
[null,90878,"ESTACA ESCAVADA MECANICAMENTE, SEM FLUIDO ESTABILIZANTE, COM 25 CM DE DIÂMETRO, ACIMA DE 9 M DE COMPRIMENTO, CONCRETO LANÇADO POR CAMINHÃO BETONEIRA (EXCLUSIVE MOBILIZAÇÃO E DESMOBILIZAÇÃO). AF_02/2015","M",34.76]
[null,90880,"ESTACA ESCAVADA MECANICAMENTE, SEM FLUIDO ESTABILIZANTE, COM 25 CM DE DIÂMETRO, ATÉ 9 M DE COMPRIMENTO, CONCRETO LANÇADO MANUALMENTE (EXCLUSIVE MOBILIZAÇÃO E DESMOBILIZAÇÃO). AF_02/2015","M",48.43]
[null,90881,"ESTACA ESCAVADA MECANICAMENTE, SEM FLUIDO ESTABILIZANTE, COM 25 CM DE DIÂMETRO, ACIMA DE 9 M DE COMPRIMENTO, CONCRETO LANÇADO MANUALMENTE (EXCLUSIVE MOBILIZAÇÃO E DESMOBILIZAÇÃO). AF_02/2015","M",44.47]
[null,90883,"ESTACA ESCAVADA MECANICAMENTE, SEM FLUIDO ESTABILIZANTE, COM 40 CM DE DIÂMETRO, ATÉ 9 M DE COMPRIMENTO, CONCRETO LANÇADO POR CAMINHÃO BETONEIRA (EXCLUSIVE MOBILIZAÇÃO E DESMOBILIZAÇÃO). AF_02/2015","M",59.18]
[null,90884,"ESTACA ESCAVADA MECANICAMENTE, SEM FLUIDO ESTABILIZANTE, COM 40 CM DE DIÂMETRO, ACIMA DE 9 M ATÉ 15 M DE COMPRIMENTO, CONCRETO LANÇADO POR CAMINHÃO BETONEIRA (EXCLUSIVE MOBILIZAÇÃO E DESMOBILIZAÇÃO). AF_02/2015","M",57.3]
[null,90885,"ESTACA ESCAVADA MECANICAMENTE, SEM FLUIDO ESTABILIZANTE, COM 40 CM DE DIÂMETRO, ACIMA DE 15 M DE COMPRIMENTO, CONCRETO LANÇADO POR CAMINHÃO BETONEIRA (EXCLUSIVE MOBILIZAÇÃO E DESMOBILIZAÇÃO). AF_02/2015","M",56.46]
[null,90886,"ESTACA ESCAVADA MECANICAMENTE, SEM FLUIDO ESTABILIZANTE, COM 60 CM DE DIÂMETRO, ATÉ 9 M DE COMPRIMENTO, CONCRETO LANÇADO POR CAMINHÃO BETONEIRA (EXCLUSIVE MOBILIZAÇÃO E DESMOBILIZAÇÃO). AF_02/2015","M",112.16]
[null,90887,"ESTACA ESCAVADA MECANICAMENTE, SEM FLUIDO ESTABILIZANTE, COM 60 CM DE DIÂMETRO, ACIMA DE 9 M ATÉ 15 M DE COMPRIMENTO, CONCRETO LANÇADO POR CAMINHÃO BETONEIRA (EXCLUSIVE MOBILIZAÇÃO E DESMOBILIZAÇÃO). AF_02/2015","M",110.09]
[null,90888,"ESTACA ESCAVADA MECANICAMENTE, SEM FLUIDO ESTABILIZANTE, COM 60 CM DE DIÂMETRO, ACIMA DE 15 M DE COMPRIMENTO, CONCRETO LANÇADO POR CAMINHÃO BETONEIRA (EXCLUSIVE MOBILIZAÇÃO E DESMOBILIZAÇÃO). AF_02/2015","M",109.2]
[null,90889,"ESTACA ESCAVADA MECANICAMENTE, SEM FLUIDO ESTABILIZANTE, COM 60 CM DE DIÂMETRO, ATÉ 9 M DE COMPRIMENTO, CONCRETO LANÇADO POR BOMBA LANÇA (EXCLUSIVE MOBILIZAÇÃO E DESMOBILIZAÇÃO). AF_02/2015","M",131.49]
[null,90890,"ESTACA ESCAVADA MECANICAMENTE, SEM FLUIDO ESTABILIZANTE, COM 60 CM DE DIÂMETRO, ACIMA DE 9 M ATÉ 15 M DE COMPRIMENTO, CONCRETO LANÇADO POR BOMBA LANÇA (EXCLUSIVE MOBILIZAÇÃO E DESMOBILIZAÇÃO). AF_02/2015","M",128.41999999999999]
[null,90891,"ESTACA ESCAVADA MECANICAMENTE, SEM FLUIDO ESTABILIZANTE, COM 60 CM DE DIÂMETRO, ACIMA DE 15 M DE COMPRIMENTO, CONCRETO LANÇADO POR BOMBA LANÇA (EXCLUSIVE MOBILIZAÇÃO E DESMOBILIZAÇÃO). AF_02/2015","M",127.06]
[null,95601,"ARRASAMENTO MECANICO DE ESTACA DE CONCRETO ARMADO, DIAMETROS DE ATÉ 40 CM. AF_11/2016","UN",22.34]
[null,95602,"ARRASAMENTO MECANICO DE ESTACA DE CONCRETO ARMADO, DIAMETROS DE 41 CM A 60 CM. AF_11/2016","UN",28.42]
[null,95603,"ARRASAMENTO MECANICO DE ESTACA DE CONCRETO ARMADO, DIAMETROS DE 61 CM A 80 CM. AF_11/2016","UN",37.299999999999997]
[null,95604,"ARRASAMENTO MECANICO DE ESTACA DE CONCRETO ARMADO, DIAMETROS DE 81 CM A 100 CM. AF_11/2016","UN",49.1]
[null,95605,"ARRASAMENTO MECANICO DE ESTACA DE CONCRETO ARMADO, DIAMETROS DE 101 CM A 150 CM. AF_11/2016","UN",76.989999999999995]
[null,95607,"ARRASAMENTO DE ESTACA METÁLICA, PERFIL LAMINADO TIPO \u0093I\u0094 FAMÍLIA 250. AF_11/2016","UN",4.5199999999999996]
[null,95608,"ARRASAMENTO DE ESTACA METÁLICA, PERFIL LAMINADO TIPO \u0093H\u0094 FAMÍLIA 250. AF_11/2016","UN",5.21]
[null,95609,"ARRASAMENTO DE ESTACA METÁLICA, PERFIL LAMINADO TIPO \u0093H\u0094 FAMÍLIA 310. AF_11/2016","UN",5.8]
[null,96160,"ESTACA RAIZ, DIÂMETRO DE 20 CM, COMPRIMENTO DE ATÉ 10 M, SEM PRESENÇA DE ROCHA. AF_04/2017","M",159.46]
[null,96161,"ESTACA RAIZ, DIÂMETRO DE 31 CM, COMPRIMENTO DE ATÉ 10 M, SEM PRESENÇA DE ROCHA. AF_05/2017","M",238.33]
[null,96162,"ESTACA RAIZ, DIÂMETRO DE 40 CM, COMPRIMENTO DE ATÉ 10 M, SEM PRESENÇA DE ROCHA. AF_05/2017","M",313.93]
[null,96163,"ESTACA RAIZ, DIÂMETRO DE 45 CM, COMPRIMENTO DE ATÉ 10 M, SEM PRESENÇA DE ROCHA. AF_05/2017","M",359.64]
[null,96164,"ESTACA RAIZ, DIÂMETRO DE 20 CM, COMPRIMENTO DE 11 A 20 M, SEM PRESENÇA DE ROCHA. AF_05/2017","M",143.72]
[null,96165,"ESTACA RAIZ, DIÂMETRO DE 31 CM, COMPRIMENTO DE 11 A 20 M, SEM PRESENÇA DE ROCHA. AF_05/2017","M",216.91]
[null,96166,"ESTACA RAIZ, DIÂMETRO DE 40 CM, COMPRIMENTO DE 11 A 20 M, SEM PRESENÇA DE ROCHA. AF_05/2017","M",281.43]
[null,96167,"ESTACA RAIZ, DIÂMETRO DE 45 CM, COMPRIMENTO DE 11 A 20 M, SEM PRESENÇA DE ROCHA. AF_05/2017","M",313.99]
[null,96168,"ESTACA RAIZ, DIÂMETRO DE 20 CM, COMPRIMENTO DE 21 A 30 M, SEM PRESENÇA DE ROCHA. AF_05/2017","M",136.22999999999999]
[null,96169,"ESTACA RAIZ, DIÂMETRO DE 31 CM, COMPRIMENTO DE 21 A 30 M, SEM PRESENÇA DE ROCHA. AF_05/2017","M",207.27]
[null,96170,"ESTACA RAIZ, DIÂMETRO DE 40 CM, COMPRIMENTO DE 21 A 30 M, SEM PRESENÇA DE ROCHA. AF_05/2017","M",269.68]
[null,96171,"ESTACA RAIZ, DIÂMETRO DE 45 CM, COMPRIMENTO DE 21 A 30 M, SEM PRESENÇA DE ROCHA. AF_05/2017","M",298.3]
[null,96172,"ESTACA RAIZ, DIÂMETRO DE 20 CM, COMPRIMENTO DE ATÉ 10 M, COM PRESENÇA DE ROCHA. AF_05/2017","M",169.98]
[null,96173,"ESTACA RAIZ, DIÂMETRO DE 31 CM, COMPRIMENTO DE ATÉ 10 M, COM PRESENÇA DE ROCHA. AF_05/2017","M",251.51]
[null,96174,"ESTACA RAIZ, DIÂMETRO DE 40 CM, COMPRIMENTO DE ATÉ 10 M, COM PRESENÇA DE ROCHA. AF_05/2017","M",330.77]
[null,96175,"ESTACA RAIZ, DIÂMETRO DE 45 CM, COMPRIMENTO DE ATÉ 10 M, COM PRESENÇA DE ROCHA. AF_05/2017","M",379.23]
[null,96176,"ESTACA RAIZ, DIÂMETRO DE 20 CM, COMPRIMENTO DE 11 A 20 M, COM PRESENÇA DE ROCHA. AF_05/2017","M",150.71]
[null,96177,"ESTACA RAIZ, DIÂMETRO DE 31 CM, COMPRIMENTO DE 11 A 20 M, COM PRESENÇA DE ROCHA. AF_05/2017","M",224.99]
[null,96178,"ESTACA RAIZ, DIÂMETRO DE 40 CM, COMPRIMENTO DE 11 A 20 M, COM PRESENÇA DE ROCHA. AF_05/2017","M",290.97000000000003]
[null,96179,"ESTACA RAIZ, DIÂMETRO DE 45 CM, COMPRIMENTO DE 11 A 20 M, COM PRESENÇA DE ROCHA. AF_05/2017","M",324.35000000000002]
[null,96180,"ESTACA RAIZ, DIÂMETRO DE 20 CM, COMPRIMENTO DE 21 A 30 M, COM PRESENÇA DE ROCHA. AF_05/2017","M",141.38]
[null,96181,"ESTACA RAIZ, DIÂMETRO DE 31 CM, COMPRIMENTO DE 21 A 30 M, COM PRESENÇA DE ROCHA. AF_05/2017","M",213.27]
[null,96182,"ESTACA RAIZ, DIÂMETRO DE 40 CM, COMPRIMENTO DE 21 A 30 M, COM PRESENÇA DE ROCHA. AF_05/2017","M",275.43]
[null,96183,"ESTACA RAIZ, DIÂMETRO DE 45 CM, COMPRIMENTO DE 21 A 30 M, COM PRESENÇA DE ROCHA. AF_05/2017","M",305.32]
[null,98228,"ESTACA BROCA DE CONCRETO, DIÃMETRO DE 20 CM, PROFUNDIDADE DE ATÉ 3 M, ESCAVAÇÃO MANUAL COM TRADO CONCHA, NÃO ARMADA. AF_03/2018","M",43.14]
[null,98229,"ESTACA BROCA DE CONCRETO, DIÃMETRO DE 25 CM, PROFUNDIDADE DE ATÉ 3 M, ESCAVAÇÃO MANUAL COM TRADO CONCHA, NÃO ARMADA. AF_03/2018","M",58.53]
[null,98230,"ESTACA BROCA DE CONCRETO, DIÂMETRO DE 30 CM, PROFUNDIDADE DE ATÉ 3 M, ESCAVAÇÃO MANUAL COM TRADO CONCHA, NÃO ARMADA. AF_03/2018","M",79.34]
[null,83534,"LASTRO DE CONCRETO, PREPARO MECÂNICO, INCLUSOS ADITIVO IMPERMEABILIZANTE, LANÇAMENTO E ADENSAMENTO","M³",487.42]
[null,95240,"LASTRO DE CONCRETO MAGRO, APLICADO EM PISOS OU RADIERS, ESPESSURA DE 3 CM. AF_07_2016","M²",11.44]
[null,95241,"LASTRO DE CONCRETO MAGRO, APLICADO EM PISOS OU RADIERS, ESPESSURA DE 5 CM. AF_07_2016","M²",19.07]
[null,96616,"LASTRO DE CONCRETO MAGRO, APLICADO EM BLOCOS DE COROAMENTO OU SAPATAS. AF_08/2017","M³",398.15]
[null,96617,"LASTRO DE CONCRETO MAGRO, APLICADO EM BLOCOS DE COROAMENTO OU SAPATAS, ESPESSURA DE 3 CM. AF_08/2017","M²",11.93]
[null,96619,"LASTRO DE CONCRETO MAGRO, APLICADO EM BLOCOS DE COROAMENTO OU SAPATAS, ESPESSURA DE 5 CM. AF_08/2017","M²",19.899999999999999]
[null,96620,"LASTRO DE CONCRETO MAGRO, APLICADO EM PISOS OU RADIERS. AF_08/2017","M³",381.7]
[null,96621,"LASTRO COM MATERIAL GRANULAR, APLICAÇÃO EM BLOCOS DE COROAMENTO, ESPESSURA DE *5 CM*. AF_08/2017","M³",137.78]
[null,96622,"LASTRO COM MATERIAL GRANULAR, APLICAÇÃO EM PISOS OU RADIERS, ESPESSURA DE *5 CM*. AF_08/2017","M³",89.43]
[null,96623,"LASTRO COM MATERIAL GRANULAR, APLICADO EM BLOCOS DE COROAMENTO, ESPESSURA DE *10 CM*. AF_08/2017","M³",126.52]
[null,96624,"LASTRO COM MATERIAL GRANULAR, APLICADO EM PISOS OU RADIERS, ESPESSURA DE *10 CM*. AF_08/2017","M³",85.46]
[null,97082,"ESCAVAÇÃO MANUAL DE VIGA DE BORDA PARA RADIER. AF_09/2017","M³",41.2]
[null,97083,"COMPACTAÇÃO MECÂNICA DE SOLO PARA EXECUÇÃO DE RADIER, COM COMPACTADOR DE SOLOS A PERCUSSÃO. AF_09/2017","M²",2.16]
[null,97084,"COMPACTAÇÃO MECÂNICA DE SOLO PARA EXECUÇÃO DE RADIER, COM COMPACTADOR DE SOLOS TIPO PLACA VIBRATÓRIA. AF_09/2017","M²",0.43]
[null,97086,"FABRICAÇÃO, MONTAGEM E DESMONTAGEM DE FORMA PARA RADIER, EM MADEIRA SERRADA, 4 UTILIZAÇÕES. AF_09/2017","M²",75.77]
[null,97094,"CONCRETAGEM DE RADIER, PISO OU LAJE SOBRE SOLO, FCK 30 MPA, PARA ESPESSURA DE 10 CM - LANÇAMENTO, ADENSAMENTO E ACABAMENTO. AF_09/2017","M³",334.16]
[null,97095,"CONCRETAGEM DE RADIER, PISO OU LAJE SOBRE SOLO, FCK 30 MPA, PARA ESPESSURA DE 15 CM - LANÇAMENTO, ADENSAMENTO E ACABAMENTO. AF_09/2017","M³",313.60000000000002]
[null,97096,"CONCRETAGEM DE RADIER, PISO OU LAJE SOBRE SOLO, FCK 30 MPA, PARA ESPESSURA DE 20 CM - LANÇAMENTO, ADENSAMENTO E ACABAMENTO. AF_09/2017","M³",303.02999999999997]
[null,90996,"FORMAS MANUSEÁVEIS PARA PAREDES DE CONCRETO MOLDADAS IN LOCO, DE EDIFICAÇÕES DE MULTIPLOS PAVIMENTO, EM PLATIBANDA. AF_06/2015","M²",10.84]
[null,90997,"FORMAS MANUSEÁVEIS PARA PAREDES DE CONCRETO MOLDADAS IN LOCO, DE EDIFICAÇÕES DE MULTIPLOS PAVIMENTOS, EM FACES INTERNAS DE PAREDES. AF_06/2015","M²",14.74]
[null,90998,"FORMAS MANUSEÁVEIS PARA PAREDES DE CONCRETO MOLDADAS IN LOCO, DE EDIFICAÇÕES DE MULTIPLOS PAVIMENTOS, EM LAJES. AF_06/2015","M²",17.79]
[null,91000,"FORMAS MANUSEÁVEIS PARA PAREDES DE CONCRETO MOLDADAS IN LOCO, DE EDIFICAÇÕES DE MULTIPLOS PAVIMENTOS, EM PANOS DE FACHADA COM VÃOS. AF_06/2015","M²",13.58]
[null,91002,"FORMAS MANUSEÁVEIS PARA PAREDES DE CONCRETO MOLDADAS IN LOCO, DE EDIFICAÇÕES DE MULTIPLOS PAVIMENTOS, EM PANOS DE FACHADA SEM VÃOS. AF_06/2015","M²",12.49]
[null,91003,"FORMAS MANUSEÁVEIS PARA PAREDES DE CONCRETO MOLDADAS IN LOCO, DE EDIFICAÇÕES DE MULTIPLOS PAVIMENTOS, EM PANOS DE FACHADA COM VARANDAS. AF_06/2015","M²",14.46]
[null,91004,"FORMAS MANUSEÁVEIS PARA PAREDES DE CONCRETO MOLDADAS IN LOCO, DE EDIFICAÇÕES DE PAVIMENTO ÚNICO, EM FACES INTERNAS DE PAREDES. AF_06/2015","M²",11.38]
[null,91005,"FORMAS MANUSEÁVEIS PARA PAREDES DE CONCRETO MOLDADAS IN LOCO, DE EDIFICAÇÕES DE PAVIMENTO ÚNICO, EM LAJES. AF_06/2015","M²",13.66]
[null,91006,"FORMAS MANUSEÁVEIS PARA PAREDES DE CONCRETO MOLDADAS IN LOCO, DE EDIFICAÇÕES DE PAVIMENTO ÚNICO, EM PANOS DE FACHADA COM VÃOS. AF_06/2015","M²",10.51]
[null,91007,"FORMAS MANUSEÁVEIS PARA PAREDES DE CONCRETO MOLDADAS IN LOCO, DE EDIFICAÇÕES DE PAVIMENTO ÚNICO, EM PANOS DE FACHADA SEM VÃOS. AF_06/2015","M²",9.43]
[null,91008,"FORMAS MANUSEÁVEIS PARA PAREDES DE CONCRETO MOLDADAS IN LOCO, DE EDIFICAÇÕES DE PAVIMENTO ÚNICO, EM PANOS DE FACHADA COM VARANDA. AF_06/2015","M²",11.4]
[null,92263,"FABRICAÇÃO DE FÔRMA PARA PILARES E ESTRUTURAS SIMILARES, EM CHAPA DE MADEIRA COMPENSADA RESINADA, E = 17 MM. AF_12/2015","M²",102.34]
[null,92264,"FABRICAÇÃO DE FÔRMA PARA PILARES E ESTRUTURAS SIMILARES, EM CHAPA DE MADEIRA COMPENSADA PLASTIFICADA, E = 18 MM. AF_12/2015","M²",106.8]
[null,92265,"FABRICAÇÃO DE FÔRMA PARA VIGAS, EM CHAPA DE MADEIRA COMPENSADA RESINADA, E = 17 MM. AF_12/2015","M²",75.92]
[null,92266,"FABRICAÇÃO DE FÔRMA PARA VIGAS, EM CHAPA DE MADEIRA COMPENSADA PLASTIFICADA, E = 18 MM. AF_12/2015","M²",79.89]
[null,92267,"FABRICAÇÃO DE FÔRMA PARA LAJES, EM CHAPA DE MADEIRA COMPENSADA RESINADA, E = 17 MM. AF_12/2015","M²",32.159999999999997]
[null,92268,"FABRICAÇÃO DE FÔRMA PARA LAJES, EM CHAPA DE MADEIRA COMPENSADA PLASTIFICADA, E = 18 MM. AF_12/2015","M²",35.67]
[null,92269,"FABRICAÇÃO DE FÔRMA PARA PILARES E ESTRUTURAS SIMILARES, EM MADEIRA SERRADA, E=25 MM. AF_12/2015","M²",55.72]
[null,92270,"FABRICAÇÃO DE FÔRMA PARA VIGAS, COM MADEIRA SERRADA, E = 25 MM. AF_12/2015","M²",43.72]
[null,92271,"FABRICAÇÃO DE FÔRMA PARA LAJES, EM MADEIRA SERRADA, E=25 MM. AF_12/2015","M²",27.45]
[null,92272,"FABRICAÇÃO DE ESCORAS DE VIGA DO TIPO GARFO, EM MADEIRA. AF_12/2015","M",23.45]
[null,92273,"FABRICAÇÃO DE ESCORAS DO TIPO PONTALETE, EM MADEIRA. AF_12/2015","M",11.33]
[null,92408,"MONTAGEM E DESMONTAGEM DE FÔRMA DE PILARES RETANGULARES E ESTRUTURAS SIMILARES COM ÁREA MÉDIA DAS SEÇÕES MENOR OU IGUAL A 0,25 M², PÉ-DIREITO SIMPLES, EM MADEIRA SERRADA, 1 UTILIZAÇÃO. AF_12/2015","M²",127.2]
[null,92409,"MONTAGEM E DESMONTAGEM DE FÔRMA DE PILARES RETANGULARES E ESTRUTURAS SIMILARES COM ÁREA MÉDIA DAS SEÇÕES MAIOR QUE 0,25 M², PÉ-DIREITO SIMPLES, EM MADEIRA SERRADA, 1 UTILIZAÇÃO. AF_12/2015","M²",119.03]
[null,92410,"MONTAGEM E DESMONTAGEM DE FÔRMA DE PILARES RETANGULARES E ESTRUTURAS SIMILARES COM ÁREA MÉDIA DAS SEÇÕES MENOR OU IGUAL A 0,25 M², PÉ-DIREITO SIMPLES, EM MADEIRA SERRADA, 2 UTILIZAÇÕES. AF_12/2015","M²",91.7]
[null,92411,"MONTAGEM E DESMONTAGEM DE FÔRMA DE PILARES RETANGULARES E ESTRUTURAS SIMILARES COM ÁREA MÉDIA DAS SEÇÕES MAIOR QUE 0,25 M², PÉ-DIREITO SIMPLES, EM MADEIRA SERRADA, 2 UTILIZAÇÕES. AF_12/2015","M²",84.48]
[null,92412,"MONTAGEM E DESMONTAGEM DE FÔRMA DE PILARES RETANGULARES E ESTRUTURAS SIMILARES COM ÁREA MÉDIA DAS SEÇÕES MENOR OU IGUAL A 0,25 M², PÉ-DIREITO SIMPLES, EM MADEIRA SERRADA, 4 UTILIZAÇÕES. AF_12/2015","M²",63.25]
[null,92413,"MONTAGEM E DESMONTAGEM DE FÔRMA DE PILARES RETANGULARES E ESTRUTURAS SIMILARES COM ÁREA MÉDIA DAS SEÇÕES MAIOR QUE 0,25 M², PÉ-DIREITO SIMPLES, EM MADEIRA SERRADA, 4 UTILIZAÇÕES. AF_12/2015","M²",57.69]
[null,92414,"MONTAGEM E DESMONTAGEM DE FÔRMA DE PILARES RETANGULARES E ESTRUTURAS SIMILARES COM ÁREA MÉDIA DAS SEÇÕES MENOR OU IGUAL A 0,25 M², PÉ-DIREITO SIMPLES, EM CHAPA DE MADEIRA COMPENSADA RESINADA, 2 UTILIZAÇÕES. AF_12/2015","M²",90.65]
[null,92415,"MONTAGEM E DESMONTAGEM DE FÔRMA DE PILARES RETANGULARES E ESTRUTURAS SIMILARES COM ÁREA MÉDIA DAS SEÇÕES MAIOR QUE 0,25 M², PÉ-DIREITO SIMPLES, EM CHAPA DE MADEIRA COMPENSADA RESINADA, 2 UTILIZAÇÕES. AF_12/2015","M²",83.43]
[null,92416,"MONTAGEM E DESMONTAGEM DE FÔRMA DE PILARES RETANGULARES E ESTRUTURAS SIMILARES COM ÁREA MÉDIA DAS SEÇÕES MENOR OU IGUAL A 0,25 M², PÉ-DIREITO DUPLO, EM CHAPA DE MADEIRA COMPENSADA RESINADA, 2 UTILIZAÇÕES. AF_12/2015","M²",105.48]
[null,92417,"MONTAGEM E DESMONTAGEM DE FÔRMA DE PILARES RETANGULARES E ESTRUTURAS SIMILARES COM ÁREA MÉDIA DAS SEÇÕES MAIOR QUE 0,25 M², PÉ-DIREITO DUPLO, EM CHAPA DE MADEIRA COMPENSADA RESINADA, 2 UTILIZAÇÕES. AF_12/2015","M²",98.29]
[null,92418,"MONTAGEM E DESMONTAGEM DE FÔRMA DE PILARES RETANGULARES E ESTRUTURAS SIMILARES COM ÁREA MÉDIA DAS SEÇÕES MENOR OU IGUAL A 0,25 M², PÉ-DIREITO SIMPLES, EM CHAPA DE MADEIRA COMPENSADA RESINADA, 4 UTILIZAÇÕES. AF_12/2015","M²",56.86]
[null,92419,"MONTAGEM E DESMONTAGEM DE FÔRMA DE PILARES RETANGULARES E ESTRUTURAS SIMILARES COM ÁREA MÉDIA DAS SEÇÕES MAIOR QUE 0,25 M², PÉ-DIREITO SIMPLES, EM CHAPA DE MADEIRA COMPENSADA RESINADA, 4 UTILIZAÇÕES. AF_12/2015","M²",51.33]
[null,92420,"MONTAGEM E DESMONTAGEM DE FÔRMA DE PILARES RETANGULARES E ESTRUTURAS SIMILARES COM ÁREA MÉDIA DAS SEÇÕES MENOR OU IGUAL A 0,25 M², PÉ-DIREITO DUPLO, EM CHAPA DE MADEIRA COMPENSADA RESINADA, 4 UTILIZAÇÕES. AF_12/2015","M²",68.27]
[null,92421,"MONTAGEM E DESMONTAGEM DE FÔRMA DE PILARES RETANGULARES E ESTRUTURAS SIMILARES COM ÁREA MÉDIA DAS SEÇÕES MAIOR QUE 0,25 M², PÉ-DIREITO DUPLO, EM CHAPA DE MADEIRA COMPENSADA RESINADA, 4 UTILIZAÇÕES. AF_12/2015","M²",62.73]
[null,92422,"MONTAGEM E DESMONTAGEM DE FÔRMA DE PILARES RETANGULARES E ESTRUTURAS SIMILARES COM ÁREA MÉDIA DAS SEÇÕES MENOR OU IGUAL A 0,25 M², PÉ-DIREITO SIMPLES, EM CHAPA DE MADEIRA COMPENSADA RESINADA, 6 UTILIZAÇÕES. AF_12/2015","M²",46.12]
[null,92423,"MONTAGEM E DESMONTAGEM DE FÔRMA DE PILARES RETANGULARES E ESTRUTURAS SIMILARES COM ÁREA MÉDIA DAS SEÇÕES MAIOR QUE 0,25 M², PÉ-DIREITO SIMPLES, EM CHAPA DE MADEIRA COMPENSADA RESINADA, 6 UTILIZAÇÕES. AF_12/2015","M²",41.32]
[null,92424,"MONTAGEM E DESMONTAGEM DE FÔRMA DE PILARES RETANGULARES E ESTRUTURAS SIMILARES COM ÁREA MÉDIA DAS SEÇÕES MENOR OU IGUAL A 0,25 M², PÉ-DIREITO DUPLO, EM CHAPA DE MADEIRA COMPENSADA RESINADA, 6 UTILIZAÇÕES. AF_12/2015","M²",56.05]
[null,92425,"MONTAGEM E DESMONTAGEM DE FÔRMA DE PILARES RETANGULARES E ESTRUTURAS SIMILARES COM ÁREA MÉDIA DAS SEÇÕES MAIOR QUE 0,25 M², PÉ-DIREITO DUPLO, EM CHAPA DE MADEIRA COMPENSADA RESINADA, 6 UTILIZAÇÕES. AF_12/2015","M²",51.24]
[null,92426,"MONTAGEM E DESMONTAGEM DE FÔRMA DE PILARES RETANGULARES E ESTRUTURAS SIMILARES COM ÁREA MÉDIA DAS SEÇÕES MENOR OU IGUAL A 0,25 M², PÉ-DIREITO SIMPLES, EM CHAPA DE MADEIRA COMPENSADA RESINADA, 8 UTILIZAÇÕES. AF_12/2015","M²",40.72]
[null,92427,"MONTAGEM E DESMONTAGEM DE FÔRMA DE PILARES RETANGULARES E ESTRUTURAS SIMILARES COM ÁREA MÉDIA DAS SEÇÕES MAIOR QUE 0,25 M², PÉ-DIREITO SIMPLES, EM CHAPA DE MADEIRA COMPENSADA RESINADA, 8 UTILIZAÇÕES. AF_12/2015","M²",36.270000000000003]
[null,92428,"MONTAGEM E DESMONTAGEM DE FÔRMA DE PILARES RETANGULARES E ESTRUTURAS SIMILARES COM ÁREA MÉDIA DAS SEÇÕES MENOR OU IGUAL A 0,25 M², PÉ-DIREITO DUPLO, EM CHAPA DE MADEIRA COMPENSADA RESINADA, 8 UTILIZAÇÕES. AF_12/2015","M²",49.91]
[null,92429,"MONTAGEM E DESMONTAGEM DE FÔRMA DE PILARES RETANGULARES E ESTRUTURAS SIMILARES COM ÁREA MÉDIA DAS SEÇÕES MAIOR QUE 0,25 M², PÉ-DIREITO DUPLO, EM CHAPA DE MADEIRA COMPENSADA RESINADA, 8 UTILIZAÇÕES. AF_12/2015","M²",45.46]
[null,92430,"MONTAGEM E DESMONTAGEM DE FÔRMA DE PILARES RETANGULARES E ESTRUTURAS SIMILARES COM ÁREA MÉDIA DAS SEÇÕES MENOR OU IGUAL A 0,25 M², PÉ-DIREITO SIMPLES, EM CHAPA DE MADEIRA COMPENSADA PLASTIFICADA, 10 UTILIZAÇÕES. AF_12/2015","M²",35.619999999999997]
[null,92431,"MONTAGEM E DESMONTAGEM DE FÔRMA DE PILARES RETANGULARES E ESTRUTURAS SIMILARES COM ÁREA MÉDIA DAS SEÇÕES MAIOR QUE 0,25 M², PÉ-DIREITO SIMPLES, EM CHAPA DE MADEIRA COMPENSADA PLASTIFICADA, 10 UTILIZAÇÕES. AF_12/2015","M²",31.39]
[null,92432,"MONTAGEM E DESMONTAGEM DE FÔRMA DE PILARES RETANGULARES E ESTRUTURAS SIMILARES COM ÁREA MÉDIA DAS SEÇÕES MENOR OU IGUAL A 0,25 M², PÉ-DIREITO DUPLO, EM CHAPA DE MADEIRA COMPENSADA PLASTIFICADA, 10 UTILIZAÇÕES. AF_12/2015","M²",44.34]
[null,92433,"MONTAGEM E DESMONTAGEM DE FÔRMA DE PILARES RETANGULARES E ESTRUTURAS SIMILARES COM ÁREA MÉDIA DAS SEÇÕES MAIOR QUE 0,25 M², PÉ-DIREITO DUPLO, EM CHAPA DE MADEIRA COMPENSADA PLASTIFICADA, 10 UTILIZAÇÕES. AF_12/2015","M²",40.11]
[null,92434,"MONTAGEM E DESMONTAGEM DE FÔRMA DE PILARES RETANGULARES E ESTRUTURAS SIMILARES COM ÁREA MÉDIA DAS SEÇÕES MENOR OU IGUAL A 0,25 M², PÉ-DIREITO SIMPLES, EM CHAPA DE MADEIRA COMPENSADA PLASTIFICADA, 12 UTILIZAÇÕES. AF_12/2015","M²",33.840000000000003]
[null,92435,"MONTAGEM E DESMONTAGEM DE FÔRMA DE PILARES RETANGULARES E ESTRUTURAS SIMILARES COM ÁREA MÉDIA DAS SEÇÕES MAIOR QUE 0,25 M², PÉ-DIREITO SIMPLES, EM CHAPA DE MADEIRA COMPENSADA PLASTIFICADA, 12 UTILIZAÇÕES. AF_12/2015","M²",29.75]
[null,92436,"MONTAGEM E DESMONTAGEM DE FÔRMA DE PILARES RETANGULARES E ESTRUTURAS SIMILARES COM ÁREA MÉDIA DAS SEÇÕES MENOR OU IGUAL A 0,25 M², PÉ-DIREITO DUPLO, EM CHAPA DE MADEIRA COMPENSADA PLASTIFICADA, 12 UTILIZAÇÕES. AF_12/2015","M²",42.24]
[null,92437,"MONTAGEM E DESMONTAGEM DE FÔRMA DE PILARES RETANGULARES E ESTRUTURAS SIMILARES COM ÁREA MÉDIA DAS SEÇÕES MAIOR QUE 0,25 M², PÉ-DIREITO DUPLO, EM CHAPA DE MADEIRA COMPENSADA PLASTIFICADA, 12 UTILIZAÇÕES. AF_12/2015","M²",38.17]
[null,92438,"MONTAGEM E DESMONTAGEM DE FÔRMA DE PILARES RETANGULARES E ESTRUTURAS SIMILARES COM ÁREA MÉDIA DAS SEÇÕES MENOR OU IGUAL A 0,25 M², PÉ-DIREITO SIMPLES, EM CHAPA DE MADEIRA COMPENSADA PLASTIFICADA, 14 UTILIZAÇÕES. AF_12/2015","M²",32.56]
[null,92439,"MONTAGEM E DESMONTAGEM DE FÔRMA DE PILARES RETANGULARES E ESTRUTURAS SIMILARES COM ÁREA MÉDIA DAS SEÇÕES MAIOR QUE 0,25 M², PÉ-DIREITO SIMPLES, EM CHAPA DE MADEIRA COMPENSADA PLASTIFICADA, 14 UTILIZAÇÕES. AF_12/2015","M²",28.57]
[null,92440,"MONTAGEM E DESMONTAGEM DE FÔRMA DE PILARES RETANGULARES E ESTRUTURAS SIMILARES COM ÁREA MÉDIA DAS SEÇÕES MENOR OU IGUAL A 0,25 M², PÉ-DIREITO DUPLO, EM CHAPA DE MADEIRA COMPENSADA PLASTIFICADA, 14 UTILIZAÇÕES. AF_12/2015","M²",40.74]
[null,92441,"MONTAGEM E DESMONTAGEM DE FÔRMA DE PILARES RETANGULARES E ESTRUTURAS SIMILARES COM ÁREA MÉDIA DAS SEÇÕES MAIOR QUE 0,25 M², PÉ-DIREITO DUPLO, EM CHAPA DE MADEIRA COMPENSADA PLASTIFICADA, 14 UTILIZAÇÕES. AF_12/2015","M²",36.79]
[null,92442,"MONTAGEM E DESMONTAGEM DE FÔRMA DE PILARES RETANGULARES E ESTRUTURAS SIMILARES COM ÁREA MÉDIA DAS SEÇÕES MENOR OU IGUAL A 0,25 M², PÉ-DIREITO SIMPLES, EM CHAPA DE MADEIRA COMPENSADA PLASTIFICADA, 18 UTILIZAÇÕES. AF_12/2015","M²",29.94]
[null,92443,"MONTAGEM E DESMONTAGEM DE FÔRMA DE PILARES RETANGULARES E ESTRUTURAS SIMILARES COM ÁREA MÉDIA DAS SEÇÕES MAIOR QUE 0,25 M², PÉ-DIREITO SIMPLES, EM CHAPA DE MADEIRA COMPENSADA PLASTIFICADA, 18 UTILIZAÇÕES. AF_12/2015","M²",26.09]
[null,92444,"MONTAGEM E DESMONTAGEM DE FÔRMA DE PILARES RETANGULARES E ESTRUTURAS SIMILARES COM ÁREA MÉDIA DAS SEÇÕES MENOR OU IGUAL A 0,25 M², PÉ-DIREITO DUPLO, EM CHAPA DE MADEIRA COMPENSADA PLASTIFICADA, 18 UTILIZAÇÕES. AF_12/2015","M²",37.86]
[null,92445,"MONTAGEM E DESMONTAGEM DE FÔRMA DE PILARES RETANGULARES E ESTRUTURAS SIMILARES COM ÁREA MÉDIA DAS SEÇÕES MAIOR QUE 0,25 M², PÉ-DIREITO DUPLO, EM CHAPA DE MADEIRA COMPENSADA PLASTIFICADA, 18 UTILIZAÇÕES. AF_12/2015","M²",34.01]
[null,92446,"MONTAGEM E DESMONTAGEM DE FÔRMA DE VIGA, ESCORAMENTO COM PONTALETE DE MADEIRA, PÉ-DIREITO SIMPLES, EM MADEIRA SERRADA, 1 UTILIZAÇÃO. AF_12/2015","M²",119.76]
[null,92447,"MONTAGEM E DESMONTAGEM DE FÔRMA DE VIGA, ESCORAMENTO COM PONTALETE DE MADEIRA, PÉ-DIREITO SIMPLES, EM MADEIRA SERRADA, 2 UTILIZAÇÕES. AF_12/2015","M²",90.01]
[null,92448,"MONTAGEM E DESMONTAGEM DE FÔRMA DE VIGA, ESCORAMENTO COM PONTALETE DE MADEIRA, PÉ-DIREITO SIMPLES, EM MADEIRA SERRADA, 4 UTILIZAÇÕES. AF_12/2015","M²",76.59]
[null,92449,"MONTAGEM E DESMONTAGEM DE FÔRMA DE VIGA, ESCORAMENTO COM GARFO DE MADEIRA, PÉ-DIREITO DUPLO, EM CHAPA DE MADEIRA RESINADA, 2 UTILIZAÇÕES. AF_12/2015","M²",170.25]
[null,92450,"MONTAGEM E DESMONTAGEM DE FÔRMA DE VIGA, ESCORAMENTO METÁLICO, PÉ-DIREITO DUPLO, EM CHAPA DE MADEIRA RESINADA, 2 UTILIZAÇÕES. AF_12/2015","M²",152.05000000000001]
[null,92451,"MONTAGEM E DESMONTAGEM DE FÔRMA DE VIGA, ESCORAMENTO COM GARFO DE MADEIRA, PÉ-DIREITO SIMPLES, EM CHAPA DE MADEIRA RESINADA, 2 UTILIZAÇÕES. AF_12/2015","M²",115.61]
[null,92452,"MONTAGEM E DESMONTAGEM DE FÔRMA DE VIGA, ESCORAMENTO METÁLICO, PÉ-DIREITO SIMPLES, EM CHAPA DE MADEIRA RESINADA, 2 UTILIZAÇÕES. AF_12/2015","M²",97.92]
[null,92453,"MONTAGEM E DESMONTAGEM DE FÔRMA DE VIGA, ESCORAMENTO COM GARFO DE MADEIRA, PÉ-DIREITO DUPLO, EM CHAPA DE MADEIRA RESINADA, 4 UTILIZAÇÕES. AF_12/2015","M²",146.87]
[null,92454,"MONTAGEM E DESMONTAGEM DE FÔRMA DE VIGA, ESCORAMENTO METÁLICO, PÉ-DIREITO DUPLO, EM CHAPA DE MADEIRA RESINADA, 4 UTILIZAÇÕES. AF_12/2015","M²",155.29]
[null,92455,"MONTAGEM E DESMONTAGEM DE FÔRMA DE VIGA, ESCORAMENTO COM GARFO DE MADEIRA, PÉ-DIREITO SIMPLES, EM CHAPA DE MADEIRA RESINADA, 4 UTILIZAÇÕES. AF_12/2015","M²",95.41]
[null,92456,"MONTAGEM E DESMONTAGEM DE FÔRMA DE VIGA, ESCORAMENTO METÁLICO, PÉ-DIREITO SIMPLES, EM CHAPA DE MADEIRA RESINADA, 4 UTILIZAÇÕES. AF_12/2015","M²",80.430000000000007]
[null,92457,"MONTAGEM E DESMONTAGEM DE FÔRMA DE VIGA, ESCORAMENTO COM GARFO DE MADEIRA, PÉ-DIREITO DUPLO, EM CHAPA DE MADEIRA RESINADA, 6 UTILIZAÇÕES. AF_12/2015","M²",127.25]
[null,92458,"MONTAGEM E DESMONTAGEM DE FÔRMA DE VIGA, ESCORAMENTO METÁLICO, PÉ-DIREITO DUPLO, EM CHAPA DE MADEIRA RESINADA, 6 UTILIZAÇÕES. AF_12/2015","M²",143.03]
[null,92459,"MONTAGEM E DESMONTAGEM DE FÔRMA DE VIGA, ESCORAMENTO COM GARFO DE MADEIRA, PÉ-DIREITO SIMPLES, EM CHAPA DE MADEIRA RESINADA, 6 UTILIZAÇÕES. AF_12/2015","M²",80.739999999999995]
[null,92460,"MONTAGEM E DESMONTAGEM DE FÔRMA DE VIGA, ESCORAMENTO METÁLICO, PÉ-DIREITO SIMPLES, EM CHAPA DE MADEIRA RESINADA, 6 UTILIZAÇÕES. AF_12/2015","M²",65.66]
[null,92461,"MONTAGEM E DESMONTAGEM DE FÔRMA DE VIGA, ESCORAMENTO COM GARFO DE MADEIRA, PÉ-DIREITO DUPLO, EM CHAPA DE MADEIRA RESINADA, 8 UTILIZAÇÕES. AF_12/2015","M²",117.2]
[null,92462,"MONTAGEM E DESMONTAGEM DE FÔRMA DE VIGA, ESCORAMENTO METÁLICO, PÉ-DIREITO DUPLO, EM CHAPA DE MADEIRA RESINADA, 8 UTILIZAÇÕES. AF_12/2015","M²",135.27000000000001]
[null,92463,"MONTAGEM E DESMONTAGEM DE FÔRMA DE VIGA, ESCORAMENTO COM GARFO DE MADEIRA, PÉ-DIREITO SIMPLES, EM CHAPA DE MADEIRA RESINADA, 8 UTILIZAÇÕES. AF_12/2015","M²",73.010000000000005]
[null,92464,"MONTAGEM E DESMONTAGEM DE FÔRMA DE VIGA, ESCORAMENTO METÁLICO, PÉ-DIREITO SIMPLES, EM CHAPA DE MADEIRA RESINADA, 8 UTILIZAÇÕES. AF_12/2015","M²",60.61]
[null,92465,"MONTAGEM E DESMONTAGEM DE FÔRMA DE VIGA, ESCORAMENTO COM GARFO DE MADEIRA, PÉ-DIREITO DUPLO, EM CHAPA DE MADEIRA PLASTIFICADA, 10 UTILIZAÇÕES. AF_12/2015","M²",89.55]
[null,92466,"MONTAGEM E DESMONTAGEM DE FÔRMA DE VIGA, ESCORAMENTO METÁLICO, PÉ-DIREITO DUPLO, EM CHAPA DE MADEIRA PLASTIFICADA, 10 UTILIZAÇÕES. AF_12/2015","M²",127.62]
[null,92467,"MONTAGEM E DESMONTAGEM DE FÔRMA DE VIGA, ESCORAMENTO COM GARFO DE MADEIRA, PÉ-DIREITO SIMPLES, EM CHAPA DE MADEIRA PLASTIFICADA, 10 UTILIZAÇÕES. AF_12/2015","M²",56.46]
[null,92468,"MONTAGEM E DESMONTAGEM DE FÔRMA DE VIGA, ESCORAMENTO METÁLICO, PÉ-DIREITO SIMPLES, EM CHAPA DE MADEIRA PLASTIFICADA, 10 UTILIZAÇÕES. AF_12/2015","M²",53.11]
[null,92469,"MONTAGEM E DESMONTAGEM DE FÔRMA DE VIGA, ESCORAMENTO COM GARFO DE MADEIRA, PÉ-DIREITO DUPLO, EM CHAPA DE MADEIRA PLASTIFICADA, 12 UTILIZAÇÕES. AF_12/2015","M²",81.3]
[null,92470,"MONTAGEM E DESMONTAGEM DE FÔRMA DE VIGA, ESCORAMENTO METÁLICO, PÉ-DIREITO DUPLO, EM CHAPA DE MADEIRA PLASTIFICADA, 12 UTILIZAÇÕES. AF_12/2015","M²",123.6]
[null,92471,"MONTAGEM E DESMONTAGEM DE FÔRMA DE VIGA, ESCORAMENTO COM GARFO DE MADEIRA, PÉ-DIREITO SIMPLES, EM CHAPA DE MADEIRA PLASTIFICADA, 12 UTILIZAÇÕES. AF_12/2015","M²",51.33]
[null,92472,"MONTAGEM E DESMONTAGEM DE FÔRMA DE VIGA, ESCORAMENTO METÁLICO, PÉ-DIREITO SIMPLES, EM CHAPA DE MADEIRA PLASTIFICADA, 12 UTILIZAÇÕES. AF_12/2015","M²",49.61]
[null,92473,"MONTAGEM E DESMONTAGEM DE FÔRMA DE VIGA, ESCORAMENTO COM GARFO DE MADEIRA, PÉ-DIREITO DUPLO, EM CHAPA DE MADEIRA PLASTIFICADA, 14 UTILIZAÇÕES. AF_12/2015","M²",74.599999999999994]
[null,92474,"MONTAGEM E DESMONTAGEM DE FÔRMA DE VIGA, ESCORAMENTO METÁLICO, PÉ-DIREITO DUPLO, EM CHAPA DE MADEIRA PLASTIFICADA, 14 UTILIZAÇÕES. AF_12/2015","M²",120.11]
[null,92475,"MONTAGEM E DESMONTAGEM DE FÔRMA DE VIGA, ESCORAMENTO COM GARFO DE MADEIRA, PÉ-DIREITO SIMPLES, EM CHAPA DE MADEIRA PLASTIFICADA, 14 UTILIZAÇÕES. AF_12/2015","M²",47.14]
[null,92476,"MONTAGEM E DESMONTAGEM DE FÔRMA DE VIGA, ESCORAMENTO METÁLICO, PÉ-DIREITO SIMPLES, EM CHAPA DE MADEIRA PLASTIFICADA, 14 UTILIZAÇÕES. AF_12/2015","M²",46.61]
[null,92477,"MONTAGEM E DESMONTAGEM DE FÔRMA DE VIGA, ESCORAMENTO COM GARFO DE MADEIRA, PÉ-DIREITO DUPLO, EM CHAPA DE MADEIRA PLASTIFICADA, 18 UTILIZAÇÕES. AF_12/2015","M²",60.33]
[null,92478,"MONTAGEM E DESMONTAGEM DE FÔRMA DE VIGA, ESCORAMENTO METÁLICO, PÉ-DIREITO DUPLO, EM CHAPA DE MADEIRA PLASTIFICADA, 18 UTILIZAÇÕES. AF_12/2015","M²",113.31]
[null,92479,"MONTAGEM E DESMONTAGEM DE FÔRMA DE VIGA, ESCORAMENTO COM GARFO DE MADEIRA, PÉ-DIREITO SIMPLES, EM CHAPA DE MADEIRA PLASTIFICADA, 18 UTILIZAÇÕES. AF_12/2015","M²",38.24]
[null,92480,"MONTAGEM E DESMONTAGEM DE FÔRMA DE VIGA, ESCORAMENTO METÁLICO, PÉ-DIREITO SIMPLES, EM CHAPA DE MADEIRA PLASTIFICADA, 18 UTILIZAÇÕES. AF_12/2015","M²",40.69]
[null,92481,"MONTAGEM E DESMONTAGEM DE FÔRMA DE LAJE MACIÇA COM ÁREA MÉDIA MENOR OU IGUAL A 20 M², PÉ-DIREITO SIMPLES, EM MADEIRA SERRADA, 1 UTILIZAÇÃO. AF_12/2015","M²",150.35]
[null,92482,"MONTAGEM E DESMONTAGEM DE FÔRMA DE LAJE MACIÇA COM ÁREA MÉDIA MAIOR QUE 20 M², PÉ-DIREITO SIMPLES, EM MADEIRA SERRADA, 1 UTILIZAÇÃO. AF_12/2015","M²",140.83000000000001]
[null,92483,"MONTAGEM E DESMONTAGEM DE FÔRMA DE LAJE MACIÇA COM ÁREA MÉDIA MENOR OU IGUAL A 20 M², PÉ-DIREITO SIMPLES, EM MADEIRA SERRADA, 2 UTILIZAÇÕES. AF_12/2015","M²",119.92]
[null,92484,"MONTAGEM E DESMONTAGEM DE FÔRMA DE LAJE MACIÇA COM ÁREA MÉDIA MAIOR QUE 20 M², PÉ-DIREITO SIMPLES, EM MADEIRA SERRADA, 2 UTILIZAÇÕES. AF_12/2015","M²",111.52]
[null,92485,"MONTAGEM E DESMONTAGEM DE FÔRMA DE LAJE MACIÇA COM ÁREA MÉDIA MENOR OU IGUAL A 20 M², PÉ-DIREITO SIMPLES, EM MADEIRA SERRADA, 4 UTILIZAÇÕES. AF_12/2015","M²",89.11]
[null,92486,"MONTAGEM E DESMONTAGEM DE FÔRMA DE LAJE MACIÇA COM ÁREA MÉDIA MAIOR QUE 20 M², PÉ-DIREITO SIMPLES, EM MADEIRA SERRADA, 4 UTILIZAÇÕES. AF_12/2015","M²",82.65]
[null,92487,"MONTAGEM E DESMONTAGEM DE FÔRMA DE LAJE NERVURADA COM CUBETA E ASSOALHO COM ÁREA MÉDIA MENOR OU IGUAL A 20 M², PÉ-DIREITO DUPLO, EM CHAPA DE MADEIRA COMPENSADA RESINADA, 8 UTILIZAÇÕES. AF_12/2015","M²",55.92]
[null,92488,"MONTAGEM E DESMONTAGEM DE FÔRMA DE LAJE NERVURADA COM CUBETA E ASSOALHO COM ÁREA MÉDIA MAIOR QUE 20 M², PÉ-DIREITO DUPLO, EM CHAPA DE MADEIRA COMPENSADA RESINADA, 8 UTILIZAÇÕES. AF_12/2015","M²",53.7]
[null,92489,"MONTAGEM E DESMONTAGEM DE FÔRMA DE LAJE NERVURADA COM CUBETA E ASSOALHO COM ÁREA MÉDIA MENOR OU IGUAL A 20 M², PÉ-DIREITO SIMPLES, EM CHAPA DE MADEIRA COMPENSADA RESINADA, 8 UTILIZAÇÕES. AF_12/2015","M²",34.65]
[null,92490,"MONTAGEM E DESMONTAGEM DE FÔRMA DE LAJE NERVURADA COM CUBETA E ASSOALHO COM ÁREA MÉDIA MAIOR QUE 20 M², PÉ-DIREITO SIMPLES, EM CHAPA DE MADEIRA COMPENSADA RESINADA, 8 UTILIZAÇÕES. AF_12/2015","M²",32.619999999999997]
[null,92491,"MONTAGEM E DESMONTAGEM DE FÔRMA DE LAJE NERVURADA COM CUBETA E ASSOALHO COM ÁREA MÉDIA MENOR OU IGUAL A 20 M², PÉ-DIREITO DUPLO, EM CHAPA DE MADEIRA COMPENSADA RESINADA, 10 UTILIZAÇÕES. AF_12/2015","M²",53.45]
[null,92492,"MONTAGEM E DESMONTAGEM DE FÔRMA DE LAJE NERVURADA COM CUBETA E ASSOALHO COM ÁREA MÉDIA MAIOR QUE 20 M², PÉ-DIREITO DUPLO, EM CHAPA DE MADEIRA COMPENSADA RESINADA, 10 UTILIZAÇÕES. AF_12/2015","M²",51.33]
[null,92493,"MONTAGEM E DESMONTAGEM DE FÔRMA DE LAJE NERVURADA COM CUBETA E ASSOALHO COM ÁREA MÉDIA MENOR OU IGUAL A 20 M², PÉ-DIREITO SIMPLES, EM CHAPA DE MADEIRA COMPENSADA RESINADA, 10 UTILIZAÇÕES. AF_12/2015","M²",31.11]
[null,92494,"MONTAGEM E DESMONTAGEM DE FÔRMA DE LAJE NERVURADA COM CUBETA E ASSOALHO COM ÁREA MÉDIA MAIOR QUE 20 M², PÉ-DIREITO SIMPLES, EM CHAPA DE MADEIRA COMPENSADA RESINADA, 10 UTILIZAÇÕES. AF_12/2015","M²",30.57]
[null,92495,"MONTAGEM E DESMONTAGEM DE FÔRMA DE LAJE NERVURADA COM CUBETA E ASSOALHO COM ÁREA MÉDIA MENOR OU IGUAL A 20 M², PÉ-DIREITO DUPLO, EM CHAPA DE MADEIRA COMPENSADA RESINADA, 12 UTILIZAÇÕES. AF_12/2015","M²",51.78]
[null,92496,"MONTAGEM E DESMONTAGEM DE FÔRMA DE LAJE NERVURADA COM CUBETA E ASSOALHO COM ÁREA MÉDIA MAIOR QUE 20 M², PÉ-DIREITO DUPLO, EM CHAPA DE MADEIRA COMPENSADA RESINADA, 12 UTILIZAÇÕES. AF_12/2015","M²",49.73]
[null,92497,"MONTAGEM E DESMONTAGEM DE FÔRMA DE LAJE NERVURADA COM CUBETA E ASSOALHO COM ÁREA MÉDIA MENOR OU IGUAL A 20 M², PÉ-DIREITO SIMPLES, EM CHAPA DE MADEIRA COMPENSADA RESINADA, 12 UTILIZAÇÕES. AF_12/2015","M²",31.11]
[null,92498,"MONTAGEM E DESMONTAGEM DE FÔRMA DE LAJE NERVURADA COM CUBETA E ASSOALHO COM ÁREA MÉDIA MAIOR QUE 20 M², PÉ-DIREITO SIMPLES, EM CHAPA DE MADEIRA COMPENSADA RESINADA, 12 UTILIZAÇÕES. AF_12/2015","M²",29.2]
[null,92499,"MONTAGEM E DESMONTAGEM DE FÔRMA DE LAJE NERVURADA COM CUBETA E ASSOALHO COM ÁREA MÉDIA MENOR OU IGUAL A 20 M², PÉ-DIREITO DUPLO, EM CHAPA DE MADEIRA COMPENSADA RESINADA, 14 UTILIZAÇÕES. AF_12/2015","M²",50.79]
[null,92500,"MONTAGEM E DESMONTAGEM DE FÔRMA DE LAJE NERVURADA COM CUBETA E ASSOALHO COM ÁREA MÉDIA MAIOR QUE 20 M², PÉ-DIREITO DUPLO, EM CHAPA DE MADEIRA COMPENSADA RESINADA, 14 UTILIZAÇÕES. AF_12/2015","M²",48.81]
[null,92501,"MONTAGEM E DESMONTAGEM DE FÔRMA DE LAJE NERVURADA COM CUBETA E ASSOALHO COM ÁREA MÉDIA MENOR OU IGUAL A 20 M², PÉ-DIREITO SIMPLES, EM CHAPA DE MADEIRA COMPENSADA RESINADA, 14 UTILIZAÇÕES. AF_12/2015","M²",30.28]
[null,92502,"MONTAGEM E DESMONTAGEM DE FÔRMA DE LAJE NERVURADA COM CUBETA E ASSOALHO COM ÁREA MÉDIA MAIOR QUE 20 M², PÉ-DIREITO SIMPLES, EM CHAPA DE MADEIRA COMPENSADA RESINADA, 14 UTILIZAÇÕES. AF_12/2015","M²",28.43]
[null,92503,"MONTAGEM E DESMONTAGEM DE FÔRMA DE LAJE NERVURADA COM CUBETA E ASSOALHO COM ÁREA MÉDIA MENOR OU IGUAL A 20 M², PÉ-DIREITO DUPLO, EM CHAPA DE MADEIRA COMPENSADA RESINADA, 18 UTILIZAÇÕES. AF_12/2015","M²",49.18]
[null,92504,"MONTAGEM E DESMONTAGEM DE FÔRMA DE LAJE NERVURADA COM CUBETA E ASSOALHO COM ÁREA MÉDIA MAIOR QUE 20 M², PÉ-DIREITO DUPLO, EM CHAPA DE MADEIRA COMPENSADA RESINADA, 18 UTILIZAÇÕES. AF_12/2015","M²",33.130000000000003]
[null,92505,"MONTAGEM E DESMONTAGEM DE FÔRMA DE LAJE NERVURADA COM CUBETA E ASSOALHO COM ÁREA MÉDIA MENOR OU IGUAL A 20 M², PÉ-DIREITO SIMPLES, EM CHAPA DE MADEIRA COMPENSADA RESINADA, 18 UTILIZAÇÕES. AF_12/2015","M²",28.88]
[null,92506,"MONTAGEM E DESMONTAGEM DE FÔRMA DE LAJE NERVURADA COM CUBETA E ASSOALHO COM ÁREA MÉDIA MAIOR QUE 20 M², PÉ-DIREITO SIMPLES, EM CHAPA DE MADEIRA COMPENSADA RESINADA, 18 UTILIZAÇÕES. AF_12/2015","M²",27.11]
[null,92507,"MONTAGEM E DESMONTAGEM DE FÔRMA DE LAJE MACIÇA COM ÁREA MÉDIA MENOR OU IGUAL A 20 M², PÉ-DIREITO DUPLO, EM CHAPA DE MADEIRA COMPENSADA RESINADA, 2 UTILIZAÇÕES. AF_12/2015","M²",56.59]
[null,92508,"MONTAGEM E DESMONTAGEM DE FÔRMA DE LAJE MACIÇA COM ÁREA MÉDIA MAIOR QUE 20 M², PÉ-DIREITO DUPLO, EM CHAPA DE MADEIRA COMPENSADA RESINADA, 2 UTILIZAÇÕES. AF_12/2015","M²",54.81]
[null,92509,"MONTAGEM E DESMONTAGEM DE FÔRMA DE LAJE MACIÇA COM ÁREA MÉDIA MENOR OU IGUAL A 20 M², PÉ-DIREITO SIMPLES, EM CHAPA DE MADEIRA COMPENSADA RESINADA, 2 UTILIZAÇÕES. AF_12/2015","M²",36.369999999999997]
[null,92510,"MONTAGEM E DESMONTAGEM DE FÔRMA DE LAJE MACIÇA COM ÁREA MÉDIA MAIOR QUE 20 M², PÉ-DIREITO SIMPLES, EM CHAPA DE MADEIRA COMPENSADA RESINADA, 2 UTILIZAÇÕES. AF_12/2015","M²",34.729999999999997]
[null,92511,"MONTAGEM E DESMONTAGEM DE FÔRMA DE LAJE MACIÇA COM ÁREA MÉDIA MENOR OU IGUAL A 20 M², PÉ-DIREITO DUPLO, EM CHAPA DE MADEIRA COMPENSADA RESINADA, 4 UTILIZAÇÕES. AF_12/2015","M²",48.12]
[null,92512,"MONTAGEM E DESMONTAGEM DE FÔRMA DE LAJE MACIÇA COM ÁREA MÉDIA MAIOR QUE 20 M², PÉ-DIREITO DUPLO, EM CHAPA DE MADEIRA COMPENSADA RESINADA, 4 UTILIZAÇÕES. AF_12/2015","M²",46.75]
[null,92513,"MONTAGEM E DESMONTAGEM DE FÔRMA DE LAJE MACIÇA COM ÁREA MÉDIA MENOR OU IGUAL A 20 M², PÉ-DIREITO SIMPLES, EM CHAPA DE MADEIRA COMPENSADA RESINADA, 4 UTILIZAÇÕES. AF_12/2015","M²",26.06]
[null,92514,"MONTAGEM E DESMONTAGEM DE FÔRMA DE LAJE MACIÇA COM ÁREA MÉDIA MAIOR QUE 20 M², PÉ-DIREITO SIMPLES, EM CHAPA DE MADEIRA COMPENSADA RESINADA, 4 UTILIZAÇÕES. AF_12/2015","M²",24.8]
[null,92515,"MONTAGEM E DESMONTAGEM DE FÔRMA DE LAJE MACIÇA COM ÁREA MÉDIA MAIOR QUE 20 M², PÉ-DIREITO DUPLO, EM CHAPA DE MADEIRA COMPENSADA RESINADA, 6 UTILIZAÇÕES. AF_12/2015","M²",42.38]
[null,92516,"MONTAGEM E DESMONTAGEM DE FÔRMA DE LAJE MACIÇA COM ÁREA MÉDIA MENOR OU IGUAL A 20 M², PÉ-DIREITO DUPLO, EM CHAPA DE MADEIRA COMPENSADA RESINADA, 6 UTILIZAÇÕES. AF_12/2015","M²",41.21]
[null,92517,"MONTAGEM E DESMONTAGEM DE FÔRMA DE LAJE MACIÇA COM ÁREA MÉDIA MENOR OU IGUAL A 20 M², PÉ-DIREITO SIMPLES, EM CHAPA DE MADEIRA COMPENSADA RESINADA, 6 UTILIZAÇÕES. AF_12/2015","M²",21.4]
[null,92518,"MONTAGEM E DESMONTAGEM DE FÔRMA DE LAJE MACIÇA COM ÁREA MÉDIA MAIOR QUE 20 M², PÉ-DIREITO SIMPLES, EM CHAPA DE MADEIRA COMPENSADA RESINADA, 6 UTILIZAÇÕES. AF_12/2015","M²",20.3]
[null,92519,"MONTAGEM E DESMONTAGEM DE FÔRMA DE LAJE MACIÇA COM ÁREA MÉDIA MENOR OU IGUAL A 20 M², PÉ-DIREITO DUPLO, EM CHAPA DE MADEIRA COMPENSADA RESINADA, 8 UTILIZAÇÕES. AF_12/2015","M²",39.47]
[null,92520,"MONTAGEM E DESMONTAGEM DE FÔRMA DE LAJE MACIÇA COM ÁREA MÉDIA MAIOR QUE 20 M², PÉ-DIREITO DUPLO, EM CHAPA DE MADEIRA COMPENSADA RESINADA, 8 UTILIZAÇÕES. AF_12/2015","M²",38.380000000000003]
[null,92521,"MONTAGEM E DESMONTAGEM DE FÔRMA DE LAJE MACIÇA COM ÁREA MÉDIA MENOR OU IGUAL A 20 M², PÉ-DIREITO SIMPLES, EM CHAPA DE MADEIRA COMPENSADA RESINADA, 8 UTILIZAÇÕES. AF_12/2015","M²",19.010000000000002]
[null,92522,"MONTAGEM E DESMONTAGEM DE FÔRMA DE LAJE MACIÇA COM ÁREA MÉDIA MAIOR QUE 20 M², PÉ-DIREITO SIMPLES, EM CHAPA DE MADEIRA COMPENSADA RESINADA, 8 UTILIZAÇÕES. AF_12/2015","M²",17.98]
[null,92523,"MONTAGEM E DESMONTAGEM DE FÔRMA DE LAJE MACIÇA COM ÁREA MÉDIA MENOR OU IGUAL A 20 M², PÉ-DIREITO DUPLO, EM CHAPA DE MADEIRA COMPENSADA PLASTIFICADA, 10 UTILIZAÇÕES. AF_12/2015","M²",37.200000000000003]
[null,92524,"MONTAGEM E DESMONTAGEM DE FÔRMA DE LAJE MACIÇA COM ÁREA MÉDIA MAIOR QUE 20 M², PÉ-DIREITO DUPLO, EM CHAPA DE MADEIRA COMPENSADA PLASTIFICADA, 10 UTILIZAÇÕES. AF_12/2015","M²",36.17]
[null,92525,"MONTAGEM E DESMONTAGEM DE FÔRMA DE LAJE MACIÇA COM ÁREA MÉDIA MENOR OU IGUAL A 20 M², PÉ-DIREITO SIMPLES, EM CHAPA DE MADEIRA COMPENSADA PLASTIFICADA, 10 UTILIZAÇÕES. AF_12/2015","M²",17.07]
[null,92526,"MONTAGEM E DESMONTAGEM DE FÔRMA DE LAJE MACIÇA COM ÁREA MÉDIA MAIOR QUE 20 M², PÉ-DIREITO SIMPLES, EM CHAPA DE MADEIRA COMPENSADA PLASTIFICADA, 10 UTILIZAÇÕES. AF_12/2015","M²",16.079999999999998]
[null,92527,"MONTAGEM E DESMONTAGEM DE FÔRMA DE LAJE MACIÇA COM ÁREA MÉDIA MENOR OU IGUAL A 20 M², PÉ-DIREITO DUPLO, EM CHAPA DE MADEIRA COMPENSADA PLASTIFICADA, 12 UTILIZAÇÕES. AF_12/2015","M²",36.18]
[null,92528,"MONTAGEM E DESMONTAGEM DE FÔRMA DE LAJE MACIÇA COM ÁREA MÉDIA MAIOR QUE 20 M², PÉ-DIREITO DUPLO, EM CHAPA DE MADEIRA COMPENSADA PLASTIFICADA, 12 UTILIZAÇÕES. AF_12/2015","M²",35.19]
[null,92529,"MONTAGEM E DESMONTAGEM DE FÔRMA DE LAJE MACIÇA COM ÁREA MÉDIA MENOR OU IGUAL A 20 M², PÉ-DIREITO SIMPLES, EM CHAPA DE MADEIRA COMPENSADA PLASTIFICADA, 12 UTILIZAÇÕES. AF_12/2015","M²",16.239999999999998]
[null,92530,"MONTAGEM E DESMONTAGEM DE FÔRMA DE LAJE MACIÇA COM ÁREA MÉDIA MAIOR QUE 20 M², PÉ-DIREITO SIMPLES, EM CHAPA DE MADEIRA COMPENSADA PLASTIFICADA, 12 UTILIZAÇÕES. AF_12/2015","M²",15.29]
[null,92531,"MONTAGEM E DESMONTAGEM DE FÔRMA DE LAJE MACIÇA COM ÁREA MÉDIA MENOR OU IGUAL A 20 M², PÉ-DIREITO DUPLO, EM CHAPA DE MADEIRA COMPENSADA PLASTIFICADA, 14 UTILIZAÇÕES. AF_12/2015","M²",35.409999999999997]
[null,92532,"MONTAGEM E DESMONTAGEM DE FÔRMA DE LAJE MACIÇA COM ÁREA MÉDIA MAIOR QUE 20 M², PÉ-DIREITO DUPLO, EM CHAPA DE MADEIRA COMPENSADA PLASTIFICADA, 14 UTILIZAÇÕES. AF_12/2015","M²",34.42]
[null,92533,"MONTAGEM E DESMONTAGEM DE FÔRMA DE LAJE MACIÇA COM ÁREA MÉDIA MENOR OU IGUAL A 20 M², PÉ-DIREITO SIMPLES, EM CHAPA DE MADEIRA COMPENSADA PLASTIFICADA, 14 UTILIZAÇÕES. AF_12/2015","M²",15.61]
[null,92534,"MONTAGEM E DESMONTAGEM DE FÔRMA DE LAJE MACIÇA COM ÁREA MÉDIA MAIOR QUE 20 M², PÉ-DIREITO SIMPLES, EM CHAPA DE MADEIRA COMPENSADA PLASTIFICADA, 14 UTILIZAÇÕES. AF_12/2015","M²",14.72]
[null,92535,"MONTAGEM E DESMONTAGEM DE FÔRMA DE LAJE MACIÇA COM ÁREA MÉDIA MENOR OU IGUAL A 20 M², PÉ-DIREITO DUPLO, EM CHAPA DE MADEIRA COMPENSADA PLASTIFICADA, 18 UTILIZAÇÕES. AF_12/2015","M²",34.06]
[null,92536,"MONTAGEM E DESMONTAGEM DE FÔRMA DE LAJE MACIÇA COM ÁREA MÉDIA MAIOR QUE 20 M², PÉ-DIREITO DUPLO, EM CHAPA DE MADEIRA COMPENSADA PLASTIFICADA, 18 UTILIZAÇÕES. AF_12/2015","M²",33.11]
[null,92537,"MONTAGEM E DESMONTAGEM DE FÔRMA DE LAJE MACIÇA COM ÁREA MÉDIA MENOR OU IGUAL A 20 M², PÉ-DIREITO SIMPLES, EM CHAPA DE MADEIRA COMPENSADA PLASTIFICADA, 18 UTILIZAÇÕES. AF_12/2015","M²",14.45]
[null,92538,"MONTAGEM E DESMONTAGEM DE FÔRMA DE LAJE MACIÇA COM ÁREA MÉDIA MAIOR QUE 20 M², PÉ-DIREITO SIMPLES, EM CHAPA DE MADEIRA COMPENSADA PLASTIFICADA, 18 UTILIZAÇÕES. AF_12/2015","M²",13.57]
[null,95934,"FABRICAÇÃO DE FÔRMA PARA ESCADAS, COM 2 LANCES, EM CHAPA DE MADEIRA COMPENSADA PLASTIFICADA, E=18 MM. AF_01/2017","M²",115.36]
[null,95935,"FABRICAÇÃO DE FÔRMA PARA ESCADAS, COM 2 LANCES, EM CHAPA DE MADEIRA COMPENSADA RESINADA, E= 17 MM. AF_01/2017","M²",110.87]
[null,95936,"FABRICAÇÃO DE FÔRMA PARA ESCADAS, COM 2 LANCES, EM MADEIRA SERRADA, E=25 MM. AF_01/2017","M²",76.06]
[null,95937,"MONTAGEM E DESMONTAGEM DE FÔRMA PARA ESCADAS, COM 2 LANCES, EM MADEIRA SERRADA, 1 UTILIZAÇÃO. AF_01/2017","M²",226.7]
[null,95938,"MONTAGEM E DESMONTAGEM DE FÔRMA PARA ESCADAS, COM 2 LANCES, EM MADEIRA SERRADA, 2 UTILIZAÇÕES. AF_01/2017","M²",188.83]
[null,95939,"MONTAGEM E DESMONTAGEM DE FÔRMA PARA ESCADAS, COM 2 LANCES, EM CHAPA DE MADEIRA COMPENSADA RESINADA, 4 UTILIZAÇÕES. AF_01/2017","M²",157.02000000000001]
[null,95940,"MONTAGEM E DESMONTAGEM DE FÔRMA PARA ESCADAS, COM 2 LANCES, EM CHAPA DE MADEIRA COMPENSADA PLASTIFICADA, 6 UTILIZAÇÕES. AF_01/2017","M²",115.99]
[null,95941,"MONTAGEM E DESMONTAGEM DE FÔRMA PARA ESCADAS, COM 2 LANCES, EM CHAPA DE MADEIRA COMPENSADA PLASTIFICADA, 8 UTILIZAÇÕES. AF_01/2017","M²",101.41]
[null,95942,"MONTAGEM E DESMONTAGEM DE FÔRMA PARA ESCADAS, COM 2 LANCES, EM CHAPA DE MADEIRA COMPENSADA PLASTIFICADA, 10 UTILIZAÇÕES. AF_01/2017","M²",92.29]
[null,96252,"FABRICAÇÃO DE FÔRMA PARA PILARES CIRCULARES, EM CHAPA DE MADEIRA COMPENSADA RESINADA. AF_06/2017","M²",130.44]
[null,96257,"MONTAGEM E DESMONTAGEM DE FÔRMA DE PILARES CIRCULARES, COM ÁREA MÉDIA DAS SEÇÕES MENOR OU IGUAL A 0,28 M², PÉ-DIREITO SIMPLES, EM MADEIRA, 2 UTILIZAÇÕES. AF_06/2017","M²",114.24]
[null,96258,"MONTAGEM E DESMONTAGEM DE FÔRMA DE PILARES CIRCULARES, COM ÁREA MÉDIA DAS SEÇÕES MAIOR QUE 0,28 M², PÉ-DIREITO SIMPLES, EM MADEIRA, 2 UTILIZAÇÕES. AF_06/2017","M²",106.62]
[null,96259,"MONTAGEM E DESMONTAGEM DE FÔRMA DE PILARES CIRCULARES, COM ÁREA MÉDIA DAS SEÇÕES MENOR OU IGUAL A 0,28 M², PÉ-DIREITO DUPLO, EM MADEIRA, 2 UTILIZAÇÕES. AF_06/2017","M²",130.49]
[null,96529,"FABRICAÇÃO, MONTAGEM E DESMONTAGEM DE FÔRMA PARA SAPATA, EM MADEIRA SERRADA, E=25 MM, 1 UTILIZAÇÃO. AF_06/2017","M²",168.72]
[null,96530,"FABRICAÇÃO, MONTAGEM E DESMONTAGEM DE FÔRMA PARA VIGA BALDRAME, EM MADEIRA SERRADA, E=25 MM, 1 UTILIZAÇÃO. AF_06/2017","M²",85.8]
[null,96531,"FABRICAÇÃO, MONTAGEM E DESMONTAGEM DE FÔRMA PARA BLOCO DE COROAMENTO, EM MADEIRA SERRADA, E=25 MM, 2 UTILIZAÇÕES. AF_06/2017","M²",65.13]
[null,96532,"FABRICAÇÃO, MONTAGEM E DESMONTAGEM DE FÔRMA PARA SAPATA, EM MADEIRA SERRADA, E=25 MM, 2 UTILIZAÇÕES. AF_06/2017","M²",113.87]
[null,96533,"FABRICAÇÃO, MONTAGEM E DESMONTAGEM DE FÔRMA PARA VIGA BALDRAME, EM MADEIRA SERRADA, E=25 MM, 2 UTILIZAÇÕES. AF_06/2017","M²",56.69]
[null,96534,"FABRICAÇÃO, MONTAGEM E DESMONTAGEM DE FÔRMA PARA BLOCO DE COROAMENTO, EM MADEIRA SERRADA, E=25 MM, 4 UTILIZAÇÕES. AF_06/2017","M²",49.09]
[null,96535,"FABRICAÇÃO, MONTAGEM E DESMONTAGEM DE FÔRMA PARA SAPATA, EM MADEIRA SERRADA, E=25 MM, 4 UTILIZAÇÕES. AF_06/2017","M²",85.3]
[null,96536,"FABRICAÇÃO, MONTAGEM E DESMONTAGEM DE FÔRMA PARA VIGA BALDRAME, EM MADEIRA SERRADA, E=25 MM, 4 UTILIZAÇÕES. AF_06/2017","M²",41.54]
[null,96537,"FABRICAÇÃO, MONTAGEM E DESMONTAGEM DE FÔRMA PARA BLOCO DE COROAMENTO, EM CHAPA DE MADEIRA COMPENSADA RESINADA, E=17 MM, 2 UTILIZAÇÕES. AF_06/2017","M²",116.16]
[null,96538,"FABRICAÇÃO, MONTAGEM E DESMONTAGEM DE FÔRMA PARA SAPATA, EM CHAPA DE MADEIRA COMPENSADA RESINADA, E=17 MM, 2 UTILIZAÇÕES. AF_06/2017","M²",173.45]
[null,96539,"FABRICAÇÃO, MONTAGEM E DESMONTAGEM DE FÔRMA PARA VIGA BALDRAME, EM CHAPA DE MADEIRA COMPENSADA RESINADA, E=17 MM, 2 UTILIZAÇÕES. AF_06/2017","M²",83.5]
[null,96540,"FABRICAÇÃO, MONTAGEM E DESMONTAGEM DE FÔRMA PARA BLOCO DE COROAMENTO, EM CHAPA DE MADEIRA COMPENSADA RESINADA, E=17 MM, 4 UTILIZAÇÕES. AF_06/2017","M²",82.83]
[null,96541,"FABRICAÇÃO, MONTAGEM E DESMONTAGEM DE FÔRMA PARA SAPATA, EM CHAPA DE MADEIRA COMPENSADA RESINADA, E=17 MM, 4 UTILIZAÇÕES. AF_06/2017","M²",124.11]
[null,96542,"FABRICAÇÃO, MONTAGEM E DESMONTAGEM DE FÔRMA PARA VIGA BALDRAME, EM CHAPA DE MADEIRA COMPENSADA RESINADA, E=17 MM, 4 UTILIZAÇÕES. AF_06/2017","M²",62.37]
[null,96543,"ARMAÇÃO DE BLOCO, VIGA BALDRAME E SAPATA UTILIZANDO AÇO CA-60 DE 5 MM - MONTAGEM. AF_06/2017","KG",10.57]
[null,97747,"MONTAGEM E DESMONTAGEM DE FÔRMA DE PILARES CIRCULARES, COM ÁREA MÉDIA DAS SEÇÕES MAIOR QUE 0,28 M², PÉ-DIREITO DUPLO, EM MADEIRA, 2 UTILIZAÇÕES.  AF_06/2017","M²",120.5]
[null,"73771/1","PROTENSAO DE TIRANTES DE BARRA DE ACO CA-50 EXCL MATERIAIS","UN",23.32]
[null,"73990/1","ARMACAO ACO CA-50 P/1,0M3 DE CONCRETO","UN",472.45]
[null,"73994/1","ARMACAO EM TELA DE ACO SOLDADA NERVURADA Q-138, ACO CA-60, 4,2MM, MALHA 10X10CM","KG",6.15]
[null,"79504/1","TIRANTES P/PROTENSAO E ANCORAGEM EM ROCHA C/ 6 FIOS ACO DURO 8MM .","M",39.6]
[null,"79504/2","TIRANTES P/PROTENSAO E ANCORAGEM EM ROCHA C/ 8 FIOS ACO DURO 8MM .","M",45.63]
[null,"79504/3","TIRANTES P/PROTENSAO E ANCORAGEM EM ROCHA C/10 FIOS ACO DURO 8MM .","M",51.66]
[null,"79504/4","TIRANTES P/PROTENSAO E ANCORAGEM EM ROCHA C/12 FIOS ACO DURO 8MM .","M",57.69]
[null,"79504/5","TIRANTE PROTENDIDO P/  ANCORAGEM EM SOLO  C/ 6 FIOS ACO DURO 8MM, INCLUSIVE PROTEÇÃO ANTICORR0SIVA.","M",48.02]
[null,"79504/6","TIRANTES P/PROTENSAO E ANCORAGEM EM SOLO TRECHO LIVRE C/ 8 FIOS ACO DURO 8MM INCLUSIVE PROTECAO ANTICORROSIVA.","M",54.05]
[null,"79504/7","TIRANTES P/PROTENSAO E ANCORAGEM EM SOLO TRECHO LIVRE C/10 FIOS ACO DURO 8MM INCLUSIVE PROTECAO ANTICORROSIVA.","M",60.08]
[null,"79504/8","TIRANTES P/PROTENSAO E ANCORAGEM EM SOLO TRECHO LIVRE C/16 FIOS ACO DURO 8MM INCLUSIVE PROTECAO ANTICORROSIVA.","M",78.92]
[null,"79504/9","TIRANTES P/PROTENSAO E ANCORAGEM EM SOLO TRECHO ANCOR C/ 6 FIOS ACO DURO 8MM , INCLUSIVE PROTECAO ANTICORROSIVA.","M",94.79]
[null,"79504/10","TIRANTES P/PROTENSAO E ANCORAGEM EM SOLO TRECHO ANCOR C/ 8 FIOS ACO DURO 8MM , INCLUSIVE PROTECAO ANTICORROSIVA.","M",100.82]
[null,"79504/11","TIRANTES P/PROTENSAO E ANCORAGEM EM SOLO TRECHO ANCOR C/10 FIOS ACO DURO 8MM .","M",106.85]
[null,"79504/12","TIRANTES P/PROTENSAO E ANCORAGEM EM SOLO TRECHO ANCOR C/16 FIOS ACO DURO 8MM .","M",125.69]
[null,85662,"ARMACAO EM TELA DE ACO SOLDADA NERVURADA Q-92, ACO CA-60, 4,2MM, MALHA 15X15CM","M²",9.2100000000000009]
[null,89996,"ARMAÇÃO VERTICAL DE ALVENARIA ESTRUTURAL; DIÂMETRO DE 10,0 MM. AF_01/2015","KG",5.81]
[null,89997,"ARMAÇÃO VERTICAL DE ALVENARIA ESTRUTURAL; DIÂMETRO DE 12,5 MM. AF_01/2015","KG",5.01]
[null,89998,"ARMAÇÃO DE CINTA DE ALVENARIA ESTRUTURAL; DIÂMETRO DE 10,0 MM. AF_01/2015","KG",5.45]
[null,89999,"ARMAÇÃO DE VERGA E CONTRAVERGA DE ALVENARIA ESTRUTURAL; DIÂMETRO DE 8,0 MM. AF_01/2015","KG",8.98]
[null,90000,"ARMAÇÃO DE VERGA E CONTRAVERGA DE ALVENARIA ESTRUTURAL; DIÂMETRO DE 10,0 MM. AF_01/2015","KG",6.76]
[null,91593,"ARMAÇÃO DO SISTEMA DE PAREDES DE CONCRETO, EXECUTADA EM PAREDES DE EDIFICAÇÕES DE MÚLTIPLOS PAVIMENTOS, TELA Q-138. AF_06/2015","KG",6.2]
[null,91594,"ARMAÇÃO DO SISTEMA DE PAREDES DE CONCRETO, EXECUTADA EM PAREDES DE EDIFICAÇÕES TÉRREAS OU DE MÚLTIPLOS PAVIMENTOS, TELA Q-92. AF_06/2015","KG",6.59]
[null,91595,"ARMAÇÃO DO SISTEMA DE PAREDES DE CONCRETO, EXECUTADA EM PAREDES DE EDIFICAÇÕES TÉRREAS, TELA Q-61. AF_06/2015","KG",7.36]
[null,91596,"ARMAÇÃO DO SISTEMA DE PAREDES DE CONCRETO, EXECUTADA COMO ARMADURA POSITIVA DE LAJES, TELA Q-138. AF_06/2015","KG",6.33]
[null,91597,"ARMAÇÃO DO SISTEMA DE PAREDES DE CONCRETO, EXECUTADA COMO ARMADURA NEGATIVA DE LAJES, TELA T-196. AF_06/2015","KG",4.45]
[null,91598,"ARMAÇÃO DO SISTEMA DE PAREDES DE CONCRETO, EXECUTADA COMO ARMADURA POSITIVA DE LAJES, TELA Q-113. AF_06/2015","KG",6.32]
[null,91599,"ARMAÇÃO DO SISTEMA DE PAREDES DE CONCRETO, EXECUTADA COMO ARMADURA NEGATIVA DE LAJES, TELA L-159. AF_06/2015","KG",6.73]
[null,91600,"ARMAÇÃO DO SISTEMA DE PAREDES DE CONCRETO, EXECUTADA EM PLATIBANDAS, TELA Q-92. AF_06/2015","KG",7.24]
[null,91601,"ARMAÇÃO DO SISTEMA DE PAREDES DE CONCRETO, EXECUTADA COMO REFORÇO, VERGALHÃO DE 6,3 MM DE DIÂMETRO. AF_06/2015","KG",7.52]
[null,91602,"ARMAÇÃO DO SISTEMA DE PAREDES DE CONCRETO, EXECUTADA COMO REFORÇO, VERGALHÃO DE 8,0 MM DE DIÂMETRO. AF_06/2015","KG",7.06]
[null,91603,"ARMAÇÃO DO SISTEMA DE PAREDES DE CONCRETO, EXECUTADA COMO REFORÇO, VERGALHÃO DE 10,0 MM DE DIÂMETRO. AF_06/2015","KG",5.66]
[null,92759,"ARMAÇÃO DE PILAR OU VIGA DE UMA ESTRUTURA CONVENCIONAL DE CONCRETO ARMADO EM UM EDIFÍCIO DE MÚLTIPLOS PAVIMENTOS UTILIZANDO AÇO CA-60 DE 5,0 MM - MONTAGEM. AF_12/2015","KG",8.65]
[null,92760,"ARMAÇÃO DE PILAR OU VIGA DE UMA ESTRUTURA CONVENCIONAL DE CONCRETO ARMADO EM UM EDIFÍCIO DE MÚLTIPLOS PAVIMENTOS UTILIZANDO AÇO CA-50 DE 6,3 MM - MONTAGEM. AF_12/2015","KG",7.61]
[null,92761,"ARMAÇÃO DE PILAR OU VIGA DE UMA ESTRUTURA CONVENCIONAL DE CONCRETO ARMADO EM UM EDIFÍCIO DE MÚLTIPLOS PAVIMENTOS UTILIZANDO AÇO CA-50 DE 8,0 MM - MONTAGEM. AF_12/2015","KG",7.5]
[null,92762,"ARMAÇÃO DE PILAR OU VIGA DE UMA ESTRUTURA CONVENCIONAL DE CONCRETO ARMADO EM UM EDIFÍCIO DE MÚLTIPLOS PAVIMENTOS UTILIZANDO AÇO CA-50 DE 10,0 MM - MONTAGEM. AF_12/2015","KG",6.13]
[null,92763,"ARMAÇÃO DE PILAR OU VIGA DE UMA ESTRUTURA CONVENCIONAL DE CONCRETO ARMADO EM UM EDIFÍCIO DE MÚLTIPLOS PAVIMENTOS UTILIZANDO AÇO CA-50 DE 12,5 MM - MONTAGEM. AF_12/2015","KG",5.5]
[null,92764,"ARMAÇÃO DE PILAR OU VIGA DE UMA ESTRUTURA CONVENCIONAL DE CONCRETO ARMADO EM UM EDIFÍCIO DE MÚLTIPLOS PAVIMENTOS UTILIZANDO AÇO CA-50 DE 16,0 MM - MONTAGEM. AF_12/2015","KG",5.16]
[null,92765,"ARMAÇÃO DE PILAR OU VIGA DE UMA ESTRUTURA CONVENCIONAL DE CONCRETO ARMADO EM UM EDIFÍCIO DE MÚLTIPLOS PAVIMENTOS UTILIZANDO AÇO CA-50 DE 20,0 MM - MONTAGEM. AF_12/2015","KG",4.75]
[null,92766,"ARMAÇÃO DE PILAR OU VIGA DE UMA ESTRUTURA CONVENCIONAL DE CONCRETO ARMADO EM UM EDIFÍCIO DE MÚLTIPLOS PAVIMENTOS UTILIZANDO AÇO CA-50 DE 25,0 MM - MONTAGEM. AF_12/2015","KG",5.24]
[null,92767,"ARMAÇÃO DE LAJE DE UMA ESTRUTURA CONVENCIONAL DE CONCRETO ARMADO EM UM EDIFÍCIO DE MÚLTIPLOS PAVIMENTOS UTILIZANDO AÇO CA-60 DE 4,2 MM - MONTAGEM. AF_12/2015","KG",8.85]
[null,92768,"ARMAÇÃO DE LAJE DE UMA ESTRUTURA CONVENCIONAL DE CONCRETO ARMADO EM UM EDIFÍCIO DE MÚLTIPLOS PAVIMENTOS UTILIZANDO AÇO CA-60 DE 5,0 MM - MONTAGEM. AF_12/2015","KG",7.7]
[null,92769,"ARMAÇÃO DE LAJE DE UMA ESTRUTURA CONVENCIONAL DE CONCRETO ARMADO EM UM EDIFÍCIO DE MÚLTIPLOS PAVIMENTOS UTILIZANDO AÇO CA-50 DE 6,3 MM - MONTAGEM. AF_12/2015","KG",6.88]
[null,92770,"ARMAÇÃO DE LAJE DE UMA ESTRUTURA CONVENCIONAL DE CONCRETO ARMADO EM UM EDIFÍCIO DE MÚLTIPLOS PAVIMENTOS UTILIZANDO AÇO CA-50 DE 8,0 MM - MONTAGEM. AF_12/2015","KG",6.92]
[null,92771,"ARMAÇÃO DE LAJE DE UMA ESTRUTURA CONVENCIONAL DE CONCRETO ARMADO EM UM EDIFÍCIO DE MÚLTIPLOS PAVIMENTOS UTILIZANDO AÇO CA-50 DE 10,0 MM - MONTAGEM. AF_12/2015","KG",5.68]
[null,92772,"ARMAÇÃO DE LAJE DE UMA ESTRUTURA CONVENCIONAL DE CONCRETO ARMADO EM UM EDIFÍCIO DE MÚLTIPLOS PAVIMENTOS UTILIZANDO AÇO CA-50 DE 12,5 MM - MONTAGEM. AF_12/2015","KG",5.14]
[null,92773,"ARMAÇÃO DE LAJE DE UMA ESTRUTURA CONVENCIONAL DE CONCRETO ARMADO EM UM EDIFÍCIO DE MÚLTIPLOS PAVIMENTOS UTILIZANDO AÇO CA-50 DE 16,0 MM - MONTAGEM. AF_12/2015","KG",4.91]
[null,92774,"ARMAÇÃO DE LAJE DE UMA ESTRUTURA CONVENCIONAL DE CONCRETO ARMADO EM UM EDIFÍCIO DE MÚLTIPLOS PAVIMENTOS UTILIZANDO AÇO CA-50 DE 20,0 MM - MONTAGEM. AF_12/2015","KG",4.59]
[null,92775,"ARMAÇÃO DE PILAR OU VIGA DE UMA ESTRUTURA CONVENCIONAL DE CONCRETO ARMADO EM UMA EDIFICAÇÃO TÉRREA OU SOBRADO UTILIZANDO AÇO CA-60 DE 5,0 MM - MONTAGEM. AF_12/2015","KG",10.6]
[null,92776,"ARMAÇÃO DE PILAR OU VIGA DE UMA ESTRUTURA CONVENCIONAL DE CONCRETO ARMADO EM UMA EDIFICAÇÃO TÉRREA OU SOBRADO UTILIZANDO AÇO CA-50 DE 6,3 MM - MONTAGEM. AF_12/2015","KG",9.1]
[null,92777,"ARMAÇÃO DE PILAR OU VIGA DE UMA ESTRUTURA CONVENCIONAL DE CONCRETO ARMADO EM UMA EDIFICAÇÃO TÉRREA OU SOBRADO UTILIZANDO AÇO CA-50 DE 8,0 MM - MONTAGEM. AF_12/2015","KG",8.61]
[null,92778,"ARMAÇÃO DE PILAR OU VIGA DE UMA ESTRUTURA CONVENCIONAL DE CONCRETO ARMADO EM UMA EDIFICAÇÃO TÉRREA OU SOBRADO UTILIZANDO AÇO CA-50 DE 10,0 MM - MONTAGEM. AF_12/2015","KG",6.96]
[null,92779,"ARMAÇÃO DE PILAR OU VIGA DE UMA ESTRUTURA CONVENCIONAL DE CONCRETO ARMADO EM UMA EDIFICAÇÃO TÉRREA OU SOBRADO UTILIZANDO AÇO CA-50 DE 12,5 MM - MONTAGEM. AF_12/2015","KG",6.11]
[null,92780,"ARMAÇÃO DE PILAR OU VIGA DE UMA ESTRUTURA CONVENCIONAL DE CONCRETO ARMADO EM UMA EDIFICAÇÃO TÉRREA OU SOBRADO UTILIZANDO AÇO CA-50 DE 16,0 MM - MONTAGEM. AF_12/2015","KG",5.57]
[null,92781,"ARMAÇÃO DE PILAR OU VIGA DE UMA ESTRUTURA CONVENCIONAL DE CONCRETO ARMADO EM UMA EDIFICAÇÃO TÉRREA OU SOBRADO UTILIZANDO AÇO CA-50 DE 20,0 MM - MONTAGEM. AF_12/2015","KG",5.0199999999999996]
[null,92782,"ARMAÇÃO DE PILAR OU VIGA DE UMA ESTRUTURA CONVENCIONAL DE CONCRETO ARMADO EM UMA EDIFICAÇÃO TÉRREA OU SOBRADO UTILIZANDO AÇO CA-50 DE 25,0 MM - MONTAGEM. AF_12/2015","KG",5.4]
[null,92783,"ARMAÇÃO DE LAJE DE UMA ESTRUTURA CONVENCIONAL DE CONCRETO ARMADO EM UMA EDIFICAÇÃO TÉRREA OU SOBRADO UTILIZANDO AÇO CA-60 DE 4,2 MM - MONTAGEM. AF_12/2015","KG",10.51]
[null,92784,"ARMAÇÃO DE LAJE DE UMA ESTRUTURA CONVENCIONAL DE CONCRETO ARMADO EM UMA EDIFICAÇÃO TÉRREA OU SOBRADO UTILIZANDO AÇO CA-60 DE 5,0 MM - MONTAGEM. AF_12/2015","KG",9.0500000000000007]
[null,92785,"ARMAÇÃO DE LAJE DE UMA ESTRUTURA CONVENCIONAL DE CONCRETO ARMADO EM UMA EDIFICAÇÃO TÉRREA OU SOBRADO UTILIZANDO AÇO CA-50 DE 6,3 MM - MONTAGEM. AF_12/2015","KG",7.89]
[null,92786,"ARMAÇÃO DE LAJE DE UMA ESTRUTURA CONVENCIONAL DE CONCRETO ARMADO EM UMA EDIFICAÇÃO TÉRREA OU SOBRADO UTILIZANDO AÇO CA-50 DE 8,0 MM - MONTAGEM. AF_12/2015","KG",7.67]
[null,92787,"ARMAÇÃO DE LAJE DE UMA ESTRUTURA CONVENCIONAL DE CONCRETO ARMADO EM UMA EDIFICAÇÃO TÉRREA OU SOBRADO UTILIZANDO AÇO CA-50 DE 10,0 MM - MONTAGEM. AF_12/2015","KG",6.22]
[null,92788,"ARMAÇÃO DE LAJE DE UMA ESTRUTURA CONVENCIONAL DE CONCRETO ARMADO EM UMA EDIFICAÇÃO TÉRREA OU SOBRADO UTILIZANDO AÇO CA-50 DE 12,5 MM - MONTAGEM. AF_12/2015","KG",5.52]
[null,92789,"ARMAÇÃO DE LAJE DE UMA ESTRUTURA CONVENCIONAL DE CONCRETO ARMADO EM UMA EDIFICAÇÃO TÉRREA OU SOBRADO UTILIZANDO AÇO CA-50 DE 16,0 MM - MONTAGEM. AF_12/2015","KG",5.16]
[null,92790,"ARMAÇÃO DE LAJE DE UMA ESTRUTURA CONVENCIONAL DE CONCRETO ARMADO EM UMA EDIFICAÇÃO TÉRREA OU SOBRADO UTILIZANDO AÇO CA-50 DE 20,0 MM - MONTAGEM. AF_12/2015","KG",4.7300000000000004]
[null,92791,"CORTE E DOBRA DE AÇO CA-60, DIÂMETRO DE 5,0 MM, UTILIZADO EM ESTRUTURAS DIVERSAS, EXCETO LAJES. AF_12/2015","KG",5.81]
[null,92792,"CORTE E DOBRA DE AÇO CA-50, DIÂMETRO DE 6,3 MM, UTILIZADO EM ESTRUTURAS DIVERSAS, EXCETO LAJES. AF_12/2015","KG",5.39]
[null,92793,"CORTE E DOBRA DE AÇO CA-50, DIÂMETRO DE 8,0 MM, UTILIZADO EM ESTRUTURAS DIVERSAS, EXCETO LAJES. AF_12/2015","KG",5.78]
[null,92794,"CORTE E DOBRA DE AÇO CA-50, DIÂMETRO DE 10,0 MM, UTILIZADO EM ESTRUTURAS DIVERSAS, EXCETO LAJES. AF_12/2015","KG",4.79]
[null,92795,"CORTE E DOBRA DE AÇO CA-50, DIÂMETRO DE 12,5 MM, UTILIZADO EM ESTRUTURAS DIVERSAS, EXCETO LAJES. AF_12/2015","KG",4.47]
[null,92796,"CORTE E DOBRA DE AÇO CA-50, DIÂMETRO DE 16,0 MM, UTILIZADO EM ESTRUTURAS DIVERSAS, EXCETO LAJES. AF_12/2015","KG",4.4000000000000004]
[null,92797,"CORTE E DOBRA DE AÇO CA-50, DIÂMETRO DE 20,0 MM, UTILIZADO EM ESTRUTURAS DIVERSAS, EXCETO LAJES. AF_12/2015","KG",4.1900000000000004]
[null,92798,"CORTE E DOBRA DE AÇO CA-50, DIÂMETRO DE 25,0 MM, UTILIZADO EM ESTRUTURAS DIVERSAS, EXCETO LAJES. AF_12/2015","KG",4.82]
[null,92799,"CORTE E DOBRA DE AÇO CA-60, DIÂMETRO DE 4,2 MM, UTILIZADO EM LAJE. AF_12/2015","KG",6.13]
[null,92800,"CORTE E DOBRA DE AÇO CA-60, DIÂMETRO DE 5,0 MM, UTILIZADO EM LAJE. AF_12/2015","KG",5.46]
[null,92801,"CORTE E DOBRA DE AÇO CA-50, DIÂMETRO DE 6,3 MM, UTILIZADO EM LAJE. AF_12/2015","KG",5.18]
[null,92802,"CORTE E DOBRA DE AÇO CA-50, DIÂMETRO DE 8,0 MM, UTILIZADO EM LAJE. AF_12/2015","KG",5.66]
[null,92803,"CORTE E DOBRA DE AÇO CA-50, DIÂMETRO DE 10,0 MM, UTILIZADO EM LAJE. AF_12/2015","KG",4.72]
[null,92804,"CORTE E DOBRA DE AÇO CA-50, DIÂMETRO DE 12,5 MM, UTILIZADO EM LAJE. AF_12/2015","KG",4.42]
[null,92805,"CORTE E DOBRA DE AÇO CA-50, DIÂMETRO DE 16,0 MM, UTILIZADO EM LAJE. AF_12/2015","KG",4.38]
[null,92806,"CORTE E DOBRA DE AÇO CA-50, DIÂMETRO DE 20,0 MM, UTILIZADO EM LAJE. AF_12/2015","KG",4.18]
[null,92875,"CORTE E DOBRA DE AÇO CA-25, DIÂMETRO DE 6,3 MM. AF_12/2015","KG",5.57]
[null,92876,"CORTE E DOBRA DE AÇO CA-25, DIÂMETRO DE 8,0 MM. AF_12/2015","KG",5.33]
[null,92877,"CORTE E DOBRA DE AÇO CA-25, DIÂMETRO DE 10,0 MM. AF_12/2015","KG",4.83]
[null,92878,"CORTE E DOBRA DE AÇO CA-25, DIÂMETRO DE 12,5 MM. AF_12/2015","KG",4.76]
[null,92879,"CORTE E DOBRA DE AÇO CA-25, DIÂMETRO DE 16,0 MM. AF_12/2015","KG",4.6900000000000004]
[null,92880,"CORTE E DOBRA DE AÇO CA-25, DIÂMETRO DE 20,0 MM. AF_12/2015","KG",4.79]
[null,92881,"CORTE E DOBRA DE AÇO CA-25, DIÂMETRO DE 25,0 MM. AF_12/2015","KG",4.7699999999999996]
[null,92882,"ARMAÇÃO UTILIZANDO AÇO CA-25 DE 6,3 MM - MONTAGEM. AF_12/2015","KG",7.79]
[null,92883,"ARMAÇÃO UTILIZANDO AÇO CA-25 DE 8,0 MM - MONTAGEM. AF_12/2015","KG",7.05]
[null,92884,"ARMAÇÃO UTILIZANDO AÇO CA-25 DE 10,0 MM - MONTAGEM. AF_12/2015","KG",6.17]
[null,92885,"ARMAÇÃO UTILIZANDO AÇO CA-25 DE 12,5 MM - MONTAGEM. AF_12/2015","KG",5.79]
[null,92886,"ARMAÇÃO UTILIZANDO AÇO CA-25 DE 16,0 MM - MONTAGEM. AF_12/2015","KG",5.45]
[null,92887,"ARMAÇÃO UTILIZANDO AÇO CA-25 DE 20,0 MM - MONTAGEM. AF_12/2015","KG",5.35]
[null,92888,"ARMAÇÃO UTILIZANDO AÇO CA-25 DE 25,0 MM - MONTAGEM. AF_12/2015","KG",5.19]
[null,92915,"ARMAÇÃO DE ESTRUTURAS DE CONCRETO ARMADO, EXCETO VIGAS, PILARES, LAJES E FUNDAÇÕES, UTILIZANDO AÇO CA-60 DE 5,0 MM - MONTAGEM. AF_12/2015","KG",9.6199999999999992]
[null,92916,"ARMAÇÃO DE ESTRUTURAS DE CONCRETO ARMADO, EXCETO VIGAS, PILARES, LAJES E FUNDAÇÕES, UTILIZANDO AÇO CA-50 DE 6,3 MM - MONTAGEM. AF_12/2015","KG",8.36]
[null,92917,"ARMAÇÃO DE ESTRUTURAS DE CONCRETO ARMADO, EXCETO VIGAS, PILARES, LAJES E FUNDAÇÕES, UTILIZANDO AÇO CA-50 DE 8,0 MM - MONTAGEM. AF_12/2015","KG",8.0500000000000007]
[null,92919,"ARMAÇÃO DE ESTRUTURAS DE CONCRETO ARMADO, EXCETO VIGAS, PILARES, LAJES E FUNDAÇÕES, UTILIZANDO AÇO CA-50 DE 10,0 MM - MONTAGEM. AF_12/2015","KG",6.55]
[null,92921,"ARMAÇÃO DE ESTRUTURAS DE CONCRETO ARMADO, EXCETO VIGAS, PILARES, LAJES E FUNDAÇÕES, UTILIZANDO AÇO CA-50 DE 12,5 MM - MONTAGEM. AF_12/2015","KG",5.8]
[null,92922,"ARMAÇÃO DE ESTRUTURAS DE CONCRETO ARMADO, EXCETO VIGAS, PILARES, LAJES E FUNDAÇÕES, UTILIZANDO AÇO CA-50 DE 16,0 MM - MONTAGEM. AF_12/2015","KG",5.37]
[null,92923,"ARMAÇÃO DE ESTRUTURAS DE CONCRETO ARMADO, EXCETO VIGAS, PILARES, LAJES E FUNDAÇÕES, UTILIZANDO AÇO CA-50 DE 20,0 MM - MONTAGEM. AF_12/2015","KG",4.8899999999999997]
[null,92924,"ARMAÇÃO DE ESTRUTURAS DE CONCRETO ARMADO, EXCETO VIGAS, PILARES, LAJES E FUNDAÇÕES, UTILIZANDO AÇO CA-50 DE 25,0 MM - MONTAGEM. AF_12/2015","KG",5.32]
[null,95445,"CORTE E DOBRA DE AÇO CA-60, DIÂMETRO DE 5,0 MM, UTILIZADO EM ESTRIBO CONTÍNUO HELICOIDAL. AF_10/2016","KG",4.5599999999999996]
[null,95446,"CORTE E DOBRA DE AÇO CA-50, DIÂMETRO DE 6,3 MM, UTILIZADO EM ESTRIBO CONTÍNUO HELICOIDAL. AF_10/2016","KG",4.6500000000000004]
[null,95576,"MONTAGEM DE ARMADURA LONGITUDINAL/TRANSVERSAL DE ESTACAS DE SEÇÃO CIRCULAR, DIÂMETRO = 8,0 MM. AF_11/2016","KG",7.59]
[null,95577,"MONTAGEM DE ARMADURA LONGITUDINAL DE ESTACAS DE SEÇÃO CIRCULAR, DIÂMETRO = 10,0 MM. AF_11/2016","KG",6.27]
[null,95578,"MONTAGEM DE ARMADURA LONGITUDINAL/TRANSVERSAL DE ESTACAS DE SEÇÃO CIRCULAR, DIÂMETRO = 12,5 MM. AF_11/2016","KG",5.71]
[null,95579,"MONTAGEM DE ARMADURA LONGITUDINAL DE ESTACAS DE SEÇÃO CIRCULAR, DIÂMETRO = 16,0 MM. AF_11/2016","KG",5.39]
[null,95580,"MONTAGEM DE ARMADURA LONGITUDINAL DE ESTACAS DE SEÇÃO CIRCULAR, DIÂMETRO = 20,0 MM. AF_11/2016","KG",5.04]
[null,95581,"MONTAGEM DE ARMADURA LONGITUDINAL DE ESTACAS DE SEÇÃO CIRCULAR, DIÂMETRO = 25,0 MM. AF_11/2016","KG",5.54]
[null,95583,"MONTAGEM DE ARMADURA TRANSVERSAL DE ESTACAS DE SEÇÃO CIRCULAR, DIÂMETRO = 5,0 MM. AF_11/2016","KG",9.9600000000000009]
[null,95584,"MONTAGEM DE ARMADURA TRANSVERSAL DE ESTACAS DE SEÇÃO CIRCULAR, DIÂMETRO = 6,3 MM. AF_11/2016","KG",8.08]
[null,95585,"MONTAGEM DE ARMADURA LONGITUDINAL/TRANSVERSAL DE ESTACAS DE SEÇÃO RETANGULAR (BARRETE), DIÂMETRO = 8,0 MM. AF_11/2016","KG",7.93]
[null,95586,"MONTAGEM DE ARMADURA LONGITUDINAL DE ESTACAS DE SEÇÃO RETANGULAR (BARRETE), DIÂMETRO = 10,0 MM. AF_11/2016","KG",6.53]
[null,95587,"MONTAGEM DE ARMADURA LONGITUDINAL/TRANSVERSAL DE ESTACAS DE SEÇÃO RETANGULAR (BARRETE), DIÂMETRO = 12,5 MM. AF_11/2016","KG",5.92]
[null,95588,"MONTAGEM DE ARMADURA LONGITUDINAL DE ESTACAS DE SEÇÃO RETANGULAR (BARRETE), DIÂMETRO = 16,0 MM. AF_11/2016","KG",5.57]
[null,95589,"MONTAGEM DE ARMADURA LONGITUDINAL DE ESTACAS DE SEÇÃO RETANGULAR (BARRETE), DIÂMETRO = 20,0 MM. AF_11/2016","KG",5.17]
[null,95590,"MONTAGEM DE ARMADURA LONGITUDINAL DE ESTACAS DE SEÇÃO RETANGULAR (BARRETE), DIÂMETRO = 25,0 MM. AF_11/2016","KG",5.65]
[null,95592,"MONTAGEM DE ARMADURA TRANSVERSAL DE ESTACAS DE SEÇÃO RETANGULAR (BARRETE), DIÂMETRO = 5,0 MM. AF_11/2016","KG",12.26]
[null,95593,"MONTAGEM DE ARMADURA TRANSVERSAL DE ESTACAS DE SEÇÃO RETANGULAR (BARRETE), DIÂMETRO = 6,3 MM. AF_11/2016","KG",9.4600000000000009]
[null,95943,"ARMAÇÃO DE ESCADA, COM 2 LANCES, DE UMA ESTRUTURA CONVENCIONAL DE CONCRETO ARMADO UTILIZANDO AÇO CA-60 DE 5,0 MM - MONTAGEM. AF_01/2017","KG",12.94]
[null,95944,"ARMAÇÃO DE ESCADA, COM 2 LANCES, DE UMA ESTRUTURA CONVENCIONAL DE CONCRETO ARMADO UTILIZANDO AÇO CA-50 DE 6,3 MM - MONTAGEM. AF_01/2017","KG",11.3]
[null,95945,"ARMAÇÃO DE ESCADA, COM 2 LANCES, DE UMA ESTRUTURA CONVENCIONAL DE CONCRETO ARMADO UTILIZANDO AÇO CA-50 DE 8,0 MM - MONTAGEM. AF_01/2017","KG",9.3800000000000008]
[null,95946,"ARMAÇÃO DE ESCADA, COM 2 LANCES, DE UMA ESTRUTURA CONVENCIONAL DE CONCRETO ARMADO UTILIZANDO AÇO CA-50 DE 10,0 MM - MONTAGEM. AF_01/2017","KG",6.84]
[null,95947,"ARMAÇÃO DE ESCADA, COM 2 LANCES, DE UMA ESTRUTURA CONVENCIONAL DE CONCRETO ARMADO UTILIZANDO AÇO CA-50 DE 12,5 MM - MONTAGEM. AF_01/2017","KG",5.5]
[null,95948,"ARMAÇÃO DE ESCADA, COM 2 LANCES, DE UMA ESTRUTURA CONVENCIONAL DE CONCRETO ARMADO UTILIZANDO AÇO CA-50 DE 16,0 MM - MONTAGEM. AF_01/2017","KG",4.76]
[null,96544,"ARMAÇÃO DE BLOCO, VIGA BALDRAME OU SAPATA UTILIZANDO AÇO CA-50 DE 6,3 MM - MONTAGEM. AF_06/2017","KG",9.07]
[null,96545,"ARMAÇÃO DE BLOCO, VIGA BALDRAME OU SAPATA UTILIZANDO AÇO CA-50 DE 8 MM - MONTAGEM. AF_06/2017","KG",8.6199999999999992]
[null,96546,"ARMAÇÃO DE BLOCO, VIGA BALDRAME OU SAPATA UTILIZANDO AÇO CA-50 DE 10 MM - MONTAGEM. AF_06/2017","KG",7]
[null,96547,"ARMAÇÃO DE BLOCO, VIGA BALDRAME OU SAPATA UTILIZANDO AÇO CA-50 DE 12,5 MM - MONTAGEM. AF_06/2017","KG",6.21]
[null,96548,"ARMAÇÃO DE BLOCO, VIGA BALDRAME OU SAPATA UTILIZANDO AÇO CA-50 DE 16 MM - MONTAGEM. AF_06/2017","KG",5.72]
[null,96549,"ARMAÇÃO DE BLOCO, VIGA BALDRAME OU SAPATA UTILIZANDO AÇO CA-50 DE 20 MM - MONTAGEM. AF_06/2017","KG",5.22]
[null,96550,"ARMAÇÃO DE BLOCO, VIGA BALDRAME OU SAPATA UTILIZANDO AÇO CA-50 DE 25 MM - MONTAGEM. AF_06/2017","KG",5.61]
[null,40780,"REGULARIZAÇÃO DE SUPERFICIE DE CONCRETO APARENTE","M²",8.3699999999999992]
[null,"74157/4","LANCAMENTO/APLICACAO MANUAL DE CONCRETO EM FUNDACOES","M³",92.81]
[null,89993,"GRAUTEAMENTO VERTICAL EM ALVENARIA ESTRUTURAL. AF_01/2015","M³",600.59]
[null,89994,"GRAUTEAMENTO DE CINTA INTERMEDIÁRIA OU DE CONTRAVERGA EM ALVENARIA ESTRUTURAL. AF_01/2015","M³",508.3]
[null,89995,"GRAUTEAMENTO DE CINTA SUPERIOR OU DE VERGA EM ALVENARIA ESTRUTURAL. AF_01/2015","M³",576.98]
[null,90278,"GRAUTE FGK=15 MPA; TRAÇO 1:0,04:2,0:2,4 (CIMENTO/ CAL/ AREIA GROSSA/ BRITA 0) - PREPARO MECÂNICO COM BETONEIRA 400 L. AF_02/2015","M³",302.17]
[null,90279,"GRAUTE FGK=20 MPA; TRAÇO 1:0,04:1,6:1,9 (CIMENTO/ CAL/ AREIA GROSSA/ BRITA 0) - PREPARO MECÂNICO COM BETONEIRA 400 L. AF_02/2015","M³",314.79000000000002]
[null,90280,"GRAUTE FGK=25 MPA; TRAÇO 1:0,02:1,2:1,5 (CIMENTO/ CAL/ AREIA GROSSA/ BRITA 0) - PREPARO MECÂNICO COM BETONEIRA 400 L. AF_02/2015","M³",348.15]
[null,90281,"GRAUTE FGK=30 MPA; TRAÇO 1:0,02:0,8:1,1 (CIMENTO/ CAL/ AREIA GROSSA/ BRITA 0) - PREPARO MECÂNICO COM BETONEIRA 400 L. AF_02/2015","M³",389.95]
[null,90282,"GRAUTE FGK=15 MPA; TRAÇO 1:2,0:2,4 (CIMENTO/ AREIA GROSSA/ BRITA 0/ ADITIVO) - PREPARO MECÂNICO COM BETONEIRA 400 L. AF_02/2015","M³",307.11]
[null,90283,"GRAUTE FGK=20 MPA; TRAÇO 1:1,6:1,9 (CIMENTO/ AREIA GROSSA/ BRITA 0/ ADITIVO) - PREPARO MECÂNICO COM BETONEIRA 400 L. AF_02/2015","M³",320.72000000000003]
[null,90284,"GRAUTE FGK=25 MPA; TRAÇO 1:1,2:1,5 (CIMENTO/ AREIA GROSSA/ BRITA 0/ ADITIVO) - PREPARO MECÂNICO COM BETONEIRA 400 L. AF_02/2015","M³",356.11]
[null,90285,"GRAUTE FGK=30 MPA; TRAÇO 1:0,8:1,1 (CIMENTO/ AREIA GROSSA/ BRITA 0/ ADITIVO) - PREPARO MECÂNICO COM BETONEIRA 400 L. AF_02/2015","M³",400.62]
[null,90853,"CONCRETAGEM DE LAJES EM EDIFICAÇÕES UNIFAMILIARES FEITAS COM SISTEMA DE FÔRMAS MANUSEÁVEIS COM CONCRETO USINADO BOMBEÁVEL, FCK 20 MPA, LANÇADO COM BOMBA LANÇA - LANÇAMENTO, ADENSAMENTO E ACABAMENTO. AF_06/2015","M³",321.14]
[null,90854,"CONCRETAGEM DE PAREDES EM EDIFICAÇÕES UNIFAMILIARES FEITAS COM SISTEMA DE FÔRMAS MANUSEÁVEIS COM CONCRETO USINADO BOMBEÁVEL, FCK 20 MPA, LANÇADO COM BOMBA LANÇA - LANÇAMENTO, ADENSAMENTO E ACABAMENTO. AF_06/2015","M³",311.10000000000002]
[null,90855,"CONCRETAGEM DE PLATIBANDA EM EDIFICAÇÕES UNIFAMILIARES FEITAS COM SISTEMA DE FÔRMAS MANUSEÁVEIS COM CONCRETO USINADO BOMBEÁVEL, FCK 20 MPA, LANÇADO COM BOMBA LANÇA - LANÇAMENTO, ADENSAMENTO E ACABAMENTO. AF_06/2015","M³",342.22]
[null,90856,"CONCRETAGEM DE LAJES EM EDIFICAÇÕES MULTIFAMILIARES FEITAS COM SISTEMA DE FÔRMAS MANUSEÁVEIS COM CONCRETO USINADO BOMBEÁVEL, FCK 20 MPA, LANÇADO COM BOMBA LANÇA - LANÇAMENTO, ADENSAMENTO E ACABAMENTO. AF_06/2015","M³",324.3]
[null,90857,"CONCRETAGEM DE PAREDES EM EDIFICAÇÕES MULTIFAMILIARES FEITAS COM SISTEMA DE FÔRMAS MANUSEÁVEIS COM CONCRETO USINADO BOMBEÁVEL, FCK 20 MPA, LANÇADO COM BOMBA LANÇA - LANÇAMENTO, ADENSAMENTO E ACABAMENTO. AF_06/2015","M³",313.20999999999998]
[null,90858,"CONCRETAGEM DE PLATIBANDA EM EDIFICAÇÕES MULTIFAMILIARES FEITAS COM SISTEMA DE FÔRMAS MANUSEÁVEIS COM CONCRETO USINADO BOMBEÁVEL, FCK 20 MPA, LANÇADO COM BOMBA LANÇA - LANÇAMENTO, ADENSAMENTO E ACABAMENTO. AF_06/2015","M³",356.72]
[null,90859,"CONCRETAGEM DE PLATIBANDA EM EDIFICAÇÕES UNIFAMILIARES FEITAS COM SISTEMA DE FÔRMAS MANUSEÁVEIS COM CONCRETO USINADO AUTOADENSÁVEL, FCK 20 MPA, LANÇADO COM BOMBA LANÇA - LANÇAMENTO E ACABAMENTO. AF_06/2015","M³",305.12]
[null,90860,"CONCRETAGEM DE PLATIBANDA EM EDIFICAÇÕES MULTIFAMILIARES FEITAS COM SISTEMA DE FÔRMAS MANUSEÁVEIS COM CONCRETO USINADO AUTOADENSÁVEL, FCK 20 MPA, LANÇADO COM BOMBA LANÇA - LANÇAMENTO E ACABAMENTO. AF_06/2015","M³",309.52999999999997]
[null,90861,"CONCRETAGEM DE EDIFICAÇÕES (PAREDES E LAJES) FEITAS COM SISTEMA DE FÔRMAS MANUSEÁVEIS COM CONCRETO USINADO BOMBEÁVEL, FCK 20 MPA, LANÇADO COM BOMBA LANÇA - LANÇAMENTO, ADENSAMENTO E ACABAMENTO. AF_06/2015","M³",316.22000000000003]
[null,90862,"CONCRETAGEM DE EDIFICAÇÕES (PAREDES E LAJES) FEITAS COM SISTEMA DE FÔRMAS MANUSEÁVEIS COM CONCRETO USINADO AUTOADENSÁVEL, FCK 20 MPA, LANÇADO COM BOMBA LANÇA - LANÇAMENTO E ACABAMENTO. AF_06/2015","M³",286.22000000000003]
[null,92718,"CONCRETAGEM DE PILARES, FCK = 25 MPA,  COM USO DE BALDES EM EDIFICAÇÃO COM SEÇÃO MÉDIA DE PILARES MENOR OU IGUAL A 0,25 M² - LANÇAMENTO, ADENSAMENTO E ACABAMENTO. AF_12/2015","M³",393.71]
[null,92719,"CONCRETAGEM DE PILARES, FCK = 25 MPA, COM USO DE GRUA EM EDIFICAÇÃO COM SEÇÃO MÉDIA DE PILARES MENOR OU IGUAL A 0,25 M² - LANÇAMENTO, ADENSAMENTO E ACABAMENTO. AF_12/2015","M³",277.61]
[null,92720,"CONCRETAGEM DE PILARES, FCK = 25 MPA, COM USO DE BOMBA EM EDIFICAÇÃO COM SEÇÃO MÉDIA DE PILARES MENOR OU IGUAL A 0,25 M² - LANÇAMENTO, ADENSAMENTO E ACABAMENTO. AF_12/2015","M³",315.83999999999997]
[null,92721,"CONCRETAGEM DE PILARES, FCK = 25 MPA, COM USO DE GRUA EM EDIFICAÇÃO COM SEÇÃO MÉDIA DE PILARES MAIOR QUE 0,25 M² - LANÇAMENTO, ADENSAMENTO E ACABAMENTO. AF_12/2015","M³",270.5]
[null,92722,"CONCRETAGEM DE PILARES, FCK = 25 MPA, COM USO DE BOMBA EM EDIFICAÇÃO COM SEÇÃO MÉDIA DE PILARES MAIOR QUE 0,25 M² - LANÇAMENTO, ADENSAMENTO E ACABAMENTO. AF_12/2015","M³",312.87]
[null,92723,"CONCRETAGEM DE VIGAS E LAJES, FCK=20 MPA, PARA LAJES PREMOLDADAS COM USO DE BOMBA EM EDIFICAÇÃO COM ÁREA MÉDIA DE LAJES MENOR OU IGUAL A 20 M² - LANÇAMENTO, ADENSAMENTO E ACABAMENTO. AF_12/2015","M³",304.39]
[null,92724,"CONCRETAGEM DE VIGAS E LAJES, FCK=20 MPA, PARA LAJES PREMOLDADAS COM USO DE BOMBA EM EDIFICAÇÃO COM ÁREA MÉDIA DE LAJES MAIOR QUE 20 M² - LANÇAMENTO, ADENSAMENTO E ACABAMENTO. AF_12/2015","M³",301.8]
[null,92725,"CONCRETAGEM DE VIGAS E LAJES, FCK=20 MPA, PARA LAJES MACIÇAS OU NERVURADAS COM USO DE BOMBA EM EDIFICAÇÃO COM ÁREA MÉDIA DE LAJES MENOR OU IGUAL A 20 M² - LANÇAMENTO, ADENSAMENTO E ACABAMENTO. AF_12/2015","M³",300.70999999999998]
[null,92726,"CONCRETAGEM DE VIGAS E LAJES, FCK=20 MPA, PARA LAJES MACIÇAS OU NERVURADAS COM USO DE BOMBA EM EDIFICAÇÃO COM ÁREA MÉDIA DE LAJES MAIOR QUE 20 M² - LANÇAMENTO, ADENSAMENTO E ACABAMENTO. AF_12/2015","M³",298.88]
[null,92727,"CONCRETAGEM DE VIGAS E LAJES, FCK=20 MPA, PARA LAJES PREMOLDADAS COM JERICAS EM ELEVADOR DE CABO EM EDIFICAÇÃO DE MULTIPAVIMENTOS ATÉ 16 ANDARES, COM ÁREA MÉDIA DE LAJES MENOR OU IGUAL A 20 M² - LANÇAMENTO, ADENSAMENTO E ACABAMENTO. AF_12/2015","M³",341.99]
[null,92728,"CONCRETAGEM DE VIGAS E LAJES, FCK=20 MPA, PARA LAJES PREMOLDADAS COM JERICAS EM ELEVADOR DE CABO EM EDIFICAÇÃO DE MULTIPAVIMENTOS ATÉ 16 ANDARES, COM ÁREA MÉDIA DE LAJES MAIOR QUE 20 M² - LANÇAMENTO, ADENSAMENTO E ACABAMENTO. AF_12/2015","M³",323.42]
[null,92729,"CONCRETAGEM DE VIGAS E LAJES, FCK=20 MPA, PARA LAJES MACIÇAS OU NERVURADAS COM JERICAS EM ELEVADOR DE CABO EM EDIFICAÇÃO DE MULTIPAVIMENTOS ATÉ 16 ANDARES, COM ÁREA MÉDIA DE LAJES MENOR OU IGUAL A 20 M² - LANÇAMENTO, ADENSAMENTO E ACABAMENTO. AF_12/2015","M³",315.54000000000002]
[null,92730,"CONCRETAGEM DE VIGAS E LAJES, FCK=20 MPA, PARA LAJES MACIÇAS OU NERVURADAS COM JERICAS EM ELEVADOR DE CABO EM EDIFICAÇÃO DE MULTIPAVIMENTOS ATÉ 16 ANDARES, COM ÁREA MÉDIA DE LAJES MAIOR QUE 20 M² - LANÇAMENTO, ADENSAMENTO E ACABAMENTO. AF_12/2015","M³",302.45]
[null,92731,"CONCRETAGEM DE VIGAS E LAJES, FCK=20 MPA, PARA LAJES PREMOLDADAS COM JERICAS EM CREMALHEIRA EM EDIFICAÇÃO DE MULTIPAVIMENTOS ATÉ 16 ANDARES, COM ÁREA MÉDIA DE LAJES MENOR OU IGUAL A 20 M² - LANÇAMENTO, ADENSAMENTO E ACABAMENTO. AF_12/2015","M³",317.74]
[null,92732,"CONCRETAGEM DE VIGAS E LAJES, FCK=20 MPA, PARA LAJES PREMOLDADAS COM JERICAS EM CREMALHEIRA EM EDIFICAÇÃO DE MULTIPAVIMENTOS ATÉ 16 ANDARES, COM ÁREA MÉDIA DE LAJES MAIOR QUE 20 M² - LANÇAMENTO, ADENSAMENTO E ACABAMENTO. AF_12/2015","M³",304.98]
[null,92733,"CONCRETAGEM DE VIGAS E LAJES, FCK=20 MPA, PARA LAJES MACIÇAS OU NERVURADAS COM JERICAS EM CREMALHEIRA EM EDIFICAÇÃO DE MULTIPAVIMENTOS ATÉ 16 ANDARES, COM ÁREA MÉDIA DE LAJES MENOR OU IGUAL A 20 M² - LANÇAMENTO, ADENSAMENTO E ACABAMENTO. AF_12/2015","M³",299.56]
[null,92734,"CONCRETAGEM DE VIGAS E LAJES, FCK=20 MPA, PARA LAJES MACIÇAS OU NERVURADAS COM JERICAS EM CREMALHEIRA EM EDIFICAÇÃO DE MULTIPAVIMENTOS ATÉ 16 ANDARES, COM ÁREA MÉDIA DE LAJES MAIOR QUE 20 M² - LANÇAMENTO, ADENSAMENTO E ACABAMENTO. AF_12/2015","M³",290.55]
[null,92735,"CONCRETAGEM DE VIGAS E LAJES, FCK=20 MPA, PARA LAJES PREMOLDADAS COM GRUA DE CAÇAMBA DE 350 L EM EDIFICAÇÃO DE MULTIPAVIMENTOS ATÉ 16 ANDARES, COM ÁREA MÉDIA DE LAJES MENOR OU IGUAL A 20 M² - LANÇAMENTO, ADENSAMENTO E ACABAMENTO. AF_12/2015","M³",295.16000000000003]
[null,92736,"CONCRETAGEM DE VIGAS E LAJES, FCK=20 MPA, PARA LAJES PREMOLDADAS COM GRUA DE CAÇAMBA DE 350 L EM EDIFICAÇÃO DE MULTIPAVIMENTOS ATÉ 16 ANDARES, COM ÁREA MÉDIA DE LAJES MAIOR QUE 20 M² - LANÇAMENTO, ADENSAMENTO E ACABAMENTO. AF_12/2015","M³",285.55]
[null,92739,"CONCRETAGEM DE VIGAS E LAJES, FCK=20 MPA, PARA LAJES MACIÇAS OU NERVURADAS COM GRUA DE CAÇAMBA DE 500 L EM EDIFICAÇÃO DE MULTIPAVIMENTOS ATÉ 16 ANDARES, COM ÁREA MÉDIA DE LAJES MENOR OU IGUAL A 20 M² - LANÇAMENTO, ADENSAMENTO E ACABAMENTO. AF_12/2015","M³",271.60000000000002]
[null,92740,"CONCRETAGEM DE VIGAS E LAJES, FCK=20 MPA, PARA LAJES MACIÇAS OU NERVURADAS COM GRUA DE CAÇAMBA DE 500 L EM EDIFICAÇÃO DE MULTIPAVIMENTOS ATÉ 16 ANDARES, COM ÁREA MÉDIA DE LAJES MAIOR QUE 20 M² - LANÇAMENTO, ADENSAMENTO E ACABAMENTO. AF_12/2015","M³",266.83]
[null,92741,"CONCRETAGEM DE VIGAS E LAJES, FCK=20 MPA, PARA QUALQUER TIPO DE LAJE COM BALDES EM EDIFICAÇÃO TÉRREA, COM ÁREA MÉDIA DE LAJES MENOR OU IGUAL A 20 M² - LANÇAMENTO, ADENSAMENTO E ACABAMENTO. AF_12/2015","M³",443.47]
[null,92742,"CONCRETAGEM DE VIGAS E LAJES, FCK=20 MPA, PARA QUALQUER TIPO DE LAJE COM BALDES EM EDIFICAÇÃO DE MULTIPAVIMENTOS ATÉ 04 ANDARES, COM ÁREA MÉDIA DE LAJES MENOR OU IGUAL A 20 M² - LANÇAMENTO, ADENSAMENTO E ACABAMENTO. AF_12/2015","M³",629]
[null,92873,"LANÇAMENTO COM USO DE BALDES, ADENSAMENTO E ACABAMENTO DE CONCRETO EM ESTRUTURAS. AF_12/2015","M³",143.54]
[null,92874,"LANÇAMENTO COM USO DE BOMBA, ADENSAMENTO E ACABAMENTO DE CONCRETO EM ESTRUTURAS. AF_12/2015","M³",23.89]
[null,94962,"CONCRETO MAGRO PARA LASTRO, TRAÇO 1:4,5:4,5 (CIMENTO/ AREIA MÉDIA/ BRITA 1)  - PREPARO MECÂNICO COM BETONEIRA 400 L. AF_07/2016","M³",243.16]
[null,94963,"CONCRETO FCK = 15MPA, TRAÇO 1:3,4:3,5 (CIMENTO/ AREIA MÉDIA/ BRITA 1)  - PREPARO MECÂNICO COM BETONEIRA 400 L. AF_07/2016","M³",265.02]
[null,94964,"CONCRETO FCK = 20MPA, TRAÇO 1:2,7:3 (CIMENTO/ AREIA MÉDIA/ BRITA 1)  - PREPARO MECÂNICO COM BETONEIRA 400 L. AF_07/2016","M³",291.08]
[null,94965,"CONCRETO FCK = 25MPA, TRAÇO 1:2,3:2,7 (CIMENTO/ AREIA MÉDIA/ BRITA 1)  - PREPARO MECÂNICO COM BETONEIRA 400 L. AF_07/2016","M³",300.42]
[null,94966,"CONCRETO FCK = 30MPA, TRAÇO 1:2,1:2,5 (CIMENTO/ AREIA MÉDIA/ BRITA 1)  - PREPARO MECÂNICO COM BETONEIRA 400 L. AF_07/2016","M³",310.52]
[null,94967,"CONCRETO FCK = 40MPA, TRAÇO 1:1,6:1,9 (CIMENTO/ AREIA MÉDIA/ BRITA 1)  - PREPARO MECÂNICO COM BETONEIRA 400 L. AF_07/2016","M³",354.7]
[null,94968,"CONCRETO MAGRO PARA LASTRO, TRAÇO 1:4,5:4,5 (CIMENTO/ AREIA MÉDIA/ BRITA 1)  - PREPARO MECÂNICO COM BETONEIRA 600 L. AF_07/2016","M³",235.65]
[null,94969,"CONCRETO FCK = 15MPA, TRAÇO 1:3,4:3,5 (CIMENTO/ AREIA MÉDIA/ BRITA 1)  - PREPARO MECÂNICO COM BETONEIRA 600 L. AF_07/2016","M³",258.48]
[null,94970,"CONCRETO FCK = 20MPA, TRAÇO 1:2,7:3 (CIMENTO/ AREIA MÉDIA/ BRITA 1)  - PREPARO MECÂNICO COM BETONEIRA 600 L. AF_07/2016","M³",279.07]
[null,94971,"CONCRETO FCK = 25MPA, TRAÇO 1:2,3:2,7 (CIMENTO/ AREIA MÉDIA/ BRITA 1)  - PREPARO MECÂNICO COM BETONEIRA 600 L. AF_07/2016","M³",293.62]
[null,94972,"CONCRETO FCK = 30MPA, TRAÇO 1:2,1:2,5 (CIMENTO/ AREIA MÉDIA/ BRITA 1)  - PREPARO MECÂNICO COM BETONEIRA 600 L. AF_07/2016","M³",305.88]
[null,94973,"CONCRETO FCK = 40MPA, TRAÇO 1:1,6:1,9 (CIMENTO/ AREIA MÉDIA/ BRITA 1)  - PREPARO MECÂNICO COM BETONEIRA 600 L. AF_07/2016","M³",346.11]
[null,94974,"CONCRETO MAGRO PARA LASTRO, TRAÇO 1:4,5:4,5 (CIMENTO/ AREIA MÉDIA/ BRITA 1)  - PREPARO MANUAL. AF_07/2016","M³",318.08999999999997]
[null,94975,"CONCRETO FCK = 15MPA, TRAÇO 1:3,4:3,5 (CIMENTO/ AREIA MÉDIA/ BRITA 1)  - PREPARO MANUAL. AF_07/2016","M³",339.48]
[null,96555,"CONCRETAGEM DE BLOCOS DE COROAMENTO E VIGAS BALDRAME, FCK 30 MPA, COM USO DE JERICA \u0096 LANÇAMENTO, ADENSAMENTO E ACABAMENTO. AF_06/2017","M³",428.54]
[null,96556,"CONCRETAGEM DE SAPATAS, FCK 30 MPA, COM USO DE JERICA \u0096 LANÇAMENTO, ADENSAMENTO E ACABAMENTO. AF_06/2017","M³",484.5]
[null,96557,"CONCRETAGEM DE BLOCOS DE COROAMENTO E VIGAS BALDRAMES, FCK 30 MPA, COM USO DE BOMBA \u0096 LANÇAMENTO, ADENSAMENTO E ACABAMENTO. AF_06/2017","M³",328.76]
[null,96558,"CONCRETAGEM DE SAPATAS, FCK 30 MPA, COM USO DE BOMBA \u0096 LANÇAMENTO, ADENSAMENTO E ACABAMENTO. AF_11/2016","M³",333.84]
[null,"74141/1","LAJE PRE-MOLD BETA 11 P/1KN/M2 VAOS 4,40M/INCL VIGOTAS TIJOLOS ARMADURA NEGATIVA CAPEAMENTO 3CM CONCRETO 20MPA ESCORAMENTO MATERIAL E MAO  DE OBRA.","M²",70.62]
[null,"74141/2","LAJE PRE-MOLD BETA 12 P/3,5KN/M2 VAO 4,1M INCL VIGOTAS TIJOLOS ARMADU-RA NEGATIVA CAPEAMENTO 3CM CONCRETO 15MPA ESCORAMENTO MATERIAIS E MAO DE OBRA.","M²",77.849999999999994]
[null,"74141/3","LAJE PRE-MOLD BETA 16 P/3,5KN/M2 VAO 5,2M INCL VIGOTAS TIJOLOS ARMADU-RA NEGATIVA CAPEAMENTO 3CM CONCRETO 15MPA ESCORAMENTO MATERIAL E MAO  DE OBRA.","M²",92.59]
[null,"74141/4","LAJE PRE-MOLD BETA 20 P/3,5KN/M2 VAO 6,2M INCL VIGOTAS TIJOLOS ARMADU-RA NEGATIVA CAPEAMENTO 3CM CONCRETO 15MPA ESCORAMENTO MATERIAL E MAO  DE OBRA.","M²",106.06]
[null,"74202/1","LAJE PRE-MOLDADA P/FORRO, SOBRECARGA 100KG/M2, VAOS ATE 3,50M/E=8CM, C/LAJOTAS E CAP.C/CONC FCK=20MPA, 3CM, INTER-EIXO 38CM, C/ESCORAMENTO (REAPR.3X) E FERRAGEM NEGATIVA","M²",61.98]
[null,"74202/2","LAJE PRE-MOLDADA P/PISO, SOBRECARGA 200KG/M2, VAOS ATE 3,50M/E=8CM, C/LAJOTAS E CAP.C/CONC FCK=20MPA, 4CM, INTER-EIXO 38CM, C/ESCORAMENTO (REAPR.3X) E FERRAGEM NEGATIVA","M²",68.19]
[null,"73817/1","EMBASAMENTO DE MATERIAL GRANULAR - PO DE PEDRA","M³",79.22]
[null,"73817/2","EMBASAMENTO DE MATERIAL GRANULAR - RACHAO","M³",104.95]
[null,"74078/1","AGULHAMENTO FUNDO DE VALAS C/MACO 30KG PEDRA-DE-MAO H=10CM","M²",27.07]
[null,83518,"ALVENARIA EMBASAMENTO E=20 CM BLOCO CONCRETO","M³",287.37]
[null,95467,"EMBASAMENTO C/PEDRA ARGAMASSADA UTILIZANDO ARG.CIM/AREIA 1:4","M³",352.25]
[null,68328,"JUNTA DE DILATACAO COM ISOPOR 10 MM","M²",13.32]
[null,"73898/1","JUNTA DE DILATACAO ELASTICA (PVC) O-220/6 PRESSAO ATE 30 MCA","M",94.96]
[null,"74121/1","JUNTA DE DILATACAO PARA IMPERMEABILIZACAO, COM SELANTE ELASTICO MONOCOMPONENTE A BASE DE POLIURETANO, DIMENSOES 1X1CM.","M",20.97]
[null,79471,"PINTURA ADESIVA P/ CONCRETO, A BASE DE RESINA EPOXI ( SIKADUR 32 )","KG",70.38]
[null,93182,"VERGA PRÉ-MOLDADA PARA JANELAS COM ATÉ 1,5 M DE VÃO. AF_03/2016","M",19.78]
[null,93183,"VERGA PRÉ-MOLDADA PARA JANELAS COM MAIS DE 1,5 M DE VÃO. AF_03/2016","M",25.05]
[null,93184,"VERGA PRÉ-MOLDADA PARA PORTAS COM ATÉ 1,5 M DE VÃO. AF_03/2016","M",15.38]
[null,93185,"VERGA PRÉ-MOLDADA PARA PORTAS COM MAIS DE 1,5 M DE VÃO. AF_03/2016","M",24.63]
[null,93186,"VERGA MOLDADA IN LOCO EM CONCRETO PARA JANELAS COM ATÉ 1,5 M DE VÃO. AF_03/2016","M",35.450000000000003]
[null,93187,"VERGA MOLDADA IN LOCO EM CONCRETO PARA JANELAS COM MAIS DE 1,5 M DE VÃO. AF_03/2016","M",39.99]
[null,93188,"VERGA MOLDADA IN LOCO EM CONCRETO PARA PORTAS COM ATÉ 1,5 M DE VÃO. AF_03/2016","M",36.53]
[null,93189,"VERGA MOLDADA IN LOCO EM CONCRETO PARA PORTAS COM MAIS DE 1,5 M DE VÃO. AF_03/2016","M",40.770000000000003]
[null,93190,"VERGA MOLDADA IN LOCO COM UTILIZAÇÃO DE BLOCOS CANALETA PARA JANELAS COM ATÉ 1,5 M DE VÃO. AF_03/2016","M",26.79]
[null,93191,"VERGA MOLDADA IN LOCO COM UTILIZAÇÃO DE BLOCOS CANALETA PARA JANELAS COM MAIS DE 1,5 M DE VÃO. AF_03/2016","M",27.51]
[null,93192,"VERGA MOLDADA IN LOCO COM UTILIZAÇÃO DE BLOCOS CANALETA PARA PORTAS COM ATÉ 1,5 M DE VÃO. AF_03/2016","M",31.73]
[null,93193,"VERGA MOLDADA IN LOCO COM UTILIZAÇÃO DE BLOCOS CANALETA PARA PORTAS COM MAIS DE 1,5 M DE VÃO. AF_03/2016","M",28.31]
[null,93194,"CONTRAVERGA PRÉ-MOLDADA PARA VÃOS DE ATÉ 1,5 M DE COMPRIMENTO. AF_03/2016","M",19.52]
[null,93195,"CONTRAVERGA PRÉ-MOLDADA PARA VÃOS DE MAIS DE 1,5 M DE COMPRIMENTO. AF_03/2016","M",22.96]
[null,93196,"CONTRAVERGA MOLDADA IN LOCO EM CONCRETO PARA VÃOS DE ATÉ 1,5 M DE COMPRIMENTO. AF_03/2016","M",33.200000000000003]
[null,93197,"CONTRAVERGA MOLDADA IN LOCO EM CONCRETO PARA VÃOS DE MAIS DE 1,5 M DE COMPRIMENTO. AF_03/2016","M",36.67]
[null,93198,"CONTRAVERGA MOLDADA IN LOCO COM UTILIZAÇÃO DE BLOCOS CANALETA PARA VÃOS DE ATÉ 1,5 M DE COMPRIMENTO. AF_03/2016","M",23.68]
[null,93199,"CONTRAVERGA MOLDADA IN LOCO COM UTILIZAÇÃO DE BLOCOS CANALETA PARA VÃOS DE MAIS DE 1,5 M DE COMPRIMENTO. AF_03/2016","M",23.29]
[null,93200,"FIXAÇÃO (ENCUNHAMENTO) DE ALVENARIA DE VEDAÇÃO COM ARGAMASSA APLICADA COM BISNAGA. AF_03/2016","M",2.23]
[null,93201,"FIXAÇÃO (ENCUNHAMENTO) DE ALVENARIA DE VEDAÇÃO COM ARGAMASSA APLICADA COM COLHER. AF_03/2016","M",4.3899999999999997]
[null,93202,"FIXAÇÃO (ENCUNHAMENTO) DE ALVENARIA DE VEDAÇÃO COM TIJOLO MACIÇO. AF_03/2016","M",15.84]
[null,93203,"FIXAÇÃO (ENCUNHAMENTO) DE ALVENARIA DE VEDAÇÃO COM ESPUMA DE POLIURETANO EXPANSIVA. AF_03/2016","M",11.77]
[null,93204,"CINTA DE AMARRAÇÃO DE ALVENARIA MOLDADA IN LOCO EM CONCRETO. AF_03/2016","M",27.42]
[null,93205,"CINTA DE AMARRAÇÃO DE ALVENARIA MOLDADA IN LOCO COM UTILIZAÇÃO DE BLOCOS CANALETA. AF_03/2016","M",21.2]
[null,71623,"CHAPIM DE CONCRETO APARENTE COM ACABAMENTO DESEMPENADO, FORMA DE COMPENSADO PLASTIFICADO (MADEIRIT) DE 14 X 10 CM, FUNDIDO NO LOCAL.","M",23.77]
[null,"74144/2","SUPORTE APOIO CAIXA D AGUA BARROTES MADEIRA DE 1","UN",25]
[null,83513,"FORNECIMENTO DE PERFIL SIMPLES \"I\" OU \"H\" ATE 8\" INCLUSIVE PERDAS","KG",7.78]
[null,83514,"FORNECIMENTO DE PERFIL SIMPLES \"I\" OU \"H\" 8 A 12\" INCLUSIVE PERDAS","KG",6.76]
[null,84153,"APARELHO DE APOIO NEOPRENE NAO FRETADO (1,4KG/DM3)","KG",51.49]
[null,84154,"APARELHO APOIO NEOPRENE FRETADO","DM³",104.98]
[null,85233,"ESCADA EM CONCRETO ARMADO, FCK = 15 MPA, MOLDADA IN LOCO","M³",1901.25]
[null,95952,"(COMPOSIÇÃO REPRESENTATIVA) EXECUÇÃO DE ESTRUTURAS DE CONCRETO ARMADO CONVENCIONAL, PARA EDIFICAÇÃO HABITACIONAL MULTIFAMILIAR (PRÉDIO), FCK = 25 MPA. AF_01/2017","M³",1247.22]
[null,95953,"(COMPOSIÇÃO REPRESENTATIVA) EXECUÇÃO DE ESTRUTURAS DE CONCRETO ARMADO, PARA EDIFICAÇÃO HABITACIONAL UNIFAMILIAR COM DOIS PAVIMENTOS (CASA ISOLADA), FCK = 25 MPA. AF_01/2017","M³",2163.3000000000002]
[null,95954,"(COMPOSIÇÃO REPRESENTATIVA) EXECUÇÃO DE ESTRUTURAS DE CONCRETO ARMADO, PARA EDIFICAÇÃO HABITACIONAL UNIFAMILIAR COM DOIS PAVIMENTOS (CASA EM EMPREENDIMENTOS), FCK = 25 MPA. AF_01/2017","M³",1427.71]
[null,95955,"(COMPOSIÇÃO REPRESENTATIVA) EXECUÇÃO DE ESTRUTURAS DE CONCRETO ARMADO, PARA EDIFICAÇÃO HABITACIONAL UNIFAMILIAR TÉRREA (CASA ISOLADA), FCK = 25 MPA. AF_01/2017","M³",1852.55]
[null,95956,"(COMPOSIÇÃO REPRESENTATIVA) EXECUÇÃO DE ESTRUTURAS DE CONCRETO ARMADO, PARA EDIFICAÇÃO HABITACIONAL UNIFAMILIAR TÉRREA (CASA EM EMPREENDIMENTOS), FCK = 25 MPA. AF_01/2017","M³",1369.62]
[null,95957,"(COMPOSIÇÃO REPRESENTATIVA) EXECUÇÃO DE ESTRUTURAS DE CONCRETO ARMADO, PARA EDIFICAÇÃO INSTITUCIONAL TÉRREA, FCK = 25 MPA. AF_01/2017","M³",1806.2]
[null,95969,"(COMPOSIÇÃO REPRESENTATIVA) EXECUÇÃO DE ESCADA EM CONCRETO ARMADO, MOLDADA IN LOCO, FCK = 25 MPA. AF_02/2017","M³",1892.45]
[null,97733,"PEÇA RETANGULAR PRÉ-MOLDADA, VOLUME DE CONCRETO DE ATÉ 10 LITROS, TAXA DE AÇO APROXIMADA DE 30KG/M³. AF_01/2018","M³",2162.06]
[null,97734,"PEÇA RETANGULAR PRÉ-MOLDADA, VOLUME DE CONCRETO DE 10 A 30 LITROS, TAXA DE AÇO APROXIMADA DE 30KG/M³. AF_01/2018","M³",1877.85]
[null,97735,"PEÇA RETANGULAR PRÉ-MOLDADA, VOLUME DE CONCRETO DE 30 A 100 LITROS, TAXA DE AÇO APROXIMADA DE 30KG/M³. AF_01/2018","M³",1545.23]
[null,97736,"PEÇA RETANGULAR PRÉ-MOLDADA, VOLUME DE CONCRETO ACIMA DE 100 LITROS, TAXA DE AÇO APROXIMADA DE 30KG/M³. AF_01/2018","M³",954.21]
[null,97737,"PEÇA RETANGULAR PRÉ-MOLDADA, VOLUME DE CONCRETO DE 30 A 70 LITROS , TAXA DE AÇO APROXIMADA DE 70KG/M³. AF_01/2018","M³",2117.54]
[null,97738,"PEÇA CIRCULAR PRÉ-MOLDADA, VOLUME DE CONCRETO DE 10 A 30 LITROS, TAXA DE FIBRA DE POLIPROPILENO APROXIMADA DE 6 KG/M³. AF_01/2018_P","M³",3200.03]
[null,97739,"PEÇA CIRCULAR PRÉ-MOLDADA, VOLUME DE CONCRETO DE 30 A 100 LITROS, TAXA DE AÇO APROXIMADA DE 30KG/M³. AF_01/2018","M³",1830.71]
[null,97740,"PEÇA CIRCULAR PRÉ-MOLDADA, VOLUME DE CONCRETO ACIMA DE 100 LITROS, TAXA DE AÇO APROXIMADA DE 30KG/M³. AF_01/2018","M³",1311.7]
[null,5968,"IMPERMEABILIZACAO DE SUPERFICIE COM ARGAMASSA DE CIMENTO E AREIA (MEDIA), TRACO 1:3, COM ADITIVO IMPERMEABILIZANTE, E=2CM.","M²",34.9]
[null,83731,"IMPERMEABILIZACAO DE SUPERFICIE COM ARGAMASSA DE CIMENTO E AREIA, TRACO 1:3, COM ADITIVO IMPERMEABILIZANTE, E=3 CM","M²",38.049999999999997]
[null,83732,"IMPERMEABILIZACAO DE SUPERFICIE COM ARGAMASSA DE CIMENTO E AREIA, TRACO 1:3, COM ADITIVO IMPERMEABILIZANTE, E=1,5 CM","M²",28.45]
[null,83733,"IMPERMEABILIZACAO DE SUPERFICIE COM ARGAMASSA DE CIMENTO E AREIA (GROSSA), TRACO 1:4, COM ADITIVO IMPERMEABILIZANTE, E=2 CM","M²",32.94]
[null,83735,"IMPERMEABILIZACAO DE SUPERFICIE COM CIMENTO IMPERMEABILIZANTE DE PEGA ULTRA RAPIDA, TRACO 1:1, E=0,5 CM","M²",62.36]
[null,68053,"FORNECIMENTO/INSTALACAO LONA PLASTICA PRETA, PARA IMPERMEABILIZACAO, ESPESSURA 150 MICRAS.","M²",4.57]
[null,"73753/1","IMPERMEABILIZACAO DE SUPERFICIE COM MANTA ASFALTICA PROTEGIDA COM FILME DE ALUMINIO GOFRADO (DE ESPESSURA 0,8MM), INCLUSA APLICACAO DE  EMULSAO ASFALTICA, E=3MM.","M²",75.489999999999995]
[null,"74033/1","IMPERMEABILIZACAO DE SUPERFICIE COM GEOMEMBRANA (MANTA TERMOPLASTICA LISA) TIPO PEAD, E=2MM.","M²",42.13]
[null,83737,"IMPERMEABILIZACAO DE SUPERFICIE COM MANTA ASFALTICA (COM POLIMEROS TIPO APP), E=3 MM","M²",68.209999999999994]
[null,83738,"IMPERMEABILIZACAO DE SUPERFICIE COM MANTA ASFALTICA (COM POLIMEROS TIPO APP), E=4 MM","M²",83.34]
[null,83740,"IMPERMEABILIZACAO COM VÉU DE POLIESTER","M²",30.52]
[null,"73929/1","IMPERMEABILIZACAO DE SUPERFICIE COM CIMENTO ESPECIAL CRISTALIZANTE COM ADESIVO LIQUIDO, UMA DEMAO.","M²",30.89]
[null,"73929/4","IMPERMEABILIZACAO DE ESTRUTURAS ENTERRADAS COM CIMENTO CRISTALIZANTE E ADESIVO LIQUIDO, ATE 7M DE PROFUNDIDADE.","M²",57.16]
[null,6225,"IMPERMEABILIZACAO DE CALHAS/LAJES DESCOBERTAS, COM EMULSAO ASFALTICA COM ELASTOMEROS, 3 DEMAOS","M²",38.04]
[null,72075,"IMPERMEABILIZACAO DE SUPERFICIE COM REVESTIMENTO BICOMPONENTE SEMI FLEXIVEL.","M²",12.34]
[null,"73762/2","IMPERMEABILIZACAO DE SUPERFICIE COM ADESIVO LIQUIDO SOBRE CIMENTO CRISTALIZANTE, INCLUSO VEU DE FIBRA DE VIDRO.","M²",85.27]
[null,"73762/4","IMPERMEABILIZACAO DE SUPERFICIE COM ASFALTO ELASTOMERICO, INCLUSOS PRIMER E VEU DE FIBRA DE VIDRO.","M²",150.53]
[null,"74066/2","IMPERMEABILIZACAO DE SUPERFICIE, COM IMPERMEABILIZANTE FLEXIVEL A BASE ACRILICA.","M²",81.7]
[null,"74106/1","IMPERMEABILIZACAO DE ESTRUTURAS ENTERRADAS, COM TINTA ASFALTICA, DUAS DEMAOS.","M²",9.41]
[null,83741,"IMPERMEABILIZACAO DE SUPERFICIE COM EMULSAO ASFALTICA COM ELASTOMERO, INCLUSOS PRIMER E VEU DE POLIESTER","M²",82.91]
[null,83742,"IMPERMEABILIZACAO DE SUPERFICIE COM EMULSAO ASFALTICA A BASE D'AGUA","M²",23.85]
[null,83743,"JUNTA DE DILATACAO PARA IMPERMEABILIZACAO, COM ASFALTO OXIDADO APLICADO A QUENTE, DIMENSOES 2X2 CM","M",20.94]
[null,"73872/1","IMPERMEABILIZACAO COM PINTURA A BASE DE RESINA EPOXI ALCATRAO, UMA DEMAO.","M²",28.23]
[null,"73872/2","IMPERMEABILIZACAO COM PINTURA A BASE DE RESINA EPOXI ALCATRAO, DUAS DEMAOS.","M²",54.79]
[null,72124,"IMPERMEABILIZACAO DE SUPERFICIE COM MASTIQUE ELASTICO A BASE DE SILICONE, POR VOLUME.","DM³",127.63]
[null,"74025/1","IMPERMEABILIZACAO DE SUPERFICIE COM MASTIQUE BETUMINOSO A FRIO, POR METRO.","M",50.46]
[null,"74190/1","IMPERMEABILIZACAO DE SUPERFICIE COM MASTIQUE BETUMINOSO A FRIO, POR AREA.","M²",166.99]
[null,"73798/1","DUTO ESPIRAL FLEXIVEL SINGELO PEAD D=50MM(2\") REVESTIDO COM PVC COM FIO GUIA DE ACO GALVANIZADO, LANCADO DIRETO NO SOLO, INCL CONEXOES","M",19.43]
[null,"73798/3","DUTO ESPIRAL FLEXIVEL SINGELO PEAD D=75MM(3\") REVESTIDO COM PVC COM FIO GUIA DE ACO GALVANIZADO, LANCADO DIRETO NO SOLO, INCL CONEXOES","M",30.32]
[null,91831,"ELETRODUTO FLEXÍVEL CORRUGADO, PVC, DN 20 MM (1/2\"), PARA CIRCUITOS TERMINAIS, INSTALADO EM FORRO - FORNECIMENTO E INSTALAÇÃO. AF_12/2015","M",5.33]
[null,91834,"ELETRODUTO FLEXÍVEL CORRUGADO, PVC, DN 25 MM (3/4\"), PARA CIRCUITOS TERMINAIS, INSTALADO EM FORRO - FORNECIMENTO E INSTALAÇÃO. AF_12/2015","M",5.92]
[null,91836,"ELETRODUTO FLEXÍVEL CORRUGADO, PVC, DN 32 MM (1\"), PARA CIRCUITOS TERMINAIS, INSTALADO EM FORRO - FORNECIMENTO E INSTALAÇÃO. AF_12/2015","M",7.75]
[null,91842,"ELETRODUTO FLEXÍVEL CORRUGADO, PVC, DN 20 MM (1/2\"), PARA CIRCUITOS TERMINAIS, INSTALADO EM LAJE - FORNECIMENTO E INSTALAÇÃO. AF_12/2015","M",3.79]
[null,91844,"ELETRODUTO FLEXÍVEL CORRUGADO, PVC, DN 25 MM (3/4\"), PARA CIRCUITOS TERMINAIS, INSTALADO EM LAJE - FORNECIMENTO E INSTALAÇÃO. AF_12/2015","M",4.38]
[null,91846,"ELETRODUTO FLEXÍVEL CORRUGADO, PVC, DN 32 MM (1\"), PARA CIRCUITOS TERMINAIS, INSTALADO EM LAJE - FORNECIMENTO E INSTALAÇÃO. AF_12/2015","M",6.21]
[null,91852,"ELETRODUTO FLEXÍVEL CORRUGADO, PVC, DN 20 MM (1/2\"), PARA CIRCUITOS TERMINAIS, INSTALADO EM PAREDE - FORNECIMENTO E INSTALAÇÃO. AF_12/2015","M",5.44]
[null,91854,"ELETRODUTO FLEXÍVEL CORRUGADO, PVC, DN 25 MM (3/4\"), PARA CIRCUITOS TERMINAIS, INSTALADO EM PAREDE - FORNECIMENTO E INSTALAÇÃO. AF_12/2015","M",6.02]
[null,91856,"ELETRODUTO FLEXÍVEL CORRUGADO, PVC, DN 32 MM (1\"), PARA CIRCUITOS TERMINAIS, INSTALADO EM PAREDE - FORNECIMENTO E INSTALAÇÃO. AF_12/2015","M",7.76]
[null,91862,"ELETRODUTO RÍGIDO ROSCÁVEL, PVC, DN 20 MM (1/2\"), PARA CIRCUITOS TERMINAIS, INSTALADO EM FORRO - FORNECIMENTO E INSTALAÇÃO. AF_12/2015","M",6.45]
[null,91863,"ELETRODUTO RÍGIDO ROSCÁVEL, PVC, DN 25 MM (3/4\"), PARA CIRCUITOS TERMINAIS, INSTALADO EM FORRO - FORNECIMENTO E INSTALAÇÃO. AF_12/2015","M",7.57]
[null,91864,"ELETRODUTO RÍGIDO ROSCÁVEL, PVC, DN 32 MM (1\"), PARA CIRCUITOS TERMINAIS, INSTALADO EM FORRO - FORNECIMENTO E INSTALAÇÃO. AF_12/2015","M",9.9700000000000006]
[null,91865,"ELETRODUTO RÍGIDO ROSCÁVEL, PVC, DN 40 MM (1 1/4\"), PARA CIRCUITOS TERMINAIS, INSTALADO EM FORRO - FORNECIMENTO E INSTALAÇÃO. AF_12/2015","M",12.38]
[null,91866,"ELETRODUTO RÍGIDO ROSCÁVEL, PVC, DN 20 MM (1/2\"), PARA CIRCUITOS TERMINAIS, INSTALADO EM LAJE - FORNECIMENTO E INSTALAÇÃO. AF_12/2015","M",5.01]
[null,91867,"ELETRODUTO RÍGIDO ROSCÁVEL, PVC, DN 25 MM (3/4\"), PARA CIRCUITOS TERMINAIS, INSTALADO EM LAJE - FORNECIMENTO E INSTALAÇÃO. AF_12/2015","M",6.12]
[null,91868,"ELETRODUTO RÍGIDO ROSCÁVEL, PVC, DN 32 MM (1\"), PARA CIRCUITOS TERMINAIS, INSTALADO EM LAJE - FORNECIMENTO E INSTALAÇÃO. AF_12/2015","M",8.5299999999999994]
[null,91869,"ELETRODUTO RÍGIDO ROSCÁVEL, PVC, DN 40 MM (1 1/4\"), PARA CIRCUITOS TERMINAIS, INSTALADO EM LAJE - FORNECIMENTO E INSTALAÇÃO. AF_12/2015","M",10.94]
[null,91870,"ELETRODUTO RÍGIDO ROSCÁVEL, PVC, DN 20 MM (1/2\"), PARA CIRCUITOS TERMINAIS, INSTALADO EM PAREDE - FORNECIMENTO E INSTALAÇÃO. AF_12/2015","M",7.09]
[null,91871,"ELETRODUTO RÍGIDO ROSCÁVEL, PVC, DN 25 MM (3/4\"), PARA CIRCUITOS TERMINAIS, INSTALADO EM PAREDE - FORNECIMENTO E INSTALAÇÃO. AF_12/2015","M",8.23]
[null,91872,"ELETRODUTO RÍGIDO ROSCÁVEL, PVC, DN 32 MM (1\"), PARA CIRCUITOS TERMINAIS, INSTALADO EM PAREDE - FORNECIMENTO E INSTALAÇÃO. AF_12/2015","M",10.64]
[null,91873,"ELETRODUTO RÍGIDO ROSCÁVEL, PVC, DN 40 MM (1 1/4\"), PARA CIRCUITOS TERMINAIS, INSTALADO EM PAREDE - FORNECIMENTO E INSTALAÇÃO. AF_12/2015","M",13.02]
[null,93008,"ELETRODUTO RÍGIDO ROSCÁVEL, PVC, DN 50 MM (1 1/2\") - FORNECIMENTO E INSTALAÇÃO. AF_12/2015","M",10.78]
[null,93009,"ELETRODUTO RÍGIDO ROSCÁVEL, PVC, DN 60 MM (2\") - FORNECIMENTO E INSTALAÇÃO. AF_12/2015","M",15.94]
[null,93010,"ELETRODUTO RÍGIDO ROSCÁVEL, PVC, DN 75 MM (2 1/2\") - FORNECIMENTO E INSTALAÇÃO. AF_12/2015","M",22.19]
[null,93011,"ELETRODUTO RÍGIDO ROSCÁVEL, PVC, DN 85 MM (3\") - FORNECIMENTO E INSTALAÇÃO. AF_12/2015","M",27.13]
[null,93012,"ELETRODUTO RÍGIDO ROSCÁVEL, PVC, DN 110 MM (4\") - FORNECIMENTO E INSTALAÇÃO. AF_12/2015","M",41.01]
[null,95726,"ELETRODUTO RÍGIDO SOLDÁVEL, PVC, DN 20 MM (½\u0092\u0092), APARENTE, INSTALADO EM TETO - FORNECIMENTO E INSTALAÇÃO. AF_11/2016_P","M",4.45]
[null,95727,"ELETRODUTO RÍGIDO SOLDÁVEL, PVC, DN 25 MM (3/4\u0092\u0092), APARENTE, INSTALADO EM TETO - FORNECIMENTO E INSTALAÇÃO. AF_11/2016_P","M",5.0599999999999996]
[null,95728,"ELETRODUTO RÍGIDO SOLDÁVEL, PVC, DN 32 MM (1\u0092\u0092), APARENTE, INSTALADO EM TETO - FORNECIMENTO E INSTALAÇÃO. AF_11/2016_P","M",6.38]
[null,95729,"ELETRODUTO RÍGIDO SOLDÁVEL, PVC, DN 20 MM (½\u0092\u0092), APARENTE, INSTALADO EM PAREDE - FORNECIMENTO E INSTALAÇÃO. AF_11/2016_P","M",5.75]
[null,95730,"ELETRODUTO RÍGIDO SOLDÁVEL, PVC, DN 25 MM (3/4\u0092\u0092), APARENTE, INSTALADO EM PAREDE - FORNECIMENTO E INSTALAÇÃO. AF_11/2016_P","M",6.37]
[null,95731,"ELETRODUTO RÍGIDO SOLDÁVEL, PVC, DN 32 MM (1\u0092\u0092), APARENTE, INSTALADO EM PAREDE - FORNECIMENTO E INSTALAÇÃO. AF_11/2016_P","M",7.69]
[null,95732,"LUVA PARA ELETRODUTO, PVC, SOLDÁVEL, DN 20 MM (1/2\u0092\u0092), APARENTE, INSTALADA EM TETO - FORNECIMENTO E INSTALAÇÃO. AF_11/2016_P","UN",2.96]
[null,95745,"ELETRODUTO DE AÇO GALVANIZADO, CLASSE LEVE, DN 20 MM (3/4\u0092\u0092), APARENTE, INSTALADO EM TETO - FORNECIMENTO E INSTALAÇÃO. AF_11/2016_P","M",18.02]
[null,95746,"ELETRODUTO DE AÇO GALVANIZADO, CLASSE LEVE, DN 25 MM (1\u0092\u0092), APARENTE, INSTALADO EM TETO - FORNECIMENTO E INSTALAÇÃO. AF_11/2016_P","M",22.51]
[null,95747,"ELETRODUTO DE AÇO GALVANIZADO, CLASSE SEMI PESADO, DN 32 MM (1 1/4\u0092\u0092), APARENTE, INSTALADO EM TETO - FORNECIMENTO E INSTALAÇÃO. AF_11/2016_P","M",38.380000000000003]
[null,95748,"ELETRODUTO DE AÇO GALVANIZADO, CLASSE SEMI PESADO, DN 40 MM (1 1/2 ), APARENTE, INSTALADO EM TETO - FORNECIMENTO E INSTALAÇÃO. AF_11/2016_P","M",41.05]
[null,95749,"ELETRODUTO DE AÇO GALVANIZADO, CLASSE LEVE, DN 20 MM (3/4\u0092\u0092), APARENTE, INSTALADO EM PAREDE - FORNECIMENTO E INSTALAÇÃO. AF_11/2016_P","M",22.31]
[null,95750,"ELETRODUTO DE AÇO GALVANIZADO, CLASSE LEVE, DN 25 MM (1\u0092\u0092), APARENTE, INSTALADO EM PAREDE - FORNECIMENTO E INSTALAÇÃO. AF_11/2016_P","M",26.7]
[null,95751,"ELETRODUTO DE AÇO GALVANIZADO, CLASSE SEMI PESADO, DN 32 MM (1 1/4\u0092\u0092), APARENTE, INSTALADO EM PAREDE - FORNECIMENTO E INSTALAÇÃO. AF_11/2016_P","M",42.44]
[null,95752,"ELETRODUTO DE AÇO GALVANIZADO, CLASSE SEMI PESADO, DN 40 MM (1 1/2  ), APARENTE, INSTALADO EM PAREDE - FORNECIMENTO E INSTALAÇÃO. AF_11/2016_P","M",44.96]
[null,72259,"TERMINAL OU CONECTOR DE PRESSAO - PARA CABO 10MM2 - FORNECIMENTO E INSTALACAO","UN",13.04]
[null,72260,"TERMINAL OU CONECTOR DE PRESSAO - PARA CABO 16MM2 - FORNECIMENTO E INSTALACAO","UN",12.97]
[null,72261,"TERMINAL OU CONECTOR DE PRESSAO - PARA CABO 25MM2 - FORNECIMENTO E INSTALACAO","UN",13.93]
[null,72262,"TERMINAL OU CONECTOR DE PRESSAO - PARA CABO 35MM2 - FORNECIMENTO E INSTALACAO","UN",14.02]
[null,72263,"TERMINAL OU CONECTOR DE PRESSAO - PARA CABO 50MM2 - FORNECIMENTO E INSTALACAO","UN",18.87]
[null,72264,"TERMINAL OU CONECTOR DE PRESSAO - PARA CABO 70MM2 - FORNECIMENTO E INSTALACAO","UN",19.07]
[null,72265,"TERMINAL OU CONECTOR DE PRESSAO - PARA CABO 95MM2 - FORNECIMENTO E INSTALACAO","UN",24.1]
[null,72266,"TERMINAL OU CONECTOR DE PRESSAO - PARA CABO 120MM2 - FORNECIMENTO E INSTALACAO","UN",32.840000000000003]
[null,72267,"TERMINAL OU CONECTOR DE PRESSAO - PARA CABO 150MM2 - FORNECIMENTO E INSTALACAO","UN",33.200000000000003]
[null,72268,"TERMINAL OU CONECTOR DE PRESSAO - PARA CABO 185MM2 - FORNECIMENTO E INSTALACAO","UN",34.83]
[null,72269,"TERMINAL OU CONECTOR DE PRESSAO - PARA CABO 240MM2 - FORNECIMENTO E INSTALACAO","UN",40.98]
[null,72270,"TERMINAL OU CONECTOR DE PRESSAO - PARA CABO 300MM2 - FORNECIMENTO E INSTALACAO","UN",52.54]
[null,72271,"CONECTOR PARAFUSO FENDIDO \u0094SPLIT-BOLT\u0094 - PARA CABO DE 16MM2 - FORNECIMENTO E INSTALACAO","UN",11.42]
[null,72272,"CONECTOR PARAFUSO FENDIDO \u0094SPLIT-BOLT\u0094 - PARA CABO DE 35MM2 - FORNECIMENTO E INSTALACAO","UN",13.07]
[null,"73782/2","TERMINAL METALICO A PRESSAO PARA 1 CABO DE 50 MM2 - FORNECIMENTO E INSTALACAO","UN",31.77]
[null,"73782/3","TERMINAL METALICO A PRESSAO PARA 1 CABO DE 95 MM2 - FORNECIMENTO E INSTALACAO","UN",49.68]
[null,"73782/4","TERMINAL A PRESSAO REFORCADO PARA CONEXAO DE CABO DE COBRE A BARRA, CABO 150 E 185MM2 - FORNECIMENTO E INSTALACAO","UN",134.80000000000001]
[null,"73782/5","TERMINAL METALICO A PRESSAO P/ 1 CABO DE COBRE DE 25 MM2 COM 1 FURO DE FIXAÇÃO - FORNECIMENTO E INSTALACAO","UN",19.47]
[null,83377,"CONECTOR DE PARAFUSO FENDIDO EM LIGA DE COBRE COM SEPARADOR DE CABOS PARA CABO 50 MM2 - FORNECIMENTO E INSTALACAO","UN",12.27]
[null,91874,"LUVA PARA ELETRODUTO, PVC, ROSCÁVEL, DN 20 MM (1/2\"), PARA CIRCUITOS TERMINAIS, INSTALADA EM FORRO - FORNECIMENTO E INSTALAÇÃO. AF_12/2015","UN",3.25]
[null,91875,"LUVA PARA ELETRODUTO, PVC, ROSCÁVEL, DN 25 MM (3/4\"), PARA CIRCUITOS TERMINAIS, INSTALADA EM FORRO - FORNECIMENTO E INSTALAÇÃO. AF_12/2015","UN",4.32]
[null,91876,"LUVA PARA ELETRODUTO, PVC, ROSCÁVEL, DN 32 MM (1\"), PARA CIRCUITOS TERMINAIS, INSTALADA EM FORRO - FORNECIMENTO E INSTALAÇÃO. AF_12/2015","UN",5.71]
[null,91877,"LUVA PARA ELETRODUTO, PVC, ROSCÁVEL, DN 40 MM (1 1/4\"), PARA CIRCUITOS TERMINAIS, INSTALADA EM FORRO - FORNECIMENTO E INSTALAÇÃO. AF_12/2015","UN",7.62]
[null,91878,"LUVA PARA ELETRODUTO, PVC, ROSCÁVEL, DN 20 MM (1/2\"), PARA CIRCUITOS TERMINAIS, INSTALADA EM LAJE - FORNECIMENTO E INSTALAÇÃO. AF_12/2015","UN",4.16]
[null,91879,"LUVA PARA ELETRODUTO, PVC, ROSCÁVEL, DN 25 MM (3/4\"), PARA CIRCUITOS TERMINAIS, INSTALADA EM LAJE - FORNECIMENTO E INSTALAÇÃO. AF_12/2015","UN",5.19]
[null,91880,"LUVA PARA ELETRODUTO, PVC, ROSCÁVEL, DN 32 MM (1\"), PARA CIRCUITOS TERMINAIS, INSTALADA EM LAJE - FORNECIMENTO E INSTALAÇÃO. AF_12/2015","UN",6.61]
[null,91881,"LUVA PARA ELETRODUTO, PVC, ROSCÁVEL, DN 40 MM (1 1/4\"), PARA CIRCUITOS TERMINAIS, INSTALADA EM LAJE - FORNECIMENTO E INSTALAÇÃO. AF_12/2015","UN",8.5299999999999994]
[null,91882,"LUVA PARA ELETRODUTO, PVC, ROSCÁVEL, DN 20 MM (1/2\"), PARA CIRCUITOS TERMINAIS, INSTALADA EM PAREDE - FORNECIMENTO E INSTALAÇÃO. AF_12/2015","UN",5.12]
[null,91884,"LUVA PARA ELETRODUTO, PVC, ROSCÁVEL, DN 25 MM (3/4\"), PARA CIRCUITOS TERMINAIS, INSTALADA EM PAREDE - FORNECIMENTO E INSTALAÇÃO. AF_12/2015","UN",5.94]
[null,91885,"LUVA PARA ELETRODUTO, PVC, ROSCÁVEL, DN 32 MM (1\"), PARA CIRCUITOS TERMINAIS, INSTALADA EM PAREDE - FORNECIMENTO E INSTALAÇÃO. AF_12/2015","UN",7.04]
[null,91886,"LUVA PARA ELETRODUTO, PVC, ROSCÁVEL, DN 40 MM (1 1/4\"), PARA CIRCUITOS TERMINAIS, INSTALADA EM PAREDE - FORNECIMENTO E INSTALAÇÃO. AF_12/2015","UN",8.6199999999999992]
[null,91887,"CURVA 90 GRAUS PARA ELETRODUTO, PVC, ROSCÁVEL, DN 20 MM (1/2\"), PARA CIRCUITOS TERMINAIS, INSTALADA EM FORRO - FORNECIMENTO E INSTALAÇÃO. AF_12/2015","UN",6.14]
[null,91889,"CURVA 180 GRAUS PARA ELETRODUTO, PVC, ROSCÁVEL, DN 20 MM (1/2\"), PARA CIRCUITOS TERMINAIS, INSTALADA EM FORRO - FORNECIMENTO E INSTALAÇÃO. AF_12/2015","UN",5.89]
[null,91890,"CURVA 90 GRAUS PARA ELETRODUTO, PVC, ROSCÁVEL, DN 25 MM (3/4\"), PARA CIRCUITOS TERMINAIS, INSTALADA EM FORRO - FORNECIMENTO E INSTALAÇÃO. AF_12/2015","UN",7.26]
[null,91892,"CURVA 180 GRAUS PARA ELETRODUTO, PVC, ROSCÁVEL, DN 25 MM (3/4\"), PARA CIRCUITOS TERMINAIS, INSTALADA EM FORRO - FORNECIMENTO E INSTALAÇÃO. AF_12/2015","UN",8.89]
[null,91893,"CURVA 90 GRAUS PARA ELETRODUTO, PVC, ROSCÁVEL, DN 32 MM (1\"), PARA CIRCUITOS TERMINAIS, INSTALADA EM FORRO - FORNECIMENTO E INSTALAÇÃO. AF_12/2015","UN",9.9600000000000009]
[null,91896,"CURVA 90 GRAUS PARA ELETRODUTO, PVC, ROSCÁVEL, DN 40 MM (1 1/4\"), PARA CIRCUITOS TERMINAIS, INSTALADA EM FORRO - FORNECIMENTO E INSTALAÇÃO. AF_12/2015","UN",12.11]
[null,91898,"CURVA 180 GRAUS PARA ELETRODUTO, PVC, ROSCÁVEL, DN 40 MM (1 1/4\"), PARA CIRCUITOS TERMINAIS, INSTALADA EM FORRO - FORNECIMENTO E INSTALAÇÃO. AF_12/2015","UN",13.89]
[null,91899,"CURVA 90 GRAUS PARA ELETRODUTO, PVC, ROSCÁVEL, DN 20 MM (1/2\"), PARA CIRCUITOS TERMINAIS, INSTALADA EM LAJE - FORNECIMENTO E INSTALAÇÃO. AF_12/2015","UN",7.45]
[null,91901,"CURVA 180 GRAUS PARA ELETRODUTO, PVC, ROSCÁVEL, DN 20 MM (1/2\"), PARA CIRCUITOS TERMINAIS, INSTALADA EM LAJE - FORNECIMENTO E INSTALAÇÃO. AF_12/2015","UN",7.2]
[null,91902,"CURVA 90 GRAUS PARA ELETRODUTO, PVC, ROSCÁVEL, DN 25 MM (3/4\"), PARA CIRCUITOS TERMINAIS, INSTALADA EM LAJE - FORNECIMENTO E INSTALAÇÃO. AF_12/2015","UN",8.57]
[null,91904,"CURVA 180 GRAUS PARA ELETRODUTO, PVC, ROSCÁVEL, DN 25 MM (3/4\"), PARA CIRCUITOS TERMINAIS, INSTALADA EM LAJE - FORNECIMENTO E INSTALAÇÃO. AF_12/2015","UN",10.199999999999999]
[null,91905,"CURVA 90 GRAUS PARA ELETRODUTO, PVC, ROSCÁVEL, DN 32 MM (1\"), PARA CIRCUITOS TERMINAIS, INSTALADA EM LAJE - FORNECIMENTO E INSTALAÇÃO. AF_12/2015","UN",11.27]
[null,91908,"CURVA 90 GRAUS PARA ELETRODUTO, PVC, ROSCÁVEL, DN 40 MM (1 1/4\"), PARA CIRCUITOS TERMINAIS, INSTALADA EM LAJE - FORNECIMENTO E INSTALAÇÃO. AF_12/2015","UN",13.45]
[null,91910,"CURVA 180 GRAUS PARA ELETRODUTO, PVC, ROSCÁVEL, DN 40 MM (1 1/4\"), PARA CIRCUITOS TERMINAIS, INSTALADA EM LAJE - FORNECIMENTO E INSTALAÇÃO. AF_12/2015","UN",15.23]
[null,91911,"CURVA 90 GRAUS PARA ELETRODUTO, PVC, ROSCÁVEL, DN 20 MM (1/2\"), PARA CIRCUITOS TERMINAIS, INSTALADA EM PAREDE - FORNECIMENTO E INSTALAÇÃO. AF_12/2015","UN",8.94]
[null,91913,"CURVA 180 GRAUS PARA ELETRODUTO, PVC, ROSCÁVEL, DN 20 MM (1/2\"), PARA CIRCUITOS TERMINAIS, INSTALADA EM PAREDE - FORNECIMENTO E INSTALAÇÃO. AF_12/2015","UN",8.69]
[null,91914,"CURVA 90 GRAUS PARA ELETRODUTO, PVC, ROSCÁVEL, DN 25 MM (3/4\"), PARA CIRCUITOS TERMINAIS, INSTALADA EM PAREDE - FORNECIMENTO E INSTALAÇÃO. AF_12/2015","UN",9.7200000000000006]
[null,91916,"CURVA 180 GRAUS PARA ELETRODUTO, PVC, ROSCÁVEL, DN 25 MM (3/4\"), PARA CIRCUITOS TERMINAIS, INSTALADA EM PAREDE - FORNECIMENTO E INSTALAÇÃO. AF_12/2015","UN",11.35]
[null,91917,"CURVA 90 GRAUS PARA ELETRODUTO, PVC, ROSCÁVEL, DN 32 MM (1\"), PARA CIRCUITOS TERMINAIS, INSTALADA EM PAREDE - FORNECIMENTO E INSTALAÇÃO. AF_12/2015","UN",11.96]
[null,91920,"CURVA 90 GRAUS PARA ELETRODUTO, PVC, ROSCÁVEL, DN 40 MM (1 1/4\"), PARA CIRCUITOS TERMINAIS, INSTALADA EM PAREDE - FORNECIMENTO E INSTALAÇÃO. AF_12/2015","UN",13.61]
[null,91922,"CURVA 180 GRAUS PARA ELETRODUTO, PVC, ROSCÁVEL, DN 40 MM (1 1/4\"), PARA CIRCUITOS TERMINAIS, INSTALADA EM PAREDE - FORNECIMENTO E INSTALAÇÃO. AF_12/2015","UN",15.39]
[null,93013,"LUVA PARA ELETRODUTO, PVC, ROSCÁVEL, DN 50 MM (1 1/2\") - FORNECIMENTO E INSTALAÇÃO. AF_12/2015","UN",9.92]
[null,93014,"LUVA PARA ELETRODUTO, PVC, ROSCÁVEL, DN 60 MM (2\") - FORNECIMENTO E INSTALAÇÃO. AF_12/2015","UN",12.3]
[null,93015,"LUVA PARA ELETRODUTO, PVC, ROSCÁVEL, DN 75 MM (2 1/2\") - FORNECIMENTO E INSTALAÇÃO. AF_12/2015","UN",19.079999999999998]
[null,93016,"LUVA PARA ELETRODUTO, PVC, ROSCÁVEL, DN 85 MM (3\") - FORNECIMENTO E INSTALAÇÃO. AF_12/2015","UN",23.39]
[null,93017,"LUVA PARA ELETRODUTO, PVC, ROSCÁVEL, DN 110 MM (4\") - FORNECIMENTO E INSTALAÇÃO. AF_12/2015","UN",35.64]
[null,93018,"CURVA 90 GRAUS PARA ELETRODUTO, PVC, ROSCÁVEL, DN 50 MM (1 1/2\") - FORNECIMENTO E INSTALAÇÃO. AF_12/2015","UN",15.19]
[null,93020,"CURVA 90 GRAUS PARA ELETRODUTO, PVC, ROSCÁVEL, DN 60 MM (2\") - FORNECIMENTO E INSTALAÇÃO. AF_12/2015","UN",19.73]
[null,93022,"CURVA 90 GRAUS PARA ELETRODUTO, PVC, ROSCÁVEL, DN 75 MM (2 1/2\") - FORNECIMENTO E INSTALAÇÃO. AF_12/2015","UN",33.99]
[null,93024,"CURVA 90 GRAUS PARA ELETRODUTO, PVC, ROSCÁVEL, DN 85 MM (3\") - FORNECIMENTO E INSTALAÇÃO. AF_12/2015","UN",35.58]
[null,93026,"CURVA 90 GRAUS PARA ELETRODUTO, PVC, ROSCÁVEL, DN 110 MM (4\") - FORNECIMENTO E INSTALAÇÃO. AF_12/2015","UN",59.27]
[null,95733,"LUVA PARA ELETRODUTO, PVC, SOLDÁVEL, DN 25 MM (3/4\u0092\u0092), APARENTE, INSTALADA EM TETO - FORNECIMENTO E INSTALAÇÃO. AF_11/2016_P","UN",3.89]
[null,95734,"LUVA PARA ELETRODUTO, PVC, SOLDÁVEL, DN 32 MM (1\u0092\u0092), APARENTE, INSTALADA EM TETO - FORNECIMENTO E INSTALAÇÃO. AF_11/2016_P","UN",5.19]
[null,95735,"LUVA PARA ELETRODUTO, PVC, SOLDÁVEL, DN 20 MM (1/2\u0092\u0092), APARENTE, INSTALADA EM PAREDE - FORNECIMENTO E INSTALAÇÃO. AF_11/2016_P","UN",4.34]
[null,95736,"LUVA PARA ELETRODUTO, PVC, SOLDÁVEL, DN 25 MM (3/4\u0092\u0092), APARENTE, INSTALADA EM PAREDE - FORNECIMENTO E INSTALAÇÃO. AF_11/2016_P","UN",5.0999999999999996]
[null,95738,"LUVA PARA ELETRODUTO, PVC, SOLDÁVEL, DN 32 MM (1\u0092\u0092), APARENTE, INSTALADA EM PAREDE - FORNECIMENTO E INSTALAÇÃO. AF_11/2016_P","UN",6.18]
[null,95753,"LUVA DE EMENDA PARA ELETRODUTO, AÇO GALVANIZADO, DN 20 MM (3/4  ), APARENTE, INSTALADA EM TETO - FORNECIMENTO E INSTALAÇÃO. AF_11/2016_P","UN",5.32]
[null,95754,"LUVA DE EMENDA PARA ELETRODUTO, AÇO GALVANIZADO, DN 25 MM (1''), APARENTE, INSTALADA EM TETO - FORNECIMENTO E INSTALAÇÃO. AF_11/2016_P","UN",6.59]
[null,95755,"LUVA DE EMENDA PARA ELETRODUTO, AÇO GALVANIZADO, DN 32 MM (1 1/4''), APARENTE, INSTALADA EM TETO - FORNECIMENTO E INSTALAÇÃO. AF_11/2016_P","UN",9.7100000000000009]
[null,95756,"LUVA DE EMENDA PARA ELETRODUTO, AÇO GALVANIZADO, DN 40 MM (1 1/2''), APARENTE, INSTALADA EM TETO - FORNECIMENTO E INSTALAÇÃO. AF_11/2016_P","UN",13.08]
[null,95757,"LUVA DE EMENDA PARA ELETRODUTO, AÇO GALVANIZADO, DN 20 MM (3/4''), APARENTE, INSTALADA EM PAREDE - FORNECIMENTO E INSTALAÇÃO. AF_11/2016_P","UN",7.72]
[null,95758,"LUVA DE EMENDA PARA ELETRODUTO, AÇO GALVANIZADO, DN 25 MM (1''), APARENTE, INSTALADA EM PAREDE - FORNECIMENTO E INSTALAÇÃO. AF_11/2016_P","UN",8.6999999999999993]
[null,95759,"LUVA DE EMENDA PARA ELETRODUTO, AÇO GALVANIZADO, DN 32 MM (1 1/4''), APARENTE, INSTALADA EM PAREDE - FORNECIMENTO E INSTALAÇÃO. AF_11/2016_P","UN",11.43]
[null,95760,"LUVA DE EMENDA PARA ELETRODUTO, AÇO GALVANIZADO, DN 40 MM (1 1/2''), APARENTE, INSTALADA EM PAREDE - FORNECIMENTO E INSTALAÇÃO. AF_11/2016_P","UN",14.34]
[null,72250,"CABO DE COBRE NU 10MM2 - FORNECIMENTO E INSTALACAO","M",7.16]
[null,72251,"CABO DE COBRE NU 16MM2 - FORNECIMENTO E INSTALACAO","M",10.5]
[null,72252,"CABO DE COBRE NU 25MM2 - FORNECIMENTO E INSTALACAO","M",15.27]
[null,72253,"CABO DE COBRE NU 35MM2 - FORNECIMENTO E INSTALACAO","M",20.329999999999998]
[null,72254,"CABO DE COBRE NU 50MM2 - FORNECIMENTO E INSTALACAO","M",28.87]
[null,72255,"CABO DE COBRE NU 70MM2 - FORNECIMENTO E INSTALACAO","M",37.659999999999997]
[null,72256,"CABO DE COBRE NU 95MM2 - FORNECIMENTO E INSTALACAO","M",49.34]
[null,72257,"CABO DE COBRE NU 120MM2 - FORNECIMENTO E INSTALACAO","M",64.27]
[null,91924,"CABO DE COBRE FLEXÍVEL ISOLADO, 1,5 MM², ANTI-CHAMA 450/750 V, PARA CIRCUITOS TERMINAIS - FORNECIMENTO E INSTALAÇÃO. AF_12/2015","M",1.85]
[null,91925,"CABO DE COBRE FLEXÍVEL ISOLADO, 1,5 MM², ANTI-CHAMA 0,6/1,0 KV, PARA CIRCUITOS TERMINAIS - FORNECIMENTO E INSTALAÇÃO. AF_12/2015","M",2.69]
[null,91926,"CABO DE COBRE FLEXÍVEL ISOLADO, 2,5 MM², ANTI-CHAMA 450/750 V, PARA CIRCUITOS TERMINAIS - FORNECIMENTO E INSTALAÇÃO. AF_12/2015","M",2.75]
[null,91927,"CABO DE COBRE FLEXÍVEL ISOLADO, 2,5 MM², ANTI-CHAMA 0,6/1,0 KV, PARA CIRCUITOS TERMINAIS - FORNECIMENTO E INSTALAÇÃO. AF_12/2015","M",3.63]
[null,91928,"CABO DE COBRE FLEXÍVEL ISOLADO, 4 MM², ANTI-CHAMA 450/750 V, PARA CIRCUITOS TERMINAIS - FORNECIMENTO E INSTALAÇÃO. AF_12/2015","M",4.49]
[null,91929,"CABO DE COBRE FLEXÍVEL ISOLADO, 4 MM², ANTI-CHAMA 0,6/1,0 KV, PARA CIRCUITOS TERMINAIS - FORNECIMENTO E INSTALAÇÃO. AF_12/2015","M",5.12]
[null,91930,"CABO DE COBRE FLEXÍVEL ISOLADO, 6 MM², ANTI-CHAMA 450/750 V, PARA CIRCUITOS TERMINAIS - FORNECIMENTO E INSTALAÇÃO. AF_12/2015","M",6.17]
[null,91931,"CABO DE COBRE FLEXÍVEL ISOLADO, 6 MM², ANTI-CHAMA 0,6/1,0 KV, PARA CIRCUITOS TERMINAIS - FORNECIMENTO E INSTALAÇÃO. AF_12/2015","M",6.92]
[null,91932,"CABO DE COBRE FLEXÍVEL ISOLADO, 10 MM², ANTI-CHAMA 450/750 V, PARA CIRCUITOS TERMINAIS - FORNECIMENTO E INSTALAÇÃO. AF_12/2015","M",10.16]
[null,91933,"CABO DE COBRE FLEXÍVEL ISOLADO, 10 MM², ANTI-CHAMA 0,6/1,0 KV, PARA CIRCUITOS TERMINAIS - FORNECIMENTO E INSTALAÇÃO. AF_12/2015","M",10.87]
[null,91934,"CABO DE COBRE FLEXÍVEL ISOLADO, 16 MM², ANTI-CHAMA 450/750 V, PARA CIRCUITOS TERMINAIS - FORNECIMENTO E INSTALAÇÃO. AF_12/2015","M",15.55]
[null,91935,"CABO DE COBRE FLEXÍVEL ISOLADO, 16 MM², ANTI-CHAMA 0,6/1,0 KV, PARA CIRCUITOS TERMINAIS - FORNECIMENTO E INSTALAÇÃO. AF_12/2015","M",16.579999999999998]
[null,92979,"CABO DE COBRE FLEXÍVEL ISOLADO, 10 MM², ANTI-CHAMA 450/750 V, PARA DISTRIBUIÇÃO - FORNECIMENTO E INSTALAÇÃO. AF_12/2015","M",6.98]
[null,92980,"CABO DE COBRE FLEXÍVEL ISOLADO, 10 MM², ANTI-CHAMA 0,6/1,0 KV, PARA DISTRIBUIÇÃO - FORNECIMENTO E INSTALAÇÃO. AF_12/2015","M",7.59]
[null,92981,"CABO DE COBRE FLEXÍVEL ISOLADO, 16 MM², ANTI-CHAMA 450/750 V, PARA DISTRIBUIÇÃO - FORNECIMENTO E INSTALAÇÃO. AF_12/2015","M",10.73]
[null,92982,"CABO DE COBRE FLEXÍVEL ISOLADO, 16 MM², ANTI-CHAMA 0,6/1,0 KV, PARA DISTRIBUIÇÃO - FORNECIMENTO E INSTALAÇÃO. AF_12/2015","M",11.61]
[null,92983,"CABO DE COBRE FLEXÍVEL ISOLADO, 25 MM², ANTI-CHAMA 450/750 V, PARA DISTRIBUIÇÃO - FORNECIMENTO E INSTALAÇÃO. AF_12/2015","M",18.37]
[null,92984,"CABO DE COBRE FLEXÍVEL ISOLADO, 25 MM², ANTI-CHAMA 0,6/1,0 KV, PARA DISTRIBUIÇÃO - FORNECIMENTO E INSTALAÇÃO. AF_12/2015","M",18.850000000000001]
[null,92985,"CABO DE COBRE FLEXÍVEL ISOLADO, 35 MM², ANTI-CHAMA 450/750 V, PARA DISTRIBUIÇÃO - FORNECIMENTO E INSTALAÇÃO. AF_12/2015","M",24.78]
[null,92986,"CABO DE COBRE FLEXÍVEL ISOLADO, 35 MM², ANTI-CHAMA 0,6/1,0 KV, PARA DISTRIBUIÇÃO - FORNECIMENTO E INSTALAÇÃO. AF_12/2015","M",25.51]
[null,92987,"CABO DE COBRE FLEXÍVEL ISOLADO, 50 MM², ANTI-CHAMA 450/750 V, PARA DISTRIBUIÇÃO - FORNECIMENTO E INSTALAÇÃO. AF_12/2015","M",35.729999999999997]
[null,92988,"CABO DE COBRE FLEXÍVEL ISOLADO, 50 MM², ANTI-CHAMA 0,6/1,0 KV, PARA DISTRIBUIÇÃO - FORNECIMENTO E INSTALAÇÃO. AF_12/2015","M",35.82]
[null,92989,"CABO DE COBRE FLEXÍVEL ISOLADO, 70 MM², ANTI-CHAMA 450/750 V, PARA DISTRIBUIÇÃO - FORNECIMENTO E INSTALAÇÃO. AF_12/2015","M",49.71]
[null,92990,"CABO DE COBRE FLEXÍVEL ISOLADO, 70 MM², ANTI-CHAMA 0,6/1,0 KV, PARA DISTRIBUIÇÃO - FORNECIMENTO E INSTALAÇÃO. AF_12/2015","M",49.14]
[null,92991,"CABO DE COBRE FLEXÍVEL ISOLADO, 95 MM², ANTI-CHAMA 450/750 V, PARA DISTRIBUIÇÃO - FORNECIMENTO E INSTALAÇÃO. AF_12/2015","M",64.87]
[null,92992,"CABO DE COBRE FLEXÍVEL ISOLADO, 95 MM², ANTI-CHAMA 0,6/1,0 KV, PARA DISTRIBUIÇÃO - FORNECIMENTO E INSTALAÇÃO. AF_12/2015","M",64.92]
[null,92993,"CABO DE COBRE FLEXÍVEL ISOLADO, 120 MM², ANTI-CHAMA 450/750 V, PARA DISTRIBUIÇÃO - FORNECIMENTO E INSTALAÇÃO. AF_12/2015","M",83.22]
[null,92994,"CABO DE COBRE FLEXÍVEL ISOLADO, 120 MM², ANTI-CHAMA 0,6/1,0 KV, PARA DISTRIBUIÇÃO - FORNECIMENTO E INSTALAÇÃO. AF_12/2015","M",84.06]
[null,92995,"CABO DE COBRE FLEXÍVEL ISOLADO, 150 MM², ANTI-CHAMA 450/750 V, PARA DISTRIBUIÇÃO - FORNECIMENTO E INSTALAÇÃO. AF_12/2015","M",103.56]
[null,92996,"CABO DE COBRE FLEXÍVEL ISOLADO, 150 MM², ANTI-CHAMA 0,6/1,0 KV, PARA DISTRIBUIÇÃO - FORNECIMENTO E INSTALAÇÃO. AF_12/2015","M",103.85]
[null,92997,"CABO DE COBRE FLEXÍVEL ISOLADO, 185 MM², ANTI-CHAMA 450/750 V, PARA DISTRIBUIÇÃO - FORNECIMENTO E INSTALAÇÃO. AF_12/2015","M",125.86]
[null,92998,"CABO DE COBRE FLEXÍVEL ISOLADO, 185 MM², ANTI-CHAMA 0,6/1,0 KV, PARA DISTRIBUIÇÃO - FORNECIMENTO E INSTALAÇÃO. AF_12/2015","M",127.08]
[null,92999,"CABO DE COBRE FLEXÍVEL ISOLADO, 240 MM², ANTI-CHAMA 450/750 V, PARA DISTRIBUIÇÃO - FORNECIMENTO E INSTALAÇÃO. AF_12/2015","M",165.8]
[null,93000,"CABO DE COBRE FLEXÍVEL ISOLADO, 240 MM², ANTI-CHAMA 0,6/1,0 KV, PARA DISTRIBUIÇÃO - FORNECIMENTO E INSTALAÇÃO. AF_12/2015","M",166.83]
[null,93001,"CABO DE COBRE RÍGIDO ISOLADO, 300 MM², ANTI-CHAMA 450/750 V, PARA DISTRIBUIÇÃO - FORNECIMENTO E INSTALAÇÃO. AF_12/2015","M",202.54]
[null,93002,"CABO DE COBRE FLEXÍVEL ISOLADO, 300 MM², ANTI-CHAMA 0,6/1,0 KV, PARA DISTRIBUIÇÃO - FORNECIMENTO E INSTALAÇÃO. AF_12/2015","M",208.21]
[null,83446,"CAIXA DE PASSAGEM 30X30X40 COM TAMPA E DRENO BRITA","UN",136.28]
[null,91936,"CAIXA OCTOGONAL 4\" X 4\", PVC, INSTALADA EM LAJE - FORNECIMENTO E INSTALAÇÃO. AF_12/2015","UN",9.5299999999999994]
[null,91937,"CAIXA OCTOGONAL 3\" X 3\", PVC, INSTALADA EM LAJE - FORNECIMENTO E INSTALAÇÃO. AF_12/2015","UN",7.97]
[null,91939,"CAIXA RETANGULAR 4\" X 2\" ALTA (2,00 M DO PISO), PVC, INSTALADA EM PAREDE - FORNECIMENTO E INSTALAÇÃO. AF_12/2015","UN",18.47]
[null,91940,"CAIXA RETANGULAR 4\" X 2\" MÉDIA (1,30 M DO PISO), PVC, INSTALADA EM PAREDE - FORNECIMENTO E INSTALAÇÃO. AF_12/2015","UN",9.98]
[null,91941,"CAIXA RETANGULAR 4\" X 2\" BAIXA (0,30 M DO PISO), PVC, INSTALADA EM PAREDE - FORNECIMENTO E INSTALAÇÃO. AF_12/2015","UN",6.81]
[null,91942,"CAIXA RETANGULAR 4\" X 4\" ALTA (2,00 M DO PISO), PVC, INSTALADA EM PAREDE - FORNECIMENTO E INSTALAÇÃO. AF_12/2015","UN",22.93]
[null,91943,"CAIXA RETANGULAR 4\" X 4\" MÉDIA (1,30 M DO PISO), PVC, INSTALADA EM PAREDE - FORNECIMENTO E INSTALAÇÃO. AF_12/2015","UN",13.16]
[null,91944,"CAIXA RETANGULAR 4\" X 4\" BAIXA (0,30 M DO PISO), PVC, INSTALADA EM PAREDE - FORNECIMENTO E INSTALAÇÃO. AF_12/2015","UN",9.51]
[null,92865,"CAIXA OCTOGONAL 4\" X 4\", METÁLICA, INSTALADA EM LAJE - FORNECIMENTO E INSTALAÇÃO. AF_12/2015","UN",6.84]
[null,92866,"CAIXA SEXTAVADA 3\" X 3\", METÁLICA, INSTALADA EM LAJE - FORNECIMENTO E INSTALAÇÃO. AF_12/2015","UN",5.68]
[null,92867,"CAIXA RETANGULAR 4\" X 2\" ALTA (2,00 M DO PISO), METÁLICA, INSTALADA EM PAREDE - FORNECIMENTO E INSTALAÇÃO. AF_12/2015","UN",17.649999999999999]
[null,92868,"CAIXA RETANGULAR 4\" X 2\" MÉDIA (1,30 M DO PISO), METÁLICA, INSTALADA EM PAREDE - FORNECIMENTO E INSTALAÇÃO. AF_12/2015","UN",9.16]
[null,92869,"CAIXA RETANGULAR 4\" X 2\" BAIXA (0,30 M DO PISO), METÁLICA, INSTALADA EM PAREDE - FORNECIMENTO E INSTALAÇÃO. AF_12/2015","UN",5.99]
[null,92870,"CAIXA RETANGULAR 4\" X 4\" ALTA (2,00 M DO PISO), METÁLICA, INSTALADA EM PAREDE - FORNECIMENTO E INSTALAÇÃO. AF_12/2015","UN",21.42]
[null,92871,"CAIXA RETANGULAR 4\" X 4\" MÉDIA (1,30 M DO PISO), METÁLICA, INSTALADA EM PAREDE - FORNECIMENTO E INSTALAÇÃO. AF_12/2015","UN",11.65]
[null,92872,"CAIXA RETANGULAR 4\" X 4\" BAIXA (0,30 M DO PISO), METÁLICA, INSTALADA EM PAREDE - FORNECIMENTO E INSTALAÇÃO. AF_12/2015","UN",8]
[null,95777,"CONDULETE DE ALUMÍNIO, TIPO B, PARA ELETRODUTO DE AÇO GALVANIZADO DN 20 MM (3/4''), APARENTE - FORNECIMENTO E INSTALAÇÃO. AF_11/2016_P","UN",19.28]
[null,95778,"CONDULETE DE ALUMÍNIO, TIPO C, PARA ELETRODUTO DE AÇO GALVANIZADO DN 20 MM (3/4''), APARENTE - FORNECIMENTO E INSTALAÇÃO. AF_11/2016_P","UN",19.77]
[null,95779,"CONDULETE DE ALUMÍNIO, TIPO E, PARA ELETRODUTO DE AÇO GALVANIZADO DN 20 MM (3/4''), APARENTE - FORNECIMENTO E INSTALAÇÃO. AF_11/2016_P","UN",18.14]
[null,95780,"CONDULETE DE ALUMÍNIO, TIPO B, PARA ELETRODUTO DE AÇO GALVANIZADO DN 25 MM (1''), APARENTE - FORNECIMENTO E INSTALAÇÃO. AF_11/2016_P","UN",21.98]
[null,95781,"CONDULETE DE ALUMÍNIO, TIPO C, PARA ELETRODUTO DE AÇO GALVANIZADO DN 25 MM (1''), APARENTE - FORNECIMENTO E INSTALAÇÃO. AF_11/2016_P","UN",22.34]
[null,95782,"CONDULETE DE ALUMÍNIO, TIPO E, ELETRODUTO DE AÇO GALVANIZADO DN 25 MM (1''), APARENTE - FORNECIMENTO E INSTALAÇÃO. AF_11/2016_P","UN",23.28]
[null,95785,"CONDULETE DE ALUMÍNIO, TIPO E, PARA ELETRODUTO DE AÇO GALVANIZADO DN 32 MM (1 1/4''), APARENTE - FORNECIMENTO E INSTALAÇÃO. AF_11/2016_P","UN",26.51]
[null,95787,"CONDULETE DE ALUMÍNIO, TIPO LR, PARA ELETRODUTO DE AÇO GALVANIZADO DN 20 MM (3/4''), APARENTE - FORNECIMENTO E INSTALAÇÃO. AF_11/2016_P","UN",19.420000000000002]
[null,95789,"CONDULETE DE ALUMÍNIO, TIPO LR, PARA ELETRODUTO DE AÇO GALVANIZADO DN 25 MM (1''), APARENTE - FORNECIMENTO E INSTALAÇÃO. AF_11/2016_P","UN",24.16]
[null,95791,"CONDULETE DE ALUMÍNIO, TIPO LR, PARA ELETRODUTO DE AÇO GALVANIZADO DN 32 MM (1 1/4''), APARENTE - FORNECIMENTO E INSTALAÇÃO. AF_11/2016_P","UN",31.24]
[null,95795,"CONDULETE DE ALUMÍNIO, TIPO T, PARA ELETRODUTO DE AÇO GALVANIZADO DN 20 MM (3/4''), APARENTE - FORNECIMENTO E INSTALAÇÃO. AF_11/2016_P","UN",22.39]
[null,95796,"CONDULETE DE ALUMÍNIO, TIPO T, PARA ELETRODUTO DE AÇO GALVANIZADO DN 25 MM (1''), APARENTE - FORNECIMENTO E INSTALAÇÃO. AF_11/2016_P","UN",28.41]
[null,95797,"CONDULETE DE ALUMÍNIO, TIPO T, PARA ELETRODUTO DE AÇO GALVANIZADO DN 32 MM (1 1/4''), APARENTE - FORNECIMENTO E INSTALAÇÃO. AF_11/2016_P","UN",36.229999999999997]
[null,95801,"CONDULETE DE ALUMÍNIO, TIPO X, PARA ELETRODUTO DE AÇO GALVANIZADO DN 20 MM (3/4''), APARENTE - FORNECIMENTO E INSTALAÇÃO. AF_11/2016_P","UN",26.89]
[null,95802,"CONDULETE DE ALUMÍNIO, TIPO X, PARA ELETRODUTO DE AÇO GALVANIZADO DN 25 MM (1''), APARENTE - FORNECIMENTO E INSTALAÇÃO. AF_11/2016_P","UN",30.03]
[null,95803,"CONDULETE DE ALUMÍNIO, TIPO X, PARA ELETRODUTO DE AÇO GALVANIZADO DN 32 MM (1 1/4''), APARENTE - FORNECIMENTO E INSTALAÇÃO. AF_11/2016_P","UN",40.020000000000003]
[null,95804,"CONDULETE DE PVC, TIPO B, PARA ELETRODUTO DE PVC SOLDÁVEL DN 20 MM (1/2''), APARENTE - FORNECIMENTO E INSTALAÇÃO. AF_11/2016","UN",17.63]
[null,95805,"CONDULETE DE PVC, TIPO B, PARA ELETRODUTO DE PVC SOLDÁVEL DN 25 MM (3/4''), APARENTE - FORNECIMENTO E INSTALAÇÃO. AF_11/2016","UN",17.78]
[null,95806,"CONDULETE DE PVC, TIPO B, PARA ELETRODUTO DE PVC SOLDÁVEL DN 32 MM (1''), APARENTE - FORNECIMENTO E INSTALAÇÃO. AF_11/2016","UN",18.36]
[null,95807,"CONDULETE DE PVC, TIPO LL, PARA ELETRODUTO DE PVC SOLDÁVEL DN 20 MM (1/2''), APARENTE - FORNECIMENTO E INSTALAÇÃO. AF_11/2016","UN",20.170000000000002]
[null,95808,"CONDULETE DE PVC, TIPO LL, PARA ELETRODUTO DE PVC SOLDÁVEL DN 25 MM (3/4''), APARENTE - FORNECIMENTO E INSTALAÇÃO. AF_11/2016","UN",20.61]
[null,95809,"CONDULETE DE PVC, TIPO LL, PARA ELETRODUTO DE PVC SOLDÁVEL DN 32 MM (1''), APARENTE - FORNECIMENTO E INSTALAÇÃO. AF_11/2016","UN",22.72]
[null,95810,"CONDULETE DE PVC, TIPO LB, PARA ELETRODUTO DE PVC SOLDÁVEL DN 20 MM (1/2''), APARENTE - FORNECIMENTO E INSTALAÇÃO. AF_11/2016","UN",11.63]
[null,95811,"CONDULETE DE PVC, TIPO LB, PARA ELETRODUTO DE PVC SOLDÁVEL DN 25 MM (3/4''), APARENTE - FORNECIMENTO E INSTALAÇÃO. AF_11/2016","UN",12.07]
[null,95812,"CONDULETE DE PVC, TIPO LB, PARA ELETRODUTO DE PVC SOLDÁVEL DN 32 MM (1''), APARENTE - FORNECIMENTO E INSTALAÇÃO. AF_11/2016","UN",14.18]
[null,95813,"CONDULETE DE PVC, TIPO TB, PARA ELETRODUTO DE PVC SOLDÁVEL DN 20 MM (1/2''), APARENTE - FORNECIMENTO E INSTALAÇÃO. AF_11/2016","UN",13.84]
[null,95814,"CONDULETE DE PVC, TIPO TB, PARA ELETRODUTO DE PVC SOLDÁVEL DN 25 MM (3/4''), APARENTE - FORNECIMENTO E INSTALAÇÃO. AF_11/2016","UN",14.5]
[null,95815,"CONDULETE DE PVC, TIPO TB, PARA ELETRODUTO DE PVC SOLDÁVEL DN 32 MM (1''), APARENTE - FORNECIMENTO E INSTALAÇÃO. AF_11/2016","UN",18.62]
[null,95816,"CONDULETE DE PVC, TIPO X, PARA ELETRODUTO DE PVC SOLDÁVEL DN 20 MM (1/2''), APARENTE - FORNECIMENTO E INSTALAÇÃO. AF_11/2016","UN",24.78]
[null,95817,"CONDULETE DE PVC, TIPO X, PARA ELETRODUTO DE PVC SOLDÁVEL DN 25 MM (3/4''), APARENTE - FORNECIMENTO E INSTALAÇÃO. AF_11/2016","UN",25.28]
[null,95818,"CONDULETE DE PVC, TIPO X, PARA ELETRODUTO DE PVC SOLDÁVEL DN 32 MM (1''), APARENTE - FORNECIMENTO E INSTALAÇÃO. AF_11/2016","UN",30.85]
[null,97886,"CAIXA ENTERRADA ELÉTRICA RETANGULAR, EM ALVENARIA COM TIJOLOS CERÂMICOS MACIÇOS, FUNDO COM BRITA, DIMENSÕES INTERNAS: 0,3X0,3X0,3 M. AF_05/2018","UN",111]
[null,97887,"CAIXA ENTERRADA ELÉTRICA RETANGULAR, EM ALVENARIA COM TIJOLOS CERÂMICOS MACIÇOS, FUNDO COM BRITA, DIMENSÕES INTERNAS: 0,4X0,4X0,4 M. AF_05/2018","UN",175.19]
[null,97888,"CAIXA ENTERRADA ELÉTRICA RETANGULAR, EM ALVENARIA COM TIJOLOS CERÂMICOS MACIÇOS, FUNDO COM BRITA, DIMENSÕES INTERNAS: 0,6X0,6X0,6 M. AF_05/2018","UN",339.05]
[null,97889,"CAIXA ENTERRADA ELÉTRICA RETANGULAR, EM ALVENARIA COM TIJOLOS CERÂMICOS MACIÇOS, FUNDO COM BRITA, DIMENSÕES INTERNAS: 0,8X0,8X0,6 M. AF_05/2018","UN",454.25]
[null,97890,"CAIXA ENTERRADA ELÉTRICA RETANGULAR, EM ALVENARIA COM TIJOLOS CERÂMICOS MACIÇOS, FUNDO COM BRITA, DIMENSÕES INTERNAS: 1X1X0,6 M. AF_05/2018","UN",521.54999999999995]
[null,97891,"CAIXA ENTERRADA ELÉTRICA RETANGULAR, EM ALVENARIA COM BLOCOS DE CONCRETO, FUNDO COM BRITA, DIMENSÕES INTERNAS: 0,4X0,4X0,4 M. AF_05/2018","UN",134.01]
[null,97892,"CAIXA ENTERRADA ELÉTRICA RETANGULAR, EM ALVENARIA COM BLOCOS DE CONCRETO, FUNDO COM BRITA, DIMENSÕES INTERNAS: 0,6X0,6X0,6 M. AF_05/2018","UN",251.99]
[null,97893,"CAIXA ENTERRADA ELÉTRICA RETANGULAR, EM ALVENARIA COM BLOCOS DE CONCRETO, FUNDO COM BRITA, DIMENSÕES INTERNAS: 0,8X0,8X0,6 M. AF_05/2018","UN",343.26]
[null,97894,"CAIXA ENTERRADA ELÉTRICA RETANGULAR, EM ALVENARIA COM BLOCOS DE CONCRETO, FUNDO COM BRITA, DIMENSÕES INTERNAS: 1X1X0,6 M. AF_05/2018","UN",387.03]
[null,68066,"CAIXA DE PROTECAO PARA MEDIDOR MONOFASICO, FORNECIMENTO E INSTALACAO","UN",115.34]
[null,72319,"DISJUNTOR BAIXA TENSAO TRIPOLAR A SECO  800A/600V, INCLUSIVE ELETROTÉCNICO","UN",5157.28]
[null,72341,"CONTATOR TRIPOLAR I NOMINAL 12A - FORNECIMENTO E INSTALACAO INCLUSIVE ELETROTÉCNICO","UN",187.29]
[null,72343,"CONTATOR TRIPOLAR I NOMINAL 22A - FORNECIMENTO E INSTALACAO INCLUSIVE ELETROTÉCNICO","UN",221.95]
[null,72344,"CONTATOR TRIPOLAR I NOMINAL 36A - FORNECIMENTO E INSTALACAO INCLUSIVE ELETROTÉCNICO","UN",345.7]
[null,72345,"CONTATOR TRIPOLAR I NOMIMAL 94A - FORNECIMENTO E INSTALACAO INCLUSIVE ELETROTÉCNICO","UN",978.15]
[null,"74052/5","QUADRO DE MEDICAO GERAL EM CHAPA METALICA PARA EDIFICIOS COM 16 APTOS, INCLUSIVE DISJUNTORES E ATERRAMENTO","UN",1458.8]
[null,"74130/1","DISJUNTOR TERMOMAGNETICO MONOPOLAR PADRAO NEMA (AMERICANO) 10 A 30A 240V, FORNECIMENTO E INSTALACAO","UN",14.86]
[null,"74130/2","DISJUNTOR TERMOMAGNETICO MONOPOLAR PADRAO NEMA (AMERICANO) 35 A 50A 240V, FORNECIMENTO E INSTALACAO","UN",23.44]
[null,"74130/3","DISJUNTOR TERMOMAGNETICO BIPOLAR PADRAO NEMA (AMERICANO) 10 A 50A 240V, FORNECIMENTO E INSTALACAO","UN",70.81]
[null,"74130/4","DISJUNTOR TERMOMAGNETICO TRIPOLAR PADRAO NEMA (AMERICANO) 10 A 50A 240V, FORNECIMENTO E INSTALACAO","UN",97.51]
[null,"74130/5","DISJUNTOR TERMOMAGNETICO TRIPOLAR PADRAO NEMA (AMERICANO) 60 A 100A 240V, FORNECIMENTO E INSTALACAO","UN",132.29]
[null,"74130/6","DISJUNTOR TERMOMAGNETICO TRIPOLAR PADRAO NEMA (AMERICANO) 125 A 150A 240V, FORNECIMENTO E INSTALACAO","UN",387.21]
[null,"74130/7","DISJUNTOR TERMOMAGNETICO TRIPOLAR EM CAIXA MOLDADA 250A 600V, FORNECIMENTO E INSTALACAO","UN",1011.61]
[null,"74130/8","DISJUNTOR TERMOMAGNETICO TRIPOLAR EM CAIXA MOLDADA 300 A 400A 600V, FORNECIMENTO E INSTALACAO","UN",1384.93]
[null,"74130/9","DISJUNTOR TERMOMAGNETICO TRIPOLAR EM CAIXA MOLDADA 500 A 600A 600V, FORNECIMENTO E INSTALACAO","UN",2272.91]
[null,"74130/10","DISJUNTOR TERMOMAGNETICO TRIPOLAR EM CAIXA MOLDADA 175 A 225A 240V, FORNECIMENTO E INSTALACAO","UN",609.1]
[null,"74131/1","QUADRO DE DISTRIBUICAO DE ENERGIA DE EMBUTIR, EM CHAPA METALICA, PARA 3 DISJUNTORES TERMOMAGNETICOS MONOPOLARES SEM BARRAMENTO FORNECIMENTO E INSTALACAO","UN",53.13]
[null,"74131/4","QUADRO DE DISTRIBUICAO DE ENERGIA DE EMBUTIR, EM CHAPA METALICA, PARA 18 DISJUNTORES TERMOMAGNETICOS MONOPOLARES, COM BARRAMENTO TRIFASICO E NEUTRO, FORNECIMENTO E INSTALACAO","UN",356.85]
[null,"74131/5","QUADRO DE DISTRIBUICAO DE ENERGIA DE EMBUTIR, EM CHAPA METALICA, PARA 24 DISJUNTORES TERMOMAGNETICOS MONOPOLARES, COM BARRAMENTO TRIFASICO E NEUTRO, FORNECIMENTO E INSTALACAO","UN",413.89]
[null,"74131/6","QUADRO DE DISTRIBUICAO DE ENERGIA DE EMBUTIR, EM CHAPA METALICA, PARA 32 DISJUNTORES TERMOMAGNETICOS MONOPOLARES, COM BARRAMENTO TRIFASICO E NEUTRO, FORNECIMENTO E INSTALACAO","UN",809.95]
[null,"74131/7","QUADRO DE DISTRIBUICAO DE ENERGIA DE EMBUTIR, EM CHAPA METALICA, PARA 40 DISJUNTORES TERMOMAGNETICOS MONOPOLARES, COM BARRAMENTO TRIFASICO E NEUTRO, FORNECIMENTO E INSTALACAO","UN",670.84]
[null,"74131/8","QUADRO DE DISTRIBUICAO DE ENERGIA DE EMBUTIR, EM CHAPA METALICA, PARA 50 DISJUNTORES TERMOMAGNETICOS MONOPOLARES, COM BARRAMENTO TRIFASICO E NEUTRO, FORNECIMENTO E INSTALACAO","UN",995.21]
[null,83372,"CAIXA DE MEDICAO EM ALTA TENSAO - FORNECIMENTO E INSTALACAO","UN",862.94]
[null,83463,"QUADRO DE DISTRIBUICAO DE ENERGIA EM CHAPA DE ACO GALVANIZADO, PARA 12 DISJUNTORES TERMOMAGNETICOS MONOPOLARES, COM BARRAMENTO TRIFASICO E NEUTRO - FORNECIMENTO E INSTALACAO","UN",262.02]
[null,84402,"QUADRO DE DISTRIBUICAO DE ENERGIA P/ 6 DISJUNTORES TERMOMAGNETICOS MONOPOLARES SEM BARRAMENTO, DE EMBUTIR, EM CHAPA METALICA - FORNECIMENTO E INSTALACAO","UN",61.36]
[null,93653,"DISJUNTOR MONOPOLAR TIPO DIN, CORRENTE NOMINAL DE 10A - FORNECIMENTO E INSTALAÇÃO. AF_04/2016","UN",11.53]
[null,93654,"DISJUNTOR MONOPOLAR TIPO DIN, CORRENTE NOMINAL DE 16A - FORNECIMENTO E INSTALAÇÃO. AF_04/2016","UN",11.94]
[null,93655,"DISJUNTOR MONOPOLAR TIPO DIN, CORRENTE NOMINAL DE 20A - FORNECIMENTO E INSTALAÇÃO. AF_04/2016","UN",12.7]
[null,93656,"DISJUNTOR MONOPOLAR TIPO DIN, CORRENTE NOMINAL DE 25A - FORNECIMENTO E INSTALAÇÃO. AF_04/2016","UN",12.7]
[null,93657,"DISJUNTOR MONOPOLAR TIPO DIN, CORRENTE NOMINAL DE 32A - FORNECIMENTO E INSTALAÇÃO. AF_04/2016","UN",13.65]
[null,93658,"DISJUNTOR MONOPOLAR TIPO DIN, CORRENTE NOMINAL DE 40A - FORNECIMENTO E INSTALAÇÃO. AF_04/2016","UN",19.829999999999998]
[null,93659,"DISJUNTOR MONOPOLAR TIPO DIN, CORRENTE NOMINAL DE 50A - FORNECIMENTO E INSTALAÇÃO. AF_04/2016","UN",21.73]
[null,93660,"DISJUNTOR BIPOLAR TIPO DIN, CORRENTE NOMINAL DE 10A - FORNECIMENTO E INSTALAÇÃO. AF_04/2016","UN",59.58]
[null,93661,"DISJUNTOR BIPOLAR TIPO DIN, CORRENTE NOMINAL DE 16A - FORNECIMENTO E INSTALAÇÃO. AF_04/2016","UN",60.36]
[null,93662,"DISJUNTOR BIPOLAR TIPO DIN, CORRENTE NOMINAL DE 20A - FORNECIMENTO E INSTALAÇÃO. AF_04/2016","UN",61.95]
[null,93663,"DISJUNTOR BIPOLAR TIPO DIN, CORRENTE NOMINAL DE 25A - FORNECIMENTO E INSTALAÇÃO. AF_04/2016","UN",61.95]
[null,93664,"DISJUNTOR BIPOLAR TIPO DIN, CORRENTE NOMINAL DE 32A - FORNECIMENTO E INSTALAÇÃO. AF_04/2016","UN",63.81]
[null,93665,"DISJUNTOR BIPOLAR TIPO DIN, CORRENTE NOMINAL DE 40A - FORNECIMENTO E INSTALAÇÃO. AF_04/2016","UN",65.89]
[null,93666,"DISJUNTOR BIPOLAR TIPO DIN, CORRENTE NOMINAL DE 50A - FORNECIMENTO E INSTALAÇÃO. AF_04/2016","UN",69.67]
[null,93667,"DISJUNTOR TRIPOLAR TIPO DIN, CORRENTE NOMINAL DE 10A - FORNECIMENTO E INSTALAÇÃO. AF_04/2016","UN",73.97]
[null,93668,"DISJUNTOR TRIPOLAR TIPO DIN, CORRENTE NOMINAL DE 16A - FORNECIMENTO E INSTALAÇÃO. AF_04/2016","UN",75.16]
[null,93669,"DISJUNTOR TRIPOLAR TIPO DIN, CORRENTE NOMINAL DE 20A - FORNECIMENTO E INSTALAÇÃO. AF_04/2016","UN",77.510000000000005]
[null,93670,"DISJUNTOR TRIPOLAR TIPO DIN, CORRENTE NOMINAL DE 25A - FORNECIMENTO E INSTALAÇÃO. AF_04/2016","UN",77.510000000000005]
[null,93671,"DISJUNTOR TRIPOLAR TIPO DIN, CORRENTE NOMINAL DE 32A - FORNECIMENTO E INSTALAÇÃO. AF_04/2016","UN",80.33]
[null,93672,"DISJUNTOR TRIPOLAR TIPO DIN, CORRENTE NOMINAL DE 40A - FORNECIMENTO E INSTALAÇÃO. AF_04/2016","UN",84.75]
[null,93673,"DISJUNTOR TRIPOLAR TIPO DIN, CORRENTE NOMINAL DE 50A - FORNECIMENTO E INSTALAÇÃO. AF_04/2016","UN",90.43]
[null,72339,"TOMADA 3P+T 30A/440V SEM PLACA - FORNECIMENTO E INSTALACAO","UN",62.28]
[null,83403,"INTERRUPTOR PULSADOR DE CAMPAINHA OU MINUTERIA 2A/250V C/ CAIXA - FORNECIMENTO E INSTALACAO","UN",18.43]
[null,83465,"INTERRUPTOR INTERMEDIARIO (FOUR-WAY) - FORNECIMENTO E INSTALACAO","UN",48.48]
[null,91945,"SUPORTE PARAFUSADO COM PLACA DE ENCAIXE 4\" X 2\" ALTO (2,00 M DO PISO) PARA PONTO ELÉTRICO - FORNECIMENTO E INSTALAÇÃO. AF_12/2015","UN",8.18]
[null,91946,"SUPORTE PARAFUSADO COM PLACA DE ENCAIXE 4\" X 2\" MÉDIO (1,30 M DO PISO) PARA PONTO ELÉTRICO - FORNECIMENTO E INSTALAÇÃO. AF_12/2015","UN",7.17]
[null,91947,"SUPORTE PARAFUSADO COM PLACA DE ENCAIXE 4\" X 2\" BAIXO (0,30 M DO PISO) PARA PONTO ELÉTRICO - FORNECIMENTO E INSTALAÇÃO. AF_12/2015","UN",6.54]
[null,91949,"SUPORTE PARAFUSADO COM PLACA DE ENCAIXE 4\" X 4\" ALTO (2,00 M DO PISO) PARA PONTO ELÉTRICO - FORNECIMENTO E INSTALAÇÃO. AF_12/2015","UN",13.27]
[null,91950,"SUPORTE PARAFUSADO COM PLACA DE ENCAIXE 4\" X 4\" MÉDIO (1,30 M DO PISO) PARA PONTO ELÉTRICO - FORNECIMENTO E INSTALAÇÃO. AF_12/2015","UN",12.04]
[null,91951,"SUPORTE PARAFUSADO COM PLACA DE ENCAIXE 4\" X 4\" BAIXO (0,30 M DO PISO) PARA PONTO ELÉTRICO - FORNECIMENTO E INSTALAÇÃO. AF_12/2015","UN",11.31]
[null,91952,"INTERRUPTOR SIMPLES (1 MÓDULO), 10A/250V, SEM SUPORTE E SEM PLACA - FORNECIMENTO E INSTALAÇÃO. AF_12/2015","UN",14.79]
[null,91953,"INTERRUPTOR SIMPLES (1 MÓDULO), 10A/250V, INCLUINDO SUPORTE E PLACA - FORNECIMENTO E INSTALAÇÃO. AF_12/2015","UN",21.96]
[null,91954,"INTERRUPTOR PARALELO (1 MÓDULO), 10A/250V, SEM SUPORTE E SEM PLACA - FORNECIMENTO E INSTALAÇÃO. AF_12/2015","UN",19.73]
[null,91955,"INTERRUPTOR PARALELO (1 MÓDULO), 10A/250V, INCLUINDO SUPORTE E PLACA - FORNECIMENTO E INSTALAÇÃO. AF_12/2015","UN",26.9]
[null,91956,"INTERRUPTOR SIMPLES (1 MÓDULO) COM INTERRUPTOR PARALELO (1 MÓDULO), 10A/250V, SEM SUPORTE E SEM PLACA - FORNECIMENTO E INSTALAÇÃO. AF_12/2015","UN",32.619999999999997]
[null,91957,"INTERRUPTOR SIMPLES (1 MÓDULO) COM INTERRUPTOR PARALELO (1 MÓDULO), 10A/250V, INCLUINDO SUPORTE E PLACA - FORNECIMENTO E INSTALAÇÃO. AF_12/2015","UN",39.79]
[null,91958,"INTERRUPTOR SIMPLES (2 MÓDULOS), 10A/250V, SEM SUPORTE E SEM PLACA - FORNECIMENTO E INSTALAÇÃO. AF_12/2015","UN",27.72]
[null,91959,"INTERRUPTOR SIMPLES (2 MÓDULOS), 10A/250V, INCLUINDO SUPORTE E PLACA - FORNECIMENTO E INSTALAÇÃO. AF_12/2015","UN",34.89]
[null,91960,"INTERRUPTOR PARALELO (2 MÓDULOS), 10A/250V, SEM SUPORTE E SEM PLACA - FORNECIMENTO E INSTALAÇÃO. AF_12/2015","UN",37.56]
[null,91961,"INTERRUPTOR PARALELO (2 MÓDULOS), 10A/250V, INCLUINDO SUPORTE E PLACA - FORNECIMENTO E INSTALAÇÃO. AF_12/2015","UN",44.73]
[null,91962,"INTERRUPTOR SIMPLES (1 MÓDULO) COM INTERRUPTOR PARALELO (2 MÓDULOS), 10A/250V, SEM SUPORTE E SEM PLACA - FORNECIMENTO E INSTALAÇÃO. AF_12/2015","UN",50.49]
[null,91963,"INTERRUPTOR SIMPLES (1 MÓDULO) COM INTERRUPTOR PARALELO (2 MÓDULOS), 10A/250V, INCLUINDO SUPORTE E PLACA - FORNECIMENTO E INSTALAÇÃO. AF_12/2015","UN",57.66]
[null,91964,"INTERRUPTOR SIMPLES (2 MÓDULOS) COM INTERRUPTOR PARALELO (1 MÓDULO), 10A/250V, SEM SUPORTE E SEM PLACA - FORNECIMENTO E INSTALAÇÃO. AF_12/2015","UN",45.55]
[null,91965,"INTERRUPTOR SIMPLES (2 MÓDULOS) COM INTERRUPTOR PARALELO (1 MÓDULO), 10A/250V, INCLUINDO SUPORTE E PLACA - FORNECIMENTO E INSTALAÇÃO. AF_12/2015","UN",52.72]
[null,91966,"INTERRUPTOR SIMPLES (3 MÓDULOS), 10A/250V, SEM SUPORTE E SEM PLACA - FORNECIMENTO E INSTALAÇÃO. AF_12/2015","UN",40.64]
[null,91967,"INTERRUPTOR SIMPLES (3 MÓDULOS), 10A/250V, INCLUINDO SUPORTE E PLACA - FORNECIMENTO E INSTALAÇÃO. AF_12/2015","UN",47.81]
[null,91968,"INTERRUPTOR PARALELO (3 MÓDULOS), 10A/250V, SEM SUPORTE E SEM PLACA - FORNECIMENTO E INSTALAÇÃO. AF_12/2015","UN",55.4]
[null,91969,"INTERRUPTOR PARALELO (3 MÓDULOS), 10A/250V, INCLUINDO SUPORTE E PLACA - FORNECIMENTO E INSTALAÇÃO. AF_12/2015","UN",62.57]
[null,91970,"INTERRUPTOR SIMPLES (3 MÓDULOS) COM INTERRUPTOR PARALELO (1 MÓDULO), 10A/250V, SEM SUPORTE E SEM PLACA - FORNECIMENTO E INSTALAÇÃO. AF_12/2015","UN",58.69]
[null,91971,"INTERRUPTOR SIMPLES (3 MÓDULOS) COM INTERRUPTOR PARALELO (1 MÓDULO), 10A/250V, INCLUINDO SUPORTE E PLACA - FORNECIMENTO E INSTALAÇÃO. AF_12/2015","UN",70.73]
[null,91972,"INTERRUPTOR SIMPLES (2 MÓDULOS) COM INTERRUPTOR PARALELO (2 MÓDULOS), 10A/250V, SEM SUPORTE E SEM PLACA - FORNECIMENTO E INSTALAÇÃO. AF_12/2015","UN",63.63]
[null,91973,"INTERRUPTOR SIMPLES (2 MÓDULOS) COM INTERRUPTOR PARALELO (2 MÓDULOS), 10A/250V, INCLUINDO SUPORTE E PLACA - FORNECIMENTO E INSTALAÇÃO. AF_12/2015","UN",75.67]
[null,91974,"INTERRUPTOR SIMPLES (4 MÓDULOS), 10A/250V, SEM SUPORTE E SEM PLACA - FORNECIMENTO E INSTALAÇÃO. AF_12/2015","UN",53.75]
[null,91975,"INTERRUPTOR SIMPLES (4 MÓDULOS), 10A/250V, INCLUINDO SUPORTE E PLACA - FORNECIMENTO E INSTALAÇÃO. AF_12/2015","UN",65.790000000000006]
[null,91976,"INTERRUPTOR SIMPLES (6 MÓDULOS), 10A/250V, SEM SUPORTE E SEM PLACA - FORNECIMENTO E INSTALAÇÃO. AF_12/2015","UN",79.67]
[null,91977,"INTERRUPTOR SIMPLES (6 MÓDULOS), 10A/250V, INCLUINDO SUPORTE E PLACA - FORNECIMENTO E INSTALAÇÃO. AF_12/2015","UN",91.71]
[null,91978,"INTERRUPTOR INTERMEDIÁRIO (1 MÓDULO), 10A/250V, SEM SUPORTE E SEM PLACA - FORNECIMENTO E INSTALAÇÃO. AF_09/2017","UN",33.67]
[null,91979,"INTERRUPTOR INTERMEDIÁRIO (1 MÓDULO), 10A/250V, INCLUINDO SUPORTE E PLACA - FORNECIMENTO E INSTALAÇÃO. AF_09/2017","UN",40.840000000000003]
[null,91980,"INTERRUPTOR BIPOLAR (1 MÓDULO), 10A/250V, SEM SUPORTE E SEM PLACA - FORNECIMENTO E INSTALAÇÃO. AF_09/2017","UN",32.31]
[null,91981,"INTERRUPTOR BIPOLAR (1 MÓDULO), 10A/250V, INCLUINDO SUPORTE E PLACA - FORNECIMENTO E INSTALAÇÃO. AF_09/2017","UN",39.479999999999997]
[null,91982,"DIMMER ROTATIVO (1 MÓDULO), 220V/600W, SEM SUPORTE E SEM PLACA - FORNECIMENTO E INSTALAÇÃO. AF_09/2017","UN",93.57]
[null,91983,"DIMMER ROTATIVO (1 MÓDULO), 220V/600W, INCLUINDO SUPORTE E PLACA - FORNECIMENTO E INSTALAÇÃO. AF_09/2017","UN",100.74]
[null,91984,"INTERRUPTOR PULSADOR CAMPAINHA (1 MÓDULO), 10A/250V, SEM SUPORTE E SEM PLACA - FORNECIMENTO E INSTALAÇÃO. AF_09/2017","UN",13.52]
[null,91985,"INTERRUPTOR PULSADOR CAMPAINHA (1 MÓDULO), 10A/250V, INCLUINDO SUPORTE E PLACA - FORNECIMENTO E INSTALAÇÃO. AF_09/2017","UN",20.69]
[null,91986,"CAMPAINHA CIGARRA (1 MÓDULO), 10A/250V, SEM SUPORTE E SEM PLACA - FORNECIMENTO E INSTALAÇÃO. AF_09/2017","UN",31.77]
[null,91987,"CAMPAINHA CIGARRA (1 MÓDULO), 10A/250V, INCLUINDO SUPORTE E PLACA - FORNECIMENTO E INSTALAÇÃO. AF_09/2017","UN",38.94]
[null,91988,"INTERRUPTOR PULSADOR MINUTERIA (1 MÓDULO), 10A/250V, SEM SUPORTE E SEM PLACA - FORNECIMENTO E INSTALAÇÃO. AF_09/2017","UN",18.100000000000001]
[null,91989,"INTERRUPTOR PULSADOR MINUTERIA (1 MÓDULO), 10A/250V, INCLUINDO SUPORTE E PLACA - FORNECIMENTO E INSTALAÇÃO. AF_09/2017","UN",25.27]
[null,91990,"TOMADA ALTA DE EMBUTIR (1 MÓDULO), 2P+T 10 A, SEM SUPORTE E SEM PLACA - FORNECIMENTO E INSTALAÇÃO. AF_12/2015","UN",24.31]
[null,91991,"TOMADA ALTA DE EMBUTIR (1 MÓDULO), 2P+T 20 A, SEM SUPORTE E SEM PLACA - FORNECIMENTO E INSTALAÇÃO. AF_12/2015","UN",26.78]
[null,91992,"TOMADA ALTA DE EMBUTIR (1 MÓDULO), 2P+T 10 A, INCLUINDO SUPORTE E PLACA - FORNECIMENTO E INSTALAÇÃO. AF_12/2015","UN",31.48]
[null,91993,"TOMADA ALTA DE EMBUTIR (1 MÓDULO), 2P+T 20 A, INCLUINDO SUPORTE E PLACA - FORNECIMENTO E INSTALAÇÃO. AF_12/2015","UN",33.950000000000003]
[null,91994,"TOMADA MÉDIA DE EMBUTIR (1 MÓDULO), 2P+T 10 A, SEM SUPORTE E SEM PLACA - FORNECIMENTO E INSTALAÇÃO. AF_12/2015","UN",18.45]
[null,91995,"TOMADA MÉDIA DE EMBUTIR (1 MÓDULO), 2P+T 20 A, SEM SUPORTE E SEM PLACA - FORNECIMENTO E INSTALAÇÃO. AF_12/2015","UN",20.92]
[null,91996,"TOMADA MÉDIA DE EMBUTIR (1 MÓDULO), 2P+T 10 A, INCLUINDO SUPORTE E PLACA - FORNECIMENTO E INSTALAÇÃO. AF_12/2015","UN",25.62]
[null,91997,"TOMADA MÉDIA DE EMBUTIR (1 MÓDULO), 2P+T 20 A, INCLUINDO SUPORTE E PLACA - FORNECIMENTO E INSTALAÇÃO. AF_12/2015","UN",28.09]
[null,91998,"TOMADA BAIXA DE EMBUTIR (1 MÓDULO), 2P+T 10 A, SEM SUPORTE E SEM PLACA - FORNECIMENTO E INSTALAÇÃO. AF_12/2015","UN",16.170000000000002]
[null,91999,"TOMADA BAIXA DE EMBUTIR (1 MÓDULO), 2P+T 20 A, SEM SUPORTE E SEM PLACA - FORNECIMENTO E INSTALAÇÃO. AF_12/2015","UN",18.64]
[null,92000,"TOMADA BAIXA DE EMBUTIR (1 MÓDULO), 2P+T 10 A, INCLUINDO SUPORTE E PLACA - FORNECIMENTO E INSTALAÇÃO. AF_12/2015","UN",23.34]
[null,92001,"TOMADA BAIXA DE EMBUTIR (1 MÓDULO), 2P+T 20 A, INCLUINDO SUPORTE E PLACA - FORNECIMENTO E INSTALAÇÃO. AF_12/2015","UN",25.81]
[null,92002,"TOMADA MÉDIA DE EMBUTIR (2 MÓDULOS), 2P+T 10 A, SEM SUPORTE E SEM PLACA - FORNECIMENTO E INSTALAÇÃO. AF_12/2015","UN",35]
[null,92003,"TOMADA MÉDIA DE EMBUTIR (2 MÓDULOS), 2P+T 20 A, SEM SUPORTE E SEM PLACA - FORNECIMENTO E INSTALAÇÃO. AF_12/2015","UN",39.94]
[null,92004,"TOMADA MÉDIA DE EMBUTIR (2 MÓDULOS), 2P+T 10 A, INCLUINDO SUPORTE E PLACA - FORNECIMENTO E INSTALAÇÃO. AF_12/2015","UN",42.17]
[null,92005,"TOMADA MÉDIA DE EMBUTIR (2 MÓDULOS), 2P+T 20 A, INCLUINDO SUPORTE E PLACA - FORNECIMENTO E INSTALAÇÃO. AF_12/2015","UN",47.11]
[null,92006,"TOMADA BAIXA DE EMBUTIR (2 MÓDULOS), 2P+T 10 A, SEM SUPORTE E SEM PLACA - FORNECIMENTO E INSTALAÇÃO. AF_12/2015","UN",30.45]
[null,92007,"TOMADA BAIXA DE EMBUTIR (2 MÓDULOS), 2P+T 20 A, SEM SUPORTE E SEM PLACA - FORNECIMENTO E INSTALAÇÃO. AF_12/2015","UN",35.39]
[null,92008,"TOMADA BAIXA DE EMBUTIR (2 MÓDULOS), 2P+T 10 A, INCLUINDO SUPORTE E PLACA - FORNECIMENTO E INSTALAÇÃO. AF_12/2015","UN",37.619999999999997]
[null,92009,"TOMADA BAIXA DE EMBUTIR (2 MÓDULOS), 2P+T 20 A, INCLUINDO SUPORTE E PLACA - FORNECIMENTO E INSTALAÇÃO. AF_12/2015","UN",42.56]
[null,92010,"TOMADA MÉDIA DE EMBUTIR (3 MÓDULOS), 2P+T 10 A, SEM SUPORTE E SEM PLACA - FORNECIMENTO E INSTALAÇÃO. AF_12/2015","UN",51.56]
[null,92011,"TOMADA MÉDIA DE EMBUTIR (3 MÓDULOS), 2P+T 20 A, SEM SUPORTE E SEM PLACA - FORNECIMENTO E INSTALAÇÃO. AF_12/2015","UN",58.97]
[null,92012,"TOMADA MÉDIA DE EMBUTIR (3 MÓDULOS), 2P+T 10 A, INCLUINDO SUPORTE E PLACA - FORNECIMENTO E INSTALAÇÃO. AF_12/2015","UN",58.73]
[null,92013,"TOMADA MÉDIA DE EMBUTIR (3 MÓDULOS), 2P+T 20 A, INCLUINDO SUPORTE E PLACA - FORNECIMENTO E INSTALAÇÃO. AF_12/2015","UN",66.14]
[null,92014,"TOMADA BAIXA DE EMBUTIR (3 MÓDULOS), 2P+T 10 A, SEM SUPORTE E SEM PLACA - FORNECIMENTO E INSTALAÇÃO. AF_12/2015","UN",44.72]
[null,92015,"TOMADA BAIXA DE EMBUTIR (3 MÓDULOS), 2P+T 20 A, SEM SUPORTE E SEM PLACA - FORNECIMENTO E INSTALAÇÃO. AF_12/2015","UN",52.13]
[null,92016,"TOMADA BAIXA DE EMBUTIR (3 MÓDULOS), 2P+T 10 A, INCLUINDO SUPORTE E PLACA - FORNECIMENTO E INSTALAÇÃO. AF_12/2015","UN",51.89]
[null,92017,"TOMADA BAIXA DE EMBUTIR (3 MÓDULOS), 2P+T 20 A, INCLUINDO SUPORTE E PLACA - FORNECIMENTO E INSTALAÇÃO. AF_12/2015","UN",59.3]
[null,92018,"TOMADA BAIXA DE EMBUTIR (4 MÓDULOS), 2P+T 10 A, SEM SUPORTE E SEM PLACA - FORNECIMENTO E INSTALAÇÃO. AF_12/2015","UN",59.31]
[null,92019,"TOMADA BAIXA DE EMBUTIR (4 MÓDULOS), 2P+T 10 A, INCLUINDO SUPORTE E PLACA - FORNECIMENTO E INSTALAÇÃO. AF_12/2015","UN",71.349999999999994]
[null,92020,"TOMADA BAIXA DE EMBUTIR (6 MÓDULOS), 2P+T 10 A, SEM SUPORTE E SEM PLACA - FORNECIMENTO E INSTALAÇÃO. AF_12/2015","UN",88.03]
[null,92021,"TOMADA BAIXA DE EMBUTIR (6 MÓDULOS), 2P+T 10 A, INCLUINDO SUPORTE E PLACA - FORNECIMENTO E INSTALAÇÃO. AF_12/2015","UN",100.07]
[null,92022,"INTERRUPTOR SIMPLES (1 MÓDULO) COM 1 TOMADA DE EMBUTIR 2P+T 10 A,  SEM SUPORTE E SEM PLACA - FORNECIMENTO E INSTALAÇÃO. AF_12/2015","UN",31.34]
[null,92023,"INTERRUPTOR SIMPLES (1 MÓDULO) COM 1 TOMADA DE EMBUTIR 2P+T 10 A,  INCLUINDO SUPORTE E PLACA - FORNECIMENTO E INSTALAÇÃO. AF_12/2015","UN",38.51]
[null,92024,"INTERRUPTOR SIMPLES (1 MÓDULO) COM 2 TOMADAS DE EMBUTIR 2P+T 10 A,  SEM SUPORTE E SEM PLACA - FORNECIMENTO E INSTALAÇÃO. AF_12/2015","UN",47.93]
[null,92025,"INTERRUPTOR SIMPLES (1 MÓDULO) COM 2 TOMADAS DE EMBUTIR 2P+T 10 A,  INCLUINDO SUPORTE E PLACA - FORNECIMENTO E INSTALAÇÃO. AF_12/2015","UN",55.1]
[null,92026,"INTERRUPTOR SIMPLES (2 MÓDULOS) COM 1 TOMADA DE EMBUTIR 2P+T 10 A,  SEM SUPORTE E SEM PLACA - FORNECIMENTO E INSTALAÇÃO. AF_12/2015","UN",44.27]
[null,92027,"INTERRUPTOR SIMPLES (2 MÓDULOS) COM 1 TOMADA DE EMBUTIR 2P+T 10 A,  INCLUINDO SUPORTE E PLACA - FORNECIMENTO E INSTALAÇÃO. AF_12/2015","UN",51.44]
[null,92028,"INTERRUPTOR PARALELO (1 MÓDULO) COM 1 TOMADA DE EMBUTIR 2P+T 10 A,  SEM SUPORTE E SEM PLACA - FORNECIMENTO E INSTALAÇÃO. AF_12/2015","UN",36.28]
[null,92029,"INTERRUPTOR PARALELO (1 MÓDULO) COM 1 TOMADA DE EMBUTIR 2P+T 10 A,  INCLUINDO SUPORTE E PLACA - FORNECIMENTO E INSTALAÇÃO. AF_12/2015","UN",43.45]
[null,92030,"INTERRUPTOR PARALELO (1 MÓDULO) COM 2 TOMADAS DE EMBUTIR 2P+T 10 A,  SEM SUPORTE E SEM PLACA - FORNECIMENTO E INSTALAÇÃO. AF_12/2015","UN",52.84]
[null,92031,"INTERRUPTOR PARALELO (1 MÓDULO) COM 2 TOMADAS DE EMBUTIR 2P+T 10 A,  INCLUINDO SUPORTE E PLACA - FORNECIMENTO E INSTALAÇÃO. AF_12/2015","UN",60.01]
[null,92032,"INTERRUPTOR PARALELO (2 MÓDULOS) COM 1 TOMADA DE EMBUTIR 2P+T 10 A,  SEM SUPORTE E SEM PLACA - FORNECIMENTO E INSTALAÇÃO. AF_12/2015","UN",54.12]
[null,92033,"INTERRUPTOR PARALELO (2 MÓDULOS) COM 1 TOMADA DE EMBUTIR 2P+T 10 A,  INCLUINDO SUPORTE E PLACA - FORNECIMENTO E INSTALAÇÃO. AF_12/2015","UN",61.29]
[null,92034,"INTERRUPTOR SIMPLES (1 MÓDULO), INTERRUPTOR PARALELO (1 MÓDULO) E 1 TOMADA DE EMBUTIR 2P+T 10 A,  SEM SUPORTE E SEM PLACA - FORNECIMENTO E INSTALAÇÃO. AF_12/2015","UN",49.21]
[null,92035,"INTERRUPTOR SIMPLES (1 MÓDULO), INTERRUPTOR PARALELO (1 MÓDULO) E 1 TOMADA DE EMBUTIR 2P+T 10 A,  INCLUINDO SUPORTE E PLACA - FORNECIMENTO E INSTALAÇÃO. AF_12/2015","UN",56.38]
[null,72278,"LAMPADA VAPOR METALICO 400W - FORNECIMENTO E INSTALACAO","UN",104.69]
[null,72280,"IGNITOR PARA PARTIDA LÂMPADA VAPOR SÓDIO ALTA PRESSÃO ATÉ 400W","UN",49.55]
[null,"73953/4","LUMINÁRIAS TIPO CALHA, DE SOBREPOR, COM REATORES DE PARTIDA RÁPIDA E LÂMPADAS FLUORESCENTES 2X2X18W, COMPLETAS, FORNECIMENTO E INSTALAÇÃO","UN",128]
[null,"73953/8","LUMINÁRIAS TIPO CALHA, DE SOBREPOR, COM REATORES DE PARTIDA RÁPIDA E LÂMPADAS FLUORESCENTES 2X2X36W, COMPLETAS, FORNECIMENTO E INSTALAÇÃO","UN",170.02]
[null,"73953/9","LUMINARIA SOBREPOR TP CALHA C/REATOR PART CONVENC LAMP 1X20W E STARTERFIX EM LAJE OU FORRO - FORNECIMENTO E COLOCACAO","UN",48.31]
[null,83391,"REATOR PARA LAMPADA FLUORESCENTE 2X40W PARTIDA RAPIDA FORNECIMENTO E INSTALACAO","UN",26]
[null,83392,"REATOR PARA LAMPADA FLUORESCENTE 1X20W PARTIDA RAPIDA FORNECIMENTO E INSTALACAO","UN",19.13]
[null,83393,"REATOR PARA LAMPADA FLUORESCENTE 1X40W PARTIDA RAPIDA FORNECIMENTO E INSTALACAO","UN",24.56]
[null,83470,"LAMPADA FLUORESCENTE TP HO 85W - FORNECIMENTO E INSTALACAO","UN",104.67]
[null,93040,"LÂMPADA FLUORESCENTE COMPACTA 15 W 2U, BASE E27 - FORNECIMENTO E INSTALAÇÃO","UN",16.12]
[null,93041,"LÂMPADA FLUORESCENTE ESPIRAL BRANCA 65 W, BASE E27 - FORNECIMENTO E INSTALAÇÃO","UN",104.28]
[null,93042,"LÂMPADA LED 6 W BIVOLT BRANCA, FORMATO TRADICIONAL (BASE E27) - FORNECIMENTO E INSTALAÇÃO","UN",33.340000000000003]
[null,93043,"LÂMPADA LED 10 W BIVOLT BRANCA, FORMATO TRADICIONAL (BASE E27) - FORNECIMENTO E INSTALAÇÃO","UN",44.6]
[null,93044,"LÂMPADA FLUORESCENTE COMPACTA 3U BRANCA 20 W, BASE E27 - FORNECIMENTO E INSTALAÇÃO","UN",18.21]
[null,93045,"LÂMPADA FLUORESCENTE ESPIRAL BRANCA 45 W, BASE E27 - FORNECIMENTO E INSTALAÇÃO","UN",58.24]
[null,97583,"LUMINÁRIA TIPO CALHA, DE SOBREPOR, COM 1 LÂMPADA TUBULAR DE 18 W - FORNECIMENTO E INSTALAÇÃO. AF_11/2017","UN",40.909999999999997]
[null,97584,"LUMINÁRIA TIPO CALHA, DE SOBREPOR, COM 1 LÂMPADA TUBULAR DE 36 W - FORNECIMENTO E INSTALAÇÃO. AF_11/2017","UN",56.34]
[null,97585,"LUMINÁRIA TIPO CALHA, DE SOBREPOR, COM 2 LÂMPADAS TUBULARES DE 18 W - FORNECIMENTO E INSTALAÇÃO. AF_11/2017","UN",55.91]
[null,97586,"LUMINÁRIA TIPO CALHA, DE SOBREPOR, COM 2 LÂMPADAS TUBULARES DE 36 W - FORNECIMENTO E INSTALAÇÃO. AF_11/2017","UN",74.540000000000006]
[null,97587,"LUMINÁRIA TIPO CALHA, DE EMBUTIR, COM 2 LÂMPADAS DE 14 W COM REFLETOR - FORNECIMENTO E INSTALAÇÃO. AF_11/2017","UN",130.11000000000001]
[null,97589,"LUMINÁRIA TIPO PLAFON EM PLÁSTICO, DE SOBREPOR, COM 1 LÂMPADA DE 15 W, - FORNECIMENTO E INSTALAÇÃO. AF_11/2017","UN",30.23]
[null,97590,"LUMINÁRIA TIPO PLAFON REDONDO COM VIDRO FOSCO, DE SOBREPOR, COM 1 LÂMPADA DE 15 W - FORNECIMENTO E INSTALAÇÃO. AF_11/2017","UN",55.98]
[null,97591,"LUMINÁRIA TIPO PLAFON REDONDO COM VIDRO FOSCO, DE SOBREPOR, COM 2 LÂMPADAS DE 15 W - FORNECIMENTO E INSTALAÇÃO. AF_11/2017","UN",78.930000000000007]
[null,97592,"LUMINÁRIA TIPO PLAFON, DE SOBREPOR, COM 1 LÂMPADA LED - FORNECIMENTO E INSTALAÇÃO. AF_11/2017","UN",91.2]
[null,97593,"LUMINÁRIA TIPO SPOT, DE SOBREPOR, COM 1 LÂMPADA DE 15 W - FORNECIMENTO E INSTALAÇÃO. AF_11/2017","UN",75.19]
[null,97594,"LUMINÁRIA TIPO SPOT, DE SOBREPOR, COM 2 LÂMPADAS DE 15 W - FORNECIMENTO E INSTALAÇÃO. AF_11/2017","UN",78.52]
[null,97595,"SENSOR DE PRESENÇA COM FOTOCÉLULA, FIXAÇÃO EM PAREDE - FORNECIMENTO E INSTALAÇÃO. AF_11/2017","UN",45.17]
[null,97596,"SENSOR DE PRESENÇA SEM FOTOCÉLULA, FIXAÇÃO EM PAREDE - FORNECIMENTO E INSTALAÇÃO. AF_11/2017","UN",31.26]
[null,97597,"SENSOR DE PRESENÇA COM FOTOCÉLULA, FIXAÇÃO EM TETO - FORNECIMENTO E INSTALAÇÃO. AF_11/2017","UN",38.46]
[null,97598,"SENSOR DE PRESENÇA SEM FOTOCÉLULA, FIXAÇÃO EM TETO - FORNECIMENTO E INSTALAÇÃO. AF_11/2017","UN",36.68]
[null,97599,"LUMINÁRIA DE EMERGÊNCIA - FORNECIMENTO E INSTALAÇÃO. AF_11/2017","UN",34.950000000000003]
[null,97609,"LÂMPADA COMPACTA DE LED 6 W, BASE E27 - FORNECIMENTO E INSTALAÇÃO. AF_11/2017","UN",38.229999999999997]
[null,97610,"LÂMPADA COMPACTA DE LED 10 W, BASE E27 - FORNECIMENTO E INSTALAÇÃO. AF_11/2017","UN",49.49]
[null,97611,"LÂMPADA COMPACTA FLUORESCENTE DE 15 W, BASE E27 - FORNECIMENTO E INSTALAÇÃO. AF_11/2017","UN",21.01]
[null,97612,"LÂMPADA COMPACTA FLUORESCENTE DE 20 W, BASE E27 - FORNECIMENTO E INSTALAÇÃO. AF_11/2017","UN",23.1]
[null,97613,"LÂMPADA COMPACTA DE VAPOR MERCURIO 125 W, BASE E27 - FORNECIMENTO E INSTALAÇÃO. AF_11/2017","UN",30.01]
[null,97614,"LÂMPADA COMPACTA DE VAPOR METÁLICO OVOIDE 150 W, BASE E27 - FORNECIMENTO E INSTALAÇÃO. AF_11/2017","UN",54.97]
[null,97615,"LÂMPADA TUBULAR FLUORESCENTE T8 DE 16/18 W, BASE G13 - FORNECIMENTO E INSTALAÇÃO. AF_11/2017_P","UN",32.74]
[null,97616,"LÂMPADA TUBULAR FLUORESCENTE T8 DE 32/36 W, BASE G13 - FORNECIMENTO E INSTALAÇÃO. AF_11/2017_P","UN",36.6]
[null,97617,"LÂMPADA TUBULAR FLUORESCENTE T10 DE 20/40 W, BASE G13 - FORNECIMENTO E INSTALAÇÃO. AF_11/2017_P","UN",36.28]
[null,97618,"LÂMPADA TUBULAR FLUORESCENTE T5 DE 14 W, BASE G13 - FORNECIMENTO E INSTALAÇÃO. AF_11/2017_P","UN",35.67]
[null,9540,"ENTRADA DE ENERGIA ELÉTRICA AÉREA MONOFÁSICA 50A COM POSTE DE CONCRETO, INCLUSIVE CABEAMENTO, CAIXA DE PROTEÇÃO PARA MEDIDOR E ATERRAMENTO.","UN",999.63]
[null,41598,"ENTRADA PROVISORIA DE ENERGIA ELETRICA AEREA TRIFASICA 40A EM POSTE MADEIRA","UN",1379.41]
[null,72941,"APARELHO SINALIZADOR DE SAIDA DE GARAGEM, COM CELULA FOTOELETRICA - FORNECIMENTO E INSTALACAO","UN",163.29]
[null,73624,"SUPORTE PARA TRANSFORMADOR EM POSTE DE CONCRETO CIRCULAR","UN",69.86]
[null,"73767/1","GRAMPO PARALELO EM ALUMINIO FUNDIDO OU ESTRUDADO DE 2 PARAFUSOS, PARA CABO DE 6 A 50 MM2, PASTA ANTIOXIDANTE. FORNEC E INSTALAÇÃO.","UN",10.34]
[null,"73767/2","ALCA PRE-FORMADA DISTRIBUIÇÃO EM  ACO RECOBERTO COM ALUMINIO PARA CABO 25MM2, ENCAPADO. FORNECIMENTO E INSTALAÇÃO.","UN",9.27]
[null,"73767/3","LACO DE ROLDANA PRE-FORMADO ACO RECOBERTO DE ALUMINIO PARA CABO DE ALUMINIO NU BITOLA 25MM2 - FORNECIMENTO E COLOCACAO","UN",6.56]
[null,"73767/4","ALCA PRE-FORMADA DISTRIBUICAO EM ACO RECOBERTO COM ALUMINIO NU PARA CABO 25MM2, ENCAPADO. FORNECIMENTO E INSTALACAO.","UN",4.0999999999999996]
[null,"73767/5","ALCA PRE-FORMADA SERV DE ACO RECOB C/ALUM NU ENCAPADO 25MM2 (BITOLA)  CONF PROJ A4-148-CP RIOLUZ FORNECIMENTO E COLOCACAO","UN",3.71]
[null,"73781/1","MUFLA TERMINAL PRIMARIA UNIPOLAR USO INTERNO PARA CABO 35/120MM2, ISOLACAO 15/25KV EM EPR - BORRACHA DE SILICONE. FORNECIMENTO E INSTALACAO.","UN",279.91000000000003]
[null,"73781/2","ISOLADOR DE PINO TP HI-POT CILINDRICO CLASSE 15KV. FORNECIMENTO E INSTALACAO.","UN",26.91]
[null,"73781/3","ISOLADOR DE SUSPENSAO (DISCO) TP CAVILHA CLASSE 15KV - 6''. FORNECIMENTO E INSTALACAO.","UN",83.08]
[null,88543,"ARMACAO SECUNDARIA OU REX COMPLETA PARA TRESLINHAS-FORNECIMENTO E INSTALACAO.","UN",133.59]
[null,88544,"ARMACAO SECUNDARIA OU REX COMPLETA PARA DUAS LINHAS-FORNECIMENTO E INSTALACAO.","UN",82.24]
[null,88545,"ARMACAO SECUNDARIA OU REX COMPLETA PARA QUATRO LINHAS-FORNECIMENTO E INSTALACAO.","UN",154.34]
[null,"73783/1","POSTE CONCRETO SECAO CIRCULAR COMPRIMENTO=5M CARGA NOMINAL TOPO 100KG INCLUSIVE ESCAVACAO EXCLUSIVE TRANSPORTE - FORNECIMENTO E COLOCACAO","UN",554.44000000000005]
[null,"73783/3","POSTE CONCRETO SEÇÃO CIRCULAR COMPRIMENTO=5M CARGA NOMINAL TOPO 300KG INCLUSIVE ESCAVACAO EXCLUSIVE TRANSPORTE - FORNECIMENTO E COLOCAÇÃO","UN",500.63]
[null,"73783/5","POSTE CONCRETO SEÇÃO CIRCULAR COMPRIMENTO=7M CARGA NOMINAL TOPO 100KG INCLUSIVE ESCAVACAO EXCLUSIVE TRANSPORTE - FORNECIMENTO E COLOCAÇÃO","UN",552.47]
[null,"73783/6","POSTE CONCRETO SEÇÃO CIRCULAR COMPRIMENTO=7M CARGA NOMINAL TOPO 200KG INCLUSIVE ESCAVACAO EXCLUSIVE TRANSPORTE - FORNECIMENTO E COLOCAÇÃO","UN",641.45000000000005]
[null,"73783/8","POSTE CONCRETO SEÇÃO CIRCULAR COMPRIMENTO=11M  E CARGA NOMINAL 200KG INCLUSIVE ESCAVACAO EXCLUSIVE TRANSPORTE - FORNECIMENTO E COLOCAÇÃO","UN",1113.96]
[null,"73783/9","POSTE CONCRETO SEÇÃO CIRCULAR COMPRIMENTO=11M  CARGA NOMINAL NO TOPO 300KG INCLUSIVE ESCAVACAO EXCLUSIVE TRANSPORTE - FORNECIMENTO E COLOCAÇÃO","UN",1116.26]
[null,"73783/10","POSTE CONCRETO SEÇÃO CIRCULAR COMPRIMENTO=11M  CARGA NOMINAL NO TOPO 400KG INCLUSIVE ESCAVACAO EXCLUSIVE TRANSPORTE - FORNECIMENTO E COLOCAÇÃO","UN",1321.88]
[null,"73783/11","POSTE CONCRETO SEÇÃO CIRCULAR COMPRIMENTO=14M  CARGA NOMINAL NO TOPO 400KG INCLUSIVE ESCAVACAO EXCLUSIVE TRANSPORTE - FORNECIMENTO E COLOCAÇÃO","UN",2004.68]
[null,"73783/12","POSTE CONCRETO SEÇÃO CIRCULAR COMPRIMENTO=7M CARGA NOMINAL NO TOPO 300KG INCLUSIVE ESCAVACAO EXCLUSIVE TRANSPORTE - FORNECIMENTO E COLOCAÇÃO","UN",737.52]
[null,"73783/14","POSTE CONCRETO SEÇÃO CIRCULAR COMPRIMENTO=9M CARGA NOMINAL NO TOPO 200KG INCLUSIVE ESCAVACAO EXCLUSIVE TRANSPORTE - FORNECIMENTO E COLOCAÇÃO","UN",836.11]
[null,"73783/15","POSTE CONCRETO SEÇÃO CIRCULAR COMPRIMENTO=9M CARGA NOMINAL NO TOPO 300KG INCLUSIVE ESCAVACAO EXCLUSIVE TRANSPORTE - FORNECIMENTO E COLOCAÇÃO","UN",896.21]
[null,"73783/16","POSTE CONCRETO SEÇÃO CIRCULAR COMPRIMENTO=9M CARGA NOMINAL NO TOPO 400KG INCLUSIVE ESCAVACAO EXCLUSIVE TRANSPORTE - FORNECIMENTO E COLOCAÇÃO","UN",1059.8699999999999]
[null,"73783/17","POSTE CONCRETO SEÇÃO CIRCULAR COMPRIMENTO=10M CARGA NOMINAL NO TOPO 600KG INCLUSIVE ESCAVACAO EXCLUSIVE TRANSPORTE - FORNECIMENTO E COLOCAÇÃO","UN",1397.93]
[null,83394,"POSTE DE CONCRETO DUPLO T H=11M E CARGA NOMINAL 200KG INCLUSIVE ESCAVACAO, EXCLUSIVE TRANSPORTE - FORNECIMENTO E INSTALACAO","UN",937.49]
[null,83396,"POSTE DE CONCRETO DUPLO T H=9M CARGA NOMINAL 300KG INCLUSIVE ESCAVACAO, EXCLUSIVE TRANSPORTE - FORNECIMENTO E INSTALACAO","UN",845.02]
[null,83397,"POSTE DE CONCRETO DUPLO T H=9M CARGA NOMINAL 500KG INCLUSIVE ESCAVACAO, EXCLUSIVE TRANSPORTE - FORNECIMENTO E INSTALACAO","UN",1114.0899999999999]
[null,83398,"POSTE DE CONCRETO DUPLO T H=10M CARGA NOMINAL 300KG INCLUSIVE ESCAVACAO, EXCLUSIVE TRANSPORTE - FORNECIMENTO E INSTALACAO","UN",981.08]
[null,"73769/1","POSTE ACO CONICO CONTINUO CURVO SIMPLES SEM BASE C/JANELA 9M (INSPECAO) - FORNECIMENTO E INSTALACAO","UN",1596.89]
[null,"73769/2","POSTE DE AÇO CONICO CONTÍNUO CURVO SIMPLES, FLANGEADO, COM JANELA DE INSPEÇÃO H=9M - FORNECIMENTO E INSTALACAO","UN",1599.03]
[null,"73769/3","POSTE DE ACO CONICO CONTINUO CURVO DUPLO, FLANGEADO, COM JANELA DE INSPECAO H=9M - FORNECIMENTO E INSTALACAO","UN",1650]
[null,"73769/4","POSTE DE ACO CONICO CONTINUO RETO, ENGASTADO, H=9M - FORNECIMENTO E INSTALACAO","UN",1665.88]
[null,"73855/1","CHUMBADOR DE AÇO PARA FIXAÇÃO DE POSTE DE ACO RETO OU CURVO 7 A 9M COM FLANGE - FORNECIMENTO E INSTALACAO","UN",797.56]
[null,72281,"REATOR PARA LAMPADA VAPOR DE MERCURIO USO EXTERNO 220V/400W","UN",96.67]
[null,72282,"REATOR PARA LAMPADA VAPOR DE SODIO ALTA PRESSAO - 220V/250W - USO EXTERNO","UN",132.63999999999999]
[null,"73831/2","LAMPADA DE VAPOR DE MERCURIO DE 250W - FORNECIMENTO E INSTALACAO","UN",45.85]
[null,"73831/3","LAMPADA DE VAPOR DE MERCURIO DE 400W/250V - FORNECIMENTO E INSTALACAO","UN",61.29]
[null,"73831/4","LAMPADA MISTA DE 160W - FORNECIMENTO E INSTALACAO","UN",29.26]
[null,"73831/5","LAMPADA MISTA DE 250W - FORNECIMENTO E INSTALACAO","UN",38.44]
[null,"73831/6","LAMPADA MISTA DE 500W - FORNECIMENTO E INSTALACAO","UN",69.56]
[null,"73831/7","LAMPADA DE VAPOR DE SODIO DE 150WX220V - FORNECIMENTO E INSTALACAO","UN",54.97]
[null,"73831/8","LAMPADA DE VAPOR DE SODIO DE 250WX220V - FORNECIMENTO E INSTALACAO","UN",63.01]
[null,"73831/9","LAMPADA DE VAPOR DE SODIO DE 400WX220V - FORNECIMENTO E INSTALACAO","UN",72.89]
[null,"74231/1","LUMINARIA ABERTA PARA ILUMINACAO PUBLICA, PARA LAMPADA A VAPOR DE MERCURIO ATE 400W E MISTA ATE 500W, COM BRACO EM TUBO DE ACO GALV D=50MM PROJ HOR=2.500MM E PROJ VERT= 2.200MM, FORNECIMENTO E INSTALACAO","UN",120.46]
[null,"74246/1","REFLETOR RETANGULAR FECHADO COM LAMPADA VAPOR METALICO 400 W","UN",279.70999999999998]
[null,83399,"RELE FOTOELETRICO P/ COMANDO DE ILUMINACAO EXTERNA 220V/1000W - FORNECIMENTO E INSTALACAO","UN",27.59]
[null,83400,"BRACO P/ ILUMINACAO DE RUAS EM TUBO ACO GALV 1\" COMP = 1,20M E INCLINACAO 25GRAUS EM RELACAO AO PLANO VERTICAL P/ FIXACAO EM POSTE OU PAREDE - FORNECIMENTO E INSTALACAO","UN",87.8]
[null,83401,"BRACO P/ LUMINARIA PUBLICA 1 X 1,50 M, EM TUBO ACO GALV 3/4\u0094, P/ FIXACAO EM POSTE OU PAREDE - FORNECIMENTO E INSTALACAO","UN",87.8]
[null,83402,"ABRACADEIRA DE FIXACAO DE BRACOS DE LUMINARIAS DE 4\" - FORNECIMENTO E INSTALACAO","UN",49.3]
[null,83475,"LUMINARIA FECHADA PARA ILUMINACAO PUBLICA COM REATOR DE PARTIDA RAPIDA COM LAMPADA A VAPOR DE MERCURIO 250W - FORNECIMENTO E INSTALACAO","UN",374.5]
[null,83478,"LUMINARIA FECHADA PARA ILUMINACAO PUBLICA - LAMPADAS DE 250/500W - FORNECIMENTO E INSTALACAO (EXCLUINDO LAMPADAS)","UN",252.49]
[null,83479,"LUMINARIA ESTANQUE - PROTECAO CONTRA AGUA, POEIRA OU IMPACTOS - TIPO AQUATIC PIAL OU EQUIVALENTE","UN",98.82]
[null,83480,"REATOR PARA LAMPADA VAPOR DE MERCURIO 125W  USO EXTERNO","UN",77.150000000000006]
[null,83481,"REATOR PARA LAMPADA VAPOR DE MERCURIO 250W USO EXTERNO","UN",87.21]
[null,97600,"REFLETOR EM ALUMÍNIO COM SUPORTE E ALÇA, LÂMPADA 125 W - FORNECIMENTO E INSTALAÇÃO. AF_11/2017","UN",204.32]
[null,97601,"REFLETOR EM ALUMÍNIO COM SUPORTE E ALÇA, LÂMPADA 250 W - FORNECIMENTO E INSTALAÇÃO. AF_11/2017","UN",222.91]
[null,97605,"LUMINÁRIA ARANDELA TIPO MEIA-LUA, PARA 1 LÂMPADA LED - FORNECIMENTO E INSTALAÇÃO. AF_11/2017","UN",73.33]
[null,97606,"LUMINÁRIA ARANDELA TIPO MEIA-LUA, PARA 1 LÂMPADA DE 15 W - FORNECIMENTO E INSTALAÇÃO. AF_11/2017","UN",56.11]
[null,97607,"LUMINÁRIA ARANDELA TIPO TARTARUGA PARA 1 LÂMPADA LED - FORNECIMENTO E INSTALAÇÃO. AF_11/2017","UN",114.36]
[null,97608,"LUMINÁRIA ARANDELA TIPO TARTARUGA, COM GRADE, PARA 1 LÂMPADA DE 15 W - FORNECIMENTO E INSTALAÇÃO. AF_11/2017","UN",79.92]
[null,"73857/1","TRANSFORMADOR DISTRIBUICAO  75KVA TRIFASICO 60HZ CLASSE 15KV IMERSO EM ÓLEO MINERAL FORNECIMENTO E INSTALACAO","UN",6345.19]
[null,"73857/2","TRANSFORMADOR DISTRIBUICAO  112,5KVA TRIFASICO 60HZ CLASSE 15KV IMERSO EM ÓLEO MINERAL FORNECIMENTO E INSTALACAO","UN",7841.19]
[null,"73857/3","TRANSFORMADOR DISTRIBUICAO  150KVA TRIFASICO 60HZ CLASSE 15KV IMERSO EM ÓLEO MINERAL FORNECIMENTO E INSTALACAO","UN",9884.77]
[null,"73857/4","TRANSFORMADOR DISTRIBUICAO  225KVA TRIFASICO 60HZ CLASSE 15KV IMERSO EM ÓLEO MINERAL FORNECIMENTO E INSTALACAO","UN",13844.4]
[null,"73857/5","TRANSFORMADOR DISTRIBUICAO  300KVA TRIFASICO 60HZ CLASSE 15KV IMERSO EM ÓLEO MINERAL FORNECIMENTO E INSTALACAO","UN",16149.16]
[null,"73857/6","TRANSFORMADOR DISTRIBUICAO  500KVA TRIFASICO 60HZ CLASSE 15KV IMERSO EM ÓLEO MINERAL FORNECIMENTO E INSTALACAO","UN",26288.58]
[null,"73857/7","TRANSFORMADOR DISTRIBUICAO  30KVA TRIFASICO 60HZ CLASSE 15KV IMERSO EM ÓLEO MINERAL FORNECIMENTO E INSTALACAO","UN",4380.62]
[null,"73857/8","TRANSFORMADOR DISTRIBUICAO  45KVA TRIFASICO 60HZ CLASSE 15KV IMERSO EM ÓLEO MINERAL FORNECIMENTO E INSTALACAO","UN",4905.12]
[null,"73857/9","TRANSFORMADOR DISTRIBUICAO  750KVA TRIFASICO 60HZ CLASSE 15KV IMERSO EM ÓLEO MINERAL FORNECIMENTO E INSTALACAO","UN",36022.11]
[null,"73857/10","TRANSFORMADOR DISTRIBUICAO  1000KVA TRIFASICO 60HZ CLASSE 15KV IMERSO EM ÓLEO MINERAL FORNECIMENTO E INSTALACAO","UN",50387.86]
[null,93128,"PONTO DE ILUMINAÇÃO RESIDENCIAL INCLUINDO INTERRUPTOR SIMPLES, CAIXA ELÉTRICA, ELETRODUTO, CABO, RASGO, QUEBRA E CHUMBAMENTO (EXCLUINDO LUMINÁRIA E LÂMPADA). AF_01/2016","UN",101.08]
[null,93137,"PONTO DE ILUMINAÇÃO RESIDENCIAL INCLUINDO INTERRUPTOR SIMPLES (2 MÓDULOS), CAIXA ELÉTRICA, ELETRODUTO, CABO, RASGO, QUEBRA E CHUMBAMENTO (EXCLUINDO LUMINÁRIA E LÂMPADA). AF_01/2016","UN",121.78]
[null,93138,"PONTO DE ILUMINAÇÃO RESIDENCIAL INCLUINDO INTERRUPTOR PARALELO, CAIXA ELÉTRICA, ELETRODUTO, CABO, RASGO, QUEBRA E CHUMBAMENTO (EXCLUINDO LUMINÁRIA E LÂMPADA). AF_01/2016","UN",113.79]
[null,93139,"PONTO DE ILUMINAÇÃO RESIDENCIAL INCLUINDO INTERRUPTOR PARALELO (2 MÓDULOS), CAIXA ELÉTRICA, ELETRODUTO, CABO, RASGO, QUEBRA E CHUMBAMENTO (EXCLUINDO LUMINÁRIA E LÂMPADA). AF_01/2016","UN",147.16]
[null,93140,"PONTO DE ILUMINAÇÃO RESIDENCIAL INCLUINDO INTERRUPTOR SIMPLES CONJUGADO COM PARALELO, CAIXA ELÉTRICA, ELETRODUTO, CABO, RASGO, QUEBRA E CHUMBAMENTO (EXCLUINDO LUMINÁRIA E LÂMPADA). AF_01/2016","UN",138.33000000000001]
[null,93141,"PONTO DE TOMADA RESIDENCIAL INCLUINDO TOMADA 10A/250V, CAIXA ELÉTRICA, ELETRODUTO, CABO, RASGO, QUEBRA E CHUMBAMENTO. AF_01/2016","UN",123.85]
[null,93142,"PONTO DE TOMADA RESIDENCIAL INCLUINDO TOMADA (2 MÓDULOS) 10A/250V, CAIXA ELÉTRICA, ELETRODUTO, CABO, RASGO, QUEBRA E CHUMBAMENTO. AF_01/2016","UN",140.4]
[null,93143,"PONTO DE TOMADA RESIDENCIAL INCLUINDO TOMADA 20A/250V, CAIXA ELÉTRICA, ELETRODUTO, CABO, RASGO, QUEBRA E CHUMBAMENTO. AF_01/2016","UN",126.32]
[null,93144,"PONTO DE UTILIZAÇÃO DE EQUIPAMENTOS ELÉTRICOS, RESIDENCIAL, INCLUINDO SUPORTE E PLACA, CAIXA ELÉTRICA, ELETRODUTO, CABO, RASGO, QUEBRA E CHUMBAMENTO. AF_01/2016","UN",160.16]
[null,93145,"PONTO DE ILUMINAÇÃO E TOMADA, RESIDENCIAL, INCLUINDO INTERRUPTOR SIMPLES E TOMADA 10A/250V, CAIXA ELÉTRICA, ELETRODUTO, CABO, RASGO, QUEBRA E CHUMBAMENTO (EXCLUINDO LUMINÁRIA E LÂMPADA). AF_01/2016","UN",152.28]
[null,93146,"PONTO DE ILUMINAÇÃO E TOMADA, RESIDENCIAL, INCLUINDO INTERRUPTOR PARALELO E TOMADA 10A/250V, CAIXA ELÉTRICA, ELETRODUTO, CABO, RASGO, QUEBRA E CHUMBAMENTO (EXCLUINDO LUMINÁRIA E LÂMPADA). AF_01/2016","UN",164.99]
[null,93147,"PONTO DE ILUMINAÇÃO E TOMADA, RESIDENCIAL, INCLUINDO INTERRUPTOR SIMPLES, INTERRUPTOR PARALELO E TOMADA 10A/250V, CAIXA ELÉTRICA, ELETRODUTO, CABO, RASGO, QUEBRA E CHUMBAMENTO (EXCLUINDO LUMINÁRIA E LÂMPADA). AF_01/2016","UN",189.57]
[null,8260,"INSTALACAO PARA-RAIOS P/RESERVATORIO","UN",2666.52]
[null,72315,"TERMINAL AEREO EM ACO GALVANIZADO COM BASE DE FIXACAO H = 30CM","UN",24.4]
[null,96971,"CORDOALHA DE COBRE NU 16 MM², NÃO ENTERRADA, COM ISOLADOR - FORNECIMENTO E INSTALAÇÃO. AF_12/2017","M",18.32]
[null,96972,"CORDOALHA DE COBRE NU 25 MM², NÃO ENTERRADA, COM ISOLADOR - FORNECIMENTO E INSTALAÇÃO. AF_12/2017","M",24.74]
[null,96973,"CORDOALHA DE COBRE NU 35 MM², NÃO ENTERRADA, COM ISOLADOR - FORNECIMENTO E INSTALAÇÃO. AF_12/2017","M",30.78]
[null,96974,"CORDOALHA DE COBRE NU 50 MM², NÃO ENTERRADA, COM ISOLADOR - FORNECIMENTO E INSTALAÇÃO. AF_12/2017","M",38.61]
[null,96975,"CORDOALHA DE COBRE NU 70 MM², NÃO ENTERRADA, COM ISOLADOR - FORNECIMENTO E INSTALAÇÃO. AF_12/2017","M",48.8]
[null,96976,"CORDOALHA DE COBRE NU 95 MM², NÃO ENTERRADA, COM ISOLADOR - FORNECIMENTO E INSTALAÇÃO. AF_12/2017","M",62.1]
[null,96977,"CORDOALHA DE COBRE NU 50 MM², ENTERRADA, SEM ISOLADOR - FORNECIMENTO E INSTALAÇÃO. AF_12/2017","M",21.77]
[null,96978,"CORDOALHA DE COBRE NU 70 MM², ENTERRADA, SEM ISOLADOR - FORNECIMENTO E INSTALAÇÃO. AF_12/2017","M",30.45]
[null,96979,"CORDOALHA DE COBRE NU 95 MM², ENTERRADA, SEM ISOLADOR - FORNECIMENTO E INSTALAÇÃO. AF_12/2017","M",42.57]
[null,96984,"ELETRODUTO PVC 40MM (1 ¼ ) PARA SPDA - FORNECIMENTO E INSTALAÇÃO. AF_12/2017","UN",37.840000000000003]
[null,96985,"HASTE DE ATERRAMENTO 5/8  PARA SPDA - FORNECIMENTO E INSTALAÇÃO. AF_12/2017","UN",48.43]
[null,96986,"HASTE DE ATERRAMENTO 3/4  PARA SPDA - FORNECIMENTO E INSTALAÇÃO. AF_12/2017","UN",72.31]
[null,96987,"BASE METÁLICA PARA MASTRO 1 ½  PARA SPDA - FORNECIMENTO E INSTALAÇÃO. AF_12/2017","UN",91.21]
[null,96988,"MASTRO 1 ½  PARA SPDA - FORNECIMENTO E INSTALAÇÃO. AF_12/2017","UN",133.03]
[null,96989,"CAPTOR TIPO FRANKLIN PARA SPDA - FORNECIMENTO E INSTALAÇÃO. AF_12/2017","UN",87.55]
[null,98463,"SUPORTE ISOLADOR PARA CORDOALHA DE COBRE - FORNECIMENTO E INSTALAÇÃO. AF_12/2017","UN",17.399999999999999]
[null,9535,"CHUVEIRO ELETRICO COMUM CORPO PLASTICO TIPO DUCHA, FORNECIMENTO E INSTALACAO","UN",70.7]
[null,72322,"CHAVE SECCIONADORA TRIPOLAR, ABERTURA SOB CARGA, COM FUSÍVEIS NH - 100A/250V - FORNECIMENTO E INSTALACAO","UN",428.96]
[null,72326,"CHAVE SECCIONADORA TRIPOLAR, ABERTURA SOB CARGA, COM FUSÍVEIS NH - 200A/250V","UN",647.16999999999996]
[null,72327,"FUSÍVEL TIPO \"DIAZED\", TIPO RÁPIDO OU RETARDADO - 2/25A - FORNECIMENTO E INSTALACAO","UN",8.01]
[null,72328,"FUSÍVEL TIPO \"DIAZED\", TIPO RÁPIDO OU RETARDADO - 35/63A - FORNECIMENTO E INSTALACAO","UN",10.49]
[null,72330,"FUSÍVEL TIPO NH 200A - TAMANHO 01 - FORNECIMENTO E INSTALACAO","UN",64.430000000000007]
[null,"73780/1","CHAVE FUSIVEL UNIPOLAR, 15KV - 100A, EQUIPADA COM COMANDO PARA HASTE DE MANOBRA .       FORNECIMENTO E INSTALAÇÃO.","UN",299.05]
[null,"73780/2","CHAVE BLINDADA TRIPOLAR 250V, 30A - FORNECIMENTO E INSTALACAO","UN",202.48]
[null,"73780/3","CHAVE BLINDADA TRIPOLAR 250V, 60A - FORNECIMENTO E INSTALACAO","UN",310.98]
[null,"73780/4","CHAVE BLINDADA TRIPOLAR 250V, 100A - FORNECIMENTO E INSTALACAO","UN",573.96]
[null,83482,"FUSIVEL TIPO NH 250 A, TAMANHO 1 - FORNECIMENTO E INSTALACAO","UN",64.430000000000007]
[null,83487,"BASE PARA FUSIVEL (PORTA-FUSIVEL) NH 01 250A","UN",95]
[null,83490,"CHAVE FACA TRIPOLAR BLINDADA 250V/30A - FORNECIMENTO E INSTALACAO","UN",199.16]
[null,83491,"CHAVE GUARDA MOTOR TRIFASICO 5CV/220V C/ CHAVE MAGNETICA - FORNECIMENTO E INSTALACAO","UN",279.94]
[null,83492,"CHAVE GUARDA MOTOR TRIFISICA 10CV/220V C/ CHAVE MAGNETICA - FORNECIMENTO E INSTALACAO","UN",423.58]
[null,83493,"FUSIVEL TIPO NH 250A - TAMANHO 01 - FORNECIMENTO E INSTALACAO","UN",64.430000000000007]
[null,85195,"CHAVE DE BOIA AUTOMÁTICA","UN",63.29]
[null,88547,"CHAVE DE BOIA AUTOMÁTICA SUPERIOR 10A/250V - FORNECIMENTO E INSTALACAO","UN",69.19]
[null,72283,"ABRIGO PARA HIDRANTE, 75X45X17CM, COM REGISTRO GLOBO ANGULAR 45º 2.1/2\", ADAPTADOR STORZ 2.1/2\", MANGUEIRA DE INCÊNDIO 15M, REDUÇÃO 2.1/2X1.1/2\" E ESGUICHO EM LATÃO 1.1/2\" - FORNECIMENTO E INSTALAÇÃO","UN",1109.43]
[null,72287,"CAIXA DE INCÊNDIO 45X75X17CM - FORNECIMENTO E INSTALAÇÃO","UN",326.39]
[null,72288,"CAIXA DE INCÊNDIO 60X75X17CM - FORNECIMENTO E INSTALAÇÃO","UN",408.36]
[null,72553,"EXTINTOR DE PQS 4KG - FORNECIMENTO E INSTALACAO","UN",145.22]
[null,72554,"EXTINTOR DE CO2 6KG - FORNECIMENTO E INSTALACAO","UN",489.84]
[null,"73775/1","EXTINTOR INCENDIO TP PO QUIMICO 4KG FORNECIMENTO E COLOCACAO","UN",151.15]
[null,"73775/2","EXTINTOR INCENDIO AGUA-PRESSURIZADA 10L INCL SUPORTE PAREDE CARGA     COMPLETA FORNECIMENTO E COLOCACAO","UN",155.77000000000001]
[null,83633,"HIDRANTE SUBTERRANEO FERRO FUNDIDO C/ CURVA LONGA E CAIXA DN=75MM","UN",1815.56]
[null,83634,"EXTINTOR INCENDIO TP GAS CARBONICO 4KG COMPLETO - FORNECIMENTO E INSTALACAO","UN",458.84]
[null,83635,"EXTINTOR INCENDIO TP PO QUIMICO 6KG - FORNECIMENTO E INSTALACAO","UN",175.77]
[null,96765,"ABRIGO PARA HIDRANTE, 90X60X17CM, COM REGISTRO GLOBO ANGULAR 45º 2.1/2\", ADAPTADOR STORZ 2.1/2\", MANGUEIRA DE INCÊNDIO 20M, REDUÇÃO 2.1/2X1.1/2\" E ESGUICHO EM LATÃO 1.1/2\" - FORNECIMENTO E INSTALAÇÃO. AF_08/2017","UN",1320.28]
[null,72337,"TOMADA PARA TELEFONE DE 4 POLOS PADRAO TELEBRAS - FORNECIMENTO E INSTALACAO","UN",26.4]
[null,"73749/1","CAIXA ENTERRADA PARA INSTALACOES TELEFONICAS TIPO R1 0,60X0,35X0,50M EM BLOCOS DE CONCRETO ESTRUTURAL","UN",161.47]
[null,"73749/2","CAIXA ENTERRADA PARA INSTALACOES TELEFONICAS TIPO R2 1,07X0,52X0,50M EM BLOCOS DE CONCRETO ESTRUTURAL","UN",294.08]
[null,"73749/3","CAIXA ENTERRADA PARA INSTALACOES TELEFONICAS TIPO R3 1,30X1,20X1,20M EM BLOCOS DE CONCRETO ESTRUTURAL","UN",961.72]
[null,"73768/1","FIO TELEFONICO FI 0,6MM, 2 CONDUTORES (USO INTERNO)-  FORNECIMENTO E INSTALACAO","M",1.58]
[null,"73768/7","CABO TELEFONICO CI-50 75 PARES (USO INTERNO) - FORNECIMENTO E INSTALACAO","M",42.83]
[null,"73768/8","CABO TELEFONICO CI-50 200 PARES (USO INTERNO) - FORNECIMENTO E INSTALACAO","M",102.49]
[null,"73768/9","CABO TELEFONICO CCI-50 1 PAR (USO INTERNO) - FORNECIMENTO E INSTALACAO","M",1.1200000000000001]
[null,"73768/10","CABO TELEFONICO CCI-50 2 PARES (USO INTERNO) - FORNECIMENTO E INSTALACAO","M",1.48]
[null,"73768/11","CABO TELEFONICO CCI-50 3 PARES (USO INTERNO) - FORNECIMENTO E INSTALACAO","M",1.95]
[null,"73768/12","CABO TELEFONICO CCI-50 4 PARES (USO INTERNO) - FORNECIMENTO E INSTALACAO","M",2.62]
[null,"73768/13","CABO TELEFONICO CCI-50 5 PARES (USO INTERNO) - FORNECIMENTO E INSTALACAO","M",3.52]
[null,"73768/14","CABO TELEFONICO CCI-50 6 PARES  (USO INTERNO) - FORNECIMENTO E INSTALACAO","M",4.5]
[null,83366,"CAIXA DE PASSAGEM PARA TELEFONE 15X15X10CM (SOBREPOR), FORNECIMENTO E INSTALACAO.","UN",52.23]
[null,83367,"CAIXA DE PASSAGEM PARA TELEFONE 80X80X15CM (SOBREPOR) FORNECIMENTO E INSTALACAO","UN",372.88]
[null,83368,"CAIXA DE PASSAGEM PARA TELEFONE 150X150X15CM (SOBREPOR) FORNECIMENTO E INSTALACAO","UN",1018.83]
[null,83369,"QUADRO DE DISTRIBUICAO PARA TELEFONE N.4, 60X60X12CM EM CHAPA METALICA, DE EMBUTIR, SEM ACESSORIOS, PADRAO TELEBRAS, FORNECIMENTO E INSTALACAO","UN",242.45]
[null,83370,"QUADRO DE DISTRIBUICAO PARA TELEFONE N.3, 40X40X12CM EM CHAPA METALICA, DE EMBUTIR, SEM ACESSORIOS, PADRAO TELEBRAS, FORNECIMENTO E INSTALACAO","UN",151.36000000000001]
[null,83371,"QUADRO DE DISTRIBUICAO PARA TELEFONE N.2, 20X20X12CM EM CHAPA METALICA, DE EMBUTIR, SEM ACESSORIOS, PADRAO TELEBRAS, FORNECIMENTO E INSTALACAO","UN",90.99]
[null,83639,"CABO TELEFONICO CT-APL-50, 100 PARES (USO EXTERNO) - FORNECIMENTO E INSTALACAO","M",52.52]
[null,84676,"QUADRO DE DISTRIBUICAO PARA TELEFONE N.5, 80X80X12CM EM CHAPA METALICA, SEM ACESSORIOS, PADRAO TELEBRAS, FORNECIMENTO E INSTALACAO","UN",344.41]
[null,84796,"TAMPAO FOFO P/ CAIXA R2 PADRAO TELEBRAS COMPLETO - FORNECIMENTO E INSTALACAO","UN",548.55999999999995]
[null,84798,"TAMPAO FOFO P/ CAIXA R1 PADRAO TELEBRAS COMPLETO - FORNECIMENTO E INSTALACAO","UN",242.96]
[null,98261,"CABO TELEFÔNICO CCI-50 1 PAR, INSTALADO EM ENTRADA DE EDIFICAÇÃO - FORNECIMENTO E INSTALAÇÃO. AF_03/2018","M",2.41]
[null,98262,"CABO TELEFÔNICO CCI-50 2 PARES, SEM BLINDAGEM, INSTALADO EM ENTRADA DE EDIFICAÇÃO - FORNECIMENTO E INSTALAÇÃO. AF_03/2018","M",2.88]
[null,98263,"CABO TELEFÔNICO CCI-50 3 PARES, SEM BLINDAGEM, INSTALADO EM ENTRADA DE EDIFICAÇÃO - FORNECIMENTO E INSTALAÇÃO. AF_03/2018","M",3.45]
[null,98264,"CABO TELEFÔNICO CCI-50 4 PARES, SEM BLINDAGEM, INSTALADO EM ENTRADA DE EDIFICAÇÃO - FORNECIMENTO E INSTALAÇÃO. AF_03/2018","M",3.89]
[null,98265,"CABO TELEFÔNICO CCI-50 5 PARES, SEM BLINDAGEM, INSTALADO EM ENTRADA DE EDIFICAÇÃO - FORNECIMENTO E INSTALAÇÃO. AF_03/2018","M",4.5599999999999996]
[null,98266,"CABO TELEFÔNICO CCI-50 6 PARES, SEM BLINDAGEM, INSTALADO EM ENTRADA DE EDIFICAÇÃO - FORNECIMENTO E INSTALAÇÃO. AF_03/2018","M",4.9400000000000004]
[null,98267,"CABO TELEFÔNICO CI-50 10 PARES INSTALADO EM ENTRADA DE EDIFICAÇÃO - FORNECIMENTO E INSTALAÇÃO. AF_03/2018","M",8.2100000000000009]
[null,98268,"CABO TELEFÔNICO CI-50 20 PARES INSTALADO EM ENTRADA DE EDIFICAÇÃO - FORNECIMENTO E INSTALAÇÃO. AF_03/2018","M",13.62]
[null,98269,"CABO TELEFÔNICO CI-50 30 PARES INSTALADO EM ENTRADA DE EDIFICAÇÃO - FORNECIMENTO E INSTALAÇÃO. AF_03/2018","M",17.690000000000001]
[null,98270,"CABO TELEFÔNICO CI-50 50 PARES INSTALADO EM ENTRADA DE EDIFICAÇÃO - FORNECIMENTO E INSTALAÇÃO. AF_03/2018","M",29.03]
[null,98271,"CABO TELEFÔNICO CI-50 75 PARES INSTALADO EM ENTRADA DE EDIFICAÇÃO - FORNECIMENTO E INSTALAÇÃO. AF_03/2018","M",45.3]
[null,98272,"CABO TELEFÔNICO CI-50 200 PARES INSTALADO EM ENTRADA DE EDIFICAÇÃO - FORNECIMENTO E INSTALAÇÃO. AF_03/2018","M",106.87]
[null,98273,"CABO TELEFÔNICO CCI-50 4 PARES, SEM BLINDAGEM, INSTALADO EM PRUMADA - FORNECIMENTO E INSTALAÇÃO. AF_03/2018","M",2.0099999999999998]
[null,98274,"CABO TELEFÔNICO CCI-50 5 PARES, SEM BLINDAGEM, INSTALADO EM PRUMADA - FORNECIMENTO E INSTALAÇÃO. AF_03/2018","M",2.67]
[null,98275,"CABO TELEFÔNICO CCI-50 6 PARES, SEM BLINDAGEM, INSTALADO EM PRUMADA - FORNECIMENTO E INSTALAÇÃO. AF_03/2018","M",3.05]
[null,98276,"CABO TELEFÔNICO CI-50 10 PARES INSTALADO EM PRUMADA - FORNECIMENTO E INSTALAÇÃO. AF_03/2018","M",6.33]
[null,98277,"CABO TELEFÔNICO CI-50 20 PARES INSTALADO EM PRUMADA - FORNECIMENTO E INSTALAÇÃO. AF_03/2018","M",11.74]
[null,98278,"CABO TELEFÔNICO CI-50 30 PARES INSTALADO EM PRUMADA - FORNECIMENTO E INSTALAÇÃO. AF_03/2018","M",15.8]
[null,98279,"CABO TELEFÔNICO CI-50 50 PARES INSTALADO EM PRUMADA - FORNECIMENTO E INSTALAÇÃO. AF_03/2018","M",27.15]
[null,98280,"CABO TELEFÔNICO CCI-50 1 PAR, SEM BLINDAGEM, INSTALADO EM DISTRIBUIÇÃO DE EDIFICAÇÃO RESIDENCIAL - FORNECIMENTO E INSTALAÇÃO. AF_03/2018","M",4.83]
[null,98281,"CABO TELEFÔNICO CCI-50 2 PARES, SEM BLINDAGEM, INSTALADO EM DISTRIBUIÇÃO DE EDIFICAÇÃO RESIDENCIAL - FORNECIMENTO E INSTALAÇÃO. AF_03/2018","M",5.3]
[null,98282,"CABO TELEFÔNICO CCI-50 3 PARES, SEM BLINDAGEM, INSTALADO EM DISTRIBUIÇÃO DE EDIFICAÇÃO RESIDENCIAL - FORNECIMENTO E INSTALAÇÃO. AF_03/2018","M",5.86]
[null,98283,"CABO TELEFÔNICO CCI-50 4 PARES, SEM BLINDAGEM, INSTALADO EM DISTRIBUIÇÃO DE EDIFICAÇÃO RESIDENCIAL - FORNECIMENTO E INSTALAÇÃO. AF_03/2018","M",6.3]
[null,98284,"CABO TELEFÔNICO CCI-50 5 PARES, SEM BLINDAGEM, INSTALADO EM DISTRIBUIÇÃO DE EDIFICAÇÃO RESIDENCIAL - FORNECIMENTO E INSTALAÇÃO. AF_03/2018","M",6.96]
[null,98285,"CABO TELEFÔNICO CCI-50 6 PARES, SEM BLINDAGEM, INSTALADO EM DISTRIBUIÇÃO DE EDIFICAÇÃO RESIDENCIAL - FORNECIMENTO E INSTALAÇÃO. AF_03/2018","M",7.36]
[null,98286,"CABO TELEFÔNICO CI-50 10 PARES INSTALADO EM DISTRIBUIÇÃO DE EDIFICAÇÃO RESIDENCIAL - FORNECIMENTO E INSTALAÇÃO. AF_03/2018","M",10.62]
[null,98287,"CABO TELEFÔNICO CCI-50 1 PAR, SEM BLINDAGEM, INSTALADO EM DISTRIBUIÇÃO DE EDIFICAÇÃO INSTITUCIONAL - FORNECIMENTO E INSTALAÇÃO. AF_03/2018","M",0.96]
[null,98288,"CABO TELEFÔNICO CCI-50 2 PARES, SEM BLINDAGEM, INSTALADO EM DISTRIBUIÇÃO DE EDIFICAÇÃO INSTITUCIONAL - FORNECIMENTO E INSTALAÇÃO. AF_03/2018","M",1.43]
[null,98289,"CABO TELEFÔNICO CCI-50 3 PARES, SEM BLINDAGEM, INSTALADO EM DISTRIBUIÇÃO DE EDIFICAÇÃO INSTITUCIONAL - FORNECIMENTO E INSTALAÇÃO. AF_03/2018","M",2]
[null,98290,"CABO TELEFÔNICO CCI-50 4 PARES, SEM BLINDAGEM, INSTALADO EM DISTRIBUIÇÃO DE EDIFICAÇÃO INSTITUCIONAL - FORNECIMENTO E INSTALAÇÃO. AF_03/2018","M",2.44]
[null,98291,"CABO TELEFÔNICO CCI-50 5 PARES, SEM BLINDAGEM, INSTALADO EM DISTRIBUIÇÃO DE EDIFICAÇÃO INSTITUCIONAL - FORNECIMENTO E INSTALAÇÃO. AF_03/2018","M",3.1]
[null,98292,"CABO TELEFÔNICO CCI-50 6 PARES, SEM BLINDAGEM, INSTALADO EM DISTRIBUIÇÃO DE EDIFICAÇÃO INSTITUCIONAL - FORNECIMENTO E INSTALAÇÃO. AF_03/2018","M",3.49]
[null,98293,"CABO TELEFÔNICO CI-50 10 PARES INSTALADO EM DISTRIBUIÇÃO DE EDIFICAÇÃO INSTITUCIONAL - FORNECIMENTO E INSTALAÇÃO. AF_03/2018","M",6.76]
[null,98400,"CABO TELEFÔNICO CTP-APL-50 10 PARES INSTALADO EM ENTRADA DE EDIFICAÇÃO - FORNECIMENTO E INSTALAÇÃO. AF_04/2018","M",9.81]
[null,98401,"CABO TELEFÔNICO CTP-APL-50 20 PARES INSTALADO EM ENTRADA DE EDIFICAÇÃO - FORNECIMENTO E INSTALAÇÃO. AF_04/2018","M",15.34]
[null,98402,"CABO TELEFÔNICO CTP-APL-50 30 PARES INSTALADO EM ENTRADA DE EDIFICAÇÃO - FORNECIMENTO E INSTALAÇÃO. AF_04/2018","M",19.98]
[null,98397,"PINTURA ANTICORROSIVA DE DUTO METÁLICO. AF_04/2018","M²",8.2100000000000009]
[null,"74003/1","INSTALACOES GAS CENTRAL P/ EDIFICIO RESIDENCIAL C/ 4 PAVTOS 16 UNID.  UMA CENTRAL POR BLOCO COM 16 PONTOS","UN",4965.12]
[null,85120,"MANOMETRO 0 A 200 PSI (0 A 14 KGF/CM2), D = 50MM - FORNECIMENTO E COLOCACAO","UN",111.37]
[null,83486,"BOMBA CENTRIFUGA C/ MOTOR ELETRICO TRIFASICO 1CV","UN",1076.23]
[null,83643,"BOMBA SUBMERSIVEL ELETRICA, TRIFASICA, POTÊNCIA 3,75 HP, DIAMETRO DO ROTOR 90 MM SEMIABERTO, BOCAL DE SAIDA DIAMETRO DE 2 POLEGADAS, HM/Q = 5 M / 61,2 M3/H A 25,5 M / 3,6 M3/H","UN",3379.06]
[null,83644,"BOMBA RECALQUE D'AGUA TRIFASICA 10,0 HP","UN",4649.6400000000003]
[null,83645,"BOMBA RECALQUE D'AGUA TRIFASICA 3,0 HP","UN",1517.42]
[null,83646,"BOMBA RECALQUE D'AGUA DE ESTAGIOS TRIFASICA 2,0 HP","UN",1752.09]
[null,83647,"BOMBA RECALQUE D'AGUA TRIFASICA 1,5HP","UN",1166.23]
[null,83648,"BOMBA RECALQUE D'AGUA TRIFASICA 0,5 HP","UN",769.47]
[null,83649,"BOMBA RECALQUE D'AGUA PREDIO 6 A 10 PAVTOS - 2UD","UN",4529.05]
[null,83650,"BOMBA RECALQUE D'AGUA PREDIO 3 A 5 PAVTOS - 2UD","UN",3826.67]
[null,98294,"CABO ELETRÔNICO CATEGORIA 5E, INSTALADO EM EDIFICAÇÃO RESIDENCIAL - FORNECIMENTO E INSTALAÇÃO. AF_03/2018","M",1.65]
[null,98295,"CABO ELETRÔNICO CATEGORIA 5E, INSTALADO EM EDIFICAÇÃO INSTITUCIONAL - FORNECIMENTO E INSTALAÇÃO. AF_03/2018","M",1.2]
[null,98296,"CABO ELETRÔNICO CATEGORIA 6, INSTALADO EM EDIFICAÇÃO RESIDENCIAL - FORNECIMENTO E INSTALAÇÃO. AF_03/2018","M",2.5299999999999998]
[null,98297,"CABO ELETRÔNICO CATEGORIA 6, INSTALADO EM EDIFICAÇÃO INSTITUCIONAL - FORNECIMENTO E INSTALAÇÃO. AF_03/2018","M",1.83]
[null,98301,"PATCH PANEL 24 PORTAS, CATEGORIA 5E - FORNECIMENTO E INSTALAÇÃO. AF_03/2018","UN",367.39]
[null,98302,"PATCH PANEL 24 PORTAS, CATEGORIA 6 - FORNECIMENTO E INSTALAÇÃO. AF_03/2018","UN",496.66]
[null,98304,"PATCH PANEL 48 PORTAS, CATEGORIA 6 - FORNECIMENTO E INSTALAÇÃO. AF_03/2018","UN",793.34]
[null,98307,"TOMADA DE REDE RJ45 - FORNECIMENTO E INSTALAÇÃO. AF_03/2018","UN",46.87]
[null,98308,"TOMADA PARA TELEFONE RJ11 - FORNECIMENTO E INSTALAÇÃO. AF_03/2018","UN",29.34]
[null,98593,"PATCH PANEL 48 PORTAS, CATEGORIA 5E - FORNECIMENTO E INSTALAÇÃO. AF_04/2018","UN",638.92999999999995]
[null,89355,"TUBO, PVC, SOLDÁVEL, DN 20MM, INSTALADO EM RAMAL OU SUB-RAMAL DE ÁGUA - FORNECIMENTO E INSTALAÇÃO. AF_12/2014","M",12.27]
[null,89356,"TUBO, PVC, SOLDÁVEL, DN 25MM, INSTALADO EM RAMAL OU SUB-RAMAL DE ÁGUA - FORNECIMENTO E INSTALAÇÃO. AF_12/2014","M",14.58]
[null,89357,"TUBO, PVC, SOLDÁVEL, DN 32MM, INSTALADO EM RAMAL OU SUB-RAMAL DE ÁGUA - FORNECIMENTO E INSTALAÇÃO. AF_12/2014","M",20.190000000000001]
[null,89401,"TUBO, PVC, SOLDÁVEL, DN 20MM, INSTALADO EM RAMAL DE DISTRIBUIÇÃO DE ÁGUA - FORNECIMENTO E INSTALAÇÃO. AF_12/2014","M",5.27]
[null,89402,"TUBO, PVC, SOLDÁVEL, DN 25MM, INSTALADO EM RAMAL DE DISTRIBUIÇÃO DE ÁGUA - FORNECIMENTO E INSTALAÇÃO. AF_12/2014","M",6.49]
[null,89403,"TUBO, PVC, SOLDÁVEL, DN 32MM, INSTALADO EM RAMAL DE DISTRIBUIÇÃO DE ÁGUA - FORNECIMENTO E INSTALAÇÃO. AF_12/2014","M",10.53]
[null,89446,"TUBO, PVC, SOLDÁVEL, DN 25MM, INSTALADO EM PRUMADA DE ÁGUA - FORNECIMENTO E INSTALAÇÃO. AF_12/2014","M",3.42]
[null,89447,"TUBO, PVC, SOLDÁVEL, DN 32MM, INSTALADO EM PRUMADA DE ÁGUA - FORNECIMENTO E INSTALAÇÃO. AF_12/2014","M",6.92]
[null,89448,"TUBO, PVC, SOLDÁVEL, DN 40MM, INSTALADO EM PRUMADA DE ÁGUA - FORNECIMENTO E INSTALAÇÃO. AF_12/2014","M",9.94]
[null,89449,"TUBO, PVC, SOLDÁVEL, DN 50MM, INSTALADO EM PRUMADA DE ÁGUA - FORNECIMENTO E INSTALAÇÃO. AF_12/2014","M",12.31]
[null,89450,"TUBO, PVC, SOLDÁVEL, DN 60MM, INSTALADO EM PRUMADA DE ÁGUA - FORNECIMENTO E INSTALAÇÃO. AF_12/2014","M",18.86]
[null,89451,"TUBO, PVC, SOLDÁVEL, DN 75MM, INSTALADO EM PRUMADA DE ÁGUA - FORNECIMENTO E INSTALAÇÃO. AF_12/2014","M",26.28]
[null,89452,"TUBO, PVC, SOLDÁVEL, DN 85MM, INSTALADO EM PRUMADA DE ÁGUA - FORNECIMENTO E INSTALAÇÃO. AF_12/2014","M",32.94]
[null,89508,"TUBO PVC, SÉRIE R, ÁGUA PLUVIAL, DN 40 MM, FORNECIDO E INSTALADO EM RAMAL DE ENCAMINHAMENTO. AF_12/2014","M",10.27]
[null,89509,"TUBO PVC, SÉRIE R, ÁGUA PLUVIAL, DN 50 MM, FORNECIDO E INSTALADO EM RAMAL DE ENCAMINHAMENTO. AF_12/2014","M",14.68]
[null,89511,"TUBO PVC, SÉRIE R, ÁGUA PLUVIAL, DN 75 MM, FORNECIDO E INSTALADO EM RAMAL DE ENCAMINHAMENTO. AF_12/2014","M",22]
[null,89512,"TUBO PVC, SÉRIE R, ÁGUA PLUVIAL, DN 100 MM, FORNECIDO E INSTALADO EM RAMAL DE ENCAMINHAMENTO. AF_12/2014","M",32.950000000000003]
[null,89576,"TUBO PVC, SÉRIE R, ÁGUA PLUVIAL, DN 75 MM, FORNECIDO E INSTALADO EM CONDUTORES VERTICAIS DE ÁGUAS PLUVIAIS. AF_12/2014","M",11.19]
[null,89578,"TUBO PVC, SÉRIE R, ÁGUA PLUVIAL, DN 100 MM, FORNECIDO E INSTALADO EM CONDUTORES VERTICAIS DE ÁGUAS PLUVIAIS. AF_12/2014","M",18.23]
[null,89580,"TUBO PVC, SÉRIE R, ÁGUA PLUVIAL, DN 150 MM, FORNECIDO E INSTALADO EM CONDUTORES VERTICAIS DE ÁGUAS PLUVIAIS. AF_12/2014","M",35.97]
[null,89633,"TUBO, CPVC, SOLDÁVEL, DN 15MM, INSTALADO EM RAMAL OU SUB-RAMAL DE ÁGUA - FORNECIMENTO E INSTALAÇÃO. AF_12/2014","M",16.54]
[null,89634,"TUBO, CPVC, SOLDÁVEL, DN 22MM, INSTALADO EM RAMAL OU SUB-RAMAL DE ÁGUA - FORNECIMENTO E INSTALAÇÃO. AF_12/2014","M",25.13]
[null,89635,"TUBO, CPVC, SOLDÁVEL, DN 28MM, INSTALADO EM RAMAL OU SUB-RAMAL DE ÁGUA - FORNECIMENTO E INSTALAÇÃO. AF_12/2014","M",35.89]
[null,89636,"TUBO, CPVC, SOLDÁVEL, DN 35MM, INSTALADO EM RAMAL OU SUB-RAMAL DE ÁGUA \u0096 FORNECIMENTO E INSTALAÇÃO. AF_12/2014","M",43.69]
[null,89711,"TUBO PVC, SERIE NORMAL, ESGOTO PREDIAL, DN 40 MM, FORNECIDO E INSTALADO EM RAMAL DE DESCARGA OU RAMAL DE ESGOTO SANITÁRIO. AF_12/2014","M",12.3]
[null,89712,"TUBO PVC, SERIE NORMAL, ESGOTO PREDIAL, DN 50 MM, FORNECIDO E INSTALADO EM RAMAL DE DESCARGA OU RAMAL DE ESGOTO SANITÁRIO. AF_12/2014","M",17.98]
[null,89713,"TUBO PVC, SERIE NORMAL, ESGOTO PREDIAL, DN 75 MM, FORNECIDO E INSTALADO EM RAMAL DE DESCARGA OU RAMAL DE ESGOTO SANITÁRIO. AF_12/2014","M",26.87]
[null,89714,"TUBO PVC, SERIE NORMAL, ESGOTO PREDIAL, DN 100 MM, FORNECIDO E INSTALADO EM RAMAL DE DESCARGA OU RAMAL DE ESGOTO SANITÁRIO. AF_12/2014","M",34.78]
[null,89716,"TUBO, CPVC, SOLDÁVEL, DN 22MM, INSTALADO EM RAMAL DE DISTRIBUIÇÃO DE ÁGUA - FORNECIMENTO E INSTALAÇÃO. AF_12/2014","M",17.829999999999998]
[null,89717,"TUBO, CPVC, SOLDÁVEL, DN 28MM, INSTALADO EM RAMAL DE DISTRIBUIÇÃO DE ÁGUA - FORNECIMENTO E INSTALAÇÃO. AF_12/2014","M",27.29]
[null,89770,"TUBO, CPVC, SOLDÁVEL, DN 35MM, INSTALADO EM PRUMADA DE ÁGUA \u0096 FORNECIMENTO E INSTALAÇÃO. AF_12/2014","M",29.76]
[null,89771,"TUBO, CPVC, SOLDÁVEL, DN 42MM, INSTALADO EM PRUMADA DE ÁGUA \u0096 FORNECIMENTO E INSTALAÇÃO. AF_12/2014","M",40.68]
[null,89773,"TUBO, CPVC, SOLDÁVEL, DN 73MM, INSTALADO EM PRUMADA DE ÁGUA \u0096 FORNECIMENTO E INSTALAÇÃO. AF_12/2014","M",94.71]
[null,89775,"TUBO, CPVC, SOLDÁVEL, DN 89MM, INSTALADO EM PRUMADA DE ÁGUA \u0096 FORNECIMENTO E INSTALAÇÃO. AF_12/2014","M",149.59]
[null,89798,"TUBO PVC, SERIE NORMAL, ESGOTO PREDIAL, DN 50 MM, FORNECIDO E INSTALADO EM PRUMADA DE ESGOTO SANITÁRIO OU VENTILAÇÃO. AF_12/2014","M",6.78]
[null,89799,"TUBO PVC, SERIE NORMAL, ESGOTO PREDIAL, DN 75 MM, FORNECIDO E INSTALADO EM PRUMADA DE ESGOTO SANITÁRIO OU VENTILAÇÃO. AF_12/2014","M",10.89]
[null,89800,"TUBO PVC, SERIE NORMAL, ESGOTO PREDIAL, DN 100 MM, FORNECIDO E INSTALADO EM PRUMADA DE ESGOTO SANITÁRIO OU VENTILAÇÃO. AF_12/2014","M",13.8]
[null,89848,"TUBO PVC, SERIE NORMAL, ESGOTO PREDIAL, DN 100 MM, FORNECIDO E INSTALADO EM SUBCOLETOR AÉREO DE ESGOTO SANITÁRIO. AF_12/2014","M",17.489999999999998]
[null,89849,"TUBO PVC, SERIE NORMAL, ESGOTO PREDIAL, DN 150 MM, FORNECIDO E INSTALADO EM SUBCOLETOR AÉREO DE ESGOTO SANITÁRIO. AF_12/2014","M",31.33]
[null,89865,"TUBO, PVC, SOLDÁVEL, DN 25MM, INSTALADO EM DRENO DE AR-CONDICIONADO - FORNECIMENTO E INSTALAÇÃO. AF_12/2014","M",8.9]
[null,91784,"(COMPOSIÇÃO REPRESENTATIVA) DO SERVIÇO DE INSTALAÇÃO DE TUBOS DE PVC, SOLDÁVEL, ÁGUA FRIA, DN 20 MM (INSTALADO EM RAMAL, SUB-RAMAL OU RAMAL DE DISTRIBUIÇÃO), INCLUSIVE CONEXÕES, CORTES E FIXAÇÕES, PARA PRÉDIOS. AF_10/2015","M",29.2]
[null,91785,"(COMPOSIÇÃO REPRESENTATIVA) DO SERVIÇO DE INSTALAÇÃO DE TUBOS DE PVC, SOLDÁVEL, ÁGUA FRIA, DN 25 MM (INSTALADO EM RAMAL, SUB-RAMAL, RAMAL DE DISTRIBUIÇÃO OU PRUMADA), INCLUSIVE CONEXÕES, CORTES E FIXAÇÕES, PARA PRÉDIOS. AF_10/2015","M",28.93]
[null,91786,"(COMPOSIÇÃO REPRESENTATIVA) DO SERVIÇO DE INSTALAÇÃO TUBOS DE PVC, SOLDÁVEL, ÁGUA FRIA, DN 32 MM (INSTALADO EM RAMAL, SUB-RAMAL, RAMAL DE DISTRIBUIÇÃO OU PRUMADA), INCLUSIVE CONEXÕES, CORTES E FIXAÇÕES, PARA PRÉDIOS. AF_10/2015","M",18.920000000000002]
[null,91787,"(COMPOSIÇÃO REPRESENTATIVA) DO SERVIÇO DE INSTALAÇÃO DE TUBOS DE PVC, SOLDÁVEL, ÁGUA FRIA, DN 40 MM (INSTALADO EM PRUMADA), INCLUSIVE CONEXÕES, CORTES E FIXAÇÕES, PARA PRÉDIOS. AF_10/2015","M",21.04]
[null,91788,"(COMPOSIÇÃO REPRESENTATIVA) DO SERVIÇO DE INSTALAÇÃO DE TUBOS DE PVC, SOLDÁVEL, ÁGUA FRIA, DN 50 MM (INSTALADO EM PRUMADA), INCLUSIVE CONEXÕES, CORTES E FIXAÇÕES, PARA PRÉDIOS. AF_10/2015","M",28.69]
[null,91789,"(COMPOSIÇÃO REPRESENTATIVA) DO SERVIÇO DE INSTALAÇÃO DE TUBOS DE PVC, SÉRIE R, ÁGUA PLUVIAL, DN 75 MM (INSTALADO EM RAMAL DE ENCAMINHAMENTO, OU CONDUTORES VERTICAIS), INCLUSIVE CONEXÕES, CORTE E FIXAÇÕES, PARA PRÉDIOS. AF_10/2015","M",24.08]
[null,91790,"(COMPOSIÇÃO REPRESENTATIVA) DO SERVIÇO DE INSTALAÇÃO DE TUBOS DE PVC, SÉRIE R, ÁGUA PLUVIAL, DN 100 MM (INSTALADO EM RAMAL DE ENCAMINHAMENTO, OU CONDUTORES VERTICAIS), INCLUSIVE CONEXÕES, CORTES E FIXAÇÕES, PARA PRÉDIOS. AF_10/2015","M",34.54]
[null,91791,"(COMPOSIÇÃO REPRESENTATIVA) DO SERVIÇO DE INSTALAÇÃO DE TUBOS DE PVC, SÉRIE R, ÁGUA PLUVIAL, DN 150 MM (INSTALADO EM CONDUTORES VERTICAIS), INCLUSIVE CONEXÕES, CORTES E FIXAÇÕES, PARA PRÉDIOS. AF_10/2015","M",39.520000000000003]
[null,91792,"(COMPOSIÇÃO REPRESENTATIVA) DO SERVIÇO DE INSTALAÇÃO DE TUBO DE PVC, SÉRIE NORMAL, ESGOTO PREDIAL, DN 40 MM (INSTALADO EM RAMAL DE DESCARGA OU RAMAL DE ESGOTO SANITÁRIO), INCLUSIVE CONEXÕES, CORTES E FIXAÇÕES, PARA PRÉDIOS. AF_10/2015","M",37.35]
[null,91793,"(COMPOSIÇÃO REPRESENTATIVA) DO SERVIÇO DE INSTALAÇÃO DE TUBO DE PVC, SÉRIE NORMAL, ESGOTO PREDIAL, DN 50 MM (INSTALADO EM RAMAL DE DESCARGA OU RAMAL DE ESGOTO SANITÁRIO), INCLUSIVE CONEXÕES, CORTES E FIXAÇÕES PARA, PRÉDIOS. AF_10/2015","M",55.38]
[null,91794,"(COMPOSIÇÃO REPRESENTATIVA) DO SERVIÇO DE INST. TUBO PVC, SÉRIE N, ESGOTO PREDIAL, DN 75 MM, (INST. EM RAMAL DE DESCARGA, RAMAL DE ESG. SANITÁRIO, PRUMADA DE ESG. SANITÁRIO OU VENTILAÇÃO), INCL. CONEXÕES, CORTES E FIXAÇÕES, P/ PRÉDIOS. AF_10/2015","M",24.15]
[null,91795,"(COMPOSIÇÃO REPRESENTATIVA) DO SERVIÇO DE INST. TUBO PVC, SÉRIE N, ESGOTO PREDIAL, 100 MM (INST. RAMAL DESCARGA, RAMAL DE ESG. SANIT., PRUMADA ESG. SANIT., VENTILAÇÃO OU SUB-COLETOR AÉREO), INCL. CONEXÕES E CORTES, FIXAÇÕES, P/ PRÉDIOS. AF_10/2015","M",42.54]
[null,91796,"(COMPOSIÇÃO REPRESENTATIVA) DO SERVIÇO DE INSTALAÇÃO DE TUBO DE PVC, SÉRIE NORMAL, ESGOTO PREDIAL, DN 150 MM (INSTALADO EM SUB-COLETOR AÉREO), INCLUSIVE CONEXÕES, CORTES E FIXAÇÕES, PARA PRÉDIOS. AF_10/2015","M",40.68]
[null,92275,"TUBO EM COBRE RÍGIDO, DN 22 CLASSE E, SEM ISOLAMENTO, INSTALADO EM PRUMADA - FORNECIMENTO E INSTALAÇÃO. AF_12/2015","M",22.61]
[null,92276,"TUBO EM COBRE RÍGIDO, DN 28 CLASSE E, SEM ISOLAMENTO, INSTALADO EM PRUMADA - FORNECIMENTO E INSTALAÇÃO. AF_12/2015","M",28.61]
[null,92277,"TUBO EM COBRE RÍGIDO, DN 35 CLASSE E, SEM ISOLAMENTO, INSTALADO EM PRUMADA - FORNECIMENTO E INSTALAÇÃO. AF_12/2015","M",41.06]
[null,92278,"TUBO EM COBRE RÍGIDO, DN 42 CLASSE E, SEM ISOLAMENTO, INSTALADO EM PRUMADA - FORNECIMENTO E INSTALAÇÃO. AF_12/2015","M",55.05]
[null,92279,"TUBO EM COBRE RÍGIDO, DN 54 CLASSE E, SEM ISOLAMENTO, INSTALADO EM PRUMADA - FORNECIMENTO E INSTALAÇÃO. AF_12/2015","M",79.33]
[null,92280,"TUBO EM COBRE RÍGIDO, DN 66 CLASSE E, SEM ISOLAMENTO, INSTALADO EM PRUMADA - FORNECIMENTO E INSTALAÇÃO. AF_12/2015","M",111.14]
[null,92305,"TUBO EM COBRE RÍGIDO, DN 15 CLASSE E, SEM ISOLAMENTO, INSTALADO EM RAMAL DE DISTRIBUIÇÃO - FORNECIMENTO E INSTALAÇÃO. AF_12/2015","M",16.170000000000002]
[null,92306,"TUBO EM COBRE RÍGIDO, DN 22 CLASSE E, SEM ISOLAMENTO, INSTALADO EM RAMAL DE DISTRIBUIÇÃO - FORNECIMENTO E INSTALAÇÃO. AF_12/2015","M",25.61]
[null,92307,"TUBO EM COBRE RÍGIDO, DN 28 CLASSE E, SEM ISOLAMENTO, INSTALADO EM RAMAL DE DISTRIBUIÇÃO - FORNECIMENTO E INSTALAÇÃO. AF_12/2015","M",31.82]
[null,92320,"TUBO EM COBRE RÍGIDO, DN 15 CLASSE E, SEM ISOLAMENTO, INSTALADO EM RAMAL E SUB-RAMAL - FORNECIMENTO E INSTALAÇÃO. AF_12/2015","M",22.76]
[null,92321,"TUBO EM COBRE RÍGIDO, DN 22 CLASSE E, SEM ISOLAMENTO, INSTALADO EM RAMAL E SUB-RAMAL - FORNECIMENTO E INSTALAÇÃO. AF_12/2015","M",36.94]
[null,92322,"TUBO EM COBRE RÍGIDO, DN 28 CLASSE E, SEM ISOLAMENTO, INSTALADO EM RAMAL E SUB-RAMAL - FORNECIMENTO E INSTALAÇÃO. AF_12/2015","M",47.26]
[null,92335,"TUBO DE AÇO GALVANIZADO COM COSTURA, CLASSE MÉDIA, CONEXÃO RANHURADA, DN 50 (2\"), INSTALADO EM PRUMADAS - FORNECIMENTO E INSTALAÇÃO. AF_12/2015","M",51.95]
[null,92336,"TUBO DE AÇO GALVANIZADO COM COSTURA, CLASSE MÉDIA, CONEXÃO RANHURADA, DN 65 (2 1/2\"), INSTALADO EM PRUMADAS - FORNECIMENTO E INSTALAÇÃO. AF_12/2015","M",63.77]
[null,92337,"TUBO DE AÇO GALVANIZADO COM COSTURA, CLASSE MÉDIA, CONEXÃO RANHURADA, DN 80 (3\"), INSTALADO EM PRUMADAS - FORNECIMENTO E INSTALAÇÃO. AF_12/2015","M",83.78]
[null,92338,"TUBO DE AÇO PRETO SEM COSTURA, CONEXÃO SOLDADA, DN 50 (2\"), INSTALADO EM PRUMADAS - FORNECIMENTO E INSTALAÇÃO. AF_12/2015","M",70.67]
[null,92339,"TUBO DE AÇO PRETO SEM COSTURA, CONEXÃO SOLDADA, DN 65 (2 1/2\"), INSTALADO EM PRUMADAS - FORNECIMENTO E INSTALAÇÃO. AF_12/2015","M",105.2]
[null,92341,"TUBO DE AÇO GALVANIZADO COM COSTURA, CLASSE MÉDIA, DN 50 (2\"), CONEXÃO ROSQUEADA, INSTALADO EM PRUMADAS - FORNECIMENTO E INSTALAÇÃO. AF_12/2015","M",58.54]
[null,92342,"TUBO DE AÇO GALVANIZADO COM COSTURA, CLASSE MÉDIA, DN 65 (2 1/2\"), CONEXÃO ROSQUEADA, INSTALADO EM PRUMADAS - FORNECIMENTO E INSTALAÇÃO. AF_12/2015","M",70.39]
[null,92343,"TUBO DE AÇO GALVANIZADO COM COSTURA, CLASSE MÉDIA, DN 80 (3\"), CONEXÃO ROSQUEADA, INSTALADO EM PRUMADAS - FORNECIMENTO E INSTALAÇÃO. AF_12/2015","M",90.46]
[null,92361,"TUBO DE AÇO PRETO SEM COSTURA, CONEXÃO SOLDADA, DN 50 (2\"), INSTALADO EM REDE DE ALIMENTAÇÃO PARA HIDRANTE - FORNECIMENTO E INSTALAÇÃO. AF_12/2015","M",57.27]
[null,92362,"TUBO DE AÇO PRETO SEM COSTURA, CONEXÃO SOLDADA, DN 65 (2 1/2\"), INSTALADO EM REDE DE ALIMENTAÇÃO PARA HIDRANTE - FORNECIMENTO E INSTALAÇÃO. AF_12/2015","M",91.26]
[null,92364,"TUBO DE AÇO GALVANIZADO COM COSTURA, CLASSE MÉDIA, DN 32 (1 1/4\"), CONEXÃO ROSQUEADA, INSTALADO EM REDE DE ALIMENTAÇÃO PARA HIDRANTE - FORNECIMENTO E INSTALAÇÃO. AF_12/2015","M",31.62]
[null,92365,"TUBO DE AÇO GALVANIZADO COM COSTURA, CLASSE MÉDIA, DN 40 (1 1/2\"), CONEXÃO ROSQUEADA, INSTALADO EM REDE DE ALIMENTAÇÃO PARA HIDRANTE - FORNECIMENTO E INSTALAÇÃO. AF_12/2015","M",36.340000000000003]
[null,92366,"TUBO DE AÇO GALVANIZADO COM COSTURA, CLASSE MÉDIA, DN 50 (2\"), CONEXÃO ROSQUEADA, INSTALADO EM REDE DE ALIMENTAÇÃO PARA HIDRANTE - FORNECIMENTO E INSTALAÇÃO. AF_12/2015","M",50.4]
[null,92367,"TUBO DE AÇO GALVANIZADO COM COSTURA, CLASSE MÉDIA, DN 65 (2 1/2\"), CONEXÃO ROSQUEADA, INSTALADO EM REDE DE ALIMENTAÇÃO PARA HIDRANTE - FORNECIMENTO E INSTALAÇÃO. AF_12/2015","M",61.88]
[null,92368,"TUBO DE AÇO GALVANIZADO COM COSTURA, CLASSE MÉDIA, DN 80 (3\"), CONEXÃO ROSQUEADA, INSTALADO EM REDE DE ALIMENTAÇÃO PARA HIDRANTE - FORNECIMENTO E INSTALAÇÃO. AF_12/2015","M",81.62]
[null,92648,"TUBO DE AÇO PRETO SEM COSTURA, CONEXÃO SOLDADA, DN 40 (1 1/2\"), INSTALADO EM REDE DE ALIMENTAÇÃO PARA SPRINKLER - FORNECIMENTO E INSTALAÇÃO. AF_12/2015","M",49]
[null,92649,"TUBO DE AÇO PRETO SEM COSTURA, CONEXÃO SOLDADA, DN 50 (2\"), INSTALADO EM REDE DE ALIMENTAÇÃO PARA SPRINKLER - FORNECIMENTO E INSTALAÇÃO. AF_12/2015","M",59.67]
[null,92650,"TUBO DE AÇO PRETO SEM COSTURA, CONEXÃO SOLDADA, DN 65 (2 1/2\"), INSTALADO EM REDE DE ALIMENTAÇÃO PARA SPRINKLER - FORNECIMENTO E INSTALAÇÃO. AF_12/2015","M",93.66]
[null,92652,"TUBO DE AÇO GALVANIZADO COM COSTURA, CLASSE MÉDIA, CONEXÃO ROSQUEADA, DN 32 (1 1/4\"), INSTALADO EM REDE DE ALIMENTAÇÃO PARA SPRINKLER - FORNECIMENTO E INSTALAÇÃO. AF_12/2015","M",34.619999999999997]
[null,92653,"TUBO DE AÇO GALVANIZADO COM COSTURA, CLASSE MÉDIA, CONEXÃO ROSQUEADA, DN 40 (1 1/2\"), INSTALADO EM REDE DE ALIMENTAÇÃO PARA SPRINKLER - FORNECIMENTO E INSTALAÇÃO. AF_12/2015","M",39.369999999999997]
[null,92654,"TUBO DE AÇO GALVANIZADO COM COSTURA, CLASSE MÉDIA, CONEXÃO ROSQUEADA, DN 50 (2\"), INSTALADO EM REDE DE ALIMENTAÇÃO PARA SPRINKLER - FORNECIMENTO E INSTALAÇÃO. AF_12/2015","M",53.43]
[null,92655,"TUBO DE AÇO GALVANIZADO COM COSTURA, CLASSE MÉDIA, CONEXÃO ROSQUEADA, DN 65 (2 1/2\"), INSTALADO EM REDE DE ALIMENTAÇÃO PARA SPRINKLER - FORNECIMENTO E INSTALAÇÃO. AF_12/2015","M",64.97]
[null,92656,"TUBO DE AÇO GALVANIZADO COM COSTURA, CLASSE MÉDIA, CONEXÃO ROSQUEADA, DN 80 (3\"), INSTALADO EM REDE DE ALIMENTAÇÃO PARA SPRINKLER - FORNECIMENTO E INSTALAÇÃO. AF_12/2015","M",84.71]
[null,92687,"TUBO DE AÇO GALVANIZADO COM COSTURA, CLASSE MÉDIA, CONEXÃO ROSQUEADA, DN 15 (1/2\"), INSTALADO EM RAMAIS E SUB-RAMAIS DE GÁS - FORNECIMENTO E INSTALAÇÃO. AF_12/2015","M",16.37]
[null,92688,"TUBO DE AÇO GALVANIZADO COM COSTURA, CLASSE MÉDIA, CONEXÃO ROSQUEADA, DN 20 (3/4\"), INSTALADO EM RAMAIS E SUB-RAMAIS DE GÁS - FORNECIMENTO E INSTALAÇÃO. AF_12/2015","M",23.14]
[null,92689,"TUBO DE AÇO PRETO SEM COSTURA, CLASSE MÉDIA, CONEXÃO SOLDADA, DN 15 (1/2\"), INSTALADO EM RAMAIS E SUB-RAMAIS DE GÁS - FORNECIMENTO E INSTALAÇÃO. AF_12/2015","M",24.54]
[null,92690,"TUBO DE AÇO PRETO SEM COSTURA, CLASSE MÉDIA, CONEXÃO SOLDADA, DN 20 (3/4\"), INSTALADO EM RAMAIS E SUB-RAMAIS DE GÁS - FORNECIMENTO E INSTALAÇÃO. AF_12/2015","M",35.44]
[null,94462,"TUBO DE AÇO GALVANIZADO COM COSTURA, CLASSE MÉDIA, DN 50 (2\u0094), CONEXÃO ROSQUEADA, INSTALADO EM RESERVAÇÃO DE ÁGUA DE EDIFICAÇÃO QUE POSSUA RESERVATÓRIO DE FIBRA/FIBROCIMENTO \u0096 FORNECIMENTO E INSTALAÇÃO. AF_06/2016","M",58.29]
[null,94463,"TUBO DE AÇO GALVANIZADO COM COSTURA, CLASSE MÉDIA, DN 65 (2 1/2\u0094), CONEXÃO ROSQUEADA, INSTALADO EM RESERVAÇÃO DE ÁGUA DE EDIFICAÇÃO QUE POSSUA RESERVATÓRIO DE FIBRA/FIBROCIMENTO \u0096 FORNECIMENTO E INSTALAÇÃO. AF_06/2016","M",68.02]
[null,94464,"TUBO DE AÇO GALVANIZADO COM COSTURA, CLASSE MÉDIA, DN 80 (3\u0094), CONEXÃO ROSQUEADA, INSTALADO EM RESERVAÇÃO DE ÁGUA DE EDIFICAÇÃO QUE POSSUA RESERVATÓRIO DE FIBRA/FIBROCIMENTO \u0096 FORNECIMENTO E INSTALAÇÃO. AF_06/2016","M",95.51]
[null,94602,"TUBO EM COBRE RÍGIDO, DN 54 MM CLASSE E, SEM ISOLAMENTO, INSTALADO EM RESERVAÇÃO DE ÁGUA DE EDIFICAÇÃO QUE POSSUA RESERVATÓRIO DE FIBRA/FIBROCIMENTO \u0096 FORNECIMENTO E INSTALAÇÃO. AF_06/2016","M",92.36]
[null,94603,"TUBO EM COBRE RÍGIDO, DN 66 MM CLASSE E, SEM ISOLAMENTO, INSTALADO EM RESERVAÇÃO DE ÁGUA DE EDIFICAÇÃO QUE POSSUA RESERVATÓRIO DE FIBRA/FIBROCIMENTO \u0096 FORNECIMENTO E INSTALAÇÃO. AF_06/2016","M",121.51]
[null,94604,"TUBO EM COBRE RÍGIDO, DN 79 MM CLASSE E, SEM ISOLAMENTO, INSTALADO EM RESERVAÇÃO DE ÁGUA DE EDIFICAÇÃO QUE POSSUA RESERVATÓRIO DE FIBRA/FIBROCIMENTO \u0096 FORNECIMENTO E INSTALAÇÃO. AF_06/2016","M",163.92]
[null,94605,"TUBO EM COBRE RÍGIDO, DN 104 MM CLASSE E, SEM ISOLAMENTO, INSTALADO EM RESERVAÇÃO DE ÁGUA DE EDIFICAÇÃO QUE POSSUA RESERVATÓRIO DE FIBRA/FIBROCIMENTO \u0096 FORNECIMENTO E INSTALAÇÃO. AF_06/2016","M",230.81]
[null,94648,"TUBO, PVC, SOLDÁVEL, DN  25 MM, INSTALADO EM RESERVAÇÃO DE ÁGUA DE EDIFICAÇÃO QUE POSSUA RESERVATÓRIO DE FIBRA/FIBROCIMENTO   FORNECIMENTO E INSTALAÇÃO. AF_06/2016","M",7]
[null,94649,"TUBO, PVC, SOLDÁVEL, DN 32 MM, INSTALADO EM RESERVAÇÃO DE ÁGUA DE EDIFICAÇÃO QUE POSSUA RESERVATÓRIO DE FIBRA/FIBROCIMENTO   FORNECIMENTO E INSTALAÇÃO. AF_06/2016","M",10.31]
[null,94650,"TUBO, PVC, SOLDÁVEL, DN 40 MM, INSTALADO EM RESERVAÇÃO DE ÁGUA DE EDIFICAÇÃO QUE POSSUA RESERVATÓRIO DE FIBRA/FIBROCIMENTO   FORNECIMENTO E INSTALAÇÃO. AF_06/2016","M",14.77]
[null,94651,"TUBO, PVC, SOLDÁVEL, DN 50 MM, INSTALADO EM RESERVAÇÃO DE ÁGUA DE EDIFICAÇÃO QUE POSSUA RESERVATÓRIO DE FIBRA/FIBROCIMENTO   FORNECIMENTO E INSTALAÇÃO. AF_06/2016","M",16.91]
[null,94652,"TUBO, PVC, SOLDÁVEL, DN 60 MM, INSTALADO EM RESERVAÇÃO DE ÁGUA DE EDIFICAÇÃO QUE POSSUA RESERVATÓRIO DE FIBRA/FIBROCIMENTO   FORNECIMENTO E INSTALAÇÃO. AF_06/2016","M",26.14]
[null,94653,"TUBO, PVC, SOLDÁVEL, DN 75 MM, INSTALADO EM RESERVAÇÃO DE ÁGUA DE EDIFICAÇÃO QUE POSSUA RESERVATÓRIO DE FIBRA/FIBROCIMENTO   FORNECIMENTO E INSTALAÇÃO. AF_06/2016","M",32.840000000000003]
[null,94654,"TUBO, PVC, SOLDÁVEL, DN 85 MM, INSTALADO EM RESERVAÇÃO DE ÁGUA DE EDIFICAÇÃO QUE POSSUA RESERVATÓRIO DE FIBRA/FIBROCIMENTO   FORNECIMENTO E INSTALAÇÃO. AF_06/2016","M",44.63]
[null,94655,"TUBO, PVC, SOLDÁVEL, DN 110 MM, INSTALADO EM RESERVAÇÃO DE ÁGUA DE EDIFICAÇÃO QUE POSSUA RESERVATÓRIO DE FIBRA/FIBROCIMENTO   FORNECIMENTO E INSTALAÇÃO. AF_06/2016","M",63.81]
[null,94716,"TUBO, CPVC, SOLDÁVEL, DN 22 MM, INSTALADO EM RESERVAÇÃO DE ÁGUA DE EDIFICAÇÃO QUE POSSUA RESERVATÓRIO DE FIBRA/FIBROCIMENTO \u0096 FORNECIMENTO E INSTALAÇÃO. AF_06/2016","M",18]
[null,94717,"TUBO, CPVC, SOLDÁVEL, DN 28 MM, INSTALADO EM RESERVAÇÃO DE ÁGUA DE EDIFICAÇÃO QUE POSSUA RESERVATÓRIO DE FIBRA/FIBROCIMENTO \u0096 FORNECIMENTO E INSTALAÇÃO. AF_06/2016","M",26.58]
[null,94718,"TUBO, CPVC, SOLDÁVEL, DN 35 MM, INSTALADO EM RESERVAÇÃO DE ÁGUA DE EDIFICAÇÃO QUE POSSUA RESERVATÓRIO DE FIBRA/FIBROCIMENTO \u0096 FORNECIMENTO E INSTALAÇÃO. AF_06/2016","M",32.869999999999997]
[null,94719,"TUBO, CPVC, SOLDÁVEL, DN 42 MM, INSTALADO EM RESERVAÇÃO DE ÁGUA DE EDIFICAÇÃO QUE POSSUA RESERVATÓRIO DE FIBRA/FIBROCIMENTO \u0096 FORNECIMENTO E INSTALAÇÃO. AF_06/2016","M",43.17]
[null,94720,"TUBO, CPVC, SOLDÁVEL, DN 54 MM, INSTALADO EM RESERVAÇÃO DE ÁGUA DE EDIFICAÇÃO QUE POSSUA RESERVATÓRIO DE FIBRA/FIBROCIMENTO \u0096 FORNECIMENTO E INSTALAÇÃO. AF_06/2016","M",65.08]
[null,94721,"TUBO, CPVC, SOLDÁVEL, DN 73 MM, INSTALADO EM RESERVAÇÃO DE ÁGUA DE EDIFICAÇÃO QUE POSSUA RESERVATÓRIO DE FIBRA/FIBROCIMENTO \u0096 FORNECIMENTO E INSTALAÇÃO. AF_06/2016","M",95.27]
[null,94722,"TUBO, CPVC, SOLDÁVEL, DN 89 MM, INSTALADO EM RESERVAÇÃO DE ÁGUA DE EDIFICAÇÃO QUE POSSUA RESERVATÓRIO DE FIBRA/FIBROCIMENTO \u0096 FORNECIMENTO E INSTALAÇÃO. AF_06/2016","M",165.87]
[null,95697,"TUBO DE AÇO PRETO SEM COSTURA, CONEXÃO SOLDADA, DN 40 (1 1/2 ), INSTALADO EM REDE DE ALIMENTAÇÃO PARA HIDRANTE - FORNECIMENTO E INSTALAÇÃO. AF_12/2015","M",46.59]
[null,96635,"TUBO, PPR, DN 25, CLASSE PN 20,  INSTALADO EM RAMAL OU SUB-RAMAL DE ÁGUA \u0096 FORNECIMENTO E INSTALAÇÃO. AF_06/2015","M",20.239999999999998]
[null,96636,"TUBO, PPR, DN 25, CLASSE PN 25 INSTALADO EM RAMAL OU SUB-RAMAL DE ÁGUA \u0096 FORNECIMENTO E INSTALAÇÃO. AF_06/2015","M",21.35]
[null,96644,"TUBO, PPR, DN 25, CLASSE PN 20,  INSTALADO EM RAMAL DE DISTRIBUIÇÃO DE ÁGUA \u0096 FORNECIMENTO E INSTALAÇÃO. AF_06/2015","M",13.4]
[null,96645,"TUBO, PPR, DN 32, CLASSE PN 12,  INSTALADO EM RAMAL DE DISTRIBUIÇÃO DE ÁGUA \u0096 FORNECIMENTO E INSTALAÇÃO. AF_06/2015","M",17.329999999999998]
[null,96646,"TUBO, PPR, DN 40, CLASSE PN 12,  INSTALADO EM RAMAL DE DISTRIBUIÇÃO DE ÁGUA \u0096 FORNECIMENTO E INSTALAÇÃO. AF_06/2015","M",26.87]
[null,96647,"TUBO, PPR, DN 25, CLASSE PN 25,  INSTALADO EM RAMAL DE DISTRIBUIÇÃO DE ÁGUA \u0096 FORNECIMENTO E INSTALAÇÃO. AF_06/2015","M",12.17]
[null,96648,"TUBO, PPR, DN 32, CLASSE PN 25,  INSTALADO EM RAMAL DE DISTRIBUIÇÃO DE ÁGUA \u0096 FORNECIMENTO E INSTALAÇÃO. AF_06/2015","M",22.08]
[null,96649,"TUBO, PPR, DN 40, CLASSE PN 25,  INSTALADO EM RAMAL DE DISTRIBUIÇÃO DE ÁGUA \u0096 FORNECIMENTO E INSTALAÇÃO. AF_06/2015","M",32.43]
[null,96668,"TUBO, PPR, DN 25, CLASSE PN 20,  INSTALADO EM PRUMADA DE ÁGUA \u0096 FORNECIMENTO E INSTALAÇÃO. AF_06/2015","M",8.64]
[null,96669,"TUBO, PPR, DN 32, CLASSE PN 12,  INSTALADO EM PRUMADA DE ÁGUA \u0096 FORNECIMENTO E INSTALAÇÃO. AF_06/2015","M",10.74]
[null,96670,"TUBO, PPR, DN 40, CLASSE PN 12,  INSTALADO EM PRUMADA DE ÁGUA \u0096 FORNECIMENTO E INSTALAÇÃO. AF_06/2015","M",16.32]
[null,96671,"TUBO, PPR, DN 50, CLASSE PN 12,  INSTALADO EM PRUMADA DE ÁGUA \u0096 FORNECIMENTO E INSTALAÇÃO. AF_06/2015","M",21.85]
[null,96672,"TUBO, PPR, DN 63, CLASSE PN 12,  INSTALADO EM PRUMADA DE ÁGUA \u0096 FORNECIMENTO E INSTALAÇÃO. AF_06/2015","M",32.06]
[null,96673,"TUBO, PPR, DN 75, CLASSE PN 12,  INSTALADO EM PRUMADA DE ÁGUA \u0096 FORNECIMENTO E INSTALAÇÃO. AF_06/2015","M",52.42]
[null,96674,"TUBO, PPR, DN 90, CLASSE PN 12,  INSTALADO EM PRUMADA DE ÁGUA \u0096 FORNECIMENTO E INSTALAÇÃO. AF_06/2015","M",73.63]
[null,96675,"TUBO, PPR, DN 110, CLASSE PN 12,  INSTALADO EM PRUMADA DE ÁGUA \u0096 FORNECIMENTO E INSTALAÇÃO. AF_06/2015","M",128.06]
[null,96676,"TUBO, PPR, DN 25, CLASSE PN 25,  INSTALADO EM PRUMADA DE ÁGUA \u0096 FORNECIMENTO E INSTALAÇÃO. AF_06/2015","M",8.6]
[null,96677,"TUBO, PPR, DN 32, CLASSE PN 25,  INSTALADO EM PRUMADA DE ÁGUA \u0096 FORNECIMENTO E INSTALAÇÃO. AF_06/2015","M",14.22]
[null,96678,"TUBO, PPR, DN 40, CLASSE PN 25,  INSTALADO EM PRUMADA DE ÁGUA \u0096 FORNECIMENTO E INSTALAÇÃO. AF_06/2015","M",19.75]
[null,96679,"TUBO, PPR, DN 50, CLASSE PN 25,  INSTALADO EM PRUMADA DE ÁGUA \u0096 FORNECIMENTO E INSTALAÇÃO. AF_06/2015","M",28.82]
[null,96680,"TUBO, PPR, DN 63, CLASSE PN 25,  INSTALADO EM PRUMADA DE ÁGUA \u0096 FORNECIMENTO E INSTALAÇÃO. AF_06/2015","M",38.82]
[null,96681,"TUBO, PPR, DN 75, CLASSE PN 25,  INSTALADO EM PRUMADA DE ÁGUA \u0096 FORNECIMENTO E INSTALAÇÃO. AF_06/2015","M",72.53]
[null,96682,"TUBO, PPR, DN 90, CLASSE PN 25,  INSTALADO EM PRUMADA DE ÁGUA \u0096 FORNECIMENTO E INSTALAÇÃO. AF_06/2015","M",106.99]
[null,96683,"TUBO, PPR, DN 110, CLASSE PN 25,  INSTALADO EM PRUMADA DE ÁGUA \u0096 FORNECIMENTO E INSTALAÇÃO. AF_06/2015","M",146.44999999999999]
[null,96718,"TUBO, PPR, DN 20, CLASSE PN 20,  INSTALADO EM RESERVAÇÃO DE ÁGUA DE EDIFICAÇÃO QUE POSSUA RESERVATÓRIO DE FIBRA/FIBROCIMENTO \u0096 FORNECIMENTO E INSTALAÇÃO. AF_06/2016","M",5.68]
[null,96719,"TUBO, PPR, DN 25, CLASSE PN 20,  INSTALADO EM RESERVAÇÃO DE ÁGUA DE EDIFICAÇÃO QUE POSSUA RESERVATÓRIO DE FIBRA/FIBROCIMENTO \u0096 FORNECIMENTO E INSTALAÇÃO. AF_06/2016","M",11.48]
[null,96720,"TUBO, PPR, DN 32, CLASSE PN 12,  INSTALADO EM RESERVAÇÃO DE ÁGUA DE EDIFICAÇÃO QUE POSSUA RESERVATÓRIO DE FIBRA/FIBROCIMENTO \u0096 FORNECIMENTO E INSTALAÇÃO. AF_06/2016","M",13.95]
[null,96721,"TUBO, PPR, DN 40, CLASSE PN 12,  INSTALADO EM RESERVAÇÃO DE ÁGUA DE EDIFICAÇÃO QUE POSSUA RESERVATÓRIO DE FIBRA/FIBROCIMENTO \u0096 FORNECIMENTO E INSTALAÇÃO. AF_06/2016","M",18.77]
[null,96722,"TUBO, PPR, DN 50, CLASSE PN 12,  INSTALADO EM RESERVAÇÃO DE ÁGUA DE EDIFICAÇÃO QUE POSSUA RESERVATÓRIO DE FIBRA/FIBROCIMENTO \u0096 FORNECIMENTO E INSTALAÇÃO. AF_06/2016","M",25.62]
[null,96723,"TUBO, PPR, DN 63, CLASSE PN 12,  INSTALADO EM RESERVAÇÃO DE ÁGUA DE EDIFICAÇÃO QUE POSSUA RESERVATÓRIO DE FIBRA/FIBROCIMENTO \u0096 FORNECIMENTO E INSTALAÇÃO. AF_06/2016","M",34.06]
[null,96724,"TUBO, PPR, DN 75, CLASSE PN 12,  INSTALADO EM RESERVAÇÃO DE ÁGUA DE EDIFICAÇÃO QUE POSSUA RESERVATÓRIO DE FIBRA/FIBROCIMENTO \u0096 FORNECIMENTO E INSTALAÇÃO. AF_06/2016","M",55.62]
[null,96725,"TUBO, PPR, DN 90, CLASSE PN 12,  INSTALADO EM RESERVAÇÃO DE ÁGUA DE EDIFICAÇÃO QUE POSSUA RESERVATÓRIO DE FIBRA/FIBROCIMENTO \u0096 FORNECIMENTO E INSTALAÇÃO. AF_06/2016","M",73.23]
[null,96726,"TUBO, PPR, DN 110, CLASSE PN 12,  INSTALADO EM RESERVAÇÃO DE ÁGUA DE EDIFICAÇÃO QUE POSSUA RESERVATÓRIO DE FIBRA/FIBROCIMENTO \u0096 FORNECIMENTO E INSTALAÇÃO. AF_06/2016","M",119.41]
[null,96727,"TUBO, PPR, DN 20, CLASSE PN 25,  INSTALADO EM RESERVAÇÃO DE ÁGUA DE EDIFICAÇÃO QUE POSSUA RESERVATÓRIO DE FIBRA/FIBROCIMENTO \u0096 FORNECIMENTO E INSTALAÇÃO. AF_06/2016","M",9.8800000000000008]
[null,96728,"TUBO, PPR, DN 25, CLASSE PN 25,  INSTALADO EM RESERVAÇÃO DE ÁGUA DE EDIFICAÇÃO QUE POSSUA RESERVATÓRIO DE FIBRA/FIBROCIMENTO \u0096 FORNECIMENTO E INSTALAÇÃO. AF_06/2016","M",11.84]
[null,96729,"TUBO, PPR, DN 32, CLASSE PN 25,  INSTALADO EM RESERVAÇÃO DE ÁGUA DE EDIFICAÇÃO QUE POSSUA RESERVATÓRIO DE FIBRA/FIBROCIMENTO \u0096 FORNECIMENTO E INSTALAÇÃO. AF_06/2016","M",17.96]
[null,96730,"TUBO, PPR, DN 40, CLASSE PN 25,  INSTALADO EM RESERVAÇÃO DE ÁGUA DE EDIFICAÇÃO QUE POSSUA RESERVATÓRIO DE FIBRA/FIBROCIMENTO \u0096 FORNECIMENTO E INSTALAÇÃO. AF_06/2016","M",22.69]
[null,96731,"TUBO, PPR, DN 50, CLASSE PN 25,  INSTALADO EM RESERVAÇÃO DE ÁGUA DE EDIFICAÇÃO QUE POSSUA RESERVATÓRIO DE FIBRA/FIBROCIMENTO \u0096 FORNECIMENTO E INSTALAÇÃO. AF_06/2016","M",33.18]
[null,96732,"TUBO, PPR, DN 63, CLASSE PN 25,  INSTALADO EM RESERVAÇÃO DE ÁGUA DE EDIFICAÇÃO QUE POSSUA RESERVATÓRIO DE FIBRA/FIBROCIMENTO \u0096 FORNECIMENTO E INSTALAÇÃO. AF_06/2016","M",41.2]
[null,96733,"TUBO, PPR, DN 75, CLASSE PN 25,  INSTALADO EM RESERVAÇÃO DE ÁGUA DE EDIFICAÇÃO QUE POSSUA RESERVATÓRIO DE FIBRA/FIBROCIMENTO \u0096 FORNECIMENTO E INSTALAÇÃO. AF_06/2016","M",75.650000000000006]
[null,96734,"TUBO, PPR, DN 90, CLASSE PN 25,  INSTALADO EM RESERVAÇÃO DE ÁGUA DE EDIFICAÇÃO QUE POSSUA RESERVATÓRIO DE FIBRA/FIBROCIMENTO \u0096 FORNECIMENTO E INSTALAÇÃO. AF_06/2016","M",105.15]
[null,96735,"TUBO, PPR, DN 110, CLASSE PN 25,  INSTALADO EM RESERVAÇÃO DE ÁGUA DE EDIFICAÇÃO QUE POSSUA RESERVATÓRIO DE FIBRA/FIBROCIMENTO \u0096 FORNECIMENTO E INSTALAÇÃO. AF_06/2016","M",137.09]
[null,96794,"TUBO, PEX, MONOCAMADA, DN 16, INSTALADO EM RAMAL OU SUB-RAMAL DE ÁGUA \u0096 FORNECIMENTO E INSTALAÇÃO. AF_06/2015","M",5.9]
[null,96795,"TUBO, PEX, MONOCAMADA, DN 20, INSTALADO EM RAMAL OU SUB-RAMAL DE ÁGUA \u0096 FORNECIMENTO E INSTALAÇÃO. AF_06/2015","M",7.49]
[null,96796,"TUBO, PEX, MONOCAMADA, DN 25, INSTALADO EM RAMAL OU SUB-RAMAL DE ÁGUA \u0096 FORNECIMENTO E INSTALAÇÃO. AF_06/2015","M",10.46]
[null,96797,"TUBO, PEX, MONOCAMADA, DN 32, INSTALADO EM RAMAL OU SUB-RAMAL DE ÁGUA \u0096 FORNECIMENTO E INSTALAÇÃO. AF_06/2015","M",15.78]
[null,96798,"TUBO, PEX, MONOCAMADA, DN 16, INSTALADO EM RAMAL DE DISTRIBUIÇÃO DE ÁGUA \u0096 FORNECIMENTO E INSTALAÇÃO. AF_06/2015","M",6]
[null,96799,"TUBO, PEX, MONOCAMADA, DN 20, INSTALADO EM RAMAL DE DISTRIBUIÇÃO DE ÁGUA \u0096 FORNECIMENTO E INSTALAÇÃO. AF_06/2015","M",8.0299999999999994]
[null,96800,"TUBO, PEX, MONOCAMADA, DN 25, INSTALADO EM RAMAL DE DISTRIBUIÇÃO DE ÁGUA \u0096 FORNECIMENTO E INSTALAÇÃO. AF_06/2015","M",11.58]
[null,96801,"TUBO, PEX, MONOCAMADA, DN 32, INSTALADO EM RAMAL DE DISTRIBUIÇÃO DE ÁGUA \u0096 FORNECIMENTO E INSTALAÇÃO. AF_06/2015","M",17.690000000000001]
[null,97498,"TUBO DE AÇO GALVANIZADO COM COSTURA, CLASSE MÉDIA, DN 25 (1\"), CONEXÃO ROSQUEADA, INSTALADO EM REDE DE ALIMENTAÇÃO PARA HIDRANTE - FORNECIMENTO E INSTALAÇÃO. AF_12/2015","M",25.74]
[null,97535,"TUBO DE AÇO GALVANIZADO COM COSTURA, CLASSE MÉDIA, CONEXÃO ROSQUEADA, DN 25 (1''), INSTALADO EM REDE DE ALIMENTAÇÃO PARA SPRINKLER - FORNECIMENTO E INSTALAÇÃO. AF_12/2015","M",28.74]
[null,97536,"TUBO DE AÇO GALVANIZADO COM COSTURA, CLASSE MÉDIA, CONEXÃO ROSQUEADA, DN 25 (1''), INSTALADO EM RAMAIS  E SUB-RAMAIS DE GÁS - FORNECIMENTO E INSTALAÇÃO. AF_12/2015","M",35.65]
[null,72293,"CAP PVC ESGOTO 50MM (TAMPÃO) - FORNECIMENTO E INSTALAÇÃO","UN",5.14]
[null,72294,"CAP PVC ESGOTO 75MM (TAMPÃO) - FORNECIMENTO E INSTALAÇÃO","UN",7.85]
[null,72295,"CAP PVC ESGOTO 100MM (TAMPÃO) - FORNECIMENTO E INSTALAÇÃO","UN",10.79]
[null,72306,"COTOVELO DE AÇO GALVANIZADO 4\" - FORNECIMENTO E INSTALAÇÃO","UN",164.56]
[null,72307,"COTOVELO DE AÇO GALVANIZADO 5\" - FORNECIMENTO E INSTALAÇÃO","UN",231.09]
[null,72313,"COTOVELO DE AÇO GALVANIZADO 6\" - FORNECIMENTO E INSTALAÇÃO","UN",541.45000000000005]
[null,72482,"UNIAO DE ACO GALVANIZADO 4\" - FORNECIMENTO E INSTALACAO","UN",231.53]
[null,72619,"LUVA DE ACO GALVANIZADO 4\" - FORNECIMENTO E INSTALACAO","UN",96.84]
[null,72620,"LUVA DE ACO GALVANIZADO 5\" - FORNECIMENTO E INSTALACAO","UN",169.23]
[null,72621,"LUVA DE ACO GALVANIZADO 6\" - FORNECIMENTO E INSTALACAO","UN",272.05]
[null,72667,"LUVA REDUCAO ACO GALVANIZADO 4X2.1/2\" - FORNECIMENTO E INSTALACAO","UN",131.86000000000001]
[null,72668,"LUVA REDUCAO ACO GALVANIZADO 4X2\" - FORNECIMENTO E INSTALACAO","UN",131.19999999999999]
[null,72669,"LUVA REDUCAO ACO GALVANIZADO 4X3\" - FORNECIMENTO E INSTALACAO","UN",135.04]
[null,72681,"NIPLE DE ACO GALVANIZADO 4\" - FORNECIMENTO E INSTALACAO","UN",93.62]
[null,72682,"NIPLE DE ACO GALVANIZADO 5\" - FORNECIMENTO E INSTALACAO","UN",189.22]
[null,72683,"NIPLE DE ACO GALVANIZADO 6\" - FORNECIMENTO E INSTALACAO","UN",304.51]
[null,72719,"TE DE ACO GALVANIZADO 4\" - FORNECIMENTO E INSTALACAO","UN",206.56]
[null,72720,"TE DE ACO GALVANIZADO 5\" - FORNECIMENTO E INSTALACAO","UN",284.94]
[null,72721,"TE DE ACO GALVANIZADO 6\" - FORNECIMENTO E INSTALACAO","UN",619.66999999999996]
[null,89358,"JOELHO 90 GRAUS, PVC, SOLDÁVEL, DN 20MM, INSTALADO EM RAMAL OU SUB-RAMAL DE ÁGUA - FORNECIMENTO E INSTALAÇÃO. AF_12/2014","UN",4.9400000000000004]
[null,89359,"JOELHO 45 GRAUS, PVC, SOLDÁVEL, DN 20MM, INSTALADO EM RAMAL OU SUB-RAMAL DE ÁGUA - FORNECIMENTO E INSTALAÇÃO. AF_12/2014","UN",5.14]
[null,89360,"CURVA 90 GRAUS, PVC, SOLDÁVEL, DN 20MM, INSTALADO EM RAMAL OU SUB-RAMAL DE ÁGUA - FORNECIMENTO E INSTALAÇÃO. AF_12/2014","UN",6.2]
[null,89361,"CURVA 45 GRAUS, PVC, SOLDÁVEL, DN 20MM, INSTALADO EM RAMAL OU SUB-RAMAL DE ÁGUA - FORNECIMENTO E INSTALAÇÃO. AF_12/2014","UN",6.12]
[null,89362,"JOELHO 90 GRAUS, PVC, SOLDÁVEL, DN 25MM, INSTALADO EM RAMAL OU SUB-RAMAL DE ÁGUA - FORNECIMENTO E INSTALAÇÃO. AF_12/2014","UN",5.92]
[null,89363,"JOELHO 45 GRAUS, PVC, SOLDÁVEL, DN 25MM, INSTALADO EM RAMAL OU SUB-RAMAL DE ÁGUA - FORNECIMENTO E INSTALAÇÃO. AF_12/2014","UN",6.37]
[null,89364,"CURVA 90 GRAUS, PVC, SOLDÁVEL, DN 25MM, INSTALADO EM RAMAL OU SUB-RAMAL DE ÁGUA - FORNECIMENTO E INSTALAÇÃO. AF_12/2014","UN",7.72]
[null,89365,"CURVA 45 GRAUS, PVC, SOLDÁVEL, DN 25MM, INSTALADO EM RAMAL OU SUB-RAMAL DE ÁGUA - FORNECIMENTO E INSTALAÇÃO. AF_12/2014","UN",7.24]
[null,89366,"JOELHO 90 GRAUS COM BUCHA DE LATÃO, PVC, SOLDÁVEL, DN 25MM, X 3/4\u0094 INSTALADO EM RAMAL OU SUB-RAMAL DE ÁGUA - FORNECIMENTO E INSTALAÇÃO. AF_12/2014","UN",10.62]
[null,89367,"JOELHO 90 GRAUS, PVC, SOLDÁVEL, DN 32MM, INSTALADO EM RAMAL OU SUB-RAMAL DE ÁGUA - FORNECIMENTO E INSTALAÇÃO. AF_12/2014","UN",7.96]
[null,89368,"JOELHO 45 GRAUS, PVC, SOLDÁVEL, DN 32MM, INSTALADO EM RAMAL OU SUB-RAMAL DE ÁGUA - FORNECIMENTO E INSTALAÇÃO. AF_12/2014","UN",9.2100000000000009]
[null,89369,"CURVA 90 GRAUS, PVC, SOLDÁVEL, DN 32MM, INSTALADO EM RAMAL OU SUB-RAMAL DE ÁGUA - FORNECIMENTO E INSTALAÇÃO. AF_12/2014","UN",11.28]
[null,89370,"CURVA 45 GRAUS, PVC, SOLDÁVEL, DN 32MM, INSTALADO EM RAMAL OU SUB-RAMAL DE ÁGUA - FORNECIMENTO E INSTALAÇÃO. AF_12/2014","UN",9.5500000000000007]
[null,89371,"LUVA, PVC, SOLDÁVEL, DN 20MM, INSTALADO EM RAMAL OU SUB-RAMAL DE ÁGUA - FORNECIMENTO E INSTALAÇÃO. AF_12/2014","UN",3.75]
[null,89372,"LUVA DE CORRER, PVC, SOLDÁVEL, DN 20MM, INSTALADO EM RAMAL OU SUB-RAMAL DE ÁGUA - FORNECIMENTO E INSTALAÇÃO. AF_12/2014","UN",9.44]
[null,89373,"LUVA DE REDUÇÃO, PVC, SOLDÁVEL, DN 25MM X 20MM, INSTALADO EM RAMAL OU SUB-RAMAL DE ÁGUA - FORNECIMENTO E INSTALAÇÃO. AF_12/2014","UN",4.1500000000000004]
[null,89374,"LUVA COM BUCHA DE LATÃO, PVC, SOLDÁVEL, DN 20MM X 1/2\u0094, INSTALADO EM RAMAL OU SUB-RAMAL DE ÁGUA - FORNECIMENTO E INSTALAÇÃO. AF_12/2014","UN",7.02]
[null,89375,"UNIÃO, PVC, SOLDÁVEL, DN 20MM, INSTALADO EM RAMAL OU SUB-RAMAL DE ÁGUA - FORNECIMENTO E INSTALAÇÃO. AF_12/2014","UN",8.6199999999999992]
[null,89376,"ADAPTADOR CURTO COM BOLSA E ROSCA PARA REGISTRO, PVC, SOLDÁVEL, DN 20MM X 1/2\u0094, INSTALADO EM RAMAL OU SUB-RAMAL DE ÁGUA - FORNECIMENTO E INSTALAÇÃO. AF_12/2014","UN",4.03]
[null,89377,"CURVA DE TRANSPOSIÇÃO, PVC, SOLDÁVEL, DN 20MM, INSTALADO EM RAMAL OU SUB-RAMAL DE ÁGUA - FORNECIMENTO E INSTALAÇÃO. AF_12/2014","UN",5.83]
[null,89378,"LUVA, PVC, SOLDÁVEL, DN 25MM, INSTALADO EM RAMAL OU SUB-RAMAL DE ÁGUA - FORNECIMENTO E INSTALAÇÃO. AF_12/2014","UN",4.3899999999999997]
[null,89379,"LUVA DE CORRER, PVC, SOLDÁVEL, DN 25MM, INSTALADO EM RAMAL OU SUB-RAMAL DE ÁGUA - FORNECIMENTO E INSTALAÇÃO. AF_12/2014","UN",12.57]
[null,89380,"LUVA DE REDUÇÃO, PVC, SOLDÁVEL, DN 32MM X 25MM, INSTALADO EM RAMAL OU SUB-RAMAL DE ÁGUA - FORNECIMENTO E INSTALAÇÃO. AF_12/2014","UN",6.03]
[null,89381,"LUVA COM BUCHA DE LATÃO, PVC, SOLDÁVEL, DN 25MM X 3/4\u0094, INSTALADO EM RAMAL OU SUB-RAMAL DE ÁGUA - FORNECIMENTO E INSTALAÇÃO. AF_12/2014","UN",8.8699999999999992]
[null,89382,"UNIÃO, PVC, SOLDÁVEL, DN 25MM, INSTALADO EM RAMAL OU SUB-RAMAL DE ÁGUA - FORNECIMENTO E INSTALAÇÃO. AF_12/2014","UN",10.17]
[null,89383,"ADAPTADOR CURTO COM BOLSA E ROSCA PARA REGISTRO, PVC, SOLDÁVEL, DN 25MM X 3/4\u0094, INSTALADO EM RAMAL OU SUB-RAMAL DE ÁGUA - FORNECIMENTO E INSTALAÇÃO. AF_12/2014","UN",4.7]
[null,89384,"CURVA DE TRANSPOSIÇÃO, PVC, SOLDÁVEL, DN 25MM, INSTALADO EM RAMAL OU SUB-RAMAL DE ÁGUA   FORNECIMENTO E INSTALAÇÃO. AF_12/2014","UN",8.0399999999999991]
[null,89385,"LUVA SOLDÁVEL E COM ROSCA, PVC, SOLDÁVEL, DN 25MM X 3/4\u0094, INSTALADO EM RAMAL OU SUB-RAMAL DE ÁGUA - FORNECIMENTO E INSTALAÇÃO. AF_12/2014","UN",4.8600000000000003]
[null,89386,"LUVA, PVC, SOLDÁVEL, DN 32MM, INSTALADO EM RAMAL OU SUB-RAMAL DE ÁGUA - FORNECIMENTO E INSTALAÇÃO. AF_12/2014","UN",5.84]
[null,89387,"LUVA DE CORRER, PVC, SOLDÁVEL, DN 32MM, INSTALADO EM RAMAL OU SUB-RAMAL DE ÁGUA   FORNECIMENTO E INSTALAÇÃO. AF_12/2014","UN",19.47]
[null,89388,"LUVA DE REDUÇÃO, PVC, SOLDÁVEL, DN 40MM X 32MM, INSTALADO EM RAMAL OU SUB-RAMAL DE ÁGUA - FORNECIMENTO E INSTALAÇÃO. AF_12/2014","UN",7.34]
[null,89389,"LUVA SOLDÁVEL E COM ROSCA, PVC, SOLDÁVEL, DN 32MM X 1\u0094, INSTALADO EM RAMAL OU SUB-RAMAL DE ÁGUA - FORNECIMENTO E INSTALAÇÃO. AF_12/2014","UN",7.99]
[null,89390,"UNIÃO, PVC, SOLDÁVEL, DN 32MM, INSTALADO EM RAMAL OU SUB-RAMAL DE ÁGUA - FORNECIMENTO E INSTALAÇÃO. AF_12/2014","UN",15.35]
[null,89391,"ADAPTADOR CURTO COM BOLSA E ROSCA PARA REGISTRO, PVC, SOLDÁVEL, DN 32MM X 1\u0094, INSTALADO EM RAMAL OU SUB-RAMAL DE ÁGUA - FORNECIMENTO E INSTALAÇÃO. AF_12/2014","UN",6.37]
[null,89392,"CURVA DE TRANSPOSIÇÃO, PVC, SOLDÁVEL, DN 32MM, INSTALADO EM RAMAL OU SUB-RAMAL DE ÁGUA   FORNECIMENTO E INSTALAÇÃO. AF_12/2014","UN",15.58]
[null,89393,"TE, PVC, SOLDÁVEL, DN 20MM, INSTALADO EM RAMAL OU SUB-RAMAL DE ÁGUA - FORNECIMENTO E INSTALAÇÃO. AF_12/2014","UN",6.89]
[null,89394,"TÊ COM BUCHA DE LATÃO NA BOLSA CENTRAL, PVC, SOLDÁVEL, DN 20MM X 1/2\u0094, INSTALADO EM RAMAL OU SUB-RAMAL DE ÁGUA - FORNECIMENTO E INSTALAÇÃO. AF_12/2014","UN",12.86]
[null,89395,"TE, PVC, SOLDÁVEL, DN 25MM, INSTALADO EM RAMAL OU SUB-RAMAL DE ÁGUA - FORNECIMENTO E INSTALAÇÃO. AF_12/2014","UN",8.24]
[null,89396,"TÊ COM BUCHA DE LATÃO NA BOLSA CENTRAL, PVC, SOLDÁVEL, DN 25MM X 1/2\u0094, INSTALADO EM RAMAL OU SUB-RAMAL DE ÁGUA - FORNECIMENTO E INSTALAÇÃO. AF_12/2014","UN",14.57]
[null,89397,"TÊ DE REDUÇÃO, PVC, SOLDÁVEL, DN 25MM X 20MM, INSTALADO EM RAMAL OU SUB-RAMAL DE ÁGUA - FORNECIMENTO E INSTALAÇÃO. AF_12/2014","UN",9.57]
[null,89398,"TE, PVC, SOLDÁVEL, DN 32MM, INSTALADO EM RAMAL OU SUB-RAMAL DE ÁGUA - FORNECIMENTO E INSTALAÇÃO. AF_12/2014","UN",11.21]
[null,89399,"TÊ COM BUCHA DE LATÃO NA BOLSA CENTRAL, PVC, SOLDÁVEL, DN 32MM X 3/4\u0094, INSTALADO EM RAMAL OU SUB-RAMAL DE ÁGUA - FORNECIMENTO E INSTALAÇÃO. AF_12/2014","UN",21.35]
[null,89400,"TÊ DE REDUÇÃO, PVC, SOLDÁVEL, DN 32MM X 25MM, INSTALADO EM RAMAL OU SUB-RAMAL DE ÁGUA - FORNECIMENTO E INSTALAÇÃO. AF_12/2014","UN",13.28]
[null,89404,"JOELHO 90 GRAUS, PVC, SOLDÁVEL, DN 20MM, INSTALADO EM RAMAL DE DISTRIBUIÇÃO DE ÁGUA - FORNECIMENTO E INSTALAÇÃO. AF_12/2014","UN",3.3]
[null,89405,"JOELHO 45 GRAUS, PVC, SOLDÁVEL, DN 20MM, INSTALADO EM RAMAL DE DISTRIBUIÇÃO DE ÁGUA - FORNECIMENTO E INSTALAÇÃO. AF_12/2014","UN",3.5]
[null,89406,"CURVA 90 GRAUS, PVC, SOLDÁVEL, DN 20MM, INSTALADO EM RAMAL DE DISTRIBUIÇÃO DE ÁGUA - FORNECIMENTO E INSTALAÇÃO. AF_12/2014","UN",4.5599999999999996]
[null,89407,"CURVA 45 GRAUS, PVC, SOLDÁVEL, DN 20MM, INSTALADO EM RAMAL DE DISTRIBUIÇÃO DE ÁGUA - FORNECIMENTO E INSTALAÇÃO. AF_12/2014","UN",4.4800000000000004]
[null,89408,"JOELHO 90 GRAUS, PVC, SOLDÁVEL, DN 25MM, INSTALADO EM RAMAL DE DISTRIBUIÇÃO DE ÁGUA - FORNECIMENTO E INSTALAÇÃO. AF_12/2014","UN",4.0199999999999996]
[null,89409,"JOELHO 45 GRAUS, PVC, SOLDÁVEL, DN 25MM, INSTALADO EM RAMAL DE DISTRIBUIÇÃO DE ÁGUA - FORNECIMENTO E INSTALAÇÃO. AF_12/2014","UN",4.47]
[null,89410,"CURVA 90 GRAUS, PVC, SOLDÁVEL, DN 25MM, INSTALADO EM RAMAL DE DISTRIBUIÇÃO DE ÁGUA - FORNECIMENTO E INSTALAÇÃO. AF_12/2014","UN",5.82]
[null,89411,"CURVA 45 GRAUS, PVC, SOLDÁVEL, DN 25MM, INSTALADO EM RAMAL DE DISTRIBUIÇÃO DE ÁGUA - FORNECIMENTO E INSTALAÇÃO. AF_12/2014","UN",5.34]
[null,89412,"JOELHO 90 GRAUS, PVC, SOLDÁVEL, DN 25MM, X 3/4\u0094 INSTALADO EM RAMAL DE DISTRIBUIÇÃO DE ÁGUA - FORNECIMENTO E INSTALAÇÃO. AF_12/2014","UN",5.68]
[null,89413,"JOELHO 90 GRAUS, PVC, SOLDÁVEL, DN 32MM, INSTALADO EM RAMAL DE DISTRIBUIÇÃO DE ÁGUA - FORNECIMENTO E INSTALAÇÃO. AF_12/2014","UN",5.68]
[null,89414,"JOELHO 45 GRAUS, PVC, SOLDÁVEL, DN 32MM, INSTALADO EM RAMAL DE DISTRIBUIÇÃO DE ÁGUA - FORNECIMENTO E INSTALAÇÃO. AF_12/2014","UN",6.93]
[null,89415,"CURVA 90 GRAUS, PVC, SOLDÁVEL, DN 32MM, INSTALADO EM RAMAL DE DISTRIBUIÇÃO DE ÁGUA - FORNECIMENTO E INSTALAÇÃO. AF_12/2014","UN",9]
[null,89416,"CURVA 45 GRAUS, PVC, SOLDÁVEL, DN 32MM, INSTALADO EM RAMAL DE DISTRIBUIÇÃO DE ÁGUA - FORNECIMENTO E INSTALAÇÃO. AF_12/2014","UN",7.27]
[null,89417,"LUVA, PVC, SOLDÁVEL, DN 20MM, INSTALADO EM RAMAL DE DISTRIBUIÇÃO DE ÁGUA - FORNECIMENTO E INSTALAÇÃO. AF_12/2014","UN",2.66]
[null,89418,"LUVA DE CORRER, PVC, SOLDÁVEL, DN 20MM, INSTALADO EM RAMAL DE DISTRIBUIÇÃO DE ÁGUA - FORNECIMENTO E INSTALAÇÃO. AF_12/2014","UN",8.35]
[null,89419,"LUVA DE REDUÇÃO, PVC, SOLDÁVEL, DN 25MM X 20MM, INSTALADO EM RAMAL DE DISTRIBUIÇÃO DE ÁGUA - FORNECIMENTO E INSTALAÇÃO. AF_12/2014","UN",3.06]
[null,89420,"LUVA COM BUCHA DE LATÃO, PVC, SOLDÁVEL, DN 20MM X 1/2\u0094, INSTALADO EM RAMAL DE DISTRIBUIÇÃO DE ÁGUA - FORNECIMENTO E INSTALAÇÃO. AF_12/2014","UN",5.93]
[null,89421,"UNIÃO, PVC, SOLDÁVEL, DN 20MM, INSTALADO EM RAMAL DE DISTRIBUIÇÃO DE ÁGUA - FORNECIMENTO E INSTALAÇÃO. AF_12/2014","UN",7.53]
[null,89422,"ADAPTADOR CURTO COM BOLSA E ROSCA PARA REGISTRO, PVC, SOLDÁVEL, DN 20MM X 1/2\u0094, INSTALADO EM RAMAL DE DISTRIBUIÇÃO DE ÁGUA - FORNECIMENTO E INSTALAÇÃO. AF_12/2014","UN",2.94]
[null,89423,"CURVA DE TRANSPOSIÇÃO, PVC, SOLDÁVEL, DN 20MM, INSTALADO EM RAMAL DE DISTRIBUIÇÃO DE ÁGUA   FORNECIMENTO E INSTALAÇÃO. AF_12/2014","UN",5.19]
[null,89424,"LUVA, PVC, SOLDÁVEL, DN 25MM, INSTALADO EM RAMAL DE DISTRIBUIÇÃO DE ÁGUA - FORNECIMENTO E INSTALAÇÃO. AF_12/2014","UN",3.1]
[null,89425,"LUVA DE CORRER, PVC, SOLDÁVEL, DN 25MM, INSTALADO EM RAMAL DE DISTRIBUIÇÃO DE ÁGUA - FORNECIMENTO E INSTALAÇÃO. AF_12/2014","UN",11.28]
[null,89426,"LUVA DE REDUÇÃO, PVC, SOLDÁVEL, DN 32MM X 25MM, INSTALADO EM RAMAL DE DISTRIBUIÇÃO DE ÁGUA - FORNECIMENTO E INSTALAÇÃO. AF_12/2014","UN",4.74]
[null,89427,"LUVA COM BUCHA DE LATÃO, PVC, SOLDÁVEL, DN 25MM X 3/4\u0094, INSTALADO EM RAMAL DE DISTRIBUIÇÃO DE ÁGUA - FORNECIMENTO E INSTALAÇÃO. AF_12/2014","UN",7.58]
[null,89428,"UNIÃO, PVC, SOLDÁVEL, DN 25MM, INSTALADO EM RAMAL DE DISTRIBUIÇÃO DE ÁGUA - FORNECIMENTO E INSTALAÇÃO. AF_12/2014","UN",8.8800000000000008]
[null,89429,"ADAPTADOR CURTO COM BOLSA E ROSCA PARA REGISTRO, PVC, SOLDÁVEL, DN 25MM X 3/4\u0094, INSTALADO EM RAMAL DE DISTRIBUIÇÃO DE ÁGUA - FORNECIMENTO E INSTALAÇÃO. AF_12/2014","UN",3.41]
[null,89430,"CURVA DE TRANSPOSIÇÃO, PVC, SOLDÁVEL, DN 25MM, INSTALADO EM RAMAL DE DISTRIBUIÇÃO DE ÁGUA   FORNECIMENTO E INSTALAÇÃO. AF_12/2014","UN",6.75]
[null,89431,"LUVA, PVC, SOLDÁVEL, DN 32MM, INSTALADO EM RAMAL DE DISTRIBUIÇÃO DE ÁGUA - FORNECIMENTO E INSTALAÇÃO. AF_12/2014","UN",4.3099999999999996]
[null,89432,"LUVA DE CORRER, PVC, SOLDÁVEL, DN 32MM, INSTALADO EM RAMAL DE DISTRIBUIÇÃO DE ÁGUA   FORNECIMENTO E INSTALAÇÃO. AF_12/2014","UN",17.940000000000001]
[null,89433,"LUVA DE REDUÇÃO, PVC, SOLDÁVEL, DN 40MM X 32MM, INSTALADO EM RAMAL DE DISTRIBUIÇÃO DE ÁGUA - FORNECIMENTO E INSTALAÇÃO. AF_12/2014","UN",5.81]
[null,89434,"LUVA SOLDÁVEL E COM ROSCA, PVC, SOLDÁVEL, DN 32MM X 1\u0094, INSTALADO EM RAMAL DE DISTRIBUIÇÃO DE ÁGUA - FORNECIMENTO E INSTALAÇÃO. AF_12/2014","UN",6.46]
[null,89435,"UNIÃO, PVC, SOLDÁVEL, DN 32MM, INSTALADO EM RAMAL DE DISTRIBUIÇÃO DE ÁGUA - FORNECIMENTO E INSTALAÇÃO. AF_12/2014","UN",13.82]
[null,89436,"ADAPTADOR CURTO COM BOLSA E ROSCA PARA REGISTRO, PVC, SOLDÁVEL, DN 32MM X 1\u0094, INSTALADO EM RAMAL DE DISTRIBUIÇÃO DE ÁGUA - FORNECIMENTO E INSTALAÇÃO. AF_12/2014","UN",4.84]
[null,89437,"CURVA DE TRANSPOSIÇÃO, PVC, SOLDÁVEL, DN 32MM, INSTALADO EM RAMAL DE DISTRIBUIÇÃO DE ÁGUA   FORNECIMENTO E INSTALAÇÃO. AF_12/2014","UN",14.05]
[null,89438,"TE, PVC, SOLDÁVEL, DN 20MM, INSTALADO EM RAMAL DE DISTRIBUIÇÃO DE ÁGUA - FORNECIMENTO E INSTALAÇÃO. AF_12/2014","UN",4.7]
[null,89439,"TÊ SOLDÁVEL E COM ROSCA NA BOLSA CENTRAL, PVC, SOLDÁVEL, DN 20MM X 1/2\u0094, INSTALADO EM RAMAL DE DISTRIBUIÇÃO DE ÁGUA - FORNECIMENTO E INSTALAÇÃO. AF_12/2014","UN",5.78]
[null,89440,"TE, PVC, SOLDÁVEL, DN 25MM, INSTALADO EM RAMAL DE DISTRIBUIÇÃO DE ÁGUA - FORNECIMENTO E INSTALAÇÃO. AF_12/2014","UN",5.7]
[null,89441,"TÊ COM BUCHA DE LATÃO NA BOLSA CENTRAL, PVC, SOLDÁVEL, DN 25MM X 1/2\u0094, INSTALADO EM RAMAL DE DISTRIBUIÇÃO DE ÁGUA - FORNECIMENTO E INSTALAÇÃO. AF_12/2014","UN",12.03]
[null,89442,"TÊ DE REDUÇÃO, PVC, SOLDÁVEL, DN 25MM X 20MM, INSTALADO EM RAMAL DE DISTRIBUIÇÃO DE ÁGUA - FORNECIMENTO E INSTALAÇÃO. AF_12/2014","UN",7.03]
[null,89443,"TE, PVC, SOLDÁVEL, DN 32MM, INSTALADO EM RAMAL DE DISTRIBUIÇÃO DE ÁGUA - FORNECIMENTO E INSTALAÇÃO. AF_12/2014","UN",8.1999999999999993]
[null,89444,"TÊ COM BUCHA DE LATÃO NA BOLSA CENTRAL, PVC, SOLDÁVEL, DN 32MM X 3/4\u0094, INSTALADO EM RAMAL DE DISTRIBUIÇÃO DE ÁGUA - FORNECIMENTO E INSTALAÇÃO. AF_12/2014","UN",18.34]
[null,89445,"TÊ DE REDUÇÃO, PVC, SOLDÁVEL, DN 32MM X 25MM, INSTALADO EM RAMAL DE DISTRIBUIÇÃO DE ÁGUA - FORNECIMENTO E INSTALAÇÃO. AF_12/2014","UN",10.27]
[null,89481,"JOELHO 90 GRAUS, PVC, SOLDÁVEL, DN 25MM, INSTALADO EM PRUMADA DE ÁGUA - FORNECIMENTO E INSTALAÇÃO. AF_12/2014","UN",3.06]
[null,89485,"JOELHO 45 GRAUS, PVC, SOLDÁVEL, DN 25M